{"text_format":"1","workbook":"xlsx","n_sheets":54,"sheets":["Quantities","Activity-Material_Codes","Unit Rates","1 General","Equipment","2   Demo","3   Material","4   Earthwork","5   Dozer","6   Road Maint","7   Ripper","8  Excavator","9   Trucks","10   Loader Shovel","11 Scrapers","12   M'grader","13   EarthSum","14   Revegetation","15   Other","16   Sum","17a Facility Characteristics","17b Facility Characteristics","  ","18 Truck Optimization","19 Scraper Optimization","1 Full SiteVeg Maint","2 Full Site O&M","3 Full Site O&M Summ","1 BuildingDemo","2 BuildingCover","3 BuildingVeg","4 BuildingWaste ","5 BuildingSum"," ","CashFlow","Riprap_Gravel_UC","Bench Grading_UC","Channel_UC","Downdrain_UC","Haul Road_UC","6\"-8\" Pipeline_UC","20\"-36\" Pipeline_UC","Revegetation_UC","Seepage Collection_UC","Trestle Demo_UC","Berm_UC","Substation Demo_UC","Thickener Dewater_UC","Thickener Pump","     ","EquipmentWatch Adjustments","Annual Use Hours","Abbreviations","Facilities Not Included"],"not_rendered":{"charts":0,"images":9,"macros":1,"external_links":0,"defined_names":75,"comments":0,"pivot_tables":0},"unopened":[],"bounds":{"document_bytes":16777216,"sheet_cells":100000,"rows_first":2000,"rows_last":500,"rows_between":2000,"halvings":0,"cell_chars":16384,"cell_head_chars":4096},"cells_cut":0,"cells_raw":0,"read":"whole","date_system":"1900"}

{"sheet":"Quantities","index":0,"n_rows":193,"n_cols":36,"rows_kept":193,"cut":false,"hidden":false,"merged":[[0,14,0,15],[0,16,0,17],[0,18,0,19]]}
[null,null,null,null,null,null,null,null,null,null,null,null,null,null,"Segment 1",null,"Segment 2",null,"Segment 3"]
[1,2,3,4,5,6,7,8,9,10,11,12,13,14,15,16,17,18,19,20,21,22,23,24,25,26,27,28,29,30,31,32,33,34,35,36]
["Item","Facility","Sub Area or Destination for Cover Material","Description","Area (sf)","Volume (cy)","Push Distance (ft)\nBerm Length (ft)\nor Fence Length(ft)","Coarse Regrading and Fine Grading (%)","One-Way Scraper Haul (ft)","Scraper Grade (%)","Down Drains\n(ft)","Downdrain Dissipater (ea)","Channels\n(ft)","Bench \nGrading\n(ft)","Distance\n(ft)","Average Grade\n(%)","Distance\n(ft) ","Average Grade\n(%) ","Distance\n(ft)  ","Average Grade\n(%)  ","Cover Depth (In)","Swell Factor (%)","Material Factor for Coarse Regrading","Material Factor for Fine Grading Cover","Material Weight for Coarse Regrading (lb/cy)","Material Weight for Fine Grading Cover (lb/cy)","Ripping Length (ft)","Breach Dams (cy)","Start of Reclamation Year","Reclamation Complete","Vehicle Gates","Signs Posted Every 500 ft","Grade Control Wall (cy concrete)","Replace Infrastructure","Plug and Abandon Well (ft)","Replace Well (ft)"]
[1000,"1A Leach, 1B Leach ","1A1B-0","Entire Stockpile",{"$f":"SUM(E5:E7)","v":11891880},{"$f":"SUM(F5:F7)","v":1548670.3296703298},0,"-",null,null,3727,4,{"$f":"45200+4813+5980","v":55993},44800,null,null,null,null,null,null,36,0,1,1.2,3300,2900,1000,null,"2022-01-01","2027-12-31","-","-","-","-","-","-"]
[1001,"1A Leach, 1B Leach ","1A1B-1","Top",{"$f":"17*43560","v":740520},79000,430,0.01,null,null,"-","-","-","-",null,null,null,null,null,null,36,0,1,1.2,3300,2900,1000,null,"2022-01-01","2027-12-31","-","-","-","-","-","-"]
[1002,"1A Leach, 1B Leach ","1A1B-2","Outslopes - Regrade benches from pullback",0,1329670.3296703298,90,-0.28999999999999998,null,null,"-","-","-","-",null,null,null,null,null,null,36,0,1,1.2,3300,2900,1000,null,"2022-01-01","2027-12-31","-","-","-","-","-","-"]
[1003,"1A Leach, 1B Leach","1A1B-3","Outslopes - Area outside of pullback",{"$f":"256*43560","v":11151360},140000,250,-0.28999999999999998,null,null,"-","-","-","-",null,null,null,null,null,null,36,0,1,1.2,3300,2900,1000,null,"2022-01-01","2027-12-31","-","-","-","-","-","-"]
[1100,"Reclaimed 1C Waste","1C-0","Top (Haul Road)",{"$f":"43560*17.00413","v":740699.90280000004},"-",0,null,null,null,"-","-","-","-",null,null,null,null,null,null,36,0,1,1.2,3300,2900,1000,null,"2017-01-01","2019-12-31","-","-","-","-","-","-"]
[1200,"2B Waste, 2A Leach, 2B Leach","2A2B-0","Entire Stockpile",{"$f":"SUM(E10:E11)","v":21213358.452},{"$f":"SUM(F10:F11)","v":8203000},0,"-",null,null,7999,5,{"$f":"58600+10950+6320","v":75870},58600,null,null,null,null,null,null,36,0,1,1.2,3300,2900,1000,null,"2017-01-01","2027-12-31","-","-","-","-","-","-"]
[1201,"2B Waste, 2A Leach, 2B Leach","2A2B-1","Top",{"$f":"36*43560","v":1568160},143000,370,0.01,null,null,"-","-","-","-",null,null,null,null,null,null,36,0,1,1.2,3300,2900,1000,null,"2017-01-01","2027-12-31","-","-","-","-","-","-"]
[1202,"2B Waste, 2A Leach, 2B Leach","2A2B-2","Outslopes",{"$f":"450.9917*43560","v":19645198.452},8060000,470,-0.28999999999999998,null,null,"-","-","-","-",null,null,null,null,null,null,36,0,1,1.2,3300,2900,1000,null,"2017-01-01","2027-12-31","-","-","-","-","-","-"]
[1300,"3A Leach, 3B Waste","3A3B-0","Entire Stockpile",{"$f":"SUM(E13:E16)","v":19819800},{"$f":"SUM(F13,F16,F15)","v":5289064.102564103},0,"-",null,null,6069,4,{"$f":"65200+1010","v":66210},65200,null,null,null,null,null,null,36,0,1,1.2,3300,2900,1000,null,"2017-01-01","2028-12-31","-","-","-","-","-","-"]
[1301,"3A Leach, 3B Waste","3A3B-1","Top",{"$f":"33*43560","v":1437480},199000,560,0.01,{"$f":"2080/3+2*2480/3","v":2346.6666666666665},{"$f":"7%/3+2*12.5%/3","v":0.10666666666666666},"-","-","-","-",null,null,null,null,null,null,36,0,1,1.2,3300,2900,1000,null,"2017-01-01","2028-12-31","-","-","-","-","-","-"]
[1302,"3A Leach, 3B Waste","3A3B-2","Outslopes Pullback",0,17500000,0,-0.28999999999999998,{"$f":"2080/3+2*2480/3","v":2346.6666666666665},{"$f":"7%/3+2*12.5%/3","v":0.10666666666666666},"-","-","-","-",3900,0,0,0,0,0,36,0,1,1.2,3300,2900,1000,null,"2017-01-01","2028-12-31","-","-","-","-","-","-"]
[1303,"3A Leach, 3B Waste","3A3B-3","Outslopes - Regrade benches from pullback",0,1590064.1025641027,90,-0.28999999999999998,{"$f":"2080/3+2*2480/3","v":2346.6666666666665},{"$f":"7%/3+2*12.5%/3","v":0.10666666666666666},"-","-","-","-",null,null,null,null,null,null,36,0,1,1.2,3300,2900,1000,null,"2017-01-01","2028-12-31","-","-","-","-","-","-"]
[1304,"3A Leach, 3B Waste","3A3B-4","Outslopes (total area, volume outside of pullback)",{"$f":"422*43560","v":18382320},3500000,560,-0.28999999999999998,{"$f":"2080/3+2*2480/3","v":2346.6666666666665},{"$f":"7%/3+2*12.5%/3","v":0.10666666666666666},"-","-","-","-",null,null,null,null,null,null,36,0,1,1.2,3300,2900,1000,null,"2017-01-01","2028-12-31","-","-","-","-","-","-"]
[1400,"2 Leach (Area 1)","2LeachArea1-0","Entire Stockpile",{"$f":"SUM(E18:E19)","v":7971480},{"$f":"SUM(F18:F19)","v":2767000},0,"-",null,null,3125,3,{"$f":"16100+3450","v":19550},16100,null,null,null,null,null,null,36,0,1,1.2,3300,2900,1000,null,"2022-01-01","2027-12-31","-","-","-","-","-","-"]
[1401,"2 Leach (Area 1)","2LeachArea1-1","Top",{"$f":"13*43560","v":566280},67000,480,0.01,null,null,"-","-","-","-",null,null,null,null,null,null,36,0,1,1.2,3300,2900,1000,null,"2022-01-01","2027-12-31","-","-","-","-","-","-"]
[1402,"2 Leach (Area 1)","2 LeachArea1-2","Outslopes",{"$f":"170*43560","v":7405200},2700000,430,-0.28999999999999998,null,null,"-","-","-","-",null,null,null,null,null,null,36,0,1,1.2,3300,2900,1000,null,"2022-01-01","2027-12-31","-","-","-","-","-","-"]
[1500,"5A Waste","5A-0","Entire Stockpile",{"$f":"SUM(E21:E22)","v":16160760},{"$f":"SUM(F21:F22)","v":6713000},0,"-",null,null,2754,2,{"$f":"44000+6330+500","v":50830},44000,null,null,null,null,null,null,36,0,1,1.2,3300,2900,1000,null,"2017-01-01","2027-12-31","-","-","-","-","-","-"]
[1501,"5A Waste","5A-1","Top",{"$f":"63*43560","v":2744280},413000,610,0.01,null,null,"-","-","-","-",null,null,null,null,null,null,36,0,1,1.2,3300,2900,1000,null,"2017-01-01","2027-12-31","-","-","-","-","-","-"]
[1502,"5A Waste","5A-2","Outslopes",{"$f":"308*43560","v":13416480},6300000,540,-0.28999999999999998,null,null,"-","-","-","-",null,null,null,null,null,null,36,0,1,1.2,3300,2900,1000,null,"2017-01-01","2027-12-31","-","-","-","-","-","-"]
[1600,"6B Leach, 6D Leach","6B6D-0","Entire Stockpile",{"$f":"SUM(E24:E25)","v":2352240},{"$f":"SUM(F24:F25)","v":330000},0,"-",null,null,800,1,1550,"-",null,null,null,null,null,null,36,0,1,1.2,3300,2900,1000,null,"2022-01-01","2027-12-31","-","-","-","-","-","-"]
[1601,"6B Leach, 6D Leach","6B6D-1","Top",{"$f":"39*43560","v":1698840},147000,350,0.01,null,null,"-","-","-","-",null,null,null,null,null,null,36,0,1,1.2,3300,2900,1000,null,"2022-01-01","2027-12-31","-","-","-","-","-","-"]
[1602,"6B Leach, 6D Leach","6B6D-2","Outslopes",{"$f":"15*43560","v":653400},183000,180,-0.28999999999999998,null,null,"-","-","-","-",null,null,null,null,null,null,36,0,1,1.2,3300,2900,1000,null,"2022-01-01","2027-12-31","-","-","-","-","-","-"]
[1700,"6C Leach","6C-0","Entire Stockpile",{"$f":"SUM(E27:E28)","v":2874960},{"$f":"SUM(F27:F28)","v":669000},0,"-",null,null,550,1,{"$f":"4100+8387","v":12487},4100,null,null,null,null,null,null,36,0,1,1.2,3300,2900,1000,null,"2022-01-01","2028-12-31","-","-","-","-","-","-"]
[1701,"6C Leach","6C-1","Top",{"$f":"10*43560","v":435600},19000,180,0.01,null,null,"-","-","-","-",null,null,null,null,null,null,36,0,1,1.2,3300,2900,1000,null,"2022-01-01","2028-12-31","-","-","-","-","-","-"]
[1702,"6C Leach","6C-2","Outslopes",{"$f":"56*43560","v":2439360},650000,325,-0.28999999999999998,null,null,"-","-","-","-",null,null,null,null,null,null,36,0,1,1.2,3300,2900,1000,null,"2022-01-01","2028-12-31","-","-","-","-","-","-"]
[1800,"2 Leach (Area 2), 7B Leach, 7B Waste, 7C Waste, South Rim Pit","2LeachArea2-0","Entire Stockpile",{"$f":"SUM(E30:E31)","v":16335000},{"$f":"SUM(F30:F31)","v":3303000},0,"-",null,null,2943,3,26700,26700,null,null,null,null,null,null,36,0,1,1.2,3300,2900,1000,null,"2022-01-01","2027-12-31","-","-","-","-","-","-"]
[1801,"2 Leach (Area 2), 7B Leach, 7B Waste, 7C Waste, South Rim Pit","2LeachArea2-1","Top",{"$f":"43560*126","v":5488560},1003000,740,0.01,null,null,"-","-","-","-",null,null,null,null,null,null,36,0,1,1.2,3300,2900,1000,null,"2022-01-01","2027-12-31","-","-","-","-","-","-"]
[1802,"2 Leach (Area 2), 7B Leach, 7B Waste, 7C Waste, South Rim Pit ","2LeachArea2-2","Outslopes",{"$f":"43560*249","v":10846440},2300000,420,-0.28999999999999998,null,null,"-","-","-","-",null,null,null,null,null,null,36,0,1,1.2,3300,2900,1000,null,"2022-01-01","2027-12-31","-","-","-","-","-","-"]
[1900,"8A Waste, 8C Waste","8A8C-0","Sludge Disposal Area",{"$f":"47.36*43560","v":2063001.5999999999},"-",0,null,null,null,"-","-","-","-",null,null,null,null,null,null,36,0,1,1.2,3300,2900,1000,null,"2019-01-01",{"$f":"Quantities[[#This Row],[Start of Reclamation Year]]+365.25*3","v":"2021-12-31T18:00:00"},"-","-","-","-","-","-"]
[2000,"9A Waste ","9A-0","Entire Stockpile",{"$f":"SUM(E34:E35)","v":5619240},{"$f":"SUM(F34:F35)","v":682673.99267399276},0,"-",null,null,2300,1,{"$f":"23700+1448","v":25148},23700,null,null,null,null,null,null,36,0,1,1.2,3300,2900,1000,null,"2017-01-01","2019-12-31","-","-","-","-","-","-"]
[2001,"9A Waste ","9A-1","Top",{"$f":"13*43560","v":566280},40000,285,0.01,null,null,"-","-","-","-",null,null,null,null,null,null,36,0,1,1.2,3300,2900,1000,null,"2017-01-01","2019-12-31","-","-","-","-","-","-"]
[2002,"9A Waste ","9A-2","Outslopes - Regrade benches from pullback",{"$f":"116*43560","v":5052960},642673.99267399276,90,-0.28999999999999998,null,null,"-","-","-","-",null,null,null,null,null,null,36,0,1,1.2,3300,2900,1000,null,"2017-01-01","2019-12-31","-","-","-","-","-","-"]
[2100,"9AX Waste","9AX-0","Entire Stockpile",{"$f":"SUM(E37:E38)","v":2774772},{"$f":"SUM(F37:F38)","v":601356},0,"-",null,null,"-","-",12300,12300,null,null,null,null,null,null,12,0,1,1.2,3600,2900,1000,null,"2028-01-01","2028-12-31","-","-","-","-",405,"-"]
[2101,"9AX Waste","9AX-1","North",{"$f":"63.7*0.75*43560","v":2081079.0000000002},{"$f":"601356*0.75","v":451017},458,-0.28999999999999998,null,null,"-","-","-","-",null,null,null,null,null,null,12,0,1,1.2,3600,2900,1000,null,"2028-01-01","2028-12-31","-","-","-","-","-","-"]
[2102,"9AX Waste","9AX-2","South",{"$f":"63.7*0.25*43560","v":693693},{"$f":"601356*0.25","v":150339},235,-0.28999999999999998,null,null,"-","-","-","-",null,null,null,null,null,null,12,0,1,1.2,3600,2900,1000,null,"2028-01-01","2028-12-31","-","-","-","-","-","-"]
[2200,"San Salvador Pit, San Salvador Waste Backfill","SanSal-0","Entire Pit",{"$f":"115*43560","v":5009400},1600000,185,-0.05,null,null,1227,1,{"$f":"4700+4117","v":8817},4700,null,null,null,null,null,null,36,0,1,1.2,3300,2900,1000,null,"2017-01-01","2019-12-31","-","-","-","-","-","-"]
[2201,"San Salvador Pit, San Salvador Waste Backfill","SanSal-1","Pit Backfill",0,3500000,0,null,null,null,"-","-","-","-",1300,-0.01,0,0,0,0,36,0,1,1.2,3300,2900,1000,null,"2017-01-01","2019-12-31","-","-","-","-","-","-"]
[2300,"6A Leach","6A-0","Entire Stockpile",{"$f":"SUM(E42:E43)","v":2831400},{"$f":"SUM(F42:F43)","v":485000},0,"-",null,null,"-","-","-","-",null,null,null,null,null,null,36,0,1,1.2,3300,2900,1000,null,"2018-01-01","2019-12-31","-","-","-","-","-","-"]
[2301,"6A Leach","6A-1","Top",{"$f":"43560*32.5","v":1415700},350000,500,0.01,null,null,"-","-","-","-",null,null,null,null,null,null,36,0,1,1.2,3300,2900,1000,null,"2018-01-01","2019-12-31","-","-","-","-","-","-"]
[2302,"6A Leach","6A-2","Outslopes",{"$f":"43560*32.5","v":1415700},135000,160,-0.28999999999999998,null,null,"-","-","-","-",null,null,null,null,null,null,36,0,1,1.2,3300,2900,1000,null,"2018-01-01","2019-12-31","-","-","-","-","-","-"]
[2400,"Main, West Main II, West Main III, Savanna, Gettysburg & Copper Mountain Pits","Open-0","Conditional Waiver Pits",0,0,{"$f":"25700+10700+8300+12800","v":57500},"-",null,null,"-","-","-","-",null,null,null,null,null,null,"-","-","-","-","-","-","-",null,"2022-01-01",{"$f":"Quantities[[#This Row],[Start of Reclamation Year]]+365.25*3","v":"2024-12-31T18:00:00"},11,115,"-","-","-","-"]
[2500,"3A Leach","3A-0","Entire Collection System",0,0,0,"-",null,null,"-","-","-","-",null,null,null,null,null,null,"-","-","-","-","-","-","-",null,"2022-01-01",{"$f":"Quantities[[#This Row],[Start of Reclamation Year]]+365.25*3","v":"2024-12-31T18:00:00"},"-","-","-","-","-","-"]
[2501,"3A Leach","3A-1","Preliminary Earthworks",0,0,0,"-",null,null,"-","-","-","-",null,null,null,null,null,null,"-","-","-","-","-","-","-",null,"2022-01-01",{"$f":"Quantities[[#This Row],[Start of Reclamation Year]]+365.25*3","v":"2024-12-31T18:00:00"},"-","-","-",1,"-","-"]
[2502,"3A Leach","3A-2","Overflow Pond & Booster Station",0,0,0,"-",null,null,"-","-","-","-",null,null,null,null,null,null,"-","-","-","-","-","-","-",null,"2022-01-01",{"$f":"Quantities[[#This Row],[Start of Reclamation Year]]+365.25*3","v":"2024-12-31T18:00:00"},"-","-","-",1,"-","-"]
[2503,"3A Leach","3A-3","Canyon 5 Deep Collection",0,0,0,"-",null,null,"-","-","-","-",null,null,null,null,null,null,"-","-","-","-","-","-","-",null,"2022-01-01",{"$f":"Quantities[[#This Row],[Start of Reclamation Year]]+365.25*3","v":"2024-12-31T18:00:00"},"-","-","-",1,"-","-"]
[2504,"3A Leach","3A-4","Canyon 6 Deep Collection",0,0,0,"-",null,null,"-","-","-","-",null,null,null,null,null,null,"-","-","-","-","-","-","-",null,"2022-01-01",{"$f":"Quantities[[#This Row],[Start of Reclamation Year]]+365.25*3","v":"2024-12-31T18:00:00"},"-","-","-",1,"-","-"]
[2505,"3A Leach","3A-5","Canyon 7 Deep Collection",0,0,0,"-",null,null,"-","-","-","-",null,null,null,null,null,null,"-","-","-","-","-","-","-",null,"2022-01-01",{"$f":"Quantities[[#This Row],[Start of Reclamation Year]]+365.25*3","v":"2024-12-31T18:00:00"},"-","-","-",1,"-","-"]
[2506,"3A Leach","3A-6","Canyon 8 Deep Collection",0,0,0,"-",null,null,"-","-","-","-",null,null,null,null,null,null,"-","-","-","-","-","-","-",null,"2022-01-01",{"$f":"Quantities[[#This Row],[Start of Reclamation Year]]+365.25*3","v":"2024-12-31T18:00:00"},"-","-","-",1,"-","-"]
[2507,"3A Leach","3A-7","Canyon 10 Deep Collection",0,0,0,"-",null,null,"-","-","-","-",null,null,null,null,null,null,"-","-","-","-","-","-","-",null,"2022-01-01",{"$f":"Quantities[[#This Row],[Start of Reclamation Year]]+365.25*3","v":"2024-12-31T18:00:00"},"-","-","-",1,"-","-"]
[2508,"3A Leach","3A-8","Canyon 11 Deep Collection",0,0,0,"-",null,null,"-","-","-","-",null,null,null,null,null,null,"-","-","-","-","-","-","-",null,"2022-01-01",{"$f":"Quantities[[#This Row],[Start of Reclamation Year]]+365.25*3","v":"2024-12-31T18:00:00"},"-","-","-",1,"-","-"]
[2509,"3A Leach","3A-9","Bolster Existing Surface PLS Catchments",0,0,0,"-",null,null,"-","-","-","-",null,null,null,null,null,null,"-","-","-","-","-","-","-",null,"2022-01-01",{"$f":"Quantities[[#This Row],[Start of Reclamation Year]]+365.25*3","v":"2024-12-31T18:00:00"},"-","-","-",1,"-","-"]
[2510,"3A Leach","3A-10","Finger Drain System",0,0,0,"-",null,null,"-","-","-","-",null,null,null,null,null,null,"-","-","-","-","-","-","-",null,"2022-01-01",{"$f":"Quantities[[#This Row],[Start of Reclamation Year]]+365.25*3","v":"2024-12-31T18:00:00"},"-","-","-",1,"-","-"]
[2511,"3A Leach","3A-11","Breach of Existing Seepage Collection Trenches",0,0,0,"-",null,null,"-","-","-","-",null,null,null,null,null,null,"-","-","-","-","-","-","-",null,"2022-01-01",{"$f":"Quantities[[#This Row],[Start of Reclamation Year]]+365.25*3","v":"2024-12-31T18:00:00"},"-","-","-",1,"-","-"]
[2512,"3A Leach","3A-12","Concrete Pad for Above-Ground Tank",0,0,0,"-",null,null,"-","-","-","-",null,null,null,null,null,null,"-","-","-","-","-","-","-",null,"2022-01-01",{"$f":"Quantities[[#This Row],[Start of Reclamation Year]]+365.25*3","v":"2024-12-31T18:00:00"},"-","-","-",1,"-","-"]
[2513,"3A Leach","3A-13","Electrical Hookup",0,0,0,"-",null,null,"-","-","-","-",null,null,null,null,null,null,"-","-","-","-","-","-","-",null,"2022-01-01",{"$f":"Quantities[[#This Row],[Start of Reclamation Year]]+365.25*3","v":"2024-12-31T18:00:00"},"-","-","-",1,"-","-"]
[2600,"Reclaimed Tailing Launder Line","TLL-0","Tailing Launder Line",322527,117000,100,0.01,null,null,"-","-","-","-",null,null,null,null,null,null,{"$f":"8923*(1+V115)*12*27/Quantities[[#This Row],[Area (sf)]]","v":9.6808520216912068},0.15,1,1.2,3300,2900,100,null,"2023-01-01",{"$f":"Quantities[[#This Row],[Start of Reclamation Year]]+365.25*3","v":"2025-12-31T18:00:00"},"-","-",1002.4259259259259,"-","-","-"]
[2700,"Surface Impoundments","Cntmnt-0","All Containments",{"$f":"SUM(E61:E62)","v":945687.60000000009},0,0,0.01,null,null,"-","-","-","-",null,null,null,null,null,null,36,0,1,1.2,3300,2900,100,null,"2023-01-01","2027-12-31","-","-","-","-","-","-"]
[2701,"Surface Impoundments closed at year 99; some closed year 6","Cntmnt-1","Surface Impoundments closed at year 99; some closed year 6",{"$f":"43560*21.23","v":924778.8},0,0,0.01,null,null,"-","-","-","-",null,null,null,null,null,null,36,0,1,1.2,3300,2900,100,null,"2023-01-01","2027-12-31","-","-","-","-","-","-"]
[2702,"Surface Impoundments graded over at closure","Cntmnt-2","Surface Impoundments graded over at closure",{"$f":"43560*0.48","v":20908.8},0,0,0.01,null,null,"-","-","-","-",null,null,null,null,null,null,36,0,1,1.2,3300,2900,100,null,"2023-01-01","2027-12-31","-","-","-","-","-","-"]
[2800,"Other Borrow Areas","Borrow-0","Borrow Areas",{"$f":"169.1*43560","v":7365996},0,{"$f":"2519+623","v":3142},"-",null,null,"-","-",{"$f":"11920+1581","v":13501},11920,null,null,null,null,null,null,36,0.08,1,1.2,3300,2900,"-",null,"2006-01-01","2015-01-01","-","-","-","-","-","-"]
[2801,"Other Borrow Areas","Borrow-1","Low Gradient Areas",0,0,0,0.01,null,null,"-","-","-","-",null,null,null,null,null,null,36,0.08,1,1.2,3300,2900,"-",null,"2006-01-01","2015-01-01","-","-","-","-","-","-"]
[2802,"Other Borrow Areas","Borrow-2","Sloped Areas",{"$f":"23.6*43560","v":1028016.0000000001},0,0,-0.28999999999999998,null,null,"-","-","-","-",null,null,null,null,null,null,36,0.08,1,1.2,3300,2900,"-",null,"2006-01-01","2015-01-01","-","-","-","-","-","-"]
[2803,"Other Borrow Areas","Borrow-3","Revegetation Area",{"$f":"74.7*43560","v":3253932},0,0,"-",null,null,"-","-","-","-",null,null,null,null,null,null,36,0.08,1,1.2,3300,2900,"-",null,"2006-01-01","2015-01-01","-","-","-","-","-","-"]
[2900,"Reclaimed 1 Tailing Impoundment Reclaim Water Pumphouse Station","Tailing Pumphouse","Tailing Pumphouse",{"$f":"7*43560","v":304920},0,2950,0.01,null,null,"-","-","-","-",4610,-7.6E-3,5820,-4.6399999999999997E-2,3670,1.3899999999999999E-2,{"$f":"42000*(1+V117)*12*27/Quantities[[#This Row],[Area (sf)]]","v":48.198347107438018},0,1,1.2,3300,2900,"-",null,"2024-01-01",{"$f":"Quantities[[#This Row],[Start of Reclamation Year]]+365.25*3","v":"2026-12-31T18:00:00"},"-","-","-","-","-","-"]
[3000,"Monitoring & Exploration Wells","Wells-0","All Wells",0,0,0,"-",null,null,"-","-","-","-",null,null,null,null,null,null,36,0,1,1.2,3300,2900,"-",null,"2024-01-01",{"$f":"Quantities[[#This Row],[Start of Reclamation Year]]+365.25*3","v":"2026-12-31T18:00:00"},"-","-","-","-","-","-"]
[3002,"2-inch ID wells (avg. TD = 36 ft)","Wells-1","Wells",0,0,0,"-",null,null,"-","-","-","-",null,null,null,null,null,null,36,0,1,1.2,3300,2900,"-",null,"2024-01-01",{"$f":"Quantities[[#This Row],[Start of Reclamation Year]]+365.25*3","v":"2026-12-31T18:00:00"},"-","-","-","-",431,"-"]
[3003,"4-inch ID wells (avg. TD = 113 ft)","Wells-2","Wells",0,0,0,"-",null,null,"-","-","-","-",null,null,null,null,null,null,36,0,1,1.2,3300,2900,"-",null,"2024-01-01",{"$f":"Quantities[[#This Row],[Start of Reclamation Year]]+365.25*3","v":"2026-12-31T18:00:00"},"-","-","-","-",11787,"-"]
[3004,"4-inch ID wells, avg. total depth = 172 ft (28% Year 19 and  rest Year 99 of closure)","Wells-3","Wells",0,0,0,"-",null,null,"-","-","-","-",null,null,null,null,null,null,36,0,1,1.2,3300,2900,"-",null,"2024-01-01",{"$f":"Quantities[[#This Row],[Start of Reclamation Year]]+365.25*3","v":"2026-12-31T18:00:00"},"-","-","-","-",88284,"-"]
[3005,"6-inch ID wells (avg. TD = 135 ft)","Wells-4","Wells",0,0,0,"-",null,null,"-","-","-","-",null,null,null,null,null,null,36,0,1,1.2,3300,2900,"-",null,"2024-01-01",{"$f":"Quantities[[#This Row],[Start of Reclamation Year]]+365.25*3","v":"2026-12-31T18:00:00"},"-","-","-","-",6084,"-"]
[3006,"286-2008-04 (5\" x 200') Well","Wells-5","Wells",0,0,0,"-",null,null,"-","-","-","-",null,null,null,null,null,null,36,0,1,1.2,3300,2900,"-",null,"2024-01-01",{"$f":"Quantities[[#This Row],[Start of Reclamation Year]]+365.25*3","v":"2026-12-31T18:00:00"},"-","-","-","-","-",200]
[3007,"286-2008-05 (5\" x 200') Well","Wells-6","Wells",0,0,0,"-",null,null,"-","-","-","-",null,null,null,null,null,null,36,0,1,1.2,3300,2900,"-",null,"2024-01-01",{"$f":"Quantities[[#This Row],[Start of Reclamation Year]]+365.25*3","v":"2026-12-31T18:00:00"},"-","-","-","-","-",200]
[3008,"286-2008-06 (4\" x 60.5') Well","Wells-7","Wells",0,0,0,"-",null,null,"-","-","-","-",null,null,null,null,null,null,36,0,1,1.2,3300,2900,"-",null,"2024-01-01",{"$f":"Quantities[[#This Row],[Start of Reclamation Year]]+365.25*3","v":"2026-12-31T18:00:00"},"-","-","-","-","-",61]
[3009,"Exploration Holes","Wells-8","Wells",0,0,0,"-",null,null,"-","-","-","-",null,null,null,null,null,null,36,0,1,1.2,3300,2900,"-",null,"2024-01-01",{"$f":"Quantities[[#This Row],[Start of Reclamation Year]]+365.25*3","v":"2026-12-31T18:00:00"},"-","-","-","-",{"$f":"510*124","v":63240},"-"]
[3100,"Seep 5E Collection System","Seep 5E","Seep 5E Collection System",0,0,0,"-",null,null,"-","-","-","-",null,null,null,null,null,null,36,0,1,1.2,3300,2900,"-",null,"2024-01-01",{"$f":"Quantities[[#This Row],[Start of Reclamation Year]]+365.25*3","v":"2026-12-31T18:00:00"},"-","-","-",1,"-","-"]
[3200,"Building Demo Area","Demo Area","Demo Area",{"$f":"SUM('3 BuildingVeg'!J11:J74)*43560","v":2072621.58118236},0,0,"-",null,null,"-","-","-","-",null,null,null,null,null,null,"-","-","-","-","-","-","-",null,"2017-01-01",{"$f":"Quantities[[#This Row],[Start of Reclamation Year]]+365.25*3","v":"2020-01-01T18:00:00"},"-","-","-","-","-","-"]
[3300,"Unplanned Disturbance Area","Unplanned Disturbance Area","Unplanned Disturbance Area",{"$f":"200*43560","v":8712000},0,0,0.01,null,null,"-","-","-","-",null,null,null,null,null,null,36,0,1,1.2,3300,2900,"-",null,"2017-01-01","2019-12-31","-","-","-","-","-","-"]
[3400,"All Previously Reclaimed","All Previously Reclaimed","All Previously Reclaimed",{"$f":"SUM(E81:E99)","v":199522224},0,0,"-","-","-","-","-","-","-","-","-","-","-","-","-","-","-","-","-","-","-","-","-","-","-","-","-","-","-","-","-"]
[3401,"Reclaimed 1C Waste Stockpile","Previously Reclaimed Area","Mining Area",{"$f":"45*43560","v":1960200},0,0,"-","-","-","-","-","-","-","-","-","-","-","-","-","-","-","-","-","-","-","-","-","-","2011-12-31","-","-","-","-","-","-"]
[3402,"Reclaimed 1C Waste Stockpile","Previously Reclaimed Area","Mining Area",{"$f":"111.7*43560","v":4865652},0,0,"-","-","-","-","-","-","-","-","-","-","-","-","-","-","-","-","-","-","-","-","-","-","2012-12-31","-","-","-","-","-","-"]
[3403,"Reclaimed 7A Waste","Previously Reclaimed Area","Mining Area",{"$f":"34*43560","v":1481040},0,0,"-","-","-","-","-","-","-","-","-","-","-","-","-","-","-","-","-","-","-","-","-","-","2010-12-31","-","-","-","-","-","-"]
[3404,"Reclaimed 7A Waste","Previously Reclaimed Area","Mining Area",{"$f":"38.2*43560","v":1663992.0000000002},0,0,"-","-","-","-","-","-","-","-","-","-","-","-","-","-","-","-","-","-","-","-","-","-","2010-12-31","-","-","-","-","-","-"]
[3405,"Reclaimed 7A Waste","Previously Reclaimed Area","Mining Area",{"$f":"7.7*43560","v":335412},0,0,"-","-","-","-","-","-","-","-","-","-","-","-","-","-","-","-","-","-","-","-","-","-","2010-12-31","-","-","-","-","-","-"]
[3406,"Reclaimed 7A Waste","Previously Reclaimed Area","Mining Area",{"$f":"4*43560","v":174240},0,0,"-","-","-","-","-","-","-","-","-","-","-","-","-","-","-","-","-","-","-","-","-","-","2011-12-31","-","-","-","-","-","-"]
[3407,"Reclaimed 7A Waste","Previously Reclaimed Area","Mining Area",{"$f":"18.3*43560","v":797148},0,0,"-","-","-","-","-","-","-","-","-","-","-","-","-","-","-","-","-","-","-","-","-","-","2011-12-31","-","-","-","-","-","-"]
[3408,"Reclaimed 7A Waste","Previously Reclaimed Area","Mining Area",{"$f":"27.2*43560","v":1184832},0,0,"-","-","-","-","-","-","-","-","-","-","-","-","-","-","-","-","-","-","-","-","-","-","2012-12-31","-","-","-","-","-","-"]
[3409,"Reclaimed 7A Waste","Previously Reclaimed Area","No Man's Land",{"$f":"4*43560","v":174240},0,0,"-","-","-","-","-","-","-","-","-","-","-","-","-","-","-","-","-","-","-","-","-","-","2012-12-31","-","-","-","-","-","-"]
[3410,"Reclaimed 1 Tailing Impoundment, Reclaimed 1A Tailing Impoundment, Reclaimed 1X Tailing Impoundment","Previously Reclaimed Area","Mangas Valley Tailing Area",{"$f":"1547*43560","v":67387320},0,0,"-","-","-","-","-","-","-","-","-","-","-","-","-","-","-","-","-","-","-","-","-","-","2009-09-21","-","-","-","-","-","-"]
[3411,"Reclaimed 2 Tailing Impoundment","Previously Reclaimed Area","Mangas Valley Tailing Area",{"$f":"606*43560","v":26397360},0,0,"-","-","-","-","-","-","-","-","-","-","-","-","-","-","-","-","-","-","-","-","-","-","2009-09-21","-","-","-","-","-","-"]
[3412,"Reclaimed 3X Tailing Impoundment","Previously Reclaimed Area","Mangas Valley Tailing Area",{"$f":"365*43560","v":15899400},0,0,"-","-","-","-","-","-","-","-","-","-","-","-","-","-","-","-","-","-","-","-","-","-","2005-12-01","-","-","-","-","-","-"]
[3413,"Reclaimed 3 Tailing Impoundment","Previously Reclaimed Area","Mangas Valley Tailing Area",{"$f":"643*43560","v":28009080},0,0,"-","-","-","-","-","-","-","-","-","-","-","-","-","-","-","-","-","-","-","-","-","-","2006-12-01","-","-","-","-","-","-"]
[3414,"Reclaimed Burro Mountain Tailing Impoundment","Previously Reclaimed Area","East Mine Area",{"$f":"(42+16)*43560","v":2526480},0,0,"-","-","-","-","-","-","-","-","-","-","-","-","-","-","-","-","-","-","-","-","-","-","2004-12-01","-","-","-","-","-","-"]
[3415,"Reclaimed Burro Mountain Tailing Impoundment","Previously Reclaimed Area","East Mine Area",{"$f":"1.3*43560","v":56628},0,0,"-","-","-","-","-","-","-","-","-","-","-","-","-","-","-","-","-","-","-","-","-","-","2005-12-01","-","-","-","-","-","-"]
[3416,"Reclaimed 1 Leach","Previously Reclaimed Area","East Mine Area",{"$f":"500*43560","v":21780000},0,0,"-","-","-","-","-","-","-","-","-","-","-","-","-","-","-","-","-","-","-","-","-","-","2009-12-31","-","-","-","-","-","-"]
[3417,"Reclaimed Former Mill & Concentrator Area Initial","Previously Reclaimed Area","Mining Area",{"$f":"45*43560","v":1960200},0,0,"-","-","-","-","-","-","-","-","-","-","-","-","-","-","-","-","-","-","-","-","-","-","2007-04-01","-","-","-","-","-","-"]
[3418,"Reclaimed Former Mill & Concentrator Area (11 redo)","Previously Reclaimed Area","Mining Area",{"$f":"11*43560","v":479160},0,0,"-","-","-","-","-","-","-","-","-","-","-","-","-","-","-","-","-","-","-","-","-","-","2010-08-10","-","-","-","-","-","-"]
[3419,"Copper Mt. Reclamation Area","Previously Reclaimed Area","Mining Area",{"$f":"514*43560","v":22389840},0,0,"-","-","-","-","-","-","-","-","-","-","-","-","-","-","-","-","-","-","-","-","-","-","2015-01-01","-","-","-","-","-","-"]
[5000,"Gila Borrow Area",{"$f":"A4","v":1000},"Cover Material",{"$f":"VLOOKUP(Quantities[[#This Row],[Sub Area or Destination for Cover Material]],$A$4:$E$99,$E$2)","v":11891880},null,null,null,null,null,null,null,null,null,2320,2.1551724137931036E-2,2170,7.8341013824884786E-2,1770,0,36,0.08,1,1.2,2900,2900,1000]
[5001,"Gila Borrow Area",{"$f":"A8","v":1100},"Cover Material",{"$f":"VLOOKUP(Quantities[[#This Row],[Sub Area or Destination for Cover Material]],$A$4:$E$99,$E$2)","v":740699.90280000004},null,null,null,null,null,null,null,null,null,7780,7.7120822622107968E-3,4053,5.9215396002960767E-2,0,0,36,0.08,1,1.2,2900,2900,1000]
[5002,"Gila Borrow Area",{"$f":"A9","v":1200},"Cover Material",{"$f":"VLOOKUP(Quantities[[#This Row],[Sub Area or Destination for Cover Material]],$A$4:$E$99,$E$2)","v":21213358.452},null,null,null,null,null,null,null,null,null,{"$f":"7780","v":7780},{"$f":"0.0077120822622108","v":7.7120822622108003E-3},{"$f":"6580","v":6580},1.3677811550151976E-2,{"$f":"4940","v":4940},6.8825910931174086E-2,36,0.08,1,1.2,2900,2900,1000]
[5003,"Gila Borrow Area",{"$f":"A12","v":1300},"Cover Material",{"$f":"VLOOKUP(Quantities[[#This Row],[Sub Area or Destination for Cover Material]],$A$4:$E$99,$E$2)","v":19819800},null,null,null,null,null,null,null,null,null,4411,-7.0000000000000007E-2,6810,6.6000000000000003E-2,0,0,36,0.08,1,1.2,2900,2900,1000]
[5004,{"$f":"B12","v":"3A Leach, 3B Waste"},{"$f":"A14","v":1302},"Cover Material",{"$f":"VLOOKUP(Quantities[[#This Row],[Sub Area or Destination for Cover Material]],$A$4:$E$99,$E$2)","v":0},null,null,null,null,null,null,null,null,null,3900,0,0,0,0,0,36,0.08,1,1.2,2900,2900,1000]
[5005,"Gila Borrow Area",{"$f":"A17","v":1400},"Cover Material",{"$f":"VLOOKUP(Quantities[[#This Row],[Sub Area or Destination for Cover Material]],$A$4:$E$99,$E$2)","v":7971480},null,null,null,null,null,null,null,null,null,7780,7.7120822622107968E-3,3020,9.9337748344370855E-2,7030,2.5604551920341393E-2,36,0.08,1,1.2,2900,2900,1000]
[5006,"Gila Borrow Area",{"$f":"A20","v":1500},"Cover Material",{"$f":"VLOOKUP(Quantities[[#This Row],[Sub Area or Destination for Cover Material]],$A$4:$E$99,$E$2)","v":16160760},null,null,null,null,null,null,null,null,null,1450,6.2068965517241378E-2,3300,0,0,0,36,0.08,1,1.2,2900,2900,1000]
[5007,"Gila Borrow Area",{"$f":"A23","v":1600},"Cover Material",{"$f":"VLOOKUP(Quantities[[#This Row],[Sub Area or Destination for Cover Material]],$A$4:$E$99,$E$2)","v":2352240},null,null,null,null,null,null,null,null,null,7780,7.7120822622107968E-3,2270,6.1674008810572688E-2,0,0,36,0.08,1,1.2,2900,2900,1000]
[5008,"Gila Borrow Area",{"$f":"A26","v":1700},"Cover Material",{"$f":"VLOOKUP(Quantities[[#This Row],[Sub Area or Destination for Cover Material]],$A$4:$E$99,$E$2)","v":2874960},null,null,null,null,null,null,null,null,null,7780,7.7120822622107968E-3,4053,5.9215396002960767E-2,0,0,36,0.08,1,1.2,2900,2900,1000]
[5009,"Gila Borrow Area",{"$f":"A29","v":1800},"Cover Material",{"$f":"VLOOKUP(Quantities[[#This Row],[Sub Area or Destination for Cover Material]],$A$4:$E$99,$E$2)","v":16335000},null,null,null,null,null,null,null,null,null,7780,7.7120822622107968E-3,6210,7.8904991948470213E-2,0,0,36,0.08,1,1.2,2900,2900,1000]
[5010,"Gila Borrow Area",{"$f":"A32","v":1900},"Cover Material",{"$f":"VLOOKUP(Quantities[[#This Row],[Sub Area or Destination for Cover Material]],$A$4:$E$99,$E$2)","v":2063001.5999999999},null,null,null,null,null,null,null,null,null,{"$f":"O114","v":5730},{"$f":"P114","v":1.6E-2},{"$f":"Q114","v":0},0,0,0,36,0.08,1,1.2,2900,2900,1000]
[5011,"Borrow Area A",{"$f":"A33","v":2000},"Cover Material",{"$f":"VLOOKUP(Quantities[[#This Row],[Sub Area or Destination for Cover Material]],$A$4:$E$99,$E$2)","v":5619240},null,null,null,null,null,null,null,null,null,5600,0.06,4000,0.1,700,0,12,0.08,1,1.2,2900,2900,1000]
[5012,"Borrow Area A",{"$f":"A36","v":2100},"Cover Material",{"$f":"VLOOKUP(Quantities[[#This Row],[Sub Area or Destination for Cover Material]],$A$4:$E$99,$E$2)","v":2774772},null,null,null,null,null,null,null,null,null,5600,0.06,4000,0.1,1000,0,12,0.08,1,1.2,2900,2900,1000]
[5013,"Leach Stockpile",{"$f":"A39","v":2200},"Cover Material",{"$f":"VLOOKUP(Quantities[[#This Row],[Sub Area or Destination for Cover Material]],$A$4:$E$99,$E$2)","v":5009400},null,null,null,null,null,null,null,null,null,7780,7.7120822622107968E-3,3020,9.9337748344370855E-2,1770,-9.6045197740112997E-2,36,0.08,1,1.2,2900,2900,1000]
[5014,"Gila Borrow Area",{"$f":"A41","v":2300},"Cover Material",{"$f":"VLOOKUP(Quantities[[#This Row],[Sub Area or Destination for Cover Material]],$A$4:$E$99,$E$2)","v":2831400},null,null,null,null,null,null,null,null,null,5730,1.6E-2,0,0,0,0,36,0.08,1,1.2,2900,2900,1000]
[5015,"9AX Waste",{"$f":"A59","v":2600},"Cover Material",{"$f":"VLOOKUP(Quantities[[#This Row],[Sub Area or Destination for Cover Material]],$A$4:$E$99,$E$2)","v":322527},null,null,null,null,null,null,null,null,null,{"$f":"(SUMPRODUCT($O$100:$O$114,$E$100:$E$114)+E117*O117)/SUM($E$100:$E$114,E117)","v":5547.9488978630106},{"$f":"(SUMPRODUCT(P100:P114,$E$100:$E$114)+E117*P117)/SUM($E$100:$E$114,E117)","v":7.522114280508055E-3},{"$f":"(SUMPRODUCT(Q100:Q114,$E$100:$E$114)+E117*Q117)/SUM($E$100:$E$114,E117)","v":4659.7677142018156},{"$f":"(SUMPRODUCT(R100:R114,$E$100:$E$114)+E117*R117)/SUM($E$100:$E$114,E117)","v":5.3344844579582655E-2},{"$f":"(SUMPRODUCT(S100:S114,$E$100:$E$114)+E117*S117)/SUM($E$100:$E$114,E117)","v":1683.3770365805199},{"$f":"(SUMPRODUCT(T100:T114,$E$100:$E$114)+E117*T117)/SUM($E$100:$E$114,E117)","v":1.0064557136449633E-2},{"$f":"U59","v":9.6808520216912068},0.08,1,1.2,2900,2900,1000]
[5016,"Gila Borrow Area",{"$f":"A61","v":2701},"Cover Material",{"$f":"VLOOKUP(Quantities[[#This Row],[Sub Area or Destination for Cover Material]],$A$4:$E$99,$E$2)","v":924778.8},null,null,null,null,null,null,null,null,null,{"$f":"(SUMPRODUCT($O$100:$O$114,$E$100:$E$114)+E117*O117)/SUM($E$100:$E$114,E117)","v":5547.9488978630106},{"$f":"(SUMPRODUCT(P100:P114,$E$100:$E$114)+E117*P117)/SUM($E$100:$E$114,E117)","v":7.522114280508055E-3},{"$f":"(SUMPRODUCT(Q100:Q114,$E$100:$E$114)+E117*Q117)/SUM($E$100:$E$114,E117)","v":4659.7677142018156},{"$f":"(SUMPRODUCT(R100:R114,$E$100:$E$114)+E117*R117)/SUM($E$100:$E$114,E117)","v":5.3344844579582655E-2},{"$f":"(SUMPRODUCT(S100:S114,$E$100:$E$114)+E117*S117)/SUM($E$100:$E$114,E117)","v":1683.3770365805199},{"$f":"(SUMPRODUCT(T100:T114,$E$100:$E$114)+E117*T117)/SUM($E$100:$E$114,E117)","v":1.0064557136449633E-2},36,0.08,1,1.2,2900,2900,1000]
[5017,"Reclaimed Tailing Launder Line",{"$f":"A67","v":2900},"Cover Material",{"$f":"VLOOKUP(Quantities[[#This Row],[Sub Area or Destination for Cover Material]],$A$4:$E$99,$E$2)","v":304920},null,null,null,null,null,null,null,null,null,4610,-7.6E-3,5820,-4.6399999999999997E-2,3670,1.3899999999999999E-2,{"$f":"U67","v":48.198347107438018},0.08,1,1.2,2900,2900,1000]
[5018,"Gila Borrow Area",{"$f":"A79","v":3300},"Cover Material",{"$f":"VLOOKUP(Quantities[[#This Row],[Sub Area or Destination for Cover Material]],$A$4:$E$99,$E$2)","v":8712000},null,null,null,null,null,null,null,null,null,{"$f":"(SUMPRODUCT($O$100:$O$114,$E$100:$E$114)+E117*O117)/SUM($E$100:$E$114,E117)","v":5547.9488978630106},{"$f":"(SUMPRODUCT(P100:P114,$E$100:$E$114)+E117*P117)/SUM($E$100:$E$114,E117)","v":7.522114280508055E-3},{"$f":"(SUMPRODUCT(Q100:Q114,$E$100:$E$114)+E117*Q117)/SUM($E$100:$E$114,E117)","v":4659.7677142018156},{"$f":"(SUMPRODUCT(R100:R114,$E$100:$E$114)+E117*R117)/SUM($E$100:$E$114,E117)","v":5.3344844579582655E-2},{"$f":"(SUMPRODUCT(S100:S114,$E$100:$E$114)+E117*S117)/SUM($E$100:$E$114,E117)","v":1683.3770365805199},{"$f":"(SUMPRODUCT(T100:T114,$E$100:$E$114)+E117*T117)/SUM($E$100:$E$114,E117)","v":1.0064557136449633E-2},36,0.08,1,1.2,2900,2900,1000]
[]
[]
[]
[]
[]
[]
[]
["Data from 2015 Tyrone RCE submittal"]
["Tailling Launder Line reclamation includes breaching watersheds & removing culverts, hauling material from 9A/9AX, regrading to 3:1 with dozer, and building grade control walls"]
["One dissipater per downdrain assumption"]
[]
[]
[]
[]
[]
[]
[]
[]
[]
[]
[]
[]
[]
[]
[]
[]
[]
[]
[]
[]
[]
[]
[]
[]
[]
[]
[]
[]
[]
[]
[]
[]
[]
[]
[]
[]
[]
[]
[]
[]
[]
[]
[]
[]
[]
[]
[]
[]
[]
[]
[]
[]
[]
[]
[]
[]
[]
[]
[]
[]
[]
[]
[]
[]
[null,null,null,null,null,null,null,null,null,null,null,null,null,null,{"$f":"SUMPRODUCT(O156:O174,$F$156:$F$174)/SUM($F$156:$F$174)","v":{"$error":"#DIV/0!"}},{"$error":"#DIV/0!"},{"$error":"#DIV/0!"},{"$error":"#DIV/0!"},{"$error":"#DIV/0!"},{"$error":"#DIV/0!"}]

{"sheet":"Activity-Material_Codes","index":1,"n_rows":39,"n_cols":3,"rows_kept":39,"cut":false,"hidden":false,"merged":[]}
["Item","Activity","Description"]
["-","-","Place holder for item"]
["A","Grade","Rough grading original material or fine grading cover material"]
["B","Dozer Assist","Dozer is used to assist loader or shovel at cover stockpile or assist scrapers during rough grading"]
["C","Load","Cover material is loaded at borrow areas onto haul trucks"]
["D","Haul","Haul trucks transport cover material from borrow areas to destination stockpiles"]
["E","Rip","Tops of stockpiles are ripped before placing cover to compensate for compaction of soil during rough grading. Stockpiles are also ripped before rough grading with a scraper. Borrow stockpile ripped before revegetation. "]
["F","Grade Benches","Benches are graded at stockpiles and tailings after fine grading"]
["G","Construct Downdrains","Downdrains are constructed after fine grading and consist of articulated concrete blocks (ACB's)"]
["Gb","Construct Downdrain Dissipators","Energy dissipators are specified as part of the downdrains"]
["H","Construct Channels w/ Riprap","Channels are constructed after final grading. Construction includes excavation and wasting, riprap production, riprap and filter placement, and final grading. "]
["Hb","Construct Channels w/o Riprap","Channels are constructed after final grading. Construction includes excavation and wasting and final grading. "]
["I","Construct Top/Outslope Channels","Top and outslope channels are included with H and Hb for this RCE"]
["J","Revegetate","Occurs after final grading and channel construction and includes tractor rental and maintenance, fuel, scarifying, discing, drill seeding, mulching, crimping, seed, and mulch"]
["K","Perforate Liner","Reservoir liners are perforated prior to reclamation"]
["L","Replace Infrastructure","Replacing infrastructure is not part of this RCE"]
["M","Post-Closure O&M","Includes vegetation maintenance for 12 years after reclamation and erosion control, road maintenance, and groundwater monitoring for 100 years after reclamation"]
["N","Plug and Abandon Well","Well borehole is backfilled with cement grout"]
["O","Replace Well","Includes borehole drilling, casing, and cementing"]
["P","Road Maintenance","Dust suppression and road maintenance with water truck and motor grader"]
["Q","Construct Haul Road","For shorter hauls etc."]
["R","Construct Berms","Berming for stormwater runoff control"]
["S","Fencing","Fencing for pits"]
["T","Build Grade Control Walls","Grade control in each drainage of Tailing Launder Line removal"]
["U","Vehicle Gates","Limited access at 1-mile intervals around open pits"]
["V","Signs Every 500 ft","Warning signs posted every 500 feet around open pits"]
[]
[]
["Item","Material","Description"]
["-","-","Placeholder"]
["a","Existing Ground","Existing ground before rough grading"]
["b","Cover","Cover material from cover stockpiles, before being placed at destination location"]
["c","Rough Graded Material","Exisiting ground after rough grading"]
["d","Placed Cover","Cover material after being placed at destination location"]
["e","Final Grade","Facility material and cover material after rough grading and fine grading"]
["f","Backfill/Stockpile Material","Material used to backfill pit/ponds or stockpile material used in pullback"]
[]
[]
["Not all activites are used in this RCE.  Other activities are kept for alternatives and testing purposes and to maintain spreadsheet integrity"]

{"sheet":"Unit Rates","index":2,"n_rows":70,"n_cols":7,"rows_kept":70,"cut":false,"hidden":false,"merged":[]}
[null,null,null,null,null,null,{"$f":"'1 General'!C1","v":"Tyrone Mine"}]
[null,null,null,null,null,null,"Unit Rates Worksheet"]
[null,null,null,null,null,null,{"$f":"'1 General'!C3","v":43950}]
[null,"Unit Rates"]
[]
[]
[]
[]
[]
["Code","Activity","Base Per Unit Cost","Fuel Per Unit Cost","Units","Source","Reference"]
["U1","Fuel",2.34,0,"gal","-","Diesel fuel cost is estimated by correlating historical local quotes with public data, as agreed upon in November 2018 discussions with the agencies. Fuel cost includes direct and indirect costs at $2.34/gal."]
["U2","Revegetation",{"$f":"Revegetation_UC!C77-UnitRates[[#This Row],[Fuel Per Unit Cost]]","v":820.12019062499996},{"$f":"Revegetation_UC!C23","v":3.8481300000000003},"ac","Revegetation Unit Cost Sheet","See unit rates calculations - Cost is based on a calculated unit rate that includes tractor rental and maintenance, fuel, scarifying, discing, drill seeding, mulching, crimping, seed, and mulch. "]
["U3","Bench Grading Stockpile",{"$f":"'Bench Grading_UC'!Z11","v":1.3535933603344152},{"$f":"'Bench Grading_UC'!AA11","v":0.32992308700240208},"ft","Bench Grading Unit Cost Sheet","See unit rates calculations"]
["U4","Bench Grading Tailings Pond",{"$f":"'Bench Grading_UC'!Z21","v":1.3535933603344152},{"$f":"'Bench Grading_UC'!AA21","v":0.32992308700240208},"ft","Bench Grading Unit Cost Sheet","See unit rates calculations"]
["U5","Downdrain Construction",{"$f":"Downdrain_UC!F18","v":374.38023788060929},0,"ft","Downdrain Unit Cost Sheet","See unit rates calculations"]
["U6","Downdrain Dissipater",{"$f":"Downdrain_UC!F35","v":14556.480000000001},0,"ea","Downdrain Unit Cost Sheet","See unit rates calculations"]
["U7a","Channel Construction w/ Riprap",{"$f":"Channel_UC!W13","v":6.5956374417254242},{"$f":"Channel_UC!X13","v":1.3836688271337669},"ft","Channel Unit Cost Sheet","See unit rates calculations"]
["U7b","Channel Construction w/o Riprap",{"$f":"Channel_UC!W8","v":0.41423771382905084},{"$f":"Channel_UC!X8","v":0.1023130037446037},"ft","Channel Unit Cost Sheet","See unit rates calculations"]
["U8","Erosion Control",{"$f":"'2 Full Site O&M'!E134","v":2923.3627272727272},{"$f":"'2 Full Site O&M'!F134","v":382.26239999999996},"day","Modified Crew B-13A","Erosion control for O&M - includes 1 foreman, 2 laborers, 1 equipment operator, 2 truck drivers, 1 loader (4 cy), 2 dump trucks (8 cy) "]
["U9","Structure Demolition",0.25,0,"cf","Means Line Item 024116.13 0100","Building demolition, large urban projects, mixture of types, excludes foundation demolition, dump fees"]
["U10","Concrete Slab Demolition",0.62,0,"sf","Means Line Item 024116.17 0400","Building footings and foundations demolition, floors, concrete slab on grade, plain concrete, 6\" thick, excludes disposal costs and dump fees"]
["U11","Storage Tank Demolition",1005.97,0,"ea","Means Line Item 130505.75 0530","Selective Demolition - Storage Tanks, steel tank, single wall, above ground, not including foundations, pumps or piping, 5,000 thru 10,000 gallon"]
["U12","Storage Tank Demolition",2168.9299999999998,0,"ea","Means Line Item 130505.75-0540","Steel tank, single wall, above ground, 15,000 thru 30,000 gallon, selective demolition, excluding foundation, pumps or piping"]
["U13","Storage Tank Demolition",3934.8,0,"ea","Scaled Means Items","Storage Tanks, steel tank, single wall, above ground, not incl fdn, pumps or piping; scaled for a 45,500 gal tank "]
["U14","Power Line Demolition",0.63,0,"ft","Means Line Item 260505.10 0370","Electrical Demolition - Nonmetallic sheathed cable 3 wire; assume similar enough in cost to overhead powerlines."]
["U15","Power Pole Demolition",216.24,0,"ea","Means Line Item 024113.80 0200","Selective Demolition - wood utility poles 35-45 ft high"]
["U16","Pipeline (small HDPE pipe)",2.29,0,"ft","Means Line Item 024113.38 1700","Selective demolition water, process water HDPE piping; (6 to 8-inch diameter); excludes excavation "]
["U17","Pipeline (medium HDPE pipe)",3.82,0,"ft","Means Line Item 024113.38 1800","Selective demolition water, process water HDPE piping; (10 to 18-inch diameter); excludes excavation "]
["U18","Pipeline (large HDPE pipe)",5.72,0,"ft","Means Line Item 024113.38 1900","Selective demolition water, process water HDPE piping (20 to 36-inch diameter); excludes excavation "]
["U19","Well Plug & Abandon",18.170000000000002,0,"ft","Quote","Unit cost of $18.17/ft is based on a direct quote from Layne, A Granite Company (formerly Layne Christensen Company) for a total of 172,631 ft of well and exploration borehole abandonment over 300 days (575 ft/day); the unit cost includes 1 mobilization ($15,000) and 1 demobilization ($15,000) spread over 300 days at 575 ft/day"]
["U20","Well Replacement",{"$f":"(173500/3000)*(1+0.02)^(2019-2011)","v":67.760967534631021},0,"ft","Quote","Wilcox Professional Services, 8/2011, est. cost for 5 ½ in bore, $173,500 for 3000 ft total ($57.83/ft). Escalated 2% 2011-2019= $67.76/ft"]
["U21","Reinforced Concrete Wall Demolition",{"$f":"1866/8*D67","v":199.19550000000001},0,"hr","Means Crew B-12C","Standard Union Crew: 1 equipment operator (crane), 1 laborer, 1 hydraulic excavator, 2 cy, approximately 40 hrs to demo 200 ft reinforced concrete dam.  "]
["U22","Disc harrow attachment, for tractor",616.33000000000004,0,"month","Means Line Item 015433.20 1500","Equipment rental costs"]
["U23","Cast-In-Place Concrete",254.97,0,"cy","Means Line Item 033053.40 6200","Structural concrete, in place, gravity retaining wall (3000 psi), includes forms and reinforcement"]
["U24","Cleanup & Disposal of Wastes Requiring Special Handling",{"$f":"'4 BuildingWaste '!D82","v":335.19499999999999},0,"ton","Means Line Item 028120.10 1120/1130","Solid pickup; average of minimum and maximum"]
["U25","Tranportation of Wastes Requiring Special Handling",{"$f":"'4 BuildingWaste '!D83","v":4.78},0,"mile","Means Line Item 028120.10 1260/1270","Transporation to disposal site (Truckload = 80 drums or 25 cy or 18 tons); average of minimum and maximum"]
["U26","Road Maintenance",{"$f":"'2 Full Site O&M'!K132","v":4945.9595454545452},{"$f":"'2 Full Site O&M'!L132","v":1240.3200000000002},"month","-","Road maintenance for O&M - includes one 14M motor grader and one 6,000-gal water truck"]
["U27","Tailing Cover Maintenance ",{"$f":"'2 Full Site O&M'!R136","v":2144.2936363636363},{"$f":"'2 Full Site O&M'!S136","v":269.56799999999998},"day","Modified Crew B-13A","Tailing cover maitenance for O&M - includes 1 foreman, 2 laborers, 1 loader (4 cy), 1 dump truck (12 ton)"]
["U28","Berming",{"$f":"Berm_UC!Y10","v":6.201085843690287E-2},0,"ft","See Berm Unit Cost Sheet","Assumed height of 1’ with top width 2’ (2 X berm height); slopes of 1.5H:1V; volume per ft. to 0.13 cy/ft; Finish grade volume is 1/3 X ‘Excavation Volume’ or 0.04 ft/lf;  The berm will be made from cover material; only applicable to the types of berms at the reclaimed borrow areas - These berms are only used to move water along an outslope. "]
["U29","Fencing",23.05,0,"ft","Means Line Item 323113.20 0800"]
["U30","Vehicle Gates, Pit Perimeters",1002.8800000000001,0,"ea","Means Line Item 323113.20 5070","Fence, chain link industrial, double swing gates, 6' high, 20' opening, includes excavation, posts & hardware in concrete"]
["U31","Signs every 500 ft., pit perimeters",65.19,0,"ea","Means Line Item 101453.20 0600","Signs, guide and directional signs, reflectorized, 12\" x 18\", excludes posts"]
["U32","Fire Hydrant Demolition",396.73,0,"ea","Means Line Item 024113.33 0900","Utility removal, hydrants, fire, remove only, excludes hauling"]
["U33","Seepage Collection Replacement",{"$f":"'Seepage Collection_UC'!H23","v":133355.94034598835},0,"ea","Seepage Collection Unit Cost Sheet","See unit rates calculations"]
["U34","Culvert Removal",12.69,0,"ft","Means Line Item 024113.40 0190","Selective demolition, metal drainage piping, CMP, steel, 48\"-60\", diameter, excludes excavation"]
["U35","Grade Control Wall",165.59,0,"cy","Means Line Item 033053.40 3945","Structural concrete, in place, continuous strip footing (3000 psi), 36\" wide x 12\" deep, unreinforced, includes forms(4 uses), concrete (Portland cement Type I), placing and finishing, excludes reinforcing"]
["U36","Steel Trestle Demolition",{"$f":"'Trestle Demo_UC'!D27","v":30689.1},0,"ea","Trestle Demo Unit Cost Sheet","Bridge demolition, pedestrian, steel, 50' to 160' long, 8' to 10' wide; see unit rates calculations"]
["U37","Sludge Removal",306.69,"-","ea","Means Line Item 026510.30 0320","Removal of underground storage tanks, petroleum storage tanks, non-leaking, remove sludge, water and remaining product from tank bottom of tank with vacuum truck, 9,000 - 12,000 gallon tank"]
["U38","Substation Demo",{"$f":"'Substation Demo_UC'!A38","v":12470.55},0,"ea","Substation Demo Unit Cost","See unit rates calculations"]
["U39","Place Holder",0.01,0,"day","-","-"]
["U40","120\" Pipe",139.41,0,"lf","Means Line Item 334211.40 2850 - 334211.40 2885","Public storm utility drainage piping, couplings, corrugated metal pipe, galvanized uncoated, Interpolated for 120\" diameter"]
["U41","Vacuum Truck",170.8,0,"hr","Means Line Item 028120.10 3120","Hazardous waste cleanup/pickup/disposal, liquid pickup, vacuum truck, stainless steel tank, 5000 gallons, minimum charge, 4 hours, 2 compartment"]
["U42","72\" Pipe",85.92,0,"lf","Means Line Item 334211.40 2885","Public storm utility drainage piping, couplings, corrugated metal pipe, galvanized uncoated, 72\" diameter"]
["U43","24\" Slotted Pipe",223.6,0,"lf","Means Line Item 331113.10 8300 - 331113.10 8370","Public water supply wells, wells domestic water, well screen assembly, slotted PVC, interpolated for 24\" diameter"]
["U44","Pea Gravel",16.559999999999999,0,"cy","Means Line Item 334123.19 0400","Geotextile subsurface drainage filtration, drainage material, pea stone fill in trench (material only)"]
["U45","Fine Sand",81.69,0,"cy","Means Line Item 040513.95 0300","Sand, for mortar, screened and washed, at the pit, includes 30 mile haul"]
["U46","Pump",5000,0,"ea","Engineering Judgement","1 gpm - includes pump control, control panel, installation, and flow meter"]
["U47","Pump Demo",247.36,0,"ea","Means Line Item 024113.76 0300","Selective demolition, water wells, pump, up to 100' deep, 1/2 to 5 HP"]
["U48","Water Piping",4.1100000000000048,0,"lf","Means Line Item 331413.35 0100 - 331413.35 0300","Water supply distribution piping, piping HDPE, butt fusion joints, 40' lengths, interpolated for 2\" diameter, SDR 21"]
["U49","Electric Rate",5.8700000000000002E-2,0,"kWh",null,"Industrial rate data 3/12/2019  (http://www.electricitylocal.com/states/new-mexico/silver-city/) "]
["U50","Roller Compaction",1.26,0,"cy","Means Line Item 312323.23 5640","Compaction, 4 passes, 6\" lifts, riding, sheepsfoot or wobbly wheel roller"]
["U51","HDPE Liner",1.39,0,"sf","Means Line Item 310519.53 1200","Pond and reservoir liners, membrane lining systems HDPE, 100,000 S.F. or more, 60 mil thick, per S.F. "]
["U52","GCL/Composite Liner",{"$f":"C62*1.2","v":1.6679999999999999},0,{"$f":"E62","v":"sf"},"-","Assumed to be 20% more than HDPE liner cost"]
["U53","Dewater Former Tailing Thickener",{"$f":"'Thickener Dewater_UC'!H149","v":213813.85408475777},0,"ea","See Thickener Dewater Unit Cost Sheet","See unit rates calculations"]
[]
[]
[null,null,"RS Means Location adjustment: New Mexico Las Cruces",0.85399999999999998]
[null,"Not all unit rates are used in this RCE.  Other unit rates are kept for alternatives and testing purposes and to maintain spreadsheet integrity"]
[null,"[1] Applied to RSM derived costs only.  EquipmentWatch items and items based on local quotes adjusted at base rate"]
[null,"RS Means Online, 2019"]

{"sheet":"1 General","index":3,"n_rows":25,"n_cols":3,"rows_kept":25,"cut":false,"hidden":false,"merged":[]}
[null,null,"Tyrone Mine"]
[null,null,"Stockpile Spreadsheet Worksheet #1"]
["General Information",null,43950]
[]
["Applicant","Freeport McMoRan Tyrone Inc."]
[null,"Tyrone, New Mexico  88065"]
[]
[]
[]
[]
["Disturbed Surface Area (acres)",{"$f":"'17b Facility Characteristics'!AB9-'17b Facility Characteristics'!AA9","v":3153.8508754816885}]
["(does not include previously reclaimed areas)"]
[]
["Type of Operation","Existing/Surface/Copper"]
[]
[]
[]
["Current value of earthwork and O&M before escalation and discounting",{"$f":"'16   Sum'!D18+'3 Full Site O&M Summ'!D17","v":105465018.48550077}]
[]
[]
[]
[]
[null,null,"Stockpiles, Tailing,"]
[null,null,"Reservoirs, Haul Roads"]
["2014 EOY Mine Plan",null," and Disturbed Areas"]

{"sheet":"Equipment","index":4,"n_rows":77,"n_cols":72,"rows_kept":77,"cut":false,"hidden":false,"merged":[[3,67,3,69],[2,13,2,14],[3,13,3,14],[3,15,3,19],[3,20,3,24],[3,47,3,51],[3,25,3,29],[3,30,3,34],[2,15,2,34]]}
[null,"EARTHWORK AND O&M EQUIPMENT"]
[1,2,3,4,5,6,7,8,9,10,11,12,13,14,15,16,17,18,19,20,21,22,23,24,25,26,27,28,29,30,31,32,33,34,35,36,37,38,39,40,41,42,43,44,45,46,47,48,49,50,51,52,53,54,55,56,57,58,59,60,61,62,63,64,65,66,67,68,69,70,71,72]
[null,null,null,null,null,null,null,null,null,null,null,null,null,"Dozing Production (lcy/hr)1",null,"Haul Travel Time (min/m) = A(Eff. Grade %)4 + B(Eff. Grade %)3 + C(Eff. Grade %)2 + D(Eff. Grade %) + E"]
[null,null,null,null,null,null,null,null,null,null,null,null,null,"Production = C(Avg. dozing distance in ft)b",null,"Loaded Uphill",null,null,null,null,"Empty Uphill",null,null,null,null,"Loaded Downhill",null,null,null,null,"Empty Downhill",null,null,null,null,null,null,null,null,null,null,null,null,null,null,null,null,"Ripper Factors",null,null,null,null,null,null,null,null,null,null,null,null,null,null,null,null,null,null,null,"Push Cycle Time D9T"]
["Code","Equipment Description","Equipment Type","Fuel Consumption (gal/hr)","Fuel Cost ($/hr)","Lube Cost ($/hr)","Field Parts ($/hr)","Tire Cost ($/hr)","Ground Engaging Component Cost ($/hr)","Monthly Rental Rate ($/month)","Field Labor Time Cost ($/hr)","Rental Cost (w/o fuel, lube, tires, or field parts) ($/hr)5","Lube, Tires, GEC, & Field Parts Adjusted Rental Cost (w/o fuel) ($/hr)","C ","b ","A","B","C","D","E","A  ","B  ","C  ","D  ","E  ","A   ","B   ","C   ","D   ","E   ","A    ","B     ","C    ","D    ","E    ","Loaded Speed (mph)4","Empty Speed (mph)","Pass Overlap (ft)","Operator Factor: Coarse Regrading","Operator Factor: Fine Grading, Cover, Other Surfaces, and Channels","Visibility Factor","Elevation Factor","Direct Drive Trans.","Production Method/ Blade Factor: Coarse and Fine Grading","Production Method/ Blade Factor: Channels, Downdrains, Benches","Work Hour (min/hr)","Effective Blade Width (ft)","Penetration (in)","Pocket Spacing (in)","Number of Pockets","Turn Time (min/pass)","Dist. b/n Passes (in)","Net Bucket Capacity (cy)","Loader Cycle Time1 (min)","Bucket Fill Factor","Struck Capacity (cy)","Heaped Capacity (cy)","Sheepsfoot Roller Width (ft)","Max Reach at GL (in)","Swing Time (Loaded) (min)","Swing Time (Empty) (min)","Rolling Resistance (%)","Truck Exchange Time (min)","Dump/ Maneuver Time (min)","Rated Load (lb)","Load Time (min)","Maneuver & Spread Time (min)","Boost Time (min)","Return Time and Load Time (min)","Maneuver Time (min)","NMDOL Operator Group","NMDOL Total 2019 Rate ($/hr)"]
["-","-","placeholder",0,0,0,0,0,0,0,0,0,0,"-","-","-","-","-","-","-","-","-","-","-","-","-","-","-","-","-","-","-","-","-","-","-","-","-","-","-","-","-","-","-","-","-","-","-","-","-","-","-","-","-","-","-","-","-","-","-","-","-","-","-","-","-","-","-","-","-",{"$f":"CONCATENATE(BS32,\" & \", BS20)","v":"Truck Driver III & Equipment Operator IV"},{"$f":"BT32+BT20","v":51.680000000000007}]
["Comb1","Cat 14M, Off-Hwy Water Tanker Truck,6,000-gal.","Combo 1",{"$f":"D32+D20","v":19.54},{"$f":"Equipment[[#This Row],[Fuel Consumption (gal/hr)]]*$C$52","v":45.723599999999998},{"$f":"F20+F32","v":12.72},{"$f":"G32+G20","v":3.75},13.46,1.1599999999999999,20078.370000000003,9.23,{"$f":"L32+L20","v":114.08164772727272},154.40164772727275,"-","-","-","-","-","-","-","-","-","-","-","-","-","-","-","-","-","-","-","-","-","-","-","-","-","-","-","-","-","-","-","-","-","-","-","-","-","-","-","-","-","-","-","-","-","-","-","-","-","-","-","-","-","-","-","-","-",{"$f":"CONCATENATE(BS36,\" & \", BS21)","v":"Laborer I & Truck Driver III"},{"$f":"BT36+BT21","v":47.36}]
["Dz1","Cat D11T, U Blade","Dozer",29.75,{"$f":"Equipment[[#This Row],[Fuel Consumption (gal/hr)]]*$C$52","v":69.614999999999995},26.23,13.89,0,12.22,34408.410000000003,6.6,{"$f":"Equipment[[#This Row],[Monthly Rental Rate ($/month)]]/176","v":195.50232954545456},{"$f":"SUM(L8,K8,H8,F8,Equipment[[#This Row],[Field Parts ($/hr)]],Equipment[[#This Row],[Ground Engaging Component Cost ($/hr)]])","v":254.44232954545456},155881.58792600001,-0.88995199999999997,"-","-","-","-","-","-","-","-","-","-","-","-","-","-","-","-","-","-","-","-",{"$f":"AJ9","v":2.5},{"$f":"Equipment[[#This Row],[Loaded Speed (mph)4]]","v":2.5},"-",1,{"$f":"AN9","v":0.75},1,1,1,1.2,1,50,{"$f":"18+(4/12)","v":18.333333333333332},"-","-","-","-","-","-","-","-","-","-","-","-","-","-","-","-","-","-","-","-","-","-","-","Equipment Operator IV",{"$f":"VLOOKUP(BS8,$B$60:$C$65,2)","v":27.410000000000004}]
["Dz2","Cat D11T CD","Dozer6",{"$f":"D8","v":29.75},{"$f":"Equipment[[#This Row],[Fuel Consumption (gal/hr)]]*$C$52","v":69.614999999999995},26.23,13.89,0,12.22,34408.410000000003,6.6,{"$f":"Equipment[[#This Row],[Monthly Rental Rate ($/month)]]/176","v":195.50232954545456},{"$f":"SUM(L9,K9,H9,F9,Equipment[[#This Row],[Field Parts ($/hr)]],Equipment[[#This Row],[Ground Engaging Component Cost ($/hr)]])","v":254.44232954545456},162758.75952600001,-0.86669099999999999,"-","-","-","-","-","-","-","-","-","-","-","-","-","-","-","-","-","-","-","-",2.5,{"$f":"Equipment[[#This Row],[Loaded Speed (mph)4]]","v":2.5},"-",1,0.75,1,1,1,1.2,1,50,22,"-","-","-","-","-","-","-","-","-","-","-","-","-","-","-","-","-","-","-","-","-","-","-","Equipment Operator IV",27.410000000000004]
["Dz3","Cat D9T, SU Blade","Dozer",14.35,{"$f":"Equipment[[#This Row],[Fuel Consumption (gal/hr)]]*$C$52","v":33.579000000000001},11.22,5.49,0,3.98,30109.48,6.6,{"$f":"Equipment[[#This Row],[Monthly Rental Rate ($/month)]]/176","v":171.0765909090909},{"$f":"SUM(L10,K10,H10,F10,Equipment[[#This Row],[Field Parts ($/hr)]],Equipment[[#This Row],[Ground Engaging Component Cost ($/hr)]])","v":198.36659090909089},52161.033408000003,-0.84553199999999995,"-","-","-","-","-","-","-","-","-","-","-","-","-","-","-","-","-","-","-","-",1,{"$f":"Equipment[[#This Row],[Loaded Speed (mph)4]]","v":1},"-",1,0.75,1,1,1,1.2,1,50,{"$f":"14 + (1/12)","v":14.083333333333334},"-","-","-","-","-","-","-","-","-","-","-","-","-","-","-","-","-","-","-","-","-","-","-","Equipment Operator IV",27.410000000000004]
["Dz4","Cat D6T, SU Blade","Dozer",7.22,{"$f":"Equipment[[#This Row],[Fuel Consumption (gal/hr)]]*$C$52","v":16.8948},4.83,2.1,0,2.1,8939.42,3.83,{"$f":"Equipment[[#This Row],[Monthly Rental Rate ($/month)]]/176","v":50.792159090909088},{"$f":"SUM(L11,K11,H11,F11,Equipment[[#This Row],[Field Parts ($/hr)]],Equipment[[#This Row],[Ground Engaging Component Cost ($/hr)]])","v":63.652159090909088},13582.453387,-0.74851000000000001,"-","-","-","-","-","-","-","-","-","-","-","-","-","-","-","-","-","-","-","-",1,{"$f":"Equipment[[#This Row],[Loaded Speed (mph)4]]","v":1},"-",1,0.75,1,1,1,1.2,1,50,{"$f":"10 + (8/12)","v":10.666666666666666},"-","-","-","-","-","-","-","-","-","-","-","-","-","-","-","-","-","-","-","-","-","-","-","Equipment Operator IV",27.410000000000004]
["Dz5","Cat D6T XL, SU Blade","Dozer",7.8,{"$f":"Equipment[[#This Row],[Fuel Consumption (gal/hr)]]*$C$52","v":18.251999999999999},5.28,2.3199999999999998,0,2.36,9104.5499999999993,3.83,{"$f":"Equipment[[#This Row],[Monthly Rental Rate ($/month)]]/176","v":51.730397727272724},{"$f":"SUM(L12,K12,H12,F12,Equipment[[#This Row],[Field Parts ($/hr)]],Equipment[[#This Row],[Ground Engaging Component Cost ($/hr)]])","v":65.520397727272723},13582.453387,-0.74851000000000001,"-","-","-","-","-","-","-","-","-","-","-","-","-","-","-","-","-","-","-","-",{"$f":"AJ11","v":1},{"$f":"Equipment[[#This Row],[Loaded Speed (mph)4]]","v":1},"-",1,0.75,1,1,1,1.2,1,50,{"$f":"10 + (8/12)","v":10.666666666666666},"-","-","-","-","-","-","-","-","-","-","-","-","-","-","-","-","-","-","-","-","-","-","-","Equipment Operator IV",27.410000000000004]
["Ex1","Cat 319D L","Excavator",5.25,{"$f":"Equipment[[#This Row],[Fuel Consumption (gal/hr)]]*$C$52","v":12.285},3.47,1.19,0,0.84,7450.15,4.55,{"$f":"Equipment[[#This Row],[Monthly Rental Rate ($/month)]]/176","v":42.330397727272725},{"$f":"SUM(L13,K13,H13,F13,Equipment[[#This Row],[Field Parts ($/hr)]],Equipment[[#This Row],[Ground Engaging Component Cost ($/hr)]])","v":52.380397727272722},"-","-","-","-","-","-","-","-","-","-","-","-","-","-","-","-","-","-","-","-","-","-","-","-","-","-","-","-","-","-","-","-",50,"-","-","-","-","-","-","-","-",0.875,"-",1,3,380,0.09,7.0000000000000007E-2,"-","-","-","-","-","-","-","-","-","Equipment Operator VI",27.700000000000003]
["Ld1","Cat 992K","Loader",25.63,{"$f":"Equipment[[#This Row],[Fuel Consumption (gal/hr)]]*$C$52","v":59.974199999999996},22.35,4.43,35.39,4.99,25527.98,4.0199999999999996,{"$f":"Equipment[[#This Row],[Monthly Rental Rate ($/month)]]/176","v":145.0453409090909},{"$f":"SUM(L14,K14,H14,F14,Equipment[[#This Row],[Field Parts ($/hr)]],Equipment[[#This Row],[Ground Engaging Component Cost ($/hr)]])","v":216.22534090909093},"-","-","-","-","-","-","-","-","-","-","-","-","-","-","-","-","-","-","-","-","-","-",7.6,12.8,"-","-","-","-","-","-","-","-",50,"-","-","-","-","-","-",{"$f":"Equipment[[#This Row],[Bucket Fill Factor]]*Equipment[[#This Row],[Heaped Capacity (cy)]]","v":14},0.65,0.875,"-",16,"-","-","-","-","-","-","-","-","-","-","-","-","-","Equipment Operator VI",27.700000000000003]
["Ld2","Cat 988H","Loader",15.2,{"$f":"Equipment[[#This Row],[Fuel Consumption (gal/hr)]]*$C$52","v":35.567999999999998},11.4,2.11,16.850000000000001,1.93,16272.06,4.0199999999999996,{"$f":"Equipment[[#This Row],[Monthly Rental Rate ($/month)]]/176","v":92.454886363636362},{"$f":"SUM(L15,K15,H15,F15,Equipment[[#This Row],[Field Parts ($/hr)]],Equipment[[#This Row],[Ground Engaging Component Cost ($/hr)]])","v":128.76488636363635},"-","-","-","-","-","-","-","-","-","-","-","-","-","-","-","-","-","-","-","-","-","-",7.3,12.9,"-","-","-","-","-","-","-","-",50,"-","-","-","-","-","-",{"$f":"Equipment[[#This Row],[Bucket Fill Factor]]*Equipment[[#This Row],[Heaped Capacity (cy)]]","v":7.2887500000000003},0.57499999999999996,0.875,"-",8.33,"-","-","-","-","-","-","-","-","-","-","-","-","-","Equipment Operator VI",27.700000000000003]
["Ld3","Cat 980H","Loader",10.8,{"$f":"Equipment[[#This Row],[Fuel Consumption (gal/hr)]]*$C$52","v":25.271999999999998},6.7,1.1299999999999999,7.69,1.03,10030.76,4.0199999999999996,{"$f":"Equipment[[#This Row],[Monthly Rental Rate ($/month)]]/176","v":56.992954545454545},{"$f":"SUM(L16,K16,H16,F16,Equipment[[#This Row],[Field Parts ($/hr)]],Equipment[[#This Row],[Ground Engaging Component Cost ($/hr)]])","v":77.562954545454545},"-","-","-","-","-","-","-","-","-","-","-","-","-","-","-","-","-","-","-","-","-","-",7.3,12.9,"-","-","-","-","-","-","-","-",50,"-","-","-","-","-","-",{"$f":"Equipment[[#This Row],[Bucket Fill Factor]]*Equipment[[#This Row],[Heaped Capacity (cy)]]","v":6.5625},0.52500000000000002,0.875,"-",7.5,"-","-","-","-","-","-","-","-","-","-","-","-","-","Equipment Operator VI",27.700000000000003]
["Ld4","Cat 966H","Loader",8.3800000000000008,{"$f":"Equipment[[#This Row],[Fuel Consumption (gal/hr)]]*$C$52","v":19.609200000000001},5.33,0.84,5.71,0.75,9937.5,4.0199999999999996,{"$f":"Equipment[[#This Row],[Monthly Rental Rate ($/month)]]/176","v":56.46306818181818},{"$f":"SUM(L17,K17,H17,F17,Equipment[[#This Row],[Field Parts ($/hr)]],Equipment[[#This Row],[Ground Engaging Component Cost ($/hr)]])","v":73.113068181818178},"-","-","-","-","-","-","-","-","-","-","-","-","-","-","-","-","-","-","-","-","-","-",7.8,13.7,"-","-","-","-","-","-","-","-",50,"-","-","-","-","-","-",{"$f":"Equipment[[#This Row],[Bucket Fill Factor]]*Equipment[[#This Row],[Heaped Capacity (cy)]]","v":4.8125},0.52500000000000002,0.875,"-",5.5,"-","-","-","-","-","-","-","-","-","-","-","-","-","Equipment Operator VI",27.700000000000003]
["Ld5","Cat 993K","Loader",30.4,{"$f":"Equipment[[#This Row],[Fuel Consumption (gal/hr)]]*$C$52","v":71.135999999999996},26.7,5.32,42.47,4.7300000000000004,25527.98,4.0199999999999996,{"$f":"Equipment[[#This Row],[Monthly Rental Rate ($/month)]]/176","v":145.0453409090909},{"$f":"SUM(L18,K18,H18,F18,Equipment[[#This Row],[Field Parts ($/hr)]],Equipment[[#This Row],[Ground Engaging Component Cost ($/hr)]])","v":228.28534090909088},"-","-","-","-","-","-","-","-","-","-","-","-","-","-","-","-","-","-","-","-","-","-",7.4,12.7,"-","-","-","-","-","-","-","-",50,null,"-","-","-","-","-",{"$f":"Equipment[[#This Row],[Bucket Fill Factor]]*Equipment[[#This Row],[Struck Capacity (cy)]]","v":17.5},0.65,0.875,20,"-","-","-","-","-",null,"-","-","-","-",null,"-","-",null,"Equipment Operator VI",{"$f":"VLOOKUP(BS18,$B$60:$C$65,2)","v":27.700000000000003}]
["Mg1","Cat 16M ","Motor Grader",9.5,{"$f":"Equipment[[#This Row],[Fuel Consumption (gal/hr)]]*$C$52","v":22.229999999999997},8.69,3.26,10.130000000000001,1.76,11906.7,2.02,{"$f":"Equipment[[#This Row],[Monthly Rental Rate ($/month)]]/176","v":67.65170454545455},{"$f":"SUM(L19,K19,H19,F19,Equipment[[#This Row],[Field Parts ($/hr)]],Equipment[[#This Row],[Ground Engaging Component Cost ($/hr)]])","v":93.511704545454549},"-","-","-","-","-","-","-","-","-","-","-","-","-","-","-","-","-","-","-","-","-","-",2.5,{"$f":"Equipment[[#This Row],[Loaded Speed (mph)4]]","v":2.5},2,"-",0.75,1,1,1,1.2,1,50,16,"-","-","-","-","-","-","-","-","-","-","-","-","-","-","-","-","-","-","-","-","-","-","-","Equipment Operator IV",{"$f":"VLOOKUP(BS19,$B$60:$C$65,2)","v":27.410000000000004}]
["Mg2","Cat 14M","Motor Grader",8.2899999999999991,{"$f":"Equipment[[#This Row],[Fuel Consumption (gal/hr)]]*$C$52","v":19.398599999999998},6.57,2.27,7.04,1.1599999999999999,11906.7,2.02,{"$f":"Equipment[[#This Row],[Monthly Rental Rate ($/month)]]/176","v":67.65170454545455},{"$f":"SUM(L20,K20,H20,F20,Equipment[[#This Row],[Field Parts ($/hr)]],Equipment[[#This Row],[Ground Engaging Component Cost ($/hr)]])","v":86.711704545454538},"-","-","-","-","-","-","-","-","-","-","-","-","-","-","-","-","-","-","-","-","-","-",2.5,{"$f":"Equipment[[#This Row],[Loaded Speed (mph)4]]","v":2.5},2,"-",0.75,1,1,1,1.2,1,50,14,"-","-","-","-","-","-","-","-","-","-","-","-","-","-","-","-","-","-","-","-","-","-","-","Equipment Operator IV",{"$f":"VLOOKUP(BS20,$B$60:$C$65,2)","v":27.410000000000004}]
["Mu1","Finn B260","Mulcher",4.13,{"$f":"Equipment[[#This Row],[Fuel Consumption (gal/hr)]]*$C$52","v":9.6641999999999992},1.6,0.15,0.6,0,2167.9499999999998,1.25,{"$f":"Equipment[[#This Row],[Monthly Rental Rate ($/month)]]/176","v":12.317897727272726},{"$f":"SUM(L21,K21,H21,F21,Equipment[[#This Row],[Field Parts ($/hr)]],Equipment[[#This Row],[Ground Engaging Component Cost ($/hr)]])","v":15.917897727272726},null,"-","-","-","-","-","-","-","-","-","-","-","-","-","-","-","-","-","-","-","-","-","-","-","-","-","-","-","-","-","-","-",50,"-","-","-","-","-","-","-","-","-","-","-","-","-","-","-","-","-","-","-","-","-","-","-","-","Truck Driver III",{"$f":"VLOOKUP(BS21,$B$60:$C$65,2)","v":24.27}]
["Rp1","Cat D11T CD Multi-shank (w/ MSR-359H)","Dozer w/ Ripper",{"$f":"D9","v":29.75},{"$f":"Equipment[[#This Row],[Fuel Consumption (gal/hr)]]*$C$52","v":69.614999999999995},26.6,14.200000000000001,{"$f":"H9","v":0},1.56,36753.560000000005,8.16,{"$f":"Equipment[[#This Row],[Monthly Rental Rate ($/month)]]/176","v":208.82704545454547},{"$f":"SUM(L22,K22,H22,F22,Equipment[[#This Row],[Field Parts ($/hr)]],Equipment[[#This Row],[Ground Engaging Component Cost ($/hr)]])","v":259.34704545454548},"-","-","-","-","-","-","-","-","-","-","-","-","-","-","-","-","-","-","-","-","-","-",1,{"$f":"Equipment[[#This Row],[Loaded Speed (mph)4]]","v":1},"-","-","-","-","-","-","-","-",50,"-",18,{"$f":"(4*12)+11","v":59},3,0.25,{"$f":"Equipment[[#This Row],[Pocket Spacing (in)]]","v":59},"-","-","-","-","-","-","-","-","-","-","-","-","-","-","-","-","-","-","Equipment Operator IV",{"$f":"VLOOKUP(BS22,$B$60:$C$65,2)","v":27.410000000000004}]
["Rp2","MSR-189H","Ripper Attachment",0,{"$f":"Equipment[[#This Row],[Fuel Consumption (gal/hr)]]*$C$52","v":0},0.15,0.16,0,0.78,898.9,0.56999999999999995,{"$f":"Equipment[[#This Row],[Monthly Rental Rate ($/month)]]/176","v":5.1073863636363637},{"$f":"SUM(L23,K23,H23,F23,Equipment[[#This Row],[Field Parts ($/hr)]],Equipment[[#This Row],[Ground Engaging Component Cost ($/hr)]])","v":6.7673863636363647},"-","-","-","-","-","-","-","-","-","-","-","-","-","-","-","-","-","-","-","-","-","-","-","-","-","-","-","-","-","-","-","-",50,"-","-","-","-","-","-","-","-","-","-","-","-","-","-","-","-","-","-","-","-","-","-","-","-","-","-"]
["Sc1","Cat 637G","Scraper",38,{"$f":"Equipment[[#This Row],[Fuel Consumption (gal/hr)]]*$C$52","v":88.919999999999987},17.07,6.27,7.57,1.28,25070,12.8,{"$f":"Equipment[[#This Row],[Monthly Rental Rate ($/month)]]/176","v":142.44318181818181},{"$f":"SUM(L24,K24,H24,F24,Equipment[[#This Row],[Field Parts ($/hr)]],Equipment[[#This Row],[Ground Engaging Component Cost ($/hr)]])","v":187.43318181818182},"-","-",3.2483,-1.9561999999999999,0.43369999999999997,-2.5999999999999999E-3,1E-3,0,-0.32469999999999999,0.16009999999999999,-3.8E-3,1.1000000000000001E-3,0.64639999999999997,-0.61470000000000002,0.1749,-4.0000000000000002E-4,1.1000000000000001E-3,0,0,3.6700000000000003E-2,1.8E-3,8.9999999999999998E-4,33,{"$f":"Equipment[[#This Row],[Loaded Speed (mph)4]]","v":33},"-","-","-","-","-","-","-","-",50,"-","-","-","-","-","-","-","-","-",24,34,"-","-","-","-",2.5000000000000001E-2,"-","-",81600,0.85,0.65,0.1,{"$f":"Equipment[[#This Row],[Load Time (min)]]*1.4","v":1.19},0.15,"Equipment Operator IV",{"$f":"VLOOKUP(BS24,$B$60:$C$65,2)","v":27.410000000000004}]
["Sc2","Cat 657G","Scraper",42.86,{"$f":"Equipment[[#This Row],[Fuel Consumption (gal/hr)]]*$C$52","v":100.29239999999999},20.41,7.73,9.34,2.31,25070,12.8,{"$f":"Equipment[[#This Row],[Monthly Rental Rate ($/month)]]/176","v":142.44318181818181},{"$f":"SUM(L25,K25,H25,F25,Equipment[[#This Row],[Field Parts ($/hr)]],Equipment[[#This Row],[Ground Engaging Component Cost ($/hr)]])","v":195.03318181818182},"-","-",0.30359999999999998,-0.45119999999999999,0.21809999999999999,-3.3999999999999998E-3,1.2999999999999999E-3,0,-0.1016,7.7399999999999997E-2,-1.2999999999999999E-3,1.1999999999999999E-3,0,-0.16120000000000001,0.1031,-8.0999999999999996E-3,1.6000000000000001E-3,0,0.1668,-9.4E-2,2.07E-2,4.0000000000000002E-4,33,{"$f":"Equipment[[#This Row],[Loaded Speed (mph)4]]","v":33},"-","-","-","-","-","-","-","-",50,"-","-","-","-","-","-","-","-","-",32,44,"-","-","-","-",2.5000000000000001E-2,"-","-",104000,0.85,0.65,0.1,1.19,0.15,"Equipment Operator IV",27.410000000000004]
["Sh1","Hitachi EX3600-5","Shovel2",82.72,{"$f":"Equipment[[#This Row],[Fuel Consumption (gal/hr)]]*$C$52","v":193.56479999999999},59.15,24.25,0,16.559999999999999,69269,14.45,{"$f":"Equipment[[#This Row],[Monthly Rental Rate ($/month)]]/176","v":393.57386363636363},{"$f":"SUM(L26,K26,H26,F26,Equipment[[#This Row],[Field Parts ($/hr)]],Equipment[[#This Row],[Ground Engaging Component Cost ($/hr)]])","v":507.98386363636359},"-","-","-","-","-","-","-","-","-","-","-","-","-","-","-","-","-","-","-","-","-","-","-","-","-","-","-","-","-","-","-","-",50,"-","-","-","-","-","-",{"$f":"Equipment[[#This Row],[Heaped Capacity (cy)]]*Equipment[[#This Row],[Bucket Fill Factor]]","v":28.084999999999997},0.45,1.0249999999999999,"-",27.4,"-","-","-","-","-","-","-","-","-","-","-","-","-","Equipment Operator VI",27.700000000000003]
["Tc1","Deere 7430","Tractor",5.98,{"$f":"Equipment[[#This Row],[Fuel Consumption (gal/hr)]]*$C$52","v":13.9932},2.84,0.61,2.42,0,5210.05,2.5299999999999998,{"$f":"Equipment[[#This Row],[Monthly Rental Rate ($/month)]]/176","v":29.602556818181821},{"$f":"SUM(L27,K27,H27,F27,Equipment[[#This Row],[Field Parts ($/hr)]],Equipment[[#This Row],[Ground Engaging Component Cost ($/hr)]])","v":38.002556818181816},"-","-","-","-","-","-","-","-","-","-","-","-","-","-","-","-","-","-","-","-","-","-",3,{"$f":"Equipment[[#This Row],[Loaded Speed (mph)4]]","v":3},"-","-","-","-","-","-","-","-",50,12,"-","-","-","-","-","-","-","-","-","-","-","-","-","-","-","-","-","-","-","-","-","-","-","Truck Driver III",24.27]
["Tk1","Komatsu HD-1500 5","Truck",28.12,{"$f":"Equipment[[#This Row],[Fuel Consumption (gal/hr)]]*$C$52","v":65.800799999999995},19.899999999999999,1.79,25.19,0,25211.93,7.47,{"$f":"Equipment[[#This Row],[Monthly Rental Rate ($/month)]]/176","v":143.24960227272729},{"$f":"SUM(L28,K28,H28,F28,Equipment[[#This Row],[Field Parts ($/hr)]],Equipment[[#This Row],[Ground Engaging Component Cost ($/hr)]])","v":197.59960227272728},"-","-",4.4939999999999998,-2.4571000000000001,0.63190000000000002,-5.1000000000000004E-3,1.1000000000000001E-3,0,-0.25609999999999999,0.1351,-4.0000000000000002E-4,1E-3,0,0,8.5599999999999996E-2,1.35E-2,8.9999999999999998E-4,0,0,0,1.43E-2,5.0000000000000001E-4,35.1,{"$f":"Equipment[[#This Row],[Loaded Speed (mph)4]]","v":35.1},"-","-","-","-","-","-","-","-",50,"-","-","-","-","-","-","-","-","-",71,102,"-","-","-","-",2.5000000000000001E-2,0.7,1.1000000000000001,"-","-","-","-","-","-","Truck Driver III",{"$f":"VLOOKUP(BS28,$B$62:$C$67,2)","v":24.27}]
["Tk2","Cat 769D","Truck",9.74,{"$f":"Equipment[[#This Row],[Fuel Consumption (gal/hr)]]*$C$52","v":22.791599999999999},8.77,1.48,13.72,0,14042.5,4.25,{"$f":"Equipment[[#This Row],[Monthly Rental Rate ($/month)]]/176","v":79.786931818181813},{"$f":"SUM(L29,K29,H29,F29,Equipment[[#This Row],[Field Parts ($/hr)]],Equipment[[#This Row],[Ground Engaging Component Cost ($/hr)]])","v":108.00693181818181},"-","-",0.54290000000000005,-0.48699999999999999,0.18229999999999999,1.5100000000000001E-2,6.9999999999999999E-4,0,2.24E-2,-7.6E-3,1.41E-2,6.9999999999999999E-4,0,0,-8.0799999999999997E-2,0.42599999999999999,-8.0000000000000004E-4,5.6146000000000003,-3.6353,0.7823,-5.3499999999999999E-2,2E-3,47,{"$f":"Equipment[[#This Row],[Loaded Speed (mph)4]]","v":47},"-","-","-","-","-","-","-","-",50,"-","-","-","-","-","-","-","-","-",22.2,31.7,"-","-","-","-",2.5000000000000001E-2,0.7,1.1000000000000001,"-","-","-","-","-","-","Truck Driver III",24.27]
["Tk3","Cat 725","Truck",6.02,{"$f":"Equipment[[#This Row],[Fuel Consumption (gal/hr)]]*$C$52","v":14.086799999999998},5.74,0.94,7.11,0,9849.6,3.36,{"$f":"Equipment[[#This Row],[Monthly Rental Rate ($/month)]]/176","v":55.963636363636368},{"$f":"SUM(L30,K30,H30,F30,Equipment[[#This Row],[Field Parts ($/hr)]],Equipment[[#This Row],[Ground Engaging Component Cost ($/hr)]])","v":73.11363636363636},"-","-",0.1363,0.1636,-0.04,3.4200000000000001E-2,8.9999999999999998E-4,0,-2.4E-2,3.09E-2,9.9000000000000008E-3,1E-3,0,2.5261999999999998,-0.75619999999999998,9.5000000000000001E-2,-2E-3,0,0,0,1.03E-2,8.9999999999999998E-4,34,{"$f":"Equipment[[#This Row],[Loaded Speed (mph)4]]","v":34},"-","-","-","-","-","-","-","-",50,"-","-","-","-","-","-","-","-","-",14.3,18.8,"-","-","-","-",2.5000000000000001E-2,0.7,1.1000000000000001,"-","-","-","-","-","-","Truck Driver III",24.27]
["Tk4","Komatsu 730E","Truck3",33.479999999999997,{"$f":"Equipment[[#This Row],[Fuel Consumption (gal/hr)]]*$C$52","v":78.343199999999982},20.49,1.8,21.21,0,29356.98,11.49,{"$f":"Equipment[[#This Row],[Monthly Rental Rate ($/month)]]/176","v":166.80102272727274},{"$f":"SUM(L31,K31,H31,F31,Equipment[[#This Row],[Field Parts ($/hr)]],Equipment[[#This Row],[Ground Engaging Component Cost ($/hr)]])","v":221.79102272727278},"-","-",7.5598999999999998,-2.7109999999999999,0.4209,5.0000000000000001E-3,1.1000000000000001E-3,0,-6.8900000000000003E-2,5.0099999999999999E-2,5.1999999999999998E-3,1E-3,0,-1.1878,0.32500000000000001,4.1999999999999997E-3,1E-3,-3.4906999999999999,2.4171,-0.55000000000000004,6.4299999999999996E-2,-1.1000000000000001E-3,35.5,{"$f":"Equipment[[#This Row],[Loaded Speed (mph)4]]","v":35.5},"-","-","-","-","-","-","-","-",50,"-","-","-","-","-","-","-","-","-",101,145,"-","-","-","-",2.5000000000000001E-2,0.7,1.1000000000000001,"-","-","-","-","-","-","Truck Driver III",24.27]
["Tw1","Off-Hwy Water Tanker Truck,6,000-gal.","WaterTruck",11.25,{"$f":"Equipment[[#This Row],[Fuel Consumption (gal/hr)]]*$C$52","v":26.324999999999999},6.15,1.48,6.42,0,8171.67,7.21,{"$f":"Equipment[[#This Row],[Monthly Rental Rate ($/month)]]/176","v":46.429943181818182},{"$f":"SUM(L32,K32,H32,F32,Equipment[[#This Row],[Field Parts ($/hr)]],Equipment[[#This Row],[Ground Engaging Component Cost ($/hr)]])","v":67.689943181818194},"-","-","-","-","-","-","-","-","-","-","-","-","-","-","-","-","-","-","-","-","-","-","-","-","-","-","-","-","-","-","-","-",50,"-","-","-","-","-","-","-","-","-","-","-","-","-","-","-","-","-","-","-","-","-","-","-","-","Truck Driver III",24.27]
["Tw2","Off-Hwy Water Tanker Truck,10,000-gal.","WaterTruck",15.43,{"$f":"Equipment[[#This Row],[Fuel Consumption (gal/hr)]]*$C$52","v":36.106199999999994},9.0399999999999991,2.4300000000000002,10.47,0,12949.87,10.3,{"$f":"Equipment[[#This Row],[Monthly Rental Rate ($/month)]]/176","v":73.578806818181818},{"$f":"SUM(L33,K33,H33,F33,Equipment[[#This Row],[Field Parts ($/hr)]],Equipment[[#This Row],[Ground Engaging Component Cost ($/hr)]])","v":105.81880681818183},"-","-","-","-","-","-","-","-","-","-","-","-","-","-","-","-","-","-","-","-","-","-","-","-","-","-","-","-","-","-","-","-",50,"-","-","-","-","-","-","-","-","-","-","-","-","-","-","-","-","-","-","-","-","-","-","-","-","Truck Driver III",{"$f":"VLOOKUP(BS33,$B$63:$C$68,2)","v":24.27}]
["X1","2 Deck Screening Plant (5X16, 48X60)","ScreenPlant",4.8499999999999996,{"$f":"Equipment[[#This Row],[Fuel Consumption (gal/hr)]]*$C$52","v":11.348999999999998},2.39,1.1499999999999999,0.4,0,5738.88,4.46,{"$f":"Equipment[[#This Row],[Monthly Rental Rate ($/month)]]/176","v":32.607272727272729},{"$f":"SUM(L34,K34,H34,F34,Equipment[[#This Row],[Field Parts ($/hr)]],Equipment[[#This Row],[Ground Engaging Component Cost ($/hr)]])","v":41.007272727272728},"-","-","-","-","-","-","-","-","-","-","-","-","-","-","-","-","-","-","-","-","-","-","-","-","-","-","-","-","-","-","-","-",50,"-","-","-","-","-","-","-","-","-","-","-","-","-","-","-","-","-","-","-","-","-","-","-","-","Laborer I",23.09]
["X2","3 Deck Screening Plant (5X16, 48X60)","ScreenPlant",4.8499999999999996,{"$f":"Equipment[[#This Row],[Fuel Consumption (gal/hr)]]*$C$52","v":11.348999999999998},2.4300000000000002,1.24,0.39,0,5994.24,4.62,{"$f":"Equipment[[#This Row],[Monthly Rental Rate ($/month)]]/176","v":34.058181818181815},{"$f":"SUM(L35,K35,H35,F35,Equipment[[#This Row],[Field Parts ($/hr)]],Equipment[[#This Row],[Ground Engaging Component Cost ($/hr)]])","v":42.738181818181815},"-","-","-","-","-","-","-","-","-","-","-","-","-","-","-","-","-","-","-","-","-","-","-","-","-","-","-","-","-","-","-","-",50,"-","-","-","-","-","-","-","-","-","-","-","-","-","-","-","-","-","-","-","-","-","-","-","-","Laborer I",23.09]
["X3","1 Deck Screening Plant (5X16, 48X60)","ScreenPlant",4.8499999999999996,{"$f":"Equipment[[#This Row],[Fuel Consumption (gal/hr)]]*$C$52","v":11.348999999999998},2.37,1.1399999999999999,0.39,0,5671.66,4.46,{"$f":"Equipment[[#This Row],[Monthly Rental Rate ($/month)]]/176","v":32.22534090909091},{"$f":"SUM(L36,K36,H36,F36,Equipment[[#This Row],[Field Parts ($/hr)]],Equipment[[#This Row],[Ground Engaging Component Cost ($/hr)]])","v":40.58534090909091},"-","-","-","-","-","-","-","-","-","-","-","-","-","-","-","-","-","-","-","-","-","-","-","-","-","-","-","-","-","-","-","-",50,"-","-","-","-","-","-","-","-","-","-","-","-","-","-","-","-","-","-","-","-","-","-","-","-","Laborer I",23.09]
["X4","3 Deck Screening Plant (5X16, 42X60)","ScreenPlant",4.8499999999999996,{"$f":"Equipment[[#This Row],[Fuel Consumption (gal/hr)]]*$C$52","v":11.348999999999998},2.38,1.1599999999999999,0.37,0,5743.36,4.62,{"$f":"Equipment[[#This Row],[Monthly Rental Rate ($/month)]]/176","v":32.632727272727273},{"$f":"SUM(L37,K37,H37,F37,Equipment[[#This Row],[Field Parts ($/hr)]],Equipment[[#This Row],[Ground Engaging Component Cost ($/hr)]])","v":41.162727272727267},"-","-","-","-","-","-","-","-","-","-","-","-","-","-","-","-","-","-","-","-","-","-","-","-","-","-","-","-","-","-","-","-",50,"-","-","-","-","-","-","-","-","-","-","-","-","-","-","-","-","-","-","-","-","-","-","-","-","Laborer I",23.09]
[]
[null,"NOTES"]
[null,"1 Loader Cycle Time = load, dump, and maneuver time"]
[null,"2 Performance information is unavailable for the Hitachi EX3600-5; therefore, performance information for the Caterpillar 5230B FS has been used"]
[null,"3 Performance information is unavailable for the Komatsu 730E; therefore, performance information for the Caterpillar 789D has been used"]
[null,"4 Maximum loaded speed listed for trucks and scrapers"]
[null,"5 Equipment costs use 176 max work hours per month (from Bluebook)"]
[null,"6 Fuel consumption assumed to be the same for the D11T and D11T CD (fuel consumption information unavailble for the D11T CD in EquipmentWatch)"]
[]
[null,"Not all equipment is used in this RCE.  Extra equiment is kept for alternatives and testing purposes and to maintain spreadsheet integrity"]
[]
[]
[null,"FUEL"]
[null,null,null,"Reference"]
[null,"Earthwork Oil Broker Quote ($/gal)",{"$f":"'Unit Rates'!C11","v":2.34},2]
[]
[]
[]
[null,"EARTHWORK AND O&M LABOR"]
[null,null,"Total 2019"]
[null,"NMDOL Type A","Rate"]
[null,"Operator Group","($/hr)","Reference"]
[null,"Equipment Operator IV",{"$f":"20.87+5.94+0.6","v":27.410000000000004},3]
[null,"Equipment Operator V",{"$f":"20.98+5.94+0.6","v":27.520000000000003},3]
[null,"Equipment Operator VI",{"$f":"21.16+5.94+0.6","v":27.700000000000003},3]
[null,"Laborer I",{"$f":"16.86+5.63+0.6","v":23.09},3]
[null,"Laborer II",{"$f":"17.61+5.63+0.6","v":23.84},3]
[null,"Truck Driver III",{"$f":"16.15+7.52+0.6","v":24.27},3]
[]
[]
[]
[]
[null,"Equipment costs use 176 max work hours per month (from Bluebook)"]
[]
[null,"References"]
[null,"1.  Equipment unit rates from EquipmentWatch Custom Cost Evaluator January 2019 (http://www.equipmentwatch.com). See attachments for rate development. Excavator capacity and maximum reach at ground level from EquipmentWatch."]
[null,"2. Diesel fuel cost is estimated based on a predictive equation developed by correlating U.S. No. 2 diesel retail prices (U.S. Energy Information Administration) and FMI local fuel quotes, as agreed upon in November 2018 discussions with the agencies. The correlation is based on a dataset for the period from 1995-2018. Fuel cost includes direct and indirect costs at $2.34/gal. "]
[null,"3. Labor rates based on New Mexico Department of Labor (NMDOL) Type H (Heavy Engineering) 2019 labor rates.  Rates include base hourly wage, fringe benefit, and apprenticeship contribution rates."]
[null,"https://www.dws.state.nm.us/Portals/0/DM/LaborRelations/Prevailing_Wage_Poster_H_2019_final.pdf"]
[null,"4. Production and Haul rates from Caterpillar Performance Handbook; Equipment paramters from Caterpillar Performance Handbook "]

{"sheet":"2   Demo","index":5,"n_rows":41,"n_cols":9,"rows_kept":41,"cut":false,"hidden":false,"merged":[]}
[null,null,null,null,null,null,null,null,{"$f":"'1 General'!C1","v":"Tyrone Mine"}]
[null,null,null,null,null,null,null,null,"Stockpile Spreadsheet Worksheet #2"]
["Demolition",null,null,null,null,null,null,null,{"$f":"'1 General'!C3","v":43950}]
[]
["Building Demolition costs are calculated in \"1 BuildingDemo\", \"2 BuildingCover\", \"3 BuildingVeg\", and \"4BuildingWaste\" and summarized on the last line of this table.  "]
[]
[]
[]
[]
["Item","Activity","Quantity","Unit","Unit Cost ($/unit)","Direct Item Cost ($)","Reference","Means Line Item","Description"]
["Powerline Demolition (3 PLS to 1x1 Pond installed 2012)","-",10300,"ft",{"$f":"'Unit Rates'!C25","v":0.63},{"$f":"Demo[[#This Row],[Quantity]]*Demo[[#This Row],[Unit Cost ($/unit)]]","v":6489},"Means",{"$f":"'Unit Rates'!F25","v":"Means Line Item 260505.10 0370"},"Nonmetallic sheathed cable 3 wire; assume similar enough in cost to overhead power lines."]
["Power pole Demolition  (3 PLS to 1x1 Pond installed 2012)","-",36,"ea",{"$f":"'Unit Rates'!C26","v":216.24},{"$f":"Demo[[#This Row],[Quantity]]*Demo[[#This Row],[Unit Cost ($/unit)]]","v":7784.64},"Means",{"$f":"'Unit Rates'!F26","v":"Means Line Item 024113.80 0200"},"wood utility poles 35-45 feet high"]
["Powerline Demolition (San Salvador Pit)","-",5222,"ft",{"$f":"'Unit Rates'!C25","v":0.63},{"$f":"Demo[[#This Row],[Quantity]]*Demo[[#This Row],[Unit Cost ($/unit)]]","v":3289.86},"Means",{"$f":"'Unit Rates'!F25","v":"Means Line Item 260505.10 0370"},"Nonmetallic sheathed cable 3 wire; assume similar enough in cost to overhead power lines."]
["Power pole Demolition  (San Salvador Pit)","-",{"$f":"ROUND(C13/300,0)","v":17},"ea",{"$f":"'Unit Rates'!C26","v":216.24},{"$f":"Demo[[#This Row],[Quantity]]*Demo[[#This Row],[Unit Cost ($/unit)]]","v":3676.08},"Means",{"$f":"'Unit Rates'!F26","v":"Means Line Item 024113.80 0200"},"wood utility poles 35-45 feet high"]
["Powerlines to substations or spurs for buildings to be demolished ","-",66200,"ft",{"$f":"'Unit Rates'!C25","v":0.63},{"$f":"Demo[[#This Row],[Quantity]]*Demo[[#This Row],[Unit Cost ($/unit)]]","v":41706},"Means",{"$f":"'Unit Rates'!F25","v":"Means Line Item 260505.10 0370"},"Nonmetallic sheathed cable 3 wire; assume similar enough in cost to overhead power lines."]
["Power Poles to substations or spurs for buildings to be demolished ","-",135,"ea",{"$f":"'Unit Rates'!C26","v":216.24},{"$f":"Demo[[#This Row],[Quantity]]*Demo[[#This Row],[Unit Cost ($/unit)]]","v":29192.400000000001},"Means",{"$f":"'Unit Rates'!F26","v":"Means Line Item 024113.80 0200"},"wood utility poles 35-45 feet high"]
["Telephone Lines around buildings to be demolished ","-",1400,"ft",{"$f":"'Unit Rates'!C25","v":0.63},{"$f":"Demo[[#This Row],[Quantity]]*Demo[[#This Row],[Unit Cost ($/unit)]]","v":882},"Means",{"$f":"'Unit Rates'!F25","v":"Means Line Item 260505.10 0370"},"Nonmetallic sheathed cable 3 wire; assume similar enough in cost to overhead power lines."]
["Light Poles around to be demolished buildings ","-",13,"ea",{"$f":"'Unit Rates'!C26","v":216.24},{"$f":"Demo[[#This Row],[Quantity]]*Demo[[#This Row],[Unit Cost ($/unit)]]","v":2811.12},"Means",{"$f":"'Unit Rates'!F26","v":"Means Line Item 024113.80 0200"},"wood utility poles 35-45 feet high"]
["Fire Hydrants Mainly by SX/EW Plant","-",14,"ea",{"$f":"'Unit Rates'!C43","v":396.73},{"$f":"Demo[[#This Row],[Quantity]]*Demo[[#This Row],[Unit Cost ($/unit)]]","v":5554.22},"Means",{"$f":"'Unit Rates'!F43","v":"Means Line Item 024113.33 0900"},"Minor Site Demolition; remove fire hydrants"]
["Little Rock Dewatering Pipeline Alighnment #1 and #2 (Year 34 of Closure)","6\"-8\" Diameter Plastic",{"$f":"3640+1300","v":4940},"ft",{"$f":"'6\"-8\" Pipeline_UC'!$D$38","v":1.8800500495385257},{"$f":"Demo[[#This Row],[Quantity]]*Demo[[#This Row],[Unit Cost ($/unit)]]","v":9287.447244720317},"-","-","See Pipeline UC"]
["Water Treatment Pipelines (Year 99 of Closure)","assume 20-36-inch diameter",74500,"ft",{"$f":"'20\"-36\" Pipeline_UC'!$D$38","v":4.5773815977309891},{"$f":"Demo[[#This Row],[Quantity]]*Demo[[#This Row],[Unit Cost ($/unit)]]","v":341014.92903095868},"-","-","See Pipeline UC"]
["Sewer Pipelines (Year 6 of Closure)","assume 20-36-inch diameter",1414,"ft",{"$f":"'20\"-36\" Pipeline_UC'!$D$38","v":4.5773815977309891},{"$f":"Demo[[#This Row],[Quantity]]*Demo[[#This Row],[Unit Cost ($/unit)]]","v":6472.4175791916186},"-","-","See Pipeline UC"]
["PLS Pipelines (Year 6 of Closure)","assume 20-36-inch diameter",{"$f":"11342+6499+1052","v":18893},"ft",{"$f":"'20\"-36\" Pipeline_UC'!$D$38","v":4.5773815977309891},{"$f":"Demo[[#This Row],[Quantity]]*Demo[[#This Row],[Unit Cost ($/unit)]]","v":86480.470525931582},"-","-","See Pipeline UC"]
["2A East PLS Tank and 2A West PLS Tank (Year 6 of Closure)","Tank Demolition",2,"ea",{"$f":"'Unit Rates'!C24","v":3934.8},{"$f":"Demo[[#This Row],[Quantity]]*Demo[[#This Row],[Unit Cost ($/unit)]]","v":7869.6},"Means",{"$f":"'Unit Rates'!F24","v":"Scaled Means Items"},"Storage Tanks, steel tank, single wall, above ground, not incl fdn, pumps or piping, 15,000 thru 30,000; scaled for a 45,500 gal tank - assuming 22 ft diameter and 16 ft high"]
["1A and 1B PLS Tanks (Year 99 of Closure)","Tank Demolition",2,"ea",{"$f":"'Unit Rates'!C24","v":3934.8},{"$f":"Demo[[#This Row],[Quantity]]*Demo[[#This Row],[Unit Cost ($/unit)]]","v":7869.6},"Means",{"$f":"'Unit Rates'!F24","v":"Scaled Means Items"},"Storage Tanks, steel tank, single wall, above ground, not incl fdn, pumps or piping, 15,000 thru 30,000 gal; scaled for a 45,500 gal tank - assuming 22 ft diameter and 16 ft high"]
["Culverts at Tailing Launder Line","Culvert Removal",22,"ea",{"$f":"'Unit Rates'!C45","v":12.69},{"$f":"Demo[[#This Row],[Quantity]]*Demo[[#This Row],[Unit Cost ($/unit)]]","v":279.18},"Means",{"$f":"'Unit Rates'!F45","v":"Means Line Item 024113.40 0190"},{"$f":"'Unit Rates'!G45","v":"Selective demolition, metal drainage piping, CMP, steel, 48\"-60\", diameter, excludes excavation"}]
["Steel Trestle at Tailing Launder Line","Steel Trestle Demo",1,"ea",{"$f":"'Unit Rates'!C47","v":30689.1},{"$f":"Demo[[#This Row],[Quantity]]*Demo[[#This Row],[Unit Cost ($/unit)]]","v":30689.1},"-","-",{"$f":"'Unit Rates'!G47","v":"Bridge demolition, pedestrian, steel, 50' to 160' long, 8' to 10' wide; see unit rates calculations"}]
["Substation Removal at Reclaimed 1 Tailing Impoundment Reclaim Water Pumphouse Station","Substation Demo",2,"ea",{"$f":"'Unit Rates'!C49","v":12470.55},{"$f":"Demo[[#This Row],[Quantity]]*Demo[[#This Row],[Unit Cost ($/unit)]]","v":24941.1},"-","-","See Substation Demo UC"]
["Install pump, dewater, and cover Former Tailing Thickener","Dewater Former Tailing Thickener",1,"ea",{"$f":"'Unit Rates'!C64","v":213813.85408475777},{"$f":"Demo[[#This Row],[Quantity]]*Demo[[#This Row],[Unit Cost ($/unit)]]","v":213813.85408475777},null,null,"See Thickener Dewater UC"]
["Buildings and Associated Facilities","Demolition","See Demo Sheets","-","-",{"$f":"'5 BuildingSum'!D13","v":4442379.1892145602},"-","-","-"]
[]
[]
[null,null,null,null,"Total Direct Cost:",{"$f":"SUM(F11:F30)","v":5272482.2076801201}]
[]
[]
[]
[]
[]
[]
[]
["Data Sources:"]

{"sheet":"3   Material","index":6,"n_rows":330,"n_cols":11,"rows_kept":330,"cut":false,"hidden":false,"merged":[[6,5,6,6],[3,5,3,6]]}
[null,null,null,null,null,null,null,null,null,null,{"$f":"'1 General'!C1","v":"Tyrone Mine"}]
[null,null,null,null,null,null,null,null,null,null,"Stockpile Spreadsheet Worksheet #3"]
[null,null,null,null,null,"Material Handling Plan Summary Sheet",null,null,null,null,{"$f":"'1 General'!$C$3","v":43950}]
[null,null,null,null,null,"All activities for the Tyrone RCE are listed on this sheet and carried through the succeeding worksheets of the RCE. The column labeled ID contains the codes for the facility location, activity, material and equipment used for that particular row of work. The description lists the activity, top or outslope (if applicable), and the material. The source location lists the stockpile name (or sub-area) for the location of the activity. If borrow material is involved, it is transported from a borrow stockpile to a destination stockpile. Blank cells indicate that that column is not relevant to a particular activity. "]
[]
[null,null,null,null,null,"Notes and Assumptions:"]
[null,null,null,null,null,"  1 - Haul/Push Distance based on 2015 Tyrone RCE Submittal or measured/assumed as shown in documentation\n  2 - Weighted Average Haul Grades based on 2015 Tyrone RCE Submittal\n  3 - Grade Factors from 2015 Tyrone RCE Submittal"]
[]
[]
[]
[]
[]
[]
["Item","Activity","Material","Eq","ID","Description","Source Location 1","Destination Location 2","Total Haul/Push Distance (ft)1","Grade (%)2,3","Equipment"]
[{"$f":"Quantities!A81","v":3401},"M","e","U",{"$f":"CONCATENATE(TEXT(A15,\"0\"),\"-\",B15,\"-\",C15,\"-\",D15)","v":"3401-M-e-U"},{"$f":"IF(D15=\"Comb1\",CONCATENATE(VLOOKUP(B15,'Activity-Material_Codes'!$A$2:$B$26,Quantities!$B$2),\"-\",VLOOKUP(A15,Quantities[],Quantities!$D$2)),\nCONCATENATE(\nVLOOKUP(B15,'Activity-Material_Codes'!$A$2:$B$26,Quantities!$B$2),\nIF(AND(B15=\"B\",C15=\"a\"), \" Scraper Grading\", \"\"),\nIF(C15=\"b\",\"\",\"-\"),\nIF(C15=\"b\",\"\",VLOOKUP(A15,Quantities[],Quantities!$D$2)),\nIF(LEFT(TEXT(A15,\"0\"),1)=\"5\",\"\",\"-\"),\nIF(LEFT(TEXT(A15,\"0\"),1)=\"5\",\"\",VLOOKUP(C15,'Activity-Material_Codes'!$A$30:$B$36,Quantities!$B$2))\n))","v":"Post-Closure O&M-Mining Area-Final Grade"},{"$f":"CONCATENATE(\nIF(OR(RIGHT(TEXT($A15,\"0\"),Quantities!$B$2)=\"00\",LEFT(TEXT($A15,\"0\"),1)=\"5\",OR($C15=\"b\",$C15=\"f\")),\"\",VLOOKUP($A15,Quantities[],Quantities!$B$2)),\nIF(LEFT(TEXT($A15,\"0\"),1)=\"5\",\"\",\" \"),\nIF(OR(C15=\"a\",C15=\"c\",C15=\"d\",C15=\"e\"),IF(OR(RIGHT(TEXT($A15,\"0\"),Quantities!$B$2)=\"00\",LEFT(TEXT($A15,\"0\"),1)=\"5\"),VLOOKUP($A15,Quantities[],Quantities!$B$2),\"\"),\nIF(LEFT(TEXT($A15,\"0\"),1)=\"5\",VLOOKUP($A15,Quantities[],Quantities!$B$2),\nVLOOKUP(INDEX(Quantities!$A$100:$A$118,MATCH($A15,Quantities!$C$100:$C$118)),Quantities!$A$100:$B$118,Quantities!$B$2))))","v":"Reclaimed 1C Waste Stockpile "},{"$f":"IF(LEFT(TEXT(A15,\"0\"),1)=\"5\",\nVLOOKUP(VLOOKUP(A15,Quantities!$A$4:$D$118,Quantities!$C$2),Quantities!$A$4:$D$118,Quantities!$C$2),\nIF(OR(C15=\"a\",C15=\"c\",C15=\"d\",C15=\"e\"),\n\"-\",\nIF(RIGHT(TEXT(A15,\"0\"),2)=\"00\",VLOOKUP(A15,Quantities[],Quantities!$B$2),\nIF(C15=\"f\",VLOOKUP(A15,Quantities[],Quantities!$B$2),\nVLOOKUP(A15,Quantities[],Quantities!$C$2))\n)))","v":"-"},{"$f":"IF(OR(AND(LEFT(D15,2)=\"Sc\",B15=\"A\",C15=\"d\"),AND(C15=\"f\",B15=\"D\")),\nSUM(VLOOKUP($A15,Quantities[],Quantities!$O$2),VLOOKUP($A15,Quantities[],Quantities!$Q$2),VLOOKUP($A15,Quantities[],Quantities!$S$2)),\n\nIF(AND(LEFT(D15,2)=\"Sc\",OR(C15=\"a\",C15=\"f\")),\nVLOOKUP(A15,Quantities[],Quantities!$I$2),\n\nIF(AND(B15=\"D\",C15=\"b\"),\n VLOOKUP(INDEX(Quantities!$A$100:$A$118,MATCH($A15,Quantities!$C$100:$C$118)),Quantities!$A$100:$AJ$118,Quantities!$O$2)+\nVLOOKUP(INDEX(Quantities!$A$100:$A$118,MATCH($A15,Quantities!$C$100:$C$118)),Quantities!$A$100:$AJ$118,Quantities!$Q$2)+\nVLOOKUP(INDEX(Quantities!$A$100:$A$118,MATCH($A15,Quantities!$C$100:$C$118)),Quantities!$A$100:$AJ$118,Quantities!$S$2),\n\nIF(OR(B15=\"D\",B15=\"Q\"),\nSUM(VLOOKUP($A15,Quantities[],Quantities!$O$2),VLOOKUP($A15,Quantities[],Quantities!$Q$2),VLOOKUP($A15,Quantities[],Quantities!$S$2)),\n\n VLOOKUP(A15,Quantities[],Quantities!$G$2)\n))))","v":0},{"$f":"IF(LEFT(D15,2)=\"Mg\", VLOOKUP(A15,Quantities[],Quantities!$H$2),\n\nIF(OR(AND(LEFT(D15,2)=\"Sc\",B15=\"A\",C15=\"d\",C15=\"f\")),\n(SUM(VLOOKUP($A15,Quantities[],Quantities!$P$2)*VLOOKUP($A15,Quantities[],Quantities!$O$2),VLOOKUP($A15,Quantities[],Quantities!$R$2)*VLOOKUP($A15,Quantities[],Quantities!$Q$2),VLOOKUP($A15,Quantities[],Quantities!$T$2)*VLOOKUP($A15,Quantities[],Quantities!$S$2)))/SUM(VLOOKUP($A15,Quantities[],Quantities!$O$2),VLOOKUP($A15,Quantities[],Quantities!$Q$2),VLOOKUP($A15,Quantities[],Quantities!$S$2)),\n\nIF(AND(LEFT(D15,2)=\"Sc\",OR(C15=\"a\",C15=\"f\")),\nVLOOKUP(A15,Quantities[],Quantities!$J$2),\n\nIF(AND(B15=\"D\",C15=\"b\", (VLOOKUP(INDEX(Quantities!$A$100:$A$118,MATCH($A15,Quantities!$C$100:$C$118)),Quantities[],Quantities!$O$2)+VLOOKUP(INDEX(Quantities!$A$100:$A$118,MATCH($A15,Quantities!$C$100:$C$118)),Quantities[],Quantities!$Q$2)+VLOOKUP(INDEX(Quantities!$A$100:$A$118,MATCH($A15,Quantities!$C$100:$C$118)),Quantities[],Quantities!$S$2))>0),\n(VLOOKUP(INDEX(Quantities!$A$100:$A$118,MATCH($A15,Quantities!$C$100:$C$118)),Quantities[],Quantities!$P$2)*VLOOKUP(INDEX(Quantities!$A$100:$A$118,MATCH($A15,Quantities!$C$100:$C$118)),Quantities[],Quantities!$O$2)\n+VLOOKUP(INDEX(Quantities!$A$100:$A$118,MATCH($A15,Quantities!$C$100:$C$118)),Quantities[],Quantities!$R$2)*VLOOKUP(INDEX(Quantities!$A$100:$A$118,MATCH($A15,Quantities!$C$100:$C$118)),Quantities[],Quantities!$Q$2)\n+VLOOKUP(INDEX(Quantities!$A$100:$A$118,MATCH($A15,Quantities!$C$100:$C$118)),Quantities[],Quantities!$T$2)*VLOOKUP(INDEX(Quantities!$A$100:$A$118,MATCH($A15,Quantities!$C$100:$C$118)),Quantities[],Quantities!$S$2))/\n(VLOOKUP(INDEX(Quantities!$A$100:$A$118,MATCH($A15,Quantities!$C$100:$C$118)),Quantities[],Quantities!$O$2)+VLOOKUP(INDEX(Quantities!$A$100:$A$118,MATCH($A15,Quantities!$C$100:$C$118)),Quantities[],Quantities!$Q$2)+VLOOKUP(A15,Quantities[],Quantities!$S$2)),\n\nIF(AND(B15=\"D\", (VLOOKUP(A15,Quantities[],Quantities!$O$2)+VLOOKUP(A15,Quantities[],Quantities!$Q$2)+VLOOKUP(A15,Quantities[],Quantities!$S$2))>0),\n(VLOOKUP(A15,Quantities[],Quantities!$P$2)*VLOOKUP(A15,Quantities[],Quantities!$O$2)\n+VLOOKUP(A15,Quantities[],Quantities!$R$2)*VLOOKUP(A15,Quantities[],Quantities!$Q$2)\n+VLOOKUP(A15,Quantities[],Quantities!$T$2)*VLOOKUP(A15,Quantities[],Quantities!$S$2))/\n(VLOOKUP(A15,Quantities[],Quantities!$O$2)+VLOOKUP(A15,Quantities[],Quantities!$Q$2)+VLOOKUP(A15,Quantities[],Quantities!$S$2)),\n\nIF($B15=\"Q\", (SUM(VLOOKUP($A15,Quantities[],Quantities!$P$2)*VLOOKUP($A15,Quantities[],Quantities!$O$2),VLOOKUP($A15,Quantities[],Quantities!$R$2)*VLOOKUP($A15,Quantities[],Quantities!$Q$2),VLOOKUP($A15,Quantities[],Quantities!$T$2)*VLOOKUP($A15,Quantities[],Quantities!$S$2)))/SUM(VLOOKUP($A15,Quantities[],Quantities!$O$2),VLOOKUP($A15,Quantities[],Quantities!$Q$2),VLOOKUP($A15,Quantities[],Quantities!$S$2)),\n\n VLOOKUP(A15,Quantities[],Quantities!$H$2)\n))))))","v":"-"},{"$f":"IF(LEFT(D15,1)=\"U\",\"-\",VLOOKUP(D15,Equipment[],Equipment!$B$2))","v":"-"}]
[{"$f":"Quantities!A82","v":3402},"M","e","U",{"$f":"CONCATENATE(TEXT(A16,\"0\"),\"-\",B16,\"-\",C16,\"-\",D16)","v":"3402-M-e-U"},{"$f":"IF(D16=\"Comb1\",CONCATENATE(VLOOKUP(B16,'Activity-Material_Codes'!$A$2:$B$26,Quantities!$B$2),\"-\",VLOOKUP(A16,Quantities[],Quantities!$D$2)),\nCONCATENATE(\nVLOOKUP(B16,'Activity-Material_Codes'!$A$2:$B$26,Quantities!$B$2),\nIF(AND(B16=\"B\",C16=\"a\"), \" Scraper Grading\", \"\"),\nIF(C16=\"b\",\"\",\"-\"),\nIF(C16=\"b\",\"\",VLOOKUP(A16,Quantities[],Quantities!$D$2)),\nIF(LEFT(TEXT(A16,\"0\"),1)=\"5\",\"\",\"-\"),\nIF(LEFT(TEXT(A16,\"0\"),1)=\"5\",\"\",VLOOKUP(C16,'Activity-Material_Codes'!$A$30:$B$36,Quantities!$B$2))\n))","v":"Post-Closure O&M-Mining Area-Final Grade"},{"$f":"CONCATENATE(\nIF(OR(RIGHT(TEXT($A16,\"0\"),Quantities!$B$2)=\"00\",LEFT(TEXT($A16,\"0\"),1)=\"5\",OR($C16=\"b\",$C16=\"f\")),\"\",VLOOKUP($A16,Quantities[],Quantities!$B$2)),\nIF(LEFT(TEXT($A16,\"0\"),1)=\"5\",\"\",\" \"),\nIF(OR(C16=\"a\",C16=\"c\",C16=\"d\",C16=\"e\"),IF(OR(RIGHT(TEXT($A16,\"0\"),Quantities!$B$2)=\"00\",LEFT(TEXT($A16,\"0\"),1)=\"5\"),VLOOKUP($A16,Quantities[],Quantities!$B$2),\"\"),\nIF(LEFT(TEXT($A16,\"0\"),1)=\"5\",VLOOKUP($A16,Quantities[],Quantities!$B$2),\nVLOOKUP(INDEX(Quantities!$A$100:$A$118,MATCH($A16,Quantities!$C$100:$C$118)),Quantities!$A$100:$B$118,Quantities!$B$2))))","v":"Reclaimed 1C Waste Stockpile "},{"$f":"IF(LEFT(TEXT(A16,\"0\"),1)=\"5\",\nVLOOKUP(VLOOKUP(A16,Quantities!$A$4:$D$118,Quantities!$C$2),Quantities!$A$4:$D$118,Quantities!$C$2),\nIF(OR(C16=\"a\",C16=\"c\",C16=\"d\",C16=\"e\"),\n\"-\",\nIF(RIGHT(TEXT(A16,\"0\"),2)=\"00\",VLOOKUP(A16,Quantities[],Quantities!$B$2),\nIF(C16=\"f\",VLOOKUP(A16,Quantities[],Quantities!$B$2),\nVLOOKUP(A16,Quantities[],Quantities!$C$2))\n)))","v":"-"},{"$f":"IF(OR(AND(LEFT(D16,2)=\"Sc\",B16=\"A\",C16=\"d\"),AND(C16=\"f\",B16=\"D\")),\nSUM(VLOOKUP($A16,Quantities[],Quantities!$O$2),VLOOKUP($A16,Quantities[],Quantities!$Q$2),VLOOKUP($A16,Quantities[],Quantities!$S$2)),\n\nIF(AND(LEFT(D16,2)=\"Sc\",OR(C16=\"a\",C16=\"f\")),\nVLOOKUP(A16,Quantities[],Quantities!$I$2),\n\nIF(AND(B16=\"D\",C16=\"b\"),\n VLOOKUP(INDEX(Quantities!$A$100:$A$118,MATCH($A16,Quantities!$C$100:$C$118)),Quantities!$A$100:$AJ$118,Quantities!$O$2)+\nVLOOKUP(INDEX(Quantities!$A$100:$A$118,MATCH($A16,Quantities!$C$100:$C$118)),Quantities!$A$100:$AJ$118,Quantities!$Q$2)+\nVLOOKUP(INDEX(Quantities!$A$100:$A$118,MATCH($A16,Quantities!$C$100:$C$118)),Quantities!$A$100:$AJ$118,Quantities!$S$2),\n\nIF(OR(B16=\"D\",B16=\"Q\"),\nSUM(VLOOKUP($A16,Quantities[],Quantities!$O$2),VLOOKUP($A16,Quantities[],Quantities!$Q$2),VLOOKUP($A16,Quantities[],Quantities!$S$2)),\n\n VLOOKUP(A16,Quantities[],Quantities!$G$2)\n))))","v":0},{"$f":"IF(LEFT(D16,2)=\"Mg\", VLOOKUP(A16,Quantities[],Quantities!$H$2),\n\nIF(OR(AND(LEFT(D16,2)=\"Sc\",B16=\"A\",C16=\"d\",C16=\"f\")),\n(SUM(VLOOKUP($A16,Quantities[],Quantities!$P$2)*VLOOKUP($A16,Quantities[],Quantities!$O$2),VLOOKUP($A16,Quantities[],Quantities!$R$2)*VLOOKUP($A16,Quantities[],Quantities!$Q$2),VLOOKUP($A16,Quantities[],Quantities!$T$2)*VLOOKUP($A16,Quantities[],Quantities!$S$2)))/SUM(VLOOKUP($A16,Quantities[],Quantities!$O$2),VLOOKUP($A16,Quantities[],Quantities!$Q$2),VLOOKUP($A16,Quantities[],Quantities!$S$2)),\n\nIF(AND(LEFT(D16,2)=\"Sc\",OR(C16=\"a\",C16=\"f\")),\nVLOOKUP(A16,Quantities[],Quantities!$J$2),\n\nIF(AND(B16=\"D\",C16=\"b\", (VLOOKUP(INDEX(Quantities!$A$100:$A$118,MATCH($A16,Quantities!$C$100:$C$118)),Quantities[],Quantities!$O$2)+VLOOKUP(INDEX(Quantities!$A$100:$A$118,MATCH($A16,Quantities!$C$100:$C$118)),Quantities[],Quantities!$Q$2)+VLOOKUP(INDEX(Quantities!$A$100:$A$118,MATCH($A16,Quantities!$C$100:$C$118)),Quantities[],Quantities!$S$2))>0),\n(VLOOKUP(INDEX(Quantities!$A$100:$A$118,MATCH($A16,Quantities!$C$100:$C$118)),Quantities[],Quantities!$P$2)*VLOOKUP(INDEX(Quantities!$A$100:$A$118,MATCH($A16,Quantities!$C$100:$C$118)),Quantities[],Quantities!$O$2)\n+VLOOKUP(INDEX(Quantities!$A$100:$A$118,MATCH($A16,Quantities!$C$100:$C$118)),Quantities[],Quantities!$R$2)*VLOOKUP(INDEX(Quantities!$A$100:$A$118,MATCH($A16,Quantities!$C$100:$C$118)),Quantities[],Quantities!$Q$2)\n+VLOOKUP(INDEX(Quantities!$A$100:$A$118,MATCH($A16,Quantities!$C$100:$C$118)),Quantities[],Quantities!$T$2)*VLOOKUP(INDEX(Quantities!$A$100:$A$118,MATCH($A16,Quantities!$C$100:$C$118)),Quantities[],Quantities!$S$2))/\n(VLOOKUP(INDEX(Quantities!$A$100:$A$118,MATCH($A16,Quantities!$C$100:$C$118)),Quantities[],Quantities!$O$2)+VLOOKUP(INDEX(Quantities!$A$100:$A$118,MATCH($A16,Quantities!$C$100:$C$118)),Quantities[],Quantities!$Q$2)+VLOOKUP(A16,Quantities[],Quantities!$S$2)),\n\nIF(AND(B16=\"D\", (VLOOKUP(A16,Quantities[],Quantities!$O$2)+VLOOKUP(A16,Quantities[],Quantities!$Q$2)+VLOOKUP(A16,Quantities[],Quantities!$S$2))>0),\n(VLOOKUP(A16,Quantities[],Quantities!$P$2)*VLOOKUP(A16,Quantities[],Quantities!$O$2)\n+VLOOKUP(A16,Quantities[],Quantities!$R$2)*VLOOKUP(A16,Quantities[],Quantities!$Q$2)\n+VLOOKUP(A16,Quantities[],Quantities!$T$2)*VLOOKUP(A16,Quantities[],Quantities!$S$2))/\n(VLOOKUP(A16,Quantities[],Quantities!$O$2)+VLOOKUP(A16,Quantities[],Quantities!$Q$2)+VLOOKUP(A16,Quantities[],Quantities!$S$2)),\n\nIF($B16=\"Q\", (SUM(VLOOKUP($A16,Quantities[],Quantities!$P$2)*VLOOKUP($A16,Quantities[],Quantities!$O$2),VLOOKUP($A16,Quantities[],Quantities!$R$2)*VLOOKUP($A16,Quantities[],Quantities!$Q$2),VLOOKUP($A16,Quantities[],Quantities!$T$2)*VLOOKUP($A16,Quantities[],Quantities!$S$2)))/SUM(VLOOKUP($A16,Quantities[],Quantities!$O$2),VLOOKUP($A16,Quantities[],Quantities!$Q$2),VLOOKUP($A16,Quantities[],Quantities!$S$2)),\n\n VLOOKUP(A16,Quantities[],Quantities!$H$2)\n))))))","v":"-"},{"$f":"IF(LEFT(D16,1)=\"U\",\"-\",VLOOKUP(D16,Equipment[],Equipment!$B$2))","v":"-"}]
[{"$f":"Quantities!A83","v":3403},"M","e","U","3403-M-e-U",{"$f":"IF(D17=\"Comb1\",CONCATENATE(VLOOKUP(B17,'Activity-Material_Codes'!$A$2:$B$26,Quantities!$B$2),\"-\",VLOOKUP(A17,Quantities[],Quantities!$D$2)),\nCONCATENATE(\nVLOOKUP(B17,'Activity-Material_Codes'!$A$2:$B$26,Quantities!$B$2),\nIF(AND(B17=\"B\",C17=\"a\"), \" Scraper Grading\", \"\"),\nIF(C17=\"b\",\"\",\"-\"),\nIF(C17=\"b\",\"\",VLOOKUP(A17,Quantities[],Quantities!$D$2)),\nIF(LEFT(TEXT(A17,\"0\"),1)=\"5\",\"\",\"-\"),\nIF(LEFT(TEXT(A17,\"0\"),1)=\"5\",\"\",VLOOKUP(C17,'Activity-Material_Codes'!$A$30:$B$36,Quantities!$B$2))\n))","v":"Post-Closure O&M-Mining Area-Final Grade"},{"$f":"CONCATENATE(\nIF(OR(RIGHT(TEXT($A17,\"0\"),Quantities!$B$2)=\"00\",LEFT(TEXT($A17,\"0\"),1)=\"5\",OR($C17=\"b\",$C17=\"f\")),\"\",VLOOKUP($A17,Quantities[],Quantities!$B$2)),\nIF(LEFT(TEXT($A17,\"0\"),1)=\"5\",\"\",\" \"),\nIF(OR(C17=\"a\",C17=\"c\",C17=\"d\",C17=\"e\"),IF(OR(RIGHT(TEXT($A17,\"0\"),Quantities!$B$2)=\"00\",LEFT(TEXT($A17,\"0\"),1)=\"5\"),VLOOKUP($A17,Quantities[],Quantities!$B$2),\"\"),\nIF(LEFT(TEXT($A17,\"0\"),1)=\"5\",VLOOKUP($A17,Quantities[],Quantities!$B$2),\nVLOOKUP(INDEX(Quantities!$A$100:$A$118,MATCH($A17,Quantities!$C$100:$C$118)),Quantities!$A$100:$B$118,Quantities!$B$2))))","v":"Reclaimed 7A Waste "},{"$f":"IF(LEFT(TEXT(A17,\"0\"),1)=\"5\",\nVLOOKUP(VLOOKUP(A17,Quantities!$A$4:$D$118,Quantities!$C$2),Quantities!$A$4:$D$118,Quantities!$C$2),\nIF(OR(C17=\"a\",C17=\"c\",C17=\"d\",C17=\"e\"),\n\"-\",\nIF(RIGHT(TEXT(A17,\"0\"),2)=\"00\",VLOOKUP(A17,Quantities[],Quantities!$B$2),\nIF(C17=\"f\",VLOOKUP(A17,Quantities[],Quantities!$B$2),\nVLOOKUP(A17,Quantities[],Quantities!$C$2))\n)))","v":"-"},{"$f":"IF(OR(AND(LEFT(D17,2)=\"Sc\",B17=\"A\",C17=\"d\"),AND(C17=\"f\",B17=\"D\")),\nSUM(VLOOKUP($A17,Quantities[],Quantities!$O$2),VLOOKUP($A17,Quantities[],Quantities!$Q$2),VLOOKUP($A17,Quantities[],Quantities!$S$2)),\n\nIF(AND(LEFT(D17,2)=\"Sc\",OR(C17=\"a\",C17=\"f\")),\nVLOOKUP(A17,Quantities[],Quantities!$I$2),\n\nIF(AND(B17=\"D\",C17=\"b\"),\n VLOOKUP(INDEX(Quantities!$A$100:$A$118,MATCH($A17,Quantities!$C$100:$C$118)),Quantities!$A$100:$AJ$118,Quantities!$O$2)+\nVLOOKUP(INDEX(Quantities!$A$100:$A$118,MATCH($A17,Quantities!$C$100:$C$118)),Quantities!$A$100:$AJ$118,Quantities!$Q$2)+\nVLOOKUP(INDEX(Quantities!$A$100:$A$118,MATCH($A17,Quantities!$C$100:$C$118)),Quantities!$A$100:$AJ$118,Quantities!$S$2),\n\nIF(OR(B17=\"D\",B17=\"Q\"),\nSUM(VLOOKUP($A17,Quantities[],Quantities!$O$2),VLOOKUP($A17,Quantities[],Quantities!$Q$2),VLOOKUP($A17,Quantities[],Quantities!$S$2)),\n\n VLOOKUP(A17,Quantities[],Quantities!$G$2)\n))))","v":0},{"$f":"IF(LEFT(D17,2)=\"Mg\", VLOOKUP(A17,Quantities[],Quantities!$H$2),\n\nIF(OR(AND(LEFT(D17,2)=\"Sc\",B17=\"A\",C17=\"d\",C17=\"f\")),\n(SUM(VLOOKUP($A17,Quantities[],Quantities!$P$2)*VLOOKUP($A17,Quantities[],Quantities!$O$2),VLOOKUP($A17,Quantities[],Quantities!$R$2)*VLOOKUP($A17,Quantities[],Quantities!$Q$2),VLOOKUP($A17,Quantities[],Quantities!$T$2)*VLOOKUP($A17,Quantities[],Quantities!$S$2)))/SUM(VLOOKUP($A17,Quantities[],Quantities!$O$2),VLOOKUP($A17,Quantities[],Quantities!$Q$2),VLOOKUP($A17,Quantities[],Quantities!$S$2)),\n\nIF(AND(LEFT(D17,2)=\"Sc\",OR(C17=\"a\",C17=\"f\")),\nVLOOKUP(A17,Quantities[],Quantities!$J$2),\n\nIF(AND(B17=\"D\",C17=\"b\", (VLOOKUP(INDEX(Quantities!$A$100:$A$118,MATCH($A17,Quantities!$C$100:$C$118)),Quantities[],Quantities!$O$2)+VLOOKUP(INDEX(Quantities!$A$100:$A$118,MATCH($A17,Quantities!$C$100:$C$118)),Quantities[],Quantities!$Q$2)+VLOOKUP(INDEX(Quantities!$A$100:$A$118,MATCH($A17,Quantities!$C$100:$C$118)),Quantities[],Quantities!$S$2))>0),\n(VLOOKUP(INDEX(Quantities!$A$100:$A$118,MATCH($A17,Quantities!$C$100:$C$118)),Quantities[],Quantities!$P$2)*VLOOKUP(INDEX(Quantities!$A$100:$A$118,MATCH($A17,Quantities!$C$100:$C$118)),Quantities[],Quantities!$O$2)\n+VLOOKUP(INDEX(Quantities!$A$100:$A$118,MATCH($A17,Quantities!$C$100:$C$118)),Quantities[],Quantities!$R$2)*VLOOKUP(INDEX(Quantities!$A$100:$A$118,MATCH($A17,Quantities!$C$100:$C$118)),Quantities[],Quantities!$Q$2)\n+VLOOKUP(INDEX(Quantities!$A$100:$A$118,MATCH($A17,Quantities!$C$100:$C$118)),Quantities[],Quantities!$T$2)*VLOOKUP(INDEX(Quantities!$A$100:$A$118,MATCH($A17,Quantities!$C$100:$C$118)),Quantities[],Quantities!$S$2))/\n(VLOOKUP(INDEX(Quantities!$A$100:$A$118,MATCH($A17,Quantities!$C$100:$C$118)),Quantities[],Quantities!$O$2)+VLOOKUP(INDEX(Quantities!$A$100:$A$118,MATCH($A17,Quantities!$C$100:$C$118)),Quantities[],Quantities!$Q$2)+VLOOKUP(A17,Quantities[],Quantities!$S$2)),\n\nIF(AND(B17=\"D\", (VLOOKUP(A17,Quantities[],Quantities!$O$2)+VLOOKUP(A17,Quantities[],Quantities!$Q$2)+VLOOKUP(A17,Quantities[],Quantities!$S$2))>0),\n(VLOOKUP(A17,Quantities[],Quantities!$P$2)*VLOOKUP(A17,Quantities[],Quantities!$O$2)\n+VLOOKUP(A17,Quantities[],Quantities!$R$2)*VLOOKUP(A17,Quantities[],Quantities!$Q$2)\n+VLOOKUP(A17,Quantities[],Quantities!$T$2)*VLOOKUP(A17,Quantities[],Quantities!$S$2))/\n(VLOOKUP(A17,Quantities[],Quantities!$O$2)+VLOOKUP(A17,Quantities[],Quantities!$Q$2)+VLOOKUP(A17,Quantities[],Quantities!$S$2)),\n\nIF($B17=\"Q\", (SUM(VLOOKUP($A17,Quantities[],Quantities!$P$2)*VLOOKUP($A17,Quantities[],Quantities!$O$2),VLOOKUP($A17,Quantities[],Quantities!$R$2)*VLOOKUP($A17,Quantities[],Quantities!$Q$2),VLOOKUP($A17,Quantities[],Quantities!$T$2)*VLOOKUP($A17,Quantities[],Quantities!$S$2)))/SUM(VLOOKUP($A17,Quantities[],Quantities!$O$2),VLOOKUP($A17,Quantities[],Quantities!$Q$2),VLOOKUP($A17,Quantities[],Quantities!$S$2)),\n\n VLOOKUP(A17,Quantities[],Quantities!$H$2)\n))))))","v":"-"},{"$f":"IF(LEFT(D17,1)=\"U\",\"-\",VLOOKUP(D17,Equipment[],Equipment!$B$2))","v":"-"}]
[{"$f":"Quantities!A84","v":3404},"M","e","U","3404-M-e-U",{"$f":"IF(D18=\"Comb1\",CONCATENATE(VLOOKUP(B18,'Activity-Material_Codes'!$A$2:$B$26,Quantities!$B$2),\"-\",VLOOKUP(A18,Quantities[],Quantities!$D$2)),\nCONCATENATE(\nVLOOKUP(B18,'Activity-Material_Codes'!$A$2:$B$26,Quantities!$B$2),\nIF(AND(B18=\"B\",C18=\"a\"), \" Scraper Grading\", \"\"),\nIF(C18=\"b\",\"\",\"-\"),\nIF(C18=\"b\",\"\",VLOOKUP(A18,Quantities[],Quantities!$D$2)),\nIF(LEFT(TEXT(A18,\"0\"),1)=\"5\",\"\",\"-\"),\nIF(LEFT(TEXT(A18,\"0\"),1)=\"5\",\"\",VLOOKUP(C18,'Activity-Material_Codes'!$A$30:$B$36,Quantities!$B$2))\n))","v":"Post-Closure O&M-Mining Area-Final Grade"},{"$f":"CONCATENATE(\nIF(OR(RIGHT(TEXT($A18,\"0\"),Quantities!$B$2)=\"00\",LEFT(TEXT($A18,\"0\"),1)=\"5\",OR($C18=\"b\",$C18=\"f\")),\"\",VLOOKUP($A18,Quantities[],Quantities!$B$2)),\nIF(LEFT(TEXT($A18,\"0\"),1)=\"5\",\"\",\" \"),\nIF(OR(C18=\"a\",C18=\"c\",C18=\"d\",C18=\"e\"),IF(OR(RIGHT(TEXT($A18,\"0\"),Quantities!$B$2)=\"00\",LEFT(TEXT($A18,\"0\"),1)=\"5\"),VLOOKUP($A18,Quantities[],Quantities!$B$2),\"\"),\nIF(LEFT(TEXT($A18,\"0\"),1)=\"5\",VLOOKUP($A18,Quantities[],Quantities!$B$2),\nVLOOKUP(INDEX(Quantities!$A$100:$A$118,MATCH($A18,Quantities!$C$100:$C$118)),Quantities!$A$100:$B$118,Quantities!$B$2))))","v":"Reclaimed 7A Waste "},{"$f":"IF(LEFT(TEXT(A18,\"0\"),1)=\"5\",\nVLOOKUP(VLOOKUP(A18,Quantities!$A$4:$D$118,Quantities!$C$2),Quantities!$A$4:$D$118,Quantities!$C$2),\nIF(OR(C18=\"a\",C18=\"c\",C18=\"d\",C18=\"e\"),\n\"-\",\nIF(RIGHT(TEXT(A18,\"0\"),2)=\"00\",VLOOKUP(A18,Quantities[],Quantities!$B$2),\nIF(C18=\"f\",VLOOKUP(A18,Quantities[],Quantities!$B$2),\nVLOOKUP(A18,Quantities[],Quantities!$C$2))\n)))","v":"-"},{"$f":"IF(OR(AND(LEFT(D18,2)=\"Sc\",B18=\"A\",C18=\"d\"),AND(C18=\"f\",B18=\"D\")),\nSUM(VLOOKUP($A18,Quantities[],Quantities!$O$2),VLOOKUP($A18,Quantities[],Quantities!$Q$2),VLOOKUP($A18,Quantities[],Quantities!$S$2)),\n\nIF(AND(LEFT(D18,2)=\"Sc\",OR(C18=\"a\",C18=\"f\")),\nVLOOKUP(A18,Quantities[],Quantities!$I$2),\n\nIF(AND(B18=\"D\",C18=\"b\"),\n VLOOKUP(INDEX(Quantities!$A$100:$A$118,MATCH($A18,Quantities!$C$100:$C$118)),Quantities!$A$100:$AJ$118,Quantities!$O$2)+\nVLOOKUP(INDEX(Quantities!$A$100:$A$118,MATCH($A18,Quantities!$C$100:$C$118)),Quantities!$A$100:$AJ$118,Quantities!$Q$2)+\nVLOOKUP(INDEX(Quantities!$A$100:$A$118,MATCH($A18,Quantities!$C$100:$C$118)),Quantities!$A$100:$AJ$118,Quantities!$S$2),\n\nIF(OR(B18=\"D\",B18=\"Q\"),\nSUM(VLOOKUP($A18,Quantities[],Quantities!$O$2),VLOOKUP($A18,Quantities[],Quantities!$Q$2),VLOOKUP($A18,Quantities[],Quantities!$S$2)),\n\n VLOOKUP(A18,Quantities[],Quantities!$G$2)\n))))","v":0},{"$f":"IF(LEFT(D18,2)=\"Mg\", VLOOKUP(A18,Quantities[],Quantities!$H$2),\n\nIF(OR(AND(LEFT(D18,2)=\"Sc\",B18=\"A\",C18=\"d\",C18=\"f\")),\n(SUM(VLOOKUP($A18,Quantities[],Quantities!$P$2)*VLOOKUP($A18,Quantities[],Quantities!$O$2),VLOOKUP($A18,Quantities[],Quantities!$R$2)*VLOOKUP($A18,Quantities[],Quantities!$Q$2),VLOOKUP($A18,Quantities[],Quantities!$T$2)*VLOOKUP($A18,Quantities[],Quantities!$S$2)))/SUM(VLOOKUP($A18,Quantities[],Quantities!$O$2),VLOOKUP($A18,Quantities[],Quantities!$Q$2),VLOOKUP($A18,Quantities[],Quantities!$S$2)),\n\nIF(AND(LEFT(D18,2)=\"Sc\",OR(C18=\"a\",C18=\"f\")),\nVLOOKUP(A18,Quantities[],Quantities!$J$2),\n\nIF(AND(B18=\"D\",C18=\"b\", (VLOOKUP(INDEX(Quantities!$A$100:$A$118,MATCH($A18,Quantities!$C$100:$C$118)),Quantities[],Quantities!$O$2)+VLOOKUP(INDEX(Quantities!$A$100:$A$118,MATCH($A18,Quantities!$C$100:$C$118)),Quantities[],Quantities!$Q$2)+VLOOKUP(INDEX(Quantities!$A$100:$A$118,MATCH($A18,Quantities!$C$100:$C$118)),Quantities[],Quantities!$S$2))>0),\n(VLOOKUP(INDEX(Quantities!$A$100:$A$118,MATCH($A18,Quantities!$C$100:$C$118)),Quantities[],Quantities!$P$2)*VLOOKUP(INDEX(Quantities!$A$100:$A$118,MATCH($A18,Quantities!$C$100:$C$118)),Quantities[],Quantities!$O$2)\n+VLOOKUP(INDEX(Quantities!$A$100:$A$118,MATCH($A18,Quantities!$C$100:$C$118)),Quantities[],Quantities!$R$2)*VLOOKUP(INDEX(Quantities!$A$100:$A$118,MATCH($A18,Quantities!$C$100:$C$118)),Quantities[],Quantities!$Q$2)\n+VLOOKUP(INDEX(Quantities!$A$100:$A$118,MATCH($A18,Quantities!$C$100:$C$118)),Quantities[],Quantities!$T$2)*VLOOKUP(INDEX(Quantities!$A$100:$A$118,MATCH($A18,Quantities!$C$100:$C$118)),Quantities[],Quantities!$S$2))/\n(VLOOKUP(INDEX(Quantities!$A$100:$A$118,MATCH($A18,Quantities!$C$100:$C$118)),Quantities[],Quantities!$O$2)+VLOOKUP(INDEX(Quantities!$A$100:$A$118,MATCH($A18,Quantities!$C$100:$C$118)),Quantities[],Quantities!$Q$2)+VLOOKUP(A18,Quantities[],Quantities!$S$2)),\n\nIF(AND(B18=\"D\", (VLOOKUP(A18,Quantities[],Quantities!$O$2)+VLOOKUP(A18,Quantities[],Quantities!$Q$2)+VLOOKUP(A18,Quantities[],Quantities!$S$2))>0),\n(VLOOKUP(A18,Quantities[],Quantities!$P$2)*VLOOKUP(A18,Quantities[],Quantities!$O$2)\n+VLOOKUP(A18,Quantities[],Quantities!$R$2)*VLOOKUP(A18,Quantities[],Quantities!$Q$2)\n+VLOOKUP(A18,Quantities[],Quantities!$T$2)*VLOOKUP(A18,Quantities[],Quantities!$S$2))/\n(VLOOKUP(A18,Quantities[],Quantities!$O$2)+VLOOKUP(A18,Quantities[],Quantities!$Q$2)+VLOOKUP(A18,Quantities[],Quantities!$S$2)),\n\nIF($B18=\"Q\", (SUM(VLOOKUP($A18,Quantities[],Quantities!$P$2)*VLOOKUP($A18,Quantities[],Quantities!$O$2),VLOOKUP($A18,Quantities[],Quantities!$R$2)*VLOOKUP($A18,Quantities[],Quantities!$Q$2),VLOOKUP($A18,Quantities[],Quantities!$T$2)*VLOOKUP($A18,Quantities[],Quantities!$S$2)))/SUM(VLOOKUP($A18,Quantities[],Quantities!$O$2),VLOOKUP($A18,Quantities[],Quantities!$Q$2),VLOOKUP($A18,Quantities[],Quantities!$S$2)),\n\n VLOOKUP(A18,Quantities[],Quantities!$H$2)\n))))))","v":"-"},{"$f":"IF(LEFT(D18,1)=\"U\",\"-\",VLOOKUP(D18,Equipment[],Equipment!$B$2))","v":"-"}]
[{"$f":"Quantities!A85","v":3405},"M","e","U","3405-M-e-U",{"$f":"IF(D19=\"Comb1\",CONCATENATE(VLOOKUP(B19,'Activity-Material_Codes'!$A$2:$B$26,Quantities!$B$2),\"-\",VLOOKUP(A19,Quantities[],Quantities!$D$2)),\nCONCATENATE(\nVLOOKUP(B19,'Activity-Material_Codes'!$A$2:$B$26,Quantities!$B$2),\nIF(AND(B19=\"B\",C19=\"a\"), \" Scraper Grading\", \"\"),\nIF(C19=\"b\",\"\",\"-\"),\nIF(C19=\"b\",\"\",VLOOKUP(A19,Quantities[],Quantities!$D$2)),\nIF(LEFT(TEXT(A19,\"0\"),1)=\"5\",\"\",\"-\"),\nIF(LEFT(TEXT(A19,\"0\"),1)=\"5\",\"\",VLOOKUP(C19,'Activity-Material_Codes'!$A$30:$B$36,Quantities!$B$2))\n))","v":"Post-Closure O&M-Mining Area-Final Grade"},{"$f":"CONCATENATE(\nIF(OR(RIGHT(TEXT($A19,\"0\"),Quantities!$B$2)=\"00\",LEFT(TEXT($A19,\"0\"),1)=\"5\",OR($C19=\"b\",$C19=\"f\")),\"\",VLOOKUP($A19,Quantities[],Quantities!$B$2)),\nIF(LEFT(TEXT($A19,\"0\"),1)=\"5\",\"\",\" \"),\nIF(OR(C19=\"a\",C19=\"c\",C19=\"d\",C19=\"e\"),IF(OR(RIGHT(TEXT($A19,\"0\"),Quantities!$B$2)=\"00\",LEFT(TEXT($A19,\"0\"),1)=\"5\"),VLOOKUP($A19,Quantities[],Quantities!$B$2),\"\"),\nIF(LEFT(TEXT($A19,\"0\"),1)=\"5\",VLOOKUP($A19,Quantities[],Quantities!$B$2),\nVLOOKUP(INDEX(Quantities!$A$100:$A$118,MATCH($A19,Quantities!$C$100:$C$118)),Quantities!$A$100:$B$118,Quantities!$B$2))))","v":"Reclaimed 7A Waste "},{"$f":"IF(LEFT(TEXT(A19,\"0\"),1)=\"5\",\nVLOOKUP(VLOOKUP(A19,Quantities!$A$4:$D$118,Quantities!$C$2),Quantities!$A$4:$D$118,Quantities!$C$2),\nIF(OR(C19=\"a\",C19=\"c\",C19=\"d\",C19=\"e\"),\n\"-\",\nIF(RIGHT(TEXT(A19,\"0\"),2)=\"00\",VLOOKUP(A19,Quantities[],Quantities!$B$2),\nIF(C19=\"f\",VLOOKUP(A19,Quantities[],Quantities!$B$2),\nVLOOKUP(A19,Quantities[],Quantities!$C$2))\n)))","v":"-"},{"$f":"IF(OR(AND(LEFT(D19,2)=\"Sc\",B19=\"A\",C19=\"d\"),AND(C19=\"f\",B19=\"D\")),\nSUM(VLOOKUP($A19,Quantities[],Quantities!$O$2),VLOOKUP($A19,Quantities[],Quantities!$Q$2),VLOOKUP($A19,Quantities[],Quantities!$S$2)),\n\nIF(AND(LEFT(D19,2)=\"Sc\",OR(C19=\"a\",C19=\"f\")),\nVLOOKUP(A19,Quantities[],Quantities!$I$2),\n\nIF(AND(B19=\"D\",C19=\"b\"),\n VLOOKUP(INDEX(Quantities!$A$100:$A$118,MATCH($A19,Quantities!$C$100:$C$118)),Quantities!$A$100:$AJ$118,Quantities!$O$2)+\nVLOOKUP(INDEX(Quantities!$A$100:$A$118,MATCH($A19,Quantities!$C$100:$C$118)),Quantities!$A$100:$AJ$118,Quantities!$Q$2)+\nVLOOKUP(INDEX(Quantities!$A$100:$A$118,MATCH($A19,Quantities!$C$100:$C$118)),Quantities!$A$100:$AJ$118,Quantities!$S$2),\n\nIF(OR(B19=\"D\",B19=\"Q\"),\nSUM(VLOOKUP($A19,Quantities[],Quantities!$O$2),VLOOKUP($A19,Quantities[],Quantities!$Q$2),VLOOKUP($A19,Quantities[],Quantities!$S$2)),\n\n VLOOKUP(A19,Quantities[],Quantities!$G$2)\n))))","v":0},{"$f":"IF(LEFT(D19,2)=\"Mg\", VLOOKUP(A19,Quantities[],Quantities!$H$2),\n\nIF(OR(AND(LEFT(D19,2)=\"Sc\",B19=\"A\",C19=\"d\",C19=\"f\")),\n(SUM(VLOOKUP($A19,Quantities[],Quantities!$P$2)*VLOOKUP($A19,Quantities[],Quantities!$O$2),VLOOKUP($A19,Quantities[],Quantities!$R$2)*VLOOKUP($A19,Quantities[],Quantities!$Q$2),VLOOKUP($A19,Quantities[],Quantities!$T$2)*VLOOKUP($A19,Quantities[],Quantities!$S$2)))/SUM(VLOOKUP($A19,Quantities[],Quantities!$O$2),VLOOKUP($A19,Quantities[],Quantities!$Q$2),VLOOKUP($A19,Quantities[],Quantities!$S$2)),\n\nIF(AND(LEFT(D19,2)=\"Sc\",OR(C19=\"a\",C19=\"f\")),\nVLOOKUP(A19,Quantities[],Quantities!$J$2),\n\nIF(AND(B19=\"D\",C19=\"b\", (VLOOKUP(INDEX(Quantities!$A$100:$A$118,MATCH($A19,Quantities!$C$100:$C$118)),Quantities[],Quantities!$O$2)+VLOOKUP(INDEX(Quantities!$A$100:$A$118,MATCH($A19,Quantities!$C$100:$C$118)),Quantities[],Quantities!$Q$2)+VLOOKUP(INDEX(Quantities!$A$100:$A$118,MATCH($A19,Quantities!$C$100:$C$118)),Quantities[],Quantities!$S$2))>0),\n(VLOOKUP(INDEX(Quantities!$A$100:$A$118,MATCH($A19,Quantities!$C$100:$C$118)),Quantities[],Quantities!$P$2)*VLOOKUP(INDEX(Quantities!$A$100:$A$118,MATCH($A19,Quantities!$C$100:$C$118)),Quantities[],Quantities!$O$2)\n+VLOOKUP(INDEX(Quantities!$A$100:$A$118,MATCH($A19,Quantities!$C$100:$C$118)),Quantities[],Quantities!$R$2)*VLOOKUP(INDEX(Quantities!$A$100:$A$118,MATCH($A19,Quantities!$C$100:$C$118)),Quantities[],Quantities!$Q$2)\n+VLOOKUP(INDEX(Quantities!$A$100:$A$118,MATCH($A19,Quantities!$C$100:$C$118)),Quantities[],Quantities!$T$2)*VLOOKUP(INDEX(Quantities!$A$100:$A$118,MATCH($A19,Quantities!$C$100:$C$118)),Quantities[],Quantities!$S$2))/\n(VLOOKUP(INDEX(Quantities!$A$100:$A$118,MATCH($A19,Quantities!$C$100:$C$118)),Quantities[],Quantities!$O$2)+VLOOKUP(INDEX(Quantities!$A$100:$A$118,MATCH($A19,Quantities!$C$100:$C$118)),Quantities[],Quantities!$Q$2)+VLOOKUP(A19,Quantities[],Quantities!$S$2)),\n\nIF(AND(B19=\"D\", (VLOOKUP(A19,Quantities[],Quantities!$O$2)+VLOOKUP(A19,Quantities[],Quantities!$Q$2)+VLOOKUP(A19,Quantities[],Quantities!$S$2))>0),\n(VLOOKUP(A19,Quantities[],Quantities!$P$2)*VLOOKUP(A19,Quantities[],Quantities!$O$2)\n+VLOOKUP(A19,Quantities[],Quantities!$R$2)*VLOOKUP(A19,Quantities[],Quantities!$Q$2)\n+VLOOKUP(A19,Quantities[],Quantities!$T$2)*VLOOKUP(A19,Quantities[],Quantities!$S$2))/\n(VLOOKUP(A19,Quantities[],Quantities!$O$2)+VLOOKUP(A19,Quantities[],Quantities!$Q$2)+VLOOKUP(A19,Quantities[],Quantities!$S$2)),\n\nIF($B19=\"Q\", (SUM(VLOOKUP($A19,Quantities[],Quantities!$P$2)*VLOOKUP($A19,Quantities[],Quantities!$O$2),VLOOKUP($A19,Quantities[],Quantities!$R$2)*VLOOKUP($A19,Quantities[],Quantities!$Q$2),VLOOKUP($A19,Quantities[],Quantities!$T$2)*VLOOKUP($A19,Quantities[],Quantities!$S$2)))/SUM(VLOOKUP($A19,Quantities[],Quantities!$O$2),VLOOKUP($A19,Quantities[],Quantities!$Q$2),VLOOKUP($A19,Quantities[],Quantities!$S$2)),\n\n VLOOKUP(A19,Quantities[],Quantities!$H$2)\n))))))","v":"-"},{"$f":"IF(LEFT(D19,1)=\"U\",\"-\",VLOOKUP(D19,Equipment[],Equipment!$B$2))","v":"-"}]
[{"$f":"Quantities!A86","v":3406},"M","e","U",{"$f":"CONCATENATE(TEXT(A20,\"0\"),\"-\",B20,\"-\",C20,\"-\",D20)","v":"3406-M-e-U"},{"$f":"IF(D20=\"Comb1\",CONCATENATE(VLOOKUP(B20,'Activity-Material_Codes'!$A$2:$B$26,Quantities!$B$2),\"-\",VLOOKUP(A20,Quantities[],Quantities!$D$2)),\nCONCATENATE(\nVLOOKUP(B20,'Activity-Material_Codes'!$A$2:$B$26,Quantities!$B$2),\nIF(AND(B20=\"B\",C20=\"a\"), \" Scraper Grading\", \"\"),\nIF(C20=\"b\",\"\",\"-\"),\nIF(C20=\"b\",\"\",VLOOKUP(A20,Quantities[],Quantities!$D$2)),\nIF(LEFT(TEXT(A20,\"0\"),1)=\"5\",\"\",\"-\"),\nIF(LEFT(TEXT(A20,\"0\"),1)=\"5\",\"\",VLOOKUP(C20,'Activity-Material_Codes'!$A$30:$B$36,Quantities!$B$2))\n))","v":"Post-Closure O&M-Mining Area-Final Grade"},{"$f":"CONCATENATE(\nIF(OR(RIGHT(TEXT($A20,\"0\"),Quantities!$B$2)=\"00\",LEFT(TEXT($A20,\"0\"),1)=\"5\",OR($C20=\"b\",$C20=\"f\")),\"\",VLOOKUP($A20,Quantities[],Quantities!$B$2)),\nIF(LEFT(TEXT($A20,\"0\"),1)=\"5\",\"\",\" \"),\nIF(OR(C20=\"a\",C20=\"c\",C20=\"d\",C20=\"e\"),IF(OR(RIGHT(TEXT($A20,\"0\"),Quantities!$B$2)=\"00\",LEFT(TEXT($A20,\"0\"),1)=\"5\"),VLOOKUP($A20,Quantities[],Quantities!$B$2),\"\"),\nIF(LEFT(TEXT($A20,\"0\"),1)=\"5\",VLOOKUP($A20,Quantities[],Quantities!$B$2),\nVLOOKUP(INDEX(Quantities!$A$100:$A$118,MATCH($A20,Quantities!$C$100:$C$118)),Quantities!$A$100:$B$118,Quantities!$B$2))))","v":"Reclaimed 7A Waste "},{"$f":"IF(LEFT(TEXT(A20,\"0\"),1)=\"5\",\nVLOOKUP(VLOOKUP(A20,Quantities!$A$4:$D$118,Quantities!$C$2),Quantities!$A$4:$D$118,Quantities!$C$2),\nIF(OR(C20=\"a\",C20=\"c\",C20=\"d\",C20=\"e\"),\n\"-\",\nIF(RIGHT(TEXT(A20,\"0\"),2)=\"00\",VLOOKUP(A20,Quantities[],Quantities!$B$2),\nIF(C20=\"f\",VLOOKUP(A20,Quantities[],Quantities!$B$2),\nVLOOKUP(A20,Quantities[],Quantities!$C$2))\n)))","v":"-"},{"$f":"IF(OR(AND(LEFT(D20,2)=\"Sc\",B20=\"A\",C20=\"d\"),AND(C20=\"f\",B20=\"D\")),\nSUM(VLOOKUP($A20,Quantities[],Quantities!$O$2),VLOOKUP($A20,Quantities[],Quantities!$Q$2),VLOOKUP($A20,Quantities[],Quantities!$S$2)),\n\nIF(AND(LEFT(D20,2)=\"Sc\",OR(C20=\"a\",C20=\"f\")),\nVLOOKUP(A20,Quantities[],Quantities!$I$2),\n\nIF(AND(B20=\"D\",C20=\"b\"),\n VLOOKUP(INDEX(Quantities!$A$100:$A$118,MATCH($A20,Quantities!$C$100:$C$118)),Quantities!$A$100:$AJ$118,Quantities!$O$2)+\nVLOOKUP(INDEX(Quantities!$A$100:$A$118,MATCH($A20,Quantities!$C$100:$C$118)),Quantities!$A$100:$AJ$118,Quantities!$Q$2)+\nVLOOKUP(INDEX(Quantities!$A$100:$A$118,MATCH($A20,Quantities!$C$100:$C$118)),Quantities!$A$100:$AJ$118,Quantities!$S$2),\n\nIF(OR(B20=\"D\",B20=\"Q\"),\nSUM(VLOOKUP($A20,Quantities[],Quantities!$O$2),VLOOKUP($A20,Quantities[],Quantities!$Q$2),VLOOKUP($A20,Quantities[],Quantities!$S$2)),\n\n VLOOKUP(A20,Quantities[],Quantities!$G$2)\n))))","v":0},{"$f":"IF(LEFT(D20,2)=\"Mg\", VLOOKUP(A20,Quantities[],Quantities!$H$2),\n\nIF(OR(AND(LEFT(D20,2)=\"Sc\",B20=\"A\",C20=\"d\",C20=\"f\")),\n(SUM(VLOOKUP($A20,Quantities[],Quantities!$P$2)*VLOOKUP($A20,Quantities[],Quantities!$O$2),VLOOKUP($A20,Quantities[],Quantities!$R$2)*VLOOKUP($A20,Quantities[],Quantities!$Q$2),VLOOKUP($A20,Quantities[],Quantities!$T$2)*VLOOKUP($A20,Quantities[],Quantities!$S$2)))/SUM(VLOOKUP($A20,Quantities[],Quantities!$O$2),VLOOKUP($A20,Quantities[],Quantities!$Q$2),VLOOKUP($A20,Quantities[],Quantities!$S$2)),\n\nIF(AND(LEFT(D20,2)=\"Sc\",OR(C20=\"a\",C20=\"f\")),\nVLOOKUP(A20,Quantities[],Quantities!$J$2),\n\nIF(AND(B20=\"D\",C20=\"b\", (VLOOKUP(INDEX(Quantities!$A$100:$A$118,MATCH($A20,Quantities!$C$100:$C$118)),Quantities[],Quantities!$O$2)+VLOOKUP(INDEX(Quantities!$A$100:$A$118,MATCH($A20,Quantities!$C$100:$C$118)),Quantities[],Quantities!$Q$2)+VLOOKUP(INDEX(Quantities!$A$100:$A$118,MATCH($A20,Quantities!$C$100:$C$118)),Quantities[],Quantities!$S$2))>0),\n(VLOOKUP(INDEX(Quantities!$A$100:$A$118,MATCH($A20,Quantities!$C$100:$C$118)),Quantities[],Quantities!$P$2)*VLOOKUP(INDEX(Quantities!$A$100:$A$118,MATCH($A20,Quantities!$C$100:$C$118)),Quantities[],Quantities!$O$2)\n+VLOOKUP(INDEX(Quantities!$A$100:$A$118,MATCH($A20,Quantities!$C$100:$C$118)),Quantities[],Quantities!$R$2)*VLOOKUP(INDEX(Quantities!$A$100:$A$118,MATCH($A20,Quantities!$C$100:$C$118)),Quantities[],Quantities!$Q$2)\n+VLOOKUP(INDEX(Quantities!$A$100:$A$118,MATCH($A20,Quantities!$C$100:$C$118)),Quantities[],Quantities!$T$2)*VLOOKUP(INDEX(Quantities!$A$100:$A$118,MATCH($A20,Quantities!$C$100:$C$118)),Quantities[],Quantities!$S$2))/\n(VLOOKUP(INDEX(Quantities!$A$100:$A$118,MATCH($A20,Quantities!$C$100:$C$118)),Quantities[],Quantities!$O$2)+VLOOKUP(INDEX(Quantities!$A$100:$A$118,MATCH($A20,Quantities!$C$100:$C$118)),Quantities[],Quantities!$Q$2)+VLOOKUP(A20,Quantities[],Quantities!$S$2)),\n\nIF(AND(B20=\"D\", (VLOOKUP(A20,Quantities[],Quantities!$O$2)+VLOOKUP(A20,Quantities[],Quantities!$Q$2)+VLOOKUP(A20,Quantities[],Quantities!$S$2))>0),\n(VLOOKUP(A20,Quantities[],Quantities!$P$2)*VLOOKUP(A20,Quantities[],Quantities!$O$2)\n+VLOOKUP(A20,Quantities[],Quantities!$R$2)*VLOOKUP(A20,Quantities[],Quantities!$Q$2)\n+VLOOKUP(A20,Quantities[],Quantities!$T$2)*VLOOKUP(A20,Quantities[],Quantities!$S$2))/\n(VLOOKUP(A20,Quantities[],Quantities!$O$2)+VLOOKUP(A20,Quantities[],Quantities!$Q$2)+VLOOKUP(A20,Quantities[],Quantities!$S$2)),\n\nIF($B20=\"Q\", (SUM(VLOOKUP($A20,Quantities[],Quantities!$P$2)*VLOOKUP($A20,Quantities[],Quantities!$O$2),VLOOKUP($A20,Quantities[],Quantities!$R$2)*VLOOKUP($A20,Quantities[],Quantities!$Q$2),VLOOKUP($A20,Quantities[],Quantities!$T$2)*VLOOKUP($A20,Quantities[],Quantities!$S$2)))/SUM(VLOOKUP($A20,Quantities[],Quantities!$O$2),VLOOKUP($A20,Quantities[],Quantities!$Q$2),VLOOKUP($A20,Quantities[],Quantities!$S$2)),\n\n VLOOKUP(A20,Quantities[],Quantities!$H$2)\n))))))","v":"-"},{"$f":"IF(LEFT(D20,1)=\"U\",\"-\",VLOOKUP(D20,Equipment[],Equipment!$B$2))","v":"-"}]
[{"$f":"Quantities!A87","v":3407},"M","e","U","3407-M-e-U",{"$f":"IF(D21=\"Comb1\",CONCATENATE(VLOOKUP(B21,'Activity-Material_Codes'!$A$2:$B$26,Quantities!$B$2),\"-\",VLOOKUP(A21,Quantities[],Quantities!$D$2)),\nCONCATENATE(\nVLOOKUP(B21,'Activity-Material_Codes'!$A$2:$B$26,Quantities!$B$2),\nIF(AND(B21=\"B\",C21=\"a\"), \" Scraper Grading\", \"\"),\nIF(C21=\"b\",\"\",\"-\"),\nIF(C21=\"b\",\"\",VLOOKUP(A21,Quantities[],Quantities!$D$2)),\nIF(LEFT(TEXT(A21,\"0\"),1)=\"5\",\"\",\"-\"),\nIF(LEFT(TEXT(A21,\"0\"),1)=\"5\",\"\",VLOOKUP(C21,'Activity-Material_Codes'!$A$30:$B$36,Quantities!$B$2))\n))","v":"Post-Closure O&M-Mining Area-Final Grade"},{"$f":"CONCATENATE(\nIF(OR(RIGHT(TEXT($A21,\"0\"),Quantities!$B$2)=\"00\",LEFT(TEXT($A21,\"0\"),1)=\"5\",OR($C21=\"b\",$C21=\"f\")),\"\",VLOOKUP($A21,Quantities[],Quantities!$B$2)),\nIF(LEFT(TEXT($A21,\"0\"),1)=\"5\",\"\",\" \"),\nIF(OR(C21=\"a\",C21=\"c\",C21=\"d\",C21=\"e\"),IF(OR(RIGHT(TEXT($A21,\"0\"),Quantities!$B$2)=\"00\",LEFT(TEXT($A21,\"0\"),1)=\"5\"),VLOOKUP($A21,Quantities[],Quantities!$B$2),\"\"),\nIF(LEFT(TEXT($A21,\"0\"),1)=\"5\",VLOOKUP($A21,Quantities[],Quantities!$B$2),\nVLOOKUP(INDEX(Quantities!$A$100:$A$118,MATCH($A21,Quantities!$C$100:$C$118)),Quantities!$A$100:$B$118,Quantities!$B$2))))","v":"Reclaimed 7A Waste "},{"$f":"IF(LEFT(TEXT(A21,\"0\"),1)=\"5\",\nVLOOKUP(VLOOKUP(A21,Quantities!$A$4:$D$118,Quantities!$C$2),Quantities!$A$4:$D$118,Quantities!$C$2),\nIF(OR(C21=\"a\",C21=\"c\",C21=\"d\",C21=\"e\"),\n\"-\",\nIF(RIGHT(TEXT(A21,\"0\"),2)=\"00\",VLOOKUP(A21,Quantities[],Quantities!$B$2),\nIF(C21=\"f\",VLOOKUP(A21,Quantities[],Quantities!$B$2),\nVLOOKUP(A21,Quantities[],Quantities!$C$2))\n)))","v":"-"},{"$f":"IF(OR(AND(LEFT(D21,2)=\"Sc\",B21=\"A\",C21=\"d\"),AND(C21=\"f\",B21=\"D\")),\nSUM(VLOOKUP($A21,Quantities[],Quantities!$O$2),VLOOKUP($A21,Quantities[],Quantities!$Q$2),VLOOKUP($A21,Quantities[],Quantities!$S$2)),\n\nIF(AND(LEFT(D21,2)=\"Sc\",OR(C21=\"a\",C21=\"f\")),\nVLOOKUP(A21,Quantities[],Quantities!$I$2),\n\nIF(AND(B21=\"D\",C21=\"b\"),\n VLOOKUP(INDEX(Quantities!$A$100:$A$118,MATCH($A21,Quantities!$C$100:$C$118)),Quantities!$A$100:$AJ$118,Quantities!$O$2)+\nVLOOKUP(INDEX(Quantities!$A$100:$A$118,MATCH($A21,Quantities!$C$100:$C$118)),Quantities!$A$100:$AJ$118,Quantities!$Q$2)+\nVLOOKUP(INDEX(Quantities!$A$100:$A$118,MATCH($A21,Quantities!$C$100:$C$118)),Quantities!$A$100:$AJ$118,Quantities!$S$2),\n\nIF(OR(B21=\"D\",B21=\"Q\"),\nSUM(VLOOKUP($A21,Quantities[],Quantities!$O$2),VLOOKUP($A21,Quantities[],Quantities!$Q$2),VLOOKUP($A21,Quantities[],Quantities!$S$2)),\n\n VLOOKUP(A21,Quantities[],Quantities!$G$2)\n))))","v":0},{"$f":"IF(LEFT(D21,2)=\"Mg\", VLOOKUP(A21,Quantities[],Quantities!$H$2),\n\nIF(OR(AND(LEFT(D21,2)=\"Sc\",B21=\"A\",C21=\"d\",C21=\"f\")),\n(SUM(VLOOKUP($A21,Quantities[],Quantities!$P$2)*VLOOKUP($A21,Quantities[],Quantities!$O$2),VLOOKUP($A21,Quantities[],Quantities!$R$2)*VLOOKUP($A21,Quantities[],Quantities!$Q$2),VLOOKUP($A21,Quantities[],Quantities!$T$2)*VLOOKUP($A21,Quantities[],Quantities!$S$2)))/SUM(VLOOKUP($A21,Quantities[],Quantities!$O$2),VLOOKUP($A21,Quantities[],Quantities!$Q$2),VLOOKUP($A21,Quantities[],Quantities!$S$2)),\n\nIF(AND(LEFT(D21,2)=\"Sc\",OR(C21=\"a\",C21=\"f\")),\nVLOOKUP(A21,Quantities[],Quantities!$J$2),\n\nIF(AND(B21=\"D\",C21=\"b\", (VLOOKUP(INDEX(Quantities!$A$100:$A$118,MATCH($A21,Quantities!$C$100:$C$118)),Quantities[],Quantities!$O$2)+VLOOKUP(INDEX(Quantities!$A$100:$A$118,MATCH($A21,Quantities!$C$100:$C$118)),Quantities[],Quantities!$Q$2)+VLOOKUP(INDEX(Quantities!$A$100:$A$118,MATCH($A21,Quantities!$C$100:$C$118)),Quantities[],Quantities!$S$2))>0),\n(VLOOKUP(INDEX(Quantities!$A$100:$A$118,MATCH($A21,Quantities!$C$100:$C$118)),Quantities[],Quantities!$P$2)*VLOOKUP(INDEX(Quantities!$A$100:$A$118,MATCH($A21,Quantities!$C$100:$C$118)),Quantities[],Quantities!$O$2)\n+VLOOKUP(INDEX(Quantities!$A$100:$A$118,MATCH($A21,Quantities!$C$100:$C$118)),Quantities[],Quantities!$R$2)*VLOOKUP(INDEX(Quantities!$A$100:$A$118,MATCH($A21,Quantities!$C$100:$C$118)),Quantities[],Quantities!$Q$2)\n+VLOOKUP(INDEX(Quantities!$A$100:$A$118,MATCH($A21,Quantities!$C$100:$C$118)),Quantities[],Quantities!$T$2)*VLOOKUP(INDEX(Quantities!$A$100:$A$118,MATCH($A21,Quantities!$C$100:$C$118)),Quantities[],Quantities!$S$2))/\n(VLOOKUP(INDEX(Quantities!$A$100:$A$118,MATCH($A21,Quantities!$C$100:$C$118)),Quantities[],Quantities!$O$2)+VLOOKUP(INDEX(Quantities!$A$100:$A$118,MATCH($A21,Quantities!$C$100:$C$118)),Quantities[],Quantities!$Q$2)+VLOOKUP(A21,Quantities[],Quantities!$S$2)),\n\nIF(AND(B21=\"D\", (VLOOKUP(A21,Quantities[],Quantities!$O$2)+VLOOKUP(A21,Quantities[],Quantities!$Q$2)+VLOOKUP(A21,Quantities[],Quantities!$S$2))>0),\n(VLOOKUP(A21,Quantities[],Quantities!$P$2)*VLOOKUP(A21,Quantities[],Quantities!$O$2)\n+VLOOKUP(A21,Quantities[],Quantities!$R$2)*VLOOKUP(A21,Quantities[],Quantities!$Q$2)\n+VLOOKUP(A21,Quantities[],Quantities!$T$2)*VLOOKUP(A21,Quantities[],Quantities!$S$2))/\n(VLOOKUP(A21,Quantities[],Quantities!$O$2)+VLOOKUP(A21,Quantities[],Quantities!$Q$2)+VLOOKUP(A21,Quantities[],Quantities!$S$2)),\n\nIF($B21=\"Q\", (SUM(VLOOKUP($A21,Quantities[],Quantities!$P$2)*VLOOKUP($A21,Quantities[],Quantities!$O$2),VLOOKUP($A21,Quantities[],Quantities!$R$2)*VLOOKUP($A21,Quantities[],Quantities!$Q$2),VLOOKUP($A21,Quantities[],Quantities!$T$2)*VLOOKUP($A21,Quantities[],Quantities!$S$2)))/SUM(VLOOKUP($A21,Quantities[],Quantities!$O$2),VLOOKUP($A21,Quantities[],Quantities!$Q$2),VLOOKUP($A21,Quantities[],Quantities!$S$2)),\n\n VLOOKUP(A21,Quantities[],Quantities!$H$2)\n))))))","v":"-"},{"$f":"IF(LEFT(D21,1)=\"U\",\"-\",VLOOKUP(D21,Equipment[],Equipment!$B$2))","v":"-"}]
[{"$f":"Quantities!A88","v":3408},"M","e","U",{"$f":"CONCATENATE(TEXT(A22,\"0\"),\"-\",B22,\"-\",C22,\"-\",D22)","v":"3408-M-e-U"},{"$f":"IF(D22=\"Comb1\",CONCATENATE(VLOOKUP(B22,'Activity-Material_Codes'!$A$2:$B$26,Quantities!$B$2),\"-\",VLOOKUP(A22,Quantities[],Quantities!$D$2)),\nCONCATENATE(\nVLOOKUP(B22,'Activity-Material_Codes'!$A$2:$B$26,Quantities!$B$2),\nIF(AND(B22=\"B\",C22=\"a\"), \" Scraper Grading\", \"\"),\nIF(C22=\"b\",\"\",\"-\"),\nIF(C22=\"b\",\"\",VLOOKUP(A22,Quantities[],Quantities!$D$2)),\nIF(LEFT(TEXT(A22,\"0\"),1)=\"5\",\"\",\"-\"),\nIF(LEFT(TEXT(A22,\"0\"),1)=\"5\",\"\",VLOOKUP(C22,'Activity-Material_Codes'!$A$30:$B$36,Quantities!$B$2))\n))","v":"Post-Closure O&M-Mining Area-Final Grade"},{"$f":"CONCATENATE(\nIF(OR(RIGHT(TEXT($A22,\"0\"),Quantities!$B$2)=\"00\",LEFT(TEXT($A22,\"0\"),1)=\"5\",OR($C22=\"b\",$C22=\"f\")),\"\",VLOOKUP($A22,Quantities[],Quantities!$B$2)),\nIF(LEFT(TEXT($A22,\"0\"),1)=\"5\",\"\",\" \"),\nIF(OR(C22=\"a\",C22=\"c\",C22=\"d\",C22=\"e\"),IF(OR(RIGHT(TEXT($A22,\"0\"),Quantities!$B$2)=\"00\",LEFT(TEXT($A22,\"0\"),1)=\"5\"),VLOOKUP($A22,Quantities[],Quantities!$B$2),\"\"),\nIF(LEFT(TEXT($A22,\"0\"),1)=\"5\",VLOOKUP($A22,Quantities[],Quantities!$B$2),\nVLOOKUP(INDEX(Quantities!$A$100:$A$118,MATCH($A22,Quantities!$C$100:$C$118)),Quantities!$A$100:$B$118,Quantities!$B$2))))","v":"Reclaimed 7A Waste "},{"$f":"IF(LEFT(TEXT(A22,\"0\"),1)=\"5\",\nVLOOKUP(VLOOKUP(A22,Quantities!$A$4:$D$118,Quantities!$C$2),Quantities!$A$4:$D$118,Quantities!$C$2),\nIF(OR(C22=\"a\",C22=\"c\",C22=\"d\",C22=\"e\"),\n\"-\",\nIF(RIGHT(TEXT(A22,\"0\"),2)=\"00\",VLOOKUP(A22,Quantities[],Quantities!$B$2),\nIF(C22=\"f\",VLOOKUP(A22,Quantities[],Quantities!$B$2),\nVLOOKUP(A22,Quantities[],Quantities!$C$2))\n)))","v":"-"},{"$f":"IF(OR(AND(LEFT(D22,2)=\"Sc\",B22=\"A\",C22=\"d\"),AND(C22=\"f\",B22=\"D\")),\nSUM(VLOOKUP($A22,Quantities[],Quantities!$O$2),VLOOKUP($A22,Quantities[],Quantities!$Q$2),VLOOKUP($A22,Quantities[],Quantities!$S$2)),\n\nIF(AND(LEFT(D22,2)=\"Sc\",OR(C22=\"a\",C22=\"f\")),\nVLOOKUP(A22,Quantities[],Quantities!$I$2),\n\nIF(AND(B22=\"D\",C22=\"b\"),\n VLOOKUP(INDEX(Quantities!$A$100:$A$118,MATCH($A22,Quantities!$C$100:$C$118)),Quantities!$A$100:$AJ$118,Quantities!$O$2)+\nVLOOKUP(INDEX(Quantities!$A$100:$A$118,MATCH($A22,Quantities!$C$100:$C$118)),Quantities!$A$100:$AJ$118,Quantities!$Q$2)+\nVLOOKUP(INDEX(Quantities!$A$100:$A$118,MATCH($A22,Quantities!$C$100:$C$118)),Quantities!$A$100:$AJ$118,Quantities!$S$2),\n\nIF(OR(B22=\"D\",B22=\"Q\"),\nSUM(VLOOKUP($A22,Quantities[],Quantities!$O$2),VLOOKUP($A22,Quantities[],Quantities!$Q$2),VLOOKUP($A22,Quantities[],Quantities!$S$2)),\n\n VLOOKUP(A22,Quantities[],Quantities!$G$2)\n))))","v":0},{"$f":"IF(LEFT(D22,2)=\"Mg\", VLOOKUP(A22,Quantities[],Quantities!$H$2),\n\nIF(OR(AND(LEFT(D22,2)=\"Sc\",B22=\"A\",C22=\"d\",C22=\"f\")),\n(SUM(VLOOKUP($A22,Quantities[],Quantities!$P$2)*VLOOKUP($A22,Quantities[],Quantities!$O$2),VLOOKUP($A22,Quantities[],Quantities!$R$2)*VLOOKUP($A22,Quantities[],Quantities!$Q$2),VLOOKUP($A22,Quantities[],Quantities!$T$2)*VLOOKUP($A22,Quantities[],Quantities!$S$2)))/SUM(VLOOKUP($A22,Quantities[],Quantities!$O$2),VLOOKUP($A22,Quantities[],Quantities!$Q$2),VLOOKUP($A22,Quantities[],Quantities!$S$2)),\n\nIF(AND(LEFT(D22,2)=\"Sc\",OR(C22=\"a\",C22=\"f\")),\nVLOOKUP(A22,Quantities[],Quantities!$J$2),\n\nIF(AND(B22=\"D\",C22=\"b\", (VLOOKUP(INDEX(Quantities!$A$100:$A$118,MATCH($A22,Quantities!$C$100:$C$118)),Quantities[],Quantities!$O$2)+VLOOKUP(INDEX(Quantities!$A$100:$A$118,MATCH($A22,Quantities!$C$100:$C$118)),Quantities[],Quantities!$Q$2)+VLOOKUP(INDEX(Quantities!$A$100:$A$118,MATCH($A22,Quantities!$C$100:$C$118)),Quantities[],Quantities!$S$2))>0),\n(VLOOKUP(INDEX(Quantities!$A$100:$A$118,MATCH($A22,Quantities!$C$100:$C$118)),Quantities[],Quantities!$P$2)*VLOOKUP(INDEX(Quantities!$A$100:$A$118,MATCH($A22,Quantities!$C$100:$C$118)),Quantities[],Quantities!$O$2)\n+VLOOKUP(INDEX(Quantities!$A$100:$A$118,MATCH($A22,Quantities!$C$100:$C$118)),Quantities[],Quantities!$R$2)*VLOOKUP(INDEX(Quantities!$A$100:$A$118,MATCH($A22,Quantities!$C$100:$C$118)),Quantities[],Quantities!$Q$2)\n+VLOOKUP(INDEX(Quantities!$A$100:$A$118,MATCH($A22,Quantities!$C$100:$C$118)),Quantities[],Quantities!$T$2)*VLOOKUP(INDEX(Quantities!$A$100:$A$118,MATCH($A22,Quantities!$C$100:$C$118)),Quantities[],Quantities!$S$2))/\n(VLOOKUP(INDEX(Quantities!$A$100:$A$118,MATCH($A22,Quantities!$C$100:$C$118)),Quantities[],Quantities!$O$2)+VLOOKUP(INDEX(Quantities!$A$100:$A$118,MATCH($A22,Quantities!$C$100:$C$118)),Quantities[],Quantities!$Q$2)+VLOOKUP(A22,Quantities[],Quantities!$S$2)),\n\nIF(AND(B22=\"D\", (VLOOKUP(A22,Quantities[],Quantities!$O$2)+VLOOKUP(A22,Quantities[],Quantities!$Q$2)+VLOOKUP(A22,Quantities[],Quantities!$S$2))>0),\n(VLOOKUP(A22,Quantities[],Quantities!$P$2)*VLOOKUP(A22,Quantities[],Quantities!$O$2)\n+VLOOKUP(A22,Quantities[],Quantities!$R$2)*VLOOKUP(A22,Quantities[],Quantities!$Q$2)\n+VLOOKUP(A22,Quantities[],Quantities!$T$2)*VLOOKUP(A22,Quantities[],Quantities!$S$2))/\n(VLOOKUP(A22,Quantities[],Quantities!$O$2)+VLOOKUP(A22,Quantities[],Quantities!$Q$2)+VLOOKUP(A22,Quantities[],Quantities!$S$2)),\n\nIF($B22=\"Q\", (SUM(VLOOKUP($A22,Quantities[],Quantities!$P$2)*VLOOKUP($A22,Quantities[],Quantities!$O$2),VLOOKUP($A22,Quantities[],Quantities!$R$2)*VLOOKUP($A22,Quantities[],Quantities!$Q$2),VLOOKUP($A22,Quantities[],Quantities!$T$2)*VLOOKUP($A22,Quantities[],Quantities!$S$2)))/SUM(VLOOKUP($A22,Quantities[],Quantities!$O$2),VLOOKUP($A22,Quantities[],Quantities!$Q$2),VLOOKUP($A22,Quantities[],Quantities!$S$2)),\n\n VLOOKUP(A22,Quantities[],Quantities!$H$2)\n))))))","v":"-"},{"$f":"IF(LEFT(D22,1)=\"U\",\"-\",VLOOKUP(D22,Equipment[],Equipment!$B$2))","v":"-"}]
[{"$f":"Quantities!A89","v":3409},"M","e","U","3409-M-e-U",{"$f":"IF(D23=\"Comb1\",CONCATENATE(VLOOKUP(B23,'Activity-Material_Codes'!$A$2:$B$26,Quantities!$B$2),\"-\",VLOOKUP(A23,Quantities[],Quantities!$D$2)),\nCONCATENATE(\nVLOOKUP(B23,'Activity-Material_Codes'!$A$2:$B$26,Quantities!$B$2),\nIF(AND(B23=\"B\",C23=\"a\"), \" Scraper Grading\", \"\"),\nIF(C23=\"b\",\"\",\"-\"),\nIF(C23=\"b\",\"\",VLOOKUP(A23,Quantities[],Quantities!$D$2)),\nIF(LEFT(TEXT(A23,\"0\"),1)=\"5\",\"\",\"-\"),\nIF(LEFT(TEXT(A23,\"0\"),1)=\"5\",\"\",VLOOKUP(C23,'Activity-Material_Codes'!$A$30:$B$36,Quantities!$B$2))\n))","v":"Post-Closure O&M-No Man's Land-Final Grade"},{"$f":"CONCATENATE(\nIF(OR(RIGHT(TEXT($A23,\"0\"),Quantities!$B$2)=\"00\",LEFT(TEXT($A23,\"0\"),1)=\"5\",OR($C23=\"b\",$C23=\"f\")),\"\",VLOOKUP($A23,Quantities[],Quantities!$B$2)),\nIF(LEFT(TEXT($A23,\"0\"),1)=\"5\",\"\",\" \"),\nIF(OR(C23=\"a\",C23=\"c\",C23=\"d\",C23=\"e\"),IF(OR(RIGHT(TEXT($A23,\"0\"),Quantities!$B$2)=\"00\",LEFT(TEXT($A23,\"0\"),1)=\"5\"),VLOOKUP($A23,Quantities[],Quantities!$B$2),\"\"),\nIF(LEFT(TEXT($A23,\"0\"),1)=\"5\",VLOOKUP($A23,Quantities[],Quantities!$B$2),\nVLOOKUP(INDEX(Quantities!$A$100:$A$118,MATCH($A23,Quantities!$C$100:$C$118)),Quantities!$A$100:$B$118,Quantities!$B$2))))","v":"Reclaimed 7A Waste "},{"$f":"IF(LEFT(TEXT(A23,\"0\"),1)=\"5\",\nVLOOKUP(VLOOKUP(A23,Quantities!$A$4:$D$118,Quantities!$C$2),Quantities!$A$4:$D$118,Quantities!$C$2),\nIF(OR(C23=\"a\",C23=\"c\",C23=\"d\",C23=\"e\"),\n\"-\",\nIF(RIGHT(TEXT(A23,\"0\"),2)=\"00\",VLOOKUP(A23,Quantities[],Quantities!$B$2),\nIF(C23=\"f\",VLOOKUP(A23,Quantities[],Quantities!$B$2),\nVLOOKUP(A23,Quantities[],Quantities!$C$2))\n)))","v":"-"},{"$f":"IF(OR(AND(LEFT(D23,2)=\"Sc\",B23=\"A\",C23=\"d\"),AND(C23=\"f\",B23=\"D\")),\nSUM(VLOOKUP($A23,Quantities[],Quantities!$O$2),VLOOKUP($A23,Quantities[],Quantities!$Q$2),VLOOKUP($A23,Quantities[],Quantities!$S$2)),\n\nIF(AND(LEFT(D23,2)=\"Sc\",OR(C23=\"a\",C23=\"f\")),\nVLOOKUP(A23,Quantities[],Quantities!$I$2),\n\nIF(AND(B23=\"D\",C23=\"b\"),\n VLOOKUP(INDEX(Quantities!$A$100:$A$118,MATCH($A23,Quantities!$C$100:$C$118)),Quantities!$A$100:$AJ$118,Quantities!$O$2)+\nVLOOKUP(INDEX(Quantities!$A$100:$A$118,MATCH($A23,Quantities!$C$100:$C$118)),Quantities!$A$100:$AJ$118,Quantities!$Q$2)+\nVLOOKUP(INDEX(Quantities!$A$100:$A$118,MATCH($A23,Quantities!$C$100:$C$118)),Quantities!$A$100:$AJ$118,Quantities!$S$2),\n\nIF(OR(B23=\"D\",B23=\"Q\"),\nSUM(VLOOKUP($A23,Quantities[],Quantities!$O$2),VLOOKUP($A23,Quantities[],Quantities!$Q$2),VLOOKUP($A23,Quantities[],Quantities!$S$2)),\n\n VLOOKUP(A23,Quantities[],Quantities!$G$2)\n))))","v":0},{"$f":"IF(LEFT(D23,2)=\"Mg\", VLOOKUP(A23,Quantities[],Quantities!$H$2),\n\nIF(OR(AND(LEFT(D23,2)=\"Sc\",B23=\"A\",C23=\"d\",C23=\"f\")),\n(SUM(VLOOKUP($A23,Quantities[],Quantities!$P$2)*VLOOKUP($A23,Quantities[],Quantities!$O$2),VLOOKUP($A23,Quantities[],Quantities!$R$2)*VLOOKUP($A23,Quantities[],Quantities!$Q$2),VLOOKUP($A23,Quantities[],Quantities!$T$2)*VLOOKUP($A23,Quantities[],Quantities!$S$2)))/SUM(VLOOKUP($A23,Quantities[],Quantities!$O$2),VLOOKUP($A23,Quantities[],Quantities!$Q$2),VLOOKUP($A23,Quantities[],Quantities!$S$2)),\n\nIF(AND(LEFT(D23,2)=\"Sc\",OR(C23=\"a\",C23=\"f\")),\nVLOOKUP(A23,Quantities[],Quantities!$J$2),\n\nIF(AND(B23=\"D\",C23=\"b\", (VLOOKUP(INDEX(Quantities!$A$100:$A$118,MATCH($A23,Quantities!$C$100:$C$118)),Quantities[],Quantities!$O$2)+VLOOKUP(INDEX(Quantities!$A$100:$A$118,MATCH($A23,Quantities!$C$100:$C$118)),Quantities[],Quantities!$Q$2)+VLOOKUP(INDEX(Quantities!$A$100:$A$118,MATCH($A23,Quantities!$C$100:$C$118)),Quantities[],Quantities!$S$2))>0),\n(VLOOKUP(INDEX(Quantities!$A$100:$A$118,MATCH($A23,Quantities!$C$100:$C$118)),Quantities[],Quantities!$P$2)*VLOOKUP(INDEX(Quantities!$A$100:$A$118,MATCH($A23,Quantities!$C$100:$C$118)),Quantities[],Quantities!$O$2)\n+VLOOKUP(INDEX(Quantities!$A$100:$A$118,MATCH($A23,Quantities!$C$100:$C$118)),Quantities[],Quantities!$R$2)*VLOOKUP(INDEX(Quantities!$A$100:$A$118,MATCH($A23,Quantities!$C$100:$C$118)),Quantities[],Quantities!$Q$2)\n+VLOOKUP(INDEX(Quantities!$A$100:$A$118,MATCH($A23,Quantities!$C$100:$C$118)),Quantities[],Quantities!$T$2)*VLOOKUP(INDEX(Quantities!$A$100:$A$118,MATCH($A23,Quantities!$C$100:$C$118)),Quantities[],Quantities!$S$2))/\n(VLOOKUP(INDEX(Quantities!$A$100:$A$118,MATCH($A23,Quantities!$C$100:$C$118)),Quantities[],Quantities!$O$2)+VLOOKUP(INDEX(Quantities!$A$100:$A$118,MATCH($A23,Quantities!$C$100:$C$118)),Quantities[],Quantities!$Q$2)+VLOOKUP(A23,Quantities[],Quantities!$S$2)),\n\nIF(AND(B23=\"D\", (VLOOKUP(A23,Quantities[],Quantities!$O$2)+VLOOKUP(A23,Quantities[],Quantities!$Q$2)+VLOOKUP(A23,Quantities[],Quantities!$S$2))>0),\n(VLOOKUP(A23,Quantities[],Quantities!$P$2)*VLOOKUP(A23,Quantities[],Quantities!$O$2)\n+VLOOKUP(A23,Quantities[],Quantities!$R$2)*VLOOKUP(A23,Quantities[],Quantities!$Q$2)\n+VLOOKUP(A23,Quantities[],Quantities!$T$2)*VLOOKUP(A23,Quantities[],Quantities!$S$2))/\n(VLOOKUP(A23,Quantities[],Quantities!$O$2)+VLOOKUP(A23,Quantities[],Quantities!$Q$2)+VLOOKUP(A23,Quantities[],Quantities!$S$2)),\n\nIF($B23=\"Q\", (SUM(VLOOKUP($A23,Quantities[],Quantities!$P$2)*VLOOKUP($A23,Quantities[],Quantities!$O$2),VLOOKUP($A23,Quantities[],Quantities!$R$2)*VLOOKUP($A23,Quantities[],Quantities!$Q$2),VLOOKUP($A23,Quantities[],Quantities!$T$2)*VLOOKUP($A23,Quantities[],Quantities!$S$2)))/SUM(VLOOKUP($A23,Quantities[],Quantities!$O$2),VLOOKUP($A23,Quantities[],Quantities!$Q$2),VLOOKUP($A23,Quantities[],Quantities!$S$2)),\n\n VLOOKUP(A23,Quantities[],Quantities!$H$2)\n))))))","v":"-"},{"$f":"IF(LEFT(D23,1)=\"U\",\"-\",VLOOKUP(D23,Equipment[],Equipment!$B$2))","v":"-"}]
[{"$f":"Quantities!A90","v":3410},"M","e","U","3410-M-e-U",{"$f":"IF(D24=\"Comb1\",CONCATENATE(VLOOKUP(B24,'Activity-Material_Codes'!$A$2:$B$26,Quantities!$B$2),\"-\",VLOOKUP(A24,Quantities[],Quantities!$D$2)),\nCONCATENATE(\nVLOOKUP(B24,'Activity-Material_Codes'!$A$2:$B$26,Quantities!$B$2),\nIF(AND(B24=\"B\",C24=\"a\"), \" Scraper Grading\", \"\"),\nIF(C24=\"b\",\"\",\"-\"),\nIF(C24=\"b\",\"\",VLOOKUP(A24,Quantities[],Quantities!$D$2)),\nIF(LEFT(TEXT(A24,\"0\"),1)=\"5\",\"\",\"-\"),\nIF(LEFT(TEXT(A24,\"0\"),1)=\"5\",\"\",VLOOKUP(C24,'Activity-Material_Codes'!$A$30:$B$36,Quantities!$B$2))\n))","v":"Post-Closure O&M-Mangas Valley Tailing Area-Final Grade"},{"$f":"CONCATENATE(\nIF(OR(RIGHT(TEXT($A24,\"0\"),Quantities!$B$2)=\"00\",LEFT(TEXT($A24,\"0\"),1)=\"5\",OR($C24=\"b\",$C24=\"f\")),\"\",VLOOKUP($A24,Quantities[],Quantities!$B$2)),\nIF(LEFT(TEXT($A24,\"0\"),1)=\"5\",\"\",\" \"),\nIF(OR(C24=\"a\",C24=\"c\",C24=\"d\",C24=\"e\"),IF(OR(RIGHT(TEXT($A24,\"0\"),Quantities!$B$2)=\"00\",LEFT(TEXT($A24,\"0\"),1)=\"5\"),VLOOKUP($A24,Quantities[],Quantities!$B$2),\"\"),\nIF(LEFT(TEXT($A24,\"0\"),1)=\"5\",VLOOKUP($A24,Quantities[],Quantities!$B$2),\nVLOOKUP(INDEX(Quantities!$A$100:$A$118,MATCH($A24,Quantities!$C$100:$C$118)),Quantities!$A$100:$B$118,Quantities!$B$2))))","v":"Reclaimed 1 Tailing Impoundment, Reclaimed 1A Tailing Impoundment, Reclaimed 1X Tailing Impoundment "},{"$f":"IF(LEFT(TEXT(A24,\"0\"),1)=\"5\",\nVLOOKUP(VLOOKUP(A24,Quantities!$A$4:$D$118,Quantities!$C$2),Quantities!$A$4:$D$118,Quantities!$C$2),\nIF(OR(C24=\"a\",C24=\"c\",C24=\"d\",C24=\"e\"),\n\"-\",\nIF(RIGHT(TEXT(A24,\"0\"),2)=\"00\",VLOOKUP(A24,Quantities[],Quantities!$B$2),\nIF(C24=\"f\",VLOOKUP(A24,Quantities[],Quantities!$B$2),\nVLOOKUP(A24,Quantities[],Quantities!$C$2))\n)))","v":"-"},{"$f":"IF(OR(AND(LEFT(D24,2)=\"Sc\",B24=\"A\",C24=\"d\"),AND(C24=\"f\",B24=\"D\")),\nSUM(VLOOKUP($A24,Quantities[],Quantities!$O$2),VLOOKUP($A24,Quantities[],Quantities!$Q$2),VLOOKUP($A24,Quantities[],Quantities!$S$2)),\n\nIF(AND(LEFT(D24,2)=\"Sc\",OR(C24=\"a\",C24=\"f\")),\nVLOOKUP(A24,Quantities[],Quantities!$I$2),\n\nIF(AND(B24=\"D\",C24=\"b\"),\n VLOOKUP(INDEX(Quantities!$A$100:$A$118,MATCH($A24,Quantities!$C$100:$C$118)),Quantities!$A$100:$AJ$118,Quantities!$O$2)+\nVLOOKUP(INDEX(Quantities!$A$100:$A$118,MATCH($A24,Quantities!$C$100:$C$118)),Quantities!$A$100:$AJ$118,Quantities!$Q$2)+\nVLOOKUP(INDEX(Quantities!$A$100:$A$118,MATCH($A24,Quantities!$C$100:$C$118)),Quantities!$A$100:$AJ$118,Quantities!$S$2),\n\nIF(OR(B24=\"D\",B24=\"Q\"),\nSUM(VLOOKUP($A24,Quantities[],Quantities!$O$2),VLOOKUP($A24,Quantities[],Quantities!$Q$2),VLOOKUP($A24,Quantities[],Quantities!$S$2)),\n\n VLOOKUP(A24,Quantities[],Quantities!$G$2)\n))))","v":0},{"$f":"IF(LEFT(D24,2)=\"Mg\", VLOOKUP(A24,Quantities[],Quantities!$H$2),\n\nIF(OR(AND(LEFT(D24,2)=\"Sc\",B24=\"A\",C24=\"d\",C24=\"f\")),\n(SUM(VLOOKUP($A24,Quantities[],Quantities!$P$2)*VLOOKUP($A24,Quantities[],Quantities!$O$2),VLOOKUP($A24,Quantities[],Quantities!$R$2)*VLOOKUP($A24,Quantities[],Quantities!$Q$2),VLOOKUP($A24,Quantities[],Quantities!$T$2)*VLOOKUP($A24,Quantities[],Quantities!$S$2)))/SUM(VLOOKUP($A24,Quantities[],Quantities!$O$2),VLOOKUP($A24,Quantities[],Quantities!$Q$2),VLOOKUP($A24,Quantities[],Quantities!$S$2)),\n\nIF(AND(LEFT(D24,2)=\"Sc\",OR(C24=\"a\",C24=\"f\")),\nVLOOKUP(A24,Quantities[],Quantities!$J$2),\n\nIF(AND(B24=\"D\",C24=\"b\", (VLOOKUP(INDEX(Quantities!$A$100:$A$118,MATCH($A24,Quantities!$C$100:$C$118)),Quantities[],Quantities!$O$2)+VLOOKUP(INDEX(Quantities!$A$100:$A$118,MATCH($A24,Quantities!$C$100:$C$118)),Quantities[],Quantities!$Q$2)+VLOOKUP(INDEX(Quantities!$A$100:$A$118,MATCH($A24,Quantities!$C$100:$C$118)),Quantities[],Quantities!$S$2))>0),\n(VLOOKUP(INDEX(Quantities!$A$100:$A$118,MATCH($A24,Quantities!$C$100:$C$118)),Quantities[],Quantities!$P$2)*VLOOKUP(INDEX(Quantities!$A$100:$A$118,MATCH($A24,Quantities!$C$100:$C$118)),Quantities[],Quantities!$O$2)\n+VLOOKUP(INDEX(Quantities!$A$100:$A$118,MATCH($A24,Quantities!$C$100:$C$118)),Quantities[],Quantities!$R$2)*VLOOKUP(INDEX(Quantities!$A$100:$A$118,MATCH($A24,Quantities!$C$100:$C$118)),Quantities[],Quantities!$Q$2)\n+VLOOKUP(INDEX(Quantities!$A$100:$A$118,MATCH($A24,Quantities!$C$100:$C$118)),Quantities[],Quantities!$T$2)*VLOOKUP(INDEX(Quantities!$A$100:$A$118,MATCH($A24,Quantities!$C$100:$C$118)),Quantities[],Quantities!$S$2))/\n(VLOOKUP(INDEX(Quantities!$A$100:$A$118,MATCH($A24,Quantities!$C$100:$C$118)),Quantities[],Quantities!$O$2)+VLOOKUP(INDEX(Quantities!$A$100:$A$118,MATCH($A24,Quantities!$C$100:$C$118)),Quantities[],Quantities!$Q$2)+VLOOKUP(A24,Quantities[],Quantities!$S$2)),\n\nIF(AND(B24=\"D\", (VLOOKUP(A24,Quantities[],Quantities!$O$2)+VLOOKUP(A24,Quantities[],Quantities!$Q$2)+VLOOKUP(A24,Quantities[],Quantities!$S$2))>0),\n(VLOOKUP(A24,Quantities[],Quantities!$P$2)*VLOOKUP(A24,Quantities[],Quantities!$O$2)\n+VLOOKUP(A24,Quantities[],Quantities!$R$2)*VLOOKUP(A24,Quantities[],Quantities!$Q$2)\n+VLOOKUP(A24,Quantities[],Quantities!$T$2)*VLOOKUP(A24,Quantities[],Quantities!$S$2))/\n(VLOOKUP(A24,Quantities[],Quantities!$O$2)+VLOOKUP(A24,Quantities[],Quantities!$Q$2)+VLOOKUP(A24,Quantities[],Quantities!$S$2)),\n\nIF($B24=\"Q\", (SUM(VLOOKUP($A24,Quantities[],Quantities!$P$2)*VLOOKUP($A24,Quantities[],Quantities!$O$2),VLOOKUP($A24,Quantities[],Quantities!$R$2)*VLOOKUP($A24,Quantities[],Quantities!$Q$2),VLOOKUP($A24,Quantities[],Quantities!$T$2)*VLOOKUP($A24,Quantities[],Quantities!$S$2)))/SUM(VLOOKUP($A24,Quantities[],Quantities!$O$2),VLOOKUP($A24,Quantities[],Quantities!$Q$2),VLOOKUP($A24,Quantities[],Quantities!$S$2)),\n\n VLOOKUP(A24,Quantities[],Quantities!$H$2)\n))))))","v":"-"},{"$f":"IF(LEFT(D24,1)=\"U\",\"-\",VLOOKUP(D24,Equipment[],Equipment!$B$2))","v":"-"}]
[{"$f":"Quantities!A91","v":3411},"M","e","U","3411-M-e-U",{"$f":"IF(D25=\"Comb1\",CONCATENATE(VLOOKUP(B25,'Activity-Material_Codes'!$A$2:$B$26,Quantities!$B$2),\"-\",VLOOKUP(A25,Quantities[],Quantities!$D$2)),\nCONCATENATE(\nVLOOKUP(B25,'Activity-Material_Codes'!$A$2:$B$26,Quantities!$B$2),\nIF(AND(B25=\"B\",C25=\"a\"), \" Scraper Grading\", \"\"),\nIF(C25=\"b\",\"\",\"-\"),\nIF(C25=\"b\",\"\",VLOOKUP(A25,Quantities[],Quantities!$D$2)),\nIF(LEFT(TEXT(A25,\"0\"),1)=\"5\",\"\",\"-\"),\nIF(LEFT(TEXT(A25,\"0\"),1)=\"5\",\"\",VLOOKUP(C25,'Activity-Material_Codes'!$A$30:$B$36,Quantities!$B$2))\n))","v":"Post-Closure O&M-Mangas Valley Tailing Area-Final Grade"},{"$f":"CONCATENATE(\nIF(OR(RIGHT(TEXT($A25,\"0\"),Quantities!$B$2)=\"00\",LEFT(TEXT($A25,\"0\"),1)=\"5\",OR($C25=\"b\",$C25=\"f\")),\"\",VLOOKUP($A25,Quantities[],Quantities!$B$2)),\nIF(LEFT(TEXT($A25,\"0\"),1)=\"5\",\"\",\" \"),\nIF(OR(C25=\"a\",C25=\"c\",C25=\"d\",C25=\"e\"),IF(OR(RIGHT(TEXT($A25,\"0\"),Quantities!$B$2)=\"00\",LEFT(TEXT($A25,\"0\"),1)=\"5\"),VLOOKUP($A25,Quantities[],Quantities!$B$2),\"\"),\nIF(LEFT(TEXT($A25,\"0\"),1)=\"5\",VLOOKUP($A25,Quantities[],Quantities!$B$2),\nVLOOKUP(INDEX(Quantities!$A$100:$A$118,MATCH($A25,Quantities!$C$100:$C$118)),Quantities!$A$100:$B$118,Quantities!$B$2))))","v":"Reclaimed 2 Tailing Impoundment "},{"$f":"IF(LEFT(TEXT(A25,\"0\"),1)=\"5\",\nVLOOKUP(VLOOKUP(A25,Quantities!$A$4:$D$118,Quantities!$C$2),Quantities!$A$4:$D$118,Quantities!$C$2),\nIF(OR(C25=\"a\",C25=\"c\",C25=\"d\",C25=\"e\"),\n\"-\",\nIF(RIGHT(TEXT(A25,\"0\"),2)=\"00\",VLOOKUP(A25,Quantities[],Quantities!$B$2),\nIF(C25=\"f\",VLOOKUP(A25,Quantities[],Quantities!$B$2),\nVLOOKUP(A25,Quantities[],Quantities!$C$2))\n)))","v":"-"},{"$f":"IF(OR(AND(LEFT(D25,2)=\"Sc\",B25=\"A\",C25=\"d\"),AND(C25=\"f\",B25=\"D\")),\nSUM(VLOOKUP($A25,Quantities[],Quantities!$O$2),VLOOKUP($A25,Quantities[],Quantities!$Q$2),VLOOKUP($A25,Quantities[],Quantities!$S$2)),\n\nIF(AND(LEFT(D25,2)=\"Sc\",OR(C25=\"a\",C25=\"f\")),\nVLOOKUP(A25,Quantities[],Quantities!$I$2),\n\nIF(AND(B25=\"D\",C25=\"b\"),\n VLOOKUP(INDEX(Quantities!$A$100:$A$118,MATCH($A25,Quantities!$C$100:$C$118)),Quantities!$A$100:$AJ$118,Quantities!$O$2)+\nVLOOKUP(INDEX(Quantities!$A$100:$A$118,MATCH($A25,Quantities!$C$100:$C$118)),Quantities!$A$100:$AJ$118,Quantities!$Q$2)+\nVLOOKUP(INDEX(Quantities!$A$100:$A$118,MATCH($A25,Quantities!$C$100:$C$118)),Quantities!$A$100:$AJ$118,Quantities!$S$2),\n\nIF(OR(B25=\"D\",B25=\"Q\"),\nSUM(VLOOKUP($A25,Quantities[],Quantities!$O$2),VLOOKUP($A25,Quantities[],Quantities!$Q$2),VLOOKUP($A25,Quantities[],Quantities!$S$2)),\n\n VLOOKUP(A25,Quantities[],Quantities!$G$2)\n))))","v":0},{"$f":"IF(LEFT(D25,2)=\"Mg\", VLOOKUP(A25,Quantities[],Quantities!$H$2),\n\nIF(OR(AND(LEFT(D25,2)=\"Sc\",B25=\"A\",C25=\"d\",C25=\"f\")),\n(SUM(VLOOKUP($A25,Quantities[],Quantities!$P$2)*VLOOKUP($A25,Quantities[],Quantities!$O$2),VLOOKUP($A25,Quantities[],Quantities!$R$2)*VLOOKUP($A25,Quantities[],Quantities!$Q$2),VLOOKUP($A25,Quantities[],Quantities!$T$2)*VLOOKUP($A25,Quantities[],Quantities!$S$2)))/SUM(VLOOKUP($A25,Quantities[],Quantities!$O$2),VLOOKUP($A25,Quantities[],Quantities!$Q$2),VLOOKUP($A25,Quantities[],Quantities!$S$2)),\n\nIF(AND(LEFT(D25,2)=\"Sc\",OR(C25=\"a\",C25=\"f\")),\nVLOOKUP(A25,Quantities[],Quantities!$J$2),\n\nIF(AND(B25=\"D\",C25=\"b\", (VLOOKUP(INDEX(Quantities!$A$100:$A$118,MATCH($A25,Quantities!$C$100:$C$118)),Quantities[],Quantities!$O$2)+VLOOKUP(INDEX(Quantities!$A$100:$A$118,MATCH($A25,Quantities!$C$100:$C$118)),Quantities[],Quantities!$Q$2)+VLOOKUP(INDEX(Quantities!$A$100:$A$118,MATCH($A25,Quantities!$C$100:$C$118)),Quantities[],Quantities!$S$2))>0),\n(VLOOKUP(INDEX(Quantities!$A$100:$A$118,MATCH($A25,Quantities!$C$100:$C$118)),Quantities[],Quantities!$P$2)*VLOOKUP(INDEX(Quantities!$A$100:$A$118,MATCH($A25,Quantities!$C$100:$C$118)),Quantities[],Quantities!$O$2)\n+VLOOKUP(INDEX(Quantities!$A$100:$A$118,MATCH($A25,Quantities!$C$100:$C$118)),Quantities[],Quantities!$R$2)*VLOOKUP(INDEX(Quantities!$A$100:$A$118,MATCH($A25,Quantities!$C$100:$C$118)),Quantities[],Quantities!$Q$2)\n+VLOOKUP(INDEX(Quantities!$A$100:$A$118,MATCH($A25,Quantities!$C$100:$C$118)),Quantities[],Quantities!$T$2)*VLOOKUP(INDEX(Quantities!$A$100:$A$118,MATCH($A25,Quantities!$C$100:$C$118)),Quantities[],Quantities!$S$2))/\n(VLOOKUP(INDEX(Quantities!$A$100:$A$118,MATCH($A25,Quantities!$C$100:$C$118)),Quantities[],Quantities!$O$2)+VLOOKUP(INDEX(Quantities!$A$100:$A$118,MATCH($A25,Quantities!$C$100:$C$118)),Quantities[],Quantities!$Q$2)+VLOOKUP(A25,Quantities[],Quantities!$S$2)),\n\nIF(AND(B25=\"D\", (VLOOKUP(A25,Quantities[],Quantities!$O$2)+VLOOKUP(A25,Quantities[],Quantities!$Q$2)+VLOOKUP(A25,Quantities[],Quantities!$S$2))>0),\n(VLOOKUP(A25,Quantities[],Quantities!$P$2)*VLOOKUP(A25,Quantities[],Quantities!$O$2)\n+VLOOKUP(A25,Quantities[],Quantities!$R$2)*VLOOKUP(A25,Quantities[],Quantities!$Q$2)\n+VLOOKUP(A25,Quantities[],Quantities!$T$2)*VLOOKUP(A25,Quantities[],Quantities!$S$2))/\n(VLOOKUP(A25,Quantities[],Quantities!$O$2)+VLOOKUP(A25,Quantities[],Quantities!$Q$2)+VLOOKUP(A25,Quantities[],Quantities!$S$2)),\n\nIF($B25=\"Q\", (SUM(VLOOKUP($A25,Quantities[],Quantities!$P$2)*VLOOKUP($A25,Quantities[],Quantities!$O$2),VLOOKUP($A25,Quantities[],Quantities!$R$2)*VLOOKUP($A25,Quantities[],Quantities!$Q$2),VLOOKUP($A25,Quantities[],Quantities!$T$2)*VLOOKUP($A25,Quantities[],Quantities!$S$2)))/SUM(VLOOKUP($A25,Quantities[],Quantities!$O$2),VLOOKUP($A25,Quantities[],Quantities!$Q$2),VLOOKUP($A25,Quantities[],Quantities!$S$2)),\n\n VLOOKUP(A25,Quantities[],Quantities!$H$2)\n))))))","v":"-"},{"$f":"IF(LEFT(D25,1)=\"U\",\"-\",VLOOKUP(D25,Equipment[],Equipment!$B$2))","v":"-"}]
[{"$f":"Quantities!A92","v":3412},"M","e","U","3412-M-e-U",{"$f":"IF(D26=\"Comb1\",CONCATENATE(VLOOKUP(B26,'Activity-Material_Codes'!$A$2:$B$26,Quantities!$B$2),\"-\",VLOOKUP(A26,Quantities[],Quantities!$D$2)),\nCONCATENATE(\nVLOOKUP(B26,'Activity-Material_Codes'!$A$2:$B$26,Quantities!$B$2),\nIF(AND(B26=\"B\",C26=\"a\"), \" Scraper Grading\", \"\"),\nIF(C26=\"b\",\"\",\"-\"),\nIF(C26=\"b\",\"\",VLOOKUP(A26,Quantities[],Quantities!$D$2)),\nIF(LEFT(TEXT(A26,\"0\"),1)=\"5\",\"\",\"-\"),\nIF(LEFT(TEXT(A26,\"0\"),1)=\"5\",\"\",VLOOKUP(C26,'Activity-Material_Codes'!$A$30:$B$36,Quantities!$B$2))\n))","v":"Post-Closure O&M-Mangas Valley Tailing Area-Final Grade"},{"$f":"CONCATENATE(\nIF(OR(RIGHT(TEXT($A26,\"0\"),Quantities!$B$2)=\"00\",LEFT(TEXT($A26,\"0\"),1)=\"5\",OR($C26=\"b\",$C26=\"f\")),\"\",VLOOKUP($A26,Quantities[],Quantities!$B$2)),\nIF(LEFT(TEXT($A26,\"0\"),1)=\"5\",\"\",\" \"),\nIF(OR(C26=\"a\",C26=\"c\",C26=\"d\",C26=\"e\"),IF(OR(RIGHT(TEXT($A26,\"0\"),Quantities!$B$2)=\"00\",LEFT(TEXT($A26,\"0\"),1)=\"5\"),VLOOKUP($A26,Quantities[],Quantities!$B$2),\"\"),\nIF(LEFT(TEXT($A26,\"0\"),1)=\"5\",VLOOKUP($A26,Quantities[],Quantities!$B$2),\nVLOOKUP(INDEX(Quantities!$A$100:$A$118,MATCH($A26,Quantities!$C$100:$C$118)),Quantities!$A$100:$B$118,Quantities!$B$2))))","v":"Reclaimed 3X Tailing Impoundment "},{"$f":"IF(LEFT(TEXT(A26,\"0\"),1)=\"5\",\nVLOOKUP(VLOOKUP(A26,Quantities!$A$4:$D$118,Quantities!$C$2),Quantities!$A$4:$D$118,Quantities!$C$2),\nIF(OR(C26=\"a\",C26=\"c\",C26=\"d\",C26=\"e\"),\n\"-\",\nIF(RIGHT(TEXT(A26,\"0\"),2)=\"00\",VLOOKUP(A26,Quantities[],Quantities!$B$2),\nIF(C26=\"f\",VLOOKUP(A26,Quantities[],Quantities!$B$2),\nVLOOKUP(A26,Quantities[],Quantities!$C$2))\n)))","v":"-"},{"$f":"IF(OR(AND(LEFT(D26,2)=\"Sc\",B26=\"A\",C26=\"d\"),AND(C26=\"f\",B26=\"D\")),\nSUM(VLOOKUP($A26,Quantities[],Quantities!$O$2),VLOOKUP($A26,Quantities[],Quantities!$Q$2),VLOOKUP($A26,Quantities[],Quantities!$S$2)),\n\nIF(AND(LEFT(D26,2)=\"Sc\",OR(C26=\"a\",C26=\"f\")),\nVLOOKUP(A26,Quantities[],Quantities!$I$2),\n\nIF(AND(B26=\"D\",C26=\"b\"),\n VLOOKUP(INDEX(Quantities!$A$100:$A$118,MATCH($A26,Quantities!$C$100:$C$118)),Quantities!$A$100:$AJ$118,Quantities!$O$2)+\nVLOOKUP(INDEX(Quantities!$A$100:$A$118,MATCH($A26,Quantities!$C$100:$C$118)),Quantities!$A$100:$AJ$118,Quantities!$Q$2)+\nVLOOKUP(INDEX(Quantities!$A$100:$A$118,MATCH($A26,Quantities!$C$100:$C$118)),Quantities!$A$100:$AJ$118,Quantities!$S$2),\n\nIF(OR(B26=\"D\",B26=\"Q\"),\nSUM(VLOOKUP($A26,Quantities[],Quantities!$O$2),VLOOKUP($A26,Quantities[],Quantities!$Q$2),VLOOKUP($A26,Quantities[],Quantities!$S$2)),\n\n VLOOKUP(A26,Quantities[],Quantities!$G$2)\n))))","v":0},{"$f":"IF(LEFT(D26,2)=\"Mg\", VLOOKUP(A26,Quantities[],Quantities!$H$2),\n\nIF(OR(AND(LEFT(D26,2)=\"Sc\",B26=\"A\",C26=\"d\",C26=\"f\")),\n(SUM(VLOOKUP($A26,Quantities[],Quantities!$P$2)*VLOOKUP($A26,Quantities[],Quantities!$O$2),VLOOKUP($A26,Quantities[],Quantities!$R$2)*VLOOKUP($A26,Quantities[],Quantities!$Q$2),VLOOKUP($A26,Quantities[],Quantities!$T$2)*VLOOKUP($A26,Quantities[],Quantities!$S$2)))/SUM(VLOOKUP($A26,Quantities[],Quantities!$O$2),VLOOKUP($A26,Quantities[],Quantities!$Q$2),VLOOKUP($A26,Quantities[],Quantities!$S$2)),\n\nIF(AND(LEFT(D26,2)=\"Sc\",OR(C26=\"a\",C26=\"f\")),\nVLOOKUP(A26,Quantities[],Quantities!$J$2),\n\nIF(AND(B26=\"D\",C26=\"b\", (VLOOKUP(INDEX(Quantities!$A$100:$A$118,MATCH($A26,Quantities!$C$100:$C$118)),Quantities[],Quantities!$O$2)+VLOOKUP(INDEX(Quantities!$A$100:$A$118,MATCH($A26,Quantities!$C$100:$C$118)),Quantities[],Quantities!$Q$2)+VLOOKUP(INDEX(Quantities!$A$100:$A$118,MATCH($A26,Quantities!$C$100:$C$118)),Quantities[],Quantities!$S$2))>0),\n(VLOOKUP(INDEX(Quantities!$A$100:$A$118,MATCH($A26,Quantities!$C$100:$C$118)),Quantities[],Quantities!$P$2)*VLOOKUP(INDEX(Quantities!$A$100:$A$118,MATCH($A26,Quantities!$C$100:$C$118)),Quantities[],Quantities!$O$2)\n+VLOOKUP(INDEX(Quantities!$A$100:$A$118,MATCH($A26,Quantities!$C$100:$C$118)),Quantities[],Quantities!$R$2)*VLOOKUP(INDEX(Quantities!$A$100:$A$118,MATCH($A26,Quantities!$C$100:$C$118)),Quantities[],Quantities!$Q$2)\n+VLOOKUP(INDEX(Quantities!$A$100:$A$118,MATCH($A26,Quantities!$C$100:$C$118)),Quantities[],Quantities!$T$2)*VLOOKUP(INDEX(Quantities!$A$100:$A$118,MATCH($A26,Quantities!$C$100:$C$118)),Quantities[],Quantities!$S$2))/\n(VLOOKUP(INDEX(Quantities!$A$100:$A$118,MATCH($A26,Quantities!$C$100:$C$118)),Quantities[],Quantities!$O$2)+VLOOKUP(INDEX(Quantities!$A$100:$A$118,MATCH($A26,Quantities!$C$100:$C$118)),Quantities[],Quantities!$Q$2)+VLOOKUP(A26,Quantities[],Quantities!$S$2)),\n\nIF(AND(B26=\"D\", (VLOOKUP(A26,Quantities[],Quantities!$O$2)+VLOOKUP(A26,Quantities[],Quantities!$Q$2)+VLOOKUP(A26,Quantities[],Quantities!$S$2))>0),\n(VLOOKUP(A26,Quantities[],Quantities!$P$2)*VLOOKUP(A26,Quantities[],Quantities!$O$2)\n+VLOOKUP(A26,Quantities[],Quantities!$R$2)*VLOOKUP(A26,Quantities[],Quantities!$Q$2)\n+VLOOKUP(A26,Quantities[],Quantities!$T$2)*VLOOKUP(A26,Quantities[],Quantities!$S$2))/\n(VLOOKUP(A26,Quantities[],Quantities!$O$2)+VLOOKUP(A26,Quantities[],Quantities!$Q$2)+VLOOKUP(A26,Quantities[],Quantities!$S$2)),\n\nIF($B26=\"Q\", (SUM(VLOOKUP($A26,Quantities[],Quantities!$P$2)*VLOOKUP($A26,Quantities[],Quantities!$O$2),VLOOKUP($A26,Quantities[],Quantities!$R$2)*VLOOKUP($A26,Quantities[],Quantities!$Q$2),VLOOKUP($A26,Quantities[],Quantities!$T$2)*VLOOKUP($A26,Quantities[],Quantities!$S$2)))/SUM(VLOOKUP($A26,Quantities[],Quantities!$O$2),VLOOKUP($A26,Quantities[],Quantities!$Q$2),VLOOKUP($A26,Quantities[],Quantities!$S$2)),\n\n VLOOKUP(A26,Quantities[],Quantities!$H$2)\n))))))","v":"-"},{"$f":"IF(LEFT(D26,1)=\"U\",\"-\",VLOOKUP(D26,Equipment[],Equipment!$B$2))","v":"-"}]
[{"$f":"Quantities!A93","v":3413},"M","e","U","3413-M-e-U",{"$f":"IF(D27=\"Comb1\",CONCATENATE(VLOOKUP(B27,'Activity-Material_Codes'!$A$2:$B$26,Quantities!$B$2),\"-\",VLOOKUP(A27,Quantities[],Quantities!$D$2)),\nCONCATENATE(\nVLOOKUP(B27,'Activity-Material_Codes'!$A$2:$B$26,Quantities!$B$2),\nIF(AND(B27=\"B\",C27=\"a\"), \" Scraper Grading\", \"\"),\nIF(C27=\"b\",\"\",\"-\"),\nIF(C27=\"b\",\"\",VLOOKUP(A27,Quantities[],Quantities!$D$2)),\nIF(LEFT(TEXT(A27,\"0\"),1)=\"5\",\"\",\"-\"),\nIF(LEFT(TEXT(A27,\"0\"),1)=\"5\",\"\",VLOOKUP(C27,'Activity-Material_Codes'!$A$30:$B$36,Quantities!$B$2))\n))","v":"Post-Closure O&M-Mangas Valley Tailing Area-Final Grade"},{"$f":"CONCATENATE(\nIF(OR(RIGHT(TEXT($A27,\"0\"),Quantities!$B$2)=\"00\",LEFT(TEXT($A27,\"0\"),1)=\"5\",OR($C27=\"b\",$C27=\"f\")),\"\",VLOOKUP($A27,Quantities[],Quantities!$B$2)),\nIF(LEFT(TEXT($A27,\"0\"),1)=\"5\",\"\",\" \"),\nIF(OR(C27=\"a\",C27=\"c\",C27=\"d\",C27=\"e\"),IF(OR(RIGHT(TEXT($A27,\"0\"),Quantities!$B$2)=\"00\",LEFT(TEXT($A27,\"0\"),1)=\"5\"),VLOOKUP($A27,Quantities[],Quantities!$B$2),\"\"),\nIF(LEFT(TEXT($A27,\"0\"),1)=\"5\",VLOOKUP($A27,Quantities[],Quantities!$B$2),\nVLOOKUP(INDEX(Quantities!$A$100:$A$118,MATCH($A27,Quantities!$C$100:$C$118)),Quantities!$A$100:$B$118,Quantities!$B$2))))","v":"Reclaimed 3 Tailing Impoundment "},{"$f":"IF(LEFT(TEXT(A27,\"0\"),1)=\"5\",\nVLOOKUP(VLOOKUP(A27,Quantities!$A$4:$D$118,Quantities!$C$2),Quantities!$A$4:$D$118,Quantities!$C$2),\nIF(OR(C27=\"a\",C27=\"c\",C27=\"d\",C27=\"e\"),\n\"-\",\nIF(RIGHT(TEXT(A27,\"0\"),2)=\"00\",VLOOKUP(A27,Quantities[],Quantities!$B$2),\nIF(C27=\"f\",VLOOKUP(A27,Quantities[],Quantities!$B$2),\nVLOOKUP(A27,Quantities[],Quantities!$C$2))\n)))","v":"-"},{"$f":"IF(OR(AND(LEFT(D27,2)=\"Sc\",B27=\"A\",C27=\"d\"),AND(C27=\"f\",B27=\"D\")),\nSUM(VLOOKUP($A27,Quantities[],Quantities!$O$2),VLOOKUP($A27,Quantities[],Quantities!$Q$2),VLOOKUP($A27,Quantities[],Quantities!$S$2)),\n\nIF(AND(LEFT(D27,2)=\"Sc\",OR(C27=\"a\",C27=\"f\")),\nVLOOKUP(A27,Quantities[],Quantities!$I$2),\n\nIF(AND(B27=\"D\",C27=\"b\"),\n VLOOKUP(INDEX(Quantities!$A$100:$A$118,MATCH($A27,Quantities!$C$100:$C$118)),Quantities!$A$100:$AJ$118,Quantities!$O$2)+\nVLOOKUP(INDEX(Quantities!$A$100:$A$118,MATCH($A27,Quantities!$C$100:$C$118)),Quantities!$A$100:$AJ$118,Quantities!$Q$2)+\nVLOOKUP(INDEX(Quantities!$A$100:$A$118,MATCH($A27,Quantities!$C$100:$C$118)),Quantities!$A$100:$AJ$118,Quantities!$S$2),\n\nIF(OR(B27=\"D\",B27=\"Q\"),\nSUM(VLOOKUP($A27,Quantities[],Quantities!$O$2),VLOOKUP($A27,Quantities[],Quantities!$Q$2),VLOOKUP($A27,Quantities[],Quantities!$S$2)),\n\n VLOOKUP(A27,Quantities[],Quantities!$G$2)\n))))","v":0},{"$f":"IF(LEFT(D27,2)=\"Mg\", VLOOKUP(A27,Quantities[],Quantities!$H$2),\n\nIF(OR(AND(LEFT(D27,2)=\"Sc\",B27=\"A\",C27=\"d\",C27=\"f\")),\n(SUM(VLOOKUP($A27,Quantities[],Quantities!$P$2)*VLOOKUP($A27,Quantities[],Quantities!$O$2),VLOOKUP($A27,Quantities[],Quantities!$R$2)*VLOOKUP($A27,Quantities[],Quantities!$Q$2),VLOOKUP($A27,Quantities[],Quantities!$T$2)*VLOOKUP($A27,Quantities[],Quantities!$S$2)))/SUM(VLOOKUP($A27,Quantities[],Quantities!$O$2),VLOOKUP($A27,Quantities[],Quantities!$Q$2),VLOOKUP($A27,Quantities[],Quantities!$S$2)),\n\nIF(AND(LEFT(D27,2)=\"Sc\",OR(C27=\"a\",C27=\"f\")),\nVLOOKUP(A27,Quantities[],Quantities!$J$2),\n\nIF(AND(B27=\"D\",C27=\"b\", (VLOOKUP(INDEX(Quantities!$A$100:$A$118,MATCH($A27,Quantities!$C$100:$C$118)),Quantities[],Quantities!$O$2)+VLOOKUP(INDEX(Quantities!$A$100:$A$118,MATCH($A27,Quantities!$C$100:$C$118)),Quantities[],Quantities!$Q$2)+VLOOKUP(INDEX(Quantities!$A$100:$A$118,MATCH($A27,Quantities!$C$100:$C$118)),Quantities[],Quantities!$S$2))>0),\n(VLOOKUP(INDEX(Quantities!$A$100:$A$118,MATCH($A27,Quantities!$C$100:$C$118)),Quantities[],Quantities!$P$2)*VLOOKUP(INDEX(Quantities!$A$100:$A$118,MATCH($A27,Quantities!$C$100:$C$118)),Quantities[],Quantities!$O$2)\n+VLOOKUP(INDEX(Quantities!$A$100:$A$118,MATCH($A27,Quantities!$C$100:$C$118)),Quantities[],Quantities!$R$2)*VLOOKUP(INDEX(Quantities!$A$100:$A$118,MATCH($A27,Quantities!$C$100:$C$118)),Quantities[],Quantities!$Q$2)\n+VLOOKUP(INDEX(Quantities!$A$100:$A$118,MATCH($A27,Quantities!$C$100:$C$118)),Quantities[],Quantities!$T$2)*VLOOKUP(INDEX(Quantities!$A$100:$A$118,MATCH($A27,Quantities!$C$100:$C$118)),Quantities[],Quantities!$S$2))/\n(VLOOKUP(INDEX(Quantities!$A$100:$A$118,MATCH($A27,Quantities!$C$100:$C$118)),Quantities[],Quantities!$O$2)+VLOOKUP(INDEX(Quantities!$A$100:$A$118,MATCH($A27,Quantities!$C$100:$C$118)),Quantities[],Quantities!$Q$2)+VLOOKUP(A27,Quantities[],Quantities!$S$2)),\n\nIF(AND(B27=\"D\", (VLOOKUP(A27,Quantities[],Quantities!$O$2)+VLOOKUP(A27,Quantities[],Quantities!$Q$2)+VLOOKUP(A27,Quantities[],Quantities!$S$2))>0),\n(VLOOKUP(A27,Quantities[],Quantities!$P$2)*VLOOKUP(A27,Quantities[],Quantities!$O$2)\n+VLOOKUP(A27,Quantities[],Quantities!$R$2)*VLOOKUP(A27,Quantities[],Quantities!$Q$2)\n+VLOOKUP(A27,Quantities[],Quantities!$T$2)*VLOOKUP(A27,Quantities[],Quantities!$S$2))/\n(VLOOKUP(A27,Quantities[],Quantities!$O$2)+VLOOKUP(A27,Quantities[],Quantities!$Q$2)+VLOOKUP(A27,Quantities[],Quantities!$S$2)),\n\nIF($B27=\"Q\", (SUM(VLOOKUP($A27,Quantities[],Quantities!$P$2)*VLOOKUP($A27,Quantities[],Quantities!$O$2),VLOOKUP($A27,Quantities[],Quantities!$R$2)*VLOOKUP($A27,Quantities[],Quantities!$Q$2),VLOOKUP($A27,Quantities[],Quantities!$T$2)*VLOOKUP($A27,Quantities[],Quantities!$S$2)))/SUM(VLOOKUP($A27,Quantities[],Quantities!$O$2),VLOOKUP($A27,Quantities[],Quantities!$Q$2),VLOOKUP($A27,Quantities[],Quantities!$S$2)),\n\n VLOOKUP(A27,Quantities[],Quantities!$H$2)\n))))))","v":"-"},{"$f":"IF(LEFT(D27,1)=\"U\",\"-\",VLOOKUP(D27,Equipment[],Equipment!$B$2))","v":"-"}]
[{"$f":"Quantities!A94","v":3414},"M","e","U","3414-M-e-U",{"$f":"IF(D28=\"Comb1\",CONCATENATE(VLOOKUP(B28,'Activity-Material_Codes'!$A$2:$B$26,Quantities!$B$2),\"-\",VLOOKUP(A28,Quantities[],Quantities!$D$2)),\nCONCATENATE(\nVLOOKUP(B28,'Activity-Material_Codes'!$A$2:$B$26,Quantities!$B$2),\nIF(AND(B28=\"B\",C28=\"a\"), \" Scraper Grading\", \"\"),\nIF(C28=\"b\",\"\",\"-\"),\nIF(C28=\"b\",\"\",VLOOKUP(A28,Quantities[],Quantities!$D$2)),\nIF(LEFT(TEXT(A28,\"0\"),1)=\"5\",\"\",\"-\"),\nIF(LEFT(TEXT(A28,\"0\"),1)=\"5\",\"\",VLOOKUP(C28,'Activity-Material_Codes'!$A$30:$B$36,Quantities!$B$2))\n))","v":"Post-Closure O&M-East Mine Area-Final Grade"},{"$f":"CONCATENATE(\nIF(OR(RIGHT(TEXT($A28,\"0\"),Quantities!$B$2)=\"00\",LEFT(TEXT($A28,\"0\"),1)=\"5\",OR($C28=\"b\",$C28=\"f\")),\"\",VLOOKUP($A28,Quantities[],Quantities!$B$2)),\nIF(LEFT(TEXT($A28,\"0\"),1)=\"5\",\"\",\" \"),\nIF(OR(C28=\"a\",C28=\"c\",C28=\"d\",C28=\"e\"),IF(OR(RIGHT(TEXT($A28,\"0\"),Quantities!$B$2)=\"00\",LEFT(TEXT($A28,\"0\"),1)=\"5\"),VLOOKUP($A28,Quantities[],Quantities!$B$2),\"\"),\nIF(LEFT(TEXT($A28,\"0\"),1)=\"5\",VLOOKUP($A28,Quantities[],Quantities!$B$2),\nVLOOKUP(INDEX(Quantities!$A$100:$A$118,MATCH($A28,Quantities!$C$100:$C$118)),Quantities!$A$100:$B$118,Quantities!$B$2))))","v":"Reclaimed Burro Mountain Tailing Impoundment "},{"$f":"IF(LEFT(TEXT(A28,\"0\"),1)=\"5\",\nVLOOKUP(VLOOKUP(A28,Quantities!$A$4:$D$118,Quantities!$C$2),Quantities!$A$4:$D$118,Quantities!$C$2),\nIF(OR(C28=\"a\",C28=\"c\",C28=\"d\",C28=\"e\"),\n\"-\",\nIF(RIGHT(TEXT(A28,\"0\"),2)=\"00\",VLOOKUP(A28,Quantities[],Quantities!$B$2),\nIF(C28=\"f\",VLOOKUP(A28,Quantities[],Quantities!$B$2),\nVLOOKUP(A28,Quantities[],Quantities!$C$2))\n)))","v":"-"},{"$f":"IF(OR(AND(LEFT(D28,2)=\"Sc\",B28=\"A\",C28=\"d\"),AND(C28=\"f\",B28=\"D\")),\nSUM(VLOOKUP($A28,Quantities[],Quantities!$O$2),VLOOKUP($A28,Quantities[],Quantities!$Q$2),VLOOKUP($A28,Quantities[],Quantities!$S$2)),\n\nIF(AND(LEFT(D28,2)=\"Sc\",OR(C28=\"a\",C28=\"f\")),\nVLOOKUP(A28,Quantities[],Quantities!$I$2),\n\nIF(AND(B28=\"D\",C28=\"b\"),\n VLOOKUP(INDEX(Quantities!$A$100:$A$118,MATCH($A28,Quantities!$C$100:$C$118)),Quantities!$A$100:$AJ$118,Quantities!$O$2)+\nVLOOKUP(INDEX(Quantities!$A$100:$A$118,MATCH($A28,Quantities!$C$100:$C$118)),Quantities!$A$100:$AJ$118,Quantities!$Q$2)+\nVLOOKUP(INDEX(Quantities!$A$100:$A$118,MATCH($A28,Quantities!$C$100:$C$118)),Quantities!$A$100:$AJ$118,Quantities!$S$2),\n\nIF(OR(B28=\"D\",B28=\"Q\"),\nSUM(VLOOKUP($A28,Quantities[],Quantities!$O$2),VLOOKUP($A28,Quantities[],Quantities!$Q$2),VLOOKUP($A28,Quantities[],Quantities!$S$2)),\n\n VLOOKUP(A28,Quantities[],Quantities!$G$2)\n))))","v":0},{"$f":"IF(LEFT(D28,2)=\"Mg\", VLOOKUP(A28,Quantities[],Quantities!$H$2),\n\nIF(OR(AND(LEFT(D28,2)=\"Sc\",B28=\"A\",C28=\"d\",C28=\"f\")),\n(SUM(VLOOKUP($A28,Quantities[],Quantities!$P$2)*VLOOKUP($A28,Quantities[],Quantities!$O$2),VLOOKUP($A28,Quantities[],Quantities!$R$2)*VLOOKUP($A28,Quantities[],Quantities!$Q$2),VLOOKUP($A28,Quantities[],Quantities!$T$2)*VLOOKUP($A28,Quantities[],Quantities!$S$2)))/SUM(VLOOKUP($A28,Quantities[],Quantities!$O$2),VLOOKUP($A28,Quantities[],Quantities!$Q$2),VLOOKUP($A28,Quantities[],Quantities!$S$2)),\n\nIF(AND(LEFT(D28,2)=\"Sc\",OR(C28=\"a\",C28=\"f\")),\nVLOOKUP(A28,Quantities[],Quantities!$J$2),\n\nIF(AND(B28=\"D\",C28=\"b\", (VLOOKUP(INDEX(Quantities!$A$100:$A$118,MATCH($A28,Quantities!$C$100:$C$118)),Quantities[],Quantities!$O$2)+VLOOKUP(INDEX(Quantities!$A$100:$A$118,MATCH($A28,Quantities!$C$100:$C$118)),Quantities[],Quantities!$Q$2)+VLOOKUP(INDEX(Quantities!$A$100:$A$118,MATCH($A28,Quantities!$C$100:$C$118)),Quantities[],Quantities!$S$2))>0),\n(VLOOKUP(INDEX(Quantities!$A$100:$A$118,MATCH($A28,Quantities!$C$100:$C$118)),Quantities[],Quantities!$P$2)*VLOOKUP(INDEX(Quantities!$A$100:$A$118,MATCH($A28,Quantities!$C$100:$C$118)),Quantities[],Quantities!$O$2)\n+VLOOKUP(INDEX(Quantities!$A$100:$A$118,MATCH($A28,Quantities!$C$100:$C$118)),Quantities[],Quantities!$R$2)*VLOOKUP(INDEX(Quantities!$A$100:$A$118,MATCH($A28,Quantities!$C$100:$C$118)),Quantities[],Quantities!$Q$2)\n+VLOOKUP(INDEX(Quantities!$A$100:$A$118,MATCH($A28,Quantities!$C$100:$C$118)),Quantities[],Quantities!$T$2)*VLOOKUP(INDEX(Quantities!$A$100:$A$118,MATCH($A28,Quantities!$C$100:$C$118)),Quantities[],Quantities!$S$2))/\n(VLOOKUP(INDEX(Quantities!$A$100:$A$118,MATCH($A28,Quantities!$C$100:$C$118)),Quantities[],Quantities!$O$2)+VLOOKUP(INDEX(Quantities!$A$100:$A$118,MATCH($A28,Quantities!$C$100:$C$118)),Quantities[],Quantities!$Q$2)+VLOOKUP(A28,Quantities[],Quantities!$S$2)),\n\nIF(AND(B28=\"D\", (VLOOKUP(A28,Quantities[],Quantities!$O$2)+VLOOKUP(A28,Quantities[],Quantities!$Q$2)+VLOOKUP(A28,Quantities[],Quantities!$S$2))>0),\n(VLOOKUP(A28,Quantities[],Quantities!$P$2)*VLOOKUP(A28,Quantities[],Quantities!$O$2)\n+VLOOKUP(A28,Quantities[],Quantities!$R$2)*VLOOKUP(A28,Quantities[],Quantities!$Q$2)\n+VLOOKUP(A28,Quantities[],Quantities!$T$2)*VLOOKUP(A28,Quantities[],Quantities!$S$2))/\n(VLOOKUP(A28,Quantities[],Quantities!$O$2)+VLOOKUP(A28,Quantities[],Quantities!$Q$2)+VLOOKUP(A28,Quantities[],Quantities!$S$2)),\n\nIF($B28=\"Q\", (SUM(VLOOKUP($A28,Quantities[],Quantities!$P$2)*VLOOKUP($A28,Quantities[],Quantities!$O$2),VLOOKUP($A28,Quantities[],Quantities!$R$2)*VLOOKUP($A28,Quantities[],Quantities!$Q$2),VLOOKUP($A28,Quantities[],Quantities!$T$2)*VLOOKUP($A28,Quantities[],Quantities!$S$2)))/SUM(VLOOKUP($A28,Quantities[],Quantities!$O$2),VLOOKUP($A28,Quantities[],Quantities!$Q$2),VLOOKUP($A28,Quantities[],Quantities!$S$2)),\n\n VLOOKUP(A28,Quantities[],Quantities!$H$2)\n))))))","v":"-"},{"$f":"IF(LEFT(D28,1)=\"U\",\"-\",VLOOKUP(D28,Equipment[],Equipment!$B$2))","v":"-"}]
[{"$f":"Quantities!A95","v":3415},"M","e","U","3415-M-e-U",{"$f":"IF(D29=\"Comb1\",CONCATENATE(VLOOKUP(B29,'Activity-Material_Codes'!$A$2:$B$26,Quantities!$B$2),\"-\",VLOOKUP(A29,Quantities[],Quantities!$D$2)),\nCONCATENATE(\nVLOOKUP(B29,'Activity-Material_Codes'!$A$2:$B$26,Quantities!$B$2),\nIF(AND(B29=\"B\",C29=\"a\"), \" Scraper Grading\", \"\"),\nIF(C29=\"b\",\"\",\"-\"),\nIF(C29=\"b\",\"\",VLOOKUP(A29,Quantities[],Quantities!$D$2)),\nIF(LEFT(TEXT(A29,\"0\"),1)=\"5\",\"\",\"-\"),\nIF(LEFT(TEXT(A29,\"0\"),1)=\"5\",\"\",VLOOKUP(C29,'Activity-Material_Codes'!$A$30:$B$36,Quantities!$B$2))\n))","v":"Post-Closure O&M-East Mine Area-Final Grade"},{"$f":"CONCATENATE(\nIF(OR(RIGHT(TEXT($A29,\"0\"),Quantities!$B$2)=\"00\",LEFT(TEXT($A29,\"0\"),1)=\"5\",OR($C29=\"b\",$C29=\"f\")),\"\",VLOOKUP($A29,Quantities[],Quantities!$B$2)),\nIF(LEFT(TEXT($A29,\"0\"),1)=\"5\",\"\",\" \"),\nIF(OR(C29=\"a\",C29=\"c\",C29=\"d\",C29=\"e\"),IF(OR(RIGHT(TEXT($A29,\"0\"),Quantities!$B$2)=\"00\",LEFT(TEXT($A29,\"0\"),1)=\"5\"),VLOOKUP($A29,Quantities[],Quantities!$B$2),\"\"),\nIF(LEFT(TEXT($A29,\"0\"),1)=\"5\",VLOOKUP($A29,Quantities[],Quantities!$B$2),\nVLOOKUP(INDEX(Quantities!$A$100:$A$118,MATCH($A29,Quantities!$C$100:$C$118)),Quantities!$A$100:$B$118,Quantities!$B$2))))","v":"Reclaimed Burro Mountain Tailing Impoundment "},{"$f":"IF(LEFT(TEXT(A29,\"0\"),1)=\"5\",\nVLOOKUP(VLOOKUP(A29,Quantities!$A$4:$D$118,Quantities!$C$2),Quantities!$A$4:$D$118,Quantities!$C$2),\nIF(OR(C29=\"a\",C29=\"c\",C29=\"d\",C29=\"e\"),\n\"-\",\nIF(RIGHT(TEXT(A29,\"0\"),2)=\"00\",VLOOKUP(A29,Quantities[],Quantities!$B$2),\nIF(C29=\"f\",VLOOKUP(A29,Quantities[],Quantities!$B$2),\nVLOOKUP(A29,Quantities[],Quantities!$C$2))\n)))","v":"-"},{"$f":"IF(OR(AND(LEFT(D29,2)=\"Sc\",B29=\"A\",C29=\"d\"),AND(C29=\"f\",B29=\"D\")),\nSUM(VLOOKUP($A29,Quantities[],Quantities!$O$2),VLOOKUP($A29,Quantities[],Quantities!$Q$2),VLOOKUP($A29,Quantities[],Quantities!$S$2)),\n\nIF(AND(LEFT(D29,2)=\"Sc\",OR(C29=\"a\",C29=\"f\")),\nVLOOKUP(A29,Quantities[],Quantities!$I$2),\n\nIF(AND(B29=\"D\",C29=\"b\"),\n VLOOKUP(INDEX(Quantities!$A$100:$A$118,MATCH($A29,Quantities!$C$100:$C$118)),Quantities!$A$100:$AJ$118,Quantities!$O$2)+\nVLOOKUP(INDEX(Quantities!$A$100:$A$118,MATCH($A29,Quantities!$C$100:$C$118)),Quantities!$A$100:$AJ$118,Quantities!$Q$2)+\nVLOOKUP(INDEX(Quantities!$A$100:$A$118,MATCH($A29,Quantities!$C$100:$C$118)),Quantities!$A$100:$AJ$118,Quantities!$S$2),\n\nIF(OR(B29=\"D\",B29=\"Q\"),\nSUM(VLOOKUP($A29,Quantities[],Quantities!$O$2),VLOOKUP($A29,Quantities[],Quantities!$Q$2),VLOOKUP($A29,Quantities[],Quantities!$S$2)),\n\n VLOOKUP(A29,Quantities[],Quantities!$G$2)\n))))","v":0},{"$f":"IF(LEFT(D29,2)=\"Mg\", VLOOKUP(A29,Quantities[],Quantities!$H$2),\n\nIF(OR(AND(LEFT(D29,2)=\"Sc\",B29=\"A\",C29=\"d\",C29=\"f\")),\n(SUM(VLOOKUP($A29,Quantities[],Quantities!$P$2)*VLOOKUP($A29,Quantities[],Quantities!$O$2),VLOOKUP($A29,Quantities[],Quantities!$R$2)*VLOOKUP($A29,Quantities[],Quantities!$Q$2),VLOOKUP($A29,Quantities[],Quantities!$T$2)*VLOOKUP($A29,Quantities[],Quantities!$S$2)))/SUM(VLOOKUP($A29,Quantities[],Quantities!$O$2),VLOOKUP($A29,Quantities[],Quantities!$Q$2),VLOOKUP($A29,Quantities[],Quantities!$S$2)),\n\nIF(AND(LEFT(D29,2)=\"Sc\",OR(C29=\"a\",C29=\"f\")),\nVLOOKUP(A29,Quantities[],Quantities!$J$2),\n\nIF(AND(B29=\"D\",C29=\"b\", (VLOOKUP(INDEX(Quantities!$A$100:$A$118,MATCH($A29,Quantities!$C$100:$C$118)),Quantities[],Quantities!$O$2)+VLOOKUP(INDEX(Quantities!$A$100:$A$118,MATCH($A29,Quantities!$C$100:$C$118)),Quantities[],Quantities!$Q$2)+VLOOKUP(INDEX(Quantities!$A$100:$A$118,MATCH($A29,Quantities!$C$100:$C$118)),Quantities[],Quantities!$S$2))>0),\n(VLOOKUP(INDEX(Quantities!$A$100:$A$118,MATCH($A29,Quantities!$C$100:$C$118)),Quantities[],Quantities!$P$2)*VLOOKUP(INDEX(Quantities!$A$100:$A$118,MATCH($A29,Quantities!$C$100:$C$118)),Quantities[],Quantities!$O$2)\n+VLOOKUP(INDEX(Quantities!$A$100:$A$118,MATCH($A29,Quantities!$C$100:$C$118)),Quantities[],Quantities!$R$2)*VLOOKUP(INDEX(Quantities!$A$100:$A$118,MATCH($A29,Quantities!$C$100:$C$118)),Quantities[],Quantities!$Q$2)\n+VLOOKUP(INDEX(Quantities!$A$100:$A$118,MATCH($A29,Quantities!$C$100:$C$118)),Quantities[],Quantities!$T$2)*VLOOKUP(INDEX(Quantities!$A$100:$A$118,MATCH($A29,Quantities!$C$100:$C$118)),Quantities[],Quantities!$S$2))/\n(VLOOKUP(INDEX(Quantities!$A$100:$A$118,MATCH($A29,Quantities!$C$100:$C$118)),Quantities[],Quantities!$O$2)+VLOOKUP(INDEX(Quantities!$A$100:$A$118,MATCH($A29,Quantities!$C$100:$C$118)),Quantities[],Quantities!$Q$2)+VLOOKUP(A29,Quantities[],Quantities!$S$2)),\n\nIF(AND(B29=\"D\", (VLOOKUP(A29,Quantities[],Quantities!$O$2)+VLOOKUP(A29,Quantities[],Quantities!$Q$2)+VLOOKUP(A29,Quantities[],Quantities!$S$2))>0),\n(VLOOKUP(A29,Quantities[],Quantities!$P$2)*VLOOKUP(A29,Quantities[],Quantities!$O$2)\n+VLOOKUP(A29,Quantities[],Quantities!$R$2)*VLOOKUP(A29,Quantities[],Quantities!$Q$2)\n+VLOOKUP(A29,Quantities[],Quantities!$T$2)*VLOOKUP(A29,Quantities[],Quantities!$S$2))/\n(VLOOKUP(A29,Quantities[],Quantities!$O$2)+VLOOKUP(A29,Quantities[],Quantities!$Q$2)+VLOOKUP(A29,Quantities[],Quantities!$S$2)),\n\nIF($B29=\"Q\", (SUM(VLOOKUP($A29,Quantities[],Quantities!$P$2)*VLOOKUP($A29,Quantities[],Quantities!$O$2),VLOOKUP($A29,Quantities[],Quantities!$R$2)*VLOOKUP($A29,Quantities[],Quantities!$Q$2),VLOOKUP($A29,Quantities[],Quantities!$T$2)*VLOOKUP($A29,Quantities[],Quantities!$S$2)))/SUM(VLOOKUP($A29,Quantities[],Quantities!$O$2),VLOOKUP($A29,Quantities[],Quantities!$Q$2),VLOOKUP($A29,Quantities[],Quantities!$S$2)),\n\n VLOOKUP(A29,Quantities[],Quantities!$H$2)\n))))))","v":"-"},{"$f":"IF(LEFT(D29,1)=\"U\",\"-\",VLOOKUP(D29,Equipment[],Equipment!$B$2))","v":"-"}]
[{"$f":"Quantities!A96","v":3416},"M","e","U","3416-M-e-U",{"$f":"IF(D30=\"Comb1\",CONCATENATE(VLOOKUP(B30,'Activity-Material_Codes'!$A$2:$B$26,Quantities!$B$2),\"-\",VLOOKUP(A30,Quantities[],Quantities!$D$2)),\nCONCATENATE(\nVLOOKUP(B30,'Activity-Material_Codes'!$A$2:$B$26,Quantities!$B$2),\nIF(AND(B30=\"B\",C30=\"a\"), \" Scraper Grading\", \"\"),\nIF(C30=\"b\",\"\",\"-\"),\nIF(C30=\"b\",\"\",VLOOKUP(A30,Quantities[],Quantities!$D$2)),\nIF(LEFT(TEXT(A30,\"0\"),1)=\"5\",\"\",\"-\"),\nIF(LEFT(TEXT(A30,\"0\"),1)=\"5\",\"\",VLOOKUP(C30,'Activity-Material_Codes'!$A$30:$B$36,Quantities!$B$2))\n))","v":"Post-Closure O&M-East Mine Area-Final Grade"},{"$f":"CONCATENATE(\nIF(OR(RIGHT(TEXT($A30,\"0\"),Quantities!$B$2)=\"00\",LEFT(TEXT($A30,\"0\"),1)=\"5\",OR($C30=\"b\",$C30=\"f\")),\"\",VLOOKUP($A30,Quantities[],Quantities!$B$2)),\nIF(LEFT(TEXT($A30,\"0\"),1)=\"5\",\"\",\" \"),\nIF(OR(C30=\"a\",C30=\"c\",C30=\"d\",C30=\"e\"),IF(OR(RIGHT(TEXT($A30,\"0\"),Quantities!$B$2)=\"00\",LEFT(TEXT($A30,\"0\"),1)=\"5\"),VLOOKUP($A30,Quantities[],Quantities!$B$2),\"\"),\nIF(LEFT(TEXT($A30,\"0\"),1)=\"5\",VLOOKUP($A30,Quantities[],Quantities!$B$2),\nVLOOKUP(INDEX(Quantities!$A$100:$A$118,MATCH($A30,Quantities!$C$100:$C$118)),Quantities!$A$100:$B$118,Quantities!$B$2))))","v":"Reclaimed 1 Leach "},{"$f":"IF(LEFT(TEXT(A30,\"0\"),1)=\"5\",\nVLOOKUP(VLOOKUP(A30,Quantities!$A$4:$D$118,Quantities!$C$2),Quantities!$A$4:$D$118,Quantities!$C$2),\nIF(OR(C30=\"a\",C30=\"c\",C30=\"d\",C30=\"e\"),\n\"-\",\nIF(RIGHT(TEXT(A30,\"0\"),2)=\"00\",VLOOKUP(A30,Quantities[],Quantities!$B$2),\nIF(C30=\"f\",VLOOKUP(A30,Quantities[],Quantities!$B$2),\nVLOOKUP(A30,Quantities[],Quantities!$C$2))\n)))","v":"-"},{"$f":"IF(OR(AND(LEFT(D30,2)=\"Sc\",B30=\"A\",C30=\"d\"),AND(C30=\"f\",B30=\"D\")),\nSUM(VLOOKUP($A30,Quantities[],Quantities!$O$2),VLOOKUP($A30,Quantities[],Quantities!$Q$2),VLOOKUP($A30,Quantities[],Quantities!$S$2)),\n\nIF(AND(LEFT(D30,2)=\"Sc\",OR(C30=\"a\",C30=\"f\")),\nVLOOKUP(A30,Quantities[],Quantities!$I$2),\n\nIF(AND(B30=\"D\",C30=\"b\"),\n VLOOKUP(INDEX(Quantities!$A$100:$A$118,MATCH($A30,Quantities!$C$100:$C$118)),Quantities!$A$100:$AJ$118,Quantities!$O$2)+\nVLOOKUP(INDEX(Quantities!$A$100:$A$118,MATCH($A30,Quantities!$C$100:$C$118)),Quantities!$A$100:$AJ$118,Quantities!$Q$2)+\nVLOOKUP(INDEX(Quantities!$A$100:$A$118,MATCH($A30,Quantities!$C$100:$C$118)),Quantities!$A$100:$AJ$118,Quantities!$S$2),\n\nIF(OR(B30=\"D\",B30=\"Q\"),\nSUM(VLOOKUP($A30,Quantities[],Quantities!$O$2),VLOOKUP($A30,Quantities[],Quantities!$Q$2),VLOOKUP($A30,Quantities[],Quantities!$S$2)),\n\n VLOOKUP(A30,Quantities[],Quantities!$G$2)\n))))","v":0},{"$f":"IF(LEFT(D30,2)=\"Mg\", VLOOKUP(A30,Quantities[],Quantities!$H$2),\n\nIF(OR(AND(LEFT(D30,2)=\"Sc\",B30=\"A\",C30=\"d\",C30=\"f\")),\n(SUM(VLOOKUP($A30,Quantities[],Quantities!$P$2)*VLOOKUP($A30,Quantities[],Quantities!$O$2),VLOOKUP($A30,Quantities[],Quantities!$R$2)*VLOOKUP($A30,Quantities[],Quantities!$Q$2),VLOOKUP($A30,Quantities[],Quantities!$T$2)*VLOOKUP($A30,Quantities[],Quantities!$S$2)))/SUM(VLOOKUP($A30,Quantities[],Quantities!$O$2),VLOOKUP($A30,Quantities[],Quantities!$Q$2),VLOOKUP($A30,Quantities[],Quantities!$S$2)),\n\nIF(AND(LEFT(D30,2)=\"Sc\",OR(C30=\"a\",C30=\"f\")),\nVLOOKUP(A30,Quantities[],Quantities!$J$2),\n\nIF(AND(B30=\"D\",C30=\"b\", (VLOOKUP(INDEX(Quantities!$A$100:$A$118,MATCH($A30,Quantities!$C$100:$C$118)),Quantities[],Quantities!$O$2)+VLOOKUP(INDEX(Quantities!$A$100:$A$118,MATCH($A30,Quantities!$C$100:$C$118)),Quantities[],Quantities!$Q$2)+VLOOKUP(INDEX(Quantities!$A$100:$A$118,MATCH($A30,Quantities!$C$100:$C$118)),Quantities[],Quantities!$S$2))>0),\n(VLOOKUP(INDEX(Quantities!$A$100:$A$118,MATCH($A30,Quantities!$C$100:$C$118)),Quantities[],Quantities!$P$2)*VLOOKUP(INDEX(Quantities!$A$100:$A$118,MATCH($A30,Quantities!$C$100:$C$118)),Quantities[],Quantities!$O$2)\n+VLOOKUP(INDEX(Quantities!$A$100:$A$118,MATCH($A30,Quantities!$C$100:$C$118)),Quantities[],Quantities!$R$2)*VLOOKUP(INDEX(Quantities!$A$100:$A$118,MATCH($A30,Quantities!$C$100:$C$118)),Quantities[],Quantities!$Q$2)\n+VLOOKUP(INDEX(Quantities!$A$100:$A$118,MATCH($A30,Quantities!$C$100:$C$118)),Quantities[],Quantities!$T$2)*VLOOKUP(INDEX(Quantities!$A$100:$A$118,MATCH($A30,Quantities!$C$100:$C$118)),Quantities[],Quantities!$S$2))/\n(VLOOKUP(INDEX(Quantities!$A$100:$A$118,MATCH($A30,Quantities!$C$100:$C$118)),Quantities[],Quantities!$O$2)+VLOOKUP(INDEX(Quantities!$A$100:$A$118,MATCH($A30,Quantities!$C$100:$C$118)),Quantities[],Quantities!$Q$2)+VLOOKUP(A30,Quantities[],Quantities!$S$2)),\n\nIF(AND(B30=\"D\", (VLOOKUP(A30,Quantities[],Quantities!$O$2)+VLOOKUP(A30,Quantities[],Quantities!$Q$2)+VLOOKUP(A30,Quantities[],Quantities!$S$2))>0),\n(VLOOKUP(A30,Quantities[],Quantities!$P$2)*VLOOKUP(A30,Quantities[],Quantities!$O$2)\n+VLOOKUP(A30,Quantities[],Quantities!$R$2)*VLOOKUP(A30,Quantities[],Quantities!$Q$2)\n+VLOOKUP(A30,Quantities[],Quantities!$T$2)*VLOOKUP(A30,Quantities[],Quantities!$S$2))/\n(VLOOKUP(A30,Quantities[],Quantities!$O$2)+VLOOKUP(A30,Quantities[],Quantities!$Q$2)+VLOOKUP(A30,Quantities[],Quantities!$S$2)),\n\nIF($B30=\"Q\", (SUM(VLOOKUP($A30,Quantities[],Quantities!$P$2)*VLOOKUP($A30,Quantities[],Quantities!$O$2),VLOOKUP($A30,Quantities[],Quantities!$R$2)*VLOOKUP($A30,Quantities[],Quantities!$Q$2),VLOOKUP($A30,Quantities[],Quantities!$T$2)*VLOOKUP($A30,Quantities[],Quantities!$S$2)))/SUM(VLOOKUP($A30,Quantities[],Quantities!$O$2),VLOOKUP($A30,Quantities[],Quantities!$Q$2),VLOOKUP($A30,Quantities[],Quantities!$S$2)),\n\n VLOOKUP(A30,Quantities[],Quantities!$H$2)\n))))))","v":"-"},{"$f":"IF(LEFT(D30,1)=\"U\",\"-\",VLOOKUP(D30,Equipment[],Equipment!$B$2))","v":"-"}]
[{"$f":"Quantities!A97","v":3417},"M","e","U","3417-M-e-U",{"$f":"IF(D31=\"Comb1\",CONCATENATE(VLOOKUP(B31,'Activity-Material_Codes'!$A$2:$B$26,Quantities!$B$2),\"-\",VLOOKUP(A31,Quantities[],Quantities!$D$2)),\nCONCATENATE(\nVLOOKUP(B31,'Activity-Material_Codes'!$A$2:$B$26,Quantities!$B$2),\nIF(AND(B31=\"B\",C31=\"a\"), \" Scraper Grading\", \"\"),\nIF(C31=\"b\",\"\",\"-\"),\nIF(C31=\"b\",\"\",VLOOKUP(A31,Quantities[],Quantities!$D$2)),\nIF(LEFT(TEXT(A31,\"0\"),1)=\"5\",\"\",\"-\"),\nIF(LEFT(TEXT(A31,\"0\"),1)=\"5\",\"\",VLOOKUP(C31,'Activity-Material_Codes'!$A$30:$B$36,Quantities!$B$2))\n))","v":"Post-Closure O&M-Mining Area-Final Grade"},{"$f":"CONCATENATE(\nIF(OR(RIGHT(TEXT($A31,\"0\"),Quantities!$B$2)=\"00\",LEFT(TEXT($A31,\"0\"),1)=\"5\",OR($C31=\"b\",$C31=\"f\")),\"\",VLOOKUP($A31,Quantities[],Quantities!$B$2)),\nIF(LEFT(TEXT($A31,\"0\"),1)=\"5\",\"\",\" \"),\nIF(OR(C31=\"a\",C31=\"c\",C31=\"d\",C31=\"e\"),IF(OR(RIGHT(TEXT($A31,\"0\"),Quantities!$B$2)=\"00\",LEFT(TEXT($A31,\"0\"),1)=\"5\"),VLOOKUP($A31,Quantities[],Quantities!$B$2),\"\"),\nIF(LEFT(TEXT($A31,\"0\"),1)=\"5\",VLOOKUP($A31,Quantities[],Quantities!$B$2),\nVLOOKUP(INDEX(Quantities!$A$100:$A$118,MATCH($A31,Quantities!$C$100:$C$118)),Quantities!$A$100:$B$118,Quantities!$B$2))))","v":"Reclaimed Former Mill & Concentrator Area Initial "},{"$f":"IF(LEFT(TEXT(A31,\"0\"),1)=\"5\",\nVLOOKUP(VLOOKUP(A31,Quantities!$A$4:$D$118,Quantities!$C$2),Quantities!$A$4:$D$118,Quantities!$C$2),\nIF(OR(C31=\"a\",C31=\"c\",C31=\"d\",C31=\"e\"),\n\"-\",\nIF(RIGHT(TEXT(A31,\"0\"),2)=\"00\",VLOOKUP(A31,Quantities[],Quantities!$B$2),\nIF(C31=\"f\",VLOOKUP(A31,Quantities[],Quantities!$B$2),\nVLOOKUP(A31,Quantities[],Quantities!$C$2))\n)))","v":"-"},{"$f":"IF(OR(AND(LEFT(D31,2)=\"Sc\",B31=\"A\",C31=\"d\"),AND(C31=\"f\",B31=\"D\")),\nSUM(VLOOKUP($A31,Quantities[],Quantities!$O$2),VLOOKUP($A31,Quantities[],Quantities!$Q$2),VLOOKUP($A31,Quantities[],Quantities!$S$2)),\n\nIF(AND(LEFT(D31,2)=\"Sc\",OR(C31=\"a\",C31=\"f\")),\nVLOOKUP(A31,Quantities[],Quantities!$I$2),\n\nIF(AND(B31=\"D\",C31=\"b\"),\n VLOOKUP(INDEX(Quantities!$A$100:$A$118,MATCH($A31,Quantities!$C$100:$C$118)),Quantities!$A$100:$AJ$118,Quantities!$O$2)+\nVLOOKUP(INDEX(Quantities!$A$100:$A$118,MATCH($A31,Quantities!$C$100:$C$118)),Quantities!$A$100:$AJ$118,Quantities!$Q$2)+\nVLOOKUP(INDEX(Quantities!$A$100:$A$118,MATCH($A31,Quantities!$C$100:$C$118)),Quantities!$A$100:$AJ$118,Quantities!$S$2),\n\nIF(OR(B31=\"D\",B31=\"Q\"),\nSUM(VLOOKUP($A31,Quantities[],Quantities!$O$2),VLOOKUP($A31,Quantities[],Quantities!$Q$2),VLOOKUP($A31,Quantities[],Quantities!$S$2)),\n\n VLOOKUP(A31,Quantities[],Quantities!$G$2)\n))))","v":0},{"$f":"IF(LEFT(D31,2)=\"Mg\", VLOOKUP(A31,Quantities[],Quantities!$H$2),\n\nIF(OR(AND(LEFT(D31,2)=\"Sc\",B31=\"A\",C31=\"d\",C31=\"f\")),\n(SUM(VLOOKUP($A31,Quantities[],Quantities!$P$2)*VLOOKUP($A31,Quantities[],Quantities!$O$2),VLOOKUP($A31,Quantities[],Quantities!$R$2)*VLOOKUP($A31,Quantities[],Quantities!$Q$2),VLOOKUP($A31,Quantities[],Quantities!$T$2)*VLOOKUP($A31,Quantities[],Quantities!$S$2)))/SUM(VLOOKUP($A31,Quantities[],Quantities!$O$2),VLOOKUP($A31,Quantities[],Quantities!$Q$2),VLOOKUP($A31,Quantities[],Quantities!$S$2)),\n\nIF(AND(LEFT(D31,2)=\"Sc\",OR(C31=\"a\",C31=\"f\")),\nVLOOKUP(A31,Quantities[],Quantities!$J$2),\n\nIF(AND(B31=\"D\",C31=\"b\", (VLOOKUP(INDEX(Quantities!$A$100:$A$118,MATCH($A31,Quantities!$C$100:$C$118)),Quantities[],Quantities!$O$2)+VLOOKUP(INDEX(Quantities!$A$100:$A$118,MATCH($A31,Quantities!$C$100:$C$118)),Quantities[],Quantities!$Q$2)+VLOOKUP(INDEX(Quantities!$A$100:$A$118,MATCH($A31,Quantities!$C$100:$C$118)),Quantities[],Quantities!$S$2))>0),\n(VLOOKUP(INDEX(Quantities!$A$100:$A$118,MATCH($A31,Quantities!$C$100:$C$118)),Quantities[],Quantities!$P$2)*VLOOKUP(INDEX(Quantities!$A$100:$A$118,MATCH($A31,Quantities!$C$100:$C$118)),Quantities[],Quantities!$O$2)\n+VLOOKUP(INDEX(Quantities!$A$100:$A$118,MATCH($A31,Quantities!$C$100:$C$118)),Quantities[],Quantities!$R$2)*VLOOKUP(INDEX(Quantities!$A$100:$A$118,MATCH($A31,Quantities!$C$100:$C$118)),Quantities[],Quantities!$Q$2)\n+VLOOKUP(INDEX(Quantities!$A$100:$A$118,MATCH($A31,Quantities!$C$100:$C$118)),Quantities[],Quantities!$T$2)*VLOOKUP(INDEX(Quantities!$A$100:$A$118,MATCH($A31,Quantities!$C$100:$C$118)),Quantities[],Quantities!$S$2))/\n(VLOOKUP(INDEX(Quantities!$A$100:$A$118,MATCH($A31,Quantities!$C$100:$C$118)),Quantities[],Quantities!$O$2)+VLOOKUP(INDEX(Quantities!$A$100:$A$118,MATCH($A31,Quantities!$C$100:$C$118)),Quantities[],Quantities!$Q$2)+VLOOKUP(A31,Quantities[],Quantities!$S$2)),\n\nIF(AND(B31=\"D\", (VLOOKUP(A31,Quantities[],Quantities!$O$2)+VLOOKUP(A31,Quantities[],Quantities!$Q$2)+VLOOKUP(A31,Quantities[],Quantities!$S$2))>0),\n(VLOOKUP(A31,Quantities[],Quantities!$P$2)*VLOOKUP(A31,Quantities[],Quantities!$O$2)\n+VLOOKUP(A31,Quantities[],Quantities!$R$2)*VLOOKUP(A31,Quantities[],Quantities!$Q$2)\n+VLOOKUP(A31,Quantities[],Quantities!$T$2)*VLOOKUP(A31,Quantities[],Quantities!$S$2))/\n(VLOOKUP(A31,Quantities[],Quantities!$O$2)+VLOOKUP(A31,Quantities[],Quantities!$Q$2)+VLOOKUP(A31,Quantities[],Quantities!$S$2)),\n\nIF($B31=\"Q\", (SUM(VLOOKUP($A31,Quantities[],Quantities!$P$2)*VLOOKUP($A31,Quantities[],Quantities!$O$2),VLOOKUP($A31,Quantities[],Quantities!$R$2)*VLOOKUP($A31,Quantities[],Quantities!$Q$2),VLOOKUP($A31,Quantities[],Quantities!$T$2)*VLOOKUP($A31,Quantities[],Quantities!$S$2)))/SUM(VLOOKUP($A31,Quantities[],Quantities!$O$2),VLOOKUP($A31,Quantities[],Quantities!$Q$2),VLOOKUP($A31,Quantities[],Quantities!$S$2)),\n\n VLOOKUP(A31,Quantities[],Quantities!$H$2)\n))))))","v":"-"},{"$f":"IF(LEFT(D31,1)=\"U\",\"-\",VLOOKUP(D31,Equipment[],Equipment!$B$2))","v":"-"}]
[{"$f":"Quantities!A98","v":3418},"M","e","U","3418-M-e-U",{"$f":"IF(D32=\"Comb1\",CONCATENATE(VLOOKUP(B32,'Activity-Material_Codes'!$A$2:$B$26,Quantities!$B$2),\"-\",VLOOKUP(A32,Quantities[],Quantities!$D$2)),\nCONCATENATE(\nVLOOKUP(B32,'Activity-Material_Codes'!$A$2:$B$26,Quantities!$B$2),\nIF(AND(B32=\"B\",C32=\"a\"), \" Scraper Grading\", \"\"),\nIF(C32=\"b\",\"\",\"-\"),\nIF(C32=\"b\",\"\",VLOOKUP(A32,Quantities[],Quantities!$D$2)),\nIF(LEFT(TEXT(A32,\"0\"),1)=\"5\",\"\",\"-\"),\nIF(LEFT(TEXT(A32,\"0\"),1)=\"5\",\"\",VLOOKUP(C32,'Activity-Material_Codes'!$A$30:$B$36,Quantities!$B$2))\n))","v":"Post-Closure O&M-Mining Area-Final Grade"},{"$f":"CONCATENATE(\nIF(OR(RIGHT(TEXT($A32,\"0\"),Quantities!$B$2)=\"00\",LEFT(TEXT($A32,\"0\"),1)=\"5\",OR($C32=\"b\",$C32=\"f\")),\"\",VLOOKUP($A32,Quantities[],Quantities!$B$2)),\nIF(LEFT(TEXT($A32,\"0\"),1)=\"5\",\"\",\" \"),\nIF(OR(C32=\"a\",C32=\"c\",C32=\"d\",C32=\"e\"),IF(OR(RIGHT(TEXT($A32,\"0\"),Quantities!$B$2)=\"00\",LEFT(TEXT($A32,\"0\"),1)=\"5\"),VLOOKUP($A32,Quantities[],Quantities!$B$2),\"\"),\nIF(LEFT(TEXT($A32,\"0\"),1)=\"5\",VLOOKUP($A32,Quantities[],Quantities!$B$2),\nVLOOKUP(INDEX(Quantities!$A$100:$A$118,MATCH($A32,Quantities!$C$100:$C$118)),Quantities!$A$100:$B$118,Quantities!$B$2))))","v":"Reclaimed Former Mill & Concentrator Area (11 redo) "},{"$f":"IF(LEFT(TEXT(A32,\"0\"),1)=\"5\",\nVLOOKUP(VLOOKUP(A32,Quantities!$A$4:$D$118,Quantities!$C$2),Quantities!$A$4:$D$118,Quantities!$C$2),\nIF(OR(C32=\"a\",C32=\"c\",C32=\"d\",C32=\"e\"),\n\"-\",\nIF(RIGHT(TEXT(A32,\"0\"),2)=\"00\",VLOOKUP(A32,Quantities[],Quantities!$B$2),\nIF(C32=\"f\",VLOOKUP(A32,Quantities[],Quantities!$B$2),\nVLOOKUP(A32,Quantities[],Quantities!$C$2))\n)))","v":"-"},{"$f":"IF(OR(AND(LEFT(D32,2)=\"Sc\",B32=\"A\",C32=\"d\"),AND(C32=\"f\",B32=\"D\")),\nSUM(VLOOKUP($A32,Quantities[],Quantities!$O$2),VLOOKUP($A32,Quantities[],Quantities!$Q$2),VLOOKUP($A32,Quantities[],Quantities!$S$2)),\n\nIF(AND(LEFT(D32,2)=\"Sc\",OR(C32=\"a\",C32=\"f\")),\nVLOOKUP(A32,Quantities[],Quantities!$I$2),\n\nIF(AND(B32=\"D\",C32=\"b\"),\n VLOOKUP(INDEX(Quantities!$A$100:$A$118,MATCH($A32,Quantities!$C$100:$C$118)),Quantities!$A$100:$AJ$118,Quantities!$O$2)+\nVLOOKUP(INDEX(Quantities!$A$100:$A$118,MATCH($A32,Quantities!$C$100:$C$118)),Quantities!$A$100:$AJ$118,Quantities!$Q$2)+\nVLOOKUP(INDEX(Quantities!$A$100:$A$118,MATCH($A32,Quantities!$C$100:$C$118)),Quantities!$A$100:$AJ$118,Quantities!$S$2),\n\nIF(OR(B32=\"D\",B32=\"Q\"),\nSUM(VLOOKUP($A32,Quantities[],Quantities!$O$2),VLOOKUP($A32,Quantities[],Quantities!$Q$2),VLOOKUP($A32,Quantities[],Quantities!$S$2)),\n\n VLOOKUP(A32,Quantities[],Quantities!$G$2)\n))))","v":0},{"$f":"IF(LEFT(D32,2)=\"Mg\", VLOOKUP(A32,Quantities[],Quantities!$H$2),\n\nIF(OR(AND(LEFT(D32,2)=\"Sc\",B32=\"A\",C32=\"d\",C32=\"f\")),\n(SUM(VLOOKUP($A32,Quantities[],Quantities!$P$2)*VLOOKUP($A32,Quantities[],Quantities!$O$2),VLOOKUP($A32,Quantities[],Quantities!$R$2)*VLOOKUP($A32,Quantities[],Quantities!$Q$2),VLOOKUP($A32,Quantities[],Quantities!$T$2)*VLOOKUP($A32,Quantities[],Quantities!$S$2)))/SUM(VLOOKUP($A32,Quantities[],Quantities!$O$2),VLOOKUP($A32,Quantities[],Quantities!$Q$2),VLOOKUP($A32,Quantities[],Quantities!$S$2)),\n\nIF(AND(LEFT(D32,2)=\"Sc\",OR(C32=\"a\",C32=\"f\")),\nVLOOKUP(A32,Quantities[],Quantities!$J$2),\n\nIF(AND(B32=\"D\",C32=\"b\", (VLOOKUP(INDEX(Quantities!$A$100:$A$118,MATCH($A32,Quantities!$C$100:$C$118)),Quantities[],Quantities!$O$2)+VLOOKUP(INDEX(Quantities!$A$100:$A$118,MATCH($A32,Quantities!$C$100:$C$118)),Quantities[],Quantities!$Q$2)+VLOOKUP(INDEX(Quantities!$A$100:$A$118,MATCH($A32,Quantities!$C$100:$C$118)),Quantities[],Quantities!$S$2))>0),\n(VLOOKUP(INDEX(Quantities!$A$100:$A$118,MATCH($A32,Quantities!$C$100:$C$118)),Quantities[],Quantities!$P$2)*VLOOKUP(INDEX(Quantities!$A$100:$A$118,MATCH($A32,Quantities!$C$100:$C$118)),Quantities[],Quantities!$O$2)\n+VLOOKUP(INDEX(Quantities!$A$100:$A$118,MATCH($A32,Quantities!$C$100:$C$118)),Quantities[],Quantities!$R$2)*VLOOKUP(INDEX(Quantities!$A$100:$A$118,MATCH($A32,Quantities!$C$100:$C$118)),Quantities[],Quantities!$Q$2)\n+VLOOKUP(INDEX(Quantities!$A$100:$A$118,MATCH($A32,Quantities!$C$100:$C$118)),Quantities[],Quantities!$T$2)*VLOOKUP(INDEX(Quantities!$A$100:$A$118,MATCH($A32,Quantities!$C$100:$C$118)),Quantities[],Quantities!$S$2))/\n(VLOOKUP(INDEX(Quantities!$A$100:$A$118,MATCH($A32,Quantities!$C$100:$C$118)),Quantities[],Quantities!$O$2)+VLOOKUP(INDEX(Quantities!$A$100:$A$118,MATCH($A32,Quantities!$C$100:$C$118)),Quantities[],Quantities!$Q$2)+VLOOKUP(A32,Quantities[],Quantities!$S$2)),\n\nIF(AND(B32=\"D\", (VLOOKUP(A32,Quantities[],Quantities!$O$2)+VLOOKUP(A32,Quantities[],Quantities!$Q$2)+VLOOKUP(A32,Quantities[],Quantities!$S$2))>0),\n(VLOOKUP(A32,Quantities[],Quantities!$P$2)*VLOOKUP(A32,Quantities[],Quantities!$O$2)\n+VLOOKUP(A32,Quantities[],Quantities!$R$2)*VLOOKUP(A32,Quantities[],Quantities!$Q$2)\n+VLOOKUP(A32,Quantities[],Quantities!$T$2)*VLOOKUP(A32,Quantities[],Quantities!$S$2))/\n(VLOOKUP(A32,Quantities[],Quantities!$O$2)+VLOOKUP(A32,Quantities[],Quantities!$Q$2)+VLOOKUP(A32,Quantities[],Quantities!$S$2)),\n\nIF($B32=\"Q\", (SUM(VLOOKUP($A32,Quantities[],Quantities!$P$2)*VLOOKUP($A32,Quantities[],Quantities!$O$2),VLOOKUP($A32,Quantities[],Quantities!$R$2)*VLOOKUP($A32,Quantities[],Quantities!$Q$2),VLOOKUP($A32,Quantities[],Quantities!$T$2)*VLOOKUP($A32,Quantities[],Quantities!$S$2)))/SUM(VLOOKUP($A32,Quantities[],Quantities!$O$2),VLOOKUP($A32,Quantities[],Quantities!$Q$2),VLOOKUP($A32,Quantities[],Quantities!$S$2)),\n\n VLOOKUP(A32,Quantities[],Quantities!$H$2)\n))))))","v":"-"},{"$f":"IF(LEFT(D32,1)=\"U\",\"-\",VLOOKUP(D32,Equipment[],Equipment!$B$2))","v":"-"}]
[{"$f":"Quantities!A99","v":3419},"M","e","U","3419-M-e-U",{"$f":"IF(D33=\"Comb1\",CONCATENATE(VLOOKUP(B33,'Activity-Material_Codes'!$A$2:$B$26,Quantities!$B$2),\"-\",VLOOKUP(A33,Quantities[],Quantities!$D$2)),\nCONCATENATE(\nVLOOKUP(B33,'Activity-Material_Codes'!$A$2:$B$26,Quantities!$B$2),\nIF(AND(B33=\"B\",C33=\"a\"), \" Scraper Grading\", \"\"),\nIF(C33=\"b\",\"\",\"-\"),\nIF(C33=\"b\",\"\",VLOOKUP(A33,Quantities[],Quantities!$D$2)),\nIF(LEFT(TEXT(A33,\"0\"),1)=\"5\",\"\",\"-\"),\nIF(LEFT(TEXT(A33,\"0\"),1)=\"5\",\"\",VLOOKUP(C33,'Activity-Material_Codes'!$A$30:$B$36,Quantities!$B$2))\n))","v":"Post-Closure O&M-Mining Area-Final Grade"},{"$f":"CONCATENATE(\nIF(OR(RIGHT(TEXT($A33,\"0\"),Quantities!$B$2)=\"00\",LEFT(TEXT($A33,\"0\"),1)=\"5\",OR($C33=\"b\",$C33=\"f\")),\"\",VLOOKUP($A33,Quantities[],Quantities!$B$2)),\nIF(LEFT(TEXT($A33,\"0\"),1)=\"5\",\"\",\" \"),\nIF(OR(C33=\"a\",C33=\"c\",C33=\"d\",C33=\"e\"),IF(OR(RIGHT(TEXT($A33,\"0\"),Quantities!$B$2)=\"00\",LEFT(TEXT($A33,\"0\"),1)=\"5\"),VLOOKUP($A33,Quantities[],Quantities!$B$2),\"\"),\nIF(LEFT(TEXT($A33,\"0\"),1)=\"5\",VLOOKUP($A33,Quantities[],Quantities!$B$2),\nVLOOKUP(INDEX(Quantities!$A$100:$A$118,MATCH($A33,Quantities!$C$100:$C$118)),Quantities!$A$100:$B$118,Quantities!$B$2))))","v":"Copper Mt. Reclamation Area "},{"$f":"IF(LEFT(TEXT(A33,\"0\"),1)=\"5\",\nVLOOKUP(VLOOKUP(A33,Quantities!$A$4:$D$118,Quantities!$C$2),Quantities!$A$4:$D$118,Quantities!$C$2),\nIF(OR(C33=\"a\",C33=\"c\",C33=\"d\",C33=\"e\"),\n\"-\",\nIF(RIGHT(TEXT(A33,\"0\"),2)=\"00\",VLOOKUP(A33,Quantities[],Quantities!$B$2),\nIF(C33=\"f\",VLOOKUP(A33,Quantities[],Quantities!$B$2),\nVLOOKUP(A33,Quantities[],Quantities!$C$2))\n)))","v":"-"},{"$f":"IF(OR(AND(LEFT(D33,2)=\"Sc\",B33=\"A\",C33=\"d\"),AND(C33=\"f\",B33=\"D\")),\nSUM(VLOOKUP($A33,Quantities[],Quantities!$O$2),VLOOKUP($A33,Quantities[],Quantities!$Q$2),VLOOKUP($A33,Quantities[],Quantities!$S$2)),\n\nIF(AND(LEFT(D33,2)=\"Sc\",OR(C33=\"a\",C33=\"f\")),\nVLOOKUP(A33,Quantities[],Quantities!$I$2),\n\nIF(AND(B33=\"D\",C33=\"b\"),\n VLOOKUP(INDEX(Quantities!$A$100:$A$118,MATCH($A33,Quantities!$C$100:$C$118)),Quantities!$A$100:$AJ$118,Quantities!$O$2)+\nVLOOKUP(INDEX(Quantities!$A$100:$A$118,MATCH($A33,Quantities!$C$100:$C$118)),Quantities!$A$100:$AJ$118,Quantities!$Q$2)+\nVLOOKUP(INDEX(Quantities!$A$100:$A$118,MATCH($A33,Quantities!$C$100:$C$118)),Quantities!$A$100:$AJ$118,Quantities!$S$2),\n\nIF(OR(B33=\"D\",B33=\"Q\"),\nSUM(VLOOKUP($A33,Quantities[],Quantities!$O$2),VLOOKUP($A33,Quantities[],Quantities!$Q$2),VLOOKUP($A33,Quantities[],Quantities!$S$2)),\n\n VLOOKUP(A33,Quantities[],Quantities!$G$2)\n))))","v":0},{"$f":"IF(LEFT(D33,2)=\"Mg\", VLOOKUP(A33,Quantities[],Quantities!$H$2),\n\nIF(OR(AND(LEFT(D33,2)=\"Sc\",B33=\"A\",C33=\"d\",C33=\"f\")),\n(SUM(VLOOKUP($A33,Quantities[],Quantities!$P$2)*VLOOKUP($A33,Quantities[],Quantities!$O$2),VLOOKUP($A33,Quantities[],Quantities!$R$2)*VLOOKUP($A33,Quantities[],Quantities!$Q$2),VLOOKUP($A33,Quantities[],Quantities!$T$2)*VLOOKUP($A33,Quantities[],Quantities!$S$2)))/SUM(VLOOKUP($A33,Quantities[],Quantities!$O$2),VLOOKUP($A33,Quantities[],Quantities!$Q$2),VLOOKUP($A33,Quantities[],Quantities!$S$2)),\n\nIF(AND(LEFT(D33,2)=\"Sc\",OR(C33=\"a\",C33=\"f\")),\nVLOOKUP(A33,Quantities[],Quantities!$J$2),\n\nIF(AND(B33=\"D\",C33=\"b\", (VLOOKUP(INDEX(Quantities!$A$100:$A$118,MATCH($A33,Quantities!$C$100:$C$118)),Quantities[],Quantities!$O$2)+VLOOKUP(INDEX(Quantities!$A$100:$A$118,MATCH($A33,Quantities!$C$100:$C$118)),Quantities[],Quantities!$Q$2)+VLOOKUP(INDEX(Quantities!$A$100:$A$118,MATCH($A33,Quantities!$C$100:$C$118)),Quantities[],Quantities!$S$2))>0),\n(VLOOKUP(INDEX(Quantities!$A$100:$A$118,MATCH($A33,Quantities!$C$100:$C$118)),Quantities[],Quantities!$P$2)*VLOOKUP(INDEX(Quantities!$A$100:$A$118,MATCH($A33,Quantities!$C$100:$C$118)),Quantities[],Quantities!$O$2)\n+VLOOKUP(INDEX(Quantities!$A$100:$A$118,MATCH($A33,Quantities!$C$100:$C$118)),Quantities[],Quantities!$R$2)*VLOOKUP(INDEX(Quantities!$A$100:$A$118,MATCH($A33,Quantities!$C$100:$C$118)),Quantities[],Quantities!$Q$2)\n+VLOOKUP(INDEX(Quantities!$A$100:$A$118,MATCH($A33,Quantities!$C$100:$C$118)),Quantities[],Quantities!$T$2)*VLOOKUP(INDEX(Quantities!$A$100:$A$118,MATCH($A33,Quantities!$C$100:$C$118)),Quantities[],Quantities!$S$2))/\n(VLOOKUP(INDEX(Quantities!$A$100:$A$118,MATCH($A33,Quantities!$C$100:$C$118)),Quantities[],Quantities!$O$2)+VLOOKUP(INDEX(Quantities!$A$100:$A$118,MATCH($A33,Quantities!$C$100:$C$118)),Quantities[],Quantities!$Q$2)+VLOOKUP(A33,Quantities[],Quantities!$S$2)),\n\nIF(AND(B33=\"D\", (VLOOKUP(A33,Quantities[],Quantities!$O$2)+VLOOKUP(A33,Quantities[],Quantities!$Q$2)+VLOOKUP(A33,Quantities[],Quantities!$S$2))>0),\n(VLOOKUP(A33,Quantities[],Quantities!$P$2)*VLOOKUP(A33,Quantities[],Quantities!$O$2)\n+VLOOKUP(A33,Quantities[],Quantities!$R$2)*VLOOKUP(A33,Quantities[],Quantities!$Q$2)\n+VLOOKUP(A33,Quantities[],Quantities!$T$2)*VLOOKUP(A33,Quantities[],Quantities!$S$2))/\n(VLOOKUP(A33,Quantities[],Quantities!$O$2)+VLOOKUP(A33,Quantities[],Quantities!$Q$2)+VLOOKUP(A33,Quantities[],Quantities!$S$2)),\n\nIF($B33=\"Q\", (SUM(VLOOKUP($A33,Quantities[],Quantities!$P$2)*VLOOKUP($A33,Quantities[],Quantities!$O$2),VLOOKUP($A33,Quantities[],Quantities!$R$2)*VLOOKUP($A33,Quantities[],Quantities!$Q$2),VLOOKUP($A33,Quantities[],Quantities!$T$2)*VLOOKUP($A33,Quantities[],Quantities!$S$2)))/SUM(VLOOKUP($A33,Quantities[],Quantities!$O$2),VLOOKUP($A33,Quantities[],Quantities!$Q$2),VLOOKUP($A33,Quantities[],Quantities!$S$2)),\n\n VLOOKUP(A33,Quantities[],Quantities!$H$2)\n))))))","v":"-"},{"$f":"IF(LEFT(D33,1)=\"U\",\"-\",VLOOKUP(D33,Equipment[],Equipment!$B$2))","v":"-"}]
[{"$f":"Quantities!$A$7","v":1003},"A","a","Dz2","1003-A-a-Dz2",{"$f":"IF(D34=\"Comb1\",CONCATENATE(VLOOKUP(B34,'Activity-Material_Codes'!$A$2:$B$26,Quantities!$B$2),\"-\",VLOOKUP(A34,Quantities[],Quantities!$D$2)),\nCONCATENATE(\nVLOOKUP(B34,'Activity-Material_Codes'!$A$2:$B$26,Quantities!$B$2),\nIF(AND(B34=\"B\",C34=\"a\"), \" Scraper Grading\", \"\"),\nIF(C34=\"b\",\"\",\"-\"),\nIF(C34=\"b\",\"\",VLOOKUP(A34,Quantities[],Quantities!$D$2)),\nIF(LEFT(TEXT(A34,\"0\"),1)=\"5\",\"\",\"-\"),\nIF(LEFT(TEXT(A34,\"0\"),1)=\"5\",\"\",VLOOKUP(C34,'Activity-Material_Codes'!$A$30:$B$36,Quantities!$B$2))\n))","v":"Grade-Outslopes - Area outside of pullback-Existing Ground"},{"$f":"CONCATENATE(\nIF(OR(RIGHT(TEXT($A34,\"0\"),Quantities!$B$2)=\"00\",LEFT(TEXT($A34,\"0\"),1)=\"5\",OR($C34=\"b\",$C34=\"f\")),\"\",VLOOKUP($A34,Quantities[],Quantities!$B$2)),\nIF(LEFT(TEXT($A34,\"0\"),1)=\"5\",\"\",\" \"),\nIF(OR(C34=\"a\",C34=\"c\",C34=\"d\",C34=\"e\"),IF(OR(RIGHT(TEXT($A34,\"0\"),Quantities!$B$2)=\"00\",LEFT(TEXT($A34,\"0\"),1)=\"5\"),VLOOKUP($A34,Quantities[],Quantities!$B$2),\"\"),\nIF(LEFT(TEXT($A34,\"0\"),1)=\"5\",VLOOKUP($A34,Quantities[],Quantities!$B$2),\nVLOOKUP(INDEX(Quantities!$A$100:$A$118,MATCH($A34,Quantities!$C$100:$C$118)),Quantities!$A$100:$B$118,Quantities!$B$2))))","v":"1A Leach, 1B Leach "},{"$f":"IF(LEFT(TEXT(A34,\"0\"),1)=\"5\",\nVLOOKUP(VLOOKUP(A34,Quantities!$A$4:$D$118,Quantities!$C$2),Quantities!$A$4:$D$118,Quantities!$C$2),\nIF(OR(C34=\"a\",C34=\"c\",C34=\"d\",C34=\"e\"),\n\"-\",\nIF(RIGHT(TEXT(A34,\"0\"),2)=\"00\",VLOOKUP(A34,Quantities[],Quantities!$B$2),\nIF(C34=\"f\",VLOOKUP(A34,Quantities[],Quantities!$B$2),\nVLOOKUP(A34,Quantities[],Quantities!$C$2))\n)))","v":"-"},{"$f":"IF(OR(AND(LEFT(D34,2)=\"Sc\",B34=\"A\",C34=\"d\"),AND(C34=\"f\",B34=\"D\")),\nSUM(VLOOKUP($A34,Quantities[],Quantities!$O$2),VLOOKUP($A34,Quantities[],Quantities!$Q$2),VLOOKUP($A34,Quantities[],Quantities!$S$2)),\n\nIF(AND(LEFT(D34,2)=\"Sc\",OR(C34=\"a\",C34=\"f\")),\nVLOOKUP(A34,Quantities[],Quantities!$I$2),\n\nIF(AND(B34=\"D\",C34=\"b\"),\n VLOOKUP(INDEX(Quantities!$A$100:$A$118,MATCH($A34,Quantities!$C$100:$C$118)),Quantities!$A$100:$AJ$118,Quantities!$O$2)+\nVLOOKUP(INDEX(Quantities!$A$100:$A$118,MATCH($A34,Quantities!$C$100:$C$118)),Quantities!$A$100:$AJ$118,Quantities!$Q$2)+\nVLOOKUP(INDEX(Quantities!$A$100:$A$118,MATCH($A34,Quantities!$C$100:$C$118)),Quantities!$A$100:$AJ$118,Quantities!$S$2),\n\nIF(OR(B34=\"D\",B34=\"Q\"),\nSUM(VLOOKUP($A34,Quantities[],Quantities!$O$2),VLOOKUP($A34,Quantities[],Quantities!$Q$2),VLOOKUP($A34,Quantities[],Quantities!$S$2)),\n\n VLOOKUP(A34,Quantities[],Quantities!$G$2)\n))))","v":250},{"$f":"IF(LEFT(D34,2)=\"Mg\", VLOOKUP(A34,Quantities[],Quantities!$H$2),\n\nIF(OR(AND(LEFT(D34,2)=\"Sc\",B34=\"A\",C34=\"d\",C34=\"f\")),\n(SUM(VLOOKUP($A34,Quantities[],Quantities!$P$2)*VLOOKUP($A34,Quantities[],Quantities!$O$2),VLOOKUP($A34,Quantities[],Quantities!$R$2)*VLOOKUP($A34,Quantities[],Quantities!$Q$2),VLOOKUP($A34,Quantities[],Quantities!$T$2)*VLOOKUP($A34,Quantities[],Quantities!$S$2)))/SUM(VLOOKUP($A34,Quantities[],Quantities!$O$2),VLOOKUP($A34,Quantities[],Quantities!$Q$2),VLOOKUP($A34,Quantities[],Quantities!$S$2)),\n\nIF(AND(LEFT(D34,2)=\"Sc\",OR(C34=\"a\",C34=\"f\")),\nVLOOKUP(A34,Quantities[],Quantities!$J$2),\n\nIF(AND(B34=\"D\",C34=\"b\", (VLOOKUP(INDEX(Quantities!$A$100:$A$118,MATCH($A34,Quantities!$C$100:$C$118)),Quantities[],Quantities!$O$2)+VLOOKUP(INDEX(Quantities!$A$100:$A$118,MATCH($A34,Quantities!$C$100:$C$118)),Quantities[],Quantities!$Q$2)+VLOOKUP(INDEX(Quantities!$A$100:$A$118,MATCH($A34,Quantities!$C$100:$C$118)),Quantities[],Quantities!$S$2))>0),\n(VLOOKUP(INDEX(Quantities!$A$100:$A$118,MATCH($A34,Quantities!$C$100:$C$118)),Quantities[],Quantities!$P$2)*VLOOKUP(INDEX(Quantities!$A$100:$A$118,MATCH($A34,Quantities!$C$100:$C$118)),Quantities[],Quantities!$O$2)\n+VLOOKUP(INDEX(Quantities!$A$100:$A$118,MATCH($A34,Quantities!$C$100:$C$118)),Quantities[],Quantities!$R$2)*VLOOKUP(INDEX(Quantities!$A$100:$A$118,MATCH($A34,Quantities!$C$100:$C$118)),Quantities[],Quantities!$Q$2)\n+VLOOKUP(INDEX(Quantities!$A$100:$A$118,MATCH($A34,Quantities!$C$100:$C$118)),Quantities[],Quantities!$T$2)*VLOOKUP(INDEX(Quantities!$A$100:$A$118,MATCH($A34,Quantities!$C$100:$C$118)),Quantities[],Quantities!$S$2))/\n(VLOOKUP(INDEX(Quantities!$A$100:$A$118,MATCH($A34,Quantities!$C$100:$C$118)),Quantities[],Quantities!$O$2)+VLOOKUP(INDEX(Quantities!$A$100:$A$118,MATCH($A34,Quantities!$C$100:$C$118)),Quantities[],Quantities!$Q$2)+VLOOKUP(A34,Quantities[],Quantities!$S$2)),\n\nIF(AND(B34=\"D\", (VLOOKUP(A34,Quantities[],Quantities!$O$2)+VLOOKUP(A34,Quantities[],Quantities!$Q$2)+VLOOKUP(A34,Quantities[],Quantities!$S$2))>0),\n(VLOOKUP(A34,Quantities[],Quantities!$P$2)*VLOOKUP(A34,Quantities[],Quantities!$O$2)\n+VLOOKUP(A34,Quantities[],Quantities!$R$2)*VLOOKUP(A34,Quantities[],Quantities!$Q$2)\n+VLOOKUP(A34,Quantities[],Quantities!$T$2)*VLOOKUP(A34,Quantities[],Quantities!$S$2))/\n(VLOOKUP(A34,Quantities[],Quantities!$O$2)+VLOOKUP(A34,Quantities[],Quantities!$Q$2)+VLOOKUP(A34,Quantities[],Quantities!$S$2)),\n\nIF($B34=\"Q\", (SUM(VLOOKUP($A34,Quantities[],Quantities!$P$2)*VLOOKUP($A34,Quantities[],Quantities!$O$2),VLOOKUP($A34,Quantities[],Quantities!$R$2)*VLOOKUP($A34,Quantities[],Quantities!$Q$2),VLOOKUP($A34,Quantities[],Quantities!$T$2)*VLOOKUP($A34,Quantities[],Quantities!$S$2)))/SUM(VLOOKUP($A34,Quantities[],Quantities!$O$2),VLOOKUP($A34,Quantities[],Quantities!$Q$2),VLOOKUP($A34,Quantities[],Quantities!$S$2)),\n\n VLOOKUP(A34,Quantities[],Quantities!$H$2)\n))))))","v":-0.28999999999999998},{"$f":"IF(LEFT(D34,1)=\"U\",\"-\",VLOOKUP(D34,Equipment[],Equipment!$B$2))","v":"Cat D11T CD"}]
[{"$f":"Quantities!$A$6","v":1002},"A","a","Dz2","1002-A-a-Dz2",{"$f":"IF(D35=\"Comb1\",CONCATENATE(VLOOKUP(B35,'Activity-Material_Codes'!$A$2:$B$26,Quantities!$B$2),\"-\",VLOOKUP(A35,Quantities[],Quantities!$D$2)),\nCONCATENATE(\nVLOOKUP(B35,'Activity-Material_Codes'!$A$2:$B$26,Quantities!$B$2),\nIF(AND(B35=\"B\",C35=\"a\"), \" Scraper Grading\", \"\"),\nIF(C35=\"b\",\"\",\"-\"),\nIF(C35=\"b\",\"\",VLOOKUP(A35,Quantities[],Quantities!$D$2)),\nIF(LEFT(TEXT(A35,\"0\"),1)=\"5\",\"\",\"-\"),\nIF(LEFT(TEXT(A35,\"0\"),1)=\"5\",\"\",VLOOKUP(C35,'Activity-Material_Codes'!$A$30:$B$36,Quantities!$B$2))\n))","v":"Grade-Outslopes - Regrade benches from pullback-Existing Ground"},{"$f":"CONCATENATE(\nIF(OR(RIGHT(TEXT($A35,\"0\"),Quantities!$B$2)=\"00\",LEFT(TEXT($A35,\"0\"),1)=\"5\",OR($C35=\"b\",$C35=\"f\")),\"\",VLOOKUP($A35,Quantities[],Quantities!$B$2)),\nIF(LEFT(TEXT($A35,\"0\"),1)=\"5\",\"\",\" \"),\nIF(OR(C35=\"a\",C35=\"c\",C35=\"d\",C35=\"e\"),IF(OR(RIGHT(TEXT($A35,\"0\"),Quantities!$B$2)=\"00\",LEFT(TEXT($A35,\"0\"),1)=\"5\"),VLOOKUP($A35,Quantities[],Quantities!$B$2),\"\"),\nIF(LEFT(TEXT($A35,\"0\"),1)=\"5\",VLOOKUP($A35,Quantities[],Quantities!$B$2),\nVLOOKUP(INDEX(Quantities!$A$100:$A$118,MATCH($A35,Quantities!$C$100:$C$118)),Quantities!$A$100:$B$118,Quantities!$B$2))))","v":"1A Leach, 1B Leach  "},{"$f":"IF(LEFT(TEXT(A35,\"0\"),1)=\"5\",\nVLOOKUP(VLOOKUP(A35,Quantities!$A$4:$D$118,Quantities!$C$2),Quantities!$A$4:$D$118,Quantities!$C$2),\nIF(OR(C35=\"a\",C35=\"c\",C35=\"d\",C35=\"e\"),\n\"-\",\nIF(RIGHT(TEXT(A35,\"0\"),2)=\"00\",VLOOKUP(A35,Quantities[],Quantities!$B$2),\nIF(C35=\"f\",VLOOKUP(A35,Quantities[],Quantities!$B$2),\nVLOOKUP(A35,Quantities[],Quantities!$C$2))\n)))","v":"-"},{"$f":"IF(OR(AND(LEFT(D35,2)=\"Sc\",B35=\"A\",C35=\"d\"),AND(C35=\"f\",B35=\"D\")),\nSUM(VLOOKUP($A35,Quantities[],Quantities!$O$2),VLOOKUP($A35,Quantities[],Quantities!$Q$2),VLOOKUP($A35,Quantities[],Quantities!$S$2)),\n\nIF(AND(LEFT(D35,2)=\"Sc\",OR(C35=\"a\",C35=\"f\")),\nVLOOKUP(A35,Quantities[],Quantities!$I$2),\n\nIF(AND(B35=\"D\",C35=\"b\"),\n VLOOKUP(INDEX(Quantities!$A$100:$A$118,MATCH($A35,Quantities!$C$100:$C$118)),Quantities!$A$100:$AJ$118,Quantities!$O$2)+\nVLOOKUP(INDEX(Quantities!$A$100:$A$118,MATCH($A35,Quantities!$C$100:$C$118)),Quantities!$A$100:$AJ$118,Quantities!$Q$2)+\nVLOOKUP(INDEX(Quantities!$A$100:$A$118,MATCH($A35,Quantities!$C$100:$C$118)),Quantities!$A$100:$AJ$118,Quantities!$S$2),\n\nIF(OR(B35=\"D\",B35=\"Q\"),\nSUM(VLOOKUP($A35,Quantities[],Quantities!$O$2),VLOOKUP($A35,Quantities[],Quantities!$Q$2),VLOOKUP($A35,Quantities[],Quantities!$S$2)),\n\n VLOOKUP(A35,Quantities[],Quantities!$G$2)\n))))","v":90},{"$f":"IF(LEFT(D35,2)=\"Mg\", VLOOKUP(A35,Quantities[],Quantities!$H$2),\n\nIF(OR(AND(LEFT(D35,2)=\"Sc\",B35=\"A\",C35=\"d\",C35=\"f\")),\n(SUM(VLOOKUP($A35,Quantities[],Quantities!$P$2)*VLOOKUP($A35,Quantities[],Quantities!$O$2),VLOOKUP($A35,Quantities[],Quantities!$R$2)*VLOOKUP($A35,Quantities[],Quantities!$Q$2),VLOOKUP($A35,Quantities[],Quantities!$T$2)*VLOOKUP($A35,Quantities[],Quantities!$S$2)))/SUM(VLOOKUP($A35,Quantities[],Quantities!$O$2),VLOOKUP($A35,Quantities[],Quantities!$Q$2),VLOOKUP($A35,Quantities[],Quantities!$S$2)),\n\nIF(AND(LEFT(D35,2)=\"Sc\",OR(C35=\"a\",C35=\"f\")),\nVLOOKUP(A35,Quantities[],Quantities!$J$2),\n\nIF(AND(B35=\"D\",C35=\"b\", (VLOOKUP(INDEX(Quantities!$A$100:$A$118,MATCH($A35,Quantities!$C$100:$C$118)),Quantities[],Quantities!$O$2)+VLOOKUP(INDEX(Quantities!$A$100:$A$118,MATCH($A35,Quantities!$C$100:$C$118)),Quantities[],Quantities!$Q$2)+VLOOKUP(INDEX(Quantities!$A$100:$A$118,MATCH($A35,Quantities!$C$100:$C$118)),Quantities[],Quantities!$S$2))>0),\n(VLOOKUP(INDEX(Quantities!$A$100:$A$118,MATCH($A35,Quantities!$C$100:$C$118)),Quantities[],Quantities!$P$2)*VLOOKUP(INDEX(Quantities!$A$100:$A$118,MATCH($A35,Quantities!$C$100:$C$118)),Quantities[],Quantities!$O$2)\n+VLOOKUP(INDEX(Quantities!$A$100:$A$118,MATCH($A35,Quantities!$C$100:$C$118)),Quantities[],Quantities!$R$2)*VLOOKUP(INDEX(Quantities!$A$100:$A$118,MATCH($A35,Quantities!$C$100:$C$118)),Quantities[],Quantities!$Q$2)\n+VLOOKUP(INDEX(Quantities!$A$100:$A$118,MATCH($A35,Quantities!$C$100:$C$118)),Quantities[],Quantities!$T$2)*VLOOKUP(INDEX(Quantities!$A$100:$A$118,MATCH($A35,Quantities!$C$100:$C$118)),Quantities[],Quantities!$S$2))/\n(VLOOKUP(INDEX(Quantities!$A$100:$A$118,MATCH($A35,Quantities!$C$100:$C$118)),Quantities[],Quantities!$O$2)+VLOOKUP(INDEX(Quantities!$A$100:$A$118,MATCH($A35,Quantities!$C$100:$C$118)),Quantities[],Quantities!$Q$2)+VLOOKUP(A35,Quantities[],Quantities!$S$2)),\n\nIF(AND(B35=\"D\", (VLOOKUP(A35,Quantities[],Quantities!$O$2)+VLOOKUP(A35,Quantities[],Quantities!$Q$2)+VLOOKUP(A35,Quantities[],Quantities!$S$2))>0),\n(VLOOKUP(A35,Quantities[],Quantities!$P$2)*VLOOKUP(A35,Quantities[],Quantities!$O$2)\n+VLOOKUP(A35,Quantities[],Quantities!$R$2)*VLOOKUP(A35,Quantities[],Quantities!$Q$2)\n+VLOOKUP(A35,Quantities[],Quantities!$T$2)*VLOOKUP(A35,Quantities[],Quantities!$S$2))/\n(VLOOKUP(A35,Quantities[],Quantities!$O$2)+VLOOKUP(A35,Quantities[],Quantities!$Q$2)+VLOOKUP(A35,Quantities[],Quantities!$S$2)),\n\nIF($B35=\"Q\", (SUM(VLOOKUP($A35,Quantities[],Quantities!$P$2)*VLOOKUP($A35,Quantities[],Quantities!$O$2),VLOOKUP($A35,Quantities[],Quantities!$R$2)*VLOOKUP($A35,Quantities[],Quantities!$Q$2),VLOOKUP($A35,Quantities[],Quantities!$T$2)*VLOOKUP($A35,Quantities[],Quantities!$S$2)))/SUM(VLOOKUP($A35,Quantities[],Quantities!$O$2),VLOOKUP($A35,Quantities[],Quantities!$Q$2),VLOOKUP($A35,Quantities[],Quantities!$S$2)),\n\n VLOOKUP(A35,Quantities[],Quantities!$H$2)\n))))))","v":-0.28999999999999998},{"$f":"IF(LEFT(D35,1)=\"U\",\"-\",VLOOKUP(D35,Equipment[],Equipment!$B$2))","v":"Cat D11T CD"}]
[{"$f":"Quantities!$A$11","v":1202},"A","a","Dz2","1202-A-a-Dz2",{"$f":"IF(D36=\"Comb1\",CONCATENATE(VLOOKUP(B36,'Activity-Material_Codes'!$A$2:$B$26,Quantities!$B$2),\"-\",VLOOKUP(A36,Quantities[],Quantities!$D$2)),\nCONCATENATE(\nVLOOKUP(B36,'Activity-Material_Codes'!$A$2:$B$26,Quantities!$B$2),\nIF(AND(B36=\"B\",C36=\"a\"), \" Scraper Grading\", \"\"),\nIF(C36=\"b\",\"\",\"-\"),\nIF(C36=\"b\",\"\",VLOOKUP(A36,Quantities[],Quantities!$D$2)),\nIF(LEFT(TEXT(A36,\"0\"),1)=\"5\",\"\",\"-\"),\nIF(LEFT(TEXT(A36,\"0\"),1)=\"5\",\"\",VLOOKUP(C36,'Activity-Material_Codes'!$A$30:$B$36,Quantities!$B$2))\n))","v":"Grade-Outslopes-Existing Ground"},{"$f":"CONCATENATE(\nIF(OR(RIGHT(TEXT($A36,\"0\"),Quantities!$B$2)=\"00\",LEFT(TEXT($A36,\"0\"),1)=\"5\",OR($C36=\"b\",$C36=\"f\")),\"\",VLOOKUP($A36,Quantities[],Quantities!$B$2)),\nIF(LEFT(TEXT($A36,\"0\"),1)=\"5\",\"\",\" \"),\nIF(OR(C36=\"a\",C36=\"c\",C36=\"d\",C36=\"e\"),IF(OR(RIGHT(TEXT($A36,\"0\"),Quantities!$B$2)=\"00\",LEFT(TEXT($A36,\"0\"),1)=\"5\"),VLOOKUP($A36,Quantities[],Quantities!$B$2),\"\"),\nIF(LEFT(TEXT($A36,\"0\"),1)=\"5\",VLOOKUP($A36,Quantities[],Quantities!$B$2),\nVLOOKUP(INDEX(Quantities!$A$100:$A$118,MATCH($A36,Quantities!$C$100:$C$118)),Quantities!$A$100:$B$118,Quantities!$B$2))))","v":"2B Waste, 2A Leach, 2B Leach "},{"$f":"IF(LEFT(TEXT(A36,\"0\"),1)=\"5\",\nVLOOKUP(VLOOKUP(A36,Quantities!$A$4:$D$118,Quantities!$C$2),Quantities!$A$4:$D$118,Quantities!$C$2),\nIF(OR(C36=\"a\",C36=\"c\",C36=\"d\",C36=\"e\"),\n\"-\",\nIF(RIGHT(TEXT(A36,\"0\"),2)=\"00\",VLOOKUP(A36,Quantities[],Quantities!$B$2),\nIF(C36=\"f\",VLOOKUP(A36,Quantities[],Quantities!$B$2),\nVLOOKUP(A36,Quantities[],Quantities!$C$2))\n)))","v":"-"},{"$f":"IF(OR(AND(LEFT(D36,2)=\"Sc\",B36=\"A\",C36=\"d\"),AND(C36=\"f\",B36=\"D\")),\nSUM(VLOOKUP($A36,Quantities[],Quantities!$O$2),VLOOKUP($A36,Quantities[],Quantities!$Q$2),VLOOKUP($A36,Quantities[],Quantities!$S$2)),\n\nIF(AND(LEFT(D36,2)=\"Sc\",OR(C36=\"a\",C36=\"f\")),\nVLOOKUP(A36,Quantities[],Quantities!$I$2),\n\nIF(AND(B36=\"D\",C36=\"b\"),\n VLOOKUP(INDEX(Quantities!$A$100:$A$118,MATCH($A36,Quantities!$C$100:$C$118)),Quantities!$A$100:$AJ$118,Quantities!$O$2)+\nVLOOKUP(INDEX(Quantities!$A$100:$A$118,MATCH($A36,Quantities!$C$100:$C$118)),Quantities!$A$100:$AJ$118,Quantities!$Q$2)+\nVLOOKUP(INDEX(Quantities!$A$100:$A$118,MATCH($A36,Quantities!$C$100:$C$118)),Quantities!$A$100:$AJ$118,Quantities!$S$2),\n\nIF(OR(B36=\"D\",B36=\"Q\"),\nSUM(VLOOKUP($A36,Quantities[],Quantities!$O$2),VLOOKUP($A36,Quantities[],Quantities!$Q$2),VLOOKUP($A36,Quantities[],Quantities!$S$2)),\n\n VLOOKUP(A36,Quantities[],Quantities!$G$2)\n))))","v":470},{"$f":"IF(LEFT(D36,2)=\"Mg\", VLOOKUP(A36,Quantities[],Quantities!$H$2),\n\nIF(OR(AND(LEFT(D36,2)=\"Sc\",B36=\"A\",C36=\"d\",C36=\"f\")),\n(SUM(VLOOKUP($A36,Quantities[],Quantities!$P$2)*VLOOKUP($A36,Quantities[],Quantities!$O$2),VLOOKUP($A36,Quantities[],Quantities!$R$2)*VLOOKUP($A36,Quantities[],Quantities!$Q$2),VLOOKUP($A36,Quantities[],Quantities!$T$2)*VLOOKUP($A36,Quantities[],Quantities!$S$2)))/SUM(VLOOKUP($A36,Quantities[],Quantities!$O$2),VLOOKUP($A36,Quantities[],Quantities!$Q$2),VLOOKUP($A36,Quantities[],Quantities!$S$2)),\n\nIF(AND(LEFT(D36,2)=\"Sc\",OR(C36=\"a\",C36=\"f\")),\nVLOOKUP(A36,Quantities[],Quantities!$J$2),\n\nIF(AND(B36=\"D\",C36=\"b\", (VLOOKUP(INDEX(Quantities!$A$100:$A$118,MATCH($A36,Quantities!$C$100:$C$118)),Quantities[],Quantities!$O$2)+VLOOKUP(INDEX(Quantities!$A$100:$A$118,MATCH($A36,Quantities!$C$100:$C$118)),Quantities[],Quantities!$Q$2)+VLOOKUP(INDEX(Quantities!$A$100:$A$118,MATCH($A36,Quantities!$C$100:$C$118)),Quantities[],Quantities!$S$2))>0),\n(VLOOKUP(INDEX(Quantities!$A$100:$A$118,MATCH($A36,Quantities!$C$100:$C$118)),Quantities[],Quantities!$P$2)*VLOOKUP(INDEX(Quantities!$A$100:$A$118,MATCH($A36,Quantities!$C$100:$C$118)),Quantities[],Quantities!$O$2)\n+VLOOKUP(INDEX(Quantities!$A$100:$A$118,MATCH($A36,Quantities!$C$100:$C$118)),Quantities[],Quantities!$R$2)*VLOOKUP(INDEX(Quantities!$A$100:$A$118,MATCH($A36,Quantities!$C$100:$C$118)),Quantities[],Quantities!$Q$2)\n+VLOOKUP(INDEX(Quantities!$A$100:$A$118,MATCH($A36,Quantities!$C$100:$C$118)),Quantities[],Quantities!$T$2)*VLOOKUP(INDEX(Quantities!$A$100:$A$118,MATCH($A36,Quantities!$C$100:$C$118)),Quantities[],Quantities!$S$2))/\n(VLOOKUP(INDEX(Quantities!$A$100:$A$118,MATCH($A36,Quantities!$C$100:$C$118)),Quantities[],Quantities!$O$2)+VLOOKUP(INDEX(Quantities!$A$100:$A$118,MATCH($A36,Quantities!$C$100:$C$118)),Quantities[],Quantities!$Q$2)+VLOOKUP(A36,Quantities[],Quantities!$S$2)),\n\nIF(AND(B36=\"D\", (VLOOKUP(A36,Quantities[],Quantities!$O$2)+VLOOKUP(A36,Quantities[],Quantities!$Q$2)+VLOOKUP(A36,Quantities[],Quantities!$S$2))>0),\n(VLOOKUP(A36,Quantities[],Quantities!$P$2)*VLOOKUP(A36,Quantities[],Quantities!$O$2)\n+VLOOKUP(A36,Quantities[],Quantities!$R$2)*VLOOKUP(A36,Quantities[],Quantities!$Q$2)\n+VLOOKUP(A36,Quantities[],Quantities!$T$2)*VLOOKUP(A36,Quantities[],Quantities!$S$2))/\n(VLOOKUP(A36,Quantities[],Quantities!$O$2)+VLOOKUP(A36,Quantities[],Quantities!$Q$2)+VLOOKUP(A36,Quantities[],Quantities!$S$2)),\n\nIF($B36=\"Q\", (SUM(VLOOKUP($A36,Quantities[],Quantities!$P$2)*VLOOKUP($A36,Quantities[],Quantities!$O$2),VLOOKUP($A36,Quantities[],Quantities!$R$2)*VLOOKUP($A36,Quantities[],Quantities!$Q$2),VLOOKUP($A36,Quantities[],Quantities!$T$2)*VLOOKUP($A36,Quantities[],Quantities!$S$2)))/SUM(VLOOKUP($A36,Quantities[],Quantities!$O$2),VLOOKUP($A36,Quantities[],Quantities!$Q$2),VLOOKUP($A36,Quantities[],Quantities!$S$2)),\n\n VLOOKUP(A36,Quantities[],Quantities!$H$2)\n))))))","v":-0.28999999999999998},{"$f":"IF(LEFT(D36,1)=\"U\",\"-\",VLOOKUP(D36,Equipment[],Equipment!$B$2))","v":"Cat D11T CD"}]
[{"$f":"Quantities!$A$16","v":1304},"A","a","Dz2","1304-A-a-Dz2",{"$f":"IF(D37=\"Comb1\",CONCATENATE(VLOOKUP(B37,'Activity-Material_Codes'!$A$2:$B$26,Quantities!$B$2),\"-\",VLOOKUP(A37,Quantities[],Quantities!$D$2)),\nCONCATENATE(\nVLOOKUP(B37,'Activity-Material_Codes'!$A$2:$B$26,Quantities!$B$2),\nIF(AND(B37=\"B\",C37=\"a\"), \" Scraper Grading\", \"\"),\nIF(C37=\"b\",\"\",\"-\"),\nIF(C37=\"b\",\"\",VLOOKUP(A37,Quantities[],Quantities!$D$2)),\nIF(LEFT(TEXT(A37,\"0\"),1)=\"5\",\"\",\"-\"),\nIF(LEFT(TEXT(A37,\"0\"),1)=\"5\",\"\",VLOOKUP(C37,'Activity-Material_Codes'!$A$30:$B$36,Quantities!$B$2))\n))","v":"Grade-Outslopes (total area, volume outside of pullback)-Existing Ground"},{"$f":"CONCATENATE(\nIF(OR(RIGHT(TEXT($A37,\"0\"),Quantities!$B$2)=\"00\",LEFT(TEXT($A37,\"0\"),1)=\"5\",OR($C37=\"b\",$C37=\"f\")),\"\",VLOOKUP($A37,Quantities[],Quantities!$B$2)),\nIF(LEFT(TEXT($A37,\"0\"),1)=\"5\",\"\",\" \"),\nIF(OR(C37=\"a\",C37=\"c\",C37=\"d\",C37=\"e\"),IF(OR(RIGHT(TEXT($A37,\"0\"),Quantities!$B$2)=\"00\",LEFT(TEXT($A37,\"0\"),1)=\"5\"),VLOOKUP($A37,Quantities[],Quantities!$B$2),\"\"),\nIF(LEFT(TEXT($A37,\"0\"),1)=\"5\",VLOOKUP($A37,Quantities[],Quantities!$B$2),\nVLOOKUP(INDEX(Quantities!$A$100:$A$118,MATCH($A37,Quantities!$C$100:$C$118)),Quantities!$A$100:$B$118,Quantities!$B$2))))","v":"3A Leach, 3B Waste "},{"$f":"IF(LEFT(TEXT(A37,\"0\"),1)=\"5\",\nVLOOKUP(VLOOKUP(A37,Quantities!$A$4:$D$118,Quantities!$C$2),Quantities!$A$4:$D$118,Quantities!$C$2),\nIF(OR(C37=\"a\",C37=\"c\",C37=\"d\",C37=\"e\"),\n\"-\",\nIF(RIGHT(TEXT(A37,\"0\"),2)=\"00\",VLOOKUP(A37,Quantities[],Quantities!$B$2),\nIF(C37=\"f\",VLOOKUP(A37,Quantities[],Quantities!$B$2),\nVLOOKUP(A37,Quantities[],Quantities!$C$2))\n)))","v":"-"},{"$f":"IF(OR(AND(LEFT(D37,2)=\"Sc\",B37=\"A\",C37=\"d\"),AND(C37=\"f\",B37=\"D\")),\nSUM(VLOOKUP($A37,Quantities[],Quantities!$O$2),VLOOKUP($A37,Quantities[],Quantities!$Q$2),VLOOKUP($A37,Quantities[],Quantities!$S$2)),\n\nIF(AND(LEFT(D37,2)=\"Sc\",OR(C37=\"a\",C37=\"f\")),\nVLOOKUP(A37,Quantities[],Quantities!$I$2),\n\nIF(AND(B37=\"D\",C37=\"b\"),\n VLOOKUP(INDEX(Quantities!$A$100:$A$118,MATCH($A37,Quantities!$C$100:$C$118)),Quantities!$A$100:$AJ$118,Quantities!$O$2)+\nVLOOKUP(INDEX(Quantities!$A$100:$A$118,MATCH($A37,Quantities!$C$100:$C$118)),Quantities!$A$100:$AJ$118,Quantities!$Q$2)+\nVLOOKUP(INDEX(Quantities!$A$100:$A$118,MATCH($A37,Quantities!$C$100:$C$118)),Quantities!$A$100:$AJ$118,Quantities!$S$2),\n\nIF(OR(B37=\"D\",B37=\"Q\"),\nSUM(VLOOKUP($A37,Quantities[],Quantities!$O$2),VLOOKUP($A37,Quantities[],Quantities!$Q$2),VLOOKUP($A37,Quantities[],Quantities!$S$2)),\n\n VLOOKUP(A37,Quantities[],Quantities!$G$2)\n))))","v":560},{"$f":"IF(LEFT(D37,2)=\"Mg\", VLOOKUP(A37,Quantities[],Quantities!$H$2),\n\nIF(OR(AND(LEFT(D37,2)=\"Sc\",B37=\"A\",C37=\"d\",C37=\"f\")),\n(SUM(VLOOKUP($A37,Quantities[],Quantities!$P$2)*VLOOKUP($A37,Quantities[],Quantities!$O$2),VLOOKUP($A37,Quantities[],Quantities!$R$2)*VLOOKUP($A37,Quantities[],Quantities!$Q$2),VLOOKUP($A37,Quantities[],Quantities!$T$2)*VLOOKUP($A37,Quantities[],Quantities!$S$2)))/SUM(VLOOKUP($A37,Quantities[],Quantities!$O$2),VLOOKUP($A37,Quantities[],Quantities!$Q$2),VLOOKUP($A37,Quantities[],Quantities!$S$2)),\n\nIF(AND(LEFT(D37,2)=\"Sc\",OR(C37=\"a\",C37=\"f\")),\nVLOOKUP(A37,Quantities[],Quantities!$J$2),\n\nIF(AND(B37=\"D\",C37=\"b\", (VLOOKUP(INDEX(Quantities!$A$100:$A$118,MATCH($A37,Quantities!$C$100:$C$118)),Quantities[],Quantities!$O$2)+VLOOKUP(INDEX(Quantities!$A$100:$A$118,MATCH($A37,Quantities!$C$100:$C$118)),Quantities[],Quantities!$Q$2)+VLOOKUP(INDEX(Quantities!$A$100:$A$118,MATCH($A37,Quantities!$C$100:$C$118)),Quantities[],Quantities!$S$2))>0),\n(VLOOKUP(INDEX(Quantities!$A$100:$A$118,MATCH($A37,Quantities!$C$100:$C$118)),Quantities[],Quantities!$P$2)*VLOOKUP(INDEX(Quantities!$A$100:$A$118,MATCH($A37,Quantities!$C$100:$C$118)),Quantities[],Quantities!$O$2)\n+VLOOKUP(INDEX(Quantities!$A$100:$A$118,MATCH($A37,Quantities!$C$100:$C$118)),Quantities[],Quantities!$R$2)*VLOOKUP(INDEX(Quantities!$A$100:$A$118,MATCH($A37,Quantities!$C$100:$C$118)),Quantities[],Quantities!$Q$2)\n+VLOOKUP(INDEX(Quantities!$A$100:$A$118,MATCH($A37,Quantities!$C$100:$C$118)),Quantities[],Quantities!$T$2)*VLOOKUP(INDEX(Quantities!$A$100:$A$118,MATCH($A37,Quantities!$C$100:$C$118)),Quantities[],Quantities!$S$2))/\n(VLOOKUP(INDEX(Quantities!$A$100:$A$118,MATCH($A37,Quantities!$C$100:$C$118)),Quantities[],Quantities!$O$2)+VLOOKUP(INDEX(Quantities!$A$100:$A$118,MATCH($A37,Quantities!$C$100:$C$118)),Quantities[],Quantities!$Q$2)+VLOOKUP(A37,Quantities[],Quantities!$S$2)),\n\nIF(AND(B37=\"D\", (VLOOKUP(A37,Quantities[],Quantities!$O$2)+VLOOKUP(A37,Quantities[],Quantities!$Q$2)+VLOOKUP(A37,Quantities[],Quantities!$S$2))>0),\n(VLOOKUP(A37,Quantities[],Quantities!$P$2)*VLOOKUP(A37,Quantities[],Quantities!$O$2)\n+VLOOKUP(A37,Quantities[],Quantities!$R$2)*VLOOKUP(A37,Quantities[],Quantities!$Q$2)\n+VLOOKUP(A37,Quantities[],Quantities!$T$2)*VLOOKUP(A37,Quantities[],Quantities!$S$2))/\n(VLOOKUP(A37,Quantities[],Quantities!$O$2)+VLOOKUP(A37,Quantities[],Quantities!$Q$2)+VLOOKUP(A37,Quantities[],Quantities!$S$2)),\n\nIF($B37=\"Q\", (SUM(VLOOKUP($A37,Quantities[],Quantities!$P$2)*VLOOKUP($A37,Quantities[],Quantities!$O$2),VLOOKUP($A37,Quantities[],Quantities!$R$2)*VLOOKUP($A37,Quantities[],Quantities!$Q$2),VLOOKUP($A37,Quantities[],Quantities!$T$2)*VLOOKUP($A37,Quantities[],Quantities!$S$2)))/SUM(VLOOKUP($A37,Quantities[],Quantities!$O$2),VLOOKUP($A37,Quantities[],Quantities!$Q$2),VLOOKUP($A37,Quantities[],Quantities!$S$2)),\n\n VLOOKUP(A37,Quantities[],Quantities!$H$2)\n))))))","v":-0.28999999999999998},{"$f":"IF(LEFT(D37,1)=\"U\",\"-\",VLOOKUP(D37,Equipment[],Equipment!$B$2))","v":"Cat D11T CD"}]
[{"$f":"Quantities!$A$15","v":1303},"A","f","Dz2","1303-A-f-Dz2",{"$f":"IF(D38=\"Comb1\",CONCATENATE(VLOOKUP(B38,'Activity-Material_Codes'!$A$2:$B$26,Quantities!$B$2),\"-\",VLOOKUP(A38,Quantities[],Quantities!$D$2)),\nCONCATENATE(\nVLOOKUP(B38,'Activity-Material_Codes'!$A$2:$B$26,Quantities!$B$2),\nIF(AND(B38=\"B\",C38=\"a\"), \" Scraper Grading\", \"\"),\nIF(C38=\"b\",\"\",\"-\"),\nIF(C38=\"b\",\"\",VLOOKUP(A38,Quantities[],Quantities!$D$2)),\nIF(LEFT(TEXT(A38,\"0\"),1)=\"5\",\"\",\"-\"),\nIF(LEFT(TEXT(A38,\"0\"),1)=\"5\",\"\",VLOOKUP(C38,'Activity-Material_Codes'!$A$30:$B$36,Quantities!$B$2))\n))","v":"Grade-Outslopes - Regrade benches from pullback-Backfill/Stockpile Material"},{"$f":"CONCATENATE(\nIF(OR(RIGHT(TEXT($A38,\"0\"),Quantities!$B$2)=\"00\",LEFT(TEXT($A38,\"0\"),1)=\"5\",OR($C38=\"b\",$C38=\"f\")),\"\",VLOOKUP($A38,Quantities[],Quantities!$B$2)),\nIF(LEFT(TEXT($A38,\"0\"),1)=\"5\",\"\",\" \"),\nIF(OR(C38=\"a\",C38=\"c\",C38=\"d\",C38=\"e\"),IF(OR(RIGHT(TEXT($A38,\"0\"),Quantities!$B$2)=\"00\",LEFT(TEXT($A38,\"0\"),1)=\"5\"),VLOOKUP($A38,Quantities[],Quantities!$B$2),\"\"),\nIF(LEFT(TEXT($A38,\"0\"),1)=\"5\",VLOOKUP($A38,Quantities[],Quantities!$B$2),\nVLOOKUP(INDEX(Quantities!$A$100:$A$118,MATCH($A38,Quantities!$C$100:$C$118)),Quantities!$A$100:$B$118,Quantities!$B$2))))","v":" 3A Leach, 3B Waste"},{"$f":"IF(LEFT(TEXT(A38,\"0\"),1)=\"5\",\nVLOOKUP(VLOOKUP(A38,Quantities!$A$4:$D$118,Quantities!$C$2),Quantities!$A$4:$D$118,Quantities!$C$2),\nIF(OR(C38=\"a\",C38=\"c\",C38=\"d\",C38=\"e\"),\n\"-\",\nIF(RIGHT(TEXT(A38,\"0\"),2)=\"00\",VLOOKUP(A38,Quantities[],Quantities!$B$2),\nIF(C38=\"f\",VLOOKUP(A38,Quantities[],Quantities!$B$2),\nVLOOKUP(A38,Quantities[],Quantities!$C$2))\n)))","v":"3A Leach, 3B Waste"},{"$f":"IF(OR(AND(LEFT(D38,2)=\"Sc\",B38=\"A\",C38=\"d\"),AND(C38=\"f\",B38=\"D\")),\nSUM(VLOOKUP($A38,Quantities[],Quantities!$O$2),VLOOKUP($A38,Quantities[],Quantities!$Q$2),VLOOKUP($A38,Quantities[],Quantities!$S$2)),\n\nIF(AND(LEFT(D38,2)=\"Sc\",OR(C38=\"a\",C38=\"f\")),\nVLOOKUP(A38,Quantities[],Quantities!$I$2),\n\nIF(AND(B38=\"D\",C38=\"b\"),\n VLOOKUP(INDEX(Quantities!$A$100:$A$118,MATCH($A38,Quantities!$C$100:$C$118)),Quantities!$A$100:$AJ$118,Quantities!$O$2)+\nVLOOKUP(INDEX(Quantities!$A$100:$A$118,MATCH($A38,Quantities!$C$100:$C$118)),Quantities!$A$100:$AJ$118,Quantities!$Q$2)+\nVLOOKUP(INDEX(Quantities!$A$100:$A$118,MATCH($A38,Quantities!$C$100:$C$118)),Quantities!$A$100:$AJ$118,Quantities!$S$2),\n\nIF(OR(B38=\"D\",B38=\"Q\"),\nSUM(VLOOKUP($A38,Quantities[],Quantities!$O$2),VLOOKUP($A38,Quantities[],Quantities!$Q$2),VLOOKUP($A38,Quantities[],Quantities!$S$2)),\n\n VLOOKUP(A38,Quantities[],Quantities!$G$2)\n))))","v":90},{"$f":"IF(LEFT(D38,2)=\"Mg\", VLOOKUP(A38,Quantities[],Quantities!$H$2),\n\nIF(OR(AND(LEFT(D38,2)=\"Sc\",B38=\"A\",C38=\"d\",C38=\"f\")),\n(SUM(VLOOKUP($A38,Quantities[],Quantities!$P$2)*VLOOKUP($A38,Quantities[],Quantities!$O$2),VLOOKUP($A38,Quantities[],Quantities!$R$2)*VLOOKUP($A38,Quantities[],Quantities!$Q$2),VLOOKUP($A38,Quantities[],Quantities!$T$2)*VLOOKUP($A38,Quantities[],Quantities!$S$2)))/SUM(VLOOKUP($A38,Quantities[],Quantities!$O$2),VLOOKUP($A38,Quantities[],Quantities!$Q$2),VLOOKUP($A38,Quantities[],Quantities!$S$2)),\n\nIF(AND(LEFT(D38,2)=\"Sc\",OR(C38=\"a\",C38=\"f\")),\nVLOOKUP(A38,Quantities[],Quantities!$J$2),\n\nIF(AND(B38=\"D\",C38=\"b\", (VLOOKUP(INDEX(Quantities!$A$100:$A$118,MATCH($A38,Quantities!$C$100:$C$118)),Quantities[],Quantities!$O$2)+VLOOKUP(INDEX(Quantities!$A$100:$A$118,MATCH($A38,Quantities!$C$100:$C$118)),Quantities[],Quantities!$Q$2)+VLOOKUP(INDEX(Quantities!$A$100:$A$118,MATCH($A38,Quantities!$C$100:$C$118)),Quantities[],Quantities!$S$2))>0),\n(VLOOKUP(INDEX(Quantities!$A$100:$A$118,MATCH($A38,Quantities!$C$100:$C$118)),Quantities[],Quantities!$P$2)*VLOOKUP(INDEX(Quantities!$A$100:$A$118,MATCH($A38,Quantities!$C$100:$C$118)),Quantities[],Quantities!$O$2)\n+VLOOKUP(INDEX(Quantities!$A$100:$A$118,MATCH($A38,Quantities!$C$100:$C$118)),Quantities[],Quantities!$R$2)*VLOOKUP(INDEX(Quantities!$A$100:$A$118,MATCH($A38,Quantities!$C$100:$C$118)),Quantities[],Quantities!$Q$2)\n+VLOOKUP(INDEX(Quantities!$A$100:$A$118,MATCH($A38,Quantities!$C$100:$C$118)),Quantities[],Quantities!$T$2)*VLOOKUP(INDEX(Quantities!$A$100:$A$118,MATCH($A38,Quantities!$C$100:$C$118)),Quantities[],Quantities!$S$2))/\n(VLOOKUP(INDEX(Quantities!$A$100:$A$118,MATCH($A38,Quantities!$C$100:$C$118)),Quantities[],Quantities!$O$2)+VLOOKUP(INDEX(Quantities!$A$100:$A$118,MATCH($A38,Quantities!$C$100:$C$118)),Quantities[],Quantities!$Q$2)+VLOOKUP(A38,Quantities[],Quantities!$S$2)),\n\nIF(AND(B38=\"D\", (VLOOKUP(A38,Quantities[],Quantities!$O$2)+VLOOKUP(A38,Quantities[],Quantities!$Q$2)+VLOOKUP(A38,Quantities[],Quantities!$S$2))>0),\n(VLOOKUP(A38,Quantities[],Quantities!$P$2)*VLOOKUP(A38,Quantities[],Quantities!$O$2)\n+VLOOKUP(A38,Quantities[],Quantities!$R$2)*VLOOKUP(A38,Quantities[],Quantities!$Q$2)\n+VLOOKUP(A38,Quantities[],Quantities!$T$2)*VLOOKUP(A38,Quantities[],Quantities!$S$2))/\n(VLOOKUP(A38,Quantities[],Quantities!$O$2)+VLOOKUP(A38,Quantities[],Quantities!$Q$2)+VLOOKUP(A38,Quantities[],Quantities!$S$2)),\n\nIF($B38=\"Q\", (SUM(VLOOKUP($A38,Quantities[],Quantities!$P$2)*VLOOKUP($A38,Quantities[],Quantities!$O$2),VLOOKUP($A38,Quantities[],Quantities!$R$2)*VLOOKUP($A38,Quantities[],Quantities!$Q$2),VLOOKUP($A38,Quantities[],Quantities!$T$2)*VLOOKUP($A38,Quantities[],Quantities!$S$2)))/SUM(VLOOKUP($A38,Quantities[],Quantities!$O$2),VLOOKUP($A38,Quantities[],Quantities!$Q$2),VLOOKUP($A38,Quantities[],Quantities!$S$2)),\n\n VLOOKUP(A38,Quantities[],Quantities!$H$2)\n))))))","v":-0.28999999999999998},{"$f":"IF(LEFT(D38,1)=\"U\",\"-\",VLOOKUP(D38,Equipment[],Equipment!$B$2))","v":"Cat D11T CD"}]
[{"$f":"Quantities!$A$22","v":1502},"A","a","Dz2","1502-A-a-Dz2",{"$f":"IF(D39=\"Comb1\",CONCATENATE(VLOOKUP(B39,'Activity-Material_Codes'!$A$2:$B$26,Quantities!$B$2),\"-\",VLOOKUP(A39,Quantities[],Quantities!$D$2)),\nCONCATENATE(\nVLOOKUP(B39,'Activity-Material_Codes'!$A$2:$B$26,Quantities!$B$2),\nIF(AND(B39=\"B\",C39=\"a\"), \" Scraper Grading\", \"\"),\nIF(C39=\"b\",\"\",\"-\"),\nIF(C39=\"b\",\"\",VLOOKUP(A39,Quantities[],Quantities!$D$2)),\nIF(LEFT(TEXT(A39,\"0\"),1)=\"5\",\"\",\"-\"),\nIF(LEFT(TEXT(A39,\"0\"),1)=\"5\",\"\",VLOOKUP(C39,'Activity-Material_Codes'!$A$30:$B$36,Quantities!$B$2))\n))","v":"Grade-Outslopes-Existing Ground"},{"$f":"CONCATENATE(\nIF(OR(RIGHT(TEXT($A39,\"0\"),Quantities!$B$2)=\"00\",LEFT(TEXT($A39,\"0\"),1)=\"5\",OR($C39=\"b\",$C39=\"f\")),\"\",VLOOKUP($A39,Quantities[],Quantities!$B$2)),\nIF(LEFT(TEXT($A39,\"0\"),1)=\"5\",\"\",\" \"),\nIF(OR(C39=\"a\",C39=\"c\",C39=\"d\",C39=\"e\"),IF(OR(RIGHT(TEXT($A39,\"0\"),Quantities!$B$2)=\"00\",LEFT(TEXT($A39,\"0\"),1)=\"5\"),VLOOKUP($A39,Quantities[],Quantities!$B$2),\"\"),\nIF(LEFT(TEXT($A39,\"0\"),1)=\"5\",VLOOKUP($A39,Quantities[],Quantities!$B$2),\nVLOOKUP(INDEX(Quantities!$A$100:$A$118,MATCH($A39,Quantities!$C$100:$C$118)),Quantities!$A$100:$B$118,Quantities!$B$2))))","v":"5A Waste "},{"$f":"IF(LEFT(TEXT(A39,\"0\"),1)=\"5\",\nVLOOKUP(VLOOKUP(A39,Quantities!$A$4:$D$118,Quantities!$C$2),Quantities!$A$4:$D$118,Quantities!$C$2),\nIF(OR(C39=\"a\",C39=\"c\",C39=\"d\",C39=\"e\"),\n\"-\",\nIF(RIGHT(TEXT(A39,\"0\"),2)=\"00\",VLOOKUP(A39,Quantities[],Quantities!$B$2),\nIF(C39=\"f\",VLOOKUP(A39,Quantities[],Quantities!$B$2),\nVLOOKUP(A39,Quantities[],Quantities!$C$2))\n)))","v":"-"},{"$f":"IF(OR(AND(LEFT(D39,2)=\"Sc\",B39=\"A\",C39=\"d\"),AND(C39=\"f\",B39=\"D\")),\nSUM(VLOOKUP($A39,Quantities[],Quantities!$O$2),VLOOKUP($A39,Quantities[],Quantities!$Q$2),VLOOKUP($A39,Quantities[],Quantities!$S$2)),\n\nIF(AND(LEFT(D39,2)=\"Sc\",OR(C39=\"a\",C39=\"f\")),\nVLOOKUP(A39,Quantities[],Quantities!$I$2),\n\nIF(AND(B39=\"D\",C39=\"b\"),\n VLOOKUP(INDEX(Quantities!$A$100:$A$118,MATCH($A39,Quantities!$C$100:$C$118)),Quantities!$A$100:$AJ$118,Quantities!$O$2)+\nVLOOKUP(INDEX(Quantities!$A$100:$A$118,MATCH($A39,Quantities!$C$100:$C$118)),Quantities!$A$100:$AJ$118,Quantities!$Q$2)+\nVLOOKUP(INDEX(Quantities!$A$100:$A$118,MATCH($A39,Quantities!$C$100:$C$118)),Quantities!$A$100:$AJ$118,Quantities!$S$2),\n\nIF(OR(B39=\"D\",B39=\"Q\"),\nSUM(VLOOKUP($A39,Quantities[],Quantities!$O$2),VLOOKUP($A39,Quantities[],Quantities!$Q$2),VLOOKUP($A39,Quantities[],Quantities!$S$2)),\n\n VLOOKUP(A39,Quantities[],Quantities!$G$2)\n))))","v":540},{"$f":"IF(LEFT(D39,2)=\"Mg\", VLOOKUP(A39,Quantities[],Quantities!$H$2),\n\nIF(OR(AND(LEFT(D39,2)=\"Sc\",B39=\"A\",C39=\"d\",C39=\"f\")),\n(SUM(VLOOKUP($A39,Quantities[],Quantities!$P$2)*VLOOKUP($A39,Quantities[],Quantities!$O$2),VLOOKUP($A39,Quantities[],Quantities!$R$2)*VLOOKUP($A39,Quantities[],Quantities!$Q$2),VLOOKUP($A39,Quantities[],Quantities!$T$2)*VLOOKUP($A39,Quantities[],Quantities!$S$2)))/SUM(VLOOKUP($A39,Quantities[],Quantities!$O$2),VLOOKUP($A39,Quantities[],Quantities!$Q$2),VLOOKUP($A39,Quantities[],Quantities!$S$2)),\n\nIF(AND(LEFT(D39,2)=\"Sc\",OR(C39=\"a\",C39=\"f\")),\nVLOOKUP(A39,Quantities[],Quantities!$J$2),\n\nIF(AND(B39=\"D\",C39=\"b\", (VLOOKUP(INDEX(Quantities!$A$100:$A$118,MATCH($A39,Quantities!$C$100:$C$118)),Quantities[],Quantities!$O$2)+VLOOKUP(INDEX(Quantities!$A$100:$A$118,MATCH($A39,Quantities!$C$100:$C$118)),Quantities[],Quantities!$Q$2)+VLOOKUP(INDEX(Quantities!$A$100:$A$118,MATCH($A39,Quantities!$C$100:$C$118)),Quantities[],Quantities!$S$2))>0),\n(VLOOKUP(INDEX(Quantities!$A$100:$A$118,MATCH($A39,Quantities!$C$100:$C$118)),Quantities[],Quantities!$P$2)*VLOOKUP(INDEX(Quantities!$A$100:$A$118,MATCH($A39,Quantities!$C$100:$C$118)),Quantities[],Quantities!$O$2)\n+VLOOKUP(INDEX(Quantities!$A$100:$A$118,MATCH($A39,Quantities!$C$100:$C$118)),Quantities[],Quantities!$R$2)*VLOOKUP(INDEX(Quantities!$A$100:$A$118,MATCH($A39,Quantities!$C$100:$C$118)),Quantities[],Quantities!$Q$2)\n+VLOOKUP(INDEX(Quantities!$A$100:$A$118,MATCH($A39,Quantities!$C$100:$C$118)),Quantities[],Quantities!$T$2)*VLOOKUP(INDEX(Quantities!$A$100:$A$118,MATCH($A39,Quantities!$C$100:$C$118)),Quantities[],Quantities!$S$2))/\n(VLOOKUP(INDEX(Quantities!$A$100:$A$118,MATCH($A39,Quantities!$C$100:$C$118)),Quantities[],Quantities!$O$2)+VLOOKUP(INDEX(Quantities!$A$100:$A$118,MATCH($A39,Quantities!$C$100:$C$118)),Quantities[],Quantities!$Q$2)+VLOOKUP(A39,Quantities[],Quantities!$S$2)),\n\nIF(AND(B39=\"D\", (VLOOKUP(A39,Quantities[],Quantities!$O$2)+VLOOKUP(A39,Quantities[],Quantities!$Q$2)+VLOOKUP(A39,Quantities[],Quantities!$S$2))>0),\n(VLOOKUP(A39,Quantities[],Quantities!$P$2)*VLOOKUP(A39,Quantities[],Quantities!$O$2)\n+VLOOKUP(A39,Quantities[],Quantities!$R$2)*VLOOKUP(A39,Quantities[],Quantities!$Q$2)\n+VLOOKUP(A39,Quantities[],Quantities!$T$2)*VLOOKUP(A39,Quantities[],Quantities!$S$2))/\n(VLOOKUP(A39,Quantities[],Quantities!$O$2)+VLOOKUP(A39,Quantities[],Quantities!$Q$2)+VLOOKUP(A39,Quantities[],Quantities!$S$2)),\n\nIF($B39=\"Q\", (SUM(VLOOKUP($A39,Quantities[],Quantities!$P$2)*VLOOKUP($A39,Quantities[],Quantities!$O$2),VLOOKUP($A39,Quantities[],Quantities!$R$2)*VLOOKUP($A39,Quantities[],Quantities!$Q$2),VLOOKUP($A39,Quantities[],Quantities!$T$2)*VLOOKUP($A39,Quantities[],Quantities!$S$2)))/SUM(VLOOKUP($A39,Quantities[],Quantities!$O$2),VLOOKUP($A39,Quantities[],Quantities!$Q$2),VLOOKUP($A39,Quantities[],Quantities!$S$2)),\n\n VLOOKUP(A39,Quantities[],Quantities!$H$2)\n))))))","v":-0.28999999999999998},{"$f":"IF(LEFT(D39,1)=\"U\",\"-\",VLOOKUP(D39,Equipment[],Equipment!$B$2))","v":"Cat D11T CD"}]
[{"$f":"Quantities!$A$43","v":2302},"A","a","Dz2","2302-A-a-Dz2",{"$f":"IF(D40=\"Comb1\",CONCATENATE(VLOOKUP(B40,'Activity-Material_Codes'!$A$2:$B$26,Quantities!$B$2),\"-\",VLOOKUP(A40,Quantities[],Quantities!$D$2)),\nCONCATENATE(\nVLOOKUP(B40,'Activity-Material_Codes'!$A$2:$B$26,Quantities!$B$2),\nIF(AND(B40=\"B\",C40=\"a\"), \" Scraper Grading\", \"\"),\nIF(C40=\"b\",\"\",\"-\"),\nIF(C40=\"b\",\"\",VLOOKUP(A40,Quantities[],Quantities!$D$2)),\nIF(LEFT(TEXT(A40,\"0\"),1)=\"5\",\"\",\"-\"),\nIF(LEFT(TEXT(A40,\"0\"),1)=\"5\",\"\",VLOOKUP(C40,'Activity-Material_Codes'!$A$30:$B$36,Quantities!$B$2))\n))","v":"Grade-Outslopes-Existing Ground"},{"$f":"CONCATENATE(\nIF(OR(RIGHT(TEXT($A40,\"0\"),Quantities!$B$2)=\"00\",LEFT(TEXT($A40,\"0\"),1)=\"5\",OR($C40=\"b\",$C40=\"f\")),\"\",VLOOKUP($A40,Quantities[],Quantities!$B$2)),\nIF(LEFT(TEXT($A40,\"0\"),1)=\"5\",\"\",\" \"),\nIF(OR(C40=\"a\",C40=\"c\",C40=\"d\",C40=\"e\"),IF(OR(RIGHT(TEXT($A40,\"0\"),Quantities!$B$2)=\"00\",LEFT(TEXT($A40,\"0\"),1)=\"5\"),VLOOKUP($A40,Quantities[],Quantities!$B$2),\"\"),\nIF(LEFT(TEXT($A40,\"0\"),1)=\"5\",VLOOKUP($A40,Quantities[],Quantities!$B$2),\nVLOOKUP(INDEX(Quantities!$A$100:$A$118,MATCH($A40,Quantities!$C$100:$C$118)),Quantities!$A$100:$B$118,Quantities!$B$2))))","v":"6A Leach "},{"$f":"IF(LEFT(TEXT(A40,\"0\"),1)=\"5\",\nVLOOKUP(VLOOKUP(A40,Quantities!$A$4:$D$118,Quantities!$C$2),Quantities!$A$4:$D$118,Quantities!$C$2),\nIF(OR(C40=\"a\",C40=\"c\",C40=\"d\",C40=\"e\"),\n\"-\",\nIF(RIGHT(TEXT(A40,\"0\"),2)=\"00\",VLOOKUP(A40,Quantities[],Quantities!$B$2),\nIF(C40=\"f\",VLOOKUP(A40,Quantities[],Quantities!$B$2),\nVLOOKUP(A40,Quantities[],Quantities!$C$2))\n)))","v":"-"},{"$f":"IF(OR(AND(LEFT(D40,2)=\"Sc\",B40=\"A\",C40=\"d\"),AND(C40=\"f\",B40=\"D\")),\nSUM(VLOOKUP($A40,Quantities[],Quantities!$O$2),VLOOKUP($A40,Quantities[],Quantities!$Q$2),VLOOKUP($A40,Quantities[],Quantities!$S$2)),\n\nIF(AND(LEFT(D40,2)=\"Sc\",OR(C40=\"a\",C40=\"f\")),\nVLOOKUP(A40,Quantities[],Quantities!$I$2),\n\nIF(AND(B40=\"D\",C40=\"b\"),\n VLOOKUP(INDEX(Quantities!$A$100:$A$118,MATCH($A40,Quantities!$C$100:$C$118)),Quantities!$A$100:$AJ$118,Quantities!$O$2)+\nVLOOKUP(INDEX(Quantities!$A$100:$A$118,MATCH($A40,Quantities!$C$100:$C$118)),Quantities!$A$100:$AJ$118,Quantities!$Q$2)+\nVLOOKUP(INDEX(Quantities!$A$100:$A$118,MATCH($A40,Quantities!$C$100:$C$118)),Quantities!$A$100:$AJ$118,Quantities!$S$2),\n\nIF(OR(B40=\"D\",B40=\"Q\"),\nSUM(VLOOKUP($A40,Quantities[],Quantities!$O$2),VLOOKUP($A40,Quantities[],Quantities!$Q$2),VLOOKUP($A40,Quantities[],Quantities!$S$2)),\n\n VLOOKUP(A40,Quantities[],Quantities!$G$2)\n))))","v":160},{"$f":"IF(LEFT(D40,2)=\"Mg\", VLOOKUP(A40,Quantities[],Quantities!$H$2),\n\nIF(OR(AND(LEFT(D40,2)=\"Sc\",B40=\"A\",C40=\"d\",C40=\"f\")),\n(SUM(VLOOKUP($A40,Quantities[],Quantities!$P$2)*VLOOKUP($A40,Quantities[],Quantities!$O$2),VLOOKUP($A40,Quantities[],Quantities!$R$2)*VLOOKUP($A40,Quantities[],Quantities!$Q$2),VLOOKUP($A40,Quantities[],Quantities!$T$2)*VLOOKUP($A40,Quantities[],Quantities!$S$2)))/SUM(VLOOKUP($A40,Quantities[],Quantities!$O$2),VLOOKUP($A40,Quantities[],Quantities!$Q$2),VLOOKUP($A40,Quantities[],Quantities!$S$2)),\n\nIF(AND(LEFT(D40,2)=\"Sc\",OR(C40=\"a\",C40=\"f\")),\nVLOOKUP(A40,Quantities[],Quantities!$J$2),\n\nIF(AND(B40=\"D\",C40=\"b\", (VLOOKUP(INDEX(Quantities!$A$100:$A$118,MATCH($A40,Quantities!$C$100:$C$118)),Quantities[],Quantities!$O$2)+VLOOKUP(INDEX(Quantities!$A$100:$A$118,MATCH($A40,Quantities!$C$100:$C$118)),Quantities[],Quantities!$Q$2)+VLOOKUP(INDEX(Quantities!$A$100:$A$118,MATCH($A40,Quantities!$C$100:$C$118)),Quantities[],Quantities!$S$2))>0),\n(VLOOKUP(INDEX(Quantities!$A$100:$A$118,MATCH($A40,Quantities!$C$100:$C$118)),Quantities[],Quantities!$P$2)*VLOOKUP(INDEX(Quantities!$A$100:$A$118,MATCH($A40,Quantities!$C$100:$C$118)),Quantities[],Quantities!$O$2)\n+VLOOKUP(INDEX(Quantities!$A$100:$A$118,MATCH($A40,Quantities!$C$100:$C$118)),Quantities[],Quantities!$R$2)*VLOOKUP(INDEX(Quantities!$A$100:$A$118,MATCH($A40,Quantities!$C$100:$C$118)),Quantities[],Quantities!$Q$2)\n+VLOOKUP(INDEX(Quantities!$A$100:$A$118,MATCH($A40,Quantities!$C$100:$C$118)),Quantities[],Quantities!$T$2)*VLOOKUP(INDEX(Quantities!$A$100:$A$118,MATCH($A40,Quantities!$C$100:$C$118)),Quantities[],Quantities!$S$2))/\n(VLOOKUP(INDEX(Quantities!$A$100:$A$118,MATCH($A40,Quantities!$C$100:$C$118)),Quantities[],Quantities!$O$2)+VLOOKUP(INDEX(Quantities!$A$100:$A$118,MATCH($A40,Quantities!$C$100:$C$118)),Quantities[],Quantities!$Q$2)+VLOOKUP(A40,Quantities[],Quantities!$S$2)),\n\nIF(AND(B40=\"D\", (VLOOKUP(A40,Quantities[],Quantities!$O$2)+VLOOKUP(A40,Quantities[],Quantities!$Q$2)+VLOOKUP(A40,Quantities[],Quantities!$S$2))>0),\n(VLOOKUP(A40,Quantities[],Quantities!$P$2)*VLOOKUP(A40,Quantities[],Quantities!$O$2)\n+VLOOKUP(A40,Quantities[],Quantities!$R$2)*VLOOKUP(A40,Quantities[],Quantities!$Q$2)\n+VLOOKUP(A40,Quantities[],Quantities!$T$2)*VLOOKUP(A40,Quantities[],Quantities!$S$2))/\n(VLOOKUP(A40,Quantities[],Quantities!$O$2)+VLOOKUP(A40,Quantities[],Quantities!$Q$2)+VLOOKUP(A40,Quantities[],Quantities!$S$2)),\n\nIF($B40=\"Q\", (SUM(VLOOKUP($A40,Quantities[],Quantities!$P$2)*VLOOKUP($A40,Quantities[],Quantities!$O$2),VLOOKUP($A40,Quantities[],Quantities!$R$2)*VLOOKUP($A40,Quantities[],Quantities!$Q$2),VLOOKUP($A40,Quantities[],Quantities!$T$2)*VLOOKUP($A40,Quantities[],Quantities!$S$2)))/SUM(VLOOKUP($A40,Quantities[],Quantities!$O$2),VLOOKUP($A40,Quantities[],Quantities!$Q$2),VLOOKUP($A40,Quantities[],Quantities!$S$2)),\n\n VLOOKUP(A40,Quantities[],Quantities!$H$2)\n))))))","v":-0.28999999999999998},{"$f":"IF(LEFT(D40,1)=\"U\",\"-\",VLOOKUP(D40,Equipment[],Equipment!$B$2))","v":"Cat D11T CD"}]
[{"$f":"Quantities!$A$19","v":1402},"A","a","Dz2","1402-A-a-Dz2",{"$f":"IF(D41=\"Comb1\",CONCATENATE(VLOOKUP(B41,'Activity-Material_Codes'!$A$2:$B$26,Quantities!$B$2),\"-\",VLOOKUP(A41,Quantities[],Quantities!$D$2)),\nCONCATENATE(\nVLOOKUP(B41,'Activity-Material_Codes'!$A$2:$B$26,Quantities!$B$2),\nIF(AND(B41=\"B\",C41=\"a\"), \" Scraper Grading\", \"\"),\nIF(C41=\"b\",\"\",\"-\"),\nIF(C41=\"b\",\"\",VLOOKUP(A41,Quantities[],Quantities!$D$2)),\nIF(LEFT(TEXT(A41,\"0\"),1)=\"5\",\"\",\"-\"),\nIF(LEFT(TEXT(A41,\"0\"),1)=\"5\",\"\",VLOOKUP(C41,'Activity-Material_Codes'!$A$30:$B$36,Quantities!$B$2))\n))","v":"Grade-Outslopes-Existing Ground"},{"$f":"CONCATENATE(\nIF(OR(RIGHT(TEXT($A41,\"0\"),Quantities!$B$2)=\"00\",LEFT(TEXT($A41,\"0\"),1)=\"5\",OR($C41=\"b\",$C41=\"f\")),\"\",VLOOKUP($A41,Quantities[],Quantities!$B$2)),\nIF(LEFT(TEXT($A41,\"0\"),1)=\"5\",\"\",\" \"),\nIF(OR(C41=\"a\",C41=\"c\",C41=\"d\",C41=\"e\"),IF(OR(RIGHT(TEXT($A41,\"0\"),Quantities!$B$2)=\"00\",LEFT(TEXT($A41,\"0\"),1)=\"5\"),VLOOKUP($A41,Quantities[],Quantities!$B$2),\"\"),\nIF(LEFT(TEXT($A41,\"0\"),1)=\"5\",VLOOKUP($A41,Quantities[],Quantities!$B$2),\nVLOOKUP(INDEX(Quantities!$A$100:$A$118,MATCH($A41,Quantities!$C$100:$C$118)),Quantities!$A$100:$B$118,Quantities!$B$2))))","v":"2 Leach (Area 1) "},{"$f":"IF(LEFT(TEXT(A41,\"0\"),1)=\"5\",\nVLOOKUP(VLOOKUP(A41,Quantities!$A$4:$D$118,Quantities!$C$2),Quantities!$A$4:$D$118,Quantities!$C$2),\nIF(OR(C41=\"a\",C41=\"c\",C41=\"d\",C41=\"e\"),\n\"-\",\nIF(RIGHT(TEXT(A41,\"0\"),2)=\"00\",VLOOKUP(A41,Quantities[],Quantities!$B$2),\nIF(C41=\"f\",VLOOKUP(A41,Quantities[],Quantities!$B$2),\nVLOOKUP(A41,Quantities[],Quantities!$C$2))\n)))","v":"-"},{"$f":"IF(OR(AND(LEFT(D41,2)=\"Sc\",B41=\"A\",C41=\"d\"),AND(C41=\"f\",B41=\"D\")),\nSUM(VLOOKUP($A41,Quantities[],Quantities!$O$2),VLOOKUP($A41,Quantities[],Quantities!$Q$2),VLOOKUP($A41,Quantities[],Quantities!$S$2)),\n\nIF(AND(LEFT(D41,2)=\"Sc\",OR(C41=\"a\",C41=\"f\")),\nVLOOKUP(A41,Quantities[],Quantities!$I$2),\n\nIF(AND(B41=\"D\",C41=\"b\"),\n VLOOKUP(INDEX(Quantities!$A$100:$A$118,MATCH($A41,Quantities!$C$100:$C$118)),Quantities!$A$100:$AJ$118,Quantities!$O$2)+\nVLOOKUP(INDEX(Quantities!$A$100:$A$118,MATCH($A41,Quantities!$C$100:$C$118)),Quantities!$A$100:$AJ$118,Quantities!$Q$2)+\nVLOOKUP(INDEX(Quantities!$A$100:$A$118,MATCH($A41,Quantities!$C$100:$C$118)),Quantities!$A$100:$AJ$118,Quantities!$S$2),\n\nIF(OR(B41=\"D\",B41=\"Q\"),\nSUM(VLOOKUP($A41,Quantities[],Quantities!$O$2),VLOOKUP($A41,Quantities[],Quantities!$Q$2),VLOOKUP($A41,Quantities[],Quantities!$S$2)),\n\n VLOOKUP(A41,Quantities[],Quantities!$G$2)\n))))","v":430},{"$f":"IF(LEFT(D41,2)=\"Mg\", VLOOKUP(A41,Quantities[],Quantities!$H$2),\n\nIF(OR(AND(LEFT(D41,2)=\"Sc\",B41=\"A\",C41=\"d\",C41=\"f\")),\n(SUM(VLOOKUP($A41,Quantities[],Quantities!$P$2)*VLOOKUP($A41,Quantities[],Quantities!$O$2),VLOOKUP($A41,Quantities[],Quantities!$R$2)*VLOOKUP($A41,Quantities[],Quantities!$Q$2),VLOOKUP($A41,Quantities[],Quantities!$T$2)*VLOOKUP($A41,Quantities[],Quantities!$S$2)))/SUM(VLOOKUP($A41,Quantities[],Quantities!$O$2),VLOOKUP($A41,Quantities[],Quantities!$Q$2),VLOOKUP($A41,Quantities[],Quantities!$S$2)),\n\nIF(AND(LEFT(D41,2)=\"Sc\",OR(C41=\"a\",C41=\"f\")),\nVLOOKUP(A41,Quantities[],Quantities!$J$2),\n\nIF(AND(B41=\"D\",C41=\"b\", (VLOOKUP(INDEX(Quantities!$A$100:$A$118,MATCH($A41,Quantities!$C$100:$C$118)),Quantities[],Quantities!$O$2)+VLOOKUP(INDEX(Quantities!$A$100:$A$118,MATCH($A41,Quantities!$C$100:$C$118)),Quantities[],Quantities!$Q$2)+VLOOKUP(INDEX(Quantities!$A$100:$A$118,MATCH($A41,Quantities!$C$100:$C$118)),Quantities[],Quantities!$S$2))>0),\n(VLOOKUP(INDEX(Quantities!$A$100:$A$118,MATCH($A41,Quantities!$C$100:$C$118)),Quantities[],Quantities!$P$2)*VLOOKUP(INDEX(Quantities!$A$100:$A$118,MATCH($A41,Quantities!$C$100:$C$118)),Quantities[],Quantities!$O$2)\n+VLOOKUP(INDEX(Quantities!$A$100:$A$118,MATCH($A41,Quantities!$C$100:$C$118)),Quantities[],Quantities!$R$2)*VLOOKUP(INDEX(Quantities!$A$100:$A$118,MATCH($A41,Quantities!$C$100:$C$118)),Quantities[],Quantities!$Q$2)\n+VLOOKUP(INDEX(Quantities!$A$100:$A$118,MATCH($A41,Quantities!$C$100:$C$118)),Quantities[],Quantities!$T$2)*VLOOKUP(INDEX(Quantities!$A$100:$A$118,MATCH($A41,Quantities!$C$100:$C$118)),Quantities[],Quantities!$S$2))/\n(VLOOKUP(INDEX(Quantities!$A$100:$A$118,MATCH($A41,Quantities!$C$100:$C$118)),Quantities[],Quantities!$O$2)+VLOOKUP(INDEX(Quantities!$A$100:$A$118,MATCH($A41,Quantities!$C$100:$C$118)),Quantities[],Quantities!$Q$2)+VLOOKUP(A41,Quantities[],Quantities!$S$2)),\n\nIF(AND(B41=\"D\", (VLOOKUP(A41,Quantities[],Quantities!$O$2)+VLOOKUP(A41,Quantities[],Quantities!$Q$2)+VLOOKUP(A41,Quantities[],Quantities!$S$2))>0),\n(VLOOKUP(A41,Quantities[],Quantities!$P$2)*VLOOKUP(A41,Quantities[],Quantities!$O$2)\n+VLOOKUP(A41,Quantities[],Quantities!$R$2)*VLOOKUP(A41,Quantities[],Quantities!$Q$2)\n+VLOOKUP(A41,Quantities[],Quantities!$T$2)*VLOOKUP(A41,Quantities[],Quantities!$S$2))/\n(VLOOKUP(A41,Quantities[],Quantities!$O$2)+VLOOKUP(A41,Quantities[],Quantities!$Q$2)+VLOOKUP(A41,Quantities[],Quantities!$S$2)),\n\nIF($B41=\"Q\", (SUM(VLOOKUP($A41,Quantities[],Quantities!$P$2)*VLOOKUP($A41,Quantities[],Quantities!$O$2),VLOOKUP($A41,Quantities[],Quantities!$R$2)*VLOOKUP($A41,Quantities[],Quantities!$Q$2),VLOOKUP($A41,Quantities[],Quantities!$T$2)*VLOOKUP($A41,Quantities[],Quantities!$S$2)))/SUM(VLOOKUP($A41,Quantities[],Quantities!$O$2),VLOOKUP($A41,Quantities[],Quantities!$Q$2),VLOOKUP($A41,Quantities[],Quantities!$S$2)),\n\n VLOOKUP(A41,Quantities[],Quantities!$H$2)\n))))))","v":-0.28999999999999998},{"$f":"IF(LEFT(D41,1)=\"U\",\"-\",VLOOKUP(D41,Equipment[],Equipment!$B$2))","v":"Cat D11T CD"}]
[{"$f":"Quantities!$A$31","v":1802},"A","a","Dz2","1802-A-a-Dz2",{"$f":"IF(D42=\"Comb1\",CONCATENATE(VLOOKUP(B42,'Activity-Material_Codes'!$A$2:$B$26,Quantities!$B$2),\"-\",VLOOKUP(A42,Quantities[],Quantities!$D$2)),\nCONCATENATE(\nVLOOKUP(B42,'Activity-Material_Codes'!$A$2:$B$26,Quantities!$B$2),\nIF(AND(B42=\"B\",C42=\"a\"), \" Scraper Grading\", \"\"),\nIF(C42=\"b\",\"\",\"-\"),\nIF(C42=\"b\",\"\",VLOOKUP(A42,Quantities[],Quantities!$D$2)),\nIF(LEFT(TEXT(A42,\"0\"),1)=\"5\",\"\",\"-\"),\nIF(LEFT(TEXT(A42,\"0\"),1)=\"5\",\"\",VLOOKUP(C42,'Activity-Material_Codes'!$A$30:$B$36,Quantities!$B$2))\n))","v":"Grade-Outslopes-Existing Ground"},{"$f":"CONCATENATE(\nIF(OR(RIGHT(TEXT($A42,\"0\"),Quantities!$B$2)=\"00\",LEFT(TEXT($A42,\"0\"),1)=\"5\",OR($C42=\"b\",$C42=\"f\")),\"\",VLOOKUP($A42,Quantities[],Quantities!$B$2)),\nIF(LEFT(TEXT($A42,\"0\"),1)=\"5\",\"\",\" \"),\nIF(OR(C42=\"a\",C42=\"c\",C42=\"d\",C42=\"e\"),IF(OR(RIGHT(TEXT($A42,\"0\"),Quantities!$B$2)=\"00\",LEFT(TEXT($A42,\"0\"),1)=\"5\"),VLOOKUP($A42,Quantities[],Quantities!$B$2),\"\"),\nIF(LEFT(TEXT($A42,\"0\"),1)=\"5\",VLOOKUP($A42,Quantities[],Quantities!$B$2),\nVLOOKUP(INDEX(Quantities!$A$100:$A$118,MATCH($A42,Quantities!$C$100:$C$118)),Quantities!$A$100:$B$118,Quantities!$B$2))))","v":"2 Leach (Area 2), 7B Leach, 7B Waste, 7C Waste, South Rim Pit  "},{"$f":"IF(LEFT(TEXT(A42,\"0\"),1)=\"5\",\nVLOOKUP(VLOOKUP(A42,Quantities!$A$4:$D$118,Quantities!$C$2),Quantities!$A$4:$D$118,Quantities!$C$2),\nIF(OR(C42=\"a\",C42=\"c\",C42=\"d\",C42=\"e\"),\n\"-\",\nIF(RIGHT(TEXT(A42,\"0\"),2)=\"00\",VLOOKUP(A42,Quantities[],Quantities!$B$2),\nIF(C42=\"f\",VLOOKUP(A42,Quantities[],Quantities!$B$2),\nVLOOKUP(A42,Quantities[],Quantities!$C$2))\n)))","v":"-"},{"$f":"IF(OR(AND(LEFT(D42,2)=\"Sc\",B42=\"A\",C42=\"d\"),AND(C42=\"f\",B42=\"D\")),\nSUM(VLOOKUP($A42,Quantities[],Quantities!$O$2),VLOOKUP($A42,Quantities[],Quantities!$Q$2),VLOOKUP($A42,Quantities[],Quantities!$S$2)),\n\nIF(AND(LEFT(D42,2)=\"Sc\",OR(C42=\"a\",C42=\"f\")),\nVLOOKUP(A42,Quantities[],Quantities!$I$2),\n\nIF(AND(B42=\"D\",C42=\"b\"),\n VLOOKUP(INDEX(Quantities!$A$100:$A$118,MATCH($A42,Quantities!$C$100:$C$118)),Quantities!$A$100:$AJ$118,Quantities!$O$2)+\nVLOOKUP(INDEX(Quantities!$A$100:$A$118,MATCH($A42,Quantities!$C$100:$C$118)),Quantities!$A$100:$AJ$118,Quantities!$Q$2)+\nVLOOKUP(INDEX(Quantities!$A$100:$A$118,MATCH($A42,Quantities!$C$100:$C$118)),Quantities!$A$100:$AJ$118,Quantities!$S$2),\n\nIF(OR(B42=\"D\",B42=\"Q\"),\nSUM(VLOOKUP($A42,Quantities[],Quantities!$O$2),VLOOKUP($A42,Quantities[],Quantities!$Q$2),VLOOKUP($A42,Quantities[],Quantities!$S$2)),\n\n VLOOKUP(A42,Quantities[],Quantities!$G$2)\n))))","v":420},{"$f":"IF(LEFT(D42,2)=\"Mg\", VLOOKUP(A42,Quantities[],Quantities!$H$2),\n\nIF(OR(AND(LEFT(D42,2)=\"Sc\",B42=\"A\",C42=\"d\",C42=\"f\")),\n(SUM(VLOOKUP($A42,Quantities[],Quantities!$P$2)*VLOOKUP($A42,Quantities[],Quantities!$O$2),VLOOKUP($A42,Quantities[],Quantities!$R$2)*VLOOKUP($A42,Quantities[],Quantities!$Q$2),VLOOKUP($A42,Quantities[],Quantities!$T$2)*VLOOKUP($A42,Quantities[],Quantities!$S$2)))/SUM(VLOOKUP($A42,Quantities[],Quantities!$O$2),VLOOKUP($A42,Quantities[],Quantities!$Q$2),VLOOKUP($A42,Quantities[],Quantities!$S$2)),\n\nIF(AND(LEFT(D42,2)=\"Sc\",OR(C42=\"a\",C42=\"f\")),\nVLOOKUP(A42,Quantities[],Quantities!$J$2),\n\nIF(AND(B42=\"D\",C42=\"b\", (VLOOKUP(INDEX(Quantities!$A$100:$A$118,MATCH($A42,Quantities!$C$100:$C$118)),Quantities[],Quantities!$O$2)+VLOOKUP(INDEX(Quantities!$A$100:$A$118,MATCH($A42,Quantities!$C$100:$C$118)),Quantities[],Quantities!$Q$2)+VLOOKUP(INDEX(Quantities!$A$100:$A$118,MATCH($A42,Quantities!$C$100:$C$118)),Quantities[],Quantities!$S$2))>0),\n(VLOOKUP(INDEX(Quantities!$A$100:$A$118,MATCH($A42,Quantities!$C$100:$C$118)),Quantities[],Quantities!$P$2)*VLOOKUP(INDEX(Quantities!$A$100:$A$118,MATCH($A42,Quantities!$C$100:$C$118)),Quantities[],Quantities!$O$2)\n+VLOOKUP(INDEX(Quantities!$A$100:$A$118,MATCH($A42,Quantities!$C$100:$C$118)),Quantities[],Quantities!$R$2)*VLOOKUP(INDEX(Quantities!$A$100:$A$118,MATCH($A42,Quantities!$C$100:$C$118)),Quantities[],Quantities!$Q$2)\n+VLOOKUP(INDEX(Quantities!$A$100:$A$118,MATCH($A42,Quantities!$C$100:$C$118)),Quantities[],Quantities!$T$2)*VLOOKUP(INDEX(Quantities!$A$100:$A$118,MATCH($A42,Quantities!$C$100:$C$118)),Quantities[],Quantities!$S$2))/\n(VLOOKUP(INDEX(Quantities!$A$100:$A$118,MATCH($A42,Quantities!$C$100:$C$118)),Quantities[],Quantities!$O$2)+VLOOKUP(INDEX(Quantities!$A$100:$A$118,MATCH($A42,Quantities!$C$100:$C$118)),Quantities[],Quantities!$Q$2)+VLOOKUP(A42,Quantities[],Quantities!$S$2)),\n\nIF(AND(B42=\"D\", (VLOOKUP(A42,Quantities[],Quantities!$O$2)+VLOOKUP(A42,Quantities[],Quantities!$Q$2)+VLOOKUP(A42,Quantities[],Quantities!$S$2))>0),\n(VLOOKUP(A42,Quantities[],Quantities!$P$2)*VLOOKUP(A42,Quantities[],Quantities!$O$2)\n+VLOOKUP(A42,Quantities[],Quantities!$R$2)*VLOOKUP(A42,Quantities[],Quantities!$Q$2)\n+VLOOKUP(A42,Quantities[],Quantities!$T$2)*VLOOKUP(A42,Quantities[],Quantities!$S$2))/\n(VLOOKUP(A42,Quantities[],Quantities!$O$2)+VLOOKUP(A42,Quantities[],Quantities!$Q$2)+VLOOKUP(A42,Quantities[],Quantities!$S$2)),\n\nIF($B42=\"Q\", (SUM(VLOOKUP($A42,Quantities[],Quantities!$P$2)*VLOOKUP($A42,Quantities[],Quantities!$O$2),VLOOKUP($A42,Quantities[],Quantities!$R$2)*VLOOKUP($A42,Quantities[],Quantities!$Q$2),VLOOKUP($A42,Quantities[],Quantities!$T$2)*VLOOKUP($A42,Quantities[],Quantities!$S$2)))/SUM(VLOOKUP($A42,Quantities[],Quantities!$O$2),VLOOKUP($A42,Quantities[],Quantities!$Q$2),VLOOKUP($A42,Quantities[],Quantities!$S$2)),\n\n VLOOKUP(A42,Quantities[],Quantities!$H$2)\n))))))","v":-0.28999999999999998},{"$f":"IF(LEFT(D42,1)=\"U\",\"-\",VLOOKUP(D42,Equipment[],Equipment!$B$2))","v":"Cat D11T CD"}]
[{"$f":"Quantities!$A$25","v":1602},"A","a","Dz2","1602-A-a-Dz2",{"$f":"IF(D43=\"Comb1\",CONCATENATE(VLOOKUP(B43,'Activity-Material_Codes'!$A$2:$B$26,Quantities!$B$2),\"-\",VLOOKUP(A43,Quantities[],Quantities!$D$2)),\nCONCATENATE(\nVLOOKUP(B43,'Activity-Material_Codes'!$A$2:$B$26,Quantities!$B$2),\nIF(AND(B43=\"B\",C43=\"a\"), \" Scraper Grading\", \"\"),\nIF(C43=\"b\",\"\",\"-\"),\nIF(C43=\"b\",\"\",VLOOKUP(A43,Quantities[],Quantities!$D$2)),\nIF(LEFT(TEXT(A43,\"0\"),1)=\"5\",\"\",\"-\"),\nIF(LEFT(TEXT(A43,\"0\"),1)=\"5\",\"\",VLOOKUP(C43,'Activity-Material_Codes'!$A$30:$B$36,Quantities!$B$2))\n))","v":"Grade-Outslopes-Existing Ground"},{"$f":"CONCATENATE(\nIF(OR(RIGHT(TEXT($A43,\"0\"),Quantities!$B$2)=\"00\",LEFT(TEXT($A43,\"0\"),1)=\"5\",OR($C43=\"b\",$C43=\"f\")),\"\",VLOOKUP($A43,Quantities[],Quantities!$B$2)),\nIF(LEFT(TEXT($A43,\"0\"),1)=\"5\",\"\",\" \"),\nIF(OR(C43=\"a\",C43=\"c\",C43=\"d\",C43=\"e\"),IF(OR(RIGHT(TEXT($A43,\"0\"),Quantities!$B$2)=\"00\",LEFT(TEXT($A43,\"0\"),1)=\"5\"),VLOOKUP($A43,Quantities[],Quantities!$B$2),\"\"),\nIF(LEFT(TEXT($A43,\"0\"),1)=\"5\",VLOOKUP($A43,Quantities[],Quantities!$B$2),\nVLOOKUP(INDEX(Quantities!$A$100:$A$118,MATCH($A43,Quantities!$C$100:$C$118)),Quantities!$A$100:$B$118,Quantities!$B$2))))","v":"6B Leach, 6D Leach "},{"$f":"IF(LEFT(TEXT(A43,\"0\"),1)=\"5\",\nVLOOKUP(VLOOKUP(A43,Quantities!$A$4:$D$118,Quantities!$C$2),Quantities!$A$4:$D$118,Quantities!$C$2),\nIF(OR(C43=\"a\",C43=\"c\",C43=\"d\",C43=\"e\"),\n\"-\",\nIF(RIGHT(TEXT(A43,\"0\"),2)=\"00\",VLOOKUP(A43,Quantities[],Quantities!$B$2),\nIF(C43=\"f\",VLOOKUP(A43,Quantities[],Quantities!$B$2),\nVLOOKUP(A43,Quantities[],Quantities!$C$2))\n)))","v":"-"},{"$f":"IF(OR(AND(LEFT(D43,2)=\"Sc\",B43=\"A\",C43=\"d\"),AND(C43=\"f\",B43=\"D\")),\nSUM(VLOOKUP($A43,Quantities[],Quantities!$O$2),VLOOKUP($A43,Quantities[],Quantities!$Q$2),VLOOKUP($A43,Quantities[],Quantities!$S$2)),\n\nIF(AND(LEFT(D43,2)=\"Sc\",OR(C43=\"a\",C43=\"f\")),\nVLOOKUP(A43,Quantities[],Quantities!$I$2),\n\nIF(AND(B43=\"D\",C43=\"b\"),\n VLOOKUP(INDEX(Quantities!$A$100:$A$118,MATCH($A43,Quantities!$C$100:$C$118)),Quantities!$A$100:$AJ$118,Quantities!$O$2)+\nVLOOKUP(INDEX(Quantities!$A$100:$A$118,MATCH($A43,Quantities!$C$100:$C$118)),Quantities!$A$100:$AJ$118,Quantities!$Q$2)+\nVLOOKUP(INDEX(Quantities!$A$100:$A$118,MATCH($A43,Quantities!$C$100:$C$118)),Quantities!$A$100:$AJ$118,Quantities!$S$2),\n\nIF(OR(B43=\"D\",B43=\"Q\"),\nSUM(VLOOKUP($A43,Quantities[],Quantities!$O$2),VLOOKUP($A43,Quantities[],Quantities!$Q$2),VLOOKUP($A43,Quantities[],Quantities!$S$2)),\n\n VLOOKUP(A43,Quantities[],Quantities!$G$2)\n))))","v":180},{"$f":"IF(LEFT(D43,2)=\"Mg\", VLOOKUP(A43,Quantities[],Quantities!$H$2),\n\nIF(OR(AND(LEFT(D43,2)=\"Sc\",B43=\"A\",C43=\"d\",C43=\"f\")),\n(SUM(VLOOKUP($A43,Quantities[],Quantities!$P$2)*VLOOKUP($A43,Quantities[],Quantities!$O$2),VLOOKUP($A43,Quantities[],Quantities!$R$2)*VLOOKUP($A43,Quantities[],Quantities!$Q$2),VLOOKUP($A43,Quantities[],Quantities!$T$2)*VLOOKUP($A43,Quantities[],Quantities!$S$2)))/SUM(VLOOKUP($A43,Quantities[],Quantities!$O$2),VLOOKUP($A43,Quantities[],Quantities!$Q$2),VLOOKUP($A43,Quantities[],Quantities!$S$2)),\n\nIF(AND(LEFT(D43,2)=\"Sc\",OR(C43=\"a\",C43=\"f\")),\nVLOOKUP(A43,Quantities[],Quantities!$J$2),\n\nIF(AND(B43=\"D\",C43=\"b\", (VLOOKUP(INDEX(Quantities!$A$100:$A$118,MATCH($A43,Quantities!$C$100:$C$118)),Quantities[],Quantities!$O$2)+VLOOKUP(INDEX(Quantities!$A$100:$A$118,MATCH($A43,Quantities!$C$100:$C$118)),Quantities[],Quantities!$Q$2)+VLOOKUP(INDEX(Quantities!$A$100:$A$118,MATCH($A43,Quantities!$C$100:$C$118)),Quantities[],Quantities!$S$2))>0),\n(VLOOKUP(INDEX(Quantities!$A$100:$A$118,MATCH($A43,Quantities!$C$100:$C$118)),Quantities[],Quantities!$P$2)*VLOOKUP(INDEX(Quantities!$A$100:$A$118,MATCH($A43,Quantities!$C$100:$C$118)),Quantities[],Quantities!$O$2)\n+VLOOKUP(INDEX(Quantities!$A$100:$A$118,MATCH($A43,Quantities!$C$100:$C$118)),Quantities[],Quantities!$R$2)*VLOOKUP(INDEX(Quantities!$A$100:$A$118,MATCH($A43,Quantities!$C$100:$C$118)),Quantities[],Quantities!$Q$2)\n+VLOOKUP(INDEX(Quantities!$A$100:$A$118,MATCH($A43,Quantities!$C$100:$C$118)),Quantities[],Quantities!$T$2)*VLOOKUP(INDEX(Quantities!$A$100:$A$118,MATCH($A43,Quantities!$C$100:$C$118)),Quantities[],Quantities!$S$2))/\n(VLOOKUP(INDEX(Quantities!$A$100:$A$118,MATCH($A43,Quantities!$C$100:$C$118)),Quantities[],Quantities!$O$2)+VLOOKUP(INDEX(Quantities!$A$100:$A$118,MATCH($A43,Quantities!$C$100:$C$118)),Quantities[],Quantities!$Q$2)+VLOOKUP(A43,Quantities[],Quantities!$S$2)),\n\nIF(AND(B43=\"D\", (VLOOKUP(A43,Quantities[],Quantities!$O$2)+VLOOKUP(A43,Quantities[],Quantities!$Q$2)+VLOOKUP(A43,Quantities[],Quantities!$S$2))>0),\n(VLOOKUP(A43,Quantities[],Quantities!$P$2)*VLOOKUP(A43,Quantities[],Quantities!$O$2)\n+VLOOKUP(A43,Quantities[],Quantities!$R$2)*VLOOKUP(A43,Quantities[],Quantities!$Q$2)\n+VLOOKUP(A43,Quantities[],Quantities!$T$2)*VLOOKUP(A43,Quantities[],Quantities!$S$2))/\n(VLOOKUP(A43,Quantities[],Quantities!$O$2)+VLOOKUP(A43,Quantities[],Quantities!$Q$2)+VLOOKUP(A43,Quantities[],Quantities!$S$2)),\n\nIF($B43=\"Q\", (SUM(VLOOKUP($A43,Quantities[],Quantities!$P$2)*VLOOKUP($A43,Quantities[],Quantities!$O$2),VLOOKUP($A43,Quantities[],Quantities!$R$2)*VLOOKUP($A43,Quantities[],Quantities!$Q$2),VLOOKUP($A43,Quantities[],Quantities!$T$2)*VLOOKUP($A43,Quantities[],Quantities!$S$2)))/SUM(VLOOKUP($A43,Quantities[],Quantities!$O$2),VLOOKUP($A43,Quantities[],Quantities!$Q$2),VLOOKUP($A43,Quantities[],Quantities!$S$2)),\n\n VLOOKUP(A43,Quantities[],Quantities!$H$2)\n))))))","v":-0.28999999999999998},{"$f":"IF(LEFT(D43,1)=\"U\",\"-\",VLOOKUP(D43,Equipment[],Equipment!$B$2))","v":"Cat D11T CD"}]
[{"$f":"Quantities!$A$28","v":1702},"A","a","Dz2","1702-A-a-Dz2",{"$f":"IF(D44=\"Comb1\",CONCATENATE(VLOOKUP(B44,'Activity-Material_Codes'!$A$2:$B$26,Quantities!$B$2),\"-\",VLOOKUP(A44,Quantities[],Quantities!$D$2)),\nCONCATENATE(\nVLOOKUP(B44,'Activity-Material_Codes'!$A$2:$B$26,Quantities!$B$2),\nIF(AND(B44=\"B\",C44=\"a\"), \" Scraper Grading\", \"\"),\nIF(C44=\"b\",\"\",\"-\"),\nIF(C44=\"b\",\"\",VLOOKUP(A44,Quantities[],Quantities!$D$2)),\nIF(LEFT(TEXT(A44,\"0\"),1)=\"5\",\"\",\"-\"),\nIF(LEFT(TEXT(A44,\"0\"),1)=\"5\",\"\",VLOOKUP(C44,'Activity-Material_Codes'!$A$30:$B$36,Quantities!$B$2))\n))","v":"Grade-Outslopes-Existing Ground"},{"$f":"CONCATENATE(\nIF(OR(RIGHT(TEXT($A44,\"0\"),Quantities!$B$2)=\"00\",LEFT(TEXT($A44,\"0\"),1)=\"5\",OR($C44=\"b\",$C44=\"f\")),\"\",VLOOKUP($A44,Quantities[],Quantities!$B$2)),\nIF(LEFT(TEXT($A44,\"0\"),1)=\"5\",\"\",\" \"),\nIF(OR(C44=\"a\",C44=\"c\",C44=\"d\",C44=\"e\"),IF(OR(RIGHT(TEXT($A44,\"0\"),Quantities!$B$2)=\"00\",LEFT(TEXT($A44,\"0\"),1)=\"5\"),VLOOKUP($A44,Quantities[],Quantities!$B$2),\"\"),\nIF(LEFT(TEXT($A44,\"0\"),1)=\"5\",VLOOKUP($A44,Quantities[],Quantities!$B$2),\nVLOOKUP(INDEX(Quantities!$A$100:$A$118,MATCH($A44,Quantities!$C$100:$C$118)),Quantities!$A$100:$B$118,Quantities!$B$2))))","v":"6C Leach "},{"$f":"IF(LEFT(TEXT(A44,\"0\"),1)=\"5\",\nVLOOKUP(VLOOKUP(A44,Quantities!$A$4:$D$118,Quantities!$C$2),Quantities!$A$4:$D$118,Quantities!$C$2),\nIF(OR(C44=\"a\",C44=\"c\",C44=\"d\",C44=\"e\"),\n\"-\",\nIF(RIGHT(TEXT(A44,\"0\"),2)=\"00\",VLOOKUP(A44,Quantities[],Quantities!$B$2),\nIF(C44=\"f\",VLOOKUP(A44,Quantities[],Quantities!$B$2),\nVLOOKUP(A44,Quantities[],Quantities!$C$2))\n)))","v":"-"},{"$f":"IF(OR(AND(LEFT(D44,2)=\"Sc\",B44=\"A\",C44=\"d\"),AND(C44=\"f\",B44=\"D\")),\nSUM(VLOOKUP($A44,Quantities[],Quantities!$O$2),VLOOKUP($A44,Quantities[],Quantities!$Q$2),VLOOKUP($A44,Quantities[],Quantities!$S$2)),\n\nIF(AND(LEFT(D44,2)=\"Sc\",OR(C44=\"a\",C44=\"f\")),\nVLOOKUP(A44,Quantities[],Quantities!$I$2),\n\nIF(AND(B44=\"D\",C44=\"b\"),\n VLOOKUP(INDEX(Quantities!$A$100:$A$118,MATCH($A44,Quantities!$C$100:$C$118)),Quantities!$A$100:$AJ$118,Quantities!$O$2)+\nVLOOKUP(INDEX(Quantities!$A$100:$A$118,MATCH($A44,Quantities!$C$100:$C$118)),Quantities!$A$100:$AJ$118,Quantities!$Q$2)+\nVLOOKUP(INDEX(Quantities!$A$100:$A$118,MATCH($A44,Quantities!$C$100:$C$118)),Quantities!$A$100:$AJ$118,Quantities!$S$2),\n\nIF(OR(B44=\"D\",B44=\"Q\"),\nSUM(VLOOKUP($A44,Quantities[],Quantities!$O$2),VLOOKUP($A44,Quantities[],Quantities!$Q$2),VLOOKUP($A44,Quantities[],Quantities!$S$2)),\n\n VLOOKUP(A44,Quantities[],Quantities!$G$2)\n))))","v":325},{"$f":"IF(LEFT(D44,2)=\"Mg\", VLOOKUP(A44,Quantities[],Quantities!$H$2),\n\nIF(OR(AND(LEFT(D44,2)=\"Sc\",B44=\"A\",C44=\"d\",C44=\"f\")),\n(SUM(VLOOKUP($A44,Quantities[],Quantities!$P$2)*VLOOKUP($A44,Quantities[],Quantities!$O$2),VLOOKUP($A44,Quantities[],Quantities!$R$2)*VLOOKUP($A44,Quantities[],Quantities!$Q$2),VLOOKUP($A44,Quantities[],Quantities!$T$2)*VLOOKUP($A44,Quantities[],Quantities!$S$2)))/SUM(VLOOKUP($A44,Quantities[],Quantities!$O$2),VLOOKUP($A44,Quantities[],Quantities!$Q$2),VLOOKUP($A44,Quantities[],Quantities!$S$2)),\n\nIF(AND(LEFT(D44,2)=\"Sc\",OR(C44=\"a\",C44=\"f\")),\nVLOOKUP(A44,Quantities[],Quantities!$J$2),\n\nIF(AND(B44=\"D\",C44=\"b\", (VLOOKUP(INDEX(Quantities!$A$100:$A$118,MATCH($A44,Quantities!$C$100:$C$118)),Quantities[],Quantities!$O$2)+VLOOKUP(INDEX(Quantities!$A$100:$A$118,MATCH($A44,Quantities!$C$100:$C$118)),Quantities[],Quantities!$Q$2)+VLOOKUP(INDEX(Quantities!$A$100:$A$118,MATCH($A44,Quantities!$C$100:$C$118)),Quantities[],Quantities!$S$2))>0),\n(VLOOKUP(INDEX(Quantities!$A$100:$A$118,MATCH($A44,Quantities!$C$100:$C$118)),Quantities[],Quantities!$P$2)*VLOOKUP(INDEX(Quantities!$A$100:$A$118,MATCH($A44,Quantities!$C$100:$C$118)),Quantities[],Quantities!$O$2)\n+VLOOKUP(INDEX(Quantities!$A$100:$A$118,MATCH($A44,Quantities!$C$100:$C$118)),Quantities[],Quantities!$R$2)*VLOOKUP(INDEX(Quantities!$A$100:$A$118,MATCH($A44,Quantities!$C$100:$C$118)),Quantities[],Quantities!$Q$2)\n+VLOOKUP(INDEX(Quantities!$A$100:$A$118,MATCH($A44,Quantities!$C$100:$C$118)),Quantities[],Quantities!$T$2)*VLOOKUP(INDEX(Quantities!$A$100:$A$118,MATCH($A44,Quantities!$C$100:$C$118)),Quantities[],Quantities!$S$2))/\n(VLOOKUP(INDEX(Quantities!$A$100:$A$118,MATCH($A44,Quantities!$C$100:$C$118)),Quantities[],Quantities!$O$2)+VLOOKUP(INDEX(Quantities!$A$100:$A$118,MATCH($A44,Quantities!$C$100:$C$118)),Quantities[],Quantities!$Q$2)+VLOOKUP(A44,Quantities[],Quantities!$S$2)),\n\nIF(AND(B44=\"D\", (VLOOKUP(A44,Quantities[],Quantities!$O$2)+VLOOKUP(A44,Quantities[],Quantities!$Q$2)+VLOOKUP(A44,Quantities[],Quantities!$S$2))>0),\n(VLOOKUP(A44,Quantities[],Quantities!$P$2)*VLOOKUP(A44,Quantities[],Quantities!$O$2)\n+VLOOKUP(A44,Quantities[],Quantities!$R$2)*VLOOKUP(A44,Quantities[],Quantities!$Q$2)\n+VLOOKUP(A44,Quantities[],Quantities!$T$2)*VLOOKUP(A44,Quantities[],Quantities!$S$2))/\n(VLOOKUP(A44,Quantities[],Quantities!$O$2)+VLOOKUP(A44,Quantities[],Quantities!$Q$2)+VLOOKUP(A44,Quantities[],Quantities!$S$2)),\n\nIF($B44=\"Q\", (SUM(VLOOKUP($A44,Quantities[],Quantities!$P$2)*VLOOKUP($A44,Quantities[],Quantities!$O$2),VLOOKUP($A44,Quantities[],Quantities!$R$2)*VLOOKUP($A44,Quantities[],Quantities!$Q$2),VLOOKUP($A44,Quantities[],Quantities!$T$2)*VLOOKUP($A44,Quantities[],Quantities!$S$2)))/SUM(VLOOKUP($A44,Quantities[],Quantities!$O$2),VLOOKUP($A44,Quantities[],Quantities!$Q$2),VLOOKUP($A44,Quantities[],Quantities!$S$2)),\n\n VLOOKUP(A44,Quantities[],Quantities!$H$2)\n))))))","v":-0.28999999999999998},{"$f":"IF(LEFT(D44,1)=\"U\",\"-\",VLOOKUP(D44,Equipment[],Equipment!$B$2))","v":"Cat D11T CD"}]
[{"$f":"Quantities!$A$35","v":2002},"A","a","Dz2","2002-A-a-Dz2",{"$f":"IF(D45=\"Comb1\",CONCATENATE(VLOOKUP(B45,'Activity-Material_Codes'!$A$2:$B$26,Quantities!$B$2),\"-\",VLOOKUP(A45,Quantities[],Quantities!$D$2)),\nCONCATENATE(\nVLOOKUP(B45,'Activity-Material_Codes'!$A$2:$B$26,Quantities!$B$2),\nIF(AND(B45=\"B\",C45=\"a\"), \" Scraper Grading\", \"\"),\nIF(C45=\"b\",\"\",\"-\"),\nIF(C45=\"b\",\"\",VLOOKUP(A45,Quantities[],Quantities!$D$2)),\nIF(LEFT(TEXT(A45,\"0\"),1)=\"5\",\"\",\"-\"),\nIF(LEFT(TEXT(A45,\"0\"),1)=\"5\",\"\",VLOOKUP(C45,'Activity-Material_Codes'!$A$30:$B$36,Quantities!$B$2))\n))","v":"Grade-Outslopes - Regrade benches from pullback-Existing Ground"},{"$f":"CONCATENATE(\nIF(OR(RIGHT(TEXT($A45,\"0\"),Quantities!$B$2)=\"00\",LEFT(TEXT($A45,\"0\"),1)=\"5\",OR($C45=\"b\",$C45=\"f\")),\"\",VLOOKUP($A45,Quantities[],Quantities!$B$2)),\nIF(LEFT(TEXT($A45,\"0\"),1)=\"5\",\"\",\" \"),\nIF(OR(C45=\"a\",C45=\"c\",C45=\"d\",C45=\"e\"),IF(OR(RIGHT(TEXT($A45,\"0\"),Quantities!$B$2)=\"00\",LEFT(TEXT($A45,\"0\"),1)=\"5\"),VLOOKUP($A45,Quantities[],Quantities!$B$2),\"\"),\nIF(LEFT(TEXT($A45,\"0\"),1)=\"5\",VLOOKUP($A45,Quantities[],Quantities!$B$2),\nVLOOKUP(INDEX(Quantities!$A$100:$A$118,MATCH($A45,Quantities!$C$100:$C$118)),Quantities!$A$100:$B$118,Quantities!$B$2))))","v":"9A Waste  "},{"$f":"IF(LEFT(TEXT(A45,\"0\"),1)=\"5\",\nVLOOKUP(VLOOKUP(A45,Quantities!$A$4:$D$118,Quantities!$C$2),Quantities!$A$4:$D$118,Quantities!$C$2),\nIF(OR(C45=\"a\",C45=\"c\",C45=\"d\",C45=\"e\"),\n\"-\",\nIF(RIGHT(TEXT(A45,\"0\"),2)=\"00\",VLOOKUP(A45,Quantities[],Quantities!$B$2),\nIF(C45=\"f\",VLOOKUP(A45,Quantities[],Quantities!$B$2),\nVLOOKUP(A45,Quantities[],Quantities!$C$2))\n)))","v":"-"},{"$f":"IF(OR(AND(LEFT(D45,2)=\"Sc\",B45=\"A\",C45=\"d\"),AND(C45=\"f\",B45=\"D\")),\nSUM(VLOOKUP($A45,Quantities[],Quantities!$O$2),VLOOKUP($A45,Quantities[],Quantities!$Q$2),VLOOKUP($A45,Quantities[],Quantities!$S$2)),\n\nIF(AND(LEFT(D45,2)=\"Sc\",OR(C45=\"a\",C45=\"f\")),\nVLOOKUP(A45,Quantities[],Quantities!$I$2),\n\nIF(AND(B45=\"D\",C45=\"b\"),\n VLOOKUP(INDEX(Quantities!$A$100:$A$118,MATCH($A45,Quantities!$C$100:$C$118)),Quantities!$A$100:$AJ$118,Quantities!$O$2)+\nVLOOKUP(INDEX(Quantities!$A$100:$A$118,MATCH($A45,Quantities!$C$100:$C$118)),Quantities!$A$100:$AJ$118,Quantities!$Q$2)+\nVLOOKUP(INDEX(Quantities!$A$100:$A$118,MATCH($A45,Quantities!$C$100:$C$118)),Quantities!$A$100:$AJ$118,Quantities!$S$2),\n\nIF(OR(B45=\"D\",B45=\"Q\"),\nSUM(VLOOKUP($A45,Quantities[],Quantities!$O$2),VLOOKUP($A45,Quantities[],Quantities!$Q$2),VLOOKUP($A45,Quantities[],Quantities!$S$2)),\n\n VLOOKUP(A45,Quantities[],Quantities!$G$2)\n))))","v":90},{"$f":"IF(LEFT(D45,2)=\"Mg\", VLOOKUP(A45,Quantities[],Quantities!$H$2),\n\nIF(OR(AND(LEFT(D45,2)=\"Sc\",B45=\"A\",C45=\"d\",C45=\"f\")),\n(SUM(VLOOKUP($A45,Quantities[],Quantities!$P$2)*VLOOKUP($A45,Quantities[],Quantities!$O$2),VLOOKUP($A45,Quantities[],Quantities!$R$2)*VLOOKUP($A45,Quantities[],Quantities!$Q$2),VLOOKUP($A45,Quantities[],Quantities!$T$2)*VLOOKUP($A45,Quantities[],Quantities!$S$2)))/SUM(VLOOKUP($A45,Quantities[],Quantities!$O$2),VLOOKUP($A45,Quantities[],Quantities!$Q$2),VLOOKUP($A45,Quantities[],Quantities!$S$2)),\n\nIF(AND(LEFT(D45,2)=\"Sc\",OR(C45=\"a\",C45=\"f\")),\nVLOOKUP(A45,Quantities[],Quantities!$J$2),\n\nIF(AND(B45=\"D\",C45=\"b\", (VLOOKUP(INDEX(Quantities!$A$100:$A$118,MATCH($A45,Quantities!$C$100:$C$118)),Quantities[],Quantities!$O$2)+VLOOKUP(INDEX(Quantities!$A$100:$A$118,MATCH($A45,Quantities!$C$100:$C$118)),Quantities[],Quantities!$Q$2)+VLOOKUP(INDEX(Quantities!$A$100:$A$118,MATCH($A45,Quantities!$C$100:$C$118)),Quantities[],Quantities!$S$2))>0),\n(VLOOKUP(INDEX(Quantities!$A$100:$A$118,MATCH($A45,Quantities!$C$100:$C$118)),Quantities[],Quantities!$P$2)*VLOOKUP(INDEX(Quantities!$A$100:$A$118,MATCH($A45,Quantities!$C$100:$C$118)),Quantities[],Quantities!$O$2)\n+VLOOKUP(INDEX(Quantities!$A$100:$A$118,MATCH($A45,Quantities!$C$100:$C$118)),Quantities[],Quantities!$R$2)*VLOOKUP(INDEX(Quantities!$A$100:$A$118,MATCH($A45,Quantities!$C$100:$C$118)),Quantities[],Quantities!$Q$2)\n+VLOOKUP(INDEX(Quantities!$A$100:$A$118,MATCH($A45,Quantities!$C$100:$C$118)),Quantities[],Quantities!$T$2)*VLOOKUP(INDEX(Quantities!$A$100:$A$118,MATCH($A45,Quantities!$C$100:$C$118)),Quantities[],Quantities!$S$2))/\n(VLOOKUP(INDEX(Quantities!$A$100:$A$118,MATCH($A45,Quantities!$C$100:$C$118)),Quantities[],Quantities!$O$2)+VLOOKUP(INDEX(Quantities!$A$100:$A$118,MATCH($A45,Quantities!$C$100:$C$118)),Quantities[],Quantities!$Q$2)+VLOOKUP(A45,Quantities[],Quantities!$S$2)),\n\nIF(AND(B45=\"D\", (VLOOKUP(A45,Quantities[],Quantities!$O$2)+VLOOKUP(A45,Quantities[],Quantities!$Q$2)+VLOOKUP(A45,Quantities[],Quantities!$S$2))>0),\n(VLOOKUP(A45,Quantities[],Quantities!$P$2)*VLOOKUP(A45,Quantities[],Quantities!$O$2)\n+VLOOKUP(A45,Quantities[],Quantities!$R$2)*VLOOKUP(A45,Quantities[],Quantities!$Q$2)\n+VLOOKUP(A45,Quantities[],Quantities!$T$2)*VLOOKUP(A45,Quantities[],Quantities!$S$2))/\n(VLOOKUP(A45,Quantities[],Quantities!$O$2)+VLOOKUP(A45,Quantities[],Quantities!$Q$2)+VLOOKUP(A45,Quantities[],Quantities!$S$2)),\n\nIF($B45=\"Q\", (SUM(VLOOKUP($A45,Quantities[],Quantities!$P$2)*VLOOKUP($A45,Quantities[],Quantities!$O$2),VLOOKUP($A45,Quantities[],Quantities!$R$2)*VLOOKUP($A45,Quantities[],Quantities!$Q$2),VLOOKUP($A45,Quantities[],Quantities!$T$2)*VLOOKUP($A45,Quantities[],Quantities!$S$2)))/SUM(VLOOKUP($A45,Quantities[],Quantities!$O$2),VLOOKUP($A45,Quantities[],Quantities!$Q$2),VLOOKUP($A45,Quantities[],Quantities!$S$2)),\n\n VLOOKUP(A45,Quantities[],Quantities!$H$2)\n))))))","v":-0.28999999999999998},{"$f":"IF(LEFT(D45,1)=\"U\",\"-\",VLOOKUP(D45,Equipment[],Equipment!$B$2))","v":"Cat D11T CD"}]
[{"$f":"Quantities!$A$5","v":1001},"A","a","Mg1","1001-A-a-Mg1",{"$f":"IF(D46=\"Comb1\",CONCATENATE(VLOOKUP(B46,'Activity-Material_Codes'!$A$2:$B$26,Quantities!$B$2),\"-\",VLOOKUP(A46,Quantities[],Quantities!$D$2)),\nCONCATENATE(\nVLOOKUP(B46,'Activity-Material_Codes'!$A$2:$B$26,Quantities!$B$2),\nIF(AND(B46=\"B\",C46=\"a\"), \" Scraper Grading\", \"\"),\nIF(C46=\"b\",\"\",\"-\"),\nIF(C46=\"b\",\"\",VLOOKUP(A46,Quantities[],Quantities!$D$2)),\nIF(LEFT(TEXT(A46,\"0\"),1)=\"5\",\"\",\"-\"),\nIF(LEFT(TEXT(A46,\"0\"),1)=\"5\",\"\",VLOOKUP(C46,'Activity-Material_Codes'!$A$30:$B$36,Quantities!$B$2))\n))","v":"Grade-Top-Existing Ground"},{"$f":"CONCATENATE(\nIF(OR(RIGHT(TEXT($A46,\"0\"),Quantities!$B$2)=\"00\",LEFT(TEXT($A46,\"0\"),1)=\"5\",OR($C46=\"b\",$C46=\"f\")),\"\",VLOOKUP($A46,Quantities[],Quantities!$B$2)),\nIF(LEFT(TEXT($A46,\"0\"),1)=\"5\",\"\",\" \"),\nIF(OR(C46=\"a\",C46=\"c\",C46=\"d\",C46=\"e\"),IF(OR(RIGHT(TEXT($A46,\"0\"),Quantities!$B$2)=\"00\",LEFT(TEXT($A46,\"0\"),1)=\"5\"),VLOOKUP($A46,Quantities[],Quantities!$B$2),\"\"),\nIF(LEFT(TEXT($A46,\"0\"),1)=\"5\",VLOOKUP($A46,Quantities[],Quantities!$B$2),\nVLOOKUP(INDEX(Quantities!$A$100:$A$118,MATCH($A46,Quantities!$C$100:$C$118)),Quantities!$A$100:$B$118,Quantities!$B$2))))","v":"1A Leach, 1B Leach  "},{"$f":"IF(LEFT(TEXT(A46,\"0\"),1)=\"5\",\nVLOOKUP(VLOOKUP(A46,Quantities!$A$4:$D$118,Quantities!$C$2),Quantities!$A$4:$D$118,Quantities!$C$2),\nIF(OR(C46=\"a\",C46=\"c\",C46=\"d\",C46=\"e\"),\n\"-\",\nIF(RIGHT(TEXT(A46,\"0\"),2)=\"00\",VLOOKUP(A46,Quantities[],Quantities!$B$2),\nIF(C46=\"f\",VLOOKUP(A46,Quantities[],Quantities!$B$2),\nVLOOKUP(A46,Quantities[],Quantities!$C$2))\n)))","v":"-"},{"$f":"IF(OR(AND(LEFT(D46,2)=\"Sc\",B46=\"A\",C46=\"d\"),AND(C46=\"f\",B46=\"D\")),\nSUM(VLOOKUP($A46,Quantities[],Quantities!$O$2),VLOOKUP($A46,Quantities[],Quantities!$Q$2),VLOOKUP($A46,Quantities[],Quantities!$S$2)),\n\nIF(AND(LEFT(D46,2)=\"Sc\",OR(C46=\"a\",C46=\"f\")),\nVLOOKUP(A46,Quantities[],Quantities!$I$2),\n\nIF(AND(B46=\"D\",C46=\"b\"),\n VLOOKUP(INDEX(Quantities!$A$100:$A$118,MATCH($A46,Quantities!$C$100:$C$118)),Quantities!$A$100:$AJ$118,Quantities!$O$2)+\nVLOOKUP(INDEX(Quantities!$A$100:$A$118,MATCH($A46,Quantities!$C$100:$C$118)),Quantities!$A$100:$AJ$118,Quantities!$Q$2)+\nVLOOKUP(INDEX(Quantities!$A$100:$A$118,MATCH($A46,Quantities!$C$100:$C$118)),Quantities!$A$100:$AJ$118,Quantities!$S$2),\n\nIF(OR(B46=\"D\",B46=\"Q\"),\nSUM(VLOOKUP($A46,Quantities[],Quantities!$O$2),VLOOKUP($A46,Quantities[],Quantities!$Q$2),VLOOKUP($A46,Quantities[],Quantities!$S$2)),\n\n VLOOKUP(A46,Quantities[],Quantities!$G$2)\n))))","v":430},{"$f":"IF(LEFT(D46,2)=\"Mg\", VLOOKUP(A46,Quantities[],Quantities!$H$2),\n\nIF(OR(AND(LEFT(D46,2)=\"Sc\",B46=\"A\",C46=\"d\",C46=\"f\")),\n(SUM(VLOOKUP($A46,Quantities[],Quantities!$P$2)*VLOOKUP($A46,Quantities[],Quantities!$O$2),VLOOKUP($A46,Quantities[],Quantities!$R$2)*VLOOKUP($A46,Quantities[],Quantities!$Q$2),VLOOKUP($A46,Quantities[],Quantities!$T$2)*VLOOKUP($A46,Quantities[],Quantities!$S$2)))/SUM(VLOOKUP($A46,Quantities[],Quantities!$O$2),VLOOKUP($A46,Quantities[],Quantities!$Q$2),VLOOKUP($A46,Quantities[],Quantities!$S$2)),\n\nIF(AND(LEFT(D46,2)=\"Sc\",OR(C46=\"a\",C46=\"f\")),\nVLOOKUP(A46,Quantities[],Quantities!$J$2),\n\nIF(AND(B46=\"D\",C46=\"b\", (VLOOKUP(INDEX(Quantities!$A$100:$A$118,MATCH($A46,Quantities!$C$100:$C$118)),Quantities[],Quantities!$O$2)+VLOOKUP(INDEX(Quantities!$A$100:$A$118,MATCH($A46,Quantities!$C$100:$C$118)),Quantities[],Quantities!$Q$2)+VLOOKUP(INDEX(Quantities!$A$100:$A$118,MATCH($A46,Quantities!$C$100:$C$118)),Quantities[],Quantities!$S$2))>0),\n(VLOOKUP(INDEX(Quantities!$A$100:$A$118,MATCH($A46,Quantities!$C$100:$C$118)),Quantities[],Quantities!$P$2)*VLOOKUP(INDEX(Quantities!$A$100:$A$118,MATCH($A46,Quantities!$C$100:$C$118)),Quantities[],Quantities!$O$2)\n+VLOOKUP(INDEX(Quantities!$A$100:$A$118,MATCH($A46,Quantities!$C$100:$C$118)),Quantities[],Quantities!$R$2)*VLOOKUP(INDEX(Quantities!$A$100:$A$118,MATCH($A46,Quantities!$C$100:$C$118)),Quantities[],Quantities!$Q$2)\n+VLOOKUP(INDEX(Quantities!$A$100:$A$118,MATCH($A46,Quantities!$C$100:$C$118)),Quantities[],Quantities!$T$2)*VLOOKUP(INDEX(Quantities!$A$100:$A$118,MATCH($A46,Quantities!$C$100:$C$118)),Quantities[],Quantities!$S$2))/\n(VLOOKUP(INDEX(Quantities!$A$100:$A$118,MATCH($A46,Quantities!$C$100:$C$118)),Quantities[],Quantities!$O$2)+VLOOKUP(INDEX(Quantities!$A$100:$A$118,MATCH($A46,Quantities!$C$100:$C$118)),Quantities[],Quantities!$Q$2)+VLOOKUP(A46,Quantities[],Quantities!$S$2)),\n\nIF(AND(B46=\"D\", (VLOOKUP(A46,Quantities[],Quantities!$O$2)+VLOOKUP(A46,Quantities[],Quantities!$Q$2)+VLOOKUP(A46,Quantities[],Quantities!$S$2))>0),\n(VLOOKUP(A46,Quantities[],Quantities!$P$2)*VLOOKUP(A46,Quantities[],Quantities!$O$2)\n+VLOOKUP(A46,Quantities[],Quantities!$R$2)*VLOOKUP(A46,Quantities[],Quantities!$Q$2)\n+VLOOKUP(A46,Quantities[],Quantities!$T$2)*VLOOKUP(A46,Quantities[],Quantities!$S$2))/\n(VLOOKUP(A46,Quantities[],Quantities!$O$2)+VLOOKUP(A46,Quantities[],Quantities!$Q$2)+VLOOKUP(A46,Quantities[],Quantities!$S$2)),\n\nIF($B46=\"Q\", (SUM(VLOOKUP($A46,Quantities[],Quantities!$P$2)*VLOOKUP($A46,Quantities[],Quantities!$O$2),VLOOKUP($A46,Quantities[],Quantities!$R$2)*VLOOKUP($A46,Quantities[],Quantities!$Q$2),VLOOKUP($A46,Quantities[],Quantities!$T$2)*VLOOKUP($A46,Quantities[],Quantities!$S$2)))/SUM(VLOOKUP($A46,Quantities[],Quantities!$O$2),VLOOKUP($A46,Quantities[],Quantities!$Q$2),VLOOKUP($A46,Quantities[],Quantities!$S$2)),\n\n VLOOKUP(A46,Quantities[],Quantities!$H$2)\n))))))","v":0.01},{"$f":"IF(LEFT(D46,1)=\"U\",\"-\",VLOOKUP(D46,Equipment[],Equipment!$B$2))","v":"Cat 16M "}]
[{"$f":"Quantities!$A$10","v":1201},"A","a","Mg1","1201-A-a-Mg1",{"$f":"IF(D47=\"Comb1\",CONCATENATE(VLOOKUP(B47,'Activity-Material_Codes'!$A$2:$B$26,Quantities!$B$2),\"-\",VLOOKUP(A47,Quantities[],Quantities!$D$2)),\nCONCATENATE(\nVLOOKUP(B47,'Activity-Material_Codes'!$A$2:$B$26,Quantities!$B$2),\nIF(AND(B47=\"B\",C47=\"a\"), \" Scraper Grading\", \"\"),\nIF(C47=\"b\",\"\",\"-\"),\nIF(C47=\"b\",\"\",VLOOKUP(A47,Quantities[],Quantities!$D$2)),\nIF(LEFT(TEXT(A47,\"0\"),1)=\"5\",\"\",\"-\"),\nIF(LEFT(TEXT(A47,\"0\"),1)=\"5\",\"\",VLOOKUP(C47,'Activity-Material_Codes'!$A$30:$B$36,Quantities!$B$2))\n))","v":"Grade-Top-Existing Ground"},{"$f":"CONCATENATE(\nIF(OR(RIGHT(TEXT($A47,\"0\"),Quantities!$B$2)=\"00\",LEFT(TEXT($A47,\"0\"),1)=\"5\",OR($C47=\"b\",$C47=\"f\")),\"\",VLOOKUP($A47,Quantities[],Quantities!$B$2)),\nIF(LEFT(TEXT($A47,\"0\"),1)=\"5\",\"\",\" \"),\nIF(OR(C47=\"a\",C47=\"c\",C47=\"d\",C47=\"e\"),IF(OR(RIGHT(TEXT($A47,\"0\"),Quantities!$B$2)=\"00\",LEFT(TEXT($A47,\"0\"),1)=\"5\"),VLOOKUP($A47,Quantities[],Quantities!$B$2),\"\"),\nIF(LEFT(TEXT($A47,\"0\"),1)=\"5\",VLOOKUP($A47,Quantities[],Quantities!$B$2),\nVLOOKUP(INDEX(Quantities!$A$100:$A$118,MATCH($A47,Quantities!$C$100:$C$118)),Quantities!$A$100:$B$118,Quantities!$B$2))))","v":"2B Waste, 2A Leach, 2B Leach "},{"$f":"IF(LEFT(TEXT(A47,\"0\"),1)=\"5\",\nVLOOKUP(VLOOKUP(A47,Quantities!$A$4:$D$118,Quantities!$C$2),Quantities!$A$4:$D$118,Quantities!$C$2),\nIF(OR(C47=\"a\",C47=\"c\",C47=\"d\",C47=\"e\"),\n\"-\",\nIF(RIGHT(TEXT(A47,\"0\"),2)=\"00\",VLOOKUP(A47,Quantities[],Quantities!$B$2),\nIF(C47=\"f\",VLOOKUP(A47,Quantities[],Quantities!$B$2),\nVLOOKUP(A47,Quantities[],Quantities!$C$2))\n)))","v":"-"},{"$f":"IF(OR(AND(LEFT(D47,2)=\"Sc\",B47=\"A\",C47=\"d\"),AND(C47=\"f\",B47=\"D\")),\nSUM(VLOOKUP($A47,Quantities[],Quantities!$O$2),VLOOKUP($A47,Quantities[],Quantities!$Q$2),VLOOKUP($A47,Quantities[],Quantities!$S$2)),\n\nIF(AND(LEFT(D47,2)=\"Sc\",OR(C47=\"a\",C47=\"f\")),\nVLOOKUP(A47,Quantities[],Quantities!$I$2),\n\nIF(AND(B47=\"D\",C47=\"b\"),\n VLOOKUP(INDEX(Quantities!$A$100:$A$118,MATCH($A47,Quantities!$C$100:$C$118)),Quantities!$A$100:$AJ$118,Quantities!$O$2)+\nVLOOKUP(INDEX(Quantities!$A$100:$A$118,MATCH($A47,Quantities!$C$100:$C$118)),Quantities!$A$100:$AJ$118,Quantities!$Q$2)+\nVLOOKUP(INDEX(Quantities!$A$100:$A$118,MATCH($A47,Quantities!$C$100:$C$118)),Quantities!$A$100:$AJ$118,Quantities!$S$2),\n\nIF(OR(B47=\"D\",B47=\"Q\"),\nSUM(VLOOKUP($A47,Quantities[],Quantities!$O$2),VLOOKUP($A47,Quantities[],Quantities!$Q$2),VLOOKUP($A47,Quantities[],Quantities!$S$2)),\n\n VLOOKUP(A47,Quantities[],Quantities!$G$2)\n))))","v":370},{"$f":"IF(LEFT(D47,2)=\"Mg\", VLOOKUP(A47,Quantities[],Quantities!$H$2),\n\nIF(OR(AND(LEFT(D47,2)=\"Sc\",B47=\"A\",C47=\"d\",C47=\"f\")),\n(SUM(VLOOKUP($A47,Quantities[],Quantities!$P$2)*VLOOKUP($A47,Quantities[],Quantities!$O$2),VLOOKUP($A47,Quantities[],Quantities!$R$2)*VLOOKUP($A47,Quantities[],Quantities!$Q$2),VLOOKUP($A47,Quantities[],Quantities!$T$2)*VLOOKUP($A47,Quantities[],Quantities!$S$2)))/SUM(VLOOKUP($A47,Quantities[],Quantities!$O$2),VLOOKUP($A47,Quantities[],Quantities!$Q$2),VLOOKUP($A47,Quantities[],Quantities!$S$2)),\n\nIF(AND(LEFT(D47,2)=\"Sc\",OR(C47=\"a\",C47=\"f\")),\nVLOOKUP(A47,Quantities[],Quantities!$J$2),\n\nIF(AND(B47=\"D\",C47=\"b\", (VLOOKUP(INDEX(Quantities!$A$100:$A$118,MATCH($A47,Quantities!$C$100:$C$118)),Quantities[],Quantities!$O$2)+VLOOKUP(INDEX(Quantities!$A$100:$A$118,MATCH($A47,Quantities!$C$100:$C$118)),Quantities[],Quantities!$Q$2)+VLOOKUP(INDEX(Quantities!$A$100:$A$118,MATCH($A47,Quantities!$C$100:$C$118)),Quantities[],Quantities!$S$2))>0),\n(VLOOKUP(INDEX(Quantities!$A$100:$A$118,MATCH($A47,Quantities!$C$100:$C$118)),Quantities[],Quantities!$P$2)*VLOOKUP(INDEX(Quantities!$A$100:$A$118,MATCH($A47,Quantities!$C$100:$C$118)),Quantities[],Quantities!$O$2)\n+VLOOKUP(INDEX(Quantities!$A$100:$A$118,MATCH($A47,Quantities!$C$100:$C$118)),Quantities[],Quantities!$R$2)*VLOOKUP(INDEX(Quantities!$A$100:$A$118,MATCH($A47,Quantities!$C$100:$C$118)),Quantities[],Quantities!$Q$2)\n+VLOOKUP(INDEX(Quantities!$A$100:$A$118,MATCH($A47,Quantities!$C$100:$C$118)),Quantities[],Quantities!$T$2)*VLOOKUP(INDEX(Quantities!$A$100:$A$118,MATCH($A47,Quantities!$C$100:$C$118)),Quantities[],Quantities!$S$2))/\n(VLOOKUP(INDEX(Quantities!$A$100:$A$118,MATCH($A47,Quantities!$C$100:$C$118)),Quantities[],Quantities!$O$2)+VLOOKUP(INDEX(Quantities!$A$100:$A$118,MATCH($A47,Quantities!$C$100:$C$118)),Quantities[],Quantities!$Q$2)+VLOOKUP(A47,Quantities[],Quantities!$S$2)),\n\nIF(AND(B47=\"D\", (VLOOKUP(A47,Quantities[],Quantities!$O$2)+VLOOKUP(A47,Quantities[],Quantities!$Q$2)+VLOOKUP(A47,Quantities[],Quantities!$S$2))>0),\n(VLOOKUP(A47,Quantities[],Quantities!$P$2)*VLOOKUP(A47,Quantities[],Quantities!$O$2)\n+VLOOKUP(A47,Quantities[],Quantities!$R$2)*VLOOKUP(A47,Quantities[],Quantities!$Q$2)\n+VLOOKUP(A47,Quantities[],Quantities!$T$2)*VLOOKUP(A47,Quantities[],Quantities!$S$2))/\n(VLOOKUP(A47,Quantities[],Quantities!$O$2)+VLOOKUP(A47,Quantities[],Quantities!$Q$2)+VLOOKUP(A47,Quantities[],Quantities!$S$2)),\n\nIF($B47=\"Q\", (SUM(VLOOKUP($A47,Quantities[],Quantities!$P$2)*VLOOKUP($A47,Quantities[],Quantities!$O$2),VLOOKUP($A47,Quantities[],Quantities!$R$2)*VLOOKUP($A47,Quantities[],Quantities!$Q$2),VLOOKUP($A47,Quantities[],Quantities!$T$2)*VLOOKUP($A47,Quantities[],Quantities!$S$2)))/SUM(VLOOKUP($A47,Quantities[],Quantities!$O$2),VLOOKUP($A47,Quantities[],Quantities!$Q$2),VLOOKUP($A47,Quantities[],Quantities!$S$2)),\n\n VLOOKUP(A47,Quantities[],Quantities!$H$2)\n))))))","v":0.01},{"$f":"IF(LEFT(D47,1)=\"U\",\"-\",VLOOKUP(D47,Equipment[],Equipment!$B$2))","v":"Cat 16M "}]
[{"$f":"Quantities!$A$13","v":1301},"A","a","Mg1","1301-A-a-Mg1",{"$f":"IF(D48=\"Comb1\",CONCATENATE(VLOOKUP(B48,'Activity-Material_Codes'!$A$2:$B$26,Quantities!$B$2),\"-\",VLOOKUP(A48,Quantities[],Quantities!$D$2)),\nCONCATENATE(\nVLOOKUP(B48,'Activity-Material_Codes'!$A$2:$B$26,Quantities!$B$2),\nIF(AND(B48=\"B\",C48=\"a\"), \" Scraper Grading\", \"\"),\nIF(C48=\"b\",\"\",\"-\"),\nIF(C48=\"b\",\"\",VLOOKUP(A48,Quantities[],Quantities!$D$2)),\nIF(LEFT(TEXT(A48,\"0\"),1)=\"5\",\"\",\"-\"),\nIF(LEFT(TEXT(A48,\"0\"),1)=\"5\",\"\",VLOOKUP(C48,'Activity-Material_Codes'!$A$30:$B$36,Quantities!$B$2))\n))","v":"Grade-Top-Existing Ground"},{"$f":"CONCATENATE(\nIF(OR(RIGHT(TEXT($A48,\"0\"),Quantities!$B$2)=\"00\",LEFT(TEXT($A48,\"0\"),1)=\"5\",OR($C48=\"b\",$C48=\"f\")),\"\",VLOOKUP($A48,Quantities[],Quantities!$B$2)),\nIF(LEFT(TEXT($A48,\"0\"),1)=\"5\",\"\",\" \"),\nIF(OR(C48=\"a\",C48=\"c\",C48=\"d\",C48=\"e\"),IF(OR(RIGHT(TEXT($A48,\"0\"),Quantities!$B$2)=\"00\",LEFT(TEXT($A48,\"0\"),1)=\"5\"),VLOOKUP($A48,Quantities[],Quantities!$B$2),\"\"),\nIF(LEFT(TEXT($A48,\"0\"),1)=\"5\",VLOOKUP($A48,Quantities[],Quantities!$B$2),\nVLOOKUP(INDEX(Quantities!$A$100:$A$118,MATCH($A48,Quantities!$C$100:$C$118)),Quantities!$A$100:$B$118,Quantities!$B$2))))","v":"3A Leach, 3B Waste "},{"$f":"IF(LEFT(TEXT(A48,\"0\"),1)=\"5\",\nVLOOKUP(VLOOKUP(A48,Quantities!$A$4:$D$118,Quantities!$C$2),Quantities!$A$4:$D$118,Quantities!$C$2),\nIF(OR(C48=\"a\",C48=\"c\",C48=\"d\",C48=\"e\"),\n\"-\",\nIF(RIGHT(TEXT(A48,\"0\"),2)=\"00\",VLOOKUP(A48,Quantities[],Quantities!$B$2),\nIF(C48=\"f\",VLOOKUP(A48,Quantities[],Quantities!$B$2),\nVLOOKUP(A48,Quantities[],Quantities!$C$2))\n)))","v":"-"},{"$f":"IF(OR(AND(LEFT(D48,2)=\"Sc\",B48=\"A\",C48=\"d\"),AND(C48=\"f\",B48=\"D\")),\nSUM(VLOOKUP($A48,Quantities[],Quantities!$O$2),VLOOKUP($A48,Quantities[],Quantities!$Q$2),VLOOKUP($A48,Quantities[],Quantities!$S$2)),\n\nIF(AND(LEFT(D48,2)=\"Sc\",OR(C48=\"a\",C48=\"f\")),\nVLOOKUP(A48,Quantities[],Quantities!$I$2),\n\nIF(AND(B48=\"D\",C48=\"b\"),\n VLOOKUP(INDEX(Quantities!$A$100:$A$118,MATCH($A48,Quantities!$C$100:$C$118)),Quantities!$A$100:$AJ$118,Quantities!$O$2)+\nVLOOKUP(INDEX(Quantities!$A$100:$A$118,MATCH($A48,Quantities!$C$100:$C$118)),Quantities!$A$100:$AJ$118,Quantities!$Q$2)+\nVLOOKUP(INDEX(Quantities!$A$100:$A$118,MATCH($A48,Quantities!$C$100:$C$118)),Quantities!$A$100:$AJ$118,Quantities!$S$2),\n\nIF(OR(B48=\"D\",B48=\"Q\"),\nSUM(VLOOKUP($A48,Quantities[],Quantities!$O$2),VLOOKUP($A48,Quantities[],Quantities!$Q$2),VLOOKUP($A48,Quantities[],Quantities!$S$2)),\n\n VLOOKUP(A48,Quantities[],Quantities!$G$2)\n))))","v":560},{"$f":"IF(LEFT(D48,2)=\"Mg\", VLOOKUP(A48,Quantities[],Quantities!$H$2),\n\nIF(OR(AND(LEFT(D48,2)=\"Sc\",B48=\"A\",C48=\"d\",C48=\"f\")),\n(SUM(VLOOKUP($A48,Quantities[],Quantities!$P$2)*VLOOKUP($A48,Quantities[],Quantities!$O$2),VLOOKUP($A48,Quantities[],Quantities!$R$2)*VLOOKUP($A48,Quantities[],Quantities!$Q$2),VLOOKUP($A48,Quantities[],Quantities!$T$2)*VLOOKUP($A48,Quantities[],Quantities!$S$2)))/SUM(VLOOKUP($A48,Quantities[],Quantities!$O$2),VLOOKUP($A48,Quantities[],Quantities!$Q$2),VLOOKUP($A48,Quantities[],Quantities!$S$2)),\n\nIF(AND(LEFT(D48,2)=\"Sc\",OR(C48=\"a\",C48=\"f\")),\nVLOOKUP(A48,Quantities[],Quantities!$J$2),\n\nIF(AND(B48=\"D\",C48=\"b\", (VLOOKUP(INDEX(Quantities!$A$100:$A$118,MATCH($A48,Quantities!$C$100:$C$118)),Quantities[],Quantities!$O$2)+VLOOKUP(INDEX(Quantities!$A$100:$A$118,MATCH($A48,Quantities!$C$100:$C$118)),Quantities[],Quantities!$Q$2)+VLOOKUP(INDEX(Quantities!$A$100:$A$118,MATCH($A48,Quantities!$C$100:$C$118)),Quantities[],Quantities!$S$2))>0),\n(VLOOKUP(INDEX(Quantities!$A$100:$A$118,MATCH($A48,Quantities!$C$100:$C$118)),Quantities[],Quantities!$P$2)*VLOOKUP(INDEX(Quantities!$A$100:$A$118,MATCH($A48,Quantities!$C$100:$C$118)),Quantities[],Quantities!$O$2)\n+VLOOKUP(INDEX(Quantities!$A$100:$A$118,MATCH($A48,Quantities!$C$100:$C$118)),Quantities[],Quantities!$R$2)*VLOOKUP(INDEX(Quantities!$A$100:$A$118,MATCH($A48,Quantities!$C$100:$C$118)),Quantities[],Quantities!$Q$2)\n+VLOOKUP(INDEX(Quantities!$A$100:$A$118,MATCH($A48,Quantities!$C$100:$C$118)),Quantities[],Quantities!$T$2)*VLOOKUP(INDEX(Quantities!$A$100:$A$118,MATCH($A48,Quantities!$C$100:$C$118)),Quantities[],Quantities!$S$2))/\n(VLOOKUP(INDEX(Quantities!$A$100:$A$118,MATCH($A48,Quantities!$C$100:$C$118)),Quantities[],Quantities!$O$2)+VLOOKUP(INDEX(Quantities!$A$100:$A$118,MATCH($A48,Quantities!$C$100:$C$118)),Quantities[],Quantities!$Q$2)+VLOOKUP(A48,Quantities[],Quantities!$S$2)),\n\nIF(AND(B48=\"D\", (VLOOKUP(A48,Quantities[],Quantities!$O$2)+VLOOKUP(A48,Quantities[],Quantities!$Q$2)+VLOOKUP(A48,Quantities[],Quantities!$S$2))>0),\n(VLOOKUP(A48,Quantities[],Quantities!$P$2)*VLOOKUP(A48,Quantities[],Quantities!$O$2)\n+VLOOKUP(A48,Quantities[],Quantities!$R$2)*VLOOKUP(A48,Quantities[],Quantities!$Q$2)\n+VLOOKUP(A48,Quantities[],Quantities!$T$2)*VLOOKUP(A48,Quantities[],Quantities!$S$2))/\n(VLOOKUP(A48,Quantities[],Quantities!$O$2)+VLOOKUP(A48,Quantities[],Quantities!$Q$2)+VLOOKUP(A48,Quantities[],Quantities!$S$2)),\n\nIF($B48=\"Q\", (SUM(VLOOKUP($A48,Quantities[],Quantities!$P$2)*VLOOKUP($A48,Quantities[],Quantities!$O$2),VLOOKUP($A48,Quantities[],Quantities!$R$2)*VLOOKUP($A48,Quantities[],Quantities!$Q$2),VLOOKUP($A48,Quantities[],Quantities!$T$2)*VLOOKUP($A48,Quantities[],Quantities!$S$2)))/SUM(VLOOKUP($A48,Quantities[],Quantities!$O$2),VLOOKUP($A48,Quantities[],Quantities!$Q$2),VLOOKUP($A48,Quantities[],Quantities!$S$2)),\n\n VLOOKUP(A48,Quantities[],Quantities!$H$2)\n))))))","v":0.01},{"$f":"IF(LEFT(D48,1)=\"U\",\"-\",VLOOKUP(D48,Equipment[],Equipment!$B$2))","v":"Cat 16M "}]
[{"$f":"Quantities!$A$21","v":1501},"A","a","Mg1","1501-A-a-Mg1",{"$f":"IF(D49=\"Comb1\",CONCATENATE(VLOOKUP(B49,'Activity-Material_Codes'!$A$2:$B$26,Quantities!$B$2),\"-\",VLOOKUP(A49,Quantities[],Quantities!$D$2)),\nCONCATENATE(\nVLOOKUP(B49,'Activity-Material_Codes'!$A$2:$B$26,Quantities!$B$2),\nIF(AND(B49=\"B\",C49=\"a\"), \" Scraper Grading\", \"\"),\nIF(C49=\"b\",\"\",\"-\"),\nIF(C49=\"b\",\"\",VLOOKUP(A49,Quantities[],Quantities!$D$2)),\nIF(LEFT(TEXT(A49,\"0\"),1)=\"5\",\"\",\"-\"),\nIF(LEFT(TEXT(A49,\"0\"),1)=\"5\",\"\",VLOOKUP(C49,'Activity-Material_Codes'!$A$30:$B$36,Quantities!$B$2))\n))","v":"Grade-Top-Existing Ground"},{"$f":"CONCATENATE(\nIF(OR(RIGHT(TEXT($A49,\"0\"),Quantities!$B$2)=\"00\",LEFT(TEXT($A49,\"0\"),1)=\"5\",OR($C49=\"b\",$C49=\"f\")),\"\",VLOOKUP($A49,Quantities[],Quantities!$B$2)),\nIF(LEFT(TEXT($A49,\"0\"),1)=\"5\",\"\",\" \"),\nIF(OR(C49=\"a\",C49=\"c\",C49=\"d\",C49=\"e\"),IF(OR(RIGHT(TEXT($A49,\"0\"),Quantities!$B$2)=\"00\",LEFT(TEXT($A49,\"0\"),1)=\"5\"),VLOOKUP($A49,Quantities[],Quantities!$B$2),\"\"),\nIF(LEFT(TEXT($A49,\"0\"),1)=\"5\",VLOOKUP($A49,Quantities[],Quantities!$B$2),\nVLOOKUP(INDEX(Quantities!$A$100:$A$118,MATCH($A49,Quantities!$C$100:$C$118)),Quantities!$A$100:$B$118,Quantities!$B$2))))","v":"5A Waste "},{"$f":"IF(LEFT(TEXT(A49,\"0\"),1)=\"5\",\nVLOOKUP(VLOOKUP(A49,Quantities!$A$4:$D$118,Quantities!$C$2),Quantities!$A$4:$D$118,Quantities!$C$2),\nIF(OR(C49=\"a\",C49=\"c\",C49=\"d\",C49=\"e\"),\n\"-\",\nIF(RIGHT(TEXT(A49,\"0\"),2)=\"00\",VLOOKUP(A49,Quantities[],Quantities!$B$2),\nIF(C49=\"f\",VLOOKUP(A49,Quantities[],Quantities!$B$2),\nVLOOKUP(A49,Quantities[],Quantities!$C$2))\n)))","v":"-"},{"$f":"IF(OR(AND(LEFT(D49,2)=\"Sc\",B49=\"A\",C49=\"d\"),AND(C49=\"f\",B49=\"D\")),\nSUM(VLOOKUP($A49,Quantities[],Quantities!$O$2),VLOOKUP($A49,Quantities[],Quantities!$Q$2),VLOOKUP($A49,Quantities[],Quantities!$S$2)),\n\nIF(AND(LEFT(D49,2)=\"Sc\",OR(C49=\"a\",C49=\"f\")),\nVLOOKUP(A49,Quantities[],Quantities!$I$2),\n\nIF(AND(B49=\"D\",C49=\"b\"),\n VLOOKUP(INDEX(Quantities!$A$100:$A$118,MATCH($A49,Quantities!$C$100:$C$118)),Quantities!$A$100:$AJ$118,Quantities!$O$2)+\nVLOOKUP(INDEX(Quantities!$A$100:$A$118,MATCH($A49,Quantities!$C$100:$C$118)),Quantities!$A$100:$AJ$118,Quantities!$Q$2)+\nVLOOKUP(INDEX(Quantities!$A$100:$A$118,MATCH($A49,Quantities!$C$100:$C$118)),Quantities!$A$100:$AJ$118,Quantities!$S$2),\n\nIF(OR(B49=\"D\",B49=\"Q\"),\nSUM(VLOOKUP($A49,Quantities[],Quantities!$O$2),VLOOKUP($A49,Quantities[],Quantities!$Q$2),VLOOKUP($A49,Quantities[],Quantities!$S$2)),\n\n VLOOKUP(A49,Quantities[],Quantities!$G$2)\n))))","v":610},{"$f":"IF(LEFT(D49,2)=\"Mg\", VLOOKUP(A49,Quantities[],Quantities!$H$2),\n\nIF(OR(AND(LEFT(D49,2)=\"Sc\",B49=\"A\",C49=\"d\",C49=\"f\")),\n(SUM(VLOOKUP($A49,Quantities[],Quantities!$P$2)*VLOOKUP($A49,Quantities[],Quantities!$O$2),VLOOKUP($A49,Quantities[],Quantities!$R$2)*VLOOKUP($A49,Quantities[],Quantities!$Q$2),VLOOKUP($A49,Quantities[],Quantities!$T$2)*VLOOKUP($A49,Quantities[],Quantities!$S$2)))/SUM(VLOOKUP($A49,Quantities[],Quantities!$O$2),VLOOKUP($A49,Quantities[],Quantities!$Q$2),VLOOKUP($A49,Quantities[],Quantities!$S$2)),\n\nIF(AND(LEFT(D49,2)=\"Sc\",OR(C49=\"a\",C49=\"f\")),\nVLOOKUP(A49,Quantities[],Quantities!$J$2),\n\nIF(AND(B49=\"D\",C49=\"b\", (VLOOKUP(INDEX(Quantities!$A$100:$A$118,MATCH($A49,Quantities!$C$100:$C$118)),Quantities[],Quantities!$O$2)+VLOOKUP(INDEX(Quantities!$A$100:$A$118,MATCH($A49,Quantities!$C$100:$C$118)),Quantities[],Quantities!$Q$2)+VLOOKUP(INDEX(Quantities!$A$100:$A$118,MATCH($A49,Quantities!$C$100:$C$118)),Quantities[],Quantities!$S$2))>0),\n(VLOOKUP(INDEX(Quantities!$A$100:$A$118,MATCH($A49,Quantities!$C$100:$C$118)),Quantities[],Quantities!$P$2)*VLOOKUP(INDEX(Quantities!$A$100:$A$118,MATCH($A49,Quantities!$C$100:$C$118)),Quantities[],Quantities!$O$2)\n+VLOOKUP(INDEX(Quantities!$A$100:$A$118,MATCH($A49,Quantities!$C$100:$C$118)),Quantities[],Quantities!$R$2)*VLOOKUP(INDEX(Quantities!$A$100:$A$118,MATCH($A49,Quantities!$C$100:$C$118)),Quantities[],Quantities!$Q$2)\n+VLOOKUP(INDEX(Quantities!$A$100:$A$118,MATCH($A49,Quantities!$C$100:$C$118)),Quantities[],Quantities!$T$2)*VLOOKUP(INDEX(Quantities!$A$100:$A$118,MATCH($A49,Quantities!$C$100:$C$118)),Quantities[],Quantities!$S$2))/\n(VLOOKUP(INDEX(Quantities!$A$100:$A$118,MATCH($A49,Quantities!$C$100:$C$118)),Quantities[],Quantities!$O$2)+VLOOKUP(INDEX(Quantities!$A$100:$A$118,MATCH($A49,Quantities!$C$100:$C$118)),Quantities[],Quantities!$Q$2)+VLOOKUP(A49,Quantities[],Quantities!$S$2)),\n\nIF(AND(B49=\"D\", (VLOOKUP(A49,Quantities[],Quantities!$O$2)+VLOOKUP(A49,Quantities[],Quantities!$Q$2)+VLOOKUP(A49,Quantities[],Quantities!$S$2))>0),\n(VLOOKUP(A49,Quantities[],Quantities!$P$2)*VLOOKUP(A49,Quantities[],Quantities!$O$2)\n+VLOOKUP(A49,Quantities[],Quantities!$R$2)*VLOOKUP(A49,Quantities[],Quantities!$Q$2)\n+VLOOKUP(A49,Quantities[],Quantities!$T$2)*VLOOKUP(A49,Quantities[],Quantities!$S$2))/\n(VLOOKUP(A49,Quantities[],Quantities!$O$2)+VLOOKUP(A49,Quantities[],Quantities!$Q$2)+VLOOKUP(A49,Quantities[],Quantities!$S$2)),\n\nIF($B49=\"Q\", (SUM(VLOOKUP($A49,Quantities[],Quantities!$P$2)*VLOOKUP($A49,Quantities[],Quantities!$O$2),VLOOKUP($A49,Quantities[],Quantities!$R$2)*VLOOKUP($A49,Quantities[],Quantities!$Q$2),VLOOKUP($A49,Quantities[],Quantities!$T$2)*VLOOKUP($A49,Quantities[],Quantities!$S$2)))/SUM(VLOOKUP($A49,Quantities[],Quantities!$O$2),VLOOKUP($A49,Quantities[],Quantities!$Q$2),VLOOKUP($A49,Quantities[],Quantities!$S$2)),\n\n VLOOKUP(A49,Quantities[],Quantities!$H$2)\n))))))","v":0.01},{"$f":"IF(LEFT(D49,1)=\"U\",\"-\",VLOOKUP(D49,Equipment[],Equipment!$B$2))","v":"Cat 16M "}]
[{"$f":"Quantities!$A$39","v":2200},"A","a","Dz2","2200-A-a-Dz2",{"$f":"IF(D50=\"Comb1\",CONCATENATE(VLOOKUP(B50,'Activity-Material_Codes'!$A$2:$B$26,Quantities!$B$2),\"-\",VLOOKUP(A50,Quantities[],Quantities!$D$2)),\nCONCATENATE(\nVLOOKUP(B50,'Activity-Material_Codes'!$A$2:$B$26,Quantities!$B$2),\nIF(AND(B50=\"B\",C50=\"a\"), \" Scraper Grading\", \"\"),\nIF(C50=\"b\",\"\",\"-\"),\nIF(C50=\"b\",\"\",VLOOKUP(A50,Quantities[],Quantities!$D$2)),\nIF(LEFT(TEXT(A50,\"0\"),1)=\"5\",\"\",\"-\"),\nIF(LEFT(TEXT(A50,\"0\"),1)=\"5\",\"\",VLOOKUP(C50,'Activity-Material_Codes'!$A$30:$B$36,Quantities!$B$2))\n))","v":"Grade-Entire Pit-Existing Ground"},{"$f":"CONCATENATE(\nIF(OR(RIGHT(TEXT($A50,\"0\"),Quantities!$B$2)=\"00\",LEFT(TEXT($A50,\"0\"),1)=\"5\",OR($C50=\"b\",$C50=\"f\")),\"\",VLOOKUP($A50,Quantities[],Quantities!$B$2)),\nIF(LEFT(TEXT($A50,\"0\"),1)=\"5\",\"\",\" \"),\nIF(OR(C50=\"a\",C50=\"c\",C50=\"d\",C50=\"e\"),IF(OR(RIGHT(TEXT($A50,\"0\"),Quantities!$B$2)=\"00\",LEFT(TEXT($A50,\"0\"),1)=\"5\"),VLOOKUP($A50,Quantities[],Quantities!$B$2),\"\"),\nIF(LEFT(TEXT($A50,\"0\"),1)=\"5\",VLOOKUP($A50,Quantities[],Quantities!$B$2),\nVLOOKUP(INDEX(Quantities!$A$100:$A$118,MATCH($A50,Quantities!$C$100:$C$118)),Quantities!$A$100:$B$118,Quantities!$B$2))))","v":" San Salvador Pit, San Salvador Waste Backfill"},{"$f":"IF(LEFT(TEXT(A50,\"0\"),1)=\"5\",\nVLOOKUP(VLOOKUP(A50,Quantities!$A$4:$D$118,Quantities!$C$2),Quantities!$A$4:$D$118,Quantities!$C$2),\nIF(OR(C50=\"a\",C50=\"c\",C50=\"d\",C50=\"e\"),\n\"-\",\nIF(RIGHT(TEXT(A50,\"0\"),2)=\"00\",VLOOKUP(A50,Quantities[],Quantities!$B$2),\nIF(C50=\"f\",VLOOKUP(A50,Quantities[],Quantities!$B$2),\nVLOOKUP(A50,Quantities[],Quantities!$C$2))\n)))","v":"-"},{"$f":"IF(OR(AND(LEFT(D50,2)=\"Sc\",B50=\"A\",C50=\"d\"),AND(C50=\"f\",B50=\"D\")),\nSUM(VLOOKUP($A50,Quantities[],Quantities!$O$2),VLOOKUP($A50,Quantities[],Quantities!$Q$2),VLOOKUP($A50,Quantities[],Quantities!$S$2)),\n\nIF(AND(LEFT(D50,2)=\"Sc\",OR(C50=\"a\",C50=\"f\")),\nVLOOKUP(A50,Quantities[],Quantities!$I$2),\n\nIF(AND(B50=\"D\",C50=\"b\"),\n VLOOKUP(INDEX(Quantities!$A$100:$A$118,MATCH($A50,Quantities!$C$100:$C$118)),Quantities!$A$100:$AJ$118,Quantities!$O$2)+\nVLOOKUP(INDEX(Quantities!$A$100:$A$118,MATCH($A50,Quantities!$C$100:$C$118)),Quantities!$A$100:$AJ$118,Quantities!$Q$2)+\nVLOOKUP(INDEX(Quantities!$A$100:$A$118,MATCH($A50,Quantities!$C$100:$C$118)),Quantities!$A$100:$AJ$118,Quantities!$S$2),\n\nIF(OR(B50=\"D\",B50=\"Q\"),\nSUM(VLOOKUP($A50,Quantities[],Quantities!$O$2),VLOOKUP($A50,Quantities[],Quantities!$Q$2),VLOOKUP($A50,Quantities[],Quantities!$S$2)),\n\n VLOOKUP(A50,Quantities[],Quantities!$G$2)\n))))","v":185},{"$f":"IF(LEFT(D50,2)=\"Mg\", VLOOKUP(A50,Quantities[],Quantities!$H$2),\n\nIF(OR(AND(LEFT(D50,2)=\"Sc\",B50=\"A\",C50=\"d\",C50=\"f\")),\n(SUM(VLOOKUP($A50,Quantities[],Quantities!$P$2)*VLOOKUP($A50,Quantities[],Quantities!$O$2),VLOOKUP($A50,Quantities[],Quantities!$R$2)*VLOOKUP($A50,Quantities[],Quantities!$Q$2),VLOOKUP($A50,Quantities[],Quantities!$T$2)*VLOOKUP($A50,Quantities[],Quantities!$S$2)))/SUM(VLOOKUP($A50,Quantities[],Quantities!$O$2),VLOOKUP($A50,Quantities[],Quantities!$Q$2),VLOOKUP($A50,Quantities[],Quantities!$S$2)),\n\nIF(AND(LEFT(D50,2)=\"Sc\",OR(C50=\"a\",C50=\"f\")),\nVLOOKUP(A50,Quantities[],Quantities!$J$2),\n\nIF(AND(B50=\"D\",C50=\"b\", (VLOOKUP(INDEX(Quantities!$A$100:$A$118,MATCH($A50,Quantities!$C$100:$C$118)),Quantities[],Quantities!$O$2)+VLOOKUP(INDEX(Quantities!$A$100:$A$118,MATCH($A50,Quantities!$C$100:$C$118)),Quantities[],Quantities!$Q$2)+VLOOKUP(INDEX(Quantities!$A$100:$A$118,MATCH($A50,Quantities!$C$100:$C$118)),Quantities[],Quantities!$S$2))>0),\n(VLOOKUP(INDEX(Quantities!$A$100:$A$118,MATCH($A50,Quantities!$C$100:$C$118)),Quantities[],Quantities!$P$2)*VLOOKUP(INDEX(Quantities!$A$100:$A$118,MATCH($A50,Quantities!$C$100:$C$118)),Quantities[],Quantities!$O$2)\n+VLOOKUP(INDEX(Quantities!$A$100:$A$118,MATCH($A50,Quantities!$C$100:$C$118)),Quantities[],Quantities!$R$2)*VLOOKUP(INDEX(Quantities!$A$100:$A$118,MATCH($A50,Quantities!$C$100:$C$118)),Quantities[],Quantities!$Q$2)\n+VLOOKUP(INDEX(Quantities!$A$100:$A$118,MATCH($A50,Quantities!$C$100:$C$118)),Quantities[],Quantities!$T$2)*VLOOKUP(INDEX(Quantities!$A$100:$A$118,MATCH($A50,Quantities!$C$100:$C$118)),Quantities[],Quantities!$S$2))/\n(VLOOKUP(INDEX(Quantities!$A$100:$A$118,MATCH($A50,Quantities!$C$100:$C$118)),Quantities[],Quantities!$O$2)+VLOOKUP(INDEX(Quantities!$A$100:$A$118,MATCH($A50,Quantities!$C$100:$C$118)),Quantities[],Quantities!$Q$2)+VLOOKUP(A50,Quantities[],Quantities!$S$2)),\n\nIF(AND(B50=\"D\", (VLOOKUP(A50,Quantities[],Quantities!$O$2)+VLOOKUP(A50,Quantities[],Quantities!$Q$2)+VLOOKUP(A50,Quantities[],Quantities!$S$2))>0),\n(VLOOKUP(A50,Quantities[],Quantities!$P$2)*VLOOKUP(A50,Quantities[],Quantities!$O$2)\n+VLOOKUP(A50,Quantities[],Quantities!$R$2)*VLOOKUP(A50,Quantities[],Quantities!$Q$2)\n+VLOOKUP(A50,Quantities[],Quantities!$T$2)*VLOOKUP(A50,Quantities[],Quantities!$S$2))/\n(VLOOKUP(A50,Quantities[],Quantities!$O$2)+VLOOKUP(A50,Quantities[],Quantities!$Q$2)+VLOOKUP(A50,Quantities[],Quantities!$S$2)),\n\nIF($B50=\"Q\", (SUM(VLOOKUP($A50,Quantities[],Quantities!$P$2)*VLOOKUP($A50,Quantities[],Quantities!$O$2),VLOOKUP($A50,Quantities[],Quantities!$R$2)*VLOOKUP($A50,Quantities[],Quantities!$Q$2),VLOOKUP($A50,Quantities[],Quantities!$T$2)*VLOOKUP($A50,Quantities[],Quantities!$S$2)))/SUM(VLOOKUP($A50,Quantities[],Quantities!$O$2),VLOOKUP($A50,Quantities[],Quantities!$Q$2),VLOOKUP($A50,Quantities[],Quantities!$S$2)),\n\n VLOOKUP(A50,Quantities[],Quantities!$H$2)\n))))))","v":-0.05},{"$f":"IF(LEFT(D50,1)=\"U\",\"-\",VLOOKUP(D50,Equipment[],Equipment!$B$2))","v":"Cat D11T CD"}]
[{"$f":"Quantities!$A$18","v":1401},"A","a","Mg1","1401-A-a-Mg1",{"$f":"IF(D51=\"Comb1\",CONCATENATE(VLOOKUP(B51,'Activity-Material_Codes'!$A$2:$B$26,Quantities!$B$2),\"-\",VLOOKUP(A51,Quantities[],Quantities!$D$2)),\nCONCATENATE(\nVLOOKUP(B51,'Activity-Material_Codes'!$A$2:$B$26,Quantities!$B$2),\nIF(AND(B51=\"B\",C51=\"a\"), \" Scraper Grading\", \"\"),\nIF(C51=\"b\",\"\",\"-\"),\nIF(C51=\"b\",\"\",VLOOKUP(A51,Quantities[],Quantities!$D$2)),\nIF(LEFT(TEXT(A51,\"0\"),1)=\"5\",\"\",\"-\"),\nIF(LEFT(TEXT(A51,\"0\"),1)=\"5\",\"\",VLOOKUP(C51,'Activity-Material_Codes'!$A$30:$B$36,Quantities!$B$2))\n))","v":"Grade-Top-Existing Ground"},{"$f":"CONCATENATE(\nIF(OR(RIGHT(TEXT($A51,\"0\"),Quantities!$B$2)=\"00\",LEFT(TEXT($A51,\"0\"),1)=\"5\",OR($C51=\"b\",$C51=\"f\")),\"\",VLOOKUP($A51,Quantities[],Quantities!$B$2)),\nIF(LEFT(TEXT($A51,\"0\"),1)=\"5\",\"\",\" \"),\nIF(OR(C51=\"a\",C51=\"c\",C51=\"d\",C51=\"e\"),IF(OR(RIGHT(TEXT($A51,\"0\"),Quantities!$B$2)=\"00\",LEFT(TEXT($A51,\"0\"),1)=\"5\"),VLOOKUP($A51,Quantities[],Quantities!$B$2),\"\"),\nIF(LEFT(TEXT($A51,\"0\"),1)=\"5\",VLOOKUP($A51,Quantities[],Quantities!$B$2),\nVLOOKUP(INDEX(Quantities!$A$100:$A$118,MATCH($A51,Quantities!$C$100:$C$118)),Quantities!$A$100:$B$118,Quantities!$B$2))))","v":"2 Leach (Area 1) "},{"$f":"IF(LEFT(TEXT(A51,\"0\"),1)=\"5\",\nVLOOKUP(VLOOKUP(A51,Quantities!$A$4:$D$118,Quantities!$C$2),Quantities!$A$4:$D$118,Quantities!$C$2),\nIF(OR(C51=\"a\",C51=\"c\",C51=\"d\",C51=\"e\"),\n\"-\",\nIF(RIGHT(TEXT(A51,\"0\"),2)=\"00\",VLOOKUP(A51,Quantities[],Quantities!$B$2),\nIF(C51=\"f\",VLOOKUP(A51,Quantities[],Quantities!$B$2),\nVLOOKUP(A51,Quantities[],Quantities!$C$2))\n)))","v":"-"},{"$f":"IF(OR(AND(LEFT(D51,2)=\"Sc\",B51=\"A\",C51=\"d\"),AND(C51=\"f\",B51=\"D\")),\nSUM(VLOOKUP($A51,Quantities[],Quantities!$O$2),VLOOKUP($A51,Quantities[],Quantities!$Q$2),VLOOKUP($A51,Quantities[],Quantities!$S$2)),\n\nIF(AND(LEFT(D51,2)=\"Sc\",OR(C51=\"a\",C51=\"f\")),\nVLOOKUP(A51,Quantities[],Quantities!$I$2),\n\nIF(AND(B51=\"D\",C51=\"b\"),\n VLOOKUP(INDEX(Quantities!$A$100:$A$118,MATCH($A51,Quantities!$C$100:$C$118)),Quantities!$A$100:$AJ$118,Quantities!$O$2)+\nVLOOKUP(INDEX(Quantities!$A$100:$A$118,MATCH($A51,Quantities!$C$100:$C$118)),Quantities!$A$100:$AJ$118,Quantities!$Q$2)+\nVLOOKUP(INDEX(Quantities!$A$100:$A$118,MATCH($A51,Quantities!$C$100:$C$118)),Quantities!$A$100:$AJ$118,Quantities!$S$2),\n\nIF(OR(B51=\"D\",B51=\"Q\"),\nSUM(VLOOKUP($A51,Quantities[],Quantities!$O$2),VLOOKUP($A51,Quantities[],Quantities!$Q$2),VLOOKUP($A51,Quantities[],Quantities!$S$2)),\n\n VLOOKUP(A51,Quantities[],Quantities!$G$2)\n))))","v":480},{"$f":"IF(LEFT(D51,2)=\"Mg\", VLOOKUP(A51,Quantities[],Quantities!$H$2),\n\nIF(OR(AND(LEFT(D51,2)=\"Sc\",B51=\"A\",C51=\"d\",C51=\"f\")),\n(SUM(VLOOKUP($A51,Quantities[],Quantities!$P$2)*VLOOKUP($A51,Quantities[],Quantities!$O$2),VLOOKUP($A51,Quantities[],Quantities!$R$2)*VLOOKUP($A51,Quantities[],Quantities!$Q$2),VLOOKUP($A51,Quantities[],Quantities!$T$2)*VLOOKUP($A51,Quantities[],Quantities!$S$2)))/SUM(VLOOKUP($A51,Quantities[],Quantities!$O$2),VLOOKUP($A51,Quantities[],Quantities!$Q$2),VLOOKUP($A51,Quantities[],Quantities!$S$2)),\n\nIF(AND(LEFT(D51,2)=\"Sc\",OR(C51=\"a\",C51=\"f\")),\nVLOOKUP(A51,Quantities[],Quantities!$J$2),\n\nIF(AND(B51=\"D\",C51=\"b\", (VLOOKUP(INDEX(Quantities!$A$100:$A$118,MATCH($A51,Quantities!$C$100:$C$118)),Quantities[],Quantities!$O$2)+VLOOKUP(INDEX(Quantities!$A$100:$A$118,MATCH($A51,Quantities!$C$100:$C$118)),Quantities[],Quantities!$Q$2)+VLOOKUP(INDEX(Quantities!$A$100:$A$118,MATCH($A51,Quantities!$C$100:$C$118)),Quantities[],Quantities!$S$2))>0),\n(VLOOKUP(INDEX(Quantities!$A$100:$A$118,MATCH($A51,Quantities!$C$100:$C$118)),Quantities[],Quantities!$P$2)*VLOOKUP(INDEX(Quantities!$A$100:$A$118,MATCH($A51,Quantities!$C$100:$C$118)),Quantities[],Quantities!$O$2)\n+VLOOKUP(INDEX(Quantities!$A$100:$A$118,MATCH($A51,Quantities!$C$100:$C$118)),Quantities[],Quantities!$R$2)*VLOOKUP(INDEX(Quantities!$A$100:$A$118,MATCH($A51,Quantities!$C$100:$C$118)),Quantities[],Quantities!$Q$2)\n+VLOOKUP(INDEX(Quantities!$A$100:$A$118,MATCH($A51,Quantities!$C$100:$C$118)),Quantities[],Quantities!$T$2)*VLOOKUP(INDEX(Quantities!$A$100:$A$118,MATCH($A51,Quantities!$C$100:$C$118)),Quantities[],Quantities!$S$2))/\n(VLOOKUP(INDEX(Quantities!$A$100:$A$118,MATCH($A51,Quantities!$C$100:$C$118)),Quantities[],Quantities!$O$2)+VLOOKUP(INDEX(Quantities!$A$100:$A$118,MATCH($A51,Quantities!$C$100:$C$118)),Quantities[],Quantities!$Q$2)+VLOOKUP(A51,Quantities[],Quantities!$S$2)),\n\nIF(AND(B51=\"D\", (VLOOKUP(A51,Quantities[],Quantities!$O$2)+VLOOKUP(A51,Quantities[],Quantities!$Q$2)+VLOOKUP(A51,Quantities[],Quantities!$S$2))>0),\n(VLOOKUP(A51,Quantities[],Quantities!$P$2)*VLOOKUP(A51,Quantities[],Quantities!$O$2)\n+VLOOKUP(A51,Quantities[],Quantities!$R$2)*VLOOKUP(A51,Quantities[],Quantities!$Q$2)\n+VLOOKUP(A51,Quantities[],Quantities!$T$2)*VLOOKUP(A51,Quantities[],Quantities!$S$2))/\n(VLOOKUP(A51,Quantities[],Quantities!$O$2)+VLOOKUP(A51,Quantities[],Quantities!$Q$2)+VLOOKUP(A51,Quantities[],Quantities!$S$2)),\n\nIF($B51=\"Q\", (SUM(VLOOKUP($A51,Quantities[],Quantities!$P$2)*VLOOKUP($A51,Quantities[],Quantities!$O$2),VLOOKUP($A51,Quantities[],Quantities!$R$2)*VLOOKUP($A51,Quantities[],Quantities!$Q$2),VLOOKUP($A51,Quantities[],Quantities!$T$2)*VLOOKUP($A51,Quantities[],Quantities!$S$2)))/SUM(VLOOKUP($A51,Quantities[],Quantities!$O$2),VLOOKUP($A51,Quantities[],Quantities!$Q$2),VLOOKUP($A51,Quantities[],Quantities!$S$2)),\n\n VLOOKUP(A51,Quantities[],Quantities!$H$2)\n))))))","v":0.01},{"$f":"IF(LEFT(D51,1)=\"U\",\"-\",VLOOKUP(D51,Equipment[],Equipment!$B$2))","v":"Cat 16M "}]
[{"$f":"Quantities!$A$30","v":1801},"A","a","Mg1","1801-A-a-Mg1",{"$f":"IF(D52=\"Comb1\",CONCATENATE(VLOOKUP(B52,'Activity-Material_Codes'!$A$2:$B$26,Quantities!$B$2),\"-\",VLOOKUP(A52,Quantities[],Quantities!$D$2)),\nCONCATENATE(\nVLOOKUP(B52,'Activity-Material_Codes'!$A$2:$B$26,Quantities!$B$2),\nIF(AND(B52=\"B\",C52=\"a\"), \" Scraper Grading\", \"\"),\nIF(C52=\"b\",\"\",\"-\"),\nIF(C52=\"b\",\"\",VLOOKUP(A52,Quantities[],Quantities!$D$2)),\nIF(LEFT(TEXT(A52,\"0\"),1)=\"5\",\"\",\"-\"),\nIF(LEFT(TEXT(A52,\"0\"),1)=\"5\",\"\",VLOOKUP(C52,'Activity-Material_Codes'!$A$30:$B$36,Quantities!$B$2))\n))","v":"Grade-Top-Existing Ground"},{"$f":"CONCATENATE(\nIF(OR(RIGHT(TEXT($A52,\"0\"),Quantities!$B$2)=\"00\",LEFT(TEXT($A52,\"0\"),1)=\"5\",OR($C52=\"b\",$C52=\"f\")),\"\",VLOOKUP($A52,Quantities[],Quantities!$B$2)),\nIF(LEFT(TEXT($A52,\"0\"),1)=\"5\",\"\",\" \"),\nIF(OR(C52=\"a\",C52=\"c\",C52=\"d\",C52=\"e\"),IF(OR(RIGHT(TEXT($A52,\"0\"),Quantities!$B$2)=\"00\",LEFT(TEXT($A52,\"0\"),1)=\"5\"),VLOOKUP($A52,Quantities[],Quantities!$B$2),\"\"),\nIF(LEFT(TEXT($A52,\"0\"),1)=\"5\",VLOOKUP($A52,Quantities[],Quantities!$B$2),\nVLOOKUP(INDEX(Quantities!$A$100:$A$118,MATCH($A52,Quantities!$C$100:$C$118)),Quantities!$A$100:$B$118,Quantities!$B$2))))","v":"2 Leach (Area 2), 7B Leach, 7B Waste, 7C Waste, South Rim Pit "},{"$f":"IF(LEFT(TEXT(A52,\"0\"),1)=\"5\",\nVLOOKUP(VLOOKUP(A52,Quantities!$A$4:$D$118,Quantities!$C$2),Quantities!$A$4:$D$118,Quantities!$C$2),\nIF(OR(C52=\"a\",C52=\"c\",C52=\"d\",C52=\"e\"),\n\"-\",\nIF(RIGHT(TEXT(A52,\"0\"),2)=\"00\",VLOOKUP(A52,Quantities[],Quantities!$B$2),\nIF(C52=\"f\",VLOOKUP(A52,Quantities[],Quantities!$B$2),\nVLOOKUP(A52,Quantities[],Quantities!$C$2))\n)))","v":"-"},{"$f":"IF(OR(AND(LEFT(D52,2)=\"Sc\",B52=\"A\",C52=\"d\"),AND(C52=\"f\",B52=\"D\")),\nSUM(VLOOKUP($A52,Quantities[],Quantities!$O$2),VLOOKUP($A52,Quantities[],Quantities!$Q$2),VLOOKUP($A52,Quantities[],Quantities!$S$2)),\n\nIF(AND(LEFT(D52,2)=\"Sc\",OR(C52=\"a\",C52=\"f\")),\nVLOOKUP(A52,Quantities[],Quantities!$I$2),\n\nIF(AND(B52=\"D\",C52=\"b\"),\n VLOOKUP(INDEX(Quantities!$A$100:$A$118,MATCH($A52,Quantities!$C$100:$C$118)),Quantities!$A$100:$AJ$118,Quantities!$O$2)+\nVLOOKUP(INDEX(Quantities!$A$100:$A$118,MATCH($A52,Quantities!$C$100:$C$118)),Quantities!$A$100:$AJ$118,Quantities!$Q$2)+\nVLOOKUP(INDEX(Quantities!$A$100:$A$118,MATCH($A52,Quantities!$C$100:$C$118)),Quantities!$A$100:$AJ$118,Quantities!$S$2),\n\nIF(OR(B52=\"D\",B52=\"Q\"),\nSUM(VLOOKUP($A52,Quantities[],Quantities!$O$2),VLOOKUP($A52,Quantities[],Quantities!$Q$2),VLOOKUP($A52,Quantities[],Quantities!$S$2)),\n\n VLOOKUP(A52,Quantities[],Quantities!$G$2)\n))))","v":740},{"$f":"IF(LEFT(D52,2)=\"Mg\", VLOOKUP(A52,Quantities[],Quantities!$H$2),\n\nIF(OR(AND(LEFT(D52,2)=\"Sc\",B52=\"A\",C52=\"d\",C52=\"f\")),\n(SUM(VLOOKUP($A52,Quantities[],Quantities!$P$2)*VLOOKUP($A52,Quantities[],Quantities!$O$2),VLOOKUP($A52,Quantities[],Quantities!$R$2)*VLOOKUP($A52,Quantities[],Quantities!$Q$2),VLOOKUP($A52,Quantities[],Quantities!$T$2)*VLOOKUP($A52,Quantities[],Quantities!$S$2)))/SUM(VLOOKUP($A52,Quantities[],Quantities!$O$2),VLOOKUP($A52,Quantities[],Quantities!$Q$2),VLOOKUP($A52,Quantities[],Quantities!$S$2)),\n\nIF(AND(LEFT(D52,2)=\"Sc\",OR(C52=\"a\",C52=\"f\")),\nVLOOKUP(A52,Quantities[],Quantities!$J$2),\n\nIF(AND(B52=\"D\",C52=\"b\", (VLOOKUP(INDEX(Quantities!$A$100:$A$118,MATCH($A52,Quantities!$C$100:$C$118)),Quantities[],Quantities!$O$2)+VLOOKUP(INDEX(Quantities!$A$100:$A$118,MATCH($A52,Quantities!$C$100:$C$118)),Quantities[],Quantities!$Q$2)+VLOOKUP(INDEX(Quantities!$A$100:$A$118,MATCH($A52,Quantities!$C$100:$C$118)),Quantities[],Quantities!$S$2))>0),\n(VLOOKUP(INDEX(Quantities!$A$100:$A$118,MATCH($A52,Quantities!$C$100:$C$118)),Quantities[],Quantities!$P$2)*VLOOKUP(INDEX(Quantities!$A$100:$A$118,MATCH($A52,Quantities!$C$100:$C$118)),Quantities[],Quantities!$O$2)\n+VLOOKUP(INDEX(Quantities!$A$100:$A$118,MATCH($A52,Quantities!$C$100:$C$118)),Quantities[],Quantities!$R$2)*VLOOKUP(INDEX(Quantities!$A$100:$A$118,MATCH($A52,Quantities!$C$100:$C$118)),Quantities[],Quantities!$Q$2)\n+VLOOKUP(INDEX(Quantities!$A$100:$A$118,MATCH($A52,Quantities!$C$100:$C$118)),Quantities[],Quantities!$T$2)*VLOOKUP(INDEX(Quantities!$A$100:$A$118,MATCH($A52,Quantities!$C$100:$C$118)),Quantities[],Quantities!$S$2))/\n(VLOOKUP(INDEX(Quantities!$A$100:$A$118,MATCH($A52,Quantities!$C$100:$C$118)),Quantities[],Quantities!$O$2)+VLOOKUP(INDEX(Quantities!$A$100:$A$118,MATCH($A52,Quantities!$C$100:$C$118)),Quantities[],Quantities!$Q$2)+VLOOKUP(A52,Quantities[],Quantities!$S$2)),\n\nIF(AND(B52=\"D\", (VLOOKUP(A52,Quantities[],Quantities!$O$2)+VLOOKUP(A52,Quantities[],Quantities!$Q$2)+VLOOKUP(A52,Quantities[],Quantities!$S$2))>0),\n(VLOOKUP(A52,Quantities[],Quantities!$P$2)*VLOOKUP(A52,Quantities[],Quantities!$O$2)\n+VLOOKUP(A52,Quantities[],Quantities!$R$2)*VLOOKUP(A52,Quantities[],Quantities!$Q$2)\n+VLOOKUP(A52,Quantities[],Quantities!$T$2)*VLOOKUP(A52,Quantities[],Quantities!$S$2))/\n(VLOOKUP(A52,Quantities[],Quantities!$O$2)+VLOOKUP(A52,Quantities[],Quantities!$Q$2)+VLOOKUP(A52,Quantities[],Quantities!$S$2)),\n\nIF($B52=\"Q\", (SUM(VLOOKUP($A52,Quantities[],Quantities!$P$2)*VLOOKUP($A52,Quantities[],Quantities!$O$2),VLOOKUP($A52,Quantities[],Quantities!$R$2)*VLOOKUP($A52,Quantities[],Quantities!$Q$2),VLOOKUP($A52,Quantities[],Quantities!$T$2)*VLOOKUP($A52,Quantities[],Quantities!$S$2)))/SUM(VLOOKUP($A52,Quantities[],Quantities!$O$2),VLOOKUP($A52,Quantities[],Quantities!$Q$2),VLOOKUP($A52,Quantities[],Quantities!$S$2)),\n\n VLOOKUP(A52,Quantities[],Quantities!$H$2)\n))))))","v":0.01},{"$f":"IF(LEFT(D52,1)=\"U\",\"-\",VLOOKUP(D52,Equipment[],Equipment!$B$2))","v":"Cat 16M "}]
[{"$f":"Quantities!$A$24","v":1601},"A","a","Mg1","1601-A-a-Mg1",{"$f":"IF(D53=\"Comb1\",CONCATENATE(VLOOKUP(B53,'Activity-Material_Codes'!$A$2:$B$26,Quantities!$B$2),\"-\",VLOOKUP(A53,Quantities[],Quantities!$D$2)),\nCONCATENATE(\nVLOOKUP(B53,'Activity-Material_Codes'!$A$2:$B$26,Quantities!$B$2),\nIF(AND(B53=\"B\",C53=\"a\"), \" Scraper Grading\", \"\"),\nIF(C53=\"b\",\"\",\"-\"),\nIF(C53=\"b\",\"\",VLOOKUP(A53,Quantities[],Quantities!$D$2)),\nIF(LEFT(TEXT(A53,\"0\"),1)=\"5\",\"\",\"-\"),\nIF(LEFT(TEXT(A53,\"0\"),1)=\"5\",\"\",VLOOKUP(C53,'Activity-Material_Codes'!$A$30:$B$36,Quantities!$B$2))\n))","v":"Grade-Top-Existing Ground"},{"$f":"CONCATENATE(\nIF(OR(RIGHT(TEXT($A53,\"0\"),Quantities!$B$2)=\"00\",LEFT(TEXT($A53,\"0\"),1)=\"5\",OR($C53=\"b\",$C53=\"f\")),\"\",VLOOKUP($A53,Quantities[],Quantities!$B$2)),\nIF(LEFT(TEXT($A53,\"0\"),1)=\"5\",\"\",\" \"),\nIF(OR(C53=\"a\",C53=\"c\",C53=\"d\",C53=\"e\"),IF(OR(RIGHT(TEXT($A53,\"0\"),Quantities!$B$2)=\"00\",LEFT(TEXT($A53,\"0\"),1)=\"5\"),VLOOKUP($A53,Quantities[],Quantities!$B$2),\"\"),\nIF(LEFT(TEXT($A53,\"0\"),1)=\"5\",VLOOKUP($A53,Quantities[],Quantities!$B$2),\nVLOOKUP(INDEX(Quantities!$A$100:$A$118,MATCH($A53,Quantities!$C$100:$C$118)),Quantities!$A$100:$B$118,Quantities!$B$2))))","v":"6B Leach, 6D Leach "},{"$f":"IF(LEFT(TEXT(A53,\"0\"),1)=\"5\",\nVLOOKUP(VLOOKUP(A53,Quantities!$A$4:$D$118,Quantities!$C$2),Quantities!$A$4:$D$118,Quantities!$C$2),\nIF(OR(C53=\"a\",C53=\"c\",C53=\"d\",C53=\"e\"),\n\"-\",\nIF(RIGHT(TEXT(A53,\"0\"),2)=\"00\",VLOOKUP(A53,Quantities[],Quantities!$B$2),\nIF(C53=\"f\",VLOOKUP(A53,Quantities[],Quantities!$B$2),\nVLOOKUP(A53,Quantities[],Quantities!$C$2))\n)))","v":"-"},{"$f":"IF(OR(AND(LEFT(D53,2)=\"Sc\",B53=\"A\",C53=\"d\"),AND(C53=\"f\",B53=\"D\")),\nSUM(VLOOKUP($A53,Quantities[],Quantities!$O$2),VLOOKUP($A53,Quantities[],Quantities!$Q$2),VLOOKUP($A53,Quantities[],Quantities!$S$2)),\n\nIF(AND(LEFT(D53,2)=\"Sc\",OR(C53=\"a\",C53=\"f\")),\nVLOOKUP(A53,Quantities[],Quantities!$I$2),\n\nIF(AND(B53=\"D\",C53=\"b\"),\n VLOOKUP(INDEX(Quantities!$A$100:$A$118,MATCH($A53,Quantities!$C$100:$C$118)),Quantities!$A$100:$AJ$118,Quantities!$O$2)+\nVLOOKUP(INDEX(Quantities!$A$100:$A$118,MATCH($A53,Quantities!$C$100:$C$118)),Quantities!$A$100:$AJ$118,Quantities!$Q$2)+\nVLOOKUP(INDEX(Quantities!$A$100:$A$118,MATCH($A53,Quantities!$C$100:$C$118)),Quantities!$A$100:$AJ$118,Quantities!$S$2),\n\nIF(OR(B53=\"D\",B53=\"Q\"),\nSUM(VLOOKUP($A53,Quantities[],Quantities!$O$2),VLOOKUP($A53,Quantities[],Quantities!$Q$2),VLOOKUP($A53,Quantities[],Quantities!$S$2)),\n\n VLOOKUP(A53,Quantities[],Quantities!$G$2)\n))))","v":350},{"$f":"IF(LEFT(D53,2)=\"Mg\", VLOOKUP(A53,Quantities[],Quantities!$H$2),\n\nIF(OR(AND(LEFT(D53,2)=\"Sc\",B53=\"A\",C53=\"d\",C53=\"f\")),\n(SUM(VLOOKUP($A53,Quantities[],Quantities!$P$2)*VLOOKUP($A53,Quantities[],Quantities!$O$2),VLOOKUP($A53,Quantities[],Quantities!$R$2)*VLOOKUP($A53,Quantities[],Quantities!$Q$2),VLOOKUP($A53,Quantities[],Quantities!$T$2)*VLOOKUP($A53,Quantities[],Quantities!$S$2)))/SUM(VLOOKUP($A53,Quantities[],Quantities!$O$2),VLOOKUP($A53,Quantities[],Quantities!$Q$2),VLOOKUP($A53,Quantities[],Quantities!$S$2)),\n\nIF(AND(LEFT(D53,2)=\"Sc\",OR(C53=\"a\",C53=\"f\")),\nVLOOKUP(A53,Quantities[],Quantities!$J$2),\n\nIF(AND(B53=\"D\",C53=\"b\", (VLOOKUP(INDEX(Quantities!$A$100:$A$118,MATCH($A53,Quantities!$C$100:$C$118)),Quantities[],Quantities!$O$2)+VLOOKUP(INDEX(Quantities!$A$100:$A$118,MATCH($A53,Quantities!$C$100:$C$118)),Quantities[],Quantities!$Q$2)+VLOOKUP(INDEX(Quantities!$A$100:$A$118,MATCH($A53,Quantities!$C$100:$C$118)),Quantities[],Quantities!$S$2))>0),\n(VLOOKUP(INDEX(Quantities!$A$100:$A$118,MATCH($A53,Quantities!$C$100:$C$118)),Quantities[],Quantities!$P$2)*VLOOKUP(INDEX(Quantities!$A$100:$A$118,MATCH($A53,Quantities!$C$100:$C$118)),Quantities[],Quantities!$O$2)\n+VLOOKUP(INDEX(Quantities!$A$100:$A$118,MATCH($A53,Quantities!$C$100:$C$118)),Quantities[],Quantities!$R$2)*VLOOKUP(INDEX(Quantities!$A$100:$A$118,MATCH($A53,Quantities!$C$100:$C$118)),Quantities[],Quantities!$Q$2)\n+VLOOKUP(INDEX(Quantities!$A$100:$A$118,MATCH($A53,Quantities!$C$100:$C$118)),Quantities[],Quantities!$T$2)*VLOOKUP(INDEX(Quantities!$A$100:$A$118,MATCH($A53,Quantities!$C$100:$C$118)),Quantities[],Quantities!$S$2))/\n(VLOOKUP(INDEX(Quantities!$A$100:$A$118,MATCH($A53,Quantities!$C$100:$C$118)),Quantities[],Quantities!$O$2)+VLOOKUP(INDEX(Quantities!$A$100:$A$118,MATCH($A53,Quantities!$C$100:$C$118)),Quantities[],Quantities!$Q$2)+VLOOKUP(A53,Quantities[],Quantities!$S$2)),\n\nIF(AND(B53=\"D\", (VLOOKUP(A53,Quantities[],Quantities!$O$2)+VLOOKUP(A53,Quantities[],Quantities!$Q$2)+VLOOKUP(A53,Quantities[],Quantities!$S$2))>0),\n(VLOOKUP(A53,Quantities[],Quantities!$P$2)*VLOOKUP(A53,Quantities[],Quantities!$O$2)\n+VLOOKUP(A53,Quantities[],Quantities!$R$2)*VLOOKUP(A53,Quantities[],Quantities!$Q$2)\n+VLOOKUP(A53,Quantities[],Quantities!$T$2)*VLOOKUP(A53,Quantities[],Quantities!$S$2))/\n(VLOOKUP(A53,Quantities[],Quantities!$O$2)+VLOOKUP(A53,Quantities[],Quantities!$Q$2)+VLOOKUP(A53,Quantities[],Quantities!$S$2)),\n\nIF($B53=\"Q\", (SUM(VLOOKUP($A53,Quantities[],Quantities!$P$2)*VLOOKUP($A53,Quantities[],Quantities!$O$2),VLOOKUP($A53,Quantities[],Quantities!$R$2)*VLOOKUP($A53,Quantities[],Quantities!$Q$2),VLOOKUP($A53,Quantities[],Quantities!$T$2)*VLOOKUP($A53,Quantities[],Quantities!$S$2)))/SUM(VLOOKUP($A53,Quantities[],Quantities!$O$2),VLOOKUP($A53,Quantities[],Quantities!$Q$2),VLOOKUP($A53,Quantities[],Quantities!$S$2)),\n\n VLOOKUP(A53,Quantities[],Quantities!$H$2)\n))))))","v":0.01},{"$f":"IF(LEFT(D53,1)=\"U\",\"-\",VLOOKUP(D53,Equipment[],Equipment!$B$2))","v":"Cat 16M "}]
[{"$f":"Quantities!$A$27","v":1701},"A","a","Mg1","1701-A-a-Mg1",{"$f":"IF(D54=\"Comb1\",CONCATENATE(VLOOKUP(B54,'Activity-Material_Codes'!$A$2:$B$26,Quantities!$B$2),\"-\",VLOOKUP(A54,Quantities[],Quantities!$D$2)),\nCONCATENATE(\nVLOOKUP(B54,'Activity-Material_Codes'!$A$2:$B$26,Quantities!$B$2),\nIF(AND(B54=\"B\",C54=\"a\"), \" Scraper Grading\", \"\"),\nIF(C54=\"b\",\"\",\"-\"),\nIF(C54=\"b\",\"\",VLOOKUP(A54,Quantities[],Quantities!$D$2)),\nIF(LEFT(TEXT(A54,\"0\"),1)=\"5\",\"\",\"-\"),\nIF(LEFT(TEXT(A54,\"0\"),1)=\"5\",\"\",VLOOKUP(C54,'Activity-Material_Codes'!$A$30:$B$36,Quantities!$B$2))\n))","v":"Grade-Top-Existing Ground"},{"$f":"CONCATENATE(\nIF(OR(RIGHT(TEXT($A54,\"0\"),Quantities!$B$2)=\"00\",LEFT(TEXT($A54,\"0\"),1)=\"5\",OR($C54=\"b\",$C54=\"f\")),\"\",VLOOKUP($A54,Quantities[],Quantities!$B$2)),\nIF(LEFT(TEXT($A54,\"0\"),1)=\"5\",\"\",\" \"),\nIF(OR(C54=\"a\",C54=\"c\",C54=\"d\",C54=\"e\"),IF(OR(RIGHT(TEXT($A54,\"0\"),Quantities!$B$2)=\"00\",LEFT(TEXT($A54,\"0\"),1)=\"5\"),VLOOKUP($A54,Quantities[],Quantities!$B$2),\"\"),\nIF(LEFT(TEXT($A54,\"0\"),1)=\"5\",VLOOKUP($A54,Quantities[],Quantities!$B$2),\nVLOOKUP(INDEX(Quantities!$A$100:$A$118,MATCH($A54,Quantities!$C$100:$C$118)),Quantities!$A$100:$B$118,Quantities!$B$2))))","v":"6C Leach "},{"$f":"IF(LEFT(TEXT(A54,\"0\"),1)=\"5\",\nVLOOKUP(VLOOKUP(A54,Quantities!$A$4:$D$118,Quantities!$C$2),Quantities!$A$4:$D$118,Quantities!$C$2),\nIF(OR(C54=\"a\",C54=\"c\",C54=\"d\",C54=\"e\"),\n\"-\",\nIF(RIGHT(TEXT(A54,\"0\"),2)=\"00\",VLOOKUP(A54,Quantities[],Quantities!$B$2),\nIF(C54=\"f\",VLOOKUP(A54,Quantities[],Quantities!$B$2),\nVLOOKUP(A54,Quantities[],Quantities!$C$2))\n)))","v":"-"},{"$f":"IF(OR(AND(LEFT(D54,2)=\"Sc\",B54=\"A\",C54=\"d\"),AND(C54=\"f\",B54=\"D\")),\nSUM(VLOOKUP($A54,Quantities[],Quantities!$O$2),VLOOKUP($A54,Quantities[],Quantities!$Q$2),VLOOKUP($A54,Quantities[],Quantities!$S$2)),\n\nIF(AND(LEFT(D54,2)=\"Sc\",OR(C54=\"a\",C54=\"f\")),\nVLOOKUP(A54,Quantities[],Quantities!$I$2),\n\nIF(AND(B54=\"D\",C54=\"b\"),\n VLOOKUP(INDEX(Quantities!$A$100:$A$118,MATCH($A54,Quantities!$C$100:$C$118)),Quantities!$A$100:$AJ$118,Quantities!$O$2)+\nVLOOKUP(INDEX(Quantities!$A$100:$A$118,MATCH($A54,Quantities!$C$100:$C$118)),Quantities!$A$100:$AJ$118,Quantities!$Q$2)+\nVLOOKUP(INDEX(Quantities!$A$100:$A$118,MATCH($A54,Quantities!$C$100:$C$118)),Quantities!$A$100:$AJ$118,Quantities!$S$2),\n\nIF(OR(B54=\"D\",B54=\"Q\"),\nSUM(VLOOKUP($A54,Quantities[],Quantities!$O$2),VLOOKUP($A54,Quantities[],Quantities!$Q$2),VLOOKUP($A54,Quantities[],Quantities!$S$2)),\n\n VLOOKUP(A54,Quantities[],Quantities!$G$2)\n))))","v":180},{"$f":"IF(LEFT(D54,2)=\"Mg\", VLOOKUP(A54,Quantities[],Quantities!$H$2),\n\nIF(OR(AND(LEFT(D54,2)=\"Sc\",B54=\"A\",C54=\"d\",C54=\"f\")),\n(SUM(VLOOKUP($A54,Quantities[],Quantities!$P$2)*VLOOKUP($A54,Quantities[],Quantities!$O$2),VLOOKUP($A54,Quantities[],Quantities!$R$2)*VLOOKUP($A54,Quantities[],Quantities!$Q$2),VLOOKUP($A54,Quantities[],Quantities!$T$2)*VLOOKUP($A54,Quantities[],Quantities!$S$2)))/SUM(VLOOKUP($A54,Quantities[],Quantities!$O$2),VLOOKUP($A54,Quantities[],Quantities!$Q$2),VLOOKUP($A54,Quantities[],Quantities!$S$2)),\n\nIF(AND(LEFT(D54,2)=\"Sc\",OR(C54=\"a\",C54=\"f\")),\nVLOOKUP(A54,Quantities[],Quantities!$J$2),\n\nIF(AND(B54=\"D\",C54=\"b\", (VLOOKUP(INDEX(Quantities!$A$100:$A$118,MATCH($A54,Quantities!$C$100:$C$118)),Quantities[],Quantities!$O$2)+VLOOKUP(INDEX(Quantities!$A$100:$A$118,MATCH($A54,Quantities!$C$100:$C$118)),Quantities[],Quantities!$Q$2)+VLOOKUP(INDEX(Quantities!$A$100:$A$118,MATCH($A54,Quantities!$C$100:$C$118)),Quantities[],Quantities!$S$2))>0),\n(VLOOKUP(INDEX(Quantities!$A$100:$A$118,MATCH($A54,Quantities!$C$100:$C$118)),Quantities[],Quantities!$P$2)*VLOOKUP(INDEX(Quantities!$A$100:$A$118,MATCH($A54,Quantities!$C$100:$C$118)),Quantities[],Quantities!$O$2)\n+VLOOKUP(INDEX(Quantities!$A$100:$A$118,MATCH($A54,Quantities!$C$100:$C$118)),Quantities[],Quantities!$R$2)*VLOOKUP(INDEX(Quantities!$A$100:$A$118,MATCH($A54,Quantities!$C$100:$C$118)),Quantities[],Quantities!$Q$2)\n+VLOOKUP(INDEX(Quantities!$A$100:$A$118,MATCH($A54,Quantities!$C$100:$C$118)),Quantities[],Quantities!$T$2)*VLOOKUP(INDEX(Quantities!$A$100:$A$118,MATCH($A54,Quantities!$C$100:$C$118)),Quantities[],Quantities!$S$2))/\n(VLOOKUP(INDEX(Quantities!$A$100:$A$118,MATCH($A54,Quantities!$C$100:$C$118)),Quantities[],Quantities!$O$2)+VLOOKUP(INDEX(Quantities!$A$100:$A$118,MATCH($A54,Quantities!$C$100:$C$118)),Quantities[],Quantities!$Q$2)+VLOOKUP(A54,Quantities[],Quantities!$S$2)),\n\nIF(AND(B54=\"D\", (VLOOKUP(A54,Quantities[],Quantities!$O$2)+VLOOKUP(A54,Quantities[],Quantities!$Q$2)+VLOOKUP(A54,Quantities[],Quantities!$S$2))>0),\n(VLOOKUP(A54,Quantities[],Quantities!$P$2)*VLOOKUP(A54,Quantities[],Quantities!$O$2)\n+VLOOKUP(A54,Quantities[],Quantities!$R$2)*VLOOKUP(A54,Quantities[],Quantities!$Q$2)\n+VLOOKUP(A54,Quantities[],Quantities!$T$2)*VLOOKUP(A54,Quantities[],Quantities!$S$2))/\n(VLOOKUP(A54,Quantities[],Quantities!$O$2)+VLOOKUP(A54,Quantities[],Quantities!$Q$2)+VLOOKUP(A54,Quantities[],Quantities!$S$2)),\n\nIF($B54=\"Q\", (SUM(VLOOKUP($A54,Quantities[],Quantities!$P$2)*VLOOKUP($A54,Quantities[],Quantities!$O$2),VLOOKUP($A54,Quantities[],Quantities!$R$2)*VLOOKUP($A54,Quantities[],Quantities!$Q$2),VLOOKUP($A54,Quantities[],Quantities!$T$2)*VLOOKUP($A54,Quantities[],Quantities!$S$2)))/SUM(VLOOKUP($A54,Quantities[],Quantities!$O$2),VLOOKUP($A54,Quantities[],Quantities!$Q$2),VLOOKUP($A54,Quantities[],Quantities!$S$2)),\n\n VLOOKUP(A54,Quantities[],Quantities!$H$2)\n))))))","v":0.01},{"$f":"IF(LEFT(D54,1)=\"U\",\"-\",VLOOKUP(D54,Equipment[],Equipment!$B$2))","v":"Cat 16M "}]
[{"$f":"Quantities!$A$42","v":2301},"A","a","Mg1","2301-A-a-Mg1",{"$f":"IF(D55=\"Comb1\",CONCATENATE(VLOOKUP(B55,'Activity-Material_Codes'!$A$2:$B$26,Quantities!$B$2),\"-\",VLOOKUP(A55,Quantities[],Quantities!$D$2)),\nCONCATENATE(\nVLOOKUP(B55,'Activity-Material_Codes'!$A$2:$B$26,Quantities!$B$2),\nIF(AND(B55=\"B\",C55=\"a\"), \" Scraper Grading\", \"\"),\nIF(C55=\"b\",\"\",\"-\"),\nIF(C55=\"b\",\"\",VLOOKUP(A55,Quantities[],Quantities!$D$2)),\nIF(LEFT(TEXT(A55,\"0\"),1)=\"5\",\"\",\"-\"),\nIF(LEFT(TEXT(A55,\"0\"),1)=\"5\",\"\",VLOOKUP(C55,'Activity-Material_Codes'!$A$30:$B$36,Quantities!$B$2))\n))","v":"Grade-Top-Existing Ground"},{"$f":"CONCATENATE(\nIF(OR(RIGHT(TEXT($A55,\"0\"),Quantities!$B$2)=\"00\",LEFT(TEXT($A55,\"0\"),1)=\"5\",OR($C55=\"b\",$C55=\"f\")),\"\",VLOOKUP($A55,Quantities[],Quantities!$B$2)),\nIF(LEFT(TEXT($A55,\"0\"),1)=\"5\",\"\",\" \"),\nIF(OR(C55=\"a\",C55=\"c\",C55=\"d\",C55=\"e\"),IF(OR(RIGHT(TEXT($A55,\"0\"),Quantities!$B$2)=\"00\",LEFT(TEXT($A55,\"0\"),1)=\"5\"),VLOOKUP($A55,Quantities[],Quantities!$B$2),\"\"),\nIF(LEFT(TEXT($A55,\"0\"),1)=\"5\",VLOOKUP($A55,Quantities[],Quantities!$B$2),\nVLOOKUP(INDEX(Quantities!$A$100:$A$118,MATCH($A55,Quantities!$C$100:$C$118)),Quantities!$A$100:$B$118,Quantities!$B$2))))","v":"6A Leach "},{"$f":"IF(LEFT(TEXT(A55,\"0\"),1)=\"5\",\nVLOOKUP(VLOOKUP(A55,Quantities!$A$4:$D$118,Quantities!$C$2),Quantities!$A$4:$D$118,Quantities!$C$2),\nIF(OR(C55=\"a\",C55=\"c\",C55=\"d\",C55=\"e\"),\n\"-\",\nIF(RIGHT(TEXT(A55,\"0\"),2)=\"00\",VLOOKUP(A55,Quantities[],Quantities!$B$2),\nIF(C55=\"f\",VLOOKUP(A55,Quantities[],Quantities!$B$2),\nVLOOKUP(A55,Quantities[],Quantities!$C$2))\n)))","v":"-"},{"$f":"IF(OR(AND(LEFT(D55,2)=\"Sc\",B55=\"A\",C55=\"d\"),AND(C55=\"f\",B55=\"D\")),\nSUM(VLOOKUP($A55,Quantities[],Quantities!$O$2),VLOOKUP($A55,Quantities[],Quantities!$Q$2),VLOOKUP($A55,Quantities[],Quantities!$S$2)),\n\nIF(AND(LEFT(D55,2)=\"Sc\",OR(C55=\"a\",C55=\"f\")),\nVLOOKUP(A55,Quantities[],Quantities!$I$2),\n\nIF(AND(B55=\"D\",C55=\"b\"),\n VLOOKUP(INDEX(Quantities!$A$100:$A$118,MATCH($A55,Quantities!$C$100:$C$118)),Quantities!$A$100:$AJ$118,Quantities!$O$2)+\nVLOOKUP(INDEX(Quantities!$A$100:$A$118,MATCH($A55,Quantities!$C$100:$C$118)),Quantities!$A$100:$AJ$118,Quantities!$Q$2)+\nVLOOKUP(INDEX(Quantities!$A$100:$A$118,MATCH($A55,Quantities!$C$100:$C$118)),Quantities!$A$100:$AJ$118,Quantities!$S$2),\n\nIF(OR(B55=\"D\",B55=\"Q\"),\nSUM(VLOOKUP($A55,Quantities[],Quantities!$O$2),VLOOKUP($A55,Quantities[],Quantities!$Q$2),VLOOKUP($A55,Quantities[],Quantities!$S$2)),\n\n VLOOKUP(A55,Quantities[],Quantities!$G$2)\n))))","v":500},{"$f":"IF(LEFT(D55,2)=\"Mg\", VLOOKUP(A55,Quantities[],Quantities!$H$2),\n\nIF(OR(AND(LEFT(D55,2)=\"Sc\",B55=\"A\",C55=\"d\",C55=\"f\")),\n(SUM(VLOOKUP($A55,Quantities[],Quantities!$P$2)*VLOOKUP($A55,Quantities[],Quantities!$O$2),VLOOKUP($A55,Quantities[],Quantities!$R$2)*VLOOKUP($A55,Quantities[],Quantities!$Q$2),VLOOKUP($A55,Quantities[],Quantities!$T$2)*VLOOKUP($A55,Quantities[],Quantities!$S$2)))/SUM(VLOOKUP($A55,Quantities[],Quantities!$O$2),VLOOKUP($A55,Quantities[],Quantities!$Q$2),VLOOKUP($A55,Quantities[],Quantities!$S$2)),\n\nIF(AND(LEFT(D55,2)=\"Sc\",OR(C55=\"a\",C55=\"f\")),\nVLOOKUP(A55,Quantities[],Quantities!$J$2),\n\nIF(AND(B55=\"D\",C55=\"b\", (VLOOKUP(INDEX(Quantities!$A$100:$A$118,MATCH($A55,Quantities!$C$100:$C$118)),Quantities[],Quantities!$O$2)+VLOOKUP(INDEX(Quantities!$A$100:$A$118,MATCH($A55,Quantities!$C$100:$C$118)),Quantities[],Quantities!$Q$2)+VLOOKUP(INDEX(Quantities!$A$100:$A$118,MATCH($A55,Quantities!$C$100:$C$118)),Quantities[],Quantities!$S$2))>0),\n(VLOOKUP(INDEX(Quantities!$A$100:$A$118,MATCH($A55,Quantities!$C$100:$C$118)),Quantities[],Quantities!$P$2)*VLOOKUP(INDEX(Quantities!$A$100:$A$118,MATCH($A55,Quantities!$C$100:$C$118)),Quantities[],Quantities!$O$2)\n+VLOOKUP(INDEX(Quantities!$A$100:$A$118,MATCH($A55,Quantities!$C$100:$C$118)),Quantities[],Quantities!$R$2)*VLOOKUP(INDEX(Quantities!$A$100:$A$118,MATCH($A55,Quantities!$C$100:$C$118)),Quantities[],Quantities!$Q$2)\n+VLOOKUP(INDEX(Quantities!$A$100:$A$118,MATCH($A55,Quantities!$C$100:$C$118)),Quantities[],Quantities!$T$2)*VLOOKUP(INDEX(Quantities!$A$100:$A$118,MATCH($A55,Quantities!$C$100:$C$118)),Quantities[],Quantities!$S$2))/\n(VLOOKUP(INDEX(Quantities!$A$100:$A$118,MATCH($A55,Quantities!$C$100:$C$118)),Quantities[],Quantities!$O$2)+VLOOKUP(INDEX(Quantities!$A$100:$A$118,MATCH($A55,Quantities!$C$100:$C$118)),Quantities[],Quantities!$Q$2)+VLOOKUP(A55,Quantities[],Quantities!$S$2)),\n\nIF(AND(B55=\"D\", (VLOOKUP(A55,Quantities[],Quantities!$O$2)+VLOOKUP(A55,Quantities[],Quantities!$Q$2)+VLOOKUP(A55,Quantities[],Quantities!$S$2))>0),\n(VLOOKUP(A55,Quantities[],Quantities!$P$2)*VLOOKUP(A55,Quantities[],Quantities!$O$2)\n+VLOOKUP(A55,Quantities[],Quantities!$R$2)*VLOOKUP(A55,Quantities[],Quantities!$Q$2)\n+VLOOKUP(A55,Quantities[],Quantities!$T$2)*VLOOKUP(A55,Quantities[],Quantities!$S$2))/\n(VLOOKUP(A55,Quantities[],Quantities!$O$2)+VLOOKUP(A55,Quantities[],Quantities!$Q$2)+VLOOKUP(A55,Quantities[],Quantities!$S$2)),\n\nIF($B55=\"Q\", (SUM(VLOOKUP($A55,Quantities[],Quantities!$P$2)*VLOOKUP($A55,Quantities[],Quantities!$O$2),VLOOKUP($A55,Quantities[],Quantities!$R$2)*VLOOKUP($A55,Quantities[],Quantities!$Q$2),VLOOKUP($A55,Quantities[],Quantities!$T$2)*VLOOKUP($A55,Quantities[],Quantities!$S$2)))/SUM(VLOOKUP($A55,Quantities[],Quantities!$O$2),VLOOKUP($A55,Quantities[],Quantities!$Q$2),VLOOKUP($A55,Quantities[],Quantities!$S$2)),\n\n VLOOKUP(A55,Quantities[],Quantities!$H$2)\n))))))","v":0.01},{"$f":"IF(LEFT(D55,1)=\"U\",\"-\",VLOOKUP(D55,Equipment[],Equipment!$B$2))","v":"Cat 16M "}]
[{"$f":"Quantities!$A$34","v":2001},"A","a","Mg1","2001-A-a-Mg1",{"$f":"IF(D56=\"Comb1\",CONCATENATE(VLOOKUP(B56,'Activity-Material_Codes'!$A$2:$B$26,Quantities!$B$2),\"-\",VLOOKUP(A56,Quantities[],Quantities!$D$2)),\nCONCATENATE(\nVLOOKUP(B56,'Activity-Material_Codes'!$A$2:$B$26,Quantities!$B$2),\nIF(AND(B56=\"B\",C56=\"a\"), \" Scraper Grading\", \"\"),\nIF(C56=\"b\",\"\",\"-\"),\nIF(C56=\"b\",\"\",VLOOKUP(A56,Quantities[],Quantities!$D$2)),\nIF(LEFT(TEXT(A56,\"0\"),1)=\"5\",\"\",\"-\"),\nIF(LEFT(TEXT(A56,\"0\"),1)=\"5\",\"\",VLOOKUP(C56,'Activity-Material_Codes'!$A$30:$B$36,Quantities!$B$2))\n))","v":"Grade-Top-Existing Ground"},{"$f":"CONCATENATE(\nIF(OR(RIGHT(TEXT($A56,\"0\"),Quantities!$B$2)=\"00\",LEFT(TEXT($A56,\"0\"),1)=\"5\",OR($C56=\"b\",$C56=\"f\")),\"\",VLOOKUP($A56,Quantities[],Quantities!$B$2)),\nIF(LEFT(TEXT($A56,\"0\"),1)=\"5\",\"\",\" \"),\nIF(OR(C56=\"a\",C56=\"c\",C56=\"d\",C56=\"e\"),IF(OR(RIGHT(TEXT($A56,\"0\"),Quantities!$B$2)=\"00\",LEFT(TEXT($A56,\"0\"),1)=\"5\"),VLOOKUP($A56,Quantities[],Quantities!$B$2),\"\"),\nIF(LEFT(TEXT($A56,\"0\"),1)=\"5\",VLOOKUP($A56,Quantities[],Quantities!$B$2),\nVLOOKUP(INDEX(Quantities!$A$100:$A$118,MATCH($A56,Quantities!$C$100:$C$118)),Quantities!$A$100:$B$118,Quantities!$B$2))))","v":"9A Waste  "},{"$f":"IF(LEFT(TEXT(A56,\"0\"),1)=\"5\",\nVLOOKUP(VLOOKUP(A56,Quantities!$A$4:$D$118,Quantities!$C$2),Quantities!$A$4:$D$118,Quantities!$C$2),\nIF(OR(C56=\"a\",C56=\"c\",C56=\"d\",C56=\"e\"),\n\"-\",\nIF(RIGHT(TEXT(A56,\"0\"),2)=\"00\",VLOOKUP(A56,Quantities[],Quantities!$B$2),\nIF(C56=\"f\",VLOOKUP(A56,Quantities[],Quantities!$B$2),\nVLOOKUP(A56,Quantities[],Quantities!$C$2))\n)))","v":"-"},{"$f":"IF(OR(AND(LEFT(D56,2)=\"Sc\",B56=\"A\",C56=\"d\"),AND(C56=\"f\",B56=\"D\")),\nSUM(VLOOKUP($A56,Quantities[],Quantities!$O$2),VLOOKUP($A56,Quantities[],Quantities!$Q$2),VLOOKUP($A56,Quantities[],Quantities!$S$2)),\n\nIF(AND(LEFT(D56,2)=\"Sc\",OR(C56=\"a\",C56=\"f\")),\nVLOOKUP(A56,Quantities[],Quantities!$I$2),\n\nIF(AND(B56=\"D\",C56=\"b\"),\n VLOOKUP(INDEX(Quantities!$A$100:$A$118,MATCH($A56,Quantities!$C$100:$C$118)),Quantities!$A$100:$AJ$118,Quantities!$O$2)+\nVLOOKUP(INDEX(Quantities!$A$100:$A$118,MATCH($A56,Quantities!$C$100:$C$118)),Quantities!$A$100:$AJ$118,Quantities!$Q$2)+\nVLOOKUP(INDEX(Quantities!$A$100:$A$118,MATCH($A56,Quantities!$C$100:$C$118)),Quantities!$A$100:$AJ$118,Quantities!$S$2),\n\nIF(OR(B56=\"D\",B56=\"Q\"),\nSUM(VLOOKUP($A56,Quantities[],Quantities!$O$2),VLOOKUP($A56,Quantities[],Quantities!$Q$2),VLOOKUP($A56,Quantities[],Quantities!$S$2)),\n\n VLOOKUP(A56,Quantities[],Quantities!$G$2)\n))))","v":285},{"$f":"IF(LEFT(D56,2)=\"Mg\", VLOOKUP(A56,Quantities[],Quantities!$H$2),\n\nIF(OR(AND(LEFT(D56,2)=\"Sc\",B56=\"A\",C56=\"d\",C56=\"f\")),\n(SUM(VLOOKUP($A56,Quantities[],Quantities!$P$2)*VLOOKUP($A56,Quantities[],Quantities!$O$2),VLOOKUP($A56,Quantities[],Quantities!$R$2)*VLOOKUP($A56,Quantities[],Quantities!$Q$2),VLOOKUP($A56,Quantities[],Quantities!$T$2)*VLOOKUP($A56,Quantities[],Quantities!$S$2)))/SUM(VLOOKUP($A56,Quantities[],Quantities!$O$2),VLOOKUP($A56,Quantities[],Quantities!$Q$2),VLOOKUP($A56,Quantities[],Quantities!$S$2)),\n\nIF(AND(LEFT(D56,2)=\"Sc\",OR(C56=\"a\",C56=\"f\")),\nVLOOKUP(A56,Quantities[],Quantities!$J$2),\n\nIF(AND(B56=\"D\",C56=\"b\", (VLOOKUP(INDEX(Quantities!$A$100:$A$118,MATCH($A56,Quantities!$C$100:$C$118)),Quantities[],Quantities!$O$2)+VLOOKUP(INDEX(Quantities!$A$100:$A$118,MATCH($A56,Quantities!$C$100:$C$118)),Quantities[],Quantities!$Q$2)+VLOOKUP(INDEX(Quantities!$A$100:$A$118,MATCH($A56,Quantities!$C$100:$C$118)),Quantities[],Quantities!$S$2))>0),\n(VLOOKUP(INDEX(Quantities!$A$100:$A$118,MATCH($A56,Quantities!$C$100:$C$118)),Quantities[],Quantities!$P$2)*VLOOKUP(INDEX(Quantities!$A$100:$A$118,MATCH($A56,Quantities!$C$100:$C$118)),Quantities[],Quantities!$O$2)\n+VLOOKUP(INDEX(Quantities!$A$100:$A$118,MATCH($A56,Quantities!$C$100:$C$118)),Quantities[],Quantities!$R$2)*VLOOKUP(INDEX(Quantities!$A$100:$A$118,MATCH($A56,Quantities!$C$100:$C$118)),Quantities[],Quantities!$Q$2)\n+VLOOKUP(INDEX(Quantities!$A$100:$A$118,MATCH($A56,Quantities!$C$100:$C$118)),Quantities[],Quantities!$T$2)*VLOOKUP(INDEX(Quantities!$A$100:$A$118,MATCH($A56,Quantities!$C$100:$C$118)),Quantities[],Quantities!$S$2))/\n(VLOOKUP(INDEX(Quantities!$A$100:$A$118,MATCH($A56,Quantities!$C$100:$C$118)),Quantities[],Quantities!$O$2)+VLOOKUP(INDEX(Quantities!$A$100:$A$118,MATCH($A56,Quantities!$C$100:$C$118)),Quantities[],Quantities!$Q$2)+VLOOKUP(A56,Quantities[],Quantities!$S$2)),\n\nIF(AND(B56=\"D\", (VLOOKUP(A56,Quantities[],Quantities!$O$2)+VLOOKUP(A56,Quantities[],Quantities!$Q$2)+VLOOKUP(A56,Quantities[],Quantities!$S$2))>0),\n(VLOOKUP(A56,Quantities[],Quantities!$P$2)*VLOOKUP(A56,Quantities[],Quantities!$O$2)\n+VLOOKUP(A56,Quantities[],Quantities!$R$2)*VLOOKUP(A56,Quantities[],Quantities!$Q$2)\n+VLOOKUP(A56,Quantities[],Quantities!$T$2)*VLOOKUP(A56,Quantities[],Quantities!$S$2))/\n(VLOOKUP(A56,Quantities[],Quantities!$O$2)+VLOOKUP(A56,Quantities[],Quantities!$Q$2)+VLOOKUP(A56,Quantities[],Quantities!$S$2)),\n\nIF($B56=\"Q\", (SUM(VLOOKUP($A56,Quantities[],Quantities!$P$2)*VLOOKUP($A56,Quantities[],Quantities!$O$2),VLOOKUP($A56,Quantities[],Quantities!$R$2)*VLOOKUP($A56,Quantities[],Quantities!$Q$2),VLOOKUP($A56,Quantities[],Quantities!$T$2)*VLOOKUP($A56,Quantities[],Quantities!$S$2)))/SUM(VLOOKUP($A56,Quantities[],Quantities!$O$2),VLOOKUP($A56,Quantities[],Quantities!$Q$2),VLOOKUP($A56,Quantities[],Quantities!$S$2)),\n\n VLOOKUP(A56,Quantities[],Quantities!$H$2)\n))))))","v":0.01},{"$f":"IF(LEFT(D56,1)=\"U\",\"-\",VLOOKUP(D56,Equipment[],Equipment!$B$2))","v":"Cat 16M "}]
[{"$f":"Quantities!$A$32","v":1900},"A","a","Dz2","1900-A-a-Dz2",{"$f":"IF(D57=\"Comb1\",CONCATENATE(VLOOKUP(B57,'Activity-Material_Codes'!$A$2:$B$26,Quantities!$B$2),\"-\",VLOOKUP(A57,Quantities[],Quantities!$D$2)),\nCONCATENATE(\nVLOOKUP(B57,'Activity-Material_Codes'!$A$2:$B$26,Quantities!$B$2),\nIF(AND(B57=\"B\",C57=\"a\"), \" Scraper Grading\", \"\"),\nIF(C57=\"b\",\"\",\"-\"),\nIF(C57=\"b\",\"\",VLOOKUP(A57,Quantities[],Quantities!$D$2)),\nIF(LEFT(TEXT(A57,\"0\"),1)=\"5\",\"\",\"-\"),\nIF(LEFT(TEXT(A57,\"0\"),1)=\"5\",\"\",VLOOKUP(C57,'Activity-Material_Codes'!$A$30:$B$36,Quantities!$B$2))\n))","v":"Grade-Sludge Disposal Area-Existing Ground"},{"$f":"CONCATENATE(\nIF(OR(RIGHT(TEXT($A57,\"0\"),Quantities!$B$2)=\"00\",LEFT(TEXT($A57,\"0\"),1)=\"5\",OR($C57=\"b\",$C57=\"f\")),\"\",VLOOKUP($A57,Quantities[],Quantities!$B$2)),\nIF(LEFT(TEXT($A57,\"0\"),1)=\"5\",\"\",\" \"),\nIF(OR(C57=\"a\",C57=\"c\",C57=\"d\",C57=\"e\"),IF(OR(RIGHT(TEXT($A57,\"0\"),Quantities!$B$2)=\"00\",LEFT(TEXT($A57,\"0\"),1)=\"5\"),VLOOKUP($A57,Quantities[],Quantities!$B$2),\"\"),\nIF(LEFT(TEXT($A57,\"0\"),1)=\"5\",VLOOKUP($A57,Quantities[],Quantities!$B$2),\nVLOOKUP(INDEX(Quantities!$A$100:$A$118,MATCH($A57,Quantities!$C$100:$C$118)),Quantities!$A$100:$B$118,Quantities!$B$2))))","v":" 8A Waste, 8C Waste"},{"$f":"IF(LEFT(TEXT(A57,\"0\"),1)=\"5\",\nVLOOKUP(VLOOKUP(A57,Quantities!$A$4:$D$118,Quantities!$C$2),Quantities!$A$4:$D$118,Quantities!$C$2),\nIF(OR(C57=\"a\",C57=\"c\",C57=\"d\",C57=\"e\"),\n\"-\",\nIF(RIGHT(TEXT(A57,\"0\"),2)=\"00\",VLOOKUP(A57,Quantities[],Quantities!$B$2),\nIF(C57=\"f\",VLOOKUP(A57,Quantities[],Quantities!$B$2),\nVLOOKUP(A57,Quantities[],Quantities!$C$2))\n)))","v":"-"},{"$f":"IF(OR(AND(LEFT(D57,2)=\"Sc\",B57=\"A\",C57=\"d\"),AND(C57=\"f\",B57=\"D\")),\nSUM(VLOOKUP($A57,Quantities[],Quantities!$O$2),VLOOKUP($A57,Quantities[],Quantities!$Q$2),VLOOKUP($A57,Quantities[],Quantities!$S$2)),\n\nIF(AND(LEFT(D57,2)=\"Sc\",OR(C57=\"a\",C57=\"f\")),\nVLOOKUP(A57,Quantities[],Quantities!$I$2),\n\nIF(AND(B57=\"D\",C57=\"b\"),\n VLOOKUP(INDEX(Quantities!$A$100:$A$118,MATCH($A57,Quantities!$C$100:$C$118)),Quantities!$A$100:$AJ$118,Quantities!$O$2)+\nVLOOKUP(INDEX(Quantities!$A$100:$A$118,MATCH($A57,Quantities!$C$100:$C$118)),Quantities!$A$100:$AJ$118,Quantities!$Q$2)+\nVLOOKUP(INDEX(Quantities!$A$100:$A$118,MATCH($A57,Quantities!$C$100:$C$118)),Quantities!$A$100:$AJ$118,Quantities!$S$2),\n\nIF(OR(B57=\"D\",B57=\"Q\"),\nSUM(VLOOKUP($A57,Quantities[],Quantities!$O$2),VLOOKUP($A57,Quantities[],Quantities!$Q$2),VLOOKUP($A57,Quantities[],Quantities!$S$2)),\n\n VLOOKUP(A57,Quantities[],Quantities!$G$2)\n))))","v":0},{"$f":"IF(LEFT(D57,2)=\"Mg\", VLOOKUP(A57,Quantities[],Quantities!$H$2),\n\nIF(OR(AND(LEFT(D57,2)=\"Sc\",B57=\"A\",C57=\"d\",C57=\"f\")),\n(SUM(VLOOKUP($A57,Quantities[],Quantities!$P$2)*VLOOKUP($A57,Quantities[],Quantities!$O$2),VLOOKUP($A57,Quantities[],Quantities!$R$2)*VLOOKUP($A57,Quantities[],Quantities!$Q$2),VLOOKUP($A57,Quantities[],Quantities!$T$2)*VLOOKUP($A57,Quantities[],Quantities!$S$2)))/SUM(VLOOKUP($A57,Quantities[],Quantities!$O$2),VLOOKUP($A57,Quantities[],Quantities!$Q$2),VLOOKUP($A57,Quantities[],Quantities!$S$2)),\n\nIF(AND(LEFT(D57,2)=\"Sc\",OR(C57=\"a\",C57=\"f\")),\nVLOOKUP(A57,Quantities[],Quantities!$J$2),\n\nIF(AND(B57=\"D\",C57=\"b\", (VLOOKUP(INDEX(Quantities!$A$100:$A$118,MATCH($A57,Quantities!$C$100:$C$118)),Quantities[],Quantities!$O$2)+VLOOKUP(INDEX(Quantities!$A$100:$A$118,MATCH($A57,Quantities!$C$100:$C$118)),Quantities[],Quantities!$Q$2)+VLOOKUP(INDEX(Quantities!$A$100:$A$118,MATCH($A57,Quantities!$C$100:$C$118)),Quantities[],Quantities!$S$2))>0),\n(VLOOKUP(INDEX(Quantities!$A$100:$A$118,MATCH($A57,Quantities!$C$100:$C$118)),Quantities[],Quantities!$P$2)*VLOOKUP(INDEX(Quantities!$A$100:$A$118,MATCH($A57,Quantities!$C$100:$C$118)),Quantities[],Quantities!$O$2)\n+VLOOKUP(INDEX(Quantities!$A$100:$A$118,MATCH($A57,Quantities!$C$100:$C$118)),Quantities[],Quantities!$R$2)*VLOOKUP(INDEX(Quantities!$A$100:$A$118,MATCH($A57,Quantities!$C$100:$C$118)),Quantities[],Quantities!$Q$2)\n+VLOOKUP(INDEX(Quantities!$A$100:$A$118,MATCH($A57,Quantities!$C$100:$C$118)),Quantities[],Quantities!$T$2)*VLOOKUP(INDEX(Quantities!$A$100:$A$118,MATCH($A57,Quantities!$C$100:$C$118)),Quantities[],Quantities!$S$2))/\n(VLOOKUP(INDEX(Quantities!$A$100:$A$118,MATCH($A57,Quantities!$C$100:$C$118)),Quantities[],Quantities!$O$2)+VLOOKUP(INDEX(Quantities!$A$100:$A$118,MATCH($A57,Quantities!$C$100:$C$118)),Quantities[],Quantities!$Q$2)+VLOOKUP(A57,Quantities[],Quantities!$S$2)),\n\nIF(AND(B57=\"D\", (VLOOKUP(A57,Quantities[],Quantities!$O$2)+VLOOKUP(A57,Quantities[],Quantities!$Q$2)+VLOOKUP(A57,Quantities[],Quantities!$S$2))>0),\n(VLOOKUP(A57,Quantities[],Quantities!$P$2)*VLOOKUP(A57,Quantities[],Quantities!$O$2)\n+VLOOKUP(A57,Quantities[],Quantities!$R$2)*VLOOKUP(A57,Quantities[],Quantities!$Q$2)\n+VLOOKUP(A57,Quantities[],Quantities!$T$2)*VLOOKUP(A57,Quantities[],Quantities!$S$2))/\n(VLOOKUP(A57,Quantities[],Quantities!$O$2)+VLOOKUP(A57,Quantities[],Quantities!$Q$2)+VLOOKUP(A57,Quantities[],Quantities!$S$2)),\n\nIF($B57=\"Q\", (SUM(VLOOKUP($A57,Quantities[],Quantities!$P$2)*VLOOKUP($A57,Quantities[],Quantities!$O$2),VLOOKUP($A57,Quantities[],Quantities!$R$2)*VLOOKUP($A57,Quantities[],Quantities!$Q$2),VLOOKUP($A57,Quantities[],Quantities!$T$2)*VLOOKUP($A57,Quantities[],Quantities!$S$2)))/SUM(VLOOKUP($A57,Quantities[],Quantities!$O$2),VLOOKUP($A57,Quantities[],Quantities!$Q$2),VLOOKUP($A57,Quantities[],Quantities!$S$2)),\n\n VLOOKUP(A57,Quantities[],Quantities!$H$2)\n))))))","v":0},{"$f":"IF(LEFT(D57,1)=\"U\",\"-\",VLOOKUP(D57,Equipment[],Equipment!$B$2))","v":"Cat D11T CD"}]
[{"$f":"Quantities!$A$61","v":2701},"A","a","Dz2","2701-A-a-Dz2",{"$f":"IF(D58=\"Comb1\",CONCATENATE(VLOOKUP(B58,'Activity-Material_Codes'!$A$2:$B$26,Quantities!$B$2),\"-\",VLOOKUP(A58,Quantities[],Quantities!$D$2)),\nCONCATENATE(\nVLOOKUP(B58,'Activity-Material_Codes'!$A$2:$B$26,Quantities!$B$2),\nIF(AND(B58=\"B\",C58=\"a\"), \" Scraper Grading\", \"\"),\nIF(C58=\"b\",\"\",\"-\"),\nIF(C58=\"b\",\"\",VLOOKUP(A58,Quantities[],Quantities!$D$2)),\nIF(LEFT(TEXT(A58,\"0\"),1)=\"5\",\"\",\"-\"),\nIF(LEFT(TEXT(A58,\"0\"),1)=\"5\",\"\",VLOOKUP(C58,'Activity-Material_Codes'!$A$30:$B$36,Quantities!$B$2))\n))","v":"Grade-Surface Impoundments closed at year 99; some closed year 6-Existing Ground"},{"$f":"CONCATENATE(\nIF(OR(RIGHT(TEXT($A58,\"0\"),Quantities!$B$2)=\"00\",LEFT(TEXT($A58,\"0\"),1)=\"5\",OR($C58=\"b\",$C58=\"f\")),\"\",VLOOKUP($A58,Quantities[],Quantities!$B$2)),\nIF(LEFT(TEXT($A58,\"0\"),1)=\"5\",\"\",\" \"),\nIF(OR(C58=\"a\",C58=\"c\",C58=\"d\",C58=\"e\"),IF(OR(RIGHT(TEXT($A58,\"0\"),Quantities!$B$2)=\"00\",LEFT(TEXT($A58,\"0\"),1)=\"5\"),VLOOKUP($A58,Quantities[],Quantities!$B$2),\"\"),\nIF(LEFT(TEXT($A58,\"0\"),1)=\"5\",VLOOKUP($A58,Quantities[],Quantities!$B$2),\nVLOOKUP(INDEX(Quantities!$A$100:$A$118,MATCH($A58,Quantities!$C$100:$C$118)),Quantities!$A$100:$B$118,Quantities!$B$2))))","v":"Surface Impoundments closed at year 99; some closed year 6 "},{"$f":"IF(LEFT(TEXT(A58,\"0\"),1)=\"5\",\nVLOOKUP(VLOOKUP(A58,Quantities!$A$4:$D$118,Quantities!$C$2),Quantities!$A$4:$D$118,Quantities!$C$2),\nIF(OR(C58=\"a\",C58=\"c\",C58=\"d\",C58=\"e\"),\n\"-\",\nIF(RIGHT(TEXT(A58,\"0\"),2)=\"00\",VLOOKUP(A58,Quantities[],Quantities!$B$2),\nIF(C58=\"f\",VLOOKUP(A58,Quantities[],Quantities!$B$2),\nVLOOKUP(A58,Quantities[],Quantities!$C$2))\n)))","v":"-"},{"$f":"IF(OR(AND(LEFT(D58,2)=\"Sc\",B58=\"A\",C58=\"d\"),AND(C58=\"f\",B58=\"D\")),\nSUM(VLOOKUP($A58,Quantities[],Quantities!$O$2),VLOOKUP($A58,Quantities[],Quantities!$Q$2),VLOOKUP($A58,Quantities[],Quantities!$S$2)),\n\nIF(AND(LEFT(D58,2)=\"Sc\",OR(C58=\"a\",C58=\"f\")),\nVLOOKUP(A58,Quantities[],Quantities!$I$2),\n\nIF(AND(B58=\"D\",C58=\"b\"),\n VLOOKUP(INDEX(Quantities!$A$100:$A$118,MATCH($A58,Quantities!$C$100:$C$118)),Quantities!$A$100:$AJ$118,Quantities!$O$2)+\nVLOOKUP(INDEX(Quantities!$A$100:$A$118,MATCH($A58,Quantities!$C$100:$C$118)),Quantities!$A$100:$AJ$118,Quantities!$Q$2)+\nVLOOKUP(INDEX(Quantities!$A$100:$A$118,MATCH($A58,Quantities!$C$100:$C$118)),Quantities!$A$100:$AJ$118,Quantities!$S$2),\n\nIF(OR(B58=\"D\",B58=\"Q\"),\nSUM(VLOOKUP($A58,Quantities[],Quantities!$O$2),VLOOKUP($A58,Quantities[],Quantities!$Q$2),VLOOKUP($A58,Quantities[],Quantities!$S$2)),\n\n VLOOKUP(A58,Quantities[],Quantities!$G$2)\n))))","v":0},{"$f":"IF(LEFT(D58,2)=\"Mg\", VLOOKUP(A58,Quantities[],Quantities!$H$2),\n\nIF(OR(AND(LEFT(D58,2)=\"Sc\",B58=\"A\",C58=\"d\",C58=\"f\")),\n(SUM(VLOOKUP($A58,Quantities[],Quantities!$P$2)*VLOOKUP($A58,Quantities[],Quantities!$O$2),VLOOKUP($A58,Quantities[],Quantities!$R$2)*VLOOKUP($A58,Quantities[],Quantities!$Q$2),VLOOKUP($A58,Quantities[],Quantities!$T$2)*VLOOKUP($A58,Quantities[],Quantities!$S$2)))/SUM(VLOOKUP($A58,Quantities[],Quantities!$O$2),VLOOKUP($A58,Quantities[],Quantities!$Q$2),VLOOKUP($A58,Quantities[],Quantities!$S$2)),\n\nIF(AND(LEFT(D58,2)=\"Sc\",OR(C58=\"a\",C58=\"f\")),\nVLOOKUP(A58,Quantities[],Quantities!$J$2),\n\nIF(AND(B58=\"D\",C58=\"b\", (VLOOKUP(INDEX(Quantities!$A$100:$A$118,MATCH($A58,Quantities!$C$100:$C$118)),Quantities[],Quantities!$O$2)+VLOOKUP(INDEX(Quantities!$A$100:$A$118,MATCH($A58,Quantities!$C$100:$C$118)),Quantities[],Quantities!$Q$2)+VLOOKUP(INDEX(Quantities!$A$100:$A$118,MATCH($A58,Quantities!$C$100:$C$118)),Quantities[],Quantities!$S$2))>0),\n(VLOOKUP(INDEX(Quantities!$A$100:$A$118,MATCH($A58,Quantities!$C$100:$C$118)),Quantities[],Quantities!$P$2)*VLOOKUP(INDEX(Quantities!$A$100:$A$118,MATCH($A58,Quantities!$C$100:$C$118)),Quantities[],Quantities!$O$2)\n+VLOOKUP(INDEX(Quantities!$A$100:$A$118,MATCH($A58,Quantities!$C$100:$C$118)),Quantities[],Quantities!$R$2)*VLOOKUP(INDEX(Quantities!$A$100:$A$118,MATCH($A58,Quantities!$C$100:$C$118)),Quantities[],Quantities!$Q$2)\n+VLOOKUP(INDEX(Quantities!$A$100:$A$118,MATCH($A58,Quantities!$C$100:$C$118)),Quantities[],Quantities!$T$2)*VLOOKUP(INDEX(Quantities!$A$100:$A$118,MATCH($A58,Quantities!$C$100:$C$118)),Quantities[],Quantities!$S$2))/\n(VLOOKUP(INDEX(Quantities!$A$100:$A$118,MATCH($A58,Quantities!$C$100:$C$118)),Quantities[],Quantities!$O$2)+VLOOKUP(INDEX(Quantities!$A$100:$A$118,MATCH($A58,Quantities!$C$100:$C$118)),Quantities[],Quantities!$Q$2)+VLOOKUP(A58,Quantities[],Quantities!$S$2)),\n\nIF(AND(B58=\"D\", (VLOOKUP(A58,Quantities[],Quantities!$O$2)+VLOOKUP(A58,Quantities[],Quantities!$Q$2)+VLOOKUP(A58,Quantities[],Quantities!$S$2))>0),\n(VLOOKUP(A58,Quantities[],Quantities!$P$2)*VLOOKUP(A58,Quantities[],Quantities!$O$2)\n+VLOOKUP(A58,Quantities[],Quantities!$R$2)*VLOOKUP(A58,Quantities[],Quantities!$Q$2)\n+VLOOKUP(A58,Quantities[],Quantities!$T$2)*VLOOKUP(A58,Quantities[],Quantities!$S$2))/\n(VLOOKUP(A58,Quantities[],Quantities!$O$2)+VLOOKUP(A58,Quantities[],Quantities!$Q$2)+VLOOKUP(A58,Quantities[],Quantities!$S$2)),\n\nIF($B58=\"Q\", (SUM(VLOOKUP($A58,Quantities[],Quantities!$P$2)*VLOOKUP($A58,Quantities[],Quantities!$O$2),VLOOKUP($A58,Quantities[],Quantities!$R$2)*VLOOKUP($A58,Quantities[],Quantities!$Q$2),VLOOKUP($A58,Quantities[],Quantities!$T$2)*VLOOKUP($A58,Quantities[],Quantities!$S$2)))/SUM(VLOOKUP($A58,Quantities[],Quantities!$O$2),VLOOKUP($A58,Quantities[],Quantities!$Q$2),VLOOKUP($A58,Quantities[],Quantities!$S$2)),\n\n VLOOKUP(A58,Quantities[],Quantities!$H$2)\n))))))","v":0.01},{"$f":"IF(LEFT(D58,1)=\"U\",\"-\",VLOOKUP(D58,Equipment[],Equipment!$B$2))","v":"Cat D11T CD"}]
[{"$f":"Quantities!$A$79","v":3300},"A","a","Dz2","3300-A-a-Dz2",{"$f":"IF(D59=\"Comb1\",CONCATENATE(VLOOKUP(B59,'Activity-Material_Codes'!$A$2:$B$26,Quantities!$B$2),\"-\",VLOOKUP(A59,Quantities[],Quantities!$D$2)),\nCONCATENATE(\nVLOOKUP(B59,'Activity-Material_Codes'!$A$2:$B$26,Quantities!$B$2),\nIF(AND(B59=\"B\",C59=\"a\"), \" Scraper Grading\", \"\"),\nIF(C59=\"b\",\"\",\"-\"),\nIF(C59=\"b\",\"\",VLOOKUP(A59,Quantities[],Quantities!$D$2)),\nIF(LEFT(TEXT(A59,\"0\"),1)=\"5\",\"\",\"-\"),\nIF(LEFT(TEXT(A59,\"0\"),1)=\"5\",\"\",VLOOKUP(C59,'Activity-Material_Codes'!$A$30:$B$36,Quantities!$B$2))\n))","v":"Grade-Unplanned Disturbance Area-Existing Ground"},{"$f":"CONCATENATE(\nIF(OR(RIGHT(TEXT($A59,\"0\"),Quantities!$B$2)=\"00\",LEFT(TEXT($A59,\"0\"),1)=\"5\",OR($C59=\"b\",$C59=\"f\")),\"\",VLOOKUP($A59,Quantities[],Quantities!$B$2)),\nIF(LEFT(TEXT($A59,\"0\"),1)=\"5\",\"\",\" \"),\nIF(OR(C59=\"a\",C59=\"c\",C59=\"d\",C59=\"e\"),IF(OR(RIGHT(TEXT($A59,\"0\"),Quantities!$B$2)=\"00\",LEFT(TEXT($A59,\"0\"),1)=\"5\"),VLOOKUP($A59,Quantities[],Quantities!$B$2),\"\"),\nIF(LEFT(TEXT($A59,\"0\"),1)=\"5\",VLOOKUP($A59,Quantities[],Quantities!$B$2),\nVLOOKUP(INDEX(Quantities!$A$100:$A$118,MATCH($A59,Quantities!$C$100:$C$118)),Quantities!$A$100:$B$118,Quantities!$B$2))))","v":" Unplanned Disturbance Area"},{"$f":"IF(LEFT(TEXT(A59,\"0\"),1)=\"5\",\nVLOOKUP(VLOOKUP(A59,Quantities!$A$4:$D$118,Quantities!$C$2),Quantities!$A$4:$D$118,Quantities!$C$2),\nIF(OR(C59=\"a\",C59=\"c\",C59=\"d\",C59=\"e\"),\n\"-\",\nIF(RIGHT(TEXT(A59,\"0\"),2)=\"00\",VLOOKUP(A59,Quantities[],Quantities!$B$2),\nIF(C59=\"f\",VLOOKUP(A59,Quantities[],Quantities!$B$2),\nVLOOKUP(A59,Quantities[],Quantities!$C$2))\n)))","v":"-"},{"$f":"IF(OR(AND(LEFT(D59,2)=\"Sc\",B59=\"A\",C59=\"d\"),AND(C59=\"f\",B59=\"D\")),\nSUM(VLOOKUP($A59,Quantities[],Quantities!$O$2),VLOOKUP($A59,Quantities[],Quantities!$Q$2),VLOOKUP($A59,Quantities[],Quantities!$S$2)),\n\nIF(AND(LEFT(D59,2)=\"Sc\",OR(C59=\"a\",C59=\"f\")),\nVLOOKUP(A59,Quantities[],Quantities!$I$2),\n\nIF(AND(B59=\"D\",C59=\"b\"),\n VLOOKUP(INDEX(Quantities!$A$100:$A$118,MATCH($A59,Quantities!$C$100:$C$118)),Quantities!$A$100:$AJ$118,Quantities!$O$2)+\nVLOOKUP(INDEX(Quantities!$A$100:$A$118,MATCH($A59,Quantities!$C$100:$C$118)),Quantities!$A$100:$AJ$118,Quantities!$Q$2)+\nVLOOKUP(INDEX(Quantities!$A$100:$A$118,MATCH($A59,Quantities!$C$100:$C$118)),Quantities!$A$100:$AJ$118,Quantities!$S$2),\n\nIF(OR(B59=\"D\",B59=\"Q\"),\nSUM(VLOOKUP($A59,Quantities[],Quantities!$O$2),VLOOKUP($A59,Quantities[],Quantities!$Q$2),VLOOKUP($A59,Quantities[],Quantities!$S$2)),\n\n VLOOKUP(A59,Quantities[],Quantities!$G$2)\n))))","v":0},{"$f":"IF(LEFT(D59,2)=\"Mg\", VLOOKUP(A59,Quantities[],Quantities!$H$2),\n\nIF(OR(AND(LEFT(D59,2)=\"Sc\",B59=\"A\",C59=\"d\",C59=\"f\")),\n(SUM(VLOOKUP($A59,Quantities[],Quantities!$P$2)*VLOOKUP($A59,Quantities[],Quantities!$O$2),VLOOKUP($A59,Quantities[],Quantities!$R$2)*VLOOKUP($A59,Quantities[],Quantities!$Q$2),VLOOKUP($A59,Quantities[],Quantities!$T$2)*VLOOKUP($A59,Quantities[],Quantities!$S$2)))/SUM(VLOOKUP($A59,Quantities[],Quantities!$O$2),VLOOKUP($A59,Quantities[],Quantities!$Q$2),VLOOKUP($A59,Quantities[],Quantities!$S$2)),\n\nIF(AND(LEFT(D59,2)=\"Sc\",OR(C59=\"a\",C59=\"f\")),\nVLOOKUP(A59,Quantities[],Quantities!$J$2),\n\nIF(AND(B59=\"D\",C59=\"b\", (VLOOKUP(INDEX(Quantities!$A$100:$A$118,MATCH($A59,Quantities!$C$100:$C$118)),Quantities[],Quantities!$O$2)+VLOOKUP(INDEX(Quantities!$A$100:$A$118,MATCH($A59,Quantities!$C$100:$C$118)),Quantities[],Quantities!$Q$2)+VLOOKUP(INDEX(Quantities!$A$100:$A$118,MATCH($A59,Quantities!$C$100:$C$118)),Quantities[],Quantities!$S$2))>0),\n(VLOOKUP(INDEX(Quantities!$A$100:$A$118,MATCH($A59,Quantities!$C$100:$C$118)),Quantities[],Quantities!$P$2)*VLOOKUP(INDEX(Quantities!$A$100:$A$118,MATCH($A59,Quantities!$C$100:$C$118)),Quantities[],Quantities!$O$2)\n+VLOOKUP(INDEX(Quantities!$A$100:$A$118,MATCH($A59,Quantities!$C$100:$C$118)),Quantities[],Quantities!$R$2)*VLOOKUP(INDEX(Quantities!$A$100:$A$118,MATCH($A59,Quantities!$C$100:$C$118)),Quantities[],Quantities!$Q$2)\n+VLOOKUP(INDEX(Quantities!$A$100:$A$118,MATCH($A59,Quantities!$C$100:$C$118)),Quantities[],Quantities!$T$2)*VLOOKUP(INDEX(Quantities!$A$100:$A$118,MATCH($A59,Quantities!$C$100:$C$118)),Quantities[],Quantities!$S$2))/\n(VLOOKUP(INDEX(Quantities!$A$100:$A$118,MATCH($A59,Quantities!$C$100:$C$118)),Quantities[],Quantities!$O$2)+VLOOKUP(INDEX(Quantities!$A$100:$A$118,MATCH($A59,Quantities!$C$100:$C$118)),Quantities[],Quantities!$Q$2)+VLOOKUP(A59,Quantities[],Quantities!$S$2)),\n\nIF(AND(B59=\"D\", (VLOOKUP(A59,Quantities[],Quantities!$O$2)+VLOOKUP(A59,Quantities[],Quantities!$Q$2)+VLOOKUP(A59,Quantities[],Quantities!$S$2))>0),\n(VLOOKUP(A59,Quantities[],Quantities!$P$2)*VLOOKUP(A59,Quantities[],Quantities!$O$2)\n+VLOOKUP(A59,Quantities[],Quantities!$R$2)*VLOOKUP(A59,Quantities[],Quantities!$Q$2)\n+VLOOKUP(A59,Quantities[],Quantities!$T$2)*VLOOKUP(A59,Quantities[],Quantities!$S$2))/\n(VLOOKUP(A59,Quantities[],Quantities!$O$2)+VLOOKUP(A59,Quantities[],Quantities!$Q$2)+VLOOKUP(A59,Quantities[],Quantities!$S$2)),\n\nIF($B59=\"Q\", (SUM(VLOOKUP($A59,Quantities[],Quantities!$P$2)*VLOOKUP($A59,Quantities[],Quantities!$O$2),VLOOKUP($A59,Quantities[],Quantities!$R$2)*VLOOKUP($A59,Quantities[],Quantities!$Q$2),VLOOKUP($A59,Quantities[],Quantities!$T$2)*VLOOKUP($A59,Quantities[],Quantities!$S$2)))/SUM(VLOOKUP($A59,Quantities[],Quantities!$O$2),VLOOKUP($A59,Quantities[],Quantities!$Q$2),VLOOKUP($A59,Quantities[],Quantities!$S$2)),\n\n VLOOKUP(A59,Quantities[],Quantities!$H$2)\n))))))","v":0.01},{"$f":"IF(LEFT(D59,1)=\"U\",\"-\",VLOOKUP(D59,Equipment[],Equipment!$B$2))","v":"Cat D11T CD"}]
[{"$f":"Quantities!$A$37","v":2101},"A","a","Dz2","2101-A-a-Dz2",{"$f":"IF(D60=\"Comb1\",CONCATENATE(VLOOKUP(B60,'Activity-Material_Codes'!$A$2:$B$26,Quantities!$B$2),\"-\",VLOOKUP(A60,Quantities[],Quantities!$D$2)),\nCONCATENATE(\nVLOOKUP(B60,'Activity-Material_Codes'!$A$2:$B$26,Quantities!$B$2),\nIF(AND(B60=\"B\",C60=\"a\"), \" Scraper Grading\", \"\"),\nIF(C60=\"b\",\"\",\"-\"),\nIF(C60=\"b\",\"\",VLOOKUP(A60,Quantities[],Quantities!$D$2)),\nIF(LEFT(TEXT(A60,\"0\"),1)=\"5\",\"\",\"-\"),\nIF(LEFT(TEXT(A60,\"0\"),1)=\"5\",\"\",VLOOKUP(C60,'Activity-Material_Codes'!$A$30:$B$36,Quantities!$B$2))\n))","v":"Grade-North-Existing Ground"},{"$f":"CONCATENATE(\nIF(OR(RIGHT(TEXT($A60,\"0\"),Quantities!$B$2)=\"00\",LEFT(TEXT($A60,\"0\"),1)=\"5\",OR($C60=\"b\",$C60=\"f\")),\"\",VLOOKUP($A60,Quantities[],Quantities!$B$2)),\nIF(LEFT(TEXT($A60,\"0\"),1)=\"5\",\"\",\" \"),\nIF(OR(C60=\"a\",C60=\"c\",C60=\"d\",C60=\"e\"),IF(OR(RIGHT(TEXT($A60,\"0\"),Quantities!$B$2)=\"00\",LEFT(TEXT($A60,\"0\"),1)=\"5\"),VLOOKUP($A60,Quantities[],Quantities!$B$2),\"\"),\nIF(LEFT(TEXT($A60,\"0\"),1)=\"5\",VLOOKUP($A60,Quantities[],Quantities!$B$2),\nVLOOKUP(INDEX(Quantities!$A$100:$A$118,MATCH($A60,Quantities!$C$100:$C$118)),Quantities!$A$100:$B$118,Quantities!$B$2))))","v":"9AX Waste "},{"$f":"IF(LEFT(TEXT(A60,\"0\"),1)=\"5\",\nVLOOKUP(VLOOKUP(A60,Quantities!$A$4:$D$118,Quantities!$C$2),Quantities!$A$4:$D$118,Quantities!$C$2),\nIF(OR(C60=\"a\",C60=\"c\",C60=\"d\",C60=\"e\"),\n\"-\",\nIF(RIGHT(TEXT(A60,\"0\"),2)=\"00\",VLOOKUP(A60,Quantities[],Quantities!$B$2),\nIF(C60=\"f\",VLOOKUP(A60,Quantities[],Quantities!$B$2),\nVLOOKUP(A60,Quantities[],Quantities!$C$2))\n)))","v":"-"},{"$f":"IF(OR(AND(LEFT(D60,2)=\"Sc\",B60=\"A\",C60=\"d\"),AND(C60=\"f\",B60=\"D\")),\nSUM(VLOOKUP($A60,Quantities[],Quantities!$O$2),VLOOKUP($A60,Quantities[],Quantities!$Q$2),VLOOKUP($A60,Quantities[],Quantities!$S$2)),\n\nIF(AND(LEFT(D60,2)=\"Sc\",OR(C60=\"a\",C60=\"f\")),\nVLOOKUP(A60,Quantities[],Quantities!$I$2),\n\nIF(AND(B60=\"D\",C60=\"b\"),\n VLOOKUP(INDEX(Quantities!$A$100:$A$118,MATCH($A60,Quantities!$C$100:$C$118)),Quantities!$A$100:$AJ$118,Quantities!$O$2)+\nVLOOKUP(INDEX(Quantities!$A$100:$A$118,MATCH($A60,Quantities!$C$100:$C$118)),Quantities!$A$100:$AJ$118,Quantities!$Q$2)+\nVLOOKUP(INDEX(Quantities!$A$100:$A$118,MATCH($A60,Quantities!$C$100:$C$118)),Quantities!$A$100:$AJ$118,Quantities!$S$2),\n\nIF(OR(B60=\"D\",B60=\"Q\"),\nSUM(VLOOKUP($A60,Quantities[],Quantities!$O$2),VLOOKUP($A60,Quantities[],Quantities!$Q$2),VLOOKUP($A60,Quantities[],Quantities!$S$2)),\n\n VLOOKUP(A60,Quantities[],Quantities!$G$2)\n))))","v":458},{"$f":"IF(LEFT(D60,2)=\"Mg\", VLOOKUP(A60,Quantities[],Quantities!$H$2),\n\nIF(OR(AND(LEFT(D60,2)=\"Sc\",B60=\"A\",C60=\"d\",C60=\"f\")),\n(SUM(VLOOKUP($A60,Quantities[],Quantities!$P$2)*VLOOKUP($A60,Quantities[],Quantities!$O$2),VLOOKUP($A60,Quantities[],Quantities!$R$2)*VLOOKUP($A60,Quantities[],Quantities!$Q$2),VLOOKUP($A60,Quantities[],Quantities!$T$2)*VLOOKUP($A60,Quantities[],Quantities!$S$2)))/SUM(VLOOKUP($A60,Quantities[],Quantities!$O$2),VLOOKUP($A60,Quantities[],Quantities!$Q$2),VLOOKUP($A60,Quantities[],Quantities!$S$2)),\n\nIF(AND(LEFT(D60,2)=\"Sc\",OR(C60=\"a\",C60=\"f\")),\nVLOOKUP(A60,Quantities[],Quantities!$J$2),\n\nIF(AND(B60=\"D\",C60=\"b\", (VLOOKUP(INDEX(Quantities!$A$100:$A$118,MATCH($A60,Quantities!$C$100:$C$118)),Quantities[],Quantities!$O$2)+VLOOKUP(INDEX(Quantities!$A$100:$A$118,MATCH($A60,Quantities!$C$100:$C$118)),Quantities[],Quantities!$Q$2)+VLOOKUP(INDEX(Quantities!$A$100:$A$118,MATCH($A60,Quantities!$C$100:$C$118)),Quantities[],Quantities!$S$2))>0),\n(VLOOKUP(INDEX(Quantities!$A$100:$A$118,MATCH($A60,Quantities!$C$100:$C$118)),Quantities[],Quantities!$P$2)*VLOOKUP(INDEX(Quantities!$A$100:$A$118,MATCH($A60,Quantities!$C$100:$C$118)),Quantities[],Quantities!$O$2)\n+VLOOKUP(INDEX(Quantities!$A$100:$A$118,MATCH($A60,Quantities!$C$100:$C$118)),Quantities[],Quantities!$R$2)*VLOOKUP(INDEX(Quantities!$A$100:$A$118,MATCH($A60,Quantities!$C$100:$C$118)),Quantities[],Quantities!$Q$2)\n+VLOOKUP(INDEX(Quantities!$A$100:$A$118,MATCH($A60,Quantities!$C$100:$C$118)),Quantities[],Quantities!$T$2)*VLOOKUP(INDEX(Quantities!$A$100:$A$118,MATCH($A60,Quantities!$C$100:$C$118)),Quantities[],Quantities!$S$2))/\n(VLOOKUP(INDEX(Quantities!$A$100:$A$118,MATCH($A60,Quantities!$C$100:$C$118)),Quantities[],Quantities!$O$2)+VLOOKUP(INDEX(Quantities!$A$100:$A$118,MATCH($A60,Quantities!$C$100:$C$118)),Quantities[],Quantities!$Q$2)+VLOOKUP(A60,Quantities[],Quantities!$S$2)),\n\nIF(AND(B60=\"D\", (VLOOKUP(A60,Quantities[],Quantities!$O$2)+VLOOKUP(A60,Quantities[],Quantities!$Q$2)+VLOOKUP(A60,Quantities[],Quantities!$S$2))>0),\n(VLOOKUP(A60,Quantities[],Quantities!$P$2)*VLOOKUP(A60,Quantities[],Quantities!$O$2)\n+VLOOKUP(A60,Quantities[],Quantities!$R$2)*VLOOKUP(A60,Quantities[],Quantities!$Q$2)\n+VLOOKUP(A60,Quantities[],Quantities!$T$2)*VLOOKUP(A60,Quantities[],Quantities!$S$2))/\n(VLOOKUP(A60,Quantities[],Quantities!$O$2)+VLOOKUP(A60,Quantities[],Quantities!$Q$2)+VLOOKUP(A60,Quantities[],Quantities!$S$2)),\n\nIF($B60=\"Q\", (SUM(VLOOKUP($A60,Quantities[],Quantities!$P$2)*VLOOKUP($A60,Quantities[],Quantities!$O$2),VLOOKUP($A60,Quantities[],Quantities!$R$2)*VLOOKUP($A60,Quantities[],Quantities!$Q$2),VLOOKUP($A60,Quantities[],Quantities!$T$2)*VLOOKUP($A60,Quantities[],Quantities!$S$2)))/SUM(VLOOKUP($A60,Quantities[],Quantities!$O$2),VLOOKUP($A60,Quantities[],Quantities!$Q$2),VLOOKUP($A60,Quantities[],Quantities!$S$2)),\n\n VLOOKUP(A60,Quantities[],Quantities!$H$2)\n))))))","v":-0.28999999999999998},{"$f":"IF(LEFT(D60,1)=\"U\",\"-\",VLOOKUP(D60,Equipment[],Equipment!$B$2))","v":"Cat D11T CD"}]
[{"$f":"Quantities!$A$38","v":2102},"A","a","Dz2","2102-A-a-Dz2",{"$f":"IF(D61=\"Comb1\",CONCATENATE(VLOOKUP(B61,'Activity-Material_Codes'!$A$2:$B$26,Quantities!$B$2),\"-\",VLOOKUP(A61,Quantities[],Quantities!$D$2)),\nCONCATENATE(\nVLOOKUP(B61,'Activity-Material_Codes'!$A$2:$B$26,Quantities!$B$2),\nIF(AND(B61=\"B\",C61=\"a\"), \" Scraper Grading\", \"\"),\nIF(C61=\"b\",\"\",\"-\"),\nIF(C61=\"b\",\"\",VLOOKUP(A61,Quantities[],Quantities!$D$2)),\nIF(LEFT(TEXT(A61,\"0\"),1)=\"5\",\"\",\"-\"),\nIF(LEFT(TEXT(A61,\"0\"),1)=\"5\",\"\",VLOOKUP(C61,'Activity-Material_Codes'!$A$30:$B$36,Quantities!$B$2))\n))","v":"Grade-South-Existing Ground"},{"$f":"CONCATENATE(\nIF(OR(RIGHT(TEXT($A61,\"0\"),Quantities!$B$2)=\"00\",LEFT(TEXT($A61,\"0\"),1)=\"5\",OR($C61=\"b\",$C61=\"f\")),\"\",VLOOKUP($A61,Quantities[],Quantities!$B$2)),\nIF(LEFT(TEXT($A61,\"0\"),1)=\"5\",\"\",\" \"),\nIF(OR(C61=\"a\",C61=\"c\",C61=\"d\",C61=\"e\"),IF(OR(RIGHT(TEXT($A61,\"0\"),Quantities!$B$2)=\"00\",LEFT(TEXT($A61,\"0\"),1)=\"5\"),VLOOKUP($A61,Quantities[],Quantities!$B$2),\"\"),\nIF(LEFT(TEXT($A61,\"0\"),1)=\"5\",VLOOKUP($A61,Quantities[],Quantities!$B$2),\nVLOOKUP(INDEX(Quantities!$A$100:$A$118,MATCH($A61,Quantities!$C$100:$C$118)),Quantities!$A$100:$B$118,Quantities!$B$2))))","v":"9AX Waste "},{"$f":"IF(LEFT(TEXT(A61,\"0\"),1)=\"5\",\nVLOOKUP(VLOOKUP(A61,Quantities!$A$4:$D$118,Quantities!$C$2),Quantities!$A$4:$D$118,Quantities!$C$2),\nIF(OR(C61=\"a\",C61=\"c\",C61=\"d\",C61=\"e\"),\n\"-\",\nIF(RIGHT(TEXT(A61,\"0\"),2)=\"00\",VLOOKUP(A61,Quantities[],Quantities!$B$2),\nIF(C61=\"f\",VLOOKUP(A61,Quantities[],Quantities!$B$2),\nVLOOKUP(A61,Quantities[],Quantities!$C$2))\n)))","v":"-"},{"$f":"IF(OR(AND(LEFT(D61,2)=\"Sc\",B61=\"A\",C61=\"d\"),AND(C61=\"f\",B61=\"D\")),\nSUM(VLOOKUP($A61,Quantities[],Quantities!$O$2),VLOOKUP($A61,Quantities[],Quantities!$Q$2),VLOOKUP($A61,Quantities[],Quantities!$S$2)),\n\nIF(AND(LEFT(D61,2)=\"Sc\",OR(C61=\"a\",C61=\"f\")),\nVLOOKUP(A61,Quantities[],Quantities!$I$2),\n\nIF(AND(B61=\"D\",C61=\"b\"),\n VLOOKUP(INDEX(Quantities!$A$100:$A$118,MATCH($A61,Quantities!$C$100:$C$118)),Quantities!$A$100:$AJ$118,Quantities!$O$2)+\nVLOOKUP(INDEX(Quantities!$A$100:$A$118,MATCH($A61,Quantities!$C$100:$C$118)),Quantities!$A$100:$AJ$118,Quantities!$Q$2)+\nVLOOKUP(INDEX(Quantities!$A$100:$A$118,MATCH($A61,Quantities!$C$100:$C$118)),Quantities!$A$100:$AJ$118,Quantities!$S$2),\n\nIF(OR(B61=\"D\",B61=\"Q\"),\nSUM(VLOOKUP($A61,Quantities[],Quantities!$O$2),VLOOKUP($A61,Quantities[],Quantities!$Q$2),VLOOKUP($A61,Quantities[],Quantities!$S$2)),\n\n VLOOKUP(A61,Quantities[],Quantities!$G$2)\n))))","v":235},{"$f":"IF(LEFT(D61,2)=\"Mg\", VLOOKUP(A61,Quantities[],Quantities!$H$2),\n\nIF(OR(AND(LEFT(D61,2)=\"Sc\",B61=\"A\",C61=\"d\",C61=\"f\")),\n(SUM(VLOOKUP($A61,Quantities[],Quantities!$P$2)*VLOOKUP($A61,Quantities[],Quantities!$O$2),VLOOKUP($A61,Quantities[],Quantities!$R$2)*VLOOKUP($A61,Quantities[],Quantities!$Q$2),VLOOKUP($A61,Quantities[],Quantities!$T$2)*VLOOKUP($A61,Quantities[],Quantities!$S$2)))/SUM(VLOOKUP($A61,Quantities[],Quantities!$O$2),VLOOKUP($A61,Quantities[],Quantities!$Q$2),VLOOKUP($A61,Quantities[],Quantities!$S$2)),\n\nIF(AND(LEFT(D61,2)=\"Sc\",OR(C61=\"a\",C61=\"f\")),\nVLOOKUP(A61,Quantities[],Quantities!$J$2),\n\nIF(AND(B61=\"D\",C61=\"b\", (VLOOKUP(INDEX(Quantities!$A$100:$A$118,MATCH($A61,Quantities!$C$100:$C$118)),Quantities[],Quantities!$O$2)+VLOOKUP(INDEX(Quantities!$A$100:$A$118,MATCH($A61,Quantities!$C$100:$C$118)),Quantities[],Quantities!$Q$2)+VLOOKUP(INDEX(Quantities!$A$100:$A$118,MATCH($A61,Quantities!$C$100:$C$118)),Quantities[],Quantities!$S$2))>0),\n(VLOOKUP(INDEX(Quantities!$A$100:$A$118,MATCH($A61,Quantities!$C$100:$C$118)),Quantities[],Quantities!$P$2)*VLOOKUP(INDEX(Quantities!$A$100:$A$118,MATCH($A61,Quantities!$C$100:$C$118)),Quantities[],Quantities!$O$2)\n+VLOOKUP(INDEX(Quantities!$A$100:$A$118,MATCH($A61,Quantities!$C$100:$C$118)),Quantities[],Quantities!$R$2)*VLOOKUP(INDEX(Quantities!$A$100:$A$118,MATCH($A61,Quantities!$C$100:$C$118)),Quantities[],Quantities!$Q$2)\n+VLOOKUP(INDEX(Quantities!$A$100:$A$118,MATCH($A61,Quantities!$C$100:$C$118)),Quantities[],Quantities!$T$2)*VLOOKUP(INDEX(Quantities!$A$100:$A$118,MATCH($A61,Quantities!$C$100:$C$118)),Quantities[],Quantities!$S$2))/\n(VLOOKUP(INDEX(Quantities!$A$100:$A$118,MATCH($A61,Quantities!$C$100:$C$118)),Quantities[],Quantities!$O$2)+VLOOKUP(INDEX(Quantities!$A$100:$A$118,MATCH($A61,Quantities!$C$100:$C$118)),Quantities[],Quantities!$Q$2)+VLOOKUP(A61,Quantities[],Quantities!$S$2)),\n\nIF(AND(B61=\"D\", (VLOOKUP(A61,Quantities[],Quantities!$O$2)+VLOOKUP(A61,Quantities[],Quantities!$Q$2)+VLOOKUP(A61,Quantities[],Quantities!$S$2))>0),\n(VLOOKUP(A61,Quantities[],Quantities!$P$2)*VLOOKUP(A61,Quantities[],Quantities!$O$2)\n+VLOOKUP(A61,Quantities[],Quantities!$R$2)*VLOOKUP(A61,Quantities[],Quantities!$Q$2)\n+VLOOKUP(A61,Quantities[],Quantities!$T$2)*VLOOKUP(A61,Quantities[],Quantities!$S$2))/\n(VLOOKUP(A61,Quantities[],Quantities!$O$2)+VLOOKUP(A61,Quantities[],Quantities!$Q$2)+VLOOKUP(A61,Quantities[],Quantities!$S$2)),\n\nIF($B61=\"Q\", (SUM(VLOOKUP($A61,Quantities[],Quantities!$P$2)*VLOOKUP($A61,Quantities[],Quantities!$O$2),VLOOKUP($A61,Quantities[],Quantities!$R$2)*VLOOKUP($A61,Quantities[],Quantities!$Q$2),VLOOKUP($A61,Quantities[],Quantities!$T$2)*VLOOKUP($A61,Quantities[],Quantities!$S$2)))/SUM(VLOOKUP($A61,Quantities[],Quantities!$O$2),VLOOKUP($A61,Quantities[],Quantities!$Q$2),VLOOKUP($A61,Quantities[],Quantities!$S$2)),\n\n VLOOKUP(A61,Quantities[],Quantities!$H$2)\n))))))","v":-0.28999999999999998},{"$f":"IF(LEFT(D61,1)=\"U\",\"-\",VLOOKUP(D61,Equipment[],Equipment!$B$2))","v":"Cat D11T CD"}]
[{"$f":"Quantities!$A$59","v":2600},"A","a","Dz2","2600-A-a-Dz2",{"$f":"IF(D62=\"Comb1\",CONCATENATE(VLOOKUP(B62,'Activity-Material_Codes'!$A$2:$B$26,Quantities!$B$2),\"-\",VLOOKUP(A62,Quantities[],Quantities!$D$2)),\nCONCATENATE(\nVLOOKUP(B62,'Activity-Material_Codes'!$A$2:$B$26,Quantities!$B$2),\nIF(AND(B62=\"B\",C62=\"a\"), \" Scraper Grading\", \"\"),\nIF(C62=\"b\",\"\",\"-\"),\nIF(C62=\"b\",\"\",VLOOKUP(A62,Quantities[],Quantities!$D$2)),\nIF(LEFT(TEXT(A62,\"0\"),1)=\"5\",\"\",\"-\"),\nIF(LEFT(TEXT(A62,\"0\"),1)=\"5\",\"\",VLOOKUP(C62,'Activity-Material_Codes'!$A$30:$B$36,Quantities!$B$2))\n))","v":"Grade-Tailing Launder Line-Existing Ground"},{"$f":"CONCATENATE(\nIF(OR(RIGHT(TEXT($A62,\"0\"),Quantities!$B$2)=\"00\",LEFT(TEXT($A62,\"0\"),1)=\"5\",OR($C62=\"b\",$C62=\"f\")),\"\",VLOOKUP($A62,Quantities[],Quantities!$B$2)),\nIF(LEFT(TEXT($A62,\"0\"),1)=\"5\",\"\",\" \"),\nIF(OR(C62=\"a\",C62=\"c\",C62=\"d\",C62=\"e\"),IF(OR(RIGHT(TEXT($A62,\"0\"),Quantities!$B$2)=\"00\",LEFT(TEXT($A62,\"0\"),1)=\"5\"),VLOOKUP($A62,Quantities[],Quantities!$B$2),\"\"),\nIF(LEFT(TEXT($A62,\"0\"),1)=\"5\",VLOOKUP($A62,Quantities[],Quantities!$B$2),\nVLOOKUP(INDEX(Quantities!$A$100:$A$118,MATCH($A62,Quantities!$C$100:$C$118)),Quantities!$A$100:$B$118,Quantities!$B$2))))","v":" Reclaimed Tailing Launder Line"},{"$f":"IF(LEFT(TEXT(A62,\"0\"),1)=\"5\",\nVLOOKUP(VLOOKUP(A62,Quantities!$A$4:$D$118,Quantities!$C$2),Quantities!$A$4:$D$118,Quantities!$C$2),\nIF(OR(C62=\"a\",C62=\"c\",C62=\"d\",C62=\"e\"),\n\"-\",\nIF(RIGHT(TEXT(A62,\"0\"),2)=\"00\",VLOOKUP(A62,Quantities[],Quantities!$B$2),\nIF(C62=\"f\",VLOOKUP(A62,Quantities[],Quantities!$B$2),\nVLOOKUP(A62,Quantities[],Quantities!$C$2))\n)))","v":"-"},{"$f":"IF(OR(AND(LEFT(D62,2)=\"Sc\",B62=\"A\",C62=\"d\"),AND(C62=\"f\",B62=\"D\")),\nSUM(VLOOKUP($A62,Quantities[],Quantities!$O$2),VLOOKUP($A62,Quantities[],Quantities!$Q$2),VLOOKUP($A62,Quantities[],Quantities!$S$2)),\n\nIF(AND(LEFT(D62,2)=\"Sc\",OR(C62=\"a\",C62=\"f\")),\nVLOOKUP(A62,Quantities[],Quantities!$I$2),\n\nIF(AND(B62=\"D\",C62=\"b\"),\n VLOOKUP(INDEX(Quantities!$A$100:$A$118,MATCH($A62,Quantities!$C$100:$C$118)),Quantities!$A$100:$AJ$118,Quantities!$O$2)+\nVLOOKUP(INDEX(Quantities!$A$100:$A$118,MATCH($A62,Quantities!$C$100:$C$118)),Quantities!$A$100:$AJ$118,Quantities!$Q$2)+\nVLOOKUP(INDEX(Quantities!$A$100:$A$118,MATCH($A62,Quantities!$C$100:$C$118)),Quantities!$A$100:$AJ$118,Quantities!$S$2),\n\nIF(OR(B62=\"D\",B62=\"Q\"),\nSUM(VLOOKUP($A62,Quantities[],Quantities!$O$2),VLOOKUP($A62,Quantities[],Quantities!$Q$2),VLOOKUP($A62,Quantities[],Quantities!$S$2)),\n\n VLOOKUP(A62,Quantities[],Quantities!$G$2)\n))))","v":100},{"$f":"IF(LEFT(D62,2)=\"Mg\", VLOOKUP(A62,Quantities[],Quantities!$H$2),\n\nIF(OR(AND(LEFT(D62,2)=\"Sc\",B62=\"A\",C62=\"d\",C62=\"f\")),\n(SUM(VLOOKUP($A62,Quantities[],Quantities!$P$2)*VLOOKUP($A62,Quantities[],Quantities!$O$2),VLOOKUP($A62,Quantities[],Quantities!$R$2)*VLOOKUP($A62,Quantities[],Quantities!$Q$2),VLOOKUP($A62,Quantities[],Quantities!$T$2)*VLOOKUP($A62,Quantities[],Quantities!$S$2)))/SUM(VLOOKUP($A62,Quantities[],Quantities!$O$2),VLOOKUP($A62,Quantities[],Quantities!$Q$2),VLOOKUP($A62,Quantities[],Quantities!$S$2)),\n\nIF(AND(LEFT(D62,2)=\"Sc\",OR(C62=\"a\",C62=\"f\")),\nVLOOKUP(A62,Quantities[],Quantities!$J$2),\n\nIF(AND(B62=\"D\",C62=\"b\", (VLOOKUP(INDEX(Quantities!$A$100:$A$118,MATCH($A62,Quantities!$C$100:$C$118)),Quantities[],Quantities!$O$2)+VLOOKUP(INDEX(Quantities!$A$100:$A$118,MATCH($A62,Quantities!$C$100:$C$118)),Quantities[],Quantities!$Q$2)+VLOOKUP(INDEX(Quantities!$A$100:$A$118,MATCH($A62,Quantities!$C$100:$C$118)),Quantities[],Quantities!$S$2))>0),\n(VLOOKUP(INDEX(Quantities!$A$100:$A$118,MATCH($A62,Quantities!$C$100:$C$118)),Quantities[],Quantities!$P$2)*VLOOKUP(INDEX(Quantities!$A$100:$A$118,MATCH($A62,Quantities!$C$100:$C$118)),Quantities[],Quantities!$O$2)\n+VLOOKUP(INDEX(Quantities!$A$100:$A$118,MATCH($A62,Quantities!$C$100:$C$118)),Quantities[],Quantities!$R$2)*VLOOKUP(INDEX(Quantities!$A$100:$A$118,MATCH($A62,Quantities!$C$100:$C$118)),Quantities[],Quantities!$Q$2)\n+VLOOKUP(INDEX(Quantities!$A$100:$A$118,MATCH($A62,Quantities!$C$100:$C$118)),Quantities[],Quantities!$T$2)*VLOOKUP(INDEX(Quantities!$A$100:$A$118,MATCH($A62,Quantities!$C$100:$C$118)),Quantities[],Quantities!$S$2))/\n(VLOOKUP(INDEX(Quantities!$A$100:$A$118,MATCH($A62,Quantities!$C$100:$C$118)),Quantities[],Quantities!$O$2)+VLOOKUP(INDEX(Quantities!$A$100:$A$118,MATCH($A62,Quantities!$C$100:$C$118)),Quantities[],Quantities!$Q$2)+VLOOKUP(A62,Quantities[],Quantities!$S$2)),\n\nIF(AND(B62=\"D\", (VLOOKUP(A62,Quantities[],Quantities!$O$2)+VLOOKUP(A62,Quantities[],Quantities!$Q$2)+VLOOKUP(A62,Quantities[],Quantities!$S$2))>0),\n(VLOOKUP(A62,Quantities[],Quantities!$P$2)*VLOOKUP(A62,Quantities[],Quantities!$O$2)\n+VLOOKUP(A62,Quantities[],Quantities!$R$2)*VLOOKUP(A62,Quantities[],Quantities!$Q$2)\n+VLOOKUP(A62,Quantities[],Quantities!$T$2)*VLOOKUP(A62,Quantities[],Quantities!$S$2))/\n(VLOOKUP(A62,Quantities[],Quantities!$O$2)+VLOOKUP(A62,Quantities[],Quantities!$Q$2)+VLOOKUP(A62,Quantities[],Quantities!$S$2)),\n\nIF($B62=\"Q\", (SUM(VLOOKUP($A62,Quantities[],Quantities!$P$2)*VLOOKUP($A62,Quantities[],Quantities!$O$2),VLOOKUP($A62,Quantities[],Quantities!$R$2)*VLOOKUP($A62,Quantities[],Quantities!$Q$2),VLOOKUP($A62,Quantities[],Quantities!$T$2)*VLOOKUP($A62,Quantities[],Quantities!$S$2)))/SUM(VLOOKUP($A62,Quantities[],Quantities!$O$2),VLOOKUP($A62,Quantities[],Quantities!$Q$2),VLOOKUP($A62,Quantities[],Quantities!$S$2)),\n\n VLOOKUP(A62,Quantities[],Quantities!$H$2)\n))))))","v":0.01},{"$f":"IF(LEFT(D62,1)=\"U\",\"-\",VLOOKUP(D62,Equipment[],Equipment!$B$2))","v":"Cat D11T CD"}]
[{"$f":"Quantities!$A$65","v":2802},"A","a","Mg1","2802-A-a-Mg1",{"$f":"IF(D63=\"Comb1\",CONCATENATE(VLOOKUP(B63,'Activity-Material_Codes'!$A$2:$B$26,Quantities!$B$2),\"-\",VLOOKUP(A63,Quantities[],Quantities!$D$2)),\nCONCATENATE(\nVLOOKUP(B63,'Activity-Material_Codes'!$A$2:$B$26,Quantities!$B$2),\nIF(AND(B63=\"B\",C63=\"a\"), \" Scraper Grading\", \"\"),\nIF(C63=\"b\",\"\",\"-\"),\nIF(C63=\"b\",\"\",VLOOKUP(A63,Quantities[],Quantities!$D$2)),\nIF(LEFT(TEXT(A63,\"0\"),1)=\"5\",\"\",\"-\"),\nIF(LEFT(TEXT(A63,\"0\"),1)=\"5\",\"\",VLOOKUP(C63,'Activity-Material_Codes'!$A$30:$B$36,Quantities!$B$2))\n))","v":"Grade-Sloped Areas-Existing Ground"},{"$f":"CONCATENATE(\nIF(OR(RIGHT(TEXT($A63,\"0\"),Quantities!$B$2)=\"00\",LEFT(TEXT($A63,\"0\"),1)=\"5\",OR($C63=\"b\",$C63=\"f\")),\"\",VLOOKUP($A63,Quantities[],Quantities!$B$2)),\nIF(LEFT(TEXT($A63,\"0\"),1)=\"5\",\"\",\" \"),\nIF(OR(C63=\"a\",C63=\"c\",C63=\"d\",C63=\"e\"),IF(OR(RIGHT(TEXT($A63,\"0\"),Quantities!$B$2)=\"00\",LEFT(TEXT($A63,\"0\"),1)=\"5\"),VLOOKUP($A63,Quantities[],Quantities!$B$2),\"\"),\nIF(LEFT(TEXT($A63,\"0\"),1)=\"5\",VLOOKUP($A63,Quantities[],Quantities!$B$2),\nVLOOKUP(INDEX(Quantities!$A$100:$A$118,MATCH($A63,Quantities!$C$100:$C$118)),Quantities!$A$100:$B$118,Quantities!$B$2))))","v":"Other Borrow Areas "},{"$f":"IF(LEFT(TEXT(A63,\"0\"),1)=\"5\",\nVLOOKUP(VLOOKUP(A63,Quantities!$A$4:$D$118,Quantities!$C$2),Quantities!$A$4:$D$118,Quantities!$C$2),\nIF(OR(C63=\"a\",C63=\"c\",C63=\"d\",C63=\"e\"),\n\"-\",\nIF(RIGHT(TEXT(A63,\"0\"),2)=\"00\",VLOOKUP(A63,Quantities[],Quantities!$B$2),\nIF(C63=\"f\",VLOOKUP(A63,Quantities[],Quantities!$B$2),\nVLOOKUP(A63,Quantities[],Quantities!$C$2))\n)))","v":"-"},{"$f":"IF(OR(AND(LEFT(D63,2)=\"Sc\",B63=\"A\",C63=\"d\"),AND(C63=\"f\",B63=\"D\")),\nSUM(VLOOKUP($A63,Quantities[],Quantities!$O$2),VLOOKUP($A63,Quantities[],Quantities!$Q$2),VLOOKUP($A63,Quantities[],Quantities!$S$2)),\n\nIF(AND(LEFT(D63,2)=\"Sc\",OR(C63=\"a\",C63=\"f\")),\nVLOOKUP(A63,Quantities[],Quantities!$I$2),\n\nIF(AND(B63=\"D\",C63=\"b\"),\n VLOOKUP(INDEX(Quantities!$A$100:$A$118,MATCH($A63,Quantities!$C$100:$C$118)),Quantities!$A$100:$AJ$118,Quantities!$O$2)+\nVLOOKUP(INDEX(Quantities!$A$100:$A$118,MATCH($A63,Quantities!$C$100:$C$118)),Quantities!$A$100:$AJ$118,Quantities!$Q$2)+\nVLOOKUP(INDEX(Quantities!$A$100:$A$118,MATCH($A63,Quantities!$C$100:$C$118)),Quantities!$A$100:$AJ$118,Quantities!$S$2),\n\nIF(OR(B63=\"D\",B63=\"Q\"),\nSUM(VLOOKUP($A63,Quantities[],Quantities!$O$2),VLOOKUP($A63,Quantities[],Quantities!$Q$2),VLOOKUP($A63,Quantities[],Quantities!$S$2)),\n\n VLOOKUP(A63,Quantities[],Quantities!$G$2)\n))))","v":0},{"$f":"IF(LEFT(D63,2)=\"Mg\", VLOOKUP(A63,Quantities[],Quantities!$H$2),\n\nIF(OR(AND(LEFT(D63,2)=\"Sc\",B63=\"A\",C63=\"d\",C63=\"f\")),\n(SUM(VLOOKUP($A63,Quantities[],Quantities!$P$2)*VLOOKUP($A63,Quantities[],Quantities!$O$2),VLOOKUP($A63,Quantities[],Quantities!$R$2)*VLOOKUP($A63,Quantities[],Quantities!$Q$2),VLOOKUP($A63,Quantities[],Quantities!$T$2)*VLOOKUP($A63,Quantities[],Quantities!$S$2)))/SUM(VLOOKUP($A63,Quantities[],Quantities!$O$2),VLOOKUP($A63,Quantities[],Quantities!$Q$2),VLOOKUP($A63,Quantities[],Quantities!$S$2)),\n\nIF(AND(LEFT(D63,2)=\"Sc\",OR(C63=\"a\",C63=\"f\")),\nVLOOKUP(A63,Quantities[],Quantities!$J$2),\n\nIF(AND(B63=\"D\",C63=\"b\", (VLOOKUP(INDEX(Quantities!$A$100:$A$118,MATCH($A63,Quantities!$C$100:$C$118)),Quantities[],Quantities!$O$2)+VLOOKUP(INDEX(Quantities!$A$100:$A$118,MATCH($A63,Quantities!$C$100:$C$118)),Quantities[],Quantities!$Q$2)+VLOOKUP(INDEX(Quantities!$A$100:$A$118,MATCH($A63,Quantities!$C$100:$C$118)),Quantities[],Quantities!$S$2))>0),\n(VLOOKUP(INDEX(Quantities!$A$100:$A$118,MATCH($A63,Quantities!$C$100:$C$118)),Quantities[],Quantities!$P$2)*VLOOKUP(INDEX(Quantities!$A$100:$A$118,MATCH($A63,Quantities!$C$100:$C$118)),Quantities[],Quantities!$O$2)\n+VLOOKUP(INDEX(Quantities!$A$100:$A$118,MATCH($A63,Quantities!$C$100:$C$118)),Quantities[],Quantities!$R$2)*VLOOKUP(INDEX(Quantities!$A$100:$A$118,MATCH($A63,Quantities!$C$100:$C$118)),Quantities[],Quantities!$Q$2)\n+VLOOKUP(INDEX(Quantities!$A$100:$A$118,MATCH($A63,Quantities!$C$100:$C$118)),Quantities[],Quantities!$T$2)*VLOOKUP(INDEX(Quantities!$A$100:$A$118,MATCH($A63,Quantities!$C$100:$C$118)),Quantities[],Quantities!$S$2))/\n(VLOOKUP(INDEX(Quantities!$A$100:$A$118,MATCH($A63,Quantities!$C$100:$C$118)),Quantities[],Quantities!$O$2)+VLOOKUP(INDEX(Quantities!$A$100:$A$118,MATCH($A63,Quantities!$C$100:$C$118)),Quantities[],Quantities!$Q$2)+VLOOKUP(A63,Quantities[],Quantities!$S$2)),\n\nIF(AND(B63=\"D\", (VLOOKUP(A63,Quantities[],Quantities!$O$2)+VLOOKUP(A63,Quantities[],Quantities!$Q$2)+VLOOKUP(A63,Quantities[],Quantities!$S$2))>0),\n(VLOOKUP(A63,Quantities[],Quantities!$P$2)*VLOOKUP(A63,Quantities[],Quantities!$O$2)\n+VLOOKUP(A63,Quantities[],Quantities!$R$2)*VLOOKUP(A63,Quantities[],Quantities!$Q$2)\n+VLOOKUP(A63,Quantities[],Quantities!$T$2)*VLOOKUP(A63,Quantities[],Quantities!$S$2))/\n(VLOOKUP(A63,Quantities[],Quantities!$O$2)+VLOOKUP(A63,Quantities[],Quantities!$Q$2)+VLOOKUP(A63,Quantities[],Quantities!$S$2)),\n\nIF($B63=\"Q\", (SUM(VLOOKUP($A63,Quantities[],Quantities!$P$2)*VLOOKUP($A63,Quantities[],Quantities!$O$2),VLOOKUP($A63,Quantities[],Quantities!$R$2)*VLOOKUP($A63,Quantities[],Quantities!$Q$2),VLOOKUP($A63,Quantities[],Quantities!$T$2)*VLOOKUP($A63,Quantities[],Quantities!$S$2)))/SUM(VLOOKUP($A63,Quantities[],Quantities!$O$2),VLOOKUP($A63,Quantities[],Quantities!$Q$2),VLOOKUP($A63,Quantities[],Quantities!$S$2)),\n\n VLOOKUP(A63,Quantities[],Quantities!$H$2)\n))))))","v":-0.28999999999999998},{"$f":"IF(LEFT(D63,1)=\"U\",\"-\",VLOOKUP(D63,Equipment[],Equipment!$B$2))","v":"Cat 16M "}]
[{"$f":"Quantities!$A$5","v":1001},"E","c","Rp1","1001-E-c-Rp1",{"$f":"IF(D64=\"Comb1\",CONCATENATE(VLOOKUP(B64,'Activity-Material_Codes'!$A$2:$B$26,Quantities!$B$2),\"-\",VLOOKUP(A64,Quantities[],Quantities!$D$2)),\nCONCATENATE(\nVLOOKUP(B64,'Activity-Material_Codes'!$A$2:$B$26,Quantities!$B$2),\nIF(AND(B64=\"B\",C64=\"a\"), \" Scraper Grading\", \"\"),\nIF(C64=\"b\",\"\",\"-\"),\nIF(C64=\"b\",\"\",VLOOKUP(A64,Quantities[],Quantities!$D$2)),\nIF(LEFT(TEXT(A64,\"0\"),1)=\"5\",\"\",\"-\"),\nIF(LEFT(TEXT(A64,\"0\"),1)=\"5\",\"\",VLOOKUP(C64,'Activity-Material_Codes'!$A$30:$B$36,Quantities!$B$2))\n))","v":"Rip-Top-Rough Graded Material"},{"$f":"CONCATENATE(\nIF(OR(RIGHT(TEXT($A64,\"0\"),Quantities!$B$2)=\"00\",LEFT(TEXT($A64,\"0\"),1)=\"5\",OR($C64=\"b\",$C64=\"f\")),\"\",VLOOKUP($A64,Quantities[],Quantities!$B$2)),\nIF(LEFT(TEXT($A64,\"0\"),1)=\"5\",\"\",\" \"),\nIF(OR(C64=\"a\",C64=\"c\",C64=\"d\",C64=\"e\"),IF(OR(RIGHT(TEXT($A64,\"0\"),Quantities!$B$2)=\"00\",LEFT(TEXT($A64,\"0\"),1)=\"5\"),VLOOKUP($A64,Quantities[],Quantities!$B$2),\"\"),\nIF(LEFT(TEXT($A64,\"0\"),1)=\"5\",VLOOKUP($A64,Quantities[],Quantities!$B$2),\nVLOOKUP(INDEX(Quantities!$A$100:$A$118,MATCH($A64,Quantities!$C$100:$C$118)),Quantities!$A$100:$B$118,Quantities!$B$2))))","v":"1A Leach, 1B Leach  "},{"$f":"IF(LEFT(TEXT(A64,\"0\"),1)=\"5\",\nVLOOKUP(VLOOKUP(A64,Quantities!$A$4:$D$118,Quantities!$C$2),Quantities!$A$4:$D$118,Quantities!$C$2),\nIF(OR(C64=\"a\",C64=\"c\",C64=\"d\",C64=\"e\"),\n\"-\",\nIF(RIGHT(TEXT(A64,\"0\"),2)=\"00\",VLOOKUP(A64,Quantities[],Quantities!$B$2),\nIF(C64=\"f\",VLOOKUP(A64,Quantities[],Quantities!$B$2),\nVLOOKUP(A64,Quantities[],Quantities!$C$2))\n)))","v":"-"},{"$f":"IF(OR(AND(LEFT(D64,2)=\"Sc\",B64=\"A\",C64=\"d\"),AND(C64=\"f\",B64=\"D\")),\nSUM(VLOOKUP($A64,Quantities[],Quantities!$O$2),VLOOKUP($A64,Quantities[],Quantities!$Q$2),VLOOKUP($A64,Quantities[],Quantities!$S$2)),\n\nIF(AND(LEFT(D64,2)=\"Sc\",OR(C64=\"a\",C64=\"f\")),\nVLOOKUP(A64,Quantities[],Quantities!$I$2),\n\nIF(AND(B64=\"D\",C64=\"b\"),\n VLOOKUP(INDEX(Quantities!$A$100:$A$118,MATCH($A64,Quantities!$C$100:$C$118)),Quantities!$A$100:$AJ$118,Quantities!$O$2)+\nVLOOKUP(INDEX(Quantities!$A$100:$A$118,MATCH($A64,Quantities!$C$100:$C$118)),Quantities!$A$100:$AJ$118,Quantities!$Q$2)+\nVLOOKUP(INDEX(Quantities!$A$100:$A$118,MATCH($A64,Quantities!$C$100:$C$118)),Quantities!$A$100:$AJ$118,Quantities!$S$2),\n\nIF(OR(B64=\"D\",B64=\"Q\"),\nSUM(VLOOKUP($A64,Quantities[],Quantities!$O$2),VLOOKUP($A64,Quantities[],Quantities!$Q$2),VLOOKUP($A64,Quantities[],Quantities!$S$2)),\n\n VLOOKUP(A64,Quantities[],Quantities!$G$2)\n))))","v":430},{"$f":"IF(LEFT(D64,2)=\"Mg\", VLOOKUP(A64,Quantities[],Quantities!$H$2),\n\nIF(OR(AND(LEFT(D64,2)=\"Sc\",B64=\"A\",C64=\"d\",C64=\"f\")),\n(SUM(VLOOKUP($A64,Quantities[],Quantities!$P$2)*VLOOKUP($A64,Quantities[],Quantities!$O$2),VLOOKUP($A64,Quantities[],Quantities!$R$2)*VLOOKUP($A64,Quantities[],Quantities!$Q$2),VLOOKUP($A64,Quantities[],Quantities!$T$2)*VLOOKUP($A64,Quantities[],Quantities!$S$2)))/SUM(VLOOKUP($A64,Quantities[],Quantities!$O$2),VLOOKUP($A64,Quantities[],Quantities!$Q$2),VLOOKUP($A64,Quantities[],Quantities!$S$2)),\n\nIF(AND(LEFT(D64,2)=\"Sc\",OR(C64=\"a\",C64=\"f\")),\nVLOOKUP(A64,Quantities[],Quantities!$J$2),\n\nIF(AND(B64=\"D\",C64=\"b\", (VLOOKUP(INDEX(Quantities!$A$100:$A$118,MATCH($A64,Quantities!$C$100:$C$118)),Quantities[],Quantities!$O$2)+VLOOKUP(INDEX(Quantities!$A$100:$A$118,MATCH($A64,Quantities!$C$100:$C$118)),Quantities[],Quantities!$Q$2)+VLOOKUP(INDEX(Quantities!$A$100:$A$118,MATCH($A64,Quantities!$C$100:$C$118)),Quantities[],Quantities!$S$2))>0),\n(VLOOKUP(INDEX(Quantities!$A$100:$A$118,MATCH($A64,Quantities!$C$100:$C$118)),Quantities[],Quantities!$P$2)*VLOOKUP(INDEX(Quantities!$A$100:$A$118,MATCH($A64,Quantities!$C$100:$C$118)),Quantities[],Quantities!$O$2)\n+VLOOKUP(INDEX(Quantities!$A$100:$A$118,MATCH($A64,Quantities!$C$100:$C$118)),Quantities[],Quantities!$R$2)*VLOOKUP(INDEX(Quantities!$A$100:$A$118,MATCH($A64,Quantities!$C$100:$C$118)),Quantities[],Quantities!$Q$2)\n+VLOOKUP(INDEX(Quantities!$A$100:$A$118,MATCH($A64,Quantities!$C$100:$C$118)),Quantities[],Quantities!$T$2)*VLOOKUP(INDEX(Quantities!$A$100:$A$118,MATCH($A64,Quantities!$C$100:$C$118)),Quantities[],Quantities!$S$2))/\n(VLOOKUP(INDEX(Quantities!$A$100:$A$118,MATCH($A64,Quantities!$C$100:$C$118)),Quantities[],Quantities!$O$2)+VLOOKUP(INDEX(Quantities!$A$100:$A$118,MATCH($A64,Quantities!$C$100:$C$118)),Quantities[],Quantities!$Q$2)+VLOOKUP(A64,Quantities[],Quantities!$S$2)),\n\nIF(AND(B64=\"D\", (VLOOKUP(A64,Quantities[],Quantities!$O$2)+VLOOKUP(A64,Quantities[],Quantities!$Q$2)+VLOOKUP(A64,Quantities[],Quantities!$S$2))>0),\n(VLOOKUP(A64,Quantities[],Quantities!$P$2)*VLOOKUP(A64,Quantities[],Quantities!$O$2)\n+VLOOKUP(A64,Quantities[],Quantities!$R$2)*VLOOKUP(A64,Quantities[],Quantities!$Q$2)\n+VLOOKUP(A64,Quantities[],Quantities!$T$2)*VLOOKUP(A64,Quantities[],Quantities!$S$2))/\n(VLOOKUP(A64,Quantities[],Quantities!$O$2)+VLOOKUP(A64,Quantities[],Quantities!$Q$2)+VLOOKUP(A64,Quantities[],Quantities!$S$2)),\n\nIF($B64=\"Q\", (SUM(VLOOKUP($A64,Quantities[],Quantities!$P$2)*VLOOKUP($A64,Quantities[],Quantities!$O$2),VLOOKUP($A64,Quantities[],Quantities!$R$2)*VLOOKUP($A64,Quantities[],Quantities!$Q$2),VLOOKUP($A64,Quantities[],Quantities!$T$2)*VLOOKUP($A64,Quantities[],Quantities!$S$2)))/SUM(VLOOKUP($A64,Quantities[],Quantities!$O$2),VLOOKUP($A64,Quantities[],Quantities!$Q$2),VLOOKUP($A64,Quantities[],Quantities!$S$2)),\n\n VLOOKUP(A64,Quantities[],Quantities!$H$2)\n))))))","v":0.01},{"$f":"IF(LEFT(D64,1)=\"U\",\"-\",VLOOKUP(D64,Equipment[],Equipment!$B$2))","v":"Cat D11T CD Multi-shank (w/ MSR-359H)"}]
[{"$f":"Quantities!$A$10","v":1201},"E","c","Rp1","1201-E-c-Rp1",{"$f":"IF(D65=\"Comb1\",CONCATENATE(VLOOKUP(B65,'Activity-Material_Codes'!$A$2:$B$26,Quantities!$B$2),\"-\",VLOOKUP(A65,Quantities[],Quantities!$D$2)),\nCONCATENATE(\nVLOOKUP(B65,'Activity-Material_Codes'!$A$2:$B$26,Quantities!$B$2),\nIF(AND(B65=\"B\",C65=\"a\"), \" Scraper Grading\", \"\"),\nIF(C65=\"b\",\"\",\"-\"),\nIF(C65=\"b\",\"\",VLOOKUP(A65,Quantities[],Quantities!$D$2)),\nIF(LEFT(TEXT(A65,\"0\"),1)=\"5\",\"\",\"-\"),\nIF(LEFT(TEXT(A65,\"0\"),1)=\"5\",\"\",VLOOKUP(C65,'Activity-Material_Codes'!$A$30:$B$36,Quantities!$B$2))\n))","v":"Rip-Top-Rough Graded Material"},{"$f":"CONCATENATE(\nIF(OR(RIGHT(TEXT($A65,\"0\"),Quantities!$B$2)=\"00\",LEFT(TEXT($A65,\"0\"),1)=\"5\",OR($C65=\"b\",$C65=\"f\")),\"\",VLOOKUP($A65,Quantities[],Quantities!$B$2)),\nIF(LEFT(TEXT($A65,\"0\"),1)=\"5\",\"\",\" \"),\nIF(OR(C65=\"a\",C65=\"c\",C65=\"d\",C65=\"e\"),IF(OR(RIGHT(TEXT($A65,\"0\"),Quantities!$B$2)=\"00\",LEFT(TEXT($A65,\"0\"),1)=\"5\"),VLOOKUP($A65,Quantities[],Quantities!$B$2),\"\"),\nIF(LEFT(TEXT($A65,\"0\"),1)=\"5\",VLOOKUP($A65,Quantities[],Quantities!$B$2),\nVLOOKUP(INDEX(Quantities!$A$100:$A$118,MATCH($A65,Quantities!$C$100:$C$118)),Quantities!$A$100:$B$118,Quantities!$B$2))))","v":"2B Waste, 2A Leach, 2B Leach "},{"$f":"IF(LEFT(TEXT(A65,\"0\"),1)=\"5\",\nVLOOKUP(VLOOKUP(A65,Quantities!$A$4:$D$118,Quantities!$C$2),Quantities!$A$4:$D$118,Quantities!$C$2),\nIF(OR(C65=\"a\",C65=\"c\",C65=\"d\",C65=\"e\"),\n\"-\",\nIF(RIGHT(TEXT(A65,\"0\"),2)=\"00\",VLOOKUP(A65,Quantities[],Quantities!$B$2),\nIF(C65=\"f\",VLOOKUP(A65,Quantities[],Quantities!$B$2),\nVLOOKUP(A65,Quantities[],Quantities!$C$2))\n)))","v":"-"},{"$f":"IF(OR(AND(LEFT(D65,2)=\"Sc\",B65=\"A\",C65=\"d\"),AND(C65=\"f\",B65=\"D\")),\nSUM(VLOOKUP($A65,Quantities[],Quantities!$O$2),VLOOKUP($A65,Quantities[],Quantities!$Q$2),VLOOKUP($A65,Quantities[],Quantities!$S$2)),\n\nIF(AND(LEFT(D65,2)=\"Sc\",OR(C65=\"a\",C65=\"f\")),\nVLOOKUP(A65,Quantities[],Quantities!$I$2),\n\nIF(AND(B65=\"D\",C65=\"b\"),\n VLOOKUP(INDEX(Quantities!$A$100:$A$118,MATCH($A65,Quantities!$C$100:$C$118)),Quantities!$A$100:$AJ$118,Quantities!$O$2)+\nVLOOKUP(INDEX(Quantities!$A$100:$A$118,MATCH($A65,Quantities!$C$100:$C$118)),Quantities!$A$100:$AJ$118,Quantities!$Q$2)+\nVLOOKUP(INDEX(Quantities!$A$100:$A$118,MATCH($A65,Quantities!$C$100:$C$118)),Quantities!$A$100:$AJ$118,Quantities!$S$2),\n\nIF(OR(B65=\"D\",B65=\"Q\"),\nSUM(VLOOKUP($A65,Quantities[],Quantities!$O$2),VLOOKUP($A65,Quantities[],Quantities!$Q$2),VLOOKUP($A65,Quantities[],Quantities!$S$2)),\n\n VLOOKUP(A65,Quantities[],Quantities!$G$2)\n))))","v":370},{"$f":"IF(LEFT(D65,2)=\"Mg\", VLOOKUP(A65,Quantities[],Quantities!$H$2),\n\nIF(OR(AND(LEFT(D65,2)=\"Sc\",B65=\"A\",C65=\"d\",C65=\"f\")),\n(SUM(VLOOKUP($A65,Quantities[],Quantities!$P$2)*VLOOKUP($A65,Quantities[],Quantities!$O$2),VLOOKUP($A65,Quantities[],Quantities!$R$2)*VLOOKUP($A65,Quantities[],Quantities!$Q$2),VLOOKUP($A65,Quantities[],Quantities!$T$2)*VLOOKUP($A65,Quantities[],Quantities!$S$2)))/SUM(VLOOKUP($A65,Quantities[],Quantities!$O$2),VLOOKUP($A65,Quantities[],Quantities!$Q$2),VLOOKUP($A65,Quantities[],Quantities!$S$2)),\n\nIF(AND(LEFT(D65,2)=\"Sc\",OR(C65=\"a\",C65=\"f\")),\nVLOOKUP(A65,Quantities[],Quantities!$J$2),\n\nIF(AND(B65=\"D\",C65=\"b\", (VLOOKUP(INDEX(Quantities!$A$100:$A$118,MATCH($A65,Quantities!$C$100:$C$118)),Quantities[],Quantities!$O$2)+VLOOKUP(INDEX(Quantities!$A$100:$A$118,MATCH($A65,Quantities!$C$100:$C$118)),Quantities[],Quantities!$Q$2)+VLOOKUP(INDEX(Quantities!$A$100:$A$118,MATCH($A65,Quantities!$C$100:$C$118)),Quantities[],Quantities!$S$2))>0),\n(VLOOKUP(INDEX(Quantities!$A$100:$A$118,MATCH($A65,Quantities!$C$100:$C$118)),Quantities[],Quantities!$P$2)*VLOOKUP(INDEX(Quantities!$A$100:$A$118,MATCH($A65,Quantities!$C$100:$C$118)),Quantities[],Quantities!$O$2)\n+VLOOKUP(INDEX(Quantities!$A$100:$A$118,MATCH($A65,Quantities!$C$100:$C$118)),Quantities[],Quantities!$R$2)*VLOOKUP(INDEX(Quantities!$A$100:$A$118,MATCH($A65,Quantities!$C$100:$C$118)),Quantities[],Quantities!$Q$2)\n+VLOOKUP(INDEX(Quantities!$A$100:$A$118,MATCH($A65,Quantities!$C$100:$C$118)),Quantities[],Quantities!$T$2)*VLOOKUP(INDEX(Quantities!$A$100:$A$118,MATCH($A65,Quantities!$C$100:$C$118)),Quantities[],Quantities!$S$2))/\n(VLOOKUP(INDEX(Quantities!$A$100:$A$118,MATCH($A65,Quantities!$C$100:$C$118)),Quantities[],Quantities!$O$2)+VLOOKUP(INDEX(Quantities!$A$100:$A$118,MATCH($A65,Quantities!$C$100:$C$118)),Quantities[],Quantities!$Q$2)+VLOOKUP(A65,Quantities[],Quantities!$S$2)),\n\nIF(AND(B65=\"D\", (VLOOKUP(A65,Quantities[],Quantities!$O$2)+VLOOKUP(A65,Quantities[],Quantities!$Q$2)+VLOOKUP(A65,Quantities[],Quantities!$S$2))>0),\n(VLOOKUP(A65,Quantities[],Quantities!$P$2)*VLOOKUP(A65,Quantities[],Quantities!$O$2)\n+VLOOKUP(A65,Quantities[],Quantities!$R$2)*VLOOKUP(A65,Quantities[],Quantities!$Q$2)\n+VLOOKUP(A65,Quantities[],Quantities!$T$2)*VLOOKUP(A65,Quantities[],Quantities!$S$2))/\n(VLOOKUP(A65,Quantities[],Quantities!$O$2)+VLOOKUP(A65,Quantities[],Quantities!$Q$2)+VLOOKUP(A65,Quantities[],Quantities!$S$2)),\n\nIF($B65=\"Q\", (SUM(VLOOKUP($A65,Quantities[],Quantities!$P$2)*VLOOKUP($A65,Quantities[],Quantities!$O$2),VLOOKUP($A65,Quantities[],Quantities!$R$2)*VLOOKUP($A65,Quantities[],Quantities!$Q$2),VLOOKUP($A65,Quantities[],Quantities!$T$2)*VLOOKUP($A65,Quantities[],Quantities!$S$2)))/SUM(VLOOKUP($A65,Quantities[],Quantities!$O$2),VLOOKUP($A65,Quantities[],Quantities!$Q$2),VLOOKUP($A65,Quantities[],Quantities!$S$2)),\n\n VLOOKUP(A65,Quantities[],Quantities!$H$2)\n))))))","v":0.01},{"$f":"IF(LEFT(D65,1)=\"U\",\"-\",VLOOKUP(D65,Equipment[],Equipment!$B$2))","v":"Cat D11T CD Multi-shank (w/ MSR-359H)"}]
[{"$f":"Quantities!$A$13","v":1301},"E","c","Rp1","1301-E-c-Rp1",{"$f":"IF(D66=\"Comb1\",CONCATENATE(VLOOKUP(B66,'Activity-Material_Codes'!$A$2:$B$26,Quantities!$B$2),\"-\",VLOOKUP(A66,Quantities[],Quantities!$D$2)),\nCONCATENATE(\nVLOOKUP(B66,'Activity-Material_Codes'!$A$2:$B$26,Quantities!$B$2),\nIF(AND(B66=\"B\",C66=\"a\"), \" Scraper Grading\", \"\"),\nIF(C66=\"b\",\"\",\"-\"),\nIF(C66=\"b\",\"\",VLOOKUP(A66,Quantities[],Quantities!$D$2)),\nIF(LEFT(TEXT(A66,\"0\"),1)=\"5\",\"\",\"-\"),\nIF(LEFT(TEXT(A66,\"0\"),1)=\"5\",\"\",VLOOKUP(C66,'Activity-Material_Codes'!$A$30:$B$36,Quantities!$B$2))\n))","v":"Rip-Top-Rough Graded Material"},{"$f":"CONCATENATE(\nIF(OR(RIGHT(TEXT($A66,\"0\"),Quantities!$B$2)=\"00\",LEFT(TEXT($A66,\"0\"),1)=\"5\",OR($C66=\"b\",$C66=\"f\")),\"\",VLOOKUP($A66,Quantities[],Quantities!$B$2)),\nIF(LEFT(TEXT($A66,\"0\"),1)=\"5\",\"\",\" \"),\nIF(OR(C66=\"a\",C66=\"c\",C66=\"d\",C66=\"e\"),IF(OR(RIGHT(TEXT($A66,\"0\"),Quantities!$B$2)=\"00\",LEFT(TEXT($A66,\"0\"),1)=\"5\"),VLOOKUP($A66,Quantities[],Quantities!$B$2),\"\"),\nIF(LEFT(TEXT($A66,\"0\"),1)=\"5\",VLOOKUP($A66,Quantities[],Quantities!$B$2),\nVLOOKUP(INDEX(Quantities!$A$100:$A$118,MATCH($A66,Quantities!$C$100:$C$118)),Quantities!$A$100:$B$118,Quantities!$B$2))))","v":"3A Leach, 3B Waste "},{"$f":"IF(LEFT(TEXT(A66,\"0\"),1)=\"5\",\nVLOOKUP(VLOOKUP(A66,Quantities!$A$4:$D$118,Quantities!$C$2),Quantities!$A$4:$D$118,Quantities!$C$2),\nIF(OR(C66=\"a\",C66=\"c\",C66=\"d\",C66=\"e\"),\n\"-\",\nIF(RIGHT(TEXT(A66,\"0\"),2)=\"00\",VLOOKUP(A66,Quantities[],Quantities!$B$2),\nIF(C66=\"f\",VLOOKUP(A66,Quantities[],Quantities!$B$2),\nVLOOKUP(A66,Quantities[],Quantities!$C$2))\n)))","v":"-"},{"$f":"IF(OR(AND(LEFT(D66,2)=\"Sc\",B66=\"A\",C66=\"d\"),AND(C66=\"f\",B66=\"D\")),\nSUM(VLOOKUP($A66,Quantities[],Quantities!$O$2),VLOOKUP($A66,Quantities[],Quantities!$Q$2),VLOOKUP($A66,Quantities[],Quantities!$S$2)),\n\nIF(AND(LEFT(D66,2)=\"Sc\",OR(C66=\"a\",C66=\"f\")),\nVLOOKUP(A66,Quantities[],Quantities!$I$2),\n\nIF(AND(B66=\"D\",C66=\"b\"),\n VLOOKUP(INDEX(Quantities!$A$100:$A$118,MATCH($A66,Quantities!$C$100:$C$118)),Quantities!$A$100:$AJ$118,Quantities!$O$2)+\nVLOOKUP(INDEX(Quantities!$A$100:$A$118,MATCH($A66,Quantities!$C$100:$C$118)),Quantities!$A$100:$AJ$118,Quantities!$Q$2)+\nVLOOKUP(INDEX(Quantities!$A$100:$A$118,MATCH($A66,Quantities!$C$100:$C$118)),Quantities!$A$100:$AJ$118,Quantities!$S$2),\n\nIF(OR(B66=\"D\",B66=\"Q\"),\nSUM(VLOOKUP($A66,Quantities[],Quantities!$O$2),VLOOKUP($A66,Quantities[],Quantities!$Q$2),VLOOKUP($A66,Quantities[],Quantities!$S$2)),\n\n VLOOKUP(A66,Quantities[],Quantities!$G$2)\n))))","v":560},{"$f":"IF(LEFT(D66,2)=\"Mg\", VLOOKUP(A66,Quantities[],Quantities!$H$2),\n\nIF(OR(AND(LEFT(D66,2)=\"Sc\",B66=\"A\",C66=\"d\",C66=\"f\")),\n(SUM(VLOOKUP($A66,Quantities[],Quantities!$P$2)*VLOOKUP($A66,Quantities[],Quantities!$O$2),VLOOKUP($A66,Quantities[],Quantities!$R$2)*VLOOKUP($A66,Quantities[],Quantities!$Q$2),VLOOKUP($A66,Quantities[],Quantities!$T$2)*VLOOKUP($A66,Quantities[],Quantities!$S$2)))/SUM(VLOOKUP($A66,Quantities[],Quantities!$O$2),VLOOKUP($A66,Quantities[],Quantities!$Q$2),VLOOKUP($A66,Quantities[],Quantities!$S$2)),\n\nIF(AND(LEFT(D66,2)=\"Sc\",OR(C66=\"a\",C66=\"f\")),\nVLOOKUP(A66,Quantities[],Quantities!$J$2),\n\nIF(AND(B66=\"D\",C66=\"b\", (VLOOKUP(INDEX(Quantities!$A$100:$A$118,MATCH($A66,Quantities!$C$100:$C$118)),Quantities[],Quantities!$O$2)+VLOOKUP(INDEX(Quantities!$A$100:$A$118,MATCH($A66,Quantities!$C$100:$C$118)),Quantities[],Quantities!$Q$2)+VLOOKUP(INDEX(Quantities!$A$100:$A$118,MATCH($A66,Quantities!$C$100:$C$118)),Quantities[],Quantities!$S$2))>0),\n(VLOOKUP(INDEX(Quantities!$A$100:$A$118,MATCH($A66,Quantities!$C$100:$C$118)),Quantities[],Quantities!$P$2)*VLOOKUP(INDEX(Quantities!$A$100:$A$118,MATCH($A66,Quantities!$C$100:$C$118)),Quantities[],Quantities!$O$2)\n+VLOOKUP(INDEX(Quantities!$A$100:$A$118,MATCH($A66,Quantities!$C$100:$C$118)),Quantities[],Quantities!$R$2)*VLOOKUP(INDEX(Quantities!$A$100:$A$118,MATCH($A66,Quantities!$C$100:$C$118)),Quantities[],Quantities!$Q$2)\n+VLOOKUP(INDEX(Quantities!$A$100:$A$118,MATCH($A66,Quantities!$C$100:$C$118)),Quantities[],Quantities!$T$2)*VLOOKUP(INDEX(Quantities!$A$100:$A$118,MATCH($A66,Quantities!$C$100:$C$118)),Quantities[],Quantities!$S$2))/\n(VLOOKUP(INDEX(Quantities!$A$100:$A$118,MATCH($A66,Quantities!$C$100:$C$118)),Quantities[],Quantities!$O$2)+VLOOKUP(INDEX(Quantities!$A$100:$A$118,MATCH($A66,Quantities!$C$100:$C$118)),Quantities[],Quantities!$Q$2)+VLOOKUP(A66,Quantities[],Quantities!$S$2)),\n\nIF(AND(B66=\"D\", (VLOOKUP(A66,Quantities[],Quantities!$O$2)+VLOOKUP(A66,Quantities[],Quantities!$Q$2)+VLOOKUP(A66,Quantities[],Quantities!$S$2))>0),\n(VLOOKUP(A66,Quantities[],Quantities!$P$2)*VLOOKUP(A66,Quantities[],Quantities!$O$2)\n+VLOOKUP(A66,Quantities[],Quantities!$R$2)*VLOOKUP(A66,Quantities[],Quantities!$Q$2)\n+VLOOKUP(A66,Quantities[],Quantities!$T$2)*VLOOKUP(A66,Quantities[],Quantities!$S$2))/\n(VLOOKUP(A66,Quantities[],Quantities!$O$2)+VLOOKUP(A66,Quantities[],Quantities!$Q$2)+VLOOKUP(A66,Quantities[],Quantities!$S$2)),\n\nIF($B66=\"Q\", (SUM(VLOOKUP($A66,Quantities[],Quantities!$P$2)*VLOOKUP($A66,Quantities[],Quantities!$O$2),VLOOKUP($A66,Quantities[],Quantities!$R$2)*VLOOKUP($A66,Quantities[],Quantities!$Q$2),VLOOKUP($A66,Quantities[],Quantities!$T$2)*VLOOKUP($A66,Quantities[],Quantities!$S$2)))/SUM(VLOOKUP($A66,Quantities[],Quantities!$O$2),VLOOKUP($A66,Quantities[],Quantities!$Q$2),VLOOKUP($A66,Quantities[],Quantities!$S$2)),\n\n VLOOKUP(A66,Quantities[],Quantities!$H$2)\n))))))","v":0.01},{"$f":"IF(LEFT(D66,1)=\"U\",\"-\",VLOOKUP(D66,Equipment[],Equipment!$B$2))","v":"Cat D11T CD Multi-shank (w/ MSR-359H)"}]
[{"$f":"Quantities!$A$21","v":1501},"E","c","Rp1","1501-E-c-Rp1",{"$f":"IF(D67=\"Comb1\",CONCATENATE(VLOOKUP(B67,'Activity-Material_Codes'!$A$2:$B$26,Quantities!$B$2),\"-\",VLOOKUP(A67,Quantities[],Quantities!$D$2)),\nCONCATENATE(\nVLOOKUP(B67,'Activity-Material_Codes'!$A$2:$B$26,Quantities!$B$2),\nIF(AND(B67=\"B\",C67=\"a\"), \" Scraper Grading\", \"\"),\nIF(C67=\"b\",\"\",\"-\"),\nIF(C67=\"b\",\"\",VLOOKUP(A67,Quantities[],Quantities!$D$2)),\nIF(LEFT(TEXT(A67,\"0\"),1)=\"5\",\"\",\"-\"),\nIF(LEFT(TEXT(A67,\"0\"),1)=\"5\",\"\",VLOOKUP(C67,'Activity-Material_Codes'!$A$30:$B$36,Quantities!$B$2))\n))","v":"Rip-Top-Rough Graded Material"},{"$f":"CONCATENATE(\nIF(OR(RIGHT(TEXT($A67,\"0\"),Quantities!$B$2)=\"00\",LEFT(TEXT($A67,\"0\"),1)=\"5\",OR($C67=\"b\",$C67=\"f\")),\"\",VLOOKUP($A67,Quantities[],Quantities!$B$2)),\nIF(LEFT(TEXT($A67,\"0\"),1)=\"5\",\"\",\" \"),\nIF(OR(C67=\"a\",C67=\"c\",C67=\"d\",C67=\"e\"),IF(OR(RIGHT(TEXT($A67,\"0\"),Quantities!$B$2)=\"00\",LEFT(TEXT($A67,\"0\"),1)=\"5\"),VLOOKUP($A67,Quantities[],Quantities!$B$2),\"\"),\nIF(LEFT(TEXT($A67,\"0\"),1)=\"5\",VLOOKUP($A67,Quantities[],Quantities!$B$2),\nVLOOKUP(INDEX(Quantities!$A$100:$A$118,MATCH($A67,Quantities!$C$100:$C$118)),Quantities!$A$100:$B$118,Quantities!$B$2))))","v":"5A Waste "},{"$f":"IF(LEFT(TEXT(A67,\"0\"),1)=\"5\",\nVLOOKUP(VLOOKUP(A67,Quantities!$A$4:$D$118,Quantities!$C$2),Quantities!$A$4:$D$118,Quantities!$C$2),\nIF(OR(C67=\"a\",C67=\"c\",C67=\"d\",C67=\"e\"),\n\"-\",\nIF(RIGHT(TEXT(A67,\"0\"),2)=\"00\",VLOOKUP(A67,Quantities[],Quantities!$B$2),\nIF(C67=\"f\",VLOOKUP(A67,Quantities[],Quantities!$B$2),\nVLOOKUP(A67,Quantities[],Quantities!$C$2))\n)))","v":"-"},{"$f":"IF(OR(AND(LEFT(D67,2)=\"Sc\",B67=\"A\",C67=\"d\"),AND(C67=\"f\",B67=\"D\")),\nSUM(VLOOKUP($A67,Quantities[],Quantities!$O$2),VLOOKUP($A67,Quantities[],Quantities!$Q$2),VLOOKUP($A67,Quantities[],Quantities!$S$2)),\n\nIF(AND(LEFT(D67,2)=\"Sc\",OR(C67=\"a\",C67=\"f\")),\nVLOOKUP(A67,Quantities[],Quantities!$I$2),\n\nIF(AND(B67=\"D\",C67=\"b\"),\n VLOOKUP(INDEX(Quantities!$A$100:$A$118,MATCH($A67,Quantities!$C$100:$C$118)),Quantities!$A$100:$AJ$118,Quantities!$O$2)+\nVLOOKUP(INDEX(Quantities!$A$100:$A$118,MATCH($A67,Quantities!$C$100:$C$118)),Quantities!$A$100:$AJ$118,Quantities!$Q$2)+\nVLOOKUP(INDEX(Quantities!$A$100:$A$118,MATCH($A67,Quantities!$C$100:$C$118)),Quantities!$A$100:$AJ$118,Quantities!$S$2),\n\nIF(OR(B67=\"D\",B67=\"Q\"),\nSUM(VLOOKUP($A67,Quantities[],Quantities!$O$2),VLOOKUP($A67,Quantities[],Quantities!$Q$2),VLOOKUP($A67,Quantities[],Quantities!$S$2)),\n\n VLOOKUP(A67,Quantities[],Quantities!$G$2)\n))))","v":610},{"$f":"IF(LEFT(D67,2)=\"Mg\", VLOOKUP(A67,Quantities[],Quantities!$H$2),\n\nIF(OR(AND(LEFT(D67,2)=\"Sc\",B67=\"A\",C67=\"d\",C67=\"f\")),\n(SUM(VLOOKUP($A67,Quantities[],Quantities!$P$2)*VLOOKUP($A67,Quantities[],Quantities!$O$2),VLOOKUP($A67,Quantities[],Quantities!$R$2)*VLOOKUP($A67,Quantities[],Quantities!$Q$2),VLOOKUP($A67,Quantities[],Quantities!$T$2)*VLOOKUP($A67,Quantities[],Quantities!$S$2)))/SUM(VLOOKUP($A67,Quantities[],Quantities!$O$2),VLOOKUP($A67,Quantities[],Quantities!$Q$2),VLOOKUP($A67,Quantities[],Quantities!$S$2)),\n\nIF(AND(LEFT(D67,2)=\"Sc\",OR(C67=\"a\",C67=\"f\")),\nVLOOKUP(A67,Quantities[],Quantities!$J$2),\n\nIF(AND(B67=\"D\",C67=\"b\", (VLOOKUP(INDEX(Quantities!$A$100:$A$118,MATCH($A67,Quantities!$C$100:$C$118)),Quantities[],Quantities!$O$2)+VLOOKUP(INDEX(Quantities!$A$100:$A$118,MATCH($A67,Quantities!$C$100:$C$118)),Quantities[],Quantities!$Q$2)+VLOOKUP(INDEX(Quantities!$A$100:$A$118,MATCH($A67,Quantities!$C$100:$C$118)),Quantities[],Quantities!$S$2))>0),\n(VLOOKUP(INDEX(Quantities!$A$100:$A$118,MATCH($A67,Quantities!$C$100:$C$118)),Quantities[],Quantities!$P$2)*VLOOKUP(INDEX(Quantities!$A$100:$A$118,MATCH($A67,Quantities!$C$100:$C$118)),Quantities[],Quantities!$O$2)\n+VLOOKUP(INDEX(Quantities!$A$100:$A$118,MATCH($A67,Quantities!$C$100:$C$118)),Quantities[],Quantities!$R$2)*VLOOKUP(INDEX(Quantities!$A$100:$A$118,MATCH($A67,Quantities!$C$100:$C$118)),Quantities[],Quantities!$Q$2)\n+VLOOKUP(INDEX(Quantities!$A$100:$A$118,MATCH($A67,Quantities!$C$100:$C$118)),Quantities[],Quantities!$T$2)*VLOOKUP(INDEX(Quantities!$A$100:$A$118,MATCH($A67,Quantities!$C$100:$C$118)),Quantities[],Quantities!$S$2))/\n(VLOOKUP(INDEX(Quantities!$A$100:$A$118,MATCH($A67,Quantities!$C$100:$C$118)),Quantities[],Quantities!$O$2)+VLOOKUP(INDEX(Quantities!$A$100:$A$118,MATCH($A67,Quantities!$C$100:$C$118)),Quantities[],Quantities!$Q$2)+VLOOKUP(A67,Quantities[],Quantities!$S$2)),\n\nIF(AND(B67=\"D\", (VLOOKUP(A67,Quantities[],Quantities!$O$2)+VLOOKUP(A67,Quantities[],Quantities!$Q$2)+VLOOKUP(A67,Quantities[],Quantities!$S$2))>0),\n(VLOOKUP(A67,Quantities[],Quantities!$P$2)*VLOOKUP(A67,Quantities[],Quantities!$O$2)\n+VLOOKUP(A67,Quantities[],Quantities!$R$2)*VLOOKUP(A67,Quantities[],Quantities!$Q$2)\n+VLOOKUP(A67,Quantities[],Quantities!$T$2)*VLOOKUP(A67,Quantities[],Quantities!$S$2))/\n(VLOOKUP(A67,Quantities[],Quantities!$O$2)+VLOOKUP(A67,Quantities[],Quantities!$Q$2)+VLOOKUP(A67,Quantities[],Quantities!$S$2)),\n\nIF($B67=\"Q\", (SUM(VLOOKUP($A67,Quantities[],Quantities!$P$2)*VLOOKUP($A67,Quantities[],Quantities!$O$2),VLOOKUP($A67,Quantities[],Quantities!$R$2)*VLOOKUP($A67,Quantities[],Quantities!$Q$2),VLOOKUP($A67,Quantities[],Quantities!$T$2)*VLOOKUP($A67,Quantities[],Quantities!$S$2)))/SUM(VLOOKUP($A67,Quantities[],Quantities!$O$2),VLOOKUP($A67,Quantities[],Quantities!$Q$2),VLOOKUP($A67,Quantities[],Quantities!$S$2)),\n\n VLOOKUP(A67,Quantities[],Quantities!$H$2)\n))))))","v":0.01},{"$f":"IF(LEFT(D67,1)=\"U\",\"-\",VLOOKUP(D67,Equipment[],Equipment!$B$2))","v":"Cat D11T CD Multi-shank (w/ MSR-359H)"}]
[{"$f":"Quantities!$A$39","v":2200},"E","c","Rp1","2200-E-c-Rp1",{"$f":"IF(D68=\"Comb1\",CONCATENATE(VLOOKUP(B68,'Activity-Material_Codes'!$A$2:$B$26,Quantities!$B$2),\"-\",VLOOKUP(A68,Quantities[],Quantities!$D$2)),\nCONCATENATE(\nVLOOKUP(B68,'Activity-Material_Codes'!$A$2:$B$26,Quantities!$B$2),\nIF(AND(B68=\"B\",C68=\"a\"), \" Scraper Grading\", \"\"),\nIF(C68=\"b\",\"\",\"-\"),\nIF(C68=\"b\",\"\",VLOOKUP(A68,Quantities[],Quantities!$D$2)),\nIF(LEFT(TEXT(A68,\"0\"),1)=\"5\",\"\",\"-\"),\nIF(LEFT(TEXT(A68,\"0\"),1)=\"5\",\"\",VLOOKUP(C68,'Activity-Material_Codes'!$A$30:$B$36,Quantities!$B$2))\n))","v":"Rip-Entire Pit-Rough Graded Material"},{"$f":"CONCATENATE(\nIF(OR(RIGHT(TEXT($A68,\"0\"),Quantities!$B$2)=\"00\",LEFT(TEXT($A68,\"0\"),1)=\"5\",OR($C68=\"b\",$C68=\"f\")),\"\",VLOOKUP($A68,Quantities[],Quantities!$B$2)),\nIF(LEFT(TEXT($A68,\"0\"),1)=\"5\",\"\",\" \"),\nIF(OR(C68=\"a\",C68=\"c\",C68=\"d\",C68=\"e\"),IF(OR(RIGHT(TEXT($A68,\"0\"),Quantities!$B$2)=\"00\",LEFT(TEXT($A68,\"0\"),1)=\"5\"),VLOOKUP($A68,Quantities[],Quantities!$B$2),\"\"),\nIF(LEFT(TEXT($A68,\"0\"),1)=\"5\",VLOOKUP($A68,Quantities[],Quantities!$B$2),\nVLOOKUP(INDEX(Quantities!$A$100:$A$118,MATCH($A68,Quantities!$C$100:$C$118)),Quantities!$A$100:$B$118,Quantities!$B$2))))","v":" San Salvador Pit, San Salvador Waste Backfill"},{"$f":"IF(LEFT(TEXT(A68,\"0\"),1)=\"5\",\nVLOOKUP(VLOOKUP(A68,Quantities!$A$4:$D$118,Quantities!$C$2),Quantities!$A$4:$D$118,Quantities!$C$2),\nIF(OR(C68=\"a\",C68=\"c\",C68=\"d\",C68=\"e\"),\n\"-\",\nIF(RIGHT(TEXT(A68,\"0\"),2)=\"00\",VLOOKUP(A68,Quantities[],Quantities!$B$2),\nIF(C68=\"f\",VLOOKUP(A68,Quantities[],Quantities!$B$2),\nVLOOKUP(A68,Quantities[],Quantities!$C$2))\n)))","v":"-"},{"$f":"IF(OR(AND(LEFT(D68,2)=\"Sc\",B68=\"A\",C68=\"d\"),AND(C68=\"f\",B68=\"D\")),\nSUM(VLOOKUP($A68,Quantities[],Quantities!$O$2),VLOOKUP($A68,Quantities[],Quantities!$Q$2),VLOOKUP($A68,Quantities[],Quantities!$S$2)),\n\nIF(AND(LEFT(D68,2)=\"Sc\",OR(C68=\"a\",C68=\"f\")),\nVLOOKUP(A68,Quantities[],Quantities!$I$2),\n\nIF(AND(B68=\"D\",C68=\"b\"),\n VLOOKUP(INDEX(Quantities!$A$100:$A$118,MATCH($A68,Quantities!$C$100:$C$118)),Quantities!$A$100:$AJ$118,Quantities!$O$2)+\nVLOOKUP(INDEX(Quantities!$A$100:$A$118,MATCH($A68,Quantities!$C$100:$C$118)),Quantities!$A$100:$AJ$118,Quantities!$Q$2)+\nVLOOKUP(INDEX(Quantities!$A$100:$A$118,MATCH($A68,Quantities!$C$100:$C$118)),Quantities!$A$100:$AJ$118,Quantities!$S$2),\n\nIF(OR(B68=\"D\",B68=\"Q\"),\nSUM(VLOOKUP($A68,Quantities[],Quantities!$O$2),VLOOKUP($A68,Quantities[],Quantities!$Q$2),VLOOKUP($A68,Quantities[],Quantities!$S$2)),\n\n VLOOKUP(A68,Quantities[],Quantities!$G$2)\n))))","v":185},{"$f":"IF(LEFT(D68,2)=\"Mg\", VLOOKUP(A68,Quantities[],Quantities!$H$2),\n\nIF(OR(AND(LEFT(D68,2)=\"Sc\",B68=\"A\",C68=\"d\",C68=\"f\")),\n(SUM(VLOOKUP($A68,Quantities[],Quantities!$P$2)*VLOOKUP($A68,Quantities[],Quantities!$O$2),VLOOKUP($A68,Quantities[],Quantities!$R$2)*VLOOKUP($A68,Quantities[],Quantities!$Q$2),VLOOKUP($A68,Quantities[],Quantities!$T$2)*VLOOKUP($A68,Quantities[],Quantities!$S$2)))/SUM(VLOOKUP($A68,Quantities[],Quantities!$O$2),VLOOKUP($A68,Quantities[],Quantities!$Q$2),VLOOKUP($A68,Quantities[],Quantities!$S$2)),\n\nIF(AND(LEFT(D68,2)=\"Sc\",OR(C68=\"a\",C68=\"f\")),\nVLOOKUP(A68,Quantities[],Quantities!$J$2),\n\nIF(AND(B68=\"D\",C68=\"b\", (VLOOKUP(INDEX(Quantities!$A$100:$A$118,MATCH($A68,Quantities!$C$100:$C$118)),Quantities[],Quantities!$O$2)+VLOOKUP(INDEX(Quantities!$A$100:$A$118,MATCH($A68,Quantities!$C$100:$C$118)),Quantities[],Quantities!$Q$2)+VLOOKUP(INDEX(Quantities!$A$100:$A$118,MATCH($A68,Quantities!$C$100:$C$118)),Quantities[],Quantities!$S$2))>0),\n(VLOOKUP(INDEX(Quantities!$A$100:$A$118,MATCH($A68,Quantities!$C$100:$C$118)),Quantities[],Quantities!$P$2)*VLOOKUP(INDEX(Quantities!$A$100:$A$118,MATCH($A68,Quantities!$C$100:$C$118)),Quantities[],Quantities!$O$2)\n+VLOOKUP(INDEX(Quantities!$A$100:$A$118,MATCH($A68,Quantities!$C$100:$C$118)),Quantities[],Quantities!$R$2)*VLOOKUP(INDEX(Quantities!$A$100:$A$118,MATCH($A68,Quantities!$C$100:$C$118)),Quantities[],Quantities!$Q$2)\n+VLOOKUP(INDEX(Quantities!$A$100:$A$118,MATCH($A68,Quantities!$C$100:$C$118)),Quantities[],Quantities!$T$2)*VLOOKUP(INDEX(Quantities!$A$100:$A$118,MATCH($A68,Quantities!$C$100:$C$118)),Quantities[],Quantities!$S$2))/\n(VLOOKUP(INDEX(Quantities!$A$100:$A$118,MATCH($A68,Quantities!$C$100:$C$118)),Quantities[],Quantities!$O$2)+VLOOKUP(INDEX(Quantities!$A$100:$A$118,MATCH($A68,Quantities!$C$100:$C$118)),Quantities[],Quantities!$Q$2)+VLOOKUP(A68,Quantities[],Quantities!$S$2)),\n\nIF(AND(B68=\"D\", (VLOOKUP(A68,Quantities[],Quantities!$O$2)+VLOOKUP(A68,Quantities[],Quantities!$Q$2)+VLOOKUP(A68,Quantities[],Quantities!$S$2))>0),\n(VLOOKUP(A68,Quantities[],Quantities!$P$2)*VLOOKUP(A68,Quantities[],Quantities!$O$2)\n+VLOOKUP(A68,Quantities[],Quantities!$R$2)*VLOOKUP(A68,Quantities[],Quantities!$Q$2)\n+VLOOKUP(A68,Quantities[],Quantities!$T$2)*VLOOKUP(A68,Quantities[],Quantities!$S$2))/\n(VLOOKUP(A68,Quantities[],Quantities!$O$2)+VLOOKUP(A68,Quantities[],Quantities!$Q$2)+VLOOKUP(A68,Quantities[],Quantities!$S$2)),\n\nIF($B68=\"Q\", (SUM(VLOOKUP($A68,Quantities[],Quantities!$P$2)*VLOOKUP($A68,Quantities[],Quantities!$O$2),VLOOKUP($A68,Quantities[],Quantities!$R$2)*VLOOKUP($A68,Quantities[],Quantities!$Q$2),VLOOKUP($A68,Quantities[],Quantities!$T$2)*VLOOKUP($A68,Quantities[],Quantities!$S$2)))/SUM(VLOOKUP($A68,Quantities[],Quantities!$O$2),VLOOKUP($A68,Quantities[],Quantities!$Q$2),VLOOKUP($A68,Quantities[],Quantities!$S$2)),\n\n VLOOKUP(A68,Quantities[],Quantities!$H$2)\n))))))","v":-0.05},{"$f":"IF(LEFT(D68,1)=\"U\",\"-\",VLOOKUP(D68,Equipment[],Equipment!$B$2))","v":"Cat D11T CD Multi-shank (w/ MSR-359H)"}]
[{"$f":"Quantities!$A$18","v":1401},"E","c","Rp1","1401-E-c-Rp1",{"$f":"IF(D69=\"Comb1\",CONCATENATE(VLOOKUP(B69,'Activity-Material_Codes'!$A$2:$B$26,Quantities!$B$2),\"-\",VLOOKUP(A69,Quantities[],Quantities!$D$2)),\nCONCATENATE(\nVLOOKUP(B69,'Activity-Material_Codes'!$A$2:$B$26,Quantities!$B$2),\nIF(AND(B69=\"B\",C69=\"a\"), \" Scraper Grading\", \"\"),\nIF(C69=\"b\",\"\",\"-\"),\nIF(C69=\"b\",\"\",VLOOKUP(A69,Quantities[],Quantities!$D$2)),\nIF(LEFT(TEXT(A69,\"0\"),1)=\"5\",\"\",\"-\"),\nIF(LEFT(TEXT(A69,\"0\"),1)=\"5\",\"\",VLOOKUP(C69,'Activity-Material_Codes'!$A$30:$B$36,Quantities!$B$2))\n))","v":"Rip-Top-Rough Graded Material"},{"$f":"CONCATENATE(\nIF(OR(RIGHT(TEXT($A69,\"0\"),Quantities!$B$2)=\"00\",LEFT(TEXT($A69,\"0\"),1)=\"5\",OR($C69=\"b\",$C69=\"f\")),\"\",VLOOKUP($A69,Quantities[],Quantities!$B$2)),\nIF(LEFT(TEXT($A69,\"0\"),1)=\"5\",\"\",\" \"),\nIF(OR(C69=\"a\",C69=\"c\",C69=\"d\",C69=\"e\"),IF(OR(RIGHT(TEXT($A69,\"0\"),Quantities!$B$2)=\"00\",LEFT(TEXT($A69,\"0\"),1)=\"5\"),VLOOKUP($A69,Quantities[],Quantities!$B$2),\"\"),\nIF(LEFT(TEXT($A69,\"0\"),1)=\"5\",VLOOKUP($A69,Quantities[],Quantities!$B$2),\nVLOOKUP(INDEX(Quantities!$A$100:$A$118,MATCH($A69,Quantities!$C$100:$C$118)),Quantities!$A$100:$B$118,Quantities!$B$2))))","v":"2 Leach (Area 1) "},{"$f":"IF(LEFT(TEXT(A69,\"0\"),1)=\"5\",\nVLOOKUP(VLOOKUP(A69,Quantities!$A$4:$D$118,Quantities!$C$2),Quantities!$A$4:$D$118,Quantities!$C$2),\nIF(OR(C69=\"a\",C69=\"c\",C69=\"d\",C69=\"e\"),\n\"-\",\nIF(RIGHT(TEXT(A69,\"0\"),2)=\"00\",VLOOKUP(A69,Quantities[],Quantities!$B$2),\nIF(C69=\"f\",VLOOKUP(A69,Quantities[],Quantities!$B$2),\nVLOOKUP(A69,Quantities[],Quantities!$C$2))\n)))","v":"-"},{"$f":"IF(OR(AND(LEFT(D69,2)=\"Sc\",B69=\"A\",C69=\"d\"),AND(C69=\"f\",B69=\"D\")),\nSUM(VLOOKUP($A69,Quantities[],Quantities!$O$2),VLOOKUP($A69,Quantities[],Quantities!$Q$2),VLOOKUP($A69,Quantities[],Quantities!$S$2)),\n\nIF(AND(LEFT(D69,2)=\"Sc\",OR(C69=\"a\",C69=\"f\")),\nVLOOKUP(A69,Quantities[],Quantities!$I$2),\n\nIF(AND(B69=\"D\",C69=\"b\"),\n VLOOKUP(INDEX(Quantities!$A$100:$A$118,MATCH($A69,Quantities!$C$100:$C$118)),Quantities!$A$100:$AJ$118,Quantities!$O$2)+\nVLOOKUP(INDEX(Quantities!$A$100:$A$118,MATCH($A69,Quantities!$C$100:$C$118)),Quantities!$A$100:$AJ$118,Quantities!$Q$2)+\nVLOOKUP(INDEX(Quantities!$A$100:$A$118,MATCH($A69,Quantities!$C$100:$C$118)),Quantities!$A$100:$AJ$118,Quantities!$S$2),\n\nIF(OR(B69=\"D\",B69=\"Q\"),\nSUM(VLOOKUP($A69,Quantities[],Quantities!$O$2),VLOOKUP($A69,Quantities[],Quantities!$Q$2),VLOOKUP($A69,Quantities[],Quantities!$S$2)),\n\n VLOOKUP(A69,Quantities[],Quantities!$G$2)\n))))","v":480},{"$f":"IF(LEFT(D69,2)=\"Mg\", VLOOKUP(A69,Quantities[],Quantities!$H$2),\n\nIF(OR(AND(LEFT(D69,2)=\"Sc\",B69=\"A\",C69=\"d\",C69=\"f\")),\n(SUM(VLOOKUP($A69,Quantities[],Quantities!$P$2)*VLOOKUP($A69,Quantities[],Quantities!$O$2),VLOOKUP($A69,Quantities[],Quantities!$R$2)*VLOOKUP($A69,Quantities[],Quantities!$Q$2),VLOOKUP($A69,Quantities[],Quantities!$T$2)*VLOOKUP($A69,Quantities[],Quantities!$S$2)))/SUM(VLOOKUP($A69,Quantities[],Quantities!$O$2),VLOOKUP($A69,Quantities[],Quantities!$Q$2),VLOOKUP($A69,Quantities[],Quantities!$S$2)),\n\nIF(AND(LEFT(D69,2)=\"Sc\",OR(C69=\"a\",C69=\"f\")),\nVLOOKUP(A69,Quantities[],Quantities!$J$2),\n\nIF(AND(B69=\"D\",C69=\"b\", (VLOOKUP(INDEX(Quantities!$A$100:$A$118,MATCH($A69,Quantities!$C$100:$C$118)),Quantities[],Quantities!$O$2)+VLOOKUP(INDEX(Quantities!$A$100:$A$118,MATCH($A69,Quantities!$C$100:$C$118)),Quantities[],Quantities!$Q$2)+VLOOKUP(INDEX(Quantities!$A$100:$A$118,MATCH($A69,Quantities!$C$100:$C$118)),Quantities[],Quantities!$S$2))>0),\n(VLOOKUP(INDEX(Quantities!$A$100:$A$118,MATCH($A69,Quantities!$C$100:$C$118)),Quantities[],Quantities!$P$2)*VLOOKUP(INDEX(Quantities!$A$100:$A$118,MATCH($A69,Quantities!$C$100:$C$118)),Quantities[],Quantities!$O$2)\n+VLOOKUP(INDEX(Quantities!$A$100:$A$118,MATCH($A69,Quantities!$C$100:$C$118)),Quantities[],Quantities!$R$2)*VLOOKUP(INDEX(Quantities!$A$100:$A$118,MATCH($A69,Quantities!$C$100:$C$118)),Quantities[],Quantities!$Q$2)\n+VLOOKUP(INDEX(Quantities!$A$100:$A$118,MATCH($A69,Quantities!$C$100:$C$118)),Quantities[],Quantities!$T$2)*VLOOKUP(INDEX(Quantities!$A$100:$A$118,MATCH($A69,Quantities!$C$100:$C$118)),Quantities[],Quantities!$S$2))/\n(VLOOKUP(INDEX(Quantities!$A$100:$A$118,MATCH($A69,Quantities!$C$100:$C$118)),Quantities[],Quantities!$O$2)+VLOOKUP(INDEX(Quantities!$A$100:$A$118,MATCH($A69,Quantities!$C$100:$C$118)),Quantities[],Quantities!$Q$2)+VLOOKUP(A69,Quantities[],Quantities!$S$2)),\n\nIF(AND(B69=\"D\", (VLOOKUP(A69,Quantities[],Quantities!$O$2)+VLOOKUP(A69,Quantities[],Quantities!$Q$2)+VLOOKUP(A69,Quantities[],Quantities!$S$2))>0),\n(VLOOKUP(A69,Quantities[],Quantities!$P$2)*VLOOKUP(A69,Quantities[],Quantities!$O$2)\n+VLOOKUP(A69,Quantities[],Quantities!$R$2)*VLOOKUP(A69,Quantities[],Quantities!$Q$2)\n+VLOOKUP(A69,Quantities[],Quantities!$T$2)*VLOOKUP(A69,Quantities[],Quantities!$S$2))/\n(VLOOKUP(A69,Quantities[],Quantities!$O$2)+VLOOKUP(A69,Quantities[],Quantities!$Q$2)+VLOOKUP(A69,Quantities[],Quantities!$S$2)),\n\nIF($B69=\"Q\", (SUM(VLOOKUP($A69,Quantities[],Quantities!$P$2)*VLOOKUP($A69,Quantities[],Quantities!$O$2),VLOOKUP($A69,Quantities[],Quantities!$R$2)*VLOOKUP($A69,Quantities[],Quantities!$Q$2),VLOOKUP($A69,Quantities[],Quantities!$T$2)*VLOOKUP($A69,Quantities[],Quantities!$S$2)))/SUM(VLOOKUP($A69,Quantities[],Quantities!$O$2),VLOOKUP($A69,Quantities[],Quantities!$Q$2),VLOOKUP($A69,Quantities[],Quantities!$S$2)),\n\n VLOOKUP(A69,Quantities[],Quantities!$H$2)\n))))))","v":0.01},{"$f":"IF(LEFT(D69,1)=\"U\",\"-\",VLOOKUP(D69,Equipment[],Equipment!$B$2))","v":"Cat D11T CD Multi-shank (w/ MSR-359H)"}]
[{"$f":"Quantities!$A$30","v":1801},"E","c","Rp1","1801-E-c-Rp1",{"$f":"IF(D70=\"Comb1\",CONCATENATE(VLOOKUP(B70,'Activity-Material_Codes'!$A$2:$B$26,Quantities!$B$2),\"-\",VLOOKUP(A70,Quantities[],Quantities!$D$2)),\nCONCATENATE(\nVLOOKUP(B70,'Activity-Material_Codes'!$A$2:$B$26,Quantities!$B$2),\nIF(AND(B70=\"B\",C70=\"a\"), \" Scraper Grading\", \"\"),\nIF(C70=\"b\",\"\",\"-\"),\nIF(C70=\"b\",\"\",VLOOKUP(A70,Quantities[],Quantities!$D$2)),\nIF(LEFT(TEXT(A70,\"0\"),1)=\"5\",\"\",\"-\"),\nIF(LEFT(TEXT(A70,\"0\"),1)=\"5\",\"\",VLOOKUP(C70,'Activity-Material_Codes'!$A$30:$B$36,Quantities!$B$2))\n))","v":"Rip-Top-Rough Graded Material"},{"$f":"CONCATENATE(\nIF(OR(RIGHT(TEXT($A70,\"0\"),Quantities!$B$2)=\"00\",LEFT(TEXT($A70,\"0\"),1)=\"5\",OR($C70=\"b\",$C70=\"f\")),\"\",VLOOKUP($A70,Quantities[],Quantities!$B$2)),\nIF(LEFT(TEXT($A70,\"0\"),1)=\"5\",\"\",\" \"),\nIF(OR(C70=\"a\",C70=\"c\",C70=\"d\",C70=\"e\"),IF(OR(RIGHT(TEXT($A70,\"0\"),Quantities!$B$2)=\"00\",LEFT(TEXT($A70,\"0\"),1)=\"5\"),VLOOKUP($A70,Quantities[],Quantities!$B$2),\"\"),\nIF(LEFT(TEXT($A70,\"0\"),1)=\"5\",VLOOKUP($A70,Quantities[],Quantities!$B$2),\nVLOOKUP(INDEX(Quantities!$A$100:$A$118,MATCH($A70,Quantities!$C$100:$C$118)),Quantities!$A$100:$B$118,Quantities!$B$2))))","v":"2 Leach (Area 2), 7B Leach, 7B Waste, 7C Waste, South Rim Pit "},{"$f":"IF(LEFT(TEXT(A70,\"0\"),1)=\"5\",\nVLOOKUP(VLOOKUP(A70,Quantities!$A$4:$D$118,Quantities!$C$2),Quantities!$A$4:$D$118,Quantities!$C$2),\nIF(OR(C70=\"a\",C70=\"c\",C70=\"d\",C70=\"e\"),\n\"-\",\nIF(RIGHT(TEXT(A70,\"0\"),2)=\"00\",VLOOKUP(A70,Quantities[],Quantities!$B$2),\nIF(C70=\"f\",VLOOKUP(A70,Quantities[],Quantities!$B$2),\nVLOOKUP(A70,Quantities[],Quantities!$C$2))\n)))","v":"-"},{"$f":"IF(OR(AND(LEFT(D70,2)=\"Sc\",B70=\"A\",C70=\"d\"),AND(C70=\"f\",B70=\"D\")),\nSUM(VLOOKUP($A70,Quantities[],Quantities!$O$2),VLOOKUP($A70,Quantities[],Quantities!$Q$2),VLOOKUP($A70,Quantities[],Quantities!$S$2)),\n\nIF(AND(LEFT(D70,2)=\"Sc\",OR(C70=\"a\",C70=\"f\")),\nVLOOKUP(A70,Quantities[],Quantities!$I$2),\n\nIF(AND(B70=\"D\",C70=\"b\"),\n VLOOKUP(INDEX(Quantities!$A$100:$A$118,MATCH($A70,Quantities!$C$100:$C$118)),Quantities!$A$100:$AJ$118,Quantities!$O$2)+\nVLOOKUP(INDEX(Quantities!$A$100:$A$118,MATCH($A70,Quantities!$C$100:$C$118)),Quantities!$A$100:$AJ$118,Quantities!$Q$2)+\nVLOOKUP(INDEX(Quantities!$A$100:$A$118,MATCH($A70,Quantities!$C$100:$C$118)),Quantities!$A$100:$AJ$118,Quantities!$S$2),\n\nIF(OR(B70=\"D\",B70=\"Q\"),\nSUM(VLOOKUP($A70,Quantities[],Quantities!$O$2),VLOOKUP($A70,Quantities[],Quantities!$Q$2),VLOOKUP($A70,Quantities[],Quantities!$S$2)),\n\n VLOOKUP(A70,Quantities[],Quantities!$G$2)\n))))","v":740},{"$f":"IF(LEFT(D70,2)=\"Mg\", VLOOKUP(A70,Quantities[],Quantities!$H$2),\n\nIF(OR(AND(LEFT(D70,2)=\"Sc\",B70=\"A\",C70=\"d\",C70=\"f\")),\n(SUM(VLOOKUP($A70,Quantities[],Quantities!$P$2)*VLOOKUP($A70,Quantities[],Quantities!$O$2),VLOOKUP($A70,Quantities[],Quantities!$R$2)*VLOOKUP($A70,Quantities[],Quantities!$Q$2),VLOOKUP($A70,Quantities[],Quantities!$T$2)*VLOOKUP($A70,Quantities[],Quantities!$S$2)))/SUM(VLOOKUP($A70,Quantities[],Quantities!$O$2),VLOOKUP($A70,Quantities[],Quantities!$Q$2),VLOOKUP($A70,Quantities[],Quantities!$S$2)),\n\nIF(AND(LEFT(D70,2)=\"Sc\",OR(C70=\"a\",C70=\"f\")),\nVLOOKUP(A70,Quantities[],Quantities!$J$2),\n\nIF(AND(B70=\"D\",C70=\"b\", (VLOOKUP(INDEX(Quantities!$A$100:$A$118,MATCH($A70,Quantities!$C$100:$C$118)),Quantities[],Quantities!$O$2)+VLOOKUP(INDEX(Quantities!$A$100:$A$118,MATCH($A70,Quantities!$C$100:$C$118)),Quantities[],Quantities!$Q$2)+VLOOKUP(INDEX(Quantities!$A$100:$A$118,MATCH($A70,Quantities!$C$100:$C$118)),Quantities[],Quantities!$S$2))>0),\n(VLOOKUP(INDEX(Quantities!$A$100:$A$118,MATCH($A70,Quantities!$C$100:$C$118)),Quantities[],Quantities!$P$2)*VLOOKUP(INDEX(Quantities!$A$100:$A$118,MATCH($A70,Quantities!$C$100:$C$118)),Quantities[],Quantities!$O$2)\n+VLOOKUP(INDEX(Quantities!$A$100:$A$118,MATCH($A70,Quantities!$C$100:$C$118)),Quantities[],Quantities!$R$2)*VLOOKUP(INDEX(Quantities!$A$100:$A$118,MATCH($A70,Quantities!$C$100:$C$118)),Quantities[],Quantities!$Q$2)\n+VLOOKUP(INDEX(Quantities!$A$100:$A$118,MATCH($A70,Quantities!$C$100:$C$118)),Quantities[],Quantities!$T$2)*VLOOKUP(INDEX(Quantities!$A$100:$A$118,MATCH($A70,Quantities!$C$100:$C$118)),Quantities[],Quantities!$S$2))/\n(VLOOKUP(INDEX(Quantities!$A$100:$A$118,MATCH($A70,Quantities!$C$100:$C$118)),Quantities[],Quantities!$O$2)+VLOOKUP(INDEX(Quantities!$A$100:$A$118,MATCH($A70,Quantities!$C$100:$C$118)),Quantities[],Quantities!$Q$2)+VLOOKUP(A70,Quantities[],Quantities!$S$2)),\n\nIF(AND(B70=\"D\", (VLOOKUP(A70,Quantities[],Quantities!$O$2)+VLOOKUP(A70,Quantities[],Quantities!$Q$2)+VLOOKUP(A70,Quantities[],Quantities!$S$2))>0),\n(VLOOKUP(A70,Quantities[],Quantities!$P$2)*VLOOKUP(A70,Quantities[],Quantities!$O$2)\n+VLOOKUP(A70,Quantities[],Quantities!$R$2)*VLOOKUP(A70,Quantities[],Quantities!$Q$2)\n+VLOOKUP(A70,Quantities[],Quantities!$T$2)*VLOOKUP(A70,Quantities[],Quantities!$S$2))/\n(VLOOKUP(A70,Quantities[],Quantities!$O$2)+VLOOKUP(A70,Quantities[],Quantities!$Q$2)+VLOOKUP(A70,Quantities[],Quantities!$S$2)),\n\nIF($B70=\"Q\", (SUM(VLOOKUP($A70,Quantities[],Quantities!$P$2)*VLOOKUP($A70,Quantities[],Quantities!$O$2),VLOOKUP($A70,Quantities[],Quantities!$R$2)*VLOOKUP($A70,Quantities[],Quantities!$Q$2),VLOOKUP($A70,Quantities[],Quantities!$T$2)*VLOOKUP($A70,Quantities[],Quantities!$S$2)))/SUM(VLOOKUP($A70,Quantities[],Quantities!$O$2),VLOOKUP($A70,Quantities[],Quantities!$Q$2),VLOOKUP($A70,Quantities[],Quantities!$S$2)),\n\n VLOOKUP(A70,Quantities[],Quantities!$H$2)\n))))))","v":0.01},{"$f":"IF(LEFT(D70,1)=\"U\",\"-\",VLOOKUP(D70,Equipment[],Equipment!$B$2))","v":"Cat D11T CD Multi-shank (w/ MSR-359H)"}]
[{"$f":"Quantities!$A$24","v":1601},"E","c","Rp1","1601-E-c-Rp1",{"$f":"IF(D71=\"Comb1\",CONCATENATE(VLOOKUP(B71,'Activity-Material_Codes'!$A$2:$B$26,Quantities!$B$2),\"-\",VLOOKUP(A71,Quantities[],Quantities!$D$2)),\nCONCATENATE(\nVLOOKUP(B71,'Activity-Material_Codes'!$A$2:$B$26,Quantities!$B$2),\nIF(AND(B71=\"B\",C71=\"a\"), \" Scraper Grading\", \"\"),\nIF(C71=\"b\",\"\",\"-\"),\nIF(C71=\"b\",\"\",VLOOKUP(A71,Quantities[],Quantities!$D$2)),\nIF(LEFT(TEXT(A71,\"0\"),1)=\"5\",\"\",\"-\"),\nIF(LEFT(TEXT(A71,\"0\"),1)=\"5\",\"\",VLOOKUP(C71,'Activity-Material_Codes'!$A$30:$B$36,Quantities!$B$2))\n))","v":"Rip-Top-Rough Graded Material"},{"$f":"CONCATENATE(\nIF(OR(RIGHT(TEXT($A71,\"0\"),Quantities!$B$2)=\"00\",LEFT(TEXT($A71,\"0\"),1)=\"5\",OR($C71=\"b\",$C71=\"f\")),\"\",VLOOKUP($A71,Quantities[],Quantities!$B$2)),\nIF(LEFT(TEXT($A71,\"0\"),1)=\"5\",\"\",\" \"),\nIF(OR(C71=\"a\",C71=\"c\",C71=\"d\",C71=\"e\"),IF(OR(RIGHT(TEXT($A71,\"0\"),Quantities!$B$2)=\"00\",LEFT(TEXT($A71,\"0\"),1)=\"5\"),VLOOKUP($A71,Quantities[],Quantities!$B$2),\"\"),\nIF(LEFT(TEXT($A71,\"0\"),1)=\"5\",VLOOKUP($A71,Quantities[],Quantities!$B$2),\nVLOOKUP(INDEX(Quantities!$A$100:$A$118,MATCH($A71,Quantities!$C$100:$C$118)),Quantities!$A$100:$B$118,Quantities!$B$2))))","v":"6B Leach, 6D Leach "},{"$f":"IF(LEFT(TEXT(A71,\"0\"),1)=\"5\",\nVLOOKUP(VLOOKUP(A71,Quantities!$A$4:$D$118,Quantities!$C$2),Quantities!$A$4:$D$118,Quantities!$C$2),\nIF(OR(C71=\"a\",C71=\"c\",C71=\"d\",C71=\"e\"),\n\"-\",\nIF(RIGHT(TEXT(A71,\"0\"),2)=\"00\",VLOOKUP(A71,Quantities[],Quantities!$B$2),\nIF(C71=\"f\",VLOOKUP(A71,Quantities[],Quantities!$B$2),\nVLOOKUP(A71,Quantities[],Quantities!$C$2))\n)))","v":"-"},{"$f":"IF(OR(AND(LEFT(D71,2)=\"Sc\",B71=\"A\",C71=\"d\"),AND(C71=\"f\",B71=\"D\")),\nSUM(VLOOKUP($A71,Quantities[],Quantities!$O$2),VLOOKUP($A71,Quantities[],Quantities!$Q$2),VLOOKUP($A71,Quantities[],Quantities!$S$2)),\n\nIF(AND(LEFT(D71,2)=\"Sc\",OR(C71=\"a\",C71=\"f\")),\nVLOOKUP(A71,Quantities[],Quantities!$I$2),\n\nIF(AND(B71=\"D\",C71=\"b\"),\n VLOOKUP(INDEX(Quantities!$A$100:$A$118,MATCH($A71,Quantities!$C$100:$C$118)),Quantities!$A$100:$AJ$118,Quantities!$O$2)+\nVLOOKUP(INDEX(Quantities!$A$100:$A$118,MATCH($A71,Quantities!$C$100:$C$118)),Quantities!$A$100:$AJ$118,Quantities!$Q$2)+\nVLOOKUP(INDEX(Quantities!$A$100:$A$118,MATCH($A71,Quantities!$C$100:$C$118)),Quantities!$A$100:$AJ$118,Quantities!$S$2),\n\nIF(OR(B71=\"D\",B71=\"Q\"),\nSUM(VLOOKUP($A71,Quantities[],Quantities!$O$2),VLOOKUP($A71,Quantities[],Quantities!$Q$2),VLOOKUP($A71,Quantities[],Quantities!$S$2)),\n\n VLOOKUP(A71,Quantities[],Quantities!$G$2)\n))))","v":350},{"$f":"IF(LEFT(D71,2)=\"Mg\", VLOOKUP(A71,Quantities[],Quantities!$H$2),\n\nIF(OR(AND(LEFT(D71,2)=\"Sc\",B71=\"A\",C71=\"d\",C71=\"f\")),\n(SUM(VLOOKUP($A71,Quantities[],Quantities!$P$2)*VLOOKUP($A71,Quantities[],Quantities!$O$2),VLOOKUP($A71,Quantities[],Quantities!$R$2)*VLOOKUP($A71,Quantities[],Quantities!$Q$2),VLOOKUP($A71,Quantities[],Quantities!$T$2)*VLOOKUP($A71,Quantities[],Quantities!$S$2)))/SUM(VLOOKUP($A71,Quantities[],Quantities!$O$2),VLOOKUP($A71,Quantities[],Quantities!$Q$2),VLOOKUP($A71,Quantities[],Quantities!$S$2)),\n\nIF(AND(LEFT(D71,2)=\"Sc\",OR(C71=\"a\",C71=\"f\")),\nVLOOKUP(A71,Quantities[],Quantities!$J$2),\n\nIF(AND(B71=\"D\",C71=\"b\", (VLOOKUP(INDEX(Quantities!$A$100:$A$118,MATCH($A71,Quantities!$C$100:$C$118)),Quantities[],Quantities!$O$2)+VLOOKUP(INDEX(Quantities!$A$100:$A$118,MATCH($A71,Quantities!$C$100:$C$118)),Quantities[],Quantities!$Q$2)+VLOOKUP(INDEX(Quantities!$A$100:$A$118,MATCH($A71,Quantities!$C$100:$C$118)),Quantities[],Quantities!$S$2))>0),\n(VLOOKUP(INDEX(Quantities!$A$100:$A$118,MATCH($A71,Quantities!$C$100:$C$118)),Quantities[],Quantities!$P$2)*VLOOKUP(INDEX(Quantities!$A$100:$A$118,MATCH($A71,Quantities!$C$100:$C$118)),Quantities[],Quantities!$O$2)\n+VLOOKUP(INDEX(Quantities!$A$100:$A$118,MATCH($A71,Quantities!$C$100:$C$118)),Quantities[],Quantities!$R$2)*VLOOKUP(INDEX(Quantities!$A$100:$A$118,MATCH($A71,Quantities!$C$100:$C$118)),Quantities[],Quantities!$Q$2)\n+VLOOKUP(INDEX(Quantities!$A$100:$A$118,MATCH($A71,Quantities!$C$100:$C$118)),Quantities[],Quantities!$T$2)*VLOOKUP(INDEX(Quantities!$A$100:$A$118,MATCH($A71,Quantities!$C$100:$C$118)),Quantities[],Quantities!$S$2))/\n(VLOOKUP(INDEX(Quantities!$A$100:$A$118,MATCH($A71,Quantities!$C$100:$C$118)),Quantities[],Quantities!$O$2)+VLOOKUP(INDEX(Quantities!$A$100:$A$118,MATCH($A71,Quantities!$C$100:$C$118)),Quantities[],Quantities!$Q$2)+VLOOKUP(A71,Quantities[],Quantities!$S$2)),\n\nIF(AND(B71=\"D\", (VLOOKUP(A71,Quantities[],Quantities!$O$2)+VLOOKUP(A71,Quantities[],Quantities!$Q$2)+VLOOKUP(A71,Quantities[],Quantities!$S$2))>0),\n(VLOOKUP(A71,Quantities[],Quantities!$P$2)*VLOOKUP(A71,Quantities[],Quantities!$O$2)\n+VLOOKUP(A71,Quantities[],Quantities!$R$2)*VLOOKUP(A71,Quantities[],Quantities!$Q$2)\n+VLOOKUP(A71,Quantities[],Quantities!$T$2)*VLOOKUP(A71,Quantities[],Quantities!$S$2))/\n(VLOOKUP(A71,Quantities[],Quantities!$O$2)+VLOOKUP(A71,Quantities[],Quantities!$Q$2)+VLOOKUP(A71,Quantities[],Quantities!$S$2)),\n\nIF($B71=\"Q\", (SUM(VLOOKUP($A71,Quantities[],Quantities!$P$2)*VLOOKUP($A71,Quantities[],Quantities!$O$2),VLOOKUP($A71,Quantities[],Quantities!$R$2)*VLOOKUP($A71,Quantities[],Quantities!$Q$2),VLOOKUP($A71,Quantities[],Quantities!$T$2)*VLOOKUP($A71,Quantities[],Quantities!$S$2)))/SUM(VLOOKUP($A71,Quantities[],Quantities!$O$2),VLOOKUP($A71,Quantities[],Quantities!$Q$2),VLOOKUP($A71,Quantities[],Quantities!$S$2)),\n\n VLOOKUP(A71,Quantities[],Quantities!$H$2)\n))))))","v":0.01},{"$f":"IF(LEFT(D71,1)=\"U\",\"-\",VLOOKUP(D71,Equipment[],Equipment!$B$2))","v":"Cat D11T CD Multi-shank (w/ MSR-359H)"}]
[{"$f":"Quantities!$A$27","v":1701},"E","c","Rp1","1701-E-c-Rp1",{"$f":"IF(D72=\"Comb1\",CONCATENATE(VLOOKUP(B72,'Activity-Material_Codes'!$A$2:$B$26,Quantities!$B$2),\"-\",VLOOKUP(A72,Quantities[],Quantities!$D$2)),\nCONCATENATE(\nVLOOKUP(B72,'Activity-Material_Codes'!$A$2:$B$26,Quantities!$B$2),\nIF(AND(B72=\"B\",C72=\"a\"), \" Scraper Grading\", \"\"),\nIF(C72=\"b\",\"\",\"-\"),\nIF(C72=\"b\",\"\",VLOOKUP(A72,Quantities[],Quantities!$D$2)),\nIF(LEFT(TEXT(A72,\"0\"),1)=\"5\",\"\",\"-\"),\nIF(LEFT(TEXT(A72,\"0\"),1)=\"5\",\"\",VLOOKUP(C72,'Activity-Material_Codes'!$A$30:$B$36,Quantities!$B$2))\n))","v":"Rip-Top-Rough Graded Material"},{"$f":"CONCATENATE(\nIF(OR(RIGHT(TEXT($A72,\"0\"),Quantities!$B$2)=\"00\",LEFT(TEXT($A72,\"0\"),1)=\"5\",OR($C72=\"b\",$C72=\"f\")),\"\",VLOOKUP($A72,Quantities[],Quantities!$B$2)),\nIF(LEFT(TEXT($A72,\"0\"),1)=\"5\",\"\",\" \"),\nIF(OR(C72=\"a\",C72=\"c\",C72=\"d\",C72=\"e\"),IF(OR(RIGHT(TEXT($A72,\"0\"),Quantities!$B$2)=\"00\",LEFT(TEXT($A72,\"0\"),1)=\"5\"),VLOOKUP($A72,Quantities[],Quantities!$B$2),\"\"),\nIF(LEFT(TEXT($A72,\"0\"),1)=\"5\",VLOOKUP($A72,Quantities[],Quantities!$B$2),\nVLOOKUP(INDEX(Quantities!$A$100:$A$118,MATCH($A72,Quantities!$C$100:$C$118)),Quantities!$A$100:$B$118,Quantities!$B$2))))","v":"6C Leach "},{"$f":"IF(LEFT(TEXT(A72,\"0\"),1)=\"5\",\nVLOOKUP(VLOOKUP(A72,Quantities!$A$4:$D$118,Quantities!$C$2),Quantities!$A$4:$D$118,Quantities!$C$2),\nIF(OR(C72=\"a\",C72=\"c\",C72=\"d\",C72=\"e\"),\n\"-\",\nIF(RIGHT(TEXT(A72,\"0\"),2)=\"00\",VLOOKUP(A72,Quantities[],Quantities!$B$2),\nIF(C72=\"f\",VLOOKUP(A72,Quantities[],Quantities!$B$2),\nVLOOKUP(A72,Quantities[],Quantities!$C$2))\n)))","v":"-"},{"$f":"IF(OR(AND(LEFT(D72,2)=\"Sc\",B72=\"A\",C72=\"d\"),AND(C72=\"f\",B72=\"D\")),\nSUM(VLOOKUP($A72,Quantities[],Quantities!$O$2),VLOOKUP($A72,Quantities[],Quantities!$Q$2),VLOOKUP($A72,Quantities[],Quantities!$S$2)),\n\nIF(AND(LEFT(D72,2)=\"Sc\",OR(C72=\"a\",C72=\"f\")),\nVLOOKUP(A72,Quantities[],Quantities!$I$2),\n\nIF(AND(B72=\"D\",C72=\"b\"),\n VLOOKUP(INDEX(Quantities!$A$100:$A$118,MATCH($A72,Quantities!$C$100:$C$118)),Quantities!$A$100:$AJ$118,Quantities!$O$2)+\nVLOOKUP(INDEX(Quantities!$A$100:$A$118,MATCH($A72,Quantities!$C$100:$C$118)),Quantities!$A$100:$AJ$118,Quantities!$Q$2)+\nVLOOKUP(INDEX(Quantities!$A$100:$A$118,MATCH($A72,Quantities!$C$100:$C$118)),Quantities!$A$100:$AJ$118,Quantities!$S$2),\n\nIF(OR(B72=\"D\",B72=\"Q\"),\nSUM(VLOOKUP($A72,Quantities[],Quantities!$O$2),VLOOKUP($A72,Quantities[],Quantities!$Q$2),VLOOKUP($A72,Quantities[],Quantities!$S$2)),\n\n VLOOKUP(A72,Quantities[],Quantities!$G$2)\n))))","v":180},{"$f":"IF(LEFT(D72,2)=\"Mg\", VLOOKUP(A72,Quantities[],Quantities!$H$2),\n\nIF(OR(AND(LEFT(D72,2)=\"Sc\",B72=\"A\",C72=\"d\",C72=\"f\")),\n(SUM(VLOOKUP($A72,Quantities[],Quantities!$P$2)*VLOOKUP($A72,Quantities[],Quantities!$O$2),VLOOKUP($A72,Quantities[],Quantities!$R$2)*VLOOKUP($A72,Quantities[],Quantities!$Q$2),VLOOKUP($A72,Quantities[],Quantities!$T$2)*VLOOKUP($A72,Quantities[],Quantities!$S$2)))/SUM(VLOOKUP($A72,Quantities[],Quantities!$O$2),VLOOKUP($A72,Quantities[],Quantities!$Q$2),VLOOKUP($A72,Quantities[],Quantities!$S$2)),\n\nIF(AND(LEFT(D72,2)=\"Sc\",OR(C72=\"a\",C72=\"f\")),\nVLOOKUP(A72,Quantities[],Quantities!$J$2),\n\nIF(AND(B72=\"D\",C72=\"b\", (VLOOKUP(INDEX(Quantities!$A$100:$A$118,MATCH($A72,Quantities!$C$100:$C$118)),Quantities[],Quantities!$O$2)+VLOOKUP(INDEX(Quantities!$A$100:$A$118,MATCH($A72,Quantities!$C$100:$C$118)),Quantities[],Quantities!$Q$2)+VLOOKUP(INDEX(Quantities!$A$100:$A$118,MATCH($A72,Quantities!$C$100:$C$118)),Quantities[],Quantities!$S$2))>0),\n(VLOOKUP(INDEX(Quantities!$A$100:$A$118,MATCH($A72,Quantities!$C$100:$C$118)),Quantities[],Quantities!$P$2)*VLOOKUP(INDEX(Quantities!$A$100:$A$118,MATCH($A72,Quantities!$C$100:$C$118)),Quantities[],Quantities!$O$2)\n+VLOOKUP(INDEX(Quantities!$A$100:$A$118,MATCH($A72,Quantities!$C$100:$C$118)),Quantities[],Quantities!$R$2)*VLOOKUP(INDEX(Quantities!$A$100:$A$118,MATCH($A72,Quantities!$C$100:$C$118)),Quantities[],Quantities!$Q$2)\n+VLOOKUP(INDEX(Quantities!$A$100:$A$118,MATCH($A72,Quantities!$C$100:$C$118)),Quantities[],Quantities!$T$2)*VLOOKUP(INDEX(Quantities!$A$100:$A$118,MATCH($A72,Quantities!$C$100:$C$118)),Quantities[],Quantities!$S$2))/\n(VLOOKUP(INDEX(Quantities!$A$100:$A$118,MATCH($A72,Quantities!$C$100:$C$118)),Quantities[],Quantities!$O$2)+VLOOKUP(INDEX(Quantities!$A$100:$A$118,MATCH($A72,Quantities!$C$100:$C$118)),Quantities[],Quantities!$Q$2)+VLOOKUP(A72,Quantities[],Quantities!$S$2)),\n\nIF(AND(B72=\"D\", (VLOOKUP(A72,Quantities[],Quantities!$O$2)+VLOOKUP(A72,Quantities[],Quantities!$Q$2)+VLOOKUP(A72,Quantities[],Quantities!$S$2))>0),\n(VLOOKUP(A72,Quantities[],Quantities!$P$2)*VLOOKUP(A72,Quantities[],Quantities!$O$2)\n+VLOOKUP(A72,Quantities[],Quantities!$R$2)*VLOOKUP(A72,Quantities[],Quantities!$Q$2)\n+VLOOKUP(A72,Quantities[],Quantities!$T$2)*VLOOKUP(A72,Quantities[],Quantities!$S$2))/\n(VLOOKUP(A72,Quantities[],Quantities!$O$2)+VLOOKUP(A72,Quantities[],Quantities!$Q$2)+VLOOKUP(A72,Quantities[],Quantities!$S$2)),\n\nIF($B72=\"Q\", (SUM(VLOOKUP($A72,Quantities[],Quantities!$P$2)*VLOOKUP($A72,Quantities[],Quantities!$O$2),VLOOKUP($A72,Quantities[],Quantities!$R$2)*VLOOKUP($A72,Quantities[],Quantities!$Q$2),VLOOKUP($A72,Quantities[],Quantities!$T$2)*VLOOKUP($A72,Quantities[],Quantities!$S$2)))/SUM(VLOOKUP($A72,Quantities[],Quantities!$O$2),VLOOKUP($A72,Quantities[],Quantities!$Q$2),VLOOKUP($A72,Quantities[],Quantities!$S$2)),\n\n VLOOKUP(A72,Quantities[],Quantities!$H$2)\n))))))","v":0.01},{"$f":"IF(LEFT(D72,1)=\"U\",\"-\",VLOOKUP(D72,Equipment[],Equipment!$B$2))","v":"Cat D11T CD Multi-shank (w/ MSR-359H)"}]
[{"$f":"Quantities!$A$42","v":2301},"E","c","Rp1","2301-E-c-Rp1",{"$f":"IF(D73=\"Comb1\",CONCATENATE(VLOOKUP(B73,'Activity-Material_Codes'!$A$2:$B$26,Quantities!$B$2),\"-\",VLOOKUP(A73,Quantities[],Quantities!$D$2)),\nCONCATENATE(\nVLOOKUP(B73,'Activity-Material_Codes'!$A$2:$B$26,Quantities!$B$2),\nIF(AND(B73=\"B\",C73=\"a\"), \" Scraper Grading\", \"\"),\nIF(C73=\"b\",\"\",\"-\"),\nIF(C73=\"b\",\"\",VLOOKUP(A73,Quantities[],Quantities!$D$2)),\nIF(LEFT(TEXT(A73,\"0\"),1)=\"5\",\"\",\"-\"),\nIF(LEFT(TEXT(A73,\"0\"),1)=\"5\",\"\",VLOOKUP(C73,'Activity-Material_Codes'!$A$30:$B$36,Quantities!$B$2))\n))","v":"Rip-Top-Rough Graded Material"},{"$f":"CONCATENATE(\nIF(OR(RIGHT(TEXT($A73,\"0\"),Quantities!$B$2)=\"00\",LEFT(TEXT($A73,\"0\"),1)=\"5\",OR($C73=\"b\",$C73=\"f\")),\"\",VLOOKUP($A73,Quantities[],Quantities!$B$2)),\nIF(LEFT(TEXT($A73,\"0\"),1)=\"5\",\"\",\" \"),\nIF(OR(C73=\"a\",C73=\"c\",C73=\"d\",C73=\"e\"),IF(OR(RIGHT(TEXT($A73,\"0\"),Quantities!$B$2)=\"00\",LEFT(TEXT($A73,\"0\"),1)=\"5\"),VLOOKUP($A73,Quantities[],Quantities!$B$2),\"\"),\nIF(LEFT(TEXT($A73,\"0\"),1)=\"5\",VLOOKUP($A73,Quantities[],Quantities!$B$2),\nVLOOKUP(INDEX(Quantities!$A$100:$A$118,MATCH($A73,Quantities!$C$100:$C$118)),Quantities!$A$100:$B$118,Quantities!$B$2))))","v":"6A Leach "},{"$f":"IF(LEFT(TEXT(A73,\"0\"),1)=\"5\",\nVLOOKUP(VLOOKUP(A73,Quantities!$A$4:$D$118,Quantities!$C$2),Quantities!$A$4:$D$118,Quantities!$C$2),\nIF(OR(C73=\"a\",C73=\"c\",C73=\"d\",C73=\"e\"),\n\"-\",\nIF(RIGHT(TEXT(A73,\"0\"),2)=\"00\",VLOOKUP(A73,Quantities[],Quantities!$B$2),\nIF(C73=\"f\",VLOOKUP(A73,Quantities[],Quantities!$B$2),\nVLOOKUP(A73,Quantities[],Quantities!$C$2))\n)))","v":"-"},{"$f":"IF(OR(AND(LEFT(D73,2)=\"Sc\",B73=\"A\",C73=\"d\"),AND(C73=\"f\",B73=\"D\")),\nSUM(VLOOKUP($A73,Quantities[],Quantities!$O$2),VLOOKUP($A73,Quantities[],Quantities!$Q$2),VLOOKUP($A73,Quantities[],Quantities!$S$2)),\n\nIF(AND(LEFT(D73,2)=\"Sc\",OR(C73=\"a\",C73=\"f\")),\nVLOOKUP(A73,Quantities[],Quantities!$I$2),\n\nIF(AND(B73=\"D\",C73=\"b\"),\n VLOOKUP(INDEX(Quantities!$A$100:$A$118,MATCH($A73,Quantities!$C$100:$C$118)),Quantities!$A$100:$AJ$118,Quantities!$O$2)+\nVLOOKUP(INDEX(Quantities!$A$100:$A$118,MATCH($A73,Quantities!$C$100:$C$118)),Quantities!$A$100:$AJ$118,Quantities!$Q$2)+\nVLOOKUP(INDEX(Quantities!$A$100:$A$118,MATCH($A73,Quantities!$C$100:$C$118)),Quantities!$A$100:$AJ$118,Quantities!$S$2),\n\nIF(OR(B73=\"D\",B73=\"Q\"),\nSUM(VLOOKUP($A73,Quantities[],Quantities!$O$2),VLOOKUP($A73,Quantities[],Quantities!$Q$2),VLOOKUP($A73,Quantities[],Quantities!$S$2)),\n\n VLOOKUP(A73,Quantities[],Quantities!$G$2)\n))))","v":500},{"$f":"IF(LEFT(D73,2)=\"Mg\", VLOOKUP(A73,Quantities[],Quantities!$H$2),\n\nIF(OR(AND(LEFT(D73,2)=\"Sc\",B73=\"A\",C73=\"d\",C73=\"f\")),\n(SUM(VLOOKUP($A73,Quantities[],Quantities!$P$2)*VLOOKUP($A73,Quantities[],Quantities!$O$2),VLOOKUP($A73,Quantities[],Quantities!$R$2)*VLOOKUP($A73,Quantities[],Quantities!$Q$2),VLOOKUP($A73,Quantities[],Quantities!$T$2)*VLOOKUP($A73,Quantities[],Quantities!$S$2)))/SUM(VLOOKUP($A73,Quantities[],Quantities!$O$2),VLOOKUP($A73,Quantities[],Quantities!$Q$2),VLOOKUP($A73,Quantities[],Quantities!$S$2)),\n\nIF(AND(LEFT(D73,2)=\"Sc\",OR(C73=\"a\",C73=\"f\")),\nVLOOKUP(A73,Quantities[],Quantities!$J$2),\n\nIF(AND(B73=\"D\",C73=\"b\", (VLOOKUP(INDEX(Quantities!$A$100:$A$118,MATCH($A73,Quantities!$C$100:$C$118)),Quantities[],Quantities!$O$2)+VLOOKUP(INDEX(Quantities!$A$100:$A$118,MATCH($A73,Quantities!$C$100:$C$118)),Quantities[],Quantities!$Q$2)+VLOOKUP(INDEX(Quantities!$A$100:$A$118,MATCH($A73,Quantities!$C$100:$C$118)),Quantities[],Quantities!$S$2))>0),\n(VLOOKUP(INDEX(Quantities!$A$100:$A$118,MATCH($A73,Quantities!$C$100:$C$118)),Quantities[],Quantities!$P$2)*VLOOKUP(INDEX(Quantities!$A$100:$A$118,MATCH($A73,Quantities!$C$100:$C$118)),Quantities[],Quantities!$O$2)\n+VLOOKUP(INDEX(Quantities!$A$100:$A$118,MATCH($A73,Quantities!$C$100:$C$118)),Quantities[],Quantities!$R$2)*VLOOKUP(INDEX(Quantities!$A$100:$A$118,MATCH($A73,Quantities!$C$100:$C$118)),Quantities[],Quantities!$Q$2)\n+VLOOKUP(INDEX(Quantities!$A$100:$A$118,MATCH($A73,Quantities!$C$100:$C$118)),Quantities[],Quantities!$T$2)*VLOOKUP(INDEX(Quantities!$A$100:$A$118,MATCH($A73,Quantities!$C$100:$C$118)),Quantities[],Quantities!$S$2))/\n(VLOOKUP(INDEX(Quantities!$A$100:$A$118,MATCH($A73,Quantities!$C$100:$C$118)),Quantities[],Quantities!$O$2)+VLOOKUP(INDEX(Quantities!$A$100:$A$118,MATCH($A73,Quantities!$C$100:$C$118)),Quantities[],Quantities!$Q$2)+VLOOKUP(A73,Quantities[],Quantities!$S$2)),\n\nIF(AND(B73=\"D\", (VLOOKUP(A73,Quantities[],Quantities!$O$2)+VLOOKUP(A73,Quantities[],Quantities!$Q$2)+VLOOKUP(A73,Quantities[],Quantities!$S$2))>0),\n(VLOOKUP(A73,Quantities[],Quantities!$P$2)*VLOOKUP(A73,Quantities[],Quantities!$O$2)\n+VLOOKUP(A73,Quantities[],Quantities!$R$2)*VLOOKUP(A73,Quantities[],Quantities!$Q$2)\n+VLOOKUP(A73,Quantities[],Quantities!$T$2)*VLOOKUP(A73,Quantities[],Quantities!$S$2))/\n(VLOOKUP(A73,Quantities[],Quantities!$O$2)+VLOOKUP(A73,Quantities[],Quantities!$Q$2)+VLOOKUP(A73,Quantities[],Quantities!$S$2)),\n\nIF($B73=\"Q\", (SUM(VLOOKUP($A73,Quantities[],Quantities!$P$2)*VLOOKUP($A73,Quantities[],Quantities!$O$2),VLOOKUP($A73,Quantities[],Quantities!$R$2)*VLOOKUP($A73,Quantities[],Quantities!$Q$2),VLOOKUP($A73,Quantities[],Quantities!$T$2)*VLOOKUP($A73,Quantities[],Quantities!$S$2)))/SUM(VLOOKUP($A73,Quantities[],Quantities!$O$2),VLOOKUP($A73,Quantities[],Quantities!$Q$2),VLOOKUP($A73,Quantities[],Quantities!$S$2)),\n\n VLOOKUP(A73,Quantities[],Quantities!$H$2)\n))))))","v":0.01},{"$f":"IF(LEFT(D73,1)=\"U\",\"-\",VLOOKUP(D73,Equipment[],Equipment!$B$2))","v":"Cat D11T CD Multi-shank (w/ MSR-359H)"}]
[{"$f":"Quantities!$A$34","v":2001},"E","c","Rp1","2001-E-c-Rp1",{"$f":"IF(D74=\"Comb1\",CONCATENATE(VLOOKUP(B74,'Activity-Material_Codes'!$A$2:$B$26,Quantities!$B$2),\"-\",VLOOKUP(A74,Quantities[],Quantities!$D$2)),\nCONCATENATE(\nVLOOKUP(B74,'Activity-Material_Codes'!$A$2:$B$26,Quantities!$B$2),\nIF(AND(B74=\"B\",C74=\"a\"), \" Scraper Grading\", \"\"),\nIF(C74=\"b\",\"\",\"-\"),\nIF(C74=\"b\",\"\",VLOOKUP(A74,Quantities[],Quantities!$D$2)),\nIF(LEFT(TEXT(A74,\"0\"),1)=\"5\",\"\",\"-\"),\nIF(LEFT(TEXT(A74,\"0\"),1)=\"5\",\"\",VLOOKUP(C74,'Activity-Material_Codes'!$A$30:$B$36,Quantities!$B$2))\n))","v":"Rip-Top-Rough Graded Material"},{"$f":"CONCATENATE(\nIF(OR(RIGHT(TEXT($A74,\"0\"),Quantities!$B$2)=\"00\",LEFT(TEXT($A74,\"0\"),1)=\"5\",OR($C74=\"b\",$C74=\"f\")),\"\",VLOOKUP($A74,Quantities[],Quantities!$B$2)),\nIF(LEFT(TEXT($A74,\"0\"),1)=\"5\",\"\",\" \"),\nIF(OR(C74=\"a\",C74=\"c\",C74=\"d\",C74=\"e\"),IF(OR(RIGHT(TEXT($A74,\"0\"),Quantities!$B$2)=\"00\",LEFT(TEXT($A74,\"0\"),1)=\"5\"),VLOOKUP($A74,Quantities[],Quantities!$B$2),\"\"),\nIF(LEFT(TEXT($A74,\"0\"),1)=\"5\",VLOOKUP($A74,Quantities[],Quantities!$B$2),\nVLOOKUP(INDEX(Quantities!$A$100:$A$118,MATCH($A74,Quantities!$C$100:$C$118)),Quantities!$A$100:$B$118,Quantities!$B$2))))","v":"9A Waste  "},{"$f":"IF(LEFT(TEXT(A74,\"0\"),1)=\"5\",\nVLOOKUP(VLOOKUP(A74,Quantities!$A$4:$D$118,Quantities!$C$2),Quantities!$A$4:$D$118,Quantities!$C$2),\nIF(OR(C74=\"a\",C74=\"c\",C74=\"d\",C74=\"e\"),\n\"-\",\nIF(RIGHT(TEXT(A74,\"0\"),2)=\"00\",VLOOKUP(A74,Quantities[],Quantities!$B$2),\nIF(C74=\"f\",VLOOKUP(A74,Quantities[],Quantities!$B$2),\nVLOOKUP(A74,Quantities[],Quantities!$C$2))\n)))","v":"-"},{"$f":"IF(OR(AND(LEFT(D74,2)=\"Sc\",B74=\"A\",C74=\"d\"),AND(C74=\"f\",B74=\"D\")),\nSUM(VLOOKUP($A74,Quantities[],Quantities!$O$2),VLOOKUP($A74,Quantities[],Quantities!$Q$2),VLOOKUP($A74,Quantities[],Quantities!$S$2)),\n\nIF(AND(LEFT(D74,2)=\"Sc\",OR(C74=\"a\",C74=\"f\")),\nVLOOKUP(A74,Quantities[],Quantities!$I$2),\n\nIF(AND(B74=\"D\",C74=\"b\"),\n VLOOKUP(INDEX(Quantities!$A$100:$A$118,MATCH($A74,Quantities!$C$100:$C$118)),Quantities!$A$100:$AJ$118,Quantities!$O$2)+\nVLOOKUP(INDEX(Quantities!$A$100:$A$118,MATCH($A74,Quantities!$C$100:$C$118)),Quantities!$A$100:$AJ$118,Quantities!$Q$2)+\nVLOOKUP(INDEX(Quantities!$A$100:$A$118,MATCH($A74,Quantities!$C$100:$C$118)),Quantities!$A$100:$AJ$118,Quantities!$S$2),\n\nIF(OR(B74=\"D\",B74=\"Q\"),\nSUM(VLOOKUP($A74,Quantities[],Quantities!$O$2),VLOOKUP($A74,Quantities[],Quantities!$Q$2),VLOOKUP($A74,Quantities[],Quantities!$S$2)),\n\n VLOOKUP(A74,Quantities[],Quantities!$G$2)\n))))","v":285},{"$f":"IF(LEFT(D74,2)=\"Mg\", VLOOKUP(A74,Quantities[],Quantities!$H$2),\n\nIF(OR(AND(LEFT(D74,2)=\"Sc\",B74=\"A\",C74=\"d\",C74=\"f\")),\n(SUM(VLOOKUP($A74,Quantities[],Quantities!$P$2)*VLOOKUP($A74,Quantities[],Quantities!$O$2),VLOOKUP($A74,Quantities[],Quantities!$R$2)*VLOOKUP($A74,Quantities[],Quantities!$Q$2),VLOOKUP($A74,Quantities[],Quantities!$T$2)*VLOOKUP($A74,Quantities[],Quantities!$S$2)))/SUM(VLOOKUP($A74,Quantities[],Quantities!$O$2),VLOOKUP($A74,Quantities[],Quantities!$Q$2),VLOOKUP($A74,Quantities[],Quantities!$S$2)),\n\nIF(AND(LEFT(D74,2)=\"Sc\",OR(C74=\"a\",C74=\"f\")),\nVLOOKUP(A74,Quantities[],Quantities!$J$2),\n\nIF(AND(B74=\"D\",C74=\"b\", (VLOOKUP(INDEX(Quantities!$A$100:$A$118,MATCH($A74,Quantities!$C$100:$C$118)),Quantities[],Quantities!$O$2)+VLOOKUP(INDEX(Quantities!$A$100:$A$118,MATCH($A74,Quantities!$C$100:$C$118)),Quantities[],Quantities!$Q$2)+VLOOKUP(INDEX(Quantities!$A$100:$A$118,MATCH($A74,Quantities!$C$100:$C$118)),Quantities[],Quantities!$S$2))>0),\n(VLOOKUP(INDEX(Quantities!$A$100:$A$118,MATCH($A74,Quantities!$C$100:$C$118)),Quantities[],Quantities!$P$2)*VLOOKUP(INDEX(Quantities!$A$100:$A$118,MATCH($A74,Quantities!$C$100:$C$118)),Quantities[],Quantities!$O$2)\n+VLOOKUP(INDEX(Quantities!$A$100:$A$118,MATCH($A74,Quantities!$C$100:$C$118)),Quantities[],Quantities!$R$2)*VLOOKUP(INDEX(Quantities!$A$100:$A$118,MATCH($A74,Quantities!$C$100:$C$118)),Quantities[],Quantities!$Q$2)\n+VLOOKUP(INDEX(Quantities!$A$100:$A$118,MATCH($A74,Quantities!$C$100:$C$118)),Quantities[],Quantities!$T$2)*VLOOKUP(INDEX(Quantities!$A$100:$A$118,MATCH($A74,Quantities!$C$100:$C$118)),Quantities[],Quantities!$S$2))/\n(VLOOKUP(INDEX(Quantities!$A$100:$A$118,MATCH($A74,Quantities!$C$100:$C$118)),Quantities[],Quantities!$O$2)+VLOOKUP(INDEX(Quantities!$A$100:$A$118,MATCH($A74,Quantities!$C$100:$C$118)),Quantities[],Quantities!$Q$2)+VLOOKUP(A74,Quantities[],Quantities!$S$2)),\n\nIF(AND(B74=\"D\", (VLOOKUP(A74,Quantities[],Quantities!$O$2)+VLOOKUP(A74,Quantities[],Quantities!$Q$2)+VLOOKUP(A74,Quantities[],Quantities!$S$2))>0),\n(VLOOKUP(A74,Quantities[],Quantities!$P$2)*VLOOKUP(A74,Quantities[],Quantities!$O$2)\n+VLOOKUP(A74,Quantities[],Quantities!$R$2)*VLOOKUP(A74,Quantities[],Quantities!$Q$2)\n+VLOOKUP(A74,Quantities[],Quantities!$T$2)*VLOOKUP(A74,Quantities[],Quantities!$S$2))/\n(VLOOKUP(A74,Quantities[],Quantities!$O$2)+VLOOKUP(A74,Quantities[],Quantities!$Q$2)+VLOOKUP(A74,Quantities[],Quantities!$S$2)),\n\nIF($B74=\"Q\", (SUM(VLOOKUP($A74,Quantities[],Quantities!$P$2)*VLOOKUP($A74,Quantities[],Quantities!$O$2),VLOOKUP($A74,Quantities[],Quantities!$R$2)*VLOOKUP($A74,Quantities[],Quantities!$Q$2),VLOOKUP($A74,Quantities[],Quantities!$T$2)*VLOOKUP($A74,Quantities[],Quantities!$S$2)))/SUM(VLOOKUP($A74,Quantities[],Quantities!$O$2),VLOOKUP($A74,Quantities[],Quantities!$Q$2),VLOOKUP($A74,Quantities[],Quantities!$S$2)),\n\n VLOOKUP(A74,Quantities[],Quantities!$H$2)\n))))))","v":0.01},{"$f":"IF(LEFT(D74,1)=\"U\",\"-\",VLOOKUP(D74,Equipment[],Equipment!$B$2))","v":"Cat D11T CD Multi-shank (w/ MSR-359H)"}]
[{"$f":"Quantities!$A$32","v":1900},"E","c","Rp1","1900-E-c-Rp1",{"$f":"IF(D75=\"Comb1\",CONCATENATE(VLOOKUP(B75,'Activity-Material_Codes'!$A$2:$B$26,Quantities!$B$2),\"-\",VLOOKUP(A75,Quantities[],Quantities!$D$2)),\nCONCATENATE(\nVLOOKUP(B75,'Activity-Material_Codes'!$A$2:$B$26,Quantities!$B$2),\nIF(AND(B75=\"B\",C75=\"a\"), \" Scraper Grading\", \"\"),\nIF(C75=\"b\",\"\",\"-\"),\nIF(C75=\"b\",\"\",VLOOKUP(A75,Quantities[],Quantities!$D$2)),\nIF(LEFT(TEXT(A75,\"0\"),1)=\"5\",\"\",\"-\"),\nIF(LEFT(TEXT(A75,\"0\"),1)=\"5\",\"\",VLOOKUP(C75,'Activity-Material_Codes'!$A$30:$B$36,Quantities!$B$2))\n))","v":"Rip-Sludge Disposal Area-Rough Graded Material"},{"$f":"CONCATENATE(\nIF(OR(RIGHT(TEXT($A75,\"0\"),Quantities!$B$2)=\"00\",LEFT(TEXT($A75,\"0\"),1)=\"5\",OR($C75=\"b\",$C75=\"f\")),\"\",VLOOKUP($A75,Quantities[],Quantities!$B$2)),\nIF(LEFT(TEXT($A75,\"0\"),1)=\"5\",\"\",\" \"),\nIF(OR(C75=\"a\",C75=\"c\",C75=\"d\",C75=\"e\"),IF(OR(RIGHT(TEXT($A75,\"0\"),Quantities!$B$2)=\"00\",LEFT(TEXT($A75,\"0\"),1)=\"5\"),VLOOKUP($A75,Quantities[],Quantities!$B$2),\"\"),\nIF(LEFT(TEXT($A75,\"0\"),1)=\"5\",VLOOKUP($A75,Quantities[],Quantities!$B$2),\nVLOOKUP(INDEX(Quantities!$A$100:$A$118,MATCH($A75,Quantities!$C$100:$C$118)),Quantities!$A$100:$B$118,Quantities!$B$2))))","v":" 8A Waste, 8C Waste"},{"$f":"IF(LEFT(TEXT(A75,\"0\"),1)=\"5\",\nVLOOKUP(VLOOKUP(A75,Quantities!$A$4:$D$118,Quantities!$C$2),Quantities!$A$4:$D$118,Quantities!$C$2),\nIF(OR(C75=\"a\",C75=\"c\",C75=\"d\",C75=\"e\"),\n\"-\",\nIF(RIGHT(TEXT(A75,\"0\"),2)=\"00\",VLOOKUP(A75,Quantities[],Quantities!$B$2),\nIF(C75=\"f\",VLOOKUP(A75,Quantities[],Quantities!$B$2),\nVLOOKUP(A75,Quantities[],Quantities!$C$2))\n)))","v":"-"},{"$f":"IF(OR(AND(LEFT(D75,2)=\"Sc\",B75=\"A\",C75=\"d\"),AND(C75=\"f\",B75=\"D\")),\nSUM(VLOOKUP($A75,Quantities[],Quantities!$O$2),VLOOKUP($A75,Quantities[],Quantities!$Q$2),VLOOKUP($A75,Quantities[],Quantities!$S$2)),\n\nIF(AND(LEFT(D75,2)=\"Sc\",OR(C75=\"a\",C75=\"f\")),\nVLOOKUP(A75,Quantities[],Quantities!$I$2),\n\nIF(AND(B75=\"D\",C75=\"b\"),\n VLOOKUP(INDEX(Quantities!$A$100:$A$118,MATCH($A75,Quantities!$C$100:$C$118)),Quantities!$A$100:$AJ$118,Quantities!$O$2)+\nVLOOKUP(INDEX(Quantities!$A$100:$A$118,MATCH($A75,Quantities!$C$100:$C$118)),Quantities!$A$100:$AJ$118,Quantities!$Q$2)+\nVLOOKUP(INDEX(Quantities!$A$100:$A$118,MATCH($A75,Quantities!$C$100:$C$118)),Quantities!$A$100:$AJ$118,Quantities!$S$2),\n\nIF(OR(B75=\"D\",B75=\"Q\"),\nSUM(VLOOKUP($A75,Quantities[],Quantities!$O$2),VLOOKUP($A75,Quantities[],Quantities!$Q$2),VLOOKUP($A75,Quantities[],Quantities!$S$2)),\n\n VLOOKUP(A75,Quantities[],Quantities!$G$2)\n))))","v":0},{"$f":"IF(LEFT(D75,2)=\"Mg\", VLOOKUP(A75,Quantities[],Quantities!$H$2),\n\nIF(OR(AND(LEFT(D75,2)=\"Sc\",B75=\"A\",C75=\"d\",C75=\"f\")),\n(SUM(VLOOKUP($A75,Quantities[],Quantities!$P$2)*VLOOKUP($A75,Quantities[],Quantities!$O$2),VLOOKUP($A75,Quantities[],Quantities!$R$2)*VLOOKUP($A75,Quantities[],Quantities!$Q$2),VLOOKUP($A75,Quantities[],Quantities!$T$2)*VLOOKUP($A75,Quantities[],Quantities!$S$2)))/SUM(VLOOKUP($A75,Quantities[],Quantities!$O$2),VLOOKUP($A75,Quantities[],Quantities!$Q$2),VLOOKUP($A75,Quantities[],Quantities!$S$2)),\n\nIF(AND(LEFT(D75,2)=\"Sc\",OR(C75=\"a\",C75=\"f\")),\nVLOOKUP(A75,Quantities[],Quantities!$J$2),\n\nIF(AND(B75=\"D\",C75=\"b\", (VLOOKUP(INDEX(Quantities!$A$100:$A$118,MATCH($A75,Quantities!$C$100:$C$118)),Quantities[],Quantities!$O$2)+VLOOKUP(INDEX(Quantities!$A$100:$A$118,MATCH($A75,Quantities!$C$100:$C$118)),Quantities[],Quantities!$Q$2)+VLOOKUP(INDEX(Quantities!$A$100:$A$118,MATCH($A75,Quantities!$C$100:$C$118)),Quantities[],Quantities!$S$2))>0),\n(VLOOKUP(INDEX(Quantities!$A$100:$A$118,MATCH($A75,Quantities!$C$100:$C$118)),Quantities[],Quantities!$P$2)*VLOOKUP(INDEX(Quantities!$A$100:$A$118,MATCH($A75,Quantities!$C$100:$C$118)),Quantities[],Quantities!$O$2)\n+VLOOKUP(INDEX(Quantities!$A$100:$A$118,MATCH($A75,Quantities!$C$100:$C$118)),Quantities[],Quantities!$R$2)*VLOOKUP(INDEX(Quantities!$A$100:$A$118,MATCH($A75,Quantities!$C$100:$C$118)),Quantities[],Quantities!$Q$2)\n+VLOOKUP(INDEX(Quantities!$A$100:$A$118,MATCH($A75,Quantities!$C$100:$C$118)),Quantities[],Quantities!$T$2)*VLOOKUP(INDEX(Quantities!$A$100:$A$118,MATCH($A75,Quantities!$C$100:$C$118)),Quantities[],Quantities!$S$2))/\n(VLOOKUP(INDEX(Quantities!$A$100:$A$118,MATCH($A75,Quantities!$C$100:$C$118)),Quantities[],Quantities!$O$2)+VLOOKUP(INDEX(Quantities!$A$100:$A$118,MATCH($A75,Quantities!$C$100:$C$118)),Quantities[],Quantities!$Q$2)+VLOOKUP(A75,Quantities[],Quantities!$S$2)),\n\nIF(AND(B75=\"D\", (VLOOKUP(A75,Quantities[],Quantities!$O$2)+VLOOKUP(A75,Quantities[],Quantities!$Q$2)+VLOOKUP(A75,Quantities[],Quantities!$S$2))>0),\n(VLOOKUP(A75,Quantities[],Quantities!$P$2)*VLOOKUP(A75,Quantities[],Quantities!$O$2)\n+VLOOKUP(A75,Quantities[],Quantities!$R$2)*VLOOKUP(A75,Quantities[],Quantities!$Q$2)\n+VLOOKUP(A75,Quantities[],Quantities!$T$2)*VLOOKUP(A75,Quantities[],Quantities!$S$2))/\n(VLOOKUP(A75,Quantities[],Quantities!$O$2)+VLOOKUP(A75,Quantities[],Quantities!$Q$2)+VLOOKUP(A75,Quantities[],Quantities!$S$2)),\n\nIF($B75=\"Q\", (SUM(VLOOKUP($A75,Quantities[],Quantities!$P$2)*VLOOKUP($A75,Quantities[],Quantities!$O$2),VLOOKUP($A75,Quantities[],Quantities!$R$2)*VLOOKUP($A75,Quantities[],Quantities!$Q$2),VLOOKUP($A75,Quantities[],Quantities!$T$2)*VLOOKUP($A75,Quantities[],Quantities!$S$2)))/SUM(VLOOKUP($A75,Quantities[],Quantities!$O$2),VLOOKUP($A75,Quantities[],Quantities!$Q$2),VLOOKUP($A75,Quantities[],Quantities!$S$2)),\n\n VLOOKUP(A75,Quantities[],Quantities!$H$2)\n))))))","v":0},{"$f":"IF(LEFT(D75,1)=\"U\",\"-\",VLOOKUP(D75,Equipment[],Equipment!$B$2))","v":"Cat D11T CD Multi-shank (w/ MSR-359H)"}]
[{"$f":"Quantities!$A$61","v":2701},"E","c","Rp1","2701-E-c-Rp1",{"$f":"IF(D76=\"Comb1\",CONCATENATE(VLOOKUP(B76,'Activity-Material_Codes'!$A$2:$B$26,Quantities!$B$2),\"-\",VLOOKUP(A76,Quantities[],Quantities!$D$2)),\nCONCATENATE(\nVLOOKUP(B76,'Activity-Material_Codes'!$A$2:$B$26,Quantities!$B$2),\nIF(AND(B76=\"B\",C76=\"a\"), \" Scraper Grading\", \"\"),\nIF(C76=\"b\",\"\",\"-\"),\nIF(C76=\"b\",\"\",VLOOKUP(A76,Quantities[],Quantities!$D$2)),\nIF(LEFT(TEXT(A76,\"0\"),1)=\"5\",\"\",\"-\"),\nIF(LEFT(TEXT(A76,\"0\"),1)=\"5\",\"\",VLOOKUP(C76,'Activity-Material_Codes'!$A$30:$B$36,Quantities!$B$2))\n))","v":"Rip-Surface Impoundments closed at year 99; some closed year 6-Rough Graded Material"},{"$f":"CONCATENATE(\nIF(OR(RIGHT(TEXT($A76,\"0\"),Quantities!$B$2)=\"00\",LEFT(TEXT($A76,\"0\"),1)=\"5\",OR($C76=\"b\",$C76=\"f\")),\"\",VLOOKUP($A76,Quantities[],Quantities!$B$2)),\nIF(LEFT(TEXT($A76,\"0\"),1)=\"5\",\"\",\" \"),\nIF(OR(C76=\"a\",C76=\"c\",C76=\"d\",C76=\"e\"),IF(OR(RIGHT(TEXT($A76,\"0\"),Quantities!$B$2)=\"00\",LEFT(TEXT($A76,\"0\"),1)=\"5\"),VLOOKUP($A76,Quantities[],Quantities!$B$2),\"\"),\nIF(LEFT(TEXT($A76,\"0\"),1)=\"5\",VLOOKUP($A76,Quantities[],Quantities!$B$2),\nVLOOKUP(INDEX(Quantities!$A$100:$A$118,MATCH($A76,Quantities!$C$100:$C$118)),Quantities!$A$100:$B$118,Quantities!$B$2))))","v":"Surface Impoundments closed at year 99; some closed year 6 "},{"$f":"IF(LEFT(TEXT(A76,\"0\"),1)=\"5\",\nVLOOKUP(VLOOKUP(A76,Quantities!$A$4:$D$118,Quantities!$C$2),Quantities!$A$4:$D$118,Quantities!$C$2),\nIF(OR(C76=\"a\",C76=\"c\",C76=\"d\",C76=\"e\"),\n\"-\",\nIF(RIGHT(TEXT(A76,\"0\"),2)=\"00\",VLOOKUP(A76,Quantities[],Quantities!$B$2),\nIF(C76=\"f\",VLOOKUP(A76,Quantities[],Quantities!$B$2),\nVLOOKUP(A76,Quantities[],Quantities!$C$2))\n)))","v":"-"},{"$f":"IF(OR(AND(LEFT(D76,2)=\"Sc\",B76=\"A\",C76=\"d\"),AND(C76=\"f\",B76=\"D\")),\nSUM(VLOOKUP($A76,Quantities[],Quantities!$O$2),VLOOKUP($A76,Quantities[],Quantities!$Q$2),VLOOKUP($A76,Quantities[],Quantities!$S$2)),\n\nIF(AND(LEFT(D76,2)=\"Sc\",OR(C76=\"a\",C76=\"f\")),\nVLOOKUP(A76,Quantities[],Quantities!$I$2),\n\nIF(AND(B76=\"D\",C76=\"b\"),\n VLOOKUP(INDEX(Quantities!$A$100:$A$118,MATCH($A76,Quantities!$C$100:$C$118)),Quantities!$A$100:$AJ$118,Quantities!$O$2)+\nVLOOKUP(INDEX(Quantities!$A$100:$A$118,MATCH($A76,Quantities!$C$100:$C$118)),Quantities!$A$100:$AJ$118,Quantities!$Q$2)+\nVLOOKUP(INDEX(Quantities!$A$100:$A$118,MATCH($A76,Quantities!$C$100:$C$118)),Quantities!$A$100:$AJ$118,Quantities!$S$2),\n\nIF(OR(B76=\"D\",B76=\"Q\"),\nSUM(VLOOKUP($A76,Quantities[],Quantities!$O$2),VLOOKUP($A76,Quantities[],Quantities!$Q$2),VLOOKUP($A76,Quantities[],Quantities!$S$2)),\n\n VLOOKUP(A76,Quantities[],Quantities!$G$2)\n))))","v":0},{"$f":"IF(LEFT(D76,2)=\"Mg\", VLOOKUP(A76,Quantities[],Quantities!$H$2),\n\nIF(OR(AND(LEFT(D76,2)=\"Sc\",B76=\"A\",C76=\"d\",C76=\"f\")),\n(SUM(VLOOKUP($A76,Quantities[],Quantities!$P$2)*VLOOKUP($A76,Quantities[],Quantities!$O$2),VLOOKUP($A76,Quantities[],Quantities!$R$2)*VLOOKUP($A76,Quantities[],Quantities!$Q$2),VLOOKUP($A76,Quantities[],Quantities!$T$2)*VLOOKUP($A76,Quantities[],Quantities!$S$2)))/SUM(VLOOKUP($A76,Quantities[],Quantities!$O$2),VLOOKUP($A76,Quantities[],Quantities!$Q$2),VLOOKUP($A76,Quantities[],Quantities!$S$2)),\n\nIF(AND(LEFT(D76,2)=\"Sc\",OR(C76=\"a\",C76=\"f\")),\nVLOOKUP(A76,Quantities[],Quantities!$J$2),\n\nIF(AND(B76=\"D\",C76=\"b\", (VLOOKUP(INDEX(Quantities!$A$100:$A$118,MATCH($A76,Quantities!$C$100:$C$118)),Quantities[],Quantities!$O$2)+VLOOKUP(INDEX(Quantities!$A$100:$A$118,MATCH($A76,Quantities!$C$100:$C$118)),Quantities[],Quantities!$Q$2)+VLOOKUP(INDEX(Quantities!$A$100:$A$118,MATCH($A76,Quantities!$C$100:$C$118)),Quantities[],Quantities!$S$2))>0),\n(VLOOKUP(INDEX(Quantities!$A$100:$A$118,MATCH($A76,Quantities!$C$100:$C$118)),Quantities[],Quantities!$P$2)*VLOOKUP(INDEX(Quantities!$A$100:$A$118,MATCH($A76,Quantities!$C$100:$C$118)),Quantities[],Quantities!$O$2)\n+VLOOKUP(INDEX(Quantities!$A$100:$A$118,MATCH($A76,Quantities!$C$100:$C$118)),Quantities[],Quantities!$R$2)*VLOOKUP(INDEX(Quantities!$A$100:$A$118,MATCH($A76,Quantities!$C$100:$C$118)),Quantities[],Quantities!$Q$2)\n+VLOOKUP(INDEX(Quantities!$A$100:$A$118,MATCH($A76,Quantities!$C$100:$C$118)),Quantities[],Quantities!$T$2)*VLOOKUP(INDEX(Quantities!$A$100:$A$118,MATCH($A76,Quantities!$C$100:$C$118)),Quantities[],Quantities!$S$2))/\n(VLOOKUP(INDEX(Quantities!$A$100:$A$118,MATCH($A76,Quantities!$C$100:$C$118)),Quantities[],Quantities!$O$2)+VLOOKUP(INDEX(Quantities!$A$100:$A$118,MATCH($A76,Quantities!$C$100:$C$118)),Quantities[],Quantities!$Q$2)+VLOOKUP(A76,Quantities[],Quantities!$S$2)),\n\nIF(AND(B76=\"D\", (VLOOKUP(A76,Quantities[],Quantities!$O$2)+VLOOKUP(A76,Quantities[],Quantities!$Q$2)+VLOOKUP(A76,Quantities[],Quantities!$S$2))>0),\n(VLOOKUP(A76,Quantities[],Quantities!$P$2)*VLOOKUP(A76,Quantities[],Quantities!$O$2)\n+VLOOKUP(A76,Quantities[],Quantities!$R$2)*VLOOKUP(A76,Quantities[],Quantities!$Q$2)\n+VLOOKUP(A76,Quantities[],Quantities!$T$2)*VLOOKUP(A76,Quantities[],Quantities!$S$2))/\n(VLOOKUP(A76,Quantities[],Quantities!$O$2)+VLOOKUP(A76,Quantities[],Quantities!$Q$2)+VLOOKUP(A76,Quantities[],Quantities!$S$2)),\n\nIF($B76=\"Q\", (SUM(VLOOKUP($A76,Quantities[],Quantities!$P$2)*VLOOKUP($A76,Quantities[],Quantities!$O$2),VLOOKUP($A76,Quantities[],Quantities!$R$2)*VLOOKUP($A76,Quantities[],Quantities!$Q$2),VLOOKUP($A76,Quantities[],Quantities!$T$2)*VLOOKUP($A76,Quantities[],Quantities!$S$2)))/SUM(VLOOKUP($A76,Quantities[],Quantities!$O$2),VLOOKUP($A76,Quantities[],Quantities!$Q$2),VLOOKUP($A76,Quantities[],Quantities!$S$2)),\n\n VLOOKUP(A76,Quantities[],Quantities!$H$2)\n))))))","v":0.01},{"$f":"IF(LEFT(D76,1)=\"U\",\"-\",VLOOKUP(D76,Equipment[],Equipment!$B$2))","v":"Cat D11T CD Multi-shank (w/ MSR-359H)"}]
[{"$f":"Quantities!$A$59","v":2600},"E","c","Rp1","2600-E-c-Rp1",{"$f":"IF(D77=\"Comb1\",CONCATENATE(VLOOKUP(B77,'Activity-Material_Codes'!$A$2:$B$26,Quantities!$B$2),\"-\",VLOOKUP(A77,Quantities[],Quantities!$D$2)),\nCONCATENATE(\nVLOOKUP(B77,'Activity-Material_Codes'!$A$2:$B$26,Quantities!$B$2),\nIF(AND(B77=\"B\",C77=\"a\"), \" Scraper Grading\", \"\"),\nIF(C77=\"b\",\"\",\"-\"),\nIF(C77=\"b\",\"\",VLOOKUP(A77,Quantities[],Quantities!$D$2)),\nIF(LEFT(TEXT(A77,\"0\"),1)=\"5\",\"\",\"-\"),\nIF(LEFT(TEXT(A77,\"0\"),1)=\"5\",\"\",VLOOKUP(C77,'Activity-Material_Codes'!$A$30:$B$36,Quantities!$B$2))\n))","v":"Rip-Tailing Launder Line-Rough Graded Material"},{"$f":"CONCATENATE(\nIF(OR(RIGHT(TEXT($A77,\"0\"),Quantities!$B$2)=\"00\",LEFT(TEXT($A77,\"0\"),1)=\"5\",OR($C77=\"b\",$C77=\"f\")),\"\",VLOOKUP($A77,Quantities[],Quantities!$B$2)),\nIF(LEFT(TEXT($A77,\"0\"),1)=\"5\",\"\",\" \"),\nIF(OR(C77=\"a\",C77=\"c\",C77=\"d\",C77=\"e\"),IF(OR(RIGHT(TEXT($A77,\"0\"),Quantities!$B$2)=\"00\",LEFT(TEXT($A77,\"0\"),1)=\"5\"),VLOOKUP($A77,Quantities[],Quantities!$B$2),\"\"),\nIF(LEFT(TEXT($A77,\"0\"),1)=\"5\",VLOOKUP($A77,Quantities[],Quantities!$B$2),\nVLOOKUP(INDEX(Quantities!$A$100:$A$118,MATCH($A77,Quantities!$C$100:$C$118)),Quantities!$A$100:$B$118,Quantities!$B$2))))","v":" Reclaimed Tailing Launder Line"},{"$f":"IF(LEFT(TEXT(A77,\"0\"),1)=\"5\",\nVLOOKUP(VLOOKUP(A77,Quantities!$A$4:$D$118,Quantities!$C$2),Quantities!$A$4:$D$118,Quantities!$C$2),\nIF(OR(C77=\"a\",C77=\"c\",C77=\"d\",C77=\"e\"),\n\"-\",\nIF(RIGHT(TEXT(A77,\"0\"),2)=\"00\",VLOOKUP(A77,Quantities[],Quantities!$B$2),\nIF(C77=\"f\",VLOOKUP(A77,Quantities[],Quantities!$B$2),\nVLOOKUP(A77,Quantities[],Quantities!$C$2))\n)))","v":"-"},{"$f":"IF(OR(AND(LEFT(D77,2)=\"Sc\",B77=\"A\",C77=\"d\"),AND(C77=\"f\",B77=\"D\")),\nSUM(VLOOKUP($A77,Quantities[],Quantities!$O$2),VLOOKUP($A77,Quantities[],Quantities!$Q$2),VLOOKUP($A77,Quantities[],Quantities!$S$2)),\n\nIF(AND(LEFT(D77,2)=\"Sc\",OR(C77=\"a\",C77=\"f\")),\nVLOOKUP(A77,Quantities[],Quantities!$I$2),\n\nIF(AND(B77=\"D\",C77=\"b\"),\n VLOOKUP(INDEX(Quantities!$A$100:$A$118,MATCH($A77,Quantities!$C$100:$C$118)),Quantities!$A$100:$AJ$118,Quantities!$O$2)+\nVLOOKUP(INDEX(Quantities!$A$100:$A$118,MATCH($A77,Quantities!$C$100:$C$118)),Quantities!$A$100:$AJ$118,Quantities!$Q$2)+\nVLOOKUP(INDEX(Quantities!$A$100:$A$118,MATCH($A77,Quantities!$C$100:$C$118)),Quantities!$A$100:$AJ$118,Quantities!$S$2),\n\nIF(OR(B77=\"D\",B77=\"Q\"),\nSUM(VLOOKUP($A77,Quantities[],Quantities!$O$2),VLOOKUP($A77,Quantities[],Quantities!$Q$2),VLOOKUP($A77,Quantities[],Quantities!$S$2)),\n\n VLOOKUP(A77,Quantities[],Quantities!$G$2)\n))))","v":100},{"$f":"IF(LEFT(D77,2)=\"Mg\", VLOOKUP(A77,Quantities[],Quantities!$H$2),\n\nIF(OR(AND(LEFT(D77,2)=\"Sc\",B77=\"A\",C77=\"d\",C77=\"f\")),\n(SUM(VLOOKUP($A77,Quantities[],Quantities!$P$2)*VLOOKUP($A77,Quantities[],Quantities!$O$2),VLOOKUP($A77,Quantities[],Quantities!$R$2)*VLOOKUP($A77,Quantities[],Quantities!$Q$2),VLOOKUP($A77,Quantities[],Quantities!$T$2)*VLOOKUP($A77,Quantities[],Quantities!$S$2)))/SUM(VLOOKUP($A77,Quantities[],Quantities!$O$2),VLOOKUP($A77,Quantities[],Quantities!$Q$2),VLOOKUP($A77,Quantities[],Quantities!$S$2)),\n\nIF(AND(LEFT(D77,2)=\"Sc\",OR(C77=\"a\",C77=\"f\")),\nVLOOKUP(A77,Quantities[],Quantities!$J$2),\n\nIF(AND(B77=\"D\",C77=\"b\", (VLOOKUP(INDEX(Quantities!$A$100:$A$118,MATCH($A77,Quantities!$C$100:$C$118)),Quantities[],Quantities!$O$2)+VLOOKUP(INDEX(Quantities!$A$100:$A$118,MATCH($A77,Quantities!$C$100:$C$118)),Quantities[],Quantities!$Q$2)+VLOOKUP(INDEX(Quantities!$A$100:$A$118,MATCH($A77,Quantities!$C$100:$C$118)),Quantities[],Quantities!$S$2))>0),\n(VLOOKUP(INDEX(Quantities!$A$100:$A$118,MATCH($A77,Quantities!$C$100:$C$118)),Quantities[],Quantities!$P$2)*VLOOKUP(INDEX(Quantities!$A$100:$A$118,MATCH($A77,Quantities!$C$100:$C$118)),Quantities[],Quantities!$O$2)\n+VLOOKUP(INDEX(Quantities!$A$100:$A$118,MATCH($A77,Quantities!$C$100:$C$118)),Quantities[],Quantities!$R$2)*VLOOKUP(INDEX(Quantities!$A$100:$A$118,MATCH($A77,Quantities!$C$100:$C$118)),Quantities[],Quantities!$Q$2)\n+VLOOKUP(INDEX(Quantities!$A$100:$A$118,MATCH($A77,Quantities!$C$100:$C$118)),Quantities[],Quantities!$T$2)*VLOOKUP(INDEX(Quantities!$A$100:$A$118,MATCH($A77,Quantities!$C$100:$C$118)),Quantities[],Quantities!$S$2))/\n(VLOOKUP(INDEX(Quantities!$A$100:$A$118,MATCH($A77,Quantities!$C$100:$C$118)),Quantities[],Quantities!$O$2)+VLOOKUP(INDEX(Quantities!$A$100:$A$118,MATCH($A77,Quantities!$C$100:$C$118)),Quantities[],Quantities!$Q$2)+VLOOKUP(A77,Quantities[],Quantities!$S$2)),\n\nIF(AND(B77=\"D\", (VLOOKUP(A77,Quantities[],Quantities!$O$2)+VLOOKUP(A77,Quantities[],Quantities!$Q$2)+VLOOKUP(A77,Quantities[],Quantities!$S$2))>0),\n(VLOOKUP(A77,Quantities[],Quantities!$P$2)*VLOOKUP(A77,Quantities[],Quantities!$O$2)\n+VLOOKUP(A77,Quantities[],Quantities!$R$2)*VLOOKUP(A77,Quantities[],Quantities!$Q$2)\n+VLOOKUP(A77,Quantities[],Quantities!$T$2)*VLOOKUP(A77,Quantities[],Quantities!$S$2))/\n(VLOOKUP(A77,Quantities[],Quantities!$O$2)+VLOOKUP(A77,Quantities[],Quantities!$Q$2)+VLOOKUP(A77,Quantities[],Quantities!$S$2)),\n\nIF($B77=\"Q\", (SUM(VLOOKUP($A77,Quantities[],Quantities!$P$2)*VLOOKUP($A77,Quantities[],Quantities!$O$2),VLOOKUP($A77,Quantities[],Quantities!$R$2)*VLOOKUP($A77,Quantities[],Quantities!$Q$2),VLOOKUP($A77,Quantities[],Quantities!$T$2)*VLOOKUP($A77,Quantities[],Quantities!$S$2)))/SUM(VLOOKUP($A77,Quantities[],Quantities!$O$2),VLOOKUP($A77,Quantities[],Quantities!$Q$2),VLOOKUP($A77,Quantities[],Quantities!$S$2)),\n\n VLOOKUP(A77,Quantities[],Quantities!$H$2)\n))))))","v":0.01},{"$f":"IF(LEFT(D77,1)=\"U\",\"-\",VLOOKUP(D77,Equipment[],Equipment!$B$2))","v":"Cat D11T CD Multi-shank (w/ MSR-359H)"}]
[{"$f":"Quantities!A61","v":2701},"K","a","Ex1","2701-K-a-Ex1",{"$f":"IF(D78=\"Comb1\",CONCATENATE(VLOOKUP(B78,'Activity-Material_Codes'!$A$2:$B$26,Quantities!$B$2),\"-\",VLOOKUP(A78,Quantities[],Quantities!$D$2)),\nCONCATENATE(\nVLOOKUP(B78,'Activity-Material_Codes'!$A$2:$B$26,Quantities!$B$2),\nIF(AND(B78=\"B\",C78=\"a\"), \" Scraper Grading\", \"\"),\nIF(C78=\"b\",\"\",\"-\"),\nIF(C78=\"b\",\"\",VLOOKUP(A78,Quantities[],Quantities!$D$2)),\nIF(LEFT(TEXT(A78,\"0\"),1)=\"5\",\"\",\"-\"),\nIF(LEFT(TEXT(A78,\"0\"),1)=\"5\",\"\",VLOOKUP(C78,'Activity-Material_Codes'!$A$30:$B$36,Quantities!$B$2))\n))","v":"Perforate Liner-Surface Impoundments closed at year 99; some closed year 6-Existing Ground"},{"$f":"CONCATENATE(\nIF(OR(RIGHT(TEXT($A78,\"0\"),Quantities!$B$2)=\"00\",LEFT(TEXT($A78,\"0\"),1)=\"5\",OR($C78=\"b\",$C78=\"f\")),\"\",VLOOKUP($A78,Quantities[],Quantities!$B$2)),\nIF(LEFT(TEXT($A78,\"0\"),1)=\"5\",\"\",\" \"),\nIF(OR(C78=\"a\",C78=\"c\",C78=\"d\",C78=\"e\"),IF(OR(RIGHT(TEXT($A78,\"0\"),Quantities!$B$2)=\"00\",LEFT(TEXT($A78,\"0\"),1)=\"5\"),VLOOKUP($A78,Quantities[],Quantities!$B$2),\"\"),\nIF(LEFT(TEXT($A78,\"0\"),1)=\"5\",VLOOKUP($A78,Quantities[],Quantities!$B$2),\nVLOOKUP(INDEX(Quantities!$A$100:$A$118,MATCH($A78,Quantities!$C$100:$C$118)),Quantities!$A$100:$B$118,Quantities!$B$2))))","v":"Surface Impoundments closed at year 99; some closed year 6 "},{"$f":"IF(LEFT(TEXT(A78,\"0\"),1)=\"5\",\nVLOOKUP(VLOOKUP(A78,Quantities!$A$4:$D$118,Quantities!$C$2),Quantities!$A$4:$D$118,Quantities!$C$2),\nIF(OR(C78=\"a\",C78=\"c\",C78=\"d\",C78=\"e\"),\n\"-\",\nIF(RIGHT(TEXT(A78,\"0\"),2)=\"00\",VLOOKUP(A78,Quantities[],Quantities!$B$2),\nIF(C78=\"f\",VLOOKUP(A78,Quantities[],Quantities!$B$2),\nVLOOKUP(A78,Quantities[],Quantities!$C$2))\n)))","v":"-"},{"$f":"IF(OR(AND(LEFT(D78,2)=\"Sc\",B78=\"A\",C78=\"d\"),AND(C78=\"f\",B78=\"D\")),\nSUM(VLOOKUP($A78,Quantities[],Quantities!$O$2),VLOOKUP($A78,Quantities[],Quantities!$Q$2),VLOOKUP($A78,Quantities[],Quantities!$S$2)),\n\nIF(AND(LEFT(D78,2)=\"Sc\",OR(C78=\"a\",C78=\"f\")),\nVLOOKUP(A78,Quantities[],Quantities!$I$2),\n\nIF(AND(B78=\"D\",C78=\"b\"),\n VLOOKUP(INDEX(Quantities!$A$100:$A$118,MATCH($A78,Quantities!$C$100:$C$118)),Quantities!$A$100:$AJ$118,Quantities!$O$2)+\nVLOOKUP(INDEX(Quantities!$A$100:$A$118,MATCH($A78,Quantities!$C$100:$C$118)),Quantities!$A$100:$AJ$118,Quantities!$Q$2)+\nVLOOKUP(INDEX(Quantities!$A$100:$A$118,MATCH($A78,Quantities!$C$100:$C$118)),Quantities!$A$100:$AJ$118,Quantities!$S$2),\n\nIF(OR(B78=\"D\",B78=\"Q\"),\nSUM(VLOOKUP($A78,Quantities[],Quantities!$O$2),VLOOKUP($A78,Quantities[],Quantities!$Q$2),VLOOKUP($A78,Quantities[],Quantities!$S$2)),\n\n VLOOKUP(A78,Quantities[],Quantities!$G$2)\n))))","v":0},{"$f":"IF(LEFT(D78,2)=\"Mg\", VLOOKUP(A78,Quantities[],Quantities!$H$2),\n\nIF(OR(AND(LEFT(D78,2)=\"Sc\",B78=\"A\",C78=\"d\",C78=\"f\")),\n(SUM(VLOOKUP($A78,Quantities[],Quantities!$P$2)*VLOOKUP($A78,Quantities[],Quantities!$O$2),VLOOKUP($A78,Quantities[],Quantities!$R$2)*VLOOKUP($A78,Quantities[],Quantities!$Q$2),VLOOKUP($A78,Quantities[],Quantities!$T$2)*VLOOKUP($A78,Quantities[],Quantities!$S$2)))/SUM(VLOOKUP($A78,Quantities[],Quantities!$O$2),VLOOKUP($A78,Quantities[],Quantities!$Q$2),VLOOKUP($A78,Quantities[],Quantities!$S$2)),\n\nIF(AND(LEFT(D78,2)=\"Sc\",OR(C78=\"a\",C78=\"f\")),\nVLOOKUP(A78,Quantities[],Quantities!$J$2),\n\nIF(AND(B78=\"D\",C78=\"b\", (VLOOKUP(INDEX(Quantities!$A$100:$A$118,MATCH($A78,Quantities!$C$100:$C$118)),Quantities[],Quantities!$O$2)+VLOOKUP(INDEX(Quantities!$A$100:$A$118,MATCH($A78,Quantities!$C$100:$C$118)),Quantities[],Quantities!$Q$2)+VLOOKUP(INDEX(Quantities!$A$100:$A$118,MATCH($A78,Quantities!$C$100:$C$118)),Quantities[],Quantities!$S$2))>0),\n(VLOOKUP(INDEX(Quantities!$A$100:$A$118,MATCH($A78,Quantities!$C$100:$C$118)),Quantities[],Quantities!$P$2)*VLOOKUP(INDEX(Quantities!$A$100:$A$118,MATCH($A78,Quantities!$C$100:$C$118)),Quantities[],Quantities!$O$2)\n+VLOOKUP(INDEX(Quantities!$A$100:$A$118,MATCH($A78,Quantities!$C$100:$C$118)),Quantities[],Quantities!$R$2)*VLOOKUP(INDEX(Quantities!$A$100:$A$118,MATCH($A78,Quantities!$C$100:$C$118)),Quantities[],Quantities!$Q$2)\n+VLOOKUP(INDEX(Quantities!$A$100:$A$118,MATCH($A78,Quantities!$C$100:$C$118)),Quantities[],Quantities!$T$2)*VLOOKUP(INDEX(Quantities!$A$100:$A$118,MATCH($A78,Quantities!$C$100:$C$118)),Quantities[],Quantities!$S$2))/\n(VLOOKUP(INDEX(Quantities!$A$100:$A$118,MATCH($A78,Quantities!$C$100:$C$118)),Quantities[],Quantities!$O$2)+VLOOKUP(INDEX(Quantities!$A$100:$A$118,MATCH($A78,Quantities!$C$100:$C$118)),Quantities[],Quantities!$Q$2)+VLOOKUP(A78,Quantities[],Quantities!$S$2)),\n\nIF(AND(B78=\"D\", (VLOOKUP(A78,Quantities[],Quantities!$O$2)+VLOOKUP(A78,Quantities[],Quantities!$Q$2)+VLOOKUP(A78,Quantities[],Quantities!$S$2))>0),\n(VLOOKUP(A78,Quantities[],Quantities!$P$2)*VLOOKUP(A78,Quantities[],Quantities!$O$2)\n+VLOOKUP(A78,Quantities[],Quantities!$R$2)*VLOOKUP(A78,Quantities[],Quantities!$Q$2)\n+VLOOKUP(A78,Quantities[],Quantities!$T$2)*VLOOKUP(A78,Quantities[],Quantities!$S$2))/\n(VLOOKUP(A78,Quantities[],Quantities!$O$2)+VLOOKUP(A78,Quantities[],Quantities!$Q$2)+VLOOKUP(A78,Quantities[],Quantities!$S$2)),\n\nIF($B78=\"Q\", (SUM(VLOOKUP($A78,Quantities[],Quantities!$P$2)*VLOOKUP($A78,Quantities[],Quantities!$O$2),VLOOKUP($A78,Quantities[],Quantities!$R$2)*VLOOKUP($A78,Quantities[],Quantities!$Q$2),VLOOKUP($A78,Quantities[],Quantities!$T$2)*VLOOKUP($A78,Quantities[],Quantities!$S$2)))/SUM(VLOOKUP($A78,Quantities[],Quantities!$O$2),VLOOKUP($A78,Quantities[],Quantities!$Q$2),VLOOKUP($A78,Quantities[],Quantities!$S$2)),\n\n VLOOKUP(A78,Quantities[],Quantities!$H$2)\n))))))","v":0.01},{"$f":"IF(LEFT(D78,1)=\"U\",\"-\",VLOOKUP(D78,Equipment[],Equipment!$B$2))","v":"Cat 319D L"}]
[{"$f":"Quantities!A62","v":2702},"K","a","Ex1","2702-K-a-Ex1",{"$f":"IF(D79=\"Comb1\",CONCATENATE(VLOOKUP(B79,'Activity-Material_Codes'!$A$2:$B$26,Quantities!$B$2),\"-\",VLOOKUP(A79,Quantities[],Quantities!$D$2)),\nCONCATENATE(\nVLOOKUP(B79,'Activity-Material_Codes'!$A$2:$B$26,Quantities!$B$2),\nIF(AND(B79=\"B\",C79=\"a\"), \" Scraper Grading\", \"\"),\nIF(C79=\"b\",\"\",\"-\"),\nIF(C79=\"b\",\"\",VLOOKUP(A79,Quantities[],Quantities!$D$2)),\nIF(LEFT(TEXT(A79,\"0\"),1)=\"5\",\"\",\"-\"),\nIF(LEFT(TEXT(A79,\"0\"),1)=\"5\",\"\",VLOOKUP(C79,'Activity-Material_Codes'!$A$30:$B$36,Quantities!$B$2))\n))","v":"Perforate Liner-Surface Impoundments graded over at closure-Existing Ground"},{"$f":"CONCATENATE(\nIF(OR(RIGHT(TEXT($A79,\"0\"),Quantities!$B$2)=\"00\",LEFT(TEXT($A79,\"0\"),1)=\"5\",OR($C79=\"b\",$C79=\"f\")),\"\",VLOOKUP($A79,Quantities[],Quantities!$B$2)),\nIF(LEFT(TEXT($A79,\"0\"),1)=\"5\",\"\",\" \"),\nIF(OR(C79=\"a\",C79=\"c\",C79=\"d\",C79=\"e\"),IF(OR(RIGHT(TEXT($A79,\"0\"),Quantities!$B$2)=\"00\",LEFT(TEXT($A79,\"0\"),1)=\"5\"),VLOOKUP($A79,Quantities[],Quantities!$B$2),\"\"),\nIF(LEFT(TEXT($A79,\"0\"),1)=\"5\",VLOOKUP($A79,Quantities[],Quantities!$B$2),\nVLOOKUP(INDEX(Quantities!$A$100:$A$118,MATCH($A79,Quantities!$C$100:$C$118)),Quantities!$A$100:$B$118,Quantities!$B$2))))","v":"Surface Impoundments graded over at closure "},{"$f":"IF(LEFT(TEXT(A79,\"0\"),1)=\"5\",\nVLOOKUP(VLOOKUP(A79,Quantities!$A$4:$D$118,Quantities!$C$2),Quantities!$A$4:$D$118,Quantities!$C$2),\nIF(OR(C79=\"a\",C79=\"c\",C79=\"d\",C79=\"e\"),\n\"-\",\nIF(RIGHT(TEXT(A79,\"0\"),2)=\"00\",VLOOKUP(A79,Quantities[],Quantities!$B$2),\nIF(C79=\"f\",VLOOKUP(A79,Quantities[],Quantities!$B$2),\nVLOOKUP(A79,Quantities[],Quantities!$C$2))\n)))","v":"-"},{"$f":"IF(OR(AND(LEFT(D79,2)=\"Sc\",B79=\"A\",C79=\"d\"),AND(C79=\"f\",B79=\"D\")),\nSUM(VLOOKUP($A79,Quantities[],Quantities!$O$2),VLOOKUP($A79,Quantities[],Quantities!$Q$2),VLOOKUP($A79,Quantities[],Quantities!$S$2)),\n\nIF(AND(LEFT(D79,2)=\"Sc\",OR(C79=\"a\",C79=\"f\")),\nVLOOKUP(A79,Quantities[],Quantities!$I$2),\n\nIF(AND(B79=\"D\",C79=\"b\"),\n VLOOKUP(INDEX(Quantities!$A$100:$A$118,MATCH($A79,Quantities!$C$100:$C$118)),Quantities!$A$100:$AJ$118,Quantities!$O$2)+\nVLOOKUP(INDEX(Quantities!$A$100:$A$118,MATCH($A79,Quantities!$C$100:$C$118)),Quantities!$A$100:$AJ$118,Quantities!$Q$2)+\nVLOOKUP(INDEX(Quantities!$A$100:$A$118,MATCH($A79,Quantities!$C$100:$C$118)),Quantities!$A$100:$AJ$118,Quantities!$S$2),\n\nIF(OR(B79=\"D\",B79=\"Q\"),\nSUM(VLOOKUP($A79,Quantities[],Quantities!$O$2),VLOOKUP($A79,Quantities[],Quantities!$Q$2),VLOOKUP($A79,Quantities[],Quantities!$S$2)),\n\n VLOOKUP(A79,Quantities[],Quantities!$G$2)\n))))","v":0},{"$f":"IF(LEFT(D79,2)=\"Mg\", VLOOKUP(A79,Quantities[],Quantities!$H$2),\n\nIF(OR(AND(LEFT(D79,2)=\"Sc\",B79=\"A\",C79=\"d\",C79=\"f\")),\n(SUM(VLOOKUP($A79,Quantities[],Quantities!$P$2)*VLOOKUP($A79,Quantities[],Quantities!$O$2),VLOOKUP($A79,Quantities[],Quantities!$R$2)*VLOOKUP($A79,Quantities[],Quantities!$Q$2),VLOOKUP($A79,Quantities[],Quantities!$T$2)*VLOOKUP($A79,Quantities[],Quantities!$S$2)))/SUM(VLOOKUP($A79,Quantities[],Quantities!$O$2),VLOOKUP($A79,Quantities[],Quantities!$Q$2),VLOOKUP($A79,Quantities[],Quantities!$S$2)),\n\nIF(AND(LEFT(D79,2)=\"Sc\",OR(C79=\"a\",C79=\"f\")),\nVLOOKUP(A79,Quantities[],Quantities!$J$2),\n\nIF(AND(B79=\"D\",C79=\"b\", (VLOOKUP(INDEX(Quantities!$A$100:$A$118,MATCH($A79,Quantities!$C$100:$C$118)),Quantities[],Quantities!$O$2)+VLOOKUP(INDEX(Quantities!$A$100:$A$118,MATCH($A79,Quantities!$C$100:$C$118)),Quantities[],Quantities!$Q$2)+VLOOKUP(INDEX(Quantities!$A$100:$A$118,MATCH($A79,Quantities!$C$100:$C$118)),Quantities[],Quantities!$S$2))>0),\n(VLOOKUP(INDEX(Quantities!$A$100:$A$118,MATCH($A79,Quantities!$C$100:$C$118)),Quantities[],Quantities!$P$2)*VLOOKUP(INDEX(Quantities!$A$100:$A$118,MATCH($A79,Quantities!$C$100:$C$118)),Quantities[],Quantities!$O$2)\n+VLOOKUP(INDEX(Quantities!$A$100:$A$118,MATCH($A79,Quantities!$C$100:$C$118)),Quantities[],Quantities!$R$2)*VLOOKUP(INDEX(Quantities!$A$100:$A$118,MATCH($A79,Quantities!$C$100:$C$118)),Quantities[],Quantities!$Q$2)\n+VLOOKUP(INDEX(Quantities!$A$100:$A$118,MATCH($A79,Quantities!$C$100:$C$118)),Quantities[],Quantities!$T$2)*VLOOKUP(INDEX(Quantities!$A$100:$A$118,MATCH($A79,Quantities!$C$100:$C$118)),Quantities[],Quantities!$S$2))/\n(VLOOKUP(INDEX(Quantities!$A$100:$A$118,MATCH($A79,Quantities!$C$100:$C$118)),Quantities[],Quantities!$O$2)+VLOOKUP(INDEX(Quantities!$A$100:$A$118,MATCH($A79,Quantities!$C$100:$C$118)),Quantities[],Quantities!$Q$2)+VLOOKUP(A79,Quantities[],Quantities!$S$2)),\n\nIF(AND(B79=\"D\", (VLOOKUP(A79,Quantities[],Quantities!$O$2)+VLOOKUP(A79,Quantities[],Quantities!$Q$2)+VLOOKUP(A79,Quantities[],Quantities!$S$2))>0),\n(VLOOKUP(A79,Quantities[],Quantities!$P$2)*VLOOKUP(A79,Quantities[],Quantities!$O$2)\n+VLOOKUP(A79,Quantities[],Quantities!$R$2)*VLOOKUP(A79,Quantities[],Quantities!$Q$2)\n+VLOOKUP(A79,Quantities[],Quantities!$T$2)*VLOOKUP(A79,Quantities[],Quantities!$S$2))/\n(VLOOKUP(A79,Quantities[],Quantities!$O$2)+VLOOKUP(A79,Quantities[],Quantities!$Q$2)+VLOOKUP(A79,Quantities[],Quantities!$S$2)),\n\nIF($B79=\"Q\", (SUM(VLOOKUP($A79,Quantities[],Quantities!$P$2)*VLOOKUP($A79,Quantities[],Quantities!$O$2),VLOOKUP($A79,Quantities[],Quantities!$R$2)*VLOOKUP($A79,Quantities[],Quantities!$Q$2),VLOOKUP($A79,Quantities[],Quantities!$T$2)*VLOOKUP($A79,Quantities[],Quantities!$S$2)))/SUM(VLOOKUP($A79,Quantities[],Quantities!$O$2),VLOOKUP($A79,Quantities[],Quantities!$Q$2),VLOOKUP($A79,Quantities[],Quantities!$S$2)),\n\n VLOOKUP(A79,Quantities[],Quantities!$H$2)\n))))))","v":0.01},{"$f":"IF(LEFT(D79,1)=\"U\",\"-\",VLOOKUP(D79,Equipment[],Equipment!$B$2))","v":"Cat 319D L"}]
[{"$f":"Quantities!$A$4","v":1000},"B","b","Dz2","1000-B-b-Dz2",{"$f":"IF(D80=\"Comb1\",CONCATENATE(VLOOKUP(B80,'Activity-Material_Codes'!$A$2:$B$26,Quantities!$B$2),\"-\",VLOOKUP(A80,Quantities[],Quantities!$D$2)),\nCONCATENATE(\nVLOOKUP(B80,'Activity-Material_Codes'!$A$2:$B$26,Quantities!$B$2),\nIF(AND(B80=\"B\",C80=\"a\"), \" Scraper Grading\", \"\"),\nIF(C80=\"b\",\"\",\"-\"),\nIF(C80=\"b\",\"\",VLOOKUP(A80,Quantities[],Quantities!$D$2)),\nIF(LEFT(TEXT(A80,\"0\"),1)=\"5\",\"\",\"-\"),\nIF(LEFT(TEXT(A80,\"0\"),1)=\"5\",\"\",VLOOKUP(C80,'Activity-Material_Codes'!$A$30:$B$36,Quantities!$B$2))\n))","v":"Dozer Assist-Cover"},{"$f":"CONCATENATE(\nIF(OR(RIGHT(TEXT($A80,\"0\"),Quantities!$B$2)=\"00\",LEFT(TEXT($A80,\"0\"),1)=\"5\",OR($C80=\"b\",$C80=\"f\")),\"\",VLOOKUP($A80,Quantities[],Quantities!$B$2)),\nIF(LEFT(TEXT($A80,\"0\"),1)=\"5\",\"\",\" \"),\nIF(OR(C80=\"a\",C80=\"c\",C80=\"d\",C80=\"e\"),IF(OR(RIGHT(TEXT($A80,\"0\"),Quantities!$B$2)=\"00\",LEFT(TEXT($A80,\"0\"),1)=\"5\"),VLOOKUP($A80,Quantities[],Quantities!$B$2),\"\"),\nIF(LEFT(TEXT($A80,\"0\"),1)=\"5\",VLOOKUP($A80,Quantities[],Quantities!$B$2),\nVLOOKUP(INDEX(Quantities!$A$100:$A$118,MATCH($A80,Quantities!$C$100:$C$118)),Quantities!$A$100:$B$118,Quantities!$B$2))))","v":" Gila Borrow Area"},{"$f":"IF(LEFT(TEXT(A80,\"0\"),1)=\"5\",\nVLOOKUP(VLOOKUP(A80,Quantities!$A$4:$D$118,Quantities!$C$2),Quantities!$A$4:$D$118,Quantities!$C$2),\nIF(OR(C80=\"a\",C80=\"c\",C80=\"d\",C80=\"e\"),\n\"-\",\nIF(RIGHT(TEXT(A80,\"0\"),2)=\"00\",VLOOKUP(A80,Quantities[],Quantities!$B$2),\nIF(C80=\"f\",VLOOKUP(A80,Quantities[],Quantities!$B$2),\nVLOOKUP(A80,Quantities[],Quantities!$C$2))\n)))","v":"1A Leach, 1B Leach "},{"$f":"IF(OR(AND(LEFT(D80,2)=\"Sc\",B80=\"A\",C80=\"d\"),AND(C80=\"f\",B80=\"D\")),\nSUM(VLOOKUP($A80,Quantities[],Quantities!$O$2),VLOOKUP($A80,Quantities[],Quantities!$Q$2),VLOOKUP($A80,Quantities[],Quantities!$S$2)),\n\nIF(AND(LEFT(D80,2)=\"Sc\",OR(C80=\"a\",C80=\"f\")),\nVLOOKUP(A80,Quantities[],Quantities!$I$2),\n\nIF(AND(B80=\"D\",C80=\"b\"),\n VLOOKUP(INDEX(Quantities!$A$100:$A$118,MATCH($A80,Quantities!$C$100:$C$118)),Quantities!$A$100:$AJ$118,Quantities!$O$2)+\nVLOOKUP(INDEX(Quantities!$A$100:$A$118,MATCH($A80,Quantities!$C$100:$C$118)),Quantities!$A$100:$AJ$118,Quantities!$Q$2)+\nVLOOKUP(INDEX(Quantities!$A$100:$A$118,MATCH($A80,Quantities!$C$100:$C$118)),Quantities!$A$100:$AJ$118,Quantities!$S$2),\n\nIF(OR(B80=\"D\",B80=\"Q\"),\nSUM(VLOOKUP($A80,Quantities[],Quantities!$O$2),VLOOKUP($A80,Quantities[],Quantities!$Q$2),VLOOKUP($A80,Quantities[],Quantities!$S$2)),\n\n VLOOKUP(A80,Quantities[],Quantities!$G$2)\n))))","v":0},{"$f":"IF(LEFT(D80,2)=\"Mg\", VLOOKUP(A80,Quantities[],Quantities!$H$2),\n\nIF(OR(AND(LEFT(D80,2)=\"Sc\",B80=\"A\",C80=\"d\",C80=\"f\")),\n(SUM(VLOOKUP($A80,Quantities[],Quantities!$P$2)*VLOOKUP($A80,Quantities[],Quantities!$O$2),VLOOKUP($A80,Quantities[],Quantities!$R$2)*VLOOKUP($A80,Quantities[],Quantities!$Q$2),VLOOKUP($A80,Quantities[],Quantities!$T$2)*VLOOKUP($A80,Quantities[],Quantities!$S$2)))/SUM(VLOOKUP($A80,Quantities[],Quantities!$O$2),VLOOKUP($A80,Quantities[],Quantities!$Q$2),VLOOKUP($A80,Quantities[],Quantities!$S$2)),\n\nIF(AND(LEFT(D80,2)=\"Sc\",OR(C80=\"a\",C80=\"f\")),\nVLOOKUP(A80,Quantities[],Quantities!$J$2),\n\nIF(AND(B80=\"D\",C80=\"b\", (VLOOKUP(INDEX(Quantities!$A$100:$A$118,MATCH($A80,Quantities!$C$100:$C$118)),Quantities[],Quantities!$O$2)+VLOOKUP(INDEX(Quantities!$A$100:$A$118,MATCH($A80,Quantities!$C$100:$C$118)),Quantities[],Quantities!$Q$2)+VLOOKUP(INDEX(Quantities!$A$100:$A$118,MATCH($A80,Quantities!$C$100:$C$118)),Quantities[],Quantities!$S$2))>0),\n(VLOOKUP(INDEX(Quantities!$A$100:$A$118,MATCH($A80,Quantities!$C$100:$C$118)),Quantities[],Quantities!$P$2)*VLOOKUP(INDEX(Quantities!$A$100:$A$118,MATCH($A80,Quantities!$C$100:$C$118)),Quantities[],Quantities!$O$2)\n+VLOOKUP(INDEX(Quantities!$A$100:$A$118,MATCH($A80,Quantities!$C$100:$C$118)),Quantities[],Quantities!$R$2)*VLOOKUP(INDEX(Quantities!$A$100:$A$118,MATCH($A80,Quantities!$C$100:$C$118)),Quantities[],Quantities!$Q$2)\n+VLOOKUP(INDEX(Quantities!$A$100:$A$118,MATCH($A80,Quantities!$C$100:$C$118)),Quantities[],Quantities!$T$2)*VLOOKUP(INDEX(Quantities!$A$100:$A$118,MATCH($A80,Quantities!$C$100:$C$118)),Quantities[],Quantities!$S$2))/\n(VLOOKUP(INDEX(Quantities!$A$100:$A$118,MATCH($A80,Quantities!$C$100:$C$118)),Quantities[],Quantities!$O$2)+VLOOKUP(INDEX(Quantities!$A$100:$A$118,MATCH($A80,Quantities!$C$100:$C$118)),Quantities[],Quantities!$Q$2)+VLOOKUP(A80,Quantities[],Quantities!$S$2)),\n\nIF(AND(B80=\"D\", (VLOOKUP(A80,Quantities[],Quantities!$O$2)+VLOOKUP(A80,Quantities[],Quantities!$Q$2)+VLOOKUP(A80,Quantities[],Quantities!$S$2))>0),\n(VLOOKUP(A80,Quantities[],Quantities!$P$2)*VLOOKUP(A80,Quantities[],Quantities!$O$2)\n+VLOOKUP(A80,Quantities[],Quantities!$R$2)*VLOOKUP(A80,Quantities[],Quantities!$Q$2)\n+VLOOKUP(A80,Quantities[],Quantities!$T$2)*VLOOKUP(A80,Quantities[],Quantities!$S$2))/\n(VLOOKUP(A80,Quantities[],Quantities!$O$2)+VLOOKUP(A80,Quantities[],Quantities!$Q$2)+VLOOKUP(A80,Quantities[],Quantities!$S$2)),\n\nIF($B80=\"Q\", (SUM(VLOOKUP($A80,Quantities[],Quantities!$P$2)*VLOOKUP($A80,Quantities[],Quantities!$O$2),VLOOKUP($A80,Quantities[],Quantities!$R$2)*VLOOKUP($A80,Quantities[],Quantities!$Q$2),VLOOKUP($A80,Quantities[],Quantities!$T$2)*VLOOKUP($A80,Quantities[],Quantities!$S$2)))/SUM(VLOOKUP($A80,Quantities[],Quantities!$O$2),VLOOKUP($A80,Quantities[],Quantities!$Q$2),VLOOKUP($A80,Quantities[],Quantities!$S$2)),\n\n VLOOKUP(A80,Quantities[],Quantities!$H$2)\n))))))","v":"-"},{"$f":"IF(LEFT(D80,1)=\"U\",\"-\",VLOOKUP(D80,Equipment[],Equipment!$B$2))","v":"Cat D11T CD"}]
[{"$f":"Quantities!$A$8","v":1100},"B","b","Dz2","1100-B-b-Dz2",{"$f":"IF(D81=\"Comb1\",CONCATENATE(VLOOKUP(B81,'Activity-Material_Codes'!$A$2:$B$26,Quantities!$B$2),\"-\",VLOOKUP(A81,Quantities[],Quantities!$D$2)),\nCONCATENATE(\nVLOOKUP(B81,'Activity-Material_Codes'!$A$2:$B$26,Quantities!$B$2),\nIF(AND(B81=\"B\",C81=\"a\"), \" Scraper Grading\", \"\"),\nIF(C81=\"b\",\"\",\"-\"),\nIF(C81=\"b\",\"\",VLOOKUP(A81,Quantities[],Quantities!$D$2)),\nIF(LEFT(TEXT(A81,\"0\"),1)=\"5\",\"\",\"-\"),\nIF(LEFT(TEXT(A81,\"0\"),1)=\"5\",\"\",VLOOKUP(C81,'Activity-Material_Codes'!$A$30:$B$36,Quantities!$B$2))\n))","v":"Dozer Assist-Cover"},{"$f":"CONCATENATE(\nIF(OR(RIGHT(TEXT($A81,\"0\"),Quantities!$B$2)=\"00\",LEFT(TEXT($A81,\"0\"),1)=\"5\",OR($C81=\"b\",$C81=\"f\")),\"\",VLOOKUP($A81,Quantities[],Quantities!$B$2)),\nIF(LEFT(TEXT($A81,\"0\"),1)=\"5\",\"\",\" \"),\nIF(OR(C81=\"a\",C81=\"c\",C81=\"d\",C81=\"e\"),IF(OR(RIGHT(TEXT($A81,\"0\"),Quantities!$B$2)=\"00\",LEFT(TEXT($A81,\"0\"),1)=\"5\"),VLOOKUP($A81,Quantities[],Quantities!$B$2),\"\"),\nIF(LEFT(TEXT($A81,\"0\"),1)=\"5\",VLOOKUP($A81,Quantities[],Quantities!$B$2),\nVLOOKUP(INDEX(Quantities!$A$100:$A$118,MATCH($A81,Quantities!$C$100:$C$118)),Quantities!$A$100:$B$118,Quantities!$B$2))))","v":" Gila Borrow Area"},{"$f":"IF(LEFT(TEXT(A81,\"0\"),1)=\"5\",\nVLOOKUP(VLOOKUP(A81,Quantities!$A$4:$D$118,Quantities!$C$2),Quantities!$A$4:$D$118,Quantities!$C$2),\nIF(OR(C81=\"a\",C81=\"c\",C81=\"d\",C81=\"e\"),\n\"-\",\nIF(RIGHT(TEXT(A81,\"0\"),2)=\"00\",VLOOKUP(A81,Quantities[],Quantities!$B$2),\nIF(C81=\"f\",VLOOKUP(A81,Quantities[],Quantities!$B$2),\nVLOOKUP(A81,Quantities[],Quantities!$C$2))\n)))","v":"Reclaimed 1C Waste"},{"$f":"IF(OR(AND(LEFT(D81,2)=\"Sc\",B81=\"A\",C81=\"d\"),AND(C81=\"f\",B81=\"D\")),\nSUM(VLOOKUP($A81,Quantities[],Quantities!$O$2),VLOOKUP($A81,Quantities[],Quantities!$Q$2),VLOOKUP($A81,Quantities[],Quantities!$S$2)),\n\nIF(AND(LEFT(D81,2)=\"Sc\",OR(C81=\"a\",C81=\"f\")),\nVLOOKUP(A81,Quantities[],Quantities!$I$2),\n\nIF(AND(B81=\"D\",C81=\"b\"),\n VLOOKUP(INDEX(Quantities!$A$100:$A$118,MATCH($A81,Quantities!$C$100:$C$118)),Quantities!$A$100:$AJ$118,Quantities!$O$2)+\nVLOOKUP(INDEX(Quantities!$A$100:$A$118,MATCH($A81,Quantities!$C$100:$C$118)),Quantities!$A$100:$AJ$118,Quantities!$Q$2)+\nVLOOKUP(INDEX(Quantities!$A$100:$A$118,MATCH($A81,Quantities!$C$100:$C$118)),Quantities!$A$100:$AJ$118,Quantities!$S$2),\n\nIF(OR(B81=\"D\",B81=\"Q\"),\nSUM(VLOOKUP($A81,Quantities[],Quantities!$O$2),VLOOKUP($A81,Quantities[],Quantities!$Q$2),VLOOKUP($A81,Quantities[],Quantities!$S$2)),\n\n VLOOKUP(A81,Quantities[],Quantities!$G$2)\n))))","v":0},{"$f":"IF(LEFT(D81,2)=\"Mg\", VLOOKUP(A81,Quantities[],Quantities!$H$2),\n\nIF(OR(AND(LEFT(D81,2)=\"Sc\",B81=\"A\",C81=\"d\",C81=\"f\")),\n(SUM(VLOOKUP($A81,Quantities[],Quantities!$P$2)*VLOOKUP($A81,Quantities[],Quantities!$O$2),VLOOKUP($A81,Quantities[],Quantities!$R$2)*VLOOKUP($A81,Quantities[],Quantities!$Q$2),VLOOKUP($A81,Quantities[],Quantities!$T$2)*VLOOKUP($A81,Quantities[],Quantities!$S$2)))/SUM(VLOOKUP($A81,Quantities[],Quantities!$O$2),VLOOKUP($A81,Quantities[],Quantities!$Q$2),VLOOKUP($A81,Quantities[],Quantities!$S$2)),\n\nIF(AND(LEFT(D81,2)=\"Sc\",OR(C81=\"a\",C81=\"f\")),\nVLOOKUP(A81,Quantities[],Quantities!$J$2),\n\nIF(AND(B81=\"D\",C81=\"b\", (VLOOKUP(INDEX(Quantities!$A$100:$A$118,MATCH($A81,Quantities!$C$100:$C$118)),Quantities[],Quantities!$O$2)+VLOOKUP(INDEX(Quantities!$A$100:$A$118,MATCH($A81,Quantities!$C$100:$C$118)),Quantities[],Quantities!$Q$2)+VLOOKUP(INDEX(Quantities!$A$100:$A$118,MATCH($A81,Quantities!$C$100:$C$118)),Quantities[],Quantities!$S$2))>0),\n(VLOOKUP(INDEX(Quantities!$A$100:$A$118,MATCH($A81,Quantities!$C$100:$C$118)),Quantities[],Quantities!$P$2)*VLOOKUP(INDEX(Quantities!$A$100:$A$118,MATCH($A81,Quantities!$C$100:$C$118)),Quantities[],Quantities!$O$2)\n+VLOOKUP(INDEX(Quantities!$A$100:$A$118,MATCH($A81,Quantities!$C$100:$C$118)),Quantities[],Quantities!$R$2)*VLOOKUP(INDEX(Quantities!$A$100:$A$118,MATCH($A81,Quantities!$C$100:$C$118)),Quantities[],Quantities!$Q$2)\n+VLOOKUP(INDEX(Quantities!$A$100:$A$118,MATCH($A81,Quantities!$C$100:$C$118)),Quantities[],Quantities!$T$2)*VLOOKUP(INDEX(Quantities!$A$100:$A$118,MATCH($A81,Quantities!$C$100:$C$118)),Quantities[],Quantities!$S$2))/\n(VLOOKUP(INDEX(Quantities!$A$100:$A$118,MATCH($A81,Quantities!$C$100:$C$118)),Quantities[],Quantities!$O$2)+VLOOKUP(INDEX(Quantities!$A$100:$A$118,MATCH($A81,Quantities!$C$100:$C$118)),Quantities[],Quantities!$Q$2)+VLOOKUP(A81,Quantities[],Quantities!$S$2)),\n\nIF(AND(B81=\"D\", (VLOOKUP(A81,Quantities[],Quantities!$O$2)+VLOOKUP(A81,Quantities[],Quantities!$Q$2)+VLOOKUP(A81,Quantities[],Quantities!$S$2))>0),\n(VLOOKUP(A81,Quantities[],Quantities!$P$2)*VLOOKUP(A81,Quantities[],Quantities!$O$2)\n+VLOOKUP(A81,Quantities[],Quantities!$R$2)*VLOOKUP(A81,Quantities[],Quantities!$Q$2)\n+VLOOKUP(A81,Quantities[],Quantities!$T$2)*VLOOKUP(A81,Quantities[],Quantities!$S$2))/\n(VLOOKUP(A81,Quantities[],Quantities!$O$2)+VLOOKUP(A81,Quantities[],Quantities!$Q$2)+VLOOKUP(A81,Quantities[],Quantities!$S$2)),\n\nIF($B81=\"Q\", (SUM(VLOOKUP($A81,Quantities[],Quantities!$P$2)*VLOOKUP($A81,Quantities[],Quantities!$O$2),VLOOKUP($A81,Quantities[],Quantities!$R$2)*VLOOKUP($A81,Quantities[],Quantities!$Q$2),VLOOKUP($A81,Quantities[],Quantities!$T$2)*VLOOKUP($A81,Quantities[],Quantities!$S$2)))/SUM(VLOOKUP($A81,Quantities[],Quantities!$O$2),VLOOKUP($A81,Quantities[],Quantities!$Q$2),VLOOKUP($A81,Quantities[],Quantities!$S$2)),\n\n VLOOKUP(A81,Quantities[],Quantities!$H$2)\n))))))","v":0},{"$f":"IF(LEFT(D81,1)=\"U\",\"-\",VLOOKUP(D81,Equipment[],Equipment!$B$2))","v":"Cat D11T CD"}]
[{"$f":"Quantities!$A$9","v":1200},"B","b","Dz2","1200-B-b-Dz2",{"$f":"IF(D82=\"Comb1\",CONCATENATE(VLOOKUP(B82,'Activity-Material_Codes'!$A$2:$B$26,Quantities!$B$2),\"-\",VLOOKUP(A82,Quantities[],Quantities!$D$2)),\nCONCATENATE(\nVLOOKUP(B82,'Activity-Material_Codes'!$A$2:$B$26,Quantities!$B$2),\nIF(AND(B82=\"B\",C82=\"a\"), \" Scraper Grading\", \"\"),\nIF(C82=\"b\",\"\",\"-\"),\nIF(C82=\"b\",\"\",VLOOKUP(A82,Quantities[],Quantities!$D$2)),\nIF(LEFT(TEXT(A82,\"0\"),1)=\"5\",\"\",\"-\"),\nIF(LEFT(TEXT(A82,\"0\"),1)=\"5\",\"\",VLOOKUP(C82,'Activity-Material_Codes'!$A$30:$B$36,Quantities!$B$2))\n))","v":"Dozer Assist-Cover"},{"$f":"CONCATENATE(\nIF(OR(RIGHT(TEXT($A82,\"0\"),Quantities!$B$2)=\"00\",LEFT(TEXT($A82,\"0\"),1)=\"5\",OR($C82=\"b\",$C82=\"f\")),\"\",VLOOKUP($A82,Quantities[],Quantities!$B$2)),\nIF(LEFT(TEXT($A82,\"0\"),1)=\"5\",\"\",\" \"),\nIF(OR(C82=\"a\",C82=\"c\",C82=\"d\",C82=\"e\"),IF(OR(RIGHT(TEXT($A82,\"0\"),Quantities!$B$2)=\"00\",LEFT(TEXT($A82,\"0\"),1)=\"5\"),VLOOKUP($A82,Quantities[],Quantities!$B$2),\"\"),\nIF(LEFT(TEXT($A82,\"0\"),1)=\"5\",VLOOKUP($A82,Quantities[],Quantities!$B$2),\nVLOOKUP(INDEX(Quantities!$A$100:$A$118,MATCH($A82,Quantities!$C$100:$C$118)),Quantities!$A$100:$B$118,Quantities!$B$2))))","v":" Gila Borrow Area"},{"$f":"IF(LEFT(TEXT(A82,\"0\"),1)=\"5\",\nVLOOKUP(VLOOKUP(A82,Quantities!$A$4:$D$118,Quantities!$C$2),Quantities!$A$4:$D$118,Quantities!$C$2),\nIF(OR(C82=\"a\",C82=\"c\",C82=\"d\",C82=\"e\"),\n\"-\",\nIF(RIGHT(TEXT(A82,\"0\"),2)=\"00\",VLOOKUP(A82,Quantities[],Quantities!$B$2),\nIF(C82=\"f\",VLOOKUP(A82,Quantities[],Quantities!$B$2),\nVLOOKUP(A82,Quantities[],Quantities!$C$2))\n)))","v":"2B Waste, 2A Leach, 2B Leach"},{"$f":"IF(OR(AND(LEFT(D82,2)=\"Sc\",B82=\"A\",C82=\"d\"),AND(C82=\"f\",B82=\"D\")),\nSUM(VLOOKUP($A82,Quantities[],Quantities!$O$2),VLOOKUP($A82,Quantities[],Quantities!$Q$2),VLOOKUP($A82,Quantities[],Quantities!$S$2)),\n\nIF(AND(LEFT(D82,2)=\"Sc\",OR(C82=\"a\",C82=\"f\")),\nVLOOKUP(A82,Quantities[],Quantities!$I$2),\n\nIF(AND(B82=\"D\",C82=\"b\"),\n VLOOKUP(INDEX(Quantities!$A$100:$A$118,MATCH($A82,Quantities!$C$100:$C$118)),Quantities!$A$100:$AJ$118,Quantities!$O$2)+\nVLOOKUP(INDEX(Quantities!$A$100:$A$118,MATCH($A82,Quantities!$C$100:$C$118)),Quantities!$A$100:$AJ$118,Quantities!$Q$2)+\nVLOOKUP(INDEX(Quantities!$A$100:$A$118,MATCH($A82,Quantities!$C$100:$C$118)),Quantities!$A$100:$AJ$118,Quantities!$S$2),\n\nIF(OR(B82=\"D\",B82=\"Q\"),\nSUM(VLOOKUP($A82,Quantities[],Quantities!$O$2),VLOOKUP($A82,Quantities[],Quantities!$Q$2),VLOOKUP($A82,Quantities[],Quantities!$S$2)),\n\n VLOOKUP(A82,Quantities[],Quantities!$G$2)\n))))","v":0},{"$f":"IF(LEFT(D82,2)=\"Mg\", VLOOKUP(A82,Quantities[],Quantities!$H$2),\n\nIF(OR(AND(LEFT(D82,2)=\"Sc\",B82=\"A\",C82=\"d\",C82=\"f\")),\n(SUM(VLOOKUP($A82,Quantities[],Quantities!$P$2)*VLOOKUP($A82,Quantities[],Quantities!$O$2),VLOOKUP($A82,Quantities[],Quantities!$R$2)*VLOOKUP($A82,Quantities[],Quantities!$Q$2),VLOOKUP($A82,Quantities[],Quantities!$T$2)*VLOOKUP($A82,Quantities[],Quantities!$S$2)))/SUM(VLOOKUP($A82,Quantities[],Quantities!$O$2),VLOOKUP($A82,Quantities[],Quantities!$Q$2),VLOOKUP($A82,Quantities[],Quantities!$S$2)),\n\nIF(AND(LEFT(D82,2)=\"Sc\",OR(C82=\"a\",C82=\"f\")),\nVLOOKUP(A82,Quantities[],Quantities!$J$2),\n\nIF(AND(B82=\"D\",C82=\"b\", (VLOOKUP(INDEX(Quantities!$A$100:$A$118,MATCH($A82,Quantities!$C$100:$C$118)),Quantities[],Quantities!$O$2)+VLOOKUP(INDEX(Quantities!$A$100:$A$118,MATCH($A82,Quantities!$C$100:$C$118)),Quantities[],Quantities!$Q$2)+VLOOKUP(INDEX(Quantities!$A$100:$A$118,MATCH($A82,Quantities!$C$100:$C$118)),Quantities[],Quantities!$S$2))>0),\n(VLOOKUP(INDEX(Quantities!$A$100:$A$118,MATCH($A82,Quantities!$C$100:$C$118)),Quantities[],Quantities!$P$2)*VLOOKUP(INDEX(Quantities!$A$100:$A$118,MATCH($A82,Quantities!$C$100:$C$118)),Quantities[],Quantities!$O$2)\n+VLOOKUP(INDEX(Quantities!$A$100:$A$118,MATCH($A82,Quantities!$C$100:$C$118)),Quantities[],Quantities!$R$2)*VLOOKUP(INDEX(Quantities!$A$100:$A$118,MATCH($A82,Quantities!$C$100:$C$118)),Quantities[],Quantities!$Q$2)\n+VLOOKUP(INDEX(Quantities!$A$100:$A$118,MATCH($A82,Quantities!$C$100:$C$118)),Quantities[],Quantities!$T$2)*VLOOKUP(INDEX(Quantities!$A$100:$A$118,MATCH($A82,Quantities!$C$100:$C$118)),Quantities[],Quantities!$S$2))/\n(VLOOKUP(INDEX(Quantities!$A$100:$A$118,MATCH($A82,Quantities!$C$100:$C$118)),Quantities[],Quantities!$O$2)+VLOOKUP(INDEX(Quantities!$A$100:$A$118,MATCH($A82,Quantities!$C$100:$C$118)),Quantities[],Quantities!$Q$2)+VLOOKUP(A82,Quantities[],Quantities!$S$2)),\n\nIF(AND(B82=\"D\", (VLOOKUP(A82,Quantities[],Quantities!$O$2)+VLOOKUP(A82,Quantities[],Quantities!$Q$2)+VLOOKUP(A82,Quantities[],Quantities!$S$2))>0),\n(VLOOKUP(A82,Quantities[],Quantities!$P$2)*VLOOKUP(A82,Quantities[],Quantities!$O$2)\n+VLOOKUP(A82,Quantities[],Quantities!$R$2)*VLOOKUP(A82,Quantities[],Quantities!$Q$2)\n+VLOOKUP(A82,Quantities[],Quantities!$T$2)*VLOOKUP(A82,Quantities[],Quantities!$S$2))/\n(VLOOKUP(A82,Quantities[],Quantities!$O$2)+VLOOKUP(A82,Quantities[],Quantities!$Q$2)+VLOOKUP(A82,Quantities[],Quantities!$S$2)),\n\nIF($B82=\"Q\", (SUM(VLOOKUP($A82,Quantities[],Quantities!$P$2)*VLOOKUP($A82,Quantities[],Quantities!$O$2),VLOOKUP($A82,Quantities[],Quantities!$R$2)*VLOOKUP($A82,Quantities[],Quantities!$Q$2),VLOOKUP($A82,Quantities[],Quantities!$T$2)*VLOOKUP($A82,Quantities[],Quantities!$S$2)))/SUM(VLOOKUP($A82,Quantities[],Quantities!$O$2),VLOOKUP($A82,Quantities[],Quantities!$Q$2),VLOOKUP($A82,Quantities[],Quantities!$S$2)),\n\n VLOOKUP(A82,Quantities[],Quantities!$H$2)\n))))))","v":"-"},{"$f":"IF(LEFT(D82,1)=\"U\",\"-\",VLOOKUP(D82,Equipment[],Equipment!$B$2))","v":"Cat D11T CD"}]
[{"$f":"Quantities!$A$12","v":1300},"B","b","Dz2","1300-B-b-Dz2",{"$f":"IF(D83=\"Comb1\",CONCATENATE(VLOOKUP(B83,'Activity-Material_Codes'!$A$2:$B$26,Quantities!$B$2),\"-\",VLOOKUP(A83,Quantities[],Quantities!$D$2)),\nCONCATENATE(\nVLOOKUP(B83,'Activity-Material_Codes'!$A$2:$B$26,Quantities!$B$2),\nIF(AND(B83=\"B\",C83=\"a\"), \" Scraper Grading\", \"\"),\nIF(C83=\"b\",\"\",\"-\"),\nIF(C83=\"b\",\"\",VLOOKUP(A83,Quantities[],Quantities!$D$2)),\nIF(LEFT(TEXT(A83,\"0\"),1)=\"5\",\"\",\"-\"),\nIF(LEFT(TEXT(A83,\"0\"),1)=\"5\",\"\",VLOOKUP(C83,'Activity-Material_Codes'!$A$30:$B$36,Quantities!$B$2))\n))","v":"Dozer Assist-Cover"},{"$f":"CONCATENATE(\nIF(OR(RIGHT(TEXT($A83,\"0\"),Quantities!$B$2)=\"00\",LEFT(TEXT($A83,\"0\"),1)=\"5\",OR($C83=\"b\",$C83=\"f\")),\"\",VLOOKUP($A83,Quantities[],Quantities!$B$2)),\nIF(LEFT(TEXT($A83,\"0\"),1)=\"5\",\"\",\" \"),\nIF(OR(C83=\"a\",C83=\"c\",C83=\"d\",C83=\"e\"),IF(OR(RIGHT(TEXT($A83,\"0\"),Quantities!$B$2)=\"00\",LEFT(TEXT($A83,\"0\"),1)=\"5\"),VLOOKUP($A83,Quantities[],Quantities!$B$2),\"\"),\nIF(LEFT(TEXT($A83,\"0\"),1)=\"5\",VLOOKUP($A83,Quantities[],Quantities!$B$2),\nVLOOKUP(INDEX(Quantities!$A$100:$A$118,MATCH($A83,Quantities!$C$100:$C$118)),Quantities!$A$100:$B$118,Quantities!$B$2))))","v":" Gila Borrow Area"},{"$f":"IF(LEFT(TEXT(A83,\"0\"),1)=\"5\",\nVLOOKUP(VLOOKUP(A83,Quantities!$A$4:$D$118,Quantities!$C$2),Quantities!$A$4:$D$118,Quantities!$C$2),\nIF(OR(C83=\"a\",C83=\"c\",C83=\"d\",C83=\"e\"),\n\"-\",\nIF(RIGHT(TEXT(A83,\"0\"),2)=\"00\",VLOOKUP(A83,Quantities[],Quantities!$B$2),\nIF(C83=\"f\",VLOOKUP(A83,Quantities[],Quantities!$B$2),\nVLOOKUP(A83,Quantities[],Quantities!$C$2))\n)))","v":"3A Leach, 3B Waste"},{"$f":"IF(OR(AND(LEFT(D83,2)=\"Sc\",B83=\"A\",C83=\"d\"),AND(C83=\"f\",B83=\"D\")),\nSUM(VLOOKUP($A83,Quantities[],Quantities!$O$2),VLOOKUP($A83,Quantities[],Quantities!$Q$2),VLOOKUP($A83,Quantities[],Quantities!$S$2)),\n\nIF(AND(LEFT(D83,2)=\"Sc\",OR(C83=\"a\",C83=\"f\")),\nVLOOKUP(A83,Quantities[],Quantities!$I$2),\n\nIF(AND(B83=\"D\",C83=\"b\"),\n VLOOKUP(INDEX(Quantities!$A$100:$A$118,MATCH($A83,Quantities!$C$100:$C$118)),Quantities!$A$100:$AJ$118,Quantities!$O$2)+\nVLOOKUP(INDEX(Quantities!$A$100:$A$118,MATCH($A83,Quantities!$C$100:$C$118)),Quantities!$A$100:$AJ$118,Quantities!$Q$2)+\nVLOOKUP(INDEX(Quantities!$A$100:$A$118,MATCH($A83,Quantities!$C$100:$C$118)),Quantities!$A$100:$AJ$118,Quantities!$S$2),\n\nIF(OR(B83=\"D\",B83=\"Q\"),\nSUM(VLOOKUP($A83,Quantities[],Quantities!$O$2),VLOOKUP($A83,Quantities[],Quantities!$Q$2),VLOOKUP($A83,Quantities[],Quantities!$S$2)),\n\n VLOOKUP(A83,Quantities[],Quantities!$G$2)\n))))","v":0},{"$f":"IF(LEFT(D83,2)=\"Mg\", VLOOKUP(A83,Quantities[],Quantities!$H$2),\n\nIF(OR(AND(LEFT(D83,2)=\"Sc\",B83=\"A\",C83=\"d\",C83=\"f\")),\n(SUM(VLOOKUP($A83,Quantities[],Quantities!$P$2)*VLOOKUP($A83,Quantities[],Quantities!$O$2),VLOOKUP($A83,Quantities[],Quantities!$R$2)*VLOOKUP($A83,Quantities[],Quantities!$Q$2),VLOOKUP($A83,Quantities[],Quantities!$T$2)*VLOOKUP($A83,Quantities[],Quantities!$S$2)))/SUM(VLOOKUP($A83,Quantities[],Quantities!$O$2),VLOOKUP($A83,Quantities[],Quantities!$Q$2),VLOOKUP($A83,Quantities[],Quantities!$S$2)),\n\nIF(AND(LEFT(D83,2)=\"Sc\",OR(C83=\"a\",C83=\"f\")),\nVLOOKUP(A83,Quantities[],Quantities!$J$2),\n\nIF(AND(B83=\"D\",C83=\"b\", (VLOOKUP(INDEX(Quantities!$A$100:$A$118,MATCH($A83,Quantities!$C$100:$C$118)),Quantities[],Quantities!$O$2)+VLOOKUP(INDEX(Quantities!$A$100:$A$118,MATCH($A83,Quantities!$C$100:$C$118)),Quantities[],Quantities!$Q$2)+VLOOKUP(INDEX(Quantities!$A$100:$A$118,MATCH($A83,Quantities!$C$100:$C$118)),Quantities[],Quantities!$S$2))>0),\n(VLOOKUP(INDEX(Quantities!$A$100:$A$118,MATCH($A83,Quantities!$C$100:$C$118)),Quantities[],Quantities!$P$2)*VLOOKUP(INDEX(Quantities!$A$100:$A$118,MATCH($A83,Quantities!$C$100:$C$118)),Quantities[],Quantities!$O$2)\n+VLOOKUP(INDEX(Quantities!$A$100:$A$118,MATCH($A83,Quantities!$C$100:$C$118)),Quantities[],Quantities!$R$2)*VLOOKUP(INDEX(Quantities!$A$100:$A$118,MATCH($A83,Quantities!$C$100:$C$118)),Quantities[],Quantities!$Q$2)\n+VLOOKUP(INDEX(Quantities!$A$100:$A$118,MATCH($A83,Quantities!$C$100:$C$118)),Quantities[],Quantities!$T$2)*VLOOKUP(INDEX(Quantities!$A$100:$A$118,MATCH($A83,Quantities!$C$100:$C$118)),Quantities[],Quantities!$S$2))/\n(VLOOKUP(INDEX(Quantities!$A$100:$A$118,MATCH($A83,Quantities!$C$100:$C$118)),Quantities[],Quantities!$O$2)+VLOOKUP(INDEX(Quantities!$A$100:$A$118,MATCH($A83,Quantities!$C$100:$C$118)),Quantities[],Quantities!$Q$2)+VLOOKUP(A83,Quantities[],Quantities!$S$2)),\n\nIF(AND(B83=\"D\", (VLOOKUP(A83,Quantities[],Quantities!$O$2)+VLOOKUP(A83,Quantities[],Quantities!$Q$2)+VLOOKUP(A83,Quantities[],Quantities!$S$2))>0),\n(VLOOKUP(A83,Quantities[],Quantities!$P$2)*VLOOKUP(A83,Quantities[],Quantities!$O$2)\n+VLOOKUP(A83,Quantities[],Quantities!$R$2)*VLOOKUP(A83,Quantities[],Quantities!$Q$2)\n+VLOOKUP(A83,Quantities[],Quantities!$T$2)*VLOOKUP(A83,Quantities[],Quantities!$S$2))/\n(VLOOKUP(A83,Quantities[],Quantities!$O$2)+VLOOKUP(A83,Quantities[],Quantities!$Q$2)+VLOOKUP(A83,Quantities[],Quantities!$S$2)),\n\nIF($B83=\"Q\", (SUM(VLOOKUP($A83,Quantities[],Quantities!$P$2)*VLOOKUP($A83,Quantities[],Quantities!$O$2),VLOOKUP($A83,Quantities[],Quantities!$R$2)*VLOOKUP($A83,Quantities[],Quantities!$Q$2),VLOOKUP($A83,Quantities[],Quantities!$T$2)*VLOOKUP($A83,Quantities[],Quantities!$S$2)))/SUM(VLOOKUP($A83,Quantities[],Quantities!$O$2),VLOOKUP($A83,Quantities[],Quantities!$Q$2),VLOOKUP($A83,Quantities[],Quantities!$S$2)),\n\n VLOOKUP(A83,Quantities[],Quantities!$H$2)\n))))))","v":"-"},{"$f":"IF(LEFT(D83,1)=\"U\",\"-\",VLOOKUP(D83,Equipment[],Equipment!$B$2))","v":"Cat D11T CD"}]
[{"$f":"Quantities!$A$20","v":1500},"B","b","Dz2","1500-B-b-Dz2",{"$f":"IF(D84=\"Comb1\",CONCATENATE(VLOOKUP(B84,'Activity-Material_Codes'!$A$2:$B$26,Quantities!$B$2),\"-\",VLOOKUP(A84,Quantities[],Quantities!$D$2)),\nCONCATENATE(\nVLOOKUP(B84,'Activity-Material_Codes'!$A$2:$B$26,Quantities!$B$2),\nIF(AND(B84=\"B\",C84=\"a\"), \" Scraper Grading\", \"\"),\nIF(C84=\"b\",\"\",\"-\"),\nIF(C84=\"b\",\"\",VLOOKUP(A84,Quantities[],Quantities!$D$2)),\nIF(LEFT(TEXT(A84,\"0\"),1)=\"5\",\"\",\"-\"),\nIF(LEFT(TEXT(A84,\"0\"),1)=\"5\",\"\",VLOOKUP(C84,'Activity-Material_Codes'!$A$30:$B$36,Quantities!$B$2))\n))","v":"Dozer Assist-Cover"},{"$f":"CONCATENATE(\nIF(OR(RIGHT(TEXT($A84,\"0\"),Quantities!$B$2)=\"00\",LEFT(TEXT($A84,\"0\"),1)=\"5\",OR($C84=\"b\",$C84=\"f\")),\"\",VLOOKUP($A84,Quantities[],Quantities!$B$2)),\nIF(LEFT(TEXT($A84,\"0\"),1)=\"5\",\"\",\" \"),\nIF(OR(C84=\"a\",C84=\"c\",C84=\"d\",C84=\"e\"),IF(OR(RIGHT(TEXT($A84,\"0\"),Quantities!$B$2)=\"00\",LEFT(TEXT($A84,\"0\"),1)=\"5\"),VLOOKUP($A84,Quantities[],Quantities!$B$2),\"\"),\nIF(LEFT(TEXT($A84,\"0\"),1)=\"5\",VLOOKUP($A84,Quantities[],Quantities!$B$2),\nVLOOKUP(INDEX(Quantities!$A$100:$A$118,MATCH($A84,Quantities!$C$100:$C$118)),Quantities!$A$100:$B$118,Quantities!$B$2))))","v":" Gila Borrow Area"},{"$f":"IF(LEFT(TEXT(A84,\"0\"),1)=\"5\",\nVLOOKUP(VLOOKUP(A84,Quantities!$A$4:$D$118,Quantities!$C$2),Quantities!$A$4:$D$118,Quantities!$C$2),\nIF(OR(C84=\"a\",C84=\"c\",C84=\"d\",C84=\"e\"),\n\"-\",\nIF(RIGHT(TEXT(A84,\"0\"),2)=\"00\",VLOOKUP(A84,Quantities[],Quantities!$B$2),\nIF(C84=\"f\",VLOOKUP(A84,Quantities[],Quantities!$B$2),\nVLOOKUP(A84,Quantities[],Quantities!$C$2))\n)))","v":"5A Waste"},{"$f":"IF(OR(AND(LEFT(D84,2)=\"Sc\",B84=\"A\",C84=\"d\"),AND(C84=\"f\",B84=\"D\")),\nSUM(VLOOKUP($A84,Quantities[],Quantities!$O$2),VLOOKUP($A84,Quantities[],Quantities!$Q$2),VLOOKUP($A84,Quantities[],Quantities!$S$2)),\n\nIF(AND(LEFT(D84,2)=\"Sc\",OR(C84=\"a\",C84=\"f\")),\nVLOOKUP(A84,Quantities[],Quantities!$I$2),\n\nIF(AND(B84=\"D\",C84=\"b\"),\n VLOOKUP(INDEX(Quantities!$A$100:$A$118,MATCH($A84,Quantities!$C$100:$C$118)),Quantities!$A$100:$AJ$118,Quantities!$O$2)+\nVLOOKUP(INDEX(Quantities!$A$100:$A$118,MATCH($A84,Quantities!$C$100:$C$118)),Quantities!$A$100:$AJ$118,Quantities!$Q$2)+\nVLOOKUP(INDEX(Quantities!$A$100:$A$118,MATCH($A84,Quantities!$C$100:$C$118)),Quantities!$A$100:$AJ$118,Quantities!$S$2),\n\nIF(OR(B84=\"D\",B84=\"Q\"),\nSUM(VLOOKUP($A84,Quantities[],Quantities!$O$2),VLOOKUP($A84,Quantities[],Quantities!$Q$2),VLOOKUP($A84,Quantities[],Quantities!$S$2)),\n\n VLOOKUP(A84,Quantities[],Quantities!$G$2)\n))))","v":0},{"$f":"IF(LEFT(D84,2)=\"Mg\", VLOOKUP(A84,Quantities[],Quantities!$H$2),\n\nIF(OR(AND(LEFT(D84,2)=\"Sc\",B84=\"A\",C84=\"d\",C84=\"f\")),\n(SUM(VLOOKUP($A84,Quantities[],Quantities!$P$2)*VLOOKUP($A84,Quantities[],Quantities!$O$2),VLOOKUP($A84,Quantities[],Quantities!$R$2)*VLOOKUP($A84,Quantities[],Quantities!$Q$2),VLOOKUP($A84,Quantities[],Quantities!$T$2)*VLOOKUP($A84,Quantities[],Quantities!$S$2)))/SUM(VLOOKUP($A84,Quantities[],Quantities!$O$2),VLOOKUP($A84,Quantities[],Quantities!$Q$2),VLOOKUP($A84,Quantities[],Quantities!$S$2)),\n\nIF(AND(LEFT(D84,2)=\"Sc\",OR(C84=\"a\",C84=\"f\")),\nVLOOKUP(A84,Quantities[],Quantities!$J$2),\n\nIF(AND(B84=\"D\",C84=\"b\", (VLOOKUP(INDEX(Quantities!$A$100:$A$118,MATCH($A84,Quantities!$C$100:$C$118)),Quantities[],Quantities!$O$2)+VLOOKUP(INDEX(Quantities!$A$100:$A$118,MATCH($A84,Quantities!$C$100:$C$118)),Quantities[],Quantities!$Q$2)+VLOOKUP(INDEX(Quantities!$A$100:$A$118,MATCH($A84,Quantities!$C$100:$C$118)),Quantities[],Quantities!$S$2))>0),\n(VLOOKUP(INDEX(Quantities!$A$100:$A$118,MATCH($A84,Quantities!$C$100:$C$118)),Quantities[],Quantities!$P$2)*VLOOKUP(INDEX(Quantities!$A$100:$A$118,MATCH($A84,Quantities!$C$100:$C$118)),Quantities[],Quantities!$O$2)\n+VLOOKUP(INDEX(Quantities!$A$100:$A$118,MATCH($A84,Quantities!$C$100:$C$118)),Quantities[],Quantities!$R$2)*VLOOKUP(INDEX(Quantities!$A$100:$A$118,MATCH($A84,Quantities!$C$100:$C$118)),Quantities[],Quantities!$Q$2)\n+VLOOKUP(INDEX(Quantities!$A$100:$A$118,MATCH($A84,Quantities!$C$100:$C$118)),Quantities[],Quantities!$T$2)*VLOOKUP(INDEX(Quantities!$A$100:$A$118,MATCH($A84,Quantities!$C$100:$C$118)),Quantities[],Quantities!$S$2))/\n(VLOOKUP(INDEX(Quantities!$A$100:$A$118,MATCH($A84,Quantities!$C$100:$C$118)),Quantities[],Quantities!$O$2)+VLOOKUP(INDEX(Quantities!$A$100:$A$118,MATCH($A84,Quantities!$C$100:$C$118)),Quantities[],Quantities!$Q$2)+VLOOKUP(A84,Quantities[],Quantities!$S$2)),\n\nIF(AND(B84=\"D\", (VLOOKUP(A84,Quantities[],Quantities!$O$2)+VLOOKUP(A84,Quantities[],Quantities!$Q$2)+VLOOKUP(A84,Quantities[],Quantities!$S$2))>0),\n(VLOOKUP(A84,Quantities[],Quantities!$P$2)*VLOOKUP(A84,Quantities[],Quantities!$O$2)\n+VLOOKUP(A84,Quantities[],Quantities!$R$2)*VLOOKUP(A84,Quantities[],Quantities!$Q$2)\n+VLOOKUP(A84,Quantities[],Quantities!$T$2)*VLOOKUP(A84,Quantities[],Quantities!$S$2))/\n(VLOOKUP(A84,Quantities[],Quantities!$O$2)+VLOOKUP(A84,Quantities[],Quantities!$Q$2)+VLOOKUP(A84,Quantities[],Quantities!$S$2)),\n\nIF($B84=\"Q\", (SUM(VLOOKUP($A84,Quantities[],Quantities!$P$2)*VLOOKUP($A84,Quantities[],Quantities!$O$2),VLOOKUP($A84,Quantities[],Quantities!$R$2)*VLOOKUP($A84,Quantities[],Quantities!$Q$2),VLOOKUP($A84,Quantities[],Quantities!$T$2)*VLOOKUP($A84,Quantities[],Quantities!$S$2)))/SUM(VLOOKUP($A84,Quantities[],Quantities!$O$2),VLOOKUP($A84,Quantities[],Quantities!$Q$2),VLOOKUP($A84,Quantities[],Quantities!$S$2)),\n\n VLOOKUP(A84,Quantities[],Quantities!$H$2)\n))))))","v":"-"},{"$f":"IF(LEFT(D84,1)=\"U\",\"-\",VLOOKUP(D84,Equipment[],Equipment!$B$2))","v":"Cat D11T CD"}]
[{"$f":"Quantities!$A$39","v":2200},"B","b","Dz2","2200-B-b-Dz2",{"$f":"IF(D85=\"Comb1\",CONCATENATE(VLOOKUP(B85,'Activity-Material_Codes'!$A$2:$B$26,Quantities!$B$2),\"-\",VLOOKUP(A85,Quantities[],Quantities!$D$2)),\nCONCATENATE(\nVLOOKUP(B85,'Activity-Material_Codes'!$A$2:$B$26,Quantities!$B$2),\nIF(AND(B85=\"B\",C85=\"a\"), \" Scraper Grading\", \"\"),\nIF(C85=\"b\",\"\",\"-\"),\nIF(C85=\"b\",\"\",VLOOKUP(A85,Quantities[],Quantities!$D$2)),\nIF(LEFT(TEXT(A85,\"0\"),1)=\"5\",\"\",\"-\"),\nIF(LEFT(TEXT(A85,\"0\"),1)=\"5\",\"\",VLOOKUP(C85,'Activity-Material_Codes'!$A$30:$B$36,Quantities!$B$2))\n))","v":"Dozer Assist-Cover"},{"$f":"CONCATENATE(\nIF(OR(RIGHT(TEXT($A85,\"0\"),Quantities!$B$2)=\"00\",LEFT(TEXT($A85,\"0\"),1)=\"5\",OR($C85=\"b\",$C85=\"f\")),\"\",VLOOKUP($A85,Quantities[],Quantities!$B$2)),\nIF(LEFT(TEXT($A85,\"0\"),1)=\"5\",\"\",\" \"),\nIF(OR(C85=\"a\",C85=\"c\",C85=\"d\",C85=\"e\"),IF(OR(RIGHT(TEXT($A85,\"0\"),Quantities!$B$2)=\"00\",LEFT(TEXT($A85,\"0\"),1)=\"5\"),VLOOKUP($A85,Quantities[],Quantities!$B$2),\"\"),\nIF(LEFT(TEXT($A85,\"0\"),1)=\"5\",VLOOKUP($A85,Quantities[],Quantities!$B$2),\nVLOOKUP(INDEX(Quantities!$A$100:$A$118,MATCH($A85,Quantities!$C$100:$C$118)),Quantities!$A$100:$B$118,Quantities!$B$2))))","v":" Leach Stockpile"},{"$f":"IF(LEFT(TEXT(A85,\"0\"),1)=\"5\",\nVLOOKUP(VLOOKUP(A85,Quantities!$A$4:$D$118,Quantities!$C$2),Quantities!$A$4:$D$118,Quantities!$C$2),\nIF(OR(C85=\"a\",C85=\"c\",C85=\"d\",C85=\"e\"),\n\"-\",\nIF(RIGHT(TEXT(A85,\"0\"),2)=\"00\",VLOOKUP(A85,Quantities[],Quantities!$B$2),\nIF(C85=\"f\",VLOOKUP(A85,Quantities[],Quantities!$B$2),\nVLOOKUP(A85,Quantities[],Quantities!$C$2))\n)))","v":"San Salvador Pit, San Salvador Waste Backfill"},{"$f":"IF(OR(AND(LEFT(D85,2)=\"Sc\",B85=\"A\",C85=\"d\"),AND(C85=\"f\",B85=\"D\")),\nSUM(VLOOKUP($A85,Quantities[],Quantities!$O$2),VLOOKUP($A85,Quantities[],Quantities!$Q$2),VLOOKUP($A85,Quantities[],Quantities!$S$2)),\n\nIF(AND(LEFT(D85,2)=\"Sc\",OR(C85=\"a\",C85=\"f\")),\nVLOOKUP(A85,Quantities[],Quantities!$I$2),\n\nIF(AND(B85=\"D\",C85=\"b\"),\n VLOOKUP(INDEX(Quantities!$A$100:$A$118,MATCH($A85,Quantities!$C$100:$C$118)),Quantities!$A$100:$AJ$118,Quantities!$O$2)+\nVLOOKUP(INDEX(Quantities!$A$100:$A$118,MATCH($A85,Quantities!$C$100:$C$118)),Quantities!$A$100:$AJ$118,Quantities!$Q$2)+\nVLOOKUP(INDEX(Quantities!$A$100:$A$118,MATCH($A85,Quantities!$C$100:$C$118)),Quantities!$A$100:$AJ$118,Quantities!$S$2),\n\nIF(OR(B85=\"D\",B85=\"Q\"),\nSUM(VLOOKUP($A85,Quantities[],Quantities!$O$2),VLOOKUP($A85,Quantities[],Quantities!$Q$2),VLOOKUP($A85,Quantities[],Quantities!$S$2)),\n\n VLOOKUP(A85,Quantities[],Quantities!$G$2)\n))))","v":185},{"$f":"IF(LEFT(D85,2)=\"Mg\", VLOOKUP(A85,Quantities[],Quantities!$H$2),\n\nIF(OR(AND(LEFT(D85,2)=\"Sc\",B85=\"A\",C85=\"d\",C85=\"f\")),\n(SUM(VLOOKUP($A85,Quantities[],Quantities!$P$2)*VLOOKUP($A85,Quantities[],Quantities!$O$2),VLOOKUP($A85,Quantities[],Quantities!$R$2)*VLOOKUP($A85,Quantities[],Quantities!$Q$2),VLOOKUP($A85,Quantities[],Quantities!$T$2)*VLOOKUP($A85,Quantities[],Quantities!$S$2)))/SUM(VLOOKUP($A85,Quantities[],Quantities!$O$2),VLOOKUP($A85,Quantities[],Quantities!$Q$2),VLOOKUP($A85,Quantities[],Quantities!$S$2)),\n\nIF(AND(LEFT(D85,2)=\"Sc\",OR(C85=\"a\",C85=\"f\")),\nVLOOKUP(A85,Quantities[],Quantities!$J$2),\n\nIF(AND(B85=\"D\",C85=\"b\", (VLOOKUP(INDEX(Quantities!$A$100:$A$118,MATCH($A85,Quantities!$C$100:$C$118)),Quantities[],Quantities!$O$2)+VLOOKUP(INDEX(Quantities!$A$100:$A$118,MATCH($A85,Quantities!$C$100:$C$118)),Quantities[],Quantities!$Q$2)+VLOOKUP(INDEX(Quantities!$A$100:$A$118,MATCH($A85,Quantities!$C$100:$C$118)),Quantities[],Quantities!$S$2))>0),\n(VLOOKUP(INDEX(Quantities!$A$100:$A$118,MATCH($A85,Quantities!$C$100:$C$118)),Quantities[],Quantities!$P$2)*VLOOKUP(INDEX(Quantities!$A$100:$A$118,MATCH($A85,Quantities!$C$100:$C$118)),Quantities[],Quantities!$O$2)\n+VLOOKUP(INDEX(Quantities!$A$100:$A$118,MATCH($A85,Quantities!$C$100:$C$118)),Quantities[],Quantities!$R$2)*VLOOKUP(INDEX(Quantities!$A$100:$A$118,MATCH($A85,Quantities!$C$100:$C$118)),Quantities[],Quantities!$Q$2)\n+VLOOKUP(INDEX(Quantities!$A$100:$A$118,MATCH($A85,Quantities!$C$100:$C$118)),Quantities[],Quantities!$T$2)*VLOOKUP(INDEX(Quantities!$A$100:$A$118,MATCH($A85,Quantities!$C$100:$C$118)),Quantities[],Quantities!$S$2))/\n(VLOOKUP(INDEX(Quantities!$A$100:$A$118,MATCH($A85,Quantities!$C$100:$C$118)),Quantities[],Quantities!$O$2)+VLOOKUP(INDEX(Quantities!$A$100:$A$118,MATCH($A85,Quantities!$C$100:$C$118)),Quantities[],Quantities!$Q$2)+VLOOKUP(A85,Quantities[],Quantities!$S$2)),\n\nIF(AND(B85=\"D\", (VLOOKUP(A85,Quantities[],Quantities!$O$2)+VLOOKUP(A85,Quantities[],Quantities!$Q$2)+VLOOKUP(A85,Quantities[],Quantities!$S$2))>0),\n(VLOOKUP(A85,Quantities[],Quantities!$P$2)*VLOOKUP(A85,Quantities[],Quantities!$O$2)\n+VLOOKUP(A85,Quantities[],Quantities!$R$2)*VLOOKUP(A85,Quantities[],Quantities!$Q$2)\n+VLOOKUP(A85,Quantities[],Quantities!$T$2)*VLOOKUP(A85,Quantities[],Quantities!$S$2))/\n(VLOOKUP(A85,Quantities[],Quantities!$O$2)+VLOOKUP(A85,Quantities[],Quantities!$Q$2)+VLOOKUP(A85,Quantities[],Quantities!$S$2)),\n\nIF($B85=\"Q\", (SUM(VLOOKUP($A85,Quantities[],Quantities!$P$2)*VLOOKUP($A85,Quantities[],Quantities!$O$2),VLOOKUP($A85,Quantities[],Quantities!$R$2)*VLOOKUP($A85,Quantities[],Quantities!$Q$2),VLOOKUP($A85,Quantities[],Quantities!$T$2)*VLOOKUP($A85,Quantities[],Quantities!$S$2)))/SUM(VLOOKUP($A85,Quantities[],Quantities!$O$2),VLOOKUP($A85,Quantities[],Quantities!$Q$2),VLOOKUP($A85,Quantities[],Quantities!$S$2)),\n\n VLOOKUP(A85,Quantities[],Quantities!$H$2)\n))))))","v":-0.05},{"$f":"IF(LEFT(D85,1)=\"U\",\"-\",VLOOKUP(D85,Equipment[],Equipment!$B$2))","v":"Cat D11T CD"}]
[{"$f":"Quantities!$A$41","v":2300},"B","b","Dz2",{"$f":"CONCATENATE(TEXT(A86,\"0\"),\"-\",B86,\"-\",C86,\"-\",D86)","v":"2300-B-b-Dz2"},{"$f":"IF(D86=\"Comb1\",CONCATENATE(VLOOKUP(B86,'Activity-Material_Codes'!$A$2:$B$26,Quantities!$B$2),\"-\",VLOOKUP(A86,Quantities[],Quantities!$D$2)),\nCONCATENATE(\nVLOOKUP(B86,'Activity-Material_Codes'!$A$2:$B$26,Quantities!$B$2),\nIF(AND(B86=\"B\",C86=\"a\"), \" Scraper Grading\", \"\"),\nIF(C86=\"b\",\"\",\"-\"),\nIF(C86=\"b\",\"\",VLOOKUP(A86,Quantities[],Quantities!$D$2)),\nIF(LEFT(TEXT(A86,\"0\"),1)=\"5\",\"\",\"-\"),\nIF(LEFT(TEXT(A86,\"0\"),1)=\"5\",\"\",VLOOKUP(C86,'Activity-Material_Codes'!$A$30:$B$36,Quantities!$B$2))\n))","v":"Dozer Assist-Cover"},{"$f":"CONCATENATE(\nIF(OR(RIGHT(TEXT($A86,\"0\"),Quantities!$B$2)=\"00\",LEFT(TEXT($A86,\"0\"),1)=\"5\",OR($C86=\"b\",$C86=\"f\")),\"\",VLOOKUP($A86,Quantities[],Quantities!$B$2)),\nIF(LEFT(TEXT($A86,\"0\"),1)=\"5\",\"\",\" \"),\nIF(OR(C86=\"a\",C86=\"c\",C86=\"d\",C86=\"e\"),IF(OR(RIGHT(TEXT($A86,\"0\"),Quantities!$B$2)=\"00\",LEFT(TEXT($A86,\"0\"),1)=\"5\"),VLOOKUP($A86,Quantities[],Quantities!$B$2),\"\"),\nIF(LEFT(TEXT($A86,\"0\"),1)=\"5\",VLOOKUP($A86,Quantities[],Quantities!$B$2),\nVLOOKUP(INDEX(Quantities!$A$100:$A$118,MATCH($A86,Quantities!$C$100:$C$118)),Quantities!$A$100:$B$118,Quantities!$B$2))))","v":" Gila Borrow Area"},{"$f":"IF(LEFT(TEXT(A86,\"0\"),1)=\"5\",\nVLOOKUP(VLOOKUP(A86,Quantities!$A$4:$D$118,Quantities!$C$2),Quantities!$A$4:$D$118,Quantities!$C$2),\nIF(OR(C86=\"a\",C86=\"c\",C86=\"d\",C86=\"e\"),\n\"-\",\nIF(RIGHT(TEXT(A86,\"0\"),2)=\"00\",VLOOKUP(A86,Quantities[],Quantities!$B$2),\nIF(C86=\"f\",VLOOKUP(A86,Quantities[],Quantities!$B$2),\nVLOOKUP(A86,Quantities[],Quantities!$C$2))\n)))","v":"6A Leach"},{"$f":"IF(OR(AND(LEFT(D86,2)=\"Sc\",B86=\"A\",C86=\"d\"),AND(C86=\"f\",B86=\"D\")),\nSUM(VLOOKUP($A86,Quantities[],Quantities!$O$2),VLOOKUP($A86,Quantities[],Quantities!$Q$2),VLOOKUP($A86,Quantities[],Quantities!$S$2)),\n\nIF(AND(LEFT(D86,2)=\"Sc\",OR(C86=\"a\",C86=\"f\")),\nVLOOKUP(A86,Quantities[],Quantities!$I$2),\n\nIF(AND(B86=\"D\",C86=\"b\"),\n VLOOKUP(INDEX(Quantities!$A$100:$A$118,MATCH($A86,Quantities!$C$100:$C$118)),Quantities!$A$100:$AJ$118,Quantities!$O$2)+\nVLOOKUP(INDEX(Quantities!$A$100:$A$118,MATCH($A86,Quantities!$C$100:$C$118)),Quantities!$A$100:$AJ$118,Quantities!$Q$2)+\nVLOOKUP(INDEX(Quantities!$A$100:$A$118,MATCH($A86,Quantities!$C$100:$C$118)),Quantities!$A$100:$AJ$118,Quantities!$S$2),\n\nIF(OR(B86=\"D\",B86=\"Q\"),\nSUM(VLOOKUP($A86,Quantities[],Quantities!$O$2),VLOOKUP($A86,Quantities[],Quantities!$Q$2),VLOOKUP($A86,Quantities[],Quantities!$S$2)),\n\n VLOOKUP(A86,Quantities[],Quantities!$G$2)\n))))","v":0},{"$f":"IF(LEFT(D86,2)=\"Mg\", VLOOKUP(A86,Quantities[],Quantities!$H$2),\n\nIF(OR(AND(LEFT(D86,2)=\"Sc\",B86=\"A\",C86=\"d\",C86=\"f\")),\n(SUM(VLOOKUP($A86,Quantities[],Quantities!$P$2)*VLOOKUP($A86,Quantities[],Quantities!$O$2),VLOOKUP($A86,Quantities[],Quantities!$R$2)*VLOOKUP($A86,Quantities[],Quantities!$Q$2),VLOOKUP($A86,Quantities[],Quantities!$T$2)*VLOOKUP($A86,Quantities[],Quantities!$S$2)))/SUM(VLOOKUP($A86,Quantities[],Quantities!$O$2),VLOOKUP($A86,Quantities[],Quantities!$Q$2),VLOOKUP($A86,Quantities[],Quantities!$S$2)),\n\nIF(AND(LEFT(D86,2)=\"Sc\",OR(C86=\"a\",C86=\"f\")),\nVLOOKUP(A86,Quantities[],Quantities!$J$2),\n\nIF(AND(B86=\"D\",C86=\"b\", (VLOOKUP(INDEX(Quantities!$A$100:$A$118,MATCH($A86,Quantities!$C$100:$C$118)),Quantities[],Quantities!$O$2)+VLOOKUP(INDEX(Quantities!$A$100:$A$118,MATCH($A86,Quantities!$C$100:$C$118)),Quantities[],Quantities!$Q$2)+VLOOKUP(INDEX(Quantities!$A$100:$A$118,MATCH($A86,Quantities!$C$100:$C$118)),Quantities[],Quantities!$S$2))>0),\n(VLOOKUP(INDEX(Quantities!$A$100:$A$118,MATCH($A86,Quantities!$C$100:$C$118)),Quantities[],Quantities!$P$2)*VLOOKUP(INDEX(Quantities!$A$100:$A$118,MATCH($A86,Quantities!$C$100:$C$118)),Quantities[],Quantities!$O$2)\n+VLOOKUP(INDEX(Quantities!$A$100:$A$118,MATCH($A86,Quantities!$C$100:$C$118)),Quantities[],Quantities!$R$2)*VLOOKUP(INDEX(Quantities!$A$100:$A$118,MATCH($A86,Quantities!$C$100:$C$118)),Quantities[],Quantities!$Q$2)\n+VLOOKUP(INDEX(Quantities!$A$100:$A$118,MATCH($A86,Quantities!$C$100:$C$118)),Quantities[],Quantities!$T$2)*VLOOKUP(INDEX(Quantities!$A$100:$A$118,MATCH($A86,Quantities!$C$100:$C$118)),Quantities[],Quantities!$S$2))/\n(VLOOKUP(INDEX(Quantities!$A$100:$A$118,MATCH($A86,Quantities!$C$100:$C$118)),Quantities[],Quantities!$O$2)+VLOOKUP(INDEX(Quantities!$A$100:$A$118,MATCH($A86,Quantities!$C$100:$C$118)),Quantities[],Quantities!$Q$2)+VLOOKUP(A86,Quantities[],Quantities!$S$2)),\n\nIF(AND(B86=\"D\", (VLOOKUP(A86,Quantities[],Quantities!$O$2)+VLOOKUP(A86,Quantities[],Quantities!$Q$2)+VLOOKUP(A86,Quantities[],Quantities!$S$2))>0),\n(VLOOKUP(A86,Quantities[],Quantities!$P$2)*VLOOKUP(A86,Quantities[],Quantities!$O$2)\n+VLOOKUP(A86,Quantities[],Quantities!$R$2)*VLOOKUP(A86,Quantities[],Quantities!$Q$2)\n+VLOOKUP(A86,Quantities[],Quantities!$T$2)*VLOOKUP(A86,Quantities[],Quantities!$S$2))/\n(VLOOKUP(A86,Quantities[],Quantities!$O$2)+VLOOKUP(A86,Quantities[],Quantities!$Q$2)+VLOOKUP(A86,Quantities[],Quantities!$S$2)),\n\nIF($B86=\"Q\", (SUM(VLOOKUP($A86,Quantities[],Quantities!$P$2)*VLOOKUP($A86,Quantities[],Quantities!$O$2),VLOOKUP($A86,Quantities[],Quantities!$R$2)*VLOOKUP($A86,Quantities[],Quantities!$Q$2),VLOOKUP($A86,Quantities[],Quantities!$T$2)*VLOOKUP($A86,Quantities[],Quantities!$S$2)))/SUM(VLOOKUP($A86,Quantities[],Quantities!$O$2),VLOOKUP($A86,Quantities[],Quantities!$Q$2),VLOOKUP($A86,Quantities[],Quantities!$S$2)),\n\n VLOOKUP(A86,Quantities[],Quantities!$H$2)\n))))))","v":"-"},{"$f":"IF(LEFT(D86,1)=\"U\",\"-\",VLOOKUP(D86,Equipment[],Equipment!$B$2))","v":"Cat D11T CD"}]
[{"$f":"Quantities!$A$17","v":1400},"B","b","Dz2","1400-B-b-Dz2",{"$f":"IF(D87=\"Comb1\",CONCATENATE(VLOOKUP(B87,'Activity-Material_Codes'!$A$2:$B$26,Quantities!$B$2),\"-\",VLOOKUP(A87,Quantities[],Quantities!$D$2)),\nCONCATENATE(\nVLOOKUP(B87,'Activity-Material_Codes'!$A$2:$B$26,Quantities!$B$2),\nIF(AND(B87=\"B\",C87=\"a\"), \" Scraper Grading\", \"\"),\nIF(C87=\"b\",\"\",\"-\"),\nIF(C87=\"b\",\"\",VLOOKUP(A87,Quantities[],Quantities!$D$2)),\nIF(LEFT(TEXT(A87,\"0\"),1)=\"5\",\"\",\"-\"),\nIF(LEFT(TEXT(A87,\"0\"),1)=\"5\",\"\",VLOOKUP(C87,'Activity-Material_Codes'!$A$30:$B$36,Quantities!$B$2))\n))","v":"Dozer Assist-Cover"},{"$f":"CONCATENATE(\nIF(OR(RIGHT(TEXT($A87,\"0\"),Quantities!$B$2)=\"00\",LEFT(TEXT($A87,\"0\"),1)=\"5\",OR($C87=\"b\",$C87=\"f\")),\"\",VLOOKUP($A87,Quantities[],Quantities!$B$2)),\nIF(LEFT(TEXT($A87,\"0\"),1)=\"5\",\"\",\" \"),\nIF(OR(C87=\"a\",C87=\"c\",C87=\"d\",C87=\"e\"),IF(OR(RIGHT(TEXT($A87,\"0\"),Quantities!$B$2)=\"00\",LEFT(TEXT($A87,\"0\"),1)=\"5\"),VLOOKUP($A87,Quantities[],Quantities!$B$2),\"\"),\nIF(LEFT(TEXT($A87,\"0\"),1)=\"5\",VLOOKUP($A87,Quantities[],Quantities!$B$2),\nVLOOKUP(INDEX(Quantities!$A$100:$A$118,MATCH($A87,Quantities!$C$100:$C$118)),Quantities!$A$100:$B$118,Quantities!$B$2))))","v":" Gila Borrow Area"},{"$f":"IF(LEFT(TEXT(A87,\"0\"),1)=\"5\",\nVLOOKUP(VLOOKUP(A87,Quantities!$A$4:$D$118,Quantities!$C$2),Quantities!$A$4:$D$118,Quantities!$C$2),\nIF(OR(C87=\"a\",C87=\"c\",C87=\"d\",C87=\"e\"),\n\"-\",\nIF(RIGHT(TEXT(A87,\"0\"),2)=\"00\",VLOOKUP(A87,Quantities[],Quantities!$B$2),\nIF(C87=\"f\",VLOOKUP(A87,Quantities[],Quantities!$B$2),\nVLOOKUP(A87,Quantities[],Quantities!$C$2))\n)))","v":"2 Leach (Area 1)"},{"$f":"IF(OR(AND(LEFT(D87,2)=\"Sc\",B87=\"A\",C87=\"d\"),AND(C87=\"f\",B87=\"D\")),\nSUM(VLOOKUP($A87,Quantities[],Quantities!$O$2),VLOOKUP($A87,Quantities[],Quantities!$Q$2),VLOOKUP($A87,Quantities[],Quantities!$S$2)),\n\nIF(AND(LEFT(D87,2)=\"Sc\",OR(C87=\"a\",C87=\"f\")),\nVLOOKUP(A87,Quantities[],Quantities!$I$2),\n\nIF(AND(B87=\"D\",C87=\"b\"),\n VLOOKUP(INDEX(Quantities!$A$100:$A$118,MATCH($A87,Quantities!$C$100:$C$118)),Quantities!$A$100:$AJ$118,Quantities!$O$2)+\nVLOOKUP(INDEX(Quantities!$A$100:$A$118,MATCH($A87,Quantities!$C$100:$C$118)),Quantities!$A$100:$AJ$118,Quantities!$Q$2)+\nVLOOKUP(INDEX(Quantities!$A$100:$A$118,MATCH($A87,Quantities!$C$100:$C$118)),Quantities!$A$100:$AJ$118,Quantities!$S$2),\n\nIF(OR(B87=\"D\",B87=\"Q\"),\nSUM(VLOOKUP($A87,Quantities[],Quantities!$O$2),VLOOKUP($A87,Quantities[],Quantities!$Q$2),VLOOKUP($A87,Quantities[],Quantities!$S$2)),\n\n VLOOKUP(A87,Quantities[],Quantities!$G$2)\n))))","v":0},{"$f":"IF(LEFT(D87,2)=\"Mg\", VLOOKUP(A87,Quantities[],Quantities!$H$2),\n\nIF(OR(AND(LEFT(D87,2)=\"Sc\",B87=\"A\",C87=\"d\",C87=\"f\")),\n(SUM(VLOOKUP($A87,Quantities[],Quantities!$P$2)*VLOOKUP($A87,Quantities[],Quantities!$O$2),VLOOKUP($A87,Quantities[],Quantities!$R$2)*VLOOKUP($A87,Quantities[],Quantities!$Q$2),VLOOKUP($A87,Quantities[],Quantities!$T$2)*VLOOKUP($A87,Quantities[],Quantities!$S$2)))/SUM(VLOOKUP($A87,Quantities[],Quantities!$O$2),VLOOKUP($A87,Quantities[],Quantities!$Q$2),VLOOKUP($A87,Quantities[],Quantities!$S$2)),\n\nIF(AND(LEFT(D87,2)=\"Sc\",OR(C87=\"a\",C87=\"f\")),\nVLOOKUP(A87,Quantities[],Quantities!$J$2),\n\nIF(AND(B87=\"D\",C87=\"b\", (VLOOKUP(INDEX(Quantities!$A$100:$A$118,MATCH($A87,Quantities!$C$100:$C$118)),Quantities[],Quantities!$O$2)+VLOOKUP(INDEX(Quantities!$A$100:$A$118,MATCH($A87,Quantities!$C$100:$C$118)),Quantities[],Quantities!$Q$2)+VLOOKUP(INDEX(Quantities!$A$100:$A$118,MATCH($A87,Quantities!$C$100:$C$118)),Quantities[],Quantities!$S$2))>0),\n(VLOOKUP(INDEX(Quantities!$A$100:$A$118,MATCH($A87,Quantities!$C$100:$C$118)),Quantities[],Quantities!$P$2)*VLOOKUP(INDEX(Quantities!$A$100:$A$118,MATCH($A87,Quantities!$C$100:$C$118)),Quantities[],Quantities!$O$2)\n+VLOOKUP(INDEX(Quantities!$A$100:$A$118,MATCH($A87,Quantities!$C$100:$C$118)),Quantities[],Quantities!$R$2)*VLOOKUP(INDEX(Quantities!$A$100:$A$118,MATCH($A87,Quantities!$C$100:$C$118)),Quantities[],Quantities!$Q$2)\n+VLOOKUP(INDEX(Quantities!$A$100:$A$118,MATCH($A87,Quantities!$C$100:$C$118)),Quantities[],Quantities!$T$2)*VLOOKUP(INDEX(Quantities!$A$100:$A$118,MATCH($A87,Quantities!$C$100:$C$118)),Quantities[],Quantities!$S$2))/\n(VLOOKUP(INDEX(Quantities!$A$100:$A$118,MATCH($A87,Quantities!$C$100:$C$118)),Quantities[],Quantities!$O$2)+VLOOKUP(INDEX(Quantities!$A$100:$A$118,MATCH($A87,Quantities!$C$100:$C$118)),Quantities[],Quantities!$Q$2)+VLOOKUP(A87,Quantities[],Quantities!$S$2)),\n\nIF(AND(B87=\"D\", (VLOOKUP(A87,Quantities[],Quantities!$O$2)+VLOOKUP(A87,Quantities[],Quantities!$Q$2)+VLOOKUP(A87,Quantities[],Quantities!$S$2))>0),\n(VLOOKUP(A87,Quantities[],Quantities!$P$2)*VLOOKUP(A87,Quantities[],Quantities!$O$2)\n+VLOOKUP(A87,Quantities[],Quantities!$R$2)*VLOOKUP(A87,Quantities[],Quantities!$Q$2)\n+VLOOKUP(A87,Quantities[],Quantities!$T$2)*VLOOKUP(A87,Quantities[],Quantities!$S$2))/\n(VLOOKUP(A87,Quantities[],Quantities!$O$2)+VLOOKUP(A87,Quantities[],Quantities!$Q$2)+VLOOKUP(A87,Quantities[],Quantities!$S$2)),\n\nIF($B87=\"Q\", (SUM(VLOOKUP($A87,Quantities[],Quantities!$P$2)*VLOOKUP($A87,Quantities[],Quantities!$O$2),VLOOKUP($A87,Quantities[],Quantities!$R$2)*VLOOKUP($A87,Quantities[],Quantities!$Q$2),VLOOKUP($A87,Quantities[],Quantities!$T$2)*VLOOKUP($A87,Quantities[],Quantities!$S$2)))/SUM(VLOOKUP($A87,Quantities[],Quantities!$O$2),VLOOKUP($A87,Quantities[],Quantities!$Q$2),VLOOKUP($A87,Quantities[],Quantities!$S$2)),\n\n VLOOKUP(A87,Quantities[],Quantities!$H$2)\n))))))","v":"-"},{"$f":"IF(LEFT(D87,1)=\"U\",\"-\",VLOOKUP(D87,Equipment[],Equipment!$B$2))","v":"Cat D11T CD"}]
[{"$f":"Quantities!$A$29","v":1800},"B","b","Dz2","1800-B-b-Dz2",{"$f":"IF(D88=\"Comb1\",CONCATENATE(VLOOKUP(B88,'Activity-Material_Codes'!$A$2:$B$26,Quantities!$B$2),\"-\",VLOOKUP(A88,Quantities[],Quantities!$D$2)),\nCONCATENATE(\nVLOOKUP(B88,'Activity-Material_Codes'!$A$2:$B$26,Quantities!$B$2),\nIF(AND(B88=\"B\",C88=\"a\"), \" Scraper Grading\", \"\"),\nIF(C88=\"b\",\"\",\"-\"),\nIF(C88=\"b\",\"\",VLOOKUP(A88,Quantities[],Quantities!$D$2)),\nIF(LEFT(TEXT(A88,\"0\"),1)=\"5\",\"\",\"-\"),\nIF(LEFT(TEXT(A88,\"0\"),1)=\"5\",\"\",VLOOKUP(C88,'Activity-Material_Codes'!$A$30:$B$36,Quantities!$B$2))\n))","v":"Dozer Assist-Cover"},{"$f":"CONCATENATE(\nIF(OR(RIGHT(TEXT($A88,\"0\"),Quantities!$B$2)=\"00\",LEFT(TEXT($A88,\"0\"),1)=\"5\",OR($C88=\"b\",$C88=\"f\")),\"\",VLOOKUP($A88,Quantities[],Quantities!$B$2)),\nIF(LEFT(TEXT($A88,\"0\"),1)=\"5\",\"\",\" \"),\nIF(OR(C88=\"a\",C88=\"c\",C88=\"d\",C88=\"e\"),IF(OR(RIGHT(TEXT($A88,\"0\"),Quantities!$B$2)=\"00\",LEFT(TEXT($A88,\"0\"),1)=\"5\"),VLOOKUP($A88,Quantities[],Quantities!$B$2),\"\"),\nIF(LEFT(TEXT($A88,\"0\"),1)=\"5\",VLOOKUP($A88,Quantities[],Quantities!$B$2),\nVLOOKUP(INDEX(Quantities!$A$100:$A$118,MATCH($A88,Quantities!$C$100:$C$118)),Quantities!$A$100:$B$118,Quantities!$B$2))))","v":" Gila Borrow Area"},{"$f":"IF(LEFT(TEXT(A88,\"0\"),1)=\"5\",\nVLOOKUP(VLOOKUP(A88,Quantities!$A$4:$D$118,Quantities!$C$2),Quantities!$A$4:$D$118,Quantities!$C$2),\nIF(OR(C88=\"a\",C88=\"c\",C88=\"d\",C88=\"e\"),\n\"-\",\nIF(RIGHT(TEXT(A88,\"0\"),2)=\"00\",VLOOKUP(A88,Quantities[],Quantities!$B$2),\nIF(C88=\"f\",VLOOKUP(A88,Quantities[],Quantities!$B$2),\nVLOOKUP(A88,Quantities[],Quantities!$C$2))\n)))","v":"2 Leach (Area 2), 7B Leach, 7B Waste, 7C Waste, South Rim Pit"},{"$f":"IF(OR(AND(LEFT(D88,2)=\"Sc\",B88=\"A\",C88=\"d\"),AND(C88=\"f\",B88=\"D\")),\nSUM(VLOOKUP($A88,Quantities[],Quantities!$O$2),VLOOKUP($A88,Quantities[],Quantities!$Q$2),VLOOKUP($A88,Quantities[],Quantities!$S$2)),\n\nIF(AND(LEFT(D88,2)=\"Sc\",OR(C88=\"a\",C88=\"f\")),\nVLOOKUP(A88,Quantities[],Quantities!$I$2),\n\nIF(AND(B88=\"D\",C88=\"b\"),\n VLOOKUP(INDEX(Quantities!$A$100:$A$118,MATCH($A88,Quantities!$C$100:$C$118)),Quantities!$A$100:$AJ$118,Quantities!$O$2)+\nVLOOKUP(INDEX(Quantities!$A$100:$A$118,MATCH($A88,Quantities!$C$100:$C$118)),Quantities!$A$100:$AJ$118,Quantities!$Q$2)+\nVLOOKUP(INDEX(Quantities!$A$100:$A$118,MATCH($A88,Quantities!$C$100:$C$118)),Quantities!$A$100:$AJ$118,Quantities!$S$2),\n\nIF(OR(B88=\"D\",B88=\"Q\"),\nSUM(VLOOKUP($A88,Quantities[],Quantities!$O$2),VLOOKUP($A88,Quantities[],Quantities!$Q$2),VLOOKUP($A88,Quantities[],Quantities!$S$2)),\n\n VLOOKUP(A88,Quantities[],Quantities!$G$2)\n))))","v":0},{"$f":"IF(LEFT(D88,2)=\"Mg\", VLOOKUP(A88,Quantities[],Quantities!$H$2),\n\nIF(OR(AND(LEFT(D88,2)=\"Sc\",B88=\"A\",C88=\"d\",C88=\"f\")),\n(SUM(VLOOKUP($A88,Quantities[],Quantities!$P$2)*VLOOKUP($A88,Quantities[],Quantities!$O$2),VLOOKUP($A88,Quantities[],Quantities!$R$2)*VLOOKUP($A88,Quantities[],Quantities!$Q$2),VLOOKUP($A88,Quantities[],Quantities!$T$2)*VLOOKUP($A88,Quantities[],Quantities!$S$2)))/SUM(VLOOKUP($A88,Quantities[],Quantities!$O$2),VLOOKUP($A88,Quantities[],Quantities!$Q$2),VLOOKUP($A88,Quantities[],Quantities!$S$2)),\n\nIF(AND(LEFT(D88,2)=\"Sc\",OR(C88=\"a\",C88=\"f\")),\nVLOOKUP(A88,Quantities[],Quantities!$J$2),\n\nIF(AND(B88=\"D\",C88=\"b\", (VLOOKUP(INDEX(Quantities!$A$100:$A$118,MATCH($A88,Quantities!$C$100:$C$118)),Quantities[],Quantities!$O$2)+VLOOKUP(INDEX(Quantities!$A$100:$A$118,MATCH($A88,Quantities!$C$100:$C$118)),Quantities[],Quantities!$Q$2)+VLOOKUP(INDEX(Quantities!$A$100:$A$118,MATCH($A88,Quantities!$C$100:$C$118)),Quantities[],Quantities!$S$2))>0),\n(VLOOKUP(INDEX(Quantities!$A$100:$A$118,MATCH($A88,Quantities!$C$100:$C$118)),Quantities[],Quantities!$P$2)*VLOOKUP(INDEX(Quantities!$A$100:$A$118,MATCH($A88,Quantities!$C$100:$C$118)),Quantities[],Quantities!$O$2)\n+VLOOKUP(INDEX(Quantities!$A$100:$A$118,MATCH($A88,Quantities!$C$100:$C$118)),Quantities[],Quantities!$R$2)*VLOOKUP(INDEX(Quantities!$A$100:$A$118,MATCH($A88,Quantities!$C$100:$C$118)),Quantities[],Quantities!$Q$2)\n+VLOOKUP(INDEX(Quantities!$A$100:$A$118,MATCH($A88,Quantities!$C$100:$C$118)),Quantities[],Quantities!$T$2)*VLOOKUP(INDEX(Quantities!$A$100:$A$118,MATCH($A88,Quantities!$C$100:$C$118)),Quantities[],Quantities!$S$2))/\n(VLOOKUP(INDEX(Quantities!$A$100:$A$118,MATCH($A88,Quantities!$C$100:$C$118)),Quantities[],Quantities!$O$2)+VLOOKUP(INDEX(Quantities!$A$100:$A$118,MATCH($A88,Quantities!$C$100:$C$118)),Quantities[],Quantities!$Q$2)+VLOOKUP(A88,Quantities[],Quantities!$S$2)),\n\nIF(AND(B88=\"D\", (VLOOKUP(A88,Quantities[],Quantities!$O$2)+VLOOKUP(A88,Quantities[],Quantities!$Q$2)+VLOOKUP(A88,Quantities[],Quantities!$S$2))>0),\n(VLOOKUP(A88,Quantities[],Quantities!$P$2)*VLOOKUP(A88,Quantities[],Quantities!$O$2)\n+VLOOKUP(A88,Quantities[],Quantities!$R$2)*VLOOKUP(A88,Quantities[],Quantities!$Q$2)\n+VLOOKUP(A88,Quantities[],Quantities!$T$2)*VLOOKUP(A88,Quantities[],Quantities!$S$2))/\n(VLOOKUP(A88,Quantities[],Quantities!$O$2)+VLOOKUP(A88,Quantities[],Quantities!$Q$2)+VLOOKUP(A88,Quantities[],Quantities!$S$2)),\n\nIF($B88=\"Q\", (SUM(VLOOKUP($A88,Quantities[],Quantities!$P$2)*VLOOKUP($A88,Quantities[],Quantities!$O$2),VLOOKUP($A88,Quantities[],Quantities!$R$2)*VLOOKUP($A88,Quantities[],Quantities!$Q$2),VLOOKUP($A88,Quantities[],Quantities!$T$2)*VLOOKUP($A88,Quantities[],Quantities!$S$2)))/SUM(VLOOKUP($A88,Quantities[],Quantities!$O$2),VLOOKUP($A88,Quantities[],Quantities!$Q$2),VLOOKUP($A88,Quantities[],Quantities!$S$2)),\n\n VLOOKUP(A88,Quantities[],Quantities!$H$2)\n))))))","v":"-"},{"$f":"IF(LEFT(D88,1)=\"U\",\"-\",VLOOKUP(D88,Equipment[],Equipment!$B$2))","v":"Cat D11T CD"}]
[{"$f":"Quantities!$A$32","v":1900},"B","b","Dz2","1900-B-b-Dz2",{"$f":"IF(D89=\"Comb1\",CONCATENATE(VLOOKUP(B89,'Activity-Material_Codes'!$A$2:$B$26,Quantities!$B$2),\"-\",VLOOKUP(A89,Quantities[],Quantities!$D$2)),\nCONCATENATE(\nVLOOKUP(B89,'Activity-Material_Codes'!$A$2:$B$26,Quantities!$B$2),\nIF(AND(B89=\"B\",C89=\"a\"), \" Scraper Grading\", \"\"),\nIF(C89=\"b\",\"\",\"-\"),\nIF(C89=\"b\",\"\",VLOOKUP(A89,Quantities[],Quantities!$D$2)),\nIF(LEFT(TEXT(A89,\"0\"),1)=\"5\",\"\",\"-\"),\nIF(LEFT(TEXT(A89,\"0\"),1)=\"5\",\"\",VLOOKUP(C89,'Activity-Material_Codes'!$A$30:$B$36,Quantities!$B$2))\n))","v":"Dozer Assist-Cover"},{"$f":"CONCATENATE(\nIF(OR(RIGHT(TEXT($A89,\"0\"),Quantities!$B$2)=\"00\",LEFT(TEXT($A89,\"0\"),1)=\"5\",OR($C89=\"b\",$C89=\"f\")),\"\",VLOOKUP($A89,Quantities[],Quantities!$B$2)),\nIF(LEFT(TEXT($A89,\"0\"),1)=\"5\",\"\",\" \"),\nIF(OR(C89=\"a\",C89=\"c\",C89=\"d\",C89=\"e\"),IF(OR(RIGHT(TEXT($A89,\"0\"),Quantities!$B$2)=\"00\",LEFT(TEXT($A89,\"0\"),1)=\"5\"),VLOOKUP($A89,Quantities[],Quantities!$B$2),\"\"),\nIF(LEFT(TEXT($A89,\"0\"),1)=\"5\",VLOOKUP($A89,Quantities[],Quantities!$B$2),\nVLOOKUP(INDEX(Quantities!$A$100:$A$118,MATCH($A89,Quantities!$C$100:$C$118)),Quantities!$A$100:$B$118,Quantities!$B$2))))","v":" Gila Borrow Area"},{"$f":"IF(LEFT(TEXT(A89,\"0\"),1)=\"5\",\nVLOOKUP(VLOOKUP(A89,Quantities!$A$4:$D$118,Quantities!$C$2),Quantities!$A$4:$D$118,Quantities!$C$2),\nIF(OR(C89=\"a\",C89=\"c\",C89=\"d\",C89=\"e\"),\n\"-\",\nIF(RIGHT(TEXT(A89,\"0\"),2)=\"00\",VLOOKUP(A89,Quantities[],Quantities!$B$2),\nIF(C89=\"f\",VLOOKUP(A89,Quantities[],Quantities!$B$2),\nVLOOKUP(A89,Quantities[],Quantities!$C$2))\n)))","v":"8A Waste, 8C Waste"},{"$f":"IF(OR(AND(LEFT(D89,2)=\"Sc\",B89=\"A\",C89=\"d\"),AND(C89=\"f\",B89=\"D\")),\nSUM(VLOOKUP($A89,Quantities[],Quantities!$O$2),VLOOKUP($A89,Quantities[],Quantities!$Q$2),VLOOKUP($A89,Quantities[],Quantities!$S$2)),\n\nIF(AND(LEFT(D89,2)=\"Sc\",OR(C89=\"a\",C89=\"f\")),\nVLOOKUP(A89,Quantities[],Quantities!$I$2),\n\nIF(AND(B89=\"D\",C89=\"b\"),\n VLOOKUP(INDEX(Quantities!$A$100:$A$118,MATCH($A89,Quantities!$C$100:$C$118)),Quantities!$A$100:$AJ$118,Quantities!$O$2)+\nVLOOKUP(INDEX(Quantities!$A$100:$A$118,MATCH($A89,Quantities!$C$100:$C$118)),Quantities!$A$100:$AJ$118,Quantities!$Q$2)+\nVLOOKUP(INDEX(Quantities!$A$100:$A$118,MATCH($A89,Quantities!$C$100:$C$118)),Quantities!$A$100:$AJ$118,Quantities!$S$2),\n\nIF(OR(B89=\"D\",B89=\"Q\"),\nSUM(VLOOKUP($A89,Quantities[],Quantities!$O$2),VLOOKUP($A89,Quantities[],Quantities!$Q$2),VLOOKUP($A89,Quantities[],Quantities!$S$2)),\n\n VLOOKUP(A89,Quantities[],Quantities!$G$2)\n))))","v":0},{"$f":"IF(LEFT(D89,2)=\"Mg\", VLOOKUP(A89,Quantities[],Quantities!$H$2),\n\nIF(OR(AND(LEFT(D89,2)=\"Sc\",B89=\"A\",C89=\"d\",C89=\"f\")),\n(SUM(VLOOKUP($A89,Quantities[],Quantities!$P$2)*VLOOKUP($A89,Quantities[],Quantities!$O$2),VLOOKUP($A89,Quantities[],Quantities!$R$2)*VLOOKUP($A89,Quantities[],Quantities!$Q$2),VLOOKUP($A89,Quantities[],Quantities!$T$2)*VLOOKUP($A89,Quantities[],Quantities!$S$2)))/SUM(VLOOKUP($A89,Quantities[],Quantities!$O$2),VLOOKUP($A89,Quantities[],Quantities!$Q$2),VLOOKUP($A89,Quantities[],Quantities!$S$2)),\n\nIF(AND(LEFT(D89,2)=\"Sc\",OR(C89=\"a\",C89=\"f\")),\nVLOOKUP(A89,Quantities[],Quantities!$J$2),\n\nIF(AND(B89=\"D\",C89=\"b\", (VLOOKUP(INDEX(Quantities!$A$100:$A$118,MATCH($A89,Quantities!$C$100:$C$118)),Quantities[],Quantities!$O$2)+VLOOKUP(INDEX(Quantities!$A$100:$A$118,MATCH($A89,Quantities!$C$100:$C$118)),Quantities[],Quantities!$Q$2)+VLOOKUP(INDEX(Quantities!$A$100:$A$118,MATCH($A89,Quantities!$C$100:$C$118)),Quantities[],Quantities!$S$2))>0),\n(VLOOKUP(INDEX(Quantities!$A$100:$A$118,MATCH($A89,Quantities!$C$100:$C$118)),Quantities[],Quantities!$P$2)*VLOOKUP(INDEX(Quantities!$A$100:$A$118,MATCH($A89,Quantities!$C$100:$C$118)),Quantities[],Quantities!$O$2)\n+VLOOKUP(INDEX(Quantities!$A$100:$A$118,MATCH($A89,Quantities!$C$100:$C$118)),Quantities[],Quantities!$R$2)*VLOOKUP(INDEX(Quantities!$A$100:$A$118,MATCH($A89,Quantities!$C$100:$C$118)),Quantities[],Quantities!$Q$2)\n+VLOOKUP(INDEX(Quantities!$A$100:$A$118,MATCH($A89,Quantities!$C$100:$C$118)),Quantities[],Quantities!$T$2)*VLOOKUP(INDEX(Quantities!$A$100:$A$118,MATCH($A89,Quantities!$C$100:$C$118)),Quantities[],Quantities!$S$2))/\n(VLOOKUP(INDEX(Quantities!$A$100:$A$118,MATCH($A89,Quantities!$C$100:$C$118)),Quantities[],Quantities!$O$2)+VLOOKUP(INDEX(Quantities!$A$100:$A$118,MATCH($A89,Quantities!$C$100:$C$118)),Quantities[],Quantities!$Q$2)+VLOOKUP(A89,Quantities[],Quantities!$S$2)),\n\nIF(AND(B89=\"D\", (VLOOKUP(A89,Quantities[],Quantities!$O$2)+VLOOKUP(A89,Quantities[],Quantities!$Q$2)+VLOOKUP(A89,Quantities[],Quantities!$S$2))>0),\n(VLOOKUP(A89,Quantities[],Quantities!$P$2)*VLOOKUP(A89,Quantities[],Quantities!$O$2)\n+VLOOKUP(A89,Quantities[],Quantities!$R$2)*VLOOKUP(A89,Quantities[],Quantities!$Q$2)\n+VLOOKUP(A89,Quantities[],Quantities!$T$2)*VLOOKUP(A89,Quantities[],Quantities!$S$2))/\n(VLOOKUP(A89,Quantities[],Quantities!$O$2)+VLOOKUP(A89,Quantities[],Quantities!$Q$2)+VLOOKUP(A89,Quantities[],Quantities!$S$2)),\n\nIF($B89=\"Q\", (SUM(VLOOKUP($A89,Quantities[],Quantities!$P$2)*VLOOKUP($A89,Quantities[],Quantities!$O$2),VLOOKUP($A89,Quantities[],Quantities!$R$2)*VLOOKUP($A89,Quantities[],Quantities!$Q$2),VLOOKUP($A89,Quantities[],Quantities!$T$2)*VLOOKUP($A89,Quantities[],Quantities!$S$2)))/SUM(VLOOKUP($A89,Quantities[],Quantities!$O$2),VLOOKUP($A89,Quantities[],Quantities!$Q$2),VLOOKUP($A89,Quantities[],Quantities!$S$2)),\n\n VLOOKUP(A89,Quantities[],Quantities!$H$2)\n))))))","v":0},{"$f":"IF(LEFT(D89,1)=\"U\",\"-\",VLOOKUP(D89,Equipment[],Equipment!$B$2))","v":"Cat D11T CD"}]
[{"$f":"Quantities!$A$23","v":1600},"B","b","Dz2","1600-B-b-Dz2",{"$f":"IF(D90=\"Comb1\",CONCATENATE(VLOOKUP(B90,'Activity-Material_Codes'!$A$2:$B$26,Quantities!$B$2),\"-\",VLOOKUP(A90,Quantities[],Quantities!$D$2)),\nCONCATENATE(\nVLOOKUP(B90,'Activity-Material_Codes'!$A$2:$B$26,Quantities!$B$2),\nIF(AND(B90=\"B\",C90=\"a\"), \" Scraper Grading\", \"\"),\nIF(C90=\"b\",\"\",\"-\"),\nIF(C90=\"b\",\"\",VLOOKUP(A90,Quantities[],Quantities!$D$2)),\nIF(LEFT(TEXT(A90,\"0\"),1)=\"5\",\"\",\"-\"),\nIF(LEFT(TEXT(A90,\"0\"),1)=\"5\",\"\",VLOOKUP(C90,'Activity-Material_Codes'!$A$30:$B$36,Quantities!$B$2))\n))","v":"Dozer Assist-Cover"},{"$f":"CONCATENATE(\nIF(OR(RIGHT(TEXT($A90,\"0\"),Quantities!$B$2)=\"00\",LEFT(TEXT($A90,\"0\"),1)=\"5\",OR($C90=\"b\",$C90=\"f\")),\"\",VLOOKUP($A90,Quantities[],Quantities!$B$2)),\nIF(LEFT(TEXT($A90,\"0\"),1)=\"5\",\"\",\" \"),\nIF(OR(C90=\"a\",C90=\"c\",C90=\"d\",C90=\"e\"),IF(OR(RIGHT(TEXT($A90,\"0\"),Quantities!$B$2)=\"00\",LEFT(TEXT($A90,\"0\"),1)=\"5\"),VLOOKUP($A90,Quantities[],Quantities!$B$2),\"\"),\nIF(LEFT(TEXT($A90,\"0\"),1)=\"5\",VLOOKUP($A90,Quantities[],Quantities!$B$2),\nVLOOKUP(INDEX(Quantities!$A$100:$A$118,MATCH($A90,Quantities!$C$100:$C$118)),Quantities!$A$100:$B$118,Quantities!$B$2))))","v":" Gila Borrow Area"},{"$f":"IF(LEFT(TEXT(A90,\"0\"),1)=\"5\",\nVLOOKUP(VLOOKUP(A90,Quantities!$A$4:$D$118,Quantities!$C$2),Quantities!$A$4:$D$118,Quantities!$C$2),\nIF(OR(C90=\"a\",C90=\"c\",C90=\"d\",C90=\"e\"),\n\"-\",\nIF(RIGHT(TEXT(A90,\"0\"),2)=\"00\",VLOOKUP(A90,Quantities[],Quantities!$B$2),\nIF(C90=\"f\",VLOOKUP(A90,Quantities[],Quantities!$B$2),\nVLOOKUP(A90,Quantities[],Quantities!$C$2))\n)))","v":"6B Leach, 6D Leach"},{"$f":"IF(OR(AND(LEFT(D90,2)=\"Sc\",B90=\"A\",C90=\"d\"),AND(C90=\"f\",B90=\"D\")),\nSUM(VLOOKUP($A90,Quantities[],Quantities!$O$2),VLOOKUP($A90,Quantities[],Quantities!$Q$2),VLOOKUP($A90,Quantities[],Quantities!$S$2)),\n\nIF(AND(LEFT(D90,2)=\"Sc\",OR(C90=\"a\",C90=\"f\")),\nVLOOKUP(A90,Quantities[],Quantities!$I$2),\n\nIF(AND(B90=\"D\",C90=\"b\"),\n VLOOKUP(INDEX(Quantities!$A$100:$A$118,MATCH($A90,Quantities!$C$100:$C$118)),Quantities!$A$100:$AJ$118,Quantities!$O$2)+\nVLOOKUP(INDEX(Quantities!$A$100:$A$118,MATCH($A90,Quantities!$C$100:$C$118)),Quantities!$A$100:$AJ$118,Quantities!$Q$2)+\nVLOOKUP(INDEX(Quantities!$A$100:$A$118,MATCH($A90,Quantities!$C$100:$C$118)),Quantities!$A$100:$AJ$118,Quantities!$S$2),\n\nIF(OR(B90=\"D\",B90=\"Q\"),\nSUM(VLOOKUP($A90,Quantities[],Quantities!$O$2),VLOOKUP($A90,Quantities[],Quantities!$Q$2),VLOOKUP($A90,Quantities[],Quantities!$S$2)),\n\n VLOOKUP(A90,Quantities[],Quantities!$G$2)\n))))","v":0},{"$f":"IF(LEFT(D90,2)=\"Mg\", VLOOKUP(A90,Quantities[],Quantities!$H$2),\n\nIF(OR(AND(LEFT(D90,2)=\"Sc\",B90=\"A\",C90=\"d\",C90=\"f\")),\n(SUM(VLOOKUP($A90,Quantities[],Quantities!$P$2)*VLOOKUP($A90,Quantities[],Quantities!$O$2),VLOOKUP($A90,Quantities[],Quantities!$R$2)*VLOOKUP($A90,Quantities[],Quantities!$Q$2),VLOOKUP($A90,Quantities[],Quantities!$T$2)*VLOOKUP($A90,Quantities[],Quantities!$S$2)))/SUM(VLOOKUP($A90,Quantities[],Quantities!$O$2),VLOOKUP($A90,Quantities[],Quantities!$Q$2),VLOOKUP($A90,Quantities[],Quantities!$S$2)),\n\nIF(AND(LEFT(D90,2)=\"Sc\",OR(C90=\"a\",C90=\"f\")),\nVLOOKUP(A90,Quantities[],Quantities!$J$2),\n\nIF(AND(B90=\"D\",C90=\"b\", (VLOOKUP(INDEX(Quantities!$A$100:$A$118,MATCH($A90,Quantities!$C$100:$C$118)),Quantities[],Quantities!$O$2)+VLOOKUP(INDEX(Quantities!$A$100:$A$118,MATCH($A90,Quantities!$C$100:$C$118)),Quantities[],Quantities!$Q$2)+VLOOKUP(INDEX(Quantities!$A$100:$A$118,MATCH($A90,Quantities!$C$100:$C$118)),Quantities[],Quantities!$S$2))>0),\n(VLOOKUP(INDEX(Quantities!$A$100:$A$118,MATCH($A90,Quantities!$C$100:$C$118)),Quantities[],Quantities!$P$2)*VLOOKUP(INDEX(Quantities!$A$100:$A$118,MATCH($A90,Quantities!$C$100:$C$118)),Quantities[],Quantities!$O$2)\n+VLOOKUP(INDEX(Quantities!$A$100:$A$118,MATCH($A90,Quantities!$C$100:$C$118)),Quantities[],Quantities!$R$2)*VLOOKUP(INDEX(Quantities!$A$100:$A$118,MATCH($A90,Quantities!$C$100:$C$118)),Quantities[],Quantities!$Q$2)\n+VLOOKUP(INDEX(Quantities!$A$100:$A$118,MATCH($A90,Quantities!$C$100:$C$118)),Quantities[],Quantities!$T$2)*VLOOKUP(INDEX(Quantities!$A$100:$A$118,MATCH($A90,Quantities!$C$100:$C$118)),Quantities[],Quantities!$S$2))/\n(VLOOKUP(INDEX(Quantities!$A$100:$A$118,MATCH($A90,Quantities!$C$100:$C$118)),Quantities[],Quantities!$O$2)+VLOOKUP(INDEX(Quantities!$A$100:$A$118,MATCH($A90,Quantities!$C$100:$C$118)),Quantities[],Quantities!$Q$2)+VLOOKUP(A90,Quantities[],Quantities!$S$2)),\n\nIF(AND(B90=\"D\", (VLOOKUP(A90,Quantities[],Quantities!$O$2)+VLOOKUP(A90,Quantities[],Quantities!$Q$2)+VLOOKUP(A90,Quantities[],Quantities!$S$2))>0),\n(VLOOKUP(A90,Quantities[],Quantities!$P$2)*VLOOKUP(A90,Quantities[],Quantities!$O$2)\n+VLOOKUP(A90,Quantities[],Quantities!$R$2)*VLOOKUP(A90,Quantities[],Quantities!$Q$2)\n+VLOOKUP(A90,Quantities[],Quantities!$T$2)*VLOOKUP(A90,Quantities[],Quantities!$S$2))/\n(VLOOKUP(A90,Quantities[],Quantities!$O$2)+VLOOKUP(A90,Quantities[],Quantities!$Q$2)+VLOOKUP(A90,Quantities[],Quantities!$S$2)),\n\nIF($B90=\"Q\", (SUM(VLOOKUP($A90,Quantities[],Quantities!$P$2)*VLOOKUP($A90,Quantities[],Quantities!$O$2),VLOOKUP($A90,Quantities[],Quantities!$R$2)*VLOOKUP($A90,Quantities[],Quantities!$Q$2),VLOOKUP($A90,Quantities[],Quantities!$T$2)*VLOOKUP($A90,Quantities[],Quantities!$S$2)))/SUM(VLOOKUP($A90,Quantities[],Quantities!$O$2),VLOOKUP($A90,Quantities[],Quantities!$Q$2),VLOOKUP($A90,Quantities[],Quantities!$S$2)),\n\n VLOOKUP(A90,Quantities[],Quantities!$H$2)\n))))))","v":"-"},{"$f":"IF(LEFT(D90,1)=\"U\",\"-\",VLOOKUP(D90,Equipment[],Equipment!$B$2))","v":"Cat D11T CD"}]
[{"$f":"Quantities!$A$26","v":1700},"B","b","Dz2","1700-B-b-Dz2",{"$f":"IF(D91=\"Comb1\",CONCATENATE(VLOOKUP(B91,'Activity-Material_Codes'!$A$2:$B$26,Quantities!$B$2),\"-\",VLOOKUP(A91,Quantities[],Quantities!$D$2)),\nCONCATENATE(\nVLOOKUP(B91,'Activity-Material_Codes'!$A$2:$B$26,Quantities!$B$2),\nIF(AND(B91=\"B\",C91=\"a\"), \" Scraper Grading\", \"\"),\nIF(C91=\"b\",\"\",\"-\"),\nIF(C91=\"b\",\"\",VLOOKUP(A91,Quantities[],Quantities!$D$2)),\nIF(LEFT(TEXT(A91,\"0\"),1)=\"5\",\"\",\"-\"),\nIF(LEFT(TEXT(A91,\"0\"),1)=\"5\",\"\",VLOOKUP(C91,'Activity-Material_Codes'!$A$30:$B$36,Quantities!$B$2))\n))","v":"Dozer Assist-Cover"},{"$f":"CONCATENATE(\nIF(OR(RIGHT(TEXT($A91,\"0\"),Quantities!$B$2)=\"00\",LEFT(TEXT($A91,\"0\"),1)=\"5\",OR($C91=\"b\",$C91=\"f\")),\"\",VLOOKUP($A91,Quantities[],Quantities!$B$2)),\nIF(LEFT(TEXT($A91,\"0\"),1)=\"5\",\"\",\" \"),\nIF(OR(C91=\"a\",C91=\"c\",C91=\"d\",C91=\"e\"),IF(OR(RIGHT(TEXT($A91,\"0\"),Quantities!$B$2)=\"00\",LEFT(TEXT($A91,\"0\"),1)=\"5\"),VLOOKUP($A91,Quantities[],Quantities!$B$2),\"\"),\nIF(LEFT(TEXT($A91,\"0\"),1)=\"5\",VLOOKUP($A91,Quantities[],Quantities!$B$2),\nVLOOKUP(INDEX(Quantities!$A$100:$A$118,MATCH($A91,Quantities!$C$100:$C$118)),Quantities!$A$100:$B$118,Quantities!$B$2))))","v":" Gila Borrow Area"},{"$f":"IF(LEFT(TEXT(A91,\"0\"),1)=\"5\",\nVLOOKUP(VLOOKUP(A91,Quantities!$A$4:$D$118,Quantities!$C$2),Quantities!$A$4:$D$118,Quantities!$C$2),\nIF(OR(C91=\"a\",C91=\"c\",C91=\"d\",C91=\"e\"),\n\"-\",\nIF(RIGHT(TEXT(A91,\"0\"),2)=\"00\",VLOOKUP(A91,Quantities[],Quantities!$B$2),\nIF(C91=\"f\",VLOOKUP(A91,Quantities[],Quantities!$B$2),\nVLOOKUP(A91,Quantities[],Quantities!$C$2))\n)))","v":"6C Leach"},{"$f":"IF(OR(AND(LEFT(D91,2)=\"Sc\",B91=\"A\",C91=\"d\"),AND(C91=\"f\",B91=\"D\")),\nSUM(VLOOKUP($A91,Quantities[],Quantities!$O$2),VLOOKUP($A91,Quantities[],Quantities!$Q$2),VLOOKUP($A91,Quantities[],Quantities!$S$2)),\n\nIF(AND(LEFT(D91,2)=\"Sc\",OR(C91=\"a\",C91=\"f\")),\nVLOOKUP(A91,Quantities[],Quantities!$I$2),\n\nIF(AND(B91=\"D\",C91=\"b\"),\n VLOOKUP(INDEX(Quantities!$A$100:$A$118,MATCH($A91,Quantities!$C$100:$C$118)),Quantities!$A$100:$AJ$118,Quantities!$O$2)+\nVLOOKUP(INDEX(Quantities!$A$100:$A$118,MATCH($A91,Quantities!$C$100:$C$118)),Quantities!$A$100:$AJ$118,Quantities!$Q$2)+\nVLOOKUP(INDEX(Quantities!$A$100:$A$118,MATCH($A91,Quantities!$C$100:$C$118)),Quantities!$A$100:$AJ$118,Quantities!$S$2),\n\nIF(OR(B91=\"D\",B91=\"Q\"),\nSUM(VLOOKUP($A91,Quantities[],Quantities!$O$2),VLOOKUP($A91,Quantities[],Quantities!$Q$2),VLOOKUP($A91,Quantities[],Quantities!$S$2)),\n\n VLOOKUP(A91,Quantities[],Quantities!$G$2)\n))))","v":0},{"$f":"IF(LEFT(D91,2)=\"Mg\", VLOOKUP(A91,Quantities[],Quantities!$H$2),\n\nIF(OR(AND(LEFT(D91,2)=\"Sc\",B91=\"A\",C91=\"d\",C91=\"f\")),\n(SUM(VLOOKUP($A91,Quantities[],Quantities!$P$2)*VLOOKUP($A91,Quantities[],Quantities!$O$2),VLOOKUP($A91,Quantities[],Quantities!$R$2)*VLOOKUP($A91,Quantities[],Quantities!$Q$2),VLOOKUP($A91,Quantities[],Quantities!$T$2)*VLOOKUP($A91,Quantities[],Quantities!$S$2)))/SUM(VLOOKUP($A91,Quantities[],Quantities!$O$2),VLOOKUP($A91,Quantities[],Quantities!$Q$2),VLOOKUP($A91,Quantities[],Quantities!$S$2)),\n\nIF(AND(LEFT(D91,2)=\"Sc\",OR(C91=\"a\",C91=\"f\")),\nVLOOKUP(A91,Quantities[],Quantities!$J$2),\n\nIF(AND(B91=\"D\",C91=\"b\", (VLOOKUP(INDEX(Quantities!$A$100:$A$118,MATCH($A91,Quantities!$C$100:$C$118)),Quantities[],Quantities!$O$2)+VLOOKUP(INDEX(Quantities!$A$100:$A$118,MATCH($A91,Quantities!$C$100:$C$118)),Quantities[],Quantities!$Q$2)+VLOOKUP(INDEX(Quantities!$A$100:$A$118,MATCH($A91,Quantities!$C$100:$C$118)),Quantities[],Quantities!$S$2))>0),\n(VLOOKUP(INDEX(Quantities!$A$100:$A$118,MATCH($A91,Quantities!$C$100:$C$118)),Quantities[],Quantities!$P$2)*VLOOKUP(INDEX(Quantities!$A$100:$A$118,MATCH($A91,Quantities!$C$100:$C$118)),Quantities[],Quantities!$O$2)\n+VLOOKUP(INDEX(Quantities!$A$100:$A$118,MATCH($A91,Quantities!$C$100:$C$118)),Quantities[],Quantities!$R$2)*VLOOKUP(INDEX(Quantities!$A$100:$A$118,MATCH($A91,Quantities!$C$100:$C$118)),Quantities[],Quantities!$Q$2)\n+VLOOKUP(INDEX(Quantities!$A$100:$A$118,MATCH($A91,Quantities!$C$100:$C$118)),Quantities[],Quantities!$T$2)*VLOOKUP(INDEX(Quantities!$A$100:$A$118,MATCH($A91,Quantities!$C$100:$C$118)),Quantities[],Quantities!$S$2))/\n(VLOOKUP(INDEX(Quantities!$A$100:$A$118,MATCH($A91,Quantities!$C$100:$C$118)),Quantities[],Quantities!$O$2)+VLOOKUP(INDEX(Quantities!$A$100:$A$118,MATCH($A91,Quantities!$C$100:$C$118)),Quantities[],Quantities!$Q$2)+VLOOKUP(A91,Quantities[],Quantities!$S$2)),\n\nIF(AND(B91=\"D\", (VLOOKUP(A91,Quantities[],Quantities!$O$2)+VLOOKUP(A91,Quantities[],Quantities!$Q$2)+VLOOKUP(A91,Quantities[],Quantities!$S$2))>0),\n(VLOOKUP(A91,Quantities[],Quantities!$P$2)*VLOOKUP(A91,Quantities[],Quantities!$O$2)\n+VLOOKUP(A91,Quantities[],Quantities!$R$2)*VLOOKUP(A91,Quantities[],Quantities!$Q$2)\n+VLOOKUP(A91,Quantities[],Quantities!$T$2)*VLOOKUP(A91,Quantities[],Quantities!$S$2))/\n(VLOOKUP(A91,Quantities[],Quantities!$O$2)+VLOOKUP(A91,Quantities[],Quantities!$Q$2)+VLOOKUP(A91,Quantities[],Quantities!$S$2)),\n\nIF($B91=\"Q\", (SUM(VLOOKUP($A91,Quantities[],Quantities!$P$2)*VLOOKUP($A91,Quantities[],Quantities!$O$2),VLOOKUP($A91,Quantities[],Quantities!$R$2)*VLOOKUP($A91,Quantities[],Quantities!$Q$2),VLOOKUP($A91,Quantities[],Quantities!$T$2)*VLOOKUP($A91,Quantities[],Quantities!$S$2)))/SUM(VLOOKUP($A91,Quantities[],Quantities!$O$2),VLOOKUP($A91,Quantities[],Quantities!$Q$2),VLOOKUP($A91,Quantities[],Quantities!$S$2)),\n\n VLOOKUP(A91,Quantities[],Quantities!$H$2)\n))))))","v":"-"},{"$f":"IF(LEFT(D91,1)=\"U\",\"-\",VLOOKUP(D91,Equipment[],Equipment!$B$2))","v":"Cat D11T CD"}]
[{"$f":"Quantities!$A$61","v":2701},"B","b","Dz2","2701-B-b-Dz2",{"$f":"IF(D92=\"Comb1\",CONCATENATE(VLOOKUP(B92,'Activity-Material_Codes'!$A$2:$B$26,Quantities!$B$2),\"-\",VLOOKUP(A92,Quantities[],Quantities!$D$2)),\nCONCATENATE(\nVLOOKUP(B92,'Activity-Material_Codes'!$A$2:$B$26,Quantities!$B$2),\nIF(AND(B92=\"B\",C92=\"a\"), \" Scraper Grading\", \"\"),\nIF(C92=\"b\",\"\",\"-\"),\nIF(C92=\"b\",\"\",VLOOKUP(A92,Quantities[],Quantities!$D$2)),\nIF(LEFT(TEXT(A92,\"0\"),1)=\"5\",\"\",\"-\"),\nIF(LEFT(TEXT(A92,\"0\"),1)=\"5\",\"\",VLOOKUP(C92,'Activity-Material_Codes'!$A$30:$B$36,Quantities!$B$2))\n))","v":"Dozer Assist-Cover"},{"$f":"CONCATENATE(\nIF(OR(RIGHT(TEXT($A92,\"0\"),Quantities!$B$2)=\"00\",LEFT(TEXT($A92,\"0\"),1)=\"5\",OR($C92=\"b\",$C92=\"f\")),\"\",VLOOKUP($A92,Quantities[],Quantities!$B$2)),\nIF(LEFT(TEXT($A92,\"0\"),1)=\"5\",\"\",\" \"),\nIF(OR(C92=\"a\",C92=\"c\",C92=\"d\",C92=\"e\"),IF(OR(RIGHT(TEXT($A92,\"0\"),Quantities!$B$2)=\"00\",LEFT(TEXT($A92,\"0\"),1)=\"5\"),VLOOKUP($A92,Quantities[],Quantities!$B$2),\"\"),\nIF(LEFT(TEXT($A92,\"0\"),1)=\"5\",VLOOKUP($A92,Quantities[],Quantities!$B$2),\nVLOOKUP(INDEX(Quantities!$A$100:$A$118,MATCH($A92,Quantities!$C$100:$C$118)),Quantities!$A$100:$B$118,Quantities!$B$2))))","v":" Gila Borrow Area"},{"$f":"IF(LEFT(TEXT(A92,\"0\"),1)=\"5\",\nVLOOKUP(VLOOKUP(A92,Quantities!$A$4:$D$118,Quantities!$C$2),Quantities!$A$4:$D$118,Quantities!$C$2),\nIF(OR(C92=\"a\",C92=\"c\",C92=\"d\",C92=\"e\"),\n\"-\",\nIF(RIGHT(TEXT(A92,\"0\"),2)=\"00\",VLOOKUP(A92,Quantities[],Quantities!$B$2),\nIF(C92=\"f\",VLOOKUP(A92,Quantities[],Quantities!$B$2),\nVLOOKUP(A92,Quantities[],Quantities!$C$2))\n)))","v":"Cntmnt-1"},{"$f":"IF(OR(AND(LEFT(D92,2)=\"Sc\",B92=\"A\",C92=\"d\"),AND(C92=\"f\",B92=\"D\")),\nSUM(VLOOKUP($A92,Quantities[],Quantities!$O$2),VLOOKUP($A92,Quantities[],Quantities!$Q$2),VLOOKUP($A92,Quantities[],Quantities!$S$2)),\n\nIF(AND(LEFT(D92,2)=\"Sc\",OR(C92=\"a\",C92=\"f\")),\nVLOOKUP(A92,Quantities[],Quantities!$I$2),\n\nIF(AND(B92=\"D\",C92=\"b\"),\n VLOOKUP(INDEX(Quantities!$A$100:$A$118,MATCH($A92,Quantities!$C$100:$C$118)),Quantities!$A$100:$AJ$118,Quantities!$O$2)+\nVLOOKUP(INDEX(Quantities!$A$100:$A$118,MATCH($A92,Quantities!$C$100:$C$118)),Quantities!$A$100:$AJ$118,Quantities!$Q$2)+\nVLOOKUP(INDEX(Quantities!$A$100:$A$118,MATCH($A92,Quantities!$C$100:$C$118)),Quantities!$A$100:$AJ$118,Quantities!$S$2),\n\nIF(OR(B92=\"D\",B92=\"Q\"),\nSUM(VLOOKUP($A92,Quantities[],Quantities!$O$2),VLOOKUP($A92,Quantities[],Quantities!$Q$2),VLOOKUP($A92,Quantities[],Quantities!$S$2)),\n\n VLOOKUP(A92,Quantities[],Quantities!$G$2)\n))))","v":0},{"$f":"IF(LEFT(D92,2)=\"Mg\", VLOOKUP(A92,Quantities[],Quantities!$H$2),\n\nIF(OR(AND(LEFT(D92,2)=\"Sc\",B92=\"A\",C92=\"d\",C92=\"f\")),\n(SUM(VLOOKUP($A92,Quantities[],Quantities!$P$2)*VLOOKUP($A92,Quantities[],Quantities!$O$2),VLOOKUP($A92,Quantities[],Quantities!$R$2)*VLOOKUP($A92,Quantities[],Quantities!$Q$2),VLOOKUP($A92,Quantities[],Quantities!$T$2)*VLOOKUP($A92,Quantities[],Quantities!$S$2)))/SUM(VLOOKUP($A92,Quantities[],Quantities!$O$2),VLOOKUP($A92,Quantities[],Quantities!$Q$2),VLOOKUP($A92,Quantities[],Quantities!$S$2)),\n\nIF(AND(LEFT(D92,2)=\"Sc\",OR(C92=\"a\",C92=\"f\")),\nVLOOKUP(A92,Quantities[],Quantities!$J$2),\n\nIF(AND(B92=\"D\",C92=\"b\", (VLOOKUP(INDEX(Quantities!$A$100:$A$118,MATCH($A92,Quantities!$C$100:$C$118)),Quantities[],Quantities!$O$2)+VLOOKUP(INDEX(Quantities!$A$100:$A$118,MATCH($A92,Quantities!$C$100:$C$118)),Quantities[],Quantities!$Q$2)+VLOOKUP(INDEX(Quantities!$A$100:$A$118,MATCH($A92,Quantities!$C$100:$C$118)),Quantities[],Quantities!$S$2))>0),\n(VLOOKUP(INDEX(Quantities!$A$100:$A$118,MATCH($A92,Quantities!$C$100:$C$118)),Quantities[],Quantities!$P$2)*VLOOKUP(INDEX(Quantities!$A$100:$A$118,MATCH($A92,Quantities!$C$100:$C$118)),Quantities[],Quantities!$O$2)\n+VLOOKUP(INDEX(Quantities!$A$100:$A$118,MATCH($A92,Quantities!$C$100:$C$118)),Quantities[],Quantities!$R$2)*VLOOKUP(INDEX(Quantities!$A$100:$A$118,MATCH($A92,Quantities!$C$100:$C$118)),Quantities[],Quantities!$Q$2)\n+VLOOKUP(INDEX(Quantities!$A$100:$A$118,MATCH($A92,Quantities!$C$100:$C$118)),Quantities[],Quantities!$T$2)*VLOOKUP(INDEX(Quantities!$A$100:$A$118,MATCH($A92,Quantities!$C$100:$C$118)),Quantities[],Quantities!$S$2))/\n(VLOOKUP(INDEX(Quantities!$A$100:$A$118,MATCH($A92,Quantities!$C$100:$C$118)),Quantities[],Quantities!$O$2)+VLOOKUP(INDEX(Quantities!$A$100:$A$118,MATCH($A92,Quantities!$C$100:$C$118)),Quantities[],Quantities!$Q$2)+VLOOKUP(A92,Quantities[],Quantities!$S$2)),\n\nIF(AND(B92=\"D\", (VLOOKUP(A92,Quantities[],Quantities!$O$2)+VLOOKUP(A92,Quantities[],Quantities!$Q$2)+VLOOKUP(A92,Quantities[],Quantities!$S$2))>0),\n(VLOOKUP(A92,Quantities[],Quantities!$P$2)*VLOOKUP(A92,Quantities[],Quantities!$O$2)\n+VLOOKUP(A92,Quantities[],Quantities!$R$2)*VLOOKUP(A92,Quantities[],Quantities!$Q$2)\n+VLOOKUP(A92,Quantities[],Quantities!$T$2)*VLOOKUP(A92,Quantities[],Quantities!$S$2))/\n(VLOOKUP(A92,Quantities[],Quantities!$O$2)+VLOOKUP(A92,Quantities[],Quantities!$Q$2)+VLOOKUP(A92,Quantities[],Quantities!$S$2)),\n\nIF($B92=\"Q\", (SUM(VLOOKUP($A92,Quantities[],Quantities!$P$2)*VLOOKUP($A92,Quantities[],Quantities!$O$2),VLOOKUP($A92,Quantities[],Quantities!$R$2)*VLOOKUP($A92,Quantities[],Quantities!$Q$2),VLOOKUP($A92,Quantities[],Quantities!$T$2)*VLOOKUP($A92,Quantities[],Quantities!$S$2)))/SUM(VLOOKUP($A92,Quantities[],Quantities!$O$2),VLOOKUP($A92,Quantities[],Quantities!$Q$2),VLOOKUP($A92,Quantities[],Quantities!$S$2)),\n\n VLOOKUP(A92,Quantities[],Quantities!$H$2)\n))))))","v":0.01},{"$f":"IF(LEFT(D92,1)=\"U\",\"-\",VLOOKUP(D92,Equipment[],Equipment!$B$2))","v":"Cat D11T CD"}]
[{"$f":"Quantities!$A$79","v":3300},"B","b","Dz2","3300-B-b-Dz2",{"$f":"IF(D93=\"Comb1\",CONCATENATE(VLOOKUP(B93,'Activity-Material_Codes'!$A$2:$B$26,Quantities!$B$2),\"-\",VLOOKUP(A93,Quantities[],Quantities!$D$2)),\nCONCATENATE(\nVLOOKUP(B93,'Activity-Material_Codes'!$A$2:$B$26,Quantities!$B$2),\nIF(AND(B93=\"B\",C93=\"a\"), \" Scraper Grading\", \"\"),\nIF(C93=\"b\",\"\",\"-\"),\nIF(C93=\"b\",\"\",VLOOKUP(A93,Quantities[],Quantities!$D$2)),\nIF(LEFT(TEXT(A93,\"0\"),1)=\"5\",\"\",\"-\"),\nIF(LEFT(TEXT(A93,\"0\"),1)=\"5\",\"\",VLOOKUP(C93,'Activity-Material_Codes'!$A$30:$B$36,Quantities!$B$2))\n))","v":"Dozer Assist-Cover"},{"$f":"CONCATENATE(\nIF(OR(RIGHT(TEXT($A93,\"0\"),Quantities!$B$2)=\"00\",LEFT(TEXT($A93,\"0\"),1)=\"5\",OR($C93=\"b\",$C93=\"f\")),\"\",VLOOKUP($A93,Quantities[],Quantities!$B$2)),\nIF(LEFT(TEXT($A93,\"0\"),1)=\"5\",\"\",\" \"),\nIF(OR(C93=\"a\",C93=\"c\",C93=\"d\",C93=\"e\"),IF(OR(RIGHT(TEXT($A93,\"0\"),Quantities!$B$2)=\"00\",LEFT(TEXT($A93,\"0\"),1)=\"5\"),VLOOKUP($A93,Quantities[],Quantities!$B$2),\"\"),\nIF(LEFT(TEXT($A93,\"0\"),1)=\"5\",VLOOKUP($A93,Quantities[],Quantities!$B$2),\nVLOOKUP(INDEX(Quantities!$A$100:$A$118,MATCH($A93,Quantities!$C$100:$C$118)),Quantities!$A$100:$B$118,Quantities!$B$2))))","v":" Gila Borrow Area"},{"$f":"IF(LEFT(TEXT(A93,\"0\"),1)=\"5\",\nVLOOKUP(VLOOKUP(A93,Quantities!$A$4:$D$118,Quantities!$C$2),Quantities!$A$4:$D$118,Quantities!$C$2),\nIF(OR(C93=\"a\",C93=\"c\",C93=\"d\",C93=\"e\"),\n\"-\",\nIF(RIGHT(TEXT(A93,\"0\"),2)=\"00\",VLOOKUP(A93,Quantities[],Quantities!$B$2),\nIF(C93=\"f\",VLOOKUP(A93,Quantities[],Quantities!$B$2),\nVLOOKUP(A93,Quantities[],Quantities!$C$2))\n)))","v":"Unplanned Disturbance Area"},{"$f":"IF(OR(AND(LEFT(D93,2)=\"Sc\",B93=\"A\",C93=\"d\"),AND(C93=\"f\",B93=\"D\")),\nSUM(VLOOKUP($A93,Quantities[],Quantities!$O$2),VLOOKUP($A93,Quantities[],Quantities!$Q$2),VLOOKUP($A93,Quantities[],Quantities!$S$2)),\n\nIF(AND(LEFT(D93,2)=\"Sc\",OR(C93=\"a\",C93=\"f\")),\nVLOOKUP(A93,Quantities[],Quantities!$I$2),\n\nIF(AND(B93=\"D\",C93=\"b\"),\n VLOOKUP(INDEX(Quantities!$A$100:$A$118,MATCH($A93,Quantities!$C$100:$C$118)),Quantities!$A$100:$AJ$118,Quantities!$O$2)+\nVLOOKUP(INDEX(Quantities!$A$100:$A$118,MATCH($A93,Quantities!$C$100:$C$118)),Quantities!$A$100:$AJ$118,Quantities!$Q$2)+\nVLOOKUP(INDEX(Quantities!$A$100:$A$118,MATCH($A93,Quantities!$C$100:$C$118)),Quantities!$A$100:$AJ$118,Quantities!$S$2),\n\nIF(OR(B93=\"D\",B93=\"Q\"),\nSUM(VLOOKUP($A93,Quantities[],Quantities!$O$2),VLOOKUP($A93,Quantities[],Quantities!$Q$2),VLOOKUP($A93,Quantities[],Quantities!$S$2)),\n\n VLOOKUP(A93,Quantities[],Quantities!$G$2)\n))))","v":0},{"$f":"IF(LEFT(D93,2)=\"Mg\", VLOOKUP(A93,Quantities[],Quantities!$H$2),\n\nIF(OR(AND(LEFT(D93,2)=\"Sc\",B93=\"A\",C93=\"d\",C93=\"f\")),\n(SUM(VLOOKUP($A93,Quantities[],Quantities!$P$2)*VLOOKUP($A93,Quantities[],Quantities!$O$2),VLOOKUP($A93,Quantities[],Quantities!$R$2)*VLOOKUP($A93,Quantities[],Quantities!$Q$2),VLOOKUP($A93,Quantities[],Quantities!$T$2)*VLOOKUP($A93,Quantities[],Quantities!$S$2)))/SUM(VLOOKUP($A93,Quantities[],Quantities!$O$2),VLOOKUP($A93,Quantities[],Quantities!$Q$2),VLOOKUP($A93,Quantities[],Quantities!$S$2)),\n\nIF(AND(LEFT(D93,2)=\"Sc\",OR(C93=\"a\",C93=\"f\")),\nVLOOKUP(A93,Quantities[],Quantities!$J$2),\n\nIF(AND(B93=\"D\",C93=\"b\", (VLOOKUP(INDEX(Quantities!$A$100:$A$118,MATCH($A93,Quantities!$C$100:$C$118)),Quantities[],Quantities!$O$2)+VLOOKUP(INDEX(Quantities!$A$100:$A$118,MATCH($A93,Quantities!$C$100:$C$118)),Quantities[],Quantities!$Q$2)+VLOOKUP(INDEX(Quantities!$A$100:$A$118,MATCH($A93,Quantities!$C$100:$C$118)),Quantities[],Quantities!$S$2))>0),\n(VLOOKUP(INDEX(Quantities!$A$100:$A$118,MATCH($A93,Quantities!$C$100:$C$118)),Quantities[],Quantities!$P$2)*VLOOKUP(INDEX(Quantities!$A$100:$A$118,MATCH($A93,Quantities!$C$100:$C$118)),Quantities[],Quantities!$O$2)\n+VLOOKUP(INDEX(Quantities!$A$100:$A$118,MATCH($A93,Quantities!$C$100:$C$118)),Quantities[],Quantities!$R$2)*VLOOKUP(INDEX(Quantities!$A$100:$A$118,MATCH($A93,Quantities!$C$100:$C$118)),Quantities[],Quantities!$Q$2)\n+VLOOKUP(INDEX(Quantities!$A$100:$A$118,MATCH($A93,Quantities!$C$100:$C$118)),Quantities[],Quantities!$T$2)*VLOOKUP(INDEX(Quantities!$A$100:$A$118,MATCH($A93,Quantities!$C$100:$C$118)),Quantities[],Quantities!$S$2))/\n(VLOOKUP(INDEX(Quantities!$A$100:$A$118,MATCH($A93,Quantities!$C$100:$C$118)),Quantities[],Quantities!$O$2)+VLOOKUP(INDEX(Quantities!$A$100:$A$118,MATCH($A93,Quantities!$C$100:$C$118)),Quantities[],Quantities!$Q$2)+VLOOKUP(A93,Quantities[],Quantities!$S$2)),\n\nIF(AND(B93=\"D\", (VLOOKUP(A93,Quantities[],Quantities!$O$2)+VLOOKUP(A93,Quantities[],Quantities!$Q$2)+VLOOKUP(A93,Quantities[],Quantities!$S$2))>0),\n(VLOOKUP(A93,Quantities[],Quantities!$P$2)*VLOOKUP(A93,Quantities[],Quantities!$O$2)\n+VLOOKUP(A93,Quantities[],Quantities!$R$2)*VLOOKUP(A93,Quantities[],Quantities!$Q$2)\n+VLOOKUP(A93,Quantities[],Quantities!$T$2)*VLOOKUP(A93,Quantities[],Quantities!$S$2))/\n(VLOOKUP(A93,Quantities[],Quantities!$O$2)+VLOOKUP(A93,Quantities[],Quantities!$Q$2)+VLOOKUP(A93,Quantities[],Quantities!$S$2)),\n\nIF($B93=\"Q\", (SUM(VLOOKUP($A93,Quantities[],Quantities!$P$2)*VLOOKUP($A93,Quantities[],Quantities!$O$2),VLOOKUP($A93,Quantities[],Quantities!$R$2)*VLOOKUP($A93,Quantities[],Quantities!$Q$2),VLOOKUP($A93,Quantities[],Quantities!$T$2)*VLOOKUP($A93,Quantities[],Quantities!$S$2)))/SUM(VLOOKUP($A93,Quantities[],Quantities!$O$2),VLOOKUP($A93,Quantities[],Quantities!$Q$2),VLOOKUP($A93,Quantities[],Quantities!$S$2)),\n\n VLOOKUP(A93,Quantities[],Quantities!$H$2)\n))))))","v":0.01},{"$f":"IF(LEFT(D93,1)=\"U\",\"-\",VLOOKUP(D93,Equipment[],Equipment!$B$2))","v":"Cat D11T CD"}]
[{"$f":"Quantities!A33","v":2000},"B","b","Dz2","2000-B-b-Dz2",{"$f":"IF(D94=\"Comb1\",CONCATENATE(VLOOKUP(B94,'Activity-Material_Codes'!$A$2:$B$26,Quantities!$B$2),\"-\",VLOOKUP(A94,Quantities[],Quantities!$D$2)),\nCONCATENATE(\nVLOOKUP(B94,'Activity-Material_Codes'!$A$2:$B$26,Quantities!$B$2),\nIF(AND(B94=\"B\",C94=\"a\"), \" Scraper Grading\", \"\"),\nIF(C94=\"b\",\"\",\"-\"),\nIF(C94=\"b\",\"\",VLOOKUP(A94,Quantities[],Quantities!$D$2)),\nIF(LEFT(TEXT(A94,\"0\"),1)=\"5\",\"\",\"-\"),\nIF(LEFT(TEXT(A94,\"0\"),1)=\"5\",\"\",VLOOKUP(C94,'Activity-Material_Codes'!$A$30:$B$36,Quantities!$B$2))\n))","v":"Dozer Assist-Cover"},{"$f":"CONCATENATE(\nIF(OR(RIGHT(TEXT($A94,\"0\"),Quantities!$B$2)=\"00\",LEFT(TEXT($A94,\"0\"),1)=\"5\",OR($C94=\"b\",$C94=\"f\")),\"\",VLOOKUP($A94,Quantities[],Quantities!$B$2)),\nIF(LEFT(TEXT($A94,\"0\"),1)=\"5\",\"\",\" \"),\nIF(OR(C94=\"a\",C94=\"c\",C94=\"d\",C94=\"e\"),IF(OR(RIGHT(TEXT($A94,\"0\"),Quantities!$B$2)=\"00\",LEFT(TEXT($A94,\"0\"),1)=\"5\"),VLOOKUP($A94,Quantities[],Quantities!$B$2),\"\"),\nIF(LEFT(TEXT($A94,\"0\"),1)=\"5\",VLOOKUP($A94,Quantities[],Quantities!$B$2),\nVLOOKUP(INDEX(Quantities!$A$100:$A$118,MATCH($A94,Quantities!$C$100:$C$118)),Quantities!$A$100:$B$118,Quantities!$B$2))))","v":" Borrow Area A"},{"$f":"IF(LEFT(TEXT(A94,\"0\"),1)=\"5\",\nVLOOKUP(VLOOKUP(A94,Quantities!$A$4:$D$118,Quantities!$C$2),Quantities!$A$4:$D$118,Quantities!$C$2),\nIF(OR(C94=\"a\",C94=\"c\",C94=\"d\",C94=\"e\"),\n\"-\",\nIF(RIGHT(TEXT(A94,\"0\"),2)=\"00\",VLOOKUP(A94,Quantities[],Quantities!$B$2),\nIF(C94=\"f\",VLOOKUP(A94,Quantities[],Quantities!$B$2),\nVLOOKUP(A94,Quantities[],Quantities!$C$2))\n)))","v":"9A Waste "},{"$f":"IF(OR(AND(LEFT(D94,2)=\"Sc\",B94=\"A\",C94=\"d\"),AND(C94=\"f\",B94=\"D\")),\nSUM(VLOOKUP($A94,Quantities[],Quantities!$O$2),VLOOKUP($A94,Quantities[],Quantities!$Q$2),VLOOKUP($A94,Quantities[],Quantities!$S$2)),\n\nIF(AND(LEFT(D94,2)=\"Sc\",OR(C94=\"a\",C94=\"f\")),\nVLOOKUP(A94,Quantities[],Quantities!$I$2),\n\nIF(AND(B94=\"D\",C94=\"b\"),\n VLOOKUP(INDEX(Quantities!$A$100:$A$118,MATCH($A94,Quantities!$C$100:$C$118)),Quantities!$A$100:$AJ$118,Quantities!$O$2)+\nVLOOKUP(INDEX(Quantities!$A$100:$A$118,MATCH($A94,Quantities!$C$100:$C$118)),Quantities!$A$100:$AJ$118,Quantities!$Q$2)+\nVLOOKUP(INDEX(Quantities!$A$100:$A$118,MATCH($A94,Quantities!$C$100:$C$118)),Quantities!$A$100:$AJ$118,Quantities!$S$2),\n\nIF(OR(B94=\"D\",B94=\"Q\"),\nSUM(VLOOKUP($A94,Quantities[],Quantities!$O$2),VLOOKUP($A94,Quantities[],Quantities!$Q$2),VLOOKUP($A94,Quantities[],Quantities!$S$2)),\n\n VLOOKUP(A94,Quantities[],Quantities!$G$2)\n))))","v":0},{"$f":"IF(LEFT(D94,2)=\"Mg\", VLOOKUP(A94,Quantities[],Quantities!$H$2),\n\nIF(OR(AND(LEFT(D94,2)=\"Sc\",B94=\"A\",C94=\"d\",C94=\"f\")),\n(SUM(VLOOKUP($A94,Quantities[],Quantities!$P$2)*VLOOKUP($A94,Quantities[],Quantities!$O$2),VLOOKUP($A94,Quantities[],Quantities!$R$2)*VLOOKUP($A94,Quantities[],Quantities!$Q$2),VLOOKUP($A94,Quantities[],Quantities!$T$2)*VLOOKUP($A94,Quantities[],Quantities!$S$2)))/SUM(VLOOKUP($A94,Quantities[],Quantities!$O$2),VLOOKUP($A94,Quantities[],Quantities!$Q$2),VLOOKUP($A94,Quantities[],Quantities!$S$2)),\n\nIF(AND(LEFT(D94,2)=\"Sc\",OR(C94=\"a\",C94=\"f\")),\nVLOOKUP(A94,Quantities[],Quantities!$J$2),\n\nIF(AND(B94=\"D\",C94=\"b\", (VLOOKUP(INDEX(Quantities!$A$100:$A$118,MATCH($A94,Quantities!$C$100:$C$118)),Quantities[],Quantities!$O$2)+VLOOKUP(INDEX(Quantities!$A$100:$A$118,MATCH($A94,Quantities!$C$100:$C$118)),Quantities[],Quantities!$Q$2)+VLOOKUP(INDEX(Quantities!$A$100:$A$118,MATCH($A94,Quantities!$C$100:$C$118)),Quantities[],Quantities!$S$2))>0),\n(VLOOKUP(INDEX(Quantities!$A$100:$A$118,MATCH($A94,Quantities!$C$100:$C$118)),Quantities[],Quantities!$P$2)*VLOOKUP(INDEX(Quantities!$A$100:$A$118,MATCH($A94,Quantities!$C$100:$C$118)),Quantities[],Quantities!$O$2)\n+VLOOKUP(INDEX(Quantities!$A$100:$A$118,MATCH($A94,Quantities!$C$100:$C$118)),Quantities[],Quantities!$R$2)*VLOOKUP(INDEX(Quantities!$A$100:$A$118,MATCH($A94,Quantities!$C$100:$C$118)),Quantities[],Quantities!$Q$2)\n+VLOOKUP(INDEX(Quantities!$A$100:$A$118,MATCH($A94,Quantities!$C$100:$C$118)),Quantities[],Quantities!$T$2)*VLOOKUP(INDEX(Quantities!$A$100:$A$118,MATCH($A94,Quantities!$C$100:$C$118)),Quantities[],Quantities!$S$2))/\n(VLOOKUP(INDEX(Quantities!$A$100:$A$118,MATCH($A94,Quantities!$C$100:$C$118)),Quantities[],Quantities!$O$2)+VLOOKUP(INDEX(Quantities!$A$100:$A$118,MATCH($A94,Quantities!$C$100:$C$118)),Quantities[],Quantities!$Q$2)+VLOOKUP(A94,Quantities[],Quantities!$S$2)),\n\nIF(AND(B94=\"D\", (VLOOKUP(A94,Quantities[],Quantities!$O$2)+VLOOKUP(A94,Quantities[],Quantities!$Q$2)+VLOOKUP(A94,Quantities[],Quantities!$S$2))>0),\n(VLOOKUP(A94,Quantities[],Quantities!$P$2)*VLOOKUP(A94,Quantities[],Quantities!$O$2)\n+VLOOKUP(A94,Quantities[],Quantities!$R$2)*VLOOKUP(A94,Quantities[],Quantities!$Q$2)\n+VLOOKUP(A94,Quantities[],Quantities!$T$2)*VLOOKUP(A94,Quantities[],Quantities!$S$2))/\n(VLOOKUP(A94,Quantities[],Quantities!$O$2)+VLOOKUP(A94,Quantities[],Quantities!$Q$2)+VLOOKUP(A94,Quantities[],Quantities!$S$2)),\n\nIF($B94=\"Q\", (SUM(VLOOKUP($A94,Quantities[],Quantities!$P$2)*VLOOKUP($A94,Quantities[],Quantities!$O$2),VLOOKUP($A94,Quantities[],Quantities!$R$2)*VLOOKUP($A94,Quantities[],Quantities!$Q$2),VLOOKUP($A94,Quantities[],Quantities!$T$2)*VLOOKUP($A94,Quantities[],Quantities!$S$2)))/SUM(VLOOKUP($A94,Quantities[],Quantities!$O$2),VLOOKUP($A94,Quantities[],Quantities!$Q$2),VLOOKUP($A94,Quantities[],Quantities!$S$2)),\n\n VLOOKUP(A94,Quantities[],Quantities!$H$2)\n))))))","v":"-"},{"$f":"IF(LEFT(D94,1)=\"U\",\"-\",VLOOKUP(D94,Equipment[],Equipment!$B$2))","v":"Cat D11T CD"}]
[{"$f":"Quantities!A36","v":2100},"B","b","Dz2",{"$f":"CONCATENATE(TEXT(A95,\"0\"),\"-\",B95,\"-\",C95,\"-\",D95)","v":"2100-B-b-Dz2"},{"$f":"IF(D95=\"Comb1\",CONCATENATE(VLOOKUP(B95,'Activity-Material_Codes'!$A$2:$B$26,Quantities!$B$2),\"-\",VLOOKUP(A95,Quantities[],Quantities!$D$2)),\nCONCATENATE(\nVLOOKUP(B95,'Activity-Material_Codes'!$A$2:$B$26,Quantities!$B$2),\nIF(AND(B95=\"B\",C95=\"a\"), \" Scraper Grading\", \"\"),\nIF(C95=\"b\",\"\",\"-\"),\nIF(C95=\"b\",\"\",VLOOKUP(A95,Quantities[],Quantities!$D$2)),\nIF(LEFT(TEXT(A95,\"0\"),1)=\"5\",\"\",\"-\"),\nIF(LEFT(TEXT(A95,\"0\"),1)=\"5\",\"\",VLOOKUP(C95,'Activity-Material_Codes'!$A$30:$B$36,Quantities!$B$2))\n))","v":"Dozer Assist-Cover"},{"$f":"CONCATENATE(\nIF(OR(RIGHT(TEXT($A95,\"0\"),Quantities!$B$2)=\"00\",LEFT(TEXT($A95,\"0\"),1)=\"5\",OR($C95=\"b\",$C95=\"f\")),\"\",VLOOKUP($A95,Quantities[],Quantities!$B$2)),\nIF(LEFT(TEXT($A95,\"0\"),1)=\"5\",\"\",\" \"),\nIF(OR(C95=\"a\",C95=\"c\",C95=\"d\",C95=\"e\"),IF(OR(RIGHT(TEXT($A95,\"0\"),Quantities!$B$2)=\"00\",LEFT(TEXT($A95,\"0\"),1)=\"5\"),VLOOKUP($A95,Quantities[],Quantities!$B$2),\"\"),\nIF(LEFT(TEXT($A95,\"0\"),1)=\"5\",VLOOKUP($A95,Quantities[],Quantities!$B$2),\nVLOOKUP(INDEX(Quantities!$A$100:$A$118,MATCH($A95,Quantities!$C$100:$C$118)),Quantities!$A$100:$B$118,Quantities!$B$2))))","v":" Borrow Area A"},{"$f":"IF(LEFT(TEXT(A95,\"0\"),1)=\"5\",\nVLOOKUP(VLOOKUP(A95,Quantities!$A$4:$D$118,Quantities!$C$2),Quantities!$A$4:$D$118,Quantities!$C$2),\nIF(OR(C95=\"a\",C95=\"c\",C95=\"d\",C95=\"e\"),\n\"-\",\nIF(RIGHT(TEXT(A95,\"0\"),2)=\"00\",VLOOKUP(A95,Quantities[],Quantities!$B$2),\nIF(C95=\"f\",VLOOKUP(A95,Quantities[],Quantities!$B$2),\nVLOOKUP(A95,Quantities[],Quantities!$C$2))\n)))","v":"9AX Waste"},{"$f":"IF(OR(AND(LEFT(D95,2)=\"Sc\",B95=\"A\",C95=\"d\"),AND(C95=\"f\",B95=\"D\")),\nSUM(VLOOKUP($A95,Quantities[],Quantities!$O$2),VLOOKUP($A95,Quantities[],Quantities!$Q$2),VLOOKUP($A95,Quantities[],Quantities!$S$2)),\n\nIF(AND(LEFT(D95,2)=\"Sc\",OR(C95=\"a\",C95=\"f\")),\nVLOOKUP(A95,Quantities[],Quantities!$I$2),\n\nIF(AND(B95=\"D\",C95=\"b\"),\n VLOOKUP(INDEX(Quantities!$A$100:$A$118,MATCH($A95,Quantities!$C$100:$C$118)),Quantities!$A$100:$AJ$118,Quantities!$O$2)+\nVLOOKUP(INDEX(Quantities!$A$100:$A$118,MATCH($A95,Quantities!$C$100:$C$118)),Quantities!$A$100:$AJ$118,Quantities!$Q$2)+\nVLOOKUP(INDEX(Quantities!$A$100:$A$118,MATCH($A95,Quantities!$C$100:$C$118)),Quantities!$A$100:$AJ$118,Quantities!$S$2),\n\nIF(OR(B95=\"D\",B95=\"Q\"),\nSUM(VLOOKUP($A95,Quantities[],Quantities!$O$2),VLOOKUP($A95,Quantities[],Quantities!$Q$2),VLOOKUP($A95,Quantities[],Quantities!$S$2)),\n\n VLOOKUP(A95,Quantities[],Quantities!$G$2)\n))))","v":0},{"$f":"IF(LEFT(D95,2)=\"Mg\", VLOOKUP(A95,Quantities[],Quantities!$H$2),\n\nIF(OR(AND(LEFT(D95,2)=\"Sc\",B95=\"A\",C95=\"d\",C95=\"f\")),\n(SUM(VLOOKUP($A95,Quantities[],Quantities!$P$2)*VLOOKUP($A95,Quantities[],Quantities!$O$2),VLOOKUP($A95,Quantities[],Quantities!$R$2)*VLOOKUP($A95,Quantities[],Quantities!$Q$2),VLOOKUP($A95,Quantities[],Quantities!$T$2)*VLOOKUP($A95,Quantities[],Quantities!$S$2)))/SUM(VLOOKUP($A95,Quantities[],Quantities!$O$2),VLOOKUP($A95,Quantities[],Quantities!$Q$2),VLOOKUP($A95,Quantities[],Quantities!$S$2)),\n\nIF(AND(LEFT(D95,2)=\"Sc\",OR(C95=\"a\",C95=\"f\")),\nVLOOKUP(A95,Quantities[],Quantities!$J$2),\n\nIF(AND(B95=\"D\",C95=\"b\", (VLOOKUP(INDEX(Quantities!$A$100:$A$118,MATCH($A95,Quantities!$C$100:$C$118)),Quantities[],Quantities!$O$2)+VLOOKUP(INDEX(Quantities!$A$100:$A$118,MATCH($A95,Quantities!$C$100:$C$118)),Quantities[],Quantities!$Q$2)+VLOOKUP(INDEX(Quantities!$A$100:$A$118,MATCH($A95,Quantities!$C$100:$C$118)),Quantities[],Quantities!$S$2))>0),\n(VLOOKUP(INDEX(Quantities!$A$100:$A$118,MATCH($A95,Quantities!$C$100:$C$118)),Quantities[],Quantities!$P$2)*VLOOKUP(INDEX(Quantities!$A$100:$A$118,MATCH($A95,Quantities!$C$100:$C$118)),Quantities[],Quantities!$O$2)\n+VLOOKUP(INDEX(Quantities!$A$100:$A$118,MATCH($A95,Quantities!$C$100:$C$118)),Quantities[],Quantities!$R$2)*VLOOKUP(INDEX(Quantities!$A$100:$A$118,MATCH($A95,Quantities!$C$100:$C$118)),Quantities[],Quantities!$Q$2)\n+VLOOKUP(INDEX(Quantities!$A$100:$A$118,MATCH($A95,Quantities!$C$100:$C$118)),Quantities[],Quantities!$T$2)*VLOOKUP(INDEX(Quantities!$A$100:$A$118,MATCH($A95,Quantities!$C$100:$C$118)),Quantities[],Quantities!$S$2))/\n(VLOOKUP(INDEX(Quantities!$A$100:$A$118,MATCH($A95,Quantities!$C$100:$C$118)),Quantities[],Quantities!$O$2)+VLOOKUP(INDEX(Quantities!$A$100:$A$118,MATCH($A95,Quantities!$C$100:$C$118)),Quantities[],Quantities!$Q$2)+VLOOKUP(A95,Quantities[],Quantities!$S$2)),\n\nIF(AND(B95=\"D\", (VLOOKUP(A95,Quantities[],Quantities!$O$2)+VLOOKUP(A95,Quantities[],Quantities!$Q$2)+VLOOKUP(A95,Quantities[],Quantities!$S$2))>0),\n(VLOOKUP(A95,Quantities[],Quantities!$P$2)*VLOOKUP(A95,Quantities[],Quantities!$O$2)\n+VLOOKUP(A95,Quantities[],Quantities!$R$2)*VLOOKUP(A95,Quantities[],Quantities!$Q$2)\n+VLOOKUP(A95,Quantities[],Quantities!$T$2)*VLOOKUP(A95,Quantities[],Quantities!$S$2))/\n(VLOOKUP(A95,Quantities[],Quantities!$O$2)+VLOOKUP(A95,Quantities[],Quantities!$Q$2)+VLOOKUP(A95,Quantities[],Quantities!$S$2)),\n\nIF($B95=\"Q\", (SUM(VLOOKUP($A95,Quantities[],Quantities!$P$2)*VLOOKUP($A95,Quantities[],Quantities!$O$2),VLOOKUP($A95,Quantities[],Quantities!$R$2)*VLOOKUP($A95,Quantities[],Quantities!$Q$2),VLOOKUP($A95,Quantities[],Quantities!$T$2)*VLOOKUP($A95,Quantities[],Quantities!$S$2)))/SUM(VLOOKUP($A95,Quantities[],Quantities!$O$2),VLOOKUP($A95,Quantities[],Quantities!$Q$2),VLOOKUP($A95,Quantities[],Quantities!$S$2)),\n\n VLOOKUP(A95,Quantities[],Quantities!$H$2)\n))))))","v":"-"},{"$f":"IF(LEFT(D95,1)=\"U\",\"-\",VLOOKUP(D95,Equipment[],Equipment!$B$2))","v":"Cat D11T CD"}]
[{"$f":"Quantities!$A$59","v":2600},"B","b","Dz2","2600-B-b-Dz2",{"$f":"IF(D96=\"Comb1\",CONCATENATE(VLOOKUP(B96,'Activity-Material_Codes'!$A$2:$B$26,Quantities!$B$2),\"-\",VLOOKUP(A96,Quantities[],Quantities!$D$2)),\nCONCATENATE(\nVLOOKUP(B96,'Activity-Material_Codes'!$A$2:$B$26,Quantities!$B$2),\nIF(AND(B96=\"B\",C96=\"a\"), \" Scraper Grading\", \"\"),\nIF(C96=\"b\",\"\",\"-\"),\nIF(C96=\"b\",\"\",VLOOKUP(A96,Quantities[],Quantities!$D$2)),\nIF(LEFT(TEXT(A96,\"0\"),1)=\"5\",\"\",\"-\"),\nIF(LEFT(TEXT(A96,\"0\"),1)=\"5\",\"\",VLOOKUP(C96,'Activity-Material_Codes'!$A$30:$B$36,Quantities!$B$2))\n))","v":"Dozer Assist-Cover"},{"$f":"CONCATENATE(\nIF(OR(RIGHT(TEXT($A96,\"0\"),Quantities!$B$2)=\"00\",LEFT(TEXT($A96,\"0\"),1)=\"5\",OR($C96=\"b\",$C96=\"f\")),\"\",VLOOKUP($A96,Quantities[],Quantities!$B$2)),\nIF(LEFT(TEXT($A96,\"0\"),1)=\"5\",\"\",\" \"),\nIF(OR(C96=\"a\",C96=\"c\",C96=\"d\",C96=\"e\"),IF(OR(RIGHT(TEXT($A96,\"0\"),Quantities!$B$2)=\"00\",LEFT(TEXT($A96,\"0\"),1)=\"5\"),VLOOKUP($A96,Quantities[],Quantities!$B$2),\"\"),\nIF(LEFT(TEXT($A96,\"0\"),1)=\"5\",VLOOKUP($A96,Quantities[],Quantities!$B$2),\nVLOOKUP(INDEX(Quantities!$A$100:$A$118,MATCH($A96,Quantities!$C$100:$C$118)),Quantities!$A$100:$B$118,Quantities!$B$2))))","v":" 9AX Waste"},{"$f":"IF(LEFT(TEXT(A96,\"0\"),1)=\"5\",\nVLOOKUP(VLOOKUP(A96,Quantities!$A$4:$D$118,Quantities!$C$2),Quantities!$A$4:$D$118,Quantities!$C$2),\nIF(OR(C96=\"a\",C96=\"c\",C96=\"d\",C96=\"e\"),\n\"-\",\nIF(RIGHT(TEXT(A96,\"0\"),2)=\"00\",VLOOKUP(A96,Quantities[],Quantities!$B$2),\nIF(C96=\"f\",VLOOKUP(A96,Quantities[],Quantities!$B$2),\nVLOOKUP(A96,Quantities[],Quantities!$C$2))\n)))","v":"Reclaimed Tailing Launder Line"},{"$f":"IF(OR(AND(LEFT(D96,2)=\"Sc\",B96=\"A\",C96=\"d\"),AND(C96=\"f\",B96=\"D\")),\nSUM(VLOOKUP($A96,Quantities[],Quantities!$O$2),VLOOKUP($A96,Quantities[],Quantities!$Q$2),VLOOKUP($A96,Quantities[],Quantities!$S$2)),\n\nIF(AND(LEFT(D96,2)=\"Sc\",OR(C96=\"a\",C96=\"f\")),\nVLOOKUP(A96,Quantities[],Quantities!$I$2),\n\nIF(AND(B96=\"D\",C96=\"b\"),\n VLOOKUP(INDEX(Quantities!$A$100:$A$118,MATCH($A96,Quantities!$C$100:$C$118)),Quantities!$A$100:$AJ$118,Quantities!$O$2)+\nVLOOKUP(INDEX(Quantities!$A$100:$A$118,MATCH($A96,Quantities!$C$100:$C$118)),Quantities!$A$100:$AJ$118,Quantities!$Q$2)+\nVLOOKUP(INDEX(Quantities!$A$100:$A$118,MATCH($A96,Quantities!$C$100:$C$118)),Quantities!$A$100:$AJ$118,Quantities!$S$2),\n\nIF(OR(B96=\"D\",B96=\"Q\"),\nSUM(VLOOKUP($A96,Quantities[],Quantities!$O$2),VLOOKUP($A96,Quantities[],Quantities!$Q$2),VLOOKUP($A96,Quantities[],Quantities!$S$2)),\n\n VLOOKUP(A96,Quantities[],Quantities!$G$2)\n))))","v":100},{"$f":"IF(LEFT(D96,2)=\"Mg\", VLOOKUP(A96,Quantities[],Quantities!$H$2),\n\nIF(OR(AND(LEFT(D96,2)=\"Sc\",B96=\"A\",C96=\"d\",C96=\"f\")),\n(SUM(VLOOKUP($A96,Quantities[],Quantities!$P$2)*VLOOKUP($A96,Quantities[],Quantities!$O$2),VLOOKUP($A96,Quantities[],Quantities!$R$2)*VLOOKUP($A96,Quantities[],Quantities!$Q$2),VLOOKUP($A96,Quantities[],Quantities!$T$2)*VLOOKUP($A96,Quantities[],Quantities!$S$2)))/SUM(VLOOKUP($A96,Quantities[],Quantities!$O$2),VLOOKUP($A96,Quantities[],Quantities!$Q$2),VLOOKUP($A96,Quantities[],Quantities!$S$2)),\n\nIF(AND(LEFT(D96,2)=\"Sc\",OR(C96=\"a\",C96=\"f\")),\nVLOOKUP(A96,Quantities[],Quantities!$J$2),\n\nIF(AND(B96=\"D\",C96=\"b\", (VLOOKUP(INDEX(Quantities!$A$100:$A$118,MATCH($A96,Quantities!$C$100:$C$118)),Quantities[],Quantities!$O$2)+VLOOKUP(INDEX(Quantities!$A$100:$A$118,MATCH($A96,Quantities!$C$100:$C$118)),Quantities[],Quantities!$Q$2)+VLOOKUP(INDEX(Quantities!$A$100:$A$118,MATCH($A96,Quantities!$C$100:$C$118)),Quantities[],Quantities!$S$2))>0),\n(VLOOKUP(INDEX(Quantities!$A$100:$A$118,MATCH($A96,Quantities!$C$100:$C$118)),Quantities[],Quantities!$P$2)*VLOOKUP(INDEX(Quantities!$A$100:$A$118,MATCH($A96,Quantities!$C$100:$C$118)),Quantities[],Quantities!$O$2)\n+VLOOKUP(INDEX(Quantities!$A$100:$A$118,MATCH($A96,Quantities!$C$100:$C$118)),Quantities[],Quantities!$R$2)*VLOOKUP(INDEX(Quantities!$A$100:$A$118,MATCH($A96,Quantities!$C$100:$C$118)),Quantities[],Quantities!$Q$2)\n+VLOOKUP(INDEX(Quantities!$A$100:$A$118,MATCH($A96,Quantities!$C$100:$C$118)),Quantities[],Quantities!$T$2)*VLOOKUP(INDEX(Quantities!$A$100:$A$118,MATCH($A96,Quantities!$C$100:$C$118)),Quantities[],Quantities!$S$2))/\n(VLOOKUP(INDEX(Quantities!$A$100:$A$118,MATCH($A96,Quantities!$C$100:$C$118)),Quantities[],Quantities!$O$2)+VLOOKUP(INDEX(Quantities!$A$100:$A$118,MATCH($A96,Quantities!$C$100:$C$118)),Quantities[],Quantities!$Q$2)+VLOOKUP(A96,Quantities[],Quantities!$S$2)),\n\nIF(AND(B96=\"D\", (VLOOKUP(A96,Quantities[],Quantities!$O$2)+VLOOKUP(A96,Quantities[],Quantities!$Q$2)+VLOOKUP(A96,Quantities[],Quantities!$S$2))>0),\n(VLOOKUP(A96,Quantities[],Quantities!$P$2)*VLOOKUP(A96,Quantities[],Quantities!$O$2)\n+VLOOKUP(A96,Quantities[],Quantities!$R$2)*VLOOKUP(A96,Quantities[],Quantities!$Q$2)\n+VLOOKUP(A96,Quantities[],Quantities!$T$2)*VLOOKUP(A96,Quantities[],Quantities!$S$2))/\n(VLOOKUP(A96,Quantities[],Quantities!$O$2)+VLOOKUP(A96,Quantities[],Quantities!$Q$2)+VLOOKUP(A96,Quantities[],Quantities!$S$2)),\n\nIF($B96=\"Q\", (SUM(VLOOKUP($A96,Quantities[],Quantities!$P$2)*VLOOKUP($A96,Quantities[],Quantities!$O$2),VLOOKUP($A96,Quantities[],Quantities!$R$2)*VLOOKUP($A96,Quantities[],Quantities!$Q$2),VLOOKUP($A96,Quantities[],Quantities!$T$2)*VLOOKUP($A96,Quantities[],Quantities!$S$2)))/SUM(VLOOKUP($A96,Quantities[],Quantities!$O$2),VLOOKUP($A96,Quantities[],Quantities!$Q$2),VLOOKUP($A96,Quantities[],Quantities!$S$2)),\n\n VLOOKUP(A96,Quantities[],Quantities!$H$2)\n))))))","v":0.01},{"$f":"IF(LEFT(D96,1)=\"U\",\"-\",VLOOKUP(D96,Equipment[],Equipment!$B$2))","v":"Cat D11T CD"}]
[{"$f":"Quantities!$A$14","v":1302},"B","f","Dz2",{"$f":"CONCATENATE(TEXT(A97,\"0\"),\"-\",B97,\"-\",C97,\"-\",D97)","v":"1302-B-f-Dz2"},{"$f":"IF(D97=\"Comb1\",CONCATENATE(VLOOKUP(B97,'Activity-Material_Codes'!$A$2:$B$26,Quantities!$B$2),\"-\",VLOOKUP(A97,Quantities[],Quantities!$D$2)),\nCONCATENATE(\nVLOOKUP(B97,'Activity-Material_Codes'!$A$2:$B$26,Quantities!$B$2),\nIF(AND(B97=\"B\",C97=\"a\"), \" Scraper Grading\", \"\"),\nIF(C97=\"b\",\"\",\"-\"),\nIF(C97=\"b\",\"\",VLOOKUP(A97,Quantities[],Quantities!$D$2)),\nIF(LEFT(TEXT(A97,\"0\"),1)=\"5\",\"\",\"-\"),\nIF(LEFT(TEXT(A97,\"0\"),1)=\"5\",\"\",VLOOKUP(C97,'Activity-Material_Codes'!$A$30:$B$36,Quantities!$B$2))\n))","v":"Dozer Assist-Outslopes Pullback-Backfill/Stockpile Material"},{"$f":"CONCATENATE(\nIF(OR(RIGHT(TEXT($A97,\"0\"),Quantities!$B$2)=\"00\",LEFT(TEXT($A97,\"0\"),1)=\"5\",OR($C97=\"b\",$C97=\"f\")),\"\",VLOOKUP($A97,Quantities[],Quantities!$B$2)),\nIF(LEFT(TEXT($A97,\"0\"),1)=\"5\",\"\",\" \"),\nIF(OR(C97=\"a\",C97=\"c\",C97=\"d\",C97=\"e\"),IF(OR(RIGHT(TEXT($A97,\"0\"),Quantities!$B$2)=\"00\",LEFT(TEXT($A97,\"0\"),1)=\"5\"),VLOOKUP($A97,Quantities[],Quantities!$B$2),\"\"),\nIF(LEFT(TEXT($A97,\"0\"),1)=\"5\",VLOOKUP($A97,Quantities[],Quantities!$B$2),\nVLOOKUP(INDEX(Quantities!$A$100:$A$118,MATCH($A97,Quantities!$C$100:$C$118)),Quantities!$A$100:$B$118,Quantities!$B$2))))","v":" 3A Leach, 3B Waste"},{"$f":"IF(LEFT(TEXT(A97,\"0\"),1)=\"5\",\nVLOOKUP(VLOOKUP(A97,Quantities!$A$4:$D$118,Quantities!$C$2),Quantities!$A$4:$D$118,Quantities!$C$2),\nIF(OR(C97=\"a\",C97=\"c\",C97=\"d\",C97=\"e\"),\n\"-\",\nIF(RIGHT(TEXT(A97,\"0\"),2)=\"00\",VLOOKUP(A97,Quantities[],Quantities!$B$2),\nIF(C97=\"f\",VLOOKUP(A97,Quantities[],Quantities!$B$2),\nVLOOKUP(A97,Quantities[],Quantities!$C$2))\n)))","v":"3A Leach, 3B Waste"},{"$f":"IF(OR(AND(LEFT(D97,2)=\"Sc\",B97=\"A\",C97=\"d\"),AND(C97=\"f\",B97=\"D\")),\nSUM(VLOOKUP($A97,Quantities[],Quantities!$O$2),VLOOKUP($A97,Quantities[],Quantities!$Q$2),VLOOKUP($A97,Quantities[],Quantities!$S$2)),\n\nIF(AND(LEFT(D97,2)=\"Sc\",OR(C97=\"a\",C97=\"f\")),\nVLOOKUP(A97,Quantities[],Quantities!$I$2),\n\nIF(AND(B97=\"D\",C97=\"b\"),\n VLOOKUP(INDEX(Quantities!$A$100:$A$118,MATCH($A97,Quantities!$C$100:$C$118)),Quantities!$A$100:$AJ$118,Quantities!$O$2)+\nVLOOKUP(INDEX(Quantities!$A$100:$A$118,MATCH($A97,Quantities!$C$100:$C$118)),Quantities!$A$100:$AJ$118,Quantities!$Q$2)+\nVLOOKUP(INDEX(Quantities!$A$100:$A$118,MATCH($A97,Quantities!$C$100:$C$118)),Quantities!$A$100:$AJ$118,Quantities!$S$2),\n\nIF(OR(B97=\"D\",B97=\"Q\"),\nSUM(VLOOKUP($A97,Quantities[],Quantities!$O$2),VLOOKUP($A97,Quantities[],Quantities!$Q$2),VLOOKUP($A97,Quantities[],Quantities!$S$2)),\n\n VLOOKUP(A97,Quantities[],Quantities!$G$2)\n))))","v":0},{"$f":"IF(LEFT(D97,2)=\"Mg\", VLOOKUP(A97,Quantities[],Quantities!$H$2),\n\nIF(OR(AND(LEFT(D97,2)=\"Sc\",B97=\"A\",C97=\"d\",C97=\"f\")),\n(SUM(VLOOKUP($A97,Quantities[],Quantities!$P$2)*VLOOKUP($A97,Quantities[],Quantities!$O$2),VLOOKUP($A97,Quantities[],Quantities!$R$2)*VLOOKUP($A97,Quantities[],Quantities!$Q$2),VLOOKUP($A97,Quantities[],Quantities!$T$2)*VLOOKUP($A97,Quantities[],Quantities!$S$2)))/SUM(VLOOKUP($A97,Quantities[],Quantities!$O$2),VLOOKUP($A97,Quantities[],Quantities!$Q$2),VLOOKUP($A97,Quantities[],Quantities!$S$2)),\n\nIF(AND(LEFT(D97,2)=\"Sc\",OR(C97=\"a\",C97=\"f\")),\nVLOOKUP(A97,Quantities[],Quantities!$J$2),\n\nIF(AND(B97=\"D\",C97=\"b\", (VLOOKUP(INDEX(Quantities!$A$100:$A$118,MATCH($A97,Quantities!$C$100:$C$118)),Quantities[],Quantities!$O$2)+VLOOKUP(INDEX(Quantities!$A$100:$A$118,MATCH($A97,Quantities!$C$100:$C$118)),Quantities[],Quantities!$Q$2)+VLOOKUP(INDEX(Quantities!$A$100:$A$118,MATCH($A97,Quantities!$C$100:$C$118)),Quantities[],Quantities!$S$2))>0),\n(VLOOKUP(INDEX(Quantities!$A$100:$A$118,MATCH($A97,Quantities!$C$100:$C$118)),Quantities[],Quantities!$P$2)*VLOOKUP(INDEX(Quantities!$A$100:$A$118,MATCH($A97,Quantities!$C$100:$C$118)),Quantities[],Quantities!$O$2)\n+VLOOKUP(INDEX(Quantities!$A$100:$A$118,MATCH($A97,Quantities!$C$100:$C$118)),Quantities[],Quantities!$R$2)*VLOOKUP(INDEX(Quantities!$A$100:$A$118,MATCH($A97,Quantities!$C$100:$C$118)),Quantities[],Quantities!$Q$2)\n+VLOOKUP(INDEX(Quantities!$A$100:$A$118,MATCH($A97,Quantities!$C$100:$C$118)),Quantities[],Quantities!$T$2)*VLOOKUP(INDEX(Quantities!$A$100:$A$118,MATCH($A97,Quantities!$C$100:$C$118)),Quantities[],Quantities!$S$2))/\n(VLOOKUP(INDEX(Quantities!$A$100:$A$118,MATCH($A97,Quantities!$C$100:$C$118)),Quantities[],Quantities!$O$2)+VLOOKUP(INDEX(Quantities!$A$100:$A$118,MATCH($A97,Quantities!$C$100:$C$118)),Quantities[],Quantities!$Q$2)+VLOOKUP(A97,Quantities[],Quantities!$S$2)),\n\nIF(AND(B97=\"D\", (VLOOKUP(A97,Quantities[],Quantities!$O$2)+VLOOKUP(A97,Quantities[],Quantities!$Q$2)+VLOOKUP(A97,Quantities[],Quantities!$S$2))>0),\n(VLOOKUP(A97,Quantities[],Quantities!$P$2)*VLOOKUP(A97,Quantities[],Quantities!$O$2)\n+VLOOKUP(A97,Quantities[],Quantities!$R$2)*VLOOKUP(A97,Quantities[],Quantities!$Q$2)\n+VLOOKUP(A97,Quantities[],Quantities!$T$2)*VLOOKUP(A97,Quantities[],Quantities!$S$2))/\n(VLOOKUP(A97,Quantities[],Quantities!$O$2)+VLOOKUP(A97,Quantities[],Quantities!$Q$2)+VLOOKUP(A97,Quantities[],Quantities!$S$2)),\n\nIF($B97=\"Q\", (SUM(VLOOKUP($A97,Quantities[],Quantities!$P$2)*VLOOKUP($A97,Quantities[],Quantities!$O$2),VLOOKUP($A97,Quantities[],Quantities!$R$2)*VLOOKUP($A97,Quantities[],Quantities!$Q$2),VLOOKUP($A97,Quantities[],Quantities!$T$2)*VLOOKUP($A97,Quantities[],Quantities!$S$2)))/SUM(VLOOKUP($A97,Quantities[],Quantities!$O$2),VLOOKUP($A97,Quantities[],Quantities!$Q$2),VLOOKUP($A97,Quantities[],Quantities!$S$2)),\n\n VLOOKUP(A97,Quantities[],Quantities!$H$2)\n))))))","v":-0.28999999999999998},{"$f":"IF(LEFT(D97,1)=\"U\",\"-\",VLOOKUP(D97,Equipment[],Equipment!$B$2))","v":"Cat D11T CD"}]
[{"$f":"Quantities!$A$40","v":2201},"B","f","Dz2","2201-B-f-Dz2",{"$f":"IF(D98=\"Comb1\",CONCATENATE(VLOOKUP(B98,'Activity-Material_Codes'!$A$2:$B$26,Quantities!$B$2),\"-\",VLOOKUP(A98,Quantities[],Quantities!$D$2)),\nCONCATENATE(\nVLOOKUP(B98,'Activity-Material_Codes'!$A$2:$B$26,Quantities!$B$2),\nIF(AND(B98=\"B\",C98=\"a\"), \" Scraper Grading\", \"\"),\nIF(C98=\"b\",\"\",\"-\"),\nIF(C98=\"b\",\"\",VLOOKUP(A98,Quantities[],Quantities!$D$2)),\nIF(LEFT(TEXT(A98,\"0\"),1)=\"5\",\"\",\"-\"),\nIF(LEFT(TEXT(A98,\"0\"),1)=\"5\",\"\",VLOOKUP(C98,'Activity-Material_Codes'!$A$30:$B$36,Quantities!$B$2))\n))","v":"Dozer Assist-Pit Backfill-Backfill/Stockpile Material"},{"$f":"CONCATENATE(\nIF(OR(RIGHT(TEXT($A98,\"0\"),Quantities!$B$2)=\"00\",LEFT(TEXT($A98,\"0\"),1)=\"5\",OR($C98=\"b\",$C98=\"f\")),\"\",VLOOKUP($A98,Quantities[],Quantities!$B$2)),\nIF(LEFT(TEXT($A98,\"0\"),1)=\"5\",\"\",\" \"),\nIF(OR(C98=\"a\",C98=\"c\",C98=\"d\",C98=\"e\"),IF(OR(RIGHT(TEXT($A98,\"0\"),Quantities!$B$2)=\"00\",LEFT(TEXT($A98,\"0\"),1)=\"5\"),VLOOKUP($A98,Quantities[],Quantities!$B$2),\"\"),\nIF(LEFT(TEXT($A98,\"0\"),1)=\"5\",VLOOKUP($A98,Quantities[],Quantities!$B$2),\nVLOOKUP(INDEX(Quantities!$A$100:$A$118,MATCH($A98,Quantities!$C$100:$C$118)),Quantities!$A$100:$B$118,Quantities!$B$2))))","v":" Leach Stockpile"},{"$f":"IF(LEFT(TEXT(A98,\"0\"),1)=\"5\",\nVLOOKUP(VLOOKUP(A98,Quantities!$A$4:$D$118,Quantities!$C$2),Quantities!$A$4:$D$118,Quantities!$C$2),\nIF(OR(C98=\"a\",C98=\"c\",C98=\"d\",C98=\"e\"),\n\"-\",\nIF(RIGHT(TEXT(A98,\"0\"),2)=\"00\",VLOOKUP(A98,Quantities[],Quantities!$B$2),\nIF(C98=\"f\",VLOOKUP(A98,Quantities[],Quantities!$B$2),\nVLOOKUP(A98,Quantities[],Quantities!$C$2))\n)))","v":"San Salvador Pit, San Salvador Waste Backfill"},{"$f":"IF(OR(AND(LEFT(D98,2)=\"Sc\",B98=\"A\",C98=\"d\"),AND(C98=\"f\",B98=\"D\")),\nSUM(VLOOKUP($A98,Quantities[],Quantities!$O$2),VLOOKUP($A98,Quantities[],Quantities!$Q$2),VLOOKUP($A98,Quantities[],Quantities!$S$2)),\n\nIF(AND(LEFT(D98,2)=\"Sc\",OR(C98=\"a\",C98=\"f\")),\nVLOOKUP(A98,Quantities[],Quantities!$I$2),\n\nIF(AND(B98=\"D\",C98=\"b\"),\n VLOOKUP(INDEX(Quantities!$A$100:$A$118,MATCH($A98,Quantities!$C$100:$C$118)),Quantities!$A$100:$AJ$118,Quantities!$O$2)+\nVLOOKUP(INDEX(Quantities!$A$100:$A$118,MATCH($A98,Quantities!$C$100:$C$118)),Quantities!$A$100:$AJ$118,Quantities!$Q$2)+\nVLOOKUP(INDEX(Quantities!$A$100:$A$118,MATCH($A98,Quantities!$C$100:$C$118)),Quantities!$A$100:$AJ$118,Quantities!$S$2),\n\nIF(OR(B98=\"D\",B98=\"Q\"),\nSUM(VLOOKUP($A98,Quantities[],Quantities!$O$2),VLOOKUP($A98,Quantities[],Quantities!$Q$2),VLOOKUP($A98,Quantities[],Quantities!$S$2)),\n\n VLOOKUP(A98,Quantities[],Quantities!$G$2)\n))))","v":0},{"$f":"IF(LEFT(D98,2)=\"Mg\", VLOOKUP(A98,Quantities[],Quantities!$H$2),\n\nIF(OR(AND(LEFT(D98,2)=\"Sc\",B98=\"A\",C98=\"d\",C98=\"f\")),\n(SUM(VLOOKUP($A98,Quantities[],Quantities!$P$2)*VLOOKUP($A98,Quantities[],Quantities!$O$2),VLOOKUP($A98,Quantities[],Quantities!$R$2)*VLOOKUP($A98,Quantities[],Quantities!$Q$2),VLOOKUP($A98,Quantities[],Quantities!$T$2)*VLOOKUP($A98,Quantities[],Quantities!$S$2)))/SUM(VLOOKUP($A98,Quantities[],Quantities!$O$2),VLOOKUP($A98,Quantities[],Quantities!$Q$2),VLOOKUP($A98,Quantities[],Quantities!$S$2)),\n\nIF(AND(LEFT(D98,2)=\"Sc\",OR(C98=\"a\",C98=\"f\")),\nVLOOKUP(A98,Quantities[],Quantities!$J$2),\n\nIF(AND(B98=\"D\",C98=\"b\", (VLOOKUP(INDEX(Quantities!$A$100:$A$118,MATCH($A98,Quantities!$C$100:$C$118)),Quantities[],Quantities!$O$2)+VLOOKUP(INDEX(Quantities!$A$100:$A$118,MATCH($A98,Quantities!$C$100:$C$118)),Quantities[],Quantities!$Q$2)+VLOOKUP(INDEX(Quantities!$A$100:$A$118,MATCH($A98,Quantities!$C$100:$C$118)),Quantities[],Quantities!$S$2))>0),\n(VLOOKUP(INDEX(Quantities!$A$100:$A$118,MATCH($A98,Quantities!$C$100:$C$118)),Quantities[],Quantities!$P$2)*VLOOKUP(INDEX(Quantities!$A$100:$A$118,MATCH($A98,Quantities!$C$100:$C$118)),Quantities[],Quantities!$O$2)\n+VLOOKUP(INDEX(Quantities!$A$100:$A$118,MATCH($A98,Quantities!$C$100:$C$118)),Quantities[],Quantities!$R$2)*VLOOKUP(INDEX(Quantities!$A$100:$A$118,MATCH($A98,Quantities!$C$100:$C$118)),Quantities[],Quantities!$Q$2)\n+VLOOKUP(INDEX(Quantities!$A$100:$A$118,MATCH($A98,Quantities!$C$100:$C$118)),Quantities[],Quantities!$T$2)*VLOOKUP(INDEX(Quantities!$A$100:$A$118,MATCH($A98,Quantities!$C$100:$C$118)),Quantities[],Quantities!$S$2))/\n(VLOOKUP(INDEX(Quantities!$A$100:$A$118,MATCH($A98,Quantities!$C$100:$C$118)),Quantities[],Quantities!$O$2)+VLOOKUP(INDEX(Quantities!$A$100:$A$118,MATCH($A98,Quantities!$C$100:$C$118)),Quantities[],Quantities!$Q$2)+VLOOKUP(A98,Quantities[],Quantities!$S$2)),\n\nIF(AND(B98=\"D\", (VLOOKUP(A98,Quantities[],Quantities!$O$2)+VLOOKUP(A98,Quantities[],Quantities!$Q$2)+VLOOKUP(A98,Quantities[],Quantities!$S$2))>0),\n(VLOOKUP(A98,Quantities[],Quantities!$P$2)*VLOOKUP(A98,Quantities[],Quantities!$O$2)\n+VLOOKUP(A98,Quantities[],Quantities!$R$2)*VLOOKUP(A98,Quantities[],Quantities!$Q$2)\n+VLOOKUP(A98,Quantities[],Quantities!$T$2)*VLOOKUP(A98,Quantities[],Quantities!$S$2))/\n(VLOOKUP(A98,Quantities[],Quantities!$O$2)+VLOOKUP(A98,Quantities[],Quantities!$Q$2)+VLOOKUP(A98,Quantities[],Quantities!$S$2)),\n\nIF($B98=\"Q\", (SUM(VLOOKUP($A98,Quantities[],Quantities!$P$2)*VLOOKUP($A98,Quantities[],Quantities!$O$2),VLOOKUP($A98,Quantities[],Quantities!$R$2)*VLOOKUP($A98,Quantities[],Quantities!$Q$2),VLOOKUP($A98,Quantities[],Quantities!$T$2)*VLOOKUP($A98,Quantities[],Quantities!$S$2)))/SUM(VLOOKUP($A98,Quantities[],Quantities!$O$2),VLOOKUP($A98,Quantities[],Quantities!$Q$2),VLOOKUP($A98,Quantities[],Quantities!$S$2)),\n\n VLOOKUP(A98,Quantities[],Quantities!$H$2)\n))))))","v":0},{"$f":"IF(LEFT(D98,1)=\"U\",\"-\",VLOOKUP(D98,Equipment[],Equipment!$B$2))","v":"Cat D11T CD"}]
[{"$f":"Quantities!$A$67","v":2900},"B","b","Dz2",{"$f":"CONCATENATE(TEXT(A99,\"0\"),\"-\",B99,\"-\",C99,\"-\",D99)","v":"2900-B-b-Dz2"},{"$f":"IF(D99=\"Comb1\",CONCATENATE(VLOOKUP(B99,'Activity-Material_Codes'!$A$2:$B$26,Quantities!$B$2),\"-\",VLOOKUP(A99,Quantities[],Quantities!$D$2)),\nCONCATENATE(\nVLOOKUP(B99,'Activity-Material_Codes'!$A$2:$B$26,Quantities!$B$2),\nIF(AND(B99=\"B\",C99=\"a\"), \" Scraper Grading\", \"\"),\nIF(C99=\"b\",\"\",\"-\"),\nIF(C99=\"b\",\"\",VLOOKUP(A99,Quantities[],Quantities!$D$2)),\nIF(LEFT(TEXT(A99,\"0\"),1)=\"5\",\"\",\"-\"),\nIF(LEFT(TEXT(A99,\"0\"),1)=\"5\",\"\",VLOOKUP(C99,'Activity-Material_Codes'!$A$30:$B$36,Quantities!$B$2))\n))","v":"Dozer Assist-Cover"},{"$f":"CONCATENATE(\nIF(OR(RIGHT(TEXT($A99,\"0\"),Quantities!$B$2)=\"00\",LEFT(TEXT($A99,\"0\"),1)=\"5\",OR($C99=\"b\",$C99=\"f\")),\"\",VLOOKUP($A99,Quantities[],Quantities!$B$2)),\nIF(LEFT(TEXT($A99,\"0\"),1)=\"5\",\"\",\" \"),\nIF(OR(C99=\"a\",C99=\"c\",C99=\"d\",C99=\"e\"),IF(OR(RIGHT(TEXT($A99,\"0\"),Quantities!$B$2)=\"00\",LEFT(TEXT($A99,\"0\"),1)=\"5\"),VLOOKUP($A99,Quantities[],Quantities!$B$2),\"\"),\nIF(LEFT(TEXT($A99,\"0\"),1)=\"5\",VLOOKUP($A99,Quantities[],Quantities!$B$2),\nVLOOKUP(INDEX(Quantities!$A$100:$A$118,MATCH($A99,Quantities!$C$100:$C$118)),Quantities!$A$100:$B$118,Quantities!$B$2))))","v":" Reclaimed Tailing Launder Line"},{"$f":"IF(LEFT(TEXT(A99,\"0\"),1)=\"5\",\nVLOOKUP(VLOOKUP(A99,Quantities!$A$4:$D$118,Quantities!$C$2),Quantities!$A$4:$D$118,Quantities!$C$2),\nIF(OR(C99=\"a\",C99=\"c\",C99=\"d\",C99=\"e\"),\n\"-\",\nIF(RIGHT(TEXT(A99,\"0\"),2)=\"00\",VLOOKUP(A99,Quantities[],Quantities!$B$2),\nIF(C99=\"f\",VLOOKUP(A99,Quantities[],Quantities!$B$2),\nVLOOKUP(A99,Quantities[],Quantities!$C$2))\n)))","v":"Reclaimed 1 Tailing Impoundment Reclaim Water Pumphouse Station"},{"$f":"IF(OR(AND(LEFT(D99,2)=\"Sc\",B99=\"A\",C99=\"d\"),AND(C99=\"f\",B99=\"D\")),\nSUM(VLOOKUP($A99,Quantities[],Quantities!$O$2),VLOOKUP($A99,Quantities[],Quantities!$Q$2),VLOOKUP($A99,Quantities[],Quantities!$S$2)),\n\nIF(AND(LEFT(D99,2)=\"Sc\",OR(C99=\"a\",C99=\"f\")),\nVLOOKUP(A99,Quantities[],Quantities!$I$2),\n\nIF(AND(B99=\"D\",C99=\"b\"),\n VLOOKUP(INDEX(Quantities!$A$100:$A$118,MATCH($A99,Quantities!$C$100:$C$118)),Quantities!$A$100:$AJ$118,Quantities!$O$2)+\nVLOOKUP(INDEX(Quantities!$A$100:$A$118,MATCH($A99,Quantities!$C$100:$C$118)),Quantities!$A$100:$AJ$118,Quantities!$Q$2)+\nVLOOKUP(INDEX(Quantities!$A$100:$A$118,MATCH($A99,Quantities!$C$100:$C$118)),Quantities!$A$100:$AJ$118,Quantities!$S$2),\n\nIF(OR(B99=\"D\",B99=\"Q\"),\nSUM(VLOOKUP($A99,Quantities[],Quantities!$O$2),VLOOKUP($A99,Quantities[],Quantities!$Q$2),VLOOKUP($A99,Quantities[],Quantities!$S$2)),\n\n VLOOKUP(A99,Quantities[],Quantities!$G$2)\n))))","v":2950},{"$f":"IF(LEFT(D99,2)=\"Mg\", VLOOKUP(A99,Quantities[],Quantities!$H$2),\n\nIF(OR(AND(LEFT(D99,2)=\"Sc\",B99=\"A\",C99=\"d\",C99=\"f\")),\n(SUM(VLOOKUP($A99,Quantities[],Quantities!$P$2)*VLOOKUP($A99,Quantities[],Quantities!$O$2),VLOOKUP($A99,Quantities[],Quantities!$R$2)*VLOOKUP($A99,Quantities[],Quantities!$Q$2),VLOOKUP($A99,Quantities[],Quantities!$T$2)*VLOOKUP($A99,Quantities[],Quantities!$S$2)))/SUM(VLOOKUP($A99,Quantities[],Quantities!$O$2),VLOOKUP($A99,Quantities[],Quantities!$Q$2),VLOOKUP($A99,Quantities[],Quantities!$S$2)),\n\nIF(AND(LEFT(D99,2)=\"Sc\",OR(C99=\"a\",C99=\"f\")),\nVLOOKUP(A99,Quantities[],Quantities!$J$2),\n\nIF(AND(B99=\"D\",C99=\"b\", (VLOOKUP(INDEX(Quantities!$A$100:$A$118,MATCH($A99,Quantities!$C$100:$C$118)),Quantities[],Quantities!$O$2)+VLOOKUP(INDEX(Quantities!$A$100:$A$118,MATCH($A99,Quantities!$C$100:$C$118)),Quantities[],Quantities!$Q$2)+VLOOKUP(INDEX(Quantities!$A$100:$A$118,MATCH($A99,Quantities!$C$100:$C$118)),Quantities[],Quantities!$S$2))>0),\n(VLOOKUP(INDEX(Quantities!$A$100:$A$118,MATCH($A99,Quantities!$C$100:$C$118)),Quantities[],Quantities!$P$2)*VLOOKUP(INDEX(Quantities!$A$100:$A$118,MATCH($A99,Quantities!$C$100:$C$118)),Quantities[],Quantities!$O$2)\n+VLOOKUP(INDEX(Quantities!$A$100:$A$118,MATCH($A99,Quantities!$C$100:$C$118)),Quantities[],Quantities!$R$2)*VLOOKUP(INDEX(Quantities!$A$100:$A$118,MATCH($A99,Quantities!$C$100:$C$118)),Quantities[],Quantities!$Q$2)\n+VLOOKUP(INDEX(Quantities!$A$100:$A$118,MATCH($A99,Quantities!$C$100:$C$118)),Quantities[],Quantities!$T$2)*VLOOKUP(INDEX(Quantities!$A$100:$A$118,MATCH($A99,Quantities!$C$100:$C$118)),Quantities[],Quantities!$S$2))/\n(VLOOKUP(INDEX(Quantities!$A$100:$A$118,MATCH($A99,Quantities!$C$100:$C$118)),Quantities[],Quantities!$O$2)+VLOOKUP(INDEX(Quantities!$A$100:$A$118,MATCH($A99,Quantities!$C$100:$C$118)),Quantities[],Quantities!$Q$2)+VLOOKUP(A99,Quantities[],Quantities!$S$2)),\n\nIF(AND(B99=\"D\", (VLOOKUP(A99,Quantities[],Quantities!$O$2)+VLOOKUP(A99,Quantities[],Quantities!$Q$2)+VLOOKUP(A99,Quantities[],Quantities!$S$2))>0),\n(VLOOKUP(A99,Quantities[],Quantities!$P$2)*VLOOKUP(A99,Quantities[],Quantities!$O$2)\n+VLOOKUP(A99,Quantities[],Quantities!$R$2)*VLOOKUP(A99,Quantities[],Quantities!$Q$2)\n+VLOOKUP(A99,Quantities[],Quantities!$T$2)*VLOOKUP(A99,Quantities[],Quantities!$S$2))/\n(VLOOKUP(A99,Quantities[],Quantities!$O$2)+VLOOKUP(A99,Quantities[],Quantities!$Q$2)+VLOOKUP(A99,Quantities[],Quantities!$S$2)),\n\nIF($B99=\"Q\", (SUM(VLOOKUP($A99,Quantities[],Quantities!$P$2)*VLOOKUP($A99,Quantities[],Quantities!$O$2),VLOOKUP($A99,Quantities[],Quantities!$R$2)*VLOOKUP($A99,Quantities[],Quantities!$Q$2),VLOOKUP($A99,Quantities[],Quantities!$T$2)*VLOOKUP($A99,Quantities[],Quantities!$S$2)))/SUM(VLOOKUP($A99,Quantities[],Quantities!$O$2),VLOOKUP($A99,Quantities[],Quantities!$Q$2),VLOOKUP($A99,Quantities[],Quantities!$S$2)),\n\n VLOOKUP(A99,Quantities[],Quantities!$H$2)\n))))))","v":0.01},{"$f":"IF(LEFT(D99,1)=\"U\",\"-\",VLOOKUP(D99,Equipment[],Equipment!$B$2))","v":"Cat D11T CD"}]
[{"$f":"Quantities!$A$4","v":1000},"C","b","Sh1","1000-C-b-Sh1",{"$f":"IF(D100=\"Comb1\",CONCATENATE(VLOOKUP(B100,'Activity-Material_Codes'!$A$2:$B$26,Quantities!$B$2),\"-\",VLOOKUP(A100,Quantities[],Quantities!$D$2)),\nCONCATENATE(\nVLOOKUP(B100,'Activity-Material_Codes'!$A$2:$B$26,Quantities!$B$2),\nIF(AND(B100=\"B\",C100=\"a\"), \" Scraper Grading\", \"\"),\nIF(C100=\"b\",\"\",\"-\"),\nIF(C100=\"b\",\"\",VLOOKUP(A100,Quantities[],Quantities!$D$2)),\nIF(LEFT(TEXT(A100,\"0\"),1)=\"5\",\"\",\"-\"),\nIF(LEFT(TEXT(A100,\"0\"),1)=\"5\",\"\",VLOOKUP(C100,'Activity-Material_Codes'!$A$30:$B$36,Quantities!$B$2))\n))","v":"Load-Cover"},{"$f":"CONCATENATE(\nIF(OR(RIGHT(TEXT($A100,\"0\"),Quantities!$B$2)=\"00\",LEFT(TEXT($A100,\"0\"),1)=\"5\",OR($C100=\"b\",$C100=\"f\")),\"\",VLOOKUP($A100,Quantities[],Quantities!$B$2)),\nIF(LEFT(TEXT($A100,\"0\"),1)=\"5\",\"\",\" \"),\nIF(OR(C100=\"a\",C100=\"c\",C100=\"d\",C100=\"e\"),IF(OR(RIGHT(TEXT($A100,\"0\"),Quantities!$B$2)=\"00\",LEFT(TEXT($A100,\"0\"),1)=\"5\"),VLOOKUP($A100,Quantities[],Quantities!$B$2),\"\"),\nIF(LEFT(TEXT($A100,\"0\"),1)=\"5\",VLOOKUP($A100,Quantities[],Quantities!$B$2),\nVLOOKUP(INDEX(Quantities!$A$100:$A$118,MATCH($A100,Quantities!$C$100:$C$118)),Quantities!$A$100:$B$118,Quantities!$B$2))))","v":" Gila Borrow Area"},{"$f":"IF(LEFT(TEXT(A100,\"0\"),1)=\"5\",\nVLOOKUP(VLOOKUP(A100,Quantities!$A$4:$D$118,Quantities!$C$2),Quantities!$A$4:$D$118,Quantities!$C$2),\nIF(OR(C100=\"a\",C100=\"c\",C100=\"d\",C100=\"e\"),\n\"-\",\nIF(RIGHT(TEXT(A100,\"0\"),2)=\"00\",VLOOKUP(A100,Quantities[],Quantities!$B$2),\nIF(C100=\"f\",VLOOKUP(A100,Quantities[],Quantities!$B$2),\nVLOOKUP(A100,Quantities[],Quantities!$C$2))\n)))","v":"1A Leach, 1B Leach "},{"$f":"IF(OR(AND(LEFT(D100,2)=\"Sc\",B100=\"A\",C100=\"d\"),AND(C100=\"f\",B100=\"D\")),\nSUM(VLOOKUP($A100,Quantities[],Quantities!$O$2),VLOOKUP($A100,Quantities[],Quantities!$Q$2),VLOOKUP($A100,Quantities[],Quantities!$S$2)),\n\nIF(AND(LEFT(D100,2)=\"Sc\",OR(C100=\"a\",C100=\"f\")),\nVLOOKUP(A100,Quantities[],Quantities!$I$2),\n\nIF(AND(B100=\"D\",C100=\"b\"),\n VLOOKUP(INDEX(Quantities!$A$100:$A$118,MATCH($A100,Quantities!$C$100:$C$118)),Quantities!$A$100:$AJ$118,Quantities!$O$2)+\nVLOOKUP(INDEX(Quantities!$A$100:$A$118,MATCH($A100,Quantities!$C$100:$C$118)),Quantities!$A$100:$AJ$118,Quantities!$Q$2)+\nVLOOKUP(INDEX(Quantities!$A$100:$A$118,MATCH($A100,Quantities!$C$100:$C$118)),Quantities!$A$100:$AJ$118,Quantities!$S$2),\n\nIF(OR(B100=\"D\",B100=\"Q\"),\nSUM(VLOOKUP($A100,Quantities[],Quantities!$O$2),VLOOKUP($A100,Quantities[],Quantities!$Q$2),VLOOKUP($A100,Quantities[],Quantities!$S$2)),\n\n VLOOKUP(A100,Quantities[],Quantities!$G$2)\n))))","v":0},{"$f":"IF(LEFT(D100,2)=\"Mg\", VLOOKUP(A100,Quantities[],Quantities!$H$2),\n\nIF(OR(AND(LEFT(D100,2)=\"Sc\",B100=\"A\",C100=\"d\",C100=\"f\")),\n(SUM(VLOOKUP($A100,Quantities[],Quantities!$P$2)*VLOOKUP($A100,Quantities[],Quantities!$O$2),VLOOKUP($A100,Quantities[],Quantities!$R$2)*VLOOKUP($A100,Quantities[],Quantities!$Q$2),VLOOKUP($A100,Quantities[],Quantities!$T$2)*VLOOKUP($A100,Quantities[],Quantities!$S$2)))/SUM(VLOOKUP($A100,Quantities[],Quantities!$O$2),VLOOKUP($A100,Quantities[],Quantities!$Q$2),VLOOKUP($A100,Quantities[],Quantities!$S$2)),\n\nIF(AND(LEFT(D100,2)=\"Sc\",OR(C100=\"a\",C100=\"f\")),\nVLOOKUP(A100,Quantities[],Quantities!$J$2),\n\nIF(AND(B100=\"D\",C100=\"b\", (VLOOKUP(INDEX(Quantities!$A$100:$A$118,MATCH($A100,Quantities!$C$100:$C$118)),Quantities[],Quantities!$O$2)+VLOOKUP(INDEX(Quantities!$A$100:$A$118,MATCH($A100,Quantities!$C$100:$C$118)),Quantities[],Quantities!$Q$2)+VLOOKUP(INDEX(Quantities!$A$100:$A$118,MATCH($A100,Quantities!$C$100:$C$118)),Quantities[],Quantities!$S$2))>0),\n(VLOOKUP(INDEX(Quantities!$A$100:$A$118,MATCH($A100,Quantities!$C$100:$C$118)),Quantities[],Quantities!$P$2)*VLOOKUP(INDEX(Quantities!$A$100:$A$118,MATCH($A100,Quantities!$C$100:$C$118)),Quantities[],Quantities!$O$2)\n+VLOOKUP(INDEX(Quantities!$A$100:$A$118,MATCH($A100,Quantities!$C$100:$C$118)),Quantities[],Quantities!$R$2)*VLOOKUP(INDEX(Quantities!$A$100:$A$118,MATCH($A100,Quantities!$C$100:$C$118)),Quantities[],Quantities!$Q$2)\n+VLOOKUP(INDEX(Quantities!$A$100:$A$118,MATCH($A100,Quantities!$C$100:$C$118)),Quantities[],Quantities!$T$2)*VLOOKUP(INDEX(Quantities!$A$100:$A$118,MATCH($A100,Quantities!$C$100:$C$118)),Quantities[],Quantities!$S$2))/\n(VLOOKUP(INDEX(Quantities!$A$100:$A$118,MATCH($A100,Quantities!$C$100:$C$118)),Quantities[],Quantities!$O$2)+VLOOKUP(INDEX(Quantities!$A$100:$A$118,MATCH($A100,Quantities!$C$100:$C$118)),Quantities[],Quantities!$Q$2)+VLOOKUP(A100,Quantities[],Quantities!$S$2)),\n\nIF(AND(B100=\"D\", (VLOOKUP(A100,Quantities[],Quantities!$O$2)+VLOOKUP(A100,Quantities[],Quantities!$Q$2)+VLOOKUP(A100,Quantities[],Quantities!$S$2))>0),\n(VLOOKUP(A100,Quantities[],Quantities!$P$2)*VLOOKUP(A100,Quantities[],Quantities!$O$2)\n+VLOOKUP(A100,Quantities[],Quantities!$R$2)*VLOOKUP(A100,Quantities[],Quantities!$Q$2)\n+VLOOKUP(A100,Quantities[],Quantities!$T$2)*VLOOKUP(A100,Quantities[],Quantities!$S$2))/\n(VLOOKUP(A100,Quantities[],Quantities!$O$2)+VLOOKUP(A100,Quantities[],Quantities!$Q$2)+VLOOKUP(A100,Quantities[],Quantities!$S$2)),\n\nIF($B100=\"Q\", (SUM(VLOOKUP($A100,Quantities[],Quantities!$P$2)*VLOOKUP($A100,Quantities[],Quantities!$O$2),VLOOKUP($A100,Quantities[],Quantities!$R$2)*VLOOKUP($A100,Quantities[],Quantities!$Q$2),VLOOKUP($A100,Quantities[],Quantities!$T$2)*VLOOKUP($A100,Quantities[],Quantities!$S$2)))/SUM(VLOOKUP($A100,Quantities[],Quantities!$O$2),VLOOKUP($A100,Quantities[],Quantities!$Q$2),VLOOKUP($A100,Quantities[],Quantities!$S$2)),\n\n VLOOKUP(A100,Quantities[],Quantities!$H$2)\n))))))","v":"-"},{"$f":"IF(LEFT(D100,1)=\"U\",\"-\",VLOOKUP(D100,Equipment[],Equipment!$B$2))","v":"Hitachi EX3600-5"}]
[{"$f":"Quantities!$A$8","v":1100},"C","b","Sh1","1100-C-b-Sh1",{"$f":"IF(D101=\"Comb1\",CONCATENATE(VLOOKUP(B101,'Activity-Material_Codes'!$A$2:$B$26,Quantities!$B$2),\"-\",VLOOKUP(A101,Quantities[],Quantities!$D$2)),\nCONCATENATE(\nVLOOKUP(B101,'Activity-Material_Codes'!$A$2:$B$26,Quantities!$B$2),\nIF(AND(B101=\"B\",C101=\"a\"), \" Scraper Grading\", \"\"),\nIF(C101=\"b\",\"\",\"-\"),\nIF(C101=\"b\",\"\",VLOOKUP(A101,Quantities[],Quantities!$D$2)),\nIF(LEFT(TEXT(A101,\"0\"),1)=\"5\",\"\",\"-\"),\nIF(LEFT(TEXT(A101,\"0\"),1)=\"5\",\"\",VLOOKUP(C101,'Activity-Material_Codes'!$A$30:$B$36,Quantities!$B$2))\n))","v":"Load-Cover"},{"$f":"CONCATENATE(\nIF(OR(RIGHT(TEXT($A101,\"0\"),Quantities!$B$2)=\"00\",LEFT(TEXT($A101,\"0\"),1)=\"5\",OR($C101=\"b\",$C101=\"f\")),\"\",VLOOKUP($A101,Quantities[],Quantities!$B$2)),\nIF(LEFT(TEXT($A101,\"0\"),1)=\"5\",\"\",\" \"),\nIF(OR(C101=\"a\",C101=\"c\",C101=\"d\",C101=\"e\"),IF(OR(RIGHT(TEXT($A101,\"0\"),Quantities!$B$2)=\"00\",LEFT(TEXT($A101,\"0\"),1)=\"5\"),VLOOKUP($A101,Quantities[],Quantities!$B$2),\"\"),\nIF(LEFT(TEXT($A101,\"0\"),1)=\"5\",VLOOKUP($A101,Quantities[],Quantities!$B$2),\nVLOOKUP(INDEX(Quantities!$A$100:$A$118,MATCH($A101,Quantities!$C$100:$C$118)),Quantities!$A$100:$B$118,Quantities!$B$2))))","v":" Gila Borrow Area"},{"$f":"IF(LEFT(TEXT(A101,\"0\"),1)=\"5\",\nVLOOKUP(VLOOKUP(A101,Quantities!$A$4:$D$118,Quantities!$C$2),Quantities!$A$4:$D$118,Quantities!$C$2),\nIF(OR(C101=\"a\",C101=\"c\",C101=\"d\",C101=\"e\"),\n\"-\",\nIF(RIGHT(TEXT(A101,\"0\"),2)=\"00\",VLOOKUP(A101,Quantities[],Quantities!$B$2),\nIF(C101=\"f\",VLOOKUP(A101,Quantities[],Quantities!$B$2),\nVLOOKUP(A101,Quantities[],Quantities!$C$2))\n)))","v":"Reclaimed 1C Waste"},{"$f":"IF(OR(AND(LEFT(D101,2)=\"Sc\",B101=\"A\",C101=\"d\"),AND(C101=\"f\",B101=\"D\")),\nSUM(VLOOKUP($A101,Quantities[],Quantities!$O$2),VLOOKUP($A101,Quantities[],Quantities!$Q$2),VLOOKUP($A101,Quantities[],Quantities!$S$2)),\n\nIF(AND(LEFT(D101,2)=\"Sc\",OR(C101=\"a\",C101=\"f\")),\nVLOOKUP(A101,Quantities[],Quantities!$I$2),\n\nIF(AND(B101=\"D\",C101=\"b\"),\n VLOOKUP(INDEX(Quantities!$A$100:$A$118,MATCH($A101,Quantities!$C$100:$C$118)),Quantities!$A$100:$AJ$118,Quantities!$O$2)+\nVLOOKUP(INDEX(Quantities!$A$100:$A$118,MATCH($A101,Quantities!$C$100:$C$118)),Quantities!$A$100:$AJ$118,Quantities!$Q$2)+\nVLOOKUP(INDEX(Quantities!$A$100:$A$118,MATCH($A101,Quantities!$C$100:$C$118)),Quantities!$A$100:$AJ$118,Quantities!$S$2),\n\nIF(OR(B101=\"D\",B101=\"Q\"),\nSUM(VLOOKUP($A101,Quantities[],Quantities!$O$2),VLOOKUP($A101,Quantities[],Quantities!$Q$2),VLOOKUP($A101,Quantities[],Quantities!$S$2)),\n\n VLOOKUP(A101,Quantities[],Quantities!$G$2)\n))))","v":0},{"$f":"IF(LEFT(D101,2)=\"Mg\", VLOOKUP(A101,Quantities[],Quantities!$H$2),\n\nIF(OR(AND(LEFT(D101,2)=\"Sc\",B101=\"A\",C101=\"d\",C101=\"f\")),\n(SUM(VLOOKUP($A101,Quantities[],Quantities!$P$2)*VLOOKUP($A101,Quantities[],Quantities!$O$2),VLOOKUP($A101,Quantities[],Quantities!$R$2)*VLOOKUP($A101,Quantities[],Quantities!$Q$2),VLOOKUP($A101,Quantities[],Quantities!$T$2)*VLOOKUP($A101,Quantities[],Quantities!$S$2)))/SUM(VLOOKUP($A101,Quantities[],Quantities!$O$2),VLOOKUP($A101,Quantities[],Quantities!$Q$2),VLOOKUP($A101,Quantities[],Quantities!$S$2)),\n\nIF(AND(LEFT(D101,2)=\"Sc\",OR(C101=\"a\",C101=\"f\")),\nVLOOKUP(A101,Quantities[],Quantities!$J$2),\n\nIF(AND(B101=\"D\",C101=\"b\", (VLOOKUP(INDEX(Quantities!$A$100:$A$118,MATCH($A101,Quantities!$C$100:$C$118)),Quantities[],Quantities!$O$2)+VLOOKUP(INDEX(Quantities!$A$100:$A$118,MATCH($A101,Quantities!$C$100:$C$118)),Quantities[],Quantities!$Q$2)+VLOOKUP(INDEX(Quantities!$A$100:$A$118,MATCH($A101,Quantities!$C$100:$C$118)),Quantities[],Quantities!$S$2))>0),\n(VLOOKUP(INDEX(Quantities!$A$100:$A$118,MATCH($A101,Quantities!$C$100:$C$118)),Quantities[],Quantities!$P$2)*VLOOKUP(INDEX(Quantities!$A$100:$A$118,MATCH($A101,Quantities!$C$100:$C$118)),Quantities[],Quantities!$O$2)\n+VLOOKUP(INDEX(Quantities!$A$100:$A$118,MATCH($A101,Quantities!$C$100:$C$118)),Quantities[],Quantities!$R$2)*VLOOKUP(INDEX(Quantities!$A$100:$A$118,MATCH($A101,Quantities!$C$100:$C$118)),Quantities[],Quantities!$Q$2)\n+VLOOKUP(INDEX(Quantities!$A$100:$A$118,MATCH($A101,Quantities!$C$100:$C$118)),Quantities[],Quantities!$T$2)*VLOOKUP(INDEX(Quantities!$A$100:$A$118,MATCH($A101,Quantities!$C$100:$C$118)),Quantities[],Quantities!$S$2))/\n(VLOOKUP(INDEX(Quantities!$A$100:$A$118,MATCH($A101,Quantities!$C$100:$C$118)),Quantities[],Quantities!$O$2)+VLOOKUP(INDEX(Quantities!$A$100:$A$118,MATCH($A101,Quantities!$C$100:$C$118)),Quantities[],Quantities!$Q$2)+VLOOKUP(A101,Quantities[],Quantities!$S$2)),\n\nIF(AND(B101=\"D\", (VLOOKUP(A101,Quantities[],Quantities!$O$2)+VLOOKUP(A101,Quantities[],Quantities!$Q$2)+VLOOKUP(A101,Quantities[],Quantities!$S$2))>0),\n(VLOOKUP(A101,Quantities[],Quantities!$P$2)*VLOOKUP(A101,Quantities[],Quantities!$O$2)\n+VLOOKUP(A101,Quantities[],Quantities!$R$2)*VLOOKUP(A101,Quantities[],Quantities!$Q$2)\n+VLOOKUP(A101,Quantities[],Quantities!$T$2)*VLOOKUP(A101,Quantities[],Quantities!$S$2))/\n(VLOOKUP(A101,Quantities[],Quantities!$O$2)+VLOOKUP(A101,Quantities[],Quantities!$Q$2)+VLOOKUP(A101,Quantities[],Quantities!$S$2)),\n\nIF($B101=\"Q\", (SUM(VLOOKUP($A101,Quantities[],Quantities!$P$2)*VLOOKUP($A101,Quantities[],Quantities!$O$2),VLOOKUP($A101,Quantities[],Quantities!$R$2)*VLOOKUP($A101,Quantities[],Quantities!$Q$2),VLOOKUP($A101,Quantities[],Quantities!$T$2)*VLOOKUP($A101,Quantities[],Quantities!$S$2)))/SUM(VLOOKUP($A101,Quantities[],Quantities!$O$2),VLOOKUP($A101,Quantities[],Quantities!$Q$2),VLOOKUP($A101,Quantities[],Quantities!$S$2)),\n\n VLOOKUP(A101,Quantities[],Quantities!$H$2)\n))))))","v":0},{"$f":"IF(LEFT(D101,1)=\"U\",\"-\",VLOOKUP(D101,Equipment[],Equipment!$B$2))","v":"Hitachi EX3600-5"}]
[{"$f":"Quantities!$A$9","v":1200},"C","b","Sh1",{"$f":"CONCATENATE(TEXT(A102,\"0\"),\"-\",B102,\"-\",C102,\"-\",D102)","v":"1200-C-b-Sh1"},{"$f":"IF(D102=\"Comb1\",CONCATENATE(VLOOKUP(B102,'Activity-Material_Codes'!$A$2:$B$26,Quantities!$B$2),\"-\",VLOOKUP(A102,Quantities[],Quantities!$D$2)),\nCONCATENATE(\nVLOOKUP(B102,'Activity-Material_Codes'!$A$2:$B$26,Quantities!$B$2),\nIF(AND(B102=\"B\",C102=\"a\"), \" Scraper Grading\", \"\"),\nIF(C102=\"b\",\"\",\"-\"),\nIF(C102=\"b\",\"\",VLOOKUP(A102,Quantities[],Quantities!$D$2)),\nIF(LEFT(TEXT(A102,\"0\"),1)=\"5\",\"\",\"-\"),\nIF(LEFT(TEXT(A102,\"0\"),1)=\"5\",\"\",VLOOKUP(C102,'Activity-Material_Codes'!$A$30:$B$36,Quantities!$B$2))\n))","v":"Load-Cover"},{"$f":"CONCATENATE(\nIF(OR(RIGHT(TEXT($A102,\"0\"),Quantities!$B$2)=\"00\",LEFT(TEXT($A102,\"0\"),1)=\"5\",OR($C102=\"b\",$C102=\"f\")),\"\",VLOOKUP($A102,Quantities[],Quantities!$B$2)),\nIF(LEFT(TEXT($A102,\"0\"),1)=\"5\",\"\",\" \"),\nIF(OR(C102=\"a\",C102=\"c\",C102=\"d\",C102=\"e\"),IF(OR(RIGHT(TEXT($A102,\"0\"),Quantities!$B$2)=\"00\",LEFT(TEXT($A102,\"0\"),1)=\"5\"),VLOOKUP($A102,Quantities[],Quantities!$B$2),\"\"),\nIF(LEFT(TEXT($A102,\"0\"),1)=\"5\",VLOOKUP($A102,Quantities[],Quantities!$B$2),\nVLOOKUP(INDEX(Quantities!$A$100:$A$118,MATCH($A102,Quantities!$C$100:$C$118)),Quantities!$A$100:$B$118,Quantities!$B$2))))","v":" Gila Borrow Area"},{"$f":"IF(LEFT(TEXT(A102,\"0\"),1)=\"5\",\nVLOOKUP(VLOOKUP(A102,Quantities!$A$4:$D$118,Quantities!$C$2),Quantities!$A$4:$D$118,Quantities!$C$2),\nIF(OR(C102=\"a\",C102=\"c\",C102=\"d\",C102=\"e\"),\n\"-\",\nIF(RIGHT(TEXT(A102,\"0\"),2)=\"00\",VLOOKUP(A102,Quantities[],Quantities!$B$2),\nIF(C102=\"f\",VLOOKUP(A102,Quantities[],Quantities!$B$2),\nVLOOKUP(A102,Quantities[],Quantities!$C$2))\n)))","v":"2B Waste, 2A Leach, 2B Leach"},{"$f":"IF(OR(AND(LEFT(D102,2)=\"Sc\",B102=\"A\",C102=\"d\"),AND(C102=\"f\",B102=\"D\")),\nSUM(VLOOKUP($A102,Quantities[],Quantities!$O$2),VLOOKUP($A102,Quantities[],Quantities!$Q$2),VLOOKUP($A102,Quantities[],Quantities!$S$2)),\n\nIF(AND(LEFT(D102,2)=\"Sc\",OR(C102=\"a\",C102=\"f\")),\nVLOOKUP(A102,Quantities[],Quantities!$I$2),\n\nIF(AND(B102=\"D\",C102=\"b\"),\n VLOOKUP(INDEX(Quantities!$A$100:$A$118,MATCH($A102,Quantities!$C$100:$C$118)),Quantities!$A$100:$AJ$118,Quantities!$O$2)+\nVLOOKUP(INDEX(Quantities!$A$100:$A$118,MATCH($A102,Quantities!$C$100:$C$118)),Quantities!$A$100:$AJ$118,Quantities!$Q$2)+\nVLOOKUP(INDEX(Quantities!$A$100:$A$118,MATCH($A102,Quantities!$C$100:$C$118)),Quantities!$A$100:$AJ$118,Quantities!$S$2),\n\nIF(OR(B102=\"D\",B102=\"Q\"),\nSUM(VLOOKUP($A102,Quantities[],Quantities!$O$2),VLOOKUP($A102,Quantities[],Quantities!$Q$2),VLOOKUP($A102,Quantities[],Quantities!$S$2)),\n\n VLOOKUP(A102,Quantities[],Quantities!$G$2)\n))))","v":0},{"$f":"IF(LEFT(D102,2)=\"Mg\", VLOOKUP(A102,Quantities[],Quantities!$H$2),\n\nIF(OR(AND(LEFT(D102,2)=\"Sc\",B102=\"A\",C102=\"d\",C102=\"f\")),\n(SUM(VLOOKUP($A102,Quantities[],Quantities!$P$2)*VLOOKUP($A102,Quantities[],Quantities!$O$2),VLOOKUP($A102,Quantities[],Quantities!$R$2)*VLOOKUP($A102,Quantities[],Quantities!$Q$2),VLOOKUP($A102,Quantities[],Quantities!$T$2)*VLOOKUP($A102,Quantities[],Quantities!$S$2)))/SUM(VLOOKUP($A102,Quantities[],Quantities!$O$2),VLOOKUP($A102,Quantities[],Quantities!$Q$2),VLOOKUP($A102,Quantities[],Quantities!$S$2)),\n\nIF(AND(LEFT(D102,2)=\"Sc\",OR(C102=\"a\",C102=\"f\")),\nVLOOKUP(A102,Quantities[],Quantities!$J$2),\n\nIF(AND(B102=\"D\",C102=\"b\", (VLOOKUP(INDEX(Quantities!$A$100:$A$118,MATCH($A102,Quantities!$C$100:$C$118)),Quantities[],Quantities!$O$2)+VLOOKUP(INDEX(Quantities!$A$100:$A$118,MATCH($A102,Quantities!$C$100:$C$118)),Quantities[],Quantities!$Q$2)+VLOOKUP(INDEX(Quantities!$A$100:$A$118,MATCH($A102,Quantities!$C$100:$C$118)),Quantities[],Quantities!$S$2))>0),\n(VLOOKUP(INDEX(Quantities!$A$100:$A$118,MATCH($A102,Quantities!$C$100:$C$118)),Quantities[],Quantities!$P$2)*VLOOKUP(INDEX(Quantities!$A$100:$A$118,MATCH($A102,Quantities!$C$100:$C$118)),Quantities[],Quantities!$O$2)\n+VLOOKUP(INDEX(Quantities!$A$100:$A$118,MATCH($A102,Quantities!$C$100:$C$118)),Quantities[],Quantities!$R$2)*VLOOKUP(INDEX(Quantities!$A$100:$A$118,MATCH($A102,Quantities!$C$100:$C$118)),Quantities[],Quantities!$Q$2)\n+VLOOKUP(INDEX(Quantities!$A$100:$A$118,MATCH($A102,Quantities!$C$100:$C$118)),Quantities[],Quantities!$T$2)*VLOOKUP(INDEX(Quantities!$A$100:$A$118,MATCH($A102,Quantities!$C$100:$C$118)),Quantities[],Quantities!$S$2))/\n(VLOOKUP(INDEX(Quantities!$A$100:$A$118,MATCH($A102,Quantities!$C$100:$C$118)),Quantities[],Quantities!$O$2)+VLOOKUP(INDEX(Quantities!$A$100:$A$118,MATCH($A102,Quantities!$C$100:$C$118)),Quantities[],Quantities!$Q$2)+VLOOKUP(A102,Quantities[],Quantities!$S$2)),\n\nIF(AND(B102=\"D\", (VLOOKUP(A102,Quantities[],Quantities!$O$2)+VLOOKUP(A102,Quantities[],Quantities!$Q$2)+VLOOKUP(A102,Quantities[],Quantities!$S$2))>0),\n(VLOOKUP(A102,Quantities[],Quantities!$P$2)*VLOOKUP(A102,Quantities[],Quantities!$O$2)\n+VLOOKUP(A102,Quantities[],Quantities!$R$2)*VLOOKUP(A102,Quantities[],Quantities!$Q$2)\n+VLOOKUP(A102,Quantities[],Quantities!$T$2)*VLOOKUP(A102,Quantities[],Quantities!$S$2))/\n(VLOOKUP(A102,Quantities[],Quantities!$O$2)+VLOOKUP(A102,Quantities[],Quantities!$Q$2)+VLOOKUP(A102,Quantities[],Quantities!$S$2)),\n\nIF($B102=\"Q\", (SUM(VLOOKUP($A102,Quantities[],Quantities!$P$2)*VLOOKUP($A102,Quantities[],Quantities!$O$2),VLOOKUP($A102,Quantities[],Quantities!$R$2)*VLOOKUP($A102,Quantities[],Quantities!$Q$2),VLOOKUP($A102,Quantities[],Quantities!$T$2)*VLOOKUP($A102,Quantities[],Quantities!$S$2)))/SUM(VLOOKUP($A102,Quantities[],Quantities!$O$2),VLOOKUP($A102,Quantities[],Quantities!$Q$2),VLOOKUP($A102,Quantities[],Quantities!$S$2)),\n\n VLOOKUP(A102,Quantities[],Quantities!$H$2)\n))))))","v":"-"},{"$f":"IF(LEFT(D102,1)=\"U\",\"-\",VLOOKUP(D102,Equipment[],Equipment!$B$2))","v":"Hitachi EX3600-5"}]
[{"$f":"Quantities!$A$12","v":1300},"C","b","Sh1","1300-C-b-Sh1",{"$f":"IF(D103=\"Comb1\",CONCATENATE(VLOOKUP(B103,'Activity-Material_Codes'!$A$2:$B$26,Quantities!$B$2),\"-\",VLOOKUP(A103,Quantities[],Quantities!$D$2)),\nCONCATENATE(\nVLOOKUP(B103,'Activity-Material_Codes'!$A$2:$B$26,Quantities!$B$2),\nIF(AND(B103=\"B\",C103=\"a\"), \" Scraper Grading\", \"\"),\nIF(C103=\"b\",\"\",\"-\"),\nIF(C103=\"b\",\"\",VLOOKUP(A103,Quantities[],Quantities!$D$2)),\nIF(LEFT(TEXT(A103,\"0\"),1)=\"5\",\"\",\"-\"),\nIF(LEFT(TEXT(A103,\"0\"),1)=\"5\",\"\",VLOOKUP(C103,'Activity-Material_Codes'!$A$30:$B$36,Quantities!$B$2))\n))","v":"Load-Cover"},{"$f":"CONCATENATE(\nIF(OR(RIGHT(TEXT($A103,\"0\"),Quantities!$B$2)=\"00\",LEFT(TEXT($A103,\"0\"),1)=\"5\",OR($C103=\"b\",$C103=\"f\")),\"\",VLOOKUP($A103,Quantities[],Quantities!$B$2)),\nIF(LEFT(TEXT($A103,\"0\"),1)=\"5\",\"\",\" \"),\nIF(OR(C103=\"a\",C103=\"c\",C103=\"d\",C103=\"e\"),IF(OR(RIGHT(TEXT($A103,\"0\"),Quantities!$B$2)=\"00\",LEFT(TEXT($A103,\"0\"),1)=\"5\"),VLOOKUP($A103,Quantities[],Quantities!$B$2),\"\"),\nIF(LEFT(TEXT($A103,\"0\"),1)=\"5\",VLOOKUP($A103,Quantities[],Quantities!$B$2),\nVLOOKUP(INDEX(Quantities!$A$100:$A$118,MATCH($A103,Quantities!$C$100:$C$118)),Quantities!$A$100:$B$118,Quantities!$B$2))))","v":" Gila Borrow Area"},{"$f":"IF(LEFT(TEXT(A103,\"0\"),1)=\"5\",\nVLOOKUP(VLOOKUP(A103,Quantities!$A$4:$D$118,Quantities!$C$2),Quantities!$A$4:$D$118,Quantities!$C$2),\nIF(OR(C103=\"a\",C103=\"c\",C103=\"d\",C103=\"e\"),\n\"-\",\nIF(RIGHT(TEXT(A103,\"0\"),2)=\"00\",VLOOKUP(A103,Quantities[],Quantities!$B$2),\nIF(C103=\"f\",VLOOKUP(A103,Quantities[],Quantities!$B$2),\nVLOOKUP(A103,Quantities[],Quantities!$C$2))\n)))","v":"3A Leach, 3B Waste"},{"$f":"IF(OR(AND(LEFT(D103,2)=\"Sc\",B103=\"A\",C103=\"d\"),AND(C103=\"f\",B103=\"D\")),\nSUM(VLOOKUP($A103,Quantities[],Quantities!$O$2),VLOOKUP($A103,Quantities[],Quantities!$Q$2),VLOOKUP($A103,Quantities[],Quantities!$S$2)),\n\nIF(AND(LEFT(D103,2)=\"Sc\",OR(C103=\"a\",C103=\"f\")),\nVLOOKUP(A103,Quantities[],Quantities!$I$2),\n\nIF(AND(B103=\"D\",C103=\"b\"),\n VLOOKUP(INDEX(Quantities!$A$100:$A$118,MATCH($A103,Quantities!$C$100:$C$118)),Quantities!$A$100:$AJ$118,Quantities!$O$2)+\nVLOOKUP(INDEX(Quantities!$A$100:$A$118,MATCH($A103,Quantities!$C$100:$C$118)),Quantities!$A$100:$AJ$118,Quantities!$Q$2)+\nVLOOKUP(INDEX(Quantities!$A$100:$A$118,MATCH($A103,Quantities!$C$100:$C$118)),Quantities!$A$100:$AJ$118,Quantities!$S$2),\n\nIF(OR(B103=\"D\",B103=\"Q\"),\nSUM(VLOOKUP($A103,Quantities[],Quantities!$O$2),VLOOKUP($A103,Quantities[],Quantities!$Q$2),VLOOKUP($A103,Quantities[],Quantities!$S$2)),\n\n VLOOKUP(A103,Quantities[],Quantities!$G$2)\n))))","v":0},{"$f":"IF(LEFT(D103,2)=\"Mg\", VLOOKUP(A103,Quantities[],Quantities!$H$2),\n\nIF(OR(AND(LEFT(D103,2)=\"Sc\",B103=\"A\",C103=\"d\",C103=\"f\")),\n(SUM(VLOOKUP($A103,Quantities[],Quantities!$P$2)*VLOOKUP($A103,Quantities[],Quantities!$O$2),VLOOKUP($A103,Quantities[],Quantities!$R$2)*VLOOKUP($A103,Quantities[],Quantities!$Q$2),VLOOKUP($A103,Quantities[],Quantities!$T$2)*VLOOKUP($A103,Quantities[],Quantities!$S$2)))/SUM(VLOOKUP($A103,Quantities[],Quantities!$O$2),VLOOKUP($A103,Quantities[],Quantities!$Q$2),VLOOKUP($A103,Quantities[],Quantities!$S$2)),\n\nIF(AND(LEFT(D103,2)=\"Sc\",OR(C103=\"a\",C103=\"f\")),\nVLOOKUP(A103,Quantities[],Quantities!$J$2),\n\nIF(AND(B103=\"D\",C103=\"b\", (VLOOKUP(INDEX(Quantities!$A$100:$A$118,MATCH($A103,Quantities!$C$100:$C$118)),Quantities[],Quantities!$O$2)+VLOOKUP(INDEX(Quantities!$A$100:$A$118,MATCH($A103,Quantities!$C$100:$C$118)),Quantities[],Quantities!$Q$2)+VLOOKUP(INDEX(Quantities!$A$100:$A$118,MATCH($A103,Quantities!$C$100:$C$118)),Quantities[],Quantities!$S$2))>0),\n(VLOOKUP(INDEX(Quantities!$A$100:$A$118,MATCH($A103,Quantities!$C$100:$C$118)),Quantities[],Quantities!$P$2)*VLOOKUP(INDEX(Quantities!$A$100:$A$118,MATCH($A103,Quantities!$C$100:$C$118)),Quantities[],Quantities!$O$2)\n+VLOOKUP(INDEX(Quantities!$A$100:$A$118,MATCH($A103,Quantities!$C$100:$C$118)),Quantities[],Quantities!$R$2)*VLOOKUP(INDEX(Quantities!$A$100:$A$118,MATCH($A103,Quantities!$C$100:$C$118)),Quantities[],Quantities!$Q$2)\n+VLOOKUP(INDEX(Quantities!$A$100:$A$118,MATCH($A103,Quantities!$C$100:$C$118)),Quantities[],Quantities!$T$2)*VLOOKUP(INDEX(Quantities!$A$100:$A$118,MATCH($A103,Quantities!$C$100:$C$118)),Quantities[],Quantities!$S$2))/\n(VLOOKUP(INDEX(Quantities!$A$100:$A$118,MATCH($A103,Quantities!$C$100:$C$118)),Quantities[],Quantities!$O$2)+VLOOKUP(INDEX(Quantities!$A$100:$A$118,MATCH($A103,Quantities!$C$100:$C$118)),Quantities[],Quantities!$Q$2)+VLOOKUP(A103,Quantities[],Quantities!$S$2)),\n\nIF(AND(B103=\"D\", (VLOOKUP(A103,Quantities[],Quantities!$O$2)+VLOOKUP(A103,Quantities[],Quantities!$Q$2)+VLOOKUP(A103,Quantities[],Quantities!$S$2))>0),\n(VLOOKUP(A103,Quantities[],Quantities!$P$2)*VLOOKUP(A103,Quantities[],Quantities!$O$2)\n+VLOOKUP(A103,Quantities[],Quantities!$R$2)*VLOOKUP(A103,Quantities[],Quantities!$Q$2)\n+VLOOKUP(A103,Quantities[],Quantities!$T$2)*VLOOKUP(A103,Quantities[],Quantities!$S$2))/\n(VLOOKUP(A103,Quantities[],Quantities!$O$2)+VLOOKUP(A103,Quantities[],Quantities!$Q$2)+VLOOKUP(A103,Quantities[],Quantities!$S$2)),\n\nIF($B103=\"Q\", (SUM(VLOOKUP($A103,Quantities[],Quantities!$P$2)*VLOOKUP($A103,Quantities[],Quantities!$O$2),VLOOKUP($A103,Quantities[],Quantities!$R$2)*VLOOKUP($A103,Quantities[],Quantities!$Q$2),VLOOKUP($A103,Quantities[],Quantities!$T$2)*VLOOKUP($A103,Quantities[],Quantities!$S$2)))/SUM(VLOOKUP($A103,Quantities[],Quantities!$O$2),VLOOKUP($A103,Quantities[],Quantities!$Q$2),VLOOKUP($A103,Quantities[],Quantities!$S$2)),\n\n VLOOKUP(A103,Quantities[],Quantities!$H$2)\n))))))","v":"-"},{"$f":"IF(LEFT(D103,1)=\"U\",\"-\",VLOOKUP(D103,Equipment[],Equipment!$B$2))","v":"Hitachi EX3600-5"}]
[{"$f":"Quantities!$A$20","v":1500},"C","b","Sh1","1500-C-b-Sh1",{"$f":"IF(D104=\"Comb1\",CONCATENATE(VLOOKUP(B104,'Activity-Material_Codes'!$A$2:$B$26,Quantities!$B$2),\"-\",VLOOKUP(A104,Quantities[],Quantities!$D$2)),\nCONCATENATE(\nVLOOKUP(B104,'Activity-Material_Codes'!$A$2:$B$26,Quantities!$B$2),\nIF(AND(B104=\"B\",C104=\"a\"), \" Scraper Grading\", \"\"),\nIF(C104=\"b\",\"\",\"-\"),\nIF(C104=\"b\",\"\",VLOOKUP(A104,Quantities[],Quantities!$D$2)),\nIF(LEFT(TEXT(A104,\"0\"),1)=\"5\",\"\",\"-\"),\nIF(LEFT(TEXT(A104,\"0\"),1)=\"5\",\"\",VLOOKUP(C104,'Activity-Material_Codes'!$A$30:$B$36,Quantities!$B$2))\n))","v":"Load-Cover"},{"$f":"CONCATENATE(\nIF(OR(RIGHT(TEXT($A104,\"0\"),Quantities!$B$2)=\"00\",LEFT(TEXT($A104,\"0\"),1)=\"5\",OR($C104=\"b\",$C104=\"f\")),\"\",VLOOKUP($A104,Quantities[],Quantities!$B$2)),\nIF(LEFT(TEXT($A104,\"0\"),1)=\"5\",\"\",\" \"),\nIF(OR(C104=\"a\",C104=\"c\",C104=\"d\",C104=\"e\"),IF(OR(RIGHT(TEXT($A104,\"0\"),Quantities!$B$2)=\"00\",LEFT(TEXT($A104,\"0\"),1)=\"5\"),VLOOKUP($A104,Quantities[],Quantities!$B$2),\"\"),\nIF(LEFT(TEXT($A104,\"0\"),1)=\"5\",VLOOKUP($A104,Quantities[],Quantities!$B$2),\nVLOOKUP(INDEX(Quantities!$A$100:$A$118,MATCH($A104,Quantities!$C$100:$C$118)),Quantities!$A$100:$B$118,Quantities!$B$2))))","v":" Gila Borrow Area"},{"$f":"IF(LEFT(TEXT(A104,\"0\"),1)=\"5\",\nVLOOKUP(VLOOKUP(A104,Quantities!$A$4:$D$118,Quantities!$C$2),Quantities!$A$4:$D$118,Quantities!$C$2),\nIF(OR(C104=\"a\",C104=\"c\",C104=\"d\",C104=\"e\"),\n\"-\",\nIF(RIGHT(TEXT(A104,\"0\"),2)=\"00\",VLOOKUP(A104,Quantities[],Quantities!$B$2),\nIF(C104=\"f\",VLOOKUP(A104,Quantities[],Quantities!$B$2),\nVLOOKUP(A104,Quantities[],Quantities!$C$2))\n)))","v":"5A Waste"},{"$f":"IF(OR(AND(LEFT(D104,2)=\"Sc\",B104=\"A\",C104=\"d\"),AND(C104=\"f\",B104=\"D\")),\nSUM(VLOOKUP($A104,Quantities[],Quantities!$O$2),VLOOKUP($A104,Quantities[],Quantities!$Q$2),VLOOKUP($A104,Quantities[],Quantities!$S$2)),\n\nIF(AND(LEFT(D104,2)=\"Sc\",OR(C104=\"a\",C104=\"f\")),\nVLOOKUP(A104,Quantities[],Quantities!$I$2),\n\nIF(AND(B104=\"D\",C104=\"b\"),\n VLOOKUP(INDEX(Quantities!$A$100:$A$118,MATCH($A104,Quantities!$C$100:$C$118)),Quantities!$A$100:$AJ$118,Quantities!$O$2)+\nVLOOKUP(INDEX(Quantities!$A$100:$A$118,MATCH($A104,Quantities!$C$100:$C$118)),Quantities!$A$100:$AJ$118,Quantities!$Q$2)+\nVLOOKUP(INDEX(Quantities!$A$100:$A$118,MATCH($A104,Quantities!$C$100:$C$118)),Quantities!$A$100:$AJ$118,Quantities!$S$2),\n\nIF(OR(B104=\"D\",B104=\"Q\"),\nSUM(VLOOKUP($A104,Quantities[],Quantities!$O$2),VLOOKUP($A104,Quantities[],Quantities!$Q$2),VLOOKUP($A104,Quantities[],Quantities!$S$2)),\n\n VLOOKUP(A104,Quantities[],Quantities!$G$2)\n))))","v":0},{"$f":"IF(LEFT(D104,2)=\"Mg\", VLOOKUP(A104,Quantities[],Quantities!$H$2),\n\nIF(OR(AND(LEFT(D104,2)=\"Sc\",B104=\"A\",C104=\"d\",C104=\"f\")),\n(SUM(VLOOKUP($A104,Quantities[],Quantities!$P$2)*VLOOKUP($A104,Quantities[],Quantities!$O$2),VLOOKUP($A104,Quantities[],Quantities!$R$2)*VLOOKUP($A104,Quantities[],Quantities!$Q$2),VLOOKUP($A104,Quantities[],Quantities!$T$2)*VLOOKUP($A104,Quantities[],Quantities!$S$2)))/SUM(VLOOKUP($A104,Quantities[],Quantities!$O$2),VLOOKUP($A104,Quantities[],Quantities!$Q$2),VLOOKUP($A104,Quantities[],Quantities!$S$2)),\n\nIF(AND(LEFT(D104,2)=\"Sc\",OR(C104=\"a\",C104=\"f\")),\nVLOOKUP(A104,Quantities[],Quantities!$J$2),\n\nIF(AND(B104=\"D\",C104=\"b\", (VLOOKUP(INDEX(Quantities!$A$100:$A$118,MATCH($A104,Quantities!$C$100:$C$118)),Quantities[],Quantities!$O$2)+VLOOKUP(INDEX(Quantities!$A$100:$A$118,MATCH($A104,Quantities!$C$100:$C$118)),Quantities[],Quantities!$Q$2)+VLOOKUP(INDEX(Quantities!$A$100:$A$118,MATCH($A104,Quantities!$C$100:$C$118)),Quantities[],Quantities!$S$2))>0),\n(VLOOKUP(INDEX(Quantities!$A$100:$A$118,MATCH($A104,Quantities!$C$100:$C$118)),Quantities[],Quantities!$P$2)*VLOOKUP(INDEX(Quantities!$A$100:$A$118,MATCH($A104,Quantities!$C$100:$C$118)),Quantities[],Quantities!$O$2)\n+VLOOKUP(INDEX(Quantities!$A$100:$A$118,MATCH($A104,Quantities!$C$100:$C$118)),Quantities[],Quantities!$R$2)*VLOOKUP(INDEX(Quantities!$A$100:$A$118,MATCH($A104,Quantities!$C$100:$C$118)),Quantities[],Quantities!$Q$2)\n+VLOOKUP(INDEX(Quantities!$A$100:$A$118,MATCH($A104,Quantities!$C$100:$C$118)),Quantities[],Quantities!$T$2)*VLOOKUP(INDEX(Quantities!$A$100:$A$118,MATCH($A104,Quantities!$C$100:$C$118)),Quantities[],Quantities!$S$2))/\n(VLOOKUP(INDEX(Quantities!$A$100:$A$118,MATCH($A104,Quantities!$C$100:$C$118)),Quantities[],Quantities!$O$2)+VLOOKUP(INDEX(Quantities!$A$100:$A$118,MATCH($A104,Quantities!$C$100:$C$118)),Quantities[],Quantities!$Q$2)+VLOOKUP(A104,Quantities[],Quantities!$S$2)),\n\nIF(AND(B104=\"D\", (VLOOKUP(A104,Quantities[],Quantities!$O$2)+VLOOKUP(A104,Quantities[],Quantities!$Q$2)+VLOOKUP(A104,Quantities[],Quantities!$S$2))>0),\n(VLOOKUP(A104,Quantities[],Quantities!$P$2)*VLOOKUP(A104,Quantities[],Quantities!$O$2)\n+VLOOKUP(A104,Quantities[],Quantities!$R$2)*VLOOKUP(A104,Quantities[],Quantities!$Q$2)\n+VLOOKUP(A104,Quantities[],Quantities!$T$2)*VLOOKUP(A104,Quantities[],Quantities!$S$2))/\n(VLOOKUP(A104,Quantities[],Quantities!$O$2)+VLOOKUP(A104,Quantities[],Quantities!$Q$2)+VLOOKUP(A104,Quantities[],Quantities!$S$2)),\n\nIF($B104=\"Q\", (SUM(VLOOKUP($A104,Quantities[],Quantities!$P$2)*VLOOKUP($A104,Quantities[],Quantities!$O$2),VLOOKUP($A104,Quantities[],Quantities!$R$2)*VLOOKUP($A104,Quantities[],Quantities!$Q$2),VLOOKUP($A104,Quantities[],Quantities!$T$2)*VLOOKUP($A104,Quantities[],Quantities!$S$2)))/SUM(VLOOKUP($A104,Quantities[],Quantities!$O$2),VLOOKUP($A104,Quantities[],Quantities!$Q$2),VLOOKUP($A104,Quantities[],Quantities!$S$2)),\n\n VLOOKUP(A104,Quantities[],Quantities!$H$2)\n))))))","v":"-"},{"$f":"IF(LEFT(D104,1)=\"U\",\"-\",VLOOKUP(D104,Equipment[],Equipment!$B$2))","v":"Hitachi EX3600-5"}]
[{"$f":"Quantities!$A$39","v":2200},"C","b","Sh1","2200-C-b-Sh1",{"$f":"IF(D105=\"Comb1\",CONCATENATE(VLOOKUP(B105,'Activity-Material_Codes'!$A$2:$B$26,Quantities!$B$2),\"-\",VLOOKUP(A105,Quantities[],Quantities!$D$2)),\nCONCATENATE(\nVLOOKUP(B105,'Activity-Material_Codes'!$A$2:$B$26,Quantities!$B$2),\nIF(AND(B105=\"B\",C105=\"a\"), \" Scraper Grading\", \"\"),\nIF(C105=\"b\",\"\",\"-\"),\nIF(C105=\"b\",\"\",VLOOKUP(A105,Quantities[],Quantities!$D$2)),\nIF(LEFT(TEXT(A105,\"0\"),1)=\"5\",\"\",\"-\"),\nIF(LEFT(TEXT(A105,\"0\"),1)=\"5\",\"\",VLOOKUP(C105,'Activity-Material_Codes'!$A$30:$B$36,Quantities!$B$2))\n))","v":"Load-Cover"},{"$f":"CONCATENATE(\nIF(OR(RIGHT(TEXT($A105,\"0\"),Quantities!$B$2)=\"00\",LEFT(TEXT($A105,\"0\"),1)=\"5\",OR($C105=\"b\",$C105=\"f\")),\"\",VLOOKUP($A105,Quantities[],Quantities!$B$2)),\nIF(LEFT(TEXT($A105,\"0\"),1)=\"5\",\"\",\" \"),\nIF(OR(C105=\"a\",C105=\"c\",C105=\"d\",C105=\"e\"),IF(OR(RIGHT(TEXT($A105,\"0\"),Quantities!$B$2)=\"00\",LEFT(TEXT($A105,\"0\"),1)=\"5\"),VLOOKUP($A105,Quantities[],Quantities!$B$2),\"\"),\nIF(LEFT(TEXT($A105,\"0\"),1)=\"5\",VLOOKUP($A105,Quantities[],Quantities!$B$2),\nVLOOKUP(INDEX(Quantities!$A$100:$A$118,MATCH($A105,Quantities!$C$100:$C$118)),Quantities!$A$100:$B$118,Quantities!$B$2))))","v":" Leach Stockpile"},{"$f":"IF(LEFT(TEXT(A105,\"0\"),1)=\"5\",\nVLOOKUP(VLOOKUP(A105,Quantities!$A$4:$D$118,Quantities!$C$2),Quantities!$A$4:$D$118,Quantities!$C$2),\nIF(OR(C105=\"a\",C105=\"c\",C105=\"d\",C105=\"e\"),\n\"-\",\nIF(RIGHT(TEXT(A105,\"0\"),2)=\"00\",VLOOKUP(A105,Quantities[],Quantities!$B$2),\nIF(C105=\"f\",VLOOKUP(A105,Quantities[],Quantities!$B$2),\nVLOOKUP(A105,Quantities[],Quantities!$C$2))\n)))","v":"San Salvador Pit, San Salvador Waste Backfill"},{"$f":"IF(OR(AND(LEFT(D105,2)=\"Sc\",B105=\"A\",C105=\"d\"),AND(C105=\"f\",B105=\"D\")),\nSUM(VLOOKUP($A105,Quantities[],Quantities!$O$2),VLOOKUP($A105,Quantities[],Quantities!$Q$2),VLOOKUP($A105,Quantities[],Quantities!$S$2)),\n\nIF(AND(LEFT(D105,2)=\"Sc\",OR(C105=\"a\",C105=\"f\")),\nVLOOKUP(A105,Quantities[],Quantities!$I$2),\n\nIF(AND(B105=\"D\",C105=\"b\"),\n VLOOKUP(INDEX(Quantities!$A$100:$A$118,MATCH($A105,Quantities!$C$100:$C$118)),Quantities!$A$100:$AJ$118,Quantities!$O$2)+\nVLOOKUP(INDEX(Quantities!$A$100:$A$118,MATCH($A105,Quantities!$C$100:$C$118)),Quantities!$A$100:$AJ$118,Quantities!$Q$2)+\nVLOOKUP(INDEX(Quantities!$A$100:$A$118,MATCH($A105,Quantities!$C$100:$C$118)),Quantities!$A$100:$AJ$118,Quantities!$S$2),\n\nIF(OR(B105=\"D\",B105=\"Q\"),\nSUM(VLOOKUP($A105,Quantities[],Quantities!$O$2),VLOOKUP($A105,Quantities[],Quantities!$Q$2),VLOOKUP($A105,Quantities[],Quantities!$S$2)),\n\n VLOOKUP(A105,Quantities[],Quantities!$G$2)\n))))","v":185},{"$f":"IF(LEFT(D105,2)=\"Mg\", VLOOKUP(A105,Quantities[],Quantities!$H$2),\n\nIF(OR(AND(LEFT(D105,2)=\"Sc\",B105=\"A\",C105=\"d\",C105=\"f\")),\n(SUM(VLOOKUP($A105,Quantities[],Quantities!$P$2)*VLOOKUP($A105,Quantities[],Quantities!$O$2),VLOOKUP($A105,Quantities[],Quantities!$R$2)*VLOOKUP($A105,Quantities[],Quantities!$Q$2),VLOOKUP($A105,Quantities[],Quantities!$T$2)*VLOOKUP($A105,Quantities[],Quantities!$S$2)))/SUM(VLOOKUP($A105,Quantities[],Quantities!$O$2),VLOOKUP($A105,Quantities[],Quantities!$Q$2),VLOOKUP($A105,Quantities[],Quantities!$S$2)),\n\nIF(AND(LEFT(D105,2)=\"Sc\",OR(C105=\"a\",C105=\"f\")),\nVLOOKUP(A105,Quantities[],Quantities!$J$2),\n\nIF(AND(B105=\"D\",C105=\"b\", (VLOOKUP(INDEX(Quantities!$A$100:$A$118,MATCH($A105,Quantities!$C$100:$C$118)),Quantities[],Quantities!$O$2)+VLOOKUP(INDEX(Quantities!$A$100:$A$118,MATCH($A105,Quantities!$C$100:$C$118)),Quantities[],Quantities!$Q$2)+VLOOKUP(INDEX(Quantities!$A$100:$A$118,MATCH($A105,Quantities!$C$100:$C$118)),Quantities[],Quantities!$S$2))>0),\n(VLOOKUP(INDEX(Quantities!$A$100:$A$118,MATCH($A105,Quantities!$C$100:$C$118)),Quantities[],Quantities!$P$2)*VLOOKUP(INDEX(Quantities!$A$100:$A$118,MATCH($A105,Quantities!$C$100:$C$118)),Quantities[],Quantities!$O$2)\n+VLOOKUP(INDEX(Quantities!$A$100:$A$118,MATCH($A105,Quantities!$C$100:$C$118)),Quantities[],Quantities!$R$2)*VLOOKUP(INDEX(Quantities!$A$100:$A$118,MATCH($A105,Quantities!$C$100:$C$118)),Quantities[],Quantities!$Q$2)\n+VLOOKUP(INDEX(Quantities!$A$100:$A$118,MATCH($A105,Quantities!$C$100:$C$118)),Quantities[],Quantities!$T$2)*VLOOKUP(INDEX(Quantities!$A$100:$A$118,MATCH($A105,Quantities!$C$100:$C$118)),Quantities[],Quantities!$S$2))/\n(VLOOKUP(INDEX(Quantities!$A$100:$A$118,MATCH($A105,Quantities!$C$100:$C$118)),Quantities[],Quantities!$O$2)+VLOOKUP(INDEX(Quantities!$A$100:$A$118,MATCH($A105,Quantities!$C$100:$C$118)),Quantities[],Quantities!$Q$2)+VLOOKUP(A105,Quantities[],Quantities!$S$2)),\n\nIF(AND(B105=\"D\", (VLOOKUP(A105,Quantities[],Quantities!$O$2)+VLOOKUP(A105,Quantities[],Quantities!$Q$2)+VLOOKUP(A105,Quantities[],Quantities!$S$2))>0),\n(VLOOKUP(A105,Quantities[],Quantities!$P$2)*VLOOKUP(A105,Quantities[],Quantities!$O$2)\n+VLOOKUP(A105,Quantities[],Quantities!$R$2)*VLOOKUP(A105,Quantities[],Quantities!$Q$2)\n+VLOOKUP(A105,Quantities[],Quantities!$T$2)*VLOOKUP(A105,Quantities[],Quantities!$S$2))/\n(VLOOKUP(A105,Quantities[],Quantities!$O$2)+VLOOKUP(A105,Quantities[],Quantities!$Q$2)+VLOOKUP(A105,Quantities[],Quantities!$S$2)),\n\nIF($B105=\"Q\", (SUM(VLOOKUP($A105,Quantities[],Quantities!$P$2)*VLOOKUP($A105,Quantities[],Quantities!$O$2),VLOOKUP($A105,Quantities[],Quantities!$R$2)*VLOOKUP($A105,Quantities[],Quantities!$Q$2),VLOOKUP($A105,Quantities[],Quantities!$T$2)*VLOOKUP($A105,Quantities[],Quantities!$S$2)))/SUM(VLOOKUP($A105,Quantities[],Quantities!$O$2),VLOOKUP($A105,Quantities[],Quantities!$Q$2),VLOOKUP($A105,Quantities[],Quantities!$S$2)),\n\n VLOOKUP(A105,Quantities[],Quantities!$H$2)\n))))))","v":-0.05},{"$f":"IF(LEFT(D105,1)=\"U\",\"-\",VLOOKUP(D105,Equipment[],Equipment!$B$2))","v":"Hitachi EX3600-5"}]
[{"$f":"Quantities!$A$41","v":2300},"C","b","Sh1","2300-C-b-Sh1",{"$f":"IF(D106=\"Comb1\",CONCATENATE(VLOOKUP(B106,'Activity-Material_Codes'!$A$2:$B$26,Quantities!$B$2),\"-\",VLOOKUP(A106,Quantities[],Quantities!$D$2)),\nCONCATENATE(\nVLOOKUP(B106,'Activity-Material_Codes'!$A$2:$B$26,Quantities!$B$2),\nIF(AND(B106=\"B\",C106=\"a\"), \" Scraper Grading\", \"\"),\nIF(C106=\"b\",\"\",\"-\"),\nIF(C106=\"b\",\"\",VLOOKUP(A106,Quantities[],Quantities!$D$2)),\nIF(LEFT(TEXT(A106,\"0\"),1)=\"5\",\"\",\"-\"),\nIF(LEFT(TEXT(A106,\"0\"),1)=\"5\",\"\",VLOOKUP(C106,'Activity-Material_Codes'!$A$30:$B$36,Quantities!$B$2))\n))","v":"Load-Cover"},{"$f":"CONCATENATE(\nIF(OR(RIGHT(TEXT($A106,\"0\"),Quantities!$B$2)=\"00\",LEFT(TEXT($A106,\"0\"),1)=\"5\",OR($C106=\"b\",$C106=\"f\")),\"\",VLOOKUP($A106,Quantities[],Quantities!$B$2)),\nIF(LEFT(TEXT($A106,\"0\"),1)=\"5\",\"\",\" \"),\nIF(OR(C106=\"a\",C106=\"c\",C106=\"d\",C106=\"e\"),IF(OR(RIGHT(TEXT($A106,\"0\"),Quantities!$B$2)=\"00\",LEFT(TEXT($A106,\"0\"),1)=\"5\"),VLOOKUP($A106,Quantities[],Quantities!$B$2),\"\"),\nIF(LEFT(TEXT($A106,\"0\"),1)=\"5\",VLOOKUP($A106,Quantities[],Quantities!$B$2),\nVLOOKUP(INDEX(Quantities!$A$100:$A$118,MATCH($A106,Quantities!$C$100:$C$118)),Quantities!$A$100:$B$118,Quantities!$B$2))))","v":" Gila Borrow Area"},{"$f":"IF(LEFT(TEXT(A106,\"0\"),1)=\"5\",\nVLOOKUP(VLOOKUP(A106,Quantities!$A$4:$D$118,Quantities!$C$2),Quantities!$A$4:$D$118,Quantities!$C$2),\nIF(OR(C106=\"a\",C106=\"c\",C106=\"d\",C106=\"e\"),\n\"-\",\nIF(RIGHT(TEXT(A106,\"0\"),2)=\"00\",VLOOKUP(A106,Quantities[],Quantities!$B$2),\nIF(C106=\"f\",VLOOKUP(A106,Quantities[],Quantities!$B$2),\nVLOOKUP(A106,Quantities[],Quantities!$C$2))\n)))","v":"6A Leach"},{"$f":"IF(OR(AND(LEFT(D106,2)=\"Sc\",B106=\"A\",C106=\"d\"),AND(C106=\"f\",B106=\"D\")),\nSUM(VLOOKUP($A106,Quantities[],Quantities!$O$2),VLOOKUP($A106,Quantities[],Quantities!$Q$2),VLOOKUP($A106,Quantities[],Quantities!$S$2)),\n\nIF(AND(LEFT(D106,2)=\"Sc\",OR(C106=\"a\",C106=\"f\")),\nVLOOKUP(A106,Quantities[],Quantities!$I$2),\n\nIF(AND(B106=\"D\",C106=\"b\"),\n VLOOKUP(INDEX(Quantities!$A$100:$A$118,MATCH($A106,Quantities!$C$100:$C$118)),Quantities!$A$100:$AJ$118,Quantities!$O$2)+\nVLOOKUP(INDEX(Quantities!$A$100:$A$118,MATCH($A106,Quantities!$C$100:$C$118)),Quantities!$A$100:$AJ$118,Quantities!$Q$2)+\nVLOOKUP(INDEX(Quantities!$A$100:$A$118,MATCH($A106,Quantities!$C$100:$C$118)),Quantities!$A$100:$AJ$118,Quantities!$S$2),\n\nIF(OR(B106=\"D\",B106=\"Q\"),\nSUM(VLOOKUP($A106,Quantities[],Quantities!$O$2),VLOOKUP($A106,Quantities[],Quantities!$Q$2),VLOOKUP($A106,Quantities[],Quantities!$S$2)),\n\n VLOOKUP(A106,Quantities[],Quantities!$G$2)\n))))","v":0},{"$f":"IF(LEFT(D106,2)=\"Mg\", VLOOKUP(A106,Quantities[],Quantities!$H$2),\n\nIF(OR(AND(LEFT(D106,2)=\"Sc\",B106=\"A\",C106=\"d\",C106=\"f\")),\n(SUM(VLOOKUP($A106,Quantities[],Quantities!$P$2)*VLOOKUP($A106,Quantities[],Quantities!$O$2),VLOOKUP($A106,Quantities[],Quantities!$R$2)*VLOOKUP($A106,Quantities[],Quantities!$Q$2),VLOOKUP($A106,Quantities[],Quantities!$T$2)*VLOOKUP($A106,Quantities[],Quantities!$S$2)))/SUM(VLOOKUP($A106,Quantities[],Quantities!$O$2),VLOOKUP($A106,Quantities[],Quantities!$Q$2),VLOOKUP($A106,Quantities[],Quantities!$S$2)),\n\nIF(AND(LEFT(D106,2)=\"Sc\",OR(C106=\"a\",C106=\"f\")),\nVLOOKUP(A106,Quantities[],Quantities!$J$2),\n\nIF(AND(B106=\"D\",C106=\"b\", (VLOOKUP(INDEX(Quantities!$A$100:$A$118,MATCH($A106,Quantities!$C$100:$C$118)),Quantities[],Quantities!$O$2)+VLOOKUP(INDEX(Quantities!$A$100:$A$118,MATCH($A106,Quantities!$C$100:$C$118)),Quantities[],Quantities!$Q$2)+VLOOKUP(INDEX(Quantities!$A$100:$A$118,MATCH($A106,Quantities!$C$100:$C$118)),Quantities[],Quantities!$S$2))>0),\n(VLOOKUP(INDEX(Quantities!$A$100:$A$118,MATCH($A106,Quantities!$C$100:$C$118)),Quantities[],Quantities!$P$2)*VLOOKUP(INDEX(Quantities!$A$100:$A$118,MATCH($A106,Quantities!$C$100:$C$118)),Quantities[],Quantities!$O$2)\n+VLOOKUP(INDEX(Quantities!$A$100:$A$118,MATCH($A106,Quantities!$C$100:$C$118)),Quantities[],Quantities!$R$2)*VLOOKUP(INDEX(Quantities!$A$100:$A$118,MATCH($A106,Quantities!$C$100:$C$118)),Quantities[],Quantities!$Q$2)\n+VLOOKUP(INDEX(Quantities!$A$100:$A$118,MATCH($A106,Quantities!$C$100:$C$118)),Quantities[],Quantities!$T$2)*VLOOKUP(INDEX(Quantities!$A$100:$A$118,MATCH($A106,Quantities!$C$100:$C$118)),Quantities[],Quantities!$S$2))/\n(VLOOKUP(INDEX(Quantities!$A$100:$A$118,MATCH($A106,Quantities!$C$100:$C$118)),Quantities[],Quantities!$O$2)+VLOOKUP(INDEX(Quantities!$A$100:$A$118,MATCH($A106,Quantities!$C$100:$C$118)),Quantities[],Quantities!$Q$2)+VLOOKUP(A106,Quantities[],Quantities!$S$2)),\n\nIF(AND(B106=\"D\", (VLOOKUP(A106,Quantities[],Quantities!$O$2)+VLOOKUP(A106,Quantities[],Quantities!$Q$2)+VLOOKUP(A106,Quantities[],Quantities!$S$2))>0),\n(VLOOKUP(A106,Quantities[],Quantities!$P$2)*VLOOKUP(A106,Quantities[],Quantities!$O$2)\n+VLOOKUP(A106,Quantities[],Quantities!$R$2)*VLOOKUP(A106,Quantities[],Quantities!$Q$2)\n+VLOOKUP(A106,Quantities[],Quantities!$T$2)*VLOOKUP(A106,Quantities[],Quantities!$S$2))/\n(VLOOKUP(A106,Quantities[],Quantities!$O$2)+VLOOKUP(A106,Quantities[],Quantities!$Q$2)+VLOOKUP(A106,Quantities[],Quantities!$S$2)),\n\nIF($B106=\"Q\", (SUM(VLOOKUP($A106,Quantities[],Quantities!$P$2)*VLOOKUP($A106,Quantities[],Quantities!$O$2),VLOOKUP($A106,Quantities[],Quantities!$R$2)*VLOOKUP($A106,Quantities[],Quantities!$Q$2),VLOOKUP($A106,Quantities[],Quantities!$T$2)*VLOOKUP($A106,Quantities[],Quantities!$S$2)))/SUM(VLOOKUP($A106,Quantities[],Quantities!$O$2),VLOOKUP($A106,Quantities[],Quantities!$Q$2),VLOOKUP($A106,Quantities[],Quantities!$S$2)),\n\n VLOOKUP(A106,Quantities[],Quantities!$H$2)\n))))))","v":"-"},{"$f":"IF(LEFT(D106,1)=\"U\",\"-\",VLOOKUP(D106,Equipment[],Equipment!$B$2))","v":"Hitachi EX3600-5"}]
[{"$f":"Quantities!$A$17","v":1400},"C","b","Sh1","1400-C-b-Sh1",{"$f":"IF(D107=\"Comb1\",CONCATENATE(VLOOKUP(B107,'Activity-Material_Codes'!$A$2:$B$26,Quantities!$B$2),\"-\",VLOOKUP(A107,Quantities[],Quantities!$D$2)),\nCONCATENATE(\nVLOOKUP(B107,'Activity-Material_Codes'!$A$2:$B$26,Quantities!$B$2),\nIF(AND(B107=\"B\",C107=\"a\"), \" Scraper Grading\", \"\"),\nIF(C107=\"b\",\"\",\"-\"),\nIF(C107=\"b\",\"\",VLOOKUP(A107,Quantities[],Quantities!$D$2)),\nIF(LEFT(TEXT(A107,\"0\"),1)=\"5\",\"\",\"-\"),\nIF(LEFT(TEXT(A107,\"0\"),1)=\"5\",\"\",VLOOKUP(C107,'Activity-Material_Codes'!$A$30:$B$36,Quantities!$B$2))\n))","v":"Load-Cover"},{"$f":"CONCATENATE(\nIF(OR(RIGHT(TEXT($A107,\"0\"),Quantities!$B$2)=\"00\",LEFT(TEXT($A107,\"0\"),1)=\"5\",OR($C107=\"b\",$C107=\"f\")),\"\",VLOOKUP($A107,Quantities[],Quantities!$B$2)),\nIF(LEFT(TEXT($A107,\"0\"),1)=\"5\",\"\",\" \"),\nIF(OR(C107=\"a\",C107=\"c\",C107=\"d\",C107=\"e\"),IF(OR(RIGHT(TEXT($A107,\"0\"),Quantities!$B$2)=\"00\",LEFT(TEXT($A107,\"0\"),1)=\"5\"),VLOOKUP($A107,Quantities[],Quantities!$B$2),\"\"),\nIF(LEFT(TEXT($A107,\"0\"),1)=\"5\",VLOOKUP($A107,Quantities[],Quantities!$B$2),\nVLOOKUP(INDEX(Quantities!$A$100:$A$118,MATCH($A107,Quantities!$C$100:$C$118)),Quantities!$A$100:$B$118,Quantities!$B$2))))","v":" Gila Borrow Area"},{"$f":"IF(LEFT(TEXT(A107,\"0\"),1)=\"5\",\nVLOOKUP(VLOOKUP(A107,Quantities!$A$4:$D$118,Quantities!$C$2),Quantities!$A$4:$D$118,Quantities!$C$2),\nIF(OR(C107=\"a\",C107=\"c\",C107=\"d\",C107=\"e\"),\n\"-\",\nIF(RIGHT(TEXT(A107,\"0\"),2)=\"00\",VLOOKUP(A107,Quantities[],Quantities!$B$2),\nIF(C107=\"f\",VLOOKUP(A107,Quantities[],Quantities!$B$2),\nVLOOKUP(A107,Quantities[],Quantities!$C$2))\n)))","v":"2 Leach (Area 1)"},{"$f":"IF(OR(AND(LEFT(D107,2)=\"Sc\",B107=\"A\",C107=\"d\"),AND(C107=\"f\",B107=\"D\")),\nSUM(VLOOKUP($A107,Quantities[],Quantities!$O$2),VLOOKUP($A107,Quantities[],Quantities!$Q$2),VLOOKUP($A107,Quantities[],Quantities!$S$2)),\n\nIF(AND(LEFT(D107,2)=\"Sc\",OR(C107=\"a\",C107=\"f\")),\nVLOOKUP(A107,Quantities[],Quantities!$I$2),\n\nIF(AND(B107=\"D\",C107=\"b\"),\n VLOOKUP(INDEX(Quantities!$A$100:$A$118,MATCH($A107,Quantities!$C$100:$C$118)),Quantities!$A$100:$AJ$118,Quantities!$O$2)+\nVLOOKUP(INDEX(Quantities!$A$100:$A$118,MATCH($A107,Quantities!$C$100:$C$118)),Quantities!$A$100:$AJ$118,Quantities!$Q$2)+\nVLOOKUP(INDEX(Quantities!$A$100:$A$118,MATCH($A107,Quantities!$C$100:$C$118)),Quantities!$A$100:$AJ$118,Quantities!$S$2),\n\nIF(OR(B107=\"D\",B107=\"Q\"),\nSUM(VLOOKUP($A107,Quantities[],Quantities!$O$2),VLOOKUP($A107,Quantities[],Quantities!$Q$2),VLOOKUP($A107,Quantities[],Quantities!$S$2)),\n\n VLOOKUP(A107,Quantities[],Quantities!$G$2)\n))))","v":0},{"$f":"IF(LEFT(D107,2)=\"Mg\", VLOOKUP(A107,Quantities[],Quantities!$H$2),\n\nIF(OR(AND(LEFT(D107,2)=\"Sc\",B107=\"A\",C107=\"d\",C107=\"f\")),\n(SUM(VLOOKUP($A107,Quantities[],Quantities!$P$2)*VLOOKUP($A107,Quantities[],Quantities!$O$2),VLOOKUP($A107,Quantities[],Quantities!$R$2)*VLOOKUP($A107,Quantities[],Quantities!$Q$2),VLOOKUP($A107,Quantities[],Quantities!$T$2)*VLOOKUP($A107,Quantities[],Quantities!$S$2)))/SUM(VLOOKUP($A107,Quantities[],Quantities!$O$2),VLOOKUP($A107,Quantities[],Quantities!$Q$2),VLOOKUP($A107,Quantities[],Quantities!$S$2)),\n\nIF(AND(LEFT(D107,2)=\"Sc\",OR(C107=\"a\",C107=\"f\")),\nVLOOKUP(A107,Quantities[],Quantities!$J$2),\n\nIF(AND(B107=\"D\",C107=\"b\", (VLOOKUP(INDEX(Quantities!$A$100:$A$118,MATCH($A107,Quantities!$C$100:$C$118)),Quantities[],Quantities!$O$2)+VLOOKUP(INDEX(Quantities!$A$100:$A$118,MATCH($A107,Quantities!$C$100:$C$118)),Quantities[],Quantities!$Q$2)+VLOOKUP(INDEX(Quantities!$A$100:$A$118,MATCH($A107,Quantities!$C$100:$C$118)),Quantities[],Quantities!$S$2))>0),\n(VLOOKUP(INDEX(Quantities!$A$100:$A$118,MATCH($A107,Quantities!$C$100:$C$118)),Quantities[],Quantities!$P$2)*VLOOKUP(INDEX(Quantities!$A$100:$A$118,MATCH($A107,Quantities!$C$100:$C$118)),Quantities[],Quantities!$O$2)\n+VLOOKUP(INDEX(Quantities!$A$100:$A$118,MATCH($A107,Quantities!$C$100:$C$118)),Quantities[],Quantities!$R$2)*VLOOKUP(INDEX(Quantities!$A$100:$A$118,MATCH($A107,Quantities!$C$100:$C$118)),Quantities[],Quantities!$Q$2)\n+VLOOKUP(INDEX(Quantities!$A$100:$A$118,MATCH($A107,Quantities!$C$100:$C$118)),Quantities[],Quantities!$T$2)*VLOOKUP(INDEX(Quantities!$A$100:$A$118,MATCH($A107,Quantities!$C$100:$C$118)),Quantities[],Quantities!$S$2))/\n(VLOOKUP(INDEX(Quantities!$A$100:$A$118,MATCH($A107,Quantities!$C$100:$C$118)),Quantities[],Quantities!$O$2)+VLOOKUP(INDEX(Quantities!$A$100:$A$118,MATCH($A107,Quantities!$C$100:$C$118)),Quantities[],Quantities!$Q$2)+VLOOKUP(A107,Quantities[],Quantities!$S$2)),\n\nIF(AND(B107=\"D\", (VLOOKUP(A107,Quantities[],Quantities!$O$2)+VLOOKUP(A107,Quantities[],Quantities!$Q$2)+VLOOKUP(A107,Quantities[],Quantities!$S$2))>0),\n(VLOOKUP(A107,Quantities[],Quantities!$P$2)*VLOOKUP(A107,Quantities[],Quantities!$O$2)\n+VLOOKUP(A107,Quantities[],Quantities!$R$2)*VLOOKUP(A107,Quantities[],Quantities!$Q$2)\n+VLOOKUP(A107,Quantities[],Quantities!$T$2)*VLOOKUP(A107,Quantities[],Quantities!$S$2))/\n(VLOOKUP(A107,Quantities[],Quantities!$O$2)+VLOOKUP(A107,Quantities[],Quantities!$Q$2)+VLOOKUP(A107,Quantities[],Quantities!$S$2)),\n\nIF($B107=\"Q\", (SUM(VLOOKUP($A107,Quantities[],Quantities!$P$2)*VLOOKUP($A107,Quantities[],Quantities!$O$2),VLOOKUP($A107,Quantities[],Quantities!$R$2)*VLOOKUP($A107,Quantities[],Quantities!$Q$2),VLOOKUP($A107,Quantities[],Quantities!$T$2)*VLOOKUP($A107,Quantities[],Quantities!$S$2)))/SUM(VLOOKUP($A107,Quantities[],Quantities!$O$2),VLOOKUP($A107,Quantities[],Quantities!$Q$2),VLOOKUP($A107,Quantities[],Quantities!$S$2)),\n\n VLOOKUP(A107,Quantities[],Quantities!$H$2)\n))))))","v":"-"},{"$f":"IF(LEFT(D107,1)=\"U\",\"-\",VLOOKUP(D107,Equipment[],Equipment!$B$2))","v":"Hitachi EX3600-5"}]
[{"$f":"Quantities!$A$29","v":1800},"C","b","Sh1","1800-C-b-Sh1",{"$f":"IF(D108=\"Comb1\",CONCATENATE(VLOOKUP(B108,'Activity-Material_Codes'!$A$2:$B$26,Quantities!$B$2),\"-\",VLOOKUP(A108,Quantities[],Quantities!$D$2)),\nCONCATENATE(\nVLOOKUP(B108,'Activity-Material_Codes'!$A$2:$B$26,Quantities!$B$2),\nIF(AND(B108=\"B\",C108=\"a\"), \" Scraper Grading\", \"\"),\nIF(C108=\"b\",\"\",\"-\"),\nIF(C108=\"b\",\"\",VLOOKUP(A108,Quantities[],Quantities!$D$2)),\nIF(LEFT(TEXT(A108,\"0\"),1)=\"5\",\"\",\"-\"),\nIF(LEFT(TEXT(A108,\"0\"),1)=\"5\",\"\",VLOOKUP(C108,'Activity-Material_Codes'!$A$30:$B$36,Quantities!$B$2))\n))","v":"Load-Cover"},{"$f":"CONCATENATE(\nIF(OR(RIGHT(TEXT($A108,\"0\"),Quantities!$B$2)=\"00\",LEFT(TEXT($A108,\"0\"),1)=\"5\",OR($C108=\"b\",$C108=\"f\")),\"\",VLOOKUP($A108,Quantities[],Quantities!$B$2)),\nIF(LEFT(TEXT($A108,\"0\"),1)=\"5\",\"\",\" \"),\nIF(OR(C108=\"a\",C108=\"c\",C108=\"d\",C108=\"e\"),IF(OR(RIGHT(TEXT($A108,\"0\"),Quantities!$B$2)=\"00\",LEFT(TEXT($A108,\"0\"),1)=\"5\"),VLOOKUP($A108,Quantities[],Quantities!$B$2),\"\"),\nIF(LEFT(TEXT($A108,\"0\"),1)=\"5\",VLOOKUP($A108,Quantities[],Quantities!$B$2),\nVLOOKUP(INDEX(Quantities!$A$100:$A$118,MATCH($A108,Quantities!$C$100:$C$118)),Quantities!$A$100:$B$118,Quantities!$B$2))))","v":" Gila Borrow Area"},{"$f":"IF(LEFT(TEXT(A108,\"0\"),1)=\"5\",\nVLOOKUP(VLOOKUP(A108,Quantities!$A$4:$D$118,Quantities!$C$2),Quantities!$A$4:$D$118,Quantities!$C$2),\nIF(OR(C108=\"a\",C108=\"c\",C108=\"d\",C108=\"e\"),\n\"-\",\nIF(RIGHT(TEXT(A108,\"0\"),2)=\"00\",VLOOKUP(A108,Quantities[],Quantities!$B$2),\nIF(C108=\"f\",VLOOKUP(A108,Quantities[],Quantities!$B$2),\nVLOOKUP(A108,Quantities[],Quantities!$C$2))\n)))","v":"2 Leach (Area 2), 7B Leach, 7B Waste, 7C Waste, South Rim Pit"},{"$f":"IF(OR(AND(LEFT(D108,2)=\"Sc\",B108=\"A\",C108=\"d\"),AND(C108=\"f\",B108=\"D\")),\nSUM(VLOOKUP($A108,Quantities[],Quantities!$O$2),VLOOKUP($A108,Quantities[],Quantities!$Q$2),VLOOKUP($A108,Quantities[],Quantities!$S$2)),\n\nIF(AND(LEFT(D108,2)=\"Sc\",OR(C108=\"a\",C108=\"f\")),\nVLOOKUP(A108,Quantities[],Quantities!$I$2),\n\nIF(AND(B108=\"D\",C108=\"b\"),\n VLOOKUP(INDEX(Quantities!$A$100:$A$118,MATCH($A108,Quantities!$C$100:$C$118)),Quantities!$A$100:$AJ$118,Quantities!$O$2)+\nVLOOKUP(INDEX(Quantities!$A$100:$A$118,MATCH($A108,Quantities!$C$100:$C$118)),Quantities!$A$100:$AJ$118,Quantities!$Q$2)+\nVLOOKUP(INDEX(Quantities!$A$100:$A$118,MATCH($A108,Quantities!$C$100:$C$118)),Quantities!$A$100:$AJ$118,Quantities!$S$2),\n\nIF(OR(B108=\"D\",B108=\"Q\"),\nSUM(VLOOKUP($A108,Quantities[],Quantities!$O$2),VLOOKUP($A108,Quantities[],Quantities!$Q$2),VLOOKUP($A108,Quantities[],Quantities!$S$2)),\n\n VLOOKUP(A108,Quantities[],Quantities!$G$2)\n))))","v":0},{"$f":"IF(LEFT(D108,2)=\"Mg\", VLOOKUP(A108,Quantities[],Quantities!$H$2),\n\nIF(OR(AND(LEFT(D108,2)=\"Sc\",B108=\"A\",C108=\"d\",C108=\"f\")),\n(SUM(VLOOKUP($A108,Quantities[],Quantities!$P$2)*VLOOKUP($A108,Quantities[],Quantities!$O$2),VLOOKUP($A108,Quantities[],Quantities!$R$2)*VLOOKUP($A108,Quantities[],Quantities!$Q$2),VLOOKUP($A108,Quantities[],Quantities!$T$2)*VLOOKUP($A108,Quantities[],Quantities!$S$2)))/SUM(VLOOKUP($A108,Quantities[],Quantities!$O$2),VLOOKUP($A108,Quantities[],Quantities!$Q$2),VLOOKUP($A108,Quantities[],Quantities!$S$2)),\n\nIF(AND(LEFT(D108,2)=\"Sc\",OR(C108=\"a\",C108=\"f\")),\nVLOOKUP(A108,Quantities[],Quantities!$J$2),\n\nIF(AND(B108=\"D\",C108=\"b\", (VLOOKUP(INDEX(Quantities!$A$100:$A$118,MATCH($A108,Quantities!$C$100:$C$118)),Quantities[],Quantities!$O$2)+VLOOKUP(INDEX(Quantities!$A$100:$A$118,MATCH($A108,Quantities!$C$100:$C$118)),Quantities[],Quantities!$Q$2)+VLOOKUP(INDEX(Quantities!$A$100:$A$118,MATCH($A108,Quantities!$C$100:$C$118)),Quantities[],Quantities!$S$2))>0),\n(VLOOKUP(INDEX(Quantities!$A$100:$A$118,MATCH($A108,Quantities!$C$100:$C$118)),Quantities[],Quantities!$P$2)*VLOOKUP(INDEX(Quantities!$A$100:$A$118,MATCH($A108,Quantities!$C$100:$C$118)),Quantities[],Quantities!$O$2)\n+VLOOKUP(INDEX(Quantities!$A$100:$A$118,MATCH($A108,Quantities!$C$100:$C$118)),Quantities[],Quantities!$R$2)*VLOOKUP(INDEX(Quantities!$A$100:$A$118,MATCH($A108,Quantities!$C$100:$C$118)),Quantities[],Quantities!$Q$2)\n+VLOOKUP(INDEX(Quantities!$A$100:$A$118,MATCH($A108,Quantities!$C$100:$C$118)),Quantities[],Quantities!$T$2)*VLOOKUP(INDEX(Quantities!$A$100:$A$118,MATCH($A108,Quantities!$C$100:$C$118)),Quantities[],Quantities!$S$2))/\n(VLOOKUP(INDEX(Quantities!$A$100:$A$118,MATCH($A108,Quantities!$C$100:$C$118)),Quantities[],Quantities!$O$2)+VLOOKUP(INDEX(Quantities!$A$100:$A$118,MATCH($A108,Quantities!$C$100:$C$118)),Quantities[],Quantities!$Q$2)+VLOOKUP(A108,Quantities[],Quantities!$S$2)),\n\nIF(AND(B108=\"D\", (VLOOKUP(A108,Quantities[],Quantities!$O$2)+VLOOKUP(A108,Quantities[],Quantities!$Q$2)+VLOOKUP(A108,Quantities[],Quantities!$S$2))>0),\n(VLOOKUP(A108,Quantities[],Quantities!$P$2)*VLOOKUP(A108,Quantities[],Quantities!$O$2)\n+VLOOKUP(A108,Quantities[],Quantities!$R$2)*VLOOKUP(A108,Quantities[],Quantities!$Q$2)\n+VLOOKUP(A108,Quantities[],Quantities!$T$2)*VLOOKUP(A108,Quantities[],Quantities!$S$2))/\n(VLOOKUP(A108,Quantities[],Quantities!$O$2)+VLOOKUP(A108,Quantities[],Quantities!$Q$2)+VLOOKUP(A108,Quantities[],Quantities!$S$2)),\n\nIF($B108=\"Q\", (SUM(VLOOKUP($A108,Quantities[],Quantities!$P$2)*VLOOKUP($A108,Quantities[],Quantities!$O$2),VLOOKUP($A108,Quantities[],Quantities!$R$2)*VLOOKUP($A108,Quantities[],Quantities!$Q$2),VLOOKUP($A108,Quantities[],Quantities!$T$2)*VLOOKUP($A108,Quantities[],Quantities!$S$2)))/SUM(VLOOKUP($A108,Quantities[],Quantities!$O$2),VLOOKUP($A108,Quantities[],Quantities!$Q$2),VLOOKUP($A108,Quantities[],Quantities!$S$2)),\n\n VLOOKUP(A108,Quantities[],Quantities!$H$2)\n))))))","v":"-"},{"$f":"IF(LEFT(D108,1)=\"U\",\"-\",VLOOKUP(D108,Equipment[],Equipment!$B$2))","v":"Hitachi EX3600-5"}]
[{"$f":"Quantities!$A$32","v":1900},"C","b","Sh1","1900-C-b-Sh1",{"$f":"IF(D109=\"Comb1\",CONCATENATE(VLOOKUP(B109,'Activity-Material_Codes'!$A$2:$B$26,Quantities!$B$2),\"-\",VLOOKUP(A109,Quantities[],Quantities!$D$2)),\nCONCATENATE(\nVLOOKUP(B109,'Activity-Material_Codes'!$A$2:$B$26,Quantities!$B$2),\nIF(AND(B109=\"B\",C109=\"a\"), \" Scraper Grading\", \"\"),\nIF(C109=\"b\",\"\",\"-\"),\nIF(C109=\"b\",\"\",VLOOKUP(A109,Quantities[],Quantities!$D$2)),\nIF(LEFT(TEXT(A109,\"0\"),1)=\"5\",\"\",\"-\"),\nIF(LEFT(TEXT(A109,\"0\"),1)=\"5\",\"\",VLOOKUP(C109,'Activity-Material_Codes'!$A$30:$B$36,Quantities!$B$2))\n))","v":"Load-Cover"},{"$f":"CONCATENATE(\nIF(OR(RIGHT(TEXT($A109,\"0\"),Quantities!$B$2)=\"00\",LEFT(TEXT($A109,\"0\"),1)=\"5\",OR($C109=\"b\",$C109=\"f\")),\"\",VLOOKUP($A109,Quantities[],Quantities!$B$2)),\nIF(LEFT(TEXT($A109,\"0\"),1)=\"5\",\"\",\" \"),\nIF(OR(C109=\"a\",C109=\"c\",C109=\"d\",C109=\"e\"),IF(OR(RIGHT(TEXT($A109,\"0\"),Quantities!$B$2)=\"00\",LEFT(TEXT($A109,\"0\"),1)=\"5\"),VLOOKUP($A109,Quantities[],Quantities!$B$2),\"\"),\nIF(LEFT(TEXT($A109,\"0\"),1)=\"5\",VLOOKUP($A109,Quantities[],Quantities!$B$2),\nVLOOKUP(INDEX(Quantities!$A$100:$A$118,MATCH($A109,Quantities!$C$100:$C$118)),Quantities!$A$100:$B$118,Quantities!$B$2))))","v":" Gila Borrow Area"},{"$f":"IF(LEFT(TEXT(A109,\"0\"),1)=\"5\",\nVLOOKUP(VLOOKUP(A109,Quantities!$A$4:$D$118,Quantities!$C$2),Quantities!$A$4:$D$118,Quantities!$C$2),\nIF(OR(C109=\"a\",C109=\"c\",C109=\"d\",C109=\"e\"),\n\"-\",\nIF(RIGHT(TEXT(A109,\"0\"),2)=\"00\",VLOOKUP(A109,Quantities[],Quantities!$B$2),\nIF(C109=\"f\",VLOOKUP(A109,Quantities[],Quantities!$B$2),\nVLOOKUP(A109,Quantities[],Quantities!$C$2))\n)))","v":"8A Waste, 8C Waste"},{"$f":"IF(OR(AND(LEFT(D109,2)=\"Sc\",B109=\"A\",C109=\"d\"),AND(C109=\"f\",B109=\"D\")),\nSUM(VLOOKUP($A109,Quantities[],Quantities!$O$2),VLOOKUP($A109,Quantities[],Quantities!$Q$2),VLOOKUP($A109,Quantities[],Quantities!$S$2)),\n\nIF(AND(LEFT(D109,2)=\"Sc\",OR(C109=\"a\",C109=\"f\")),\nVLOOKUP(A109,Quantities[],Quantities!$I$2),\n\nIF(AND(B109=\"D\",C109=\"b\"),\n VLOOKUP(INDEX(Quantities!$A$100:$A$118,MATCH($A109,Quantities!$C$100:$C$118)),Quantities!$A$100:$AJ$118,Quantities!$O$2)+\nVLOOKUP(INDEX(Quantities!$A$100:$A$118,MATCH($A109,Quantities!$C$100:$C$118)),Quantities!$A$100:$AJ$118,Quantities!$Q$2)+\nVLOOKUP(INDEX(Quantities!$A$100:$A$118,MATCH($A109,Quantities!$C$100:$C$118)),Quantities!$A$100:$AJ$118,Quantities!$S$2),\n\nIF(OR(B109=\"D\",B109=\"Q\"),\nSUM(VLOOKUP($A109,Quantities[],Quantities!$O$2),VLOOKUP($A109,Quantities[],Quantities!$Q$2),VLOOKUP($A109,Quantities[],Quantities!$S$2)),\n\n VLOOKUP(A109,Quantities[],Quantities!$G$2)\n))))","v":0},{"$f":"IF(LEFT(D109,2)=\"Mg\", VLOOKUP(A109,Quantities[],Quantities!$H$2),\n\nIF(OR(AND(LEFT(D109,2)=\"Sc\",B109=\"A\",C109=\"d\",C109=\"f\")),\n(SUM(VLOOKUP($A109,Quantities[],Quantities!$P$2)*VLOOKUP($A109,Quantities[],Quantities!$O$2),VLOOKUP($A109,Quantities[],Quantities!$R$2)*VLOOKUP($A109,Quantities[],Quantities!$Q$2),VLOOKUP($A109,Quantities[],Quantities!$T$2)*VLOOKUP($A109,Quantities[],Quantities!$S$2)))/SUM(VLOOKUP($A109,Quantities[],Quantities!$O$2),VLOOKUP($A109,Quantities[],Quantities!$Q$2),VLOOKUP($A109,Quantities[],Quantities!$S$2)),\n\nIF(AND(LEFT(D109,2)=\"Sc\",OR(C109=\"a\",C109=\"f\")),\nVLOOKUP(A109,Quantities[],Quantities!$J$2),\n\nIF(AND(B109=\"D\",C109=\"b\", (VLOOKUP(INDEX(Quantities!$A$100:$A$118,MATCH($A109,Quantities!$C$100:$C$118)),Quantities[],Quantities!$O$2)+VLOOKUP(INDEX(Quantities!$A$100:$A$118,MATCH($A109,Quantities!$C$100:$C$118)),Quantities[],Quantities!$Q$2)+VLOOKUP(INDEX(Quantities!$A$100:$A$118,MATCH($A109,Quantities!$C$100:$C$118)),Quantities[],Quantities!$S$2))>0),\n(VLOOKUP(INDEX(Quantities!$A$100:$A$118,MATCH($A109,Quantities!$C$100:$C$118)),Quantities[],Quantities!$P$2)*VLOOKUP(INDEX(Quantities!$A$100:$A$118,MATCH($A109,Quantities!$C$100:$C$118)),Quantities[],Quantities!$O$2)\n+VLOOKUP(INDEX(Quantities!$A$100:$A$118,MATCH($A109,Quantities!$C$100:$C$118)),Quantities[],Quantities!$R$2)*VLOOKUP(INDEX(Quantities!$A$100:$A$118,MATCH($A109,Quantities!$C$100:$C$118)),Quantities[],Quantities!$Q$2)\n+VLOOKUP(INDEX(Quantities!$A$100:$A$118,MATCH($A109,Quantities!$C$100:$C$118)),Quantities[],Quantities!$T$2)*VLOOKUP(INDEX(Quantities!$A$100:$A$118,MATCH($A109,Quantities!$C$100:$C$118)),Quantities[],Quantities!$S$2))/\n(VLOOKUP(INDEX(Quantities!$A$100:$A$118,MATCH($A109,Quantities!$C$100:$C$118)),Quantities[],Quantities!$O$2)+VLOOKUP(INDEX(Quantities!$A$100:$A$118,MATCH($A109,Quantities!$C$100:$C$118)),Quantities[],Quantities!$Q$2)+VLOOKUP(A109,Quantities[],Quantities!$S$2)),\n\nIF(AND(B109=\"D\", (VLOOKUP(A109,Quantities[],Quantities!$O$2)+VLOOKUP(A109,Quantities[],Quantities!$Q$2)+VLOOKUP(A109,Quantities[],Quantities!$S$2))>0),\n(VLOOKUP(A109,Quantities[],Quantities!$P$2)*VLOOKUP(A109,Quantities[],Quantities!$O$2)\n+VLOOKUP(A109,Quantities[],Quantities!$R$2)*VLOOKUP(A109,Quantities[],Quantities!$Q$2)\n+VLOOKUP(A109,Quantities[],Quantities!$T$2)*VLOOKUP(A109,Quantities[],Quantities!$S$2))/\n(VLOOKUP(A109,Quantities[],Quantities!$O$2)+VLOOKUP(A109,Quantities[],Quantities!$Q$2)+VLOOKUP(A109,Quantities[],Quantities!$S$2)),\n\nIF($B109=\"Q\", (SUM(VLOOKUP($A109,Quantities[],Quantities!$P$2)*VLOOKUP($A109,Quantities[],Quantities!$O$2),VLOOKUP($A109,Quantities[],Quantities!$R$2)*VLOOKUP($A109,Quantities[],Quantities!$Q$2),VLOOKUP($A109,Quantities[],Quantities!$T$2)*VLOOKUP($A109,Quantities[],Quantities!$S$2)))/SUM(VLOOKUP($A109,Quantities[],Quantities!$O$2),VLOOKUP($A109,Quantities[],Quantities!$Q$2),VLOOKUP($A109,Quantities[],Quantities!$S$2)),\n\n VLOOKUP(A109,Quantities[],Quantities!$H$2)\n))))))","v":0},{"$f":"IF(LEFT(D109,1)=\"U\",\"-\",VLOOKUP(D109,Equipment[],Equipment!$B$2))","v":"Hitachi EX3600-5"}]
[{"$f":"Quantities!$A$23","v":1600},"C","b","Sh1","1600-C-b-Sh1",{"$f":"IF(D110=\"Comb1\",CONCATENATE(VLOOKUP(B110,'Activity-Material_Codes'!$A$2:$B$26,Quantities!$B$2),\"-\",VLOOKUP(A110,Quantities[],Quantities!$D$2)),\nCONCATENATE(\nVLOOKUP(B110,'Activity-Material_Codes'!$A$2:$B$26,Quantities!$B$2),\nIF(AND(B110=\"B\",C110=\"a\"), \" Scraper Grading\", \"\"),\nIF(C110=\"b\",\"\",\"-\"),\nIF(C110=\"b\",\"\",VLOOKUP(A110,Quantities[],Quantities!$D$2)),\nIF(LEFT(TEXT(A110,\"0\"),1)=\"5\",\"\",\"-\"),\nIF(LEFT(TEXT(A110,\"0\"),1)=\"5\",\"\",VLOOKUP(C110,'Activity-Material_Codes'!$A$30:$B$36,Quantities!$B$2))\n))","v":"Load-Cover"},{"$f":"CONCATENATE(\nIF(OR(RIGHT(TEXT($A110,\"0\"),Quantities!$B$2)=\"00\",LEFT(TEXT($A110,\"0\"),1)=\"5\",OR($C110=\"b\",$C110=\"f\")),\"\",VLOOKUP($A110,Quantities[],Quantities!$B$2)),\nIF(LEFT(TEXT($A110,\"0\"),1)=\"5\",\"\",\" \"),\nIF(OR(C110=\"a\",C110=\"c\",C110=\"d\",C110=\"e\"),IF(OR(RIGHT(TEXT($A110,\"0\"),Quantities!$B$2)=\"00\",LEFT(TEXT($A110,\"0\"),1)=\"5\"),VLOOKUP($A110,Quantities[],Quantities!$B$2),\"\"),\nIF(LEFT(TEXT($A110,\"0\"),1)=\"5\",VLOOKUP($A110,Quantities[],Quantities!$B$2),\nVLOOKUP(INDEX(Quantities!$A$100:$A$118,MATCH($A110,Quantities!$C$100:$C$118)),Quantities!$A$100:$B$118,Quantities!$B$2))))","v":" Gila Borrow Area"},{"$f":"IF(LEFT(TEXT(A110,\"0\"),1)=\"5\",\nVLOOKUP(VLOOKUP(A110,Quantities!$A$4:$D$118,Quantities!$C$2),Quantities!$A$4:$D$118,Quantities!$C$2),\nIF(OR(C110=\"a\",C110=\"c\",C110=\"d\",C110=\"e\"),\n\"-\",\nIF(RIGHT(TEXT(A110,\"0\"),2)=\"00\",VLOOKUP(A110,Quantities[],Quantities!$B$2),\nIF(C110=\"f\",VLOOKUP(A110,Quantities[],Quantities!$B$2),\nVLOOKUP(A110,Quantities[],Quantities!$C$2))\n)))","v":"6B Leach, 6D Leach"},{"$f":"IF(OR(AND(LEFT(D110,2)=\"Sc\",B110=\"A\",C110=\"d\"),AND(C110=\"f\",B110=\"D\")),\nSUM(VLOOKUP($A110,Quantities[],Quantities!$O$2),VLOOKUP($A110,Quantities[],Quantities!$Q$2),VLOOKUP($A110,Quantities[],Quantities!$S$2)),\n\nIF(AND(LEFT(D110,2)=\"Sc\",OR(C110=\"a\",C110=\"f\")),\nVLOOKUP(A110,Quantities[],Quantities!$I$2),\n\nIF(AND(B110=\"D\",C110=\"b\"),\n VLOOKUP(INDEX(Quantities!$A$100:$A$118,MATCH($A110,Quantities!$C$100:$C$118)),Quantities!$A$100:$AJ$118,Quantities!$O$2)+\nVLOOKUP(INDEX(Quantities!$A$100:$A$118,MATCH($A110,Quantities!$C$100:$C$118)),Quantities!$A$100:$AJ$118,Quantities!$Q$2)+\nVLOOKUP(INDEX(Quantities!$A$100:$A$118,MATCH($A110,Quantities!$C$100:$C$118)),Quantities!$A$100:$AJ$118,Quantities!$S$2),\n\nIF(OR(B110=\"D\",B110=\"Q\"),\nSUM(VLOOKUP($A110,Quantities[],Quantities!$O$2),VLOOKUP($A110,Quantities[],Quantities!$Q$2),VLOOKUP($A110,Quantities[],Quantities!$S$2)),\n\n VLOOKUP(A110,Quantities[],Quantities!$G$2)\n))))","v":0},{"$f":"IF(LEFT(D110,2)=\"Mg\", VLOOKUP(A110,Quantities[],Quantities!$H$2),\n\nIF(OR(AND(LEFT(D110,2)=\"Sc\",B110=\"A\",C110=\"d\",C110=\"f\")),\n(SUM(VLOOKUP($A110,Quantities[],Quantities!$P$2)*VLOOKUP($A110,Quantities[],Quantities!$O$2),VLOOKUP($A110,Quantities[],Quantities!$R$2)*VLOOKUP($A110,Quantities[],Quantities!$Q$2),VLOOKUP($A110,Quantities[],Quantities!$T$2)*VLOOKUP($A110,Quantities[],Quantities!$S$2)))/SUM(VLOOKUP($A110,Quantities[],Quantities!$O$2),VLOOKUP($A110,Quantities[],Quantities!$Q$2),VLOOKUP($A110,Quantities[],Quantities!$S$2)),\n\nIF(AND(LEFT(D110,2)=\"Sc\",OR(C110=\"a\",C110=\"f\")),\nVLOOKUP(A110,Quantities[],Quantities!$J$2),\n\nIF(AND(B110=\"D\",C110=\"b\", (VLOOKUP(INDEX(Quantities!$A$100:$A$118,MATCH($A110,Quantities!$C$100:$C$118)),Quantities[],Quantities!$O$2)+VLOOKUP(INDEX(Quantities!$A$100:$A$118,MATCH($A110,Quantities!$C$100:$C$118)),Quantities[],Quantities!$Q$2)+VLOOKUP(INDEX(Quantities!$A$100:$A$118,MATCH($A110,Quantities!$C$100:$C$118)),Quantities[],Quantities!$S$2))>0),\n(VLOOKUP(INDEX(Quantities!$A$100:$A$118,MATCH($A110,Quantities!$C$100:$C$118)),Quantities[],Quantities!$P$2)*VLOOKUP(INDEX(Quantities!$A$100:$A$118,MATCH($A110,Quantities!$C$100:$C$118)),Quantities[],Quantities!$O$2)\n+VLOOKUP(INDEX(Quantities!$A$100:$A$118,MATCH($A110,Quantities!$C$100:$C$118)),Quantities[],Quantities!$R$2)*VLOOKUP(INDEX(Quantities!$A$100:$A$118,MATCH($A110,Quantities!$C$100:$C$118)),Quantities[],Quantities!$Q$2)\n+VLOOKUP(INDEX(Quantities!$A$100:$A$118,MATCH($A110,Quantities!$C$100:$C$118)),Quantities[],Quantities!$T$2)*VLOOKUP(INDEX(Quantities!$A$100:$A$118,MATCH($A110,Quantities!$C$100:$C$118)),Quantities[],Quantities!$S$2))/\n(VLOOKUP(INDEX(Quantities!$A$100:$A$118,MATCH($A110,Quantities!$C$100:$C$118)),Quantities[],Quantities!$O$2)+VLOOKUP(INDEX(Quantities!$A$100:$A$118,MATCH($A110,Quantities!$C$100:$C$118)),Quantities[],Quantities!$Q$2)+VLOOKUP(A110,Quantities[],Quantities!$S$2)),\n\nIF(AND(B110=\"D\", (VLOOKUP(A110,Quantities[],Quantities!$O$2)+VLOOKUP(A110,Quantities[],Quantities!$Q$2)+VLOOKUP(A110,Quantities[],Quantities!$S$2))>0),\n(VLOOKUP(A110,Quantities[],Quantities!$P$2)*VLOOKUP(A110,Quantities[],Quantities!$O$2)\n+VLOOKUP(A110,Quantities[],Quantities!$R$2)*VLOOKUP(A110,Quantities[],Quantities!$Q$2)\n+VLOOKUP(A110,Quantities[],Quantities!$T$2)*VLOOKUP(A110,Quantities[],Quantities!$S$2))/\n(VLOOKUP(A110,Quantities[],Quantities!$O$2)+VLOOKUP(A110,Quantities[],Quantities!$Q$2)+VLOOKUP(A110,Quantities[],Quantities!$S$2)),\n\nIF($B110=\"Q\", (SUM(VLOOKUP($A110,Quantities[],Quantities!$P$2)*VLOOKUP($A110,Quantities[],Quantities!$O$2),VLOOKUP($A110,Quantities[],Quantities!$R$2)*VLOOKUP($A110,Quantities[],Quantities!$Q$2),VLOOKUP($A110,Quantities[],Quantities!$T$2)*VLOOKUP($A110,Quantities[],Quantities!$S$2)))/SUM(VLOOKUP($A110,Quantities[],Quantities!$O$2),VLOOKUP($A110,Quantities[],Quantities!$Q$2),VLOOKUP($A110,Quantities[],Quantities!$S$2)),\n\n VLOOKUP(A110,Quantities[],Quantities!$H$2)\n))))))","v":"-"},{"$f":"IF(LEFT(D110,1)=\"U\",\"-\",VLOOKUP(D110,Equipment[],Equipment!$B$2))","v":"Hitachi EX3600-5"}]
[{"$f":"Quantities!$A$26","v":1700},"C","b","Sh1","1700-C-b-Sh1",{"$f":"IF(D111=\"Comb1\",CONCATENATE(VLOOKUP(B111,'Activity-Material_Codes'!$A$2:$B$26,Quantities!$B$2),\"-\",VLOOKUP(A111,Quantities[],Quantities!$D$2)),\nCONCATENATE(\nVLOOKUP(B111,'Activity-Material_Codes'!$A$2:$B$26,Quantities!$B$2),\nIF(AND(B111=\"B\",C111=\"a\"), \" Scraper Grading\", \"\"),\nIF(C111=\"b\",\"\",\"-\"),\nIF(C111=\"b\",\"\",VLOOKUP(A111,Quantities[],Quantities!$D$2)),\nIF(LEFT(TEXT(A111,\"0\"),1)=\"5\",\"\",\"-\"),\nIF(LEFT(TEXT(A111,\"0\"),1)=\"5\",\"\",VLOOKUP(C111,'Activity-Material_Codes'!$A$30:$B$36,Quantities!$B$2))\n))","v":"Load-Cover"},{"$f":"CONCATENATE(\nIF(OR(RIGHT(TEXT($A111,\"0\"),Quantities!$B$2)=\"00\",LEFT(TEXT($A111,\"0\"),1)=\"5\",OR($C111=\"b\",$C111=\"f\")),\"\",VLOOKUP($A111,Quantities[],Quantities!$B$2)),\nIF(LEFT(TEXT($A111,\"0\"),1)=\"5\",\"\",\" \"),\nIF(OR(C111=\"a\",C111=\"c\",C111=\"d\",C111=\"e\"),IF(OR(RIGHT(TEXT($A111,\"0\"),Quantities!$B$2)=\"00\",LEFT(TEXT($A111,\"0\"),1)=\"5\"),VLOOKUP($A111,Quantities[],Quantities!$B$2),\"\"),\nIF(LEFT(TEXT($A111,\"0\"),1)=\"5\",VLOOKUP($A111,Quantities[],Quantities!$B$2),\nVLOOKUP(INDEX(Quantities!$A$100:$A$118,MATCH($A111,Quantities!$C$100:$C$118)),Quantities!$A$100:$B$118,Quantities!$B$2))))","v":" Gila Borrow Area"},{"$f":"IF(LEFT(TEXT(A111,\"0\"),1)=\"5\",\nVLOOKUP(VLOOKUP(A111,Quantities!$A$4:$D$118,Quantities!$C$2),Quantities!$A$4:$D$118,Quantities!$C$2),\nIF(OR(C111=\"a\",C111=\"c\",C111=\"d\",C111=\"e\"),\n\"-\",\nIF(RIGHT(TEXT(A111,\"0\"),2)=\"00\",VLOOKUP(A111,Quantities[],Quantities!$B$2),\nIF(C111=\"f\",VLOOKUP(A111,Quantities[],Quantities!$B$2),\nVLOOKUP(A111,Quantities[],Quantities!$C$2))\n)))","v":"6C Leach"},{"$f":"IF(OR(AND(LEFT(D111,2)=\"Sc\",B111=\"A\",C111=\"d\"),AND(C111=\"f\",B111=\"D\")),\nSUM(VLOOKUP($A111,Quantities[],Quantities!$O$2),VLOOKUP($A111,Quantities[],Quantities!$Q$2),VLOOKUP($A111,Quantities[],Quantities!$S$2)),\n\nIF(AND(LEFT(D111,2)=\"Sc\",OR(C111=\"a\",C111=\"f\")),\nVLOOKUP(A111,Quantities[],Quantities!$I$2),\n\nIF(AND(B111=\"D\",C111=\"b\"),\n VLOOKUP(INDEX(Quantities!$A$100:$A$118,MATCH($A111,Quantities!$C$100:$C$118)),Quantities!$A$100:$AJ$118,Quantities!$O$2)+\nVLOOKUP(INDEX(Quantities!$A$100:$A$118,MATCH($A111,Quantities!$C$100:$C$118)),Quantities!$A$100:$AJ$118,Quantities!$Q$2)+\nVLOOKUP(INDEX(Quantities!$A$100:$A$118,MATCH($A111,Quantities!$C$100:$C$118)),Quantities!$A$100:$AJ$118,Quantities!$S$2),\n\nIF(OR(B111=\"D\",B111=\"Q\"),\nSUM(VLOOKUP($A111,Quantities[],Quantities!$O$2),VLOOKUP($A111,Quantities[],Quantities!$Q$2),VLOOKUP($A111,Quantities[],Quantities!$S$2)),\n\n VLOOKUP(A111,Quantities[],Quantities!$G$2)\n))))","v":0},{"$f":"IF(LEFT(D111,2)=\"Mg\", VLOOKUP(A111,Quantities[],Quantities!$H$2),\n\nIF(OR(AND(LEFT(D111,2)=\"Sc\",B111=\"A\",C111=\"d\",C111=\"f\")),\n(SUM(VLOOKUP($A111,Quantities[],Quantities!$P$2)*VLOOKUP($A111,Quantities[],Quantities!$O$2),VLOOKUP($A111,Quantities[],Quantities!$R$2)*VLOOKUP($A111,Quantities[],Quantities!$Q$2),VLOOKUP($A111,Quantities[],Quantities!$T$2)*VLOOKUP($A111,Quantities[],Quantities!$S$2)))/SUM(VLOOKUP($A111,Quantities[],Quantities!$O$2),VLOOKUP($A111,Quantities[],Quantities!$Q$2),VLOOKUP($A111,Quantities[],Quantities!$S$2)),\n\nIF(AND(LEFT(D111,2)=\"Sc\",OR(C111=\"a\",C111=\"f\")),\nVLOOKUP(A111,Quantities[],Quantities!$J$2),\n\nIF(AND(B111=\"D\",C111=\"b\", (VLOOKUP(INDEX(Quantities!$A$100:$A$118,MATCH($A111,Quantities!$C$100:$C$118)),Quantities[],Quantities!$O$2)+VLOOKUP(INDEX(Quantities!$A$100:$A$118,MATCH($A111,Quantities!$C$100:$C$118)),Quantities[],Quantities!$Q$2)+VLOOKUP(INDEX(Quantities!$A$100:$A$118,MATCH($A111,Quantities!$C$100:$C$118)),Quantities[],Quantities!$S$2))>0),\n(VLOOKUP(INDEX(Quantities!$A$100:$A$118,MATCH($A111,Quantities!$C$100:$C$118)),Quantities[],Quantities!$P$2)*VLOOKUP(INDEX(Quantities!$A$100:$A$118,MATCH($A111,Quantities!$C$100:$C$118)),Quantities[],Quantities!$O$2)\n+VLOOKUP(INDEX(Quantities!$A$100:$A$118,MATCH($A111,Quantities!$C$100:$C$118)),Quantities[],Quantities!$R$2)*VLOOKUP(INDEX(Quantities!$A$100:$A$118,MATCH($A111,Quantities!$C$100:$C$118)),Quantities[],Quantities!$Q$2)\n+VLOOKUP(INDEX(Quantities!$A$100:$A$118,MATCH($A111,Quantities!$C$100:$C$118)),Quantities[],Quantities!$T$2)*VLOOKUP(INDEX(Quantities!$A$100:$A$118,MATCH($A111,Quantities!$C$100:$C$118)),Quantities[],Quantities!$S$2))/\n(VLOOKUP(INDEX(Quantities!$A$100:$A$118,MATCH($A111,Quantities!$C$100:$C$118)),Quantities[],Quantities!$O$2)+VLOOKUP(INDEX(Quantities!$A$100:$A$118,MATCH($A111,Quantities!$C$100:$C$118)),Quantities[],Quantities!$Q$2)+VLOOKUP(A111,Quantities[],Quantities!$S$2)),\n\nIF(AND(B111=\"D\", (VLOOKUP(A111,Quantities[],Quantities!$O$2)+VLOOKUP(A111,Quantities[],Quantities!$Q$2)+VLOOKUP(A111,Quantities[],Quantities!$S$2))>0),\n(VLOOKUP(A111,Quantities[],Quantities!$P$2)*VLOOKUP(A111,Quantities[],Quantities!$O$2)\n+VLOOKUP(A111,Quantities[],Quantities!$R$2)*VLOOKUP(A111,Quantities[],Quantities!$Q$2)\n+VLOOKUP(A111,Quantities[],Quantities!$T$2)*VLOOKUP(A111,Quantities[],Quantities!$S$2))/\n(VLOOKUP(A111,Quantities[],Quantities!$O$2)+VLOOKUP(A111,Quantities[],Quantities!$Q$2)+VLOOKUP(A111,Quantities[],Quantities!$S$2)),\n\nIF($B111=\"Q\", (SUM(VLOOKUP($A111,Quantities[],Quantities!$P$2)*VLOOKUP($A111,Quantities[],Quantities!$O$2),VLOOKUP($A111,Quantities[],Quantities!$R$2)*VLOOKUP($A111,Quantities[],Quantities!$Q$2),VLOOKUP($A111,Quantities[],Quantities!$T$2)*VLOOKUP($A111,Quantities[],Quantities!$S$2)))/SUM(VLOOKUP($A111,Quantities[],Quantities!$O$2),VLOOKUP($A111,Quantities[],Quantities!$Q$2),VLOOKUP($A111,Quantities[],Quantities!$S$2)),\n\n VLOOKUP(A111,Quantities[],Quantities!$H$2)\n))))))","v":"-"},{"$f":"IF(LEFT(D111,1)=\"U\",\"-\",VLOOKUP(D111,Equipment[],Equipment!$B$2))","v":"Hitachi EX3600-5"}]
[{"$f":"Quantities!$A$61","v":2701},"C","b","Sh1","2701-C-b-Sh1",{"$f":"IF(D112=\"Comb1\",CONCATENATE(VLOOKUP(B112,'Activity-Material_Codes'!$A$2:$B$26,Quantities!$B$2),\"-\",VLOOKUP(A112,Quantities[],Quantities!$D$2)),\nCONCATENATE(\nVLOOKUP(B112,'Activity-Material_Codes'!$A$2:$B$26,Quantities!$B$2),\nIF(AND(B112=\"B\",C112=\"a\"), \" Scraper Grading\", \"\"),\nIF(C112=\"b\",\"\",\"-\"),\nIF(C112=\"b\",\"\",VLOOKUP(A112,Quantities[],Quantities!$D$2)),\nIF(LEFT(TEXT(A112,\"0\"),1)=\"5\",\"\",\"-\"),\nIF(LEFT(TEXT(A112,\"0\"),1)=\"5\",\"\",VLOOKUP(C112,'Activity-Material_Codes'!$A$30:$B$36,Quantities!$B$2))\n))","v":"Load-Cover"},{"$f":"CONCATENATE(\nIF(OR(RIGHT(TEXT($A112,\"0\"),Quantities!$B$2)=\"00\",LEFT(TEXT($A112,\"0\"),1)=\"5\",OR($C112=\"b\",$C112=\"f\")),\"\",VLOOKUP($A112,Quantities[],Quantities!$B$2)),\nIF(LEFT(TEXT($A112,\"0\"),1)=\"5\",\"\",\" \"),\nIF(OR(C112=\"a\",C112=\"c\",C112=\"d\",C112=\"e\"),IF(OR(RIGHT(TEXT($A112,\"0\"),Quantities!$B$2)=\"00\",LEFT(TEXT($A112,\"0\"),1)=\"5\"),VLOOKUP($A112,Quantities[],Quantities!$B$2),\"\"),\nIF(LEFT(TEXT($A112,\"0\"),1)=\"5\",VLOOKUP($A112,Quantities[],Quantities!$B$2),\nVLOOKUP(INDEX(Quantities!$A$100:$A$118,MATCH($A112,Quantities!$C$100:$C$118)),Quantities!$A$100:$B$118,Quantities!$B$2))))","v":" Gila Borrow Area"},{"$f":"IF(LEFT(TEXT(A112,\"0\"),1)=\"5\",\nVLOOKUP(VLOOKUP(A112,Quantities!$A$4:$D$118,Quantities!$C$2),Quantities!$A$4:$D$118,Quantities!$C$2),\nIF(OR(C112=\"a\",C112=\"c\",C112=\"d\",C112=\"e\"),\n\"-\",\nIF(RIGHT(TEXT(A112,\"0\"),2)=\"00\",VLOOKUP(A112,Quantities[],Quantities!$B$2),\nIF(C112=\"f\",VLOOKUP(A112,Quantities[],Quantities!$B$2),\nVLOOKUP(A112,Quantities[],Quantities!$C$2))\n)))","v":"Cntmnt-1"},{"$f":"IF(OR(AND(LEFT(D112,2)=\"Sc\",B112=\"A\",C112=\"d\"),AND(C112=\"f\",B112=\"D\")),\nSUM(VLOOKUP($A112,Quantities[],Quantities!$O$2),VLOOKUP($A112,Quantities[],Quantities!$Q$2),VLOOKUP($A112,Quantities[],Quantities!$S$2)),\n\nIF(AND(LEFT(D112,2)=\"Sc\",OR(C112=\"a\",C112=\"f\")),\nVLOOKUP(A112,Quantities[],Quantities!$I$2),\n\nIF(AND(B112=\"D\",C112=\"b\"),\n VLOOKUP(INDEX(Quantities!$A$100:$A$118,MATCH($A112,Quantities!$C$100:$C$118)),Quantities!$A$100:$AJ$118,Quantities!$O$2)+\nVLOOKUP(INDEX(Quantities!$A$100:$A$118,MATCH($A112,Quantities!$C$100:$C$118)),Quantities!$A$100:$AJ$118,Quantities!$Q$2)+\nVLOOKUP(INDEX(Quantities!$A$100:$A$118,MATCH($A112,Quantities!$C$100:$C$118)),Quantities!$A$100:$AJ$118,Quantities!$S$2),\n\nIF(OR(B112=\"D\",B112=\"Q\"),\nSUM(VLOOKUP($A112,Quantities[],Quantities!$O$2),VLOOKUP($A112,Quantities[],Quantities!$Q$2),VLOOKUP($A112,Quantities[],Quantities!$S$2)),\n\n VLOOKUP(A112,Quantities[],Quantities!$G$2)\n))))","v":0},{"$f":"IF(LEFT(D112,2)=\"Mg\", VLOOKUP(A112,Quantities[],Quantities!$H$2),\n\nIF(OR(AND(LEFT(D112,2)=\"Sc\",B112=\"A\",C112=\"d\",C112=\"f\")),\n(SUM(VLOOKUP($A112,Quantities[],Quantities!$P$2)*VLOOKUP($A112,Quantities[],Quantities!$O$2),VLOOKUP($A112,Quantities[],Quantities!$R$2)*VLOOKUP($A112,Quantities[],Quantities!$Q$2),VLOOKUP($A112,Quantities[],Quantities!$T$2)*VLOOKUP($A112,Quantities[],Quantities!$S$2)))/SUM(VLOOKUP($A112,Quantities[],Quantities!$O$2),VLOOKUP($A112,Quantities[],Quantities!$Q$2),VLOOKUP($A112,Quantities[],Quantities!$S$2)),\n\nIF(AND(LEFT(D112,2)=\"Sc\",OR(C112=\"a\",C112=\"f\")),\nVLOOKUP(A112,Quantities[],Quantities!$J$2),\n\nIF(AND(B112=\"D\",C112=\"b\", (VLOOKUP(INDEX(Quantities!$A$100:$A$118,MATCH($A112,Quantities!$C$100:$C$118)),Quantities[],Quantities!$O$2)+VLOOKUP(INDEX(Quantities!$A$100:$A$118,MATCH($A112,Quantities!$C$100:$C$118)),Quantities[],Quantities!$Q$2)+VLOOKUP(INDEX(Quantities!$A$100:$A$118,MATCH($A112,Quantities!$C$100:$C$118)),Quantities[],Quantities!$S$2))>0),\n(VLOOKUP(INDEX(Quantities!$A$100:$A$118,MATCH($A112,Quantities!$C$100:$C$118)),Quantities[],Quantities!$P$2)*VLOOKUP(INDEX(Quantities!$A$100:$A$118,MATCH($A112,Quantities!$C$100:$C$118)),Quantities[],Quantities!$O$2)\n+VLOOKUP(INDEX(Quantities!$A$100:$A$118,MATCH($A112,Quantities!$C$100:$C$118)),Quantities[],Quantities!$R$2)*VLOOKUP(INDEX(Quantities!$A$100:$A$118,MATCH($A112,Quantities!$C$100:$C$118)),Quantities[],Quantities!$Q$2)\n+VLOOKUP(INDEX(Quantities!$A$100:$A$118,MATCH($A112,Quantities!$C$100:$C$118)),Quantities[],Quantities!$T$2)*VLOOKUP(INDEX(Quantities!$A$100:$A$118,MATCH($A112,Quantities!$C$100:$C$118)),Quantities[],Quantities!$S$2))/\n(VLOOKUP(INDEX(Quantities!$A$100:$A$118,MATCH($A112,Quantities!$C$100:$C$118)),Quantities[],Quantities!$O$2)+VLOOKUP(INDEX(Quantities!$A$100:$A$118,MATCH($A112,Quantities!$C$100:$C$118)),Quantities[],Quantities!$Q$2)+VLOOKUP(A112,Quantities[],Quantities!$S$2)),\n\nIF(AND(B112=\"D\", (VLOOKUP(A112,Quantities[],Quantities!$O$2)+VLOOKUP(A112,Quantities[],Quantities!$Q$2)+VLOOKUP(A112,Quantities[],Quantities!$S$2))>0),\n(VLOOKUP(A112,Quantities[],Quantities!$P$2)*VLOOKUP(A112,Quantities[],Quantities!$O$2)\n+VLOOKUP(A112,Quantities[],Quantities!$R$2)*VLOOKUP(A112,Quantities[],Quantities!$Q$2)\n+VLOOKUP(A112,Quantities[],Quantities!$T$2)*VLOOKUP(A112,Quantities[],Quantities!$S$2))/\n(VLOOKUP(A112,Quantities[],Quantities!$O$2)+VLOOKUP(A112,Quantities[],Quantities!$Q$2)+VLOOKUP(A112,Quantities[],Quantities!$S$2)),\n\nIF($B112=\"Q\", (SUM(VLOOKUP($A112,Quantities[],Quantities!$P$2)*VLOOKUP($A112,Quantities[],Quantities!$O$2),VLOOKUP($A112,Quantities[],Quantities!$R$2)*VLOOKUP($A112,Quantities[],Quantities!$Q$2),VLOOKUP($A112,Quantities[],Quantities!$T$2)*VLOOKUP($A112,Quantities[],Quantities!$S$2)))/SUM(VLOOKUP($A112,Quantities[],Quantities!$O$2),VLOOKUP($A112,Quantities[],Quantities!$Q$2),VLOOKUP($A112,Quantities[],Quantities!$S$2)),\n\n VLOOKUP(A112,Quantities[],Quantities!$H$2)\n))))))","v":0.01},{"$f":"IF(LEFT(D112,1)=\"U\",\"-\",VLOOKUP(D112,Equipment[],Equipment!$B$2))","v":"Hitachi EX3600-5"}]
[{"$f":"Quantities!$A$79","v":3300},"C","b","Sh1","3300-C-b-Sh1",{"$f":"IF(D113=\"Comb1\",CONCATENATE(VLOOKUP(B113,'Activity-Material_Codes'!$A$2:$B$26,Quantities!$B$2),\"-\",VLOOKUP(A113,Quantities[],Quantities!$D$2)),\nCONCATENATE(\nVLOOKUP(B113,'Activity-Material_Codes'!$A$2:$B$26,Quantities!$B$2),\nIF(AND(B113=\"B\",C113=\"a\"), \" Scraper Grading\", \"\"),\nIF(C113=\"b\",\"\",\"-\"),\nIF(C113=\"b\",\"\",VLOOKUP(A113,Quantities[],Quantities!$D$2)),\nIF(LEFT(TEXT(A113,\"0\"),1)=\"5\",\"\",\"-\"),\nIF(LEFT(TEXT(A113,\"0\"),1)=\"5\",\"\",VLOOKUP(C113,'Activity-Material_Codes'!$A$30:$B$36,Quantities!$B$2))\n))","v":"Load-Cover"},{"$f":"CONCATENATE(\nIF(OR(RIGHT(TEXT($A113,\"0\"),Quantities!$B$2)=\"00\",LEFT(TEXT($A113,\"0\"),1)=\"5\",OR($C113=\"b\",$C113=\"f\")),\"\",VLOOKUP($A113,Quantities[],Quantities!$B$2)),\nIF(LEFT(TEXT($A113,\"0\"),1)=\"5\",\"\",\" \"),\nIF(OR(C113=\"a\",C113=\"c\",C113=\"d\",C113=\"e\"),IF(OR(RIGHT(TEXT($A113,\"0\"),Quantities!$B$2)=\"00\",LEFT(TEXT($A113,\"0\"),1)=\"5\"),VLOOKUP($A113,Quantities[],Quantities!$B$2),\"\"),\nIF(LEFT(TEXT($A113,\"0\"),1)=\"5\",VLOOKUP($A113,Quantities[],Quantities!$B$2),\nVLOOKUP(INDEX(Quantities!$A$100:$A$118,MATCH($A113,Quantities!$C$100:$C$118)),Quantities!$A$100:$B$118,Quantities!$B$2))))","v":" Gila Borrow Area"},{"$f":"IF(LEFT(TEXT(A113,\"0\"),1)=\"5\",\nVLOOKUP(VLOOKUP(A113,Quantities!$A$4:$D$118,Quantities!$C$2),Quantities!$A$4:$D$118,Quantities!$C$2),\nIF(OR(C113=\"a\",C113=\"c\",C113=\"d\",C113=\"e\"),\n\"-\",\nIF(RIGHT(TEXT(A113,\"0\"),2)=\"00\",VLOOKUP(A113,Quantities[],Quantities!$B$2),\nIF(C113=\"f\",VLOOKUP(A113,Quantities[],Quantities!$B$2),\nVLOOKUP(A113,Quantities[],Quantities!$C$2))\n)))","v":"Unplanned Disturbance Area"},{"$f":"IF(OR(AND(LEFT(D113,2)=\"Sc\",B113=\"A\",C113=\"d\"),AND(C113=\"f\",B113=\"D\")),\nSUM(VLOOKUP($A113,Quantities[],Quantities!$O$2),VLOOKUP($A113,Quantities[],Quantities!$Q$2),VLOOKUP($A113,Quantities[],Quantities!$S$2)),\n\nIF(AND(LEFT(D113,2)=\"Sc\",OR(C113=\"a\",C113=\"f\")),\nVLOOKUP(A113,Quantities[],Quantities!$I$2),\n\nIF(AND(B113=\"D\",C113=\"b\"),\n VLOOKUP(INDEX(Quantities!$A$100:$A$118,MATCH($A113,Quantities!$C$100:$C$118)),Quantities!$A$100:$AJ$118,Quantities!$O$2)+\nVLOOKUP(INDEX(Quantities!$A$100:$A$118,MATCH($A113,Quantities!$C$100:$C$118)),Quantities!$A$100:$AJ$118,Quantities!$Q$2)+\nVLOOKUP(INDEX(Quantities!$A$100:$A$118,MATCH($A113,Quantities!$C$100:$C$118)),Quantities!$A$100:$AJ$118,Quantities!$S$2),\n\nIF(OR(B113=\"D\",B113=\"Q\"),\nSUM(VLOOKUP($A113,Quantities[],Quantities!$O$2),VLOOKUP($A113,Quantities[],Quantities!$Q$2),VLOOKUP($A113,Quantities[],Quantities!$S$2)),\n\n VLOOKUP(A113,Quantities[],Quantities!$G$2)\n))))","v":0},{"$f":"IF(LEFT(D113,2)=\"Mg\", VLOOKUP(A113,Quantities[],Quantities!$H$2),\n\nIF(OR(AND(LEFT(D113,2)=\"Sc\",B113=\"A\",C113=\"d\",C113=\"f\")),\n(SUM(VLOOKUP($A113,Quantities[],Quantities!$P$2)*VLOOKUP($A113,Quantities[],Quantities!$O$2),VLOOKUP($A113,Quantities[],Quantities!$R$2)*VLOOKUP($A113,Quantities[],Quantities!$Q$2),VLOOKUP($A113,Quantities[],Quantities!$T$2)*VLOOKUP($A113,Quantities[],Quantities!$S$2)))/SUM(VLOOKUP($A113,Quantities[],Quantities!$O$2),VLOOKUP($A113,Quantities[],Quantities!$Q$2),VLOOKUP($A113,Quantities[],Quantities!$S$2)),\n\nIF(AND(LEFT(D113,2)=\"Sc\",OR(C113=\"a\",C113=\"f\")),\nVLOOKUP(A113,Quantities[],Quantities!$J$2),\n\nIF(AND(B113=\"D\",C113=\"b\", (VLOOKUP(INDEX(Quantities!$A$100:$A$118,MATCH($A113,Quantities!$C$100:$C$118)),Quantities[],Quantities!$O$2)+VLOOKUP(INDEX(Quantities!$A$100:$A$118,MATCH($A113,Quantities!$C$100:$C$118)),Quantities[],Quantities!$Q$2)+VLOOKUP(INDEX(Quantities!$A$100:$A$118,MATCH($A113,Quantities!$C$100:$C$118)),Quantities[],Quantities!$S$2))>0),\n(VLOOKUP(INDEX(Quantities!$A$100:$A$118,MATCH($A113,Quantities!$C$100:$C$118)),Quantities[],Quantities!$P$2)*VLOOKUP(INDEX(Quantities!$A$100:$A$118,MATCH($A113,Quantities!$C$100:$C$118)),Quantities[],Quantities!$O$2)\n+VLOOKUP(INDEX(Quantities!$A$100:$A$118,MATCH($A113,Quantities!$C$100:$C$118)),Quantities[],Quantities!$R$2)*VLOOKUP(INDEX(Quantities!$A$100:$A$118,MATCH($A113,Quantities!$C$100:$C$118)),Quantities[],Quantities!$Q$2)\n+VLOOKUP(INDEX(Quantities!$A$100:$A$118,MATCH($A113,Quantities!$C$100:$C$118)),Quantities[],Quantities!$T$2)*VLOOKUP(INDEX(Quantities!$A$100:$A$118,MATCH($A113,Quantities!$C$100:$C$118)),Quantities[],Quantities!$S$2))/\n(VLOOKUP(INDEX(Quantities!$A$100:$A$118,MATCH($A113,Quantities!$C$100:$C$118)),Quantities[],Quantities!$O$2)+VLOOKUP(INDEX(Quantities!$A$100:$A$118,MATCH($A113,Quantities!$C$100:$C$118)),Quantities[],Quantities!$Q$2)+VLOOKUP(A113,Quantities[],Quantities!$S$2)),\n\nIF(AND(B113=\"D\", (VLOOKUP(A113,Quantities[],Quantities!$O$2)+VLOOKUP(A113,Quantities[],Quantities!$Q$2)+VLOOKUP(A113,Quantities[],Quantities!$S$2))>0),\n(VLOOKUP(A113,Quantities[],Quantities!$P$2)*VLOOKUP(A113,Quantities[],Quantities!$O$2)\n+VLOOKUP(A113,Quantities[],Quantities!$R$2)*VLOOKUP(A113,Quantities[],Quantities!$Q$2)\n+VLOOKUP(A113,Quantities[],Quantities!$T$2)*VLOOKUP(A113,Quantities[],Quantities!$S$2))/\n(VLOOKUP(A113,Quantities[],Quantities!$O$2)+VLOOKUP(A113,Quantities[],Quantities!$Q$2)+VLOOKUP(A113,Quantities[],Quantities!$S$2)),\n\nIF($B113=\"Q\", (SUM(VLOOKUP($A113,Quantities[],Quantities!$P$2)*VLOOKUP($A113,Quantities[],Quantities!$O$2),VLOOKUP($A113,Quantities[],Quantities!$R$2)*VLOOKUP($A113,Quantities[],Quantities!$Q$2),VLOOKUP($A113,Quantities[],Quantities!$T$2)*VLOOKUP($A113,Quantities[],Quantities!$S$2)))/SUM(VLOOKUP($A113,Quantities[],Quantities!$O$2),VLOOKUP($A113,Quantities[],Quantities!$Q$2),VLOOKUP($A113,Quantities[],Quantities!$S$2)),\n\n VLOOKUP(A113,Quantities[],Quantities!$H$2)\n))))))","v":0.01},{"$f":"IF(LEFT(D113,1)=\"U\",\"-\",VLOOKUP(D113,Equipment[],Equipment!$B$2))","v":"Hitachi EX3600-5"}]
[{"$f":"Quantities!A33","v":2000},"C","b","Sh1",{"$f":"CONCATENATE(TEXT(A114,\"0\"),\"-\",B114,\"-\",C114,\"-\",D114)","v":"2000-C-b-Sh1"},{"$f":"IF(D114=\"Comb1\",CONCATENATE(VLOOKUP(B114,'Activity-Material_Codes'!$A$2:$B$26,Quantities!$B$2),\"-\",VLOOKUP(A114,Quantities[],Quantities!$D$2)),\nCONCATENATE(\nVLOOKUP(B114,'Activity-Material_Codes'!$A$2:$B$26,Quantities!$B$2),\nIF(AND(B114=\"B\",C114=\"a\"), \" Scraper Grading\", \"\"),\nIF(C114=\"b\",\"\",\"-\"),\nIF(C114=\"b\",\"\",VLOOKUP(A114,Quantities[],Quantities!$D$2)),\nIF(LEFT(TEXT(A114,\"0\"),1)=\"5\",\"\",\"-\"),\nIF(LEFT(TEXT(A114,\"0\"),1)=\"5\",\"\",VLOOKUP(C114,'Activity-Material_Codes'!$A$30:$B$36,Quantities!$B$2))\n))","v":"Load-Cover"},{"$f":"CONCATENATE(\nIF(OR(RIGHT(TEXT($A114,\"0\"),Quantities!$B$2)=\"00\",LEFT(TEXT($A114,\"0\"),1)=\"5\",OR($C114=\"b\",$C114=\"f\")),\"\",VLOOKUP($A114,Quantities[],Quantities!$B$2)),\nIF(LEFT(TEXT($A114,\"0\"),1)=\"5\",\"\",\" \"),\nIF(OR(C114=\"a\",C114=\"c\",C114=\"d\",C114=\"e\"),IF(OR(RIGHT(TEXT($A114,\"0\"),Quantities!$B$2)=\"00\",LEFT(TEXT($A114,\"0\"),1)=\"5\"),VLOOKUP($A114,Quantities[],Quantities!$B$2),\"\"),\nIF(LEFT(TEXT($A114,\"0\"),1)=\"5\",VLOOKUP($A114,Quantities[],Quantities!$B$2),\nVLOOKUP(INDEX(Quantities!$A$100:$A$118,MATCH($A114,Quantities!$C$100:$C$118)),Quantities!$A$100:$B$118,Quantities!$B$2))))","v":" Borrow Area A"},{"$f":"IF(LEFT(TEXT(A114,\"0\"),1)=\"5\",\nVLOOKUP(VLOOKUP(A114,Quantities!$A$4:$D$118,Quantities!$C$2),Quantities!$A$4:$D$118,Quantities!$C$2),\nIF(OR(C114=\"a\",C114=\"c\",C114=\"d\",C114=\"e\"),\n\"-\",\nIF(RIGHT(TEXT(A114,\"0\"),2)=\"00\",VLOOKUP(A114,Quantities[],Quantities!$B$2),\nIF(C114=\"f\",VLOOKUP(A114,Quantities[],Quantities!$B$2),\nVLOOKUP(A114,Quantities[],Quantities!$C$2))\n)))","v":"9A Waste "},{"$f":"IF(OR(AND(LEFT(D114,2)=\"Sc\",B114=\"A\",C114=\"d\"),AND(C114=\"f\",B114=\"D\")),\nSUM(VLOOKUP($A114,Quantities[],Quantities!$O$2),VLOOKUP($A114,Quantities[],Quantities!$Q$2),VLOOKUP($A114,Quantities[],Quantities!$S$2)),\n\nIF(AND(LEFT(D114,2)=\"Sc\",OR(C114=\"a\",C114=\"f\")),\nVLOOKUP(A114,Quantities[],Quantities!$I$2),\n\nIF(AND(B114=\"D\",C114=\"b\"),\n VLOOKUP(INDEX(Quantities!$A$100:$A$118,MATCH($A114,Quantities!$C$100:$C$118)),Quantities!$A$100:$AJ$118,Quantities!$O$2)+\nVLOOKUP(INDEX(Quantities!$A$100:$A$118,MATCH($A114,Quantities!$C$100:$C$118)),Quantities!$A$100:$AJ$118,Quantities!$Q$2)+\nVLOOKUP(INDEX(Quantities!$A$100:$A$118,MATCH($A114,Quantities!$C$100:$C$118)),Quantities!$A$100:$AJ$118,Quantities!$S$2),\n\nIF(OR(B114=\"D\",B114=\"Q\"),\nSUM(VLOOKUP($A114,Quantities[],Quantities!$O$2),VLOOKUP($A114,Quantities[],Quantities!$Q$2),VLOOKUP($A114,Quantities[],Quantities!$S$2)),\n\n VLOOKUP(A114,Quantities[],Quantities!$G$2)\n))))","v":0},{"$f":"IF(LEFT(D114,2)=\"Mg\", VLOOKUP(A114,Quantities[],Quantities!$H$2),\n\nIF(OR(AND(LEFT(D114,2)=\"Sc\",B114=\"A\",C114=\"d\",C114=\"f\")),\n(SUM(VLOOKUP($A114,Quantities[],Quantities!$P$2)*VLOOKUP($A114,Quantities[],Quantities!$O$2),VLOOKUP($A114,Quantities[],Quantities!$R$2)*VLOOKUP($A114,Quantities[],Quantities!$Q$2),VLOOKUP($A114,Quantities[],Quantities!$T$2)*VLOOKUP($A114,Quantities[],Quantities!$S$2)))/SUM(VLOOKUP($A114,Quantities[],Quantities!$O$2),VLOOKUP($A114,Quantities[],Quantities!$Q$2),VLOOKUP($A114,Quantities[],Quantities!$S$2)),\n\nIF(AND(LEFT(D114,2)=\"Sc\",OR(C114=\"a\",C114=\"f\")),\nVLOOKUP(A114,Quantities[],Quantities!$J$2),\n\nIF(AND(B114=\"D\",C114=\"b\", (VLOOKUP(INDEX(Quantities!$A$100:$A$118,MATCH($A114,Quantities!$C$100:$C$118)),Quantities[],Quantities!$O$2)+VLOOKUP(INDEX(Quantities!$A$100:$A$118,MATCH($A114,Quantities!$C$100:$C$118)),Quantities[],Quantities!$Q$2)+VLOOKUP(INDEX(Quantities!$A$100:$A$118,MATCH($A114,Quantities!$C$100:$C$118)),Quantities[],Quantities!$S$2))>0),\n(VLOOKUP(INDEX(Quantities!$A$100:$A$118,MATCH($A114,Quantities!$C$100:$C$118)),Quantities[],Quantities!$P$2)*VLOOKUP(INDEX(Quantities!$A$100:$A$118,MATCH($A114,Quantities!$C$100:$C$118)),Quantities[],Quantities!$O$2)\n+VLOOKUP(INDEX(Quantities!$A$100:$A$118,MATCH($A114,Quantities!$C$100:$C$118)),Quantities[],Quantities!$R$2)*VLOOKUP(INDEX(Quantities!$A$100:$A$118,MATCH($A114,Quantities!$C$100:$C$118)),Quantities[],Quantities!$Q$2)\n+VLOOKUP(INDEX(Quantities!$A$100:$A$118,MATCH($A114,Quantities!$C$100:$C$118)),Quantities[],Quantities!$T$2)*VLOOKUP(INDEX(Quantities!$A$100:$A$118,MATCH($A114,Quantities!$C$100:$C$118)),Quantities[],Quantities!$S$2))/\n(VLOOKUP(INDEX(Quantities!$A$100:$A$118,MATCH($A114,Quantities!$C$100:$C$118)),Quantities[],Quantities!$O$2)+VLOOKUP(INDEX(Quantities!$A$100:$A$118,MATCH($A114,Quantities!$C$100:$C$118)),Quantities[],Quantities!$Q$2)+VLOOKUP(A114,Quantities[],Quantities!$S$2)),\n\nIF(AND(B114=\"D\", (VLOOKUP(A114,Quantities[],Quantities!$O$2)+VLOOKUP(A114,Quantities[],Quantities!$Q$2)+VLOOKUP(A114,Quantities[],Quantities!$S$2))>0),\n(VLOOKUP(A114,Quantities[],Quantities!$P$2)*VLOOKUP(A114,Quantities[],Quantities!$O$2)\n+VLOOKUP(A114,Quantities[],Quantities!$R$2)*VLOOKUP(A114,Quantities[],Quantities!$Q$2)\n+VLOOKUP(A114,Quantities[],Quantities!$T$2)*VLOOKUP(A114,Quantities[],Quantities!$S$2))/\n(VLOOKUP(A114,Quantities[],Quantities!$O$2)+VLOOKUP(A114,Quantities[],Quantities!$Q$2)+VLOOKUP(A114,Quantities[],Quantities!$S$2)),\n\nIF($B114=\"Q\", (SUM(VLOOKUP($A114,Quantities[],Quantities!$P$2)*VLOOKUP($A114,Quantities[],Quantities!$O$2),VLOOKUP($A114,Quantities[],Quantities!$R$2)*VLOOKUP($A114,Quantities[],Quantities!$Q$2),VLOOKUP($A114,Quantities[],Quantities!$T$2)*VLOOKUP($A114,Quantities[],Quantities!$S$2)))/SUM(VLOOKUP($A114,Quantities[],Quantities!$O$2),VLOOKUP($A114,Quantities[],Quantities!$Q$2),VLOOKUP($A114,Quantities[],Quantities!$S$2)),\n\n VLOOKUP(A114,Quantities[],Quantities!$H$2)\n))))))","v":"-"},{"$f":"IF(LEFT(D114,1)=\"U\",\"-\",VLOOKUP(D114,Equipment[],Equipment!$B$2))","v":"Hitachi EX3600-5"}]
[{"$f":"Quantities!A36","v":2100},"C","b","Sh1",{"$f":"CONCATENATE(TEXT(A115,\"0\"),\"-\",B115,\"-\",C115,\"-\",D115)","v":"2100-C-b-Sh1"},{"$f":"IF(D115=\"Comb1\",CONCATENATE(VLOOKUP(B115,'Activity-Material_Codes'!$A$2:$B$26,Quantities!$B$2),\"-\",VLOOKUP(A115,Quantities[],Quantities!$D$2)),\nCONCATENATE(\nVLOOKUP(B115,'Activity-Material_Codes'!$A$2:$B$26,Quantities!$B$2),\nIF(AND(B115=\"B\",C115=\"a\"), \" Scraper Grading\", \"\"),\nIF(C115=\"b\",\"\",\"-\"),\nIF(C115=\"b\",\"\",VLOOKUP(A115,Quantities[],Quantities!$D$2)),\nIF(LEFT(TEXT(A115,\"0\"),1)=\"5\",\"\",\"-\"),\nIF(LEFT(TEXT(A115,\"0\"),1)=\"5\",\"\",VLOOKUP(C115,'Activity-Material_Codes'!$A$30:$B$36,Quantities!$B$2))\n))","v":"Load-Cover"},{"$f":"CONCATENATE(\nIF(OR(RIGHT(TEXT($A115,\"0\"),Quantities!$B$2)=\"00\",LEFT(TEXT($A115,\"0\"),1)=\"5\",OR($C115=\"b\",$C115=\"f\")),\"\",VLOOKUP($A115,Quantities[],Quantities!$B$2)),\nIF(LEFT(TEXT($A115,\"0\"),1)=\"5\",\"\",\" \"),\nIF(OR(C115=\"a\",C115=\"c\",C115=\"d\",C115=\"e\"),IF(OR(RIGHT(TEXT($A115,\"0\"),Quantities!$B$2)=\"00\",LEFT(TEXT($A115,\"0\"),1)=\"5\"),VLOOKUP($A115,Quantities[],Quantities!$B$2),\"\"),\nIF(LEFT(TEXT($A115,\"0\"),1)=\"5\",VLOOKUP($A115,Quantities[],Quantities!$B$2),\nVLOOKUP(INDEX(Quantities!$A$100:$A$118,MATCH($A115,Quantities!$C$100:$C$118)),Quantities!$A$100:$B$118,Quantities!$B$2))))","v":" Borrow Area A"},{"$f":"IF(LEFT(TEXT(A115,\"0\"),1)=\"5\",\nVLOOKUP(VLOOKUP(A115,Quantities!$A$4:$D$118,Quantities!$C$2),Quantities!$A$4:$D$118,Quantities!$C$2),\nIF(OR(C115=\"a\",C115=\"c\",C115=\"d\",C115=\"e\"),\n\"-\",\nIF(RIGHT(TEXT(A115,\"0\"),2)=\"00\",VLOOKUP(A115,Quantities[],Quantities!$B$2),\nIF(C115=\"f\",VLOOKUP(A115,Quantities[],Quantities!$B$2),\nVLOOKUP(A115,Quantities[],Quantities!$C$2))\n)))","v":"9AX Waste"},{"$f":"IF(OR(AND(LEFT(D115,2)=\"Sc\",B115=\"A\",C115=\"d\"),AND(C115=\"f\",B115=\"D\")),\nSUM(VLOOKUP($A115,Quantities[],Quantities!$O$2),VLOOKUP($A115,Quantities[],Quantities!$Q$2),VLOOKUP($A115,Quantities[],Quantities!$S$2)),\n\nIF(AND(LEFT(D115,2)=\"Sc\",OR(C115=\"a\",C115=\"f\")),\nVLOOKUP(A115,Quantities[],Quantities!$I$2),\n\nIF(AND(B115=\"D\",C115=\"b\"),\n VLOOKUP(INDEX(Quantities!$A$100:$A$118,MATCH($A115,Quantities!$C$100:$C$118)),Quantities!$A$100:$AJ$118,Quantities!$O$2)+\nVLOOKUP(INDEX(Quantities!$A$100:$A$118,MATCH($A115,Quantities!$C$100:$C$118)),Quantities!$A$100:$AJ$118,Quantities!$Q$2)+\nVLOOKUP(INDEX(Quantities!$A$100:$A$118,MATCH($A115,Quantities!$C$100:$C$118)),Quantities!$A$100:$AJ$118,Quantities!$S$2),\n\nIF(OR(B115=\"D\",B115=\"Q\"),\nSUM(VLOOKUP($A115,Quantities[],Quantities!$O$2),VLOOKUP($A115,Quantities[],Quantities!$Q$2),VLOOKUP($A115,Quantities[],Quantities!$S$2)),\n\n VLOOKUP(A115,Quantities[],Quantities!$G$2)\n))))","v":0},{"$f":"IF(LEFT(D115,2)=\"Mg\", VLOOKUP(A115,Quantities[],Quantities!$H$2),\n\nIF(OR(AND(LEFT(D115,2)=\"Sc\",B115=\"A\",C115=\"d\",C115=\"f\")),\n(SUM(VLOOKUP($A115,Quantities[],Quantities!$P$2)*VLOOKUP($A115,Quantities[],Quantities!$O$2),VLOOKUP($A115,Quantities[],Quantities!$R$2)*VLOOKUP($A115,Quantities[],Quantities!$Q$2),VLOOKUP($A115,Quantities[],Quantities!$T$2)*VLOOKUP($A115,Quantities[],Quantities!$S$2)))/SUM(VLOOKUP($A115,Quantities[],Quantities!$O$2),VLOOKUP($A115,Quantities[],Quantities!$Q$2),VLOOKUP($A115,Quantities[],Quantities!$S$2)),\n\nIF(AND(LEFT(D115,2)=\"Sc\",OR(C115=\"a\",C115=\"f\")),\nVLOOKUP(A115,Quantities[],Quantities!$J$2),\n\nIF(AND(B115=\"D\",C115=\"b\", (VLOOKUP(INDEX(Quantities!$A$100:$A$118,MATCH($A115,Quantities!$C$100:$C$118)),Quantities[],Quantities!$O$2)+VLOOKUP(INDEX(Quantities!$A$100:$A$118,MATCH($A115,Quantities!$C$100:$C$118)),Quantities[],Quantities!$Q$2)+VLOOKUP(INDEX(Quantities!$A$100:$A$118,MATCH($A115,Quantities!$C$100:$C$118)),Quantities[],Quantities!$S$2))>0),\n(VLOOKUP(INDEX(Quantities!$A$100:$A$118,MATCH($A115,Quantities!$C$100:$C$118)),Quantities[],Quantities!$P$2)*VLOOKUP(INDEX(Quantities!$A$100:$A$118,MATCH($A115,Quantities!$C$100:$C$118)),Quantities[],Quantities!$O$2)\n+VLOOKUP(INDEX(Quantities!$A$100:$A$118,MATCH($A115,Quantities!$C$100:$C$118)),Quantities[],Quantities!$R$2)*VLOOKUP(INDEX(Quantities!$A$100:$A$118,MATCH($A115,Quantities!$C$100:$C$118)),Quantities[],Quantities!$Q$2)\n+VLOOKUP(INDEX(Quantities!$A$100:$A$118,MATCH($A115,Quantities!$C$100:$C$118)),Quantities[],Quantities!$T$2)*VLOOKUP(INDEX(Quantities!$A$100:$A$118,MATCH($A115,Quantities!$C$100:$C$118)),Quantities[],Quantities!$S$2))/\n(VLOOKUP(INDEX(Quantities!$A$100:$A$118,MATCH($A115,Quantities!$C$100:$C$118)),Quantities[],Quantities!$O$2)+VLOOKUP(INDEX(Quantities!$A$100:$A$118,MATCH($A115,Quantities!$C$100:$C$118)),Quantities[],Quantities!$Q$2)+VLOOKUP(A115,Quantities[],Quantities!$S$2)),\n\nIF(AND(B115=\"D\", (VLOOKUP(A115,Quantities[],Quantities!$O$2)+VLOOKUP(A115,Quantities[],Quantities!$Q$2)+VLOOKUP(A115,Quantities[],Quantities!$S$2))>0),\n(VLOOKUP(A115,Quantities[],Quantities!$P$2)*VLOOKUP(A115,Quantities[],Quantities!$O$2)\n+VLOOKUP(A115,Quantities[],Quantities!$R$2)*VLOOKUP(A115,Quantities[],Quantities!$Q$2)\n+VLOOKUP(A115,Quantities[],Quantities!$T$2)*VLOOKUP(A115,Quantities[],Quantities!$S$2))/\n(VLOOKUP(A115,Quantities[],Quantities!$O$2)+VLOOKUP(A115,Quantities[],Quantities!$Q$2)+VLOOKUP(A115,Quantities[],Quantities!$S$2)),\n\nIF($B115=\"Q\", (SUM(VLOOKUP($A115,Quantities[],Quantities!$P$2)*VLOOKUP($A115,Quantities[],Quantities!$O$2),VLOOKUP($A115,Quantities[],Quantities!$R$2)*VLOOKUP($A115,Quantities[],Quantities!$Q$2),VLOOKUP($A115,Quantities[],Quantities!$T$2)*VLOOKUP($A115,Quantities[],Quantities!$S$2)))/SUM(VLOOKUP($A115,Quantities[],Quantities!$O$2),VLOOKUP($A115,Quantities[],Quantities!$Q$2),VLOOKUP($A115,Quantities[],Quantities!$S$2)),\n\n VLOOKUP(A115,Quantities[],Quantities!$H$2)\n))))))","v":"-"},{"$f":"IF(LEFT(D115,1)=\"U\",\"-\",VLOOKUP(D115,Equipment[],Equipment!$B$2))","v":"Hitachi EX3600-5"}]
[{"$f":"Quantities!$A$59","v":2600},"C","b","Ld2","2600-C-b-Ld2",{"$f":"IF(D116=\"Comb1\",CONCATENATE(VLOOKUP(B116,'Activity-Material_Codes'!$A$2:$B$26,Quantities!$B$2),\"-\",VLOOKUP(A116,Quantities[],Quantities!$D$2)),\nCONCATENATE(\nVLOOKUP(B116,'Activity-Material_Codes'!$A$2:$B$26,Quantities!$B$2),\nIF(AND(B116=\"B\",C116=\"a\"), \" Scraper Grading\", \"\"),\nIF(C116=\"b\",\"\",\"-\"),\nIF(C116=\"b\",\"\",VLOOKUP(A116,Quantities[],Quantities!$D$2)),\nIF(LEFT(TEXT(A116,\"0\"),1)=\"5\",\"\",\"-\"),\nIF(LEFT(TEXT(A116,\"0\"),1)=\"5\",\"\",VLOOKUP(C116,'Activity-Material_Codes'!$A$30:$B$36,Quantities!$B$2))\n))","v":"Load-Cover"},{"$f":"CONCATENATE(\nIF(OR(RIGHT(TEXT($A116,\"0\"),Quantities!$B$2)=\"00\",LEFT(TEXT($A116,\"0\"),1)=\"5\",OR($C116=\"b\",$C116=\"f\")),\"\",VLOOKUP($A116,Quantities[],Quantities!$B$2)),\nIF(LEFT(TEXT($A116,\"0\"),1)=\"5\",\"\",\" \"),\nIF(OR(C116=\"a\",C116=\"c\",C116=\"d\",C116=\"e\"),IF(OR(RIGHT(TEXT($A116,\"0\"),Quantities!$B$2)=\"00\",LEFT(TEXT($A116,\"0\"),1)=\"5\"),VLOOKUP($A116,Quantities[],Quantities!$B$2),\"\"),\nIF(LEFT(TEXT($A116,\"0\"),1)=\"5\",VLOOKUP($A116,Quantities[],Quantities!$B$2),\nVLOOKUP(INDEX(Quantities!$A$100:$A$118,MATCH($A116,Quantities!$C$100:$C$118)),Quantities!$A$100:$B$118,Quantities!$B$2))))","v":" 9AX Waste"},{"$f":"IF(LEFT(TEXT(A116,\"0\"),1)=\"5\",\nVLOOKUP(VLOOKUP(A116,Quantities!$A$4:$D$118,Quantities!$C$2),Quantities!$A$4:$D$118,Quantities!$C$2),\nIF(OR(C116=\"a\",C116=\"c\",C116=\"d\",C116=\"e\"),\n\"-\",\nIF(RIGHT(TEXT(A116,\"0\"),2)=\"00\",VLOOKUP(A116,Quantities[],Quantities!$B$2),\nIF(C116=\"f\",VLOOKUP(A116,Quantities[],Quantities!$B$2),\nVLOOKUP(A116,Quantities[],Quantities!$C$2))\n)))","v":"Reclaimed Tailing Launder Line"},{"$f":"IF(OR(AND(LEFT(D116,2)=\"Sc\",B116=\"A\",C116=\"d\"),AND(C116=\"f\",B116=\"D\")),\nSUM(VLOOKUP($A116,Quantities[],Quantities!$O$2),VLOOKUP($A116,Quantities[],Quantities!$Q$2),VLOOKUP($A116,Quantities[],Quantities!$S$2)),\n\nIF(AND(LEFT(D116,2)=\"Sc\",OR(C116=\"a\",C116=\"f\")),\nVLOOKUP(A116,Quantities[],Quantities!$I$2),\n\nIF(AND(B116=\"D\",C116=\"b\"),\n VLOOKUP(INDEX(Quantities!$A$100:$A$118,MATCH($A116,Quantities!$C$100:$C$118)),Quantities!$A$100:$AJ$118,Quantities!$O$2)+\nVLOOKUP(INDEX(Quantities!$A$100:$A$118,MATCH($A116,Quantities!$C$100:$C$118)),Quantities!$A$100:$AJ$118,Quantities!$Q$2)+\nVLOOKUP(INDEX(Quantities!$A$100:$A$118,MATCH($A116,Quantities!$C$100:$C$118)),Quantities!$A$100:$AJ$118,Quantities!$S$2),\n\nIF(OR(B116=\"D\",B116=\"Q\"),\nSUM(VLOOKUP($A116,Quantities[],Quantities!$O$2),VLOOKUP($A116,Quantities[],Quantities!$Q$2),VLOOKUP($A116,Quantities[],Quantities!$S$2)),\n\n VLOOKUP(A116,Quantities[],Quantities!$G$2)\n))))","v":100},{"$f":"IF(LEFT(D116,2)=\"Mg\", VLOOKUP(A116,Quantities[],Quantities!$H$2),\n\nIF(OR(AND(LEFT(D116,2)=\"Sc\",B116=\"A\",C116=\"d\",C116=\"f\")),\n(SUM(VLOOKUP($A116,Quantities[],Quantities!$P$2)*VLOOKUP($A116,Quantities[],Quantities!$O$2),VLOOKUP($A116,Quantities[],Quantities!$R$2)*VLOOKUP($A116,Quantities[],Quantities!$Q$2),VLOOKUP($A116,Quantities[],Quantities!$T$2)*VLOOKUP($A116,Quantities[],Quantities!$S$2)))/SUM(VLOOKUP($A116,Quantities[],Quantities!$O$2),VLOOKUP($A116,Quantities[],Quantities!$Q$2),VLOOKUP($A116,Quantities[],Quantities!$S$2)),\n\nIF(AND(LEFT(D116,2)=\"Sc\",OR(C116=\"a\",C116=\"f\")),\nVLOOKUP(A116,Quantities[],Quantities!$J$2),\n\nIF(AND(B116=\"D\",C116=\"b\", (VLOOKUP(INDEX(Quantities!$A$100:$A$118,MATCH($A116,Quantities!$C$100:$C$118)),Quantities[],Quantities!$O$2)+VLOOKUP(INDEX(Quantities!$A$100:$A$118,MATCH($A116,Quantities!$C$100:$C$118)),Quantities[],Quantities!$Q$2)+VLOOKUP(INDEX(Quantities!$A$100:$A$118,MATCH($A116,Quantities!$C$100:$C$118)),Quantities[],Quantities!$S$2))>0),\n(VLOOKUP(INDEX(Quantities!$A$100:$A$118,MATCH($A116,Quantities!$C$100:$C$118)),Quantities[],Quantities!$P$2)*VLOOKUP(INDEX(Quantities!$A$100:$A$118,MATCH($A116,Quantities!$C$100:$C$118)),Quantities[],Quantities!$O$2)\n+VLOOKUP(INDEX(Quantities!$A$100:$A$118,MATCH($A116,Quantities!$C$100:$C$118)),Quantities[],Quantities!$R$2)*VLOOKUP(INDEX(Quantities!$A$100:$A$118,MATCH($A116,Quantities!$C$100:$C$118)),Quantities[],Quantities!$Q$2)\n+VLOOKUP(INDEX(Quantities!$A$100:$A$118,MATCH($A116,Quantities!$C$100:$C$118)),Quantities[],Quantities!$T$2)*VLOOKUP(INDEX(Quantities!$A$100:$A$118,MATCH($A116,Quantities!$C$100:$C$118)),Quantities[],Quantities!$S$2))/\n(VLOOKUP(INDEX(Quantities!$A$100:$A$118,MATCH($A116,Quantities!$C$100:$C$118)),Quantities[],Quantities!$O$2)+VLOOKUP(INDEX(Quantities!$A$100:$A$118,MATCH($A116,Quantities!$C$100:$C$118)),Quantities[],Quantities!$Q$2)+VLOOKUP(A116,Quantities[],Quantities!$S$2)),\n\nIF(AND(B116=\"D\", (VLOOKUP(A116,Quantities[],Quantities!$O$2)+VLOOKUP(A116,Quantities[],Quantities!$Q$2)+VLOOKUP(A116,Quantities[],Quantities!$S$2))>0),\n(VLOOKUP(A116,Quantities[],Quantities!$P$2)*VLOOKUP(A116,Quantities[],Quantities!$O$2)\n+VLOOKUP(A116,Quantities[],Quantities!$R$2)*VLOOKUP(A116,Quantities[],Quantities!$Q$2)\n+VLOOKUP(A116,Quantities[],Quantities!$T$2)*VLOOKUP(A116,Quantities[],Quantities!$S$2))/\n(VLOOKUP(A116,Quantities[],Quantities!$O$2)+VLOOKUP(A116,Quantities[],Quantities!$Q$2)+VLOOKUP(A116,Quantities[],Quantities!$S$2)),\n\nIF($B116=\"Q\", (SUM(VLOOKUP($A116,Quantities[],Quantities!$P$2)*VLOOKUP($A116,Quantities[],Quantities!$O$2),VLOOKUP($A116,Quantities[],Quantities!$R$2)*VLOOKUP($A116,Quantities[],Quantities!$Q$2),VLOOKUP($A116,Quantities[],Quantities!$T$2)*VLOOKUP($A116,Quantities[],Quantities!$S$2)))/SUM(VLOOKUP($A116,Quantities[],Quantities!$O$2),VLOOKUP($A116,Quantities[],Quantities!$Q$2),VLOOKUP($A116,Quantities[],Quantities!$S$2)),\n\n VLOOKUP(A116,Quantities[],Quantities!$H$2)\n))))))","v":0.01},{"$f":"IF(LEFT(D116,1)=\"U\",\"-\",VLOOKUP(D116,Equipment[],Equipment!$B$2))","v":"Cat 988H"}]
[{"$f":"Quantities!$A$14","v":1302},"C","f","Sh1","1302-C-f-Sh1",{"$f":"IF(D117=\"Comb1\",CONCATENATE(VLOOKUP(B117,'Activity-Material_Codes'!$A$2:$B$26,Quantities!$B$2),\"-\",VLOOKUP(A117,Quantities[],Quantities!$D$2)),\nCONCATENATE(\nVLOOKUP(B117,'Activity-Material_Codes'!$A$2:$B$26,Quantities!$B$2),\nIF(AND(B117=\"B\",C117=\"a\"), \" Scraper Grading\", \"\"),\nIF(C117=\"b\",\"\",\"-\"),\nIF(C117=\"b\",\"\",VLOOKUP(A117,Quantities[],Quantities!$D$2)),\nIF(LEFT(TEXT(A117,\"0\"),1)=\"5\",\"\",\"-\"),\nIF(LEFT(TEXT(A117,\"0\"),1)=\"5\",\"\",VLOOKUP(C117,'Activity-Material_Codes'!$A$30:$B$36,Quantities!$B$2))\n))","v":"Load-Outslopes Pullback-Backfill/Stockpile Material"},{"$f":"CONCATENATE(\nIF(OR(RIGHT(TEXT($A117,\"0\"),Quantities!$B$2)=\"00\",LEFT(TEXT($A117,\"0\"),1)=\"5\",OR($C117=\"b\",$C117=\"f\")),\"\",VLOOKUP($A117,Quantities[],Quantities!$B$2)),\nIF(LEFT(TEXT($A117,\"0\"),1)=\"5\",\"\",\" \"),\nIF(OR(C117=\"a\",C117=\"c\",C117=\"d\",C117=\"e\"),IF(OR(RIGHT(TEXT($A117,\"0\"),Quantities!$B$2)=\"00\",LEFT(TEXT($A117,\"0\"),1)=\"5\"),VLOOKUP($A117,Quantities[],Quantities!$B$2),\"\"),\nIF(LEFT(TEXT($A117,\"0\"),1)=\"5\",VLOOKUP($A117,Quantities[],Quantities!$B$2),\nVLOOKUP(INDEX(Quantities!$A$100:$A$118,MATCH($A117,Quantities!$C$100:$C$118)),Quantities!$A$100:$B$118,Quantities!$B$2))))","v":" 3A Leach, 3B Waste"},{"$f":"IF(LEFT(TEXT(A117,\"0\"),1)=\"5\",\nVLOOKUP(VLOOKUP(A117,Quantities!$A$4:$D$118,Quantities!$C$2),Quantities!$A$4:$D$118,Quantities!$C$2),\nIF(OR(C117=\"a\",C117=\"c\",C117=\"d\",C117=\"e\"),\n\"-\",\nIF(RIGHT(TEXT(A117,\"0\"),2)=\"00\",VLOOKUP(A117,Quantities[],Quantities!$B$2),\nIF(C117=\"f\",VLOOKUP(A117,Quantities[],Quantities!$B$2),\nVLOOKUP(A117,Quantities[],Quantities!$C$2))\n)))","v":"3A Leach, 3B Waste"},{"$f":"IF(OR(AND(LEFT(D117,2)=\"Sc\",B117=\"A\",C117=\"d\"),AND(C117=\"f\",B117=\"D\")),\nSUM(VLOOKUP($A117,Quantities[],Quantities!$O$2),VLOOKUP($A117,Quantities[],Quantities!$Q$2),VLOOKUP($A117,Quantities[],Quantities!$S$2)),\n\nIF(AND(LEFT(D117,2)=\"Sc\",OR(C117=\"a\",C117=\"f\")),\nVLOOKUP(A117,Quantities[],Quantities!$I$2),\n\nIF(AND(B117=\"D\",C117=\"b\"),\n VLOOKUP(INDEX(Quantities!$A$100:$A$118,MATCH($A117,Quantities!$C$100:$C$118)),Quantities!$A$100:$AJ$118,Quantities!$O$2)+\nVLOOKUP(INDEX(Quantities!$A$100:$A$118,MATCH($A117,Quantities!$C$100:$C$118)),Quantities!$A$100:$AJ$118,Quantities!$Q$2)+\nVLOOKUP(INDEX(Quantities!$A$100:$A$118,MATCH($A117,Quantities!$C$100:$C$118)),Quantities!$A$100:$AJ$118,Quantities!$S$2),\n\nIF(OR(B117=\"D\",B117=\"Q\"),\nSUM(VLOOKUP($A117,Quantities[],Quantities!$O$2),VLOOKUP($A117,Quantities[],Quantities!$Q$2),VLOOKUP($A117,Quantities[],Quantities!$S$2)),\n\n VLOOKUP(A117,Quantities[],Quantities!$G$2)\n))))","v":0},{"$f":"IF(LEFT(D117,2)=\"Mg\", VLOOKUP(A117,Quantities[],Quantities!$H$2),\n\nIF(OR(AND(LEFT(D117,2)=\"Sc\",B117=\"A\",C117=\"d\",C117=\"f\")),\n(SUM(VLOOKUP($A117,Quantities[],Quantities!$P$2)*VLOOKUP($A117,Quantities[],Quantities!$O$2),VLOOKUP($A117,Quantities[],Quantities!$R$2)*VLOOKUP($A117,Quantities[],Quantities!$Q$2),VLOOKUP($A117,Quantities[],Quantities!$T$2)*VLOOKUP($A117,Quantities[],Quantities!$S$2)))/SUM(VLOOKUP($A117,Quantities[],Quantities!$O$2),VLOOKUP($A117,Quantities[],Quantities!$Q$2),VLOOKUP($A117,Quantities[],Quantities!$S$2)),\n\nIF(AND(LEFT(D117,2)=\"Sc\",OR(C117=\"a\",C117=\"f\")),\nVLOOKUP(A117,Quantities[],Quantities!$J$2),\n\nIF(AND(B117=\"D\",C117=\"b\", (VLOOKUP(INDEX(Quantities!$A$100:$A$118,MATCH($A117,Quantities!$C$100:$C$118)),Quantities[],Quantities!$O$2)+VLOOKUP(INDEX(Quantities!$A$100:$A$118,MATCH($A117,Quantities!$C$100:$C$118)),Quantities[],Quantities!$Q$2)+VLOOKUP(INDEX(Quantities!$A$100:$A$118,MATCH($A117,Quantities!$C$100:$C$118)),Quantities[],Quantities!$S$2))>0),\n(VLOOKUP(INDEX(Quantities!$A$100:$A$118,MATCH($A117,Quantities!$C$100:$C$118)),Quantities[],Quantities!$P$2)*VLOOKUP(INDEX(Quantities!$A$100:$A$118,MATCH($A117,Quantities!$C$100:$C$118)),Quantities[],Quantities!$O$2)\n+VLOOKUP(INDEX(Quantities!$A$100:$A$118,MATCH($A117,Quantities!$C$100:$C$118)),Quantities[],Quantities!$R$2)*VLOOKUP(INDEX(Quantities!$A$100:$A$118,MATCH($A117,Quantities!$C$100:$C$118)),Quantities[],Quantities!$Q$2)\n+VLOOKUP(INDEX(Quantities!$A$100:$A$118,MATCH($A117,Quantities!$C$100:$C$118)),Quantities[],Quantities!$T$2)*VLOOKUP(INDEX(Quantities!$A$100:$A$118,MATCH($A117,Quantities!$C$100:$C$118)),Quantities[],Quantities!$S$2))/\n(VLOOKUP(INDEX(Quantities!$A$100:$A$118,MATCH($A117,Quantities!$C$100:$C$118)),Quantities[],Quantities!$O$2)+VLOOKUP(INDEX(Quantities!$A$100:$A$118,MATCH($A117,Quantities!$C$100:$C$118)),Quantities[],Quantities!$Q$2)+VLOOKUP(A117,Quantities[],Quantities!$S$2)),\n\nIF(AND(B117=\"D\", (VLOOKUP(A117,Quantities[],Quantities!$O$2)+VLOOKUP(A117,Quantities[],Quantities!$Q$2)+VLOOKUP(A117,Quantities[],Quantities!$S$2))>0),\n(VLOOKUP(A117,Quantities[],Quantities!$P$2)*VLOOKUP(A117,Quantities[],Quantities!$O$2)\n+VLOOKUP(A117,Quantities[],Quantities!$R$2)*VLOOKUP(A117,Quantities[],Quantities!$Q$2)\n+VLOOKUP(A117,Quantities[],Quantities!$T$2)*VLOOKUP(A117,Quantities[],Quantities!$S$2))/\n(VLOOKUP(A117,Quantities[],Quantities!$O$2)+VLOOKUP(A117,Quantities[],Quantities!$Q$2)+VLOOKUP(A117,Quantities[],Quantities!$S$2)),\n\nIF($B117=\"Q\", (SUM(VLOOKUP($A117,Quantities[],Quantities!$P$2)*VLOOKUP($A117,Quantities[],Quantities!$O$2),VLOOKUP($A117,Quantities[],Quantities!$R$2)*VLOOKUP($A117,Quantities[],Quantities!$Q$2),VLOOKUP($A117,Quantities[],Quantities!$T$2)*VLOOKUP($A117,Quantities[],Quantities!$S$2)))/SUM(VLOOKUP($A117,Quantities[],Quantities!$O$2),VLOOKUP($A117,Quantities[],Quantities!$Q$2),VLOOKUP($A117,Quantities[],Quantities!$S$2)),\n\n VLOOKUP(A117,Quantities[],Quantities!$H$2)\n))))))","v":-0.28999999999999998},{"$f":"IF(LEFT(D117,1)=\"U\",\"-\",VLOOKUP(D117,Equipment[],Equipment!$B$2))","v":"Hitachi EX3600-5"}]
[{"$f":"Quantities!$A$40","v":2201},"C","f","Sh1","2201-C-f-Sh1",{"$f":"IF(D118=\"Comb1\",CONCATENATE(VLOOKUP(B118,'Activity-Material_Codes'!$A$2:$B$26,Quantities!$B$2),\"-\",VLOOKUP(A118,Quantities[],Quantities!$D$2)),\nCONCATENATE(\nVLOOKUP(B118,'Activity-Material_Codes'!$A$2:$B$26,Quantities!$B$2),\nIF(AND(B118=\"B\",C118=\"a\"), \" Scraper Grading\", \"\"),\nIF(C118=\"b\",\"\",\"-\"),\nIF(C118=\"b\",\"\",VLOOKUP(A118,Quantities[],Quantities!$D$2)),\nIF(LEFT(TEXT(A118,\"0\"),1)=\"5\",\"\",\"-\"),\nIF(LEFT(TEXT(A118,\"0\"),1)=\"5\",\"\",VLOOKUP(C118,'Activity-Material_Codes'!$A$30:$B$36,Quantities!$B$2))\n))","v":"Load-Pit Backfill-Backfill/Stockpile Material"},{"$f":"CONCATENATE(\nIF(OR(RIGHT(TEXT($A118,\"0\"),Quantities!$B$2)=\"00\",LEFT(TEXT($A118,\"0\"),1)=\"5\",OR($C118=\"b\",$C118=\"f\")),\"\",VLOOKUP($A118,Quantities[],Quantities!$B$2)),\nIF(LEFT(TEXT($A118,\"0\"),1)=\"5\",\"\",\" \"),\nIF(OR(C118=\"a\",C118=\"c\",C118=\"d\",C118=\"e\"),IF(OR(RIGHT(TEXT($A118,\"0\"),Quantities!$B$2)=\"00\",LEFT(TEXT($A118,\"0\"),1)=\"5\"),VLOOKUP($A118,Quantities[],Quantities!$B$2),\"\"),\nIF(LEFT(TEXT($A118,\"0\"),1)=\"5\",VLOOKUP($A118,Quantities[],Quantities!$B$2),\nVLOOKUP(INDEX(Quantities!$A$100:$A$118,MATCH($A118,Quantities!$C$100:$C$118)),Quantities!$A$100:$B$118,Quantities!$B$2))))","v":" Leach Stockpile"},{"$f":"IF(LEFT(TEXT(A118,\"0\"),1)=\"5\",\nVLOOKUP(VLOOKUP(A118,Quantities!$A$4:$D$118,Quantities!$C$2),Quantities!$A$4:$D$118,Quantities!$C$2),\nIF(OR(C118=\"a\",C118=\"c\",C118=\"d\",C118=\"e\"),\n\"-\",\nIF(RIGHT(TEXT(A118,\"0\"),2)=\"00\",VLOOKUP(A118,Quantities[],Quantities!$B$2),\nIF(C118=\"f\",VLOOKUP(A118,Quantities[],Quantities!$B$2),\nVLOOKUP(A118,Quantities[],Quantities!$C$2))\n)))","v":"San Salvador Pit, San Salvador Waste Backfill"},{"$f":"IF(OR(AND(LEFT(D118,2)=\"Sc\",B118=\"A\",C118=\"d\"),AND(C118=\"f\",B118=\"D\")),\nSUM(VLOOKUP($A118,Quantities[],Quantities!$O$2),VLOOKUP($A118,Quantities[],Quantities!$Q$2),VLOOKUP($A118,Quantities[],Quantities!$S$2)),\n\nIF(AND(LEFT(D118,2)=\"Sc\",OR(C118=\"a\",C118=\"f\")),\nVLOOKUP(A118,Quantities[],Quantities!$I$2),\n\nIF(AND(B118=\"D\",C118=\"b\"),\n VLOOKUP(INDEX(Quantities!$A$100:$A$118,MATCH($A118,Quantities!$C$100:$C$118)),Quantities!$A$100:$AJ$118,Quantities!$O$2)+\nVLOOKUP(INDEX(Quantities!$A$100:$A$118,MATCH($A118,Quantities!$C$100:$C$118)),Quantities!$A$100:$AJ$118,Quantities!$Q$2)+\nVLOOKUP(INDEX(Quantities!$A$100:$A$118,MATCH($A118,Quantities!$C$100:$C$118)),Quantities!$A$100:$AJ$118,Quantities!$S$2),\n\nIF(OR(B118=\"D\",B118=\"Q\"),\nSUM(VLOOKUP($A118,Quantities[],Quantities!$O$2),VLOOKUP($A118,Quantities[],Quantities!$Q$2),VLOOKUP($A118,Quantities[],Quantities!$S$2)),\n\n VLOOKUP(A118,Quantities[],Quantities!$G$2)\n))))","v":0},{"$f":"IF(LEFT(D118,2)=\"Mg\", VLOOKUP(A118,Quantities[],Quantities!$H$2),\n\nIF(OR(AND(LEFT(D118,2)=\"Sc\",B118=\"A\",C118=\"d\",C118=\"f\")),\n(SUM(VLOOKUP($A118,Quantities[],Quantities!$P$2)*VLOOKUP($A118,Quantities[],Quantities!$O$2),VLOOKUP($A118,Quantities[],Quantities!$R$2)*VLOOKUP($A118,Quantities[],Quantities!$Q$2),VLOOKUP($A118,Quantities[],Quantities!$T$2)*VLOOKUP($A118,Quantities[],Quantities!$S$2)))/SUM(VLOOKUP($A118,Quantities[],Quantities!$O$2),VLOOKUP($A118,Quantities[],Quantities!$Q$2),VLOOKUP($A118,Quantities[],Quantities!$S$2)),\n\nIF(AND(LEFT(D118,2)=\"Sc\",OR(C118=\"a\",C118=\"f\")),\nVLOOKUP(A118,Quantities[],Quantities!$J$2),\n\nIF(AND(B118=\"D\",C118=\"b\", (VLOOKUP(INDEX(Quantities!$A$100:$A$118,MATCH($A118,Quantities!$C$100:$C$118)),Quantities[],Quantities!$O$2)+VLOOKUP(INDEX(Quantities!$A$100:$A$118,MATCH($A118,Quantities!$C$100:$C$118)),Quantities[],Quantities!$Q$2)+VLOOKUP(INDEX(Quantities!$A$100:$A$118,MATCH($A118,Quantities!$C$100:$C$118)),Quantities[],Quantities!$S$2))>0),\n(VLOOKUP(INDEX(Quantities!$A$100:$A$118,MATCH($A118,Quantities!$C$100:$C$118)),Quantities[],Quantities!$P$2)*VLOOKUP(INDEX(Quantities!$A$100:$A$118,MATCH($A118,Quantities!$C$100:$C$118)),Quantities[],Quantities!$O$2)\n+VLOOKUP(INDEX(Quantities!$A$100:$A$118,MATCH($A118,Quantities!$C$100:$C$118)),Quantities[],Quantities!$R$2)*VLOOKUP(INDEX(Quantities!$A$100:$A$118,MATCH($A118,Quantities!$C$100:$C$118)),Quantities[],Quantities!$Q$2)\n+VLOOKUP(INDEX(Quantities!$A$100:$A$118,MATCH($A118,Quantities!$C$100:$C$118)),Quantities[],Quantities!$T$2)*VLOOKUP(INDEX(Quantities!$A$100:$A$118,MATCH($A118,Quantities!$C$100:$C$118)),Quantities[],Quantities!$S$2))/\n(VLOOKUP(INDEX(Quantities!$A$100:$A$118,MATCH($A118,Quantities!$C$100:$C$118)),Quantities[],Quantities!$O$2)+VLOOKUP(INDEX(Quantities!$A$100:$A$118,MATCH($A118,Quantities!$C$100:$C$118)),Quantities[],Quantities!$Q$2)+VLOOKUP(A118,Quantities[],Quantities!$S$2)),\n\nIF(AND(B118=\"D\", (VLOOKUP(A118,Quantities[],Quantities!$O$2)+VLOOKUP(A118,Quantities[],Quantities!$Q$2)+VLOOKUP(A118,Quantities[],Quantities!$S$2))>0),\n(VLOOKUP(A118,Quantities[],Quantities!$P$2)*VLOOKUP(A118,Quantities[],Quantities!$O$2)\n+VLOOKUP(A118,Quantities[],Quantities!$R$2)*VLOOKUP(A118,Quantities[],Quantities!$Q$2)\n+VLOOKUP(A118,Quantities[],Quantities!$T$2)*VLOOKUP(A118,Quantities[],Quantities!$S$2))/\n(VLOOKUP(A118,Quantities[],Quantities!$O$2)+VLOOKUP(A118,Quantities[],Quantities!$Q$2)+VLOOKUP(A118,Quantities[],Quantities!$S$2)),\n\nIF($B118=\"Q\", (SUM(VLOOKUP($A118,Quantities[],Quantities!$P$2)*VLOOKUP($A118,Quantities[],Quantities!$O$2),VLOOKUP($A118,Quantities[],Quantities!$R$2)*VLOOKUP($A118,Quantities[],Quantities!$Q$2),VLOOKUP($A118,Quantities[],Quantities!$T$2)*VLOOKUP($A118,Quantities[],Quantities!$S$2)))/SUM(VLOOKUP($A118,Quantities[],Quantities!$O$2),VLOOKUP($A118,Quantities[],Quantities!$Q$2),VLOOKUP($A118,Quantities[],Quantities!$S$2)),\n\n VLOOKUP(A118,Quantities[],Quantities!$H$2)\n))))))","v":0},{"$f":"IF(LEFT(D118,1)=\"U\",\"-\",VLOOKUP(D118,Equipment[],Equipment!$B$2))","v":"Hitachi EX3600-5"}]
[{"$f":"Quantities!$A$67","v":2900},"C","b","Ld2","2900-C-b-Ld2",{"$f":"IF(D119=\"Comb1\",CONCATENATE(VLOOKUP(B119,'Activity-Material_Codes'!$A$2:$B$26,Quantities!$B$2),\"-\",VLOOKUP(A119,Quantities[],Quantities!$D$2)),\nCONCATENATE(\nVLOOKUP(B119,'Activity-Material_Codes'!$A$2:$B$26,Quantities!$B$2),\nIF(AND(B119=\"B\",C119=\"a\"), \" Scraper Grading\", \"\"),\nIF(C119=\"b\",\"\",\"-\"),\nIF(C119=\"b\",\"\",VLOOKUP(A119,Quantities[],Quantities!$D$2)),\nIF(LEFT(TEXT(A119,\"0\"),1)=\"5\",\"\",\"-\"),\nIF(LEFT(TEXT(A119,\"0\"),1)=\"5\",\"\",VLOOKUP(C119,'Activity-Material_Codes'!$A$30:$B$36,Quantities!$B$2))\n))","v":"Load-Cover"},{"$f":"CONCATENATE(\nIF(OR(RIGHT(TEXT($A119,\"0\"),Quantities!$B$2)=\"00\",LEFT(TEXT($A119,\"0\"),1)=\"5\",OR($C119=\"b\",$C119=\"f\")),\"\",VLOOKUP($A119,Quantities[],Quantities!$B$2)),\nIF(LEFT(TEXT($A119,\"0\"),1)=\"5\",\"\",\" \"),\nIF(OR(C119=\"a\",C119=\"c\",C119=\"d\",C119=\"e\"),IF(OR(RIGHT(TEXT($A119,\"0\"),Quantities!$B$2)=\"00\",LEFT(TEXT($A119,\"0\"),1)=\"5\"),VLOOKUP($A119,Quantities[],Quantities!$B$2),\"\"),\nIF(LEFT(TEXT($A119,\"0\"),1)=\"5\",VLOOKUP($A119,Quantities[],Quantities!$B$2),\nVLOOKUP(INDEX(Quantities!$A$100:$A$118,MATCH($A119,Quantities!$C$100:$C$118)),Quantities!$A$100:$B$118,Quantities!$B$2))))","v":" Reclaimed Tailing Launder Line"},{"$f":"IF(LEFT(TEXT(A119,\"0\"),1)=\"5\",\nVLOOKUP(VLOOKUP(A119,Quantities!$A$4:$D$118,Quantities!$C$2),Quantities!$A$4:$D$118,Quantities!$C$2),\nIF(OR(C119=\"a\",C119=\"c\",C119=\"d\",C119=\"e\"),\n\"-\",\nIF(RIGHT(TEXT(A119,\"0\"),2)=\"00\",VLOOKUP(A119,Quantities[],Quantities!$B$2),\nIF(C119=\"f\",VLOOKUP(A119,Quantities[],Quantities!$B$2),\nVLOOKUP(A119,Quantities[],Quantities!$C$2))\n)))","v":"Reclaimed 1 Tailing Impoundment Reclaim Water Pumphouse Station"},{"$f":"IF(OR(AND(LEFT(D119,2)=\"Sc\",B119=\"A\",C119=\"d\"),AND(C119=\"f\",B119=\"D\")),\nSUM(VLOOKUP($A119,Quantities[],Quantities!$O$2),VLOOKUP($A119,Quantities[],Quantities!$Q$2),VLOOKUP($A119,Quantities[],Quantities!$S$2)),\n\nIF(AND(LEFT(D119,2)=\"Sc\",OR(C119=\"a\",C119=\"f\")),\nVLOOKUP(A119,Quantities[],Quantities!$I$2),\n\nIF(AND(B119=\"D\",C119=\"b\"),\n VLOOKUP(INDEX(Quantities!$A$100:$A$118,MATCH($A119,Quantities!$C$100:$C$118)),Quantities!$A$100:$AJ$118,Quantities!$O$2)+\nVLOOKUP(INDEX(Quantities!$A$100:$A$118,MATCH($A119,Quantities!$C$100:$C$118)),Quantities!$A$100:$AJ$118,Quantities!$Q$2)+\nVLOOKUP(INDEX(Quantities!$A$100:$A$118,MATCH($A119,Quantities!$C$100:$C$118)),Quantities!$A$100:$AJ$118,Quantities!$S$2),\n\nIF(OR(B119=\"D\",B119=\"Q\"),\nSUM(VLOOKUP($A119,Quantities[],Quantities!$O$2),VLOOKUP($A119,Quantities[],Quantities!$Q$2),VLOOKUP($A119,Quantities[],Quantities!$S$2)),\n\n VLOOKUP(A119,Quantities[],Quantities!$G$2)\n))))","v":2950},{"$f":"IF(LEFT(D119,2)=\"Mg\", VLOOKUP(A119,Quantities[],Quantities!$H$2),\n\nIF(OR(AND(LEFT(D119,2)=\"Sc\",B119=\"A\",C119=\"d\",C119=\"f\")),\n(SUM(VLOOKUP($A119,Quantities[],Quantities!$P$2)*VLOOKUP($A119,Quantities[],Quantities!$O$2),VLOOKUP($A119,Quantities[],Quantities!$R$2)*VLOOKUP($A119,Quantities[],Quantities!$Q$2),VLOOKUP($A119,Quantities[],Quantities!$T$2)*VLOOKUP($A119,Quantities[],Quantities!$S$2)))/SUM(VLOOKUP($A119,Quantities[],Quantities!$O$2),VLOOKUP($A119,Quantities[],Quantities!$Q$2),VLOOKUP($A119,Quantities[],Quantities!$S$2)),\n\nIF(AND(LEFT(D119,2)=\"Sc\",OR(C119=\"a\",C119=\"f\")),\nVLOOKUP(A119,Quantities[],Quantities!$J$2),\n\nIF(AND(B119=\"D\",C119=\"b\", (VLOOKUP(INDEX(Quantities!$A$100:$A$118,MATCH($A119,Quantities!$C$100:$C$118)),Quantities[],Quantities!$O$2)+VLOOKUP(INDEX(Quantities!$A$100:$A$118,MATCH($A119,Quantities!$C$100:$C$118)),Quantities[],Quantities!$Q$2)+VLOOKUP(INDEX(Quantities!$A$100:$A$118,MATCH($A119,Quantities!$C$100:$C$118)),Quantities[],Quantities!$S$2))>0),\n(VLOOKUP(INDEX(Quantities!$A$100:$A$118,MATCH($A119,Quantities!$C$100:$C$118)),Quantities[],Quantities!$P$2)*VLOOKUP(INDEX(Quantities!$A$100:$A$118,MATCH($A119,Quantities!$C$100:$C$118)),Quantities[],Quantities!$O$2)\n+VLOOKUP(INDEX(Quantities!$A$100:$A$118,MATCH($A119,Quantities!$C$100:$C$118)),Quantities[],Quantities!$R$2)*VLOOKUP(INDEX(Quantities!$A$100:$A$118,MATCH($A119,Quantities!$C$100:$C$118)),Quantities[],Quantities!$Q$2)\n+VLOOKUP(INDEX(Quantities!$A$100:$A$118,MATCH($A119,Quantities!$C$100:$C$118)),Quantities[],Quantities!$T$2)*VLOOKUP(INDEX(Quantities!$A$100:$A$118,MATCH($A119,Quantities!$C$100:$C$118)),Quantities[],Quantities!$S$2))/\n(VLOOKUP(INDEX(Quantities!$A$100:$A$118,MATCH($A119,Quantities!$C$100:$C$118)),Quantities[],Quantities!$O$2)+VLOOKUP(INDEX(Quantities!$A$100:$A$118,MATCH($A119,Quantities!$C$100:$C$118)),Quantities[],Quantities!$Q$2)+VLOOKUP(A119,Quantities[],Quantities!$S$2)),\n\nIF(AND(B119=\"D\", (VLOOKUP(A119,Quantities[],Quantities!$O$2)+VLOOKUP(A119,Quantities[],Quantities!$Q$2)+VLOOKUP(A119,Quantities[],Quantities!$S$2))>0),\n(VLOOKUP(A119,Quantities[],Quantities!$P$2)*VLOOKUP(A119,Quantities[],Quantities!$O$2)\n+VLOOKUP(A119,Quantities[],Quantities!$R$2)*VLOOKUP(A119,Quantities[],Quantities!$Q$2)\n+VLOOKUP(A119,Quantities[],Quantities!$T$2)*VLOOKUP(A119,Quantities[],Quantities!$S$2))/\n(VLOOKUP(A119,Quantities[],Quantities!$O$2)+VLOOKUP(A119,Quantities[],Quantities!$Q$2)+VLOOKUP(A119,Quantities[],Quantities!$S$2)),\n\nIF($B119=\"Q\", (SUM(VLOOKUP($A119,Quantities[],Quantities!$P$2)*VLOOKUP($A119,Quantities[],Quantities!$O$2),VLOOKUP($A119,Quantities[],Quantities!$R$2)*VLOOKUP($A119,Quantities[],Quantities!$Q$2),VLOOKUP($A119,Quantities[],Quantities!$T$2)*VLOOKUP($A119,Quantities[],Quantities!$S$2)))/SUM(VLOOKUP($A119,Quantities[],Quantities!$O$2),VLOOKUP($A119,Quantities[],Quantities!$Q$2),VLOOKUP($A119,Quantities[],Quantities!$S$2)),\n\n VLOOKUP(A119,Quantities[],Quantities!$H$2)\n))))))","v":0.01},{"$f":"IF(LEFT(D119,1)=\"U\",\"-\",VLOOKUP(D119,Equipment[],Equipment!$B$2))","v":"Cat 988H"}]
[{"$f":"Quantities!$A$14","v":1302},"D","f","Tk4",{"$f":"CONCATENATE(TEXT(A120,\"0\"),\"-\",B120,\"-\",C120,\"-\",D120)","v":"1302-D-f-Tk4"},{"$f":"IF(D120=\"Comb1\",CONCATENATE(VLOOKUP(B120,'Activity-Material_Codes'!$A$2:$B$26,Quantities!$B$2),\"-\",VLOOKUP(A120,Quantities[],Quantities!$D$2)),\nCONCATENATE(\nVLOOKUP(B120,'Activity-Material_Codes'!$A$2:$B$26,Quantities!$B$2),\nIF(AND(B120=\"B\",C120=\"a\"), \" Scraper Grading\", \"\"),\nIF(C120=\"b\",\"\",\"-\"),\nIF(C120=\"b\",\"\",VLOOKUP(A120,Quantities[],Quantities!$D$2)),\nIF(LEFT(TEXT(A120,\"0\"),1)=\"5\",\"\",\"-\"),\nIF(LEFT(TEXT(A120,\"0\"),1)=\"5\",\"\",VLOOKUP(C120,'Activity-Material_Codes'!$A$30:$B$36,Quantities!$B$2))\n))","v":"Haul-Outslopes Pullback-Backfill/Stockpile Material"},{"$f":"CONCATENATE(\nIF(OR(RIGHT(TEXT($A120,\"0\"),Quantities!$B$2)=\"00\",LEFT(TEXT($A120,\"0\"),1)=\"5\",OR($C120=\"b\",$C120=\"f\")),\"\",VLOOKUP($A120,Quantities[],Quantities!$B$2)),\nIF(LEFT(TEXT($A120,\"0\"),1)=\"5\",\"\",\" \"),\nIF(OR(C120=\"a\",C120=\"c\",C120=\"d\",C120=\"e\"),IF(OR(RIGHT(TEXT($A120,\"0\"),Quantities!$B$2)=\"00\",LEFT(TEXT($A120,\"0\"),1)=\"5\"),VLOOKUP($A120,Quantities[],Quantities!$B$2),\"\"),\nIF(LEFT(TEXT($A120,\"0\"),1)=\"5\",VLOOKUP($A120,Quantities[],Quantities!$B$2),\nVLOOKUP(INDEX(Quantities!$A$100:$A$118,MATCH($A120,Quantities!$C$100:$C$118)),Quantities!$A$100:$B$118,Quantities!$B$2))))","v":" 3A Leach, 3B Waste"},{"$f":"IF(LEFT(TEXT(A120,\"0\"),1)=\"5\",\nVLOOKUP(VLOOKUP(A120,Quantities!$A$4:$D$118,Quantities!$C$2),Quantities!$A$4:$D$118,Quantities!$C$2),\nIF(OR(C120=\"a\",C120=\"c\",C120=\"d\",C120=\"e\"),\n\"-\",\nIF(RIGHT(TEXT(A120,\"0\"),2)=\"00\",VLOOKUP(A120,Quantities[],Quantities!$B$2),\nIF(C120=\"f\",VLOOKUP(A120,Quantities[],Quantities!$B$2),\nVLOOKUP(A120,Quantities[],Quantities!$C$2))\n)))","v":"3A Leach, 3B Waste"},{"$f":"IF(OR(AND(LEFT(D120,2)=\"Sc\",B120=\"A\",C120=\"d\"),AND(C120=\"f\",B120=\"D\")),\nSUM(VLOOKUP($A120,Quantities[],Quantities!$O$2),VLOOKUP($A120,Quantities[],Quantities!$Q$2),VLOOKUP($A120,Quantities[],Quantities!$S$2)),\n\nIF(AND(LEFT(D120,2)=\"Sc\",OR(C120=\"a\",C120=\"f\")),\nVLOOKUP(A120,Quantities[],Quantities!$I$2),\n\nIF(AND(B120=\"D\",C120=\"b\"),\n VLOOKUP(INDEX(Quantities!$A$100:$A$118,MATCH($A120,Quantities!$C$100:$C$118)),Quantities!$A$100:$AJ$118,Quantities!$O$2)+\nVLOOKUP(INDEX(Quantities!$A$100:$A$118,MATCH($A120,Quantities!$C$100:$C$118)),Quantities!$A$100:$AJ$118,Quantities!$Q$2)+\nVLOOKUP(INDEX(Quantities!$A$100:$A$118,MATCH($A120,Quantities!$C$100:$C$118)),Quantities!$A$100:$AJ$118,Quantities!$S$2),\n\nIF(OR(B120=\"D\",B120=\"Q\"),\nSUM(VLOOKUP($A120,Quantities[],Quantities!$O$2),VLOOKUP($A120,Quantities[],Quantities!$Q$2),VLOOKUP($A120,Quantities[],Quantities!$S$2)),\n\n VLOOKUP(A120,Quantities[],Quantities!$G$2)\n))))","v":3900},{"$f":"IF(LEFT(D120,2)=\"Mg\", VLOOKUP(A120,Quantities[],Quantities!$H$2),\n\nIF(OR(AND(LEFT(D120,2)=\"Sc\",B120=\"A\",C120=\"d\",C120=\"f\")),\n(SUM(VLOOKUP($A120,Quantities[],Quantities!$P$2)*VLOOKUP($A120,Quantities[],Quantities!$O$2),VLOOKUP($A120,Quantities[],Quantities!$R$2)*VLOOKUP($A120,Quantities[],Quantities!$Q$2),VLOOKUP($A120,Quantities[],Quantities!$T$2)*VLOOKUP($A120,Quantities[],Quantities!$S$2)))/SUM(VLOOKUP($A120,Quantities[],Quantities!$O$2),VLOOKUP($A120,Quantities[],Quantities!$Q$2),VLOOKUP($A120,Quantities[],Quantities!$S$2)),\n\nIF(AND(LEFT(D120,2)=\"Sc\",OR(C120=\"a\",C120=\"f\")),\nVLOOKUP(A120,Quantities[],Quantities!$J$2),\n\nIF(AND(B120=\"D\",C120=\"b\", (VLOOKUP(INDEX(Quantities!$A$100:$A$118,MATCH($A120,Quantities!$C$100:$C$118)),Quantities[],Quantities!$O$2)+VLOOKUP(INDEX(Quantities!$A$100:$A$118,MATCH($A120,Quantities!$C$100:$C$118)),Quantities[],Quantities!$Q$2)+VLOOKUP(INDEX(Quantities!$A$100:$A$118,MATCH($A120,Quantities!$C$100:$C$118)),Quantities[],Quantities!$S$2))>0),\n(VLOOKUP(INDEX(Quantities!$A$100:$A$118,MATCH($A120,Quantities!$C$100:$C$118)),Quantities[],Quantities!$P$2)*VLOOKUP(INDEX(Quantities!$A$100:$A$118,MATCH($A120,Quantities!$C$100:$C$118)),Quantities[],Quantities!$O$2)\n+VLOOKUP(INDEX(Quantities!$A$100:$A$118,MATCH($A120,Quantities!$C$100:$C$118)),Quantities[],Quantities!$R$2)*VLOOKUP(INDEX(Quantities!$A$100:$A$118,MATCH($A120,Quantities!$C$100:$C$118)),Quantities[],Quantities!$Q$2)\n+VLOOKUP(INDEX(Quantities!$A$100:$A$118,MATCH($A120,Quantities!$C$100:$C$118)),Quantities[],Quantities!$T$2)*VLOOKUP(INDEX(Quantities!$A$100:$A$118,MATCH($A120,Quantities!$C$100:$C$118)),Quantities[],Quantities!$S$2))/\n(VLOOKUP(INDEX(Quantities!$A$100:$A$118,MATCH($A120,Quantities!$C$100:$C$118)),Quantities[],Quantities!$O$2)+VLOOKUP(INDEX(Quantities!$A$100:$A$118,MATCH($A120,Quantities!$C$100:$C$118)),Quantities[],Quantities!$Q$2)+VLOOKUP(A120,Quantities[],Quantities!$S$2)),\n\nIF(AND(B120=\"D\", (VLOOKUP(A120,Quantities[],Quantities!$O$2)+VLOOKUP(A120,Quantities[],Quantities!$Q$2)+VLOOKUP(A120,Quantities[],Quantities!$S$2))>0),\n(VLOOKUP(A120,Quantities[],Quantities!$P$2)*VLOOKUP(A120,Quantities[],Quantities!$O$2)\n+VLOOKUP(A120,Quantities[],Quantities!$R$2)*VLOOKUP(A120,Quantities[],Quantities!$Q$2)\n+VLOOKUP(A120,Quantities[],Quantities!$T$2)*VLOOKUP(A120,Quantities[],Quantities!$S$2))/\n(VLOOKUP(A120,Quantities[],Quantities!$O$2)+VLOOKUP(A120,Quantities[],Quantities!$Q$2)+VLOOKUP(A120,Quantities[],Quantities!$S$2)),\n\nIF($B120=\"Q\", (SUM(VLOOKUP($A120,Quantities[],Quantities!$P$2)*VLOOKUP($A120,Quantities[],Quantities!$O$2),VLOOKUP($A120,Quantities[],Quantities!$R$2)*VLOOKUP($A120,Quantities[],Quantities!$Q$2),VLOOKUP($A120,Quantities[],Quantities!$T$2)*VLOOKUP($A120,Quantities[],Quantities!$S$2)))/SUM(VLOOKUP($A120,Quantities[],Quantities!$O$2),VLOOKUP($A120,Quantities[],Quantities!$Q$2),VLOOKUP($A120,Quantities[],Quantities!$S$2)),\n\n VLOOKUP(A120,Quantities[],Quantities!$H$2)\n))))))","v":0},{"$f":"IF(LEFT(D120,1)=\"U\",\"-\",VLOOKUP(D120,Equipment[],Equipment!$B$2))","v":"Komatsu 730E"}]
[{"$f":"Quantities!$A$40","v":2201},"D","f","Tk4","2201-D-f-Tk4",{"$f":"IF(D121=\"Comb1\",CONCATENATE(VLOOKUP(B121,'Activity-Material_Codes'!$A$2:$B$26,Quantities!$B$2),\"-\",VLOOKUP(A121,Quantities[],Quantities!$D$2)),\nCONCATENATE(\nVLOOKUP(B121,'Activity-Material_Codes'!$A$2:$B$26,Quantities!$B$2),\nIF(AND(B121=\"B\",C121=\"a\"), \" Scraper Grading\", \"\"),\nIF(C121=\"b\",\"\",\"-\"),\nIF(C121=\"b\",\"\",VLOOKUP(A121,Quantities[],Quantities!$D$2)),\nIF(LEFT(TEXT(A121,\"0\"),1)=\"5\",\"\",\"-\"),\nIF(LEFT(TEXT(A121,\"0\"),1)=\"5\",\"\",VLOOKUP(C121,'Activity-Material_Codes'!$A$30:$B$36,Quantities!$B$2))\n))","v":"Haul-Pit Backfill-Backfill/Stockpile Material"},{"$f":"CONCATENATE(\nIF(OR(RIGHT(TEXT($A121,\"0\"),Quantities!$B$2)=\"00\",LEFT(TEXT($A121,\"0\"),1)=\"5\",OR($C121=\"b\",$C121=\"f\")),\"\",VLOOKUP($A121,Quantities[],Quantities!$B$2)),\nIF(LEFT(TEXT($A121,\"0\"),1)=\"5\",\"\",\" \"),\nIF(OR(C121=\"a\",C121=\"c\",C121=\"d\",C121=\"e\"),IF(OR(RIGHT(TEXT($A121,\"0\"),Quantities!$B$2)=\"00\",LEFT(TEXT($A121,\"0\"),1)=\"5\"),VLOOKUP($A121,Quantities[],Quantities!$B$2),\"\"),\nIF(LEFT(TEXT($A121,\"0\"),1)=\"5\",VLOOKUP($A121,Quantities[],Quantities!$B$2),\nVLOOKUP(INDEX(Quantities!$A$100:$A$118,MATCH($A121,Quantities!$C$100:$C$118)),Quantities!$A$100:$B$118,Quantities!$B$2))))","v":" Leach Stockpile"},{"$f":"IF(LEFT(TEXT(A121,\"0\"),1)=\"5\",\nVLOOKUP(VLOOKUP(A121,Quantities!$A$4:$D$118,Quantities!$C$2),Quantities!$A$4:$D$118,Quantities!$C$2),\nIF(OR(C121=\"a\",C121=\"c\",C121=\"d\",C121=\"e\"),\n\"-\",\nIF(RIGHT(TEXT(A121,\"0\"),2)=\"00\",VLOOKUP(A121,Quantities[],Quantities!$B$2),\nIF(C121=\"f\",VLOOKUP(A121,Quantities[],Quantities!$B$2),\nVLOOKUP(A121,Quantities[],Quantities!$C$2))\n)))","v":"San Salvador Pit, San Salvador Waste Backfill"},{"$f":"IF(OR(AND(LEFT(D121,2)=\"Sc\",B121=\"A\",C121=\"d\"),AND(C121=\"f\",B121=\"D\")),\nSUM(VLOOKUP($A121,Quantities[],Quantities!$O$2),VLOOKUP($A121,Quantities[],Quantities!$Q$2),VLOOKUP($A121,Quantities[],Quantities!$S$2)),\n\nIF(AND(LEFT(D121,2)=\"Sc\",OR(C121=\"a\",C121=\"f\")),\nVLOOKUP(A121,Quantities[],Quantities!$I$2),\n\nIF(AND(B121=\"D\",C121=\"b\"),\n VLOOKUP(INDEX(Quantities!$A$100:$A$118,MATCH($A121,Quantities!$C$100:$C$118)),Quantities!$A$100:$AJ$118,Quantities!$O$2)+\nVLOOKUP(INDEX(Quantities!$A$100:$A$118,MATCH($A121,Quantities!$C$100:$C$118)),Quantities!$A$100:$AJ$118,Quantities!$Q$2)+\nVLOOKUP(INDEX(Quantities!$A$100:$A$118,MATCH($A121,Quantities!$C$100:$C$118)),Quantities!$A$100:$AJ$118,Quantities!$S$2),\n\nIF(OR(B121=\"D\",B121=\"Q\"),\nSUM(VLOOKUP($A121,Quantities[],Quantities!$O$2),VLOOKUP($A121,Quantities[],Quantities!$Q$2),VLOOKUP($A121,Quantities[],Quantities!$S$2)),\n\n VLOOKUP(A121,Quantities[],Quantities!$G$2)\n))))","v":1300},{"$f":"IF(LEFT(D121,2)=\"Mg\", VLOOKUP(A121,Quantities[],Quantities!$H$2),\n\nIF(OR(AND(LEFT(D121,2)=\"Sc\",B121=\"A\",C121=\"d\",C121=\"f\")),\n(SUM(VLOOKUP($A121,Quantities[],Quantities!$P$2)*VLOOKUP($A121,Quantities[],Quantities!$O$2),VLOOKUP($A121,Quantities[],Quantities!$R$2)*VLOOKUP($A121,Quantities[],Quantities!$Q$2),VLOOKUP($A121,Quantities[],Quantities!$T$2)*VLOOKUP($A121,Quantities[],Quantities!$S$2)))/SUM(VLOOKUP($A121,Quantities[],Quantities!$O$2),VLOOKUP($A121,Quantities[],Quantities!$Q$2),VLOOKUP($A121,Quantities[],Quantities!$S$2)),\n\nIF(AND(LEFT(D121,2)=\"Sc\",OR(C121=\"a\",C121=\"f\")),\nVLOOKUP(A121,Quantities[],Quantities!$J$2),\n\nIF(AND(B121=\"D\",C121=\"b\", (VLOOKUP(INDEX(Quantities!$A$100:$A$118,MATCH($A121,Quantities!$C$100:$C$118)),Quantities[],Quantities!$O$2)+VLOOKUP(INDEX(Quantities!$A$100:$A$118,MATCH($A121,Quantities!$C$100:$C$118)),Quantities[],Quantities!$Q$2)+VLOOKUP(INDEX(Quantities!$A$100:$A$118,MATCH($A121,Quantities!$C$100:$C$118)),Quantities[],Quantities!$S$2))>0),\n(VLOOKUP(INDEX(Quantities!$A$100:$A$118,MATCH($A121,Quantities!$C$100:$C$118)),Quantities[],Quantities!$P$2)*VLOOKUP(INDEX(Quantities!$A$100:$A$118,MATCH($A121,Quantities!$C$100:$C$118)),Quantities[],Quantities!$O$2)\n+VLOOKUP(INDEX(Quantities!$A$100:$A$118,MATCH($A121,Quantities!$C$100:$C$118)),Quantities[],Quantities!$R$2)*VLOOKUP(INDEX(Quantities!$A$100:$A$118,MATCH($A121,Quantities!$C$100:$C$118)),Quantities[],Quantities!$Q$2)\n+VLOOKUP(INDEX(Quantities!$A$100:$A$118,MATCH($A121,Quantities!$C$100:$C$118)),Quantities[],Quantities!$T$2)*VLOOKUP(INDEX(Quantities!$A$100:$A$118,MATCH($A121,Quantities!$C$100:$C$118)),Quantities[],Quantities!$S$2))/\n(VLOOKUP(INDEX(Quantities!$A$100:$A$118,MATCH($A121,Quantities!$C$100:$C$118)),Quantities[],Quantities!$O$2)+VLOOKUP(INDEX(Quantities!$A$100:$A$118,MATCH($A121,Quantities!$C$100:$C$118)),Quantities[],Quantities!$Q$2)+VLOOKUP(A121,Quantities[],Quantities!$S$2)),\n\nIF(AND(B121=\"D\", (VLOOKUP(A121,Quantities[],Quantities!$O$2)+VLOOKUP(A121,Quantities[],Quantities!$Q$2)+VLOOKUP(A121,Quantities[],Quantities!$S$2))>0),\n(VLOOKUP(A121,Quantities[],Quantities!$P$2)*VLOOKUP(A121,Quantities[],Quantities!$O$2)\n+VLOOKUP(A121,Quantities[],Quantities!$R$2)*VLOOKUP(A121,Quantities[],Quantities!$Q$2)\n+VLOOKUP(A121,Quantities[],Quantities!$T$2)*VLOOKUP(A121,Quantities[],Quantities!$S$2))/\n(VLOOKUP(A121,Quantities[],Quantities!$O$2)+VLOOKUP(A121,Quantities[],Quantities!$Q$2)+VLOOKUP(A121,Quantities[],Quantities!$S$2)),\n\nIF($B121=\"Q\", (SUM(VLOOKUP($A121,Quantities[],Quantities!$P$2)*VLOOKUP($A121,Quantities[],Quantities!$O$2),VLOOKUP($A121,Quantities[],Quantities!$R$2)*VLOOKUP($A121,Quantities[],Quantities!$Q$2),VLOOKUP($A121,Quantities[],Quantities!$T$2)*VLOOKUP($A121,Quantities[],Quantities!$S$2)))/SUM(VLOOKUP($A121,Quantities[],Quantities!$O$2),VLOOKUP($A121,Quantities[],Quantities!$Q$2),VLOOKUP($A121,Quantities[],Quantities!$S$2)),\n\n VLOOKUP(A121,Quantities[],Quantities!$H$2)\n))))))","v":-0.01},{"$f":"IF(LEFT(D121,1)=\"U\",\"-\",VLOOKUP(D121,Equipment[],Equipment!$B$2))","v":"Komatsu 730E"}]
[{"$f":"Quantities!$A$4","v":1000},"D","b","Tk4",{"$f":"CONCATENATE(TEXT(A122,\"0\"),\"-\",B122,\"-\",C122,\"-\",D122)","v":"1000-D-b-Tk4"},{"$f":"IF(D122=\"Comb1\",CONCATENATE(VLOOKUP(B122,'Activity-Material_Codes'!$A$2:$B$26,Quantities!$B$2),\"-\",VLOOKUP(A122,Quantities[],Quantities!$D$2)),\nCONCATENATE(\nVLOOKUP(B122,'Activity-Material_Codes'!$A$2:$B$26,Quantities!$B$2),\nIF(AND(B122=\"B\",C122=\"a\"), \" Scraper Grading\", \"\"),\nIF(C122=\"b\",\"\",\"-\"),\nIF(C122=\"b\",\"\",VLOOKUP(A122,Quantities[],Quantities!$D$2)),\nIF(LEFT(TEXT(A122,\"0\"),1)=\"5\",\"\",\"-\"),\nIF(LEFT(TEXT(A122,\"0\"),1)=\"5\",\"\",VLOOKUP(C122,'Activity-Material_Codes'!$A$30:$B$36,Quantities!$B$2))\n))","v":"Haul-Cover"},{"$f":"CONCATENATE(\nIF(OR(RIGHT(TEXT($A122,\"0\"),Quantities!$B$2)=\"00\",LEFT(TEXT($A122,\"0\"),1)=\"5\",OR($C122=\"b\",$C122=\"f\")),\"\",VLOOKUP($A122,Quantities[],Quantities!$B$2)),\nIF(LEFT(TEXT($A122,\"0\"),1)=\"5\",\"\",\" \"),\nIF(OR(C122=\"a\",C122=\"c\",C122=\"d\",C122=\"e\"),IF(OR(RIGHT(TEXT($A122,\"0\"),Quantities!$B$2)=\"00\",LEFT(TEXT($A122,\"0\"),1)=\"5\"),VLOOKUP($A122,Quantities[],Quantities!$B$2),\"\"),\nIF(LEFT(TEXT($A122,\"0\"),1)=\"5\",VLOOKUP($A122,Quantities[],Quantities!$B$2),\nVLOOKUP(INDEX(Quantities!$A$100:$A$118,MATCH($A122,Quantities!$C$100:$C$118)),Quantities!$A$100:$B$118,Quantities!$B$2))))","v":" Gila Borrow Area"},{"$f":"IF(LEFT(TEXT(A122,\"0\"),1)=\"5\",\nVLOOKUP(VLOOKUP(A122,Quantities!$A$4:$D$118,Quantities!$C$2),Quantities!$A$4:$D$118,Quantities!$C$2),\nIF(OR(C122=\"a\",C122=\"c\",C122=\"d\",C122=\"e\"),\n\"-\",\nIF(RIGHT(TEXT(A122,\"0\"),2)=\"00\",VLOOKUP(A122,Quantities[],Quantities!$B$2),\nIF(C122=\"f\",VLOOKUP(A122,Quantities[],Quantities!$B$2),\nVLOOKUP(A122,Quantities[],Quantities!$C$2))\n)))","v":"1A Leach, 1B Leach "},{"$f":"IF(OR(AND(LEFT(D122,2)=\"Sc\",B122=\"A\",C122=\"d\"),AND(C122=\"f\",B122=\"D\")),\nSUM(VLOOKUP($A122,Quantities[],Quantities!$O$2),VLOOKUP($A122,Quantities[],Quantities!$Q$2),VLOOKUP($A122,Quantities[],Quantities!$S$2)),\n\nIF(AND(LEFT(D122,2)=\"Sc\",OR(C122=\"a\",C122=\"f\")),\nVLOOKUP(A122,Quantities[],Quantities!$I$2),\n\nIF(AND(B122=\"D\",C122=\"b\"),\n VLOOKUP(INDEX(Quantities!$A$100:$A$118,MATCH($A122,Quantities!$C$100:$C$118)),Quantities!$A$100:$AJ$118,Quantities!$O$2)+\nVLOOKUP(INDEX(Quantities!$A$100:$A$118,MATCH($A122,Quantities!$C$100:$C$118)),Quantities!$A$100:$AJ$118,Quantities!$Q$2)+\nVLOOKUP(INDEX(Quantities!$A$100:$A$118,MATCH($A122,Quantities!$C$100:$C$118)),Quantities!$A$100:$AJ$118,Quantities!$S$2),\n\nIF(OR(B122=\"D\",B122=\"Q\"),\nSUM(VLOOKUP($A122,Quantities[],Quantities!$O$2),VLOOKUP($A122,Quantities[],Quantities!$Q$2),VLOOKUP($A122,Quantities[],Quantities!$S$2)),\n\n VLOOKUP(A122,Quantities[],Quantities!$G$2)\n))))","v":6260},{"$f":"IF(LEFT(D122,2)=\"Mg\", VLOOKUP(A122,Quantities[],Quantities!$H$2),\n\nIF(OR(AND(LEFT(D122,2)=\"Sc\",B122=\"A\",C122=\"d\",C122=\"f\")),\n(SUM(VLOOKUP($A122,Quantities[],Quantities!$P$2)*VLOOKUP($A122,Quantities[],Quantities!$O$2),VLOOKUP($A122,Quantities[],Quantities!$R$2)*VLOOKUP($A122,Quantities[],Quantities!$Q$2),VLOOKUP($A122,Quantities[],Quantities!$T$2)*VLOOKUP($A122,Quantities[],Quantities!$S$2)))/SUM(VLOOKUP($A122,Quantities[],Quantities!$O$2),VLOOKUP($A122,Quantities[],Quantities!$Q$2),VLOOKUP($A122,Quantities[],Quantities!$S$2)),\n\nIF(AND(LEFT(D122,2)=\"Sc\",OR(C122=\"a\",C122=\"f\")),\nVLOOKUP(A122,Quantities[],Quantities!$J$2),\n\nIF(AND(B122=\"D\",C122=\"b\", (VLOOKUP(INDEX(Quantities!$A$100:$A$118,MATCH($A122,Quantities!$C$100:$C$118)),Quantities[],Quantities!$O$2)+VLOOKUP(INDEX(Quantities!$A$100:$A$118,MATCH($A122,Quantities!$C$100:$C$118)),Quantities[],Quantities!$Q$2)+VLOOKUP(INDEX(Quantities!$A$100:$A$118,MATCH($A122,Quantities!$C$100:$C$118)),Quantities[],Quantities!$S$2))>0),\n(VLOOKUP(INDEX(Quantities!$A$100:$A$118,MATCH($A122,Quantities!$C$100:$C$118)),Quantities[],Quantities!$P$2)*VLOOKUP(INDEX(Quantities!$A$100:$A$118,MATCH($A122,Quantities!$C$100:$C$118)),Quantities[],Quantities!$O$2)\n+VLOOKUP(INDEX(Quantities!$A$100:$A$118,MATCH($A122,Quantities!$C$100:$C$118)),Quantities[],Quantities!$R$2)*VLOOKUP(INDEX(Quantities!$A$100:$A$118,MATCH($A122,Quantities!$C$100:$C$118)),Quantities[],Quantities!$Q$2)\n+VLOOKUP(INDEX(Quantities!$A$100:$A$118,MATCH($A122,Quantities!$C$100:$C$118)),Quantities[],Quantities!$T$2)*VLOOKUP(INDEX(Quantities!$A$100:$A$118,MATCH($A122,Quantities!$C$100:$C$118)),Quantities[],Quantities!$S$2))/\n(VLOOKUP(INDEX(Quantities!$A$100:$A$118,MATCH($A122,Quantities!$C$100:$C$118)),Quantities[],Quantities!$O$2)+VLOOKUP(INDEX(Quantities!$A$100:$A$118,MATCH($A122,Quantities!$C$100:$C$118)),Quantities[],Quantities!$Q$2)+VLOOKUP(A122,Quantities[],Quantities!$S$2)),\n\nIF(AND(B122=\"D\", (VLOOKUP(A122,Quantities[],Quantities!$O$2)+VLOOKUP(A122,Quantities[],Quantities!$Q$2)+VLOOKUP(A122,Quantities[],Quantities!$S$2))>0),\n(VLOOKUP(A122,Quantities[],Quantities!$P$2)*VLOOKUP(A122,Quantities[],Quantities!$O$2)\n+VLOOKUP(A122,Quantities[],Quantities!$R$2)*VLOOKUP(A122,Quantities[],Quantities!$Q$2)\n+VLOOKUP(A122,Quantities[],Quantities!$T$2)*VLOOKUP(A122,Quantities[],Quantities!$S$2))/\n(VLOOKUP(A122,Quantities[],Quantities!$O$2)+VLOOKUP(A122,Quantities[],Quantities!$Q$2)+VLOOKUP(A122,Quantities[],Quantities!$S$2)),\n\nIF($B122=\"Q\", (SUM(VLOOKUP($A122,Quantities[],Quantities!$P$2)*VLOOKUP($A122,Quantities[],Quantities!$O$2),VLOOKUP($A122,Quantities[],Quantities!$R$2)*VLOOKUP($A122,Quantities[],Quantities!$Q$2),VLOOKUP($A122,Quantities[],Quantities!$T$2)*VLOOKUP($A122,Quantities[],Quantities!$S$2)))/SUM(VLOOKUP($A122,Quantities[],Quantities!$O$2),VLOOKUP($A122,Quantities[],Quantities!$Q$2),VLOOKUP($A122,Quantities[],Quantities!$S$2)),\n\n VLOOKUP(A122,Quantities[],Quantities!$H$2)\n))))))","v":4.8997772828507792E-2},{"$f":"IF(LEFT(D122,1)=\"U\",\"-\",VLOOKUP(D122,Equipment[],Equipment!$B$2))","v":"Komatsu 730E"}]
[{"$f":"Quantities!$A$8","v":1100},"D","b","Tk4","1100-D-b-Tk4",{"$f":"IF(D123=\"Comb1\",CONCATENATE(VLOOKUP(B123,'Activity-Material_Codes'!$A$2:$B$26,Quantities!$B$2),\"-\",VLOOKUP(A123,Quantities[],Quantities!$D$2)),\nCONCATENATE(\nVLOOKUP(B123,'Activity-Material_Codes'!$A$2:$B$26,Quantities!$B$2),\nIF(AND(B123=\"B\",C123=\"a\"), \" Scraper Grading\", \"\"),\nIF(C123=\"b\",\"\",\"-\"),\nIF(C123=\"b\",\"\",VLOOKUP(A123,Quantities[],Quantities!$D$2)),\nIF(LEFT(TEXT(A123,\"0\"),1)=\"5\",\"\",\"-\"),\nIF(LEFT(TEXT(A123,\"0\"),1)=\"5\",\"\",VLOOKUP(C123,'Activity-Material_Codes'!$A$30:$B$36,Quantities!$B$2))\n))","v":"Haul-Cover"},{"$f":"CONCATENATE(\nIF(OR(RIGHT(TEXT($A123,\"0\"),Quantities!$B$2)=\"00\",LEFT(TEXT($A123,\"0\"),1)=\"5\",OR($C123=\"b\",$C123=\"f\")),\"\",VLOOKUP($A123,Quantities[],Quantities!$B$2)),\nIF(LEFT(TEXT($A123,\"0\"),1)=\"5\",\"\",\" \"),\nIF(OR(C123=\"a\",C123=\"c\",C123=\"d\",C123=\"e\"),IF(OR(RIGHT(TEXT($A123,\"0\"),Quantities!$B$2)=\"00\",LEFT(TEXT($A123,\"0\"),1)=\"5\"),VLOOKUP($A123,Quantities[],Quantities!$B$2),\"\"),\nIF(LEFT(TEXT($A123,\"0\"),1)=\"5\",VLOOKUP($A123,Quantities[],Quantities!$B$2),\nVLOOKUP(INDEX(Quantities!$A$100:$A$118,MATCH($A123,Quantities!$C$100:$C$118)),Quantities!$A$100:$B$118,Quantities!$B$2))))","v":" Gila Borrow Area"},{"$f":"IF(LEFT(TEXT(A123,\"0\"),1)=\"5\",\nVLOOKUP(VLOOKUP(A123,Quantities!$A$4:$D$118,Quantities!$C$2),Quantities!$A$4:$D$118,Quantities!$C$2),\nIF(OR(C123=\"a\",C123=\"c\",C123=\"d\",C123=\"e\"),\n\"-\",\nIF(RIGHT(TEXT(A123,\"0\"),2)=\"00\",VLOOKUP(A123,Quantities[],Quantities!$B$2),\nIF(C123=\"f\",VLOOKUP(A123,Quantities[],Quantities!$B$2),\nVLOOKUP(A123,Quantities[],Quantities!$C$2))\n)))","v":"Reclaimed 1C Waste"},{"$f":"IF(OR(AND(LEFT(D123,2)=\"Sc\",B123=\"A\",C123=\"d\"),AND(C123=\"f\",B123=\"D\")),\nSUM(VLOOKUP($A123,Quantities[],Quantities!$O$2),VLOOKUP($A123,Quantities[],Quantities!$Q$2),VLOOKUP($A123,Quantities[],Quantities!$S$2)),\n\nIF(AND(LEFT(D123,2)=\"Sc\",OR(C123=\"a\",C123=\"f\")),\nVLOOKUP(A123,Quantities[],Quantities!$I$2),\n\nIF(AND(B123=\"D\",C123=\"b\"),\n VLOOKUP(INDEX(Quantities!$A$100:$A$118,MATCH($A123,Quantities!$C$100:$C$118)),Quantities!$A$100:$AJ$118,Quantities!$O$2)+\nVLOOKUP(INDEX(Quantities!$A$100:$A$118,MATCH($A123,Quantities!$C$100:$C$118)),Quantities!$A$100:$AJ$118,Quantities!$Q$2)+\nVLOOKUP(INDEX(Quantities!$A$100:$A$118,MATCH($A123,Quantities!$C$100:$C$118)),Quantities!$A$100:$AJ$118,Quantities!$S$2),\n\nIF(OR(B123=\"D\",B123=\"Q\"),\nSUM(VLOOKUP($A123,Quantities[],Quantities!$O$2),VLOOKUP($A123,Quantities[],Quantities!$Q$2),VLOOKUP($A123,Quantities[],Quantities!$S$2)),\n\n VLOOKUP(A123,Quantities[],Quantities!$G$2)\n))))","v":11833},{"$f":"IF(LEFT(D123,2)=\"Mg\", VLOOKUP(A123,Quantities[],Quantities!$H$2),\n\nIF(OR(AND(LEFT(D123,2)=\"Sc\",B123=\"A\",C123=\"d\",C123=\"f\")),\n(SUM(VLOOKUP($A123,Quantities[],Quantities!$P$2)*VLOOKUP($A123,Quantities[],Quantities!$O$2),VLOOKUP($A123,Quantities[],Quantities!$R$2)*VLOOKUP($A123,Quantities[],Quantities!$Q$2),VLOOKUP($A123,Quantities[],Quantities!$T$2)*VLOOKUP($A123,Quantities[],Quantities!$S$2)))/SUM(VLOOKUP($A123,Quantities[],Quantities!$O$2),VLOOKUP($A123,Quantities[],Quantities!$Q$2),VLOOKUP($A123,Quantities[],Quantities!$S$2)),\n\nIF(AND(LEFT(D123,2)=\"Sc\",OR(C123=\"a\",C123=\"f\")),\nVLOOKUP(A123,Quantities[],Quantities!$J$2),\n\nIF(AND(B123=\"D\",C123=\"b\", (VLOOKUP(INDEX(Quantities!$A$100:$A$118,MATCH($A123,Quantities!$C$100:$C$118)),Quantities[],Quantities!$O$2)+VLOOKUP(INDEX(Quantities!$A$100:$A$118,MATCH($A123,Quantities!$C$100:$C$118)),Quantities[],Quantities!$Q$2)+VLOOKUP(INDEX(Quantities!$A$100:$A$118,MATCH($A123,Quantities!$C$100:$C$118)),Quantities[],Quantities!$S$2))>0),\n(VLOOKUP(INDEX(Quantities!$A$100:$A$118,MATCH($A123,Quantities!$C$100:$C$118)),Quantities[],Quantities!$P$2)*VLOOKUP(INDEX(Quantities!$A$100:$A$118,MATCH($A123,Quantities!$C$100:$C$118)),Quantities[],Quantities!$O$2)\n+VLOOKUP(INDEX(Quantities!$A$100:$A$118,MATCH($A123,Quantities!$C$100:$C$118)),Quantities[],Quantities!$R$2)*VLOOKUP(INDEX(Quantities!$A$100:$A$118,MATCH($A123,Quantities!$C$100:$C$118)),Quantities[],Quantities!$Q$2)\n+VLOOKUP(INDEX(Quantities!$A$100:$A$118,MATCH($A123,Quantities!$C$100:$C$118)),Quantities[],Quantities!$T$2)*VLOOKUP(INDEX(Quantities!$A$100:$A$118,MATCH($A123,Quantities!$C$100:$C$118)),Quantities[],Quantities!$S$2))/\n(VLOOKUP(INDEX(Quantities!$A$100:$A$118,MATCH($A123,Quantities!$C$100:$C$118)),Quantities[],Quantities!$O$2)+VLOOKUP(INDEX(Quantities!$A$100:$A$118,MATCH($A123,Quantities!$C$100:$C$118)),Quantities[],Quantities!$Q$2)+VLOOKUP(A123,Quantities[],Quantities!$S$2)),\n\nIF(AND(B123=\"D\", (VLOOKUP(A123,Quantities[],Quantities!$O$2)+VLOOKUP(A123,Quantities[],Quantities!$Q$2)+VLOOKUP(A123,Quantities[],Quantities!$S$2))>0),\n(VLOOKUP(A123,Quantities[],Quantities!$P$2)*VLOOKUP(A123,Quantities[],Quantities!$O$2)\n+VLOOKUP(A123,Quantities[],Quantities!$R$2)*VLOOKUP(A123,Quantities[],Quantities!$Q$2)\n+VLOOKUP(A123,Quantities[],Quantities!$T$2)*VLOOKUP(A123,Quantities[],Quantities!$S$2))/\n(VLOOKUP(A123,Quantities[],Quantities!$O$2)+VLOOKUP(A123,Quantities[],Quantities!$Q$2)+VLOOKUP(A123,Quantities[],Quantities!$S$2)),\n\nIF($B123=\"Q\", (SUM(VLOOKUP($A123,Quantities[],Quantities!$P$2)*VLOOKUP($A123,Quantities[],Quantities!$O$2),VLOOKUP($A123,Quantities[],Quantities!$R$2)*VLOOKUP($A123,Quantities[],Quantities!$Q$2),VLOOKUP($A123,Quantities[],Quantities!$T$2)*VLOOKUP($A123,Quantities[],Quantities!$S$2)))/SUM(VLOOKUP($A123,Quantities[],Quantities!$O$2),VLOOKUP($A123,Quantities[],Quantities!$Q$2),VLOOKUP($A123,Quantities[],Quantities!$S$2)),\n\n VLOOKUP(A123,Quantities[],Quantities!$H$2)\n))))))","v":2.5352826840192681E-2},{"$f":"IF(LEFT(D123,1)=\"U\",\"-\",VLOOKUP(D123,Equipment[],Equipment!$B$2))","v":"Komatsu 730E"}]
[{"$f":"Quantities!$A$9","v":1200},"D","b","Tk4","1200-D-b-Tk4",{"$f":"IF(D124=\"Comb1\",CONCATENATE(VLOOKUP(B124,'Activity-Material_Codes'!$A$2:$B$26,Quantities!$B$2),\"-\",VLOOKUP(A124,Quantities[],Quantities!$D$2)),\nCONCATENATE(\nVLOOKUP(B124,'Activity-Material_Codes'!$A$2:$B$26,Quantities!$B$2),\nIF(AND(B124=\"B\",C124=\"a\"), \" Scraper Grading\", \"\"),\nIF(C124=\"b\",\"\",\"-\"),\nIF(C124=\"b\",\"\",VLOOKUP(A124,Quantities[],Quantities!$D$2)),\nIF(LEFT(TEXT(A124,\"0\"),1)=\"5\",\"\",\"-\"),\nIF(LEFT(TEXT(A124,\"0\"),1)=\"5\",\"\",VLOOKUP(C124,'Activity-Material_Codes'!$A$30:$B$36,Quantities!$B$2))\n))","v":"Haul-Cover"},{"$f":"CONCATENATE(\nIF(OR(RIGHT(TEXT($A124,\"0\"),Quantities!$B$2)=\"00\",LEFT(TEXT($A124,\"0\"),1)=\"5\",OR($C124=\"b\",$C124=\"f\")),\"\",VLOOKUP($A124,Quantities[],Quantities!$B$2)),\nIF(LEFT(TEXT($A124,\"0\"),1)=\"5\",\"\",\" \"),\nIF(OR(C124=\"a\",C124=\"c\",C124=\"d\",C124=\"e\"),IF(OR(RIGHT(TEXT($A124,\"0\"),Quantities!$B$2)=\"00\",LEFT(TEXT($A124,\"0\"),1)=\"5\"),VLOOKUP($A124,Quantities[],Quantities!$B$2),\"\"),\nIF(LEFT(TEXT($A124,\"0\"),1)=\"5\",VLOOKUP($A124,Quantities[],Quantities!$B$2),\nVLOOKUP(INDEX(Quantities!$A$100:$A$118,MATCH($A124,Quantities!$C$100:$C$118)),Quantities!$A$100:$B$118,Quantities!$B$2))))","v":" Gila Borrow Area"},{"$f":"IF(LEFT(TEXT(A124,\"0\"),1)=\"5\",\nVLOOKUP(VLOOKUP(A124,Quantities!$A$4:$D$118,Quantities!$C$2),Quantities!$A$4:$D$118,Quantities!$C$2),\nIF(OR(C124=\"a\",C124=\"c\",C124=\"d\",C124=\"e\"),\n\"-\",\nIF(RIGHT(TEXT(A124,\"0\"),2)=\"00\",VLOOKUP(A124,Quantities[],Quantities!$B$2),\nIF(C124=\"f\",VLOOKUP(A124,Quantities[],Quantities!$B$2),\nVLOOKUP(A124,Quantities[],Quantities!$C$2))\n)))","v":"2B Waste, 2A Leach, 2B Leach"},{"$f":"IF(OR(AND(LEFT(D124,2)=\"Sc\",B124=\"A\",C124=\"d\"),AND(C124=\"f\",B124=\"D\")),\nSUM(VLOOKUP($A124,Quantities[],Quantities!$O$2),VLOOKUP($A124,Quantities[],Quantities!$Q$2),VLOOKUP($A124,Quantities[],Quantities!$S$2)),\n\nIF(AND(LEFT(D124,2)=\"Sc\",OR(C124=\"a\",C124=\"f\")),\nVLOOKUP(A124,Quantities[],Quantities!$I$2),\n\nIF(AND(B124=\"D\",C124=\"b\"),\n VLOOKUP(INDEX(Quantities!$A$100:$A$118,MATCH($A124,Quantities!$C$100:$C$118)),Quantities!$A$100:$AJ$118,Quantities!$O$2)+\nVLOOKUP(INDEX(Quantities!$A$100:$A$118,MATCH($A124,Quantities!$C$100:$C$118)),Quantities!$A$100:$AJ$118,Quantities!$Q$2)+\nVLOOKUP(INDEX(Quantities!$A$100:$A$118,MATCH($A124,Quantities!$C$100:$C$118)),Quantities!$A$100:$AJ$118,Quantities!$S$2),\n\nIF(OR(B124=\"D\",B124=\"Q\"),\nSUM(VLOOKUP($A124,Quantities[],Quantities!$O$2),VLOOKUP($A124,Quantities[],Quantities!$Q$2),VLOOKUP($A124,Quantities[],Quantities!$S$2)),\n\n VLOOKUP(A124,Quantities[],Quantities!$G$2)\n))))","v":19300},{"$f":"IF(LEFT(D124,2)=\"Mg\", VLOOKUP(A124,Quantities[],Quantities!$H$2),\n\nIF(OR(AND(LEFT(D124,2)=\"Sc\",B124=\"A\",C124=\"d\",C124=\"f\")),\n(SUM(VLOOKUP($A124,Quantities[],Quantities!$P$2)*VLOOKUP($A124,Quantities[],Quantities!$O$2),VLOOKUP($A124,Quantities[],Quantities!$R$2)*VLOOKUP($A124,Quantities[],Quantities!$Q$2),VLOOKUP($A124,Quantities[],Quantities!$T$2)*VLOOKUP($A124,Quantities[],Quantities!$S$2)))/SUM(VLOOKUP($A124,Quantities[],Quantities!$O$2),VLOOKUP($A124,Quantities[],Quantities!$Q$2),VLOOKUP($A124,Quantities[],Quantities!$S$2)),\n\nIF(AND(LEFT(D124,2)=\"Sc\",OR(C124=\"a\",C124=\"f\")),\nVLOOKUP(A124,Quantities[],Quantities!$J$2),\n\nIF(AND(B124=\"D\",C124=\"b\", (VLOOKUP(INDEX(Quantities!$A$100:$A$118,MATCH($A124,Quantities!$C$100:$C$118)),Quantities[],Quantities!$O$2)+VLOOKUP(INDEX(Quantities!$A$100:$A$118,MATCH($A124,Quantities!$C$100:$C$118)),Quantities[],Quantities!$Q$2)+VLOOKUP(INDEX(Quantities!$A$100:$A$118,MATCH($A124,Quantities!$C$100:$C$118)),Quantities[],Quantities!$S$2))>0),\n(VLOOKUP(INDEX(Quantities!$A$100:$A$118,MATCH($A124,Quantities!$C$100:$C$118)),Quantities[],Quantities!$P$2)*VLOOKUP(INDEX(Quantities!$A$100:$A$118,MATCH($A124,Quantities!$C$100:$C$118)),Quantities[],Quantities!$O$2)\n+VLOOKUP(INDEX(Quantities!$A$100:$A$118,MATCH($A124,Quantities!$C$100:$C$118)),Quantities[],Quantities!$R$2)*VLOOKUP(INDEX(Quantities!$A$100:$A$118,MATCH($A124,Quantities!$C$100:$C$118)),Quantities[],Quantities!$Q$2)\n+VLOOKUP(INDEX(Quantities!$A$100:$A$118,MATCH($A124,Quantities!$C$100:$C$118)),Quantities[],Quantities!$T$2)*VLOOKUP(INDEX(Quantities!$A$100:$A$118,MATCH($A124,Quantities!$C$100:$C$118)),Quantities[],Quantities!$S$2))/\n(VLOOKUP(INDEX(Quantities!$A$100:$A$118,MATCH($A124,Quantities!$C$100:$C$118)),Quantities[],Quantities!$O$2)+VLOOKUP(INDEX(Quantities!$A$100:$A$118,MATCH($A124,Quantities!$C$100:$C$118)),Quantities[],Quantities!$Q$2)+VLOOKUP(A124,Quantities[],Quantities!$S$2)),\n\nIF(AND(B124=\"D\", (VLOOKUP(A124,Quantities[],Quantities!$O$2)+VLOOKUP(A124,Quantities[],Quantities!$Q$2)+VLOOKUP(A124,Quantities[],Quantities!$S$2))>0),\n(VLOOKUP(A124,Quantities[],Quantities!$P$2)*VLOOKUP(A124,Quantities[],Quantities!$O$2)\n+VLOOKUP(A124,Quantities[],Quantities!$R$2)*VLOOKUP(A124,Quantities[],Quantities!$Q$2)\n+VLOOKUP(A124,Quantities[],Quantities!$T$2)*VLOOKUP(A124,Quantities[],Quantities!$S$2))/\n(VLOOKUP(A124,Quantities[],Quantities!$O$2)+VLOOKUP(A124,Quantities[],Quantities!$Q$2)+VLOOKUP(A124,Quantities[],Quantities!$S$2)),\n\nIF($B124=\"Q\", (SUM(VLOOKUP($A124,Quantities[],Quantities!$P$2)*VLOOKUP($A124,Quantities[],Quantities!$O$2),VLOOKUP($A124,Quantities[],Quantities!$R$2)*VLOOKUP($A124,Quantities[],Quantities!$Q$2),VLOOKUP($A124,Quantities[],Quantities!$T$2)*VLOOKUP($A124,Quantities[],Quantities!$S$2)))/SUM(VLOOKUP($A124,Quantities[],Quantities!$O$2),VLOOKUP($A124,Quantities[],Quantities!$Q$2),VLOOKUP($A124,Quantities[],Quantities!$S$2)),\n\n VLOOKUP(A124,Quantities[],Quantities!$H$2)\n))))))","v":3.4122562674094706E-2},{"$f":"IF(LEFT(D124,1)=\"U\",\"-\",VLOOKUP(D124,Equipment[],Equipment!$B$2))","v":"Komatsu 730E"}]
[{"$f":"Quantities!$A$12","v":1300},"D","b","Tk4","1300-D-b-Tk4",{"$f":"IF(D125=\"Comb1\",CONCATENATE(VLOOKUP(B125,'Activity-Material_Codes'!$A$2:$B$26,Quantities!$B$2),\"-\",VLOOKUP(A125,Quantities[],Quantities!$D$2)),\nCONCATENATE(\nVLOOKUP(B125,'Activity-Material_Codes'!$A$2:$B$26,Quantities!$B$2),\nIF(AND(B125=\"B\",C125=\"a\"), \" Scraper Grading\", \"\"),\nIF(C125=\"b\",\"\",\"-\"),\nIF(C125=\"b\",\"\",VLOOKUP(A125,Quantities[],Quantities!$D$2)),\nIF(LEFT(TEXT(A125,\"0\"),1)=\"5\",\"\",\"-\"),\nIF(LEFT(TEXT(A125,\"0\"),1)=\"5\",\"\",VLOOKUP(C125,'Activity-Material_Codes'!$A$30:$B$36,Quantities!$B$2))\n))","v":"Haul-Cover"},{"$f":"CONCATENATE(\nIF(OR(RIGHT(TEXT($A125,\"0\"),Quantities!$B$2)=\"00\",LEFT(TEXT($A125,\"0\"),1)=\"5\",OR($C125=\"b\",$C125=\"f\")),\"\",VLOOKUP($A125,Quantities[],Quantities!$B$2)),\nIF(LEFT(TEXT($A125,\"0\"),1)=\"5\",\"\",\" \"),\nIF(OR(C125=\"a\",C125=\"c\",C125=\"d\",C125=\"e\"),IF(OR(RIGHT(TEXT($A125,\"0\"),Quantities!$B$2)=\"00\",LEFT(TEXT($A125,\"0\"),1)=\"5\"),VLOOKUP($A125,Quantities[],Quantities!$B$2),\"\"),\nIF(LEFT(TEXT($A125,\"0\"),1)=\"5\",VLOOKUP($A125,Quantities[],Quantities!$B$2),\nVLOOKUP(INDEX(Quantities!$A$100:$A$118,MATCH($A125,Quantities!$C$100:$C$118)),Quantities!$A$100:$B$118,Quantities!$B$2))))","v":" Gila Borrow Area"},{"$f":"IF(LEFT(TEXT(A125,\"0\"),1)=\"5\",\nVLOOKUP(VLOOKUP(A125,Quantities!$A$4:$D$118,Quantities!$C$2),Quantities!$A$4:$D$118,Quantities!$C$2),\nIF(OR(C125=\"a\",C125=\"c\",C125=\"d\",C125=\"e\"),\n\"-\",\nIF(RIGHT(TEXT(A125,\"0\"),2)=\"00\",VLOOKUP(A125,Quantities[],Quantities!$B$2),\nIF(C125=\"f\",VLOOKUP(A125,Quantities[],Quantities!$B$2),\nVLOOKUP(A125,Quantities[],Quantities!$C$2))\n)))","v":"3A Leach, 3B Waste"},{"$f":"IF(OR(AND(LEFT(D125,2)=\"Sc\",B125=\"A\",C125=\"d\"),AND(C125=\"f\",B125=\"D\")),\nSUM(VLOOKUP($A125,Quantities[],Quantities!$O$2),VLOOKUP($A125,Quantities[],Quantities!$Q$2),VLOOKUP($A125,Quantities[],Quantities!$S$2)),\n\nIF(AND(LEFT(D125,2)=\"Sc\",OR(C125=\"a\",C125=\"f\")),\nVLOOKUP(A125,Quantities[],Quantities!$I$2),\n\nIF(AND(B125=\"D\",C125=\"b\"),\n VLOOKUP(INDEX(Quantities!$A$100:$A$118,MATCH($A125,Quantities!$C$100:$C$118)),Quantities!$A$100:$AJ$118,Quantities!$O$2)+\nVLOOKUP(INDEX(Quantities!$A$100:$A$118,MATCH($A125,Quantities!$C$100:$C$118)),Quantities!$A$100:$AJ$118,Quantities!$Q$2)+\nVLOOKUP(INDEX(Quantities!$A$100:$A$118,MATCH($A125,Quantities!$C$100:$C$118)),Quantities!$A$100:$AJ$118,Quantities!$S$2),\n\nIF(OR(B125=\"D\",B125=\"Q\"),\nSUM(VLOOKUP($A125,Quantities[],Quantities!$O$2),VLOOKUP($A125,Quantities[],Quantities!$Q$2),VLOOKUP($A125,Quantities[],Quantities!$S$2)),\n\n VLOOKUP(A125,Quantities[],Quantities!$G$2)\n))))","v":11221},{"$f":"IF(LEFT(D125,2)=\"Mg\", VLOOKUP(A125,Quantities[],Quantities!$H$2),\n\nIF(OR(AND(LEFT(D125,2)=\"Sc\",B125=\"A\",C125=\"d\",C125=\"f\")),\n(SUM(VLOOKUP($A125,Quantities[],Quantities!$P$2)*VLOOKUP($A125,Quantities[],Quantities!$O$2),VLOOKUP($A125,Quantities[],Quantities!$R$2)*VLOOKUP($A125,Quantities[],Quantities!$Q$2),VLOOKUP($A125,Quantities[],Quantities!$T$2)*VLOOKUP($A125,Quantities[],Quantities!$S$2)))/SUM(VLOOKUP($A125,Quantities[],Quantities!$O$2),VLOOKUP($A125,Quantities[],Quantities!$Q$2),VLOOKUP($A125,Quantities[],Quantities!$S$2)),\n\nIF(AND(LEFT(D125,2)=\"Sc\",OR(C125=\"a\",C125=\"f\")),\nVLOOKUP(A125,Quantities[],Quantities!$J$2),\n\nIF(AND(B125=\"D\",C125=\"b\", (VLOOKUP(INDEX(Quantities!$A$100:$A$118,MATCH($A125,Quantities!$C$100:$C$118)),Quantities[],Quantities!$O$2)+VLOOKUP(INDEX(Quantities!$A$100:$A$118,MATCH($A125,Quantities!$C$100:$C$118)),Quantities[],Quantities!$Q$2)+VLOOKUP(INDEX(Quantities!$A$100:$A$118,MATCH($A125,Quantities!$C$100:$C$118)),Quantities[],Quantities!$S$2))>0),\n(VLOOKUP(INDEX(Quantities!$A$100:$A$118,MATCH($A125,Quantities!$C$100:$C$118)),Quantities[],Quantities!$P$2)*VLOOKUP(INDEX(Quantities!$A$100:$A$118,MATCH($A125,Quantities!$C$100:$C$118)),Quantities[],Quantities!$O$2)\n+VLOOKUP(INDEX(Quantities!$A$100:$A$118,MATCH($A125,Quantities!$C$100:$C$118)),Quantities[],Quantities!$R$2)*VLOOKUP(INDEX(Quantities!$A$100:$A$118,MATCH($A125,Quantities!$C$100:$C$118)),Quantities[],Quantities!$Q$2)\n+VLOOKUP(INDEX(Quantities!$A$100:$A$118,MATCH($A125,Quantities!$C$100:$C$118)),Quantities[],Quantities!$T$2)*VLOOKUP(INDEX(Quantities!$A$100:$A$118,MATCH($A125,Quantities!$C$100:$C$118)),Quantities[],Quantities!$S$2))/\n(VLOOKUP(INDEX(Quantities!$A$100:$A$118,MATCH($A125,Quantities!$C$100:$C$118)),Quantities[],Quantities!$O$2)+VLOOKUP(INDEX(Quantities!$A$100:$A$118,MATCH($A125,Quantities!$C$100:$C$118)),Quantities[],Quantities!$Q$2)+VLOOKUP(A125,Quantities[],Quantities!$S$2)),\n\nIF(AND(B125=\"D\", (VLOOKUP(A125,Quantities[],Quantities!$O$2)+VLOOKUP(A125,Quantities[],Quantities!$Q$2)+VLOOKUP(A125,Quantities[],Quantities!$S$2))>0),\n(VLOOKUP(A125,Quantities[],Quantities!$P$2)*VLOOKUP(A125,Quantities[],Quantities!$O$2)\n+VLOOKUP(A125,Quantities[],Quantities!$R$2)*VLOOKUP(A125,Quantities[],Quantities!$Q$2)\n+VLOOKUP(A125,Quantities[],Quantities!$T$2)*VLOOKUP(A125,Quantities[],Quantities!$S$2))/\n(VLOOKUP(A125,Quantities[],Quantities!$O$2)+VLOOKUP(A125,Quantities[],Quantities!$Q$2)+VLOOKUP(A125,Quantities[],Quantities!$S$2)),\n\nIF($B125=\"Q\", (SUM(VLOOKUP($A125,Quantities[],Quantities!$P$2)*VLOOKUP($A125,Quantities[],Quantities!$O$2),VLOOKUP($A125,Quantities[],Quantities!$R$2)*VLOOKUP($A125,Quantities[],Quantities!$Q$2),VLOOKUP($A125,Quantities[],Quantities!$T$2)*VLOOKUP($A125,Quantities[],Quantities!$S$2)))/SUM(VLOOKUP($A125,Quantities[],Quantities!$O$2),VLOOKUP($A125,Quantities[],Quantities!$Q$2),VLOOKUP($A125,Quantities[],Quantities!$S$2)),\n\n VLOOKUP(A125,Quantities[],Quantities!$H$2)\n))))))","v":1.2538098208715801E-2},{"$f":"IF(LEFT(D125,1)=\"U\",\"-\",VLOOKUP(D125,Equipment[],Equipment!$B$2))","v":"Komatsu 730E"}]
[{"$f":"Quantities!$A$20","v":1500},"D","b","Tk4","1500-D-b-Tk4",{"$f":"IF(D126=\"Comb1\",CONCATENATE(VLOOKUP(B126,'Activity-Material_Codes'!$A$2:$B$26,Quantities!$B$2),\"-\",VLOOKUP(A126,Quantities[],Quantities!$D$2)),\nCONCATENATE(\nVLOOKUP(B126,'Activity-Material_Codes'!$A$2:$B$26,Quantities!$B$2),\nIF(AND(B126=\"B\",C126=\"a\"), \" Scraper Grading\", \"\"),\nIF(C126=\"b\",\"\",\"-\"),\nIF(C126=\"b\",\"\",VLOOKUP(A126,Quantities[],Quantities!$D$2)),\nIF(LEFT(TEXT(A126,\"0\"),1)=\"5\",\"\",\"-\"),\nIF(LEFT(TEXT(A126,\"0\"),1)=\"5\",\"\",VLOOKUP(C126,'Activity-Material_Codes'!$A$30:$B$36,Quantities!$B$2))\n))","v":"Haul-Cover"},{"$f":"CONCATENATE(\nIF(OR(RIGHT(TEXT($A126,\"0\"),Quantities!$B$2)=\"00\",LEFT(TEXT($A126,\"0\"),1)=\"5\",OR($C126=\"b\",$C126=\"f\")),\"\",VLOOKUP($A126,Quantities[],Quantities!$B$2)),\nIF(LEFT(TEXT($A126,\"0\"),1)=\"5\",\"\",\" \"),\nIF(OR(C126=\"a\",C126=\"c\",C126=\"d\",C126=\"e\"),IF(OR(RIGHT(TEXT($A126,\"0\"),Quantities!$B$2)=\"00\",LEFT(TEXT($A126,\"0\"),1)=\"5\"),VLOOKUP($A126,Quantities[],Quantities!$B$2),\"\"),\nIF(LEFT(TEXT($A126,\"0\"),1)=\"5\",VLOOKUP($A126,Quantities[],Quantities!$B$2),\nVLOOKUP(INDEX(Quantities!$A$100:$A$118,MATCH($A126,Quantities!$C$100:$C$118)),Quantities!$A$100:$B$118,Quantities!$B$2))))","v":" Gila Borrow Area"},{"$f":"IF(LEFT(TEXT(A126,\"0\"),1)=\"5\",\nVLOOKUP(VLOOKUP(A126,Quantities!$A$4:$D$118,Quantities!$C$2),Quantities!$A$4:$D$118,Quantities!$C$2),\nIF(OR(C126=\"a\",C126=\"c\",C126=\"d\",C126=\"e\"),\n\"-\",\nIF(RIGHT(TEXT(A126,\"0\"),2)=\"00\",VLOOKUP(A126,Quantities[],Quantities!$B$2),\nIF(C126=\"f\",VLOOKUP(A126,Quantities[],Quantities!$B$2),\nVLOOKUP(A126,Quantities[],Quantities!$C$2))\n)))","v":"5A Waste"},{"$f":"IF(OR(AND(LEFT(D126,2)=\"Sc\",B126=\"A\",C126=\"d\"),AND(C126=\"f\",B126=\"D\")),\nSUM(VLOOKUP($A126,Quantities[],Quantities!$O$2),VLOOKUP($A126,Quantities[],Quantities!$Q$2),VLOOKUP($A126,Quantities[],Quantities!$S$2)),\n\nIF(AND(LEFT(D126,2)=\"Sc\",OR(C126=\"a\",C126=\"f\")),\nVLOOKUP(A126,Quantities[],Quantities!$I$2),\n\nIF(AND(B126=\"D\",C126=\"b\"),\n VLOOKUP(INDEX(Quantities!$A$100:$A$118,MATCH($A126,Quantities!$C$100:$C$118)),Quantities!$A$100:$AJ$118,Quantities!$O$2)+\nVLOOKUP(INDEX(Quantities!$A$100:$A$118,MATCH($A126,Quantities!$C$100:$C$118)),Quantities!$A$100:$AJ$118,Quantities!$Q$2)+\nVLOOKUP(INDEX(Quantities!$A$100:$A$118,MATCH($A126,Quantities!$C$100:$C$118)),Quantities!$A$100:$AJ$118,Quantities!$S$2),\n\nIF(OR(B126=\"D\",B126=\"Q\"),\nSUM(VLOOKUP($A126,Quantities[],Quantities!$O$2),VLOOKUP($A126,Quantities[],Quantities!$Q$2),VLOOKUP($A126,Quantities[],Quantities!$S$2)),\n\n VLOOKUP(A126,Quantities[],Quantities!$G$2)\n))))","v":4750},{"$f":"IF(LEFT(D126,2)=\"Mg\", VLOOKUP(A126,Quantities[],Quantities!$H$2),\n\nIF(OR(AND(LEFT(D126,2)=\"Sc\",B126=\"A\",C126=\"d\",C126=\"f\")),\n(SUM(VLOOKUP($A126,Quantities[],Quantities!$P$2)*VLOOKUP($A126,Quantities[],Quantities!$O$2),VLOOKUP($A126,Quantities[],Quantities!$R$2)*VLOOKUP($A126,Quantities[],Quantities!$Q$2),VLOOKUP($A126,Quantities[],Quantities!$T$2)*VLOOKUP($A126,Quantities[],Quantities!$S$2)))/SUM(VLOOKUP($A126,Quantities[],Quantities!$O$2),VLOOKUP($A126,Quantities[],Quantities!$Q$2),VLOOKUP($A126,Quantities[],Quantities!$S$2)),\n\nIF(AND(LEFT(D126,2)=\"Sc\",OR(C126=\"a\",C126=\"f\")),\nVLOOKUP(A126,Quantities[],Quantities!$J$2),\n\nIF(AND(B126=\"D\",C126=\"b\", (VLOOKUP(INDEX(Quantities!$A$100:$A$118,MATCH($A126,Quantities!$C$100:$C$118)),Quantities[],Quantities!$O$2)+VLOOKUP(INDEX(Quantities!$A$100:$A$118,MATCH($A126,Quantities!$C$100:$C$118)),Quantities[],Quantities!$Q$2)+VLOOKUP(INDEX(Quantities!$A$100:$A$118,MATCH($A126,Quantities!$C$100:$C$118)),Quantities[],Quantities!$S$2))>0),\n(VLOOKUP(INDEX(Quantities!$A$100:$A$118,MATCH($A126,Quantities!$C$100:$C$118)),Quantities[],Quantities!$P$2)*VLOOKUP(INDEX(Quantities!$A$100:$A$118,MATCH($A126,Quantities!$C$100:$C$118)),Quantities[],Quantities!$O$2)\n+VLOOKUP(INDEX(Quantities!$A$100:$A$118,MATCH($A126,Quantities!$C$100:$C$118)),Quantities[],Quantities!$R$2)*VLOOKUP(INDEX(Quantities!$A$100:$A$118,MATCH($A126,Quantities!$C$100:$C$118)),Quantities[],Quantities!$Q$2)\n+VLOOKUP(INDEX(Quantities!$A$100:$A$118,MATCH($A126,Quantities!$C$100:$C$118)),Quantities[],Quantities!$T$2)*VLOOKUP(INDEX(Quantities!$A$100:$A$118,MATCH($A126,Quantities!$C$100:$C$118)),Quantities[],Quantities!$S$2))/\n(VLOOKUP(INDEX(Quantities!$A$100:$A$118,MATCH($A126,Quantities!$C$100:$C$118)),Quantities[],Quantities!$O$2)+VLOOKUP(INDEX(Quantities!$A$100:$A$118,MATCH($A126,Quantities!$C$100:$C$118)),Quantities[],Quantities!$Q$2)+VLOOKUP(A126,Quantities[],Quantities!$S$2)),\n\nIF(AND(B126=\"D\", (VLOOKUP(A126,Quantities[],Quantities!$O$2)+VLOOKUP(A126,Quantities[],Quantities!$Q$2)+VLOOKUP(A126,Quantities[],Quantities!$S$2))>0),\n(VLOOKUP(A126,Quantities[],Quantities!$P$2)*VLOOKUP(A126,Quantities[],Quantities!$O$2)\n+VLOOKUP(A126,Quantities[],Quantities!$R$2)*VLOOKUP(A126,Quantities[],Quantities!$Q$2)\n+VLOOKUP(A126,Quantities[],Quantities!$T$2)*VLOOKUP(A126,Quantities[],Quantities!$S$2))/\n(VLOOKUP(A126,Quantities[],Quantities!$O$2)+VLOOKUP(A126,Quantities[],Quantities!$Q$2)+VLOOKUP(A126,Quantities[],Quantities!$S$2)),\n\nIF($B126=\"Q\", (SUM(VLOOKUP($A126,Quantities[],Quantities!$P$2)*VLOOKUP($A126,Quantities[],Quantities!$O$2),VLOOKUP($A126,Quantities[],Quantities!$R$2)*VLOOKUP($A126,Quantities[],Quantities!$Q$2),VLOOKUP($A126,Quantities[],Quantities!$T$2)*VLOOKUP($A126,Quantities[],Quantities!$S$2)))/SUM(VLOOKUP($A126,Quantities[],Quantities!$O$2),VLOOKUP($A126,Quantities[],Quantities!$Q$2),VLOOKUP($A126,Quantities[],Quantities!$S$2)),\n\n VLOOKUP(A126,Quantities[],Quantities!$H$2)\n))))))","v":1.8947368421052633E-2},{"$f":"IF(LEFT(D126,1)=\"U\",\"-\",VLOOKUP(D126,Equipment[],Equipment!$B$2))","v":"Komatsu 730E"}]
[{"$f":"Quantities!$A$39","v":2200},"D","b","Tk4","2200-D-b-Tk4",{"$f":"IF(D127=\"Comb1\",CONCATENATE(VLOOKUP(B127,'Activity-Material_Codes'!$A$2:$B$26,Quantities!$B$2),\"-\",VLOOKUP(A127,Quantities[],Quantities!$D$2)),\nCONCATENATE(\nVLOOKUP(B127,'Activity-Material_Codes'!$A$2:$B$26,Quantities!$B$2),\nIF(AND(B127=\"B\",C127=\"a\"), \" Scraper Grading\", \"\"),\nIF(C127=\"b\",\"\",\"-\"),\nIF(C127=\"b\",\"\",VLOOKUP(A127,Quantities[],Quantities!$D$2)),\nIF(LEFT(TEXT(A127,\"0\"),1)=\"5\",\"\",\"-\"),\nIF(LEFT(TEXT(A127,\"0\"),1)=\"5\",\"\",VLOOKUP(C127,'Activity-Material_Codes'!$A$30:$B$36,Quantities!$B$2))\n))","v":"Haul-Cover"},{"$f":"CONCATENATE(\nIF(OR(RIGHT(TEXT($A127,\"0\"),Quantities!$B$2)=\"00\",LEFT(TEXT($A127,\"0\"),1)=\"5\",OR($C127=\"b\",$C127=\"f\")),\"\",VLOOKUP($A127,Quantities[],Quantities!$B$2)),\nIF(LEFT(TEXT($A127,\"0\"),1)=\"5\",\"\",\" \"),\nIF(OR(C127=\"a\",C127=\"c\",C127=\"d\",C127=\"e\"),IF(OR(RIGHT(TEXT($A127,\"0\"),Quantities!$B$2)=\"00\",LEFT(TEXT($A127,\"0\"),1)=\"5\"),VLOOKUP($A127,Quantities[],Quantities!$B$2),\"\"),\nIF(LEFT(TEXT($A127,\"0\"),1)=\"5\",VLOOKUP($A127,Quantities[],Quantities!$B$2),\nVLOOKUP(INDEX(Quantities!$A$100:$A$118,MATCH($A127,Quantities!$C$100:$C$118)),Quantities!$A$100:$B$118,Quantities!$B$2))))","v":" Leach Stockpile"},{"$f":"IF(LEFT(TEXT(A127,\"0\"),1)=\"5\",\nVLOOKUP(VLOOKUP(A127,Quantities!$A$4:$D$118,Quantities!$C$2),Quantities!$A$4:$D$118,Quantities!$C$2),\nIF(OR(C127=\"a\",C127=\"c\",C127=\"d\",C127=\"e\"),\n\"-\",\nIF(RIGHT(TEXT(A127,\"0\"),2)=\"00\",VLOOKUP(A127,Quantities[],Quantities!$B$2),\nIF(C127=\"f\",VLOOKUP(A127,Quantities[],Quantities!$B$2),\nVLOOKUP(A127,Quantities[],Quantities!$C$2))\n)))","v":"San Salvador Pit, San Salvador Waste Backfill"},{"$f":"IF(OR(AND(LEFT(D127,2)=\"Sc\",B127=\"A\",C127=\"d\"),AND(C127=\"f\",B127=\"D\")),\nSUM(VLOOKUP($A127,Quantities[],Quantities!$O$2),VLOOKUP($A127,Quantities[],Quantities!$Q$2),VLOOKUP($A127,Quantities[],Quantities!$S$2)),\n\nIF(AND(LEFT(D127,2)=\"Sc\",OR(C127=\"a\",C127=\"f\")),\nVLOOKUP(A127,Quantities[],Quantities!$I$2),\n\nIF(AND(B127=\"D\",C127=\"b\"),\n VLOOKUP(INDEX(Quantities!$A$100:$A$118,MATCH($A127,Quantities!$C$100:$C$118)),Quantities!$A$100:$AJ$118,Quantities!$O$2)+\nVLOOKUP(INDEX(Quantities!$A$100:$A$118,MATCH($A127,Quantities!$C$100:$C$118)),Quantities!$A$100:$AJ$118,Quantities!$Q$2)+\nVLOOKUP(INDEX(Quantities!$A$100:$A$118,MATCH($A127,Quantities!$C$100:$C$118)),Quantities!$A$100:$AJ$118,Quantities!$S$2),\n\nIF(OR(B127=\"D\",B127=\"Q\"),\nSUM(VLOOKUP($A127,Quantities[],Quantities!$O$2),VLOOKUP($A127,Quantities[],Quantities!$Q$2),VLOOKUP($A127,Quantities[],Quantities!$S$2)),\n\n VLOOKUP(A127,Quantities[],Quantities!$G$2)\n))))","v":12570},{"$f":"IF(LEFT(D127,2)=\"Mg\", VLOOKUP(A127,Quantities[],Quantities!$H$2),\n\nIF(OR(AND(LEFT(D127,2)=\"Sc\",B127=\"A\",C127=\"d\",C127=\"f\")),\n(SUM(VLOOKUP($A127,Quantities[],Quantities!$P$2)*VLOOKUP($A127,Quantities[],Quantities!$O$2),VLOOKUP($A127,Quantities[],Quantities!$R$2)*VLOOKUP($A127,Quantities[],Quantities!$Q$2),VLOOKUP($A127,Quantities[],Quantities!$T$2)*VLOOKUP($A127,Quantities[],Quantities!$S$2)))/SUM(VLOOKUP($A127,Quantities[],Quantities!$O$2),VLOOKUP($A127,Quantities[],Quantities!$Q$2),VLOOKUP($A127,Quantities[],Quantities!$S$2)),\n\nIF(AND(LEFT(D127,2)=\"Sc\",OR(C127=\"a\",C127=\"f\")),\nVLOOKUP(A127,Quantities[],Quantities!$J$2),\n\nIF(AND(B127=\"D\",C127=\"b\", (VLOOKUP(INDEX(Quantities!$A$100:$A$118,MATCH($A127,Quantities!$C$100:$C$118)),Quantities[],Quantities!$O$2)+VLOOKUP(INDEX(Quantities!$A$100:$A$118,MATCH($A127,Quantities!$C$100:$C$118)),Quantities[],Quantities!$Q$2)+VLOOKUP(INDEX(Quantities!$A$100:$A$118,MATCH($A127,Quantities!$C$100:$C$118)),Quantities[],Quantities!$S$2))>0),\n(VLOOKUP(INDEX(Quantities!$A$100:$A$118,MATCH($A127,Quantities!$C$100:$C$118)),Quantities[],Quantities!$P$2)*VLOOKUP(INDEX(Quantities!$A$100:$A$118,MATCH($A127,Quantities!$C$100:$C$118)),Quantities[],Quantities!$O$2)\n+VLOOKUP(INDEX(Quantities!$A$100:$A$118,MATCH($A127,Quantities!$C$100:$C$118)),Quantities[],Quantities!$R$2)*VLOOKUP(INDEX(Quantities!$A$100:$A$118,MATCH($A127,Quantities!$C$100:$C$118)),Quantities[],Quantities!$Q$2)\n+VLOOKUP(INDEX(Quantities!$A$100:$A$118,MATCH($A127,Quantities!$C$100:$C$118)),Quantities[],Quantities!$T$2)*VLOOKUP(INDEX(Quantities!$A$100:$A$118,MATCH($A127,Quantities!$C$100:$C$118)),Quantities[],Quantities!$S$2))/\n(VLOOKUP(INDEX(Quantities!$A$100:$A$118,MATCH($A127,Quantities!$C$100:$C$118)),Quantities[],Quantities!$O$2)+VLOOKUP(INDEX(Quantities!$A$100:$A$118,MATCH($A127,Quantities!$C$100:$C$118)),Quantities[],Quantities!$Q$2)+VLOOKUP(A127,Quantities[],Quantities!$S$2)),\n\nIF(AND(B127=\"D\", (VLOOKUP(A127,Quantities[],Quantities!$O$2)+VLOOKUP(A127,Quantities[],Quantities!$Q$2)+VLOOKUP(A127,Quantities[],Quantities!$S$2))>0),\n(VLOOKUP(A127,Quantities[],Quantities!$P$2)*VLOOKUP(A127,Quantities[],Quantities!$O$2)\n+VLOOKUP(A127,Quantities[],Quantities!$R$2)*VLOOKUP(A127,Quantities[],Quantities!$Q$2)\n+VLOOKUP(A127,Quantities[],Quantities!$T$2)*VLOOKUP(A127,Quantities[],Quantities!$S$2))/\n(VLOOKUP(A127,Quantities[],Quantities!$O$2)+VLOOKUP(A127,Quantities[],Quantities!$Q$2)+VLOOKUP(A127,Quantities[],Quantities!$S$2)),\n\nIF($B127=\"Q\", (SUM(VLOOKUP($A127,Quantities[],Quantities!$P$2)*VLOOKUP($A127,Quantities[],Quantities!$O$2),VLOOKUP($A127,Quantities[],Quantities!$R$2)*VLOOKUP($A127,Quantities[],Quantities!$Q$2),VLOOKUP($A127,Quantities[],Quantities!$T$2)*VLOOKUP($A127,Quantities[],Quantities!$S$2)))/SUM(VLOOKUP($A127,Quantities[],Quantities!$O$2),VLOOKUP($A127,Quantities[],Quantities!$Q$2),VLOOKUP($A127,Quantities[],Quantities!$S$2)),\n\n VLOOKUP(A127,Quantities[],Quantities!$H$2)\n))))))","v":1.7592592592592594E-2},{"$f":"IF(LEFT(D127,1)=\"U\",\"-\",VLOOKUP(D127,Equipment[],Equipment!$B$2))","v":"Komatsu 730E"}]
[{"$f":"Quantities!$A$41","v":2300},"D","b","Tk4","2300-D-b-Tk4",{"$f":"IF(D128=\"Comb1\",CONCATENATE(VLOOKUP(B128,'Activity-Material_Codes'!$A$2:$B$26,Quantities!$B$2),\"-\",VLOOKUP(A128,Quantities[],Quantities!$D$2)),\nCONCATENATE(\nVLOOKUP(B128,'Activity-Material_Codes'!$A$2:$B$26,Quantities!$B$2),\nIF(AND(B128=\"B\",C128=\"a\"), \" Scraper Grading\", \"\"),\nIF(C128=\"b\",\"\",\"-\"),\nIF(C128=\"b\",\"\",VLOOKUP(A128,Quantities[],Quantities!$D$2)),\nIF(LEFT(TEXT(A128,\"0\"),1)=\"5\",\"\",\"-\"),\nIF(LEFT(TEXT(A128,\"0\"),1)=\"5\",\"\",VLOOKUP(C128,'Activity-Material_Codes'!$A$30:$B$36,Quantities!$B$2))\n))","v":"Haul-Cover"},{"$f":"CONCATENATE(\nIF(OR(RIGHT(TEXT($A128,\"0\"),Quantities!$B$2)=\"00\",LEFT(TEXT($A128,\"0\"),1)=\"5\",OR($C128=\"b\",$C128=\"f\")),\"\",VLOOKUP($A128,Quantities[],Quantities!$B$2)),\nIF(LEFT(TEXT($A128,\"0\"),1)=\"5\",\"\",\" \"),\nIF(OR(C128=\"a\",C128=\"c\",C128=\"d\",C128=\"e\"),IF(OR(RIGHT(TEXT($A128,\"0\"),Quantities!$B$2)=\"00\",LEFT(TEXT($A128,\"0\"),1)=\"5\"),VLOOKUP($A128,Quantities[],Quantities!$B$2),\"\"),\nIF(LEFT(TEXT($A128,\"0\"),1)=\"5\",VLOOKUP($A128,Quantities[],Quantities!$B$2),\nVLOOKUP(INDEX(Quantities!$A$100:$A$118,MATCH($A128,Quantities!$C$100:$C$118)),Quantities!$A$100:$B$118,Quantities!$B$2))))","v":" Gila Borrow Area"},{"$f":"IF(LEFT(TEXT(A128,\"0\"),1)=\"5\",\nVLOOKUP(VLOOKUP(A128,Quantities!$A$4:$D$118,Quantities!$C$2),Quantities!$A$4:$D$118,Quantities!$C$2),\nIF(OR(C128=\"a\",C128=\"c\",C128=\"d\",C128=\"e\"),\n\"-\",\nIF(RIGHT(TEXT(A128,\"0\"),2)=\"00\",VLOOKUP(A128,Quantities[],Quantities!$B$2),\nIF(C128=\"f\",VLOOKUP(A128,Quantities[],Quantities!$B$2),\nVLOOKUP(A128,Quantities[],Quantities!$C$2))\n)))","v":"6A Leach"},{"$f":"IF(OR(AND(LEFT(D128,2)=\"Sc\",B128=\"A\",C128=\"d\"),AND(C128=\"f\",B128=\"D\")),\nSUM(VLOOKUP($A128,Quantities[],Quantities!$O$2),VLOOKUP($A128,Quantities[],Quantities!$Q$2),VLOOKUP($A128,Quantities[],Quantities!$S$2)),\n\nIF(AND(LEFT(D128,2)=\"Sc\",OR(C128=\"a\",C128=\"f\")),\nVLOOKUP(A128,Quantities[],Quantities!$I$2),\n\nIF(AND(B128=\"D\",C128=\"b\"),\n VLOOKUP(INDEX(Quantities!$A$100:$A$118,MATCH($A128,Quantities!$C$100:$C$118)),Quantities!$A$100:$AJ$118,Quantities!$O$2)+\nVLOOKUP(INDEX(Quantities!$A$100:$A$118,MATCH($A128,Quantities!$C$100:$C$118)),Quantities!$A$100:$AJ$118,Quantities!$Q$2)+\nVLOOKUP(INDEX(Quantities!$A$100:$A$118,MATCH($A128,Quantities!$C$100:$C$118)),Quantities!$A$100:$AJ$118,Quantities!$S$2),\n\nIF(OR(B128=\"D\",B128=\"Q\"),\nSUM(VLOOKUP($A128,Quantities[],Quantities!$O$2),VLOOKUP($A128,Quantities[],Quantities!$Q$2),VLOOKUP($A128,Quantities[],Quantities!$S$2)),\n\n VLOOKUP(A128,Quantities[],Quantities!$G$2)\n))))","v":5730},{"$f":"IF(LEFT(D128,2)=\"Mg\", VLOOKUP(A128,Quantities[],Quantities!$H$2),\n\nIF(OR(AND(LEFT(D128,2)=\"Sc\",B128=\"A\",C128=\"d\",C128=\"f\")),\n(SUM(VLOOKUP($A128,Quantities[],Quantities!$P$2)*VLOOKUP($A128,Quantities[],Quantities!$O$2),VLOOKUP($A128,Quantities[],Quantities!$R$2)*VLOOKUP($A128,Quantities[],Quantities!$Q$2),VLOOKUP($A128,Quantities[],Quantities!$T$2)*VLOOKUP($A128,Quantities[],Quantities!$S$2)))/SUM(VLOOKUP($A128,Quantities[],Quantities!$O$2),VLOOKUP($A128,Quantities[],Quantities!$Q$2),VLOOKUP($A128,Quantities[],Quantities!$S$2)),\n\nIF(AND(LEFT(D128,2)=\"Sc\",OR(C128=\"a\",C128=\"f\")),\nVLOOKUP(A128,Quantities[],Quantities!$J$2),\n\nIF(AND(B128=\"D\",C128=\"b\", (VLOOKUP(INDEX(Quantities!$A$100:$A$118,MATCH($A128,Quantities!$C$100:$C$118)),Quantities[],Quantities!$O$2)+VLOOKUP(INDEX(Quantities!$A$100:$A$118,MATCH($A128,Quantities!$C$100:$C$118)),Quantities[],Quantities!$Q$2)+VLOOKUP(INDEX(Quantities!$A$100:$A$118,MATCH($A128,Quantities!$C$100:$C$118)),Quantities[],Quantities!$S$2))>0),\n(VLOOKUP(INDEX(Quantities!$A$100:$A$118,MATCH($A128,Quantities!$C$100:$C$118)),Quantities[],Quantities!$P$2)*VLOOKUP(INDEX(Quantities!$A$100:$A$118,MATCH($A128,Quantities!$C$100:$C$118)),Quantities[],Quantities!$O$2)\n+VLOOKUP(INDEX(Quantities!$A$100:$A$118,MATCH($A128,Quantities!$C$100:$C$118)),Quantities[],Quantities!$R$2)*VLOOKUP(INDEX(Quantities!$A$100:$A$118,MATCH($A128,Quantities!$C$100:$C$118)),Quantities[],Quantities!$Q$2)\n+VLOOKUP(INDEX(Quantities!$A$100:$A$118,MATCH($A128,Quantities!$C$100:$C$118)),Quantities[],Quantities!$T$2)*VLOOKUP(INDEX(Quantities!$A$100:$A$118,MATCH($A128,Quantities!$C$100:$C$118)),Quantities[],Quantities!$S$2))/\n(VLOOKUP(INDEX(Quantities!$A$100:$A$118,MATCH($A128,Quantities!$C$100:$C$118)),Quantities[],Quantities!$O$2)+VLOOKUP(INDEX(Quantities!$A$100:$A$118,MATCH($A128,Quantities!$C$100:$C$118)),Quantities[],Quantities!$Q$2)+VLOOKUP(A128,Quantities[],Quantities!$S$2)),\n\nIF(AND(B128=\"D\", (VLOOKUP(A128,Quantities[],Quantities!$O$2)+VLOOKUP(A128,Quantities[],Quantities!$Q$2)+VLOOKUP(A128,Quantities[],Quantities!$S$2))>0),\n(VLOOKUP(A128,Quantities[],Quantities!$P$2)*VLOOKUP(A128,Quantities[],Quantities!$O$2)\n+VLOOKUP(A128,Quantities[],Quantities!$R$2)*VLOOKUP(A128,Quantities[],Quantities!$Q$2)\n+VLOOKUP(A128,Quantities[],Quantities!$T$2)*VLOOKUP(A128,Quantities[],Quantities!$S$2))/\n(VLOOKUP(A128,Quantities[],Quantities!$O$2)+VLOOKUP(A128,Quantities[],Quantities!$Q$2)+VLOOKUP(A128,Quantities[],Quantities!$S$2)),\n\nIF($B128=\"Q\", (SUM(VLOOKUP($A128,Quantities[],Quantities!$P$2)*VLOOKUP($A128,Quantities[],Quantities!$O$2),VLOOKUP($A128,Quantities[],Quantities!$R$2)*VLOOKUP($A128,Quantities[],Quantities!$Q$2),VLOOKUP($A128,Quantities[],Quantities!$T$2)*VLOOKUP($A128,Quantities[],Quantities!$S$2)))/SUM(VLOOKUP($A128,Quantities[],Quantities!$O$2),VLOOKUP($A128,Quantities[],Quantities!$Q$2),VLOOKUP($A128,Quantities[],Quantities!$S$2)),\n\n VLOOKUP(A128,Quantities[],Quantities!$H$2)\n))))))","v":1.6E-2},{"$f":"IF(LEFT(D128,1)=\"U\",\"-\",VLOOKUP(D128,Equipment[],Equipment!$B$2))","v":"Komatsu 730E"}]
[{"$f":"Quantities!$A$17","v":1400},"D","b","Tk4","1400-D-b-Tk4",{"$f":"IF(D129=\"Comb1\",CONCATENATE(VLOOKUP(B129,'Activity-Material_Codes'!$A$2:$B$26,Quantities!$B$2),\"-\",VLOOKUP(A129,Quantities[],Quantities!$D$2)),\nCONCATENATE(\nVLOOKUP(B129,'Activity-Material_Codes'!$A$2:$B$26,Quantities!$B$2),\nIF(AND(B129=\"B\",C129=\"a\"), \" Scraper Grading\", \"\"),\nIF(C129=\"b\",\"\",\"-\"),\nIF(C129=\"b\",\"\",VLOOKUP(A129,Quantities[],Quantities!$D$2)),\nIF(LEFT(TEXT(A129,\"0\"),1)=\"5\",\"\",\"-\"),\nIF(LEFT(TEXT(A129,\"0\"),1)=\"5\",\"\",VLOOKUP(C129,'Activity-Material_Codes'!$A$30:$B$36,Quantities!$B$2))\n))","v":"Haul-Cover"},{"$f":"CONCATENATE(\nIF(OR(RIGHT(TEXT($A129,\"0\"),Quantities!$B$2)=\"00\",LEFT(TEXT($A129,\"0\"),1)=\"5\",OR($C129=\"b\",$C129=\"f\")),\"\",VLOOKUP($A129,Quantities[],Quantities!$B$2)),\nIF(LEFT(TEXT($A129,\"0\"),1)=\"5\",\"\",\" \"),\nIF(OR(C129=\"a\",C129=\"c\",C129=\"d\",C129=\"e\"),IF(OR(RIGHT(TEXT($A129,\"0\"),Quantities!$B$2)=\"00\",LEFT(TEXT($A129,\"0\"),1)=\"5\"),VLOOKUP($A129,Quantities[],Quantities!$B$2),\"\"),\nIF(LEFT(TEXT($A129,\"0\"),1)=\"5\",VLOOKUP($A129,Quantities[],Quantities!$B$2),\nVLOOKUP(INDEX(Quantities!$A$100:$A$118,MATCH($A129,Quantities!$C$100:$C$118)),Quantities!$A$100:$B$118,Quantities!$B$2))))","v":" Gila Borrow Area"},{"$f":"IF(LEFT(TEXT(A129,\"0\"),1)=\"5\",\nVLOOKUP(VLOOKUP(A129,Quantities!$A$4:$D$118,Quantities!$C$2),Quantities!$A$4:$D$118,Quantities!$C$2),\nIF(OR(C129=\"a\",C129=\"c\",C129=\"d\",C129=\"e\"),\n\"-\",\nIF(RIGHT(TEXT(A129,\"0\"),2)=\"00\",VLOOKUP(A129,Quantities[],Quantities!$B$2),\nIF(C129=\"f\",VLOOKUP(A129,Quantities[],Quantities!$B$2),\nVLOOKUP(A129,Quantities[],Quantities!$C$2))\n)))","v":"2 Leach (Area 1)"},{"$f":"IF(OR(AND(LEFT(D129,2)=\"Sc\",B129=\"A\",C129=\"d\"),AND(C129=\"f\",B129=\"D\")),\nSUM(VLOOKUP($A129,Quantities[],Quantities!$O$2),VLOOKUP($A129,Quantities[],Quantities!$Q$2),VLOOKUP($A129,Quantities[],Quantities!$S$2)),\n\nIF(AND(LEFT(D129,2)=\"Sc\",OR(C129=\"a\",C129=\"f\")),\nVLOOKUP(A129,Quantities[],Quantities!$I$2),\n\nIF(AND(B129=\"D\",C129=\"b\"),\n VLOOKUP(INDEX(Quantities!$A$100:$A$118,MATCH($A129,Quantities!$C$100:$C$118)),Quantities!$A$100:$AJ$118,Quantities!$O$2)+\nVLOOKUP(INDEX(Quantities!$A$100:$A$118,MATCH($A129,Quantities!$C$100:$C$118)),Quantities!$A$100:$AJ$118,Quantities!$Q$2)+\nVLOOKUP(INDEX(Quantities!$A$100:$A$118,MATCH($A129,Quantities!$C$100:$C$118)),Quantities!$A$100:$AJ$118,Quantities!$S$2),\n\nIF(OR(B129=\"D\",B129=\"Q\"),\nSUM(VLOOKUP($A129,Quantities[],Quantities!$O$2),VLOOKUP($A129,Quantities[],Quantities!$Q$2),VLOOKUP($A129,Quantities[],Quantities!$S$2)),\n\n VLOOKUP(A129,Quantities[],Quantities!$G$2)\n))))","v":17830},{"$f":"IF(LEFT(D129,2)=\"Mg\", VLOOKUP(A129,Quantities[],Quantities!$H$2),\n\nIF(OR(AND(LEFT(D129,2)=\"Sc\",B129=\"A\",C129=\"d\",C129=\"f\")),\n(SUM(VLOOKUP($A129,Quantities[],Quantities!$P$2)*VLOOKUP($A129,Quantities[],Quantities!$O$2),VLOOKUP($A129,Quantities[],Quantities!$R$2)*VLOOKUP($A129,Quantities[],Quantities!$Q$2),VLOOKUP($A129,Quantities[],Quantities!$T$2)*VLOOKUP($A129,Quantities[],Quantities!$S$2)))/SUM(VLOOKUP($A129,Quantities[],Quantities!$O$2),VLOOKUP($A129,Quantities[],Quantities!$Q$2),VLOOKUP($A129,Quantities[],Quantities!$S$2)),\n\nIF(AND(LEFT(D129,2)=\"Sc\",OR(C129=\"a\",C129=\"f\")),\nVLOOKUP(A129,Quantities[],Quantities!$J$2),\n\nIF(AND(B129=\"D\",C129=\"b\", (VLOOKUP(INDEX(Quantities!$A$100:$A$118,MATCH($A129,Quantities!$C$100:$C$118)),Quantities[],Quantities!$O$2)+VLOOKUP(INDEX(Quantities!$A$100:$A$118,MATCH($A129,Quantities!$C$100:$C$118)),Quantities[],Quantities!$Q$2)+VLOOKUP(INDEX(Quantities!$A$100:$A$118,MATCH($A129,Quantities!$C$100:$C$118)),Quantities[],Quantities!$S$2))>0),\n(VLOOKUP(INDEX(Quantities!$A$100:$A$118,MATCH($A129,Quantities!$C$100:$C$118)),Quantities[],Quantities!$P$2)*VLOOKUP(INDEX(Quantities!$A$100:$A$118,MATCH($A129,Quantities!$C$100:$C$118)),Quantities[],Quantities!$O$2)\n+VLOOKUP(INDEX(Quantities!$A$100:$A$118,MATCH($A129,Quantities!$C$100:$C$118)),Quantities[],Quantities!$R$2)*VLOOKUP(INDEX(Quantities!$A$100:$A$118,MATCH($A129,Quantities!$C$100:$C$118)),Quantities[],Quantities!$Q$2)\n+VLOOKUP(INDEX(Quantities!$A$100:$A$118,MATCH($A129,Quantities!$C$100:$C$118)),Quantities[],Quantities!$T$2)*VLOOKUP(INDEX(Quantities!$A$100:$A$118,MATCH($A129,Quantities!$C$100:$C$118)),Quantities[],Quantities!$S$2))/\n(VLOOKUP(INDEX(Quantities!$A$100:$A$118,MATCH($A129,Quantities!$C$100:$C$118)),Quantities[],Quantities!$O$2)+VLOOKUP(INDEX(Quantities!$A$100:$A$118,MATCH($A129,Quantities!$C$100:$C$118)),Quantities[],Quantities!$Q$2)+VLOOKUP(A129,Quantities[],Quantities!$S$2)),\n\nIF(AND(B129=\"D\", (VLOOKUP(A129,Quantities[],Quantities!$O$2)+VLOOKUP(A129,Quantities[],Quantities!$Q$2)+VLOOKUP(A129,Quantities[],Quantities!$S$2))>0),\n(VLOOKUP(A129,Quantities[],Quantities!$P$2)*VLOOKUP(A129,Quantities[],Quantities!$O$2)\n+VLOOKUP(A129,Quantities[],Quantities!$R$2)*VLOOKUP(A129,Quantities[],Quantities!$Q$2)\n+VLOOKUP(A129,Quantities[],Quantities!$T$2)*VLOOKUP(A129,Quantities[],Quantities!$S$2))/\n(VLOOKUP(A129,Quantities[],Quantities!$O$2)+VLOOKUP(A129,Quantities[],Quantities!$Q$2)+VLOOKUP(A129,Quantities[],Quantities!$S$2)),\n\nIF($B129=\"Q\", (SUM(VLOOKUP($A129,Quantities[],Quantities!$P$2)*VLOOKUP($A129,Quantities[],Quantities!$O$2),VLOOKUP($A129,Quantities[],Quantities!$R$2)*VLOOKUP($A129,Quantities[],Quantities!$Q$2),VLOOKUP($A129,Quantities[],Quantities!$T$2)*VLOOKUP($A129,Quantities[],Quantities!$S$2)))/SUM(VLOOKUP($A129,Quantities[],Quantities!$O$2),VLOOKUP($A129,Quantities[],Quantities!$Q$2),VLOOKUP($A129,Quantities[],Quantities!$S$2)),\n\n VLOOKUP(A129,Quantities[],Quantities!$H$2)\n))))))","v":0.05},{"$f":"IF(LEFT(D129,1)=\"U\",\"-\",VLOOKUP(D129,Equipment[],Equipment!$B$2))","v":"Komatsu 730E"}]
[{"$f":"Quantities!$A$29","v":1800},"D","b","Tk4","1800-D-b-Tk4",{"$f":"IF(D130=\"Comb1\",CONCATENATE(VLOOKUP(B130,'Activity-Material_Codes'!$A$2:$B$26,Quantities!$B$2),\"-\",VLOOKUP(A130,Quantities[],Quantities!$D$2)),\nCONCATENATE(\nVLOOKUP(B130,'Activity-Material_Codes'!$A$2:$B$26,Quantities!$B$2),\nIF(AND(B130=\"B\",C130=\"a\"), \" Scraper Grading\", \"\"),\nIF(C130=\"b\",\"\",\"-\"),\nIF(C130=\"b\",\"\",VLOOKUP(A130,Quantities[],Quantities!$D$2)),\nIF(LEFT(TEXT(A130,\"0\"),1)=\"5\",\"\",\"-\"),\nIF(LEFT(TEXT(A130,\"0\"),1)=\"5\",\"\",VLOOKUP(C130,'Activity-Material_Codes'!$A$30:$B$36,Quantities!$B$2))\n))","v":"Haul-Cover"},{"$f":"CONCATENATE(\nIF(OR(RIGHT(TEXT($A130,\"0\"),Quantities!$B$2)=\"00\",LEFT(TEXT($A130,\"0\"),1)=\"5\",OR($C130=\"b\",$C130=\"f\")),\"\",VLOOKUP($A130,Quantities[],Quantities!$B$2)),\nIF(LEFT(TEXT($A130,\"0\"),1)=\"5\",\"\",\" \"),\nIF(OR(C130=\"a\",C130=\"c\",C130=\"d\",C130=\"e\"),IF(OR(RIGHT(TEXT($A130,\"0\"),Quantities!$B$2)=\"00\",LEFT(TEXT($A130,\"0\"),1)=\"5\"),VLOOKUP($A130,Quantities[],Quantities!$B$2),\"\"),\nIF(LEFT(TEXT($A130,\"0\"),1)=\"5\",VLOOKUP($A130,Quantities[],Quantities!$B$2),\nVLOOKUP(INDEX(Quantities!$A$100:$A$118,MATCH($A130,Quantities!$C$100:$C$118)),Quantities!$A$100:$B$118,Quantities!$B$2))))","v":" Gila Borrow Area"},{"$f":"IF(LEFT(TEXT(A130,\"0\"),1)=\"5\",\nVLOOKUP(VLOOKUP(A130,Quantities!$A$4:$D$118,Quantities!$C$2),Quantities!$A$4:$D$118,Quantities!$C$2),\nIF(OR(C130=\"a\",C130=\"c\",C130=\"d\",C130=\"e\"),\n\"-\",\nIF(RIGHT(TEXT(A130,\"0\"),2)=\"00\",VLOOKUP(A130,Quantities[],Quantities!$B$2),\nIF(C130=\"f\",VLOOKUP(A130,Quantities[],Quantities!$B$2),\nVLOOKUP(A130,Quantities[],Quantities!$C$2))\n)))","v":"2 Leach (Area 2), 7B Leach, 7B Waste, 7C Waste, South Rim Pit"},{"$f":"IF(OR(AND(LEFT(D130,2)=\"Sc\",B130=\"A\",C130=\"d\"),AND(C130=\"f\",B130=\"D\")),\nSUM(VLOOKUP($A130,Quantities[],Quantities!$O$2),VLOOKUP($A130,Quantities[],Quantities!$Q$2),VLOOKUP($A130,Quantities[],Quantities!$S$2)),\n\nIF(AND(LEFT(D130,2)=\"Sc\",OR(C130=\"a\",C130=\"f\")),\nVLOOKUP(A130,Quantities[],Quantities!$I$2),\n\nIF(AND(B130=\"D\",C130=\"b\"),\n VLOOKUP(INDEX(Quantities!$A$100:$A$118,MATCH($A130,Quantities!$C$100:$C$118)),Quantities!$A$100:$AJ$118,Quantities!$O$2)+\nVLOOKUP(INDEX(Quantities!$A$100:$A$118,MATCH($A130,Quantities!$C$100:$C$118)),Quantities!$A$100:$AJ$118,Quantities!$Q$2)+\nVLOOKUP(INDEX(Quantities!$A$100:$A$118,MATCH($A130,Quantities!$C$100:$C$118)),Quantities!$A$100:$AJ$118,Quantities!$S$2),\n\nIF(OR(B130=\"D\",B130=\"Q\"),\nSUM(VLOOKUP($A130,Quantities[],Quantities!$O$2),VLOOKUP($A130,Quantities[],Quantities!$Q$2),VLOOKUP($A130,Quantities[],Quantities!$S$2)),\n\n VLOOKUP(A130,Quantities[],Quantities!$G$2)\n))))","v":13990},{"$f":"IF(LEFT(D130,2)=\"Mg\", VLOOKUP(A130,Quantities[],Quantities!$H$2),\n\nIF(OR(AND(LEFT(D130,2)=\"Sc\",B130=\"A\",C130=\"d\",C130=\"f\")),\n(SUM(VLOOKUP($A130,Quantities[],Quantities!$P$2)*VLOOKUP($A130,Quantities[],Quantities!$O$2),VLOOKUP($A130,Quantities[],Quantities!$R$2)*VLOOKUP($A130,Quantities[],Quantities!$Q$2),VLOOKUP($A130,Quantities[],Quantities!$T$2)*VLOOKUP($A130,Quantities[],Quantities!$S$2)))/SUM(VLOOKUP($A130,Quantities[],Quantities!$O$2),VLOOKUP($A130,Quantities[],Quantities!$Q$2),VLOOKUP($A130,Quantities[],Quantities!$S$2)),\n\nIF(AND(LEFT(D130,2)=\"Sc\",OR(C130=\"a\",C130=\"f\")),\nVLOOKUP(A130,Quantities[],Quantities!$J$2),\n\nIF(AND(B130=\"D\",C130=\"b\", (VLOOKUP(INDEX(Quantities!$A$100:$A$118,MATCH($A130,Quantities!$C$100:$C$118)),Quantities[],Quantities!$O$2)+VLOOKUP(INDEX(Quantities!$A$100:$A$118,MATCH($A130,Quantities!$C$100:$C$118)),Quantities[],Quantities!$Q$2)+VLOOKUP(INDEX(Quantities!$A$100:$A$118,MATCH($A130,Quantities!$C$100:$C$118)),Quantities[],Quantities!$S$2))>0),\n(VLOOKUP(INDEX(Quantities!$A$100:$A$118,MATCH($A130,Quantities!$C$100:$C$118)),Quantities[],Quantities!$P$2)*VLOOKUP(INDEX(Quantities!$A$100:$A$118,MATCH($A130,Quantities!$C$100:$C$118)),Quantities[],Quantities!$O$2)\n+VLOOKUP(INDEX(Quantities!$A$100:$A$118,MATCH($A130,Quantities!$C$100:$C$118)),Quantities[],Quantities!$R$2)*VLOOKUP(INDEX(Quantities!$A$100:$A$118,MATCH($A130,Quantities!$C$100:$C$118)),Quantities[],Quantities!$Q$2)\n+VLOOKUP(INDEX(Quantities!$A$100:$A$118,MATCH($A130,Quantities!$C$100:$C$118)),Quantities[],Quantities!$T$2)*VLOOKUP(INDEX(Quantities!$A$100:$A$118,MATCH($A130,Quantities!$C$100:$C$118)),Quantities[],Quantities!$S$2))/\n(VLOOKUP(INDEX(Quantities!$A$100:$A$118,MATCH($A130,Quantities!$C$100:$C$118)),Quantities[],Quantities!$O$2)+VLOOKUP(INDEX(Quantities!$A$100:$A$118,MATCH($A130,Quantities!$C$100:$C$118)),Quantities[],Quantities!$Q$2)+VLOOKUP(A130,Quantities[],Quantities!$S$2)),\n\nIF(AND(B130=\"D\", (VLOOKUP(A130,Quantities[],Quantities!$O$2)+VLOOKUP(A130,Quantities[],Quantities!$Q$2)+VLOOKUP(A130,Quantities[],Quantities!$S$2))>0),\n(VLOOKUP(A130,Quantities[],Quantities!$P$2)*VLOOKUP(A130,Quantities[],Quantities!$O$2)\n+VLOOKUP(A130,Quantities[],Quantities!$R$2)*VLOOKUP(A130,Quantities[],Quantities!$Q$2)\n+VLOOKUP(A130,Quantities[],Quantities!$T$2)*VLOOKUP(A130,Quantities[],Quantities!$S$2))/\n(VLOOKUP(A130,Quantities[],Quantities!$O$2)+VLOOKUP(A130,Quantities[],Quantities!$Q$2)+VLOOKUP(A130,Quantities[],Quantities!$S$2)),\n\nIF($B130=\"Q\", (SUM(VLOOKUP($A130,Quantities[],Quantities!$P$2)*VLOOKUP($A130,Quantities[],Quantities!$O$2),VLOOKUP($A130,Quantities[],Quantities!$R$2)*VLOOKUP($A130,Quantities[],Quantities!$Q$2),VLOOKUP($A130,Quantities[],Quantities!$T$2)*VLOOKUP($A130,Quantities[],Quantities!$S$2)))/SUM(VLOOKUP($A130,Quantities[],Quantities!$O$2),VLOOKUP($A130,Quantities[],Quantities!$Q$2),VLOOKUP($A130,Quantities[],Quantities!$S$2)),\n\n VLOOKUP(A130,Quantities[],Quantities!$H$2)\n))))))","v":3.9313795568263046E-2},{"$f":"IF(LEFT(D130,1)=\"U\",\"-\",VLOOKUP(D130,Equipment[],Equipment!$B$2))","v":"Komatsu 730E"}]
[{"$f":"Quantities!$A$32","v":1900},"D","b","Tk4","1900-D-b-Tk4",{"$f":"IF(D131=\"Comb1\",CONCATENATE(VLOOKUP(B131,'Activity-Material_Codes'!$A$2:$B$26,Quantities!$B$2),\"-\",VLOOKUP(A131,Quantities[],Quantities!$D$2)),\nCONCATENATE(\nVLOOKUP(B131,'Activity-Material_Codes'!$A$2:$B$26,Quantities!$B$2),\nIF(AND(B131=\"B\",C131=\"a\"), \" Scraper Grading\", \"\"),\nIF(C131=\"b\",\"\",\"-\"),\nIF(C131=\"b\",\"\",VLOOKUP(A131,Quantities[],Quantities!$D$2)),\nIF(LEFT(TEXT(A131,\"0\"),1)=\"5\",\"\",\"-\"),\nIF(LEFT(TEXT(A131,\"0\"),1)=\"5\",\"\",VLOOKUP(C131,'Activity-Material_Codes'!$A$30:$B$36,Quantities!$B$2))\n))","v":"Haul-Cover"},{"$f":"CONCATENATE(\nIF(OR(RIGHT(TEXT($A131,\"0\"),Quantities!$B$2)=\"00\",LEFT(TEXT($A131,\"0\"),1)=\"5\",OR($C131=\"b\",$C131=\"f\")),\"\",VLOOKUP($A131,Quantities[],Quantities!$B$2)),\nIF(LEFT(TEXT($A131,\"0\"),1)=\"5\",\"\",\" \"),\nIF(OR(C131=\"a\",C131=\"c\",C131=\"d\",C131=\"e\"),IF(OR(RIGHT(TEXT($A131,\"0\"),Quantities!$B$2)=\"00\",LEFT(TEXT($A131,\"0\"),1)=\"5\"),VLOOKUP($A131,Quantities[],Quantities!$B$2),\"\"),\nIF(LEFT(TEXT($A131,\"0\"),1)=\"5\",VLOOKUP($A131,Quantities[],Quantities!$B$2),\nVLOOKUP(INDEX(Quantities!$A$100:$A$118,MATCH($A131,Quantities!$C$100:$C$118)),Quantities!$A$100:$B$118,Quantities!$B$2))))","v":" Gila Borrow Area"},{"$f":"IF(LEFT(TEXT(A131,\"0\"),1)=\"5\",\nVLOOKUP(VLOOKUP(A131,Quantities!$A$4:$D$118,Quantities!$C$2),Quantities!$A$4:$D$118,Quantities!$C$2),\nIF(OR(C131=\"a\",C131=\"c\",C131=\"d\",C131=\"e\"),\n\"-\",\nIF(RIGHT(TEXT(A131,\"0\"),2)=\"00\",VLOOKUP(A131,Quantities[],Quantities!$B$2),\nIF(C131=\"f\",VLOOKUP(A131,Quantities[],Quantities!$B$2),\nVLOOKUP(A131,Quantities[],Quantities!$C$2))\n)))","v":"8A Waste, 8C Waste"},{"$f":"IF(OR(AND(LEFT(D131,2)=\"Sc\",B131=\"A\",C131=\"d\"),AND(C131=\"f\",B131=\"D\")),\nSUM(VLOOKUP($A131,Quantities[],Quantities!$O$2),VLOOKUP($A131,Quantities[],Quantities!$Q$2),VLOOKUP($A131,Quantities[],Quantities!$S$2)),\n\nIF(AND(LEFT(D131,2)=\"Sc\",OR(C131=\"a\",C131=\"f\")),\nVLOOKUP(A131,Quantities[],Quantities!$I$2),\n\nIF(AND(B131=\"D\",C131=\"b\"),\n VLOOKUP(INDEX(Quantities!$A$100:$A$118,MATCH($A131,Quantities!$C$100:$C$118)),Quantities!$A$100:$AJ$118,Quantities!$O$2)+\nVLOOKUP(INDEX(Quantities!$A$100:$A$118,MATCH($A131,Quantities!$C$100:$C$118)),Quantities!$A$100:$AJ$118,Quantities!$Q$2)+\nVLOOKUP(INDEX(Quantities!$A$100:$A$118,MATCH($A131,Quantities!$C$100:$C$118)),Quantities!$A$100:$AJ$118,Quantities!$S$2),\n\nIF(OR(B131=\"D\",B131=\"Q\"),\nSUM(VLOOKUP($A131,Quantities[],Quantities!$O$2),VLOOKUP($A131,Quantities[],Quantities!$Q$2),VLOOKUP($A131,Quantities[],Quantities!$S$2)),\n\n VLOOKUP(A131,Quantities[],Quantities!$G$2)\n))))","v":5730},{"$f":"IF(LEFT(D131,2)=\"Mg\", VLOOKUP(A131,Quantities[],Quantities!$H$2),\n\nIF(OR(AND(LEFT(D131,2)=\"Sc\",B131=\"A\",C131=\"d\",C131=\"f\")),\n(SUM(VLOOKUP($A131,Quantities[],Quantities!$P$2)*VLOOKUP($A131,Quantities[],Quantities!$O$2),VLOOKUP($A131,Quantities[],Quantities!$R$2)*VLOOKUP($A131,Quantities[],Quantities!$Q$2),VLOOKUP($A131,Quantities[],Quantities!$T$2)*VLOOKUP($A131,Quantities[],Quantities!$S$2)))/SUM(VLOOKUP($A131,Quantities[],Quantities!$O$2),VLOOKUP($A131,Quantities[],Quantities!$Q$2),VLOOKUP($A131,Quantities[],Quantities!$S$2)),\n\nIF(AND(LEFT(D131,2)=\"Sc\",OR(C131=\"a\",C131=\"f\")),\nVLOOKUP(A131,Quantities[],Quantities!$J$2),\n\nIF(AND(B131=\"D\",C131=\"b\", (VLOOKUP(INDEX(Quantities!$A$100:$A$118,MATCH($A131,Quantities!$C$100:$C$118)),Quantities[],Quantities!$O$2)+VLOOKUP(INDEX(Quantities!$A$100:$A$118,MATCH($A131,Quantities!$C$100:$C$118)),Quantities[],Quantities!$Q$2)+VLOOKUP(INDEX(Quantities!$A$100:$A$118,MATCH($A131,Quantities!$C$100:$C$118)),Quantities[],Quantities!$S$2))>0),\n(VLOOKUP(INDEX(Quantities!$A$100:$A$118,MATCH($A131,Quantities!$C$100:$C$118)),Quantities[],Quantities!$P$2)*VLOOKUP(INDEX(Quantities!$A$100:$A$118,MATCH($A131,Quantities!$C$100:$C$118)),Quantities[],Quantities!$O$2)\n+VLOOKUP(INDEX(Quantities!$A$100:$A$118,MATCH($A131,Quantities!$C$100:$C$118)),Quantities[],Quantities!$R$2)*VLOOKUP(INDEX(Quantities!$A$100:$A$118,MATCH($A131,Quantities!$C$100:$C$118)),Quantities[],Quantities!$Q$2)\n+VLOOKUP(INDEX(Quantities!$A$100:$A$118,MATCH($A131,Quantities!$C$100:$C$118)),Quantities[],Quantities!$T$2)*VLOOKUP(INDEX(Quantities!$A$100:$A$118,MATCH($A131,Quantities!$C$100:$C$118)),Quantities[],Quantities!$S$2))/\n(VLOOKUP(INDEX(Quantities!$A$100:$A$118,MATCH($A131,Quantities!$C$100:$C$118)),Quantities[],Quantities!$O$2)+VLOOKUP(INDEX(Quantities!$A$100:$A$118,MATCH($A131,Quantities!$C$100:$C$118)),Quantities[],Quantities!$Q$2)+VLOOKUP(A131,Quantities[],Quantities!$S$2)),\n\nIF(AND(B131=\"D\", (VLOOKUP(A131,Quantities[],Quantities!$O$2)+VLOOKUP(A131,Quantities[],Quantities!$Q$2)+VLOOKUP(A131,Quantities[],Quantities!$S$2))>0),\n(VLOOKUP(A131,Quantities[],Quantities!$P$2)*VLOOKUP(A131,Quantities[],Quantities!$O$2)\n+VLOOKUP(A131,Quantities[],Quantities!$R$2)*VLOOKUP(A131,Quantities[],Quantities!$Q$2)\n+VLOOKUP(A131,Quantities[],Quantities!$T$2)*VLOOKUP(A131,Quantities[],Quantities!$S$2))/\n(VLOOKUP(A131,Quantities[],Quantities!$O$2)+VLOOKUP(A131,Quantities[],Quantities!$Q$2)+VLOOKUP(A131,Quantities[],Quantities!$S$2)),\n\nIF($B131=\"Q\", (SUM(VLOOKUP($A131,Quantities[],Quantities!$P$2)*VLOOKUP($A131,Quantities[],Quantities!$O$2),VLOOKUP($A131,Quantities[],Quantities!$R$2)*VLOOKUP($A131,Quantities[],Quantities!$Q$2),VLOOKUP($A131,Quantities[],Quantities!$T$2)*VLOOKUP($A131,Quantities[],Quantities!$S$2)))/SUM(VLOOKUP($A131,Quantities[],Quantities!$O$2),VLOOKUP($A131,Quantities[],Quantities!$Q$2),VLOOKUP($A131,Quantities[],Quantities!$S$2)),\n\n VLOOKUP(A131,Quantities[],Quantities!$H$2)\n))))))","v":1.6E-2},{"$f":"IF(LEFT(D131,1)=\"U\",\"-\",VLOOKUP(D131,Equipment[],Equipment!$B$2))","v":"Komatsu 730E"}]
[{"$f":"Quantities!$A$23","v":1600},"D","b","Tk4","1600-D-b-Tk4",{"$f":"IF(D132=\"Comb1\",CONCATENATE(VLOOKUP(B132,'Activity-Material_Codes'!$A$2:$B$26,Quantities!$B$2),\"-\",VLOOKUP(A132,Quantities[],Quantities!$D$2)),\nCONCATENATE(\nVLOOKUP(B132,'Activity-Material_Codes'!$A$2:$B$26,Quantities!$B$2),\nIF(AND(B132=\"B\",C132=\"a\"), \" Scraper Grading\", \"\"),\nIF(C132=\"b\",\"\",\"-\"),\nIF(C132=\"b\",\"\",VLOOKUP(A132,Quantities[],Quantities!$D$2)),\nIF(LEFT(TEXT(A132,\"0\"),1)=\"5\",\"\",\"-\"),\nIF(LEFT(TEXT(A132,\"0\"),1)=\"5\",\"\",VLOOKUP(C132,'Activity-Material_Codes'!$A$30:$B$36,Quantities!$B$2))\n))","v":"Haul-Cover"},{"$f":"CONCATENATE(\nIF(OR(RIGHT(TEXT($A132,\"0\"),Quantities!$B$2)=\"00\",LEFT(TEXT($A132,\"0\"),1)=\"5\",OR($C132=\"b\",$C132=\"f\")),\"\",VLOOKUP($A132,Quantities[],Quantities!$B$2)),\nIF(LEFT(TEXT($A132,\"0\"),1)=\"5\",\"\",\" \"),\nIF(OR(C132=\"a\",C132=\"c\",C132=\"d\",C132=\"e\"),IF(OR(RIGHT(TEXT($A132,\"0\"),Quantities!$B$2)=\"00\",LEFT(TEXT($A132,\"0\"),1)=\"5\"),VLOOKUP($A132,Quantities[],Quantities!$B$2),\"\"),\nIF(LEFT(TEXT($A132,\"0\"),1)=\"5\",VLOOKUP($A132,Quantities[],Quantities!$B$2),\nVLOOKUP(INDEX(Quantities!$A$100:$A$118,MATCH($A132,Quantities!$C$100:$C$118)),Quantities!$A$100:$B$118,Quantities!$B$2))))","v":" Gila Borrow Area"},{"$f":"IF(LEFT(TEXT(A132,\"0\"),1)=\"5\",\nVLOOKUP(VLOOKUP(A132,Quantities!$A$4:$D$118,Quantities!$C$2),Quantities!$A$4:$D$118,Quantities!$C$2),\nIF(OR(C132=\"a\",C132=\"c\",C132=\"d\",C132=\"e\"),\n\"-\",\nIF(RIGHT(TEXT(A132,\"0\"),2)=\"00\",VLOOKUP(A132,Quantities[],Quantities!$B$2),\nIF(C132=\"f\",VLOOKUP(A132,Quantities[],Quantities!$B$2),\nVLOOKUP(A132,Quantities[],Quantities!$C$2))\n)))","v":"6B Leach, 6D Leach"},{"$f":"IF(OR(AND(LEFT(D132,2)=\"Sc\",B132=\"A\",C132=\"d\"),AND(C132=\"f\",B132=\"D\")),\nSUM(VLOOKUP($A132,Quantities[],Quantities!$O$2),VLOOKUP($A132,Quantities[],Quantities!$Q$2),VLOOKUP($A132,Quantities[],Quantities!$S$2)),\n\nIF(AND(LEFT(D132,2)=\"Sc\",OR(C132=\"a\",C132=\"f\")),\nVLOOKUP(A132,Quantities[],Quantities!$I$2),\n\nIF(AND(B132=\"D\",C132=\"b\"),\n VLOOKUP(INDEX(Quantities!$A$100:$A$118,MATCH($A132,Quantities!$C$100:$C$118)),Quantities!$A$100:$AJ$118,Quantities!$O$2)+\nVLOOKUP(INDEX(Quantities!$A$100:$A$118,MATCH($A132,Quantities!$C$100:$C$118)),Quantities!$A$100:$AJ$118,Quantities!$Q$2)+\nVLOOKUP(INDEX(Quantities!$A$100:$A$118,MATCH($A132,Quantities!$C$100:$C$118)),Quantities!$A$100:$AJ$118,Quantities!$S$2),\n\nIF(OR(B132=\"D\",B132=\"Q\"),\nSUM(VLOOKUP($A132,Quantities[],Quantities!$O$2),VLOOKUP($A132,Quantities[],Quantities!$Q$2),VLOOKUP($A132,Quantities[],Quantities!$S$2)),\n\n VLOOKUP(A132,Quantities[],Quantities!$G$2)\n))))","v":10050},{"$f":"IF(LEFT(D132,2)=\"Mg\", VLOOKUP(A132,Quantities[],Quantities!$H$2),\n\nIF(OR(AND(LEFT(D132,2)=\"Sc\",B132=\"A\",C132=\"d\",C132=\"f\")),\n(SUM(VLOOKUP($A132,Quantities[],Quantities!$P$2)*VLOOKUP($A132,Quantities[],Quantities!$O$2),VLOOKUP($A132,Quantities[],Quantities!$R$2)*VLOOKUP($A132,Quantities[],Quantities!$Q$2),VLOOKUP($A132,Quantities[],Quantities!$T$2)*VLOOKUP($A132,Quantities[],Quantities!$S$2)))/SUM(VLOOKUP($A132,Quantities[],Quantities!$O$2),VLOOKUP($A132,Quantities[],Quantities!$Q$2),VLOOKUP($A132,Quantities[],Quantities!$S$2)),\n\nIF(AND(LEFT(D132,2)=\"Sc\",OR(C132=\"a\",C132=\"f\")),\nVLOOKUP(A132,Quantities[],Quantities!$J$2),\n\nIF(AND(B132=\"D\",C132=\"b\", (VLOOKUP(INDEX(Quantities!$A$100:$A$118,MATCH($A132,Quantities!$C$100:$C$118)),Quantities[],Quantities!$O$2)+VLOOKUP(INDEX(Quantities!$A$100:$A$118,MATCH($A132,Quantities!$C$100:$C$118)),Quantities[],Quantities!$Q$2)+VLOOKUP(INDEX(Quantities!$A$100:$A$118,MATCH($A132,Quantities!$C$100:$C$118)),Quantities[],Quantities!$S$2))>0),\n(VLOOKUP(INDEX(Quantities!$A$100:$A$118,MATCH($A132,Quantities!$C$100:$C$118)),Quantities[],Quantities!$P$2)*VLOOKUP(INDEX(Quantities!$A$100:$A$118,MATCH($A132,Quantities!$C$100:$C$118)),Quantities[],Quantities!$O$2)\n+VLOOKUP(INDEX(Quantities!$A$100:$A$118,MATCH($A132,Quantities!$C$100:$C$118)),Quantities[],Quantities!$R$2)*VLOOKUP(INDEX(Quantities!$A$100:$A$118,MATCH($A132,Quantities!$C$100:$C$118)),Quantities[],Quantities!$Q$2)\n+VLOOKUP(INDEX(Quantities!$A$100:$A$118,MATCH($A132,Quantities!$C$100:$C$118)),Quantities[],Quantities!$T$2)*VLOOKUP(INDEX(Quantities!$A$100:$A$118,MATCH($A132,Quantities!$C$100:$C$118)),Quantities[],Quantities!$S$2))/\n(VLOOKUP(INDEX(Quantities!$A$100:$A$118,MATCH($A132,Quantities!$C$100:$C$118)),Quantities[],Quantities!$O$2)+VLOOKUP(INDEX(Quantities!$A$100:$A$118,MATCH($A132,Quantities!$C$100:$C$118)),Quantities[],Quantities!$Q$2)+VLOOKUP(A132,Quantities[],Quantities!$S$2)),\n\nIF(AND(B132=\"D\", (VLOOKUP(A132,Quantities[],Quantities!$O$2)+VLOOKUP(A132,Quantities[],Quantities!$Q$2)+VLOOKUP(A132,Quantities[],Quantities!$S$2))>0),\n(VLOOKUP(A132,Quantities[],Quantities!$P$2)*VLOOKUP(A132,Quantities[],Quantities!$O$2)\n+VLOOKUP(A132,Quantities[],Quantities!$R$2)*VLOOKUP(A132,Quantities[],Quantities!$Q$2)\n+VLOOKUP(A132,Quantities[],Quantities!$T$2)*VLOOKUP(A132,Quantities[],Quantities!$S$2))/\n(VLOOKUP(A132,Quantities[],Quantities!$O$2)+VLOOKUP(A132,Quantities[],Quantities!$Q$2)+VLOOKUP(A132,Quantities[],Quantities!$S$2)),\n\nIF($B132=\"Q\", (SUM(VLOOKUP($A132,Quantities[],Quantities!$P$2)*VLOOKUP($A132,Quantities[],Quantities!$O$2),VLOOKUP($A132,Quantities[],Quantities!$R$2)*VLOOKUP($A132,Quantities[],Quantities!$Q$2),VLOOKUP($A132,Quantities[],Quantities!$T$2)*VLOOKUP($A132,Quantities[],Quantities!$S$2)))/SUM(VLOOKUP($A132,Quantities[],Quantities!$O$2),VLOOKUP($A132,Quantities[],Quantities!$Q$2),VLOOKUP($A132,Quantities[],Quantities!$S$2)),\n\n VLOOKUP(A132,Quantities[],Quantities!$H$2)\n))))))","v":1.9900497512437811E-2},{"$f":"IF(LEFT(D132,1)=\"U\",\"-\",VLOOKUP(D132,Equipment[],Equipment!$B$2))","v":"Komatsu 730E"}]
[{"$f":"Quantities!$A$26","v":1700},"D","b","Tk4","1700-D-b-Tk4",{"$f":"IF(D133=\"Comb1\",CONCATENATE(VLOOKUP(B133,'Activity-Material_Codes'!$A$2:$B$26,Quantities!$B$2),\"-\",VLOOKUP(A133,Quantities[],Quantities!$D$2)),\nCONCATENATE(\nVLOOKUP(B133,'Activity-Material_Codes'!$A$2:$B$26,Quantities!$B$2),\nIF(AND(B133=\"B\",C133=\"a\"), \" Scraper Grading\", \"\"),\nIF(C133=\"b\",\"\",\"-\"),\nIF(C133=\"b\",\"\",VLOOKUP(A133,Quantities[],Quantities!$D$2)),\nIF(LEFT(TEXT(A133,\"0\"),1)=\"5\",\"\",\"-\"),\nIF(LEFT(TEXT(A133,\"0\"),1)=\"5\",\"\",VLOOKUP(C133,'Activity-Material_Codes'!$A$30:$B$36,Quantities!$B$2))\n))","v":"Haul-Cover"},{"$f":"CONCATENATE(\nIF(OR(RIGHT(TEXT($A133,\"0\"),Quantities!$B$2)=\"00\",LEFT(TEXT($A133,\"0\"),1)=\"5\",OR($C133=\"b\",$C133=\"f\")),\"\",VLOOKUP($A133,Quantities[],Quantities!$B$2)),\nIF(LEFT(TEXT($A133,\"0\"),1)=\"5\",\"\",\" \"),\nIF(OR(C133=\"a\",C133=\"c\",C133=\"d\",C133=\"e\"),IF(OR(RIGHT(TEXT($A133,\"0\"),Quantities!$B$2)=\"00\",LEFT(TEXT($A133,\"0\"),1)=\"5\"),VLOOKUP($A133,Quantities[],Quantities!$B$2),\"\"),\nIF(LEFT(TEXT($A133,\"0\"),1)=\"5\",VLOOKUP($A133,Quantities[],Quantities!$B$2),\nVLOOKUP(INDEX(Quantities!$A$100:$A$118,MATCH($A133,Quantities!$C$100:$C$118)),Quantities!$A$100:$B$118,Quantities!$B$2))))","v":" Gila Borrow Area"},{"$f":"IF(LEFT(TEXT(A133,\"0\"),1)=\"5\",\nVLOOKUP(VLOOKUP(A133,Quantities!$A$4:$D$118,Quantities!$C$2),Quantities!$A$4:$D$118,Quantities!$C$2),\nIF(OR(C133=\"a\",C133=\"c\",C133=\"d\",C133=\"e\"),\n\"-\",\nIF(RIGHT(TEXT(A133,\"0\"),2)=\"00\",VLOOKUP(A133,Quantities[],Quantities!$B$2),\nIF(C133=\"f\",VLOOKUP(A133,Quantities[],Quantities!$B$2),\nVLOOKUP(A133,Quantities[],Quantities!$C$2))\n)))","v":"6C Leach"},{"$f":"IF(OR(AND(LEFT(D133,2)=\"Sc\",B133=\"A\",C133=\"d\"),AND(C133=\"f\",B133=\"D\")),\nSUM(VLOOKUP($A133,Quantities[],Quantities!$O$2),VLOOKUP($A133,Quantities[],Quantities!$Q$2),VLOOKUP($A133,Quantities[],Quantities!$S$2)),\n\nIF(AND(LEFT(D133,2)=\"Sc\",OR(C133=\"a\",C133=\"f\")),\nVLOOKUP(A133,Quantities[],Quantities!$I$2),\n\nIF(AND(B133=\"D\",C133=\"b\"),\n VLOOKUP(INDEX(Quantities!$A$100:$A$118,MATCH($A133,Quantities!$C$100:$C$118)),Quantities!$A$100:$AJ$118,Quantities!$O$2)+\nVLOOKUP(INDEX(Quantities!$A$100:$A$118,MATCH($A133,Quantities!$C$100:$C$118)),Quantities!$A$100:$AJ$118,Quantities!$Q$2)+\nVLOOKUP(INDEX(Quantities!$A$100:$A$118,MATCH($A133,Quantities!$C$100:$C$118)),Quantities!$A$100:$AJ$118,Quantities!$S$2),\n\nIF(OR(B133=\"D\",B133=\"Q\"),\nSUM(VLOOKUP($A133,Quantities[],Quantities!$O$2),VLOOKUP($A133,Quantities[],Quantities!$Q$2),VLOOKUP($A133,Quantities[],Quantities!$S$2)),\n\n VLOOKUP(A133,Quantities[],Quantities!$G$2)\n))))","v":11833},{"$f":"IF(LEFT(D133,2)=\"Mg\", VLOOKUP(A133,Quantities[],Quantities!$H$2),\n\nIF(OR(AND(LEFT(D133,2)=\"Sc\",B133=\"A\",C133=\"d\",C133=\"f\")),\n(SUM(VLOOKUP($A133,Quantities[],Quantities!$P$2)*VLOOKUP($A133,Quantities[],Quantities!$O$2),VLOOKUP($A133,Quantities[],Quantities!$R$2)*VLOOKUP($A133,Quantities[],Quantities!$Q$2),VLOOKUP($A133,Quantities[],Quantities!$T$2)*VLOOKUP($A133,Quantities[],Quantities!$S$2)))/SUM(VLOOKUP($A133,Quantities[],Quantities!$O$2),VLOOKUP($A133,Quantities[],Quantities!$Q$2),VLOOKUP($A133,Quantities[],Quantities!$S$2)),\n\nIF(AND(LEFT(D133,2)=\"Sc\",OR(C133=\"a\",C133=\"f\")),\nVLOOKUP(A133,Quantities[],Quantities!$J$2),\n\nIF(AND(B133=\"D\",C133=\"b\", (VLOOKUP(INDEX(Quantities!$A$100:$A$118,MATCH($A133,Quantities!$C$100:$C$118)),Quantities[],Quantities!$O$2)+VLOOKUP(INDEX(Quantities!$A$100:$A$118,MATCH($A133,Quantities!$C$100:$C$118)),Quantities[],Quantities!$Q$2)+VLOOKUP(INDEX(Quantities!$A$100:$A$118,MATCH($A133,Quantities!$C$100:$C$118)),Quantities[],Quantities!$S$2))>0),\n(VLOOKUP(INDEX(Quantities!$A$100:$A$118,MATCH($A133,Quantities!$C$100:$C$118)),Quantities[],Quantities!$P$2)*VLOOKUP(INDEX(Quantities!$A$100:$A$118,MATCH($A133,Quantities!$C$100:$C$118)),Quantities[],Quantities!$O$2)\n+VLOOKUP(INDEX(Quantities!$A$100:$A$118,MATCH($A133,Quantities!$C$100:$C$118)),Quantities[],Quantities!$R$2)*VLOOKUP(INDEX(Quantities!$A$100:$A$118,MATCH($A133,Quantities!$C$100:$C$118)),Quantities[],Quantities!$Q$2)\n+VLOOKUP(INDEX(Quantities!$A$100:$A$118,MATCH($A133,Quantities!$C$100:$C$118)),Quantities[],Quantities!$T$2)*VLOOKUP(INDEX(Quantities!$A$100:$A$118,MATCH($A133,Quantities!$C$100:$C$118)),Quantities[],Quantities!$S$2))/\n(VLOOKUP(INDEX(Quantities!$A$100:$A$118,MATCH($A133,Quantities!$C$100:$C$118)),Quantities[],Quantities!$O$2)+VLOOKUP(INDEX(Quantities!$A$100:$A$118,MATCH($A133,Quantities!$C$100:$C$118)),Quantities[],Quantities!$Q$2)+VLOOKUP(A133,Quantities[],Quantities!$S$2)),\n\nIF(AND(B133=\"D\", (VLOOKUP(A133,Quantities[],Quantities!$O$2)+VLOOKUP(A133,Quantities[],Quantities!$Q$2)+VLOOKUP(A133,Quantities[],Quantities!$S$2))>0),\n(VLOOKUP(A133,Quantities[],Quantities!$P$2)*VLOOKUP(A133,Quantities[],Quantities!$O$2)\n+VLOOKUP(A133,Quantities[],Quantities!$R$2)*VLOOKUP(A133,Quantities[],Quantities!$Q$2)\n+VLOOKUP(A133,Quantities[],Quantities!$T$2)*VLOOKUP(A133,Quantities[],Quantities!$S$2))/\n(VLOOKUP(A133,Quantities[],Quantities!$O$2)+VLOOKUP(A133,Quantities[],Quantities!$Q$2)+VLOOKUP(A133,Quantities[],Quantities!$S$2)),\n\nIF($B133=\"Q\", (SUM(VLOOKUP($A133,Quantities[],Quantities!$P$2)*VLOOKUP($A133,Quantities[],Quantities!$O$2),VLOOKUP($A133,Quantities[],Quantities!$R$2)*VLOOKUP($A133,Quantities[],Quantities!$Q$2),VLOOKUP($A133,Quantities[],Quantities!$T$2)*VLOOKUP($A133,Quantities[],Quantities!$S$2)))/SUM(VLOOKUP($A133,Quantities[],Quantities!$O$2),VLOOKUP($A133,Quantities[],Quantities!$Q$2),VLOOKUP($A133,Quantities[],Quantities!$S$2)),\n\n VLOOKUP(A133,Quantities[],Quantities!$H$2)\n))))))","v":2.5352826840192681E-2},{"$f":"IF(LEFT(D133,1)=\"U\",\"-\",VLOOKUP(D133,Equipment[],Equipment!$B$2))","v":"Komatsu 730E"}]
[{"$f":"Quantities!$A$61","v":2701},"D","b","Tk4","2701-D-b-Tk4",{"$f":"IF(D134=\"Comb1\",CONCATENATE(VLOOKUP(B134,'Activity-Material_Codes'!$A$2:$B$26,Quantities!$B$2),\"-\",VLOOKUP(A134,Quantities[],Quantities!$D$2)),\nCONCATENATE(\nVLOOKUP(B134,'Activity-Material_Codes'!$A$2:$B$26,Quantities!$B$2),\nIF(AND(B134=\"B\",C134=\"a\"), \" Scraper Grading\", \"\"),\nIF(C134=\"b\",\"\",\"-\"),\nIF(C134=\"b\",\"\",VLOOKUP(A134,Quantities[],Quantities!$D$2)),\nIF(LEFT(TEXT(A134,\"0\"),1)=\"5\",\"\",\"-\"),\nIF(LEFT(TEXT(A134,\"0\"),1)=\"5\",\"\",VLOOKUP(C134,'Activity-Material_Codes'!$A$30:$B$36,Quantities!$B$2))\n))","v":"Haul-Cover"},{"$f":"CONCATENATE(\nIF(OR(RIGHT(TEXT($A134,\"0\"),Quantities!$B$2)=\"00\",LEFT(TEXT($A134,\"0\"),1)=\"5\",OR($C134=\"b\",$C134=\"f\")),\"\",VLOOKUP($A134,Quantities[],Quantities!$B$2)),\nIF(LEFT(TEXT($A134,\"0\"),1)=\"5\",\"\",\" \"),\nIF(OR(C134=\"a\",C134=\"c\",C134=\"d\",C134=\"e\"),IF(OR(RIGHT(TEXT($A134,\"0\"),Quantities!$B$2)=\"00\",LEFT(TEXT($A134,\"0\"),1)=\"5\"),VLOOKUP($A134,Quantities[],Quantities!$B$2),\"\"),\nIF(LEFT(TEXT($A134,\"0\"),1)=\"5\",VLOOKUP($A134,Quantities[],Quantities!$B$2),\nVLOOKUP(INDEX(Quantities!$A$100:$A$118,MATCH($A134,Quantities!$C$100:$C$118)),Quantities!$A$100:$B$118,Quantities!$B$2))))","v":" Gila Borrow Area"},{"$f":"IF(LEFT(TEXT(A134,\"0\"),1)=\"5\",\nVLOOKUP(VLOOKUP(A134,Quantities!$A$4:$D$118,Quantities!$C$2),Quantities!$A$4:$D$118,Quantities!$C$2),\nIF(OR(C134=\"a\",C134=\"c\",C134=\"d\",C134=\"e\"),\n\"-\",\nIF(RIGHT(TEXT(A134,\"0\"),2)=\"00\",VLOOKUP(A134,Quantities[],Quantities!$B$2),\nIF(C134=\"f\",VLOOKUP(A134,Quantities[],Quantities!$B$2),\nVLOOKUP(A134,Quantities[],Quantities!$C$2))\n)))","v":"Cntmnt-1"},{"$f":"IF(OR(AND(LEFT(D134,2)=\"Sc\",B134=\"A\",C134=\"d\"),AND(C134=\"f\",B134=\"D\")),\nSUM(VLOOKUP($A134,Quantities[],Quantities!$O$2),VLOOKUP($A134,Quantities[],Quantities!$Q$2),VLOOKUP($A134,Quantities[],Quantities!$S$2)),\n\nIF(AND(LEFT(D134,2)=\"Sc\",OR(C134=\"a\",C134=\"f\")),\nVLOOKUP(A134,Quantities[],Quantities!$I$2),\n\nIF(AND(B134=\"D\",C134=\"b\"),\n VLOOKUP(INDEX(Quantities!$A$100:$A$118,MATCH($A134,Quantities!$C$100:$C$118)),Quantities!$A$100:$AJ$118,Quantities!$O$2)+\nVLOOKUP(INDEX(Quantities!$A$100:$A$118,MATCH($A134,Quantities!$C$100:$C$118)),Quantities!$A$100:$AJ$118,Quantities!$Q$2)+\nVLOOKUP(INDEX(Quantities!$A$100:$A$118,MATCH($A134,Quantities!$C$100:$C$118)),Quantities!$A$100:$AJ$118,Quantities!$S$2),\n\nIF(OR(B134=\"D\",B134=\"Q\"),\nSUM(VLOOKUP($A134,Quantities[],Quantities!$O$2),VLOOKUP($A134,Quantities[],Quantities!$Q$2),VLOOKUP($A134,Quantities[],Quantities!$S$2)),\n\n VLOOKUP(A134,Quantities[],Quantities!$G$2)\n))))","v":11891.093648645345},{"$f":"IF(LEFT(D134,2)=\"Mg\", VLOOKUP(A134,Quantities[],Quantities!$H$2),\n\nIF(OR(AND(LEFT(D134,2)=\"Sc\",B134=\"A\",C134=\"d\",C134=\"f\")),\n(SUM(VLOOKUP($A134,Quantities[],Quantities!$P$2)*VLOOKUP($A134,Quantities[],Quantities!$O$2),VLOOKUP($A134,Quantities[],Quantities!$R$2)*VLOOKUP($A134,Quantities[],Quantities!$Q$2),VLOOKUP($A134,Quantities[],Quantities!$T$2)*VLOOKUP($A134,Quantities[],Quantities!$S$2)))/SUM(VLOOKUP($A134,Quantities[],Quantities!$O$2),VLOOKUP($A134,Quantities[],Quantities!$Q$2),VLOOKUP($A134,Quantities[],Quantities!$S$2)),\n\nIF(AND(LEFT(D134,2)=\"Sc\",OR(C134=\"a\",C134=\"f\")),\nVLOOKUP(A134,Quantities[],Quantities!$J$2),\n\nIF(AND(B134=\"D\",C134=\"b\", (VLOOKUP(INDEX(Quantities!$A$100:$A$118,MATCH($A134,Quantities!$C$100:$C$118)),Quantities[],Quantities!$O$2)+VLOOKUP(INDEX(Quantities!$A$100:$A$118,MATCH($A134,Quantities!$C$100:$C$118)),Quantities[],Quantities!$Q$2)+VLOOKUP(INDEX(Quantities!$A$100:$A$118,MATCH($A134,Quantities!$C$100:$C$118)),Quantities[],Quantities!$S$2))>0),\n(VLOOKUP(INDEX(Quantities!$A$100:$A$118,MATCH($A134,Quantities!$C$100:$C$118)),Quantities[],Quantities!$P$2)*VLOOKUP(INDEX(Quantities!$A$100:$A$118,MATCH($A134,Quantities!$C$100:$C$118)),Quantities[],Quantities!$O$2)\n+VLOOKUP(INDEX(Quantities!$A$100:$A$118,MATCH($A134,Quantities!$C$100:$C$118)),Quantities[],Quantities!$R$2)*VLOOKUP(INDEX(Quantities!$A$100:$A$118,MATCH($A134,Quantities!$C$100:$C$118)),Quantities[],Quantities!$Q$2)\n+VLOOKUP(INDEX(Quantities!$A$100:$A$118,MATCH($A134,Quantities!$C$100:$C$118)),Quantities[],Quantities!$T$2)*VLOOKUP(INDEX(Quantities!$A$100:$A$118,MATCH($A134,Quantities!$C$100:$C$118)),Quantities[],Quantities!$S$2))/\n(VLOOKUP(INDEX(Quantities!$A$100:$A$118,MATCH($A134,Quantities!$C$100:$C$118)),Quantities[],Quantities!$O$2)+VLOOKUP(INDEX(Quantities!$A$100:$A$118,MATCH($A134,Quantities!$C$100:$C$118)),Quantities[],Quantities!$Q$2)+VLOOKUP(A134,Quantities[],Quantities!$S$2)),\n\nIF(AND(B134=\"D\", (VLOOKUP(A134,Quantities[],Quantities!$O$2)+VLOOKUP(A134,Quantities[],Quantities!$Q$2)+VLOOKUP(A134,Quantities[],Quantities!$S$2))>0),\n(VLOOKUP(A134,Quantities[],Quantities!$P$2)*VLOOKUP(A134,Quantities[],Quantities!$O$2)\n+VLOOKUP(A134,Quantities[],Quantities!$R$2)*VLOOKUP(A134,Quantities[],Quantities!$Q$2)\n+VLOOKUP(A134,Quantities[],Quantities!$T$2)*VLOOKUP(A134,Quantities[],Quantities!$S$2))/\n(VLOOKUP(A134,Quantities[],Quantities!$O$2)+VLOOKUP(A134,Quantities[],Quantities!$Q$2)+VLOOKUP(A134,Quantities[],Quantities!$S$2)),\n\nIF($B134=\"Q\", (SUM(VLOOKUP($A134,Quantities[],Quantities!$P$2)*VLOOKUP($A134,Quantities[],Quantities!$O$2),VLOOKUP($A134,Quantities[],Quantities!$R$2)*VLOOKUP($A134,Quantities[],Quantities!$Q$2),VLOOKUP($A134,Quantities[],Quantities!$T$2)*VLOOKUP($A134,Quantities[],Quantities!$S$2)))/SUM(VLOOKUP($A134,Quantities[],Quantities!$O$2),VLOOKUP($A134,Quantities[],Quantities!$Q$2),VLOOKUP($A134,Quantities[],Quantities!$S$2)),\n\n VLOOKUP(A134,Quantities[],Quantities!$H$2)\n))))))","v":3.0099712420199973E-2},{"$f":"IF(LEFT(D134,1)=\"U\",\"-\",VLOOKUP(D134,Equipment[],Equipment!$B$2))","v":"Komatsu 730E"}]
[{"$f":"Quantities!$A$79","v":3300},"D","b","Tk4",{"$f":"CONCATENATE(TEXT(A135,\"0\"),\"-\",B135,\"-\",C135,\"-\",D135)","v":"3300-D-b-Tk4"},{"$f":"IF(D135=\"Comb1\",CONCATENATE(VLOOKUP(B135,'Activity-Material_Codes'!$A$2:$B$26,Quantities!$B$2),\"-\",VLOOKUP(A135,Quantities[],Quantities!$D$2)),\nCONCATENATE(\nVLOOKUP(B135,'Activity-Material_Codes'!$A$2:$B$26,Quantities!$B$2),\nIF(AND(B135=\"B\",C135=\"a\"), \" Scraper Grading\", \"\"),\nIF(C135=\"b\",\"\",\"-\"),\nIF(C135=\"b\",\"\",VLOOKUP(A135,Quantities[],Quantities!$D$2)),\nIF(LEFT(TEXT(A135,\"0\"),1)=\"5\",\"\",\"-\"),\nIF(LEFT(TEXT(A135,\"0\"),1)=\"5\",\"\",VLOOKUP(C135,'Activity-Material_Codes'!$A$30:$B$36,Quantities!$B$2))\n))","v":"Haul-Cover"},{"$f":"CONCATENATE(\nIF(OR(RIGHT(TEXT($A135,\"0\"),Quantities!$B$2)=\"00\",LEFT(TEXT($A135,\"0\"),1)=\"5\",OR($C135=\"b\",$C135=\"f\")),\"\",VLOOKUP($A135,Quantities[],Quantities!$B$2)),\nIF(LEFT(TEXT($A135,\"0\"),1)=\"5\",\"\",\" \"),\nIF(OR(C135=\"a\",C135=\"c\",C135=\"d\",C135=\"e\"),IF(OR(RIGHT(TEXT($A135,\"0\"),Quantities!$B$2)=\"00\",LEFT(TEXT($A135,\"0\"),1)=\"5\"),VLOOKUP($A135,Quantities[],Quantities!$B$2),\"\"),\nIF(LEFT(TEXT($A135,\"0\"),1)=\"5\",VLOOKUP($A135,Quantities[],Quantities!$B$2),\nVLOOKUP(INDEX(Quantities!$A$100:$A$118,MATCH($A135,Quantities!$C$100:$C$118)),Quantities!$A$100:$B$118,Quantities!$B$2))))","v":" Gila Borrow Area"},{"$f":"IF(LEFT(TEXT(A135,\"0\"),1)=\"5\",\nVLOOKUP(VLOOKUP(A135,Quantities!$A$4:$D$118,Quantities!$C$2),Quantities!$A$4:$D$118,Quantities!$C$2),\nIF(OR(C135=\"a\",C135=\"c\",C135=\"d\",C135=\"e\"),\n\"-\",\nIF(RIGHT(TEXT(A135,\"0\"),2)=\"00\",VLOOKUP(A135,Quantities[],Quantities!$B$2),\nIF(C135=\"f\",VLOOKUP(A135,Quantities[],Quantities!$B$2),\nVLOOKUP(A135,Quantities[],Quantities!$C$2))\n)))","v":"Unplanned Disturbance Area"},{"$f":"IF(OR(AND(LEFT(D135,2)=\"Sc\",B135=\"A\",C135=\"d\"),AND(C135=\"f\",B135=\"D\")),\nSUM(VLOOKUP($A135,Quantities[],Quantities!$O$2),VLOOKUP($A135,Quantities[],Quantities!$Q$2),VLOOKUP($A135,Quantities[],Quantities!$S$2)),\n\nIF(AND(LEFT(D135,2)=\"Sc\",OR(C135=\"a\",C135=\"f\")),\nVLOOKUP(A135,Quantities[],Quantities!$I$2),\n\nIF(AND(B135=\"D\",C135=\"b\"),\n VLOOKUP(INDEX(Quantities!$A$100:$A$118,MATCH($A135,Quantities!$C$100:$C$118)),Quantities!$A$100:$AJ$118,Quantities!$O$2)+\nVLOOKUP(INDEX(Quantities!$A$100:$A$118,MATCH($A135,Quantities!$C$100:$C$118)),Quantities!$A$100:$AJ$118,Quantities!$Q$2)+\nVLOOKUP(INDEX(Quantities!$A$100:$A$118,MATCH($A135,Quantities!$C$100:$C$118)),Quantities!$A$100:$AJ$118,Quantities!$S$2),\n\nIF(OR(B135=\"D\",B135=\"Q\"),\nSUM(VLOOKUP($A135,Quantities[],Quantities!$O$2),VLOOKUP($A135,Quantities[],Quantities!$Q$2),VLOOKUP($A135,Quantities[],Quantities!$S$2)),\n\n VLOOKUP(A135,Quantities[],Quantities!$G$2)\n))))","v":11891.093648645345},{"$f":"IF(LEFT(D135,2)=\"Mg\", VLOOKUP(A135,Quantities[],Quantities!$H$2),\n\nIF(OR(AND(LEFT(D135,2)=\"Sc\",B135=\"A\",C135=\"d\",C135=\"f\")),\n(SUM(VLOOKUP($A135,Quantities[],Quantities!$P$2)*VLOOKUP($A135,Quantities[],Quantities!$O$2),VLOOKUP($A135,Quantities[],Quantities!$R$2)*VLOOKUP($A135,Quantities[],Quantities!$Q$2),VLOOKUP($A135,Quantities[],Quantities!$T$2)*VLOOKUP($A135,Quantities[],Quantities!$S$2)))/SUM(VLOOKUP($A135,Quantities[],Quantities!$O$2),VLOOKUP($A135,Quantities[],Quantities!$Q$2),VLOOKUP($A135,Quantities[],Quantities!$S$2)),\n\nIF(AND(LEFT(D135,2)=\"Sc\",OR(C135=\"a\",C135=\"f\")),\nVLOOKUP(A135,Quantities[],Quantities!$J$2),\n\nIF(AND(B135=\"D\",C135=\"b\", (VLOOKUP(INDEX(Quantities!$A$100:$A$118,MATCH($A135,Quantities!$C$100:$C$118)),Quantities[],Quantities!$O$2)+VLOOKUP(INDEX(Quantities!$A$100:$A$118,MATCH($A135,Quantities!$C$100:$C$118)),Quantities[],Quantities!$Q$2)+VLOOKUP(INDEX(Quantities!$A$100:$A$118,MATCH($A135,Quantities!$C$100:$C$118)),Quantities[],Quantities!$S$2))>0),\n(VLOOKUP(INDEX(Quantities!$A$100:$A$118,MATCH($A135,Quantities!$C$100:$C$118)),Quantities[],Quantities!$P$2)*VLOOKUP(INDEX(Quantities!$A$100:$A$118,MATCH($A135,Quantities!$C$100:$C$118)),Quantities[],Quantities!$O$2)\n+VLOOKUP(INDEX(Quantities!$A$100:$A$118,MATCH($A135,Quantities!$C$100:$C$118)),Quantities[],Quantities!$R$2)*VLOOKUP(INDEX(Quantities!$A$100:$A$118,MATCH($A135,Quantities!$C$100:$C$118)),Quantities[],Quantities!$Q$2)\n+VLOOKUP(INDEX(Quantities!$A$100:$A$118,MATCH($A135,Quantities!$C$100:$C$118)),Quantities[],Quantities!$T$2)*VLOOKUP(INDEX(Quantities!$A$100:$A$118,MATCH($A135,Quantities!$C$100:$C$118)),Quantities[],Quantities!$S$2))/\n(VLOOKUP(INDEX(Quantities!$A$100:$A$118,MATCH($A135,Quantities!$C$100:$C$118)),Quantities[],Quantities!$O$2)+VLOOKUP(INDEX(Quantities!$A$100:$A$118,MATCH($A135,Quantities!$C$100:$C$118)),Quantities[],Quantities!$Q$2)+VLOOKUP(A135,Quantities[],Quantities!$S$2)),\n\nIF(AND(B135=\"D\", (VLOOKUP(A135,Quantities[],Quantities!$O$2)+VLOOKUP(A135,Quantities[],Quantities!$Q$2)+VLOOKUP(A135,Quantities[],Quantities!$S$2))>0),\n(VLOOKUP(A135,Quantities[],Quantities!$P$2)*VLOOKUP(A135,Quantities[],Quantities!$O$2)\n+VLOOKUP(A135,Quantities[],Quantities!$R$2)*VLOOKUP(A135,Quantities[],Quantities!$Q$2)\n+VLOOKUP(A135,Quantities[],Quantities!$T$2)*VLOOKUP(A135,Quantities[],Quantities!$S$2))/\n(VLOOKUP(A135,Quantities[],Quantities!$O$2)+VLOOKUP(A135,Quantities[],Quantities!$Q$2)+VLOOKUP(A135,Quantities[],Quantities!$S$2)),\n\nIF($B135=\"Q\", (SUM(VLOOKUP($A135,Quantities[],Quantities!$P$2)*VLOOKUP($A135,Quantities[],Quantities!$O$2),VLOOKUP($A135,Quantities[],Quantities!$R$2)*VLOOKUP($A135,Quantities[],Quantities!$Q$2),VLOOKUP($A135,Quantities[],Quantities!$T$2)*VLOOKUP($A135,Quantities[],Quantities!$S$2)))/SUM(VLOOKUP($A135,Quantities[],Quantities!$O$2),VLOOKUP($A135,Quantities[],Quantities!$Q$2),VLOOKUP($A135,Quantities[],Quantities!$S$2)),\n\n VLOOKUP(A135,Quantities[],Quantities!$H$2)\n))))))","v":3.0099712420199973E-2},{"$f":"IF(LEFT(D135,1)=\"U\",\"-\",VLOOKUP(D135,Equipment[],Equipment!$B$2))","v":"Komatsu 730E"}]
[{"$f":"Quantities!A33","v":2000},"D","b","Tk4","2000-D-b-Tk4",{"$f":"IF(D136=\"Comb1\",CONCATENATE(VLOOKUP(B136,'Activity-Material_Codes'!$A$2:$B$26,Quantities!$B$2),\"-\",VLOOKUP(A136,Quantities[],Quantities!$D$2)),\nCONCATENATE(\nVLOOKUP(B136,'Activity-Material_Codes'!$A$2:$B$26,Quantities!$B$2),\nIF(AND(B136=\"B\",C136=\"a\"), \" Scraper Grading\", \"\"),\nIF(C136=\"b\",\"\",\"-\"),\nIF(C136=\"b\",\"\",VLOOKUP(A136,Quantities[],Quantities!$D$2)),\nIF(LEFT(TEXT(A136,\"0\"),1)=\"5\",\"\",\"-\"),\nIF(LEFT(TEXT(A136,\"0\"),1)=\"5\",\"\",VLOOKUP(C136,'Activity-Material_Codes'!$A$30:$B$36,Quantities!$B$2))\n))","v":"Haul-Cover"},{"$f":"CONCATENATE(\nIF(OR(RIGHT(TEXT($A136,\"0\"),Quantities!$B$2)=\"00\",LEFT(TEXT($A136,\"0\"),1)=\"5\",OR($C136=\"b\",$C136=\"f\")),\"\",VLOOKUP($A136,Quantities[],Quantities!$B$2)),\nIF(LEFT(TEXT($A136,\"0\"),1)=\"5\",\"\",\" \"),\nIF(OR(C136=\"a\",C136=\"c\",C136=\"d\",C136=\"e\"),IF(OR(RIGHT(TEXT($A136,\"0\"),Quantities!$B$2)=\"00\",LEFT(TEXT($A136,\"0\"),1)=\"5\"),VLOOKUP($A136,Quantities[],Quantities!$B$2),\"\"),\nIF(LEFT(TEXT($A136,\"0\"),1)=\"5\",VLOOKUP($A136,Quantities[],Quantities!$B$2),\nVLOOKUP(INDEX(Quantities!$A$100:$A$118,MATCH($A136,Quantities!$C$100:$C$118)),Quantities!$A$100:$B$118,Quantities!$B$2))))","v":" Borrow Area A"},{"$f":"IF(LEFT(TEXT(A136,\"0\"),1)=\"5\",\nVLOOKUP(VLOOKUP(A136,Quantities!$A$4:$D$118,Quantities!$C$2),Quantities!$A$4:$D$118,Quantities!$C$2),\nIF(OR(C136=\"a\",C136=\"c\",C136=\"d\",C136=\"e\"),\n\"-\",\nIF(RIGHT(TEXT(A136,\"0\"),2)=\"00\",VLOOKUP(A136,Quantities[],Quantities!$B$2),\nIF(C136=\"f\",VLOOKUP(A136,Quantities[],Quantities!$B$2),\nVLOOKUP(A136,Quantities[],Quantities!$C$2))\n)))","v":"9A Waste "},{"$f":"IF(OR(AND(LEFT(D136,2)=\"Sc\",B136=\"A\",C136=\"d\"),AND(C136=\"f\",B136=\"D\")),\nSUM(VLOOKUP($A136,Quantities[],Quantities!$O$2),VLOOKUP($A136,Quantities[],Quantities!$Q$2),VLOOKUP($A136,Quantities[],Quantities!$S$2)),\n\nIF(AND(LEFT(D136,2)=\"Sc\",OR(C136=\"a\",C136=\"f\")),\nVLOOKUP(A136,Quantities[],Quantities!$I$2),\n\nIF(AND(B136=\"D\",C136=\"b\"),\n VLOOKUP(INDEX(Quantities!$A$100:$A$118,MATCH($A136,Quantities!$C$100:$C$118)),Quantities!$A$100:$AJ$118,Quantities!$O$2)+\nVLOOKUP(INDEX(Quantities!$A$100:$A$118,MATCH($A136,Quantities!$C$100:$C$118)),Quantities!$A$100:$AJ$118,Quantities!$Q$2)+\nVLOOKUP(INDEX(Quantities!$A$100:$A$118,MATCH($A136,Quantities!$C$100:$C$118)),Quantities!$A$100:$AJ$118,Quantities!$S$2),\n\nIF(OR(B136=\"D\",B136=\"Q\"),\nSUM(VLOOKUP($A136,Quantities[],Quantities!$O$2),VLOOKUP($A136,Quantities[],Quantities!$Q$2),VLOOKUP($A136,Quantities[],Quantities!$S$2)),\n\n VLOOKUP(A136,Quantities[],Quantities!$G$2)\n))))","v":10300},{"$f":"IF(LEFT(D136,2)=\"Mg\", VLOOKUP(A136,Quantities[],Quantities!$H$2),\n\nIF(OR(AND(LEFT(D136,2)=\"Sc\",B136=\"A\",C136=\"d\",C136=\"f\")),\n(SUM(VLOOKUP($A136,Quantities[],Quantities!$P$2)*VLOOKUP($A136,Quantities[],Quantities!$O$2),VLOOKUP($A136,Quantities[],Quantities!$R$2)*VLOOKUP($A136,Quantities[],Quantities!$Q$2),VLOOKUP($A136,Quantities[],Quantities!$T$2)*VLOOKUP($A136,Quantities[],Quantities!$S$2)))/SUM(VLOOKUP($A136,Quantities[],Quantities!$O$2),VLOOKUP($A136,Quantities[],Quantities!$Q$2),VLOOKUP($A136,Quantities[],Quantities!$S$2)),\n\nIF(AND(LEFT(D136,2)=\"Sc\",OR(C136=\"a\",C136=\"f\")),\nVLOOKUP(A136,Quantities[],Quantities!$J$2),\n\nIF(AND(B136=\"D\",C136=\"b\", (VLOOKUP(INDEX(Quantities!$A$100:$A$118,MATCH($A136,Quantities!$C$100:$C$118)),Quantities[],Quantities!$O$2)+VLOOKUP(INDEX(Quantities!$A$100:$A$118,MATCH($A136,Quantities!$C$100:$C$118)),Quantities[],Quantities!$Q$2)+VLOOKUP(INDEX(Quantities!$A$100:$A$118,MATCH($A136,Quantities!$C$100:$C$118)),Quantities[],Quantities!$S$2))>0),\n(VLOOKUP(INDEX(Quantities!$A$100:$A$118,MATCH($A136,Quantities!$C$100:$C$118)),Quantities[],Quantities!$P$2)*VLOOKUP(INDEX(Quantities!$A$100:$A$118,MATCH($A136,Quantities!$C$100:$C$118)),Quantities[],Quantities!$O$2)\n+VLOOKUP(INDEX(Quantities!$A$100:$A$118,MATCH($A136,Quantities!$C$100:$C$118)),Quantities[],Quantities!$R$2)*VLOOKUP(INDEX(Quantities!$A$100:$A$118,MATCH($A136,Quantities!$C$100:$C$118)),Quantities[],Quantities!$Q$2)\n+VLOOKUP(INDEX(Quantities!$A$100:$A$118,MATCH($A136,Quantities!$C$100:$C$118)),Quantities[],Quantities!$T$2)*VLOOKUP(INDEX(Quantities!$A$100:$A$118,MATCH($A136,Quantities!$C$100:$C$118)),Quantities[],Quantities!$S$2))/\n(VLOOKUP(INDEX(Quantities!$A$100:$A$118,MATCH($A136,Quantities!$C$100:$C$118)),Quantities[],Quantities!$O$2)+VLOOKUP(INDEX(Quantities!$A$100:$A$118,MATCH($A136,Quantities!$C$100:$C$118)),Quantities[],Quantities!$Q$2)+VLOOKUP(A136,Quantities[],Quantities!$S$2)),\n\nIF(AND(B136=\"D\", (VLOOKUP(A136,Quantities[],Quantities!$O$2)+VLOOKUP(A136,Quantities[],Quantities!$Q$2)+VLOOKUP(A136,Quantities[],Quantities!$S$2))>0),\n(VLOOKUP(A136,Quantities[],Quantities!$P$2)*VLOOKUP(A136,Quantities[],Quantities!$O$2)\n+VLOOKUP(A136,Quantities[],Quantities!$R$2)*VLOOKUP(A136,Quantities[],Quantities!$Q$2)\n+VLOOKUP(A136,Quantities[],Quantities!$T$2)*VLOOKUP(A136,Quantities[],Quantities!$S$2))/\n(VLOOKUP(A136,Quantities[],Quantities!$O$2)+VLOOKUP(A136,Quantities[],Quantities!$Q$2)+VLOOKUP(A136,Quantities[],Quantities!$S$2)),\n\nIF($B136=\"Q\", (SUM(VLOOKUP($A136,Quantities[],Quantities!$P$2)*VLOOKUP($A136,Quantities[],Quantities!$O$2),VLOOKUP($A136,Quantities[],Quantities!$R$2)*VLOOKUP($A136,Quantities[],Quantities!$Q$2),VLOOKUP($A136,Quantities[],Quantities!$T$2)*VLOOKUP($A136,Quantities[],Quantities!$S$2)))/SUM(VLOOKUP($A136,Quantities[],Quantities!$O$2),VLOOKUP($A136,Quantities[],Quantities!$Q$2),VLOOKUP($A136,Quantities[],Quantities!$S$2)),\n\n VLOOKUP(A136,Quantities[],Quantities!$H$2)\n))))))","v":7.6666666666666661E-2},{"$f":"IF(LEFT(D136,1)=\"U\",\"-\",VLOOKUP(D136,Equipment[],Equipment!$B$2))","v":"Komatsu 730E"}]
[{"$f":"Quantities!A36","v":2100},"D","b","Tk4",{"$f":"CONCATENATE(TEXT(A137,\"0\"),\"-\",B137,\"-\",C137,\"-\",D137)","v":"2100-D-b-Tk4"},{"$f":"IF(D137=\"Comb1\",CONCATENATE(VLOOKUP(B137,'Activity-Material_Codes'!$A$2:$B$26,Quantities!$B$2),\"-\",VLOOKUP(A137,Quantities[],Quantities!$D$2)),\nCONCATENATE(\nVLOOKUP(B137,'Activity-Material_Codes'!$A$2:$B$26,Quantities!$B$2),\nIF(AND(B137=\"B\",C137=\"a\"), \" Scraper Grading\", \"\"),\nIF(C137=\"b\",\"\",\"-\"),\nIF(C137=\"b\",\"\",VLOOKUP(A137,Quantities[],Quantities!$D$2)),\nIF(LEFT(TEXT(A137,\"0\"),1)=\"5\",\"\",\"-\"),\nIF(LEFT(TEXT(A137,\"0\"),1)=\"5\",\"\",VLOOKUP(C137,'Activity-Material_Codes'!$A$30:$B$36,Quantities!$B$2))\n))","v":"Haul-Cover"},{"$f":"CONCATENATE(\nIF(OR(RIGHT(TEXT($A137,\"0\"),Quantities!$B$2)=\"00\",LEFT(TEXT($A137,\"0\"),1)=\"5\",OR($C137=\"b\",$C137=\"f\")),\"\",VLOOKUP($A137,Quantities[],Quantities!$B$2)),\nIF(LEFT(TEXT($A137,\"0\"),1)=\"5\",\"\",\" \"),\nIF(OR(C137=\"a\",C137=\"c\",C137=\"d\",C137=\"e\"),IF(OR(RIGHT(TEXT($A137,\"0\"),Quantities!$B$2)=\"00\",LEFT(TEXT($A137,\"0\"),1)=\"5\"),VLOOKUP($A137,Quantities[],Quantities!$B$2),\"\"),\nIF(LEFT(TEXT($A137,\"0\"),1)=\"5\",VLOOKUP($A137,Quantities[],Quantities!$B$2),\nVLOOKUP(INDEX(Quantities!$A$100:$A$118,MATCH($A137,Quantities!$C$100:$C$118)),Quantities!$A$100:$B$118,Quantities!$B$2))))","v":" Borrow Area A"},{"$f":"IF(LEFT(TEXT(A137,\"0\"),1)=\"5\",\nVLOOKUP(VLOOKUP(A137,Quantities!$A$4:$D$118,Quantities!$C$2),Quantities!$A$4:$D$118,Quantities!$C$2),\nIF(OR(C137=\"a\",C137=\"c\",C137=\"d\",C137=\"e\"),\n\"-\",\nIF(RIGHT(TEXT(A137,\"0\"),2)=\"00\",VLOOKUP(A137,Quantities[],Quantities!$B$2),\nIF(C137=\"f\",VLOOKUP(A137,Quantities[],Quantities!$B$2),\nVLOOKUP(A137,Quantities[],Quantities!$C$2))\n)))","v":"9AX Waste"},{"$f":"IF(OR(AND(LEFT(D137,2)=\"Sc\",B137=\"A\",C137=\"d\"),AND(C137=\"f\",B137=\"D\")),\nSUM(VLOOKUP($A137,Quantities[],Quantities!$O$2),VLOOKUP($A137,Quantities[],Quantities!$Q$2),VLOOKUP($A137,Quantities[],Quantities!$S$2)),\n\nIF(AND(LEFT(D137,2)=\"Sc\",OR(C137=\"a\",C137=\"f\")),\nVLOOKUP(A137,Quantities[],Quantities!$I$2),\n\nIF(AND(B137=\"D\",C137=\"b\"),\n VLOOKUP(INDEX(Quantities!$A$100:$A$118,MATCH($A137,Quantities!$C$100:$C$118)),Quantities!$A$100:$AJ$118,Quantities!$O$2)+\nVLOOKUP(INDEX(Quantities!$A$100:$A$118,MATCH($A137,Quantities!$C$100:$C$118)),Quantities!$A$100:$AJ$118,Quantities!$Q$2)+\nVLOOKUP(INDEX(Quantities!$A$100:$A$118,MATCH($A137,Quantities!$C$100:$C$118)),Quantities!$A$100:$AJ$118,Quantities!$S$2),\n\nIF(OR(B137=\"D\",B137=\"Q\"),\nSUM(VLOOKUP($A137,Quantities[],Quantities!$O$2),VLOOKUP($A137,Quantities[],Quantities!$Q$2),VLOOKUP($A137,Quantities[],Quantities!$S$2)),\n\n VLOOKUP(A137,Quantities[],Quantities!$G$2)\n))))","v":10600},{"$f":"IF(LEFT(D137,2)=\"Mg\", VLOOKUP(A137,Quantities[],Quantities!$H$2),\n\nIF(OR(AND(LEFT(D137,2)=\"Sc\",B137=\"A\",C137=\"d\",C137=\"f\")),\n(SUM(VLOOKUP($A137,Quantities[],Quantities!$P$2)*VLOOKUP($A137,Quantities[],Quantities!$O$2),VLOOKUP($A137,Quantities[],Quantities!$R$2)*VLOOKUP($A137,Quantities[],Quantities!$Q$2),VLOOKUP($A137,Quantities[],Quantities!$T$2)*VLOOKUP($A137,Quantities[],Quantities!$S$2)))/SUM(VLOOKUP($A137,Quantities[],Quantities!$O$2),VLOOKUP($A137,Quantities[],Quantities!$Q$2),VLOOKUP($A137,Quantities[],Quantities!$S$2)),\n\nIF(AND(LEFT(D137,2)=\"Sc\",OR(C137=\"a\",C137=\"f\")),\nVLOOKUP(A137,Quantities[],Quantities!$J$2),\n\nIF(AND(B137=\"D\",C137=\"b\", (VLOOKUP(INDEX(Quantities!$A$100:$A$118,MATCH($A137,Quantities!$C$100:$C$118)),Quantities[],Quantities!$O$2)+VLOOKUP(INDEX(Quantities!$A$100:$A$118,MATCH($A137,Quantities!$C$100:$C$118)),Quantities[],Quantities!$Q$2)+VLOOKUP(INDEX(Quantities!$A$100:$A$118,MATCH($A137,Quantities!$C$100:$C$118)),Quantities[],Quantities!$S$2))>0),\n(VLOOKUP(INDEX(Quantities!$A$100:$A$118,MATCH($A137,Quantities!$C$100:$C$118)),Quantities[],Quantities!$P$2)*VLOOKUP(INDEX(Quantities!$A$100:$A$118,MATCH($A137,Quantities!$C$100:$C$118)),Quantities[],Quantities!$O$2)\n+VLOOKUP(INDEX(Quantities!$A$100:$A$118,MATCH($A137,Quantities!$C$100:$C$118)),Quantities[],Quantities!$R$2)*VLOOKUP(INDEX(Quantities!$A$100:$A$118,MATCH($A137,Quantities!$C$100:$C$118)),Quantities[],Quantities!$Q$2)\n+VLOOKUP(INDEX(Quantities!$A$100:$A$118,MATCH($A137,Quantities!$C$100:$C$118)),Quantities[],Quantities!$T$2)*VLOOKUP(INDEX(Quantities!$A$100:$A$118,MATCH($A137,Quantities!$C$100:$C$118)),Quantities[],Quantities!$S$2))/\n(VLOOKUP(INDEX(Quantities!$A$100:$A$118,MATCH($A137,Quantities!$C$100:$C$118)),Quantities[],Quantities!$O$2)+VLOOKUP(INDEX(Quantities!$A$100:$A$118,MATCH($A137,Quantities!$C$100:$C$118)),Quantities[],Quantities!$Q$2)+VLOOKUP(A137,Quantities[],Quantities!$S$2)),\n\nIF(AND(B137=\"D\", (VLOOKUP(A137,Quantities[],Quantities!$O$2)+VLOOKUP(A137,Quantities[],Quantities!$Q$2)+VLOOKUP(A137,Quantities[],Quantities!$S$2))>0),\n(VLOOKUP(A137,Quantities[],Quantities!$P$2)*VLOOKUP(A137,Quantities[],Quantities!$O$2)\n+VLOOKUP(A137,Quantities[],Quantities!$R$2)*VLOOKUP(A137,Quantities[],Quantities!$Q$2)\n+VLOOKUP(A137,Quantities[],Quantities!$T$2)*VLOOKUP(A137,Quantities[],Quantities!$S$2))/\n(VLOOKUP(A137,Quantities[],Quantities!$O$2)+VLOOKUP(A137,Quantities[],Quantities!$Q$2)+VLOOKUP(A137,Quantities[],Quantities!$S$2)),\n\nIF($B137=\"Q\", (SUM(VLOOKUP($A137,Quantities[],Quantities!$P$2)*VLOOKUP($A137,Quantities[],Quantities!$O$2),VLOOKUP($A137,Quantities[],Quantities!$R$2)*VLOOKUP($A137,Quantities[],Quantities!$Q$2),VLOOKUP($A137,Quantities[],Quantities!$T$2)*VLOOKUP($A137,Quantities[],Quantities!$S$2)))/SUM(VLOOKUP($A137,Quantities[],Quantities!$O$2),VLOOKUP($A137,Quantities[],Quantities!$Q$2),VLOOKUP($A137,Quantities[],Quantities!$S$2)),\n\n VLOOKUP(A137,Quantities[],Quantities!$H$2)\n))))))","v":7.6666666666666661E-2},{"$f":"IF(LEFT(D137,1)=\"U\",\"-\",VLOOKUP(D137,Equipment[],Equipment!$B$2))","v":"Komatsu 730E"}]
[{"$f":"Quantities!$A$59","v":2600},"D","b","Tk2","2600-D-b-Tk2",{"$f":"IF(D138=\"Comb1\",CONCATENATE(VLOOKUP(B138,'Activity-Material_Codes'!$A$2:$B$26,Quantities!$B$2),\"-\",VLOOKUP(A138,Quantities[],Quantities!$D$2)),\nCONCATENATE(\nVLOOKUP(B138,'Activity-Material_Codes'!$A$2:$B$26,Quantities!$B$2),\nIF(AND(B138=\"B\",C138=\"a\"), \" Scraper Grading\", \"\"),\nIF(C138=\"b\",\"\",\"-\"),\nIF(C138=\"b\",\"\",VLOOKUP(A138,Quantities[],Quantities!$D$2)),\nIF(LEFT(TEXT(A138,\"0\"),1)=\"5\",\"\",\"-\"),\nIF(LEFT(TEXT(A138,\"0\"),1)=\"5\",\"\",VLOOKUP(C138,'Activity-Material_Codes'!$A$30:$B$36,Quantities!$B$2))\n))","v":"Haul-Cover"},{"$f":"CONCATENATE(\nIF(OR(RIGHT(TEXT($A138,\"0\"),Quantities!$B$2)=\"00\",LEFT(TEXT($A138,\"0\"),1)=\"5\",OR($C138=\"b\",$C138=\"f\")),\"\",VLOOKUP($A138,Quantities[],Quantities!$B$2)),\nIF(LEFT(TEXT($A138,\"0\"),1)=\"5\",\"\",\" \"),\nIF(OR(C138=\"a\",C138=\"c\",C138=\"d\",C138=\"e\"),IF(OR(RIGHT(TEXT($A138,\"0\"),Quantities!$B$2)=\"00\",LEFT(TEXT($A138,\"0\"),1)=\"5\"),VLOOKUP($A138,Quantities[],Quantities!$B$2),\"\"),\nIF(LEFT(TEXT($A138,\"0\"),1)=\"5\",VLOOKUP($A138,Quantities[],Quantities!$B$2),\nVLOOKUP(INDEX(Quantities!$A$100:$A$118,MATCH($A138,Quantities!$C$100:$C$118)),Quantities!$A$100:$B$118,Quantities!$B$2))))","v":" 9AX Waste"},{"$f":"IF(LEFT(TEXT(A138,\"0\"),1)=\"5\",\nVLOOKUP(VLOOKUP(A138,Quantities!$A$4:$D$118,Quantities!$C$2),Quantities!$A$4:$D$118,Quantities!$C$2),\nIF(OR(C138=\"a\",C138=\"c\",C138=\"d\",C138=\"e\"),\n\"-\",\nIF(RIGHT(TEXT(A138,\"0\"),2)=\"00\",VLOOKUP(A138,Quantities[],Quantities!$B$2),\nIF(C138=\"f\",VLOOKUP(A138,Quantities[],Quantities!$B$2),\nVLOOKUP(A138,Quantities[],Quantities!$C$2))\n)))","v":"Reclaimed Tailing Launder Line"},{"$f":"IF(OR(AND(LEFT(D138,2)=\"Sc\",B138=\"A\",C138=\"d\"),AND(C138=\"f\",B138=\"D\")),\nSUM(VLOOKUP($A138,Quantities[],Quantities!$O$2),VLOOKUP($A138,Quantities[],Quantities!$Q$2),VLOOKUP($A138,Quantities[],Quantities!$S$2)),\n\nIF(AND(LEFT(D138,2)=\"Sc\",OR(C138=\"a\",C138=\"f\")),\nVLOOKUP(A138,Quantities[],Quantities!$I$2),\n\nIF(AND(B138=\"D\",C138=\"b\"),\n VLOOKUP(INDEX(Quantities!$A$100:$A$118,MATCH($A138,Quantities!$C$100:$C$118)),Quantities!$A$100:$AJ$118,Quantities!$O$2)+\nVLOOKUP(INDEX(Quantities!$A$100:$A$118,MATCH($A138,Quantities!$C$100:$C$118)),Quantities!$A$100:$AJ$118,Quantities!$Q$2)+\nVLOOKUP(INDEX(Quantities!$A$100:$A$118,MATCH($A138,Quantities!$C$100:$C$118)),Quantities!$A$100:$AJ$118,Quantities!$S$2),\n\nIF(OR(B138=\"D\",B138=\"Q\"),\nSUM(VLOOKUP($A138,Quantities[],Quantities!$O$2),VLOOKUP($A138,Quantities[],Quantities!$Q$2),VLOOKUP($A138,Quantities[],Quantities!$S$2)),\n\n VLOOKUP(A138,Quantities[],Quantities!$G$2)\n))))","v":11891.093648645345},{"$f":"IF(LEFT(D138,2)=\"Mg\", VLOOKUP(A138,Quantities[],Quantities!$H$2),\n\nIF(OR(AND(LEFT(D138,2)=\"Sc\",B138=\"A\",C138=\"d\",C138=\"f\")),\n(SUM(VLOOKUP($A138,Quantities[],Quantities!$P$2)*VLOOKUP($A138,Quantities[],Quantities!$O$2),VLOOKUP($A138,Quantities[],Quantities!$R$2)*VLOOKUP($A138,Quantities[],Quantities!$Q$2),VLOOKUP($A138,Quantities[],Quantities!$T$2)*VLOOKUP($A138,Quantities[],Quantities!$S$2)))/SUM(VLOOKUP($A138,Quantities[],Quantities!$O$2),VLOOKUP($A138,Quantities[],Quantities!$Q$2),VLOOKUP($A138,Quantities[],Quantities!$S$2)),\n\nIF(AND(LEFT(D138,2)=\"Sc\",OR(C138=\"a\",C138=\"f\")),\nVLOOKUP(A138,Quantities[],Quantities!$J$2),\n\nIF(AND(B138=\"D\",C138=\"b\", (VLOOKUP(INDEX(Quantities!$A$100:$A$118,MATCH($A138,Quantities!$C$100:$C$118)),Quantities[],Quantities!$O$2)+VLOOKUP(INDEX(Quantities!$A$100:$A$118,MATCH($A138,Quantities!$C$100:$C$118)),Quantities[],Quantities!$Q$2)+VLOOKUP(INDEX(Quantities!$A$100:$A$118,MATCH($A138,Quantities!$C$100:$C$118)),Quantities[],Quantities!$S$2))>0),\n(VLOOKUP(INDEX(Quantities!$A$100:$A$118,MATCH($A138,Quantities!$C$100:$C$118)),Quantities[],Quantities!$P$2)*VLOOKUP(INDEX(Quantities!$A$100:$A$118,MATCH($A138,Quantities!$C$100:$C$118)),Quantities[],Quantities!$O$2)\n+VLOOKUP(INDEX(Quantities!$A$100:$A$118,MATCH($A138,Quantities!$C$100:$C$118)),Quantities[],Quantities!$R$2)*VLOOKUP(INDEX(Quantities!$A$100:$A$118,MATCH($A138,Quantities!$C$100:$C$118)),Quantities[],Quantities!$Q$2)\n+VLOOKUP(INDEX(Quantities!$A$100:$A$118,MATCH($A138,Quantities!$C$100:$C$118)),Quantities[],Quantities!$T$2)*VLOOKUP(INDEX(Quantities!$A$100:$A$118,MATCH($A138,Quantities!$C$100:$C$118)),Quantities[],Quantities!$S$2))/\n(VLOOKUP(INDEX(Quantities!$A$100:$A$118,MATCH($A138,Quantities!$C$100:$C$118)),Quantities[],Quantities!$O$2)+VLOOKUP(INDEX(Quantities!$A$100:$A$118,MATCH($A138,Quantities!$C$100:$C$118)),Quantities[],Quantities!$Q$2)+VLOOKUP(A138,Quantities[],Quantities!$S$2)),\n\nIF(AND(B138=\"D\", (VLOOKUP(A138,Quantities[],Quantities!$O$2)+VLOOKUP(A138,Quantities[],Quantities!$Q$2)+VLOOKUP(A138,Quantities[],Quantities!$S$2))>0),\n(VLOOKUP(A138,Quantities[],Quantities!$P$2)*VLOOKUP(A138,Quantities[],Quantities!$O$2)\n+VLOOKUP(A138,Quantities[],Quantities!$R$2)*VLOOKUP(A138,Quantities[],Quantities!$Q$2)\n+VLOOKUP(A138,Quantities[],Quantities!$T$2)*VLOOKUP(A138,Quantities[],Quantities!$S$2))/\n(VLOOKUP(A138,Quantities[],Quantities!$O$2)+VLOOKUP(A138,Quantities[],Quantities!$Q$2)+VLOOKUP(A138,Quantities[],Quantities!$S$2)),\n\nIF($B138=\"Q\", (SUM(VLOOKUP($A138,Quantities[],Quantities!$P$2)*VLOOKUP($A138,Quantities[],Quantities!$O$2),VLOOKUP($A138,Quantities[],Quantities!$R$2)*VLOOKUP($A138,Quantities[],Quantities!$Q$2),VLOOKUP($A138,Quantities[],Quantities!$T$2)*VLOOKUP($A138,Quantities[],Quantities!$S$2)))/SUM(VLOOKUP($A138,Quantities[],Quantities!$O$2),VLOOKUP($A138,Quantities[],Quantities!$Q$2),VLOOKUP($A138,Quantities[],Quantities!$S$2)),\n\n VLOOKUP(A138,Quantities[],Quantities!$H$2)\n))))))","v":3.0099712420199973E-2},{"$f":"IF(LEFT(D138,1)=\"U\",\"-\",VLOOKUP(D138,Equipment[],Equipment!$B$2))","v":"Cat 769D"}]
[{"$f":"Quantities!$A$67","v":2900},"D","b","Tk2","2900-D-b-Tk2",{"$f":"IF(D139=\"Comb1\",CONCATENATE(VLOOKUP(B139,'Activity-Material_Codes'!$A$2:$B$26,Quantities!$B$2),\"-\",VLOOKUP(A139,Quantities[],Quantities!$D$2)),\nCONCATENATE(\nVLOOKUP(B139,'Activity-Material_Codes'!$A$2:$B$26,Quantities!$B$2),\nIF(AND(B139=\"B\",C139=\"a\"), \" Scraper Grading\", \"\"),\nIF(C139=\"b\",\"\",\"-\"),\nIF(C139=\"b\",\"\",VLOOKUP(A139,Quantities[],Quantities!$D$2)),\nIF(LEFT(TEXT(A139,\"0\"),1)=\"5\",\"\",\"-\"),\nIF(LEFT(TEXT(A139,\"0\"),1)=\"5\",\"\",VLOOKUP(C139,'Activity-Material_Codes'!$A$30:$B$36,Quantities!$B$2))\n))","v":"Haul-Cover"},{"$f":"CONCATENATE(\nIF(OR(RIGHT(TEXT($A139,\"0\"),Quantities!$B$2)=\"00\",LEFT(TEXT($A139,\"0\"),1)=\"5\",OR($C139=\"b\",$C139=\"f\")),\"\",VLOOKUP($A139,Quantities[],Quantities!$B$2)),\nIF(LEFT(TEXT($A139,\"0\"),1)=\"5\",\"\",\" \"),\nIF(OR(C139=\"a\",C139=\"c\",C139=\"d\",C139=\"e\"),IF(OR(RIGHT(TEXT($A139,\"0\"),Quantities!$B$2)=\"00\",LEFT(TEXT($A139,\"0\"),1)=\"5\"),VLOOKUP($A139,Quantities[],Quantities!$B$2),\"\"),\nIF(LEFT(TEXT($A139,\"0\"),1)=\"5\",VLOOKUP($A139,Quantities[],Quantities!$B$2),\nVLOOKUP(INDEX(Quantities!$A$100:$A$118,MATCH($A139,Quantities!$C$100:$C$118)),Quantities!$A$100:$B$118,Quantities!$B$2))))","v":" Reclaimed Tailing Launder Line"},{"$f":"IF(LEFT(TEXT(A139,\"0\"),1)=\"5\",\nVLOOKUP(VLOOKUP(A139,Quantities!$A$4:$D$118,Quantities!$C$2),Quantities!$A$4:$D$118,Quantities!$C$2),\nIF(OR(C139=\"a\",C139=\"c\",C139=\"d\",C139=\"e\"),\n\"-\",\nIF(RIGHT(TEXT(A139,\"0\"),2)=\"00\",VLOOKUP(A139,Quantities[],Quantities!$B$2),\nIF(C139=\"f\",VLOOKUP(A139,Quantities[],Quantities!$B$2),\nVLOOKUP(A139,Quantities[],Quantities!$C$2))\n)))","v":"Reclaimed 1 Tailing Impoundment Reclaim Water Pumphouse Station"},{"$f":"IF(OR(AND(LEFT(D139,2)=\"Sc\",B139=\"A\",C139=\"d\"),AND(C139=\"f\",B139=\"D\")),\nSUM(VLOOKUP($A139,Quantities[],Quantities!$O$2),VLOOKUP($A139,Quantities[],Quantities!$Q$2),VLOOKUP($A139,Quantities[],Quantities!$S$2)),\n\nIF(AND(LEFT(D139,2)=\"Sc\",OR(C139=\"a\",C139=\"f\")),\nVLOOKUP(A139,Quantities[],Quantities!$I$2),\n\nIF(AND(B139=\"D\",C139=\"b\"),\n VLOOKUP(INDEX(Quantities!$A$100:$A$118,MATCH($A139,Quantities!$C$100:$C$118)),Quantities!$A$100:$AJ$118,Quantities!$O$2)+\nVLOOKUP(INDEX(Quantities!$A$100:$A$118,MATCH($A139,Quantities!$C$100:$C$118)),Quantities!$A$100:$AJ$118,Quantities!$Q$2)+\nVLOOKUP(INDEX(Quantities!$A$100:$A$118,MATCH($A139,Quantities!$C$100:$C$118)),Quantities!$A$100:$AJ$118,Quantities!$S$2),\n\nIF(OR(B139=\"D\",B139=\"Q\"),\nSUM(VLOOKUP($A139,Quantities[],Quantities!$O$2),VLOOKUP($A139,Quantities[],Quantities!$Q$2),VLOOKUP($A139,Quantities[],Quantities!$S$2)),\n\n VLOOKUP(A139,Quantities[],Quantities!$G$2)\n))))","v":14100},{"$f":"IF(LEFT(D139,2)=\"Mg\", VLOOKUP(A139,Quantities[],Quantities!$H$2),\n\nIF(OR(AND(LEFT(D139,2)=\"Sc\",B139=\"A\",C139=\"d\",C139=\"f\")),\n(SUM(VLOOKUP($A139,Quantities[],Quantities!$P$2)*VLOOKUP($A139,Quantities[],Quantities!$O$2),VLOOKUP($A139,Quantities[],Quantities!$R$2)*VLOOKUP($A139,Quantities[],Quantities!$Q$2),VLOOKUP($A139,Quantities[],Quantities!$T$2)*VLOOKUP($A139,Quantities[],Quantities!$S$2)))/SUM(VLOOKUP($A139,Quantities[],Quantities!$O$2),VLOOKUP($A139,Quantities[],Quantities!$Q$2),VLOOKUP($A139,Quantities[],Quantities!$S$2)),\n\nIF(AND(LEFT(D139,2)=\"Sc\",OR(C139=\"a\",C139=\"f\")),\nVLOOKUP(A139,Quantities[],Quantities!$J$2),\n\nIF(AND(B139=\"D\",C139=\"b\", (VLOOKUP(INDEX(Quantities!$A$100:$A$118,MATCH($A139,Quantities!$C$100:$C$118)),Quantities[],Quantities!$O$2)+VLOOKUP(INDEX(Quantities!$A$100:$A$118,MATCH($A139,Quantities!$C$100:$C$118)),Quantities[],Quantities!$Q$2)+VLOOKUP(INDEX(Quantities!$A$100:$A$118,MATCH($A139,Quantities!$C$100:$C$118)),Quantities[],Quantities!$S$2))>0),\n(VLOOKUP(INDEX(Quantities!$A$100:$A$118,MATCH($A139,Quantities!$C$100:$C$118)),Quantities[],Quantities!$P$2)*VLOOKUP(INDEX(Quantities!$A$100:$A$118,MATCH($A139,Quantities!$C$100:$C$118)),Quantities[],Quantities!$O$2)\n+VLOOKUP(INDEX(Quantities!$A$100:$A$118,MATCH($A139,Quantities!$C$100:$C$118)),Quantities[],Quantities!$R$2)*VLOOKUP(INDEX(Quantities!$A$100:$A$118,MATCH($A139,Quantities!$C$100:$C$118)),Quantities[],Quantities!$Q$2)\n+VLOOKUP(INDEX(Quantities!$A$100:$A$118,MATCH($A139,Quantities!$C$100:$C$118)),Quantities[],Quantities!$T$2)*VLOOKUP(INDEX(Quantities!$A$100:$A$118,MATCH($A139,Quantities!$C$100:$C$118)),Quantities[],Quantities!$S$2))/\n(VLOOKUP(INDEX(Quantities!$A$100:$A$118,MATCH($A139,Quantities!$C$100:$C$118)),Quantities[],Quantities!$O$2)+VLOOKUP(INDEX(Quantities!$A$100:$A$118,MATCH($A139,Quantities!$C$100:$C$118)),Quantities[],Quantities!$Q$2)+VLOOKUP(A139,Quantities[],Quantities!$S$2)),\n\nIF(AND(B139=\"D\", (VLOOKUP(A139,Quantities[],Quantities!$O$2)+VLOOKUP(A139,Quantities[],Quantities!$Q$2)+VLOOKUP(A139,Quantities[],Quantities!$S$2))>0),\n(VLOOKUP(A139,Quantities[],Quantities!$P$2)*VLOOKUP(A139,Quantities[],Quantities!$O$2)\n+VLOOKUP(A139,Quantities[],Quantities!$R$2)*VLOOKUP(A139,Quantities[],Quantities!$Q$2)\n+VLOOKUP(A139,Quantities[],Quantities!$T$2)*VLOOKUP(A139,Quantities[],Quantities!$S$2))/\n(VLOOKUP(A139,Quantities[],Quantities!$O$2)+VLOOKUP(A139,Quantities[],Quantities!$Q$2)+VLOOKUP(A139,Quantities[],Quantities!$S$2)),\n\nIF($B139=\"Q\", (SUM(VLOOKUP($A139,Quantities[],Quantities!$P$2)*VLOOKUP($A139,Quantities[],Quantities!$O$2),VLOOKUP($A139,Quantities[],Quantities!$R$2)*VLOOKUP($A139,Quantities[],Quantities!$Q$2),VLOOKUP($A139,Quantities[],Quantities!$T$2)*VLOOKUP($A139,Quantities[],Quantities!$S$2)))/SUM(VLOOKUP($A139,Quantities[],Quantities!$O$2),VLOOKUP($A139,Quantities[],Quantities!$Q$2),VLOOKUP($A139,Quantities[],Quantities!$S$2)),\n\n VLOOKUP(A139,Quantities[],Quantities!$H$2)\n))))))","v":-1.8019219858156028E-2},{"$f":"IF(LEFT(D139,1)=\"U\",\"-\",VLOOKUP(D139,Equipment[],Equipment!$B$2))","v":"Cat 769D"}]
[{"$f":"Quantities!$A$4","v":1000},"A","d","Mg1","1000-A-d-Mg1",{"$f":"IF(D140=\"Comb1\",CONCATENATE(VLOOKUP(B140,'Activity-Material_Codes'!$A$2:$B$26,Quantities!$B$2),\"-\",VLOOKUP(A140,Quantities[],Quantities!$D$2)),\nCONCATENATE(\nVLOOKUP(B140,'Activity-Material_Codes'!$A$2:$B$26,Quantities!$B$2),\nIF(AND(B140=\"B\",C140=\"a\"), \" Scraper Grading\", \"\"),\nIF(C140=\"b\",\"\",\"-\"),\nIF(C140=\"b\",\"\",VLOOKUP(A140,Quantities[],Quantities!$D$2)),\nIF(LEFT(TEXT(A140,\"0\"),1)=\"5\",\"\",\"-\"),\nIF(LEFT(TEXT(A140,\"0\"),1)=\"5\",\"\",VLOOKUP(C140,'Activity-Material_Codes'!$A$30:$B$36,Quantities!$B$2))\n))","v":"Grade-Entire Stockpile-Placed Cover"},{"$f":"CONCATENATE(\nIF(OR(RIGHT(TEXT($A140,\"0\"),Quantities!$B$2)=\"00\",LEFT(TEXT($A140,\"0\"),1)=\"5\",OR($C140=\"b\",$C140=\"f\")),\"\",VLOOKUP($A140,Quantities[],Quantities!$B$2)),\nIF(LEFT(TEXT($A140,\"0\"),1)=\"5\",\"\",\" \"),\nIF(OR(C140=\"a\",C140=\"c\",C140=\"d\",C140=\"e\"),IF(OR(RIGHT(TEXT($A140,\"0\"),Quantities!$B$2)=\"00\",LEFT(TEXT($A140,\"0\"),1)=\"5\"),VLOOKUP($A140,Quantities[],Quantities!$B$2),\"\"),\nIF(LEFT(TEXT($A140,\"0\"),1)=\"5\",VLOOKUP($A140,Quantities[],Quantities!$B$2),\nVLOOKUP(INDEX(Quantities!$A$100:$A$118,MATCH($A140,Quantities!$C$100:$C$118)),Quantities!$A$100:$B$118,Quantities!$B$2))))","v":" 1A Leach, 1B Leach "},{"$f":"IF(LEFT(TEXT(A140,\"0\"),1)=\"5\",\nVLOOKUP(VLOOKUP(A140,Quantities!$A$4:$D$118,Quantities!$C$2),Quantities!$A$4:$D$118,Quantities!$C$2),\nIF(OR(C140=\"a\",C140=\"c\",C140=\"d\",C140=\"e\"),\n\"-\",\nIF(RIGHT(TEXT(A140,\"0\"),2)=\"00\",VLOOKUP(A140,Quantities[],Quantities!$B$2),\nIF(C140=\"f\",VLOOKUP(A140,Quantities[],Quantities!$B$2),\nVLOOKUP(A140,Quantities[],Quantities!$C$2))\n)))","v":"-"},{"$f":"IF(OR(AND(LEFT(D140,2)=\"Sc\",B140=\"A\",C140=\"d\"),AND(C140=\"f\",B140=\"D\")),\nSUM(VLOOKUP($A140,Quantities[],Quantities!$O$2),VLOOKUP($A140,Quantities[],Quantities!$Q$2),VLOOKUP($A140,Quantities[],Quantities!$S$2)),\n\nIF(AND(LEFT(D140,2)=\"Sc\",OR(C140=\"a\",C140=\"f\")),\nVLOOKUP(A140,Quantities[],Quantities!$I$2),\n\nIF(AND(B140=\"D\",C140=\"b\"),\n VLOOKUP(INDEX(Quantities!$A$100:$A$118,MATCH($A140,Quantities!$C$100:$C$118)),Quantities!$A$100:$AJ$118,Quantities!$O$2)+\nVLOOKUP(INDEX(Quantities!$A$100:$A$118,MATCH($A140,Quantities!$C$100:$C$118)),Quantities!$A$100:$AJ$118,Quantities!$Q$2)+\nVLOOKUP(INDEX(Quantities!$A$100:$A$118,MATCH($A140,Quantities!$C$100:$C$118)),Quantities!$A$100:$AJ$118,Quantities!$S$2),\n\nIF(OR(B140=\"D\",B140=\"Q\"),\nSUM(VLOOKUP($A140,Quantities[],Quantities!$O$2),VLOOKUP($A140,Quantities[],Quantities!$Q$2),VLOOKUP($A140,Quantities[],Quantities!$S$2)),\n\n VLOOKUP(A140,Quantities[],Quantities!$G$2)\n))))","v":0},{"$f":"IF(LEFT(D140,2)=\"Mg\", VLOOKUP(A140,Quantities[],Quantities!$H$2),\n\nIF(OR(AND(LEFT(D140,2)=\"Sc\",B140=\"A\",C140=\"d\",C140=\"f\")),\n(SUM(VLOOKUP($A140,Quantities[],Quantities!$P$2)*VLOOKUP($A140,Quantities[],Quantities!$O$2),VLOOKUP($A140,Quantities[],Quantities!$R$2)*VLOOKUP($A140,Quantities[],Quantities!$Q$2),VLOOKUP($A140,Quantities[],Quantities!$T$2)*VLOOKUP($A140,Quantities[],Quantities!$S$2)))/SUM(VLOOKUP($A140,Quantities[],Quantities!$O$2),VLOOKUP($A140,Quantities[],Quantities!$Q$2),VLOOKUP($A140,Quantities[],Quantities!$S$2)),\n\nIF(AND(LEFT(D140,2)=\"Sc\",OR(C140=\"a\",C140=\"f\")),\nVLOOKUP(A140,Quantities[],Quantities!$J$2),\n\nIF(AND(B140=\"D\",C140=\"b\", (VLOOKUP(INDEX(Quantities!$A$100:$A$118,MATCH($A140,Quantities!$C$100:$C$118)),Quantities[],Quantities!$O$2)+VLOOKUP(INDEX(Quantities!$A$100:$A$118,MATCH($A140,Quantities!$C$100:$C$118)),Quantities[],Quantities!$Q$2)+VLOOKUP(INDEX(Quantities!$A$100:$A$118,MATCH($A140,Quantities!$C$100:$C$118)),Quantities[],Quantities!$S$2))>0),\n(VLOOKUP(INDEX(Quantities!$A$100:$A$118,MATCH($A140,Quantities!$C$100:$C$118)),Quantities[],Quantities!$P$2)*VLOOKUP(INDEX(Quantities!$A$100:$A$118,MATCH($A140,Quantities!$C$100:$C$118)),Quantities[],Quantities!$O$2)\n+VLOOKUP(INDEX(Quantities!$A$100:$A$118,MATCH($A140,Quantities!$C$100:$C$118)),Quantities[],Quantities!$R$2)*VLOOKUP(INDEX(Quantities!$A$100:$A$118,MATCH($A140,Quantities!$C$100:$C$118)),Quantities[],Quantities!$Q$2)\n+VLOOKUP(INDEX(Quantities!$A$100:$A$118,MATCH($A140,Quantities!$C$100:$C$118)),Quantities[],Quantities!$T$2)*VLOOKUP(INDEX(Quantities!$A$100:$A$118,MATCH($A140,Quantities!$C$100:$C$118)),Quantities[],Quantities!$S$2))/\n(VLOOKUP(INDEX(Quantities!$A$100:$A$118,MATCH($A140,Quantities!$C$100:$C$118)),Quantities[],Quantities!$O$2)+VLOOKUP(INDEX(Quantities!$A$100:$A$118,MATCH($A140,Quantities!$C$100:$C$118)),Quantities[],Quantities!$Q$2)+VLOOKUP(A140,Quantities[],Quantities!$S$2)),\n\nIF(AND(B140=\"D\", (VLOOKUP(A140,Quantities[],Quantities!$O$2)+VLOOKUP(A140,Quantities[],Quantities!$Q$2)+VLOOKUP(A140,Quantities[],Quantities!$S$2))>0),\n(VLOOKUP(A140,Quantities[],Quantities!$P$2)*VLOOKUP(A140,Quantities[],Quantities!$O$2)\n+VLOOKUP(A140,Quantities[],Quantities!$R$2)*VLOOKUP(A140,Quantities[],Quantities!$Q$2)\n+VLOOKUP(A140,Quantities[],Quantities!$T$2)*VLOOKUP(A140,Quantities[],Quantities!$S$2))/\n(VLOOKUP(A140,Quantities[],Quantities!$O$2)+VLOOKUP(A140,Quantities[],Quantities!$Q$2)+VLOOKUP(A140,Quantities[],Quantities!$S$2)),\n\nIF($B140=\"Q\", (SUM(VLOOKUP($A140,Quantities[],Quantities!$P$2)*VLOOKUP($A140,Quantities[],Quantities!$O$2),VLOOKUP($A140,Quantities[],Quantities!$R$2)*VLOOKUP($A140,Quantities[],Quantities!$Q$2),VLOOKUP($A140,Quantities[],Quantities!$T$2)*VLOOKUP($A140,Quantities[],Quantities!$S$2)))/SUM(VLOOKUP($A140,Quantities[],Quantities!$O$2),VLOOKUP($A140,Quantities[],Quantities!$Q$2),VLOOKUP($A140,Quantities[],Quantities!$S$2)),\n\n VLOOKUP(A140,Quantities[],Quantities!$H$2)\n))))))","v":"-"},{"$f":"IF(LEFT(D140,1)=\"U\",\"-\",VLOOKUP(D140,Equipment[],Equipment!$B$2))","v":"Cat 16M "}]
[{"$f":"Quantities!$A$8","v":1100},"A","d","Mg1","1100-A-d-Mg1",{"$f":"IF(D141=\"Comb1\",CONCATENATE(VLOOKUP(B141,'Activity-Material_Codes'!$A$2:$B$26,Quantities!$B$2),\"-\",VLOOKUP(A141,Quantities[],Quantities!$D$2)),\nCONCATENATE(\nVLOOKUP(B141,'Activity-Material_Codes'!$A$2:$B$26,Quantities!$B$2),\nIF(AND(B141=\"B\",C141=\"a\"), \" Scraper Grading\", \"\"),\nIF(C141=\"b\",\"\",\"-\"),\nIF(C141=\"b\",\"\",VLOOKUP(A141,Quantities[],Quantities!$D$2)),\nIF(LEFT(TEXT(A141,\"0\"),1)=\"5\",\"\",\"-\"),\nIF(LEFT(TEXT(A141,\"0\"),1)=\"5\",\"\",VLOOKUP(C141,'Activity-Material_Codes'!$A$30:$B$36,Quantities!$B$2))\n))","v":"Grade-Top (Haul Road)-Placed Cover"},{"$f":"CONCATENATE(\nIF(OR(RIGHT(TEXT($A141,\"0\"),Quantities!$B$2)=\"00\",LEFT(TEXT($A141,\"0\"),1)=\"5\",OR($C141=\"b\",$C141=\"f\")),\"\",VLOOKUP($A141,Quantities[],Quantities!$B$2)),\nIF(LEFT(TEXT($A141,\"0\"),1)=\"5\",\"\",\" \"),\nIF(OR(C141=\"a\",C141=\"c\",C141=\"d\",C141=\"e\"),IF(OR(RIGHT(TEXT($A141,\"0\"),Quantities!$B$2)=\"00\",LEFT(TEXT($A141,\"0\"),1)=\"5\"),VLOOKUP($A141,Quantities[],Quantities!$B$2),\"\"),\nIF(LEFT(TEXT($A141,\"0\"),1)=\"5\",VLOOKUP($A141,Quantities[],Quantities!$B$2),\nVLOOKUP(INDEX(Quantities!$A$100:$A$118,MATCH($A141,Quantities!$C$100:$C$118)),Quantities!$A$100:$B$118,Quantities!$B$2))))","v":" Reclaimed 1C Waste"},{"$f":"IF(LEFT(TEXT(A141,\"0\"),1)=\"5\",\nVLOOKUP(VLOOKUP(A141,Quantities!$A$4:$D$118,Quantities!$C$2),Quantities!$A$4:$D$118,Quantities!$C$2),\nIF(OR(C141=\"a\",C141=\"c\",C141=\"d\",C141=\"e\"),\n\"-\",\nIF(RIGHT(TEXT(A141,\"0\"),2)=\"00\",VLOOKUP(A141,Quantities[],Quantities!$B$2),\nIF(C141=\"f\",VLOOKUP(A141,Quantities[],Quantities!$B$2),\nVLOOKUP(A141,Quantities[],Quantities!$C$2))\n)))","v":"-"},{"$f":"IF(OR(AND(LEFT(D141,2)=\"Sc\",B141=\"A\",C141=\"d\"),AND(C141=\"f\",B141=\"D\")),\nSUM(VLOOKUP($A141,Quantities[],Quantities!$O$2),VLOOKUP($A141,Quantities[],Quantities!$Q$2),VLOOKUP($A141,Quantities[],Quantities!$S$2)),\n\nIF(AND(LEFT(D141,2)=\"Sc\",OR(C141=\"a\",C141=\"f\")),\nVLOOKUP(A141,Quantities[],Quantities!$I$2),\n\nIF(AND(B141=\"D\",C141=\"b\"),\n VLOOKUP(INDEX(Quantities!$A$100:$A$118,MATCH($A141,Quantities!$C$100:$C$118)),Quantities!$A$100:$AJ$118,Quantities!$O$2)+\nVLOOKUP(INDEX(Quantities!$A$100:$A$118,MATCH($A141,Quantities!$C$100:$C$118)),Quantities!$A$100:$AJ$118,Quantities!$Q$2)+\nVLOOKUP(INDEX(Quantities!$A$100:$A$118,MATCH($A141,Quantities!$C$100:$C$118)),Quantities!$A$100:$AJ$118,Quantities!$S$2),\n\nIF(OR(B141=\"D\",B141=\"Q\"),\nSUM(VLOOKUP($A141,Quantities[],Quantities!$O$2),VLOOKUP($A141,Quantities[],Quantities!$Q$2),VLOOKUP($A141,Quantities[],Quantities!$S$2)),\n\n VLOOKUP(A141,Quantities[],Quantities!$G$2)\n))))","v":0},{"$f":"IF(LEFT(D141,2)=\"Mg\", VLOOKUP(A141,Quantities[],Quantities!$H$2),\n\nIF(OR(AND(LEFT(D141,2)=\"Sc\",B141=\"A\",C141=\"d\",C141=\"f\")),\n(SUM(VLOOKUP($A141,Quantities[],Quantities!$P$2)*VLOOKUP($A141,Quantities[],Quantities!$O$2),VLOOKUP($A141,Quantities[],Quantities!$R$2)*VLOOKUP($A141,Quantities[],Quantities!$Q$2),VLOOKUP($A141,Quantities[],Quantities!$T$2)*VLOOKUP($A141,Quantities[],Quantities!$S$2)))/SUM(VLOOKUP($A141,Quantities[],Quantities!$O$2),VLOOKUP($A141,Quantities[],Quantities!$Q$2),VLOOKUP($A141,Quantities[],Quantities!$S$2)),\n\nIF(AND(LEFT(D141,2)=\"Sc\",OR(C141=\"a\",C141=\"f\")),\nVLOOKUP(A141,Quantities[],Quantities!$J$2),\n\nIF(AND(B141=\"D\",C141=\"b\", (VLOOKUP(INDEX(Quantities!$A$100:$A$118,MATCH($A141,Quantities!$C$100:$C$118)),Quantities[],Quantities!$O$2)+VLOOKUP(INDEX(Quantities!$A$100:$A$118,MATCH($A141,Quantities!$C$100:$C$118)),Quantities[],Quantities!$Q$2)+VLOOKUP(INDEX(Quantities!$A$100:$A$118,MATCH($A141,Quantities!$C$100:$C$118)),Quantities[],Quantities!$S$2))>0),\n(VLOOKUP(INDEX(Quantities!$A$100:$A$118,MATCH($A141,Quantities!$C$100:$C$118)),Quantities[],Quantities!$P$2)*VLOOKUP(INDEX(Quantities!$A$100:$A$118,MATCH($A141,Quantities!$C$100:$C$118)),Quantities[],Quantities!$O$2)\n+VLOOKUP(INDEX(Quantities!$A$100:$A$118,MATCH($A141,Quantities!$C$100:$C$118)),Quantities[],Quantities!$R$2)*VLOOKUP(INDEX(Quantities!$A$100:$A$118,MATCH($A141,Quantities!$C$100:$C$118)),Quantities[],Quantities!$Q$2)\n+VLOOKUP(INDEX(Quantities!$A$100:$A$118,MATCH($A141,Quantities!$C$100:$C$118)),Quantities[],Quantities!$T$2)*VLOOKUP(INDEX(Quantities!$A$100:$A$118,MATCH($A141,Quantities!$C$100:$C$118)),Quantities[],Quantities!$S$2))/\n(VLOOKUP(INDEX(Quantities!$A$100:$A$118,MATCH($A141,Quantities!$C$100:$C$118)),Quantities[],Quantities!$O$2)+VLOOKUP(INDEX(Quantities!$A$100:$A$118,MATCH($A141,Quantities!$C$100:$C$118)),Quantities[],Quantities!$Q$2)+VLOOKUP(A141,Quantities[],Quantities!$S$2)),\n\nIF(AND(B141=\"D\", (VLOOKUP(A141,Quantities[],Quantities!$O$2)+VLOOKUP(A141,Quantities[],Quantities!$Q$2)+VLOOKUP(A141,Quantities[],Quantities!$S$2))>0),\n(VLOOKUP(A141,Quantities[],Quantities!$P$2)*VLOOKUP(A141,Quantities[],Quantities!$O$2)\n+VLOOKUP(A141,Quantities[],Quantities!$R$2)*VLOOKUP(A141,Quantities[],Quantities!$Q$2)\n+VLOOKUP(A141,Quantities[],Quantities!$T$2)*VLOOKUP(A141,Quantities[],Quantities!$S$2))/\n(VLOOKUP(A141,Quantities[],Quantities!$O$2)+VLOOKUP(A141,Quantities[],Quantities!$Q$2)+VLOOKUP(A141,Quantities[],Quantities!$S$2)),\n\nIF($B141=\"Q\", (SUM(VLOOKUP($A141,Quantities[],Quantities!$P$2)*VLOOKUP($A141,Quantities[],Quantities!$O$2),VLOOKUP($A141,Quantities[],Quantities!$R$2)*VLOOKUP($A141,Quantities[],Quantities!$Q$2),VLOOKUP($A141,Quantities[],Quantities!$T$2)*VLOOKUP($A141,Quantities[],Quantities!$S$2)))/SUM(VLOOKUP($A141,Quantities[],Quantities!$O$2),VLOOKUP($A141,Quantities[],Quantities!$Q$2),VLOOKUP($A141,Quantities[],Quantities!$S$2)),\n\n VLOOKUP(A141,Quantities[],Quantities!$H$2)\n))))))","v":0},{"$f":"IF(LEFT(D141,1)=\"U\",\"-\",VLOOKUP(D141,Equipment[],Equipment!$B$2))","v":"Cat 16M "}]
[{"$f":"Quantities!$A$9","v":1200},"A","d","Mg1","1200-A-d-Mg1",{"$f":"IF(D142=\"Comb1\",CONCATENATE(VLOOKUP(B142,'Activity-Material_Codes'!$A$2:$B$26,Quantities!$B$2),\"-\",VLOOKUP(A142,Quantities[],Quantities!$D$2)),\nCONCATENATE(\nVLOOKUP(B142,'Activity-Material_Codes'!$A$2:$B$26,Quantities!$B$2),\nIF(AND(B142=\"B\",C142=\"a\"), \" Scraper Grading\", \"\"),\nIF(C142=\"b\",\"\",\"-\"),\nIF(C142=\"b\",\"\",VLOOKUP(A142,Quantities[],Quantities!$D$2)),\nIF(LEFT(TEXT(A142,\"0\"),1)=\"5\",\"\",\"-\"),\nIF(LEFT(TEXT(A142,\"0\"),1)=\"5\",\"\",VLOOKUP(C142,'Activity-Material_Codes'!$A$30:$B$36,Quantities!$B$2))\n))","v":"Grade-Entire Stockpile-Placed Cover"},{"$f":"CONCATENATE(\nIF(OR(RIGHT(TEXT($A142,\"0\"),Quantities!$B$2)=\"00\",LEFT(TEXT($A142,\"0\"),1)=\"5\",OR($C142=\"b\",$C142=\"f\")),\"\",VLOOKUP($A142,Quantities[],Quantities!$B$2)),\nIF(LEFT(TEXT($A142,\"0\"),1)=\"5\",\"\",\" \"),\nIF(OR(C142=\"a\",C142=\"c\",C142=\"d\",C142=\"e\"),IF(OR(RIGHT(TEXT($A142,\"0\"),Quantities!$B$2)=\"00\",LEFT(TEXT($A142,\"0\"),1)=\"5\"),VLOOKUP($A142,Quantities[],Quantities!$B$2),\"\"),\nIF(LEFT(TEXT($A142,\"0\"),1)=\"5\",VLOOKUP($A142,Quantities[],Quantities!$B$2),\nVLOOKUP(INDEX(Quantities!$A$100:$A$118,MATCH($A142,Quantities!$C$100:$C$118)),Quantities!$A$100:$B$118,Quantities!$B$2))))","v":" 2B Waste, 2A Leach, 2B Leach"},{"$f":"IF(LEFT(TEXT(A142,\"0\"),1)=\"5\",\nVLOOKUP(VLOOKUP(A142,Quantities!$A$4:$D$118,Quantities!$C$2),Quantities!$A$4:$D$118,Quantities!$C$2),\nIF(OR(C142=\"a\",C142=\"c\",C142=\"d\",C142=\"e\"),\n\"-\",\nIF(RIGHT(TEXT(A142,\"0\"),2)=\"00\",VLOOKUP(A142,Quantities[],Quantities!$B$2),\nIF(C142=\"f\",VLOOKUP(A142,Quantities[],Quantities!$B$2),\nVLOOKUP(A142,Quantities[],Quantities!$C$2))\n)))","v":"-"},{"$f":"IF(OR(AND(LEFT(D142,2)=\"Sc\",B142=\"A\",C142=\"d\"),AND(C142=\"f\",B142=\"D\")),\nSUM(VLOOKUP($A142,Quantities[],Quantities!$O$2),VLOOKUP($A142,Quantities[],Quantities!$Q$2),VLOOKUP($A142,Quantities[],Quantities!$S$2)),\n\nIF(AND(LEFT(D142,2)=\"Sc\",OR(C142=\"a\",C142=\"f\")),\nVLOOKUP(A142,Quantities[],Quantities!$I$2),\n\nIF(AND(B142=\"D\",C142=\"b\"),\n VLOOKUP(INDEX(Quantities!$A$100:$A$118,MATCH($A142,Quantities!$C$100:$C$118)),Quantities!$A$100:$AJ$118,Quantities!$O$2)+\nVLOOKUP(INDEX(Quantities!$A$100:$A$118,MATCH($A142,Quantities!$C$100:$C$118)),Quantities!$A$100:$AJ$118,Quantities!$Q$2)+\nVLOOKUP(INDEX(Quantities!$A$100:$A$118,MATCH($A142,Quantities!$C$100:$C$118)),Quantities!$A$100:$AJ$118,Quantities!$S$2),\n\nIF(OR(B142=\"D\",B142=\"Q\"),\nSUM(VLOOKUP($A142,Quantities[],Quantities!$O$2),VLOOKUP($A142,Quantities[],Quantities!$Q$2),VLOOKUP($A142,Quantities[],Quantities!$S$2)),\n\n VLOOKUP(A142,Quantities[],Quantities!$G$2)\n))))","v":0},{"$f":"IF(LEFT(D142,2)=\"Mg\", VLOOKUP(A142,Quantities[],Quantities!$H$2),\n\nIF(OR(AND(LEFT(D142,2)=\"Sc\",B142=\"A\",C142=\"d\",C142=\"f\")),\n(SUM(VLOOKUP($A142,Quantities[],Quantities!$P$2)*VLOOKUP($A142,Quantities[],Quantities!$O$2),VLOOKUP($A142,Quantities[],Quantities!$R$2)*VLOOKUP($A142,Quantities[],Quantities!$Q$2),VLOOKUP($A142,Quantities[],Quantities!$T$2)*VLOOKUP($A142,Quantities[],Quantities!$S$2)))/SUM(VLOOKUP($A142,Quantities[],Quantities!$O$2),VLOOKUP($A142,Quantities[],Quantities!$Q$2),VLOOKUP($A142,Quantities[],Quantities!$S$2)),\n\nIF(AND(LEFT(D142,2)=\"Sc\",OR(C142=\"a\",C142=\"f\")),\nVLOOKUP(A142,Quantities[],Quantities!$J$2),\n\nIF(AND(B142=\"D\",C142=\"b\", (VLOOKUP(INDEX(Quantities!$A$100:$A$118,MATCH($A142,Quantities!$C$100:$C$118)),Quantities[],Quantities!$O$2)+VLOOKUP(INDEX(Quantities!$A$100:$A$118,MATCH($A142,Quantities!$C$100:$C$118)),Quantities[],Quantities!$Q$2)+VLOOKUP(INDEX(Quantities!$A$100:$A$118,MATCH($A142,Quantities!$C$100:$C$118)),Quantities[],Quantities!$S$2))>0),\n(VLOOKUP(INDEX(Quantities!$A$100:$A$118,MATCH($A142,Quantities!$C$100:$C$118)),Quantities[],Quantities!$P$2)*VLOOKUP(INDEX(Quantities!$A$100:$A$118,MATCH($A142,Quantities!$C$100:$C$118)),Quantities[],Quantities!$O$2)\n+VLOOKUP(INDEX(Quantities!$A$100:$A$118,MATCH($A142,Quantities!$C$100:$C$118)),Quantities[],Quantities!$R$2)*VLOOKUP(INDEX(Quantities!$A$100:$A$118,MATCH($A142,Quantities!$C$100:$C$118)),Quantities[],Quantities!$Q$2)\n+VLOOKUP(INDEX(Quantities!$A$100:$A$118,MATCH($A142,Quantities!$C$100:$C$118)),Quantities[],Quantities!$T$2)*VLOOKUP(INDEX(Quantities!$A$100:$A$118,MATCH($A142,Quantities!$C$100:$C$118)),Quantities[],Quantities!$S$2))/\n(VLOOKUP(INDEX(Quantities!$A$100:$A$118,MATCH($A142,Quantities!$C$100:$C$118)),Quantities[],Quantities!$O$2)+VLOOKUP(INDEX(Quantities!$A$100:$A$118,MATCH($A142,Quantities!$C$100:$C$118)),Quantities[],Quantities!$Q$2)+VLOOKUP(A142,Quantities[],Quantities!$S$2)),\n\nIF(AND(B142=\"D\", (VLOOKUP(A142,Quantities[],Quantities!$O$2)+VLOOKUP(A142,Quantities[],Quantities!$Q$2)+VLOOKUP(A142,Quantities[],Quantities!$S$2))>0),\n(VLOOKUP(A142,Quantities[],Quantities!$P$2)*VLOOKUP(A142,Quantities[],Quantities!$O$2)\n+VLOOKUP(A142,Quantities[],Quantities!$R$2)*VLOOKUP(A142,Quantities[],Quantities!$Q$2)\n+VLOOKUP(A142,Quantities[],Quantities!$T$2)*VLOOKUP(A142,Quantities[],Quantities!$S$2))/\n(VLOOKUP(A142,Quantities[],Quantities!$O$2)+VLOOKUP(A142,Quantities[],Quantities!$Q$2)+VLOOKUP(A142,Quantities[],Quantities!$S$2)),\n\nIF($B142=\"Q\", (SUM(VLOOKUP($A142,Quantities[],Quantities!$P$2)*VLOOKUP($A142,Quantities[],Quantities!$O$2),VLOOKUP($A142,Quantities[],Quantities!$R$2)*VLOOKUP($A142,Quantities[],Quantities!$Q$2),VLOOKUP($A142,Quantities[],Quantities!$T$2)*VLOOKUP($A142,Quantities[],Quantities!$S$2)))/SUM(VLOOKUP($A142,Quantities[],Quantities!$O$2),VLOOKUP($A142,Quantities[],Quantities!$Q$2),VLOOKUP($A142,Quantities[],Quantities!$S$2)),\n\n VLOOKUP(A142,Quantities[],Quantities!$H$2)\n))))))","v":"-"},{"$f":"IF(LEFT(D142,1)=\"U\",\"-\",VLOOKUP(D142,Equipment[],Equipment!$B$2))","v":"Cat 16M "}]
[{"$f":"Quantities!$A$12","v":1300},"A","d","Mg1","1300-A-d-Mg1",{"$f":"IF(D143=\"Comb1\",CONCATENATE(VLOOKUP(B143,'Activity-Material_Codes'!$A$2:$B$26,Quantities!$B$2),\"-\",VLOOKUP(A143,Quantities[],Quantities!$D$2)),\nCONCATENATE(\nVLOOKUP(B143,'Activity-Material_Codes'!$A$2:$B$26,Quantities!$B$2),\nIF(AND(B143=\"B\",C143=\"a\"), \" Scraper Grading\", \"\"),\nIF(C143=\"b\",\"\",\"-\"),\nIF(C143=\"b\",\"\",VLOOKUP(A143,Quantities[],Quantities!$D$2)),\nIF(LEFT(TEXT(A143,\"0\"),1)=\"5\",\"\",\"-\"),\nIF(LEFT(TEXT(A143,\"0\"),1)=\"5\",\"\",VLOOKUP(C143,'Activity-Material_Codes'!$A$30:$B$36,Quantities!$B$2))\n))","v":"Grade-Entire Stockpile-Placed Cover"},{"$f":"CONCATENATE(\nIF(OR(RIGHT(TEXT($A143,\"0\"),Quantities!$B$2)=\"00\",LEFT(TEXT($A143,\"0\"),1)=\"5\",OR($C143=\"b\",$C143=\"f\")),\"\",VLOOKUP($A143,Quantities[],Quantities!$B$2)),\nIF(LEFT(TEXT($A143,\"0\"),1)=\"5\",\"\",\" \"),\nIF(OR(C143=\"a\",C143=\"c\",C143=\"d\",C143=\"e\"),IF(OR(RIGHT(TEXT($A143,\"0\"),Quantities!$B$2)=\"00\",LEFT(TEXT($A143,\"0\"),1)=\"5\"),VLOOKUP($A143,Quantities[],Quantities!$B$2),\"\"),\nIF(LEFT(TEXT($A143,\"0\"),1)=\"5\",VLOOKUP($A143,Quantities[],Quantities!$B$2),\nVLOOKUP(INDEX(Quantities!$A$100:$A$118,MATCH($A143,Quantities!$C$100:$C$118)),Quantities!$A$100:$B$118,Quantities!$B$2))))","v":" 3A Leach, 3B Waste"},{"$f":"IF(LEFT(TEXT(A143,\"0\"),1)=\"5\",\nVLOOKUP(VLOOKUP(A143,Quantities!$A$4:$D$118,Quantities!$C$2),Quantities!$A$4:$D$118,Quantities!$C$2),\nIF(OR(C143=\"a\",C143=\"c\",C143=\"d\",C143=\"e\"),\n\"-\",\nIF(RIGHT(TEXT(A143,\"0\"),2)=\"00\",VLOOKUP(A143,Quantities[],Quantities!$B$2),\nIF(C143=\"f\",VLOOKUP(A143,Quantities[],Quantities!$B$2),\nVLOOKUP(A143,Quantities[],Quantities!$C$2))\n)))","v":"-"},{"$f":"IF(OR(AND(LEFT(D143,2)=\"Sc\",B143=\"A\",C143=\"d\"),AND(C143=\"f\",B143=\"D\")),\nSUM(VLOOKUP($A143,Quantities[],Quantities!$O$2),VLOOKUP($A143,Quantities[],Quantities!$Q$2),VLOOKUP($A143,Quantities[],Quantities!$S$2)),\n\nIF(AND(LEFT(D143,2)=\"Sc\",OR(C143=\"a\",C143=\"f\")),\nVLOOKUP(A143,Quantities[],Quantities!$I$2),\n\nIF(AND(B143=\"D\",C143=\"b\"),\n VLOOKUP(INDEX(Quantities!$A$100:$A$118,MATCH($A143,Quantities!$C$100:$C$118)),Quantities!$A$100:$AJ$118,Quantities!$O$2)+\nVLOOKUP(INDEX(Quantities!$A$100:$A$118,MATCH($A143,Quantities!$C$100:$C$118)),Quantities!$A$100:$AJ$118,Quantities!$Q$2)+\nVLOOKUP(INDEX(Quantities!$A$100:$A$118,MATCH($A143,Quantities!$C$100:$C$118)),Quantities!$A$100:$AJ$118,Quantities!$S$2),\n\nIF(OR(B143=\"D\",B143=\"Q\"),\nSUM(VLOOKUP($A143,Quantities[],Quantities!$O$2),VLOOKUP($A143,Quantities[],Quantities!$Q$2),VLOOKUP($A143,Quantities[],Quantities!$S$2)),\n\n VLOOKUP(A143,Quantities[],Quantities!$G$2)\n))))","v":0},{"$f":"IF(LEFT(D143,2)=\"Mg\", VLOOKUP(A143,Quantities[],Quantities!$H$2),\n\nIF(OR(AND(LEFT(D143,2)=\"Sc\",B143=\"A\",C143=\"d\",C143=\"f\")),\n(SUM(VLOOKUP($A143,Quantities[],Quantities!$P$2)*VLOOKUP($A143,Quantities[],Quantities!$O$2),VLOOKUP($A143,Quantities[],Quantities!$R$2)*VLOOKUP($A143,Quantities[],Quantities!$Q$2),VLOOKUP($A143,Quantities[],Quantities!$T$2)*VLOOKUP($A143,Quantities[],Quantities!$S$2)))/SUM(VLOOKUP($A143,Quantities[],Quantities!$O$2),VLOOKUP($A143,Quantities[],Quantities!$Q$2),VLOOKUP($A143,Quantities[],Quantities!$S$2)),\n\nIF(AND(LEFT(D143,2)=\"Sc\",OR(C143=\"a\",C143=\"f\")),\nVLOOKUP(A143,Quantities[],Quantities!$J$2),\n\nIF(AND(B143=\"D\",C143=\"b\", (VLOOKUP(INDEX(Quantities!$A$100:$A$118,MATCH($A143,Quantities!$C$100:$C$118)),Quantities[],Quantities!$O$2)+VLOOKUP(INDEX(Quantities!$A$100:$A$118,MATCH($A143,Quantities!$C$100:$C$118)),Quantities[],Quantities!$Q$2)+VLOOKUP(INDEX(Quantities!$A$100:$A$118,MATCH($A143,Quantities!$C$100:$C$118)),Quantities[],Quantities!$S$2))>0),\n(VLOOKUP(INDEX(Quantities!$A$100:$A$118,MATCH($A143,Quantities!$C$100:$C$118)),Quantities[],Quantities!$P$2)*VLOOKUP(INDEX(Quantities!$A$100:$A$118,MATCH($A143,Quantities!$C$100:$C$118)),Quantities[],Quantities!$O$2)\n+VLOOKUP(INDEX(Quantities!$A$100:$A$118,MATCH($A143,Quantities!$C$100:$C$118)),Quantities[],Quantities!$R$2)*VLOOKUP(INDEX(Quantities!$A$100:$A$118,MATCH($A143,Quantities!$C$100:$C$118)),Quantities[],Quantities!$Q$2)\n+VLOOKUP(INDEX(Quantities!$A$100:$A$118,MATCH($A143,Quantities!$C$100:$C$118)),Quantities[],Quantities!$T$2)*VLOOKUP(INDEX(Quantities!$A$100:$A$118,MATCH($A143,Quantities!$C$100:$C$118)),Quantities[],Quantities!$S$2))/\n(VLOOKUP(INDEX(Quantities!$A$100:$A$118,MATCH($A143,Quantities!$C$100:$C$118)),Quantities[],Quantities!$O$2)+VLOOKUP(INDEX(Quantities!$A$100:$A$118,MATCH($A143,Quantities!$C$100:$C$118)),Quantities[],Quantities!$Q$2)+VLOOKUP(A143,Quantities[],Quantities!$S$2)),\n\nIF(AND(B143=\"D\", (VLOOKUP(A143,Quantities[],Quantities!$O$2)+VLOOKUP(A143,Quantities[],Quantities!$Q$2)+VLOOKUP(A143,Quantities[],Quantities!$S$2))>0),\n(VLOOKUP(A143,Quantities[],Quantities!$P$2)*VLOOKUP(A143,Quantities[],Quantities!$O$2)\n+VLOOKUP(A143,Quantities[],Quantities!$R$2)*VLOOKUP(A143,Quantities[],Quantities!$Q$2)\n+VLOOKUP(A143,Quantities[],Quantities!$T$2)*VLOOKUP(A143,Quantities[],Quantities!$S$2))/\n(VLOOKUP(A143,Quantities[],Quantities!$O$2)+VLOOKUP(A143,Quantities[],Quantities!$Q$2)+VLOOKUP(A143,Quantities[],Quantities!$S$2)),\n\nIF($B143=\"Q\", (SUM(VLOOKUP($A143,Quantities[],Quantities!$P$2)*VLOOKUP($A143,Quantities[],Quantities!$O$2),VLOOKUP($A143,Quantities[],Quantities!$R$2)*VLOOKUP($A143,Quantities[],Quantities!$Q$2),VLOOKUP($A143,Quantities[],Quantities!$T$2)*VLOOKUP($A143,Quantities[],Quantities!$S$2)))/SUM(VLOOKUP($A143,Quantities[],Quantities!$O$2),VLOOKUP($A143,Quantities[],Quantities!$Q$2),VLOOKUP($A143,Quantities[],Quantities!$S$2)),\n\n VLOOKUP(A143,Quantities[],Quantities!$H$2)\n))))))","v":"-"},{"$f":"IF(LEFT(D143,1)=\"U\",\"-\",VLOOKUP(D143,Equipment[],Equipment!$B$2))","v":"Cat 16M "}]
[{"$f":"Quantities!$A$20","v":1500},"A","d","Mg1","1500-A-d-Mg1",{"$f":"IF(D144=\"Comb1\",CONCATENATE(VLOOKUP(B144,'Activity-Material_Codes'!$A$2:$B$26,Quantities!$B$2),\"-\",VLOOKUP(A144,Quantities[],Quantities!$D$2)),\nCONCATENATE(\nVLOOKUP(B144,'Activity-Material_Codes'!$A$2:$B$26,Quantities!$B$2),\nIF(AND(B144=\"B\",C144=\"a\"), \" Scraper Grading\", \"\"),\nIF(C144=\"b\",\"\",\"-\"),\nIF(C144=\"b\",\"\",VLOOKUP(A144,Quantities[],Quantities!$D$2)),\nIF(LEFT(TEXT(A144,\"0\"),1)=\"5\",\"\",\"-\"),\nIF(LEFT(TEXT(A144,\"0\"),1)=\"5\",\"\",VLOOKUP(C144,'Activity-Material_Codes'!$A$30:$B$36,Quantities!$B$2))\n))","v":"Grade-Entire Stockpile-Placed Cover"},{"$f":"CONCATENATE(\nIF(OR(RIGHT(TEXT($A144,\"0\"),Quantities!$B$2)=\"00\",LEFT(TEXT($A144,\"0\"),1)=\"5\",OR($C144=\"b\",$C144=\"f\")),\"\",VLOOKUP($A144,Quantities[],Quantities!$B$2)),\nIF(LEFT(TEXT($A144,\"0\"),1)=\"5\",\"\",\" \"),\nIF(OR(C144=\"a\",C144=\"c\",C144=\"d\",C144=\"e\"),IF(OR(RIGHT(TEXT($A144,\"0\"),Quantities!$B$2)=\"00\",LEFT(TEXT($A144,\"0\"),1)=\"5\"),VLOOKUP($A144,Quantities[],Quantities!$B$2),\"\"),\nIF(LEFT(TEXT($A144,\"0\"),1)=\"5\",VLOOKUP($A144,Quantities[],Quantities!$B$2),\nVLOOKUP(INDEX(Quantities!$A$100:$A$118,MATCH($A144,Quantities!$C$100:$C$118)),Quantities!$A$100:$B$118,Quantities!$B$2))))","v":" 5A Waste"},{"$f":"IF(LEFT(TEXT(A144,\"0\"),1)=\"5\",\nVLOOKUP(VLOOKUP(A144,Quantities!$A$4:$D$118,Quantities!$C$2),Quantities!$A$4:$D$118,Quantities!$C$2),\nIF(OR(C144=\"a\",C144=\"c\",C144=\"d\",C144=\"e\"),\n\"-\",\nIF(RIGHT(TEXT(A144,\"0\"),2)=\"00\",VLOOKUP(A144,Quantities[],Quantities!$B$2),\nIF(C144=\"f\",VLOOKUP(A144,Quantities[],Quantities!$B$2),\nVLOOKUP(A144,Quantities[],Quantities!$C$2))\n)))","v":"-"},{"$f":"IF(OR(AND(LEFT(D144,2)=\"Sc\",B144=\"A\",C144=\"d\"),AND(C144=\"f\",B144=\"D\")),\nSUM(VLOOKUP($A144,Quantities[],Quantities!$O$2),VLOOKUP($A144,Quantities[],Quantities!$Q$2),VLOOKUP($A144,Quantities[],Quantities!$S$2)),\n\nIF(AND(LEFT(D144,2)=\"Sc\",OR(C144=\"a\",C144=\"f\")),\nVLOOKUP(A144,Quantities[],Quantities!$I$2),\n\nIF(AND(B144=\"D\",C144=\"b\"),\n VLOOKUP(INDEX(Quantities!$A$100:$A$118,MATCH($A144,Quantities!$C$100:$C$118)),Quantities!$A$100:$AJ$118,Quantities!$O$2)+\nVLOOKUP(INDEX(Quantities!$A$100:$A$118,MATCH($A144,Quantities!$C$100:$C$118)),Quantities!$A$100:$AJ$118,Quantities!$Q$2)+\nVLOOKUP(INDEX(Quantities!$A$100:$A$118,MATCH($A144,Quantities!$C$100:$C$118)),Quantities!$A$100:$AJ$118,Quantities!$S$2),\n\nIF(OR(B144=\"D\",B144=\"Q\"),\nSUM(VLOOKUP($A144,Quantities[],Quantities!$O$2),VLOOKUP($A144,Quantities[],Quantities!$Q$2),VLOOKUP($A144,Quantities[],Quantities!$S$2)),\n\n VLOOKUP(A144,Quantities[],Quantities!$G$2)\n))))","v":0},{"$f":"IF(LEFT(D144,2)=\"Mg\", VLOOKUP(A144,Quantities[],Quantities!$H$2),\n\nIF(OR(AND(LEFT(D144,2)=\"Sc\",B144=\"A\",C144=\"d\",C144=\"f\")),\n(SUM(VLOOKUP($A144,Quantities[],Quantities!$P$2)*VLOOKUP($A144,Quantities[],Quantities!$O$2),VLOOKUP($A144,Quantities[],Quantities!$R$2)*VLOOKUP($A144,Quantities[],Quantities!$Q$2),VLOOKUP($A144,Quantities[],Quantities!$T$2)*VLOOKUP($A144,Quantities[],Quantities!$S$2)))/SUM(VLOOKUP($A144,Quantities[],Quantities!$O$2),VLOOKUP($A144,Quantities[],Quantities!$Q$2),VLOOKUP($A144,Quantities[],Quantities!$S$2)),\n\nIF(AND(LEFT(D144,2)=\"Sc\",OR(C144=\"a\",C144=\"f\")),\nVLOOKUP(A144,Quantities[],Quantities!$J$2),\n\nIF(AND(B144=\"D\",C144=\"b\", (VLOOKUP(INDEX(Quantities!$A$100:$A$118,MATCH($A144,Quantities!$C$100:$C$118)),Quantities[],Quantities!$O$2)+VLOOKUP(INDEX(Quantities!$A$100:$A$118,MATCH($A144,Quantities!$C$100:$C$118)),Quantities[],Quantities!$Q$2)+VLOOKUP(INDEX(Quantities!$A$100:$A$118,MATCH($A144,Quantities!$C$100:$C$118)),Quantities[],Quantities!$S$2))>0),\n(VLOOKUP(INDEX(Quantities!$A$100:$A$118,MATCH($A144,Quantities!$C$100:$C$118)),Quantities[],Quantities!$P$2)*VLOOKUP(INDEX(Quantities!$A$100:$A$118,MATCH($A144,Quantities!$C$100:$C$118)),Quantities[],Quantities!$O$2)\n+VLOOKUP(INDEX(Quantities!$A$100:$A$118,MATCH($A144,Quantities!$C$100:$C$118)),Quantities[],Quantities!$R$2)*VLOOKUP(INDEX(Quantities!$A$100:$A$118,MATCH($A144,Quantities!$C$100:$C$118)),Quantities[],Quantities!$Q$2)\n+VLOOKUP(INDEX(Quantities!$A$100:$A$118,MATCH($A144,Quantities!$C$100:$C$118)),Quantities[],Quantities!$T$2)*VLOOKUP(INDEX(Quantities!$A$100:$A$118,MATCH($A144,Quantities!$C$100:$C$118)),Quantities[],Quantities!$S$2))/\n(VLOOKUP(INDEX(Quantities!$A$100:$A$118,MATCH($A144,Quantities!$C$100:$C$118)),Quantities[],Quantities!$O$2)+VLOOKUP(INDEX(Quantities!$A$100:$A$118,MATCH($A144,Quantities!$C$100:$C$118)),Quantities[],Quantities!$Q$2)+VLOOKUP(A144,Quantities[],Quantities!$S$2)),\n\nIF(AND(B144=\"D\", (VLOOKUP(A144,Quantities[],Quantities!$O$2)+VLOOKUP(A144,Quantities[],Quantities!$Q$2)+VLOOKUP(A144,Quantities[],Quantities!$S$2))>0),\n(VLOOKUP(A144,Quantities[],Quantities!$P$2)*VLOOKUP(A144,Quantities[],Quantities!$O$2)\n+VLOOKUP(A144,Quantities[],Quantities!$R$2)*VLOOKUP(A144,Quantities[],Quantities!$Q$2)\n+VLOOKUP(A144,Quantities[],Quantities!$T$2)*VLOOKUP(A144,Quantities[],Quantities!$S$2))/\n(VLOOKUP(A144,Quantities[],Quantities!$O$2)+VLOOKUP(A144,Quantities[],Quantities!$Q$2)+VLOOKUP(A144,Quantities[],Quantities!$S$2)),\n\nIF($B144=\"Q\", (SUM(VLOOKUP($A144,Quantities[],Quantities!$P$2)*VLOOKUP($A144,Quantities[],Quantities!$O$2),VLOOKUP($A144,Quantities[],Quantities!$R$2)*VLOOKUP($A144,Quantities[],Quantities!$Q$2),VLOOKUP($A144,Quantities[],Quantities!$T$2)*VLOOKUP($A144,Quantities[],Quantities!$S$2)))/SUM(VLOOKUP($A144,Quantities[],Quantities!$O$2),VLOOKUP($A144,Quantities[],Quantities!$Q$2),VLOOKUP($A144,Quantities[],Quantities!$S$2)),\n\n VLOOKUP(A144,Quantities[],Quantities!$H$2)\n))))))","v":"-"},{"$f":"IF(LEFT(D144,1)=\"U\",\"-\",VLOOKUP(D144,Equipment[],Equipment!$B$2))","v":"Cat 16M "}]
[{"$f":"Quantities!$A$39","v":2200},"A","d","Mg1","2200-A-d-Mg1",{"$f":"IF(D145=\"Comb1\",CONCATENATE(VLOOKUP(B145,'Activity-Material_Codes'!$A$2:$B$26,Quantities!$B$2),\"-\",VLOOKUP(A145,Quantities[],Quantities!$D$2)),\nCONCATENATE(\nVLOOKUP(B145,'Activity-Material_Codes'!$A$2:$B$26,Quantities!$B$2),\nIF(AND(B145=\"B\",C145=\"a\"), \" Scraper Grading\", \"\"),\nIF(C145=\"b\",\"\",\"-\"),\nIF(C145=\"b\",\"\",VLOOKUP(A145,Quantities[],Quantities!$D$2)),\nIF(LEFT(TEXT(A145,\"0\"),1)=\"5\",\"\",\"-\"),\nIF(LEFT(TEXT(A145,\"0\"),1)=\"5\",\"\",VLOOKUP(C145,'Activity-Material_Codes'!$A$30:$B$36,Quantities!$B$2))\n))","v":"Grade-Entire Pit-Placed Cover"},{"$f":"CONCATENATE(\nIF(OR(RIGHT(TEXT($A145,\"0\"),Quantities!$B$2)=\"00\",LEFT(TEXT($A145,\"0\"),1)=\"5\",OR($C145=\"b\",$C145=\"f\")),\"\",VLOOKUP($A145,Quantities[],Quantities!$B$2)),\nIF(LEFT(TEXT($A145,\"0\"),1)=\"5\",\"\",\" \"),\nIF(OR(C145=\"a\",C145=\"c\",C145=\"d\",C145=\"e\"),IF(OR(RIGHT(TEXT($A145,\"0\"),Quantities!$B$2)=\"00\",LEFT(TEXT($A145,\"0\"),1)=\"5\"),VLOOKUP($A145,Quantities[],Quantities!$B$2),\"\"),\nIF(LEFT(TEXT($A145,\"0\"),1)=\"5\",VLOOKUP($A145,Quantities[],Quantities!$B$2),\nVLOOKUP(INDEX(Quantities!$A$100:$A$118,MATCH($A145,Quantities!$C$100:$C$118)),Quantities!$A$100:$B$118,Quantities!$B$2))))","v":" San Salvador Pit, San Salvador Waste Backfill"},{"$f":"IF(LEFT(TEXT(A145,\"0\"),1)=\"5\",\nVLOOKUP(VLOOKUP(A145,Quantities!$A$4:$D$118,Quantities!$C$2),Quantities!$A$4:$D$118,Quantities!$C$2),\nIF(OR(C145=\"a\",C145=\"c\",C145=\"d\",C145=\"e\"),\n\"-\",\nIF(RIGHT(TEXT(A145,\"0\"),2)=\"00\",VLOOKUP(A145,Quantities[],Quantities!$B$2),\nIF(C145=\"f\",VLOOKUP(A145,Quantities[],Quantities!$B$2),\nVLOOKUP(A145,Quantities[],Quantities!$C$2))\n)))","v":"-"},{"$f":"IF(OR(AND(LEFT(D145,2)=\"Sc\",B145=\"A\",C145=\"d\"),AND(C145=\"f\",B145=\"D\")),\nSUM(VLOOKUP($A145,Quantities[],Quantities!$O$2),VLOOKUP($A145,Quantities[],Quantities!$Q$2),VLOOKUP($A145,Quantities[],Quantities!$S$2)),\n\nIF(AND(LEFT(D145,2)=\"Sc\",OR(C145=\"a\",C145=\"f\")),\nVLOOKUP(A145,Quantities[],Quantities!$I$2),\n\nIF(AND(B145=\"D\",C145=\"b\"),\n VLOOKUP(INDEX(Quantities!$A$100:$A$118,MATCH($A145,Quantities!$C$100:$C$118)),Quantities!$A$100:$AJ$118,Quantities!$O$2)+\nVLOOKUP(INDEX(Quantities!$A$100:$A$118,MATCH($A145,Quantities!$C$100:$C$118)),Quantities!$A$100:$AJ$118,Quantities!$Q$2)+\nVLOOKUP(INDEX(Quantities!$A$100:$A$118,MATCH($A145,Quantities!$C$100:$C$118)),Quantities!$A$100:$AJ$118,Quantities!$S$2),\n\nIF(OR(B145=\"D\",B145=\"Q\"),\nSUM(VLOOKUP($A145,Quantities[],Quantities!$O$2),VLOOKUP($A145,Quantities[],Quantities!$Q$2),VLOOKUP($A145,Quantities[],Quantities!$S$2)),\n\n VLOOKUP(A145,Quantities[],Quantities!$G$2)\n))))","v":185},{"$f":"IF(LEFT(D145,2)=\"Mg\", VLOOKUP(A145,Quantities[],Quantities!$H$2),\n\nIF(OR(AND(LEFT(D145,2)=\"Sc\",B145=\"A\",C145=\"d\",C145=\"f\")),\n(SUM(VLOOKUP($A145,Quantities[],Quantities!$P$2)*VLOOKUP($A145,Quantities[],Quantities!$O$2),VLOOKUP($A145,Quantities[],Quantities!$R$2)*VLOOKUP($A145,Quantities[],Quantities!$Q$2),VLOOKUP($A145,Quantities[],Quantities!$T$2)*VLOOKUP($A145,Quantities[],Quantities!$S$2)))/SUM(VLOOKUP($A145,Quantities[],Quantities!$O$2),VLOOKUP($A145,Quantities[],Quantities!$Q$2),VLOOKUP($A145,Quantities[],Quantities!$S$2)),\n\nIF(AND(LEFT(D145,2)=\"Sc\",OR(C145=\"a\",C145=\"f\")),\nVLOOKUP(A145,Quantities[],Quantities!$J$2),\n\nIF(AND(B145=\"D\",C145=\"b\", (VLOOKUP(INDEX(Quantities!$A$100:$A$118,MATCH($A145,Quantities!$C$100:$C$118)),Quantities[],Quantities!$O$2)+VLOOKUP(INDEX(Quantities!$A$100:$A$118,MATCH($A145,Quantities!$C$100:$C$118)),Quantities[],Quantities!$Q$2)+VLOOKUP(INDEX(Quantities!$A$100:$A$118,MATCH($A145,Quantities!$C$100:$C$118)),Quantities[],Quantities!$S$2))>0),\n(VLOOKUP(INDEX(Quantities!$A$100:$A$118,MATCH($A145,Quantities!$C$100:$C$118)),Quantities[],Quantities!$P$2)*VLOOKUP(INDEX(Quantities!$A$100:$A$118,MATCH($A145,Quantities!$C$100:$C$118)),Quantities[],Quantities!$O$2)\n+VLOOKUP(INDEX(Quantities!$A$100:$A$118,MATCH($A145,Quantities!$C$100:$C$118)),Quantities[],Quantities!$R$2)*VLOOKUP(INDEX(Quantities!$A$100:$A$118,MATCH($A145,Quantities!$C$100:$C$118)),Quantities[],Quantities!$Q$2)\n+VLOOKUP(INDEX(Quantities!$A$100:$A$118,MATCH($A145,Quantities!$C$100:$C$118)),Quantities[],Quantities!$T$2)*VLOOKUP(INDEX(Quantities!$A$100:$A$118,MATCH($A145,Quantities!$C$100:$C$118)),Quantities[],Quantities!$S$2))/\n(VLOOKUP(INDEX(Quantities!$A$100:$A$118,MATCH($A145,Quantities!$C$100:$C$118)),Quantities[],Quantities!$O$2)+VLOOKUP(INDEX(Quantities!$A$100:$A$118,MATCH($A145,Quantities!$C$100:$C$118)),Quantities[],Quantities!$Q$2)+VLOOKUP(A145,Quantities[],Quantities!$S$2)),\n\nIF(AND(B145=\"D\", (VLOOKUP(A145,Quantities[],Quantities!$O$2)+VLOOKUP(A145,Quantities[],Quantities!$Q$2)+VLOOKUP(A145,Quantities[],Quantities!$S$2))>0),\n(VLOOKUP(A145,Quantities[],Quantities!$P$2)*VLOOKUP(A145,Quantities[],Quantities!$O$2)\n+VLOOKUP(A145,Quantities[],Quantities!$R$2)*VLOOKUP(A145,Quantities[],Quantities!$Q$2)\n+VLOOKUP(A145,Quantities[],Quantities!$T$2)*VLOOKUP(A145,Quantities[],Quantities!$S$2))/\n(VLOOKUP(A145,Quantities[],Quantities!$O$2)+VLOOKUP(A145,Quantities[],Quantities!$Q$2)+VLOOKUP(A145,Quantities[],Quantities!$S$2)),\n\nIF($B145=\"Q\", (SUM(VLOOKUP($A145,Quantities[],Quantities!$P$2)*VLOOKUP($A145,Quantities[],Quantities!$O$2),VLOOKUP($A145,Quantities[],Quantities!$R$2)*VLOOKUP($A145,Quantities[],Quantities!$Q$2),VLOOKUP($A145,Quantities[],Quantities!$T$2)*VLOOKUP($A145,Quantities[],Quantities!$S$2)))/SUM(VLOOKUP($A145,Quantities[],Quantities!$O$2),VLOOKUP($A145,Quantities[],Quantities!$Q$2),VLOOKUP($A145,Quantities[],Quantities!$S$2)),\n\n VLOOKUP(A145,Quantities[],Quantities!$H$2)\n))))))","v":-0.05},{"$f":"IF(LEFT(D145,1)=\"U\",\"-\",VLOOKUP(D145,Equipment[],Equipment!$B$2))","v":"Cat 16M "}]
[{"$f":"Quantities!$A$41","v":2300},"A","d","Mg1","2300-A-d-Mg1",{"$f":"IF(D146=\"Comb1\",CONCATENATE(VLOOKUP(B146,'Activity-Material_Codes'!$A$2:$B$26,Quantities!$B$2),\"-\",VLOOKUP(A146,Quantities[],Quantities!$D$2)),\nCONCATENATE(\nVLOOKUP(B146,'Activity-Material_Codes'!$A$2:$B$26,Quantities!$B$2),\nIF(AND(B146=\"B\",C146=\"a\"), \" Scraper Grading\", \"\"),\nIF(C146=\"b\",\"\",\"-\"),\nIF(C146=\"b\",\"\",VLOOKUP(A146,Quantities[],Quantities!$D$2)),\nIF(LEFT(TEXT(A146,\"0\"),1)=\"5\",\"\",\"-\"),\nIF(LEFT(TEXT(A146,\"0\"),1)=\"5\",\"\",VLOOKUP(C146,'Activity-Material_Codes'!$A$30:$B$36,Quantities!$B$2))\n))","v":"Grade-Entire Stockpile-Placed Cover"},{"$f":"CONCATENATE(\nIF(OR(RIGHT(TEXT($A146,\"0\"),Quantities!$B$2)=\"00\",LEFT(TEXT($A146,\"0\"),1)=\"5\",OR($C146=\"b\",$C146=\"f\")),\"\",VLOOKUP($A146,Quantities[],Quantities!$B$2)),\nIF(LEFT(TEXT($A146,\"0\"),1)=\"5\",\"\",\" \"),\nIF(OR(C146=\"a\",C146=\"c\",C146=\"d\",C146=\"e\"),IF(OR(RIGHT(TEXT($A146,\"0\"),Quantities!$B$2)=\"00\",LEFT(TEXT($A146,\"0\"),1)=\"5\"),VLOOKUP($A146,Quantities[],Quantities!$B$2),\"\"),\nIF(LEFT(TEXT($A146,\"0\"),1)=\"5\",VLOOKUP($A146,Quantities[],Quantities!$B$2),\nVLOOKUP(INDEX(Quantities!$A$100:$A$118,MATCH($A146,Quantities!$C$100:$C$118)),Quantities!$A$100:$B$118,Quantities!$B$2))))","v":" 6A Leach"},{"$f":"IF(LEFT(TEXT(A146,\"0\"),1)=\"5\",\nVLOOKUP(VLOOKUP(A146,Quantities!$A$4:$D$118,Quantities!$C$2),Quantities!$A$4:$D$118,Quantities!$C$2),\nIF(OR(C146=\"a\",C146=\"c\",C146=\"d\",C146=\"e\"),\n\"-\",\nIF(RIGHT(TEXT(A146,\"0\"),2)=\"00\",VLOOKUP(A146,Quantities[],Quantities!$B$2),\nIF(C146=\"f\",VLOOKUP(A146,Quantities[],Quantities!$B$2),\nVLOOKUP(A146,Quantities[],Quantities!$C$2))\n)))","v":"-"},{"$f":"IF(OR(AND(LEFT(D146,2)=\"Sc\",B146=\"A\",C146=\"d\"),AND(C146=\"f\",B146=\"D\")),\nSUM(VLOOKUP($A146,Quantities[],Quantities!$O$2),VLOOKUP($A146,Quantities[],Quantities!$Q$2),VLOOKUP($A146,Quantities[],Quantities!$S$2)),\n\nIF(AND(LEFT(D146,2)=\"Sc\",OR(C146=\"a\",C146=\"f\")),\nVLOOKUP(A146,Quantities[],Quantities!$I$2),\n\nIF(AND(B146=\"D\",C146=\"b\"),\n VLOOKUP(INDEX(Quantities!$A$100:$A$118,MATCH($A146,Quantities!$C$100:$C$118)),Quantities!$A$100:$AJ$118,Quantities!$O$2)+\nVLOOKUP(INDEX(Quantities!$A$100:$A$118,MATCH($A146,Quantities!$C$100:$C$118)),Quantities!$A$100:$AJ$118,Quantities!$Q$2)+\nVLOOKUP(INDEX(Quantities!$A$100:$A$118,MATCH($A146,Quantities!$C$100:$C$118)),Quantities!$A$100:$AJ$118,Quantities!$S$2),\n\nIF(OR(B146=\"D\",B146=\"Q\"),\nSUM(VLOOKUP($A146,Quantities[],Quantities!$O$2),VLOOKUP($A146,Quantities[],Quantities!$Q$2),VLOOKUP($A146,Quantities[],Quantities!$S$2)),\n\n VLOOKUP(A146,Quantities[],Quantities!$G$2)\n))))","v":0},{"$f":"IF(LEFT(D146,2)=\"Mg\", VLOOKUP(A146,Quantities[],Quantities!$H$2),\n\nIF(OR(AND(LEFT(D146,2)=\"Sc\",B146=\"A\",C146=\"d\",C146=\"f\")),\n(SUM(VLOOKUP($A146,Quantities[],Quantities!$P$2)*VLOOKUP($A146,Quantities[],Quantities!$O$2),VLOOKUP($A146,Quantities[],Quantities!$R$2)*VLOOKUP($A146,Quantities[],Quantities!$Q$2),VLOOKUP($A146,Quantities[],Quantities!$T$2)*VLOOKUP($A146,Quantities[],Quantities!$S$2)))/SUM(VLOOKUP($A146,Quantities[],Quantities!$O$2),VLOOKUP($A146,Quantities[],Quantities!$Q$2),VLOOKUP($A146,Quantities[],Quantities!$S$2)),\n\nIF(AND(LEFT(D146,2)=\"Sc\",OR(C146=\"a\",C146=\"f\")),\nVLOOKUP(A146,Quantities[],Quantities!$J$2),\n\nIF(AND(B146=\"D\",C146=\"b\", (VLOOKUP(INDEX(Quantities!$A$100:$A$118,MATCH($A146,Quantities!$C$100:$C$118)),Quantities[],Quantities!$O$2)+VLOOKUP(INDEX(Quantities!$A$100:$A$118,MATCH($A146,Quantities!$C$100:$C$118)),Quantities[],Quantities!$Q$2)+VLOOKUP(INDEX(Quantities!$A$100:$A$118,MATCH($A146,Quantities!$C$100:$C$118)),Quantities[],Quantities!$S$2))>0),\n(VLOOKUP(INDEX(Quantities!$A$100:$A$118,MATCH($A146,Quantities!$C$100:$C$118)),Quantities[],Quantities!$P$2)*VLOOKUP(INDEX(Quantities!$A$100:$A$118,MATCH($A146,Quantities!$C$100:$C$118)),Quantities[],Quantities!$O$2)\n+VLOOKUP(INDEX(Quantities!$A$100:$A$118,MATCH($A146,Quantities!$C$100:$C$118)),Quantities[],Quantities!$R$2)*VLOOKUP(INDEX(Quantities!$A$100:$A$118,MATCH($A146,Quantities!$C$100:$C$118)),Quantities[],Quantities!$Q$2)\n+VLOOKUP(INDEX(Quantities!$A$100:$A$118,MATCH($A146,Quantities!$C$100:$C$118)),Quantities[],Quantities!$T$2)*VLOOKUP(INDEX(Quantities!$A$100:$A$118,MATCH($A146,Quantities!$C$100:$C$118)),Quantities[],Quantities!$S$2))/\n(VLOOKUP(INDEX(Quantities!$A$100:$A$118,MATCH($A146,Quantities!$C$100:$C$118)),Quantities[],Quantities!$O$2)+VLOOKUP(INDEX(Quantities!$A$100:$A$118,MATCH($A146,Quantities!$C$100:$C$118)),Quantities[],Quantities!$Q$2)+VLOOKUP(A146,Quantities[],Quantities!$S$2)),\n\nIF(AND(B146=\"D\", (VLOOKUP(A146,Quantities[],Quantities!$O$2)+VLOOKUP(A146,Quantities[],Quantities!$Q$2)+VLOOKUP(A146,Quantities[],Quantities!$S$2))>0),\n(VLOOKUP(A146,Quantities[],Quantities!$P$2)*VLOOKUP(A146,Quantities[],Quantities!$O$2)\n+VLOOKUP(A146,Quantities[],Quantities!$R$2)*VLOOKUP(A146,Quantities[],Quantities!$Q$2)\n+VLOOKUP(A146,Quantities[],Quantities!$T$2)*VLOOKUP(A146,Quantities[],Quantities!$S$2))/\n(VLOOKUP(A146,Quantities[],Quantities!$O$2)+VLOOKUP(A146,Quantities[],Quantities!$Q$2)+VLOOKUP(A146,Quantities[],Quantities!$S$2)),\n\nIF($B146=\"Q\", (SUM(VLOOKUP($A146,Quantities[],Quantities!$P$2)*VLOOKUP($A146,Quantities[],Quantities!$O$2),VLOOKUP($A146,Quantities[],Quantities!$R$2)*VLOOKUP($A146,Quantities[],Quantities!$Q$2),VLOOKUP($A146,Quantities[],Quantities!$T$2)*VLOOKUP($A146,Quantities[],Quantities!$S$2)))/SUM(VLOOKUP($A146,Quantities[],Quantities!$O$2),VLOOKUP($A146,Quantities[],Quantities!$Q$2),VLOOKUP($A146,Quantities[],Quantities!$S$2)),\n\n VLOOKUP(A146,Quantities[],Quantities!$H$2)\n))))))","v":"-"},{"$f":"IF(LEFT(D146,1)=\"U\",\"-\",VLOOKUP(D146,Equipment[],Equipment!$B$2))","v":"Cat 16M "}]
[{"$f":"Quantities!$A$17","v":1400},"A","d","Mg1","1400-A-d-Mg1",{"$f":"IF(D147=\"Comb1\",CONCATENATE(VLOOKUP(B147,'Activity-Material_Codes'!$A$2:$B$26,Quantities!$B$2),\"-\",VLOOKUP(A147,Quantities[],Quantities!$D$2)),\nCONCATENATE(\nVLOOKUP(B147,'Activity-Material_Codes'!$A$2:$B$26,Quantities!$B$2),\nIF(AND(B147=\"B\",C147=\"a\"), \" Scraper Grading\", \"\"),\nIF(C147=\"b\",\"\",\"-\"),\nIF(C147=\"b\",\"\",VLOOKUP(A147,Quantities[],Quantities!$D$2)),\nIF(LEFT(TEXT(A147,\"0\"),1)=\"5\",\"\",\"-\"),\nIF(LEFT(TEXT(A147,\"0\"),1)=\"5\",\"\",VLOOKUP(C147,'Activity-Material_Codes'!$A$30:$B$36,Quantities!$B$2))\n))","v":"Grade-Entire Stockpile-Placed Cover"},{"$f":"CONCATENATE(\nIF(OR(RIGHT(TEXT($A147,\"0\"),Quantities!$B$2)=\"00\",LEFT(TEXT($A147,\"0\"),1)=\"5\",OR($C147=\"b\",$C147=\"f\")),\"\",VLOOKUP($A147,Quantities[],Quantities!$B$2)),\nIF(LEFT(TEXT($A147,\"0\"),1)=\"5\",\"\",\" \"),\nIF(OR(C147=\"a\",C147=\"c\",C147=\"d\",C147=\"e\"),IF(OR(RIGHT(TEXT($A147,\"0\"),Quantities!$B$2)=\"00\",LEFT(TEXT($A147,\"0\"),1)=\"5\"),VLOOKUP($A147,Quantities[],Quantities!$B$2),\"\"),\nIF(LEFT(TEXT($A147,\"0\"),1)=\"5\",VLOOKUP($A147,Quantities[],Quantities!$B$2),\nVLOOKUP(INDEX(Quantities!$A$100:$A$118,MATCH($A147,Quantities!$C$100:$C$118)),Quantities!$A$100:$B$118,Quantities!$B$2))))","v":" 2 Leach (Area 1)"},{"$f":"IF(LEFT(TEXT(A147,\"0\"),1)=\"5\",\nVLOOKUP(VLOOKUP(A147,Quantities!$A$4:$D$118,Quantities!$C$2),Quantities!$A$4:$D$118,Quantities!$C$2),\nIF(OR(C147=\"a\",C147=\"c\",C147=\"d\",C147=\"e\"),\n\"-\",\nIF(RIGHT(TEXT(A147,\"0\"),2)=\"00\",VLOOKUP(A147,Quantities[],Quantities!$B$2),\nIF(C147=\"f\",VLOOKUP(A147,Quantities[],Quantities!$B$2),\nVLOOKUP(A147,Quantities[],Quantities!$C$2))\n)))","v":"-"},{"$f":"IF(OR(AND(LEFT(D147,2)=\"Sc\",B147=\"A\",C147=\"d\"),AND(C147=\"f\",B147=\"D\")),\nSUM(VLOOKUP($A147,Quantities[],Quantities!$O$2),VLOOKUP($A147,Quantities[],Quantities!$Q$2),VLOOKUP($A147,Quantities[],Quantities!$S$2)),\n\nIF(AND(LEFT(D147,2)=\"Sc\",OR(C147=\"a\",C147=\"f\")),\nVLOOKUP(A147,Quantities[],Quantities!$I$2),\n\nIF(AND(B147=\"D\",C147=\"b\"),\n VLOOKUP(INDEX(Quantities!$A$100:$A$118,MATCH($A147,Quantities!$C$100:$C$118)),Quantities!$A$100:$AJ$118,Quantities!$O$2)+\nVLOOKUP(INDEX(Quantities!$A$100:$A$118,MATCH($A147,Quantities!$C$100:$C$118)),Quantities!$A$100:$AJ$118,Quantities!$Q$2)+\nVLOOKUP(INDEX(Quantities!$A$100:$A$118,MATCH($A147,Quantities!$C$100:$C$118)),Quantities!$A$100:$AJ$118,Quantities!$S$2),\n\nIF(OR(B147=\"D\",B147=\"Q\"),\nSUM(VLOOKUP($A147,Quantities[],Quantities!$O$2),VLOOKUP($A147,Quantities[],Quantities!$Q$2),VLOOKUP($A147,Quantities[],Quantities!$S$2)),\n\n VLOOKUP(A147,Quantities[],Quantities!$G$2)\n))))","v":0},{"$f":"IF(LEFT(D147,2)=\"Mg\", VLOOKUP(A147,Quantities[],Quantities!$H$2),\n\nIF(OR(AND(LEFT(D147,2)=\"Sc\",B147=\"A\",C147=\"d\",C147=\"f\")),\n(SUM(VLOOKUP($A147,Quantities[],Quantities!$P$2)*VLOOKUP($A147,Quantities[],Quantities!$O$2),VLOOKUP($A147,Quantities[],Quantities!$R$2)*VLOOKUP($A147,Quantities[],Quantities!$Q$2),VLOOKUP($A147,Quantities[],Quantities!$T$2)*VLOOKUP($A147,Quantities[],Quantities!$S$2)))/SUM(VLOOKUP($A147,Quantities[],Quantities!$O$2),VLOOKUP($A147,Quantities[],Quantities!$Q$2),VLOOKUP($A147,Quantities[],Quantities!$S$2)),\n\nIF(AND(LEFT(D147,2)=\"Sc\",OR(C147=\"a\",C147=\"f\")),\nVLOOKUP(A147,Quantities[],Quantities!$J$2),\n\nIF(AND(B147=\"D\",C147=\"b\", (VLOOKUP(INDEX(Quantities!$A$100:$A$118,MATCH($A147,Quantities!$C$100:$C$118)),Quantities[],Quantities!$O$2)+VLOOKUP(INDEX(Quantities!$A$100:$A$118,MATCH($A147,Quantities!$C$100:$C$118)),Quantities[],Quantities!$Q$2)+VLOOKUP(INDEX(Quantities!$A$100:$A$118,MATCH($A147,Quantities!$C$100:$C$118)),Quantities[],Quantities!$S$2))>0),\n(VLOOKUP(INDEX(Quantities!$A$100:$A$118,MATCH($A147,Quantities!$C$100:$C$118)),Quantities[],Quantities!$P$2)*VLOOKUP(INDEX(Quantities!$A$100:$A$118,MATCH($A147,Quantities!$C$100:$C$118)),Quantities[],Quantities!$O$2)\n+VLOOKUP(INDEX(Quantities!$A$100:$A$118,MATCH($A147,Quantities!$C$100:$C$118)),Quantities[],Quantities!$R$2)*VLOOKUP(INDEX(Quantities!$A$100:$A$118,MATCH($A147,Quantities!$C$100:$C$118)),Quantities[],Quantities!$Q$2)\n+VLOOKUP(INDEX(Quantities!$A$100:$A$118,MATCH($A147,Quantities!$C$100:$C$118)),Quantities[],Quantities!$T$2)*VLOOKUP(INDEX(Quantities!$A$100:$A$118,MATCH($A147,Quantities!$C$100:$C$118)),Quantities[],Quantities!$S$2))/\n(VLOOKUP(INDEX(Quantities!$A$100:$A$118,MATCH($A147,Quantities!$C$100:$C$118)),Quantities[],Quantities!$O$2)+VLOOKUP(INDEX(Quantities!$A$100:$A$118,MATCH($A147,Quantities!$C$100:$C$118)),Quantities[],Quantities!$Q$2)+VLOOKUP(A147,Quantities[],Quantities!$S$2)),\n\nIF(AND(B147=\"D\", (VLOOKUP(A147,Quantities[],Quantities!$O$2)+VLOOKUP(A147,Quantities[],Quantities!$Q$2)+VLOOKUP(A147,Quantities[],Quantities!$S$2))>0),\n(VLOOKUP(A147,Quantities[],Quantities!$P$2)*VLOOKUP(A147,Quantities[],Quantities!$O$2)\n+VLOOKUP(A147,Quantities[],Quantities!$R$2)*VLOOKUP(A147,Quantities[],Quantities!$Q$2)\n+VLOOKUP(A147,Quantities[],Quantities!$T$2)*VLOOKUP(A147,Quantities[],Quantities!$S$2))/\n(VLOOKUP(A147,Quantities[],Quantities!$O$2)+VLOOKUP(A147,Quantities[],Quantities!$Q$2)+VLOOKUP(A147,Quantities[],Quantities!$S$2)),\n\nIF($B147=\"Q\", (SUM(VLOOKUP($A147,Quantities[],Quantities!$P$2)*VLOOKUP($A147,Quantities[],Quantities!$O$2),VLOOKUP($A147,Quantities[],Quantities!$R$2)*VLOOKUP($A147,Quantities[],Quantities!$Q$2),VLOOKUP($A147,Quantities[],Quantities!$T$2)*VLOOKUP($A147,Quantities[],Quantities!$S$2)))/SUM(VLOOKUP($A147,Quantities[],Quantities!$O$2),VLOOKUP($A147,Quantities[],Quantities!$Q$2),VLOOKUP($A147,Quantities[],Quantities!$S$2)),\n\n VLOOKUP(A147,Quantities[],Quantities!$H$2)\n))))))","v":"-"},{"$f":"IF(LEFT(D147,1)=\"U\",\"-\",VLOOKUP(D147,Equipment[],Equipment!$B$2))","v":"Cat 16M "}]
[{"$f":"Quantities!$A$29","v":1800},"A","d","Mg1","1800-A-d-Mg1",{"$f":"IF(D148=\"Comb1\",CONCATENATE(VLOOKUP(B148,'Activity-Material_Codes'!$A$2:$B$26,Quantities!$B$2),\"-\",VLOOKUP(A148,Quantities[],Quantities!$D$2)),\nCONCATENATE(\nVLOOKUP(B148,'Activity-Material_Codes'!$A$2:$B$26,Quantities!$B$2),\nIF(AND(B148=\"B\",C148=\"a\"), \" Scraper Grading\", \"\"),\nIF(C148=\"b\",\"\",\"-\"),\nIF(C148=\"b\",\"\",VLOOKUP(A148,Quantities[],Quantities!$D$2)),\nIF(LEFT(TEXT(A148,\"0\"),1)=\"5\",\"\",\"-\"),\nIF(LEFT(TEXT(A148,\"0\"),1)=\"5\",\"\",VLOOKUP(C148,'Activity-Material_Codes'!$A$30:$B$36,Quantities!$B$2))\n))","v":"Grade-Entire Stockpile-Placed Cover"},{"$f":"CONCATENATE(\nIF(OR(RIGHT(TEXT($A148,\"0\"),Quantities!$B$2)=\"00\",LEFT(TEXT($A148,\"0\"),1)=\"5\",OR($C148=\"b\",$C148=\"f\")),\"\",VLOOKUP($A148,Quantities[],Quantities!$B$2)),\nIF(LEFT(TEXT($A148,\"0\"),1)=\"5\",\"\",\" \"),\nIF(OR(C148=\"a\",C148=\"c\",C148=\"d\",C148=\"e\"),IF(OR(RIGHT(TEXT($A148,\"0\"),Quantities!$B$2)=\"00\",LEFT(TEXT($A148,\"0\"),1)=\"5\"),VLOOKUP($A148,Quantities[],Quantities!$B$2),\"\"),\nIF(LEFT(TEXT($A148,\"0\"),1)=\"5\",VLOOKUP($A148,Quantities[],Quantities!$B$2),\nVLOOKUP(INDEX(Quantities!$A$100:$A$118,MATCH($A148,Quantities!$C$100:$C$118)),Quantities!$A$100:$B$118,Quantities!$B$2))))","v":" 2 Leach (Area 2), 7B Leach, 7B Waste, 7C Waste, South Rim Pit"},{"$f":"IF(LEFT(TEXT(A148,\"0\"),1)=\"5\",\nVLOOKUP(VLOOKUP(A148,Quantities!$A$4:$D$118,Quantities!$C$2),Quantities!$A$4:$D$118,Quantities!$C$2),\nIF(OR(C148=\"a\",C148=\"c\",C148=\"d\",C148=\"e\"),\n\"-\",\nIF(RIGHT(TEXT(A148,\"0\"),2)=\"00\",VLOOKUP(A148,Quantities[],Quantities!$B$2),\nIF(C148=\"f\",VLOOKUP(A148,Quantities[],Quantities!$B$2),\nVLOOKUP(A148,Quantities[],Quantities!$C$2))\n)))","v":"-"},{"$f":"IF(OR(AND(LEFT(D148,2)=\"Sc\",B148=\"A\",C148=\"d\"),AND(C148=\"f\",B148=\"D\")),\nSUM(VLOOKUP($A148,Quantities[],Quantities!$O$2),VLOOKUP($A148,Quantities[],Quantities!$Q$2),VLOOKUP($A148,Quantities[],Quantities!$S$2)),\n\nIF(AND(LEFT(D148,2)=\"Sc\",OR(C148=\"a\",C148=\"f\")),\nVLOOKUP(A148,Quantities[],Quantities!$I$2),\n\nIF(AND(B148=\"D\",C148=\"b\"),\n VLOOKUP(INDEX(Quantities!$A$100:$A$118,MATCH($A148,Quantities!$C$100:$C$118)),Quantities!$A$100:$AJ$118,Quantities!$O$2)+\nVLOOKUP(INDEX(Quantities!$A$100:$A$118,MATCH($A148,Quantities!$C$100:$C$118)),Quantities!$A$100:$AJ$118,Quantities!$Q$2)+\nVLOOKUP(INDEX(Quantities!$A$100:$A$118,MATCH($A148,Quantities!$C$100:$C$118)),Quantities!$A$100:$AJ$118,Quantities!$S$2),\n\nIF(OR(B148=\"D\",B148=\"Q\"),\nSUM(VLOOKUP($A148,Quantities[],Quantities!$O$2),VLOOKUP($A148,Quantities[],Quantities!$Q$2),VLOOKUP($A148,Quantities[],Quantities!$S$2)),\n\n VLOOKUP(A148,Quantities[],Quantities!$G$2)\n))))","v":0},{"$f":"IF(LEFT(D148,2)=\"Mg\", VLOOKUP(A148,Quantities[],Quantities!$H$2),\n\nIF(OR(AND(LEFT(D148,2)=\"Sc\",B148=\"A\",C148=\"d\",C148=\"f\")),\n(SUM(VLOOKUP($A148,Quantities[],Quantities!$P$2)*VLOOKUP($A148,Quantities[],Quantities!$O$2),VLOOKUP($A148,Quantities[],Quantities!$R$2)*VLOOKUP($A148,Quantities[],Quantities!$Q$2),VLOOKUP($A148,Quantities[],Quantities!$T$2)*VLOOKUP($A148,Quantities[],Quantities!$S$2)))/SUM(VLOOKUP($A148,Quantities[],Quantities!$O$2),VLOOKUP($A148,Quantities[],Quantities!$Q$2),VLOOKUP($A148,Quantities[],Quantities!$S$2)),\n\nIF(AND(LEFT(D148,2)=\"Sc\",OR(C148=\"a\",C148=\"f\")),\nVLOOKUP(A148,Quantities[],Quantities!$J$2),\n\nIF(AND(B148=\"D\",C148=\"b\", (VLOOKUP(INDEX(Quantities!$A$100:$A$118,MATCH($A148,Quantities!$C$100:$C$118)),Quantities[],Quantities!$O$2)+VLOOKUP(INDEX(Quantities!$A$100:$A$118,MATCH($A148,Quantities!$C$100:$C$118)),Quantities[],Quantities!$Q$2)+VLOOKUP(INDEX(Quantities!$A$100:$A$118,MATCH($A148,Quantities!$C$100:$C$118)),Quantities[],Quantities!$S$2))>0),\n(VLOOKUP(INDEX(Quantities!$A$100:$A$118,MATCH($A148,Quantities!$C$100:$C$118)),Quantities[],Quantities!$P$2)*VLOOKUP(INDEX(Quantities!$A$100:$A$118,MATCH($A148,Quantities!$C$100:$C$118)),Quantities[],Quantities!$O$2)\n+VLOOKUP(INDEX(Quantities!$A$100:$A$118,MATCH($A148,Quantities!$C$100:$C$118)),Quantities[],Quantities!$R$2)*VLOOKUP(INDEX(Quantities!$A$100:$A$118,MATCH($A148,Quantities!$C$100:$C$118)),Quantities[],Quantities!$Q$2)\n+VLOOKUP(INDEX(Quantities!$A$100:$A$118,MATCH($A148,Quantities!$C$100:$C$118)),Quantities[],Quantities!$T$2)*VLOOKUP(INDEX(Quantities!$A$100:$A$118,MATCH($A148,Quantities!$C$100:$C$118)),Quantities[],Quantities!$S$2))/\n(VLOOKUP(INDEX(Quantities!$A$100:$A$118,MATCH($A148,Quantities!$C$100:$C$118)),Quantities[],Quantities!$O$2)+VLOOKUP(INDEX(Quantities!$A$100:$A$118,MATCH($A148,Quantities!$C$100:$C$118)),Quantities[],Quantities!$Q$2)+VLOOKUP(A148,Quantities[],Quantities!$S$2)),\n\nIF(AND(B148=\"D\", (VLOOKUP(A148,Quantities[],Quantities!$O$2)+VLOOKUP(A148,Quantities[],Quantities!$Q$2)+VLOOKUP(A148,Quantities[],Quantities!$S$2))>0),\n(VLOOKUP(A148,Quantities[],Quantities!$P$2)*VLOOKUP(A148,Quantities[],Quantities!$O$2)\n+VLOOKUP(A148,Quantities[],Quantities!$R$2)*VLOOKUP(A148,Quantities[],Quantities!$Q$2)\n+VLOOKUP(A148,Quantities[],Quantities!$T$2)*VLOOKUP(A148,Quantities[],Quantities!$S$2))/\n(VLOOKUP(A148,Quantities[],Quantities!$O$2)+VLOOKUP(A148,Quantities[],Quantities!$Q$2)+VLOOKUP(A148,Quantities[],Quantities!$S$2)),\n\nIF($B148=\"Q\", (SUM(VLOOKUP($A148,Quantities[],Quantities!$P$2)*VLOOKUP($A148,Quantities[],Quantities!$O$2),VLOOKUP($A148,Quantities[],Quantities!$R$2)*VLOOKUP($A148,Quantities[],Quantities!$Q$2),VLOOKUP($A148,Quantities[],Quantities!$T$2)*VLOOKUP($A148,Quantities[],Quantities!$S$2)))/SUM(VLOOKUP($A148,Quantities[],Quantities!$O$2),VLOOKUP($A148,Quantities[],Quantities!$Q$2),VLOOKUP($A148,Quantities[],Quantities!$S$2)),\n\n VLOOKUP(A148,Quantities[],Quantities!$H$2)\n))))))","v":"-"},{"$f":"IF(LEFT(D148,1)=\"U\",\"-\",VLOOKUP(D148,Equipment[],Equipment!$B$2))","v":"Cat 16M "}]
[{"$f":"Quantities!$A$32","v":1900},"A","d","Mg1","1900-A-d-Mg1",{"$f":"IF(D149=\"Comb1\",CONCATENATE(VLOOKUP(B149,'Activity-Material_Codes'!$A$2:$B$26,Quantities!$B$2),\"-\",VLOOKUP(A149,Quantities[],Quantities!$D$2)),\nCONCATENATE(\nVLOOKUP(B149,'Activity-Material_Codes'!$A$2:$B$26,Quantities!$B$2),\nIF(AND(B149=\"B\",C149=\"a\"), \" Scraper Grading\", \"\"),\nIF(C149=\"b\",\"\",\"-\"),\nIF(C149=\"b\",\"\",VLOOKUP(A149,Quantities[],Quantities!$D$2)),\nIF(LEFT(TEXT(A149,\"0\"),1)=\"5\",\"\",\"-\"),\nIF(LEFT(TEXT(A149,\"0\"),1)=\"5\",\"\",VLOOKUP(C149,'Activity-Material_Codes'!$A$30:$B$36,Quantities!$B$2))\n))","v":"Grade-Sludge Disposal Area-Placed Cover"},{"$f":"CONCATENATE(\nIF(OR(RIGHT(TEXT($A149,\"0\"),Quantities!$B$2)=\"00\",LEFT(TEXT($A149,\"0\"),1)=\"5\",OR($C149=\"b\",$C149=\"f\")),\"\",VLOOKUP($A149,Quantities[],Quantities!$B$2)),\nIF(LEFT(TEXT($A149,\"0\"),1)=\"5\",\"\",\" \"),\nIF(OR(C149=\"a\",C149=\"c\",C149=\"d\",C149=\"e\"),IF(OR(RIGHT(TEXT($A149,\"0\"),Quantities!$B$2)=\"00\",LEFT(TEXT($A149,\"0\"),1)=\"5\"),VLOOKUP($A149,Quantities[],Quantities!$B$2),\"\"),\nIF(LEFT(TEXT($A149,\"0\"),1)=\"5\",VLOOKUP($A149,Quantities[],Quantities!$B$2),\nVLOOKUP(INDEX(Quantities!$A$100:$A$118,MATCH($A149,Quantities!$C$100:$C$118)),Quantities!$A$100:$B$118,Quantities!$B$2))))","v":" 8A Waste, 8C Waste"},{"$f":"IF(LEFT(TEXT(A149,\"0\"),1)=\"5\",\nVLOOKUP(VLOOKUP(A149,Quantities!$A$4:$D$118,Quantities!$C$2),Quantities!$A$4:$D$118,Quantities!$C$2),\nIF(OR(C149=\"a\",C149=\"c\",C149=\"d\",C149=\"e\"),\n\"-\",\nIF(RIGHT(TEXT(A149,\"0\"),2)=\"00\",VLOOKUP(A149,Quantities[],Quantities!$B$2),\nIF(C149=\"f\",VLOOKUP(A149,Quantities[],Quantities!$B$2),\nVLOOKUP(A149,Quantities[],Quantities!$C$2))\n)))","v":"-"},{"$f":"IF(OR(AND(LEFT(D149,2)=\"Sc\",B149=\"A\",C149=\"d\"),AND(C149=\"f\",B149=\"D\")),\nSUM(VLOOKUP($A149,Quantities[],Quantities!$O$2),VLOOKUP($A149,Quantities[],Quantities!$Q$2),VLOOKUP($A149,Quantities[],Quantities!$S$2)),\n\nIF(AND(LEFT(D149,2)=\"Sc\",OR(C149=\"a\",C149=\"f\")),\nVLOOKUP(A149,Quantities[],Quantities!$I$2),\n\nIF(AND(B149=\"D\",C149=\"b\"),\n VLOOKUP(INDEX(Quantities!$A$100:$A$118,MATCH($A149,Quantities!$C$100:$C$118)),Quantities!$A$100:$AJ$118,Quantities!$O$2)+\nVLOOKUP(INDEX(Quantities!$A$100:$A$118,MATCH($A149,Quantities!$C$100:$C$118)),Quantities!$A$100:$AJ$118,Quantities!$Q$2)+\nVLOOKUP(INDEX(Quantities!$A$100:$A$118,MATCH($A149,Quantities!$C$100:$C$118)),Quantities!$A$100:$AJ$118,Quantities!$S$2),\n\nIF(OR(B149=\"D\",B149=\"Q\"),\nSUM(VLOOKUP($A149,Quantities[],Quantities!$O$2),VLOOKUP($A149,Quantities[],Quantities!$Q$2),VLOOKUP($A149,Quantities[],Quantities!$S$2)),\n\n VLOOKUP(A149,Quantities[],Quantities!$G$2)\n))))","v":0},{"$f":"IF(LEFT(D149,2)=\"Mg\", VLOOKUP(A149,Quantities[],Quantities!$H$2),\n\nIF(OR(AND(LEFT(D149,2)=\"Sc\",B149=\"A\",C149=\"d\",C149=\"f\")),\n(SUM(VLOOKUP($A149,Quantities[],Quantities!$P$2)*VLOOKUP($A149,Quantities[],Quantities!$O$2),VLOOKUP($A149,Quantities[],Quantities!$R$2)*VLOOKUP($A149,Quantities[],Quantities!$Q$2),VLOOKUP($A149,Quantities[],Quantities!$T$2)*VLOOKUP($A149,Quantities[],Quantities!$S$2)))/SUM(VLOOKUP($A149,Quantities[],Quantities!$O$2),VLOOKUP($A149,Quantities[],Quantities!$Q$2),VLOOKUP($A149,Quantities[],Quantities!$S$2)),\n\nIF(AND(LEFT(D149,2)=\"Sc\",OR(C149=\"a\",C149=\"f\")),\nVLOOKUP(A149,Quantities[],Quantities!$J$2),\n\nIF(AND(B149=\"D\",C149=\"b\", (VLOOKUP(INDEX(Quantities!$A$100:$A$118,MATCH($A149,Quantities!$C$100:$C$118)),Quantities[],Quantities!$O$2)+VLOOKUP(INDEX(Quantities!$A$100:$A$118,MATCH($A149,Quantities!$C$100:$C$118)),Quantities[],Quantities!$Q$2)+VLOOKUP(INDEX(Quantities!$A$100:$A$118,MATCH($A149,Quantities!$C$100:$C$118)),Quantities[],Quantities!$S$2))>0),\n(VLOOKUP(INDEX(Quantities!$A$100:$A$118,MATCH($A149,Quantities!$C$100:$C$118)),Quantities[],Quantities!$P$2)*VLOOKUP(INDEX(Quantities!$A$100:$A$118,MATCH($A149,Quantities!$C$100:$C$118)),Quantities[],Quantities!$O$2)\n+VLOOKUP(INDEX(Quantities!$A$100:$A$118,MATCH($A149,Quantities!$C$100:$C$118)),Quantities[],Quantities!$R$2)*VLOOKUP(INDEX(Quantities!$A$100:$A$118,MATCH($A149,Quantities!$C$100:$C$118)),Quantities[],Quantities!$Q$2)\n+VLOOKUP(INDEX(Quantities!$A$100:$A$118,MATCH($A149,Quantities!$C$100:$C$118)),Quantities[],Quantities!$T$2)*VLOOKUP(INDEX(Quantities!$A$100:$A$118,MATCH($A149,Quantities!$C$100:$C$118)),Quantities[],Quantities!$S$2))/\n(VLOOKUP(INDEX(Quantities!$A$100:$A$118,MATCH($A149,Quantities!$C$100:$C$118)),Quantities[],Quantities!$O$2)+VLOOKUP(INDEX(Quantities!$A$100:$A$118,MATCH($A149,Quantities!$C$100:$C$118)),Quantities[],Quantities!$Q$2)+VLOOKUP(A149,Quantities[],Quantities!$S$2)),\n\nIF(AND(B149=\"D\", (VLOOKUP(A149,Quantities[],Quantities!$O$2)+VLOOKUP(A149,Quantities[],Quantities!$Q$2)+VLOOKUP(A149,Quantities[],Quantities!$S$2))>0),\n(VLOOKUP(A149,Quantities[],Quantities!$P$2)*VLOOKUP(A149,Quantities[],Quantities!$O$2)\n+VLOOKUP(A149,Quantities[],Quantities!$R$2)*VLOOKUP(A149,Quantities[],Quantities!$Q$2)\n+VLOOKUP(A149,Quantities[],Quantities!$T$2)*VLOOKUP(A149,Quantities[],Quantities!$S$2))/\n(VLOOKUP(A149,Quantities[],Quantities!$O$2)+VLOOKUP(A149,Quantities[],Quantities!$Q$2)+VLOOKUP(A149,Quantities[],Quantities!$S$2)),\n\nIF($B149=\"Q\", (SUM(VLOOKUP($A149,Quantities[],Quantities!$P$2)*VLOOKUP($A149,Quantities[],Quantities!$O$2),VLOOKUP($A149,Quantities[],Quantities!$R$2)*VLOOKUP($A149,Quantities[],Quantities!$Q$2),VLOOKUP($A149,Quantities[],Quantities!$T$2)*VLOOKUP($A149,Quantities[],Quantities!$S$2)))/SUM(VLOOKUP($A149,Quantities[],Quantities!$O$2),VLOOKUP($A149,Quantities[],Quantities!$Q$2),VLOOKUP($A149,Quantities[],Quantities!$S$2)),\n\n VLOOKUP(A149,Quantities[],Quantities!$H$2)\n))))))","v":0},{"$f":"IF(LEFT(D149,1)=\"U\",\"-\",VLOOKUP(D149,Equipment[],Equipment!$B$2))","v":"Cat 16M "}]
[{"$f":"Quantities!$A$23","v":1600},"A","d","Mg1","1600-A-d-Mg1",{"$f":"IF(D150=\"Comb1\",CONCATENATE(VLOOKUP(B150,'Activity-Material_Codes'!$A$2:$B$26,Quantities!$B$2),\"-\",VLOOKUP(A150,Quantities[],Quantities!$D$2)),\nCONCATENATE(\nVLOOKUP(B150,'Activity-Material_Codes'!$A$2:$B$26,Quantities!$B$2),\nIF(AND(B150=\"B\",C150=\"a\"), \" Scraper Grading\", \"\"),\nIF(C150=\"b\",\"\",\"-\"),\nIF(C150=\"b\",\"\",VLOOKUP(A150,Quantities[],Quantities!$D$2)),\nIF(LEFT(TEXT(A150,\"0\"),1)=\"5\",\"\",\"-\"),\nIF(LEFT(TEXT(A150,\"0\"),1)=\"5\",\"\",VLOOKUP(C150,'Activity-Material_Codes'!$A$30:$B$36,Quantities!$B$2))\n))","v":"Grade-Entire Stockpile-Placed Cover"},{"$f":"CONCATENATE(\nIF(OR(RIGHT(TEXT($A150,\"0\"),Quantities!$B$2)=\"00\",LEFT(TEXT($A150,\"0\"),1)=\"5\",OR($C150=\"b\",$C150=\"f\")),\"\",VLOOKUP($A150,Quantities[],Quantities!$B$2)),\nIF(LEFT(TEXT($A150,\"0\"),1)=\"5\",\"\",\" \"),\nIF(OR(C150=\"a\",C150=\"c\",C150=\"d\",C150=\"e\"),IF(OR(RIGHT(TEXT($A150,\"0\"),Quantities!$B$2)=\"00\",LEFT(TEXT($A150,\"0\"),1)=\"5\"),VLOOKUP($A150,Quantities[],Quantities!$B$2),\"\"),\nIF(LEFT(TEXT($A150,\"0\"),1)=\"5\",VLOOKUP($A150,Quantities[],Quantities!$B$2),\nVLOOKUP(INDEX(Quantities!$A$100:$A$118,MATCH($A150,Quantities!$C$100:$C$118)),Quantities!$A$100:$B$118,Quantities!$B$2))))","v":" 6B Leach, 6D Leach"},{"$f":"IF(LEFT(TEXT(A150,\"0\"),1)=\"5\",\nVLOOKUP(VLOOKUP(A150,Quantities!$A$4:$D$118,Quantities!$C$2),Quantities!$A$4:$D$118,Quantities!$C$2),\nIF(OR(C150=\"a\",C150=\"c\",C150=\"d\",C150=\"e\"),\n\"-\",\nIF(RIGHT(TEXT(A150,\"0\"),2)=\"00\",VLOOKUP(A150,Quantities[],Quantities!$B$2),\nIF(C150=\"f\",VLOOKUP(A150,Quantities[],Quantities!$B$2),\nVLOOKUP(A150,Quantities[],Quantities!$C$2))\n)))","v":"-"},{"$f":"IF(OR(AND(LEFT(D150,2)=\"Sc\",B150=\"A\",C150=\"d\"),AND(C150=\"f\",B150=\"D\")),\nSUM(VLOOKUP($A150,Quantities[],Quantities!$O$2),VLOOKUP($A150,Quantities[],Quantities!$Q$2),VLOOKUP($A150,Quantities[],Quantities!$S$2)),\n\nIF(AND(LEFT(D150,2)=\"Sc\",OR(C150=\"a\",C150=\"f\")),\nVLOOKUP(A150,Quantities[],Quantities!$I$2),\n\nIF(AND(B150=\"D\",C150=\"b\"),\n VLOOKUP(INDEX(Quantities!$A$100:$A$118,MATCH($A150,Quantities!$C$100:$C$118)),Quantities!$A$100:$AJ$118,Quantities!$O$2)+\nVLOOKUP(INDEX(Quantities!$A$100:$A$118,MATCH($A150,Quantities!$C$100:$C$118)),Quantities!$A$100:$AJ$118,Quantities!$Q$2)+\nVLOOKUP(INDEX(Quantities!$A$100:$A$118,MATCH($A150,Quantities!$C$100:$C$118)),Quantities!$A$100:$AJ$118,Quantities!$S$2),\n\nIF(OR(B150=\"D\",B150=\"Q\"),\nSUM(VLOOKUP($A150,Quantities[],Quantities!$O$2),VLOOKUP($A150,Quantities[],Quantities!$Q$2),VLOOKUP($A150,Quantities[],Quantities!$S$2)),\n\n VLOOKUP(A150,Quantities[],Quantities!$G$2)\n))))","v":0},{"$f":"IF(LEFT(D150,2)=\"Mg\", VLOOKUP(A150,Quantities[],Quantities!$H$2),\n\nIF(OR(AND(LEFT(D150,2)=\"Sc\",B150=\"A\",C150=\"d\",C150=\"f\")),\n(SUM(VLOOKUP($A150,Quantities[],Quantities!$P$2)*VLOOKUP($A150,Quantities[],Quantities!$O$2),VLOOKUP($A150,Quantities[],Quantities!$R$2)*VLOOKUP($A150,Quantities[],Quantities!$Q$2),VLOOKUP($A150,Quantities[],Quantities!$T$2)*VLOOKUP($A150,Quantities[],Quantities!$S$2)))/SUM(VLOOKUP($A150,Quantities[],Quantities!$O$2),VLOOKUP($A150,Quantities[],Quantities!$Q$2),VLOOKUP($A150,Quantities[],Quantities!$S$2)),\n\nIF(AND(LEFT(D150,2)=\"Sc\",OR(C150=\"a\",C150=\"f\")),\nVLOOKUP(A150,Quantities[],Quantities!$J$2),\n\nIF(AND(B150=\"D\",C150=\"b\", (VLOOKUP(INDEX(Quantities!$A$100:$A$118,MATCH($A150,Quantities!$C$100:$C$118)),Quantities[],Quantities!$O$2)+VLOOKUP(INDEX(Quantities!$A$100:$A$118,MATCH($A150,Quantities!$C$100:$C$118)),Quantities[],Quantities!$Q$2)+VLOOKUP(INDEX(Quantities!$A$100:$A$118,MATCH($A150,Quantities!$C$100:$C$118)),Quantities[],Quantities!$S$2))>0),\n(VLOOKUP(INDEX(Quantities!$A$100:$A$118,MATCH($A150,Quantities!$C$100:$C$118)),Quantities[],Quantities!$P$2)*VLOOKUP(INDEX(Quantities!$A$100:$A$118,MATCH($A150,Quantities!$C$100:$C$118)),Quantities[],Quantities!$O$2)\n+VLOOKUP(INDEX(Quantities!$A$100:$A$118,MATCH($A150,Quantities!$C$100:$C$118)),Quantities[],Quantities!$R$2)*VLOOKUP(INDEX(Quantities!$A$100:$A$118,MATCH($A150,Quantities!$C$100:$C$118)),Quantities[],Quantities!$Q$2)\n+VLOOKUP(INDEX(Quantities!$A$100:$A$118,MATCH($A150,Quantities!$C$100:$C$118)),Quantities[],Quantities!$T$2)*VLOOKUP(INDEX(Quantities!$A$100:$A$118,MATCH($A150,Quantities!$C$100:$C$118)),Quantities[],Quantities!$S$2))/\n(VLOOKUP(INDEX(Quantities!$A$100:$A$118,MATCH($A150,Quantities!$C$100:$C$118)),Quantities[],Quantities!$O$2)+VLOOKUP(INDEX(Quantities!$A$100:$A$118,MATCH($A150,Quantities!$C$100:$C$118)),Quantities[],Quantities!$Q$2)+VLOOKUP(A150,Quantities[],Quantities!$S$2)),\n\nIF(AND(B150=\"D\", (VLOOKUP(A150,Quantities[],Quantities!$O$2)+VLOOKUP(A150,Quantities[],Quantities!$Q$2)+VLOOKUP(A150,Quantities[],Quantities!$S$2))>0),\n(VLOOKUP(A150,Quantities[],Quantities!$P$2)*VLOOKUP(A150,Quantities[],Quantities!$O$2)\n+VLOOKUP(A150,Quantities[],Quantities!$R$2)*VLOOKUP(A150,Quantities[],Quantities!$Q$2)\n+VLOOKUP(A150,Quantities[],Quantities!$T$2)*VLOOKUP(A150,Quantities[],Quantities!$S$2))/\n(VLOOKUP(A150,Quantities[],Quantities!$O$2)+VLOOKUP(A150,Quantities[],Quantities!$Q$2)+VLOOKUP(A150,Quantities[],Quantities!$S$2)),\n\nIF($B150=\"Q\", (SUM(VLOOKUP($A150,Quantities[],Quantities!$P$2)*VLOOKUP($A150,Quantities[],Quantities!$O$2),VLOOKUP($A150,Quantities[],Quantities!$R$2)*VLOOKUP($A150,Quantities[],Quantities!$Q$2),VLOOKUP($A150,Quantities[],Quantities!$T$2)*VLOOKUP($A150,Quantities[],Quantities!$S$2)))/SUM(VLOOKUP($A150,Quantities[],Quantities!$O$2),VLOOKUP($A150,Quantities[],Quantities!$Q$2),VLOOKUP($A150,Quantities[],Quantities!$S$2)),\n\n VLOOKUP(A150,Quantities[],Quantities!$H$2)\n))))))","v":"-"},{"$f":"IF(LEFT(D150,1)=\"U\",\"-\",VLOOKUP(D150,Equipment[],Equipment!$B$2))","v":"Cat 16M "}]
[{"$f":"Quantities!$A$26","v":1700},"A","d","Mg1","1700-A-d-Mg1",{"$f":"IF(D151=\"Comb1\",CONCATENATE(VLOOKUP(B151,'Activity-Material_Codes'!$A$2:$B$26,Quantities!$B$2),\"-\",VLOOKUP(A151,Quantities[],Quantities!$D$2)),\nCONCATENATE(\nVLOOKUP(B151,'Activity-Material_Codes'!$A$2:$B$26,Quantities!$B$2),\nIF(AND(B151=\"B\",C151=\"a\"), \" Scraper Grading\", \"\"),\nIF(C151=\"b\",\"\",\"-\"),\nIF(C151=\"b\",\"\",VLOOKUP(A151,Quantities[],Quantities!$D$2)),\nIF(LEFT(TEXT(A151,\"0\"),1)=\"5\",\"\",\"-\"),\nIF(LEFT(TEXT(A151,\"0\"),1)=\"5\",\"\",VLOOKUP(C151,'Activity-Material_Codes'!$A$30:$B$36,Quantities!$B$2))\n))","v":"Grade-Entire Stockpile-Placed Cover"},{"$f":"CONCATENATE(\nIF(OR(RIGHT(TEXT($A151,\"0\"),Quantities!$B$2)=\"00\",LEFT(TEXT($A151,\"0\"),1)=\"5\",OR($C151=\"b\",$C151=\"f\")),\"\",VLOOKUP($A151,Quantities[],Quantities!$B$2)),\nIF(LEFT(TEXT($A151,\"0\"),1)=\"5\",\"\",\" \"),\nIF(OR(C151=\"a\",C151=\"c\",C151=\"d\",C151=\"e\"),IF(OR(RIGHT(TEXT($A151,\"0\"),Quantities!$B$2)=\"00\",LEFT(TEXT($A151,\"0\"),1)=\"5\"),VLOOKUP($A151,Quantities[],Quantities!$B$2),\"\"),\nIF(LEFT(TEXT($A151,\"0\"),1)=\"5\",VLOOKUP($A151,Quantities[],Quantities!$B$2),\nVLOOKUP(INDEX(Quantities!$A$100:$A$118,MATCH($A151,Quantities!$C$100:$C$118)),Quantities!$A$100:$B$118,Quantities!$B$2))))","v":" 6C Leach"},{"$f":"IF(LEFT(TEXT(A151,\"0\"),1)=\"5\",\nVLOOKUP(VLOOKUP(A151,Quantities!$A$4:$D$118,Quantities!$C$2),Quantities!$A$4:$D$118,Quantities!$C$2),\nIF(OR(C151=\"a\",C151=\"c\",C151=\"d\",C151=\"e\"),\n\"-\",\nIF(RIGHT(TEXT(A151,\"0\"),2)=\"00\",VLOOKUP(A151,Quantities[],Quantities!$B$2),\nIF(C151=\"f\",VLOOKUP(A151,Quantities[],Quantities!$B$2),\nVLOOKUP(A151,Quantities[],Quantities!$C$2))\n)))","v":"-"},{"$f":"IF(OR(AND(LEFT(D151,2)=\"Sc\",B151=\"A\",C151=\"d\"),AND(C151=\"f\",B151=\"D\")),\nSUM(VLOOKUP($A151,Quantities[],Quantities!$O$2),VLOOKUP($A151,Quantities[],Quantities!$Q$2),VLOOKUP($A151,Quantities[],Quantities!$S$2)),\n\nIF(AND(LEFT(D151,2)=\"Sc\",OR(C151=\"a\",C151=\"f\")),\nVLOOKUP(A151,Quantities[],Quantities!$I$2),\n\nIF(AND(B151=\"D\",C151=\"b\"),\n VLOOKUP(INDEX(Quantities!$A$100:$A$118,MATCH($A151,Quantities!$C$100:$C$118)),Quantities!$A$100:$AJ$118,Quantities!$O$2)+\nVLOOKUP(INDEX(Quantities!$A$100:$A$118,MATCH($A151,Quantities!$C$100:$C$118)),Quantities!$A$100:$AJ$118,Quantities!$Q$2)+\nVLOOKUP(INDEX(Quantities!$A$100:$A$118,MATCH($A151,Quantities!$C$100:$C$118)),Quantities!$A$100:$AJ$118,Quantities!$S$2),\n\nIF(OR(B151=\"D\",B151=\"Q\"),\nSUM(VLOOKUP($A151,Quantities[],Quantities!$O$2),VLOOKUP($A151,Quantities[],Quantities!$Q$2),VLOOKUP($A151,Quantities[],Quantities!$S$2)),\n\n VLOOKUP(A151,Quantities[],Quantities!$G$2)\n))))","v":0},{"$f":"IF(LEFT(D151,2)=\"Mg\", VLOOKUP(A151,Quantities[],Quantities!$H$2),\n\nIF(OR(AND(LEFT(D151,2)=\"Sc\",B151=\"A\",C151=\"d\",C151=\"f\")),\n(SUM(VLOOKUP($A151,Quantities[],Quantities!$P$2)*VLOOKUP($A151,Quantities[],Quantities!$O$2),VLOOKUP($A151,Quantities[],Quantities!$R$2)*VLOOKUP($A151,Quantities[],Quantities!$Q$2),VLOOKUP($A151,Quantities[],Quantities!$T$2)*VLOOKUP($A151,Quantities[],Quantities!$S$2)))/SUM(VLOOKUP($A151,Quantities[],Quantities!$O$2),VLOOKUP($A151,Quantities[],Quantities!$Q$2),VLOOKUP($A151,Quantities[],Quantities!$S$2)),\n\nIF(AND(LEFT(D151,2)=\"Sc\",OR(C151=\"a\",C151=\"f\")),\nVLOOKUP(A151,Quantities[],Quantities!$J$2),\n\nIF(AND(B151=\"D\",C151=\"b\", (VLOOKUP(INDEX(Quantities!$A$100:$A$118,MATCH($A151,Quantities!$C$100:$C$118)),Quantities[],Quantities!$O$2)+VLOOKUP(INDEX(Quantities!$A$100:$A$118,MATCH($A151,Quantities!$C$100:$C$118)),Quantities[],Quantities!$Q$2)+VLOOKUP(INDEX(Quantities!$A$100:$A$118,MATCH($A151,Quantities!$C$100:$C$118)),Quantities[],Quantities!$S$2))>0),\n(VLOOKUP(INDEX(Quantities!$A$100:$A$118,MATCH($A151,Quantities!$C$100:$C$118)),Quantities[],Quantities!$P$2)*VLOOKUP(INDEX(Quantities!$A$100:$A$118,MATCH($A151,Quantities!$C$100:$C$118)),Quantities[],Quantities!$O$2)\n+VLOOKUP(INDEX(Quantities!$A$100:$A$118,MATCH($A151,Quantities!$C$100:$C$118)),Quantities[],Quantities!$R$2)*VLOOKUP(INDEX(Quantities!$A$100:$A$118,MATCH($A151,Quantities!$C$100:$C$118)),Quantities[],Quantities!$Q$2)\n+VLOOKUP(INDEX(Quantities!$A$100:$A$118,MATCH($A151,Quantities!$C$100:$C$118)),Quantities[],Quantities!$T$2)*VLOOKUP(INDEX(Quantities!$A$100:$A$118,MATCH($A151,Quantities!$C$100:$C$118)),Quantities[],Quantities!$S$2))/\n(VLOOKUP(INDEX(Quantities!$A$100:$A$118,MATCH($A151,Quantities!$C$100:$C$118)),Quantities[],Quantities!$O$2)+VLOOKUP(INDEX(Quantities!$A$100:$A$118,MATCH($A151,Quantities!$C$100:$C$118)),Quantities[],Quantities!$Q$2)+VLOOKUP(A151,Quantities[],Quantities!$S$2)),\n\nIF(AND(B151=\"D\", (VLOOKUP(A151,Quantities[],Quantities!$O$2)+VLOOKUP(A151,Quantities[],Quantities!$Q$2)+VLOOKUP(A151,Quantities[],Quantities!$S$2))>0),\n(VLOOKUP(A151,Quantities[],Quantities!$P$2)*VLOOKUP(A151,Quantities[],Quantities!$O$2)\n+VLOOKUP(A151,Quantities[],Quantities!$R$2)*VLOOKUP(A151,Quantities[],Quantities!$Q$2)\n+VLOOKUP(A151,Quantities[],Quantities!$T$2)*VLOOKUP(A151,Quantities[],Quantities!$S$2))/\n(VLOOKUP(A151,Quantities[],Quantities!$O$2)+VLOOKUP(A151,Quantities[],Quantities!$Q$2)+VLOOKUP(A151,Quantities[],Quantities!$S$2)),\n\nIF($B151=\"Q\", (SUM(VLOOKUP($A151,Quantities[],Quantities!$P$2)*VLOOKUP($A151,Quantities[],Quantities!$O$2),VLOOKUP($A151,Quantities[],Quantities!$R$2)*VLOOKUP($A151,Quantities[],Quantities!$Q$2),VLOOKUP($A151,Quantities[],Quantities!$T$2)*VLOOKUP($A151,Quantities[],Quantities!$S$2)))/SUM(VLOOKUP($A151,Quantities[],Quantities!$O$2),VLOOKUP($A151,Quantities[],Quantities!$Q$2),VLOOKUP($A151,Quantities[],Quantities!$S$2)),\n\n VLOOKUP(A151,Quantities[],Quantities!$H$2)\n))))))","v":"-"},{"$f":"IF(LEFT(D151,1)=\"U\",\"-\",VLOOKUP(D151,Equipment[],Equipment!$B$2))","v":"Cat 16M "}]
[{"$f":"Quantities!$A$61","v":2701},"A","d","Mg1","2701-A-d-Mg1",{"$f":"IF(D152=\"Comb1\",CONCATENATE(VLOOKUP(B152,'Activity-Material_Codes'!$A$2:$B$26,Quantities!$B$2),\"-\",VLOOKUP(A152,Quantities[],Quantities!$D$2)),\nCONCATENATE(\nVLOOKUP(B152,'Activity-Material_Codes'!$A$2:$B$26,Quantities!$B$2),\nIF(AND(B152=\"B\",C152=\"a\"), \" Scraper Grading\", \"\"),\nIF(C152=\"b\",\"\",\"-\"),\nIF(C152=\"b\",\"\",VLOOKUP(A152,Quantities[],Quantities!$D$2)),\nIF(LEFT(TEXT(A152,\"0\"),1)=\"5\",\"\",\"-\"),\nIF(LEFT(TEXT(A152,\"0\"),1)=\"5\",\"\",VLOOKUP(C152,'Activity-Material_Codes'!$A$30:$B$36,Quantities!$B$2))\n))","v":"Grade-Surface Impoundments closed at year 99; some closed year 6-Placed Cover"},{"$f":"CONCATENATE(\nIF(OR(RIGHT(TEXT($A152,\"0\"),Quantities!$B$2)=\"00\",LEFT(TEXT($A152,\"0\"),1)=\"5\",OR($C152=\"b\",$C152=\"f\")),\"\",VLOOKUP($A152,Quantities[],Quantities!$B$2)),\nIF(LEFT(TEXT($A152,\"0\"),1)=\"5\",\"\",\" \"),\nIF(OR(C152=\"a\",C152=\"c\",C152=\"d\",C152=\"e\"),IF(OR(RIGHT(TEXT($A152,\"0\"),Quantities!$B$2)=\"00\",LEFT(TEXT($A152,\"0\"),1)=\"5\"),VLOOKUP($A152,Quantities[],Quantities!$B$2),\"\"),\nIF(LEFT(TEXT($A152,\"0\"),1)=\"5\",VLOOKUP($A152,Quantities[],Quantities!$B$2),\nVLOOKUP(INDEX(Quantities!$A$100:$A$118,MATCH($A152,Quantities!$C$100:$C$118)),Quantities!$A$100:$B$118,Quantities!$B$2))))","v":"Surface Impoundments closed at year 99; some closed year 6 "},{"$f":"IF(LEFT(TEXT(A152,\"0\"),1)=\"5\",\nVLOOKUP(VLOOKUP(A152,Quantities!$A$4:$D$118,Quantities!$C$2),Quantities!$A$4:$D$118,Quantities!$C$2),\nIF(OR(C152=\"a\",C152=\"c\",C152=\"d\",C152=\"e\"),\n\"-\",\nIF(RIGHT(TEXT(A152,\"0\"),2)=\"00\",VLOOKUP(A152,Quantities[],Quantities!$B$2),\nIF(C152=\"f\",VLOOKUP(A152,Quantities[],Quantities!$B$2),\nVLOOKUP(A152,Quantities[],Quantities!$C$2))\n)))","v":"-"},{"$f":"IF(OR(AND(LEFT(D152,2)=\"Sc\",B152=\"A\",C152=\"d\"),AND(C152=\"f\",B152=\"D\")),\nSUM(VLOOKUP($A152,Quantities[],Quantities!$O$2),VLOOKUP($A152,Quantities[],Quantities!$Q$2),VLOOKUP($A152,Quantities[],Quantities!$S$2)),\n\nIF(AND(LEFT(D152,2)=\"Sc\",OR(C152=\"a\",C152=\"f\")),\nVLOOKUP(A152,Quantities[],Quantities!$I$2),\n\nIF(AND(B152=\"D\",C152=\"b\"),\n VLOOKUP(INDEX(Quantities!$A$100:$A$118,MATCH($A152,Quantities!$C$100:$C$118)),Quantities!$A$100:$AJ$118,Quantities!$O$2)+\nVLOOKUP(INDEX(Quantities!$A$100:$A$118,MATCH($A152,Quantities!$C$100:$C$118)),Quantities!$A$100:$AJ$118,Quantities!$Q$2)+\nVLOOKUP(INDEX(Quantities!$A$100:$A$118,MATCH($A152,Quantities!$C$100:$C$118)),Quantities!$A$100:$AJ$118,Quantities!$S$2),\n\nIF(OR(B152=\"D\",B152=\"Q\"),\nSUM(VLOOKUP($A152,Quantities[],Quantities!$O$2),VLOOKUP($A152,Quantities[],Quantities!$Q$2),VLOOKUP($A152,Quantities[],Quantities!$S$2)),\n\n VLOOKUP(A152,Quantities[],Quantities!$G$2)\n))))","v":0},{"$f":"IF(LEFT(D152,2)=\"Mg\", VLOOKUP(A152,Quantities[],Quantities!$H$2),\n\nIF(OR(AND(LEFT(D152,2)=\"Sc\",B152=\"A\",C152=\"d\",C152=\"f\")),\n(SUM(VLOOKUP($A152,Quantities[],Quantities!$P$2)*VLOOKUP($A152,Quantities[],Quantities!$O$2),VLOOKUP($A152,Quantities[],Quantities!$R$2)*VLOOKUP($A152,Quantities[],Quantities!$Q$2),VLOOKUP($A152,Quantities[],Quantities!$T$2)*VLOOKUP($A152,Quantities[],Quantities!$S$2)))/SUM(VLOOKUP($A152,Quantities[],Quantities!$O$2),VLOOKUP($A152,Quantities[],Quantities!$Q$2),VLOOKUP($A152,Quantities[],Quantities!$S$2)),\n\nIF(AND(LEFT(D152,2)=\"Sc\",OR(C152=\"a\",C152=\"f\")),\nVLOOKUP(A152,Quantities[],Quantities!$J$2),\n\nIF(AND(B152=\"D\",C152=\"b\", (VLOOKUP(INDEX(Quantities!$A$100:$A$118,MATCH($A152,Quantities!$C$100:$C$118)),Quantities[],Quantities!$O$2)+VLOOKUP(INDEX(Quantities!$A$100:$A$118,MATCH($A152,Quantities!$C$100:$C$118)),Quantities[],Quantities!$Q$2)+VLOOKUP(INDEX(Quantities!$A$100:$A$118,MATCH($A152,Quantities!$C$100:$C$118)),Quantities[],Quantities!$S$2))>0),\n(VLOOKUP(INDEX(Quantities!$A$100:$A$118,MATCH($A152,Quantities!$C$100:$C$118)),Quantities[],Quantities!$P$2)*VLOOKUP(INDEX(Quantities!$A$100:$A$118,MATCH($A152,Quantities!$C$100:$C$118)),Quantities[],Quantities!$O$2)\n+VLOOKUP(INDEX(Quantities!$A$100:$A$118,MATCH($A152,Quantities!$C$100:$C$118)),Quantities[],Quantities!$R$2)*VLOOKUP(INDEX(Quantities!$A$100:$A$118,MATCH($A152,Quantities!$C$100:$C$118)),Quantities[],Quantities!$Q$2)\n+VLOOKUP(INDEX(Quantities!$A$100:$A$118,MATCH($A152,Quantities!$C$100:$C$118)),Quantities[],Quantities!$T$2)*VLOOKUP(INDEX(Quantities!$A$100:$A$118,MATCH($A152,Quantities!$C$100:$C$118)),Quantities[],Quantities!$S$2))/\n(VLOOKUP(INDEX(Quantities!$A$100:$A$118,MATCH($A152,Quantities!$C$100:$C$118)),Quantities[],Quantities!$O$2)+VLOOKUP(INDEX(Quantities!$A$100:$A$118,MATCH($A152,Quantities!$C$100:$C$118)),Quantities[],Quantities!$Q$2)+VLOOKUP(A152,Quantities[],Quantities!$S$2)),\n\nIF(AND(B152=\"D\", (VLOOKUP(A152,Quantities[],Quantities!$O$2)+VLOOKUP(A152,Quantities[],Quantities!$Q$2)+VLOOKUP(A152,Quantities[],Quantities!$S$2))>0),\n(VLOOKUP(A152,Quantities[],Quantities!$P$2)*VLOOKUP(A152,Quantities[],Quantities!$O$2)\n+VLOOKUP(A152,Quantities[],Quantities!$R$2)*VLOOKUP(A152,Quantities[],Quantities!$Q$2)\n+VLOOKUP(A152,Quantities[],Quantities!$T$2)*VLOOKUP(A152,Quantities[],Quantities!$S$2))/\n(VLOOKUP(A152,Quantities[],Quantities!$O$2)+VLOOKUP(A152,Quantities[],Quantities!$Q$2)+VLOOKUP(A152,Quantities[],Quantities!$S$2)),\n\nIF($B152=\"Q\", (SUM(VLOOKUP($A152,Quantities[],Quantities!$P$2)*VLOOKUP($A152,Quantities[],Quantities!$O$2),VLOOKUP($A152,Quantities[],Quantities!$R$2)*VLOOKUP($A152,Quantities[],Quantities!$Q$2),VLOOKUP($A152,Quantities[],Quantities!$T$2)*VLOOKUP($A152,Quantities[],Quantities!$S$2)))/SUM(VLOOKUP($A152,Quantities[],Quantities!$O$2),VLOOKUP($A152,Quantities[],Quantities!$Q$2),VLOOKUP($A152,Quantities[],Quantities!$S$2)),\n\n VLOOKUP(A152,Quantities[],Quantities!$H$2)\n))))))","v":0.01},{"$f":"IF(LEFT(D152,1)=\"U\",\"-\",VLOOKUP(D152,Equipment[],Equipment!$B$2))","v":"Cat 16M "}]
[{"$f":"Quantities!$A$79","v":3300},"A","d","Mg1","3300-A-d-Mg1",{"$f":"IF(D153=\"Comb1\",CONCATENATE(VLOOKUP(B153,'Activity-Material_Codes'!$A$2:$B$26,Quantities!$B$2),\"-\",VLOOKUP(A153,Quantities[],Quantities!$D$2)),\nCONCATENATE(\nVLOOKUP(B153,'Activity-Material_Codes'!$A$2:$B$26,Quantities!$B$2),\nIF(AND(B153=\"B\",C153=\"a\"), \" Scraper Grading\", \"\"),\nIF(C153=\"b\",\"\",\"-\"),\nIF(C153=\"b\",\"\",VLOOKUP(A153,Quantities[],Quantities!$D$2)),\nIF(LEFT(TEXT(A153,\"0\"),1)=\"5\",\"\",\"-\"),\nIF(LEFT(TEXT(A153,\"0\"),1)=\"5\",\"\",VLOOKUP(C153,'Activity-Material_Codes'!$A$30:$B$36,Quantities!$B$2))\n))","v":"Grade-Unplanned Disturbance Area-Placed Cover"},{"$f":"CONCATENATE(\nIF(OR(RIGHT(TEXT($A153,\"0\"),Quantities!$B$2)=\"00\",LEFT(TEXT($A153,\"0\"),1)=\"5\",OR($C153=\"b\",$C153=\"f\")),\"\",VLOOKUP($A153,Quantities[],Quantities!$B$2)),\nIF(LEFT(TEXT($A153,\"0\"),1)=\"5\",\"\",\" \"),\nIF(OR(C153=\"a\",C153=\"c\",C153=\"d\",C153=\"e\"),IF(OR(RIGHT(TEXT($A153,\"0\"),Quantities!$B$2)=\"00\",LEFT(TEXT($A153,\"0\"),1)=\"5\"),VLOOKUP($A153,Quantities[],Quantities!$B$2),\"\"),\nIF(LEFT(TEXT($A153,\"0\"),1)=\"5\",VLOOKUP($A153,Quantities[],Quantities!$B$2),\nVLOOKUP(INDEX(Quantities!$A$100:$A$118,MATCH($A153,Quantities!$C$100:$C$118)),Quantities!$A$100:$B$118,Quantities!$B$2))))","v":" Unplanned Disturbance Area"},{"$f":"IF(LEFT(TEXT(A153,\"0\"),1)=\"5\",\nVLOOKUP(VLOOKUP(A153,Quantities!$A$4:$D$118,Quantities!$C$2),Quantities!$A$4:$D$118,Quantities!$C$2),\nIF(OR(C153=\"a\",C153=\"c\",C153=\"d\",C153=\"e\"),\n\"-\",\nIF(RIGHT(TEXT(A153,\"0\"),2)=\"00\",VLOOKUP(A153,Quantities[],Quantities!$B$2),\nIF(C153=\"f\",VLOOKUP(A153,Quantities[],Quantities!$B$2),\nVLOOKUP(A153,Quantities[],Quantities!$C$2))\n)))","v":"-"},{"$f":"IF(OR(AND(LEFT(D153,2)=\"Sc\",B153=\"A\",C153=\"d\"),AND(C153=\"f\",B153=\"D\")),\nSUM(VLOOKUP($A153,Quantities[],Quantities!$O$2),VLOOKUP($A153,Quantities[],Quantities!$Q$2),VLOOKUP($A153,Quantities[],Quantities!$S$2)),\n\nIF(AND(LEFT(D153,2)=\"Sc\",OR(C153=\"a\",C153=\"f\")),\nVLOOKUP(A153,Quantities[],Quantities!$I$2),\n\nIF(AND(B153=\"D\",C153=\"b\"),\n VLOOKUP(INDEX(Quantities!$A$100:$A$118,MATCH($A153,Quantities!$C$100:$C$118)),Quantities!$A$100:$AJ$118,Quantities!$O$2)+\nVLOOKUP(INDEX(Quantities!$A$100:$A$118,MATCH($A153,Quantities!$C$100:$C$118)),Quantities!$A$100:$AJ$118,Quantities!$Q$2)+\nVLOOKUP(INDEX(Quantities!$A$100:$A$118,MATCH($A153,Quantities!$C$100:$C$118)),Quantities!$A$100:$AJ$118,Quantities!$S$2),\n\nIF(OR(B153=\"D\",B153=\"Q\"),\nSUM(VLOOKUP($A153,Quantities[],Quantities!$O$2),VLOOKUP($A153,Quantities[],Quantities!$Q$2),VLOOKUP($A153,Quantities[],Quantities!$S$2)),\n\n VLOOKUP(A153,Quantities[],Quantities!$G$2)\n))))","v":0},{"$f":"IF(LEFT(D153,2)=\"Mg\", VLOOKUP(A153,Quantities[],Quantities!$H$2),\n\nIF(OR(AND(LEFT(D153,2)=\"Sc\",B153=\"A\",C153=\"d\",C153=\"f\")),\n(SUM(VLOOKUP($A153,Quantities[],Quantities!$P$2)*VLOOKUP($A153,Quantities[],Quantities!$O$2),VLOOKUP($A153,Quantities[],Quantities!$R$2)*VLOOKUP($A153,Quantities[],Quantities!$Q$2),VLOOKUP($A153,Quantities[],Quantities!$T$2)*VLOOKUP($A153,Quantities[],Quantities!$S$2)))/SUM(VLOOKUP($A153,Quantities[],Quantities!$O$2),VLOOKUP($A153,Quantities[],Quantities!$Q$2),VLOOKUP($A153,Quantities[],Quantities!$S$2)),\n\nIF(AND(LEFT(D153,2)=\"Sc\",OR(C153=\"a\",C153=\"f\")),\nVLOOKUP(A153,Quantities[],Quantities!$J$2),\n\nIF(AND(B153=\"D\",C153=\"b\", (VLOOKUP(INDEX(Quantities!$A$100:$A$118,MATCH($A153,Quantities!$C$100:$C$118)),Quantities[],Quantities!$O$2)+VLOOKUP(INDEX(Quantities!$A$100:$A$118,MATCH($A153,Quantities!$C$100:$C$118)),Quantities[],Quantities!$Q$2)+VLOOKUP(INDEX(Quantities!$A$100:$A$118,MATCH($A153,Quantities!$C$100:$C$118)),Quantities[],Quantities!$S$2))>0),\n(VLOOKUP(INDEX(Quantities!$A$100:$A$118,MATCH($A153,Quantities!$C$100:$C$118)),Quantities[],Quantities!$P$2)*VLOOKUP(INDEX(Quantities!$A$100:$A$118,MATCH($A153,Quantities!$C$100:$C$118)),Quantities[],Quantities!$O$2)\n+VLOOKUP(INDEX(Quantities!$A$100:$A$118,MATCH($A153,Quantities!$C$100:$C$118)),Quantities[],Quantities!$R$2)*VLOOKUP(INDEX(Quantities!$A$100:$A$118,MATCH($A153,Quantities!$C$100:$C$118)),Quantities[],Quantities!$Q$2)\n+VLOOKUP(INDEX(Quantities!$A$100:$A$118,MATCH($A153,Quantities!$C$100:$C$118)),Quantities[],Quantities!$T$2)*VLOOKUP(INDEX(Quantities!$A$100:$A$118,MATCH($A153,Quantities!$C$100:$C$118)),Quantities[],Quantities!$S$2))/\n(VLOOKUP(INDEX(Quantities!$A$100:$A$118,MATCH($A153,Quantities!$C$100:$C$118)),Quantities[],Quantities!$O$2)+VLOOKUP(INDEX(Quantities!$A$100:$A$118,MATCH($A153,Quantities!$C$100:$C$118)),Quantities[],Quantities!$Q$2)+VLOOKUP(A153,Quantities[],Quantities!$S$2)),\n\nIF(AND(B153=\"D\", (VLOOKUP(A153,Quantities[],Quantities!$O$2)+VLOOKUP(A153,Quantities[],Quantities!$Q$2)+VLOOKUP(A153,Quantities[],Quantities!$S$2))>0),\n(VLOOKUP(A153,Quantities[],Quantities!$P$2)*VLOOKUP(A153,Quantities[],Quantities!$O$2)\n+VLOOKUP(A153,Quantities[],Quantities!$R$2)*VLOOKUP(A153,Quantities[],Quantities!$Q$2)\n+VLOOKUP(A153,Quantities[],Quantities!$T$2)*VLOOKUP(A153,Quantities[],Quantities!$S$2))/\n(VLOOKUP(A153,Quantities[],Quantities!$O$2)+VLOOKUP(A153,Quantities[],Quantities!$Q$2)+VLOOKUP(A153,Quantities[],Quantities!$S$2)),\n\nIF($B153=\"Q\", (SUM(VLOOKUP($A153,Quantities[],Quantities!$P$2)*VLOOKUP($A153,Quantities[],Quantities!$O$2),VLOOKUP($A153,Quantities[],Quantities!$R$2)*VLOOKUP($A153,Quantities[],Quantities!$Q$2),VLOOKUP($A153,Quantities[],Quantities!$T$2)*VLOOKUP($A153,Quantities[],Quantities!$S$2)))/SUM(VLOOKUP($A153,Quantities[],Quantities!$O$2),VLOOKUP($A153,Quantities[],Quantities!$Q$2),VLOOKUP($A153,Quantities[],Quantities!$S$2)),\n\n VLOOKUP(A153,Quantities[],Quantities!$H$2)\n))))))","v":0.01},{"$f":"IF(LEFT(D153,1)=\"U\",\"-\",VLOOKUP(D153,Equipment[],Equipment!$B$2))","v":"Cat 16M "}]
[{"$f":"Quantities!A33","v":2000},"A","d","Mg1","2000-A-d-Mg1",{"$f":"IF(D154=\"Comb1\",CONCATENATE(VLOOKUP(B154,'Activity-Material_Codes'!$A$2:$B$26,Quantities!$B$2),\"-\",VLOOKUP(A154,Quantities[],Quantities!$D$2)),\nCONCATENATE(\nVLOOKUP(B154,'Activity-Material_Codes'!$A$2:$B$26,Quantities!$B$2),\nIF(AND(B154=\"B\",C154=\"a\"), \" Scraper Grading\", \"\"),\nIF(C154=\"b\",\"\",\"-\"),\nIF(C154=\"b\",\"\",VLOOKUP(A154,Quantities[],Quantities!$D$2)),\nIF(LEFT(TEXT(A154,\"0\"),1)=\"5\",\"\",\"-\"),\nIF(LEFT(TEXT(A154,\"0\"),1)=\"5\",\"\",VLOOKUP(C154,'Activity-Material_Codes'!$A$30:$B$36,Quantities!$B$2))\n))","v":"Grade-Entire Stockpile-Placed Cover"},{"$f":"CONCATENATE(\nIF(OR(RIGHT(TEXT($A154,\"0\"),Quantities!$B$2)=\"00\",LEFT(TEXT($A154,\"0\"),1)=\"5\",OR($C154=\"b\",$C154=\"f\")),\"\",VLOOKUP($A154,Quantities[],Quantities!$B$2)),\nIF(LEFT(TEXT($A154,\"0\"),1)=\"5\",\"\",\" \"),\nIF(OR(C154=\"a\",C154=\"c\",C154=\"d\",C154=\"e\"),IF(OR(RIGHT(TEXT($A154,\"0\"),Quantities!$B$2)=\"00\",LEFT(TEXT($A154,\"0\"),1)=\"5\"),VLOOKUP($A154,Quantities[],Quantities!$B$2),\"\"),\nIF(LEFT(TEXT($A154,\"0\"),1)=\"5\",VLOOKUP($A154,Quantities[],Quantities!$B$2),\nVLOOKUP(INDEX(Quantities!$A$100:$A$118,MATCH($A154,Quantities!$C$100:$C$118)),Quantities!$A$100:$B$118,Quantities!$B$2))))","v":" 9A Waste "},{"$f":"IF(LEFT(TEXT(A154,\"0\"),1)=\"5\",\nVLOOKUP(VLOOKUP(A154,Quantities!$A$4:$D$118,Quantities!$C$2),Quantities!$A$4:$D$118,Quantities!$C$2),\nIF(OR(C154=\"a\",C154=\"c\",C154=\"d\",C154=\"e\"),\n\"-\",\nIF(RIGHT(TEXT(A154,\"0\"),2)=\"00\",VLOOKUP(A154,Quantities[],Quantities!$B$2),\nIF(C154=\"f\",VLOOKUP(A154,Quantities[],Quantities!$B$2),\nVLOOKUP(A154,Quantities[],Quantities!$C$2))\n)))","v":"-"},{"$f":"IF(OR(AND(LEFT(D154,2)=\"Sc\",B154=\"A\",C154=\"d\"),AND(C154=\"f\",B154=\"D\")),\nSUM(VLOOKUP($A154,Quantities[],Quantities!$O$2),VLOOKUP($A154,Quantities[],Quantities!$Q$2),VLOOKUP($A154,Quantities[],Quantities!$S$2)),\n\nIF(AND(LEFT(D154,2)=\"Sc\",OR(C154=\"a\",C154=\"f\")),\nVLOOKUP(A154,Quantities[],Quantities!$I$2),\n\nIF(AND(B154=\"D\",C154=\"b\"),\n VLOOKUP(INDEX(Quantities!$A$100:$A$118,MATCH($A154,Quantities!$C$100:$C$118)),Quantities!$A$100:$AJ$118,Quantities!$O$2)+\nVLOOKUP(INDEX(Quantities!$A$100:$A$118,MATCH($A154,Quantities!$C$100:$C$118)),Quantities!$A$100:$AJ$118,Quantities!$Q$2)+\nVLOOKUP(INDEX(Quantities!$A$100:$A$118,MATCH($A154,Quantities!$C$100:$C$118)),Quantities!$A$100:$AJ$118,Quantities!$S$2),\n\nIF(OR(B154=\"D\",B154=\"Q\"),\nSUM(VLOOKUP($A154,Quantities[],Quantities!$O$2),VLOOKUP($A154,Quantities[],Quantities!$Q$2),VLOOKUP($A154,Quantities[],Quantities!$S$2)),\n\n VLOOKUP(A154,Quantities[],Quantities!$G$2)\n))))","v":0},{"$f":"IF(LEFT(D154,2)=\"Mg\", VLOOKUP(A154,Quantities[],Quantities!$H$2),\n\nIF(OR(AND(LEFT(D154,2)=\"Sc\",B154=\"A\",C154=\"d\",C154=\"f\")),\n(SUM(VLOOKUP($A154,Quantities[],Quantities!$P$2)*VLOOKUP($A154,Quantities[],Quantities!$O$2),VLOOKUP($A154,Quantities[],Quantities!$R$2)*VLOOKUP($A154,Quantities[],Quantities!$Q$2),VLOOKUP($A154,Quantities[],Quantities!$T$2)*VLOOKUP($A154,Quantities[],Quantities!$S$2)))/SUM(VLOOKUP($A154,Quantities[],Quantities!$O$2),VLOOKUP($A154,Quantities[],Quantities!$Q$2),VLOOKUP($A154,Quantities[],Quantities!$S$2)),\n\nIF(AND(LEFT(D154,2)=\"Sc\",OR(C154=\"a\",C154=\"f\")),\nVLOOKUP(A154,Quantities[],Quantities!$J$2),\n\nIF(AND(B154=\"D\",C154=\"b\", (VLOOKUP(INDEX(Quantities!$A$100:$A$118,MATCH($A154,Quantities!$C$100:$C$118)),Quantities[],Quantities!$O$2)+VLOOKUP(INDEX(Quantities!$A$100:$A$118,MATCH($A154,Quantities!$C$100:$C$118)),Quantities[],Quantities!$Q$2)+VLOOKUP(INDEX(Quantities!$A$100:$A$118,MATCH($A154,Quantities!$C$100:$C$118)),Quantities[],Quantities!$S$2))>0),\n(VLOOKUP(INDEX(Quantities!$A$100:$A$118,MATCH($A154,Quantities!$C$100:$C$118)),Quantities[],Quantities!$P$2)*VLOOKUP(INDEX(Quantities!$A$100:$A$118,MATCH($A154,Quantities!$C$100:$C$118)),Quantities[],Quantities!$O$2)\n+VLOOKUP(INDEX(Quantities!$A$100:$A$118,MATCH($A154,Quantities!$C$100:$C$118)),Quantities[],Quantities!$R$2)*VLOOKUP(INDEX(Quantities!$A$100:$A$118,MATCH($A154,Quantities!$C$100:$C$118)),Quantities[],Quantities!$Q$2)\n+VLOOKUP(INDEX(Quantities!$A$100:$A$118,MATCH($A154,Quantities!$C$100:$C$118)),Quantities[],Quantities!$T$2)*VLOOKUP(INDEX(Quantities!$A$100:$A$118,MATCH($A154,Quantities!$C$100:$C$118)),Quantities[],Quantities!$S$2))/\n(VLOOKUP(INDEX(Quantities!$A$100:$A$118,MATCH($A154,Quantities!$C$100:$C$118)),Quantities[],Quantities!$O$2)+VLOOKUP(INDEX(Quantities!$A$100:$A$118,MATCH($A154,Quantities!$C$100:$C$118)),Quantities[],Quantities!$Q$2)+VLOOKUP(A154,Quantities[],Quantities!$S$2)),\n\nIF(AND(B154=\"D\", (VLOOKUP(A154,Quantities[],Quantities!$O$2)+VLOOKUP(A154,Quantities[],Quantities!$Q$2)+VLOOKUP(A154,Quantities[],Quantities!$S$2))>0),\n(VLOOKUP(A154,Quantities[],Quantities!$P$2)*VLOOKUP(A154,Quantities[],Quantities!$O$2)\n+VLOOKUP(A154,Quantities[],Quantities!$R$2)*VLOOKUP(A154,Quantities[],Quantities!$Q$2)\n+VLOOKUP(A154,Quantities[],Quantities!$T$2)*VLOOKUP(A154,Quantities[],Quantities!$S$2))/\n(VLOOKUP(A154,Quantities[],Quantities!$O$2)+VLOOKUP(A154,Quantities[],Quantities!$Q$2)+VLOOKUP(A154,Quantities[],Quantities!$S$2)),\n\nIF($B154=\"Q\", (SUM(VLOOKUP($A154,Quantities[],Quantities!$P$2)*VLOOKUP($A154,Quantities[],Quantities!$O$2),VLOOKUP($A154,Quantities[],Quantities!$R$2)*VLOOKUP($A154,Quantities[],Quantities!$Q$2),VLOOKUP($A154,Quantities[],Quantities!$T$2)*VLOOKUP($A154,Quantities[],Quantities!$S$2)))/SUM(VLOOKUP($A154,Quantities[],Quantities!$O$2),VLOOKUP($A154,Quantities[],Quantities!$Q$2),VLOOKUP($A154,Quantities[],Quantities!$S$2)),\n\n VLOOKUP(A154,Quantities[],Quantities!$H$2)\n))))))","v":"-"},{"$f":"IF(LEFT(D154,1)=\"U\",\"-\",VLOOKUP(D154,Equipment[],Equipment!$B$2))","v":"Cat 16M "}]
[{"$f":"Quantities!A36","v":2100},"A","d","Mg1","2100-A-d-Mg1",{"$f":"IF(D155=\"Comb1\",CONCATENATE(VLOOKUP(B155,'Activity-Material_Codes'!$A$2:$B$26,Quantities!$B$2),\"-\",VLOOKUP(A155,Quantities[],Quantities!$D$2)),\nCONCATENATE(\nVLOOKUP(B155,'Activity-Material_Codes'!$A$2:$B$26,Quantities!$B$2),\nIF(AND(B155=\"B\",C155=\"a\"), \" Scraper Grading\", \"\"),\nIF(C155=\"b\",\"\",\"-\"),\nIF(C155=\"b\",\"\",VLOOKUP(A155,Quantities[],Quantities!$D$2)),\nIF(LEFT(TEXT(A155,\"0\"),1)=\"5\",\"\",\"-\"),\nIF(LEFT(TEXT(A155,\"0\"),1)=\"5\",\"\",VLOOKUP(C155,'Activity-Material_Codes'!$A$30:$B$36,Quantities!$B$2))\n))","v":"Grade-Entire Stockpile-Placed Cover"},{"$f":"CONCATENATE(\nIF(OR(RIGHT(TEXT($A155,\"0\"),Quantities!$B$2)=\"00\",LEFT(TEXT($A155,\"0\"),1)=\"5\",OR($C155=\"b\",$C155=\"f\")),\"\",VLOOKUP($A155,Quantities[],Quantities!$B$2)),\nIF(LEFT(TEXT($A155,\"0\"),1)=\"5\",\"\",\" \"),\nIF(OR(C155=\"a\",C155=\"c\",C155=\"d\",C155=\"e\"),IF(OR(RIGHT(TEXT($A155,\"0\"),Quantities!$B$2)=\"00\",LEFT(TEXT($A155,\"0\"),1)=\"5\"),VLOOKUP($A155,Quantities[],Quantities!$B$2),\"\"),\nIF(LEFT(TEXT($A155,\"0\"),1)=\"5\",VLOOKUP($A155,Quantities[],Quantities!$B$2),\nVLOOKUP(INDEX(Quantities!$A$100:$A$118,MATCH($A155,Quantities!$C$100:$C$118)),Quantities!$A$100:$B$118,Quantities!$B$2))))","v":" 9AX Waste"},{"$f":"IF(LEFT(TEXT(A155,\"0\"),1)=\"5\",\nVLOOKUP(VLOOKUP(A155,Quantities!$A$4:$D$118,Quantities!$C$2),Quantities!$A$4:$D$118,Quantities!$C$2),\nIF(OR(C155=\"a\",C155=\"c\",C155=\"d\",C155=\"e\"),\n\"-\",\nIF(RIGHT(TEXT(A155,\"0\"),2)=\"00\",VLOOKUP(A155,Quantities[],Quantities!$B$2),\nIF(C155=\"f\",VLOOKUP(A155,Quantities[],Quantities!$B$2),\nVLOOKUP(A155,Quantities[],Quantities!$C$2))\n)))","v":"-"},{"$f":"IF(OR(AND(LEFT(D155,2)=\"Sc\",B155=\"A\",C155=\"d\"),AND(C155=\"f\",B155=\"D\")),\nSUM(VLOOKUP($A155,Quantities[],Quantities!$O$2),VLOOKUP($A155,Quantities[],Quantities!$Q$2),VLOOKUP($A155,Quantities[],Quantities!$S$2)),\n\nIF(AND(LEFT(D155,2)=\"Sc\",OR(C155=\"a\",C155=\"f\")),\nVLOOKUP(A155,Quantities[],Quantities!$I$2),\n\nIF(AND(B155=\"D\",C155=\"b\"),\n VLOOKUP(INDEX(Quantities!$A$100:$A$118,MATCH($A155,Quantities!$C$100:$C$118)),Quantities!$A$100:$AJ$118,Quantities!$O$2)+\nVLOOKUP(INDEX(Quantities!$A$100:$A$118,MATCH($A155,Quantities!$C$100:$C$118)),Quantities!$A$100:$AJ$118,Quantities!$Q$2)+\nVLOOKUP(INDEX(Quantities!$A$100:$A$118,MATCH($A155,Quantities!$C$100:$C$118)),Quantities!$A$100:$AJ$118,Quantities!$S$2),\n\nIF(OR(B155=\"D\",B155=\"Q\"),\nSUM(VLOOKUP($A155,Quantities[],Quantities!$O$2),VLOOKUP($A155,Quantities[],Quantities!$Q$2),VLOOKUP($A155,Quantities[],Quantities!$S$2)),\n\n VLOOKUP(A155,Quantities[],Quantities!$G$2)\n))))","v":0},{"$f":"IF(LEFT(D155,2)=\"Mg\", VLOOKUP(A155,Quantities[],Quantities!$H$2),\n\nIF(OR(AND(LEFT(D155,2)=\"Sc\",B155=\"A\",C155=\"d\",C155=\"f\")),\n(SUM(VLOOKUP($A155,Quantities[],Quantities!$P$2)*VLOOKUP($A155,Quantities[],Quantities!$O$2),VLOOKUP($A155,Quantities[],Quantities!$R$2)*VLOOKUP($A155,Quantities[],Quantities!$Q$2),VLOOKUP($A155,Quantities[],Quantities!$T$2)*VLOOKUP($A155,Quantities[],Quantities!$S$2)))/SUM(VLOOKUP($A155,Quantities[],Quantities!$O$2),VLOOKUP($A155,Quantities[],Quantities!$Q$2),VLOOKUP($A155,Quantities[],Quantities!$S$2)),\n\nIF(AND(LEFT(D155,2)=\"Sc\",OR(C155=\"a\",C155=\"f\")),\nVLOOKUP(A155,Quantities[],Quantities!$J$2),\n\nIF(AND(B155=\"D\",C155=\"b\", (VLOOKUP(INDEX(Quantities!$A$100:$A$118,MATCH($A155,Quantities!$C$100:$C$118)),Quantities[],Quantities!$O$2)+VLOOKUP(INDEX(Quantities!$A$100:$A$118,MATCH($A155,Quantities!$C$100:$C$118)),Quantities[],Quantities!$Q$2)+VLOOKUP(INDEX(Quantities!$A$100:$A$118,MATCH($A155,Quantities!$C$100:$C$118)),Quantities[],Quantities!$S$2))>0),\n(VLOOKUP(INDEX(Quantities!$A$100:$A$118,MATCH($A155,Quantities!$C$100:$C$118)),Quantities[],Quantities!$P$2)*VLOOKUP(INDEX(Quantities!$A$100:$A$118,MATCH($A155,Quantities!$C$100:$C$118)),Quantities[],Quantities!$O$2)\n+VLOOKUP(INDEX(Quantities!$A$100:$A$118,MATCH($A155,Quantities!$C$100:$C$118)),Quantities[],Quantities!$R$2)*VLOOKUP(INDEX(Quantities!$A$100:$A$118,MATCH($A155,Quantities!$C$100:$C$118)),Quantities[],Quantities!$Q$2)\n+VLOOKUP(INDEX(Quantities!$A$100:$A$118,MATCH($A155,Quantities!$C$100:$C$118)),Quantities[],Quantities!$T$2)*VLOOKUP(INDEX(Quantities!$A$100:$A$118,MATCH($A155,Quantities!$C$100:$C$118)),Quantities[],Quantities!$S$2))/\n(VLOOKUP(INDEX(Quantities!$A$100:$A$118,MATCH($A155,Quantities!$C$100:$C$118)),Quantities[],Quantities!$O$2)+VLOOKUP(INDEX(Quantities!$A$100:$A$118,MATCH($A155,Quantities!$C$100:$C$118)),Quantities[],Quantities!$Q$2)+VLOOKUP(A155,Quantities[],Quantities!$S$2)),\n\nIF(AND(B155=\"D\", (VLOOKUP(A155,Quantities[],Quantities!$O$2)+VLOOKUP(A155,Quantities[],Quantities!$Q$2)+VLOOKUP(A155,Quantities[],Quantities!$S$2))>0),\n(VLOOKUP(A155,Quantities[],Quantities!$P$2)*VLOOKUP(A155,Quantities[],Quantities!$O$2)\n+VLOOKUP(A155,Quantities[],Quantities!$R$2)*VLOOKUP(A155,Quantities[],Quantities!$Q$2)\n+VLOOKUP(A155,Quantities[],Quantities!$T$2)*VLOOKUP(A155,Quantities[],Quantities!$S$2))/\n(VLOOKUP(A155,Quantities[],Quantities!$O$2)+VLOOKUP(A155,Quantities[],Quantities!$Q$2)+VLOOKUP(A155,Quantities[],Quantities!$S$2)),\n\nIF($B155=\"Q\", (SUM(VLOOKUP($A155,Quantities[],Quantities!$P$2)*VLOOKUP($A155,Quantities[],Quantities!$O$2),VLOOKUP($A155,Quantities[],Quantities!$R$2)*VLOOKUP($A155,Quantities[],Quantities!$Q$2),VLOOKUP($A155,Quantities[],Quantities!$T$2)*VLOOKUP($A155,Quantities[],Quantities!$S$2)))/SUM(VLOOKUP($A155,Quantities[],Quantities!$O$2),VLOOKUP($A155,Quantities[],Quantities!$Q$2),VLOOKUP($A155,Quantities[],Quantities!$S$2)),\n\n VLOOKUP(A155,Quantities[],Quantities!$H$2)\n))))))","v":"-"},{"$f":"IF(LEFT(D155,1)=\"U\",\"-\",VLOOKUP(D155,Equipment[],Equipment!$B$2))","v":"Cat 16M "}]
[{"$f":"Quantities!$A$59","v":2600},"A","d","Dz2","2600-A-d-Dz2",{"$f":"IF(D156=\"Comb1\",CONCATENATE(VLOOKUP(B156,'Activity-Material_Codes'!$A$2:$B$26,Quantities!$B$2),\"-\",VLOOKUP(A156,Quantities[],Quantities!$D$2)),\nCONCATENATE(\nVLOOKUP(B156,'Activity-Material_Codes'!$A$2:$B$26,Quantities!$B$2),\nIF(AND(B156=\"B\",C156=\"a\"), \" Scraper Grading\", \"\"),\nIF(C156=\"b\",\"\",\"-\"),\nIF(C156=\"b\",\"\",VLOOKUP(A156,Quantities[],Quantities!$D$2)),\nIF(LEFT(TEXT(A156,\"0\"),1)=\"5\",\"\",\"-\"),\nIF(LEFT(TEXT(A156,\"0\"),1)=\"5\",\"\",VLOOKUP(C156,'Activity-Material_Codes'!$A$30:$B$36,Quantities!$B$2))\n))","v":"Grade-Tailing Launder Line-Placed Cover"},{"$f":"CONCATENATE(\nIF(OR(RIGHT(TEXT($A156,\"0\"),Quantities!$B$2)=\"00\",LEFT(TEXT($A156,\"0\"),1)=\"5\",OR($C156=\"b\",$C156=\"f\")),\"\",VLOOKUP($A156,Quantities[],Quantities!$B$2)),\nIF(LEFT(TEXT($A156,\"0\"),1)=\"5\",\"\",\" \"),\nIF(OR(C156=\"a\",C156=\"c\",C156=\"d\",C156=\"e\"),IF(OR(RIGHT(TEXT($A156,\"0\"),Quantities!$B$2)=\"00\",LEFT(TEXT($A156,\"0\"),1)=\"5\"),VLOOKUP($A156,Quantities[],Quantities!$B$2),\"\"),\nIF(LEFT(TEXT($A156,\"0\"),1)=\"5\",VLOOKUP($A156,Quantities[],Quantities!$B$2),\nVLOOKUP(INDEX(Quantities!$A$100:$A$118,MATCH($A156,Quantities!$C$100:$C$118)),Quantities!$A$100:$B$118,Quantities!$B$2))))","v":" Reclaimed Tailing Launder Line"},{"$f":"IF(LEFT(TEXT(A156,\"0\"),1)=\"5\",\nVLOOKUP(VLOOKUP(A156,Quantities!$A$4:$D$118,Quantities!$C$2),Quantities!$A$4:$D$118,Quantities!$C$2),\nIF(OR(C156=\"a\",C156=\"c\",C156=\"d\",C156=\"e\"),\n\"-\",\nIF(RIGHT(TEXT(A156,\"0\"),2)=\"00\",VLOOKUP(A156,Quantities[],Quantities!$B$2),\nIF(C156=\"f\",VLOOKUP(A156,Quantities[],Quantities!$B$2),\nVLOOKUP(A156,Quantities[],Quantities!$C$2))\n)))","v":"-"},{"$f":"IF(OR(AND(LEFT(D156,2)=\"Sc\",B156=\"A\",C156=\"d\"),AND(C156=\"f\",B156=\"D\")),\nSUM(VLOOKUP($A156,Quantities[],Quantities!$O$2),VLOOKUP($A156,Quantities[],Quantities!$Q$2),VLOOKUP($A156,Quantities[],Quantities!$S$2)),\n\nIF(AND(LEFT(D156,2)=\"Sc\",OR(C156=\"a\",C156=\"f\")),\nVLOOKUP(A156,Quantities[],Quantities!$I$2),\n\nIF(AND(B156=\"D\",C156=\"b\"),\n VLOOKUP(INDEX(Quantities!$A$100:$A$118,MATCH($A156,Quantities!$C$100:$C$118)),Quantities!$A$100:$AJ$118,Quantities!$O$2)+\nVLOOKUP(INDEX(Quantities!$A$100:$A$118,MATCH($A156,Quantities!$C$100:$C$118)),Quantities!$A$100:$AJ$118,Quantities!$Q$2)+\nVLOOKUP(INDEX(Quantities!$A$100:$A$118,MATCH($A156,Quantities!$C$100:$C$118)),Quantities!$A$100:$AJ$118,Quantities!$S$2),\n\nIF(OR(B156=\"D\",B156=\"Q\"),\nSUM(VLOOKUP($A156,Quantities[],Quantities!$O$2),VLOOKUP($A156,Quantities[],Quantities!$Q$2),VLOOKUP($A156,Quantities[],Quantities!$S$2)),\n\n VLOOKUP(A156,Quantities[],Quantities!$G$2)\n))))","v":100},{"$f":"IF(LEFT(D156,2)=\"Mg\", VLOOKUP(A156,Quantities[],Quantities!$H$2),\n\nIF(OR(AND(LEFT(D156,2)=\"Sc\",B156=\"A\",C156=\"d\",C156=\"f\")),\n(SUM(VLOOKUP($A156,Quantities[],Quantities!$P$2)*VLOOKUP($A156,Quantities[],Quantities!$O$2),VLOOKUP($A156,Quantities[],Quantities!$R$2)*VLOOKUP($A156,Quantities[],Quantities!$Q$2),VLOOKUP($A156,Quantities[],Quantities!$T$2)*VLOOKUP($A156,Quantities[],Quantities!$S$2)))/SUM(VLOOKUP($A156,Quantities[],Quantities!$O$2),VLOOKUP($A156,Quantities[],Quantities!$Q$2),VLOOKUP($A156,Quantities[],Quantities!$S$2)),\n\nIF(AND(LEFT(D156,2)=\"Sc\",OR(C156=\"a\",C156=\"f\")),\nVLOOKUP(A156,Quantities[],Quantities!$J$2),\n\nIF(AND(B156=\"D\",C156=\"b\", (VLOOKUP(INDEX(Quantities!$A$100:$A$118,MATCH($A156,Quantities!$C$100:$C$118)),Quantities[],Quantities!$O$2)+VLOOKUP(INDEX(Quantities!$A$100:$A$118,MATCH($A156,Quantities!$C$100:$C$118)),Quantities[],Quantities!$Q$2)+VLOOKUP(INDEX(Quantities!$A$100:$A$118,MATCH($A156,Quantities!$C$100:$C$118)),Quantities[],Quantities!$S$2))>0),\n(VLOOKUP(INDEX(Quantities!$A$100:$A$118,MATCH($A156,Quantities!$C$100:$C$118)),Quantities[],Quantities!$P$2)*VLOOKUP(INDEX(Quantities!$A$100:$A$118,MATCH($A156,Quantities!$C$100:$C$118)),Quantities[],Quantities!$O$2)\n+VLOOKUP(INDEX(Quantities!$A$100:$A$118,MATCH($A156,Quantities!$C$100:$C$118)),Quantities[],Quantities!$R$2)*VLOOKUP(INDEX(Quantities!$A$100:$A$118,MATCH($A156,Quantities!$C$100:$C$118)),Quantities[],Quantities!$Q$2)\n+VLOOKUP(INDEX(Quantities!$A$100:$A$118,MATCH($A156,Quantities!$C$100:$C$118)),Quantities[],Quantities!$T$2)*VLOOKUP(INDEX(Quantities!$A$100:$A$118,MATCH($A156,Quantities!$C$100:$C$118)),Quantities[],Quantities!$S$2))/\n(VLOOKUP(INDEX(Quantities!$A$100:$A$118,MATCH($A156,Quantities!$C$100:$C$118)),Quantities[],Quantities!$O$2)+VLOOKUP(INDEX(Quantities!$A$100:$A$118,MATCH($A156,Quantities!$C$100:$C$118)),Quantities[],Quantities!$Q$2)+VLOOKUP(A156,Quantities[],Quantities!$S$2)),\n\nIF(AND(B156=\"D\", (VLOOKUP(A156,Quantities[],Quantities!$O$2)+VLOOKUP(A156,Quantities[],Quantities!$Q$2)+VLOOKUP(A156,Quantities[],Quantities!$S$2))>0),\n(VLOOKUP(A156,Quantities[],Quantities!$P$2)*VLOOKUP(A156,Quantities[],Quantities!$O$2)\n+VLOOKUP(A156,Quantities[],Quantities!$R$2)*VLOOKUP(A156,Quantities[],Quantities!$Q$2)\n+VLOOKUP(A156,Quantities[],Quantities!$T$2)*VLOOKUP(A156,Quantities[],Quantities!$S$2))/\n(VLOOKUP(A156,Quantities[],Quantities!$O$2)+VLOOKUP(A156,Quantities[],Quantities!$Q$2)+VLOOKUP(A156,Quantities[],Quantities!$S$2)),\n\nIF($B156=\"Q\", (SUM(VLOOKUP($A156,Quantities[],Quantities!$P$2)*VLOOKUP($A156,Quantities[],Quantities!$O$2),VLOOKUP($A156,Quantities[],Quantities!$R$2)*VLOOKUP($A156,Quantities[],Quantities!$Q$2),VLOOKUP($A156,Quantities[],Quantities!$T$2)*VLOOKUP($A156,Quantities[],Quantities!$S$2)))/SUM(VLOOKUP($A156,Quantities[],Quantities!$O$2),VLOOKUP($A156,Quantities[],Quantities!$Q$2),VLOOKUP($A156,Quantities[],Quantities!$S$2)),\n\n VLOOKUP(A156,Quantities[],Quantities!$H$2)\n))))))","v":0.01},{"$f":"IF(LEFT(D156,1)=\"U\",\"-\",VLOOKUP(D156,Equipment[],Equipment!$B$2))","v":"Cat D11T CD"}]
[{"$f":"Quantities!$A$67","v":2900},"A","d","Mg1",{"$f":"CONCATENATE(TEXT(A157,\"0\"),\"-\",B157,\"-\",C157,\"-\",D157)","v":"2900-A-d-Mg1"},{"$f":"IF(D157=\"Comb1\",CONCATENATE(VLOOKUP(B157,'Activity-Material_Codes'!$A$2:$B$26,Quantities!$B$2),\"-\",VLOOKUP(A157,Quantities[],Quantities!$D$2)),\nCONCATENATE(\nVLOOKUP(B157,'Activity-Material_Codes'!$A$2:$B$26,Quantities!$B$2),\nIF(AND(B157=\"B\",C157=\"a\"), \" Scraper Grading\", \"\"),\nIF(C157=\"b\",\"\",\"-\"),\nIF(C157=\"b\",\"\",VLOOKUP(A157,Quantities[],Quantities!$D$2)),\nIF(LEFT(TEXT(A157,\"0\"),1)=\"5\",\"\",\"-\"),\nIF(LEFT(TEXT(A157,\"0\"),1)=\"5\",\"\",VLOOKUP(C157,'Activity-Material_Codes'!$A$30:$B$36,Quantities!$B$2))\n))","v":"Grade-Tailing Pumphouse-Placed Cover"},{"$f":"CONCATENATE(\nIF(OR(RIGHT(TEXT($A157,\"0\"),Quantities!$B$2)=\"00\",LEFT(TEXT($A157,\"0\"),1)=\"5\",OR($C157=\"b\",$C157=\"f\")),\"\",VLOOKUP($A157,Quantities[],Quantities!$B$2)),\nIF(LEFT(TEXT($A157,\"0\"),1)=\"5\",\"\",\" \"),\nIF(OR(C157=\"a\",C157=\"c\",C157=\"d\",C157=\"e\"),IF(OR(RIGHT(TEXT($A157,\"0\"),Quantities!$B$2)=\"00\",LEFT(TEXT($A157,\"0\"),1)=\"5\"),VLOOKUP($A157,Quantities[],Quantities!$B$2),\"\"),\nIF(LEFT(TEXT($A157,\"0\"),1)=\"5\",VLOOKUP($A157,Quantities[],Quantities!$B$2),\nVLOOKUP(INDEX(Quantities!$A$100:$A$118,MATCH($A157,Quantities!$C$100:$C$118)),Quantities!$A$100:$B$118,Quantities!$B$2))))","v":" Reclaimed 1 Tailing Impoundment Reclaim Water Pumphouse Station"},{"$f":"IF(LEFT(TEXT(A157,\"0\"),1)=\"5\",\nVLOOKUP(VLOOKUP(A157,Quantities!$A$4:$D$118,Quantities!$C$2),Quantities!$A$4:$D$118,Quantities!$C$2),\nIF(OR(C157=\"a\",C157=\"c\",C157=\"d\",C157=\"e\"),\n\"-\",\nIF(RIGHT(TEXT(A157,\"0\"),2)=\"00\",VLOOKUP(A157,Quantities[],Quantities!$B$2),\nIF(C157=\"f\",VLOOKUP(A157,Quantities[],Quantities!$B$2),\nVLOOKUP(A157,Quantities[],Quantities!$C$2))\n)))","v":"-"},{"$f":"IF(OR(AND(LEFT(D157,2)=\"Sc\",B157=\"A\",C157=\"d\"),AND(C157=\"f\",B157=\"D\")),\nSUM(VLOOKUP($A157,Quantities[],Quantities!$O$2),VLOOKUP($A157,Quantities[],Quantities!$Q$2),VLOOKUP($A157,Quantities[],Quantities!$S$2)),\n\nIF(AND(LEFT(D157,2)=\"Sc\",OR(C157=\"a\",C157=\"f\")),\nVLOOKUP(A157,Quantities[],Quantities!$I$2),\n\nIF(AND(B157=\"D\",C157=\"b\"),\n VLOOKUP(INDEX(Quantities!$A$100:$A$118,MATCH($A157,Quantities!$C$100:$C$118)),Quantities!$A$100:$AJ$118,Quantities!$O$2)+\nVLOOKUP(INDEX(Quantities!$A$100:$A$118,MATCH($A157,Quantities!$C$100:$C$118)),Quantities!$A$100:$AJ$118,Quantities!$Q$2)+\nVLOOKUP(INDEX(Quantities!$A$100:$A$118,MATCH($A157,Quantities!$C$100:$C$118)),Quantities!$A$100:$AJ$118,Quantities!$S$2),\n\nIF(OR(B157=\"D\",B157=\"Q\"),\nSUM(VLOOKUP($A157,Quantities[],Quantities!$O$2),VLOOKUP($A157,Quantities[],Quantities!$Q$2),VLOOKUP($A157,Quantities[],Quantities!$S$2)),\n\n VLOOKUP(A157,Quantities[],Quantities!$G$2)\n))))","v":2950},{"$f":"IF(LEFT(D157,2)=\"Mg\", VLOOKUP(A157,Quantities[],Quantities!$H$2),\n\nIF(OR(AND(LEFT(D157,2)=\"Sc\",B157=\"A\",C157=\"d\",C157=\"f\")),\n(SUM(VLOOKUP($A157,Quantities[],Quantities!$P$2)*VLOOKUP($A157,Quantities[],Quantities!$O$2),VLOOKUP($A157,Quantities[],Quantities!$R$2)*VLOOKUP($A157,Quantities[],Quantities!$Q$2),VLOOKUP($A157,Quantities[],Quantities!$T$2)*VLOOKUP($A157,Quantities[],Quantities!$S$2)))/SUM(VLOOKUP($A157,Quantities[],Quantities!$O$2),VLOOKUP($A157,Quantities[],Quantities!$Q$2),VLOOKUP($A157,Quantities[],Quantities!$S$2)),\n\nIF(AND(LEFT(D157,2)=\"Sc\",OR(C157=\"a\",C157=\"f\")),\nVLOOKUP(A157,Quantities[],Quantities!$J$2),\n\nIF(AND(B157=\"D\",C157=\"b\", (VLOOKUP(INDEX(Quantities!$A$100:$A$118,MATCH($A157,Quantities!$C$100:$C$118)),Quantities[],Quantities!$O$2)+VLOOKUP(INDEX(Quantities!$A$100:$A$118,MATCH($A157,Quantities!$C$100:$C$118)),Quantities[],Quantities!$Q$2)+VLOOKUP(INDEX(Quantities!$A$100:$A$118,MATCH($A157,Quantities!$C$100:$C$118)),Quantities[],Quantities!$S$2))>0),\n(VLOOKUP(INDEX(Quantities!$A$100:$A$118,MATCH($A157,Quantities!$C$100:$C$118)),Quantities[],Quantities!$P$2)*VLOOKUP(INDEX(Quantities!$A$100:$A$118,MATCH($A157,Quantities!$C$100:$C$118)),Quantities[],Quantities!$O$2)\n+VLOOKUP(INDEX(Quantities!$A$100:$A$118,MATCH($A157,Quantities!$C$100:$C$118)),Quantities[],Quantities!$R$2)*VLOOKUP(INDEX(Quantities!$A$100:$A$118,MATCH($A157,Quantities!$C$100:$C$118)),Quantities[],Quantities!$Q$2)\n+VLOOKUP(INDEX(Quantities!$A$100:$A$118,MATCH($A157,Quantities!$C$100:$C$118)),Quantities[],Quantities!$T$2)*VLOOKUP(INDEX(Quantities!$A$100:$A$118,MATCH($A157,Quantities!$C$100:$C$118)),Quantities[],Quantities!$S$2))/\n(VLOOKUP(INDEX(Quantities!$A$100:$A$118,MATCH($A157,Quantities!$C$100:$C$118)),Quantities[],Quantities!$O$2)+VLOOKUP(INDEX(Quantities!$A$100:$A$118,MATCH($A157,Quantities!$C$100:$C$118)),Quantities[],Quantities!$Q$2)+VLOOKUP(A157,Quantities[],Quantities!$S$2)),\n\nIF(AND(B157=\"D\", (VLOOKUP(A157,Quantities[],Quantities!$O$2)+VLOOKUP(A157,Quantities[],Quantities!$Q$2)+VLOOKUP(A157,Quantities[],Quantities!$S$2))>0),\n(VLOOKUP(A157,Quantities[],Quantities!$P$2)*VLOOKUP(A157,Quantities[],Quantities!$O$2)\n+VLOOKUP(A157,Quantities[],Quantities!$R$2)*VLOOKUP(A157,Quantities[],Quantities!$Q$2)\n+VLOOKUP(A157,Quantities[],Quantities!$T$2)*VLOOKUP(A157,Quantities[],Quantities!$S$2))/\n(VLOOKUP(A157,Quantities[],Quantities!$O$2)+VLOOKUP(A157,Quantities[],Quantities!$Q$2)+VLOOKUP(A157,Quantities[],Quantities!$S$2)),\n\nIF($B157=\"Q\", (SUM(VLOOKUP($A157,Quantities[],Quantities!$P$2)*VLOOKUP($A157,Quantities[],Quantities!$O$2),VLOOKUP($A157,Quantities[],Quantities!$R$2)*VLOOKUP($A157,Quantities[],Quantities!$Q$2),VLOOKUP($A157,Quantities[],Quantities!$T$2)*VLOOKUP($A157,Quantities[],Quantities!$S$2)))/SUM(VLOOKUP($A157,Quantities[],Quantities!$O$2),VLOOKUP($A157,Quantities[],Quantities!$Q$2),VLOOKUP($A157,Quantities[],Quantities!$S$2)),\n\n VLOOKUP(A157,Quantities[],Quantities!$H$2)\n))))))","v":0.01},{"$f":"IF(LEFT(D157,1)=\"U\",\"-\",VLOOKUP(D157,Equipment[],Equipment!$B$2))","v":"Cat 16M "}]
[{"$f":"Quantities!$A$4","v":1000},"J","e",{"$f":"'Unit Rates'!$A$12","v":"U2"},"1000-J-e-U2",{"$f":"IF(D158=\"Comb1\",CONCATENATE(VLOOKUP(B158,'Activity-Material_Codes'!$A$2:$B$26,Quantities!$B$2),\"-\",VLOOKUP(A158,Quantities[],Quantities!$D$2)),\nCONCATENATE(\nVLOOKUP(B158,'Activity-Material_Codes'!$A$2:$B$26,Quantities!$B$2),\nIF(AND(B158=\"B\",C158=\"a\"), \" Scraper Grading\", \"\"),\nIF(C158=\"b\",\"\",\"-\"),\nIF(C158=\"b\",\"\",VLOOKUP(A158,Quantities[],Quantities!$D$2)),\nIF(LEFT(TEXT(A158,\"0\"),1)=\"5\",\"\",\"-\"),\nIF(LEFT(TEXT(A158,\"0\"),1)=\"5\",\"\",VLOOKUP(C158,'Activity-Material_Codes'!$A$30:$B$36,Quantities!$B$2))\n))","v":"Revegetate-Entire Stockpile-Final Grade"},{"$f":"CONCATENATE(\nIF(OR(RIGHT(TEXT($A158,\"0\"),Quantities!$B$2)=\"00\",LEFT(TEXT($A158,\"0\"),1)=\"5\",OR($C158=\"b\",$C158=\"f\")),\"\",VLOOKUP($A158,Quantities[],Quantities!$B$2)),\nIF(LEFT(TEXT($A158,\"0\"),1)=\"5\",\"\",\" \"),\nIF(OR(C158=\"a\",C158=\"c\",C158=\"d\",C158=\"e\"),IF(OR(RIGHT(TEXT($A158,\"0\"),Quantities!$B$2)=\"00\",LEFT(TEXT($A158,\"0\"),1)=\"5\"),VLOOKUP($A158,Quantities[],Quantities!$B$2),\"\"),\nIF(LEFT(TEXT($A158,\"0\"),1)=\"5\",VLOOKUP($A158,Quantities[],Quantities!$B$2),\nVLOOKUP(INDEX(Quantities!$A$100:$A$118,MATCH($A158,Quantities!$C$100:$C$118)),Quantities!$A$100:$B$118,Quantities!$B$2))))","v":" 1A Leach, 1B Leach "},{"$f":"IF(LEFT(TEXT(A158,\"0\"),1)=\"5\",\nVLOOKUP(VLOOKUP(A158,Quantities!$A$4:$D$118,Quantities!$C$2),Quantities!$A$4:$D$118,Quantities!$C$2),\nIF(OR(C158=\"a\",C158=\"c\",C158=\"d\",C158=\"e\"),\n\"-\",\nIF(RIGHT(TEXT(A158,\"0\"),2)=\"00\",VLOOKUP(A158,Quantities[],Quantities!$B$2),\nIF(C158=\"f\",VLOOKUP(A158,Quantities[],Quantities!$B$2),\nVLOOKUP(A158,Quantities[],Quantities!$C$2))\n)))","v":"-"},{"$f":"IF(OR(AND(LEFT(D158,2)=\"Sc\",B158=\"A\",C158=\"d\"),AND(C158=\"f\",B158=\"D\")),\nSUM(VLOOKUP($A158,Quantities[],Quantities!$O$2),VLOOKUP($A158,Quantities[],Quantities!$Q$2),VLOOKUP($A158,Quantities[],Quantities!$S$2)),\n\nIF(AND(LEFT(D158,2)=\"Sc\",OR(C158=\"a\",C158=\"f\")),\nVLOOKUP(A158,Quantities[],Quantities!$I$2),\n\nIF(AND(B158=\"D\",C158=\"b\"),\n VLOOKUP(INDEX(Quantities!$A$100:$A$118,MATCH($A158,Quantities!$C$100:$C$118)),Quantities!$A$100:$AJ$118,Quantities!$O$2)+\nVLOOKUP(INDEX(Quantities!$A$100:$A$118,MATCH($A158,Quantities!$C$100:$C$118)),Quantities!$A$100:$AJ$118,Quantities!$Q$2)+\nVLOOKUP(INDEX(Quantities!$A$100:$A$118,MATCH($A158,Quantities!$C$100:$C$118)),Quantities!$A$100:$AJ$118,Quantities!$S$2),\n\nIF(OR(B158=\"D\",B158=\"Q\"),\nSUM(VLOOKUP($A158,Quantities[],Quantities!$O$2),VLOOKUP($A158,Quantities[],Quantities!$Q$2),VLOOKUP($A158,Quantities[],Quantities!$S$2)),\n\n VLOOKUP(A158,Quantities[],Quantities!$G$2)\n))))","v":0},{"$f":"IF(LEFT(D158,2)=\"Mg\", VLOOKUP(A158,Quantities[],Quantities!$H$2),\n\nIF(OR(AND(LEFT(D158,2)=\"Sc\",B158=\"A\",C158=\"d\",C158=\"f\")),\n(SUM(VLOOKUP($A158,Quantities[],Quantities!$P$2)*VLOOKUP($A158,Quantities[],Quantities!$O$2),VLOOKUP($A158,Quantities[],Quantities!$R$2)*VLOOKUP($A158,Quantities[],Quantities!$Q$2),VLOOKUP($A158,Quantities[],Quantities!$T$2)*VLOOKUP($A158,Quantities[],Quantities!$S$2)))/SUM(VLOOKUP($A158,Quantities[],Quantities!$O$2),VLOOKUP($A158,Quantities[],Quantities!$Q$2),VLOOKUP($A158,Quantities[],Quantities!$S$2)),\n\nIF(AND(LEFT(D158,2)=\"Sc\",OR(C158=\"a\",C158=\"f\")),\nVLOOKUP(A158,Quantities[],Quantities!$J$2),\n\nIF(AND(B158=\"D\",C158=\"b\", (VLOOKUP(INDEX(Quantities!$A$100:$A$118,MATCH($A158,Quantities!$C$100:$C$118)),Quantities[],Quantities!$O$2)+VLOOKUP(INDEX(Quantities!$A$100:$A$118,MATCH($A158,Quantities!$C$100:$C$118)),Quantities[],Quantities!$Q$2)+VLOOKUP(INDEX(Quantities!$A$100:$A$118,MATCH($A158,Quantities!$C$100:$C$118)),Quantities[],Quantities!$S$2))>0),\n(VLOOKUP(INDEX(Quantities!$A$100:$A$118,MATCH($A158,Quantities!$C$100:$C$118)),Quantities[],Quantities!$P$2)*VLOOKUP(INDEX(Quantities!$A$100:$A$118,MATCH($A158,Quantities!$C$100:$C$118)),Quantities[],Quantities!$O$2)\n+VLOOKUP(INDEX(Quantities!$A$100:$A$118,MATCH($A158,Quantities!$C$100:$C$118)),Quantities[],Quantities!$R$2)*VLOOKUP(INDEX(Quantities!$A$100:$A$118,MATCH($A158,Quantities!$C$100:$C$118)),Quantities[],Quantities!$Q$2)\n+VLOOKUP(INDEX(Quantities!$A$100:$A$118,MATCH($A158,Quantities!$C$100:$C$118)),Quantities[],Quantities!$T$2)*VLOOKUP(INDEX(Quantities!$A$100:$A$118,MATCH($A158,Quantities!$C$100:$C$118)),Quantities[],Quantities!$S$2))/\n(VLOOKUP(INDEX(Quantities!$A$100:$A$118,MATCH($A158,Quantities!$C$100:$C$118)),Quantities[],Quantities!$O$2)+VLOOKUP(INDEX(Quantities!$A$100:$A$118,MATCH($A158,Quantities!$C$100:$C$118)),Quantities[],Quantities!$Q$2)+VLOOKUP(A158,Quantities[],Quantities!$S$2)),\n\nIF(AND(B158=\"D\", (VLOOKUP(A158,Quantities[],Quantities!$O$2)+VLOOKUP(A158,Quantities[],Quantities!$Q$2)+VLOOKUP(A158,Quantities[],Quantities!$S$2))>0),\n(VLOOKUP(A158,Quantities[],Quantities!$P$2)*VLOOKUP(A158,Quantities[],Quantities!$O$2)\n+VLOOKUP(A158,Quantities[],Quantities!$R$2)*VLOOKUP(A158,Quantities[],Quantities!$Q$2)\n+VLOOKUP(A158,Quantities[],Quantities!$T$2)*VLOOKUP(A158,Quantities[],Quantities!$S$2))/\n(VLOOKUP(A158,Quantities[],Quantities!$O$2)+VLOOKUP(A158,Quantities[],Quantities!$Q$2)+VLOOKUP(A158,Quantities[],Quantities!$S$2)),\n\nIF($B158=\"Q\", (SUM(VLOOKUP($A158,Quantities[],Quantities!$P$2)*VLOOKUP($A158,Quantities[],Quantities!$O$2),VLOOKUP($A158,Quantities[],Quantities!$R$2)*VLOOKUP($A158,Quantities[],Quantities!$Q$2),VLOOKUP($A158,Quantities[],Quantities!$T$2)*VLOOKUP($A158,Quantities[],Quantities!$S$2)))/SUM(VLOOKUP($A158,Quantities[],Quantities!$O$2),VLOOKUP($A158,Quantities[],Quantities!$Q$2),VLOOKUP($A158,Quantities[],Quantities!$S$2)),\n\n VLOOKUP(A158,Quantities[],Quantities!$H$2)\n))))))","v":"-"},{"$f":"IF(LEFT(D158,1)=\"U\",\"-\",VLOOKUP(D158,Equipment[],Equipment!$B$2))","v":"-"}]
[{"$f":"Quantities!$A$8","v":1100},"J","e",{"$f":"'Unit Rates'!$A$12","v":"U2"},"1100-J-e-U2",{"$f":"IF(D159=\"Comb1\",CONCATENATE(VLOOKUP(B159,'Activity-Material_Codes'!$A$2:$B$26,Quantities!$B$2),\"-\",VLOOKUP(A159,Quantities[],Quantities!$D$2)),\nCONCATENATE(\nVLOOKUP(B159,'Activity-Material_Codes'!$A$2:$B$26,Quantities!$B$2),\nIF(AND(B159=\"B\",C159=\"a\"), \" Scraper Grading\", \"\"),\nIF(C159=\"b\",\"\",\"-\"),\nIF(C159=\"b\",\"\",VLOOKUP(A159,Quantities[],Quantities!$D$2)),\nIF(LEFT(TEXT(A159,\"0\"),1)=\"5\",\"\",\"-\"),\nIF(LEFT(TEXT(A159,\"0\"),1)=\"5\",\"\",VLOOKUP(C159,'Activity-Material_Codes'!$A$30:$B$36,Quantities!$B$2))\n))","v":"Revegetate-Top (Haul Road)-Final Grade"},{"$f":"CONCATENATE(\nIF(OR(RIGHT(TEXT($A159,\"0\"),Quantities!$B$2)=\"00\",LEFT(TEXT($A159,\"0\"),1)=\"5\",OR($C159=\"b\",$C159=\"f\")),\"\",VLOOKUP($A159,Quantities[],Quantities!$B$2)),\nIF(LEFT(TEXT($A159,\"0\"),1)=\"5\",\"\",\" \"),\nIF(OR(C159=\"a\",C159=\"c\",C159=\"d\",C159=\"e\"),IF(OR(RIGHT(TEXT($A159,\"0\"),Quantities!$B$2)=\"00\",LEFT(TEXT($A159,\"0\"),1)=\"5\"),VLOOKUP($A159,Quantities[],Quantities!$B$2),\"\"),\nIF(LEFT(TEXT($A159,\"0\"),1)=\"5\",VLOOKUP($A159,Quantities[],Quantities!$B$2),\nVLOOKUP(INDEX(Quantities!$A$100:$A$118,MATCH($A159,Quantities!$C$100:$C$118)),Quantities!$A$100:$B$118,Quantities!$B$2))))","v":" Reclaimed 1C Waste"},{"$f":"IF(LEFT(TEXT(A159,\"0\"),1)=\"5\",\nVLOOKUP(VLOOKUP(A159,Quantities!$A$4:$D$118,Quantities!$C$2),Quantities!$A$4:$D$118,Quantities!$C$2),\nIF(OR(C159=\"a\",C159=\"c\",C159=\"d\",C159=\"e\"),\n\"-\",\nIF(RIGHT(TEXT(A159,\"0\"),2)=\"00\",VLOOKUP(A159,Quantities[],Quantities!$B$2),\nIF(C159=\"f\",VLOOKUP(A159,Quantities[],Quantities!$B$2),\nVLOOKUP(A159,Quantities[],Quantities!$C$2))\n)))","v":"-"},{"$f":"IF(OR(AND(LEFT(D159,2)=\"Sc\",B159=\"A\",C159=\"d\"),AND(C159=\"f\",B159=\"D\")),\nSUM(VLOOKUP($A159,Quantities[],Quantities!$O$2),VLOOKUP($A159,Quantities[],Quantities!$Q$2),VLOOKUP($A159,Quantities[],Quantities!$S$2)),\n\nIF(AND(LEFT(D159,2)=\"Sc\",OR(C159=\"a\",C159=\"f\")),\nVLOOKUP(A159,Quantities[],Quantities!$I$2),\n\nIF(AND(B159=\"D\",C159=\"b\"),\n VLOOKUP(INDEX(Quantities!$A$100:$A$118,MATCH($A159,Quantities!$C$100:$C$118)),Quantities!$A$100:$AJ$118,Quantities!$O$2)+\nVLOOKUP(INDEX(Quantities!$A$100:$A$118,MATCH($A159,Quantities!$C$100:$C$118)),Quantities!$A$100:$AJ$118,Quantities!$Q$2)+\nVLOOKUP(INDEX(Quantities!$A$100:$A$118,MATCH($A159,Quantities!$C$100:$C$118)),Quantities!$A$100:$AJ$118,Quantities!$S$2),\n\nIF(OR(B159=\"D\",B159=\"Q\"),\nSUM(VLOOKUP($A159,Quantities[],Quantities!$O$2),VLOOKUP($A159,Quantities[],Quantities!$Q$2),VLOOKUP($A159,Quantities[],Quantities!$S$2)),\n\n VLOOKUP(A159,Quantities[],Quantities!$G$2)\n))))","v":0},{"$f":"IF(LEFT(D159,2)=\"Mg\", VLOOKUP(A159,Quantities[],Quantities!$H$2),\n\nIF(OR(AND(LEFT(D159,2)=\"Sc\",B159=\"A\",C159=\"d\",C159=\"f\")),\n(SUM(VLOOKUP($A159,Quantities[],Quantities!$P$2)*VLOOKUP($A159,Quantities[],Quantities!$O$2),VLOOKUP($A159,Quantities[],Quantities!$R$2)*VLOOKUP($A159,Quantities[],Quantities!$Q$2),VLOOKUP($A159,Quantities[],Quantities!$T$2)*VLOOKUP($A159,Quantities[],Quantities!$S$2)))/SUM(VLOOKUP($A159,Quantities[],Quantities!$O$2),VLOOKUP($A159,Quantities[],Quantities!$Q$2),VLOOKUP($A159,Quantities[],Quantities!$S$2)),\n\nIF(AND(LEFT(D159,2)=\"Sc\",OR(C159=\"a\",C159=\"f\")),\nVLOOKUP(A159,Quantities[],Quantities!$J$2),\n\nIF(AND(B159=\"D\",C159=\"b\", (VLOOKUP(INDEX(Quantities!$A$100:$A$118,MATCH($A159,Quantities!$C$100:$C$118)),Quantities[],Quantities!$O$2)+VLOOKUP(INDEX(Quantities!$A$100:$A$118,MATCH($A159,Quantities!$C$100:$C$118)),Quantities[],Quantities!$Q$2)+VLOOKUP(INDEX(Quantities!$A$100:$A$118,MATCH($A159,Quantities!$C$100:$C$118)),Quantities[],Quantities!$S$2))>0),\n(VLOOKUP(INDEX(Quantities!$A$100:$A$118,MATCH($A159,Quantities!$C$100:$C$118)),Quantities[],Quantities!$P$2)*VLOOKUP(INDEX(Quantities!$A$100:$A$118,MATCH($A159,Quantities!$C$100:$C$118)),Quantities[],Quantities!$O$2)\n+VLOOKUP(INDEX(Quantities!$A$100:$A$118,MATCH($A159,Quantities!$C$100:$C$118)),Quantities[],Quantities!$R$2)*VLOOKUP(INDEX(Quantities!$A$100:$A$118,MATCH($A159,Quantities!$C$100:$C$118)),Quantities[],Quantities!$Q$2)\n+VLOOKUP(INDEX(Quantities!$A$100:$A$118,MATCH($A159,Quantities!$C$100:$C$118)),Quantities[],Quantities!$T$2)*VLOOKUP(INDEX(Quantities!$A$100:$A$118,MATCH($A159,Quantities!$C$100:$C$118)),Quantities[],Quantities!$S$2))/\n(VLOOKUP(INDEX(Quantities!$A$100:$A$118,MATCH($A159,Quantities!$C$100:$C$118)),Quantities[],Quantities!$O$2)+VLOOKUP(INDEX(Quantities!$A$100:$A$118,MATCH($A159,Quantities!$C$100:$C$118)),Quantities[],Quantities!$Q$2)+VLOOKUP(A159,Quantities[],Quantities!$S$2)),\n\nIF(AND(B159=\"D\", (VLOOKUP(A159,Quantities[],Quantities!$O$2)+VLOOKUP(A159,Quantities[],Quantities!$Q$2)+VLOOKUP(A159,Quantities[],Quantities!$S$2))>0),\n(VLOOKUP(A159,Quantities[],Quantities!$P$2)*VLOOKUP(A159,Quantities[],Quantities!$O$2)\n+VLOOKUP(A159,Quantities[],Quantities!$R$2)*VLOOKUP(A159,Quantities[],Quantities!$Q$2)\n+VLOOKUP(A159,Quantities[],Quantities!$T$2)*VLOOKUP(A159,Quantities[],Quantities!$S$2))/\n(VLOOKUP(A159,Quantities[],Quantities!$O$2)+VLOOKUP(A159,Quantities[],Quantities!$Q$2)+VLOOKUP(A159,Quantities[],Quantities!$S$2)),\n\nIF($B159=\"Q\", (SUM(VLOOKUP($A159,Quantities[],Quantities!$P$2)*VLOOKUP($A159,Quantities[],Quantities!$O$2),VLOOKUP($A159,Quantities[],Quantities!$R$2)*VLOOKUP($A159,Quantities[],Quantities!$Q$2),VLOOKUP($A159,Quantities[],Quantities!$T$2)*VLOOKUP($A159,Quantities[],Quantities!$S$2)))/SUM(VLOOKUP($A159,Quantities[],Quantities!$O$2),VLOOKUP($A159,Quantities[],Quantities!$Q$2),VLOOKUP($A159,Quantities[],Quantities!$S$2)),\n\n VLOOKUP(A159,Quantities[],Quantities!$H$2)\n))))))","v":0},{"$f":"IF(LEFT(D159,1)=\"U\",\"-\",VLOOKUP(D159,Equipment[],Equipment!$B$2))","v":"-"}]
[{"$f":"Quantities!$A$9","v":1200},"J","e",{"$f":"'Unit Rates'!$A$12","v":"U2"},"1200-J-e-U2",{"$f":"IF(D160=\"Comb1\",CONCATENATE(VLOOKUP(B160,'Activity-Material_Codes'!$A$2:$B$26,Quantities!$B$2),\"-\",VLOOKUP(A160,Quantities[],Quantities!$D$2)),\nCONCATENATE(\nVLOOKUP(B160,'Activity-Material_Codes'!$A$2:$B$26,Quantities!$B$2),\nIF(AND(B160=\"B\",C160=\"a\"), \" Scraper Grading\", \"\"),\nIF(C160=\"b\",\"\",\"-\"),\nIF(C160=\"b\",\"\",VLOOKUP(A160,Quantities[],Quantities!$D$2)),\nIF(LEFT(TEXT(A160,\"0\"),1)=\"5\",\"\",\"-\"),\nIF(LEFT(TEXT(A160,\"0\"),1)=\"5\",\"\",VLOOKUP(C160,'Activity-Material_Codes'!$A$30:$B$36,Quantities!$B$2))\n))","v":"Revegetate-Entire Stockpile-Final Grade"},{"$f":"CONCATENATE(\nIF(OR(RIGHT(TEXT($A160,\"0\"),Quantities!$B$2)=\"00\",LEFT(TEXT($A160,\"0\"),1)=\"5\",OR($C160=\"b\",$C160=\"f\")),\"\",VLOOKUP($A160,Quantities[],Quantities!$B$2)),\nIF(LEFT(TEXT($A160,\"0\"),1)=\"5\",\"\",\" \"),\nIF(OR(C160=\"a\",C160=\"c\",C160=\"d\",C160=\"e\"),IF(OR(RIGHT(TEXT($A160,\"0\"),Quantities!$B$2)=\"00\",LEFT(TEXT($A160,\"0\"),1)=\"5\"),VLOOKUP($A160,Quantities[],Quantities!$B$2),\"\"),\nIF(LEFT(TEXT($A160,\"0\"),1)=\"5\",VLOOKUP($A160,Quantities[],Quantities!$B$2),\nVLOOKUP(INDEX(Quantities!$A$100:$A$118,MATCH($A160,Quantities!$C$100:$C$118)),Quantities!$A$100:$B$118,Quantities!$B$2))))","v":" 2B Waste, 2A Leach, 2B Leach"},{"$f":"IF(LEFT(TEXT(A160,\"0\"),1)=\"5\",\nVLOOKUP(VLOOKUP(A160,Quantities!$A$4:$D$118,Quantities!$C$2),Quantities!$A$4:$D$118,Quantities!$C$2),\nIF(OR(C160=\"a\",C160=\"c\",C160=\"d\",C160=\"e\"),\n\"-\",\nIF(RIGHT(TEXT(A160,\"0\"),2)=\"00\",VLOOKUP(A160,Quantities[],Quantities!$B$2),\nIF(C160=\"f\",VLOOKUP(A160,Quantities[],Quantities!$B$2),\nVLOOKUP(A160,Quantities[],Quantities!$C$2))\n)))","v":"-"},{"$f":"IF(OR(AND(LEFT(D160,2)=\"Sc\",B160=\"A\",C160=\"d\"),AND(C160=\"f\",B160=\"D\")),\nSUM(VLOOKUP($A160,Quantities[],Quantities!$O$2),VLOOKUP($A160,Quantities[],Quantities!$Q$2),VLOOKUP($A160,Quantities[],Quantities!$S$2)),\n\nIF(AND(LEFT(D160,2)=\"Sc\",OR(C160=\"a\",C160=\"f\")),\nVLOOKUP(A160,Quantities[],Quantities!$I$2),\n\nIF(AND(B160=\"D\",C160=\"b\"),\n VLOOKUP(INDEX(Quantities!$A$100:$A$118,MATCH($A160,Quantities!$C$100:$C$118)),Quantities!$A$100:$AJ$118,Quantities!$O$2)+\nVLOOKUP(INDEX(Quantities!$A$100:$A$118,MATCH($A160,Quantities!$C$100:$C$118)),Quantities!$A$100:$AJ$118,Quantities!$Q$2)+\nVLOOKUP(INDEX(Quantities!$A$100:$A$118,MATCH($A160,Quantities!$C$100:$C$118)),Quantities!$A$100:$AJ$118,Quantities!$S$2),\n\nIF(OR(B160=\"D\",B160=\"Q\"),\nSUM(VLOOKUP($A160,Quantities[],Quantities!$O$2),VLOOKUP($A160,Quantities[],Quantities!$Q$2),VLOOKUP($A160,Quantities[],Quantities!$S$2)),\n\n VLOOKUP(A160,Quantities[],Quantities!$G$2)\n))))","v":0},{"$f":"IF(LEFT(D160,2)=\"Mg\", VLOOKUP(A160,Quantities[],Quantities!$H$2),\n\nIF(OR(AND(LEFT(D160,2)=\"Sc\",B160=\"A\",C160=\"d\",C160=\"f\")),\n(SUM(VLOOKUP($A160,Quantities[],Quantities!$P$2)*VLOOKUP($A160,Quantities[],Quantities!$O$2),VLOOKUP($A160,Quantities[],Quantities!$R$2)*VLOOKUP($A160,Quantities[],Quantities!$Q$2),VLOOKUP($A160,Quantities[],Quantities!$T$2)*VLOOKUP($A160,Quantities[],Quantities!$S$2)))/SUM(VLOOKUP($A160,Quantities[],Quantities!$O$2),VLOOKUP($A160,Quantities[],Quantities!$Q$2),VLOOKUP($A160,Quantities[],Quantities!$S$2)),\n\nIF(AND(LEFT(D160,2)=\"Sc\",OR(C160=\"a\",C160=\"f\")),\nVLOOKUP(A160,Quantities[],Quantities!$J$2),\n\nIF(AND(B160=\"D\",C160=\"b\", (VLOOKUP(INDEX(Quantities!$A$100:$A$118,MATCH($A160,Quantities!$C$100:$C$118)),Quantities[],Quantities!$O$2)+VLOOKUP(INDEX(Quantities!$A$100:$A$118,MATCH($A160,Quantities!$C$100:$C$118)),Quantities[],Quantities!$Q$2)+VLOOKUP(INDEX(Quantities!$A$100:$A$118,MATCH($A160,Quantities!$C$100:$C$118)),Quantities[],Quantities!$S$2))>0),\n(VLOOKUP(INDEX(Quantities!$A$100:$A$118,MATCH($A160,Quantities!$C$100:$C$118)),Quantities[],Quantities!$P$2)*VLOOKUP(INDEX(Quantities!$A$100:$A$118,MATCH($A160,Quantities!$C$100:$C$118)),Quantities[],Quantities!$O$2)\n+VLOOKUP(INDEX(Quantities!$A$100:$A$118,MATCH($A160,Quantities!$C$100:$C$118)),Quantities[],Quantities!$R$2)*VLOOKUP(INDEX(Quantities!$A$100:$A$118,MATCH($A160,Quantities!$C$100:$C$118)),Quantities[],Quantities!$Q$2)\n+VLOOKUP(INDEX(Quantities!$A$100:$A$118,MATCH($A160,Quantities!$C$100:$C$118)),Quantities[],Quantities!$T$2)*VLOOKUP(INDEX(Quantities!$A$100:$A$118,MATCH($A160,Quantities!$C$100:$C$118)),Quantities[],Quantities!$S$2))/\n(VLOOKUP(INDEX(Quantities!$A$100:$A$118,MATCH($A160,Quantities!$C$100:$C$118)),Quantities[],Quantities!$O$2)+VLOOKUP(INDEX(Quantities!$A$100:$A$118,MATCH($A160,Quantities!$C$100:$C$118)),Quantities[],Quantities!$Q$2)+VLOOKUP(A160,Quantities[],Quantities!$S$2)),\n\nIF(AND(B160=\"D\", (VLOOKUP(A160,Quantities[],Quantities!$O$2)+VLOOKUP(A160,Quantities[],Quantities!$Q$2)+VLOOKUP(A160,Quantities[],Quantities!$S$2))>0),\n(VLOOKUP(A160,Quantities[],Quantities!$P$2)*VLOOKUP(A160,Quantities[],Quantities!$O$2)\n+VLOOKUP(A160,Quantities[],Quantities!$R$2)*VLOOKUP(A160,Quantities[],Quantities!$Q$2)\n+VLOOKUP(A160,Quantities[],Quantities!$T$2)*VLOOKUP(A160,Quantities[],Quantities!$S$2))/\n(VLOOKUP(A160,Quantities[],Quantities!$O$2)+VLOOKUP(A160,Quantities[],Quantities!$Q$2)+VLOOKUP(A160,Quantities[],Quantities!$S$2)),\n\nIF($B160=\"Q\", (SUM(VLOOKUP($A160,Quantities[],Quantities!$P$2)*VLOOKUP($A160,Quantities[],Quantities!$O$2),VLOOKUP($A160,Quantities[],Quantities!$R$2)*VLOOKUP($A160,Quantities[],Quantities!$Q$2),VLOOKUP($A160,Quantities[],Quantities!$T$2)*VLOOKUP($A160,Quantities[],Quantities!$S$2)))/SUM(VLOOKUP($A160,Quantities[],Quantities!$O$2),VLOOKUP($A160,Quantities[],Quantities!$Q$2),VLOOKUP($A160,Quantities[],Quantities!$S$2)),\n\n VLOOKUP(A160,Quantities[],Quantities!$H$2)\n))))))","v":"-"},{"$f":"IF(LEFT(D160,1)=\"U\",\"-\",VLOOKUP(D160,Equipment[],Equipment!$B$2))","v":"-"}]
[{"$f":"Quantities!$A$12","v":1300},"J","e",{"$f":"'Unit Rates'!$A$12","v":"U2"},{"$f":"CONCATENATE(TEXT(A161,\"0\"),\"-\",B161,\"-\",C161,\"-\",D161)","v":"1300-J-e-U2"},{"$f":"IF(D161=\"Comb1\",CONCATENATE(VLOOKUP(B161,'Activity-Material_Codes'!$A$2:$B$26,Quantities!$B$2),\"-\",VLOOKUP(A161,Quantities[],Quantities!$D$2)),\nCONCATENATE(\nVLOOKUP(B161,'Activity-Material_Codes'!$A$2:$B$26,Quantities!$B$2),\nIF(AND(B161=\"B\",C161=\"a\"), \" Scraper Grading\", \"\"),\nIF(C161=\"b\",\"\",\"-\"),\nIF(C161=\"b\",\"\",VLOOKUP(A161,Quantities[],Quantities!$D$2)),\nIF(LEFT(TEXT(A161,\"0\"),1)=\"5\",\"\",\"-\"),\nIF(LEFT(TEXT(A161,\"0\"),1)=\"5\",\"\",VLOOKUP(C161,'Activity-Material_Codes'!$A$30:$B$36,Quantities!$B$2))\n))","v":"Revegetate-Entire Stockpile-Final Grade"},{"$f":"CONCATENATE(\nIF(OR(RIGHT(TEXT($A161,\"0\"),Quantities!$B$2)=\"00\",LEFT(TEXT($A161,\"0\"),1)=\"5\",OR($C161=\"b\",$C161=\"f\")),\"\",VLOOKUP($A161,Quantities[],Quantities!$B$2)),\nIF(LEFT(TEXT($A161,\"0\"),1)=\"5\",\"\",\" \"),\nIF(OR(C161=\"a\",C161=\"c\",C161=\"d\",C161=\"e\"),IF(OR(RIGHT(TEXT($A161,\"0\"),Quantities!$B$2)=\"00\",LEFT(TEXT($A161,\"0\"),1)=\"5\"),VLOOKUP($A161,Quantities[],Quantities!$B$2),\"\"),\nIF(LEFT(TEXT($A161,\"0\"),1)=\"5\",VLOOKUP($A161,Quantities[],Quantities!$B$2),\nVLOOKUP(INDEX(Quantities!$A$100:$A$118,MATCH($A161,Quantities!$C$100:$C$118)),Quantities!$A$100:$B$118,Quantities!$B$2))))","v":" 3A Leach, 3B Waste"},{"$f":"IF(LEFT(TEXT(A161,\"0\"),1)=\"5\",\nVLOOKUP(VLOOKUP(A161,Quantities!$A$4:$D$118,Quantities!$C$2),Quantities!$A$4:$D$118,Quantities!$C$2),\nIF(OR(C161=\"a\",C161=\"c\",C161=\"d\",C161=\"e\"),\n\"-\",\nIF(RIGHT(TEXT(A161,\"0\"),2)=\"00\",VLOOKUP(A161,Quantities[],Quantities!$B$2),\nIF(C161=\"f\",VLOOKUP(A161,Quantities[],Quantities!$B$2),\nVLOOKUP(A161,Quantities[],Quantities!$C$2))\n)))","v":"-"},{"$f":"IF(OR(AND(LEFT(D161,2)=\"Sc\",B161=\"A\",C161=\"d\"),AND(C161=\"f\",B161=\"D\")),\nSUM(VLOOKUP($A161,Quantities[],Quantities!$O$2),VLOOKUP($A161,Quantities[],Quantities!$Q$2),VLOOKUP($A161,Quantities[],Quantities!$S$2)),\n\nIF(AND(LEFT(D161,2)=\"Sc\",OR(C161=\"a\",C161=\"f\")),\nVLOOKUP(A161,Quantities[],Quantities!$I$2),\n\nIF(AND(B161=\"D\",C161=\"b\"),\n VLOOKUP(INDEX(Quantities!$A$100:$A$118,MATCH($A161,Quantities!$C$100:$C$118)),Quantities!$A$100:$AJ$118,Quantities!$O$2)+\nVLOOKUP(INDEX(Quantities!$A$100:$A$118,MATCH($A161,Quantities!$C$100:$C$118)),Quantities!$A$100:$AJ$118,Quantities!$Q$2)+\nVLOOKUP(INDEX(Quantities!$A$100:$A$118,MATCH($A161,Quantities!$C$100:$C$118)),Quantities!$A$100:$AJ$118,Quantities!$S$2),\n\nIF(OR(B161=\"D\",B161=\"Q\"),\nSUM(VLOOKUP($A161,Quantities[],Quantities!$O$2),VLOOKUP($A161,Quantities[],Quantities!$Q$2),VLOOKUP($A161,Quantities[],Quantities!$S$2)),\n\n VLOOKUP(A161,Quantities[],Quantities!$G$2)\n))))","v":0},{"$f":"IF(LEFT(D161,2)=\"Mg\", VLOOKUP(A161,Quantities[],Quantities!$H$2),\n\nIF(OR(AND(LEFT(D161,2)=\"Sc\",B161=\"A\",C161=\"d\",C161=\"f\")),\n(SUM(VLOOKUP($A161,Quantities[],Quantities!$P$2)*VLOOKUP($A161,Quantities[],Quantities!$O$2),VLOOKUP($A161,Quantities[],Quantities!$R$2)*VLOOKUP($A161,Quantities[],Quantities!$Q$2),VLOOKUP($A161,Quantities[],Quantities!$T$2)*VLOOKUP($A161,Quantities[],Quantities!$S$2)))/SUM(VLOOKUP($A161,Quantities[],Quantities!$O$2),VLOOKUP($A161,Quantities[],Quantities!$Q$2),VLOOKUP($A161,Quantities[],Quantities!$S$2)),\n\nIF(AND(LEFT(D161,2)=\"Sc\",OR(C161=\"a\",C161=\"f\")),\nVLOOKUP(A161,Quantities[],Quantities!$J$2),\n\nIF(AND(B161=\"D\",C161=\"b\", (VLOOKUP(INDEX(Quantities!$A$100:$A$118,MATCH($A161,Quantities!$C$100:$C$118)),Quantities[],Quantities!$O$2)+VLOOKUP(INDEX(Quantities!$A$100:$A$118,MATCH($A161,Quantities!$C$100:$C$118)),Quantities[],Quantities!$Q$2)+VLOOKUP(INDEX(Quantities!$A$100:$A$118,MATCH($A161,Quantities!$C$100:$C$118)),Quantities[],Quantities!$S$2))>0),\n(VLOOKUP(INDEX(Quantities!$A$100:$A$118,MATCH($A161,Quantities!$C$100:$C$118)),Quantities[],Quantities!$P$2)*VLOOKUP(INDEX(Quantities!$A$100:$A$118,MATCH($A161,Quantities!$C$100:$C$118)),Quantities[],Quantities!$O$2)\n+VLOOKUP(INDEX(Quantities!$A$100:$A$118,MATCH($A161,Quantities!$C$100:$C$118)),Quantities[],Quantities!$R$2)*VLOOKUP(INDEX(Quantities!$A$100:$A$118,MATCH($A161,Quantities!$C$100:$C$118)),Quantities[],Quantities!$Q$2)\n+VLOOKUP(INDEX(Quantities!$A$100:$A$118,MATCH($A161,Quantities!$C$100:$C$118)),Quantities[],Quantities!$T$2)*VLOOKUP(INDEX(Quantities!$A$100:$A$118,MATCH($A161,Quantities!$C$100:$C$118)),Quantities[],Quantities!$S$2))/\n(VLOOKUP(INDEX(Quantities!$A$100:$A$118,MATCH($A161,Quantities!$C$100:$C$118)),Quantities[],Quantities!$O$2)+VLOOKUP(INDEX(Quantities!$A$100:$A$118,MATCH($A161,Quantities!$C$100:$C$118)),Quantities[],Quantities!$Q$2)+VLOOKUP(A161,Quantities[],Quantities!$S$2)),\n\nIF(AND(B161=\"D\", (VLOOKUP(A161,Quantities[],Quantities!$O$2)+VLOOKUP(A161,Quantities[],Quantities!$Q$2)+VLOOKUP(A161,Quantities[],Quantities!$S$2))>0),\n(VLOOKUP(A161,Quantities[],Quantities!$P$2)*VLOOKUP(A161,Quantities[],Quantities!$O$2)\n+VLOOKUP(A161,Quantities[],Quantities!$R$2)*VLOOKUP(A161,Quantities[],Quantities!$Q$2)\n+VLOOKUP(A161,Quantities[],Quantities!$T$2)*VLOOKUP(A161,Quantities[],Quantities!$S$2))/\n(VLOOKUP(A161,Quantities[],Quantities!$O$2)+VLOOKUP(A161,Quantities[],Quantities!$Q$2)+VLOOKUP(A161,Quantities[],Quantities!$S$2)),\n\nIF($B161=\"Q\", (SUM(VLOOKUP($A161,Quantities[],Quantities!$P$2)*VLOOKUP($A161,Quantities[],Quantities!$O$2),VLOOKUP($A161,Quantities[],Quantities!$R$2)*VLOOKUP($A161,Quantities[],Quantities!$Q$2),VLOOKUP($A161,Quantities[],Quantities!$T$2)*VLOOKUP($A161,Quantities[],Quantities!$S$2)))/SUM(VLOOKUP($A161,Quantities[],Quantities!$O$2),VLOOKUP($A161,Quantities[],Quantities!$Q$2),VLOOKUP($A161,Quantities[],Quantities!$S$2)),\n\n VLOOKUP(A161,Quantities[],Quantities!$H$2)\n))))))","v":"-"},{"$f":"IF(LEFT(D161,1)=\"U\",\"-\",VLOOKUP(D161,Equipment[],Equipment!$B$2))","v":"-"}]
[{"$f":"Quantities!$A$20","v":1500},"J","e",{"$f":"'Unit Rates'!$A$12","v":"U2"},"1500-J-e-U2",{"$f":"IF(D162=\"Comb1\",CONCATENATE(VLOOKUP(B162,'Activity-Material_Codes'!$A$2:$B$26,Quantities!$B$2),\"-\",VLOOKUP(A162,Quantities[],Quantities!$D$2)),\nCONCATENATE(\nVLOOKUP(B162,'Activity-Material_Codes'!$A$2:$B$26,Quantities!$B$2),\nIF(AND(B162=\"B\",C162=\"a\"), \" Scraper Grading\", \"\"),\nIF(C162=\"b\",\"\",\"-\"),\nIF(C162=\"b\",\"\",VLOOKUP(A162,Quantities[],Quantities!$D$2)),\nIF(LEFT(TEXT(A162,\"0\"),1)=\"5\",\"\",\"-\"),\nIF(LEFT(TEXT(A162,\"0\"),1)=\"5\",\"\",VLOOKUP(C162,'Activity-Material_Codes'!$A$30:$B$36,Quantities!$B$2))\n))","v":"Revegetate-Entire Stockpile-Final Grade"},{"$f":"CONCATENATE(\nIF(OR(RIGHT(TEXT($A162,\"0\"),Quantities!$B$2)=\"00\",LEFT(TEXT($A162,\"0\"),1)=\"5\",OR($C162=\"b\",$C162=\"f\")),\"\",VLOOKUP($A162,Quantities[],Quantities!$B$2)),\nIF(LEFT(TEXT($A162,\"0\"),1)=\"5\",\"\",\" \"),\nIF(OR(C162=\"a\",C162=\"c\",C162=\"d\",C162=\"e\"),IF(OR(RIGHT(TEXT($A162,\"0\"),Quantities!$B$2)=\"00\",LEFT(TEXT($A162,\"0\"),1)=\"5\"),VLOOKUP($A162,Quantities[],Quantities!$B$2),\"\"),\nIF(LEFT(TEXT($A162,\"0\"),1)=\"5\",VLOOKUP($A162,Quantities[],Quantities!$B$2),\nVLOOKUP(INDEX(Quantities!$A$100:$A$118,MATCH($A162,Quantities!$C$100:$C$118)),Quantities!$A$100:$B$118,Quantities!$B$2))))","v":" 5A Waste"},{"$f":"IF(LEFT(TEXT(A162,\"0\"),1)=\"5\",\nVLOOKUP(VLOOKUP(A162,Quantities!$A$4:$D$118,Quantities!$C$2),Quantities!$A$4:$D$118,Quantities!$C$2),\nIF(OR(C162=\"a\",C162=\"c\",C162=\"d\",C162=\"e\"),\n\"-\",\nIF(RIGHT(TEXT(A162,\"0\"),2)=\"00\",VLOOKUP(A162,Quantities[],Quantities!$B$2),\nIF(C162=\"f\",VLOOKUP(A162,Quantities[],Quantities!$B$2),\nVLOOKUP(A162,Quantities[],Quantities!$C$2))\n)))","v":"-"},{"$f":"IF(OR(AND(LEFT(D162,2)=\"Sc\",B162=\"A\",C162=\"d\"),AND(C162=\"f\",B162=\"D\")),\nSUM(VLOOKUP($A162,Quantities[],Quantities!$O$2),VLOOKUP($A162,Quantities[],Quantities!$Q$2),VLOOKUP($A162,Quantities[],Quantities!$S$2)),\n\nIF(AND(LEFT(D162,2)=\"Sc\",OR(C162=\"a\",C162=\"f\")),\nVLOOKUP(A162,Quantities[],Quantities!$I$2),\n\nIF(AND(B162=\"D\",C162=\"b\"),\n VLOOKUP(INDEX(Quantities!$A$100:$A$118,MATCH($A162,Quantities!$C$100:$C$118)),Quantities!$A$100:$AJ$118,Quantities!$O$2)+\nVLOOKUP(INDEX(Quantities!$A$100:$A$118,MATCH($A162,Quantities!$C$100:$C$118)),Quantities!$A$100:$AJ$118,Quantities!$Q$2)+\nVLOOKUP(INDEX(Quantities!$A$100:$A$118,MATCH($A162,Quantities!$C$100:$C$118)),Quantities!$A$100:$AJ$118,Quantities!$S$2),\n\nIF(OR(B162=\"D\",B162=\"Q\"),\nSUM(VLOOKUP($A162,Quantities[],Quantities!$O$2),VLOOKUP($A162,Quantities[],Quantities!$Q$2),VLOOKUP($A162,Quantities[],Quantities!$S$2)),\n\n VLOOKUP(A162,Quantities[],Quantities!$G$2)\n))))","v":0},{"$f":"IF(LEFT(D162,2)=\"Mg\", VLOOKUP(A162,Quantities[],Quantities!$H$2),\n\nIF(OR(AND(LEFT(D162,2)=\"Sc\",B162=\"A\",C162=\"d\",C162=\"f\")),\n(SUM(VLOOKUP($A162,Quantities[],Quantities!$P$2)*VLOOKUP($A162,Quantities[],Quantities!$O$2),VLOOKUP($A162,Quantities[],Quantities!$R$2)*VLOOKUP($A162,Quantities[],Quantities!$Q$2),VLOOKUP($A162,Quantities[],Quantities!$T$2)*VLOOKUP($A162,Quantities[],Quantities!$S$2)))/SUM(VLOOKUP($A162,Quantities[],Quantities!$O$2),VLOOKUP($A162,Quantities[],Quantities!$Q$2),VLOOKUP($A162,Quantities[],Quantities!$S$2)),\n\nIF(AND(LEFT(D162,2)=\"Sc\",OR(C162=\"a\",C162=\"f\")),\nVLOOKUP(A162,Quantities[],Quantities!$J$2),\n\nIF(AND(B162=\"D\",C162=\"b\", (VLOOKUP(INDEX(Quantities!$A$100:$A$118,MATCH($A162,Quantities!$C$100:$C$118)),Quantities[],Quantities!$O$2)+VLOOKUP(INDEX(Quantities!$A$100:$A$118,MATCH($A162,Quantities!$C$100:$C$118)),Quantities[],Quantities!$Q$2)+VLOOKUP(INDEX(Quantities!$A$100:$A$118,MATCH($A162,Quantities!$C$100:$C$118)),Quantities[],Quantities!$S$2))>0),\n(VLOOKUP(INDEX(Quantities!$A$100:$A$118,MATCH($A162,Quantities!$C$100:$C$118)),Quantities[],Quantities!$P$2)*VLOOKUP(INDEX(Quantities!$A$100:$A$118,MATCH($A162,Quantities!$C$100:$C$118)),Quantities[],Quantities!$O$2)\n+VLOOKUP(INDEX(Quantities!$A$100:$A$118,MATCH($A162,Quantities!$C$100:$C$118)),Quantities[],Quantities!$R$2)*VLOOKUP(INDEX(Quantities!$A$100:$A$118,MATCH($A162,Quantities!$C$100:$C$118)),Quantities[],Quantities!$Q$2)\n+VLOOKUP(INDEX(Quantities!$A$100:$A$118,MATCH($A162,Quantities!$C$100:$C$118)),Quantities[],Quantities!$T$2)*VLOOKUP(INDEX(Quantities!$A$100:$A$118,MATCH($A162,Quantities!$C$100:$C$118)),Quantities[],Quantities!$S$2))/\n(VLOOKUP(INDEX(Quantities!$A$100:$A$118,MATCH($A162,Quantities!$C$100:$C$118)),Quantities[],Quantities!$O$2)+VLOOKUP(INDEX(Quantities!$A$100:$A$118,MATCH($A162,Quantities!$C$100:$C$118)),Quantities[],Quantities!$Q$2)+VLOOKUP(A162,Quantities[],Quantities!$S$2)),\n\nIF(AND(B162=\"D\", (VLOOKUP(A162,Quantities[],Quantities!$O$2)+VLOOKUP(A162,Quantities[],Quantities!$Q$2)+VLOOKUP(A162,Quantities[],Quantities!$S$2))>0),\n(VLOOKUP(A162,Quantities[],Quantities!$P$2)*VLOOKUP(A162,Quantities[],Quantities!$O$2)\n+VLOOKUP(A162,Quantities[],Quantities!$R$2)*VLOOKUP(A162,Quantities[],Quantities!$Q$2)\n+VLOOKUP(A162,Quantities[],Quantities!$T$2)*VLOOKUP(A162,Quantities[],Quantities!$S$2))/\n(VLOOKUP(A162,Quantities[],Quantities!$O$2)+VLOOKUP(A162,Quantities[],Quantities!$Q$2)+VLOOKUP(A162,Quantities[],Quantities!$S$2)),\n\nIF($B162=\"Q\", (SUM(VLOOKUP($A162,Quantities[],Quantities!$P$2)*VLOOKUP($A162,Quantities[],Quantities!$O$2),VLOOKUP($A162,Quantities[],Quantities!$R$2)*VLOOKUP($A162,Quantities[],Quantities!$Q$2),VLOOKUP($A162,Quantities[],Quantities!$T$2)*VLOOKUP($A162,Quantities[],Quantities!$S$2)))/SUM(VLOOKUP($A162,Quantities[],Quantities!$O$2),VLOOKUP($A162,Quantities[],Quantities!$Q$2),VLOOKUP($A162,Quantities[],Quantities!$S$2)),\n\n VLOOKUP(A162,Quantities[],Quantities!$H$2)\n))))))","v":"-"},{"$f":"IF(LEFT(D162,1)=\"U\",\"-\",VLOOKUP(D162,Equipment[],Equipment!$B$2))","v":"-"}]
[{"$f":"Quantities!$A$39","v":2200},"J","e",{"$f":"'Unit Rates'!$A$12","v":"U2"},"2200-J-e-U2",{"$f":"IF(D163=\"Comb1\",CONCATENATE(VLOOKUP(B163,'Activity-Material_Codes'!$A$2:$B$26,Quantities!$B$2),\"-\",VLOOKUP(A163,Quantities[],Quantities!$D$2)),\nCONCATENATE(\nVLOOKUP(B163,'Activity-Material_Codes'!$A$2:$B$26,Quantities!$B$2),\nIF(AND(B163=\"B\",C163=\"a\"), \" Scraper Grading\", \"\"),\nIF(C163=\"b\",\"\",\"-\"),\nIF(C163=\"b\",\"\",VLOOKUP(A163,Quantities[],Quantities!$D$2)),\nIF(LEFT(TEXT(A163,\"0\"),1)=\"5\",\"\",\"-\"),\nIF(LEFT(TEXT(A163,\"0\"),1)=\"5\",\"\",VLOOKUP(C163,'Activity-Material_Codes'!$A$30:$B$36,Quantities!$B$2))\n))","v":"Revegetate-Entire Pit-Final Grade"},{"$f":"CONCATENATE(\nIF(OR(RIGHT(TEXT($A163,\"0\"),Quantities!$B$2)=\"00\",LEFT(TEXT($A163,\"0\"),1)=\"5\",OR($C163=\"b\",$C163=\"f\")),\"\",VLOOKUP($A163,Quantities[],Quantities!$B$2)),\nIF(LEFT(TEXT($A163,\"0\"),1)=\"5\",\"\",\" \"),\nIF(OR(C163=\"a\",C163=\"c\",C163=\"d\",C163=\"e\"),IF(OR(RIGHT(TEXT($A163,\"0\"),Quantities!$B$2)=\"00\",LEFT(TEXT($A163,\"0\"),1)=\"5\"),VLOOKUP($A163,Quantities[],Quantities!$B$2),\"\"),\nIF(LEFT(TEXT($A163,\"0\"),1)=\"5\",VLOOKUP($A163,Quantities[],Quantities!$B$2),\nVLOOKUP(INDEX(Quantities!$A$100:$A$118,MATCH($A163,Quantities!$C$100:$C$118)),Quantities!$A$100:$B$118,Quantities!$B$2))))","v":" San Salvador Pit, San Salvador Waste Backfill"},{"$f":"IF(LEFT(TEXT(A163,\"0\"),1)=\"5\",\nVLOOKUP(VLOOKUP(A163,Quantities!$A$4:$D$118,Quantities!$C$2),Quantities!$A$4:$D$118,Quantities!$C$2),\nIF(OR(C163=\"a\",C163=\"c\",C163=\"d\",C163=\"e\"),\n\"-\",\nIF(RIGHT(TEXT(A163,\"0\"),2)=\"00\",VLOOKUP(A163,Quantities[],Quantities!$B$2),\nIF(C163=\"f\",VLOOKUP(A163,Quantities[],Quantities!$B$2),\nVLOOKUP(A163,Quantities[],Quantities!$C$2))\n)))","v":"-"},{"$f":"IF(OR(AND(LEFT(D163,2)=\"Sc\",B163=\"A\",C163=\"d\"),AND(C163=\"f\",B163=\"D\")),\nSUM(VLOOKUP($A163,Quantities[],Quantities!$O$2),VLOOKUP($A163,Quantities[],Quantities!$Q$2),VLOOKUP($A163,Quantities[],Quantities!$S$2)),\n\nIF(AND(LEFT(D163,2)=\"Sc\",OR(C163=\"a\",C163=\"f\")),\nVLOOKUP(A163,Quantities[],Quantities!$I$2),\n\nIF(AND(B163=\"D\",C163=\"b\"),\n VLOOKUP(INDEX(Quantities!$A$100:$A$118,MATCH($A163,Quantities!$C$100:$C$118)),Quantities!$A$100:$AJ$118,Quantities!$O$2)+\nVLOOKUP(INDEX(Quantities!$A$100:$A$118,MATCH($A163,Quantities!$C$100:$C$118)),Quantities!$A$100:$AJ$118,Quantities!$Q$2)+\nVLOOKUP(INDEX(Quantities!$A$100:$A$118,MATCH($A163,Quantities!$C$100:$C$118)),Quantities!$A$100:$AJ$118,Quantities!$S$2),\n\nIF(OR(B163=\"D\",B163=\"Q\"),\nSUM(VLOOKUP($A163,Quantities[],Quantities!$O$2),VLOOKUP($A163,Quantities[],Quantities!$Q$2),VLOOKUP($A163,Quantities[],Quantities!$S$2)),\n\n VLOOKUP(A163,Quantities[],Quantities!$G$2)\n))))","v":185},{"$f":"IF(LEFT(D163,2)=\"Mg\", VLOOKUP(A163,Quantities[],Quantities!$H$2),\n\nIF(OR(AND(LEFT(D163,2)=\"Sc\",B163=\"A\",C163=\"d\",C163=\"f\")),\n(SUM(VLOOKUP($A163,Quantities[],Quantities!$P$2)*VLOOKUP($A163,Quantities[],Quantities!$O$2),VLOOKUP($A163,Quantities[],Quantities!$R$2)*VLOOKUP($A163,Quantities[],Quantities!$Q$2),VLOOKUP($A163,Quantities[],Quantities!$T$2)*VLOOKUP($A163,Quantities[],Quantities!$S$2)))/SUM(VLOOKUP($A163,Quantities[],Quantities!$O$2),VLOOKUP($A163,Quantities[],Quantities!$Q$2),VLOOKUP($A163,Quantities[],Quantities!$S$2)),\n\nIF(AND(LEFT(D163,2)=\"Sc\",OR(C163=\"a\",C163=\"f\")),\nVLOOKUP(A163,Quantities[],Quantities!$J$2),\n\nIF(AND(B163=\"D\",C163=\"b\", (VLOOKUP(INDEX(Quantities!$A$100:$A$118,MATCH($A163,Quantities!$C$100:$C$118)),Quantities[],Quantities!$O$2)+VLOOKUP(INDEX(Quantities!$A$100:$A$118,MATCH($A163,Quantities!$C$100:$C$118)),Quantities[],Quantities!$Q$2)+VLOOKUP(INDEX(Quantities!$A$100:$A$118,MATCH($A163,Quantities!$C$100:$C$118)),Quantities[],Quantities!$S$2))>0),\n(VLOOKUP(INDEX(Quantities!$A$100:$A$118,MATCH($A163,Quantities!$C$100:$C$118)),Quantities[],Quantities!$P$2)*VLOOKUP(INDEX(Quantities!$A$100:$A$118,MATCH($A163,Quantities!$C$100:$C$118)),Quantities[],Quantities!$O$2)\n+VLOOKUP(INDEX(Quantities!$A$100:$A$118,MATCH($A163,Quantities!$C$100:$C$118)),Quantities[],Quantities!$R$2)*VLOOKUP(INDEX(Quantities!$A$100:$A$118,MATCH($A163,Quantities!$C$100:$C$118)),Quantities[],Quantities!$Q$2)\n+VLOOKUP(INDEX(Quantities!$A$100:$A$118,MATCH($A163,Quantities!$C$100:$C$118)),Quantities[],Quantities!$T$2)*VLOOKUP(INDEX(Quantities!$A$100:$A$118,MATCH($A163,Quantities!$C$100:$C$118)),Quantities[],Quantities!$S$2))/\n(VLOOKUP(INDEX(Quantities!$A$100:$A$118,MATCH($A163,Quantities!$C$100:$C$118)),Quantities[],Quantities!$O$2)+VLOOKUP(INDEX(Quantities!$A$100:$A$118,MATCH($A163,Quantities!$C$100:$C$118)),Quantities[],Quantities!$Q$2)+VLOOKUP(A163,Quantities[],Quantities!$S$2)),\n\nIF(AND(B163=\"D\", (VLOOKUP(A163,Quantities[],Quantities!$O$2)+VLOOKUP(A163,Quantities[],Quantities!$Q$2)+VLOOKUP(A163,Quantities[],Quantities!$S$2))>0),\n(VLOOKUP(A163,Quantities[],Quantities!$P$2)*VLOOKUP(A163,Quantities[],Quantities!$O$2)\n+VLOOKUP(A163,Quantities[],Quantities!$R$2)*VLOOKUP(A163,Quantities[],Quantities!$Q$2)\n+VLOOKUP(A163,Quantities[],Quantities!$T$2)*VLOOKUP(A163,Quantities[],Quantities!$S$2))/\n(VLOOKUP(A163,Quantities[],Quantities!$O$2)+VLOOKUP(A163,Quantities[],Quantities!$Q$2)+VLOOKUP(A163,Quantities[],Quantities!$S$2)),\n\nIF($B163=\"Q\", (SUM(VLOOKUP($A163,Quantities[],Quantities!$P$2)*VLOOKUP($A163,Quantities[],Quantities!$O$2),VLOOKUP($A163,Quantities[],Quantities!$R$2)*VLOOKUP($A163,Quantities[],Quantities!$Q$2),VLOOKUP($A163,Quantities[],Quantities!$T$2)*VLOOKUP($A163,Quantities[],Quantities!$S$2)))/SUM(VLOOKUP($A163,Quantities[],Quantities!$O$2),VLOOKUP($A163,Quantities[],Quantities!$Q$2),VLOOKUP($A163,Quantities[],Quantities!$S$2)),\n\n VLOOKUP(A163,Quantities[],Quantities!$H$2)\n))))))","v":-0.05},{"$f":"IF(LEFT(D163,1)=\"U\",\"-\",VLOOKUP(D163,Equipment[],Equipment!$B$2))","v":"-"}]
[{"$f":"Quantities!$A$41","v":2300},"J","e",{"$f":"'Unit Rates'!$A$12","v":"U2"},"2300-J-e-U2",{"$f":"IF(D164=\"Comb1\",CONCATENATE(VLOOKUP(B164,'Activity-Material_Codes'!$A$2:$B$26,Quantities!$B$2),\"-\",VLOOKUP(A164,Quantities[],Quantities!$D$2)),\nCONCATENATE(\nVLOOKUP(B164,'Activity-Material_Codes'!$A$2:$B$26,Quantities!$B$2),\nIF(AND(B164=\"B\",C164=\"a\"), \" Scraper Grading\", \"\"),\nIF(C164=\"b\",\"\",\"-\"),\nIF(C164=\"b\",\"\",VLOOKUP(A164,Quantities[],Quantities!$D$2)),\nIF(LEFT(TEXT(A164,\"0\"),1)=\"5\",\"\",\"-\"),\nIF(LEFT(TEXT(A164,\"0\"),1)=\"5\",\"\",VLOOKUP(C164,'Activity-Material_Codes'!$A$30:$B$36,Quantities!$B$2))\n))","v":"Revegetate-Entire Stockpile-Final Grade"},{"$f":"CONCATENATE(\nIF(OR(RIGHT(TEXT($A164,\"0\"),Quantities!$B$2)=\"00\",LEFT(TEXT($A164,\"0\"),1)=\"5\",OR($C164=\"b\",$C164=\"f\")),\"\",VLOOKUP($A164,Quantities[],Quantities!$B$2)),\nIF(LEFT(TEXT($A164,\"0\"),1)=\"5\",\"\",\" \"),\nIF(OR(C164=\"a\",C164=\"c\",C164=\"d\",C164=\"e\"),IF(OR(RIGHT(TEXT($A164,\"0\"),Quantities!$B$2)=\"00\",LEFT(TEXT($A164,\"0\"),1)=\"5\"),VLOOKUP($A164,Quantities[],Quantities!$B$2),\"\"),\nIF(LEFT(TEXT($A164,\"0\"),1)=\"5\",VLOOKUP($A164,Quantities[],Quantities!$B$2),\nVLOOKUP(INDEX(Quantities!$A$100:$A$118,MATCH($A164,Quantities!$C$100:$C$118)),Quantities!$A$100:$B$118,Quantities!$B$2))))","v":" 6A Leach"},{"$f":"IF(LEFT(TEXT(A164,\"0\"),1)=\"5\",\nVLOOKUP(VLOOKUP(A164,Quantities!$A$4:$D$118,Quantities!$C$2),Quantities!$A$4:$D$118,Quantities!$C$2),\nIF(OR(C164=\"a\",C164=\"c\",C164=\"d\",C164=\"e\"),\n\"-\",\nIF(RIGHT(TEXT(A164,\"0\"),2)=\"00\",VLOOKUP(A164,Quantities[],Quantities!$B$2),\nIF(C164=\"f\",VLOOKUP(A164,Quantities[],Quantities!$B$2),\nVLOOKUP(A164,Quantities[],Quantities!$C$2))\n)))","v":"-"},{"$f":"IF(OR(AND(LEFT(D164,2)=\"Sc\",B164=\"A\",C164=\"d\"),AND(C164=\"f\",B164=\"D\")),\nSUM(VLOOKUP($A164,Quantities[],Quantities!$O$2),VLOOKUP($A164,Quantities[],Quantities!$Q$2),VLOOKUP($A164,Quantities[],Quantities!$S$2)),\n\nIF(AND(LEFT(D164,2)=\"Sc\",OR(C164=\"a\",C164=\"f\")),\nVLOOKUP(A164,Quantities[],Quantities!$I$2),\n\nIF(AND(B164=\"D\",C164=\"b\"),\n VLOOKUP(INDEX(Quantities!$A$100:$A$118,MATCH($A164,Quantities!$C$100:$C$118)),Quantities!$A$100:$AJ$118,Quantities!$O$2)+\nVLOOKUP(INDEX(Quantities!$A$100:$A$118,MATCH($A164,Quantities!$C$100:$C$118)),Quantities!$A$100:$AJ$118,Quantities!$Q$2)+\nVLOOKUP(INDEX(Quantities!$A$100:$A$118,MATCH($A164,Quantities!$C$100:$C$118)),Quantities!$A$100:$AJ$118,Quantities!$S$2),\n\nIF(OR(B164=\"D\",B164=\"Q\"),\nSUM(VLOOKUP($A164,Quantities[],Quantities!$O$2),VLOOKUP($A164,Quantities[],Quantities!$Q$2),VLOOKUP($A164,Quantities[],Quantities!$S$2)),\n\n VLOOKUP(A164,Quantities[],Quantities!$G$2)\n))))","v":0},{"$f":"IF(LEFT(D164,2)=\"Mg\", VLOOKUP(A164,Quantities[],Quantities!$H$2),\n\nIF(OR(AND(LEFT(D164,2)=\"Sc\",B164=\"A\",C164=\"d\",C164=\"f\")),\n(SUM(VLOOKUP($A164,Quantities[],Quantities!$P$2)*VLOOKUP($A164,Quantities[],Quantities!$O$2),VLOOKUP($A164,Quantities[],Quantities!$R$2)*VLOOKUP($A164,Quantities[],Quantities!$Q$2),VLOOKUP($A164,Quantities[],Quantities!$T$2)*VLOOKUP($A164,Quantities[],Quantities!$S$2)))/SUM(VLOOKUP($A164,Quantities[],Quantities!$O$2),VLOOKUP($A164,Quantities[],Quantities!$Q$2),VLOOKUP($A164,Quantities[],Quantities!$S$2)),\n\nIF(AND(LEFT(D164,2)=\"Sc\",OR(C164=\"a\",C164=\"f\")),\nVLOOKUP(A164,Quantities[],Quantities!$J$2),\n\nIF(AND(B164=\"D\",C164=\"b\", (VLOOKUP(INDEX(Quantities!$A$100:$A$118,MATCH($A164,Quantities!$C$100:$C$118)),Quantities[],Quantities!$O$2)+VLOOKUP(INDEX(Quantities!$A$100:$A$118,MATCH($A164,Quantities!$C$100:$C$118)),Quantities[],Quantities!$Q$2)+VLOOKUP(INDEX(Quantities!$A$100:$A$118,MATCH($A164,Quantities!$C$100:$C$118)),Quantities[],Quantities!$S$2))>0),\n(VLOOKUP(INDEX(Quantities!$A$100:$A$118,MATCH($A164,Quantities!$C$100:$C$118)),Quantities[],Quantities!$P$2)*VLOOKUP(INDEX(Quantities!$A$100:$A$118,MATCH($A164,Quantities!$C$100:$C$118)),Quantities[],Quantities!$O$2)\n+VLOOKUP(INDEX(Quantities!$A$100:$A$118,MATCH($A164,Quantities!$C$100:$C$118)),Quantities[],Quantities!$R$2)*VLOOKUP(INDEX(Quantities!$A$100:$A$118,MATCH($A164,Quantities!$C$100:$C$118)),Quantities[],Quantities!$Q$2)\n+VLOOKUP(INDEX(Quantities!$A$100:$A$118,MATCH($A164,Quantities!$C$100:$C$118)),Quantities[],Quantities!$T$2)*VLOOKUP(INDEX(Quantities!$A$100:$A$118,MATCH($A164,Quantities!$C$100:$C$118)),Quantities[],Quantities!$S$2))/\n(VLOOKUP(INDEX(Quantities!$A$100:$A$118,MATCH($A164,Quantities!$C$100:$C$118)),Quantities[],Quantities!$O$2)+VLOOKUP(INDEX(Quantities!$A$100:$A$118,MATCH($A164,Quantities!$C$100:$C$118)),Quantities[],Quantities!$Q$2)+VLOOKUP(A164,Quantities[],Quantities!$S$2)),\n\nIF(AND(B164=\"D\", (VLOOKUP(A164,Quantities[],Quantities!$O$2)+VLOOKUP(A164,Quantities[],Quantities!$Q$2)+VLOOKUP(A164,Quantities[],Quantities!$S$2))>0),\n(VLOOKUP(A164,Quantities[],Quantities!$P$2)*VLOOKUP(A164,Quantities[],Quantities!$O$2)\n+VLOOKUP(A164,Quantities[],Quantities!$R$2)*VLOOKUP(A164,Quantities[],Quantities!$Q$2)\n+VLOOKUP(A164,Quantities[],Quantities!$T$2)*VLOOKUP(A164,Quantities[],Quantities!$S$2))/\n(VLOOKUP(A164,Quantities[],Quantities!$O$2)+VLOOKUP(A164,Quantities[],Quantities!$Q$2)+VLOOKUP(A164,Quantities[],Quantities!$S$2)),\n\nIF($B164=\"Q\", (SUM(VLOOKUP($A164,Quantities[],Quantities!$P$2)*VLOOKUP($A164,Quantities[],Quantities!$O$2),VLOOKUP($A164,Quantities[],Quantities!$R$2)*VLOOKUP($A164,Quantities[],Quantities!$Q$2),VLOOKUP($A164,Quantities[],Quantities!$T$2)*VLOOKUP($A164,Quantities[],Quantities!$S$2)))/SUM(VLOOKUP($A164,Quantities[],Quantities!$O$2),VLOOKUP($A164,Quantities[],Quantities!$Q$2),VLOOKUP($A164,Quantities[],Quantities!$S$2)),\n\n VLOOKUP(A164,Quantities[],Quantities!$H$2)\n))))))","v":"-"},{"$f":"IF(LEFT(D164,1)=\"U\",\"-\",VLOOKUP(D164,Equipment[],Equipment!$B$2))","v":"-"}]
[{"$f":"Quantities!$A$17","v":1400},"J","e",{"$f":"'Unit Rates'!$A$12","v":"U2"},"1400-J-e-U2",{"$f":"IF(D165=\"Comb1\",CONCATENATE(VLOOKUP(B165,'Activity-Material_Codes'!$A$2:$B$26,Quantities!$B$2),\"-\",VLOOKUP(A165,Quantities[],Quantities!$D$2)),\nCONCATENATE(\nVLOOKUP(B165,'Activity-Material_Codes'!$A$2:$B$26,Quantities!$B$2),\nIF(AND(B165=\"B\",C165=\"a\"), \" Scraper Grading\", \"\"),\nIF(C165=\"b\",\"\",\"-\"),\nIF(C165=\"b\",\"\",VLOOKUP(A165,Quantities[],Quantities!$D$2)),\nIF(LEFT(TEXT(A165,\"0\"),1)=\"5\",\"\",\"-\"),\nIF(LEFT(TEXT(A165,\"0\"),1)=\"5\",\"\",VLOOKUP(C165,'Activity-Material_Codes'!$A$30:$B$36,Quantities!$B$2))\n))","v":"Revegetate-Entire Stockpile-Final Grade"},{"$f":"CONCATENATE(\nIF(OR(RIGHT(TEXT($A165,\"0\"),Quantities!$B$2)=\"00\",LEFT(TEXT($A165,\"0\"),1)=\"5\",OR($C165=\"b\",$C165=\"f\")),\"\",VLOOKUP($A165,Quantities[],Quantities!$B$2)),\nIF(LEFT(TEXT($A165,\"0\"),1)=\"5\",\"\",\" \"),\nIF(OR(C165=\"a\",C165=\"c\",C165=\"d\",C165=\"e\"),IF(OR(RIGHT(TEXT($A165,\"0\"),Quantities!$B$2)=\"00\",LEFT(TEXT($A165,\"0\"),1)=\"5\"),VLOOKUP($A165,Quantities[],Quantities!$B$2),\"\"),\nIF(LEFT(TEXT($A165,\"0\"),1)=\"5\",VLOOKUP($A165,Quantities[],Quantities!$B$2),\nVLOOKUP(INDEX(Quantities!$A$100:$A$118,MATCH($A165,Quantities!$C$100:$C$118)),Quantities!$A$100:$B$118,Quantities!$B$2))))","v":" 2 Leach (Area 1)"},{"$f":"IF(LEFT(TEXT(A165,\"0\"),1)=\"5\",\nVLOOKUP(VLOOKUP(A165,Quantities!$A$4:$D$118,Quantities!$C$2),Quantities!$A$4:$D$118,Quantities!$C$2),\nIF(OR(C165=\"a\",C165=\"c\",C165=\"d\",C165=\"e\"),\n\"-\",\nIF(RIGHT(TEXT(A165,\"0\"),2)=\"00\",VLOOKUP(A165,Quantities[],Quantities!$B$2),\nIF(C165=\"f\",VLOOKUP(A165,Quantities[],Quantities!$B$2),\nVLOOKUP(A165,Quantities[],Quantities!$C$2))\n)))","v":"-"},{"$f":"IF(OR(AND(LEFT(D165,2)=\"Sc\",B165=\"A\",C165=\"d\"),AND(C165=\"f\",B165=\"D\")),\nSUM(VLOOKUP($A165,Quantities[],Quantities!$O$2),VLOOKUP($A165,Quantities[],Quantities!$Q$2),VLOOKUP($A165,Quantities[],Quantities!$S$2)),\n\nIF(AND(LEFT(D165,2)=\"Sc\",OR(C165=\"a\",C165=\"f\")),\nVLOOKUP(A165,Quantities[],Quantities!$I$2),\n\nIF(AND(B165=\"D\",C165=\"b\"),\n VLOOKUP(INDEX(Quantities!$A$100:$A$118,MATCH($A165,Quantities!$C$100:$C$118)),Quantities!$A$100:$AJ$118,Quantities!$O$2)+\nVLOOKUP(INDEX(Quantities!$A$100:$A$118,MATCH($A165,Quantities!$C$100:$C$118)),Quantities!$A$100:$AJ$118,Quantities!$Q$2)+\nVLOOKUP(INDEX(Quantities!$A$100:$A$118,MATCH($A165,Quantities!$C$100:$C$118)),Quantities!$A$100:$AJ$118,Quantities!$S$2),\n\nIF(OR(B165=\"D\",B165=\"Q\"),\nSUM(VLOOKUP($A165,Quantities[],Quantities!$O$2),VLOOKUP($A165,Quantities[],Quantities!$Q$2),VLOOKUP($A165,Quantities[],Quantities!$S$2)),\n\n VLOOKUP(A165,Quantities[],Quantities!$G$2)\n))))","v":0},{"$f":"IF(LEFT(D165,2)=\"Mg\", VLOOKUP(A165,Quantities[],Quantities!$H$2),\n\nIF(OR(AND(LEFT(D165,2)=\"Sc\",B165=\"A\",C165=\"d\",C165=\"f\")),\n(SUM(VLOOKUP($A165,Quantities[],Quantities!$P$2)*VLOOKUP($A165,Quantities[],Quantities!$O$2),VLOOKUP($A165,Quantities[],Quantities!$R$2)*VLOOKUP($A165,Quantities[],Quantities!$Q$2),VLOOKUP($A165,Quantities[],Quantities!$T$2)*VLOOKUP($A165,Quantities[],Quantities!$S$2)))/SUM(VLOOKUP($A165,Quantities[],Quantities!$O$2),VLOOKUP($A165,Quantities[],Quantities!$Q$2),VLOOKUP($A165,Quantities[],Quantities!$S$2)),\n\nIF(AND(LEFT(D165,2)=\"Sc\",OR(C165=\"a\",C165=\"f\")),\nVLOOKUP(A165,Quantities[],Quantities!$J$2),\n\nIF(AND(B165=\"D\",C165=\"b\", (VLOOKUP(INDEX(Quantities!$A$100:$A$118,MATCH($A165,Quantities!$C$100:$C$118)),Quantities[],Quantities!$O$2)+VLOOKUP(INDEX(Quantities!$A$100:$A$118,MATCH($A165,Quantities!$C$100:$C$118)),Quantities[],Quantities!$Q$2)+VLOOKUP(INDEX(Quantities!$A$100:$A$118,MATCH($A165,Quantities!$C$100:$C$118)),Quantities[],Quantities!$S$2))>0),\n(VLOOKUP(INDEX(Quantities!$A$100:$A$118,MATCH($A165,Quantities!$C$100:$C$118)),Quantities[],Quantities!$P$2)*VLOOKUP(INDEX(Quantities!$A$100:$A$118,MATCH($A165,Quantities!$C$100:$C$118)),Quantities[],Quantities!$O$2)\n+VLOOKUP(INDEX(Quantities!$A$100:$A$118,MATCH($A165,Quantities!$C$100:$C$118)),Quantities[],Quantities!$R$2)*VLOOKUP(INDEX(Quantities!$A$100:$A$118,MATCH($A165,Quantities!$C$100:$C$118)),Quantities[],Quantities!$Q$2)\n+VLOOKUP(INDEX(Quantities!$A$100:$A$118,MATCH($A165,Quantities!$C$100:$C$118)),Quantities[],Quantities!$T$2)*VLOOKUP(INDEX(Quantities!$A$100:$A$118,MATCH($A165,Quantities!$C$100:$C$118)),Quantities[],Quantities!$S$2))/\n(VLOOKUP(INDEX(Quantities!$A$100:$A$118,MATCH($A165,Quantities!$C$100:$C$118)),Quantities[],Quantities!$O$2)+VLOOKUP(INDEX(Quantities!$A$100:$A$118,MATCH($A165,Quantities!$C$100:$C$118)),Quantities[],Quantities!$Q$2)+VLOOKUP(A165,Quantities[],Quantities!$S$2)),\n\nIF(AND(B165=\"D\", (VLOOKUP(A165,Quantities[],Quantities!$O$2)+VLOOKUP(A165,Quantities[],Quantities!$Q$2)+VLOOKUP(A165,Quantities[],Quantities!$S$2))>0),\n(VLOOKUP(A165,Quantities[],Quantities!$P$2)*VLOOKUP(A165,Quantities[],Quantities!$O$2)\n+VLOOKUP(A165,Quantities[],Quantities!$R$2)*VLOOKUP(A165,Quantities[],Quantities!$Q$2)\n+VLOOKUP(A165,Quantities[],Quantities!$T$2)*VLOOKUP(A165,Quantities[],Quantities!$S$2))/\n(VLOOKUP(A165,Quantities[],Quantities!$O$2)+VLOOKUP(A165,Quantities[],Quantities!$Q$2)+VLOOKUP(A165,Quantities[],Quantities!$S$2)),\n\nIF($B165=\"Q\", (SUM(VLOOKUP($A165,Quantities[],Quantities!$P$2)*VLOOKUP($A165,Quantities[],Quantities!$O$2),VLOOKUP($A165,Quantities[],Quantities!$R$2)*VLOOKUP($A165,Quantities[],Quantities!$Q$2),VLOOKUP($A165,Quantities[],Quantities!$T$2)*VLOOKUP($A165,Quantities[],Quantities!$S$2)))/SUM(VLOOKUP($A165,Quantities[],Quantities!$O$2),VLOOKUP($A165,Quantities[],Quantities!$Q$2),VLOOKUP($A165,Quantities[],Quantities!$S$2)),\n\n VLOOKUP(A165,Quantities[],Quantities!$H$2)\n))))))","v":"-"},{"$f":"IF(LEFT(D165,1)=\"U\",\"-\",VLOOKUP(D165,Equipment[],Equipment!$B$2))","v":"-"}]
[{"$f":"Quantities!$A$29","v":1800},"J","e",{"$f":"'Unit Rates'!$A$12","v":"U2"},"1800-J-e-U2",{"$f":"IF(D166=\"Comb1\",CONCATENATE(VLOOKUP(B166,'Activity-Material_Codes'!$A$2:$B$26,Quantities!$B$2),\"-\",VLOOKUP(A166,Quantities[],Quantities!$D$2)),\nCONCATENATE(\nVLOOKUP(B166,'Activity-Material_Codes'!$A$2:$B$26,Quantities!$B$2),\nIF(AND(B166=\"B\",C166=\"a\"), \" Scraper Grading\", \"\"),\nIF(C166=\"b\",\"\",\"-\"),\nIF(C166=\"b\",\"\",VLOOKUP(A166,Quantities[],Quantities!$D$2)),\nIF(LEFT(TEXT(A166,\"0\"),1)=\"5\",\"\",\"-\"),\nIF(LEFT(TEXT(A166,\"0\"),1)=\"5\",\"\",VLOOKUP(C166,'Activity-Material_Codes'!$A$30:$B$36,Quantities!$B$2))\n))","v":"Revegetate-Entire Stockpile-Final Grade"},{"$f":"CONCATENATE(\nIF(OR(RIGHT(TEXT($A166,\"0\"),Quantities!$B$2)=\"00\",LEFT(TEXT($A166,\"0\"),1)=\"5\",OR($C166=\"b\",$C166=\"f\")),\"\",VLOOKUP($A166,Quantities[],Quantities!$B$2)),\nIF(LEFT(TEXT($A166,\"0\"),1)=\"5\",\"\",\" \"),\nIF(OR(C166=\"a\",C166=\"c\",C166=\"d\",C166=\"e\"),IF(OR(RIGHT(TEXT($A166,\"0\"),Quantities!$B$2)=\"00\",LEFT(TEXT($A166,\"0\"),1)=\"5\"),VLOOKUP($A166,Quantities[],Quantities!$B$2),\"\"),\nIF(LEFT(TEXT($A166,\"0\"),1)=\"5\",VLOOKUP($A166,Quantities[],Quantities!$B$2),\nVLOOKUP(INDEX(Quantities!$A$100:$A$118,MATCH($A166,Quantities!$C$100:$C$118)),Quantities!$A$100:$B$118,Quantities!$B$2))))","v":" 2 Leach (Area 2), 7B Leach, 7B Waste, 7C Waste, South Rim Pit"},{"$f":"IF(LEFT(TEXT(A166,\"0\"),1)=\"5\",\nVLOOKUP(VLOOKUP(A166,Quantities!$A$4:$D$118,Quantities!$C$2),Quantities!$A$4:$D$118,Quantities!$C$2),\nIF(OR(C166=\"a\",C166=\"c\",C166=\"d\",C166=\"e\"),\n\"-\",\nIF(RIGHT(TEXT(A166,\"0\"),2)=\"00\",VLOOKUP(A166,Quantities[],Quantities!$B$2),\nIF(C166=\"f\",VLOOKUP(A166,Quantities[],Quantities!$B$2),\nVLOOKUP(A166,Quantities[],Quantities!$C$2))\n)))","v":"-"},{"$f":"IF(OR(AND(LEFT(D166,2)=\"Sc\",B166=\"A\",C166=\"d\"),AND(C166=\"f\",B166=\"D\")),\nSUM(VLOOKUP($A166,Quantities[],Quantities!$O$2),VLOOKUP($A166,Quantities[],Quantities!$Q$2),VLOOKUP($A166,Quantities[],Quantities!$S$2)),\n\nIF(AND(LEFT(D166,2)=\"Sc\",OR(C166=\"a\",C166=\"f\")),\nVLOOKUP(A166,Quantities[],Quantities!$I$2),\n\nIF(AND(B166=\"D\",C166=\"b\"),\n VLOOKUP(INDEX(Quantities!$A$100:$A$118,MATCH($A166,Quantities!$C$100:$C$118)),Quantities!$A$100:$AJ$118,Quantities!$O$2)+\nVLOOKUP(INDEX(Quantities!$A$100:$A$118,MATCH($A166,Quantities!$C$100:$C$118)),Quantities!$A$100:$AJ$118,Quantities!$Q$2)+\nVLOOKUP(INDEX(Quantities!$A$100:$A$118,MATCH($A166,Quantities!$C$100:$C$118)),Quantities!$A$100:$AJ$118,Quantities!$S$2),\n\nIF(OR(B166=\"D\",B166=\"Q\"),\nSUM(VLOOKUP($A166,Quantities[],Quantities!$O$2),VLOOKUP($A166,Quantities[],Quantities!$Q$2),VLOOKUP($A166,Quantities[],Quantities!$S$2)),\n\n VLOOKUP(A166,Quantities[],Quantities!$G$2)\n))))","v":0},{"$f":"IF(LEFT(D166,2)=\"Mg\", VLOOKUP(A166,Quantities[],Quantities!$H$2),\n\nIF(OR(AND(LEFT(D166,2)=\"Sc\",B166=\"A\",C166=\"d\",C166=\"f\")),\n(SUM(VLOOKUP($A166,Quantities[],Quantities!$P$2)*VLOOKUP($A166,Quantities[],Quantities!$O$2),VLOOKUP($A166,Quantities[],Quantities!$R$2)*VLOOKUP($A166,Quantities[],Quantities!$Q$2),VLOOKUP($A166,Quantities[],Quantities!$T$2)*VLOOKUP($A166,Quantities[],Quantities!$S$2)))/SUM(VLOOKUP($A166,Quantities[],Quantities!$O$2),VLOOKUP($A166,Quantities[],Quantities!$Q$2),VLOOKUP($A166,Quantities[],Quantities!$S$2)),\n\nIF(AND(LEFT(D166,2)=\"Sc\",OR(C166=\"a\",C166=\"f\")),\nVLOOKUP(A166,Quantities[],Quantities!$J$2),\n\nIF(AND(B166=\"D\",C166=\"b\", (VLOOKUP(INDEX(Quantities!$A$100:$A$118,MATCH($A166,Quantities!$C$100:$C$118)),Quantities[],Quantities!$O$2)+VLOOKUP(INDEX(Quantities!$A$100:$A$118,MATCH($A166,Quantities!$C$100:$C$118)),Quantities[],Quantities!$Q$2)+VLOOKUP(INDEX(Quantities!$A$100:$A$118,MATCH($A166,Quantities!$C$100:$C$118)),Quantities[],Quantities!$S$2))>0),\n(VLOOKUP(INDEX(Quantities!$A$100:$A$118,MATCH($A166,Quantities!$C$100:$C$118)),Quantities[],Quantities!$P$2)*VLOOKUP(INDEX(Quantities!$A$100:$A$118,MATCH($A166,Quantities!$C$100:$C$118)),Quantities[],Quantities!$O$2)\n+VLOOKUP(INDEX(Quantities!$A$100:$A$118,MATCH($A166,Quantities!$C$100:$C$118)),Quantities[],Quantities!$R$2)*VLOOKUP(INDEX(Quantities!$A$100:$A$118,MATCH($A166,Quantities!$C$100:$C$118)),Quantities[],Quantities!$Q$2)\n+VLOOKUP(INDEX(Quantities!$A$100:$A$118,MATCH($A166,Quantities!$C$100:$C$118)),Quantities[],Quantities!$T$2)*VLOOKUP(INDEX(Quantities!$A$100:$A$118,MATCH($A166,Quantities!$C$100:$C$118)),Quantities[],Quantities!$S$2))/\n(VLOOKUP(INDEX(Quantities!$A$100:$A$118,MATCH($A166,Quantities!$C$100:$C$118)),Quantities[],Quantities!$O$2)+VLOOKUP(INDEX(Quantities!$A$100:$A$118,MATCH($A166,Quantities!$C$100:$C$118)),Quantities[],Quantities!$Q$2)+VLOOKUP(A166,Quantities[],Quantities!$S$2)),\n\nIF(AND(B166=\"D\", (VLOOKUP(A166,Quantities[],Quantities!$O$2)+VLOOKUP(A166,Quantities[],Quantities!$Q$2)+VLOOKUP(A166,Quantities[],Quantities!$S$2))>0),\n(VLOOKUP(A166,Quantities[],Quantities!$P$2)*VLOOKUP(A166,Quantities[],Quantities!$O$2)\n+VLOOKUP(A166,Quantities[],Quantities!$R$2)*VLOOKUP(A166,Quantities[],Quantities!$Q$2)\n+VLOOKUP(A166,Quantities[],Quantities!$T$2)*VLOOKUP(A166,Quantities[],Quantities!$S$2))/\n(VLOOKUP(A166,Quantities[],Quantities!$O$2)+VLOOKUP(A166,Quantities[],Quantities!$Q$2)+VLOOKUP(A166,Quantities[],Quantities!$S$2)),\n\nIF($B166=\"Q\", (SUM(VLOOKUP($A166,Quantities[],Quantities!$P$2)*VLOOKUP($A166,Quantities[],Quantities!$O$2),VLOOKUP($A166,Quantities[],Quantities!$R$2)*VLOOKUP($A166,Quantities[],Quantities!$Q$2),VLOOKUP($A166,Quantities[],Quantities!$T$2)*VLOOKUP($A166,Quantities[],Quantities!$S$2)))/SUM(VLOOKUP($A166,Quantities[],Quantities!$O$2),VLOOKUP($A166,Quantities[],Quantities!$Q$2),VLOOKUP($A166,Quantities[],Quantities!$S$2)),\n\n VLOOKUP(A166,Quantities[],Quantities!$H$2)\n))))))","v":"-"},{"$f":"IF(LEFT(D166,1)=\"U\",\"-\",VLOOKUP(D166,Equipment[],Equipment!$B$2))","v":"-"}]
[{"$f":"Quantities!$A$32","v":1900},"J","e",{"$f":"'Unit Rates'!$A$12","v":"U2"},"1900-J-e-U2",{"$f":"IF(D167=\"Comb1\",CONCATENATE(VLOOKUP(B167,'Activity-Material_Codes'!$A$2:$B$26,Quantities!$B$2),\"-\",VLOOKUP(A167,Quantities[],Quantities!$D$2)),\nCONCATENATE(\nVLOOKUP(B167,'Activity-Material_Codes'!$A$2:$B$26,Quantities!$B$2),\nIF(AND(B167=\"B\",C167=\"a\"), \" Scraper Grading\", \"\"),\nIF(C167=\"b\",\"\",\"-\"),\nIF(C167=\"b\",\"\",VLOOKUP(A167,Quantities[],Quantities!$D$2)),\nIF(LEFT(TEXT(A167,\"0\"),1)=\"5\",\"\",\"-\"),\nIF(LEFT(TEXT(A167,\"0\"),1)=\"5\",\"\",VLOOKUP(C167,'Activity-Material_Codes'!$A$30:$B$36,Quantities!$B$2))\n))","v":"Revegetate-Sludge Disposal Area-Final Grade"},{"$f":"CONCATENATE(\nIF(OR(RIGHT(TEXT($A167,\"0\"),Quantities!$B$2)=\"00\",LEFT(TEXT($A167,\"0\"),1)=\"5\",OR($C167=\"b\",$C167=\"f\")),\"\",VLOOKUP($A167,Quantities[],Quantities!$B$2)),\nIF(LEFT(TEXT($A167,\"0\"),1)=\"5\",\"\",\" \"),\nIF(OR(C167=\"a\",C167=\"c\",C167=\"d\",C167=\"e\"),IF(OR(RIGHT(TEXT($A167,\"0\"),Quantities!$B$2)=\"00\",LEFT(TEXT($A167,\"0\"),1)=\"5\"),VLOOKUP($A167,Quantities[],Quantities!$B$2),\"\"),\nIF(LEFT(TEXT($A167,\"0\"),1)=\"5\",VLOOKUP($A167,Quantities[],Quantities!$B$2),\nVLOOKUP(INDEX(Quantities!$A$100:$A$118,MATCH($A167,Quantities!$C$100:$C$118)),Quantities!$A$100:$B$118,Quantities!$B$2))))","v":" 8A Waste, 8C Waste"},{"$f":"IF(LEFT(TEXT(A167,\"0\"),1)=\"5\",\nVLOOKUP(VLOOKUP(A167,Quantities!$A$4:$D$118,Quantities!$C$2),Quantities!$A$4:$D$118,Quantities!$C$2),\nIF(OR(C167=\"a\",C167=\"c\",C167=\"d\",C167=\"e\"),\n\"-\",\nIF(RIGHT(TEXT(A167,\"0\"),2)=\"00\",VLOOKUP(A167,Quantities[],Quantities!$B$2),\nIF(C167=\"f\",VLOOKUP(A167,Quantities[],Quantities!$B$2),\nVLOOKUP(A167,Quantities[],Quantities!$C$2))\n)))","v":"-"},{"$f":"IF(OR(AND(LEFT(D167,2)=\"Sc\",B167=\"A\",C167=\"d\"),AND(C167=\"f\",B167=\"D\")),\nSUM(VLOOKUP($A167,Quantities[],Quantities!$O$2),VLOOKUP($A167,Quantities[],Quantities!$Q$2),VLOOKUP($A167,Quantities[],Quantities!$S$2)),\n\nIF(AND(LEFT(D167,2)=\"Sc\",OR(C167=\"a\",C167=\"f\")),\nVLOOKUP(A167,Quantities[],Quantities!$I$2),\n\nIF(AND(B167=\"D\",C167=\"b\"),\n VLOOKUP(INDEX(Quantities!$A$100:$A$118,MATCH($A167,Quantities!$C$100:$C$118)),Quantities!$A$100:$AJ$118,Quantities!$O$2)+\nVLOOKUP(INDEX(Quantities!$A$100:$A$118,MATCH($A167,Quantities!$C$100:$C$118)),Quantities!$A$100:$AJ$118,Quantities!$Q$2)+\nVLOOKUP(INDEX(Quantities!$A$100:$A$118,MATCH($A167,Quantities!$C$100:$C$118)),Quantities!$A$100:$AJ$118,Quantities!$S$2),\n\nIF(OR(B167=\"D\",B167=\"Q\"),\nSUM(VLOOKUP($A167,Quantities[],Quantities!$O$2),VLOOKUP($A167,Quantities[],Quantities!$Q$2),VLOOKUP($A167,Quantities[],Quantities!$S$2)),\n\n VLOOKUP(A167,Quantities[],Quantities!$G$2)\n))))","v":0},{"$f":"IF(LEFT(D167,2)=\"Mg\", VLOOKUP(A167,Quantities[],Quantities!$H$2),\n\nIF(OR(AND(LEFT(D167,2)=\"Sc\",B167=\"A\",C167=\"d\",C167=\"f\")),\n(SUM(VLOOKUP($A167,Quantities[],Quantities!$P$2)*VLOOKUP($A167,Quantities[],Quantities!$O$2),VLOOKUP($A167,Quantities[],Quantities!$R$2)*VLOOKUP($A167,Quantities[],Quantities!$Q$2),VLOOKUP($A167,Quantities[],Quantities!$T$2)*VLOOKUP($A167,Quantities[],Quantities!$S$2)))/SUM(VLOOKUP($A167,Quantities[],Quantities!$O$2),VLOOKUP($A167,Quantities[],Quantities!$Q$2),VLOOKUP($A167,Quantities[],Quantities!$S$2)),\n\nIF(AND(LEFT(D167,2)=\"Sc\",OR(C167=\"a\",C167=\"f\")),\nVLOOKUP(A167,Quantities[],Quantities!$J$2),\n\nIF(AND(B167=\"D\",C167=\"b\", (VLOOKUP(INDEX(Quantities!$A$100:$A$118,MATCH($A167,Quantities!$C$100:$C$118)),Quantities[],Quantities!$O$2)+VLOOKUP(INDEX(Quantities!$A$100:$A$118,MATCH($A167,Quantities!$C$100:$C$118)),Quantities[],Quantities!$Q$2)+VLOOKUP(INDEX(Quantities!$A$100:$A$118,MATCH($A167,Quantities!$C$100:$C$118)),Quantities[],Quantities!$S$2))>0),\n(VLOOKUP(INDEX(Quantities!$A$100:$A$118,MATCH($A167,Quantities!$C$100:$C$118)),Quantities[],Quantities!$P$2)*VLOOKUP(INDEX(Quantities!$A$100:$A$118,MATCH($A167,Quantities!$C$100:$C$118)),Quantities[],Quantities!$O$2)\n+VLOOKUP(INDEX(Quantities!$A$100:$A$118,MATCH($A167,Quantities!$C$100:$C$118)),Quantities[],Quantities!$R$2)*VLOOKUP(INDEX(Quantities!$A$100:$A$118,MATCH($A167,Quantities!$C$100:$C$118)),Quantities[],Quantities!$Q$2)\n+VLOOKUP(INDEX(Quantities!$A$100:$A$118,MATCH($A167,Quantities!$C$100:$C$118)),Quantities[],Quantities!$T$2)*VLOOKUP(INDEX(Quantities!$A$100:$A$118,MATCH($A167,Quantities!$C$100:$C$118)),Quantities[],Quantities!$S$2))/\n(VLOOKUP(INDEX(Quantities!$A$100:$A$118,MATCH($A167,Quantities!$C$100:$C$118)),Quantities[],Quantities!$O$2)+VLOOKUP(INDEX(Quantities!$A$100:$A$118,MATCH($A167,Quantities!$C$100:$C$118)),Quantities[],Quantities!$Q$2)+VLOOKUP(A167,Quantities[],Quantities!$S$2)),\n\nIF(AND(B167=\"D\", (VLOOKUP(A167,Quantities[],Quantities!$O$2)+VLOOKUP(A167,Quantities[],Quantities!$Q$2)+VLOOKUP(A167,Quantities[],Quantities!$S$2))>0),\n(VLOOKUP(A167,Quantities[],Quantities!$P$2)*VLOOKUP(A167,Quantities[],Quantities!$O$2)\n+VLOOKUP(A167,Quantities[],Quantities!$R$2)*VLOOKUP(A167,Quantities[],Quantities!$Q$2)\n+VLOOKUP(A167,Quantities[],Quantities!$T$2)*VLOOKUP(A167,Quantities[],Quantities!$S$2))/\n(VLOOKUP(A167,Quantities[],Quantities!$O$2)+VLOOKUP(A167,Quantities[],Quantities!$Q$2)+VLOOKUP(A167,Quantities[],Quantities!$S$2)),\n\nIF($B167=\"Q\", (SUM(VLOOKUP($A167,Quantities[],Quantities!$P$2)*VLOOKUP($A167,Quantities[],Quantities!$O$2),VLOOKUP($A167,Quantities[],Quantities!$R$2)*VLOOKUP($A167,Quantities[],Quantities!$Q$2),VLOOKUP($A167,Quantities[],Quantities!$T$2)*VLOOKUP($A167,Quantities[],Quantities!$S$2)))/SUM(VLOOKUP($A167,Quantities[],Quantities!$O$2),VLOOKUP($A167,Quantities[],Quantities!$Q$2),VLOOKUP($A167,Quantities[],Quantities!$S$2)),\n\n VLOOKUP(A167,Quantities[],Quantities!$H$2)\n))))))","v":0},{"$f":"IF(LEFT(D167,1)=\"U\",\"-\",VLOOKUP(D167,Equipment[],Equipment!$B$2))","v":"-"}]
[{"$f":"Quantities!$A$23","v":1600},"J","e",{"$f":"'Unit Rates'!$A$12","v":"U2"},{"$f":"CONCATENATE(TEXT(A168,\"0\"),\"-\",B168,\"-\",C168,\"-\",D168)","v":"1600-J-e-U2"},{"$f":"IF(D168=\"Comb1\",CONCATENATE(VLOOKUP(B168,'Activity-Material_Codes'!$A$2:$B$26,Quantities!$B$2),\"-\",VLOOKUP(A168,Quantities[],Quantities!$D$2)),\nCONCATENATE(\nVLOOKUP(B168,'Activity-Material_Codes'!$A$2:$B$26,Quantities!$B$2),\nIF(AND(B168=\"B\",C168=\"a\"), \" Scraper Grading\", \"\"),\nIF(C168=\"b\",\"\",\"-\"),\nIF(C168=\"b\",\"\",VLOOKUP(A168,Quantities[],Quantities!$D$2)),\nIF(LEFT(TEXT(A168,\"0\"),1)=\"5\",\"\",\"-\"),\nIF(LEFT(TEXT(A168,\"0\"),1)=\"5\",\"\",VLOOKUP(C168,'Activity-Material_Codes'!$A$30:$B$36,Quantities!$B$2))\n))","v":"Revegetate-Entire Stockpile-Final Grade"},{"$f":"CONCATENATE(\nIF(OR(RIGHT(TEXT($A168,\"0\"),Quantities!$B$2)=\"00\",LEFT(TEXT($A168,\"0\"),1)=\"5\",OR($C168=\"b\",$C168=\"f\")),\"\",VLOOKUP($A168,Quantities[],Quantities!$B$2)),\nIF(LEFT(TEXT($A168,\"0\"),1)=\"5\",\"\",\" \"),\nIF(OR(C168=\"a\",C168=\"c\",C168=\"d\",C168=\"e\"),IF(OR(RIGHT(TEXT($A168,\"0\"),Quantities!$B$2)=\"00\",LEFT(TEXT($A168,\"0\"),1)=\"5\"),VLOOKUP($A168,Quantities[],Quantities!$B$2),\"\"),\nIF(LEFT(TEXT($A168,\"0\"),1)=\"5\",VLOOKUP($A168,Quantities[],Quantities!$B$2),\nVLOOKUP(INDEX(Quantities!$A$100:$A$118,MATCH($A168,Quantities!$C$100:$C$118)),Quantities!$A$100:$B$118,Quantities!$B$2))))","v":" 6B Leach, 6D Leach"},{"$f":"IF(LEFT(TEXT(A168,\"0\"),1)=\"5\",\nVLOOKUP(VLOOKUP(A168,Quantities!$A$4:$D$118,Quantities!$C$2),Quantities!$A$4:$D$118,Quantities!$C$2),\nIF(OR(C168=\"a\",C168=\"c\",C168=\"d\",C168=\"e\"),\n\"-\",\nIF(RIGHT(TEXT(A168,\"0\"),2)=\"00\",VLOOKUP(A168,Quantities[],Quantities!$B$2),\nIF(C168=\"f\",VLOOKUP(A168,Quantities[],Quantities!$B$2),\nVLOOKUP(A168,Quantities[],Quantities!$C$2))\n)))","v":"-"},{"$f":"IF(OR(AND(LEFT(D168,2)=\"Sc\",B168=\"A\",C168=\"d\"),AND(C168=\"f\",B168=\"D\")),\nSUM(VLOOKUP($A168,Quantities[],Quantities!$O$2),VLOOKUP($A168,Quantities[],Quantities!$Q$2),VLOOKUP($A168,Quantities[],Quantities!$S$2)),\n\nIF(AND(LEFT(D168,2)=\"Sc\",OR(C168=\"a\",C168=\"f\")),\nVLOOKUP(A168,Quantities[],Quantities!$I$2),\n\nIF(AND(B168=\"D\",C168=\"b\"),\n VLOOKUP(INDEX(Quantities!$A$100:$A$118,MATCH($A168,Quantities!$C$100:$C$118)),Quantities!$A$100:$AJ$118,Quantities!$O$2)+\nVLOOKUP(INDEX(Quantities!$A$100:$A$118,MATCH($A168,Quantities!$C$100:$C$118)),Quantities!$A$100:$AJ$118,Quantities!$Q$2)+\nVLOOKUP(INDEX(Quantities!$A$100:$A$118,MATCH($A168,Quantities!$C$100:$C$118)),Quantities!$A$100:$AJ$118,Quantities!$S$2),\n\nIF(OR(B168=\"D\",B168=\"Q\"),\nSUM(VLOOKUP($A168,Quantities[],Quantities!$O$2),VLOOKUP($A168,Quantities[],Quantities!$Q$2),VLOOKUP($A168,Quantities[],Quantities!$S$2)),\n\n VLOOKUP(A168,Quantities[],Quantities!$G$2)\n))))","v":0},{"$f":"IF(LEFT(D168,2)=\"Mg\", VLOOKUP(A168,Quantities[],Quantities!$H$2),\n\nIF(OR(AND(LEFT(D168,2)=\"Sc\",B168=\"A\",C168=\"d\",C168=\"f\")),\n(SUM(VLOOKUP($A168,Quantities[],Quantities!$P$2)*VLOOKUP($A168,Quantities[],Quantities!$O$2),VLOOKUP($A168,Quantities[],Quantities!$R$2)*VLOOKUP($A168,Quantities[],Quantities!$Q$2),VLOOKUP($A168,Quantities[],Quantities!$T$2)*VLOOKUP($A168,Quantities[],Quantities!$S$2)))/SUM(VLOOKUP($A168,Quantities[],Quantities!$O$2),VLOOKUP($A168,Quantities[],Quantities!$Q$2),VLOOKUP($A168,Quantities[],Quantities!$S$2)),\n\nIF(AND(LEFT(D168,2)=\"Sc\",OR(C168=\"a\",C168=\"f\")),\nVLOOKUP(A168,Quantities[],Quantities!$J$2),\n\nIF(AND(B168=\"D\",C168=\"b\", (VLOOKUP(INDEX(Quantities!$A$100:$A$118,MATCH($A168,Quantities!$C$100:$C$118)),Quantities[],Quantities!$O$2)+VLOOKUP(INDEX(Quantities!$A$100:$A$118,MATCH($A168,Quantities!$C$100:$C$118)),Quantities[],Quantities!$Q$2)+VLOOKUP(INDEX(Quantities!$A$100:$A$118,MATCH($A168,Quantities!$C$100:$C$118)),Quantities[],Quantities!$S$2))>0),\n(VLOOKUP(INDEX(Quantities!$A$100:$A$118,MATCH($A168,Quantities!$C$100:$C$118)),Quantities[],Quantities!$P$2)*VLOOKUP(INDEX(Quantities!$A$100:$A$118,MATCH($A168,Quantities!$C$100:$C$118)),Quantities[],Quantities!$O$2)\n+VLOOKUP(INDEX(Quantities!$A$100:$A$118,MATCH($A168,Quantities!$C$100:$C$118)),Quantities[],Quantities!$R$2)*VLOOKUP(INDEX(Quantities!$A$100:$A$118,MATCH($A168,Quantities!$C$100:$C$118)),Quantities[],Quantities!$Q$2)\n+VLOOKUP(INDEX(Quantities!$A$100:$A$118,MATCH($A168,Quantities!$C$100:$C$118)),Quantities[],Quantities!$T$2)*VLOOKUP(INDEX(Quantities!$A$100:$A$118,MATCH($A168,Quantities!$C$100:$C$118)),Quantities[],Quantities!$S$2))/\n(VLOOKUP(INDEX(Quantities!$A$100:$A$118,MATCH($A168,Quantities!$C$100:$C$118)),Quantities[],Quantities!$O$2)+VLOOKUP(INDEX(Quantities!$A$100:$A$118,MATCH($A168,Quantities!$C$100:$C$118)),Quantities[],Quantities!$Q$2)+VLOOKUP(A168,Quantities[],Quantities!$S$2)),\n\nIF(AND(B168=\"D\", (VLOOKUP(A168,Quantities[],Quantities!$O$2)+VLOOKUP(A168,Quantities[],Quantities!$Q$2)+VLOOKUP(A168,Quantities[],Quantities!$S$2))>0),\n(VLOOKUP(A168,Quantities[],Quantities!$P$2)*VLOOKUP(A168,Quantities[],Quantities!$O$2)\n+VLOOKUP(A168,Quantities[],Quantities!$R$2)*VLOOKUP(A168,Quantities[],Quantities!$Q$2)\n+VLOOKUP(A168,Quantities[],Quantities!$T$2)*VLOOKUP(A168,Quantities[],Quantities!$S$2))/\n(VLOOKUP(A168,Quantities[],Quantities!$O$2)+VLOOKUP(A168,Quantities[],Quantities!$Q$2)+VLOOKUP(A168,Quantities[],Quantities!$S$2)),\n\nIF($B168=\"Q\", (SUM(VLOOKUP($A168,Quantities[],Quantities!$P$2)*VLOOKUP($A168,Quantities[],Quantities!$O$2),VLOOKUP($A168,Quantities[],Quantities!$R$2)*VLOOKUP($A168,Quantities[],Quantities!$Q$2),VLOOKUP($A168,Quantities[],Quantities!$T$2)*VLOOKUP($A168,Quantities[],Quantities!$S$2)))/SUM(VLOOKUP($A168,Quantities[],Quantities!$O$2),VLOOKUP($A168,Quantities[],Quantities!$Q$2),VLOOKUP($A168,Quantities[],Quantities!$S$2)),\n\n VLOOKUP(A168,Quantities[],Quantities!$H$2)\n))))))","v":"-"},{"$f":"IF(LEFT(D168,1)=\"U\",\"-\",VLOOKUP(D168,Equipment[],Equipment!$B$2))","v":"-"}]
[{"$f":"Quantities!$A$26","v":1700},"J","e",{"$f":"'Unit Rates'!$A$12","v":"U2"},"1700-J-e-U2",{"$f":"IF(D169=\"Comb1\",CONCATENATE(VLOOKUP(B169,'Activity-Material_Codes'!$A$2:$B$26,Quantities!$B$2),\"-\",VLOOKUP(A169,Quantities[],Quantities!$D$2)),\nCONCATENATE(\nVLOOKUP(B169,'Activity-Material_Codes'!$A$2:$B$26,Quantities!$B$2),\nIF(AND(B169=\"B\",C169=\"a\"), \" Scraper Grading\", \"\"),\nIF(C169=\"b\",\"\",\"-\"),\nIF(C169=\"b\",\"\",VLOOKUP(A169,Quantities[],Quantities!$D$2)),\nIF(LEFT(TEXT(A169,\"0\"),1)=\"5\",\"\",\"-\"),\nIF(LEFT(TEXT(A169,\"0\"),1)=\"5\",\"\",VLOOKUP(C169,'Activity-Material_Codes'!$A$30:$B$36,Quantities!$B$2))\n))","v":"Revegetate-Entire Stockpile-Final Grade"},{"$f":"CONCATENATE(\nIF(OR(RIGHT(TEXT($A169,\"0\"),Quantities!$B$2)=\"00\",LEFT(TEXT($A169,\"0\"),1)=\"5\",OR($C169=\"b\",$C169=\"f\")),\"\",VLOOKUP($A169,Quantities[],Quantities!$B$2)),\nIF(LEFT(TEXT($A169,\"0\"),1)=\"5\",\"\",\" \"),\nIF(OR(C169=\"a\",C169=\"c\",C169=\"d\",C169=\"e\"),IF(OR(RIGHT(TEXT($A169,\"0\"),Quantities!$B$2)=\"00\",LEFT(TEXT($A169,\"0\"),1)=\"5\"),VLOOKUP($A169,Quantities[],Quantities!$B$2),\"\"),\nIF(LEFT(TEXT($A169,\"0\"),1)=\"5\",VLOOKUP($A169,Quantities[],Quantities!$B$2),\nVLOOKUP(INDEX(Quantities!$A$100:$A$118,MATCH($A169,Quantities!$C$100:$C$118)),Quantities!$A$100:$B$118,Quantities!$B$2))))","v":" 6C Leach"},{"$f":"IF(LEFT(TEXT(A169,\"0\"),1)=\"5\",\nVLOOKUP(VLOOKUP(A169,Quantities!$A$4:$D$118,Quantities!$C$2),Quantities!$A$4:$D$118,Quantities!$C$2),\nIF(OR(C169=\"a\",C169=\"c\",C169=\"d\",C169=\"e\"),\n\"-\",\nIF(RIGHT(TEXT(A169,\"0\"),2)=\"00\",VLOOKUP(A169,Quantities[],Quantities!$B$2),\nIF(C169=\"f\",VLOOKUP(A169,Quantities[],Quantities!$B$2),\nVLOOKUP(A169,Quantities[],Quantities!$C$2))\n)))","v":"-"},{"$f":"IF(OR(AND(LEFT(D169,2)=\"Sc\",B169=\"A\",C169=\"d\"),AND(C169=\"f\",B169=\"D\")),\nSUM(VLOOKUP($A169,Quantities[],Quantities!$O$2),VLOOKUP($A169,Quantities[],Quantities!$Q$2),VLOOKUP($A169,Quantities[],Quantities!$S$2)),\n\nIF(AND(LEFT(D169,2)=\"Sc\",OR(C169=\"a\",C169=\"f\")),\nVLOOKUP(A169,Quantities[],Quantities!$I$2),\n\nIF(AND(B169=\"D\",C169=\"b\"),\n VLOOKUP(INDEX(Quantities!$A$100:$A$118,MATCH($A169,Quantities!$C$100:$C$118)),Quantities!$A$100:$AJ$118,Quantities!$O$2)+\nVLOOKUP(INDEX(Quantities!$A$100:$A$118,MATCH($A169,Quantities!$C$100:$C$118)),Quantities!$A$100:$AJ$118,Quantities!$Q$2)+\nVLOOKUP(INDEX(Quantities!$A$100:$A$118,MATCH($A169,Quantities!$C$100:$C$118)),Quantities!$A$100:$AJ$118,Quantities!$S$2),\n\nIF(OR(B169=\"D\",B169=\"Q\"),\nSUM(VLOOKUP($A169,Quantities[],Quantities!$O$2),VLOOKUP($A169,Quantities[],Quantities!$Q$2),VLOOKUP($A169,Quantities[],Quantities!$S$2)),\n\n VLOOKUP(A169,Quantities[],Quantities!$G$2)\n))))","v":0},{"$f":"IF(LEFT(D169,2)=\"Mg\", VLOOKUP(A169,Quantities[],Quantities!$H$2),\n\nIF(OR(AND(LEFT(D169,2)=\"Sc\",B169=\"A\",C169=\"d\",C169=\"f\")),\n(SUM(VLOOKUP($A169,Quantities[],Quantities!$P$2)*VLOOKUP($A169,Quantities[],Quantities!$O$2),VLOOKUP($A169,Quantities[],Quantities!$R$2)*VLOOKUP($A169,Quantities[],Quantities!$Q$2),VLOOKUP($A169,Quantities[],Quantities!$T$2)*VLOOKUP($A169,Quantities[],Quantities!$S$2)))/SUM(VLOOKUP($A169,Quantities[],Quantities!$O$2),VLOOKUP($A169,Quantities[],Quantities!$Q$2),VLOOKUP($A169,Quantities[],Quantities!$S$2)),\n\nIF(AND(LEFT(D169,2)=\"Sc\",OR(C169=\"a\",C169=\"f\")),\nVLOOKUP(A169,Quantities[],Quantities!$J$2),\n\nIF(AND(B169=\"D\",C169=\"b\", (VLOOKUP(INDEX(Quantities!$A$100:$A$118,MATCH($A169,Quantities!$C$100:$C$118)),Quantities[],Quantities!$O$2)+VLOOKUP(INDEX(Quantities!$A$100:$A$118,MATCH($A169,Quantities!$C$100:$C$118)),Quantities[],Quantities!$Q$2)+VLOOKUP(INDEX(Quantities!$A$100:$A$118,MATCH($A169,Quantities!$C$100:$C$118)),Quantities[],Quantities!$S$2))>0),\n(VLOOKUP(INDEX(Quantities!$A$100:$A$118,MATCH($A169,Quantities!$C$100:$C$118)),Quantities[],Quantities!$P$2)*VLOOKUP(INDEX(Quantities!$A$100:$A$118,MATCH($A169,Quantities!$C$100:$C$118)),Quantities[],Quantities!$O$2)\n+VLOOKUP(INDEX(Quantities!$A$100:$A$118,MATCH($A169,Quantities!$C$100:$C$118)),Quantities[],Quantities!$R$2)*VLOOKUP(INDEX(Quantities!$A$100:$A$118,MATCH($A169,Quantities!$C$100:$C$118)),Quantities[],Quantities!$Q$2)\n+VLOOKUP(INDEX(Quantities!$A$100:$A$118,MATCH($A169,Quantities!$C$100:$C$118)),Quantities[],Quantities!$T$2)*VLOOKUP(INDEX(Quantities!$A$100:$A$118,MATCH($A169,Quantities!$C$100:$C$118)),Quantities[],Quantities!$S$2))/\n(VLOOKUP(INDEX(Quantities!$A$100:$A$118,MATCH($A169,Quantities!$C$100:$C$118)),Quantities[],Quantities!$O$2)+VLOOKUP(INDEX(Quantities!$A$100:$A$118,MATCH($A169,Quantities!$C$100:$C$118)),Quantities[],Quantities!$Q$2)+VLOOKUP(A169,Quantities[],Quantities!$S$2)),\n\nIF(AND(B169=\"D\", (VLOOKUP(A169,Quantities[],Quantities!$O$2)+VLOOKUP(A169,Quantities[],Quantities!$Q$2)+VLOOKUP(A169,Quantities[],Quantities!$S$2))>0),\n(VLOOKUP(A169,Quantities[],Quantities!$P$2)*VLOOKUP(A169,Quantities[],Quantities!$O$2)\n+VLOOKUP(A169,Quantities[],Quantities!$R$2)*VLOOKUP(A169,Quantities[],Quantities!$Q$2)\n+VLOOKUP(A169,Quantities[],Quantities!$T$2)*VLOOKUP(A169,Quantities[],Quantities!$S$2))/\n(VLOOKUP(A169,Quantities[],Quantities!$O$2)+VLOOKUP(A169,Quantities[],Quantities!$Q$2)+VLOOKUP(A169,Quantities[],Quantities!$S$2)),\n\nIF($B169=\"Q\", (SUM(VLOOKUP($A169,Quantities[],Quantities!$P$2)*VLOOKUP($A169,Quantities[],Quantities!$O$2),VLOOKUP($A169,Quantities[],Quantities!$R$2)*VLOOKUP($A169,Quantities[],Quantities!$Q$2),VLOOKUP($A169,Quantities[],Quantities!$T$2)*VLOOKUP($A169,Quantities[],Quantities!$S$2)))/SUM(VLOOKUP($A169,Quantities[],Quantities!$O$2),VLOOKUP($A169,Quantities[],Quantities!$Q$2),VLOOKUP($A169,Quantities[],Quantities!$S$2)),\n\n VLOOKUP(A169,Quantities[],Quantities!$H$2)\n))))))","v":"-"},{"$f":"IF(LEFT(D169,1)=\"U\",\"-\",VLOOKUP(D169,Equipment[],Equipment!$B$2))","v":"-"}]
[{"$f":"Quantities!$A$33","v":2000},"J","e",{"$f":"'Unit Rates'!$A$12","v":"U2"},{"$f":"CONCATENATE(TEXT(A170,\"0\"),\"-\",B170,\"-\",C170,\"-\",D170)","v":"2000-J-e-U2"},{"$f":"IF(D170=\"Comb1\",CONCATENATE(VLOOKUP(B170,'Activity-Material_Codes'!$A$2:$B$26,Quantities!$B$2),\"-\",VLOOKUP(A170,Quantities[],Quantities!$D$2)),\nCONCATENATE(\nVLOOKUP(B170,'Activity-Material_Codes'!$A$2:$B$26,Quantities!$B$2),\nIF(AND(B170=\"B\",C170=\"a\"), \" Scraper Grading\", \"\"),\nIF(C170=\"b\",\"\",\"-\"),\nIF(C170=\"b\",\"\",VLOOKUP(A170,Quantities[],Quantities!$D$2)),\nIF(LEFT(TEXT(A170,\"0\"),1)=\"5\",\"\",\"-\"),\nIF(LEFT(TEXT(A170,\"0\"),1)=\"5\",\"\",VLOOKUP(C170,'Activity-Material_Codes'!$A$30:$B$36,Quantities!$B$2))\n))","v":"Revegetate-Entire Stockpile-Final Grade"},{"$f":"CONCATENATE(\nIF(OR(RIGHT(TEXT($A170,\"0\"),Quantities!$B$2)=\"00\",LEFT(TEXT($A170,\"0\"),1)=\"5\",OR($C170=\"b\",$C170=\"f\")),\"\",VLOOKUP($A170,Quantities[],Quantities!$B$2)),\nIF(LEFT(TEXT($A170,\"0\"),1)=\"5\",\"\",\" \"),\nIF(OR(C170=\"a\",C170=\"c\",C170=\"d\",C170=\"e\"),IF(OR(RIGHT(TEXT($A170,\"0\"),Quantities!$B$2)=\"00\",LEFT(TEXT($A170,\"0\"),1)=\"5\"),VLOOKUP($A170,Quantities[],Quantities!$B$2),\"\"),\nIF(LEFT(TEXT($A170,\"0\"),1)=\"5\",VLOOKUP($A170,Quantities[],Quantities!$B$2),\nVLOOKUP(INDEX(Quantities!$A$100:$A$118,MATCH($A170,Quantities!$C$100:$C$118)),Quantities!$A$100:$B$118,Quantities!$B$2))))","v":" 9A Waste "},{"$f":"IF(LEFT(TEXT(A170,\"0\"),1)=\"5\",\nVLOOKUP(VLOOKUP(A170,Quantities!$A$4:$D$118,Quantities!$C$2),Quantities!$A$4:$D$118,Quantities!$C$2),\nIF(OR(C170=\"a\",C170=\"c\",C170=\"d\",C170=\"e\"),\n\"-\",\nIF(RIGHT(TEXT(A170,\"0\"),2)=\"00\",VLOOKUP(A170,Quantities[],Quantities!$B$2),\nIF(C170=\"f\",VLOOKUP(A170,Quantities[],Quantities!$B$2),\nVLOOKUP(A170,Quantities[],Quantities!$C$2))\n)))","v":"-"},{"$f":"IF(OR(AND(LEFT(D170,2)=\"Sc\",B170=\"A\",C170=\"d\"),AND(C170=\"f\",B170=\"D\")),\nSUM(VLOOKUP($A170,Quantities[],Quantities!$O$2),VLOOKUP($A170,Quantities[],Quantities!$Q$2),VLOOKUP($A170,Quantities[],Quantities!$S$2)),\n\nIF(AND(LEFT(D170,2)=\"Sc\",OR(C170=\"a\",C170=\"f\")),\nVLOOKUP(A170,Quantities[],Quantities!$I$2),\n\nIF(AND(B170=\"D\",C170=\"b\"),\n VLOOKUP(INDEX(Quantities!$A$100:$A$118,MATCH($A170,Quantities!$C$100:$C$118)),Quantities!$A$100:$AJ$118,Quantities!$O$2)+\nVLOOKUP(INDEX(Quantities!$A$100:$A$118,MATCH($A170,Quantities!$C$100:$C$118)),Quantities!$A$100:$AJ$118,Quantities!$Q$2)+\nVLOOKUP(INDEX(Quantities!$A$100:$A$118,MATCH($A170,Quantities!$C$100:$C$118)),Quantities!$A$100:$AJ$118,Quantities!$S$2),\n\nIF(OR(B170=\"D\",B170=\"Q\"),\nSUM(VLOOKUP($A170,Quantities[],Quantities!$O$2),VLOOKUP($A170,Quantities[],Quantities!$Q$2),VLOOKUP($A170,Quantities[],Quantities!$S$2)),\n\n VLOOKUP(A170,Quantities[],Quantities!$G$2)\n))))","v":0},{"$f":"IF(LEFT(D170,2)=\"Mg\", VLOOKUP(A170,Quantities[],Quantities!$H$2),\n\nIF(OR(AND(LEFT(D170,2)=\"Sc\",B170=\"A\",C170=\"d\",C170=\"f\")),\n(SUM(VLOOKUP($A170,Quantities[],Quantities!$P$2)*VLOOKUP($A170,Quantities[],Quantities!$O$2),VLOOKUP($A170,Quantities[],Quantities!$R$2)*VLOOKUP($A170,Quantities[],Quantities!$Q$2),VLOOKUP($A170,Quantities[],Quantities!$T$2)*VLOOKUP($A170,Quantities[],Quantities!$S$2)))/SUM(VLOOKUP($A170,Quantities[],Quantities!$O$2),VLOOKUP($A170,Quantities[],Quantities!$Q$2),VLOOKUP($A170,Quantities[],Quantities!$S$2)),\n\nIF(AND(LEFT(D170,2)=\"Sc\",OR(C170=\"a\",C170=\"f\")),\nVLOOKUP(A170,Quantities[],Quantities!$J$2),\n\nIF(AND(B170=\"D\",C170=\"b\", (VLOOKUP(INDEX(Quantities!$A$100:$A$118,MATCH($A170,Quantities!$C$100:$C$118)),Quantities[],Quantities!$O$2)+VLOOKUP(INDEX(Quantities!$A$100:$A$118,MATCH($A170,Quantities!$C$100:$C$118)),Quantities[],Quantities!$Q$2)+VLOOKUP(INDEX(Quantities!$A$100:$A$118,MATCH($A170,Quantities!$C$100:$C$118)),Quantities[],Quantities!$S$2))>0),\n(VLOOKUP(INDEX(Quantities!$A$100:$A$118,MATCH($A170,Quantities!$C$100:$C$118)),Quantities[],Quantities!$P$2)*VLOOKUP(INDEX(Quantities!$A$100:$A$118,MATCH($A170,Quantities!$C$100:$C$118)),Quantities[],Quantities!$O$2)\n+VLOOKUP(INDEX(Quantities!$A$100:$A$118,MATCH($A170,Quantities!$C$100:$C$118)),Quantities[],Quantities!$R$2)*VLOOKUP(INDEX(Quantities!$A$100:$A$118,MATCH($A170,Quantities!$C$100:$C$118)),Quantities[],Quantities!$Q$2)\n+VLOOKUP(INDEX(Quantities!$A$100:$A$118,MATCH($A170,Quantities!$C$100:$C$118)),Quantities[],Quantities!$T$2)*VLOOKUP(INDEX(Quantities!$A$100:$A$118,MATCH($A170,Quantities!$C$100:$C$118)),Quantities[],Quantities!$S$2))/\n(VLOOKUP(INDEX(Quantities!$A$100:$A$118,MATCH($A170,Quantities!$C$100:$C$118)),Quantities[],Quantities!$O$2)+VLOOKUP(INDEX(Quantities!$A$100:$A$118,MATCH($A170,Quantities!$C$100:$C$118)),Quantities[],Quantities!$Q$2)+VLOOKUP(A170,Quantities[],Quantities!$S$2)),\n\nIF(AND(B170=\"D\", (VLOOKUP(A170,Quantities[],Quantities!$O$2)+VLOOKUP(A170,Quantities[],Quantities!$Q$2)+VLOOKUP(A170,Quantities[],Quantities!$S$2))>0),\n(VLOOKUP(A170,Quantities[],Quantities!$P$2)*VLOOKUP(A170,Quantities[],Quantities!$O$2)\n+VLOOKUP(A170,Quantities[],Quantities!$R$2)*VLOOKUP(A170,Quantities[],Quantities!$Q$2)\n+VLOOKUP(A170,Quantities[],Quantities!$T$2)*VLOOKUP(A170,Quantities[],Quantities!$S$2))/\n(VLOOKUP(A170,Quantities[],Quantities!$O$2)+VLOOKUP(A170,Quantities[],Quantities!$Q$2)+VLOOKUP(A170,Quantities[],Quantities!$S$2)),\n\nIF($B170=\"Q\", (SUM(VLOOKUP($A170,Quantities[],Quantities!$P$2)*VLOOKUP($A170,Quantities[],Quantities!$O$2),VLOOKUP($A170,Quantities[],Quantities!$R$2)*VLOOKUP($A170,Quantities[],Quantities!$Q$2),VLOOKUP($A170,Quantities[],Quantities!$T$2)*VLOOKUP($A170,Quantities[],Quantities!$S$2)))/SUM(VLOOKUP($A170,Quantities[],Quantities!$O$2),VLOOKUP($A170,Quantities[],Quantities!$Q$2),VLOOKUP($A170,Quantities[],Quantities!$S$2)),\n\n VLOOKUP(A170,Quantities[],Quantities!$H$2)\n))))))","v":"-"},{"$f":"IF(LEFT(D170,1)=\"U\",\"-\",VLOOKUP(D170,Equipment[],Equipment!$B$2))","v":"-"}]
[{"$f":"Quantities!$A$59","v":2600},"J","e",{"$f":"'Unit Rates'!$A$12","v":"U2"},"2600-J-e-U2",{"$f":"IF(D171=\"Comb1\",CONCATENATE(VLOOKUP(B171,'Activity-Material_Codes'!$A$2:$B$26,Quantities!$B$2),\"-\",VLOOKUP(A171,Quantities[],Quantities!$D$2)),\nCONCATENATE(\nVLOOKUP(B171,'Activity-Material_Codes'!$A$2:$B$26,Quantities!$B$2),\nIF(AND(B171=\"B\",C171=\"a\"), \" Scraper Grading\", \"\"),\nIF(C171=\"b\",\"\",\"-\"),\nIF(C171=\"b\",\"\",VLOOKUP(A171,Quantities[],Quantities!$D$2)),\nIF(LEFT(TEXT(A171,\"0\"),1)=\"5\",\"\",\"-\"),\nIF(LEFT(TEXT(A171,\"0\"),1)=\"5\",\"\",VLOOKUP(C171,'Activity-Material_Codes'!$A$30:$B$36,Quantities!$B$2))\n))","v":"Revegetate-Tailing Launder Line-Final Grade"},{"$f":"CONCATENATE(\nIF(OR(RIGHT(TEXT($A171,\"0\"),Quantities!$B$2)=\"00\",LEFT(TEXT($A171,\"0\"),1)=\"5\",OR($C171=\"b\",$C171=\"f\")),\"\",VLOOKUP($A171,Quantities[],Quantities!$B$2)),\nIF(LEFT(TEXT($A171,\"0\"),1)=\"5\",\"\",\" \"),\nIF(OR(C171=\"a\",C171=\"c\",C171=\"d\",C171=\"e\"),IF(OR(RIGHT(TEXT($A171,\"0\"),Quantities!$B$2)=\"00\",LEFT(TEXT($A171,\"0\"),1)=\"5\"),VLOOKUP($A171,Quantities[],Quantities!$B$2),\"\"),\nIF(LEFT(TEXT($A171,\"0\"),1)=\"5\",VLOOKUP($A171,Quantities[],Quantities!$B$2),\nVLOOKUP(INDEX(Quantities!$A$100:$A$118,MATCH($A171,Quantities!$C$100:$C$118)),Quantities!$A$100:$B$118,Quantities!$B$2))))","v":" Reclaimed Tailing Launder Line"},{"$f":"IF(LEFT(TEXT(A171,\"0\"),1)=\"5\",\nVLOOKUP(VLOOKUP(A171,Quantities!$A$4:$D$118,Quantities!$C$2),Quantities!$A$4:$D$118,Quantities!$C$2),\nIF(OR(C171=\"a\",C171=\"c\",C171=\"d\",C171=\"e\"),\n\"-\",\nIF(RIGHT(TEXT(A171,\"0\"),2)=\"00\",VLOOKUP(A171,Quantities[],Quantities!$B$2),\nIF(C171=\"f\",VLOOKUP(A171,Quantities[],Quantities!$B$2),\nVLOOKUP(A171,Quantities[],Quantities!$C$2))\n)))","v":"-"},{"$f":"IF(OR(AND(LEFT(D171,2)=\"Sc\",B171=\"A\",C171=\"d\"),AND(C171=\"f\",B171=\"D\")),\nSUM(VLOOKUP($A171,Quantities[],Quantities!$O$2),VLOOKUP($A171,Quantities[],Quantities!$Q$2),VLOOKUP($A171,Quantities[],Quantities!$S$2)),\n\nIF(AND(LEFT(D171,2)=\"Sc\",OR(C171=\"a\",C171=\"f\")),\nVLOOKUP(A171,Quantities[],Quantities!$I$2),\n\nIF(AND(B171=\"D\",C171=\"b\"),\n VLOOKUP(INDEX(Quantities!$A$100:$A$118,MATCH($A171,Quantities!$C$100:$C$118)),Quantities!$A$100:$AJ$118,Quantities!$O$2)+\nVLOOKUP(INDEX(Quantities!$A$100:$A$118,MATCH($A171,Quantities!$C$100:$C$118)),Quantities!$A$100:$AJ$118,Quantities!$Q$2)+\nVLOOKUP(INDEX(Quantities!$A$100:$A$118,MATCH($A171,Quantities!$C$100:$C$118)),Quantities!$A$100:$AJ$118,Quantities!$S$2),\n\nIF(OR(B171=\"D\",B171=\"Q\"),\nSUM(VLOOKUP($A171,Quantities[],Quantities!$O$2),VLOOKUP($A171,Quantities[],Quantities!$Q$2),VLOOKUP($A171,Quantities[],Quantities!$S$2)),\n\n VLOOKUP(A171,Quantities[],Quantities!$G$2)\n))))","v":100},{"$f":"IF(LEFT(D171,2)=\"Mg\", VLOOKUP(A171,Quantities[],Quantities!$H$2),\n\nIF(OR(AND(LEFT(D171,2)=\"Sc\",B171=\"A\",C171=\"d\",C171=\"f\")),\n(SUM(VLOOKUP($A171,Quantities[],Quantities!$P$2)*VLOOKUP($A171,Quantities[],Quantities!$O$2),VLOOKUP($A171,Quantities[],Quantities!$R$2)*VLOOKUP($A171,Quantities[],Quantities!$Q$2),VLOOKUP($A171,Quantities[],Quantities!$T$2)*VLOOKUP($A171,Quantities[],Quantities!$S$2)))/SUM(VLOOKUP($A171,Quantities[],Quantities!$O$2),VLOOKUP($A171,Quantities[],Quantities!$Q$2),VLOOKUP($A171,Quantities[],Quantities!$S$2)),\n\nIF(AND(LEFT(D171,2)=\"Sc\",OR(C171=\"a\",C171=\"f\")),\nVLOOKUP(A171,Quantities[],Quantities!$J$2),\n\nIF(AND(B171=\"D\",C171=\"b\", (VLOOKUP(INDEX(Quantities!$A$100:$A$118,MATCH($A171,Quantities!$C$100:$C$118)),Quantities[],Quantities!$O$2)+VLOOKUP(INDEX(Quantities!$A$100:$A$118,MATCH($A171,Quantities!$C$100:$C$118)),Quantities[],Quantities!$Q$2)+VLOOKUP(INDEX(Quantities!$A$100:$A$118,MATCH($A171,Quantities!$C$100:$C$118)),Quantities[],Quantities!$S$2))>0),\n(VLOOKUP(INDEX(Quantities!$A$100:$A$118,MATCH($A171,Quantities!$C$100:$C$118)),Quantities[],Quantities!$P$2)*VLOOKUP(INDEX(Quantities!$A$100:$A$118,MATCH($A171,Quantities!$C$100:$C$118)),Quantities[],Quantities!$O$2)\n+VLOOKUP(INDEX(Quantities!$A$100:$A$118,MATCH($A171,Quantities!$C$100:$C$118)),Quantities[],Quantities!$R$2)*VLOOKUP(INDEX(Quantities!$A$100:$A$118,MATCH($A171,Quantities!$C$100:$C$118)),Quantities[],Quantities!$Q$2)\n+VLOOKUP(INDEX(Quantities!$A$100:$A$118,MATCH($A171,Quantities!$C$100:$C$118)),Quantities[],Quantities!$T$2)*VLOOKUP(INDEX(Quantities!$A$100:$A$118,MATCH($A171,Quantities!$C$100:$C$118)),Quantities[],Quantities!$S$2))/\n(VLOOKUP(INDEX(Quantities!$A$100:$A$118,MATCH($A171,Quantities!$C$100:$C$118)),Quantities[],Quantities!$O$2)+VLOOKUP(INDEX(Quantities!$A$100:$A$118,MATCH($A171,Quantities!$C$100:$C$118)),Quantities[],Quantities!$Q$2)+VLOOKUP(A171,Quantities[],Quantities!$S$2)),\n\nIF(AND(B171=\"D\", (VLOOKUP(A171,Quantities[],Quantities!$O$2)+VLOOKUP(A171,Quantities[],Quantities!$Q$2)+VLOOKUP(A171,Quantities[],Quantities!$S$2))>0),\n(VLOOKUP(A171,Quantities[],Quantities!$P$2)*VLOOKUP(A171,Quantities[],Quantities!$O$2)\n+VLOOKUP(A171,Quantities[],Quantities!$R$2)*VLOOKUP(A171,Quantities[],Quantities!$Q$2)\n+VLOOKUP(A171,Quantities[],Quantities!$T$2)*VLOOKUP(A171,Quantities[],Quantities!$S$2))/\n(VLOOKUP(A171,Quantities[],Quantities!$O$2)+VLOOKUP(A171,Quantities[],Quantities!$Q$2)+VLOOKUP(A171,Quantities[],Quantities!$S$2)),\n\nIF($B171=\"Q\", (SUM(VLOOKUP($A171,Quantities[],Quantities!$P$2)*VLOOKUP($A171,Quantities[],Quantities!$O$2),VLOOKUP($A171,Quantities[],Quantities!$R$2)*VLOOKUP($A171,Quantities[],Quantities!$Q$2),VLOOKUP($A171,Quantities[],Quantities!$T$2)*VLOOKUP($A171,Quantities[],Quantities!$S$2)))/SUM(VLOOKUP($A171,Quantities[],Quantities!$O$2),VLOOKUP($A171,Quantities[],Quantities!$Q$2),VLOOKUP($A171,Quantities[],Quantities!$S$2)),\n\n VLOOKUP(A171,Quantities[],Quantities!$H$2)\n))))))","v":0.01},{"$f":"IF(LEFT(D171,1)=\"U\",\"-\",VLOOKUP(D171,Equipment[],Equipment!$B$2))","v":"-"}]
[{"$f":"Quantities!$A$67","v":2900},"J","e",{"$f":"'Unit Rates'!$A$12","v":"U2"},{"$f":"CONCATENATE(TEXT(A172,\"0\"),\"-\",B172,\"-\",C172,\"-\",D172)","v":"2900-J-e-U2"},{"$f":"IF(D172=\"Comb1\",CONCATENATE(VLOOKUP(B172,'Activity-Material_Codes'!$A$2:$B$26,Quantities!$B$2),\"-\",VLOOKUP(A172,Quantities[],Quantities!$D$2)),\nCONCATENATE(\nVLOOKUP(B172,'Activity-Material_Codes'!$A$2:$B$26,Quantities!$B$2),\nIF(AND(B172=\"B\",C172=\"a\"), \" Scraper Grading\", \"\"),\nIF(C172=\"b\",\"\",\"-\"),\nIF(C172=\"b\",\"\",VLOOKUP(A172,Quantities[],Quantities!$D$2)),\nIF(LEFT(TEXT(A172,\"0\"),1)=\"5\",\"\",\"-\"),\nIF(LEFT(TEXT(A172,\"0\"),1)=\"5\",\"\",VLOOKUP(C172,'Activity-Material_Codes'!$A$30:$B$36,Quantities!$B$2))\n))","v":"Revegetate-Tailing Pumphouse-Final Grade"},{"$f":"CONCATENATE(\nIF(OR(RIGHT(TEXT($A172,\"0\"),Quantities!$B$2)=\"00\",LEFT(TEXT($A172,\"0\"),1)=\"5\",OR($C172=\"b\",$C172=\"f\")),\"\",VLOOKUP($A172,Quantities[],Quantities!$B$2)),\nIF(LEFT(TEXT($A172,\"0\"),1)=\"5\",\"\",\" \"),\nIF(OR(C172=\"a\",C172=\"c\",C172=\"d\",C172=\"e\"),IF(OR(RIGHT(TEXT($A172,\"0\"),Quantities!$B$2)=\"00\",LEFT(TEXT($A172,\"0\"),1)=\"5\"),VLOOKUP($A172,Quantities[],Quantities!$B$2),\"\"),\nIF(LEFT(TEXT($A172,\"0\"),1)=\"5\",VLOOKUP($A172,Quantities[],Quantities!$B$2),\nVLOOKUP(INDEX(Quantities!$A$100:$A$118,MATCH($A172,Quantities!$C$100:$C$118)),Quantities!$A$100:$B$118,Quantities!$B$2))))","v":" Reclaimed 1 Tailing Impoundment Reclaim Water Pumphouse Station"},{"$f":"IF(LEFT(TEXT(A172,\"0\"),1)=\"5\",\nVLOOKUP(VLOOKUP(A172,Quantities!$A$4:$D$118,Quantities!$C$2),Quantities!$A$4:$D$118,Quantities!$C$2),\nIF(OR(C172=\"a\",C172=\"c\",C172=\"d\",C172=\"e\"),\n\"-\",\nIF(RIGHT(TEXT(A172,\"0\"),2)=\"00\",VLOOKUP(A172,Quantities[],Quantities!$B$2),\nIF(C172=\"f\",VLOOKUP(A172,Quantities[],Quantities!$B$2),\nVLOOKUP(A172,Quantities[],Quantities!$C$2))\n)))","v":"-"},{"$f":"IF(OR(AND(LEFT(D172,2)=\"Sc\",B172=\"A\",C172=\"d\"),AND(C172=\"f\",B172=\"D\")),\nSUM(VLOOKUP($A172,Quantities[],Quantities!$O$2),VLOOKUP($A172,Quantities[],Quantities!$Q$2),VLOOKUP($A172,Quantities[],Quantities!$S$2)),\n\nIF(AND(LEFT(D172,2)=\"Sc\",OR(C172=\"a\",C172=\"f\")),\nVLOOKUP(A172,Quantities[],Quantities!$I$2),\n\nIF(AND(B172=\"D\",C172=\"b\"),\n VLOOKUP(INDEX(Quantities!$A$100:$A$118,MATCH($A172,Quantities!$C$100:$C$118)),Quantities!$A$100:$AJ$118,Quantities!$O$2)+\nVLOOKUP(INDEX(Quantities!$A$100:$A$118,MATCH($A172,Quantities!$C$100:$C$118)),Quantities!$A$100:$AJ$118,Quantities!$Q$2)+\nVLOOKUP(INDEX(Quantities!$A$100:$A$118,MATCH($A172,Quantities!$C$100:$C$118)),Quantities!$A$100:$AJ$118,Quantities!$S$2),\n\nIF(OR(B172=\"D\",B172=\"Q\"),\nSUM(VLOOKUP($A172,Quantities[],Quantities!$O$2),VLOOKUP($A172,Quantities[],Quantities!$Q$2),VLOOKUP($A172,Quantities[],Quantities!$S$2)),\n\n VLOOKUP(A172,Quantities[],Quantities!$G$2)\n))))","v":2950},{"$f":"IF(LEFT(D172,2)=\"Mg\", VLOOKUP(A172,Quantities[],Quantities!$H$2),\n\nIF(OR(AND(LEFT(D172,2)=\"Sc\",B172=\"A\",C172=\"d\",C172=\"f\")),\n(SUM(VLOOKUP($A172,Quantities[],Quantities!$P$2)*VLOOKUP($A172,Quantities[],Quantities!$O$2),VLOOKUP($A172,Quantities[],Quantities!$R$2)*VLOOKUP($A172,Quantities[],Quantities!$Q$2),VLOOKUP($A172,Quantities[],Quantities!$T$2)*VLOOKUP($A172,Quantities[],Quantities!$S$2)))/SUM(VLOOKUP($A172,Quantities[],Quantities!$O$2),VLOOKUP($A172,Quantities[],Quantities!$Q$2),VLOOKUP($A172,Quantities[],Quantities!$S$2)),\n\nIF(AND(LEFT(D172,2)=\"Sc\",OR(C172=\"a\",C172=\"f\")),\nVLOOKUP(A172,Quantities[],Quantities!$J$2),\n\nIF(AND(B172=\"D\",C172=\"b\", (VLOOKUP(INDEX(Quantities!$A$100:$A$118,MATCH($A172,Quantities!$C$100:$C$118)),Quantities[],Quantities!$O$2)+VLOOKUP(INDEX(Quantities!$A$100:$A$118,MATCH($A172,Quantities!$C$100:$C$118)),Quantities[],Quantities!$Q$2)+VLOOKUP(INDEX(Quantities!$A$100:$A$118,MATCH($A172,Quantities!$C$100:$C$118)),Quantities[],Quantities!$S$2))>0),\n(VLOOKUP(INDEX(Quantities!$A$100:$A$118,MATCH($A172,Quantities!$C$100:$C$118)),Quantities[],Quantities!$P$2)*VLOOKUP(INDEX(Quantities!$A$100:$A$118,MATCH($A172,Quantities!$C$100:$C$118)),Quantities[],Quantities!$O$2)\n+VLOOKUP(INDEX(Quantities!$A$100:$A$118,MATCH($A172,Quantities!$C$100:$C$118)),Quantities[],Quantities!$R$2)*VLOOKUP(INDEX(Quantities!$A$100:$A$118,MATCH($A172,Quantities!$C$100:$C$118)),Quantities[],Quantities!$Q$2)\n+VLOOKUP(INDEX(Quantities!$A$100:$A$118,MATCH($A172,Quantities!$C$100:$C$118)),Quantities[],Quantities!$T$2)*VLOOKUP(INDEX(Quantities!$A$100:$A$118,MATCH($A172,Quantities!$C$100:$C$118)),Quantities[],Quantities!$S$2))/\n(VLOOKUP(INDEX(Quantities!$A$100:$A$118,MATCH($A172,Quantities!$C$100:$C$118)),Quantities[],Quantities!$O$2)+VLOOKUP(INDEX(Quantities!$A$100:$A$118,MATCH($A172,Quantities!$C$100:$C$118)),Quantities[],Quantities!$Q$2)+VLOOKUP(A172,Quantities[],Quantities!$S$2)),\n\nIF(AND(B172=\"D\", (VLOOKUP(A172,Quantities[],Quantities!$O$2)+VLOOKUP(A172,Quantities[],Quantities!$Q$2)+VLOOKUP(A172,Quantities[],Quantities!$S$2))>0),\n(VLOOKUP(A172,Quantities[],Quantities!$P$2)*VLOOKUP(A172,Quantities[],Quantities!$O$2)\n+VLOOKUP(A172,Quantities[],Quantities!$R$2)*VLOOKUP(A172,Quantities[],Quantities!$Q$2)\n+VLOOKUP(A172,Quantities[],Quantities!$T$2)*VLOOKUP(A172,Quantities[],Quantities!$S$2))/\n(VLOOKUP(A172,Quantities[],Quantities!$O$2)+VLOOKUP(A172,Quantities[],Quantities!$Q$2)+VLOOKUP(A172,Quantities[],Quantities!$S$2)),\n\nIF($B172=\"Q\", (SUM(VLOOKUP($A172,Quantities[],Quantities!$P$2)*VLOOKUP($A172,Quantities[],Quantities!$O$2),VLOOKUP($A172,Quantities[],Quantities!$R$2)*VLOOKUP($A172,Quantities[],Quantities!$Q$2),VLOOKUP($A172,Quantities[],Quantities!$T$2)*VLOOKUP($A172,Quantities[],Quantities!$S$2)))/SUM(VLOOKUP($A172,Quantities[],Quantities!$O$2),VLOOKUP($A172,Quantities[],Quantities!$Q$2),VLOOKUP($A172,Quantities[],Quantities!$S$2)),\n\n VLOOKUP(A172,Quantities[],Quantities!$H$2)\n))))))","v":0.01},{"$f":"IF(LEFT(D172,1)=\"U\",\"-\",VLOOKUP(D172,Equipment[],Equipment!$B$2))","v":"-"}]
[{"$f":"Quantities!$A$61","v":2701},"J","e",{"$f":"'Unit Rates'!$A$12","v":"U2"},"2701-J-e-U2",{"$f":"IF(D173=\"Comb1\",CONCATENATE(VLOOKUP(B173,'Activity-Material_Codes'!$A$2:$B$26,Quantities!$B$2),\"-\",VLOOKUP(A173,Quantities[],Quantities!$D$2)),\nCONCATENATE(\nVLOOKUP(B173,'Activity-Material_Codes'!$A$2:$B$26,Quantities!$B$2),\nIF(AND(B173=\"B\",C173=\"a\"), \" Scraper Grading\", \"\"),\nIF(C173=\"b\",\"\",\"-\"),\nIF(C173=\"b\",\"\",VLOOKUP(A173,Quantities[],Quantities!$D$2)),\nIF(LEFT(TEXT(A173,\"0\"),1)=\"5\",\"\",\"-\"),\nIF(LEFT(TEXT(A173,\"0\"),1)=\"5\",\"\",VLOOKUP(C173,'Activity-Material_Codes'!$A$30:$B$36,Quantities!$B$2))\n))","v":"Revegetate-Surface Impoundments closed at year 99; some closed year 6-Final Grade"},{"$f":"CONCATENATE(\nIF(OR(RIGHT(TEXT($A173,\"0\"),Quantities!$B$2)=\"00\",LEFT(TEXT($A173,\"0\"),1)=\"5\",OR($C173=\"b\",$C173=\"f\")),\"\",VLOOKUP($A173,Quantities[],Quantities!$B$2)),\nIF(LEFT(TEXT($A173,\"0\"),1)=\"5\",\"\",\" \"),\nIF(OR(C173=\"a\",C173=\"c\",C173=\"d\",C173=\"e\"),IF(OR(RIGHT(TEXT($A173,\"0\"),Quantities!$B$2)=\"00\",LEFT(TEXT($A173,\"0\"),1)=\"5\"),VLOOKUP($A173,Quantities[],Quantities!$B$2),\"\"),\nIF(LEFT(TEXT($A173,\"0\"),1)=\"5\",VLOOKUP($A173,Quantities[],Quantities!$B$2),\nVLOOKUP(INDEX(Quantities!$A$100:$A$118,MATCH($A173,Quantities!$C$100:$C$118)),Quantities!$A$100:$B$118,Quantities!$B$2))))","v":"Surface Impoundments closed at year 99; some closed year 6 "},{"$f":"IF(LEFT(TEXT(A173,\"0\"),1)=\"5\",\nVLOOKUP(VLOOKUP(A173,Quantities!$A$4:$D$118,Quantities!$C$2),Quantities!$A$4:$D$118,Quantities!$C$2),\nIF(OR(C173=\"a\",C173=\"c\",C173=\"d\",C173=\"e\"),\n\"-\",\nIF(RIGHT(TEXT(A173,\"0\"),2)=\"00\",VLOOKUP(A173,Quantities[],Quantities!$B$2),\nIF(C173=\"f\",VLOOKUP(A173,Quantities[],Quantities!$B$2),\nVLOOKUP(A173,Quantities[],Quantities!$C$2))\n)))","v":"-"},{"$f":"IF(OR(AND(LEFT(D173,2)=\"Sc\",B173=\"A\",C173=\"d\"),AND(C173=\"f\",B173=\"D\")),\nSUM(VLOOKUP($A173,Quantities[],Quantities!$O$2),VLOOKUP($A173,Quantities[],Quantities!$Q$2),VLOOKUP($A173,Quantities[],Quantities!$S$2)),\n\nIF(AND(LEFT(D173,2)=\"Sc\",OR(C173=\"a\",C173=\"f\")),\nVLOOKUP(A173,Quantities[],Quantities!$I$2),\n\nIF(AND(B173=\"D\",C173=\"b\"),\n VLOOKUP(INDEX(Quantities!$A$100:$A$118,MATCH($A173,Quantities!$C$100:$C$118)),Quantities!$A$100:$AJ$118,Quantities!$O$2)+\nVLOOKUP(INDEX(Quantities!$A$100:$A$118,MATCH($A173,Quantities!$C$100:$C$118)),Quantities!$A$100:$AJ$118,Quantities!$Q$2)+\nVLOOKUP(INDEX(Quantities!$A$100:$A$118,MATCH($A173,Quantities!$C$100:$C$118)),Quantities!$A$100:$AJ$118,Quantities!$S$2),\n\nIF(OR(B173=\"D\",B173=\"Q\"),\nSUM(VLOOKUP($A173,Quantities[],Quantities!$O$2),VLOOKUP($A173,Quantities[],Quantities!$Q$2),VLOOKUP($A173,Quantities[],Quantities!$S$2)),\n\n VLOOKUP(A173,Quantities[],Quantities!$G$2)\n))))","v":0},{"$f":"IF(LEFT(D173,2)=\"Mg\", VLOOKUP(A173,Quantities[],Quantities!$H$2),\n\nIF(OR(AND(LEFT(D173,2)=\"Sc\",B173=\"A\",C173=\"d\",C173=\"f\")),\n(SUM(VLOOKUP($A173,Quantities[],Quantities!$P$2)*VLOOKUP($A173,Quantities[],Quantities!$O$2),VLOOKUP($A173,Quantities[],Quantities!$R$2)*VLOOKUP($A173,Quantities[],Quantities!$Q$2),VLOOKUP($A173,Quantities[],Quantities!$T$2)*VLOOKUP($A173,Quantities[],Quantities!$S$2)))/SUM(VLOOKUP($A173,Quantities[],Quantities!$O$2),VLOOKUP($A173,Quantities[],Quantities!$Q$2),VLOOKUP($A173,Quantities[],Quantities!$S$2)),\n\nIF(AND(LEFT(D173,2)=\"Sc\",OR(C173=\"a\",C173=\"f\")),\nVLOOKUP(A173,Quantities[],Quantities!$J$2),\n\nIF(AND(B173=\"D\",C173=\"b\", (VLOOKUP(INDEX(Quantities!$A$100:$A$118,MATCH($A173,Quantities!$C$100:$C$118)),Quantities[],Quantities!$O$2)+VLOOKUP(INDEX(Quantities!$A$100:$A$118,MATCH($A173,Quantities!$C$100:$C$118)),Quantities[],Quantities!$Q$2)+VLOOKUP(INDEX(Quantities!$A$100:$A$118,MATCH($A173,Quantities!$C$100:$C$118)),Quantities[],Quantities!$S$2))>0),\n(VLOOKUP(INDEX(Quantities!$A$100:$A$118,MATCH($A173,Quantities!$C$100:$C$118)),Quantities[],Quantities!$P$2)*VLOOKUP(INDEX(Quantities!$A$100:$A$118,MATCH($A173,Quantities!$C$100:$C$118)),Quantities[],Quantities!$O$2)\n+VLOOKUP(INDEX(Quantities!$A$100:$A$118,MATCH($A173,Quantities!$C$100:$C$118)),Quantities[],Quantities!$R$2)*VLOOKUP(INDEX(Quantities!$A$100:$A$118,MATCH($A173,Quantities!$C$100:$C$118)),Quantities[],Quantities!$Q$2)\n+VLOOKUP(INDEX(Quantities!$A$100:$A$118,MATCH($A173,Quantities!$C$100:$C$118)),Quantities[],Quantities!$T$2)*VLOOKUP(INDEX(Quantities!$A$100:$A$118,MATCH($A173,Quantities!$C$100:$C$118)),Quantities[],Quantities!$S$2))/\n(VLOOKUP(INDEX(Quantities!$A$100:$A$118,MATCH($A173,Quantities!$C$100:$C$118)),Quantities[],Quantities!$O$2)+VLOOKUP(INDEX(Quantities!$A$100:$A$118,MATCH($A173,Quantities!$C$100:$C$118)),Quantities[],Quantities!$Q$2)+VLOOKUP(A173,Quantities[],Quantities!$S$2)),\n\nIF(AND(B173=\"D\", (VLOOKUP(A173,Quantities[],Quantities!$O$2)+VLOOKUP(A173,Quantities[],Quantities!$Q$2)+VLOOKUP(A173,Quantities[],Quantities!$S$2))>0),\n(VLOOKUP(A173,Quantities[],Quantities!$P$2)*VLOOKUP(A173,Quantities[],Quantities!$O$2)\n+VLOOKUP(A173,Quantities[],Quantities!$R$2)*VLOOKUP(A173,Quantities[],Quantities!$Q$2)\n+VLOOKUP(A173,Quantities[],Quantities!$T$2)*VLOOKUP(A173,Quantities[],Quantities!$S$2))/\n(VLOOKUP(A173,Quantities[],Quantities!$O$2)+VLOOKUP(A173,Quantities[],Quantities!$Q$2)+VLOOKUP(A173,Quantities[],Quantities!$S$2)),\n\nIF($B173=\"Q\", (SUM(VLOOKUP($A173,Quantities[],Quantities!$P$2)*VLOOKUP($A173,Quantities[],Quantities!$O$2),VLOOKUP($A173,Quantities[],Quantities!$R$2)*VLOOKUP($A173,Quantities[],Quantities!$Q$2),VLOOKUP($A173,Quantities[],Quantities!$T$2)*VLOOKUP($A173,Quantities[],Quantities!$S$2)))/SUM(VLOOKUP($A173,Quantities[],Quantities!$O$2),VLOOKUP($A173,Quantities[],Quantities!$Q$2),VLOOKUP($A173,Quantities[],Quantities!$S$2)),\n\n VLOOKUP(A173,Quantities[],Quantities!$H$2)\n))))))","v":0.01},{"$f":"IF(LEFT(D173,1)=\"U\",\"-\",VLOOKUP(D173,Equipment[],Equipment!$B$2))","v":"-"}]
[{"$f":"Quantities!$A$62","v":2702},"J","e",{"$f":"'Unit Rates'!$A$12","v":"U2"},"2702-J-e-U2",{"$f":"IF(D174=\"Comb1\",CONCATENATE(VLOOKUP(B174,'Activity-Material_Codes'!$A$2:$B$26,Quantities!$B$2),\"-\",VLOOKUP(A174,Quantities[],Quantities!$D$2)),\nCONCATENATE(\nVLOOKUP(B174,'Activity-Material_Codes'!$A$2:$B$26,Quantities!$B$2),\nIF(AND(B174=\"B\",C174=\"a\"), \" Scraper Grading\", \"\"),\nIF(C174=\"b\",\"\",\"-\"),\nIF(C174=\"b\",\"\",VLOOKUP(A174,Quantities[],Quantities!$D$2)),\nIF(LEFT(TEXT(A174,\"0\"),1)=\"5\",\"\",\"-\"),\nIF(LEFT(TEXT(A174,\"0\"),1)=\"5\",\"\",VLOOKUP(C174,'Activity-Material_Codes'!$A$30:$B$36,Quantities!$B$2))\n))","v":"Revegetate-Surface Impoundments graded over at closure-Final Grade"},{"$f":"CONCATENATE(\nIF(OR(RIGHT(TEXT($A174,\"0\"),Quantities!$B$2)=\"00\",LEFT(TEXT($A174,\"0\"),1)=\"5\",OR($C174=\"b\",$C174=\"f\")),\"\",VLOOKUP($A174,Quantities[],Quantities!$B$2)),\nIF(LEFT(TEXT($A174,\"0\"),1)=\"5\",\"\",\" \"),\nIF(OR(C174=\"a\",C174=\"c\",C174=\"d\",C174=\"e\"),IF(OR(RIGHT(TEXT($A174,\"0\"),Quantities!$B$2)=\"00\",LEFT(TEXT($A174,\"0\"),1)=\"5\"),VLOOKUP($A174,Quantities[],Quantities!$B$2),\"\"),\nIF(LEFT(TEXT($A174,\"0\"),1)=\"5\",VLOOKUP($A174,Quantities[],Quantities!$B$2),\nVLOOKUP(INDEX(Quantities!$A$100:$A$118,MATCH($A174,Quantities!$C$100:$C$118)),Quantities!$A$100:$B$118,Quantities!$B$2))))","v":"Surface Impoundments graded over at closure "},{"$f":"IF(LEFT(TEXT(A174,\"0\"),1)=\"5\",\nVLOOKUP(VLOOKUP(A174,Quantities!$A$4:$D$118,Quantities!$C$2),Quantities!$A$4:$D$118,Quantities!$C$2),\nIF(OR(C174=\"a\",C174=\"c\",C174=\"d\",C174=\"e\"),\n\"-\",\nIF(RIGHT(TEXT(A174,\"0\"),2)=\"00\",VLOOKUP(A174,Quantities[],Quantities!$B$2),\nIF(C174=\"f\",VLOOKUP(A174,Quantities[],Quantities!$B$2),\nVLOOKUP(A174,Quantities[],Quantities!$C$2))\n)))","v":"-"},{"$f":"IF(OR(AND(LEFT(D174,2)=\"Sc\",B174=\"A\",C174=\"d\"),AND(C174=\"f\",B174=\"D\")),\nSUM(VLOOKUP($A174,Quantities[],Quantities!$O$2),VLOOKUP($A174,Quantities[],Quantities!$Q$2),VLOOKUP($A174,Quantities[],Quantities!$S$2)),\n\nIF(AND(LEFT(D174,2)=\"Sc\",OR(C174=\"a\",C174=\"f\")),\nVLOOKUP(A174,Quantities[],Quantities!$I$2),\n\nIF(AND(B174=\"D\",C174=\"b\"),\n VLOOKUP(INDEX(Quantities!$A$100:$A$118,MATCH($A174,Quantities!$C$100:$C$118)),Quantities!$A$100:$AJ$118,Quantities!$O$2)+\nVLOOKUP(INDEX(Quantities!$A$100:$A$118,MATCH($A174,Quantities!$C$100:$C$118)),Quantities!$A$100:$AJ$118,Quantities!$Q$2)+\nVLOOKUP(INDEX(Quantities!$A$100:$A$118,MATCH($A174,Quantities!$C$100:$C$118)),Quantities!$A$100:$AJ$118,Quantities!$S$2),\n\nIF(OR(B174=\"D\",B174=\"Q\"),\nSUM(VLOOKUP($A174,Quantities[],Quantities!$O$2),VLOOKUP($A174,Quantities[],Quantities!$Q$2),VLOOKUP($A174,Quantities[],Quantities!$S$2)),\n\n VLOOKUP(A174,Quantities[],Quantities!$G$2)\n))))","v":0},{"$f":"IF(LEFT(D174,2)=\"Mg\", VLOOKUP(A174,Quantities[],Quantities!$H$2),\n\nIF(OR(AND(LEFT(D174,2)=\"Sc\",B174=\"A\",C174=\"d\",C174=\"f\")),\n(SUM(VLOOKUP($A174,Quantities[],Quantities!$P$2)*VLOOKUP($A174,Quantities[],Quantities!$O$2),VLOOKUP($A174,Quantities[],Quantities!$R$2)*VLOOKUP($A174,Quantities[],Quantities!$Q$2),VLOOKUP($A174,Quantities[],Quantities!$T$2)*VLOOKUP($A174,Quantities[],Quantities!$S$2)))/SUM(VLOOKUP($A174,Quantities[],Quantities!$O$2),VLOOKUP($A174,Quantities[],Quantities!$Q$2),VLOOKUP($A174,Quantities[],Quantities!$S$2)),\n\nIF(AND(LEFT(D174,2)=\"Sc\",OR(C174=\"a\",C174=\"f\")),\nVLOOKUP(A174,Quantities[],Quantities!$J$2),\n\nIF(AND(B174=\"D\",C174=\"b\", (VLOOKUP(INDEX(Quantities!$A$100:$A$118,MATCH($A174,Quantities!$C$100:$C$118)),Quantities[],Quantities!$O$2)+VLOOKUP(INDEX(Quantities!$A$100:$A$118,MATCH($A174,Quantities!$C$100:$C$118)),Quantities[],Quantities!$Q$2)+VLOOKUP(INDEX(Quantities!$A$100:$A$118,MATCH($A174,Quantities!$C$100:$C$118)),Quantities[],Quantities!$S$2))>0),\n(VLOOKUP(INDEX(Quantities!$A$100:$A$118,MATCH($A174,Quantities!$C$100:$C$118)),Quantities[],Quantities!$P$2)*VLOOKUP(INDEX(Quantities!$A$100:$A$118,MATCH($A174,Quantities!$C$100:$C$118)),Quantities[],Quantities!$O$2)\n+VLOOKUP(INDEX(Quantities!$A$100:$A$118,MATCH($A174,Quantities!$C$100:$C$118)),Quantities[],Quantities!$R$2)*VLOOKUP(INDEX(Quantities!$A$100:$A$118,MATCH($A174,Quantities!$C$100:$C$118)),Quantities[],Quantities!$Q$2)\n+VLOOKUP(INDEX(Quantities!$A$100:$A$118,MATCH($A174,Quantities!$C$100:$C$118)),Quantities[],Quantities!$T$2)*VLOOKUP(INDEX(Quantities!$A$100:$A$118,MATCH($A174,Quantities!$C$100:$C$118)),Quantities[],Quantities!$S$2))/\n(VLOOKUP(INDEX(Quantities!$A$100:$A$118,MATCH($A174,Quantities!$C$100:$C$118)),Quantities[],Quantities!$O$2)+VLOOKUP(INDEX(Quantities!$A$100:$A$118,MATCH($A174,Quantities!$C$100:$C$118)),Quantities[],Quantities!$Q$2)+VLOOKUP(A174,Quantities[],Quantities!$S$2)),\n\nIF(AND(B174=\"D\", (VLOOKUP(A174,Quantities[],Quantities!$O$2)+VLOOKUP(A174,Quantities[],Quantities!$Q$2)+VLOOKUP(A174,Quantities[],Quantities!$S$2))>0),\n(VLOOKUP(A174,Quantities[],Quantities!$P$2)*VLOOKUP(A174,Quantities[],Quantities!$O$2)\n+VLOOKUP(A174,Quantities[],Quantities!$R$2)*VLOOKUP(A174,Quantities[],Quantities!$Q$2)\n+VLOOKUP(A174,Quantities[],Quantities!$T$2)*VLOOKUP(A174,Quantities[],Quantities!$S$2))/\n(VLOOKUP(A174,Quantities[],Quantities!$O$2)+VLOOKUP(A174,Quantities[],Quantities!$Q$2)+VLOOKUP(A174,Quantities[],Quantities!$S$2)),\n\nIF($B174=\"Q\", (SUM(VLOOKUP($A174,Quantities[],Quantities!$P$2)*VLOOKUP($A174,Quantities[],Quantities!$O$2),VLOOKUP($A174,Quantities[],Quantities!$R$2)*VLOOKUP($A174,Quantities[],Quantities!$Q$2),VLOOKUP($A174,Quantities[],Quantities!$T$2)*VLOOKUP($A174,Quantities[],Quantities!$S$2)))/SUM(VLOOKUP($A174,Quantities[],Quantities!$O$2),VLOOKUP($A174,Quantities[],Quantities!$Q$2),VLOOKUP($A174,Quantities[],Quantities!$S$2)),\n\n VLOOKUP(A174,Quantities[],Quantities!$H$2)\n))))))","v":0.01},{"$f":"IF(LEFT(D174,1)=\"U\",\"-\",VLOOKUP(D174,Equipment[],Equipment!$B$2))","v":"-"}]
[{"$f":"Quantities!$A$79","v":3300},"J","e",{"$f":"'Unit Rates'!$A$12","v":"U2"},"3300-J-e-U2",{"$f":"IF(D175=\"Comb1\",CONCATENATE(VLOOKUP(B175,'Activity-Material_Codes'!$A$2:$B$26,Quantities!$B$2),\"-\",VLOOKUP(A175,Quantities[],Quantities!$D$2)),\nCONCATENATE(\nVLOOKUP(B175,'Activity-Material_Codes'!$A$2:$B$26,Quantities!$B$2),\nIF(AND(B175=\"B\",C175=\"a\"), \" Scraper Grading\", \"\"),\nIF(C175=\"b\",\"\",\"-\"),\nIF(C175=\"b\",\"\",VLOOKUP(A175,Quantities[],Quantities!$D$2)),\nIF(LEFT(TEXT(A175,\"0\"),1)=\"5\",\"\",\"-\"),\nIF(LEFT(TEXT(A175,\"0\"),1)=\"5\",\"\",VLOOKUP(C175,'Activity-Material_Codes'!$A$30:$B$36,Quantities!$B$2))\n))","v":"Revegetate-Unplanned Disturbance Area-Final Grade"},{"$f":"CONCATENATE(\nIF(OR(RIGHT(TEXT($A175,\"0\"),Quantities!$B$2)=\"00\",LEFT(TEXT($A175,\"0\"),1)=\"5\",OR($C175=\"b\",$C175=\"f\")),\"\",VLOOKUP($A175,Quantities[],Quantities!$B$2)),\nIF(LEFT(TEXT($A175,\"0\"),1)=\"5\",\"\",\" \"),\nIF(OR(C175=\"a\",C175=\"c\",C175=\"d\",C175=\"e\"),IF(OR(RIGHT(TEXT($A175,\"0\"),Quantities!$B$2)=\"00\",LEFT(TEXT($A175,\"0\"),1)=\"5\"),VLOOKUP($A175,Quantities[],Quantities!$B$2),\"\"),\nIF(LEFT(TEXT($A175,\"0\"),1)=\"5\",VLOOKUP($A175,Quantities[],Quantities!$B$2),\nVLOOKUP(INDEX(Quantities!$A$100:$A$118,MATCH($A175,Quantities!$C$100:$C$118)),Quantities!$A$100:$B$118,Quantities!$B$2))))","v":" Unplanned Disturbance Area"},{"$f":"IF(LEFT(TEXT(A175,\"0\"),1)=\"5\",\nVLOOKUP(VLOOKUP(A175,Quantities!$A$4:$D$118,Quantities!$C$2),Quantities!$A$4:$D$118,Quantities!$C$2),\nIF(OR(C175=\"a\",C175=\"c\",C175=\"d\",C175=\"e\"),\n\"-\",\nIF(RIGHT(TEXT(A175,\"0\"),2)=\"00\",VLOOKUP(A175,Quantities[],Quantities!$B$2),\nIF(C175=\"f\",VLOOKUP(A175,Quantities[],Quantities!$B$2),\nVLOOKUP(A175,Quantities[],Quantities!$C$2))\n)))","v":"-"},{"$f":"IF(OR(AND(LEFT(D175,2)=\"Sc\",B175=\"A\",C175=\"d\"),AND(C175=\"f\",B175=\"D\")),\nSUM(VLOOKUP($A175,Quantities[],Quantities!$O$2),VLOOKUP($A175,Quantities[],Quantities!$Q$2),VLOOKUP($A175,Quantities[],Quantities!$S$2)),\n\nIF(AND(LEFT(D175,2)=\"Sc\",OR(C175=\"a\",C175=\"f\")),\nVLOOKUP(A175,Quantities[],Quantities!$I$2),\n\nIF(AND(B175=\"D\",C175=\"b\"),\n VLOOKUP(INDEX(Quantities!$A$100:$A$118,MATCH($A175,Quantities!$C$100:$C$118)),Quantities!$A$100:$AJ$118,Quantities!$O$2)+\nVLOOKUP(INDEX(Quantities!$A$100:$A$118,MATCH($A175,Quantities!$C$100:$C$118)),Quantities!$A$100:$AJ$118,Quantities!$Q$2)+\nVLOOKUP(INDEX(Quantities!$A$100:$A$118,MATCH($A175,Quantities!$C$100:$C$118)),Quantities!$A$100:$AJ$118,Quantities!$S$2),\n\nIF(OR(B175=\"D\",B175=\"Q\"),\nSUM(VLOOKUP($A175,Quantities[],Quantities!$O$2),VLOOKUP($A175,Quantities[],Quantities!$Q$2),VLOOKUP($A175,Quantities[],Quantities!$S$2)),\n\n VLOOKUP(A175,Quantities[],Quantities!$G$2)\n))))","v":0},{"$f":"IF(LEFT(D175,2)=\"Mg\", VLOOKUP(A175,Quantities[],Quantities!$H$2),\n\nIF(OR(AND(LEFT(D175,2)=\"Sc\",B175=\"A\",C175=\"d\",C175=\"f\")),\n(SUM(VLOOKUP($A175,Quantities[],Quantities!$P$2)*VLOOKUP($A175,Quantities[],Quantities!$O$2),VLOOKUP($A175,Quantities[],Quantities!$R$2)*VLOOKUP($A175,Quantities[],Quantities!$Q$2),VLOOKUP($A175,Quantities[],Quantities!$T$2)*VLOOKUP($A175,Quantities[],Quantities!$S$2)))/SUM(VLOOKUP($A175,Quantities[],Quantities!$O$2),VLOOKUP($A175,Quantities[],Quantities!$Q$2),VLOOKUP($A175,Quantities[],Quantities!$S$2)),\n\nIF(AND(LEFT(D175,2)=\"Sc\",OR(C175=\"a\",C175=\"f\")),\nVLOOKUP(A175,Quantities[],Quantities!$J$2),\n\nIF(AND(B175=\"D\",C175=\"b\", (VLOOKUP(INDEX(Quantities!$A$100:$A$118,MATCH($A175,Quantities!$C$100:$C$118)),Quantities[],Quantities!$O$2)+VLOOKUP(INDEX(Quantities!$A$100:$A$118,MATCH($A175,Quantities!$C$100:$C$118)),Quantities[],Quantities!$Q$2)+VLOOKUP(INDEX(Quantities!$A$100:$A$118,MATCH($A175,Quantities!$C$100:$C$118)),Quantities[],Quantities!$S$2))>0),\n(VLOOKUP(INDEX(Quantities!$A$100:$A$118,MATCH($A175,Quantities!$C$100:$C$118)),Quantities[],Quantities!$P$2)*VLOOKUP(INDEX(Quantities!$A$100:$A$118,MATCH($A175,Quantities!$C$100:$C$118)),Quantities[],Quantities!$O$2)\n+VLOOKUP(INDEX(Quantities!$A$100:$A$118,MATCH($A175,Quantities!$C$100:$C$118)),Quantities[],Quantities!$R$2)*VLOOKUP(INDEX(Quantities!$A$100:$A$118,MATCH($A175,Quantities!$C$100:$C$118)),Quantities[],Quantities!$Q$2)\n+VLOOKUP(INDEX(Quantities!$A$100:$A$118,MATCH($A175,Quantities!$C$100:$C$118)),Quantities[],Quantities!$T$2)*VLOOKUP(INDEX(Quantities!$A$100:$A$118,MATCH($A175,Quantities!$C$100:$C$118)),Quantities[],Quantities!$S$2))/\n(VLOOKUP(INDEX(Quantities!$A$100:$A$118,MATCH($A175,Quantities!$C$100:$C$118)),Quantities[],Quantities!$O$2)+VLOOKUP(INDEX(Quantities!$A$100:$A$118,MATCH($A175,Quantities!$C$100:$C$118)),Quantities[],Quantities!$Q$2)+VLOOKUP(A175,Quantities[],Quantities!$S$2)),\n\nIF(AND(B175=\"D\", (VLOOKUP(A175,Quantities[],Quantities!$O$2)+VLOOKUP(A175,Quantities[],Quantities!$Q$2)+VLOOKUP(A175,Quantities[],Quantities!$S$2))>0),\n(VLOOKUP(A175,Quantities[],Quantities!$P$2)*VLOOKUP(A175,Quantities[],Quantities!$O$2)\n+VLOOKUP(A175,Quantities[],Quantities!$R$2)*VLOOKUP(A175,Quantities[],Quantities!$Q$2)\n+VLOOKUP(A175,Quantities[],Quantities!$T$2)*VLOOKUP(A175,Quantities[],Quantities!$S$2))/\n(VLOOKUP(A175,Quantities[],Quantities!$O$2)+VLOOKUP(A175,Quantities[],Quantities!$Q$2)+VLOOKUP(A175,Quantities[],Quantities!$S$2)),\n\nIF($B175=\"Q\", (SUM(VLOOKUP($A175,Quantities[],Quantities!$P$2)*VLOOKUP($A175,Quantities[],Quantities!$O$2),VLOOKUP($A175,Quantities[],Quantities!$R$2)*VLOOKUP($A175,Quantities[],Quantities!$Q$2),VLOOKUP($A175,Quantities[],Quantities!$T$2)*VLOOKUP($A175,Quantities[],Quantities!$S$2)))/SUM(VLOOKUP($A175,Quantities[],Quantities!$O$2),VLOOKUP($A175,Quantities[],Quantities!$Q$2),VLOOKUP($A175,Quantities[],Quantities!$S$2)),\n\n VLOOKUP(A175,Quantities[],Quantities!$H$2)\n))))))","v":0.01},{"$f":"IF(LEFT(D175,1)=\"U\",\"-\",VLOOKUP(D175,Equipment[],Equipment!$B$2))","v":"-"}]
[{"$f":"Quantities!$A$36","v":2100},"J","e",{"$f":"'Unit Rates'!$A$12","v":"U2"},"2100-J-e-U2",{"$f":"IF(D176=\"Comb1\",CONCATENATE(VLOOKUP(B176,'Activity-Material_Codes'!$A$2:$B$26,Quantities!$B$2),\"-\",VLOOKUP(A176,Quantities[],Quantities!$D$2)),\nCONCATENATE(\nVLOOKUP(B176,'Activity-Material_Codes'!$A$2:$B$26,Quantities!$B$2),\nIF(AND(B176=\"B\",C176=\"a\"), \" Scraper Grading\", \"\"),\nIF(C176=\"b\",\"\",\"-\"),\nIF(C176=\"b\",\"\",VLOOKUP(A176,Quantities[],Quantities!$D$2)),\nIF(LEFT(TEXT(A176,\"0\"),1)=\"5\",\"\",\"-\"),\nIF(LEFT(TEXT(A176,\"0\"),1)=\"5\",\"\",VLOOKUP(C176,'Activity-Material_Codes'!$A$30:$B$36,Quantities!$B$2))\n))","v":"Revegetate-Entire Stockpile-Final Grade"},{"$f":"CONCATENATE(\nIF(OR(RIGHT(TEXT($A176,\"0\"),Quantities!$B$2)=\"00\",LEFT(TEXT($A176,\"0\"),1)=\"5\",OR($C176=\"b\",$C176=\"f\")),\"\",VLOOKUP($A176,Quantities[],Quantities!$B$2)),\nIF(LEFT(TEXT($A176,\"0\"),1)=\"5\",\"\",\" \"),\nIF(OR(C176=\"a\",C176=\"c\",C176=\"d\",C176=\"e\"),IF(OR(RIGHT(TEXT($A176,\"0\"),Quantities!$B$2)=\"00\",LEFT(TEXT($A176,\"0\"),1)=\"5\"),VLOOKUP($A176,Quantities[],Quantities!$B$2),\"\"),\nIF(LEFT(TEXT($A176,\"0\"),1)=\"5\",VLOOKUP($A176,Quantities[],Quantities!$B$2),\nVLOOKUP(INDEX(Quantities!$A$100:$A$118,MATCH($A176,Quantities!$C$100:$C$118)),Quantities!$A$100:$B$118,Quantities!$B$2))))","v":" 9AX Waste"},{"$f":"IF(LEFT(TEXT(A176,\"0\"),1)=\"5\",\nVLOOKUP(VLOOKUP(A176,Quantities!$A$4:$D$118,Quantities!$C$2),Quantities!$A$4:$D$118,Quantities!$C$2),\nIF(OR(C176=\"a\",C176=\"c\",C176=\"d\",C176=\"e\"),\n\"-\",\nIF(RIGHT(TEXT(A176,\"0\"),2)=\"00\",VLOOKUP(A176,Quantities[],Quantities!$B$2),\nIF(C176=\"f\",VLOOKUP(A176,Quantities[],Quantities!$B$2),\nVLOOKUP(A176,Quantities[],Quantities!$C$2))\n)))","v":"-"},{"$f":"IF(OR(AND(LEFT(D176,2)=\"Sc\",B176=\"A\",C176=\"d\"),AND(C176=\"f\",B176=\"D\")),\nSUM(VLOOKUP($A176,Quantities[],Quantities!$O$2),VLOOKUP($A176,Quantities[],Quantities!$Q$2),VLOOKUP($A176,Quantities[],Quantities!$S$2)),\n\nIF(AND(LEFT(D176,2)=\"Sc\",OR(C176=\"a\",C176=\"f\")),\nVLOOKUP(A176,Quantities[],Quantities!$I$2),\n\nIF(AND(B176=\"D\",C176=\"b\"),\n VLOOKUP(INDEX(Quantities!$A$100:$A$118,MATCH($A176,Quantities!$C$100:$C$118)),Quantities!$A$100:$AJ$118,Quantities!$O$2)+\nVLOOKUP(INDEX(Quantities!$A$100:$A$118,MATCH($A176,Quantities!$C$100:$C$118)),Quantities!$A$100:$AJ$118,Quantities!$Q$2)+\nVLOOKUP(INDEX(Quantities!$A$100:$A$118,MATCH($A176,Quantities!$C$100:$C$118)),Quantities!$A$100:$AJ$118,Quantities!$S$2),\n\nIF(OR(B176=\"D\",B176=\"Q\"),\nSUM(VLOOKUP($A176,Quantities[],Quantities!$O$2),VLOOKUP($A176,Quantities[],Quantities!$Q$2),VLOOKUP($A176,Quantities[],Quantities!$S$2)),\n\n VLOOKUP(A176,Quantities[],Quantities!$G$2)\n))))","v":0},{"$f":"IF(LEFT(D176,2)=\"Mg\", VLOOKUP(A176,Quantities[],Quantities!$H$2),\n\nIF(OR(AND(LEFT(D176,2)=\"Sc\",B176=\"A\",C176=\"d\",C176=\"f\")),\n(SUM(VLOOKUP($A176,Quantities[],Quantities!$P$2)*VLOOKUP($A176,Quantities[],Quantities!$O$2),VLOOKUP($A176,Quantities[],Quantities!$R$2)*VLOOKUP($A176,Quantities[],Quantities!$Q$2),VLOOKUP($A176,Quantities[],Quantities!$T$2)*VLOOKUP($A176,Quantities[],Quantities!$S$2)))/SUM(VLOOKUP($A176,Quantities[],Quantities!$O$2),VLOOKUP($A176,Quantities[],Quantities!$Q$2),VLOOKUP($A176,Quantities[],Quantities!$S$2)),\n\nIF(AND(LEFT(D176,2)=\"Sc\",OR(C176=\"a\",C176=\"f\")),\nVLOOKUP(A176,Quantities[],Quantities!$J$2),\n\nIF(AND(B176=\"D\",C176=\"b\", (VLOOKUP(INDEX(Quantities!$A$100:$A$118,MATCH($A176,Quantities!$C$100:$C$118)),Quantities[],Quantities!$O$2)+VLOOKUP(INDEX(Quantities!$A$100:$A$118,MATCH($A176,Quantities!$C$100:$C$118)),Quantities[],Quantities!$Q$2)+VLOOKUP(INDEX(Quantities!$A$100:$A$118,MATCH($A176,Quantities!$C$100:$C$118)),Quantities[],Quantities!$S$2))>0),\n(VLOOKUP(INDEX(Quantities!$A$100:$A$118,MATCH($A176,Quantities!$C$100:$C$118)),Quantities[],Quantities!$P$2)*VLOOKUP(INDEX(Quantities!$A$100:$A$118,MATCH($A176,Quantities!$C$100:$C$118)),Quantities[],Quantities!$O$2)\n+VLOOKUP(INDEX(Quantities!$A$100:$A$118,MATCH($A176,Quantities!$C$100:$C$118)),Quantities[],Quantities!$R$2)*VLOOKUP(INDEX(Quantities!$A$100:$A$118,MATCH($A176,Quantities!$C$100:$C$118)),Quantities[],Quantities!$Q$2)\n+VLOOKUP(INDEX(Quantities!$A$100:$A$118,MATCH($A176,Quantities!$C$100:$C$118)),Quantities[],Quantities!$T$2)*VLOOKUP(INDEX(Quantities!$A$100:$A$118,MATCH($A176,Quantities!$C$100:$C$118)),Quantities[],Quantities!$S$2))/\n(VLOOKUP(INDEX(Quantities!$A$100:$A$118,MATCH($A176,Quantities!$C$100:$C$118)),Quantities[],Quantities!$O$2)+VLOOKUP(INDEX(Quantities!$A$100:$A$118,MATCH($A176,Quantities!$C$100:$C$118)),Quantities[],Quantities!$Q$2)+VLOOKUP(A176,Quantities[],Quantities!$S$2)),\n\nIF(AND(B176=\"D\", (VLOOKUP(A176,Quantities[],Quantities!$O$2)+VLOOKUP(A176,Quantities[],Quantities!$Q$2)+VLOOKUP(A176,Quantities[],Quantities!$S$2))>0),\n(VLOOKUP(A176,Quantities[],Quantities!$P$2)*VLOOKUP(A176,Quantities[],Quantities!$O$2)\n+VLOOKUP(A176,Quantities[],Quantities!$R$2)*VLOOKUP(A176,Quantities[],Quantities!$Q$2)\n+VLOOKUP(A176,Quantities[],Quantities!$T$2)*VLOOKUP(A176,Quantities[],Quantities!$S$2))/\n(VLOOKUP(A176,Quantities[],Quantities!$O$2)+VLOOKUP(A176,Quantities[],Quantities!$Q$2)+VLOOKUP(A176,Quantities[],Quantities!$S$2)),\n\nIF($B176=\"Q\", (SUM(VLOOKUP($A176,Quantities[],Quantities!$P$2)*VLOOKUP($A176,Quantities[],Quantities!$O$2),VLOOKUP($A176,Quantities[],Quantities!$R$2)*VLOOKUP($A176,Quantities[],Quantities!$Q$2),VLOOKUP($A176,Quantities[],Quantities!$T$2)*VLOOKUP($A176,Quantities[],Quantities!$S$2)))/SUM(VLOOKUP($A176,Quantities[],Quantities!$O$2),VLOOKUP($A176,Quantities[],Quantities!$Q$2),VLOOKUP($A176,Quantities[],Quantities!$S$2)),\n\n VLOOKUP(A176,Quantities[],Quantities!$H$2)\n))))))","v":"-"},{"$f":"IF(LEFT(D176,1)=\"U\",\"-\",VLOOKUP(D176,Equipment[],Equipment!$B$2))","v":"-"}]
[{"$f":"Quantities!A66","v":2803},"J","e",{"$f":"'Unit Rates'!$A$12","v":"U2"},{"$f":"CONCATENATE(TEXT(A177,\"0\"),\"-\",B177,\"-\",C177,\"-\",D177)","v":"2803-J-e-U2"},{"$f":"IF(D177=\"Comb1\",CONCATENATE(VLOOKUP(B177,'Activity-Material_Codes'!$A$2:$B$26,Quantities!$B$2),\"-\",VLOOKUP(A177,Quantities[],Quantities!$D$2)),\nCONCATENATE(\nVLOOKUP(B177,'Activity-Material_Codes'!$A$2:$B$26,Quantities!$B$2),\nIF(AND(B177=\"B\",C177=\"a\"), \" Scraper Grading\", \"\"),\nIF(C177=\"b\",\"\",\"-\"),\nIF(C177=\"b\",\"\",VLOOKUP(A177,Quantities[],Quantities!$D$2)),\nIF(LEFT(TEXT(A177,\"0\"),1)=\"5\",\"\",\"-\"),\nIF(LEFT(TEXT(A177,\"0\"),1)=\"5\",\"\",VLOOKUP(C177,'Activity-Material_Codes'!$A$30:$B$36,Quantities!$B$2))\n))","v":"Revegetate-Revegetation Area-Final Grade"},{"$f":"CONCATENATE(\nIF(OR(RIGHT(TEXT($A177,\"0\"),Quantities!$B$2)=\"00\",LEFT(TEXT($A177,\"0\"),1)=\"5\",OR($C177=\"b\",$C177=\"f\")),\"\",VLOOKUP($A177,Quantities[],Quantities!$B$2)),\nIF(LEFT(TEXT($A177,\"0\"),1)=\"5\",\"\",\" \"),\nIF(OR(C177=\"a\",C177=\"c\",C177=\"d\",C177=\"e\"),IF(OR(RIGHT(TEXT($A177,\"0\"),Quantities!$B$2)=\"00\",LEFT(TEXT($A177,\"0\"),1)=\"5\"),VLOOKUP($A177,Quantities[],Quantities!$B$2),\"\"),\nIF(LEFT(TEXT($A177,\"0\"),1)=\"5\",VLOOKUP($A177,Quantities[],Quantities!$B$2),\nVLOOKUP(INDEX(Quantities!$A$100:$A$118,MATCH($A177,Quantities!$C$100:$C$118)),Quantities!$A$100:$B$118,Quantities!$B$2))))","v":"Other Borrow Areas "},{"$f":"IF(LEFT(TEXT(A177,\"0\"),1)=\"5\",\nVLOOKUP(VLOOKUP(A177,Quantities!$A$4:$D$118,Quantities!$C$2),Quantities!$A$4:$D$118,Quantities!$C$2),\nIF(OR(C177=\"a\",C177=\"c\",C177=\"d\",C177=\"e\"),\n\"-\",\nIF(RIGHT(TEXT(A177,\"0\"),2)=\"00\",VLOOKUP(A177,Quantities[],Quantities!$B$2),\nIF(C177=\"f\",VLOOKUP(A177,Quantities[],Quantities!$B$2),\nVLOOKUP(A177,Quantities[],Quantities!$C$2))\n)))","v":"-"},{"$f":"IF(OR(AND(LEFT(D177,2)=\"Sc\",B177=\"A\",C177=\"d\"),AND(C177=\"f\",B177=\"D\")),\nSUM(VLOOKUP($A177,Quantities[],Quantities!$O$2),VLOOKUP($A177,Quantities[],Quantities!$Q$2),VLOOKUP($A177,Quantities[],Quantities!$S$2)),\n\nIF(AND(LEFT(D177,2)=\"Sc\",OR(C177=\"a\",C177=\"f\")),\nVLOOKUP(A177,Quantities[],Quantities!$I$2),\n\nIF(AND(B177=\"D\",C177=\"b\"),\n VLOOKUP(INDEX(Quantities!$A$100:$A$118,MATCH($A177,Quantities!$C$100:$C$118)),Quantities!$A$100:$AJ$118,Quantities!$O$2)+\nVLOOKUP(INDEX(Quantities!$A$100:$A$118,MATCH($A177,Quantities!$C$100:$C$118)),Quantities!$A$100:$AJ$118,Quantities!$Q$2)+\nVLOOKUP(INDEX(Quantities!$A$100:$A$118,MATCH($A177,Quantities!$C$100:$C$118)),Quantities!$A$100:$AJ$118,Quantities!$S$2),\n\nIF(OR(B177=\"D\",B177=\"Q\"),\nSUM(VLOOKUP($A177,Quantities[],Quantities!$O$2),VLOOKUP($A177,Quantities[],Quantities!$Q$2),VLOOKUP($A177,Quantities[],Quantities!$S$2)),\n\n VLOOKUP(A177,Quantities[],Quantities!$G$2)\n))))","v":0},{"$f":"IF(LEFT(D177,2)=\"Mg\", VLOOKUP(A177,Quantities[],Quantities!$H$2),\n\nIF(OR(AND(LEFT(D177,2)=\"Sc\",B177=\"A\",C177=\"d\",C177=\"f\")),\n(SUM(VLOOKUP($A177,Quantities[],Quantities!$P$2)*VLOOKUP($A177,Quantities[],Quantities!$O$2),VLOOKUP($A177,Quantities[],Quantities!$R$2)*VLOOKUP($A177,Quantities[],Quantities!$Q$2),VLOOKUP($A177,Quantities[],Quantities!$T$2)*VLOOKUP($A177,Quantities[],Quantities!$S$2)))/SUM(VLOOKUP($A177,Quantities[],Quantities!$O$2),VLOOKUP($A177,Quantities[],Quantities!$Q$2),VLOOKUP($A177,Quantities[],Quantities!$S$2)),\n\nIF(AND(LEFT(D177,2)=\"Sc\",OR(C177=\"a\",C177=\"f\")),\nVLOOKUP(A177,Quantities[],Quantities!$J$2),\n\nIF(AND(B177=\"D\",C177=\"b\", (VLOOKUP(INDEX(Quantities!$A$100:$A$118,MATCH($A177,Quantities!$C$100:$C$118)),Quantities[],Quantities!$O$2)+VLOOKUP(INDEX(Quantities!$A$100:$A$118,MATCH($A177,Quantities!$C$100:$C$118)),Quantities[],Quantities!$Q$2)+VLOOKUP(INDEX(Quantities!$A$100:$A$118,MATCH($A177,Quantities!$C$100:$C$118)),Quantities[],Quantities!$S$2))>0),\n(VLOOKUP(INDEX(Quantities!$A$100:$A$118,MATCH($A177,Quantities!$C$100:$C$118)),Quantities[],Quantities!$P$2)*VLOOKUP(INDEX(Quantities!$A$100:$A$118,MATCH($A177,Quantities!$C$100:$C$118)),Quantities[],Quantities!$O$2)\n+VLOOKUP(INDEX(Quantities!$A$100:$A$118,MATCH($A177,Quantities!$C$100:$C$118)),Quantities[],Quantities!$R$2)*VLOOKUP(INDEX(Quantities!$A$100:$A$118,MATCH($A177,Quantities!$C$100:$C$118)),Quantities[],Quantities!$Q$2)\n+VLOOKUP(INDEX(Quantities!$A$100:$A$118,MATCH($A177,Quantities!$C$100:$C$118)),Quantities[],Quantities!$T$2)*VLOOKUP(INDEX(Quantities!$A$100:$A$118,MATCH($A177,Quantities!$C$100:$C$118)),Quantities[],Quantities!$S$2))/\n(VLOOKUP(INDEX(Quantities!$A$100:$A$118,MATCH($A177,Quantities!$C$100:$C$118)),Quantities[],Quantities!$O$2)+VLOOKUP(INDEX(Quantities!$A$100:$A$118,MATCH($A177,Quantities!$C$100:$C$118)),Quantities[],Quantities!$Q$2)+VLOOKUP(A177,Quantities[],Quantities!$S$2)),\n\nIF(AND(B177=\"D\", (VLOOKUP(A177,Quantities[],Quantities!$O$2)+VLOOKUP(A177,Quantities[],Quantities!$Q$2)+VLOOKUP(A177,Quantities[],Quantities!$S$2))>0),\n(VLOOKUP(A177,Quantities[],Quantities!$P$2)*VLOOKUP(A177,Quantities[],Quantities!$O$2)\n+VLOOKUP(A177,Quantities[],Quantities!$R$2)*VLOOKUP(A177,Quantities[],Quantities!$Q$2)\n+VLOOKUP(A177,Quantities[],Quantities!$T$2)*VLOOKUP(A177,Quantities[],Quantities!$S$2))/\n(VLOOKUP(A177,Quantities[],Quantities!$O$2)+VLOOKUP(A177,Quantities[],Quantities!$Q$2)+VLOOKUP(A177,Quantities[],Quantities!$S$2)),\n\nIF($B177=\"Q\", (SUM(VLOOKUP($A177,Quantities[],Quantities!$P$2)*VLOOKUP($A177,Quantities[],Quantities!$O$2),VLOOKUP($A177,Quantities[],Quantities!$R$2)*VLOOKUP($A177,Quantities[],Quantities!$Q$2),VLOOKUP($A177,Quantities[],Quantities!$T$2)*VLOOKUP($A177,Quantities[],Quantities!$S$2)))/SUM(VLOOKUP($A177,Quantities[],Quantities!$O$2),VLOOKUP($A177,Quantities[],Quantities!$Q$2),VLOOKUP($A177,Quantities[],Quantities!$S$2)),\n\n VLOOKUP(A177,Quantities[],Quantities!$H$2)\n))))))","v":"-"},{"$f":"IF(LEFT(D177,1)=\"U\",\"-\",VLOOKUP(D177,Equipment[],Equipment!$B$2))","v":"-"}]
[{"$f":"Quantities!$A$4","v":1000},"P","b","Comb1","1000-P-b-Comb1",{"$f":"IF(D178=\"Comb1\",CONCATENATE(VLOOKUP(B178,'Activity-Material_Codes'!$A$2:$B$26,Quantities!$B$2),\"-\",VLOOKUP(A178,Quantities[],Quantities!$D$2)),\nCONCATENATE(\nVLOOKUP(B178,'Activity-Material_Codes'!$A$2:$B$26,Quantities!$B$2),\nIF(AND(B178=\"B\",C178=\"a\"), \" Scraper Grading\", \"\"),\nIF(C178=\"b\",\"\",\"-\"),\nIF(C178=\"b\",\"\",VLOOKUP(A178,Quantities[],Quantities!$D$2)),\nIF(LEFT(TEXT(A178,\"0\"),1)=\"5\",\"\",\"-\"),\nIF(LEFT(TEXT(A178,\"0\"),1)=\"5\",\"\",VLOOKUP(C178,'Activity-Material_Codes'!$A$30:$B$36,Quantities!$B$2))\n))","v":"Road Maintenance-Entire Stockpile"},{"$f":"CONCATENATE(\nIF(OR(RIGHT(TEXT($A178,\"0\"),Quantities!$B$2)=\"00\",LEFT(TEXT($A178,\"0\"),1)=\"5\",OR($C178=\"b\",$C178=\"f\")),\"\",VLOOKUP($A178,Quantities[],Quantities!$B$2)),\nIF(LEFT(TEXT($A178,\"0\"),1)=\"5\",\"\",\" \"),\nIF(OR(C178=\"a\",C178=\"c\",C178=\"d\",C178=\"e\"),IF(OR(RIGHT(TEXT($A178,\"0\"),Quantities!$B$2)=\"00\",LEFT(TEXT($A178,\"0\"),1)=\"5\"),VLOOKUP($A178,Quantities[],Quantities!$B$2),\"\"),\nIF(LEFT(TEXT($A178,\"0\"),1)=\"5\",VLOOKUP($A178,Quantities[],Quantities!$B$2),\nVLOOKUP(INDEX(Quantities!$A$100:$A$118,MATCH($A178,Quantities!$C$100:$C$118)),Quantities!$A$100:$B$118,Quantities!$B$2))))","v":" Gila Borrow Area"},{"$f":"IF(LEFT(TEXT(A178,\"0\"),1)=\"5\",\nVLOOKUP(VLOOKUP(A178,Quantities!$A$4:$D$118,Quantities!$C$2),Quantities!$A$4:$D$118,Quantities!$C$2),\nIF(OR(C178=\"a\",C178=\"c\",C178=\"d\",C178=\"e\"),\n\"-\",\nIF(RIGHT(TEXT(A178,\"0\"),2)=\"00\",VLOOKUP(A178,Quantities[],Quantities!$B$2),\nIF(C178=\"f\",VLOOKUP(A178,Quantities[],Quantities!$B$2),\nVLOOKUP(A178,Quantities[],Quantities!$C$2))\n)))","v":"1A Leach, 1B Leach "},{"$f":"IF(OR(AND(LEFT(D178,2)=\"Sc\",B178=\"A\",C178=\"d\"),AND(C178=\"f\",B178=\"D\")),\nSUM(VLOOKUP($A178,Quantities[],Quantities!$O$2),VLOOKUP($A178,Quantities[],Quantities!$Q$2),VLOOKUP($A178,Quantities[],Quantities!$S$2)),\n\nIF(AND(LEFT(D178,2)=\"Sc\",OR(C178=\"a\",C178=\"f\")),\nVLOOKUP(A178,Quantities[],Quantities!$I$2),\n\nIF(AND(B178=\"D\",C178=\"b\"),\n VLOOKUP(INDEX(Quantities!$A$100:$A$118,MATCH($A178,Quantities!$C$100:$C$118)),Quantities!$A$100:$AJ$118,Quantities!$O$2)+\nVLOOKUP(INDEX(Quantities!$A$100:$A$118,MATCH($A178,Quantities!$C$100:$C$118)),Quantities!$A$100:$AJ$118,Quantities!$Q$2)+\nVLOOKUP(INDEX(Quantities!$A$100:$A$118,MATCH($A178,Quantities!$C$100:$C$118)),Quantities!$A$100:$AJ$118,Quantities!$S$2),\n\nIF(OR(B178=\"D\",B178=\"Q\"),\nSUM(VLOOKUP($A178,Quantities[],Quantities!$O$2),VLOOKUP($A178,Quantities[],Quantities!$Q$2),VLOOKUP($A178,Quantities[],Quantities!$S$2)),\n\n VLOOKUP(A178,Quantities[],Quantities!$G$2)\n))))","v":0},{"$f":"IF(LEFT(D178,2)=\"Mg\", VLOOKUP(A178,Quantities[],Quantities!$H$2),\n\nIF(OR(AND(LEFT(D178,2)=\"Sc\",B178=\"A\",C178=\"d\",C178=\"f\")),\n(SUM(VLOOKUP($A178,Quantities[],Quantities!$P$2)*VLOOKUP($A178,Quantities[],Quantities!$O$2),VLOOKUP($A178,Quantities[],Quantities!$R$2)*VLOOKUP($A178,Quantities[],Quantities!$Q$2),VLOOKUP($A178,Quantities[],Quantities!$T$2)*VLOOKUP($A178,Quantities[],Quantities!$S$2)))/SUM(VLOOKUP($A178,Quantities[],Quantities!$O$2),VLOOKUP($A178,Quantities[],Quantities!$Q$2),VLOOKUP($A178,Quantities[],Quantities!$S$2)),\n\nIF(AND(LEFT(D178,2)=\"Sc\",OR(C178=\"a\",C178=\"f\")),\nVLOOKUP(A178,Quantities[],Quantities!$J$2),\n\nIF(AND(B178=\"D\",C178=\"b\", (VLOOKUP(INDEX(Quantities!$A$100:$A$118,MATCH($A178,Quantities!$C$100:$C$118)),Quantities[],Quantities!$O$2)+VLOOKUP(INDEX(Quantities!$A$100:$A$118,MATCH($A178,Quantities!$C$100:$C$118)),Quantities[],Quantities!$Q$2)+VLOOKUP(INDEX(Quantities!$A$100:$A$118,MATCH($A178,Quantities!$C$100:$C$118)),Quantities[],Quantities!$S$2))>0),\n(VLOOKUP(INDEX(Quantities!$A$100:$A$118,MATCH($A178,Quantities!$C$100:$C$118)),Quantities[],Quantities!$P$2)*VLOOKUP(INDEX(Quantities!$A$100:$A$118,MATCH($A178,Quantities!$C$100:$C$118)),Quantities[],Quantities!$O$2)\n+VLOOKUP(INDEX(Quantities!$A$100:$A$118,MATCH($A178,Quantities!$C$100:$C$118)),Quantities[],Quantities!$R$2)*VLOOKUP(INDEX(Quantities!$A$100:$A$118,MATCH($A178,Quantities!$C$100:$C$118)),Quantities[],Quantities!$Q$2)\n+VLOOKUP(INDEX(Quantities!$A$100:$A$118,MATCH($A178,Quantities!$C$100:$C$118)),Quantities[],Quantities!$T$2)*VLOOKUP(INDEX(Quantities!$A$100:$A$118,MATCH($A178,Quantities!$C$100:$C$118)),Quantities[],Quantities!$S$2))/\n(VLOOKUP(INDEX(Quantities!$A$100:$A$118,MATCH($A178,Quantities!$C$100:$C$118)),Quantities[],Quantities!$O$2)+VLOOKUP(INDEX(Quantities!$A$100:$A$118,MATCH($A178,Quantities!$C$100:$C$118)),Quantities[],Quantities!$Q$2)+VLOOKUP(A178,Quantities[],Quantities!$S$2)),\n\nIF(AND(B178=\"D\", (VLOOKUP(A178,Quantities[],Quantities!$O$2)+VLOOKUP(A178,Quantities[],Quantities!$Q$2)+VLOOKUP(A178,Quantities[],Quantities!$S$2))>0),\n(VLOOKUP(A178,Quantities[],Quantities!$P$2)*VLOOKUP(A178,Quantities[],Quantities!$O$2)\n+VLOOKUP(A178,Quantities[],Quantities!$R$2)*VLOOKUP(A178,Quantities[],Quantities!$Q$2)\n+VLOOKUP(A178,Quantities[],Quantities!$T$2)*VLOOKUP(A178,Quantities[],Quantities!$S$2))/\n(VLOOKUP(A178,Quantities[],Quantities!$O$2)+VLOOKUP(A178,Quantities[],Quantities!$Q$2)+VLOOKUP(A178,Quantities[],Quantities!$S$2)),\n\nIF($B178=\"Q\", (SUM(VLOOKUP($A178,Quantities[],Quantities!$P$2)*VLOOKUP($A178,Quantities[],Quantities!$O$2),VLOOKUP($A178,Quantities[],Quantities!$R$2)*VLOOKUP($A178,Quantities[],Quantities!$Q$2),VLOOKUP($A178,Quantities[],Quantities!$T$2)*VLOOKUP($A178,Quantities[],Quantities!$S$2)))/SUM(VLOOKUP($A178,Quantities[],Quantities!$O$2),VLOOKUP($A178,Quantities[],Quantities!$Q$2),VLOOKUP($A178,Quantities[],Quantities!$S$2)),\n\n VLOOKUP(A178,Quantities[],Quantities!$H$2)\n))))))","v":"-"},{"$f":"IF(LEFT(D178,1)=\"U\",\"-\",VLOOKUP(D178,Equipment[],Equipment!$B$2))","v":"Cat 14M, Off-Hwy Water Tanker Truck,6,000-gal."}]
[{"$f":"Quantities!$A$8","v":1100},"P","b","Comb1","1100-P-b-Comb1",{"$f":"IF(D179=\"Comb1\",CONCATENATE(VLOOKUP(B179,'Activity-Material_Codes'!$A$2:$B$26,Quantities!$B$2),\"-\",VLOOKUP(A179,Quantities[],Quantities!$D$2)),\nCONCATENATE(\nVLOOKUP(B179,'Activity-Material_Codes'!$A$2:$B$26,Quantities!$B$2),\nIF(AND(B179=\"B\",C179=\"a\"), \" Scraper Grading\", \"\"),\nIF(C179=\"b\",\"\",\"-\"),\nIF(C179=\"b\",\"\",VLOOKUP(A179,Quantities[],Quantities!$D$2)),\nIF(LEFT(TEXT(A179,\"0\"),1)=\"5\",\"\",\"-\"),\nIF(LEFT(TEXT(A179,\"0\"),1)=\"5\",\"\",VLOOKUP(C179,'Activity-Material_Codes'!$A$30:$B$36,Quantities!$B$2))\n))","v":"Road Maintenance-Top (Haul Road)"},{"$f":"CONCATENATE(\nIF(OR(RIGHT(TEXT($A179,\"0\"),Quantities!$B$2)=\"00\",LEFT(TEXT($A179,\"0\"),1)=\"5\",OR($C179=\"b\",$C179=\"f\")),\"\",VLOOKUP($A179,Quantities[],Quantities!$B$2)),\nIF(LEFT(TEXT($A179,\"0\"),1)=\"5\",\"\",\" \"),\nIF(OR(C179=\"a\",C179=\"c\",C179=\"d\",C179=\"e\"),IF(OR(RIGHT(TEXT($A179,\"0\"),Quantities!$B$2)=\"00\",LEFT(TEXT($A179,\"0\"),1)=\"5\"),VLOOKUP($A179,Quantities[],Quantities!$B$2),\"\"),\nIF(LEFT(TEXT($A179,\"0\"),1)=\"5\",VLOOKUP($A179,Quantities[],Quantities!$B$2),\nVLOOKUP(INDEX(Quantities!$A$100:$A$118,MATCH($A179,Quantities!$C$100:$C$118)),Quantities!$A$100:$B$118,Quantities!$B$2))))","v":" Gila Borrow Area"},{"$f":"IF(LEFT(TEXT(A179,\"0\"),1)=\"5\",\nVLOOKUP(VLOOKUP(A179,Quantities!$A$4:$D$118,Quantities!$C$2),Quantities!$A$4:$D$118,Quantities!$C$2),\nIF(OR(C179=\"a\",C179=\"c\",C179=\"d\",C179=\"e\"),\n\"-\",\nIF(RIGHT(TEXT(A179,\"0\"),2)=\"00\",VLOOKUP(A179,Quantities[],Quantities!$B$2),\nIF(C179=\"f\",VLOOKUP(A179,Quantities[],Quantities!$B$2),\nVLOOKUP(A179,Quantities[],Quantities!$C$2))\n)))","v":"Reclaimed 1C Waste"},{"$f":"IF(OR(AND(LEFT(D179,2)=\"Sc\",B179=\"A\",C179=\"d\"),AND(C179=\"f\",B179=\"D\")),\nSUM(VLOOKUP($A179,Quantities[],Quantities!$O$2),VLOOKUP($A179,Quantities[],Quantities!$Q$2),VLOOKUP($A179,Quantities[],Quantities!$S$2)),\n\nIF(AND(LEFT(D179,2)=\"Sc\",OR(C179=\"a\",C179=\"f\")),\nVLOOKUP(A179,Quantities[],Quantities!$I$2),\n\nIF(AND(B179=\"D\",C179=\"b\"),\n VLOOKUP(INDEX(Quantities!$A$100:$A$118,MATCH($A179,Quantities!$C$100:$C$118)),Quantities!$A$100:$AJ$118,Quantities!$O$2)+\nVLOOKUP(INDEX(Quantities!$A$100:$A$118,MATCH($A179,Quantities!$C$100:$C$118)),Quantities!$A$100:$AJ$118,Quantities!$Q$2)+\nVLOOKUP(INDEX(Quantities!$A$100:$A$118,MATCH($A179,Quantities!$C$100:$C$118)),Quantities!$A$100:$AJ$118,Quantities!$S$2),\n\nIF(OR(B179=\"D\",B179=\"Q\"),\nSUM(VLOOKUP($A179,Quantities[],Quantities!$O$2),VLOOKUP($A179,Quantities[],Quantities!$Q$2),VLOOKUP($A179,Quantities[],Quantities!$S$2)),\n\n VLOOKUP(A179,Quantities[],Quantities!$G$2)\n))))","v":0},{"$f":"IF(LEFT(D179,2)=\"Mg\", VLOOKUP(A179,Quantities[],Quantities!$H$2),\n\nIF(OR(AND(LEFT(D179,2)=\"Sc\",B179=\"A\",C179=\"d\",C179=\"f\")),\n(SUM(VLOOKUP($A179,Quantities[],Quantities!$P$2)*VLOOKUP($A179,Quantities[],Quantities!$O$2),VLOOKUP($A179,Quantities[],Quantities!$R$2)*VLOOKUP($A179,Quantities[],Quantities!$Q$2),VLOOKUP($A179,Quantities[],Quantities!$T$2)*VLOOKUP($A179,Quantities[],Quantities!$S$2)))/SUM(VLOOKUP($A179,Quantities[],Quantities!$O$2),VLOOKUP($A179,Quantities[],Quantities!$Q$2),VLOOKUP($A179,Quantities[],Quantities!$S$2)),\n\nIF(AND(LEFT(D179,2)=\"Sc\",OR(C179=\"a\",C179=\"f\")),\nVLOOKUP(A179,Quantities[],Quantities!$J$2),\n\nIF(AND(B179=\"D\",C179=\"b\", (VLOOKUP(INDEX(Quantities!$A$100:$A$118,MATCH($A179,Quantities!$C$100:$C$118)),Quantities[],Quantities!$O$2)+VLOOKUP(INDEX(Quantities!$A$100:$A$118,MATCH($A179,Quantities!$C$100:$C$118)),Quantities[],Quantities!$Q$2)+VLOOKUP(INDEX(Quantities!$A$100:$A$118,MATCH($A179,Quantities!$C$100:$C$118)),Quantities[],Quantities!$S$2))>0),\n(VLOOKUP(INDEX(Quantities!$A$100:$A$118,MATCH($A179,Quantities!$C$100:$C$118)),Quantities[],Quantities!$P$2)*VLOOKUP(INDEX(Quantities!$A$100:$A$118,MATCH($A179,Quantities!$C$100:$C$118)),Quantities[],Quantities!$O$2)\n+VLOOKUP(INDEX(Quantities!$A$100:$A$118,MATCH($A179,Quantities!$C$100:$C$118)),Quantities[],Quantities!$R$2)*VLOOKUP(INDEX(Quantities!$A$100:$A$118,MATCH($A179,Quantities!$C$100:$C$118)),Quantities[],Quantities!$Q$2)\n+VLOOKUP(INDEX(Quantities!$A$100:$A$118,MATCH($A179,Quantities!$C$100:$C$118)),Quantities[],Quantities!$T$2)*VLOOKUP(INDEX(Quantities!$A$100:$A$118,MATCH($A179,Quantities!$C$100:$C$118)),Quantities[],Quantities!$S$2))/\n(VLOOKUP(INDEX(Quantities!$A$100:$A$118,MATCH($A179,Quantities!$C$100:$C$118)),Quantities[],Quantities!$O$2)+VLOOKUP(INDEX(Quantities!$A$100:$A$118,MATCH($A179,Quantities!$C$100:$C$118)),Quantities[],Quantities!$Q$2)+VLOOKUP(A179,Quantities[],Quantities!$S$2)),\n\nIF(AND(B179=\"D\", (VLOOKUP(A179,Quantities[],Quantities!$O$2)+VLOOKUP(A179,Quantities[],Quantities!$Q$2)+VLOOKUP(A179,Quantities[],Quantities!$S$2))>0),\n(VLOOKUP(A179,Quantities[],Quantities!$P$2)*VLOOKUP(A179,Quantities[],Quantities!$O$2)\n+VLOOKUP(A179,Quantities[],Quantities!$R$2)*VLOOKUP(A179,Quantities[],Quantities!$Q$2)\n+VLOOKUP(A179,Quantities[],Quantities!$T$2)*VLOOKUP(A179,Quantities[],Quantities!$S$2))/\n(VLOOKUP(A179,Quantities[],Quantities!$O$2)+VLOOKUP(A179,Quantities[],Quantities!$Q$2)+VLOOKUP(A179,Quantities[],Quantities!$S$2)),\n\nIF($B179=\"Q\", (SUM(VLOOKUP($A179,Quantities[],Quantities!$P$2)*VLOOKUP($A179,Quantities[],Quantities!$O$2),VLOOKUP($A179,Quantities[],Quantities!$R$2)*VLOOKUP($A179,Quantities[],Quantities!$Q$2),VLOOKUP($A179,Quantities[],Quantities!$T$2)*VLOOKUP($A179,Quantities[],Quantities!$S$2)))/SUM(VLOOKUP($A179,Quantities[],Quantities!$O$2),VLOOKUP($A179,Quantities[],Quantities!$Q$2),VLOOKUP($A179,Quantities[],Quantities!$S$2)),\n\n VLOOKUP(A179,Quantities[],Quantities!$H$2)\n))))))","v":0},{"$f":"IF(LEFT(D179,1)=\"U\",\"-\",VLOOKUP(D179,Equipment[],Equipment!$B$2))","v":"Cat 14M, Off-Hwy Water Tanker Truck,6,000-gal."}]
[{"$f":"Quantities!$A$9","v":1200},"P","b","Comb1","1200-P-b-Comb1",{"$f":"IF(D180=\"Comb1\",CONCATENATE(VLOOKUP(B180,'Activity-Material_Codes'!$A$2:$B$26,Quantities!$B$2),\"-\",VLOOKUP(A180,Quantities[],Quantities!$D$2)),\nCONCATENATE(\nVLOOKUP(B180,'Activity-Material_Codes'!$A$2:$B$26,Quantities!$B$2),\nIF(AND(B180=\"B\",C180=\"a\"), \" Scraper Grading\", \"\"),\nIF(C180=\"b\",\"\",\"-\"),\nIF(C180=\"b\",\"\",VLOOKUP(A180,Quantities[],Quantities!$D$2)),\nIF(LEFT(TEXT(A180,\"0\"),1)=\"5\",\"\",\"-\"),\nIF(LEFT(TEXT(A180,\"0\"),1)=\"5\",\"\",VLOOKUP(C180,'Activity-Material_Codes'!$A$30:$B$36,Quantities!$B$2))\n))","v":"Road Maintenance-Entire Stockpile"},{"$f":"CONCATENATE(\nIF(OR(RIGHT(TEXT($A180,\"0\"),Quantities!$B$2)=\"00\",LEFT(TEXT($A180,\"0\"),1)=\"5\",OR($C180=\"b\",$C180=\"f\")),\"\",VLOOKUP($A180,Quantities[],Quantities!$B$2)),\nIF(LEFT(TEXT($A180,\"0\"),1)=\"5\",\"\",\" \"),\nIF(OR(C180=\"a\",C180=\"c\",C180=\"d\",C180=\"e\"),IF(OR(RIGHT(TEXT($A180,\"0\"),Quantities!$B$2)=\"00\",LEFT(TEXT($A180,\"0\"),1)=\"5\"),VLOOKUP($A180,Quantities[],Quantities!$B$2),\"\"),\nIF(LEFT(TEXT($A180,\"0\"),1)=\"5\",VLOOKUP($A180,Quantities[],Quantities!$B$2),\nVLOOKUP(INDEX(Quantities!$A$100:$A$118,MATCH($A180,Quantities!$C$100:$C$118)),Quantities!$A$100:$B$118,Quantities!$B$2))))","v":" Gila Borrow Area"},{"$f":"IF(LEFT(TEXT(A180,\"0\"),1)=\"5\",\nVLOOKUP(VLOOKUP(A180,Quantities!$A$4:$D$118,Quantities!$C$2),Quantities!$A$4:$D$118,Quantities!$C$2),\nIF(OR(C180=\"a\",C180=\"c\",C180=\"d\",C180=\"e\"),\n\"-\",\nIF(RIGHT(TEXT(A180,\"0\"),2)=\"00\",VLOOKUP(A180,Quantities[],Quantities!$B$2),\nIF(C180=\"f\",VLOOKUP(A180,Quantities[],Quantities!$B$2),\nVLOOKUP(A180,Quantities[],Quantities!$C$2))\n)))","v":"2B Waste, 2A Leach, 2B Leach"},{"$f":"IF(OR(AND(LEFT(D180,2)=\"Sc\",B180=\"A\",C180=\"d\"),AND(C180=\"f\",B180=\"D\")),\nSUM(VLOOKUP($A180,Quantities[],Quantities!$O$2),VLOOKUP($A180,Quantities[],Quantities!$Q$2),VLOOKUP($A180,Quantities[],Quantities!$S$2)),\n\nIF(AND(LEFT(D180,2)=\"Sc\",OR(C180=\"a\",C180=\"f\")),\nVLOOKUP(A180,Quantities[],Quantities!$I$2),\n\nIF(AND(B180=\"D\",C180=\"b\"),\n VLOOKUP(INDEX(Quantities!$A$100:$A$118,MATCH($A180,Quantities!$C$100:$C$118)),Quantities!$A$100:$AJ$118,Quantities!$O$2)+\nVLOOKUP(INDEX(Quantities!$A$100:$A$118,MATCH($A180,Quantities!$C$100:$C$118)),Quantities!$A$100:$AJ$118,Quantities!$Q$2)+\nVLOOKUP(INDEX(Quantities!$A$100:$A$118,MATCH($A180,Quantities!$C$100:$C$118)),Quantities!$A$100:$AJ$118,Quantities!$S$2),\n\nIF(OR(B180=\"D\",B180=\"Q\"),\nSUM(VLOOKUP($A180,Quantities[],Quantities!$O$2),VLOOKUP($A180,Quantities[],Quantities!$Q$2),VLOOKUP($A180,Quantities[],Quantities!$S$2)),\n\n VLOOKUP(A180,Quantities[],Quantities!$G$2)\n))))","v":0},{"$f":"IF(LEFT(D180,2)=\"Mg\", VLOOKUP(A180,Quantities[],Quantities!$H$2),\n\nIF(OR(AND(LEFT(D180,2)=\"Sc\",B180=\"A\",C180=\"d\",C180=\"f\")),\n(SUM(VLOOKUP($A180,Quantities[],Quantities!$P$2)*VLOOKUP($A180,Quantities[],Quantities!$O$2),VLOOKUP($A180,Quantities[],Quantities!$R$2)*VLOOKUP($A180,Quantities[],Quantities!$Q$2),VLOOKUP($A180,Quantities[],Quantities!$T$2)*VLOOKUP($A180,Quantities[],Quantities!$S$2)))/SUM(VLOOKUP($A180,Quantities[],Quantities!$O$2),VLOOKUP($A180,Quantities[],Quantities!$Q$2),VLOOKUP($A180,Quantities[],Quantities!$S$2)),\n\nIF(AND(LEFT(D180,2)=\"Sc\",OR(C180=\"a\",C180=\"f\")),\nVLOOKUP(A180,Quantities[],Quantities!$J$2),\n\nIF(AND(B180=\"D\",C180=\"b\", (VLOOKUP(INDEX(Quantities!$A$100:$A$118,MATCH($A180,Quantities!$C$100:$C$118)),Quantities[],Quantities!$O$2)+VLOOKUP(INDEX(Quantities!$A$100:$A$118,MATCH($A180,Quantities!$C$100:$C$118)),Quantities[],Quantities!$Q$2)+VLOOKUP(INDEX(Quantities!$A$100:$A$118,MATCH($A180,Quantities!$C$100:$C$118)),Quantities[],Quantities!$S$2))>0),\n(VLOOKUP(INDEX(Quantities!$A$100:$A$118,MATCH($A180,Quantities!$C$100:$C$118)),Quantities[],Quantities!$P$2)*VLOOKUP(INDEX(Quantities!$A$100:$A$118,MATCH($A180,Quantities!$C$100:$C$118)),Quantities[],Quantities!$O$2)\n+VLOOKUP(INDEX(Quantities!$A$100:$A$118,MATCH($A180,Quantities!$C$100:$C$118)),Quantities[],Quantities!$R$2)*VLOOKUP(INDEX(Quantities!$A$100:$A$118,MATCH($A180,Quantities!$C$100:$C$118)),Quantities[],Quantities!$Q$2)\n+VLOOKUP(INDEX(Quantities!$A$100:$A$118,MATCH($A180,Quantities!$C$100:$C$118)),Quantities[],Quantities!$T$2)*VLOOKUP(INDEX(Quantities!$A$100:$A$118,MATCH($A180,Quantities!$C$100:$C$118)),Quantities[],Quantities!$S$2))/\n(VLOOKUP(INDEX(Quantities!$A$100:$A$118,MATCH($A180,Quantities!$C$100:$C$118)),Quantities[],Quantities!$O$2)+VLOOKUP(INDEX(Quantities!$A$100:$A$118,MATCH($A180,Quantities!$C$100:$C$118)),Quantities[],Quantities!$Q$2)+VLOOKUP(A180,Quantities[],Quantities!$S$2)),\n\nIF(AND(B180=\"D\", (VLOOKUP(A180,Quantities[],Quantities!$O$2)+VLOOKUP(A180,Quantities[],Quantities!$Q$2)+VLOOKUP(A180,Quantities[],Quantities!$S$2))>0),\n(VLOOKUP(A180,Quantities[],Quantities!$P$2)*VLOOKUP(A180,Quantities[],Quantities!$O$2)\n+VLOOKUP(A180,Quantities[],Quantities!$R$2)*VLOOKUP(A180,Quantities[],Quantities!$Q$2)\n+VLOOKUP(A180,Quantities[],Quantities!$T$2)*VLOOKUP(A180,Quantities[],Quantities!$S$2))/\n(VLOOKUP(A180,Quantities[],Quantities!$O$2)+VLOOKUP(A180,Quantities[],Quantities!$Q$2)+VLOOKUP(A180,Quantities[],Quantities!$S$2)),\n\nIF($B180=\"Q\", (SUM(VLOOKUP($A180,Quantities[],Quantities!$P$2)*VLOOKUP($A180,Quantities[],Quantities!$O$2),VLOOKUP($A180,Quantities[],Quantities!$R$2)*VLOOKUP($A180,Quantities[],Quantities!$Q$2),VLOOKUP($A180,Quantities[],Quantities!$T$2)*VLOOKUP($A180,Quantities[],Quantities!$S$2)))/SUM(VLOOKUP($A180,Quantities[],Quantities!$O$2),VLOOKUP($A180,Quantities[],Quantities!$Q$2),VLOOKUP($A180,Quantities[],Quantities!$S$2)),\n\n VLOOKUP(A180,Quantities[],Quantities!$H$2)\n))))))","v":"-"},{"$f":"IF(LEFT(D180,1)=\"U\",\"-\",VLOOKUP(D180,Equipment[],Equipment!$B$2))","v":"Cat 14M, Off-Hwy Water Tanker Truck,6,000-gal."}]
[{"$f":"Quantities!$A$12","v":1300},"P","b","Comb1","1300-P-b-Comb1",{"$f":"IF(D181=\"Comb1\",CONCATENATE(VLOOKUP(B181,'Activity-Material_Codes'!$A$2:$B$26,Quantities!$B$2),\"-\",VLOOKUP(A181,Quantities[],Quantities!$D$2)),\nCONCATENATE(\nVLOOKUP(B181,'Activity-Material_Codes'!$A$2:$B$26,Quantities!$B$2),\nIF(AND(B181=\"B\",C181=\"a\"), \" Scraper Grading\", \"\"),\nIF(C181=\"b\",\"\",\"-\"),\nIF(C181=\"b\",\"\",VLOOKUP(A181,Quantities[],Quantities!$D$2)),\nIF(LEFT(TEXT(A181,\"0\"),1)=\"5\",\"\",\"-\"),\nIF(LEFT(TEXT(A181,\"0\"),1)=\"5\",\"\",VLOOKUP(C181,'Activity-Material_Codes'!$A$30:$B$36,Quantities!$B$2))\n))","v":"Road Maintenance-Entire Stockpile"},{"$f":"CONCATENATE(\nIF(OR(RIGHT(TEXT($A181,\"0\"),Quantities!$B$2)=\"00\",LEFT(TEXT($A181,\"0\"),1)=\"5\",OR($C181=\"b\",$C181=\"f\")),\"\",VLOOKUP($A181,Quantities[],Quantities!$B$2)),\nIF(LEFT(TEXT($A181,\"0\"),1)=\"5\",\"\",\" \"),\nIF(OR(C181=\"a\",C181=\"c\",C181=\"d\",C181=\"e\"),IF(OR(RIGHT(TEXT($A181,\"0\"),Quantities!$B$2)=\"00\",LEFT(TEXT($A181,\"0\"),1)=\"5\"),VLOOKUP($A181,Quantities[],Quantities!$B$2),\"\"),\nIF(LEFT(TEXT($A181,\"0\"),1)=\"5\",VLOOKUP($A181,Quantities[],Quantities!$B$2),\nVLOOKUP(INDEX(Quantities!$A$100:$A$118,MATCH($A181,Quantities!$C$100:$C$118)),Quantities!$A$100:$B$118,Quantities!$B$2))))","v":" Gila Borrow Area"},{"$f":"IF(LEFT(TEXT(A181,\"0\"),1)=\"5\",\nVLOOKUP(VLOOKUP(A181,Quantities!$A$4:$D$118,Quantities!$C$2),Quantities!$A$4:$D$118,Quantities!$C$2),\nIF(OR(C181=\"a\",C181=\"c\",C181=\"d\",C181=\"e\"),\n\"-\",\nIF(RIGHT(TEXT(A181,\"0\"),2)=\"00\",VLOOKUP(A181,Quantities[],Quantities!$B$2),\nIF(C181=\"f\",VLOOKUP(A181,Quantities[],Quantities!$B$2),\nVLOOKUP(A181,Quantities[],Quantities!$C$2))\n)))","v":"3A Leach, 3B Waste"},{"$f":"IF(OR(AND(LEFT(D181,2)=\"Sc\",B181=\"A\",C181=\"d\"),AND(C181=\"f\",B181=\"D\")),\nSUM(VLOOKUP($A181,Quantities[],Quantities!$O$2),VLOOKUP($A181,Quantities[],Quantities!$Q$2),VLOOKUP($A181,Quantities[],Quantities!$S$2)),\n\nIF(AND(LEFT(D181,2)=\"Sc\",OR(C181=\"a\",C181=\"f\")),\nVLOOKUP(A181,Quantities[],Quantities!$I$2),\n\nIF(AND(B181=\"D\",C181=\"b\"),\n VLOOKUP(INDEX(Quantities!$A$100:$A$118,MATCH($A181,Quantities!$C$100:$C$118)),Quantities!$A$100:$AJ$118,Quantities!$O$2)+\nVLOOKUP(INDEX(Quantities!$A$100:$A$118,MATCH($A181,Quantities!$C$100:$C$118)),Quantities!$A$100:$AJ$118,Quantities!$Q$2)+\nVLOOKUP(INDEX(Quantities!$A$100:$A$118,MATCH($A181,Quantities!$C$100:$C$118)),Quantities!$A$100:$AJ$118,Quantities!$S$2),\n\nIF(OR(B181=\"D\",B181=\"Q\"),\nSUM(VLOOKUP($A181,Quantities[],Quantities!$O$2),VLOOKUP($A181,Quantities[],Quantities!$Q$2),VLOOKUP($A181,Quantities[],Quantities!$S$2)),\n\n VLOOKUP(A181,Quantities[],Quantities!$G$2)\n))))","v":0},{"$f":"IF(LEFT(D181,2)=\"Mg\", VLOOKUP(A181,Quantities[],Quantities!$H$2),\n\nIF(OR(AND(LEFT(D181,2)=\"Sc\",B181=\"A\",C181=\"d\",C181=\"f\")),\n(SUM(VLOOKUP($A181,Quantities[],Quantities!$P$2)*VLOOKUP($A181,Quantities[],Quantities!$O$2),VLOOKUP($A181,Quantities[],Quantities!$R$2)*VLOOKUP($A181,Quantities[],Quantities!$Q$2),VLOOKUP($A181,Quantities[],Quantities!$T$2)*VLOOKUP($A181,Quantities[],Quantities!$S$2)))/SUM(VLOOKUP($A181,Quantities[],Quantities!$O$2),VLOOKUP($A181,Quantities[],Quantities!$Q$2),VLOOKUP($A181,Quantities[],Quantities!$S$2)),\n\nIF(AND(LEFT(D181,2)=\"Sc\",OR(C181=\"a\",C181=\"f\")),\nVLOOKUP(A181,Quantities[],Quantities!$J$2),\n\nIF(AND(B181=\"D\",C181=\"b\", (VLOOKUP(INDEX(Quantities!$A$100:$A$118,MATCH($A181,Quantities!$C$100:$C$118)),Quantities[],Quantities!$O$2)+VLOOKUP(INDEX(Quantities!$A$100:$A$118,MATCH($A181,Quantities!$C$100:$C$118)),Quantities[],Quantities!$Q$2)+VLOOKUP(INDEX(Quantities!$A$100:$A$118,MATCH($A181,Quantities!$C$100:$C$118)),Quantities[],Quantities!$S$2))>0),\n(VLOOKUP(INDEX(Quantities!$A$100:$A$118,MATCH($A181,Quantities!$C$100:$C$118)),Quantities[],Quantities!$P$2)*VLOOKUP(INDEX(Quantities!$A$100:$A$118,MATCH($A181,Quantities!$C$100:$C$118)),Quantities[],Quantities!$O$2)\n+VLOOKUP(INDEX(Quantities!$A$100:$A$118,MATCH($A181,Quantities!$C$100:$C$118)),Quantities[],Quantities!$R$2)*VLOOKUP(INDEX(Quantities!$A$100:$A$118,MATCH($A181,Quantities!$C$100:$C$118)),Quantities[],Quantities!$Q$2)\n+VLOOKUP(INDEX(Quantities!$A$100:$A$118,MATCH($A181,Quantities!$C$100:$C$118)),Quantities[],Quantities!$T$2)*VLOOKUP(INDEX(Quantities!$A$100:$A$118,MATCH($A181,Quantities!$C$100:$C$118)),Quantities[],Quantities!$S$2))/\n(VLOOKUP(INDEX(Quantities!$A$100:$A$118,MATCH($A181,Quantities!$C$100:$C$118)),Quantities[],Quantities!$O$2)+VLOOKUP(INDEX(Quantities!$A$100:$A$118,MATCH($A181,Quantities!$C$100:$C$118)),Quantities[],Quantities!$Q$2)+VLOOKUP(A181,Quantities[],Quantities!$S$2)),\n\nIF(AND(B181=\"D\", (VLOOKUP(A181,Quantities[],Quantities!$O$2)+VLOOKUP(A181,Quantities[],Quantities!$Q$2)+VLOOKUP(A181,Quantities[],Quantities!$S$2))>0),\n(VLOOKUP(A181,Quantities[],Quantities!$P$2)*VLOOKUP(A181,Quantities[],Quantities!$O$2)\n+VLOOKUP(A181,Quantities[],Quantities!$R$2)*VLOOKUP(A181,Quantities[],Quantities!$Q$2)\n+VLOOKUP(A181,Quantities[],Quantities!$T$2)*VLOOKUP(A181,Quantities[],Quantities!$S$2))/\n(VLOOKUP(A181,Quantities[],Quantities!$O$2)+VLOOKUP(A181,Quantities[],Quantities!$Q$2)+VLOOKUP(A181,Quantities[],Quantities!$S$2)),\n\nIF($B181=\"Q\", (SUM(VLOOKUP($A181,Quantities[],Quantities!$P$2)*VLOOKUP($A181,Quantities[],Quantities!$O$2),VLOOKUP($A181,Quantities[],Quantities!$R$2)*VLOOKUP($A181,Quantities[],Quantities!$Q$2),VLOOKUP($A181,Quantities[],Quantities!$T$2)*VLOOKUP($A181,Quantities[],Quantities!$S$2)))/SUM(VLOOKUP($A181,Quantities[],Quantities!$O$2),VLOOKUP($A181,Quantities[],Quantities!$Q$2),VLOOKUP($A181,Quantities[],Quantities!$S$2)),\n\n VLOOKUP(A181,Quantities[],Quantities!$H$2)\n))))))","v":"-"},{"$f":"IF(LEFT(D181,1)=\"U\",\"-\",VLOOKUP(D181,Equipment[],Equipment!$B$2))","v":"Cat 14M, Off-Hwy Water Tanker Truck,6,000-gal."}]
[{"$f":"Quantities!$A$20","v":1500},"P","b","Comb1","1500-P-b-Comb1",{"$f":"IF(D182=\"Comb1\",CONCATENATE(VLOOKUP(B182,'Activity-Material_Codes'!$A$2:$B$26,Quantities!$B$2),\"-\",VLOOKUP(A182,Quantities[],Quantities!$D$2)),\nCONCATENATE(\nVLOOKUP(B182,'Activity-Material_Codes'!$A$2:$B$26,Quantities!$B$2),\nIF(AND(B182=\"B\",C182=\"a\"), \" Scraper Grading\", \"\"),\nIF(C182=\"b\",\"\",\"-\"),\nIF(C182=\"b\",\"\",VLOOKUP(A182,Quantities[],Quantities!$D$2)),\nIF(LEFT(TEXT(A182,\"0\"),1)=\"5\",\"\",\"-\"),\nIF(LEFT(TEXT(A182,\"0\"),1)=\"5\",\"\",VLOOKUP(C182,'Activity-Material_Codes'!$A$30:$B$36,Quantities!$B$2))\n))","v":"Road Maintenance-Entire Stockpile"},{"$f":"CONCATENATE(\nIF(OR(RIGHT(TEXT($A182,\"0\"),Quantities!$B$2)=\"00\",LEFT(TEXT($A182,\"0\"),1)=\"5\",OR($C182=\"b\",$C182=\"f\")),\"\",VLOOKUP($A182,Quantities[],Quantities!$B$2)),\nIF(LEFT(TEXT($A182,\"0\"),1)=\"5\",\"\",\" \"),\nIF(OR(C182=\"a\",C182=\"c\",C182=\"d\",C182=\"e\"),IF(OR(RIGHT(TEXT($A182,\"0\"),Quantities!$B$2)=\"00\",LEFT(TEXT($A182,\"0\"),1)=\"5\"),VLOOKUP($A182,Quantities[],Quantities!$B$2),\"\"),\nIF(LEFT(TEXT($A182,\"0\"),1)=\"5\",VLOOKUP($A182,Quantities[],Quantities!$B$2),\nVLOOKUP(INDEX(Quantities!$A$100:$A$118,MATCH($A182,Quantities!$C$100:$C$118)),Quantities!$A$100:$B$118,Quantities!$B$2))))","v":" Gila Borrow Area"},{"$f":"IF(LEFT(TEXT(A182,\"0\"),1)=\"5\",\nVLOOKUP(VLOOKUP(A182,Quantities!$A$4:$D$118,Quantities!$C$2),Quantities!$A$4:$D$118,Quantities!$C$2),\nIF(OR(C182=\"a\",C182=\"c\",C182=\"d\",C182=\"e\"),\n\"-\",\nIF(RIGHT(TEXT(A182,\"0\"),2)=\"00\",VLOOKUP(A182,Quantities[],Quantities!$B$2),\nIF(C182=\"f\",VLOOKUP(A182,Quantities[],Quantities!$B$2),\nVLOOKUP(A182,Quantities[],Quantities!$C$2))\n)))","v":"5A Waste"},{"$f":"IF(OR(AND(LEFT(D182,2)=\"Sc\",B182=\"A\",C182=\"d\"),AND(C182=\"f\",B182=\"D\")),\nSUM(VLOOKUP($A182,Quantities[],Quantities!$O$2),VLOOKUP($A182,Quantities[],Quantities!$Q$2),VLOOKUP($A182,Quantities[],Quantities!$S$2)),\n\nIF(AND(LEFT(D182,2)=\"Sc\",OR(C182=\"a\",C182=\"f\")),\nVLOOKUP(A182,Quantities[],Quantities!$I$2),\n\nIF(AND(B182=\"D\",C182=\"b\"),\n VLOOKUP(INDEX(Quantities!$A$100:$A$118,MATCH($A182,Quantities!$C$100:$C$118)),Quantities!$A$100:$AJ$118,Quantities!$O$2)+\nVLOOKUP(INDEX(Quantities!$A$100:$A$118,MATCH($A182,Quantities!$C$100:$C$118)),Quantities!$A$100:$AJ$118,Quantities!$Q$2)+\nVLOOKUP(INDEX(Quantities!$A$100:$A$118,MATCH($A182,Quantities!$C$100:$C$118)),Quantities!$A$100:$AJ$118,Quantities!$S$2),\n\nIF(OR(B182=\"D\",B182=\"Q\"),\nSUM(VLOOKUP($A182,Quantities[],Quantities!$O$2),VLOOKUP($A182,Quantities[],Quantities!$Q$2),VLOOKUP($A182,Quantities[],Quantities!$S$2)),\n\n VLOOKUP(A182,Quantities[],Quantities!$G$2)\n))))","v":0},{"$f":"IF(LEFT(D182,2)=\"Mg\", VLOOKUP(A182,Quantities[],Quantities!$H$2),\n\nIF(OR(AND(LEFT(D182,2)=\"Sc\",B182=\"A\",C182=\"d\",C182=\"f\")),\n(SUM(VLOOKUP($A182,Quantities[],Quantities!$P$2)*VLOOKUP($A182,Quantities[],Quantities!$O$2),VLOOKUP($A182,Quantities[],Quantities!$R$2)*VLOOKUP($A182,Quantities[],Quantities!$Q$2),VLOOKUP($A182,Quantities[],Quantities!$T$2)*VLOOKUP($A182,Quantities[],Quantities!$S$2)))/SUM(VLOOKUP($A182,Quantities[],Quantities!$O$2),VLOOKUP($A182,Quantities[],Quantities!$Q$2),VLOOKUP($A182,Quantities[],Quantities!$S$2)),\n\nIF(AND(LEFT(D182,2)=\"Sc\",OR(C182=\"a\",C182=\"f\")),\nVLOOKUP(A182,Quantities[],Quantities!$J$2),\n\nIF(AND(B182=\"D\",C182=\"b\", (VLOOKUP(INDEX(Quantities!$A$100:$A$118,MATCH($A182,Quantities!$C$100:$C$118)),Quantities[],Quantities!$O$2)+VLOOKUP(INDEX(Quantities!$A$100:$A$118,MATCH($A182,Quantities!$C$100:$C$118)),Quantities[],Quantities!$Q$2)+VLOOKUP(INDEX(Quantities!$A$100:$A$118,MATCH($A182,Quantities!$C$100:$C$118)),Quantities[],Quantities!$S$2))>0),\n(VLOOKUP(INDEX(Quantities!$A$100:$A$118,MATCH($A182,Quantities!$C$100:$C$118)),Quantities[],Quantities!$P$2)*VLOOKUP(INDEX(Quantities!$A$100:$A$118,MATCH($A182,Quantities!$C$100:$C$118)),Quantities[],Quantities!$O$2)\n+VLOOKUP(INDEX(Quantities!$A$100:$A$118,MATCH($A182,Quantities!$C$100:$C$118)),Quantities[],Quantities!$R$2)*VLOOKUP(INDEX(Quantities!$A$100:$A$118,MATCH($A182,Quantities!$C$100:$C$118)),Quantities[],Quantities!$Q$2)\n+VLOOKUP(INDEX(Quantities!$A$100:$A$118,MATCH($A182,Quantities!$C$100:$C$118)),Quantities[],Quantities!$T$2)*VLOOKUP(INDEX(Quantities!$A$100:$A$118,MATCH($A182,Quantities!$C$100:$C$118)),Quantities[],Quantities!$S$2))/\n(VLOOKUP(INDEX(Quantities!$A$100:$A$118,MATCH($A182,Quantities!$C$100:$C$118)),Quantities[],Quantities!$O$2)+VLOOKUP(INDEX(Quantities!$A$100:$A$118,MATCH($A182,Quantities!$C$100:$C$118)),Quantities[],Quantities!$Q$2)+VLOOKUP(A182,Quantities[],Quantities!$S$2)),\n\nIF(AND(B182=\"D\", (VLOOKUP(A182,Quantities[],Quantities!$O$2)+VLOOKUP(A182,Quantities[],Quantities!$Q$2)+VLOOKUP(A182,Quantities[],Quantities!$S$2))>0),\n(VLOOKUP(A182,Quantities[],Quantities!$P$2)*VLOOKUP(A182,Quantities[],Quantities!$O$2)\n+VLOOKUP(A182,Quantities[],Quantities!$R$2)*VLOOKUP(A182,Quantities[],Quantities!$Q$2)\n+VLOOKUP(A182,Quantities[],Quantities!$T$2)*VLOOKUP(A182,Quantities[],Quantities!$S$2))/\n(VLOOKUP(A182,Quantities[],Quantities!$O$2)+VLOOKUP(A182,Quantities[],Quantities!$Q$2)+VLOOKUP(A182,Quantities[],Quantities!$S$2)),\n\nIF($B182=\"Q\", (SUM(VLOOKUP($A182,Quantities[],Quantities!$P$2)*VLOOKUP($A182,Quantities[],Quantities!$O$2),VLOOKUP($A182,Quantities[],Quantities!$R$2)*VLOOKUP($A182,Quantities[],Quantities!$Q$2),VLOOKUP($A182,Quantities[],Quantities!$T$2)*VLOOKUP($A182,Quantities[],Quantities!$S$2)))/SUM(VLOOKUP($A182,Quantities[],Quantities!$O$2),VLOOKUP($A182,Quantities[],Quantities!$Q$2),VLOOKUP($A182,Quantities[],Quantities!$S$2)),\n\n VLOOKUP(A182,Quantities[],Quantities!$H$2)\n))))))","v":"-"},{"$f":"IF(LEFT(D182,1)=\"U\",\"-\",VLOOKUP(D182,Equipment[],Equipment!$B$2))","v":"Cat 14M, Off-Hwy Water Tanker Truck,6,000-gal."}]
[{"$f":"Quantities!$A$39","v":2200},"P","b","Comb1","2200-P-b-Comb1",{"$f":"IF(D183=\"Comb1\",CONCATENATE(VLOOKUP(B183,'Activity-Material_Codes'!$A$2:$B$26,Quantities!$B$2),\"-\",VLOOKUP(A183,Quantities[],Quantities!$D$2)),\nCONCATENATE(\nVLOOKUP(B183,'Activity-Material_Codes'!$A$2:$B$26,Quantities!$B$2),\nIF(AND(B183=\"B\",C183=\"a\"), \" Scraper Grading\", \"\"),\nIF(C183=\"b\",\"\",\"-\"),\nIF(C183=\"b\",\"\",VLOOKUP(A183,Quantities[],Quantities!$D$2)),\nIF(LEFT(TEXT(A183,\"0\"),1)=\"5\",\"\",\"-\"),\nIF(LEFT(TEXT(A183,\"0\"),1)=\"5\",\"\",VLOOKUP(C183,'Activity-Material_Codes'!$A$30:$B$36,Quantities!$B$2))\n))","v":"Road Maintenance-Entire Pit"},{"$f":"CONCATENATE(\nIF(OR(RIGHT(TEXT($A183,\"0\"),Quantities!$B$2)=\"00\",LEFT(TEXT($A183,\"0\"),1)=\"5\",OR($C183=\"b\",$C183=\"f\")),\"\",VLOOKUP($A183,Quantities[],Quantities!$B$2)),\nIF(LEFT(TEXT($A183,\"0\"),1)=\"5\",\"\",\" \"),\nIF(OR(C183=\"a\",C183=\"c\",C183=\"d\",C183=\"e\"),IF(OR(RIGHT(TEXT($A183,\"0\"),Quantities!$B$2)=\"00\",LEFT(TEXT($A183,\"0\"),1)=\"5\"),VLOOKUP($A183,Quantities[],Quantities!$B$2),\"\"),\nIF(LEFT(TEXT($A183,\"0\"),1)=\"5\",VLOOKUP($A183,Quantities[],Quantities!$B$2),\nVLOOKUP(INDEX(Quantities!$A$100:$A$118,MATCH($A183,Quantities!$C$100:$C$118)),Quantities!$A$100:$B$118,Quantities!$B$2))))","v":" Leach Stockpile"},{"$f":"IF(LEFT(TEXT(A183,\"0\"),1)=\"5\",\nVLOOKUP(VLOOKUP(A183,Quantities!$A$4:$D$118,Quantities!$C$2),Quantities!$A$4:$D$118,Quantities!$C$2),\nIF(OR(C183=\"a\",C183=\"c\",C183=\"d\",C183=\"e\"),\n\"-\",\nIF(RIGHT(TEXT(A183,\"0\"),2)=\"00\",VLOOKUP(A183,Quantities[],Quantities!$B$2),\nIF(C183=\"f\",VLOOKUP(A183,Quantities[],Quantities!$B$2),\nVLOOKUP(A183,Quantities[],Quantities!$C$2))\n)))","v":"San Salvador Pit, San Salvador Waste Backfill"},{"$f":"IF(OR(AND(LEFT(D183,2)=\"Sc\",B183=\"A\",C183=\"d\"),AND(C183=\"f\",B183=\"D\")),\nSUM(VLOOKUP($A183,Quantities[],Quantities!$O$2),VLOOKUP($A183,Quantities[],Quantities!$Q$2),VLOOKUP($A183,Quantities[],Quantities!$S$2)),\n\nIF(AND(LEFT(D183,2)=\"Sc\",OR(C183=\"a\",C183=\"f\")),\nVLOOKUP(A183,Quantities[],Quantities!$I$2),\n\nIF(AND(B183=\"D\",C183=\"b\"),\n VLOOKUP(INDEX(Quantities!$A$100:$A$118,MATCH($A183,Quantities!$C$100:$C$118)),Quantities!$A$100:$AJ$118,Quantities!$O$2)+\nVLOOKUP(INDEX(Quantities!$A$100:$A$118,MATCH($A183,Quantities!$C$100:$C$118)),Quantities!$A$100:$AJ$118,Quantities!$Q$2)+\nVLOOKUP(INDEX(Quantities!$A$100:$A$118,MATCH($A183,Quantities!$C$100:$C$118)),Quantities!$A$100:$AJ$118,Quantities!$S$2),\n\nIF(OR(B183=\"D\",B183=\"Q\"),\nSUM(VLOOKUP($A183,Quantities[],Quantities!$O$2),VLOOKUP($A183,Quantities[],Quantities!$Q$2),VLOOKUP($A183,Quantities[],Quantities!$S$2)),\n\n VLOOKUP(A183,Quantities[],Quantities!$G$2)\n))))","v":185},{"$f":"IF(LEFT(D183,2)=\"Mg\", VLOOKUP(A183,Quantities[],Quantities!$H$2),\n\nIF(OR(AND(LEFT(D183,2)=\"Sc\",B183=\"A\",C183=\"d\",C183=\"f\")),\n(SUM(VLOOKUP($A183,Quantities[],Quantities!$P$2)*VLOOKUP($A183,Quantities[],Quantities!$O$2),VLOOKUP($A183,Quantities[],Quantities!$R$2)*VLOOKUP($A183,Quantities[],Quantities!$Q$2),VLOOKUP($A183,Quantities[],Quantities!$T$2)*VLOOKUP($A183,Quantities[],Quantities!$S$2)))/SUM(VLOOKUP($A183,Quantities[],Quantities!$O$2),VLOOKUP($A183,Quantities[],Quantities!$Q$2),VLOOKUP($A183,Quantities[],Quantities!$S$2)),\n\nIF(AND(LEFT(D183,2)=\"Sc\",OR(C183=\"a\",C183=\"f\")),\nVLOOKUP(A183,Quantities[],Quantities!$J$2),\n\nIF(AND(B183=\"D\",C183=\"b\", (VLOOKUP(INDEX(Quantities!$A$100:$A$118,MATCH($A183,Quantities!$C$100:$C$118)),Quantities[],Quantities!$O$2)+VLOOKUP(INDEX(Quantities!$A$100:$A$118,MATCH($A183,Quantities!$C$100:$C$118)),Quantities[],Quantities!$Q$2)+VLOOKUP(INDEX(Quantities!$A$100:$A$118,MATCH($A183,Quantities!$C$100:$C$118)),Quantities[],Quantities!$S$2))>0),\n(VLOOKUP(INDEX(Quantities!$A$100:$A$118,MATCH($A183,Quantities!$C$100:$C$118)),Quantities[],Quantities!$P$2)*VLOOKUP(INDEX(Quantities!$A$100:$A$118,MATCH($A183,Quantities!$C$100:$C$118)),Quantities[],Quantities!$O$2)\n+VLOOKUP(INDEX(Quantities!$A$100:$A$118,MATCH($A183,Quantities!$C$100:$C$118)),Quantities[],Quantities!$R$2)*VLOOKUP(INDEX(Quantities!$A$100:$A$118,MATCH($A183,Quantities!$C$100:$C$118)),Quantities[],Quantities!$Q$2)\n+VLOOKUP(INDEX(Quantities!$A$100:$A$118,MATCH($A183,Quantities!$C$100:$C$118)),Quantities[],Quantities!$T$2)*VLOOKUP(INDEX(Quantities!$A$100:$A$118,MATCH($A183,Quantities!$C$100:$C$118)),Quantities[],Quantities!$S$2))/\n(VLOOKUP(INDEX(Quantities!$A$100:$A$118,MATCH($A183,Quantities!$C$100:$C$118)),Quantities[],Quantities!$O$2)+VLOOKUP(INDEX(Quantities!$A$100:$A$118,MATCH($A183,Quantities!$C$100:$C$118)),Quantities[],Quantities!$Q$2)+VLOOKUP(A183,Quantities[],Quantities!$S$2)),\n\nIF(AND(B183=\"D\", (VLOOKUP(A183,Quantities[],Quantities!$O$2)+VLOOKUP(A183,Quantities[],Quantities!$Q$2)+VLOOKUP(A183,Quantities[],Quantities!$S$2))>0),\n(VLOOKUP(A183,Quantities[],Quantities!$P$2)*VLOOKUP(A183,Quantities[],Quantities!$O$2)\n+VLOOKUP(A183,Quantities[],Quantities!$R$2)*VLOOKUP(A183,Quantities[],Quantities!$Q$2)\n+VLOOKUP(A183,Quantities[],Quantities!$T$2)*VLOOKUP(A183,Quantities[],Quantities!$S$2))/\n(VLOOKUP(A183,Quantities[],Quantities!$O$2)+VLOOKUP(A183,Quantities[],Quantities!$Q$2)+VLOOKUP(A183,Quantities[],Quantities!$S$2)),\n\nIF($B183=\"Q\", (SUM(VLOOKUP($A183,Quantities[],Quantities!$P$2)*VLOOKUP($A183,Quantities[],Quantities!$O$2),VLOOKUP($A183,Quantities[],Quantities!$R$2)*VLOOKUP($A183,Quantities[],Quantities!$Q$2),VLOOKUP($A183,Quantities[],Quantities!$T$2)*VLOOKUP($A183,Quantities[],Quantities!$S$2)))/SUM(VLOOKUP($A183,Quantities[],Quantities!$O$2),VLOOKUP($A183,Quantities[],Quantities!$Q$2),VLOOKUP($A183,Quantities[],Quantities!$S$2)),\n\n VLOOKUP(A183,Quantities[],Quantities!$H$2)\n))))))","v":-0.05},{"$f":"IF(LEFT(D183,1)=\"U\",\"-\",VLOOKUP(D183,Equipment[],Equipment!$B$2))","v":"Cat 14M, Off-Hwy Water Tanker Truck,6,000-gal."}]
[{"$f":"Quantities!$A$41","v":2300},"P","b","Comb1","2300-P-b-Comb1",{"$f":"IF(D184=\"Comb1\",CONCATENATE(VLOOKUP(B184,'Activity-Material_Codes'!$A$2:$B$26,Quantities!$B$2),\"-\",VLOOKUP(A184,Quantities[],Quantities!$D$2)),\nCONCATENATE(\nVLOOKUP(B184,'Activity-Material_Codes'!$A$2:$B$26,Quantities!$B$2),\nIF(AND(B184=\"B\",C184=\"a\"), \" Scraper Grading\", \"\"),\nIF(C184=\"b\",\"\",\"-\"),\nIF(C184=\"b\",\"\",VLOOKUP(A184,Quantities[],Quantities!$D$2)),\nIF(LEFT(TEXT(A184,\"0\"),1)=\"5\",\"\",\"-\"),\nIF(LEFT(TEXT(A184,\"0\"),1)=\"5\",\"\",VLOOKUP(C184,'Activity-Material_Codes'!$A$30:$B$36,Quantities!$B$2))\n))","v":"Road Maintenance-Entire Stockpile"},{"$f":"CONCATENATE(\nIF(OR(RIGHT(TEXT($A184,\"0\"),Quantities!$B$2)=\"00\",LEFT(TEXT($A184,\"0\"),1)=\"5\",OR($C184=\"b\",$C184=\"f\")),\"\",VLOOKUP($A184,Quantities[],Quantities!$B$2)),\nIF(LEFT(TEXT($A184,\"0\"),1)=\"5\",\"\",\" \"),\nIF(OR(C184=\"a\",C184=\"c\",C184=\"d\",C184=\"e\"),IF(OR(RIGHT(TEXT($A184,\"0\"),Quantities!$B$2)=\"00\",LEFT(TEXT($A184,\"0\"),1)=\"5\"),VLOOKUP($A184,Quantities[],Quantities!$B$2),\"\"),\nIF(LEFT(TEXT($A184,\"0\"),1)=\"5\",VLOOKUP($A184,Quantities[],Quantities!$B$2),\nVLOOKUP(INDEX(Quantities!$A$100:$A$118,MATCH($A184,Quantities!$C$100:$C$118)),Quantities!$A$100:$B$118,Quantities!$B$2))))","v":" Gila Borrow Area"},{"$f":"IF(LEFT(TEXT(A184,\"0\"),1)=\"5\",\nVLOOKUP(VLOOKUP(A184,Quantities!$A$4:$D$118,Quantities!$C$2),Quantities!$A$4:$D$118,Quantities!$C$2),\nIF(OR(C184=\"a\",C184=\"c\",C184=\"d\",C184=\"e\"),\n\"-\",\nIF(RIGHT(TEXT(A184,\"0\"),2)=\"00\",VLOOKUP(A184,Quantities[],Quantities!$B$2),\nIF(C184=\"f\",VLOOKUP(A184,Quantities[],Quantities!$B$2),\nVLOOKUP(A184,Quantities[],Quantities!$C$2))\n)))","v":"6A Leach"},{"$f":"IF(OR(AND(LEFT(D184,2)=\"Sc\",B184=\"A\",C184=\"d\"),AND(C184=\"f\",B184=\"D\")),\nSUM(VLOOKUP($A184,Quantities[],Quantities!$O$2),VLOOKUP($A184,Quantities[],Quantities!$Q$2),VLOOKUP($A184,Quantities[],Quantities!$S$2)),\n\nIF(AND(LEFT(D184,2)=\"Sc\",OR(C184=\"a\",C184=\"f\")),\nVLOOKUP(A184,Quantities[],Quantities!$I$2),\n\nIF(AND(B184=\"D\",C184=\"b\"),\n VLOOKUP(INDEX(Quantities!$A$100:$A$118,MATCH($A184,Quantities!$C$100:$C$118)),Quantities!$A$100:$AJ$118,Quantities!$O$2)+\nVLOOKUP(INDEX(Quantities!$A$100:$A$118,MATCH($A184,Quantities!$C$100:$C$118)),Quantities!$A$100:$AJ$118,Quantities!$Q$2)+\nVLOOKUP(INDEX(Quantities!$A$100:$A$118,MATCH($A184,Quantities!$C$100:$C$118)),Quantities!$A$100:$AJ$118,Quantities!$S$2),\n\nIF(OR(B184=\"D\",B184=\"Q\"),\nSUM(VLOOKUP($A184,Quantities[],Quantities!$O$2),VLOOKUP($A184,Quantities[],Quantities!$Q$2),VLOOKUP($A184,Quantities[],Quantities!$S$2)),\n\n VLOOKUP(A184,Quantities[],Quantities!$G$2)\n))))","v":0},{"$f":"IF(LEFT(D184,2)=\"Mg\", VLOOKUP(A184,Quantities[],Quantities!$H$2),\n\nIF(OR(AND(LEFT(D184,2)=\"Sc\",B184=\"A\",C184=\"d\",C184=\"f\")),\n(SUM(VLOOKUP($A184,Quantities[],Quantities!$P$2)*VLOOKUP($A184,Quantities[],Quantities!$O$2),VLOOKUP($A184,Quantities[],Quantities!$R$2)*VLOOKUP($A184,Quantities[],Quantities!$Q$2),VLOOKUP($A184,Quantities[],Quantities!$T$2)*VLOOKUP($A184,Quantities[],Quantities!$S$2)))/SUM(VLOOKUP($A184,Quantities[],Quantities!$O$2),VLOOKUP($A184,Quantities[],Quantities!$Q$2),VLOOKUP($A184,Quantities[],Quantities!$S$2)),\n\nIF(AND(LEFT(D184,2)=\"Sc\",OR(C184=\"a\",C184=\"f\")),\nVLOOKUP(A184,Quantities[],Quantities!$J$2),\n\nIF(AND(B184=\"D\",C184=\"b\", (VLOOKUP(INDEX(Quantities!$A$100:$A$118,MATCH($A184,Quantities!$C$100:$C$118)),Quantities[],Quantities!$O$2)+VLOOKUP(INDEX(Quantities!$A$100:$A$118,MATCH($A184,Quantities!$C$100:$C$118)),Quantities[],Quantities!$Q$2)+VLOOKUP(INDEX(Quantities!$A$100:$A$118,MATCH($A184,Quantities!$C$100:$C$118)),Quantities[],Quantities!$S$2))>0),\n(VLOOKUP(INDEX(Quantities!$A$100:$A$118,MATCH($A184,Quantities!$C$100:$C$118)),Quantities[],Quantities!$P$2)*VLOOKUP(INDEX(Quantities!$A$100:$A$118,MATCH($A184,Quantities!$C$100:$C$118)),Quantities[],Quantities!$O$2)\n+VLOOKUP(INDEX(Quantities!$A$100:$A$118,MATCH($A184,Quantities!$C$100:$C$118)),Quantities[],Quantities!$R$2)*VLOOKUP(INDEX(Quantities!$A$100:$A$118,MATCH($A184,Quantities!$C$100:$C$118)),Quantities[],Quantities!$Q$2)\n+VLOOKUP(INDEX(Quantities!$A$100:$A$118,MATCH($A184,Quantities!$C$100:$C$118)),Quantities[],Quantities!$T$2)*VLOOKUP(INDEX(Quantities!$A$100:$A$118,MATCH($A184,Quantities!$C$100:$C$118)),Quantities[],Quantities!$S$2))/\n(VLOOKUP(INDEX(Quantities!$A$100:$A$118,MATCH($A184,Quantities!$C$100:$C$118)),Quantities[],Quantities!$O$2)+VLOOKUP(INDEX(Quantities!$A$100:$A$118,MATCH($A184,Quantities!$C$100:$C$118)),Quantities[],Quantities!$Q$2)+VLOOKUP(A184,Quantities[],Quantities!$S$2)),\n\nIF(AND(B184=\"D\", (VLOOKUP(A184,Quantities[],Quantities!$O$2)+VLOOKUP(A184,Quantities[],Quantities!$Q$2)+VLOOKUP(A184,Quantities[],Quantities!$S$2))>0),\n(VLOOKUP(A184,Quantities[],Quantities!$P$2)*VLOOKUP(A184,Quantities[],Quantities!$O$2)\n+VLOOKUP(A184,Quantities[],Quantities!$R$2)*VLOOKUP(A184,Quantities[],Quantities!$Q$2)\n+VLOOKUP(A184,Quantities[],Quantities!$T$2)*VLOOKUP(A184,Quantities[],Quantities!$S$2))/\n(VLOOKUP(A184,Quantities[],Quantities!$O$2)+VLOOKUP(A184,Quantities[],Quantities!$Q$2)+VLOOKUP(A184,Quantities[],Quantities!$S$2)),\n\nIF($B184=\"Q\", (SUM(VLOOKUP($A184,Quantities[],Quantities!$P$2)*VLOOKUP($A184,Quantities[],Quantities!$O$2),VLOOKUP($A184,Quantities[],Quantities!$R$2)*VLOOKUP($A184,Quantities[],Quantities!$Q$2),VLOOKUP($A184,Quantities[],Quantities!$T$2)*VLOOKUP($A184,Quantities[],Quantities!$S$2)))/SUM(VLOOKUP($A184,Quantities[],Quantities!$O$2),VLOOKUP($A184,Quantities[],Quantities!$Q$2),VLOOKUP($A184,Quantities[],Quantities!$S$2)),\n\n VLOOKUP(A184,Quantities[],Quantities!$H$2)\n))))))","v":"-"},{"$f":"IF(LEFT(D184,1)=\"U\",\"-\",VLOOKUP(D184,Equipment[],Equipment!$B$2))","v":"Cat 14M, Off-Hwy Water Tanker Truck,6,000-gal."}]
[{"$f":"Quantities!$A$17","v":1400},"P","b","Comb1","1400-P-b-Comb1",{"$f":"IF(D185=\"Comb1\",CONCATENATE(VLOOKUP(B185,'Activity-Material_Codes'!$A$2:$B$26,Quantities!$B$2),\"-\",VLOOKUP(A185,Quantities[],Quantities!$D$2)),\nCONCATENATE(\nVLOOKUP(B185,'Activity-Material_Codes'!$A$2:$B$26,Quantities!$B$2),\nIF(AND(B185=\"B\",C185=\"a\"), \" Scraper Grading\", \"\"),\nIF(C185=\"b\",\"\",\"-\"),\nIF(C185=\"b\",\"\",VLOOKUP(A185,Quantities[],Quantities!$D$2)),\nIF(LEFT(TEXT(A185,\"0\"),1)=\"5\",\"\",\"-\"),\nIF(LEFT(TEXT(A185,\"0\"),1)=\"5\",\"\",VLOOKUP(C185,'Activity-Material_Codes'!$A$30:$B$36,Quantities!$B$2))\n))","v":"Road Maintenance-Entire Stockpile"},{"$f":"CONCATENATE(\nIF(OR(RIGHT(TEXT($A185,\"0\"),Quantities!$B$2)=\"00\",LEFT(TEXT($A185,\"0\"),1)=\"5\",OR($C185=\"b\",$C185=\"f\")),\"\",VLOOKUP($A185,Quantities[],Quantities!$B$2)),\nIF(LEFT(TEXT($A185,\"0\"),1)=\"5\",\"\",\" \"),\nIF(OR(C185=\"a\",C185=\"c\",C185=\"d\",C185=\"e\"),IF(OR(RIGHT(TEXT($A185,\"0\"),Quantities!$B$2)=\"00\",LEFT(TEXT($A185,\"0\"),1)=\"5\"),VLOOKUP($A185,Quantities[],Quantities!$B$2),\"\"),\nIF(LEFT(TEXT($A185,\"0\"),1)=\"5\",VLOOKUP($A185,Quantities[],Quantities!$B$2),\nVLOOKUP(INDEX(Quantities!$A$100:$A$118,MATCH($A185,Quantities!$C$100:$C$118)),Quantities!$A$100:$B$118,Quantities!$B$2))))","v":" Gila Borrow Area"},{"$f":"IF(LEFT(TEXT(A185,\"0\"),1)=\"5\",\nVLOOKUP(VLOOKUP(A185,Quantities!$A$4:$D$118,Quantities!$C$2),Quantities!$A$4:$D$118,Quantities!$C$2),\nIF(OR(C185=\"a\",C185=\"c\",C185=\"d\",C185=\"e\"),\n\"-\",\nIF(RIGHT(TEXT(A185,\"0\"),2)=\"00\",VLOOKUP(A185,Quantities[],Quantities!$B$2),\nIF(C185=\"f\",VLOOKUP(A185,Quantities[],Quantities!$B$2),\nVLOOKUP(A185,Quantities[],Quantities!$C$2))\n)))","v":"2 Leach (Area 1)"},{"$f":"IF(OR(AND(LEFT(D185,2)=\"Sc\",B185=\"A\",C185=\"d\"),AND(C185=\"f\",B185=\"D\")),\nSUM(VLOOKUP($A185,Quantities[],Quantities!$O$2),VLOOKUP($A185,Quantities[],Quantities!$Q$2),VLOOKUP($A185,Quantities[],Quantities!$S$2)),\n\nIF(AND(LEFT(D185,2)=\"Sc\",OR(C185=\"a\",C185=\"f\")),\nVLOOKUP(A185,Quantities[],Quantities!$I$2),\n\nIF(AND(B185=\"D\",C185=\"b\"),\n VLOOKUP(INDEX(Quantities!$A$100:$A$118,MATCH($A185,Quantities!$C$100:$C$118)),Quantities!$A$100:$AJ$118,Quantities!$O$2)+\nVLOOKUP(INDEX(Quantities!$A$100:$A$118,MATCH($A185,Quantities!$C$100:$C$118)),Quantities!$A$100:$AJ$118,Quantities!$Q$2)+\nVLOOKUP(INDEX(Quantities!$A$100:$A$118,MATCH($A185,Quantities!$C$100:$C$118)),Quantities!$A$100:$AJ$118,Quantities!$S$2),\n\nIF(OR(B185=\"D\",B185=\"Q\"),\nSUM(VLOOKUP($A185,Quantities[],Quantities!$O$2),VLOOKUP($A185,Quantities[],Quantities!$Q$2),VLOOKUP($A185,Quantities[],Quantities!$S$2)),\n\n VLOOKUP(A185,Quantities[],Quantities!$G$2)\n))))","v":0},{"$f":"IF(LEFT(D185,2)=\"Mg\", VLOOKUP(A185,Quantities[],Quantities!$H$2),\n\nIF(OR(AND(LEFT(D185,2)=\"Sc\",B185=\"A\",C185=\"d\",C185=\"f\")),\n(SUM(VLOOKUP($A185,Quantities[],Quantities!$P$2)*VLOOKUP($A185,Quantities[],Quantities!$O$2),VLOOKUP($A185,Quantities[],Quantities!$R$2)*VLOOKUP($A185,Quantities[],Quantities!$Q$2),VLOOKUP($A185,Quantities[],Quantities!$T$2)*VLOOKUP($A185,Quantities[],Quantities!$S$2)))/SUM(VLOOKUP($A185,Quantities[],Quantities!$O$2),VLOOKUP($A185,Quantities[],Quantities!$Q$2),VLOOKUP($A185,Quantities[],Quantities!$S$2)),\n\nIF(AND(LEFT(D185,2)=\"Sc\",OR(C185=\"a\",C185=\"f\")),\nVLOOKUP(A185,Quantities[],Quantities!$J$2),\n\nIF(AND(B185=\"D\",C185=\"b\", (VLOOKUP(INDEX(Quantities!$A$100:$A$118,MATCH($A185,Quantities!$C$100:$C$118)),Quantities[],Quantities!$O$2)+VLOOKUP(INDEX(Quantities!$A$100:$A$118,MATCH($A185,Quantities!$C$100:$C$118)),Quantities[],Quantities!$Q$2)+VLOOKUP(INDEX(Quantities!$A$100:$A$118,MATCH($A185,Quantities!$C$100:$C$118)),Quantities[],Quantities!$S$2))>0),\n(VLOOKUP(INDEX(Quantities!$A$100:$A$118,MATCH($A185,Quantities!$C$100:$C$118)),Quantities[],Quantities!$P$2)*VLOOKUP(INDEX(Quantities!$A$100:$A$118,MATCH($A185,Quantities!$C$100:$C$118)),Quantities[],Quantities!$O$2)\n+VLOOKUP(INDEX(Quantities!$A$100:$A$118,MATCH($A185,Quantities!$C$100:$C$118)),Quantities[],Quantities!$R$2)*VLOOKUP(INDEX(Quantities!$A$100:$A$118,MATCH($A185,Quantities!$C$100:$C$118)),Quantities[],Quantities!$Q$2)\n+VLOOKUP(INDEX(Quantities!$A$100:$A$118,MATCH($A185,Quantities!$C$100:$C$118)),Quantities[],Quantities!$T$2)*VLOOKUP(INDEX(Quantities!$A$100:$A$118,MATCH($A185,Quantities!$C$100:$C$118)),Quantities[],Quantities!$S$2))/\n(VLOOKUP(INDEX(Quantities!$A$100:$A$118,MATCH($A185,Quantities!$C$100:$C$118)),Quantities[],Quantities!$O$2)+VLOOKUP(INDEX(Quantities!$A$100:$A$118,MATCH($A185,Quantities!$C$100:$C$118)),Quantities[],Quantities!$Q$2)+VLOOKUP(A185,Quantities[],Quantities!$S$2)),\n\nIF(AND(B185=\"D\", (VLOOKUP(A185,Quantities[],Quantities!$O$2)+VLOOKUP(A185,Quantities[],Quantities!$Q$2)+VLOOKUP(A185,Quantities[],Quantities!$S$2))>0),\n(VLOOKUP(A185,Quantities[],Quantities!$P$2)*VLOOKUP(A185,Quantities[],Quantities!$O$2)\n+VLOOKUP(A185,Quantities[],Quantities!$R$2)*VLOOKUP(A185,Quantities[],Quantities!$Q$2)\n+VLOOKUP(A185,Quantities[],Quantities!$T$2)*VLOOKUP(A185,Quantities[],Quantities!$S$2))/\n(VLOOKUP(A185,Quantities[],Quantities!$O$2)+VLOOKUP(A185,Quantities[],Quantities!$Q$2)+VLOOKUP(A185,Quantities[],Quantities!$S$2)),\n\nIF($B185=\"Q\", (SUM(VLOOKUP($A185,Quantities[],Quantities!$P$2)*VLOOKUP($A185,Quantities[],Quantities!$O$2),VLOOKUP($A185,Quantities[],Quantities!$R$2)*VLOOKUP($A185,Quantities[],Quantities!$Q$2),VLOOKUP($A185,Quantities[],Quantities!$T$2)*VLOOKUP($A185,Quantities[],Quantities!$S$2)))/SUM(VLOOKUP($A185,Quantities[],Quantities!$O$2),VLOOKUP($A185,Quantities[],Quantities!$Q$2),VLOOKUP($A185,Quantities[],Quantities!$S$2)),\n\n VLOOKUP(A185,Quantities[],Quantities!$H$2)\n))))))","v":"-"},{"$f":"IF(LEFT(D185,1)=\"U\",\"-\",VLOOKUP(D185,Equipment[],Equipment!$B$2))","v":"Cat 14M, Off-Hwy Water Tanker Truck,6,000-gal."}]
[{"$f":"Quantities!$A$29","v":1800},"P","b","Comb1","1800-P-b-Comb1",{"$f":"IF(D186=\"Comb1\",CONCATENATE(VLOOKUP(B186,'Activity-Material_Codes'!$A$2:$B$26,Quantities!$B$2),\"-\",VLOOKUP(A186,Quantities[],Quantities!$D$2)),\nCONCATENATE(\nVLOOKUP(B186,'Activity-Material_Codes'!$A$2:$B$26,Quantities!$B$2),\nIF(AND(B186=\"B\",C186=\"a\"), \" Scraper Grading\", \"\"),\nIF(C186=\"b\",\"\",\"-\"),\nIF(C186=\"b\",\"\",VLOOKUP(A186,Quantities[],Quantities!$D$2)),\nIF(LEFT(TEXT(A186,\"0\"),1)=\"5\",\"\",\"-\"),\nIF(LEFT(TEXT(A186,\"0\"),1)=\"5\",\"\",VLOOKUP(C186,'Activity-Material_Codes'!$A$30:$B$36,Quantities!$B$2))\n))","v":"Road Maintenance-Entire Stockpile"},{"$f":"CONCATENATE(\nIF(OR(RIGHT(TEXT($A186,\"0\"),Quantities!$B$2)=\"00\",LEFT(TEXT($A186,\"0\"),1)=\"5\",OR($C186=\"b\",$C186=\"f\")),\"\",VLOOKUP($A186,Quantities[],Quantities!$B$2)),\nIF(LEFT(TEXT($A186,\"0\"),1)=\"5\",\"\",\" \"),\nIF(OR(C186=\"a\",C186=\"c\",C186=\"d\",C186=\"e\"),IF(OR(RIGHT(TEXT($A186,\"0\"),Quantities!$B$2)=\"00\",LEFT(TEXT($A186,\"0\"),1)=\"5\"),VLOOKUP($A186,Quantities[],Quantities!$B$2),\"\"),\nIF(LEFT(TEXT($A186,\"0\"),1)=\"5\",VLOOKUP($A186,Quantities[],Quantities!$B$2),\nVLOOKUP(INDEX(Quantities!$A$100:$A$118,MATCH($A186,Quantities!$C$100:$C$118)),Quantities!$A$100:$B$118,Quantities!$B$2))))","v":" Gila Borrow Area"},{"$f":"IF(LEFT(TEXT(A186,\"0\"),1)=\"5\",\nVLOOKUP(VLOOKUP(A186,Quantities!$A$4:$D$118,Quantities!$C$2),Quantities!$A$4:$D$118,Quantities!$C$2),\nIF(OR(C186=\"a\",C186=\"c\",C186=\"d\",C186=\"e\"),\n\"-\",\nIF(RIGHT(TEXT(A186,\"0\"),2)=\"00\",VLOOKUP(A186,Quantities[],Quantities!$B$2),\nIF(C186=\"f\",VLOOKUP(A186,Quantities[],Quantities!$B$2),\nVLOOKUP(A186,Quantities[],Quantities!$C$2))\n)))","v":"2 Leach (Area 2), 7B Leach, 7B Waste, 7C Waste, South Rim Pit"},{"$f":"IF(OR(AND(LEFT(D186,2)=\"Sc\",B186=\"A\",C186=\"d\"),AND(C186=\"f\",B186=\"D\")),\nSUM(VLOOKUP($A186,Quantities[],Quantities!$O$2),VLOOKUP($A186,Quantities[],Quantities!$Q$2),VLOOKUP($A186,Quantities[],Quantities!$S$2)),\n\nIF(AND(LEFT(D186,2)=\"Sc\",OR(C186=\"a\",C186=\"f\")),\nVLOOKUP(A186,Quantities[],Quantities!$I$2),\n\nIF(AND(B186=\"D\",C186=\"b\"),\n VLOOKUP(INDEX(Quantities!$A$100:$A$118,MATCH($A186,Quantities!$C$100:$C$118)),Quantities!$A$100:$AJ$118,Quantities!$O$2)+\nVLOOKUP(INDEX(Quantities!$A$100:$A$118,MATCH($A186,Quantities!$C$100:$C$118)),Quantities!$A$100:$AJ$118,Quantities!$Q$2)+\nVLOOKUP(INDEX(Quantities!$A$100:$A$118,MATCH($A186,Quantities!$C$100:$C$118)),Quantities!$A$100:$AJ$118,Quantities!$S$2),\n\nIF(OR(B186=\"D\",B186=\"Q\"),\nSUM(VLOOKUP($A186,Quantities[],Quantities!$O$2),VLOOKUP($A186,Quantities[],Quantities!$Q$2),VLOOKUP($A186,Quantities[],Quantities!$S$2)),\n\n VLOOKUP(A186,Quantities[],Quantities!$G$2)\n))))","v":0},{"$f":"IF(LEFT(D186,2)=\"Mg\", VLOOKUP(A186,Quantities[],Quantities!$H$2),\n\nIF(OR(AND(LEFT(D186,2)=\"Sc\",B186=\"A\",C186=\"d\",C186=\"f\")),\n(SUM(VLOOKUP($A186,Quantities[],Quantities!$P$2)*VLOOKUP($A186,Quantities[],Quantities!$O$2),VLOOKUP($A186,Quantities[],Quantities!$R$2)*VLOOKUP($A186,Quantities[],Quantities!$Q$2),VLOOKUP($A186,Quantities[],Quantities!$T$2)*VLOOKUP($A186,Quantities[],Quantities!$S$2)))/SUM(VLOOKUP($A186,Quantities[],Quantities!$O$2),VLOOKUP($A186,Quantities[],Quantities!$Q$2),VLOOKUP($A186,Quantities[],Quantities!$S$2)),\n\nIF(AND(LEFT(D186,2)=\"Sc\",OR(C186=\"a\",C186=\"f\")),\nVLOOKUP(A186,Quantities[],Quantities!$J$2),\n\nIF(AND(B186=\"D\",C186=\"b\", (VLOOKUP(INDEX(Quantities!$A$100:$A$118,MATCH($A186,Quantities!$C$100:$C$118)),Quantities[],Quantities!$O$2)+VLOOKUP(INDEX(Quantities!$A$100:$A$118,MATCH($A186,Quantities!$C$100:$C$118)),Quantities[],Quantities!$Q$2)+VLOOKUP(INDEX(Quantities!$A$100:$A$118,MATCH($A186,Quantities!$C$100:$C$118)),Quantities[],Quantities!$S$2))>0),\n(VLOOKUP(INDEX(Quantities!$A$100:$A$118,MATCH($A186,Quantities!$C$100:$C$118)),Quantities[],Quantities!$P$2)*VLOOKUP(INDEX(Quantities!$A$100:$A$118,MATCH($A186,Quantities!$C$100:$C$118)),Quantities[],Quantities!$O$2)\n+VLOOKUP(INDEX(Quantities!$A$100:$A$118,MATCH($A186,Quantities!$C$100:$C$118)),Quantities[],Quantities!$R$2)*VLOOKUP(INDEX(Quantities!$A$100:$A$118,MATCH($A186,Quantities!$C$100:$C$118)),Quantities[],Quantities!$Q$2)\n+VLOOKUP(INDEX(Quantities!$A$100:$A$118,MATCH($A186,Quantities!$C$100:$C$118)),Quantities[],Quantities!$T$2)*VLOOKUP(INDEX(Quantities!$A$100:$A$118,MATCH($A186,Quantities!$C$100:$C$118)),Quantities[],Quantities!$S$2))/\n(VLOOKUP(INDEX(Quantities!$A$100:$A$118,MATCH($A186,Quantities!$C$100:$C$118)),Quantities[],Quantities!$O$2)+VLOOKUP(INDEX(Quantities!$A$100:$A$118,MATCH($A186,Quantities!$C$100:$C$118)),Quantities[],Quantities!$Q$2)+VLOOKUP(A186,Quantities[],Quantities!$S$2)),\n\nIF(AND(B186=\"D\", (VLOOKUP(A186,Quantities[],Quantities!$O$2)+VLOOKUP(A186,Quantities[],Quantities!$Q$2)+VLOOKUP(A186,Quantities[],Quantities!$S$2))>0),\n(VLOOKUP(A186,Quantities[],Quantities!$P$2)*VLOOKUP(A186,Quantities[],Quantities!$O$2)\n+VLOOKUP(A186,Quantities[],Quantities!$R$2)*VLOOKUP(A186,Quantities[],Quantities!$Q$2)\n+VLOOKUP(A186,Quantities[],Quantities!$T$2)*VLOOKUP(A186,Quantities[],Quantities!$S$2))/\n(VLOOKUP(A186,Quantities[],Quantities!$O$2)+VLOOKUP(A186,Quantities[],Quantities!$Q$2)+VLOOKUP(A186,Quantities[],Quantities!$S$2)),\n\nIF($B186=\"Q\", (SUM(VLOOKUP($A186,Quantities[],Quantities!$P$2)*VLOOKUP($A186,Quantities[],Quantities!$O$2),VLOOKUP($A186,Quantities[],Quantities!$R$2)*VLOOKUP($A186,Quantities[],Quantities!$Q$2),VLOOKUP($A186,Quantities[],Quantities!$T$2)*VLOOKUP($A186,Quantities[],Quantities!$S$2)))/SUM(VLOOKUP($A186,Quantities[],Quantities!$O$2),VLOOKUP($A186,Quantities[],Quantities!$Q$2),VLOOKUP($A186,Quantities[],Quantities!$S$2)),\n\n VLOOKUP(A186,Quantities[],Quantities!$H$2)\n))))))","v":"-"},{"$f":"IF(LEFT(D186,1)=\"U\",\"-\",VLOOKUP(D186,Equipment[],Equipment!$B$2))","v":"Cat 14M, Off-Hwy Water Tanker Truck,6,000-gal."}]
[{"$f":"Quantities!$A$32","v":1900},"P","b","Comb1",{"$f":"CONCATENATE(TEXT(A187,\"0\"),\"-\",B187,\"-\",C187,\"-\",D187)","v":"1900-P-b-Comb1"},{"$f":"IF(D187=\"Comb1\",CONCATENATE(VLOOKUP(B187,'Activity-Material_Codes'!$A$2:$B$26,Quantities!$B$2),\"-\",VLOOKUP(A187,Quantities[],Quantities!$D$2)),\nCONCATENATE(\nVLOOKUP(B187,'Activity-Material_Codes'!$A$2:$B$26,Quantities!$B$2),\nIF(AND(B187=\"B\",C187=\"a\"), \" Scraper Grading\", \"\"),\nIF(C187=\"b\",\"\",\"-\"),\nIF(C187=\"b\",\"\",VLOOKUP(A187,Quantities[],Quantities!$D$2)),\nIF(LEFT(TEXT(A187,\"0\"),1)=\"5\",\"\",\"-\"),\nIF(LEFT(TEXT(A187,\"0\"),1)=\"5\",\"\",VLOOKUP(C187,'Activity-Material_Codes'!$A$30:$B$36,Quantities!$B$2))\n))","v":"Road Maintenance-Sludge Disposal Area"},{"$f":"CONCATENATE(\nIF(OR(RIGHT(TEXT($A187,\"0\"),Quantities!$B$2)=\"00\",LEFT(TEXT($A187,\"0\"),1)=\"5\",OR($C187=\"b\",$C187=\"f\")),\"\",VLOOKUP($A187,Quantities[],Quantities!$B$2)),\nIF(LEFT(TEXT($A187,\"0\"),1)=\"5\",\"\",\" \"),\nIF(OR(C187=\"a\",C187=\"c\",C187=\"d\",C187=\"e\"),IF(OR(RIGHT(TEXT($A187,\"0\"),Quantities!$B$2)=\"00\",LEFT(TEXT($A187,\"0\"),1)=\"5\"),VLOOKUP($A187,Quantities[],Quantities!$B$2),\"\"),\nIF(LEFT(TEXT($A187,\"0\"),1)=\"5\",VLOOKUP($A187,Quantities[],Quantities!$B$2),\nVLOOKUP(INDEX(Quantities!$A$100:$A$118,MATCH($A187,Quantities!$C$100:$C$118)),Quantities!$A$100:$B$118,Quantities!$B$2))))","v":" Gila Borrow Area"},{"$f":"IF(LEFT(TEXT(A187,\"0\"),1)=\"5\",\nVLOOKUP(VLOOKUP(A187,Quantities!$A$4:$D$118,Quantities!$C$2),Quantities!$A$4:$D$118,Quantities!$C$2),\nIF(OR(C187=\"a\",C187=\"c\",C187=\"d\",C187=\"e\"),\n\"-\",\nIF(RIGHT(TEXT(A187,\"0\"),2)=\"00\",VLOOKUP(A187,Quantities[],Quantities!$B$2),\nIF(C187=\"f\",VLOOKUP(A187,Quantities[],Quantities!$B$2),\nVLOOKUP(A187,Quantities[],Quantities!$C$2))\n)))","v":"8A Waste, 8C Waste"},{"$f":"IF(OR(AND(LEFT(D187,2)=\"Sc\",B187=\"A\",C187=\"d\"),AND(C187=\"f\",B187=\"D\")),\nSUM(VLOOKUP($A187,Quantities[],Quantities!$O$2),VLOOKUP($A187,Quantities[],Quantities!$Q$2),VLOOKUP($A187,Quantities[],Quantities!$S$2)),\n\nIF(AND(LEFT(D187,2)=\"Sc\",OR(C187=\"a\",C187=\"f\")),\nVLOOKUP(A187,Quantities[],Quantities!$I$2),\n\nIF(AND(B187=\"D\",C187=\"b\"),\n VLOOKUP(INDEX(Quantities!$A$100:$A$118,MATCH($A187,Quantities!$C$100:$C$118)),Quantities!$A$100:$AJ$118,Quantities!$O$2)+\nVLOOKUP(INDEX(Quantities!$A$100:$A$118,MATCH($A187,Quantities!$C$100:$C$118)),Quantities!$A$100:$AJ$118,Quantities!$Q$2)+\nVLOOKUP(INDEX(Quantities!$A$100:$A$118,MATCH($A187,Quantities!$C$100:$C$118)),Quantities!$A$100:$AJ$118,Quantities!$S$2),\n\nIF(OR(B187=\"D\",B187=\"Q\"),\nSUM(VLOOKUP($A187,Quantities[],Quantities!$O$2),VLOOKUP($A187,Quantities[],Quantities!$Q$2),VLOOKUP($A187,Quantities[],Quantities!$S$2)),\n\n VLOOKUP(A187,Quantities[],Quantities!$G$2)\n))))","v":0},{"$f":"IF(LEFT(D187,2)=\"Mg\", VLOOKUP(A187,Quantities[],Quantities!$H$2),\n\nIF(OR(AND(LEFT(D187,2)=\"Sc\",B187=\"A\",C187=\"d\",C187=\"f\")),\n(SUM(VLOOKUP($A187,Quantities[],Quantities!$P$2)*VLOOKUP($A187,Quantities[],Quantities!$O$2),VLOOKUP($A187,Quantities[],Quantities!$R$2)*VLOOKUP($A187,Quantities[],Quantities!$Q$2),VLOOKUP($A187,Quantities[],Quantities!$T$2)*VLOOKUP($A187,Quantities[],Quantities!$S$2)))/SUM(VLOOKUP($A187,Quantities[],Quantities!$O$2),VLOOKUP($A187,Quantities[],Quantities!$Q$2),VLOOKUP($A187,Quantities[],Quantities!$S$2)),\n\nIF(AND(LEFT(D187,2)=\"Sc\",OR(C187=\"a\",C187=\"f\")),\nVLOOKUP(A187,Quantities[],Quantities!$J$2),\n\nIF(AND(B187=\"D\",C187=\"b\", (VLOOKUP(INDEX(Quantities!$A$100:$A$118,MATCH($A187,Quantities!$C$100:$C$118)),Quantities[],Quantities!$O$2)+VLOOKUP(INDEX(Quantities!$A$100:$A$118,MATCH($A187,Quantities!$C$100:$C$118)),Quantities[],Quantities!$Q$2)+VLOOKUP(INDEX(Quantities!$A$100:$A$118,MATCH($A187,Quantities!$C$100:$C$118)),Quantities[],Quantities!$S$2))>0),\n(VLOOKUP(INDEX(Quantities!$A$100:$A$118,MATCH($A187,Quantities!$C$100:$C$118)),Quantities[],Quantities!$P$2)*VLOOKUP(INDEX(Quantities!$A$100:$A$118,MATCH($A187,Quantities!$C$100:$C$118)),Quantities[],Quantities!$O$2)\n+VLOOKUP(INDEX(Quantities!$A$100:$A$118,MATCH($A187,Quantities!$C$100:$C$118)),Quantities[],Quantities!$R$2)*VLOOKUP(INDEX(Quantities!$A$100:$A$118,MATCH($A187,Quantities!$C$100:$C$118)),Quantities[],Quantities!$Q$2)\n+VLOOKUP(INDEX(Quantities!$A$100:$A$118,MATCH($A187,Quantities!$C$100:$C$118)),Quantities[],Quantities!$T$2)*VLOOKUP(INDEX(Quantities!$A$100:$A$118,MATCH($A187,Quantities!$C$100:$C$118)),Quantities[],Quantities!$S$2))/\n(VLOOKUP(INDEX(Quantities!$A$100:$A$118,MATCH($A187,Quantities!$C$100:$C$118)),Quantities[],Quantities!$O$2)+VLOOKUP(INDEX(Quantities!$A$100:$A$118,MATCH($A187,Quantities!$C$100:$C$118)),Quantities[],Quantities!$Q$2)+VLOOKUP(A187,Quantities[],Quantities!$S$2)),\n\nIF(AND(B187=\"D\", (VLOOKUP(A187,Quantities[],Quantities!$O$2)+VLOOKUP(A187,Quantities[],Quantities!$Q$2)+VLOOKUP(A187,Quantities[],Quantities!$S$2))>0),\n(VLOOKUP(A187,Quantities[],Quantities!$P$2)*VLOOKUP(A187,Quantities[],Quantities!$O$2)\n+VLOOKUP(A187,Quantities[],Quantities!$R$2)*VLOOKUP(A187,Quantities[],Quantities!$Q$2)\n+VLOOKUP(A187,Quantities[],Quantities!$T$2)*VLOOKUP(A187,Quantities[],Quantities!$S$2))/\n(VLOOKUP(A187,Quantities[],Quantities!$O$2)+VLOOKUP(A187,Quantities[],Quantities!$Q$2)+VLOOKUP(A187,Quantities[],Quantities!$S$2)),\n\nIF($B187=\"Q\", (SUM(VLOOKUP($A187,Quantities[],Quantities!$P$2)*VLOOKUP($A187,Quantities[],Quantities!$O$2),VLOOKUP($A187,Quantities[],Quantities!$R$2)*VLOOKUP($A187,Quantities[],Quantities!$Q$2),VLOOKUP($A187,Quantities[],Quantities!$T$2)*VLOOKUP($A187,Quantities[],Quantities!$S$2)))/SUM(VLOOKUP($A187,Quantities[],Quantities!$O$2),VLOOKUP($A187,Quantities[],Quantities!$Q$2),VLOOKUP($A187,Quantities[],Quantities!$S$2)),\n\n VLOOKUP(A187,Quantities[],Quantities!$H$2)\n))))))","v":0},{"$f":"IF(LEFT(D187,1)=\"U\",\"-\",VLOOKUP(D187,Equipment[],Equipment!$B$2))","v":"Cat 14M, Off-Hwy Water Tanker Truck,6,000-gal."}]
[{"$f":"Quantities!$A$23","v":1600},"P","b","Comb1","1600-P-b-Comb1",{"$f":"IF(D188=\"Comb1\",CONCATENATE(VLOOKUP(B188,'Activity-Material_Codes'!$A$2:$B$26,Quantities!$B$2),\"-\",VLOOKUP(A188,Quantities[],Quantities!$D$2)),\nCONCATENATE(\nVLOOKUP(B188,'Activity-Material_Codes'!$A$2:$B$26,Quantities!$B$2),\nIF(AND(B188=\"B\",C188=\"a\"), \" Scraper Grading\", \"\"),\nIF(C188=\"b\",\"\",\"-\"),\nIF(C188=\"b\",\"\",VLOOKUP(A188,Quantities[],Quantities!$D$2)),\nIF(LEFT(TEXT(A188,\"0\"),1)=\"5\",\"\",\"-\"),\nIF(LEFT(TEXT(A188,\"0\"),1)=\"5\",\"\",VLOOKUP(C188,'Activity-Material_Codes'!$A$30:$B$36,Quantities!$B$2))\n))","v":"Road Maintenance-Entire Stockpile"},{"$f":"CONCATENATE(\nIF(OR(RIGHT(TEXT($A188,\"0\"),Quantities!$B$2)=\"00\",LEFT(TEXT($A188,\"0\"),1)=\"5\",OR($C188=\"b\",$C188=\"f\")),\"\",VLOOKUP($A188,Quantities[],Quantities!$B$2)),\nIF(LEFT(TEXT($A188,\"0\"),1)=\"5\",\"\",\" \"),\nIF(OR(C188=\"a\",C188=\"c\",C188=\"d\",C188=\"e\"),IF(OR(RIGHT(TEXT($A188,\"0\"),Quantities!$B$2)=\"00\",LEFT(TEXT($A188,\"0\"),1)=\"5\"),VLOOKUP($A188,Quantities[],Quantities!$B$2),\"\"),\nIF(LEFT(TEXT($A188,\"0\"),1)=\"5\",VLOOKUP($A188,Quantities[],Quantities!$B$2),\nVLOOKUP(INDEX(Quantities!$A$100:$A$118,MATCH($A188,Quantities!$C$100:$C$118)),Quantities!$A$100:$B$118,Quantities!$B$2))))","v":" Gila Borrow Area"},{"$f":"IF(LEFT(TEXT(A188,\"0\"),1)=\"5\",\nVLOOKUP(VLOOKUP(A188,Quantities!$A$4:$D$118,Quantities!$C$2),Quantities!$A$4:$D$118,Quantities!$C$2),\nIF(OR(C188=\"a\",C188=\"c\",C188=\"d\",C188=\"e\"),\n\"-\",\nIF(RIGHT(TEXT(A188,\"0\"),2)=\"00\",VLOOKUP(A188,Quantities[],Quantities!$B$2),\nIF(C188=\"f\",VLOOKUP(A188,Quantities[],Quantities!$B$2),\nVLOOKUP(A188,Quantities[],Quantities!$C$2))\n)))","v":"6B Leach, 6D Leach"},{"$f":"IF(OR(AND(LEFT(D188,2)=\"Sc\",B188=\"A\",C188=\"d\"),AND(C188=\"f\",B188=\"D\")),\nSUM(VLOOKUP($A188,Quantities[],Quantities!$O$2),VLOOKUP($A188,Quantities[],Quantities!$Q$2),VLOOKUP($A188,Quantities[],Quantities!$S$2)),\n\nIF(AND(LEFT(D188,2)=\"Sc\",OR(C188=\"a\",C188=\"f\")),\nVLOOKUP(A188,Quantities[],Quantities!$I$2),\n\nIF(AND(B188=\"D\",C188=\"b\"),\n VLOOKUP(INDEX(Quantities!$A$100:$A$118,MATCH($A188,Quantities!$C$100:$C$118)),Quantities!$A$100:$AJ$118,Quantities!$O$2)+\nVLOOKUP(INDEX(Quantities!$A$100:$A$118,MATCH($A188,Quantities!$C$100:$C$118)),Quantities!$A$100:$AJ$118,Quantities!$Q$2)+\nVLOOKUP(INDEX(Quantities!$A$100:$A$118,MATCH($A188,Quantities!$C$100:$C$118)),Quantities!$A$100:$AJ$118,Quantities!$S$2),\n\nIF(OR(B188=\"D\",B188=\"Q\"),\nSUM(VLOOKUP($A188,Quantities[],Quantities!$O$2),VLOOKUP($A188,Quantities[],Quantities!$Q$2),VLOOKUP($A188,Quantities[],Quantities!$S$2)),\n\n VLOOKUP(A188,Quantities[],Quantities!$G$2)\n))))","v":0},{"$f":"IF(LEFT(D188,2)=\"Mg\", VLOOKUP(A188,Quantities[],Quantities!$H$2),\n\nIF(OR(AND(LEFT(D188,2)=\"Sc\",B188=\"A\",C188=\"d\",C188=\"f\")),\n(SUM(VLOOKUP($A188,Quantities[],Quantities!$P$2)*VLOOKUP($A188,Quantities[],Quantities!$O$2),VLOOKUP($A188,Quantities[],Quantities!$R$2)*VLOOKUP($A188,Quantities[],Quantities!$Q$2),VLOOKUP($A188,Quantities[],Quantities!$T$2)*VLOOKUP($A188,Quantities[],Quantities!$S$2)))/SUM(VLOOKUP($A188,Quantities[],Quantities!$O$2),VLOOKUP($A188,Quantities[],Quantities!$Q$2),VLOOKUP($A188,Quantities[],Quantities!$S$2)),\n\nIF(AND(LEFT(D188,2)=\"Sc\",OR(C188=\"a\",C188=\"f\")),\nVLOOKUP(A188,Quantities[],Quantities!$J$2),\n\nIF(AND(B188=\"D\",C188=\"b\", (VLOOKUP(INDEX(Quantities!$A$100:$A$118,MATCH($A188,Quantities!$C$100:$C$118)),Quantities[],Quantities!$O$2)+VLOOKUP(INDEX(Quantities!$A$100:$A$118,MATCH($A188,Quantities!$C$100:$C$118)),Quantities[],Quantities!$Q$2)+VLOOKUP(INDEX(Quantities!$A$100:$A$118,MATCH($A188,Quantities!$C$100:$C$118)),Quantities[],Quantities!$S$2))>0),\n(VLOOKUP(INDEX(Quantities!$A$100:$A$118,MATCH($A188,Quantities!$C$100:$C$118)),Quantities[],Quantities!$P$2)*VLOOKUP(INDEX(Quantities!$A$100:$A$118,MATCH($A188,Quantities!$C$100:$C$118)),Quantities[],Quantities!$O$2)\n+VLOOKUP(INDEX(Quantities!$A$100:$A$118,MATCH($A188,Quantities!$C$100:$C$118)),Quantities[],Quantities!$R$2)*VLOOKUP(INDEX(Quantities!$A$100:$A$118,MATCH($A188,Quantities!$C$100:$C$118)),Quantities[],Quantities!$Q$2)\n+VLOOKUP(INDEX(Quantities!$A$100:$A$118,MATCH($A188,Quantities!$C$100:$C$118)),Quantities[],Quantities!$T$2)*VLOOKUP(INDEX(Quantities!$A$100:$A$118,MATCH($A188,Quantities!$C$100:$C$118)),Quantities[],Quantities!$S$2))/\n(VLOOKUP(INDEX(Quantities!$A$100:$A$118,MATCH($A188,Quantities!$C$100:$C$118)),Quantities[],Quantities!$O$2)+VLOOKUP(INDEX(Quantities!$A$100:$A$118,MATCH($A188,Quantities!$C$100:$C$118)),Quantities[],Quantities!$Q$2)+VLOOKUP(A188,Quantities[],Quantities!$S$2)),\n\nIF(AND(B188=\"D\", (VLOOKUP(A188,Quantities[],Quantities!$O$2)+VLOOKUP(A188,Quantities[],Quantities!$Q$2)+VLOOKUP(A188,Quantities[],Quantities!$S$2))>0),\n(VLOOKUP(A188,Quantities[],Quantities!$P$2)*VLOOKUP(A188,Quantities[],Quantities!$O$2)\n+VLOOKUP(A188,Quantities[],Quantities!$R$2)*VLOOKUP(A188,Quantities[],Quantities!$Q$2)\n+VLOOKUP(A188,Quantities[],Quantities!$T$2)*VLOOKUP(A188,Quantities[],Quantities!$S$2))/\n(VLOOKUP(A188,Quantities[],Quantities!$O$2)+VLOOKUP(A188,Quantities[],Quantities!$Q$2)+VLOOKUP(A188,Quantities[],Quantities!$S$2)),\n\nIF($B188=\"Q\", (SUM(VLOOKUP($A188,Quantities[],Quantities!$P$2)*VLOOKUP($A188,Quantities[],Quantities!$O$2),VLOOKUP($A188,Quantities[],Quantities!$R$2)*VLOOKUP($A188,Quantities[],Quantities!$Q$2),VLOOKUP($A188,Quantities[],Quantities!$T$2)*VLOOKUP($A188,Quantities[],Quantities!$S$2)))/SUM(VLOOKUP($A188,Quantities[],Quantities!$O$2),VLOOKUP($A188,Quantities[],Quantities!$Q$2),VLOOKUP($A188,Quantities[],Quantities!$S$2)),\n\n VLOOKUP(A188,Quantities[],Quantities!$H$2)\n))))))","v":"-"},{"$f":"IF(LEFT(D188,1)=\"U\",\"-\",VLOOKUP(D188,Equipment[],Equipment!$B$2))","v":"Cat 14M, Off-Hwy Water Tanker Truck,6,000-gal."}]
[{"$f":"Quantities!$A$26","v":1700},"P","b","Comb1","1700-P-b-Comb1",{"$f":"IF(D189=\"Comb1\",CONCATENATE(VLOOKUP(B189,'Activity-Material_Codes'!$A$2:$B$26,Quantities!$B$2),\"-\",VLOOKUP(A189,Quantities[],Quantities!$D$2)),\nCONCATENATE(\nVLOOKUP(B189,'Activity-Material_Codes'!$A$2:$B$26,Quantities!$B$2),\nIF(AND(B189=\"B\",C189=\"a\"), \" Scraper Grading\", \"\"),\nIF(C189=\"b\",\"\",\"-\"),\nIF(C189=\"b\",\"\",VLOOKUP(A189,Quantities[],Quantities!$D$2)),\nIF(LEFT(TEXT(A189,\"0\"),1)=\"5\",\"\",\"-\"),\nIF(LEFT(TEXT(A189,\"0\"),1)=\"5\",\"\",VLOOKUP(C189,'Activity-Material_Codes'!$A$30:$B$36,Quantities!$B$2))\n))","v":"Road Maintenance-Entire Stockpile"},{"$f":"CONCATENATE(\nIF(OR(RIGHT(TEXT($A189,\"0\"),Quantities!$B$2)=\"00\",LEFT(TEXT($A189,\"0\"),1)=\"5\",OR($C189=\"b\",$C189=\"f\")),\"\",VLOOKUP($A189,Quantities[],Quantities!$B$2)),\nIF(LEFT(TEXT($A189,\"0\"),1)=\"5\",\"\",\" \"),\nIF(OR(C189=\"a\",C189=\"c\",C189=\"d\",C189=\"e\"),IF(OR(RIGHT(TEXT($A189,\"0\"),Quantities!$B$2)=\"00\",LEFT(TEXT($A189,\"0\"),1)=\"5\"),VLOOKUP($A189,Quantities[],Quantities!$B$2),\"\"),\nIF(LEFT(TEXT($A189,\"0\"),1)=\"5\",VLOOKUP($A189,Quantities[],Quantities!$B$2),\nVLOOKUP(INDEX(Quantities!$A$100:$A$118,MATCH($A189,Quantities!$C$100:$C$118)),Quantities!$A$100:$B$118,Quantities!$B$2))))","v":" Gila Borrow Area"},{"$f":"IF(LEFT(TEXT(A189,\"0\"),1)=\"5\",\nVLOOKUP(VLOOKUP(A189,Quantities!$A$4:$D$118,Quantities!$C$2),Quantities!$A$4:$D$118,Quantities!$C$2),\nIF(OR(C189=\"a\",C189=\"c\",C189=\"d\",C189=\"e\"),\n\"-\",\nIF(RIGHT(TEXT(A189,\"0\"),2)=\"00\",VLOOKUP(A189,Quantities[],Quantities!$B$2),\nIF(C189=\"f\",VLOOKUP(A189,Quantities[],Quantities!$B$2),\nVLOOKUP(A189,Quantities[],Quantities!$C$2))\n)))","v":"6C Leach"},{"$f":"IF(OR(AND(LEFT(D189,2)=\"Sc\",B189=\"A\",C189=\"d\"),AND(C189=\"f\",B189=\"D\")),\nSUM(VLOOKUP($A189,Quantities[],Quantities!$O$2),VLOOKUP($A189,Quantities[],Quantities!$Q$2),VLOOKUP($A189,Quantities[],Quantities!$S$2)),\n\nIF(AND(LEFT(D189,2)=\"Sc\",OR(C189=\"a\",C189=\"f\")),\nVLOOKUP(A189,Quantities[],Quantities!$I$2),\n\nIF(AND(B189=\"D\",C189=\"b\"),\n VLOOKUP(INDEX(Quantities!$A$100:$A$118,MATCH($A189,Quantities!$C$100:$C$118)),Quantities!$A$100:$AJ$118,Quantities!$O$2)+\nVLOOKUP(INDEX(Quantities!$A$100:$A$118,MATCH($A189,Quantities!$C$100:$C$118)),Quantities!$A$100:$AJ$118,Quantities!$Q$2)+\nVLOOKUP(INDEX(Quantities!$A$100:$A$118,MATCH($A189,Quantities!$C$100:$C$118)),Quantities!$A$100:$AJ$118,Quantities!$S$2),\n\nIF(OR(B189=\"D\",B189=\"Q\"),\nSUM(VLOOKUP($A189,Quantities[],Quantities!$O$2),VLOOKUP($A189,Quantities[],Quantities!$Q$2),VLOOKUP($A189,Quantities[],Quantities!$S$2)),\n\n VLOOKUP(A189,Quantities[],Quantities!$G$2)\n))))","v":0},{"$f":"IF(LEFT(D189,2)=\"Mg\", VLOOKUP(A189,Quantities[],Quantities!$H$2),\n\nIF(OR(AND(LEFT(D189,2)=\"Sc\",B189=\"A\",C189=\"d\",C189=\"f\")),\n(SUM(VLOOKUP($A189,Quantities[],Quantities!$P$2)*VLOOKUP($A189,Quantities[],Quantities!$O$2),VLOOKUP($A189,Quantities[],Quantities!$R$2)*VLOOKUP($A189,Quantities[],Quantities!$Q$2),VLOOKUP($A189,Quantities[],Quantities!$T$2)*VLOOKUP($A189,Quantities[],Quantities!$S$2)))/SUM(VLOOKUP($A189,Quantities[],Quantities!$O$2),VLOOKUP($A189,Quantities[],Quantities!$Q$2),VLOOKUP($A189,Quantities[],Quantities!$S$2)),\n\nIF(AND(LEFT(D189,2)=\"Sc\",OR(C189=\"a\",C189=\"f\")),\nVLOOKUP(A189,Quantities[],Quantities!$J$2),\n\nIF(AND(B189=\"D\",C189=\"b\", (VLOOKUP(INDEX(Quantities!$A$100:$A$118,MATCH($A189,Quantities!$C$100:$C$118)),Quantities[],Quantities!$O$2)+VLOOKUP(INDEX(Quantities!$A$100:$A$118,MATCH($A189,Quantities!$C$100:$C$118)),Quantities[],Quantities!$Q$2)+VLOOKUP(INDEX(Quantities!$A$100:$A$118,MATCH($A189,Quantities!$C$100:$C$118)),Quantities[],Quantities!$S$2))>0),\n(VLOOKUP(INDEX(Quantities!$A$100:$A$118,MATCH($A189,Quantities!$C$100:$C$118)),Quantities[],Quantities!$P$2)*VLOOKUP(INDEX(Quantities!$A$100:$A$118,MATCH($A189,Quantities!$C$100:$C$118)),Quantities[],Quantities!$O$2)\n+VLOOKUP(INDEX(Quantities!$A$100:$A$118,MATCH($A189,Quantities!$C$100:$C$118)),Quantities[],Quantities!$R$2)*VLOOKUP(INDEX(Quantities!$A$100:$A$118,MATCH($A189,Quantities!$C$100:$C$118)),Quantities[],Quantities!$Q$2)\n+VLOOKUP(INDEX(Quantities!$A$100:$A$118,MATCH($A189,Quantities!$C$100:$C$118)),Quantities[],Quantities!$T$2)*VLOOKUP(INDEX(Quantities!$A$100:$A$118,MATCH($A189,Quantities!$C$100:$C$118)),Quantities[],Quantities!$S$2))/\n(VLOOKUP(INDEX(Quantities!$A$100:$A$118,MATCH($A189,Quantities!$C$100:$C$118)),Quantities[],Quantities!$O$2)+VLOOKUP(INDEX(Quantities!$A$100:$A$118,MATCH($A189,Quantities!$C$100:$C$118)),Quantities[],Quantities!$Q$2)+VLOOKUP(A189,Quantities[],Quantities!$S$2)),\n\nIF(AND(B189=\"D\", (VLOOKUP(A189,Quantities[],Quantities!$O$2)+VLOOKUP(A189,Quantities[],Quantities!$Q$2)+VLOOKUP(A189,Quantities[],Quantities!$S$2))>0),\n(VLOOKUP(A189,Quantities[],Quantities!$P$2)*VLOOKUP(A189,Quantities[],Quantities!$O$2)\n+VLOOKUP(A189,Quantities[],Quantities!$R$2)*VLOOKUP(A189,Quantities[],Quantities!$Q$2)\n+VLOOKUP(A189,Quantities[],Quantities!$T$2)*VLOOKUP(A189,Quantities[],Quantities!$S$2))/\n(VLOOKUP(A189,Quantities[],Quantities!$O$2)+VLOOKUP(A189,Quantities[],Quantities!$Q$2)+VLOOKUP(A189,Quantities[],Quantities!$S$2)),\n\nIF($B189=\"Q\", (SUM(VLOOKUP($A189,Quantities[],Quantities!$P$2)*VLOOKUP($A189,Quantities[],Quantities!$O$2),VLOOKUP($A189,Quantities[],Quantities!$R$2)*VLOOKUP($A189,Quantities[],Quantities!$Q$2),VLOOKUP($A189,Quantities[],Quantities!$T$2)*VLOOKUP($A189,Quantities[],Quantities!$S$2)))/SUM(VLOOKUP($A189,Quantities[],Quantities!$O$2),VLOOKUP($A189,Quantities[],Quantities!$Q$2),VLOOKUP($A189,Quantities[],Quantities!$S$2)),\n\n VLOOKUP(A189,Quantities[],Quantities!$H$2)\n))))))","v":"-"},{"$f":"IF(LEFT(D189,1)=\"U\",\"-\",VLOOKUP(D189,Equipment[],Equipment!$B$2))","v":"Cat 14M, Off-Hwy Water Tanker Truck,6,000-gal."}]
[{"$f":"Quantities!$A$61","v":2701},"P","b","Comb1","2701-P-b-Comb1",{"$f":"IF(D190=\"Comb1\",CONCATENATE(VLOOKUP(B190,'Activity-Material_Codes'!$A$2:$B$26,Quantities!$B$2),\"-\",VLOOKUP(A190,Quantities[],Quantities!$D$2)),\nCONCATENATE(\nVLOOKUP(B190,'Activity-Material_Codes'!$A$2:$B$26,Quantities!$B$2),\nIF(AND(B190=\"B\",C190=\"a\"), \" Scraper Grading\", \"\"),\nIF(C190=\"b\",\"\",\"-\"),\nIF(C190=\"b\",\"\",VLOOKUP(A190,Quantities[],Quantities!$D$2)),\nIF(LEFT(TEXT(A190,\"0\"),1)=\"5\",\"\",\"-\"),\nIF(LEFT(TEXT(A190,\"0\"),1)=\"5\",\"\",VLOOKUP(C190,'Activity-Material_Codes'!$A$30:$B$36,Quantities!$B$2))\n))","v":"Road Maintenance-Surface Impoundments closed at year 99; some closed year 6"},{"$f":"CONCATENATE(\nIF(OR(RIGHT(TEXT($A190,\"0\"),Quantities!$B$2)=\"00\",LEFT(TEXT($A190,\"0\"),1)=\"5\",OR($C190=\"b\",$C190=\"f\")),\"\",VLOOKUP($A190,Quantities[],Quantities!$B$2)),\nIF(LEFT(TEXT($A190,\"0\"),1)=\"5\",\"\",\" \"),\nIF(OR(C190=\"a\",C190=\"c\",C190=\"d\",C190=\"e\"),IF(OR(RIGHT(TEXT($A190,\"0\"),Quantities!$B$2)=\"00\",LEFT(TEXT($A190,\"0\"),1)=\"5\"),VLOOKUP($A190,Quantities[],Quantities!$B$2),\"\"),\nIF(LEFT(TEXT($A190,\"0\"),1)=\"5\",VLOOKUP($A190,Quantities[],Quantities!$B$2),\nVLOOKUP(INDEX(Quantities!$A$100:$A$118,MATCH($A190,Quantities!$C$100:$C$118)),Quantities!$A$100:$B$118,Quantities!$B$2))))","v":" Gila Borrow Area"},{"$f":"IF(LEFT(TEXT(A190,\"0\"),1)=\"5\",\nVLOOKUP(VLOOKUP(A190,Quantities!$A$4:$D$118,Quantities!$C$2),Quantities!$A$4:$D$118,Quantities!$C$2),\nIF(OR(C190=\"a\",C190=\"c\",C190=\"d\",C190=\"e\"),\n\"-\",\nIF(RIGHT(TEXT(A190,\"0\"),2)=\"00\",VLOOKUP(A190,Quantities[],Quantities!$B$2),\nIF(C190=\"f\",VLOOKUP(A190,Quantities[],Quantities!$B$2),\nVLOOKUP(A190,Quantities[],Quantities!$C$2))\n)))","v":"Cntmnt-1"},{"$f":"IF(OR(AND(LEFT(D190,2)=\"Sc\",B190=\"A\",C190=\"d\"),AND(C190=\"f\",B190=\"D\")),\nSUM(VLOOKUP($A190,Quantities[],Quantities!$O$2),VLOOKUP($A190,Quantities[],Quantities!$Q$2),VLOOKUP($A190,Quantities[],Quantities!$S$2)),\n\nIF(AND(LEFT(D190,2)=\"Sc\",OR(C190=\"a\",C190=\"f\")),\nVLOOKUP(A190,Quantities[],Quantities!$I$2),\n\nIF(AND(B190=\"D\",C190=\"b\"),\n VLOOKUP(INDEX(Quantities!$A$100:$A$118,MATCH($A190,Quantities!$C$100:$C$118)),Quantities!$A$100:$AJ$118,Quantities!$O$2)+\nVLOOKUP(INDEX(Quantities!$A$100:$A$118,MATCH($A190,Quantities!$C$100:$C$118)),Quantities!$A$100:$AJ$118,Quantities!$Q$2)+\nVLOOKUP(INDEX(Quantities!$A$100:$A$118,MATCH($A190,Quantities!$C$100:$C$118)),Quantities!$A$100:$AJ$118,Quantities!$S$2),\n\nIF(OR(B190=\"D\",B190=\"Q\"),\nSUM(VLOOKUP($A190,Quantities[],Quantities!$O$2),VLOOKUP($A190,Quantities[],Quantities!$Q$2),VLOOKUP($A190,Quantities[],Quantities!$S$2)),\n\n VLOOKUP(A190,Quantities[],Quantities!$G$2)\n))))","v":0},{"$f":"IF(LEFT(D190,2)=\"Mg\", VLOOKUP(A190,Quantities[],Quantities!$H$2),\n\nIF(OR(AND(LEFT(D190,2)=\"Sc\",B190=\"A\",C190=\"d\",C190=\"f\")),\n(SUM(VLOOKUP($A190,Quantities[],Quantities!$P$2)*VLOOKUP($A190,Quantities[],Quantities!$O$2),VLOOKUP($A190,Quantities[],Quantities!$R$2)*VLOOKUP($A190,Quantities[],Quantities!$Q$2),VLOOKUP($A190,Quantities[],Quantities!$T$2)*VLOOKUP($A190,Quantities[],Quantities!$S$2)))/SUM(VLOOKUP($A190,Quantities[],Quantities!$O$2),VLOOKUP($A190,Quantities[],Quantities!$Q$2),VLOOKUP($A190,Quantities[],Quantities!$S$2)),\n\nIF(AND(LEFT(D190,2)=\"Sc\",OR(C190=\"a\",C190=\"f\")),\nVLOOKUP(A190,Quantities[],Quantities!$J$2),\n\nIF(AND(B190=\"D\",C190=\"b\", (VLOOKUP(INDEX(Quantities!$A$100:$A$118,MATCH($A190,Quantities!$C$100:$C$118)),Quantities[],Quantities!$O$2)+VLOOKUP(INDEX(Quantities!$A$100:$A$118,MATCH($A190,Quantities!$C$100:$C$118)),Quantities[],Quantities!$Q$2)+VLOOKUP(INDEX(Quantities!$A$100:$A$118,MATCH($A190,Quantities!$C$100:$C$118)),Quantities[],Quantities!$S$2))>0),\n(VLOOKUP(INDEX(Quantities!$A$100:$A$118,MATCH($A190,Quantities!$C$100:$C$118)),Quantities[],Quantities!$P$2)*VLOOKUP(INDEX(Quantities!$A$100:$A$118,MATCH($A190,Quantities!$C$100:$C$118)),Quantities[],Quantities!$O$2)\n+VLOOKUP(INDEX(Quantities!$A$100:$A$118,MATCH($A190,Quantities!$C$100:$C$118)),Quantities[],Quantities!$R$2)*VLOOKUP(INDEX(Quantities!$A$100:$A$118,MATCH($A190,Quantities!$C$100:$C$118)),Quantities[],Quantities!$Q$2)\n+VLOOKUP(INDEX(Quantities!$A$100:$A$118,MATCH($A190,Quantities!$C$100:$C$118)),Quantities[],Quantities!$T$2)*VLOOKUP(INDEX(Quantities!$A$100:$A$118,MATCH($A190,Quantities!$C$100:$C$118)),Quantities[],Quantities!$S$2))/\n(VLOOKUP(INDEX(Quantities!$A$100:$A$118,MATCH($A190,Quantities!$C$100:$C$118)),Quantities[],Quantities!$O$2)+VLOOKUP(INDEX(Quantities!$A$100:$A$118,MATCH($A190,Quantities!$C$100:$C$118)),Quantities[],Quantities!$Q$2)+VLOOKUP(A190,Quantities[],Quantities!$S$2)),\n\nIF(AND(B190=\"D\", (VLOOKUP(A190,Quantities[],Quantities!$O$2)+VLOOKUP(A190,Quantities[],Quantities!$Q$2)+VLOOKUP(A190,Quantities[],Quantities!$S$2))>0),\n(VLOOKUP(A190,Quantities[],Quantities!$P$2)*VLOOKUP(A190,Quantities[],Quantities!$O$2)\n+VLOOKUP(A190,Quantities[],Quantities!$R$2)*VLOOKUP(A190,Quantities[],Quantities!$Q$2)\n+VLOOKUP(A190,Quantities[],Quantities!$T$2)*VLOOKUP(A190,Quantities[],Quantities!$S$2))/\n(VLOOKUP(A190,Quantities[],Quantities!$O$2)+VLOOKUP(A190,Quantities[],Quantities!$Q$2)+VLOOKUP(A190,Quantities[],Quantities!$S$2)),\n\nIF($B190=\"Q\", (SUM(VLOOKUP($A190,Quantities[],Quantities!$P$2)*VLOOKUP($A190,Quantities[],Quantities!$O$2),VLOOKUP($A190,Quantities[],Quantities!$R$2)*VLOOKUP($A190,Quantities[],Quantities!$Q$2),VLOOKUP($A190,Quantities[],Quantities!$T$2)*VLOOKUP($A190,Quantities[],Quantities!$S$2)))/SUM(VLOOKUP($A190,Quantities[],Quantities!$O$2),VLOOKUP($A190,Quantities[],Quantities!$Q$2),VLOOKUP($A190,Quantities[],Quantities!$S$2)),\n\n VLOOKUP(A190,Quantities[],Quantities!$H$2)\n))))))","v":0.01},{"$f":"IF(LEFT(D190,1)=\"U\",\"-\",VLOOKUP(D190,Equipment[],Equipment!$B$2))","v":"Cat 14M, Off-Hwy Water Tanker Truck,6,000-gal."}]
[{"$f":"Quantities!$A$79","v":3300},"P","b","Comb1","3300-P-b-Comb1",{"$f":"IF(D191=\"Comb1\",CONCATENATE(VLOOKUP(B191,'Activity-Material_Codes'!$A$2:$B$26,Quantities!$B$2),\"-\",VLOOKUP(A191,Quantities[],Quantities!$D$2)),\nCONCATENATE(\nVLOOKUP(B191,'Activity-Material_Codes'!$A$2:$B$26,Quantities!$B$2),\nIF(AND(B191=\"B\",C191=\"a\"), \" Scraper Grading\", \"\"),\nIF(C191=\"b\",\"\",\"-\"),\nIF(C191=\"b\",\"\",VLOOKUP(A191,Quantities[],Quantities!$D$2)),\nIF(LEFT(TEXT(A191,\"0\"),1)=\"5\",\"\",\"-\"),\nIF(LEFT(TEXT(A191,\"0\"),1)=\"5\",\"\",VLOOKUP(C191,'Activity-Material_Codes'!$A$30:$B$36,Quantities!$B$2))\n))","v":"Road Maintenance-Unplanned Disturbance Area"},{"$f":"CONCATENATE(\nIF(OR(RIGHT(TEXT($A191,\"0\"),Quantities!$B$2)=\"00\",LEFT(TEXT($A191,\"0\"),1)=\"5\",OR($C191=\"b\",$C191=\"f\")),\"\",VLOOKUP($A191,Quantities[],Quantities!$B$2)),\nIF(LEFT(TEXT($A191,\"0\"),1)=\"5\",\"\",\" \"),\nIF(OR(C191=\"a\",C191=\"c\",C191=\"d\",C191=\"e\"),IF(OR(RIGHT(TEXT($A191,\"0\"),Quantities!$B$2)=\"00\",LEFT(TEXT($A191,\"0\"),1)=\"5\"),VLOOKUP($A191,Quantities[],Quantities!$B$2),\"\"),\nIF(LEFT(TEXT($A191,\"0\"),1)=\"5\",VLOOKUP($A191,Quantities[],Quantities!$B$2),\nVLOOKUP(INDEX(Quantities!$A$100:$A$118,MATCH($A191,Quantities!$C$100:$C$118)),Quantities!$A$100:$B$118,Quantities!$B$2))))","v":" Gila Borrow Area"},{"$f":"IF(LEFT(TEXT(A191,\"0\"),1)=\"5\",\nVLOOKUP(VLOOKUP(A191,Quantities!$A$4:$D$118,Quantities!$C$2),Quantities!$A$4:$D$118,Quantities!$C$2),\nIF(OR(C191=\"a\",C191=\"c\",C191=\"d\",C191=\"e\"),\n\"-\",\nIF(RIGHT(TEXT(A191,\"0\"),2)=\"00\",VLOOKUP(A191,Quantities[],Quantities!$B$2),\nIF(C191=\"f\",VLOOKUP(A191,Quantities[],Quantities!$B$2),\nVLOOKUP(A191,Quantities[],Quantities!$C$2))\n)))","v":"Unplanned Disturbance Area"},{"$f":"IF(OR(AND(LEFT(D191,2)=\"Sc\",B191=\"A\",C191=\"d\"),AND(C191=\"f\",B191=\"D\")),\nSUM(VLOOKUP($A191,Quantities[],Quantities!$O$2),VLOOKUP($A191,Quantities[],Quantities!$Q$2),VLOOKUP($A191,Quantities[],Quantities!$S$2)),\n\nIF(AND(LEFT(D191,2)=\"Sc\",OR(C191=\"a\",C191=\"f\")),\nVLOOKUP(A191,Quantities[],Quantities!$I$2),\n\nIF(AND(B191=\"D\",C191=\"b\"),\n VLOOKUP(INDEX(Quantities!$A$100:$A$118,MATCH($A191,Quantities!$C$100:$C$118)),Quantities!$A$100:$AJ$118,Quantities!$O$2)+\nVLOOKUP(INDEX(Quantities!$A$100:$A$118,MATCH($A191,Quantities!$C$100:$C$118)),Quantities!$A$100:$AJ$118,Quantities!$Q$2)+\nVLOOKUP(INDEX(Quantities!$A$100:$A$118,MATCH($A191,Quantities!$C$100:$C$118)),Quantities!$A$100:$AJ$118,Quantities!$S$2),\n\nIF(OR(B191=\"D\",B191=\"Q\"),\nSUM(VLOOKUP($A191,Quantities[],Quantities!$O$2),VLOOKUP($A191,Quantities[],Quantities!$Q$2),VLOOKUP($A191,Quantities[],Quantities!$S$2)),\n\n VLOOKUP(A191,Quantities[],Quantities!$G$2)\n))))","v":0},{"$f":"IF(LEFT(D191,2)=\"Mg\", VLOOKUP(A191,Quantities[],Quantities!$H$2),\n\nIF(OR(AND(LEFT(D191,2)=\"Sc\",B191=\"A\",C191=\"d\",C191=\"f\")),\n(SUM(VLOOKUP($A191,Quantities[],Quantities!$P$2)*VLOOKUP($A191,Quantities[],Quantities!$O$2),VLOOKUP($A191,Quantities[],Quantities!$R$2)*VLOOKUP($A191,Quantities[],Quantities!$Q$2),VLOOKUP($A191,Quantities[],Quantities!$T$2)*VLOOKUP($A191,Quantities[],Quantities!$S$2)))/SUM(VLOOKUP($A191,Quantities[],Quantities!$O$2),VLOOKUP($A191,Quantities[],Quantities!$Q$2),VLOOKUP($A191,Quantities[],Quantities!$S$2)),\n\nIF(AND(LEFT(D191,2)=\"Sc\",OR(C191=\"a\",C191=\"f\")),\nVLOOKUP(A191,Quantities[],Quantities!$J$2),\n\nIF(AND(B191=\"D\",C191=\"b\", (VLOOKUP(INDEX(Quantities!$A$100:$A$118,MATCH($A191,Quantities!$C$100:$C$118)),Quantities[],Quantities!$O$2)+VLOOKUP(INDEX(Quantities!$A$100:$A$118,MATCH($A191,Quantities!$C$100:$C$118)),Quantities[],Quantities!$Q$2)+VLOOKUP(INDEX(Quantities!$A$100:$A$118,MATCH($A191,Quantities!$C$100:$C$118)),Quantities[],Quantities!$S$2))>0),\n(VLOOKUP(INDEX(Quantities!$A$100:$A$118,MATCH($A191,Quantities!$C$100:$C$118)),Quantities[],Quantities!$P$2)*VLOOKUP(INDEX(Quantities!$A$100:$A$118,MATCH($A191,Quantities!$C$100:$C$118)),Quantities[],Quantities!$O$2)\n+VLOOKUP(INDEX(Quantities!$A$100:$A$118,MATCH($A191,Quantities!$C$100:$C$118)),Quantities[],Quantities!$R$2)*VLOOKUP(INDEX(Quantities!$A$100:$A$118,MATCH($A191,Quantities!$C$100:$C$118)),Quantities[],Quantities!$Q$2)\n+VLOOKUP(INDEX(Quantities!$A$100:$A$118,MATCH($A191,Quantities!$C$100:$C$118)),Quantities[],Quantities!$T$2)*VLOOKUP(INDEX(Quantities!$A$100:$A$118,MATCH($A191,Quantities!$C$100:$C$118)),Quantities[],Quantities!$S$2))/\n(VLOOKUP(INDEX(Quantities!$A$100:$A$118,MATCH($A191,Quantities!$C$100:$C$118)),Quantities[],Quantities!$O$2)+VLOOKUP(INDEX(Quantities!$A$100:$A$118,MATCH($A191,Quantities!$C$100:$C$118)),Quantities[],Quantities!$Q$2)+VLOOKUP(A191,Quantities[],Quantities!$S$2)),\n\nIF(AND(B191=\"D\", (VLOOKUP(A191,Quantities[],Quantities!$O$2)+VLOOKUP(A191,Quantities[],Quantities!$Q$2)+VLOOKUP(A191,Quantities[],Quantities!$S$2))>0),\n(VLOOKUP(A191,Quantities[],Quantities!$P$2)*VLOOKUP(A191,Quantities[],Quantities!$O$2)\n+VLOOKUP(A191,Quantities[],Quantities!$R$2)*VLOOKUP(A191,Quantities[],Quantities!$Q$2)\n+VLOOKUP(A191,Quantities[],Quantities!$T$2)*VLOOKUP(A191,Quantities[],Quantities!$S$2))/\n(VLOOKUP(A191,Quantities[],Quantities!$O$2)+VLOOKUP(A191,Quantities[],Quantities!$Q$2)+VLOOKUP(A191,Quantities[],Quantities!$S$2)),\n\nIF($B191=\"Q\", (SUM(VLOOKUP($A191,Quantities[],Quantities!$P$2)*VLOOKUP($A191,Quantities[],Quantities!$O$2),VLOOKUP($A191,Quantities[],Quantities!$R$2)*VLOOKUP($A191,Quantities[],Quantities!$Q$2),VLOOKUP($A191,Quantities[],Quantities!$T$2)*VLOOKUP($A191,Quantities[],Quantities!$S$2)))/SUM(VLOOKUP($A191,Quantities[],Quantities!$O$2),VLOOKUP($A191,Quantities[],Quantities!$Q$2),VLOOKUP($A191,Quantities[],Quantities!$S$2)),\n\n VLOOKUP(A191,Quantities[],Quantities!$H$2)\n))))))","v":0.01},{"$f":"IF(LEFT(D191,1)=\"U\",\"-\",VLOOKUP(D191,Equipment[],Equipment!$B$2))","v":"Cat 14M, Off-Hwy Water Tanker Truck,6,000-gal."}]
[{"$f":"Quantities!A33","v":2000},"P","b","Comb1",{"$f":"CONCATENATE(TEXT(A192,\"0\"),\"-\",B192,\"-\",C192,\"-\",D192)","v":"2000-P-b-Comb1"},{"$f":"IF(D192=\"Comb1\",CONCATENATE(VLOOKUP(B192,'Activity-Material_Codes'!$A$2:$B$26,Quantities!$B$2),\"-\",VLOOKUP(A192,Quantities[],Quantities!$D$2)),\nCONCATENATE(\nVLOOKUP(B192,'Activity-Material_Codes'!$A$2:$B$26,Quantities!$B$2),\nIF(AND(B192=\"B\",C192=\"a\"), \" Scraper Grading\", \"\"),\nIF(C192=\"b\",\"\",\"-\"),\nIF(C192=\"b\",\"\",VLOOKUP(A192,Quantities[],Quantities!$D$2)),\nIF(LEFT(TEXT(A192,\"0\"),1)=\"5\",\"\",\"-\"),\nIF(LEFT(TEXT(A192,\"0\"),1)=\"5\",\"\",VLOOKUP(C192,'Activity-Material_Codes'!$A$30:$B$36,Quantities!$B$2))\n))","v":"Road Maintenance-Entire Stockpile"},{"$f":"CONCATENATE(\nIF(OR(RIGHT(TEXT($A192,\"0\"),Quantities!$B$2)=\"00\",LEFT(TEXT($A192,\"0\"),1)=\"5\",OR($C192=\"b\",$C192=\"f\")),\"\",VLOOKUP($A192,Quantities[],Quantities!$B$2)),\nIF(LEFT(TEXT($A192,\"0\"),1)=\"5\",\"\",\" \"),\nIF(OR(C192=\"a\",C192=\"c\",C192=\"d\",C192=\"e\"),IF(OR(RIGHT(TEXT($A192,\"0\"),Quantities!$B$2)=\"00\",LEFT(TEXT($A192,\"0\"),1)=\"5\"),VLOOKUP($A192,Quantities[],Quantities!$B$2),\"\"),\nIF(LEFT(TEXT($A192,\"0\"),1)=\"5\",VLOOKUP($A192,Quantities[],Quantities!$B$2),\nVLOOKUP(INDEX(Quantities!$A$100:$A$118,MATCH($A192,Quantities!$C$100:$C$118)),Quantities!$A$100:$B$118,Quantities!$B$2))))","v":" Borrow Area A"},{"$f":"IF(LEFT(TEXT(A192,\"0\"),1)=\"5\",\nVLOOKUP(VLOOKUP(A192,Quantities!$A$4:$D$118,Quantities!$C$2),Quantities!$A$4:$D$118,Quantities!$C$2),\nIF(OR(C192=\"a\",C192=\"c\",C192=\"d\",C192=\"e\"),\n\"-\",\nIF(RIGHT(TEXT(A192,\"0\"),2)=\"00\",VLOOKUP(A192,Quantities[],Quantities!$B$2),\nIF(C192=\"f\",VLOOKUP(A192,Quantities[],Quantities!$B$2),\nVLOOKUP(A192,Quantities[],Quantities!$C$2))\n)))","v":"9A Waste "},{"$f":"IF(OR(AND(LEFT(D192,2)=\"Sc\",B192=\"A\",C192=\"d\"),AND(C192=\"f\",B192=\"D\")),\nSUM(VLOOKUP($A192,Quantities[],Quantities!$O$2),VLOOKUP($A192,Quantities[],Quantities!$Q$2),VLOOKUP($A192,Quantities[],Quantities!$S$2)),\n\nIF(AND(LEFT(D192,2)=\"Sc\",OR(C192=\"a\",C192=\"f\")),\nVLOOKUP(A192,Quantities[],Quantities!$I$2),\n\nIF(AND(B192=\"D\",C192=\"b\"),\n VLOOKUP(INDEX(Quantities!$A$100:$A$118,MATCH($A192,Quantities!$C$100:$C$118)),Quantities!$A$100:$AJ$118,Quantities!$O$2)+\nVLOOKUP(INDEX(Quantities!$A$100:$A$118,MATCH($A192,Quantities!$C$100:$C$118)),Quantities!$A$100:$AJ$118,Quantities!$Q$2)+\nVLOOKUP(INDEX(Quantities!$A$100:$A$118,MATCH($A192,Quantities!$C$100:$C$118)),Quantities!$A$100:$AJ$118,Quantities!$S$2),\n\nIF(OR(B192=\"D\",B192=\"Q\"),\nSUM(VLOOKUP($A192,Quantities[],Quantities!$O$2),VLOOKUP($A192,Quantities[],Quantities!$Q$2),VLOOKUP($A192,Quantities[],Quantities!$S$2)),\n\n VLOOKUP(A192,Quantities[],Quantities!$G$2)\n))))","v":0},{"$f":"IF(LEFT(D192,2)=\"Mg\", VLOOKUP(A192,Quantities[],Quantities!$H$2),\n\nIF(OR(AND(LEFT(D192,2)=\"Sc\",B192=\"A\",C192=\"d\",C192=\"f\")),\n(SUM(VLOOKUP($A192,Quantities[],Quantities!$P$2)*VLOOKUP($A192,Quantities[],Quantities!$O$2),VLOOKUP($A192,Quantities[],Quantities!$R$2)*VLOOKUP($A192,Quantities[],Quantities!$Q$2),VLOOKUP($A192,Quantities[],Quantities!$T$2)*VLOOKUP($A192,Quantities[],Quantities!$S$2)))/SUM(VLOOKUP($A192,Quantities[],Quantities!$O$2),VLOOKUP($A192,Quantities[],Quantities!$Q$2),VLOOKUP($A192,Quantities[],Quantities!$S$2)),\n\nIF(AND(LEFT(D192,2)=\"Sc\",OR(C192=\"a\",C192=\"f\")),\nVLOOKUP(A192,Quantities[],Quantities!$J$2),\n\nIF(AND(B192=\"D\",C192=\"b\", (VLOOKUP(INDEX(Quantities!$A$100:$A$118,MATCH($A192,Quantities!$C$100:$C$118)),Quantities[],Quantities!$O$2)+VLOOKUP(INDEX(Quantities!$A$100:$A$118,MATCH($A192,Quantities!$C$100:$C$118)),Quantities[],Quantities!$Q$2)+VLOOKUP(INDEX(Quantities!$A$100:$A$118,MATCH($A192,Quantities!$C$100:$C$118)),Quantities[],Quantities!$S$2))>0),\n(VLOOKUP(INDEX(Quantities!$A$100:$A$118,MATCH($A192,Quantities!$C$100:$C$118)),Quantities[],Quantities!$P$2)*VLOOKUP(INDEX(Quantities!$A$100:$A$118,MATCH($A192,Quantities!$C$100:$C$118)),Quantities[],Quantities!$O$2)\n+VLOOKUP(INDEX(Quantities!$A$100:$A$118,MATCH($A192,Quantities!$C$100:$C$118)),Quantities[],Quantities!$R$2)*VLOOKUP(INDEX(Quantities!$A$100:$A$118,MATCH($A192,Quantities!$C$100:$C$118)),Quantities[],Quantities!$Q$2)\n+VLOOKUP(INDEX(Quantities!$A$100:$A$118,MATCH($A192,Quantities!$C$100:$C$118)),Quantities[],Quantities!$T$2)*VLOOKUP(INDEX(Quantities!$A$100:$A$118,MATCH($A192,Quantities!$C$100:$C$118)),Quantities[],Quantities!$S$2))/\n(VLOOKUP(INDEX(Quantities!$A$100:$A$118,MATCH($A192,Quantities!$C$100:$C$118)),Quantities[],Quantities!$O$2)+VLOOKUP(INDEX(Quantities!$A$100:$A$118,MATCH($A192,Quantities!$C$100:$C$118)),Quantities[],Quantities!$Q$2)+VLOOKUP(A192,Quantities[],Quantities!$S$2)),\n\nIF(AND(B192=\"D\", (VLOOKUP(A192,Quantities[],Quantities!$O$2)+VLOOKUP(A192,Quantities[],Quantities!$Q$2)+VLOOKUP(A192,Quantities[],Quantities!$S$2))>0),\n(VLOOKUP(A192,Quantities[],Quantities!$P$2)*VLOOKUP(A192,Quantities[],Quantities!$O$2)\n+VLOOKUP(A192,Quantities[],Quantities!$R$2)*VLOOKUP(A192,Quantities[],Quantities!$Q$2)\n+VLOOKUP(A192,Quantities[],Quantities!$T$2)*VLOOKUP(A192,Quantities[],Quantities!$S$2))/\n(VLOOKUP(A192,Quantities[],Quantities!$O$2)+VLOOKUP(A192,Quantities[],Quantities!$Q$2)+VLOOKUP(A192,Quantities[],Quantities!$S$2)),\n\nIF($B192=\"Q\", (SUM(VLOOKUP($A192,Quantities[],Quantities!$P$2)*VLOOKUP($A192,Quantities[],Quantities!$O$2),VLOOKUP($A192,Quantities[],Quantities!$R$2)*VLOOKUP($A192,Quantities[],Quantities!$Q$2),VLOOKUP($A192,Quantities[],Quantities!$T$2)*VLOOKUP($A192,Quantities[],Quantities!$S$2)))/SUM(VLOOKUP($A192,Quantities[],Quantities!$O$2),VLOOKUP($A192,Quantities[],Quantities!$Q$2),VLOOKUP($A192,Quantities[],Quantities!$S$2)),\n\n VLOOKUP(A192,Quantities[],Quantities!$H$2)\n))))))","v":"-"},{"$f":"IF(LEFT(D192,1)=\"U\",\"-\",VLOOKUP(D192,Equipment[],Equipment!$B$2))","v":"Cat 14M, Off-Hwy Water Tanker Truck,6,000-gal."}]
[{"$f":"Quantities!A36","v":2100},"P","b","Comb1",{"$f":"CONCATENATE(TEXT(A193,\"0\"),\"-\",B193,\"-\",C193,\"-\",D193)","v":"2100-P-b-Comb1"},{"$f":"IF(D193=\"Comb1\",CONCATENATE(VLOOKUP(B193,'Activity-Material_Codes'!$A$2:$B$26,Quantities!$B$2),\"-\",VLOOKUP(A193,Quantities[],Quantities!$D$2)),\nCONCATENATE(\nVLOOKUP(B193,'Activity-Material_Codes'!$A$2:$B$26,Quantities!$B$2),\nIF(AND(B193=\"B\",C193=\"a\"), \" Scraper Grading\", \"\"),\nIF(C193=\"b\",\"\",\"-\"),\nIF(C193=\"b\",\"\",VLOOKUP(A193,Quantities[],Quantities!$D$2)),\nIF(LEFT(TEXT(A193,\"0\"),1)=\"5\",\"\",\"-\"),\nIF(LEFT(TEXT(A193,\"0\"),1)=\"5\",\"\",VLOOKUP(C193,'Activity-Material_Codes'!$A$30:$B$36,Quantities!$B$2))\n))","v":"Road Maintenance-Entire Stockpile"},{"$f":"CONCATENATE(\nIF(OR(RIGHT(TEXT($A193,\"0\"),Quantities!$B$2)=\"00\",LEFT(TEXT($A193,\"0\"),1)=\"5\",OR($C193=\"b\",$C193=\"f\")),\"\",VLOOKUP($A193,Quantities[],Quantities!$B$2)),\nIF(LEFT(TEXT($A193,\"0\"),1)=\"5\",\"\",\" \"),\nIF(OR(C193=\"a\",C193=\"c\",C193=\"d\",C193=\"e\"),IF(OR(RIGHT(TEXT($A193,\"0\"),Quantities!$B$2)=\"00\",LEFT(TEXT($A193,\"0\"),1)=\"5\"),VLOOKUP($A193,Quantities[],Quantities!$B$2),\"\"),\nIF(LEFT(TEXT($A193,\"0\"),1)=\"5\",VLOOKUP($A193,Quantities[],Quantities!$B$2),\nVLOOKUP(INDEX(Quantities!$A$100:$A$118,MATCH($A193,Quantities!$C$100:$C$118)),Quantities!$A$100:$B$118,Quantities!$B$2))))","v":" Borrow Area A"},{"$f":"IF(LEFT(TEXT(A193,\"0\"),1)=\"5\",\nVLOOKUP(VLOOKUP(A193,Quantities!$A$4:$D$118,Quantities!$C$2),Quantities!$A$4:$D$118,Quantities!$C$2),\nIF(OR(C193=\"a\",C193=\"c\",C193=\"d\",C193=\"e\"),\n\"-\",\nIF(RIGHT(TEXT(A193,\"0\"),2)=\"00\",VLOOKUP(A193,Quantities[],Quantities!$B$2),\nIF(C193=\"f\",VLOOKUP(A193,Quantities[],Quantities!$B$2),\nVLOOKUP(A193,Quantities[],Quantities!$C$2))\n)))","v":"9AX Waste"},{"$f":"IF(OR(AND(LEFT(D193,2)=\"Sc\",B193=\"A\",C193=\"d\"),AND(C193=\"f\",B193=\"D\")),\nSUM(VLOOKUP($A193,Quantities[],Quantities!$O$2),VLOOKUP($A193,Quantities[],Quantities!$Q$2),VLOOKUP($A193,Quantities[],Quantities!$S$2)),\n\nIF(AND(LEFT(D193,2)=\"Sc\",OR(C193=\"a\",C193=\"f\")),\nVLOOKUP(A193,Quantities[],Quantities!$I$2),\n\nIF(AND(B193=\"D\",C193=\"b\"),\n VLOOKUP(INDEX(Quantities!$A$100:$A$118,MATCH($A193,Quantities!$C$100:$C$118)),Quantities!$A$100:$AJ$118,Quantities!$O$2)+\nVLOOKUP(INDEX(Quantities!$A$100:$A$118,MATCH($A193,Quantities!$C$100:$C$118)),Quantities!$A$100:$AJ$118,Quantities!$Q$2)+\nVLOOKUP(INDEX(Quantities!$A$100:$A$118,MATCH($A193,Quantities!$C$100:$C$118)),Quantities!$A$100:$AJ$118,Quantities!$S$2),\n\nIF(OR(B193=\"D\",B193=\"Q\"),\nSUM(VLOOKUP($A193,Quantities[],Quantities!$O$2),VLOOKUP($A193,Quantities[],Quantities!$Q$2),VLOOKUP($A193,Quantities[],Quantities!$S$2)),\n\n VLOOKUP(A193,Quantities[],Quantities!$G$2)\n))))","v":0},{"$f":"IF(LEFT(D193,2)=\"Mg\", VLOOKUP(A193,Quantities[],Quantities!$H$2),\n\nIF(OR(AND(LEFT(D193,2)=\"Sc\",B193=\"A\",C193=\"d\",C193=\"f\")),\n(SUM(VLOOKUP($A193,Quantities[],Quantities!$P$2)*VLOOKUP($A193,Quantities[],Quantities!$O$2),VLOOKUP($A193,Quantities[],Quantities!$R$2)*VLOOKUP($A193,Quantities[],Quantities!$Q$2),VLOOKUP($A193,Quantities[],Quantities!$T$2)*VLOOKUP($A193,Quantities[],Quantities!$S$2)))/SUM(VLOOKUP($A193,Quantities[],Quantities!$O$2),VLOOKUP($A193,Quantities[],Quantities!$Q$2),VLOOKUP($A193,Quantities[],Quantities!$S$2)),\n\nIF(AND(LEFT(D193,2)=\"Sc\",OR(C193=\"a\",C193=\"f\")),\nVLOOKUP(A193,Quantities[],Quantities!$J$2),\n\nIF(AND(B193=\"D\",C193=\"b\", (VLOOKUP(INDEX(Quantities!$A$100:$A$118,MATCH($A193,Quantities!$C$100:$C$118)),Quantities[],Quantities!$O$2)+VLOOKUP(INDEX(Quantities!$A$100:$A$118,MATCH($A193,Quantities!$C$100:$C$118)),Quantities[],Quantities!$Q$2)+VLOOKUP(INDEX(Quantities!$A$100:$A$118,MATCH($A193,Quantities!$C$100:$C$118)),Quantities[],Quantities!$S$2))>0),\n(VLOOKUP(INDEX(Quantities!$A$100:$A$118,MATCH($A193,Quantities!$C$100:$C$118)),Quantities[],Quantities!$P$2)*VLOOKUP(INDEX(Quantities!$A$100:$A$118,MATCH($A193,Quantities!$C$100:$C$118)),Quantities[],Quantities!$O$2)\n+VLOOKUP(INDEX(Quantities!$A$100:$A$118,MATCH($A193,Quantities!$C$100:$C$118)),Quantities[],Quantities!$R$2)*VLOOKUP(INDEX(Quantities!$A$100:$A$118,MATCH($A193,Quantities!$C$100:$C$118)),Quantities[],Quantities!$Q$2)\n+VLOOKUP(INDEX(Quantities!$A$100:$A$118,MATCH($A193,Quantities!$C$100:$C$118)),Quantities[],Quantities!$T$2)*VLOOKUP(INDEX(Quantities!$A$100:$A$118,MATCH($A193,Quantities!$C$100:$C$118)),Quantities[],Quantities!$S$2))/\n(VLOOKUP(INDEX(Quantities!$A$100:$A$118,MATCH($A193,Quantities!$C$100:$C$118)),Quantities[],Quantities!$O$2)+VLOOKUP(INDEX(Quantities!$A$100:$A$118,MATCH($A193,Quantities!$C$100:$C$118)),Quantities[],Quantities!$Q$2)+VLOOKUP(A193,Quantities[],Quantities!$S$2)),\n\nIF(AND(B193=\"D\", (VLOOKUP(A193,Quantities[],Quantities!$O$2)+VLOOKUP(A193,Quantities[],Quantities!$Q$2)+VLOOKUP(A193,Quantities[],Quantities!$S$2))>0),\n(VLOOKUP(A193,Quantities[],Quantities!$P$2)*VLOOKUP(A193,Quantities[],Quantities!$O$2)\n+VLOOKUP(A193,Quantities[],Quantities!$R$2)*VLOOKUP(A193,Quantities[],Quantities!$Q$2)\n+VLOOKUP(A193,Quantities[],Quantities!$T$2)*VLOOKUP(A193,Quantities[],Quantities!$S$2))/\n(VLOOKUP(A193,Quantities[],Quantities!$O$2)+VLOOKUP(A193,Quantities[],Quantities!$Q$2)+VLOOKUP(A193,Quantities[],Quantities!$S$2)),\n\nIF($B193=\"Q\", (SUM(VLOOKUP($A193,Quantities[],Quantities!$P$2)*VLOOKUP($A193,Quantities[],Quantities!$O$2),VLOOKUP($A193,Quantities[],Quantities!$R$2)*VLOOKUP($A193,Quantities[],Quantities!$Q$2),VLOOKUP($A193,Quantities[],Quantities!$T$2)*VLOOKUP($A193,Quantities[],Quantities!$S$2)))/SUM(VLOOKUP($A193,Quantities[],Quantities!$O$2),VLOOKUP($A193,Quantities[],Quantities!$Q$2),VLOOKUP($A193,Quantities[],Quantities!$S$2)),\n\n VLOOKUP(A193,Quantities[],Quantities!$H$2)\n))))))","v":"-"},{"$f":"IF(LEFT(D193,1)=\"U\",\"-\",VLOOKUP(D193,Equipment[],Equipment!$B$2))","v":"Cat 14M, Off-Hwy Water Tanker Truck,6,000-gal."}]
[{"$f":"Quantities!$A$14","v":1302},"P","f","Comb1",{"$f":"CONCATENATE(TEXT(A194,\"0\"),\"-\",B194,\"-\",C194,\"-\",D194)","v":"1302-P-f-Comb1"},{"$f":"IF(D194=\"Comb1\",CONCATENATE(VLOOKUP(B194,'Activity-Material_Codes'!$A$2:$B$26,Quantities!$B$2),\"-\",VLOOKUP(A194,Quantities[],Quantities!$D$2)),\nCONCATENATE(\nVLOOKUP(B194,'Activity-Material_Codes'!$A$2:$B$26,Quantities!$B$2),\nIF(AND(B194=\"B\",C194=\"a\"), \" Scraper Grading\", \"\"),\nIF(C194=\"b\",\"\",\"-\"),\nIF(C194=\"b\",\"\",VLOOKUP(A194,Quantities[],Quantities!$D$2)),\nIF(LEFT(TEXT(A194,\"0\"),1)=\"5\",\"\",\"-\"),\nIF(LEFT(TEXT(A194,\"0\"),1)=\"5\",\"\",VLOOKUP(C194,'Activity-Material_Codes'!$A$30:$B$36,Quantities!$B$2))\n))","v":"Road Maintenance-Outslopes Pullback"},{"$f":"CONCATENATE(\nIF(OR(RIGHT(TEXT($A194,\"0\"),Quantities!$B$2)=\"00\",LEFT(TEXT($A194,\"0\"),1)=\"5\",OR($C194=\"b\",$C194=\"f\")),\"\",VLOOKUP($A194,Quantities[],Quantities!$B$2)),\nIF(LEFT(TEXT($A194,\"0\"),1)=\"5\",\"\",\" \"),\nIF(OR(C194=\"a\",C194=\"c\",C194=\"d\",C194=\"e\"),IF(OR(RIGHT(TEXT($A194,\"0\"),Quantities!$B$2)=\"00\",LEFT(TEXT($A194,\"0\"),1)=\"5\"),VLOOKUP($A194,Quantities[],Quantities!$B$2),\"\"),\nIF(LEFT(TEXT($A194,\"0\"),1)=\"5\",VLOOKUP($A194,Quantities[],Quantities!$B$2),\nVLOOKUP(INDEX(Quantities!$A$100:$A$118,MATCH($A194,Quantities!$C$100:$C$118)),Quantities!$A$100:$B$118,Quantities!$B$2))))","v":" 3A Leach, 3B Waste"},{"$f":"IF(LEFT(TEXT(A194,\"0\"),1)=\"5\",\nVLOOKUP(VLOOKUP(A194,Quantities!$A$4:$D$118,Quantities!$C$2),Quantities!$A$4:$D$118,Quantities!$C$2),\nIF(OR(C194=\"a\",C194=\"c\",C194=\"d\",C194=\"e\"),\n\"-\",\nIF(RIGHT(TEXT(A194,\"0\"),2)=\"00\",VLOOKUP(A194,Quantities[],Quantities!$B$2),\nIF(C194=\"f\",VLOOKUP(A194,Quantities[],Quantities!$B$2),\nVLOOKUP(A194,Quantities[],Quantities!$C$2))\n)))","v":"3A Leach, 3B Waste"},{"$f":"IF(OR(AND(LEFT(D194,2)=\"Sc\",B194=\"A\",C194=\"d\"),AND(C194=\"f\",B194=\"D\")),\nSUM(VLOOKUP($A194,Quantities[],Quantities!$O$2),VLOOKUP($A194,Quantities[],Quantities!$Q$2),VLOOKUP($A194,Quantities[],Quantities!$S$2)),\n\nIF(AND(LEFT(D194,2)=\"Sc\",OR(C194=\"a\",C194=\"f\")),\nVLOOKUP(A194,Quantities[],Quantities!$I$2),\n\nIF(AND(B194=\"D\",C194=\"b\"),\n VLOOKUP(INDEX(Quantities!$A$100:$A$118,MATCH($A194,Quantities!$C$100:$C$118)),Quantities!$A$100:$AJ$118,Quantities!$O$2)+\nVLOOKUP(INDEX(Quantities!$A$100:$A$118,MATCH($A194,Quantities!$C$100:$C$118)),Quantities!$A$100:$AJ$118,Quantities!$Q$2)+\nVLOOKUP(INDEX(Quantities!$A$100:$A$118,MATCH($A194,Quantities!$C$100:$C$118)),Quantities!$A$100:$AJ$118,Quantities!$S$2),\n\nIF(OR(B194=\"D\",B194=\"Q\"),\nSUM(VLOOKUP($A194,Quantities[],Quantities!$O$2),VLOOKUP($A194,Quantities[],Quantities!$Q$2),VLOOKUP($A194,Quantities[],Quantities!$S$2)),\n\n VLOOKUP(A194,Quantities[],Quantities!$G$2)\n))))","v":0},{"$f":"IF(LEFT(D194,2)=\"Mg\", VLOOKUP(A194,Quantities[],Quantities!$H$2),\n\nIF(OR(AND(LEFT(D194,2)=\"Sc\",B194=\"A\",C194=\"d\",C194=\"f\")),\n(SUM(VLOOKUP($A194,Quantities[],Quantities!$P$2)*VLOOKUP($A194,Quantities[],Quantities!$O$2),VLOOKUP($A194,Quantities[],Quantities!$R$2)*VLOOKUP($A194,Quantities[],Quantities!$Q$2),VLOOKUP($A194,Quantities[],Quantities!$T$2)*VLOOKUP($A194,Quantities[],Quantities!$S$2)))/SUM(VLOOKUP($A194,Quantities[],Quantities!$O$2),VLOOKUP($A194,Quantities[],Quantities!$Q$2),VLOOKUP($A194,Quantities[],Quantities!$S$2)),\n\nIF(AND(LEFT(D194,2)=\"Sc\",OR(C194=\"a\",C194=\"f\")),\nVLOOKUP(A194,Quantities[],Quantities!$J$2),\n\nIF(AND(B194=\"D\",C194=\"b\", (VLOOKUP(INDEX(Quantities!$A$100:$A$118,MATCH($A194,Quantities!$C$100:$C$118)),Quantities[],Quantities!$O$2)+VLOOKUP(INDEX(Quantities!$A$100:$A$118,MATCH($A194,Quantities!$C$100:$C$118)),Quantities[],Quantities!$Q$2)+VLOOKUP(INDEX(Quantities!$A$100:$A$118,MATCH($A194,Quantities!$C$100:$C$118)),Quantities[],Quantities!$S$2))>0),\n(VLOOKUP(INDEX(Quantities!$A$100:$A$118,MATCH($A194,Quantities!$C$100:$C$118)),Quantities[],Quantities!$P$2)*VLOOKUP(INDEX(Quantities!$A$100:$A$118,MATCH($A194,Quantities!$C$100:$C$118)),Quantities[],Quantities!$O$2)\n+VLOOKUP(INDEX(Quantities!$A$100:$A$118,MATCH($A194,Quantities!$C$100:$C$118)),Quantities[],Quantities!$R$2)*VLOOKUP(INDEX(Quantities!$A$100:$A$118,MATCH($A194,Quantities!$C$100:$C$118)),Quantities[],Quantities!$Q$2)\n+VLOOKUP(INDEX(Quantities!$A$100:$A$118,MATCH($A194,Quantities!$C$100:$C$118)),Quantities[],Quantities!$T$2)*VLOOKUP(INDEX(Quantities!$A$100:$A$118,MATCH($A194,Quantities!$C$100:$C$118)),Quantities[],Quantities!$S$2))/\n(VLOOKUP(INDEX(Quantities!$A$100:$A$118,MATCH($A194,Quantities!$C$100:$C$118)),Quantities[],Quantities!$O$2)+VLOOKUP(INDEX(Quantities!$A$100:$A$118,MATCH($A194,Quantities!$C$100:$C$118)),Quantities[],Quantities!$Q$2)+VLOOKUP(A194,Quantities[],Quantities!$S$2)),\n\nIF(AND(B194=\"D\", (VLOOKUP(A194,Quantities[],Quantities!$O$2)+VLOOKUP(A194,Quantities[],Quantities!$Q$2)+VLOOKUP(A194,Quantities[],Quantities!$S$2))>0),\n(VLOOKUP(A194,Quantities[],Quantities!$P$2)*VLOOKUP(A194,Quantities[],Quantities!$O$2)\n+VLOOKUP(A194,Quantities[],Quantities!$R$2)*VLOOKUP(A194,Quantities[],Quantities!$Q$2)\n+VLOOKUP(A194,Quantities[],Quantities!$T$2)*VLOOKUP(A194,Quantities[],Quantities!$S$2))/\n(VLOOKUP(A194,Quantities[],Quantities!$O$2)+VLOOKUP(A194,Quantities[],Quantities!$Q$2)+VLOOKUP(A194,Quantities[],Quantities!$S$2)),\n\nIF($B194=\"Q\", (SUM(VLOOKUP($A194,Quantities[],Quantities!$P$2)*VLOOKUP($A194,Quantities[],Quantities!$O$2),VLOOKUP($A194,Quantities[],Quantities!$R$2)*VLOOKUP($A194,Quantities[],Quantities!$Q$2),VLOOKUP($A194,Quantities[],Quantities!$T$2)*VLOOKUP($A194,Quantities[],Quantities!$S$2)))/SUM(VLOOKUP($A194,Quantities[],Quantities!$O$2),VLOOKUP($A194,Quantities[],Quantities!$Q$2),VLOOKUP($A194,Quantities[],Quantities!$S$2)),\n\n VLOOKUP(A194,Quantities[],Quantities!$H$2)\n))))))","v":-0.28999999999999998},{"$f":"IF(LEFT(D194,1)=\"U\",\"-\",VLOOKUP(D194,Equipment[],Equipment!$B$2))","v":"Cat 14M, Off-Hwy Water Tanker Truck,6,000-gal."}]
[{"$f":"Quantities!$A$40","v":2201},"P","f","Comb1","2201-P-f-Comb1",{"$f":"IF(D195=\"Comb1\",CONCATENATE(VLOOKUP(B195,'Activity-Material_Codes'!$A$2:$B$26,Quantities!$B$2),\"-\",VLOOKUP(A195,Quantities[],Quantities!$D$2)),\nCONCATENATE(\nVLOOKUP(B195,'Activity-Material_Codes'!$A$2:$B$26,Quantities!$B$2),\nIF(AND(B195=\"B\",C195=\"a\"), \" Scraper Grading\", \"\"),\nIF(C195=\"b\",\"\",\"-\"),\nIF(C195=\"b\",\"\",VLOOKUP(A195,Quantities[],Quantities!$D$2)),\nIF(LEFT(TEXT(A195,\"0\"),1)=\"5\",\"\",\"-\"),\nIF(LEFT(TEXT(A195,\"0\"),1)=\"5\",\"\",VLOOKUP(C195,'Activity-Material_Codes'!$A$30:$B$36,Quantities!$B$2))\n))","v":"Road Maintenance-Pit Backfill"},{"$f":"CONCATENATE(\nIF(OR(RIGHT(TEXT($A195,\"0\"),Quantities!$B$2)=\"00\",LEFT(TEXT($A195,\"0\"),1)=\"5\",OR($C195=\"b\",$C195=\"f\")),\"\",VLOOKUP($A195,Quantities[],Quantities!$B$2)),\nIF(LEFT(TEXT($A195,\"0\"),1)=\"5\",\"\",\" \"),\nIF(OR(C195=\"a\",C195=\"c\",C195=\"d\",C195=\"e\"),IF(OR(RIGHT(TEXT($A195,\"0\"),Quantities!$B$2)=\"00\",LEFT(TEXT($A195,\"0\"),1)=\"5\"),VLOOKUP($A195,Quantities[],Quantities!$B$2),\"\"),\nIF(LEFT(TEXT($A195,\"0\"),1)=\"5\",VLOOKUP($A195,Quantities[],Quantities!$B$2),\nVLOOKUP(INDEX(Quantities!$A$100:$A$118,MATCH($A195,Quantities!$C$100:$C$118)),Quantities!$A$100:$B$118,Quantities!$B$2))))","v":" Leach Stockpile"},{"$f":"IF(LEFT(TEXT(A195,\"0\"),1)=\"5\",\nVLOOKUP(VLOOKUP(A195,Quantities!$A$4:$D$118,Quantities!$C$2),Quantities!$A$4:$D$118,Quantities!$C$2),\nIF(OR(C195=\"a\",C195=\"c\",C195=\"d\",C195=\"e\"),\n\"-\",\nIF(RIGHT(TEXT(A195,\"0\"),2)=\"00\",VLOOKUP(A195,Quantities[],Quantities!$B$2),\nIF(C195=\"f\",VLOOKUP(A195,Quantities[],Quantities!$B$2),\nVLOOKUP(A195,Quantities[],Quantities!$C$2))\n)))","v":"San Salvador Pit, San Salvador Waste Backfill"},{"$f":"IF(OR(AND(LEFT(D195,2)=\"Sc\",B195=\"A\",C195=\"d\"),AND(C195=\"f\",B195=\"D\")),\nSUM(VLOOKUP($A195,Quantities[],Quantities!$O$2),VLOOKUP($A195,Quantities[],Quantities!$Q$2),VLOOKUP($A195,Quantities[],Quantities!$S$2)),\n\nIF(AND(LEFT(D195,2)=\"Sc\",OR(C195=\"a\",C195=\"f\")),\nVLOOKUP(A195,Quantities[],Quantities!$I$2),\n\nIF(AND(B195=\"D\",C195=\"b\"),\n VLOOKUP(INDEX(Quantities!$A$100:$A$118,MATCH($A195,Quantities!$C$100:$C$118)),Quantities!$A$100:$AJ$118,Quantities!$O$2)+\nVLOOKUP(INDEX(Quantities!$A$100:$A$118,MATCH($A195,Quantities!$C$100:$C$118)),Quantities!$A$100:$AJ$118,Quantities!$Q$2)+\nVLOOKUP(INDEX(Quantities!$A$100:$A$118,MATCH($A195,Quantities!$C$100:$C$118)),Quantities!$A$100:$AJ$118,Quantities!$S$2),\n\nIF(OR(B195=\"D\",B195=\"Q\"),\nSUM(VLOOKUP($A195,Quantities[],Quantities!$O$2),VLOOKUP($A195,Quantities[],Quantities!$Q$2),VLOOKUP($A195,Quantities[],Quantities!$S$2)),\n\n VLOOKUP(A195,Quantities[],Quantities!$G$2)\n))))","v":0},{"$f":"IF(LEFT(D195,2)=\"Mg\", VLOOKUP(A195,Quantities[],Quantities!$H$2),\n\nIF(OR(AND(LEFT(D195,2)=\"Sc\",B195=\"A\",C195=\"d\",C195=\"f\")),\n(SUM(VLOOKUP($A195,Quantities[],Quantities!$P$2)*VLOOKUP($A195,Quantities[],Quantities!$O$2),VLOOKUP($A195,Quantities[],Quantities!$R$2)*VLOOKUP($A195,Quantities[],Quantities!$Q$2),VLOOKUP($A195,Quantities[],Quantities!$T$2)*VLOOKUP($A195,Quantities[],Quantities!$S$2)))/SUM(VLOOKUP($A195,Quantities[],Quantities!$O$2),VLOOKUP($A195,Quantities[],Quantities!$Q$2),VLOOKUP($A195,Quantities[],Quantities!$S$2)),\n\nIF(AND(LEFT(D195,2)=\"Sc\",OR(C195=\"a\",C195=\"f\")),\nVLOOKUP(A195,Quantities[],Quantities!$J$2),\n\nIF(AND(B195=\"D\",C195=\"b\", (VLOOKUP(INDEX(Quantities!$A$100:$A$118,MATCH($A195,Quantities!$C$100:$C$118)),Quantities[],Quantities!$O$2)+VLOOKUP(INDEX(Quantities!$A$100:$A$118,MATCH($A195,Quantities!$C$100:$C$118)),Quantities[],Quantities!$Q$2)+VLOOKUP(INDEX(Quantities!$A$100:$A$118,MATCH($A195,Quantities!$C$100:$C$118)),Quantities[],Quantities!$S$2))>0),\n(VLOOKUP(INDEX(Quantities!$A$100:$A$118,MATCH($A195,Quantities!$C$100:$C$118)),Quantities[],Quantities!$P$2)*VLOOKUP(INDEX(Quantities!$A$100:$A$118,MATCH($A195,Quantities!$C$100:$C$118)),Quantities[],Quantities!$O$2)\n+VLOOKUP(INDEX(Quantities!$A$100:$A$118,MATCH($A195,Quantities!$C$100:$C$118)),Quantities[],Quantities!$R$2)*VLOOKUP(INDEX(Quantities!$A$100:$A$118,MATCH($A195,Quantities!$C$100:$C$118)),Quantities[],Quantities!$Q$2)\n+VLOOKUP(INDEX(Quantities!$A$100:$A$118,MATCH($A195,Quantities!$C$100:$C$118)),Quantities[],Quantities!$T$2)*VLOOKUP(INDEX(Quantities!$A$100:$A$118,MATCH($A195,Quantities!$C$100:$C$118)),Quantities[],Quantities!$S$2))/\n(VLOOKUP(INDEX(Quantities!$A$100:$A$118,MATCH($A195,Quantities!$C$100:$C$118)),Quantities[],Quantities!$O$2)+VLOOKUP(INDEX(Quantities!$A$100:$A$118,MATCH($A195,Quantities!$C$100:$C$118)),Quantities[],Quantities!$Q$2)+VLOOKUP(A195,Quantities[],Quantities!$S$2)),\n\nIF(AND(B195=\"D\", (VLOOKUP(A195,Quantities[],Quantities!$O$2)+VLOOKUP(A195,Quantities[],Quantities!$Q$2)+VLOOKUP(A195,Quantities[],Quantities!$S$2))>0),\n(VLOOKUP(A195,Quantities[],Quantities!$P$2)*VLOOKUP(A195,Quantities[],Quantities!$O$2)\n+VLOOKUP(A195,Quantities[],Quantities!$R$2)*VLOOKUP(A195,Quantities[],Quantities!$Q$2)\n+VLOOKUP(A195,Quantities[],Quantities!$T$2)*VLOOKUP(A195,Quantities[],Quantities!$S$2))/\n(VLOOKUP(A195,Quantities[],Quantities!$O$2)+VLOOKUP(A195,Quantities[],Quantities!$Q$2)+VLOOKUP(A195,Quantities[],Quantities!$S$2)),\n\nIF($B195=\"Q\", (SUM(VLOOKUP($A195,Quantities[],Quantities!$P$2)*VLOOKUP($A195,Quantities[],Quantities!$O$2),VLOOKUP($A195,Quantities[],Quantities!$R$2)*VLOOKUP($A195,Quantities[],Quantities!$Q$2),VLOOKUP($A195,Quantities[],Quantities!$T$2)*VLOOKUP($A195,Quantities[],Quantities!$S$2)))/SUM(VLOOKUP($A195,Quantities[],Quantities!$O$2),VLOOKUP($A195,Quantities[],Quantities!$Q$2),VLOOKUP($A195,Quantities[],Quantities!$S$2)),\n\n VLOOKUP(A195,Quantities[],Quantities!$H$2)\n))))))","v":0},{"$f":"IF(LEFT(D195,1)=\"U\",\"-\",VLOOKUP(D195,Equipment[],Equipment!$B$2))","v":"Cat 14M, Off-Hwy Water Tanker Truck,6,000-gal."}]
[{"$f":"Quantities!A59","v":2600},"P","b","Comb1","2600-P-b-Comb1",{"$f":"IF(D196=\"Comb1\",CONCATENATE(VLOOKUP(B196,'Activity-Material_Codes'!$A$2:$B$26,Quantities!$B$2),\"-\",VLOOKUP(A196,Quantities[],Quantities!$D$2)),\nCONCATENATE(\nVLOOKUP(B196,'Activity-Material_Codes'!$A$2:$B$26,Quantities!$B$2),\nIF(AND(B196=\"B\",C196=\"a\"), \" Scraper Grading\", \"\"),\nIF(C196=\"b\",\"\",\"-\"),\nIF(C196=\"b\",\"\",VLOOKUP(A196,Quantities[],Quantities!$D$2)),\nIF(LEFT(TEXT(A196,\"0\"),1)=\"5\",\"\",\"-\"),\nIF(LEFT(TEXT(A196,\"0\"),1)=\"5\",\"\",VLOOKUP(C196,'Activity-Material_Codes'!$A$30:$B$36,Quantities!$B$2))\n))","v":"Road Maintenance-Tailing Launder Line"},{"$f":"CONCATENATE(\nIF(OR(RIGHT(TEXT($A196,\"0\"),Quantities!$B$2)=\"00\",LEFT(TEXT($A196,\"0\"),1)=\"5\",OR($C196=\"b\",$C196=\"f\")),\"\",VLOOKUP($A196,Quantities[],Quantities!$B$2)),\nIF(LEFT(TEXT($A196,\"0\"),1)=\"5\",\"\",\" \"),\nIF(OR(C196=\"a\",C196=\"c\",C196=\"d\",C196=\"e\"),IF(OR(RIGHT(TEXT($A196,\"0\"),Quantities!$B$2)=\"00\",LEFT(TEXT($A196,\"0\"),1)=\"5\"),VLOOKUP($A196,Quantities[],Quantities!$B$2),\"\"),\nIF(LEFT(TEXT($A196,\"0\"),1)=\"5\",VLOOKUP($A196,Quantities[],Quantities!$B$2),\nVLOOKUP(INDEX(Quantities!$A$100:$A$118,MATCH($A196,Quantities!$C$100:$C$118)),Quantities!$A$100:$B$118,Quantities!$B$2))))","v":" 9AX Waste"},{"$f":"IF(LEFT(TEXT(A196,\"0\"),1)=\"5\",\nVLOOKUP(VLOOKUP(A196,Quantities!$A$4:$D$118,Quantities!$C$2),Quantities!$A$4:$D$118,Quantities!$C$2),\nIF(OR(C196=\"a\",C196=\"c\",C196=\"d\",C196=\"e\"),\n\"-\",\nIF(RIGHT(TEXT(A196,\"0\"),2)=\"00\",VLOOKUP(A196,Quantities[],Quantities!$B$2),\nIF(C196=\"f\",VLOOKUP(A196,Quantities[],Quantities!$B$2),\nVLOOKUP(A196,Quantities[],Quantities!$C$2))\n)))","v":"Reclaimed Tailing Launder Line"},{"$f":"IF(OR(AND(LEFT(D196,2)=\"Sc\",B196=\"A\",C196=\"d\"),AND(C196=\"f\",B196=\"D\")),\nSUM(VLOOKUP($A196,Quantities[],Quantities!$O$2),VLOOKUP($A196,Quantities[],Quantities!$Q$2),VLOOKUP($A196,Quantities[],Quantities!$S$2)),\n\nIF(AND(LEFT(D196,2)=\"Sc\",OR(C196=\"a\",C196=\"f\")),\nVLOOKUP(A196,Quantities[],Quantities!$I$2),\n\nIF(AND(B196=\"D\",C196=\"b\"),\n VLOOKUP(INDEX(Quantities!$A$100:$A$118,MATCH($A196,Quantities!$C$100:$C$118)),Quantities!$A$100:$AJ$118,Quantities!$O$2)+\nVLOOKUP(INDEX(Quantities!$A$100:$A$118,MATCH($A196,Quantities!$C$100:$C$118)),Quantities!$A$100:$AJ$118,Quantities!$Q$2)+\nVLOOKUP(INDEX(Quantities!$A$100:$A$118,MATCH($A196,Quantities!$C$100:$C$118)),Quantities!$A$100:$AJ$118,Quantities!$S$2),\n\nIF(OR(B196=\"D\",B196=\"Q\"),\nSUM(VLOOKUP($A196,Quantities[],Quantities!$O$2),VLOOKUP($A196,Quantities[],Quantities!$Q$2),VLOOKUP($A196,Quantities[],Quantities!$S$2)),\n\n VLOOKUP(A196,Quantities[],Quantities!$G$2)\n))))","v":100},{"$f":"IF(LEFT(D196,2)=\"Mg\", VLOOKUP(A196,Quantities[],Quantities!$H$2),\n\nIF(OR(AND(LEFT(D196,2)=\"Sc\",B196=\"A\",C196=\"d\",C196=\"f\")),\n(SUM(VLOOKUP($A196,Quantities[],Quantities!$P$2)*VLOOKUP($A196,Quantities[],Quantities!$O$2),VLOOKUP($A196,Quantities[],Quantities!$R$2)*VLOOKUP($A196,Quantities[],Quantities!$Q$2),VLOOKUP($A196,Quantities[],Quantities!$T$2)*VLOOKUP($A196,Quantities[],Quantities!$S$2)))/SUM(VLOOKUP($A196,Quantities[],Quantities!$O$2),VLOOKUP($A196,Quantities[],Quantities!$Q$2),VLOOKUP($A196,Quantities[],Quantities!$S$2)),\n\nIF(AND(LEFT(D196,2)=\"Sc\",OR(C196=\"a\",C196=\"f\")),\nVLOOKUP(A196,Quantities[],Quantities!$J$2),\n\nIF(AND(B196=\"D\",C196=\"b\", (VLOOKUP(INDEX(Quantities!$A$100:$A$118,MATCH($A196,Quantities!$C$100:$C$118)),Quantities[],Quantities!$O$2)+VLOOKUP(INDEX(Quantities!$A$100:$A$118,MATCH($A196,Quantities!$C$100:$C$118)),Quantities[],Quantities!$Q$2)+VLOOKUP(INDEX(Quantities!$A$100:$A$118,MATCH($A196,Quantities!$C$100:$C$118)),Quantities[],Quantities!$S$2))>0),\n(VLOOKUP(INDEX(Quantities!$A$100:$A$118,MATCH($A196,Quantities!$C$100:$C$118)),Quantities[],Quantities!$P$2)*VLOOKUP(INDEX(Quantities!$A$100:$A$118,MATCH($A196,Quantities!$C$100:$C$118)),Quantities[],Quantities!$O$2)\n+VLOOKUP(INDEX(Quantities!$A$100:$A$118,MATCH($A196,Quantities!$C$100:$C$118)),Quantities[],Quantities!$R$2)*VLOOKUP(INDEX(Quantities!$A$100:$A$118,MATCH($A196,Quantities!$C$100:$C$118)),Quantities[],Quantities!$Q$2)\n+VLOOKUP(INDEX(Quantities!$A$100:$A$118,MATCH($A196,Quantities!$C$100:$C$118)),Quantities[],Quantities!$T$2)*VLOOKUP(INDEX(Quantities!$A$100:$A$118,MATCH($A196,Quantities!$C$100:$C$118)),Quantities[],Quantities!$S$2))/\n(VLOOKUP(INDEX(Quantities!$A$100:$A$118,MATCH($A196,Quantities!$C$100:$C$118)),Quantities[],Quantities!$O$2)+VLOOKUP(INDEX(Quantities!$A$100:$A$118,MATCH($A196,Quantities!$C$100:$C$118)),Quantities[],Quantities!$Q$2)+VLOOKUP(A196,Quantities[],Quantities!$S$2)),\n\nIF(AND(B196=\"D\", (VLOOKUP(A196,Quantities[],Quantities!$O$2)+VLOOKUP(A196,Quantities[],Quantities!$Q$2)+VLOOKUP(A196,Quantities[],Quantities!$S$2))>0),\n(VLOOKUP(A196,Quantities[],Quantities!$P$2)*VLOOKUP(A196,Quantities[],Quantities!$O$2)\n+VLOOKUP(A196,Quantities[],Quantities!$R$2)*VLOOKUP(A196,Quantities[],Quantities!$Q$2)\n+VLOOKUP(A196,Quantities[],Quantities!$T$2)*VLOOKUP(A196,Quantities[],Quantities!$S$2))/\n(VLOOKUP(A196,Quantities[],Quantities!$O$2)+VLOOKUP(A196,Quantities[],Quantities!$Q$2)+VLOOKUP(A196,Quantities[],Quantities!$S$2)),\n\nIF($B196=\"Q\", (SUM(VLOOKUP($A196,Quantities[],Quantities!$P$2)*VLOOKUP($A196,Quantities[],Quantities!$O$2),VLOOKUP($A196,Quantities[],Quantities!$R$2)*VLOOKUP($A196,Quantities[],Quantities!$Q$2),VLOOKUP($A196,Quantities[],Quantities!$T$2)*VLOOKUP($A196,Quantities[],Quantities!$S$2)))/SUM(VLOOKUP($A196,Quantities[],Quantities!$O$2),VLOOKUP($A196,Quantities[],Quantities!$Q$2),VLOOKUP($A196,Quantities[],Quantities!$S$2)),\n\n VLOOKUP(A196,Quantities[],Quantities!$H$2)\n))))))","v":0.01},{"$f":"IF(LEFT(D196,1)=\"U\",\"-\",VLOOKUP(D196,Equipment[],Equipment!$B$2))","v":"Cat 14M, Off-Hwy Water Tanker Truck,6,000-gal."}]
[{"$f":"Quantities!A67","v":2900},"P","b","Comb1",{"$f":"CONCATENATE(TEXT(A197,\"0\"),\"-\",B197,\"-\",C197,\"-\",D197)","v":"2900-P-b-Comb1"},{"$f":"IF(D197=\"Comb1\",CONCATENATE(VLOOKUP(B197,'Activity-Material_Codes'!$A$2:$B$26,Quantities!$B$2),\"-\",VLOOKUP(A197,Quantities[],Quantities!$D$2)),\nCONCATENATE(\nVLOOKUP(B197,'Activity-Material_Codes'!$A$2:$B$26,Quantities!$B$2),\nIF(AND(B197=\"B\",C197=\"a\"), \" Scraper Grading\", \"\"),\nIF(C197=\"b\",\"\",\"-\"),\nIF(C197=\"b\",\"\",VLOOKUP(A197,Quantities[],Quantities!$D$2)),\nIF(LEFT(TEXT(A197,\"0\"),1)=\"5\",\"\",\"-\"),\nIF(LEFT(TEXT(A197,\"0\"),1)=\"5\",\"\",VLOOKUP(C197,'Activity-Material_Codes'!$A$30:$B$36,Quantities!$B$2))\n))","v":"Road Maintenance-Tailing Pumphouse"},{"$f":"CONCATENATE(\nIF(OR(RIGHT(TEXT($A197,\"0\"),Quantities!$B$2)=\"00\",LEFT(TEXT($A197,\"0\"),1)=\"5\",OR($C197=\"b\",$C197=\"f\")),\"\",VLOOKUP($A197,Quantities[],Quantities!$B$2)),\nIF(LEFT(TEXT($A197,\"0\"),1)=\"5\",\"\",\" \"),\nIF(OR(C197=\"a\",C197=\"c\",C197=\"d\",C197=\"e\"),IF(OR(RIGHT(TEXT($A197,\"0\"),Quantities!$B$2)=\"00\",LEFT(TEXT($A197,\"0\"),1)=\"5\"),VLOOKUP($A197,Quantities[],Quantities!$B$2),\"\"),\nIF(LEFT(TEXT($A197,\"0\"),1)=\"5\",VLOOKUP($A197,Quantities[],Quantities!$B$2),\nVLOOKUP(INDEX(Quantities!$A$100:$A$118,MATCH($A197,Quantities!$C$100:$C$118)),Quantities!$A$100:$B$118,Quantities!$B$2))))","v":" Reclaimed Tailing Launder Line"},{"$f":"IF(LEFT(TEXT(A197,\"0\"),1)=\"5\",\nVLOOKUP(VLOOKUP(A197,Quantities!$A$4:$D$118,Quantities!$C$2),Quantities!$A$4:$D$118,Quantities!$C$2),\nIF(OR(C197=\"a\",C197=\"c\",C197=\"d\",C197=\"e\"),\n\"-\",\nIF(RIGHT(TEXT(A197,\"0\"),2)=\"00\",VLOOKUP(A197,Quantities[],Quantities!$B$2),\nIF(C197=\"f\",VLOOKUP(A197,Quantities[],Quantities!$B$2),\nVLOOKUP(A197,Quantities[],Quantities!$C$2))\n)))","v":"Reclaimed 1 Tailing Impoundment Reclaim Water Pumphouse Station"},{"$f":"IF(OR(AND(LEFT(D197,2)=\"Sc\",B197=\"A\",C197=\"d\"),AND(C197=\"f\",B197=\"D\")),\nSUM(VLOOKUP($A197,Quantities[],Quantities!$O$2),VLOOKUP($A197,Quantities[],Quantities!$Q$2),VLOOKUP($A197,Quantities[],Quantities!$S$2)),\n\nIF(AND(LEFT(D197,2)=\"Sc\",OR(C197=\"a\",C197=\"f\")),\nVLOOKUP(A197,Quantities[],Quantities!$I$2),\n\nIF(AND(B197=\"D\",C197=\"b\"),\n VLOOKUP(INDEX(Quantities!$A$100:$A$118,MATCH($A197,Quantities!$C$100:$C$118)),Quantities!$A$100:$AJ$118,Quantities!$O$2)+\nVLOOKUP(INDEX(Quantities!$A$100:$A$118,MATCH($A197,Quantities!$C$100:$C$118)),Quantities!$A$100:$AJ$118,Quantities!$Q$2)+\nVLOOKUP(INDEX(Quantities!$A$100:$A$118,MATCH($A197,Quantities!$C$100:$C$118)),Quantities!$A$100:$AJ$118,Quantities!$S$2),\n\nIF(OR(B197=\"D\",B197=\"Q\"),\nSUM(VLOOKUP($A197,Quantities[],Quantities!$O$2),VLOOKUP($A197,Quantities[],Quantities!$Q$2),VLOOKUP($A197,Quantities[],Quantities!$S$2)),\n\n VLOOKUP(A197,Quantities[],Quantities!$G$2)\n))))","v":2950},{"$f":"IF(LEFT(D197,2)=\"Mg\", VLOOKUP(A197,Quantities[],Quantities!$H$2),\n\nIF(OR(AND(LEFT(D197,2)=\"Sc\",B197=\"A\",C197=\"d\",C197=\"f\")),\n(SUM(VLOOKUP($A197,Quantities[],Quantities!$P$2)*VLOOKUP($A197,Quantities[],Quantities!$O$2),VLOOKUP($A197,Quantities[],Quantities!$R$2)*VLOOKUP($A197,Quantities[],Quantities!$Q$2),VLOOKUP($A197,Quantities[],Quantities!$T$2)*VLOOKUP($A197,Quantities[],Quantities!$S$2)))/SUM(VLOOKUP($A197,Quantities[],Quantities!$O$2),VLOOKUP($A197,Quantities[],Quantities!$Q$2),VLOOKUP($A197,Quantities[],Quantities!$S$2)),\n\nIF(AND(LEFT(D197,2)=\"Sc\",OR(C197=\"a\",C197=\"f\")),\nVLOOKUP(A197,Quantities[],Quantities!$J$2),\n\nIF(AND(B197=\"D\",C197=\"b\", (VLOOKUP(INDEX(Quantities!$A$100:$A$118,MATCH($A197,Quantities!$C$100:$C$118)),Quantities[],Quantities!$O$2)+VLOOKUP(INDEX(Quantities!$A$100:$A$118,MATCH($A197,Quantities!$C$100:$C$118)),Quantities[],Quantities!$Q$2)+VLOOKUP(INDEX(Quantities!$A$100:$A$118,MATCH($A197,Quantities!$C$100:$C$118)),Quantities[],Quantities!$S$2))>0),\n(VLOOKUP(INDEX(Quantities!$A$100:$A$118,MATCH($A197,Quantities!$C$100:$C$118)),Quantities[],Quantities!$P$2)*VLOOKUP(INDEX(Quantities!$A$100:$A$118,MATCH($A197,Quantities!$C$100:$C$118)),Quantities[],Quantities!$O$2)\n+VLOOKUP(INDEX(Quantities!$A$100:$A$118,MATCH($A197,Quantities!$C$100:$C$118)),Quantities[],Quantities!$R$2)*VLOOKUP(INDEX(Quantities!$A$100:$A$118,MATCH($A197,Quantities!$C$100:$C$118)),Quantities[],Quantities!$Q$2)\n+VLOOKUP(INDEX(Quantities!$A$100:$A$118,MATCH($A197,Quantities!$C$100:$C$118)),Quantities[],Quantities!$T$2)*VLOOKUP(INDEX(Quantities!$A$100:$A$118,MATCH($A197,Quantities!$C$100:$C$118)),Quantities[],Quantities!$S$2))/\n(VLOOKUP(INDEX(Quantities!$A$100:$A$118,MATCH($A197,Quantities!$C$100:$C$118)),Quantities[],Quantities!$O$2)+VLOOKUP(INDEX(Quantities!$A$100:$A$118,MATCH($A197,Quantities!$C$100:$C$118)),Quantities[],Quantities!$Q$2)+VLOOKUP(A197,Quantities[],Quantities!$S$2)),\n\nIF(AND(B197=\"D\", (VLOOKUP(A197,Quantities[],Quantities!$O$2)+VLOOKUP(A197,Quantities[],Quantities!$Q$2)+VLOOKUP(A197,Quantities[],Quantities!$S$2))>0),\n(VLOOKUP(A197,Quantities[],Quantities!$P$2)*VLOOKUP(A197,Quantities[],Quantities!$O$2)\n+VLOOKUP(A197,Quantities[],Quantities!$R$2)*VLOOKUP(A197,Quantities[],Quantities!$Q$2)\n+VLOOKUP(A197,Quantities[],Quantities!$T$2)*VLOOKUP(A197,Quantities[],Quantities!$S$2))/\n(VLOOKUP(A197,Quantities[],Quantities!$O$2)+VLOOKUP(A197,Quantities[],Quantities!$Q$2)+VLOOKUP(A197,Quantities[],Quantities!$S$2)),\n\nIF($B197=\"Q\", (SUM(VLOOKUP($A197,Quantities[],Quantities!$P$2)*VLOOKUP($A197,Quantities[],Quantities!$O$2),VLOOKUP($A197,Quantities[],Quantities!$R$2)*VLOOKUP($A197,Quantities[],Quantities!$Q$2),VLOOKUP($A197,Quantities[],Quantities!$T$2)*VLOOKUP($A197,Quantities[],Quantities!$S$2)))/SUM(VLOOKUP($A197,Quantities[],Quantities!$O$2),VLOOKUP($A197,Quantities[],Quantities!$Q$2),VLOOKUP($A197,Quantities[],Quantities!$S$2)),\n\n VLOOKUP(A197,Quantities[],Quantities!$H$2)\n))))))","v":0.01},{"$f":"IF(LEFT(D197,1)=\"U\",\"-\",VLOOKUP(D197,Equipment[],Equipment!$B$2))","v":"Cat 14M, Off-Hwy Water Tanker Truck,6,000-gal."}]
[{"$f":"Quantities!A69","v":3002},"N","e",{"$f":"'Unit Rates'!$A$30","v":"U19"},"3002-N-e-U19",{"$f":"IF(D198=\"Comb1\",CONCATENATE(VLOOKUP(B198,'Activity-Material_Codes'!$A$2:$B$26,Quantities!$B$2),\"-\",VLOOKUP(A198,Quantities[],Quantities!$D$2)),\nCONCATENATE(\nVLOOKUP(B198,'Activity-Material_Codes'!$A$2:$B$26,Quantities!$B$2),\nIF(AND(B198=\"B\",C198=\"a\"), \" Scraper Grading\", \"\"),\nIF(C198=\"b\",\"\",\"-\"),\nIF(C198=\"b\",\"\",VLOOKUP(A198,Quantities[],Quantities!$D$2)),\nIF(LEFT(TEXT(A198,\"0\"),1)=\"5\",\"\",\"-\"),\nIF(LEFT(TEXT(A198,\"0\"),1)=\"5\",\"\",VLOOKUP(C198,'Activity-Material_Codes'!$A$30:$B$36,Quantities!$B$2))\n))","v":"Plug and Abandon Well-Wells-Final Grade"},{"$f":"CONCATENATE(\nIF(OR(RIGHT(TEXT($A198,\"0\"),Quantities!$B$2)=\"00\",LEFT(TEXT($A198,\"0\"),1)=\"5\",OR($C198=\"b\",$C198=\"f\")),\"\",VLOOKUP($A198,Quantities[],Quantities!$B$2)),\nIF(LEFT(TEXT($A198,\"0\"),1)=\"5\",\"\",\" \"),\nIF(OR(C198=\"a\",C198=\"c\",C198=\"d\",C198=\"e\"),IF(OR(RIGHT(TEXT($A198,\"0\"),Quantities!$B$2)=\"00\",LEFT(TEXT($A198,\"0\"),1)=\"5\"),VLOOKUP($A198,Quantities[],Quantities!$B$2),\"\"),\nIF(LEFT(TEXT($A198,\"0\"),1)=\"5\",VLOOKUP($A198,Quantities[],Quantities!$B$2),\nVLOOKUP(INDEX(Quantities!$A$100:$A$118,MATCH($A198,Quantities!$C$100:$C$118)),Quantities!$A$100:$B$118,Quantities!$B$2))))","v":"2-inch ID wells (avg. TD = 36 ft) "},{"$f":"IF(LEFT(TEXT(A198,\"0\"),1)=\"5\",\nVLOOKUP(VLOOKUP(A198,Quantities!$A$4:$D$118,Quantities!$C$2),Quantities!$A$4:$D$118,Quantities!$C$2),\nIF(OR(C198=\"a\",C198=\"c\",C198=\"d\",C198=\"e\"),\n\"-\",\nIF(RIGHT(TEXT(A198,\"0\"),2)=\"00\",VLOOKUP(A198,Quantities[],Quantities!$B$2),\nIF(C198=\"f\",VLOOKUP(A198,Quantities[],Quantities!$B$2),\nVLOOKUP(A198,Quantities[],Quantities!$C$2))\n)))","v":"-"},{"$f":"IF(OR(AND(LEFT(D198,2)=\"Sc\",B198=\"A\",C198=\"d\"),AND(C198=\"f\",B198=\"D\")),\nSUM(VLOOKUP($A198,Quantities[],Quantities!$O$2),VLOOKUP($A198,Quantities[],Quantities!$Q$2),VLOOKUP($A198,Quantities[],Quantities!$S$2)),\n\nIF(AND(LEFT(D198,2)=\"Sc\",OR(C198=\"a\",C198=\"f\")),\nVLOOKUP(A198,Quantities[],Quantities!$I$2),\n\nIF(AND(B198=\"D\",C198=\"b\"),\n VLOOKUP(INDEX(Quantities!$A$100:$A$118,MATCH($A198,Quantities!$C$100:$C$118)),Quantities!$A$100:$AJ$118,Quantities!$O$2)+\nVLOOKUP(INDEX(Quantities!$A$100:$A$118,MATCH($A198,Quantities!$C$100:$C$118)),Quantities!$A$100:$AJ$118,Quantities!$Q$2)+\nVLOOKUP(INDEX(Quantities!$A$100:$A$118,MATCH($A198,Quantities!$C$100:$C$118)),Quantities!$A$100:$AJ$118,Quantities!$S$2),\n\nIF(OR(B198=\"D\",B198=\"Q\"),\nSUM(VLOOKUP($A198,Quantities[],Quantities!$O$2),VLOOKUP($A198,Quantities[],Quantities!$Q$2),VLOOKUP($A198,Quantities[],Quantities!$S$2)),\n\n VLOOKUP(A198,Quantities[],Quantities!$G$2)\n))))","v":0},{"$f":"IF(LEFT(D198,2)=\"Mg\", VLOOKUP(A198,Quantities[],Quantities!$H$2),\n\nIF(OR(AND(LEFT(D198,2)=\"Sc\",B198=\"A\",C198=\"d\",C198=\"f\")),\n(SUM(VLOOKUP($A198,Quantities[],Quantities!$P$2)*VLOOKUP($A198,Quantities[],Quantities!$O$2),VLOOKUP($A198,Quantities[],Quantities!$R$2)*VLOOKUP($A198,Quantities[],Quantities!$Q$2),VLOOKUP($A198,Quantities[],Quantities!$T$2)*VLOOKUP($A198,Quantities[],Quantities!$S$2)))/SUM(VLOOKUP($A198,Quantities[],Quantities!$O$2),VLOOKUP($A198,Quantities[],Quantities!$Q$2),VLOOKUP($A198,Quantities[],Quantities!$S$2)),\n\nIF(AND(LEFT(D198,2)=\"Sc\",OR(C198=\"a\",C198=\"f\")),\nVLOOKUP(A198,Quantities[],Quantities!$J$2),\n\nIF(AND(B198=\"D\",C198=\"b\", (VLOOKUP(INDEX(Quantities!$A$100:$A$118,MATCH($A198,Quantities!$C$100:$C$118)),Quantities[],Quantities!$O$2)+VLOOKUP(INDEX(Quantities!$A$100:$A$118,MATCH($A198,Quantities!$C$100:$C$118)),Quantities[],Quantities!$Q$2)+VLOOKUP(INDEX(Quantities!$A$100:$A$118,MATCH($A198,Quantities!$C$100:$C$118)),Quantities[],Quantities!$S$2))>0),\n(VLOOKUP(INDEX(Quantities!$A$100:$A$118,MATCH($A198,Quantities!$C$100:$C$118)),Quantities[],Quantities!$P$2)*VLOOKUP(INDEX(Quantities!$A$100:$A$118,MATCH($A198,Quantities!$C$100:$C$118)),Quantities[],Quantities!$O$2)\n+VLOOKUP(INDEX(Quantities!$A$100:$A$118,MATCH($A198,Quantities!$C$100:$C$118)),Quantities[],Quantities!$R$2)*VLOOKUP(INDEX(Quantities!$A$100:$A$118,MATCH($A198,Quantities!$C$100:$C$118)),Quantities[],Quantities!$Q$2)\n+VLOOKUP(INDEX(Quantities!$A$100:$A$118,MATCH($A198,Quantities!$C$100:$C$118)),Quantities[],Quantities!$T$2)*VLOOKUP(INDEX(Quantities!$A$100:$A$118,MATCH($A198,Quantities!$C$100:$C$118)),Quantities[],Quantities!$S$2))/\n(VLOOKUP(INDEX(Quantities!$A$100:$A$118,MATCH($A198,Quantities!$C$100:$C$118)),Quantities[],Quantities!$O$2)+VLOOKUP(INDEX(Quantities!$A$100:$A$118,MATCH($A198,Quantities!$C$100:$C$118)),Quantities[],Quantities!$Q$2)+VLOOKUP(A198,Quantities[],Quantities!$S$2)),\n\nIF(AND(B198=\"D\", (VLOOKUP(A198,Quantities[],Quantities!$O$2)+VLOOKUP(A198,Quantities[],Quantities!$Q$2)+VLOOKUP(A198,Quantities[],Quantities!$S$2))>0),\n(VLOOKUP(A198,Quantities[],Quantities!$P$2)*VLOOKUP(A198,Quantities[],Quantities!$O$2)\n+VLOOKUP(A198,Quantities[],Quantities!$R$2)*VLOOKUP(A198,Quantities[],Quantities!$Q$2)\n+VLOOKUP(A198,Quantities[],Quantities!$T$2)*VLOOKUP(A198,Quantities[],Quantities!$S$2))/\n(VLOOKUP(A198,Quantities[],Quantities!$O$2)+VLOOKUP(A198,Quantities[],Quantities!$Q$2)+VLOOKUP(A198,Quantities[],Quantities!$S$2)),\n\nIF($B198=\"Q\", (SUM(VLOOKUP($A198,Quantities[],Quantities!$P$2)*VLOOKUP($A198,Quantities[],Quantities!$O$2),VLOOKUP($A198,Quantities[],Quantities!$R$2)*VLOOKUP($A198,Quantities[],Quantities!$Q$2),VLOOKUP($A198,Quantities[],Quantities!$T$2)*VLOOKUP($A198,Quantities[],Quantities!$S$2)))/SUM(VLOOKUP($A198,Quantities[],Quantities!$O$2),VLOOKUP($A198,Quantities[],Quantities!$Q$2),VLOOKUP($A198,Quantities[],Quantities!$S$2)),\n\n VLOOKUP(A198,Quantities[],Quantities!$H$2)\n))))))","v":"-"},{"$f":"IF(LEFT(D198,1)=\"U\",\"-\",VLOOKUP(D198,Equipment[],Equipment!$B$2))","v":"-"}]
[{"$f":"Quantities!A70","v":3003},"N","e",{"$f":"'Unit Rates'!$A$30","v":"U19"},"3003-N-e-U19",{"$f":"IF(D199=\"Comb1\",CONCATENATE(VLOOKUP(B199,'Activity-Material_Codes'!$A$2:$B$26,Quantities!$B$2),\"-\",VLOOKUP(A199,Quantities[],Quantities!$D$2)),\nCONCATENATE(\nVLOOKUP(B199,'Activity-Material_Codes'!$A$2:$B$26,Quantities!$B$2),\nIF(AND(B199=\"B\",C199=\"a\"), \" Scraper Grading\", \"\"),\nIF(C199=\"b\",\"\",\"-\"),\nIF(C199=\"b\",\"\",VLOOKUP(A199,Quantities[],Quantities!$D$2)),\nIF(LEFT(TEXT(A199,\"0\"),1)=\"5\",\"\",\"-\"),\nIF(LEFT(TEXT(A199,\"0\"),1)=\"5\",\"\",VLOOKUP(C199,'Activity-Material_Codes'!$A$30:$B$36,Quantities!$B$2))\n))","v":"Plug and Abandon Well-Wells-Final Grade"},{"$f":"CONCATENATE(\nIF(OR(RIGHT(TEXT($A199,\"0\"),Quantities!$B$2)=\"00\",LEFT(TEXT($A199,\"0\"),1)=\"5\",OR($C199=\"b\",$C199=\"f\")),\"\",VLOOKUP($A199,Quantities[],Quantities!$B$2)),\nIF(LEFT(TEXT($A199,\"0\"),1)=\"5\",\"\",\" \"),\nIF(OR(C199=\"a\",C199=\"c\",C199=\"d\",C199=\"e\"),IF(OR(RIGHT(TEXT($A199,\"0\"),Quantities!$B$2)=\"00\",LEFT(TEXT($A199,\"0\"),1)=\"5\"),VLOOKUP($A199,Quantities[],Quantities!$B$2),\"\"),\nIF(LEFT(TEXT($A199,\"0\"),1)=\"5\",VLOOKUP($A199,Quantities[],Quantities!$B$2),\nVLOOKUP(INDEX(Quantities!$A$100:$A$118,MATCH($A199,Quantities!$C$100:$C$118)),Quantities!$A$100:$B$118,Quantities!$B$2))))","v":"4-inch ID wells (avg. TD = 113 ft) "},{"$f":"IF(LEFT(TEXT(A199,\"0\"),1)=\"5\",\nVLOOKUP(VLOOKUP(A199,Quantities!$A$4:$D$118,Quantities!$C$2),Quantities!$A$4:$D$118,Quantities!$C$2),\nIF(OR(C199=\"a\",C199=\"c\",C199=\"d\",C199=\"e\"),\n\"-\",\nIF(RIGHT(TEXT(A199,\"0\"),2)=\"00\",VLOOKUP(A199,Quantities[],Quantities!$B$2),\nIF(C199=\"f\",VLOOKUP(A199,Quantities[],Quantities!$B$2),\nVLOOKUP(A199,Quantities[],Quantities!$C$2))\n)))","v":"-"},{"$f":"IF(OR(AND(LEFT(D199,2)=\"Sc\",B199=\"A\",C199=\"d\"),AND(C199=\"f\",B199=\"D\")),\nSUM(VLOOKUP($A199,Quantities[],Quantities!$O$2),VLOOKUP($A199,Quantities[],Quantities!$Q$2),VLOOKUP($A199,Quantities[],Quantities!$S$2)),\n\nIF(AND(LEFT(D199,2)=\"Sc\",OR(C199=\"a\",C199=\"f\")),\nVLOOKUP(A199,Quantities[],Quantities!$I$2),\n\nIF(AND(B199=\"D\",C199=\"b\"),\n VLOOKUP(INDEX(Quantities!$A$100:$A$118,MATCH($A199,Quantities!$C$100:$C$118)),Quantities!$A$100:$AJ$118,Quantities!$O$2)+\nVLOOKUP(INDEX(Quantities!$A$100:$A$118,MATCH($A199,Quantities!$C$100:$C$118)),Quantities!$A$100:$AJ$118,Quantities!$Q$2)+\nVLOOKUP(INDEX(Quantities!$A$100:$A$118,MATCH($A199,Quantities!$C$100:$C$118)),Quantities!$A$100:$AJ$118,Quantities!$S$2),\n\nIF(OR(B199=\"D\",B199=\"Q\"),\nSUM(VLOOKUP($A199,Quantities[],Quantities!$O$2),VLOOKUP($A199,Quantities[],Quantities!$Q$2),VLOOKUP($A199,Quantities[],Quantities!$S$2)),\n\n VLOOKUP(A199,Quantities[],Quantities!$G$2)\n))))","v":0},{"$f":"IF(LEFT(D199,2)=\"Mg\", VLOOKUP(A199,Quantities[],Quantities!$H$2),\n\nIF(OR(AND(LEFT(D199,2)=\"Sc\",B199=\"A\",C199=\"d\",C199=\"f\")),\n(SUM(VLOOKUP($A199,Quantities[],Quantities!$P$2)*VLOOKUP($A199,Quantities[],Quantities!$O$2),VLOOKUP($A199,Quantities[],Quantities!$R$2)*VLOOKUP($A199,Quantities[],Quantities!$Q$2),VLOOKUP($A199,Quantities[],Quantities!$T$2)*VLOOKUP($A199,Quantities[],Quantities!$S$2)))/SUM(VLOOKUP($A199,Quantities[],Quantities!$O$2),VLOOKUP($A199,Quantities[],Quantities!$Q$2),VLOOKUP($A199,Quantities[],Quantities!$S$2)),\n\nIF(AND(LEFT(D199,2)=\"Sc\",OR(C199=\"a\",C199=\"f\")),\nVLOOKUP(A199,Quantities[],Quantities!$J$2),\n\nIF(AND(B199=\"D\",C199=\"b\", (VLOOKUP(INDEX(Quantities!$A$100:$A$118,MATCH($A199,Quantities!$C$100:$C$118)),Quantities[],Quantities!$O$2)+VLOOKUP(INDEX(Quantities!$A$100:$A$118,MATCH($A199,Quantities!$C$100:$C$118)),Quantities[],Quantities!$Q$2)+VLOOKUP(INDEX(Quantities!$A$100:$A$118,MATCH($A199,Quantities!$C$100:$C$118)),Quantities[],Quantities!$S$2))>0),\n(VLOOKUP(INDEX(Quantities!$A$100:$A$118,MATCH($A199,Quantities!$C$100:$C$118)),Quantities[],Quantities!$P$2)*VLOOKUP(INDEX(Quantities!$A$100:$A$118,MATCH($A199,Quantities!$C$100:$C$118)),Quantities[],Quantities!$O$2)\n+VLOOKUP(INDEX(Quantities!$A$100:$A$118,MATCH($A199,Quantities!$C$100:$C$118)),Quantities[],Quantities!$R$2)*VLOOKUP(INDEX(Quantities!$A$100:$A$118,MATCH($A199,Quantities!$C$100:$C$118)),Quantities[],Quantities!$Q$2)\n+VLOOKUP(INDEX(Quantities!$A$100:$A$118,MATCH($A199,Quantities!$C$100:$C$118)),Quantities[],Quantities!$T$2)*VLOOKUP(INDEX(Quantities!$A$100:$A$118,MATCH($A199,Quantities!$C$100:$C$118)),Quantities[],Quantities!$S$2))/\n(VLOOKUP(INDEX(Quantities!$A$100:$A$118,MATCH($A199,Quantities!$C$100:$C$118)),Quantities[],Quantities!$O$2)+VLOOKUP(INDEX(Quantities!$A$100:$A$118,MATCH($A199,Quantities!$C$100:$C$118)),Quantities[],Quantities!$Q$2)+VLOOKUP(A199,Quantities[],Quantities!$S$2)),\n\nIF(AND(B199=\"D\", (VLOOKUP(A199,Quantities[],Quantities!$O$2)+VLOOKUP(A199,Quantities[],Quantities!$Q$2)+VLOOKUP(A199,Quantities[],Quantities!$S$2))>0),\n(VLOOKUP(A199,Quantities[],Quantities!$P$2)*VLOOKUP(A199,Quantities[],Quantities!$O$2)\n+VLOOKUP(A199,Quantities[],Quantities!$R$2)*VLOOKUP(A199,Quantities[],Quantities!$Q$2)\n+VLOOKUP(A199,Quantities[],Quantities!$T$2)*VLOOKUP(A199,Quantities[],Quantities!$S$2))/\n(VLOOKUP(A199,Quantities[],Quantities!$O$2)+VLOOKUP(A199,Quantities[],Quantities!$Q$2)+VLOOKUP(A199,Quantities[],Quantities!$S$2)),\n\nIF($B199=\"Q\", (SUM(VLOOKUP($A199,Quantities[],Quantities!$P$2)*VLOOKUP($A199,Quantities[],Quantities!$O$2),VLOOKUP($A199,Quantities[],Quantities!$R$2)*VLOOKUP($A199,Quantities[],Quantities!$Q$2),VLOOKUP($A199,Quantities[],Quantities!$T$2)*VLOOKUP($A199,Quantities[],Quantities!$S$2)))/SUM(VLOOKUP($A199,Quantities[],Quantities!$O$2),VLOOKUP($A199,Quantities[],Quantities!$Q$2),VLOOKUP($A199,Quantities[],Quantities!$S$2)),\n\n VLOOKUP(A199,Quantities[],Quantities!$H$2)\n))))))","v":"-"},{"$f":"IF(LEFT(D199,1)=\"U\",\"-\",VLOOKUP(D199,Equipment[],Equipment!$B$2))","v":"-"}]
[{"$f":"Quantities!A71","v":3004},"N","e",{"$f":"'Unit Rates'!$A$30","v":"U19"},"3004-N-e-U19",{"$f":"IF(D200=\"Comb1\",CONCATENATE(VLOOKUP(B200,'Activity-Material_Codes'!$A$2:$B$26,Quantities!$B$2),\"-\",VLOOKUP(A200,Quantities[],Quantities!$D$2)),\nCONCATENATE(\nVLOOKUP(B200,'Activity-Material_Codes'!$A$2:$B$26,Quantities!$B$2),\nIF(AND(B200=\"B\",C200=\"a\"), \" Scraper Grading\", \"\"),\nIF(C200=\"b\",\"\",\"-\"),\nIF(C200=\"b\",\"\",VLOOKUP(A200,Quantities[],Quantities!$D$2)),\nIF(LEFT(TEXT(A200,\"0\"),1)=\"5\",\"\",\"-\"),\nIF(LEFT(TEXT(A200,\"0\"),1)=\"5\",\"\",VLOOKUP(C200,'Activity-Material_Codes'!$A$30:$B$36,Quantities!$B$2))\n))","v":"Plug and Abandon Well-Wells-Final Grade"},{"$f":"CONCATENATE(\nIF(OR(RIGHT(TEXT($A200,\"0\"),Quantities!$B$2)=\"00\",LEFT(TEXT($A200,\"0\"),1)=\"5\",OR($C200=\"b\",$C200=\"f\")),\"\",VLOOKUP($A200,Quantities[],Quantities!$B$2)),\nIF(LEFT(TEXT($A200,\"0\"),1)=\"5\",\"\",\" \"),\nIF(OR(C200=\"a\",C200=\"c\",C200=\"d\",C200=\"e\"),IF(OR(RIGHT(TEXT($A200,\"0\"),Quantities!$B$2)=\"00\",LEFT(TEXT($A200,\"0\"),1)=\"5\"),VLOOKUP($A200,Quantities[],Quantities!$B$2),\"\"),\nIF(LEFT(TEXT($A200,\"0\"),1)=\"5\",VLOOKUP($A200,Quantities[],Quantities!$B$2),\nVLOOKUP(INDEX(Quantities!$A$100:$A$118,MATCH($A200,Quantities!$C$100:$C$118)),Quantities!$A$100:$B$118,Quantities!$B$2))))","v":"4-inch ID wells, avg. total depth = 172 ft (28% Year 19 and  rest Year 99 of closure) "},{"$f":"IF(LEFT(TEXT(A200,\"0\"),1)=\"5\",\nVLOOKUP(VLOOKUP(A200,Quantities!$A$4:$D$118,Quantities!$C$2),Quantities!$A$4:$D$118,Quantities!$C$2),\nIF(OR(C200=\"a\",C200=\"c\",C200=\"d\",C200=\"e\"),\n\"-\",\nIF(RIGHT(TEXT(A200,\"0\"),2)=\"00\",VLOOKUP(A200,Quantities[],Quantities!$B$2),\nIF(C200=\"f\",VLOOKUP(A200,Quantities[],Quantities!$B$2),\nVLOOKUP(A200,Quantities[],Quantities!$C$2))\n)))","v":"-"},{"$f":"IF(OR(AND(LEFT(D200,2)=\"Sc\",B200=\"A\",C200=\"d\"),AND(C200=\"f\",B200=\"D\")),\nSUM(VLOOKUP($A200,Quantities[],Quantities!$O$2),VLOOKUP($A200,Quantities[],Quantities!$Q$2),VLOOKUP($A200,Quantities[],Quantities!$S$2)),\n\nIF(AND(LEFT(D200,2)=\"Sc\",OR(C200=\"a\",C200=\"f\")),\nVLOOKUP(A200,Quantities[],Quantities!$I$2),\n\nIF(AND(B200=\"D\",C200=\"b\"),\n VLOOKUP(INDEX(Quantities!$A$100:$A$118,MATCH($A200,Quantities!$C$100:$C$118)),Quantities!$A$100:$AJ$118,Quantities!$O$2)+\nVLOOKUP(INDEX(Quantities!$A$100:$A$118,MATCH($A200,Quantities!$C$100:$C$118)),Quantities!$A$100:$AJ$118,Quantities!$Q$2)+\nVLOOKUP(INDEX(Quantities!$A$100:$A$118,MATCH($A200,Quantities!$C$100:$C$118)),Quantities!$A$100:$AJ$118,Quantities!$S$2),\n\nIF(OR(B200=\"D\",B200=\"Q\"),\nSUM(VLOOKUP($A200,Quantities[],Quantities!$O$2),VLOOKUP($A200,Quantities[],Quantities!$Q$2),VLOOKUP($A200,Quantities[],Quantities!$S$2)),\n\n VLOOKUP(A200,Quantities[],Quantities!$G$2)\n))))","v":0},{"$f":"IF(LEFT(D200,2)=\"Mg\", VLOOKUP(A200,Quantities[],Quantities!$H$2),\n\nIF(OR(AND(LEFT(D200,2)=\"Sc\",B200=\"A\",C200=\"d\",C200=\"f\")),\n(SUM(VLOOKUP($A200,Quantities[],Quantities!$P$2)*VLOOKUP($A200,Quantities[],Quantities!$O$2),VLOOKUP($A200,Quantities[],Quantities!$R$2)*VLOOKUP($A200,Quantities[],Quantities!$Q$2),VLOOKUP($A200,Quantities[],Quantities!$T$2)*VLOOKUP($A200,Quantities[],Quantities!$S$2)))/SUM(VLOOKUP($A200,Quantities[],Quantities!$O$2),VLOOKUP($A200,Quantities[],Quantities!$Q$2),VLOOKUP($A200,Quantities[],Quantities!$S$2)),\n\nIF(AND(LEFT(D200,2)=\"Sc\",OR(C200=\"a\",C200=\"f\")),\nVLOOKUP(A200,Quantities[],Quantities!$J$2),\n\nIF(AND(B200=\"D\",C200=\"b\", (VLOOKUP(INDEX(Quantities!$A$100:$A$118,MATCH($A200,Quantities!$C$100:$C$118)),Quantities[],Quantities!$O$2)+VLOOKUP(INDEX(Quantities!$A$100:$A$118,MATCH($A200,Quantities!$C$100:$C$118)),Quantities[],Quantities!$Q$2)+VLOOKUP(INDEX(Quantities!$A$100:$A$118,MATCH($A200,Quantities!$C$100:$C$118)),Quantities[],Quantities!$S$2))>0),\n(VLOOKUP(INDEX(Quantities!$A$100:$A$118,MATCH($A200,Quantities!$C$100:$C$118)),Quantities[],Quantities!$P$2)*VLOOKUP(INDEX(Quantities!$A$100:$A$118,MATCH($A200,Quantities!$C$100:$C$118)),Quantities[],Quantities!$O$2)\n+VLOOKUP(INDEX(Quantities!$A$100:$A$118,MATCH($A200,Quantities!$C$100:$C$118)),Quantities[],Quantities!$R$2)*VLOOKUP(INDEX(Quantities!$A$100:$A$118,MATCH($A200,Quantities!$C$100:$C$118)),Quantities[],Quantities!$Q$2)\n+VLOOKUP(INDEX(Quantities!$A$100:$A$118,MATCH($A200,Quantities!$C$100:$C$118)),Quantities[],Quantities!$T$2)*VLOOKUP(INDEX(Quantities!$A$100:$A$118,MATCH($A200,Quantities!$C$100:$C$118)),Quantities[],Quantities!$S$2))/\n(VLOOKUP(INDEX(Quantities!$A$100:$A$118,MATCH($A200,Quantities!$C$100:$C$118)),Quantities[],Quantities!$O$2)+VLOOKUP(INDEX(Quantities!$A$100:$A$118,MATCH($A200,Quantities!$C$100:$C$118)),Quantities[],Quantities!$Q$2)+VLOOKUP(A200,Quantities[],Quantities!$S$2)),\n\nIF(AND(B200=\"D\", (VLOOKUP(A200,Quantities[],Quantities!$O$2)+VLOOKUP(A200,Quantities[],Quantities!$Q$2)+VLOOKUP(A200,Quantities[],Quantities!$S$2))>0),\n(VLOOKUP(A200,Quantities[],Quantities!$P$2)*VLOOKUP(A200,Quantities[],Quantities!$O$2)\n+VLOOKUP(A200,Quantities[],Quantities!$R$2)*VLOOKUP(A200,Quantities[],Quantities!$Q$2)\n+VLOOKUP(A200,Quantities[],Quantities!$T$2)*VLOOKUP(A200,Quantities[],Quantities!$S$2))/\n(VLOOKUP(A200,Quantities[],Quantities!$O$2)+VLOOKUP(A200,Quantities[],Quantities!$Q$2)+VLOOKUP(A200,Quantities[],Quantities!$S$2)),\n\nIF($B200=\"Q\", (SUM(VLOOKUP($A200,Quantities[],Quantities!$P$2)*VLOOKUP($A200,Quantities[],Quantities!$O$2),VLOOKUP($A200,Quantities[],Quantities!$R$2)*VLOOKUP($A200,Quantities[],Quantities!$Q$2),VLOOKUP($A200,Quantities[],Quantities!$T$2)*VLOOKUP($A200,Quantities[],Quantities!$S$2)))/SUM(VLOOKUP($A200,Quantities[],Quantities!$O$2),VLOOKUP($A200,Quantities[],Quantities!$Q$2),VLOOKUP($A200,Quantities[],Quantities!$S$2)),\n\n VLOOKUP(A200,Quantities[],Quantities!$H$2)\n))))))","v":"-"},{"$f":"IF(LEFT(D200,1)=\"U\",\"-\",VLOOKUP(D200,Equipment[],Equipment!$B$2))","v":"-"}]
[{"$f":"Quantities!A36","v":2100},"N","e",{"$f":"'Unit Rates'!$A$30","v":"U19"},{"$f":"CONCATENATE(TEXT(A201,\"0\"),\"-\",B201,\"-\",C201,\"-\",D201)","v":"2100-N-e-U19"},{"$f":"IF(D201=\"Comb1\",CONCATENATE(VLOOKUP(B201,'Activity-Material_Codes'!$A$2:$B$26,Quantities!$B$2),\"-\",VLOOKUP(A201,Quantities[],Quantities!$D$2)),\nCONCATENATE(\nVLOOKUP(B201,'Activity-Material_Codes'!$A$2:$B$26,Quantities!$B$2),\nIF(AND(B201=\"B\",C201=\"a\"), \" Scraper Grading\", \"\"),\nIF(C201=\"b\",\"\",\"-\"),\nIF(C201=\"b\",\"\",VLOOKUP(A201,Quantities[],Quantities!$D$2)),\nIF(LEFT(TEXT(A201,\"0\"),1)=\"5\",\"\",\"-\"),\nIF(LEFT(TEXT(A201,\"0\"),1)=\"5\",\"\",VLOOKUP(C201,'Activity-Material_Codes'!$A$30:$B$36,Quantities!$B$2))\n))","v":"Plug and Abandon Well-Entire Stockpile-Final Grade"},{"$f":"CONCATENATE(\nIF(OR(RIGHT(TEXT($A201,\"0\"),Quantities!$B$2)=\"00\",LEFT(TEXT($A201,\"0\"),1)=\"5\",OR($C201=\"b\",$C201=\"f\")),\"\",VLOOKUP($A201,Quantities[],Quantities!$B$2)),\nIF(LEFT(TEXT($A201,\"0\"),1)=\"5\",\"\",\" \"),\nIF(OR(C201=\"a\",C201=\"c\",C201=\"d\",C201=\"e\"),IF(OR(RIGHT(TEXT($A201,\"0\"),Quantities!$B$2)=\"00\",LEFT(TEXT($A201,\"0\"),1)=\"5\"),VLOOKUP($A201,Quantities[],Quantities!$B$2),\"\"),\nIF(LEFT(TEXT($A201,\"0\"),1)=\"5\",VLOOKUP($A201,Quantities[],Quantities!$B$2),\nVLOOKUP(INDEX(Quantities!$A$100:$A$118,MATCH($A201,Quantities!$C$100:$C$118)),Quantities!$A$100:$B$118,Quantities!$B$2))))","v":" 9AX Waste"},{"$f":"IF(LEFT(TEXT(A201,\"0\"),1)=\"5\",\nVLOOKUP(VLOOKUP(A201,Quantities!$A$4:$D$118,Quantities!$C$2),Quantities!$A$4:$D$118,Quantities!$C$2),\nIF(OR(C201=\"a\",C201=\"c\",C201=\"d\",C201=\"e\"),\n\"-\",\nIF(RIGHT(TEXT(A201,\"0\"),2)=\"00\",VLOOKUP(A201,Quantities[],Quantities!$B$2),\nIF(C201=\"f\",VLOOKUP(A201,Quantities[],Quantities!$B$2),\nVLOOKUP(A201,Quantities[],Quantities!$C$2))\n)))","v":"-"},{"$f":"IF(OR(AND(LEFT(D201,2)=\"Sc\",B201=\"A\",C201=\"d\"),AND(C201=\"f\",B201=\"D\")),\nSUM(VLOOKUP($A201,Quantities[],Quantities!$O$2),VLOOKUP($A201,Quantities[],Quantities!$Q$2),VLOOKUP($A201,Quantities[],Quantities!$S$2)),\n\nIF(AND(LEFT(D201,2)=\"Sc\",OR(C201=\"a\",C201=\"f\")),\nVLOOKUP(A201,Quantities[],Quantities!$I$2),\n\nIF(AND(B201=\"D\",C201=\"b\"),\n VLOOKUP(INDEX(Quantities!$A$100:$A$118,MATCH($A201,Quantities!$C$100:$C$118)),Quantities!$A$100:$AJ$118,Quantities!$O$2)+\nVLOOKUP(INDEX(Quantities!$A$100:$A$118,MATCH($A201,Quantities!$C$100:$C$118)),Quantities!$A$100:$AJ$118,Quantities!$Q$2)+\nVLOOKUP(INDEX(Quantities!$A$100:$A$118,MATCH($A201,Quantities!$C$100:$C$118)),Quantities!$A$100:$AJ$118,Quantities!$S$2),\n\nIF(OR(B201=\"D\",B201=\"Q\"),\nSUM(VLOOKUP($A201,Quantities[],Quantities!$O$2),VLOOKUP($A201,Quantities[],Quantities!$Q$2),VLOOKUP($A201,Quantities[],Quantities!$S$2)),\n\n VLOOKUP(A201,Quantities[],Quantities!$G$2)\n))))","v":0},{"$f":"IF(LEFT(D201,2)=\"Mg\", VLOOKUP(A201,Quantities[],Quantities!$H$2),\n\nIF(OR(AND(LEFT(D201,2)=\"Sc\",B201=\"A\",C201=\"d\",C201=\"f\")),\n(SUM(VLOOKUP($A201,Quantities[],Quantities!$P$2)*VLOOKUP($A201,Quantities[],Quantities!$O$2),VLOOKUP($A201,Quantities[],Quantities!$R$2)*VLOOKUP($A201,Quantities[],Quantities!$Q$2),VLOOKUP($A201,Quantities[],Quantities!$T$2)*VLOOKUP($A201,Quantities[],Quantities!$S$2)))/SUM(VLOOKUP($A201,Quantities[],Quantities!$O$2),VLOOKUP($A201,Quantities[],Quantities!$Q$2),VLOOKUP($A201,Quantities[],Quantities!$S$2)),\n\nIF(AND(LEFT(D201,2)=\"Sc\",OR(C201=\"a\",C201=\"f\")),\nVLOOKUP(A201,Quantities[],Quantities!$J$2),\n\nIF(AND(B201=\"D\",C201=\"b\", (VLOOKUP(INDEX(Quantities!$A$100:$A$118,MATCH($A201,Quantities!$C$100:$C$118)),Quantities[],Quantities!$O$2)+VLOOKUP(INDEX(Quantities!$A$100:$A$118,MATCH($A201,Quantities!$C$100:$C$118)),Quantities[],Quantities!$Q$2)+VLOOKUP(INDEX(Quantities!$A$100:$A$118,MATCH($A201,Quantities!$C$100:$C$118)),Quantities[],Quantities!$S$2))>0),\n(VLOOKUP(INDEX(Quantities!$A$100:$A$118,MATCH($A201,Quantities!$C$100:$C$118)),Quantities[],Quantities!$P$2)*VLOOKUP(INDEX(Quantities!$A$100:$A$118,MATCH($A201,Quantities!$C$100:$C$118)),Quantities[],Quantities!$O$2)\n+VLOOKUP(INDEX(Quantities!$A$100:$A$118,MATCH($A201,Quantities!$C$100:$C$118)),Quantities[],Quantities!$R$2)*VLOOKUP(INDEX(Quantities!$A$100:$A$118,MATCH($A201,Quantities!$C$100:$C$118)),Quantities[],Quantities!$Q$2)\n+VLOOKUP(INDEX(Quantities!$A$100:$A$118,MATCH($A201,Quantities!$C$100:$C$118)),Quantities[],Quantities!$T$2)*VLOOKUP(INDEX(Quantities!$A$100:$A$118,MATCH($A201,Quantities!$C$100:$C$118)),Quantities[],Quantities!$S$2))/\n(VLOOKUP(INDEX(Quantities!$A$100:$A$118,MATCH($A201,Quantities!$C$100:$C$118)),Quantities[],Quantities!$O$2)+VLOOKUP(INDEX(Quantities!$A$100:$A$118,MATCH($A201,Quantities!$C$100:$C$118)),Quantities[],Quantities!$Q$2)+VLOOKUP(A201,Quantities[],Quantities!$S$2)),\n\nIF(AND(B201=\"D\", (VLOOKUP(A201,Quantities[],Quantities!$O$2)+VLOOKUP(A201,Quantities[],Quantities!$Q$2)+VLOOKUP(A201,Quantities[],Quantities!$S$2))>0),\n(VLOOKUP(A201,Quantities[],Quantities!$P$2)*VLOOKUP(A201,Quantities[],Quantities!$O$2)\n+VLOOKUP(A201,Quantities[],Quantities!$R$2)*VLOOKUP(A201,Quantities[],Quantities!$Q$2)\n+VLOOKUP(A201,Quantities[],Quantities!$T$2)*VLOOKUP(A201,Quantities[],Quantities!$S$2))/\n(VLOOKUP(A201,Quantities[],Quantities!$O$2)+VLOOKUP(A201,Quantities[],Quantities!$Q$2)+VLOOKUP(A201,Quantities[],Quantities!$S$2)),\n\nIF($B201=\"Q\", (SUM(VLOOKUP($A201,Quantities[],Quantities!$P$2)*VLOOKUP($A201,Quantities[],Quantities!$O$2),VLOOKUP($A201,Quantities[],Quantities!$R$2)*VLOOKUP($A201,Quantities[],Quantities!$Q$2),VLOOKUP($A201,Quantities[],Quantities!$T$2)*VLOOKUP($A201,Quantities[],Quantities!$S$2)))/SUM(VLOOKUP($A201,Quantities[],Quantities!$O$2),VLOOKUP($A201,Quantities[],Quantities!$Q$2),VLOOKUP($A201,Quantities[],Quantities!$S$2)),\n\n VLOOKUP(A201,Quantities[],Quantities!$H$2)\n))))))","v":"-"},{"$f":"IF(LEFT(D201,1)=\"U\",\"-\",VLOOKUP(D201,Equipment[],Equipment!$B$2))","v":"-"}]
[{"$f":"Quantities!A72","v":3005},"O","e",{"$f":"'Unit Rates'!$A$31","v":"U20"},"3005-O-e-U20",{"$f":"IF(D202=\"Comb1\",CONCATENATE(VLOOKUP(B202,'Activity-Material_Codes'!$A$2:$B$26,Quantities!$B$2),\"-\",VLOOKUP(A202,Quantities[],Quantities!$D$2)),\nCONCATENATE(\nVLOOKUP(B202,'Activity-Material_Codes'!$A$2:$B$26,Quantities!$B$2),\nIF(AND(B202=\"B\",C202=\"a\"), \" Scraper Grading\", \"\"),\nIF(C202=\"b\",\"\",\"-\"),\nIF(C202=\"b\",\"\",VLOOKUP(A202,Quantities[],Quantities!$D$2)),\nIF(LEFT(TEXT(A202,\"0\"),1)=\"5\",\"\",\"-\"),\nIF(LEFT(TEXT(A202,\"0\"),1)=\"5\",\"\",VLOOKUP(C202,'Activity-Material_Codes'!$A$30:$B$36,Quantities!$B$2))\n))","v":"Replace Well-Wells-Final Grade"},{"$f":"CONCATENATE(\nIF(OR(RIGHT(TEXT($A202,\"0\"),Quantities!$B$2)=\"00\",LEFT(TEXT($A202,\"0\"),1)=\"5\",OR($C202=\"b\",$C202=\"f\")),\"\",VLOOKUP($A202,Quantities[],Quantities!$B$2)),\nIF(LEFT(TEXT($A202,\"0\"),1)=\"5\",\"\",\" \"),\nIF(OR(C202=\"a\",C202=\"c\",C202=\"d\",C202=\"e\"),IF(OR(RIGHT(TEXT($A202,\"0\"),Quantities!$B$2)=\"00\",LEFT(TEXT($A202,\"0\"),1)=\"5\"),VLOOKUP($A202,Quantities[],Quantities!$B$2),\"\"),\nIF(LEFT(TEXT($A202,\"0\"),1)=\"5\",VLOOKUP($A202,Quantities[],Quantities!$B$2),\nVLOOKUP(INDEX(Quantities!$A$100:$A$118,MATCH($A202,Quantities!$C$100:$C$118)),Quantities!$A$100:$B$118,Quantities!$B$2))))","v":"6-inch ID wells (avg. TD = 135 ft) "},{"$f":"IF(LEFT(TEXT(A202,\"0\"),1)=\"5\",\nVLOOKUP(VLOOKUP(A202,Quantities!$A$4:$D$118,Quantities!$C$2),Quantities!$A$4:$D$118,Quantities!$C$2),\nIF(OR(C202=\"a\",C202=\"c\",C202=\"d\",C202=\"e\"),\n\"-\",\nIF(RIGHT(TEXT(A202,\"0\"),2)=\"00\",VLOOKUP(A202,Quantities[],Quantities!$B$2),\nIF(C202=\"f\",VLOOKUP(A202,Quantities[],Quantities!$B$2),\nVLOOKUP(A202,Quantities[],Quantities!$C$2))\n)))","v":"-"},{"$f":"IF(OR(AND(LEFT(D202,2)=\"Sc\",B202=\"A\",C202=\"d\"),AND(C202=\"f\",B202=\"D\")),\nSUM(VLOOKUP($A202,Quantities[],Quantities!$O$2),VLOOKUP($A202,Quantities[],Quantities!$Q$2),VLOOKUP($A202,Quantities[],Quantities!$S$2)),\n\nIF(AND(LEFT(D202,2)=\"Sc\",OR(C202=\"a\",C202=\"f\")),\nVLOOKUP(A202,Quantities[],Quantities!$I$2),\n\nIF(AND(B202=\"D\",C202=\"b\"),\n VLOOKUP(INDEX(Quantities!$A$100:$A$118,MATCH($A202,Quantities!$C$100:$C$118)),Quantities!$A$100:$AJ$118,Quantities!$O$2)+\nVLOOKUP(INDEX(Quantities!$A$100:$A$118,MATCH($A202,Quantities!$C$100:$C$118)),Quantities!$A$100:$AJ$118,Quantities!$Q$2)+\nVLOOKUP(INDEX(Quantities!$A$100:$A$118,MATCH($A202,Quantities!$C$100:$C$118)),Quantities!$A$100:$AJ$118,Quantities!$S$2),\n\nIF(OR(B202=\"D\",B202=\"Q\"),\nSUM(VLOOKUP($A202,Quantities[],Quantities!$O$2),VLOOKUP($A202,Quantities[],Quantities!$Q$2),VLOOKUP($A202,Quantities[],Quantities!$S$2)),\n\n VLOOKUP(A202,Quantities[],Quantities!$G$2)\n))))","v":0},{"$f":"IF(LEFT(D202,2)=\"Mg\", VLOOKUP(A202,Quantities[],Quantities!$H$2),\n\nIF(OR(AND(LEFT(D202,2)=\"Sc\",B202=\"A\",C202=\"d\",C202=\"f\")),\n(SUM(VLOOKUP($A202,Quantities[],Quantities!$P$2)*VLOOKUP($A202,Quantities[],Quantities!$O$2),VLOOKUP($A202,Quantities[],Quantities!$R$2)*VLOOKUP($A202,Quantities[],Quantities!$Q$2),VLOOKUP($A202,Quantities[],Quantities!$T$2)*VLOOKUP($A202,Quantities[],Quantities!$S$2)))/SUM(VLOOKUP($A202,Quantities[],Quantities!$O$2),VLOOKUP($A202,Quantities[],Quantities!$Q$2),VLOOKUP($A202,Quantities[],Quantities!$S$2)),\n\nIF(AND(LEFT(D202,2)=\"Sc\",OR(C202=\"a\",C202=\"f\")),\nVLOOKUP(A202,Quantities[],Quantities!$J$2),\n\nIF(AND(B202=\"D\",C202=\"b\", (VLOOKUP(INDEX(Quantities!$A$100:$A$118,MATCH($A202,Quantities!$C$100:$C$118)),Quantities[],Quantities!$O$2)+VLOOKUP(INDEX(Quantities!$A$100:$A$118,MATCH($A202,Quantities!$C$100:$C$118)),Quantities[],Quantities!$Q$2)+VLOOKUP(INDEX(Quantities!$A$100:$A$118,MATCH($A202,Quantities!$C$100:$C$118)),Quantities[],Quantities!$S$2))>0),\n(VLOOKUP(INDEX(Quantities!$A$100:$A$118,MATCH($A202,Quantities!$C$100:$C$118)),Quantities[],Quantities!$P$2)*VLOOKUP(INDEX(Quantities!$A$100:$A$118,MATCH($A202,Quantities!$C$100:$C$118)),Quantities[],Quantities!$O$2)\n+VLOOKUP(INDEX(Quantities!$A$100:$A$118,MATCH($A202,Quantities!$C$100:$C$118)),Quantities[],Quantities!$R$2)*VLOOKUP(INDEX(Quantities!$A$100:$A$118,MATCH($A202,Quantities!$C$100:$C$118)),Quantities[],Quantities!$Q$2)\n+VLOOKUP(INDEX(Quantities!$A$100:$A$118,MATCH($A202,Quantities!$C$100:$C$118)),Quantities[],Quantities!$T$2)*VLOOKUP(INDEX(Quantities!$A$100:$A$118,MATCH($A202,Quantities!$C$100:$C$118)),Quantities[],Quantities!$S$2))/\n(VLOOKUP(INDEX(Quantities!$A$100:$A$118,MATCH($A202,Quantities!$C$100:$C$118)),Quantities[],Quantities!$O$2)+VLOOKUP(INDEX(Quantities!$A$100:$A$118,MATCH($A202,Quantities!$C$100:$C$118)),Quantities[],Quantities!$Q$2)+VLOOKUP(A202,Quantities[],Quantities!$S$2)),\n\nIF(AND(B202=\"D\", (VLOOKUP(A202,Quantities[],Quantities!$O$2)+VLOOKUP(A202,Quantities[],Quantities!$Q$2)+VLOOKUP(A202,Quantities[],Quantities!$S$2))>0),\n(VLOOKUP(A202,Quantities[],Quantities!$P$2)*VLOOKUP(A202,Quantities[],Quantities!$O$2)\n+VLOOKUP(A202,Quantities[],Quantities!$R$2)*VLOOKUP(A202,Quantities[],Quantities!$Q$2)\n+VLOOKUP(A202,Quantities[],Quantities!$T$2)*VLOOKUP(A202,Quantities[],Quantities!$S$2))/\n(VLOOKUP(A202,Quantities[],Quantities!$O$2)+VLOOKUP(A202,Quantities[],Quantities!$Q$2)+VLOOKUP(A202,Quantities[],Quantities!$S$2)),\n\nIF($B202=\"Q\", (SUM(VLOOKUP($A202,Quantities[],Quantities!$P$2)*VLOOKUP($A202,Quantities[],Quantities!$O$2),VLOOKUP($A202,Quantities[],Quantities!$R$2)*VLOOKUP($A202,Quantities[],Quantities!$Q$2),VLOOKUP($A202,Quantities[],Quantities!$T$2)*VLOOKUP($A202,Quantities[],Quantities!$S$2)))/SUM(VLOOKUP($A202,Quantities[],Quantities!$O$2),VLOOKUP($A202,Quantities[],Quantities!$Q$2),VLOOKUP($A202,Quantities[],Quantities!$S$2)),\n\n VLOOKUP(A202,Quantities[],Quantities!$H$2)\n))))))","v":"-"},{"$f":"IF(LEFT(D202,1)=\"U\",\"-\",VLOOKUP(D202,Equipment[],Equipment!$B$2))","v":"-"}]
[{"$f":"Quantities!A73","v":3006},"O","e",{"$f":"'Unit Rates'!$A$31","v":"U20"},"3006-O-e-U20",{"$f":"IF(D203=\"Comb1\",CONCATENATE(VLOOKUP(B203,'Activity-Material_Codes'!$A$2:$B$26,Quantities!$B$2),\"-\",VLOOKUP(A203,Quantities[],Quantities!$D$2)),\nCONCATENATE(\nVLOOKUP(B203,'Activity-Material_Codes'!$A$2:$B$26,Quantities!$B$2),\nIF(AND(B203=\"B\",C203=\"a\"), \" Scraper Grading\", \"\"),\nIF(C203=\"b\",\"\",\"-\"),\nIF(C203=\"b\",\"\",VLOOKUP(A203,Quantities[],Quantities!$D$2)),\nIF(LEFT(TEXT(A203,\"0\"),1)=\"5\",\"\",\"-\"),\nIF(LEFT(TEXT(A203,\"0\"),1)=\"5\",\"\",VLOOKUP(C203,'Activity-Material_Codes'!$A$30:$B$36,Quantities!$B$2))\n))","v":"Replace Well-Wells-Final Grade"},{"$f":"CONCATENATE(\nIF(OR(RIGHT(TEXT($A203,\"0\"),Quantities!$B$2)=\"00\",LEFT(TEXT($A203,\"0\"),1)=\"5\",OR($C203=\"b\",$C203=\"f\")),\"\",VLOOKUP($A203,Quantities[],Quantities!$B$2)),\nIF(LEFT(TEXT($A203,\"0\"),1)=\"5\",\"\",\" \"),\nIF(OR(C203=\"a\",C203=\"c\",C203=\"d\",C203=\"e\"),IF(OR(RIGHT(TEXT($A203,\"0\"),Quantities!$B$2)=\"00\",LEFT(TEXT($A203,\"0\"),1)=\"5\"),VLOOKUP($A203,Quantities[],Quantities!$B$2),\"\"),\nIF(LEFT(TEXT($A203,\"0\"),1)=\"5\",VLOOKUP($A203,Quantities[],Quantities!$B$2),\nVLOOKUP(INDEX(Quantities!$A$100:$A$118,MATCH($A203,Quantities!$C$100:$C$118)),Quantities!$A$100:$B$118,Quantities!$B$2))))","v":"286-2008-04 (5\" x 200') Well "},{"$f":"IF(LEFT(TEXT(A203,\"0\"),1)=\"5\",\nVLOOKUP(VLOOKUP(A203,Quantities!$A$4:$D$118,Quantities!$C$2),Quantities!$A$4:$D$118,Quantities!$C$2),\nIF(OR(C203=\"a\",C203=\"c\",C203=\"d\",C203=\"e\"),\n\"-\",\nIF(RIGHT(TEXT(A203,\"0\"),2)=\"00\",VLOOKUP(A203,Quantities[],Quantities!$B$2),\nIF(C203=\"f\",VLOOKUP(A203,Quantities[],Quantities!$B$2),\nVLOOKUP(A203,Quantities[],Quantities!$C$2))\n)))","v":"-"},{"$f":"IF(OR(AND(LEFT(D203,2)=\"Sc\",B203=\"A\",C203=\"d\"),AND(C203=\"f\",B203=\"D\")),\nSUM(VLOOKUP($A203,Quantities[],Quantities!$O$2),VLOOKUP($A203,Quantities[],Quantities!$Q$2),VLOOKUP($A203,Quantities[],Quantities!$S$2)),\n\nIF(AND(LEFT(D203,2)=\"Sc\",OR(C203=\"a\",C203=\"f\")),\nVLOOKUP(A203,Quantities[],Quantities!$I$2),\n\nIF(AND(B203=\"D\",C203=\"b\"),\n VLOOKUP(INDEX(Quantities!$A$100:$A$118,MATCH($A203,Quantities!$C$100:$C$118)),Quantities!$A$100:$AJ$118,Quantities!$O$2)+\nVLOOKUP(INDEX(Quantities!$A$100:$A$118,MATCH($A203,Quantities!$C$100:$C$118)),Quantities!$A$100:$AJ$118,Quantities!$Q$2)+\nVLOOKUP(INDEX(Quantities!$A$100:$A$118,MATCH($A203,Quantities!$C$100:$C$118)),Quantities!$A$100:$AJ$118,Quantities!$S$2),\n\nIF(OR(B203=\"D\",B203=\"Q\"),\nSUM(VLOOKUP($A203,Quantities[],Quantities!$O$2),VLOOKUP($A203,Quantities[],Quantities!$Q$2),VLOOKUP($A203,Quantities[],Quantities!$S$2)),\n\n VLOOKUP(A203,Quantities[],Quantities!$G$2)\n))))","v":0},{"$f":"IF(LEFT(D203,2)=\"Mg\", VLOOKUP(A203,Quantities[],Quantities!$H$2),\n\nIF(OR(AND(LEFT(D203,2)=\"Sc\",B203=\"A\",C203=\"d\",C203=\"f\")),\n(SUM(VLOOKUP($A203,Quantities[],Quantities!$P$2)*VLOOKUP($A203,Quantities[],Quantities!$O$2),VLOOKUP($A203,Quantities[],Quantities!$R$2)*VLOOKUP($A203,Quantities[],Quantities!$Q$2),VLOOKUP($A203,Quantities[],Quantities!$T$2)*VLOOKUP($A203,Quantities[],Quantities!$S$2)))/SUM(VLOOKUP($A203,Quantities[],Quantities!$O$2),VLOOKUP($A203,Quantities[],Quantities!$Q$2),VLOOKUP($A203,Quantities[],Quantities!$S$2)),\n\nIF(AND(LEFT(D203,2)=\"Sc\",OR(C203=\"a\",C203=\"f\")),\nVLOOKUP(A203,Quantities[],Quantities!$J$2),\n\nIF(AND(B203=\"D\",C203=\"b\", (VLOOKUP(INDEX(Quantities!$A$100:$A$118,MATCH($A203,Quantities!$C$100:$C$118)),Quantities[],Quantities!$O$2)+VLOOKUP(INDEX(Quantities!$A$100:$A$118,MATCH($A203,Quantities!$C$100:$C$118)),Quantities[],Quantities!$Q$2)+VLOOKUP(INDEX(Quantities!$A$100:$A$118,MATCH($A203,Quantities!$C$100:$C$118)),Quantities[],Quantities!$S$2))>0),\n(VLOOKUP(INDEX(Quantities!$A$100:$A$118,MATCH($A203,Quantities!$C$100:$C$118)),Quantities[],Quantities!$P$2)*VLOOKUP(INDEX(Quantities!$A$100:$A$118,MATCH($A203,Quantities!$C$100:$C$118)),Quantities[],Quantities!$O$2)\n+VLOOKUP(INDEX(Quantities!$A$100:$A$118,MATCH($A203,Quantities!$C$100:$C$118)),Quantities[],Quantities!$R$2)*VLOOKUP(INDEX(Quantities!$A$100:$A$118,MATCH($A203,Quantities!$C$100:$C$118)),Quantities[],Quantities!$Q$2)\n+VLOOKUP(INDEX(Quantities!$A$100:$A$118,MATCH($A203,Quantities!$C$100:$C$118)),Quantities[],Quantities!$T$2)*VLOOKUP(INDEX(Quantities!$A$100:$A$118,MATCH($A203,Quantities!$C$100:$C$118)),Quantities[],Quantities!$S$2))/\n(VLOOKUP(INDEX(Quantities!$A$100:$A$118,MATCH($A203,Quantities!$C$100:$C$118)),Quantities[],Quantities!$O$2)+VLOOKUP(INDEX(Quantities!$A$100:$A$118,MATCH($A203,Quantities!$C$100:$C$118)),Quantities[],Quantities!$Q$2)+VLOOKUP(A203,Quantities[],Quantities!$S$2)),\n\nIF(AND(B203=\"D\", (VLOOKUP(A203,Quantities[],Quantities!$O$2)+VLOOKUP(A203,Quantities[],Quantities!$Q$2)+VLOOKUP(A203,Quantities[],Quantities!$S$2))>0),\n(VLOOKUP(A203,Quantities[],Quantities!$P$2)*VLOOKUP(A203,Quantities[],Quantities!$O$2)\n+VLOOKUP(A203,Quantities[],Quantities!$R$2)*VLOOKUP(A203,Quantities[],Quantities!$Q$2)\n+VLOOKUP(A203,Quantities[],Quantities!$T$2)*VLOOKUP(A203,Quantities[],Quantities!$S$2))/\n(VLOOKUP(A203,Quantities[],Quantities!$O$2)+VLOOKUP(A203,Quantities[],Quantities!$Q$2)+VLOOKUP(A203,Quantities[],Quantities!$S$2)),\n\nIF($B203=\"Q\", (SUM(VLOOKUP($A203,Quantities[],Quantities!$P$2)*VLOOKUP($A203,Quantities[],Quantities!$O$2),VLOOKUP($A203,Quantities[],Quantities!$R$2)*VLOOKUP($A203,Quantities[],Quantities!$Q$2),VLOOKUP($A203,Quantities[],Quantities!$T$2)*VLOOKUP($A203,Quantities[],Quantities!$S$2)))/SUM(VLOOKUP($A203,Quantities[],Quantities!$O$2),VLOOKUP($A203,Quantities[],Quantities!$Q$2),VLOOKUP($A203,Quantities[],Quantities!$S$2)),\n\n VLOOKUP(A203,Quantities[],Quantities!$H$2)\n))))))","v":"-"},{"$f":"IF(LEFT(D203,1)=\"U\",\"-\",VLOOKUP(D203,Equipment[],Equipment!$B$2))","v":"-"}]
[{"$f":"Quantities!A74","v":3007},"O","e",{"$f":"'Unit Rates'!$A$31","v":"U20"},{"$f":"CONCATENATE(TEXT(A204,\"0\"),\"-\",B204,\"-\",C204,\"-\",D204)","v":"3007-O-e-U20"},{"$f":"IF(D204=\"Comb1\",CONCATENATE(VLOOKUP(B204,'Activity-Material_Codes'!$A$2:$B$26,Quantities!$B$2),\"-\",VLOOKUP(A204,Quantities[],Quantities!$D$2)),\nCONCATENATE(\nVLOOKUP(B204,'Activity-Material_Codes'!$A$2:$B$26,Quantities!$B$2),\nIF(AND(B204=\"B\",C204=\"a\"), \" Scraper Grading\", \"\"),\nIF(C204=\"b\",\"\",\"-\"),\nIF(C204=\"b\",\"\",VLOOKUP(A204,Quantities[],Quantities!$D$2)),\nIF(LEFT(TEXT(A204,\"0\"),1)=\"5\",\"\",\"-\"),\nIF(LEFT(TEXT(A204,\"0\"),1)=\"5\",\"\",VLOOKUP(C204,'Activity-Material_Codes'!$A$30:$B$36,Quantities!$B$2))\n))","v":"Replace Well-Wells-Final Grade"},{"$f":"CONCATENATE(\nIF(OR(RIGHT(TEXT($A204,\"0\"),Quantities!$B$2)=\"00\",LEFT(TEXT($A204,\"0\"),1)=\"5\",OR($C204=\"b\",$C204=\"f\")),\"\",VLOOKUP($A204,Quantities[],Quantities!$B$2)),\nIF(LEFT(TEXT($A204,\"0\"),1)=\"5\",\"\",\" \"),\nIF(OR(C204=\"a\",C204=\"c\",C204=\"d\",C204=\"e\"),IF(OR(RIGHT(TEXT($A204,\"0\"),Quantities!$B$2)=\"00\",LEFT(TEXT($A204,\"0\"),1)=\"5\"),VLOOKUP($A204,Quantities[],Quantities!$B$2),\"\"),\nIF(LEFT(TEXT($A204,\"0\"),1)=\"5\",VLOOKUP($A204,Quantities[],Quantities!$B$2),\nVLOOKUP(INDEX(Quantities!$A$100:$A$118,MATCH($A204,Quantities!$C$100:$C$118)),Quantities!$A$100:$B$118,Quantities!$B$2))))","v":"286-2008-05 (5\" x 200') Well "},{"$f":"IF(LEFT(TEXT(A204,\"0\"),1)=\"5\",\nVLOOKUP(VLOOKUP(A204,Quantities!$A$4:$D$118,Quantities!$C$2),Quantities!$A$4:$D$118,Quantities!$C$2),\nIF(OR(C204=\"a\",C204=\"c\",C204=\"d\",C204=\"e\"),\n\"-\",\nIF(RIGHT(TEXT(A204,\"0\"),2)=\"00\",VLOOKUP(A204,Quantities[],Quantities!$B$2),\nIF(C204=\"f\",VLOOKUP(A204,Quantities[],Quantities!$B$2),\nVLOOKUP(A204,Quantities[],Quantities!$C$2))\n)))","v":"-"},{"$f":"IF(OR(AND(LEFT(D204,2)=\"Sc\",B204=\"A\",C204=\"d\"),AND(C204=\"f\",B204=\"D\")),\nSUM(VLOOKUP($A204,Quantities[],Quantities!$O$2),VLOOKUP($A204,Quantities[],Quantities!$Q$2),VLOOKUP($A204,Quantities[],Quantities!$S$2)),\n\nIF(AND(LEFT(D204,2)=\"Sc\",OR(C204=\"a\",C204=\"f\")),\nVLOOKUP(A204,Quantities[],Quantities!$I$2),\n\nIF(AND(B204=\"D\",C204=\"b\"),\n VLOOKUP(INDEX(Quantities!$A$100:$A$118,MATCH($A204,Quantities!$C$100:$C$118)),Quantities!$A$100:$AJ$118,Quantities!$O$2)+\nVLOOKUP(INDEX(Quantities!$A$100:$A$118,MATCH($A204,Quantities!$C$100:$C$118)),Quantities!$A$100:$AJ$118,Quantities!$Q$2)+\nVLOOKUP(INDEX(Quantities!$A$100:$A$118,MATCH($A204,Quantities!$C$100:$C$118)),Quantities!$A$100:$AJ$118,Quantities!$S$2),\n\nIF(OR(B204=\"D\",B204=\"Q\"),\nSUM(VLOOKUP($A204,Quantities[],Quantities!$O$2),VLOOKUP($A204,Quantities[],Quantities!$Q$2),VLOOKUP($A204,Quantities[],Quantities!$S$2)),\n\n VLOOKUP(A204,Quantities[],Quantities!$G$2)\n))))","v":0},{"$f":"IF(LEFT(D204,2)=\"Mg\", VLOOKUP(A204,Quantities[],Quantities!$H$2),\n\nIF(OR(AND(LEFT(D204,2)=\"Sc\",B204=\"A\",C204=\"d\",C204=\"f\")),\n(SUM(VLOOKUP($A204,Quantities[],Quantities!$P$2)*VLOOKUP($A204,Quantities[],Quantities!$O$2),VLOOKUP($A204,Quantities[],Quantities!$R$2)*VLOOKUP($A204,Quantities[],Quantities!$Q$2),VLOOKUP($A204,Quantities[],Quantities!$T$2)*VLOOKUP($A204,Quantities[],Quantities!$S$2)))/SUM(VLOOKUP($A204,Quantities[],Quantities!$O$2),VLOOKUP($A204,Quantities[],Quantities!$Q$2),VLOOKUP($A204,Quantities[],Quantities!$S$2)),\n\nIF(AND(LEFT(D204,2)=\"Sc\",OR(C204=\"a\",C204=\"f\")),\nVLOOKUP(A204,Quantities[],Quantities!$J$2),\n\nIF(AND(B204=\"D\",C204=\"b\", (VLOOKUP(INDEX(Quantities!$A$100:$A$118,MATCH($A204,Quantities!$C$100:$C$118)),Quantities[],Quantities!$O$2)+VLOOKUP(INDEX(Quantities!$A$100:$A$118,MATCH($A204,Quantities!$C$100:$C$118)),Quantities[],Quantities!$Q$2)+VLOOKUP(INDEX(Quantities!$A$100:$A$118,MATCH($A204,Quantities!$C$100:$C$118)),Quantities[],Quantities!$S$2))>0),\n(VLOOKUP(INDEX(Quantities!$A$100:$A$118,MATCH($A204,Quantities!$C$100:$C$118)),Quantities[],Quantities!$P$2)*VLOOKUP(INDEX(Quantities!$A$100:$A$118,MATCH($A204,Quantities!$C$100:$C$118)),Quantities[],Quantities!$O$2)\n+VLOOKUP(INDEX(Quantities!$A$100:$A$118,MATCH($A204,Quantities!$C$100:$C$118)),Quantities[],Quantities!$R$2)*VLOOKUP(INDEX(Quantities!$A$100:$A$118,MATCH($A204,Quantities!$C$100:$C$118)),Quantities[],Quantities!$Q$2)\n+VLOOKUP(INDEX(Quantities!$A$100:$A$118,MATCH($A204,Quantities!$C$100:$C$118)),Quantities[],Quantities!$T$2)*VLOOKUP(INDEX(Quantities!$A$100:$A$118,MATCH($A204,Quantities!$C$100:$C$118)),Quantities[],Quantities!$S$2))/\n(VLOOKUP(INDEX(Quantities!$A$100:$A$118,MATCH($A204,Quantities!$C$100:$C$118)),Quantities[],Quantities!$O$2)+VLOOKUP(INDEX(Quantities!$A$100:$A$118,MATCH($A204,Quantities!$C$100:$C$118)),Quantities[],Quantities!$Q$2)+VLOOKUP(A204,Quantities[],Quantities!$S$2)),\n\nIF(AND(B204=\"D\", (VLOOKUP(A204,Quantities[],Quantities!$O$2)+VLOOKUP(A204,Quantities[],Quantities!$Q$2)+VLOOKUP(A204,Quantities[],Quantities!$S$2))>0),\n(VLOOKUP(A204,Quantities[],Quantities!$P$2)*VLOOKUP(A204,Quantities[],Quantities!$O$2)\n+VLOOKUP(A204,Quantities[],Quantities!$R$2)*VLOOKUP(A204,Quantities[],Quantities!$Q$2)\n+VLOOKUP(A204,Quantities[],Quantities!$T$2)*VLOOKUP(A204,Quantities[],Quantities!$S$2))/\n(VLOOKUP(A204,Quantities[],Quantities!$O$2)+VLOOKUP(A204,Quantities[],Quantities!$Q$2)+VLOOKUP(A204,Quantities[],Quantities!$S$2)),\n\nIF($B204=\"Q\", (SUM(VLOOKUP($A204,Quantities[],Quantities!$P$2)*VLOOKUP($A204,Quantities[],Quantities!$O$2),VLOOKUP($A204,Quantities[],Quantities!$R$2)*VLOOKUP($A204,Quantities[],Quantities!$Q$2),VLOOKUP($A204,Quantities[],Quantities!$T$2)*VLOOKUP($A204,Quantities[],Quantities!$S$2)))/SUM(VLOOKUP($A204,Quantities[],Quantities!$O$2),VLOOKUP($A204,Quantities[],Quantities!$Q$2),VLOOKUP($A204,Quantities[],Quantities!$S$2)),\n\n VLOOKUP(A204,Quantities[],Quantities!$H$2)\n))))))","v":"-"},{"$f":"IF(LEFT(D204,1)=\"U\",\"-\",VLOOKUP(D204,Equipment[],Equipment!$B$2))","v":"-"}]
[{"$f":"Quantities!A75","v":3008},"O","e",{"$f":"'Unit Rates'!$A$31","v":"U20"},"3008-O-e-U20",{"$f":"IF(D205=\"Comb1\",CONCATENATE(VLOOKUP(B205,'Activity-Material_Codes'!$A$2:$B$26,Quantities!$B$2),\"-\",VLOOKUP(A205,Quantities[],Quantities!$D$2)),\nCONCATENATE(\nVLOOKUP(B205,'Activity-Material_Codes'!$A$2:$B$26,Quantities!$B$2),\nIF(AND(B205=\"B\",C205=\"a\"), \" Scraper Grading\", \"\"),\nIF(C205=\"b\",\"\",\"-\"),\nIF(C205=\"b\",\"\",VLOOKUP(A205,Quantities[],Quantities!$D$2)),\nIF(LEFT(TEXT(A205,\"0\"),1)=\"5\",\"\",\"-\"),\nIF(LEFT(TEXT(A205,\"0\"),1)=\"5\",\"\",VLOOKUP(C205,'Activity-Material_Codes'!$A$30:$B$36,Quantities!$B$2))\n))","v":"Replace Well-Wells-Final Grade"},{"$f":"CONCATENATE(\nIF(OR(RIGHT(TEXT($A205,\"0\"),Quantities!$B$2)=\"00\",LEFT(TEXT($A205,\"0\"),1)=\"5\",OR($C205=\"b\",$C205=\"f\")),\"\",VLOOKUP($A205,Quantities[],Quantities!$B$2)),\nIF(LEFT(TEXT($A205,\"0\"),1)=\"5\",\"\",\" \"),\nIF(OR(C205=\"a\",C205=\"c\",C205=\"d\",C205=\"e\"),IF(OR(RIGHT(TEXT($A205,\"0\"),Quantities!$B$2)=\"00\",LEFT(TEXT($A205,\"0\"),1)=\"5\"),VLOOKUP($A205,Quantities[],Quantities!$B$2),\"\"),\nIF(LEFT(TEXT($A205,\"0\"),1)=\"5\",VLOOKUP($A205,Quantities[],Quantities!$B$2),\nVLOOKUP(INDEX(Quantities!$A$100:$A$118,MATCH($A205,Quantities!$C$100:$C$118)),Quantities!$A$100:$B$118,Quantities!$B$2))))","v":"286-2008-06 (4\" x 60.5') Well "},{"$f":"IF(LEFT(TEXT(A205,\"0\"),1)=\"5\",\nVLOOKUP(VLOOKUP(A205,Quantities!$A$4:$D$118,Quantities!$C$2),Quantities!$A$4:$D$118,Quantities!$C$2),\nIF(OR(C205=\"a\",C205=\"c\",C205=\"d\",C205=\"e\"),\n\"-\",\nIF(RIGHT(TEXT(A205,\"0\"),2)=\"00\",VLOOKUP(A205,Quantities[],Quantities!$B$2),\nIF(C205=\"f\",VLOOKUP(A205,Quantities[],Quantities!$B$2),\nVLOOKUP(A205,Quantities[],Quantities!$C$2))\n)))","v":"-"},{"$f":"IF(OR(AND(LEFT(D205,2)=\"Sc\",B205=\"A\",C205=\"d\"),AND(C205=\"f\",B205=\"D\")),\nSUM(VLOOKUP($A205,Quantities[],Quantities!$O$2),VLOOKUP($A205,Quantities[],Quantities!$Q$2),VLOOKUP($A205,Quantities[],Quantities!$S$2)),\n\nIF(AND(LEFT(D205,2)=\"Sc\",OR(C205=\"a\",C205=\"f\")),\nVLOOKUP(A205,Quantities[],Quantities!$I$2),\n\nIF(AND(B205=\"D\",C205=\"b\"),\n VLOOKUP(INDEX(Quantities!$A$100:$A$118,MATCH($A205,Quantities!$C$100:$C$118)),Quantities!$A$100:$AJ$118,Quantities!$O$2)+\nVLOOKUP(INDEX(Quantities!$A$100:$A$118,MATCH($A205,Quantities!$C$100:$C$118)),Quantities!$A$100:$AJ$118,Quantities!$Q$2)+\nVLOOKUP(INDEX(Quantities!$A$100:$A$118,MATCH($A205,Quantities!$C$100:$C$118)),Quantities!$A$100:$AJ$118,Quantities!$S$2),\n\nIF(OR(B205=\"D\",B205=\"Q\"),\nSUM(VLOOKUP($A205,Quantities[],Quantities!$O$2),VLOOKUP($A205,Quantities[],Quantities!$Q$2),VLOOKUP($A205,Quantities[],Quantities!$S$2)),\n\n VLOOKUP(A205,Quantities[],Quantities!$G$2)\n))))","v":0},{"$f":"IF(LEFT(D205,2)=\"Mg\", VLOOKUP(A205,Quantities[],Quantities!$H$2),\n\nIF(OR(AND(LEFT(D205,2)=\"Sc\",B205=\"A\",C205=\"d\",C205=\"f\")),\n(SUM(VLOOKUP($A205,Quantities[],Quantities!$P$2)*VLOOKUP($A205,Quantities[],Quantities!$O$2),VLOOKUP($A205,Quantities[],Quantities!$R$2)*VLOOKUP($A205,Quantities[],Quantities!$Q$2),VLOOKUP($A205,Quantities[],Quantities!$T$2)*VLOOKUP($A205,Quantities[],Quantities!$S$2)))/SUM(VLOOKUP($A205,Quantities[],Quantities!$O$2),VLOOKUP($A205,Quantities[],Quantities!$Q$2),VLOOKUP($A205,Quantities[],Quantities!$S$2)),\n\nIF(AND(LEFT(D205,2)=\"Sc\",OR(C205=\"a\",C205=\"f\")),\nVLOOKUP(A205,Quantities[],Quantities!$J$2),\n\nIF(AND(B205=\"D\",C205=\"b\", (VLOOKUP(INDEX(Quantities!$A$100:$A$118,MATCH($A205,Quantities!$C$100:$C$118)),Quantities[],Quantities!$O$2)+VLOOKUP(INDEX(Quantities!$A$100:$A$118,MATCH($A205,Quantities!$C$100:$C$118)),Quantities[],Quantities!$Q$2)+VLOOKUP(INDEX(Quantities!$A$100:$A$118,MATCH($A205,Quantities!$C$100:$C$118)),Quantities[],Quantities!$S$2))>0),\n(VLOOKUP(INDEX(Quantities!$A$100:$A$118,MATCH($A205,Quantities!$C$100:$C$118)),Quantities[],Quantities!$P$2)*VLOOKUP(INDEX(Quantities!$A$100:$A$118,MATCH($A205,Quantities!$C$100:$C$118)),Quantities[],Quantities!$O$2)\n+VLOOKUP(INDEX(Quantities!$A$100:$A$118,MATCH($A205,Quantities!$C$100:$C$118)),Quantities[],Quantities!$R$2)*VLOOKUP(INDEX(Quantities!$A$100:$A$118,MATCH($A205,Quantities!$C$100:$C$118)),Quantities[],Quantities!$Q$2)\n+VLOOKUP(INDEX(Quantities!$A$100:$A$118,MATCH($A205,Quantities!$C$100:$C$118)),Quantities[],Quantities!$T$2)*VLOOKUP(INDEX(Quantities!$A$100:$A$118,MATCH($A205,Quantities!$C$100:$C$118)),Quantities[],Quantities!$S$2))/\n(VLOOKUP(INDEX(Quantities!$A$100:$A$118,MATCH($A205,Quantities!$C$100:$C$118)),Quantities[],Quantities!$O$2)+VLOOKUP(INDEX(Quantities!$A$100:$A$118,MATCH($A205,Quantities!$C$100:$C$118)),Quantities[],Quantities!$Q$2)+VLOOKUP(A205,Quantities[],Quantities!$S$2)),\n\nIF(AND(B205=\"D\", (VLOOKUP(A205,Quantities[],Quantities!$O$2)+VLOOKUP(A205,Quantities[],Quantities!$Q$2)+VLOOKUP(A205,Quantities[],Quantities!$S$2))>0),\n(VLOOKUP(A205,Quantities[],Quantities!$P$2)*VLOOKUP(A205,Quantities[],Quantities!$O$2)\n+VLOOKUP(A205,Quantities[],Quantities!$R$2)*VLOOKUP(A205,Quantities[],Quantities!$Q$2)\n+VLOOKUP(A205,Quantities[],Quantities!$T$2)*VLOOKUP(A205,Quantities[],Quantities!$S$2))/\n(VLOOKUP(A205,Quantities[],Quantities!$O$2)+VLOOKUP(A205,Quantities[],Quantities!$Q$2)+VLOOKUP(A205,Quantities[],Quantities!$S$2)),\n\nIF($B205=\"Q\", (SUM(VLOOKUP($A205,Quantities[],Quantities!$P$2)*VLOOKUP($A205,Quantities[],Quantities!$O$2),VLOOKUP($A205,Quantities[],Quantities!$R$2)*VLOOKUP($A205,Quantities[],Quantities!$Q$2),VLOOKUP($A205,Quantities[],Quantities!$T$2)*VLOOKUP($A205,Quantities[],Quantities!$S$2)))/SUM(VLOOKUP($A205,Quantities[],Quantities!$O$2),VLOOKUP($A205,Quantities[],Quantities!$Q$2),VLOOKUP($A205,Quantities[],Quantities!$S$2)),\n\n VLOOKUP(A205,Quantities[],Quantities!$H$2)\n))))))","v":"-"},{"$f":"IF(LEFT(D205,1)=\"U\",\"-\",VLOOKUP(D205,Equipment[],Equipment!$B$2))","v":"-"}]
[{"$f":"Quantities!A76","v":3009},"N","e",{"$f":"'Unit Rates'!$A$30","v":"U19"},"3009-N-e-U19",{"$f":"IF(D206=\"Comb1\",CONCATENATE(VLOOKUP(B206,'Activity-Material_Codes'!$A$2:$B$26,Quantities!$B$2),\"-\",VLOOKUP(A206,Quantities[],Quantities!$D$2)),\nCONCATENATE(\nVLOOKUP(B206,'Activity-Material_Codes'!$A$2:$B$26,Quantities!$B$2),\nIF(AND(B206=\"B\",C206=\"a\"), \" Scraper Grading\", \"\"),\nIF(C206=\"b\",\"\",\"-\"),\nIF(C206=\"b\",\"\",VLOOKUP(A206,Quantities[],Quantities!$D$2)),\nIF(LEFT(TEXT(A206,\"0\"),1)=\"5\",\"\",\"-\"),\nIF(LEFT(TEXT(A206,\"0\"),1)=\"5\",\"\",VLOOKUP(C206,'Activity-Material_Codes'!$A$30:$B$36,Quantities!$B$2))\n))","v":"Plug and Abandon Well-Wells-Final Grade"},{"$f":"CONCATENATE(\nIF(OR(RIGHT(TEXT($A206,\"0\"),Quantities!$B$2)=\"00\",LEFT(TEXT($A206,\"0\"),1)=\"5\",OR($C206=\"b\",$C206=\"f\")),\"\",VLOOKUP($A206,Quantities[],Quantities!$B$2)),\nIF(LEFT(TEXT($A206,\"0\"),1)=\"5\",\"\",\" \"),\nIF(OR(C206=\"a\",C206=\"c\",C206=\"d\",C206=\"e\"),IF(OR(RIGHT(TEXT($A206,\"0\"),Quantities!$B$2)=\"00\",LEFT(TEXT($A206,\"0\"),1)=\"5\"),VLOOKUP($A206,Quantities[],Quantities!$B$2),\"\"),\nIF(LEFT(TEXT($A206,\"0\"),1)=\"5\",VLOOKUP($A206,Quantities[],Quantities!$B$2),\nVLOOKUP(INDEX(Quantities!$A$100:$A$118,MATCH($A206,Quantities!$C$100:$C$118)),Quantities!$A$100:$B$118,Quantities!$B$2))))","v":"Exploration Holes "},{"$f":"IF(LEFT(TEXT(A206,\"0\"),1)=\"5\",\nVLOOKUP(VLOOKUP(A206,Quantities!$A$4:$D$118,Quantities!$C$2),Quantities!$A$4:$D$118,Quantities!$C$2),\nIF(OR(C206=\"a\",C206=\"c\",C206=\"d\",C206=\"e\"),\n\"-\",\nIF(RIGHT(TEXT(A206,\"0\"),2)=\"00\",VLOOKUP(A206,Quantities[],Quantities!$B$2),\nIF(C206=\"f\",VLOOKUP(A206,Quantities[],Quantities!$B$2),\nVLOOKUP(A206,Quantities[],Quantities!$C$2))\n)))","v":"-"},{"$f":"IF(OR(AND(LEFT(D206,2)=\"Sc\",B206=\"A\",C206=\"d\"),AND(C206=\"f\",B206=\"D\")),\nSUM(VLOOKUP($A206,Quantities[],Quantities!$O$2),VLOOKUP($A206,Quantities[],Quantities!$Q$2),VLOOKUP($A206,Quantities[],Quantities!$S$2)),\n\nIF(AND(LEFT(D206,2)=\"Sc\",OR(C206=\"a\",C206=\"f\")),\nVLOOKUP(A206,Quantities[],Quantities!$I$2),\n\nIF(AND(B206=\"D\",C206=\"b\"),\n VLOOKUP(INDEX(Quantities!$A$100:$A$118,MATCH($A206,Quantities!$C$100:$C$118)),Quantities!$A$100:$AJ$118,Quantities!$O$2)+\nVLOOKUP(INDEX(Quantities!$A$100:$A$118,MATCH($A206,Quantities!$C$100:$C$118)),Quantities!$A$100:$AJ$118,Quantities!$Q$2)+\nVLOOKUP(INDEX(Quantities!$A$100:$A$118,MATCH($A206,Quantities!$C$100:$C$118)),Quantities!$A$100:$AJ$118,Quantities!$S$2),\n\nIF(OR(B206=\"D\",B206=\"Q\"),\nSUM(VLOOKUP($A206,Quantities[],Quantities!$O$2),VLOOKUP($A206,Quantities[],Quantities!$Q$2),VLOOKUP($A206,Quantities[],Quantities!$S$2)),\n\n VLOOKUP(A206,Quantities[],Quantities!$G$2)\n))))","v":0},{"$f":"IF(LEFT(D206,2)=\"Mg\", VLOOKUP(A206,Quantities[],Quantities!$H$2),\n\nIF(OR(AND(LEFT(D206,2)=\"Sc\",B206=\"A\",C206=\"d\",C206=\"f\")),\n(SUM(VLOOKUP($A206,Quantities[],Quantities!$P$2)*VLOOKUP($A206,Quantities[],Quantities!$O$2),VLOOKUP($A206,Quantities[],Quantities!$R$2)*VLOOKUP($A206,Quantities[],Quantities!$Q$2),VLOOKUP($A206,Quantities[],Quantities!$T$2)*VLOOKUP($A206,Quantities[],Quantities!$S$2)))/SUM(VLOOKUP($A206,Quantities[],Quantities!$O$2),VLOOKUP($A206,Quantities[],Quantities!$Q$2),VLOOKUP($A206,Quantities[],Quantities!$S$2)),\n\nIF(AND(LEFT(D206,2)=\"Sc\",OR(C206=\"a\",C206=\"f\")),\nVLOOKUP(A206,Quantities[],Quantities!$J$2),\n\nIF(AND(B206=\"D\",C206=\"b\", (VLOOKUP(INDEX(Quantities!$A$100:$A$118,MATCH($A206,Quantities!$C$100:$C$118)),Quantities[],Quantities!$O$2)+VLOOKUP(INDEX(Quantities!$A$100:$A$118,MATCH($A206,Quantities!$C$100:$C$118)),Quantities[],Quantities!$Q$2)+VLOOKUP(INDEX(Quantities!$A$100:$A$118,MATCH($A206,Quantities!$C$100:$C$118)),Quantities[],Quantities!$S$2))>0),\n(VLOOKUP(INDEX(Quantities!$A$100:$A$118,MATCH($A206,Quantities!$C$100:$C$118)),Quantities[],Quantities!$P$2)*VLOOKUP(INDEX(Quantities!$A$100:$A$118,MATCH($A206,Quantities!$C$100:$C$118)),Quantities[],Quantities!$O$2)\n+VLOOKUP(INDEX(Quantities!$A$100:$A$118,MATCH($A206,Quantities!$C$100:$C$118)),Quantities[],Quantities!$R$2)*VLOOKUP(INDEX(Quantities!$A$100:$A$118,MATCH($A206,Quantities!$C$100:$C$118)),Quantities[],Quantities!$Q$2)\n+VLOOKUP(INDEX(Quantities!$A$100:$A$118,MATCH($A206,Quantities!$C$100:$C$118)),Quantities[],Quantities!$T$2)*VLOOKUP(INDEX(Quantities!$A$100:$A$118,MATCH($A206,Quantities!$C$100:$C$118)),Quantities[],Quantities!$S$2))/\n(VLOOKUP(INDEX(Quantities!$A$100:$A$118,MATCH($A206,Quantities!$C$100:$C$118)),Quantities[],Quantities!$O$2)+VLOOKUP(INDEX(Quantities!$A$100:$A$118,MATCH($A206,Quantities!$C$100:$C$118)),Quantities[],Quantities!$Q$2)+VLOOKUP(A206,Quantities[],Quantities!$S$2)),\n\nIF(AND(B206=\"D\", (VLOOKUP(A206,Quantities[],Quantities!$O$2)+VLOOKUP(A206,Quantities[],Quantities!$Q$2)+VLOOKUP(A206,Quantities[],Quantities!$S$2))>0),\n(VLOOKUP(A206,Quantities[],Quantities!$P$2)*VLOOKUP(A206,Quantities[],Quantities!$O$2)\n+VLOOKUP(A206,Quantities[],Quantities!$R$2)*VLOOKUP(A206,Quantities[],Quantities!$Q$2)\n+VLOOKUP(A206,Quantities[],Quantities!$T$2)*VLOOKUP(A206,Quantities[],Quantities!$S$2))/\n(VLOOKUP(A206,Quantities[],Quantities!$O$2)+VLOOKUP(A206,Quantities[],Quantities!$Q$2)+VLOOKUP(A206,Quantities[],Quantities!$S$2)),\n\nIF($B206=\"Q\", (SUM(VLOOKUP($A206,Quantities[],Quantities!$P$2)*VLOOKUP($A206,Quantities[],Quantities!$O$2),VLOOKUP($A206,Quantities[],Quantities!$R$2)*VLOOKUP($A206,Quantities[],Quantities!$Q$2),VLOOKUP($A206,Quantities[],Quantities!$T$2)*VLOOKUP($A206,Quantities[],Quantities!$S$2)))/SUM(VLOOKUP($A206,Quantities[],Quantities!$O$2),VLOOKUP($A206,Quantities[],Quantities!$Q$2),VLOOKUP($A206,Quantities[],Quantities!$S$2)),\n\n VLOOKUP(A206,Quantities[],Quantities!$H$2)\n))))))","v":"-"},{"$f":"IF(LEFT(D206,1)=\"U\",\"-\",VLOOKUP(D206,Equipment[],Equipment!$B$2))","v":"-"}]
[{"$f":"Quantities!A77","v":3100},"L","e",{"$f":"'Unit Rates'!$A$44","v":"U33"},"3100-L-e-U33",{"$f":"IF(D207=\"Comb1\",CONCATENATE(VLOOKUP(B207,'Activity-Material_Codes'!$A$2:$B$26,Quantities!$B$2),\"-\",VLOOKUP(A207,Quantities[],Quantities!$D$2)),\nCONCATENATE(\nVLOOKUP(B207,'Activity-Material_Codes'!$A$2:$B$26,Quantities!$B$2),\nIF(AND(B207=\"B\",C207=\"a\"), \" Scraper Grading\", \"\"),\nIF(C207=\"b\",\"\",\"-\"),\nIF(C207=\"b\",\"\",VLOOKUP(A207,Quantities[],Quantities!$D$2)),\nIF(LEFT(TEXT(A207,\"0\"),1)=\"5\",\"\",\"-\"),\nIF(LEFT(TEXT(A207,\"0\"),1)=\"5\",\"\",VLOOKUP(C207,'Activity-Material_Codes'!$A$30:$B$36,Quantities!$B$2))\n))","v":"Replace Infrastructure-Seep 5E Collection System-Final Grade"},{"$f":"CONCATENATE(\nIF(OR(RIGHT(TEXT($A207,\"0\"),Quantities!$B$2)=\"00\",LEFT(TEXT($A207,\"0\"),1)=\"5\",OR($C207=\"b\",$C207=\"f\")),\"\",VLOOKUP($A207,Quantities[],Quantities!$B$2)),\nIF(LEFT(TEXT($A207,\"0\"),1)=\"5\",\"\",\" \"),\nIF(OR(C207=\"a\",C207=\"c\",C207=\"d\",C207=\"e\"),IF(OR(RIGHT(TEXT($A207,\"0\"),Quantities!$B$2)=\"00\",LEFT(TEXT($A207,\"0\"),1)=\"5\"),VLOOKUP($A207,Quantities[],Quantities!$B$2),\"\"),\nIF(LEFT(TEXT($A207,\"0\"),1)=\"5\",VLOOKUP($A207,Quantities[],Quantities!$B$2),\nVLOOKUP(INDEX(Quantities!$A$100:$A$118,MATCH($A207,Quantities!$C$100:$C$118)),Quantities!$A$100:$B$118,Quantities!$B$2))))","v":" Seep 5E Collection System"},{"$f":"IF(LEFT(TEXT(A207,\"0\"),1)=\"5\",\nVLOOKUP(VLOOKUP(A207,Quantities!$A$4:$D$118,Quantities!$C$2),Quantities!$A$4:$D$118,Quantities!$C$2),\nIF(OR(C207=\"a\",C207=\"c\",C207=\"d\",C207=\"e\"),\n\"-\",\nIF(RIGHT(TEXT(A207,\"0\"),2)=\"00\",VLOOKUP(A207,Quantities[],Quantities!$B$2),\nIF(C207=\"f\",VLOOKUP(A207,Quantities[],Quantities!$B$2),\nVLOOKUP(A207,Quantities[],Quantities!$C$2))\n)))","v":"-"},{"$f":"IF(OR(AND(LEFT(D207,2)=\"Sc\",B207=\"A\",C207=\"d\"),AND(C207=\"f\",B207=\"D\")),\nSUM(VLOOKUP($A207,Quantities[],Quantities!$O$2),VLOOKUP($A207,Quantities[],Quantities!$Q$2),VLOOKUP($A207,Quantities[],Quantities!$S$2)),\n\nIF(AND(LEFT(D207,2)=\"Sc\",OR(C207=\"a\",C207=\"f\")),\nVLOOKUP(A207,Quantities[],Quantities!$I$2),\n\nIF(AND(B207=\"D\",C207=\"b\"),\n VLOOKUP(INDEX(Quantities!$A$100:$A$118,MATCH($A207,Quantities!$C$100:$C$118)),Quantities!$A$100:$AJ$118,Quantities!$O$2)+\nVLOOKUP(INDEX(Quantities!$A$100:$A$118,MATCH($A207,Quantities!$C$100:$C$118)),Quantities!$A$100:$AJ$118,Quantities!$Q$2)+\nVLOOKUP(INDEX(Quantities!$A$100:$A$118,MATCH($A207,Quantities!$C$100:$C$118)),Quantities!$A$100:$AJ$118,Quantities!$S$2),\n\nIF(OR(B207=\"D\",B207=\"Q\"),\nSUM(VLOOKUP($A207,Quantities[],Quantities!$O$2),VLOOKUP($A207,Quantities[],Quantities!$Q$2),VLOOKUP($A207,Quantities[],Quantities!$S$2)),\n\n VLOOKUP(A207,Quantities[],Quantities!$G$2)\n))))","v":0},{"$f":"IF(LEFT(D207,2)=\"Mg\", VLOOKUP(A207,Quantities[],Quantities!$H$2),\n\nIF(OR(AND(LEFT(D207,2)=\"Sc\",B207=\"A\",C207=\"d\",C207=\"f\")),\n(SUM(VLOOKUP($A207,Quantities[],Quantities!$P$2)*VLOOKUP($A207,Quantities[],Quantities!$O$2),VLOOKUP($A207,Quantities[],Quantities!$R$2)*VLOOKUP($A207,Quantities[],Quantities!$Q$2),VLOOKUP($A207,Quantities[],Quantities!$T$2)*VLOOKUP($A207,Quantities[],Quantities!$S$2)))/SUM(VLOOKUP($A207,Quantities[],Quantities!$O$2),VLOOKUP($A207,Quantities[],Quantities!$Q$2),VLOOKUP($A207,Quantities[],Quantities!$S$2)),\n\nIF(AND(LEFT(D207,2)=\"Sc\",OR(C207=\"a\",C207=\"f\")),\nVLOOKUP(A207,Quantities[],Quantities!$J$2),\n\nIF(AND(B207=\"D\",C207=\"b\", (VLOOKUP(INDEX(Quantities!$A$100:$A$118,MATCH($A207,Quantities!$C$100:$C$118)),Quantities[],Quantities!$O$2)+VLOOKUP(INDEX(Quantities!$A$100:$A$118,MATCH($A207,Quantities!$C$100:$C$118)),Quantities[],Quantities!$Q$2)+VLOOKUP(INDEX(Quantities!$A$100:$A$118,MATCH($A207,Quantities!$C$100:$C$118)),Quantities[],Quantities!$S$2))>0),\n(VLOOKUP(INDEX(Quantities!$A$100:$A$118,MATCH($A207,Quantities!$C$100:$C$118)),Quantities[],Quantities!$P$2)*VLOOKUP(INDEX(Quantities!$A$100:$A$118,MATCH($A207,Quantities!$C$100:$C$118)),Quantities[],Quantities!$O$2)\n+VLOOKUP(INDEX(Quantities!$A$100:$A$118,MATCH($A207,Quantities!$C$100:$C$118)),Quantities[],Quantities!$R$2)*VLOOKUP(INDEX(Quantities!$A$100:$A$118,MATCH($A207,Quantities!$C$100:$C$118)),Quantities[],Quantities!$Q$2)\n+VLOOKUP(INDEX(Quantities!$A$100:$A$118,MATCH($A207,Quantities!$C$100:$C$118)),Quantities[],Quantities!$T$2)*VLOOKUP(INDEX(Quantities!$A$100:$A$118,MATCH($A207,Quantities!$C$100:$C$118)),Quantities[],Quantities!$S$2))/\n(VLOOKUP(INDEX(Quantities!$A$100:$A$118,MATCH($A207,Quantities!$C$100:$C$118)),Quantities[],Quantities!$O$2)+VLOOKUP(INDEX(Quantities!$A$100:$A$118,MATCH($A207,Quantities!$C$100:$C$118)),Quantities[],Quantities!$Q$2)+VLOOKUP(A207,Quantities[],Quantities!$S$2)),\n\nIF(AND(B207=\"D\", (VLOOKUP(A207,Quantities[],Quantities!$O$2)+VLOOKUP(A207,Quantities[],Quantities!$Q$2)+VLOOKUP(A207,Quantities[],Quantities!$S$2))>0),\n(VLOOKUP(A207,Quantities[],Quantities!$P$2)*VLOOKUP(A207,Quantities[],Quantities!$O$2)\n+VLOOKUP(A207,Quantities[],Quantities!$R$2)*VLOOKUP(A207,Quantities[],Quantities!$Q$2)\n+VLOOKUP(A207,Quantities[],Quantities!$T$2)*VLOOKUP(A207,Quantities[],Quantities!$S$2))/\n(VLOOKUP(A207,Quantities[],Quantities!$O$2)+VLOOKUP(A207,Quantities[],Quantities!$Q$2)+VLOOKUP(A207,Quantities[],Quantities!$S$2)),\n\nIF($B207=\"Q\", (SUM(VLOOKUP($A207,Quantities[],Quantities!$P$2)*VLOOKUP($A207,Quantities[],Quantities!$O$2),VLOOKUP($A207,Quantities[],Quantities!$R$2)*VLOOKUP($A207,Quantities[],Quantities!$Q$2),VLOOKUP($A207,Quantities[],Quantities!$T$2)*VLOOKUP($A207,Quantities[],Quantities!$S$2)))/SUM(VLOOKUP($A207,Quantities[],Quantities!$O$2),VLOOKUP($A207,Quantities[],Quantities!$Q$2),VLOOKUP($A207,Quantities[],Quantities!$S$2)),\n\n VLOOKUP(A207,Quantities[],Quantities!$H$2)\n))))))","v":"-"},{"$f":"IF(LEFT(D207,1)=\"U\",\"-\",VLOOKUP(D207,Equipment[],Equipment!$B$2))","v":"-"}]
[{"$f":"Quantities!A46","v":2501},"L","e",{"$f":"'Unit Rates'!$A$44","v":"U33"},"2501-L-e-U33",{"$f":"IF(D208=\"Comb1\",CONCATENATE(VLOOKUP(B208,'Activity-Material_Codes'!$A$2:$B$26,Quantities!$B$2),\"-\",VLOOKUP(A208,Quantities[],Quantities!$D$2)),\nCONCATENATE(\nVLOOKUP(B208,'Activity-Material_Codes'!$A$2:$B$26,Quantities!$B$2),\nIF(AND(B208=\"B\",C208=\"a\"), \" Scraper Grading\", \"\"),\nIF(C208=\"b\",\"\",\"-\"),\nIF(C208=\"b\",\"\",VLOOKUP(A208,Quantities[],Quantities!$D$2)),\nIF(LEFT(TEXT(A208,\"0\"),1)=\"5\",\"\",\"-\"),\nIF(LEFT(TEXT(A208,\"0\"),1)=\"5\",\"\",VLOOKUP(C208,'Activity-Material_Codes'!$A$30:$B$36,Quantities!$B$2))\n))","v":"Replace Infrastructure-Preliminary Earthworks-Final Grade"},{"$f":"CONCATENATE(\nIF(OR(RIGHT(TEXT($A208,\"0\"),Quantities!$B$2)=\"00\",LEFT(TEXT($A208,\"0\"),1)=\"5\",OR($C208=\"b\",$C208=\"f\")),\"\",VLOOKUP($A208,Quantities[],Quantities!$B$2)),\nIF(LEFT(TEXT($A208,\"0\"),1)=\"5\",\"\",\" \"),\nIF(OR(C208=\"a\",C208=\"c\",C208=\"d\",C208=\"e\"),IF(OR(RIGHT(TEXT($A208,\"0\"),Quantities!$B$2)=\"00\",LEFT(TEXT($A208,\"0\"),1)=\"5\"),VLOOKUP($A208,Quantities[],Quantities!$B$2),\"\"),\nIF(LEFT(TEXT($A208,\"0\"),1)=\"5\",VLOOKUP($A208,Quantities[],Quantities!$B$2),\nVLOOKUP(INDEX(Quantities!$A$100:$A$118,MATCH($A208,Quantities!$C$100:$C$118)),Quantities!$A$100:$B$118,Quantities!$B$2))))","v":"3A Leach "},{"$f":"IF(LEFT(TEXT(A208,\"0\"),1)=\"5\",\nVLOOKUP(VLOOKUP(A208,Quantities!$A$4:$D$118,Quantities!$C$2),Quantities!$A$4:$D$118,Quantities!$C$2),\nIF(OR(C208=\"a\",C208=\"c\",C208=\"d\",C208=\"e\"),\n\"-\",\nIF(RIGHT(TEXT(A208,\"0\"),2)=\"00\",VLOOKUP(A208,Quantities[],Quantities!$B$2),\nIF(C208=\"f\",VLOOKUP(A208,Quantities[],Quantities!$B$2),\nVLOOKUP(A208,Quantities[],Quantities!$C$2))\n)))","v":"-"},{"$f":"IF(OR(AND(LEFT(D208,2)=\"Sc\",B208=\"A\",C208=\"d\"),AND(C208=\"f\",B208=\"D\")),\nSUM(VLOOKUP($A208,Quantities[],Quantities!$O$2),VLOOKUP($A208,Quantities[],Quantities!$Q$2),VLOOKUP($A208,Quantities[],Quantities!$S$2)),\n\nIF(AND(LEFT(D208,2)=\"Sc\",OR(C208=\"a\",C208=\"f\")),\nVLOOKUP(A208,Quantities[],Quantities!$I$2),\n\nIF(AND(B208=\"D\",C208=\"b\"),\n VLOOKUP(INDEX(Quantities!$A$100:$A$118,MATCH($A208,Quantities!$C$100:$C$118)),Quantities!$A$100:$AJ$118,Quantities!$O$2)+\nVLOOKUP(INDEX(Quantities!$A$100:$A$118,MATCH($A208,Quantities!$C$100:$C$118)),Quantities!$A$100:$AJ$118,Quantities!$Q$2)+\nVLOOKUP(INDEX(Quantities!$A$100:$A$118,MATCH($A208,Quantities!$C$100:$C$118)),Quantities!$A$100:$AJ$118,Quantities!$S$2),\n\nIF(OR(B208=\"D\",B208=\"Q\"),\nSUM(VLOOKUP($A208,Quantities[],Quantities!$O$2),VLOOKUP($A208,Quantities[],Quantities!$Q$2),VLOOKUP($A208,Quantities[],Quantities!$S$2)),\n\n VLOOKUP(A208,Quantities[],Quantities!$G$2)\n))))","v":0},{"$f":"IF(LEFT(D208,2)=\"Mg\", VLOOKUP(A208,Quantities[],Quantities!$H$2),\n\nIF(OR(AND(LEFT(D208,2)=\"Sc\",B208=\"A\",C208=\"d\",C208=\"f\")),\n(SUM(VLOOKUP($A208,Quantities[],Quantities!$P$2)*VLOOKUP($A208,Quantities[],Quantities!$O$2),VLOOKUP($A208,Quantities[],Quantities!$R$2)*VLOOKUP($A208,Quantities[],Quantities!$Q$2),VLOOKUP($A208,Quantities[],Quantities!$T$2)*VLOOKUP($A208,Quantities[],Quantities!$S$2)))/SUM(VLOOKUP($A208,Quantities[],Quantities!$O$2),VLOOKUP($A208,Quantities[],Quantities!$Q$2),VLOOKUP($A208,Quantities[],Quantities!$S$2)),\n\nIF(AND(LEFT(D208,2)=\"Sc\",OR(C208=\"a\",C208=\"f\")),\nVLOOKUP(A208,Quantities[],Quantities!$J$2),\n\nIF(AND(B208=\"D\",C208=\"b\", (VLOOKUP(INDEX(Quantities!$A$100:$A$118,MATCH($A208,Quantities!$C$100:$C$118)),Quantities[],Quantities!$O$2)+VLOOKUP(INDEX(Quantities!$A$100:$A$118,MATCH($A208,Quantities!$C$100:$C$118)),Quantities[],Quantities!$Q$2)+VLOOKUP(INDEX(Quantities!$A$100:$A$118,MATCH($A208,Quantities!$C$100:$C$118)),Quantities[],Quantities!$S$2))>0),\n(VLOOKUP(INDEX(Quantities!$A$100:$A$118,MATCH($A208,Quantities!$C$100:$C$118)),Quantities[],Quantities!$P$2)*VLOOKUP(INDEX(Quantities!$A$100:$A$118,MATCH($A208,Quantities!$C$100:$C$118)),Quantities[],Quantities!$O$2)\n+VLOOKUP(INDEX(Quantities!$A$100:$A$118,MATCH($A208,Quantities!$C$100:$C$118)),Quantities[],Quantities!$R$2)*VLOOKUP(INDEX(Quantities!$A$100:$A$118,MATCH($A208,Quantities!$C$100:$C$118)),Quantities[],Quantities!$Q$2)\n+VLOOKUP(INDEX(Quantities!$A$100:$A$118,MATCH($A208,Quantities!$C$100:$C$118)),Quantities[],Quantities!$T$2)*VLOOKUP(INDEX(Quantities!$A$100:$A$118,MATCH($A208,Quantities!$C$100:$C$118)),Quantities[],Quantities!$S$2))/\n(VLOOKUP(INDEX(Quantities!$A$100:$A$118,MATCH($A208,Quantities!$C$100:$C$118)),Quantities[],Quantities!$O$2)+VLOOKUP(INDEX(Quantities!$A$100:$A$118,MATCH($A208,Quantities!$C$100:$C$118)),Quantities[],Quantities!$Q$2)+VLOOKUP(A208,Quantities[],Quantities!$S$2)),\n\nIF(AND(B208=\"D\", (VLOOKUP(A208,Quantities[],Quantities!$O$2)+VLOOKUP(A208,Quantities[],Quantities!$Q$2)+VLOOKUP(A208,Quantities[],Quantities!$S$2))>0),\n(VLOOKUP(A208,Quantities[],Quantities!$P$2)*VLOOKUP(A208,Quantities[],Quantities!$O$2)\n+VLOOKUP(A208,Quantities[],Quantities!$R$2)*VLOOKUP(A208,Quantities[],Quantities!$Q$2)\n+VLOOKUP(A208,Quantities[],Quantities!$T$2)*VLOOKUP(A208,Quantities[],Quantities!$S$2))/\n(VLOOKUP(A208,Quantities[],Quantities!$O$2)+VLOOKUP(A208,Quantities[],Quantities!$Q$2)+VLOOKUP(A208,Quantities[],Quantities!$S$2)),\n\nIF($B208=\"Q\", (SUM(VLOOKUP($A208,Quantities[],Quantities!$P$2)*VLOOKUP($A208,Quantities[],Quantities!$O$2),VLOOKUP($A208,Quantities[],Quantities!$R$2)*VLOOKUP($A208,Quantities[],Quantities!$Q$2),VLOOKUP($A208,Quantities[],Quantities!$T$2)*VLOOKUP($A208,Quantities[],Quantities!$S$2)))/SUM(VLOOKUP($A208,Quantities[],Quantities!$O$2),VLOOKUP($A208,Quantities[],Quantities!$Q$2),VLOOKUP($A208,Quantities[],Quantities!$S$2)),\n\n VLOOKUP(A208,Quantities[],Quantities!$H$2)\n))))))","v":"-"},{"$f":"IF(LEFT(D208,1)=\"U\",\"-\",VLOOKUP(D208,Equipment[],Equipment!$B$2))","v":"-"}]
[{"$f":"Quantities!A47","v":2502},"L","e",{"$f":"'Unit Rates'!$A$44","v":"U33"},"2502-L-e-U33",{"$f":"IF(D209=\"Comb1\",CONCATENATE(VLOOKUP(B209,'Activity-Material_Codes'!$A$2:$B$26,Quantities!$B$2),\"-\",VLOOKUP(A209,Quantities[],Quantities!$D$2)),\nCONCATENATE(\nVLOOKUP(B209,'Activity-Material_Codes'!$A$2:$B$26,Quantities!$B$2),\nIF(AND(B209=\"B\",C209=\"a\"), \" Scraper Grading\", \"\"),\nIF(C209=\"b\",\"\",\"-\"),\nIF(C209=\"b\",\"\",VLOOKUP(A209,Quantities[],Quantities!$D$2)),\nIF(LEFT(TEXT(A209,\"0\"),1)=\"5\",\"\",\"-\"),\nIF(LEFT(TEXT(A209,\"0\"),1)=\"5\",\"\",VLOOKUP(C209,'Activity-Material_Codes'!$A$30:$B$36,Quantities!$B$2))\n))","v":"Replace Infrastructure-Overflow Pond & Booster Station-Final Grade"},{"$f":"CONCATENATE(\nIF(OR(RIGHT(TEXT($A209,\"0\"),Quantities!$B$2)=\"00\",LEFT(TEXT($A209,\"0\"),1)=\"5\",OR($C209=\"b\",$C209=\"f\")),\"\",VLOOKUP($A209,Quantities[],Quantities!$B$2)),\nIF(LEFT(TEXT($A209,\"0\"),1)=\"5\",\"\",\" \"),\nIF(OR(C209=\"a\",C209=\"c\",C209=\"d\",C209=\"e\"),IF(OR(RIGHT(TEXT($A209,\"0\"),Quantities!$B$2)=\"00\",LEFT(TEXT($A209,\"0\"),1)=\"5\"),VLOOKUP($A209,Quantities[],Quantities!$B$2),\"\"),\nIF(LEFT(TEXT($A209,\"0\"),1)=\"5\",VLOOKUP($A209,Quantities[],Quantities!$B$2),\nVLOOKUP(INDEX(Quantities!$A$100:$A$118,MATCH($A209,Quantities!$C$100:$C$118)),Quantities!$A$100:$B$118,Quantities!$B$2))))","v":"3A Leach "},{"$f":"IF(LEFT(TEXT(A209,\"0\"),1)=\"5\",\nVLOOKUP(VLOOKUP(A209,Quantities!$A$4:$D$118,Quantities!$C$2),Quantities!$A$4:$D$118,Quantities!$C$2),\nIF(OR(C209=\"a\",C209=\"c\",C209=\"d\",C209=\"e\"),\n\"-\",\nIF(RIGHT(TEXT(A209,\"0\"),2)=\"00\",VLOOKUP(A209,Quantities[],Quantities!$B$2),\nIF(C209=\"f\",VLOOKUP(A209,Quantities[],Quantities!$B$2),\nVLOOKUP(A209,Quantities[],Quantities!$C$2))\n)))","v":"-"},{"$f":"IF(OR(AND(LEFT(D209,2)=\"Sc\",B209=\"A\",C209=\"d\"),AND(C209=\"f\",B209=\"D\")),\nSUM(VLOOKUP($A209,Quantities[],Quantities!$O$2),VLOOKUP($A209,Quantities[],Quantities!$Q$2),VLOOKUP($A209,Quantities[],Quantities!$S$2)),\n\nIF(AND(LEFT(D209,2)=\"Sc\",OR(C209=\"a\",C209=\"f\")),\nVLOOKUP(A209,Quantities[],Quantities!$I$2),\n\nIF(AND(B209=\"D\",C209=\"b\"),\n VLOOKUP(INDEX(Quantities!$A$100:$A$118,MATCH($A209,Quantities!$C$100:$C$118)),Quantities!$A$100:$AJ$118,Quantities!$O$2)+\nVLOOKUP(INDEX(Quantities!$A$100:$A$118,MATCH($A209,Quantities!$C$100:$C$118)),Quantities!$A$100:$AJ$118,Quantities!$Q$2)+\nVLOOKUP(INDEX(Quantities!$A$100:$A$118,MATCH($A209,Quantities!$C$100:$C$118)),Quantities!$A$100:$AJ$118,Quantities!$S$2),\n\nIF(OR(B209=\"D\",B209=\"Q\"),\nSUM(VLOOKUP($A209,Quantities[],Quantities!$O$2),VLOOKUP($A209,Quantities[],Quantities!$Q$2),VLOOKUP($A209,Quantities[],Quantities!$S$2)),\n\n VLOOKUP(A209,Quantities[],Quantities!$G$2)\n))))","v":0},{"$f":"IF(LEFT(D209,2)=\"Mg\", VLOOKUP(A209,Quantities[],Quantities!$H$2),\n\nIF(OR(AND(LEFT(D209,2)=\"Sc\",B209=\"A\",C209=\"d\",C209=\"f\")),\n(SUM(VLOOKUP($A209,Quantities[],Quantities!$P$2)*VLOOKUP($A209,Quantities[],Quantities!$O$2),VLOOKUP($A209,Quantities[],Quantities!$R$2)*VLOOKUP($A209,Quantities[],Quantities!$Q$2),VLOOKUP($A209,Quantities[],Quantities!$T$2)*VLOOKUP($A209,Quantities[],Quantities!$S$2)))/SUM(VLOOKUP($A209,Quantities[],Quantities!$O$2),VLOOKUP($A209,Quantities[],Quantities!$Q$2),VLOOKUP($A209,Quantities[],Quantities!$S$2)),\n\nIF(AND(LEFT(D209,2)=\"Sc\",OR(C209=\"a\",C209=\"f\")),\nVLOOKUP(A209,Quantities[],Quantities!$J$2),\n\nIF(AND(B209=\"D\",C209=\"b\", (VLOOKUP(INDEX(Quantities!$A$100:$A$118,MATCH($A209,Quantities!$C$100:$C$118)),Quantities[],Quantities!$O$2)+VLOOKUP(INDEX(Quantities!$A$100:$A$118,MATCH($A209,Quantities!$C$100:$C$118)),Quantities[],Quantities!$Q$2)+VLOOKUP(INDEX(Quantities!$A$100:$A$118,MATCH($A209,Quantities!$C$100:$C$118)),Quantities[],Quantities!$S$2))>0),\n(VLOOKUP(INDEX(Quantities!$A$100:$A$118,MATCH($A209,Quantities!$C$100:$C$118)),Quantities[],Quantities!$P$2)*VLOOKUP(INDEX(Quantities!$A$100:$A$118,MATCH($A209,Quantities!$C$100:$C$118)),Quantities[],Quantities!$O$2)\n+VLOOKUP(INDEX(Quantities!$A$100:$A$118,MATCH($A209,Quantities!$C$100:$C$118)),Quantities[],Quantities!$R$2)*VLOOKUP(INDEX(Quantities!$A$100:$A$118,MATCH($A209,Quantities!$C$100:$C$118)),Quantities[],Quantities!$Q$2)\n+VLOOKUP(INDEX(Quantities!$A$100:$A$118,MATCH($A209,Quantities!$C$100:$C$118)),Quantities[],Quantities!$T$2)*VLOOKUP(INDEX(Quantities!$A$100:$A$118,MATCH($A209,Quantities!$C$100:$C$118)),Quantities[],Quantities!$S$2))/\n(VLOOKUP(INDEX(Quantities!$A$100:$A$118,MATCH($A209,Quantities!$C$100:$C$118)),Quantities[],Quantities!$O$2)+VLOOKUP(INDEX(Quantities!$A$100:$A$118,MATCH($A209,Quantities!$C$100:$C$118)),Quantities[],Quantities!$Q$2)+VLOOKUP(A209,Quantities[],Quantities!$S$2)),\n\nIF(AND(B209=\"D\", (VLOOKUP(A209,Quantities[],Quantities!$O$2)+VLOOKUP(A209,Quantities[],Quantities!$Q$2)+VLOOKUP(A209,Quantities[],Quantities!$S$2))>0),\n(VLOOKUP(A209,Quantities[],Quantities!$P$2)*VLOOKUP(A209,Quantities[],Quantities!$O$2)\n+VLOOKUP(A209,Quantities[],Quantities!$R$2)*VLOOKUP(A209,Quantities[],Quantities!$Q$2)\n+VLOOKUP(A209,Quantities[],Quantities!$T$2)*VLOOKUP(A209,Quantities[],Quantities!$S$2))/\n(VLOOKUP(A209,Quantities[],Quantities!$O$2)+VLOOKUP(A209,Quantities[],Quantities!$Q$2)+VLOOKUP(A209,Quantities[],Quantities!$S$2)),\n\nIF($B209=\"Q\", (SUM(VLOOKUP($A209,Quantities[],Quantities!$P$2)*VLOOKUP($A209,Quantities[],Quantities!$O$2),VLOOKUP($A209,Quantities[],Quantities!$R$2)*VLOOKUP($A209,Quantities[],Quantities!$Q$2),VLOOKUP($A209,Quantities[],Quantities!$T$2)*VLOOKUP($A209,Quantities[],Quantities!$S$2)))/SUM(VLOOKUP($A209,Quantities[],Quantities!$O$2),VLOOKUP($A209,Quantities[],Quantities!$Q$2),VLOOKUP($A209,Quantities[],Quantities!$S$2)),\n\n VLOOKUP(A209,Quantities[],Quantities!$H$2)\n))))))","v":"-"},{"$f":"IF(LEFT(D209,1)=\"U\",\"-\",VLOOKUP(D209,Equipment[],Equipment!$B$2))","v":"-"}]
[{"$f":"Quantities!A48","v":2503},"L","e",{"$f":"'Unit Rates'!$A$44","v":"U33"},"2503-L-e-U33",{"$f":"IF(D210=\"Comb1\",CONCATENATE(VLOOKUP(B210,'Activity-Material_Codes'!$A$2:$B$26,Quantities!$B$2),\"-\",VLOOKUP(A210,Quantities[],Quantities!$D$2)),\nCONCATENATE(\nVLOOKUP(B210,'Activity-Material_Codes'!$A$2:$B$26,Quantities!$B$2),\nIF(AND(B210=\"B\",C210=\"a\"), \" Scraper Grading\", \"\"),\nIF(C210=\"b\",\"\",\"-\"),\nIF(C210=\"b\",\"\",VLOOKUP(A210,Quantities[],Quantities!$D$2)),\nIF(LEFT(TEXT(A210,\"0\"),1)=\"5\",\"\",\"-\"),\nIF(LEFT(TEXT(A210,\"0\"),1)=\"5\",\"\",VLOOKUP(C210,'Activity-Material_Codes'!$A$30:$B$36,Quantities!$B$2))\n))","v":"Replace Infrastructure-Canyon 5 Deep Collection-Final Grade"},{"$f":"CONCATENATE(\nIF(OR(RIGHT(TEXT($A210,\"0\"),Quantities!$B$2)=\"00\",LEFT(TEXT($A210,\"0\"),1)=\"5\",OR($C210=\"b\",$C210=\"f\")),\"\",VLOOKUP($A210,Quantities[],Quantities!$B$2)),\nIF(LEFT(TEXT($A210,\"0\"),1)=\"5\",\"\",\" \"),\nIF(OR(C210=\"a\",C210=\"c\",C210=\"d\",C210=\"e\"),IF(OR(RIGHT(TEXT($A210,\"0\"),Quantities!$B$2)=\"00\",LEFT(TEXT($A210,\"0\"),1)=\"5\"),VLOOKUP($A210,Quantities[],Quantities!$B$2),\"\"),\nIF(LEFT(TEXT($A210,\"0\"),1)=\"5\",VLOOKUP($A210,Quantities[],Quantities!$B$2),\nVLOOKUP(INDEX(Quantities!$A$100:$A$118,MATCH($A210,Quantities!$C$100:$C$118)),Quantities!$A$100:$B$118,Quantities!$B$2))))","v":"3A Leach "},{"$f":"IF(LEFT(TEXT(A210,\"0\"),1)=\"5\",\nVLOOKUP(VLOOKUP(A210,Quantities!$A$4:$D$118,Quantities!$C$2),Quantities!$A$4:$D$118,Quantities!$C$2),\nIF(OR(C210=\"a\",C210=\"c\",C210=\"d\",C210=\"e\"),\n\"-\",\nIF(RIGHT(TEXT(A210,\"0\"),2)=\"00\",VLOOKUP(A210,Quantities[],Quantities!$B$2),\nIF(C210=\"f\",VLOOKUP(A210,Quantities[],Quantities!$B$2),\nVLOOKUP(A210,Quantities[],Quantities!$C$2))\n)))","v":"-"},{"$f":"IF(OR(AND(LEFT(D210,2)=\"Sc\",B210=\"A\",C210=\"d\"),AND(C210=\"f\",B210=\"D\")),\nSUM(VLOOKUP($A210,Quantities[],Quantities!$O$2),VLOOKUP($A210,Quantities[],Quantities!$Q$2),VLOOKUP($A210,Quantities[],Quantities!$S$2)),\n\nIF(AND(LEFT(D210,2)=\"Sc\",OR(C210=\"a\",C210=\"f\")),\nVLOOKUP(A210,Quantities[],Quantities!$I$2),\n\nIF(AND(B210=\"D\",C210=\"b\"),\n VLOOKUP(INDEX(Quantities!$A$100:$A$118,MATCH($A210,Quantities!$C$100:$C$118)),Quantities!$A$100:$AJ$118,Quantities!$O$2)+\nVLOOKUP(INDEX(Quantities!$A$100:$A$118,MATCH($A210,Quantities!$C$100:$C$118)),Quantities!$A$100:$AJ$118,Quantities!$Q$2)+\nVLOOKUP(INDEX(Quantities!$A$100:$A$118,MATCH($A210,Quantities!$C$100:$C$118)),Quantities!$A$100:$AJ$118,Quantities!$S$2),\n\nIF(OR(B210=\"D\",B210=\"Q\"),\nSUM(VLOOKUP($A210,Quantities[],Quantities!$O$2),VLOOKUP($A210,Quantities[],Quantities!$Q$2),VLOOKUP($A210,Quantities[],Quantities!$S$2)),\n\n VLOOKUP(A210,Quantities[],Quantities!$G$2)\n))))","v":0},{"$f":"IF(LEFT(D210,2)=\"Mg\", VLOOKUP(A210,Quantities[],Quantities!$H$2),\n\nIF(OR(AND(LEFT(D210,2)=\"Sc\",B210=\"A\",C210=\"d\",C210=\"f\")),\n(SUM(VLOOKUP($A210,Quantities[],Quantities!$P$2)*VLOOKUP($A210,Quantities[],Quantities!$O$2),VLOOKUP($A210,Quantities[],Quantities!$R$2)*VLOOKUP($A210,Quantities[],Quantities!$Q$2),VLOOKUP($A210,Quantities[],Quantities!$T$2)*VLOOKUP($A210,Quantities[],Quantities!$S$2)))/SUM(VLOOKUP($A210,Quantities[],Quantities!$O$2),VLOOKUP($A210,Quantities[],Quantities!$Q$2),VLOOKUP($A210,Quantities[],Quantities!$S$2)),\n\nIF(AND(LEFT(D210,2)=\"Sc\",OR(C210=\"a\",C210=\"f\")),\nVLOOKUP(A210,Quantities[],Quantities!$J$2),\n\nIF(AND(B210=\"D\",C210=\"b\", (VLOOKUP(INDEX(Quantities!$A$100:$A$118,MATCH($A210,Quantities!$C$100:$C$118)),Quantities[],Quantities!$O$2)+VLOOKUP(INDEX(Quantities!$A$100:$A$118,MATCH($A210,Quantities!$C$100:$C$118)),Quantities[],Quantities!$Q$2)+VLOOKUP(INDEX(Quantities!$A$100:$A$118,MATCH($A210,Quantities!$C$100:$C$118)),Quantities[],Quantities!$S$2))>0),\n(VLOOKUP(INDEX(Quantities!$A$100:$A$118,MATCH($A210,Quantities!$C$100:$C$118)),Quantities[],Quantities!$P$2)*VLOOKUP(INDEX(Quantities!$A$100:$A$118,MATCH($A210,Quantities!$C$100:$C$118)),Quantities[],Quantities!$O$2)\n+VLOOKUP(INDEX(Quantities!$A$100:$A$118,MATCH($A210,Quantities!$C$100:$C$118)),Quantities[],Quantities!$R$2)*VLOOKUP(INDEX(Quantities!$A$100:$A$118,MATCH($A210,Quantities!$C$100:$C$118)),Quantities[],Quantities!$Q$2)\n+VLOOKUP(INDEX(Quantities!$A$100:$A$118,MATCH($A210,Quantities!$C$100:$C$118)),Quantities[],Quantities!$T$2)*VLOOKUP(INDEX(Quantities!$A$100:$A$118,MATCH($A210,Quantities!$C$100:$C$118)),Quantities[],Quantities!$S$2))/\n(VLOOKUP(INDEX(Quantities!$A$100:$A$118,MATCH($A210,Quantities!$C$100:$C$118)),Quantities[],Quantities!$O$2)+VLOOKUP(INDEX(Quantities!$A$100:$A$118,MATCH($A210,Quantities!$C$100:$C$118)),Quantities[],Quantities!$Q$2)+VLOOKUP(A210,Quantities[],Quantities!$S$2)),\n\nIF(AND(B210=\"D\", (VLOOKUP(A210,Quantities[],Quantities!$O$2)+VLOOKUP(A210,Quantities[],Quantities!$Q$2)+VLOOKUP(A210,Quantities[],Quantities!$S$2))>0),\n(VLOOKUP(A210,Quantities[],Quantities!$P$2)*VLOOKUP(A210,Quantities[],Quantities!$O$2)\n+VLOOKUP(A210,Quantities[],Quantities!$R$2)*VLOOKUP(A210,Quantities[],Quantities!$Q$2)\n+VLOOKUP(A210,Quantities[],Quantities!$T$2)*VLOOKUP(A210,Quantities[],Quantities!$S$2))/\n(VLOOKUP(A210,Quantities[],Quantities!$O$2)+VLOOKUP(A210,Quantities[],Quantities!$Q$2)+VLOOKUP(A210,Quantities[],Quantities!$S$2)),\n\nIF($B210=\"Q\", (SUM(VLOOKUP($A210,Quantities[],Quantities!$P$2)*VLOOKUP($A210,Quantities[],Quantities!$O$2),VLOOKUP($A210,Quantities[],Quantities!$R$2)*VLOOKUP($A210,Quantities[],Quantities!$Q$2),VLOOKUP($A210,Quantities[],Quantities!$T$2)*VLOOKUP($A210,Quantities[],Quantities!$S$2)))/SUM(VLOOKUP($A210,Quantities[],Quantities!$O$2),VLOOKUP($A210,Quantities[],Quantities!$Q$2),VLOOKUP($A210,Quantities[],Quantities!$S$2)),\n\n VLOOKUP(A210,Quantities[],Quantities!$H$2)\n))))))","v":"-"},{"$f":"IF(LEFT(D210,1)=\"U\",\"-\",VLOOKUP(D210,Equipment[],Equipment!$B$2))","v":"-"}]
[{"$f":"Quantities!A49","v":2504},"L","e",{"$f":"'Unit Rates'!$A$44","v":"U33"},"2504-L-e-U33",{"$f":"IF(D211=\"Comb1\",CONCATENATE(VLOOKUP(B211,'Activity-Material_Codes'!$A$2:$B$26,Quantities!$B$2),\"-\",VLOOKUP(A211,Quantities[],Quantities!$D$2)),\nCONCATENATE(\nVLOOKUP(B211,'Activity-Material_Codes'!$A$2:$B$26,Quantities!$B$2),\nIF(AND(B211=\"B\",C211=\"a\"), \" Scraper Grading\", \"\"),\nIF(C211=\"b\",\"\",\"-\"),\nIF(C211=\"b\",\"\",VLOOKUP(A211,Quantities[],Quantities!$D$2)),\nIF(LEFT(TEXT(A211,\"0\"),1)=\"5\",\"\",\"-\"),\nIF(LEFT(TEXT(A211,\"0\"),1)=\"5\",\"\",VLOOKUP(C211,'Activity-Material_Codes'!$A$30:$B$36,Quantities!$B$2))\n))","v":"Replace Infrastructure-Canyon 6 Deep Collection-Final Grade"},{"$f":"CONCATENATE(\nIF(OR(RIGHT(TEXT($A211,\"0\"),Quantities!$B$2)=\"00\",LEFT(TEXT($A211,\"0\"),1)=\"5\",OR($C211=\"b\",$C211=\"f\")),\"\",VLOOKUP($A211,Quantities[],Quantities!$B$2)),\nIF(LEFT(TEXT($A211,\"0\"),1)=\"5\",\"\",\" \"),\nIF(OR(C211=\"a\",C211=\"c\",C211=\"d\",C211=\"e\"),IF(OR(RIGHT(TEXT($A211,\"0\"),Quantities!$B$2)=\"00\",LEFT(TEXT($A211,\"0\"),1)=\"5\"),VLOOKUP($A211,Quantities[],Quantities!$B$2),\"\"),\nIF(LEFT(TEXT($A211,\"0\"),1)=\"5\",VLOOKUP($A211,Quantities[],Quantities!$B$2),\nVLOOKUP(INDEX(Quantities!$A$100:$A$118,MATCH($A211,Quantities!$C$100:$C$118)),Quantities!$A$100:$B$118,Quantities!$B$2))))","v":"3A Leach "},{"$f":"IF(LEFT(TEXT(A211,\"0\"),1)=\"5\",\nVLOOKUP(VLOOKUP(A211,Quantities!$A$4:$D$118,Quantities!$C$2),Quantities!$A$4:$D$118,Quantities!$C$2),\nIF(OR(C211=\"a\",C211=\"c\",C211=\"d\",C211=\"e\"),\n\"-\",\nIF(RIGHT(TEXT(A211,\"0\"),2)=\"00\",VLOOKUP(A211,Quantities[],Quantities!$B$2),\nIF(C211=\"f\",VLOOKUP(A211,Quantities[],Quantities!$B$2),\nVLOOKUP(A211,Quantities[],Quantities!$C$2))\n)))","v":"-"},{"$f":"IF(OR(AND(LEFT(D211,2)=\"Sc\",B211=\"A\",C211=\"d\"),AND(C211=\"f\",B211=\"D\")),\nSUM(VLOOKUP($A211,Quantities[],Quantities!$O$2),VLOOKUP($A211,Quantities[],Quantities!$Q$2),VLOOKUP($A211,Quantities[],Quantities!$S$2)),\n\nIF(AND(LEFT(D211,2)=\"Sc\",OR(C211=\"a\",C211=\"f\")),\nVLOOKUP(A211,Quantities[],Quantities!$I$2),\n\nIF(AND(B211=\"D\",C211=\"b\"),\n VLOOKUP(INDEX(Quantities!$A$100:$A$118,MATCH($A211,Quantities!$C$100:$C$118)),Quantities!$A$100:$AJ$118,Quantities!$O$2)+\nVLOOKUP(INDEX(Quantities!$A$100:$A$118,MATCH($A211,Quantities!$C$100:$C$118)),Quantities!$A$100:$AJ$118,Quantities!$Q$2)+\nVLOOKUP(INDEX(Quantities!$A$100:$A$118,MATCH($A211,Quantities!$C$100:$C$118)),Quantities!$A$100:$AJ$118,Quantities!$S$2),\n\nIF(OR(B211=\"D\",B211=\"Q\"),\nSUM(VLOOKUP($A211,Quantities[],Quantities!$O$2),VLOOKUP($A211,Quantities[],Quantities!$Q$2),VLOOKUP($A211,Quantities[],Quantities!$S$2)),\n\n VLOOKUP(A211,Quantities[],Quantities!$G$2)\n))))","v":0},{"$f":"IF(LEFT(D211,2)=\"Mg\", VLOOKUP(A211,Quantities[],Quantities!$H$2),\n\nIF(OR(AND(LEFT(D211,2)=\"Sc\",B211=\"A\",C211=\"d\",C211=\"f\")),\n(SUM(VLOOKUP($A211,Quantities[],Quantities!$P$2)*VLOOKUP($A211,Quantities[],Quantities!$O$2),VLOOKUP($A211,Quantities[],Quantities!$R$2)*VLOOKUP($A211,Quantities[],Quantities!$Q$2),VLOOKUP($A211,Quantities[],Quantities!$T$2)*VLOOKUP($A211,Quantities[],Quantities!$S$2)))/SUM(VLOOKUP($A211,Quantities[],Quantities!$O$2),VLOOKUP($A211,Quantities[],Quantities!$Q$2),VLOOKUP($A211,Quantities[],Quantities!$S$2)),\n\nIF(AND(LEFT(D211,2)=\"Sc\",OR(C211=\"a\",C211=\"f\")),\nVLOOKUP(A211,Quantities[],Quantities!$J$2),\n\nIF(AND(B211=\"D\",C211=\"b\", (VLOOKUP(INDEX(Quantities!$A$100:$A$118,MATCH($A211,Quantities!$C$100:$C$118)),Quantities[],Quantities!$O$2)+VLOOKUP(INDEX(Quantities!$A$100:$A$118,MATCH($A211,Quantities!$C$100:$C$118)),Quantities[],Quantities!$Q$2)+VLOOKUP(INDEX(Quantities!$A$100:$A$118,MATCH($A211,Quantities!$C$100:$C$118)),Quantities[],Quantities!$S$2))>0),\n(VLOOKUP(INDEX(Quantities!$A$100:$A$118,MATCH($A211,Quantities!$C$100:$C$118)),Quantities[],Quantities!$P$2)*VLOOKUP(INDEX(Quantities!$A$100:$A$118,MATCH($A211,Quantities!$C$100:$C$118)),Quantities[],Quantities!$O$2)\n+VLOOKUP(INDEX(Quantities!$A$100:$A$118,MATCH($A211,Quantities!$C$100:$C$118)),Quantities[],Quantities!$R$2)*VLOOKUP(INDEX(Quantities!$A$100:$A$118,MATCH($A211,Quantities!$C$100:$C$118)),Quantities[],Quantities!$Q$2)\n+VLOOKUP(INDEX(Quantities!$A$100:$A$118,MATCH($A211,Quantities!$C$100:$C$118)),Quantities[],Quantities!$T$2)*VLOOKUP(INDEX(Quantities!$A$100:$A$118,MATCH($A211,Quantities!$C$100:$C$118)),Quantities[],Quantities!$S$2))/\n(VLOOKUP(INDEX(Quantities!$A$100:$A$118,MATCH($A211,Quantities!$C$100:$C$118)),Quantities[],Quantities!$O$2)+VLOOKUP(INDEX(Quantities!$A$100:$A$118,MATCH($A211,Quantities!$C$100:$C$118)),Quantities[],Quantities!$Q$2)+VLOOKUP(A211,Quantities[],Quantities!$S$2)),\n\nIF(AND(B211=\"D\", (VLOOKUP(A211,Quantities[],Quantities!$O$2)+VLOOKUP(A211,Quantities[],Quantities!$Q$2)+VLOOKUP(A211,Quantities[],Quantities!$S$2))>0),\n(VLOOKUP(A211,Quantities[],Quantities!$P$2)*VLOOKUP(A211,Quantities[],Quantities!$O$2)\n+VLOOKUP(A211,Quantities[],Quantities!$R$2)*VLOOKUP(A211,Quantities[],Quantities!$Q$2)\n+VLOOKUP(A211,Quantities[],Quantities!$T$2)*VLOOKUP(A211,Quantities[],Quantities!$S$2))/\n(VLOOKUP(A211,Quantities[],Quantities!$O$2)+VLOOKUP(A211,Quantities[],Quantities!$Q$2)+VLOOKUP(A211,Quantities[],Quantities!$S$2)),\n\nIF($B211=\"Q\", (SUM(VLOOKUP($A211,Quantities[],Quantities!$P$2)*VLOOKUP($A211,Quantities[],Quantities!$O$2),VLOOKUP($A211,Quantities[],Quantities!$R$2)*VLOOKUP($A211,Quantities[],Quantities!$Q$2),VLOOKUP($A211,Quantities[],Quantities!$T$2)*VLOOKUP($A211,Quantities[],Quantities!$S$2)))/SUM(VLOOKUP($A211,Quantities[],Quantities!$O$2),VLOOKUP($A211,Quantities[],Quantities!$Q$2),VLOOKUP($A211,Quantities[],Quantities!$S$2)),\n\n VLOOKUP(A211,Quantities[],Quantities!$H$2)\n))))))","v":"-"},{"$f":"IF(LEFT(D211,1)=\"U\",\"-\",VLOOKUP(D211,Equipment[],Equipment!$B$2))","v":"-"}]
[{"$f":"Quantities!A50","v":2505},"L","e",{"$f":"'Unit Rates'!$A$44","v":"U33"},"2505-L-e-U33",{"$f":"IF(D212=\"Comb1\",CONCATENATE(VLOOKUP(B212,'Activity-Material_Codes'!$A$2:$B$26,Quantities!$B$2),\"-\",VLOOKUP(A212,Quantities[],Quantities!$D$2)),\nCONCATENATE(\nVLOOKUP(B212,'Activity-Material_Codes'!$A$2:$B$26,Quantities!$B$2),\nIF(AND(B212=\"B\",C212=\"a\"), \" Scraper Grading\", \"\"),\nIF(C212=\"b\",\"\",\"-\"),\nIF(C212=\"b\",\"\",VLOOKUP(A212,Quantities[],Quantities!$D$2)),\nIF(LEFT(TEXT(A212,\"0\"),1)=\"5\",\"\",\"-\"),\nIF(LEFT(TEXT(A212,\"0\"),1)=\"5\",\"\",VLOOKUP(C212,'Activity-Material_Codes'!$A$30:$B$36,Quantities!$B$2))\n))","v":"Replace Infrastructure-Canyon 7 Deep Collection-Final Grade"},{"$f":"CONCATENATE(\nIF(OR(RIGHT(TEXT($A212,\"0\"),Quantities!$B$2)=\"00\",LEFT(TEXT($A212,\"0\"),1)=\"5\",OR($C212=\"b\",$C212=\"f\")),\"\",VLOOKUP($A212,Quantities[],Quantities!$B$2)),\nIF(LEFT(TEXT($A212,\"0\"),1)=\"5\",\"\",\" \"),\nIF(OR(C212=\"a\",C212=\"c\",C212=\"d\",C212=\"e\"),IF(OR(RIGHT(TEXT($A212,\"0\"),Quantities!$B$2)=\"00\",LEFT(TEXT($A212,\"0\"),1)=\"5\"),VLOOKUP($A212,Quantities[],Quantities!$B$2),\"\"),\nIF(LEFT(TEXT($A212,\"0\"),1)=\"5\",VLOOKUP($A212,Quantities[],Quantities!$B$2),\nVLOOKUP(INDEX(Quantities!$A$100:$A$118,MATCH($A212,Quantities!$C$100:$C$118)),Quantities!$A$100:$B$118,Quantities!$B$2))))","v":"3A Leach "},{"$f":"IF(LEFT(TEXT(A212,\"0\"),1)=\"5\",\nVLOOKUP(VLOOKUP(A212,Quantities!$A$4:$D$118,Quantities!$C$2),Quantities!$A$4:$D$118,Quantities!$C$2),\nIF(OR(C212=\"a\",C212=\"c\",C212=\"d\",C212=\"e\"),\n\"-\",\nIF(RIGHT(TEXT(A212,\"0\"),2)=\"00\",VLOOKUP(A212,Quantities[],Quantities!$B$2),\nIF(C212=\"f\",VLOOKUP(A212,Quantities[],Quantities!$B$2),\nVLOOKUP(A212,Quantities[],Quantities!$C$2))\n)))","v":"-"},{"$f":"IF(OR(AND(LEFT(D212,2)=\"Sc\",B212=\"A\",C212=\"d\"),AND(C212=\"f\",B212=\"D\")),\nSUM(VLOOKUP($A212,Quantities[],Quantities!$O$2),VLOOKUP($A212,Quantities[],Quantities!$Q$2),VLOOKUP($A212,Quantities[],Quantities!$S$2)),\n\nIF(AND(LEFT(D212,2)=\"Sc\",OR(C212=\"a\",C212=\"f\")),\nVLOOKUP(A212,Quantities[],Quantities!$I$2),\n\nIF(AND(B212=\"D\",C212=\"b\"),\n VLOOKUP(INDEX(Quantities!$A$100:$A$118,MATCH($A212,Quantities!$C$100:$C$118)),Quantities!$A$100:$AJ$118,Quantities!$O$2)+\nVLOOKUP(INDEX(Quantities!$A$100:$A$118,MATCH($A212,Quantities!$C$100:$C$118)),Quantities!$A$100:$AJ$118,Quantities!$Q$2)+\nVLOOKUP(INDEX(Quantities!$A$100:$A$118,MATCH($A212,Quantities!$C$100:$C$118)),Quantities!$A$100:$AJ$118,Quantities!$S$2),\n\nIF(OR(B212=\"D\",B212=\"Q\"),\nSUM(VLOOKUP($A212,Quantities[],Quantities!$O$2),VLOOKUP($A212,Quantities[],Quantities!$Q$2),VLOOKUP($A212,Quantities[],Quantities!$S$2)),\n\n VLOOKUP(A212,Quantities[],Quantities!$G$2)\n))))","v":0},{"$f":"IF(LEFT(D212,2)=\"Mg\", VLOOKUP(A212,Quantities[],Quantities!$H$2),\n\nIF(OR(AND(LEFT(D212,2)=\"Sc\",B212=\"A\",C212=\"d\",C212=\"f\")),\n(SUM(VLOOKUP($A212,Quantities[],Quantities!$P$2)*VLOOKUP($A212,Quantities[],Quantities!$O$2),VLOOKUP($A212,Quantities[],Quantities!$R$2)*VLOOKUP($A212,Quantities[],Quantities!$Q$2),VLOOKUP($A212,Quantities[],Quantities!$T$2)*VLOOKUP($A212,Quantities[],Quantities!$S$2)))/SUM(VLOOKUP($A212,Quantities[],Quantities!$O$2),VLOOKUP($A212,Quantities[],Quantities!$Q$2),VLOOKUP($A212,Quantities[],Quantities!$S$2)),\n\nIF(AND(LEFT(D212,2)=\"Sc\",OR(C212=\"a\",C212=\"f\")),\nVLOOKUP(A212,Quantities[],Quantities!$J$2),\n\nIF(AND(B212=\"D\",C212=\"b\", (VLOOKUP(INDEX(Quantities!$A$100:$A$118,MATCH($A212,Quantities!$C$100:$C$118)),Quantities[],Quantities!$O$2)+VLOOKUP(INDEX(Quantities!$A$100:$A$118,MATCH($A212,Quantities!$C$100:$C$118)),Quantities[],Quantities!$Q$2)+VLOOKUP(INDEX(Quantities!$A$100:$A$118,MATCH($A212,Quantities!$C$100:$C$118)),Quantities[],Quantities!$S$2))>0),\n(VLOOKUP(INDEX(Quantities!$A$100:$A$118,MATCH($A212,Quantities!$C$100:$C$118)),Quantities[],Quantities!$P$2)*VLOOKUP(INDEX(Quantities!$A$100:$A$118,MATCH($A212,Quantities!$C$100:$C$118)),Quantities[],Quantities!$O$2)\n+VLOOKUP(INDEX(Quantities!$A$100:$A$118,MATCH($A212,Quantities!$C$100:$C$118)),Quantities[],Quantities!$R$2)*VLOOKUP(INDEX(Quantities!$A$100:$A$118,MATCH($A212,Quantities!$C$100:$C$118)),Quantities[],Quantities!$Q$2)\n+VLOOKUP(INDEX(Quantities!$A$100:$A$118,MATCH($A212,Quantities!$C$100:$C$118)),Quantities[],Quantities!$T$2)*VLOOKUP(INDEX(Quantities!$A$100:$A$118,MATCH($A212,Quantities!$C$100:$C$118)),Quantities[],Quantities!$S$2))/\n(VLOOKUP(INDEX(Quantities!$A$100:$A$118,MATCH($A212,Quantities!$C$100:$C$118)),Quantities[],Quantities!$O$2)+VLOOKUP(INDEX(Quantities!$A$100:$A$118,MATCH($A212,Quantities!$C$100:$C$118)),Quantities[],Quantities!$Q$2)+VLOOKUP(A212,Quantities[],Quantities!$S$2)),\n\nIF(AND(B212=\"D\", (VLOOKUP(A212,Quantities[],Quantities!$O$2)+VLOOKUP(A212,Quantities[],Quantities!$Q$2)+VLOOKUP(A212,Quantities[],Quantities!$S$2))>0),\n(VLOOKUP(A212,Quantities[],Quantities!$P$2)*VLOOKUP(A212,Quantities[],Quantities!$O$2)\n+VLOOKUP(A212,Quantities[],Quantities!$R$2)*VLOOKUP(A212,Quantities[],Quantities!$Q$2)\n+VLOOKUP(A212,Quantities[],Quantities!$T$2)*VLOOKUP(A212,Quantities[],Quantities!$S$2))/\n(VLOOKUP(A212,Quantities[],Quantities!$O$2)+VLOOKUP(A212,Quantities[],Quantities!$Q$2)+VLOOKUP(A212,Quantities[],Quantities!$S$2)),\n\nIF($B212=\"Q\", (SUM(VLOOKUP($A212,Quantities[],Quantities!$P$2)*VLOOKUP($A212,Quantities[],Quantities!$O$2),VLOOKUP($A212,Quantities[],Quantities!$R$2)*VLOOKUP($A212,Quantities[],Quantities!$Q$2),VLOOKUP($A212,Quantities[],Quantities!$T$2)*VLOOKUP($A212,Quantities[],Quantities!$S$2)))/SUM(VLOOKUP($A212,Quantities[],Quantities!$O$2),VLOOKUP($A212,Quantities[],Quantities!$Q$2),VLOOKUP($A212,Quantities[],Quantities!$S$2)),\n\n VLOOKUP(A212,Quantities[],Quantities!$H$2)\n))))))","v":"-"},{"$f":"IF(LEFT(D212,1)=\"U\",\"-\",VLOOKUP(D212,Equipment[],Equipment!$B$2))","v":"-"}]
[{"$f":"Quantities!A51","v":2506},"L","e",{"$f":"'Unit Rates'!$A$44","v":"U33"},"2506-L-e-U33",{"$f":"IF(D213=\"Comb1\",CONCATENATE(VLOOKUP(B213,'Activity-Material_Codes'!$A$2:$B$26,Quantities!$B$2),\"-\",VLOOKUP(A213,Quantities[],Quantities!$D$2)),\nCONCATENATE(\nVLOOKUP(B213,'Activity-Material_Codes'!$A$2:$B$26,Quantities!$B$2),\nIF(AND(B213=\"B\",C213=\"a\"), \" Scraper Grading\", \"\"),\nIF(C213=\"b\",\"\",\"-\"),\nIF(C213=\"b\",\"\",VLOOKUP(A213,Quantities[],Quantities!$D$2)),\nIF(LEFT(TEXT(A213,\"0\"),1)=\"5\",\"\",\"-\"),\nIF(LEFT(TEXT(A213,\"0\"),1)=\"5\",\"\",VLOOKUP(C213,'Activity-Material_Codes'!$A$30:$B$36,Quantities!$B$2))\n))","v":"Replace Infrastructure-Canyon 8 Deep Collection-Final Grade"},{"$f":"CONCATENATE(\nIF(OR(RIGHT(TEXT($A213,\"0\"),Quantities!$B$2)=\"00\",LEFT(TEXT($A213,\"0\"),1)=\"5\",OR($C213=\"b\",$C213=\"f\")),\"\",VLOOKUP($A213,Quantities[],Quantities!$B$2)),\nIF(LEFT(TEXT($A213,\"0\"),1)=\"5\",\"\",\" \"),\nIF(OR(C213=\"a\",C213=\"c\",C213=\"d\",C213=\"e\"),IF(OR(RIGHT(TEXT($A213,\"0\"),Quantities!$B$2)=\"00\",LEFT(TEXT($A213,\"0\"),1)=\"5\"),VLOOKUP($A213,Quantities[],Quantities!$B$2),\"\"),\nIF(LEFT(TEXT($A213,\"0\"),1)=\"5\",VLOOKUP($A213,Quantities[],Quantities!$B$2),\nVLOOKUP(INDEX(Quantities!$A$100:$A$118,MATCH($A213,Quantities!$C$100:$C$118)),Quantities!$A$100:$B$118,Quantities!$B$2))))","v":"3A Leach "},{"$f":"IF(LEFT(TEXT(A213,\"0\"),1)=\"5\",\nVLOOKUP(VLOOKUP(A213,Quantities!$A$4:$D$118,Quantities!$C$2),Quantities!$A$4:$D$118,Quantities!$C$2),\nIF(OR(C213=\"a\",C213=\"c\",C213=\"d\",C213=\"e\"),\n\"-\",\nIF(RIGHT(TEXT(A213,\"0\"),2)=\"00\",VLOOKUP(A213,Quantities[],Quantities!$B$2),\nIF(C213=\"f\",VLOOKUP(A213,Quantities[],Quantities!$B$2),\nVLOOKUP(A213,Quantities[],Quantities!$C$2))\n)))","v":"-"},{"$f":"IF(OR(AND(LEFT(D213,2)=\"Sc\",B213=\"A\",C213=\"d\"),AND(C213=\"f\",B213=\"D\")),\nSUM(VLOOKUP($A213,Quantities[],Quantities!$O$2),VLOOKUP($A213,Quantities[],Quantities!$Q$2),VLOOKUP($A213,Quantities[],Quantities!$S$2)),\n\nIF(AND(LEFT(D213,2)=\"Sc\",OR(C213=\"a\",C213=\"f\")),\nVLOOKUP(A213,Quantities[],Quantities!$I$2),\n\nIF(AND(B213=\"D\",C213=\"b\"),\n VLOOKUP(INDEX(Quantities!$A$100:$A$118,MATCH($A213,Quantities!$C$100:$C$118)),Quantities!$A$100:$AJ$118,Quantities!$O$2)+\nVLOOKUP(INDEX(Quantities!$A$100:$A$118,MATCH($A213,Quantities!$C$100:$C$118)),Quantities!$A$100:$AJ$118,Quantities!$Q$2)+\nVLOOKUP(INDEX(Quantities!$A$100:$A$118,MATCH($A213,Quantities!$C$100:$C$118)),Quantities!$A$100:$AJ$118,Quantities!$S$2),\n\nIF(OR(B213=\"D\",B213=\"Q\"),\nSUM(VLOOKUP($A213,Quantities[],Quantities!$O$2),VLOOKUP($A213,Quantities[],Quantities!$Q$2),VLOOKUP($A213,Quantities[],Quantities!$S$2)),\n\n VLOOKUP(A213,Quantities[],Quantities!$G$2)\n))))","v":0},{"$f":"IF(LEFT(D213,2)=\"Mg\", VLOOKUP(A213,Quantities[],Quantities!$H$2),\n\nIF(OR(AND(LEFT(D213,2)=\"Sc\",B213=\"A\",C213=\"d\",C213=\"f\")),\n(SUM(VLOOKUP($A213,Quantities[],Quantities!$P$2)*VLOOKUP($A213,Quantities[],Quantities!$O$2),VLOOKUP($A213,Quantities[],Quantities!$R$2)*VLOOKUP($A213,Quantities[],Quantities!$Q$2),VLOOKUP($A213,Quantities[],Quantities!$T$2)*VLOOKUP($A213,Quantities[],Quantities!$S$2)))/SUM(VLOOKUP($A213,Quantities[],Quantities!$O$2),VLOOKUP($A213,Quantities[],Quantities!$Q$2),VLOOKUP($A213,Quantities[],Quantities!$S$2)),\n\nIF(AND(LEFT(D213,2)=\"Sc\",OR(C213=\"a\",C213=\"f\")),\nVLOOKUP(A213,Quantities[],Quantities!$J$2),\n\nIF(AND(B213=\"D\",C213=\"b\", (VLOOKUP(INDEX(Quantities!$A$100:$A$118,MATCH($A213,Quantities!$C$100:$C$118)),Quantities[],Quantities!$O$2)+VLOOKUP(INDEX(Quantities!$A$100:$A$118,MATCH($A213,Quantities!$C$100:$C$118)),Quantities[],Quantities!$Q$2)+VLOOKUP(INDEX(Quantities!$A$100:$A$118,MATCH($A213,Quantities!$C$100:$C$118)),Quantities[],Quantities!$S$2))>0),\n(VLOOKUP(INDEX(Quantities!$A$100:$A$118,MATCH($A213,Quantities!$C$100:$C$118)),Quantities[],Quantities!$P$2)*VLOOKUP(INDEX(Quantities!$A$100:$A$118,MATCH($A213,Quantities!$C$100:$C$118)),Quantities[],Quantities!$O$2)\n+VLOOKUP(INDEX(Quantities!$A$100:$A$118,MATCH($A213,Quantities!$C$100:$C$118)),Quantities[],Quantities!$R$2)*VLOOKUP(INDEX(Quantities!$A$100:$A$118,MATCH($A213,Quantities!$C$100:$C$118)),Quantities[],Quantities!$Q$2)\n+VLOOKUP(INDEX(Quantities!$A$100:$A$118,MATCH($A213,Quantities!$C$100:$C$118)),Quantities[],Quantities!$T$2)*VLOOKUP(INDEX(Quantities!$A$100:$A$118,MATCH($A213,Quantities!$C$100:$C$118)),Quantities[],Quantities!$S$2))/\n(VLOOKUP(INDEX(Quantities!$A$100:$A$118,MATCH($A213,Quantities!$C$100:$C$118)),Quantities[],Quantities!$O$2)+VLOOKUP(INDEX(Quantities!$A$100:$A$118,MATCH($A213,Quantities!$C$100:$C$118)),Quantities[],Quantities!$Q$2)+VLOOKUP(A213,Quantities[],Quantities!$S$2)),\n\nIF(AND(B213=\"D\", (VLOOKUP(A213,Quantities[],Quantities!$O$2)+VLOOKUP(A213,Quantities[],Quantities!$Q$2)+VLOOKUP(A213,Quantities[],Quantities!$S$2))>0),\n(VLOOKUP(A213,Quantities[],Quantities!$P$2)*VLOOKUP(A213,Quantities[],Quantities!$O$2)\n+VLOOKUP(A213,Quantities[],Quantities!$R$2)*VLOOKUP(A213,Quantities[],Quantities!$Q$2)\n+VLOOKUP(A213,Quantities[],Quantities!$T$2)*VLOOKUP(A213,Quantities[],Quantities!$S$2))/\n(VLOOKUP(A213,Quantities[],Quantities!$O$2)+VLOOKUP(A213,Quantities[],Quantities!$Q$2)+VLOOKUP(A213,Quantities[],Quantities!$S$2)),\n\nIF($B213=\"Q\", (SUM(VLOOKUP($A213,Quantities[],Quantities!$P$2)*VLOOKUP($A213,Quantities[],Quantities!$O$2),VLOOKUP($A213,Quantities[],Quantities!$R$2)*VLOOKUP($A213,Quantities[],Quantities!$Q$2),VLOOKUP($A213,Quantities[],Quantities!$T$2)*VLOOKUP($A213,Quantities[],Quantities!$S$2)))/SUM(VLOOKUP($A213,Quantities[],Quantities!$O$2),VLOOKUP($A213,Quantities[],Quantities!$Q$2),VLOOKUP($A213,Quantities[],Quantities!$S$2)),\n\n VLOOKUP(A213,Quantities[],Quantities!$H$2)\n))))))","v":"-"},{"$f":"IF(LEFT(D213,1)=\"U\",\"-\",VLOOKUP(D213,Equipment[],Equipment!$B$2))","v":"-"}]
[{"$f":"Quantities!A52","v":2507},"L","e",{"$f":"'Unit Rates'!$A$44","v":"U33"},"2507-L-e-U33",{"$f":"IF(D214=\"Comb1\",CONCATENATE(VLOOKUP(B214,'Activity-Material_Codes'!$A$2:$B$26,Quantities!$B$2),\"-\",VLOOKUP(A214,Quantities[],Quantities!$D$2)),\nCONCATENATE(\nVLOOKUP(B214,'Activity-Material_Codes'!$A$2:$B$26,Quantities!$B$2),\nIF(AND(B214=\"B\",C214=\"a\"), \" Scraper Grading\", \"\"),\nIF(C214=\"b\",\"\",\"-\"),\nIF(C214=\"b\",\"\",VLOOKUP(A214,Quantities[],Quantities!$D$2)),\nIF(LEFT(TEXT(A214,\"0\"),1)=\"5\",\"\",\"-\"),\nIF(LEFT(TEXT(A214,\"0\"),1)=\"5\",\"\",VLOOKUP(C214,'Activity-Material_Codes'!$A$30:$B$36,Quantities!$B$2))\n))","v":"Replace Infrastructure-Canyon 10 Deep Collection-Final Grade"},{"$f":"CONCATENATE(\nIF(OR(RIGHT(TEXT($A214,\"0\"),Quantities!$B$2)=\"00\",LEFT(TEXT($A214,\"0\"),1)=\"5\",OR($C214=\"b\",$C214=\"f\")),\"\",VLOOKUP($A214,Quantities[],Quantities!$B$2)),\nIF(LEFT(TEXT($A214,\"0\"),1)=\"5\",\"\",\" \"),\nIF(OR(C214=\"a\",C214=\"c\",C214=\"d\",C214=\"e\"),IF(OR(RIGHT(TEXT($A214,\"0\"),Quantities!$B$2)=\"00\",LEFT(TEXT($A214,\"0\"),1)=\"5\"),VLOOKUP($A214,Quantities[],Quantities!$B$2),\"\"),\nIF(LEFT(TEXT($A214,\"0\"),1)=\"5\",VLOOKUP($A214,Quantities[],Quantities!$B$2),\nVLOOKUP(INDEX(Quantities!$A$100:$A$118,MATCH($A214,Quantities!$C$100:$C$118)),Quantities!$A$100:$B$118,Quantities!$B$2))))","v":"3A Leach "},{"$f":"IF(LEFT(TEXT(A214,\"0\"),1)=\"5\",\nVLOOKUP(VLOOKUP(A214,Quantities!$A$4:$D$118,Quantities!$C$2),Quantities!$A$4:$D$118,Quantities!$C$2),\nIF(OR(C214=\"a\",C214=\"c\",C214=\"d\",C214=\"e\"),\n\"-\",\nIF(RIGHT(TEXT(A214,\"0\"),2)=\"00\",VLOOKUP(A214,Quantities[],Quantities!$B$2),\nIF(C214=\"f\",VLOOKUP(A214,Quantities[],Quantities!$B$2),\nVLOOKUP(A214,Quantities[],Quantities!$C$2))\n)))","v":"-"},{"$f":"IF(OR(AND(LEFT(D214,2)=\"Sc\",B214=\"A\",C214=\"d\"),AND(C214=\"f\",B214=\"D\")),\nSUM(VLOOKUP($A214,Quantities[],Quantities!$O$2),VLOOKUP($A214,Quantities[],Quantities!$Q$2),VLOOKUP($A214,Quantities[],Quantities!$S$2)),\n\nIF(AND(LEFT(D214,2)=\"Sc\",OR(C214=\"a\",C214=\"f\")),\nVLOOKUP(A214,Quantities[],Quantities!$I$2),\n\nIF(AND(B214=\"D\",C214=\"b\"),\n VLOOKUP(INDEX(Quantities!$A$100:$A$118,MATCH($A214,Quantities!$C$100:$C$118)),Quantities!$A$100:$AJ$118,Quantities!$O$2)+\nVLOOKUP(INDEX(Quantities!$A$100:$A$118,MATCH($A214,Quantities!$C$100:$C$118)),Quantities!$A$100:$AJ$118,Quantities!$Q$2)+\nVLOOKUP(INDEX(Quantities!$A$100:$A$118,MATCH($A214,Quantities!$C$100:$C$118)),Quantities!$A$100:$AJ$118,Quantities!$S$2),\n\nIF(OR(B214=\"D\",B214=\"Q\"),\nSUM(VLOOKUP($A214,Quantities[],Quantities!$O$2),VLOOKUP($A214,Quantities[],Quantities!$Q$2),VLOOKUP($A214,Quantities[],Quantities!$S$2)),\n\n VLOOKUP(A214,Quantities[],Quantities!$G$2)\n))))","v":0},{"$f":"IF(LEFT(D214,2)=\"Mg\", VLOOKUP(A214,Quantities[],Quantities!$H$2),\n\nIF(OR(AND(LEFT(D214,2)=\"Sc\",B214=\"A\",C214=\"d\",C214=\"f\")),\n(SUM(VLOOKUP($A214,Quantities[],Quantities!$P$2)*VLOOKUP($A214,Quantities[],Quantities!$O$2),VLOOKUP($A214,Quantities[],Quantities!$R$2)*VLOOKUP($A214,Quantities[],Quantities!$Q$2),VLOOKUP($A214,Quantities[],Quantities!$T$2)*VLOOKUP($A214,Quantities[],Quantities!$S$2)))/SUM(VLOOKUP($A214,Quantities[],Quantities!$O$2),VLOOKUP($A214,Quantities[],Quantities!$Q$2),VLOOKUP($A214,Quantities[],Quantities!$S$2)),\n\nIF(AND(LEFT(D214,2)=\"Sc\",OR(C214=\"a\",C214=\"f\")),\nVLOOKUP(A214,Quantities[],Quantities!$J$2),\n\nIF(AND(B214=\"D\",C214=\"b\", (VLOOKUP(INDEX(Quantities!$A$100:$A$118,MATCH($A214,Quantities!$C$100:$C$118)),Quantities[],Quantities!$O$2)+VLOOKUP(INDEX(Quantities!$A$100:$A$118,MATCH($A214,Quantities!$C$100:$C$118)),Quantities[],Quantities!$Q$2)+VLOOKUP(INDEX(Quantities!$A$100:$A$118,MATCH($A214,Quantities!$C$100:$C$118)),Quantities[],Quantities!$S$2))>0),\n(VLOOKUP(INDEX(Quantities!$A$100:$A$118,MATCH($A214,Quantities!$C$100:$C$118)),Quantities[],Quantities!$P$2)*VLOOKUP(INDEX(Quantities!$A$100:$A$118,MATCH($A214,Quantities!$C$100:$C$118)),Quantities[],Quantities!$O$2)\n+VLOOKUP(INDEX(Quantities!$A$100:$A$118,MATCH($A214,Quantities!$C$100:$C$118)),Quantities[],Quantities!$R$2)*VLOOKUP(INDEX(Quantities!$A$100:$A$118,MATCH($A214,Quantities!$C$100:$C$118)),Quantities[],Quantities!$Q$2)\n+VLOOKUP(INDEX(Quantities!$A$100:$A$118,MATCH($A214,Quantities!$C$100:$C$118)),Quantities[],Quantities!$T$2)*VLOOKUP(INDEX(Quantities!$A$100:$A$118,MATCH($A214,Quantities!$C$100:$C$118)),Quantities[],Quantities!$S$2))/\n(VLOOKUP(INDEX(Quantities!$A$100:$A$118,MATCH($A214,Quantities!$C$100:$C$118)),Quantities[],Quantities!$O$2)+VLOOKUP(INDEX(Quantities!$A$100:$A$118,MATCH($A214,Quantities!$C$100:$C$118)),Quantities[],Quantities!$Q$2)+VLOOKUP(A214,Quantities[],Quantities!$S$2)),\n\nIF(AND(B214=\"D\", (VLOOKUP(A214,Quantities[],Quantities!$O$2)+VLOOKUP(A214,Quantities[],Quantities!$Q$2)+VLOOKUP(A214,Quantities[],Quantities!$S$2))>0),\n(VLOOKUP(A214,Quantities[],Quantities!$P$2)*VLOOKUP(A214,Quantities[],Quantities!$O$2)\n+VLOOKUP(A214,Quantities[],Quantities!$R$2)*VLOOKUP(A214,Quantities[],Quantities!$Q$2)\n+VLOOKUP(A214,Quantities[],Quantities!$T$2)*VLOOKUP(A214,Quantities[],Quantities!$S$2))/\n(VLOOKUP(A214,Quantities[],Quantities!$O$2)+VLOOKUP(A214,Quantities[],Quantities!$Q$2)+VLOOKUP(A214,Quantities[],Quantities!$S$2)),\n\nIF($B214=\"Q\", (SUM(VLOOKUP($A214,Quantities[],Quantities!$P$2)*VLOOKUP($A214,Quantities[],Quantities!$O$2),VLOOKUP($A214,Quantities[],Quantities!$R$2)*VLOOKUP($A214,Quantities[],Quantities!$Q$2),VLOOKUP($A214,Quantities[],Quantities!$T$2)*VLOOKUP($A214,Quantities[],Quantities!$S$2)))/SUM(VLOOKUP($A214,Quantities[],Quantities!$O$2),VLOOKUP($A214,Quantities[],Quantities!$Q$2),VLOOKUP($A214,Quantities[],Quantities!$S$2)),\n\n VLOOKUP(A214,Quantities[],Quantities!$H$2)\n))))))","v":"-"},{"$f":"IF(LEFT(D214,1)=\"U\",\"-\",VLOOKUP(D214,Equipment[],Equipment!$B$2))","v":"-"}]
[{"$f":"Quantities!A53","v":2508},"L","e",{"$f":"'Unit Rates'!$A$44","v":"U33"},"2508-L-e-U33",{"$f":"IF(D215=\"Comb1\",CONCATENATE(VLOOKUP(B215,'Activity-Material_Codes'!$A$2:$B$26,Quantities!$B$2),\"-\",VLOOKUP(A215,Quantities[],Quantities!$D$2)),\nCONCATENATE(\nVLOOKUP(B215,'Activity-Material_Codes'!$A$2:$B$26,Quantities!$B$2),\nIF(AND(B215=\"B\",C215=\"a\"), \" Scraper Grading\", \"\"),\nIF(C215=\"b\",\"\",\"-\"),\nIF(C215=\"b\",\"\",VLOOKUP(A215,Quantities[],Quantities!$D$2)),\nIF(LEFT(TEXT(A215,\"0\"),1)=\"5\",\"\",\"-\"),\nIF(LEFT(TEXT(A215,\"0\"),1)=\"5\",\"\",VLOOKUP(C215,'Activity-Material_Codes'!$A$30:$B$36,Quantities!$B$2))\n))","v":"Replace Infrastructure-Canyon 11 Deep Collection-Final Grade"},{"$f":"CONCATENATE(\nIF(OR(RIGHT(TEXT($A215,\"0\"),Quantities!$B$2)=\"00\",LEFT(TEXT($A215,\"0\"),1)=\"5\",OR($C215=\"b\",$C215=\"f\")),\"\",VLOOKUP($A215,Quantities[],Quantities!$B$2)),\nIF(LEFT(TEXT($A215,\"0\"),1)=\"5\",\"\",\" \"),\nIF(OR(C215=\"a\",C215=\"c\",C215=\"d\",C215=\"e\"),IF(OR(RIGHT(TEXT($A215,\"0\"),Quantities!$B$2)=\"00\",LEFT(TEXT($A215,\"0\"),1)=\"5\"),VLOOKUP($A215,Quantities[],Quantities!$B$2),\"\"),\nIF(LEFT(TEXT($A215,\"0\"),1)=\"5\",VLOOKUP($A215,Quantities[],Quantities!$B$2),\nVLOOKUP(INDEX(Quantities!$A$100:$A$118,MATCH($A215,Quantities!$C$100:$C$118)),Quantities!$A$100:$B$118,Quantities!$B$2))))","v":"3A Leach "},{"$f":"IF(LEFT(TEXT(A215,\"0\"),1)=\"5\",\nVLOOKUP(VLOOKUP(A215,Quantities!$A$4:$D$118,Quantities!$C$2),Quantities!$A$4:$D$118,Quantities!$C$2),\nIF(OR(C215=\"a\",C215=\"c\",C215=\"d\",C215=\"e\"),\n\"-\",\nIF(RIGHT(TEXT(A215,\"0\"),2)=\"00\",VLOOKUP(A215,Quantities[],Quantities!$B$2),\nIF(C215=\"f\",VLOOKUP(A215,Quantities[],Quantities!$B$2),\nVLOOKUP(A215,Quantities[],Quantities!$C$2))\n)))","v":"-"},{"$f":"IF(OR(AND(LEFT(D215,2)=\"Sc\",B215=\"A\",C215=\"d\"),AND(C215=\"f\",B215=\"D\")),\nSUM(VLOOKUP($A215,Quantities[],Quantities!$O$2),VLOOKUP($A215,Quantities[],Quantities!$Q$2),VLOOKUP($A215,Quantities[],Quantities!$S$2)),\n\nIF(AND(LEFT(D215,2)=\"Sc\",OR(C215=\"a\",C215=\"f\")),\nVLOOKUP(A215,Quantities[],Quantities!$I$2),\n\nIF(AND(B215=\"D\",C215=\"b\"),\n VLOOKUP(INDEX(Quantities!$A$100:$A$118,MATCH($A215,Quantities!$C$100:$C$118)),Quantities!$A$100:$AJ$118,Quantities!$O$2)+\nVLOOKUP(INDEX(Quantities!$A$100:$A$118,MATCH($A215,Quantities!$C$100:$C$118)),Quantities!$A$100:$AJ$118,Quantities!$Q$2)+\nVLOOKUP(INDEX(Quantities!$A$100:$A$118,MATCH($A215,Quantities!$C$100:$C$118)),Quantities!$A$100:$AJ$118,Quantities!$S$2),\n\nIF(OR(B215=\"D\",B215=\"Q\"),\nSUM(VLOOKUP($A215,Quantities[],Quantities!$O$2),VLOOKUP($A215,Quantities[],Quantities!$Q$2),VLOOKUP($A215,Quantities[],Quantities!$S$2)),\n\n VLOOKUP(A215,Quantities[],Quantities!$G$2)\n))))","v":0},{"$f":"IF(LEFT(D215,2)=\"Mg\", VLOOKUP(A215,Quantities[],Quantities!$H$2),\n\nIF(OR(AND(LEFT(D215,2)=\"Sc\",B215=\"A\",C215=\"d\",C215=\"f\")),\n(SUM(VLOOKUP($A215,Quantities[],Quantities!$P$2)*VLOOKUP($A215,Quantities[],Quantities!$O$2),VLOOKUP($A215,Quantities[],Quantities!$R$2)*VLOOKUP($A215,Quantities[],Quantities!$Q$2),VLOOKUP($A215,Quantities[],Quantities!$T$2)*VLOOKUP($A215,Quantities[],Quantities!$S$2)))/SUM(VLOOKUP($A215,Quantities[],Quantities!$O$2),VLOOKUP($A215,Quantities[],Quantities!$Q$2),VLOOKUP($A215,Quantities[],Quantities!$S$2)),\n\nIF(AND(LEFT(D215,2)=\"Sc\",OR(C215=\"a\",C215=\"f\")),\nVLOOKUP(A215,Quantities[],Quantities!$J$2),\n\nIF(AND(B215=\"D\",C215=\"b\", (VLOOKUP(INDEX(Quantities!$A$100:$A$118,MATCH($A215,Quantities!$C$100:$C$118)),Quantities[],Quantities!$O$2)+VLOOKUP(INDEX(Quantities!$A$100:$A$118,MATCH($A215,Quantities!$C$100:$C$118)),Quantities[],Quantities!$Q$2)+VLOOKUP(INDEX(Quantities!$A$100:$A$118,MATCH($A215,Quantities!$C$100:$C$118)),Quantities[],Quantities!$S$2))>0),\n(VLOOKUP(INDEX(Quantities!$A$100:$A$118,MATCH($A215,Quantities!$C$100:$C$118)),Quantities[],Quantities!$P$2)*VLOOKUP(INDEX(Quantities!$A$100:$A$118,MATCH($A215,Quantities!$C$100:$C$118)),Quantities[],Quantities!$O$2)\n+VLOOKUP(INDEX(Quantities!$A$100:$A$118,MATCH($A215,Quantities!$C$100:$C$118)),Quantities[],Quantities!$R$2)*VLOOKUP(INDEX(Quantities!$A$100:$A$118,MATCH($A215,Quantities!$C$100:$C$118)),Quantities[],Quantities!$Q$2)\n+VLOOKUP(INDEX(Quantities!$A$100:$A$118,MATCH($A215,Quantities!$C$100:$C$118)),Quantities[],Quantities!$T$2)*VLOOKUP(INDEX(Quantities!$A$100:$A$118,MATCH($A215,Quantities!$C$100:$C$118)),Quantities[],Quantities!$S$2))/\n(VLOOKUP(INDEX(Quantities!$A$100:$A$118,MATCH($A215,Quantities!$C$100:$C$118)),Quantities[],Quantities!$O$2)+VLOOKUP(INDEX(Quantities!$A$100:$A$118,MATCH($A215,Quantities!$C$100:$C$118)),Quantities[],Quantities!$Q$2)+VLOOKUP(A215,Quantities[],Quantities!$S$2)),\n\nIF(AND(B215=\"D\", (VLOOKUP(A215,Quantities[],Quantities!$O$2)+VLOOKUP(A215,Quantities[],Quantities!$Q$2)+VLOOKUP(A215,Quantities[],Quantities!$S$2))>0),\n(VLOOKUP(A215,Quantities[],Quantities!$P$2)*VLOOKUP(A215,Quantities[],Quantities!$O$2)\n+VLOOKUP(A215,Quantities[],Quantities!$R$2)*VLOOKUP(A215,Quantities[],Quantities!$Q$2)\n+VLOOKUP(A215,Quantities[],Quantities!$T$2)*VLOOKUP(A215,Quantities[],Quantities!$S$2))/\n(VLOOKUP(A215,Quantities[],Quantities!$O$2)+VLOOKUP(A215,Quantities[],Quantities!$Q$2)+VLOOKUP(A215,Quantities[],Quantities!$S$2)),\n\nIF($B215=\"Q\", (SUM(VLOOKUP($A215,Quantities[],Quantities!$P$2)*VLOOKUP($A215,Quantities[],Quantities!$O$2),VLOOKUP($A215,Quantities[],Quantities!$R$2)*VLOOKUP($A215,Quantities[],Quantities!$Q$2),VLOOKUP($A215,Quantities[],Quantities!$T$2)*VLOOKUP($A215,Quantities[],Quantities!$S$2)))/SUM(VLOOKUP($A215,Quantities[],Quantities!$O$2),VLOOKUP($A215,Quantities[],Quantities!$Q$2),VLOOKUP($A215,Quantities[],Quantities!$S$2)),\n\n VLOOKUP(A215,Quantities[],Quantities!$H$2)\n))))))","v":"-"},{"$f":"IF(LEFT(D215,1)=\"U\",\"-\",VLOOKUP(D215,Equipment[],Equipment!$B$2))","v":"-"}]
[{"$f":"Quantities!A54","v":2509},"L","e",{"$f":"'Unit Rates'!$A$44","v":"U33"},"2509-L-e-U33",{"$f":"IF(D216=\"Comb1\",CONCATENATE(VLOOKUP(B216,'Activity-Material_Codes'!$A$2:$B$26,Quantities!$B$2),\"-\",VLOOKUP(A216,Quantities[],Quantities!$D$2)),\nCONCATENATE(\nVLOOKUP(B216,'Activity-Material_Codes'!$A$2:$B$26,Quantities!$B$2),\nIF(AND(B216=\"B\",C216=\"a\"), \" Scraper Grading\", \"\"),\nIF(C216=\"b\",\"\",\"-\"),\nIF(C216=\"b\",\"\",VLOOKUP(A216,Quantities[],Quantities!$D$2)),\nIF(LEFT(TEXT(A216,\"0\"),1)=\"5\",\"\",\"-\"),\nIF(LEFT(TEXT(A216,\"0\"),1)=\"5\",\"\",VLOOKUP(C216,'Activity-Material_Codes'!$A$30:$B$36,Quantities!$B$2))\n))","v":"Replace Infrastructure-Bolster Existing Surface PLS Catchments-Final Grade"},{"$f":"CONCATENATE(\nIF(OR(RIGHT(TEXT($A216,\"0\"),Quantities!$B$2)=\"00\",LEFT(TEXT($A216,\"0\"),1)=\"5\",OR($C216=\"b\",$C216=\"f\")),\"\",VLOOKUP($A216,Quantities[],Quantities!$B$2)),\nIF(LEFT(TEXT($A216,\"0\"),1)=\"5\",\"\",\" \"),\nIF(OR(C216=\"a\",C216=\"c\",C216=\"d\",C216=\"e\"),IF(OR(RIGHT(TEXT($A216,\"0\"),Quantities!$B$2)=\"00\",LEFT(TEXT($A216,\"0\"),1)=\"5\"),VLOOKUP($A216,Quantities[],Quantities!$B$2),\"\"),\nIF(LEFT(TEXT($A216,\"0\"),1)=\"5\",VLOOKUP($A216,Quantities[],Quantities!$B$2),\nVLOOKUP(INDEX(Quantities!$A$100:$A$118,MATCH($A216,Quantities!$C$100:$C$118)),Quantities!$A$100:$B$118,Quantities!$B$2))))","v":"3A Leach "},{"$f":"IF(LEFT(TEXT(A216,\"0\"),1)=\"5\",\nVLOOKUP(VLOOKUP(A216,Quantities!$A$4:$D$118,Quantities!$C$2),Quantities!$A$4:$D$118,Quantities!$C$2),\nIF(OR(C216=\"a\",C216=\"c\",C216=\"d\",C216=\"e\"),\n\"-\",\nIF(RIGHT(TEXT(A216,\"0\"),2)=\"00\",VLOOKUP(A216,Quantities[],Quantities!$B$2),\nIF(C216=\"f\",VLOOKUP(A216,Quantities[],Quantities!$B$2),\nVLOOKUP(A216,Quantities[],Quantities!$C$2))\n)))","v":"-"},{"$f":"IF(OR(AND(LEFT(D216,2)=\"Sc\",B216=\"A\",C216=\"d\"),AND(C216=\"f\",B216=\"D\")),\nSUM(VLOOKUP($A216,Quantities[],Quantities!$O$2),VLOOKUP($A216,Quantities[],Quantities!$Q$2),VLOOKUP($A216,Quantities[],Quantities!$S$2)),\n\nIF(AND(LEFT(D216,2)=\"Sc\",OR(C216=\"a\",C216=\"f\")),\nVLOOKUP(A216,Quantities[],Quantities!$I$2),\n\nIF(AND(B216=\"D\",C216=\"b\"),\n VLOOKUP(INDEX(Quantities!$A$100:$A$118,MATCH($A216,Quantities!$C$100:$C$118)),Quantities!$A$100:$AJ$118,Quantities!$O$2)+\nVLOOKUP(INDEX(Quantities!$A$100:$A$118,MATCH($A216,Quantities!$C$100:$C$118)),Quantities!$A$100:$AJ$118,Quantities!$Q$2)+\nVLOOKUP(INDEX(Quantities!$A$100:$A$118,MATCH($A216,Quantities!$C$100:$C$118)),Quantities!$A$100:$AJ$118,Quantities!$S$2),\n\nIF(OR(B216=\"D\",B216=\"Q\"),\nSUM(VLOOKUP($A216,Quantities[],Quantities!$O$2),VLOOKUP($A216,Quantities[],Quantities!$Q$2),VLOOKUP($A216,Quantities[],Quantities!$S$2)),\n\n VLOOKUP(A216,Quantities[],Quantities!$G$2)\n))))","v":0},{"$f":"IF(LEFT(D216,2)=\"Mg\", VLOOKUP(A216,Quantities[],Quantities!$H$2),\n\nIF(OR(AND(LEFT(D216,2)=\"Sc\",B216=\"A\",C216=\"d\",C216=\"f\")),\n(SUM(VLOOKUP($A216,Quantities[],Quantities!$P$2)*VLOOKUP($A216,Quantities[],Quantities!$O$2),VLOOKUP($A216,Quantities[],Quantities!$R$2)*VLOOKUP($A216,Quantities[],Quantities!$Q$2),VLOOKUP($A216,Quantities[],Quantities!$T$2)*VLOOKUP($A216,Quantities[],Quantities!$S$2)))/SUM(VLOOKUP($A216,Quantities[],Quantities!$O$2),VLOOKUP($A216,Quantities[],Quantities!$Q$2),VLOOKUP($A216,Quantities[],Quantities!$S$2)),\n\nIF(AND(LEFT(D216,2)=\"Sc\",OR(C216=\"a\",C216=\"f\")),\nVLOOKUP(A216,Quantities[],Quantities!$J$2),\n\nIF(AND(B216=\"D\",C216=\"b\", (VLOOKUP(INDEX(Quantities!$A$100:$A$118,MATCH($A216,Quantities!$C$100:$C$118)),Quantities[],Quantities!$O$2)+VLOOKUP(INDEX(Quantities!$A$100:$A$118,MATCH($A216,Quantities!$C$100:$C$118)),Quantities[],Quantities!$Q$2)+VLOOKUP(INDEX(Quantities!$A$100:$A$118,MATCH($A216,Quantities!$C$100:$C$118)),Quantities[],Quantities!$S$2))>0),\n(VLOOKUP(INDEX(Quantities!$A$100:$A$118,MATCH($A216,Quantities!$C$100:$C$118)),Quantities[],Quantities!$P$2)*VLOOKUP(INDEX(Quantities!$A$100:$A$118,MATCH($A216,Quantities!$C$100:$C$118)),Quantities[],Quantities!$O$2)\n+VLOOKUP(INDEX(Quantities!$A$100:$A$118,MATCH($A216,Quantities!$C$100:$C$118)),Quantities[],Quantities!$R$2)*VLOOKUP(INDEX(Quantities!$A$100:$A$118,MATCH($A216,Quantities!$C$100:$C$118)),Quantities[],Quantities!$Q$2)\n+VLOOKUP(INDEX(Quantities!$A$100:$A$118,MATCH($A216,Quantities!$C$100:$C$118)),Quantities[],Quantities!$T$2)*VLOOKUP(INDEX(Quantities!$A$100:$A$118,MATCH($A216,Quantities!$C$100:$C$118)),Quantities[],Quantities!$S$2))/\n(VLOOKUP(INDEX(Quantities!$A$100:$A$118,MATCH($A216,Quantities!$C$100:$C$118)),Quantities[],Quantities!$O$2)+VLOOKUP(INDEX(Quantities!$A$100:$A$118,MATCH($A216,Quantities!$C$100:$C$118)),Quantities[],Quantities!$Q$2)+VLOOKUP(A216,Quantities[],Quantities!$S$2)),\n\nIF(AND(B216=\"D\", (VLOOKUP(A216,Quantities[],Quantities!$O$2)+VLOOKUP(A216,Quantities[],Quantities!$Q$2)+VLOOKUP(A216,Quantities[],Quantities!$S$2))>0),\n(VLOOKUP(A216,Quantities[],Quantities!$P$2)*VLOOKUP(A216,Quantities[],Quantities!$O$2)\n+VLOOKUP(A216,Quantities[],Quantities!$R$2)*VLOOKUP(A216,Quantities[],Quantities!$Q$2)\n+VLOOKUP(A216,Quantities[],Quantities!$T$2)*VLOOKUP(A216,Quantities[],Quantities!$S$2))/\n(VLOOKUP(A216,Quantities[],Quantities!$O$2)+VLOOKUP(A216,Quantities[],Quantities!$Q$2)+VLOOKUP(A216,Quantities[],Quantities!$S$2)),\n\nIF($B216=\"Q\", (SUM(VLOOKUP($A216,Quantities[],Quantities!$P$2)*VLOOKUP($A216,Quantities[],Quantities!$O$2),VLOOKUP($A216,Quantities[],Quantities!$R$2)*VLOOKUP($A216,Quantities[],Quantities!$Q$2),VLOOKUP($A216,Quantities[],Quantities!$T$2)*VLOOKUP($A216,Quantities[],Quantities!$S$2)))/SUM(VLOOKUP($A216,Quantities[],Quantities!$O$2),VLOOKUP($A216,Quantities[],Quantities!$Q$2),VLOOKUP($A216,Quantities[],Quantities!$S$2)),\n\n VLOOKUP(A216,Quantities[],Quantities!$H$2)\n))))))","v":"-"},{"$f":"IF(LEFT(D216,1)=\"U\",\"-\",VLOOKUP(D216,Equipment[],Equipment!$B$2))","v":"-"}]
[{"$f":"Quantities!A55","v":2510},"L","e",{"$f":"'Unit Rates'!$A$44","v":"U33"},"2510-L-e-U33",{"$f":"IF(D217=\"Comb1\",CONCATENATE(VLOOKUP(B217,'Activity-Material_Codes'!$A$2:$B$26,Quantities!$B$2),\"-\",VLOOKUP(A217,Quantities[],Quantities!$D$2)),\nCONCATENATE(\nVLOOKUP(B217,'Activity-Material_Codes'!$A$2:$B$26,Quantities!$B$2),\nIF(AND(B217=\"B\",C217=\"a\"), \" Scraper Grading\", \"\"),\nIF(C217=\"b\",\"\",\"-\"),\nIF(C217=\"b\",\"\",VLOOKUP(A217,Quantities[],Quantities!$D$2)),\nIF(LEFT(TEXT(A217,\"0\"),1)=\"5\",\"\",\"-\"),\nIF(LEFT(TEXT(A217,\"0\"),1)=\"5\",\"\",VLOOKUP(C217,'Activity-Material_Codes'!$A$30:$B$36,Quantities!$B$2))\n))","v":"Replace Infrastructure-Finger Drain System-Final Grade"},{"$f":"CONCATENATE(\nIF(OR(RIGHT(TEXT($A217,\"0\"),Quantities!$B$2)=\"00\",LEFT(TEXT($A217,\"0\"),1)=\"5\",OR($C217=\"b\",$C217=\"f\")),\"\",VLOOKUP($A217,Quantities[],Quantities!$B$2)),\nIF(LEFT(TEXT($A217,\"0\"),1)=\"5\",\"\",\" \"),\nIF(OR(C217=\"a\",C217=\"c\",C217=\"d\",C217=\"e\"),IF(OR(RIGHT(TEXT($A217,\"0\"),Quantities!$B$2)=\"00\",LEFT(TEXT($A217,\"0\"),1)=\"5\"),VLOOKUP($A217,Quantities[],Quantities!$B$2),\"\"),\nIF(LEFT(TEXT($A217,\"0\"),1)=\"5\",VLOOKUP($A217,Quantities[],Quantities!$B$2),\nVLOOKUP(INDEX(Quantities!$A$100:$A$118,MATCH($A217,Quantities!$C$100:$C$118)),Quantities!$A$100:$B$118,Quantities!$B$2))))","v":"3A Leach "},{"$f":"IF(LEFT(TEXT(A217,\"0\"),1)=\"5\",\nVLOOKUP(VLOOKUP(A217,Quantities!$A$4:$D$118,Quantities!$C$2),Quantities!$A$4:$D$118,Quantities!$C$2),\nIF(OR(C217=\"a\",C217=\"c\",C217=\"d\",C217=\"e\"),\n\"-\",\nIF(RIGHT(TEXT(A217,\"0\"),2)=\"00\",VLOOKUP(A217,Quantities[],Quantities!$B$2),\nIF(C217=\"f\",VLOOKUP(A217,Quantities[],Quantities!$B$2),\nVLOOKUP(A217,Quantities[],Quantities!$C$2))\n)))","v":"-"},{"$f":"IF(OR(AND(LEFT(D217,2)=\"Sc\",B217=\"A\",C217=\"d\"),AND(C217=\"f\",B217=\"D\")),\nSUM(VLOOKUP($A217,Quantities[],Quantities!$O$2),VLOOKUP($A217,Quantities[],Quantities!$Q$2),VLOOKUP($A217,Quantities[],Quantities!$S$2)),\n\nIF(AND(LEFT(D217,2)=\"Sc\",OR(C217=\"a\",C217=\"f\")),\nVLOOKUP(A217,Quantities[],Quantities!$I$2),\n\nIF(AND(B217=\"D\",C217=\"b\"),\n VLOOKUP(INDEX(Quantities!$A$100:$A$118,MATCH($A217,Quantities!$C$100:$C$118)),Quantities!$A$100:$AJ$118,Quantities!$O$2)+\nVLOOKUP(INDEX(Quantities!$A$100:$A$118,MATCH($A217,Quantities!$C$100:$C$118)),Quantities!$A$100:$AJ$118,Quantities!$Q$2)+\nVLOOKUP(INDEX(Quantities!$A$100:$A$118,MATCH($A217,Quantities!$C$100:$C$118)),Quantities!$A$100:$AJ$118,Quantities!$S$2),\n\nIF(OR(B217=\"D\",B217=\"Q\"),\nSUM(VLOOKUP($A217,Quantities[],Quantities!$O$2),VLOOKUP($A217,Quantities[],Quantities!$Q$2),VLOOKUP($A217,Quantities[],Quantities!$S$2)),\n\n VLOOKUP(A217,Quantities[],Quantities!$G$2)\n))))","v":0},{"$f":"IF(LEFT(D217,2)=\"Mg\", VLOOKUP(A217,Quantities[],Quantities!$H$2),\n\nIF(OR(AND(LEFT(D217,2)=\"Sc\",B217=\"A\",C217=\"d\",C217=\"f\")),\n(SUM(VLOOKUP($A217,Quantities[],Quantities!$P$2)*VLOOKUP($A217,Quantities[],Quantities!$O$2),VLOOKUP($A217,Quantities[],Quantities!$R$2)*VLOOKUP($A217,Quantities[],Quantities!$Q$2),VLOOKUP($A217,Quantities[],Quantities!$T$2)*VLOOKUP($A217,Quantities[],Quantities!$S$2)))/SUM(VLOOKUP($A217,Quantities[],Quantities!$O$2),VLOOKUP($A217,Quantities[],Quantities!$Q$2),VLOOKUP($A217,Quantities[],Quantities!$S$2)),\n\nIF(AND(LEFT(D217,2)=\"Sc\",OR(C217=\"a\",C217=\"f\")),\nVLOOKUP(A217,Quantities[],Quantities!$J$2),\n\nIF(AND(B217=\"D\",C217=\"b\", (VLOOKUP(INDEX(Quantities!$A$100:$A$118,MATCH($A217,Quantities!$C$100:$C$118)),Quantities[],Quantities!$O$2)+VLOOKUP(INDEX(Quantities!$A$100:$A$118,MATCH($A217,Quantities!$C$100:$C$118)),Quantities[],Quantities!$Q$2)+VLOOKUP(INDEX(Quantities!$A$100:$A$118,MATCH($A217,Quantities!$C$100:$C$118)),Quantities[],Quantities!$S$2))>0),\n(VLOOKUP(INDEX(Quantities!$A$100:$A$118,MATCH($A217,Quantities!$C$100:$C$118)),Quantities[],Quantities!$P$2)*VLOOKUP(INDEX(Quantities!$A$100:$A$118,MATCH($A217,Quantities!$C$100:$C$118)),Quantities[],Quantities!$O$2)\n+VLOOKUP(INDEX(Quantities!$A$100:$A$118,MATCH($A217,Quantities!$C$100:$C$118)),Quantities[],Quantities!$R$2)*VLOOKUP(INDEX(Quantities!$A$100:$A$118,MATCH($A217,Quantities!$C$100:$C$118)),Quantities[],Quantities!$Q$2)\n+VLOOKUP(INDEX(Quantities!$A$100:$A$118,MATCH($A217,Quantities!$C$100:$C$118)),Quantities[],Quantities!$T$2)*VLOOKUP(INDEX(Quantities!$A$100:$A$118,MATCH($A217,Quantities!$C$100:$C$118)),Quantities[],Quantities!$S$2))/\n(VLOOKUP(INDEX(Quantities!$A$100:$A$118,MATCH($A217,Quantities!$C$100:$C$118)),Quantities[],Quantities!$O$2)+VLOOKUP(INDEX(Quantities!$A$100:$A$118,MATCH($A217,Quantities!$C$100:$C$118)),Quantities[],Quantities!$Q$2)+VLOOKUP(A217,Quantities[],Quantities!$S$2)),\n\nIF(AND(B217=\"D\", (VLOOKUP(A217,Quantities[],Quantities!$O$2)+VLOOKUP(A217,Quantities[],Quantities!$Q$2)+VLOOKUP(A217,Quantities[],Quantities!$S$2))>0),\n(VLOOKUP(A217,Quantities[],Quantities!$P$2)*VLOOKUP(A217,Quantities[],Quantities!$O$2)\n+VLOOKUP(A217,Quantities[],Quantities!$R$2)*VLOOKUP(A217,Quantities[],Quantities!$Q$2)\n+VLOOKUP(A217,Quantities[],Quantities!$T$2)*VLOOKUP(A217,Quantities[],Quantities!$S$2))/\n(VLOOKUP(A217,Quantities[],Quantities!$O$2)+VLOOKUP(A217,Quantities[],Quantities!$Q$2)+VLOOKUP(A217,Quantities[],Quantities!$S$2)),\n\nIF($B217=\"Q\", (SUM(VLOOKUP($A217,Quantities[],Quantities!$P$2)*VLOOKUP($A217,Quantities[],Quantities!$O$2),VLOOKUP($A217,Quantities[],Quantities!$R$2)*VLOOKUP($A217,Quantities[],Quantities!$Q$2),VLOOKUP($A217,Quantities[],Quantities!$T$2)*VLOOKUP($A217,Quantities[],Quantities!$S$2)))/SUM(VLOOKUP($A217,Quantities[],Quantities!$O$2),VLOOKUP($A217,Quantities[],Quantities!$Q$2),VLOOKUP($A217,Quantities[],Quantities!$S$2)),\n\n VLOOKUP(A217,Quantities[],Quantities!$H$2)\n))))))","v":"-"},{"$f":"IF(LEFT(D217,1)=\"U\",\"-\",VLOOKUP(D217,Equipment[],Equipment!$B$2))","v":"-"}]
[{"$f":"Quantities!A56","v":2511},"L","e",{"$f":"'Unit Rates'!$A$44","v":"U33"},"2511-L-e-U33",{"$f":"IF(D218=\"Comb1\",CONCATENATE(VLOOKUP(B218,'Activity-Material_Codes'!$A$2:$B$26,Quantities!$B$2),\"-\",VLOOKUP(A218,Quantities[],Quantities!$D$2)),\nCONCATENATE(\nVLOOKUP(B218,'Activity-Material_Codes'!$A$2:$B$26,Quantities!$B$2),\nIF(AND(B218=\"B\",C218=\"a\"), \" Scraper Grading\", \"\"),\nIF(C218=\"b\",\"\",\"-\"),\nIF(C218=\"b\",\"\",VLOOKUP(A218,Quantities[],Quantities!$D$2)),\nIF(LEFT(TEXT(A218,\"0\"),1)=\"5\",\"\",\"-\"),\nIF(LEFT(TEXT(A218,\"0\"),1)=\"5\",\"\",VLOOKUP(C218,'Activity-Material_Codes'!$A$30:$B$36,Quantities!$B$2))\n))","v":"Replace Infrastructure-Breach of Existing Seepage Collection Trenches-Final Grade"},{"$f":"CONCATENATE(\nIF(OR(RIGHT(TEXT($A218,\"0\"),Quantities!$B$2)=\"00\",LEFT(TEXT($A218,\"0\"),1)=\"5\",OR($C218=\"b\",$C218=\"f\")),\"\",VLOOKUP($A218,Quantities[],Quantities!$B$2)),\nIF(LEFT(TEXT($A218,\"0\"),1)=\"5\",\"\",\" \"),\nIF(OR(C218=\"a\",C218=\"c\",C218=\"d\",C218=\"e\"),IF(OR(RIGHT(TEXT($A218,\"0\"),Quantities!$B$2)=\"00\",LEFT(TEXT($A218,\"0\"),1)=\"5\"),VLOOKUP($A218,Quantities[],Quantities!$B$2),\"\"),\nIF(LEFT(TEXT($A218,\"0\"),1)=\"5\",VLOOKUP($A218,Quantities[],Quantities!$B$2),\nVLOOKUP(INDEX(Quantities!$A$100:$A$118,MATCH($A218,Quantities!$C$100:$C$118)),Quantities!$A$100:$B$118,Quantities!$B$2))))","v":"3A Leach "},{"$f":"IF(LEFT(TEXT(A218,\"0\"),1)=\"5\",\nVLOOKUP(VLOOKUP(A218,Quantities!$A$4:$D$118,Quantities!$C$2),Quantities!$A$4:$D$118,Quantities!$C$2),\nIF(OR(C218=\"a\",C218=\"c\",C218=\"d\",C218=\"e\"),\n\"-\",\nIF(RIGHT(TEXT(A218,\"0\"),2)=\"00\",VLOOKUP(A218,Quantities[],Quantities!$B$2),\nIF(C218=\"f\",VLOOKUP(A218,Quantities[],Quantities!$B$2),\nVLOOKUP(A218,Quantities[],Quantities!$C$2))\n)))","v":"-"},{"$f":"IF(OR(AND(LEFT(D218,2)=\"Sc\",B218=\"A\",C218=\"d\"),AND(C218=\"f\",B218=\"D\")),\nSUM(VLOOKUP($A218,Quantities[],Quantities!$O$2),VLOOKUP($A218,Quantities[],Quantities!$Q$2),VLOOKUP($A218,Quantities[],Quantities!$S$2)),\n\nIF(AND(LEFT(D218,2)=\"Sc\",OR(C218=\"a\",C218=\"f\")),\nVLOOKUP(A218,Quantities[],Quantities!$I$2),\n\nIF(AND(B218=\"D\",C218=\"b\"),\n VLOOKUP(INDEX(Quantities!$A$100:$A$118,MATCH($A218,Quantities!$C$100:$C$118)),Quantities!$A$100:$AJ$118,Quantities!$O$2)+\nVLOOKUP(INDEX(Quantities!$A$100:$A$118,MATCH($A218,Quantities!$C$100:$C$118)),Quantities!$A$100:$AJ$118,Quantities!$Q$2)+\nVLOOKUP(INDEX(Quantities!$A$100:$A$118,MATCH($A218,Quantities!$C$100:$C$118)),Quantities!$A$100:$AJ$118,Quantities!$S$2),\n\nIF(OR(B218=\"D\",B218=\"Q\"),\nSUM(VLOOKUP($A218,Quantities[],Quantities!$O$2),VLOOKUP($A218,Quantities[],Quantities!$Q$2),VLOOKUP($A218,Quantities[],Quantities!$S$2)),\n\n VLOOKUP(A218,Quantities[],Quantities!$G$2)\n))))","v":0},{"$f":"IF(LEFT(D218,2)=\"Mg\", VLOOKUP(A218,Quantities[],Quantities!$H$2),\n\nIF(OR(AND(LEFT(D218,2)=\"Sc\",B218=\"A\",C218=\"d\",C218=\"f\")),\n(SUM(VLOOKUP($A218,Quantities[],Quantities!$P$2)*VLOOKUP($A218,Quantities[],Quantities!$O$2),VLOOKUP($A218,Quantities[],Quantities!$R$2)*VLOOKUP($A218,Quantities[],Quantities!$Q$2),VLOOKUP($A218,Quantities[],Quantities!$T$2)*VLOOKUP($A218,Quantities[],Quantities!$S$2)))/SUM(VLOOKUP($A218,Quantities[],Quantities!$O$2),VLOOKUP($A218,Quantities[],Quantities!$Q$2),VLOOKUP($A218,Quantities[],Quantities!$S$2)),\n\nIF(AND(LEFT(D218,2)=\"Sc\",OR(C218=\"a\",C218=\"f\")),\nVLOOKUP(A218,Quantities[],Quantities!$J$2),\n\nIF(AND(B218=\"D\",C218=\"b\", (VLOOKUP(INDEX(Quantities!$A$100:$A$118,MATCH($A218,Quantities!$C$100:$C$118)),Quantities[],Quantities!$O$2)+VLOOKUP(INDEX(Quantities!$A$100:$A$118,MATCH($A218,Quantities!$C$100:$C$118)),Quantities[],Quantities!$Q$2)+VLOOKUP(INDEX(Quantities!$A$100:$A$118,MATCH($A218,Quantities!$C$100:$C$118)),Quantities[],Quantities!$S$2))>0),\n(VLOOKUP(INDEX(Quantities!$A$100:$A$118,MATCH($A218,Quantities!$C$100:$C$118)),Quantities[],Quantities!$P$2)*VLOOKUP(INDEX(Quantities!$A$100:$A$118,MATCH($A218,Quantities!$C$100:$C$118)),Quantities[],Quantities!$O$2)\n+VLOOKUP(INDEX(Quantities!$A$100:$A$118,MATCH($A218,Quantities!$C$100:$C$118)),Quantities[],Quantities!$R$2)*VLOOKUP(INDEX(Quantities!$A$100:$A$118,MATCH($A218,Quantities!$C$100:$C$118)),Quantities[],Quantities!$Q$2)\n+VLOOKUP(INDEX(Quantities!$A$100:$A$118,MATCH($A218,Quantities!$C$100:$C$118)),Quantities[],Quantities!$T$2)*VLOOKUP(INDEX(Quantities!$A$100:$A$118,MATCH($A218,Quantities!$C$100:$C$118)),Quantities[],Quantities!$S$2))/\n(VLOOKUP(INDEX(Quantities!$A$100:$A$118,MATCH($A218,Quantities!$C$100:$C$118)),Quantities[],Quantities!$O$2)+VLOOKUP(INDEX(Quantities!$A$100:$A$118,MATCH($A218,Quantities!$C$100:$C$118)),Quantities[],Quantities!$Q$2)+VLOOKUP(A218,Quantities[],Quantities!$S$2)),\n\nIF(AND(B218=\"D\", (VLOOKUP(A218,Quantities[],Quantities!$O$2)+VLOOKUP(A218,Quantities[],Quantities!$Q$2)+VLOOKUP(A218,Quantities[],Quantities!$S$2))>0),\n(VLOOKUP(A218,Quantities[],Quantities!$P$2)*VLOOKUP(A218,Quantities[],Quantities!$O$2)\n+VLOOKUP(A218,Quantities[],Quantities!$R$2)*VLOOKUP(A218,Quantities[],Quantities!$Q$2)\n+VLOOKUP(A218,Quantities[],Quantities!$T$2)*VLOOKUP(A218,Quantities[],Quantities!$S$2))/\n(VLOOKUP(A218,Quantities[],Quantities!$O$2)+VLOOKUP(A218,Quantities[],Quantities!$Q$2)+VLOOKUP(A218,Quantities[],Quantities!$S$2)),\n\nIF($B218=\"Q\", (SUM(VLOOKUP($A218,Quantities[],Quantities!$P$2)*VLOOKUP($A218,Quantities[],Quantities!$O$2),VLOOKUP($A218,Quantities[],Quantities!$R$2)*VLOOKUP($A218,Quantities[],Quantities!$Q$2),VLOOKUP($A218,Quantities[],Quantities!$T$2)*VLOOKUP($A218,Quantities[],Quantities!$S$2)))/SUM(VLOOKUP($A218,Quantities[],Quantities!$O$2),VLOOKUP($A218,Quantities[],Quantities!$Q$2),VLOOKUP($A218,Quantities[],Quantities!$S$2)),\n\n VLOOKUP(A218,Quantities[],Quantities!$H$2)\n))))))","v":"-"},{"$f":"IF(LEFT(D218,1)=\"U\",\"-\",VLOOKUP(D218,Equipment[],Equipment!$B$2))","v":"-"}]
[{"$f":"Quantities!A57","v":2512},"L","e",{"$f":"'Unit Rates'!$A$44","v":"U33"},{"$f":"CONCATENATE(TEXT(A219,\"0\"),\"-\",B219,\"-\",C219,\"-\",D219)","v":"2512-L-e-U33"},{"$f":"IF(D219=\"Comb1\",CONCATENATE(VLOOKUP(B219,'Activity-Material_Codes'!$A$2:$B$26,Quantities!$B$2),\"-\",VLOOKUP(A219,Quantities[],Quantities!$D$2)),\nCONCATENATE(\nVLOOKUP(B219,'Activity-Material_Codes'!$A$2:$B$26,Quantities!$B$2),\nIF(AND(B219=\"B\",C219=\"a\"), \" Scraper Grading\", \"\"),\nIF(C219=\"b\",\"\",\"-\"),\nIF(C219=\"b\",\"\",VLOOKUP(A219,Quantities[],Quantities!$D$2)),\nIF(LEFT(TEXT(A219,\"0\"),1)=\"5\",\"\",\"-\"),\nIF(LEFT(TEXT(A219,\"0\"),1)=\"5\",\"\",VLOOKUP(C219,'Activity-Material_Codes'!$A$30:$B$36,Quantities!$B$2))\n))","v":"Replace Infrastructure-Concrete Pad for Above-Ground Tank-Final Grade"},{"$f":"CONCATENATE(\nIF(OR(RIGHT(TEXT($A219,\"0\"),Quantities!$B$2)=\"00\",LEFT(TEXT($A219,\"0\"),1)=\"5\",OR($C219=\"b\",$C219=\"f\")),\"\",VLOOKUP($A219,Quantities[],Quantities!$B$2)),\nIF(LEFT(TEXT($A219,\"0\"),1)=\"5\",\"\",\" \"),\nIF(OR(C219=\"a\",C219=\"c\",C219=\"d\",C219=\"e\"),IF(OR(RIGHT(TEXT($A219,\"0\"),Quantities!$B$2)=\"00\",LEFT(TEXT($A219,\"0\"),1)=\"5\"),VLOOKUP($A219,Quantities[],Quantities!$B$2),\"\"),\nIF(LEFT(TEXT($A219,\"0\"),1)=\"5\",VLOOKUP($A219,Quantities[],Quantities!$B$2),\nVLOOKUP(INDEX(Quantities!$A$100:$A$118,MATCH($A219,Quantities!$C$100:$C$118)),Quantities!$A$100:$B$118,Quantities!$B$2))))","v":"3A Leach "},{"$f":"IF(LEFT(TEXT(A219,\"0\"),1)=\"5\",\nVLOOKUP(VLOOKUP(A219,Quantities!$A$4:$D$118,Quantities!$C$2),Quantities!$A$4:$D$118,Quantities!$C$2),\nIF(OR(C219=\"a\",C219=\"c\",C219=\"d\",C219=\"e\"),\n\"-\",\nIF(RIGHT(TEXT(A219,\"0\"),2)=\"00\",VLOOKUP(A219,Quantities[],Quantities!$B$2),\nIF(C219=\"f\",VLOOKUP(A219,Quantities[],Quantities!$B$2),\nVLOOKUP(A219,Quantities[],Quantities!$C$2))\n)))","v":"-"},{"$f":"IF(OR(AND(LEFT(D219,2)=\"Sc\",B219=\"A\",C219=\"d\"),AND(C219=\"f\",B219=\"D\")),\nSUM(VLOOKUP($A219,Quantities[],Quantities!$O$2),VLOOKUP($A219,Quantities[],Quantities!$Q$2),VLOOKUP($A219,Quantities[],Quantities!$S$2)),\n\nIF(AND(LEFT(D219,2)=\"Sc\",OR(C219=\"a\",C219=\"f\")),\nVLOOKUP(A219,Quantities[],Quantities!$I$2),\n\nIF(AND(B219=\"D\",C219=\"b\"),\n VLOOKUP(INDEX(Quantities!$A$100:$A$118,MATCH($A219,Quantities!$C$100:$C$118)),Quantities!$A$100:$AJ$118,Quantities!$O$2)+\nVLOOKUP(INDEX(Quantities!$A$100:$A$118,MATCH($A219,Quantities!$C$100:$C$118)),Quantities!$A$100:$AJ$118,Quantities!$Q$2)+\nVLOOKUP(INDEX(Quantities!$A$100:$A$118,MATCH($A219,Quantities!$C$100:$C$118)),Quantities!$A$100:$AJ$118,Quantities!$S$2),\n\nIF(OR(B219=\"D\",B219=\"Q\"),\nSUM(VLOOKUP($A219,Quantities[],Quantities!$O$2),VLOOKUP($A219,Quantities[],Quantities!$Q$2),VLOOKUP($A219,Quantities[],Quantities!$S$2)),\n\n VLOOKUP(A219,Quantities[],Quantities!$G$2)\n))))","v":0},{"$f":"IF(LEFT(D219,2)=\"Mg\", VLOOKUP(A219,Quantities[],Quantities!$H$2),\n\nIF(OR(AND(LEFT(D219,2)=\"Sc\",B219=\"A\",C219=\"d\",C219=\"f\")),\n(SUM(VLOOKUP($A219,Quantities[],Quantities!$P$2)*VLOOKUP($A219,Quantities[],Quantities!$O$2),VLOOKUP($A219,Quantities[],Quantities!$R$2)*VLOOKUP($A219,Quantities[],Quantities!$Q$2),VLOOKUP($A219,Quantities[],Quantities!$T$2)*VLOOKUP($A219,Quantities[],Quantities!$S$2)))/SUM(VLOOKUP($A219,Quantities[],Quantities!$O$2),VLOOKUP($A219,Quantities[],Quantities!$Q$2),VLOOKUP($A219,Quantities[],Quantities!$S$2)),\n\nIF(AND(LEFT(D219,2)=\"Sc\",OR(C219=\"a\",C219=\"f\")),\nVLOOKUP(A219,Quantities[],Quantities!$J$2),\n\nIF(AND(B219=\"D\",C219=\"b\", (VLOOKUP(INDEX(Quantities!$A$100:$A$118,MATCH($A219,Quantities!$C$100:$C$118)),Quantities[],Quantities!$O$2)+VLOOKUP(INDEX(Quantities!$A$100:$A$118,MATCH($A219,Quantities!$C$100:$C$118)),Quantities[],Quantities!$Q$2)+VLOOKUP(INDEX(Quantities!$A$100:$A$118,MATCH($A219,Quantities!$C$100:$C$118)),Quantities[],Quantities!$S$2))>0),\n(VLOOKUP(INDEX(Quantities!$A$100:$A$118,MATCH($A219,Quantities!$C$100:$C$118)),Quantities[],Quantities!$P$2)*VLOOKUP(INDEX(Quantities!$A$100:$A$118,MATCH($A219,Quantities!$C$100:$C$118)),Quantities[],Quantities!$O$2)\n+VLOOKUP(INDEX(Quantities!$A$100:$A$118,MATCH($A219,Quantities!$C$100:$C$118)),Quantities[],Quantities!$R$2)*VLOOKUP(INDEX(Quantities!$A$100:$A$118,MATCH($A219,Quantities!$C$100:$C$118)),Quantities[],Quantities!$Q$2)\n+VLOOKUP(INDEX(Quantities!$A$100:$A$118,MATCH($A219,Quantities!$C$100:$C$118)),Quantities[],Quantities!$T$2)*VLOOKUP(INDEX(Quantities!$A$100:$A$118,MATCH($A219,Quantities!$C$100:$C$118)),Quantities[],Quantities!$S$2))/\n(VLOOKUP(INDEX(Quantities!$A$100:$A$118,MATCH($A219,Quantities!$C$100:$C$118)),Quantities[],Quantities!$O$2)+VLOOKUP(INDEX(Quantities!$A$100:$A$118,MATCH($A219,Quantities!$C$100:$C$118)),Quantities[],Quantities!$Q$2)+VLOOKUP(A219,Quantities[],Quantities!$S$2)),\n\nIF(AND(B219=\"D\", (VLOOKUP(A219,Quantities[],Quantities!$O$2)+VLOOKUP(A219,Quantities[],Quantities!$Q$2)+VLOOKUP(A219,Quantities[],Quantities!$S$2))>0),\n(VLOOKUP(A219,Quantities[],Quantities!$P$2)*VLOOKUP(A219,Quantities[],Quantities!$O$2)\n+VLOOKUP(A219,Quantities[],Quantities!$R$2)*VLOOKUP(A219,Quantities[],Quantities!$Q$2)\n+VLOOKUP(A219,Quantities[],Quantities!$T$2)*VLOOKUP(A219,Quantities[],Quantities!$S$2))/\n(VLOOKUP(A219,Quantities[],Quantities!$O$2)+VLOOKUP(A219,Quantities[],Quantities!$Q$2)+VLOOKUP(A219,Quantities[],Quantities!$S$2)),\n\nIF($B219=\"Q\", (SUM(VLOOKUP($A219,Quantities[],Quantities!$P$2)*VLOOKUP($A219,Quantities[],Quantities!$O$2),VLOOKUP($A219,Quantities[],Quantities!$R$2)*VLOOKUP($A219,Quantities[],Quantities!$Q$2),VLOOKUP($A219,Quantities[],Quantities!$T$2)*VLOOKUP($A219,Quantities[],Quantities!$S$2)))/SUM(VLOOKUP($A219,Quantities[],Quantities!$O$2),VLOOKUP($A219,Quantities[],Quantities!$Q$2),VLOOKUP($A219,Quantities[],Quantities!$S$2)),\n\n VLOOKUP(A219,Quantities[],Quantities!$H$2)\n))))))","v":"-"},{"$f":"IF(LEFT(D219,1)=\"U\",\"-\",VLOOKUP(D219,Equipment[],Equipment!$B$2))","v":"-"}]
[{"$f":"Quantities!A58","v":2513},"L","e",{"$f":"'Unit Rates'!$A$44","v":"U33"},"2513-L-e-U33",{"$f":"IF(D220=\"Comb1\",CONCATENATE(VLOOKUP(B220,'Activity-Material_Codes'!$A$2:$B$26,Quantities!$B$2),\"-\",VLOOKUP(A220,Quantities[],Quantities!$D$2)),\nCONCATENATE(\nVLOOKUP(B220,'Activity-Material_Codes'!$A$2:$B$26,Quantities!$B$2),\nIF(AND(B220=\"B\",C220=\"a\"), \" Scraper Grading\", \"\"),\nIF(C220=\"b\",\"\",\"-\"),\nIF(C220=\"b\",\"\",VLOOKUP(A220,Quantities[],Quantities!$D$2)),\nIF(LEFT(TEXT(A220,\"0\"),1)=\"5\",\"\",\"-\"),\nIF(LEFT(TEXT(A220,\"0\"),1)=\"5\",\"\",VLOOKUP(C220,'Activity-Material_Codes'!$A$30:$B$36,Quantities!$B$2))\n))","v":"Replace Infrastructure-Electrical Hookup-Final Grade"},{"$f":"CONCATENATE(\nIF(OR(RIGHT(TEXT($A220,\"0\"),Quantities!$B$2)=\"00\",LEFT(TEXT($A220,\"0\"),1)=\"5\",OR($C220=\"b\",$C220=\"f\")),\"\",VLOOKUP($A220,Quantities[],Quantities!$B$2)),\nIF(LEFT(TEXT($A220,\"0\"),1)=\"5\",\"\",\" \"),\nIF(OR(C220=\"a\",C220=\"c\",C220=\"d\",C220=\"e\"),IF(OR(RIGHT(TEXT($A220,\"0\"),Quantities!$B$2)=\"00\",LEFT(TEXT($A220,\"0\"),1)=\"5\"),VLOOKUP($A220,Quantities[],Quantities!$B$2),\"\"),\nIF(LEFT(TEXT($A220,\"0\"),1)=\"5\",VLOOKUP($A220,Quantities[],Quantities!$B$2),\nVLOOKUP(INDEX(Quantities!$A$100:$A$118,MATCH($A220,Quantities!$C$100:$C$118)),Quantities!$A$100:$B$118,Quantities!$B$2))))","v":"3A Leach "},{"$f":"IF(LEFT(TEXT(A220,\"0\"),1)=\"5\",\nVLOOKUP(VLOOKUP(A220,Quantities!$A$4:$D$118,Quantities!$C$2),Quantities!$A$4:$D$118,Quantities!$C$2),\nIF(OR(C220=\"a\",C220=\"c\",C220=\"d\",C220=\"e\"),\n\"-\",\nIF(RIGHT(TEXT(A220,\"0\"),2)=\"00\",VLOOKUP(A220,Quantities[],Quantities!$B$2),\nIF(C220=\"f\",VLOOKUP(A220,Quantities[],Quantities!$B$2),\nVLOOKUP(A220,Quantities[],Quantities!$C$2))\n)))","v":"-"},{"$f":"IF(OR(AND(LEFT(D220,2)=\"Sc\",B220=\"A\",C220=\"d\"),AND(C220=\"f\",B220=\"D\")),\nSUM(VLOOKUP($A220,Quantities[],Quantities!$O$2),VLOOKUP($A220,Quantities[],Quantities!$Q$2),VLOOKUP($A220,Quantities[],Quantities!$S$2)),\n\nIF(AND(LEFT(D220,2)=\"Sc\",OR(C220=\"a\",C220=\"f\")),\nVLOOKUP(A220,Quantities[],Quantities!$I$2),\n\nIF(AND(B220=\"D\",C220=\"b\"),\n VLOOKUP(INDEX(Quantities!$A$100:$A$118,MATCH($A220,Quantities!$C$100:$C$118)),Quantities!$A$100:$AJ$118,Quantities!$O$2)+\nVLOOKUP(INDEX(Quantities!$A$100:$A$118,MATCH($A220,Quantities!$C$100:$C$118)),Quantities!$A$100:$AJ$118,Quantities!$Q$2)+\nVLOOKUP(INDEX(Quantities!$A$100:$A$118,MATCH($A220,Quantities!$C$100:$C$118)),Quantities!$A$100:$AJ$118,Quantities!$S$2),\n\nIF(OR(B220=\"D\",B220=\"Q\"),\nSUM(VLOOKUP($A220,Quantities[],Quantities!$O$2),VLOOKUP($A220,Quantities[],Quantities!$Q$2),VLOOKUP($A220,Quantities[],Quantities!$S$2)),\n\n VLOOKUP(A220,Quantities[],Quantities!$G$2)\n))))","v":0},{"$f":"IF(LEFT(D220,2)=\"Mg\", VLOOKUP(A220,Quantities[],Quantities!$H$2),\n\nIF(OR(AND(LEFT(D220,2)=\"Sc\",B220=\"A\",C220=\"d\",C220=\"f\")),\n(SUM(VLOOKUP($A220,Quantities[],Quantities!$P$2)*VLOOKUP($A220,Quantities[],Quantities!$O$2),VLOOKUP($A220,Quantities[],Quantities!$R$2)*VLOOKUP($A220,Quantities[],Quantities!$Q$2),VLOOKUP($A220,Quantities[],Quantities!$T$2)*VLOOKUP($A220,Quantities[],Quantities!$S$2)))/SUM(VLOOKUP($A220,Quantities[],Quantities!$O$2),VLOOKUP($A220,Quantities[],Quantities!$Q$2),VLOOKUP($A220,Quantities[],Quantities!$S$2)),\n\nIF(AND(LEFT(D220,2)=\"Sc\",OR(C220=\"a\",C220=\"f\")),\nVLOOKUP(A220,Quantities[],Quantities!$J$2),\n\nIF(AND(B220=\"D\",C220=\"b\", (VLOOKUP(INDEX(Quantities!$A$100:$A$118,MATCH($A220,Quantities!$C$100:$C$118)),Quantities[],Quantities!$O$2)+VLOOKUP(INDEX(Quantities!$A$100:$A$118,MATCH($A220,Quantities!$C$100:$C$118)),Quantities[],Quantities!$Q$2)+VLOOKUP(INDEX(Quantities!$A$100:$A$118,MATCH($A220,Quantities!$C$100:$C$118)),Quantities[],Quantities!$S$2))>0),\n(VLOOKUP(INDEX(Quantities!$A$100:$A$118,MATCH($A220,Quantities!$C$100:$C$118)),Quantities[],Quantities!$P$2)*VLOOKUP(INDEX(Quantities!$A$100:$A$118,MATCH($A220,Quantities!$C$100:$C$118)),Quantities[],Quantities!$O$2)\n+VLOOKUP(INDEX(Quantities!$A$100:$A$118,MATCH($A220,Quantities!$C$100:$C$118)),Quantities[],Quantities!$R$2)*VLOOKUP(INDEX(Quantities!$A$100:$A$118,MATCH($A220,Quantities!$C$100:$C$118)),Quantities[],Quantities!$Q$2)\n+VLOOKUP(INDEX(Quantities!$A$100:$A$118,MATCH($A220,Quantities!$C$100:$C$118)),Quantities[],Quantities!$T$2)*VLOOKUP(INDEX(Quantities!$A$100:$A$118,MATCH($A220,Quantities!$C$100:$C$118)),Quantities[],Quantities!$S$2))/\n(VLOOKUP(INDEX(Quantities!$A$100:$A$118,MATCH($A220,Quantities!$C$100:$C$118)),Quantities[],Quantities!$O$2)+VLOOKUP(INDEX(Quantities!$A$100:$A$118,MATCH($A220,Quantities!$C$100:$C$118)),Quantities[],Quantities!$Q$2)+VLOOKUP(A220,Quantities[],Quantities!$S$2)),\n\nIF(AND(B220=\"D\", (VLOOKUP(A220,Quantities[],Quantities!$O$2)+VLOOKUP(A220,Quantities[],Quantities!$Q$2)+VLOOKUP(A220,Quantities[],Quantities!$S$2))>0),\n(VLOOKUP(A220,Quantities[],Quantities!$P$2)*VLOOKUP(A220,Quantities[],Quantities!$O$2)\n+VLOOKUP(A220,Quantities[],Quantities!$R$2)*VLOOKUP(A220,Quantities[],Quantities!$Q$2)\n+VLOOKUP(A220,Quantities[],Quantities!$T$2)*VLOOKUP(A220,Quantities[],Quantities!$S$2))/\n(VLOOKUP(A220,Quantities[],Quantities!$O$2)+VLOOKUP(A220,Quantities[],Quantities!$Q$2)+VLOOKUP(A220,Quantities[],Quantities!$S$2)),\n\nIF($B220=\"Q\", (SUM(VLOOKUP($A220,Quantities[],Quantities!$P$2)*VLOOKUP($A220,Quantities[],Quantities!$O$2),VLOOKUP($A220,Quantities[],Quantities!$R$2)*VLOOKUP($A220,Quantities[],Quantities!$Q$2),VLOOKUP($A220,Quantities[],Quantities!$T$2)*VLOOKUP($A220,Quantities[],Quantities!$S$2)))/SUM(VLOOKUP($A220,Quantities[],Quantities!$O$2),VLOOKUP($A220,Quantities[],Quantities!$Q$2),VLOOKUP($A220,Quantities[],Quantities!$S$2)),\n\n VLOOKUP(A220,Quantities[],Quantities!$H$2)\n))))))","v":"-"},{"$f":"IF(LEFT(D220,1)=\"U\",\"-\",VLOOKUP(D220,Equipment[],Equipment!$B$2))","v":"-"}]
[{"$f":"Quantities!$A$44","v":2400},"S","e",{"$f":"'Unit Rates'!$A$40","v":"U29"},"2400-S-e-U29",{"$f":"IF(D221=\"Comb1\",CONCATENATE(VLOOKUP(B221,'Activity-Material_Codes'!$A$2:$B$26,Quantities!$B$2),\"-\",VLOOKUP(A221,Quantities[],Quantities!$D$2)),\nCONCATENATE(\nVLOOKUP(B221,'Activity-Material_Codes'!$A$2:$B$26,Quantities!$B$2),\nIF(AND(B221=\"B\",C221=\"a\"), \" Scraper Grading\", \"\"),\nIF(C221=\"b\",\"\",\"-\"),\nIF(C221=\"b\",\"\",VLOOKUP(A221,Quantities[],Quantities!$D$2)),\nIF(LEFT(TEXT(A221,\"0\"),1)=\"5\",\"\",\"-\"),\nIF(LEFT(TEXT(A221,\"0\"),1)=\"5\",\"\",VLOOKUP(C221,'Activity-Material_Codes'!$A$30:$B$36,Quantities!$B$2))\n))","v":"Fencing-Conditional Waiver Pits-Final Grade"},{"$f":"CONCATENATE(\nIF(OR(RIGHT(TEXT($A221,\"0\"),Quantities!$B$2)=\"00\",LEFT(TEXT($A221,\"0\"),1)=\"5\",OR($C221=\"b\",$C221=\"f\")),\"\",VLOOKUP($A221,Quantities[],Quantities!$B$2)),\nIF(LEFT(TEXT($A221,\"0\"),1)=\"5\",\"\",\" \"),\nIF(OR(C221=\"a\",C221=\"c\",C221=\"d\",C221=\"e\"),IF(OR(RIGHT(TEXT($A221,\"0\"),Quantities!$B$2)=\"00\",LEFT(TEXT($A221,\"0\"),1)=\"5\"),VLOOKUP($A221,Quantities[],Quantities!$B$2),\"\"),\nIF(LEFT(TEXT($A221,\"0\"),1)=\"5\",VLOOKUP($A221,Quantities[],Quantities!$B$2),\nVLOOKUP(INDEX(Quantities!$A$100:$A$118,MATCH($A221,Quantities!$C$100:$C$118)),Quantities!$A$100:$B$118,Quantities!$B$2))))","v":" Main, West Main II, West Main III, Savanna, Gettysburg & Copper Mountain Pits"},{"$f":"IF(LEFT(TEXT(A221,\"0\"),1)=\"5\",\nVLOOKUP(VLOOKUP(A221,Quantities!$A$4:$D$118,Quantities!$C$2),Quantities!$A$4:$D$118,Quantities!$C$2),\nIF(OR(C221=\"a\",C221=\"c\",C221=\"d\",C221=\"e\"),\n\"-\",\nIF(RIGHT(TEXT(A221,\"0\"),2)=\"00\",VLOOKUP(A221,Quantities[],Quantities!$B$2),\nIF(C221=\"f\",VLOOKUP(A221,Quantities[],Quantities!$B$2),\nVLOOKUP(A221,Quantities[],Quantities!$C$2))\n)))","v":"-"},{"$f":"IF(OR(AND(LEFT(D221,2)=\"Sc\",B221=\"A\",C221=\"d\"),AND(C221=\"f\",B221=\"D\")),\nSUM(VLOOKUP($A221,Quantities[],Quantities!$O$2),VLOOKUP($A221,Quantities[],Quantities!$Q$2),VLOOKUP($A221,Quantities[],Quantities!$S$2)),\n\nIF(AND(LEFT(D221,2)=\"Sc\",OR(C221=\"a\",C221=\"f\")),\nVLOOKUP(A221,Quantities[],Quantities!$I$2),\n\nIF(AND(B221=\"D\",C221=\"b\"),\n VLOOKUP(INDEX(Quantities!$A$100:$A$118,MATCH($A221,Quantities!$C$100:$C$118)),Quantities!$A$100:$AJ$118,Quantities!$O$2)+\nVLOOKUP(INDEX(Quantities!$A$100:$A$118,MATCH($A221,Quantities!$C$100:$C$118)),Quantities!$A$100:$AJ$118,Quantities!$Q$2)+\nVLOOKUP(INDEX(Quantities!$A$100:$A$118,MATCH($A221,Quantities!$C$100:$C$118)),Quantities!$A$100:$AJ$118,Quantities!$S$2),\n\nIF(OR(B221=\"D\",B221=\"Q\"),\nSUM(VLOOKUP($A221,Quantities[],Quantities!$O$2),VLOOKUP($A221,Quantities[],Quantities!$Q$2),VLOOKUP($A221,Quantities[],Quantities!$S$2)),\n\n VLOOKUP(A221,Quantities[],Quantities!$G$2)\n))))","v":57500},{"$f":"IF(LEFT(D221,2)=\"Mg\", VLOOKUP(A221,Quantities[],Quantities!$H$2),\n\nIF(OR(AND(LEFT(D221,2)=\"Sc\",B221=\"A\",C221=\"d\",C221=\"f\")),\n(SUM(VLOOKUP($A221,Quantities[],Quantities!$P$2)*VLOOKUP($A221,Quantities[],Quantities!$O$2),VLOOKUP($A221,Quantities[],Quantities!$R$2)*VLOOKUP($A221,Quantities[],Quantities!$Q$2),VLOOKUP($A221,Quantities[],Quantities!$T$2)*VLOOKUP($A221,Quantities[],Quantities!$S$2)))/SUM(VLOOKUP($A221,Quantities[],Quantities!$O$2),VLOOKUP($A221,Quantities[],Quantities!$Q$2),VLOOKUP($A221,Quantities[],Quantities!$S$2)),\n\nIF(AND(LEFT(D221,2)=\"Sc\",OR(C221=\"a\",C221=\"f\")),\nVLOOKUP(A221,Quantities[],Quantities!$J$2),\n\nIF(AND(B221=\"D\",C221=\"b\", (VLOOKUP(INDEX(Quantities!$A$100:$A$118,MATCH($A221,Quantities!$C$100:$C$118)),Quantities[],Quantities!$O$2)+VLOOKUP(INDEX(Quantities!$A$100:$A$118,MATCH($A221,Quantities!$C$100:$C$118)),Quantities[],Quantities!$Q$2)+VLOOKUP(INDEX(Quantities!$A$100:$A$118,MATCH($A221,Quantities!$C$100:$C$118)),Quantities[],Quantities!$S$2))>0),\n(VLOOKUP(INDEX(Quantities!$A$100:$A$118,MATCH($A221,Quantities!$C$100:$C$118)),Quantities[],Quantities!$P$2)*VLOOKUP(INDEX(Quantities!$A$100:$A$118,MATCH($A221,Quantities!$C$100:$C$118)),Quantities[],Quantities!$O$2)\n+VLOOKUP(INDEX(Quantities!$A$100:$A$118,MATCH($A221,Quantities!$C$100:$C$118)),Quantities[],Quantities!$R$2)*VLOOKUP(INDEX(Quantities!$A$100:$A$118,MATCH($A221,Quantities!$C$100:$C$118)),Quantities[],Quantities!$Q$2)\n+VLOOKUP(INDEX(Quantities!$A$100:$A$118,MATCH($A221,Quantities!$C$100:$C$118)),Quantities[],Quantities!$T$2)*VLOOKUP(INDEX(Quantities!$A$100:$A$118,MATCH($A221,Quantities!$C$100:$C$118)),Quantities[],Quantities!$S$2))/\n(VLOOKUP(INDEX(Quantities!$A$100:$A$118,MATCH($A221,Quantities!$C$100:$C$118)),Quantities[],Quantities!$O$2)+VLOOKUP(INDEX(Quantities!$A$100:$A$118,MATCH($A221,Quantities!$C$100:$C$118)),Quantities[],Quantities!$Q$2)+VLOOKUP(A221,Quantities[],Quantities!$S$2)),\n\nIF(AND(B221=\"D\", (VLOOKUP(A221,Quantities[],Quantities!$O$2)+VLOOKUP(A221,Quantities[],Quantities!$Q$2)+VLOOKUP(A221,Quantities[],Quantities!$S$2))>0),\n(VLOOKUP(A221,Quantities[],Quantities!$P$2)*VLOOKUP(A221,Quantities[],Quantities!$O$2)\n+VLOOKUP(A221,Quantities[],Quantities!$R$2)*VLOOKUP(A221,Quantities[],Quantities!$Q$2)\n+VLOOKUP(A221,Quantities[],Quantities!$T$2)*VLOOKUP(A221,Quantities[],Quantities!$S$2))/\n(VLOOKUP(A221,Quantities[],Quantities!$O$2)+VLOOKUP(A221,Quantities[],Quantities!$Q$2)+VLOOKUP(A221,Quantities[],Quantities!$S$2)),\n\nIF($B221=\"Q\", (SUM(VLOOKUP($A221,Quantities[],Quantities!$P$2)*VLOOKUP($A221,Quantities[],Quantities!$O$2),VLOOKUP($A221,Quantities[],Quantities!$R$2)*VLOOKUP($A221,Quantities[],Quantities!$Q$2),VLOOKUP($A221,Quantities[],Quantities!$T$2)*VLOOKUP($A221,Quantities[],Quantities!$S$2)))/SUM(VLOOKUP($A221,Quantities[],Quantities!$O$2),VLOOKUP($A221,Quantities[],Quantities!$Q$2),VLOOKUP($A221,Quantities[],Quantities!$S$2)),\n\n VLOOKUP(A221,Quantities[],Quantities!$H$2)\n))))))","v":"-"},{"$f":"IF(LEFT(D221,1)=\"U\",\"-\",VLOOKUP(D221,Equipment[],Equipment!$B$2))","v":"-"}]
[{"$f":"Quantities!$A$44","v":2400},"U","e",{"$f":"'Unit Rates'!$A$41","v":"U30"},{"$f":"CONCATENATE(TEXT(A222,\"0\"),\"-\",B222,\"-\",C222,\"-\",D222)","v":"2400-U-e-U30"},{"$f":"IF(D222=\"Comb1\",CONCATENATE(VLOOKUP(B222,'Activity-Material_Codes'!$A$2:$B$26,Quantities!$B$2),\"-\",VLOOKUP(A222,Quantities[],Quantities!$D$2)),\nCONCATENATE(\nVLOOKUP(B222,'Activity-Material_Codes'!$A$2:$B$26,Quantities!$B$2),\nIF(AND(B222=\"B\",C222=\"a\"), \" Scraper Grading\", \"\"),\nIF(C222=\"b\",\"\",\"-\"),\nIF(C222=\"b\",\"\",VLOOKUP(A222,Quantities[],Quantities!$D$2)),\nIF(LEFT(TEXT(A222,\"0\"),1)=\"5\",\"\",\"-\"),\nIF(LEFT(TEXT(A222,\"0\"),1)=\"5\",\"\",VLOOKUP(C222,'Activity-Material_Codes'!$A$30:$B$36,Quantities!$B$2))\n))","v":"Vehicle Gates-Conditional Waiver Pits-Final Grade"},{"$f":"CONCATENATE(\nIF(OR(RIGHT(TEXT($A222,\"0\"),Quantities!$B$2)=\"00\",LEFT(TEXT($A222,\"0\"),1)=\"5\",OR($C222=\"b\",$C222=\"f\")),\"\",VLOOKUP($A222,Quantities[],Quantities!$B$2)),\nIF(LEFT(TEXT($A222,\"0\"),1)=\"5\",\"\",\" \"),\nIF(OR(C222=\"a\",C222=\"c\",C222=\"d\",C222=\"e\"),IF(OR(RIGHT(TEXT($A222,\"0\"),Quantities!$B$2)=\"00\",LEFT(TEXT($A222,\"0\"),1)=\"5\"),VLOOKUP($A222,Quantities[],Quantities!$B$2),\"\"),\nIF(LEFT(TEXT($A222,\"0\"),1)=\"5\",VLOOKUP($A222,Quantities[],Quantities!$B$2),\nVLOOKUP(INDEX(Quantities!$A$100:$A$118,MATCH($A222,Quantities!$C$100:$C$118)),Quantities!$A$100:$B$118,Quantities!$B$2))))","v":" Main, West Main II, West Main III, Savanna, Gettysburg & Copper Mountain Pits"},{"$f":"IF(LEFT(TEXT(A222,\"0\"),1)=\"5\",\nVLOOKUP(VLOOKUP(A222,Quantities!$A$4:$D$118,Quantities!$C$2),Quantities!$A$4:$D$118,Quantities!$C$2),\nIF(OR(C222=\"a\",C222=\"c\",C222=\"d\",C222=\"e\"),\n\"-\",\nIF(RIGHT(TEXT(A222,\"0\"),2)=\"00\",VLOOKUP(A222,Quantities[],Quantities!$B$2),\nIF(C222=\"f\",VLOOKUP(A222,Quantities[],Quantities!$B$2),\nVLOOKUP(A222,Quantities[],Quantities!$C$2))\n)))","v":"-"},{"$f":"IF(OR(AND(LEFT(D222,2)=\"Sc\",B222=\"A\",C222=\"d\"),AND(C222=\"f\",B222=\"D\")),\nSUM(VLOOKUP($A222,Quantities[],Quantities!$O$2),VLOOKUP($A222,Quantities[],Quantities!$Q$2),VLOOKUP($A222,Quantities[],Quantities!$S$2)),\n\nIF(AND(LEFT(D222,2)=\"Sc\",OR(C222=\"a\",C222=\"f\")),\nVLOOKUP(A222,Quantities[],Quantities!$I$2),\n\nIF(AND(B222=\"D\",C222=\"b\"),\n VLOOKUP(INDEX(Quantities!$A$100:$A$118,MATCH($A222,Quantities!$C$100:$C$118)),Quantities!$A$100:$AJ$118,Quantities!$O$2)+\nVLOOKUP(INDEX(Quantities!$A$100:$A$118,MATCH($A222,Quantities!$C$100:$C$118)),Quantities!$A$100:$AJ$118,Quantities!$Q$2)+\nVLOOKUP(INDEX(Quantities!$A$100:$A$118,MATCH($A222,Quantities!$C$100:$C$118)),Quantities!$A$100:$AJ$118,Quantities!$S$2),\n\nIF(OR(B222=\"D\",B222=\"Q\"),\nSUM(VLOOKUP($A222,Quantities[],Quantities!$O$2),VLOOKUP($A222,Quantities[],Quantities!$Q$2),VLOOKUP($A222,Quantities[],Quantities!$S$2)),\n\n VLOOKUP(A222,Quantities[],Quantities!$G$2)\n))))","v":57500},{"$f":"IF(LEFT(D222,2)=\"Mg\", VLOOKUP(A222,Quantities[],Quantities!$H$2),\n\nIF(OR(AND(LEFT(D222,2)=\"Sc\",B222=\"A\",C222=\"d\",C222=\"f\")),\n(SUM(VLOOKUP($A222,Quantities[],Quantities!$P$2)*VLOOKUP($A222,Quantities[],Quantities!$O$2),VLOOKUP($A222,Quantities[],Quantities!$R$2)*VLOOKUP($A222,Quantities[],Quantities!$Q$2),VLOOKUP($A222,Quantities[],Quantities!$T$2)*VLOOKUP($A222,Quantities[],Quantities!$S$2)))/SUM(VLOOKUP($A222,Quantities[],Quantities!$O$2),VLOOKUP($A222,Quantities[],Quantities!$Q$2),VLOOKUP($A222,Quantities[],Quantities!$S$2)),\n\nIF(AND(LEFT(D222,2)=\"Sc\",OR(C222=\"a\",C222=\"f\")),\nVLOOKUP(A222,Quantities[],Quantities!$J$2),\n\nIF(AND(B222=\"D\",C222=\"b\", (VLOOKUP(INDEX(Quantities!$A$100:$A$118,MATCH($A222,Quantities!$C$100:$C$118)),Quantities[],Quantities!$O$2)+VLOOKUP(INDEX(Quantities!$A$100:$A$118,MATCH($A222,Quantities!$C$100:$C$118)),Quantities[],Quantities!$Q$2)+VLOOKUP(INDEX(Quantities!$A$100:$A$118,MATCH($A222,Quantities!$C$100:$C$118)),Quantities[],Quantities!$S$2))>0),\n(VLOOKUP(INDEX(Quantities!$A$100:$A$118,MATCH($A222,Quantities!$C$100:$C$118)),Quantities[],Quantities!$P$2)*VLOOKUP(INDEX(Quantities!$A$100:$A$118,MATCH($A222,Quantities!$C$100:$C$118)),Quantities[],Quantities!$O$2)\n+VLOOKUP(INDEX(Quantities!$A$100:$A$118,MATCH($A222,Quantities!$C$100:$C$118)),Quantities[],Quantities!$R$2)*VLOOKUP(INDEX(Quantities!$A$100:$A$118,MATCH($A222,Quantities!$C$100:$C$118)),Quantities[],Quantities!$Q$2)\n+VLOOKUP(INDEX(Quantities!$A$100:$A$118,MATCH($A222,Quantities!$C$100:$C$118)),Quantities[],Quantities!$T$2)*VLOOKUP(INDEX(Quantities!$A$100:$A$118,MATCH($A222,Quantities!$C$100:$C$118)),Quantities[],Quantities!$S$2))/\n(VLOOKUP(INDEX(Quantities!$A$100:$A$118,MATCH($A222,Quantities!$C$100:$C$118)),Quantities[],Quantities!$O$2)+VLOOKUP(INDEX(Quantities!$A$100:$A$118,MATCH($A222,Quantities!$C$100:$C$118)),Quantities[],Quantities!$Q$2)+VLOOKUP(A222,Quantities[],Quantities!$S$2)),\n\nIF(AND(B222=\"D\", (VLOOKUP(A222,Quantities[],Quantities!$O$2)+VLOOKUP(A222,Quantities[],Quantities!$Q$2)+VLOOKUP(A222,Quantities[],Quantities!$S$2))>0),\n(VLOOKUP(A222,Quantities[],Quantities!$P$2)*VLOOKUP(A222,Quantities[],Quantities!$O$2)\n+VLOOKUP(A222,Quantities[],Quantities!$R$2)*VLOOKUP(A222,Quantities[],Quantities!$Q$2)\n+VLOOKUP(A222,Quantities[],Quantities!$T$2)*VLOOKUP(A222,Quantities[],Quantities!$S$2))/\n(VLOOKUP(A222,Quantities[],Quantities!$O$2)+VLOOKUP(A222,Quantities[],Quantities!$Q$2)+VLOOKUP(A222,Quantities[],Quantities!$S$2)),\n\nIF($B222=\"Q\", (SUM(VLOOKUP($A222,Quantities[],Quantities!$P$2)*VLOOKUP($A222,Quantities[],Quantities!$O$2),VLOOKUP($A222,Quantities[],Quantities!$R$2)*VLOOKUP($A222,Quantities[],Quantities!$Q$2),VLOOKUP($A222,Quantities[],Quantities!$T$2)*VLOOKUP($A222,Quantities[],Quantities!$S$2)))/SUM(VLOOKUP($A222,Quantities[],Quantities!$O$2),VLOOKUP($A222,Quantities[],Quantities!$Q$2),VLOOKUP($A222,Quantities[],Quantities!$S$2)),\n\n VLOOKUP(A222,Quantities[],Quantities!$H$2)\n))))))","v":"-"},{"$f":"IF(LEFT(D222,1)=\"U\",\"-\",VLOOKUP(D222,Equipment[],Equipment!$B$2))","v":"-"}]
[{"$f":"Quantities!$A$44","v":2400},"V","e",{"$f":"'Unit Rates'!$A$42","v":"U31"},"2400-V-e-U31",{"$f":"IF(D223=\"Comb1\",CONCATENATE(VLOOKUP(B223,'Activity-Material_Codes'!$A$2:$B$26,Quantities!$B$2),\"-\",VLOOKUP(A223,Quantities[],Quantities!$D$2)),\nCONCATENATE(\nVLOOKUP(B223,'Activity-Material_Codes'!$A$2:$B$26,Quantities!$B$2),\nIF(AND(B223=\"B\",C223=\"a\"), \" Scraper Grading\", \"\"),\nIF(C223=\"b\",\"\",\"-\"),\nIF(C223=\"b\",\"\",VLOOKUP(A223,Quantities[],Quantities!$D$2)),\nIF(LEFT(TEXT(A223,\"0\"),1)=\"5\",\"\",\"-\"),\nIF(LEFT(TEXT(A223,\"0\"),1)=\"5\",\"\",VLOOKUP(C223,'Activity-Material_Codes'!$A$30:$B$36,Quantities!$B$2))\n))","v":"Signs Every 500 ft-Conditional Waiver Pits-Final Grade"},{"$f":"CONCATENATE(\nIF(OR(RIGHT(TEXT($A223,\"0\"),Quantities!$B$2)=\"00\",LEFT(TEXT($A223,\"0\"),1)=\"5\",OR($C223=\"b\",$C223=\"f\")),\"\",VLOOKUP($A223,Quantities[],Quantities!$B$2)),\nIF(LEFT(TEXT($A223,\"0\"),1)=\"5\",\"\",\" \"),\nIF(OR(C223=\"a\",C223=\"c\",C223=\"d\",C223=\"e\"),IF(OR(RIGHT(TEXT($A223,\"0\"),Quantities!$B$2)=\"00\",LEFT(TEXT($A223,\"0\"),1)=\"5\"),VLOOKUP($A223,Quantities[],Quantities!$B$2),\"\"),\nIF(LEFT(TEXT($A223,\"0\"),1)=\"5\",VLOOKUP($A223,Quantities[],Quantities!$B$2),\nVLOOKUP(INDEX(Quantities!$A$100:$A$118,MATCH($A223,Quantities!$C$100:$C$118)),Quantities!$A$100:$B$118,Quantities!$B$2))))","v":" Main, West Main II, West Main III, Savanna, Gettysburg & Copper Mountain Pits"},{"$f":"IF(LEFT(TEXT(A223,\"0\"),1)=\"5\",\nVLOOKUP(VLOOKUP(A223,Quantities!$A$4:$D$118,Quantities!$C$2),Quantities!$A$4:$D$118,Quantities!$C$2),\nIF(OR(C223=\"a\",C223=\"c\",C223=\"d\",C223=\"e\"),\n\"-\",\nIF(RIGHT(TEXT(A223,\"0\"),2)=\"00\",VLOOKUP(A223,Quantities[],Quantities!$B$2),\nIF(C223=\"f\",VLOOKUP(A223,Quantities[],Quantities!$B$2),\nVLOOKUP(A223,Quantities[],Quantities!$C$2))\n)))","v":"-"},{"$f":"IF(OR(AND(LEFT(D223,2)=\"Sc\",B223=\"A\",C223=\"d\"),AND(C223=\"f\",B223=\"D\")),\nSUM(VLOOKUP($A223,Quantities[],Quantities!$O$2),VLOOKUP($A223,Quantities[],Quantities!$Q$2),VLOOKUP($A223,Quantities[],Quantities!$S$2)),\n\nIF(AND(LEFT(D223,2)=\"Sc\",OR(C223=\"a\",C223=\"f\")),\nVLOOKUP(A223,Quantities[],Quantities!$I$2),\n\nIF(AND(B223=\"D\",C223=\"b\"),\n VLOOKUP(INDEX(Quantities!$A$100:$A$118,MATCH($A223,Quantities!$C$100:$C$118)),Quantities!$A$100:$AJ$118,Quantities!$O$2)+\nVLOOKUP(INDEX(Quantities!$A$100:$A$118,MATCH($A223,Quantities!$C$100:$C$118)),Quantities!$A$100:$AJ$118,Quantities!$Q$2)+\nVLOOKUP(INDEX(Quantities!$A$100:$A$118,MATCH($A223,Quantities!$C$100:$C$118)),Quantities!$A$100:$AJ$118,Quantities!$S$2),\n\nIF(OR(B223=\"D\",B223=\"Q\"),\nSUM(VLOOKUP($A223,Quantities[],Quantities!$O$2),VLOOKUP($A223,Quantities[],Quantities!$Q$2),VLOOKUP($A223,Quantities[],Quantities!$S$2)),\n\n VLOOKUP(A223,Quantities[],Quantities!$G$2)\n))))","v":57500},{"$f":"IF(LEFT(D223,2)=\"Mg\", VLOOKUP(A223,Quantities[],Quantities!$H$2),\n\nIF(OR(AND(LEFT(D223,2)=\"Sc\",B223=\"A\",C223=\"d\",C223=\"f\")),\n(SUM(VLOOKUP($A223,Quantities[],Quantities!$P$2)*VLOOKUP($A223,Quantities[],Quantities!$O$2),VLOOKUP($A223,Quantities[],Quantities!$R$2)*VLOOKUP($A223,Quantities[],Quantities!$Q$2),VLOOKUP($A223,Quantities[],Quantities!$T$2)*VLOOKUP($A223,Quantities[],Quantities!$S$2)))/SUM(VLOOKUP($A223,Quantities[],Quantities!$O$2),VLOOKUP($A223,Quantities[],Quantities!$Q$2),VLOOKUP($A223,Quantities[],Quantities!$S$2)),\n\nIF(AND(LEFT(D223,2)=\"Sc\",OR(C223=\"a\",C223=\"f\")),\nVLOOKUP(A223,Quantities[],Quantities!$J$2),\n\nIF(AND(B223=\"D\",C223=\"b\", (VLOOKUP(INDEX(Quantities!$A$100:$A$118,MATCH($A223,Quantities!$C$100:$C$118)),Quantities[],Quantities!$O$2)+VLOOKUP(INDEX(Quantities!$A$100:$A$118,MATCH($A223,Quantities!$C$100:$C$118)),Quantities[],Quantities!$Q$2)+VLOOKUP(INDEX(Quantities!$A$100:$A$118,MATCH($A223,Quantities!$C$100:$C$118)),Quantities[],Quantities!$S$2))>0),\n(VLOOKUP(INDEX(Quantities!$A$100:$A$118,MATCH($A223,Quantities!$C$100:$C$118)),Quantities[],Quantities!$P$2)*VLOOKUP(INDEX(Quantities!$A$100:$A$118,MATCH($A223,Quantities!$C$100:$C$118)),Quantities[],Quantities!$O$2)\n+VLOOKUP(INDEX(Quantities!$A$100:$A$118,MATCH($A223,Quantities!$C$100:$C$118)),Quantities[],Quantities!$R$2)*VLOOKUP(INDEX(Quantities!$A$100:$A$118,MATCH($A223,Quantities!$C$100:$C$118)),Quantities[],Quantities!$Q$2)\n+VLOOKUP(INDEX(Quantities!$A$100:$A$118,MATCH($A223,Quantities!$C$100:$C$118)),Quantities[],Quantities!$T$2)*VLOOKUP(INDEX(Quantities!$A$100:$A$118,MATCH($A223,Quantities!$C$100:$C$118)),Quantities[],Quantities!$S$2))/\n(VLOOKUP(INDEX(Quantities!$A$100:$A$118,MATCH($A223,Quantities!$C$100:$C$118)),Quantities[],Quantities!$O$2)+VLOOKUP(INDEX(Quantities!$A$100:$A$118,MATCH($A223,Quantities!$C$100:$C$118)),Quantities[],Quantities!$Q$2)+VLOOKUP(A223,Quantities[],Quantities!$S$2)),\n\nIF(AND(B223=\"D\", (VLOOKUP(A223,Quantities[],Quantities!$O$2)+VLOOKUP(A223,Quantities[],Quantities!$Q$2)+VLOOKUP(A223,Quantities[],Quantities!$S$2))>0),\n(VLOOKUP(A223,Quantities[],Quantities!$P$2)*VLOOKUP(A223,Quantities[],Quantities!$O$2)\n+VLOOKUP(A223,Quantities[],Quantities!$R$2)*VLOOKUP(A223,Quantities[],Quantities!$Q$2)\n+VLOOKUP(A223,Quantities[],Quantities!$T$2)*VLOOKUP(A223,Quantities[],Quantities!$S$2))/\n(VLOOKUP(A223,Quantities[],Quantities!$O$2)+VLOOKUP(A223,Quantities[],Quantities!$Q$2)+VLOOKUP(A223,Quantities[],Quantities!$S$2)),\n\nIF($B223=\"Q\", (SUM(VLOOKUP($A223,Quantities[],Quantities!$P$2)*VLOOKUP($A223,Quantities[],Quantities!$O$2),VLOOKUP($A223,Quantities[],Quantities!$R$2)*VLOOKUP($A223,Quantities[],Quantities!$Q$2),VLOOKUP($A223,Quantities[],Quantities!$T$2)*VLOOKUP($A223,Quantities[],Quantities!$S$2)))/SUM(VLOOKUP($A223,Quantities[],Quantities!$O$2),VLOOKUP($A223,Quantities[],Quantities!$Q$2),VLOOKUP($A223,Quantities[],Quantities!$S$2)),\n\n VLOOKUP(A223,Quantities[],Quantities!$H$2)\n))))))","v":"-"},{"$f":"IF(LEFT(D223,1)=\"U\",\"-\",VLOOKUP(D223,Equipment[],Equipment!$B$2))","v":"-"}]
[{"$f":"Quantities!A67","v":2900},"S","e",{"$f":"'Unit Rates'!$A$40","v":"U29"},{"$f":"CONCATENATE(TEXT(A224,\"0\"),\"-\",B224,\"-\",C224,\"-\",D224)","v":"2900-S-e-U29"},{"$f":"IF(D224=\"Comb1\",CONCATENATE(VLOOKUP(B224,'Activity-Material_Codes'!$A$2:$B$26,Quantities!$B$2),\"-\",VLOOKUP(A224,Quantities[],Quantities!$D$2)),\nCONCATENATE(\nVLOOKUP(B224,'Activity-Material_Codes'!$A$2:$B$26,Quantities!$B$2),\nIF(AND(B224=\"B\",C224=\"a\"), \" Scraper Grading\", \"\"),\nIF(C224=\"b\",\"\",\"-\"),\nIF(C224=\"b\",\"\",VLOOKUP(A224,Quantities[],Quantities!$D$2)),\nIF(LEFT(TEXT(A224,\"0\"),1)=\"5\",\"\",\"-\"),\nIF(LEFT(TEXT(A224,\"0\"),1)=\"5\",\"\",VLOOKUP(C224,'Activity-Material_Codes'!$A$30:$B$36,Quantities!$B$2))\n))","v":"Fencing-Tailing Pumphouse-Final Grade"},{"$f":"CONCATENATE(\nIF(OR(RIGHT(TEXT($A224,\"0\"),Quantities!$B$2)=\"00\",LEFT(TEXT($A224,\"0\"),1)=\"5\",OR($C224=\"b\",$C224=\"f\")),\"\",VLOOKUP($A224,Quantities[],Quantities!$B$2)),\nIF(LEFT(TEXT($A224,\"0\"),1)=\"5\",\"\",\" \"),\nIF(OR(C224=\"a\",C224=\"c\",C224=\"d\",C224=\"e\"),IF(OR(RIGHT(TEXT($A224,\"0\"),Quantities!$B$2)=\"00\",LEFT(TEXT($A224,\"0\"),1)=\"5\"),VLOOKUP($A224,Quantities[],Quantities!$B$2),\"\"),\nIF(LEFT(TEXT($A224,\"0\"),1)=\"5\",VLOOKUP($A224,Quantities[],Quantities!$B$2),\nVLOOKUP(INDEX(Quantities!$A$100:$A$118,MATCH($A224,Quantities!$C$100:$C$118)),Quantities!$A$100:$B$118,Quantities!$B$2))))","v":" Reclaimed 1 Tailing Impoundment Reclaim Water Pumphouse Station"},{"$f":"IF(LEFT(TEXT(A224,\"0\"),1)=\"5\",\nVLOOKUP(VLOOKUP(A224,Quantities!$A$4:$D$118,Quantities!$C$2),Quantities!$A$4:$D$118,Quantities!$C$2),\nIF(OR(C224=\"a\",C224=\"c\",C224=\"d\",C224=\"e\"),\n\"-\",\nIF(RIGHT(TEXT(A224,\"0\"),2)=\"00\",VLOOKUP(A224,Quantities[],Quantities!$B$2),\nIF(C224=\"f\",VLOOKUP(A224,Quantities[],Quantities!$B$2),\nVLOOKUP(A224,Quantities[],Quantities!$C$2))\n)))","v":"-"},{"$f":"IF(OR(AND(LEFT(D224,2)=\"Sc\",B224=\"A\",C224=\"d\"),AND(C224=\"f\",B224=\"D\")),\nSUM(VLOOKUP($A224,Quantities[],Quantities!$O$2),VLOOKUP($A224,Quantities[],Quantities!$Q$2),VLOOKUP($A224,Quantities[],Quantities!$S$2)),\n\nIF(AND(LEFT(D224,2)=\"Sc\",OR(C224=\"a\",C224=\"f\")),\nVLOOKUP(A224,Quantities[],Quantities!$I$2),\n\nIF(AND(B224=\"D\",C224=\"b\"),\n VLOOKUP(INDEX(Quantities!$A$100:$A$118,MATCH($A224,Quantities!$C$100:$C$118)),Quantities!$A$100:$AJ$118,Quantities!$O$2)+\nVLOOKUP(INDEX(Quantities!$A$100:$A$118,MATCH($A224,Quantities!$C$100:$C$118)),Quantities!$A$100:$AJ$118,Quantities!$Q$2)+\nVLOOKUP(INDEX(Quantities!$A$100:$A$118,MATCH($A224,Quantities!$C$100:$C$118)),Quantities!$A$100:$AJ$118,Quantities!$S$2),\n\nIF(OR(B224=\"D\",B224=\"Q\"),\nSUM(VLOOKUP($A224,Quantities[],Quantities!$O$2),VLOOKUP($A224,Quantities[],Quantities!$Q$2),VLOOKUP($A224,Quantities[],Quantities!$S$2)),\n\n VLOOKUP(A224,Quantities[],Quantities!$G$2)\n))))","v":2950},{"$f":"IF(LEFT(D224,2)=\"Mg\", VLOOKUP(A224,Quantities[],Quantities!$H$2),\n\nIF(OR(AND(LEFT(D224,2)=\"Sc\",B224=\"A\",C224=\"d\",C224=\"f\")),\n(SUM(VLOOKUP($A224,Quantities[],Quantities!$P$2)*VLOOKUP($A224,Quantities[],Quantities!$O$2),VLOOKUP($A224,Quantities[],Quantities!$R$2)*VLOOKUP($A224,Quantities[],Quantities!$Q$2),VLOOKUP($A224,Quantities[],Quantities!$T$2)*VLOOKUP($A224,Quantities[],Quantities!$S$2)))/SUM(VLOOKUP($A224,Quantities[],Quantities!$O$2),VLOOKUP($A224,Quantities[],Quantities!$Q$2),VLOOKUP($A224,Quantities[],Quantities!$S$2)),\n\nIF(AND(LEFT(D224,2)=\"Sc\",OR(C224=\"a\",C224=\"f\")),\nVLOOKUP(A224,Quantities[],Quantities!$J$2),\n\nIF(AND(B224=\"D\",C224=\"b\", (VLOOKUP(INDEX(Quantities!$A$100:$A$118,MATCH($A224,Quantities!$C$100:$C$118)),Quantities[],Quantities!$O$2)+VLOOKUP(INDEX(Quantities!$A$100:$A$118,MATCH($A224,Quantities!$C$100:$C$118)),Quantities[],Quantities!$Q$2)+VLOOKUP(INDEX(Quantities!$A$100:$A$118,MATCH($A224,Quantities!$C$100:$C$118)),Quantities[],Quantities!$S$2))>0),\n(VLOOKUP(INDEX(Quantities!$A$100:$A$118,MATCH($A224,Quantities!$C$100:$C$118)),Quantities[],Quantities!$P$2)*VLOOKUP(INDEX(Quantities!$A$100:$A$118,MATCH($A224,Quantities!$C$100:$C$118)),Quantities[],Quantities!$O$2)\n+VLOOKUP(INDEX(Quantities!$A$100:$A$118,MATCH($A224,Quantities!$C$100:$C$118)),Quantities[],Quantities!$R$2)*VLOOKUP(INDEX(Quantities!$A$100:$A$118,MATCH($A224,Quantities!$C$100:$C$118)),Quantities[],Quantities!$Q$2)\n+VLOOKUP(INDEX(Quantities!$A$100:$A$118,MATCH($A224,Quantities!$C$100:$C$118)),Quantities[],Quantities!$T$2)*VLOOKUP(INDEX(Quantities!$A$100:$A$118,MATCH($A224,Quantities!$C$100:$C$118)),Quantities[],Quantities!$S$2))/\n(VLOOKUP(INDEX(Quantities!$A$100:$A$118,MATCH($A224,Quantities!$C$100:$C$118)),Quantities[],Quantities!$O$2)+VLOOKUP(INDEX(Quantities!$A$100:$A$118,MATCH($A224,Quantities!$C$100:$C$118)),Quantities[],Quantities!$Q$2)+VLOOKUP(A224,Quantities[],Quantities!$S$2)),\n\nIF(AND(B224=\"D\", (VLOOKUP(A224,Quantities[],Quantities!$O$2)+VLOOKUP(A224,Quantities[],Quantities!$Q$2)+VLOOKUP(A224,Quantities[],Quantities!$S$2))>0),\n(VLOOKUP(A224,Quantities[],Quantities!$P$2)*VLOOKUP(A224,Quantities[],Quantities!$O$2)\n+VLOOKUP(A224,Quantities[],Quantities!$R$2)*VLOOKUP(A224,Quantities[],Quantities!$Q$2)\n+VLOOKUP(A224,Quantities[],Quantities!$T$2)*VLOOKUP(A224,Quantities[],Quantities!$S$2))/\n(VLOOKUP(A224,Quantities[],Quantities!$O$2)+VLOOKUP(A224,Quantities[],Quantities!$Q$2)+VLOOKUP(A224,Quantities[],Quantities!$S$2)),\n\nIF($B224=\"Q\", (SUM(VLOOKUP($A224,Quantities[],Quantities!$P$2)*VLOOKUP($A224,Quantities[],Quantities!$O$2),VLOOKUP($A224,Quantities[],Quantities!$R$2)*VLOOKUP($A224,Quantities[],Quantities!$Q$2),VLOOKUP($A224,Quantities[],Quantities!$T$2)*VLOOKUP($A224,Quantities[],Quantities!$S$2)))/SUM(VLOOKUP($A224,Quantities[],Quantities!$O$2),VLOOKUP($A224,Quantities[],Quantities!$Q$2),VLOOKUP($A224,Quantities[],Quantities!$S$2)),\n\n VLOOKUP(A224,Quantities[],Quantities!$H$2)\n))))))","v":0.01},{"$f":"IF(LEFT(D224,1)=\"U\",\"-\",VLOOKUP(D224,Equipment[],Equipment!$B$2))","v":"-"}]
[{"$f":"Quantities!$A$4","v":1000},"F","e",{"$f":"'Unit Rates'!$A$13","v":"U3"},"1000-F-e-U3",{"$f":"IF(D225=\"Comb1\",CONCATENATE(VLOOKUP(B225,'Activity-Material_Codes'!$A$2:$B$26,Quantities!$B$2),\"-\",VLOOKUP(A225,Quantities[],Quantities!$D$2)),\nCONCATENATE(\nVLOOKUP(B225,'Activity-Material_Codes'!$A$2:$B$26,Quantities!$B$2),\nIF(AND(B225=\"B\",C225=\"a\"), \" Scraper Grading\", \"\"),\nIF(C225=\"b\",\"\",\"-\"),\nIF(C225=\"b\",\"\",VLOOKUP(A225,Quantities[],Quantities!$D$2)),\nIF(LEFT(TEXT(A225,\"0\"),1)=\"5\",\"\",\"-\"),\nIF(LEFT(TEXT(A225,\"0\"),1)=\"5\",\"\",VLOOKUP(C225,'Activity-Material_Codes'!$A$30:$B$36,Quantities!$B$2))\n))","v":"Grade Benches-Entire Stockpile-Final Grade"},{"$f":"CONCATENATE(\nIF(OR(RIGHT(TEXT($A225,\"0\"),Quantities!$B$2)=\"00\",LEFT(TEXT($A225,\"0\"),1)=\"5\",OR($C225=\"b\",$C225=\"f\")),\"\",VLOOKUP($A225,Quantities[],Quantities!$B$2)),\nIF(LEFT(TEXT($A225,\"0\"),1)=\"5\",\"\",\" \"),\nIF(OR(C225=\"a\",C225=\"c\",C225=\"d\",C225=\"e\"),IF(OR(RIGHT(TEXT($A225,\"0\"),Quantities!$B$2)=\"00\",LEFT(TEXT($A225,\"0\"),1)=\"5\"),VLOOKUP($A225,Quantities[],Quantities!$B$2),\"\"),\nIF(LEFT(TEXT($A225,\"0\"),1)=\"5\",VLOOKUP($A225,Quantities[],Quantities!$B$2),\nVLOOKUP(INDEX(Quantities!$A$100:$A$118,MATCH($A225,Quantities!$C$100:$C$118)),Quantities!$A$100:$B$118,Quantities!$B$2))))","v":" 1A Leach, 1B Leach "},{"$f":"IF(LEFT(TEXT(A225,\"0\"),1)=\"5\",\nVLOOKUP(VLOOKUP(A225,Quantities!$A$4:$D$118,Quantities!$C$2),Quantities!$A$4:$D$118,Quantities!$C$2),\nIF(OR(C225=\"a\",C225=\"c\",C225=\"d\",C225=\"e\"),\n\"-\",\nIF(RIGHT(TEXT(A225,\"0\"),2)=\"00\",VLOOKUP(A225,Quantities[],Quantities!$B$2),\nIF(C225=\"f\",VLOOKUP(A225,Quantities[],Quantities!$B$2),\nVLOOKUP(A225,Quantities[],Quantities!$C$2))\n)))","v":"-"},{"$f":"IF(OR(AND(LEFT(D225,2)=\"Sc\",B225=\"A\",C225=\"d\"),AND(C225=\"f\",B225=\"D\")),\nSUM(VLOOKUP($A225,Quantities[],Quantities!$O$2),VLOOKUP($A225,Quantities[],Quantities!$Q$2),VLOOKUP($A225,Quantities[],Quantities!$S$2)),\n\nIF(AND(LEFT(D225,2)=\"Sc\",OR(C225=\"a\",C225=\"f\")),\nVLOOKUP(A225,Quantities[],Quantities!$I$2),\n\nIF(AND(B225=\"D\",C225=\"b\"),\n VLOOKUP(INDEX(Quantities!$A$100:$A$118,MATCH($A225,Quantities!$C$100:$C$118)),Quantities!$A$100:$AJ$118,Quantities!$O$2)+\nVLOOKUP(INDEX(Quantities!$A$100:$A$118,MATCH($A225,Quantities!$C$100:$C$118)),Quantities!$A$100:$AJ$118,Quantities!$Q$2)+\nVLOOKUP(INDEX(Quantities!$A$100:$A$118,MATCH($A225,Quantities!$C$100:$C$118)),Quantities!$A$100:$AJ$118,Quantities!$S$2),\n\nIF(OR(B225=\"D\",B225=\"Q\"),\nSUM(VLOOKUP($A225,Quantities[],Quantities!$O$2),VLOOKUP($A225,Quantities[],Quantities!$Q$2),VLOOKUP($A225,Quantities[],Quantities!$S$2)),\n\n VLOOKUP(A225,Quantities[],Quantities!$G$2)\n))))","v":0},{"$f":"IF(LEFT(D225,2)=\"Mg\", VLOOKUP(A225,Quantities[],Quantities!$H$2),\n\nIF(OR(AND(LEFT(D225,2)=\"Sc\",B225=\"A\",C225=\"d\",C225=\"f\")),\n(SUM(VLOOKUP($A225,Quantities[],Quantities!$P$2)*VLOOKUP($A225,Quantities[],Quantities!$O$2),VLOOKUP($A225,Quantities[],Quantities!$R$2)*VLOOKUP($A225,Quantities[],Quantities!$Q$2),VLOOKUP($A225,Quantities[],Quantities!$T$2)*VLOOKUP($A225,Quantities[],Quantities!$S$2)))/SUM(VLOOKUP($A225,Quantities[],Quantities!$O$2),VLOOKUP($A225,Quantities[],Quantities!$Q$2),VLOOKUP($A225,Quantities[],Quantities!$S$2)),\n\nIF(AND(LEFT(D225,2)=\"Sc\",OR(C225=\"a\",C225=\"f\")),\nVLOOKUP(A225,Quantities[],Quantities!$J$2),\n\nIF(AND(B225=\"D\",C225=\"b\", (VLOOKUP(INDEX(Quantities!$A$100:$A$118,MATCH($A225,Quantities!$C$100:$C$118)),Quantities[],Quantities!$O$2)+VLOOKUP(INDEX(Quantities!$A$100:$A$118,MATCH($A225,Quantities!$C$100:$C$118)),Quantities[],Quantities!$Q$2)+VLOOKUP(INDEX(Quantities!$A$100:$A$118,MATCH($A225,Quantities!$C$100:$C$118)),Quantities[],Quantities!$S$2))>0),\n(VLOOKUP(INDEX(Quantities!$A$100:$A$118,MATCH($A225,Quantities!$C$100:$C$118)),Quantities[],Quantities!$P$2)*VLOOKUP(INDEX(Quantities!$A$100:$A$118,MATCH($A225,Quantities!$C$100:$C$118)),Quantities[],Quantities!$O$2)\n+VLOOKUP(INDEX(Quantities!$A$100:$A$118,MATCH($A225,Quantities!$C$100:$C$118)),Quantities[],Quantities!$R$2)*VLOOKUP(INDEX(Quantities!$A$100:$A$118,MATCH($A225,Quantities!$C$100:$C$118)),Quantities[],Quantities!$Q$2)\n+VLOOKUP(INDEX(Quantities!$A$100:$A$118,MATCH($A225,Quantities!$C$100:$C$118)),Quantities[],Quantities!$T$2)*VLOOKUP(INDEX(Quantities!$A$100:$A$118,MATCH($A225,Quantities!$C$100:$C$118)),Quantities[],Quantities!$S$2))/\n(VLOOKUP(INDEX(Quantities!$A$100:$A$118,MATCH($A225,Quantities!$C$100:$C$118)),Quantities[],Quantities!$O$2)+VLOOKUP(INDEX(Quantities!$A$100:$A$118,MATCH($A225,Quantities!$C$100:$C$118)),Quantities[],Quantities!$Q$2)+VLOOKUP(A225,Quantities[],Quantities!$S$2)),\n\nIF(AND(B225=\"D\", (VLOOKUP(A225,Quantities[],Quantities!$O$2)+VLOOKUP(A225,Quantities[],Quantities!$Q$2)+VLOOKUP(A225,Quantities[],Quantities!$S$2))>0),\n(VLOOKUP(A225,Quantities[],Quantities!$P$2)*VLOOKUP(A225,Quantities[],Quantities!$O$2)\n+VLOOKUP(A225,Quantities[],Quantities!$R$2)*VLOOKUP(A225,Quantities[],Quantities!$Q$2)\n+VLOOKUP(A225,Quantities[],Quantities!$T$2)*VLOOKUP(A225,Quantities[],Quantities!$S$2))/\n(VLOOKUP(A225,Quantities[],Quantities!$O$2)+VLOOKUP(A225,Quantities[],Quantities!$Q$2)+VLOOKUP(A225,Quantities[],Quantities!$S$2)),\n\nIF($B225=\"Q\", (SUM(VLOOKUP($A225,Quantities[],Quantities!$P$2)*VLOOKUP($A225,Quantities[],Quantities!$O$2),VLOOKUP($A225,Quantities[],Quantities!$R$2)*VLOOKUP($A225,Quantities[],Quantities!$Q$2),VLOOKUP($A225,Quantities[],Quantities!$T$2)*VLOOKUP($A225,Quantities[],Quantities!$S$2)))/SUM(VLOOKUP($A225,Quantities[],Quantities!$O$2),VLOOKUP($A225,Quantities[],Quantities!$Q$2),VLOOKUP($A225,Quantities[],Quantities!$S$2)),\n\n VLOOKUP(A225,Quantities[],Quantities!$H$2)\n))))))","v":"-"},{"$f":"IF(LEFT(D225,1)=\"U\",\"-\",VLOOKUP(D225,Equipment[],Equipment!$B$2))","v":"-"}]
[{"$f":"Quantities!$A$9","v":1200},"F","e",{"$f":"'Unit Rates'!$A$13","v":"U3"},"1200-F-e-U3",{"$f":"IF(D226=\"Comb1\",CONCATENATE(VLOOKUP(B226,'Activity-Material_Codes'!$A$2:$B$26,Quantities!$B$2),\"-\",VLOOKUP(A226,Quantities[],Quantities!$D$2)),\nCONCATENATE(\nVLOOKUP(B226,'Activity-Material_Codes'!$A$2:$B$26,Quantities!$B$2),\nIF(AND(B226=\"B\",C226=\"a\"), \" Scraper Grading\", \"\"),\nIF(C226=\"b\",\"\",\"-\"),\nIF(C226=\"b\",\"\",VLOOKUP(A226,Quantities[],Quantities!$D$2)),\nIF(LEFT(TEXT(A226,\"0\"),1)=\"5\",\"\",\"-\"),\nIF(LEFT(TEXT(A226,\"0\"),1)=\"5\",\"\",VLOOKUP(C226,'Activity-Material_Codes'!$A$30:$B$36,Quantities!$B$2))\n))","v":"Grade Benches-Entire Stockpile-Final Grade"},{"$f":"CONCATENATE(\nIF(OR(RIGHT(TEXT($A226,\"0\"),Quantities!$B$2)=\"00\",LEFT(TEXT($A226,\"0\"),1)=\"5\",OR($C226=\"b\",$C226=\"f\")),\"\",VLOOKUP($A226,Quantities[],Quantities!$B$2)),\nIF(LEFT(TEXT($A226,\"0\"),1)=\"5\",\"\",\" \"),\nIF(OR(C226=\"a\",C226=\"c\",C226=\"d\",C226=\"e\"),IF(OR(RIGHT(TEXT($A226,\"0\"),Quantities!$B$2)=\"00\",LEFT(TEXT($A226,\"0\"),1)=\"5\"),VLOOKUP($A226,Quantities[],Quantities!$B$2),\"\"),\nIF(LEFT(TEXT($A226,\"0\"),1)=\"5\",VLOOKUP($A226,Quantities[],Quantities!$B$2),\nVLOOKUP(INDEX(Quantities!$A$100:$A$118,MATCH($A226,Quantities!$C$100:$C$118)),Quantities!$A$100:$B$118,Quantities!$B$2))))","v":" 2B Waste, 2A Leach, 2B Leach"},{"$f":"IF(LEFT(TEXT(A226,\"0\"),1)=\"5\",\nVLOOKUP(VLOOKUP(A226,Quantities!$A$4:$D$118,Quantities!$C$2),Quantities!$A$4:$D$118,Quantities!$C$2),\nIF(OR(C226=\"a\",C226=\"c\",C226=\"d\",C226=\"e\"),\n\"-\",\nIF(RIGHT(TEXT(A226,\"0\"),2)=\"00\",VLOOKUP(A226,Quantities[],Quantities!$B$2),\nIF(C226=\"f\",VLOOKUP(A226,Quantities[],Quantities!$B$2),\nVLOOKUP(A226,Quantities[],Quantities!$C$2))\n)))","v":"-"},{"$f":"IF(OR(AND(LEFT(D226,2)=\"Sc\",B226=\"A\",C226=\"d\"),AND(C226=\"f\",B226=\"D\")),\nSUM(VLOOKUP($A226,Quantities[],Quantities!$O$2),VLOOKUP($A226,Quantities[],Quantities!$Q$2),VLOOKUP($A226,Quantities[],Quantities!$S$2)),\n\nIF(AND(LEFT(D226,2)=\"Sc\",OR(C226=\"a\",C226=\"f\")),\nVLOOKUP(A226,Quantities[],Quantities!$I$2),\n\nIF(AND(B226=\"D\",C226=\"b\"),\n VLOOKUP(INDEX(Quantities!$A$100:$A$118,MATCH($A226,Quantities!$C$100:$C$118)),Quantities!$A$100:$AJ$118,Quantities!$O$2)+\nVLOOKUP(INDEX(Quantities!$A$100:$A$118,MATCH($A226,Quantities!$C$100:$C$118)),Quantities!$A$100:$AJ$118,Quantities!$Q$2)+\nVLOOKUP(INDEX(Quantities!$A$100:$A$118,MATCH($A226,Quantities!$C$100:$C$118)),Quantities!$A$100:$AJ$118,Quantities!$S$2),\n\nIF(OR(B226=\"D\",B226=\"Q\"),\nSUM(VLOOKUP($A226,Quantities[],Quantities!$O$2),VLOOKUP($A226,Quantities[],Quantities!$Q$2),VLOOKUP($A226,Quantities[],Quantities!$S$2)),\n\n VLOOKUP(A226,Quantities[],Quantities!$G$2)\n))))","v":0},{"$f":"IF(LEFT(D226,2)=\"Mg\", VLOOKUP(A226,Quantities[],Quantities!$H$2),\n\nIF(OR(AND(LEFT(D226,2)=\"Sc\",B226=\"A\",C226=\"d\",C226=\"f\")),\n(SUM(VLOOKUP($A226,Quantities[],Quantities!$P$2)*VLOOKUP($A226,Quantities[],Quantities!$O$2),VLOOKUP($A226,Quantities[],Quantities!$R$2)*VLOOKUP($A226,Quantities[],Quantities!$Q$2),VLOOKUP($A226,Quantities[],Quantities!$T$2)*VLOOKUP($A226,Quantities[],Quantities!$S$2)))/SUM(VLOOKUP($A226,Quantities[],Quantities!$O$2),VLOOKUP($A226,Quantities[],Quantities!$Q$2),VLOOKUP($A226,Quantities[],Quantities!$S$2)),\n\nIF(AND(LEFT(D226,2)=\"Sc\",OR(C226=\"a\",C226=\"f\")),\nVLOOKUP(A226,Quantities[],Quantities!$J$2),\n\nIF(AND(B226=\"D\",C226=\"b\", (VLOOKUP(INDEX(Quantities!$A$100:$A$118,MATCH($A226,Quantities!$C$100:$C$118)),Quantities[],Quantities!$O$2)+VLOOKUP(INDEX(Quantities!$A$100:$A$118,MATCH($A226,Quantities!$C$100:$C$118)),Quantities[],Quantities!$Q$2)+VLOOKUP(INDEX(Quantities!$A$100:$A$118,MATCH($A226,Quantities!$C$100:$C$118)),Quantities[],Quantities!$S$2))>0),\n(VLOOKUP(INDEX(Quantities!$A$100:$A$118,MATCH($A226,Quantities!$C$100:$C$118)),Quantities[],Quantities!$P$2)*VLOOKUP(INDEX(Quantities!$A$100:$A$118,MATCH($A226,Quantities!$C$100:$C$118)),Quantities[],Quantities!$O$2)\n+VLOOKUP(INDEX(Quantities!$A$100:$A$118,MATCH($A226,Quantities!$C$100:$C$118)),Quantities[],Quantities!$R$2)*VLOOKUP(INDEX(Quantities!$A$100:$A$118,MATCH($A226,Quantities!$C$100:$C$118)),Quantities[],Quantities!$Q$2)\n+VLOOKUP(INDEX(Quantities!$A$100:$A$118,MATCH($A226,Quantities!$C$100:$C$118)),Quantities[],Quantities!$T$2)*VLOOKUP(INDEX(Quantities!$A$100:$A$118,MATCH($A226,Quantities!$C$100:$C$118)),Quantities[],Quantities!$S$2))/\n(VLOOKUP(INDEX(Quantities!$A$100:$A$118,MATCH($A226,Quantities!$C$100:$C$118)),Quantities[],Quantities!$O$2)+VLOOKUP(INDEX(Quantities!$A$100:$A$118,MATCH($A226,Quantities!$C$100:$C$118)),Quantities[],Quantities!$Q$2)+VLOOKUP(A226,Quantities[],Quantities!$S$2)),\n\nIF(AND(B226=\"D\", (VLOOKUP(A226,Quantities[],Quantities!$O$2)+VLOOKUP(A226,Quantities[],Quantities!$Q$2)+VLOOKUP(A226,Quantities[],Quantities!$S$2))>0),\n(VLOOKUP(A226,Quantities[],Quantities!$P$2)*VLOOKUP(A226,Quantities[],Quantities!$O$2)\n+VLOOKUP(A226,Quantities[],Quantities!$R$2)*VLOOKUP(A226,Quantities[],Quantities!$Q$2)\n+VLOOKUP(A226,Quantities[],Quantities!$T$2)*VLOOKUP(A226,Quantities[],Quantities!$S$2))/\n(VLOOKUP(A226,Quantities[],Quantities!$O$2)+VLOOKUP(A226,Quantities[],Quantities!$Q$2)+VLOOKUP(A226,Quantities[],Quantities!$S$2)),\n\nIF($B226=\"Q\", (SUM(VLOOKUP($A226,Quantities[],Quantities!$P$2)*VLOOKUP($A226,Quantities[],Quantities!$O$2),VLOOKUP($A226,Quantities[],Quantities!$R$2)*VLOOKUP($A226,Quantities[],Quantities!$Q$2),VLOOKUP($A226,Quantities[],Quantities!$T$2)*VLOOKUP($A226,Quantities[],Quantities!$S$2)))/SUM(VLOOKUP($A226,Quantities[],Quantities!$O$2),VLOOKUP($A226,Quantities[],Quantities!$Q$2),VLOOKUP($A226,Quantities[],Quantities!$S$2)),\n\n VLOOKUP(A226,Quantities[],Quantities!$H$2)\n))))))","v":"-"},{"$f":"IF(LEFT(D226,1)=\"U\",\"-\",VLOOKUP(D226,Equipment[],Equipment!$B$2))","v":"-"}]
[{"$f":"Quantities!$A$12","v":1300},"F","e",{"$f":"'Unit Rates'!$A$13","v":"U3"},"1300-F-e-U3",{"$f":"IF(D227=\"Comb1\",CONCATENATE(VLOOKUP(B227,'Activity-Material_Codes'!$A$2:$B$26,Quantities!$B$2),\"-\",VLOOKUP(A227,Quantities[],Quantities!$D$2)),\nCONCATENATE(\nVLOOKUP(B227,'Activity-Material_Codes'!$A$2:$B$26,Quantities!$B$2),\nIF(AND(B227=\"B\",C227=\"a\"), \" Scraper Grading\", \"\"),\nIF(C227=\"b\",\"\",\"-\"),\nIF(C227=\"b\",\"\",VLOOKUP(A227,Quantities[],Quantities!$D$2)),\nIF(LEFT(TEXT(A227,\"0\"),1)=\"5\",\"\",\"-\"),\nIF(LEFT(TEXT(A227,\"0\"),1)=\"5\",\"\",VLOOKUP(C227,'Activity-Material_Codes'!$A$30:$B$36,Quantities!$B$2))\n))","v":"Grade Benches-Entire Stockpile-Final Grade"},{"$f":"CONCATENATE(\nIF(OR(RIGHT(TEXT($A227,\"0\"),Quantities!$B$2)=\"00\",LEFT(TEXT($A227,\"0\"),1)=\"5\",OR($C227=\"b\",$C227=\"f\")),\"\",VLOOKUP($A227,Quantities[],Quantities!$B$2)),\nIF(LEFT(TEXT($A227,\"0\"),1)=\"5\",\"\",\" \"),\nIF(OR(C227=\"a\",C227=\"c\",C227=\"d\",C227=\"e\"),IF(OR(RIGHT(TEXT($A227,\"0\"),Quantities!$B$2)=\"00\",LEFT(TEXT($A227,\"0\"),1)=\"5\"),VLOOKUP($A227,Quantities[],Quantities!$B$2),\"\"),\nIF(LEFT(TEXT($A227,\"0\"),1)=\"5\",VLOOKUP($A227,Quantities[],Quantities!$B$2),\nVLOOKUP(INDEX(Quantities!$A$100:$A$118,MATCH($A227,Quantities!$C$100:$C$118)),Quantities!$A$100:$B$118,Quantities!$B$2))))","v":" 3A Leach, 3B Waste"},{"$f":"IF(LEFT(TEXT(A227,\"0\"),1)=\"5\",\nVLOOKUP(VLOOKUP(A227,Quantities!$A$4:$D$118,Quantities!$C$2),Quantities!$A$4:$D$118,Quantities!$C$2),\nIF(OR(C227=\"a\",C227=\"c\",C227=\"d\",C227=\"e\"),\n\"-\",\nIF(RIGHT(TEXT(A227,\"0\"),2)=\"00\",VLOOKUP(A227,Quantities[],Quantities!$B$2),\nIF(C227=\"f\",VLOOKUP(A227,Quantities[],Quantities!$B$2),\nVLOOKUP(A227,Quantities[],Quantities!$C$2))\n)))","v":"-"},{"$f":"IF(OR(AND(LEFT(D227,2)=\"Sc\",B227=\"A\",C227=\"d\"),AND(C227=\"f\",B227=\"D\")),\nSUM(VLOOKUP($A227,Quantities[],Quantities!$O$2),VLOOKUP($A227,Quantities[],Quantities!$Q$2),VLOOKUP($A227,Quantities[],Quantities!$S$2)),\n\nIF(AND(LEFT(D227,2)=\"Sc\",OR(C227=\"a\",C227=\"f\")),\nVLOOKUP(A227,Quantities[],Quantities!$I$2),\n\nIF(AND(B227=\"D\",C227=\"b\"),\n VLOOKUP(INDEX(Quantities!$A$100:$A$118,MATCH($A227,Quantities!$C$100:$C$118)),Quantities!$A$100:$AJ$118,Quantities!$O$2)+\nVLOOKUP(INDEX(Quantities!$A$100:$A$118,MATCH($A227,Quantities!$C$100:$C$118)),Quantities!$A$100:$AJ$118,Quantities!$Q$2)+\nVLOOKUP(INDEX(Quantities!$A$100:$A$118,MATCH($A227,Quantities!$C$100:$C$118)),Quantities!$A$100:$AJ$118,Quantities!$S$2),\n\nIF(OR(B227=\"D\",B227=\"Q\"),\nSUM(VLOOKUP($A227,Quantities[],Quantities!$O$2),VLOOKUP($A227,Quantities[],Quantities!$Q$2),VLOOKUP($A227,Quantities[],Quantities!$S$2)),\n\n VLOOKUP(A227,Quantities[],Quantities!$G$2)\n))))","v":0},{"$f":"IF(LEFT(D227,2)=\"Mg\", VLOOKUP(A227,Quantities[],Quantities!$H$2),\n\nIF(OR(AND(LEFT(D227,2)=\"Sc\",B227=\"A\",C227=\"d\",C227=\"f\")),\n(SUM(VLOOKUP($A227,Quantities[],Quantities!$P$2)*VLOOKUP($A227,Quantities[],Quantities!$O$2),VLOOKUP($A227,Quantities[],Quantities!$R$2)*VLOOKUP($A227,Quantities[],Quantities!$Q$2),VLOOKUP($A227,Quantities[],Quantities!$T$2)*VLOOKUP($A227,Quantities[],Quantities!$S$2)))/SUM(VLOOKUP($A227,Quantities[],Quantities!$O$2),VLOOKUP($A227,Quantities[],Quantities!$Q$2),VLOOKUP($A227,Quantities[],Quantities!$S$2)),\n\nIF(AND(LEFT(D227,2)=\"Sc\",OR(C227=\"a\",C227=\"f\")),\nVLOOKUP(A227,Quantities[],Quantities!$J$2),\n\nIF(AND(B227=\"D\",C227=\"b\", (VLOOKUP(INDEX(Quantities!$A$100:$A$118,MATCH($A227,Quantities!$C$100:$C$118)),Quantities[],Quantities!$O$2)+VLOOKUP(INDEX(Quantities!$A$100:$A$118,MATCH($A227,Quantities!$C$100:$C$118)),Quantities[],Quantities!$Q$2)+VLOOKUP(INDEX(Quantities!$A$100:$A$118,MATCH($A227,Quantities!$C$100:$C$118)),Quantities[],Quantities!$S$2))>0),\n(VLOOKUP(INDEX(Quantities!$A$100:$A$118,MATCH($A227,Quantities!$C$100:$C$118)),Quantities[],Quantities!$P$2)*VLOOKUP(INDEX(Quantities!$A$100:$A$118,MATCH($A227,Quantities!$C$100:$C$118)),Quantities[],Quantities!$O$2)\n+VLOOKUP(INDEX(Quantities!$A$100:$A$118,MATCH($A227,Quantities!$C$100:$C$118)),Quantities[],Quantities!$R$2)*VLOOKUP(INDEX(Quantities!$A$100:$A$118,MATCH($A227,Quantities!$C$100:$C$118)),Quantities[],Quantities!$Q$2)\n+VLOOKUP(INDEX(Quantities!$A$100:$A$118,MATCH($A227,Quantities!$C$100:$C$118)),Quantities[],Quantities!$T$2)*VLOOKUP(INDEX(Quantities!$A$100:$A$118,MATCH($A227,Quantities!$C$100:$C$118)),Quantities[],Quantities!$S$2))/\n(VLOOKUP(INDEX(Quantities!$A$100:$A$118,MATCH($A227,Quantities!$C$100:$C$118)),Quantities[],Quantities!$O$2)+VLOOKUP(INDEX(Quantities!$A$100:$A$118,MATCH($A227,Quantities!$C$100:$C$118)),Quantities[],Quantities!$Q$2)+VLOOKUP(A227,Quantities[],Quantities!$S$2)),\n\nIF(AND(B227=\"D\", (VLOOKUP(A227,Quantities[],Quantities!$O$2)+VLOOKUP(A227,Quantities[],Quantities!$Q$2)+VLOOKUP(A227,Quantities[],Quantities!$S$2))>0),\n(VLOOKUP(A227,Quantities[],Quantities!$P$2)*VLOOKUP(A227,Quantities[],Quantities!$O$2)\n+VLOOKUP(A227,Quantities[],Quantities!$R$2)*VLOOKUP(A227,Quantities[],Quantities!$Q$2)\n+VLOOKUP(A227,Quantities[],Quantities!$T$2)*VLOOKUP(A227,Quantities[],Quantities!$S$2))/\n(VLOOKUP(A227,Quantities[],Quantities!$O$2)+VLOOKUP(A227,Quantities[],Quantities!$Q$2)+VLOOKUP(A227,Quantities[],Quantities!$S$2)),\n\nIF($B227=\"Q\", (SUM(VLOOKUP($A227,Quantities[],Quantities!$P$2)*VLOOKUP($A227,Quantities[],Quantities!$O$2),VLOOKUP($A227,Quantities[],Quantities!$R$2)*VLOOKUP($A227,Quantities[],Quantities!$Q$2),VLOOKUP($A227,Quantities[],Quantities!$T$2)*VLOOKUP($A227,Quantities[],Quantities!$S$2)))/SUM(VLOOKUP($A227,Quantities[],Quantities!$O$2),VLOOKUP($A227,Quantities[],Quantities!$Q$2),VLOOKUP($A227,Quantities[],Quantities!$S$2)),\n\n VLOOKUP(A227,Quantities[],Quantities!$H$2)\n))))))","v":"-"},{"$f":"IF(LEFT(D227,1)=\"U\",\"-\",VLOOKUP(D227,Equipment[],Equipment!$B$2))","v":"-"}]
[{"$f":"Quantities!$A$20","v":1500},"F","e",{"$f":"'Unit Rates'!$A$13","v":"U3"},"1500-F-e-U3",{"$f":"IF(D228=\"Comb1\",CONCATENATE(VLOOKUP(B228,'Activity-Material_Codes'!$A$2:$B$26,Quantities!$B$2),\"-\",VLOOKUP(A228,Quantities[],Quantities!$D$2)),\nCONCATENATE(\nVLOOKUP(B228,'Activity-Material_Codes'!$A$2:$B$26,Quantities!$B$2),\nIF(AND(B228=\"B\",C228=\"a\"), \" Scraper Grading\", \"\"),\nIF(C228=\"b\",\"\",\"-\"),\nIF(C228=\"b\",\"\",VLOOKUP(A228,Quantities[],Quantities!$D$2)),\nIF(LEFT(TEXT(A228,\"0\"),1)=\"5\",\"\",\"-\"),\nIF(LEFT(TEXT(A228,\"0\"),1)=\"5\",\"\",VLOOKUP(C228,'Activity-Material_Codes'!$A$30:$B$36,Quantities!$B$2))\n))","v":"Grade Benches-Entire Stockpile-Final Grade"},{"$f":"CONCATENATE(\nIF(OR(RIGHT(TEXT($A228,\"0\"),Quantities!$B$2)=\"00\",LEFT(TEXT($A228,\"0\"),1)=\"5\",OR($C228=\"b\",$C228=\"f\")),\"\",VLOOKUP($A228,Quantities[],Quantities!$B$2)),\nIF(LEFT(TEXT($A228,\"0\"),1)=\"5\",\"\",\" \"),\nIF(OR(C228=\"a\",C228=\"c\",C228=\"d\",C228=\"e\"),IF(OR(RIGHT(TEXT($A228,\"0\"),Quantities!$B$2)=\"00\",LEFT(TEXT($A228,\"0\"),1)=\"5\"),VLOOKUP($A228,Quantities[],Quantities!$B$2),\"\"),\nIF(LEFT(TEXT($A228,\"0\"),1)=\"5\",VLOOKUP($A228,Quantities[],Quantities!$B$2),\nVLOOKUP(INDEX(Quantities!$A$100:$A$118,MATCH($A228,Quantities!$C$100:$C$118)),Quantities!$A$100:$B$118,Quantities!$B$2))))","v":" 5A Waste"},{"$f":"IF(LEFT(TEXT(A228,\"0\"),1)=\"5\",\nVLOOKUP(VLOOKUP(A228,Quantities!$A$4:$D$118,Quantities!$C$2),Quantities!$A$4:$D$118,Quantities!$C$2),\nIF(OR(C228=\"a\",C228=\"c\",C228=\"d\",C228=\"e\"),\n\"-\",\nIF(RIGHT(TEXT(A228,\"0\"),2)=\"00\",VLOOKUP(A228,Quantities[],Quantities!$B$2),\nIF(C228=\"f\",VLOOKUP(A228,Quantities[],Quantities!$B$2),\nVLOOKUP(A228,Quantities[],Quantities!$C$2))\n)))","v":"-"},{"$f":"IF(OR(AND(LEFT(D228,2)=\"Sc\",B228=\"A\",C228=\"d\"),AND(C228=\"f\",B228=\"D\")),\nSUM(VLOOKUP($A228,Quantities[],Quantities!$O$2),VLOOKUP($A228,Quantities[],Quantities!$Q$2),VLOOKUP($A228,Quantities[],Quantities!$S$2)),\n\nIF(AND(LEFT(D228,2)=\"Sc\",OR(C228=\"a\",C228=\"f\")),\nVLOOKUP(A228,Quantities[],Quantities!$I$2),\n\nIF(AND(B228=\"D\",C228=\"b\"),\n VLOOKUP(INDEX(Quantities!$A$100:$A$118,MATCH($A228,Quantities!$C$100:$C$118)),Quantities!$A$100:$AJ$118,Quantities!$O$2)+\nVLOOKUP(INDEX(Quantities!$A$100:$A$118,MATCH($A228,Quantities!$C$100:$C$118)),Quantities!$A$100:$AJ$118,Quantities!$Q$2)+\nVLOOKUP(INDEX(Quantities!$A$100:$A$118,MATCH($A228,Quantities!$C$100:$C$118)),Quantities!$A$100:$AJ$118,Quantities!$S$2),\n\nIF(OR(B228=\"D\",B228=\"Q\"),\nSUM(VLOOKUP($A228,Quantities[],Quantities!$O$2),VLOOKUP($A228,Quantities[],Quantities!$Q$2),VLOOKUP($A228,Quantities[],Quantities!$S$2)),\n\n VLOOKUP(A228,Quantities[],Quantities!$G$2)\n))))","v":0},{"$f":"IF(LEFT(D228,2)=\"Mg\", VLOOKUP(A228,Quantities[],Quantities!$H$2),\n\nIF(OR(AND(LEFT(D228,2)=\"Sc\",B228=\"A\",C228=\"d\",C228=\"f\")),\n(SUM(VLOOKUP($A228,Quantities[],Quantities!$P$2)*VLOOKUP($A228,Quantities[],Quantities!$O$2),VLOOKUP($A228,Quantities[],Quantities!$R$2)*VLOOKUP($A228,Quantities[],Quantities!$Q$2),VLOOKUP($A228,Quantities[],Quantities!$T$2)*VLOOKUP($A228,Quantities[],Quantities!$S$2)))/SUM(VLOOKUP($A228,Quantities[],Quantities!$O$2),VLOOKUP($A228,Quantities[],Quantities!$Q$2),VLOOKUP($A228,Quantities[],Quantities!$S$2)),\n\nIF(AND(LEFT(D228,2)=\"Sc\",OR(C228=\"a\",C228=\"f\")),\nVLOOKUP(A228,Quantities[],Quantities!$J$2),\n\nIF(AND(B228=\"D\",C228=\"b\", (VLOOKUP(INDEX(Quantities!$A$100:$A$118,MATCH($A228,Quantities!$C$100:$C$118)),Quantities[],Quantities!$O$2)+VLOOKUP(INDEX(Quantities!$A$100:$A$118,MATCH($A228,Quantities!$C$100:$C$118)),Quantities[],Quantities!$Q$2)+VLOOKUP(INDEX(Quantities!$A$100:$A$118,MATCH($A228,Quantities!$C$100:$C$118)),Quantities[],Quantities!$S$2))>0),\n(VLOOKUP(INDEX(Quantities!$A$100:$A$118,MATCH($A228,Quantities!$C$100:$C$118)),Quantities[],Quantities!$P$2)*VLOOKUP(INDEX(Quantities!$A$100:$A$118,MATCH($A228,Quantities!$C$100:$C$118)),Quantities[],Quantities!$O$2)\n+VLOOKUP(INDEX(Quantities!$A$100:$A$118,MATCH($A228,Quantities!$C$100:$C$118)),Quantities[],Quantities!$R$2)*VLOOKUP(INDEX(Quantities!$A$100:$A$118,MATCH($A228,Quantities!$C$100:$C$118)),Quantities[],Quantities!$Q$2)\n+VLOOKUP(INDEX(Quantities!$A$100:$A$118,MATCH($A228,Quantities!$C$100:$C$118)),Quantities[],Quantities!$T$2)*VLOOKUP(INDEX(Quantities!$A$100:$A$118,MATCH($A228,Quantities!$C$100:$C$118)),Quantities[],Quantities!$S$2))/\n(VLOOKUP(INDEX(Quantities!$A$100:$A$118,MATCH($A228,Quantities!$C$100:$C$118)),Quantities[],Quantities!$O$2)+VLOOKUP(INDEX(Quantities!$A$100:$A$118,MATCH($A228,Quantities!$C$100:$C$118)),Quantities[],Quantities!$Q$2)+VLOOKUP(A228,Quantities[],Quantities!$S$2)),\n\nIF(AND(B228=\"D\", (VLOOKUP(A228,Quantities[],Quantities!$O$2)+VLOOKUP(A228,Quantities[],Quantities!$Q$2)+VLOOKUP(A228,Quantities[],Quantities!$S$2))>0),\n(VLOOKUP(A228,Quantities[],Quantities!$P$2)*VLOOKUP(A228,Quantities[],Quantities!$O$2)\n+VLOOKUP(A228,Quantities[],Quantities!$R$2)*VLOOKUP(A228,Quantities[],Quantities!$Q$2)\n+VLOOKUP(A228,Quantities[],Quantities!$T$2)*VLOOKUP(A228,Quantities[],Quantities!$S$2))/\n(VLOOKUP(A228,Quantities[],Quantities!$O$2)+VLOOKUP(A228,Quantities[],Quantities!$Q$2)+VLOOKUP(A228,Quantities[],Quantities!$S$2)),\n\nIF($B228=\"Q\", (SUM(VLOOKUP($A228,Quantities[],Quantities!$P$2)*VLOOKUP($A228,Quantities[],Quantities!$O$2),VLOOKUP($A228,Quantities[],Quantities!$R$2)*VLOOKUP($A228,Quantities[],Quantities!$Q$2),VLOOKUP($A228,Quantities[],Quantities!$T$2)*VLOOKUP($A228,Quantities[],Quantities!$S$2)))/SUM(VLOOKUP($A228,Quantities[],Quantities!$O$2),VLOOKUP($A228,Quantities[],Quantities!$Q$2),VLOOKUP($A228,Quantities[],Quantities!$S$2)),\n\n VLOOKUP(A228,Quantities[],Quantities!$H$2)\n))))))","v":"-"},{"$f":"IF(LEFT(D228,1)=\"U\",\"-\",VLOOKUP(D228,Equipment[],Equipment!$B$2))","v":"-"}]
[{"$f":"Quantities!$A$39","v":2200},"F","e",{"$f":"'Unit Rates'!$A$13","v":"U3"},"2200-F-e-U3",{"$f":"IF(D229=\"Comb1\",CONCATENATE(VLOOKUP(B229,'Activity-Material_Codes'!$A$2:$B$26,Quantities!$B$2),\"-\",VLOOKUP(A229,Quantities[],Quantities!$D$2)),\nCONCATENATE(\nVLOOKUP(B229,'Activity-Material_Codes'!$A$2:$B$26,Quantities!$B$2),\nIF(AND(B229=\"B\",C229=\"a\"), \" Scraper Grading\", \"\"),\nIF(C229=\"b\",\"\",\"-\"),\nIF(C229=\"b\",\"\",VLOOKUP(A229,Quantities[],Quantities!$D$2)),\nIF(LEFT(TEXT(A229,\"0\"),1)=\"5\",\"\",\"-\"),\nIF(LEFT(TEXT(A229,\"0\"),1)=\"5\",\"\",VLOOKUP(C229,'Activity-Material_Codes'!$A$30:$B$36,Quantities!$B$2))\n))","v":"Grade Benches-Entire Pit-Final Grade"},{"$f":"CONCATENATE(\nIF(OR(RIGHT(TEXT($A229,\"0\"),Quantities!$B$2)=\"00\",LEFT(TEXT($A229,\"0\"),1)=\"5\",OR($C229=\"b\",$C229=\"f\")),\"\",VLOOKUP($A229,Quantities[],Quantities!$B$2)),\nIF(LEFT(TEXT($A229,\"0\"),1)=\"5\",\"\",\" \"),\nIF(OR(C229=\"a\",C229=\"c\",C229=\"d\",C229=\"e\"),IF(OR(RIGHT(TEXT($A229,\"0\"),Quantities!$B$2)=\"00\",LEFT(TEXT($A229,\"0\"),1)=\"5\"),VLOOKUP($A229,Quantities[],Quantities!$B$2),\"\"),\nIF(LEFT(TEXT($A229,\"0\"),1)=\"5\",VLOOKUP($A229,Quantities[],Quantities!$B$2),\nVLOOKUP(INDEX(Quantities!$A$100:$A$118,MATCH($A229,Quantities!$C$100:$C$118)),Quantities!$A$100:$B$118,Quantities!$B$2))))","v":" San Salvador Pit, San Salvador Waste Backfill"},{"$f":"IF(LEFT(TEXT(A229,\"0\"),1)=\"5\",\nVLOOKUP(VLOOKUP(A229,Quantities!$A$4:$D$118,Quantities!$C$2),Quantities!$A$4:$D$118,Quantities!$C$2),\nIF(OR(C229=\"a\",C229=\"c\",C229=\"d\",C229=\"e\"),\n\"-\",\nIF(RIGHT(TEXT(A229,\"0\"),2)=\"00\",VLOOKUP(A229,Quantities[],Quantities!$B$2),\nIF(C229=\"f\",VLOOKUP(A229,Quantities[],Quantities!$B$2),\nVLOOKUP(A229,Quantities[],Quantities!$C$2))\n)))","v":"-"},{"$f":"IF(OR(AND(LEFT(D229,2)=\"Sc\",B229=\"A\",C229=\"d\"),AND(C229=\"f\",B229=\"D\")),\nSUM(VLOOKUP($A229,Quantities[],Quantities!$O$2),VLOOKUP($A229,Quantities[],Quantities!$Q$2),VLOOKUP($A229,Quantities[],Quantities!$S$2)),\n\nIF(AND(LEFT(D229,2)=\"Sc\",OR(C229=\"a\",C229=\"f\")),\nVLOOKUP(A229,Quantities[],Quantities!$I$2),\n\nIF(AND(B229=\"D\",C229=\"b\"),\n VLOOKUP(INDEX(Quantities!$A$100:$A$118,MATCH($A229,Quantities!$C$100:$C$118)),Quantities!$A$100:$AJ$118,Quantities!$O$2)+\nVLOOKUP(INDEX(Quantities!$A$100:$A$118,MATCH($A229,Quantities!$C$100:$C$118)),Quantities!$A$100:$AJ$118,Quantities!$Q$2)+\nVLOOKUP(INDEX(Quantities!$A$100:$A$118,MATCH($A229,Quantities!$C$100:$C$118)),Quantities!$A$100:$AJ$118,Quantities!$S$2),\n\nIF(OR(B229=\"D\",B229=\"Q\"),\nSUM(VLOOKUP($A229,Quantities[],Quantities!$O$2),VLOOKUP($A229,Quantities[],Quantities!$Q$2),VLOOKUP($A229,Quantities[],Quantities!$S$2)),\n\n VLOOKUP(A229,Quantities[],Quantities!$G$2)\n))))","v":185},{"$f":"IF(LEFT(D229,2)=\"Mg\", VLOOKUP(A229,Quantities[],Quantities!$H$2),\n\nIF(OR(AND(LEFT(D229,2)=\"Sc\",B229=\"A\",C229=\"d\",C229=\"f\")),\n(SUM(VLOOKUP($A229,Quantities[],Quantities!$P$2)*VLOOKUP($A229,Quantities[],Quantities!$O$2),VLOOKUP($A229,Quantities[],Quantities!$R$2)*VLOOKUP($A229,Quantities[],Quantities!$Q$2),VLOOKUP($A229,Quantities[],Quantities!$T$2)*VLOOKUP($A229,Quantities[],Quantities!$S$2)))/SUM(VLOOKUP($A229,Quantities[],Quantities!$O$2),VLOOKUP($A229,Quantities[],Quantities!$Q$2),VLOOKUP($A229,Quantities[],Quantities!$S$2)),\n\nIF(AND(LEFT(D229,2)=\"Sc\",OR(C229=\"a\",C229=\"f\")),\nVLOOKUP(A229,Quantities[],Quantities!$J$2),\n\nIF(AND(B229=\"D\",C229=\"b\", (VLOOKUP(INDEX(Quantities!$A$100:$A$118,MATCH($A229,Quantities!$C$100:$C$118)),Quantities[],Quantities!$O$2)+VLOOKUP(INDEX(Quantities!$A$100:$A$118,MATCH($A229,Quantities!$C$100:$C$118)),Quantities[],Quantities!$Q$2)+VLOOKUP(INDEX(Quantities!$A$100:$A$118,MATCH($A229,Quantities!$C$100:$C$118)),Quantities[],Quantities!$S$2))>0),\n(VLOOKUP(INDEX(Quantities!$A$100:$A$118,MATCH($A229,Quantities!$C$100:$C$118)),Quantities[],Quantities!$P$2)*VLOOKUP(INDEX(Quantities!$A$100:$A$118,MATCH($A229,Quantities!$C$100:$C$118)),Quantities[],Quantities!$O$2)\n+VLOOKUP(INDEX(Quantities!$A$100:$A$118,MATCH($A229,Quantities!$C$100:$C$118)),Quantities[],Quantities!$R$2)*VLOOKUP(INDEX(Quantities!$A$100:$A$118,MATCH($A229,Quantities!$C$100:$C$118)),Quantities[],Quantities!$Q$2)\n+VLOOKUP(INDEX(Quantities!$A$100:$A$118,MATCH($A229,Quantities!$C$100:$C$118)),Quantities[],Quantities!$T$2)*VLOOKUP(INDEX(Quantities!$A$100:$A$118,MATCH($A229,Quantities!$C$100:$C$118)),Quantities[],Quantities!$S$2))/\n(VLOOKUP(INDEX(Quantities!$A$100:$A$118,MATCH($A229,Quantities!$C$100:$C$118)),Quantities[],Quantities!$O$2)+VLOOKUP(INDEX(Quantities!$A$100:$A$118,MATCH($A229,Quantities!$C$100:$C$118)),Quantities[],Quantities!$Q$2)+VLOOKUP(A229,Quantities[],Quantities!$S$2)),\n\nIF(AND(B229=\"D\", (VLOOKUP(A229,Quantities[],Quantities!$O$2)+VLOOKUP(A229,Quantities[],Quantities!$Q$2)+VLOOKUP(A229,Quantities[],Quantities!$S$2))>0),\n(VLOOKUP(A229,Quantities[],Quantities!$P$2)*VLOOKUP(A229,Quantities[],Quantities!$O$2)\n+VLOOKUP(A229,Quantities[],Quantities!$R$2)*VLOOKUP(A229,Quantities[],Quantities!$Q$2)\n+VLOOKUP(A229,Quantities[],Quantities!$T$2)*VLOOKUP(A229,Quantities[],Quantities!$S$2))/\n(VLOOKUP(A229,Quantities[],Quantities!$O$2)+VLOOKUP(A229,Quantities[],Quantities!$Q$2)+VLOOKUP(A229,Quantities[],Quantities!$S$2)),\n\nIF($B229=\"Q\", (SUM(VLOOKUP($A229,Quantities[],Quantities!$P$2)*VLOOKUP($A229,Quantities[],Quantities!$O$2),VLOOKUP($A229,Quantities[],Quantities!$R$2)*VLOOKUP($A229,Quantities[],Quantities!$Q$2),VLOOKUP($A229,Quantities[],Quantities!$T$2)*VLOOKUP($A229,Quantities[],Quantities!$S$2)))/SUM(VLOOKUP($A229,Quantities[],Quantities!$O$2),VLOOKUP($A229,Quantities[],Quantities!$Q$2),VLOOKUP($A229,Quantities[],Quantities!$S$2)),\n\n VLOOKUP(A229,Quantities[],Quantities!$H$2)\n))))))","v":-0.05},{"$f":"IF(LEFT(D229,1)=\"U\",\"-\",VLOOKUP(D229,Equipment[],Equipment!$B$2))","v":"-"}]
[{"$f":"Quantities!$A$17","v":1400},"F","e",{"$f":"'Unit Rates'!$A$13","v":"U3"},"1400-F-e-U3",{"$f":"IF(D230=\"Comb1\",CONCATENATE(VLOOKUP(B230,'Activity-Material_Codes'!$A$2:$B$26,Quantities!$B$2),\"-\",VLOOKUP(A230,Quantities[],Quantities!$D$2)),\nCONCATENATE(\nVLOOKUP(B230,'Activity-Material_Codes'!$A$2:$B$26,Quantities!$B$2),\nIF(AND(B230=\"B\",C230=\"a\"), \" Scraper Grading\", \"\"),\nIF(C230=\"b\",\"\",\"-\"),\nIF(C230=\"b\",\"\",VLOOKUP(A230,Quantities[],Quantities!$D$2)),\nIF(LEFT(TEXT(A230,\"0\"),1)=\"5\",\"\",\"-\"),\nIF(LEFT(TEXT(A230,\"0\"),1)=\"5\",\"\",VLOOKUP(C230,'Activity-Material_Codes'!$A$30:$B$36,Quantities!$B$2))\n))","v":"Grade Benches-Entire Stockpile-Final Grade"},{"$f":"CONCATENATE(\nIF(OR(RIGHT(TEXT($A230,\"0\"),Quantities!$B$2)=\"00\",LEFT(TEXT($A230,\"0\"),1)=\"5\",OR($C230=\"b\",$C230=\"f\")),\"\",VLOOKUP($A230,Quantities[],Quantities!$B$2)),\nIF(LEFT(TEXT($A230,\"0\"),1)=\"5\",\"\",\" \"),\nIF(OR(C230=\"a\",C230=\"c\",C230=\"d\",C230=\"e\"),IF(OR(RIGHT(TEXT($A230,\"0\"),Quantities!$B$2)=\"00\",LEFT(TEXT($A230,\"0\"),1)=\"5\"),VLOOKUP($A230,Quantities[],Quantities!$B$2),\"\"),\nIF(LEFT(TEXT($A230,\"0\"),1)=\"5\",VLOOKUP($A230,Quantities[],Quantities!$B$2),\nVLOOKUP(INDEX(Quantities!$A$100:$A$118,MATCH($A230,Quantities!$C$100:$C$118)),Quantities!$A$100:$B$118,Quantities!$B$2))))","v":" 2 Leach (Area 1)"},{"$f":"IF(LEFT(TEXT(A230,\"0\"),1)=\"5\",\nVLOOKUP(VLOOKUP(A230,Quantities!$A$4:$D$118,Quantities!$C$2),Quantities!$A$4:$D$118,Quantities!$C$2),\nIF(OR(C230=\"a\",C230=\"c\",C230=\"d\",C230=\"e\"),\n\"-\",\nIF(RIGHT(TEXT(A230,\"0\"),2)=\"00\",VLOOKUP(A230,Quantities[],Quantities!$B$2),\nIF(C230=\"f\",VLOOKUP(A230,Quantities[],Quantities!$B$2),\nVLOOKUP(A230,Quantities[],Quantities!$C$2))\n)))","v":"-"},{"$f":"IF(OR(AND(LEFT(D230,2)=\"Sc\",B230=\"A\",C230=\"d\"),AND(C230=\"f\",B230=\"D\")),\nSUM(VLOOKUP($A230,Quantities[],Quantities!$O$2),VLOOKUP($A230,Quantities[],Quantities!$Q$2),VLOOKUP($A230,Quantities[],Quantities!$S$2)),\n\nIF(AND(LEFT(D230,2)=\"Sc\",OR(C230=\"a\",C230=\"f\")),\nVLOOKUP(A230,Quantities[],Quantities!$I$2),\n\nIF(AND(B230=\"D\",C230=\"b\"),\n VLOOKUP(INDEX(Quantities!$A$100:$A$118,MATCH($A230,Quantities!$C$100:$C$118)),Quantities!$A$100:$AJ$118,Quantities!$O$2)+\nVLOOKUP(INDEX(Quantities!$A$100:$A$118,MATCH($A230,Quantities!$C$100:$C$118)),Quantities!$A$100:$AJ$118,Quantities!$Q$2)+\nVLOOKUP(INDEX(Quantities!$A$100:$A$118,MATCH($A230,Quantities!$C$100:$C$118)),Quantities!$A$100:$AJ$118,Quantities!$S$2),\n\nIF(OR(B230=\"D\",B230=\"Q\"),\nSUM(VLOOKUP($A230,Quantities[],Quantities!$O$2),VLOOKUP($A230,Quantities[],Quantities!$Q$2),VLOOKUP($A230,Quantities[],Quantities!$S$2)),\n\n VLOOKUP(A230,Quantities[],Quantities!$G$2)\n))))","v":0},{"$f":"IF(LEFT(D230,2)=\"Mg\", VLOOKUP(A230,Quantities[],Quantities!$H$2),\n\nIF(OR(AND(LEFT(D230,2)=\"Sc\",B230=\"A\",C230=\"d\",C230=\"f\")),\n(SUM(VLOOKUP($A230,Quantities[],Quantities!$P$2)*VLOOKUP($A230,Quantities[],Quantities!$O$2),VLOOKUP($A230,Quantities[],Quantities!$R$2)*VLOOKUP($A230,Quantities[],Quantities!$Q$2),VLOOKUP($A230,Quantities[],Quantities!$T$2)*VLOOKUP($A230,Quantities[],Quantities!$S$2)))/SUM(VLOOKUP($A230,Quantities[],Quantities!$O$2),VLOOKUP($A230,Quantities[],Quantities!$Q$2),VLOOKUP($A230,Quantities[],Quantities!$S$2)),\n\nIF(AND(LEFT(D230,2)=\"Sc\",OR(C230=\"a\",C230=\"f\")),\nVLOOKUP(A230,Quantities[],Quantities!$J$2),\n\nIF(AND(B230=\"D\",C230=\"b\", (VLOOKUP(INDEX(Quantities!$A$100:$A$118,MATCH($A230,Quantities!$C$100:$C$118)),Quantities[],Quantities!$O$2)+VLOOKUP(INDEX(Quantities!$A$100:$A$118,MATCH($A230,Quantities!$C$100:$C$118)),Quantities[],Quantities!$Q$2)+VLOOKUP(INDEX(Quantities!$A$100:$A$118,MATCH($A230,Quantities!$C$100:$C$118)),Quantities[],Quantities!$S$2))>0),\n(VLOOKUP(INDEX(Quantities!$A$100:$A$118,MATCH($A230,Quantities!$C$100:$C$118)),Quantities[],Quantities!$P$2)*VLOOKUP(INDEX(Quantities!$A$100:$A$118,MATCH($A230,Quantities!$C$100:$C$118)),Quantities[],Quantities!$O$2)\n+VLOOKUP(INDEX(Quantities!$A$100:$A$118,MATCH($A230,Quantities!$C$100:$C$118)),Quantities[],Quantities!$R$2)*VLOOKUP(INDEX(Quantities!$A$100:$A$118,MATCH($A230,Quantities!$C$100:$C$118)),Quantities[],Quantities!$Q$2)\n+VLOOKUP(INDEX(Quantities!$A$100:$A$118,MATCH($A230,Quantities!$C$100:$C$118)),Quantities[],Quantities!$T$2)*VLOOKUP(INDEX(Quantities!$A$100:$A$118,MATCH($A230,Quantities!$C$100:$C$118)),Quantities[],Quantities!$S$2))/\n(VLOOKUP(INDEX(Quantities!$A$100:$A$118,MATCH($A230,Quantities!$C$100:$C$118)),Quantities[],Quantities!$O$2)+VLOOKUP(INDEX(Quantities!$A$100:$A$118,MATCH($A230,Quantities!$C$100:$C$118)),Quantities[],Quantities!$Q$2)+VLOOKUP(A230,Quantities[],Quantities!$S$2)),\n\nIF(AND(B230=\"D\", (VLOOKUP(A230,Quantities[],Quantities!$O$2)+VLOOKUP(A230,Quantities[],Quantities!$Q$2)+VLOOKUP(A230,Quantities[],Quantities!$S$2))>0),\n(VLOOKUP(A230,Quantities[],Quantities!$P$2)*VLOOKUP(A230,Quantities[],Quantities!$O$2)\n+VLOOKUP(A230,Quantities[],Quantities!$R$2)*VLOOKUP(A230,Quantities[],Quantities!$Q$2)\n+VLOOKUP(A230,Quantities[],Quantities!$T$2)*VLOOKUP(A230,Quantities[],Quantities!$S$2))/\n(VLOOKUP(A230,Quantities[],Quantities!$O$2)+VLOOKUP(A230,Quantities[],Quantities!$Q$2)+VLOOKUP(A230,Quantities[],Quantities!$S$2)),\n\nIF($B230=\"Q\", (SUM(VLOOKUP($A230,Quantities[],Quantities!$P$2)*VLOOKUP($A230,Quantities[],Quantities!$O$2),VLOOKUP($A230,Quantities[],Quantities!$R$2)*VLOOKUP($A230,Quantities[],Quantities!$Q$2),VLOOKUP($A230,Quantities[],Quantities!$T$2)*VLOOKUP($A230,Quantities[],Quantities!$S$2)))/SUM(VLOOKUP($A230,Quantities[],Quantities!$O$2),VLOOKUP($A230,Quantities[],Quantities!$Q$2),VLOOKUP($A230,Quantities[],Quantities!$S$2)),\n\n VLOOKUP(A230,Quantities[],Quantities!$H$2)\n))))))","v":"-"},{"$f":"IF(LEFT(D230,1)=\"U\",\"-\",VLOOKUP(D230,Equipment[],Equipment!$B$2))","v":"-"}]
[{"$f":"Quantities!$A$29","v":1800},"F","e",{"$f":"'Unit Rates'!$A$13","v":"U3"},"1800-F-e-U3",{"$f":"IF(D231=\"Comb1\",CONCATENATE(VLOOKUP(B231,'Activity-Material_Codes'!$A$2:$B$26,Quantities!$B$2),\"-\",VLOOKUP(A231,Quantities[],Quantities!$D$2)),\nCONCATENATE(\nVLOOKUP(B231,'Activity-Material_Codes'!$A$2:$B$26,Quantities!$B$2),\nIF(AND(B231=\"B\",C231=\"a\"), \" Scraper Grading\", \"\"),\nIF(C231=\"b\",\"\",\"-\"),\nIF(C231=\"b\",\"\",VLOOKUP(A231,Quantities[],Quantities!$D$2)),\nIF(LEFT(TEXT(A231,\"0\"),1)=\"5\",\"\",\"-\"),\nIF(LEFT(TEXT(A231,\"0\"),1)=\"5\",\"\",VLOOKUP(C231,'Activity-Material_Codes'!$A$30:$B$36,Quantities!$B$2))\n))","v":"Grade Benches-Entire Stockpile-Final Grade"},{"$f":"CONCATENATE(\nIF(OR(RIGHT(TEXT($A231,\"0\"),Quantities!$B$2)=\"00\",LEFT(TEXT($A231,\"0\"),1)=\"5\",OR($C231=\"b\",$C231=\"f\")),\"\",VLOOKUP($A231,Quantities[],Quantities!$B$2)),\nIF(LEFT(TEXT($A231,\"0\"),1)=\"5\",\"\",\" \"),\nIF(OR(C231=\"a\",C231=\"c\",C231=\"d\",C231=\"e\"),IF(OR(RIGHT(TEXT($A231,\"0\"),Quantities!$B$2)=\"00\",LEFT(TEXT($A231,\"0\"),1)=\"5\"),VLOOKUP($A231,Quantities[],Quantities!$B$2),\"\"),\nIF(LEFT(TEXT($A231,\"0\"),1)=\"5\",VLOOKUP($A231,Quantities[],Quantities!$B$2),\nVLOOKUP(INDEX(Quantities!$A$100:$A$118,MATCH($A231,Quantities!$C$100:$C$118)),Quantities!$A$100:$B$118,Quantities!$B$2))))","v":" 2 Leach (Area 2), 7B Leach, 7B Waste, 7C Waste, South Rim Pit"},{"$f":"IF(LEFT(TEXT(A231,\"0\"),1)=\"5\",\nVLOOKUP(VLOOKUP(A231,Quantities!$A$4:$D$118,Quantities!$C$2),Quantities!$A$4:$D$118,Quantities!$C$2),\nIF(OR(C231=\"a\",C231=\"c\",C231=\"d\",C231=\"e\"),\n\"-\",\nIF(RIGHT(TEXT(A231,\"0\"),2)=\"00\",VLOOKUP(A231,Quantities[],Quantities!$B$2),\nIF(C231=\"f\",VLOOKUP(A231,Quantities[],Quantities!$B$2),\nVLOOKUP(A231,Quantities[],Quantities!$C$2))\n)))","v":"-"},{"$f":"IF(OR(AND(LEFT(D231,2)=\"Sc\",B231=\"A\",C231=\"d\"),AND(C231=\"f\",B231=\"D\")),\nSUM(VLOOKUP($A231,Quantities[],Quantities!$O$2),VLOOKUP($A231,Quantities[],Quantities!$Q$2),VLOOKUP($A231,Quantities[],Quantities!$S$2)),\n\nIF(AND(LEFT(D231,2)=\"Sc\",OR(C231=\"a\",C231=\"f\")),\nVLOOKUP(A231,Quantities[],Quantities!$I$2),\n\nIF(AND(B231=\"D\",C231=\"b\"),\n VLOOKUP(INDEX(Quantities!$A$100:$A$118,MATCH($A231,Quantities!$C$100:$C$118)),Quantities!$A$100:$AJ$118,Quantities!$O$2)+\nVLOOKUP(INDEX(Quantities!$A$100:$A$118,MATCH($A231,Quantities!$C$100:$C$118)),Quantities!$A$100:$AJ$118,Quantities!$Q$2)+\nVLOOKUP(INDEX(Quantities!$A$100:$A$118,MATCH($A231,Quantities!$C$100:$C$118)),Quantities!$A$100:$AJ$118,Quantities!$S$2),\n\nIF(OR(B231=\"D\",B231=\"Q\"),\nSUM(VLOOKUP($A231,Quantities[],Quantities!$O$2),VLOOKUP($A231,Quantities[],Quantities!$Q$2),VLOOKUP($A231,Quantities[],Quantities!$S$2)),\n\n VLOOKUP(A231,Quantities[],Quantities!$G$2)\n))))","v":0},{"$f":"IF(LEFT(D231,2)=\"Mg\", VLOOKUP(A231,Quantities[],Quantities!$H$2),\n\nIF(OR(AND(LEFT(D231,2)=\"Sc\",B231=\"A\",C231=\"d\",C231=\"f\")),\n(SUM(VLOOKUP($A231,Quantities[],Quantities!$P$2)*VLOOKUP($A231,Quantities[],Quantities!$O$2),VLOOKUP($A231,Quantities[],Quantities!$R$2)*VLOOKUP($A231,Quantities[],Quantities!$Q$2),VLOOKUP($A231,Quantities[],Quantities!$T$2)*VLOOKUP($A231,Quantities[],Quantities!$S$2)))/SUM(VLOOKUP($A231,Quantities[],Quantities!$O$2),VLOOKUP($A231,Quantities[],Quantities!$Q$2),VLOOKUP($A231,Quantities[],Quantities!$S$2)),\n\nIF(AND(LEFT(D231,2)=\"Sc\",OR(C231=\"a\",C231=\"f\")),\nVLOOKUP(A231,Quantities[],Quantities!$J$2),\n\nIF(AND(B231=\"D\",C231=\"b\", (VLOOKUP(INDEX(Quantities!$A$100:$A$118,MATCH($A231,Quantities!$C$100:$C$118)),Quantities[],Quantities!$O$2)+VLOOKUP(INDEX(Quantities!$A$100:$A$118,MATCH($A231,Quantities!$C$100:$C$118)),Quantities[],Quantities!$Q$2)+VLOOKUP(INDEX(Quantities!$A$100:$A$118,MATCH($A231,Quantities!$C$100:$C$118)),Quantities[],Quantities!$S$2))>0),\n(VLOOKUP(INDEX(Quantities!$A$100:$A$118,MATCH($A231,Quantities!$C$100:$C$118)),Quantities[],Quantities!$P$2)*VLOOKUP(INDEX(Quantities!$A$100:$A$118,MATCH($A231,Quantities!$C$100:$C$118)),Quantities[],Quantities!$O$2)\n+VLOOKUP(INDEX(Quantities!$A$100:$A$118,MATCH($A231,Quantities!$C$100:$C$118)),Quantities[],Quantities!$R$2)*VLOOKUP(INDEX(Quantities!$A$100:$A$118,MATCH($A231,Quantities!$C$100:$C$118)),Quantities[],Quantities!$Q$2)\n+VLOOKUP(INDEX(Quantities!$A$100:$A$118,MATCH($A231,Quantities!$C$100:$C$118)),Quantities[],Quantities!$T$2)*VLOOKUP(INDEX(Quantities!$A$100:$A$118,MATCH($A231,Quantities!$C$100:$C$118)),Quantities[],Quantities!$S$2))/\n(VLOOKUP(INDEX(Quantities!$A$100:$A$118,MATCH($A231,Quantities!$C$100:$C$118)),Quantities[],Quantities!$O$2)+VLOOKUP(INDEX(Quantities!$A$100:$A$118,MATCH($A231,Quantities!$C$100:$C$118)),Quantities[],Quantities!$Q$2)+VLOOKUP(A231,Quantities[],Quantities!$S$2)),\n\nIF(AND(B231=\"D\", (VLOOKUP(A231,Quantities[],Quantities!$O$2)+VLOOKUP(A231,Quantities[],Quantities!$Q$2)+VLOOKUP(A231,Quantities[],Quantities!$S$2))>0),\n(VLOOKUP(A231,Quantities[],Quantities!$P$2)*VLOOKUP(A231,Quantities[],Quantities!$O$2)\n+VLOOKUP(A231,Quantities[],Quantities!$R$2)*VLOOKUP(A231,Quantities[],Quantities!$Q$2)\n+VLOOKUP(A231,Quantities[],Quantities!$T$2)*VLOOKUP(A231,Quantities[],Quantities!$S$2))/\n(VLOOKUP(A231,Quantities[],Quantities!$O$2)+VLOOKUP(A231,Quantities[],Quantities!$Q$2)+VLOOKUP(A231,Quantities[],Quantities!$S$2)),\n\nIF($B231=\"Q\", (SUM(VLOOKUP($A231,Quantities[],Quantities!$P$2)*VLOOKUP($A231,Quantities[],Quantities!$O$2),VLOOKUP($A231,Quantities[],Quantities!$R$2)*VLOOKUP($A231,Quantities[],Quantities!$Q$2),VLOOKUP($A231,Quantities[],Quantities!$T$2)*VLOOKUP($A231,Quantities[],Quantities!$S$2)))/SUM(VLOOKUP($A231,Quantities[],Quantities!$O$2),VLOOKUP($A231,Quantities[],Quantities!$Q$2),VLOOKUP($A231,Quantities[],Quantities!$S$2)),\n\n VLOOKUP(A231,Quantities[],Quantities!$H$2)\n))))))","v":"-"},{"$f":"IF(LEFT(D231,1)=\"U\",\"-\",VLOOKUP(D231,Equipment[],Equipment!$B$2))","v":"-"}]
[{"$f":"Quantities!$A$26","v":1700},"F","e",{"$f":"'Unit Rates'!$A$13","v":"U3"},"1700-F-e-U3",{"$f":"IF(D232=\"Comb1\",CONCATENATE(VLOOKUP(B232,'Activity-Material_Codes'!$A$2:$B$26,Quantities!$B$2),\"-\",VLOOKUP(A232,Quantities[],Quantities!$D$2)),\nCONCATENATE(\nVLOOKUP(B232,'Activity-Material_Codes'!$A$2:$B$26,Quantities!$B$2),\nIF(AND(B232=\"B\",C232=\"a\"), \" Scraper Grading\", \"\"),\nIF(C232=\"b\",\"\",\"-\"),\nIF(C232=\"b\",\"\",VLOOKUP(A232,Quantities[],Quantities!$D$2)),\nIF(LEFT(TEXT(A232,\"0\"),1)=\"5\",\"\",\"-\"),\nIF(LEFT(TEXT(A232,\"0\"),1)=\"5\",\"\",VLOOKUP(C232,'Activity-Material_Codes'!$A$30:$B$36,Quantities!$B$2))\n))","v":"Grade Benches-Entire Stockpile-Final Grade"},{"$f":"CONCATENATE(\nIF(OR(RIGHT(TEXT($A232,\"0\"),Quantities!$B$2)=\"00\",LEFT(TEXT($A232,\"0\"),1)=\"5\",OR($C232=\"b\",$C232=\"f\")),\"\",VLOOKUP($A232,Quantities[],Quantities!$B$2)),\nIF(LEFT(TEXT($A232,\"0\"),1)=\"5\",\"\",\" \"),\nIF(OR(C232=\"a\",C232=\"c\",C232=\"d\",C232=\"e\"),IF(OR(RIGHT(TEXT($A232,\"0\"),Quantities!$B$2)=\"00\",LEFT(TEXT($A232,\"0\"),1)=\"5\"),VLOOKUP($A232,Quantities[],Quantities!$B$2),\"\"),\nIF(LEFT(TEXT($A232,\"0\"),1)=\"5\",VLOOKUP($A232,Quantities[],Quantities!$B$2),\nVLOOKUP(INDEX(Quantities!$A$100:$A$118,MATCH($A232,Quantities!$C$100:$C$118)),Quantities!$A$100:$B$118,Quantities!$B$2))))","v":" 6C Leach"},{"$f":"IF(LEFT(TEXT(A232,\"0\"),1)=\"5\",\nVLOOKUP(VLOOKUP(A232,Quantities!$A$4:$D$118,Quantities!$C$2),Quantities!$A$4:$D$118,Quantities!$C$2),\nIF(OR(C232=\"a\",C232=\"c\",C232=\"d\",C232=\"e\"),\n\"-\",\nIF(RIGHT(TEXT(A232,\"0\"),2)=\"00\",VLOOKUP(A232,Quantities[],Quantities!$B$2),\nIF(C232=\"f\",VLOOKUP(A232,Quantities[],Quantities!$B$2),\nVLOOKUP(A232,Quantities[],Quantities!$C$2))\n)))","v":"-"},{"$f":"IF(OR(AND(LEFT(D232,2)=\"Sc\",B232=\"A\",C232=\"d\"),AND(C232=\"f\",B232=\"D\")),\nSUM(VLOOKUP($A232,Quantities[],Quantities!$O$2),VLOOKUP($A232,Quantities[],Quantities!$Q$2),VLOOKUP($A232,Quantities[],Quantities!$S$2)),\n\nIF(AND(LEFT(D232,2)=\"Sc\",OR(C232=\"a\",C232=\"f\")),\nVLOOKUP(A232,Quantities[],Quantities!$I$2),\n\nIF(AND(B232=\"D\",C232=\"b\"),\n VLOOKUP(INDEX(Quantities!$A$100:$A$118,MATCH($A232,Quantities!$C$100:$C$118)),Quantities!$A$100:$AJ$118,Quantities!$O$2)+\nVLOOKUP(INDEX(Quantities!$A$100:$A$118,MATCH($A232,Quantities!$C$100:$C$118)),Quantities!$A$100:$AJ$118,Quantities!$Q$2)+\nVLOOKUP(INDEX(Quantities!$A$100:$A$118,MATCH($A232,Quantities!$C$100:$C$118)),Quantities!$A$100:$AJ$118,Quantities!$S$2),\n\nIF(OR(B232=\"D\",B232=\"Q\"),\nSUM(VLOOKUP($A232,Quantities[],Quantities!$O$2),VLOOKUP($A232,Quantities[],Quantities!$Q$2),VLOOKUP($A232,Quantities[],Quantities!$S$2)),\n\n VLOOKUP(A232,Quantities[],Quantities!$G$2)\n))))","v":0},{"$f":"IF(LEFT(D232,2)=\"Mg\", VLOOKUP(A232,Quantities[],Quantities!$H$2),\n\nIF(OR(AND(LEFT(D232,2)=\"Sc\",B232=\"A\",C232=\"d\",C232=\"f\")),\n(SUM(VLOOKUP($A232,Quantities[],Quantities!$P$2)*VLOOKUP($A232,Quantities[],Quantities!$O$2),VLOOKUP($A232,Quantities[],Quantities!$R$2)*VLOOKUP($A232,Quantities[],Quantities!$Q$2),VLOOKUP($A232,Quantities[],Quantities!$T$2)*VLOOKUP($A232,Quantities[],Quantities!$S$2)))/SUM(VLOOKUP($A232,Quantities[],Quantities!$O$2),VLOOKUP($A232,Quantities[],Quantities!$Q$2),VLOOKUP($A232,Quantities[],Quantities!$S$2)),\n\nIF(AND(LEFT(D232,2)=\"Sc\",OR(C232=\"a\",C232=\"f\")),\nVLOOKUP(A232,Quantities[],Quantities!$J$2),\n\nIF(AND(B232=\"D\",C232=\"b\", (VLOOKUP(INDEX(Quantities!$A$100:$A$118,MATCH($A232,Quantities!$C$100:$C$118)),Quantities[],Quantities!$O$2)+VLOOKUP(INDEX(Quantities!$A$100:$A$118,MATCH($A232,Quantities!$C$100:$C$118)),Quantities[],Quantities!$Q$2)+VLOOKUP(INDEX(Quantities!$A$100:$A$118,MATCH($A232,Quantities!$C$100:$C$118)),Quantities[],Quantities!$S$2))>0),\n(VLOOKUP(INDEX(Quantities!$A$100:$A$118,MATCH($A232,Quantities!$C$100:$C$118)),Quantities[],Quantities!$P$2)*VLOOKUP(INDEX(Quantities!$A$100:$A$118,MATCH($A232,Quantities!$C$100:$C$118)),Quantities[],Quantities!$O$2)\n+VLOOKUP(INDEX(Quantities!$A$100:$A$118,MATCH($A232,Quantities!$C$100:$C$118)),Quantities[],Quantities!$R$2)*VLOOKUP(INDEX(Quantities!$A$100:$A$118,MATCH($A232,Quantities!$C$100:$C$118)),Quantities[],Quantities!$Q$2)\n+VLOOKUP(INDEX(Quantities!$A$100:$A$118,MATCH($A232,Quantities!$C$100:$C$118)),Quantities[],Quantities!$T$2)*VLOOKUP(INDEX(Quantities!$A$100:$A$118,MATCH($A232,Quantities!$C$100:$C$118)),Quantities[],Quantities!$S$2))/\n(VLOOKUP(INDEX(Quantities!$A$100:$A$118,MATCH($A232,Quantities!$C$100:$C$118)),Quantities[],Quantities!$O$2)+VLOOKUP(INDEX(Quantities!$A$100:$A$118,MATCH($A232,Quantities!$C$100:$C$118)),Quantities[],Quantities!$Q$2)+VLOOKUP(A232,Quantities[],Quantities!$S$2)),\n\nIF(AND(B232=\"D\", (VLOOKUP(A232,Quantities[],Quantities!$O$2)+VLOOKUP(A232,Quantities[],Quantities!$Q$2)+VLOOKUP(A232,Quantities[],Quantities!$S$2))>0),\n(VLOOKUP(A232,Quantities[],Quantities!$P$2)*VLOOKUP(A232,Quantities[],Quantities!$O$2)\n+VLOOKUP(A232,Quantities[],Quantities!$R$2)*VLOOKUP(A232,Quantities[],Quantities!$Q$2)\n+VLOOKUP(A232,Quantities[],Quantities!$T$2)*VLOOKUP(A232,Quantities[],Quantities!$S$2))/\n(VLOOKUP(A232,Quantities[],Quantities!$O$2)+VLOOKUP(A232,Quantities[],Quantities!$Q$2)+VLOOKUP(A232,Quantities[],Quantities!$S$2)),\n\nIF($B232=\"Q\", (SUM(VLOOKUP($A232,Quantities[],Quantities!$P$2)*VLOOKUP($A232,Quantities[],Quantities!$O$2),VLOOKUP($A232,Quantities[],Quantities!$R$2)*VLOOKUP($A232,Quantities[],Quantities!$Q$2),VLOOKUP($A232,Quantities[],Quantities!$T$2)*VLOOKUP($A232,Quantities[],Quantities!$S$2)))/SUM(VLOOKUP($A232,Quantities[],Quantities!$O$2),VLOOKUP($A232,Quantities[],Quantities!$Q$2),VLOOKUP($A232,Quantities[],Quantities!$S$2)),\n\n VLOOKUP(A232,Quantities[],Quantities!$H$2)\n))))))","v":"-"},{"$f":"IF(LEFT(D232,1)=\"U\",\"-\",VLOOKUP(D232,Equipment[],Equipment!$B$2))","v":"-"}]
[{"$f":"Quantities!$A$33","v":2000},"F","e",{"$f":"'Unit Rates'!$A$13","v":"U3"},"2000-F-e-U3",{"$f":"IF(D233=\"Comb1\",CONCATENATE(VLOOKUP(B233,'Activity-Material_Codes'!$A$2:$B$26,Quantities!$B$2),\"-\",VLOOKUP(A233,Quantities[],Quantities!$D$2)),\nCONCATENATE(\nVLOOKUP(B233,'Activity-Material_Codes'!$A$2:$B$26,Quantities!$B$2),\nIF(AND(B233=\"B\",C233=\"a\"), \" Scraper Grading\", \"\"),\nIF(C233=\"b\",\"\",\"-\"),\nIF(C233=\"b\",\"\",VLOOKUP(A233,Quantities[],Quantities!$D$2)),\nIF(LEFT(TEXT(A233,\"0\"),1)=\"5\",\"\",\"-\"),\nIF(LEFT(TEXT(A233,\"0\"),1)=\"5\",\"\",VLOOKUP(C233,'Activity-Material_Codes'!$A$30:$B$36,Quantities!$B$2))\n))","v":"Grade Benches-Entire Stockpile-Final Grade"},{"$f":"CONCATENATE(\nIF(OR(RIGHT(TEXT($A233,\"0\"),Quantities!$B$2)=\"00\",LEFT(TEXT($A233,\"0\"),1)=\"5\",OR($C233=\"b\",$C233=\"f\")),\"\",VLOOKUP($A233,Quantities[],Quantities!$B$2)),\nIF(LEFT(TEXT($A233,\"0\"),1)=\"5\",\"\",\" \"),\nIF(OR(C233=\"a\",C233=\"c\",C233=\"d\",C233=\"e\"),IF(OR(RIGHT(TEXT($A233,\"0\"),Quantities!$B$2)=\"00\",LEFT(TEXT($A233,\"0\"),1)=\"5\"),VLOOKUP($A233,Quantities[],Quantities!$B$2),\"\"),\nIF(LEFT(TEXT($A233,\"0\"),1)=\"5\",VLOOKUP($A233,Quantities[],Quantities!$B$2),\nVLOOKUP(INDEX(Quantities!$A$100:$A$118,MATCH($A233,Quantities!$C$100:$C$118)),Quantities!$A$100:$B$118,Quantities!$B$2))))","v":" 9A Waste "},{"$f":"IF(LEFT(TEXT(A233,\"0\"),1)=\"5\",\nVLOOKUP(VLOOKUP(A233,Quantities!$A$4:$D$118,Quantities!$C$2),Quantities!$A$4:$D$118,Quantities!$C$2),\nIF(OR(C233=\"a\",C233=\"c\",C233=\"d\",C233=\"e\"),\n\"-\",\nIF(RIGHT(TEXT(A233,\"0\"),2)=\"00\",VLOOKUP(A233,Quantities[],Quantities!$B$2),\nIF(C233=\"f\",VLOOKUP(A233,Quantities[],Quantities!$B$2),\nVLOOKUP(A233,Quantities[],Quantities!$C$2))\n)))","v":"-"},{"$f":"IF(OR(AND(LEFT(D233,2)=\"Sc\",B233=\"A\",C233=\"d\"),AND(C233=\"f\",B233=\"D\")),\nSUM(VLOOKUP($A233,Quantities[],Quantities!$O$2),VLOOKUP($A233,Quantities[],Quantities!$Q$2),VLOOKUP($A233,Quantities[],Quantities!$S$2)),\n\nIF(AND(LEFT(D233,2)=\"Sc\",OR(C233=\"a\",C233=\"f\")),\nVLOOKUP(A233,Quantities[],Quantities!$I$2),\n\nIF(AND(B233=\"D\",C233=\"b\"),\n VLOOKUP(INDEX(Quantities!$A$100:$A$118,MATCH($A233,Quantities!$C$100:$C$118)),Quantities!$A$100:$AJ$118,Quantities!$O$2)+\nVLOOKUP(INDEX(Quantities!$A$100:$A$118,MATCH($A233,Quantities!$C$100:$C$118)),Quantities!$A$100:$AJ$118,Quantities!$Q$2)+\nVLOOKUP(INDEX(Quantities!$A$100:$A$118,MATCH($A233,Quantities!$C$100:$C$118)),Quantities!$A$100:$AJ$118,Quantities!$S$2),\n\nIF(OR(B233=\"D\",B233=\"Q\"),\nSUM(VLOOKUP($A233,Quantities[],Quantities!$O$2),VLOOKUP($A233,Quantities[],Quantities!$Q$2),VLOOKUP($A233,Quantities[],Quantities!$S$2)),\n\n VLOOKUP(A233,Quantities[],Quantities!$G$2)\n))))","v":0},{"$f":"IF(LEFT(D233,2)=\"Mg\", VLOOKUP(A233,Quantities[],Quantities!$H$2),\n\nIF(OR(AND(LEFT(D233,2)=\"Sc\",B233=\"A\",C233=\"d\",C233=\"f\")),\n(SUM(VLOOKUP($A233,Quantities[],Quantities!$P$2)*VLOOKUP($A233,Quantities[],Quantities!$O$2),VLOOKUP($A233,Quantities[],Quantities!$R$2)*VLOOKUP($A233,Quantities[],Quantities!$Q$2),VLOOKUP($A233,Quantities[],Quantities!$T$2)*VLOOKUP($A233,Quantities[],Quantities!$S$2)))/SUM(VLOOKUP($A233,Quantities[],Quantities!$O$2),VLOOKUP($A233,Quantities[],Quantities!$Q$2),VLOOKUP($A233,Quantities[],Quantities!$S$2)),\n\nIF(AND(LEFT(D233,2)=\"Sc\",OR(C233=\"a\",C233=\"f\")),\nVLOOKUP(A233,Quantities[],Quantities!$J$2),\n\nIF(AND(B233=\"D\",C233=\"b\", (VLOOKUP(INDEX(Quantities!$A$100:$A$118,MATCH($A233,Quantities!$C$100:$C$118)),Quantities[],Quantities!$O$2)+VLOOKUP(INDEX(Quantities!$A$100:$A$118,MATCH($A233,Quantities!$C$100:$C$118)),Quantities[],Quantities!$Q$2)+VLOOKUP(INDEX(Quantities!$A$100:$A$118,MATCH($A233,Quantities!$C$100:$C$118)),Quantities[],Quantities!$S$2))>0),\n(VLOOKUP(INDEX(Quantities!$A$100:$A$118,MATCH($A233,Quantities!$C$100:$C$118)),Quantities[],Quantities!$P$2)*VLOOKUP(INDEX(Quantities!$A$100:$A$118,MATCH($A233,Quantities!$C$100:$C$118)),Quantities[],Quantities!$O$2)\n+VLOOKUP(INDEX(Quantities!$A$100:$A$118,MATCH($A233,Quantities!$C$100:$C$118)),Quantities[],Quantities!$R$2)*VLOOKUP(INDEX(Quantities!$A$100:$A$118,MATCH($A233,Quantities!$C$100:$C$118)),Quantities[],Quantities!$Q$2)\n+VLOOKUP(INDEX(Quantities!$A$100:$A$118,MATCH($A233,Quantities!$C$100:$C$118)),Quantities[],Quantities!$T$2)*VLOOKUP(INDEX(Quantities!$A$100:$A$118,MATCH($A233,Quantities!$C$100:$C$118)),Quantities[],Quantities!$S$2))/\n(VLOOKUP(INDEX(Quantities!$A$100:$A$118,MATCH($A233,Quantities!$C$100:$C$118)),Quantities[],Quantities!$O$2)+VLOOKUP(INDEX(Quantities!$A$100:$A$118,MATCH($A233,Quantities!$C$100:$C$118)),Quantities[],Quantities!$Q$2)+VLOOKUP(A233,Quantities[],Quantities!$S$2)),\n\nIF(AND(B233=\"D\", (VLOOKUP(A233,Quantities[],Quantities!$O$2)+VLOOKUP(A233,Quantities[],Quantities!$Q$2)+VLOOKUP(A233,Quantities[],Quantities!$S$2))>0),\n(VLOOKUP(A233,Quantities[],Quantities!$P$2)*VLOOKUP(A233,Quantities[],Quantities!$O$2)\n+VLOOKUP(A233,Quantities[],Quantities!$R$2)*VLOOKUP(A233,Quantities[],Quantities!$Q$2)\n+VLOOKUP(A233,Quantities[],Quantities!$T$2)*VLOOKUP(A233,Quantities[],Quantities!$S$2))/\n(VLOOKUP(A233,Quantities[],Quantities!$O$2)+VLOOKUP(A233,Quantities[],Quantities!$Q$2)+VLOOKUP(A233,Quantities[],Quantities!$S$2)),\n\nIF($B233=\"Q\", (SUM(VLOOKUP($A233,Quantities[],Quantities!$P$2)*VLOOKUP($A233,Quantities[],Quantities!$O$2),VLOOKUP($A233,Quantities[],Quantities!$R$2)*VLOOKUP($A233,Quantities[],Quantities!$Q$2),VLOOKUP($A233,Quantities[],Quantities!$T$2)*VLOOKUP($A233,Quantities[],Quantities!$S$2)))/SUM(VLOOKUP($A233,Quantities[],Quantities!$O$2),VLOOKUP($A233,Quantities[],Quantities!$Q$2),VLOOKUP($A233,Quantities[],Quantities!$S$2)),\n\n VLOOKUP(A233,Quantities[],Quantities!$H$2)\n))))))","v":"-"},{"$f":"IF(LEFT(D233,1)=\"U\",\"-\",VLOOKUP(D233,Equipment[],Equipment!$B$2))","v":"-"}]
[{"$f":"Quantities!A36","v":2100},"F","e",{"$f":"'Unit Rates'!$A$13","v":"U3"},{"$f":"CONCATENATE(TEXT(A234,\"0\"),\"-\",B234,\"-\",C234,\"-\",D234)","v":"2100-F-e-U3"},{"$f":"IF(D234=\"Comb1\",CONCATENATE(VLOOKUP(B234,'Activity-Material_Codes'!$A$2:$B$26,Quantities!$B$2),\"-\",VLOOKUP(A234,Quantities[],Quantities!$D$2)),\nCONCATENATE(\nVLOOKUP(B234,'Activity-Material_Codes'!$A$2:$B$26,Quantities!$B$2),\nIF(AND(B234=\"B\",C234=\"a\"), \" Scraper Grading\", \"\"),\nIF(C234=\"b\",\"\",\"-\"),\nIF(C234=\"b\",\"\",VLOOKUP(A234,Quantities[],Quantities!$D$2)),\nIF(LEFT(TEXT(A234,\"0\"),1)=\"5\",\"\",\"-\"),\nIF(LEFT(TEXT(A234,\"0\"),1)=\"5\",\"\",VLOOKUP(C234,'Activity-Material_Codes'!$A$30:$B$36,Quantities!$B$2))\n))","v":"Grade Benches-Entire Stockpile-Final Grade"},{"$f":"CONCATENATE(\nIF(OR(RIGHT(TEXT($A234,\"0\"),Quantities!$B$2)=\"00\",LEFT(TEXT($A234,\"0\"),1)=\"5\",OR($C234=\"b\",$C234=\"f\")),\"\",VLOOKUP($A234,Quantities[],Quantities!$B$2)),\nIF(LEFT(TEXT($A234,\"0\"),1)=\"5\",\"\",\" \"),\nIF(OR(C234=\"a\",C234=\"c\",C234=\"d\",C234=\"e\"),IF(OR(RIGHT(TEXT($A234,\"0\"),Quantities!$B$2)=\"00\",LEFT(TEXT($A234,\"0\"),1)=\"5\"),VLOOKUP($A234,Quantities[],Quantities!$B$2),\"\"),\nIF(LEFT(TEXT($A234,\"0\"),1)=\"5\",VLOOKUP($A234,Quantities[],Quantities!$B$2),\nVLOOKUP(INDEX(Quantities!$A$100:$A$118,MATCH($A234,Quantities!$C$100:$C$118)),Quantities!$A$100:$B$118,Quantities!$B$2))))","v":" 9AX Waste"},{"$f":"IF(LEFT(TEXT(A234,\"0\"),1)=\"5\",\nVLOOKUP(VLOOKUP(A234,Quantities!$A$4:$D$118,Quantities!$C$2),Quantities!$A$4:$D$118,Quantities!$C$2),\nIF(OR(C234=\"a\",C234=\"c\",C234=\"d\",C234=\"e\"),\n\"-\",\nIF(RIGHT(TEXT(A234,\"0\"),2)=\"00\",VLOOKUP(A234,Quantities[],Quantities!$B$2),\nIF(C234=\"f\",VLOOKUP(A234,Quantities[],Quantities!$B$2),\nVLOOKUP(A234,Quantities[],Quantities!$C$2))\n)))","v":"-"},{"$f":"IF(OR(AND(LEFT(D234,2)=\"Sc\",B234=\"A\",C234=\"d\"),AND(C234=\"f\",B234=\"D\")),\nSUM(VLOOKUP($A234,Quantities[],Quantities!$O$2),VLOOKUP($A234,Quantities[],Quantities!$Q$2),VLOOKUP($A234,Quantities[],Quantities!$S$2)),\n\nIF(AND(LEFT(D234,2)=\"Sc\",OR(C234=\"a\",C234=\"f\")),\nVLOOKUP(A234,Quantities[],Quantities!$I$2),\n\nIF(AND(B234=\"D\",C234=\"b\"),\n VLOOKUP(INDEX(Quantities!$A$100:$A$118,MATCH($A234,Quantities!$C$100:$C$118)),Quantities!$A$100:$AJ$118,Quantities!$O$2)+\nVLOOKUP(INDEX(Quantities!$A$100:$A$118,MATCH($A234,Quantities!$C$100:$C$118)),Quantities!$A$100:$AJ$118,Quantities!$Q$2)+\nVLOOKUP(INDEX(Quantities!$A$100:$A$118,MATCH($A234,Quantities!$C$100:$C$118)),Quantities!$A$100:$AJ$118,Quantities!$S$2),\n\nIF(OR(B234=\"D\",B234=\"Q\"),\nSUM(VLOOKUP($A234,Quantities[],Quantities!$O$2),VLOOKUP($A234,Quantities[],Quantities!$Q$2),VLOOKUP($A234,Quantities[],Quantities!$S$2)),\n\n VLOOKUP(A234,Quantities[],Quantities!$G$2)\n))))","v":0},{"$f":"IF(LEFT(D234,2)=\"Mg\", VLOOKUP(A234,Quantities[],Quantities!$H$2),\n\nIF(OR(AND(LEFT(D234,2)=\"Sc\",B234=\"A\",C234=\"d\",C234=\"f\")),\n(SUM(VLOOKUP($A234,Quantities[],Quantities!$P$2)*VLOOKUP($A234,Quantities[],Quantities!$O$2),VLOOKUP($A234,Quantities[],Quantities!$R$2)*VLOOKUP($A234,Quantities[],Quantities!$Q$2),VLOOKUP($A234,Quantities[],Quantities!$T$2)*VLOOKUP($A234,Quantities[],Quantities!$S$2)))/SUM(VLOOKUP($A234,Quantities[],Quantities!$O$2),VLOOKUP($A234,Quantities[],Quantities!$Q$2),VLOOKUP($A234,Quantities[],Quantities!$S$2)),\n\nIF(AND(LEFT(D234,2)=\"Sc\",OR(C234=\"a\",C234=\"f\")),\nVLOOKUP(A234,Quantities[],Quantities!$J$2),\n\nIF(AND(B234=\"D\",C234=\"b\", (VLOOKUP(INDEX(Quantities!$A$100:$A$118,MATCH($A234,Quantities!$C$100:$C$118)),Quantities[],Quantities!$O$2)+VLOOKUP(INDEX(Quantities!$A$100:$A$118,MATCH($A234,Quantities!$C$100:$C$118)),Quantities[],Quantities!$Q$2)+VLOOKUP(INDEX(Quantities!$A$100:$A$118,MATCH($A234,Quantities!$C$100:$C$118)),Quantities[],Quantities!$S$2))>0),\n(VLOOKUP(INDEX(Quantities!$A$100:$A$118,MATCH($A234,Quantities!$C$100:$C$118)),Quantities[],Quantities!$P$2)*VLOOKUP(INDEX(Quantities!$A$100:$A$118,MATCH($A234,Quantities!$C$100:$C$118)),Quantities[],Quantities!$O$2)\n+VLOOKUP(INDEX(Quantities!$A$100:$A$118,MATCH($A234,Quantities!$C$100:$C$118)),Quantities[],Quantities!$R$2)*VLOOKUP(INDEX(Quantities!$A$100:$A$118,MATCH($A234,Quantities!$C$100:$C$118)),Quantities[],Quantities!$Q$2)\n+VLOOKUP(INDEX(Quantities!$A$100:$A$118,MATCH($A234,Quantities!$C$100:$C$118)),Quantities[],Quantities!$T$2)*VLOOKUP(INDEX(Quantities!$A$100:$A$118,MATCH($A234,Quantities!$C$100:$C$118)),Quantities[],Quantities!$S$2))/\n(VLOOKUP(INDEX(Quantities!$A$100:$A$118,MATCH($A234,Quantities!$C$100:$C$118)),Quantities[],Quantities!$O$2)+VLOOKUP(INDEX(Quantities!$A$100:$A$118,MATCH($A234,Quantities!$C$100:$C$118)),Quantities[],Quantities!$Q$2)+VLOOKUP(A234,Quantities[],Quantities!$S$2)),\n\nIF(AND(B234=\"D\", (VLOOKUP(A234,Quantities[],Quantities!$O$2)+VLOOKUP(A234,Quantities[],Quantities!$Q$2)+VLOOKUP(A234,Quantities[],Quantities!$S$2))>0),\n(VLOOKUP(A234,Quantities[],Quantities!$P$2)*VLOOKUP(A234,Quantities[],Quantities!$O$2)\n+VLOOKUP(A234,Quantities[],Quantities!$R$2)*VLOOKUP(A234,Quantities[],Quantities!$Q$2)\n+VLOOKUP(A234,Quantities[],Quantities!$T$2)*VLOOKUP(A234,Quantities[],Quantities!$S$2))/\n(VLOOKUP(A234,Quantities[],Quantities!$O$2)+VLOOKUP(A234,Quantities[],Quantities!$Q$2)+VLOOKUP(A234,Quantities[],Quantities!$S$2)),\n\nIF($B234=\"Q\", (SUM(VLOOKUP($A234,Quantities[],Quantities!$P$2)*VLOOKUP($A234,Quantities[],Quantities!$O$2),VLOOKUP($A234,Quantities[],Quantities!$R$2)*VLOOKUP($A234,Quantities[],Quantities!$Q$2),VLOOKUP($A234,Quantities[],Quantities!$T$2)*VLOOKUP($A234,Quantities[],Quantities!$S$2)))/SUM(VLOOKUP($A234,Quantities[],Quantities!$O$2),VLOOKUP($A234,Quantities[],Quantities!$Q$2),VLOOKUP($A234,Quantities[],Quantities!$S$2)),\n\n VLOOKUP(A234,Quantities[],Quantities!$H$2)\n))))))","v":"-"},{"$f":"IF(LEFT(D234,1)=\"U\",\"-\",VLOOKUP(D234,Equipment[],Equipment!$B$2))","v":"-"}]
[{"$f":"Quantities!$A$4","v":1000},"G","e",{"$f":"'Unit Rates'!$A$15","v":"U5"},"1000-G-e-U5",{"$f":"IF(D235=\"Comb1\",CONCATENATE(VLOOKUP(B235,'Activity-Material_Codes'!$A$2:$B$26,Quantities!$B$2),\"-\",VLOOKUP(A235,Quantities[],Quantities!$D$2)),\nCONCATENATE(\nVLOOKUP(B235,'Activity-Material_Codes'!$A$2:$B$26,Quantities!$B$2),\nIF(AND(B235=\"B\",C235=\"a\"), \" Scraper Grading\", \"\"),\nIF(C235=\"b\",\"\",\"-\"),\nIF(C235=\"b\",\"\",VLOOKUP(A235,Quantities[],Quantities!$D$2)),\nIF(LEFT(TEXT(A235,\"0\"),1)=\"5\",\"\",\"-\"),\nIF(LEFT(TEXT(A235,\"0\"),1)=\"5\",\"\",VLOOKUP(C235,'Activity-Material_Codes'!$A$30:$B$36,Quantities!$B$2))\n))","v":"Construct Downdrains-Entire Stockpile-Final Grade"},{"$f":"CONCATENATE(\nIF(OR(RIGHT(TEXT($A235,\"0\"),Quantities!$B$2)=\"00\",LEFT(TEXT($A235,\"0\"),1)=\"5\",OR($C235=\"b\",$C235=\"f\")),\"\",VLOOKUP($A235,Quantities[],Quantities!$B$2)),\nIF(LEFT(TEXT($A235,\"0\"),1)=\"5\",\"\",\" \"),\nIF(OR(C235=\"a\",C235=\"c\",C235=\"d\",C235=\"e\"),IF(OR(RIGHT(TEXT($A235,\"0\"),Quantities!$B$2)=\"00\",LEFT(TEXT($A235,\"0\"),1)=\"5\"),VLOOKUP($A235,Quantities[],Quantities!$B$2),\"\"),\nIF(LEFT(TEXT($A235,\"0\"),1)=\"5\",VLOOKUP($A235,Quantities[],Quantities!$B$2),\nVLOOKUP(INDEX(Quantities!$A$100:$A$118,MATCH($A235,Quantities!$C$100:$C$118)),Quantities!$A$100:$B$118,Quantities!$B$2))))","v":" 1A Leach, 1B Leach "},{"$f":"IF(LEFT(TEXT(A235,\"0\"),1)=\"5\",\nVLOOKUP(VLOOKUP(A235,Quantities!$A$4:$D$118,Quantities!$C$2),Quantities!$A$4:$D$118,Quantities!$C$2),\nIF(OR(C235=\"a\",C235=\"c\",C235=\"d\",C235=\"e\"),\n\"-\",\nIF(RIGHT(TEXT(A235,\"0\"),2)=\"00\",VLOOKUP(A235,Quantities[],Quantities!$B$2),\nIF(C235=\"f\",VLOOKUP(A235,Quantities[],Quantities!$B$2),\nVLOOKUP(A235,Quantities[],Quantities!$C$2))\n)))","v":"-"},{"$f":"IF(OR(AND(LEFT(D235,2)=\"Sc\",B235=\"A\",C235=\"d\"),AND(C235=\"f\",B235=\"D\")),\nSUM(VLOOKUP($A235,Quantities[],Quantities!$O$2),VLOOKUP($A235,Quantities[],Quantities!$Q$2),VLOOKUP($A235,Quantities[],Quantities!$S$2)),\n\nIF(AND(LEFT(D235,2)=\"Sc\",OR(C235=\"a\",C235=\"f\")),\nVLOOKUP(A235,Quantities[],Quantities!$I$2),\n\nIF(AND(B235=\"D\",C235=\"b\"),\n VLOOKUP(INDEX(Quantities!$A$100:$A$118,MATCH($A235,Quantities!$C$100:$C$118)),Quantities!$A$100:$AJ$118,Quantities!$O$2)+\nVLOOKUP(INDEX(Quantities!$A$100:$A$118,MATCH($A235,Quantities!$C$100:$C$118)),Quantities!$A$100:$AJ$118,Quantities!$Q$2)+\nVLOOKUP(INDEX(Quantities!$A$100:$A$118,MATCH($A235,Quantities!$C$100:$C$118)),Quantities!$A$100:$AJ$118,Quantities!$S$2),\n\nIF(OR(B235=\"D\",B235=\"Q\"),\nSUM(VLOOKUP($A235,Quantities[],Quantities!$O$2),VLOOKUP($A235,Quantities[],Quantities!$Q$2),VLOOKUP($A235,Quantities[],Quantities!$S$2)),\n\n VLOOKUP(A235,Quantities[],Quantities!$G$2)\n))))","v":0},{"$f":"IF(LEFT(D235,2)=\"Mg\", VLOOKUP(A235,Quantities[],Quantities!$H$2),\n\nIF(OR(AND(LEFT(D235,2)=\"Sc\",B235=\"A\",C235=\"d\",C235=\"f\")),\n(SUM(VLOOKUP($A235,Quantities[],Quantities!$P$2)*VLOOKUP($A235,Quantities[],Quantities!$O$2),VLOOKUP($A235,Quantities[],Quantities!$R$2)*VLOOKUP($A235,Quantities[],Quantities!$Q$2),VLOOKUP($A235,Quantities[],Quantities!$T$2)*VLOOKUP($A235,Quantities[],Quantities!$S$2)))/SUM(VLOOKUP($A235,Quantities[],Quantities!$O$2),VLOOKUP($A235,Quantities[],Quantities!$Q$2),VLOOKUP($A235,Quantities[],Quantities!$S$2)),\n\nIF(AND(LEFT(D235,2)=\"Sc\",OR(C235=\"a\",C235=\"f\")),\nVLOOKUP(A235,Quantities[],Quantities!$J$2),\n\nIF(AND(B235=\"D\",C235=\"b\", (VLOOKUP(INDEX(Quantities!$A$100:$A$118,MATCH($A235,Quantities!$C$100:$C$118)),Quantities[],Quantities!$O$2)+VLOOKUP(INDEX(Quantities!$A$100:$A$118,MATCH($A235,Quantities!$C$100:$C$118)),Quantities[],Quantities!$Q$2)+VLOOKUP(INDEX(Quantities!$A$100:$A$118,MATCH($A235,Quantities!$C$100:$C$118)),Quantities[],Quantities!$S$2))>0),\n(VLOOKUP(INDEX(Quantities!$A$100:$A$118,MATCH($A235,Quantities!$C$100:$C$118)),Quantities[],Quantities!$P$2)*VLOOKUP(INDEX(Quantities!$A$100:$A$118,MATCH($A235,Quantities!$C$100:$C$118)),Quantities[],Quantities!$O$2)\n+VLOOKUP(INDEX(Quantities!$A$100:$A$118,MATCH($A235,Quantities!$C$100:$C$118)),Quantities[],Quantities!$R$2)*VLOOKUP(INDEX(Quantities!$A$100:$A$118,MATCH($A235,Quantities!$C$100:$C$118)),Quantities[],Quantities!$Q$2)\n+VLOOKUP(INDEX(Quantities!$A$100:$A$118,MATCH($A235,Quantities!$C$100:$C$118)),Quantities[],Quantities!$T$2)*VLOOKUP(INDEX(Quantities!$A$100:$A$118,MATCH($A235,Quantities!$C$100:$C$118)),Quantities[],Quantities!$S$2))/\n(VLOOKUP(INDEX(Quantities!$A$100:$A$118,MATCH($A235,Quantities!$C$100:$C$118)),Quantities[],Quantities!$O$2)+VLOOKUP(INDEX(Quantities!$A$100:$A$118,MATCH($A235,Quantities!$C$100:$C$118)),Quantities[],Quantities!$Q$2)+VLOOKUP(A235,Quantities[],Quantities!$S$2)),\n\nIF(AND(B235=\"D\", (VLOOKUP(A235,Quantities[],Quantities!$O$2)+VLOOKUP(A235,Quantities[],Quantities!$Q$2)+VLOOKUP(A235,Quantities[],Quantities!$S$2))>0),\n(VLOOKUP(A235,Quantities[],Quantities!$P$2)*VLOOKUP(A235,Quantities[],Quantities!$O$2)\n+VLOOKUP(A235,Quantities[],Quantities!$R$2)*VLOOKUP(A235,Quantities[],Quantities!$Q$2)\n+VLOOKUP(A235,Quantities[],Quantities!$T$2)*VLOOKUP(A235,Quantities[],Quantities!$S$2))/\n(VLOOKUP(A235,Quantities[],Quantities!$O$2)+VLOOKUP(A235,Quantities[],Quantities!$Q$2)+VLOOKUP(A235,Quantities[],Quantities!$S$2)),\n\nIF($B235=\"Q\", (SUM(VLOOKUP($A235,Quantities[],Quantities!$P$2)*VLOOKUP($A235,Quantities[],Quantities!$O$2),VLOOKUP($A235,Quantities[],Quantities!$R$2)*VLOOKUP($A235,Quantities[],Quantities!$Q$2),VLOOKUP($A235,Quantities[],Quantities!$T$2)*VLOOKUP($A235,Quantities[],Quantities!$S$2)))/SUM(VLOOKUP($A235,Quantities[],Quantities!$O$2),VLOOKUP($A235,Quantities[],Quantities!$Q$2),VLOOKUP($A235,Quantities[],Quantities!$S$2)),\n\n VLOOKUP(A235,Quantities[],Quantities!$H$2)\n))))))","v":"-"},{"$f":"IF(LEFT(D235,1)=\"U\",\"-\",VLOOKUP(D235,Equipment[],Equipment!$B$2))","v":"-"}]
[{"$f":"Quantities!$A$9","v":1200},"G","e",{"$f":"'Unit Rates'!$A$15","v":"U5"},"1200-G-e-U5",{"$f":"IF(D236=\"Comb1\",CONCATENATE(VLOOKUP(B236,'Activity-Material_Codes'!$A$2:$B$26,Quantities!$B$2),\"-\",VLOOKUP(A236,Quantities[],Quantities!$D$2)),\nCONCATENATE(\nVLOOKUP(B236,'Activity-Material_Codes'!$A$2:$B$26,Quantities!$B$2),\nIF(AND(B236=\"B\",C236=\"a\"), \" Scraper Grading\", \"\"),\nIF(C236=\"b\",\"\",\"-\"),\nIF(C236=\"b\",\"\",VLOOKUP(A236,Quantities[],Quantities!$D$2)),\nIF(LEFT(TEXT(A236,\"0\"),1)=\"5\",\"\",\"-\"),\nIF(LEFT(TEXT(A236,\"0\"),1)=\"5\",\"\",VLOOKUP(C236,'Activity-Material_Codes'!$A$30:$B$36,Quantities!$B$2))\n))","v":"Construct Downdrains-Entire Stockpile-Final Grade"},{"$f":"CONCATENATE(\nIF(OR(RIGHT(TEXT($A236,\"0\"),Quantities!$B$2)=\"00\",LEFT(TEXT($A236,\"0\"),1)=\"5\",OR($C236=\"b\",$C236=\"f\")),\"\",VLOOKUP($A236,Quantities[],Quantities!$B$2)),\nIF(LEFT(TEXT($A236,\"0\"),1)=\"5\",\"\",\" \"),\nIF(OR(C236=\"a\",C236=\"c\",C236=\"d\",C236=\"e\"),IF(OR(RIGHT(TEXT($A236,\"0\"),Quantities!$B$2)=\"00\",LEFT(TEXT($A236,\"0\"),1)=\"5\"),VLOOKUP($A236,Quantities[],Quantities!$B$2),\"\"),\nIF(LEFT(TEXT($A236,\"0\"),1)=\"5\",VLOOKUP($A236,Quantities[],Quantities!$B$2),\nVLOOKUP(INDEX(Quantities!$A$100:$A$118,MATCH($A236,Quantities!$C$100:$C$118)),Quantities!$A$100:$B$118,Quantities!$B$2))))","v":" 2B Waste, 2A Leach, 2B Leach"},{"$f":"IF(LEFT(TEXT(A236,\"0\"),1)=\"5\",\nVLOOKUP(VLOOKUP(A236,Quantities!$A$4:$D$118,Quantities!$C$2),Quantities!$A$4:$D$118,Quantities!$C$2),\nIF(OR(C236=\"a\",C236=\"c\",C236=\"d\",C236=\"e\"),\n\"-\",\nIF(RIGHT(TEXT(A236,\"0\"),2)=\"00\",VLOOKUP(A236,Quantities[],Quantities!$B$2),\nIF(C236=\"f\",VLOOKUP(A236,Quantities[],Quantities!$B$2),\nVLOOKUP(A236,Quantities[],Quantities!$C$2))\n)))","v":"-"},{"$f":"IF(OR(AND(LEFT(D236,2)=\"Sc\",B236=\"A\",C236=\"d\"),AND(C236=\"f\",B236=\"D\")),\nSUM(VLOOKUP($A236,Quantities[],Quantities!$O$2),VLOOKUP($A236,Quantities[],Quantities!$Q$2),VLOOKUP($A236,Quantities[],Quantities!$S$2)),\n\nIF(AND(LEFT(D236,2)=\"Sc\",OR(C236=\"a\",C236=\"f\")),\nVLOOKUP(A236,Quantities[],Quantities!$I$2),\n\nIF(AND(B236=\"D\",C236=\"b\"),\n VLOOKUP(INDEX(Quantities!$A$100:$A$118,MATCH($A236,Quantities!$C$100:$C$118)),Quantities!$A$100:$AJ$118,Quantities!$O$2)+\nVLOOKUP(INDEX(Quantities!$A$100:$A$118,MATCH($A236,Quantities!$C$100:$C$118)),Quantities!$A$100:$AJ$118,Quantities!$Q$2)+\nVLOOKUP(INDEX(Quantities!$A$100:$A$118,MATCH($A236,Quantities!$C$100:$C$118)),Quantities!$A$100:$AJ$118,Quantities!$S$2),\n\nIF(OR(B236=\"D\",B236=\"Q\"),\nSUM(VLOOKUP($A236,Quantities[],Quantities!$O$2),VLOOKUP($A236,Quantities[],Quantities!$Q$2),VLOOKUP($A236,Quantities[],Quantities!$S$2)),\n\n VLOOKUP(A236,Quantities[],Quantities!$G$2)\n))))","v":0},{"$f":"IF(LEFT(D236,2)=\"Mg\", VLOOKUP(A236,Quantities[],Quantities!$H$2),\n\nIF(OR(AND(LEFT(D236,2)=\"Sc\",B236=\"A\",C236=\"d\",C236=\"f\")),\n(SUM(VLOOKUP($A236,Quantities[],Quantities!$P$2)*VLOOKUP($A236,Quantities[],Quantities!$O$2),VLOOKUP($A236,Quantities[],Quantities!$R$2)*VLOOKUP($A236,Quantities[],Quantities!$Q$2),VLOOKUP($A236,Quantities[],Quantities!$T$2)*VLOOKUP($A236,Quantities[],Quantities!$S$2)))/SUM(VLOOKUP($A236,Quantities[],Quantities!$O$2),VLOOKUP($A236,Quantities[],Quantities!$Q$2),VLOOKUP($A236,Quantities[],Quantities!$S$2)),\n\nIF(AND(LEFT(D236,2)=\"Sc\",OR(C236=\"a\",C236=\"f\")),\nVLOOKUP(A236,Quantities[],Quantities!$J$2),\n\nIF(AND(B236=\"D\",C236=\"b\", (VLOOKUP(INDEX(Quantities!$A$100:$A$118,MATCH($A236,Quantities!$C$100:$C$118)),Quantities[],Quantities!$O$2)+VLOOKUP(INDEX(Quantities!$A$100:$A$118,MATCH($A236,Quantities!$C$100:$C$118)),Quantities[],Quantities!$Q$2)+VLOOKUP(INDEX(Quantities!$A$100:$A$118,MATCH($A236,Quantities!$C$100:$C$118)),Quantities[],Quantities!$S$2))>0),\n(VLOOKUP(INDEX(Quantities!$A$100:$A$118,MATCH($A236,Quantities!$C$100:$C$118)),Quantities[],Quantities!$P$2)*VLOOKUP(INDEX(Quantities!$A$100:$A$118,MATCH($A236,Quantities!$C$100:$C$118)),Quantities[],Quantities!$O$2)\n+VLOOKUP(INDEX(Quantities!$A$100:$A$118,MATCH($A236,Quantities!$C$100:$C$118)),Quantities[],Quantities!$R$2)*VLOOKUP(INDEX(Quantities!$A$100:$A$118,MATCH($A236,Quantities!$C$100:$C$118)),Quantities[],Quantities!$Q$2)\n+VLOOKUP(INDEX(Quantities!$A$100:$A$118,MATCH($A236,Quantities!$C$100:$C$118)),Quantities[],Quantities!$T$2)*VLOOKUP(INDEX(Quantities!$A$100:$A$118,MATCH($A236,Quantities!$C$100:$C$118)),Quantities[],Quantities!$S$2))/\n(VLOOKUP(INDEX(Quantities!$A$100:$A$118,MATCH($A236,Quantities!$C$100:$C$118)),Quantities[],Quantities!$O$2)+VLOOKUP(INDEX(Quantities!$A$100:$A$118,MATCH($A236,Quantities!$C$100:$C$118)),Quantities[],Quantities!$Q$2)+VLOOKUP(A236,Quantities[],Quantities!$S$2)),\n\nIF(AND(B236=\"D\", (VLOOKUP(A236,Quantities[],Quantities!$O$2)+VLOOKUP(A236,Quantities[],Quantities!$Q$2)+VLOOKUP(A236,Quantities[],Quantities!$S$2))>0),\n(VLOOKUP(A236,Quantities[],Quantities!$P$2)*VLOOKUP(A236,Quantities[],Quantities!$O$2)\n+VLOOKUP(A236,Quantities[],Quantities!$R$2)*VLOOKUP(A236,Quantities[],Quantities!$Q$2)\n+VLOOKUP(A236,Quantities[],Quantities!$T$2)*VLOOKUP(A236,Quantities[],Quantities!$S$2))/\n(VLOOKUP(A236,Quantities[],Quantities!$O$2)+VLOOKUP(A236,Quantities[],Quantities!$Q$2)+VLOOKUP(A236,Quantities[],Quantities!$S$2)),\n\nIF($B236=\"Q\", (SUM(VLOOKUP($A236,Quantities[],Quantities!$P$2)*VLOOKUP($A236,Quantities[],Quantities!$O$2),VLOOKUP($A236,Quantities[],Quantities!$R$2)*VLOOKUP($A236,Quantities[],Quantities!$Q$2),VLOOKUP($A236,Quantities[],Quantities!$T$2)*VLOOKUP($A236,Quantities[],Quantities!$S$2)))/SUM(VLOOKUP($A236,Quantities[],Quantities!$O$2),VLOOKUP($A236,Quantities[],Quantities!$Q$2),VLOOKUP($A236,Quantities[],Quantities!$S$2)),\n\n VLOOKUP(A236,Quantities[],Quantities!$H$2)\n))))))","v":"-"},{"$f":"IF(LEFT(D236,1)=\"U\",\"-\",VLOOKUP(D236,Equipment[],Equipment!$B$2))","v":"-"}]
[{"$f":"Quantities!$A$12","v":1300},"G","e",{"$f":"'Unit Rates'!$A$15","v":"U5"},{"$f":"CONCATENATE(TEXT(A237,\"0\"),\"-\",B237,\"-\",C237,\"-\",D237)","v":"1300-G-e-U5"},{"$f":"IF(D237=\"Comb1\",CONCATENATE(VLOOKUP(B237,'Activity-Material_Codes'!$A$2:$B$26,Quantities!$B$2),\"-\",VLOOKUP(A237,Quantities[],Quantities!$D$2)),\nCONCATENATE(\nVLOOKUP(B237,'Activity-Material_Codes'!$A$2:$B$26,Quantities!$B$2),\nIF(AND(B237=\"B\",C237=\"a\"), \" Scraper Grading\", \"\"),\nIF(C237=\"b\",\"\",\"-\"),\nIF(C237=\"b\",\"\",VLOOKUP(A237,Quantities[],Quantities!$D$2)),\nIF(LEFT(TEXT(A237,\"0\"),1)=\"5\",\"\",\"-\"),\nIF(LEFT(TEXT(A237,\"0\"),1)=\"5\",\"\",VLOOKUP(C237,'Activity-Material_Codes'!$A$30:$B$36,Quantities!$B$2))\n))","v":"Construct Downdrains-Entire Stockpile-Final Grade"},{"$f":"CONCATENATE(\nIF(OR(RIGHT(TEXT($A237,\"0\"),Quantities!$B$2)=\"00\",LEFT(TEXT($A237,\"0\"),1)=\"5\",OR($C237=\"b\",$C237=\"f\")),\"\",VLOOKUP($A237,Quantities[],Quantities!$B$2)),\nIF(LEFT(TEXT($A237,\"0\"),1)=\"5\",\"\",\" \"),\nIF(OR(C237=\"a\",C237=\"c\",C237=\"d\",C237=\"e\"),IF(OR(RIGHT(TEXT($A237,\"0\"),Quantities!$B$2)=\"00\",LEFT(TEXT($A237,\"0\"),1)=\"5\"),VLOOKUP($A237,Quantities[],Quantities!$B$2),\"\"),\nIF(LEFT(TEXT($A237,\"0\"),1)=\"5\",VLOOKUP($A237,Quantities[],Quantities!$B$2),\nVLOOKUP(INDEX(Quantities!$A$100:$A$118,MATCH($A237,Quantities!$C$100:$C$118)),Quantities!$A$100:$B$118,Quantities!$B$2))))","v":" 3A Leach, 3B Waste"},{"$f":"IF(LEFT(TEXT(A237,\"0\"),1)=\"5\",\nVLOOKUP(VLOOKUP(A237,Quantities!$A$4:$D$118,Quantities!$C$2),Quantities!$A$4:$D$118,Quantities!$C$2),\nIF(OR(C237=\"a\",C237=\"c\",C237=\"d\",C237=\"e\"),\n\"-\",\nIF(RIGHT(TEXT(A237,\"0\"),2)=\"00\",VLOOKUP(A237,Quantities[],Quantities!$B$2),\nIF(C237=\"f\",VLOOKUP(A237,Quantities[],Quantities!$B$2),\nVLOOKUP(A237,Quantities[],Quantities!$C$2))\n)))","v":"-"},{"$f":"IF(OR(AND(LEFT(D237,2)=\"Sc\",B237=\"A\",C237=\"d\"),AND(C237=\"f\",B237=\"D\")),\nSUM(VLOOKUP($A237,Quantities[],Quantities!$O$2),VLOOKUP($A237,Quantities[],Quantities!$Q$2),VLOOKUP($A237,Quantities[],Quantities!$S$2)),\n\nIF(AND(LEFT(D237,2)=\"Sc\",OR(C237=\"a\",C237=\"f\")),\nVLOOKUP(A237,Quantities[],Quantities!$I$2),\n\nIF(AND(B237=\"D\",C237=\"b\"),\n VLOOKUP(INDEX(Quantities!$A$100:$A$118,MATCH($A237,Quantities!$C$100:$C$118)),Quantities!$A$100:$AJ$118,Quantities!$O$2)+\nVLOOKUP(INDEX(Quantities!$A$100:$A$118,MATCH($A237,Quantities!$C$100:$C$118)),Quantities!$A$100:$AJ$118,Quantities!$Q$2)+\nVLOOKUP(INDEX(Quantities!$A$100:$A$118,MATCH($A237,Quantities!$C$100:$C$118)),Quantities!$A$100:$AJ$118,Quantities!$S$2),\n\nIF(OR(B237=\"D\",B237=\"Q\"),\nSUM(VLOOKUP($A237,Quantities[],Quantities!$O$2),VLOOKUP($A237,Quantities[],Quantities!$Q$2),VLOOKUP($A237,Quantities[],Quantities!$S$2)),\n\n VLOOKUP(A237,Quantities[],Quantities!$G$2)\n))))","v":0},{"$f":"IF(LEFT(D237,2)=\"Mg\", VLOOKUP(A237,Quantities[],Quantities!$H$2),\n\nIF(OR(AND(LEFT(D237,2)=\"Sc\",B237=\"A\",C237=\"d\",C237=\"f\")),\n(SUM(VLOOKUP($A237,Quantities[],Quantities!$P$2)*VLOOKUP($A237,Quantities[],Quantities!$O$2),VLOOKUP($A237,Quantities[],Quantities!$R$2)*VLOOKUP($A237,Quantities[],Quantities!$Q$2),VLOOKUP($A237,Quantities[],Quantities!$T$2)*VLOOKUP($A237,Quantities[],Quantities!$S$2)))/SUM(VLOOKUP($A237,Quantities[],Quantities!$O$2),VLOOKUP($A237,Quantities[],Quantities!$Q$2),VLOOKUP($A237,Quantities[],Quantities!$S$2)),\n\nIF(AND(LEFT(D237,2)=\"Sc\",OR(C237=\"a\",C237=\"f\")),\nVLOOKUP(A237,Quantities[],Quantities!$J$2),\n\nIF(AND(B237=\"D\",C237=\"b\", (VLOOKUP(INDEX(Quantities!$A$100:$A$118,MATCH($A237,Quantities!$C$100:$C$118)),Quantities[],Quantities!$O$2)+VLOOKUP(INDEX(Quantities!$A$100:$A$118,MATCH($A237,Quantities!$C$100:$C$118)),Quantities[],Quantities!$Q$2)+VLOOKUP(INDEX(Quantities!$A$100:$A$118,MATCH($A237,Quantities!$C$100:$C$118)),Quantities[],Quantities!$S$2))>0),\n(VLOOKUP(INDEX(Quantities!$A$100:$A$118,MATCH($A237,Quantities!$C$100:$C$118)),Quantities[],Quantities!$P$2)*VLOOKUP(INDEX(Quantities!$A$100:$A$118,MATCH($A237,Quantities!$C$100:$C$118)),Quantities[],Quantities!$O$2)\n+VLOOKUP(INDEX(Quantities!$A$100:$A$118,MATCH($A237,Quantities!$C$100:$C$118)),Quantities[],Quantities!$R$2)*VLOOKUP(INDEX(Quantities!$A$100:$A$118,MATCH($A237,Quantities!$C$100:$C$118)),Quantities[],Quantities!$Q$2)\n+VLOOKUP(INDEX(Quantities!$A$100:$A$118,MATCH($A237,Quantities!$C$100:$C$118)),Quantities[],Quantities!$T$2)*VLOOKUP(INDEX(Quantities!$A$100:$A$118,MATCH($A237,Quantities!$C$100:$C$118)),Quantities[],Quantities!$S$2))/\n(VLOOKUP(INDEX(Quantities!$A$100:$A$118,MATCH($A237,Quantities!$C$100:$C$118)),Quantities[],Quantities!$O$2)+VLOOKUP(INDEX(Quantities!$A$100:$A$118,MATCH($A237,Quantities!$C$100:$C$118)),Quantities[],Quantities!$Q$2)+VLOOKUP(A237,Quantities[],Quantities!$S$2)),\n\nIF(AND(B237=\"D\", (VLOOKUP(A237,Quantities[],Quantities!$O$2)+VLOOKUP(A237,Quantities[],Quantities!$Q$2)+VLOOKUP(A237,Quantities[],Quantities!$S$2))>0),\n(VLOOKUP(A237,Quantities[],Quantities!$P$2)*VLOOKUP(A237,Quantities[],Quantities!$O$2)\n+VLOOKUP(A237,Quantities[],Quantities!$R$2)*VLOOKUP(A237,Quantities[],Quantities!$Q$2)\n+VLOOKUP(A237,Quantities[],Quantities!$T$2)*VLOOKUP(A237,Quantities[],Quantities!$S$2))/\n(VLOOKUP(A237,Quantities[],Quantities!$O$2)+VLOOKUP(A237,Quantities[],Quantities!$Q$2)+VLOOKUP(A237,Quantities[],Quantities!$S$2)),\n\nIF($B237=\"Q\", (SUM(VLOOKUP($A237,Quantities[],Quantities!$P$2)*VLOOKUP($A237,Quantities[],Quantities!$O$2),VLOOKUP($A237,Quantities[],Quantities!$R$2)*VLOOKUP($A237,Quantities[],Quantities!$Q$2),VLOOKUP($A237,Quantities[],Quantities!$T$2)*VLOOKUP($A237,Quantities[],Quantities!$S$2)))/SUM(VLOOKUP($A237,Quantities[],Quantities!$O$2),VLOOKUP($A237,Quantities[],Quantities!$Q$2),VLOOKUP($A237,Quantities[],Quantities!$S$2)),\n\n VLOOKUP(A237,Quantities[],Quantities!$H$2)\n))))))","v":"-"},{"$f":"IF(LEFT(D237,1)=\"U\",\"-\",VLOOKUP(D237,Equipment[],Equipment!$B$2))","v":"-"}]
[{"$f":"Quantities!$A$20","v":1500},"G","e",{"$f":"'Unit Rates'!$A$15","v":"U5"},"1500-G-e-U5",{"$f":"IF(D238=\"Comb1\",CONCATENATE(VLOOKUP(B238,'Activity-Material_Codes'!$A$2:$B$26,Quantities!$B$2),\"-\",VLOOKUP(A238,Quantities[],Quantities!$D$2)),\nCONCATENATE(\nVLOOKUP(B238,'Activity-Material_Codes'!$A$2:$B$26,Quantities!$B$2),\nIF(AND(B238=\"B\",C238=\"a\"), \" Scraper Grading\", \"\"),\nIF(C238=\"b\",\"\",\"-\"),\nIF(C238=\"b\",\"\",VLOOKUP(A238,Quantities[],Quantities!$D$2)),\nIF(LEFT(TEXT(A238,\"0\"),1)=\"5\",\"\",\"-\"),\nIF(LEFT(TEXT(A238,\"0\"),1)=\"5\",\"\",VLOOKUP(C238,'Activity-Material_Codes'!$A$30:$B$36,Quantities!$B$2))\n))","v":"Construct Downdrains-Entire Stockpile-Final Grade"},{"$f":"CONCATENATE(\nIF(OR(RIGHT(TEXT($A238,\"0\"),Quantities!$B$2)=\"00\",LEFT(TEXT($A238,\"0\"),1)=\"5\",OR($C238=\"b\",$C238=\"f\")),\"\",VLOOKUP($A238,Quantities[],Quantities!$B$2)),\nIF(LEFT(TEXT($A238,\"0\"),1)=\"5\",\"\",\" \"),\nIF(OR(C238=\"a\",C238=\"c\",C238=\"d\",C238=\"e\"),IF(OR(RIGHT(TEXT($A238,\"0\"),Quantities!$B$2)=\"00\",LEFT(TEXT($A238,\"0\"),1)=\"5\"),VLOOKUP($A238,Quantities[],Quantities!$B$2),\"\"),\nIF(LEFT(TEXT($A238,\"0\"),1)=\"5\",VLOOKUP($A238,Quantities[],Quantities!$B$2),\nVLOOKUP(INDEX(Quantities!$A$100:$A$118,MATCH($A238,Quantities!$C$100:$C$118)),Quantities!$A$100:$B$118,Quantities!$B$2))))","v":" 5A Waste"},{"$f":"IF(LEFT(TEXT(A238,\"0\"),1)=\"5\",\nVLOOKUP(VLOOKUP(A238,Quantities!$A$4:$D$118,Quantities!$C$2),Quantities!$A$4:$D$118,Quantities!$C$2),\nIF(OR(C238=\"a\",C238=\"c\",C238=\"d\",C238=\"e\"),\n\"-\",\nIF(RIGHT(TEXT(A238,\"0\"),2)=\"00\",VLOOKUP(A238,Quantities[],Quantities!$B$2),\nIF(C238=\"f\",VLOOKUP(A238,Quantities[],Quantities!$B$2),\nVLOOKUP(A238,Quantities[],Quantities!$C$2))\n)))","v":"-"},{"$f":"IF(OR(AND(LEFT(D238,2)=\"Sc\",B238=\"A\",C238=\"d\"),AND(C238=\"f\",B238=\"D\")),\nSUM(VLOOKUP($A238,Quantities[],Quantities!$O$2),VLOOKUP($A238,Quantities[],Quantities!$Q$2),VLOOKUP($A238,Quantities[],Quantities!$S$2)),\n\nIF(AND(LEFT(D238,2)=\"Sc\",OR(C238=\"a\",C238=\"f\")),\nVLOOKUP(A238,Quantities[],Quantities!$I$2),\n\nIF(AND(B238=\"D\",C238=\"b\"),\n VLOOKUP(INDEX(Quantities!$A$100:$A$118,MATCH($A238,Quantities!$C$100:$C$118)),Quantities!$A$100:$AJ$118,Quantities!$O$2)+\nVLOOKUP(INDEX(Quantities!$A$100:$A$118,MATCH($A238,Quantities!$C$100:$C$118)),Quantities!$A$100:$AJ$118,Quantities!$Q$2)+\nVLOOKUP(INDEX(Quantities!$A$100:$A$118,MATCH($A238,Quantities!$C$100:$C$118)),Quantities!$A$100:$AJ$118,Quantities!$S$2),\n\nIF(OR(B238=\"D\",B238=\"Q\"),\nSUM(VLOOKUP($A238,Quantities[],Quantities!$O$2),VLOOKUP($A238,Quantities[],Quantities!$Q$2),VLOOKUP($A238,Quantities[],Quantities!$S$2)),\n\n VLOOKUP(A238,Quantities[],Quantities!$G$2)\n))))","v":0},{"$f":"IF(LEFT(D238,2)=\"Mg\", VLOOKUP(A238,Quantities[],Quantities!$H$2),\n\nIF(OR(AND(LEFT(D238,2)=\"Sc\",B238=\"A\",C238=\"d\",C238=\"f\")),\n(SUM(VLOOKUP($A238,Quantities[],Quantities!$P$2)*VLOOKUP($A238,Quantities[],Quantities!$O$2),VLOOKUP($A238,Quantities[],Quantities!$R$2)*VLOOKUP($A238,Quantities[],Quantities!$Q$2),VLOOKUP($A238,Quantities[],Quantities!$T$2)*VLOOKUP($A238,Quantities[],Quantities!$S$2)))/SUM(VLOOKUP($A238,Quantities[],Quantities!$O$2),VLOOKUP($A238,Quantities[],Quantities!$Q$2),VLOOKUP($A238,Quantities[],Quantities!$S$2)),\n\nIF(AND(LEFT(D238,2)=\"Sc\",OR(C238=\"a\",C238=\"f\")),\nVLOOKUP(A238,Quantities[],Quantities!$J$2),\n\nIF(AND(B238=\"D\",C238=\"b\", (VLOOKUP(INDEX(Quantities!$A$100:$A$118,MATCH($A238,Quantities!$C$100:$C$118)),Quantities[],Quantities!$O$2)+VLOOKUP(INDEX(Quantities!$A$100:$A$118,MATCH($A238,Quantities!$C$100:$C$118)),Quantities[],Quantities!$Q$2)+VLOOKUP(INDEX(Quantities!$A$100:$A$118,MATCH($A238,Quantities!$C$100:$C$118)),Quantities[],Quantities!$S$2))>0),\n(VLOOKUP(INDEX(Quantities!$A$100:$A$118,MATCH($A238,Quantities!$C$100:$C$118)),Quantities[],Quantities!$P$2)*VLOOKUP(INDEX(Quantities!$A$100:$A$118,MATCH($A238,Quantities!$C$100:$C$118)),Quantities[],Quantities!$O$2)\n+VLOOKUP(INDEX(Quantities!$A$100:$A$118,MATCH($A238,Quantities!$C$100:$C$118)),Quantities[],Quantities!$R$2)*VLOOKUP(INDEX(Quantities!$A$100:$A$118,MATCH($A238,Quantities!$C$100:$C$118)),Quantities[],Quantities!$Q$2)\n+VLOOKUP(INDEX(Quantities!$A$100:$A$118,MATCH($A238,Quantities!$C$100:$C$118)),Quantities[],Quantities!$T$2)*VLOOKUP(INDEX(Quantities!$A$100:$A$118,MATCH($A238,Quantities!$C$100:$C$118)),Quantities[],Quantities!$S$2))/\n(VLOOKUP(INDEX(Quantities!$A$100:$A$118,MATCH($A238,Quantities!$C$100:$C$118)),Quantities[],Quantities!$O$2)+VLOOKUP(INDEX(Quantities!$A$100:$A$118,MATCH($A238,Quantities!$C$100:$C$118)),Quantities[],Quantities!$Q$2)+VLOOKUP(A238,Quantities[],Quantities!$S$2)),\n\nIF(AND(B238=\"D\", (VLOOKUP(A238,Quantities[],Quantities!$O$2)+VLOOKUP(A238,Quantities[],Quantities!$Q$2)+VLOOKUP(A238,Quantities[],Quantities!$S$2))>0),\n(VLOOKUP(A238,Quantities[],Quantities!$P$2)*VLOOKUP(A238,Quantities[],Quantities!$O$2)\n+VLOOKUP(A238,Quantities[],Quantities!$R$2)*VLOOKUP(A238,Quantities[],Quantities!$Q$2)\n+VLOOKUP(A238,Quantities[],Quantities!$T$2)*VLOOKUP(A238,Quantities[],Quantities!$S$2))/\n(VLOOKUP(A238,Quantities[],Quantities!$O$2)+VLOOKUP(A238,Quantities[],Quantities!$Q$2)+VLOOKUP(A238,Quantities[],Quantities!$S$2)),\n\nIF($B238=\"Q\", (SUM(VLOOKUP($A238,Quantities[],Quantities!$P$2)*VLOOKUP($A238,Quantities[],Quantities!$O$2),VLOOKUP($A238,Quantities[],Quantities!$R$2)*VLOOKUP($A238,Quantities[],Quantities!$Q$2),VLOOKUP($A238,Quantities[],Quantities!$T$2)*VLOOKUP($A238,Quantities[],Quantities!$S$2)))/SUM(VLOOKUP($A238,Quantities[],Quantities!$O$2),VLOOKUP($A238,Quantities[],Quantities!$Q$2),VLOOKUP($A238,Quantities[],Quantities!$S$2)),\n\n VLOOKUP(A238,Quantities[],Quantities!$H$2)\n))))))","v":"-"},{"$f":"IF(LEFT(D238,1)=\"U\",\"-\",VLOOKUP(D238,Equipment[],Equipment!$B$2))","v":"-"}]
[{"$f":"Quantities!$A$39","v":2200},"G","e",{"$f":"'Unit Rates'!$A$15","v":"U5"},"2200-G-e-U5",{"$f":"IF(D239=\"Comb1\",CONCATENATE(VLOOKUP(B239,'Activity-Material_Codes'!$A$2:$B$26,Quantities!$B$2),\"-\",VLOOKUP(A239,Quantities[],Quantities!$D$2)),\nCONCATENATE(\nVLOOKUP(B239,'Activity-Material_Codes'!$A$2:$B$26,Quantities!$B$2),\nIF(AND(B239=\"B\",C239=\"a\"), \" Scraper Grading\", \"\"),\nIF(C239=\"b\",\"\",\"-\"),\nIF(C239=\"b\",\"\",VLOOKUP(A239,Quantities[],Quantities!$D$2)),\nIF(LEFT(TEXT(A239,\"0\"),1)=\"5\",\"\",\"-\"),\nIF(LEFT(TEXT(A239,\"0\"),1)=\"5\",\"\",VLOOKUP(C239,'Activity-Material_Codes'!$A$30:$B$36,Quantities!$B$2))\n))","v":"Construct Downdrains-Entire Pit-Final Grade"},{"$f":"CONCATENATE(\nIF(OR(RIGHT(TEXT($A239,\"0\"),Quantities!$B$2)=\"00\",LEFT(TEXT($A239,\"0\"),1)=\"5\",OR($C239=\"b\",$C239=\"f\")),\"\",VLOOKUP($A239,Quantities[],Quantities!$B$2)),\nIF(LEFT(TEXT($A239,\"0\"),1)=\"5\",\"\",\" \"),\nIF(OR(C239=\"a\",C239=\"c\",C239=\"d\",C239=\"e\"),IF(OR(RIGHT(TEXT($A239,\"0\"),Quantities!$B$2)=\"00\",LEFT(TEXT($A239,\"0\"),1)=\"5\"),VLOOKUP($A239,Quantities[],Quantities!$B$2),\"\"),\nIF(LEFT(TEXT($A239,\"0\"),1)=\"5\",VLOOKUP($A239,Quantities[],Quantities!$B$2),\nVLOOKUP(INDEX(Quantities!$A$100:$A$118,MATCH($A239,Quantities!$C$100:$C$118)),Quantities!$A$100:$B$118,Quantities!$B$2))))","v":" San Salvador Pit, San Salvador Waste Backfill"},{"$f":"IF(LEFT(TEXT(A239,\"0\"),1)=\"5\",\nVLOOKUP(VLOOKUP(A239,Quantities!$A$4:$D$118,Quantities!$C$2),Quantities!$A$4:$D$118,Quantities!$C$2),\nIF(OR(C239=\"a\",C239=\"c\",C239=\"d\",C239=\"e\"),\n\"-\",\nIF(RIGHT(TEXT(A239,\"0\"),2)=\"00\",VLOOKUP(A239,Quantities[],Quantities!$B$2),\nIF(C239=\"f\",VLOOKUP(A239,Quantities[],Quantities!$B$2),\nVLOOKUP(A239,Quantities[],Quantities!$C$2))\n)))","v":"-"},{"$f":"IF(OR(AND(LEFT(D239,2)=\"Sc\",B239=\"A\",C239=\"d\"),AND(C239=\"f\",B239=\"D\")),\nSUM(VLOOKUP($A239,Quantities[],Quantities!$O$2),VLOOKUP($A239,Quantities[],Quantities!$Q$2),VLOOKUP($A239,Quantities[],Quantities!$S$2)),\n\nIF(AND(LEFT(D239,2)=\"Sc\",OR(C239=\"a\",C239=\"f\")),\nVLOOKUP(A239,Quantities[],Quantities!$I$2),\n\nIF(AND(B239=\"D\",C239=\"b\"),\n VLOOKUP(INDEX(Quantities!$A$100:$A$118,MATCH($A239,Quantities!$C$100:$C$118)),Quantities!$A$100:$AJ$118,Quantities!$O$2)+\nVLOOKUP(INDEX(Quantities!$A$100:$A$118,MATCH($A239,Quantities!$C$100:$C$118)),Quantities!$A$100:$AJ$118,Quantities!$Q$2)+\nVLOOKUP(INDEX(Quantities!$A$100:$A$118,MATCH($A239,Quantities!$C$100:$C$118)),Quantities!$A$100:$AJ$118,Quantities!$S$2),\n\nIF(OR(B239=\"D\",B239=\"Q\"),\nSUM(VLOOKUP($A239,Quantities[],Quantities!$O$2),VLOOKUP($A239,Quantities[],Quantities!$Q$2),VLOOKUP($A239,Quantities[],Quantities!$S$2)),\n\n VLOOKUP(A239,Quantities[],Quantities!$G$2)\n))))","v":185},{"$f":"IF(LEFT(D239,2)=\"Mg\", VLOOKUP(A239,Quantities[],Quantities!$H$2),\n\nIF(OR(AND(LEFT(D239,2)=\"Sc\",B239=\"A\",C239=\"d\",C239=\"f\")),\n(SUM(VLOOKUP($A239,Quantities[],Quantities!$P$2)*VLOOKUP($A239,Quantities[],Quantities!$O$2),VLOOKUP($A239,Quantities[],Quantities!$R$2)*VLOOKUP($A239,Quantities[],Quantities!$Q$2),VLOOKUP($A239,Quantities[],Quantities!$T$2)*VLOOKUP($A239,Quantities[],Quantities!$S$2)))/SUM(VLOOKUP($A239,Quantities[],Quantities!$O$2),VLOOKUP($A239,Quantities[],Quantities!$Q$2),VLOOKUP($A239,Quantities[],Quantities!$S$2)),\n\nIF(AND(LEFT(D239,2)=\"Sc\",OR(C239=\"a\",C239=\"f\")),\nVLOOKUP(A239,Quantities[],Quantities!$J$2),\n\nIF(AND(B239=\"D\",C239=\"b\", (VLOOKUP(INDEX(Quantities!$A$100:$A$118,MATCH($A239,Quantities!$C$100:$C$118)),Quantities[],Quantities!$O$2)+VLOOKUP(INDEX(Quantities!$A$100:$A$118,MATCH($A239,Quantities!$C$100:$C$118)),Quantities[],Quantities!$Q$2)+VLOOKUP(INDEX(Quantities!$A$100:$A$118,MATCH($A239,Quantities!$C$100:$C$118)),Quantities[],Quantities!$S$2))>0),\n(VLOOKUP(INDEX(Quantities!$A$100:$A$118,MATCH($A239,Quantities!$C$100:$C$118)),Quantities[],Quantities!$P$2)*VLOOKUP(INDEX(Quantities!$A$100:$A$118,MATCH($A239,Quantities!$C$100:$C$118)),Quantities[],Quantities!$O$2)\n+VLOOKUP(INDEX(Quantities!$A$100:$A$118,MATCH($A239,Quantities!$C$100:$C$118)),Quantities[],Quantities!$R$2)*VLOOKUP(INDEX(Quantities!$A$100:$A$118,MATCH($A239,Quantities!$C$100:$C$118)),Quantities[],Quantities!$Q$2)\n+VLOOKUP(INDEX(Quantities!$A$100:$A$118,MATCH($A239,Quantities!$C$100:$C$118)),Quantities[],Quantities!$T$2)*VLOOKUP(INDEX(Quantities!$A$100:$A$118,MATCH($A239,Quantities!$C$100:$C$118)),Quantities[],Quantities!$S$2))/\n(VLOOKUP(INDEX(Quantities!$A$100:$A$118,MATCH($A239,Quantities!$C$100:$C$118)),Quantities[],Quantities!$O$2)+VLOOKUP(INDEX(Quantities!$A$100:$A$118,MATCH($A239,Quantities!$C$100:$C$118)),Quantities[],Quantities!$Q$2)+VLOOKUP(A239,Quantities[],Quantities!$S$2)),\n\nIF(AND(B239=\"D\", (VLOOKUP(A239,Quantities[],Quantities!$O$2)+VLOOKUP(A239,Quantities[],Quantities!$Q$2)+VLOOKUP(A239,Quantities[],Quantities!$S$2))>0),\n(VLOOKUP(A239,Quantities[],Quantities!$P$2)*VLOOKUP(A239,Quantities[],Quantities!$O$2)\n+VLOOKUP(A239,Quantities[],Quantities!$R$2)*VLOOKUP(A239,Quantities[],Quantities!$Q$2)\n+VLOOKUP(A239,Quantities[],Quantities!$T$2)*VLOOKUP(A239,Quantities[],Quantities!$S$2))/\n(VLOOKUP(A239,Quantities[],Quantities!$O$2)+VLOOKUP(A239,Quantities[],Quantities!$Q$2)+VLOOKUP(A239,Quantities[],Quantities!$S$2)),\n\nIF($B239=\"Q\", (SUM(VLOOKUP($A239,Quantities[],Quantities!$P$2)*VLOOKUP($A239,Quantities[],Quantities!$O$2),VLOOKUP($A239,Quantities[],Quantities!$R$2)*VLOOKUP($A239,Quantities[],Quantities!$Q$2),VLOOKUP($A239,Quantities[],Quantities!$T$2)*VLOOKUP($A239,Quantities[],Quantities!$S$2)))/SUM(VLOOKUP($A239,Quantities[],Quantities!$O$2),VLOOKUP($A239,Quantities[],Quantities!$Q$2),VLOOKUP($A239,Quantities[],Quantities!$S$2)),\n\n VLOOKUP(A239,Quantities[],Quantities!$H$2)\n))))))","v":-0.05},{"$f":"IF(LEFT(D239,1)=\"U\",\"-\",VLOOKUP(D239,Equipment[],Equipment!$B$2))","v":"-"}]
[{"$f":"Quantities!$A$17","v":1400},"G","e",{"$f":"'Unit Rates'!$A$15","v":"U5"},"1400-G-e-U5",{"$f":"IF(D240=\"Comb1\",CONCATENATE(VLOOKUP(B240,'Activity-Material_Codes'!$A$2:$B$26,Quantities!$B$2),\"-\",VLOOKUP(A240,Quantities[],Quantities!$D$2)),\nCONCATENATE(\nVLOOKUP(B240,'Activity-Material_Codes'!$A$2:$B$26,Quantities!$B$2),\nIF(AND(B240=\"B\",C240=\"a\"), \" Scraper Grading\", \"\"),\nIF(C240=\"b\",\"\",\"-\"),\nIF(C240=\"b\",\"\",VLOOKUP(A240,Quantities[],Quantities!$D$2)),\nIF(LEFT(TEXT(A240,\"0\"),1)=\"5\",\"\",\"-\"),\nIF(LEFT(TEXT(A240,\"0\"),1)=\"5\",\"\",VLOOKUP(C240,'Activity-Material_Codes'!$A$30:$B$36,Quantities!$B$2))\n))","v":"Construct Downdrains-Entire Stockpile-Final Grade"},{"$f":"CONCATENATE(\nIF(OR(RIGHT(TEXT($A240,\"0\"),Quantities!$B$2)=\"00\",LEFT(TEXT($A240,\"0\"),1)=\"5\",OR($C240=\"b\",$C240=\"f\")),\"\",VLOOKUP($A240,Quantities[],Quantities!$B$2)),\nIF(LEFT(TEXT($A240,\"0\"),1)=\"5\",\"\",\" \"),\nIF(OR(C240=\"a\",C240=\"c\",C240=\"d\",C240=\"e\"),IF(OR(RIGHT(TEXT($A240,\"0\"),Quantities!$B$2)=\"00\",LEFT(TEXT($A240,\"0\"),1)=\"5\"),VLOOKUP($A240,Quantities[],Quantities!$B$2),\"\"),\nIF(LEFT(TEXT($A240,\"0\"),1)=\"5\",VLOOKUP($A240,Quantities[],Quantities!$B$2),\nVLOOKUP(INDEX(Quantities!$A$100:$A$118,MATCH($A240,Quantities!$C$100:$C$118)),Quantities!$A$100:$B$118,Quantities!$B$2))))","v":" 2 Leach (Area 1)"},{"$f":"IF(LEFT(TEXT(A240,\"0\"),1)=\"5\",\nVLOOKUP(VLOOKUP(A240,Quantities!$A$4:$D$118,Quantities!$C$2),Quantities!$A$4:$D$118,Quantities!$C$2),\nIF(OR(C240=\"a\",C240=\"c\",C240=\"d\",C240=\"e\"),\n\"-\",\nIF(RIGHT(TEXT(A240,\"0\"),2)=\"00\",VLOOKUP(A240,Quantities[],Quantities!$B$2),\nIF(C240=\"f\",VLOOKUP(A240,Quantities[],Quantities!$B$2),\nVLOOKUP(A240,Quantities[],Quantities!$C$2))\n)))","v":"-"},{"$f":"IF(OR(AND(LEFT(D240,2)=\"Sc\",B240=\"A\",C240=\"d\"),AND(C240=\"f\",B240=\"D\")),\nSUM(VLOOKUP($A240,Quantities[],Quantities!$O$2),VLOOKUP($A240,Quantities[],Quantities!$Q$2),VLOOKUP($A240,Quantities[],Quantities!$S$2)),\n\nIF(AND(LEFT(D240,2)=\"Sc\",OR(C240=\"a\",C240=\"f\")),\nVLOOKUP(A240,Quantities[],Quantities!$I$2),\n\nIF(AND(B240=\"D\",C240=\"b\"),\n VLOOKUP(INDEX(Quantities!$A$100:$A$118,MATCH($A240,Quantities!$C$100:$C$118)),Quantities!$A$100:$AJ$118,Quantities!$O$2)+\nVLOOKUP(INDEX(Quantities!$A$100:$A$118,MATCH($A240,Quantities!$C$100:$C$118)),Quantities!$A$100:$AJ$118,Quantities!$Q$2)+\nVLOOKUP(INDEX(Quantities!$A$100:$A$118,MATCH($A240,Quantities!$C$100:$C$118)),Quantities!$A$100:$AJ$118,Quantities!$S$2),\n\nIF(OR(B240=\"D\",B240=\"Q\"),\nSUM(VLOOKUP($A240,Quantities[],Quantities!$O$2),VLOOKUP($A240,Quantities[],Quantities!$Q$2),VLOOKUP($A240,Quantities[],Quantities!$S$2)),\n\n VLOOKUP(A240,Quantities[],Quantities!$G$2)\n))))","v":0},{"$f":"IF(LEFT(D240,2)=\"Mg\", VLOOKUP(A240,Quantities[],Quantities!$H$2),\n\nIF(OR(AND(LEFT(D240,2)=\"Sc\",B240=\"A\",C240=\"d\",C240=\"f\")),\n(SUM(VLOOKUP($A240,Quantities[],Quantities!$P$2)*VLOOKUP($A240,Quantities[],Quantities!$O$2),VLOOKUP($A240,Quantities[],Quantities!$R$2)*VLOOKUP($A240,Quantities[],Quantities!$Q$2),VLOOKUP($A240,Quantities[],Quantities!$T$2)*VLOOKUP($A240,Quantities[],Quantities!$S$2)))/SUM(VLOOKUP($A240,Quantities[],Quantities!$O$2),VLOOKUP($A240,Quantities[],Quantities!$Q$2),VLOOKUP($A240,Quantities[],Quantities!$S$2)),\n\nIF(AND(LEFT(D240,2)=\"Sc\",OR(C240=\"a\",C240=\"f\")),\nVLOOKUP(A240,Quantities[],Quantities!$J$2),\n\nIF(AND(B240=\"D\",C240=\"b\", (VLOOKUP(INDEX(Quantities!$A$100:$A$118,MATCH($A240,Quantities!$C$100:$C$118)),Quantities[],Quantities!$O$2)+VLOOKUP(INDEX(Quantities!$A$100:$A$118,MATCH($A240,Quantities!$C$100:$C$118)),Quantities[],Quantities!$Q$2)+VLOOKUP(INDEX(Quantities!$A$100:$A$118,MATCH($A240,Quantities!$C$100:$C$118)),Quantities[],Quantities!$S$2))>0),\n(VLOOKUP(INDEX(Quantities!$A$100:$A$118,MATCH($A240,Quantities!$C$100:$C$118)),Quantities[],Quantities!$P$2)*VLOOKUP(INDEX(Quantities!$A$100:$A$118,MATCH($A240,Quantities!$C$100:$C$118)),Quantities[],Quantities!$O$2)\n+VLOOKUP(INDEX(Quantities!$A$100:$A$118,MATCH($A240,Quantities!$C$100:$C$118)),Quantities[],Quantities!$R$2)*VLOOKUP(INDEX(Quantities!$A$100:$A$118,MATCH($A240,Quantities!$C$100:$C$118)),Quantities[],Quantities!$Q$2)\n+VLOOKUP(INDEX(Quantities!$A$100:$A$118,MATCH($A240,Quantities!$C$100:$C$118)),Quantities[],Quantities!$T$2)*VLOOKUP(INDEX(Quantities!$A$100:$A$118,MATCH($A240,Quantities!$C$100:$C$118)),Quantities[],Quantities!$S$2))/\n(VLOOKUP(INDEX(Quantities!$A$100:$A$118,MATCH($A240,Quantities!$C$100:$C$118)),Quantities[],Quantities!$O$2)+VLOOKUP(INDEX(Quantities!$A$100:$A$118,MATCH($A240,Quantities!$C$100:$C$118)),Quantities[],Quantities!$Q$2)+VLOOKUP(A240,Quantities[],Quantities!$S$2)),\n\nIF(AND(B240=\"D\", (VLOOKUP(A240,Quantities[],Quantities!$O$2)+VLOOKUP(A240,Quantities[],Quantities!$Q$2)+VLOOKUP(A240,Quantities[],Quantities!$S$2))>0),\n(VLOOKUP(A240,Quantities[],Quantities!$P$2)*VLOOKUP(A240,Quantities[],Quantities!$O$2)\n+VLOOKUP(A240,Quantities[],Quantities!$R$2)*VLOOKUP(A240,Quantities[],Quantities!$Q$2)\n+VLOOKUP(A240,Quantities[],Quantities!$T$2)*VLOOKUP(A240,Quantities[],Quantities!$S$2))/\n(VLOOKUP(A240,Quantities[],Quantities!$O$2)+VLOOKUP(A240,Quantities[],Quantities!$Q$2)+VLOOKUP(A240,Quantities[],Quantities!$S$2)),\n\nIF($B240=\"Q\", (SUM(VLOOKUP($A240,Quantities[],Quantities!$P$2)*VLOOKUP($A240,Quantities[],Quantities!$O$2),VLOOKUP($A240,Quantities[],Quantities!$R$2)*VLOOKUP($A240,Quantities[],Quantities!$Q$2),VLOOKUP($A240,Quantities[],Quantities!$T$2)*VLOOKUP($A240,Quantities[],Quantities!$S$2)))/SUM(VLOOKUP($A240,Quantities[],Quantities!$O$2),VLOOKUP($A240,Quantities[],Quantities!$Q$2),VLOOKUP($A240,Quantities[],Quantities!$S$2)),\n\n VLOOKUP(A240,Quantities[],Quantities!$H$2)\n))))))","v":"-"},{"$f":"IF(LEFT(D240,1)=\"U\",\"-\",VLOOKUP(D240,Equipment[],Equipment!$B$2))","v":"-"}]
[{"$f":"Quantities!$A$29","v":1800},"G","e",{"$f":"'Unit Rates'!$A$15","v":"U5"},"1800-G-e-U5",{"$f":"IF(D241=\"Comb1\",CONCATENATE(VLOOKUP(B241,'Activity-Material_Codes'!$A$2:$B$26,Quantities!$B$2),\"-\",VLOOKUP(A241,Quantities[],Quantities!$D$2)),\nCONCATENATE(\nVLOOKUP(B241,'Activity-Material_Codes'!$A$2:$B$26,Quantities!$B$2),\nIF(AND(B241=\"B\",C241=\"a\"), \" Scraper Grading\", \"\"),\nIF(C241=\"b\",\"\",\"-\"),\nIF(C241=\"b\",\"\",VLOOKUP(A241,Quantities[],Quantities!$D$2)),\nIF(LEFT(TEXT(A241,\"0\"),1)=\"5\",\"\",\"-\"),\nIF(LEFT(TEXT(A241,\"0\"),1)=\"5\",\"\",VLOOKUP(C241,'Activity-Material_Codes'!$A$30:$B$36,Quantities!$B$2))\n))","v":"Construct Downdrains-Entire Stockpile-Final Grade"},{"$f":"CONCATENATE(\nIF(OR(RIGHT(TEXT($A241,\"0\"),Quantities!$B$2)=\"00\",LEFT(TEXT($A241,\"0\"),1)=\"5\",OR($C241=\"b\",$C241=\"f\")),\"\",VLOOKUP($A241,Quantities[],Quantities!$B$2)),\nIF(LEFT(TEXT($A241,\"0\"),1)=\"5\",\"\",\" \"),\nIF(OR(C241=\"a\",C241=\"c\",C241=\"d\",C241=\"e\"),IF(OR(RIGHT(TEXT($A241,\"0\"),Quantities!$B$2)=\"00\",LEFT(TEXT($A241,\"0\"),1)=\"5\"),VLOOKUP($A241,Quantities[],Quantities!$B$2),\"\"),\nIF(LEFT(TEXT($A241,\"0\"),1)=\"5\",VLOOKUP($A241,Quantities[],Quantities!$B$2),\nVLOOKUP(INDEX(Quantities!$A$100:$A$118,MATCH($A241,Quantities!$C$100:$C$118)),Quantities!$A$100:$B$118,Quantities!$B$2))))","v":" 2 Leach (Area 2), 7B Leach, 7B Waste, 7C Waste, South Rim Pit"},{"$f":"IF(LEFT(TEXT(A241,\"0\"),1)=\"5\",\nVLOOKUP(VLOOKUP(A241,Quantities!$A$4:$D$118,Quantities!$C$2),Quantities!$A$4:$D$118,Quantities!$C$2),\nIF(OR(C241=\"a\",C241=\"c\",C241=\"d\",C241=\"e\"),\n\"-\",\nIF(RIGHT(TEXT(A241,\"0\"),2)=\"00\",VLOOKUP(A241,Quantities[],Quantities!$B$2),\nIF(C241=\"f\",VLOOKUP(A241,Quantities[],Quantities!$B$2),\nVLOOKUP(A241,Quantities[],Quantities!$C$2))\n)))","v":"-"},{"$f":"IF(OR(AND(LEFT(D241,2)=\"Sc\",B241=\"A\",C241=\"d\"),AND(C241=\"f\",B241=\"D\")),\nSUM(VLOOKUP($A241,Quantities[],Quantities!$O$2),VLOOKUP($A241,Quantities[],Quantities!$Q$2),VLOOKUP($A241,Quantities[],Quantities!$S$2)),\n\nIF(AND(LEFT(D241,2)=\"Sc\",OR(C241=\"a\",C241=\"f\")),\nVLOOKUP(A241,Quantities[],Quantities!$I$2),\n\nIF(AND(B241=\"D\",C241=\"b\"),\n VLOOKUP(INDEX(Quantities!$A$100:$A$118,MATCH($A241,Quantities!$C$100:$C$118)),Quantities!$A$100:$AJ$118,Quantities!$O$2)+\nVLOOKUP(INDEX(Quantities!$A$100:$A$118,MATCH($A241,Quantities!$C$100:$C$118)),Quantities!$A$100:$AJ$118,Quantities!$Q$2)+\nVLOOKUP(INDEX(Quantities!$A$100:$A$118,MATCH($A241,Quantities!$C$100:$C$118)),Quantities!$A$100:$AJ$118,Quantities!$S$2),\n\nIF(OR(B241=\"D\",B241=\"Q\"),\nSUM(VLOOKUP($A241,Quantities[],Quantities!$O$2),VLOOKUP($A241,Quantities[],Quantities!$Q$2),VLOOKUP($A241,Quantities[],Quantities!$S$2)),\n\n VLOOKUP(A241,Quantities[],Quantities!$G$2)\n))))","v":0},{"$f":"IF(LEFT(D241,2)=\"Mg\", VLOOKUP(A241,Quantities[],Quantities!$H$2),\n\nIF(OR(AND(LEFT(D241,2)=\"Sc\",B241=\"A\",C241=\"d\",C241=\"f\")),\n(SUM(VLOOKUP($A241,Quantities[],Quantities!$P$2)*VLOOKUP($A241,Quantities[],Quantities!$O$2),VLOOKUP($A241,Quantities[],Quantities!$R$2)*VLOOKUP($A241,Quantities[],Quantities!$Q$2),VLOOKUP($A241,Quantities[],Quantities!$T$2)*VLOOKUP($A241,Quantities[],Quantities!$S$2)))/SUM(VLOOKUP($A241,Quantities[],Quantities!$O$2),VLOOKUP($A241,Quantities[],Quantities!$Q$2),VLOOKUP($A241,Quantities[],Quantities!$S$2)),\n\nIF(AND(LEFT(D241,2)=\"Sc\",OR(C241=\"a\",C241=\"f\")),\nVLOOKUP(A241,Quantities[],Quantities!$J$2),\n\nIF(AND(B241=\"D\",C241=\"b\", (VLOOKUP(INDEX(Quantities!$A$100:$A$118,MATCH($A241,Quantities!$C$100:$C$118)),Quantities[],Quantities!$O$2)+VLOOKUP(INDEX(Quantities!$A$100:$A$118,MATCH($A241,Quantities!$C$100:$C$118)),Quantities[],Quantities!$Q$2)+VLOOKUP(INDEX(Quantities!$A$100:$A$118,MATCH($A241,Quantities!$C$100:$C$118)),Quantities[],Quantities!$S$2))>0),\n(VLOOKUP(INDEX(Quantities!$A$100:$A$118,MATCH($A241,Quantities!$C$100:$C$118)),Quantities[],Quantities!$P$2)*VLOOKUP(INDEX(Quantities!$A$100:$A$118,MATCH($A241,Quantities!$C$100:$C$118)),Quantities[],Quantities!$O$2)\n+VLOOKUP(INDEX(Quantities!$A$100:$A$118,MATCH($A241,Quantities!$C$100:$C$118)),Quantities[],Quantities!$R$2)*VLOOKUP(INDEX(Quantities!$A$100:$A$118,MATCH($A241,Quantities!$C$100:$C$118)),Quantities[],Quantities!$Q$2)\n+VLOOKUP(INDEX(Quantities!$A$100:$A$118,MATCH($A241,Quantities!$C$100:$C$118)),Quantities[],Quantities!$T$2)*VLOOKUP(INDEX(Quantities!$A$100:$A$118,MATCH($A241,Quantities!$C$100:$C$118)),Quantities[],Quantities!$S$2))/\n(VLOOKUP(INDEX(Quantities!$A$100:$A$118,MATCH($A241,Quantities!$C$100:$C$118)),Quantities[],Quantities!$O$2)+VLOOKUP(INDEX(Quantities!$A$100:$A$118,MATCH($A241,Quantities!$C$100:$C$118)),Quantities[],Quantities!$Q$2)+VLOOKUP(A241,Quantities[],Quantities!$S$2)),\n\nIF(AND(B241=\"D\", (VLOOKUP(A241,Quantities[],Quantities!$O$2)+VLOOKUP(A241,Quantities[],Quantities!$Q$2)+VLOOKUP(A241,Quantities[],Quantities!$S$2))>0),\n(VLOOKUP(A241,Quantities[],Quantities!$P$2)*VLOOKUP(A241,Quantities[],Quantities!$O$2)\n+VLOOKUP(A241,Quantities[],Quantities!$R$2)*VLOOKUP(A241,Quantities[],Quantities!$Q$2)\n+VLOOKUP(A241,Quantities[],Quantities!$T$2)*VLOOKUP(A241,Quantities[],Quantities!$S$2))/\n(VLOOKUP(A241,Quantities[],Quantities!$O$2)+VLOOKUP(A241,Quantities[],Quantities!$Q$2)+VLOOKUP(A241,Quantities[],Quantities!$S$2)),\n\nIF($B241=\"Q\", (SUM(VLOOKUP($A241,Quantities[],Quantities!$P$2)*VLOOKUP($A241,Quantities[],Quantities!$O$2),VLOOKUP($A241,Quantities[],Quantities!$R$2)*VLOOKUP($A241,Quantities[],Quantities!$Q$2),VLOOKUP($A241,Quantities[],Quantities!$T$2)*VLOOKUP($A241,Quantities[],Quantities!$S$2)))/SUM(VLOOKUP($A241,Quantities[],Quantities!$O$2),VLOOKUP($A241,Quantities[],Quantities!$Q$2),VLOOKUP($A241,Quantities[],Quantities!$S$2)),\n\n VLOOKUP(A241,Quantities[],Quantities!$H$2)\n))))))","v":"-"},{"$f":"IF(LEFT(D241,1)=\"U\",\"-\",VLOOKUP(D241,Equipment[],Equipment!$B$2))","v":"-"}]
[{"$f":"Quantities!$A$23","v":1600},"G","e",{"$f":"'Unit Rates'!$A$15","v":"U5"},"1600-G-e-U5",{"$f":"IF(D242=\"Comb1\",CONCATENATE(VLOOKUP(B242,'Activity-Material_Codes'!$A$2:$B$26,Quantities!$B$2),\"-\",VLOOKUP(A242,Quantities[],Quantities!$D$2)),\nCONCATENATE(\nVLOOKUP(B242,'Activity-Material_Codes'!$A$2:$B$26,Quantities!$B$2),\nIF(AND(B242=\"B\",C242=\"a\"), \" Scraper Grading\", \"\"),\nIF(C242=\"b\",\"\",\"-\"),\nIF(C242=\"b\",\"\",VLOOKUP(A242,Quantities[],Quantities!$D$2)),\nIF(LEFT(TEXT(A242,\"0\"),1)=\"5\",\"\",\"-\"),\nIF(LEFT(TEXT(A242,\"0\"),1)=\"5\",\"\",VLOOKUP(C242,'Activity-Material_Codes'!$A$30:$B$36,Quantities!$B$2))\n))","v":"Construct Downdrains-Entire Stockpile-Final Grade"},{"$f":"CONCATENATE(\nIF(OR(RIGHT(TEXT($A242,\"0\"),Quantities!$B$2)=\"00\",LEFT(TEXT($A242,\"0\"),1)=\"5\",OR($C242=\"b\",$C242=\"f\")),\"\",VLOOKUP($A242,Quantities[],Quantities!$B$2)),\nIF(LEFT(TEXT($A242,\"0\"),1)=\"5\",\"\",\" \"),\nIF(OR(C242=\"a\",C242=\"c\",C242=\"d\",C242=\"e\"),IF(OR(RIGHT(TEXT($A242,\"0\"),Quantities!$B$2)=\"00\",LEFT(TEXT($A242,\"0\"),1)=\"5\"),VLOOKUP($A242,Quantities[],Quantities!$B$2),\"\"),\nIF(LEFT(TEXT($A242,\"0\"),1)=\"5\",VLOOKUP($A242,Quantities[],Quantities!$B$2),\nVLOOKUP(INDEX(Quantities!$A$100:$A$118,MATCH($A242,Quantities!$C$100:$C$118)),Quantities!$A$100:$B$118,Quantities!$B$2))))","v":" 6B Leach, 6D Leach"},{"$f":"IF(LEFT(TEXT(A242,\"0\"),1)=\"5\",\nVLOOKUP(VLOOKUP(A242,Quantities!$A$4:$D$118,Quantities!$C$2),Quantities!$A$4:$D$118,Quantities!$C$2),\nIF(OR(C242=\"a\",C242=\"c\",C242=\"d\",C242=\"e\"),\n\"-\",\nIF(RIGHT(TEXT(A242,\"0\"),2)=\"00\",VLOOKUP(A242,Quantities[],Quantities!$B$2),\nIF(C242=\"f\",VLOOKUP(A242,Quantities[],Quantities!$B$2),\nVLOOKUP(A242,Quantities[],Quantities!$C$2))\n)))","v":"-"},{"$f":"IF(OR(AND(LEFT(D242,2)=\"Sc\",B242=\"A\",C242=\"d\"),AND(C242=\"f\",B242=\"D\")),\nSUM(VLOOKUP($A242,Quantities[],Quantities!$O$2),VLOOKUP($A242,Quantities[],Quantities!$Q$2),VLOOKUP($A242,Quantities[],Quantities!$S$2)),\n\nIF(AND(LEFT(D242,2)=\"Sc\",OR(C242=\"a\",C242=\"f\")),\nVLOOKUP(A242,Quantities[],Quantities!$I$2),\n\nIF(AND(B242=\"D\",C242=\"b\"),\n VLOOKUP(INDEX(Quantities!$A$100:$A$118,MATCH($A242,Quantities!$C$100:$C$118)),Quantities!$A$100:$AJ$118,Quantities!$O$2)+\nVLOOKUP(INDEX(Quantities!$A$100:$A$118,MATCH($A242,Quantities!$C$100:$C$118)),Quantities!$A$100:$AJ$118,Quantities!$Q$2)+\nVLOOKUP(INDEX(Quantities!$A$100:$A$118,MATCH($A242,Quantities!$C$100:$C$118)),Quantities!$A$100:$AJ$118,Quantities!$S$2),\n\nIF(OR(B242=\"D\",B242=\"Q\"),\nSUM(VLOOKUP($A242,Quantities[],Quantities!$O$2),VLOOKUP($A242,Quantities[],Quantities!$Q$2),VLOOKUP($A242,Quantities[],Quantities!$S$2)),\n\n VLOOKUP(A242,Quantities[],Quantities!$G$2)\n))))","v":0},{"$f":"IF(LEFT(D242,2)=\"Mg\", VLOOKUP(A242,Quantities[],Quantities!$H$2),\n\nIF(OR(AND(LEFT(D242,2)=\"Sc\",B242=\"A\",C242=\"d\",C242=\"f\")),\n(SUM(VLOOKUP($A242,Quantities[],Quantities!$P$2)*VLOOKUP($A242,Quantities[],Quantities!$O$2),VLOOKUP($A242,Quantities[],Quantities!$R$2)*VLOOKUP($A242,Quantities[],Quantities!$Q$2),VLOOKUP($A242,Quantities[],Quantities!$T$2)*VLOOKUP($A242,Quantities[],Quantities!$S$2)))/SUM(VLOOKUP($A242,Quantities[],Quantities!$O$2),VLOOKUP($A242,Quantities[],Quantities!$Q$2),VLOOKUP($A242,Quantities[],Quantities!$S$2)),\n\nIF(AND(LEFT(D242,2)=\"Sc\",OR(C242=\"a\",C242=\"f\")),\nVLOOKUP(A242,Quantities[],Quantities!$J$2),\n\nIF(AND(B242=\"D\",C242=\"b\", (VLOOKUP(INDEX(Quantities!$A$100:$A$118,MATCH($A242,Quantities!$C$100:$C$118)),Quantities[],Quantities!$O$2)+VLOOKUP(INDEX(Quantities!$A$100:$A$118,MATCH($A242,Quantities!$C$100:$C$118)),Quantities[],Quantities!$Q$2)+VLOOKUP(INDEX(Quantities!$A$100:$A$118,MATCH($A242,Quantities!$C$100:$C$118)),Quantities[],Quantities!$S$2))>0),\n(VLOOKUP(INDEX(Quantities!$A$100:$A$118,MATCH($A242,Quantities!$C$100:$C$118)),Quantities[],Quantities!$P$2)*VLOOKUP(INDEX(Quantities!$A$100:$A$118,MATCH($A242,Quantities!$C$100:$C$118)),Quantities[],Quantities!$O$2)\n+VLOOKUP(INDEX(Quantities!$A$100:$A$118,MATCH($A242,Quantities!$C$100:$C$118)),Quantities[],Quantities!$R$2)*VLOOKUP(INDEX(Quantities!$A$100:$A$118,MATCH($A242,Quantities!$C$100:$C$118)),Quantities[],Quantities!$Q$2)\n+VLOOKUP(INDEX(Quantities!$A$100:$A$118,MATCH($A242,Quantities!$C$100:$C$118)),Quantities[],Quantities!$T$2)*VLOOKUP(INDEX(Quantities!$A$100:$A$118,MATCH($A242,Quantities!$C$100:$C$118)),Quantities[],Quantities!$S$2))/\n(VLOOKUP(INDEX(Quantities!$A$100:$A$118,MATCH($A242,Quantities!$C$100:$C$118)),Quantities[],Quantities!$O$2)+VLOOKUP(INDEX(Quantities!$A$100:$A$118,MATCH($A242,Quantities!$C$100:$C$118)),Quantities[],Quantities!$Q$2)+VLOOKUP(A242,Quantities[],Quantities!$S$2)),\n\nIF(AND(B242=\"D\", (VLOOKUP(A242,Quantities[],Quantities!$O$2)+VLOOKUP(A242,Quantities[],Quantities!$Q$2)+VLOOKUP(A242,Quantities[],Quantities!$S$2))>0),\n(VLOOKUP(A242,Quantities[],Quantities!$P$2)*VLOOKUP(A242,Quantities[],Quantities!$O$2)\n+VLOOKUP(A242,Quantities[],Quantities!$R$2)*VLOOKUP(A242,Quantities[],Quantities!$Q$2)\n+VLOOKUP(A242,Quantities[],Quantities!$T$2)*VLOOKUP(A242,Quantities[],Quantities!$S$2))/\n(VLOOKUP(A242,Quantities[],Quantities!$O$2)+VLOOKUP(A242,Quantities[],Quantities!$Q$2)+VLOOKUP(A242,Quantities[],Quantities!$S$2)),\n\nIF($B242=\"Q\", (SUM(VLOOKUP($A242,Quantities[],Quantities!$P$2)*VLOOKUP($A242,Quantities[],Quantities!$O$2),VLOOKUP($A242,Quantities[],Quantities!$R$2)*VLOOKUP($A242,Quantities[],Quantities!$Q$2),VLOOKUP($A242,Quantities[],Quantities!$T$2)*VLOOKUP($A242,Quantities[],Quantities!$S$2)))/SUM(VLOOKUP($A242,Quantities[],Quantities!$O$2),VLOOKUP($A242,Quantities[],Quantities!$Q$2),VLOOKUP($A242,Quantities[],Quantities!$S$2)),\n\n VLOOKUP(A242,Quantities[],Quantities!$H$2)\n))))))","v":"-"},{"$f":"IF(LEFT(D242,1)=\"U\",\"-\",VLOOKUP(D242,Equipment[],Equipment!$B$2))","v":"-"}]
[{"$f":"Quantities!$A$26","v":1700},"G","e",{"$f":"'Unit Rates'!$A$15","v":"U5"},"1700-G-e-U5",{"$f":"IF(D243=\"Comb1\",CONCATENATE(VLOOKUP(B243,'Activity-Material_Codes'!$A$2:$B$26,Quantities!$B$2),\"-\",VLOOKUP(A243,Quantities[],Quantities!$D$2)),\nCONCATENATE(\nVLOOKUP(B243,'Activity-Material_Codes'!$A$2:$B$26,Quantities!$B$2),\nIF(AND(B243=\"B\",C243=\"a\"), \" Scraper Grading\", \"\"),\nIF(C243=\"b\",\"\",\"-\"),\nIF(C243=\"b\",\"\",VLOOKUP(A243,Quantities[],Quantities!$D$2)),\nIF(LEFT(TEXT(A243,\"0\"),1)=\"5\",\"\",\"-\"),\nIF(LEFT(TEXT(A243,\"0\"),1)=\"5\",\"\",VLOOKUP(C243,'Activity-Material_Codes'!$A$30:$B$36,Quantities!$B$2))\n))","v":"Construct Downdrains-Entire Stockpile-Final Grade"},{"$f":"CONCATENATE(\nIF(OR(RIGHT(TEXT($A243,\"0\"),Quantities!$B$2)=\"00\",LEFT(TEXT($A243,\"0\"),1)=\"5\",OR($C243=\"b\",$C243=\"f\")),\"\",VLOOKUP($A243,Quantities[],Quantities!$B$2)),\nIF(LEFT(TEXT($A243,\"0\"),1)=\"5\",\"\",\" \"),\nIF(OR(C243=\"a\",C243=\"c\",C243=\"d\",C243=\"e\"),IF(OR(RIGHT(TEXT($A243,\"0\"),Quantities!$B$2)=\"00\",LEFT(TEXT($A243,\"0\"),1)=\"5\"),VLOOKUP($A243,Quantities[],Quantities!$B$2),\"\"),\nIF(LEFT(TEXT($A243,\"0\"),1)=\"5\",VLOOKUP($A243,Quantities[],Quantities!$B$2),\nVLOOKUP(INDEX(Quantities!$A$100:$A$118,MATCH($A243,Quantities!$C$100:$C$118)),Quantities!$A$100:$B$118,Quantities!$B$2))))","v":" 6C Leach"},{"$f":"IF(LEFT(TEXT(A243,\"0\"),1)=\"5\",\nVLOOKUP(VLOOKUP(A243,Quantities!$A$4:$D$118,Quantities!$C$2),Quantities!$A$4:$D$118,Quantities!$C$2),\nIF(OR(C243=\"a\",C243=\"c\",C243=\"d\",C243=\"e\"),\n\"-\",\nIF(RIGHT(TEXT(A243,\"0\"),2)=\"00\",VLOOKUP(A243,Quantities[],Quantities!$B$2),\nIF(C243=\"f\",VLOOKUP(A243,Quantities[],Quantities!$B$2),\nVLOOKUP(A243,Quantities[],Quantities!$C$2))\n)))","v":"-"},{"$f":"IF(OR(AND(LEFT(D243,2)=\"Sc\",B243=\"A\",C243=\"d\"),AND(C243=\"f\",B243=\"D\")),\nSUM(VLOOKUP($A243,Quantities[],Quantities!$O$2),VLOOKUP($A243,Quantities[],Quantities!$Q$2),VLOOKUP($A243,Quantities[],Quantities!$S$2)),\n\nIF(AND(LEFT(D243,2)=\"Sc\",OR(C243=\"a\",C243=\"f\")),\nVLOOKUP(A243,Quantities[],Quantities!$I$2),\n\nIF(AND(B243=\"D\",C243=\"b\"),\n VLOOKUP(INDEX(Quantities!$A$100:$A$118,MATCH($A243,Quantities!$C$100:$C$118)),Quantities!$A$100:$AJ$118,Quantities!$O$2)+\nVLOOKUP(INDEX(Quantities!$A$100:$A$118,MATCH($A243,Quantities!$C$100:$C$118)),Quantities!$A$100:$AJ$118,Quantities!$Q$2)+\nVLOOKUP(INDEX(Quantities!$A$100:$A$118,MATCH($A243,Quantities!$C$100:$C$118)),Quantities!$A$100:$AJ$118,Quantities!$S$2),\n\nIF(OR(B243=\"D\",B243=\"Q\"),\nSUM(VLOOKUP($A243,Quantities[],Quantities!$O$2),VLOOKUP($A243,Quantities[],Quantities!$Q$2),VLOOKUP($A243,Quantities[],Quantities!$S$2)),\n\n VLOOKUP(A243,Quantities[],Quantities!$G$2)\n))))","v":0},{"$f":"IF(LEFT(D243,2)=\"Mg\", VLOOKUP(A243,Quantities[],Quantities!$H$2),\n\nIF(OR(AND(LEFT(D243,2)=\"Sc\",B243=\"A\",C243=\"d\",C243=\"f\")),\n(SUM(VLOOKUP($A243,Quantities[],Quantities!$P$2)*VLOOKUP($A243,Quantities[],Quantities!$O$2),VLOOKUP($A243,Quantities[],Quantities!$R$2)*VLOOKUP($A243,Quantities[],Quantities!$Q$2),VLOOKUP($A243,Quantities[],Quantities!$T$2)*VLOOKUP($A243,Quantities[],Quantities!$S$2)))/SUM(VLOOKUP($A243,Quantities[],Quantities!$O$2),VLOOKUP($A243,Quantities[],Quantities!$Q$2),VLOOKUP($A243,Quantities[],Quantities!$S$2)),\n\nIF(AND(LEFT(D243,2)=\"Sc\",OR(C243=\"a\",C243=\"f\")),\nVLOOKUP(A243,Quantities[],Quantities!$J$2),\n\nIF(AND(B243=\"D\",C243=\"b\", (VLOOKUP(INDEX(Quantities!$A$100:$A$118,MATCH($A243,Quantities!$C$100:$C$118)),Quantities[],Quantities!$O$2)+VLOOKUP(INDEX(Quantities!$A$100:$A$118,MATCH($A243,Quantities!$C$100:$C$118)),Quantities[],Quantities!$Q$2)+VLOOKUP(INDEX(Quantities!$A$100:$A$118,MATCH($A243,Quantities!$C$100:$C$118)),Quantities[],Quantities!$S$2))>0),\n(VLOOKUP(INDEX(Quantities!$A$100:$A$118,MATCH($A243,Quantities!$C$100:$C$118)),Quantities[],Quantities!$P$2)*VLOOKUP(INDEX(Quantities!$A$100:$A$118,MATCH($A243,Quantities!$C$100:$C$118)),Quantities[],Quantities!$O$2)\n+VLOOKUP(INDEX(Quantities!$A$100:$A$118,MATCH($A243,Quantities!$C$100:$C$118)),Quantities[],Quantities!$R$2)*VLOOKUP(INDEX(Quantities!$A$100:$A$118,MATCH($A243,Quantities!$C$100:$C$118)),Quantities[],Quantities!$Q$2)\n+VLOOKUP(INDEX(Quantities!$A$100:$A$118,MATCH($A243,Quantities!$C$100:$C$118)),Quantities[],Quantities!$T$2)*VLOOKUP(INDEX(Quantities!$A$100:$A$118,MATCH($A243,Quantities!$C$100:$C$118)),Quantities[],Quantities!$S$2))/\n(VLOOKUP(INDEX(Quantities!$A$100:$A$118,MATCH($A243,Quantities!$C$100:$C$118)),Quantities[],Quantities!$O$2)+VLOOKUP(INDEX(Quantities!$A$100:$A$118,MATCH($A243,Quantities!$C$100:$C$118)),Quantities[],Quantities!$Q$2)+VLOOKUP(A243,Quantities[],Quantities!$S$2)),\n\nIF(AND(B243=\"D\", (VLOOKUP(A243,Quantities[],Quantities!$O$2)+VLOOKUP(A243,Quantities[],Quantities!$Q$2)+VLOOKUP(A243,Quantities[],Quantities!$S$2))>0),\n(VLOOKUP(A243,Quantities[],Quantities!$P$2)*VLOOKUP(A243,Quantities[],Quantities!$O$2)\n+VLOOKUP(A243,Quantities[],Quantities!$R$2)*VLOOKUP(A243,Quantities[],Quantities!$Q$2)\n+VLOOKUP(A243,Quantities[],Quantities!$T$2)*VLOOKUP(A243,Quantities[],Quantities!$S$2))/\n(VLOOKUP(A243,Quantities[],Quantities!$O$2)+VLOOKUP(A243,Quantities[],Quantities!$Q$2)+VLOOKUP(A243,Quantities[],Quantities!$S$2)),\n\nIF($B243=\"Q\", (SUM(VLOOKUP($A243,Quantities[],Quantities!$P$2)*VLOOKUP($A243,Quantities[],Quantities!$O$2),VLOOKUP($A243,Quantities[],Quantities!$R$2)*VLOOKUP($A243,Quantities[],Quantities!$Q$2),VLOOKUP($A243,Quantities[],Quantities!$T$2)*VLOOKUP($A243,Quantities[],Quantities!$S$2)))/SUM(VLOOKUP($A243,Quantities[],Quantities!$O$2),VLOOKUP($A243,Quantities[],Quantities!$Q$2),VLOOKUP($A243,Quantities[],Quantities!$S$2)),\n\n VLOOKUP(A243,Quantities[],Quantities!$H$2)\n))))))","v":"-"},{"$f":"IF(LEFT(D243,1)=\"U\",\"-\",VLOOKUP(D243,Equipment[],Equipment!$B$2))","v":"-"}]
[{"$f":"Quantities!$A$33","v":2000},"G","e",{"$f":"'Unit Rates'!$A$15","v":"U5"},"2000-G-e-U5",{"$f":"IF(D244=\"Comb1\",CONCATENATE(VLOOKUP(B244,'Activity-Material_Codes'!$A$2:$B$26,Quantities!$B$2),\"-\",VLOOKUP(A244,Quantities[],Quantities!$D$2)),\nCONCATENATE(\nVLOOKUP(B244,'Activity-Material_Codes'!$A$2:$B$26,Quantities!$B$2),\nIF(AND(B244=\"B\",C244=\"a\"), \" Scraper Grading\", \"\"),\nIF(C244=\"b\",\"\",\"-\"),\nIF(C244=\"b\",\"\",VLOOKUP(A244,Quantities[],Quantities!$D$2)),\nIF(LEFT(TEXT(A244,\"0\"),1)=\"5\",\"\",\"-\"),\nIF(LEFT(TEXT(A244,\"0\"),1)=\"5\",\"\",VLOOKUP(C244,'Activity-Material_Codes'!$A$30:$B$36,Quantities!$B$2))\n))","v":"Construct Downdrains-Entire Stockpile-Final Grade"},{"$f":"CONCATENATE(\nIF(OR(RIGHT(TEXT($A244,\"0\"),Quantities!$B$2)=\"00\",LEFT(TEXT($A244,\"0\"),1)=\"5\",OR($C244=\"b\",$C244=\"f\")),\"\",VLOOKUP($A244,Quantities[],Quantities!$B$2)),\nIF(LEFT(TEXT($A244,\"0\"),1)=\"5\",\"\",\" \"),\nIF(OR(C244=\"a\",C244=\"c\",C244=\"d\",C244=\"e\"),IF(OR(RIGHT(TEXT($A244,\"0\"),Quantities!$B$2)=\"00\",LEFT(TEXT($A244,\"0\"),1)=\"5\"),VLOOKUP($A244,Quantities[],Quantities!$B$2),\"\"),\nIF(LEFT(TEXT($A244,\"0\"),1)=\"5\",VLOOKUP($A244,Quantities[],Quantities!$B$2),\nVLOOKUP(INDEX(Quantities!$A$100:$A$118,MATCH($A244,Quantities!$C$100:$C$118)),Quantities!$A$100:$B$118,Quantities!$B$2))))","v":" 9A Waste "},{"$f":"IF(LEFT(TEXT(A244,\"0\"),1)=\"5\",\nVLOOKUP(VLOOKUP(A244,Quantities!$A$4:$D$118,Quantities!$C$2),Quantities!$A$4:$D$118,Quantities!$C$2),\nIF(OR(C244=\"a\",C244=\"c\",C244=\"d\",C244=\"e\"),\n\"-\",\nIF(RIGHT(TEXT(A244,\"0\"),2)=\"00\",VLOOKUP(A244,Quantities[],Quantities!$B$2),\nIF(C244=\"f\",VLOOKUP(A244,Quantities[],Quantities!$B$2),\nVLOOKUP(A244,Quantities[],Quantities!$C$2))\n)))","v":"-"},{"$f":"IF(OR(AND(LEFT(D244,2)=\"Sc\",B244=\"A\",C244=\"d\"),AND(C244=\"f\",B244=\"D\")),\nSUM(VLOOKUP($A244,Quantities[],Quantities!$O$2),VLOOKUP($A244,Quantities[],Quantities!$Q$2),VLOOKUP($A244,Quantities[],Quantities!$S$2)),\n\nIF(AND(LEFT(D244,2)=\"Sc\",OR(C244=\"a\",C244=\"f\")),\nVLOOKUP(A244,Quantities[],Quantities!$I$2),\n\nIF(AND(B244=\"D\",C244=\"b\"),\n VLOOKUP(INDEX(Quantities!$A$100:$A$118,MATCH($A244,Quantities!$C$100:$C$118)),Quantities!$A$100:$AJ$118,Quantities!$O$2)+\nVLOOKUP(INDEX(Quantities!$A$100:$A$118,MATCH($A244,Quantities!$C$100:$C$118)),Quantities!$A$100:$AJ$118,Quantities!$Q$2)+\nVLOOKUP(INDEX(Quantities!$A$100:$A$118,MATCH($A244,Quantities!$C$100:$C$118)),Quantities!$A$100:$AJ$118,Quantities!$S$2),\n\nIF(OR(B244=\"D\",B244=\"Q\"),\nSUM(VLOOKUP($A244,Quantities[],Quantities!$O$2),VLOOKUP($A244,Quantities[],Quantities!$Q$2),VLOOKUP($A244,Quantities[],Quantities!$S$2)),\n\n VLOOKUP(A244,Quantities[],Quantities!$G$2)\n))))","v":0},{"$f":"IF(LEFT(D244,2)=\"Mg\", VLOOKUP(A244,Quantities[],Quantities!$H$2),\n\nIF(OR(AND(LEFT(D244,2)=\"Sc\",B244=\"A\",C244=\"d\",C244=\"f\")),\n(SUM(VLOOKUP($A244,Quantities[],Quantities!$P$2)*VLOOKUP($A244,Quantities[],Quantities!$O$2),VLOOKUP($A244,Quantities[],Quantities!$R$2)*VLOOKUP($A244,Quantities[],Quantities!$Q$2),VLOOKUP($A244,Quantities[],Quantities!$T$2)*VLOOKUP($A244,Quantities[],Quantities!$S$2)))/SUM(VLOOKUP($A244,Quantities[],Quantities!$O$2),VLOOKUP($A244,Quantities[],Quantities!$Q$2),VLOOKUP($A244,Quantities[],Quantities!$S$2)),\n\nIF(AND(LEFT(D244,2)=\"Sc\",OR(C244=\"a\",C244=\"f\")),\nVLOOKUP(A244,Quantities[],Quantities!$J$2),\n\nIF(AND(B244=\"D\",C244=\"b\", (VLOOKUP(INDEX(Quantities!$A$100:$A$118,MATCH($A244,Quantities!$C$100:$C$118)),Quantities[],Quantities!$O$2)+VLOOKUP(INDEX(Quantities!$A$100:$A$118,MATCH($A244,Quantities!$C$100:$C$118)),Quantities[],Quantities!$Q$2)+VLOOKUP(INDEX(Quantities!$A$100:$A$118,MATCH($A244,Quantities!$C$100:$C$118)),Quantities[],Quantities!$S$2))>0),\n(VLOOKUP(INDEX(Quantities!$A$100:$A$118,MATCH($A244,Quantities!$C$100:$C$118)),Quantities[],Quantities!$P$2)*VLOOKUP(INDEX(Quantities!$A$100:$A$118,MATCH($A244,Quantities!$C$100:$C$118)),Quantities[],Quantities!$O$2)\n+VLOOKUP(INDEX(Quantities!$A$100:$A$118,MATCH($A244,Quantities!$C$100:$C$118)),Quantities[],Quantities!$R$2)*VLOOKUP(INDEX(Quantities!$A$100:$A$118,MATCH($A244,Quantities!$C$100:$C$118)),Quantities[],Quantities!$Q$2)\n+VLOOKUP(INDEX(Quantities!$A$100:$A$118,MATCH($A244,Quantities!$C$100:$C$118)),Quantities[],Quantities!$T$2)*VLOOKUP(INDEX(Quantities!$A$100:$A$118,MATCH($A244,Quantities!$C$100:$C$118)),Quantities[],Quantities!$S$2))/\n(VLOOKUP(INDEX(Quantities!$A$100:$A$118,MATCH($A244,Quantities!$C$100:$C$118)),Quantities[],Quantities!$O$2)+VLOOKUP(INDEX(Quantities!$A$100:$A$118,MATCH($A244,Quantities!$C$100:$C$118)),Quantities[],Quantities!$Q$2)+VLOOKUP(A244,Quantities[],Quantities!$S$2)),\n\nIF(AND(B244=\"D\", (VLOOKUP(A244,Quantities[],Quantities!$O$2)+VLOOKUP(A244,Quantities[],Quantities!$Q$2)+VLOOKUP(A244,Quantities[],Quantities!$S$2))>0),\n(VLOOKUP(A244,Quantities[],Quantities!$P$2)*VLOOKUP(A244,Quantities[],Quantities!$O$2)\n+VLOOKUP(A244,Quantities[],Quantities!$R$2)*VLOOKUP(A244,Quantities[],Quantities!$Q$2)\n+VLOOKUP(A244,Quantities[],Quantities!$T$2)*VLOOKUP(A244,Quantities[],Quantities!$S$2))/\n(VLOOKUP(A244,Quantities[],Quantities!$O$2)+VLOOKUP(A244,Quantities[],Quantities!$Q$2)+VLOOKUP(A244,Quantities[],Quantities!$S$2)),\n\nIF($B244=\"Q\", (SUM(VLOOKUP($A244,Quantities[],Quantities!$P$2)*VLOOKUP($A244,Quantities[],Quantities!$O$2),VLOOKUP($A244,Quantities[],Quantities!$R$2)*VLOOKUP($A244,Quantities[],Quantities!$Q$2),VLOOKUP($A244,Quantities[],Quantities!$T$2)*VLOOKUP($A244,Quantities[],Quantities!$S$2)))/SUM(VLOOKUP($A244,Quantities[],Quantities!$O$2),VLOOKUP($A244,Quantities[],Quantities!$Q$2),VLOOKUP($A244,Quantities[],Quantities!$S$2)),\n\n VLOOKUP(A244,Quantities[],Quantities!$H$2)\n))))))","v":"-"},{"$f":"IF(LEFT(D244,1)=\"U\",\"-\",VLOOKUP(D244,Equipment[],Equipment!$B$2))","v":"-"}]
[{"$f":"Quantities!$A$4","v":1000},"Gb","e",{"$f":"'Unit Rates'!$A$16","v":"U6"},"1000-Gb-e-U6",{"$f":"IF(D245=\"Comb1\",CONCATENATE(VLOOKUP(B245,'Activity-Material_Codes'!$A$2:$B$26,Quantities!$B$2),\"-\",VLOOKUP(A245,Quantities[],Quantities!$D$2)),\nCONCATENATE(\nVLOOKUP(B245,'Activity-Material_Codes'!$A$2:$B$26,Quantities!$B$2),\nIF(AND(B245=\"B\",C245=\"a\"), \" Scraper Grading\", \"\"),\nIF(C245=\"b\",\"\",\"-\"),\nIF(C245=\"b\",\"\",VLOOKUP(A245,Quantities[],Quantities!$D$2)),\nIF(LEFT(TEXT(A245,\"0\"),1)=\"5\",\"\",\"-\"),\nIF(LEFT(TEXT(A245,\"0\"),1)=\"5\",\"\",VLOOKUP(C245,'Activity-Material_Codes'!$A$30:$B$36,Quantities!$B$2))\n))","v":"Construct Downdrain Dissipators-Entire Stockpile-Final Grade"},{"$f":"CONCATENATE(\nIF(OR(RIGHT(TEXT($A245,\"0\"),Quantities!$B$2)=\"00\",LEFT(TEXT($A245,\"0\"),1)=\"5\",OR($C245=\"b\",$C245=\"f\")),\"\",VLOOKUP($A245,Quantities[],Quantities!$B$2)),\nIF(LEFT(TEXT($A245,\"0\"),1)=\"5\",\"\",\" \"),\nIF(OR(C245=\"a\",C245=\"c\",C245=\"d\",C245=\"e\"),IF(OR(RIGHT(TEXT($A245,\"0\"),Quantities!$B$2)=\"00\",LEFT(TEXT($A245,\"0\"),1)=\"5\"),VLOOKUP($A245,Quantities[],Quantities!$B$2),\"\"),\nIF(LEFT(TEXT($A245,\"0\"),1)=\"5\",VLOOKUP($A245,Quantities[],Quantities!$B$2),\nVLOOKUP(INDEX(Quantities!$A$100:$A$118,MATCH($A245,Quantities!$C$100:$C$118)),Quantities!$A$100:$B$118,Quantities!$B$2))))","v":" 1A Leach, 1B Leach "},{"$f":"IF(LEFT(TEXT(A245,\"0\"),1)=\"5\",\nVLOOKUP(VLOOKUP(A245,Quantities!$A$4:$D$118,Quantities!$C$2),Quantities!$A$4:$D$118,Quantities!$C$2),\nIF(OR(C245=\"a\",C245=\"c\",C245=\"d\",C245=\"e\"),\n\"-\",\nIF(RIGHT(TEXT(A245,\"0\"),2)=\"00\",VLOOKUP(A245,Quantities[],Quantities!$B$2),\nIF(C245=\"f\",VLOOKUP(A245,Quantities[],Quantities!$B$2),\nVLOOKUP(A245,Quantities[],Quantities!$C$2))\n)))","v":"-"},{"$f":"IF(OR(AND(LEFT(D245,2)=\"Sc\",B245=\"A\",C245=\"d\"),AND(C245=\"f\",B245=\"D\")),\nSUM(VLOOKUP($A245,Quantities[],Quantities!$O$2),VLOOKUP($A245,Quantities[],Quantities!$Q$2),VLOOKUP($A245,Quantities[],Quantities!$S$2)),\n\nIF(AND(LEFT(D245,2)=\"Sc\",OR(C245=\"a\",C245=\"f\")),\nVLOOKUP(A245,Quantities[],Quantities!$I$2),\n\nIF(AND(B245=\"D\",C245=\"b\"),\n VLOOKUP(INDEX(Quantities!$A$100:$A$118,MATCH($A245,Quantities!$C$100:$C$118)),Quantities!$A$100:$AJ$118,Quantities!$O$2)+\nVLOOKUP(INDEX(Quantities!$A$100:$A$118,MATCH($A245,Quantities!$C$100:$C$118)),Quantities!$A$100:$AJ$118,Quantities!$Q$2)+\nVLOOKUP(INDEX(Quantities!$A$100:$A$118,MATCH($A245,Quantities!$C$100:$C$118)),Quantities!$A$100:$AJ$118,Quantities!$S$2),\n\nIF(OR(B245=\"D\",B245=\"Q\"),\nSUM(VLOOKUP($A245,Quantities[],Quantities!$O$2),VLOOKUP($A245,Quantities[],Quantities!$Q$2),VLOOKUP($A245,Quantities[],Quantities!$S$2)),\n\n VLOOKUP(A245,Quantities[],Quantities!$G$2)\n))))","v":0},{"$f":"IF(LEFT(D245,2)=\"Mg\", VLOOKUP(A245,Quantities[],Quantities!$H$2),\n\nIF(OR(AND(LEFT(D245,2)=\"Sc\",B245=\"A\",C245=\"d\",C245=\"f\")),\n(SUM(VLOOKUP($A245,Quantities[],Quantities!$P$2)*VLOOKUP($A245,Quantities[],Quantities!$O$2),VLOOKUP($A245,Quantities[],Quantities!$R$2)*VLOOKUP($A245,Quantities[],Quantities!$Q$2),VLOOKUP($A245,Quantities[],Quantities!$T$2)*VLOOKUP($A245,Quantities[],Quantities!$S$2)))/SUM(VLOOKUP($A245,Quantities[],Quantities!$O$2),VLOOKUP($A245,Quantities[],Quantities!$Q$2),VLOOKUP($A245,Quantities[],Quantities!$S$2)),\n\nIF(AND(LEFT(D245,2)=\"Sc\",OR(C245=\"a\",C245=\"f\")),\nVLOOKUP(A245,Quantities[],Quantities!$J$2),\n\nIF(AND(B245=\"D\",C245=\"b\", (VLOOKUP(INDEX(Quantities!$A$100:$A$118,MATCH($A245,Quantities!$C$100:$C$118)),Quantities[],Quantities!$O$2)+VLOOKUP(INDEX(Quantities!$A$100:$A$118,MATCH($A245,Quantities!$C$100:$C$118)),Quantities[],Quantities!$Q$2)+VLOOKUP(INDEX(Quantities!$A$100:$A$118,MATCH($A245,Quantities!$C$100:$C$118)),Quantities[],Quantities!$S$2))>0),\n(VLOOKUP(INDEX(Quantities!$A$100:$A$118,MATCH($A245,Quantities!$C$100:$C$118)),Quantities[],Quantities!$P$2)*VLOOKUP(INDEX(Quantities!$A$100:$A$118,MATCH($A245,Quantities!$C$100:$C$118)),Quantities[],Quantities!$O$2)\n+VLOOKUP(INDEX(Quantities!$A$100:$A$118,MATCH($A245,Quantities!$C$100:$C$118)),Quantities[],Quantities!$R$2)*VLOOKUP(INDEX(Quantities!$A$100:$A$118,MATCH($A245,Quantities!$C$100:$C$118)),Quantities[],Quantities!$Q$2)\n+VLOOKUP(INDEX(Quantities!$A$100:$A$118,MATCH($A245,Quantities!$C$100:$C$118)),Quantities[],Quantities!$T$2)*VLOOKUP(INDEX(Quantities!$A$100:$A$118,MATCH($A245,Quantities!$C$100:$C$118)),Quantities[],Quantities!$S$2))/\n(VLOOKUP(INDEX(Quantities!$A$100:$A$118,MATCH($A245,Quantities!$C$100:$C$118)),Quantities[],Quantities!$O$2)+VLOOKUP(INDEX(Quantities!$A$100:$A$118,MATCH($A245,Quantities!$C$100:$C$118)),Quantities[],Quantities!$Q$2)+VLOOKUP(A245,Quantities[],Quantities!$S$2)),\n\nIF(AND(B245=\"D\", (VLOOKUP(A245,Quantities[],Quantities!$O$2)+VLOOKUP(A245,Quantities[],Quantities!$Q$2)+VLOOKUP(A245,Quantities[],Quantities!$S$2))>0),\n(VLOOKUP(A245,Quantities[],Quantities!$P$2)*VLOOKUP(A245,Quantities[],Quantities!$O$2)\n+VLOOKUP(A245,Quantities[],Quantities!$R$2)*VLOOKUP(A245,Quantities[],Quantities!$Q$2)\n+VLOOKUP(A245,Quantities[],Quantities!$T$2)*VLOOKUP(A245,Quantities[],Quantities!$S$2))/\n(VLOOKUP(A245,Quantities[],Quantities!$O$2)+VLOOKUP(A245,Quantities[],Quantities!$Q$2)+VLOOKUP(A245,Quantities[],Quantities!$S$2)),\n\nIF($B245=\"Q\", (SUM(VLOOKUP($A245,Quantities[],Quantities!$P$2)*VLOOKUP($A245,Quantities[],Quantities!$O$2),VLOOKUP($A245,Quantities[],Quantities!$R$2)*VLOOKUP($A245,Quantities[],Quantities!$Q$2),VLOOKUP($A245,Quantities[],Quantities!$T$2)*VLOOKUP($A245,Quantities[],Quantities!$S$2)))/SUM(VLOOKUP($A245,Quantities[],Quantities!$O$2),VLOOKUP($A245,Quantities[],Quantities!$Q$2),VLOOKUP($A245,Quantities[],Quantities!$S$2)),\n\n VLOOKUP(A245,Quantities[],Quantities!$H$2)\n))))))","v":"-"},{"$f":"IF(LEFT(D245,1)=\"U\",\"-\",VLOOKUP(D245,Equipment[],Equipment!$B$2))","v":"-"}]
[{"$f":"Quantities!$A$9","v":1200},"Gb","e",{"$f":"'Unit Rates'!$A$16","v":"U6"},"1200-Gb-e-U6",{"$f":"IF(D246=\"Comb1\",CONCATENATE(VLOOKUP(B246,'Activity-Material_Codes'!$A$2:$B$26,Quantities!$B$2),\"-\",VLOOKUP(A246,Quantities[],Quantities!$D$2)),\nCONCATENATE(\nVLOOKUP(B246,'Activity-Material_Codes'!$A$2:$B$26,Quantities!$B$2),\nIF(AND(B246=\"B\",C246=\"a\"), \" Scraper Grading\", \"\"),\nIF(C246=\"b\",\"\",\"-\"),\nIF(C246=\"b\",\"\",VLOOKUP(A246,Quantities[],Quantities!$D$2)),\nIF(LEFT(TEXT(A246,\"0\"),1)=\"5\",\"\",\"-\"),\nIF(LEFT(TEXT(A246,\"0\"),1)=\"5\",\"\",VLOOKUP(C246,'Activity-Material_Codes'!$A$30:$B$36,Quantities!$B$2))\n))","v":"Construct Downdrain Dissipators-Entire Stockpile-Final Grade"},{"$f":"CONCATENATE(\nIF(OR(RIGHT(TEXT($A246,\"0\"),Quantities!$B$2)=\"00\",LEFT(TEXT($A246,\"0\"),1)=\"5\",OR($C246=\"b\",$C246=\"f\")),\"\",VLOOKUP($A246,Quantities[],Quantities!$B$2)),\nIF(LEFT(TEXT($A246,\"0\"),1)=\"5\",\"\",\" \"),\nIF(OR(C246=\"a\",C246=\"c\",C246=\"d\",C246=\"e\"),IF(OR(RIGHT(TEXT($A246,\"0\"),Quantities!$B$2)=\"00\",LEFT(TEXT($A246,\"0\"),1)=\"5\"),VLOOKUP($A246,Quantities[],Quantities!$B$2),\"\"),\nIF(LEFT(TEXT($A246,\"0\"),1)=\"5\",VLOOKUP($A246,Quantities[],Quantities!$B$2),\nVLOOKUP(INDEX(Quantities!$A$100:$A$118,MATCH($A246,Quantities!$C$100:$C$118)),Quantities!$A$100:$B$118,Quantities!$B$2))))","v":" 2B Waste, 2A Leach, 2B Leach"},{"$f":"IF(LEFT(TEXT(A246,\"0\"),1)=\"5\",\nVLOOKUP(VLOOKUP(A246,Quantities!$A$4:$D$118,Quantities!$C$2),Quantities!$A$4:$D$118,Quantities!$C$2),\nIF(OR(C246=\"a\",C246=\"c\",C246=\"d\",C246=\"e\"),\n\"-\",\nIF(RIGHT(TEXT(A246,\"0\"),2)=\"00\",VLOOKUP(A246,Quantities[],Quantities!$B$2),\nIF(C246=\"f\",VLOOKUP(A246,Quantities[],Quantities!$B$2),\nVLOOKUP(A246,Quantities[],Quantities!$C$2))\n)))","v":"-"},{"$f":"IF(OR(AND(LEFT(D246,2)=\"Sc\",B246=\"A\",C246=\"d\"),AND(C246=\"f\",B246=\"D\")),\nSUM(VLOOKUP($A246,Quantities[],Quantities!$O$2),VLOOKUP($A246,Quantities[],Quantities!$Q$2),VLOOKUP($A246,Quantities[],Quantities!$S$2)),\n\nIF(AND(LEFT(D246,2)=\"Sc\",OR(C246=\"a\",C246=\"f\")),\nVLOOKUP(A246,Quantities[],Quantities!$I$2),\n\nIF(AND(B246=\"D\",C246=\"b\"),\n VLOOKUP(INDEX(Quantities!$A$100:$A$118,MATCH($A246,Quantities!$C$100:$C$118)),Quantities!$A$100:$AJ$118,Quantities!$O$2)+\nVLOOKUP(INDEX(Quantities!$A$100:$A$118,MATCH($A246,Quantities!$C$100:$C$118)),Quantities!$A$100:$AJ$118,Quantities!$Q$2)+\nVLOOKUP(INDEX(Quantities!$A$100:$A$118,MATCH($A246,Quantities!$C$100:$C$118)),Quantities!$A$100:$AJ$118,Quantities!$S$2),\n\nIF(OR(B246=\"D\",B246=\"Q\"),\nSUM(VLOOKUP($A246,Quantities[],Quantities!$O$2),VLOOKUP($A246,Quantities[],Quantities!$Q$2),VLOOKUP($A246,Quantities[],Quantities!$S$2)),\n\n VLOOKUP(A246,Quantities[],Quantities!$G$2)\n))))","v":0},{"$f":"IF(LEFT(D246,2)=\"Mg\", VLOOKUP(A246,Quantities[],Quantities!$H$2),\n\nIF(OR(AND(LEFT(D246,2)=\"Sc\",B246=\"A\",C246=\"d\",C246=\"f\")),\n(SUM(VLOOKUP($A246,Quantities[],Quantities!$P$2)*VLOOKUP($A246,Quantities[],Quantities!$O$2),VLOOKUP($A246,Quantities[],Quantities!$R$2)*VLOOKUP($A246,Quantities[],Quantities!$Q$2),VLOOKUP($A246,Quantities[],Quantities!$T$2)*VLOOKUP($A246,Quantities[],Quantities!$S$2)))/SUM(VLOOKUP($A246,Quantities[],Quantities!$O$2),VLOOKUP($A246,Quantities[],Quantities!$Q$2),VLOOKUP($A246,Quantities[],Quantities!$S$2)),\n\nIF(AND(LEFT(D246,2)=\"Sc\",OR(C246=\"a\",C246=\"f\")),\nVLOOKUP(A246,Quantities[],Quantities!$J$2),\n\nIF(AND(B246=\"D\",C246=\"b\", (VLOOKUP(INDEX(Quantities!$A$100:$A$118,MATCH($A246,Quantities!$C$100:$C$118)),Quantities[],Quantities!$O$2)+VLOOKUP(INDEX(Quantities!$A$100:$A$118,MATCH($A246,Quantities!$C$100:$C$118)),Quantities[],Quantities!$Q$2)+VLOOKUP(INDEX(Quantities!$A$100:$A$118,MATCH($A246,Quantities!$C$100:$C$118)),Quantities[],Quantities!$S$2))>0),\n(VLOOKUP(INDEX(Quantities!$A$100:$A$118,MATCH($A246,Quantities!$C$100:$C$118)),Quantities[],Quantities!$P$2)*VLOOKUP(INDEX(Quantities!$A$100:$A$118,MATCH($A246,Quantities!$C$100:$C$118)),Quantities[],Quantities!$O$2)\n+VLOOKUP(INDEX(Quantities!$A$100:$A$118,MATCH($A246,Quantities!$C$100:$C$118)),Quantities[],Quantities!$R$2)*VLOOKUP(INDEX(Quantities!$A$100:$A$118,MATCH($A246,Quantities!$C$100:$C$118)),Quantities[],Quantities!$Q$2)\n+VLOOKUP(INDEX(Quantities!$A$100:$A$118,MATCH($A246,Quantities!$C$100:$C$118)),Quantities[],Quantities!$T$2)*VLOOKUP(INDEX(Quantities!$A$100:$A$118,MATCH($A246,Quantities!$C$100:$C$118)),Quantities[],Quantities!$S$2))/\n(VLOOKUP(INDEX(Quantities!$A$100:$A$118,MATCH($A246,Quantities!$C$100:$C$118)),Quantities[],Quantities!$O$2)+VLOOKUP(INDEX(Quantities!$A$100:$A$118,MATCH($A246,Quantities!$C$100:$C$118)),Quantities[],Quantities!$Q$2)+VLOOKUP(A246,Quantities[],Quantities!$S$2)),\n\nIF(AND(B246=\"D\", (VLOOKUP(A246,Quantities[],Quantities!$O$2)+VLOOKUP(A246,Quantities[],Quantities!$Q$2)+VLOOKUP(A246,Quantities[],Quantities!$S$2))>0),\n(VLOOKUP(A246,Quantities[],Quantities!$P$2)*VLOOKUP(A246,Quantities[],Quantities!$O$2)\n+VLOOKUP(A246,Quantities[],Quantities!$R$2)*VLOOKUP(A246,Quantities[],Quantities!$Q$2)\n+VLOOKUP(A246,Quantities[],Quantities!$T$2)*VLOOKUP(A246,Quantities[],Quantities!$S$2))/\n(VLOOKUP(A246,Quantities[],Quantities!$O$2)+VLOOKUP(A246,Quantities[],Quantities!$Q$2)+VLOOKUP(A246,Quantities[],Quantities!$S$2)),\n\nIF($B246=\"Q\", (SUM(VLOOKUP($A246,Quantities[],Quantities!$P$2)*VLOOKUP($A246,Quantities[],Quantities!$O$2),VLOOKUP($A246,Quantities[],Quantities!$R$2)*VLOOKUP($A246,Quantities[],Quantities!$Q$2),VLOOKUP($A246,Quantities[],Quantities!$T$2)*VLOOKUP($A246,Quantities[],Quantities!$S$2)))/SUM(VLOOKUP($A246,Quantities[],Quantities!$O$2),VLOOKUP($A246,Quantities[],Quantities!$Q$2),VLOOKUP($A246,Quantities[],Quantities!$S$2)),\n\n VLOOKUP(A246,Quantities[],Quantities!$H$2)\n))))))","v":"-"},{"$f":"IF(LEFT(D246,1)=\"U\",\"-\",VLOOKUP(D246,Equipment[],Equipment!$B$2))","v":"-"}]
[{"$f":"Quantities!$A$12","v":1300},"Gb","e",{"$f":"'Unit Rates'!$A$16","v":"U6"},"1300-Gb-e-U6",{"$f":"IF(D247=\"Comb1\",CONCATENATE(VLOOKUP(B247,'Activity-Material_Codes'!$A$2:$B$26,Quantities!$B$2),\"-\",VLOOKUP(A247,Quantities[],Quantities!$D$2)),\nCONCATENATE(\nVLOOKUP(B247,'Activity-Material_Codes'!$A$2:$B$26,Quantities!$B$2),\nIF(AND(B247=\"B\",C247=\"a\"), \" Scraper Grading\", \"\"),\nIF(C247=\"b\",\"\",\"-\"),\nIF(C247=\"b\",\"\",VLOOKUP(A247,Quantities[],Quantities!$D$2)),\nIF(LEFT(TEXT(A247,\"0\"),1)=\"5\",\"\",\"-\"),\nIF(LEFT(TEXT(A247,\"0\"),1)=\"5\",\"\",VLOOKUP(C247,'Activity-Material_Codes'!$A$30:$B$36,Quantities!$B$2))\n))","v":"Construct Downdrain Dissipators-Entire Stockpile-Final Grade"},{"$f":"CONCATENATE(\nIF(OR(RIGHT(TEXT($A247,\"0\"),Quantities!$B$2)=\"00\",LEFT(TEXT($A247,\"0\"),1)=\"5\",OR($C247=\"b\",$C247=\"f\")),\"\",VLOOKUP($A247,Quantities[],Quantities!$B$2)),\nIF(LEFT(TEXT($A247,\"0\"),1)=\"5\",\"\",\" \"),\nIF(OR(C247=\"a\",C247=\"c\",C247=\"d\",C247=\"e\"),IF(OR(RIGHT(TEXT($A247,\"0\"),Quantities!$B$2)=\"00\",LEFT(TEXT($A247,\"0\"),1)=\"5\"),VLOOKUP($A247,Quantities[],Quantities!$B$2),\"\"),\nIF(LEFT(TEXT($A247,\"0\"),1)=\"5\",VLOOKUP($A247,Quantities[],Quantities!$B$2),\nVLOOKUP(INDEX(Quantities!$A$100:$A$118,MATCH($A247,Quantities!$C$100:$C$118)),Quantities!$A$100:$B$118,Quantities!$B$2))))","v":" 3A Leach, 3B Waste"},{"$f":"IF(LEFT(TEXT(A247,\"0\"),1)=\"5\",\nVLOOKUP(VLOOKUP(A247,Quantities!$A$4:$D$118,Quantities!$C$2),Quantities!$A$4:$D$118,Quantities!$C$2),\nIF(OR(C247=\"a\",C247=\"c\",C247=\"d\",C247=\"e\"),\n\"-\",\nIF(RIGHT(TEXT(A247,\"0\"),2)=\"00\",VLOOKUP(A247,Quantities[],Quantities!$B$2),\nIF(C247=\"f\",VLOOKUP(A247,Quantities[],Quantities!$B$2),\nVLOOKUP(A247,Quantities[],Quantities!$C$2))\n)))","v":"-"},{"$f":"IF(OR(AND(LEFT(D247,2)=\"Sc\",B247=\"A\",C247=\"d\"),AND(C247=\"f\",B247=\"D\")),\nSUM(VLOOKUP($A247,Quantities[],Quantities!$O$2),VLOOKUP($A247,Quantities[],Quantities!$Q$2),VLOOKUP($A247,Quantities[],Quantities!$S$2)),\n\nIF(AND(LEFT(D247,2)=\"Sc\",OR(C247=\"a\",C247=\"f\")),\nVLOOKUP(A247,Quantities[],Quantities!$I$2),\n\nIF(AND(B247=\"D\",C247=\"b\"),\n VLOOKUP(INDEX(Quantities!$A$100:$A$118,MATCH($A247,Quantities!$C$100:$C$118)),Quantities!$A$100:$AJ$118,Quantities!$O$2)+\nVLOOKUP(INDEX(Quantities!$A$100:$A$118,MATCH($A247,Quantities!$C$100:$C$118)),Quantities!$A$100:$AJ$118,Quantities!$Q$2)+\nVLOOKUP(INDEX(Quantities!$A$100:$A$118,MATCH($A247,Quantities!$C$100:$C$118)),Quantities!$A$100:$AJ$118,Quantities!$S$2),\n\nIF(OR(B247=\"D\",B247=\"Q\"),\nSUM(VLOOKUP($A247,Quantities[],Quantities!$O$2),VLOOKUP($A247,Quantities[],Quantities!$Q$2),VLOOKUP($A247,Quantities[],Quantities!$S$2)),\n\n VLOOKUP(A247,Quantities[],Quantities!$G$2)\n))))","v":0},{"$f":"IF(LEFT(D247,2)=\"Mg\", VLOOKUP(A247,Quantities[],Quantities!$H$2),\n\nIF(OR(AND(LEFT(D247,2)=\"Sc\",B247=\"A\",C247=\"d\",C247=\"f\")),\n(SUM(VLOOKUP($A247,Quantities[],Quantities!$P$2)*VLOOKUP($A247,Quantities[],Quantities!$O$2),VLOOKUP($A247,Quantities[],Quantities!$R$2)*VLOOKUP($A247,Quantities[],Quantities!$Q$2),VLOOKUP($A247,Quantities[],Quantities!$T$2)*VLOOKUP($A247,Quantities[],Quantities!$S$2)))/SUM(VLOOKUP($A247,Quantities[],Quantities!$O$2),VLOOKUP($A247,Quantities[],Quantities!$Q$2),VLOOKUP($A247,Quantities[],Quantities!$S$2)),\n\nIF(AND(LEFT(D247,2)=\"Sc\",OR(C247=\"a\",C247=\"f\")),\nVLOOKUP(A247,Quantities[],Quantities!$J$2),\n\nIF(AND(B247=\"D\",C247=\"b\", (VLOOKUP(INDEX(Quantities!$A$100:$A$118,MATCH($A247,Quantities!$C$100:$C$118)),Quantities[],Quantities!$O$2)+VLOOKUP(INDEX(Quantities!$A$100:$A$118,MATCH($A247,Quantities!$C$100:$C$118)),Quantities[],Quantities!$Q$2)+VLOOKUP(INDEX(Quantities!$A$100:$A$118,MATCH($A247,Quantities!$C$100:$C$118)),Quantities[],Quantities!$S$2))>0),\n(VLOOKUP(INDEX(Quantities!$A$100:$A$118,MATCH($A247,Quantities!$C$100:$C$118)),Quantities[],Quantities!$P$2)*VLOOKUP(INDEX(Quantities!$A$100:$A$118,MATCH($A247,Quantities!$C$100:$C$118)),Quantities[],Quantities!$O$2)\n+VLOOKUP(INDEX(Quantities!$A$100:$A$118,MATCH($A247,Quantities!$C$100:$C$118)),Quantities[],Quantities!$R$2)*VLOOKUP(INDEX(Quantities!$A$100:$A$118,MATCH($A247,Quantities!$C$100:$C$118)),Quantities[],Quantities!$Q$2)\n+VLOOKUP(INDEX(Quantities!$A$100:$A$118,MATCH($A247,Quantities!$C$100:$C$118)),Quantities[],Quantities!$T$2)*VLOOKUP(INDEX(Quantities!$A$100:$A$118,MATCH($A247,Quantities!$C$100:$C$118)),Quantities[],Quantities!$S$2))/\n(VLOOKUP(INDEX(Quantities!$A$100:$A$118,MATCH($A247,Quantities!$C$100:$C$118)),Quantities[],Quantities!$O$2)+VLOOKUP(INDEX(Quantities!$A$100:$A$118,MATCH($A247,Quantities!$C$100:$C$118)),Quantities[],Quantities!$Q$2)+VLOOKUP(A247,Quantities[],Quantities!$S$2)),\n\nIF(AND(B247=\"D\", (VLOOKUP(A247,Quantities[],Quantities!$O$2)+VLOOKUP(A247,Quantities[],Quantities!$Q$2)+VLOOKUP(A247,Quantities[],Quantities!$S$2))>0),\n(VLOOKUP(A247,Quantities[],Quantities!$P$2)*VLOOKUP(A247,Quantities[],Quantities!$O$2)\n+VLOOKUP(A247,Quantities[],Quantities!$R$2)*VLOOKUP(A247,Quantities[],Quantities!$Q$2)\n+VLOOKUP(A247,Quantities[],Quantities!$T$2)*VLOOKUP(A247,Quantities[],Quantities!$S$2))/\n(VLOOKUP(A247,Quantities[],Quantities!$O$2)+VLOOKUP(A247,Quantities[],Quantities!$Q$2)+VLOOKUP(A247,Quantities[],Quantities!$S$2)),\n\nIF($B247=\"Q\", (SUM(VLOOKUP($A247,Quantities[],Quantities!$P$2)*VLOOKUP($A247,Quantities[],Quantities!$O$2),VLOOKUP($A247,Quantities[],Quantities!$R$2)*VLOOKUP($A247,Quantities[],Quantities!$Q$2),VLOOKUP($A247,Quantities[],Quantities!$T$2)*VLOOKUP($A247,Quantities[],Quantities!$S$2)))/SUM(VLOOKUP($A247,Quantities[],Quantities!$O$2),VLOOKUP($A247,Quantities[],Quantities!$Q$2),VLOOKUP($A247,Quantities[],Quantities!$S$2)),\n\n VLOOKUP(A247,Quantities[],Quantities!$H$2)\n))))))","v":"-"},{"$f":"IF(LEFT(D247,1)=\"U\",\"-\",VLOOKUP(D247,Equipment[],Equipment!$B$2))","v":"-"}]
[{"$f":"Quantities!$A$20","v":1500},"Gb","e",{"$f":"'Unit Rates'!$A$16","v":"U6"},"1500-Gb-e-U6",{"$f":"IF(D248=\"Comb1\",CONCATENATE(VLOOKUP(B248,'Activity-Material_Codes'!$A$2:$B$26,Quantities!$B$2),\"-\",VLOOKUP(A248,Quantities[],Quantities!$D$2)),\nCONCATENATE(\nVLOOKUP(B248,'Activity-Material_Codes'!$A$2:$B$26,Quantities!$B$2),\nIF(AND(B248=\"B\",C248=\"a\"), \" Scraper Grading\", \"\"),\nIF(C248=\"b\",\"\",\"-\"),\nIF(C248=\"b\",\"\",VLOOKUP(A248,Quantities[],Quantities!$D$2)),\nIF(LEFT(TEXT(A248,\"0\"),1)=\"5\",\"\",\"-\"),\nIF(LEFT(TEXT(A248,\"0\"),1)=\"5\",\"\",VLOOKUP(C248,'Activity-Material_Codes'!$A$30:$B$36,Quantities!$B$2))\n))","v":"Construct Downdrain Dissipators-Entire Stockpile-Final Grade"},{"$f":"CONCATENATE(\nIF(OR(RIGHT(TEXT($A248,\"0\"),Quantities!$B$2)=\"00\",LEFT(TEXT($A248,\"0\"),1)=\"5\",OR($C248=\"b\",$C248=\"f\")),\"\",VLOOKUP($A248,Quantities[],Quantities!$B$2)),\nIF(LEFT(TEXT($A248,\"0\"),1)=\"5\",\"\",\" \"),\nIF(OR(C248=\"a\",C248=\"c\",C248=\"d\",C248=\"e\"),IF(OR(RIGHT(TEXT($A248,\"0\"),Quantities!$B$2)=\"00\",LEFT(TEXT($A248,\"0\"),1)=\"5\"),VLOOKUP($A248,Quantities[],Quantities!$B$2),\"\"),\nIF(LEFT(TEXT($A248,\"0\"),1)=\"5\",VLOOKUP($A248,Quantities[],Quantities!$B$2),\nVLOOKUP(INDEX(Quantities!$A$100:$A$118,MATCH($A248,Quantities!$C$100:$C$118)),Quantities!$A$100:$B$118,Quantities!$B$2))))","v":" 5A Waste"},{"$f":"IF(LEFT(TEXT(A248,\"0\"),1)=\"5\",\nVLOOKUP(VLOOKUP(A248,Quantities!$A$4:$D$118,Quantities!$C$2),Quantities!$A$4:$D$118,Quantities!$C$2),\nIF(OR(C248=\"a\",C248=\"c\",C248=\"d\",C248=\"e\"),\n\"-\",\nIF(RIGHT(TEXT(A248,\"0\"),2)=\"00\",VLOOKUP(A248,Quantities[],Quantities!$B$2),\nIF(C248=\"f\",VLOOKUP(A248,Quantities[],Quantities!$B$2),\nVLOOKUP(A248,Quantities[],Quantities!$C$2))\n)))","v":"-"},{"$f":"IF(OR(AND(LEFT(D248,2)=\"Sc\",B248=\"A\",C248=\"d\"),AND(C248=\"f\",B248=\"D\")),\nSUM(VLOOKUP($A248,Quantities[],Quantities!$O$2),VLOOKUP($A248,Quantities[],Quantities!$Q$2),VLOOKUP($A248,Quantities[],Quantities!$S$2)),\n\nIF(AND(LEFT(D248,2)=\"Sc\",OR(C248=\"a\",C248=\"f\")),\nVLOOKUP(A248,Quantities[],Quantities!$I$2),\n\nIF(AND(B248=\"D\",C248=\"b\"),\n VLOOKUP(INDEX(Quantities!$A$100:$A$118,MATCH($A248,Quantities!$C$100:$C$118)),Quantities!$A$100:$AJ$118,Quantities!$O$2)+\nVLOOKUP(INDEX(Quantities!$A$100:$A$118,MATCH($A248,Quantities!$C$100:$C$118)),Quantities!$A$100:$AJ$118,Quantities!$Q$2)+\nVLOOKUP(INDEX(Quantities!$A$100:$A$118,MATCH($A248,Quantities!$C$100:$C$118)),Quantities!$A$100:$AJ$118,Quantities!$S$2),\n\nIF(OR(B248=\"D\",B248=\"Q\"),\nSUM(VLOOKUP($A248,Quantities[],Quantities!$O$2),VLOOKUP($A248,Quantities[],Quantities!$Q$2),VLOOKUP($A248,Quantities[],Quantities!$S$2)),\n\n VLOOKUP(A248,Quantities[],Quantities!$G$2)\n))))","v":0},{"$f":"IF(LEFT(D248,2)=\"Mg\", VLOOKUP(A248,Quantities[],Quantities!$H$2),\n\nIF(OR(AND(LEFT(D248,2)=\"Sc\",B248=\"A\",C248=\"d\",C248=\"f\")),\n(SUM(VLOOKUP($A248,Quantities[],Quantities!$P$2)*VLOOKUP($A248,Quantities[],Quantities!$O$2),VLOOKUP($A248,Quantities[],Quantities!$R$2)*VLOOKUP($A248,Quantities[],Quantities!$Q$2),VLOOKUP($A248,Quantities[],Quantities!$T$2)*VLOOKUP($A248,Quantities[],Quantities!$S$2)))/SUM(VLOOKUP($A248,Quantities[],Quantities!$O$2),VLOOKUP($A248,Quantities[],Quantities!$Q$2),VLOOKUP($A248,Quantities[],Quantities!$S$2)),\n\nIF(AND(LEFT(D248,2)=\"Sc\",OR(C248=\"a\",C248=\"f\")),\nVLOOKUP(A248,Quantities[],Quantities!$J$2),\n\nIF(AND(B248=\"D\",C248=\"b\", (VLOOKUP(INDEX(Quantities!$A$100:$A$118,MATCH($A248,Quantities!$C$100:$C$118)),Quantities[],Quantities!$O$2)+VLOOKUP(INDEX(Quantities!$A$100:$A$118,MATCH($A248,Quantities!$C$100:$C$118)),Quantities[],Quantities!$Q$2)+VLOOKUP(INDEX(Quantities!$A$100:$A$118,MATCH($A248,Quantities!$C$100:$C$118)),Quantities[],Quantities!$S$2))>0),\n(VLOOKUP(INDEX(Quantities!$A$100:$A$118,MATCH($A248,Quantities!$C$100:$C$118)),Quantities[],Quantities!$P$2)*VLOOKUP(INDEX(Quantities!$A$100:$A$118,MATCH($A248,Quantities!$C$100:$C$118)),Quantities[],Quantities!$O$2)\n+VLOOKUP(INDEX(Quantities!$A$100:$A$118,MATCH($A248,Quantities!$C$100:$C$118)),Quantities[],Quantities!$R$2)*VLOOKUP(INDEX(Quantities!$A$100:$A$118,MATCH($A248,Quantities!$C$100:$C$118)),Quantities[],Quantities!$Q$2)\n+VLOOKUP(INDEX(Quantities!$A$100:$A$118,MATCH($A248,Quantities!$C$100:$C$118)),Quantities[],Quantities!$T$2)*VLOOKUP(INDEX(Quantities!$A$100:$A$118,MATCH($A248,Quantities!$C$100:$C$118)),Quantities[],Quantities!$S$2))/\n(VLOOKUP(INDEX(Quantities!$A$100:$A$118,MATCH($A248,Quantities!$C$100:$C$118)),Quantities[],Quantities!$O$2)+VLOOKUP(INDEX(Quantities!$A$100:$A$118,MATCH($A248,Quantities!$C$100:$C$118)),Quantities[],Quantities!$Q$2)+VLOOKUP(A248,Quantities[],Quantities!$S$2)),\n\nIF(AND(B248=\"D\", (VLOOKUP(A248,Quantities[],Quantities!$O$2)+VLOOKUP(A248,Quantities[],Quantities!$Q$2)+VLOOKUP(A248,Quantities[],Quantities!$S$2))>0),\n(VLOOKUP(A248,Quantities[],Quantities!$P$2)*VLOOKUP(A248,Quantities[],Quantities!$O$2)\n+VLOOKUP(A248,Quantities[],Quantities!$R$2)*VLOOKUP(A248,Quantities[],Quantities!$Q$2)\n+VLOOKUP(A248,Quantities[],Quantities!$T$2)*VLOOKUP(A248,Quantities[],Quantities!$S$2))/\n(VLOOKUP(A248,Quantities[],Quantities!$O$2)+VLOOKUP(A248,Quantities[],Quantities!$Q$2)+VLOOKUP(A248,Quantities[],Quantities!$S$2)),\n\nIF($B248=\"Q\", (SUM(VLOOKUP($A248,Quantities[],Quantities!$P$2)*VLOOKUP($A248,Quantities[],Quantities!$O$2),VLOOKUP($A248,Quantities[],Quantities!$R$2)*VLOOKUP($A248,Quantities[],Quantities!$Q$2),VLOOKUP($A248,Quantities[],Quantities!$T$2)*VLOOKUP($A248,Quantities[],Quantities!$S$2)))/SUM(VLOOKUP($A248,Quantities[],Quantities!$O$2),VLOOKUP($A248,Quantities[],Quantities!$Q$2),VLOOKUP($A248,Quantities[],Quantities!$S$2)),\n\n VLOOKUP(A248,Quantities[],Quantities!$H$2)\n))))))","v":"-"},{"$f":"IF(LEFT(D248,1)=\"U\",\"-\",VLOOKUP(D248,Equipment[],Equipment!$B$2))","v":"-"}]
[{"$f":"Quantities!$A$39","v":2200},"Gb","e",{"$f":"'Unit Rates'!$A$16","v":"U6"},"2200-Gb-e-U6",{"$f":"IF(D249=\"Comb1\",CONCATENATE(VLOOKUP(B249,'Activity-Material_Codes'!$A$2:$B$26,Quantities!$B$2),\"-\",VLOOKUP(A249,Quantities[],Quantities!$D$2)),\nCONCATENATE(\nVLOOKUP(B249,'Activity-Material_Codes'!$A$2:$B$26,Quantities!$B$2),\nIF(AND(B249=\"B\",C249=\"a\"), \" Scraper Grading\", \"\"),\nIF(C249=\"b\",\"\",\"-\"),\nIF(C249=\"b\",\"\",VLOOKUP(A249,Quantities[],Quantities!$D$2)),\nIF(LEFT(TEXT(A249,\"0\"),1)=\"5\",\"\",\"-\"),\nIF(LEFT(TEXT(A249,\"0\"),1)=\"5\",\"\",VLOOKUP(C249,'Activity-Material_Codes'!$A$30:$B$36,Quantities!$B$2))\n))","v":"Construct Downdrain Dissipators-Entire Pit-Final Grade"},{"$f":"CONCATENATE(\nIF(OR(RIGHT(TEXT($A249,\"0\"),Quantities!$B$2)=\"00\",LEFT(TEXT($A249,\"0\"),1)=\"5\",OR($C249=\"b\",$C249=\"f\")),\"\",VLOOKUP($A249,Quantities[],Quantities!$B$2)),\nIF(LEFT(TEXT($A249,\"0\"),1)=\"5\",\"\",\" \"),\nIF(OR(C249=\"a\",C249=\"c\",C249=\"d\",C249=\"e\"),IF(OR(RIGHT(TEXT($A249,\"0\"),Quantities!$B$2)=\"00\",LEFT(TEXT($A249,\"0\"),1)=\"5\"),VLOOKUP($A249,Quantities[],Quantities!$B$2),\"\"),\nIF(LEFT(TEXT($A249,\"0\"),1)=\"5\",VLOOKUP($A249,Quantities[],Quantities!$B$2),\nVLOOKUP(INDEX(Quantities!$A$100:$A$118,MATCH($A249,Quantities!$C$100:$C$118)),Quantities!$A$100:$B$118,Quantities!$B$2))))","v":" San Salvador Pit, San Salvador Waste Backfill"},{"$f":"IF(LEFT(TEXT(A249,\"0\"),1)=\"5\",\nVLOOKUP(VLOOKUP(A249,Quantities!$A$4:$D$118,Quantities!$C$2),Quantities!$A$4:$D$118,Quantities!$C$2),\nIF(OR(C249=\"a\",C249=\"c\",C249=\"d\",C249=\"e\"),\n\"-\",\nIF(RIGHT(TEXT(A249,\"0\"),2)=\"00\",VLOOKUP(A249,Quantities[],Quantities!$B$2),\nIF(C249=\"f\",VLOOKUP(A249,Quantities[],Quantities!$B$2),\nVLOOKUP(A249,Quantities[],Quantities!$C$2))\n)))","v":"-"},{"$f":"IF(OR(AND(LEFT(D249,2)=\"Sc\",B249=\"A\",C249=\"d\"),AND(C249=\"f\",B249=\"D\")),\nSUM(VLOOKUP($A249,Quantities[],Quantities!$O$2),VLOOKUP($A249,Quantities[],Quantities!$Q$2),VLOOKUP($A249,Quantities[],Quantities!$S$2)),\n\nIF(AND(LEFT(D249,2)=\"Sc\",OR(C249=\"a\",C249=\"f\")),\nVLOOKUP(A249,Quantities[],Quantities!$I$2),\n\nIF(AND(B249=\"D\",C249=\"b\"),\n VLOOKUP(INDEX(Quantities!$A$100:$A$118,MATCH($A249,Quantities!$C$100:$C$118)),Quantities!$A$100:$AJ$118,Quantities!$O$2)+\nVLOOKUP(INDEX(Quantities!$A$100:$A$118,MATCH($A249,Quantities!$C$100:$C$118)),Quantities!$A$100:$AJ$118,Quantities!$Q$2)+\nVLOOKUP(INDEX(Quantities!$A$100:$A$118,MATCH($A249,Quantities!$C$100:$C$118)),Quantities!$A$100:$AJ$118,Quantities!$S$2),\n\nIF(OR(B249=\"D\",B249=\"Q\"),\nSUM(VLOOKUP($A249,Quantities[],Quantities!$O$2),VLOOKUP($A249,Quantities[],Quantities!$Q$2),VLOOKUP($A249,Quantities[],Quantities!$S$2)),\n\n VLOOKUP(A249,Quantities[],Quantities!$G$2)\n))))","v":185},{"$f":"IF(LEFT(D249,2)=\"Mg\", VLOOKUP(A249,Quantities[],Quantities!$H$2),\n\nIF(OR(AND(LEFT(D249,2)=\"Sc\",B249=\"A\",C249=\"d\",C249=\"f\")),\n(SUM(VLOOKUP($A249,Quantities[],Quantities!$P$2)*VLOOKUP($A249,Quantities[],Quantities!$O$2),VLOOKUP($A249,Quantities[],Quantities!$R$2)*VLOOKUP($A249,Quantities[],Quantities!$Q$2),VLOOKUP($A249,Quantities[],Quantities!$T$2)*VLOOKUP($A249,Quantities[],Quantities!$S$2)))/SUM(VLOOKUP($A249,Quantities[],Quantities!$O$2),VLOOKUP($A249,Quantities[],Quantities!$Q$2),VLOOKUP($A249,Quantities[],Quantities!$S$2)),\n\nIF(AND(LEFT(D249,2)=\"Sc\",OR(C249=\"a\",C249=\"f\")),\nVLOOKUP(A249,Quantities[],Quantities!$J$2),\n\nIF(AND(B249=\"D\",C249=\"b\", (VLOOKUP(INDEX(Quantities!$A$100:$A$118,MATCH($A249,Quantities!$C$100:$C$118)),Quantities[],Quantities!$O$2)+VLOOKUP(INDEX(Quantities!$A$100:$A$118,MATCH($A249,Quantities!$C$100:$C$118)),Quantities[],Quantities!$Q$2)+VLOOKUP(INDEX(Quantities!$A$100:$A$118,MATCH($A249,Quantities!$C$100:$C$118)),Quantities[],Quantities!$S$2))>0),\n(VLOOKUP(INDEX(Quantities!$A$100:$A$118,MATCH($A249,Quantities!$C$100:$C$118)),Quantities[],Quantities!$P$2)*VLOOKUP(INDEX(Quantities!$A$100:$A$118,MATCH($A249,Quantities!$C$100:$C$118)),Quantities[],Quantities!$O$2)\n+VLOOKUP(INDEX(Quantities!$A$100:$A$118,MATCH($A249,Quantities!$C$100:$C$118)),Quantities[],Quantities!$R$2)*VLOOKUP(INDEX(Quantities!$A$100:$A$118,MATCH($A249,Quantities!$C$100:$C$118)),Quantities[],Quantities!$Q$2)\n+VLOOKUP(INDEX(Quantities!$A$100:$A$118,MATCH($A249,Quantities!$C$100:$C$118)),Quantities[],Quantities!$T$2)*VLOOKUP(INDEX(Quantities!$A$100:$A$118,MATCH($A249,Quantities!$C$100:$C$118)),Quantities[],Quantities!$S$2))/\n(VLOOKUP(INDEX(Quantities!$A$100:$A$118,MATCH($A249,Quantities!$C$100:$C$118)),Quantities[],Quantities!$O$2)+VLOOKUP(INDEX(Quantities!$A$100:$A$118,MATCH($A249,Quantities!$C$100:$C$118)),Quantities[],Quantities!$Q$2)+VLOOKUP(A249,Quantities[],Quantities!$S$2)),\n\nIF(AND(B249=\"D\", (VLOOKUP(A249,Quantities[],Quantities!$O$2)+VLOOKUP(A249,Quantities[],Quantities!$Q$2)+VLOOKUP(A249,Quantities[],Quantities!$S$2))>0),\n(VLOOKUP(A249,Quantities[],Quantities!$P$2)*VLOOKUP(A249,Quantities[],Quantities!$O$2)\n+VLOOKUP(A249,Quantities[],Quantities!$R$2)*VLOOKUP(A249,Quantities[],Quantities!$Q$2)\n+VLOOKUP(A249,Quantities[],Quantities!$T$2)*VLOOKUP(A249,Quantities[],Quantities!$S$2))/\n(VLOOKUP(A249,Quantities[],Quantities!$O$2)+VLOOKUP(A249,Quantities[],Quantities!$Q$2)+VLOOKUP(A249,Quantities[],Quantities!$S$2)),\n\nIF($B249=\"Q\", (SUM(VLOOKUP($A249,Quantities[],Quantities!$P$2)*VLOOKUP($A249,Quantities[],Quantities!$O$2),VLOOKUP($A249,Quantities[],Quantities!$R$2)*VLOOKUP($A249,Quantities[],Quantities!$Q$2),VLOOKUP($A249,Quantities[],Quantities!$T$2)*VLOOKUP($A249,Quantities[],Quantities!$S$2)))/SUM(VLOOKUP($A249,Quantities[],Quantities!$O$2),VLOOKUP($A249,Quantities[],Quantities!$Q$2),VLOOKUP($A249,Quantities[],Quantities!$S$2)),\n\n VLOOKUP(A249,Quantities[],Quantities!$H$2)\n))))))","v":-0.05},{"$f":"IF(LEFT(D249,1)=\"U\",\"-\",VLOOKUP(D249,Equipment[],Equipment!$B$2))","v":"-"}]
[{"$f":"Quantities!$A$17","v":1400},"Gb","e",{"$f":"'Unit Rates'!$A$16","v":"U6"},"1400-Gb-e-U6",{"$f":"IF(D250=\"Comb1\",CONCATENATE(VLOOKUP(B250,'Activity-Material_Codes'!$A$2:$B$26,Quantities!$B$2),\"-\",VLOOKUP(A250,Quantities[],Quantities!$D$2)),\nCONCATENATE(\nVLOOKUP(B250,'Activity-Material_Codes'!$A$2:$B$26,Quantities!$B$2),\nIF(AND(B250=\"B\",C250=\"a\"), \" Scraper Grading\", \"\"),\nIF(C250=\"b\",\"\",\"-\"),\nIF(C250=\"b\",\"\",VLOOKUP(A250,Quantities[],Quantities!$D$2)),\nIF(LEFT(TEXT(A250,\"0\"),1)=\"5\",\"\",\"-\"),\nIF(LEFT(TEXT(A250,\"0\"),1)=\"5\",\"\",VLOOKUP(C250,'Activity-Material_Codes'!$A$30:$B$36,Quantities!$B$2))\n))","v":"Construct Downdrain Dissipators-Entire Stockpile-Final Grade"},{"$f":"CONCATENATE(\nIF(OR(RIGHT(TEXT($A250,\"0\"),Quantities!$B$2)=\"00\",LEFT(TEXT($A250,\"0\"),1)=\"5\",OR($C250=\"b\",$C250=\"f\")),\"\",VLOOKUP($A250,Quantities[],Quantities!$B$2)),\nIF(LEFT(TEXT($A250,\"0\"),1)=\"5\",\"\",\" \"),\nIF(OR(C250=\"a\",C250=\"c\",C250=\"d\",C250=\"e\"),IF(OR(RIGHT(TEXT($A250,\"0\"),Quantities!$B$2)=\"00\",LEFT(TEXT($A250,\"0\"),1)=\"5\"),VLOOKUP($A250,Quantities[],Quantities!$B$2),\"\"),\nIF(LEFT(TEXT($A250,\"0\"),1)=\"5\",VLOOKUP($A250,Quantities[],Quantities!$B$2),\nVLOOKUP(INDEX(Quantities!$A$100:$A$118,MATCH($A250,Quantities!$C$100:$C$118)),Quantities!$A$100:$B$118,Quantities!$B$2))))","v":" 2 Leach (Area 1)"},{"$f":"IF(LEFT(TEXT(A250,\"0\"),1)=\"5\",\nVLOOKUP(VLOOKUP(A250,Quantities!$A$4:$D$118,Quantities!$C$2),Quantities!$A$4:$D$118,Quantities!$C$2),\nIF(OR(C250=\"a\",C250=\"c\",C250=\"d\",C250=\"e\"),\n\"-\",\nIF(RIGHT(TEXT(A250,\"0\"),2)=\"00\",VLOOKUP(A250,Quantities[],Quantities!$B$2),\nIF(C250=\"f\",VLOOKUP(A250,Quantities[],Quantities!$B$2),\nVLOOKUP(A250,Quantities[],Quantities!$C$2))\n)))","v":"-"},{"$f":"IF(OR(AND(LEFT(D250,2)=\"Sc\",B250=\"A\",C250=\"d\"),AND(C250=\"f\",B250=\"D\")),\nSUM(VLOOKUP($A250,Quantities[],Quantities!$O$2),VLOOKUP($A250,Quantities[],Quantities!$Q$2),VLOOKUP($A250,Quantities[],Quantities!$S$2)),\n\nIF(AND(LEFT(D250,2)=\"Sc\",OR(C250=\"a\",C250=\"f\")),\nVLOOKUP(A250,Quantities[],Quantities!$I$2),\n\nIF(AND(B250=\"D\",C250=\"b\"),\n VLOOKUP(INDEX(Quantities!$A$100:$A$118,MATCH($A250,Quantities!$C$100:$C$118)),Quantities!$A$100:$AJ$118,Quantities!$O$2)+\nVLOOKUP(INDEX(Quantities!$A$100:$A$118,MATCH($A250,Quantities!$C$100:$C$118)),Quantities!$A$100:$AJ$118,Quantities!$Q$2)+\nVLOOKUP(INDEX(Quantities!$A$100:$A$118,MATCH($A250,Quantities!$C$100:$C$118)),Quantities!$A$100:$AJ$118,Quantities!$S$2),\n\nIF(OR(B250=\"D\",B250=\"Q\"),\nSUM(VLOOKUP($A250,Quantities[],Quantities!$O$2),VLOOKUP($A250,Quantities[],Quantities!$Q$2),VLOOKUP($A250,Quantities[],Quantities!$S$2)),\n\n VLOOKUP(A250,Quantities[],Quantities!$G$2)\n))))","v":0},{"$f":"IF(LEFT(D250,2)=\"Mg\", VLOOKUP(A250,Quantities[],Quantities!$H$2),\n\nIF(OR(AND(LEFT(D250,2)=\"Sc\",B250=\"A\",C250=\"d\",C250=\"f\")),\n(SUM(VLOOKUP($A250,Quantities[],Quantities!$P$2)*VLOOKUP($A250,Quantities[],Quantities!$O$2),VLOOKUP($A250,Quantities[],Quantities!$R$2)*VLOOKUP($A250,Quantities[],Quantities!$Q$2),VLOOKUP($A250,Quantities[],Quantities!$T$2)*VLOOKUP($A250,Quantities[],Quantities!$S$2)))/SUM(VLOOKUP($A250,Quantities[],Quantities!$O$2),VLOOKUP($A250,Quantities[],Quantities!$Q$2),VLOOKUP($A250,Quantities[],Quantities!$S$2)),\n\nIF(AND(LEFT(D250,2)=\"Sc\",OR(C250=\"a\",C250=\"f\")),\nVLOOKUP(A250,Quantities[],Quantities!$J$2),\n\nIF(AND(B250=\"D\",C250=\"b\", (VLOOKUP(INDEX(Quantities!$A$100:$A$118,MATCH($A250,Quantities!$C$100:$C$118)),Quantities[],Quantities!$O$2)+VLOOKUP(INDEX(Quantities!$A$100:$A$118,MATCH($A250,Quantities!$C$100:$C$118)),Quantities[],Quantities!$Q$2)+VLOOKUP(INDEX(Quantities!$A$100:$A$118,MATCH($A250,Quantities!$C$100:$C$118)),Quantities[],Quantities!$S$2))>0),\n(VLOOKUP(INDEX(Quantities!$A$100:$A$118,MATCH($A250,Quantities!$C$100:$C$118)),Quantities[],Quantities!$P$2)*VLOOKUP(INDEX(Quantities!$A$100:$A$118,MATCH($A250,Quantities!$C$100:$C$118)),Quantities[],Quantities!$O$2)\n+VLOOKUP(INDEX(Quantities!$A$100:$A$118,MATCH($A250,Quantities!$C$100:$C$118)),Quantities[],Quantities!$R$2)*VLOOKUP(INDEX(Quantities!$A$100:$A$118,MATCH($A250,Quantities!$C$100:$C$118)),Quantities[],Quantities!$Q$2)\n+VLOOKUP(INDEX(Quantities!$A$100:$A$118,MATCH($A250,Quantities!$C$100:$C$118)),Quantities[],Quantities!$T$2)*VLOOKUP(INDEX(Quantities!$A$100:$A$118,MATCH($A250,Quantities!$C$100:$C$118)),Quantities[],Quantities!$S$2))/\n(VLOOKUP(INDEX(Quantities!$A$100:$A$118,MATCH($A250,Quantities!$C$100:$C$118)),Quantities[],Quantities!$O$2)+VLOOKUP(INDEX(Quantities!$A$100:$A$118,MATCH($A250,Quantities!$C$100:$C$118)),Quantities[],Quantities!$Q$2)+VLOOKUP(A250,Quantities[],Quantities!$S$2)),\n\nIF(AND(B250=\"D\", (VLOOKUP(A250,Quantities[],Quantities!$O$2)+VLOOKUP(A250,Quantities[],Quantities!$Q$2)+VLOOKUP(A250,Quantities[],Quantities!$S$2))>0),\n(VLOOKUP(A250,Quantities[],Quantities!$P$2)*VLOOKUP(A250,Quantities[],Quantities!$O$2)\n+VLOOKUP(A250,Quantities[],Quantities!$R$2)*VLOOKUP(A250,Quantities[],Quantities!$Q$2)\n+VLOOKUP(A250,Quantities[],Quantities!$T$2)*VLOOKUP(A250,Quantities[],Quantities!$S$2))/\n(VLOOKUP(A250,Quantities[],Quantities!$O$2)+VLOOKUP(A250,Quantities[],Quantities!$Q$2)+VLOOKUP(A250,Quantities[],Quantities!$S$2)),\n\nIF($B250=\"Q\", (SUM(VLOOKUP($A250,Quantities[],Quantities!$P$2)*VLOOKUP($A250,Quantities[],Quantities!$O$2),VLOOKUP($A250,Quantities[],Quantities!$R$2)*VLOOKUP($A250,Quantities[],Quantities!$Q$2),VLOOKUP($A250,Quantities[],Quantities!$T$2)*VLOOKUP($A250,Quantities[],Quantities!$S$2)))/SUM(VLOOKUP($A250,Quantities[],Quantities!$O$2),VLOOKUP($A250,Quantities[],Quantities!$Q$2),VLOOKUP($A250,Quantities[],Quantities!$S$2)),\n\n VLOOKUP(A250,Quantities[],Quantities!$H$2)\n))))))","v":"-"},{"$f":"IF(LEFT(D250,1)=\"U\",\"-\",VLOOKUP(D250,Equipment[],Equipment!$B$2))","v":"-"}]
[{"$f":"Quantities!$A$29","v":1800},"Gb","e",{"$f":"'Unit Rates'!$A$16","v":"U6"},"1800-Gb-e-U6",{"$f":"IF(D251=\"Comb1\",CONCATENATE(VLOOKUP(B251,'Activity-Material_Codes'!$A$2:$B$26,Quantities!$B$2),\"-\",VLOOKUP(A251,Quantities[],Quantities!$D$2)),\nCONCATENATE(\nVLOOKUP(B251,'Activity-Material_Codes'!$A$2:$B$26,Quantities!$B$2),\nIF(AND(B251=\"B\",C251=\"a\"), \" Scraper Grading\", \"\"),\nIF(C251=\"b\",\"\",\"-\"),\nIF(C251=\"b\",\"\",VLOOKUP(A251,Quantities[],Quantities!$D$2)),\nIF(LEFT(TEXT(A251,\"0\"),1)=\"5\",\"\",\"-\"),\nIF(LEFT(TEXT(A251,\"0\"),1)=\"5\",\"\",VLOOKUP(C251,'Activity-Material_Codes'!$A$30:$B$36,Quantities!$B$2))\n))","v":"Construct Downdrain Dissipators-Entire Stockpile-Final Grade"},{"$f":"CONCATENATE(\nIF(OR(RIGHT(TEXT($A251,\"0\"),Quantities!$B$2)=\"00\",LEFT(TEXT($A251,\"0\"),1)=\"5\",OR($C251=\"b\",$C251=\"f\")),\"\",VLOOKUP($A251,Quantities[],Quantities!$B$2)),\nIF(LEFT(TEXT($A251,\"0\"),1)=\"5\",\"\",\" \"),\nIF(OR(C251=\"a\",C251=\"c\",C251=\"d\",C251=\"e\"),IF(OR(RIGHT(TEXT($A251,\"0\"),Quantities!$B$2)=\"00\",LEFT(TEXT($A251,\"0\"),1)=\"5\"),VLOOKUP($A251,Quantities[],Quantities!$B$2),\"\"),\nIF(LEFT(TEXT($A251,\"0\"),1)=\"5\",VLOOKUP($A251,Quantities[],Quantities!$B$2),\nVLOOKUP(INDEX(Quantities!$A$100:$A$118,MATCH($A251,Quantities!$C$100:$C$118)),Quantities!$A$100:$B$118,Quantities!$B$2))))","v":" 2 Leach (Area 2), 7B Leach, 7B Waste, 7C Waste, South Rim Pit"},{"$f":"IF(LEFT(TEXT(A251,\"0\"),1)=\"5\",\nVLOOKUP(VLOOKUP(A251,Quantities!$A$4:$D$118,Quantities!$C$2),Quantities!$A$4:$D$118,Quantities!$C$2),\nIF(OR(C251=\"a\",C251=\"c\",C251=\"d\",C251=\"e\"),\n\"-\",\nIF(RIGHT(TEXT(A251,\"0\"),2)=\"00\",VLOOKUP(A251,Quantities[],Quantities!$B$2),\nIF(C251=\"f\",VLOOKUP(A251,Quantities[],Quantities!$B$2),\nVLOOKUP(A251,Quantities[],Quantities!$C$2))\n)))","v":"-"},{"$f":"IF(OR(AND(LEFT(D251,2)=\"Sc\",B251=\"A\",C251=\"d\"),AND(C251=\"f\",B251=\"D\")),\nSUM(VLOOKUP($A251,Quantities[],Quantities!$O$2),VLOOKUP($A251,Quantities[],Quantities!$Q$2),VLOOKUP($A251,Quantities[],Quantities!$S$2)),\n\nIF(AND(LEFT(D251,2)=\"Sc\",OR(C251=\"a\",C251=\"f\")),\nVLOOKUP(A251,Quantities[],Quantities!$I$2),\n\nIF(AND(B251=\"D\",C251=\"b\"),\n VLOOKUP(INDEX(Quantities!$A$100:$A$118,MATCH($A251,Quantities!$C$100:$C$118)),Quantities!$A$100:$AJ$118,Quantities!$O$2)+\nVLOOKUP(INDEX(Quantities!$A$100:$A$118,MATCH($A251,Quantities!$C$100:$C$118)),Quantities!$A$100:$AJ$118,Quantities!$Q$2)+\nVLOOKUP(INDEX(Quantities!$A$100:$A$118,MATCH($A251,Quantities!$C$100:$C$118)),Quantities!$A$100:$AJ$118,Quantities!$S$2),\n\nIF(OR(B251=\"D\",B251=\"Q\"),\nSUM(VLOOKUP($A251,Quantities[],Quantities!$O$2),VLOOKUP($A251,Quantities[],Quantities!$Q$2),VLOOKUP($A251,Quantities[],Quantities!$S$2)),\n\n VLOOKUP(A251,Quantities[],Quantities!$G$2)\n))))","v":0},{"$f":"IF(LEFT(D251,2)=\"Mg\", VLOOKUP(A251,Quantities[],Quantities!$H$2),\n\nIF(OR(AND(LEFT(D251,2)=\"Sc\",B251=\"A\",C251=\"d\",C251=\"f\")),\n(SUM(VLOOKUP($A251,Quantities[],Quantities!$P$2)*VLOOKUP($A251,Quantities[],Quantities!$O$2),VLOOKUP($A251,Quantities[],Quantities!$R$2)*VLOOKUP($A251,Quantities[],Quantities!$Q$2),VLOOKUP($A251,Quantities[],Quantities!$T$2)*VLOOKUP($A251,Quantities[],Quantities!$S$2)))/SUM(VLOOKUP($A251,Quantities[],Quantities!$O$2),VLOOKUP($A251,Quantities[],Quantities!$Q$2),VLOOKUP($A251,Quantities[],Quantities!$S$2)),\n\nIF(AND(LEFT(D251,2)=\"Sc\",OR(C251=\"a\",C251=\"f\")),\nVLOOKUP(A251,Quantities[],Quantities!$J$2),\n\nIF(AND(B251=\"D\",C251=\"b\", (VLOOKUP(INDEX(Quantities!$A$100:$A$118,MATCH($A251,Quantities!$C$100:$C$118)),Quantities[],Quantities!$O$2)+VLOOKUP(INDEX(Quantities!$A$100:$A$118,MATCH($A251,Quantities!$C$100:$C$118)),Quantities[],Quantities!$Q$2)+VLOOKUP(INDEX(Quantities!$A$100:$A$118,MATCH($A251,Quantities!$C$100:$C$118)),Quantities[],Quantities!$S$2))>0),\n(VLOOKUP(INDEX(Quantities!$A$100:$A$118,MATCH($A251,Quantities!$C$100:$C$118)),Quantities[],Quantities!$P$2)*VLOOKUP(INDEX(Quantities!$A$100:$A$118,MATCH($A251,Quantities!$C$100:$C$118)),Quantities[],Quantities!$O$2)\n+VLOOKUP(INDEX(Quantities!$A$100:$A$118,MATCH($A251,Quantities!$C$100:$C$118)),Quantities[],Quantities!$R$2)*VLOOKUP(INDEX(Quantities!$A$100:$A$118,MATCH($A251,Quantities!$C$100:$C$118)),Quantities[],Quantities!$Q$2)\n+VLOOKUP(INDEX(Quantities!$A$100:$A$118,MATCH($A251,Quantities!$C$100:$C$118)),Quantities[],Quantities!$T$2)*VLOOKUP(INDEX(Quantities!$A$100:$A$118,MATCH($A251,Quantities!$C$100:$C$118)),Quantities[],Quantities!$S$2))/\n(VLOOKUP(INDEX(Quantities!$A$100:$A$118,MATCH($A251,Quantities!$C$100:$C$118)),Quantities[],Quantities!$O$2)+VLOOKUP(INDEX(Quantities!$A$100:$A$118,MATCH($A251,Quantities!$C$100:$C$118)),Quantities[],Quantities!$Q$2)+VLOOKUP(A251,Quantities[],Quantities!$S$2)),\n\nIF(AND(B251=\"D\", (VLOOKUP(A251,Quantities[],Quantities!$O$2)+VLOOKUP(A251,Quantities[],Quantities!$Q$2)+VLOOKUP(A251,Quantities[],Quantities!$S$2))>0),\n(VLOOKUP(A251,Quantities[],Quantities!$P$2)*VLOOKUP(A251,Quantities[],Quantities!$O$2)\n+VLOOKUP(A251,Quantities[],Quantities!$R$2)*VLOOKUP(A251,Quantities[],Quantities!$Q$2)\n+VLOOKUP(A251,Quantities[],Quantities!$T$2)*VLOOKUP(A251,Quantities[],Quantities!$S$2))/\n(VLOOKUP(A251,Quantities[],Quantities!$O$2)+VLOOKUP(A251,Quantities[],Quantities!$Q$2)+VLOOKUP(A251,Quantities[],Quantities!$S$2)),\n\nIF($B251=\"Q\", (SUM(VLOOKUP($A251,Quantities[],Quantities!$P$2)*VLOOKUP($A251,Quantities[],Quantities!$O$2),VLOOKUP($A251,Quantities[],Quantities!$R$2)*VLOOKUP($A251,Quantities[],Quantities!$Q$2),VLOOKUP($A251,Quantities[],Quantities!$T$2)*VLOOKUP($A251,Quantities[],Quantities!$S$2)))/SUM(VLOOKUP($A251,Quantities[],Quantities!$O$2),VLOOKUP($A251,Quantities[],Quantities!$Q$2),VLOOKUP($A251,Quantities[],Quantities!$S$2)),\n\n VLOOKUP(A251,Quantities[],Quantities!$H$2)\n))))))","v":"-"},{"$f":"IF(LEFT(D251,1)=\"U\",\"-\",VLOOKUP(D251,Equipment[],Equipment!$B$2))","v":"-"}]
[{"$f":"Quantities!$A$23","v":1600},"Gb","e",{"$f":"'Unit Rates'!$A$16","v":"U6"},"1600-Gb-e-U6",{"$f":"IF(D252=\"Comb1\",CONCATENATE(VLOOKUP(B252,'Activity-Material_Codes'!$A$2:$B$26,Quantities!$B$2),\"-\",VLOOKUP(A252,Quantities[],Quantities!$D$2)),\nCONCATENATE(\nVLOOKUP(B252,'Activity-Material_Codes'!$A$2:$B$26,Quantities!$B$2),\nIF(AND(B252=\"B\",C252=\"a\"), \" Scraper Grading\", \"\"),\nIF(C252=\"b\",\"\",\"-\"),\nIF(C252=\"b\",\"\",VLOOKUP(A252,Quantities[],Quantities!$D$2)),\nIF(LEFT(TEXT(A252,\"0\"),1)=\"5\",\"\",\"-\"),\nIF(LEFT(TEXT(A252,\"0\"),1)=\"5\",\"\",VLOOKUP(C252,'Activity-Material_Codes'!$A$30:$B$36,Quantities!$B$2))\n))","v":"Construct Downdrain Dissipators-Entire Stockpile-Final Grade"},{"$f":"CONCATENATE(\nIF(OR(RIGHT(TEXT($A252,\"0\"),Quantities!$B$2)=\"00\",LEFT(TEXT($A252,\"0\"),1)=\"5\",OR($C252=\"b\",$C252=\"f\")),\"\",VLOOKUP($A252,Quantities[],Quantities!$B$2)),\nIF(LEFT(TEXT($A252,\"0\"),1)=\"5\",\"\",\" \"),\nIF(OR(C252=\"a\",C252=\"c\",C252=\"d\",C252=\"e\"),IF(OR(RIGHT(TEXT($A252,\"0\"),Quantities!$B$2)=\"00\",LEFT(TEXT($A252,\"0\"),1)=\"5\"),VLOOKUP($A252,Quantities[],Quantities!$B$2),\"\"),\nIF(LEFT(TEXT($A252,\"0\"),1)=\"5\",VLOOKUP($A252,Quantities[],Quantities!$B$2),\nVLOOKUP(INDEX(Quantities!$A$100:$A$118,MATCH($A252,Quantities!$C$100:$C$118)),Quantities!$A$100:$B$118,Quantities!$B$2))))","v":" 6B Leach, 6D Leach"},{"$f":"IF(LEFT(TEXT(A252,\"0\"),1)=\"5\",\nVLOOKUP(VLOOKUP(A252,Quantities!$A$4:$D$118,Quantities!$C$2),Quantities!$A$4:$D$118,Quantities!$C$2),\nIF(OR(C252=\"a\",C252=\"c\",C252=\"d\",C252=\"e\"),\n\"-\",\nIF(RIGHT(TEXT(A252,\"0\"),2)=\"00\",VLOOKUP(A252,Quantities[],Quantities!$B$2),\nIF(C252=\"f\",VLOOKUP(A252,Quantities[],Quantities!$B$2),\nVLOOKUP(A252,Quantities[],Quantities!$C$2))\n)))","v":"-"},{"$f":"IF(OR(AND(LEFT(D252,2)=\"Sc\",B252=\"A\",C252=\"d\"),AND(C252=\"f\",B252=\"D\")),\nSUM(VLOOKUP($A252,Quantities[],Quantities!$O$2),VLOOKUP($A252,Quantities[],Quantities!$Q$2),VLOOKUP($A252,Quantities[],Quantities!$S$2)),\n\nIF(AND(LEFT(D252,2)=\"Sc\",OR(C252=\"a\",C252=\"f\")),\nVLOOKUP(A252,Quantities[],Quantities!$I$2),\n\nIF(AND(B252=\"D\",C252=\"b\"),\n VLOOKUP(INDEX(Quantities!$A$100:$A$118,MATCH($A252,Quantities!$C$100:$C$118)),Quantities!$A$100:$AJ$118,Quantities!$O$2)+\nVLOOKUP(INDEX(Quantities!$A$100:$A$118,MATCH($A252,Quantities!$C$100:$C$118)),Quantities!$A$100:$AJ$118,Quantities!$Q$2)+\nVLOOKUP(INDEX(Quantities!$A$100:$A$118,MATCH($A252,Quantities!$C$100:$C$118)),Quantities!$A$100:$AJ$118,Quantities!$S$2),\n\nIF(OR(B252=\"D\",B252=\"Q\"),\nSUM(VLOOKUP($A252,Quantities[],Quantities!$O$2),VLOOKUP($A252,Quantities[],Quantities!$Q$2),VLOOKUP($A252,Quantities[],Quantities!$S$2)),\n\n VLOOKUP(A252,Quantities[],Quantities!$G$2)\n))))","v":0},{"$f":"IF(LEFT(D252,2)=\"Mg\", VLOOKUP(A252,Quantities[],Quantities!$H$2),\n\nIF(OR(AND(LEFT(D252,2)=\"Sc\",B252=\"A\",C252=\"d\",C252=\"f\")),\n(SUM(VLOOKUP($A252,Quantities[],Quantities!$P$2)*VLOOKUP($A252,Quantities[],Quantities!$O$2),VLOOKUP($A252,Quantities[],Quantities!$R$2)*VLOOKUP($A252,Quantities[],Quantities!$Q$2),VLOOKUP($A252,Quantities[],Quantities!$T$2)*VLOOKUP($A252,Quantities[],Quantities!$S$2)))/SUM(VLOOKUP($A252,Quantities[],Quantities!$O$2),VLOOKUP($A252,Quantities[],Quantities!$Q$2),VLOOKUP($A252,Quantities[],Quantities!$S$2)),\n\nIF(AND(LEFT(D252,2)=\"Sc\",OR(C252=\"a\",C252=\"f\")),\nVLOOKUP(A252,Quantities[],Quantities!$J$2),\n\nIF(AND(B252=\"D\",C252=\"b\", (VLOOKUP(INDEX(Quantities!$A$100:$A$118,MATCH($A252,Quantities!$C$100:$C$118)),Quantities[],Quantities!$O$2)+VLOOKUP(INDEX(Quantities!$A$100:$A$118,MATCH($A252,Quantities!$C$100:$C$118)),Quantities[],Quantities!$Q$2)+VLOOKUP(INDEX(Quantities!$A$100:$A$118,MATCH($A252,Quantities!$C$100:$C$118)),Quantities[],Quantities!$S$2))>0),\n(VLOOKUP(INDEX(Quantities!$A$100:$A$118,MATCH($A252,Quantities!$C$100:$C$118)),Quantities[],Quantities!$P$2)*VLOOKUP(INDEX(Quantities!$A$100:$A$118,MATCH($A252,Quantities!$C$100:$C$118)),Quantities[],Quantities!$O$2)\n+VLOOKUP(INDEX(Quantities!$A$100:$A$118,MATCH($A252,Quantities!$C$100:$C$118)),Quantities[],Quantities!$R$2)*VLOOKUP(INDEX(Quantities!$A$100:$A$118,MATCH($A252,Quantities!$C$100:$C$118)),Quantities[],Quantities!$Q$2)\n+VLOOKUP(INDEX(Quantities!$A$100:$A$118,MATCH($A252,Quantities!$C$100:$C$118)),Quantities[],Quantities!$T$2)*VLOOKUP(INDEX(Quantities!$A$100:$A$118,MATCH($A252,Quantities!$C$100:$C$118)),Quantities[],Quantities!$S$2))/\n(VLOOKUP(INDEX(Quantities!$A$100:$A$118,MATCH($A252,Quantities!$C$100:$C$118)),Quantities[],Quantities!$O$2)+VLOOKUP(INDEX(Quantities!$A$100:$A$118,MATCH($A252,Quantities!$C$100:$C$118)),Quantities[],Quantities!$Q$2)+VLOOKUP(A252,Quantities[],Quantities!$S$2)),\n\nIF(AND(B252=\"D\", (VLOOKUP(A252,Quantities[],Quantities!$O$2)+VLOOKUP(A252,Quantities[],Quantities!$Q$2)+VLOOKUP(A252,Quantities[],Quantities!$S$2))>0),\n(VLOOKUP(A252,Quantities[],Quantities!$P$2)*VLOOKUP(A252,Quantities[],Quantities!$O$2)\n+VLOOKUP(A252,Quantities[],Quantities!$R$2)*VLOOKUP(A252,Quantities[],Quantities!$Q$2)\n+VLOOKUP(A252,Quantities[],Quantities!$T$2)*VLOOKUP(A252,Quantities[],Quantities!$S$2))/\n(VLOOKUP(A252,Quantities[],Quantities!$O$2)+VLOOKUP(A252,Quantities[],Quantities!$Q$2)+VLOOKUP(A252,Quantities[],Quantities!$S$2)),\n\nIF($B252=\"Q\", (SUM(VLOOKUP($A252,Quantities[],Quantities!$P$2)*VLOOKUP($A252,Quantities[],Quantities!$O$2),VLOOKUP($A252,Quantities[],Quantities!$R$2)*VLOOKUP($A252,Quantities[],Quantities!$Q$2),VLOOKUP($A252,Quantities[],Quantities!$T$2)*VLOOKUP($A252,Quantities[],Quantities!$S$2)))/SUM(VLOOKUP($A252,Quantities[],Quantities!$O$2),VLOOKUP($A252,Quantities[],Quantities!$Q$2),VLOOKUP($A252,Quantities[],Quantities!$S$2)),\n\n VLOOKUP(A252,Quantities[],Quantities!$H$2)\n))))))","v":"-"},{"$f":"IF(LEFT(D252,1)=\"U\",\"-\",VLOOKUP(D252,Equipment[],Equipment!$B$2))","v":"-"}]
[{"$f":"Quantities!$A$26","v":1700},"Gb","e",{"$f":"'Unit Rates'!$A$16","v":"U6"},"1700-Gb-e-U6",{"$f":"IF(D253=\"Comb1\",CONCATENATE(VLOOKUP(B253,'Activity-Material_Codes'!$A$2:$B$26,Quantities!$B$2),\"-\",VLOOKUP(A253,Quantities[],Quantities!$D$2)),\nCONCATENATE(\nVLOOKUP(B253,'Activity-Material_Codes'!$A$2:$B$26,Quantities!$B$2),\nIF(AND(B253=\"B\",C253=\"a\"), \" Scraper Grading\", \"\"),\nIF(C253=\"b\",\"\",\"-\"),\nIF(C253=\"b\",\"\",VLOOKUP(A253,Quantities[],Quantities!$D$2)),\nIF(LEFT(TEXT(A253,\"0\"),1)=\"5\",\"\",\"-\"),\nIF(LEFT(TEXT(A253,\"0\"),1)=\"5\",\"\",VLOOKUP(C253,'Activity-Material_Codes'!$A$30:$B$36,Quantities!$B$2))\n))","v":"Construct Downdrain Dissipators-Entire Stockpile-Final Grade"},{"$f":"CONCATENATE(\nIF(OR(RIGHT(TEXT($A253,\"0\"),Quantities!$B$2)=\"00\",LEFT(TEXT($A253,\"0\"),1)=\"5\",OR($C253=\"b\",$C253=\"f\")),\"\",VLOOKUP($A253,Quantities[],Quantities!$B$2)),\nIF(LEFT(TEXT($A253,\"0\"),1)=\"5\",\"\",\" \"),\nIF(OR(C253=\"a\",C253=\"c\",C253=\"d\",C253=\"e\"),IF(OR(RIGHT(TEXT($A253,\"0\"),Quantities!$B$2)=\"00\",LEFT(TEXT($A253,\"0\"),1)=\"5\"),VLOOKUP($A253,Quantities[],Quantities!$B$2),\"\"),\nIF(LEFT(TEXT($A253,\"0\"),1)=\"5\",VLOOKUP($A253,Quantities[],Quantities!$B$2),\nVLOOKUP(INDEX(Quantities!$A$100:$A$118,MATCH($A253,Quantities!$C$100:$C$118)),Quantities!$A$100:$B$118,Quantities!$B$2))))","v":" 6C Leach"},{"$f":"IF(LEFT(TEXT(A253,\"0\"),1)=\"5\",\nVLOOKUP(VLOOKUP(A253,Quantities!$A$4:$D$118,Quantities!$C$2),Quantities!$A$4:$D$118,Quantities!$C$2),\nIF(OR(C253=\"a\",C253=\"c\",C253=\"d\",C253=\"e\"),\n\"-\",\nIF(RIGHT(TEXT(A253,\"0\"),2)=\"00\",VLOOKUP(A253,Quantities[],Quantities!$B$2),\nIF(C253=\"f\",VLOOKUP(A253,Quantities[],Quantities!$B$2),\nVLOOKUP(A253,Quantities[],Quantities!$C$2))\n)))","v":"-"},{"$f":"IF(OR(AND(LEFT(D253,2)=\"Sc\",B253=\"A\",C253=\"d\"),AND(C253=\"f\",B253=\"D\")),\nSUM(VLOOKUP($A253,Quantities[],Quantities!$O$2),VLOOKUP($A253,Quantities[],Quantities!$Q$2),VLOOKUP($A253,Quantities[],Quantities!$S$2)),\n\nIF(AND(LEFT(D253,2)=\"Sc\",OR(C253=\"a\",C253=\"f\")),\nVLOOKUP(A253,Quantities[],Quantities!$I$2),\n\nIF(AND(B253=\"D\",C253=\"b\"),\n VLOOKUP(INDEX(Quantities!$A$100:$A$118,MATCH($A253,Quantities!$C$100:$C$118)),Quantities!$A$100:$AJ$118,Quantities!$O$2)+\nVLOOKUP(INDEX(Quantities!$A$100:$A$118,MATCH($A253,Quantities!$C$100:$C$118)),Quantities!$A$100:$AJ$118,Quantities!$Q$2)+\nVLOOKUP(INDEX(Quantities!$A$100:$A$118,MATCH($A253,Quantities!$C$100:$C$118)),Quantities!$A$100:$AJ$118,Quantities!$S$2),\n\nIF(OR(B253=\"D\",B253=\"Q\"),\nSUM(VLOOKUP($A253,Quantities[],Quantities!$O$2),VLOOKUP($A253,Quantities[],Quantities!$Q$2),VLOOKUP($A253,Quantities[],Quantities!$S$2)),\n\n VLOOKUP(A253,Quantities[],Quantities!$G$2)\n))))","v":0},{"$f":"IF(LEFT(D253,2)=\"Mg\", VLOOKUP(A253,Quantities[],Quantities!$H$2),\n\nIF(OR(AND(LEFT(D253,2)=\"Sc\",B253=\"A\",C253=\"d\",C253=\"f\")),\n(SUM(VLOOKUP($A253,Quantities[],Quantities!$P$2)*VLOOKUP($A253,Quantities[],Quantities!$O$2),VLOOKUP($A253,Quantities[],Quantities!$R$2)*VLOOKUP($A253,Quantities[],Quantities!$Q$2),VLOOKUP($A253,Quantities[],Quantities!$T$2)*VLOOKUP($A253,Quantities[],Quantities!$S$2)))/SUM(VLOOKUP($A253,Quantities[],Quantities!$O$2),VLOOKUP($A253,Quantities[],Quantities!$Q$2),VLOOKUP($A253,Quantities[],Quantities!$S$2)),\n\nIF(AND(LEFT(D253,2)=\"Sc\",OR(C253=\"a\",C253=\"f\")),\nVLOOKUP(A253,Quantities[],Quantities!$J$2),\n\nIF(AND(B253=\"D\",C253=\"b\", (VLOOKUP(INDEX(Quantities!$A$100:$A$118,MATCH($A253,Quantities!$C$100:$C$118)),Quantities[],Quantities!$O$2)+VLOOKUP(INDEX(Quantities!$A$100:$A$118,MATCH($A253,Quantities!$C$100:$C$118)),Quantities[],Quantities!$Q$2)+VLOOKUP(INDEX(Quantities!$A$100:$A$118,MATCH($A253,Quantities!$C$100:$C$118)),Quantities[],Quantities!$S$2))>0),\n(VLOOKUP(INDEX(Quantities!$A$100:$A$118,MATCH($A253,Quantities!$C$100:$C$118)),Quantities[],Quantities!$P$2)*VLOOKUP(INDEX(Quantities!$A$100:$A$118,MATCH($A253,Quantities!$C$100:$C$118)),Quantities[],Quantities!$O$2)\n+VLOOKUP(INDEX(Quantities!$A$100:$A$118,MATCH($A253,Quantities!$C$100:$C$118)),Quantities[],Quantities!$R$2)*VLOOKUP(INDEX(Quantities!$A$100:$A$118,MATCH($A253,Quantities!$C$100:$C$118)),Quantities[],Quantities!$Q$2)\n+VLOOKUP(INDEX(Quantities!$A$100:$A$118,MATCH($A253,Quantities!$C$100:$C$118)),Quantities[],Quantities!$T$2)*VLOOKUP(INDEX(Quantities!$A$100:$A$118,MATCH($A253,Quantities!$C$100:$C$118)),Quantities[],Quantities!$S$2))/\n(VLOOKUP(INDEX(Quantities!$A$100:$A$118,MATCH($A253,Quantities!$C$100:$C$118)),Quantities[],Quantities!$O$2)+VLOOKUP(INDEX(Quantities!$A$100:$A$118,MATCH($A253,Quantities!$C$100:$C$118)),Quantities[],Quantities!$Q$2)+VLOOKUP(A253,Quantities[],Quantities!$S$2)),\n\nIF(AND(B253=\"D\", (VLOOKUP(A253,Quantities[],Quantities!$O$2)+VLOOKUP(A253,Quantities[],Quantities!$Q$2)+VLOOKUP(A253,Quantities[],Quantities!$S$2))>0),\n(VLOOKUP(A253,Quantities[],Quantities!$P$2)*VLOOKUP(A253,Quantities[],Quantities!$O$2)\n+VLOOKUP(A253,Quantities[],Quantities!$R$2)*VLOOKUP(A253,Quantities[],Quantities!$Q$2)\n+VLOOKUP(A253,Quantities[],Quantities!$T$2)*VLOOKUP(A253,Quantities[],Quantities!$S$2))/\n(VLOOKUP(A253,Quantities[],Quantities!$O$2)+VLOOKUP(A253,Quantities[],Quantities!$Q$2)+VLOOKUP(A253,Quantities[],Quantities!$S$2)),\n\nIF($B253=\"Q\", (SUM(VLOOKUP($A253,Quantities[],Quantities!$P$2)*VLOOKUP($A253,Quantities[],Quantities!$O$2),VLOOKUP($A253,Quantities[],Quantities!$R$2)*VLOOKUP($A253,Quantities[],Quantities!$Q$2),VLOOKUP($A253,Quantities[],Quantities!$T$2)*VLOOKUP($A253,Quantities[],Quantities!$S$2)))/SUM(VLOOKUP($A253,Quantities[],Quantities!$O$2),VLOOKUP($A253,Quantities[],Quantities!$Q$2),VLOOKUP($A253,Quantities[],Quantities!$S$2)),\n\n VLOOKUP(A253,Quantities[],Quantities!$H$2)\n))))))","v":"-"},{"$f":"IF(LEFT(D253,1)=\"U\",\"-\",VLOOKUP(D253,Equipment[],Equipment!$B$2))","v":"-"}]
[{"$f":"Quantities!$A$33","v":2000},"Gb","e",{"$f":"'Unit Rates'!$A$16","v":"U6"},"2000-Gb-e-U6",{"$f":"IF(D254=\"Comb1\",CONCATENATE(VLOOKUP(B254,'Activity-Material_Codes'!$A$2:$B$26,Quantities!$B$2),\"-\",VLOOKUP(A254,Quantities[],Quantities!$D$2)),\nCONCATENATE(\nVLOOKUP(B254,'Activity-Material_Codes'!$A$2:$B$26,Quantities!$B$2),\nIF(AND(B254=\"B\",C254=\"a\"), \" Scraper Grading\", \"\"),\nIF(C254=\"b\",\"\",\"-\"),\nIF(C254=\"b\",\"\",VLOOKUP(A254,Quantities[],Quantities!$D$2)),\nIF(LEFT(TEXT(A254,\"0\"),1)=\"5\",\"\",\"-\"),\nIF(LEFT(TEXT(A254,\"0\"),1)=\"5\",\"\",VLOOKUP(C254,'Activity-Material_Codes'!$A$30:$B$36,Quantities!$B$2))\n))","v":"Construct Downdrain Dissipators-Entire Stockpile-Final Grade"},{"$f":"CONCATENATE(\nIF(OR(RIGHT(TEXT($A254,\"0\"),Quantities!$B$2)=\"00\",LEFT(TEXT($A254,\"0\"),1)=\"5\",OR($C254=\"b\",$C254=\"f\")),\"\",VLOOKUP($A254,Quantities[],Quantities!$B$2)),\nIF(LEFT(TEXT($A254,\"0\"),1)=\"5\",\"\",\" \"),\nIF(OR(C254=\"a\",C254=\"c\",C254=\"d\",C254=\"e\"),IF(OR(RIGHT(TEXT($A254,\"0\"),Quantities!$B$2)=\"00\",LEFT(TEXT($A254,\"0\"),1)=\"5\"),VLOOKUP($A254,Quantities[],Quantities!$B$2),\"\"),\nIF(LEFT(TEXT($A254,\"0\"),1)=\"5\",VLOOKUP($A254,Quantities[],Quantities!$B$2),\nVLOOKUP(INDEX(Quantities!$A$100:$A$118,MATCH($A254,Quantities!$C$100:$C$118)),Quantities!$A$100:$B$118,Quantities!$B$2))))","v":" 9A Waste "},{"$f":"IF(LEFT(TEXT(A254,\"0\"),1)=\"5\",\nVLOOKUP(VLOOKUP(A254,Quantities!$A$4:$D$118,Quantities!$C$2),Quantities!$A$4:$D$118,Quantities!$C$2),\nIF(OR(C254=\"a\",C254=\"c\",C254=\"d\",C254=\"e\"),\n\"-\",\nIF(RIGHT(TEXT(A254,\"0\"),2)=\"00\",VLOOKUP(A254,Quantities[],Quantities!$B$2),\nIF(C254=\"f\",VLOOKUP(A254,Quantities[],Quantities!$B$2),\nVLOOKUP(A254,Quantities[],Quantities!$C$2))\n)))","v":"-"},{"$f":"IF(OR(AND(LEFT(D254,2)=\"Sc\",B254=\"A\",C254=\"d\"),AND(C254=\"f\",B254=\"D\")),\nSUM(VLOOKUP($A254,Quantities[],Quantities!$O$2),VLOOKUP($A254,Quantities[],Quantities!$Q$2),VLOOKUP($A254,Quantities[],Quantities!$S$2)),\n\nIF(AND(LEFT(D254,2)=\"Sc\",OR(C254=\"a\",C254=\"f\")),\nVLOOKUP(A254,Quantities[],Quantities!$I$2),\n\nIF(AND(B254=\"D\",C254=\"b\"),\n VLOOKUP(INDEX(Quantities!$A$100:$A$118,MATCH($A254,Quantities!$C$100:$C$118)),Quantities!$A$100:$AJ$118,Quantities!$O$2)+\nVLOOKUP(INDEX(Quantities!$A$100:$A$118,MATCH($A254,Quantities!$C$100:$C$118)),Quantities!$A$100:$AJ$118,Quantities!$Q$2)+\nVLOOKUP(INDEX(Quantities!$A$100:$A$118,MATCH($A254,Quantities!$C$100:$C$118)),Quantities!$A$100:$AJ$118,Quantities!$S$2),\n\nIF(OR(B254=\"D\",B254=\"Q\"),\nSUM(VLOOKUP($A254,Quantities[],Quantities!$O$2),VLOOKUP($A254,Quantities[],Quantities!$Q$2),VLOOKUP($A254,Quantities[],Quantities!$S$2)),\n\n VLOOKUP(A254,Quantities[],Quantities!$G$2)\n))))","v":0},{"$f":"IF(LEFT(D254,2)=\"Mg\", VLOOKUP(A254,Quantities[],Quantities!$H$2),\n\nIF(OR(AND(LEFT(D254,2)=\"Sc\",B254=\"A\",C254=\"d\",C254=\"f\")),\n(SUM(VLOOKUP($A254,Quantities[],Quantities!$P$2)*VLOOKUP($A254,Quantities[],Quantities!$O$2),VLOOKUP($A254,Quantities[],Quantities!$R$2)*VLOOKUP($A254,Quantities[],Quantities!$Q$2),VLOOKUP($A254,Quantities[],Quantities!$T$2)*VLOOKUP($A254,Quantities[],Quantities!$S$2)))/SUM(VLOOKUP($A254,Quantities[],Quantities!$O$2),VLOOKUP($A254,Quantities[],Quantities!$Q$2),VLOOKUP($A254,Quantities[],Quantities!$S$2)),\n\nIF(AND(LEFT(D254,2)=\"Sc\",OR(C254=\"a\",C254=\"f\")),\nVLOOKUP(A254,Quantities[],Quantities!$J$2),\n\nIF(AND(B254=\"D\",C254=\"b\", (VLOOKUP(INDEX(Quantities!$A$100:$A$118,MATCH($A254,Quantities!$C$100:$C$118)),Quantities[],Quantities!$O$2)+VLOOKUP(INDEX(Quantities!$A$100:$A$118,MATCH($A254,Quantities!$C$100:$C$118)),Quantities[],Quantities!$Q$2)+VLOOKUP(INDEX(Quantities!$A$100:$A$118,MATCH($A254,Quantities!$C$100:$C$118)),Quantities[],Quantities!$S$2))>0),\n(VLOOKUP(INDEX(Quantities!$A$100:$A$118,MATCH($A254,Quantities!$C$100:$C$118)),Quantities[],Quantities!$P$2)*VLOOKUP(INDEX(Quantities!$A$100:$A$118,MATCH($A254,Quantities!$C$100:$C$118)),Quantities[],Quantities!$O$2)\n+VLOOKUP(INDEX(Quantities!$A$100:$A$118,MATCH($A254,Quantities!$C$100:$C$118)),Quantities[],Quantities!$R$2)*VLOOKUP(INDEX(Quantities!$A$100:$A$118,MATCH($A254,Quantities!$C$100:$C$118)),Quantities[],Quantities!$Q$2)\n+VLOOKUP(INDEX(Quantities!$A$100:$A$118,MATCH($A254,Quantities!$C$100:$C$118)),Quantities[],Quantities!$T$2)*VLOOKUP(INDEX(Quantities!$A$100:$A$118,MATCH($A254,Quantities!$C$100:$C$118)),Quantities[],Quantities!$S$2))/\n(VLOOKUP(INDEX(Quantities!$A$100:$A$118,MATCH($A254,Quantities!$C$100:$C$118)),Quantities[],Quantities!$O$2)+VLOOKUP(INDEX(Quantities!$A$100:$A$118,MATCH($A254,Quantities!$C$100:$C$118)),Quantities[],Quantities!$Q$2)+VLOOKUP(A254,Quantities[],Quantities!$S$2)),\n\nIF(AND(B254=\"D\", (VLOOKUP(A254,Quantities[],Quantities!$O$2)+VLOOKUP(A254,Quantities[],Quantities!$Q$2)+VLOOKUP(A254,Quantities[],Quantities!$S$2))>0),\n(VLOOKUP(A254,Quantities[],Quantities!$P$2)*VLOOKUP(A254,Quantities[],Quantities!$O$2)\n+VLOOKUP(A254,Quantities[],Quantities!$R$2)*VLOOKUP(A254,Quantities[],Quantities!$Q$2)\n+VLOOKUP(A254,Quantities[],Quantities!$T$2)*VLOOKUP(A254,Quantities[],Quantities!$S$2))/\n(VLOOKUP(A254,Quantities[],Quantities!$O$2)+VLOOKUP(A254,Quantities[],Quantities!$Q$2)+VLOOKUP(A254,Quantities[],Quantities!$S$2)),\n\nIF($B254=\"Q\", (SUM(VLOOKUP($A254,Quantities[],Quantities!$P$2)*VLOOKUP($A254,Quantities[],Quantities!$O$2),VLOOKUP($A254,Quantities[],Quantities!$R$2)*VLOOKUP($A254,Quantities[],Quantities!$Q$2),VLOOKUP($A254,Quantities[],Quantities!$T$2)*VLOOKUP($A254,Quantities[],Quantities!$S$2)))/SUM(VLOOKUP($A254,Quantities[],Quantities!$O$2),VLOOKUP($A254,Quantities[],Quantities!$Q$2),VLOOKUP($A254,Quantities[],Quantities!$S$2)),\n\n VLOOKUP(A254,Quantities[],Quantities!$H$2)\n))))))","v":"-"},{"$f":"IF(LEFT(D254,1)=\"U\",\"-\",VLOOKUP(D254,Equipment[],Equipment!$B$2))","v":"-"}]
[{"$f":"Quantities!$A$4","v":1000},"H","e",{"$f":"'Unit Rates'!$A$17","v":"U7a"},"1000-H-e-U7a",{"$f":"IF(D255=\"Comb1\",CONCATENATE(VLOOKUP(B255,'Activity-Material_Codes'!$A$2:$B$26,Quantities!$B$2),\"-\",VLOOKUP(A255,Quantities[],Quantities!$D$2)),\nCONCATENATE(\nVLOOKUP(B255,'Activity-Material_Codes'!$A$2:$B$26,Quantities!$B$2),\nIF(AND(B255=\"B\",C255=\"a\"), \" Scraper Grading\", \"\"),\nIF(C255=\"b\",\"\",\"-\"),\nIF(C255=\"b\",\"\",VLOOKUP(A255,Quantities[],Quantities!$D$2)),\nIF(LEFT(TEXT(A255,\"0\"),1)=\"5\",\"\",\"-\"),\nIF(LEFT(TEXT(A255,\"0\"),1)=\"5\",\"\",VLOOKUP(C255,'Activity-Material_Codes'!$A$30:$B$36,Quantities!$B$2))\n))","v":"Construct Channels w/ Riprap-Entire Stockpile-Final Grade"},{"$f":"CONCATENATE(\nIF(OR(RIGHT(TEXT($A255,\"0\"),Quantities!$B$2)=\"00\",LEFT(TEXT($A255,\"0\"),1)=\"5\",OR($C255=\"b\",$C255=\"f\")),\"\",VLOOKUP($A255,Quantities[],Quantities!$B$2)),\nIF(LEFT(TEXT($A255,\"0\"),1)=\"5\",\"\",\" \"),\nIF(OR(C255=\"a\",C255=\"c\",C255=\"d\",C255=\"e\"),IF(OR(RIGHT(TEXT($A255,\"0\"),Quantities!$B$2)=\"00\",LEFT(TEXT($A255,\"0\"),1)=\"5\"),VLOOKUP($A255,Quantities[],Quantities!$B$2),\"\"),\nIF(LEFT(TEXT($A255,\"0\"),1)=\"5\",VLOOKUP($A255,Quantities[],Quantities!$B$2),\nVLOOKUP(INDEX(Quantities!$A$100:$A$118,MATCH($A255,Quantities!$C$100:$C$118)),Quantities!$A$100:$B$118,Quantities!$B$2))))","v":" 1A Leach, 1B Leach "},{"$f":"IF(LEFT(TEXT(A255,\"0\"),1)=\"5\",\nVLOOKUP(VLOOKUP(A255,Quantities!$A$4:$D$118,Quantities!$C$2),Quantities!$A$4:$D$118,Quantities!$C$2),\nIF(OR(C255=\"a\",C255=\"c\",C255=\"d\",C255=\"e\"),\n\"-\",\nIF(RIGHT(TEXT(A255,\"0\"),2)=\"00\",VLOOKUP(A255,Quantities[],Quantities!$B$2),\nIF(C255=\"f\",VLOOKUP(A255,Quantities[],Quantities!$B$2),\nVLOOKUP(A255,Quantities[],Quantities!$C$2))\n)))","v":"-"},{"$f":"IF(OR(AND(LEFT(D255,2)=\"Sc\",B255=\"A\",C255=\"d\"),AND(C255=\"f\",B255=\"D\")),\nSUM(VLOOKUP($A255,Quantities[],Quantities!$O$2),VLOOKUP($A255,Quantities[],Quantities!$Q$2),VLOOKUP($A255,Quantities[],Quantities!$S$2)),\n\nIF(AND(LEFT(D255,2)=\"Sc\",OR(C255=\"a\",C255=\"f\")),\nVLOOKUP(A255,Quantities[],Quantities!$I$2),\n\nIF(AND(B255=\"D\",C255=\"b\"),\n VLOOKUP(INDEX(Quantities!$A$100:$A$118,MATCH($A255,Quantities!$C$100:$C$118)),Quantities!$A$100:$AJ$118,Quantities!$O$2)+\nVLOOKUP(INDEX(Quantities!$A$100:$A$118,MATCH($A255,Quantities!$C$100:$C$118)),Quantities!$A$100:$AJ$118,Quantities!$Q$2)+\nVLOOKUP(INDEX(Quantities!$A$100:$A$118,MATCH($A255,Quantities!$C$100:$C$118)),Quantities!$A$100:$AJ$118,Quantities!$S$2),\n\nIF(OR(B255=\"D\",B255=\"Q\"),\nSUM(VLOOKUP($A255,Quantities[],Quantities!$O$2),VLOOKUP($A255,Quantities[],Quantities!$Q$2),VLOOKUP($A255,Quantities[],Quantities!$S$2)),\n\n VLOOKUP(A255,Quantities[],Quantities!$G$2)\n))))","v":0},{"$f":"IF(LEFT(D255,2)=\"Mg\", VLOOKUP(A255,Quantities[],Quantities!$H$2),\n\nIF(OR(AND(LEFT(D255,2)=\"Sc\",B255=\"A\",C255=\"d\",C255=\"f\")),\n(SUM(VLOOKUP($A255,Quantities[],Quantities!$P$2)*VLOOKUP($A255,Quantities[],Quantities!$O$2),VLOOKUP($A255,Quantities[],Quantities!$R$2)*VLOOKUP($A255,Quantities[],Quantities!$Q$2),VLOOKUP($A255,Quantities[],Quantities!$T$2)*VLOOKUP($A255,Quantities[],Quantities!$S$2)))/SUM(VLOOKUP($A255,Quantities[],Quantities!$O$2),VLOOKUP($A255,Quantities[],Quantities!$Q$2),VLOOKUP($A255,Quantities[],Quantities!$S$2)),\n\nIF(AND(LEFT(D255,2)=\"Sc\",OR(C255=\"a\",C255=\"f\")),\nVLOOKUP(A255,Quantities[],Quantities!$J$2),\n\nIF(AND(B255=\"D\",C255=\"b\", (VLOOKUP(INDEX(Quantities!$A$100:$A$118,MATCH($A255,Quantities!$C$100:$C$118)),Quantities[],Quantities!$O$2)+VLOOKUP(INDEX(Quantities!$A$100:$A$118,MATCH($A255,Quantities!$C$100:$C$118)),Quantities[],Quantities!$Q$2)+VLOOKUP(INDEX(Quantities!$A$100:$A$118,MATCH($A255,Quantities!$C$100:$C$118)),Quantities[],Quantities!$S$2))>0),\n(VLOOKUP(INDEX(Quantities!$A$100:$A$118,MATCH($A255,Quantities!$C$100:$C$118)),Quantities[],Quantities!$P$2)*VLOOKUP(INDEX(Quantities!$A$100:$A$118,MATCH($A255,Quantities!$C$100:$C$118)),Quantities[],Quantities!$O$2)\n+VLOOKUP(INDEX(Quantities!$A$100:$A$118,MATCH($A255,Quantities!$C$100:$C$118)),Quantities[],Quantities!$R$2)*VLOOKUP(INDEX(Quantities!$A$100:$A$118,MATCH($A255,Quantities!$C$100:$C$118)),Quantities[],Quantities!$Q$2)\n+VLOOKUP(INDEX(Quantities!$A$100:$A$118,MATCH($A255,Quantities!$C$100:$C$118)),Quantities[],Quantities!$T$2)*VLOOKUP(INDEX(Quantities!$A$100:$A$118,MATCH($A255,Quantities!$C$100:$C$118)),Quantities[],Quantities!$S$2))/\n(VLOOKUP(INDEX(Quantities!$A$100:$A$118,MATCH($A255,Quantities!$C$100:$C$118)),Quantities[],Quantities!$O$2)+VLOOKUP(INDEX(Quantities!$A$100:$A$118,MATCH($A255,Quantities!$C$100:$C$118)),Quantities[],Quantities!$Q$2)+VLOOKUP(A255,Quantities[],Quantities!$S$2)),\n\nIF(AND(B255=\"D\", (VLOOKUP(A255,Quantities[],Quantities!$O$2)+VLOOKUP(A255,Quantities[],Quantities!$Q$2)+VLOOKUP(A255,Quantities[],Quantities!$S$2))>0),\n(VLOOKUP(A255,Quantities[],Quantities!$P$2)*VLOOKUP(A255,Quantities[],Quantities!$O$2)\n+VLOOKUP(A255,Quantities[],Quantities!$R$2)*VLOOKUP(A255,Quantities[],Quantities!$Q$2)\n+VLOOKUP(A255,Quantities[],Quantities!$T$2)*VLOOKUP(A255,Quantities[],Quantities!$S$2))/\n(VLOOKUP(A255,Quantities[],Quantities!$O$2)+VLOOKUP(A255,Quantities[],Quantities!$Q$2)+VLOOKUP(A255,Quantities[],Quantities!$S$2)),\n\nIF($B255=\"Q\", (SUM(VLOOKUP($A255,Quantities[],Quantities!$P$2)*VLOOKUP($A255,Quantities[],Quantities!$O$2),VLOOKUP($A255,Quantities[],Quantities!$R$2)*VLOOKUP($A255,Quantities[],Quantities!$Q$2),VLOOKUP($A255,Quantities[],Quantities!$T$2)*VLOOKUP($A255,Quantities[],Quantities!$S$2)))/SUM(VLOOKUP($A255,Quantities[],Quantities!$O$2),VLOOKUP($A255,Quantities[],Quantities!$Q$2),VLOOKUP($A255,Quantities[],Quantities!$S$2)),\n\n VLOOKUP(A255,Quantities[],Quantities!$H$2)\n))))))","v":"-"},{"$f":"IF(LEFT(D255,1)=\"U\",\"-\",VLOOKUP(D255,Equipment[],Equipment!$B$2))","v":"-"}]
[{"$f":"Quantities!$A$9","v":1200},"H","e",{"$f":"'Unit Rates'!$A$17","v":"U7a"},{"$f":"CONCATENATE(TEXT(A256,\"0\"),\"-\",B256,\"-\",C256,\"-\",D256)","v":"1200-H-e-U7a"},{"$f":"IF(D256=\"Comb1\",CONCATENATE(VLOOKUP(B256,'Activity-Material_Codes'!$A$2:$B$26,Quantities!$B$2),\"-\",VLOOKUP(A256,Quantities[],Quantities!$D$2)),\nCONCATENATE(\nVLOOKUP(B256,'Activity-Material_Codes'!$A$2:$B$26,Quantities!$B$2),\nIF(AND(B256=\"B\",C256=\"a\"), \" Scraper Grading\", \"\"),\nIF(C256=\"b\",\"\",\"-\"),\nIF(C256=\"b\",\"\",VLOOKUP(A256,Quantities[],Quantities!$D$2)),\nIF(LEFT(TEXT(A256,\"0\"),1)=\"5\",\"\",\"-\"),\nIF(LEFT(TEXT(A256,\"0\"),1)=\"5\",\"\",VLOOKUP(C256,'Activity-Material_Codes'!$A$30:$B$36,Quantities!$B$2))\n))","v":"Construct Channels w/ Riprap-Entire Stockpile-Final Grade"},{"$f":"CONCATENATE(\nIF(OR(RIGHT(TEXT($A256,\"0\"),Quantities!$B$2)=\"00\",LEFT(TEXT($A256,\"0\"),1)=\"5\",OR($C256=\"b\",$C256=\"f\")),\"\",VLOOKUP($A256,Quantities[],Quantities!$B$2)),\nIF(LEFT(TEXT($A256,\"0\"),1)=\"5\",\"\",\" \"),\nIF(OR(C256=\"a\",C256=\"c\",C256=\"d\",C256=\"e\"),IF(OR(RIGHT(TEXT($A256,\"0\"),Quantities!$B$2)=\"00\",LEFT(TEXT($A256,\"0\"),1)=\"5\"),VLOOKUP($A256,Quantities[],Quantities!$B$2),\"\"),\nIF(LEFT(TEXT($A256,\"0\"),1)=\"5\",VLOOKUP($A256,Quantities[],Quantities!$B$2),\nVLOOKUP(INDEX(Quantities!$A$100:$A$118,MATCH($A256,Quantities!$C$100:$C$118)),Quantities!$A$100:$B$118,Quantities!$B$2))))","v":" 2B Waste, 2A Leach, 2B Leach"},{"$f":"IF(LEFT(TEXT(A256,\"0\"),1)=\"5\",\nVLOOKUP(VLOOKUP(A256,Quantities!$A$4:$D$118,Quantities!$C$2),Quantities!$A$4:$D$118,Quantities!$C$2),\nIF(OR(C256=\"a\",C256=\"c\",C256=\"d\",C256=\"e\"),\n\"-\",\nIF(RIGHT(TEXT(A256,\"0\"),2)=\"00\",VLOOKUP(A256,Quantities[],Quantities!$B$2),\nIF(C256=\"f\",VLOOKUP(A256,Quantities[],Quantities!$B$2),\nVLOOKUP(A256,Quantities[],Quantities!$C$2))\n)))","v":"-"},{"$f":"IF(OR(AND(LEFT(D256,2)=\"Sc\",B256=\"A\",C256=\"d\"),AND(C256=\"f\",B256=\"D\")),\nSUM(VLOOKUP($A256,Quantities[],Quantities!$O$2),VLOOKUP($A256,Quantities[],Quantities!$Q$2),VLOOKUP($A256,Quantities[],Quantities!$S$2)),\n\nIF(AND(LEFT(D256,2)=\"Sc\",OR(C256=\"a\",C256=\"f\")),\nVLOOKUP(A256,Quantities[],Quantities!$I$2),\n\nIF(AND(B256=\"D\",C256=\"b\"),\n VLOOKUP(INDEX(Quantities!$A$100:$A$118,MATCH($A256,Quantities!$C$100:$C$118)),Quantities!$A$100:$AJ$118,Quantities!$O$2)+\nVLOOKUP(INDEX(Quantities!$A$100:$A$118,MATCH($A256,Quantities!$C$100:$C$118)),Quantities!$A$100:$AJ$118,Quantities!$Q$2)+\nVLOOKUP(INDEX(Quantities!$A$100:$A$118,MATCH($A256,Quantities!$C$100:$C$118)),Quantities!$A$100:$AJ$118,Quantities!$S$2),\n\nIF(OR(B256=\"D\",B256=\"Q\"),\nSUM(VLOOKUP($A256,Quantities[],Quantities!$O$2),VLOOKUP($A256,Quantities[],Quantities!$Q$2),VLOOKUP($A256,Quantities[],Quantities!$S$2)),\n\n VLOOKUP(A256,Quantities[],Quantities!$G$2)\n))))","v":0},{"$f":"IF(LEFT(D256,2)=\"Mg\", VLOOKUP(A256,Quantities[],Quantities!$H$2),\n\nIF(OR(AND(LEFT(D256,2)=\"Sc\",B256=\"A\",C256=\"d\",C256=\"f\")),\n(SUM(VLOOKUP($A256,Quantities[],Quantities!$P$2)*VLOOKUP($A256,Quantities[],Quantities!$O$2),VLOOKUP($A256,Quantities[],Quantities!$R$2)*VLOOKUP($A256,Quantities[],Quantities!$Q$2),VLOOKUP($A256,Quantities[],Quantities!$T$2)*VLOOKUP($A256,Quantities[],Quantities!$S$2)))/SUM(VLOOKUP($A256,Quantities[],Quantities!$O$2),VLOOKUP($A256,Quantities[],Quantities!$Q$2),VLOOKUP($A256,Quantities[],Quantities!$S$2)),\n\nIF(AND(LEFT(D256,2)=\"Sc\",OR(C256=\"a\",C256=\"f\")),\nVLOOKUP(A256,Quantities[],Quantities!$J$2),\n\nIF(AND(B256=\"D\",C256=\"b\", (VLOOKUP(INDEX(Quantities!$A$100:$A$118,MATCH($A256,Quantities!$C$100:$C$118)),Quantities[],Quantities!$O$2)+VLOOKUP(INDEX(Quantities!$A$100:$A$118,MATCH($A256,Quantities!$C$100:$C$118)),Quantities[],Quantities!$Q$2)+VLOOKUP(INDEX(Quantities!$A$100:$A$118,MATCH($A256,Quantities!$C$100:$C$118)),Quantities[],Quantities!$S$2))>0),\n(VLOOKUP(INDEX(Quantities!$A$100:$A$118,MATCH($A256,Quantities!$C$100:$C$118)),Quantities[],Quantities!$P$2)*VLOOKUP(INDEX(Quantities!$A$100:$A$118,MATCH($A256,Quantities!$C$100:$C$118)),Quantities[],Quantities!$O$2)\n+VLOOKUP(INDEX(Quantities!$A$100:$A$118,MATCH($A256,Quantities!$C$100:$C$118)),Quantities[],Quantities!$R$2)*VLOOKUP(INDEX(Quantities!$A$100:$A$118,MATCH($A256,Quantities!$C$100:$C$118)),Quantities[],Quantities!$Q$2)\n+VLOOKUP(INDEX(Quantities!$A$100:$A$118,MATCH($A256,Quantities!$C$100:$C$118)),Quantities[],Quantities!$T$2)*VLOOKUP(INDEX(Quantities!$A$100:$A$118,MATCH($A256,Quantities!$C$100:$C$118)),Quantities[],Quantities!$S$2))/\n(VLOOKUP(INDEX(Quantities!$A$100:$A$118,MATCH($A256,Quantities!$C$100:$C$118)),Quantities[],Quantities!$O$2)+VLOOKUP(INDEX(Quantities!$A$100:$A$118,MATCH($A256,Quantities!$C$100:$C$118)),Quantities[],Quantities!$Q$2)+VLOOKUP(A256,Quantities[],Quantities!$S$2)),\n\nIF(AND(B256=\"D\", (VLOOKUP(A256,Quantities[],Quantities!$O$2)+VLOOKUP(A256,Quantities[],Quantities!$Q$2)+VLOOKUP(A256,Quantities[],Quantities!$S$2))>0),\n(VLOOKUP(A256,Quantities[],Quantities!$P$2)*VLOOKUP(A256,Quantities[],Quantities!$O$2)\n+VLOOKUP(A256,Quantities[],Quantities!$R$2)*VLOOKUP(A256,Quantities[],Quantities!$Q$2)\n+VLOOKUP(A256,Quantities[],Quantities!$T$2)*VLOOKUP(A256,Quantities[],Quantities!$S$2))/\n(VLOOKUP(A256,Quantities[],Quantities!$O$2)+VLOOKUP(A256,Quantities[],Quantities!$Q$2)+VLOOKUP(A256,Quantities[],Quantities!$S$2)),\n\nIF($B256=\"Q\", (SUM(VLOOKUP($A256,Quantities[],Quantities!$P$2)*VLOOKUP($A256,Quantities[],Quantities!$O$2),VLOOKUP($A256,Quantities[],Quantities!$R$2)*VLOOKUP($A256,Quantities[],Quantities!$Q$2),VLOOKUP($A256,Quantities[],Quantities!$T$2)*VLOOKUP($A256,Quantities[],Quantities!$S$2)))/SUM(VLOOKUP($A256,Quantities[],Quantities!$O$2),VLOOKUP($A256,Quantities[],Quantities!$Q$2),VLOOKUP($A256,Quantities[],Quantities!$S$2)),\n\n VLOOKUP(A256,Quantities[],Quantities!$H$2)\n))))))","v":"-"},{"$f":"IF(LEFT(D256,1)=\"U\",\"-\",VLOOKUP(D256,Equipment[],Equipment!$B$2))","v":"-"}]
[{"$f":"Quantities!$A$12","v":1300},"H","e",{"$f":"'Unit Rates'!$A$17","v":"U7a"},"1300-H-e-U7a",{"$f":"IF(D257=\"Comb1\",CONCATENATE(VLOOKUP(B257,'Activity-Material_Codes'!$A$2:$B$26,Quantities!$B$2),\"-\",VLOOKUP(A257,Quantities[],Quantities!$D$2)),\nCONCATENATE(\nVLOOKUP(B257,'Activity-Material_Codes'!$A$2:$B$26,Quantities!$B$2),\nIF(AND(B257=\"B\",C257=\"a\"), \" Scraper Grading\", \"\"),\nIF(C257=\"b\",\"\",\"-\"),\nIF(C257=\"b\",\"\",VLOOKUP(A257,Quantities[],Quantities!$D$2)),\nIF(LEFT(TEXT(A257,\"0\"),1)=\"5\",\"\",\"-\"),\nIF(LEFT(TEXT(A257,\"0\"),1)=\"5\",\"\",VLOOKUP(C257,'Activity-Material_Codes'!$A$30:$B$36,Quantities!$B$2))\n))","v":"Construct Channels w/ Riprap-Entire Stockpile-Final Grade"},{"$f":"CONCATENATE(\nIF(OR(RIGHT(TEXT($A257,\"0\"),Quantities!$B$2)=\"00\",LEFT(TEXT($A257,\"0\"),1)=\"5\",OR($C257=\"b\",$C257=\"f\")),\"\",VLOOKUP($A257,Quantities[],Quantities!$B$2)),\nIF(LEFT(TEXT($A257,\"0\"),1)=\"5\",\"\",\" \"),\nIF(OR(C257=\"a\",C257=\"c\",C257=\"d\",C257=\"e\"),IF(OR(RIGHT(TEXT($A257,\"0\"),Quantities!$B$2)=\"00\",LEFT(TEXT($A257,\"0\"),1)=\"5\"),VLOOKUP($A257,Quantities[],Quantities!$B$2),\"\"),\nIF(LEFT(TEXT($A257,\"0\"),1)=\"5\",VLOOKUP($A257,Quantities[],Quantities!$B$2),\nVLOOKUP(INDEX(Quantities!$A$100:$A$118,MATCH($A257,Quantities!$C$100:$C$118)),Quantities!$A$100:$B$118,Quantities!$B$2))))","v":" 3A Leach, 3B Waste"},{"$f":"IF(LEFT(TEXT(A257,\"0\"),1)=\"5\",\nVLOOKUP(VLOOKUP(A257,Quantities!$A$4:$D$118,Quantities!$C$2),Quantities!$A$4:$D$118,Quantities!$C$2),\nIF(OR(C257=\"a\",C257=\"c\",C257=\"d\",C257=\"e\"),\n\"-\",\nIF(RIGHT(TEXT(A257,\"0\"),2)=\"00\",VLOOKUP(A257,Quantities[],Quantities!$B$2),\nIF(C257=\"f\",VLOOKUP(A257,Quantities[],Quantities!$B$2),\nVLOOKUP(A257,Quantities[],Quantities!$C$2))\n)))","v":"-"},{"$f":"IF(OR(AND(LEFT(D257,2)=\"Sc\",B257=\"A\",C257=\"d\"),AND(C257=\"f\",B257=\"D\")),\nSUM(VLOOKUP($A257,Quantities[],Quantities!$O$2),VLOOKUP($A257,Quantities[],Quantities!$Q$2),VLOOKUP($A257,Quantities[],Quantities!$S$2)),\n\nIF(AND(LEFT(D257,2)=\"Sc\",OR(C257=\"a\",C257=\"f\")),\nVLOOKUP(A257,Quantities[],Quantities!$I$2),\n\nIF(AND(B257=\"D\",C257=\"b\"),\n VLOOKUP(INDEX(Quantities!$A$100:$A$118,MATCH($A257,Quantities!$C$100:$C$118)),Quantities!$A$100:$AJ$118,Quantities!$O$2)+\nVLOOKUP(INDEX(Quantities!$A$100:$A$118,MATCH($A257,Quantities!$C$100:$C$118)),Quantities!$A$100:$AJ$118,Quantities!$Q$2)+\nVLOOKUP(INDEX(Quantities!$A$100:$A$118,MATCH($A257,Quantities!$C$100:$C$118)),Quantities!$A$100:$AJ$118,Quantities!$S$2),\n\nIF(OR(B257=\"D\",B257=\"Q\"),\nSUM(VLOOKUP($A257,Quantities[],Quantities!$O$2),VLOOKUP($A257,Quantities[],Quantities!$Q$2),VLOOKUP($A257,Quantities[],Quantities!$S$2)),\n\n VLOOKUP(A257,Quantities[],Quantities!$G$2)\n))))","v":0},{"$f":"IF(LEFT(D257,2)=\"Mg\", VLOOKUP(A257,Quantities[],Quantities!$H$2),\n\nIF(OR(AND(LEFT(D257,2)=\"Sc\",B257=\"A\",C257=\"d\",C257=\"f\")),\n(SUM(VLOOKUP($A257,Quantities[],Quantities!$P$2)*VLOOKUP($A257,Quantities[],Quantities!$O$2),VLOOKUP($A257,Quantities[],Quantities!$R$2)*VLOOKUP($A257,Quantities[],Quantities!$Q$2),VLOOKUP($A257,Quantities[],Quantities!$T$2)*VLOOKUP($A257,Quantities[],Quantities!$S$2)))/SUM(VLOOKUP($A257,Quantities[],Quantities!$O$2),VLOOKUP($A257,Quantities[],Quantities!$Q$2),VLOOKUP($A257,Quantities[],Quantities!$S$2)),\n\nIF(AND(LEFT(D257,2)=\"Sc\",OR(C257=\"a\",C257=\"f\")),\nVLOOKUP(A257,Quantities[],Quantities!$J$2),\n\nIF(AND(B257=\"D\",C257=\"b\", (VLOOKUP(INDEX(Quantities!$A$100:$A$118,MATCH($A257,Quantities!$C$100:$C$118)),Quantities[],Quantities!$O$2)+VLOOKUP(INDEX(Quantities!$A$100:$A$118,MATCH($A257,Quantities!$C$100:$C$118)),Quantities[],Quantities!$Q$2)+VLOOKUP(INDEX(Quantities!$A$100:$A$118,MATCH($A257,Quantities!$C$100:$C$118)),Quantities[],Quantities!$S$2))>0),\n(VLOOKUP(INDEX(Quantities!$A$100:$A$118,MATCH($A257,Quantities!$C$100:$C$118)),Quantities[],Quantities!$P$2)*VLOOKUP(INDEX(Quantities!$A$100:$A$118,MATCH($A257,Quantities!$C$100:$C$118)),Quantities[],Quantities!$O$2)\n+VLOOKUP(INDEX(Quantities!$A$100:$A$118,MATCH($A257,Quantities!$C$100:$C$118)),Quantities[],Quantities!$R$2)*VLOOKUP(INDEX(Quantities!$A$100:$A$118,MATCH($A257,Quantities!$C$100:$C$118)),Quantities[],Quantities!$Q$2)\n+VLOOKUP(INDEX(Quantities!$A$100:$A$118,MATCH($A257,Quantities!$C$100:$C$118)),Quantities[],Quantities!$T$2)*VLOOKUP(INDEX(Quantities!$A$100:$A$118,MATCH($A257,Quantities!$C$100:$C$118)),Quantities[],Quantities!$S$2))/\n(VLOOKUP(INDEX(Quantities!$A$100:$A$118,MATCH($A257,Quantities!$C$100:$C$118)),Quantities[],Quantities!$O$2)+VLOOKUP(INDEX(Quantities!$A$100:$A$118,MATCH($A257,Quantities!$C$100:$C$118)),Quantities[],Quantities!$Q$2)+VLOOKUP(A257,Quantities[],Quantities!$S$2)),\n\nIF(AND(B257=\"D\", (VLOOKUP(A257,Quantities[],Quantities!$O$2)+VLOOKUP(A257,Quantities[],Quantities!$Q$2)+VLOOKUP(A257,Quantities[],Quantities!$S$2))>0),\n(VLOOKUP(A257,Quantities[],Quantities!$P$2)*VLOOKUP(A257,Quantities[],Quantities!$O$2)\n+VLOOKUP(A257,Quantities[],Quantities!$R$2)*VLOOKUP(A257,Quantities[],Quantities!$Q$2)\n+VLOOKUP(A257,Quantities[],Quantities!$T$2)*VLOOKUP(A257,Quantities[],Quantities!$S$2))/\n(VLOOKUP(A257,Quantities[],Quantities!$O$2)+VLOOKUP(A257,Quantities[],Quantities!$Q$2)+VLOOKUP(A257,Quantities[],Quantities!$S$2)),\n\nIF($B257=\"Q\", (SUM(VLOOKUP($A257,Quantities[],Quantities!$P$2)*VLOOKUP($A257,Quantities[],Quantities!$O$2),VLOOKUP($A257,Quantities[],Quantities!$R$2)*VLOOKUP($A257,Quantities[],Quantities!$Q$2),VLOOKUP($A257,Quantities[],Quantities!$T$2)*VLOOKUP($A257,Quantities[],Quantities!$S$2)))/SUM(VLOOKUP($A257,Quantities[],Quantities!$O$2),VLOOKUP($A257,Quantities[],Quantities!$Q$2),VLOOKUP($A257,Quantities[],Quantities!$S$2)),\n\n VLOOKUP(A257,Quantities[],Quantities!$H$2)\n))))))","v":"-"},{"$f":"IF(LEFT(D257,1)=\"U\",\"-\",VLOOKUP(D257,Equipment[],Equipment!$B$2))","v":"-"}]
[{"$f":"Quantities!$A$20","v":1500},"H","e",{"$f":"'Unit Rates'!$A$17","v":"U7a"},"1500-H-e-U7a",{"$f":"IF(D258=\"Comb1\",CONCATENATE(VLOOKUP(B258,'Activity-Material_Codes'!$A$2:$B$26,Quantities!$B$2),\"-\",VLOOKUP(A258,Quantities[],Quantities!$D$2)),\nCONCATENATE(\nVLOOKUP(B258,'Activity-Material_Codes'!$A$2:$B$26,Quantities!$B$2),\nIF(AND(B258=\"B\",C258=\"a\"), \" Scraper Grading\", \"\"),\nIF(C258=\"b\",\"\",\"-\"),\nIF(C258=\"b\",\"\",VLOOKUP(A258,Quantities[],Quantities!$D$2)),\nIF(LEFT(TEXT(A258,\"0\"),1)=\"5\",\"\",\"-\"),\nIF(LEFT(TEXT(A258,\"0\"),1)=\"5\",\"\",VLOOKUP(C258,'Activity-Material_Codes'!$A$30:$B$36,Quantities!$B$2))\n))","v":"Construct Channels w/ Riprap-Entire Stockpile-Final Grade"},{"$f":"CONCATENATE(\nIF(OR(RIGHT(TEXT($A258,\"0\"),Quantities!$B$2)=\"00\",LEFT(TEXT($A258,\"0\"),1)=\"5\",OR($C258=\"b\",$C258=\"f\")),\"\",VLOOKUP($A258,Quantities[],Quantities!$B$2)),\nIF(LEFT(TEXT($A258,\"0\"),1)=\"5\",\"\",\" \"),\nIF(OR(C258=\"a\",C258=\"c\",C258=\"d\",C258=\"e\"),IF(OR(RIGHT(TEXT($A258,\"0\"),Quantities!$B$2)=\"00\",LEFT(TEXT($A258,\"0\"),1)=\"5\"),VLOOKUP($A258,Quantities[],Quantities!$B$2),\"\"),\nIF(LEFT(TEXT($A258,\"0\"),1)=\"5\",VLOOKUP($A258,Quantities[],Quantities!$B$2),\nVLOOKUP(INDEX(Quantities!$A$100:$A$118,MATCH($A258,Quantities!$C$100:$C$118)),Quantities!$A$100:$B$118,Quantities!$B$2))))","v":" 5A Waste"},{"$f":"IF(LEFT(TEXT(A258,\"0\"),1)=\"5\",\nVLOOKUP(VLOOKUP(A258,Quantities!$A$4:$D$118,Quantities!$C$2),Quantities!$A$4:$D$118,Quantities!$C$2),\nIF(OR(C258=\"a\",C258=\"c\",C258=\"d\",C258=\"e\"),\n\"-\",\nIF(RIGHT(TEXT(A258,\"0\"),2)=\"00\",VLOOKUP(A258,Quantities[],Quantities!$B$2),\nIF(C258=\"f\",VLOOKUP(A258,Quantities[],Quantities!$B$2),\nVLOOKUP(A258,Quantities[],Quantities!$C$2))\n)))","v":"-"},{"$f":"IF(OR(AND(LEFT(D258,2)=\"Sc\",B258=\"A\",C258=\"d\"),AND(C258=\"f\",B258=\"D\")),\nSUM(VLOOKUP($A258,Quantities[],Quantities!$O$2),VLOOKUP($A258,Quantities[],Quantities!$Q$2),VLOOKUP($A258,Quantities[],Quantities!$S$2)),\n\nIF(AND(LEFT(D258,2)=\"Sc\",OR(C258=\"a\",C258=\"f\")),\nVLOOKUP(A258,Quantities[],Quantities!$I$2),\n\nIF(AND(B258=\"D\",C258=\"b\"),\n VLOOKUP(INDEX(Quantities!$A$100:$A$118,MATCH($A258,Quantities!$C$100:$C$118)),Quantities!$A$100:$AJ$118,Quantities!$O$2)+\nVLOOKUP(INDEX(Quantities!$A$100:$A$118,MATCH($A258,Quantities!$C$100:$C$118)),Quantities!$A$100:$AJ$118,Quantities!$Q$2)+\nVLOOKUP(INDEX(Quantities!$A$100:$A$118,MATCH($A258,Quantities!$C$100:$C$118)),Quantities!$A$100:$AJ$118,Quantities!$S$2),\n\nIF(OR(B258=\"D\",B258=\"Q\"),\nSUM(VLOOKUP($A258,Quantities[],Quantities!$O$2),VLOOKUP($A258,Quantities[],Quantities!$Q$2),VLOOKUP($A258,Quantities[],Quantities!$S$2)),\n\n VLOOKUP(A258,Quantities[],Quantities!$G$2)\n))))","v":0},{"$f":"IF(LEFT(D258,2)=\"Mg\", VLOOKUP(A258,Quantities[],Quantities!$H$2),\n\nIF(OR(AND(LEFT(D258,2)=\"Sc\",B258=\"A\",C258=\"d\",C258=\"f\")),\n(SUM(VLOOKUP($A258,Quantities[],Quantities!$P$2)*VLOOKUP($A258,Quantities[],Quantities!$O$2),VLOOKUP($A258,Quantities[],Quantities!$R$2)*VLOOKUP($A258,Quantities[],Quantities!$Q$2),VLOOKUP($A258,Quantities[],Quantities!$T$2)*VLOOKUP($A258,Quantities[],Quantities!$S$2)))/SUM(VLOOKUP($A258,Quantities[],Quantities!$O$2),VLOOKUP($A258,Quantities[],Quantities!$Q$2),VLOOKUP($A258,Quantities[],Quantities!$S$2)),\n\nIF(AND(LEFT(D258,2)=\"Sc\",OR(C258=\"a\",C258=\"f\")),\nVLOOKUP(A258,Quantities[],Quantities!$J$2),\n\nIF(AND(B258=\"D\",C258=\"b\", (VLOOKUP(INDEX(Quantities!$A$100:$A$118,MATCH($A258,Quantities!$C$100:$C$118)),Quantities[],Quantities!$O$2)+VLOOKUP(INDEX(Quantities!$A$100:$A$118,MATCH($A258,Quantities!$C$100:$C$118)),Quantities[],Quantities!$Q$2)+VLOOKUP(INDEX(Quantities!$A$100:$A$118,MATCH($A258,Quantities!$C$100:$C$118)),Quantities[],Quantities!$S$2))>0),\n(VLOOKUP(INDEX(Quantities!$A$100:$A$118,MATCH($A258,Quantities!$C$100:$C$118)),Quantities[],Quantities!$P$2)*VLOOKUP(INDEX(Quantities!$A$100:$A$118,MATCH($A258,Quantities!$C$100:$C$118)),Quantities[],Quantities!$O$2)\n+VLOOKUP(INDEX(Quantities!$A$100:$A$118,MATCH($A258,Quantities!$C$100:$C$118)),Quantities[],Quantities!$R$2)*VLOOKUP(INDEX(Quantities!$A$100:$A$118,MATCH($A258,Quantities!$C$100:$C$118)),Quantities[],Quantities!$Q$2)\n+VLOOKUP(INDEX(Quantities!$A$100:$A$118,MATCH($A258,Quantities!$C$100:$C$118)),Quantities[],Quantities!$T$2)*VLOOKUP(INDEX(Quantities!$A$100:$A$118,MATCH($A258,Quantities!$C$100:$C$118)),Quantities[],Quantities!$S$2))/\n(VLOOKUP(INDEX(Quantities!$A$100:$A$118,MATCH($A258,Quantities!$C$100:$C$118)),Quantities[],Quantities!$O$2)+VLOOKUP(INDEX(Quantities!$A$100:$A$118,MATCH($A258,Quantities!$C$100:$C$118)),Quantities[],Quantities!$Q$2)+VLOOKUP(A258,Quantities[],Quantities!$S$2)),\n\nIF(AND(B258=\"D\", (VLOOKUP(A258,Quantities[],Quantities!$O$2)+VLOOKUP(A258,Quantities[],Quantities!$Q$2)+VLOOKUP(A258,Quantities[],Quantities!$S$2))>0),\n(VLOOKUP(A258,Quantities[],Quantities!$P$2)*VLOOKUP(A258,Quantities[],Quantities!$O$2)\n+VLOOKUP(A258,Quantities[],Quantities!$R$2)*VLOOKUP(A258,Quantities[],Quantities!$Q$2)\n+VLOOKUP(A258,Quantities[],Quantities!$T$2)*VLOOKUP(A258,Quantities[],Quantities!$S$2))/\n(VLOOKUP(A258,Quantities[],Quantities!$O$2)+VLOOKUP(A258,Quantities[],Quantities!$Q$2)+VLOOKUP(A258,Quantities[],Quantities!$S$2)),\n\nIF($B258=\"Q\", (SUM(VLOOKUP($A258,Quantities[],Quantities!$P$2)*VLOOKUP($A258,Quantities[],Quantities!$O$2),VLOOKUP($A258,Quantities[],Quantities!$R$2)*VLOOKUP($A258,Quantities[],Quantities!$Q$2),VLOOKUP($A258,Quantities[],Quantities!$T$2)*VLOOKUP($A258,Quantities[],Quantities!$S$2)))/SUM(VLOOKUP($A258,Quantities[],Quantities!$O$2),VLOOKUP($A258,Quantities[],Quantities!$Q$2),VLOOKUP($A258,Quantities[],Quantities!$S$2)),\n\n VLOOKUP(A258,Quantities[],Quantities!$H$2)\n))))))","v":"-"},{"$f":"IF(LEFT(D258,1)=\"U\",\"-\",VLOOKUP(D258,Equipment[],Equipment!$B$2))","v":"-"}]
[{"$f":"Quantities!$A$39","v":2200},"H","e",{"$f":"'Unit Rates'!$A$17","v":"U7a"},"2200-H-e-U7a",{"$f":"IF(D259=\"Comb1\",CONCATENATE(VLOOKUP(B259,'Activity-Material_Codes'!$A$2:$B$26,Quantities!$B$2),\"-\",VLOOKUP(A259,Quantities[],Quantities!$D$2)),\nCONCATENATE(\nVLOOKUP(B259,'Activity-Material_Codes'!$A$2:$B$26,Quantities!$B$2),\nIF(AND(B259=\"B\",C259=\"a\"), \" Scraper Grading\", \"\"),\nIF(C259=\"b\",\"\",\"-\"),\nIF(C259=\"b\",\"\",VLOOKUP(A259,Quantities[],Quantities!$D$2)),\nIF(LEFT(TEXT(A259,\"0\"),1)=\"5\",\"\",\"-\"),\nIF(LEFT(TEXT(A259,\"0\"),1)=\"5\",\"\",VLOOKUP(C259,'Activity-Material_Codes'!$A$30:$B$36,Quantities!$B$2))\n))","v":"Construct Channels w/ Riprap-Entire Pit-Final Grade"},{"$f":"CONCATENATE(\nIF(OR(RIGHT(TEXT($A259,\"0\"),Quantities!$B$2)=\"00\",LEFT(TEXT($A259,\"0\"),1)=\"5\",OR($C259=\"b\",$C259=\"f\")),\"\",VLOOKUP($A259,Quantities[],Quantities!$B$2)),\nIF(LEFT(TEXT($A259,\"0\"),1)=\"5\",\"\",\" \"),\nIF(OR(C259=\"a\",C259=\"c\",C259=\"d\",C259=\"e\"),IF(OR(RIGHT(TEXT($A259,\"0\"),Quantities!$B$2)=\"00\",LEFT(TEXT($A259,\"0\"),1)=\"5\"),VLOOKUP($A259,Quantities[],Quantities!$B$2),\"\"),\nIF(LEFT(TEXT($A259,\"0\"),1)=\"5\",VLOOKUP($A259,Quantities[],Quantities!$B$2),\nVLOOKUP(INDEX(Quantities!$A$100:$A$118,MATCH($A259,Quantities!$C$100:$C$118)),Quantities!$A$100:$B$118,Quantities!$B$2))))","v":" San Salvador Pit, San Salvador Waste Backfill"},{"$f":"IF(LEFT(TEXT(A259,\"0\"),1)=\"5\",\nVLOOKUP(VLOOKUP(A259,Quantities!$A$4:$D$118,Quantities!$C$2),Quantities!$A$4:$D$118,Quantities!$C$2),\nIF(OR(C259=\"a\",C259=\"c\",C259=\"d\",C259=\"e\"),\n\"-\",\nIF(RIGHT(TEXT(A259,\"0\"),2)=\"00\",VLOOKUP(A259,Quantities[],Quantities!$B$2),\nIF(C259=\"f\",VLOOKUP(A259,Quantities[],Quantities!$B$2),\nVLOOKUP(A259,Quantities[],Quantities!$C$2))\n)))","v":"-"},{"$f":"IF(OR(AND(LEFT(D259,2)=\"Sc\",B259=\"A\",C259=\"d\"),AND(C259=\"f\",B259=\"D\")),\nSUM(VLOOKUP($A259,Quantities[],Quantities!$O$2),VLOOKUP($A259,Quantities[],Quantities!$Q$2),VLOOKUP($A259,Quantities[],Quantities!$S$2)),\n\nIF(AND(LEFT(D259,2)=\"Sc\",OR(C259=\"a\",C259=\"f\")),\nVLOOKUP(A259,Quantities[],Quantities!$I$2),\n\nIF(AND(B259=\"D\",C259=\"b\"),\n VLOOKUP(INDEX(Quantities!$A$100:$A$118,MATCH($A259,Quantities!$C$100:$C$118)),Quantities!$A$100:$AJ$118,Quantities!$O$2)+\nVLOOKUP(INDEX(Quantities!$A$100:$A$118,MATCH($A259,Quantities!$C$100:$C$118)),Quantities!$A$100:$AJ$118,Quantities!$Q$2)+\nVLOOKUP(INDEX(Quantities!$A$100:$A$118,MATCH($A259,Quantities!$C$100:$C$118)),Quantities!$A$100:$AJ$118,Quantities!$S$2),\n\nIF(OR(B259=\"D\",B259=\"Q\"),\nSUM(VLOOKUP($A259,Quantities[],Quantities!$O$2),VLOOKUP($A259,Quantities[],Quantities!$Q$2),VLOOKUP($A259,Quantities[],Quantities!$S$2)),\n\n VLOOKUP(A259,Quantities[],Quantities!$G$2)\n))))","v":185},{"$f":"IF(LEFT(D259,2)=\"Mg\", VLOOKUP(A259,Quantities[],Quantities!$H$2),\n\nIF(OR(AND(LEFT(D259,2)=\"Sc\",B259=\"A\",C259=\"d\",C259=\"f\")),\n(SUM(VLOOKUP($A259,Quantities[],Quantities!$P$2)*VLOOKUP($A259,Quantities[],Quantities!$O$2),VLOOKUP($A259,Quantities[],Quantities!$R$2)*VLOOKUP($A259,Quantities[],Quantities!$Q$2),VLOOKUP($A259,Quantities[],Quantities!$T$2)*VLOOKUP($A259,Quantities[],Quantities!$S$2)))/SUM(VLOOKUP($A259,Quantities[],Quantities!$O$2),VLOOKUP($A259,Quantities[],Quantities!$Q$2),VLOOKUP($A259,Quantities[],Quantities!$S$2)),\n\nIF(AND(LEFT(D259,2)=\"Sc\",OR(C259=\"a\",C259=\"f\")),\nVLOOKUP(A259,Quantities[],Quantities!$J$2),\n\nIF(AND(B259=\"D\",C259=\"b\", (VLOOKUP(INDEX(Quantities!$A$100:$A$118,MATCH($A259,Quantities!$C$100:$C$118)),Quantities[],Quantities!$O$2)+VLOOKUP(INDEX(Quantities!$A$100:$A$118,MATCH($A259,Quantities!$C$100:$C$118)),Quantities[],Quantities!$Q$2)+VLOOKUP(INDEX(Quantities!$A$100:$A$118,MATCH($A259,Quantities!$C$100:$C$118)),Quantities[],Quantities!$S$2))>0),\n(VLOOKUP(INDEX(Quantities!$A$100:$A$118,MATCH($A259,Quantities!$C$100:$C$118)),Quantities[],Quantities!$P$2)*VLOOKUP(INDEX(Quantities!$A$100:$A$118,MATCH($A259,Quantities!$C$100:$C$118)),Quantities[],Quantities!$O$2)\n+VLOOKUP(INDEX(Quantities!$A$100:$A$118,MATCH($A259,Quantities!$C$100:$C$118)),Quantities[],Quantities!$R$2)*VLOOKUP(INDEX(Quantities!$A$100:$A$118,MATCH($A259,Quantities!$C$100:$C$118)),Quantities[],Quantities!$Q$2)\n+VLOOKUP(INDEX(Quantities!$A$100:$A$118,MATCH($A259,Quantities!$C$100:$C$118)),Quantities[],Quantities!$T$2)*VLOOKUP(INDEX(Quantities!$A$100:$A$118,MATCH($A259,Quantities!$C$100:$C$118)),Quantities[],Quantities!$S$2))/\n(VLOOKUP(INDEX(Quantities!$A$100:$A$118,MATCH($A259,Quantities!$C$100:$C$118)),Quantities[],Quantities!$O$2)+VLOOKUP(INDEX(Quantities!$A$100:$A$118,MATCH($A259,Quantities!$C$100:$C$118)),Quantities[],Quantities!$Q$2)+VLOOKUP(A259,Quantities[],Quantities!$S$2)),\n\nIF(AND(B259=\"D\", (VLOOKUP(A259,Quantities[],Quantities!$O$2)+VLOOKUP(A259,Quantities[],Quantities!$Q$2)+VLOOKUP(A259,Quantities[],Quantities!$S$2))>0),\n(VLOOKUP(A259,Quantities[],Quantities!$P$2)*VLOOKUP(A259,Quantities[],Quantities!$O$2)\n+VLOOKUP(A259,Quantities[],Quantities!$R$2)*VLOOKUP(A259,Quantities[],Quantities!$Q$2)\n+VLOOKUP(A259,Quantities[],Quantities!$T$2)*VLOOKUP(A259,Quantities[],Quantities!$S$2))/\n(VLOOKUP(A259,Quantities[],Quantities!$O$2)+VLOOKUP(A259,Quantities[],Quantities!$Q$2)+VLOOKUP(A259,Quantities[],Quantities!$S$2)),\n\nIF($B259=\"Q\", (SUM(VLOOKUP($A259,Quantities[],Quantities!$P$2)*VLOOKUP($A259,Quantities[],Quantities!$O$2),VLOOKUP($A259,Quantities[],Quantities!$R$2)*VLOOKUP($A259,Quantities[],Quantities!$Q$2),VLOOKUP($A259,Quantities[],Quantities!$T$2)*VLOOKUP($A259,Quantities[],Quantities!$S$2)))/SUM(VLOOKUP($A259,Quantities[],Quantities!$O$2),VLOOKUP($A259,Quantities[],Quantities!$Q$2),VLOOKUP($A259,Quantities[],Quantities!$S$2)),\n\n VLOOKUP(A259,Quantities[],Quantities!$H$2)\n))))))","v":-0.05},{"$f":"IF(LEFT(D259,1)=\"U\",\"-\",VLOOKUP(D259,Equipment[],Equipment!$B$2))","v":"-"}]
[{"$f":"Quantities!$A$17","v":1400},"H","e",{"$f":"'Unit Rates'!$A$17","v":"U7a"},{"$f":"CONCATENATE(TEXT(A260,\"0\"),\"-\",B260,\"-\",C260,\"-\",D260)","v":"1400-H-e-U7a"},{"$f":"IF(D260=\"Comb1\",CONCATENATE(VLOOKUP(B260,'Activity-Material_Codes'!$A$2:$B$26,Quantities!$B$2),\"-\",VLOOKUP(A260,Quantities[],Quantities!$D$2)),\nCONCATENATE(\nVLOOKUP(B260,'Activity-Material_Codes'!$A$2:$B$26,Quantities!$B$2),\nIF(AND(B260=\"B\",C260=\"a\"), \" Scraper Grading\", \"\"),\nIF(C260=\"b\",\"\",\"-\"),\nIF(C260=\"b\",\"\",VLOOKUP(A260,Quantities[],Quantities!$D$2)),\nIF(LEFT(TEXT(A260,\"0\"),1)=\"5\",\"\",\"-\"),\nIF(LEFT(TEXT(A260,\"0\"),1)=\"5\",\"\",VLOOKUP(C260,'Activity-Material_Codes'!$A$30:$B$36,Quantities!$B$2))\n))","v":"Construct Channels w/ Riprap-Entire Stockpile-Final Grade"},{"$f":"CONCATENATE(\nIF(OR(RIGHT(TEXT($A260,\"0\"),Quantities!$B$2)=\"00\",LEFT(TEXT($A260,\"0\"),1)=\"5\",OR($C260=\"b\",$C260=\"f\")),\"\",VLOOKUP($A260,Quantities[],Quantities!$B$2)),\nIF(LEFT(TEXT($A260,\"0\"),1)=\"5\",\"\",\" \"),\nIF(OR(C260=\"a\",C260=\"c\",C260=\"d\",C260=\"e\"),IF(OR(RIGHT(TEXT($A260,\"0\"),Quantities!$B$2)=\"00\",LEFT(TEXT($A260,\"0\"),1)=\"5\"),VLOOKUP($A260,Quantities[],Quantities!$B$2),\"\"),\nIF(LEFT(TEXT($A260,\"0\"),1)=\"5\",VLOOKUP($A260,Quantities[],Quantities!$B$2),\nVLOOKUP(INDEX(Quantities!$A$100:$A$118,MATCH($A260,Quantities!$C$100:$C$118)),Quantities!$A$100:$B$118,Quantities!$B$2))))","v":" 2 Leach (Area 1)"},{"$f":"IF(LEFT(TEXT(A260,\"0\"),1)=\"5\",\nVLOOKUP(VLOOKUP(A260,Quantities!$A$4:$D$118,Quantities!$C$2),Quantities!$A$4:$D$118,Quantities!$C$2),\nIF(OR(C260=\"a\",C260=\"c\",C260=\"d\",C260=\"e\"),\n\"-\",\nIF(RIGHT(TEXT(A260,\"0\"),2)=\"00\",VLOOKUP(A260,Quantities[],Quantities!$B$2),\nIF(C260=\"f\",VLOOKUP(A260,Quantities[],Quantities!$B$2),\nVLOOKUP(A260,Quantities[],Quantities!$C$2))\n)))","v":"-"},{"$f":"IF(OR(AND(LEFT(D260,2)=\"Sc\",B260=\"A\",C260=\"d\"),AND(C260=\"f\",B260=\"D\")),\nSUM(VLOOKUP($A260,Quantities[],Quantities!$O$2),VLOOKUP($A260,Quantities[],Quantities!$Q$2),VLOOKUP($A260,Quantities[],Quantities!$S$2)),\n\nIF(AND(LEFT(D260,2)=\"Sc\",OR(C260=\"a\",C260=\"f\")),\nVLOOKUP(A260,Quantities[],Quantities!$I$2),\n\nIF(AND(B260=\"D\",C260=\"b\"),\n VLOOKUP(INDEX(Quantities!$A$100:$A$118,MATCH($A260,Quantities!$C$100:$C$118)),Quantities!$A$100:$AJ$118,Quantities!$O$2)+\nVLOOKUP(INDEX(Quantities!$A$100:$A$118,MATCH($A260,Quantities!$C$100:$C$118)),Quantities!$A$100:$AJ$118,Quantities!$Q$2)+\nVLOOKUP(INDEX(Quantities!$A$100:$A$118,MATCH($A260,Quantities!$C$100:$C$118)),Quantities!$A$100:$AJ$118,Quantities!$S$2),\n\nIF(OR(B260=\"D\",B260=\"Q\"),\nSUM(VLOOKUP($A260,Quantities[],Quantities!$O$2),VLOOKUP($A260,Quantities[],Quantities!$Q$2),VLOOKUP($A260,Quantities[],Quantities!$S$2)),\n\n VLOOKUP(A260,Quantities[],Quantities!$G$2)\n))))","v":0},{"$f":"IF(LEFT(D260,2)=\"Mg\", VLOOKUP(A260,Quantities[],Quantities!$H$2),\n\nIF(OR(AND(LEFT(D260,2)=\"Sc\",B260=\"A\",C260=\"d\",C260=\"f\")),\n(SUM(VLOOKUP($A260,Quantities[],Quantities!$P$2)*VLOOKUP($A260,Quantities[],Quantities!$O$2),VLOOKUP($A260,Quantities[],Quantities!$R$2)*VLOOKUP($A260,Quantities[],Quantities!$Q$2),VLOOKUP($A260,Quantities[],Quantities!$T$2)*VLOOKUP($A260,Quantities[],Quantities!$S$2)))/SUM(VLOOKUP($A260,Quantities[],Quantities!$O$2),VLOOKUP($A260,Quantities[],Quantities!$Q$2),VLOOKUP($A260,Quantities[],Quantities!$S$2)),\n\nIF(AND(LEFT(D260,2)=\"Sc\",OR(C260=\"a\",C260=\"f\")),\nVLOOKUP(A260,Quantities[],Quantities!$J$2),\n\nIF(AND(B260=\"D\",C260=\"b\", (VLOOKUP(INDEX(Quantities!$A$100:$A$118,MATCH($A260,Quantities!$C$100:$C$118)),Quantities[],Quantities!$O$2)+VLOOKUP(INDEX(Quantities!$A$100:$A$118,MATCH($A260,Quantities!$C$100:$C$118)),Quantities[],Quantities!$Q$2)+VLOOKUP(INDEX(Quantities!$A$100:$A$118,MATCH($A260,Quantities!$C$100:$C$118)),Quantities[],Quantities!$S$2))>0),\n(VLOOKUP(INDEX(Quantities!$A$100:$A$118,MATCH($A260,Quantities!$C$100:$C$118)),Quantities[],Quantities!$P$2)*VLOOKUP(INDEX(Quantities!$A$100:$A$118,MATCH($A260,Quantities!$C$100:$C$118)),Quantities[],Quantities!$O$2)\n+VLOOKUP(INDEX(Quantities!$A$100:$A$118,MATCH($A260,Quantities!$C$100:$C$118)),Quantities[],Quantities!$R$2)*VLOOKUP(INDEX(Quantities!$A$100:$A$118,MATCH($A260,Quantities!$C$100:$C$118)),Quantities[],Quantities!$Q$2)\n+VLOOKUP(INDEX(Quantities!$A$100:$A$118,MATCH($A260,Quantities!$C$100:$C$118)),Quantities[],Quantities!$T$2)*VLOOKUP(INDEX(Quantities!$A$100:$A$118,MATCH($A260,Quantities!$C$100:$C$118)),Quantities[],Quantities!$S$2))/\n(VLOOKUP(INDEX(Quantities!$A$100:$A$118,MATCH($A260,Quantities!$C$100:$C$118)),Quantities[],Quantities!$O$2)+VLOOKUP(INDEX(Quantities!$A$100:$A$118,MATCH($A260,Quantities!$C$100:$C$118)),Quantities[],Quantities!$Q$2)+VLOOKUP(A260,Quantities[],Quantities!$S$2)),\n\nIF(AND(B260=\"D\", (VLOOKUP(A260,Quantities[],Quantities!$O$2)+VLOOKUP(A260,Quantities[],Quantities!$Q$2)+VLOOKUP(A260,Quantities[],Quantities!$S$2))>0),\n(VLOOKUP(A260,Quantities[],Quantities!$P$2)*VLOOKUP(A260,Quantities[],Quantities!$O$2)\n+VLOOKUP(A260,Quantities[],Quantities!$R$2)*VLOOKUP(A260,Quantities[],Quantities!$Q$2)\n+VLOOKUP(A260,Quantities[],Quantities!$T$2)*VLOOKUP(A260,Quantities[],Quantities!$S$2))/\n(VLOOKUP(A260,Quantities[],Quantities!$O$2)+VLOOKUP(A260,Quantities[],Quantities!$Q$2)+VLOOKUP(A260,Quantities[],Quantities!$S$2)),\n\nIF($B260=\"Q\", (SUM(VLOOKUP($A260,Quantities[],Quantities!$P$2)*VLOOKUP($A260,Quantities[],Quantities!$O$2),VLOOKUP($A260,Quantities[],Quantities!$R$2)*VLOOKUP($A260,Quantities[],Quantities!$Q$2),VLOOKUP($A260,Quantities[],Quantities!$T$2)*VLOOKUP($A260,Quantities[],Quantities!$S$2)))/SUM(VLOOKUP($A260,Quantities[],Quantities!$O$2),VLOOKUP($A260,Quantities[],Quantities!$Q$2),VLOOKUP($A260,Quantities[],Quantities!$S$2)),\n\n VLOOKUP(A260,Quantities[],Quantities!$H$2)\n))))))","v":"-"},{"$f":"IF(LEFT(D260,1)=\"U\",\"-\",VLOOKUP(D260,Equipment[],Equipment!$B$2))","v":"-"}]
[{"$f":"Quantities!A23","v":1600},"H","e",{"$f":"'Unit Rates'!$A$17","v":"U7a"},"1600-H-e-U7a",{"$f":"IF(D261=\"Comb1\",CONCATENATE(VLOOKUP(B261,'Activity-Material_Codes'!$A$2:$B$26,Quantities!$B$2),\"-\",VLOOKUP(A261,Quantities[],Quantities!$D$2)),\nCONCATENATE(\nVLOOKUP(B261,'Activity-Material_Codes'!$A$2:$B$26,Quantities!$B$2),\nIF(AND(B261=\"B\",C261=\"a\"), \" Scraper Grading\", \"\"),\nIF(C261=\"b\",\"\",\"-\"),\nIF(C261=\"b\",\"\",VLOOKUP(A261,Quantities[],Quantities!$D$2)),\nIF(LEFT(TEXT(A261,\"0\"),1)=\"5\",\"\",\"-\"),\nIF(LEFT(TEXT(A261,\"0\"),1)=\"5\",\"\",VLOOKUP(C261,'Activity-Material_Codes'!$A$30:$B$36,Quantities!$B$2))\n))","v":"Construct Channels w/ Riprap-Entire Stockpile-Final Grade"},{"$f":"CONCATENATE(\nIF(OR(RIGHT(TEXT($A261,\"0\"),Quantities!$B$2)=\"00\",LEFT(TEXT($A261,\"0\"),1)=\"5\",OR($C261=\"b\",$C261=\"f\")),\"\",VLOOKUP($A261,Quantities[],Quantities!$B$2)),\nIF(LEFT(TEXT($A261,\"0\"),1)=\"5\",\"\",\" \"),\nIF(OR(C261=\"a\",C261=\"c\",C261=\"d\",C261=\"e\"),IF(OR(RIGHT(TEXT($A261,\"0\"),Quantities!$B$2)=\"00\",LEFT(TEXT($A261,\"0\"),1)=\"5\"),VLOOKUP($A261,Quantities[],Quantities!$B$2),\"\"),\nIF(LEFT(TEXT($A261,\"0\"),1)=\"5\",VLOOKUP($A261,Quantities[],Quantities!$B$2),\nVLOOKUP(INDEX(Quantities!$A$100:$A$118,MATCH($A261,Quantities!$C$100:$C$118)),Quantities!$A$100:$B$118,Quantities!$B$2))))","v":" 6B Leach, 6D Leach"},{"$f":"IF(LEFT(TEXT(A261,\"0\"),1)=\"5\",\nVLOOKUP(VLOOKUP(A261,Quantities!$A$4:$D$118,Quantities!$C$2),Quantities!$A$4:$D$118,Quantities!$C$2),\nIF(OR(C261=\"a\",C261=\"c\",C261=\"d\",C261=\"e\"),\n\"-\",\nIF(RIGHT(TEXT(A261,\"0\"),2)=\"00\",VLOOKUP(A261,Quantities[],Quantities!$B$2),\nIF(C261=\"f\",VLOOKUP(A261,Quantities[],Quantities!$B$2),\nVLOOKUP(A261,Quantities[],Quantities!$C$2))\n)))","v":"-"},{"$f":"IF(OR(AND(LEFT(D261,2)=\"Sc\",B261=\"A\",C261=\"d\"),AND(C261=\"f\",B261=\"D\")),\nSUM(VLOOKUP($A261,Quantities[],Quantities!$O$2),VLOOKUP($A261,Quantities[],Quantities!$Q$2),VLOOKUP($A261,Quantities[],Quantities!$S$2)),\n\nIF(AND(LEFT(D261,2)=\"Sc\",OR(C261=\"a\",C261=\"f\")),\nVLOOKUP(A261,Quantities[],Quantities!$I$2),\n\nIF(AND(B261=\"D\",C261=\"b\"),\n VLOOKUP(INDEX(Quantities!$A$100:$A$118,MATCH($A261,Quantities!$C$100:$C$118)),Quantities!$A$100:$AJ$118,Quantities!$O$2)+\nVLOOKUP(INDEX(Quantities!$A$100:$A$118,MATCH($A261,Quantities!$C$100:$C$118)),Quantities!$A$100:$AJ$118,Quantities!$Q$2)+\nVLOOKUP(INDEX(Quantities!$A$100:$A$118,MATCH($A261,Quantities!$C$100:$C$118)),Quantities!$A$100:$AJ$118,Quantities!$S$2),\n\nIF(OR(B261=\"D\",B261=\"Q\"),\nSUM(VLOOKUP($A261,Quantities[],Quantities!$O$2),VLOOKUP($A261,Quantities[],Quantities!$Q$2),VLOOKUP($A261,Quantities[],Quantities!$S$2)),\n\n VLOOKUP(A261,Quantities[],Quantities!$G$2)\n))))","v":0},{"$f":"IF(LEFT(D261,2)=\"Mg\", VLOOKUP(A261,Quantities[],Quantities!$H$2),\n\nIF(OR(AND(LEFT(D261,2)=\"Sc\",B261=\"A\",C261=\"d\",C261=\"f\")),\n(SUM(VLOOKUP($A261,Quantities[],Quantities!$P$2)*VLOOKUP($A261,Quantities[],Quantities!$O$2),VLOOKUP($A261,Quantities[],Quantities!$R$2)*VLOOKUP($A261,Quantities[],Quantities!$Q$2),VLOOKUP($A261,Quantities[],Quantities!$T$2)*VLOOKUP($A261,Quantities[],Quantities!$S$2)))/SUM(VLOOKUP($A261,Quantities[],Quantities!$O$2),VLOOKUP($A261,Quantities[],Quantities!$Q$2),VLOOKUP($A261,Quantities[],Quantities!$S$2)),\n\nIF(AND(LEFT(D261,2)=\"Sc\",OR(C261=\"a\",C261=\"f\")),\nVLOOKUP(A261,Quantities[],Quantities!$J$2),\n\nIF(AND(B261=\"D\",C261=\"b\", (VLOOKUP(INDEX(Quantities!$A$100:$A$118,MATCH($A261,Quantities!$C$100:$C$118)),Quantities[],Quantities!$O$2)+VLOOKUP(INDEX(Quantities!$A$100:$A$118,MATCH($A261,Quantities!$C$100:$C$118)),Quantities[],Quantities!$Q$2)+VLOOKUP(INDEX(Quantities!$A$100:$A$118,MATCH($A261,Quantities!$C$100:$C$118)),Quantities[],Quantities!$S$2))>0),\n(VLOOKUP(INDEX(Quantities!$A$100:$A$118,MATCH($A261,Quantities!$C$100:$C$118)),Quantities[],Quantities!$P$2)*VLOOKUP(INDEX(Quantities!$A$100:$A$118,MATCH($A261,Quantities!$C$100:$C$118)),Quantities[],Quantities!$O$2)\n+VLOOKUP(INDEX(Quantities!$A$100:$A$118,MATCH($A261,Quantities!$C$100:$C$118)),Quantities[],Quantities!$R$2)*VLOOKUP(INDEX(Quantities!$A$100:$A$118,MATCH($A261,Quantities!$C$100:$C$118)),Quantities[],Quantities!$Q$2)\n+VLOOKUP(INDEX(Quantities!$A$100:$A$118,MATCH($A261,Quantities!$C$100:$C$118)),Quantities[],Quantities!$T$2)*VLOOKUP(INDEX(Quantities!$A$100:$A$118,MATCH($A261,Quantities!$C$100:$C$118)),Quantities[],Quantities!$S$2))/\n(VLOOKUP(INDEX(Quantities!$A$100:$A$118,MATCH($A261,Quantities!$C$100:$C$118)),Quantities[],Quantities!$O$2)+VLOOKUP(INDEX(Quantities!$A$100:$A$118,MATCH($A261,Quantities!$C$100:$C$118)),Quantities[],Quantities!$Q$2)+VLOOKUP(A261,Quantities[],Quantities!$S$2)),\n\nIF(AND(B261=\"D\", (VLOOKUP(A261,Quantities[],Quantities!$O$2)+VLOOKUP(A261,Quantities[],Quantities!$Q$2)+VLOOKUP(A261,Quantities[],Quantities!$S$2))>0),\n(VLOOKUP(A261,Quantities[],Quantities!$P$2)*VLOOKUP(A261,Quantities[],Quantities!$O$2)\n+VLOOKUP(A261,Quantities[],Quantities!$R$2)*VLOOKUP(A261,Quantities[],Quantities!$Q$2)\n+VLOOKUP(A261,Quantities[],Quantities!$T$2)*VLOOKUP(A261,Quantities[],Quantities!$S$2))/\n(VLOOKUP(A261,Quantities[],Quantities!$O$2)+VLOOKUP(A261,Quantities[],Quantities!$Q$2)+VLOOKUP(A261,Quantities[],Quantities!$S$2)),\n\nIF($B261=\"Q\", (SUM(VLOOKUP($A261,Quantities[],Quantities!$P$2)*VLOOKUP($A261,Quantities[],Quantities!$O$2),VLOOKUP($A261,Quantities[],Quantities!$R$2)*VLOOKUP($A261,Quantities[],Quantities!$Q$2),VLOOKUP($A261,Quantities[],Quantities!$T$2)*VLOOKUP($A261,Quantities[],Quantities!$S$2)))/SUM(VLOOKUP($A261,Quantities[],Quantities!$O$2),VLOOKUP($A261,Quantities[],Quantities!$Q$2),VLOOKUP($A261,Quantities[],Quantities!$S$2)),\n\n VLOOKUP(A261,Quantities[],Quantities!$H$2)\n))))))","v":"-"},{"$f":"IF(LEFT(D261,1)=\"U\",\"-\",VLOOKUP(D261,Equipment[],Equipment!$B$2))","v":"-"}]
[{"$f":"Quantities!$A$29","v":1800},"H","e",{"$f":"'Unit Rates'!$A$17","v":"U7a"},"1800-H-e-U7a",{"$f":"IF(D262=\"Comb1\",CONCATENATE(VLOOKUP(B262,'Activity-Material_Codes'!$A$2:$B$26,Quantities!$B$2),\"-\",VLOOKUP(A262,Quantities[],Quantities!$D$2)),\nCONCATENATE(\nVLOOKUP(B262,'Activity-Material_Codes'!$A$2:$B$26,Quantities!$B$2),\nIF(AND(B262=\"B\",C262=\"a\"), \" Scraper Grading\", \"\"),\nIF(C262=\"b\",\"\",\"-\"),\nIF(C262=\"b\",\"\",VLOOKUP(A262,Quantities[],Quantities!$D$2)),\nIF(LEFT(TEXT(A262,\"0\"),1)=\"5\",\"\",\"-\"),\nIF(LEFT(TEXT(A262,\"0\"),1)=\"5\",\"\",VLOOKUP(C262,'Activity-Material_Codes'!$A$30:$B$36,Quantities!$B$2))\n))","v":"Construct Channels w/ Riprap-Entire Stockpile-Final Grade"},{"$f":"CONCATENATE(\nIF(OR(RIGHT(TEXT($A262,\"0\"),Quantities!$B$2)=\"00\",LEFT(TEXT($A262,\"0\"),1)=\"5\",OR($C262=\"b\",$C262=\"f\")),\"\",VLOOKUP($A262,Quantities[],Quantities!$B$2)),\nIF(LEFT(TEXT($A262,\"0\"),1)=\"5\",\"\",\" \"),\nIF(OR(C262=\"a\",C262=\"c\",C262=\"d\",C262=\"e\"),IF(OR(RIGHT(TEXT($A262,\"0\"),Quantities!$B$2)=\"00\",LEFT(TEXT($A262,\"0\"),1)=\"5\"),VLOOKUP($A262,Quantities[],Quantities!$B$2),\"\"),\nIF(LEFT(TEXT($A262,\"0\"),1)=\"5\",VLOOKUP($A262,Quantities[],Quantities!$B$2),\nVLOOKUP(INDEX(Quantities!$A$100:$A$118,MATCH($A262,Quantities!$C$100:$C$118)),Quantities!$A$100:$B$118,Quantities!$B$2))))","v":" 2 Leach (Area 2), 7B Leach, 7B Waste, 7C Waste, South Rim Pit"},{"$f":"IF(LEFT(TEXT(A262,\"0\"),1)=\"5\",\nVLOOKUP(VLOOKUP(A262,Quantities!$A$4:$D$118,Quantities!$C$2),Quantities!$A$4:$D$118,Quantities!$C$2),\nIF(OR(C262=\"a\",C262=\"c\",C262=\"d\",C262=\"e\"),\n\"-\",\nIF(RIGHT(TEXT(A262,\"0\"),2)=\"00\",VLOOKUP(A262,Quantities[],Quantities!$B$2),\nIF(C262=\"f\",VLOOKUP(A262,Quantities[],Quantities!$B$2),\nVLOOKUP(A262,Quantities[],Quantities!$C$2))\n)))","v":"-"},{"$f":"IF(OR(AND(LEFT(D262,2)=\"Sc\",B262=\"A\",C262=\"d\"),AND(C262=\"f\",B262=\"D\")),\nSUM(VLOOKUP($A262,Quantities[],Quantities!$O$2),VLOOKUP($A262,Quantities[],Quantities!$Q$2),VLOOKUP($A262,Quantities[],Quantities!$S$2)),\n\nIF(AND(LEFT(D262,2)=\"Sc\",OR(C262=\"a\",C262=\"f\")),\nVLOOKUP(A262,Quantities[],Quantities!$I$2),\n\nIF(AND(B262=\"D\",C262=\"b\"),\n VLOOKUP(INDEX(Quantities!$A$100:$A$118,MATCH($A262,Quantities!$C$100:$C$118)),Quantities!$A$100:$AJ$118,Quantities!$O$2)+\nVLOOKUP(INDEX(Quantities!$A$100:$A$118,MATCH($A262,Quantities!$C$100:$C$118)),Quantities!$A$100:$AJ$118,Quantities!$Q$2)+\nVLOOKUP(INDEX(Quantities!$A$100:$A$118,MATCH($A262,Quantities!$C$100:$C$118)),Quantities!$A$100:$AJ$118,Quantities!$S$2),\n\nIF(OR(B262=\"D\",B262=\"Q\"),\nSUM(VLOOKUP($A262,Quantities[],Quantities!$O$2),VLOOKUP($A262,Quantities[],Quantities!$Q$2),VLOOKUP($A262,Quantities[],Quantities!$S$2)),\n\n VLOOKUP(A262,Quantities[],Quantities!$G$2)\n))))","v":0},{"$f":"IF(LEFT(D262,2)=\"Mg\", VLOOKUP(A262,Quantities[],Quantities!$H$2),\n\nIF(OR(AND(LEFT(D262,2)=\"Sc\",B262=\"A\",C262=\"d\",C262=\"f\")),\n(SUM(VLOOKUP($A262,Quantities[],Quantities!$P$2)*VLOOKUP($A262,Quantities[],Quantities!$O$2),VLOOKUP($A262,Quantities[],Quantities!$R$2)*VLOOKUP($A262,Quantities[],Quantities!$Q$2),VLOOKUP($A262,Quantities[],Quantities!$T$2)*VLOOKUP($A262,Quantities[],Quantities!$S$2)))/SUM(VLOOKUP($A262,Quantities[],Quantities!$O$2),VLOOKUP($A262,Quantities[],Quantities!$Q$2),VLOOKUP($A262,Quantities[],Quantities!$S$2)),\n\nIF(AND(LEFT(D262,2)=\"Sc\",OR(C262=\"a\",C262=\"f\")),\nVLOOKUP(A262,Quantities[],Quantities!$J$2),\n\nIF(AND(B262=\"D\",C262=\"b\", (VLOOKUP(INDEX(Quantities!$A$100:$A$118,MATCH($A262,Quantities!$C$100:$C$118)),Quantities[],Quantities!$O$2)+VLOOKUP(INDEX(Quantities!$A$100:$A$118,MATCH($A262,Quantities!$C$100:$C$118)),Quantities[],Quantities!$Q$2)+VLOOKUP(INDEX(Quantities!$A$100:$A$118,MATCH($A262,Quantities!$C$100:$C$118)),Quantities[],Quantities!$S$2))>0),\n(VLOOKUP(INDEX(Quantities!$A$100:$A$118,MATCH($A262,Quantities!$C$100:$C$118)),Quantities[],Quantities!$P$2)*VLOOKUP(INDEX(Quantities!$A$100:$A$118,MATCH($A262,Quantities!$C$100:$C$118)),Quantities[],Quantities!$O$2)\n+VLOOKUP(INDEX(Quantities!$A$100:$A$118,MATCH($A262,Quantities!$C$100:$C$118)),Quantities[],Quantities!$R$2)*VLOOKUP(INDEX(Quantities!$A$100:$A$118,MATCH($A262,Quantities!$C$100:$C$118)),Quantities[],Quantities!$Q$2)\n+VLOOKUP(INDEX(Quantities!$A$100:$A$118,MATCH($A262,Quantities!$C$100:$C$118)),Quantities[],Quantities!$T$2)*VLOOKUP(INDEX(Quantities!$A$100:$A$118,MATCH($A262,Quantities!$C$100:$C$118)),Quantities[],Quantities!$S$2))/\n(VLOOKUP(INDEX(Quantities!$A$100:$A$118,MATCH($A262,Quantities!$C$100:$C$118)),Quantities[],Quantities!$O$2)+VLOOKUP(INDEX(Quantities!$A$100:$A$118,MATCH($A262,Quantities!$C$100:$C$118)),Quantities[],Quantities!$Q$2)+VLOOKUP(A262,Quantities[],Quantities!$S$2)),\n\nIF(AND(B262=\"D\", (VLOOKUP(A262,Quantities[],Quantities!$O$2)+VLOOKUP(A262,Quantities[],Quantities!$Q$2)+VLOOKUP(A262,Quantities[],Quantities!$S$2))>0),\n(VLOOKUP(A262,Quantities[],Quantities!$P$2)*VLOOKUP(A262,Quantities[],Quantities!$O$2)\n+VLOOKUP(A262,Quantities[],Quantities!$R$2)*VLOOKUP(A262,Quantities[],Quantities!$Q$2)\n+VLOOKUP(A262,Quantities[],Quantities!$T$2)*VLOOKUP(A262,Quantities[],Quantities!$S$2))/\n(VLOOKUP(A262,Quantities[],Quantities!$O$2)+VLOOKUP(A262,Quantities[],Quantities!$Q$2)+VLOOKUP(A262,Quantities[],Quantities!$S$2)),\n\nIF($B262=\"Q\", (SUM(VLOOKUP($A262,Quantities[],Quantities!$P$2)*VLOOKUP($A262,Quantities[],Quantities!$O$2),VLOOKUP($A262,Quantities[],Quantities!$R$2)*VLOOKUP($A262,Quantities[],Quantities!$Q$2),VLOOKUP($A262,Quantities[],Quantities!$T$2)*VLOOKUP($A262,Quantities[],Quantities!$S$2)))/SUM(VLOOKUP($A262,Quantities[],Quantities!$O$2),VLOOKUP($A262,Quantities[],Quantities!$Q$2),VLOOKUP($A262,Quantities[],Quantities!$S$2)),\n\n VLOOKUP(A262,Quantities[],Quantities!$H$2)\n))))))","v":"-"},{"$f":"IF(LEFT(D262,1)=\"U\",\"-\",VLOOKUP(D262,Equipment[],Equipment!$B$2))","v":"-"}]
[{"$f":"Quantities!$A$26","v":1700},"H","e",{"$f":"'Unit Rates'!$A$17","v":"U7a"},"1700-H-e-U7a",{"$f":"IF(D263=\"Comb1\",CONCATENATE(VLOOKUP(B263,'Activity-Material_Codes'!$A$2:$B$26,Quantities!$B$2),\"-\",VLOOKUP(A263,Quantities[],Quantities!$D$2)),\nCONCATENATE(\nVLOOKUP(B263,'Activity-Material_Codes'!$A$2:$B$26,Quantities!$B$2),\nIF(AND(B263=\"B\",C263=\"a\"), \" Scraper Grading\", \"\"),\nIF(C263=\"b\",\"\",\"-\"),\nIF(C263=\"b\",\"\",VLOOKUP(A263,Quantities[],Quantities!$D$2)),\nIF(LEFT(TEXT(A263,\"0\"),1)=\"5\",\"\",\"-\"),\nIF(LEFT(TEXT(A263,\"0\"),1)=\"5\",\"\",VLOOKUP(C263,'Activity-Material_Codes'!$A$30:$B$36,Quantities!$B$2))\n))","v":"Construct Channels w/ Riprap-Entire Stockpile-Final Grade"},{"$f":"CONCATENATE(\nIF(OR(RIGHT(TEXT($A263,\"0\"),Quantities!$B$2)=\"00\",LEFT(TEXT($A263,\"0\"),1)=\"5\",OR($C263=\"b\",$C263=\"f\")),\"\",VLOOKUP($A263,Quantities[],Quantities!$B$2)),\nIF(LEFT(TEXT($A263,\"0\"),1)=\"5\",\"\",\" \"),\nIF(OR(C263=\"a\",C263=\"c\",C263=\"d\",C263=\"e\"),IF(OR(RIGHT(TEXT($A263,\"0\"),Quantities!$B$2)=\"00\",LEFT(TEXT($A263,\"0\"),1)=\"5\"),VLOOKUP($A263,Quantities[],Quantities!$B$2),\"\"),\nIF(LEFT(TEXT($A263,\"0\"),1)=\"5\",VLOOKUP($A263,Quantities[],Quantities!$B$2),\nVLOOKUP(INDEX(Quantities!$A$100:$A$118,MATCH($A263,Quantities!$C$100:$C$118)),Quantities!$A$100:$B$118,Quantities!$B$2))))","v":" 6C Leach"},{"$f":"IF(LEFT(TEXT(A263,\"0\"),1)=\"5\",\nVLOOKUP(VLOOKUP(A263,Quantities!$A$4:$D$118,Quantities!$C$2),Quantities!$A$4:$D$118,Quantities!$C$2),\nIF(OR(C263=\"a\",C263=\"c\",C263=\"d\",C263=\"e\"),\n\"-\",\nIF(RIGHT(TEXT(A263,\"0\"),2)=\"00\",VLOOKUP(A263,Quantities[],Quantities!$B$2),\nIF(C263=\"f\",VLOOKUP(A263,Quantities[],Quantities!$B$2),\nVLOOKUP(A263,Quantities[],Quantities!$C$2))\n)))","v":"-"},{"$f":"IF(OR(AND(LEFT(D263,2)=\"Sc\",B263=\"A\",C263=\"d\"),AND(C263=\"f\",B263=\"D\")),\nSUM(VLOOKUP($A263,Quantities[],Quantities!$O$2),VLOOKUP($A263,Quantities[],Quantities!$Q$2),VLOOKUP($A263,Quantities[],Quantities!$S$2)),\n\nIF(AND(LEFT(D263,2)=\"Sc\",OR(C263=\"a\",C263=\"f\")),\nVLOOKUP(A263,Quantities[],Quantities!$I$2),\n\nIF(AND(B263=\"D\",C263=\"b\"),\n VLOOKUP(INDEX(Quantities!$A$100:$A$118,MATCH($A263,Quantities!$C$100:$C$118)),Quantities!$A$100:$AJ$118,Quantities!$O$2)+\nVLOOKUP(INDEX(Quantities!$A$100:$A$118,MATCH($A263,Quantities!$C$100:$C$118)),Quantities!$A$100:$AJ$118,Quantities!$Q$2)+\nVLOOKUP(INDEX(Quantities!$A$100:$A$118,MATCH($A263,Quantities!$C$100:$C$118)),Quantities!$A$100:$AJ$118,Quantities!$S$2),\n\nIF(OR(B263=\"D\",B263=\"Q\"),\nSUM(VLOOKUP($A263,Quantities[],Quantities!$O$2),VLOOKUP($A263,Quantities[],Quantities!$Q$2),VLOOKUP($A263,Quantities[],Quantities!$S$2)),\n\n VLOOKUP(A263,Quantities[],Quantities!$G$2)\n))))","v":0},{"$f":"IF(LEFT(D263,2)=\"Mg\", VLOOKUP(A263,Quantities[],Quantities!$H$2),\n\nIF(OR(AND(LEFT(D263,2)=\"Sc\",B263=\"A\",C263=\"d\",C263=\"f\")),\n(SUM(VLOOKUP($A263,Quantities[],Quantities!$P$2)*VLOOKUP($A263,Quantities[],Quantities!$O$2),VLOOKUP($A263,Quantities[],Quantities!$R$2)*VLOOKUP($A263,Quantities[],Quantities!$Q$2),VLOOKUP($A263,Quantities[],Quantities!$T$2)*VLOOKUP($A263,Quantities[],Quantities!$S$2)))/SUM(VLOOKUP($A263,Quantities[],Quantities!$O$2),VLOOKUP($A263,Quantities[],Quantities!$Q$2),VLOOKUP($A263,Quantities[],Quantities!$S$2)),\n\nIF(AND(LEFT(D263,2)=\"Sc\",OR(C263=\"a\",C263=\"f\")),\nVLOOKUP(A263,Quantities[],Quantities!$J$2),\n\nIF(AND(B263=\"D\",C263=\"b\", (VLOOKUP(INDEX(Quantities!$A$100:$A$118,MATCH($A263,Quantities!$C$100:$C$118)),Quantities[],Quantities!$O$2)+VLOOKUP(INDEX(Quantities!$A$100:$A$118,MATCH($A263,Quantities!$C$100:$C$118)),Quantities[],Quantities!$Q$2)+VLOOKUP(INDEX(Quantities!$A$100:$A$118,MATCH($A263,Quantities!$C$100:$C$118)),Quantities[],Quantities!$S$2))>0),\n(VLOOKUP(INDEX(Quantities!$A$100:$A$118,MATCH($A263,Quantities!$C$100:$C$118)),Quantities[],Quantities!$P$2)*VLOOKUP(INDEX(Quantities!$A$100:$A$118,MATCH($A263,Quantities!$C$100:$C$118)),Quantities[],Quantities!$O$2)\n+VLOOKUP(INDEX(Quantities!$A$100:$A$118,MATCH($A263,Quantities!$C$100:$C$118)),Quantities[],Quantities!$R$2)*VLOOKUP(INDEX(Quantities!$A$100:$A$118,MATCH($A263,Quantities!$C$100:$C$118)),Quantities[],Quantities!$Q$2)\n+VLOOKUP(INDEX(Quantities!$A$100:$A$118,MATCH($A263,Quantities!$C$100:$C$118)),Quantities[],Quantities!$T$2)*VLOOKUP(INDEX(Quantities!$A$100:$A$118,MATCH($A263,Quantities!$C$100:$C$118)),Quantities[],Quantities!$S$2))/\n(VLOOKUP(INDEX(Quantities!$A$100:$A$118,MATCH($A263,Quantities!$C$100:$C$118)),Quantities[],Quantities!$O$2)+VLOOKUP(INDEX(Quantities!$A$100:$A$118,MATCH($A263,Quantities!$C$100:$C$118)),Quantities[],Quantities!$Q$2)+VLOOKUP(A263,Quantities[],Quantities!$S$2)),\n\nIF(AND(B263=\"D\", (VLOOKUP(A263,Quantities[],Quantities!$O$2)+VLOOKUP(A263,Quantities[],Quantities!$Q$2)+VLOOKUP(A263,Quantities[],Quantities!$S$2))>0),\n(VLOOKUP(A263,Quantities[],Quantities!$P$2)*VLOOKUP(A263,Quantities[],Quantities!$O$2)\n+VLOOKUP(A263,Quantities[],Quantities!$R$2)*VLOOKUP(A263,Quantities[],Quantities!$Q$2)\n+VLOOKUP(A263,Quantities[],Quantities!$T$2)*VLOOKUP(A263,Quantities[],Quantities!$S$2))/\n(VLOOKUP(A263,Quantities[],Quantities!$O$2)+VLOOKUP(A263,Quantities[],Quantities!$Q$2)+VLOOKUP(A263,Quantities[],Quantities!$S$2)),\n\nIF($B263=\"Q\", (SUM(VLOOKUP($A263,Quantities[],Quantities!$P$2)*VLOOKUP($A263,Quantities[],Quantities!$O$2),VLOOKUP($A263,Quantities[],Quantities!$R$2)*VLOOKUP($A263,Quantities[],Quantities!$Q$2),VLOOKUP($A263,Quantities[],Quantities!$T$2)*VLOOKUP($A263,Quantities[],Quantities!$S$2)))/SUM(VLOOKUP($A263,Quantities[],Quantities!$O$2),VLOOKUP($A263,Quantities[],Quantities!$Q$2),VLOOKUP($A263,Quantities[],Quantities!$S$2)),\n\n VLOOKUP(A263,Quantities[],Quantities!$H$2)\n))))))","v":"-"},{"$f":"IF(LEFT(D263,1)=\"U\",\"-\",VLOOKUP(D263,Equipment[],Equipment!$B$2))","v":"-"}]
[{"$f":"Quantities!$A$33","v":2000},"H","e",{"$f":"'Unit Rates'!$A$17","v":"U7a"},"2000-H-e-U7a",{"$f":"IF(D264=\"Comb1\",CONCATENATE(VLOOKUP(B264,'Activity-Material_Codes'!$A$2:$B$26,Quantities!$B$2),\"-\",VLOOKUP(A264,Quantities[],Quantities!$D$2)),\nCONCATENATE(\nVLOOKUP(B264,'Activity-Material_Codes'!$A$2:$B$26,Quantities!$B$2),\nIF(AND(B264=\"B\",C264=\"a\"), \" Scraper Grading\", \"\"),\nIF(C264=\"b\",\"\",\"-\"),\nIF(C264=\"b\",\"\",VLOOKUP(A264,Quantities[],Quantities!$D$2)),\nIF(LEFT(TEXT(A264,\"0\"),1)=\"5\",\"\",\"-\"),\nIF(LEFT(TEXT(A264,\"0\"),1)=\"5\",\"\",VLOOKUP(C264,'Activity-Material_Codes'!$A$30:$B$36,Quantities!$B$2))\n))","v":"Construct Channels w/ Riprap-Entire Stockpile-Final Grade"},{"$f":"CONCATENATE(\nIF(OR(RIGHT(TEXT($A264,\"0\"),Quantities!$B$2)=\"00\",LEFT(TEXT($A264,\"0\"),1)=\"5\",OR($C264=\"b\",$C264=\"f\")),\"\",VLOOKUP($A264,Quantities[],Quantities!$B$2)),\nIF(LEFT(TEXT($A264,\"0\"),1)=\"5\",\"\",\" \"),\nIF(OR(C264=\"a\",C264=\"c\",C264=\"d\",C264=\"e\"),IF(OR(RIGHT(TEXT($A264,\"0\"),Quantities!$B$2)=\"00\",LEFT(TEXT($A264,\"0\"),1)=\"5\"),VLOOKUP($A264,Quantities[],Quantities!$B$2),\"\"),\nIF(LEFT(TEXT($A264,\"0\"),1)=\"5\",VLOOKUP($A264,Quantities[],Quantities!$B$2),\nVLOOKUP(INDEX(Quantities!$A$100:$A$118,MATCH($A264,Quantities!$C$100:$C$118)),Quantities!$A$100:$B$118,Quantities!$B$2))))","v":" 9A Waste "},{"$f":"IF(LEFT(TEXT(A264,\"0\"),1)=\"5\",\nVLOOKUP(VLOOKUP(A264,Quantities!$A$4:$D$118,Quantities!$C$2),Quantities!$A$4:$D$118,Quantities!$C$2),\nIF(OR(C264=\"a\",C264=\"c\",C264=\"d\",C264=\"e\"),\n\"-\",\nIF(RIGHT(TEXT(A264,\"0\"),2)=\"00\",VLOOKUP(A264,Quantities[],Quantities!$B$2),\nIF(C264=\"f\",VLOOKUP(A264,Quantities[],Quantities!$B$2),\nVLOOKUP(A264,Quantities[],Quantities!$C$2))\n)))","v":"-"},{"$f":"IF(OR(AND(LEFT(D264,2)=\"Sc\",B264=\"A\",C264=\"d\"),AND(C264=\"f\",B264=\"D\")),\nSUM(VLOOKUP($A264,Quantities[],Quantities!$O$2),VLOOKUP($A264,Quantities[],Quantities!$Q$2),VLOOKUP($A264,Quantities[],Quantities!$S$2)),\n\nIF(AND(LEFT(D264,2)=\"Sc\",OR(C264=\"a\",C264=\"f\")),\nVLOOKUP(A264,Quantities[],Quantities!$I$2),\n\nIF(AND(B264=\"D\",C264=\"b\"),\n VLOOKUP(INDEX(Quantities!$A$100:$A$118,MATCH($A264,Quantities!$C$100:$C$118)),Quantities!$A$100:$AJ$118,Quantities!$O$2)+\nVLOOKUP(INDEX(Quantities!$A$100:$A$118,MATCH($A264,Quantities!$C$100:$C$118)),Quantities!$A$100:$AJ$118,Quantities!$Q$2)+\nVLOOKUP(INDEX(Quantities!$A$100:$A$118,MATCH($A264,Quantities!$C$100:$C$118)),Quantities!$A$100:$AJ$118,Quantities!$S$2),\n\nIF(OR(B264=\"D\",B264=\"Q\"),\nSUM(VLOOKUP($A264,Quantities[],Quantities!$O$2),VLOOKUP($A264,Quantities[],Quantities!$Q$2),VLOOKUP($A264,Quantities[],Quantities!$S$2)),\n\n VLOOKUP(A264,Quantities[],Quantities!$G$2)\n))))","v":0},{"$f":"IF(LEFT(D264,2)=\"Mg\", VLOOKUP(A264,Quantities[],Quantities!$H$2),\n\nIF(OR(AND(LEFT(D264,2)=\"Sc\",B264=\"A\",C264=\"d\",C264=\"f\")),\n(SUM(VLOOKUP($A264,Quantities[],Quantities!$P$2)*VLOOKUP($A264,Quantities[],Quantities!$O$2),VLOOKUP($A264,Quantities[],Quantities!$R$2)*VLOOKUP($A264,Quantities[],Quantities!$Q$2),VLOOKUP($A264,Quantities[],Quantities!$T$2)*VLOOKUP($A264,Quantities[],Quantities!$S$2)))/SUM(VLOOKUP($A264,Quantities[],Quantities!$O$2),VLOOKUP($A264,Quantities[],Quantities!$Q$2),VLOOKUP($A264,Quantities[],Quantities!$S$2)),\n\nIF(AND(LEFT(D264,2)=\"Sc\",OR(C264=\"a\",C264=\"f\")),\nVLOOKUP(A264,Quantities[],Quantities!$J$2),\n\nIF(AND(B264=\"D\",C264=\"b\", (VLOOKUP(INDEX(Quantities!$A$100:$A$118,MATCH($A264,Quantities!$C$100:$C$118)),Quantities[],Quantities!$O$2)+VLOOKUP(INDEX(Quantities!$A$100:$A$118,MATCH($A264,Quantities!$C$100:$C$118)),Quantities[],Quantities!$Q$2)+VLOOKUP(INDEX(Quantities!$A$100:$A$118,MATCH($A264,Quantities!$C$100:$C$118)),Quantities[],Quantities!$S$2))>0),\n(VLOOKUP(INDEX(Quantities!$A$100:$A$118,MATCH($A264,Quantities!$C$100:$C$118)),Quantities[],Quantities!$P$2)*VLOOKUP(INDEX(Quantities!$A$100:$A$118,MATCH($A264,Quantities!$C$100:$C$118)),Quantities[],Quantities!$O$2)\n+VLOOKUP(INDEX(Quantities!$A$100:$A$118,MATCH($A264,Quantities!$C$100:$C$118)),Quantities[],Quantities!$R$2)*VLOOKUP(INDEX(Quantities!$A$100:$A$118,MATCH($A264,Quantities!$C$100:$C$118)),Quantities[],Quantities!$Q$2)\n+VLOOKUP(INDEX(Quantities!$A$100:$A$118,MATCH($A264,Quantities!$C$100:$C$118)),Quantities[],Quantities!$T$2)*VLOOKUP(INDEX(Quantities!$A$100:$A$118,MATCH($A264,Quantities!$C$100:$C$118)),Quantities[],Quantities!$S$2))/\n(VLOOKUP(INDEX(Quantities!$A$100:$A$118,MATCH($A264,Quantities!$C$100:$C$118)),Quantities[],Quantities!$O$2)+VLOOKUP(INDEX(Quantities!$A$100:$A$118,MATCH($A264,Quantities!$C$100:$C$118)),Quantities[],Quantities!$Q$2)+VLOOKUP(A264,Quantities[],Quantities!$S$2)),\n\nIF(AND(B264=\"D\", (VLOOKUP(A264,Quantities[],Quantities!$O$2)+VLOOKUP(A264,Quantities[],Quantities!$Q$2)+VLOOKUP(A264,Quantities[],Quantities!$S$2))>0),\n(VLOOKUP(A264,Quantities[],Quantities!$P$2)*VLOOKUP(A264,Quantities[],Quantities!$O$2)\n+VLOOKUP(A264,Quantities[],Quantities!$R$2)*VLOOKUP(A264,Quantities[],Quantities!$Q$2)\n+VLOOKUP(A264,Quantities[],Quantities!$T$2)*VLOOKUP(A264,Quantities[],Quantities!$S$2))/\n(VLOOKUP(A264,Quantities[],Quantities!$O$2)+VLOOKUP(A264,Quantities[],Quantities!$Q$2)+VLOOKUP(A264,Quantities[],Quantities!$S$2)),\n\nIF($B264=\"Q\", (SUM(VLOOKUP($A264,Quantities[],Quantities!$P$2)*VLOOKUP($A264,Quantities[],Quantities!$O$2),VLOOKUP($A264,Quantities[],Quantities!$R$2)*VLOOKUP($A264,Quantities[],Quantities!$Q$2),VLOOKUP($A264,Quantities[],Quantities!$T$2)*VLOOKUP($A264,Quantities[],Quantities!$S$2)))/SUM(VLOOKUP($A264,Quantities[],Quantities!$O$2),VLOOKUP($A264,Quantities[],Quantities!$Q$2),VLOOKUP($A264,Quantities[],Quantities!$S$2)),\n\n VLOOKUP(A264,Quantities[],Quantities!$H$2)\n))))))","v":"-"},{"$f":"IF(LEFT(D264,1)=\"U\",\"-\",VLOOKUP(D264,Equipment[],Equipment!$B$2))","v":"-"}]
[{"$f":"Quantities!$A$36","v":2100},"H","e",{"$f":"'Unit Rates'!$A$17","v":"U7a"},{"$f":"CONCATENATE(TEXT(A265,\"0\"),\"-\",B265,\"-\",C265,\"-\",D265)","v":"2100-H-e-U7a"},{"$f":"IF(D265=\"Comb1\",CONCATENATE(VLOOKUP(B265,'Activity-Material_Codes'!$A$2:$B$26,Quantities!$B$2),\"-\",VLOOKUP(A265,Quantities[],Quantities!$D$2)),\nCONCATENATE(\nVLOOKUP(B265,'Activity-Material_Codes'!$A$2:$B$26,Quantities!$B$2),\nIF(AND(B265=\"B\",C265=\"a\"), \" Scraper Grading\", \"\"),\nIF(C265=\"b\",\"\",\"-\"),\nIF(C265=\"b\",\"\",VLOOKUP(A265,Quantities[],Quantities!$D$2)),\nIF(LEFT(TEXT(A265,\"0\"),1)=\"5\",\"\",\"-\"),\nIF(LEFT(TEXT(A265,\"0\"),1)=\"5\",\"\",VLOOKUP(C265,'Activity-Material_Codes'!$A$30:$B$36,Quantities!$B$2))\n))","v":"Construct Channels w/ Riprap-Entire Stockpile-Final Grade"},{"$f":"CONCATENATE(\nIF(OR(RIGHT(TEXT($A265,\"0\"),Quantities!$B$2)=\"00\",LEFT(TEXT($A265,\"0\"),1)=\"5\",OR($C265=\"b\",$C265=\"f\")),\"\",VLOOKUP($A265,Quantities[],Quantities!$B$2)),\nIF(LEFT(TEXT($A265,\"0\"),1)=\"5\",\"\",\" \"),\nIF(OR(C265=\"a\",C265=\"c\",C265=\"d\",C265=\"e\"),IF(OR(RIGHT(TEXT($A265,\"0\"),Quantities!$B$2)=\"00\",LEFT(TEXT($A265,\"0\"),1)=\"5\"),VLOOKUP($A265,Quantities[],Quantities!$B$2),\"\"),\nIF(LEFT(TEXT($A265,\"0\"),1)=\"5\",VLOOKUP($A265,Quantities[],Quantities!$B$2),\nVLOOKUP(INDEX(Quantities!$A$100:$A$118,MATCH($A265,Quantities!$C$100:$C$118)),Quantities!$A$100:$B$118,Quantities!$B$2))))","v":" 9AX Waste"},{"$f":"IF(LEFT(TEXT(A265,\"0\"),1)=\"5\",\nVLOOKUP(VLOOKUP(A265,Quantities!$A$4:$D$118,Quantities!$C$2),Quantities!$A$4:$D$118,Quantities!$C$2),\nIF(OR(C265=\"a\",C265=\"c\",C265=\"d\",C265=\"e\"),\n\"-\",\nIF(RIGHT(TEXT(A265,\"0\"),2)=\"00\",VLOOKUP(A265,Quantities[],Quantities!$B$2),\nIF(C265=\"f\",VLOOKUP(A265,Quantities[],Quantities!$B$2),\nVLOOKUP(A265,Quantities[],Quantities!$C$2))\n)))","v":"-"},{"$f":"IF(OR(AND(LEFT(D265,2)=\"Sc\",B265=\"A\",C265=\"d\"),AND(C265=\"f\",B265=\"D\")),\nSUM(VLOOKUP($A265,Quantities[],Quantities!$O$2),VLOOKUP($A265,Quantities[],Quantities!$Q$2),VLOOKUP($A265,Quantities[],Quantities!$S$2)),\n\nIF(AND(LEFT(D265,2)=\"Sc\",OR(C265=\"a\",C265=\"f\")),\nVLOOKUP(A265,Quantities[],Quantities!$I$2),\n\nIF(AND(B265=\"D\",C265=\"b\"),\n VLOOKUP(INDEX(Quantities!$A$100:$A$118,MATCH($A265,Quantities!$C$100:$C$118)),Quantities!$A$100:$AJ$118,Quantities!$O$2)+\nVLOOKUP(INDEX(Quantities!$A$100:$A$118,MATCH($A265,Quantities!$C$100:$C$118)),Quantities!$A$100:$AJ$118,Quantities!$Q$2)+\nVLOOKUP(INDEX(Quantities!$A$100:$A$118,MATCH($A265,Quantities!$C$100:$C$118)),Quantities!$A$100:$AJ$118,Quantities!$S$2),\n\nIF(OR(B265=\"D\",B265=\"Q\"),\nSUM(VLOOKUP($A265,Quantities[],Quantities!$O$2),VLOOKUP($A265,Quantities[],Quantities!$Q$2),VLOOKUP($A265,Quantities[],Quantities!$S$2)),\n\n VLOOKUP(A265,Quantities[],Quantities!$G$2)\n))))","v":0},{"$f":"IF(LEFT(D265,2)=\"Mg\", VLOOKUP(A265,Quantities[],Quantities!$H$2),\n\nIF(OR(AND(LEFT(D265,2)=\"Sc\",B265=\"A\",C265=\"d\",C265=\"f\")),\n(SUM(VLOOKUP($A265,Quantities[],Quantities!$P$2)*VLOOKUP($A265,Quantities[],Quantities!$O$2),VLOOKUP($A265,Quantities[],Quantities!$R$2)*VLOOKUP($A265,Quantities[],Quantities!$Q$2),VLOOKUP($A265,Quantities[],Quantities!$T$2)*VLOOKUP($A265,Quantities[],Quantities!$S$2)))/SUM(VLOOKUP($A265,Quantities[],Quantities!$O$2),VLOOKUP($A265,Quantities[],Quantities!$Q$2),VLOOKUP($A265,Quantities[],Quantities!$S$2)),\n\nIF(AND(LEFT(D265,2)=\"Sc\",OR(C265=\"a\",C265=\"f\")),\nVLOOKUP(A265,Quantities[],Quantities!$J$2),\n\nIF(AND(B265=\"D\",C265=\"b\", (VLOOKUP(INDEX(Quantities!$A$100:$A$118,MATCH($A265,Quantities!$C$100:$C$118)),Quantities[],Quantities!$O$2)+VLOOKUP(INDEX(Quantities!$A$100:$A$118,MATCH($A265,Quantities!$C$100:$C$118)),Quantities[],Quantities!$Q$2)+VLOOKUP(INDEX(Quantities!$A$100:$A$118,MATCH($A265,Quantities!$C$100:$C$118)),Quantities[],Quantities!$S$2))>0),\n(VLOOKUP(INDEX(Quantities!$A$100:$A$118,MATCH($A265,Quantities!$C$100:$C$118)),Quantities[],Quantities!$P$2)*VLOOKUP(INDEX(Quantities!$A$100:$A$118,MATCH($A265,Quantities!$C$100:$C$118)),Quantities[],Quantities!$O$2)\n+VLOOKUP(INDEX(Quantities!$A$100:$A$118,MATCH($A265,Quantities!$C$100:$C$118)),Quantities[],Quantities!$R$2)*VLOOKUP(INDEX(Quantities!$A$100:$A$118,MATCH($A265,Quantities!$C$100:$C$118)),Quantities[],Quantities!$Q$2)\n+VLOOKUP(INDEX(Quantities!$A$100:$A$118,MATCH($A265,Quantities!$C$100:$C$118)),Quantities[],Quantities!$T$2)*VLOOKUP(INDEX(Quantities!$A$100:$A$118,MATCH($A265,Quantities!$C$100:$C$118)),Quantities[],Quantities!$S$2))/\n(VLOOKUP(INDEX(Quantities!$A$100:$A$118,MATCH($A265,Quantities!$C$100:$C$118)),Quantities[],Quantities!$O$2)+VLOOKUP(INDEX(Quantities!$A$100:$A$118,MATCH($A265,Quantities!$C$100:$C$118)),Quantities[],Quantities!$Q$2)+VLOOKUP(A265,Quantities[],Quantities!$S$2)),\n\nIF(AND(B265=\"D\", (VLOOKUP(A265,Quantities[],Quantities!$O$2)+VLOOKUP(A265,Quantities[],Quantities!$Q$2)+VLOOKUP(A265,Quantities[],Quantities!$S$2))>0),\n(VLOOKUP(A265,Quantities[],Quantities!$P$2)*VLOOKUP(A265,Quantities[],Quantities!$O$2)\n+VLOOKUP(A265,Quantities[],Quantities!$R$2)*VLOOKUP(A265,Quantities[],Quantities!$Q$2)\n+VLOOKUP(A265,Quantities[],Quantities!$T$2)*VLOOKUP(A265,Quantities[],Quantities!$S$2))/\n(VLOOKUP(A265,Quantities[],Quantities!$O$2)+VLOOKUP(A265,Quantities[],Quantities!$Q$2)+VLOOKUP(A265,Quantities[],Quantities!$S$2)),\n\nIF($B265=\"Q\", (SUM(VLOOKUP($A265,Quantities[],Quantities!$P$2)*VLOOKUP($A265,Quantities[],Quantities!$O$2),VLOOKUP($A265,Quantities[],Quantities!$R$2)*VLOOKUP($A265,Quantities[],Quantities!$Q$2),VLOOKUP($A265,Quantities[],Quantities!$T$2)*VLOOKUP($A265,Quantities[],Quantities!$S$2)))/SUM(VLOOKUP($A265,Quantities[],Quantities!$O$2),VLOOKUP($A265,Quantities[],Quantities!$Q$2),VLOOKUP($A265,Quantities[],Quantities!$S$2)),\n\n VLOOKUP(A265,Quantities[],Quantities!$H$2)\n))))))","v":"-"},{"$f":"IF(LEFT(D265,1)=\"U\",\"-\",VLOOKUP(D265,Equipment[],Equipment!$B$2))","v":"-"}]
[{"$f":"Quantities!A63","v":2800},"Hb","e",{"$f":"'Unit Rates'!$A$18","v":"U7b"},{"$f":"CONCATENATE(TEXT(A266,\"0\"),\"-\",B266,\"-\",C266,\"-\",D266)","v":"2800-Hb-e-U7b"},{"$f":"IF(D266=\"Comb1\",CONCATENATE(VLOOKUP(B266,'Activity-Material_Codes'!$A$2:$B$26,Quantities!$B$2),\"-\",VLOOKUP(A266,Quantities[],Quantities!$D$2)),\nCONCATENATE(\nVLOOKUP(B266,'Activity-Material_Codes'!$A$2:$B$26,Quantities!$B$2),\nIF(AND(B266=\"B\",C266=\"a\"), \" Scraper Grading\", \"\"),\nIF(C266=\"b\",\"\",\"-\"),\nIF(C266=\"b\",\"\",VLOOKUP(A266,Quantities[],Quantities!$D$2)),\nIF(LEFT(TEXT(A266,\"0\"),1)=\"5\",\"\",\"-\"),\nIF(LEFT(TEXT(A266,\"0\"),1)=\"5\",\"\",VLOOKUP(C266,'Activity-Material_Codes'!$A$30:$B$36,Quantities!$B$2))\n))","v":"Construct Channels w/o Riprap-Borrow Areas-Final Grade"},{"$f":"CONCATENATE(\nIF(OR(RIGHT(TEXT($A266,\"0\"),Quantities!$B$2)=\"00\",LEFT(TEXT($A266,\"0\"),1)=\"5\",OR($C266=\"b\",$C266=\"f\")),\"\",VLOOKUP($A266,Quantities[],Quantities!$B$2)),\nIF(LEFT(TEXT($A266,\"0\"),1)=\"5\",\"\",\" \"),\nIF(OR(C266=\"a\",C266=\"c\",C266=\"d\",C266=\"e\"),IF(OR(RIGHT(TEXT($A266,\"0\"),Quantities!$B$2)=\"00\",LEFT(TEXT($A266,\"0\"),1)=\"5\"),VLOOKUP($A266,Quantities[],Quantities!$B$2),\"\"),\nIF(LEFT(TEXT($A266,\"0\"),1)=\"5\",VLOOKUP($A266,Quantities[],Quantities!$B$2),\nVLOOKUP(INDEX(Quantities!$A$100:$A$118,MATCH($A266,Quantities!$C$100:$C$118)),Quantities!$A$100:$B$118,Quantities!$B$2))))","v":" Other Borrow Areas"},{"$f":"IF(LEFT(TEXT(A266,\"0\"),1)=\"5\",\nVLOOKUP(VLOOKUP(A266,Quantities!$A$4:$D$118,Quantities!$C$2),Quantities!$A$4:$D$118,Quantities!$C$2),\nIF(OR(C266=\"a\",C266=\"c\",C266=\"d\",C266=\"e\"),\n\"-\",\nIF(RIGHT(TEXT(A266,\"0\"),2)=\"00\",VLOOKUP(A266,Quantities[],Quantities!$B$2),\nIF(C266=\"f\",VLOOKUP(A266,Quantities[],Quantities!$B$2),\nVLOOKUP(A266,Quantities[],Quantities!$C$2))\n)))","v":"-"},{"$f":"IF(OR(AND(LEFT(D266,2)=\"Sc\",B266=\"A\",C266=\"d\"),AND(C266=\"f\",B266=\"D\")),\nSUM(VLOOKUP($A266,Quantities[],Quantities!$O$2),VLOOKUP($A266,Quantities[],Quantities!$Q$2),VLOOKUP($A266,Quantities[],Quantities!$S$2)),\n\nIF(AND(LEFT(D266,2)=\"Sc\",OR(C266=\"a\",C266=\"f\")),\nVLOOKUP(A266,Quantities[],Quantities!$I$2),\n\nIF(AND(B266=\"D\",C266=\"b\"),\n VLOOKUP(INDEX(Quantities!$A$100:$A$118,MATCH($A266,Quantities!$C$100:$C$118)),Quantities!$A$100:$AJ$118,Quantities!$O$2)+\nVLOOKUP(INDEX(Quantities!$A$100:$A$118,MATCH($A266,Quantities!$C$100:$C$118)),Quantities!$A$100:$AJ$118,Quantities!$Q$2)+\nVLOOKUP(INDEX(Quantities!$A$100:$A$118,MATCH($A266,Quantities!$C$100:$C$118)),Quantities!$A$100:$AJ$118,Quantities!$S$2),\n\nIF(OR(B266=\"D\",B266=\"Q\"),\nSUM(VLOOKUP($A266,Quantities[],Quantities!$O$2),VLOOKUP($A266,Quantities[],Quantities!$Q$2),VLOOKUP($A266,Quantities[],Quantities!$S$2)),\n\n VLOOKUP(A266,Quantities[],Quantities!$G$2)\n))))","v":3142},{"$f":"IF(LEFT(D266,2)=\"Mg\", VLOOKUP(A266,Quantities[],Quantities!$H$2),\n\nIF(OR(AND(LEFT(D266,2)=\"Sc\",B266=\"A\",C266=\"d\",C266=\"f\")),\n(SUM(VLOOKUP($A266,Quantities[],Quantities!$P$2)*VLOOKUP($A266,Quantities[],Quantities!$O$2),VLOOKUP($A266,Quantities[],Quantities!$R$2)*VLOOKUP($A266,Quantities[],Quantities!$Q$2),VLOOKUP($A266,Quantities[],Quantities!$T$2)*VLOOKUP($A266,Quantities[],Quantities!$S$2)))/SUM(VLOOKUP($A266,Quantities[],Quantities!$O$2),VLOOKUP($A266,Quantities[],Quantities!$Q$2),VLOOKUP($A266,Quantities[],Quantities!$S$2)),\n\nIF(AND(LEFT(D266,2)=\"Sc\",OR(C266=\"a\",C266=\"f\")),\nVLOOKUP(A266,Quantities[],Quantities!$J$2),\n\nIF(AND(B266=\"D\",C266=\"b\", (VLOOKUP(INDEX(Quantities!$A$100:$A$118,MATCH($A266,Quantities!$C$100:$C$118)),Quantities[],Quantities!$O$2)+VLOOKUP(INDEX(Quantities!$A$100:$A$118,MATCH($A266,Quantities!$C$100:$C$118)),Quantities[],Quantities!$Q$2)+VLOOKUP(INDEX(Quantities!$A$100:$A$118,MATCH($A266,Quantities!$C$100:$C$118)),Quantities[],Quantities!$S$2))>0),\n(VLOOKUP(INDEX(Quantities!$A$100:$A$118,MATCH($A266,Quantities!$C$100:$C$118)),Quantities[],Quantities!$P$2)*VLOOKUP(INDEX(Quantities!$A$100:$A$118,MATCH($A266,Quantities!$C$100:$C$118)),Quantities[],Quantities!$O$2)\n+VLOOKUP(INDEX(Quantities!$A$100:$A$118,MATCH($A266,Quantities!$C$100:$C$118)),Quantities[],Quantities!$R$2)*VLOOKUP(INDEX(Quantities!$A$100:$A$118,MATCH($A266,Quantities!$C$100:$C$118)),Quantities[],Quantities!$Q$2)\n+VLOOKUP(INDEX(Quantities!$A$100:$A$118,MATCH($A266,Quantities!$C$100:$C$118)),Quantities[],Quantities!$T$2)*VLOOKUP(INDEX(Quantities!$A$100:$A$118,MATCH($A266,Quantities!$C$100:$C$118)),Quantities[],Quantities!$S$2))/\n(VLOOKUP(INDEX(Quantities!$A$100:$A$118,MATCH($A266,Quantities!$C$100:$C$118)),Quantities[],Quantities!$O$2)+VLOOKUP(INDEX(Quantities!$A$100:$A$118,MATCH($A266,Quantities!$C$100:$C$118)),Quantities[],Quantities!$Q$2)+VLOOKUP(A266,Quantities[],Quantities!$S$2)),\n\nIF(AND(B266=\"D\", (VLOOKUP(A266,Quantities[],Quantities!$O$2)+VLOOKUP(A266,Quantities[],Quantities!$Q$2)+VLOOKUP(A266,Quantities[],Quantities!$S$2))>0),\n(VLOOKUP(A266,Quantities[],Quantities!$P$2)*VLOOKUP(A266,Quantities[],Quantities!$O$2)\n+VLOOKUP(A266,Quantities[],Quantities!$R$2)*VLOOKUP(A266,Quantities[],Quantities!$Q$2)\n+VLOOKUP(A266,Quantities[],Quantities!$T$2)*VLOOKUP(A266,Quantities[],Quantities!$S$2))/\n(VLOOKUP(A266,Quantities[],Quantities!$O$2)+VLOOKUP(A266,Quantities[],Quantities!$Q$2)+VLOOKUP(A266,Quantities[],Quantities!$S$2)),\n\nIF($B266=\"Q\", (SUM(VLOOKUP($A266,Quantities[],Quantities!$P$2)*VLOOKUP($A266,Quantities[],Quantities!$O$2),VLOOKUP($A266,Quantities[],Quantities!$R$2)*VLOOKUP($A266,Quantities[],Quantities!$Q$2),VLOOKUP($A266,Quantities[],Quantities!$T$2)*VLOOKUP($A266,Quantities[],Quantities!$S$2)))/SUM(VLOOKUP($A266,Quantities[],Quantities!$O$2),VLOOKUP($A266,Quantities[],Quantities!$Q$2),VLOOKUP($A266,Quantities[],Quantities!$S$2)),\n\n VLOOKUP(A266,Quantities[],Quantities!$H$2)\n))))))","v":"-"},{"$f":"IF(LEFT(D266,1)=\"U\",\"-\",VLOOKUP(D266,Equipment[],Equipment!$B$2))","v":"-"}]
[{"$f":"Quantities!A63","v":2800},"R","e",{"$f":"'Unit Rates'!A39","v":"U28"},"2800-R-e-U28",{"$f":"IF(D267=\"Comb1\",CONCATENATE(VLOOKUP(B267,'Activity-Material_Codes'!$A$2:$B$26,Quantities!$B$2),\"-\",VLOOKUP(A267,Quantities[],Quantities!$D$2)),\nCONCATENATE(\nVLOOKUP(B267,'Activity-Material_Codes'!$A$2:$B$26,Quantities!$B$2),\nIF(AND(B267=\"B\",C267=\"a\"), \" Scraper Grading\", \"\"),\nIF(C267=\"b\",\"\",\"-\"),\nIF(C267=\"b\",\"\",VLOOKUP(A267,Quantities[],Quantities!$D$2)),\nIF(LEFT(TEXT(A267,\"0\"),1)=\"5\",\"\",\"-\"),\nIF(LEFT(TEXT(A267,\"0\"),1)=\"5\",\"\",VLOOKUP(C267,'Activity-Material_Codes'!$A$30:$B$36,Quantities!$B$2))\n))","v":"Construct Berms-Borrow Areas-Final Grade"},{"$f":"CONCATENATE(\nIF(OR(RIGHT(TEXT($A267,\"0\"),Quantities!$B$2)=\"00\",LEFT(TEXT($A267,\"0\"),1)=\"5\",OR($C267=\"b\",$C267=\"f\")),\"\",VLOOKUP($A267,Quantities[],Quantities!$B$2)),\nIF(LEFT(TEXT($A267,\"0\"),1)=\"5\",\"\",\" \"),\nIF(OR(C267=\"a\",C267=\"c\",C267=\"d\",C267=\"e\"),IF(OR(RIGHT(TEXT($A267,\"0\"),Quantities!$B$2)=\"00\",LEFT(TEXT($A267,\"0\"),1)=\"5\"),VLOOKUP($A267,Quantities[],Quantities!$B$2),\"\"),\nIF(LEFT(TEXT($A267,\"0\"),1)=\"5\",VLOOKUP($A267,Quantities[],Quantities!$B$2),\nVLOOKUP(INDEX(Quantities!$A$100:$A$118,MATCH($A267,Quantities!$C$100:$C$118)),Quantities!$A$100:$B$118,Quantities!$B$2))))","v":" Other Borrow Areas"},{"$f":"IF(LEFT(TEXT(A267,\"0\"),1)=\"5\",\nVLOOKUP(VLOOKUP(A267,Quantities!$A$4:$D$118,Quantities!$C$2),Quantities!$A$4:$D$118,Quantities!$C$2),\nIF(OR(C267=\"a\",C267=\"c\",C267=\"d\",C267=\"e\"),\n\"-\",\nIF(RIGHT(TEXT(A267,\"0\"),2)=\"00\",VLOOKUP(A267,Quantities[],Quantities!$B$2),\nIF(C267=\"f\",VLOOKUP(A267,Quantities[],Quantities!$B$2),\nVLOOKUP(A267,Quantities[],Quantities!$C$2))\n)))","v":"-"},{"$f":"IF(OR(AND(LEFT(D267,2)=\"Sc\",B267=\"A\",C267=\"d\"),AND(C267=\"f\",B267=\"D\")),\nSUM(VLOOKUP($A267,Quantities[],Quantities!$O$2),VLOOKUP($A267,Quantities[],Quantities!$Q$2),VLOOKUP($A267,Quantities[],Quantities!$S$2)),\n\nIF(AND(LEFT(D267,2)=\"Sc\",OR(C267=\"a\",C267=\"f\")),\nVLOOKUP(A267,Quantities[],Quantities!$I$2),\n\nIF(AND(B267=\"D\",C267=\"b\"),\n VLOOKUP(INDEX(Quantities!$A$100:$A$118,MATCH($A267,Quantities!$C$100:$C$118)),Quantities!$A$100:$AJ$118,Quantities!$O$2)+\nVLOOKUP(INDEX(Quantities!$A$100:$A$118,MATCH($A267,Quantities!$C$100:$C$118)),Quantities!$A$100:$AJ$118,Quantities!$Q$2)+\nVLOOKUP(INDEX(Quantities!$A$100:$A$118,MATCH($A267,Quantities!$C$100:$C$118)),Quantities!$A$100:$AJ$118,Quantities!$S$2),\n\nIF(OR(B267=\"D\",B267=\"Q\"),\nSUM(VLOOKUP($A267,Quantities[],Quantities!$O$2),VLOOKUP($A267,Quantities[],Quantities!$Q$2),VLOOKUP($A267,Quantities[],Quantities!$S$2)),\n\n VLOOKUP(A267,Quantities[],Quantities!$G$2)\n))))","v":3142},{"$f":"IF(LEFT(D267,2)=\"Mg\", VLOOKUP(A267,Quantities[],Quantities!$H$2),\n\nIF(OR(AND(LEFT(D267,2)=\"Sc\",B267=\"A\",C267=\"d\",C267=\"f\")),\n(SUM(VLOOKUP($A267,Quantities[],Quantities!$P$2)*VLOOKUP($A267,Quantities[],Quantities!$O$2),VLOOKUP($A267,Quantities[],Quantities!$R$2)*VLOOKUP($A267,Quantities[],Quantities!$Q$2),VLOOKUP($A267,Quantities[],Quantities!$T$2)*VLOOKUP($A267,Quantities[],Quantities!$S$2)))/SUM(VLOOKUP($A267,Quantities[],Quantities!$O$2),VLOOKUP($A267,Quantities[],Quantities!$Q$2),VLOOKUP($A267,Quantities[],Quantities!$S$2)),\n\nIF(AND(LEFT(D267,2)=\"Sc\",OR(C267=\"a\",C267=\"f\")),\nVLOOKUP(A267,Quantities[],Quantities!$J$2),\n\nIF(AND(B267=\"D\",C267=\"b\", (VLOOKUP(INDEX(Quantities!$A$100:$A$118,MATCH($A267,Quantities!$C$100:$C$118)),Quantities[],Quantities!$O$2)+VLOOKUP(INDEX(Quantities!$A$100:$A$118,MATCH($A267,Quantities!$C$100:$C$118)),Quantities[],Quantities!$Q$2)+VLOOKUP(INDEX(Quantities!$A$100:$A$118,MATCH($A267,Quantities!$C$100:$C$118)),Quantities[],Quantities!$S$2))>0),\n(VLOOKUP(INDEX(Quantities!$A$100:$A$118,MATCH($A267,Quantities!$C$100:$C$118)),Quantities[],Quantities!$P$2)*VLOOKUP(INDEX(Quantities!$A$100:$A$118,MATCH($A267,Quantities!$C$100:$C$118)),Quantities[],Quantities!$O$2)\n+VLOOKUP(INDEX(Quantities!$A$100:$A$118,MATCH($A267,Quantities!$C$100:$C$118)),Quantities[],Quantities!$R$2)*VLOOKUP(INDEX(Quantities!$A$100:$A$118,MATCH($A267,Quantities!$C$100:$C$118)),Quantities[],Quantities!$Q$2)\n+VLOOKUP(INDEX(Quantities!$A$100:$A$118,MATCH($A267,Quantities!$C$100:$C$118)),Quantities[],Quantities!$T$2)*VLOOKUP(INDEX(Quantities!$A$100:$A$118,MATCH($A267,Quantities!$C$100:$C$118)),Quantities[],Quantities!$S$2))/\n(VLOOKUP(INDEX(Quantities!$A$100:$A$118,MATCH($A267,Quantities!$C$100:$C$118)),Quantities[],Quantities!$O$2)+VLOOKUP(INDEX(Quantities!$A$100:$A$118,MATCH($A267,Quantities!$C$100:$C$118)),Quantities[],Quantities!$Q$2)+VLOOKUP(A267,Quantities[],Quantities!$S$2)),\n\nIF(AND(B267=\"D\", (VLOOKUP(A267,Quantities[],Quantities!$O$2)+VLOOKUP(A267,Quantities[],Quantities!$Q$2)+VLOOKUP(A267,Quantities[],Quantities!$S$2))>0),\n(VLOOKUP(A267,Quantities[],Quantities!$P$2)*VLOOKUP(A267,Quantities[],Quantities!$O$2)\n+VLOOKUP(A267,Quantities[],Quantities!$R$2)*VLOOKUP(A267,Quantities[],Quantities!$Q$2)\n+VLOOKUP(A267,Quantities[],Quantities!$T$2)*VLOOKUP(A267,Quantities[],Quantities!$S$2))/\n(VLOOKUP(A267,Quantities[],Quantities!$O$2)+VLOOKUP(A267,Quantities[],Quantities!$Q$2)+VLOOKUP(A267,Quantities[],Quantities!$S$2)),\n\nIF($B267=\"Q\", (SUM(VLOOKUP($A267,Quantities[],Quantities!$P$2)*VLOOKUP($A267,Quantities[],Quantities!$O$2),VLOOKUP($A267,Quantities[],Quantities!$R$2)*VLOOKUP($A267,Quantities[],Quantities!$Q$2),VLOOKUP($A267,Quantities[],Quantities!$T$2)*VLOOKUP($A267,Quantities[],Quantities!$S$2)))/SUM(VLOOKUP($A267,Quantities[],Quantities!$O$2),VLOOKUP($A267,Quantities[],Quantities!$Q$2),VLOOKUP($A267,Quantities[],Quantities!$S$2)),\n\n VLOOKUP(A267,Quantities[],Quantities!$H$2)\n))))))","v":"-"},{"$f":"IF(LEFT(D267,1)=\"U\",\"-\",VLOOKUP(D267,Equipment[],Equipment!$B$2))","v":"-"}]
[{"$f":"Quantities!A59","v":2600},"T","e",{"$f":"'Unit Rates'!A46","v":"U35"},{"$f":"CONCATENATE(TEXT(A268,\"0\"),\"-\",B268,\"-\",C268,\"-\",D268)","v":"2600-T-e-U35"},{"$f":"IF(D268=\"Comb1\",CONCATENATE(VLOOKUP(B268,'Activity-Material_Codes'!$A$2:$B$26,Quantities!$B$2),\"-\",VLOOKUP(A268,Quantities[],Quantities!$D$2)),\nCONCATENATE(\nVLOOKUP(B268,'Activity-Material_Codes'!$A$2:$B$26,Quantities!$B$2),\nIF(AND(B268=\"B\",C268=\"a\"), \" Scraper Grading\", \"\"),\nIF(C268=\"b\",\"\",\"-\"),\nIF(C268=\"b\",\"\",VLOOKUP(A268,Quantities[],Quantities!$D$2)),\nIF(LEFT(TEXT(A268,\"0\"),1)=\"5\",\"\",\"-\"),\nIF(LEFT(TEXT(A268,\"0\"),1)=\"5\",\"\",VLOOKUP(C268,'Activity-Material_Codes'!$A$30:$B$36,Quantities!$B$2))\n))","v":"Build Grade Control Walls-Tailing Launder Line-Final Grade"},{"$f":"CONCATENATE(\nIF(OR(RIGHT(TEXT($A268,\"0\"),Quantities!$B$2)=\"00\",LEFT(TEXT($A268,\"0\"),1)=\"5\",OR($C268=\"b\",$C268=\"f\")),\"\",VLOOKUP($A268,Quantities[],Quantities!$B$2)),\nIF(LEFT(TEXT($A268,\"0\"),1)=\"5\",\"\",\" \"),\nIF(OR(C268=\"a\",C268=\"c\",C268=\"d\",C268=\"e\"),IF(OR(RIGHT(TEXT($A268,\"0\"),Quantities!$B$2)=\"00\",LEFT(TEXT($A268,\"0\"),1)=\"5\"),VLOOKUP($A268,Quantities[],Quantities!$B$2),\"\"),\nIF(LEFT(TEXT($A268,\"0\"),1)=\"5\",VLOOKUP($A268,Quantities[],Quantities!$B$2),\nVLOOKUP(INDEX(Quantities!$A$100:$A$118,MATCH($A268,Quantities!$C$100:$C$118)),Quantities!$A$100:$B$118,Quantities!$B$2))))","v":" Reclaimed Tailing Launder Line"},{"$f":"IF(LEFT(TEXT(A268,\"0\"),1)=\"5\",\nVLOOKUP(VLOOKUP(A268,Quantities!$A$4:$D$118,Quantities!$C$2),Quantities!$A$4:$D$118,Quantities!$C$2),\nIF(OR(C268=\"a\",C268=\"c\",C268=\"d\",C268=\"e\"),\n\"-\",\nIF(RIGHT(TEXT(A268,\"0\"),2)=\"00\",VLOOKUP(A268,Quantities[],Quantities!$B$2),\nIF(C268=\"f\",VLOOKUP(A268,Quantities[],Quantities!$B$2),\nVLOOKUP(A268,Quantities[],Quantities!$C$2))\n)))","v":"-"},{"$f":"IF(OR(AND(LEFT(D268,2)=\"Sc\",B268=\"A\",C268=\"d\"),AND(C268=\"f\",B268=\"D\")),\nSUM(VLOOKUP($A268,Quantities[],Quantities!$O$2),VLOOKUP($A268,Quantities[],Quantities!$Q$2),VLOOKUP($A268,Quantities[],Quantities!$S$2)),\n\nIF(AND(LEFT(D268,2)=\"Sc\",OR(C268=\"a\",C268=\"f\")),\nVLOOKUP(A268,Quantities[],Quantities!$I$2),\n\nIF(AND(B268=\"D\",C268=\"b\"),\n VLOOKUP(INDEX(Quantities!$A$100:$A$118,MATCH($A268,Quantities!$C$100:$C$118)),Quantities!$A$100:$AJ$118,Quantities!$O$2)+\nVLOOKUP(INDEX(Quantities!$A$100:$A$118,MATCH($A268,Quantities!$C$100:$C$118)),Quantities!$A$100:$AJ$118,Quantities!$Q$2)+\nVLOOKUP(INDEX(Quantities!$A$100:$A$118,MATCH($A268,Quantities!$C$100:$C$118)),Quantities!$A$100:$AJ$118,Quantities!$S$2),\n\nIF(OR(B268=\"D\",B268=\"Q\"),\nSUM(VLOOKUP($A268,Quantities[],Quantities!$O$2),VLOOKUP($A268,Quantities[],Quantities!$Q$2),VLOOKUP($A268,Quantities[],Quantities!$S$2)),\n\n VLOOKUP(A268,Quantities[],Quantities!$G$2)\n))))","v":100},{"$f":"IF(LEFT(D268,2)=\"Mg\", VLOOKUP(A268,Quantities[],Quantities!$H$2),\n\nIF(OR(AND(LEFT(D268,2)=\"Sc\",B268=\"A\",C268=\"d\",C268=\"f\")),\n(SUM(VLOOKUP($A268,Quantities[],Quantities!$P$2)*VLOOKUP($A268,Quantities[],Quantities!$O$2),VLOOKUP($A268,Quantities[],Quantities!$R$2)*VLOOKUP($A268,Quantities[],Quantities!$Q$2),VLOOKUP($A268,Quantities[],Quantities!$T$2)*VLOOKUP($A268,Quantities[],Quantities!$S$2)))/SUM(VLOOKUP($A268,Quantities[],Quantities!$O$2),VLOOKUP($A268,Quantities[],Quantities!$Q$2),VLOOKUP($A268,Quantities[],Quantities!$S$2)),\n\nIF(AND(LEFT(D268,2)=\"Sc\",OR(C268=\"a\",C268=\"f\")),\nVLOOKUP(A268,Quantities[],Quantities!$J$2),\n\nIF(AND(B268=\"D\",C268=\"b\", (VLOOKUP(INDEX(Quantities!$A$100:$A$118,MATCH($A268,Quantities!$C$100:$C$118)),Quantities[],Quantities!$O$2)+VLOOKUP(INDEX(Quantities!$A$100:$A$118,MATCH($A268,Quantities!$C$100:$C$118)),Quantities[],Quantities!$Q$2)+VLOOKUP(INDEX(Quantities!$A$100:$A$118,MATCH($A268,Quantities!$C$100:$C$118)),Quantities[],Quantities!$S$2))>0),\n(VLOOKUP(INDEX(Quantities!$A$100:$A$118,MATCH($A268,Quantities!$C$100:$C$118)),Quantities[],Quantities!$P$2)*VLOOKUP(INDEX(Quantities!$A$100:$A$118,MATCH($A268,Quantities!$C$100:$C$118)),Quantities[],Quantities!$O$2)\n+VLOOKUP(INDEX(Quantities!$A$100:$A$118,MATCH($A268,Quantities!$C$100:$C$118)),Quantities[],Quantities!$R$2)*VLOOKUP(INDEX(Quantities!$A$100:$A$118,MATCH($A268,Quantities!$C$100:$C$118)),Quantities[],Quantities!$Q$2)\n+VLOOKUP(INDEX(Quantities!$A$100:$A$118,MATCH($A268,Quantities!$C$100:$C$118)),Quantities[],Quantities!$T$2)*VLOOKUP(INDEX(Quantities!$A$100:$A$118,MATCH($A268,Quantities!$C$100:$C$118)),Quantities[],Quantities!$S$2))/\n(VLOOKUP(INDEX(Quantities!$A$100:$A$118,MATCH($A268,Quantities!$C$100:$C$118)),Quantities[],Quantities!$O$2)+VLOOKUP(INDEX(Quantities!$A$100:$A$118,MATCH($A268,Quantities!$C$100:$C$118)),Quantities[],Quantities!$Q$2)+VLOOKUP(A268,Quantities[],Quantities!$S$2)),\n\nIF(AND(B268=\"D\", (VLOOKUP(A268,Quantities[],Quantities!$O$2)+VLOOKUP(A268,Quantities[],Quantities!$Q$2)+VLOOKUP(A268,Quantities[],Quantities!$S$2))>0),\n(VLOOKUP(A268,Quantities[],Quantities!$P$2)*VLOOKUP(A268,Quantities[],Quantities!$O$2)\n+VLOOKUP(A268,Quantities[],Quantities!$R$2)*VLOOKUP(A268,Quantities[],Quantities!$Q$2)\n+VLOOKUP(A268,Quantities[],Quantities!$T$2)*VLOOKUP(A268,Quantities[],Quantities!$S$2))/\n(VLOOKUP(A268,Quantities[],Quantities!$O$2)+VLOOKUP(A268,Quantities[],Quantities!$Q$2)+VLOOKUP(A268,Quantities[],Quantities!$S$2)),\n\nIF($B268=\"Q\", (SUM(VLOOKUP($A268,Quantities[],Quantities!$P$2)*VLOOKUP($A268,Quantities[],Quantities!$O$2),VLOOKUP($A268,Quantities[],Quantities!$R$2)*VLOOKUP($A268,Quantities[],Quantities!$Q$2),VLOOKUP($A268,Quantities[],Quantities!$T$2)*VLOOKUP($A268,Quantities[],Quantities!$S$2)))/SUM(VLOOKUP($A268,Quantities[],Quantities!$O$2),VLOOKUP($A268,Quantities[],Quantities!$Q$2),VLOOKUP($A268,Quantities[],Quantities!$S$2)),\n\n VLOOKUP(A268,Quantities[],Quantities!$H$2)\n))))))","v":0.01},{"$f":"IF(LEFT(D268,1)=\"U\",\"-\",VLOOKUP(D268,Equipment[],Equipment!$B$2))","v":"-"}]
[{"$f":"Quantities!$A$4","v":1000},"M","e","U",{"$f":"CONCATENATE(TEXT(A269,\"0\"),\"-\",B269,\"-\",C269,\"-\",D269)","v":"1000-M-e-U"},{"$f":"IF(D269=\"Comb1\",CONCATENATE(VLOOKUP(B269,'Activity-Material_Codes'!$A$2:$B$26,Quantities!$B$2),\"-\",VLOOKUP(A269,Quantities[],Quantities!$D$2)),\nCONCATENATE(\nVLOOKUP(B269,'Activity-Material_Codes'!$A$2:$B$26,Quantities!$B$2),\nIF(AND(B269=\"B\",C269=\"a\"), \" Scraper Grading\", \"\"),\nIF(C269=\"b\",\"\",\"-\"),\nIF(C269=\"b\",\"\",VLOOKUP(A269,Quantities[],Quantities!$D$2)),\nIF(LEFT(TEXT(A269,\"0\"),1)=\"5\",\"\",\"-\"),\nIF(LEFT(TEXT(A269,\"0\"),1)=\"5\",\"\",VLOOKUP(C269,'Activity-Material_Codes'!$A$30:$B$36,Quantities!$B$2))\n))","v":"Post-Closure O&M-Entire Stockpile-Final Grade"},{"$f":"CONCATENATE(\nIF(OR(RIGHT(TEXT($A269,\"0\"),Quantities!$B$2)=\"00\",LEFT(TEXT($A269,\"0\"),1)=\"5\",OR($C269=\"b\",$C269=\"f\")),\"\",VLOOKUP($A269,Quantities[],Quantities!$B$2)),\nIF(LEFT(TEXT($A269,\"0\"),1)=\"5\",\"\",\" \"),\nIF(OR(C269=\"a\",C269=\"c\",C269=\"d\",C269=\"e\"),IF(OR(RIGHT(TEXT($A269,\"0\"),Quantities!$B$2)=\"00\",LEFT(TEXT($A269,\"0\"),1)=\"5\"),VLOOKUP($A269,Quantities[],Quantities!$B$2),\"\"),\nIF(LEFT(TEXT($A269,\"0\"),1)=\"5\",VLOOKUP($A269,Quantities[],Quantities!$B$2),\nVLOOKUP(INDEX(Quantities!$A$100:$A$118,MATCH($A269,Quantities!$C$100:$C$118)),Quantities!$A$100:$B$118,Quantities!$B$2))))","v":" 1A Leach, 1B Leach "},{"$f":"IF(LEFT(TEXT(A269,\"0\"),1)=\"5\",\nVLOOKUP(VLOOKUP(A269,Quantities!$A$4:$D$118,Quantities!$C$2),Quantities!$A$4:$D$118,Quantities!$C$2),\nIF(OR(C269=\"a\",C269=\"c\",C269=\"d\",C269=\"e\"),\n\"-\",\nIF(RIGHT(TEXT(A269,\"0\"),2)=\"00\",VLOOKUP(A269,Quantities[],Quantities!$B$2),\nIF(C269=\"f\",VLOOKUP(A269,Quantities[],Quantities!$B$2),\nVLOOKUP(A269,Quantities[],Quantities!$C$2))\n)))","v":"-"},{"$f":"IF(OR(AND(LEFT(D269,2)=\"Sc\",B269=\"A\",C269=\"d\"),AND(C269=\"f\",B269=\"D\")),\nSUM(VLOOKUP($A269,Quantities[],Quantities!$O$2),VLOOKUP($A269,Quantities[],Quantities!$Q$2),VLOOKUP($A269,Quantities[],Quantities!$S$2)),\n\nIF(AND(LEFT(D269,2)=\"Sc\",OR(C269=\"a\",C269=\"f\")),\nVLOOKUP(A269,Quantities[],Quantities!$I$2),\n\nIF(AND(B269=\"D\",C269=\"b\"),\n VLOOKUP(INDEX(Quantities!$A$100:$A$118,MATCH($A269,Quantities!$C$100:$C$118)),Quantities!$A$100:$AJ$118,Quantities!$O$2)+\nVLOOKUP(INDEX(Quantities!$A$100:$A$118,MATCH($A269,Quantities!$C$100:$C$118)),Quantities!$A$100:$AJ$118,Quantities!$Q$2)+\nVLOOKUP(INDEX(Quantities!$A$100:$A$118,MATCH($A269,Quantities!$C$100:$C$118)),Quantities!$A$100:$AJ$118,Quantities!$S$2),\n\nIF(OR(B269=\"D\",B269=\"Q\"),\nSUM(VLOOKUP($A269,Quantities[],Quantities!$O$2),VLOOKUP($A269,Quantities[],Quantities!$Q$2),VLOOKUP($A269,Quantities[],Quantities!$S$2)),\n\n VLOOKUP(A269,Quantities[],Quantities!$G$2)\n))))","v":0},{"$f":"IF(LEFT(D269,2)=\"Mg\", VLOOKUP(A269,Quantities[],Quantities!$H$2),\n\nIF(OR(AND(LEFT(D269,2)=\"Sc\",B269=\"A\",C269=\"d\",C269=\"f\")),\n(SUM(VLOOKUP($A269,Quantities[],Quantities!$P$2)*VLOOKUP($A269,Quantities[],Quantities!$O$2),VLOOKUP($A269,Quantities[],Quantities!$R$2)*VLOOKUP($A269,Quantities[],Quantities!$Q$2),VLOOKUP($A269,Quantities[],Quantities!$T$2)*VLOOKUP($A269,Quantities[],Quantities!$S$2)))/SUM(VLOOKUP($A269,Quantities[],Quantities!$O$2),VLOOKUP($A269,Quantities[],Quantities!$Q$2),VLOOKUP($A269,Quantities[],Quantities!$S$2)),\n\nIF(AND(LEFT(D269,2)=\"Sc\",OR(C269=\"a\",C269=\"f\")),\nVLOOKUP(A269,Quantities[],Quantities!$J$2),\n\nIF(AND(B269=\"D\",C269=\"b\", (VLOOKUP(INDEX(Quantities!$A$100:$A$118,MATCH($A269,Quantities!$C$100:$C$118)),Quantities[],Quantities!$O$2)+VLOOKUP(INDEX(Quantities!$A$100:$A$118,MATCH($A269,Quantities!$C$100:$C$118)),Quantities[],Quantities!$Q$2)+VLOOKUP(INDEX(Quantities!$A$100:$A$118,MATCH($A269,Quantities!$C$100:$C$118)),Quantities[],Quantities!$S$2))>0),\n(VLOOKUP(INDEX(Quantities!$A$100:$A$118,MATCH($A269,Quantities!$C$100:$C$118)),Quantities[],Quantities!$P$2)*VLOOKUP(INDEX(Quantities!$A$100:$A$118,MATCH($A269,Quantities!$C$100:$C$118)),Quantities[],Quantities!$O$2)\n+VLOOKUP(INDEX(Quantities!$A$100:$A$118,MATCH($A269,Quantities!$C$100:$C$118)),Quantities[],Quantities!$R$2)*VLOOKUP(INDEX(Quantities!$A$100:$A$118,MATCH($A269,Quantities!$C$100:$C$118)),Quantities[],Quantities!$Q$2)\n+VLOOKUP(INDEX(Quantities!$A$100:$A$118,MATCH($A269,Quantities!$C$100:$C$118)),Quantities[],Quantities!$T$2)*VLOOKUP(INDEX(Quantities!$A$100:$A$118,MATCH($A269,Quantities!$C$100:$C$118)),Quantities[],Quantities!$S$2))/\n(VLOOKUP(INDEX(Quantities!$A$100:$A$118,MATCH($A269,Quantities!$C$100:$C$118)),Quantities[],Quantities!$O$2)+VLOOKUP(INDEX(Quantities!$A$100:$A$118,MATCH($A269,Quantities!$C$100:$C$118)),Quantities[],Quantities!$Q$2)+VLOOKUP(A269,Quantities[],Quantities!$S$2)),\n\nIF(AND(B269=\"D\", (VLOOKUP(A269,Quantities[],Quantities!$O$2)+VLOOKUP(A269,Quantities[],Quantities!$Q$2)+VLOOKUP(A269,Quantities[],Quantities!$S$2))>0),\n(VLOOKUP(A269,Quantities[],Quantities!$P$2)*VLOOKUP(A269,Quantities[],Quantities!$O$2)\n+VLOOKUP(A269,Quantities[],Quantities!$R$2)*VLOOKUP(A269,Quantities[],Quantities!$Q$2)\n+VLOOKUP(A269,Quantities[],Quantities!$T$2)*VLOOKUP(A269,Quantities[],Quantities!$S$2))/\n(VLOOKUP(A269,Quantities[],Quantities!$O$2)+VLOOKUP(A269,Quantities[],Quantities!$Q$2)+VLOOKUP(A269,Quantities[],Quantities!$S$2)),\n\nIF($B269=\"Q\", (SUM(VLOOKUP($A269,Quantities[],Quantities!$P$2)*VLOOKUP($A269,Quantities[],Quantities!$O$2),VLOOKUP($A269,Quantities[],Quantities!$R$2)*VLOOKUP($A269,Quantities[],Quantities!$Q$2),VLOOKUP($A269,Quantities[],Quantities!$T$2)*VLOOKUP($A269,Quantities[],Quantities!$S$2)))/SUM(VLOOKUP($A269,Quantities[],Quantities!$O$2),VLOOKUP($A269,Quantities[],Quantities!$Q$2),VLOOKUP($A269,Quantities[],Quantities!$S$2)),\n\n VLOOKUP(A269,Quantities[],Quantities!$H$2)\n))))))","v":"-"},{"$f":"IF(LEFT(D269,1)=\"U\",\"-\",VLOOKUP(D269,Equipment[],Equipment!$B$2))","v":"-"}]
[{"$f":"Quantities!$A$8","v":1100},"M","e","U","1100-M-e-U",{"$f":"IF(D270=\"Comb1\",CONCATENATE(VLOOKUP(B270,'Activity-Material_Codes'!$A$2:$B$26,Quantities!$B$2),\"-\",VLOOKUP(A270,Quantities[],Quantities!$D$2)),\nCONCATENATE(\nVLOOKUP(B270,'Activity-Material_Codes'!$A$2:$B$26,Quantities!$B$2),\nIF(AND(B270=\"B\",C270=\"a\"), \" Scraper Grading\", \"\"),\nIF(C270=\"b\",\"\",\"-\"),\nIF(C270=\"b\",\"\",VLOOKUP(A270,Quantities[],Quantities!$D$2)),\nIF(LEFT(TEXT(A270,\"0\"),1)=\"5\",\"\",\"-\"),\nIF(LEFT(TEXT(A270,\"0\"),1)=\"5\",\"\",VLOOKUP(C270,'Activity-Material_Codes'!$A$30:$B$36,Quantities!$B$2))\n))","v":"Post-Closure O&M-Top (Haul Road)-Final Grade"},{"$f":"CONCATENATE(\nIF(OR(RIGHT(TEXT($A270,\"0\"),Quantities!$B$2)=\"00\",LEFT(TEXT($A270,\"0\"),1)=\"5\",OR($C270=\"b\",$C270=\"f\")),\"\",VLOOKUP($A270,Quantities[],Quantities!$B$2)),\nIF(LEFT(TEXT($A270,\"0\"),1)=\"5\",\"\",\" \"),\nIF(OR(C270=\"a\",C270=\"c\",C270=\"d\",C270=\"e\"),IF(OR(RIGHT(TEXT($A270,\"0\"),Quantities!$B$2)=\"00\",LEFT(TEXT($A270,\"0\"),1)=\"5\"),VLOOKUP($A270,Quantities[],Quantities!$B$2),\"\"),\nIF(LEFT(TEXT($A270,\"0\"),1)=\"5\",VLOOKUP($A270,Quantities[],Quantities!$B$2),\nVLOOKUP(INDEX(Quantities!$A$100:$A$118,MATCH($A270,Quantities!$C$100:$C$118)),Quantities!$A$100:$B$118,Quantities!$B$2))))","v":" Reclaimed 1C Waste"},{"$f":"IF(LEFT(TEXT(A270,\"0\"),1)=\"5\",\nVLOOKUP(VLOOKUP(A270,Quantities!$A$4:$D$118,Quantities!$C$2),Quantities!$A$4:$D$118,Quantities!$C$2),\nIF(OR(C270=\"a\",C270=\"c\",C270=\"d\",C270=\"e\"),\n\"-\",\nIF(RIGHT(TEXT(A270,\"0\"),2)=\"00\",VLOOKUP(A270,Quantities[],Quantities!$B$2),\nIF(C270=\"f\",VLOOKUP(A270,Quantities[],Quantities!$B$2),\nVLOOKUP(A270,Quantities[],Quantities!$C$2))\n)))","v":"-"},{"$f":"IF(OR(AND(LEFT(D270,2)=\"Sc\",B270=\"A\",C270=\"d\"),AND(C270=\"f\",B270=\"D\")),\nSUM(VLOOKUP($A270,Quantities[],Quantities!$O$2),VLOOKUP($A270,Quantities[],Quantities!$Q$2),VLOOKUP($A270,Quantities[],Quantities!$S$2)),\n\nIF(AND(LEFT(D270,2)=\"Sc\",OR(C270=\"a\",C270=\"f\")),\nVLOOKUP(A270,Quantities[],Quantities!$I$2),\n\nIF(AND(B270=\"D\",C270=\"b\"),\n VLOOKUP(INDEX(Quantities!$A$100:$A$118,MATCH($A270,Quantities!$C$100:$C$118)),Quantities!$A$100:$AJ$118,Quantities!$O$2)+\nVLOOKUP(INDEX(Quantities!$A$100:$A$118,MATCH($A270,Quantities!$C$100:$C$118)),Quantities!$A$100:$AJ$118,Quantities!$Q$2)+\nVLOOKUP(INDEX(Quantities!$A$100:$A$118,MATCH($A270,Quantities!$C$100:$C$118)),Quantities!$A$100:$AJ$118,Quantities!$S$2),\n\nIF(OR(B270=\"D\",B270=\"Q\"),\nSUM(VLOOKUP($A270,Quantities[],Quantities!$O$2),VLOOKUP($A270,Quantities[],Quantities!$Q$2),VLOOKUP($A270,Quantities[],Quantities!$S$2)),\n\n VLOOKUP(A270,Quantities[],Quantities!$G$2)\n))))","v":0},{"$f":"IF(LEFT(D270,2)=\"Mg\", VLOOKUP(A270,Quantities[],Quantities!$H$2),\n\nIF(OR(AND(LEFT(D270,2)=\"Sc\",B270=\"A\",C270=\"d\",C270=\"f\")),\n(SUM(VLOOKUP($A270,Quantities[],Quantities!$P$2)*VLOOKUP($A270,Quantities[],Quantities!$O$2),VLOOKUP($A270,Quantities[],Quantities!$R$2)*VLOOKUP($A270,Quantities[],Quantities!$Q$2),VLOOKUP($A270,Quantities[],Quantities!$T$2)*VLOOKUP($A270,Quantities[],Quantities!$S$2)))/SUM(VLOOKUP($A270,Quantities[],Quantities!$O$2),VLOOKUP($A270,Quantities[],Quantities!$Q$2),VLOOKUP($A270,Quantities[],Quantities!$S$2)),\n\nIF(AND(LEFT(D270,2)=\"Sc\",OR(C270=\"a\",C270=\"f\")),\nVLOOKUP(A270,Quantities[],Quantities!$J$2),\n\nIF(AND(B270=\"D\",C270=\"b\", (VLOOKUP(INDEX(Quantities!$A$100:$A$118,MATCH($A270,Quantities!$C$100:$C$118)),Quantities[],Quantities!$O$2)+VLOOKUP(INDEX(Quantities!$A$100:$A$118,MATCH($A270,Quantities!$C$100:$C$118)),Quantities[],Quantities!$Q$2)+VLOOKUP(INDEX(Quantities!$A$100:$A$118,MATCH($A270,Quantities!$C$100:$C$118)),Quantities[],Quantities!$S$2))>0),\n(VLOOKUP(INDEX(Quantities!$A$100:$A$118,MATCH($A270,Quantities!$C$100:$C$118)),Quantities[],Quantities!$P$2)*VLOOKUP(INDEX(Quantities!$A$100:$A$118,MATCH($A270,Quantities!$C$100:$C$118)),Quantities[],Quantities!$O$2)\n+VLOOKUP(INDEX(Quantities!$A$100:$A$118,MATCH($A270,Quantities!$C$100:$C$118)),Quantities[],Quantities!$R$2)*VLOOKUP(INDEX(Quantities!$A$100:$A$118,MATCH($A270,Quantities!$C$100:$C$118)),Quantities[],Quantities!$Q$2)\n+VLOOKUP(INDEX(Quantities!$A$100:$A$118,MATCH($A270,Quantities!$C$100:$C$118)),Quantities[],Quantities!$T$2)*VLOOKUP(INDEX(Quantities!$A$100:$A$118,MATCH($A270,Quantities!$C$100:$C$118)),Quantities[],Quantities!$S$2))/\n(VLOOKUP(INDEX(Quantities!$A$100:$A$118,MATCH($A270,Quantities!$C$100:$C$118)),Quantities[],Quantities!$O$2)+VLOOKUP(INDEX(Quantities!$A$100:$A$118,MATCH($A270,Quantities!$C$100:$C$118)),Quantities[],Quantities!$Q$2)+VLOOKUP(A270,Quantities[],Quantities!$S$2)),\n\nIF(AND(B270=\"D\", (VLOOKUP(A270,Quantities[],Quantities!$O$2)+VLOOKUP(A270,Quantities[],Quantities!$Q$2)+VLOOKUP(A270,Quantities[],Quantities!$S$2))>0),\n(VLOOKUP(A270,Quantities[],Quantities!$P$2)*VLOOKUP(A270,Quantities[],Quantities!$O$2)\n+VLOOKUP(A270,Quantities[],Quantities!$R$2)*VLOOKUP(A270,Quantities[],Quantities!$Q$2)\n+VLOOKUP(A270,Quantities[],Quantities!$T$2)*VLOOKUP(A270,Quantities[],Quantities!$S$2))/\n(VLOOKUP(A270,Quantities[],Quantities!$O$2)+VLOOKUP(A270,Quantities[],Quantities!$Q$2)+VLOOKUP(A270,Quantities[],Quantities!$S$2)),\n\nIF($B270=\"Q\", (SUM(VLOOKUP($A270,Quantities[],Quantities!$P$2)*VLOOKUP($A270,Quantities[],Quantities!$O$2),VLOOKUP($A270,Quantities[],Quantities!$R$2)*VLOOKUP($A270,Quantities[],Quantities!$Q$2),VLOOKUP($A270,Quantities[],Quantities!$T$2)*VLOOKUP($A270,Quantities[],Quantities!$S$2)))/SUM(VLOOKUP($A270,Quantities[],Quantities!$O$2),VLOOKUP($A270,Quantities[],Quantities!$Q$2),VLOOKUP($A270,Quantities[],Quantities!$S$2)),\n\n VLOOKUP(A270,Quantities[],Quantities!$H$2)\n))))))","v":0},{"$f":"IF(LEFT(D270,1)=\"U\",\"-\",VLOOKUP(D270,Equipment[],Equipment!$B$2))","v":"-"}]
[{"$f":"Quantities!$A$9","v":1200},"M","e","U","1200-M-e-U",{"$f":"IF(D271=\"Comb1\",CONCATENATE(VLOOKUP(B271,'Activity-Material_Codes'!$A$2:$B$26,Quantities!$B$2),\"-\",VLOOKUP(A271,Quantities[],Quantities!$D$2)),\nCONCATENATE(\nVLOOKUP(B271,'Activity-Material_Codes'!$A$2:$B$26,Quantities!$B$2),\nIF(AND(B271=\"B\",C271=\"a\"), \" Scraper Grading\", \"\"),\nIF(C271=\"b\",\"\",\"-\"),\nIF(C271=\"b\",\"\",VLOOKUP(A271,Quantities[],Quantities!$D$2)),\nIF(LEFT(TEXT(A271,\"0\"),1)=\"5\",\"\",\"-\"),\nIF(LEFT(TEXT(A271,\"0\"),1)=\"5\",\"\",VLOOKUP(C271,'Activity-Material_Codes'!$A$30:$B$36,Quantities!$B$2))\n))","v":"Post-Closure O&M-Entire Stockpile-Final Grade"},{"$f":"CONCATENATE(\nIF(OR(RIGHT(TEXT($A271,\"0\"),Quantities!$B$2)=\"00\",LEFT(TEXT($A271,\"0\"),1)=\"5\",OR($C271=\"b\",$C271=\"f\")),\"\",VLOOKUP($A271,Quantities[],Quantities!$B$2)),\nIF(LEFT(TEXT($A271,\"0\"),1)=\"5\",\"\",\" \"),\nIF(OR(C271=\"a\",C271=\"c\",C271=\"d\",C271=\"e\"),IF(OR(RIGHT(TEXT($A271,\"0\"),Quantities!$B$2)=\"00\",LEFT(TEXT($A271,\"0\"),1)=\"5\"),VLOOKUP($A271,Quantities[],Quantities!$B$2),\"\"),\nIF(LEFT(TEXT($A271,\"0\"),1)=\"5\",VLOOKUP($A271,Quantities[],Quantities!$B$2),\nVLOOKUP(INDEX(Quantities!$A$100:$A$118,MATCH($A271,Quantities!$C$100:$C$118)),Quantities!$A$100:$B$118,Quantities!$B$2))))","v":" 2B Waste, 2A Leach, 2B Leach"},{"$f":"IF(LEFT(TEXT(A271,\"0\"),1)=\"5\",\nVLOOKUP(VLOOKUP(A271,Quantities!$A$4:$D$118,Quantities!$C$2),Quantities!$A$4:$D$118,Quantities!$C$2),\nIF(OR(C271=\"a\",C271=\"c\",C271=\"d\",C271=\"e\"),\n\"-\",\nIF(RIGHT(TEXT(A271,\"0\"),2)=\"00\",VLOOKUP(A271,Quantities[],Quantities!$B$2),\nIF(C271=\"f\",VLOOKUP(A271,Quantities[],Quantities!$B$2),\nVLOOKUP(A271,Quantities[],Quantities!$C$2))\n)))","v":"-"},{"$f":"IF(OR(AND(LEFT(D271,2)=\"Sc\",B271=\"A\",C271=\"d\"),AND(C271=\"f\",B271=\"D\")),\nSUM(VLOOKUP($A271,Quantities[],Quantities!$O$2),VLOOKUP($A271,Quantities[],Quantities!$Q$2),VLOOKUP($A271,Quantities[],Quantities!$S$2)),\n\nIF(AND(LEFT(D271,2)=\"Sc\",OR(C271=\"a\",C271=\"f\")),\nVLOOKUP(A271,Quantities[],Quantities!$I$2),\n\nIF(AND(B271=\"D\",C271=\"b\"),\n VLOOKUP(INDEX(Quantities!$A$100:$A$118,MATCH($A271,Quantities!$C$100:$C$118)),Quantities!$A$100:$AJ$118,Quantities!$O$2)+\nVLOOKUP(INDEX(Quantities!$A$100:$A$118,MATCH($A271,Quantities!$C$100:$C$118)),Quantities!$A$100:$AJ$118,Quantities!$Q$2)+\nVLOOKUP(INDEX(Quantities!$A$100:$A$118,MATCH($A271,Quantities!$C$100:$C$118)),Quantities!$A$100:$AJ$118,Quantities!$S$2),\n\nIF(OR(B271=\"D\",B271=\"Q\"),\nSUM(VLOOKUP($A271,Quantities[],Quantities!$O$2),VLOOKUP($A271,Quantities[],Quantities!$Q$2),VLOOKUP($A271,Quantities[],Quantities!$S$2)),\n\n VLOOKUP(A271,Quantities[],Quantities!$G$2)\n))))","v":0},{"$f":"IF(LEFT(D271,2)=\"Mg\", VLOOKUP(A271,Quantities[],Quantities!$H$2),\n\nIF(OR(AND(LEFT(D271,2)=\"Sc\",B271=\"A\",C271=\"d\",C271=\"f\")),\n(SUM(VLOOKUP($A271,Quantities[],Quantities!$P$2)*VLOOKUP($A271,Quantities[],Quantities!$O$2),VLOOKUP($A271,Quantities[],Quantities!$R$2)*VLOOKUP($A271,Quantities[],Quantities!$Q$2),VLOOKUP($A271,Quantities[],Quantities!$T$2)*VLOOKUP($A271,Quantities[],Quantities!$S$2)))/SUM(VLOOKUP($A271,Quantities[],Quantities!$O$2),VLOOKUP($A271,Quantities[],Quantities!$Q$2),VLOOKUP($A271,Quantities[],Quantities!$S$2)),\n\nIF(AND(LEFT(D271,2)=\"Sc\",OR(C271=\"a\",C271=\"f\")),\nVLOOKUP(A271,Quantities[],Quantities!$J$2),\n\nIF(AND(B271=\"D\",C271=\"b\", (VLOOKUP(INDEX(Quantities!$A$100:$A$118,MATCH($A271,Quantities!$C$100:$C$118)),Quantities[],Quantities!$O$2)+VLOOKUP(INDEX(Quantities!$A$100:$A$118,MATCH($A271,Quantities!$C$100:$C$118)),Quantities[],Quantities!$Q$2)+VLOOKUP(INDEX(Quantities!$A$100:$A$118,MATCH($A271,Quantities!$C$100:$C$118)),Quantities[],Quantities!$S$2))>0),\n(VLOOKUP(INDEX(Quantities!$A$100:$A$118,MATCH($A271,Quantities!$C$100:$C$118)),Quantities[],Quantities!$P$2)*VLOOKUP(INDEX(Quantities!$A$100:$A$118,MATCH($A271,Quantities!$C$100:$C$118)),Quantities[],Quantities!$O$2)\n+VLOOKUP(INDEX(Quantities!$A$100:$A$118,MATCH($A271,Quantities!$C$100:$C$118)),Quantities[],Quantities!$R$2)*VLOOKUP(INDEX(Quantities!$A$100:$A$118,MATCH($A271,Quantities!$C$100:$C$118)),Quantities[],Quantities!$Q$2)\n+VLOOKUP(INDEX(Quantities!$A$100:$A$118,MATCH($A271,Quantities!$C$100:$C$118)),Quantities[],Quantities!$T$2)*VLOOKUP(INDEX(Quantities!$A$100:$A$118,MATCH($A271,Quantities!$C$100:$C$118)),Quantities[],Quantities!$S$2))/\n(VLOOKUP(INDEX(Quantities!$A$100:$A$118,MATCH($A271,Quantities!$C$100:$C$118)),Quantities[],Quantities!$O$2)+VLOOKUP(INDEX(Quantities!$A$100:$A$118,MATCH($A271,Quantities!$C$100:$C$118)),Quantities[],Quantities!$Q$2)+VLOOKUP(A271,Quantities[],Quantities!$S$2)),\n\nIF(AND(B271=\"D\", (VLOOKUP(A271,Quantities[],Quantities!$O$2)+VLOOKUP(A271,Quantities[],Quantities!$Q$2)+VLOOKUP(A271,Quantities[],Quantities!$S$2))>0),\n(VLOOKUP(A271,Quantities[],Quantities!$P$2)*VLOOKUP(A271,Quantities[],Quantities!$O$2)\n+VLOOKUP(A271,Quantities[],Quantities!$R$2)*VLOOKUP(A271,Quantities[],Quantities!$Q$2)\n+VLOOKUP(A271,Quantities[],Quantities!$T$2)*VLOOKUP(A271,Quantities[],Quantities!$S$2))/\n(VLOOKUP(A271,Quantities[],Quantities!$O$2)+VLOOKUP(A271,Quantities[],Quantities!$Q$2)+VLOOKUP(A271,Quantities[],Quantities!$S$2)),\n\nIF($B271=\"Q\", (SUM(VLOOKUP($A271,Quantities[],Quantities!$P$2)*VLOOKUP($A271,Quantities[],Quantities!$O$2),VLOOKUP($A271,Quantities[],Quantities!$R$2)*VLOOKUP($A271,Quantities[],Quantities!$Q$2),VLOOKUP($A271,Quantities[],Quantities!$T$2)*VLOOKUP($A271,Quantities[],Quantities!$S$2)))/SUM(VLOOKUP($A271,Quantities[],Quantities!$O$2),VLOOKUP($A271,Quantities[],Quantities!$Q$2),VLOOKUP($A271,Quantities[],Quantities!$S$2)),\n\n VLOOKUP(A271,Quantities[],Quantities!$H$2)\n))))))","v":"-"},{"$f":"IF(LEFT(D271,1)=\"U\",\"-\",VLOOKUP(D271,Equipment[],Equipment!$B$2))","v":"-"}]
[{"$f":"Quantities!$A$12","v":1300},"M","e","U","1300-M-e-U",{"$f":"IF(D272=\"Comb1\",CONCATENATE(VLOOKUP(B272,'Activity-Material_Codes'!$A$2:$B$26,Quantities!$B$2),\"-\",VLOOKUP(A272,Quantities[],Quantities!$D$2)),\nCONCATENATE(\nVLOOKUP(B272,'Activity-Material_Codes'!$A$2:$B$26,Quantities!$B$2),\nIF(AND(B272=\"B\",C272=\"a\"), \" Scraper Grading\", \"\"),\nIF(C272=\"b\",\"\",\"-\"),\nIF(C272=\"b\",\"\",VLOOKUP(A272,Quantities[],Quantities!$D$2)),\nIF(LEFT(TEXT(A272,\"0\"),1)=\"5\",\"\",\"-\"),\nIF(LEFT(TEXT(A272,\"0\"),1)=\"5\",\"\",VLOOKUP(C272,'Activity-Material_Codes'!$A$30:$B$36,Quantities!$B$2))\n))","v":"Post-Closure O&M-Entire Stockpile-Final Grade"},{"$f":"CONCATENATE(\nIF(OR(RIGHT(TEXT($A272,\"0\"),Quantities!$B$2)=\"00\",LEFT(TEXT($A272,\"0\"),1)=\"5\",OR($C272=\"b\",$C272=\"f\")),\"\",VLOOKUP($A272,Quantities[],Quantities!$B$2)),\nIF(LEFT(TEXT($A272,\"0\"),1)=\"5\",\"\",\" \"),\nIF(OR(C272=\"a\",C272=\"c\",C272=\"d\",C272=\"e\"),IF(OR(RIGHT(TEXT($A272,\"0\"),Quantities!$B$2)=\"00\",LEFT(TEXT($A272,\"0\"),1)=\"5\"),VLOOKUP($A272,Quantities[],Quantities!$B$2),\"\"),\nIF(LEFT(TEXT($A272,\"0\"),1)=\"5\",VLOOKUP($A272,Quantities[],Quantities!$B$2),\nVLOOKUP(INDEX(Quantities!$A$100:$A$118,MATCH($A272,Quantities!$C$100:$C$118)),Quantities!$A$100:$B$118,Quantities!$B$2))))","v":" 3A Leach, 3B Waste"},{"$f":"IF(LEFT(TEXT(A272,\"0\"),1)=\"5\",\nVLOOKUP(VLOOKUP(A272,Quantities!$A$4:$D$118,Quantities!$C$2),Quantities!$A$4:$D$118,Quantities!$C$2),\nIF(OR(C272=\"a\",C272=\"c\",C272=\"d\",C272=\"e\"),\n\"-\",\nIF(RIGHT(TEXT(A272,\"0\"),2)=\"00\",VLOOKUP(A272,Quantities[],Quantities!$B$2),\nIF(C272=\"f\",VLOOKUP(A272,Quantities[],Quantities!$B$2),\nVLOOKUP(A272,Quantities[],Quantities!$C$2))\n)))","v":"-"},{"$f":"IF(OR(AND(LEFT(D272,2)=\"Sc\",B272=\"A\",C272=\"d\"),AND(C272=\"f\",B272=\"D\")),\nSUM(VLOOKUP($A272,Quantities[],Quantities!$O$2),VLOOKUP($A272,Quantities[],Quantities!$Q$2),VLOOKUP($A272,Quantities[],Quantities!$S$2)),\n\nIF(AND(LEFT(D272,2)=\"Sc\",OR(C272=\"a\",C272=\"f\")),\nVLOOKUP(A272,Quantities[],Quantities!$I$2),\n\nIF(AND(B272=\"D\",C272=\"b\"),\n VLOOKUP(INDEX(Quantities!$A$100:$A$118,MATCH($A272,Quantities!$C$100:$C$118)),Quantities!$A$100:$AJ$118,Quantities!$O$2)+\nVLOOKUP(INDEX(Quantities!$A$100:$A$118,MATCH($A272,Quantities!$C$100:$C$118)),Quantities!$A$100:$AJ$118,Quantities!$Q$2)+\nVLOOKUP(INDEX(Quantities!$A$100:$A$118,MATCH($A272,Quantities!$C$100:$C$118)),Quantities!$A$100:$AJ$118,Quantities!$S$2),\n\nIF(OR(B272=\"D\",B272=\"Q\"),\nSUM(VLOOKUP($A272,Quantities[],Quantities!$O$2),VLOOKUP($A272,Quantities[],Quantities!$Q$2),VLOOKUP($A272,Quantities[],Quantities!$S$2)),\n\n VLOOKUP(A272,Quantities[],Quantities!$G$2)\n))))","v":0},{"$f":"IF(LEFT(D272,2)=\"Mg\", VLOOKUP(A272,Quantities[],Quantities!$H$2),\n\nIF(OR(AND(LEFT(D272,2)=\"Sc\",B272=\"A\",C272=\"d\",C272=\"f\")),\n(SUM(VLOOKUP($A272,Quantities[],Quantities!$P$2)*VLOOKUP($A272,Quantities[],Quantities!$O$2),VLOOKUP($A272,Quantities[],Quantities!$R$2)*VLOOKUP($A272,Quantities[],Quantities!$Q$2),VLOOKUP($A272,Quantities[],Quantities!$T$2)*VLOOKUP($A272,Quantities[],Quantities!$S$2)))/SUM(VLOOKUP($A272,Quantities[],Quantities!$O$2),VLOOKUP($A272,Quantities[],Quantities!$Q$2),VLOOKUP($A272,Quantities[],Quantities!$S$2)),\n\nIF(AND(LEFT(D272,2)=\"Sc\",OR(C272=\"a\",C272=\"f\")),\nVLOOKUP(A272,Quantities[],Quantities!$J$2),\n\nIF(AND(B272=\"D\",C272=\"b\", (VLOOKUP(INDEX(Quantities!$A$100:$A$118,MATCH($A272,Quantities!$C$100:$C$118)),Quantities[],Quantities!$O$2)+VLOOKUP(INDEX(Quantities!$A$100:$A$118,MATCH($A272,Quantities!$C$100:$C$118)),Quantities[],Quantities!$Q$2)+VLOOKUP(INDEX(Quantities!$A$100:$A$118,MATCH($A272,Quantities!$C$100:$C$118)),Quantities[],Quantities!$S$2))>0),\n(VLOOKUP(INDEX(Quantities!$A$100:$A$118,MATCH($A272,Quantities!$C$100:$C$118)),Quantities[],Quantities!$P$2)*VLOOKUP(INDEX(Quantities!$A$100:$A$118,MATCH($A272,Quantities!$C$100:$C$118)),Quantities[],Quantities!$O$2)\n+VLOOKUP(INDEX(Quantities!$A$100:$A$118,MATCH($A272,Quantities!$C$100:$C$118)),Quantities[],Quantities!$R$2)*VLOOKUP(INDEX(Quantities!$A$100:$A$118,MATCH($A272,Quantities!$C$100:$C$118)),Quantities[],Quantities!$Q$2)\n+VLOOKUP(INDEX(Quantities!$A$100:$A$118,MATCH($A272,Quantities!$C$100:$C$118)),Quantities[],Quantities!$T$2)*VLOOKUP(INDEX(Quantities!$A$100:$A$118,MATCH($A272,Quantities!$C$100:$C$118)),Quantities[],Quantities!$S$2))/\n(VLOOKUP(INDEX(Quantities!$A$100:$A$118,MATCH($A272,Quantities!$C$100:$C$118)),Quantities[],Quantities!$O$2)+VLOOKUP(INDEX(Quantities!$A$100:$A$118,MATCH($A272,Quantities!$C$100:$C$118)),Quantities[],Quantities!$Q$2)+VLOOKUP(A272,Quantities[],Quantities!$S$2)),\n\nIF(AND(B272=\"D\", (VLOOKUP(A272,Quantities[],Quantities!$O$2)+VLOOKUP(A272,Quantities[],Quantities!$Q$2)+VLOOKUP(A272,Quantities[],Quantities!$S$2))>0),\n(VLOOKUP(A272,Quantities[],Quantities!$P$2)*VLOOKUP(A272,Quantities[],Quantities!$O$2)\n+VLOOKUP(A272,Quantities[],Quantities!$R$2)*VLOOKUP(A272,Quantities[],Quantities!$Q$2)\n+VLOOKUP(A272,Quantities[],Quantities!$T$2)*VLOOKUP(A272,Quantities[],Quantities!$S$2))/\n(VLOOKUP(A272,Quantities[],Quantities!$O$2)+VLOOKUP(A272,Quantities[],Quantities!$Q$2)+VLOOKUP(A272,Quantities[],Quantities!$S$2)),\n\nIF($B272=\"Q\", (SUM(VLOOKUP($A272,Quantities[],Quantities!$P$2)*VLOOKUP($A272,Quantities[],Quantities!$O$2),VLOOKUP($A272,Quantities[],Quantities!$R$2)*VLOOKUP($A272,Quantities[],Quantities!$Q$2),VLOOKUP($A272,Quantities[],Quantities!$T$2)*VLOOKUP($A272,Quantities[],Quantities!$S$2)))/SUM(VLOOKUP($A272,Quantities[],Quantities!$O$2),VLOOKUP($A272,Quantities[],Quantities!$Q$2),VLOOKUP($A272,Quantities[],Quantities!$S$2)),\n\n VLOOKUP(A272,Quantities[],Quantities!$H$2)\n))))))","v":"-"},{"$f":"IF(LEFT(D272,1)=\"U\",\"-\",VLOOKUP(D272,Equipment[],Equipment!$B$2))","v":"-"}]
[{"$f":"Quantities!$A$20","v":1500},"M","e","U","1500-M-e-U",{"$f":"IF(D273=\"Comb1\",CONCATENATE(VLOOKUP(B273,'Activity-Material_Codes'!$A$2:$B$26,Quantities!$B$2),\"-\",VLOOKUP(A273,Quantities[],Quantities!$D$2)),\nCONCATENATE(\nVLOOKUP(B273,'Activity-Material_Codes'!$A$2:$B$26,Quantities!$B$2),\nIF(AND(B273=\"B\",C273=\"a\"), \" Scraper Grading\", \"\"),\nIF(C273=\"b\",\"\",\"-\"),\nIF(C273=\"b\",\"\",VLOOKUP(A273,Quantities[],Quantities!$D$2)),\nIF(LEFT(TEXT(A273,\"0\"),1)=\"5\",\"\",\"-\"),\nIF(LEFT(TEXT(A273,\"0\"),1)=\"5\",\"\",VLOOKUP(C273,'Activity-Material_Codes'!$A$30:$B$36,Quantities!$B$2))\n))","v":"Post-Closure O&M-Entire Stockpile-Final Grade"},{"$f":"CONCATENATE(\nIF(OR(RIGHT(TEXT($A273,\"0\"),Quantities!$B$2)=\"00\",LEFT(TEXT($A273,\"0\"),1)=\"5\",OR($C273=\"b\",$C273=\"f\")),\"\",VLOOKUP($A273,Quantities[],Quantities!$B$2)),\nIF(LEFT(TEXT($A273,\"0\"),1)=\"5\",\"\",\" \"),\nIF(OR(C273=\"a\",C273=\"c\",C273=\"d\",C273=\"e\"),IF(OR(RIGHT(TEXT($A273,\"0\"),Quantities!$B$2)=\"00\",LEFT(TEXT($A273,\"0\"),1)=\"5\"),VLOOKUP($A273,Quantities[],Quantities!$B$2),\"\"),\nIF(LEFT(TEXT($A273,\"0\"),1)=\"5\",VLOOKUP($A273,Quantities[],Quantities!$B$2),\nVLOOKUP(INDEX(Quantities!$A$100:$A$118,MATCH($A273,Quantities!$C$100:$C$118)),Quantities!$A$100:$B$118,Quantities!$B$2))))","v":" 5A Waste"},{"$f":"IF(LEFT(TEXT(A273,\"0\"),1)=\"5\",\nVLOOKUP(VLOOKUP(A273,Quantities!$A$4:$D$118,Quantities!$C$2),Quantities!$A$4:$D$118,Quantities!$C$2),\nIF(OR(C273=\"a\",C273=\"c\",C273=\"d\",C273=\"e\"),\n\"-\",\nIF(RIGHT(TEXT(A273,\"0\"),2)=\"00\",VLOOKUP(A273,Quantities[],Quantities!$B$2),\nIF(C273=\"f\",VLOOKUP(A273,Quantities[],Quantities!$B$2),\nVLOOKUP(A273,Quantities[],Quantities!$C$2))\n)))","v":"-"},{"$f":"IF(OR(AND(LEFT(D273,2)=\"Sc\",B273=\"A\",C273=\"d\"),AND(C273=\"f\",B273=\"D\")),\nSUM(VLOOKUP($A273,Quantities[],Quantities!$O$2),VLOOKUP($A273,Quantities[],Quantities!$Q$2),VLOOKUP($A273,Quantities[],Quantities!$S$2)),\n\nIF(AND(LEFT(D273,2)=\"Sc\",OR(C273=\"a\",C273=\"f\")),\nVLOOKUP(A273,Quantities[],Quantities!$I$2),\n\nIF(AND(B273=\"D\",C273=\"b\"),\n VLOOKUP(INDEX(Quantities!$A$100:$A$118,MATCH($A273,Quantities!$C$100:$C$118)),Quantities!$A$100:$AJ$118,Quantities!$O$2)+\nVLOOKUP(INDEX(Quantities!$A$100:$A$118,MATCH($A273,Quantities!$C$100:$C$118)),Quantities!$A$100:$AJ$118,Quantities!$Q$2)+\nVLOOKUP(INDEX(Quantities!$A$100:$A$118,MATCH($A273,Quantities!$C$100:$C$118)),Quantities!$A$100:$AJ$118,Quantities!$S$2),\n\nIF(OR(B273=\"D\",B273=\"Q\"),\nSUM(VLOOKUP($A273,Quantities[],Quantities!$O$2),VLOOKUP($A273,Quantities[],Quantities!$Q$2),VLOOKUP($A273,Quantities[],Quantities!$S$2)),\n\n VLOOKUP(A273,Quantities[],Quantities!$G$2)\n))))","v":0},{"$f":"IF(LEFT(D273,2)=\"Mg\", VLOOKUP(A273,Quantities[],Quantities!$H$2),\n\nIF(OR(AND(LEFT(D273,2)=\"Sc\",B273=\"A\",C273=\"d\",C273=\"f\")),\n(SUM(VLOOKUP($A273,Quantities[],Quantities!$P$2)*VLOOKUP($A273,Quantities[],Quantities!$O$2),VLOOKUP($A273,Quantities[],Quantities!$R$2)*VLOOKUP($A273,Quantities[],Quantities!$Q$2),VLOOKUP($A273,Quantities[],Quantities!$T$2)*VLOOKUP($A273,Quantities[],Quantities!$S$2)))/SUM(VLOOKUP($A273,Quantities[],Quantities!$O$2),VLOOKUP($A273,Quantities[],Quantities!$Q$2),VLOOKUP($A273,Quantities[],Quantities!$S$2)),\n\nIF(AND(LEFT(D273,2)=\"Sc\",OR(C273=\"a\",C273=\"f\")),\nVLOOKUP(A273,Quantities[],Quantities!$J$2),\n\nIF(AND(B273=\"D\",C273=\"b\", (VLOOKUP(INDEX(Quantities!$A$100:$A$118,MATCH($A273,Quantities!$C$100:$C$118)),Quantities[],Quantities!$O$2)+VLOOKUP(INDEX(Quantities!$A$100:$A$118,MATCH($A273,Quantities!$C$100:$C$118)),Quantities[],Quantities!$Q$2)+VLOOKUP(INDEX(Quantities!$A$100:$A$118,MATCH($A273,Quantities!$C$100:$C$118)),Quantities[],Quantities!$S$2))>0),\n(VLOOKUP(INDEX(Quantities!$A$100:$A$118,MATCH($A273,Quantities!$C$100:$C$118)),Quantities[],Quantities!$P$2)*VLOOKUP(INDEX(Quantities!$A$100:$A$118,MATCH($A273,Quantities!$C$100:$C$118)),Quantities[],Quantities!$O$2)\n+VLOOKUP(INDEX(Quantities!$A$100:$A$118,MATCH($A273,Quantities!$C$100:$C$118)),Quantities[],Quantities!$R$2)*VLOOKUP(INDEX(Quantities!$A$100:$A$118,MATCH($A273,Quantities!$C$100:$C$118)),Quantities[],Quantities!$Q$2)\n+VLOOKUP(INDEX(Quantities!$A$100:$A$118,MATCH($A273,Quantities!$C$100:$C$118)),Quantities[],Quantities!$T$2)*VLOOKUP(INDEX(Quantities!$A$100:$A$118,MATCH($A273,Quantities!$C$100:$C$118)),Quantities[],Quantities!$S$2))/\n(VLOOKUP(INDEX(Quantities!$A$100:$A$118,MATCH($A273,Quantities!$C$100:$C$118)),Quantities[],Quantities!$O$2)+VLOOKUP(INDEX(Quantities!$A$100:$A$118,MATCH($A273,Quantities!$C$100:$C$118)),Quantities[],Quantities!$Q$2)+VLOOKUP(A273,Quantities[],Quantities!$S$2)),\n\nIF(AND(B273=\"D\", (VLOOKUP(A273,Quantities[],Quantities!$O$2)+VLOOKUP(A273,Quantities[],Quantities!$Q$2)+VLOOKUP(A273,Quantities[],Quantities!$S$2))>0),\n(VLOOKUP(A273,Quantities[],Quantities!$P$2)*VLOOKUP(A273,Quantities[],Quantities!$O$2)\n+VLOOKUP(A273,Quantities[],Quantities!$R$2)*VLOOKUP(A273,Quantities[],Quantities!$Q$2)\n+VLOOKUP(A273,Quantities[],Quantities!$T$2)*VLOOKUP(A273,Quantities[],Quantities!$S$2))/\n(VLOOKUP(A273,Quantities[],Quantities!$O$2)+VLOOKUP(A273,Quantities[],Quantities!$Q$2)+VLOOKUP(A273,Quantities[],Quantities!$S$2)),\n\nIF($B273=\"Q\", (SUM(VLOOKUP($A273,Quantities[],Quantities!$P$2)*VLOOKUP($A273,Quantities[],Quantities!$O$2),VLOOKUP($A273,Quantities[],Quantities!$R$2)*VLOOKUP($A273,Quantities[],Quantities!$Q$2),VLOOKUP($A273,Quantities[],Quantities!$T$2)*VLOOKUP($A273,Quantities[],Quantities!$S$2)))/SUM(VLOOKUP($A273,Quantities[],Quantities!$O$2),VLOOKUP($A273,Quantities[],Quantities!$Q$2),VLOOKUP($A273,Quantities[],Quantities!$S$2)),\n\n VLOOKUP(A273,Quantities[],Quantities!$H$2)\n))))))","v":"-"},{"$f":"IF(LEFT(D273,1)=\"U\",\"-\",VLOOKUP(D273,Equipment[],Equipment!$B$2))","v":"-"}]
[{"$f":"Quantities!$A$39","v":2200},"M","e","U","2200-M-e-U",{"$f":"IF(D274=\"Comb1\",CONCATENATE(VLOOKUP(B274,'Activity-Material_Codes'!$A$2:$B$26,Quantities!$B$2),\"-\",VLOOKUP(A274,Quantities[],Quantities!$D$2)),\nCONCATENATE(\nVLOOKUP(B274,'Activity-Material_Codes'!$A$2:$B$26,Quantities!$B$2),\nIF(AND(B274=\"B\",C274=\"a\"), \" Scraper Grading\", \"\"),\nIF(C274=\"b\",\"\",\"-\"),\nIF(C274=\"b\",\"\",VLOOKUP(A274,Quantities[],Quantities!$D$2)),\nIF(LEFT(TEXT(A274,\"0\"),1)=\"5\",\"\",\"-\"),\nIF(LEFT(TEXT(A274,\"0\"),1)=\"5\",\"\",VLOOKUP(C274,'Activity-Material_Codes'!$A$30:$B$36,Quantities!$B$2))\n))","v":"Post-Closure O&M-Entire Pit-Final Grade"},{"$f":"CONCATENATE(\nIF(OR(RIGHT(TEXT($A274,\"0\"),Quantities!$B$2)=\"00\",LEFT(TEXT($A274,\"0\"),1)=\"5\",OR($C274=\"b\",$C274=\"f\")),\"\",VLOOKUP($A274,Quantities[],Quantities!$B$2)),\nIF(LEFT(TEXT($A274,\"0\"),1)=\"5\",\"\",\" \"),\nIF(OR(C274=\"a\",C274=\"c\",C274=\"d\",C274=\"e\"),IF(OR(RIGHT(TEXT($A274,\"0\"),Quantities!$B$2)=\"00\",LEFT(TEXT($A274,\"0\"),1)=\"5\"),VLOOKUP($A274,Quantities[],Quantities!$B$2),\"\"),\nIF(LEFT(TEXT($A274,\"0\"),1)=\"5\",VLOOKUP($A274,Quantities[],Quantities!$B$2),\nVLOOKUP(INDEX(Quantities!$A$100:$A$118,MATCH($A274,Quantities!$C$100:$C$118)),Quantities!$A$100:$B$118,Quantities!$B$2))))","v":" San Salvador Pit, San Salvador Waste Backfill"},{"$f":"IF(LEFT(TEXT(A274,\"0\"),1)=\"5\",\nVLOOKUP(VLOOKUP(A274,Quantities!$A$4:$D$118,Quantities!$C$2),Quantities!$A$4:$D$118,Quantities!$C$2),\nIF(OR(C274=\"a\",C274=\"c\",C274=\"d\",C274=\"e\"),\n\"-\",\nIF(RIGHT(TEXT(A274,\"0\"),2)=\"00\",VLOOKUP(A274,Quantities[],Quantities!$B$2),\nIF(C274=\"f\",VLOOKUP(A274,Quantities[],Quantities!$B$2),\nVLOOKUP(A274,Quantities[],Quantities!$C$2))\n)))","v":"-"},{"$f":"IF(OR(AND(LEFT(D274,2)=\"Sc\",B274=\"A\",C274=\"d\"),AND(C274=\"f\",B274=\"D\")),\nSUM(VLOOKUP($A274,Quantities[],Quantities!$O$2),VLOOKUP($A274,Quantities[],Quantities!$Q$2),VLOOKUP($A274,Quantities[],Quantities!$S$2)),\n\nIF(AND(LEFT(D274,2)=\"Sc\",OR(C274=\"a\",C274=\"f\")),\nVLOOKUP(A274,Quantities[],Quantities!$I$2),\n\nIF(AND(B274=\"D\",C274=\"b\"),\n VLOOKUP(INDEX(Quantities!$A$100:$A$118,MATCH($A274,Quantities!$C$100:$C$118)),Quantities!$A$100:$AJ$118,Quantities!$O$2)+\nVLOOKUP(INDEX(Quantities!$A$100:$A$118,MATCH($A274,Quantities!$C$100:$C$118)),Quantities!$A$100:$AJ$118,Quantities!$Q$2)+\nVLOOKUP(INDEX(Quantities!$A$100:$A$118,MATCH($A274,Quantities!$C$100:$C$118)),Quantities!$A$100:$AJ$118,Quantities!$S$2),\n\nIF(OR(B274=\"D\",B274=\"Q\"),\nSUM(VLOOKUP($A274,Quantities[],Quantities!$O$2),VLOOKUP($A274,Quantities[],Quantities!$Q$2),VLOOKUP($A274,Quantities[],Quantities!$S$2)),\n\n VLOOKUP(A274,Quantities[],Quantities!$G$2)\n))))","v":185},{"$f":"IF(LEFT(D274,2)=\"Mg\", VLOOKUP(A274,Quantities[],Quantities!$H$2),\n\nIF(OR(AND(LEFT(D274,2)=\"Sc\",B274=\"A\",C274=\"d\",C274=\"f\")),\n(SUM(VLOOKUP($A274,Quantities[],Quantities!$P$2)*VLOOKUP($A274,Quantities[],Quantities!$O$2),VLOOKUP($A274,Quantities[],Quantities!$R$2)*VLOOKUP($A274,Quantities[],Quantities!$Q$2),VLOOKUP($A274,Quantities[],Quantities!$T$2)*VLOOKUP($A274,Quantities[],Quantities!$S$2)))/SUM(VLOOKUP($A274,Quantities[],Quantities!$O$2),VLOOKUP($A274,Quantities[],Quantities!$Q$2),VLOOKUP($A274,Quantities[],Quantities!$S$2)),\n\nIF(AND(LEFT(D274,2)=\"Sc\",OR(C274=\"a\",C274=\"f\")),\nVLOOKUP(A274,Quantities[],Quantities!$J$2),\n\nIF(AND(B274=\"D\",C274=\"b\", (VLOOKUP(INDEX(Quantities!$A$100:$A$118,MATCH($A274,Quantities!$C$100:$C$118)),Quantities[],Quantities!$O$2)+VLOOKUP(INDEX(Quantities!$A$100:$A$118,MATCH($A274,Quantities!$C$100:$C$118)),Quantities[],Quantities!$Q$2)+VLOOKUP(INDEX(Quantities!$A$100:$A$118,MATCH($A274,Quantities!$C$100:$C$118)),Quantities[],Quantities!$S$2))>0),\n(VLOOKUP(INDEX(Quantities!$A$100:$A$118,MATCH($A274,Quantities!$C$100:$C$118)),Quantities[],Quantities!$P$2)*VLOOKUP(INDEX(Quantities!$A$100:$A$118,MATCH($A274,Quantities!$C$100:$C$118)),Quantities[],Quantities!$O$2)\n+VLOOKUP(INDEX(Quantities!$A$100:$A$118,MATCH($A274,Quantities!$C$100:$C$118)),Quantities[],Quantities!$R$2)*VLOOKUP(INDEX(Quantities!$A$100:$A$118,MATCH($A274,Quantities!$C$100:$C$118)),Quantities[],Quantities!$Q$2)\n+VLOOKUP(INDEX(Quantities!$A$100:$A$118,MATCH($A274,Quantities!$C$100:$C$118)),Quantities[],Quantities!$T$2)*VLOOKUP(INDEX(Quantities!$A$100:$A$118,MATCH($A274,Quantities!$C$100:$C$118)),Quantities[],Quantities!$S$2))/\n(VLOOKUP(INDEX(Quantities!$A$100:$A$118,MATCH($A274,Quantities!$C$100:$C$118)),Quantities[],Quantities!$O$2)+VLOOKUP(INDEX(Quantities!$A$100:$A$118,MATCH($A274,Quantities!$C$100:$C$118)),Quantities[],Quantities!$Q$2)+VLOOKUP(A274,Quantities[],Quantities!$S$2)),\n\nIF(AND(B274=\"D\", (VLOOKUP(A274,Quantities[],Quantities!$O$2)+VLOOKUP(A274,Quantities[],Quantities!$Q$2)+VLOOKUP(A274,Quantities[],Quantities!$S$2))>0),\n(VLOOKUP(A274,Quantities[],Quantities!$P$2)*VLOOKUP(A274,Quantities[],Quantities!$O$2)\n+VLOOKUP(A274,Quantities[],Quantities!$R$2)*VLOOKUP(A274,Quantities[],Quantities!$Q$2)\n+VLOOKUP(A274,Quantities[],Quantities!$T$2)*VLOOKUP(A274,Quantities[],Quantities!$S$2))/\n(VLOOKUP(A274,Quantities[],Quantities!$O$2)+VLOOKUP(A274,Quantities[],Quantities!$Q$2)+VLOOKUP(A274,Quantities[],Quantities!$S$2)),\n\nIF($B274=\"Q\", (SUM(VLOOKUP($A274,Quantities[],Quantities!$P$2)*VLOOKUP($A274,Quantities[],Quantities!$O$2),VLOOKUP($A274,Quantities[],Quantities!$R$2)*VLOOKUP($A274,Quantities[],Quantities!$Q$2),VLOOKUP($A274,Quantities[],Quantities!$T$2)*VLOOKUP($A274,Quantities[],Quantities!$S$2)))/SUM(VLOOKUP($A274,Quantities[],Quantities!$O$2),VLOOKUP($A274,Quantities[],Quantities!$Q$2),VLOOKUP($A274,Quantities[],Quantities!$S$2)),\n\n VLOOKUP(A274,Quantities[],Quantities!$H$2)\n))))))","v":-0.05},{"$f":"IF(LEFT(D274,1)=\"U\",\"-\",VLOOKUP(D274,Equipment[],Equipment!$B$2))","v":"-"}]
[{"$f":"Quantities!$A$41","v":2300},"M","e","U","2300-M-e-U",{"$f":"IF(D275=\"Comb1\",CONCATENATE(VLOOKUP(B275,'Activity-Material_Codes'!$A$2:$B$26,Quantities!$B$2),\"-\",VLOOKUP(A275,Quantities[],Quantities!$D$2)),\nCONCATENATE(\nVLOOKUP(B275,'Activity-Material_Codes'!$A$2:$B$26,Quantities!$B$2),\nIF(AND(B275=\"B\",C275=\"a\"), \" Scraper Grading\", \"\"),\nIF(C275=\"b\",\"\",\"-\"),\nIF(C275=\"b\",\"\",VLOOKUP(A275,Quantities[],Quantities!$D$2)),\nIF(LEFT(TEXT(A275,\"0\"),1)=\"5\",\"\",\"-\"),\nIF(LEFT(TEXT(A275,\"0\"),1)=\"5\",\"\",VLOOKUP(C275,'Activity-Material_Codes'!$A$30:$B$36,Quantities!$B$2))\n))","v":"Post-Closure O&M-Entire Stockpile-Final Grade"},{"$f":"CONCATENATE(\nIF(OR(RIGHT(TEXT($A275,\"0\"),Quantities!$B$2)=\"00\",LEFT(TEXT($A275,\"0\"),1)=\"5\",OR($C275=\"b\",$C275=\"f\")),\"\",VLOOKUP($A275,Quantities[],Quantities!$B$2)),\nIF(LEFT(TEXT($A275,\"0\"),1)=\"5\",\"\",\" \"),\nIF(OR(C275=\"a\",C275=\"c\",C275=\"d\",C275=\"e\"),IF(OR(RIGHT(TEXT($A275,\"0\"),Quantities!$B$2)=\"00\",LEFT(TEXT($A275,\"0\"),1)=\"5\"),VLOOKUP($A275,Quantities[],Quantities!$B$2),\"\"),\nIF(LEFT(TEXT($A275,\"0\"),1)=\"5\",VLOOKUP($A275,Quantities[],Quantities!$B$2),\nVLOOKUP(INDEX(Quantities!$A$100:$A$118,MATCH($A275,Quantities!$C$100:$C$118)),Quantities!$A$100:$B$118,Quantities!$B$2))))","v":" 6A Leach"},{"$f":"IF(LEFT(TEXT(A275,\"0\"),1)=\"5\",\nVLOOKUP(VLOOKUP(A275,Quantities!$A$4:$D$118,Quantities!$C$2),Quantities!$A$4:$D$118,Quantities!$C$2),\nIF(OR(C275=\"a\",C275=\"c\",C275=\"d\",C275=\"e\"),\n\"-\",\nIF(RIGHT(TEXT(A275,\"0\"),2)=\"00\",VLOOKUP(A275,Quantities[],Quantities!$B$2),\nIF(C275=\"f\",VLOOKUP(A275,Quantities[],Quantities!$B$2),\nVLOOKUP(A275,Quantities[],Quantities!$C$2))\n)))","v":"-"},{"$f":"IF(OR(AND(LEFT(D275,2)=\"Sc\",B275=\"A\",C275=\"d\"),AND(C275=\"f\",B275=\"D\")),\nSUM(VLOOKUP($A275,Quantities[],Quantities!$O$2),VLOOKUP($A275,Quantities[],Quantities!$Q$2),VLOOKUP($A275,Quantities[],Quantities!$S$2)),\n\nIF(AND(LEFT(D275,2)=\"Sc\",OR(C275=\"a\",C275=\"f\")),\nVLOOKUP(A275,Quantities[],Quantities!$I$2),\n\nIF(AND(B275=\"D\",C275=\"b\"),\n VLOOKUP(INDEX(Quantities!$A$100:$A$118,MATCH($A275,Quantities!$C$100:$C$118)),Quantities!$A$100:$AJ$118,Quantities!$O$2)+\nVLOOKUP(INDEX(Quantities!$A$100:$A$118,MATCH($A275,Quantities!$C$100:$C$118)),Quantities!$A$100:$AJ$118,Quantities!$Q$2)+\nVLOOKUP(INDEX(Quantities!$A$100:$A$118,MATCH($A275,Quantities!$C$100:$C$118)),Quantities!$A$100:$AJ$118,Quantities!$S$2),\n\nIF(OR(B275=\"D\",B275=\"Q\"),\nSUM(VLOOKUP($A275,Quantities[],Quantities!$O$2),VLOOKUP($A275,Quantities[],Quantities!$Q$2),VLOOKUP($A275,Quantities[],Quantities!$S$2)),\n\n VLOOKUP(A275,Quantities[],Quantities!$G$2)\n))))","v":0},{"$f":"IF(LEFT(D275,2)=\"Mg\", VLOOKUP(A275,Quantities[],Quantities!$H$2),\n\nIF(OR(AND(LEFT(D275,2)=\"Sc\",B275=\"A\",C275=\"d\",C275=\"f\")),\n(SUM(VLOOKUP($A275,Quantities[],Quantities!$P$2)*VLOOKUP($A275,Quantities[],Quantities!$O$2),VLOOKUP($A275,Quantities[],Quantities!$R$2)*VLOOKUP($A275,Quantities[],Quantities!$Q$2),VLOOKUP($A275,Quantities[],Quantities!$T$2)*VLOOKUP($A275,Quantities[],Quantities!$S$2)))/SUM(VLOOKUP($A275,Quantities[],Quantities!$O$2),VLOOKUP($A275,Quantities[],Quantities!$Q$2),VLOOKUP($A275,Quantities[],Quantities!$S$2)),\n\nIF(AND(LEFT(D275,2)=\"Sc\",OR(C275=\"a\",C275=\"f\")),\nVLOOKUP(A275,Quantities[],Quantities!$J$2),\n\nIF(AND(B275=\"D\",C275=\"b\", (VLOOKUP(INDEX(Quantities!$A$100:$A$118,MATCH($A275,Quantities!$C$100:$C$118)),Quantities[],Quantities!$O$2)+VLOOKUP(INDEX(Quantities!$A$100:$A$118,MATCH($A275,Quantities!$C$100:$C$118)),Quantities[],Quantities!$Q$2)+VLOOKUP(INDEX(Quantities!$A$100:$A$118,MATCH($A275,Quantities!$C$100:$C$118)),Quantities[],Quantities!$S$2))>0),\n(VLOOKUP(INDEX(Quantities!$A$100:$A$118,MATCH($A275,Quantities!$C$100:$C$118)),Quantities[],Quantities!$P$2)*VLOOKUP(INDEX(Quantities!$A$100:$A$118,MATCH($A275,Quantities!$C$100:$C$118)),Quantities[],Quantities!$O$2)\n+VLOOKUP(INDEX(Quantities!$A$100:$A$118,MATCH($A275,Quantities!$C$100:$C$118)),Quantities[],Quantities!$R$2)*VLOOKUP(INDEX(Quantities!$A$100:$A$118,MATCH($A275,Quantities!$C$100:$C$118)),Quantities[],Quantities!$Q$2)\n+VLOOKUP(INDEX(Quantities!$A$100:$A$118,MATCH($A275,Quantities!$C$100:$C$118)),Quantities[],Quantities!$T$2)*VLOOKUP(INDEX(Quantities!$A$100:$A$118,MATCH($A275,Quantities!$C$100:$C$118)),Quantities[],Quantities!$S$2))/\n(VLOOKUP(INDEX(Quantities!$A$100:$A$118,MATCH($A275,Quantities!$C$100:$C$118)),Quantities[],Quantities!$O$2)+VLOOKUP(INDEX(Quantities!$A$100:$A$118,MATCH($A275,Quantities!$C$100:$C$118)),Quantities[],Quantities!$Q$2)+VLOOKUP(A275,Quantities[],Quantities!$S$2)),\n\nIF(AND(B275=\"D\", (VLOOKUP(A275,Quantities[],Quantities!$O$2)+VLOOKUP(A275,Quantities[],Quantities!$Q$2)+VLOOKUP(A275,Quantities[],Quantities!$S$2))>0),\n(VLOOKUP(A275,Quantities[],Quantities!$P$2)*VLOOKUP(A275,Quantities[],Quantities!$O$2)\n+VLOOKUP(A275,Quantities[],Quantities!$R$2)*VLOOKUP(A275,Quantities[],Quantities!$Q$2)\n+VLOOKUP(A275,Quantities[],Quantities!$T$2)*VLOOKUP(A275,Quantities[],Quantities!$S$2))/\n(VLOOKUP(A275,Quantities[],Quantities!$O$2)+VLOOKUP(A275,Quantities[],Quantities!$Q$2)+VLOOKUP(A275,Quantities[],Quantities!$S$2)),\n\nIF($B275=\"Q\", (SUM(VLOOKUP($A275,Quantities[],Quantities!$P$2)*VLOOKUP($A275,Quantities[],Quantities!$O$2),VLOOKUP($A275,Quantities[],Quantities!$R$2)*VLOOKUP($A275,Quantities[],Quantities!$Q$2),VLOOKUP($A275,Quantities[],Quantities!$T$2)*VLOOKUP($A275,Quantities[],Quantities!$S$2)))/SUM(VLOOKUP($A275,Quantities[],Quantities!$O$2),VLOOKUP($A275,Quantities[],Quantities!$Q$2),VLOOKUP($A275,Quantities[],Quantities!$S$2)),\n\n VLOOKUP(A275,Quantities[],Quantities!$H$2)\n))))))","v":"-"},{"$f":"IF(LEFT(D275,1)=\"U\",\"-\",VLOOKUP(D275,Equipment[],Equipment!$B$2))","v":"-"}]
[{"$f":"Quantities!$A$17","v":1400},"M","e","U","1400-M-e-U",{"$f":"IF(D276=\"Comb1\",CONCATENATE(VLOOKUP(B276,'Activity-Material_Codes'!$A$2:$B$26,Quantities!$B$2),\"-\",VLOOKUP(A276,Quantities[],Quantities!$D$2)),\nCONCATENATE(\nVLOOKUP(B276,'Activity-Material_Codes'!$A$2:$B$26,Quantities!$B$2),\nIF(AND(B276=\"B\",C276=\"a\"), \" Scraper Grading\", \"\"),\nIF(C276=\"b\",\"\",\"-\"),\nIF(C276=\"b\",\"\",VLOOKUP(A276,Quantities[],Quantities!$D$2)),\nIF(LEFT(TEXT(A276,\"0\"),1)=\"5\",\"\",\"-\"),\nIF(LEFT(TEXT(A276,\"0\"),1)=\"5\",\"\",VLOOKUP(C276,'Activity-Material_Codes'!$A$30:$B$36,Quantities!$B$2))\n))","v":"Post-Closure O&M-Entire Stockpile-Final Grade"},{"$f":"CONCATENATE(\nIF(OR(RIGHT(TEXT($A276,\"0\"),Quantities!$B$2)=\"00\",LEFT(TEXT($A276,\"0\"),1)=\"5\",OR($C276=\"b\",$C276=\"f\")),\"\",VLOOKUP($A276,Quantities[],Quantities!$B$2)),\nIF(LEFT(TEXT($A276,\"0\"),1)=\"5\",\"\",\" \"),\nIF(OR(C276=\"a\",C276=\"c\",C276=\"d\",C276=\"e\"),IF(OR(RIGHT(TEXT($A276,\"0\"),Quantities!$B$2)=\"00\",LEFT(TEXT($A276,\"0\"),1)=\"5\"),VLOOKUP($A276,Quantities[],Quantities!$B$2),\"\"),\nIF(LEFT(TEXT($A276,\"0\"),1)=\"5\",VLOOKUP($A276,Quantities[],Quantities!$B$2),\nVLOOKUP(INDEX(Quantities!$A$100:$A$118,MATCH($A276,Quantities!$C$100:$C$118)),Quantities!$A$100:$B$118,Quantities!$B$2))))","v":" 2 Leach (Area 1)"},{"$f":"IF(LEFT(TEXT(A276,\"0\"),1)=\"5\",\nVLOOKUP(VLOOKUP(A276,Quantities!$A$4:$D$118,Quantities!$C$2),Quantities!$A$4:$D$118,Quantities!$C$2),\nIF(OR(C276=\"a\",C276=\"c\",C276=\"d\",C276=\"e\"),\n\"-\",\nIF(RIGHT(TEXT(A276,\"0\"),2)=\"00\",VLOOKUP(A276,Quantities[],Quantities!$B$2),\nIF(C276=\"f\",VLOOKUP(A276,Quantities[],Quantities!$B$2),\nVLOOKUP(A276,Quantities[],Quantities!$C$2))\n)))","v":"-"},{"$f":"IF(OR(AND(LEFT(D276,2)=\"Sc\",B276=\"A\",C276=\"d\"),AND(C276=\"f\",B276=\"D\")),\nSUM(VLOOKUP($A276,Quantities[],Quantities!$O$2),VLOOKUP($A276,Quantities[],Quantities!$Q$2),VLOOKUP($A276,Quantities[],Quantities!$S$2)),\n\nIF(AND(LEFT(D276,2)=\"Sc\",OR(C276=\"a\",C276=\"f\")),\nVLOOKUP(A276,Quantities[],Quantities!$I$2),\n\nIF(AND(B276=\"D\",C276=\"b\"),\n VLOOKUP(INDEX(Quantities!$A$100:$A$118,MATCH($A276,Quantities!$C$100:$C$118)),Quantities!$A$100:$AJ$118,Quantities!$O$2)+\nVLOOKUP(INDEX(Quantities!$A$100:$A$118,MATCH($A276,Quantities!$C$100:$C$118)),Quantities!$A$100:$AJ$118,Quantities!$Q$2)+\nVLOOKUP(INDEX(Quantities!$A$100:$A$118,MATCH($A276,Quantities!$C$100:$C$118)),Quantities!$A$100:$AJ$118,Quantities!$S$2),\n\nIF(OR(B276=\"D\",B276=\"Q\"),\nSUM(VLOOKUP($A276,Quantities[],Quantities!$O$2),VLOOKUP($A276,Quantities[],Quantities!$Q$2),VLOOKUP($A276,Quantities[],Quantities!$S$2)),\n\n VLOOKUP(A276,Quantities[],Quantities!$G$2)\n))))","v":0},{"$f":"IF(LEFT(D276,2)=\"Mg\", VLOOKUP(A276,Quantities[],Quantities!$H$2),\n\nIF(OR(AND(LEFT(D276,2)=\"Sc\",B276=\"A\",C276=\"d\",C276=\"f\")),\n(SUM(VLOOKUP($A276,Quantities[],Quantities!$P$2)*VLOOKUP($A276,Quantities[],Quantities!$O$2),VLOOKUP($A276,Quantities[],Quantities!$R$2)*VLOOKUP($A276,Quantities[],Quantities!$Q$2),VLOOKUP($A276,Quantities[],Quantities!$T$2)*VLOOKUP($A276,Quantities[],Quantities!$S$2)))/SUM(VLOOKUP($A276,Quantities[],Quantities!$O$2),VLOOKUP($A276,Quantities[],Quantities!$Q$2),VLOOKUP($A276,Quantities[],Quantities!$S$2)),\n\nIF(AND(LEFT(D276,2)=\"Sc\",OR(C276=\"a\",C276=\"f\")),\nVLOOKUP(A276,Quantities[],Quantities!$J$2),\n\nIF(AND(B276=\"D\",C276=\"b\", (VLOOKUP(INDEX(Quantities!$A$100:$A$118,MATCH($A276,Quantities!$C$100:$C$118)),Quantities[],Quantities!$O$2)+VLOOKUP(INDEX(Quantities!$A$100:$A$118,MATCH($A276,Quantities!$C$100:$C$118)),Quantities[],Quantities!$Q$2)+VLOOKUP(INDEX(Quantities!$A$100:$A$118,MATCH($A276,Quantities!$C$100:$C$118)),Quantities[],Quantities!$S$2))>0),\n(VLOOKUP(INDEX(Quantities!$A$100:$A$118,MATCH($A276,Quantities!$C$100:$C$118)),Quantities[],Quantities!$P$2)*VLOOKUP(INDEX(Quantities!$A$100:$A$118,MATCH($A276,Quantities!$C$100:$C$118)),Quantities[],Quantities!$O$2)\n+VLOOKUP(INDEX(Quantities!$A$100:$A$118,MATCH($A276,Quantities!$C$100:$C$118)),Quantities[],Quantities!$R$2)*VLOOKUP(INDEX(Quantities!$A$100:$A$118,MATCH($A276,Quantities!$C$100:$C$118)),Quantities[],Quantities!$Q$2)\n+VLOOKUP(INDEX(Quantities!$A$100:$A$118,MATCH($A276,Quantities!$C$100:$C$118)),Quantities[],Quantities!$T$2)*VLOOKUP(INDEX(Quantities!$A$100:$A$118,MATCH($A276,Quantities!$C$100:$C$118)),Quantities[],Quantities!$S$2))/\n(VLOOKUP(INDEX(Quantities!$A$100:$A$118,MATCH($A276,Quantities!$C$100:$C$118)),Quantities[],Quantities!$O$2)+VLOOKUP(INDEX(Quantities!$A$100:$A$118,MATCH($A276,Quantities!$C$100:$C$118)),Quantities[],Quantities!$Q$2)+VLOOKUP(A276,Quantities[],Quantities!$S$2)),\n\nIF(AND(B276=\"D\", (VLOOKUP(A276,Quantities[],Quantities!$O$2)+VLOOKUP(A276,Quantities[],Quantities!$Q$2)+VLOOKUP(A276,Quantities[],Quantities!$S$2))>0),\n(VLOOKUP(A276,Quantities[],Quantities!$P$2)*VLOOKUP(A276,Quantities[],Quantities!$O$2)\n+VLOOKUP(A276,Quantities[],Quantities!$R$2)*VLOOKUP(A276,Quantities[],Quantities!$Q$2)\n+VLOOKUP(A276,Quantities[],Quantities!$T$2)*VLOOKUP(A276,Quantities[],Quantities!$S$2))/\n(VLOOKUP(A276,Quantities[],Quantities!$O$2)+VLOOKUP(A276,Quantities[],Quantities!$Q$2)+VLOOKUP(A276,Quantities[],Quantities!$S$2)),\n\nIF($B276=\"Q\", (SUM(VLOOKUP($A276,Quantities[],Quantities!$P$2)*VLOOKUP($A276,Quantities[],Quantities!$O$2),VLOOKUP($A276,Quantities[],Quantities!$R$2)*VLOOKUP($A276,Quantities[],Quantities!$Q$2),VLOOKUP($A276,Quantities[],Quantities!$T$2)*VLOOKUP($A276,Quantities[],Quantities!$S$2)))/SUM(VLOOKUP($A276,Quantities[],Quantities!$O$2),VLOOKUP($A276,Quantities[],Quantities!$Q$2),VLOOKUP($A276,Quantities[],Quantities!$S$2)),\n\n VLOOKUP(A276,Quantities[],Quantities!$H$2)\n))))))","v":"-"},{"$f":"IF(LEFT(D276,1)=\"U\",\"-\",VLOOKUP(D276,Equipment[],Equipment!$B$2))","v":"-"}]
[{"$f":"Quantities!$A$29","v":1800},"M","e","U","1800-M-e-U",{"$f":"IF(D277=\"Comb1\",CONCATENATE(VLOOKUP(B277,'Activity-Material_Codes'!$A$2:$B$26,Quantities!$B$2),\"-\",VLOOKUP(A277,Quantities[],Quantities!$D$2)),\nCONCATENATE(\nVLOOKUP(B277,'Activity-Material_Codes'!$A$2:$B$26,Quantities!$B$2),\nIF(AND(B277=\"B\",C277=\"a\"), \" Scraper Grading\", \"\"),\nIF(C277=\"b\",\"\",\"-\"),\nIF(C277=\"b\",\"\",VLOOKUP(A277,Quantities[],Quantities!$D$2)),\nIF(LEFT(TEXT(A277,\"0\"),1)=\"5\",\"\",\"-\"),\nIF(LEFT(TEXT(A277,\"0\"),1)=\"5\",\"\",VLOOKUP(C277,'Activity-Material_Codes'!$A$30:$B$36,Quantities!$B$2))\n))","v":"Post-Closure O&M-Entire Stockpile-Final Grade"},{"$f":"CONCATENATE(\nIF(OR(RIGHT(TEXT($A277,\"0\"),Quantities!$B$2)=\"00\",LEFT(TEXT($A277,\"0\"),1)=\"5\",OR($C277=\"b\",$C277=\"f\")),\"\",VLOOKUP($A277,Quantities[],Quantities!$B$2)),\nIF(LEFT(TEXT($A277,\"0\"),1)=\"5\",\"\",\" \"),\nIF(OR(C277=\"a\",C277=\"c\",C277=\"d\",C277=\"e\"),IF(OR(RIGHT(TEXT($A277,\"0\"),Quantities!$B$2)=\"00\",LEFT(TEXT($A277,\"0\"),1)=\"5\"),VLOOKUP($A277,Quantities[],Quantities!$B$2),\"\"),\nIF(LEFT(TEXT($A277,\"0\"),1)=\"5\",VLOOKUP($A277,Quantities[],Quantities!$B$2),\nVLOOKUP(INDEX(Quantities!$A$100:$A$118,MATCH($A277,Quantities!$C$100:$C$118)),Quantities!$A$100:$B$118,Quantities!$B$2))))","v":" 2 Leach (Area 2), 7B Leach, 7B Waste, 7C Waste, South Rim Pit"},{"$f":"IF(LEFT(TEXT(A277,\"0\"),1)=\"5\",\nVLOOKUP(VLOOKUP(A277,Quantities!$A$4:$D$118,Quantities!$C$2),Quantities!$A$4:$D$118,Quantities!$C$2),\nIF(OR(C277=\"a\",C277=\"c\",C277=\"d\",C277=\"e\"),\n\"-\",\nIF(RIGHT(TEXT(A277,\"0\"),2)=\"00\",VLOOKUP(A277,Quantities[],Quantities!$B$2),\nIF(C277=\"f\",VLOOKUP(A277,Quantities[],Quantities!$B$2),\nVLOOKUP(A277,Quantities[],Quantities!$C$2))\n)))","v":"-"},{"$f":"IF(OR(AND(LEFT(D277,2)=\"Sc\",B277=\"A\",C277=\"d\"),AND(C277=\"f\",B277=\"D\")),\nSUM(VLOOKUP($A277,Quantities[],Quantities!$O$2),VLOOKUP($A277,Quantities[],Quantities!$Q$2),VLOOKUP($A277,Quantities[],Quantities!$S$2)),\n\nIF(AND(LEFT(D277,2)=\"Sc\",OR(C277=\"a\",C277=\"f\")),\nVLOOKUP(A277,Quantities[],Quantities!$I$2),\n\nIF(AND(B277=\"D\",C277=\"b\"),\n VLOOKUP(INDEX(Quantities!$A$100:$A$118,MATCH($A277,Quantities!$C$100:$C$118)),Quantities!$A$100:$AJ$118,Quantities!$O$2)+\nVLOOKUP(INDEX(Quantities!$A$100:$A$118,MATCH($A277,Quantities!$C$100:$C$118)),Quantities!$A$100:$AJ$118,Quantities!$Q$2)+\nVLOOKUP(INDEX(Quantities!$A$100:$A$118,MATCH($A277,Quantities!$C$100:$C$118)),Quantities!$A$100:$AJ$118,Quantities!$S$2),\n\nIF(OR(B277=\"D\",B277=\"Q\"),\nSUM(VLOOKUP($A277,Quantities[],Quantities!$O$2),VLOOKUP($A277,Quantities[],Quantities!$Q$2),VLOOKUP($A277,Quantities[],Quantities!$S$2)),\n\n VLOOKUP(A277,Quantities[],Quantities!$G$2)\n))))","v":0},{"$f":"IF(LEFT(D277,2)=\"Mg\", VLOOKUP(A277,Quantities[],Quantities!$H$2),\n\nIF(OR(AND(LEFT(D277,2)=\"Sc\",B277=\"A\",C277=\"d\",C277=\"f\")),\n(SUM(VLOOKUP($A277,Quantities[],Quantities!$P$2)*VLOOKUP($A277,Quantities[],Quantities!$O$2),VLOOKUP($A277,Quantities[],Quantities!$R$2)*VLOOKUP($A277,Quantities[],Quantities!$Q$2),VLOOKUP($A277,Quantities[],Quantities!$T$2)*VLOOKUP($A277,Quantities[],Quantities!$S$2)))/SUM(VLOOKUP($A277,Quantities[],Quantities!$O$2),VLOOKUP($A277,Quantities[],Quantities!$Q$2),VLOOKUP($A277,Quantities[],Quantities!$S$2)),\n\nIF(AND(LEFT(D277,2)=\"Sc\",OR(C277=\"a\",C277=\"f\")),\nVLOOKUP(A277,Quantities[],Quantities!$J$2),\n\nIF(AND(B277=\"D\",C277=\"b\", (VLOOKUP(INDEX(Quantities!$A$100:$A$118,MATCH($A277,Quantities!$C$100:$C$118)),Quantities[],Quantities!$O$2)+VLOOKUP(INDEX(Quantities!$A$100:$A$118,MATCH($A277,Quantities!$C$100:$C$118)),Quantities[],Quantities!$Q$2)+VLOOKUP(INDEX(Quantities!$A$100:$A$118,MATCH($A277,Quantities!$C$100:$C$118)),Quantities[],Quantities!$S$2))>0),\n(VLOOKUP(INDEX(Quantities!$A$100:$A$118,MATCH($A277,Quantities!$C$100:$C$118)),Quantities[],Quantities!$P$2)*VLOOKUP(INDEX(Quantities!$A$100:$A$118,MATCH($A277,Quantities!$C$100:$C$118)),Quantities[],Quantities!$O$2)\n+VLOOKUP(INDEX(Quantities!$A$100:$A$118,MATCH($A277,Quantities!$C$100:$C$118)),Quantities[],Quantities!$R$2)*VLOOKUP(INDEX(Quantities!$A$100:$A$118,MATCH($A277,Quantities!$C$100:$C$118)),Quantities[],Quantities!$Q$2)\n+VLOOKUP(INDEX(Quantities!$A$100:$A$118,MATCH($A277,Quantities!$C$100:$C$118)),Quantities[],Quantities!$T$2)*VLOOKUP(INDEX(Quantities!$A$100:$A$118,MATCH($A277,Quantities!$C$100:$C$118)),Quantities[],Quantities!$S$2))/\n(VLOOKUP(INDEX(Quantities!$A$100:$A$118,MATCH($A277,Quantities!$C$100:$C$118)),Quantities[],Quantities!$O$2)+VLOOKUP(INDEX(Quantities!$A$100:$A$118,MATCH($A277,Quantities!$C$100:$C$118)),Quantities[],Quantities!$Q$2)+VLOOKUP(A277,Quantities[],Quantities!$S$2)),\n\nIF(AND(B277=\"D\", (VLOOKUP(A277,Quantities[],Quantities!$O$2)+VLOOKUP(A277,Quantities[],Quantities!$Q$2)+VLOOKUP(A277,Quantities[],Quantities!$S$2))>0),\n(VLOOKUP(A277,Quantities[],Quantities!$P$2)*VLOOKUP(A277,Quantities[],Quantities!$O$2)\n+VLOOKUP(A277,Quantities[],Quantities!$R$2)*VLOOKUP(A277,Quantities[],Quantities!$Q$2)\n+VLOOKUP(A277,Quantities[],Quantities!$T$2)*VLOOKUP(A277,Quantities[],Quantities!$S$2))/\n(VLOOKUP(A277,Quantities[],Quantities!$O$2)+VLOOKUP(A277,Quantities[],Quantities!$Q$2)+VLOOKUP(A277,Quantities[],Quantities!$S$2)),\n\nIF($B277=\"Q\", (SUM(VLOOKUP($A277,Quantities[],Quantities!$P$2)*VLOOKUP($A277,Quantities[],Quantities!$O$2),VLOOKUP($A277,Quantities[],Quantities!$R$2)*VLOOKUP($A277,Quantities[],Quantities!$Q$2),VLOOKUP($A277,Quantities[],Quantities!$T$2)*VLOOKUP($A277,Quantities[],Quantities!$S$2)))/SUM(VLOOKUP($A277,Quantities[],Quantities!$O$2),VLOOKUP($A277,Quantities[],Quantities!$Q$2),VLOOKUP($A277,Quantities[],Quantities!$S$2)),\n\n VLOOKUP(A277,Quantities[],Quantities!$H$2)\n))))))","v":"-"},{"$f":"IF(LEFT(D277,1)=\"U\",\"-\",VLOOKUP(D277,Equipment[],Equipment!$B$2))","v":"-"}]
[{"$f":"Quantities!$A$32","v":1900},"M","e","U","1900-M-e-U",{"$f":"IF(D278=\"Comb1\",CONCATENATE(VLOOKUP(B278,'Activity-Material_Codes'!$A$2:$B$26,Quantities!$B$2),\"-\",VLOOKUP(A278,Quantities[],Quantities!$D$2)),\nCONCATENATE(\nVLOOKUP(B278,'Activity-Material_Codes'!$A$2:$B$26,Quantities!$B$2),\nIF(AND(B278=\"B\",C278=\"a\"), \" Scraper Grading\", \"\"),\nIF(C278=\"b\",\"\",\"-\"),\nIF(C278=\"b\",\"\",VLOOKUP(A278,Quantities[],Quantities!$D$2)),\nIF(LEFT(TEXT(A278,\"0\"),1)=\"5\",\"\",\"-\"),\nIF(LEFT(TEXT(A278,\"0\"),1)=\"5\",\"\",VLOOKUP(C278,'Activity-Material_Codes'!$A$30:$B$36,Quantities!$B$2))\n))","v":"Post-Closure O&M-Sludge Disposal Area-Final Grade"},{"$f":"CONCATENATE(\nIF(OR(RIGHT(TEXT($A278,\"0\"),Quantities!$B$2)=\"00\",LEFT(TEXT($A278,\"0\"),1)=\"5\",OR($C278=\"b\",$C278=\"f\")),\"\",VLOOKUP($A278,Quantities[],Quantities!$B$2)),\nIF(LEFT(TEXT($A278,\"0\"),1)=\"5\",\"\",\" \"),\nIF(OR(C278=\"a\",C278=\"c\",C278=\"d\",C278=\"e\"),IF(OR(RIGHT(TEXT($A278,\"0\"),Quantities!$B$2)=\"00\",LEFT(TEXT($A278,\"0\"),1)=\"5\"),VLOOKUP($A278,Quantities[],Quantities!$B$2),\"\"),\nIF(LEFT(TEXT($A278,\"0\"),1)=\"5\",VLOOKUP($A278,Quantities[],Quantities!$B$2),\nVLOOKUP(INDEX(Quantities!$A$100:$A$118,MATCH($A278,Quantities!$C$100:$C$118)),Quantities!$A$100:$B$118,Quantities!$B$2))))","v":" 8A Waste, 8C Waste"},{"$f":"IF(LEFT(TEXT(A278,\"0\"),1)=\"5\",\nVLOOKUP(VLOOKUP(A278,Quantities!$A$4:$D$118,Quantities!$C$2),Quantities!$A$4:$D$118,Quantities!$C$2),\nIF(OR(C278=\"a\",C278=\"c\",C278=\"d\",C278=\"e\"),\n\"-\",\nIF(RIGHT(TEXT(A278,\"0\"),2)=\"00\",VLOOKUP(A278,Quantities[],Quantities!$B$2),\nIF(C278=\"f\",VLOOKUP(A278,Quantities[],Quantities!$B$2),\nVLOOKUP(A278,Quantities[],Quantities!$C$2))\n)))","v":"-"},{"$f":"IF(OR(AND(LEFT(D278,2)=\"Sc\",B278=\"A\",C278=\"d\"),AND(C278=\"f\",B278=\"D\")),\nSUM(VLOOKUP($A278,Quantities[],Quantities!$O$2),VLOOKUP($A278,Quantities[],Quantities!$Q$2),VLOOKUP($A278,Quantities[],Quantities!$S$2)),\n\nIF(AND(LEFT(D278,2)=\"Sc\",OR(C278=\"a\",C278=\"f\")),\nVLOOKUP(A278,Quantities[],Quantities!$I$2),\n\nIF(AND(B278=\"D\",C278=\"b\"),\n VLOOKUP(INDEX(Quantities!$A$100:$A$118,MATCH($A278,Quantities!$C$100:$C$118)),Quantities!$A$100:$AJ$118,Quantities!$O$2)+\nVLOOKUP(INDEX(Quantities!$A$100:$A$118,MATCH($A278,Quantities!$C$100:$C$118)),Quantities!$A$100:$AJ$118,Quantities!$Q$2)+\nVLOOKUP(INDEX(Quantities!$A$100:$A$118,MATCH($A278,Quantities!$C$100:$C$118)),Quantities!$A$100:$AJ$118,Quantities!$S$2),\n\nIF(OR(B278=\"D\",B278=\"Q\"),\nSUM(VLOOKUP($A278,Quantities[],Quantities!$O$2),VLOOKUP($A278,Quantities[],Quantities!$Q$2),VLOOKUP($A278,Quantities[],Quantities!$S$2)),\n\n VLOOKUP(A278,Quantities[],Quantities!$G$2)\n))))","v":0},{"$f":"IF(LEFT(D278,2)=\"Mg\", VLOOKUP(A278,Quantities[],Quantities!$H$2),\n\nIF(OR(AND(LEFT(D278,2)=\"Sc\",B278=\"A\",C278=\"d\",C278=\"f\")),\n(SUM(VLOOKUP($A278,Quantities[],Quantities!$P$2)*VLOOKUP($A278,Quantities[],Quantities!$O$2),VLOOKUP($A278,Quantities[],Quantities!$R$2)*VLOOKUP($A278,Quantities[],Quantities!$Q$2),VLOOKUP($A278,Quantities[],Quantities!$T$2)*VLOOKUP($A278,Quantities[],Quantities!$S$2)))/SUM(VLOOKUP($A278,Quantities[],Quantities!$O$2),VLOOKUP($A278,Quantities[],Quantities!$Q$2),VLOOKUP($A278,Quantities[],Quantities!$S$2)),\n\nIF(AND(LEFT(D278,2)=\"Sc\",OR(C278=\"a\",C278=\"f\")),\nVLOOKUP(A278,Quantities[],Quantities!$J$2),\n\nIF(AND(B278=\"D\",C278=\"b\", (VLOOKUP(INDEX(Quantities!$A$100:$A$118,MATCH($A278,Quantities!$C$100:$C$118)),Quantities[],Quantities!$O$2)+VLOOKUP(INDEX(Quantities!$A$100:$A$118,MATCH($A278,Quantities!$C$100:$C$118)),Quantities[],Quantities!$Q$2)+VLOOKUP(INDEX(Quantities!$A$100:$A$118,MATCH($A278,Quantities!$C$100:$C$118)),Quantities[],Quantities!$S$2))>0),\n(VLOOKUP(INDEX(Quantities!$A$100:$A$118,MATCH($A278,Quantities!$C$100:$C$118)),Quantities[],Quantities!$P$2)*VLOOKUP(INDEX(Quantities!$A$100:$A$118,MATCH($A278,Quantities!$C$100:$C$118)),Quantities[],Quantities!$O$2)\n+VLOOKUP(INDEX(Quantities!$A$100:$A$118,MATCH($A278,Quantities!$C$100:$C$118)),Quantities[],Quantities!$R$2)*VLOOKUP(INDEX(Quantities!$A$100:$A$118,MATCH($A278,Quantities!$C$100:$C$118)),Quantities[],Quantities!$Q$2)\n+VLOOKUP(INDEX(Quantities!$A$100:$A$118,MATCH($A278,Quantities!$C$100:$C$118)),Quantities[],Quantities!$T$2)*VLOOKUP(INDEX(Quantities!$A$100:$A$118,MATCH($A278,Quantities!$C$100:$C$118)),Quantities[],Quantities!$S$2))/\n(VLOOKUP(INDEX(Quantities!$A$100:$A$118,MATCH($A278,Quantities!$C$100:$C$118)),Quantities[],Quantities!$O$2)+VLOOKUP(INDEX(Quantities!$A$100:$A$118,MATCH($A278,Quantities!$C$100:$C$118)),Quantities[],Quantities!$Q$2)+VLOOKUP(A278,Quantities[],Quantities!$S$2)),\n\nIF(AND(B278=\"D\", (VLOOKUP(A278,Quantities[],Quantities!$O$2)+VLOOKUP(A278,Quantities[],Quantities!$Q$2)+VLOOKUP(A278,Quantities[],Quantities!$S$2))>0),\n(VLOOKUP(A278,Quantities[],Quantities!$P$2)*VLOOKUP(A278,Quantities[],Quantities!$O$2)\n+VLOOKUP(A278,Quantities[],Quantities!$R$2)*VLOOKUP(A278,Quantities[],Quantities!$Q$2)\n+VLOOKUP(A278,Quantities[],Quantities!$T$2)*VLOOKUP(A278,Quantities[],Quantities!$S$2))/\n(VLOOKUP(A278,Quantities[],Quantities!$O$2)+VLOOKUP(A278,Quantities[],Quantities!$Q$2)+VLOOKUP(A278,Quantities[],Quantities!$S$2)),\n\nIF($B278=\"Q\", (SUM(VLOOKUP($A278,Quantities[],Quantities!$P$2)*VLOOKUP($A278,Quantities[],Quantities!$O$2),VLOOKUP($A278,Quantities[],Quantities!$R$2)*VLOOKUP($A278,Quantities[],Quantities!$Q$2),VLOOKUP($A278,Quantities[],Quantities!$T$2)*VLOOKUP($A278,Quantities[],Quantities!$S$2)))/SUM(VLOOKUP($A278,Quantities[],Quantities!$O$2),VLOOKUP($A278,Quantities[],Quantities!$Q$2),VLOOKUP($A278,Quantities[],Quantities!$S$2)),\n\n VLOOKUP(A278,Quantities[],Quantities!$H$2)\n))))))","v":0},{"$f":"IF(LEFT(D278,1)=\"U\",\"-\",VLOOKUP(D278,Equipment[],Equipment!$B$2))","v":"-"}]
[{"$f":"Quantities!$A$23","v":1600},"M","e","U","1600-M-e-U",{"$f":"IF(D279=\"Comb1\",CONCATENATE(VLOOKUP(B279,'Activity-Material_Codes'!$A$2:$B$26,Quantities!$B$2),\"-\",VLOOKUP(A279,Quantities[],Quantities!$D$2)),\nCONCATENATE(\nVLOOKUP(B279,'Activity-Material_Codes'!$A$2:$B$26,Quantities!$B$2),\nIF(AND(B279=\"B\",C279=\"a\"), \" Scraper Grading\", \"\"),\nIF(C279=\"b\",\"\",\"-\"),\nIF(C279=\"b\",\"\",VLOOKUP(A279,Quantities[],Quantities!$D$2)),\nIF(LEFT(TEXT(A279,\"0\"),1)=\"5\",\"\",\"-\"),\nIF(LEFT(TEXT(A279,\"0\"),1)=\"5\",\"\",VLOOKUP(C279,'Activity-Material_Codes'!$A$30:$B$36,Quantities!$B$2))\n))","v":"Post-Closure O&M-Entire Stockpile-Final Grade"},{"$f":"CONCATENATE(\nIF(OR(RIGHT(TEXT($A279,\"0\"),Quantities!$B$2)=\"00\",LEFT(TEXT($A279,\"0\"),1)=\"5\",OR($C279=\"b\",$C279=\"f\")),\"\",VLOOKUP($A279,Quantities[],Quantities!$B$2)),\nIF(LEFT(TEXT($A279,\"0\"),1)=\"5\",\"\",\" \"),\nIF(OR(C279=\"a\",C279=\"c\",C279=\"d\",C279=\"e\"),IF(OR(RIGHT(TEXT($A279,\"0\"),Quantities!$B$2)=\"00\",LEFT(TEXT($A279,\"0\"),1)=\"5\"),VLOOKUP($A279,Quantities[],Quantities!$B$2),\"\"),\nIF(LEFT(TEXT($A279,\"0\"),1)=\"5\",VLOOKUP($A279,Quantities[],Quantities!$B$2),\nVLOOKUP(INDEX(Quantities!$A$100:$A$118,MATCH($A279,Quantities!$C$100:$C$118)),Quantities!$A$100:$B$118,Quantities!$B$2))))","v":" 6B Leach, 6D Leach"},{"$f":"IF(LEFT(TEXT(A279,\"0\"),1)=\"5\",\nVLOOKUP(VLOOKUP(A279,Quantities!$A$4:$D$118,Quantities!$C$2),Quantities!$A$4:$D$118,Quantities!$C$2),\nIF(OR(C279=\"a\",C279=\"c\",C279=\"d\",C279=\"e\"),\n\"-\",\nIF(RIGHT(TEXT(A279,\"0\"),2)=\"00\",VLOOKUP(A279,Quantities[],Quantities!$B$2),\nIF(C279=\"f\",VLOOKUP(A279,Quantities[],Quantities!$B$2),\nVLOOKUP(A279,Quantities[],Quantities!$C$2))\n)))","v":"-"},{"$f":"IF(OR(AND(LEFT(D279,2)=\"Sc\",B279=\"A\",C279=\"d\"),AND(C279=\"f\",B279=\"D\")),\nSUM(VLOOKUP($A279,Quantities[],Quantities!$O$2),VLOOKUP($A279,Quantities[],Quantities!$Q$2),VLOOKUP($A279,Quantities[],Quantities!$S$2)),\n\nIF(AND(LEFT(D279,2)=\"Sc\",OR(C279=\"a\",C279=\"f\")),\nVLOOKUP(A279,Quantities[],Quantities!$I$2),\n\nIF(AND(B279=\"D\",C279=\"b\"),\n VLOOKUP(INDEX(Quantities!$A$100:$A$118,MATCH($A279,Quantities!$C$100:$C$118)),Quantities!$A$100:$AJ$118,Quantities!$O$2)+\nVLOOKUP(INDEX(Quantities!$A$100:$A$118,MATCH($A279,Quantities!$C$100:$C$118)),Quantities!$A$100:$AJ$118,Quantities!$Q$2)+\nVLOOKUP(INDEX(Quantities!$A$100:$A$118,MATCH($A279,Quantities!$C$100:$C$118)),Quantities!$A$100:$AJ$118,Quantities!$S$2),\n\nIF(OR(B279=\"D\",B279=\"Q\"),\nSUM(VLOOKUP($A279,Quantities[],Quantities!$O$2),VLOOKUP($A279,Quantities[],Quantities!$Q$2),VLOOKUP($A279,Quantities[],Quantities!$S$2)),\n\n VLOOKUP(A279,Quantities[],Quantities!$G$2)\n))))","v":0},{"$f":"IF(LEFT(D279,2)=\"Mg\", VLOOKUP(A279,Quantities[],Quantities!$H$2),\n\nIF(OR(AND(LEFT(D279,2)=\"Sc\",B279=\"A\",C279=\"d\",C279=\"f\")),\n(SUM(VLOOKUP($A279,Quantities[],Quantities!$P$2)*VLOOKUP($A279,Quantities[],Quantities!$O$2),VLOOKUP($A279,Quantities[],Quantities!$R$2)*VLOOKUP($A279,Quantities[],Quantities!$Q$2),VLOOKUP($A279,Quantities[],Quantities!$T$2)*VLOOKUP($A279,Quantities[],Quantities!$S$2)))/SUM(VLOOKUP($A279,Quantities[],Quantities!$O$2),VLOOKUP($A279,Quantities[],Quantities!$Q$2),VLOOKUP($A279,Quantities[],Quantities!$S$2)),\n\nIF(AND(LEFT(D279,2)=\"Sc\",OR(C279=\"a\",C279=\"f\")),\nVLOOKUP(A279,Quantities[],Quantities!$J$2),\n\nIF(AND(B279=\"D\",C279=\"b\", (VLOOKUP(INDEX(Quantities!$A$100:$A$118,MATCH($A279,Quantities!$C$100:$C$118)),Quantities[],Quantities!$O$2)+VLOOKUP(INDEX(Quantities!$A$100:$A$118,MATCH($A279,Quantities!$C$100:$C$118)),Quantities[],Quantities!$Q$2)+VLOOKUP(INDEX(Quantities!$A$100:$A$118,MATCH($A279,Quantities!$C$100:$C$118)),Quantities[],Quantities!$S$2))>0),\n(VLOOKUP(INDEX(Quantities!$A$100:$A$118,MATCH($A279,Quantities!$C$100:$C$118)),Quantities[],Quantities!$P$2)*VLOOKUP(INDEX(Quantities!$A$100:$A$118,MATCH($A279,Quantities!$C$100:$C$118)),Quantities[],Quantities!$O$2)\n+VLOOKUP(INDEX(Quantities!$A$100:$A$118,MATCH($A279,Quantities!$C$100:$C$118)),Quantities[],Quantities!$R$2)*VLOOKUP(INDEX(Quantities!$A$100:$A$118,MATCH($A279,Quantities!$C$100:$C$118)),Quantities[],Quantities!$Q$2)\n+VLOOKUP(INDEX(Quantities!$A$100:$A$118,MATCH($A279,Quantities!$C$100:$C$118)),Quantities[],Quantities!$T$2)*VLOOKUP(INDEX(Quantities!$A$100:$A$118,MATCH($A279,Quantities!$C$100:$C$118)),Quantities[],Quantities!$S$2))/\n(VLOOKUP(INDEX(Quantities!$A$100:$A$118,MATCH($A279,Quantities!$C$100:$C$118)),Quantities[],Quantities!$O$2)+VLOOKUP(INDEX(Quantities!$A$100:$A$118,MATCH($A279,Quantities!$C$100:$C$118)),Quantities[],Quantities!$Q$2)+VLOOKUP(A279,Quantities[],Quantities!$S$2)),\n\nIF(AND(B279=\"D\", (VLOOKUP(A279,Quantities[],Quantities!$O$2)+VLOOKUP(A279,Quantities[],Quantities!$Q$2)+VLOOKUP(A279,Quantities[],Quantities!$S$2))>0),\n(VLOOKUP(A279,Quantities[],Quantities!$P$2)*VLOOKUP(A279,Quantities[],Quantities!$O$2)\n+VLOOKUP(A279,Quantities[],Quantities!$R$2)*VLOOKUP(A279,Quantities[],Quantities!$Q$2)\n+VLOOKUP(A279,Quantities[],Quantities!$T$2)*VLOOKUP(A279,Quantities[],Quantities!$S$2))/\n(VLOOKUP(A279,Quantities[],Quantities!$O$2)+VLOOKUP(A279,Quantities[],Quantities!$Q$2)+VLOOKUP(A279,Quantities[],Quantities!$S$2)),\n\nIF($B279=\"Q\", (SUM(VLOOKUP($A279,Quantities[],Quantities!$P$2)*VLOOKUP($A279,Quantities[],Quantities!$O$2),VLOOKUP($A279,Quantities[],Quantities!$R$2)*VLOOKUP($A279,Quantities[],Quantities!$Q$2),VLOOKUP($A279,Quantities[],Quantities!$T$2)*VLOOKUP($A279,Quantities[],Quantities!$S$2)))/SUM(VLOOKUP($A279,Quantities[],Quantities!$O$2),VLOOKUP($A279,Quantities[],Quantities!$Q$2),VLOOKUP($A279,Quantities[],Quantities!$S$2)),\n\n VLOOKUP(A279,Quantities[],Quantities!$H$2)\n))))))","v":"-"},{"$f":"IF(LEFT(D279,1)=\"U\",\"-\",VLOOKUP(D279,Equipment[],Equipment!$B$2))","v":"-"}]
[{"$f":"Quantities!$A$26","v":1700},"M","e","U","1700-M-e-U",{"$f":"IF(D280=\"Comb1\",CONCATENATE(VLOOKUP(B280,'Activity-Material_Codes'!$A$2:$B$26,Quantities!$B$2),\"-\",VLOOKUP(A280,Quantities[],Quantities!$D$2)),\nCONCATENATE(\nVLOOKUP(B280,'Activity-Material_Codes'!$A$2:$B$26,Quantities!$B$2),\nIF(AND(B280=\"B\",C280=\"a\"), \" Scraper Grading\", \"\"),\nIF(C280=\"b\",\"\",\"-\"),\nIF(C280=\"b\",\"\",VLOOKUP(A280,Quantities[],Quantities!$D$2)),\nIF(LEFT(TEXT(A280,\"0\"),1)=\"5\",\"\",\"-\"),\nIF(LEFT(TEXT(A280,\"0\"),1)=\"5\",\"\",VLOOKUP(C280,'Activity-Material_Codes'!$A$30:$B$36,Quantities!$B$2))\n))","v":"Post-Closure O&M-Entire Stockpile-Final Grade"},{"$f":"CONCATENATE(\nIF(OR(RIGHT(TEXT($A280,\"0\"),Quantities!$B$2)=\"00\",LEFT(TEXT($A280,\"0\"),1)=\"5\",OR($C280=\"b\",$C280=\"f\")),\"\",VLOOKUP($A280,Quantities[],Quantities!$B$2)),\nIF(LEFT(TEXT($A280,\"0\"),1)=\"5\",\"\",\" \"),\nIF(OR(C280=\"a\",C280=\"c\",C280=\"d\",C280=\"e\"),IF(OR(RIGHT(TEXT($A280,\"0\"),Quantities!$B$2)=\"00\",LEFT(TEXT($A280,\"0\"),1)=\"5\"),VLOOKUP($A280,Quantities[],Quantities!$B$2),\"\"),\nIF(LEFT(TEXT($A280,\"0\"),1)=\"5\",VLOOKUP($A280,Quantities[],Quantities!$B$2),\nVLOOKUP(INDEX(Quantities!$A$100:$A$118,MATCH($A280,Quantities!$C$100:$C$118)),Quantities!$A$100:$B$118,Quantities!$B$2))))","v":" 6C Leach"},{"$f":"IF(LEFT(TEXT(A280,\"0\"),1)=\"5\",\nVLOOKUP(VLOOKUP(A280,Quantities!$A$4:$D$118,Quantities!$C$2),Quantities!$A$4:$D$118,Quantities!$C$2),\nIF(OR(C280=\"a\",C280=\"c\",C280=\"d\",C280=\"e\"),\n\"-\",\nIF(RIGHT(TEXT(A280,\"0\"),2)=\"00\",VLOOKUP(A280,Quantities[],Quantities!$B$2),\nIF(C280=\"f\",VLOOKUP(A280,Quantities[],Quantities!$B$2),\nVLOOKUP(A280,Quantities[],Quantities!$C$2))\n)))","v":"-"},{"$f":"IF(OR(AND(LEFT(D280,2)=\"Sc\",B280=\"A\",C280=\"d\"),AND(C280=\"f\",B280=\"D\")),\nSUM(VLOOKUP($A280,Quantities[],Quantities!$O$2),VLOOKUP($A280,Quantities[],Quantities!$Q$2),VLOOKUP($A280,Quantities[],Quantities!$S$2)),\n\nIF(AND(LEFT(D280,2)=\"Sc\",OR(C280=\"a\",C280=\"f\")),\nVLOOKUP(A280,Quantities[],Quantities!$I$2),\n\nIF(AND(B280=\"D\",C280=\"b\"),\n VLOOKUP(INDEX(Quantities!$A$100:$A$118,MATCH($A280,Quantities!$C$100:$C$118)),Quantities!$A$100:$AJ$118,Quantities!$O$2)+\nVLOOKUP(INDEX(Quantities!$A$100:$A$118,MATCH($A280,Quantities!$C$100:$C$118)),Quantities!$A$100:$AJ$118,Quantities!$Q$2)+\nVLOOKUP(INDEX(Quantities!$A$100:$A$118,MATCH($A280,Quantities!$C$100:$C$118)),Quantities!$A$100:$AJ$118,Quantities!$S$2),\n\nIF(OR(B280=\"D\",B280=\"Q\"),\nSUM(VLOOKUP($A280,Quantities[],Quantities!$O$2),VLOOKUP($A280,Quantities[],Quantities!$Q$2),VLOOKUP($A280,Quantities[],Quantities!$S$2)),\n\n VLOOKUP(A280,Quantities[],Quantities!$G$2)\n))))","v":0},{"$f":"IF(LEFT(D280,2)=\"Mg\", VLOOKUP(A280,Quantities[],Quantities!$H$2),\n\nIF(OR(AND(LEFT(D280,2)=\"Sc\",B280=\"A\",C280=\"d\",C280=\"f\")),\n(SUM(VLOOKUP($A280,Quantities[],Quantities!$P$2)*VLOOKUP($A280,Quantities[],Quantities!$O$2),VLOOKUP($A280,Quantities[],Quantities!$R$2)*VLOOKUP($A280,Quantities[],Quantities!$Q$2),VLOOKUP($A280,Quantities[],Quantities!$T$2)*VLOOKUP($A280,Quantities[],Quantities!$S$2)))/SUM(VLOOKUP($A280,Quantities[],Quantities!$O$2),VLOOKUP($A280,Quantities[],Quantities!$Q$2),VLOOKUP($A280,Quantities[],Quantities!$S$2)),\n\nIF(AND(LEFT(D280,2)=\"Sc\",OR(C280=\"a\",C280=\"f\")),\nVLOOKUP(A280,Quantities[],Quantities!$J$2),\n\nIF(AND(B280=\"D\",C280=\"b\", (VLOOKUP(INDEX(Quantities!$A$100:$A$118,MATCH($A280,Quantities!$C$100:$C$118)),Quantities[],Quantities!$O$2)+VLOOKUP(INDEX(Quantities!$A$100:$A$118,MATCH($A280,Quantities!$C$100:$C$118)),Quantities[],Quantities!$Q$2)+VLOOKUP(INDEX(Quantities!$A$100:$A$118,MATCH($A280,Quantities!$C$100:$C$118)),Quantities[],Quantities!$S$2))>0),\n(VLOOKUP(INDEX(Quantities!$A$100:$A$118,MATCH($A280,Quantities!$C$100:$C$118)),Quantities[],Quantities!$P$2)*VLOOKUP(INDEX(Quantities!$A$100:$A$118,MATCH($A280,Quantities!$C$100:$C$118)),Quantities[],Quantities!$O$2)\n+VLOOKUP(INDEX(Quantities!$A$100:$A$118,MATCH($A280,Quantities!$C$100:$C$118)),Quantities[],Quantities!$R$2)*VLOOKUP(INDEX(Quantities!$A$100:$A$118,MATCH($A280,Quantities!$C$100:$C$118)),Quantities[],Quantities!$Q$2)\n+VLOOKUP(INDEX(Quantities!$A$100:$A$118,MATCH($A280,Quantities!$C$100:$C$118)),Quantities[],Quantities!$T$2)*VLOOKUP(INDEX(Quantities!$A$100:$A$118,MATCH($A280,Quantities!$C$100:$C$118)),Quantities[],Quantities!$S$2))/\n(VLOOKUP(INDEX(Quantities!$A$100:$A$118,MATCH($A280,Quantities!$C$100:$C$118)),Quantities[],Quantities!$O$2)+VLOOKUP(INDEX(Quantities!$A$100:$A$118,MATCH($A280,Quantities!$C$100:$C$118)),Quantities[],Quantities!$Q$2)+VLOOKUP(A280,Quantities[],Quantities!$S$2)),\n\nIF(AND(B280=\"D\", (VLOOKUP(A280,Quantities[],Quantities!$O$2)+VLOOKUP(A280,Quantities[],Quantities!$Q$2)+VLOOKUP(A280,Quantities[],Quantities!$S$2))>0),\n(VLOOKUP(A280,Quantities[],Quantities!$P$2)*VLOOKUP(A280,Quantities[],Quantities!$O$2)\n+VLOOKUP(A280,Quantities[],Quantities!$R$2)*VLOOKUP(A280,Quantities[],Quantities!$Q$2)\n+VLOOKUP(A280,Quantities[],Quantities!$T$2)*VLOOKUP(A280,Quantities[],Quantities!$S$2))/\n(VLOOKUP(A280,Quantities[],Quantities!$O$2)+VLOOKUP(A280,Quantities[],Quantities!$Q$2)+VLOOKUP(A280,Quantities[],Quantities!$S$2)),\n\nIF($B280=\"Q\", (SUM(VLOOKUP($A280,Quantities[],Quantities!$P$2)*VLOOKUP($A280,Quantities[],Quantities!$O$2),VLOOKUP($A280,Quantities[],Quantities!$R$2)*VLOOKUP($A280,Quantities[],Quantities!$Q$2),VLOOKUP($A280,Quantities[],Quantities!$T$2)*VLOOKUP($A280,Quantities[],Quantities!$S$2)))/SUM(VLOOKUP($A280,Quantities[],Quantities!$O$2),VLOOKUP($A280,Quantities[],Quantities!$Q$2),VLOOKUP($A280,Quantities[],Quantities!$S$2)),\n\n VLOOKUP(A280,Quantities[],Quantities!$H$2)\n))))))","v":"-"},{"$f":"IF(LEFT(D280,1)=\"U\",\"-\",VLOOKUP(D280,Equipment[],Equipment!$B$2))","v":"-"}]
[{"$f":"Quantities!$A$33","v":2000},"M","e","U","2000-M-e-U",{"$f":"IF(D281=\"Comb1\",CONCATENATE(VLOOKUP(B281,'Activity-Material_Codes'!$A$2:$B$26,Quantities!$B$2),\"-\",VLOOKUP(A281,Quantities[],Quantities!$D$2)),\nCONCATENATE(\nVLOOKUP(B281,'Activity-Material_Codes'!$A$2:$B$26,Quantities!$B$2),\nIF(AND(B281=\"B\",C281=\"a\"), \" Scraper Grading\", \"\"),\nIF(C281=\"b\",\"\",\"-\"),\nIF(C281=\"b\",\"\",VLOOKUP(A281,Quantities[],Quantities!$D$2)),\nIF(LEFT(TEXT(A281,\"0\"),1)=\"5\",\"\",\"-\"),\nIF(LEFT(TEXT(A281,\"0\"),1)=\"5\",\"\",VLOOKUP(C281,'Activity-Material_Codes'!$A$30:$B$36,Quantities!$B$2))\n))","v":"Post-Closure O&M-Entire Stockpile-Final Grade"},{"$f":"CONCATENATE(\nIF(OR(RIGHT(TEXT($A281,\"0\"),Quantities!$B$2)=\"00\",LEFT(TEXT($A281,\"0\"),1)=\"5\",OR($C281=\"b\",$C281=\"f\")),\"\",VLOOKUP($A281,Quantities[],Quantities!$B$2)),\nIF(LEFT(TEXT($A281,\"0\"),1)=\"5\",\"\",\" \"),\nIF(OR(C281=\"a\",C281=\"c\",C281=\"d\",C281=\"e\"),IF(OR(RIGHT(TEXT($A281,\"0\"),Quantities!$B$2)=\"00\",LEFT(TEXT($A281,\"0\"),1)=\"5\"),VLOOKUP($A281,Quantities[],Quantities!$B$2),\"\"),\nIF(LEFT(TEXT($A281,\"0\"),1)=\"5\",VLOOKUP($A281,Quantities[],Quantities!$B$2),\nVLOOKUP(INDEX(Quantities!$A$100:$A$118,MATCH($A281,Quantities!$C$100:$C$118)),Quantities!$A$100:$B$118,Quantities!$B$2))))","v":" 9A Waste "},{"$f":"IF(LEFT(TEXT(A281,\"0\"),1)=\"5\",\nVLOOKUP(VLOOKUP(A281,Quantities!$A$4:$D$118,Quantities!$C$2),Quantities!$A$4:$D$118,Quantities!$C$2),\nIF(OR(C281=\"a\",C281=\"c\",C281=\"d\",C281=\"e\"),\n\"-\",\nIF(RIGHT(TEXT(A281,\"0\"),2)=\"00\",VLOOKUP(A281,Quantities[],Quantities!$B$2),\nIF(C281=\"f\",VLOOKUP(A281,Quantities[],Quantities!$B$2),\nVLOOKUP(A281,Quantities[],Quantities!$C$2))\n)))","v":"-"},{"$f":"IF(OR(AND(LEFT(D281,2)=\"Sc\",B281=\"A\",C281=\"d\"),AND(C281=\"f\",B281=\"D\")),\nSUM(VLOOKUP($A281,Quantities[],Quantities!$O$2),VLOOKUP($A281,Quantities[],Quantities!$Q$2),VLOOKUP($A281,Quantities[],Quantities!$S$2)),\n\nIF(AND(LEFT(D281,2)=\"Sc\",OR(C281=\"a\",C281=\"f\")),\nVLOOKUP(A281,Quantities[],Quantities!$I$2),\n\nIF(AND(B281=\"D\",C281=\"b\"),\n VLOOKUP(INDEX(Quantities!$A$100:$A$118,MATCH($A281,Quantities!$C$100:$C$118)),Quantities!$A$100:$AJ$118,Quantities!$O$2)+\nVLOOKUP(INDEX(Quantities!$A$100:$A$118,MATCH($A281,Quantities!$C$100:$C$118)),Quantities!$A$100:$AJ$118,Quantities!$Q$2)+\nVLOOKUP(INDEX(Quantities!$A$100:$A$118,MATCH($A281,Quantities!$C$100:$C$118)),Quantities!$A$100:$AJ$118,Quantities!$S$2),\n\nIF(OR(B281=\"D\",B281=\"Q\"),\nSUM(VLOOKUP($A281,Quantities[],Quantities!$O$2),VLOOKUP($A281,Quantities[],Quantities!$Q$2),VLOOKUP($A281,Quantities[],Quantities!$S$2)),\n\n VLOOKUP(A281,Quantities[],Quantities!$G$2)\n))))","v":0},{"$f":"IF(LEFT(D281,2)=\"Mg\", VLOOKUP(A281,Quantities[],Quantities!$H$2),\n\nIF(OR(AND(LEFT(D281,2)=\"Sc\",B281=\"A\",C281=\"d\",C281=\"f\")),\n(SUM(VLOOKUP($A281,Quantities[],Quantities!$P$2)*VLOOKUP($A281,Quantities[],Quantities!$O$2),VLOOKUP($A281,Quantities[],Quantities!$R$2)*VLOOKUP($A281,Quantities[],Quantities!$Q$2),VLOOKUP($A281,Quantities[],Quantities!$T$2)*VLOOKUP($A281,Quantities[],Quantities!$S$2)))/SUM(VLOOKUP($A281,Quantities[],Quantities!$O$2),VLOOKUP($A281,Quantities[],Quantities!$Q$2),VLOOKUP($A281,Quantities[],Quantities!$S$2)),\n\nIF(AND(LEFT(D281,2)=\"Sc\",OR(C281=\"a\",C281=\"f\")),\nVLOOKUP(A281,Quantities[],Quantities!$J$2),\n\nIF(AND(B281=\"D\",C281=\"b\", (VLOOKUP(INDEX(Quantities!$A$100:$A$118,MATCH($A281,Quantities!$C$100:$C$118)),Quantities[],Quantities!$O$2)+VLOOKUP(INDEX(Quantities!$A$100:$A$118,MATCH($A281,Quantities!$C$100:$C$118)),Quantities[],Quantities!$Q$2)+VLOOKUP(INDEX(Quantities!$A$100:$A$118,MATCH($A281,Quantities!$C$100:$C$118)),Quantities[],Quantities!$S$2))>0),\n(VLOOKUP(INDEX(Quantities!$A$100:$A$118,MATCH($A281,Quantities!$C$100:$C$118)),Quantities[],Quantities!$P$2)*VLOOKUP(INDEX(Quantities!$A$100:$A$118,MATCH($A281,Quantities!$C$100:$C$118)),Quantities[],Quantities!$O$2)\n+VLOOKUP(INDEX(Quantities!$A$100:$A$118,MATCH($A281,Quantities!$C$100:$C$118)),Quantities[],Quantities!$R$2)*VLOOKUP(INDEX(Quantities!$A$100:$A$118,MATCH($A281,Quantities!$C$100:$C$118)),Quantities[],Quantities!$Q$2)\n+VLOOKUP(INDEX(Quantities!$A$100:$A$118,MATCH($A281,Quantities!$C$100:$C$118)),Quantities[],Quantities!$T$2)*VLOOKUP(INDEX(Quantities!$A$100:$A$118,MATCH($A281,Quantities!$C$100:$C$118)),Quantities[],Quantities!$S$2))/\n(VLOOKUP(INDEX(Quantities!$A$100:$A$118,MATCH($A281,Quantities!$C$100:$C$118)),Quantities[],Quantities!$O$2)+VLOOKUP(INDEX(Quantities!$A$100:$A$118,MATCH($A281,Quantities!$C$100:$C$118)),Quantities[],Quantities!$Q$2)+VLOOKUP(A281,Quantities[],Quantities!$S$2)),\n\nIF(AND(B281=\"D\", (VLOOKUP(A281,Quantities[],Quantities!$O$2)+VLOOKUP(A281,Quantities[],Quantities!$Q$2)+VLOOKUP(A281,Quantities[],Quantities!$S$2))>0),\n(VLOOKUP(A281,Quantities[],Quantities!$P$2)*VLOOKUP(A281,Quantities[],Quantities!$O$2)\n+VLOOKUP(A281,Quantities[],Quantities!$R$2)*VLOOKUP(A281,Quantities[],Quantities!$Q$2)\n+VLOOKUP(A281,Quantities[],Quantities!$T$2)*VLOOKUP(A281,Quantities[],Quantities!$S$2))/\n(VLOOKUP(A281,Quantities[],Quantities!$O$2)+VLOOKUP(A281,Quantities[],Quantities!$Q$2)+VLOOKUP(A281,Quantities[],Quantities!$S$2)),\n\nIF($B281=\"Q\", (SUM(VLOOKUP($A281,Quantities[],Quantities!$P$2)*VLOOKUP($A281,Quantities[],Quantities!$O$2),VLOOKUP($A281,Quantities[],Quantities!$R$2)*VLOOKUP($A281,Quantities[],Quantities!$Q$2),VLOOKUP($A281,Quantities[],Quantities!$T$2)*VLOOKUP($A281,Quantities[],Quantities!$S$2)))/SUM(VLOOKUP($A281,Quantities[],Quantities!$O$2),VLOOKUP($A281,Quantities[],Quantities!$Q$2),VLOOKUP($A281,Quantities[],Quantities!$S$2)),\n\n VLOOKUP(A281,Quantities[],Quantities!$H$2)\n))))))","v":"-"},{"$f":"IF(LEFT(D281,1)=\"U\",\"-\",VLOOKUP(D281,Equipment[],Equipment!$B$2))","v":"-"}]
[{"$f":"Quantities!$A$59","v":2600},"M","e","U",{"$f":"CONCATENATE(TEXT(A282,\"0\"),\"-\",B282,\"-\",C282,\"-\",D282)","v":"2600-M-e-U"},{"$f":"IF(D282=\"Comb1\",CONCATENATE(VLOOKUP(B282,'Activity-Material_Codes'!$A$2:$B$26,Quantities!$B$2),\"-\",VLOOKUP(A282,Quantities[],Quantities!$D$2)),\nCONCATENATE(\nVLOOKUP(B282,'Activity-Material_Codes'!$A$2:$B$26,Quantities!$B$2),\nIF(AND(B282=\"B\",C282=\"a\"), \" Scraper Grading\", \"\"),\nIF(C282=\"b\",\"\",\"-\"),\nIF(C282=\"b\",\"\",VLOOKUP(A282,Quantities[],Quantities!$D$2)),\nIF(LEFT(TEXT(A282,\"0\"),1)=\"5\",\"\",\"-\"),\nIF(LEFT(TEXT(A282,\"0\"),1)=\"5\",\"\",VLOOKUP(C282,'Activity-Material_Codes'!$A$30:$B$36,Quantities!$B$2))\n))","v":"Post-Closure O&M-Tailing Launder Line-Final Grade"},{"$f":"CONCATENATE(\nIF(OR(RIGHT(TEXT($A282,\"0\"),Quantities!$B$2)=\"00\",LEFT(TEXT($A282,\"0\"),1)=\"5\",OR($C282=\"b\",$C282=\"f\")),\"\",VLOOKUP($A282,Quantities[],Quantities!$B$2)),\nIF(LEFT(TEXT($A282,\"0\"),1)=\"5\",\"\",\" \"),\nIF(OR(C282=\"a\",C282=\"c\",C282=\"d\",C282=\"e\"),IF(OR(RIGHT(TEXT($A282,\"0\"),Quantities!$B$2)=\"00\",LEFT(TEXT($A282,\"0\"),1)=\"5\"),VLOOKUP($A282,Quantities[],Quantities!$B$2),\"\"),\nIF(LEFT(TEXT($A282,\"0\"),1)=\"5\",VLOOKUP($A282,Quantities[],Quantities!$B$2),\nVLOOKUP(INDEX(Quantities!$A$100:$A$118,MATCH($A282,Quantities!$C$100:$C$118)),Quantities!$A$100:$B$118,Quantities!$B$2))))","v":" Reclaimed Tailing Launder Line"},{"$f":"IF(LEFT(TEXT(A282,\"0\"),1)=\"5\",\nVLOOKUP(VLOOKUP(A282,Quantities!$A$4:$D$118,Quantities!$C$2),Quantities!$A$4:$D$118,Quantities!$C$2),\nIF(OR(C282=\"a\",C282=\"c\",C282=\"d\",C282=\"e\"),\n\"-\",\nIF(RIGHT(TEXT(A282,\"0\"),2)=\"00\",VLOOKUP(A282,Quantities[],Quantities!$B$2),\nIF(C282=\"f\",VLOOKUP(A282,Quantities[],Quantities!$B$2),\nVLOOKUP(A282,Quantities[],Quantities!$C$2))\n)))","v":"-"},{"$f":"IF(OR(AND(LEFT(D282,2)=\"Sc\",B282=\"A\",C282=\"d\"),AND(C282=\"f\",B282=\"D\")),\nSUM(VLOOKUP($A282,Quantities[],Quantities!$O$2),VLOOKUP($A282,Quantities[],Quantities!$Q$2),VLOOKUP($A282,Quantities[],Quantities!$S$2)),\n\nIF(AND(LEFT(D282,2)=\"Sc\",OR(C282=\"a\",C282=\"f\")),\nVLOOKUP(A282,Quantities[],Quantities!$I$2),\n\nIF(AND(B282=\"D\",C282=\"b\"),\n VLOOKUP(INDEX(Quantities!$A$100:$A$118,MATCH($A282,Quantities!$C$100:$C$118)),Quantities!$A$100:$AJ$118,Quantities!$O$2)+\nVLOOKUP(INDEX(Quantities!$A$100:$A$118,MATCH($A282,Quantities!$C$100:$C$118)),Quantities!$A$100:$AJ$118,Quantities!$Q$2)+\nVLOOKUP(INDEX(Quantities!$A$100:$A$118,MATCH($A282,Quantities!$C$100:$C$118)),Quantities!$A$100:$AJ$118,Quantities!$S$2),\n\nIF(OR(B282=\"D\",B282=\"Q\"),\nSUM(VLOOKUP($A282,Quantities[],Quantities!$O$2),VLOOKUP($A282,Quantities[],Quantities!$Q$2),VLOOKUP($A282,Quantities[],Quantities!$S$2)),\n\n VLOOKUP(A282,Quantities[],Quantities!$G$2)\n))))","v":100},{"$f":"IF(LEFT(D282,2)=\"Mg\", VLOOKUP(A282,Quantities[],Quantities!$H$2),\n\nIF(OR(AND(LEFT(D282,2)=\"Sc\",B282=\"A\",C282=\"d\",C282=\"f\")),\n(SUM(VLOOKUP($A282,Quantities[],Quantities!$P$2)*VLOOKUP($A282,Quantities[],Quantities!$O$2),VLOOKUP($A282,Quantities[],Quantities!$R$2)*VLOOKUP($A282,Quantities[],Quantities!$Q$2),VLOOKUP($A282,Quantities[],Quantities!$T$2)*VLOOKUP($A282,Quantities[],Quantities!$S$2)))/SUM(VLOOKUP($A282,Quantities[],Quantities!$O$2),VLOOKUP($A282,Quantities[],Quantities!$Q$2),VLOOKUP($A282,Quantities[],Quantities!$S$2)),\n\nIF(AND(LEFT(D282,2)=\"Sc\",OR(C282=\"a\",C282=\"f\")),\nVLOOKUP(A282,Quantities[],Quantities!$J$2),\n\nIF(AND(B282=\"D\",C282=\"b\", (VLOOKUP(INDEX(Quantities!$A$100:$A$118,MATCH($A282,Quantities!$C$100:$C$118)),Quantities[],Quantities!$O$2)+VLOOKUP(INDEX(Quantities!$A$100:$A$118,MATCH($A282,Quantities!$C$100:$C$118)),Quantities[],Quantities!$Q$2)+VLOOKUP(INDEX(Quantities!$A$100:$A$118,MATCH($A282,Quantities!$C$100:$C$118)),Quantities[],Quantities!$S$2))>0),\n(VLOOKUP(INDEX(Quantities!$A$100:$A$118,MATCH($A282,Quantities!$C$100:$C$118)),Quantities[],Quantities!$P$2)*VLOOKUP(INDEX(Quantities!$A$100:$A$118,MATCH($A282,Quantities!$C$100:$C$118)),Quantities[],Quantities!$O$2)\n+VLOOKUP(INDEX(Quantities!$A$100:$A$118,MATCH($A282,Quantities!$C$100:$C$118)),Quantities[],Quantities!$R$2)*VLOOKUP(INDEX(Quantities!$A$100:$A$118,MATCH($A282,Quantities!$C$100:$C$118)),Quantities[],Quantities!$Q$2)\n+VLOOKUP(INDEX(Quantities!$A$100:$A$118,MATCH($A282,Quantities!$C$100:$C$118)),Quantities[],Quantities!$T$2)*VLOOKUP(INDEX(Quantities!$A$100:$A$118,MATCH($A282,Quantities!$C$100:$C$118)),Quantities[],Quantities!$S$2))/\n(VLOOKUP(INDEX(Quantities!$A$100:$A$118,MATCH($A282,Quantities!$C$100:$C$118)),Quantities[],Quantities!$O$2)+VLOOKUP(INDEX(Quantities!$A$100:$A$118,MATCH($A282,Quantities!$C$100:$C$118)),Quantities[],Quantities!$Q$2)+VLOOKUP(A282,Quantities[],Quantities!$S$2)),\n\nIF(AND(B282=\"D\", (VLOOKUP(A282,Quantities[],Quantities!$O$2)+VLOOKUP(A282,Quantities[],Quantities!$Q$2)+VLOOKUP(A282,Quantities[],Quantities!$S$2))>0),\n(VLOOKUP(A282,Quantities[],Quantities!$P$2)*VLOOKUP(A282,Quantities[],Quantities!$O$2)\n+VLOOKUP(A282,Quantities[],Quantities!$R$2)*VLOOKUP(A282,Quantities[],Quantities!$Q$2)\n+VLOOKUP(A282,Quantities[],Quantities!$T$2)*VLOOKUP(A282,Quantities[],Quantities!$S$2))/\n(VLOOKUP(A282,Quantities[],Quantities!$O$2)+VLOOKUP(A282,Quantities[],Quantities!$Q$2)+VLOOKUP(A282,Quantities[],Quantities!$S$2)),\n\nIF($B282=\"Q\", (SUM(VLOOKUP($A282,Quantities[],Quantities!$P$2)*VLOOKUP($A282,Quantities[],Quantities!$O$2),VLOOKUP($A282,Quantities[],Quantities!$R$2)*VLOOKUP($A282,Quantities[],Quantities!$Q$2),VLOOKUP($A282,Quantities[],Quantities!$T$2)*VLOOKUP($A282,Quantities[],Quantities!$S$2)))/SUM(VLOOKUP($A282,Quantities[],Quantities!$O$2),VLOOKUP($A282,Quantities[],Quantities!$Q$2),VLOOKUP($A282,Quantities[],Quantities!$S$2)),\n\n VLOOKUP(A282,Quantities[],Quantities!$H$2)\n))))))","v":0.01},{"$f":"IF(LEFT(D282,1)=\"U\",\"-\",VLOOKUP(D282,Equipment[],Equipment!$B$2))","v":"-"}]
[{"$f":"Quantities!$A$67","v":2900},"M","e","U","2900-M-e-U",{"$f":"IF(D283=\"Comb1\",CONCATENATE(VLOOKUP(B283,'Activity-Material_Codes'!$A$2:$B$26,Quantities!$B$2),\"-\",VLOOKUP(A283,Quantities[],Quantities!$D$2)),\nCONCATENATE(\nVLOOKUP(B283,'Activity-Material_Codes'!$A$2:$B$26,Quantities!$B$2),\nIF(AND(B283=\"B\",C283=\"a\"), \" Scraper Grading\", \"\"),\nIF(C283=\"b\",\"\",\"-\"),\nIF(C283=\"b\",\"\",VLOOKUP(A283,Quantities[],Quantities!$D$2)),\nIF(LEFT(TEXT(A283,\"0\"),1)=\"5\",\"\",\"-\"),\nIF(LEFT(TEXT(A283,\"0\"),1)=\"5\",\"\",VLOOKUP(C283,'Activity-Material_Codes'!$A$30:$B$36,Quantities!$B$2))\n))","v":"Post-Closure O&M-Tailing Pumphouse-Final Grade"},{"$f":"CONCATENATE(\nIF(OR(RIGHT(TEXT($A283,\"0\"),Quantities!$B$2)=\"00\",LEFT(TEXT($A283,\"0\"),1)=\"5\",OR($C283=\"b\",$C283=\"f\")),\"\",VLOOKUP($A283,Quantities[],Quantities!$B$2)),\nIF(LEFT(TEXT($A283,\"0\"),1)=\"5\",\"\",\" \"),\nIF(OR(C283=\"a\",C283=\"c\",C283=\"d\",C283=\"e\"),IF(OR(RIGHT(TEXT($A283,\"0\"),Quantities!$B$2)=\"00\",LEFT(TEXT($A283,\"0\"),1)=\"5\"),VLOOKUP($A283,Quantities[],Quantities!$B$2),\"\"),\nIF(LEFT(TEXT($A283,\"0\"),1)=\"5\",VLOOKUP($A283,Quantities[],Quantities!$B$2),\nVLOOKUP(INDEX(Quantities!$A$100:$A$118,MATCH($A283,Quantities!$C$100:$C$118)),Quantities!$A$100:$B$118,Quantities!$B$2))))","v":" Reclaimed 1 Tailing Impoundment Reclaim Water Pumphouse Station"},{"$f":"IF(LEFT(TEXT(A283,\"0\"),1)=\"5\",\nVLOOKUP(VLOOKUP(A283,Quantities!$A$4:$D$118,Quantities!$C$2),Quantities!$A$4:$D$118,Quantities!$C$2),\nIF(OR(C283=\"a\",C283=\"c\",C283=\"d\",C283=\"e\"),\n\"-\",\nIF(RIGHT(TEXT(A283,\"0\"),2)=\"00\",VLOOKUP(A283,Quantities[],Quantities!$B$2),\nIF(C283=\"f\",VLOOKUP(A283,Quantities[],Quantities!$B$2),\nVLOOKUP(A283,Quantities[],Quantities!$C$2))\n)))","v":"-"},{"$f":"IF(OR(AND(LEFT(D283,2)=\"Sc\",B283=\"A\",C283=\"d\"),AND(C283=\"f\",B283=\"D\")),\nSUM(VLOOKUP($A283,Quantities[],Quantities!$O$2),VLOOKUP($A283,Quantities[],Quantities!$Q$2),VLOOKUP($A283,Quantities[],Quantities!$S$2)),\n\nIF(AND(LEFT(D283,2)=\"Sc\",OR(C283=\"a\",C283=\"f\")),\nVLOOKUP(A283,Quantities[],Quantities!$I$2),\n\nIF(AND(B283=\"D\",C283=\"b\"),\n VLOOKUP(INDEX(Quantities!$A$100:$A$118,MATCH($A283,Quantities!$C$100:$C$118)),Quantities!$A$100:$AJ$118,Quantities!$O$2)+\nVLOOKUP(INDEX(Quantities!$A$100:$A$118,MATCH($A283,Quantities!$C$100:$C$118)),Quantities!$A$100:$AJ$118,Quantities!$Q$2)+\nVLOOKUP(INDEX(Quantities!$A$100:$A$118,MATCH($A283,Quantities!$C$100:$C$118)),Quantities!$A$100:$AJ$118,Quantities!$S$2),\n\nIF(OR(B283=\"D\",B283=\"Q\"),\nSUM(VLOOKUP($A283,Quantities[],Quantities!$O$2),VLOOKUP($A283,Quantities[],Quantities!$Q$2),VLOOKUP($A283,Quantities[],Quantities!$S$2)),\n\n VLOOKUP(A283,Quantities[],Quantities!$G$2)\n))))","v":2950},{"$f":"IF(LEFT(D283,2)=\"Mg\", VLOOKUP(A283,Quantities[],Quantities!$H$2),\n\nIF(OR(AND(LEFT(D283,2)=\"Sc\",B283=\"A\",C283=\"d\",C283=\"f\")),\n(SUM(VLOOKUP($A283,Quantities[],Quantities!$P$2)*VLOOKUP($A283,Quantities[],Quantities!$O$2),VLOOKUP($A283,Quantities[],Quantities!$R$2)*VLOOKUP($A283,Quantities[],Quantities!$Q$2),VLOOKUP($A283,Quantities[],Quantities!$T$2)*VLOOKUP($A283,Quantities[],Quantities!$S$2)))/SUM(VLOOKUP($A283,Quantities[],Quantities!$O$2),VLOOKUP($A283,Quantities[],Quantities!$Q$2),VLOOKUP($A283,Quantities[],Quantities!$S$2)),\n\nIF(AND(LEFT(D283,2)=\"Sc\",OR(C283=\"a\",C283=\"f\")),\nVLOOKUP(A283,Quantities[],Quantities!$J$2),\n\nIF(AND(B283=\"D\",C283=\"b\", (VLOOKUP(INDEX(Quantities!$A$100:$A$118,MATCH($A283,Quantities!$C$100:$C$118)),Quantities[],Quantities!$O$2)+VLOOKUP(INDEX(Quantities!$A$100:$A$118,MATCH($A283,Quantities!$C$100:$C$118)),Quantities[],Quantities!$Q$2)+VLOOKUP(INDEX(Quantities!$A$100:$A$118,MATCH($A283,Quantities!$C$100:$C$118)),Quantities[],Quantities!$S$2))>0),\n(VLOOKUP(INDEX(Quantities!$A$100:$A$118,MATCH($A283,Quantities!$C$100:$C$118)),Quantities[],Quantities!$P$2)*VLOOKUP(INDEX(Quantities!$A$100:$A$118,MATCH($A283,Quantities!$C$100:$C$118)),Quantities[],Quantities!$O$2)\n+VLOOKUP(INDEX(Quantities!$A$100:$A$118,MATCH($A283,Quantities!$C$100:$C$118)),Quantities[],Quantities!$R$2)*VLOOKUP(INDEX(Quantities!$A$100:$A$118,MATCH($A283,Quantities!$C$100:$C$118)),Quantities[],Quantities!$Q$2)\n+VLOOKUP(INDEX(Quantities!$A$100:$A$118,MATCH($A283,Quantities!$C$100:$C$118)),Quantities[],Quantities!$T$2)*VLOOKUP(INDEX(Quantities!$A$100:$A$118,MATCH($A283,Quantities!$C$100:$C$118)),Quantities[],Quantities!$S$2))/\n(VLOOKUP(INDEX(Quantities!$A$100:$A$118,MATCH($A283,Quantities!$C$100:$C$118)),Quantities[],Quantities!$O$2)+VLOOKUP(INDEX(Quantities!$A$100:$A$118,MATCH($A283,Quantities!$C$100:$C$118)),Quantities[],Quantities!$Q$2)+VLOOKUP(A283,Quantities[],Quantities!$S$2)),\n\nIF(AND(B283=\"D\", (VLOOKUP(A283,Quantities[],Quantities!$O$2)+VLOOKUP(A283,Quantities[],Quantities!$Q$2)+VLOOKUP(A283,Quantities[],Quantities!$S$2))>0),\n(VLOOKUP(A283,Quantities[],Quantities!$P$2)*VLOOKUP(A283,Quantities[],Quantities!$O$2)\n+VLOOKUP(A283,Quantities[],Quantities!$R$2)*VLOOKUP(A283,Quantities[],Quantities!$Q$2)\n+VLOOKUP(A283,Quantities[],Quantities!$T$2)*VLOOKUP(A283,Quantities[],Quantities!$S$2))/\n(VLOOKUP(A283,Quantities[],Quantities!$O$2)+VLOOKUP(A283,Quantities[],Quantities!$Q$2)+VLOOKUP(A283,Quantities[],Quantities!$S$2)),\n\nIF($B283=\"Q\", (SUM(VLOOKUP($A283,Quantities[],Quantities!$P$2)*VLOOKUP($A283,Quantities[],Quantities!$O$2),VLOOKUP($A283,Quantities[],Quantities!$R$2)*VLOOKUP($A283,Quantities[],Quantities!$Q$2),VLOOKUP($A283,Quantities[],Quantities!$T$2)*VLOOKUP($A283,Quantities[],Quantities!$S$2)))/SUM(VLOOKUP($A283,Quantities[],Quantities!$O$2),VLOOKUP($A283,Quantities[],Quantities!$Q$2),VLOOKUP($A283,Quantities[],Quantities!$S$2)),\n\n VLOOKUP(A283,Quantities[],Quantities!$H$2)\n))))))","v":0.01},{"$f":"IF(LEFT(D283,1)=\"U\",\"-\",VLOOKUP(D283,Equipment[],Equipment!$B$2))","v":"-"}]
[{"$f":"Quantities!$A$61","v":2701},"M","e","U","2701-M-e-U",{"$f":"IF(D284=\"Comb1\",CONCATENATE(VLOOKUP(B284,'Activity-Material_Codes'!$A$2:$B$26,Quantities!$B$2),\"-\",VLOOKUP(A284,Quantities[],Quantities!$D$2)),\nCONCATENATE(\nVLOOKUP(B284,'Activity-Material_Codes'!$A$2:$B$26,Quantities!$B$2),\nIF(AND(B284=\"B\",C284=\"a\"), \" Scraper Grading\", \"\"),\nIF(C284=\"b\",\"\",\"-\"),\nIF(C284=\"b\",\"\",VLOOKUP(A284,Quantities[],Quantities!$D$2)),\nIF(LEFT(TEXT(A284,\"0\"),1)=\"5\",\"\",\"-\"),\nIF(LEFT(TEXT(A284,\"0\"),1)=\"5\",\"\",VLOOKUP(C284,'Activity-Material_Codes'!$A$30:$B$36,Quantities!$B$2))\n))","v":"Post-Closure O&M-Surface Impoundments closed at year 99; some closed year 6-Final Grade"},{"$f":"CONCATENATE(\nIF(OR(RIGHT(TEXT($A284,\"0\"),Quantities!$B$2)=\"00\",LEFT(TEXT($A284,\"0\"),1)=\"5\",OR($C284=\"b\",$C284=\"f\")),\"\",VLOOKUP($A284,Quantities[],Quantities!$B$2)),\nIF(LEFT(TEXT($A284,\"0\"),1)=\"5\",\"\",\" \"),\nIF(OR(C284=\"a\",C284=\"c\",C284=\"d\",C284=\"e\"),IF(OR(RIGHT(TEXT($A284,\"0\"),Quantities!$B$2)=\"00\",LEFT(TEXT($A284,\"0\"),1)=\"5\"),VLOOKUP($A284,Quantities[],Quantities!$B$2),\"\"),\nIF(LEFT(TEXT($A284,\"0\"),1)=\"5\",VLOOKUP($A284,Quantities[],Quantities!$B$2),\nVLOOKUP(INDEX(Quantities!$A$100:$A$118,MATCH($A284,Quantities!$C$100:$C$118)),Quantities!$A$100:$B$118,Quantities!$B$2))))","v":"Surface Impoundments closed at year 99; some closed year 6 "},{"$f":"IF(LEFT(TEXT(A284,\"0\"),1)=\"5\",\nVLOOKUP(VLOOKUP(A284,Quantities!$A$4:$D$118,Quantities!$C$2),Quantities!$A$4:$D$118,Quantities!$C$2),\nIF(OR(C284=\"a\",C284=\"c\",C284=\"d\",C284=\"e\"),\n\"-\",\nIF(RIGHT(TEXT(A284,\"0\"),2)=\"00\",VLOOKUP(A284,Quantities[],Quantities!$B$2),\nIF(C284=\"f\",VLOOKUP(A284,Quantities[],Quantities!$B$2),\nVLOOKUP(A284,Quantities[],Quantities!$C$2))\n)))","v":"-"},{"$f":"IF(OR(AND(LEFT(D284,2)=\"Sc\",B284=\"A\",C284=\"d\"),AND(C284=\"f\",B284=\"D\")),\nSUM(VLOOKUP($A284,Quantities[],Quantities!$O$2),VLOOKUP($A284,Quantities[],Quantities!$Q$2),VLOOKUP($A284,Quantities[],Quantities!$S$2)),\n\nIF(AND(LEFT(D284,2)=\"Sc\",OR(C284=\"a\",C284=\"f\")),\nVLOOKUP(A284,Quantities[],Quantities!$I$2),\n\nIF(AND(B284=\"D\",C284=\"b\"),\n VLOOKUP(INDEX(Quantities!$A$100:$A$118,MATCH($A284,Quantities!$C$100:$C$118)),Quantities!$A$100:$AJ$118,Quantities!$O$2)+\nVLOOKUP(INDEX(Quantities!$A$100:$A$118,MATCH($A284,Quantities!$C$100:$C$118)),Quantities!$A$100:$AJ$118,Quantities!$Q$2)+\nVLOOKUP(INDEX(Quantities!$A$100:$A$118,MATCH($A284,Quantities!$C$100:$C$118)),Quantities!$A$100:$AJ$118,Quantities!$S$2),\n\nIF(OR(B284=\"D\",B284=\"Q\"),\nSUM(VLOOKUP($A284,Quantities[],Quantities!$O$2),VLOOKUP($A284,Quantities[],Quantities!$Q$2),VLOOKUP($A284,Quantities[],Quantities!$S$2)),\n\n VLOOKUP(A284,Quantities[],Quantities!$G$2)\n))))","v":0},{"$f":"IF(LEFT(D284,2)=\"Mg\", VLOOKUP(A284,Quantities[],Quantities!$H$2),\n\nIF(OR(AND(LEFT(D284,2)=\"Sc\",B284=\"A\",C284=\"d\",C284=\"f\")),\n(SUM(VLOOKUP($A284,Quantities[],Quantities!$P$2)*VLOOKUP($A284,Quantities[],Quantities!$O$2),VLOOKUP($A284,Quantities[],Quantities!$R$2)*VLOOKUP($A284,Quantities[],Quantities!$Q$2),VLOOKUP($A284,Quantities[],Quantities!$T$2)*VLOOKUP($A284,Quantities[],Quantities!$S$2)))/SUM(VLOOKUP($A284,Quantities[],Quantities!$O$2),VLOOKUP($A284,Quantities[],Quantities!$Q$2),VLOOKUP($A284,Quantities[],Quantities!$S$2)),\n\nIF(AND(LEFT(D284,2)=\"Sc\",OR(C284=\"a\",C284=\"f\")),\nVLOOKUP(A284,Quantities[],Quantities!$J$2),\n\nIF(AND(B284=\"D\",C284=\"b\", (VLOOKUP(INDEX(Quantities!$A$100:$A$118,MATCH($A284,Quantities!$C$100:$C$118)),Quantities[],Quantities!$O$2)+VLOOKUP(INDEX(Quantities!$A$100:$A$118,MATCH($A284,Quantities!$C$100:$C$118)),Quantities[],Quantities!$Q$2)+VLOOKUP(INDEX(Quantities!$A$100:$A$118,MATCH($A284,Quantities!$C$100:$C$118)),Quantities[],Quantities!$S$2))>0),\n(VLOOKUP(INDEX(Quantities!$A$100:$A$118,MATCH($A284,Quantities!$C$100:$C$118)),Quantities[],Quantities!$P$2)*VLOOKUP(INDEX(Quantities!$A$100:$A$118,MATCH($A284,Quantities!$C$100:$C$118)),Quantities[],Quantities!$O$2)\n+VLOOKUP(INDEX(Quantities!$A$100:$A$118,MATCH($A284,Quantities!$C$100:$C$118)),Quantities[],Quantities!$R$2)*VLOOKUP(INDEX(Quantities!$A$100:$A$118,MATCH($A284,Quantities!$C$100:$C$118)),Quantities[],Quantities!$Q$2)\n+VLOOKUP(INDEX(Quantities!$A$100:$A$118,MATCH($A284,Quantities!$C$100:$C$118)),Quantities[],Quantities!$T$2)*VLOOKUP(INDEX(Quantities!$A$100:$A$118,MATCH($A284,Quantities!$C$100:$C$118)),Quantities[],Quantities!$S$2))/\n(VLOOKUP(INDEX(Quantities!$A$100:$A$118,MATCH($A284,Quantities!$C$100:$C$118)),Quantities[],Quantities!$O$2)+VLOOKUP(INDEX(Quantities!$A$100:$A$118,MATCH($A284,Quantities!$C$100:$C$118)),Quantities[],Quantities!$Q$2)+VLOOKUP(A284,Quantities[],Quantities!$S$2)),\n\nIF(AND(B284=\"D\", (VLOOKUP(A284,Quantities[],Quantities!$O$2)+VLOOKUP(A284,Quantities[],Quantities!$Q$2)+VLOOKUP(A284,Quantities[],Quantities!$S$2))>0),\n(VLOOKUP(A284,Quantities[],Quantities!$P$2)*VLOOKUP(A284,Quantities[],Quantities!$O$2)\n+VLOOKUP(A284,Quantities[],Quantities!$R$2)*VLOOKUP(A284,Quantities[],Quantities!$Q$2)\n+VLOOKUP(A284,Quantities[],Quantities!$T$2)*VLOOKUP(A284,Quantities[],Quantities!$S$2))/\n(VLOOKUP(A284,Quantities[],Quantities!$O$2)+VLOOKUP(A284,Quantities[],Quantities!$Q$2)+VLOOKUP(A284,Quantities[],Quantities!$S$2)),\n\nIF($B284=\"Q\", (SUM(VLOOKUP($A284,Quantities[],Quantities!$P$2)*VLOOKUP($A284,Quantities[],Quantities!$O$2),VLOOKUP($A284,Quantities[],Quantities!$R$2)*VLOOKUP($A284,Quantities[],Quantities!$Q$2),VLOOKUP($A284,Quantities[],Quantities!$T$2)*VLOOKUP($A284,Quantities[],Quantities!$S$2)))/SUM(VLOOKUP($A284,Quantities[],Quantities!$O$2),VLOOKUP($A284,Quantities[],Quantities!$Q$2),VLOOKUP($A284,Quantities[],Quantities!$S$2)),\n\n VLOOKUP(A284,Quantities[],Quantities!$H$2)\n))))))","v":0.01},{"$f":"IF(LEFT(D284,1)=\"U\",\"-\",VLOOKUP(D284,Equipment[],Equipment!$B$2))","v":"-"}]
[{"$f":"Quantities!$A$62","v":2702},"M","e","U","2702-M-e-U",{"$f":"IF(D285=\"Comb1\",CONCATENATE(VLOOKUP(B285,'Activity-Material_Codes'!$A$2:$B$26,Quantities!$B$2),\"-\",VLOOKUP(A285,Quantities[],Quantities!$D$2)),\nCONCATENATE(\nVLOOKUP(B285,'Activity-Material_Codes'!$A$2:$B$26,Quantities!$B$2),\nIF(AND(B285=\"B\",C285=\"a\"), \" Scraper Grading\", \"\"),\nIF(C285=\"b\",\"\",\"-\"),\nIF(C285=\"b\",\"\",VLOOKUP(A285,Quantities[],Quantities!$D$2)),\nIF(LEFT(TEXT(A285,\"0\"),1)=\"5\",\"\",\"-\"),\nIF(LEFT(TEXT(A285,\"0\"),1)=\"5\",\"\",VLOOKUP(C285,'Activity-Material_Codes'!$A$30:$B$36,Quantities!$B$2))\n))","v":"Post-Closure O&M-Surface Impoundments graded over at closure-Final Grade"},{"$f":"CONCATENATE(\nIF(OR(RIGHT(TEXT($A285,\"0\"),Quantities!$B$2)=\"00\",LEFT(TEXT($A285,\"0\"),1)=\"5\",OR($C285=\"b\",$C285=\"f\")),\"\",VLOOKUP($A285,Quantities[],Quantities!$B$2)),\nIF(LEFT(TEXT($A285,\"0\"),1)=\"5\",\"\",\" \"),\nIF(OR(C285=\"a\",C285=\"c\",C285=\"d\",C285=\"e\"),IF(OR(RIGHT(TEXT($A285,\"0\"),Quantities!$B$2)=\"00\",LEFT(TEXT($A285,\"0\"),1)=\"5\"),VLOOKUP($A285,Quantities[],Quantities!$B$2),\"\"),\nIF(LEFT(TEXT($A285,\"0\"),1)=\"5\",VLOOKUP($A285,Quantities[],Quantities!$B$2),\nVLOOKUP(INDEX(Quantities!$A$100:$A$118,MATCH($A285,Quantities!$C$100:$C$118)),Quantities!$A$100:$B$118,Quantities!$B$2))))","v":"Surface Impoundments graded over at closure "},{"$f":"IF(LEFT(TEXT(A285,\"0\"),1)=\"5\",\nVLOOKUP(VLOOKUP(A285,Quantities!$A$4:$D$118,Quantities!$C$2),Quantities!$A$4:$D$118,Quantities!$C$2),\nIF(OR(C285=\"a\",C285=\"c\",C285=\"d\",C285=\"e\"),\n\"-\",\nIF(RIGHT(TEXT(A285,\"0\"),2)=\"00\",VLOOKUP(A285,Quantities[],Quantities!$B$2),\nIF(C285=\"f\",VLOOKUP(A285,Quantities[],Quantities!$B$2),\nVLOOKUP(A285,Quantities[],Quantities!$C$2))\n)))","v":"-"},{"$f":"IF(OR(AND(LEFT(D285,2)=\"Sc\",B285=\"A\",C285=\"d\"),AND(C285=\"f\",B285=\"D\")),\nSUM(VLOOKUP($A285,Quantities[],Quantities!$O$2),VLOOKUP($A285,Quantities[],Quantities!$Q$2),VLOOKUP($A285,Quantities[],Quantities!$S$2)),\n\nIF(AND(LEFT(D285,2)=\"Sc\",OR(C285=\"a\",C285=\"f\")),\nVLOOKUP(A285,Quantities[],Quantities!$I$2),\n\nIF(AND(B285=\"D\",C285=\"b\"),\n VLOOKUP(INDEX(Quantities!$A$100:$A$118,MATCH($A285,Quantities!$C$100:$C$118)),Quantities!$A$100:$AJ$118,Quantities!$O$2)+\nVLOOKUP(INDEX(Quantities!$A$100:$A$118,MATCH($A285,Quantities!$C$100:$C$118)),Quantities!$A$100:$AJ$118,Quantities!$Q$2)+\nVLOOKUP(INDEX(Quantities!$A$100:$A$118,MATCH($A285,Quantities!$C$100:$C$118)),Quantities!$A$100:$AJ$118,Quantities!$S$2),\n\nIF(OR(B285=\"D\",B285=\"Q\"),\nSUM(VLOOKUP($A285,Quantities[],Quantities!$O$2),VLOOKUP($A285,Quantities[],Quantities!$Q$2),VLOOKUP($A285,Quantities[],Quantities!$S$2)),\n\n VLOOKUP(A285,Quantities[],Quantities!$G$2)\n))))","v":0},{"$f":"IF(LEFT(D285,2)=\"Mg\", VLOOKUP(A285,Quantities[],Quantities!$H$2),\n\nIF(OR(AND(LEFT(D285,2)=\"Sc\",B285=\"A\",C285=\"d\",C285=\"f\")),\n(SUM(VLOOKUP($A285,Quantities[],Quantities!$P$2)*VLOOKUP($A285,Quantities[],Quantities!$O$2),VLOOKUP($A285,Quantities[],Quantities!$R$2)*VLOOKUP($A285,Quantities[],Quantities!$Q$2),VLOOKUP($A285,Quantities[],Quantities!$T$2)*VLOOKUP($A285,Quantities[],Quantities!$S$2)))/SUM(VLOOKUP($A285,Quantities[],Quantities!$O$2),VLOOKUP($A285,Quantities[],Quantities!$Q$2),VLOOKUP($A285,Quantities[],Quantities!$S$2)),\n\nIF(AND(LEFT(D285,2)=\"Sc\",OR(C285=\"a\",C285=\"f\")),\nVLOOKUP(A285,Quantities[],Quantities!$J$2),\n\nIF(AND(B285=\"D\",C285=\"b\", (VLOOKUP(INDEX(Quantities!$A$100:$A$118,MATCH($A285,Quantities!$C$100:$C$118)),Quantities[],Quantities!$O$2)+VLOOKUP(INDEX(Quantities!$A$100:$A$118,MATCH($A285,Quantities!$C$100:$C$118)),Quantities[],Quantities!$Q$2)+VLOOKUP(INDEX(Quantities!$A$100:$A$118,MATCH($A285,Quantities!$C$100:$C$118)),Quantities[],Quantities!$S$2))>0),\n(VLOOKUP(INDEX(Quantities!$A$100:$A$118,MATCH($A285,Quantities!$C$100:$C$118)),Quantities[],Quantities!$P$2)*VLOOKUP(INDEX(Quantities!$A$100:$A$118,MATCH($A285,Quantities!$C$100:$C$118)),Quantities[],Quantities!$O$2)\n+VLOOKUP(INDEX(Quantities!$A$100:$A$118,MATCH($A285,Quantities!$C$100:$C$118)),Quantities[],Quantities!$R$2)*VLOOKUP(INDEX(Quantities!$A$100:$A$118,MATCH($A285,Quantities!$C$100:$C$118)),Quantities[],Quantities!$Q$2)\n+VLOOKUP(INDEX(Quantities!$A$100:$A$118,MATCH($A285,Quantities!$C$100:$C$118)),Quantities[],Quantities!$T$2)*VLOOKUP(INDEX(Quantities!$A$100:$A$118,MATCH($A285,Quantities!$C$100:$C$118)),Quantities[],Quantities!$S$2))/\n(VLOOKUP(INDEX(Quantities!$A$100:$A$118,MATCH($A285,Quantities!$C$100:$C$118)),Quantities[],Quantities!$O$2)+VLOOKUP(INDEX(Quantities!$A$100:$A$118,MATCH($A285,Quantities!$C$100:$C$118)),Quantities[],Quantities!$Q$2)+VLOOKUP(A285,Quantities[],Quantities!$S$2)),\n\nIF(AND(B285=\"D\", (VLOOKUP(A285,Quantities[],Quantities!$O$2)+VLOOKUP(A285,Quantities[],Quantities!$Q$2)+VLOOKUP(A285,Quantities[],Quantities!$S$2))>0),\n(VLOOKUP(A285,Quantities[],Quantities!$P$2)*VLOOKUP(A285,Quantities[],Quantities!$O$2)\n+VLOOKUP(A285,Quantities[],Quantities!$R$2)*VLOOKUP(A285,Quantities[],Quantities!$Q$2)\n+VLOOKUP(A285,Quantities[],Quantities!$T$2)*VLOOKUP(A285,Quantities[],Quantities!$S$2))/\n(VLOOKUP(A285,Quantities[],Quantities!$O$2)+VLOOKUP(A285,Quantities[],Quantities!$Q$2)+VLOOKUP(A285,Quantities[],Quantities!$S$2)),\n\nIF($B285=\"Q\", (SUM(VLOOKUP($A285,Quantities[],Quantities!$P$2)*VLOOKUP($A285,Quantities[],Quantities!$O$2),VLOOKUP($A285,Quantities[],Quantities!$R$2)*VLOOKUP($A285,Quantities[],Quantities!$Q$2),VLOOKUP($A285,Quantities[],Quantities!$T$2)*VLOOKUP($A285,Quantities[],Quantities!$S$2)))/SUM(VLOOKUP($A285,Quantities[],Quantities!$O$2),VLOOKUP($A285,Quantities[],Quantities!$Q$2),VLOOKUP($A285,Quantities[],Quantities!$S$2)),\n\n VLOOKUP(A285,Quantities[],Quantities!$H$2)\n))))))","v":0.01},{"$f":"IF(LEFT(D285,1)=\"U\",\"-\",VLOOKUP(D285,Equipment[],Equipment!$B$2))","v":"-"}]
[{"$f":"Quantities!$A$79","v":3300},"M","e","U","3300-M-e-U",{"$f":"IF(D286=\"Comb1\",CONCATENATE(VLOOKUP(B286,'Activity-Material_Codes'!$A$2:$B$26,Quantities!$B$2),\"-\",VLOOKUP(A286,Quantities[],Quantities!$D$2)),\nCONCATENATE(\nVLOOKUP(B286,'Activity-Material_Codes'!$A$2:$B$26,Quantities!$B$2),\nIF(AND(B286=\"B\",C286=\"a\"), \" Scraper Grading\", \"\"),\nIF(C286=\"b\",\"\",\"-\"),\nIF(C286=\"b\",\"\",VLOOKUP(A286,Quantities[],Quantities!$D$2)),\nIF(LEFT(TEXT(A286,\"0\"),1)=\"5\",\"\",\"-\"),\nIF(LEFT(TEXT(A286,\"0\"),1)=\"5\",\"\",VLOOKUP(C286,'Activity-Material_Codes'!$A$30:$B$36,Quantities!$B$2))\n))","v":"Post-Closure O&M-Unplanned Disturbance Area-Final Grade"},{"$f":"CONCATENATE(\nIF(OR(RIGHT(TEXT($A286,\"0\"),Quantities!$B$2)=\"00\",LEFT(TEXT($A286,\"0\"),1)=\"5\",OR($C286=\"b\",$C286=\"f\")),\"\",VLOOKUP($A286,Quantities[],Quantities!$B$2)),\nIF(LEFT(TEXT($A286,\"0\"),1)=\"5\",\"\",\" \"),\nIF(OR(C286=\"a\",C286=\"c\",C286=\"d\",C286=\"e\"),IF(OR(RIGHT(TEXT($A286,\"0\"),Quantities!$B$2)=\"00\",LEFT(TEXT($A286,\"0\"),1)=\"5\"),VLOOKUP($A286,Quantities[],Quantities!$B$2),\"\"),\nIF(LEFT(TEXT($A286,\"0\"),1)=\"5\",VLOOKUP($A286,Quantities[],Quantities!$B$2),\nVLOOKUP(INDEX(Quantities!$A$100:$A$118,MATCH($A286,Quantities!$C$100:$C$118)),Quantities!$A$100:$B$118,Quantities!$B$2))))","v":" Unplanned Disturbance Area"},{"$f":"IF(LEFT(TEXT(A286,\"0\"),1)=\"5\",\nVLOOKUP(VLOOKUP(A286,Quantities!$A$4:$D$118,Quantities!$C$2),Quantities!$A$4:$D$118,Quantities!$C$2),\nIF(OR(C286=\"a\",C286=\"c\",C286=\"d\",C286=\"e\"),\n\"-\",\nIF(RIGHT(TEXT(A286,\"0\"),2)=\"00\",VLOOKUP(A286,Quantities[],Quantities!$B$2),\nIF(C286=\"f\",VLOOKUP(A286,Quantities[],Quantities!$B$2),\nVLOOKUP(A286,Quantities[],Quantities!$C$2))\n)))","v":"-"},{"$f":"IF(OR(AND(LEFT(D286,2)=\"Sc\",B286=\"A\",C286=\"d\"),AND(C286=\"f\",B286=\"D\")),\nSUM(VLOOKUP($A286,Quantities[],Quantities!$O$2),VLOOKUP($A286,Quantities[],Quantities!$Q$2),VLOOKUP($A286,Quantities[],Quantities!$S$2)),\n\nIF(AND(LEFT(D286,2)=\"Sc\",OR(C286=\"a\",C286=\"f\")),\nVLOOKUP(A286,Quantities[],Quantities!$I$2),\n\nIF(AND(B286=\"D\",C286=\"b\"),\n VLOOKUP(INDEX(Quantities!$A$100:$A$118,MATCH($A286,Quantities!$C$100:$C$118)),Quantities!$A$100:$AJ$118,Quantities!$O$2)+\nVLOOKUP(INDEX(Quantities!$A$100:$A$118,MATCH($A286,Quantities!$C$100:$C$118)),Quantities!$A$100:$AJ$118,Quantities!$Q$2)+\nVLOOKUP(INDEX(Quantities!$A$100:$A$118,MATCH($A286,Quantities!$C$100:$C$118)),Quantities!$A$100:$AJ$118,Quantities!$S$2),\n\nIF(OR(B286=\"D\",B286=\"Q\"),\nSUM(VLOOKUP($A286,Quantities[],Quantities!$O$2),VLOOKUP($A286,Quantities[],Quantities!$Q$2),VLOOKUP($A286,Quantities[],Quantities!$S$2)),\n\n VLOOKUP(A286,Quantities[],Quantities!$G$2)\n))))","v":0},{"$f":"IF(LEFT(D286,2)=\"Mg\", VLOOKUP(A286,Quantities[],Quantities!$H$2),\n\nIF(OR(AND(LEFT(D286,2)=\"Sc\",B286=\"A\",C286=\"d\",C286=\"f\")),\n(SUM(VLOOKUP($A286,Quantities[],Quantities!$P$2)*VLOOKUP($A286,Quantities[],Quantities!$O$2),VLOOKUP($A286,Quantities[],Quantities!$R$2)*VLOOKUP($A286,Quantities[],Quantities!$Q$2),VLOOKUP($A286,Quantities[],Quantities!$T$2)*VLOOKUP($A286,Quantities[],Quantities!$S$2)))/SUM(VLOOKUP($A286,Quantities[],Quantities!$O$2),VLOOKUP($A286,Quantities[],Quantities!$Q$2),VLOOKUP($A286,Quantities[],Quantities!$S$2)),\n\nIF(AND(LEFT(D286,2)=\"Sc\",OR(C286=\"a\",C286=\"f\")),\nVLOOKUP(A286,Quantities[],Quantities!$J$2),\n\nIF(AND(B286=\"D\",C286=\"b\", (VLOOKUP(INDEX(Quantities!$A$100:$A$118,MATCH($A286,Quantities!$C$100:$C$118)),Quantities[],Quantities!$O$2)+VLOOKUP(INDEX(Quantities!$A$100:$A$118,MATCH($A286,Quantities!$C$100:$C$118)),Quantities[],Quantities!$Q$2)+VLOOKUP(INDEX(Quantities!$A$100:$A$118,MATCH($A286,Quantities!$C$100:$C$118)),Quantities[],Quantities!$S$2))>0),\n(VLOOKUP(INDEX(Quantities!$A$100:$A$118,MATCH($A286,Quantities!$C$100:$C$118)),Quantities[],Quantities!$P$2)*VLOOKUP(INDEX(Quantities!$A$100:$A$118,MATCH($A286,Quantities!$C$100:$C$118)),Quantities[],Quantities!$O$2)\n+VLOOKUP(INDEX(Quantities!$A$100:$A$118,MATCH($A286,Quantities!$C$100:$C$118)),Quantities[],Quantities!$R$2)*VLOOKUP(INDEX(Quantities!$A$100:$A$118,MATCH($A286,Quantities!$C$100:$C$118)),Quantities[],Quantities!$Q$2)\n+VLOOKUP(INDEX(Quantities!$A$100:$A$118,MATCH($A286,Quantities!$C$100:$C$118)),Quantities[],Quantities!$T$2)*VLOOKUP(INDEX(Quantities!$A$100:$A$118,MATCH($A286,Quantities!$C$100:$C$118)),Quantities[],Quantities!$S$2))/\n(VLOOKUP(INDEX(Quantities!$A$100:$A$118,MATCH($A286,Quantities!$C$100:$C$118)),Quantities[],Quantities!$O$2)+VLOOKUP(INDEX(Quantities!$A$100:$A$118,MATCH($A286,Quantities!$C$100:$C$118)),Quantities[],Quantities!$Q$2)+VLOOKUP(A286,Quantities[],Quantities!$S$2)),\n\nIF(AND(B286=\"D\", (VLOOKUP(A286,Quantities[],Quantities!$O$2)+VLOOKUP(A286,Quantities[],Quantities!$Q$2)+VLOOKUP(A286,Quantities[],Quantities!$S$2))>0),\n(VLOOKUP(A286,Quantities[],Quantities!$P$2)*VLOOKUP(A286,Quantities[],Quantities!$O$2)\n+VLOOKUP(A286,Quantities[],Quantities!$R$2)*VLOOKUP(A286,Quantities[],Quantities!$Q$2)\n+VLOOKUP(A286,Quantities[],Quantities!$T$2)*VLOOKUP(A286,Quantities[],Quantities!$S$2))/\n(VLOOKUP(A286,Quantities[],Quantities!$O$2)+VLOOKUP(A286,Quantities[],Quantities!$Q$2)+VLOOKUP(A286,Quantities[],Quantities!$S$2)),\n\nIF($B286=\"Q\", (SUM(VLOOKUP($A286,Quantities[],Quantities!$P$2)*VLOOKUP($A286,Quantities[],Quantities!$O$2),VLOOKUP($A286,Quantities[],Quantities!$R$2)*VLOOKUP($A286,Quantities[],Quantities!$Q$2),VLOOKUP($A286,Quantities[],Quantities!$T$2)*VLOOKUP($A286,Quantities[],Quantities!$S$2)))/SUM(VLOOKUP($A286,Quantities[],Quantities!$O$2),VLOOKUP($A286,Quantities[],Quantities!$Q$2),VLOOKUP($A286,Quantities[],Quantities!$S$2)),\n\n VLOOKUP(A286,Quantities[],Quantities!$H$2)\n))))))","v":0.01},{"$f":"IF(LEFT(D286,1)=\"U\",\"-\",VLOOKUP(D286,Equipment[],Equipment!$B$2))","v":"-"}]
[{"$f":"Quantities!$A$36","v":2100},"M","e","U","2100-M-e-U",{"$f":"IF(D287=\"Comb1\",CONCATENATE(VLOOKUP(B287,'Activity-Material_Codes'!$A$2:$B$26,Quantities!$B$2),\"-\",VLOOKUP(A287,Quantities[],Quantities!$D$2)),\nCONCATENATE(\nVLOOKUP(B287,'Activity-Material_Codes'!$A$2:$B$26,Quantities!$B$2),\nIF(AND(B287=\"B\",C287=\"a\"), \" Scraper Grading\", \"\"),\nIF(C287=\"b\",\"\",\"-\"),\nIF(C287=\"b\",\"\",VLOOKUP(A287,Quantities[],Quantities!$D$2)),\nIF(LEFT(TEXT(A287,\"0\"),1)=\"5\",\"\",\"-\"),\nIF(LEFT(TEXT(A287,\"0\"),1)=\"5\",\"\",VLOOKUP(C287,'Activity-Material_Codes'!$A$30:$B$36,Quantities!$B$2))\n))","v":"Post-Closure O&M-Entire Stockpile-Final Grade"},{"$f":"CONCATENATE(\nIF(OR(RIGHT(TEXT($A287,\"0\"),Quantities!$B$2)=\"00\",LEFT(TEXT($A287,\"0\"),1)=\"5\",OR($C287=\"b\",$C287=\"f\")),\"\",VLOOKUP($A287,Quantities[],Quantities!$B$2)),\nIF(LEFT(TEXT($A287,\"0\"),1)=\"5\",\"\",\" \"),\nIF(OR(C287=\"a\",C287=\"c\",C287=\"d\",C287=\"e\"),IF(OR(RIGHT(TEXT($A287,\"0\"),Quantities!$B$2)=\"00\",LEFT(TEXT($A287,\"0\"),1)=\"5\"),VLOOKUP($A287,Quantities[],Quantities!$B$2),\"\"),\nIF(LEFT(TEXT($A287,\"0\"),1)=\"5\",VLOOKUP($A287,Quantities[],Quantities!$B$2),\nVLOOKUP(INDEX(Quantities!$A$100:$A$118,MATCH($A287,Quantities!$C$100:$C$118)),Quantities!$A$100:$B$118,Quantities!$B$2))))","v":" 9AX Waste"},{"$f":"IF(LEFT(TEXT(A287,\"0\"),1)=\"5\",\nVLOOKUP(VLOOKUP(A287,Quantities!$A$4:$D$118,Quantities!$C$2),Quantities!$A$4:$D$118,Quantities!$C$2),\nIF(OR(C287=\"a\",C287=\"c\",C287=\"d\",C287=\"e\"),\n\"-\",\nIF(RIGHT(TEXT(A287,\"0\"),2)=\"00\",VLOOKUP(A287,Quantities[],Quantities!$B$2),\nIF(C287=\"f\",VLOOKUP(A287,Quantities[],Quantities!$B$2),\nVLOOKUP(A287,Quantities[],Quantities!$C$2))\n)))","v":"-"},{"$f":"IF(OR(AND(LEFT(D287,2)=\"Sc\",B287=\"A\",C287=\"d\"),AND(C287=\"f\",B287=\"D\")),\nSUM(VLOOKUP($A287,Quantities[],Quantities!$O$2),VLOOKUP($A287,Quantities[],Quantities!$Q$2),VLOOKUP($A287,Quantities[],Quantities!$S$2)),\n\nIF(AND(LEFT(D287,2)=\"Sc\",OR(C287=\"a\",C287=\"f\")),\nVLOOKUP(A287,Quantities[],Quantities!$I$2),\n\nIF(AND(B287=\"D\",C287=\"b\"),\n VLOOKUP(INDEX(Quantities!$A$100:$A$118,MATCH($A287,Quantities!$C$100:$C$118)),Quantities!$A$100:$AJ$118,Quantities!$O$2)+\nVLOOKUP(INDEX(Quantities!$A$100:$A$118,MATCH($A287,Quantities!$C$100:$C$118)),Quantities!$A$100:$AJ$118,Quantities!$Q$2)+\nVLOOKUP(INDEX(Quantities!$A$100:$A$118,MATCH($A287,Quantities!$C$100:$C$118)),Quantities!$A$100:$AJ$118,Quantities!$S$2),\n\nIF(OR(B287=\"D\",B287=\"Q\"),\nSUM(VLOOKUP($A287,Quantities[],Quantities!$O$2),VLOOKUP($A287,Quantities[],Quantities!$Q$2),VLOOKUP($A287,Quantities[],Quantities!$S$2)),\n\n VLOOKUP(A287,Quantities[],Quantities!$G$2)\n))))","v":0},{"$f":"IF(LEFT(D287,2)=\"Mg\", VLOOKUP(A287,Quantities[],Quantities!$H$2),\n\nIF(OR(AND(LEFT(D287,2)=\"Sc\",B287=\"A\",C287=\"d\",C287=\"f\")),\n(SUM(VLOOKUP($A287,Quantities[],Quantities!$P$2)*VLOOKUP($A287,Quantities[],Quantities!$O$2),VLOOKUP($A287,Quantities[],Quantities!$R$2)*VLOOKUP($A287,Quantities[],Quantities!$Q$2),VLOOKUP($A287,Quantities[],Quantities!$T$2)*VLOOKUP($A287,Quantities[],Quantities!$S$2)))/SUM(VLOOKUP($A287,Quantities[],Quantities!$O$2),VLOOKUP($A287,Quantities[],Quantities!$Q$2),VLOOKUP($A287,Quantities[],Quantities!$S$2)),\n\nIF(AND(LEFT(D287,2)=\"Sc\",OR(C287=\"a\",C287=\"f\")),\nVLOOKUP(A287,Quantities[],Quantities!$J$2),\n\nIF(AND(B287=\"D\",C287=\"b\", (VLOOKUP(INDEX(Quantities!$A$100:$A$118,MATCH($A287,Quantities!$C$100:$C$118)),Quantities[],Quantities!$O$2)+VLOOKUP(INDEX(Quantities!$A$100:$A$118,MATCH($A287,Quantities!$C$100:$C$118)),Quantities[],Quantities!$Q$2)+VLOOKUP(INDEX(Quantities!$A$100:$A$118,MATCH($A287,Quantities!$C$100:$C$118)),Quantities[],Quantities!$S$2))>0),\n(VLOOKUP(INDEX(Quantities!$A$100:$A$118,MATCH($A287,Quantities!$C$100:$C$118)),Quantities[],Quantities!$P$2)*VLOOKUP(INDEX(Quantities!$A$100:$A$118,MATCH($A287,Quantities!$C$100:$C$118)),Quantities[],Quantities!$O$2)\n+VLOOKUP(INDEX(Quantities!$A$100:$A$118,MATCH($A287,Quantities!$C$100:$C$118)),Quantities[],Quantities!$R$2)*VLOOKUP(INDEX(Quantities!$A$100:$A$118,MATCH($A287,Quantities!$C$100:$C$118)),Quantities[],Quantities!$Q$2)\n+VLOOKUP(INDEX(Quantities!$A$100:$A$118,MATCH($A287,Quantities!$C$100:$C$118)),Quantities[],Quantities!$T$2)*VLOOKUP(INDEX(Quantities!$A$100:$A$118,MATCH($A287,Quantities!$C$100:$C$118)),Quantities[],Quantities!$S$2))/\n(VLOOKUP(INDEX(Quantities!$A$100:$A$118,MATCH($A287,Quantities!$C$100:$C$118)),Quantities[],Quantities!$O$2)+VLOOKUP(INDEX(Quantities!$A$100:$A$118,MATCH($A287,Quantities!$C$100:$C$118)),Quantities[],Quantities!$Q$2)+VLOOKUP(A287,Quantities[],Quantities!$S$2)),\n\nIF(AND(B287=\"D\", (VLOOKUP(A287,Quantities[],Quantities!$O$2)+VLOOKUP(A287,Quantities[],Quantities!$Q$2)+VLOOKUP(A287,Quantities[],Quantities!$S$2))>0),\n(VLOOKUP(A287,Quantities[],Quantities!$P$2)*VLOOKUP(A287,Quantities[],Quantities!$O$2)\n+VLOOKUP(A287,Quantities[],Quantities!$R$2)*VLOOKUP(A287,Quantities[],Quantities!$Q$2)\n+VLOOKUP(A287,Quantities[],Quantities!$T$2)*VLOOKUP(A287,Quantities[],Quantities!$S$2))/\n(VLOOKUP(A287,Quantities[],Quantities!$O$2)+VLOOKUP(A287,Quantities[],Quantities!$Q$2)+VLOOKUP(A287,Quantities[],Quantities!$S$2)),\n\nIF($B287=\"Q\", (SUM(VLOOKUP($A287,Quantities[],Quantities!$P$2)*VLOOKUP($A287,Quantities[],Quantities!$O$2),VLOOKUP($A287,Quantities[],Quantities!$R$2)*VLOOKUP($A287,Quantities[],Quantities!$Q$2),VLOOKUP($A287,Quantities[],Quantities!$T$2)*VLOOKUP($A287,Quantities[],Quantities!$S$2)))/SUM(VLOOKUP($A287,Quantities[],Quantities!$O$2),VLOOKUP($A287,Quantities[],Quantities!$Q$2),VLOOKUP($A287,Quantities[],Quantities!$S$2)),\n\n VLOOKUP(A287,Quantities[],Quantities!$H$2)\n))))))","v":"-"},{"$f":"IF(LEFT(D287,1)=\"U\",\"-\",VLOOKUP(D287,Equipment[],Equipment!$B$2))","v":"-"}]
[{"$f":"Quantities!$A$63","v":2800},"M","e","U",{"$f":"CONCATENATE(TEXT(A288,\"0\"),\"-\",B288,\"-\",C288,\"-\",D288)","v":"2800-M-e-U"},{"$f":"IF(D288=\"Comb1\",CONCATENATE(VLOOKUP(B288,'Activity-Material_Codes'!$A$2:$B$26,Quantities!$B$2),\"-\",VLOOKUP(A288,Quantities[],Quantities!$D$2)),\nCONCATENATE(\nVLOOKUP(B288,'Activity-Material_Codes'!$A$2:$B$26,Quantities!$B$2),\nIF(AND(B288=\"B\",C288=\"a\"), \" Scraper Grading\", \"\"),\nIF(C288=\"b\",\"\",\"-\"),\nIF(C288=\"b\",\"\",VLOOKUP(A288,Quantities[],Quantities!$D$2)),\nIF(LEFT(TEXT(A288,\"0\"),1)=\"5\",\"\",\"-\"),\nIF(LEFT(TEXT(A288,\"0\"),1)=\"5\",\"\",VLOOKUP(C288,'Activity-Material_Codes'!$A$30:$B$36,Quantities!$B$2))\n))","v":"Post-Closure O&M-Borrow Areas-Final Grade"},{"$f":"CONCATENATE(\nIF(OR(RIGHT(TEXT($A288,\"0\"),Quantities!$B$2)=\"00\",LEFT(TEXT($A288,\"0\"),1)=\"5\",OR($C288=\"b\",$C288=\"f\")),\"\",VLOOKUP($A288,Quantities[],Quantities!$B$2)),\nIF(LEFT(TEXT($A288,\"0\"),1)=\"5\",\"\",\" \"),\nIF(OR(C288=\"a\",C288=\"c\",C288=\"d\",C288=\"e\"),IF(OR(RIGHT(TEXT($A288,\"0\"),Quantities!$B$2)=\"00\",LEFT(TEXT($A288,\"0\"),1)=\"5\"),VLOOKUP($A288,Quantities[],Quantities!$B$2),\"\"),\nIF(LEFT(TEXT($A288,\"0\"),1)=\"5\",VLOOKUP($A288,Quantities[],Quantities!$B$2),\nVLOOKUP(INDEX(Quantities!$A$100:$A$118,MATCH($A288,Quantities!$C$100:$C$118)),Quantities!$A$100:$B$118,Quantities!$B$2))))","v":" Other Borrow Areas"},{"$f":"IF(LEFT(TEXT(A288,\"0\"),1)=\"5\",\nVLOOKUP(VLOOKUP(A288,Quantities!$A$4:$D$118,Quantities!$C$2),Quantities!$A$4:$D$118,Quantities!$C$2),\nIF(OR(C288=\"a\",C288=\"c\",C288=\"d\",C288=\"e\"),\n\"-\",\nIF(RIGHT(TEXT(A288,\"0\"),2)=\"00\",VLOOKUP(A288,Quantities[],Quantities!$B$2),\nIF(C288=\"f\",VLOOKUP(A288,Quantities[],Quantities!$B$2),\nVLOOKUP(A288,Quantities[],Quantities!$C$2))\n)))","v":"-"},{"$f":"IF(OR(AND(LEFT(D288,2)=\"Sc\",B288=\"A\",C288=\"d\"),AND(C288=\"f\",B288=\"D\")),\nSUM(VLOOKUP($A288,Quantities[],Quantities!$O$2),VLOOKUP($A288,Quantities[],Quantities!$Q$2),VLOOKUP($A288,Quantities[],Quantities!$S$2)),\n\nIF(AND(LEFT(D288,2)=\"Sc\",OR(C288=\"a\",C288=\"f\")),\nVLOOKUP(A288,Quantities[],Quantities!$I$2),\n\nIF(AND(B288=\"D\",C288=\"b\"),\n VLOOKUP(INDEX(Quantities!$A$100:$A$118,MATCH($A288,Quantities!$C$100:$C$118)),Quantities!$A$100:$AJ$118,Quantities!$O$2)+\nVLOOKUP(INDEX(Quantities!$A$100:$A$118,MATCH($A288,Quantities!$C$100:$C$118)),Quantities!$A$100:$AJ$118,Quantities!$Q$2)+\nVLOOKUP(INDEX(Quantities!$A$100:$A$118,MATCH($A288,Quantities!$C$100:$C$118)),Quantities!$A$100:$AJ$118,Quantities!$S$2),\n\nIF(OR(B288=\"D\",B288=\"Q\"),\nSUM(VLOOKUP($A288,Quantities[],Quantities!$O$2),VLOOKUP($A288,Quantities[],Quantities!$Q$2),VLOOKUP($A288,Quantities[],Quantities!$S$2)),\n\n VLOOKUP(A288,Quantities[],Quantities!$G$2)\n))))","v":3142},{"$f":"IF(LEFT(D288,2)=\"Mg\", VLOOKUP(A288,Quantities[],Quantities!$H$2),\n\nIF(OR(AND(LEFT(D288,2)=\"Sc\",B288=\"A\",C288=\"d\",C288=\"f\")),\n(SUM(VLOOKUP($A288,Quantities[],Quantities!$P$2)*VLOOKUP($A288,Quantities[],Quantities!$O$2),VLOOKUP($A288,Quantities[],Quantities!$R$2)*VLOOKUP($A288,Quantities[],Quantities!$Q$2),VLOOKUP($A288,Quantities[],Quantities!$T$2)*VLOOKUP($A288,Quantities[],Quantities!$S$2)))/SUM(VLOOKUP($A288,Quantities[],Quantities!$O$2),VLOOKUP($A288,Quantities[],Quantities!$Q$2),VLOOKUP($A288,Quantities[],Quantities!$S$2)),\n\nIF(AND(LEFT(D288,2)=\"Sc\",OR(C288=\"a\",C288=\"f\")),\nVLOOKUP(A288,Quantities[],Quantities!$J$2),\n\nIF(AND(B288=\"D\",C288=\"b\", (VLOOKUP(INDEX(Quantities!$A$100:$A$118,MATCH($A288,Quantities!$C$100:$C$118)),Quantities[],Quantities!$O$2)+VLOOKUP(INDEX(Quantities!$A$100:$A$118,MATCH($A288,Quantities!$C$100:$C$118)),Quantities[],Quantities!$Q$2)+VLOOKUP(INDEX(Quantities!$A$100:$A$118,MATCH($A288,Quantities!$C$100:$C$118)),Quantities[],Quantities!$S$2))>0),\n(VLOOKUP(INDEX(Quantities!$A$100:$A$118,MATCH($A288,Quantities!$C$100:$C$118)),Quantities[],Quantities!$P$2)*VLOOKUP(INDEX(Quantities!$A$100:$A$118,MATCH($A288,Quantities!$C$100:$C$118)),Quantities[],Quantities!$O$2)\n+VLOOKUP(INDEX(Quantities!$A$100:$A$118,MATCH($A288,Quantities!$C$100:$C$118)),Quantities[],Quantities!$R$2)*VLOOKUP(INDEX(Quantities!$A$100:$A$118,MATCH($A288,Quantities!$C$100:$C$118)),Quantities[],Quantities!$Q$2)\n+VLOOKUP(INDEX(Quantities!$A$100:$A$118,MATCH($A288,Quantities!$C$100:$C$118)),Quantities[],Quantities!$T$2)*VLOOKUP(INDEX(Quantities!$A$100:$A$118,MATCH($A288,Quantities!$C$100:$C$118)),Quantities[],Quantities!$S$2))/\n(VLOOKUP(INDEX(Quantities!$A$100:$A$118,MATCH($A288,Quantities!$C$100:$C$118)),Quantities[],Quantities!$O$2)+VLOOKUP(INDEX(Quantities!$A$100:$A$118,MATCH($A288,Quantities!$C$100:$C$118)),Quantities[],Quantities!$Q$2)+VLOOKUP(A288,Quantities[],Quantities!$S$2)),\n\nIF(AND(B288=\"D\", (VLOOKUP(A288,Quantities[],Quantities!$O$2)+VLOOKUP(A288,Quantities[],Quantities!$Q$2)+VLOOKUP(A288,Quantities[],Quantities!$S$2))>0),\n(VLOOKUP(A288,Quantities[],Quantities!$P$2)*VLOOKUP(A288,Quantities[],Quantities!$O$2)\n+VLOOKUP(A288,Quantities[],Quantities!$R$2)*VLOOKUP(A288,Quantities[],Quantities!$Q$2)\n+VLOOKUP(A288,Quantities[],Quantities!$T$2)*VLOOKUP(A288,Quantities[],Quantities!$S$2))/\n(VLOOKUP(A288,Quantities[],Quantities!$O$2)+VLOOKUP(A288,Quantities[],Quantities!$Q$2)+VLOOKUP(A288,Quantities[],Quantities!$S$2)),\n\nIF($B288=\"Q\", (SUM(VLOOKUP($A288,Quantities[],Quantities!$P$2)*VLOOKUP($A288,Quantities[],Quantities!$O$2),VLOOKUP($A288,Quantities[],Quantities!$R$2)*VLOOKUP($A288,Quantities[],Quantities!$Q$2),VLOOKUP($A288,Quantities[],Quantities!$T$2)*VLOOKUP($A288,Quantities[],Quantities!$S$2)))/SUM(VLOOKUP($A288,Quantities[],Quantities!$O$2),VLOOKUP($A288,Quantities[],Quantities!$Q$2),VLOOKUP($A288,Quantities[],Quantities!$S$2)),\n\n VLOOKUP(A288,Quantities[],Quantities!$H$2)\n))))))","v":"-"},{"$f":"IF(LEFT(D288,1)=\"U\",\"-\",VLOOKUP(D288,Equipment[],Equipment!$B$2))","v":"-"}]
[{"$f":"Quantities!$A$78","v":3200},"M","e","U",{"$f":"CONCATENATE(TEXT(A289,\"0\"),\"-\",B289,\"-\",C289,\"-\",D289)","v":"3200-M-e-U"},{"$f":"IF(D289=\"Comb1\",CONCATENATE(VLOOKUP(B289,'Activity-Material_Codes'!$A$2:$B$26,Quantities!$B$2),\"-\",VLOOKUP(A289,Quantities[],Quantities!$D$2)),\nCONCATENATE(\nVLOOKUP(B289,'Activity-Material_Codes'!$A$2:$B$26,Quantities!$B$2),\nIF(AND(B289=\"B\",C289=\"a\"), \" Scraper Grading\", \"\"),\nIF(C289=\"b\",\"\",\"-\"),\nIF(C289=\"b\",\"\",VLOOKUP(A289,Quantities[],Quantities!$D$2)),\nIF(LEFT(TEXT(A289,\"0\"),1)=\"5\",\"\",\"-\"),\nIF(LEFT(TEXT(A289,\"0\"),1)=\"5\",\"\",VLOOKUP(C289,'Activity-Material_Codes'!$A$30:$B$36,Quantities!$B$2))\n))","v":"Post-Closure O&M-Demo Area-Final Grade"},{"$f":"CONCATENATE(\nIF(OR(RIGHT(TEXT($A289,\"0\"),Quantities!$B$2)=\"00\",LEFT(TEXT($A289,\"0\"),1)=\"5\",OR($C289=\"b\",$C289=\"f\")),\"\",VLOOKUP($A289,Quantities[],Quantities!$B$2)),\nIF(LEFT(TEXT($A289,\"0\"),1)=\"5\",\"\",\" \"),\nIF(OR(C289=\"a\",C289=\"c\",C289=\"d\",C289=\"e\"),IF(OR(RIGHT(TEXT($A289,\"0\"),Quantities!$B$2)=\"00\",LEFT(TEXT($A289,\"0\"),1)=\"5\"),VLOOKUP($A289,Quantities[],Quantities!$B$2),\"\"),\nIF(LEFT(TEXT($A289,\"0\"),1)=\"5\",VLOOKUP($A289,Quantities[],Quantities!$B$2),\nVLOOKUP(INDEX(Quantities!$A$100:$A$118,MATCH($A289,Quantities!$C$100:$C$118)),Quantities!$A$100:$B$118,Quantities!$B$2))))","v":" Building Demo Area"},{"$f":"IF(LEFT(TEXT(A289,\"0\"),1)=\"5\",\nVLOOKUP(VLOOKUP(A289,Quantities!$A$4:$D$118,Quantities!$C$2),Quantities!$A$4:$D$118,Quantities!$C$2),\nIF(OR(C289=\"a\",C289=\"c\",C289=\"d\",C289=\"e\"),\n\"-\",\nIF(RIGHT(TEXT(A289,\"0\"),2)=\"00\",VLOOKUP(A289,Quantities[],Quantities!$B$2),\nIF(C289=\"f\",VLOOKUP(A289,Quantities[],Quantities!$B$2),\nVLOOKUP(A289,Quantities[],Quantities!$C$2))\n)))","v":"-"},{"$f":"IF(OR(AND(LEFT(D289,2)=\"Sc\",B289=\"A\",C289=\"d\"),AND(C289=\"f\",B289=\"D\")),\nSUM(VLOOKUP($A289,Quantities[],Quantities!$O$2),VLOOKUP($A289,Quantities[],Quantities!$Q$2),VLOOKUP($A289,Quantities[],Quantities!$S$2)),\n\nIF(AND(LEFT(D289,2)=\"Sc\",OR(C289=\"a\",C289=\"f\")),\nVLOOKUP(A289,Quantities[],Quantities!$I$2),\n\nIF(AND(B289=\"D\",C289=\"b\"),\n VLOOKUP(INDEX(Quantities!$A$100:$A$118,MATCH($A289,Quantities!$C$100:$C$118)),Quantities!$A$100:$AJ$118,Quantities!$O$2)+\nVLOOKUP(INDEX(Quantities!$A$100:$A$118,MATCH($A289,Quantities!$C$100:$C$118)),Quantities!$A$100:$AJ$118,Quantities!$Q$2)+\nVLOOKUP(INDEX(Quantities!$A$100:$A$118,MATCH($A289,Quantities!$C$100:$C$118)),Quantities!$A$100:$AJ$118,Quantities!$S$2),\n\nIF(OR(B289=\"D\",B289=\"Q\"),\nSUM(VLOOKUP($A289,Quantities[],Quantities!$O$2),VLOOKUP($A289,Quantities[],Quantities!$Q$2),VLOOKUP($A289,Quantities[],Quantities!$S$2)),\n\n VLOOKUP(A289,Quantities[],Quantities!$G$2)\n))))","v":0},{"$f":"IF(LEFT(D289,2)=\"Mg\", VLOOKUP(A289,Quantities[],Quantities!$H$2),\n\nIF(OR(AND(LEFT(D289,2)=\"Sc\",B289=\"A\",C289=\"d\",C289=\"f\")),\n(SUM(VLOOKUP($A289,Quantities[],Quantities!$P$2)*VLOOKUP($A289,Quantities[],Quantities!$O$2),VLOOKUP($A289,Quantities[],Quantities!$R$2)*VLOOKUP($A289,Quantities[],Quantities!$Q$2),VLOOKUP($A289,Quantities[],Quantities!$T$2)*VLOOKUP($A289,Quantities[],Quantities!$S$2)))/SUM(VLOOKUP($A289,Quantities[],Quantities!$O$2),VLOOKUP($A289,Quantities[],Quantities!$Q$2),VLOOKUP($A289,Quantities[],Quantities!$S$2)),\n\nIF(AND(LEFT(D289,2)=\"Sc\",OR(C289=\"a\",C289=\"f\")),\nVLOOKUP(A289,Quantities[],Quantities!$J$2),\n\nIF(AND(B289=\"D\",C289=\"b\", (VLOOKUP(INDEX(Quantities!$A$100:$A$118,MATCH($A289,Quantities!$C$100:$C$118)),Quantities[],Quantities!$O$2)+VLOOKUP(INDEX(Quantities!$A$100:$A$118,MATCH($A289,Quantities!$C$100:$C$118)),Quantities[],Quantities!$Q$2)+VLOOKUP(INDEX(Quantities!$A$100:$A$118,MATCH($A289,Quantities!$C$100:$C$118)),Quantities[],Quantities!$S$2))>0),\n(VLOOKUP(INDEX(Quantities!$A$100:$A$118,MATCH($A289,Quantities!$C$100:$C$118)),Quantities[],Quantities!$P$2)*VLOOKUP(INDEX(Quantities!$A$100:$A$118,MATCH($A289,Quantities!$C$100:$C$118)),Quantities[],Quantities!$O$2)\n+VLOOKUP(INDEX(Quantities!$A$100:$A$118,MATCH($A289,Quantities!$C$100:$C$118)),Quantities[],Quantities!$R$2)*VLOOKUP(INDEX(Quantities!$A$100:$A$118,MATCH($A289,Quantities!$C$100:$C$118)),Quantities[],Quantities!$Q$2)\n+VLOOKUP(INDEX(Quantities!$A$100:$A$118,MATCH($A289,Quantities!$C$100:$C$118)),Quantities[],Quantities!$T$2)*VLOOKUP(INDEX(Quantities!$A$100:$A$118,MATCH($A289,Quantities!$C$100:$C$118)),Quantities[],Quantities!$S$2))/\n(VLOOKUP(INDEX(Quantities!$A$100:$A$118,MATCH($A289,Quantities!$C$100:$C$118)),Quantities[],Quantities!$O$2)+VLOOKUP(INDEX(Quantities!$A$100:$A$118,MATCH($A289,Quantities!$C$100:$C$118)),Quantities[],Quantities!$Q$2)+VLOOKUP(A289,Quantities[],Quantities!$S$2)),\n\nIF(AND(B289=\"D\", (VLOOKUP(A289,Quantities[],Quantities!$O$2)+VLOOKUP(A289,Quantities[],Quantities!$Q$2)+VLOOKUP(A289,Quantities[],Quantities!$S$2))>0),\n(VLOOKUP(A289,Quantities[],Quantities!$P$2)*VLOOKUP(A289,Quantities[],Quantities!$O$2)\n+VLOOKUP(A289,Quantities[],Quantities!$R$2)*VLOOKUP(A289,Quantities[],Quantities!$Q$2)\n+VLOOKUP(A289,Quantities[],Quantities!$T$2)*VLOOKUP(A289,Quantities[],Quantities!$S$2))/\n(VLOOKUP(A289,Quantities[],Quantities!$O$2)+VLOOKUP(A289,Quantities[],Quantities!$Q$2)+VLOOKUP(A289,Quantities[],Quantities!$S$2)),\n\nIF($B289=\"Q\", (SUM(VLOOKUP($A289,Quantities[],Quantities!$P$2)*VLOOKUP($A289,Quantities[],Quantities!$O$2),VLOOKUP($A289,Quantities[],Quantities!$R$2)*VLOOKUP($A289,Quantities[],Quantities!$Q$2),VLOOKUP($A289,Quantities[],Quantities!$T$2)*VLOOKUP($A289,Quantities[],Quantities!$S$2)))/SUM(VLOOKUP($A289,Quantities[],Quantities!$O$2),VLOOKUP($A289,Quantities[],Quantities!$Q$2),VLOOKUP($A289,Quantities[],Quantities!$S$2)),\n\n VLOOKUP(A289,Quantities[],Quantities!$H$2)\n))))))","v":"-"},{"$f":"IF(LEFT(D289,1)=\"U\",\"-\",VLOOKUP(D289,Equipment[],Equipment!$B$2))","v":"-"}]
[]
[]
[]
[]
[]
[]
[]
[]
[]
[]
[]
[]
[]
[]
[]
[]
[]
[]
[]
[]
[]
[]
[]
[]
[]
[]
[]
[]
[]
[]
[]
[]
[]
[]
[]
[]
[]
[]
[]
[]
[null,null,null,null,null,null,null,null,null," "]

{"sheet":"4   Earthwork","index":7,"n_rows":289,"n_cols":15,"rows_kept":289,"cut":false,"hidden":false,"merged":[]}
[null,null,null,null,null,null,null,null,null,null,null,null,{"$f":"'1 General'!C1","v":"Tyrone Mine"}]
[null,null,null,null,null,null,null,null,null,null,null,null,"Stockpile Spreadsheet Worksheet #4"]
[null,null,null,null,"Earthwork Quantity Worksheet",null,null,null,null,null,null,null,{"$f":"'1 General'!$C$3","v":"2020-04-29"}]
[]
[null,null,null,null,"Notes and Assumptions:"]
[null,null,null,null,"  1 - Acres and volumes based on 2015 Tyrone RCE Submittal"]
[null,null,null,null,"  2 - Cover Material Swell: The 'Loose Volume' is calculated based on the acreage to be covered, cover depth, and accounts for appropriate swell factor.  "]
[null,null,null,null,"  3 - Has been agreed upon with State agencies that swell occurs when cover material is moved from source to haul truck but not from the truck to placement on stockpile"]
[]
[]
[]
[]
[]
["Item","Activity","Material","Eq","ID","Description","Source Location 1","Destination Location 2","Area (ac)1","Cover Depth (in)","Bank/Stockpile Volume (bcy)1","Swell Factor (%)3","Loose/Stockpile Volume (lcy)2"]
[{"$f":"'3   Material'!A15","v":3401},{"$f":"'3   Material'!B15","v":"M"},{"$f":"'3   Material'!C15","v":"e"},{"$f":"'3   Material'!D15","v":"U"},{"$f":"'3   Material'!$E$15:$E$322","v":"3401-M-e-U"},{"$f":"'3   Material'!$F$15:$F$322","v":"Post-Closure O&M-Mining Area-Final Grade"},{"$f":"'3   Material'!$G$15:$G$322","v":"Reclaimed 1C Waste Stockpile "},{"$f":"'3   Material'!$H$15:$H$322","v":"-"},{"$f":"IF(B15=\"P\",0,\nIF(AND(LEFT(D15,2)=\"Mg\",B15=\"A\",C15=\"a\"),(1+L15)*VLOOKUP($A15,Quantities[],Quantities!$E$2)/43560,\nVLOOKUP($A15,Quantities[],Quantities!$E$2)/43560))","v":45},{"$f":"IF(B15=\"P\",0,\nIF(AND(OR(C15=\"b\",C15=\"d\"),OR('4   Earthwork'!$B15=\"C\",'4   Earthwork'!$B15=\"D\",'4   Earthwork'!$B15=\"A\",'4   Earthwork'!$B15=\"E\",'4   Earthwork'!$B15=\"B\")),\nVLOOKUP(INDEX(Quantities!$A$100:$A$118,MATCH($A15,Quantities!$C$100:$C$118)),Quantities!$A$100:$AJ$118,Quantities!$U$2),\n0))","v":0},{"$f":"IF(B15=\"P\",0,\nIF(OR(C15=\"b\",C15=\"d\"),\nM15/(1+L15),\nIF(OR(LEFT(D15,2)=\"Rp\",LEFT(D15,2)=\"Mg\"),0,\nVLOOKUP(A15,Quantities[],Quantities!$F$2)+VLOOKUP(A15,Quantities[],Quantities!$AB$2))))","v":0},{"$f":"IF(B15=\"P\",\"-\",\nIF(C15=\"b\",\nVLOOKUP(INDEX(Quantities!$A$100:$A$118,MATCH(A15,Quantities!$C$100:$C$118)),Quantities[],Quantities!$V$2),\nIF(C15=\"a\",\nVLOOKUP(A15,Quantities[],Quantities!$V$2,0),\n0)))","v":0},{"$f":"IF(B15=\"P\",0,\nIF(AND(OR(C15=\"b\",C15=\"d\"),NOT($B15=\"E\")),\nI15*J15*43560/(12*27),\nIF(OR(LEFT(D15,2)=\"Rp\",LEFT(D15,2)=\"Mg\"),0,\nK15*(1+L15))))","v":0},null,{"$f":"LEFT(TEXT(A15,\"0\"),2)","v":"34"}]
[{"$f":"'3   Material'!A16","v":3402},{"$f":"'3   Material'!B16","v":"M"},{"$f":"'3   Material'!C16","v":"e"},{"$f":"'3   Material'!D16","v":"U"},{"$f":"'3   Material'!$E$15:$E$322","v":"3402-M-e-U"},{"$f":"'3   Material'!$F$15:$F$322","v":"Post-Closure O&M-Mining Area-Final Grade"},{"$f":"'3   Material'!$G$15:$G$322","v":"Reclaimed 1C Waste Stockpile "},{"$f":"'3   Material'!$H$15:$H$322","v":"-"},{"$f":"IF(B16=\"P\",0,\nIF(AND(LEFT(D16,2)=\"Mg\",B16=\"A\",C16=\"a\"),(1+L16)*VLOOKUP($A16,Quantities[],Quantities!$E$2)/43560,\nVLOOKUP($A16,Quantities[],Quantities!$E$2)/43560))","v":111.7},{"$f":"IF(B16=\"P\",0,\nIF(AND(OR(C16=\"b\",C16=\"d\"),OR('4   Earthwork'!$B16=\"C\",'4   Earthwork'!$B16=\"D\",'4   Earthwork'!$B16=\"A\",'4   Earthwork'!$B16=\"E\",'4   Earthwork'!$B16=\"B\")),\nVLOOKUP(INDEX(Quantities!$A$100:$A$118,MATCH($A16,Quantities!$C$100:$C$118)),Quantities!$A$100:$AJ$118,Quantities!$U$2),\n0))","v":0},{"$f":"IF(B16=\"P\",0,\nIF(OR(C16=\"b\",C16=\"d\"),\nM16/(1+L16),\nIF(OR(LEFT(D16,2)=\"Rp\",LEFT(D16,2)=\"Mg\"),0,\nVLOOKUP(A16,Quantities[],Quantities!$F$2)+VLOOKUP(A16,Quantities[],Quantities!$AB$2))))","v":0},{"$f":"IF(B16=\"P\",\"-\",\nIF(C16=\"b\",\nVLOOKUP(INDEX(Quantities!$A$100:$A$118,MATCH(A16,Quantities!$C$100:$C$118)),Quantities[],Quantities!$V$2),\nIF(C16=\"a\",\nVLOOKUP(A16,Quantities[],Quantities!$V$2,0),\n0)))","v":0},{"$f":"IF(B16=\"P\",0,\nIF(AND(OR(C16=\"b\",C16=\"d\"),NOT($B16=\"E\")),\nI16*J16*43560/(12*27),\nIF(OR(LEFT(D16,2)=\"Rp\",LEFT(D16,2)=\"Mg\"),0,\nK16*(1+L16))))","v":0},null,{"$f":"LEFT(TEXT(A16,\"0\"),2)","v":"34"}]
[{"$f":"'3   Material'!A17","v":3403},{"$f":"'3   Material'!B17","v":"M"},{"$f":"'3   Material'!C17","v":"e"},{"$f":"'3   Material'!D17","v":"U"},{"$f":"'3   Material'!$E$15:$E$322","v":"3403-M-e-U"},{"$f":"'3   Material'!$F$15:$F$322","v":"Post-Closure O&M-Mining Area-Final Grade"},{"$f":"'3   Material'!$G$15:$G$322","v":"Reclaimed 7A Waste "},{"$f":"'3   Material'!$H$15:$H$322","v":"-"},{"$f":"IF(B17=\"P\",0,\nIF(AND(LEFT(D17,2)=\"Mg\",B17=\"A\",C17=\"a\"),(1+L17)*VLOOKUP($A17,Quantities[],Quantities!$E$2)/43560,\nVLOOKUP($A17,Quantities[],Quantities!$E$2)/43560))","v":34},{"$f":"IF(B17=\"P\",0,\nIF(AND(OR(C17=\"b\",C17=\"d\"),OR('4   Earthwork'!$B17=\"C\",'4   Earthwork'!$B17=\"D\",'4   Earthwork'!$B17=\"A\",'4   Earthwork'!$B17=\"E\",'4   Earthwork'!$B17=\"B\")),\nVLOOKUP(INDEX(Quantities!$A$100:$A$118,MATCH($A17,Quantities!$C$100:$C$118)),Quantities!$A$100:$AJ$118,Quantities!$U$2),\n0))","v":0},{"$f":"IF(B17=\"P\",0,\nIF(OR(C17=\"b\",C17=\"d\"),\nM17/(1+L17),\nIF(OR(LEFT(D17,2)=\"Rp\",LEFT(D17,2)=\"Mg\"),0,\nVLOOKUP(A17,Quantities[],Quantities!$F$2)+VLOOKUP(A17,Quantities[],Quantities!$AB$2))))","v":0},{"$f":"IF(B17=\"P\",\"-\",\nIF(C17=\"b\",\nVLOOKUP(INDEX(Quantities!$A$100:$A$118,MATCH(A17,Quantities!$C$100:$C$118)),Quantities[],Quantities!$V$2),\nIF(C17=\"a\",\nVLOOKUP(A17,Quantities[],Quantities!$V$2,0),\n0)))","v":0},0,null,"34"]
[{"$f":"'3   Material'!A18","v":3404},{"$f":"'3   Material'!B18","v":"M"},{"$f":"'3   Material'!C18","v":"e"},{"$f":"'3   Material'!D18","v":"U"},{"$f":"'3   Material'!$E$15:$E$322","v":"3404-M-e-U"},{"$f":"'3   Material'!$F$15:$F$322","v":"Post-Closure O&M-Mining Area-Final Grade"},{"$f":"'3   Material'!$G$15:$G$322","v":"Reclaimed 7A Waste "},{"$f":"'3   Material'!$H$15:$H$322","v":"-"},{"$f":"IF(B18=\"P\",0,\nIF(AND(LEFT(D18,2)=\"Mg\",B18=\"A\",C18=\"a\"),(1+L18)*VLOOKUP($A18,Quantities[],Quantities!$E$2)/43560,\nVLOOKUP($A18,Quantities[],Quantities!$E$2)/43560))","v":38.200000000000003},{"$f":"IF(B18=\"P\",0,\nIF(AND(OR(C18=\"b\",C18=\"d\"),OR('4   Earthwork'!$B18=\"C\",'4   Earthwork'!$B18=\"D\",'4   Earthwork'!$B18=\"A\",'4   Earthwork'!$B18=\"E\",'4   Earthwork'!$B18=\"B\")),\nVLOOKUP(INDEX(Quantities!$A$100:$A$118,MATCH($A18,Quantities!$C$100:$C$118)),Quantities!$A$100:$AJ$118,Quantities!$U$2),\n0))","v":0},{"$f":"IF(B18=\"P\",0,\nIF(OR(C18=\"b\",C18=\"d\"),\nM18/(1+L18),\nIF(OR(LEFT(D18,2)=\"Rp\",LEFT(D18,2)=\"Mg\"),0,\nVLOOKUP(A18,Quantities[],Quantities!$F$2)+VLOOKUP(A18,Quantities[],Quantities!$AB$2))))","v":0},{"$f":"IF(B18=\"P\",\"-\",\nIF(C18=\"b\",\nVLOOKUP(INDEX(Quantities!$A$100:$A$118,MATCH(A18,Quantities!$C$100:$C$118)),Quantities[],Quantities!$V$2),\nIF(C18=\"a\",\nVLOOKUP(A18,Quantities[],Quantities!$V$2,0),\n0)))","v":0},0,null,"34"]
[{"$f":"'3   Material'!A19","v":3405},{"$f":"'3   Material'!B19","v":"M"},{"$f":"'3   Material'!C19","v":"e"},{"$f":"'3   Material'!D19","v":"U"},{"$f":"'3   Material'!$E$15:$E$322","v":"3405-M-e-U"},{"$f":"'3   Material'!$F$15:$F$322","v":"Post-Closure O&M-Mining Area-Final Grade"},{"$f":"'3   Material'!$G$15:$G$322","v":"Reclaimed 7A Waste "},{"$f":"'3   Material'!$H$15:$H$322","v":"-"},{"$f":"IF(B19=\"P\",0,\nIF(AND(LEFT(D19,2)=\"Mg\",B19=\"A\",C19=\"a\"),(1+L19)*VLOOKUP($A19,Quantities[],Quantities!$E$2)/43560,\nVLOOKUP($A19,Quantities[],Quantities!$E$2)/43560))","v":7.7},{"$f":"IF(B19=\"P\",0,\nIF(AND(OR(C19=\"b\",C19=\"d\"),OR('4   Earthwork'!$B19=\"C\",'4   Earthwork'!$B19=\"D\",'4   Earthwork'!$B19=\"A\",'4   Earthwork'!$B19=\"E\",'4   Earthwork'!$B19=\"B\")),\nVLOOKUP(INDEX(Quantities!$A$100:$A$118,MATCH($A19,Quantities!$C$100:$C$118)),Quantities!$A$100:$AJ$118,Quantities!$U$2),\n0))","v":0},{"$f":"IF(B19=\"P\",0,\nIF(OR(C19=\"b\",C19=\"d\"),\nM19/(1+L19),\nIF(OR(LEFT(D19,2)=\"Rp\",LEFT(D19,2)=\"Mg\"),0,\nVLOOKUP(A19,Quantities[],Quantities!$F$2)+VLOOKUP(A19,Quantities[],Quantities!$AB$2))))","v":0},{"$f":"IF(B19=\"P\",\"-\",\nIF(C19=\"b\",\nVLOOKUP(INDEX(Quantities!$A$100:$A$118,MATCH(A19,Quantities!$C$100:$C$118)),Quantities[],Quantities!$V$2),\nIF(C19=\"a\",\nVLOOKUP(A19,Quantities[],Quantities!$V$2,0),\n0)))","v":0},0,null,"34"]
[{"$f":"'3   Material'!A20","v":3406},{"$f":"'3   Material'!B20","v":"M"},{"$f":"'3   Material'!C20","v":"e"},{"$f":"'3   Material'!D20","v":"U"},{"$f":"'3   Material'!$E$15:$E$322","v":"3406-M-e-U"},{"$f":"'3   Material'!$F$15:$F$322","v":"Post-Closure O&M-Mining Area-Final Grade"},{"$f":"'3   Material'!$G$15:$G$322","v":"Reclaimed 7A Waste "},{"$f":"'3   Material'!$H$15:$H$322","v":"-"},{"$f":"IF(B20=\"P\",0,\nIF(AND(LEFT(D20,2)=\"Mg\",B20=\"A\",C20=\"a\"),(1+L20)*VLOOKUP($A20,Quantities[],Quantities!$E$2)/43560,\nVLOOKUP($A20,Quantities[],Quantities!$E$2)/43560))","v":4},{"$f":"IF(B20=\"P\",0,\nIF(AND(OR(C20=\"b\",C20=\"d\"),OR('4   Earthwork'!$B20=\"C\",'4   Earthwork'!$B20=\"D\",'4   Earthwork'!$B20=\"A\",'4   Earthwork'!$B20=\"E\",'4   Earthwork'!$B20=\"B\")),\nVLOOKUP(INDEX(Quantities!$A$100:$A$118,MATCH($A20,Quantities!$C$100:$C$118)),Quantities!$A$100:$AJ$118,Quantities!$U$2),\n0))","v":0},{"$f":"IF(B20=\"P\",0,\nIF(OR(C20=\"b\",C20=\"d\"),\nM20/(1+L20),\nIF(OR(LEFT(D20,2)=\"Rp\",LEFT(D20,2)=\"Mg\"),0,\nVLOOKUP(A20,Quantities[],Quantities!$F$2)+VLOOKUP(A20,Quantities[],Quantities!$AB$2))))","v":0},{"$f":"IF(B20=\"P\",\"-\",\nIF(C20=\"b\",\nVLOOKUP(INDEX(Quantities!$A$100:$A$118,MATCH(A20,Quantities!$C$100:$C$118)),Quantities[],Quantities!$V$2),\nIF(C20=\"a\",\nVLOOKUP(A20,Quantities[],Quantities!$V$2,0),\n0)))","v":0},{"$f":"IF(B20=\"P\",0,\nIF(AND(OR(C20=\"b\",C20=\"d\"),NOT($B20=\"E\")),\nI20*J20*43560/(12*27),\nIF(OR(LEFT(D20,2)=\"Rp\",LEFT(D20,2)=\"Mg\"),0,\nK20*(1+L20))))","v":0},null,{"$f":"LEFT(TEXT(A20,\"0\"),2)","v":"34"}]
[{"$f":"'3   Material'!A21","v":3407},{"$f":"'3   Material'!B21","v":"M"},{"$f":"'3   Material'!C21","v":"e"},{"$f":"'3   Material'!D21","v":"U"},{"$f":"'3   Material'!$E$15:$E$322","v":"3407-M-e-U"},{"$f":"'3   Material'!$F$15:$F$322","v":"Post-Closure O&M-Mining Area-Final Grade"},{"$f":"'3   Material'!$G$15:$G$322","v":"Reclaimed 7A Waste "},{"$f":"'3   Material'!$H$15:$H$322","v":"-"},{"$f":"IF(B21=\"P\",0,\nIF(AND(LEFT(D21,2)=\"Mg\",B21=\"A\",C21=\"a\"),(1+L21)*VLOOKUP($A21,Quantities[],Quantities!$E$2)/43560,\nVLOOKUP($A21,Quantities[],Quantities!$E$2)/43560))","v":18.3},{"$f":"IF(B21=\"P\",0,\nIF(AND(OR(C21=\"b\",C21=\"d\"),OR('4   Earthwork'!$B21=\"C\",'4   Earthwork'!$B21=\"D\",'4   Earthwork'!$B21=\"A\",'4   Earthwork'!$B21=\"E\",'4   Earthwork'!$B21=\"B\")),\nVLOOKUP(INDEX(Quantities!$A$100:$A$118,MATCH($A21,Quantities!$C$100:$C$118)),Quantities!$A$100:$AJ$118,Quantities!$U$2),\n0))","v":0},{"$f":"IF(B21=\"P\",0,\nIF(OR(C21=\"b\",C21=\"d\"),\nM21/(1+L21),\nIF(OR(LEFT(D21,2)=\"Rp\",LEFT(D21,2)=\"Mg\"),0,\nVLOOKUP(A21,Quantities[],Quantities!$F$2)+VLOOKUP(A21,Quantities[],Quantities!$AB$2))))","v":0},{"$f":"IF(B21=\"P\",\"-\",\nIF(C21=\"b\",\nVLOOKUP(INDEX(Quantities!$A$100:$A$118,MATCH(A21,Quantities!$C$100:$C$118)),Quantities[],Quantities!$V$2),\nIF(C21=\"a\",\nVLOOKUP(A21,Quantities[],Quantities!$V$2,0),\n0)))","v":0},0,null,"34"]
[{"$f":"'3   Material'!A22","v":3408},{"$f":"'3   Material'!B22","v":"M"},{"$f":"'3   Material'!C22","v":"e"},{"$f":"'3   Material'!D22","v":"U"},{"$f":"'3   Material'!$E$15:$E$322","v":"3408-M-e-U"},{"$f":"'3   Material'!$F$15:$F$322","v":"Post-Closure O&M-Mining Area-Final Grade"},{"$f":"'3   Material'!$G$15:$G$322","v":"Reclaimed 7A Waste "},{"$f":"'3   Material'!$H$15:$H$322","v":"-"},{"$f":"IF(B22=\"P\",0,\nIF(AND(LEFT(D22,2)=\"Mg\",B22=\"A\",C22=\"a\"),(1+L22)*VLOOKUP($A22,Quantities[],Quantities!$E$2)/43560,\nVLOOKUP($A22,Quantities[],Quantities!$E$2)/43560))","v":27.2},{"$f":"IF(B22=\"P\",0,\nIF(AND(OR(C22=\"b\",C22=\"d\"),OR('4   Earthwork'!$B22=\"C\",'4   Earthwork'!$B22=\"D\",'4   Earthwork'!$B22=\"A\",'4   Earthwork'!$B22=\"E\",'4   Earthwork'!$B22=\"B\")),\nVLOOKUP(INDEX(Quantities!$A$100:$A$118,MATCH($A22,Quantities!$C$100:$C$118)),Quantities!$A$100:$AJ$118,Quantities!$U$2),\n0))","v":0},{"$f":"IF(B22=\"P\",0,\nIF(OR(C22=\"b\",C22=\"d\"),\nM22/(1+L22),\nIF(OR(LEFT(D22,2)=\"Rp\",LEFT(D22,2)=\"Mg\"),0,\nVLOOKUP(A22,Quantities[],Quantities!$F$2)+VLOOKUP(A22,Quantities[],Quantities!$AB$2))))","v":0},{"$f":"IF(B22=\"P\",\"-\",\nIF(C22=\"b\",\nVLOOKUP(INDEX(Quantities!$A$100:$A$118,MATCH(A22,Quantities!$C$100:$C$118)),Quantities[],Quantities!$V$2),\nIF(C22=\"a\",\nVLOOKUP(A22,Quantities[],Quantities!$V$2,0),\n0)))","v":0},0,null,"34"]
[{"$f":"'3   Material'!A23","v":3409},{"$f":"'3   Material'!B23","v":"M"},{"$f":"'3   Material'!C23","v":"e"},{"$f":"'3   Material'!D23","v":"U"},{"$f":"'3   Material'!$E$15:$E$322","v":"3409-M-e-U"},{"$f":"'3   Material'!$F$15:$F$322","v":"Post-Closure O&M-No Man's Land-Final Grade"},{"$f":"'3   Material'!$G$15:$G$322","v":"Reclaimed 7A Waste "},{"$f":"'3   Material'!$H$15:$H$322","v":"-"},{"$f":"IF(B23=\"P\",0,\nIF(AND(LEFT(D23,2)=\"Mg\",B23=\"A\",C23=\"a\"),(1+L23)*VLOOKUP($A23,Quantities[],Quantities!$E$2)/43560,\nVLOOKUP($A23,Quantities[],Quantities!$E$2)/43560))","v":4},{"$f":"IF(B23=\"P\",0,\nIF(AND(OR(C23=\"b\",C23=\"d\"),OR('4   Earthwork'!$B23=\"C\",'4   Earthwork'!$B23=\"D\",'4   Earthwork'!$B23=\"A\",'4   Earthwork'!$B23=\"E\",'4   Earthwork'!$B23=\"B\")),\nVLOOKUP(INDEX(Quantities!$A$100:$A$118,MATCH($A23,Quantities!$C$100:$C$118)),Quantities!$A$100:$AJ$118,Quantities!$U$2),\n0))","v":0},{"$f":"IF(B23=\"P\",0,\nIF(OR(C23=\"b\",C23=\"d\"),\nM23/(1+L23),\nIF(OR(LEFT(D23,2)=\"Rp\",LEFT(D23,2)=\"Mg\"),0,\nVLOOKUP(A23,Quantities[],Quantities!$F$2)+VLOOKUP(A23,Quantities[],Quantities!$AB$2))))","v":0},{"$f":"IF(B23=\"P\",\"-\",\nIF(C23=\"b\",\nVLOOKUP(INDEX(Quantities!$A$100:$A$118,MATCH(A23,Quantities!$C$100:$C$118)),Quantities[],Quantities!$V$2),\nIF(C23=\"a\",\nVLOOKUP(A23,Quantities[],Quantities!$V$2,0),\n0)))","v":0},0,null,"34"]
[{"$f":"'3   Material'!A24","v":3410},{"$f":"'3   Material'!B24","v":"M"},{"$f":"'3   Material'!C24","v":"e"},{"$f":"'3   Material'!D24","v":"U"},{"$f":"'3   Material'!$E$15:$E$322","v":"3410-M-e-U"},{"$f":"'3   Material'!$F$15:$F$322","v":"Post-Closure O&M-Mangas Valley Tailing Area-Final Grade"},{"$f":"'3   Material'!$G$15:$G$322","v":"Reclaimed 1 Tailing Impoundment, Reclaimed 1A Tailing Impoundment, Reclaimed 1X Tailing Impoundment "},{"$f":"'3   Material'!$H$15:$H$322","v":"-"},{"$f":"IF(B24=\"P\",0,\nIF(AND(LEFT(D24,2)=\"Mg\",B24=\"A\",C24=\"a\"),(1+L24)*VLOOKUP($A24,Quantities[],Quantities!$E$2)/43560,\nVLOOKUP($A24,Quantities[],Quantities!$E$2)/43560))","v":1547},{"$f":"IF(B24=\"P\",0,\nIF(AND(OR(C24=\"b\",C24=\"d\"),OR('4   Earthwork'!$B24=\"C\",'4   Earthwork'!$B24=\"D\",'4   Earthwork'!$B24=\"A\",'4   Earthwork'!$B24=\"E\",'4   Earthwork'!$B24=\"B\")),\nVLOOKUP(INDEX(Quantities!$A$100:$A$118,MATCH($A24,Quantities!$C$100:$C$118)),Quantities!$A$100:$AJ$118,Quantities!$U$2),\n0))","v":0},{"$f":"IF(B24=\"P\",0,\nIF(OR(C24=\"b\",C24=\"d\"),\nM24/(1+L24),\nIF(OR(LEFT(D24,2)=\"Rp\",LEFT(D24,2)=\"Mg\"),0,\nVLOOKUP(A24,Quantities[],Quantities!$F$2)+VLOOKUP(A24,Quantities[],Quantities!$AB$2))))","v":0},{"$f":"IF(B24=\"P\",\"-\",\nIF(C24=\"b\",\nVLOOKUP(INDEX(Quantities!$A$100:$A$118,MATCH(A24,Quantities!$C$100:$C$118)),Quantities[],Quantities!$V$2),\nIF(C24=\"a\",\nVLOOKUP(A24,Quantities[],Quantities!$V$2,0),\n0)))","v":0},0,null,"34"]
[{"$f":"'3   Material'!A25","v":3411},{"$f":"'3   Material'!B25","v":"M"},{"$f":"'3   Material'!C25","v":"e"},{"$f":"'3   Material'!D25","v":"U"},{"$f":"'3   Material'!$E$15:$E$322","v":"3411-M-e-U"},{"$f":"'3   Material'!$F$15:$F$322","v":"Post-Closure O&M-Mangas Valley Tailing Area-Final Grade"},{"$f":"'3   Material'!$G$15:$G$322","v":"Reclaimed 2 Tailing Impoundment "},{"$f":"'3   Material'!$H$15:$H$322","v":"-"},{"$f":"IF(B25=\"P\",0,\nIF(AND(LEFT(D25,2)=\"Mg\",B25=\"A\",C25=\"a\"),(1+L25)*VLOOKUP($A25,Quantities[],Quantities!$E$2)/43560,\nVLOOKUP($A25,Quantities[],Quantities!$E$2)/43560))","v":606},{"$f":"IF(B25=\"P\",0,\nIF(AND(OR(C25=\"b\",C25=\"d\"),OR('4   Earthwork'!$B25=\"C\",'4   Earthwork'!$B25=\"D\",'4   Earthwork'!$B25=\"A\",'4   Earthwork'!$B25=\"E\",'4   Earthwork'!$B25=\"B\")),\nVLOOKUP(INDEX(Quantities!$A$100:$A$118,MATCH($A25,Quantities!$C$100:$C$118)),Quantities!$A$100:$AJ$118,Quantities!$U$2),\n0))","v":0},{"$f":"IF(B25=\"P\",0,\nIF(OR(C25=\"b\",C25=\"d\"),\nM25/(1+L25),\nIF(OR(LEFT(D25,2)=\"Rp\",LEFT(D25,2)=\"Mg\"),0,\nVLOOKUP(A25,Quantities[],Quantities!$F$2)+VLOOKUP(A25,Quantities[],Quantities!$AB$2))))","v":0},{"$f":"IF(B25=\"P\",\"-\",\nIF(C25=\"b\",\nVLOOKUP(INDEX(Quantities!$A$100:$A$118,MATCH(A25,Quantities!$C$100:$C$118)),Quantities[],Quantities!$V$2),\nIF(C25=\"a\",\nVLOOKUP(A25,Quantities[],Quantities!$V$2,0),\n0)))","v":0},0,null,"34"]
[{"$f":"'3   Material'!A26","v":3412},{"$f":"'3   Material'!B26","v":"M"},{"$f":"'3   Material'!C26","v":"e"},{"$f":"'3   Material'!D26","v":"U"},{"$f":"'3   Material'!$E$15:$E$322","v":"3412-M-e-U"},{"$f":"'3   Material'!$F$15:$F$322","v":"Post-Closure O&M-Mangas Valley Tailing Area-Final Grade"},{"$f":"'3   Material'!$G$15:$G$322","v":"Reclaimed 3X Tailing Impoundment "},{"$f":"'3   Material'!$H$15:$H$322","v":"-"},{"$f":"IF(B26=\"P\",0,\nIF(AND(LEFT(D26,2)=\"Mg\",B26=\"A\",C26=\"a\"),(1+L26)*VLOOKUP($A26,Quantities[],Quantities!$E$2)/43560,\nVLOOKUP($A26,Quantities[],Quantities!$E$2)/43560))","v":365},{"$f":"IF(B26=\"P\",0,\nIF(AND(OR(C26=\"b\",C26=\"d\"),OR('4   Earthwork'!$B26=\"C\",'4   Earthwork'!$B26=\"D\",'4   Earthwork'!$B26=\"A\",'4   Earthwork'!$B26=\"E\",'4   Earthwork'!$B26=\"B\")),\nVLOOKUP(INDEX(Quantities!$A$100:$A$118,MATCH($A26,Quantities!$C$100:$C$118)),Quantities!$A$100:$AJ$118,Quantities!$U$2),\n0))","v":0},{"$f":"IF(B26=\"P\",0,\nIF(OR(C26=\"b\",C26=\"d\"),\nM26/(1+L26),\nIF(OR(LEFT(D26,2)=\"Rp\",LEFT(D26,2)=\"Mg\"),0,\nVLOOKUP(A26,Quantities[],Quantities!$F$2)+VLOOKUP(A26,Quantities[],Quantities!$AB$2))))","v":0},{"$f":"IF(B26=\"P\",\"-\",\nIF(C26=\"b\",\nVLOOKUP(INDEX(Quantities!$A$100:$A$118,MATCH(A26,Quantities!$C$100:$C$118)),Quantities[],Quantities!$V$2),\nIF(C26=\"a\",\nVLOOKUP(A26,Quantities[],Quantities!$V$2,0),\n0)))","v":0},{"$f":"IF(B26=\"P\",0,\nIF(AND(OR(C26=\"b\",C26=\"d\"),NOT($B26=\"E\")),\nI26*J26*43560/(12*27),\nIF(OR(LEFT(D26,2)=\"Rp\",LEFT(D26,2)=\"Mg\"),0,\nK26*(1+L26))))","v":0},null,{"$f":"LEFT(TEXT(A26,\"0\"),2)","v":"34"}]
[{"$f":"'3   Material'!A27","v":3413},{"$f":"'3   Material'!B27","v":"M"},{"$f":"'3   Material'!C27","v":"e"},{"$f":"'3   Material'!D27","v":"U"},{"$f":"'3   Material'!$E$15:$E$322","v":"3413-M-e-U"},{"$f":"'3   Material'!$F$15:$F$322","v":"Post-Closure O&M-Mangas Valley Tailing Area-Final Grade"},{"$f":"'3   Material'!$G$15:$G$322","v":"Reclaimed 3 Tailing Impoundment "},{"$f":"'3   Material'!$H$15:$H$322","v":"-"},{"$f":"IF(B27=\"P\",0,\nIF(AND(LEFT(D27,2)=\"Mg\",B27=\"A\",C27=\"a\"),(1+L27)*VLOOKUP($A27,Quantities[],Quantities!$E$2)/43560,\nVLOOKUP($A27,Quantities[],Quantities!$E$2)/43560))","v":643},{"$f":"IF(B27=\"P\",0,\nIF(AND(OR(C27=\"b\",C27=\"d\"),OR('4   Earthwork'!$B27=\"C\",'4   Earthwork'!$B27=\"D\",'4   Earthwork'!$B27=\"A\",'4   Earthwork'!$B27=\"E\",'4   Earthwork'!$B27=\"B\")),\nVLOOKUP(INDEX(Quantities!$A$100:$A$118,MATCH($A27,Quantities!$C$100:$C$118)),Quantities!$A$100:$AJ$118,Quantities!$U$2),\n0))","v":0},{"$f":"IF(B27=\"P\",0,\nIF(OR(C27=\"b\",C27=\"d\"),\nM27/(1+L27),\nIF(OR(LEFT(D27,2)=\"Rp\",LEFT(D27,2)=\"Mg\"),0,\nVLOOKUP(A27,Quantities[],Quantities!$F$2)+VLOOKUP(A27,Quantities[],Quantities!$AB$2))))","v":0},{"$f":"IF(B27=\"P\",\"-\",\nIF(C27=\"b\",\nVLOOKUP(INDEX(Quantities!$A$100:$A$118,MATCH(A27,Quantities!$C$100:$C$118)),Quantities[],Quantities!$V$2),\nIF(C27=\"a\",\nVLOOKUP(A27,Quantities[],Quantities!$V$2,0),\n0)))","v":0},0,null,"34"]
[{"$f":"'3   Material'!A28","v":3414},{"$f":"'3   Material'!B28","v":"M"},{"$f":"'3   Material'!C28","v":"e"},{"$f":"'3   Material'!D28","v":"U"},{"$f":"'3   Material'!$E$15:$E$322","v":"3414-M-e-U"},{"$f":"'3   Material'!$F$15:$F$322","v":"Post-Closure O&M-East Mine Area-Final Grade"},{"$f":"'3   Material'!$G$15:$G$322","v":"Reclaimed Burro Mountain Tailing Impoundment "},{"$f":"'3   Material'!$H$15:$H$322","v":"-"},{"$f":"IF(B28=\"P\",0,\nIF(AND(LEFT(D28,2)=\"Mg\",B28=\"A\",C28=\"a\"),(1+L28)*VLOOKUP($A28,Quantities[],Quantities!$E$2)/43560,\nVLOOKUP($A28,Quantities[],Quantities!$E$2)/43560))","v":58},{"$f":"IF(B28=\"P\",0,\nIF(AND(OR(C28=\"b\",C28=\"d\"),OR('4   Earthwork'!$B28=\"C\",'4   Earthwork'!$B28=\"D\",'4   Earthwork'!$B28=\"A\",'4   Earthwork'!$B28=\"E\",'4   Earthwork'!$B28=\"B\")),\nVLOOKUP(INDEX(Quantities!$A$100:$A$118,MATCH($A28,Quantities!$C$100:$C$118)),Quantities!$A$100:$AJ$118,Quantities!$U$2),\n0))","v":0},{"$f":"IF(B28=\"P\",0,\nIF(OR(C28=\"b\",C28=\"d\"),\nM28/(1+L28),\nIF(OR(LEFT(D28,2)=\"Rp\",LEFT(D28,2)=\"Mg\"),0,\nVLOOKUP(A28,Quantities[],Quantities!$F$2)+VLOOKUP(A28,Quantities[],Quantities!$AB$2))))","v":0},{"$f":"IF(B28=\"P\",\"-\",\nIF(C28=\"b\",\nVLOOKUP(INDEX(Quantities!$A$100:$A$118,MATCH(A28,Quantities!$C$100:$C$118)),Quantities[],Quantities!$V$2),\nIF(C28=\"a\",\nVLOOKUP(A28,Quantities[],Quantities!$V$2,0),\n0)))","v":0},0,null,"34"]
[{"$f":"'3   Material'!A29","v":3415},{"$f":"'3   Material'!B29","v":"M"},{"$f":"'3   Material'!C29","v":"e"},{"$f":"'3   Material'!D29","v":"U"},{"$f":"'3   Material'!$E$15:$E$322","v":"3415-M-e-U"},{"$f":"'3   Material'!$F$15:$F$322","v":"Post-Closure O&M-East Mine Area-Final Grade"},{"$f":"'3   Material'!$G$15:$G$322","v":"Reclaimed Burro Mountain Tailing Impoundment "},{"$f":"'3   Material'!$H$15:$H$322","v":"-"},{"$f":"IF(B29=\"P\",0,\nIF(AND(LEFT(D29,2)=\"Mg\",B29=\"A\",C29=\"a\"),(1+L29)*VLOOKUP($A29,Quantities[],Quantities!$E$2)/43560,\nVLOOKUP($A29,Quantities[],Quantities!$E$2)/43560))","v":1.3},{"$f":"IF(B29=\"P\",0,\nIF(AND(OR(C29=\"b\",C29=\"d\"),OR('4   Earthwork'!$B29=\"C\",'4   Earthwork'!$B29=\"D\",'4   Earthwork'!$B29=\"A\",'4   Earthwork'!$B29=\"E\",'4   Earthwork'!$B29=\"B\")),\nVLOOKUP(INDEX(Quantities!$A$100:$A$118,MATCH($A29,Quantities!$C$100:$C$118)),Quantities!$A$100:$AJ$118,Quantities!$U$2),\n0))","v":0},{"$f":"IF(B29=\"P\",0,\nIF(OR(C29=\"b\",C29=\"d\"),\nM29/(1+L29),\nIF(OR(LEFT(D29,2)=\"Rp\",LEFT(D29,2)=\"Mg\"),0,\nVLOOKUP(A29,Quantities[],Quantities!$F$2)+VLOOKUP(A29,Quantities[],Quantities!$AB$2))))","v":0},{"$f":"IF(B29=\"P\",\"-\",\nIF(C29=\"b\",\nVLOOKUP(INDEX(Quantities!$A$100:$A$118,MATCH(A29,Quantities!$C$100:$C$118)),Quantities[],Quantities!$V$2),\nIF(C29=\"a\",\nVLOOKUP(A29,Quantities[],Quantities!$V$2,0),\n0)))","v":0},0,null,"34"]
[{"$f":"'3   Material'!A30","v":3416},{"$f":"'3   Material'!B30","v":"M"},{"$f":"'3   Material'!C30","v":"e"},{"$f":"'3   Material'!D30","v":"U"},{"$f":"'3   Material'!$E$15:$E$322","v":"3416-M-e-U"},{"$f":"'3   Material'!$F$15:$F$322","v":"Post-Closure O&M-East Mine Area-Final Grade"},{"$f":"'3   Material'!$G$15:$G$322","v":"Reclaimed 1 Leach "},{"$f":"'3   Material'!$H$15:$H$322","v":"-"},{"$f":"IF(B30=\"P\",0,\nIF(AND(LEFT(D30,2)=\"Mg\",B30=\"A\",C30=\"a\"),(1+L30)*VLOOKUP($A30,Quantities[],Quantities!$E$2)/43560,\nVLOOKUP($A30,Quantities[],Quantities!$E$2)/43560))","v":500},{"$f":"IF(B30=\"P\",0,\nIF(AND(OR(C30=\"b\",C30=\"d\"),OR('4   Earthwork'!$B30=\"C\",'4   Earthwork'!$B30=\"D\",'4   Earthwork'!$B30=\"A\",'4   Earthwork'!$B30=\"E\",'4   Earthwork'!$B30=\"B\")),\nVLOOKUP(INDEX(Quantities!$A$100:$A$118,MATCH($A30,Quantities!$C$100:$C$118)),Quantities!$A$100:$AJ$118,Quantities!$U$2),\n0))","v":0},{"$f":"IF(B30=\"P\",0,\nIF(OR(C30=\"b\",C30=\"d\"),\nM30/(1+L30),\nIF(OR(LEFT(D30,2)=\"Rp\",LEFT(D30,2)=\"Mg\"),0,\nVLOOKUP(A30,Quantities[],Quantities!$F$2)+VLOOKUP(A30,Quantities[],Quantities!$AB$2))))","v":0},{"$f":"IF(B30=\"P\",\"-\",\nIF(C30=\"b\",\nVLOOKUP(INDEX(Quantities!$A$100:$A$118,MATCH(A30,Quantities!$C$100:$C$118)),Quantities[],Quantities!$V$2),\nIF(C30=\"a\",\nVLOOKUP(A30,Quantities[],Quantities!$V$2,0),\n0)))","v":0},0,null,"34"]
[{"$f":"'3   Material'!A31","v":3417},{"$f":"'3   Material'!B31","v":"M"},{"$f":"'3   Material'!C31","v":"e"},{"$f":"'3   Material'!D31","v":"U"},{"$f":"'3   Material'!$E$15:$E$322","v":"3417-M-e-U"},{"$f":"'3   Material'!$F$15:$F$322","v":"Post-Closure O&M-Mining Area-Final Grade"},{"$f":"'3   Material'!$G$15:$G$322","v":"Reclaimed Former Mill & Concentrator Area Initial "},{"$f":"'3   Material'!$H$15:$H$322","v":"-"},{"$f":"IF(B31=\"P\",0,\nIF(AND(LEFT(D31,2)=\"Mg\",B31=\"A\",C31=\"a\"),(1+L31)*VLOOKUP($A31,Quantities[],Quantities!$E$2)/43560,\nVLOOKUP($A31,Quantities[],Quantities!$E$2)/43560))","v":45},{"$f":"IF(B31=\"P\",0,\nIF(AND(OR(C31=\"b\",C31=\"d\"),OR('4   Earthwork'!$B31=\"C\",'4   Earthwork'!$B31=\"D\",'4   Earthwork'!$B31=\"A\",'4   Earthwork'!$B31=\"E\",'4   Earthwork'!$B31=\"B\")),\nVLOOKUP(INDEX(Quantities!$A$100:$A$118,MATCH($A31,Quantities!$C$100:$C$118)),Quantities!$A$100:$AJ$118,Quantities!$U$2),\n0))","v":0},{"$f":"IF(B31=\"P\",0,\nIF(OR(C31=\"b\",C31=\"d\"),\nM31/(1+L31),\nIF(OR(LEFT(D31,2)=\"Rp\",LEFT(D31,2)=\"Mg\"),0,\nVLOOKUP(A31,Quantities[],Quantities!$F$2)+VLOOKUP(A31,Quantities[],Quantities!$AB$2))))","v":0},{"$f":"IF(B31=\"P\",\"-\",\nIF(C31=\"b\",\nVLOOKUP(INDEX(Quantities!$A$100:$A$118,MATCH(A31,Quantities!$C$100:$C$118)),Quantities[],Quantities!$V$2),\nIF(C31=\"a\",\nVLOOKUP(A31,Quantities[],Quantities!$V$2,0),\n0)))","v":0},0,null,"34"]
[{"$f":"'3   Material'!A32","v":3418},{"$f":"'3   Material'!B32","v":"M"},{"$f":"'3   Material'!C32","v":"e"},{"$f":"'3   Material'!D32","v":"U"},{"$f":"'3   Material'!$E$15:$E$322","v":"3418-M-e-U"},{"$f":"'3   Material'!$F$15:$F$322","v":"Post-Closure O&M-Mining Area-Final Grade"},{"$f":"'3   Material'!$G$15:$G$322","v":"Reclaimed Former Mill & Concentrator Area (11 redo) "},{"$f":"'3   Material'!$H$15:$H$322","v":"-"},{"$f":"IF(B32=\"P\",0,\nIF(AND(LEFT(D32,2)=\"Mg\",B32=\"A\",C32=\"a\"),(1+L32)*VLOOKUP($A32,Quantities[],Quantities!$E$2)/43560,\nVLOOKUP($A32,Quantities[],Quantities!$E$2)/43560))","v":11},{"$f":"IF(B32=\"P\",0,\nIF(AND(OR(C32=\"b\",C32=\"d\"),OR('4   Earthwork'!$B32=\"C\",'4   Earthwork'!$B32=\"D\",'4   Earthwork'!$B32=\"A\",'4   Earthwork'!$B32=\"E\",'4   Earthwork'!$B32=\"B\")),\nVLOOKUP(INDEX(Quantities!$A$100:$A$118,MATCH($A32,Quantities!$C$100:$C$118)),Quantities!$A$100:$AJ$118,Quantities!$U$2),\n0))","v":0},{"$f":"IF(B32=\"P\",0,\nIF(OR(C32=\"b\",C32=\"d\"),\nM32/(1+L32),\nIF(OR(LEFT(D32,2)=\"Rp\",LEFT(D32,2)=\"Mg\"),0,\nVLOOKUP(A32,Quantities[],Quantities!$F$2)+VLOOKUP(A32,Quantities[],Quantities!$AB$2))))","v":0},{"$f":"IF(B32=\"P\",\"-\",\nIF(C32=\"b\",\nVLOOKUP(INDEX(Quantities!$A$100:$A$118,MATCH(A32,Quantities!$C$100:$C$118)),Quantities[],Quantities!$V$2),\nIF(C32=\"a\",\nVLOOKUP(A32,Quantities[],Quantities!$V$2,0),\n0)))","v":0},0,null,"34"]
[{"$f":"'3   Material'!A33","v":3419},{"$f":"'3   Material'!B33","v":"M"},{"$f":"'3   Material'!C33","v":"e"},{"$f":"'3   Material'!D33","v":"U"},{"$f":"'3   Material'!$E$15:$E$322","v":"3419-M-e-U"},{"$f":"'3   Material'!$F$15:$F$322","v":"Post-Closure O&M-Mining Area-Final Grade"},{"$f":"'3   Material'!$G$15:$G$322","v":"Copper Mt. Reclamation Area "},{"$f":"'3   Material'!$H$15:$H$322","v":"-"},{"$f":"IF(B33=\"P\",0,\nIF(AND(LEFT(D33,2)=\"Mg\",B33=\"A\",C33=\"a\"),(1+L33)*VLOOKUP($A33,Quantities[],Quantities!$E$2)/43560,\nVLOOKUP($A33,Quantities[],Quantities!$E$2)/43560))","v":514},{"$f":"IF(B33=\"P\",0,\nIF(AND(OR(C33=\"b\",C33=\"d\"),OR('4   Earthwork'!$B33=\"C\",'4   Earthwork'!$B33=\"D\",'4   Earthwork'!$B33=\"A\",'4   Earthwork'!$B33=\"E\",'4   Earthwork'!$B33=\"B\")),\nVLOOKUP(INDEX(Quantities!$A$100:$A$118,MATCH($A33,Quantities!$C$100:$C$118)),Quantities!$A$100:$AJ$118,Quantities!$U$2),\n0))","v":0},{"$f":"IF(B33=\"P\",0,\nIF(OR(C33=\"b\",C33=\"d\"),\nM33/(1+L33),\nIF(OR(LEFT(D33,2)=\"Rp\",LEFT(D33,2)=\"Mg\"),0,\nVLOOKUP(A33,Quantities[],Quantities!$F$2)+VLOOKUP(A33,Quantities[],Quantities!$AB$2))))","v":0},{"$f":"IF(B33=\"P\",\"-\",\nIF(C33=\"b\",\nVLOOKUP(INDEX(Quantities!$A$100:$A$118,MATCH(A33,Quantities!$C$100:$C$118)),Quantities[],Quantities!$V$2),\nIF(C33=\"a\",\nVLOOKUP(A33,Quantities[],Quantities!$V$2,0),\n0)))","v":0},0,null,"34"]
[{"$f":"'3   Material'!A34","v":1003},{"$f":"'3   Material'!B34","v":"A"},{"$f":"'3   Material'!C34","v":"a"},{"$f":"'3   Material'!D34","v":"Dz2"},{"$f":"'3   Material'!$E$15:$E$322","v":"1003-A-a-Dz2"},{"$f":"'3   Material'!$F$15:$F$322","v":"Grade-Outslopes - Area outside of pullback-Existing Ground"},{"$f":"'3   Material'!$G$15:$G$322","v":"1A Leach, 1B Leach "},{"$f":"'3   Material'!$H$15:$H$322","v":"-"},{"$f":"IF(B34=\"P\",0,\nIF(AND(LEFT(D34,2)=\"Mg\",B34=\"A\",C34=\"a\"),(1+L34)*VLOOKUP($A34,Quantities[],Quantities!$E$2)/43560,\nVLOOKUP($A34,Quantities[],Quantities!$E$2)/43560))","v":256},{"$f":"IF(B34=\"P\",0,\nIF(AND(OR(C34=\"b\",C34=\"d\"),OR('4   Earthwork'!$B34=\"C\",'4   Earthwork'!$B34=\"D\",'4   Earthwork'!$B34=\"A\",'4   Earthwork'!$B34=\"E\",'4   Earthwork'!$B34=\"B\")),\nVLOOKUP(INDEX(Quantities!$A$100:$A$118,MATCH($A34,Quantities!$C$100:$C$118)),Quantities!$A$100:$AJ$118,Quantities!$U$2),\n0))","v":0},{"$f":"IF(B34=\"P\",0,\nIF(OR(C34=\"b\",C34=\"d\"),\nM34/(1+L34),\nIF(OR(LEFT(D34,2)=\"Rp\",LEFT(D34,2)=\"Mg\"),0,\nVLOOKUP(A34,Quantities[],Quantities!$F$2)+VLOOKUP(A34,Quantities[],Quantities!$AB$2))))","v":140000},{"$f":"IF(B34=\"P\",\"-\",\nIF(C34=\"b\",\nVLOOKUP(INDEX(Quantities!$A$100:$A$118,MATCH(A34,Quantities!$C$100:$C$118)),Quantities[],Quantities!$V$2),\nIF(C34=\"a\",\nVLOOKUP(A34,Quantities[],Quantities!$V$2,0),\n0)))","v":0},140000,null,"10"]
[{"$f":"'3   Material'!A35","v":1002},{"$f":"'3   Material'!B35","v":"A"},{"$f":"'3   Material'!C35","v":"a"},{"$f":"'3   Material'!D35","v":"Dz2"},{"$f":"'3   Material'!$E$15:$E$322","v":"1002-A-a-Dz2"},{"$f":"'3   Material'!$F$15:$F$322","v":"Grade-Outslopes - Regrade benches from pullback-Existing Ground"},{"$f":"'3   Material'!$G$15:$G$322","v":"1A Leach, 1B Leach  "},{"$f":"'3   Material'!$H$15:$H$322","v":"-"},{"$f":"IF(B35=\"P\",0,\nIF(AND(LEFT(D35,2)=\"Mg\",B35=\"A\",C35=\"a\"),(1+L35)*VLOOKUP($A35,Quantities[],Quantities!$E$2)/43560,\nVLOOKUP($A35,Quantities[],Quantities!$E$2)/43560))","v":0},{"$f":"IF(B35=\"P\",0,\nIF(AND(OR(C35=\"b\",C35=\"d\"),OR('4   Earthwork'!$B35=\"C\",'4   Earthwork'!$B35=\"D\",'4   Earthwork'!$B35=\"A\",'4   Earthwork'!$B35=\"E\",'4   Earthwork'!$B35=\"B\")),\nVLOOKUP(INDEX(Quantities!$A$100:$A$118,MATCH($A35,Quantities!$C$100:$C$118)),Quantities!$A$100:$AJ$118,Quantities!$U$2),\n0))","v":0},{"$f":"IF(B35=\"P\",0,\nIF(OR(C35=\"b\",C35=\"d\"),\nM35/(1+L35),\nIF(OR(LEFT(D35,2)=\"Rp\",LEFT(D35,2)=\"Mg\"),0,\nVLOOKUP(A35,Quantities[],Quantities!$F$2)+VLOOKUP(A35,Quantities[],Quantities!$AB$2))))","v":1329670.3296703298},{"$f":"IF(B35=\"P\",\"-\",\nIF(C35=\"b\",\nVLOOKUP(INDEX(Quantities!$A$100:$A$118,MATCH(A35,Quantities!$C$100:$C$118)),Quantities[],Quantities!$V$2),\nIF(C35=\"a\",\nVLOOKUP(A35,Quantities[],Quantities!$V$2,0),\n0)))","v":0},1329670.3296703298,null,"10"]
[{"$f":"'3   Material'!A36","v":1202},{"$f":"'3   Material'!B36","v":"A"},{"$f":"'3   Material'!C36","v":"a"},{"$f":"'3   Material'!D36","v":"Dz2"},{"$f":"'3   Material'!$E$15:$E$322","v":"1202-A-a-Dz2"},{"$f":"'3   Material'!$F$15:$F$322","v":"Grade-Outslopes-Existing Ground"},{"$f":"'3   Material'!$G$15:$G$322","v":"2B Waste, 2A Leach, 2B Leach "},{"$f":"'3   Material'!$H$15:$H$322","v":"-"},{"$f":"IF(B36=\"P\",0,\nIF(AND(LEFT(D36,2)=\"Mg\",B36=\"A\",C36=\"a\"),(1+L36)*VLOOKUP($A36,Quantities[],Quantities!$E$2)/43560,\nVLOOKUP($A36,Quantities[],Quantities!$E$2)/43560))","v":450.99169999999998},{"$f":"IF(B36=\"P\",0,\nIF(AND(OR(C36=\"b\",C36=\"d\"),OR('4   Earthwork'!$B36=\"C\",'4   Earthwork'!$B36=\"D\",'4   Earthwork'!$B36=\"A\",'4   Earthwork'!$B36=\"E\",'4   Earthwork'!$B36=\"B\")),\nVLOOKUP(INDEX(Quantities!$A$100:$A$118,MATCH($A36,Quantities!$C$100:$C$118)),Quantities!$A$100:$AJ$118,Quantities!$U$2),\n0))","v":0},{"$f":"IF(B36=\"P\",0,\nIF(OR(C36=\"b\",C36=\"d\"),\nM36/(1+L36),\nIF(OR(LEFT(D36,2)=\"Rp\",LEFT(D36,2)=\"Mg\"),0,\nVLOOKUP(A36,Quantities[],Quantities!$F$2)+VLOOKUP(A36,Quantities[],Quantities!$AB$2))))","v":8060000},{"$f":"IF(B36=\"P\",\"-\",\nIF(C36=\"b\",\nVLOOKUP(INDEX(Quantities!$A$100:$A$118,MATCH(A36,Quantities!$C$100:$C$118)),Quantities[],Quantities!$V$2),\nIF(C36=\"a\",\nVLOOKUP(A36,Quantities[],Quantities!$V$2,0),\n0)))","v":0},8060000,null,"12"]
[{"$f":"'3   Material'!A37","v":1304},{"$f":"'3   Material'!B37","v":"A"},{"$f":"'3   Material'!C37","v":"a"},{"$f":"'3   Material'!D37","v":"Dz2"},{"$f":"'3   Material'!$E$15:$E$322","v":"1304-A-a-Dz2"},{"$f":"'3   Material'!$F$15:$F$322","v":"Grade-Outslopes (total area, volume outside of pullback)-Existing Ground"},{"$f":"'3   Material'!$G$15:$G$322","v":"3A Leach, 3B Waste "},{"$f":"'3   Material'!$H$15:$H$322","v":"-"},{"$f":"IF(B37=\"P\",0,\nIF(AND(LEFT(D37,2)=\"Mg\",B37=\"A\",C37=\"a\"),(1+L37)*VLOOKUP($A37,Quantities[],Quantities!$E$2)/43560,\nVLOOKUP($A37,Quantities[],Quantities!$E$2)/43560))","v":422},{"$f":"IF(B37=\"P\",0,\nIF(AND(OR(C37=\"b\",C37=\"d\"),OR('4   Earthwork'!$B37=\"C\",'4   Earthwork'!$B37=\"D\",'4   Earthwork'!$B37=\"A\",'4   Earthwork'!$B37=\"E\",'4   Earthwork'!$B37=\"B\")),\nVLOOKUP(INDEX(Quantities!$A$100:$A$118,MATCH($A37,Quantities!$C$100:$C$118)),Quantities!$A$100:$AJ$118,Quantities!$U$2),\n0))","v":0},{"$f":"IF(B37=\"P\",0,\nIF(OR(C37=\"b\",C37=\"d\"),\nM37/(1+L37),\nIF(OR(LEFT(D37,2)=\"Rp\",LEFT(D37,2)=\"Mg\"),0,\nVLOOKUP(A37,Quantities[],Quantities!$F$2)+VLOOKUP(A37,Quantities[],Quantities!$AB$2))))","v":3500000},{"$f":"IF(B37=\"P\",\"-\",\nIF(C37=\"b\",\nVLOOKUP(INDEX(Quantities!$A$100:$A$118,MATCH(A37,Quantities!$C$100:$C$118)),Quantities[],Quantities!$V$2),\nIF(C37=\"a\",\nVLOOKUP(A37,Quantities[],Quantities!$V$2,0),\n0)))","v":0},3500000,null,"13"]
[{"$f":"'3   Material'!A38","v":1303},{"$f":"'3   Material'!B38","v":"A"},{"$f":"'3   Material'!C38","v":"f"},{"$f":"'3   Material'!D38","v":"Dz2"},{"$f":"'3   Material'!$E$15:$E$322","v":"1303-A-f-Dz2"},{"$f":"'3   Material'!$F$15:$F$322","v":"Grade-Outslopes - Regrade benches from pullback-Backfill/Stockpile Material"},{"$f":"'3   Material'!$G$15:$G$322","v":" 3A Leach, 3B Waste"},{"$f":"'3   Material'!$H$15:$H$322","v":"3A Leach, 3B Waste"},{"$f":"IF(B38=\"P\",0,\nIF(AND(LEFT(D38,2)=\"Mg\",B38=\"A\",C38=\"a\"),(1+L38)*VLOOKUP($A38,Quantities[],Quantities!$E$2)/43560,\nVLOOKUP($A38,Quantities[],Quantities!$E$2)/43560))","v":0},{"$f":"IF(B38=\"P\",0,\nIF(AND(OR(C38=\"b\",C38=\"d\"),OR('4   Earthwork'!$B38=\"C\",'4   Earthwork'!$B38=\"D\",'4   Earthwork'!$B38=\"A\",'4   Earthwork'!$B38=\"E\",'4   Earthwork'!$B38=\"B\")),\nVLOOKUP(INDEX(Quantities!$A$100:$A$118,MATCH($A38,Quantities!$C$100:$C$118)),Quantities!$A$100:$AJ$118,Quantities!$U$2),\n0))","v":0},{"$f":"IF(B38=\"P\",0,\nIF(OR(C38=\"b\",C38=\"d\"),\nM38/(1+L38),\nIF(OR(LEFT(D38,2)=\"Rp\",LEFT(D38,2)=\"Mg\"),0,\nVLOOKUP(A38,Quantities[],Quantities!$F$2)+VLOOKUP(A38,Quantities[],Quantities!$AB$2))))","v":1590064.1025641027},{"$f":"IF(B38=\"P\",\"-\",\nIF(C38=\"b\",\nVLOOKUP(INDEX(Quantities!$A$100:$A$118,MATCH(A38,Quantities!$C$100:$C$118)),Quantities[],Quantities!$V$2),\nIF(C38=\"a\",\nVLOOKUP(A38,Quantities[],Quantities!$V$2,0),\n0)))","v":0},1590064.1025641027,null,"13"]
[{"$f":"'3   Material'!A39","v":1502},{"$f":"'3   Material'!B39","v":"A"},{"$f":"'3   Material'!C39","v":"a"},{"$f":"'3   Material'!D39","v":"Dz2"},{"$f":"'3   Material'!$E$15:$E$322","v":"1502-A-a-Dz2"},{"$f":"'3   Material'!$F$15:$F$322","v":"Grade-Outslopes-Existing Ground"},{"$f":"'3   Material'!$G$15:$G$322","v":"5A Waste "},{"$f":"'3   Material'!$H$15:$H$322","v":"-"},{"$f":"IF(B39=\"P\",0,\nIF(AND(LEFT(D39,2)=\"Mg\",B39=\"A\",C39=\"a\"),(1+L39)*VLOOKUP($A39,Quantities[],Quantities!$E$2)/43560,\nVLOOKUP($A39,Quantities[],Quantities!$E$2)/43560))","v":308},{"$f":"IF(B39=\"P\",0,\nIF(AND(OR(C39=\"b\",C39=\"d\"),OR('4   Earthwork'!$B39=\"C\",'4   Earthwork'!$B39=\"D\",'4   Earthwork'!$B39=\"A\",'4   Earthwork'!$B39=\"E\",'4   Earthwork'!$B39=\"B\")),\nVLOOKUP(INDEX(Quantities!$A$100:$A$118,MATCH($A39,Quantities!$C$100:$C$118)),Quantities!$A$100:$AJ$118,Quantities!$U$2),\n0))","v":0},{"$f":"IF(B39=\"P\",0,\nIF(OR(C39=\"b\",C39=\"d\"),\nM39/(1+L39),\nIF(OR(LEFT(D39,2)=\"Rp\",LEFT(D39,2)=\"Mg\"),0,\nVLOOKUP(A39,Quantities[],Quantities!$F$2)+VLOOKUP(A39,Quantities[],Quantities!$AB$2))))","v":6300000},{"$f":"IF(B39=\"P\",\"-\",\nIF(C39=\"b\",\nVLOOKUP(INDEX(Quantities!$A$100:$A$118,MATCH(A39,Quantities!$C$100:$C$118)),Quantities[],Quantities!$V$2),\nIF(C39=\"a\",\nVLOOKUP(A39,Quantities[],Quantities!$V$2,0),\n0)))","v":0},6300000,null,"15"]
[{"$f":"'3   Material'!A40","v":2302},{"$f":"'3   Material'!B40","v":"A"},{"$f":"'3   Material'!C40","v":"a"},{"$f":"'3   Material'!D40","v":"Dz2"},{"$f":"'3   Material'!$E$15:$E$322","v":"2302-A-a-Dz2"},{"$f":"'3   Material'!$F$15:$F$322","v":"Grade-Outslopes-Existing Ground"},{"$f":"'3   Material'!$G$15:$G$322","v":"6A Leach "},{"$f":"'3   Material'!$H$15:$H$322","v":"-"},{"$f":"IF(B40=\"P\",0,\nIF(AND(LEFT(D40,2)=\"Mg\",B40=\"A\",C40=\"a\"),(1+L40)*VLOOKUP($A40,Quantities[],Quantities!$E$2)/43560,\nVLOOKUP($A40,Quantities[],Quantities!$E$2)/43560))","v":32.5},{"$f":"IF(B40=\"P\",0,\nIF(AND(OR(C40=\"b\",C40=\"d\"),OR('4   Earthwork'!$B40=\"C\",'4   Earthwork'!$B40=\"D\",'4   Earthwork'!$B40=\"A\",'4   Earthwork'!$B40=\"E\",'4   Earthwork'!$B40=\"B\")),\nVLOOKUP(INDEX(Quantities!$A$100:$A$118,MATCH($A40,Quantities!$C$100:$C$118)),Quantities!$A$100:$AJ$118,Quantities!$U$2),\n0))","v":0},{"$f":"IF(B40=\"P\",0,\nIF(OR(C40=\"b\",C40=\"d\"),\nM40/(1+L40),\nIF(OR(LEFT(D40,2)=\"Rp\",LEFT(D40,2)=\"Mg\"),0,\nVLOOKUP(A40,Quantities[],Quantities!$F$2)+VLOOKUP(A40,Quantities[],Quantities!$AB$2))))","v":135000},{"$f":"IF(B40=\"P\",\"-\",\nIF(C40=\"b\",\nVLOOKUP(INDEX(Quantities!$A$100:$A$118,MATCH(A40,Quantities!$C$100:$C$118)),Quantities[],Quantities!$V$2),\nIF(C40=\"a\",\nVLOOKUP(A40,Quantities[],Quantities!$V$2,0),\n0)))","v":0},135000,null,"23"]
[{"$f":"'3   Material'!A41","v":1402},{"$f":"'3   Material'!B41","v":"A"},{"$f":"'3   Material'!C41","v":"a"},{"$f":"'3   Material'!D41","v":"Dz2"},{"$f":"'3   Material'!$E$15:$E$322","v":"1402-A-a-Dz2"},{"$f":"'3   Material'!$F$15:$F$322","v":"Grade-Outslopes-Existing Ground"},{"$f":"'3   Material'!$G$15:$G$322","v":"2 Leach (Area 1) "},{"$f":"'3   Material'!$H$15:$H$322","v":"-"},{"$f":"IF(B41=\"P\",0,\nIF(AND(LEFT(D41,2)=\"Mg\",B41=\"A\",C41=\"a\"),(1+L41)*VLOOKUP($A41,Quantities[],Quantities!$E$2)/43560,\nVLOOKUP($A41,Quantities[],Quantities!$E$2)/43560))","v":170},{"$f":"IF(B41=\"P\",0,\nIF(AND(OR(C41=\"b\",C41=\"d\"),OR('4   Earthwork'!$B41=\"C\",'4   Earthwork'!$B41=\"D\",'4   Earthwork'!$B41=\"A\",'4   Earthwork'!$B41=\"E\",'4   Earthwork'!$B41=\"B\")),\nVLOOKUP(INDEX(Quantities!$A$100:$A$118,MATCH($A41,Quantities!$C$100:$C$118)),Quantities!$A$100:$AJ$118,Quantities!$U$2),\n0))","v":0},{"$f":"IF(B41=\"P\",0,\nIF(OR(C41=\"b\",C41=\"d\"),\nM41/(1+L41),\nIF(OR(LEFT(D41,2)=\"Rp\",LEFT(D41,2)=\"Mg\"),0,\nVLOOKUP(A41,Quantities[],Quantities!$F$2)+VLOOKUP(A41,Quantities[],Quantities!$AB$2))))","v":2700000},{"$f":"IF(B41=\"P\",\"-\",\nIF(C41=\"b\",\nVLOOKUP(INDEX(Quantities!$A$100:$A$118,MATCH(A41,Quantities!$C$100:$C$118)),Quantities[],Quantities!$V$2),\nIF(C41=\"a\",\nVLOOKUP(A41,Quantities[],Quantities!$V$2,0),\n0)))","v":0},2700000,null,"14"]
[{"$f":"'3   Material'!A42","v":1802},{"$f":"'3   Material'!B42","v":"A"},{"$f":"'3   Material'!C42","v":"a"},{"$f":"'3   Material'!D42","v":"Dz2"},{"$f":"'3   Material'!$E$15:$E$322","v":"1802-A-a-Dz2"},{"$f":"'3   Material'!$F$15:$F$322","v":"Grade-Outslopes-Existing Ground"},{"$f":"'3   Material'!$G$15:$G$322","v":"2 Leach (Area 2), 7B Leach, 7B Waste, 7C Waste, South Rim Pit  "},{"$f":"'3   Material'!$H$15:$H$322","v":"-"},{"$f":"IF(B42=\"P\",0,\nIF(AND(LEFT(D42,2)=\"Mg\",B42=\"A\",C42=\"a\"),(1+L42)*VLOOKUP($A42,Quantities[],Quantities!$E$2)/43560,\nVLOOKUP($A42,Quantities[],Quantities!$E$2)/43560))","v":249},{"$f":"IF(B42=\"P\",0,\nIF(AND(OR(C42=\"b\",C42=\"d\"),OR('4   Earthwork'!$B42=\"C\",'4   Earthwork'!$B42=\"D\",'4   Earthwork'!$B42=\"A\",'4   Earthwork'!$B42=\"E\",'4   Earthwork'!$B42=\"B\")),\nVLOOKUP(INDEX(Quantities!$A$100:$A$118,MATCH($A42,Quantities!$C$100:$C$118)),Quantities!$A$100:$AJ$118,Quantities!$U$2),\n0))","v":0},{"$f":"IF(B42=\"P\",0,\nIF(OR(C42=\"b\",C42=\"d\"),\nM42/(1+L42),\nIF(OR(LEFT(D42,2)=\"Rp\",LEFT(D42,2)=\"Mg\"),0,\nVLOOKUP(A42,Quantities[],Quantities!$F$2)+VLOOKUP(A42,Quantities[],Quantities!$AB$2))))","v":2300000},{"$f":"IF(B42=\"P\",\"-\",\nIF(C42=\"b\",\nVLOOKUP(INDEX(Quantities!$A$100:$A$118,MATCH(A42,Quantities!$C$100:$C$118)),Quantities[],Quantities!$V$2),\nIF(C42=\"a\",\nVLOOKUP(A42,Quantities[],Quantities!$V$2,0),\n0)))","v":0},2300000,null,"18"]
[{"$f":"'3   Material'!A43","v":1602},{"$f":"'3   Material'!B43","v":"A"},{"$f":"'3   Material'!C43","v":"a"},{"$f":"'3   Material'!D43","v":"Dz2"},{"$f":"'3   Material'!$E$15:$E$322","v":"1602-A-a-Dz2"},{"$f":"'3   Material'!$F$15:$F$322","v":"Grade-Outslopes-Existing Ground"},{"$f":"'3   Material'!$G$15:$G$322","v":"6B Leach, 6D Leach "},{"$f":"'3   Material'!$H$15:$H$322","v":"-"},{"$f":"IF(B43=\"P\",0,\nIF(AND(LEFT(D43,2)=\"Mg\",B43=\"A\",C43=\"a\"),(1+L43)*VLOOKUP($A43,Quantities[],Quantities!$E$2)/43560,\nVLOOKUP($A43,Quantities[],Quantities!$E$2)/43560))","v":15},{"$f":"IF(B43=\"P\",0,\nIF(AND(OR(C43=\"b\",C43=\"d\"),OR('4   Earthwork'!$B43=\"C\",'4   Earthwork'!$B43=\"D\",'4   Earthwork'!$B43=\"A\",'4   Earthwork'!$B43=\"E\",'4   Earthwork'!$B43=\"B\")),\nVLOOKUP(INDEX(Quantities!$A$100:$A$118,MATCH($A43,Quantities!$C$100:$C$118)),Quantities!$A$100:$AJ$118,Quantities!$U$2),\n0))","v":0},{"$f":"IF(B43=\"P\",0,\nIF(OR(C43=\"b\",C43=\"d\"),\nM43/(1+L43),\nIF(OR(LEFT(D43,2)=\"Rp\",LEFT(D43,2)=\"Mg\"),0,\nVLOOKUP(A43,Quantities[],Quantities!$F$2)+VLOOKUP(A43,Quantities[],Quantities!$AB$2))))","v":183000},{"$f":"IF(B43=\"P\",\"-\",\nIF(C43=\"b\",\nVLOOKUP(INDEX(Quantities!$A$100:$A$118,MATCH(A43,Quantities!$C$100:$C$118)),Quantities[],Quantities!$V$2),\nIF(C43=\"a\",\nVLOOKUP(A43,Quantities[],Quantities!$V$2,0),\n0)))","v":0},183000,null,"16"]
[{"$f":"'3   Material'!A44","v":1702},{"$f":"'3   Material'!B44","v":"A"},{"$f":"'3   Material'!C44","v":"a"},{"$f":"'3   Material'!D44","v":"Dz2"},{"$f":"'3   Material'!$E$15:$E$322","v":"1702-A-a-Dz2"},{"$f":"'3   Material'!$F$15:$F$322","v":"Grade-Outslopes-Existing Ground"},{"$f":"'3   Material'!$G$15:$G$322","v":"6C Leach "},{"$f":"'3   Material'!$H$15:$H$322","v":"-"},{"$f":"IF(B44=\"P\",0,\nIF(AND(LEFT(D44,2)=\"Mg\",B44=\"A\",C44=\"a\"),(1+L44)*VLOOKUP($A44,Quantities[],Quantities!$E$2)/43560,\nVLOOKUP($A44,Quantities[],Quantities!$E$2)/43560))","v":56},{"$f":"IF(B44=\"P\",0,\nIF(AND(OR(C44=\"b\",C44=\"d\"),OR('4   Earthwork'!$B44=\"C\",'4   Earthwork'!$B44=\"D\",'4   Earthwork'!$B44=\"A\",'4   Earthwork'!$B44=\"E\",'4   Earthwork'!$B44=\"B\")),\nVLOOKUP(INDEX(Quantities!$A$100:$A$118,MATCH($A44,Quantities!$C$100:$C$118)),Quantities!$A$100:$AJ$118,Quantities!$U$2),\n0))","v":0},{"$f":"IF(B44=\"P\",0,\nIF(OR(C44=\"b\",C44=\"d\"),\nM44/(1+L44),\nIF(OR(LEFT(D44,2)=\"Rp\",LEFT(D44,2)=\"Mg\"),0,\nVLOOKUP(A44,Quantities[],Quantities!$F$2)+VLOOKUP(A44,Quantities[],Quantities!$AB$2))))","v":650000},{"$f":"IF(B44=\"P\",\"-\",\nIF(C44=\"b\",\nVLOOKUP(INDEX(Quantities!$A$100:$A$118,MATCH(A44,Quantities!$C$100:$C$118)),Quantities[],Quantities!$V$2),\nIF(C44=\"a\",\nVLOOKUP(A44,Quantities[],Quantities!$V$2,0),\n0)))","v":0},650000,null,"17"]
[{"$f":"'3   Material'!A45","v":2002},{"$f":"'3   Material'!B45","v":"A"},{"$f":"'3   Material'!C45","v":"a"},{"$f":"'3   Material'!D45","v":"Dz2"},{"$f":"'3   Material'!$E$15:$E$322","v":"2002-A-a-Dz2"},{"$f":"'3   Material'!$F$15:$F$322","v":"Grade-Outslopes - Regrade benches from pullback-Existing Ground"},{"$f":"'3   Material'!$G$15:$G$322","v":"9A Waste  "},{"$f":"'3   Material'!$H$15:$H$322","v":"-"},{"$f":"IF(B45=\"P\",0,\nIF(AND(LEFT(D45,2)=\"Mg\",B45=\"A\",C45=\"a\"),(1+L45)*VLOOKUP($A45,Quantities[],Quantities!$E$2)/43560,\nVLOOKUP($A45,Quantities[],Quantities!$E$2)/43560))","v":116},{"$f":"IF(B45=\"P\",0,\nIF(AND(OR(C45=\"b\",C45=\"d\"),OR('4   Earthwork'!$B45=\"C\",'4   Earthwork'!$B45=\"D\",'4   Earthwork'!$B45=\"A\",'4   Earthwork'!$B45=\"E\",'4   Earthwork'!$B45=\"B\")),\nVLOOKUP(INDEX(Quantities!$A$100:$A$118,MATCH($A45,Quantities!$C$100:$C$118)),Quantities!$A$100:$AJ$118,Quantities!$U$2),\n0))","v":0},{"$f":"IF(B45=\"P\",0,\nIF(OR(C45=\"b\",C45=\"d\"),\nM45/(1+L45),\nIF(OR(LEFT(D45,2)=\"Rp\",LEFT(D45,2)=\"Mg\"),0,\nVLOOKUP(A45,Quantities[],Quantities!$F$2)+VLOOKUP(A45,Quantities[],Quantities!$AB$2))))","v":642673.99267399276},{"$f":"IF(B45=\"P\",\"-\",\nIF(C45=\"b\",\nVLOOKUP(INDEX(Quantities!$A$100:$A$118,MATCH(A45,Quantities!$C$100:$C$118)),Quantities[],Quantities!$V$2),\nIF(C45=\"a\",\nVLOOKUP(A45,Quantities[],Quantities!$V$2,0),\n0)))","v":0},642673.99267399276,null,"20"]
[{"$f":"'3   Material'!A46","v":1001},{"$f":"'3   Material'!B46","v":"A"},{"$f":"'3   Material'!C46","v":"a"},{"$f":"'3   Material'!D46","v":"Mg1"},{"$f":"'3   Material'!$E$15:$E$322","v":"1001-A-a-Mg1"},{"$f":"'3   Material'!$F$15:$F$322","v":"Grade-Top-Existing Ground"},{"$f":"'3   Material'!$G$15:$G$322","v":"1A Leach, 1B Leach  "},{"$f":"'3   Material'!$H$15:$H$322","v":"-"},{"$f":"IF(B46=\"P\",0,\nIF(AND(LEFT(D46,2)=\"Mg\",B46=\"A\",C46=\"a\"),(1+L46)*VLOOKUP($A46,Quantities[],Quantities!$E$2)/43560,\nVLOOKUP($A46,Quantities[],Quantities!$E$2)/43560))","v":17},{"$f":"IF(B46=\"P\",0,\nIF(AND(OR(C46=\"b\",C46=\"d\"),OR('4   Earthwork'!$B46=\"C\",'4   Earthwork'!$B46=\"D\",'4   Earthwork'!$B46=\"A\",'4   Earthwork'!$B46=\"E\",'4   Earthwork'!$B46=\"B\")),\nVLOOKUP(INDEX(Quantities!$A$100:$A$118,MATCH($A46,Quantities!$C$100:$C$118)),Quantities!$A$100:$AJ$118,Quantities!$U$2),\n0))","v":0},{"$f":"IF(B46=\"P\",0,\nIF(OR(C46=\"b\",C46=\"d\"),\nM46/(1+L46),\nIF(OR(LEFT(D46,2)=\"Rp\",LEFT(D46,2)=\"Mg\"),0,\nVLOOKUP(A46,Quantities[],Quantities!$F$2)+VLOOKUP(A46,Quantities[],Quantities!$AB$2))))","v":0},{"$f":"IF(B46=\"P\",\"-\",\nIF(C46=\"b\",\nVLOOKUP(INDEX(Quantities!$A$100:$A$118,MATCH(A46,Quantities!$C$100:$C$118)),Quantities[],Quantities!$V$2),\nIF(C46=\"a\",\nVLOOKUP(A46,Quantities[],Quantities!$V$2,0),\n0)))","v":0},0,null,"10"]
[{"$f":"'3   Material'!A47","v":1201},{"$f":"'3   Material'!B47","v":"A"},{"$f":"'3   Material'!C47","v":"a"},{"$f":"'3   Material'!D47","v":"Mg1"},{"$f":"'3   Material'!$E$15:$E$322","v":"1201-A-a-Mg1"},{"$f":"'3   Material'!$F$15:$F$322","v":"Grade-Top-Existing Ground"},{"$f":"'3   Material'!$G$15:$G$322","v":"2B Waste, 2A Leach, 2B Leach "},{"$f":"'3   Material'!$H$15:$H$322","v":"-"},{"$f":"IF(B47=\"P\",0,\nIF(AND(LEFT(D47,2)=\"Mg\",B47=\"A\",C47=\"a\"),(1+L47)*VLOOKUP($A47,Quantities[],Quantities!$E$2)/43560,\nVLOOKUP($A47,Quantities[],Quantities!$E$2)/43560))","v":36},{"$f":"IF(B47=\"P\",0,\nIF(AND(OR(C47=\"b\",C47=\"d\"),OR('4   Earthwork'!$B47=\"C\",'4   Earthwork'!$B47=\"D\",'4   Earthwork'!$B47=\"A\",'4   Earthwork'!$B47=\"E\",'4   Earthwork'!$B47=\"B\")),\nVLOOKUP(INDEX(Quantities!$A$100:$A$118,MATCH($A47,Quantities!$C$100:$C$118)),Quantities!$A$100:$AJ$118,Quantities!$U$2),\n0))","v":0},{"$f":"IF(B47=\"P\",0,\nIF(OR(C47=\"b\",C47=\"d\"),\nM47/(1+L47),\nIF(OR(LEFT(D47,2)=\"Rp\",LEFT(D47,2)=\"Mg\"),0,\nVLOOKUP(A47,Quantities[],Quantities!$F$2)+VLOOKUP(A47,Quantities[],Quantities!$AB$2))))","v":0},{"$f":"IF(B47=\"P\",\"-\",\nIF(C47=\"b\",\nVLOOKUP(INDEX(Quantities!$A$100:$A$118,MATCH(A47,Quantities!$C$100:$C$118)),Quantities[],Quantities!$V$2),\nIF(C47=\"a\",\nVLOOKUP(A47,Quantities[],Quantities!$V$2,0),\n0)))","v":0},0,null,"12"]
[{"$f":"'3   Material'!A48","v":1301},{"$f":"'3   Material'!B48","v":"A"},{"$f":"'3   Material'!C48","v":"a"},{"$f":"'3   Material'!D48","v":"Mg1"},{"$f":"'3   Material'!$E$15:$E$322","v":"1301-A-a-Mg1"},{"$f":"'3   Material'!$F$15:$F$322","v":"Grade-Top-Existing Ground"},{"$f":"'3   Material'!$G$15:$G$322","v":"3A Leach, 3B Waste "},{"$f":"'3   Material'!$H$15:$H$322","v":"-"},{"$f":"IF(B48=\"P\",0,\nIF(AND(LEFT(D48,2)=\"Mg\",B48=\"A\",C48=\"a\"),(1+L48)*VLOOKUP($A48,Quantities[],Quantities!$E$2)/43560,\nVLOOKUP($A48,Quantities[],Quantities!$E$2)/43560))","v":33},{"$f":"IF(B48=\"P\",0,\nIF(AND(OR(C48=\"b\",C48=\"d\"),OR('4   Earthwork'!$B48=\"C\",'4   Earthwork'!$B48=\"D\",'4   Earthwork'!$B48=\"A\",'4   Earthwork'!$B48=\"E\",'4   Earthwork'!$B48=\"B\")),\nVLOOKUP(INDEX(Quantities!$A$100:$A$118,MATCH($A48,Quantities!$C$100:$C$118)),Quantities!$A$100:$AJ$118,Quantities!$U$2),\n0))","v":0},{"$f":"IF(B48=\"P\",0,\nIF(OR(C48=\"b\",C48=\"d\"),\nM48/(1+L48),\nIF(OR(LEFT(D48,2)=\"Rp\",LEFT(D48,2)=\"Mg\"),0,\nVLOOKUP(A48,Quantities[],Quantities!$F$2)+VLOOKUP(A48,Quantities[],Quantities!$AB$2))))","v":0},{"$f":"IF(B48=\"P\",\"-\",\nIF(C48=\"b\",\nVLOOKUP(INDEX(Quantities!$A$100:$A$118,MATCH(A48,Quantities!$C$100:$C$118)),Quantities[],Quantities!$V$2),\nIF(C48=\"a\",\nVLOOKUP(A48,Quantities[],Quantities!$V$2,0),\n0)))","v":0},0,null,"13"]
[{"$f":"'3   Material'!A49","v":1501},{"$f":"'3   Material'!B49","v":"A"},{"$f":"'3   Material'!C49","v":"a"},{"$f":"'3   Material'!D49","v":"Mg1"},{"$f":"'3   Material'!$E$15:$E$322","v":"1501-A-a-Mg1"},{"$f":"'3   Material'!$F$15:$F$322","v":"Grade-Top-Existing Ground"},{"$f":"'3   Material'!$G$15:$G$322","v":"5A Waste "},{"$f":"'3   Material'!$H$15:$H$322","v":"-"},{"$f":"IF(B49=\"P\",0,\nIF(AND(LEFT(D49,2)=\"Mg\",B49=\"A\",C49=\"a\"),(1+L49)*VLOOKUP($A49,Quantities[],Quantities!$E$2)/43560,\nVLOOKUP($A49,Quantities[],Quantities!$E$2)/43560))","v":63},{"$f":"IF(B49=\"P\",0,\nIF(AND(OR(C49=\"b\",C49=\"d\"),OR('4   Earthwork'!$B49=\"C\",'4   Earthwork'!$B49=\"D\",'4   Earthwork'!$B49=\"A\",'4   Earthwork'!$B49=\"E\",'4   Earthwork'!$B49=\"B\")),\nVLOOKUP(INDEX(Quantities!$A$100:$A$118,MATCH($A49,Quantities!$C$100:$C$118)),Quantities!$A$100:$AJ$118,Quantities!$U$2),\n0))","v":0},{"$f":"IF(B49=\"P\",0,\nIF(OR(C49=\"b\",C49=\"d\"),\nM49/(1+L49),\nIF(OR(LEFT(D49,2)=\"Rp\",LEFT(D49,2)=\"Mg\"),0,\nVLOOKUP(A49,Quantities[],Quantities!$F$2)+VLOOKUP(A49,Quantities[],Quantities!$AB$2))))","v":0},{"$f":"IF(B49=\"P\",\"-\",\nIF(C49=\"b\",\nVLOOKUP(INDEX(Quantities!$A$100:$A$118,MATCH(A49,Quantities!$C$100:$C$118)),Quantities[],Quantities!$V$2),\nIF(C49=\"a\",\nVLOOKUP(A49,Quantities[],Quantities!$V$2,0),\n0)))","v":0},0,null,"15"]
[{"$f":"'3   Material'!A50","v":2200},{"$f":"'3   Material'!B50","v":"A"},{"$f":"'3   Material'!C50","v":"a"},{"$f":"'3   Material'!D50","v":"Dz2"},{"$f":"'3   Material'!$E$15:$E$322","v":"2200-A-a-Dz2"},{"$f":"'3   Material'!$F$15:$F$322","v":"Grade-Entire Pit-Existing Ground"},{"$f":"'3   Material'!$G$15:$G$322","v":" San Salvador Pit, San Salvador Waste Backfill"},{"$f":"'3   Material'!$H$15:$H$322","v":"-"},{"$f":"IF(B50=\"P\",0,\nIF(AND(LEFT(D50,2)=\"Mg\",B50=\"A\",C50=\"a\"),(1+L50)*VLOOKUP($A50,Quantities[],Quantities!$E$2)/43560,\nVLOOKUP($A50,Quantities[],Quantities!$E$2)/43560))","v":115},{"$f":"IF(B50=\"P\",0,\nIF(AND(OR(C50=\"b\",C50=\"d\"),OR('4   Earthwork'!$B50=\"C\",'4   Earthwork'!$B50=\"D\",'4   Earthwork'!$B50=\"A\",'4   Earthwork'!$B50=\"E\",'4   Earthwork'!$B50=\"B\")),\nVLOOKUP(INDEX(Quantities!$A$100:$A$118,MATCH($A50,Quantities!$C$100:$C$118)),Quantities!$A$100:$AJ$118,Quantities!$U$2),\n0))","v":0},{"$f":"IF(B50=\"P\",0,\nIF(OR(C50=\"b\",C50=\"d\"),\nM50/(1+L50),\nIF(OR(LEFT(D50,2)=\"Rp\",LEFT(D50,2)=\"Mg\"),0,\nVLOOKUP(A50,Quantities[],Quantities!$F$2)+VLOOKUP(A50,Quantities[],Quantities!$AB$2))))","v":1600000},{"$f":"IF(B50=\"P\",\"-\",\nIF(C50=\"b\",\nVLOOKUP(INDEX(Quantities!$A$100:$A$118,MATCH(A50,Quantities!$C$100:$C$118)),Quantities[],Quantities!$V$2),\nIF(C50=\"a\",\nVLOOKUP(A50,Quantities[],Quantities!$V$2,0),\n0)))","v":0},1600000,null,"22"]
[{"$f":"'3   Material'!A51","v":1401},{"$f":"'3   Material'!B51","v":"A"},{"$f":"'3   Material'!C51","v":"a"},{"$f":"'3   Material'!D51","v":"Mg1"},{"$f":"'3   Material'!$E$15:$E$322","v":"1401-A-a-Mg1"},{"$f":"'3   Material'!$F$15:$F$322","v":"Grade-Top-Existing Ground"},{"$f":"'3   Material'!$G$15:$G$322","v":"2 Leach (Area 1) "},{"$f":"'3   Material'!$H$15:$H$322","v":"-"},{"$f":"IF(B51=\"P\",0,\nIF(AND(LEFT(D51,2)=\"Mg\",B51=\"A\",C51=\"a\"),(1+L51)*VLOOKUP($A51,Quantities[],Quantities!$E$2)/43560,\nVLOOKUP($A51,Quantities[],Quantities!$E$2)/43560))","v":13},{"$f":"IF(B51=\"P\",0,\nIF(AND(OR(C51=\"b\",C51=\"d\"),OR('4   Earthwork'!$B51=\"C\",'4   Earthwork'!$B51=\"D\",'4   Earthwork'!$B51=\"A\",'4   Earthwork'!$B51=\"E\",'4   Earthwork'!$B51=\"B\")),\nVLOOKUP(INDEX(Quantities!$A$100:$A$118,MATCH($A51,Quantities!$C$100:$C$118)),Quantities!$A$100:$AJ$118,Quantities!$U$2),\n0))","v":0},{"$f":"IF(B51=\"P\",0,\nIF(OR(C51=\"b\",C51=\"d\"),\nM51/(1+L51),\nIF(OR(LEFT(D51,2)=\"Rp\",LEFT(D51,2)=\"Mg\"),0,\nVLOOKUP(A51,Quantities[],Quantities!$F$2)+VLOOKUP(A51,Quantities[],Quantities!$AB$2))))","v":0},{"$f":"IF(B51=\"P\",\"-\",\nIF(C51=\"b\",\nVLOOKUP(INDEX(Quantities!$A$100:$A$118,MATCH(A51,Quantities!$C$100:$C$118)),Quantities[],Quantities!$V$2),\nIF(C51=\"a\",\nVLOOKUP(A51,Quantities[],Quantities!$V$2,0),\n0)))","v":0},0,null,"14"]
[{"$f":"'3   Material'!A52","v":1801},{"$f":"'3   Material'!B52","v":"A"},{"$f":"'3   Material'!C52","v":"a"},{"$f":"'3   Material'!D52","v":"Mg1"},{"$f":"'3   Material'!$E$15:$E$322","v":"1801-A-a-Mg1"},{"$f":"'3   Material'!$F$15:$F$322","v":"Grade-Top-Existing Ground"},{"$f":"'3   Material'!$G$15:$G$322","v":"2 Leach (Area 2), 7B Leach, 7B Waste, 7C Waste, South Rim Pit "},{"$f":"'3   Material'!$H$15:$H$322","v":"-"},{"$f":"IF(B52=\"P\",0,\nIF(AND(LEFT(D52,2)=\"Mg\",B52=\"A\",C52=\"a\"),(1+L52)*VLOOKUP($A52,Quantities[],Quantities!$E$2)/43560,\nVLOOKUP($A52,Quantities[],Quantities!$E$2)/43560))","v":126},{"$f":"IF(B52=\"P\",0,\nIF(AND(OR(C52=\"b\",C52=\"d\"),OR('4   Earthwork'!$B52=\"C\",'4   Earthwork'!$B52=\"D\",'4   Earthwork'!$B52=\"A\",'4   Earthwork'!$B52=\"E\",'4   Earthwork'!$B52=\"B\")),\nVLOOKUP(INDEX(Quantities!$A$100:$A$118,MATCH($A52,Quantities!$C$100:$C$118)),Quantities!$A$100:$AJ$118,Quantities!$U$2),\n0))","v":0},{"$f":"IF(B52=\"P\",0,\nIF(OR(C52=\"b\",C52=\"d\"),\nM52/(1+L52),\nIF(OR(LEFT(D52,2)=\"Rp\",LEFT(D52,2)=\"Mg\"),0,\nVLOOKUP(A52,Quantities[],Quantities!$F$2)+VLOOKUP(A52,Quantities[],Quantities!$AB$2))))","v":0},{"$f":"IF(B52=\"P\",\"-\",\nIF(C52=\"b\",\nVLOOKUP(INDEX(Quantities!$A$100:$A$118,MATCH(A52,Quantities!$C$100:$C$118)),Quantities[],Quantities!$V$2),\nIF(C52=\"a\",\nVLOOKUP(A52,Quantities[],Quantities!$V$2,0),\n0)))","v":0},0,null,"18"]
[{"$f":"'3   Material'!A53","v":1601},{"$f":"'3   Material'!B53","v":"A"},{"$f":"'3   Material'!C53","v":"a"},{"$f":"'3   Material'!D53","v":"Mg1"},{"$f":"'3   Material'!$E$15:$E$322","v":"1601-A-a-Mg1"},{"$f":"'3   Material'!$F$15:$F$322","v":"Grade-Top-Existing Ground"},{"$f":"'3   Material'!$G$15:$G$322","v":"6B Leach, 6D Leach "},{"$f":"'3   Material'!$H$15:$H$322","v":"-"},{"$f":"IF(B53=\"P\",0,\nIF(AND(LEFT(D53,2)=\"Mg\",B53=\"A\",C53=\"a\"),(1+L53)*VLOOKUP($A53,Quantities[],Quantities!$E$2)/43560,\nVLOOKUP($A53,Quantities[],Quantities!$E$2)/43560))","v":39},{"$f":"IF(B53=\"P\",0,\nIF(AND(OR(C53=\"b\",C53=\"d\"),OR('4   Earthwork'!$B53=\"C\",'4   Earthwork'!$B53=\"D\",'4   Earthwork'!$B53=\"A\",'4   Earthwork'!$B53=\"E\",'4   Earthwork'!$B53=\"B\")),\nVLOOKUP(INDEX(Quantities!$A$100:$A$118,MATCH($A53,Quantities!$C$100:$C$118)),Quantities!$A$100:$AJ$118,Quantities!$U$2),\n0))","v":0},{"$f":"IF(B53=\"P\",0,\nIF(OR(C53=\"b\",C53=\"d\"),\nM53/(1+L53),\nIF(OR(LEFT(D53,2)=\"Rp\",LEFT(D53,2)=\"Mg\"),0,\nVLOOKUP(A53,Quantities[],Quantities!$F$2)+VLOOKUP(A53,Quantities[],Quantities!$AB$2))))","v":0},{"$f":"IF(B53=\"P\",\"-\",\nIF(C53=\"b\",\nVLOOKUP(INDEX(Quantities!$A$100:$A$118,MATCH(A53,Quantities!$C$100:$C$118)),Quantities[],Quantities!$V$2),\nIF(C53=\"a\",\nVLOOKUP(A53,Quantities[],Quantities!$V$2,0),\n0)))","v":0},0,null,"16"]
[{"$f":"'3   Material'!A54","v":1701},{"$f":"'3   Material'!B54","v":"A"},{"$f":"'3   Material'!C54","v":"a"},{"$f":"'3   Material'!D54","v":"Mg1"},{"$f":"'3   Material'!$E$15:$E$322","v":"1701-A-a-Mg1"},{"$f":"'3   Material'!$F$15:$F$322","v":"Grade-Top-Existing Ground"},{"$f":"'3   Material'!$G$15:$G$322","v":"6C Leach "},{"$f":"'3   Material'!$H$15:$H$322","v":"-"},{"$f":"IF(B54=\"P\",0,\nIF(AND(LEFT(D54,2)=\"Mg\",B54=\"A\",C54=\"a\"),(1+L54)*VLOOKUP($A54,Quantities[],Quantities!$E$2)/43560,\nVLOOKUP($A54,Quantities[],Quantities!$E$2)/43560))","v":10},{"$f":"IF(B54=\"P\",0,\nIF(AND(OR(C54=\"b\",C54=\"d\"),OR('4   Earthwork'!$B54=\"C\",'4   Earthwork'!$B54=\"D\",'4   Earthwork'!$B54=\"A\",'4   Earthwork'!$B54=\"E\",'4   Earthwork'!$B54=\"B\")),\nVLOOKUP(INDEX(Quantities!$A$100:$A$118,MATCH($A54,Quantities!$C$100:$C$118)),Quantities!$A$100:$AJ$118,Quantities!$U$2),\n0))","v":0},{"$f":"IF(B54=\"P\",0,\nIF(OR(C54=\"b\",C54=\"d\"),\nM54/(1+L54),\nIF(OR(LEFT(D54,2)=\"Rp\",LEFT(D54,2)=\"Mg\"),0,\nVLOOKUP(A54,Quantities[],Quantities!$F$2)+VLOOKUP(A54,Quantities[],Quantities!$AB$2))))","v":0},{"$f":"IF(B54=\"P\",\"-\",\nIF(C54=\"b\",\nVLOOKUP(INDEX(Quantities!$A$100:$A$118,MATCH(A54,Quantities!$C$100:$C$118)),Quantities[],Quantities!$V$2),\nIF(C54=\"a\",\nVLOOKUP(A54,Quantities[],Quantities!$V$2,0),\n0)))","v":0},0,null,"17"]
[{"$f":"'3   Material'!A55","v":2301},{"$f":"'3   Material'!B55","v":"A"},{"$f":"'3   Material'!C55","v":"a"},{"$f":"'3   Material'!D55","v":"Mg1"},{"$f":"'3   Material'!$E$15:$E$322","v":"2301-A-a-Mg1"},{"$f":"'3   Material'!$F$15:$F$322","v":"Grade-Top-Existing Ground"},{"$f":"'3   Material'!$G$15:$G$322","v":"6A Leach "},{"$f":"'3   Material'!$H$15:$H$322","v":"-"},{"$f":"IF(B55=\"P\",0,\nIF(AND(LEFT(D55,2)=\"Mg\",B55=\"A\",C55=\"a\"),(1+L55)*VLOOKUP($A55,Quantities[],Quantities!$E$2)/43560,\nVLOOKUP($A55,Quantities[],Quantities!$E$2)/43560))","v":32.5},{"$f":"IF(B55=\"P\",0,\nIF(AND(OR(C55=\"b\",C55=\"d\"),OR('4   Earthwork'!$B55=\"C\",'4   Earthwork'!$B55=\"D\",'4   Earthwork'!$B55=\"A\",'4   Earthwork'!$B55=\"E\",'4   Earthwork'!$B55=\"B\")),\nVLOOKUP(INDEX(Quantities!$A$100:$A$118,MATCH($A55,Quantities!$C$100:$C$118)),Quantities!$A$100:$AJ$118,Quantities!$U$2),\n0))","v":0},{"$f":"IF(B55=\"P\",0,\nIF(OR(C55=\"b\",C55=\"d\"),\nM55/(1+L55),\nIF(OR(LEFT(D55,2)=\"Rp\",LEFT(D55,2)=\"Mg\"),0,\nVLOOKUP(A55,Quantities[],Quantities!$F$2)+VLOOKUP(A55,Quantities[],Quantities!$AB$2))))","v":0},{"$f":"IF(B55=\"P\",\"-\",\nIF(C55=\"b\",\nVLOOKUP(INDEX(Quantities!$A$100:$A$118,MATCH(A55,Quantities!$C$100:$C$118)),Quantities[],Quantities!$V$2),\nIF(C55=\"a\",\nVLOOKUP(A55,Quantities[],Quantities!$V$2,0),\n0)))","v":0},0,null,"23"]
[{"$f":"'3   Material'!A56","v":2001},{"$f":"'3   Material'!B56","v":"A"},{"$f":"'3   Material'!C56","v":"a"},{"$f":"'3   Material'!D56","v":"Mg1"},{"$f":"'3   Material'!$E$15:$E$322","v":"2001-A-a-Mg1"},{"$f":"'3   Material'!$F$15:$F$322","v":"Grade-Top-Existing Ground"},{"$f":"'3   Material'!$G$15:$G$322","v":"9A Waste  "},{"$f":"'3   Material'!$H$15:$H$322","v":"-"},{"$f":"IF(B56=\"P\",0,\nIF(AND(LEFT(D56,2)=\"Mg\",B56=\"A\",C56=\"a\"),(1+L56)*VLOOKUP($A56,Quantities[],Quantities!$E$2)/43560,\nVLOOKUP($A56,Quantities[],Quantities!$E$2)/43560))","v":13},{"$f":"IF(B56=\"P\",0,\nIF(AND(OR(C56=\"b\",C56=\"d\"),OR('4   Earthwork'!$B56=\"C\",'4   Earthwork'!$B56=\"D\",'4   Earthwork'!$B56=\"A\",'4   Earthwork'!$B56=\"E\",'4   Earthwork'!$B56=\"B\")),\nVLOOKUP(INDEX(Quantities!$A$100:$A$118,MATCH($A56,Quantities!$C$100:$C$118)),Quantities!$A$100:$AJ$118,Quantities!$U$2),\n0))","v":0},{"$f":"IF(B56=\"P\",0,\nIF(OR(C56=\"b\",C56=\"d\"),\nM56/(1+L56),\nIF(OR(LEFT(D56,2)=\"Rp\",LEFT(D56,2)=\"Mg\"),0,\nVLOOKUP(A56,Quantities[],Quantities!$F$2)+VLOOKUP(A56,Quantities[],Quantities!$AB$2))))","v":0},{"$f":"IF(B56=\"P\",\"-\",\nIF(C56=\"b\",\nVLOOKUP(INDEX(Quantities!$A$100:$A$118,MATCH(A56,Quantities!$C$100:$C$118)),Quantities[],Quantities!$V$2),\nIF(C56=\"a\",\nVLOOKUP(A56,Quantities[],Quantities!$V$2,0),\n0)))","v":0},0,null,"20"]
[{"$f":"'3   Material'!A57","v":1900},{"$f":"'3   Material'!B57","v":"A"},{"$f":"'3   Material'!C57","v":"a"},{"$f":"'3   Material'!D57","v":"Dz2"},{"$f":"'3   Material'!$E$15:$E$322","v":"1900-A-a-Dz2"},{"$f":"'3   Material'!$F$15:$F$322","v":"Grade-Sludge Disposal Area-Existing Ground"},{"$f":"'3   Material'!$G$15:$G$322","v":" 8A Waste, 8C Waste"},{"$f":"'3   Material'!$H$15:$H$322","v":"-"},{"$f":"IF(B57=\"P\",0,\nIF(AND(LEFT(D57,2)=\"Mg\",B57=\"A\",C57=\"a\"),(1+L57)*VLOOKUP($A57,Quantities[],Quantities!$E$2)/43560,\nVLOOKUP($A57,Quantities[],Quantities!$E$2)/43560))","v":47.36},{"$f":"IF(B57=\"P\",0,\nIF(AND(OR(C57=\"b\",C57=\"d\"),OR('4   Earthwork'!$B57=\"C\",'4   Earthwork'!$B57=\"D\",'4   Earthwork'!$B57=\"A\",'4   Earthwork'!$B57=\"E\",'4   Earthwork'!$B57=\"B\")),\nVLOOKUP(INDEX(Quantities!$A$100:$A$118,MATCH($A57,Quantities!$C$100:$C$118)),Quantities!$A$100:$AJ$118,Quantities!$U$2),\n0))","v":0},{"$f":"IF(B57=\"P\",0,\nIF(OR(C57=\"b\",C57=\"d\"),\nM57/(1+L57),\nIF(OR(LEFT(D57,2)=\"Rp\",LEFT(D57,2)=\"Mg\"),0,\nVLOOKUP(A57,Quantities[],Quantities!$F$2)+VLOOKUP(A57,Quantities[],Quantities!$AB$2))))","v":0},{"$f":"IF(B57=\"P\",\"-\",\nIF(C57=\"b\",\nVLOOKUP(INDEX(Quantities!$A$100:$A$118,MATCH(A57,Quantities!$C$100:$C$118)),Quantities[],Quantities!$V$2),\nIF(C57=\"a\",\nVLOOKUP(A57,Quantities[],Quantities!$V$2,0),\n0)))","v":0},0,null,"19"]
[{"$f":"'3   Material'!A58","v":2701},{"$f":"'3   Material'!B58","v":"A"},{"$f":"'3   Material'!C58","v":"a"},{"$f":"'3   Material'!D58","v":"Dz2"},{"$f":"'3   Material'!$E$15:$E$322","v":"2701-A-a-Dz2"},{"$f":"'3   Material'!$F$15:$F$322","v":"Grade-Surface Impoundments closed at year 99; some closed year 6-Existing Ground"},{"$f":"'3   Material'!$G$15:$G$322","v":"Surface Impoundments closed at year 99; some closed year 6 "},{"$f":"'3   Material'!$H$15:$H$322","v":"-"},{"$f":"IF(B58=\"P\",0,\nIF(AND(LEFT(D58,2)=\"Mg\",B58=\"A\",C58=\"a\"),(1+L58)*VLOOKUP($A58,Quantities[],Quantities!$E$2)/43560,\nVLOOKUP($A58,Quantities[],Quantities!$E$2)/43560))","v":21.23},{"$f":"IF(B58=\"P\",0,\nIF(AND(OR(C58=\"b\",C58=\"d\"),OR('4   Earthwork'!$B58=\"C\",'4   Earthwork'!$B58=\"D\",'4   Earthwork'!$B58=\"A\",'4   Earthwork'!$B58=\"E\",'4   Earthwork'!$B58=\"B\")),\nVLOOKUP(INDEX(Quantities!$A$100:$A$118,MATCH($A58,Quantities!$C$100:$C$118)),Quantities!$A$100:$AJ$118,Quantities!$U$2),\n0))","v":0},{"$f":"IF(B58=\"P\",0,\nIF(OR(C58=\"b\",C58=\"d\"),\nM58/(1+L58),\nIF(OR(LEFT(D58,2)=\"Rp\",LEFT(D58,2)=\"Mg\"),0,\nVLOOKUP(A58,Quantities[],Quantities!$F$2)+VLOOKUP(A58,Quantities[],Quantities!$AB$2))))","v":0},{"$f":"IF(B58=\"P\",\"-\",\nIF(C58=\"b\",\nVLOOKUP(INDEX(Quantities!$A$100:$A$118,MATCH(A58,Quantities!$C$100:$C$118)),Quantities[],Quantities!$V$2),\nIF(C58=\"a\",\nVLOOKUP(A58,Quantities[],Quantities!$V$2,0),\n0)))","v":0},0,null,"27"]
[{"$f":"'3   Material'!A59","v":3300},{"$f":"'3   Material'!B59","v":"A"},{"$f":"'3   Material'!C59","v":"a"},{"$f":"'3   Material'!D59","v":"Dz2"},{"$f":"'3   Material'!$E$15:$E$322","v":"3300-A-a-Dz2"},{"$f":"'3   Material'!$F$15:$F$322","v":"Grade-Unplanned Disturbance Area-Existing Ground"},{"$f":"'3   Material'!$G$15:$G$322","v":" Unplanned Disturbance Area"},{"$f":"'3   Material'!$H$15:$H$322","v":"-"},{"$f":"IF(B59=\"P\",0,\nIF(AND(LEFT(D59,2)=\"Mg\",B59=\"A\",C59=\"a\"),(1+L59)*VLOOKUP($A59,Quantities[],Quantities!$E$2)/43560,\nVLOOKUP($A59,Quantities[],Quantities!$E$2)/43560))","v":200},{"$f":"IF(B59=\"P\",0,\nIF(AND(OR(C59=\"b\",C59=\"d\"),OR('4   Earthwork'!$B59=\"C\",'4   Earthwork'!$B59=\"D\",'4   Earthwork'!$B59=\"A\",'4   Earthwork'!$B59=\"E\",'4   Earthwork'!$B59=\"B\")),\nVLOOKUP(INDEX(Quantities!$A$100:$A$118,MATCH($A59,Quantities!$C$100:$C$118)),Quantities!$A$100:$AJ$118,Quantities!$U$2),\n0))","v":0},{"$f":"IF(B59=\"P\",0,\nIF(OR(C59=\"b\",C59=\"d\"),\nM59/(1+L59),\nIF(OR(LEFT(D59,2)=\"Rp\",LEFT(D59,2)=\"Mg\"),0,\nVLOOKUP(A59,Quantities[],Quantities!$F$2)+VLOOKUP(A59,Quantities[],Quantities!$AB$2))))","v":0},{"$f":"IF(B59=\"P\",\"-\",\nIF(C59=\"b\",\nVLOOKUP(INDEX(Quantities!$A$100:$A$118,MATCH(A59,Quantities!$C$100:$C$118)),Quantities[],Quantities!$V$2),\nIF(C59=\"a\",\nVLOOKUP(A59,Quantities[],Quantities!$V$2,0),\n0)))","v":0},0,null,"33"]
[{"$f":"'3   Material'!A60","v":2101},{"$f":"'3   Material'!B60","v":"A"},{"$f":"'3   Material'!C60","v":"a"},{"$f":"'3   Material'!D60","v":"Dz2"},{"$f":"'3   Material'!$E$15:$E$322","v":"2101-A-a-Dz2"},{"$f":"'3   Material'!$F$15:$F$322","v":"Grade-North-Existing Ground"},{"$f":"'3   Material'!$G$15:$G$322","v":"9AX Waste "},{"$f":"'3   Material'!$H$15:$H$322","v":"-"},{"$f":"IF(B60=\"P\",0,\nIF(AND(LEFT(D60,2)=\"Mg\",B60=\"A\",C60=\"a\"),(1+L60)*VLOOKUP($A60,Quantities[],Quantities!$E$2)/43560,\nVLOOKUP($A60,Quantities[],Quantities!$E$2)/43560))","v":47.775000000000006},{"$f":"IF(B60=\"P\",0,\nIF(AND(OR(C60=\"b\",C60=\"d\"),OR('4   Earthwork'!$B60=\"C\",'4   Earthwork'!$B60=\"D\",'4   Earthwork'!$B60=\"A\",'4   Earthwork'!$B60=\"E\",'4   Earthwork'!$B60=\"B\")),\nVLOOKUP(INDEX(Quantities!$A$100:$A$118,MATCH($A60,Quantities!$C$100:$C$118)),Quantities!$A$100:$AJ$118,Quantities!$U$2),\n0))","v":0},{"$f":"IF(B60=\"P\",0,\nIF(OR(C60=\"b\",C60=\"d\"),\nM60/(1+L60),\nIF(OR(LEFT(D60,2)=\"Rp\",LEFT(D60,2)=\"Mg\"),0,\nVLOOKUP(A60,Quantities[],Quantities!$F$2)+VLOOKUP(A60,Quantities[],Quantities!$AB$2))))","v":451017},{"$f":"IF(B60=\"P\",\"-\",\nIF(C60=\"b\",\nVLOOKUP(INDEX(Quantities!$A$100:$A$118,MATCH(A60,Quantities!$C$100:$C$118)),Quantities[],Quantities!$V$2),\nIF(C60=\"a\",\nVLOOKUP(A60,Quantities[],Quantities!$V$2,0),\n0)))","v":0},451017,null,"21"]
[{"$f":"'3   Material'!A61","v":2102},{"$f":"'3   Material'!B61","v":"A"},{"$f":"'3   Material'!C61","v":"a"},{"$f":"'3   Material'!D61","v":"Dz2"},{"$f":"'3   Material'!$E$15:$E$322","v":"2102-A-a-Dz2"},{"$f":"'3   Material'!$F$15:$F$322","v":"Grade-South-Existing Ground"},{"$f":"'3   Material'!$G$15:$G$322","v":"9AX Waste "},{"$f":"'3   Material'!$H$15:$H$322","v":"-"},{"$f":"IF(B61=\"P\",0,\nIF(AND(LEFT(D61,2)=\"Mg\",B61=\"A\",C61=\"a\"),(1+L61)*VLOOKUP($A61,Quantities[],Quantities!$E$2)/43560,\nVLOOKUP($A61,Quantities[],Quantities!$E$2)/43560))","v":15.925000000000001},{"$f":"IF(B61=\"P\",0,\nIF(AND(OR(C61=\"b\",C61=\"d\"),OR('4   Earthwork'!$B61=\"C\",'4   Earthwork'!$B61=\"D\",'4   Earthwork'!$B61=\"A\",'4   Earthwork'!$B61=\"E\",'4   Earthwork'!$B61=\"B\")),\nVLOOKUP(INDEX(Quantities!$A$100:$A$118,MATCH($A61,Quantities!$C$100:$C$118)),Quantities!$A$100:$AJ$118,Quantities!$U$2),\n0))","v":0},{"$f":"IF(B61=\"P\",0,\nIF(OR(C61=\"b\",C61=\"d\"),\nM61/(1+L61),\nIF(OR(LEFT(D61,2)=\"Rp\",LEFT(D61,2)=\"Mg\"),0,\nVLOOKUP(A61,Quantities[],Quantities!$F$2)+VLOOKUP(A61,Quantities[],Quantities!$AB$2))))","v":150339},{"$f":"IF(B61=\"P\",\"-\",\nIF(C61=\"b\",\nVLOOKUP(INDEX(Quantities!$A$100:$A$118,MATCH(A61,Quantities!$C$100:$C$118)),Quantities[],Quantities!$V$2),\nIF(C61=\"a\",\nVLOOKUP(A61,Quantities[],Quantities!$V$2,0),\n0)))","v":0},150339,null,"21"]
[{"$f":"'3   Material'!A62","v":2600},{"$f":"'3   Material'!B62","v":"A"},{"$f":"'3   Material'!C62","v":"a"},{"$f":"'3   Material'!D62","v":"Dz2"},{"$f":"'3   Material'!$E$15:$E$322","v":"2600-A-a-Dz2"},{"$f":"'3   Material'!$F$15:$F$322","v":"Grade-Tailing Launder Line-Existing Ground"},{"$f":"'3   Material'!$G$15:$G$322","v":" Reclaimed Tailing Launder Line"},{"$f":"'3   Material'!$H$15:$H$322","v":"-"},{"$f":"IF(B62=\"P\",0,\nIF(AND(LEFT(D62,2)=\"Mg\",B62=\"A\",C62=\"a\"),(1+L62)*VLOOKUP($A62,Quantities[],Quantities!$E$2)/43560,\nVLOOKUP($A62,Quantities[],Quantities!$E$2)/43560))","v":7.4042011019283747},{"$f":"IF(B62=\"P\",0,\nIF(AND(OR(C62=\"b\",C62=\"d\"),OR('4   Earthwork'!$B62=\"C\",'4   Earthwork'!$B62=\"D\",'4   Earthwork'!$B62=\"A\",'4   Earthwork'!$B62=\"E\",'4   Earthwork'!$B62=\"B\")),\nVLOOKUP(INDEX(Quantities!$A$100:$A$118,MATCH($A62,Quantities!$C$100:$C$118)),Quantities!$A$100:$AJ$118,Quantities!$U$2),\n0))","v":0},{"$f":"IF(B62=\"P\",0,\nIF(OR(C62=\"b\",C62=\"d\"),\nM62/(1+L62),\nIF(OR(LEFT(D62,2)=\"Rp\",LEFT(D62,2)=\"Mg\"),0,\nVLOOKUP(A62,Quantities[],Quantities!$F$2)+VLOOKUP(A62,Quantities[],Quantities!$AB$2))))","v":117000},{"$f":"IF(B62=\"P\",\"-\",\nIF(C62=\"b\",\nVLOOKUP(INDEX(Quantities!$A$100:$A$118,MATCH(A62,Quantities!$C$100:$C$118)),Quantities[],Quantities!$V$2),\nIF(C62=\"a\",\nVLOOKUP(A62,Quantities[],Quantities!$V$2,0),\n0)))","v":0.15},134550,null,"26"]
[{"$f":"'3   Material'!A63","v":2802},{"$f":"'3   Material'!B63","v":"A"},{"$f":"'3   Material'!C63","v":"a"},{"$f":"'3   Material'!D63","v":"Mg1"},{"$f":"'3   Material'!$E$15:$E$322","v":"2802-A-a-Mg1"},{"$f":"'3   Material'!$F$15:$F$322","v":"Grade-Sloped Areas-Existing Ground"},{"$f":"'3   Material'!$G$15:$G$322","v":"Other Borrow Areas "},{"$f":"'3   Material'!$H$15:$H$322","v":"-"},{"$f":"IF(B63=\"P\",0,\nIF(AND(LEFT(D63,2)=\"Mg\",B63=\"A\",C63=\"a\"),(1+L63)*VLOOKUP($A63,Quantities[],Quantities!$E$2)/43560,\nVLOOKUP($A63,Quantities[],Quantities!$E$2)/43560))","v":25.488000000000007},{"$f":"IF(B63=\"P\",0,\nIF(AND(OR(C63=\"b\",C63=\"d\"),OR('4   Earthwork'!$B63=\"C\",'4   Earthwork'!$B63=\"D\",'4   Earthwork'!$B63=\"A\",'4   Earthwork'!$B63=\"E\",'4   Earthwork'!$B63=\"B\")),\nVLOOKUP(INDEX(Quantities!$A$100:$A$118,MATCH($A63,Quantities!$C$100:$C$118)),Quantities!$A$100:$AJ$118,Quantities!$U$2),\n0))","v":0},{"$f":"IF(B63=\"P\",0,\nIF(OR(C63=\"b\",C63=\"d\"),\nM63/(1+L63),\nIF(OR(LEFT(D63,2)=\"Rp\",LEFT(D63,2)=\"Mg\"),0,\nVLOOKUP(A63,Quantities[],Quantities!$F$2)+VLOOKUP(A63,Quantities[],Quantities!$AB$2))))","v":0},{"$f":"IF(B63=\"P\",\"-\",\nIF(C63=\"b\",\nVLOOKUP(INDEX(Quantities!$A$100:$A$118,MATCH(A63,Quantities!$C$100:$C$118)),Quantities[],Quantities!$V$2),\nIF(C63=\"a\",\nVLOOKUP(A63,Quantities[],Quantities!$V$2,0),\n0)))","v":0.08},0,null,"28"]
[{"$f":"'3   Material'!A64","v":1001},{"$f":"'3   Material'!B64","v":"E"},{"$f":"'3   Material'!C64","v":"c"},{"$f":"'3   Material'!D64","v":"Rp1"},{"$f":"'3   Material'!$E$15:$E$322","v":"1001-E-c-Rp1"},{"$f":"'3   Material'!$F$15:$F$322","v":"Rip-Top-Rough Graded Material"},{"$f":"'3   Material'!$G$15:$G$322","v":"1A Leach, 1B Leach  "},{"$f":"'3   Material'!$H$15:$H$322","v":"-"},{"$f":"IF(B64=\"P\",0,\nIF(AND(LEFT(D64,2)=\"Mg\",B64=\"A\",C64=\"a\"),(1+L64)*VLOOKUP($A64,Quantities[],Quantities!$E$2)/43560,\nVLOOKUP($A64,Quantities[],Quantities!$E$2)/43560))","v":17},{"$f":"IF(B64=\"P\",0,\nIF(AND(OR(C64=\"b\",C64=\"d\"),OR('4   Earthwork'!$B64=\"C\",'4   Earthwork'!$B64=\"D\",'4   Earthwork'!$B64=\"A\",'4   Earthwork'!$B64=\"E\",'4   Earthwork'!$B64=\"B\")),\nVLOOKUP(INDEX(Quantities!$A$100:$A$118,MATCH($A64,Quantities!$C$100:$C$118)),Quantities!$A$100:$AJ$118,Quantities!$U$2),\n0))","v":0},{"$f":"IF(B64=\"P\",0,\nIF(OR(C64=\"b\",C64=\"d\"),\nM64/(1+L64),\nIF(OR(LEFT(D64,2)=\"Rp\",LEFT(D64,2)=\"Mg\"),0,\nVLOOKUP(A64,Quantities[],Quantities!$F$2)+VLOOKUP(A64,Quantities[],Quantities!$AB$2))))","v":0},{"$f":"IF(B64=\"P\",\"-\",\nIF(C64=\"b\",\nVLOOKUP(INDEX(Quantities!$A$100:$A$118,MATCH(A64,Quantities!$C$100:$C$118)),Quantities[],Quantities!$V$2),\nIF(C64=\"a\",\nVLOOKUP(A64,Quantities[],Quantities!$V$2,0),\n0)))","v":0},0,null,"10"]
[{"$f":"'3   Material'!A65","v":1201},{"$f":"'3   Material'!B65","v":"E"},{"$f":"'3   Material'!C65","v":"c"},{"$f":"'3   Material'!D65","v":"Rp1"},{"$f":"'3   Material'!$E$15:$E$322","v":"1201-E-c-Rp1"},{"$f":"'3   Material'!$F$15:$F$322","v":"Rip-Top-Rough Graded Material"},{"$f":"'3   Material'!$G$15:$G$322","v":"2B Waste, 2A Leach, 2B Leach "},{"$f":"'3   Material'!$H$15:$H$322","v":"-"},{"$f":"IF(B65=\"P\",0,\nIF(AND(LEFT(D65,2)=\"Mg\",B65=\"A\",C65=\"a\"),(1+L65)*VLOOKUP($A65,Quantities[],Quantities!$E$2)/43560,\nVLOOKUP($A65,Quantities[],Quantities!$E$2)/43560))","v":36},{"$f":"IF(B65=\"P\",0,\nIF(AND(OR(C65=\"b\",C65=\"d\"),OR('4   Earthwork'!$B65=\"C\",'4   Earthwork'!$B65=\"D\",'4   Earthwork'!$B65=\"A\",'4   Earthwork'!$B65=\"E\",'4   Earthwork'!$B65=\"B\")),\nVLOOKUP(INDEX(Quantities!$A$100:$A$118,MATCH($A65,Quantities!$C$100:$C$118)),Quantities!$A$100:$AJ$118,Quantities!$U$2),\n0))","v":0},{"$f":"IF(B65=\"P\",0,\nIF(OR(C65=\"b\",C65=\"d\"),\nM65/(1+L65),\nIF(OR(LEFT(D65,2)=\"Rp\",LEFT(D65,2)=\"Mg\"),0,\nVLOOKUP(A65,Quantities[],Quantities!$F$2)+VLOOKUP(A65,Quantities[],Quantities!$AB$2))))","v":0},{"$f":"IF(B65=\"P\",\"-\",\nIF(C65=\"b\",\nVLOOKUP(INDEX(Quantities!$A$100:$A$118,MATCH(A65,Quantities!$C$100:$C$118)),Quantities[],Quantities!$V$2),\nIF(C65=\"a\",\nVLOOKUP(A65,Quantities[],Quantities!$V$2,0),\n0)))","v":0},0,null,"12"]
[{"$f":"'3   Material'!A66","v":1301},{"$f":"'3   Material'!B66","v":"E"},{"$f":"'3   Material'!C66","v":"c"},{"$f":"'3   Material'!D66","v":"Rp1"},{"$f":"'3   Material'!$E$15:$E$322","v":"1301-E-c-Rp1"},{"$f":"'3   Material'!$F$15:$F$322","v":"Rip-Top-Rough Graded Material"},{"$f":"'3   Material'!$G$15:$G$322","v":"3A Leach, 3B Waste "},{"$f":"'3   Material'!$H$15:$H$322","v":"-"},{"$f":"IF(B66=\"P\",0,\nIF(AND(LEFT(D66,2)=\"Mg\",B66=\"A\",C66=\"a\"),(1+L66)*VLOOKUP($A66,Quantities[],Quantities!$E$2)/43560,\nVLOOKUP($A66,Quantities[],Quantities!$E$2)/43560))","v":33},{"$f":"IF(B66=\"P\",0,\nIF(AND(OR(C66=\"b\",C66=\"d\"),OR('4   Earthwork'!$B66=\"C\",'4   Earthwork'!$B66=\"D\",'4   Earthwork'!$B66=\"A\",'4   Earthwork'!$B66=\"E\",'4   Earthwork'!$B66=\"B\")),\nVLOOKUP(INDEX(Quantities!$A$100:$A$118,MATCH($A66,Quantities!$C$100:$C$118)),Quantities!$A$100:$AJ$118,Quantities!$U$2),\n0))","v":0},{"$f":"IF(B66=\"P\",0,\nIF(OR(C66=\"b\",C66=\"d\"),\nM66/(1+L66),\nIF(OR(LEFT(D66,2)=\"Rp\",LEFT(D66,2)=\"Mg\"),0,\nVLOOKUP(A66,Quantities[],Quantities!$F$2)+VLOOKUP(A66,Quantities[],Quantities!$AB$2))))","v":0},{"$f":"IF(B66=\"P\",\"-\",\nIF(C66=\"b\",\nVLOOKUP(INDEX(Quantities!$A$100:$A$118,MATCH(A66,Quantities!$C$100:$C$118)),Quantities[],Quantities!$V$2),\nIF(C66=\"a\",\nVLOOKUP(A66,Quantities[],Quantities!$V$2,0),\n0)))","v":0},0,null,"13"]
[{"$f":"'3   Material'!A67","v":1501},{"$f":"'3   Material'!B67","v":"E"},{"$f":"'3   Material'!C67","v":"c"},{"$f":"'3   Material'!D67","v":"Rp1"},{"$f":"'3   Material'!$E$15:$E$322","v":"1501-E-c-Rp1"},{"$f":"'3   Material'!$F$15:$F$322","v":"Rip-Top-Rough Graded Material"},{"$f":"'3   Material'!$G$15:$G$322","v":"5A Waste "},{"$f":"'3   Material'!$H$15:$H$322","v":"-"},{"$f":"IF(B67=\"P\",0,\nIF(AND(LEFT(D67,2)=\"Mg\",B67=\"A\",C67=\"a\"),(1+L67)*VLOOKUP($A67,Quantities[],Quantities!$E$2)/43560,\nVLOOKUP($A67,Quantities[],Quantities!$E$2)/43560))","v":63},{"$f":"IF(B67=\"P\",0,\nIF(AND(OR(C67=\"b\",C67=\"d\"),OR('4   Earthwork'!$B67=\"C\",'4   Earthwork'!$B67=\"D\",'4   Earthwork'!$B67=\"A\",'4   Earthwork'!$B67=\"E\",'4   Earthwork'!$B67=\"B\")),\nVLOOKUP(INDEX(Quantities!$A$100:$A$118,MATCH($A67,Quantities!$C$100:$C$118)),Quantities!$A$100:$AJ$118,Quantities!$U$2),\n0))","v":0},{"$f":"IF(B67=\"P\",0,\nIF(OR(C67=\"b\",C67=\"d\"),\nM67/(1+L67),\nIF(OR(LEFT(D67,2)=\"Rp\",LEFT(D67,2)=\"Mg\"),0,\nVLOOKUP(A67,Quantities[],Quantities!$F$2)+VLOOKUP(A67,Quantities[],Quantities!$AB$2))))","v":0},{"$f":"IF(B67=\"P\",\"-\",\nIF(C67=\"b\",\nVLOOKUP(INDEX(Quantities!$A$100:$A$118,MATCH(A67,Quantities!$C$100:$C$118)),Quantities[],Quantities!$V$2),\nIF(C67=\"a\",\nVLOOKUP(A67,Quantities[],Quantities!$V$2,0),\n0)))","v":0},0,null,"15"]
[{"$f":"'3   Material'!A68","v":2200},{"$f":"'3   Material'!B68","v":"E"},{"$f":"'3   Material'!C68","v":"c"},{"$f":"'3   Material'!D68","v":"Rp1"},{"$f":"'3   Material'!$E$15:$E$322","v":"2200-E-c-Rp1"},{"$f":"'3   Material'!$F$15:$F$322","v":"Rip-Entire Pit-Rough Graded Material"},{"$f":"'3   Material'!$G$15:$G$322","v":" San Salvador Pit, San Salvador Waste Backfill"},{"$f":"'3   Material'!$H$15:$H$322","v":"-"},{"$f":"IF(B68=\"P\",0,\nIF(AND(LEFT(D68,2)=\"Mg\",B68=\"A\",C68=\"a\"),(1+L68)*VLOOKUP($A68,Quantities[],Quantities!$E$2)/43560,\nVLOOKUP($A68,Quantities[],Quantities!$E$2)/43560))","v":115},{"$f":"IF(B68=\"P\",0,\nIF(AND(OR(C68=\"b\",C68=\"d\"),OR('4   Earthwork'!$B68=\"C\",'4   Earthwork'!$B68=\"D\",'4   Earthwork'!$B68=\"A\",'4   Earthwork'!$B68=\"E\",'4   Earthwork'!$B68=\"B\")),\nVLOOKUP(INDEX(Quantities!$A$100:$A$118,MATCH($A68,Quantities!$C$100:$C$118)),Quantities!$A$100:$AJ$118,Quantities!$U$2),\n0))","v":0},{"$f":"IF(B68=\"P\",0,\nIF(OR(C68=\"b\",C68=\"d\"),\nM68/(1+L68),\nIF(OR(LEFT(D68,2)=\"Rp\",LEFT(D68,2)=\"Mg\"),0,\nVLOOKUP(A68,Quantities[],Quantities!$F$2)+VLOOKUP(A68,Quantities[],Quantities!$AB$2))))","v":0},{"$f":"IF(B68=\"P\",\"-\",\nIF(C68=\"b\",\nVLOOKUP(INDEX(Quantities!$A$100:$A$118,MATCH(A68,Quantities!$C$100:$C$118)),Quantities[],Quantities!$V$2),\nIF(C68=\"a\",\nVLOOKUP(A68,Quantities[],Quantities!$V$2,0),\n0)))","v":0},0,null,"22"]
[{"$f":"'3   Material'!A69","v":1401},{"$f":"'3   Material'!B69","v":"E"},{"$f":"'3   Material'!C69","v":"c"},{"$f":"'3   Material'!D69","v":"Rp1"},{"$f":"'3   Material'!$E$15:$E$322","v":"1401-E-c-Rp1"},{"$f":"'3   Material'!$F$15:$F$322","v":"Rip-Top-Rough Graded Material"},{"$f":"'3   Material'!$G$15:$G$322","v":"2 Leach (Area 1) "},{"$f":"'3   Material'!$H$15:$H$322","v":"-"},{"$f":"IF(B69=\"P\",0,\nIF(AND(LEFT(D69,2)=\"Mg\",B69=\"A\",C69=\"a\"),(1+L69)*VLOOKUP($A69,Quantities[],Quantities!$E$2)/43560,\nVLOOKUP($A69,Quantities[],Quantities!$E$2)/43560))","v":13},{"$f":"IF(B69=\"P\",0,\nIF(AND(OR(C69=\"b\",C69=\"d\"),OR('4   Earthwork'!$B69=\"C\",'4   Earthwork'!$B69=\"D\",'4   Earthwork'!$B69=\"A\",'4   Earthwork'!$B69=\"E\",'4   Earthwork'!$B69=\"B\")),\nVLOOKUP(INDEX(Quantities!$A$100:$A$118,MATCH($A69,Quantities!$C$100:$C$118)),Quantities!$A$100:$AJ$118,Quantities!$U$2),\n0))","v":0},{"$f":"IF(B69=\"P\",0,\nIF(OR(C69=\"b\",C69=\"d\"),\nM69/(1+L69),\nIF(OR(LEFT(D69,2)=\"Rp\",LEFT(D69,2)=\"Mg\"),0,\nVLOOKUP(A69,Quantities[],Quantities!$F$2)+VLOOKUP(A69,Quantities[],Quantities!$AB$2))))","v":0},{"$f":"IF(B69=\"P\",\"-\",\nIF(C69=\"b\",\nVLOOKUP(INDEX(Quantities!$A$100:$A$118,MATCH(A69,Quantities!$C$100:$C$118)),Quantities[],Quantities!$V$2),\nIF(C69=\"a\",\nVLOOKUP(A69,Quantities[],Quantities!$V$2,0),\n0)))","v":0},0,null,"14"]
[{"$f":"'3   Material'!A70","v":1801},{"$f":"'3   Material'!B70","v":"E"},{"$f":"'3   Material'!C70","v":"c"},{"$f":"'3   Material'!D70","v":"Rp1"},{"$f":"'3   Material'!$E$15:$E$322","v":"1801-E-c-Rp1"},{"$f":"'3   Material'!$F$15:$F$322","v":"Rip-Top-Rough Graded Material"},{"$f":"'3   Material'!$G$15:$G$322","v":"2 Leach (Area 2), 7B Leach, 7B Waste, 7C Waste, South Rim Pit "},{"$f":"'3   Material'!$H$15:$H$322","v":"-"},{"$f":"IF(B70=\"P\",0,\nIF(AND(LEFT(D70,2)=\"Mg\",B70=\"A\",C70=\"a\"),(1+L70)*VLOOKUP($A70,Quantities[],Quantities!$E$2)/43560,\nVLOOKUP($A70,Quantities[],Quantities!$E$2)/43560))","v":126},{"$f":"IF(B70=\"P\",0,\nIF(AND(OR(C70=\"b\",C70=\"d\"),OR('4   Earthwork'!$B70=\"C\",'4   Earthwork'!$B70=\"D\",'4   Earthwork'!$B70=\"A\",'4   Earthwork'!$B70=\"E\",'4   Earthwork'!$B70=\"B\")),\nVLOOKUP(INDEX(Quantities!$A$100:$A$118,MATCH($A70,Quantities!$C$100:$C$118)),Quantities!$A$100:$AJ$118,Quantities!$U$2),\n0))","v":0},{"$f":"IF(B70=\"P\",0,\nIF(OR(C70=\"b\",C70=\"d\"),\nM70/(1+L70),\nIF(OR(LEFT(D70,2)=\"Rp\",LEFT(D70,2)=\"Mg\"),0,\nVLOOKUP(A70,Quantities[],Quantities!$F$2)+VLOOKUP(A70,Quantities[],Quantities!$AB$2))))","v":0},{"$f":"IF(B70=\"P\",\"-\",\nIF(C70=\"b\",\nVLOOKUP(INDEX(Quantities!$A$100:$A$118,MATCH(A70,Quantities!$C$100:$C$118)),Quantities[],Quantities!$V$2),\nIF(C70=\"a\",\nVLOOKUP(A70,Quantities[],Quantities!$V$2,0),\n0)))","v":0},0,null,"18"]
[{"$f":"'3   Material'!A71","v":1601},{"$f":"'3   Material'!B71","v":"E"},{"$f":"'3   Material'!C71","v":"c"},{"$f":"'3   Material'!D71","v":"Rp1"},{"$f":"'3   Material'!$E$15:$E$322","v":"1601-E-c-Rp1"},{"$f":"'3   Material'!$F$15:$F$322","v":"Rip-Top-Rough Graded Material"},{"$f":"'3   Material'!$G$15:$G$322","v":"6B Leach, 6D Leach "},{"$f":"'3   Material'!$H$15:$H$322","v":"-"},{"$f":"IF(B71=\"P\",0,\nIF(AND(LEFT(D71,2)=\"Mg\",B71=\"A\",C71=\"a\"),(1+L71)*VLOOKUP($A71,Quantities[],Quantities!$E$2)/43560,\nVLOOKUP($A71,Quantities[],Quantities!$E$2)/43560))","v":39},{"$f":"IF(B71=\"P\",0,\nIF(AND(OR(C71=\"b\",C71=\"d\"),OR('4   Earthwork'!$B71=\"C\",'4   Earthwork'!$B71=\"D\",'4   Earthwork'!$B71=\"A\",'4   Earthwork'!$B71=\"E\",'4   Earthwork'!$B71=\"B\")),\nVLOOKUP(INDEX(Quantities!$A$100:$A$118,MATCH($A71,Quantities!$C$100:$C$118)),Quantities!$A$100:$AJ$118,Quantities!$U$2),\n0))","v":0},{"$f":"IF(B71=\"P\",0,\nIF(OR(C71=\"b\",C71=\"d\"),\nM71/(1+L71),\nIF(OR(LEFT(D71,2)=\"Rp\",LEFT(D71,2)=\"Mg\"),0,\nVLOOKUP(A71,Quantities[],Quantities!$F$2)+VLOOKUP(A71,Quantities[],Quantities!$AB$2))))","v":0},{"$f":"IF(B71=\"P\",\"-\",\nIF(C71=\"b\",\nVLOOKUP(INDEX(Quantities!$A$100:$A$118,MATCH(A71,Quantities!$C$100:$C$118)),Quantities[],Quantities!$V$2),\nIF(C71=\"a\",\nVLOOKUP(A71,Quantities[],Quantities!$V$2,0),\n0)))","v":0},0,null,"16"]
[{"$f":"'3   Material'!A72","v":1701},{"$f":"'3   Material'!B72","v":"E"},{"$f":"'3   Material'!C72","v":"c"},{"$f":"'3   Material'!D72","v":"Rp1"},{"$f":"'3   Material'!$E$15:$E$322","v":"1701-E-c-Rp1"},{"$f":"'3   Material'!$F$15:$F$322","v":"Rip-Top-Rough Graded Material"},{"$f":"'3   Material'!$G$15:$G$322","v":"6C Leach "},{"$f":"'3   Material'!$H$15:$H$322","v":"-"},{"$f":"IF(B72=\"P\",0,\nIF(AND(LEFT(D72,2)=\"Mg\",B72=\"A\",C72=\"a\"),(1+L72)*VLOOKUP($A72,Quantities[],Quantities!$E$2)/43560,\nVLOOKUP($A72,Quantities[],Quantities!$E$2)/43560))","v":10},{"$f":"IF(B72=\"P\",0,\nIF(AND(OR(C72=\"b\",C72=\"d\"),OR('4   Earthwork'!$B72=\"C\",'4   Earthwork'!$B72=\"D\",'4   Earthwork'!$B72=\"A\",'4   Earthwork'!$B72=\"E\",'4   Earthwork'!$B72=\"B\")),\nVLOOKUP(INDEX(Quantities!$A$100:$A$118,MATCH($A72,Quantities!$C$100:$C$118)),Quantities!$A$100:$AJ$118,Quantities!$U$2),\n0))","v":0},{"$f":"IF(B72=\"P\",0,\nIF(OR(C72=\"b\",C72=\"d\"),\nM72/(1+L72),\nIF(OR(LEFT(D72,2)=\"Rp\",LEFT(D72,2)=\"Mg\"),0,\nVLOOKUP(A72,Quantities[],Quantities!$F$2)+VLOOKUP(A72,Quantities[],Quantities!$AB$2))))","v":0},{"$f":"IF(B72=\"P\",\"-\",\nIF(C72=\"b\",\nVLOOKUP(INDEX(Quantities!$A$100:$A$118,MATCH(A72,Quantities!$C$100:$C$118)),Quantities[],Quantities!$V$2),\nIF(C72=\"a\",\nVLOOKUP(A72,Quantities[],Quantities!$V$2,0),\n0)))","v":0},0,null,"17"]
[{"$f":"'3   Material'!A73","v":2301},{"$f":"'3   Material'!B73","v":"E"},{"$f":"'3   Material'!C73","v":"c"},{"$f":"'3   Material'!D73","v":"Rp1"},{"$f":"'3   Material'!$E$15:$E$322","v":"2301-E-c-Rp1"},{"$f":"'3   Material'!$F$15:$F$322","v":"Rip-Top-Rough Graded Material"},{"$f":"'3   Material'!$G$15:$G$322","v":"6A Leach "},{"$f":"'3   Material'!$H$15:$H$322","v":"-"},{"$f":"IF(B73=\"P\",0,\nIF(AND(LEFT(D73,2)=\"Mg\",B73=\"A\",C73=\"a\"),(1+L73)*VLOOKUP($A73,Quantities[],Quantities!$E$2)/43560,\nVLOOKUP($A73,Quantities[],Quantities!$E$2)/43560))","v":32.5},{"$f":"IF(B73=\"P\",0,\nIF(AND(OR(C73=\"b\",C73=\"d\"),OR('4   Earthwork'!$B73=\"C\",'4   Earthwork'!$B73=\"D\",'4   Earthwork'!$B73=\"A\",'4   Earthwork'!$B73=\"E\",'4   Earthwork'!$B73=\"B\")),\nVLOOKUP(INDEX(Quantities!$A$100:$A$118,MATCH($A73,Quantities!$C$100:$C$118)),Quantities!$A$100:$AJ$118,Quantities!$U$2),\n0))","v":0},{"$f":"IF(B73=\"P\",0,\nIF(OR(C73=\"b\",C73=\"d\"),\nM73/(1+L73),\nIF(OR(LEFT(D73,2)=\"Rp\",LEFT(D73,2)=\"Mg\"),0,\nVLOOKUP(A73,Quantities[],Quantities!$F$2)+VLOOKUP(A73,Quantities[],Quantities!$AB$2))))","v":0},{"$f":"IF(B73=\"P\",\"-\",\nIF(C73=\"b\",\nVLOOKUP(INDEX(Quantities!$A$100:$A$118,MATCH(A73,Quantities!$C$100:$C$118)),Quantities[],Quantities!$V$2),\nIF(C73=\"a\",\nVLOOKUP(A73,Quantities[],Quantities!$V$2,0),\n0)))","v":0},0,null,"23"]
[{"$f":"'3   Material'!A74","v":2001},{"$f":"'3   Material'!B74","v":"E"},{"$f":"'3   Material'!C74","v":"c"},{"$f":"'3   Material'!D74","v":"Rp1"},{"$f":"'3   Material'!$E$15:$E$322","v":"2001-E-c-Rp1"},{"$f":"'3   Material'!$F$15:$F$322","v":"Rip-Top-Rough Graded Material"},{"$f":"'3   Material'!$G$15:$G$322","v":"9A Waste  "},{"$f":"'3   Material'!$H$15:$H$322","v":"-"},{"$f":"IF(B74=\"P\",0,\nIF(AND(LEFT(D74,2)=\"Mg\",B74=\"A\",C74=\"a\"),(1+L74)*VLOOKUP($A74,Quantities[],Quantities!$E$2)/43560,\nVLOOKUP($A74,Quantities[],Quantities!$E$2)/43560))","v":13},{"$f":"IF(B74=\"P\",0,\nIF(AND(OR(C74=\"b\",C74=\"d\"),OR('4   Earthwork'!$B74=\"C\",'4   Earthwork'!$B74=\"D\",'4   Earthwork'!$B74=\"A\",'4   Earthwork'!$B74=\"E\",'4   Earthwork'!$B74=\"B\")),\nVLOOKUP(INDEX(Quantities!$A$100:$A$118,MATCH($A74,Quantities!$C$100:$C$118)),Quantities!$A$100:$AJ$118,Quantities!$U$2),\n0))","v":0},{"$f":"IF(B74=\"P\",0,\nIF(OR(C74=\"b\",C74=\"d\"),\nM74/(1+L74),\nIF(OR(LEFT(D74,2)=\"Rp\",LEFT(D74,2)=\"Mg\"),0,\nVLOOKUP(A74,Quantities[],Quantities!$F$2)+VLOOKUP(A74,Quantities[],Quantities!$AB$2))))","v":0},{"$f":"IF(B74=\"P\",\"-\",\nIF(C74=\"b\",\nVLOOKUP(INDEX(Quantities!$A$100:$A$118,MATCH(A74,Quantities!$C$100:$C$118)),Quantities[],Quantities!$V$2),\nIF(C74=\"a\",\nVLOOKUP(A74,Quantities[],Quantities!$V$2,0),\n0)))","v":0},0,null,"20"]
[{"$f":"'3   Material'!A75","v":1900},{"$f":"'3   Material'!B75","v":"E"},{"$f":"'3   Material'!C75","v":"c"},{"$f":"'3   Material'!D75","v":"Rp1"},{"$f":"'3   Material'!$E$15:$E$322","v":"1900-E-c-Rp1"},{"$f":"'3   Material'!$F$15:$F$322","v":"Rip-Sludge Disposal Area-Rough Graded Material"},{"$f":"'3   Material'!$G$15:$G$322","v":" 8A Waste, 8C Waste"},{"$f":"'3   Material'!$H$15:$H$322","v":"-"},{"$f":"IF(B75=\"P\",0,\nIF(AND(LEFT(D75,2)=\"Mg\",B75=\"A\",C75=\"a\"),(1+L75)*VLOOKUP($A75,Quantities[],Quantities!$E$2)/43560,\nVLOOKUP($A75,Quantities[],Quantities!$E$2)/43560))","v":47.36},{"$f":"IF(B75=\"P\",0,\nIF(AND(OR(C75=\"b\",C75=\"d\"),OR('4   Earthwork'!$B75=\"C\",'4   Earthwork'!$B75=\"D\",'4   Earthwork'!$B75=\"A\",'4   Earthwork'!$B75=\"E\",'4   Earthwork'!$B75=\"B\")),\nVLOOKUP(INDEX(Quantities!$A$100:$A$118,MATCH($A75,Quantities!$C$100:$C$118)),Quantities!$A$100:$AJ$118,Quantities!$U$2),\n0))","v":0},{"$f":"IF(B75=\"P\",0,\nIF(OR(C75=\"b\",C75=\"d\"),\nM75/(1+L75),\nIF(OR(LEFT(D75,2)=\"Rp\",LEFT(D75,2)=\"Mg\"),0,\nVLOOKUP(A75,Quantities[],Quantities!$F$2)+VLOOKUP(A75,Quantities[],Quantities!$AB$2))))","v":0},{"$f":"IF(B75=\"P\",\"-\",\nIF(C75=\"b\",\nVLOOKUP(INDEX(Quantities!$A$100:$A$118,MATCH(A75,Quantities!$C$100:$C$118)),Quantities[],Quantities!$V$2),\nIF(C75=\"a\",\nVLOOKUP(A75,Quantities[],Quantities!$V$2,0),\n0)))","v":0},0,null,"19"]
[{"$f":"'3   Material'!A76","v":2701},{"$f":"'3   Material'!B76","v":"E"},{"$f":"'3   Material'!C76","v":"c"},{"$f":"'3   Material'!D76","v":"Rp1"},{"$f":"'3   Material'!$E$15:$E$322","v":"2701-E-c-Rp1"},{"$f":"'3   Material'!$F$15:$F$322","v":"Rip-Surface Impoundments closed at year 99; some closed year 6-Rough Graded Material"},{"$f":"'3   Material'!$G$15:$G$322","v":"Surface Impoundments closed at year 99; some closed year 6 "},{"$f":"'3   Material'!$H$15:$H$322","v":"-"},{"$f":"IF(B76=\"P\",0,\nIF(AND(LEFT(D76,2)=\"Mg\",B76=\"A\",C76=\"a\"),(1+L76)*VLOOKUP($A76,Quantities[],Quantities!$E$2)/43560,\nVLOOKUP($A76,Quantities[],Quantities!$E$2)/43560))","v":21.23},{"$f":"IF(B76=\"P\",0,\nIF(AND(OR(C76=\"b\",C76=\"d\"),OR('4   Earthwork'!$B76=\"C\",'4   Earthwork'!$B76=\"D\",'4   Earthwork'!$B76=\"A\",'4   Earthwork'!$B76=\"E\",'4   Earthwork'!$B76=\"B\")),\nVLOOKUP(INDEX(Quantities!$A$100:$A$118,MATCH($A76,Quantities!$C$100:$C$118)),Quantities!$A$100:$AJ$118,Quantities!$U$2),\n0))","v":0},{"$f":"IF(B76=\"P\",0,\nIF(OR(C76=\"b\",C76=\"d\"),\nM76/(1+L76),\nIF(OR(LEFT(D76,2)=\"Rp\",LEFT(D76,2)=\"Mg\"),0,\nVLOOKUP(A76,Quantities[],Quantities!$F$2)+VLOOKUP(A76,Quantities[],Quantities!$AB$2))))","v":0},{"$f":"IF(B76=\"P\",\"-\",\nIF(C76=\"b\",\nVLOOKUP(INDEX(Quantities!$A$100:$A$118,MATCH(A76,Quantities!$C$100:$C$118)),Quantities[],Quantities!$V$2),\nIF(C76=\"a\",\nVLOOKUP(A76,Quantities[],Quantities!$V$2,0),\n0)))","v":0},0,null,"27"]
[{"$f":"'3   Material'!A77","v":2600},{"$f":"'3   Material'!B77","v":"E"},{"$f":"'3   Material'!C77","v":"c"},{"$f":"'3   Material'!D77","v":"Rp1"},{"$f":"'3   Material'!$E$15:$E$322","v":"2600-E-c-Rp1"},{"$f":"'3   Material'!$F$15:$F$322","v":"Rip-Tailing Launder Line-Rough Graded Material"},{"$f":"'3   Material'!$G$15:$G$322","v":" Reclaimed Tailing Launder Line"},{"$f":"'3   Material'!$H$15:$H$322","v":"-"},{"$f":"IF(B77=\"P\",0,\nIF(AND(LEFT(D77,2)=\"Mg\",B77=\"A\",C77=\"a\"),(1+L77)*VLOOKUP($A77,Quantities[],Quantities!$E$2)/43560,\nVLOOKUP($A77,Quantities[],Quantities!$E$2)/43560))","v":7.4042011019283747},{"$f":"IF(B77=\"P\",0,\nIF(AND(OR(C77=\"b\",C77=\"d\"),OR('4   Earthwork'!$B77=\"C\",'4   Earthwork'!$B77=\"D\",'4   Earthwork'!$B77=\"A\",'4   Earthwork'!$B77=\"E\",'4   Earthwork'!$B77=\"B\")),\nVLOOKUP(INDEX(Quantities!$A$100:$A$118,MATCH($A77,Quantities!$C$100:$C$118)),Quantities!$A$100:$AJ$118,Quantities!$U$2),\n0))","v":0},{"$f":"IF(B77=\"P\",0,\nIF(OR(C77=\"b\",C77=\"d\"),\nM77/(1+L77),\nIF(OR(LEFT(D77,2)=\"Rp\",LEFT(D77,2)=\"Mg\"),0,\nVLOOKUP(A77,Quantities[],Quantities!$F$2)+VLOOKUP(A77,Quantities[],Quantities!$AB$2))))","v":0},{"$f":"IF(B77=\"P\",\"-\",\nIF(C77=\"b\",\nVLOOKUP(INDEX(Quantities!$A$100:$A$118,MATCH(A77,Quantities!$C$100:$C$118)),Quantities[],Quantities!$V$2),\nIF(C77=\"a\",\nVLOOKUP(A77,Quantities[],Quantities!$V$2,0),\n0)))","v":0},0,null,"26"]
[{"$f":"'3   Material'!A78","v":2701},{"$f":"'3   Material'!B78","v":"K"},{"$f":"'3   Material'!C78","v":"a"},{"$f":"'3   Material'!D78","v":"Ex1"},{"$f":"'3   Material'!$E$15:$E$322","v":"2701-K-a-Ex1"},{"$f":"'3   Material'!$F$15:$F$322","v":"Perforate Liner-Surface Impoundments closed at year 99; some closed year 6-Existing Ground"},{"$f":"'3   Material'!$G$15:$G$322","v":"Surface Impoundments closed at year 99; some closed year 6 "},{"$f":"'3   Material'!$H$15:$H$322","v":"-"},{"$f":"IF(B78=\"P\",0,\nIF(AND(LEFT(D78,2)=\"Mg\",B78=\"A\",C78=\"a\"),(1+L78)*VLOOKUP($A78,Quantities[],Quantities!$E$2)/43560,\nVLOOKUP($A78,Quantities[],Quantities!$E$2)/43560))","v":21.23},{"$f":"IF(B78=\"P\",0,\nIF(AND(OR(C78=\"b\",C78=\"d\"),OR('4   Earthwork'!$B78=\"C\",'4   Earthwork'!$B78=\"D\",'4   Earthwork'!$B78=\"A\",'4   Earthwork'!$B78=\"E\",'4   Earthwork'!$B78=\"B\")),\nVLOOKUP(INDEX(Quantities!$A$100:$A$118,MATCH($A78,Quantities!$C$100:$C$118)),Quantities!$A$100:$AJ$118,Quantities!$U$2),\n0))","v":0},{"$f":"IF(B78=\"P\",0,\nIF(OR(C78=\"b\",C78=\"d\"),\nM78/(1+L78),\nIF(OR(LEFT(D78,2)=\"Rp\",LEFT(D78,2)=\"Mg\"),0,\nVLOOKUP(A78,Quantities[],Quantities!$F$2)+VLOOKUP(A78,Quantities[],Quantities!$AB$2))))","v":0},{"$f":"IF(B78=\"P\",\"-\",\nIF(C78=\"b\",\nVLOOKUP(INDEX(Quantities!$A$100:$A$118,MATCH(A78,Quantities!$C$100:$C$118)),Quantities[],Quantities!$V$2),\nIF(C78=\"a\",\nVLOOKUP(A78,Quantities[],Quantities!$V$2,0),\n0)))","v":0},0,null,"27"]
[{"$f":"'3   Material'!A79","v":2702},{"$f":"'3   Material'!B79","v":"K"},{"$f":"'3   Material'!C79","v":"a"},{"$f":"'3   Material'!D79","v":"Ex1"},{"$f":"'3   Material'!$E$15:$E$322","v":"2702-K-a-Ex1"},{"$f":"'3   Material'!$F$15:$F$322","v":"Perforate Liner-Surface Impoundments graded over at closure-Existing Ground"},{"$f":"'3   Material'!$G$15:$G$322","v":"Surface Impoundments graded over at closure "},{"$f":"'3   Material'!$H$15:$H$322","v":"-"},{"$f":"IF(B79=\"P\",0,\nIF(AND(LEFT(D79,2)=\"Mg\",B79=\"A\",C79=\"a\"),(1+L79)*VLOOKUP($A79,Quantities[],Quantities!$E$2)/43560,\nVLOOKUP($A79,Quantities[],Quantities!$E$2)/43560))","v":0.48},{"$f":"IF(B79=\"P\",0,\nIF(AND(OR(C79=\"b\",C79=\"d\"),OR('4   Earthwork'!$B79=\"C\",'4   Earthwork'!$B79=\"D\",'4   Earthwork'!$B79=\"A\",'4   Earthwork'!$B79=\"E\",'4   Earthwork'!$B79=\"B\")),\nVLOOKUP(INDEX(Quantities!$A$100:$A$118,MATCH($A79,Quantities!$C$100:$C$118)),Quantities!$A$100:$AJ$118,Quantities!$U$2),\n0))","v":0},{"$f":"IF(B79=\"P\",0,\nIF(OR(C79=\"b\",C79=\"d\"),\nM79/(1+L79),\nIF(OR(LEFT(D79,2)=\"Rp\",LEFT(D79,2)=\"Mg\"),0,\nVLOOKUP(A79,Quantities[],Quantities!$F$2)+VLOOKUP(A79,Quantities[],Quantities!$AB$2))))","v":0},{"$f":"IF(B79=\"P\",\"-\",\nIF(C79=\"b\",\nVLOOKUP(INDEX(Quantities!$A$100:$A$118,MATCH(A79,Quantities!$C$100:$C$118)),Quantities[],Quantities!$V$2),\nIF(C79=\"a\",\nVLOOKUP(A79,Quantities[],Quantities!$V$2,0),\n0)))","v":0},0,null,"27"]
[{"$f":"'3   Material'!A80","v":1000},{"$f":"'3   Material'!B80","v":"B"},{"$f":"'3   Material'!C80","v":"b"},{"$f":"'3   Material'!D80","v":"Dz2"},{"$f":"'3   Material'!$E$15:$E$322","v":"1000-B-b-Dz2"},{"$f":"'3   Material'!$F$15:$F$322","v":"Dozer Assist-Cover"},{"$f":"'3   Material'!$G$15:$G$322","v":" Gila Borrow Area"},{"$f":"'3   Material'!$H$15:$H$322","v":"1A Leach, 1B Leach "},{"$f":"IF(B80=\"P\",0,\nIF(AND(LEFT(D80,2)=\"Mg\",B80=\"A\",C80=\"a\"),(1+L80)*VLOOKUP($A80,Quantities[],Quantities!$E$2)/43560,\nVLOOKUP($A80,Quantities[],Quantities!$E$2)/43560))","v":273},{"$f":"IF(B80=\"P\",0,\nIF(AND(OR(C80=\"b\",C80=\"d\"),OR('4   Earthwork'!$B80=\"C\",'4   Earthwork'!$B80=\"D\",'4   Earthwork'!$B80=\"A\",'4   Earthwork'!$B80=\"E\",'4   Earthwork'!$B80=\"B\")),\nVLOOKUP(INDEX(Quantities!$A$100:$A$118,MATCH($A80,Quantities!$C$100:$C$118)),Quantities!$A$100:$AJ$118,Quantities!$U$2),\n0))","v":36},{"$f":"IF(B80=\"P\",0,\nIF(OR(C80=\"b\",C80=\"d\"),\nM80/(1+L80),\nIF(OR(LEFT(D80,2)=\"Rp\",LEFT(D80,2)=\"Mg\"),0,\nVLOOKUP(A80,Quantities[],Quantities!$F$2)+VLOOKUP(A80,Quantities[],Quantities!$AB$2))))","v":1223444.4444444443},{"$f":"IF(B80=\"P\",\"-\",\nIF(C80=\"b\",\nVLOOKUP(INDEX(Quantities!$A$100:$A$118,MATCH(A80,Quantities!$C$100:$C$118)),Quantities[],Quantities!$V$2),\nIF(C80=\"a\",\nVLOOKUP(A80,Quantities[],Quantities!$V$2,0),\n0)))","v":0.08},1321320,null,"10"]
[{"$f":"'3   Material'!A81","v":1100},{"$f":"'3   Material'!B81","v":"B"},{"$f":"'3   Material'!C81","v":"b"},{"$f":"'3   Material'!D81","v":"Dz2"},{"$f":"'3   Material'!$E$15:$E$322","v":"1100-B-b-Dz2"},{"$f":"'3   Material'!$F$15:$F$322","v":"Dozer Assist-Cover"},{"$f":"'3   Material'!$G$15:$G$322","v":" Gila Borrow Area"},{"$f":"'3   Material'!$H$15:$H$322","v":"Reclaimed 1C Waste"},{"$f":"IF(B81=\"P\",0,\nIF(AND(LEFT(D81,2)=\"Mg\",B81=\"A\",C81=\"a\"),(1+L81)*VLOOKUP($A81,Quantities[],Quantities!$E$2)/43560,\nVLOOKUP($A81,Quantities[],Quantities!$E$2)/43560))","v":17.00413},{"$f":"IF(B81=\"P\",0,\nIF(AND(OR(C81=\"b\",C81=\"d\"),OR('4   Earthwork'!$B81=\"C\",'4   Earthwork'!$B81=\"D\",'4   Earthwork'!$B81=\"A\",'4   Earthwork'!$B81=\"E\",'4   Earthwork'!$B81=\"B\")),\nVLOOKUP(INDEX(Quantities!$A$100:$A$118,MATCH($A81,Quantities!$C$100:$C$118)),Quantities!$A$100:$AJ$118,Quantities!$U$2),\n0))","v":36},{"$f":"IF(B81=\"P\",0,\nIF(OR(C81=\"b\",C81=\"d\"),\nM81/(1+L81),\nIF(OR(LEFT(D81,2)=\"Rp\",LEFT(D81,2)=\"Mg\"),0,\nVLOOKUP(A81,Quantities[],Quantities!$F$2)+VLOOKUP(A81,Quantities[],Quantities!$AB$2))))","v":76203.693703703713},{"$f":"IF(B81=\"P\",\"-\",\nIF(C81=\"b\",\nVLOOKUP(INDEX(Quantities!$A$100:$A$118,MATCH(A81,Quantities!$C$100:$C$118)),Quantities[],Quantities!$V$2),\nIF(C81=\"a\",\nVLOOKUP(A81,Quantities[],Quantities!$V$2,0),\n0)))","v":0.08},82299.989200000011,null,"11"]
[{"$f":"'3   Material'!A82","v":1200},{"$f":"'3   Material'!B82","v":"B"},{"$f":"'3   Material'!C82","v":"b"},{"$f":"'3   Material'!D82","v":"Dz2"},{"$f":"'3   Material'!$E$15:$E$322","v":"1200-B-b-Dz2"},{"$f":"'3   Material'!$F$15:$F$322","v":"Dozer Assist-Cover"},{"$f":"'3   Material'!$G$15:$G$322","v":" Gila Borrow Area"},{"$f":"'3   Material'!$H$15:$H$322","v":"2B Waste, 2A Leach, 2B Leach"},{"$f":"IF(B82=\"P\",0,\nIF(AND(LEFT(D82,2)=\"Mg\",B82=\"A\",C82=\"a\"),(1+L82)*VLOOKUP($A82,Quantities[],Quantities!$E$2)/43560,\nVLOOKUP($A82,Quantities[],Quantities!$E$2)/43560))","v":486.99169999999998},{"$f":"IF(B82=\"P\",0,\nIF(AND(OR(C82=\"b\",C82=\"d\"),OR('4   Earthwork'!$B82=\"C\",'4   Earthwork'!$B82=\"D\",'4   Earthwork'!$B82=\"A\",'4   Earthwork'!$B82=\"E\",'4   Earthwork'!$B82=\"B\")),\nVLOOKUP(INDEX(Quantities!$A$100:$A$118,MATCH($A82,Quantities!$C$100:$C$118)),Quantities!$A$100:$AJ$118,Quantities!$U$2),\n0))","v":36},{"$f":"IF(B82=\"P\",0,\nIF(OR(C82=\"b\",C82=\"d\"),\nM82/(1+L82),\nIF(OR(LEFT(D82,2)=\"Rp\",LEFT(D82,2)=\"Mg\"),0,\nVLOOKUP(A82,Quantities[],Quantities!$F$2)+VLOOKUP(A82,Quantities[],Quantities!$AB$2))))","v":2182444.2851851848},{"$f":"IF(B82=\"P\",\"-\",\nIF(C82=\"b\",\nVLOOKUP(INDEX(Quantities!$A$100:$A$118,MATCH(A82,Quantities!$C$100:$C$118)),Quantities[],Quantities!$V$2),\nIF(C82=\"a\",\nVLOOKUP(A82,Quantities[],Quantities!$V$2,0),\n0)))","v":0.08},2357039.8279999997,null,"12"]
[{"$f":"'3   Material'!A83","v":1300},{"$f":"'3   Material'!B83","v":"B"},{"$f":"'3   Material'!C83","v":"b"},{"$f":"'3   Material'!D83","v":"Dz2"},{"$f":"'3   Material'!$E$15:$E$322","v":"1300-B-b-Dz2"},{"$f":"'3   Material'!$F$15:$F$322","v":"Dozer Assist-Cover"},{"$f":"'3   Material'!$G$15:$G$322","v":" Gila Borrow Area"},{"$f":"'3   Material'!$H$15:$H$322","v":"3A Leach, 3B Waste"},{"$f":"IF(B83=\"P\",0,\nIF(AND(LEFT(D83,2)=\"Mg\",B83=\"A\",C83=\"a\"),(1+L83)*VLOOKUP($A83,Quantities[],Quantities!$E$2)/43560,\nVLOOKUP($A83,Quantities[],Quantities!$E$2)/43560))","v":455},{"$f":"IF(B83=\"P\",0,\nIF(AND(OR(C83=\"b\",C83=\"d\"),OR('4   Earthwork'!$B83=\"C\",'4   Earthwork'!$B83=\"D\",'4   Earthwork'!$B83=\"A\",'4   Earthwork'!$B83=\"E\",'4   Earthwork'!$B83=\"B\")),\nVLOOKUP(INDEX(Quantities!$A$100:$A$118,MATCH($A83,Quantities!$C$100:$C$118)),Quantities!$A$100:$AJ$118,Quantities!$U$2),\n0))","v":36},{"$f":"IF(B83=\"P\",0,\nIF(OR(C83=\"b\",C83=\"d\"),\nM83/(1+L83),\nIF(OR(LEFT(D83,2)=\"Rp\",LEFT(D83,2)=\"Mg\"),0,\nVLOOKUP(A83,Quantities[],Quantities!$F$2)+VLOOKUP(A83,Quantities[],Quantities!$AB$2))))","v":2039074.0740740739},{"$f":"IF(B83=\"P\",\"-\",\nIF(C83=\"b\",\nVLOOKUP(INDEX(Quantities!$A$100:$A$118,MATCH(A83,Quantities!$C$100:$C$118)),Quantities[],Quantities!$V$2),\nIF(C83=\"a\",\nVLOOKUP(A83,Quantities[],Quantities!$V$2,0),\n0)))","v":0.08},2202200,null,"13"]
[{"$f":"'3   Material'!A84","v":1500},{"$f":"'3   Material'!B84","v":"B"},{"$f":"'3   Material'!C84","v":"b"},{"$f":"'3   Material'!D84","v":"Dz2"},{"$f":"'3   Material'!$E$15:$E$322","v":"1500-B-b-Dz2"},{"$f":"'3   Material'!$F$15:$F$322","v":"Dozer Assist-Cover"},{"$f":"'3   Material'!$G$15:$G$322","v":" Gila Borrow Area"},{"$f":"'3   Material'!$H$15:$H$322","v":"5A Waste"},{"$f":"IF(B84=\"P\",0,\nIF(AND(LEFT(D84,2)=\"Mg\",B84=\"A\",C84=\"a\"),(1+L84)*VLOOKUP($A84,Quantities[],Quantities!$E$2)/43560,\nVLOOKUP($A84,Quantities[],Quantities!$E$2)/43560))","v":371},{"$f":"IF(B84=\"P\",0,\nIF(AND(OR(C84=\"b\",C84=\"d\"),OR('4   Earthwork'!$B84=\"C\",'4   Earthwork'!$B84=\"D\",'4   Earthwork'!$B84=\"A\",'4   Earthwork'!$B84=\"E\",'4   Earthwork'!$B84=\"B\")),\nVLOOKUP(INDEX(Quantities!$A$100:$A$118,MATCH($A84,Quantities!$C$100:$C$118)),Quantities!$A$100:$AJ$118,Quantities!$U$2),\n0))","v":36},{"$f":"IF(B84=\"P\",0,\nIF(OR(C84=\"b\",C84=\"d\"),\nM84/(1+L84),\nIF(OR(LEFT(D84,2)=\"Rp\",LEFT(D84,2)=\"Mg\"),0,\nVLOOKUP(A84,Quantities[],Quantities!$F$2)+VLOOKUP(A84,Quantities[],Quantities!$AB$2))))","v":1662629.6296296294},{"$f":"IF(B84=\"P\",\"-\",\nIF(C84=\"b\",\nVLOOKUP(INDEX(Quantities!$A$100:$A$118,MATCH(A84,Quantities!$C$100:$C$118)),Quantities[],Quantities!$V$2),\nIF(C84=\"a\",\nVLOOKUP(A84,Quantities[],Quantities!$V$2,0),\n0)))","v":0.08},1795640,null,"15"]
[{"$f":"'3   Material'!A85","v":2200},{"$f":"'3   Material'!B85","v":"B"},{"$f":"'3   Material'!C85","v":"b"},{"$f":"'3   Material'!D85","v":"Dz2"},{"$f":"'3   Material'!$E$15:$E$322","v":"2200-B-b-Dz2"},{"$f":"'3   Material'!$F$15:$F$322","v":"Dozer Assist-Cover"},{"$f":"'3   Material'!$G$15:$G$322","v":" Leach Stockpile"},{"$f":"'3   Material'!$H$15:$H$322","v":"San Salvador Pit, San Salvador Waste Backfill"},{"$f":"IF(B85=\"P\",0,\nIF(AND(LEFT(D85,2)=\"Mg\",B85=\"A\",C85=\"a\"),(1+L85)*VLOOKUP($A85,Quantities[],Quantities!$E$2)/43560,\nVLOOKUP($A85,Quantities[],Quantities!$E$2)/43560))","v":115},{"$f":"IF(B85=\"P\",0,\nIF(AND(OR(C85=\"b\",C85=\"d\"),OR('4   Earthwork'!$B85=\"C\",'4   Earthwork'!$B85=\"D\",'4   Earthwork'!$B85=\"A\",'4   Earthwork'!$B85=\"E\",'4   Earthwork'!$B85=\"B\")),\nVLOOKUP(INDEX(Quantities!$A$100:$A$118,MATCH($A85,Quantities!$C$100:$C$118)),Quantities!$A$100:$AJ$118,Quantities!$U$2),\n0))","v":36},{"$f":"IF(B85=\"P\",0,\nIF(OR(C85=\"b\",C85=\"d\"),\nM85/(1+L85),\nIF(OR(LEFT(D85,2)=\"Rp\",LEFT(D85,2)=\"Mg\"),0,\nVLOOKUP(A85,Quantities[],Quantities!$F$2)+VLOOKUP(A85,Quantities[],Quantities!$AB$2))))","v":515370.37037037034},{"$f":"IF(B85=\"P\",\"-\",\nIF(C85=\"b\",\nVLOOKUP(INDEX(Quantities!$A$100:$A$118,MATCH(A85,Quantities!$C$100:$C$118)),Quantities[],Quantities!$V$2),\nIF(C85=\"a\",\nVLOOKUP(A85,Quantities[],Quantities!$V$2,0),\n0)))","v":0.08},556600,null,"22"]
[{"$f":"'3   Material'!A86","v":2300},{"$f":"'3   Material'!B86","v":"B"},{"$f":"'3   Material'!C86","v":"b"},{"$f":"'3   Material'!D86","v":"Dz2"},{"$f":"'3   Material'!$E$15:$E$322","v":"2300-B-b-Dz2"},{"$f":"'3   Material'!$F$15:$F$322","v":"Dozer Assist-Cover"},{"$f":"'3   Material'!$G$15:$G$322","v":" Gila Borrow Area"},{"$f":"'3   Material'!$H$15:$H$322","v":"6A Leach"},{"$f":"IF(B86=\"P\",0,\nIF(AND(LEFT(D86,2)=\"Mg\",B86=\"A\",C86=\"a\"),(1+L86)*VLOOKUP($A86,Quantities[],Quantities!$E$2)/43560,\nVLOOKUP($A86,Quantities[],Quantities!$E$2)/43560))","v":65},{"$f":"IF(B86=\"P\",0,\nIF(AND(OR(C86=\"b\",C86=\"d\"),OR('4   Earthwork'!$B86=\"C\",'4   Earthwork'!$B86=\"D\",'4   Earthwork'!$B86=\"A\",'4   Earthwork'!$B86=\"E\",'4   Earthwork'!$B86=\"B\")),\nVLOOKUP(INDEX(Quantities!$A$100:$A$118,MATCH($A86,Quantities!$C$100:$C$118)),Quantities!$A$100:$AJ$118,Quantities!$U$2),\n0))","v":36},{"$f":"IF(B86=\"P\",0,\nIF(OR(C86=\"b\",C86=\"d\"),\nM86/(1+L86),\nIF(OR(LEFT(D86,2)=\"Rp\",LEFT(D86,2)=\"Mg\"),0,\nVLOOKUP(A86,Quantities[],Quantities!$F$2)+VLOOKUP(A86,Quantities[],Quantities!$AB$2))))","v":291296.29629629629},{"$f":"IF(B86=\"P\",\"-\",\nIF(C86=\"b\",\nVLOOKUP(INDEX(Quantities!$A$100:$A$118,MATCH(A86,Quantities!$C$100:$C$118)),Quantities[],Quantities!$V$2),\nIF(C86=\"a\",\nVLOOKUP(A86,Quantities[],Quantities!$V$2,0),\n0)))","v":0.08},314600,null,"23"]
[{"$f":"'3   Material'!A87","v":1400},{"$f":"'3   Material'!B87","v":"B"},{"$f":"'3   Material'!C87","v":"b"},{"$f":"'3   Material'!D87","v":"Dz2"},{"$f":"'3   Material'!$E$15:$E$322","v":"1400-B-b-Dz2"},{"$f":"'3   Material'!$F$15:$F$322","v":"Dozer Assist-Cover"},{"$f":"'3   Material'!$G$15:$G$322","v":" Gila Borrow Area"},{"$f":"'3   Material'!$H$15:$H$322","v":"2 Leach (Area 1)"},{"$f":"IF(B87=\"P\",0,\nIF(AND(LEFT(D87,2)=\"Mg\",B87=\"A\",C87=\"a\"),(1+L87)*VLOOKUP($A87,Quantities[],Quantities!$E$2)/43560,\nVLOOKUP($A87,Quantities[],Quantities!$E$2)/43560))","v":183},{"$f":"IF(B87=\"P\",0,\nIF(AND(OR(C87=\"b\",C87=\"d\"),OR('4   Earthwork'!$B87=\"C\",'4   Earthwork'!$B87=\"D\",'4   Earthwork'!$B87=\"A\",'4   Earthwork'!$B87=\"E\",'4   Earthwork'!$B87=\"B\")),\nVLOOKUP(INDEX(Quantities!$A$100:$A$118,MATCH($A87,Quantities!$C$100:$C$118)),Quantities!$A$100:$AJ$118,Quantities!$U$2),\n0))","v":36},{"$f":"IF(B87=\"P\",0,\nIF(OR(C87=\"b\",C87=\"d\"),\nM87/(1+L87),\nIF(OR(LEFT(D87,2)=\"Rp\",LEFT(D87,2)=\"Mg\"),0,\nVLOOKUP(A87,Quantities[],Quantities!$F$2)+VLOOKUP(A87,Quantities[],Quantities!$AB$2))))","v":820111.11111111101},{"$f":"IF(B87=\"P\",\"-\",\nIF(C87=\"b\",\nVLOOKUP(INDEX(Quantities!$A$100:$A$118,MATCH(A87,Quantities!$C$100:$C$118)),Quantities[],Quantities!$V$2),\nIF(C87=\"a\",\nVLOOKUP(A87,Quantities[],Quantities!$V$2,0),\n0)))","v":0.08},885720,null,"14"]
[{"$f":"'3   Material'!A88","v":1800},{"$f":"'3   Material'!B88","v":"B"},{"$f":"'3   Material'!C88","v":"b"},{"$f":"'3   Material'!D88","v":"Dz2"},{"$f":"'3   Material'!$E$15:$E$322","v":"1800-B-b-Dz2"},{"$f":"'3   Material'!$F$15:$F$322","v":"Dozer Assist-Cover"},{"$f":"'3   Material'!$G$15:$G$322","v":" Gila Borrow Area"},{"$f":"'3   Material'!$H$15:$H$322","v":"2 Leach (Area 2), 7B Leach, 7B Waste, 7C Waste, South Rim Pit"},{"$f":"IF(B88=\"P\",0,\nIF(AND(LEFT(D88,2)=\"Mg\",B88=\"A\",C88=\"a\"),(1+L88)*VLOOKUP($A88,Quantities[],Quantities!$E$2)/43560,\nVLOOKUP($A88,Quantities[],Quantities!$E$2)/43560))","v":375},{"$f":"IF(B88=\"P\",0,\nIF(AND(OR(C88=\"b\",C88=\"d\"),OR('4   Earthwork'!$B88=\"C\",'4   Earthwork'!$B88=\"D\",'4   Earthwork'!$B88=\"A\",'4   Earthwork'!$B88=\"E\",'4   Earthwork'!$B88=\"B\")),\nVLOOKUP(INDEX(Quantities!$A$100:$A$118,MATCH($A88,Quantities!$C$100:$C$118)),Quantities!$A$100:$AJ$118,Quantities!$U$2),\n0))","v":36},{"$f":"IF(B88=\"P\",0,\nIF(OR(C88=\"b\",C88=\"d\"),\nM88/(1+L88),\nIF(OR(LEFT(D88,2)=\"Rp\",LEFT(D88,2)=\"Mg\"),0,\nVLOOKUP(A88,Quantities[],Quantities!$F$2)+VLOOKUP(A88,Quantities[],Quantities!$AB$2))))","v":1680555.5555555555},{"$f":"IF(B88=\"P\",\"-\",\nIF(C88=\"b\",\nVLOOKUP(INDEX(Quantities!$A$100:$A$118,MATCH(A88,Quantities!$C$100:$C$118)),Quantities[],Quantities!$V$2),\nIF(C88=\"a\",\nVLOOKUP(A88,Quantities[],Quantities!$V$2,0),\n0)))","v":0.08},1815000,null,"18"]
[{"$f":"'3   Material'!A89","v":1900},{"$f":"'3   Material'!B89","v":"B"},{"$f":"'3   Material'!C89","v":"b"},{"$f":"'3   Material'!D89","v":"Dz2"},{"$f":"'3   Material'!$E$15:$E$322","v":"1900-B-b-Dz2"},{"$f":"'3   Material'!$F$15:$F$322","v":"Dozer Assist-Cover"},{"$f":"'3   Material'!$G$15:$G$322","v":" Gila Borrow Area"},{"$f":"'3   Material'!$H$15:$H$322","v":"8A Waste, 8C Waste"},{"$f":"IF(B89=\"P\",0,\nIF(AND(LEFT(D89,2)=\"Mg\",B89=\"A\",C89=\"a\"),(1+L89)*VLOOKUP($A89,Quantities[],Quantities!$E$2)/43560,\nVLOOKUP($A89,Quantities[],Quantities!$E$2)/43560))","v":47.36},{"$f":"IF(B89=\"P\",0,\nIF(AND(OR(C89=\"b\",C89=\"d\"),OR('4   Earthwork'!$B89=\"C\",'4   Earthwork'!$B89=\"D\",'4   Earthwork'!$B89=\"A\",'4   Earthwork'!$B89=\"E\",'4   Earthwork'!$B89=\"B\")),\nVLOOKUP(INDEX(Quantities!$A$100:$A$118,MATCH($A89,Quantities!$C$100:$C$118)),Quantities!$A$100:$AJ$118,Quantities!$U$2),\n0))","v":36},{"$f":"IF(B89=\"P\",0,\nIF(OR(C89=\"b\",C89=\"d\"),\nM89/(1+L89),\nIF(OR(LEFT(D89,2)=\"Rp\",LEFT(D89,2)=\"Mg\"),0,\nVLOOKUP(A89,Quantities[],Quantities!$F$2)+VLOOKUP(A89,Quantities[],Quantities!$AB$2))))","v":212242.96296296298},{"$f":"IF(B89=\"P\",\"-\",\nIF(C89=\"b\",\nVLOOKUP(INDEX(Quantities!$A$100:$A$118,MATCH(A89,Quantities!$C$100:$C$118)),Quantities[],Quantities!$V$2),\nIF(C89=\"a\",\nVLOOKUP(A89,Quantities[],Quantities!$V$2,0),\n0)))","v":0.08},229222.40000000002,null,"19"]
[{"$f":"'3   Material'!A90","v":1600},{"$f":"'3   Material'!B90","v":"B"},{"$f":"'3   Material'!C90","v":"b"},{"$f":"'3   Material'!D90","v":"Dz2"},{"$f":"'3   Material'!$E$15:$E$322","v":"1600-B-b-Dz2"},{"$f":"'3   Material'!$F$15:$F$322","v":"Dozer Assist-Cover"},{"$f":"'3   Material'!$G$15:$G$322","v":" Gila Borrow Area"},{"$f":"'3   Material'!$H$15:$H$322","v":"6B Leach, 6D Leach"},{"$f":"IF(B90=\"P\",0,\nIF(AND(LEFT(D90,2)=\"Mg\",B90=\"A\",C90=\"a\"),(1+L90)*VLOOKUP($A90,Quantities[],Quantities!$E$2)/43560,\nVLOOKUP($A90,Quantities[],Quantities!$E$2)/43560))","v":54},{"$f":"IF(B90=\"P\",0,\nIF(AND(OR(C90=\"b\",C90=\"d\"),OR('4   Earthwork'!$B90=\"C\",'4   Earthwork'!$B90=\"D\",'4   Earthwork'!$B90=\"A\",'4   Earthwork'!$B90=\"E\",'4   Earthwork'!$B90=\"B\")),\nVLOOKUP(INDEX(Quantities!$A$100:$A$118,MATCH($A90,Quantities!$C$100:$C$118)),Quantities!$A$100:$AJ$118,Quantities!$U$2),\n0))","v":36},{"$f":"IF(B90=\"P\",0,\nIF(OR(C90=\"b\",C90=\"d\"),\nM90/(1+L90),\nIF(OR(LEFT(D90,2)=\"Rp\",LEFT(D90,2)=\"Mg\"),0,\nVLOOKUP(A90,Quantities[],Quantities!$F$2)+VLOOKUP(A90,Quantities[],Quantities!$AB$2))))","v":241999.99999999997},{"$f":"IF(B90=\"P\",\"-\",\nIF(C90=\"b\",\nVLOOKUP(INDEX(Quantities!$A$100:$A$118,MATCH(A90,Quantities!$C$100:$C$118)),Quantities[],Quantities!$V$2),\nIF(C90=\"a\",\nVLOOKUP(A90,Quantities[],Quantities!$V$2,0),\n0)))","v":0.08},{"$f":"IF(B90=\"P\",0,\nIF(AND(OR(C90=\"b\",C90=\"d\"),NOT($B90=\"E\")),\nI90*J90*43560/(12*27),\nIF(OR(LEFT(D90,2)=\"Rp\",LEFT(D90,2)=\"Mg\"),0,\nK90*(1+L90))))","v":261360},null,{"$f":"LEFT(TEXT(A90,\"0\"),2)","v":"16"}]
[{"$f":"'3   Material'!A91","v":1700},{"$f":"'3   Material'!B91","v":"B"},{"$f":"'3   Material'!C91","v":"b"},{"$f":"'3   Material'!D91","v":"Dz2"},{"$f":"'3   Material'!$E$15:$E$322","v":"1700-B-b-Dz2"},{"$f":"'3   Material'!$F$15:$F$322","v":"Dozer Assist-Cover"},{"$f":"'3   Material'!$G$15:$G$322","v":" Gila Borrow Area"},{"$f":"'3   Material'!$H$15:$H$322","v":"6C Leach"},{"$f":"IF(B91=\"P\",0,\nIF(AND(LEFT(D91,2)=\"Mg\",B91=\"A\",C91=\"a\"),(1+L91)*VLOOKUP($A91,Quantities[],Quantities!$E$2)/43560,\nVLOOKUP($A91,Quantities[],Quantities!$E$2)/43560))","v":66},{"$f":"IF(B91=\"P\",0,\nIF(AND(OR(C91=\"b\",C91=\"d\"),OR('4   Earthwork'!$B91=\"C\",'4   Earthwork'!$B91=\"D\",'4   Earthwork'!$B91=\"A\",'4   Earthwork'!$B91=\"E\",'4   Earthwork'!$B91=\"B\")),\nVLOOKUP(INDEX(Quantities!$A$100:$A$118,MATCH($A91,Quantities!$C$100:$C$118)),Quantities!$A$100:$AJ$118,Quantities!$U$2),\n0))","v":36},{"$f":"IF(B91=\"P\",0,\nIF(OR(C91=\"b\",C91=\"d\"),\nM91/(1+L91),\nIF(OR(LEFT(D91,2)=\"Rp\",LEFT(D91,2)=\"Mg\"),0,\nVLOOKUP(A91,Quantities[],Quantities!$F$2)+VLOOKUP(A91,Quantities[],Quantities!$AB$2))))","v":295777.77777777775},{"$f":"IF(B91=\"P\",\"-\",\nIF(C91=\"b\",\nVLOOKUP(INDEX(Quantities!$A$100:$A$118,MATCH(A91,Quantities!$C$100:$C$118)),Quantities[],Quantities!$V$2),\nIF(C91=\"a\",\nVLOOKUP(A91,Quantities[],Quantities!$V$2,0),\n0)))","v":0.08},319440,null,"17"]
[{"$f":"'3   Material'!A92","v":2701},{"$f":"'3   Material'!B92","v":"B"},{"$f":"'3   Material'!C92","v":"b"},{"$f":"'3   Material'!D92","v":"Dz2"},{"$f":"'3   Material'!$E$15:$E$322","v":"2701-B-b-Dz2"},{"$f":"'3   Material'!$F$15:$F$322","v":"Dozer Assist-Cover"},{"$f":"'3   Material'!$G$15:$G$322","v":" Gila Borrow Area"},{"$f":"'3   Material'!$H$15:$H$322","v":"Cntmnt-1"},{"$f":"IF(B92=\"P\",0,\nIF(AND(LEFT(D92,2)=\"Mg\",B92=\"A\",C92=\"a\"),(1+L92)*VLOOKUP($A92,Quantities[],Quantities!$E$2)/43560,\nVLOOKUP($A92,Quantities[],Quantities!$E$2)/43560))","v":21.23},{"$f":"IF(B92=\"P\",0,\nIF(AND(OR(C92=\"b\",C92=\"d\"),OR('4   Earthwork'!$B92=\"C\",'4   Earthwork'!$B92=\"D\",'4   Earthwork'!$B92=\"A\",'4   Earthwork'!$B92=\"E\",'4   Earthwork'!$B92=\"B\")),\nVLOOKUP(INDEX(Quantities!$A$100:$A$118,MATCH($A92,Quantities!$C$100:$C$118)),Quantities!$A$100:$AJ$118,Quantities!$U$2),\n0))","v":36},{"$f":"IF(B92=\"P\",0,\nIF(OR(C92=\"b\",C92=\"d\"),\nM92/(1+L92),\nIF(OR(LEFT(D92,2)=\"Rp\",LEFT(D92,2)=\"Mg\"),0,\nVLOOKUP(A92,Quantities[],Quantities!$F$2)+VLOOKUP(A92,Quantities[],Quantities!$AB$2))))","v":95141.851851851839},{"$f":"IF(B92=\"P\",\"-\",\nIF(C92=\"b\",\nVLOOKUP(INDEX(Quantities!$A$100:$A$118,MATCH(A92,Quantities!$C$100:$C$118)),Quantities[],Quantities!$V$2),\nIF(C92=\"a\",\nVLOOKUP(A92,Quantities[],Quantities!$V$2,0),\n0)))","v":0.08},102753.2,null,"27"]
[{"$f":"'3   Material'!A93","v":3300},{"$f":"'3   Material'!B93","v":"B"},{"$f":"'3   Material'!C93","v":"b"},{"$f":"'3   Material'!D93","v":"Dz2"},{"$f":"'3   Material'!$E$15:$E$322","v":"3300-B-b-Dz2"},{"$f":"'3   Material'!$F$15:$F$322","v":"Dozer Assist-Cover"},{"$f":"'3   Material'!$G$15:$G$322","v":" Gila Borrow Area"},{"$f":"'3   Material'!$H$15:$H$322","v":"Unplanned Disturbance Area"},{"$f":"IF(B93=\"P\",0,\nIF(AND(LEFT(D93,2)=\"Mg\",B93=\"A\",C93=\"a\"),(1+L93)*VLOOKUP($A93,Quantities[],Quantities!$E$2)/43560,\nVLOOKUP($A93,Quantities[],Quantities!$E$2)/43560))","v":200},{"$f":"IF(B93=\"P\",0,\nIF(AND(OR(C93=\"b\",C93=\"d\"),OR('4   Earthwork'!$B93=\"C\",'4   Earthwork'!$B93=\"D\",'4   Earthwork'!$B93=\"A\",'4   Earthwork'!$B93=\"E\",'4   Earthwork'!$B93=\"B\")),\nVLOOKUP(INDEX(Quantities!$A$100:$A$118,MATCH($A93,Quantities!$C$100:$C$118)),Quantities!$A$100:$AJ$118,Quantities!$U$2),\n0))","v":36},{"$f":"IF(B93=\"P\",0,\nIF(OR(C93=\"b\",C93=\"d\"),\nM93/(1+L93),\nIF(OR(LEFT(D93,2)=\"Rp\",LEFT(D93,2)=\"Mg\"),0,\nVLOOKUP(A93,Quantities[],Quantities!$F$2)+VLOOKUP(A93,Quantities[],Quantities!$AB$2))))","v":896296.29629629629},{"$f":"IF(B93=\"P\",\"-\",\nIF(C93=\"b\",\nVLOOKUP(INDEX(Quantities!$A$100:$A$118,MATCH(A93,Quantities!$C$100:$C$118)),Quantities[],Quantities!$V$2),\nIF(C93=\"a\",\nVLOOKUP(A93,Quantities[],Quantities!$V$2,0),\n0)))","v":0.08},968000,null,"33"]
[{"$f":"'3   Material'!A94","v":2000},{"$f":"'3   Material'!B94","v":"B"},{"$f":"'3   Material'!C94","v":"b"},{"$f":"'3   Material'!D94","v":"Dz2"},{"$f":"'3   Material'!$E$15:$E$322","v":"2000-B-b-Dz2"},{"$f":"'3   Material'!$F$15:$F$322","v":"Dozer Assist-Cover"},{"$f":"'3   Material'!$G$15:$G$322","v":" Borrow Area A"},{"$f":"'3   Material'!$H$15:$H$322","v":"9A Waste "},{"$f":"IF(B94=\"P\",0,\nIF(AND(LEFT(D94,2)=\"Mg\",B94=\"A\",C94=\"a\"),(1+L94)*VLOOKUP($A94,Quantities[],Quantities!$E$2)/43560,\nVLOOKUP($A94,Quantities[],Quantities!$E$2)/43560))","v":129},{"$f":"IF(B94=\"P\",0,\nIF(AND(OR(C94=\"b\",C94=\"d\"),OR('4   Earthwork'!$B94=\"C\",'4   Earthwork'!$B94=\"D\",'4   Earthwork'!$B94=\"A\",'4   Earthwork'!$B94=\"E\",'4   Earthwork'!$B94=\"B\")),\nVLOOKUP(INDEX(Quantities!$A$100:$A$118,MATCH($A94,Quantities!$C$100:$C$118)),Quantities!$A$100:$AJ$118,Quantities!$U$2),\n0))","v":12},{"$f":"IF(B94=\"P\",0,\nIF(OR(C94=\"b\",C94=\"d\"),\nM94/(1+L94),\nIF(OR(LEFT(D94,2)=\"Rp\",LEFT(D94,2)=\"Mg\"),0,\nVLOOKUP(A94,Quantities[],Quantities!$F$2)+VLOOKUP(A94,Quantities[],Quantities!$AB$2))))","v":192703.70370370368},{"$f":"IF(B94=\"P\",\"-\",\nIF(C94=\"b\",\nVLOOKUP(INDEX(Quantities!$A$100:$A$118,MATCH(A94,Quantities!$C$100:$C$118)),Quantities[],Quantities!$V$2),\nIF(C94=\"a\",\nVLOOKUP(A94,Quantities[],Quantities!$V$2,0),\n0)))","v":0.08},208120,null,"20"]
[{"$f":"'3   Material'!A95","v":2100},{"$f":"'3   Material'!B95","v":"B"},{"$f":"'3   Material'!C95","v":"b"},{"$f":"'3   Material'!D95","v":"Dz2"},{"$f":"'3   Material'!$E$15:$E$322","v":"2100-B-b-Dz2"},{"$f":"'3   Material'!$F$15:$F$322","v":"Dozer Assist-Cover"},{"$f":"'3   Material'!$G$15:$G$322","v":" Borrow Area A"},{"$f":"'3   Material'!$H$15:$H$322","v":"9AX Waste"},{"$f":"IF(B95=\"P\",0,\nIF(AND(LEFT(D95,2)=\"Mg\",B95=\"A\",C95=\"a\"),(1+L95)*VLOOKUP($A95,Quantities[],Quantities!$E$2)/43560,\nVLOOKUP($A95,Quantities[],Quantities!$E$2)/43560))","v":63.7},{"$f":"IF(B95=\"P\",0,\nIF(AND(OR(C95=\"b\",C95=\"d\"),OR('4   Earthwork'!$B95=\"C\",'4   Earthwork'!$B95=\"D\",'4   Earthwork'!$B95=\"A\",'4   Earthwork'!$B95=\"E\",'4   Earthwork'!$B95=\"B\")),\nVLOOKUP(INDEX(Quantities!$A$100:$A$118,MATCH($A95,Quantities!$C$100:$C$118)),Quantities!$A$100:$AJ$118,Quantities!$U$2),\n0))","v":12},{"$f":"IF(B95=\"P\",0,\nIF(OR(C95=\"b\",C95=\"d\"),\nM95/(1+L95),\nIF(OR(LEFT(D95,2)=\"Rp\",LEFT(D95,2)=\"Mg\"),0,\nVLOOKUP(A95,Quantities[],Quantities!$F$2)+VLOOKUP(A95,Quantities[],Quantities!$AB$2))))","v":95156.790123456798},{"$f":"IF(B95=\"P\",\"-\",\nIF(C95=\"b\",\nVLOOKUP(INDEX(Quantities!$A$100:$A$118,MATCH(A95,Quantities!$C$100:$C$118)),Quantities[],Quantities!$V$2),\nIF(C95=\"a\",\nVLOOKUP(A95,Quantities[],Quantities!$V$2,0),\n0)))","v":0.08},102769.33333333334,null,"21"]
[{"$f":"'3   Material'!A96","v":2600},{"$f":"'3   Material'!B96","v":"B"},{"$f":"'3   Material'!C96","v":"b"},{"$f":"'3   Material'!D96","v":"Dz2"},{"$f":"'3   Material'!$E$15:$E$322","v":"2600-B-b-Dz2"},{"$f":"'3   Material'!$F$15:$F$322","v":"Dozer Assist-Cover"},{"$f":"'3   Material'!$G$15:$G$322","v":" 9AX Waste"},{"$f":"'3   Material'!$H$15:$H$322","v":"Reclaimed Tailing Launder Line"},{"$f":"IF(B96=\"P\",0,\nIF(AND(LEFT(D96,2)=\"Mg\",B96=\"A\",C96=\"a\"),(1+L96)*VLOOKUP($A96,Quantities[],Quantities!$E$2)/43560,\nVLOOKUP($A96,Quantities[],Quantities!$E$2)/43560))","v":7.4042011019283747},{"$f":"IF(B96=\"P\",0,\nIF(AND(OR(C96=\"b\",C96=\"d\"),OR('4   Earthwork'!$B96=\"C\",'4   Earthwork'!$B96=\"D\",'4   Earthwork'!$B96=\"A\",'4   Earthwork'!$B96=\"E\",'4   Earthwork'!$B96=\"B\")),\nVLOOKUP(INDEX(Quantities!$A$100:$A$118,MATCH($A96,Quantities!$C$100:$C$118)),Quantities!$A$100:$AJ$118,Quantities!$U$2),\n0))","v":9.6808520216912068},{"$f":"IF(B96=\"P\",0,\nIF(OR(C96=\"b\",C96=\"d\"),\nM96/(1+L96),\nIF(OR(LEFT(D96,2)=\"Rp\",LEFT(D96,2)=\"Mg\"),0,\nVLOOKUP(A96,Quantities[],Quantities!$F$2)+VLOOKUP(A96,Quantities[],Quantities!$AB$2))))","v":8922.9999999999982},{"$f":"IF(B96=\"P\",\"-\",\nIF(C96=\"b\",\nVLOOKUP(INDEX(Quantities!$A$100:$A$118,MATCH(A96,Quantities!$C$100:$C$118)),Quantities[],Quantities!$V$2),\nIF(C96=\"a\",\nVLOOKUP(A96,Quantities[],Quantities!$V$2,0),\n0)))","v":0.08},9636.8399999999983,null,"26"]
[{"$f":"'3   Material'!A97","v":1302},{"$f":"'3   Material'!B97","v":"B"},{"$f":"'3   Material'!C97","v":"f"},{"$f":"'3   Material'!D97","v":"Dz2"},{"$f":"'3   Material'!$E$15:$E$322","v":"1302-B-f-Dz2"},{"$f":"'3   Material'!$F$15:$F$322","v":"Dozer Assist-Outslopes Pullback-Backfill/Stockpile Material"},{"$f":"'3   Material'!$G$15:$G$322","v":" 3A Leach, 3B Waste"},{"$f":"'3   Material'!$H$15:$H$322","v":"3A Leach, 3B Waste"},{"$f":"IF(B97=\"P\",0,\nIF(AND(LEFT(D97,2)=\"Mg\",B97=\"A\",C97=\"a\"),(1+L97)*VLOOKUP($A97,Quantities[],Quantities!$E$2)/43560,\nVLOOKUP($A97,Quantities[],Quantities!$E$2)/43560))","v":0},{"$f":"IF(B97=\"P\",0,\nIF(AND(OR(C97=\"b\",C97=\"d\"),OR('4   Earthwork'!$B97=\"C\",'4   Earthwork'!$B97=\"D\",'4   Earthwork'!$B97=\"A\",'4   Earthwork'!$B97=\"E\",'4   Earthwork'!$B97=\"B\")),\nVLOOKUP(INDEX(Quantities!$A$100:$A$118,MATCH($A97,Quantities!$C$100:$C$118)),Quantities!$A$100:$AJ$118,Quantities!$U$2),\n0))","v":0},{"$f":"IF(B97=\"P\",0,\nIF(OR(C97=\"b\",C97=\"d\"),\nM97/(1+L97),\nIF(OR(LEFT(D97,2)=\"Rp\",LEFT(D97,2)=\"Mg\"),0,\nVLOOKUP(A97,Quantities[],Quantities!$F$2)+VLOOKUP(A97,Quantities[],Quantities!$AB$2))))","v":17500000},{"$f":"IF(B97=\"P\",\"-\",\nIF(C97=\"b\",\nVLOOKUP(INDEX(Quantities!$A$100:$A$118,MATCH(A97,Quantities!$C$100:$C$118)),Quantities[],Quantities!$V$2),\nIF(C97=\"a\",\nVLOOKUP(A97,Quantities[],Quantities!$V$2,0),\n0)))","v":0},17500000,null,"13"]
[{"$f":"'3   Material'!A98","v":2201},{"$f":"'3   Material'!B98","v":"B"},{"$f":"'3   Material'!C98","v":"f"},{"$f":"'3   Material'!D98","v":"Dz2"},{"$f":"'3   Material'!$E$15:$E$322","v":"2201-B-f-Dz2"},{"$f":"'3   Material'!$F$15:$F$322","v":"Dozer Assist-Pit Backfill-Backfill/Stockpile Material"},{"$f":"'3   Material'!$G$15:$G$322","v":" Leach Stockpile"},{"$f":"'3   Material'!$H$15:$H$322","v":"San Salvador Pit, San Salvador Waste Backfill"},{"$f":"IF(B98=\"P\",0,\nIF(AND(LEFT(D98,2)=\"Mg\",B98=\"A\",C98=\"a\"),(1+L98)*VLOOKUP($A98,Quantities[],Quantities!$E$2)/43560,\nVLOOKUP($A98,Quantities[],Quantities!$E$2)/43560))","v":0},{"$f":"IF(B98=\"P\",0,\nIF(AND(OR(C98=\"b\",C98=\"d\"),OR('4   Earthwork'!$B98=\"C\",'4   Earthwork'!$B98=\"D\",'4   Earthwork'!$B98=\"A\",'4   Earthwork'!$B98=\"E\",'4   Earthwork'!$B98=\"B\")),\nVLOOKUP(INDEX(Quantities!$A$100:$A$118,MATCH($A98,Quantities!$C$100:$C$118)),Quantities!$A$100:$AJ$118,Quantities!$U$2),\n0))","v":0},{"$f":"IF(B98=\"P\",0,\nIF(OR(C98=\"b\",C98=\"d\"),\nM98/(1+L98),\nIF(OR(LEFT(D98,2)=\"Rp\",LEFT(D98,2)=\"Mg\"),0,\nVLOOKUP(A98,Quantities[],Quantities!$F$2)+VLOOKUP(A98,Quantities[],Quantities!$AB$2))))","v":3500000},{"$f":"IF(B98=\"P\",\"-\",\nIF(C98=\"b\",\nVLOOKUP(INDEX(Quantities!$A$100:$A$118,MATCH(A98,Quantities!$C$100:$C$118)),Quantities[],Quantities!$V$2),\nIF(C98=\"a\",\nVLOOKUP(A98,Quantities[],Quantities!$V$2,0),\n0)))","v":0},3500000,null,"22"]
[{"$f":"'3   Material'!A99","v":2900},{"$f":"'3   Material'!B99","v":"B"},{"$f":"'3   Material'!C99","v":"b"},{"$f":"'3   Material'!D99","v":"Dz2"},{"$f":"'3   Material'!$E$15:$E$322","v":"2900-B-b-Dz2"},{"$f":"'3   Material'!$F$15:$F$322","v":"Dozer Assist-Cover"},{"$f":"'3   Material'!$G$15:$G$322","v":" Reclaimed Tailing Launder Line"},{"$f":"'3   Material'!$H$15:$H$322","v":"Reclaimed 1 Tailing Impoundment Reclaim Water Pumphouse Station"},{"$f":"IF(B99=\"P\",0,\nIF(AND(LEFT(D99,2)=\"Mg\",B99=\"A\",C99=\"a\"),(1+L99)*VLOOKUP($A99,Quantities[],Quantities!$E$2)/43560,\nVLOOKUP($A99,Quantities[],Quantities!$E$2)/43560))","v":7},{"$f":"IF(B99=\"P\",0,\nIF(AND(OR(C99=\"b\",C99=\"d\"),OR('4   Earthwork'!$B99=\"C\",'4   Earthwork'!$B99=\"D\",'4   Earthwork'!$B99=\"A\",'4   Earthwork'!$B99=\"E\",'4   Earthwork'!$B99=\"B\")),\nVLOOKUP(INDEX(Quantities!$A$100:$A$118,MATCH($A99,Quantities!$C$100:$C$118)),Quantities!$A$100:$AJ$118,Quantities!$U$2),\n0))","v":48.198347107438018},{"$f":"IF(B99=\"P\",0,\nIF(OR(C99=\"b\",C99=\"d\"),\nM99/(1+L99),\nIF(OR(LEFT(D99,2)=\"Rp\",LEFT(D99,2)=\"Mg\"),0,\nVLOOKUP(A99,Quantities[],Quantities!$F$2)+VLOOKUP(A99,Quantities[],Quantities!$AB$2))))","v":42000.000000000007},{"$f":"IF(B99=\"P\",\"-\",\nIF(C99=\"b\",\nVLOOKUP(INDEX(Quantities!$A$100:$A$118,MATCH(A99,Quantities!$C$100:$C$118)),Quantities[],Quantities!$V$2),\nIF(C99=\"a\",\nVLOOKUP(A99,Quantities[],Quantities!$V$2,0),\n0)))","v":0.08},45360.000000000007,null,"29"]
[{"$f":"'3   Material'!A100","v":1000},{"$f":"'3   Material'!B100","v":"C"},{"$f":"'3   Material'!C100","v":"b"},{"$f":"'3   Material'!D100","v":"Sh1"},{"$f":"'3   Material'!$E$15:$E$322","v":"1000-C-b-Sh1"},{"$f":"'3   Material'!$F$15:$F$322","v":"Load-Cover"},{"$f":"'3   Material'!$G$15:$G$322","v":" Gila Borrow Area"},{"$f":"'3   Material'!$H$15:$H$322","v":"1A Leach, 1B Leach "},{"$f":"IF(B100=\"P\",0,\nIF(AND(LEFT(D100,2)=\"Mg\",B100=\"A\",C100=\"a\"),(1+L100)*VLOOKUP($A100,Quantities[],Quantities!$E$2)/43560,\nVLOOKUP($A100,Quantities[],Quantities!$E$2)/43560))","v":273},{"$f":"IF(B100=\"P\",0,\nIF(AND(OR(C100=\"b\",C100=\"d\"),OR('4   Earthwork'!$B100=\"C\",'4   Earthwork'!$B100=\"D\",'4   Earthwork'!$B100=\"A\",'4   Earthwork'!$B100=\"E\",'4   Earthwork'!$B100=\"B\")),\nVLOOKUP(INDEX(Quantities!$A$100:$A$118,MATCH($A100,Quantities!$C$100:$C$118)),Quantities!$A$100:$AJ$118,Quantities!$U$2),\n0))","v":36},{"$f":"IF(B100=\"P\",0,\nIF(OR(C100=\"b\",C100=\"d\"),\nM100/(1+L100),\nIF(OR(LEFT(D100,2)=\"Rp\",LEFT(D100,2)=\"Mg\"),0,\nVLOOKUP(A100,Quantities[],Quantities!$F$2)+VLOOKUP(A100,Quantities[],Quantities!$AB$2))))","v":1223444.4444444443},{"$f":"IF(B100=\"P\",\"-\",\nIF(C100=\"b\",\nVLOOKUP(INDEX(Quantities!$A$100:$A$118,MATCH(A100,Quantities!$C$100:$C$118)),Quantities[],Quantities!$V$2),\nIF(C100=\"a\",\nVLOOKUP(A100,Quantities[],Quantities!$V$2,0),\n0)))","v":0.08},1321320,null,"10"]
[{"$f":"'3   Material'!A101","v":1100},{"$f":"'3   Material'!B101","v":"C"},{"$f":"'3   Material'!C101","v":"b"},{"$f":"'3   Material'!D101","v":"Sh1"},{"$f":"'3   Material'!$E$15:$E$322","v":"1100-C-b-Sh1"},{"$f":"'3   Material'!$F$15:$F$322","v":"Load-Cover"},{"$f":"'3   Material'!$G$15:$G$322","v":" Gila Borrow Area"},{"$f":"'3   Material'!$H$15:$H$322","v":"Reclaimed 1C Waste"},{"$f":"IF(B101=\"P\",0,\nIF(AND(LEFT(D101,2)=\"Mg\",B101=\"A\",C101=\"a\"),(1+L101)*VLOOKUP($A101,Quantities[],Quantities!$E$2)/43560,\nVLOOKUP($A101,Quantities[],Quantities!$E$2)/43560))","v":17.00413},{"$f":"IF(B101=\"P\",0,\nIF(AND(OR(C101=\"b\",C101=\"d\"),OR('4   Earthwork'!$B101=\"C\",'4   Earthwork'!$B101=\"D\",'4   Earthwork'!$B101=\"A\",'4   Earthwork'!$B101=\"E\",'4   Earthwork'!$B101=\"B\")),\nVLOOKUP(INDEX(Quantities!$A$100:$A$118,MATCH($A101,Quantities!$C$100:$C$118)),Quantities!$A$100:$AJ$118,Quantities!$U$2),\n0))","v":36},{"$f":"IF(B101=\"P\",0,\nIF(OR(C101=\"b\",C101=\"d\"),\nM101/(1+L101),\nIF(OR(LEFT(D101,2)=\"Rp\",LEFT(D101,2)=\"Mg\"),0,\nVLOOKUP(A101,Quantities[],Quantities!$F$2)+VLOOKUP(A101,Quantities[],Quantities!$AB$2))))","v":76203.693703703713},{"$f":"IF(B101=\"P\",\"-\",\nIF(C101=\"b\",\nVLOOKUP(INDEX(Quantities!$A$100:$A$118,MATCH(A101,Quantities!$C$100:$C$118)),Quantities[],Quantities!$V$2),\nIF(C101=\"a\",\nVLOOKUP(A101,Quantities[],Quantities!$V$2,0),\n0)))","v":0.08},82299.989200000011,null,"11"]
[{"$f":"'3   Material'!A102","v":1200},{"$f":"'3   Material'!B102","v":"C"},{"$f":"'3   Material'!C102","v":"b"},{"$f":"'3   Material'!D102","v":"Sh1"},{"$f":"'3   Material'!$E$15:$E$322","v":"1200-C-b-Sh1"},{"$f":"'3   Material'!$F$15:$F$322","v":"Load-Cover"},{"$f":"'3   Material'!$G$15:$G$322","v":" Gila Borrow Area"},{"$f":"'3   Material'!$H$15:$H$322","v":"2B Waste, 2A Leach, 2B Leach"},{"$f":"IF(B102=\"P\",0,\nIF(AND(LEFT(D102,2)=\"Mg\",B102=\"A\",C102=\"a\"),(1+L102)*VLOOKUP($A102,Quantities[],Quantities!$E$2)/43560,\nVLOOKUP($A102,Quantities[],Quantities!$E$2)/43560))","v":486.99169999999998},{"$f":"IF(B102=\"P\",0,\nIF(AND(OR(C102=\"b\",C102=\"d\"),OR('4   Earthwork'!$B102=\"C\",'4   Earthwork'!$B102=\"D\",'4   Earthwork'!$B102=\"A\",'4   Earthwork'!$B102=\"E\",'4   Earthwork'!$B102=\"B\")),\nVLOOKUP(INDEX(Quantities!$A$100:$A$118,MATCH($A102,Quantities!$C$100:$C$118)),Quantities!$A$100:$AJ$118,Quantities!$U$2),\n0))","v":36},{"$f":"IF(B102=\"P\",0,\nIF(OR(C102=\"b\",C102=\"d\"),\nM102/(1+L102),\nIF(OR(LEFT(D102,2)=\"Rp\",LEFT(D102,2)=\"Mg\"),0,\nVLOOKUP(A102,Quantities[],Quantities!$F$2)+VLOOKUP(A102,Quantities[],Quantities!$AB$2))))","v":2182444.2851851848},{"$f":"IF(B102=\"P\",\"-\",\nIF(C102=\"b\",\nVLOOKUP(INDEX(Quantities!$A$100:$A$118,MATCH(A102,Quantities!$C$100:$C$118)),Quantities[],Quantities!$V$2),\nIF(C102=\"a\",\nVLOOKUP(A102,Quantities[],Quantities!$V$2,0),\n0)))","v":0.08},2357039.8279999997,null,"12"]
[{"$f":"'3   Material'!A103","v":1300},{"$f":"'3   Material'!B103","v":"C"},{"$f":"'3   Material'!C103","v":"b"},{"$f":"'3   Material'!D103","v":"Sh1"},{"$f":"'3   Material'!$E$15:$E$322","v":"1300-C-b-Sh1"},{"$f":"'3   Material'!$F$15:$F$322","v":"Load-Cover"},{"$f":"'3   Material'!$G$15:$G$322","v":" Gila Borrow Area"},{"$f":"'3   Material'!$H$15:$H$322","v":"3A Leach, 3B Waste"},{"$f":"IF(B103=\"P\",0,\nIF(AND(LEFT(D103,2)=\"Mg\",B103=\"A\",C103=\"a\"),(1+L103)*VLOOKUP($A103,Quantities[],Quantities!$E$2)/43560,\nVLOOKUP($A103,Quantities[],Quantities!$E$2)/43560))","v":455},{"$f":"IF(B103=\"P\",0,\nIF(AND(OR(C103=\"b\",C103=\"d\"),OR('4   Earthwork'!$B103=\"C\",'4   Earthwork'!$B103=\"D\",'4   Earthwork'!$B103=\"A\",'4   Earthwork'!$B103=\"E\",'4   Earthwork'!$B103=\"B\")),\nVLOOKUP(INDEX(Quantities!$A$100:$A$118,MATCH($A103,Quantities!$C$100:$C$118)),Quantities!$A$100:$AJ$118,Quantities!$U$2),\n0))","v":36},{"$f":"IF(B103=\"P\",0,\nIF(OR(C103=\"b\",C103=\"d\"),\nM103/(1+L103),\nIF(OR(LEFT(D103,2)=\"Rp\",LEFT(D103,2)=\"Mg\"),0,\nVLOOKUP(A103,Quantities[],Quantities!$F$2)+VLOOKUP(A103,Quantities[],Quantities!$AB$2))))","v":2039074.0740740739},{"$f":"IF(B103=\"P\",\"-\",\nIF(C103=\"b\",\nVLOOKUP(INDEX(Quantities!$A$100:$A$118,MATCH(A103,Quantities!$C$100:$C$118)),Quantities[],Quantities!$V$2),\nIF(C103=\"a\",\nVLOOKUP(A103,Quantities[],Quantities!$V$2,0),\n0)))","v":0.08},2202200,null,"13"]
[{"$f":"'3   Material'!A104","v":1500},{"$f":"'3   Material'!B104","v":"C"},{"$f":"'3   Material'!C104","v":"b"},{"$f":"'3   Material'!D104","v":"Sh1"},{"$f":"'3   Material'!$E$15:$E$322","v":"1500-C-b-Sh1"},{"$f":"'3   Material'!$F$15:$F$322","v":"Load-Cover"},{"$f":"'3   Material'!$G$15:$G$322","v":" Gila Borrow Area"},{"$f":"'3   Material'!$H$15:$H$322","v":"5A Waste"},{"$f":"IF(B104=\"P\",0,\nIF(AND(LEFT(D104,2)=\"Mg\",B104=\"A\",C104=\"a\"),(1+L104)*VLOOKUP($A104,Quantities[],Quantities!$E$2)/43560,\nVLOOKUP($A104,Quantities[],Quantities!$E$2)/43560))","v":371},{"$f":"IF(B104=\"P\",0,\nIF(AND(OR(C104=\"b\",C104=\"d\"),OR('4   Earthwork'!$B104=\"C\",'4   Earthwork'!$B104=\"D\",'4   Earthwork'!$B104=\"A\",'4   Earthwork'!$B104=\"E\",'4   Earthwork'!$B104=\"B\")),\nVLOOKUP(INDEX(Quantities!$A$100:$A$118,MATCH($A104,Quantities!$C$100:$C$118)),Quantities!$A$100:$AJ$118,Quantities!$U$2),\n0))","v":36},{"$f":"IF(B104=\"P\",0,\nIF(OR(C104=\"b\",C104=\"d\"),\nM104/(1+L104),\nIF(OR(LEFT(D104,2)=\"Rp\",LEFT(D104,2)=\"Mg\"),0,\nVLOOKUP(A104,Quantities[],Quantities!$F$2)+VLOOKUP(A104,Quantities[],Quantities!$AB$2))))","v":1662629.6296296294},{"$f":"IF(B104=\"P\",\"-\",\nIF(C104=\"b\",\nVLOOKUP(INDEX(Quantities!$A$100:$A$118,MATCH(A104,Quantities!$C$100:$C$118)),Quantities[],Quantities!$V$2),\nIF(C104=\"a\",\nVLOOKUP(A104,Quantities[],Quantities!$V$2,0),\n0)))","v":0.08},1795640,null,"15"]
[{"$f":"'3   Material'!A105","v":2200},{"$f":"'3   Material'!B105","v":"C"},{"$f":"'3   Material'!C105","v":"b"},{"$f":"'3   Material'!D105","v":"Sh1"},{"$f":"'3   Material'!$E$15:$E$322","v":"2200-C-b-Sh1"},{"$f":"'3   Material'!$F$15:$F$322","v":"Load-Cover"},{"$f":"'3   Material'!$G$15:$G$322","v":" Leach Stockpile"},{"$f":"'3   Material'!$H$15:$H$322","v":"San Salvador Pit, San Salvador Waste Backfill"},{"$f":"IF(B105=\"P\",0,\nIF(AND(LEFT(D105,2)=\"Mg\",B105=\"A\",C105=\"a\"),(1+L105)*VLOOKUP($A105,Quantities[],Quantities!$E$2)/43560,\nVLOOKUP($A105,Quantities[],Quantities!$E$2)/43560))","v":115},{"$f":"IF(B105=\"P\",0,\nIF(AND(OR(C105=\"b\",C105=\"d\"),OR('4   Earthwork'!$B105=\"C\",'4   Earthwork'!$B105=\"D\",'4   Earthwork'!$B105=\"A\",'4   Earthwork'!$B105=\"E\",'4   Earthwork'!$B105=\"B\")),\nVLOOKUP(INDEX(Quantities!$A$100:$A$118,MATCH($A105,Quantities!$C$100:$C$118)),Quantities!$A$100:$AJ$118,Quantities!$U$2),\n0))","v":36},{"$f":"IF(B105=\"P\",0,\nIF(OR(C105=\"b\",C105=\"d\"),\nM105/(1+L105),\nIF(OR(LEFT(D105,2)=\"Rp\",LEFT(D105,2)=\"Mg\"),0,\nVLOOKUP(A105,Quantities[],Quantities!$F$2)+VLOOKUP(A105,Quantities[],Quantities!$AB$2))))","v":515370.37037037034},{"$f":"IF(B105=\"P\",\"-\",\nIF(C105=\"b\",\nVLOOKUP(INDEX(Quantities!$A$100:$A$118,MATCH(A105,Quantities!$C$100:$C$118)),Quantities[],Quantities!$V$2),\nIF(C105=\"a\",\nVLOOKUP(A105,Quantities[],Quantities!$V$2,0),\n0)))","v":0.08},556600,null,"22"]
[{"$f":"'3   Material'!A106","v":2300},{"$f":"'3   Material'!B106","v":"C"},{"$f":"'3   Material'!C106","v":"b"},{"$f":"'3   Material'!D106","v":"Sh1"},{"$f":"'3   Material'!$E$15:$E$322","v":"2300-C-b-Sh1"},{"$f":"'3   Material'!$F$15:$F$322","v":"Load-Cover"},{"$f":"'3   Material'!$G$15:$G$322","v":" Gila Borrow Area"},{"$f":"'3   Material'!$H$15:$H$322","v":"6A Leach"},{"$f":"IF(B106=\"P\",0,\nIF(AND(LEFT(D106,2)=\"Mg\",B106=\"A\",C106=\"a\"),(1+L106)*VLOOKUP($A106,Quantities[],Quantities!$E$2)/43560,\nVLOOKUP($A106,Quantities[],Quantities!$E$2)/43560))","v":65},{"$f":"IF(B106=\"P\",0,\nIF(AND(OR(C106=\"b\",C106=\"d\"),OR('4   Earthwork'!$B106=\"C\",'4   Earthwork'!$B106=\"D\",'4   Earthwork'!$B106=\"A\",'4   Earthwork'!$B106=\"E\",'4   Earthwork'!$B106=\"B\")),\nVLOOKUP(INDEX(Quantities!$A$100:$A$118,MATCH($A106,Quantities!$C$100:$C$118)),Quantities!$A$100:$AJ$118,Quantities!$U$2),\n0))","v":36},{"$f":"IF(B106=\"P\",0,\nIF(OR(C106=\"b\",C106=\"d\"),\nM106/(1+L106),\nIF(OR(LEFT(D106,2)=\"Rp\",LEFT(D106,2)=\"Mg\"),0,\nVLOOKUP(A106,Quantities[],Quantities!$F$2)+VLOOKUP(A106,Quantities[],Quantities!$AB$2))))","v":291296.29629629629},{"$f":"IF(B106=\"P\",\"-\",\nIF(C106=\"b\",\nVLOOKUP(INDEX(Quantities!$A$100:$A$118,MATCH(A106,Quantities!$C$100:$C$118)),Quantities[],Quantities!$V$2),\nIF(C106=\"a\",\nVLOOKUP(A106,Quantities[],Quantities!$V$2,0),\n0)))","v":0.08},314600,null,"23"]
[{"$f":"'3   Material'!A107","v":1400},{"$f":"'3   Material'!B107","v":"C"},{"$f":"'3   Material'!C107","v":"b"},{"$f":"'3   Material'!D107","v":"Sh1"},{"$f":"'3   Material'!$E$15:$E$322","v":"1400-C-b-Sh1"},{"$f":"'3   Material'!$F$15:$F$322","v":"Load-Cover"},{"$f":"'3   Material'!$G$15:$G$322","v":" Gila Borrow Area"},{"$f":"'3   Material'!$H$15:$H$322","v":"2 Leach (Area 1)"},{"$f":"IF(B107=\"P\",0,\nIF(AND(LEFT(D107,2)=\"Mg\",B107=\"A\",C107=\"a\"),(1+L107)*VLOOKUP($A107,Quantities[],Quantities!$E$2)/43560,\nVLOOKUP($A107,Quantities[],Quantities!$E$2)/43560))","v":183},{"$f":"IF(B107=\"P\",0,\nIF(AND(OR(C107=\"b\",C107=\"d\"),OR('4   Earthwork'!$B107=\"C\",'4   Earthwork'!$B107=\"D\",'4   Earthwork'!$B107=\"A\",'4   Earthwork'!$B107=\"E\",'4   Earthwork'!$B107=\"B\")),\nVLOOKUP(INDEX(Quantities!$A$100:$A$118,MATCH($A107,Quantities!$C$100:$C$118)),Quantities!$A$100:$AJ$118,Quantities!$U$2),\n0))","v":36},{"$f":"IF(B107=\"P\",0,\nIF(OR(C107=\"b\",C107=\"d\"),\nM107/(1+L107),\nIF(OR(LEFT(D107,2)=\"Rp\",LEFT(D107,2)=\"Mg\"),0,\nVLOOKUP(A107,Quantities[],Quantities!$F$2)+VLOOKUP(A107,Quantities[],Quantities!$AB$2))))","v":820111.11111111101},{"$f":"IF(B107=\"P\",\"-\",\nIF(C107=\"b\",\nVLOOKUP(INDEX(Quantities!$A$100:$A$118,MATCH(A107,Quantities!$C$100:$C$118)),Quantities[],Quantities!$V$2),\nIF(C107=\"a\",\nVLOOKUP(A107,Quantities[],Quantities!$V$2,0),\n0)))","v":0.08},885720,null,"14"]
[{"$f":"'3   Material'!A108","v":1800},{"$f":"'3   Material'!B108","v":"C"},{"$f":"'3   Material'!C108","v":"b"},{"$f":"'3   Material'!D108","v":"Sh1"},{"$f":"'3   Material'!$E$15:$E$322","v":"1800-C-b-Sh1"},{"$f":"'3   Material'!$F$15:$F$322","v":"Load-Cover"},{"$f":"'3   Material'!$G$15:$G$322","v":" Gila Borrow Area"},{"$f":"'3   Material'!$H$15:$H$322","v":"2 Leach (Area 2), 7B Leach, 7B Waste, 7C Waste, South Rim Pit"},{"$f":"IF(B108=\"P\",0,\nIF(AND(LEFT(D108,2)=\"Mg\",B108=\"A\",C108=\"a\"),(1+L108)*VLOOKUP($A108,Quantities[],Quantities!$E$2)/43560,\nVLOOKUP($A108,Quantities[],Quantities!$E$2)/43560))","v":375},{"$f":"IF(B108=\"P\",0,\nIF(AND(OR(C108=\"b\",C108=\"d\"),OR('4   Earthwork'!$B108=\"C\",'4   Earthwork'!$B108=\"D\",'4   Earthwork'!$B108=\"A\",'4   Earthwork'!$B108=\"E\",'4   Earthwork'!$B108=\"B\")),\nVLOOKUP(INDEX(Quantities!$A$100:$A$118,MATCH($A108,Quantities!$C$100:$C$118)),Quantities!$A$100:$AJ$118,Quantities!$U$2),\n0))","v":36},{"$f":"IF(B108=\"P\",0,\nIF(OR(C108=\"b\",C108=\"d\"),\nM108/(1+L108),\nIF(OR(LEFT(D108,2)=\"Rp\",LEFT(D108,2)=\"Mg\"),0,\nVLOOKUP(A108,Quantities[],Quantities!$F$2)+VLOOKUP(A108,Quantities[],Quantities!$AB$2))))","v":1680555.5555555555},{"$f":"IF(B108=\"P\",\"-\",\nIF(C108=\"b\",\nVLOOKUP(INDEX(Quantities!$A$100:$A$118,MATCH(A108,Quantities!$C$100:$C$118)),Quantities[],Quantities!$V$2),\nIF(C108=\"a\",\nVLOOKUP(A108,Quantities[],Quantities!$V$2,0),\n0)))","v":0.08},1815000,null,"18"]
[{"$f":"'3   Material'!A109","v":1900},{"$f":"'3   Material'!B109","v":"C"},{"$f":"'3   Material'!C109","v":"b"},{"$f":"'3   Material'!D109","v":"Sh1"},{"$f":"'3   Material'!$E$15:$E$322","v":"1900-C-b-Sh1"},{"$f":"'3   Material'!$F$15:$F$322","v":"Load-Cover"},{"$f":"'3   Material'!$G$15:$G$322","v":" Gila Borrow Area"},{"$f":"'3   Material'!$H$15:$H$322","v":"8A Waste, 8C Waste"},{"$f":"IF(B109=\"P\",0,\nIF(AND(LEFT(D109,2)=\"Mg\",B109=\"A\",C109=\"a\"),(1+L109)*VLOOKUP($A109,Quantities[],Quantities!$E$2)/43560,\nVLOOKUP($A109,Quantities[],Quantities!$E$2)/43560))","v":47.36},{"$f":"IF(B109=\"P\",0,\nIF(AND(OR(C109=\"b\",C109=\"d\"),OR('4   Earthwork'!$B109=\"C\",'4   Earthwork'!$B109=\"D\",'4   Earthwork'!$B109=\"A\",'4   Earthwork'!$B109=\"E\",'4   Earthwork'!$B109=\"B\")),\nVLOOKUP(INDEX(Quantities!$A$100:$A$118,MATCH($A109,Quantities!$C$100:$C$118)),Quantities!$A$100:$AJ$118,Quantities!$U$2),\n0))","v":36},{"$f":"IF(B109=\"P\",0,\nIF(OR(C109=\"b\",C109=\"d\"),\nM109/(1+L109),\nIF(OR(LEFT(D109,2)=\"Rp\",LEFT(D109,2)=\"Mg\"),0,\nVLOOKUP(A109,Quantities[],Quantities!$F$2)+VLOOKUP(A109,Quantities[],Quantities!$AB$2))))","v":212242.96296296298},{"$f":"IF(B109=\"P\",\"-\",\nIF(C109=\"b\",\nVLOOKUP(INDEX(Quantities!$A$100:$A$118,MATCH(A109,Quantities!$C$100:$C$118)),Quantities[],Quantities!$V$2),\nIF(C109=\"a\",\nVLOOKUP(A109,Quantities[],Quantities!$V$2,0),\n0)))","v":0.08},229222.40000000002,null,"19"]
[{"$f":"'3   Material'!A110","v":1600},{"$f":"'3   Material'!B110","v":"C"},{"$f":"'3   Material'!C110","v":"b"},{"$f":"'3   Material'!D110","v":"Sh1"},{"$f":"'3   Material'!$E$15:$E$322","v":"1600-C-b-Sh1"},{"$f":"'3   Material'!$F$15:$F$322","v":"Load-Cover"},{"$f":"'3   Material'!$G$15:$G$322","v":" Gila Borrow Area"},{"$f":"'3   Material'!$H$15:$H$322","v":"6B Leach, 6D Leach"},{"$f":"IF(B110=\"P\",0,\nIF(AND(LEFT(D110,2)=\"Mg\",B110=\"A\",C110=\"a\"),(1+L110)*VLOOKUP($A110,Quantities[],Quantities!$E$2)/43560,\nVLOOKUP($A110,Quantities[],Quantities!$E$2)/43560))","v":54},{"$f":"IF(B110=\"P\",0,\nIF(AND(OR(C110=\"b\",C110=\"d\"),OR('4   Earthwork'!$B110=\"C\",'4   Earthwork'!$B110=\"D\",'4   Earthwork'!$B110=\"A\",'4   Earthwork'!$B110=\"E\",'4   Earthwork'!$B110=\"B\")),\nVLOOKUP(INDEX(Quantities!$A$100:$A$118,MATCH($A110,Quantities!$C$100:$C$118)),Quantities!$A$100:$AJ$118,Quantities!$U$2),\n0))","v":36},{"$f":"IF(B110=\"P\",0,\nIF(OR(C110=\"b\",C110=\"d\"),\nM110/(1+L110),\nIF(OR(LEFT(D110,2)=\"Rp\",LEFT(D110,2)=\"Mg\"),0,\nVLOOKUP(A110,Quantities[],Quantities!$F$2)+VLOOKUP(A110,Quantities[],Quantities!$AB$2))))","v":241999.99999999997},{"$f":"IF(B110=\"P\",\"-\",\nIF(C110=\"b\",\nVLOOKUP(INDEX(Quantities!$A$100:$A$118,MATCH(A110,Quantities!$C$100:$C$118)),Quantities[],Quantities!$V$2),\nIF(C110=\"a\",\nVLOOKUP(A110,Quantities[],Quantities!$V$2,0),\n0)))","v":0.08},261360,null,"16"]
[{"$f":"'3   Material'!A111","v":1700},{"$f":"'3   Material'!B111","v":"C"},{"$f":"'3   Material'!C111","v":"b"},{"$f":"'3   Material'!D111","v":"Sh1"},{"$f":"'3   Material'!$E$15:$E$322","v":"1700-C-b-Sh1"},{"$f":"'3   Material'!$F$15:$F$322","v":"Load-Cover"},{"$f":"'3   Material'!$G$15:$G$322","v":" Gila Borrow Area"},{"$f":"'3   Material'!$H$15:$H$322","v":"6C Leach"},{"$f":"IF(B111=\"P\",0,\nIF(AND(LEFT(D111,2)=\"Mg\",B111=\"A\",C111=\"a\"),(1+L111)*VLOOKUP($A111,Quantities[],Quantities!$E$2)/43560,\nVLOOKUP($A111,Quantities[],Quantities!$E$2)/43560))","v":66},{"$f":"IF(B111=\"P\",0,\nIF(AND(OR(C111=\"b\",C111=\"d\"),OR('4   Earthwork'!$B111=\"C\",'4   Earthwork'!$B111=\"D\",'4   Earthwork'!$B111=\"A\",'4   Earthwork'!$B111=\"E\",'4   Earthwork'!$B111=\"B\")),\nVLOOKUP(INDEX(Quantities!$A$100:$A$118,MATCH($A111,Quantities!$C$100:$C$118)),Quantities!$A$100:$AJ$118,Quantities!$U$2),\n0))","v":36},{"$f":"IF(B111=\"P\",0,\nIF(OR(C111=\"b\",C111=\"d\"),\nM111/(1+L111),\nIF(OR(LEFT(D111,2)=\"Rp\",LEFT(D111,2)=\"Mg\"),0,\nVLOOKUP(A111,Quantities[],Quantities!$F$2)+VLOOKUP(A111,Quantities[],Quantities!$AB$2))))","v":295777.77777777775},{"$f":"IF(B111=\"P\",\"-\",\nIF(C111=\"b\",\nVLOOKUP(INDEX(Quantities!$A$100:$A$118,MATCH(A111,Quantities!$C$100:$C$118)),Quantities[],Quantities!$V$2),\nIF(C111=\"a\",\nVLOOKUP(A111,Quantities[],Quantities!$V$2,0),\n0)))","v":0.08},319440,null,"17"]
[{"$f":"'3   Material'!A112","v":2701},{"$f":"'3   Material'!B112","v":"C"},{"$f":"'3   Material'!C112","v":"b"},{"$f":"'3   Material'!D112","v":"Sh1"},{"$f":"'3   Material'!$E$15:$E$322","v":"2701-C-b-Sh1"},{"$f":"'3   Material'!$F$15:$F$322","v":"Load-Cover"},{"$f":"'3   Material'!$G$15:$G$322","v":" Gila Borrow Area"},{"$f":"'3   Material'!$H$15:$H$322","v":"Cntmnt-1"},{"$f":"IF(B112=\"P\",0,\nIF(AND(LEFT(D112,2)=\"Mg\",B112=\"A\",C112=\"a\"),(1+L112)*VLOOKUP($A112,Quantities[],Quantities!$E$2)/43560,\nVLOOKUP($A112,Quantities[],Quantities!$E$2)/43560))","v":21.23},{"$f":"IF(B112=\"P\",0,\nIF(AND(OR(C112=\"b\",C112=\"d\"),OR('4   Earthwork'!$B112=\"C\",'4   Earthwork'!$B112=\"D\",'4   Earthwork'!$B112=\"A\",'4   Earthwork'!$B112=\"E\",'4   Earthwork'!$B112=\"B\")),\nVLOOKUP(INDEX(Quantities!$A$100:$A$118,MATCH($A112,Quantities!$C$100:$C$118)),Quantities!$A$100:$AJ$118,Quantities!$U$2),\n0))","v":36},{"$f":"IF(B112=\"P\",0,\nIF(OR(C112=\"b\",C112=\"d\"),\nM112/(1+L112),\nIF(OR(LEFT(D112,2)=\"Rp\",LEFT(D112,2)=\"Mg\"),0,\nVLOOKUP(A112,Quantities[],Quantities!$F$2)+VLOOKUP(A112,Quantities[],Quantities!$AB$2))))","v":95141.851851851839},{"$f":"IF(B112=\"P\",\"-\",\nIF(C112=\"b\",\nVLOOKUP(INDEX(Quantities!$A$100:$A$118,MATCH(A112,Quantities!$C$100:$C$118)),Quantities[],Quantities!$V$2),\nIF(C112=\"a\",\nVLOOKUP(A112,Quantities[],Quantities!$V$2,0),\n0)))","v":0.08},102753.2,null,"27"]
[{"$f":"'3   Material'!A113","v":3300},{"$f":"'3   Material'!B113","v":"C"},{"$f":"'3   Material'!C113","v":"b"},{"$f":"'3   Material'!D113","v":"Sh1"},{"$f":"'3   Material'!$E$15:$E$322","v":"3300-C-b-Sh1"},{"$f":"'3   Material'!$F$15:$F$322","v":"Load-Cover"},{"$f":"'3   Material'!$G$15:$G$322","v":" Gila Borrow Area"},{"$f":"'3   Material'!$H$15:$H$322","v":"Unplanned Disturbance Area"},{"$f":"IF(B113=\"P\",0,\nIF(AND(LEFT(D113,2)=\"Mg\",B113=\"A\",C113=\"a\"),(1+L113)*VLOOKUP($A113,Quantities[],Quantities!$E$2)/43560,\nVLOOKUP($A113,Quantities[],Quantities!$E$2)/43560))","v":200},{"$f":"IF(B113=\"P\",0,\nIF(AND(OR(C113=\"b\",C113=\"d\"),OR('4   Earthwork'!$B113=\"C\",'4   Earthwork'!$B113=\"D\",'4   Earthwork'!$B113=\"A\",'4   Earthwork'!$B113=\"E\",'4   Earthwork'!$B113=\"B\")),\nVLOOKUP(INDEX(Quantities!$A$100:$A$118,MATCH($A113,Quantities!$C$100:$C$118)),Quantities!$A$100:$AJ$118,Quantities!$U$2),\n0))","v":36},{"$f":"IF(B113=\"P\",0,\nIF(OR(C113=\"b\",C113=\"d\"),\nM113/(1+L113),\nIF(OR(LEFT(D113,2)=\"Rp\",LEFT(D113,2)=\"Mg\"),0,\nVLOOKUP(A113,Quantities[],Quantities!$F$2)+VLOOKUP(A113,Quantities[],Quantities!$AB$2))))","v":896296.29629629629},{"$f":"IF(B113=\"P\",\"-\",\nIF(C113=\"b\",\nVLOOKUP(INDEX(Quantities!$A$100:$A$118,MATCH(A113,Quantities!$C$100:$C$118)),Quantities[],Quantities!$V$2),\nIF(C113=\"a\",\nVLOOKUP(A113,Quantities[],Quantities!$V$2,0),\n0)))","v":0.08},968000,null,"33"]
[{"$f":"'3   Material'!A114","v":2000},{"$f":"'3   Material'!B114","v":"C"},{"$f":"'3   Material'!C114","v":"b"},{"$f":"'3   Material'!D114","v":"Sh1"},{"$f":"'3   Material'!$E$15:$E$322","v":"2000-C-b-Sh1"},{"$f":"'3   Material'!$F$15:$F$322","v":"Load-Cover"},{"$f":"'3   Material'!$G$15:$G$322","v":" Borrow Area A"},{"$f":"'3   Material'!$H$15:$H$322","v":"9A Waste "},{"$f":"IF(B114=\"P\",0,\nIF(AND(LEFT(D114,2)=\"Mg\",B114=\"A\",C114=\"a\"),(1+L114)*VLOOKUP($A114,Quantities[],Quantities!$E$2)/43560,\nVLOOKUP($A114,Quantities[],Quantities!$E$2)/43560))","v":129},{"$f":"IF(B114=\"P\",0,\nIF(AND(OR(C114=\"b\",C114=\"d\"),OR('4   Earthwork'!$B114=\"C\",'4   Earthwork'!$B114=\"D\",'4   Earthwork'!$B114=\"A\",'4   Earthwork'!$B114=\"E\",'4   Earthwork'!$B114=\"B\")),\nVLOOKUP(INDEX(Quantities!$A$100:$A$118,MATCH($A114,Quantities!$C$100:$C$118)),Quantities!$A$100:$AJ$118,Quantities!$U$2),\n0))","v":12},{"$f":"IF(B114=\"P\",0,\nIF(OR(C114=\"b\",C114=\"d\"),\nM114/(1+L114),\nIF(OR(LEFT(D114,2)=\"Rp\",LEFT(D114,2)=\"Mg\"),0,\nVLOOKUP(A114,Quantities[],Quantities!$F$2)+VLOOKUP(A114,Quantities[],Quantities!$AB$2))))","v":192703.70370370368},{"$f":"IF(B114=\"P\",\"-\",\nIF(C114=\"b\",\nVLOOKUP(INDEX(Quantities!$A$100:$A$118,MATCH(A114,Quantities!$C$100:$C$118)),Quantities[],Quantities!$V$2),\nIF(C114=\"a\",\nVLOOKUP(A114,Quantities[],Quantities!$V$2,0),\n0)))","v":0.08},208120,null,"20"]
[{"$f":"'3   Material'!A115","v":2100},{"$f":"'3   Material'!B115","v":"C"},{"$f":"'3   Material'!C115","v":"b"},{"$f":"'3   Material'!D115","v":"Sh1"},{"$f":"'3   Material'!$E$15:$E$322","v":"2100-C-b-Sh1"},{"$f":"'3   Material'!$F$15:$F$322","v":"Load-Cover"},{"$f":"'3   Material'!$G$15:$G$322","v":" Borrow Area A"},{"$f":"'3   Material'!$H$15:$H$322","v":"9AX Waste"},{"$f":"IF(B115=\"P\",0,\nIF(AND(LEFT(D115,2)=\"Mg\",B115=\"A\",C115=\"a\"),(1+L115)*VLOOKUP($A115,Quantities[],Quantities!$E$2)/43560,\nVLOOKUP($A115,Quantities[],Quantities!$E$2)/43560))","v":63.7},{"$f":"IF(B115=\"P\",0,\nIF(AND(OR(C115=\"b\",C115=\"d\"),OR('4   Earthwork'!$B115=\"C\",'4   Earthwork'!$B115=\"D\",'4   Earthwork'!$B115=\"A\",'4   Earthwork'!$B115=\"E\",'4   Earthwork'!$B115=\"B\")),\nVLOOKUP(INDEX(Quantities!$A$100:$A$118,MATCH($A115,Quantities!$C$100:$C$118)),Quantities!$A$100:$AJ$118,Quantities!$U$2),\n0))","v":12},{"$f":"IF(B115=\"P\",0,\nIF(OR(C115=\"b\",C115=\"d\"),\nM115/(1+L115),\nIF(OR(LEFT(D115,2)=\"Rp\",LEFT(D115,2)=\"Mg\"),0,\nVLOOKUP(A115,Quantities[],Quantities!$F$2)+VLOOKUP(A115,Quantities[],Quantities!$AB$2))))","v":95156.790123456798},{"$f":"IF(B115=\"P\",\"-\",\nIF(C115=\"b\",\nVLOOKUP(INDEX(Quantities!$A$100:$A$118,MATCH(A115,Quantities!$C$100:$C$118)),Quantities[],Quantities!$V$2),\nIF(C115=\"a\",\nVLOOKUP(A115,Quantities[],Quantities!$V$2,0),\n0)))","v":0.08},102769.33333333334,null,"21"]
[{"$f":"'3   Material'!A116","v":2600},{"$f":"'3   Material'!B116","v":"C"},{"$f":"'3   Material'!C116","v":"b"},{"$f":"'3   Material'!D116","v":"Ld2"},{"$f":"'3   Material'!$E$15:$E$322","v":"2600-C-b-Ld2"},{"$f":"'3   Material'!$F$15:$F$322","v":"Load-Cover"},{"$f":"'3   Material'!$G$15:$G$322","v":" 9AX Waste"},{"$f":"'3   Material'!$H$15:$H$322","v":"Reclaimed Tailing Launder Line"},{"$f":"IF(B116=\"P\",0,\nIF(AND(LEFT(D116,2)=\"Mg\",B116=\"A\",C116=\"a\"),(1+L116)*VLOOKUP($A116,Quantities[],Quantities!$E$2)/43560,\nVLOOKUP($A116,Quantities[],Quantities!$E$2)/43560))","v":7.4042011019283747},{"$f":"IF(B116=\"P\",0,\nIF(AND(OR(C116=\"b\",C116=\"d\"),OR('4   Earthwork'!$B116=\"C\",'4   Earthwork'!$B116=\"D\",'4   Earthwork'!$B116=\"A\",'4   Earthwork'!$B116=\"E\",'4   Earthwork'!$B116=\"B\")),\nVLOOKUP(INDEX(Quantities!$A$100:$A$118,MATCH($A116,Quantities!$C$100:$C$118)),Quantities!$A$100:$AJ$118,Quantities!$U$2),\n0))","v":9.6808520216912068},{"$f":"IF(B116=\"P\",0,\nIF(OR(C116=\"b\",C116=\"d\"),\nM116/(1+L116),\nIF(OR(LEFT(D116,2)=\"Rp\",LEFT(D116,2)=\"Mg\"),0,\nVLOOKUP(A116,Quantities[],Quantities!$F$2)+VLOOKUP(A116,Quantities[],Quantities!$AB$2))))","v":8922.9999999999982},{"$f":"IF(B116=\"P\",\"-\",\nIF(C116=\"b\",\nVLOOKUP(INDEX(Quantities!$A$100:$A$118,MATCH(A116,Quantities!$C$100:$C$118)),Quantities[],Quantities!$V$2),\nIF(C116=\"a\",\nVLOOKUP(A116,Quantities[],Quantities!$V$2,0),\n0)))","v":0.08},9636.8399999999983,null,"26"]
[{"$f":"'3   Material'!A117","v":1302},{"$f":"'3   Material'!B117","v":"C"},{"$f":"'3   Material'!C117","v":"f"},{"$f":"'3   Material'!D117","v":"Sh1"},{"$f":"'3   Material'!$E$15:$E$322","v":"1302-C-f-Sh1"},{"$f":"'3   Material'!$F$15:$F$322","v":"Load-Outslopes Pullback-Backfill/Stockpile Material"},{"$f":"'3   Material'!$G$15:$G$322","v":" 3A Leach, 3B Waste"},{"$f":"'3   Material'!$H$15:$H$322","v":"3A Leach, 3B Waste"},{"$f":"IF(B117=\"P\",0,\nIF(AND(LEFT(D117,2)=\"Mg\",B117=\"A\",C117=\"a\"),(1+L117)*VLOOKUP($A117,Quantities[],Quantities!$E$2)/43560,\nVLOOKUP($A117,Quantities[],Quantities!$E$2)/43560))","v":0},{"$f":"IF(B117=\"P\",0,\nIF(AND(OR(C117=\"b\",C117=\"d\"),OR('4   Earthwork'!$B117=\"C\",'4   Earthwork'!$B117=\"D\",'4   Earthwork'!$B117=\"A\",'4   Earthwork'!$B117=\"E\",'4   Earthwork'!$B117=\"B\")),\nVLOOKUP(INDEX(Quantities!$A$100:$A$118,MATCH($A117,Quantities!$C$100:$C$118)),Quantities!$A$100:$AJ$118,Quantities!$U$2),\n0))","v":0},{"$f":"IF(B117=\"P\",0,\nIF(OR(C117=\"b\",C117=\"d\"),\nM117/(1+L117),\nIF(OR(LEFT(D117,2)=\"Rp\",LEFT(D117,2)=\"Mg\"),0,\nVLOOKUP(A117,Quantities[],Quantities!$F$2)+VLOOKUP(A117,Quantities[],Quantities!$AB$2))))","v":17500000},{"$f":"IF(B117=\"P\",\"-\",\nIF(C117=\"b\",\nVLOOKUP(INDEX(Quantities!$A$100:$A$118,MATCH(A117,Quantities!$C$100:$C$118)),Quantities[],Quantities!$V$2),\nIF(C117=\"a\",\nVLOOKUP(A117,Quantities[],Quantities!$V$2,0),\n0)))","v":0},17500000,null,"13"]
[{"$f":"'3   Material'!A118","v":2201},{"$f":"'3   Material'!B118","v":"C"},{"$f":"'3   Material'!C118","v":"f"},{"$f":"'3   Material'!D118","v":"Sh1"},{"$f":"'3   Material'!$E$15:$E$322","v":"2201-C-f-Sh1"},{"$f":"'3   Material'!$F$15:$F$322","v":"Load-Pit Backfill-Backfill/Stockpile Material"},{"$f":"'3   Material'!$G$15:$G$322","v":" Leach Stockpile"},{"$f":"'3   Material'!$H$15:$H$322","v":"San Salvador Pit, San Salvador Waste Backfill"},{"$f":"IF(B118=\"P\",0,\nIF(AND(LEFT(D118,2)=\"Mg\",B118=\"A\",C118=\"a\"),(1+L118)*VLOOKUP($A118,Quantities[],Quantities!$E$2)/43560,\nVLOOKUP($A118,Quantities[],Quantities!$E$2)/43560))","v":0},{"$f":"IF(B118=\"P\",0,\nIF(AND(OR(C118=\"b\",C118=\"d\"),OR('4   Earthwork'!$B118=\"C\",'4   Earthwork'!$B118=\"D\",'4   Earthwork'!$B118=\"A\",'4   Earthwork'!$B118=\"E\",'4   Earthwork'!$B118=\"B\")),\nVLOOKUP(INDEX(Quantities!$A$100:$A$118,MATCH($A118,Quantities!$C$100:$C$118)),Quantities!$A$100:$AJ$118,Quantities!$U$2),\n0))","v":0},{"$f":"IF(B118=\"P\",0,\nIF(OR(C118=\"b\",C118=\"d\"),\nM118/(1+L118),\nIF(OR(LEFT(D118,2)=\"Rp\",LEFT(D118,2)=\"Mg\"),0,\nVLOOKUP(A118,Quantities[],Quantities!$F$2)+VLOOKUP(A118,Quantities[],Quantities!$AB$2))))","v":3500000},{"$f":"IF(B118=\"P\",\"-\",\nIF(C118=\"b\",\nVLOOKUP(INDEX(Quantities!$A$100:$A$118,MATCH(A118,Quantities!$C$100:$C$118)),Quantities[],Quantities!$V$2),\nIF(C118=\"a\",\nVLOOKUP(A118,Quantities[],Quantities!$V$2,0),\n0)))","v":0},3500000,null,"22"]
[{"$f":"'3   Material'!A119","v":2900},{"$f":"'3   Material'!B119","v":"C"},{"$f":"'3   Material'!C119","v":"b"},{"$f":"'3   Material'!D119","v":"Ld2"},{"$f":"'3   Material'!$E$15:$E$322","v":"2900-C-b-Ld2"},{"$f":"'3   Material'!$F$15:$F$322","v":"Load-Cover"},{"$f":"'3   Material'!$G$15:$G$322","v":" Reclaimed Tailing Launder Line"},{"$f":"'3   Material'!$H$15:$H$322","v":"Reclaimed 1 Tailing Impoundment Reclaim Water Pumphouse Station"},{"$f":"IF(B119=\"P\",0,\nIF(AND(LEFT(D119,2)=\"Mg\",B119=\"A\",C119=\"a\"),(1+L119)*VLOOKUP($A119,Quantities[],Quantities!$E$2)/43560,\nVLOOKUP($A119,Quantities[],Quantities!$E$2)/43560))","v":7},{"$f":"IF(B119=\"P\",0,\nIF(AND(OR(C119=\"b\",C119=\"d\"),OR('4   Earthwork'!$B119=\"C\",'4   Earthwork'!$B119=\"D\",'4   Earthwork'!$B119=\"A\",'4   Earthwork'!$B119=\"E\",'4   Earthwork'!$B119=\"B\")),\nVLOOKUP(INDEX(Quantities!$A$100:$A$118,MATCH($A119,Quantities!$C$100:$C$118)),Quantities!$A$100:$AJ$118,Quantities!$U$2),\n0))","v":48.198347107438018},{"$f":"IF(B119=\"P\",0,\nIF(OR(C119=\"b\",C119=\"d\"),\nM119/(1+L119),\nIF(OR(LEFT(D119,2)=\"Rp\",LEFT(D119,2)=\"Mg\"),0,\nVLOOKUP(A119,Quantities[],Quantities!$F$2)+VLOOKUP(A119,Quantities[],Quantities!$AB$2))))","v":42000.000000000007},{"$f":"IF(B119=\"P\",\"-\",\nIF(C119=\"b\",\nVLOOKUP(INDEX(Quantities!$A$100:$A$118,MATCH(A119,Quantities!$C$100:$C$118)),Quantities[],Quantities!$V$2),\nIF(C119=\"a\",\nVLOOKUP(A119,Quantities[],Quantities!$V$2,0),\n0)))","v":0.08},45360.000000000007,null,"29"]
[{"$f":"'3   Material'!A120","v":1302},{"$f":"'3   Material'!B120","v":"D"},{"$f":"'3   Material'!C120","v":"f"},{"$f":"'3   Material'!D120","v":"Tk4"},{"$f":"'3   Material'!$E$15:$E$322","v":"1302-D-f-Tk4"},{"$f":"'3   Material'!$F$15:$F$322","v":"Haul-Outslopes Pullback-Backfill/Stockpile Material"},{"$f":"'3   Material'!$G$15:$G$322","v":" 3A Leach, 3B Waste"},{"$f":"'3   Material'!$H$15:$H$322","v":"3A Leach, 3B Waste"},{"$f":"IF(B120=\"P\",0,\nIF(AND(LEFT(D120,2)=\"Mg\",B120=\"A\",C120=\"a\"),(1+L120)*VLOOKUP($A120,Quantities[],Quantities!$E$2)/43560,\nVLOOKUP($A120,Quantities[],Quantities!$E$2)/43560))","v":0},{"$f":"IF(B120=\"P\",0,\nIF(AND(OR(C120=\"b\",C120=\"d\"),OR('4   Earthwork'!$B120=\"C\",'4   Earthwork'!$B120=\"D\",'4   Earthwork'!$B120=\"A\",'4   Earthwork'!$B120=\"E\",'4   Earthwork'!$B120=\"B\")),\nVLOOKUP(INDEX(Quantities!$A$100:$A$118,MATCH($A120,Quantities!$C$100:$C$118)),Quantities!$A$100:$AJ$118,Quantities!$U$2),\n0))","v":0},{"$f":"IF(B120=\"P\",0,\nIF(OR(C120=\"b\",C120=\"d\"),\nM120/(1+L120),\nIF(OR(LEFT(D120,2)=\"Rp\",LEFT(D120,2)=\"Mg\"),0,\nVLOOKUP(A120,Quantities[],Quantities!$F$2)+VLOOKUP(A120,Quantities[],Quantities!$AB$2))))","v":17500000},{"$f":"IF(B120=\"P\",\"-\",\nIF(C120=\"b\",\nVLOOKUP(INDEX(Quantities!$A$100:$A$118,MATCH(A120,Quantities!$C$100:$C$118)),Quantities[],Quantities!$V$2),\nIF(C120=\"a\",\nVLOOKUP(A120,Quantities[],Quantities!$V$2,0),\n0)))","v":0},17500000,null,"13"]
[{"$f":"'3   Material'!A121","v":2201},{"$f":"'3   Material'!B121","v":"D"},{"$f":"'3   Material'!C121","v":"f"},{"$f":"'3   Material'!D121","v":"Tk4"},{"$f":"'3   Material'!$E$15:$E$322","v":"2201-D-f-Tk4"},{"$f":"'3   Material'!$F$15:$F$322","v":"Haul-Pit Backfill-Backfill/Stockpile Material"},{"$f":"'3   Material'!$G$15:$G$322","v":" Leach Stockpile"},{"$f":"'3   Material'!$H$15:$H$322","v":"San Salvador Pit, San Salvador Waste Backfill"},{"$f":"IF(B121=\"P\",0,\nIF(AND(LEFT(D121,2)=\"Mg\",B121=\"A\",C121=\"a\"),(1+L121)*VLOOKUP($A121,Quantities[],Quantities!$E$2)/43560,\nVLOOKUP($A121,Quantities[],Quantities!$E$2)/43560))","v":0},{"$f":"IF(B121=\"P\",0,\nIF(AND(OR(C121=\"b\",C121=\"d\"),OR('4   Earthwork'!$B121=\"C\",'4   Earthwork'!$B121=\"D\",'4   Earthwork'!$B121=\"A\",'4   Earthwork'!$B121=\"E\",'4   Earthwork'!$B121=\"B\")),\nVLOOKUP(INDEX(Quantities!$A$100:$A$118,MATCH($A121,Quantities!$C$100:$C$118)),Quantities!$A$100:$AJ$118,Quantities!$U$2),\n0))","v":0},{"$f":"IF(B121=\"P\",0,\nIF(OR(C121=\"b\",C121=\"d\"),\nM121/(1+L121),\nIF(OR(LEFT(D121,2)=\"Rp\",LEFT(D121,2)=\"Mg\"),0,\nVLOOKUP(A121,Quantities[],Quantities!$F$2)+VLOOKUP(A121,Quantities[],Quantities!$AB$2))))","v":3500000},{"$f":"IF(B121=\"P\",\"-\",\nIF(C121=\"b\",\nVLOOKUP(INDEX(Quantities!$A$100:$A$118,MATCH(A121,Quantities!$C$100:$C$118)),Quantities[],Quantities!$V$2),\nIF(C121=\"a\",\nVLOOKUP(A121,Quantities[],Quantities!$V$2,0),\n0)))","v":0},3500000,null,"22"]
[{"$f":"'3   Material'!A122","v":1000},{"$f":"'3   Material'!B122","v":"D"},{"$f":"'3   Material'!C122","v":"b"},{"$f":"'3   Material'!D122","v":"Tk4"},{"$f":"'3   Material'!$E$15:$E$322","v":"1000-D-b-Tk4"},{"$f":"'3   Material'!$F$15:$F$322","v":"Haul-Cover"},{"$f":"'3   Material'!$G$15:$G$322","v":" Gila Borrow Area"},{"$f":"'3   Material'!$H$15:$H$322","v":"1A Leach, 1B Leach "},{"$f":"IF(B122=\"P\",0,\nIF(AND(LEFT(D122,2)=\"Mg\",B122=\"A\",C122=\"a\"),(1+L122)*VLOOKUP($A122,Quantities[],Quantities!$E$2)/43560,\nVLOOKUP($A122,Quantities[],Quantities!$E$2)/43560))","v":273},{"$f":"IF(B122=\"P\",0,\nIF(AND(OR(C122=\"b\",C122=\"d\"),OR('4   Earthwork'!$B122=\"C\",'4   Earthwork'!$B122=\"D\",'4   Earthwork'!$B122=\"A\",'4   Earthwork'!$B122=\"E\",'4   Earthwork'!$B122=\"B\")),\nVLOOKUP(INDEX(Quantities!$A$100:$A$118,MATCH($A122,Quantities!$C$100:$C$118)),Quantities!$A$100:$AJ$118,Quantities!$U$2),\n0))","v":36},{"$f":"IF(B122=\"P\",0,\nIF(OR(C122=\"b\",C122=\"d\"),\nM122/(1+L122),\nIF(OR(LEFT(D122,2)=\"Rp\",LEFT(D122,2)=\"Mg\"),0,\nVLOOKUP(A122,Quantities[],Quantities!$F$2)+VLOOKUP(A122,Quantities[],Quantities!$AB$2))))","v":1223444.4444444443},{"$f":"IF(B122=\"P\",\"-\",\nIF(C122=\"b\",\nVLOOKUP(INDEX(Quantities!$A$100:$A$118,MATCH(A122,Quantities!$C$100:$C$118)),Quantities[],Quantities!$V$2),\nIF(C122=\"a\",\nVLOOKUP(A122,Quantities[],Quantities!$V$2,0),\n0)))","v":0.08},1321320,null,"10"]
[{"$f":"'3   Material'!A123","v":1100},{"$f":"'3   Material'!B123","v":"D"},{"$f":"'3   Material'!C123","v":"b"},{"$f":"'3   Material'!D123","v":"Tk4"},{"$f":"'3   Material'!$E$15:$E$322","v":"1100-D-b-Tk4"},{"$f":"'3   Material'!$F$15:$F$322","v":"Haul-Cover"},{"$f":"'3   Material'!$G$15:$G$322","v":" Gila Borrow Area"},{"$f":"'3   Material'!$H$15:$H$322","v":"Reclaimed 1C Waste"},{"$f":"IF(B123=\"P\",0,\nIF(AND(LEFT(D123,2)=\"Mg\",B123=\"A\",C123=\"a\"),(1+L123)*VLOOKUP($A123,Quantities[],Quantities!$E$2)/43560,\nVLOOKUP($A123,Quantities[],Quantities!$E$2)/43560))","v":17.00413},{"$f":"IF(B123=\"P\",0,\nIF(AND(OR(C123=\"b\",C123=\"d\"),OR('4   Earthwork'!$B123=\"C\",'4   Earthwork'!$B123=\"D\",'4   Earthwork'!$B123=\"A\",'4   Earthwork'!$B123=\"E\",'4   Earthwork'!$B123=\"B\")),\nVLOOKUP(INDEX(Quantities!$A$100:$A$118,MATCH($A123,Quantities!$C$100:$C$118)),Quantities!$A$100:$AJ$118,Quantities!$U$2),\n0))","v":36},{"$f":"IF(B123=\"P\",0,\nIF(OR(C123=\"b\",C123=\"d\"),\nM123/(1+L123),\nIF(OR(LEFT(D123,2)=\"Rp\",LEFT(D123,2)=\"Mg\"),0,\nVLOOKUP(A123,Quantities[],Quantities!$F$2)+VLOOKUP(A123,Quantities[],Quantities!$AB$2))))","v":76203.693703703713},{"$f":"IF(B123=\"P\",\"-\",\nIF(C123=\"b\",\nVLOOKUP(INDEX(Quantities!$A$100:$A$118,MATCH(A123,Quantities!$C$100:$C$118)),Quantities[],Quantities!$V$2),\nIF(C123=\"a\",\nVLOOKUP(A123,Quantities[],Quantities!$V$2,0),\n0)))","v":0.08},82299.989200000011,null,"11"]
[{"$f":"'3   Material'!A124","v":1200},{"$f":"'3   Material'!B124","v":"D"},{"$f":"'3   Material'!C124","v":"b"},{"$f":"'3   Material'!D124","v":"Tk4"},{"$f":"'3   Material'!$E$15:$E$322","v":"1200-D-b-Tk4"},{"$f":"'3   Material'!$F$15:$F$322","v":"Haul-Cover"},{"$f":"'3   Material'!$G$15:$G$322","v":" Gila Borrow Area"},{"$f":"'3   Material'!$H$15:$H$322","v":"2B Waste, 2A Leach, 2B Leach"},{"$f":"IF(B124=\"P\",0,\nIF(AND(LEFT(D124,2)=\"Mg\",B124=\"A\",C124=\"a\"),(1+L124)*VLOOKUP($A124,Quantities[],Quantities!$E$2)/43560,\nVLOOKUP($A124,Quantities[],Quantities!$E$2)/43560))","v":486.99169999999998},{"$f":"IF(B124=\"P\",0,\nIF(AND(OR(C124=\"b\",C124=\"d\"),OR('4   Earthwork'!$B124=\"C\",'4   Earthwork'!$B124=\"D\",'4   Earthwork'!$B124=\"A\",'4   Earthwork'!$B124=\"E\",'4   Earthwork'!$B124=\"B\")),\nVLOOKUP(INDEX(Quantities!$A$100:$A$118,MATCH($A124,Quantities!$C$100:$C$118)),Quantities!$A$100:$AJ$118,Quantities!$U$2),\n0))","v":36},{"$f":"IF(B124=\"P\",0,\nIF(OR(C124=\"b\",C124=\"d\"),\nM124/(1+L124),\nIF(OR(LEFT(D124,2)=\"Rp\",LEFT(D124,2)=\"Mg\"),0,\nVLOOKUP(A124,Quantities[],Quantities!$F$2)+VLOOKUP(A124,Quantities[],Quantities!$AB$2))))","v":2182444.2851851848},{"$f":"IF(B124=\"P\",\"-\",\nIF(C124=\"b\",\nVLOOKUP(INDEX(Quantities!$A$100:$A$118,MATCH(A124,Quantities!$C$100:$C$118)),Quantities[],Quantities!$V$2),\nIF(C124=\"a\",\nVLOOKUP(A124,Quantities[],Quantities!$V$2,0),\n0)))","v":0.08},2357039.8279999997,null,"12"]
[{"$f":"'3   Material'!A125","v":1300},{"$f":"'3   Material'!B125","v":"D"},{"$f":"'3   Material'!C125","v":"b"},{"$f":"'3   Material'!D125","v":"Tk4"},{"$f":"'3   Material'!$E$15:$E$322","v":"1300-D-b-Tk4"},{"$f":"'3   Material'!$F$15:$F$322","v":"Haul-Cover"},{"$f":"'3   Material'!$G$15:$G$322","v":" Gila Borrow Area"},{"$f":"'3   Material'!$H$15:$H$322","v":"3A Leach, 3B Waste"},{"$f":"IF(B125=\"P\",0,\nIF(AND(LEFT(D125,2)=\"Mg\",B125=\"A\",C125=\"a\"),(1+L125)*VLOOKUP($A125,Quantities[],Quantities!$E$2)/43560,\nVLOOKUP($A125,Quantities[],Quantities!$E$2)/43560))","v":455},{"$f":"IF(B125=\"P\",0,\nIF(AND(OR(C125=\"b\",C125=\"d\"),OR('4   Earthwork'!$B125=\"C\",'4   Earthwork'!$B125=\"D\",'4   Earthwork'!$B125=\"A\",'4   Earthwork'!$B125=\"E\",'4   Earthwork'!$B125=\"B\")),\nVLOOKUP(INDEX(Quantities!$A$100:$A$118,MATCH($A125,Quantities!$C$100:$C$118)),Quantities!$A$100:$AJ$118,Quantities!$U$2),\n0))","v":36},{"$f":"IF(B125=\"P\",0,\nIF(OR(C125=\"b\",C125=\"d\"),\nM125/(1+L125),\nIF(OR(LEFT(D125,2)=\"Rp\",LEFT(D125,2)=\"Mg\"),0,\nVLOOKUP(A125,Quantities[],Quantities!$F$2)+VLOOKUP(A125,Quantities[],Quantities!$AB$2))))","v":2039074.0740740739},{"$f":"IF(B125=\"P\",\"-\",\nIF(C125=\"b\",\nVLOOKUP(INDEX(Quantities!$A$100:$A$118,MATCH(A125,Quantities!$C$100:$C$118)),Quantities[],Quantities!$V$2),\nIF(C125=\"a\",\nVLOOKUP(A125,Quantities[],Quantities!$V$2,0),\n0)))","v":0.08},2202200,null,"13"]
[{"$f":"'3   Material'!A126","v":1500},{"$f":"'3   Material'!B126","v":"D"},{"$f":"'3   Material'!C126","v":"b"},{"$f":"'3   Material'!D126","v":"Tk4"},{"$f":"'3   Material'!$E$15:$E$322","v":"1500-D-b-Tk4"},{"$f":"'3   Material'!$F$15:$F$322","v":"Haul-Cover"},{"$f":"'3   Material'!$G$15:$G$322","v":" Gila Borrow Area"},{"$f":"'3   Material'!$H$15:$H$322","v":"5A Waste"},{"$f":"IF(B126=\"P\",0,\nIF(AND(LEFT(D126,2)=\"Mg\",B126=\"A\",C126=\"a\"),(1+L126)*VLOOKUP($A126,Quantities[],Quantities!$E$2)/43560,\nVLOOKUP($A126,Quantities[],Quantities!$E$2)/43560))","v":371},{"$f":"IF(B126=\"P\",0,\nIF(AND(OR(C126=\"b\",C126=\"d\"),OR('4   Earthwork'!$B126=\"C\",'4   Earthwork'!$B126=\"D\",'4   Earthwork'!$B126=\"A\",'4   Earthwork'!$B126=\"E\",'4   Earthwork'!$B126=\"B\")),\nVLOOKUP(INDEX(Quantities!$A$100:$A$118,MATCH($A126,Quantities!$C$100:$C$118)),Quantities!$A$100:$AJ$118,Quantities!$U$2),\n0))","v":36},{"$f":"IF(B126=\"P\",0,\nIF(OR(C126=\"b\",C126=\"d\"),\nM126/(1+L126),\nIF(OR(LEFT(D126,2)=\"Rp\",LEFT(D126,2)=\"Mg\"),0,\nVLOOKUP(A126,Quantities[],Quantities!$F$2)+VLOOKUP(A126,Quantities[],Quantities!$AB$2))))","v":1662629.6296296294},{"$f":"IF(B126=\"P\",\"-\",\nIF(C126=\"b\",\nVLOOKUP(INDEX(Quantities!$A$100:$A$118,MATCH(A126,Quantities!$C$100:$C$118)),Quantities[],Quantities!$V$2),\nIF(C126=\"a\",\nVLOOKUP(A126,Quantities[],Quantities!$V$2,0),\n0)))","v":0.08},1795640,null,"15"]
[{"$f":"'3   Material'!A127","v":2200},{"$f":"'3   Material'!B127","v":"D"},{"$f":"'3   Material'!C127","v":"b"},{"$f":"'3   Material'!D127","v":"Tk4"},{"$f":"'3   Material'!$E$15:$E$322","v":"2200-D-b-Tk4"},{"$f":"'3   Material'!$F$15:$F$322","v":"Haul-Cover"},{"$f":"'3   Material'!$G$15:$G$322","v":" Leach Stockpile"},{"$f":"'3   Material'!$H$15:$H$322","v":"San Salvador Pit, San Salvador Waste Backfill"},{"$f":"IF(B127=\"P\",0,\nIF(AND(LEFT(D127,2)=\"Mg\",B127=\"A\",C127=\"a\"),(1+L127)*VLOOKUP($A127,Quantities[],Quantities!$E$2)/43560,\nVLOOKUP($A127,Quantities[],Quantities!$E$2)/43560))","v":115},{"$f":"IF(B127=\"P\",0,\nIF(AND(OR(C127=\"b\",C127=\"d\"),OR('4   Earthwork'!$B127=\"C\",'4   Earthwork'!$B127=\"D\",'4   Earthwork'!$B127=\"A\",'4   Earthwork'!$B127=\"E\",'4   Earthwork'!$B127=\"B\")),\nVLOOKUP(INDEX(Quantities!$A$100:$A$118,MATCH($A127,Quantities!$C$100:$C$118)),Quantities!$A$100:$AJ$118,Quantities!$U$2),\n0))","v":36},{"$f":"IF(B127=\"P\",0,\nIF(OR(C127=\"b\",C127=\"d\"),\nM127/(1+L127),\nIF(OR(LEFT(D127,2)=\"Rp\",LEFT(D127,2)=\"Mg\"),0,\nVLOOKUP(A127,Quantities[],Quantities!$F$2)+VLOOKUP(A127,Quantities[],Quantities!$AB$2))))","v":515370.37037037034},{"$f":"IF(B127=\"P\",\"-\",\nIF(C127=\"b\",\nVLOOKUP(INDEX(Quantities!$A$100:$A$118,MATCH(A127,Quantities!$C$100:$C$118)),Quantities[],Quantities!$V$2),\nIF(C127=\"a\",\nVLOOKUP(A127,Quantities[],Quantities!$V$2,0),\n0)))","v":0.08},556600,null,"22"]
[{"$f":"'3   Material'!A128","v":2300},{"$f":"'3   Material'!B128","v":"D"},{"$f":"'3   Material'!C128","v":"b"},{"$f":"'3   Material'!D128","v":"Tk4"},{"$f":"'3   Material'!$E$15:$E$322","v":"2300-D-b-Tk4"},{"$f":"'3   Material'!$F$15:$F$322","v":"Haul-Cover"},{"$f":"'3   Material'!$G$15:$G$322","v":" Gila Borrow Area"},{"$f":"'3   Material'!$H$15:$H$322","v":"6A Leach"},{"$f":"IF(B128=\"P\",0,\nIF(AND(LEFT(D128,2)=\"Mg\",B128=\"A\",C128=\"a\"),(1+L128)*VLOOKUP($A128,Quantities[],Quantities!$E$2)/43560,\nVLOOKUP($A128,Quantities[],Quantities!$E$2)/43560))","v":65},{"$f":"IF(B128=\"P\",0,\nIF(AND(OR(C128=\"b\",C128=\"d\"),OR('4   Earthwork'!$B128=\"C\",'4   Earthwork'!$B128=\"D\",'4   Earthwork'!$B128=\"A\",'4   Earthwork'!$B128=\"E\",'4   Earthwork'!$B128=\"B\")),\nVLOOKUP(INDEX(Quantities!$A$100:$A$118,MATCH($A128,Quantities!$C$100:$C$118)),Quantities!$A$100:$AJ$118,Quantities!$U$2),\n0))","v":36},{"$f":"IF(B128=\"P\",0,\nIF(OR(C128=\"b\",C128=\"d\"),\nM128/(1+L128),\nIF(OR(LEFT(D128,2)=\"Rp\",LEFT(D128,2)=\"Mg\"),0,\nVLOOKUP(A128,Quantities[],Quantities!$F$2)+VLOOKUP(A128,Quantities[],Quantities!$AB$2))))","v":291296.29629629629},{"$f":"IF(B128=\"P\",\"-\",\nIF(C128=\"b\",\nVLOOKUP(INDEX(Quantities!$A$100:$A$118,MATCH(A128,Quantities!$C$100:$C$118)),Quantities[],Quantities!$V$2),\nIF(C128=\"a\",\nVLOOKUP(A128,Quantities[],Quantities!$V$2,0),\n0)))","v":0.08},314600,null,"23"]
[{"$f":"'3   Material'!A129","v":1400},{"$f":"'3   Material'!B129","v":"D"},{"$f":"'3   Material'!C129","v":"b"},{"$f":"'3   Material'!D129","v":"Tk4"},{"$f":"'3   Material'!$E$15:$E$322","v":"1400-D-b-Tk4"},{"$f":"'3   Material'!$F$15:$F$322","v":"Haul-Cover"},{"$f":"'3   Material'!$G$15:$G$322","v":" Gila Borrow Area"},{"$f":"'3   Material'!$H$15:$H$322","v":"2 Leach (Area 1)"},{"$f":"IF(B129=\"P\",0,\nIF(AND(LEFT(D129,2)=\"Mg\",B129=\"A\",C129=\"a\"),(1+L129)*VLOOKUP($A129,Quantities[],Quantities!$E$2)/43560,\nVLOOKUP($A129,Quantities[],Quantities!$E$2)/43560))","v":183},{"$f":"IF(B129=\"P\",0,\nIF(AND(OR(C129=\"b\",C129=\"d\"),OR('4   Earthwork'!$B129=\"C\",'4   Earthwork'!$B129=\"D\",'4   Earthwork'!$B129=\"A\",'4   Earthwork'!$B129=\"E\",'4   Earthwork'!$B129=\"B\")),\nVLOOKUP(INDEX(Quantities!$A$100:$A$118,MATCH($A129,Quantities!$C$100:$C$118)),Quantities!$A$100:$AJ$118,Quantities!$U$2),\n0))","v":36},{"$f":"IF(B129=\"P\",0,\nIF(OR(C129=\"b\",C129=\"d\"),\nM129/(1+L129),\nIF(OR(LEFT(D129,2)=\"Rp\",LEFT(D129,2)=\"Mg\"),0,\nVLOOKUP(A129,Quantities[],Quantities!$F$2)+VLOOKUP(A129,Quantities[],Quantities!$AB$2))))","v":820111.11111111101},{"$f":"IF(B129=\"P\",\"-\",\nIF(C129=\"b\",\nVLOOKUP(INDEX(Quantities!$A$100:$A$118,MATCH(A129,Quantities!$C$100:$C$118)),Quantities[],Quantities!$V$2),\nIF(C129=\"a\",\nVLOOKUP(A129,Quantities[],Quantities!$V$2,0),\n0)))","v":0.08},885720,null,"14"]
[{"$f":"'3   Material'!A130","v":1800},{"$f":"'3   Material'!B130","v":"D"},{"$f":"'3   Material'!C130","v":"b"},{"$f":"'3   Material'!D130","v":"Tk4"},{"$f":"'3   Material'!$E$15:$E$322","v":"1800-D-b-Tk4"},{"$f":"'3   Material'!$F$15:$F$322","v":"Haul-Cover"},{"$f":"'3   Material'!$G$15:$G$322","v":" Gila Borrow Area"},{"$f":"'3   Material'!$H$15:$H$322","v":"2 Leach (Area 2), 7B Leach, 7B Waste, 7C Waste, South Rim Pit"},{"$f":"IF(B130=\"P\",0,\nIF(AND(LEFT(D130,2)=\"Mg\",B130=\"A\",C130=\"a\"),(1+L130)*VLOOKUP($A130,Quantities[],Quantities!$E$2)/43560,\nVLOOKUP($A130,Quantities[],Quantities!$E$2)/43560))","v":375},{"$f":"IF(B130=\"P\",0,\nIF(AND(OR(C130=\"b\",C130=\"d\"),OR('4   Earthwork'!$B130=\"C\",'4   Earthwork'!$B130=\"D\",'4   Earthwork'!$B130=\"A\",'4   Earthwork'!$B130=\"E\",'4   Earthwork'!$B130=\"B\")),\nVLOOKUP(INDEX(Quantities!$A$100:$A$118,MATCH($A130,Quantities!$C$100:$C$118)),Quantities!$A$100:$AJ$118,Quantities!$U$2),\n0))","v":36},{"$f":"IF(B130=\"P\",0,\nIF(OR(C130=\"b\",C130=\"d\"),\nM130/(1+L130),\nIF(OR(LEFT(D130,2)=\"Rp\",LEFT(D130,2)=\"Mg\"),0,\nVLOOKUP(A130,Quantities[],Quantities!$F$2)+VLOOKUP(A130,Quantities[],Quantities!$AB$2))))","v":1680555.5555555555},{"$f":"IF(B130=\"P\",\"-\",\nIF(C130=\"b\",\nVLOOKUP(INDEX(Quantities!$A$100:$A$118,MATCH(A130,Quantities!$C$100:$C$118)),Quantities[],Quantities!$V$2),\nIF(C130=\"a\",\nVLOOKUP(A130,Quantities[],Quantities!$V$2,0),\n0)))","v":0.08},1815000,null,"18"]
[{"$f":"'3   Material'!A131","v":1900},{"$f":"'3   Material'!B131","v":"D"},{"$f":"'3   Material'!C131","v":"b"},{"$f":"'3   Material'!D131","v":"Tk4"},{"$f":"'3   Material'!$E$15:$E$322","v":"1900-D-b-Tk4"},{"$f":"'3   Material'!$F$15:$F$322","v":"Haul-Cover"},{"$f":"'3   Material'!$G$15:$G$322","v":" Gila Borrow Area"},{"$f":"'3   Material'!$H$15:$H$322","v":"8A Waste, 8C Waste"},{"$f":"IF(B131=\"P\",0,\nIF(AND(LEFT(D131,2)=\"Mg\",B131=\"A\",C131=\"a\"),(1+L131)*VLOOKUP($A131,Quantities[],Quantities!$E$2)/43560,\nVLOOKUP($A131,Quantities[],Quantities!$E$2)/43560))","v":47.36},{"$f":"IF(B131=\"P\",0,\nIF(AND(OR(C131=\"b\",C131=\"d\"),OR('4   Earthwork'!$B131=\"C\",'4   Earthwork'!$B131=\"D\",'4   Earthwork'!$B131=\"A\",'4   Earthwork'!$B131=\"E\",'4   Earthwork'!$B131=\"B\")),\nVLOOKUP(INDEX(Quantities!$A$100:$A$118,MATCH($A131,Quantities!$C$100:$C$118)),Quantities!$A$100:$AJ$118,Quantities!$U$2),\n0))","v":36},{"$f":"IF(B131=\"P\",0,\nIF(OR(C131=\"b\",C131=\"d\"),\nM131/(1+L131),\nIF(OR(LEFT(D131,2)=\"Rp\",LEFT(D131,2)=\"Mg\"),0,\nVLOOKUP(A131,Quantities[],Quantities!$F$2)+VLOOKUP(A131,Quantities[],Quantities!$AB$2))))","v":212242.96296296298},{"$f":"IF(B131=\"P\",\"-\",\nIF(C131=\"b\",\nVLOOKUP(INDEX(Quantities!$A$100:$A$118,MATCH(A131,Quantities!$C$100:$C$118)),Quantities[],Quantities!$V$2),\nIF(C131=\"a\",\nVLOOKUP(A131,Quantities[],Quantities!$V$2,0),\n0)))","v":0.08},229222.40000000002,null,"19"]
[{"$f":"'3   Material'!A132","v":1600},{"$f":"'3   Material'!B132","v":"D"},{"$f":"'3   Material'!C132","v":"b"},{"$f":"'3   Material'!D132","v":"Tk4"},{"$f":"'3   Material'!$E$15:$E$322","v":"1600-D-b-Tk4"},{"$f":"'3   Material'!$F$15:$F$322","v":"Haul-Cover"},{"$f":"'3   Material'!$G$15:$G$322","v":" Gila Borrow Area"},{"$f":"'3   Material'!$H$15:$H$322","v":"6B Leach, 6D Leach"},{"$f":"IF(B132=\"P\",0,\nIF(AND(LEFT(D132,2)=\"Mg\",B132=\"A\",C132=\"a\"),(1+L132)*VLOOKUP($A132,Quantities[],Quantities!$E$2)/43560,\nVLOOKUP($A132,Quantities[],Quantities!$E$2)/43560))","v":54},{"$f":"IF(B132=\"P\",0,\nIF(AND(OR(C132=\"b\",C132=\"d\"),OR('4   Earthwork'!$B132=\"C\",'4   Earthwork'!$B132=\"D\",'4   Earthwork'!$B132=\"A\",'4   Earthwork'!$B132=\"E\",'4   Earthwork'!$B132=\"B\")),\nVLOOKUP(INDEX(Quantities!$A$100:$A$118,MATCH($A132,Quantities!$C$100:$C$118)),Quantities!$A$100:$AJ$118,Quantities!$U$2),\n0))","v":36},{"$f":"IF(B132=\"P\",0,\nIF(OR(C132=\"b\",C132=\"d\"),\nM132/(1+L132),\nIF(OR(LEFT(D132,2)=\"Rp\",LEFT(D132,2)=\"Mg\"),0,\nVLOOKUP(A132,Quantities[],Quantities!$F$2)+VLOOKUP(A132,Quantities[],Quantities!$AB$2))))","v":241999.99999999997},{"$f":"IF(B132=\"P\",\"-\",\nIF(C132=\"b\",\nVLOOKUP(INDEX(Quantities!$A$100:$A$118,MATCH(A132,Quantities!$C$100:$C$118)),Quantities[],Quantities!$V$2),\nIF(C132=\"a\",\nVLOOKUP(A132,Quantities[],Quantities!$V$2,0),\n0)))","v":0.08},261360,null,"16"]
[{"$f":"'3   Material'!A133","v":1700},{"$f":"'3   Material'!B133","v":"D"},{"$f":"'3   Material'!C133","v":"b"},{"$f":"'3   Material'!D133","v":"Tk4"},{"$f":"'3   Material'!$E$15:$E$322","v":"1700-D-b-Tk4"},{"$f":"'3   Material'!$F$15:$F$322","v":"Haul-Cover"},{"$f":"'3   Material'!$G$15:$G$322","v":" Gila Borrow Area"},{"$f":"'3   Material'!$H$15:$H$322","v":"6C Leach"},{"$f":"IF(B133=\"P\",0,\nIF(AND(LEFT(D133,2)=\"Mg\",B133=\"A\",C133=\"a\"),(1+L133)*VLOOKUP($A133,Quantities[],Quantities!$E$2)/43560,\nVLOOKUP($A133,Quantities[],Quantities!$E$2)/43560))","v":66},{"$f":"IF(B133=\"P\",0,\nIF(AND(OR(C133=\"b\",C133=\"d\"),OR('4   Earthwork'!$B133=\"C\",'4   Earthwork'!$B133=\"D\",'4   Earthwork'!$B133=\"A\",'4   Earthwork'!$B133=\"E\",'4   Earthwork'!$B133=\"B\")),\nVLOOKUP(INDEX(Quantities!$A$100:$A$118,MATCH($A133,Quantities!$C$100:$C$118)),Quantities!$A$100:$AJ$118,Quantities!$U$2),\n0))","v":36},{"$f":"IF(B133=\"P\",0,\nIF(OR(C133=\"b\",C133=\"d\"),\nM133/(1+L133),\nIF(OR(LEFT(D133,2)=\"Rp\",LEFT(D133,2)=\"Mg\"),0,\nVLOOKUP(A133,Quantities[],Quantities!$F$2)+VLOOKUP(A133,Quantities[],Quantities!$AB$2))))","v":295777.77777777775},{"$f":"IF(B133=\"P\",\"-\",\nIF(C133=\"b\",\nVLOOKUP(INDEX(Quantities!$A$100:$A$118,MATCH(A133,Quantities!$C$100:$C$118)),Quantities[],Quantities!$V$2),\nIF(C133=\"a\",\nVLOOKUP(A133,Quantities[],Quantities!$V$2,0),\n0)))","v":0.08},319440,null,"17"]
[{"$f":"'3   Material'!A134","v":2701},{"$f":"'3   Material'!B134","v":"D"},{"$f":"'3   Material'!C134","v":"b"},{"$f":"'3   Material'!D134","v":"Tk4"},{"$f":"'3   Material'!$E$15:$E$322","v":"2701-D-b-Tk4"},{"$f":"'3   Material'!$F$15:$F$322","v":"Haul-Cover"},{"$f":"'3   Material'!$G$15:$G$322","v":" Gila Borrow Area"},{"$f":"'3   Material'!$H$15:$H$322","v":"Cntmnt-1"},{"$f":"IF(B134=\"P\",0,\nIF(AND(LEFT(D134,2)=\"Mg\",B134=\"A\",C134=\"a\"),(1+L134)*VLOOKUP($A134,Quantities[],Quantities!$E$2)/43560,\nVLOOKUP($A134,Quantities[],Quantities!$E$2)/43560))","v":21.23},{"$f":"IF(B134=\"P\",0,\nIF(AND(OR(C134=\"b\",C134=\"d\"),OR('4   Earthwork'!$B134=\"C\",'4   Earthwork'!$B134=\"D\",'4   Earthwork'!$B134=\"A\",'4   Earthwork'!$B134=\"E\",'4   Earthwork'!$B134=\"B\")),\nVLOOKUP(INDEX(Quantities!$A$100:$A$118,MATCH($A134,Quantities!$C$100:$C$118)),Quantities!$A$100:$AJ$118,Quantities!$U$2),\n0))","v":36},{"$f":"IF(B134=\"P\",0,\nIF(OR(C134=\"b\",C134=\"d\"),\nM134/(1+L134),\nIF(OR(LEFT(D134,2)=\"Rp\",LEFT(D134,2)=\"Mg\"),0,\nVLOOKUP(A134,Quantities[],Quantities!$F$2)+VLOOKUP(A134,Quantities[],Quantities!$AB$2))))","v":95141.851851851839},{"$f":"IF(B134=\"P\",\"-\",\nIF(C134=\"b\",\nVLOOKUP(INDEX(Quantities!$A$100:$A$118,MATCH(A134,Quantities!$C$100:$C$118)),Quantities[],Quantities!$V$2),\nIF(C134=\"a\",\nVLOOKUP(A134,Quantities[],Quantities!$V$2,0),\n0)))","v":0.08},102753.2,null,"27"]
[{"$f":"'3   Material'!A135","v":3300},{"$f":"'3   Material'!B135","v":"D"},{"$f":"'3   Material'!C135","v":"b"},{"$f":"'3   Material'!D135","v":"Tk4"},{"$f":"'3   Material'!$E$15:$E$322","v":"3300-D-b-Tk4"},{"$f":"'3   Material'!$F$15:$F$322","v":"Haul-Cover"},{"$f":"'3   Material'!$G$15:$G$322","v":" Gila Borrow Area"},{"$f":"'3   Material'!$H$15:$H$322","v":"Unplanned Disturbance Area"},{"$f":"IF(B135=\"P\",0,\nIF(AND(LEFT(D135,2)=\"Mg\",B135=\"A\",C135=\"a\"),(1+L135)*VLOOKUP($A135,Quantities[],Quantities!$E$2)/43560,\nVLOOKUP($A135,Quantities[],Quantities!$E$2)/43560))","v":200},{"$f":"IF(B135=\"P\",0,\nIF(AND(OR(C135=\"b\",C135=\"d\"),OR('4   Earthwork'!$B135=\"C\",'4   Earthwork'!$B135=\"D\",'4   Earthwork'!$B135=\"A\",'4   Earthwork'!$B135=\"E\",'4   Earthwork'!$B135=\"B\")),\nVLOOKUP(INDEX(Quantities!$A$100:$A$118,MATCH($A135,Quantities!$C$100:$C$118)),Quantities!$A$100:$AJ$118,Quantities!$U$2),\n0))","v":36},{"$f":"IF(B135=\"P\",0,\nIF(OR(C135=\"b\",C135=\"d\"),\nM135/(1+L135),\nIF(OR(LEFT(D135,2)=\"Rp\",LEFT(D135,2)=\"Mg\"),0,\nVLOOKUP(A135,Quantities[],Quantities!$F$2)+VLOOKUP(A135,Quantities[],Quantities!$AB$2))))","v":896296.29629629629},{"$f":"IF(B135=\"P\",\"-\",\nIF(C135=\"b\",\nVLOOKUP(INDEX(Quantities!$A$100:$A$118,MATCH(A135,Quantities!$C$100:$C$118)),Quantities[],Quantities!$V$2),\nIF(C135=\"a\",\nVLOOKUP(A135,Quantities[],Quantities!$V$2,0),\n0)))","v":0.08},968000,null,"33"]
[{"$f":"'3   Material'!A136","v":2000},{"$f":"'3   Material'!B136","v":"D"},{"$f":"'3   Material'!C136","v":"b"},{"$f":"'3   Material'!D136","v":"Tk4"},{"$f":"'3   Material'!$E$15:$E$322","v":"2000-D-b-Tk4"},{"$f":"'3   Material'!$F$15:$F$322","v":"Haul-Cover"},{"$f":"'3   Material'!$G$15:$G$322","v":" Borrow Area A"},{"$f":"'3   Material'!$H$15:$H$322","v":"9A Waste "},{"$f":"IF(B136=\"P\",0,\nIF(AND(LEFT(D136,2)=\"Mg\",B136=\"A\",C136=\"a\"),(1+L136)*VLOOKUP($A136,Quantities[],Quantities!$E$2)/43560,\nVLOOKUP($A136,Quantities[],Quantities!$E$2)/43560))","v":129},{"$f":"IF(B136=\"P\",0,\nIF(AND(OR(C136=\"b\",C136=\"d\"),OR('4   Earthwork'!$B136=\"C\",'4   Earthwork'!$B136=\"D\",'4   Earthwork'!$B136=\"A\",'4   Earthwork'!$B136=\"E\",'4   Earthwork'!$B136=\"B\")),\nVLOOKUP(INDEX(Quantities!$A$100:$A$118,MATCH($A136,Quantities!$C$100:$C$118)),Quantities!$A$100:$AJ$118,Quantities!$U$2),\n0))","v":12},{"$f":"IF(B136=\"P\",0,\nIF(OR(C136=\"b\",C136=\"d\"),\nM136/(1+L136),\nIF(OR(LEFT(D136,2)=\"Rp\",LEFT(D136,2)=\"Mg\"),0,\nVLOOKUP(A136,Quantities[],Quantities!$F$2)+VLOOKUP(A136,Quantities[],Quantities!$AB$2))))","v":192703.70370370368},{"$f":"IF(B136=\"P\",\"-\",\nIF(C136=\"b\",\nVLOOKUP(INDEX(Quantities!$A$100:$A$118,MATCH(A136,Quantities!$C$100:$C$118)),Quantities[],Quantities!$V$2),\nIF(C136=\"a\",\nVLOOKUP(A136,Quantities[],Quantities!$V$2,0),\n0)))","v":0.08},208120,null,"20"]
[{"$f":"'3   Material'!A137","v":2100},{"$f":"'3   Material'!B137","v":"D"},{"$f":"'3   Material'!C137","v":"b"},{"$f":"'3   Material'!D137","v":"Tk4"},{"$f":"'3   Material'!$E$15:$E$322","v":"2100-D-b-Tk4"},{"$f":"'3   Material'!$F$15:$F$322","v":"Haul-Cover"},{"$f":"'3   Material'!$G$15:$G$322","v":" Borrow Area A"},{"$f":"'3   Material'!$H$15:$H$322","v":"9AX Waste"},{"$f":"IF(B137=\"P\",0,\nIF(AND(LEFT(D137,2)=\"Mg\",B137=\"A\",C137=\"a\"),(1+L137)*VLOOKUP($A137,Quantities[],Quantities!$E$2)/43560,\nVLOOKUP($A137,Quantities[],Quantities!$E$2)/43560))","v":63.7},{"$f":"IF(B137=\"P\",0,\nIF(AND(OR(C137=\"b\",C137=\"d\"),OR('4   Earthwork'!$B137=\"C\",'4   Earthwork'!$B137=\"D\",'4   Earthwork'!$B137=\"A\",'4   Earthwork'!$B137=\"E\",'4   Earthwork'!$B137=\"B\")),\nVLOOKUP(INDEX(Quantities!$A$100:$A$118,MATCH($A137,Quantities!$C$100:$C$118)),Quantities!$A$100:$AJ$118,Quantities!$U$2),\n0))","v":12},{"$f":"IF(B137=\"P\",0,\nIF(OR(C137=\"b\",C137=\"d\"),\nM137/(1+L137),\nIF(OR(LEFT(D137,2)=\"Rp\",LEFT(D137,2)=\"Mg\"),0,\nVLOOKUP(A137,Quantities[],Quantities!$F$2)+VLOOKUP(A137,Quantities[],Quantities!$AB$2))))","v":95156.790123456798},{"$f":"IF(B137=\"P\",\"-\",\nIF(C137=\"b\",\nVLOOKUP(INDEX(Quantities!$A$100:$A$118,MATCH(A137,Quantities!$C$100:$C$118)),Quantities[],Quantities!$V$2),\nIF(C137=\"a\",\nVLOOKUP(A137,Quantities[],Quantities!$V$2,0),\n0)))","v":0.08},102769.33333333334,null,"21"]
[{"$f":"'3   Material'!A138","v":2600},{"$f":"'3   Material'!B138","v":"D"},{"$f":"'3   Material'!C138","v":"b"},{"$f":"'3   Material'!D138","v":"Tk2"},{"$f":"'3   Material'!$E$15:$E$322","v":"2600-D-b-Tk2"},{"$f":"'3   Material'!$F$15:$F$322","v":"Haul-Cover"},{"$f":"'3   Material'!$G$15:$G$322","v":" 9AX Waste"},{"$f":"'3   Material'!$H$15:$H$322","v":"Reclaimed Tailing Launder Line"},{"$f":"IF(B138=\"P\",0,\nIF(AND(LEFT(D138,2)=\"Mg\",B138=\"A\",C138=\"a\"),(1+L138)*VLOOKUP($A138,Quantities[],Quantities!$E$2)/43560,\nVLOOKUP($A138,Quantities[],Quantities!$E$2)/43560))","v":7.4042011019283747},{"$f":"IF(B138=\"P\",0,\nIF(AND(OR(C138=\"b\",C138=\"d\"),OR('4   Earthwork'!$B138=\"C\",'4   Earthwork'!$B138=\"D\",'4   Earthwork'!$B138=\"A\",'4   Earthwork'!$B138=\"E\",'4   Earthwork'!$B138=\"B\")),\nVLOOKUP(INDEX(Quantities!$A$100:$A$118,MATCH($A138,Quantities!$C$100:$C$118)),Quantities!$A$100:$AJ$118,Quantities!$U$2),\n0))","v":9.6808520216912068},{"$f":"IF(B138=\"P\",0,\nIF(OR(C138=\"b\",C138=\"d\"),\nM138/(1+L138),\nIF(OR(LEFT(D138,2)=\"Rp\",LEFT(D138,2)=\"Mg\"),0,\nVLOOKUP(A138,Quantities[],Quantities!$F$2)+VLOOKUP(A138,Quantities[],Quantities!$AB$2))))","v":8922.9999999999982},{"$f":"IF(B138=\"P\",\"-\",\nIF(C138=\"b\",\nVLOOKUP(INDEX(Quantities!$A$100:$A$118,MATCH(A138,Quantities!$C$100:$C$118)),Quantities[],Quantities!$V$2),\nIF(C138=\"a\",\nVLOOKUP(A138,Quantities[],Quantities!$V$2,0),\n0)))","v":0.08},9636.8399999999983,null,"26"]
[{"$f":"'3   Material'!A139","v":2900},{"$f":"'3   Material'!B139","v":"D"},{"$f":"'3   Material'!C139","v":"b"},{"$f":"'3   Material'!D139","v":"Tk2"},{"$f":"'3   Material'!$E$15:$E$322","v":"2900-D-b-Tk2"},{"$f":"'3   Material'!$F$15:$F$322","v":"Haul-Cover"},{"$f":"'3   Material'!$G$15:$G$322","v":" Reclaimed Tailing Launder Line"},{"$f":"'3   Material'!$H$15:$H$322","v":"Reclaimed 1 Tailing Impoundment Reclaim Water Pumphouse Station"},{"$f":"IF(B139=\"P\",0,\nIF(AND(LEFT(D139,2)=\"Mg\",B139=\"A\",C139=\"a\"),(1+L139)*VLOOKUP($A139,Quantities[],Quantities!$E$2)/43560,\nVLOOKUP($A139,Quantities[],Quantities!$E$2)/43560))","v":7},{"$f":"IF(B139=\"P\",0,\nIF(AND(OR(C139=\"b\",C139=\"d\"),OR('4   Earthwork'!$B139=\"C\",'4   Earthwork'!$B139=\"D\",'4   Earthwork'!$B139=\"A\",'4   Earthwork'!$B139=\"E\",'4   Earthwork'!$B139=\"B\")),\nVLOOKUP(INDEX(Quantities!$A$100:$A$118,MATCH($A139,Quantities!$C$100:$C$118)),Quantities!$A$100:$AJ$118,Quantities!$U$2),\n0))","v":48.198347107438018},{"$f":"IF(B139=\"P\",0,\nIF(OR(C139=\"b\",C139=\"d\"),\nM139/(1+L139),\nIF(OR(LEFT(D139,2)=\"Rp\",LEFT(D139,2)=\"Mg\"),0,\nVLOOKUP(A139,Quantities[],Quantities!$F$2)+VLOOKUP(A139,Quantities[],Quantities!$AB$2))))","v":42000.000000000007},{"$f":"IF(B139=\"P\",\"-\",\nIF(C139=\"b\",\nVLOOKUP(INDEX(Quantities!$A$100:$A$118,MATCH(A139,Quantities!$C$100:$C$118)),Quantities[],Quantities!$V$2),\nIF(C139=\"a\",\nVLOOKUP(A139,Quantities[],Quantities!$V$2,0),\n0)))","v":0.08},45360.000000000007,null,"29"]
[{"$f":"'3   Material'!A140","v":1000},{"$f":"'3   Material'!B140","v":"A"},{"$f":"'3   Material'!C140","v":"d"},{"$f":"'3   Material'!D140","v":"Mg1"},{"$f":"'3   Material'!$E$15:$E$322","v":"1000-A-d-Mg1"},{"$f":"'3   Material'!$F$15:$F$322","v":"Grade-Entire Stockpile-Placed Cover"},{"$f":"'3   Material'!$G$15:$G$322","v":" 1A Leach, 1B Leach "},{"$f":"'3   Material'!$H$15:$H$322","v":"-"},{"$f":"IF(B140=\"P\",0,\nIF(AND(LEFT(D140,2)=\"Mg\",B140=\"A\",C140=\"a\"),(1+L140)*VLOOKUP($A140,Quantities[],Quantities!$E$2)/43560,\nVLOOKUP($A140,Quantities[],Quantities!$E$2)/43560))","v":273},{"$f":"IF(B140=\"P\",0,\nIF(AND(OR(C140=\"b\",C140=\"d\"),OR('4   Earthwork'!$B140=\"C\",'4   Earthwork'!$B140=\"D\",'4   Earthwork'!$B140=\"A\",'4   Earthwork'!$B140=\"E\",'4   Earthwork'!$B140=\"B\")),\nVLOOKUP(INDEX(Quantities!$A$100:$A$118,MATCH($A140,Quantities!$C$100:$C$118)),Quantities!$A$100:$AJ$118,Quantities!$U$2),\n0))","v":36},{"$f":"IF(B140=\"P\",0,\nIF(OR(C140=\"b\",C140=\"d\"),\nM140/(1+L140),\nIF(OR(LEFT(D140,2)=\"Rp\",LEFT(D140,2)=\"Mg\"),0,\nVLOOKUP(A140,Quantities[],Quantities!$F$2)+VLOOKUP(A140,Quantities[],Quantities!$AB$2))))","v":1321320},{"$f":"IF(B140=\"P\",\"-\",\nIF(C140=\"b\",\nVLOOKUP(INDEX(Quantities!$A$100:$A$118,MATCH(A140,Quantities!$C$100:$C$118)),Quantities[],Quantities!$V$2),\nIF(C140=\"a\",\nVLOOKUP(A140,Quantities[],Quantities!$V$2,0),\n0)))","v":0},1321320,null,"10"]
[{"$f":"'3   Material'!A141","v":1100},{"$f":"'3   Material'!B141","v":"A"},{"$f":"'3   Material'!C141","v":"d"},{"$f":"'3   Material'!D141","v":"Mg1"},{"$f":"'3   Material'!$E$15:$E$322","v":"1100-A-d-Mg1"},{"$f":"'3   Material'!$F$15:$F$322","v":"Grade-Top (Haul Road)-Placed Cover"},{"$f":"'3   Material'!$G$15:$G$322","v":" Reclaimed 1C Waste"},{"$f":"'3   Material'!$H$15:$H$322","v":"-"},{"$f":"IF(B141=\"P\",0,\nIF(AND(LEFT(D141,2)=\"Mg\",B141=\"A\",C141=\"a\"),(1+L141)*VLOOKUP($A141,Quantities[],Quantities!$E$2)/43560,\nVLOOKUP($A141,Quantities[],Quantities!$E$2)/43560))","v":17.00413},{"$f":"IF(B141=\"P\",0,\nIF(AND(OR(C141=\"b\",C141=\"d\"),OR('4   Earthwork'!$B141=\"C\",'4   Earthwork'!$B141=\"D\",'4   Earthwork'!$B141=\"A\",'4   Earthwork'!$B141=\"E\",'4   Earthwork'!$B141=\"B\")),\nVLOOKUP(INDEX(Quantities!$A$100:$A$118,MATCH($A141,Quantities!$C$100:$C$118)),Quantities!$A$100:$AJ$118,Quantities!$U$2),\n0))","v":36},{"$f":"IF(B141=\"P\",0,\nIF(OR(C141=\"b\",C141=\"d\"),\nM141/(1+L141),\nIF(OR(LEFT(D141,2)=\"Rp\",LEFT(D141,2)=\"Mg\"),0,\nVLOOKUP(A141,Quantities[],Quantities!$F$2)+VLOOKUP(A141,Quantities[],Quantities!$AB$2))))","v":82299.989200000011},{"$f":"IF(B141=\"P\",\"-\",\nIF(C141=\"b\",\nVLOOKUP(INDEX(Quantities!$A$100:$A$118,MATCH(A141,Quantities!$C$100:$C$118)),Quantities[],Quantities!$V$2),\nIF(C141=\"a\",\nVLOOKUP(A141,Quantities[],Quantities!$V$2,0),\n0)))","v":0},82299.989200000011,null,"11"]
[{"$f":"'3   Material'!A142","v":1200},{"$f":"'3   Material'!B142","v":"A"},{"$f":"'3   Material'!C142","v":"d"},{"$f":"'3   Material'!D142","v":"Mg1"},{"$f":"'3   Material'!$E$15:$E$322","v":"1200-A-d-Mg1"},{"$f":"'3   Material'!$F$15:$F$322","v":"Grade-Entire Stockpile-Placed Cover"},{"$f":"'3   Material'!$G$15:$G$322","v":" 2B Waste, 2A Leach, 2B Leach"},{"$f":"'3   Material'!$H$15:$H$322","v":"-"},{"$f":"IF(B142=\"P\",0,\nIF(AND(LEFT(D142,2)=\"Mg\",B142=\"A\",C142=\"a\"),(1+L142)*VLOOKUP($A142,Quantities[],Quantities!$E$2)/43560,\nVLOOKUP($A142,Quantities[],Quantities!$E$2)/43560))","v":486.99169999999998},{"$f":"IF(B142=\"P\",0,\nIF(AND(OR(C142=\"b\",C142=\"d\"),OR('4   Earthwork'!$B142=\"C\",'4   Earthwork'!$B142=\"D\",'4   Earthwork'!$B142=\"A\",'4   Earthwork'!$B142=\"E\",'4   Earthwork'!$B142=\"B\")),\nVLOOKUP(INDEX(Quantities!$A$100:$A$118,MATCH($A142,Quantities!$C$100:$C$118)),Quantities!$A$100:$AJ$118,Quantities!$U$2),\n0))","v":36},{"$f":"IF(B142=\"P\",0,\nIF(OR(C142=\"b\",C142=\"d\"),\nM142/(1+L142),\nIF(OR(LEFT(D142,2)=\"Rp\",LEFT(D142,2)=\"Mg\"),0,\nVLOOKUP(A142,Quantities[],Quantities!$F$2)+VLOOKUP(A142,Quantities[],Quantities!$AB$2))))","v":2357039.8279999997},{"$f":"IF(B142=\"P\",\"-\",\nIF(C142=\"b\",\nVLOOKUP(INDEX(Quantities!$A$100:$A$118,MATCH(A142,Quantities!$C$100:$C$118)),Quantities[],Quantities!$V$2),\nIF(C142=\"a\",\nVLOOKUP(A142,Quantities[],Quantities!$V$2,0),\n0)))","v":0},2357039.8279999997,null,"12"]
[{"$f":"'3   Material'!A143","v":1300},{"$f":"'3   Material'!B143","v":"A"},{"$f":"'3   Material'!C143","v":"d"},{"$f":"'3   Material'!D143","v":"Mg1"},{"$f":"'3   Material'!$E$15:$E$322","v":"1300-A-d-Mg1"},{"$f":"'3   Material'!$F$15:$F$322","v":"Grade-Entire Stockpile-Placed Cover"},{"$f":"'3   Material'!$G$15:$G$322","v":" 3A Leach, 3B Waste"},{"$f":"'3   Material'!$H$15:$H$322","v":"-"},{"$f":"IF(B143=\"P\",0,\nIF(AND(LEFT(D143,2)=\"Mg\",B143=\"A\",C143=\"a\"),(1+L143)*VLOOKUP($A143,Quantities[],Quantities!$E$2)/43560,\nVLOOKUP($A143,Quantities[],Quantities!$E$2)/43560))","v":455},{"$f":"IF(B143=\"P\",0,\nIF(AND(OR(C143=\"b\",C143=\"d\"),OR('4   Earthwork'!$B143=\"C\",'4   Earthwork'!$B143=\"D\",'4   Earthwork'!$B143=\"A\",'4   Earthwork'!$B143=\"E\",'4   Earthwork'!$B143=\"B\")),\nVLOOKUP(INDEX(Quantities!$A$100:$A$118,MATCH($A143,Quantities!$C$100:$C$118)),Quantities!$A$100:$AJ$118,Quantities!$U$2),\n0))","v":36},{"$f":"IF(B143=\"P\",0,\nIF(OR(C143=\"b\",C143=\"d\"),\nM143/(1+L143),\nIF(OR(LEFT(D143,2)=\"Rp\",LEFT(D143,2)=\"Mg\"),0,\nVLOOKUP(A143,Quantities[],Quantities!$F$2)+VLOOKUP(A143,Quantities[],Quantities!$AB$2))))","v":2202200},{"$f":"IF(B143=\"P\",\"-\",\nIF(C143=\"b\",\nVLOOKUP(INDEX(Quantities!$A$100:$A$118,MATCH(A143,Quantities!$C$100:$C$118)),Quantities[],Quantities!$V$2),\nIF(C143=\"a\",\nVLOOKUP(A143,Quantities[],Quantities!$V$2,0),\n0)))","v":0},2202200,null,"13"]
[{"$f":"'3   Material'!A144","v":1500},{"$f":"'3   Material'!B144","v":"A"},{"$f":"'3   Material'!C144","v":"d"},{"$f":"'3   Material'!D144","v":"Mg1"},{"$f":"'3   Material'!$E$15:$E$322","v":"1500-A-d-Mg1"},{"$f":"'3   Material'!$F$15:$F$322","v":"Grade-Entire Stockpile-Placed Cover"},{"$f":"'3   Material'!$G$15:$G$322","v":" 5A Waste"},{"$f":"'3   Material'!$H$15:$H$322","v":"-"},{"$f":"IF(B144=\"P\",0,\nIF(AND(LEFT(D144,2)=\"Mg\",B144=\"A\",C144=\"a\"),(1+L144)*VLOOKUP($A144,Quantities[],Quantities!$E$2)/43560,\nVLOOKUP($A144,Quantities[],Quantities!$E$2)/43560))","v":371},{"$f":"IF(B144=\"P\",0,\nIF(AND(OR(C144=\"b\",C144=\"d\"),OR('4   Earthwork'!$B144=\"C\",'4   Earthwork'!$B144=\"D\",'4   Earthwork'!$B144=\"A\",'4   Earthwork'!$B144=\"E\",'4   Earthwork'!$B144=\"B\")),\nVLOOKUP(INDEX(Quantities!$A$100:$A$118,MATCH($A144,Quantities!$C$100:$C$118)),Quantities!$A$100:$AJ$118,Quantities!$U$2),\n0))","v":36},{"$f":"IF(B144=\"P\",0,\nIF(OR(C144=\"b\",C144=\"d\"),\nM144/(1+L144),\nIF(OR(LEFT(D144,2)=\"Rp\",LEFT(D144,2)=\"Mg\"),0,\nVLOOKUP(A144,Quantities[],Quantities!$F$2)+VLOOKUP(A144,Quantities[],Quantities!$AB$2))))","v":1795640},{"$f":"IF(B144=\"P\",\"-\",\nIF(C144=\"b\",\nVLOOKUP(INDEX(Quantities!$A$100:$A$118,MATCH(A144,Quantities!$C$100:$C$118)),Quantities[],Quantities!$V$2),\nIF(C144=\"a\",\nVLOOKUP(A144,Quantities[],Quantities!$V$2,0),\n0)))","v":0},1795640,null,"15"]
[{"$f":"'3   Material'!A145","v":2200},{"$f":"'3   Material'!B145","v":"A"},{"$f":"'3   Material'!C145","v":"d"},{"$f":"'3   Material'!D145","v":"Mg1"},{"$f":"'3   Material'!$E$15:$E$322","v":"2200-A-d-Mg1"},{"$f":"'3   Material'!$F$15:$F$322","v":"Grade-Entire Pit-Placed Cover"},{"$f":"'3   Material'!$G$15:$G$322","v":" San Salvador Pit, San Salvador Waste Backfill"},{"$f":"'3   Material'!$H$15:$H$322","v":"-"},{"$f":"IF(B145=\"P\",0,\nIF(AND(LEFT(D145,2)=\"Mg\",B145=\"A\",C145=\"a\"),(1+L145)*VLOOKUP($A145,Quantities[],Quantities!$E$2)/43560,\nVLOOKUP($A145,Quantities[],Quantities!$E$2)/43560))","v":115},{"$f":"IF(B145=\"P\",0,\nIF(AND(OR(C145=\"b\",C145=\"d\"),OR('4   Earthwork'!$B145=\"C\",'4   Earthwork'!$B145=\"D\",'4   Earthwork'!$B145=\"A\",'4   Earthwork'!$B145=\"E\",'4   Earthwork'!$B145=\"B\")),\nVLOOKUP(INDEX(Quantities!$A$100:$A$118,MATCH($A145,Quantities!$C$100:$C$118)),Quantities!$A$100:$AJ$118,Quantities!$U$2),\n0))","v":36},{"$f":"IF(B145=\"P\",0,\nIF(OR(C145=\"b\",C145=\"d\"),\nM145/(1+L145),\nIF(OR(LEFT(D145,2)=\"Rp\",LEFT(D145,2)=\"Mg\"),0,\nVLOOKUP(A145,Quantities[],Quantities!$F$2)+VLOOKUP(A145,Quantities[],Quantities!$AB$2))))","v":556600},{"$f":"IF(B145=\"P\",\"-\",\nIF(C145=\"b\",\nVLOOKUP(INDEX(Quantities!$A$100:$A$118,MATCH(A145,Quantities!$C$100:$C$118)),Quantities[],Quantities!$V$2),\nIF(C145=\"a\",\nVLOOKUP(A145,Quantities[],Quantities!$V$2,0),\n0)))","v":0},556600,null,"22"]
[{"$f":"'3   Material'!A146","v":2300},{"$f":"'3   Material'!B146","v":"A"},{"$f":"'3   Material'!C146","v":"d"},{"$f":"'3   Material'!D146","v":"Mg1"},{"$f":"'3   Material'!$E$15:$E$322","v":"2300-A-d-Mg1"},{"$f":"'3   Material'!$F$15:$F$322","v":"Grade-Entire Stockpile-Placed Cover"},{"$f":"'3   Material'!$G$15:$G$322","v":" 6A Leach"},{"$f":"'3   Material'!$H$15:$H$322","v":"-"},{"$f":"IF(B146=\"P\",0,\nIF(AND(LEFT(D146,2)=\"Mg\",B146=\"A\",C146=\"a\"),(1+L146)*VLOOKUP($A146,Quantities[],Quantities!$E$2)/43560,\nVLOOKUP($A146,Quantities[],Quantities!$E$2)/43560))","v":65},{"$f":"IF(B146=\"P\",0,\nIF(AND(OR(C146=\"b\",C146=\"d\"),OR('4   Earthwork'!$B146=\"C\",'4   Earthwork'!$B146=\"D\",'4   Earthwork'!$B146=\"A\",'4   Earthwork'!$B146=\"E\",'4   Earthwork'!$B146=\"B\")),\nVLOOKUP(INDEX(Quantities!$A$100:$A$118,MATCH($A146,Quantities!$C$100:$C$118)),Quantities!$A$100:$AJ$118,Quantities!$U$2),\n0))","v":36},{"$f":"IF(B146=\"P\",0,\nIF(OR(C146=\"b\",C146=\"d\"),\nM146/(1+L146),\nIF(OR(LEFT(D146,2)=\"Rp\",LEFT(D146,2)=\"Mg\"),0,\nVLOOKUP(A146,Quantities[],Quantities!$F$2)+VLOOKUP(A146,Quantities[],Quantities!$AB$2))))","v":314600},{"$f":"IF(B146=\"P\",\"-\",\nIF(C146=\"b\",\nVLOOKUP(INDEX(Quantities!$A$100:$A$118,MATCH(A146,Quantities!$C$100:$C$118)),Quantities[],Quantities!$V$2),\nIF(C146=\"a\",\nVLOOKUP(A146,Quantities[],Quantities!$V$2,0),\n0)))","v":0},314600,null,"23"]
[{"$f":"'3   Material'!A147","v":1400},{"$f":"'3   Material'!B147","v":"A"},{"$f":"'3   Material'!C147","v":"d"},{"$f":"'3   Material'!D147","v":"Mg1"},{"$f":"'3   Material'!$E$15:$E$322","v":"1400-A-d-Mg1"},{"$f":"'3   Material'!$F$15:$F$322","v":"Grade-Entire Stockpile-Placed Cover"},{"$f":"'3   Material'!$G$15:$G$322","v":" 2 Leach (Area 1)"},{"$f":"'3   Material'!$H$15:$H$322","v":"-"},{"$f":"IF(B147=\"P\",0,\nIF(AND(LEFT(D147,2)=\"Mg\",B147=\"A\",C147=\"a\"),(1+L147)*VLOOKUP($A147,Quantities[],Quantities!$E$2)/43560,\nVLOOKUP($A147,Quantities[],Quantities!$E$2)/43560))","v":183},{"$f":"IF(B147=\"P\",0,\nIF(AND(OR(C147=\"b\",C147=\"d\"),OR('4   Earthwork'!$B147=\"C\",'4   Earthwork'!$B147=\"D\",'4   Earthwork'!$B147=\"A\",'4   Earthwork'!$B147=\"E\",'4   Earthwork'!$B147=\"B\")),\nVLOOKUP(INDEX(Quantities!$A$100:$A$118,MATCH($A147,Quantities!$C$100:$C$118)),Quantities!$A$100:$AJ$118,Quantities!$U$2),\n0))","v":36},{"$f":"IF(B147=\"P\",0,\nIF(OR(C147=\"b\",C147=\"d\"),\nM147/(1+L147),\nIF(OR(LEFT(D147,2)=\"Rp\",LEFT(D147,2)=\"Mg\"),0,\nVLOOKUP(A147,Quantities[],Quantities!$F$2)+VLOOKUP(A147,Quantities[],Quantities!$AB$2))))","v":885720},{"$f":"IF(B147=\"P\",\"-\",\nIF(C147=\"b\",\nVLOOKUP(INDEX(Quantities!$A$100:$A$118,MATCH(A147,Quantities!$C$100:$C$118)),Quantities[],Quantities!$V$2),\nIF(C147=\"a\",\nVLOOKUP(A147,Quantities[],Quantities!$V$2,0),\n0)))","v":0},885720,null,"14"]
[{"$f":"'3   Material'!A148","v":1800},{"$f":"'3   Material'!B148","v":"A"},{"$f":"'3   Material'!C148","v":"d"},{"$f":"'3   Material'!D148","v":"Mg1"},{"$f":"'3   Material'!$E$15:$E$322","v":"1800-A-d-Mg1"},{"$f":"'3   Material'!$F$15:$F$322","v":"Grade-Entire Stockpile-Placed Cover"},{"$f":"'3   Material'!$G$15:$G$322","v":" 2 Leach (Area 2), 7B Leach, 7B Waste, 7C Waste, South Rim Pit"},{"$f":"'3   Material'!$H$15:$H$322","v":"-"},{"$f":"IF(B148=\"P\",0,\nIF(AND(LEFT(D148,2)=\"Mg\",B148=\"A\",C148=\"a\"),(1+L148)*VLOOKUP($A148,Quantities[],Quantities!$E$2)/43560,\nVLOOKUP($A148,Quantities[],Quantities!$E$2)/43560))","v":375},{"$f":"IF(B148=\"P\",0,\nIF(AND(OR(C148=\"b\",C148=\"d\"),OR('4   Earthwork'!$B148=\"C\",'4   Earthwork'!$B148=\"D\",'4   Earthwork'!$B148=\"A\",'4   Earthwork'!$B148=\"E\",'4   Earthwork'!$B148=\"B\")),\nVLOOKUP(INDEX(Quantities!$A$100:$A$118,MATCH($A148,Quantities!$C$100:$C$118)),Quantities!$A$100:$AJ$118,Quantities!$U$2),\n0))","v":36},{"$f":"IF(B148=\"P\",0,\nIF(OR(C148=\"b\",C148=\"d\"),\nM148/(1+L148),\nIF(OR(LEFT(D148,2)=\"Rp\",LEFT(D148,2)=\"Mg\"),0,\nVLOOKUP(A148,Quantities[],Quantities!$F$2)+VLOOKUP(A148,Quantities[],Quantities!$AB$2))))","v":1815000},{"$f":"IF(B148=\"P\",\"-\",\nIF(C148=\"b\",\nVLOOKUP(INDEX(Quantities!$A$100:$A$118,MATCH(A148,Quantities!$C$100:$C$118)),Quantities[],Quantities!$V$2),\nIF(C148=\"a\",\nVLOOKUP(A148,Quantities[],Quantities!$V$2,0),\n0)))","v":0},1815000,null,"18"]
[{"$f":"'3   Material'!A149","v":1900},{"$f":"'3   Material'!B149","v":"A"},{"$f":"'3   Material'!C149","v":"d"},{"$f":"'3   Material'!D149","v":"Mg1"},{"$f":"'3   Material'!$E$15:$E$322","v":"1900-A-d-Mg1"},{"$f":"'3   Material'!$F$15:$F$322","v":"Grade-Sludge Disposal Area-Placed Cover"},{"$f":"'3   Material'!$G$15:$G$322","v":" 8A Waste, 8C Waste"},{"$f":"'3   Material'!$H$15:$H$322","v":"-"},{"$f":"IF(B149=\"P\",0,\nIF(AND(LEFT(D149,2)=\"Mg\",B149=\"A\",C149=\"a\"),(1+L149)*VLOOKUP($A149,Quantities[],Quantities!$E$2)/43560,\nVLOOKUP($A149,Quantities[],Quantities!$E$2)/43560))","v":47.36},{"$f":"IF(B149=\"P\",0,\nIF(AND(OR(C149=\"b\",C149=\"d\"),OR('4   Earthwork'!$B149=\"C\",'4   Earthwork'!$B149=\"D\",'4   Earthwork'!$B149=\"A\",'4   Earthwork'!$B149=\"E\",'4   Earthwork'!$B149=\"B\")),\nVLOOKUP(INDEX(Quantities!$A$100:$A$118,MATCH($A149,Quantities!$C$100:$C$118)),Quantities!$A$100:$AJ$118,Quantities!$U$2),\n0))","v":36},{"$f":"IF(B149=\"P\",0,\nIF(OR(C149=\"b\",C149=\"d\"),\nM149/(1+L149),\nIF(OR(LEFT(D149,2)=\"Rp\",LEFT(D149,2)=\"Mg\"),0,\nVLOOKUP(A149,Quantities[],Quantities!$F$2)+VLOOKUP(A149,Quantities[],Quantities!$AB$2))))","v":229222.40000000002},{"$f":"IF(B149=\"P\",\"-\",\nIF(C149=\"b\",\nVLOOKUP(INDEX(Quantities!$A$100:$A$118,MATCH(A149,Quantities!$C$100:$C$118)),Quantities[],Quantities!$V$2),\nIF(C149=\"a\",\nVLOOKUP(A149,Quantities[],Quantities!$V$2,0),\n0)))","v":0},229222.40000000002,null,"19"]
[{"$f":"'3   Material'!A150","v":1600},{"$f":"'3   Material'!B150","v":"A"},{"$f":"'3   Material'!C150","v":"d"},{"$f":"'3   Material'!D150","v":"Mg1"},{"$f":"'3   Material'!$E$15:$E$322","v":"1600-A-d-Mg1"},{"$f":"'3   Material'!$F$15:$F$322","v":"Grade-Entire Stockpile-Placed Cover"},{"$f":"'3   Material'!$G$15:$G$322","v":" 6B Leach, 6D Leach"},{"$f":"'3   Material'!$H$15:$H$322","v":"-"},{"$f":"IF(B150=\"P\",0,\nIF(AND(LEFT(D150,2)=\"Mg\",B150=\"A\",C150=\"a\"),(1+L150)*VLOOKUP($A150,Quantities[],Quantities!$E$2)/43560,\nVLOOKUP($A150,Quantities[],Quantities!$E$2)/43560))","v":54},{"$f":"IF(B150=\"P\",0,\nIF(AND(OR(C150=\"b\",C150=\"d\"),OR('4   Earthwork'!$B150=\"C\",'4   Earthwork'!$B150=\"D\",'4   Earthwork'!$B150=\"A\",'4   Earthwork'!$B150=\"E\",'4   Earthwork'!$B150=\"B\")),\nVLOOKUP(INDEX(Quantities!$A$100:$A$118,MATCH($A150,Quantities!$C$100:$C$118)),Quantities!$A$100:$AJ$118,Quantities!$U$2),\n0))","v":36},{"$f":"IF(B150=\"P\",0,\nIF(OR(C150=\"b\",C150=\"d\"),\nM150/(1+L150),\nIF(OR(LEFT(D150,2)=\"Rp\",LEFT(D150,2)=\"Mg\"),0,\nVLOOKUP(A150,Quantities[],Quantities!$F$2)+VLOOKUP(A150,Quantities[],Quantities!$AB$2))))","v":261360},{"$f":"IF(B150=\"P\",\"-\",\nIF(C150=\"b\",\nVLOOKUP(INDEX(Quantities!$A$100:$A$118,MATCH(A150,Quantities!$C$100:$C$118)),Quantities[],Quantities!$V$2),\nIF(C150=\"a\",\nVLOOKUP(A150,Quantities[],Quantities!$V$2,0),\n0)))","v":0},261360,null,"16"]
[{"$f":"'3   Material'!A151","v":1700},{"$f":"'3   Material'!B151","v":"A"},{"$f":"'3   Material'!C151","v":"d"},{"$f":"'3   Material'!D151","v":"Mg1"},{"$f":"'3   Material'!$E$15:$E$322","v":"1700-A-d-Mg1"},{"$f":"'3   Material'!$F$15:$F$322","v":"Grade-Entire Stockpile-Placed Cover"},{"$f":"'3   Material'!$G$15:$G$322","v":" 6C Leach"},{"$f":"'3   Material'!$H$15:$H$322","v":"-"},{"$f":"IF(B151=\"P\",0,\nIF(AND(LEFT(D151,2)=\"Mg\",B151=\"A\",C151=\"a\"),(1+L151)*VLOOKUP($A151,Quantities[],Quantities!$E$2)/43560,\nVLOOKUP($A151,Quantities[],Quantities!$E$2)/43560))","v":66},{"$f":"IF(B151=\"P\",0,\nIF(AND(OR(C151=\"b\",C151=\"d\"),OR('4   Earthwork'!$B151=\"C\",'4   Earthwork'!$B151=\"D\",'4   Earthwork'!$B151=\"A\",'4   Earthwork'!$B151=\"E\",'4   Earthwork'!$B151=\"B\")),\nVLOOKUP(INDEX(Quantities!$A$100:$A$118,MATCH($A151,Quantities!$C$100:$C$118)),Quantities!$A$100:$AJ$118,Quantities!$U$2),\n0))","v":36},{"$f":"IF(B151=\"P\",0,\nIF(OR(C151=\"b\",C151=\"d\"),\nM151/(1+L151),\nIF(OR(LEFT(D151,2)=\"Rp\",LEFT(D151,2)=\"Mg\"),0,\nVLOOKUP(A151,Quantities[],Quantities!$F$2)+VLOOKUP(A151,Quantities[],Quantities!$AB$2))))","v":319440},{"$f":"IF(B151=\"P\",\"-\",\nIF(C151=\"b\",\nVLOOKUP(INDEX(Quantities!$A$100:$A$118,MATCH(A151,Quantities!$C$100:$C$118)),Quantities[],Quantities!$V$2),\nIF(C151=\"a\",\nVLOOKUP(A151,Quantities[],Quantities!$V$2,0),\n0)))","v":0},319440,null,"17"]
[{"$f":"'3   Material'!A152","v":2701},{"$f":"'3   Material'!B152","v":"A"},{"$f":"'3   Material'!C152","v":"d"},{"$f":"'3   Material'!D152","v":"Mg1"},{"$f":"'3   Material'!$E$15:$E$322","v":"2701-A-d-Mg1"},{"$f":"'3   Material'!$F$15:$F$322","v":"Grade-Surface Impoundments closed at year 99; some closed year 6-Placed Cover"},{"$f":"'3   Material'!$G$15:$G$322","v":"Surface Impoundments closed at year 99; some closed year 6 "},{"$f":"'3   Material'!$H$15:$H$322","v":"-"},{"$f":"IF(B152=\"P\",0,\nIF(AND(LEFT(D152,2)=\"Mg\",B152=\"A\",C152=\"a\"),(1+L152)*VLOOKUP($A152,Quantities[],Quantities!$E$2)/43560,\nVLOOKUP($A152,Quantities[],Quantities!$E$2)/43560))","v":21.23},{"$f":"IF(B152=\"P\",0,\nIF(AND(OR(C152=\"b\",C152=\"d\"),OR('4   Earthwork'!$B152=\"C\",'4   Earthwork'!$B152=\"D\",'4   Earthwork'!$B152=\"A\",'4   Earthwork'!$B152=\"E\",'4   Earthwork'!$B152=\"B\")),\nVLOOKUP(INDEX(Quantities!$A$100:$A$118,MATCH($A152,Quantities!$C$100:$C$118)),Quantities!$A$100:$AJ$118,Quantities!$U$2),\n0))","v":36},{"$f":"IF(B152=\"P\",0,\nIF(OR(C152=\"b\",C152=\"d\"),\nM152/(1+L152),\nIF(OR(LEFT(D152,2)=\"Rp\",LEFT(D152,2)=\"Mg\"),0,\nVLOOKUP(A152,Quantities[],Quantities!$F$2)+VLOOKUP(A152,Quantities[],Quantities!$AB$2))))","v":102753.2},{"$f":"IF(B152=\"P\",\"-\",\nIF(C152=\"b\",\nVLOOKUP(INDEX(Quantities!$A$100:$A$118,MATCH(A152,Quantities!$C$100:$C$118)),Quantities[],Quantities!$V$2),\nIF(C152=\"a\",\nVLOOKUP(A152,Quantities[],Quantities!$V$2,0),\n0)))","v":0},102753.2,null,"27"]
[{"$f":"'3   Material'!A153","v":3300},{"$f":"'3   Material'!B153","v":"A"},{"$f":"'3   Material'!C153","v":"d"},{"$f":"'3   Material'!D153","v":"Mg1"},{"$f":"'3   Material'!$E$15:$E$322","v":"3300-A-d-Mg1"},{"$f":"'3   Material'!$F$15:$F$322","v":"Grade-Unplanned Disturbance Area-Placed Cover"},{"$f":"'3   Material'!$G$15:$G$322","v":" Unplanned Disturbance Area"},{"$f":"'3   Material'!$H$15:$H$322","v":"-"},{"$f":"IF(B153=\"P\",0,\nIF(AND(LEFT(D153,2)=\"Mg\",B153=\"A\",C153=\"a\"),(1+L153)*VLOOKUP($A153,Quantities[],Quantities!$E$2)/43560,\nVLOOKUP($A153,Quantities[],Quantities!$E$2)/43560))","v":200},{"$f":"IF(B153=\"P\",0,\nIF(AND(OR(C153=\"b\",C153=\"d\"),OR('4   Earthwork'!$B153=\"C\",'4   Earthwork'!$B153=\"D\",'4   Earthwork'!$B153=\"A\",'4   Earthwork'!$B153=\"E\",'4   Earthwork'!$B153=\"B\")),\nVLOOKUP(INDEX(Quantities!$A$100:$A$118,MATCH($A153,Quantities!$C$100:$C$118)),Quantities!$A$100:$AJ$118,Quantities!$U$2),\n0))","v":36},{"$f":"IF(B153=\"P\",0,\nIF(OR(C153=\"b\",C153=\"d\"),\nM153/(1+L153),\nIF(OR(LEFT(D153,2)=\"Rp\",LEFT(D153,2)=\"Mg\"),0,\nVLOOKUP(A153,Quantities[],Quantities!$F$2)+VLOOKUP(A153,Quantities[],Quantities!$AB$2))))","v":968000},{"$f":"IF(B153=\"P\",\"-\",\nIF(C153=\"b\",\nVLOOKUP(INDEX(Quantities!$A$100:$A$118,MATCH(A153,Quantities!$C$100:$C$118)),Quantities[],Quantities!$V$2),\nIF(C153=\"a\",\nVLOOKUP(A153,Quantities[],Quantities!$V$2,0),\n0)))","v":0},968000,null,"33"]
[{"$f":"'3   Material'!A154","v":2000},{"$f":"'3   Material'!B154","v":"A"},{"$f":"'3   Material'!C154","v":"d"},{"$f":"'3   Material'!D154","v":"Mg1"},{"$f":"'3   Material'!$E$15:$E$322","v":"2000-A-d-Mg1"},{"$f":"'3   Material'!$F$15:$F$322","v":"Grade-Entire Stockpile-Placed Cover"},{"$f":"'3   Material'!$G$15:$G$322","v":" 9A Waste "},{"$f":"'3   Material'!$H$15:$H$322","v":"-"},{"$f":"IF(B154=\"P\",0,\nIF(AND(LEFT(D154,2)=\"Mg\",B154=\"A\",C154=\"a\"),(1+L154)*VLOOKUP($A154,Quantities[],Quantities!$E$2)/43560,\nVLOOKUP($A154,Quantities[],Quantities!$E$2)/43560))","v":129},{"$f":"IF(B154=\"P\",0,\nIF(AND(OR(C154=\"b\",C154=\"d\"),OR('4   Earthwork'!$B154=\"C\",'4   Earthwork'!$B154=\"D\",'4   Earthwork'!$B154=\"A\",'4   Earthwork'!$B154=\"E\",'4   Earthwork'!$B154=\"B\")),\nVLOOKUP(INDEX(Quantities!$A$100:$A$118,MATCH($A154,Quantities!$C$100:$C$118)),Quantities!$A$100:$AJ$118,Quantities!$U$2),\n0))","v":12},{"$f":"IF(B154=\"P\",0,\nIF(OR(C154=\"b\",C154=\"d\"),\nM154/(1+L154),\nIF(OR(LEFT(D154,2)=\"Rp\",LEFT(D154,2)=\"Mg\"),0,\nVLOOKUP(A154,Quantities[],Quantities!$F$2)+VLOOKUP(A154,Quantities[],Quantities!$AB$2))))","v":208120},{"$f":"IF(B154=\"P\",\"-\",\nIF(C154=\"b\",\nVLOOKUP(INDEX(Quantities!$A$100:$A$118,MATCH(A154,Quantities!$C$100:$C$118)),Quantities[],Quantities!$V$2),\nIF(C154=\"a\",\nVLOOKUP(A154,Quantities[],Quantities!$V$2,0),\n0)))","v":0},{"$f":"IF(B154=\"P\",0,\nIF(AND(OR(C154=\"b\",C154=\"d\"),NOT($B154=\"E\")),\nI154*J154*43560/(12*27),\nIF(OR(LEFT(D154,2)=\"Rp\",LEFT(D154,2)=\"Mg\"),0,\nK154*(1+L154))))","v":208120},null,{"$f":"LEFT(TEXT(A154,\"0\"),2)","v":"20"}]
[{"$f":"'3   Material'!A155","v":2100},{"$f":"'3   Material'!B155","v":"A"},{"$f":"'3   Material'!C155","v":"d"},{"$f":"'3   Material'!D155","v":"Mg1"},{"$f":"'3   Material'!$E$15:$E$322","v":"2100-A-d-Mg1"},{"$f":"'3   Material'!$F$15:$F$322","v":"Grade-Entire Stockpile-Placed Cover"},{"$f":"'3   Material'!$G$15:$G$322","v":" 9AX Waste"},{"$f":"'3   Material'!$H$15:$H$322","v":"-"},{"$f":"IF(B155=\"P\",0,\nIF(AND(LEFT(D155,2)=\"Mg\",B155=\"A\",C155=\"a\"),(1+L155)*VLOOKUP($A155,Quantities[],Quantities!$E$2)/43560,\nVLOOKUP($A155,Quantities[],Quantities!$E$2)/43560))","v":63.7},{"$f":"IF(B155=\"P\",0,\nIF(AND(OR(C155=\"b\",C155=\"d\"),OR('4   Earthwork'!$B155=\"C\",'4   Earthwork'!$B155=\"D\",'4   Earthwork'!$B155=\"A\",'4   Earthwork'!$B155=\"E\",'4   Earthwork'!$B155=\"B\")),\nVLOOKUP(INDEX(Quantities!$A$100:$A$118,MATCH($A155,Quantities!$C$100:$C$118)),Quantities!$A$100:$AJ$118,Quantities!$U$2),\n0))","v":12},{"$f":"IF(B155=\"P\",0,\nIF(OR(C155=\"b\",C155=\"d\"),\nM155/(1+L155),\nIF(OR(LEFT(D155,2)=\"Rp\",LEFT(D155,2)=\"Mg\"),0,\nVLOOKUP(A155,Quantities[],Quantities!$F$2)+VLOOKUP(A155,Quantities[],Quantities!$AB$2))))","v":102769.33333333334},{"$f":"IF(B155=\"P\",\"-\",\nIF(C155=\"b\",\nVLOOKUP(INDEX(Quantities!$A$100:$A$118,MATCH(A155,Quantities!$C$100:$C$118)),Quantities[],Quantities!$V$2),\nIF(C155=\"a\",\nVLOOKUP(A155,Quantities[],Quantities!$V$2,0),\n0)))","v":0},102769.33333333334,null,"21"]
[{"$f":"'3   Material'!A156","v":2600},{"$f":"'3   Material'!B156","v":"A"},{"$f":"'3   Material'!C156","v":"d"},{"$f":"'3   Material'!D156","v":"Dz2"},{"$f":"'3   Material'!$E$15:$E$322","v":"2600-A-d-Dz2"},{"$f":"'3   Material'!$F$15:$F$322","v":"Grade-Tailing Launder Line-Placed Cover"},{"$f":"'3   Material'!$G$15:$G$322","v":" Reclaimed Tailing Launder Line"},{"$f":"'3   Material'!$H$15:$H$322","v":"-"},{"$f":"IF(B156=\"P\",0,\nIF(AND(LEFT(D156,2)=\"Mg\",B156=\"A\",C156=\"a\"),(1+L156)*VLOOKUP($A156,Quantities[],Quantities!$E$2)/43560,\nVLOOKUP($A156,Quantities[],Quantities!$E$2)/43560))","v":7.4042011019283747},{"$f":"IF(B156=\"P\",0,\nIF(AND(OR(C156=\"b\",C156=\"d\"),OR('4   Earthwork'!$B156=\"C\",'4   Earthwork'!$B156=\"D\",'4   Earthwork'!$B156=\"A\",'4   Earthwork'!$B156=\"E\",'4   Earthwork'!$B156=\"B\")),\nVLOOKUP(INDEX(Quantities!$A$100:$A$118,MATCH($A156,Quantities!$C$100:$C$118)),Quantities!$A$100:$AJ$118,Quantities!$U$2),\n0))","v":9.6808520216912068},{"$f":"IF(B156=\"P\",0,\nIF(OR(C156=\"b\",C156=\"d\"),\nM156/(1+L156),\nIF(OR(LEFT(D156,2)=\"Rp\",LEFT(D156,2)=\"Mg\"),0,\nVLOOKUP(A156,Quantities[],Quantities!$F$2)+VLOOKUP(A156,Quantities[],Quantities!$AB$2))))","v":9636.8399999999983},{"$f":"IF(B156=\"P\",\"-\",\nIF(C156=\"b\",\nVLOOKUP(INDEX(Quantities!$A$100:$A$118,MATCH(A156,Quantities!$C$100:$C$118)),Quantities[],Quantities!$V$2),\nIF(C156=\"a\",\nVLOOKUP(A156,Quantities[],Quantities!$V$2,0),\n0)))","v":0},9636.8399999999983,null,"26"]
[{"$f":"'3   Material'!A157","v":2900},{"$f":"'3   Material'!B157","v":"A"},{"$f":"'3   Material'!C157","v":"d"},{"$f":"'3   Material'!D157","v":"Mg1"},{"$f":"'3   Material'!$E$15:$E$322","v":"2900-A-d-Mg1"},{"$f":"'3   Material'!$F$15:$F$322","v":"Grade-Tailing Pumphouse-Placed Cover"},{"$f":"'3   Material'!$G$15:$G$322","v":" Reclaimed 1 Tailing Impoundment Reclaim Water Pumphouse Station"},{"$f":"'3   Material'!$H$15:$H$322","v":"-"},{"$f":"IF(B157=\"P\",0,\nIF(AND(LEFT(D157,2)=\"Mg\",B157=\"A\",C157=\"a\"),(1+L157)*VLOOKUP($A157,Quantities[],Quantities!$E$2)/43560,\nVLOOKUP($A157,Quantities[],Quantities!$E$2)/43560))","v":7},{"$f":"IF(B157=\"P\",0,\nIF(AND(OR(C157=\"b\",C157=\"d\"),OR('4   Earthwork'!$B157=\"C\",'4   Earthwork'!$B157=\"D\",'4   Earthwork'!$B157=\"A\",'4   Earthwork'!$B157=\"E\",'4   Earthwork'!$B157=\"B\")),\nVLOOKUP(INDEX(Quantities!$A$100:$A$118,MATCH($A157,Quantities!$C$100:$C$118)),Quantities!$A$100:$AJ$118,Quantities!$U$2),\n0))","v":48.198347107438018},{"$f":"IF(B157=\"P\",0,\nIF(OR(C157=\"b\",C157=\"d\"),\nM157/(1+L157),\nIF(OR(LEFT(D157,2)=\"Rp\",LEFT(D157,2)=\"Mg\"),0,\nVLOOKUP(A157,Quantities[],Quantities!$F$2)+VLOOKUP(A157,Quantities[],Quantities!$AB$2))))","v":45360.000000000007},{"$f":"IF(B157=\"P\",\"-\",\nIF(C157=\"b\",\nVLOOKUP(INDEX(Quantities!$A$100:$A$118,MATCH(A157,Quantities!$C$100:$C$118)),Quantities[],Quantities!$V$2),\nIF(C157=\"a\",\nVLOOKUP(A157,Quantities[],Quantities!$V$2,0),\n0)))","v":0},45360.000000000007,null,"29"]
[{"$f":"'3   Material'!A158","v":1000},{"$f":"'3   Material'!B158","v":"J"},{"$f":"'3   Material'!C158","v":"e"},{"$f":"'3   Material'!D158","v":"U2"},{"$f":"'3   Material'!$E$15:$E$322","v":"1000-J-e-U2"},{"$f":"'3   Material'!$F$15:$F$322","v":"Revegetate-Entire Stockpile-Final Grade"},{"$f":"'3   Material'!$G$15:$G$322","v":" 1A Leach, 1B Leach "},{"$f":"'3   Material'!$H$15:$H$322","v":"-"},{"$f":"IF(B158=\"P\",0,\nIF(AND(LEFT(D158,2)=\"Mg\",B158=\"A\",C158=\"a\"),(1+L158)*VLOOKUP($A158,Quantities[],Quantities!$E$2)/43560,\nVLOOKUP($A158,Quantities[],Quantities!$E$2)/43560))","v":273},{"$f":"IF(B158=\"P\",0,\nIF(AND(OR(C158=\"b\",C158=\"d\"),OR('4   Earthwork'!$B158=\"C\",'4   Earthwork'!$B158=\"D\",'4   Earthwork'!$B158=\"A\",'4   Earthwork'!$B158=\"E\",'4   Earthwork'!$B158=\"B\")),\nVLOOKUP(INDEX(Quantities!$A$100:$A$118,MATCH($A158,Quantities!$C$100:$C$118)),Quantities!$A$100:$AJ$118,Quantities!$U$2),\n0))","v":0},{"$f":"IF(B158=\"P\",0,\nIF(OR(C158=\"b\",C158=\"d\"),\nM158/(1+L158),\nIF(OR(LEFT(D158,2)=\"Rp\",LEFT(D158,2)=\"Mg\"),0,\nVLOOKUP(A158,Quantities[],Quantities!$F$2)+VLOOKUP(A158,Quantities[],Quantities!$AB$2))))","v":1548670.3296703298},{"$f":"IF(B158=\"P\",\"-\",\nIF(C158=\"b\",\nVLOOKUP(INDEX(Quantities!$A$100:$A$118,MATCH(A158,Quantities!$C$100:$C$118)),Quantities[],Quantities!$V$2),\nIF(C158=\"a\",\nVLOOKUP(A158,Quantities[],Quantities!$V$2,0),\n0)))","v":0},1548670.3296703298,null,"10"]
[{"$f":"'3   Material'!A159","v":1100},{"$f":"'3   Material'!B159","v":"J"},{"$f":"'3   Material'!C159","v":"e"},{"$f":"'3   Material'!D159","v":"U2"},{"$f":"'3   Material'!$E$15:$E$322","v":"1100-J-e-U2"},{"$f":"'3   Material'!$F$15:$F$322","v":"Revegetate-Top (Haul Road)-Final Grade"},{"$f":"'3   Material'!$G$15:$G$322","v":" Reclaimed 1C Waste"},{"$f":"'3   Material'!$H$15:$H$322","v":"-"},{"$f":"IF(B159=\"P\",0,\nIF(AND(LEFT(D159,2)=\"Mg\",B159=\"A\",C159=\"a\"),(1+L159)*VLOOKUP($A159,Quantities[],Quantities!$E$2)/43560,\nVLOOKUP($A159,Quantities[],Quantities!$E$2)/43560))","v":17.00413},{"$f":"IF(B159=\"P\",0,\nIF(AND(OR(C159=\"b\",C159=\"d\"),OR('4   Earthwork'!$B159=\"C\",'4   Earthwork'!$B159=\"D\",'4   Earthwork'!$B159=\"A\",'4   Earthwork'!$B159=\"E\",'4   Earthwork'!$B159=\"B\")),\nVLOOKUP(INDEX(Quantities!$A$100:$A$118,MATCH($A159,Quantities!$C$100:$C$118)),Quantities!$A$100:$AJ$118,Quantities!$U$2),\n0))","v":0},{"$f":"IF(B159=\"P\",0,\nIF(OR(C159=\"b\",C159=\"d\"),\nM159/(1+L159),\nIF(OR(LEFT(D159,2)=\"Rp\",LEFT(D159,2)=\"Mg\"),0,\nVLOOKUP(A159,Quantities[],Quantities!$F$2)+VLOOKUP(A159,Quantities[],Quantities!$AB$2))))","v":0},{"$f":"IF(B159=\"P\",\"-\",\nIF(C159=\"b\",\nVLOOKUP(INDEX(Quantities!$A$100:$A$118,MATCH(A159,Quantities!$C$100:$C$118)),Quantities[],Quantities!$V$2),\nIF(C159=\"a\",\nVLOOKUP(A159,Quantities[],Quantities!$V$2,0),\n0)))","v":0},0,null,"11"]
[{"$f":"'3   Material'!A160","v":1200},{"$f":"'3   Material'!B160","v":"J"},{"$f":"'3   Material'!C160","v":"e"},{"$f":"'3   Material'!D160","v":"U2"},{"$f":"'3   Material'!$E$15:$E$322","v":"1200-J-e-U2"},{"$f":"'3   Material'!$F$15:$F$322","v":"Revegetate-Entire Stockpile-Final Grade"},{"$f":"'3   Material'!$G$15:$G$322","v":" 2B Waste, 2A Leach, 2B Leach"},{"$f":"'3   Material'!$H$15:$H$322","v":"-"},{"$f":"IF(B160=\"P\",0,\nIF(AND(LEFT(D160,2)=\"Mg\",B160=\"A\",C160=\"a\"),(1+L160)*VLOOKUP($A160,Quantities[],Quantities!$E$2)/43560,\nVLOOKUP($A160,Quantities[],Quantities!$E$2)/43560))","v":486.99169999999998},{"$f":"IF(B160=\"P\",0,\nIF(AND(OR(C160=\"b\",C160=\"d\"),OR('4   Earthwork'!$B160=\"C\",'4   Earthwork'!$B160=\"D\",'4   Earthwork'!$B160=\"A\",'4   Earthwork'!$B160=\"E\",'4   Earthwork'!$B160=\"B\")),\nVLOOKUP(INDEX(Quantities!$A$100:$A$118,MATCH($A160,Quantities!$C$100:$C$118)),Quantities!$A$100:$AJ$118,Quantities!$U$2),\n0))","v":0},{"$f":"IF(B160=\"P\",0,\nIF(OR(C160=\"b\",C160=\"d\"),\nM160/(1+L160),\nIF(OR(LEFT(D160,2)=\"Rp\",LEFT(D160,2)=\"Mg\"),0,\nVLOOKUP(A160,Quantities[],Quantities!$F$2)+VLOOKUP(A160,Quantities[],Quantities!$AB$2))))","v":8203000},{"$f":"IF(B160=\"P\",\"-\",\nIF(C160=\"b\",\nVLOOKUP(INDEX(Quantities!$A$100:$A$118,MATCH(A160,Quantities!$C$100:$C$118)),Quantities[],Quantities!$V$2),\nIF(C160=\"a\",\nVLOOKUP(A160,Quantities[],Quantities!$V$2,0),\n0)))","v":0},8203000,null,"12"]
[{"$f":"'3   Material'!A161","v":1300},{"$f":"'3   Material'!B161","v":"J"},{"$f":"'3   Material'!C161","v":"e"},{"$f":"'3   Material'!D161","v":"U2"},{"$f":"'3   Material'!$E$15:$E$322","v":"1300-J-e-U2"},{"$f":"'3   Material'!$F$15:$F$322","v":"Revegetate-Entire Stockpile-Final Grade"},{"$f":"'3   Material'!$G$15:$G$322","v":" 3A Leach, 3B Waste"},{"$f":"'3   Material'!$H$15:$H$322","v":"-"},{"$f":"IF(B161=\"P\",0,\nIF(AND(LEFT(D161,2)=\"Mg\",B161=\"A\",C161=\"a\"),(1+L161)*VLOOKUP($A161,Quantities[],Quantities!$E$2)/43560,\nVLOOKUP($A161,Quantities[],Quantities!$E$2)/43560))","v":455},{"$f":"IF(B161=\"P\",0,\nIF(AND(OR(C161=\"b\",C161=\"d\"),OR('4   Earthwork'!$B161=\"C\",'4   Earthwork'!$B161=\"D\",'4   Earthwork'!$B161=\"A\",'4   Earthwork'!$B161=\"E\",'4   Earthwork'!$B161=\"B\")),\nVLOOKUP(INDEX(Quantities!$A$100:$A$118,MATCH($A161,Quantities!$C$100:$C$118)),Quantities!$A$100:$AJ$118,Quantities!$U$2),\n0))","v":0},{"$f":"IF(B161=\"P\",0,\nIF(OR(C161=\"b\",C161=\"d\"),\nM161/(1+L161),\nIF(OR(LEFT(D161,2)=\"Rp\",LEFT(D161,2)=\"Mg\"),0,\nVLOOKUP(A161,Quantities[],Quantities!$F$2)+VLOOKUP(A161,Quantities[],Quantities!$AB$2))))","v":5289064.102564103},{"$f":"IF(B161=\"P\",\"-\",\nIF(C161=\"b\",\nVLOOKUP(INDEX(Quantities!$A$100:$A$118,MATCH(A161,Quantities!$C$100:$C$118)),Quantities[],Quantities!$V$2),\nIF(C161=\"a\",\nVLOOKUP(A161,Quantities[],Quantities!$V$2,0),\n0)))","v":0},5289064.102564103,null,"13"]
[{"$f":"'3   Material'!A162","v":1500},{"$f":"'3   Material'!B162","v":"J"},{"$f":"'3   Material'!C162","v":"e"},{"$f":"'3   Material'!D162","v":"U2"},{"$f":"'3   Material'!$E$15:$E$322","v":"1500-J-e-U2"},{"$f":"'3   Material'!$F$15:$F$322","v":"Revegetate-Entire Stockpile-Final Grade"},{"$f":"'3   Material'!$G$15:$G$322","v":" 5A Waste"},{"$f":"'3   Material'!$H$15:$H$322","v":"-"},{"$f":"IF(B162=\"P\",0,\nIF(AND(LEFT(D162,2)=\"Mg\",B162=\"A\",C162=\"a\"),(1+L162)*VLOOKUP($A162,Quantities[],Quantities!$E$2)/43560,\nVLOOKUP($A162,Quantities[],Quantities!$E$2)/43560))","v":371},{"$f":"IF(B162=\"P\",0,\nIF(AND(OR(C162=\"b\",C162=\"d\"),OR('4   Earthwork'!$B162=\"C\",'4   Earthwork'!$B162=\"D\",'4   Earthwork'!$B162=\"A\",'4   Earthwork'!$B162=\"E\",'4   Earthwork'!$B162=\"B\")),\nVLOOKUP(INDEX(Quantities!$A$100:$A$118,MATCH($A162,Quantities!$C$100:$C$118)),Quantities!$A$100:$AJ$118,Quantities!$U$2),\n0))","v":0},{"$f":"IF(B162=\"P\",0,\nIF(OR(C162=\"b\",C162=\"d\"),\nM162/(1+L162),\nIF(OR(LEFT(D162,2)=\"Rp\",LEFT(D162,2)=\"Mg\"),0,\nVLOOKUP(A162,Quantities[],Quantities!$F$2)+VLOOKUP(A162,Quantities[],Quantities!$AB$2))))","v":6713000},{"$f":"IF(B162=\"P\",\"-\",\nIF(C162=\"b\",\nVLOOKUP(INDEX(Quantities!$A$100:$A$118,MATCH(A162,Quantities!$C$100:$C$118)),Quantities[],Quantities!$V$2),\nIF(C162=\"a\",\nVLOOKUP(A162,Quantities[],Quantities!$V$2,0),\n0)))","v":0},6713000,null,"15"]
[{"$f":"'3   Material'!A163","v":2200},{"$f":"'3   Material'!B163","v":"J"},{"$f":"'3   Material'!C163","v":"e"},{"$f":"'3   Material'!D163","v":"U2"},{"$f":"'3   Material'!$E$15:$E$322","v":"2200-J-e-U2"},{"$f":"'3   Material'!$F$15:$F$322","v":"Revegetate-Entire Pit-Final Grade"},{"$f":"'3   Material'!$G$15:$G$322","v":" San Salvador Pit, San Salvador Waste Backfill"},{"$f":"'3   Material'!$H$15:$H$322","v":"-"},{"$f":"IF(B163=\"P\",0,\nIF(AND(LEFT(D163,2)=\"Mg\",B163=\"A\",C163=\"a\"),(1+L163)*VLOOKUP($A163,Quantities[],Quantities!$E$2)/43560,\nVLOOKUP($A163,Quantities[],Quantities!$E$2)/43560))","v":115},{"$f":"IF(B163=\"P\",0,\nIF(AND(OR(C163=\"b\",C163=\"d\"),OR('4   Earthwork'!$B163=\"C\",'4   Earthwork'!$B163=\"D\",'4   Earthwork'!$B163=\"A\",'4   Earthwork'!$B163=\"E\",'4   Earthwork'!$B163=\"B\")),\nVLOOKUP(INDEX(Quantities!$A$100:$A$118,MATCH($A163,Quantities!$C$100:$C$118)),Quantities!$A$100:$AJ$118,Quantities!$U$2),\n0))","v":0},{"$f":"IF(B163=\"P\",0,\nIF(OR(C163=\"b\",C163=\"d\"),\nM163/(1+L163),\nIF(OR(LEFT(D163,2)=\"Rp\",LEFT(D163,2)=\"Mg\"),0,\nVLOOKUP(A163,Quantities[],Quantities!$F$2)+VLOOKUP(A163,Quantities[],Quantities!$AB$2))))","v":1600000},{"$f":"IF(B163=\"P\",\"-\",\nIF(C163=\"b\",\nVLOOKUP(INDEX(Quantities!$A$100:$A$118,MATCH(A163,Quantities!$C$100:$C$118)),Quantities[],Quantities!$V$2),\nIF(C163=\"a\",\nVLOOKUP(A163,Quantities[],Quantities!$V$2,0),\n0)))","v":0},1600000,null,"22"]
[{"$f":"'3   Material'!A164","v":2300},{"$f":"'3   Material'!B164","v":"J"},{"$f":"'3   Material'!C164","v":"e"},{"$f":"'3   Material'!D164","v":"U2"},{"$f":"'3   Material'!$E$15:$E$322","v":"2300-J-e-U2"},{"$f":"'3   Material'!$F$15:$F$322","v":"Revegetate-Entire Stockpile-Final Grade"},{"$f":"'3   Material'!$G$15:$G$322","v":" 6A Leach"},{"$f":"'3   Material'!$H$15:$H$322","v":"-"},{"$f":"IF(B164=\"P\",0,\nIF(AND(LEFT(D164,2)=\"Mg\",B164=\"A\",C164=\"a\"),(1+L164)*VLOOKUP($A164,Quantities[],Quantities!$E$2)/43560,\nVLOOKUP($A164,Quantities[],Quantities!$E$2)/43560))","v":65},{"$f":"IF(B164=\"P\",0,\nIF(AND(OR(C164=\"b\",C164=\"d\"),OR('4   Earthwork'!$B164=\"C\",'4   Earthwork'!$B164=\"D\",'4   Earthwork'!$B164=\"A\",'4   Earthwork'!$B164=\"E\",'4   Earthwork'!$B164=\"B\")),\nVLOOKUP(INDEX(Quantities!$A$100:$A$118,MATCH($A164,Quantities!$C$100:$C$118)),Quantities!$A$100:$AJ$118,Quantities!$U$2),\n0))","v":0},{"$f":"IF(B164=\"P\",0,\nIF(OR(C164=\"b\",C164=\"d\"),\nM164/(1+L164),\nIF(OR(LEFT(D164,2)=\"Rp\",LEFT(D164,2)=\"Mg\"),0,\nVLOOKUP(A164,Quantities[],Quantities!$F$2)+VLOOKUP(A164,Quantities[],Quantities!$AB$2))))","v":485000},{"$f":"IF(B164=\"P\",\"-\",\nIF(C164=\"b\",\nVLOOKUP(INDEX(Quantities!$A$100:$A$118,MATCH(A164,Quantities!$C$100:$C$118)),Quantities[],Quantities!$V$2),\nIF(C164=\"a\",\nVLOOKUP(A164,Quantities[],Quantities!$V$2,0),\n0)))","v":0},485000,null,"23"]
[{"$f":"'3   Material'!A165","v":1400},{"$f":"'3   Material'!B165","v":"J"},{"$f":"'3   Material'!C165","v":"e"},{"$f":"'3   Material'!D165","v":"U2"},{"$f":"'3   Material'!$E$15:$E$322","v":"1400-J-e-U2"},{"$f":"'3   Material'!$F$15:$F$322","v":"Revegetate-Entire Stockpile-Final Grade"},{"$f":"'3   Material'!$G$15:$G$322","v":" 2 Leach (Area 1)"},{"$f":"'3   Material'!$H$15:$H$322","v":"-"},{"$f":"IF(B165=\"P\",0,\nIF(AND(LEFT(D165,2)=\"Mg\",B165=\"A\",C165=\"a\"),(1+L165)*VLOOKUP($A165,Quantities[],Quantities!$E$2)/43560,\nVLOOKUP($A165,Quantities[],Quantities!$E$2)/43560))","v":183},{"$f":"IF(B165=\"P\",0,\nIF(AND(OR(C165=\"b\",C165=\"d\"),OR('4   Earthwork'!$B165=\"C\",'4   Earthwork'!$B165=\"D\",'4   Earthwork'!$B165=\"A\",'4   Earthwork'!$B165=\"E\",'4   Earthwork'!$B165=\"B\")),\nVLOOKUP(INDEX(Quantities!$A$100:$A$118,MATCH($A165,Quantities!$C$100:$C$118)),Quantities!$A$100:$AJ$118,Quantities!$U$2),\n0))","v":0},{"$f":"IF(B165=\"P\",0,\nIF(OR(C165=\"b\",C165=\"d\"),\nM165/(1+L165),\nIF(OR(LEFT(D165,2)=\"Rp\",LEFT(D165,2)=\"Mg\"),0,\nVLOOKUP(A165,Quantities[],Quantities!$F$2)+VLOOKUP(A165,Quantities[],Quantities!$AB$2))))","v":2767000},{"$f":"IF(B165=\"P\",\"-\",\nIF(C165=\"b\",\nVLOOKUP(INDEX(Quantities!$A$100:$A$118,MATCH(A165,Quantities!$C$100:$C$118)),Quantities[],Quantities!$V$2),\nIF(C165=\"a\",\nVLOOKUP(A165,Quantities[],Quantities!$V$2,0),\n0)))","v":0},2767000,null,"14"]
[{"$f":"'3   Material'!A166","v":1800},{"$f":"'3   Material'!B166","v":"J"},{"$f":"'3   Material'!C166","v":"e"},{"$f":"'3   Material'!D166","v":"U2"},{"$f":"'3   Material'!$E$15:$E$322","v":"1800-J-e-U2"},{"$f":"'3   Material'!$F$15:$F$322","v":"Revegetate-Entire Stockpile-Final Grade"},{"$f":"'3   Material'!$G$15:$G$322","v":" 2 Leach (Area 2), 7B Leach, 7B Waste, 7C Waste, South Rim Pit"},{"$f":"'3   Material'!$H$15:$H$322","v":"-"},{"$f":"IF(B166=\"P\",0,\nIF(AND(LEFT(D166,2)=\"Mg\",B166=\"A\",C166=\"a\"),(1+L166)*VLOOKUP($A166,Quantities[],Quantities!$E$2)/43560,\nVLOOKUP($A166,Quantities[],Quantities!$E$2)/43560))","v":375},{"$f":"IF(B166=\"P\",0,\nIF(AND(OR(C166=\"b\",C166=\"d\"),OR('4   Earthwork'!$B166=\"C\",'4   Earthwork'!$B166=\"D\",'4   Earthwork'!$B166=\"A\",'4   Earthwork'!$B166=\"E\",'4   Earthwork'!$B166=\"B\")),\nVLOOKUP(INDEX(Quantities!$A$100:$A$118,MATCH($A166,Quantities!$C$100:$C$118)),Quantities!$A$100:$AJ$118,Quantities!$U$2),\n0))","v":0},{"$f":"IF(B166=\"P\",0,\nIF(OR(C166=\"b\",C166=\"d\"),\nM166/(1+L166),\nIF(OR(LEFT(D166,2)=\"Rp\",LEFT(D166,2)=\"Mg\"),0,\nVLOOKUP(A166,Quantities[],Quantities!$F$2)+VLOOKUP(A166,Quantities[],Quantities!$AB$2))))","v":3303000},{"$f":"IF(B166=\"P\",\"-\",\nIF(C166=\"b\",\nVLOOKUP(INDEX(Quantities!$A$100:$A$118,MATCH(A166,Quantities!$C$100:$C$118)),Quantities[],Quantities!$V$2),\nIF(C166=\"a\",\nVLOOKUP(A166,Quantities[],Quantities!$V$2,0),\n0)))","v":0},3303000,null,"18"]
[{"$f":"'3   Material'!A167","v":1900},{"$f":"'3   Material'!B167","v":"J"},{"$f":"'3   Material'!C167","v":"e"},{"$f":"'3   Material'!D167","v":"U2"},{"$f":"'3   Material'!$E$15:$E$322","v":"1900-J-e-U2"},{"$f":"'3   Material'!$F$15:$F$322","v":"Revegetate-Sludge Disposal Area-Final Grade"},{"$f":"'3   Material'!$G$15:$G$322","v":" 8A Waste, 8C Waste"},{"$f":"'3   Material'!$H$15:$H$322","v":"-"},{"$f":"IF(B167=\"P\",0,\nIF(AND(LEFT(D167,2)=\"Mg\",B167=\"A\",C167=\"a\"),(1+L167)*VLOOKUP($A167,Quantities[],Quantities!$E$2)/43560,\nVLOOKUP($A167,Quantities[],Quantities!$E$2)/43560))","v":47.36},{"$f":"IF(B167=\"P\",0,\nIF(AND(OR(C167=\"b\",C167=\"d\"),OR('4   Earthwork'!$B167=\"C\",'4   Earthwork'!$B167=\"D\",'4   Earthwork'!$B167=\"A\",'4   Earthwork'!$B167=\"E\",'4   Earthwork'!$B167=\"B\")),\nVLOOKUP(INDEX(Quantities!$A$100:$A$118,MATCH($A167,Quantities!$C$100:$C$118)),Quantities!$A$100:$AJ$118,Quantities!$U$2),\n0))","v":0},{"$f":"IF(B167=\"P\",0,\nIF(OR(C167=\"b\",C167=\"d\"),\nM167/(1+L167),\nIF(OR(LEFT(D167,2)=\"Rp\",LEFT(D167,2)=\"Mg\"),0,\nVLOOKUP(A167,Quantities[],Quantities!$F$2)+VLOOKUP(A167,Quantities[],Quantities!$AB$2))))","v":0},{"$f":"IF(B167=\"P\",\"-\",\nIF(C167=\"b\",\nVLOOKUP(INDEX(Quantities!$A$100:$A$118,MATCH(A167,Quantities!$C$100:$C$118)),Quantities[],Quantities!$V$2),\nIF(C167=\"a\",\nVLOOKUP(A167,Quantities[],Quantities!$V$2,0),\n0)))","v":0},0,null,"19"]
[{"$f":"'3   Material'!A168","v":1600},{"$f":"'3   Material'!B168","v":"J"},{"$f":"'3   Material'!C168","v":"e"},{"$f":"'3   Material'!D168","v":"U2"},{"$f":"'3   Material'!$E$15:$E$322","v":"1600-J-e-U2"},{"$f":"'3   Material'!$F$15:$F$322","v":"Revegetate-Entire Stockpile-Final Grade"},{"$f":"'3   Material'!$G$15:$G$322","v":" 6B Leach, 6D Leach"},{"$f":"'3   Material'!$H$15:$H$322","v":"-"},{"$f":"IF(B168=\"P\",0,\nIF(AND(LEFT(D168,2)=\"Mg\",B168=\"A\",C168=\"a\"),(1+L168)*VLOOKUP($A168,Quantities[],Quantities!$E$2)/43560,\nVLOOKUP($A168,Quantities[],Quantities!$E$2)/43560))","v":54},{"$f":"IF(B168=\"P\",0,\nIF(AND(OR(C168=\"b\",C168=\"d\"),OR('4   Earthwork'!$B168=\"C\",'4   Earthwork'!$B168=\"D\",'4   Earthwork'!$B168=\"A\",'4   Earthwork'!$B168=\"E\",'4   Earthwork'!$B168=\"B\")),\nVLOOKUP(INDEX(Quantities!$A$100:$A$118,MATCH($A168,Quantities!$C$100:$C$118)),Quantities!$A$100:$AJ$118,Quantities!$U$2),\n0))","v":0},{"$f":"IF(B168=\"P\",0,\nIF(OR(C168=\"b\",C168=\"d\"),\nM168/(1+L168),\nIF(OR(LEFT(D168,2)=\"Rp\",LEFT(D168,2)=\"Mg\"),0,\nVLOOKUP(A168,Quantities[],Quantities!$F$2)+VLOOKUP(A168,Quantities[],Quantities!$AB$2))))","v":330000},{"$f":"IF(B168=\"P\",\"-\",\nIF(C168=\"b\",\nVLOOKUP(INDEX(Quantities!$A$100:$A$118,MATCH(A168,Quantities!$C$100:$C$118)),Quantities[],Quantities!$V$2),\nIF(C168=\"a\",\nVLOOKUP(A168,Quantities[],Quantities!$V$2,0),\n0)))","v":0},330000,null,"16"]
[{"$f":"'3   Material'!A169","v":1700},{"$f":"'3   Material'!B169","v":"J"},{"$f":"'3   Material'!C169","v":"e"},{"$f":"'3   Material'!D169","v":"U2"},{"$f":"'3   Material'!$E$15:$E$322","v":"1700-J-e-U2"},{"$f":"'3   Material'!$F$15:$F$322","v":"Revegetate-Entire Stockpile-Final Grade"},{"$f":"'3   Material'!$G$15:$G$322","v":" 6C Leach"},{"$f":"'3   Material'!$H$15:$H$322","v":"-"},{"$f":"IF(B169=\"P\",0,\nIF(AND(LEFT(D169,2)=\"Mg\",B169=\"A\",C169=\"a\"),(1+L169)*VLOOKUP($A169,Quantities[],Quantities!$E$2)/43560,\nVLOOKUP($A169,Quantities[],Quantities!$E$2)/43560))","v":66},{"$f":"IF(B169=\"P\",0,\nIF(AND(OR(C169=\"b\",C169=\"d\"),OR('4   Earthwork'!$B169=\"C\",'4   Earthwork'!$B169=\"D\",'4   Earthwork'!$B169=\"A\",'4   Earthwork'!$B169=\"E\",'4   Earthwork'!$B169=\"B\")),\nVLOOKUP(INDEX(Quantities!$A$100:$A$118,MATCH($A169,Quantities!$C$100:$C$118)),Quantities!$A$100:$AJ$118,Quantities!$U$2),\n0))","v":0},{"$f":"IF(B169=\"P\",0,\nIF(OR(C169=\"b\",C169=\"d\"),\nM169/(1+L169),\nIF(OR(LEFT(D169,2)=\"Rp\",LEFT(D169,2)=\"Mg\"),0,\nVLOOKUP(A169,Quantities[],Quantities!$F$2)+VLOOKUP(A169,Quantities[],Quantities!$AB$2))))","v":669000},{"$f":"IF(B169=\"P\",\"-\",\nIF(C169=\"b\",\nVLOOKUP(INDEX(Quantities!$A$100:$A$118,MATCH(A169,Quantities!$C$100:$C$118)),Quantities[],Quantities!$V$2),\nIF(C169=\"a\",\nVLOOKUP(A169,Quantities[],Quantities!$V$2,0),\n0)))","v":0},669000,null,"17"]
[{"$f":"'3   Material'!A170","v":2000},{"$f":"'3   Material'!B170","v":"J"},{"$f":"'3   Material'!C170","v":"e"},{"$f":"'3   Material'!D170","v":"U2"},{"$f":"'3   Material'!$E$15:$E$322","v":"2000-J-e-U2"},{"$f":"'3   Material'!$F$15:$F$322","v":"Revegetate-Entire Stockpile-Final Grade"},{"$f":"'3   Material'!$G$15:$G$322","v":" 9A Waste "},{"$f":"'3   Material'!$H$15:$H$322","v":"-"},{"$f":"IF(B170=\"P\",0,\nIF(AND(LEFT(D170,2)=\"Mg\",B170=\"A\",C170=\"a\"),(1+L170)*VLOOKUP($A170,Quantities[],Quantities!$E$2)/43560,\nVLOOKUP($A170,Quantities[],Quantities!$E$2)/43560))","v":129},{"$f":"IF(B170=\"P\",0,\nIF(AND(OR(C170=\"b\",C170=\"d\"),OR('4   Earthwork'!$B170=\"C\",'4   Earthwork'!$B170=\"D\",'4   Earthwork'!$B170=\"A\",'4   Earthwork'!$B170=\"E\",'4   Earthwork'!$B170=\"B\")),\nVLOOKUP(INDEX(Quantities!$A$100:$A$118,MATCH($A170,Quantities!$C$100:$C$118)),Quantities!$A$100:$AJ$118,Quantities!$U$2),\n0))","v":0},{"$f":"IF(B170=\"P\",0,\nIF(OR(C170=\"b\",C170=\"d\"),\nM170/(1+L170),\nIF(OR(LEFT(D170,2)=\"Rp\",LEFT(D170,2)=\"Mg\"),0,\nVLOOKUP(A170,Quantities[],Quantities!$F$2)+VLOOKUP(A170,Quantities[],Quantities!$AB$2))))","v":682673.99267399276},{"$f":"IF(B170=\"P\",\"-\",\nIF(C170=\"b\",\nVLOOKUP(INDEX(Quantities!$A$100:$A$118,MATCH(A170,Quantities!$C$100:$C$118)),Quantities[],Quantities!$V$2),\nIF(C170=\"a\",\nVLOOKUP(A170,Quantities[],Quantities!$V$2,0),\n0)))","v":0},682673.99267399276,null,"20"]
[{"$f":"'3   Material'!A171","v":2600},{"$f":"'3   Material'!B171","v":"J"},{"$f":"'3   Material'!C171","v":"e"},{"$f":"'3   Material'!D171","v":"U2"},{"$f":"'3   Material'!$E$15:$E$322","v":"2600-J-e-U2"},{"$f":"'3   Material'!$F$15:$F$322","v":"Revegetate-Tailing Launder Line-Final Grade"},{"$f":"'3   Material'!$G$15:$G$322","v":" Reclaimed Tailing Launder Line"},{"$f":"'3   Material'!$H$15:$H$322","v":"-"},{"$f":"IF(B171=\"P\",0,\nIF(AND(LEFT(D171,2)=\"Mg\",B171=\"A\",C171=\"a\"),(1+L171)*VLOOKUP($A171,Quantities[],Quantities!$E$2)/43560,\nVLOOKUP($A171,Quantities[],Quantities!$E$2)/43560))","v":7.4042011019283747},{"$f":"IF(B171=\"P\",0,\nIF(AND(OR(C171=\"b\",C171=\"d\"),OR('4   Earthwork'!$B171=\"C\",'4   Earthwork'!$B171=\"D\",'4   Earthwork'!$B171=\"A\",'4   Earthwork'!$B171=\"E\",'4   Earthwork'!$B171=\"B\")),\nVLOOKUP(INDEX(Quantities!$A$100:$A$118,MATCH($A171,Quantities!$C$100:$C$118)),Quantities!$A$100:$AJ$118,Quantities!$U$2),\n0))","v":0},{"$f":"IF(B171=\"P\",0,\nIF(OR(C171=\"b\",C171=\"d\"),\nM171/(1+L171),\nIF(OR(LEFT(D171,2)=\"Rp\",LEFT(D171,2)=\"Mg\"),0,\nVLOOKUP(A171,Quantities[],Quantities!$F$2)+VLOOKUP(A171,Quantities[],Quantities!$AB$2))))","v":117000},{"$f":"IF(B171=\"P\",\"-\",\nIF(C171=\"b\",\nVLOOKUP(INDEX(Quantities!$A$100:$A$118,MATCH(A171,Quantities!$C$100:$C$118)),Quantities[],Quantities!$V$2),\nIF(C171=\"a\",\nVLOOKUP(A171,Quantities[],Quantities!$V$2,0),\n0)))","v":0},117000,null,"26"]
[{"$f":"'3   Material'!A172","v":2900},{"$f":"'3   Material'!B172","v":"J"},{"$f":"'3   Material'!C172","v":"e"},{"$f":"'3   Material'!D172","v":"U2"},{"$f":"'3   Material'!$E$15:$E$322","v":"2900-J-e-U2"},{"$f":"'3   Material'!$F$15:$F$322","v":"Revegetate-Tailing Pumphouse-Final Grade"},{"$f":"'3   Material'!$G$15:$G$322","v":" Reclaimed 1 Tailing Impoundment Reclaim Water Pumphouse Station"},{"$f":"'3   Material'!$H$15:$H$322","v":"-"},{"$f":"IF(B172=\"P\",0,\nIF(AND(LEFT(D172,2)=\"Mg\",B172=\"A\",C172=\"a\"),(1+L172)*VLOOKUP($A172,Quantities[],Quantities!$E$2)/43560,\nVLOOKUP($A172,Quantities[],Quantities!$E$2)/43560))","v":7},{"$f":"IF(B172=\"P\",0,\nIF(AND(OR(C172=\"b\",C172=\"d\"),OR('4   Earthwork'!$B172=\"C\",'4   Earthwork'!$B172=\"D\",'4   Earthwork'!$B172=\"A\",'4   Earthwork'!$B172=\"E\",'4   Earthwork'!$B172=\"B\")),\nVLOOKUP(INDEX(Quantities!$A$100:$A$118,MATCH($A172,Quantities!$C$100:$C$118)),Quantities!$A$100:$AJ$118,Quantities!$U$2),\n0))","v":0},{"$f":"IF(B172=\"P\",0,\nIF(OR(C172=\"b\",C172=\"d\"),\nM172/(1+L172),\nIF(OR(LEFT(D172,2)=\"Rp\",LEFT(D172,2)=\"Mg\"),0,\nVLOOKUP(A172,Quantities[],Quantities!$F$2)+VLOOKUP(A172,Quantities[],Quantities!$AB$2))))","v":0},{"$f":"IF(B172=\"P\",\"-\",\nIF(C172=\"b\",\nVLOOKUP(INDEX(Quantities!$A$100:$A$118,MATCH(A172,Quantities!$C$100:$C$118)),Quantities[],Quantities!$V$2),\nIF(C172=\"a\",\nVLOOKUP(A172,Quantities[],Quantities!$V$2,0),\n0)))","v":0},0,null,"29"]
[{"$f":"'3   Material'!A173","v":2701},{"$f":"'3   Material'!B173","v":"J"},{"$f":"'3   Material'!C173","v":"e"},{"$f":"'3   Material'!D173","v":"U2"},{"$f":"'3   Material'!$E$15:$E$322","v":"2701-J-e-U2"},{"$f":"'3   Material'!$F$15:$F$322","v":"Revegetate-Surface Impoundments closed at year 99; some closed year 6-Final Grade"},{"$f":"'3   Material'!$G$15:$G$322","v":"Surface Impoundments closed at year 99; some closed year 6 "},{"$f":"'3   Material'!$H$15:$H$322","v":"-"},{"$f":"IF(B173=\"P\",0,\nIF(AND(LEFT(D173,2)=\"Mg\",B173=\"A\",C173=\"a\"),(1+L173)*VLOOKUP($A173,Quantities[],Quantities!$E$2)/43560,\nVLOOKUP($A173,Quantities[],Quantities!$E$2)/43560))","v":21.23},{"$f":"IF(B173=\"P\",0,\nIF(AND(OR(C173=\"b\",C173=\"d\"),OR('4   Earthwork'!$B173=\"C\",'4   Earthwork'!$B173=\"D\",'4   Earthwork'!$B173=\"A\",'4   Earthwork'!$B173=\"E\",'4   Earthwork'!$B173=\"B\")),\nVLOOKUP(INDEX(Quantities!$A$100:$A$118,MATCH($A173,Quantities!$C$100:$C$118)),Quantities!$A$100:$AJ$118,Quantities!$U$2),\n0))","v":0},{"$f":"IF(B173=\"P\",0,\nIF(OR(C173=\"b\",C173=\"d\"),\nM173/(1+L173),\nIF(OR(LEFT(D173,2)=\"Rp\",LEFT(D173,2)=\"Mg\"),0,\nVLOOKUP(A173,Quantities[],Quantities!$F$2)+VLOOKUP(A173,Quantities[],Quantities!$AB$2))))","v":0},{"$f":"IF(B173=\"P\",\"-\",\nIF(C173=\"b\",\nVLOOKUP(INDEX(Quantities!$A$100:$A$118,MATCH(A173,Quantities!$C$100:$C$118)),Quantities[],Quantities!$V$2),\nIF(C173=\"a\",\nVLOOKUP(A173,Quantities[],Quantities!$V$2,0),\n0)))","v":0},0,null,"27"]
[{"$f":"'3   Material'!A174","v":2702},{"$f":"'3   Material'!B174","v":"J"},{"$f":"'3   Material'!C174","v":"e"},{"$f":"'3   Material'!D174","v":"U2"},{"$f":"'3   Material'!$E$15:$E$322","v":"2702-J-e-U2"},{"$f":"'3   Material'!$F$15:$F$322","v":"Revegetate-Surface Impoundments graded over at closure-Final Grade"},{"$f":"'3   Material'!$G$15:$G$322","v":"Surface Impoundments graded over at closure "},{"$f":"'3   Material'!$H$15:$H$322","v":"-"},{"$f":"IF(B174=\"P\",0,\nIF(AND(LEFT(D174,2)=\"Mg\",B174=\"A\",C174=\"a\"),(1+L174)*VLOOKUP($A174,Quantities[],Quantities!$E$2)/43560,\nVLOOKUP($A174,Quantities[],Quantities!$E$2)/43560))","v":0.48},{"$f":"IF(B174=\"P\",0,\nIF(AND(OR(C174=\"b\",C174=\"d\"),OR('4   Earthwork'!$B174=\"C\",'4   Earthwork'!$B174=\"D\",'4   Earthwork'!$B174=\"A\",'4   Earthwork'!$B174=\"E\",'4   Earthwork'!$B174=\"B\")),\nVLOOKUP(INDEX(Quantities!$A$100:$A$118,MATCH($A174,Quantities!$C$100:$C$118)),Quantities!$A$100:$AJ$118,Quantities!$U$2),\n0))","v":0},{"$f":"IF(B174=\"P\",0,\nIF(OR(C174=\"b\",C174=\"d\"),\nM174/(1+L174),\nIF(OR(LEFT(D174,2)=\"Rp\",LEFT(D174,2)=\"Mg\"),0,\nVLOOKUP(A174,Quantities[],Quantities!$F$2)+VLOOKUP(A174,Quantities[],Quantities!$AB$2))))","v":0},{"$f":"IF(B174=\"P\",\"-\",\nIF(C174=\"b\",\nVLOOKUP(INDEX(Quantities!$A$100:$A$118,MATCH(A174,Quantities!$C$100:$C$118)),Quantities[],Quantities!$V$2),\nIF(C174=\"a\",\nVLOOKUP(A174,Quantities[],Quantities!$V$2,0),\n0)))","v":0},0,null,"27"]
[{"$f":"'3   Material'!A175","v":3300},{"$f":"'3   Material'!B175","v":"J"},{"$f":"'3   Material'!C175","v":"e"},{"$f":"'3   Material'!D175","v":"U2"},{"$f":"'3   Material'!$E$15:$E$322","v":"3300-J-e-U2"},{"$f":"'3   Material'!$F$15:$F$322","v":"Revegetate-Unplanned Disturbance Area-Final Grade"},{"$f":"'3   Material'!$G$15:$G$322","v":" Unplanned Disturbance Area"},{"$f":"'3   Material'!$H$15:$H$322","v":"-"},{"$f":"IF(B175=\"P\",0,\nIF(AND(LEFT(D175,2)=\"Mg\",B175=\"A\",C175=\"a\"),(1+L175)*VLOOKUP($A175,Quantities[],Quantities!$E$2)/43560,\nVLOOKUP($A175,Quantities[],Quantities!$E$2)/43560))","v":200},{"$f":"IF(B175=\"P\",0,\nIF(AND(OR(C175=\"b\",C175=\"d\"),OR('4   Earthwork'!$B175=\"C\",'4   Earthwork'!$B175=\"D\",'4   Earthwork'!$B175=\"A\",'4   Earthwork'!$B175=\"E\",'4   Earthwork'!$B175=\"B\")),\nVLOOKUP(INDEX(Quantities!$A$100:$A$118,MATCH($A175,Quantities!$C$100:$C$118)),Quantities!$A$100:$AJ$118,Quantities!$U$2),\n0))","v":0},{"$f":"IF(B175=\"P\",0,\nIF(OR(C175=\"b\",C175=\"d\"),\nM175/(1+L175),\nIF(OR(LEFT(D175,2)=\"Rp\",LEFT(D175,2)=\"Mg\"),0,\nVLOOKUP(A175,Quantities[],Quantities!$F$2)+VLOOKUP(A175,Quantities[],Quantities!$AB$2))))","v":0},{"$f":"IF(B175=\"P\",\"-\",\nIF(C175=\"b\",\nVLOOKUP(INDEX(Quantities!$A$100:$A$118,MATCH(A175,Quantities!$C$100:$C$118)),Quantities[],Quantities!$V$2),\nIF(C175=\"a\",\nVLOOKUP(A175,Quantities[],Quantities!$V$2,0),\n0)))","v":0},0,null,"33"]
[{"$f":"'3   Material'!A176","v":2100},{"$f":"'3   Material'!B176","v":"J"},{"$f":"'3   Material'!C176","v":"e"},{"$f":"'3   Material'!D176","v":"U2"},{"$f":"'3   Material'!$E$15:$E$322","v":"2100-J-e-U2"},{"$f":"'3   Material'!$F$15:$F$322","v":"Revegetate-Entire Stockpile-Final Grade"},{"$f":"'3   Material'!$G$15:$G$322","v":" 9AX Waste"},{"$f":"'3   Material'!$H$15:$H$322","v":"-"},{"$f":"IF(B176=\"P\",0,\nIF(AND(LEFT(D176,2)=\"Mg\",B176=\"A\",C176=\"a\"),(1+L176)*VLOOKUP($A176,Quantities[],Quantities!$E$2)/43560,\nVLOOKUP($A176,Quantities[],Quantities!$E$2)/43560))","v":63.7},{"$f":"IF(B176=\"P\",0,\nIF(AND(OR(C176=\"b\",C176=\"d\"),OR('4   Earthwork'!$B176=\"C\",'4   Earthwork'!$B176=\"D\",'4   Earthwork'!$B176=\"A\",'4   Earthwork'!$B176=\"E\",'4   Earthwork'!$B176=\"B\")),\nVLOOKUP(INDEX(Quantities!$A$100:$A$118,MATCH($A176,Quantities!$C$100:$C$118)),Quantities!$A$100:$AJ$118,Quantities!$U$2),\n0))","v":0},{"$f":"IF(B176=\"P\",0,\nIF(OR(C176=\"b\",C176=\"d\"),\nM176/(1+L176),\nIF(OR(LEFT(D176,2)=\"Rp\",LEFT(D176,2)=\"Mg\"),0,\nVLOOKUP(A176,Quantities[],Quantities!$F$2)+VLOOKUP(A176,Quantities[],Quantities!$AB$2))))","v":601356},{"$f":"IF(B176=\"P\",\"-\",\nIF(C176=\"b\",\nVLOOKUP(INDEX(Quantities!$A$100:$A$118,MATCH(A176,Quantities!$C$100:$C$118)),Quantities[],Quantities!$V$2),\nIF(C176=\"a\",\nVLOOKUP(A176,Quantities[],Quantities!$V$2,0),\n0)))","v":0},601356,null,"21"]
[{"$f":"'3   Material'!A177","v":2803},{"$f":"'3   Material'!B177","v":"J"},{"$f":"'3   Material'!C177","v":"e"},{"$f":"'3   Material'!D177","v":"U2"},{"$f":"'3   Material'!$E$15:$E$322","v":"2803-J-e-U2"},{"$f":"'3   Material'!$F$15:$F$322","v":"Revegetate-Revegetation Area-Final Grade"},{"$f":"'3   Material'!$G$15:$G$322","v":"Other Borrow Areas "},{"$f":"'3   Material'!$H$15:$H$322","v":"-"},{"$f":"IF(B177=\"P\",0,\nIF(AND(LEFT(D177,2)=\"Mg\",B177=\"A\",C177=\"a\"),(1+L177)*VLOOKUP($A177,Quantities[],Quantities!$E$2)/43560,\nVLOOKUP($A177,Quantities[],Quantities!$E$2)/43560))","v":74.7},{"$f":"IF(B177=\"P\",0,\nIF(AND(OR(C177=\"b\",C177=\"d\"),OR('4   Earthwork'!$B177=\"C\",'4   Earthwork'!$B177=\"D\",'4   Earthwork'!$B177=\"A\",'4   Earthwork'!$B177=\"E\",'4   Earthwork'!$B177=\"B\")),\nVLOOKUP(INDEX(Quantities!$A$100:$A$118,MATCH($A177,Quantities!$C$100:$C$118)),Quantities!$A$100:$AJ$118,Quantities!$U$2),\n0))","v":0},{"$f":"IF(B177=\"P\",0,\nIF(OR(C177=\"b\",C177=\"d\"),\nM177/(1+L177),\nIF(OR(LEFT(D177,2)=\"Rp\",LEFT(D177,2)=\"Mg\"),0,\nVLOOKUP(A177,Quantities[],Quantities!$F$2)+VLOOKUP(A177,Quantities[],Quantities!$AB$2))))","v":0},{"$f":"IF(B177=\"P\",\"-\",\nIF(C177=\"b\",\nVLOOKUP(INDEX(Quantities!$A$100:$A$118,MATCH(A177,Quantities!$C$100:$C$118)),Quantities[],Quantities!$V$2),\nIF(C177=\"a\",\nVLOOKUP(A177,Quantities[],Quantities!$V$2,0),\n0)))","v":0},0,null,"28"]
[{"$f":"'3   Material'!A178","v":1000},{"$f":"'3   Material'!B178","v":"P"},{"$f":"'3   Material'!C178","v":"b"},{"$f":"'3   Material'!D178","v":"Comb1"},{"$f":"'3   Material'!$E$15:$E$322","v":"1000-P-b-Comb1"},{"$f":"'3   Material'!$F$15:$F$322","v":"Road Maintenance-Entire Stockpile"},{"$f":"'3   Material'!$G$15:$G$322","v":" Gila Borrow Area"},{"$f":"'3   Material'!$H$15:$H$322","v":"1A Leach, 1B Leach "},{"$f":"IF(B178=\"P\",0,\nIF(AND(LEFT(D178,2)=\"Mg\",B178=\"A\",C178=\"a\"),(1+L178)*VLOOKUP($A178,Quantities[],Quantities!$E$2)/43560,\nVLOOKUP($A178,Quantities[],Quantities!$E$2)/43560))","v":0},{"$f":"IF(B178=\"P\",0,\nIF(AND(OR(C178=\"b\",C178=\"d\"),OR('4   Earthwork'!$B178=\"C\",'4   Earthwork'!$B178=\"D\",'4   Earthwork'!$B178=\"A\",'4   Earthwork'!$B178=\"E\",'4   Earthwork'!$B178=\"B\")),\nVLOOKUP(INDEX(Quantities!$A$100:$A$118,MATCH($A178,Quantities!$C$100:$C$118)),Quantities!$A$100:$AJ$118,Quantities!$U$2),\n0))","v":0},{"$f":"IF(B178=\"P\",0,\nIF(OR(C178=\"b\",C178=\"d\"),\nM178/(1+L178),\nIF(OR(LEFT(D178,2)=\"Rp\",LEFT(D178,2)=\"Mg\"),0,\nVLOOKUP(A178,Quantities[],Quantities!$F$2)+VLOOKUP(A178,Quantities[],Quantities!$AB$2))))","v":0},{"$f":"IF(B178=\"P\",\"-\",\nIF(C178=\"b\",\nVLOOKUP(INDEX(Quantities!$A$100:$A$118,MATCH(A178,Quantities!$C$100:$C$118)),Quantities[],Quantities!$V$2),\nIF(C178=\"a\",\nVLOOKUP(A178,Quantities[],Quantities!$V$2,0),\n0)))","v":"-"},0,null,"10"]
[{"$f":"'3   Material'!A179","v":1100},{"$f":"'3   Material'!B179","v":"P"},{"$f":"'3   Material'!C179","v":"b"},{"$f":"'3   Material'!D179","v":"Comb1"},{"$f":"'3   Material'!$E$15:$E$322","v":"1100-P-b-Comb1"},{"$f":"'3   Material'!$F$15:$F$322","v":"Road Maintenance-Top (Haul Road)"},{"$f":"'3   Material'!$G$15:$G$322","v":" Gila Borrow Area"},{"$f":"'3   Material'!$H$15:$H$322","v":"Reclaimed 1C Waste"},{"$f":"IF(B179=\"P\",0,\nIF(AND(LEFT(D179,2)=\"Mg\",B179=\"A\",C179=\"a\"),(1+L179)*VLOOKUP($A179,Quantities[],Quantities!$E$2)/43560,\nVLOOKUP($A179,Quantities[],Quantities!$E$2)/43560))","v":0},{"$f":"IF(B179=\"P\",0,\nIF(AND(OR(C179=\"b\",C179=\"d\"),OR('4   Earthwork'!$B179=\"C\",'4   Earthwork'!$B179=\"D\",'4   Earthwork'!$B179=\"A\",'4   Earthwork'!$B179=\"E\",'4   Earthwork'!$B179=\"B\")),\nVLOOKUP(INDEX(Quantities!$A$100:$A$118,MATCH($A179,Quantities!$C$100:$C$118)),Quantities!$A$100:$AJ$118,Quantities!$U$2),\n0))","v":0},{"$f":"IF(B179=\"P\",0,\nIF(OR(C179=\"b\",C179=\"d\"),\nM179/(1+L179),\nIF(OR(LEFT(D179,2)=\"Rp\",LEFT(D179,2)=\"Mg\"),0,\nVLOOKUP(A179,Quantities[],Quantities!$F$2)+VLOOKUP(A179,Quantities[],Quantities!$AB$2))))","v":0},{"$f":"IF(B179=\"P\",\"-\",\nIF(C179=\"b\",\nVLOOKUP(INDEX(Quantities!$A$100:$A$118,MATCH(A179,Quantities!$C$100:$C$118)),Quantities[],Quantities!$V$2),\nIF(C179=\"a\",\nVLOOKUP(A179,Quantities[],Quantities!$V$2,0),\n0)))","v":"-"},0,null,"11"]
[{"$f":"'3   Material'!A180","v":1200},{"$f":"'3   Material'!B180","v":"P"},{"$f":"'3   Material'!C180","v":"b"},{"$f":"'3   Material'!D180","v":"Comb1"},{"$f":"'3   Material'!$E$15:$E$322","v":"1200-P-b-Comb1"},{"$f":"'3   Material'!$F$15:$F$322","v":"Road Maintenance-Entire Stockpile"},{"$f":"'3   Material'!$G$15:$G$322","v":" Gila Borrow Area"},{"$f":"'3   Material'!$H$15:$H$322","v":"2B Waste, 2A Leach, 2B Leach"},{"$f":"IF(B180=\"P\",0,\nIF(AND(LEFT(D180,2)=\"Mg\",B180=\"A\",C180=\"a\"),(1+L180)*VLOOKUP($A180,Quantities[],Quantities!$E$2)/43560,\nVLOOKUP($A180,Quantities[],Quantities!$E$2)/43560))","v":0},{"$f":"IF(B180=\"P\",0,\nIF(AND(OR(C180=\"b\",C180=\"d\"),OR('4   Earthwork'!$B180=\"C\",'4   Earthwork'!$B180=\"D\",'4   Earthwork'!$B180=\"A\",'4   Earthwork'!$B180=\"E\",'4   Earthwork'!$B180=\"B\")),\nVLOOKUP(INDEX(Quantities!$A$100:$A$118,MATCH($A180,Quantities!$C$100:$C$118)),Quantities!$A$100:$AJ$118,Quantities!$U$2),\n0))","v":0},{"$f":"IF(B180=\"P\",0,\nIF(OR(C180=\"b\",C180=\"d\"),\nM180/(1+L180),\nIF(OR(LEFT(D180,2)=\"Rp\",LEFT(D180,2)=\"Mg\"),0,\nVLOOKUP(A180,Quantities[],Quantities!$F$2)+VLOOKUP(A180,Quantities[],Quantities!$AB$2))))","v":0},{"$f":"IF(B180=\"P\",\"-\",\nIF(C180=\"b\",\nVLOOKUP(INDEX(Quantities!$A$100:$A$118,MATCH(A180,Quantities!$C$100:$C$118)),Quantities[],Quantities!$V$2),\nIF(C180=\"a\",\nVLOOKUP(A180,Quantities[],Quantities!$V$2,0),\n0)))","v":"-"},0,null,"12"]
[{"$f":"'3   Material'!A181","v":1300},{"$f":"'3   Material'!B181","v":"P"},{"$f":"'3   Material'!C181","v":"b"},{"$f":"'3   Material'!D181","v":"Comb1"},{"$f":"'3   Material'!$E$15:$E$322","v":"1300-P-b-Comb1"},{"$f":"'3   Material'!$F$15:$F$322","v":"Road Maintenance-Entire Stockpile"},{"$f":"'3   Material'!$G$15:$G$322","v":" Gila Borrow Area"},{"$f":"'3   Material'!$H$15:$H$322","v":"3A Leach, 3B Waste"},{"$f":"IF(B181=\"P\",0,\nIF(AND(LEFT(D181,2)=\"Mg\",B181=\"A\",C181=\"a\"),(1+L181)*VLOOKUP($A181,Quantities[],Quantities!$E$2)/43560,\nVLOOKUP($A181,Quantities[],Quantities!$E$2)/43560))","v":0},{"$f":"IF(B181=\"P\",0,\nIF(AND(OR(C181=\"b\",C181=\"d\"),OR('4   Earthwork'!$B181=\"C\",'4   Earthwork'!$B181=\"D\",'4   Earthwork'!$B181=\"A\",'4   Earthwork'!$B181=\"E\",'4   Earthwork'!$B181=\"B\")),\nVLOOKUP(INDEX(Quantities!$A$100:$A$118,MATCH($A181,Quantities!$C$100:$C$118)),Quantities!$A$100:$AJ$118,Quantities!$U$2),\n0))","v":0},{"$f":"IF(B181=\"P\",0,\nIF(OR(C181=\"b\",C181=\"d\"),\nM181/(1+L181),\nIF(OR(LEFT(D181,2)=\"Rp\",LEFT(D181,2)=\"Mg\"),0,\nVLOOKUP(A181,Quantities[],Quantities!$F$2)+VLOOKUP(A181,Quantities[],Quantities!$AB$2))))","v":0},{"$f":"IF(B181=\"P\",\"-\",\nIF(C181=\"b\",\nVLOOKUP(INDEX(Quantities!$A$100:$A$118,MATCH(A181,Quantities!$C$100:$C$118)),Quantities[],Quantities!$V$2),\nIF(C181=\"a\",\nVLOOKUP(A181,Quantities[],Quantities!$V$2,0),\n0)))","v":"-"},0,null,"13"]
[{"$f":"'3   Material'!A182","v":1500},{"$f":"'3   Material'!B182","v":"P"},{"$f":"'3   Material'!C182","v":"b"},{"$f":"'3   Material'!D182","v":"Comb1"},{"$f":"'3   Material'!$E$15:$E$322","v":"1500-P-b-Comb1"},{"$f":"'3   Material'!$F$15:$F$322","v":"Road Maintenance-Entire Stockpile"},{"$f":"'3   Material'!$G$15:$G$322","v":" Gila Borrow Area"},{"$f":"'3   Material'!$H$15:$H$322","v":"5A Waste"},{"$f":"IF(B182=\"P\",0,\nIF(AND(LEFT(D182,2)=\"Mg\",B182=\"A\",C182=\"a\"),(1+L182)*VLOOKUP($A182,Quantities[],Quantities!$E$2)/43560,\nVLOOKUP($A182,Quantities[],Quantities!$E$2)/43560))","v":0},{"$f":"IF(B182=\"P\",0,\nIF(AND(OR(C182=\"b\",C182=\"d\"),OR('4   Earthwork'!$B182=\"C\",'4   Earthwork'!$B182=\"D\",'4   Earthwork'!$B182=\"A\",'4   Earthwork'!$B182=\"E\",'4   Earthwork'!$B182=\"B\")),\nVLOOKUP(INDEX(Quantities!$A$100:$A$118,MATCH($A182,Quantities!$C$100:$C$118)),Quantities!$A$100:$AJ$118,Quantities!$U$2),\n0))","v":0},{"$f":"IF(B182=\"P\",0,\nIF(OR(C182=\"b\",C182=\"d\"),\nM182/(1+L182),\nIF(OR(LEFT(D182,2)=\"Rp\",LEFT(D182,2)=\"Mg\"),0,\nVLOOKUP(A182,Quantities[],Quantities!$F$2)+VLOOKUP(A182,Quantities[],Quantities!$AB$2))))","v":0},{"$f":"IF(B182=\"P\",\"-\",\nIF(C182=\"b\",\nVLOOKUP(INDEX(Quantities!$A$100:$A$118,MATCH(A182,Quantities!$C$100:$C$118)),Quantities[],Quantities!$V$2),\nIF(C182=\"a\",\nVLOOKUP(A182,Quantities[],Quantities!$V$2,0),\n0)))","v":"-"},0,null,"15"]
[{"$f":"'3   Material'!A183","v":2200},{"$f":"'3   Material'!B183","v":"P"},{"$f":"'3   Material'!C183","v":"b"},{"$f":"'3   Material'!D183","v":"Comb1"},{"$f":"'3   Material'!$E$15:$E$322","v":"2200-P-b-Comb1"},{"$f":"'3   Material'!$F$15:$F$322","v":"Road Maintenance-Entire Pit"},{"$f":"'3   Material'!$G$15:$G$322","v":" Leach Stockpile"},{"$f":"'3   Material'!$H$15:$H$322","v":"San Salvador Pit, San Salvador Waste Backfill"},{"$f":"IF(B183=\"P\",0,\nIF(AND(LEFT(D183,2)=\"Mg\",B183=\"A\",C183=\"a\"),(1+L183)*VLOOKUP($A183,Quantities[],Quantities!$E$2)/43560,\nVLOOKUP($A183,Quantities[],Quantities!$E$2)/43560))","v":0},{"$f":"IF(B183=\"P\",0,\nIF(AND(OR(C183=\"b\",C183=\"d\"),OR('4   Earthwork'!$B183=\"C\",'4   Earthwork'!$B183=\"D\",'4   Earthwork'!$B183=\"A\",'4   Earthwork'!$B183=\"E\",'4   Earthwork'!$B183=\"B\")),\nVLOOKUP(INDEX(Quantities!$A$100:$A$118,MATCH($A183,Quantities!$C$100:$C$118)),Quantities!$A$100:$AJ$118,Quantities!$U$2),\n0))","v":0},{"$f":"IF(B183=\"P\",0,\nIF(OR(C183=\"b\",C183=\"d\"),\nM183/(1+L183),\nIF(OR(LEFT(D183,2)=\"Rp\",LEFT(D183,2)=\"Mg\"),0,\nVLOOKUP(A183,Quantities[],Quantities!$F$2)+VLOOKUP(A183,Quantities[],Quantities!$AB$2))))","v":0},{"$f":"IF(B183=\"P\",\"-\",\nIF(C183=\"b\",\nVLOOKUP(INDEX(Quantities!$A$100:$A$118,MATCH(A183,Quantities!$C$100:$C$118)),Quantities[],Quantities!$V$2),\nIF(C183=\"a\",\nVLOOKUP(A183,Quantities[],Quantities!$V$2,0),\n0)))","v":"-"},0,null,"22"]
[{"$f":"'3   Material'!A184","v":2300},{"$f":"'3   Material'!B184","v":"P"},{"$f":"'3   Material'!C184","v":"b"},{"$f":"'3   Material'!D184","v":"Comb1"},{"$f":"'3   Material'!$E$15:$E$322","v":"2300-P-b-Comb1"},{"$f":"'3   Material'!$F$15:$F$322","v":"Road Maintenance-Entire Stockpile"},{"$f":"'3   Material'!$G$15:$G$322","v":" Gila Borrow Area"},{"$f":"'3   Material'!$H$15:$H$322","v":"6A Leach"},{"$f":"IF(B184=\"P\",0,\nIF(AND(LEFT(D184,2)=\"Mg\",B184=\"A\",C184=\"a\"),(1+L184)*VLOOKUP($A184,Quantities[],Quantities!$E$2)/43560,\nVLOOKUP($A184,Quantities[],Quantities!$E$2)/43560))","v":0},{"$f":"IF(B184=\"P\",0,\nIF(AND(OR(C184=\"b\",C184=\"d\"),OR('4   Earthwork'!$B184=\"C\",'4   Earthwork'!$B184=\"D\",'4   Earthwork'!$B184=\"A\",'4   Earthwork'!$B184=\"E\",'4   Earthwork'!$B184=\"B\")),\nVLOOKUP(INDEX(Quantities!$A$100:$A$118,MATCH($A184,Quantities!$C$100:$C$118)),Quantities!$A$100:$AJ$118,Quantities!$U$2),\n0))","v":0},{"$f":"IF(B184=\"P\",0,\nIF(OR(C184=\"b\",C184=\"d\"),\nM184/(1+L184),\nIF(OR(LEFT(D184,2)=\"Rp\",LEFT(D184,2)=\"Mg\"),0,\nVLOOKUP(A184,Quantities[],Quantities!$F$2)+VLOOKUP(A184,Quantities[],Quantities!$AB$2))))","v":0},{"$f":"IF(B184=\"P\",\"-\",\nIF(C184=\"b\",\nVLOOKUP(INDEX(Quantities!$A$100:$A$118,MATCH(A184,Quantities!$C$100:$C$118)),Quantities[],Quantities!$V$2),\nIF(C184=\"a\",\nVLOOKUP(A184,Quantities[],Quantities!$V$2,0),\n0)))","v":"-"},0,null,"23"]
[{"$f":"'3   Material'!A185","v":1400},{"$f":"'3   Material'!B185","v":"P"},{"$f":"'3   Material'!C185","v":"b"},{"$f":"'3   Material'!D185","v":"Comb1"},{"$f":"'3   Material'!$E$15:$E$322","v":"1400-P-b-Comb1"},{"$f":"'3   Material'!$F$15:$F$322","v":"Road Maintenance-Entire Stockpile"},{"$f":"'3   Material'!$G$15:$G$322","v":" Gila Borrow Area"},{"$f":"'3   Material'!$H$15:$H$322","v":"2 Leach (Area 1)"},{"$f":"IF(B185=\"P\",0,\nIF(AND(LEFT(D185,2)=\"Mg\",B185=\"A\",C185=\"a\"),(1+L185)*VLOOKUP($A185,Quantities[],Quantities!$E$2)/43560,\nVLOOKUP($A185,Quantities[],Quantities!$E$2)/43560))","v":0},{"$f":"IF(B185=\"P\",0,\nIF(AND(OR(C185=\"b\",C185=\"d\"),OR('4   Earthwork'!$B185=\"C\",'4   Earthwork'!$B185=\"D\",'4   Earthwork'!$B185=\"A\",'4   Earthwork'!$B185=\"E\",'4   Earthwork'!$B185=\"B\")),\nVLOOKUP(INDEX(Quantities!$A$100:$A$118,MATCH($A185,Quantities!$C$100:$C$118)),Quantities!$A$100:$AJ$118,Quantities!$U$2),\n0))","v":0},{"$f":"IF(B185=\"P\",0,\nIF(OR(C185=\"b\",C185=\"d\"),\nM185/(1+L185),\nIF(OR(LEFT(D185,2)=\"Rp\",LEFT(D185,2)=\"Mg\"),0,\nVLOOKUP(A185,Quantities[],Quantities!$F$2)+VLOOKUP(A185,Quantities[],Quantities!$AB$2))))","v":0},{"$f":"IF(B185=\"P\",\"-\",\nIF(C185=\"b\",\nVLOOKUP(INDEX(Quantities!$A$100:$A$118,MATCH(A185,Quantities!$C$100:$C$118)),Quantities[],Quantities!$V$2),\nIF(C185=\"a\",\nVLOOKUP(A185,Quantities[],Quantities!$V$2,0),\n0)))","v":"-"},0,null,"14"]
[{"$f":"'3   Material'!A186","v":1800},{"$f":"'3   Material'!B186","v":"P"},{"$f":"'3   Material'!C186","v":"b"},{"$f":"'3   Material'!D186","v":"Comb1"},{"$f":"'3   Material'!$E$15:$E$322","v":"1800-P-b-Comb1"},{"$f":"'3   Material'!$F$15:$F$322","v":"Road Maintenance-Entire Stockpile"},{"$f":"'3   Material'!$G$15:$G$322","v":" Gila Borrow Area"},{"$f":"'3   Material'!$H$15:$H$322","v":"2 Leach (Area 2), 7B Leach, 7B Waste, 7C Waste, South Rim Pit"},{"$f":"IF(B186=\"P\",0,\nIF(AND(LEFT(D186,2)=\"Mg\",B186=\"A\",C186=\"a\"),(1+L186)*VLOOKUP($A186,Quantities[],Quantities!$E$2)/43560,\nVLOOKUP($A186,Quantities[],Quantities!$E$2)/43560))","v":0},{"$f":"IF(B186=\"P\",0,\nIF(AND(OR(C186=\"b\",C186=\"d\"),OR('4   Earthwork'!$B186=\"C\",'4   Earthwork'!$B186=\"D\",'4   Earthwork'!$B186=\"A\",'4   Earthwork'!$B186=\"E\",'4   Earthwork'!$B186=\"B\")),\nVLOOKUP(INDEX(Quantities!$A$100:$A$118,MATCH($A186,Quantities!$C$100:$C$118)),Quantities!$A$100:$AJ$118,Quantities!$U$2),\n0))","v":0},{"$f":"IF(B186=\"P\",0,\nIF(OR(C186=\"b\",C186=\"d\"),\nM186/(1+L186),\nIF(OR(LEFT(D186,2)=\"Rp\",LEFT(D186,2)=\"Mg\"),0,\nVLOOKUP(A186,Quantities[],Quantities!$F$2)+VLOOKUP(A186,Quantities[],Quantities!$AB$2))))","v":0},{"$f":"IF(B186=\"P\",\"-\",\nIF(C186=\"b\",\nVLOOKUP(INDEX(Quantities!$A$100:$A$118,MATCH(A186,Quantities!$C$100:$C$118)),Quantities[],Quantities!$V$2),\nIF(C186=\"a\",\nVLOOKUP(A186,Quantities[],Quantities!$V$2,0),\n0)))","v":"-"},0,null,"18"]
[{"$f":"'3   Material'!A187","v":1900},{"$f":"'3   Material'!B187","v":"P"},{"$f":"'3   Material'!C187","v":"b"},{"$f":"'3   Material'!D187","v":"Comb1"},{"$f":"'3   Material'!$E$15:$E$322","v":"1900-P-b-Comb1"},{"$f":"'3   Material'!$F$15:$F$322","v":"Road Maintenance-Sludge Disposal Area"},{"$f":"'3   Material'!$G$15:$G$322","v":" Gila Borrow Area"},{"$f":"'3   Material'!$H$15:$H$322","v":"8A Waste, 8C Waste"},{"$f":"IF(B187=\"P\",0,\nIF(AND(LEFT(D187,2)=\"Mg\",B187=\"A\",C187=\"a\"),(1+L187)*VLOOKUP($A187,Quantities[],Quantities!$E$2)/43560,\nVLOOKUP($A187,Quantities[],Quantities!$E$2)/43560))","v":0},{"$f":"IF(B187=\"P\",0,\nIF(AND(OR(C187=\"b\",C187=\"d\"),OR('4   Earthwork'!$B187=\"C\",'4   Earthwork'!$B187=\"D\",'4   Earthwork'!$B187=\"A\",'4   Earthwork'!$B187=\"E\",'4   Earthwork'!$B187=\"B\")),\nVLOOKUP(INDEX(Quantities!$A$100:$A$118,MATCH($A187,Quantities!$C$100:$C$118)),Quantities!$A$100:$AJ$118,Quantities!$U$2),\n0))","v":0},{"$f":"IF(B187=\"P\",0,\nIF(OR(C187=\"b\",C187=\"d\"),\nM187/(1+L187),\nIF(OR(LEFT(D187,2)=\"Rp\",LEFT(D187,2)=\"Mg\"),0,\nVLOOKUP(A187,Quantities[],Quantities!$F$2)+VLOOKUP(A187,Quantities[],Quantities!$AB$2))))","v":0},{"$f":"IF(B187=\"P\",\"-\",\nIF(C187=\"b\",\nVLOOKUP(INDEX(Quantities!$A$100:$A$118,MATCH(A187,Quantities!$C$100:$C$118)),Quantities[],Quantities!$V$2),\nIF(C187=\"a\",\nVLOOKUP(A187,Quantities[],Quantities!$V$2,0),\n0)))","v":"-"},0,null,"19"]
[{"$f":"'3   Material'!A188","v":1600},{"$f":"'3   Material'!B188","v":"P"},{"$f":"'3   Material'!C188","v":"b"},{"$f":"'3   Material'!D188","v":"Comb1"},{"$f":"'3   Material'!$E$15:$E$322","v":"1600-P-b-Comb1"},{"$f":"'3   Material'!$F$15:$F$322","v":"Road Maintenance-Entire Stockpile"},{"$f":"'3   Material'!$G$15:$G$322","v":" Gila Borrow Area"},{"$f":"'3   Material'!$H$15:$H$322","v":"6B Leach, 6D Leach"},{"$f":"IF(B188=\"P\",0,\nIF(AND(LEFT(D188,2)=\"Mg\",B188=\"A\",C188=\"a\"),(1+L188)*VLOOKUP($A188,Quantities[],Quantities!$E$2)/43560,\nVLOOKUP($A188,Quantities[],Quantities!$E$2)/43560))","v":0},{"$f":"IF(B188=\"P\",0,\nIF(AND(OR(C188=\"b\",C188=\"d\"),OR('4   Earthwork'!$B188=\"C\",'4   Earthwork'!$B188=\"D\",'4   Earthwork'!$B188=\"A\",'4   Earthwork'!$B188=\"E\",'4   Earthwork'!$B188=\"B\")),\nVLOOKUP(INDEX(Quantities!$A$100:$A$118,MATCH($A188,Quantities!$C$100:$C$118)),Quantities!$A$100:$AJ$118,Quantities!$U$2),\n0))","v":0},{"$f":"IF(B188=\"P\",0,\nIF(OR(C188=\"b\",C188=\"d\"),\nM188/(1+L188),\nIF(OR(LEFT(D188,2)=\"Rp\",LEFT(D188,2)=\"Mg\"),0,\nVLOOKUP(A188,Quantities[],Quantities!$F$2)+VLOOKUP(A188,Quantities[],Quantities!$AB$2))))","v":0},{"$f":"IF(B188=\"P\",\"-\",\nIF(C188=\"b\",\nVLOOKUP(INDEX(Quantities!$A$100:$A$118,MATCH(A188,Quantities!$C$100:$C$118)),Quantities[],Quantities!$V$2),\nIF(C188=\"a\",\nVLOOKUP(A188,Quantities[],Quantities!$V$2,0),\n0)))","v":"-"},0,null,"16"]
[{"$f":"'3   Material'!A189","v":1700},{"$f":"'3   Material'!B189","v":"P"},{"$f":"'3   Material'!C189","v":"b"},{"$f":"'3   Material'!D189","v":"Comb1"},{"$f":"'3   Material'!$E$15:$E$322","v":"1700-P-b-Comb1"},{"$f":"'3   Material'!$F$15:$F$322","v":"Road Maintenance-Entire Stockpile"},{"$f":"'3   Material'!$G$15:$G$322","v":" Gila Borrow Area"},{"$f":"'3   Material'!$H$15:$H$322","v":"6C Leach"},{"$f":"IF(B189=\"P\",0,\nIF(AND(LEFT(D189,2)=\"Mg\",B189=\"A\",C189=\"a\"),(1+L189)*VLOOKUP($A189,Quantities[],Quantities!$E$2)/43560,\nVLOOKUP($A189,Quantities[],Quantities!$E$2)/43560))","v":0},{"$f":"IF(B189=\"P\",0,\nIF(AND(OR(C189=\"b\",C189=\"d\"),OR('4   Earthwork'!$B189=\"C\",'4   Earthwork'!$B189=\"D\",'4   Earthwork'!$B189=\"A\",'4   Earthwork'!$B189=\"E\",'4   Earthwork'!$B189=\"B\")),\nVLOOKUP(INDEX(Quantities!$A$100:$A$118,MATCH($A189,Quantities!$C$100:$C$118)),Quantities!$A$100:$AJ$118,Quantities!$U$2),\n0))","v":0},{"$f":"IF(B189=\"P\",0,\nIF(OR(C189=\"b\",C189=\"d\"),\nM189/(1+L189),\nIF(OR(LEFT(D189,2)=\"Rp\",LEFT(D189,2)=\"Mg\"),0,\nVLOOKUP(A189,Quantities[],Quantities!$F$2)+VLOOKUP(A189,Quantities[],Quantities!$AB$2))))","v":0},{"$f":"IF(B189=\"P\",\"-\",\nIF(C189=\"b\",\nVLOOKUP(INDEX(Quantities!$A$100:$A$118,MATCH(A189,Quantities!$C$100:$C$118)),Quantities[],Quantities!$V$2),\nIF(C189=\"a\",\nVLOOKUP(A189,Quantities[],Quantities!$V$2,0),\n0)))","v":"-"},0,null,"17"]
[{"$f":"'3   Material'!A190","v":2701},{"$f":"'3   Material'!B190","v":"P"},{"$f":"'3   Material'!C190","v":"b"},{"$f":"'3   Material'!D190","v":"Comb1"},{"$f":"'3   Material'!$E$15:$E$322","v":"2701-P-b-Comb1"},{"$f":"'3   Material'!$F$15:$F$322","v":"Road Maintenance-Surface Impoundments closed at year 99; some closed year 6"},{"$f":"'3   Material'!$G$15:$G$322","v":" Gila Borrow Area"},{"$f":"'3   Material'!$H$15:$H$322","v":"Cntmnt-1"},{"$f":"IF(B190=\"P\",0,\nIF(AND(LEFT(D190,2)=\"Mg\",B190=\"A\",C190=\"a\"),(1+L190)*VLOOKUP($A190,Quantities[],Quantities!$E$2)/43560,\nVLOOKUP($A190,Quantities[],Quantities!$E$2)/43560))","v":0},{"$f":"IF(B190=\"P\",0,\nIF(AND(OR(C190=\"b\",C190=\"d\"),OR('4   Earthwork'!$B190=\"C\",'4   Earthwork'!$B190=\"D\",'4   Earthwork'!$B190=\"A\",'4   Earthwork'!$B190=\"E\",'4   Earthwork'!$B190=\"B\")),\nVLOOKUP(INDEX(Quantities!$A$100:$A$118,MATCH($A190,Quantities!$C$100:$C$118)),Quantities!$A$100:$AJ$118,Quantities!$U$2),\n0))","v":0},{"$f":"IF(B190=\"P\",0,\nIF(OR(C190=\"b\",C190=\"d\"),\nM190/(1+L190),\nIF(OR(LEFT(D190,2)=\"Rp\",LEFT(D190,2)=\"Mg\"),0,\nVLOOKUP(A190,Quantities[],Quantities!$F$2)+VLOOKUP(A190,Quantities[],Quantities!$AB$2))))","v":0},{"$f":"IF(B190=\"P\",\"-\",\nIF(C190=\"b\",\nVLOOKUP(INDEX(Quantities!$A$100:$A$118,MATCH(A190,Quantities!$C$100:$C$118)),Quantities[],Quantities!$V$2),\nIF(C190=\"a\",\nVLOOKUP(A190,Quantities[],Quantities!$V$2,0),\n0)))","v":"-"},0,null,"27"]
[{"$f":"'3   Material'!A191","v":3300},{"$f":"'3   Material'!B191","v":"P"},{"$f":"'3   Material'!C191","v":"b"},{"$f":"'3   Material'!D191","v":"Comb1"},{"$f":"'3   Material'!$E$15:$E$322","v":"3300-P-b-Comb1"},{"$f":"'3   Material'!$F$15:$F$322","v":"Road Maintenance-Unplanned Disturbance Area"},{"$f":"'3   Material'!$G$15:$G$322","v":" Gila Borrow Area"},{"$f":"'3   Material'!$H$15:$H$322","v":"Unplanned Disturbance Area"},{"$f":"IF(B191=\"P\",0,\nIF(AND(LEFT(D191,2)=\"Mg\",B191=\"A\",C191=\"a\"),(1+L191)*VLOOKUP($A191,Quantities[],Quantities!$E$2)/43560,\nVLOOKUP($A191,Quantities[],Quantities!$E$2)/43560))","v":0},{"$f":"IF(B191=\"P\",0,\nIF(AND(OR(C191=\"b\",C191=\"d\"),OR('4   Earthwork'!$B191=\"C\",'4   Earthwork'!$B191=\"D\",'4   Earthwork'!$B191=\"A\",'4   Earthwork'!$B191=\"E\",'4   Earthwork'!$B191=\"B\")),\nVLOOKUP(INDEX(Quantities!$A$100:$A$118,MATCH($A191,Quantities!$C$100:$C$118)),Quantities!$A$100:$AJ$118,Quantities!$U$2),\n0))","v":0},{"$f":"IF(B191=\"P\",0,\nIF(OR(C191=\"b\",C191=\"d\"),\nM191/(1+L191),\nIF(OR(LEFT(D191,2)=\"Rp\",LEFT(D191,2)=\"Mg\"),0,\nVLOOKUP(A191,Quantities[],Quantities!$F$2)+VLOOKUP(A191,Quantities[],Quantities!$AB$2))))","v":0},{"$f":"IF(B191=\"P\",\"-\",\nIF(C191=\"b\",\nVLOOKUP(INDEX(Quantities!$A$100:$A$118,MATCH(A191,Quantities!$C$100:$C$118)),Quantities[],Quantities!$V$2),\nIF(C191=\"a\",\nVLOOKUP(A191,Quantities[],Quantities!$V$2,0),\n0)))","v":"-"},0,null,"33"]
[{"$f":"'3   Material'!A192","v":2000},{"$f":"'3   Material'!B192","v":"P"},{"$f":"'3   Material'!C192","v":"b"},{"$f":"'3   Material'!D192","v":"Comb1"},{"$f":"'3   Material'!$E$15:$E$322","v":"2000-P-b-Comb1"},{"$f":"'3   Material'!$F$15:$F$322","v":"Road Maintenance-Entire Stockpile"},{"$f":"'3   Material'!$G$15:$G$322","v":" Borrow Area A"},{"$f":"'3   Material'!$H$15:$H$322","v":"9A Waste "},{"$f":"IF(B192=\"P\",0,\nIF(AND(LEFT(D192,2)=\"Mg\",B192=\"A\",C192=\"a\"),(1+L192)*VLOOKUP($A192,Quantities[],Quantities!$E$2)/43560,\nVLOOKUP($A192,Quantities[],Quantities!$E$2)/43560))","v":0},{"$f":"IF(B192=\"P\",0,\nIF(AND(OR(C192=\"b\",C192=\"d\"),OR('4   Earthwork'!$B192=\"C\",'4   Earthwork'!$B192=\"D\",'4   Earthwork'!$B192=\"A\",'4   Earthwork'!$B192=\"E\",'4   Earthwork'!$B192=\"B\")),\nVLOOKUP(INDEX(Quantities!$A$100:$A$118,MATCH($A192,Quantities!$C$100:$C$118)),Quantities!$A$100:$AJ$118,Quantities!$U$2),\n0))","v":0},{"$f":"IF(B192=\"P\",0,\nIF(OR(C192=\"b\",C192=\"d\"),\nM192/(1+L192),\nIF(OR(LEFT(D192,2)=\"Rp\",LEFT(D192,2)=\"Mg\"),0,\nVLOOKUP(A192,Quantities[],Quantities!$F$2)+VLOOKUP(A192,Quantities[],Quantities!$AB$2))))","v":0},{"$f":"IF(B192=\"P\",\"-\",\nIF(C192=\"b\",\nVLOOKUP(INDEX(Quantities!$A$100:$A$118,MATCH(A192,Quantities!$C$100:$C$118)),Quantities[],Quantities!$V$2),\nIF(C192=\"a\",\nVLOOKUP(A192,Quantities[],Quantities!$V$2,0),\n0)))","v":"-"},0,null,"20"]
[{"$f":"'3   Material'!A193","v":2100},{"$f":"'3   Material'!B193","v":"P"},{"$f":"'3   Material'!C193","v":"b"},{"$f":"'3   Material'!D193","v":"Comb1"},{"$f":"'3   Material'!$E$15:$E$322","v":"2100-P-b-Comb1"},{"$f":"'3   Material'!$F$15:$F$322","v":"Road Maintenance-Entire Stockpile"},{"$f":"'3   Material'!$G$15:$G$322","v":" Borrow Area A"},{"$f":"'3   Material'!$H$15:$H$322","v":"9AX Waste"},{"$f":"IF(B193=\"P\",0,\nIF(AND(LEFT(D193,2)=\"Mg\",B193=\"A\",C193=\"a\"),(1+L193)*VLOOKUP($A193,Quantities[],Quantities!$E$2)/43560,\nVLOOKUP($A193,Quantities[],Quantities!$E$2)/43560))","v":0},{"$f":"IF(B193=\"P\",0,\nIF(AND(OR(C193=\"b\",C193=\"d\"),OR('4   Earthwork'!$B193=\"C\",'4   Earthwork'!$B193=\"D\",'4   Earthwork'!$B193=\"A\",'4   Earthwork'!$B193=\"E\",'4   Earthwork'!$B193=\"B\")),\nVLOOKUP(INDEX(Quantities!$A$100:$A$118,MATCH($A193,Quantities!$C$100:$C$118)),Quantities!$A$100:$AJ$118,Quantities!$U$2),\n0))","v":0},{"$f":"IF(B193=\"P\",0,\nIF(OR(C193=\"b\",C193=\"d\"),\nM193/(1+L193),\nIF(OR(LEFT(D193,2)=\"Rp\",LEFT(D193,2)=\"Mg\"),0,\nVLOOKUP(A193,Quantities[],Quantities!$F$2)+VLOOKUP(A193,Quantities[],Quantities!$AB$2))))","v":0},{"$f":"IF(B193=\"P\",\"-\",\nIF(C193=\"b\",\nVLOOKUP(INDEX(Quantities!$A$100:$A$118,MATCH(A193,Quantities!$C$100:$C$118)),Quantities[],Quantities!$V$2),\nIF(C193=\"a\",\nVLOOKUP(A193,Quantities[],Quantities!$V$2,0),\n0)))","v":"-"},0,null,"21"]
[{"$f":"'3   Material'!A194","v":1302},{"$f":"'3   Material'!B194","v":"P"},{"$f":"'3   Material'!C194","v":"f"},{"$f":"'3   Material'!D194","v":"Comb1"},{"$f":"'3   Material'!$E$15:$E$322","v":"1302-P-f-Comb1"},{"$f":"'3   Material'!$F$15:$F$322","v":"Road Maintenance-Outslopes Pullback"},{"$f":"'3   Material'!$G$15:$G$322","v":" 3A Leach, 3B Waste"},{"$f":"'3   Material'!$H$15:$H$322","v":"3A Leach, 3B Waste"},{"$f":"IF(B194=\"P\",0,\nIF(AND(LEFT(D194,2)=\"Mg\",B194=\"A\",C194=\"a\"),(1+L194)*VLOOKUP($A194,Quantities[],Quantities!$E$2)/43560,\nVLOOKUP($A194,Quantities[],Quantities!$E$2)/43560))","v":0},{"$f":"IF(B194=\"P\",0,\nIF(AND(OR(C194=\"b\",C194=\"d\"),OR('4   Earthwork'!$B194=\"C\",'4   Earthwork'!$B194=\"D\",'4   Earthwork'!$B194=\"A\",'4   Earthwork'!$B194=\"E\",'4   Earthwork'!$B194=\"B\")),\nVLOOKUP(INDEX(Quantities!$A$100:$A$118,MATCH($A194,Quantities!$C$100:$C$118)),Quantities!$A$100:$AJ$118,Quantities!$U$2),\n0))","v":0},{"$f":"IF(B194=\"P\",0,\nIF(OR(C194=\"b\",C194=\"d\"),\nM194/(1+L194),\nIF(OR(LEFT(D194,2)=\"Rp\",LEFT(D194,2)=\"Mg\"),0,\nVLOOKUP(A194,Quantities[],Quantities!$F$2)+VLOOKUP(A194,Quantities[],Quantities!$AB$2))))","v":0},{"$f":"IF(B194=\"P\",\"-\",\nIF(C194=\"b\",\nVLOOKUP(INDEX(Quantities!$A$100:$A$118,MATCH(A194,Quantities!$C$100:$C$118)),Quantities[],Quantities!$V$2),\nIF(C194=\"a\",\nVLOOKUP(A194,Quantities[],Quantities!$V$2,0),\n0)))","v":"-"},0,null,"13"]
[{"$f":"'3   Material'!A195","v":2201},{"$f":"'3   Material'!B195","v":"P"},{"$f":"'3   Material'!C195","v":"f"},{"$f":"'3   Material'!D195","v":"Comb1"},{"$f":"'3   Material'!$E$15:$E$322","v":"2201-P-f-Comb1"},{"$f":"'3   Material'!$F$15:$F$322","v":"Road Maintenance-Pit Backfill"},{"$f":"'3   Material'!$G$15:$G$322","v":" Leach Stockpile"},{"$f":"'3   Material'!$H$15:$H$322","v":"San Salvador Pit, San Salvador Waste Backfill"},{"$f":"IF(B195=\"P\",0,\nIF(AND(LEFT(D195,2)=\"Mg\",B195=\"A\",C195=\"a\"),(1+L195)*VLOOKUP($A195,Quantities[],Quantities!$E$2)/43560,\nVLOOKUP($A195,Quantities[],Quantities!$E$2)/43560))","v":0},{"$f":"IF(B195=\"P\",0,\nIF(AND(OR(C195=\"b\",C195=\"d\"),OR('4   Earthwork'!$B195=\"C\",'4   Earthwork'!$B195=\"D\",'4   Earthwork'!$B195=\"A\",'4   Earthwork'!$B195=\"E\",'4   Earthwork'!$B195=\"B\")),\nVLOOKUP(INDEX(Quantities!$A$100:$A$118,MATCH($A195,Quantities!$C$100:$C$118)),Quantities!$A$100:$AJ$118,Quantities!$U$2),\n0))","v":0},{"$f":"IF(B195=\"P\",0,\nIF(OR(C195=\"b\",C195=\"d\"),\nM195/(1+L195),\nIF(OR(LEFT(D195,2)=\"Rp\",LEFT(D195,2)=\"Mg\"),0,\nVLOOKUP(A195,Quantities[],Quantities!$F$2)+VLOOKUP(A195,Quantities[],Quantities!$AB$2))))","v":0},{"$f":"IF(B195=\"P\",\"-\",\nIF(C195=\"b\",\nVLOOKUP(INDEX(Quantities!$A$100:$A$118,MATCH(A195,Quantities!$C$100:$C$118)),Quantities[],Quantities!$V$2),\nIF(C195=\"a\",\nVLOOKUP(A195,Quantities[],Quantities!$V$2,0),\n0)))","v":"-"},0,null,"22"]
[{"$f":"'3   Material'!A196","v":2600},{"$f":"'3   Material'!B196","v":"P"},{"$f":"'3   Material'!C196","v":"b"},{"$f":"'3   Material'!D196","v":"Comb1"},{"$f":"'3   Material'!$E$15:$E$322","v":"2600-P-b-Comb1"},{"$f":"'3   Material'!$F$15:$F$322","v":"Road Maintenance-Tailing Launder Line"},{"$f":"'3   Material'!$G$15:$G$322","v":" 9AX Waste"},{"$f":"'3   Material'!$H$15:$H$322","v":"Reclaimed Tailing Launder Line"},{"$f":"IF(B196=\"P\",0,\nIF(AND(LEFT(D196,2)=\"Mg\",B196=\"A\",C196=\"a\"),(1+L196)*VLOOKUP($A196,Quantities[],Quantities!$E$2)/43560,\nVLOOKUP($A196,Quantities[],Quantities!$E$2)/43560))","v":0},{"$f":"IF(B196=\"P\",0,\nIF(AND(OR(C196=\"b\",C196=\"d\"),OR('4   Earthwork'!$B196=\"C\",'4   Earthwork'!$B196=\"D\",'4   Earthwork'!$B196=\"A\",'4   Earthwork'!$B196=\"E\",'4   Earthwork'!$B196=\"B\")),\nVLOOKUP(INDEX(Quantities!$A$100:$A$118,MATCH($A196,Quantities!$C$100:$C$118)),Quantities!$A$100:$AJ$118,Quantities!$U$2),\n0))","v":0},{"$f":"IF(B196=\"P\",0,\nIF(OR(C196=\"b\",C196=\"d\"),\nM196/(1+L196),\nIF(OR(LEFT(D196,2)=\"Rp\",LEFT(D196,2)=\"Mg\"),0,\nVLOOKUP(A196,Quantities[],Quantities!$F$2)+VLOOKUP(A196,Quantities[],Quantities!$AB$2))))","v":0},{"$f":"IF(B196=\"P\",\"-\",\nIF(C196=\"b\",\nVLOOKUP(INDEX(Quantities!$A$100:$A$118,MATCH(A196,Quantities!$C$100:$C$118)),Quantities[],Quantities!$V$2),\nIF(C196=\"a\",\nVLOOKUP(A196,Quantities[],Quantities!$V$2,0),\n0)))","v":"-"},0,null,"26"]
[{"$f":"'3   Material'!A197","v":2900},{"$f":"'3   Material'!B197","v":"P"},{"$f":"'3   Material'!C197","v":"b"},{"$f":"'3   Material'!D197","v":"Comb1"},{"$f":"'3   Material'!$E$15:$E$322","v":"2900-P-b-Comb1"},{"$f":"'3   Material'!$F$15:$F$322","v":"Road Maintenance-Tailing Pumphouse"},{"$f":"'3   Material'!$G$15:$G$322","v":" Reclaimed Tailing Launder Line"},{"$f":"'3   Material'!$H$15:$H$322","v":"Reclaimed 1 Tailing Impoundment Reclaim Water Pumphouse Station"},{"$f":"IF(B197=\"P\",0,\nIF(AND(LEFT(D197,2)=\"Mg\",B197=\"A\",C197=\"a\"),(1+L197)*VLOOKUP($A197,Quantities[],Quantities!$E$2)/43560,\nVLOOKUP($A197,Quantities[],Quantities!$E$2)/43560))","v":0},{"$f":"IF(B197=\"P\",0,\nIF(AND(OR(C197=\"b\",C197=\"d\"),OR('4   Earthwork'!$B197=\"C\",'4   Earthwork'!$B197=\"D\",'4   Earthwork'!$B197=\"A\",'4   Earthwork'!$B197=\"E\",'4   Earthwork'!$B197=\"B\")),\nVLOOKUP(INDEX(Quantities!$A$100:$A$118,MATCH($A197,Quantities!$C$100:$C$118)),Quantities!$A$100:$AJ$118,Quantities!$U$2),\n0))","v":0},{"$f":"IF(B197=\"P\",0,\nIF(OR(C197=\"b\",C197=\"d\"),\nM197/(1+L197),\nIF(OR(LEFT(D197,2)=\"Rp\",LEFT(D197,2)=\"Mg\"),0,\nVLOOKUP(A197,Quantities[],Quantities!$F$2)+VLOOKUP(A197,Quantities[],Quantities!$AB$2))))","v":0},{"$f":"IF(B197=\"P\",\"-\",\nIF(C197=\"b\",\nVLOOKUP(INDEX(Quantities!$A$100:$A$118,MATCH(A197,Quantities!$C$100:$C$118)),Quantities[],Quantities!$V$2),\nIF(C197=\"a\",\nVLOOKUP(A197,Quantities[],Quantities!$V$2,0),\n0)))","v":"-"},0,null,"29"]
[{"$f":"'3   Material'!A198","v":3002},{"$f":"'3   Material'!B198","v":"N"},{"$f":"'3   Material'!C198","v":"e"},{"$f":"'3   Material'!D198","v":"U19"},{"$f":"'3   Material'!$E$15:$E$322","v":"3002-N-e-U19"},{"$f":"'3   Material'!$F$15:$F$322","v":"Plug and Abandon Well-Wells-Final Grade"},{"$f":"'3   Material'!$G$15:$G$322","v":"2-inch ID wells (avg. TD = 36 ft) "},{"$f":"'3   Material'!$H$15:$H$322","v":"-"},{"$f":"IF(B198=\"P\",0,\nIF(AND(LEFT(D198,2)=\"Mg\",B198=\"A\",C198=\"a\"),(1+L198)*VLOOKUP($A198,Quantities[],Quantities!$E$2)/43560,\nVLOOKUP($A198,Quantities[],Quantities!$E$2)/43560))","v":0},{"$f":"IF(B198=\"P\",0,\nIF(AND(OR(C198=\"b\",C198=\"d\"),OR('4   Earthwork'!$B198=\"C\",'4   Earthwork'!$B198=\"D\",'4   Earthwork'!$B198=\"A\",'4   Earthwork'!$B198=\"E\",'4   Earthwork'!$B198=\"B\")),\nVLOOKUP(INDEX(Quantities!$A$100:$A$118,MATCH($A198,Quantities!$C$100:$C$118)),Quantities!$A$100:$AJ$118,Quantities!$U$2),\n0))","v":0},{"$f":"IF(B198=\"P\",0,\nIF(OR(C198=\"b\",C198=\"d\"),\nM198/(1+L198),\nIF(OR(LEFT(D198,2)=\"Rp\",LEFT(D198,2)=\"Mg\"),0,\nVLOOKUP(A198,Quantities[],Quantities!$F$2)+VLOOKUP(A198,Quantities[],Quantities!$AB$2))))","v":0},{"$f":"IF(B198=\"P\",\"-\",\nIF(C198=\"b\",\nVLOOKUP(INDEX(Quantities!$A$100:$A$118,MATCH(A198,Quantities!$C$100:$C$118)),Quantities[],Quantities!$V$2),\nIF(C198=\"a\",\nVLOOKUP(A198,Quantities[],Quantities!$V$2,0),\n0)))","v":0},0,null,"30"]
[{"$f":"'3   Material'!A199","v":3003},{"$f":"'3   Material'!B199","v":"N"},{"$f":"'3   Material'!C199","v":"e"},{"$f":"'3   Material'!D199","v":"U19"},{"$f":"'3   Material'!$E$15:$E$322","v":"3003-N-e-U19"},{"$f":"'3   Material'!$F$15:$F$322","v":"Plug and Abandon Well-Wells-Final Grade"},{"$f":"'3   Material'!$G$15:$G$322","v":"4-inch ID wells (avg. TD = 113 ft) "},{"$f":"'3   Material'!$H$15:$H$322","v":"-"},{"$f":"IF(B199=\"P\",0,\nIF(AND(LEFT(D199,2)=\"Mg\",B199=\"A\",C199=\"a\"),(1+L199)*VLOOKUP($A199,Quantities[],Quantities!$E$2)/43560,\nVLOOKUP($A199,Quantities[],Quantities!$E$2)/43560))","v":0},{"$f":"IF(B199=\"P\",0,\nIF(AND(OR(C199=\"b\",C199=\"d\"),OR('4   Earthwork'!$B199=\"C\",'4   Earthwork'!$B199=\"D\",'4   Earthwork'!$B199=\"A\",'4   Earthwork'!$B199=\"E\",'4   Earthwork'!$B199=\"B\")),\nVLOOKUP(INDEX(Quantities!$A$100:$A$118,MATCH($A199,Quantities!$C$100:$C$118)),Quantities!$A$100:$AJ$118,Quantities!$U$2),\n0))","v":0},{"$f":"IF(B199=\"P\",0,\nIF(OR(C199=\"b\",C199=\"d\"),\nM199/(1+L199),\nIF(OR(LEFT(D199,2)=\"Rp\",LEFT(D199,2)=\"Mg\"),0,\nVLOOKUP(A199,Quantities[],Quantities!$F$2)+VLOOKUP(A199,Quantities[],Quantities!$AB$2))))","v":0},{"$f":"IF(B199=\"P\",\"-\",\nIF(C199=\"b\",\nVLOOKUP(INDEX(Quantities!$A$100:$A$118,MATCH(A199,Quantities!$C$100:$C$118)),Quantities[],Quantities!$V$2),\nIF(C199=\"a\",\nVLOOKUP(A199,Quantities[],Quantities!$V$2,0),\n0)))","v":0},0,null,"30"]
[{"$f":"'3   Material'!A200","v":3004},{"$f":"'3   Material'!B200","v":"N"},{"$f":"'3   Material'!C200","v":"e"},{"$f":"'3   Material'!D200","v":"U19"},{"$f":"'3   Material'!$E$15:$E$322","v":"3004-N-e-U19"},{"$f":"'3   Material'!$F$15:$F$322","v":"Plug and Abandon Well-Wells-Final Grade"},{"$f":"'3   Material'!$G$15:$G$322","v":"4-inch ID wells, avg. total depth = 172 ft (28% Year 19 and  rest Year 99 of closure) "},{"$f":"'3   Material'!$H$15:$H$322","v":"-"},{"$f":"IF(B200=\"P\",0,\nIF(AND(LEFT(D200,2)=\"Mg\",B200=\"A\",C200=\"a\"),(1+L200)*VLOOKUP($A200,Quantities[],Quantities!$E$2)/43560,\nVLOOKUP($A200,Quantities[],Quantities!$E$2)/43560))","v":0},{"$f":"IF(B200=\"P\",0,\nIF(AND(OR(C200=\"b\",C200=\"d\"),OR('4   Earthwork'!$B200=\"C\",'4   Earthwork'!$B200=\"D\",'4   Earthwork'!$B200=\"A\",'4   Earthwork'!$B200=\"E\",'4   Earthwork'!$B200=\"B\")),\nVLOOKUP(INDEX(Quantities!$A$100:$A$118,MATCH($A200,Quantities!$C$100:$C$118)),Quantities!$A$100:$AJ$118,Quantities!$U$2),\n0))","v":0},{"$f":"IF(B200=\"P\",0,\nIF(OR(C200=\"b\",C200=\"d\"),\nM200/(1+L200),\nIF(OR(LEFT(D200,2)=\"Rp\",LEFT(D200,2)=\"Mg\"),0,\nVLOOKUP(A200,Quantities[],Quantities!$F$2)+VLOOKUP(A200,Quantities[],Quantities!$AB$2))))","v":0},{"$f":"IF(B200=\"P\",\"-\",\nIF(C200=\"b\",\nVLOOKUP(INDEX(Quantities!$A$100:$A$118,MATCH(A200,Quantities!$C$100:$C$118)),Quantities[],Quantities!$V$2),\nIF(C200=\"a\",\nVLOOKUP(A200,Quantities[],Quantities!$V$2,0),\n0)))","v":0},0,null,"30"]
[{"$f":"'3   Material'!A201","v":2100},{"$f":"'3   Material'!B201","v":"N"},{"$f":"'3   Material'!C201","v":"e"},{"$f":"'3   Material'!D201","v":"U19"},{"$f":"'3   Material'!$E$15:$E$322","v":"2100-N-e-U19"},{"$f":"'3   Material'!$F$15:$F$322","v":"Plug and Abandon Well-Entire Stockpile-Final Grade"},{"$f":"'3   Material'!$G$15:$G$322","v":" 9AX Waste"},{"$f":"'3   Material'!$H$15:$H$322","v":"-"},{"$f":"IF(B201=\"P\",0,\nIF(AND(LEFT(D201,2)=\"Mg\",B201=\"A\",C201=\"a\"),(1+L201)*VLOOKUP($A201,Quantities[],Quantities!$E$2)/43560,\nVLOOKUP($A201,Quantities[],Quantities!$E$2)/43560))","v":63.7},{"$f":"IF(B201=\"P\",0,\nIF(AND(OR(C201=\"b\",C201=\"d\"),OR('4   Earthwork'!$B201=\"C\",'4   Earthwork'!$B201=\"D\",'4   Earthwork'!$B201=\"A\",'4   Earthwork'!$B201=\"E\",'4   Earthwork'!$B201=\"B\")),\nVLOOKUP(INDEX(Quantities!$A$100:$A$118,MATCH($A201,Quantities!$C$100:$C$118)),Quantities!$A$100:$AJ$118,Quantities!$U$2),\n0))","v":0},{"$f":"IF(B201=\"P\",0,\nIF(OR(C201=\"b\",C201=\"d\"),\nM201/(1+L201),\nIF(OR(LEFT(D201,2)=\"Rp\",LEFT(D201,2)=\"Mg\"),0,\nVLOOKUP(A201,Quantities[],Quantities!$F$2)+VLOOKUP(A201,Quantities[],Quantities!$AB$2))))","v":601356},{"$f":"IF(B201=\"P\",\"-\",\nIF(C201=\"b\",\nVLOOKUP(INDEX(Quantities!$A$100:$A$118,MATCH(A201,Quantities!$C$100:$C$118)),Quantities[],Quantities!$V$2),\nIF(C201=\"a\",\nVLOOKUP(A201,Quantities[],Quantities!$V$2,0),\n0)))","v":0},601356,null,"21"]
[{"$f":"'3   Material'!A202","v":3005},{"$f":"'3   Material'!B202","v":"O"},{"$f":"'3   Material'!C202","v":"e"},{"$f":"'3   Material'!D202","v":"U20"},{"$f":"'3   Material'!$E$15:$E$322","v":"3005-O-e-U20"},{"$f":"'3   Material'!$F$15:$F$322","v":"Replace Well-Wells-Final Grade"},{"$f":"'3   Material'!$G$15:$G$322","v":"6-inch ID wells (avg. TD = 135 ft) "},{"$f":"'3   Material'!$H$15:$H$322","v":"-"},{"$f":"IF(B202=\"P\",0,\nIF(AND(LEFT(D202,2)=\"Mg\",B202=\"A\",C202=\"a\"),(1+L202)*VLOOKUP($A202,Quantities[],Quantities!$E$2)/43560,\nVLOOKUP($A202,Quantities[],Quantities!$E$2)/43560))","v":0},{"$f":"IF(B202=\"P\",0,\nIF(AND(OR(C202=\"b\",C202=\"d\"),OR('4   Earthwork'!$B202=\"C\",'4   Earthwork'!$B202=\"D\",'4   Earthwork'!$B202=\"A\",'4   Earthwork'!$B202=\"E\",'4   Earthwork'!$B202=\"B\")),\nVLOOKUP(INDEX(Quantities!$A$100:$A$118,MATCH($A202,Quantities!$C$100:$C$118)),Quantities!$A$100:$AJ$118,Quantities!$U$2),\n0))","v":0},{"$f":"IF(B202=\"P\",0,\nIF(OR(C202=\"b\",C202=\"d\"),\nM202/(1+L202),\nIF(OR(LEFT(D202,2)=\"Rp\",LEFT(D202,2)=\"Mg\"),0,\nVLOOKUP(A202,Quantities[],Quantities!$F$2)+VLOOKUP(A202,Quantities[],Quantities!$AB$2))))","v":0},{"$f":"IF(B202=\"P\",\"-\",\nIF(C202=\"b\",\nVLOOKUP(INDEX(Quantities!$A$100:$A$118,MATCH(A202,Quantities!$C$100:$C$118)),Quantities[],Quantities!$V$2),\nIF(C202=\"a\",\nVLOOKUP(A202,Quantities[],Quantities!$V$2,0),\n0)))","v":0},0,null,"30"]
[{"$f":"'3   Material'!A203","v":3006},{"$f":"'3   Material'!B203","v":"O"},{"$f":"'3   Material'!C203","v":"e"},{"$f":"'3   Material'!D203","v":"U20"},{"$f":"'3   Material'!$E$15:$E$322","v":"3006-O-e-U20"},{"$f":"'3   Material'!$F$15:$F$322","v":"Replace Well-Wells-Final Grade"},{"$f":"'3   Material'!$G$15:$G$322","v":"286-2008-04 (5\" x 200') Well "},{"$f":"'3   Material'!$H$15:$H$322","v":"-"},{"$f":"IF(B203=\"P\",0,\nIF(AND(LEFT(D203,2)=\"Mg\",B203=\"A\",C203=\"a\"),(1+L203)*VLOOKUP($A203,Quantities[],Quantities!$E$2)/43560,\nVLOOKUP($A203,Quantities[],Quantities!$E$2)/43560))","v":0},{"$f":"IF(B203=\"P\",0,\nIF(AND(OR(C203=\"b\",C203=\"d\"),OR('4   Earthwork'!$B203=\"C\",'4   Earthwork'!$B203=\"D\",'4   Earthwork'!$B203=\"A\",'4   Earthwork'!$B203=\"E\",'4   Earthwork'!$B203=\"B\")),\nVLOOKUP(INDEX(Quantities!$A$100:$A$118,MATCH($A203,Quantities!$C$100:$C$118)),Quantities!$A$100:$AJ$118,Quantities!$U$2),\n0))","v":0},{"$f":"IF(B203=\"P\",0,\nIF(OR(C203=\"b\",C203=\"d\"),\nM203/(1+L203),\nIF(OR(LEFT(D203,2)=\"Rp\",LEFT(D203,2)=\"Mg\"),0,\nVLOOKUP(A203,Quantities[],Quantities!$F$2)+VLOOKUP(A203,Quantities[],Quantities!$AB$2))))","v":0},{"$f":"IF(B203=\"P\",\"-\",\nIF(C203=\"b\",\nVLOOKUP(INDEX(Quantities!$A$100:$A$118,MATCH(A203,Quantities!$C$100:$C$118)),Quantities[],Quantities!$V$2),\nIF(C203=\"a\",\nVLOOKUP(A203,Quantities[],Quantities!$V$2,0),\n0)))","v":0},0,null,"30"]
[{"$f":"'3   Material'!A204","v":3007},{"$f":"'3   Material'!B204","v":"O"},{"$f":"'3   Material'!C204","v":"e"},{"$f":"'3   Material'!D204","v":"U20"},{"$f":"'3   Material'!$E$15:$E$322","v":"3007-O-e-U20"},{"$f":"'3   Material'!$F$15:$F$322","v":"Replace Well-Wells-Final Grade"},{"$f":"'3   Material'!$G$15:$G$322","v":"286-2008-05 (5\" x 200') Well "},{"$f":"'3   Material'!$H$15:$H$322","v":"-"},{"$f":"IF(B204=\"P\",0,\nIF(AND(LEFT(D204,2)=\"Mg\",B204=\"A\",C204=\"a\"),(1+L204)*VLOOKUP($A204,Quantities[],Quantities!$E$2)/43560,\nVLOOKUP($A204,Quantities[],Quantities!$E$2)/43560))","v":0},{"$f":"IF(B204=\"P\",0,\nIF(AND(OR(C204=\"b\",C204=\"d\"),OR('4   Earthwork'!$B204=\"C\",'4   Earthwork'!$B204=\"D\",'4   Earthwork'!$B204=\"A\",'4   Earthwork'!$B204=\"E\",'4   Earthwork'!$B204=\"B\")),\nVLOOKUP(INDEX(Quantities!$A$100:$A$118,MATCH($A204,Quantities!$C$100:$C$118)),Quantities!$A$100:$AJ$118,Quantities!$U$2),\n0))","v":0},{"$f":"IF(B204=\"P\",0,\nIF(OR(C204=\"b\",C204=\"d\"),\nM204/(1+L204),\nIF(OR(LEFT(D204,2)=\"Rp\",LEFT(D204,2)=\"Mg\"),0,\nVLOOKUP(A204,Quantities[],Quantities!$F$2)+VLOOKUP(A204,Quantities[],Quantities!$AB$2))))","v":0},{"$f":"IF(B204=\"P\",\"-\",\nIF(C204=\"b\",\nVLOOKUP(INDEX(Quantities!$A$100:$A$118,MATCH(A204,Quantities!$C$100:$C$118)),Quantities[],Quantities!$V$2),\nIF(C204=\"a\",\nVLOOKUP(A204,Quantities[],Quantities!$V$2,0),\n0)))","v":0},0,null,"30"]
[{"$f":"'3   Material'!A205","v":3008},{"$f":"'3   Material'!B205","v":"O"},{"$f":"'3   Material'!C205","v":"e"},{"$f":"'3   Material'!D205","v":"U20"},{"$f":"'3   Material'!$E$15:$E$322","v":"3008-O-e-U20"},{"$f":"'3   Material'!$F$15:$F$322","v":"Replace Well-Wells-Final Grade"},{"$f":"'3   Material'!$G$15:$G$322","v":"286-2008-06 (4\" x 60.5') Well "},{"$f":"'3   Material'!$H$15:$H$322","v":"-"},{"$f":"IF(B205=\"P\",0,\nIF(AND(LEFT(D205,2)=\"Mg\",B205=\"A\",C205=\"a\"),(1+L205)*VLOOKUP($A205,Quantities[],Quantities!$E$2)/43560,\nVLOOKUP($A205,Quantities[],Quantities!$E$2)/43560))","v":0},{"$f":"IF(B205=\"P\",0,\nIF(AND(OR(C205=\"b\",C205=\"d\"),OR('4   Earthwork'!$B205=\"C\",'4   Earthwork'!$B205=\"D\",'4   Earthwork'!$B205=\"A\",'4   Earthwork'!$B205=\"E\",'4   Earthwork'!$B205=\"B\")),\nVLOOKUP(INDEX(Quantities!$A$100:$A$118,MATCH($A205,Quantities!$C$100:$C$118)),Quantities!$A$100:$AJ$118,Quantities!$U$2),\n0))","v":0},{"$f":"IF(B205=\"P\",0,\nIF(OR(C205=\"b\",C205=\"d\"),\nM205/(1+L205),\nIF(OR(LEFT(D205,2)=\"Rp\",LEFT(D205,2)=\"Mg\"),0,\nVLOOKUP(A205,Quantities[],Quantities!$F$2)+VLOOKUP(A205,Quantities[],Quantities!$AB$2))))","v":0},{"$f":"IF(B205=\"P\",\"-\",\nIF(C205=\"b\",\nVLOOKUP(INDEX(Quantities!$A$100:$A$118,MATCH(A205,Quantities!$C$100:$C$118)),Quantities[],Quantities!$V$2),\nIF(C205=\"a\",\nVLOOKUP(A205,Quantities[],Quantities!$V$2,0),\n0)))","v":0},0,null,"30"]
[{"$f":"'3   Material'!A206","v":3009},{"$f":"'3   Material'!B206","v":"N"},{"$f":"'3   Material'!C206","v":"e"},{"$f":"'3   Material'!D206","v":"U19"},{"$f":"'3   Material'!$E$15:$E$322","v":"3009-N-e-U19"},{"$f":"'3   Material'!$F$15:$F$322","v":"Plug and Abandon Well-Wells-Final Grade"},{"$f":"'3   Material'!$G$15:$G$322","v":"Exploration Holes "},{"$f":"'3   Material'!$H$15:$H$322","v":"-"},{"$f":"IF(B206=\"P\",0,\nIF(AND(LEFT(D206,2)=\"Mg\",B206=\"A\",C206=\"a\"),(1+L206)*VLOOKUP($A206,Quantities[],Quantities!$E$2)/43560,\nVLOOKUP($A206,Quantities[],Quantities!$E$2)/43560))","v":0},{"$f":"IF(B206=\"P\",0,\nIF(AND(OR(C206=\"b\",C206=\"d\"),OR('4   Earthwork'!$B206=\"C\",'4   Earthwork'!$B206=\"D\",'4   Earthwork'!$B206=\"A\",'4   Earthwork'!$B206=\"E\",'4   Earthwork'!$B206=\"B\")),\nVLOOKUP(INDEX(Quantities!$A$100:$A$118,MATCH($A206,Quantities!$C$100:$C$118)),Quantities!$A$100:$AJ$118,Quantities!$U$2),\n0))","v":0},{"$f":"IF(B206=\"P\",0,\nIF(OR(C206=\"b\",C206=\"d\"),\nM206/(1+L206),\nIF(OR(LEFT(D206,2)=\"Rp\",LEFT(D206,2)=\"Mg\"),0,\nVLOOKUP(A206,Quantities[],Quantities!$F$2)+VLOOKUP(A206,Quantities[],Quantities!$AB$2))))","v":0},{"$f":"IF(B206=\"P\",\"-\",\nIF(C206=\"b\",\nVLOOKUP(INDEX(Quantities!$A$100:$A$118,MATCH(A206,Quantities!$C$100:$C$118)),Quantities[],Quantities!$V$2),\nIF(C206=\"a\",\nVLOOKUP(A206,Quantities[],Quantities!$V$2,0),\n0)))","v":0},0,null,"30"]
[{"$f":"'3   Material'!A207","v":3100},{"$f":"'3   Material'!B207","v":"L"},{"$f":"'3   Material'!C207","v":"e"},{"$f":"'3   Material'!D207","v":"U33"},{"$f":"'3   Material'!$E$15:$E$322","v":"3100-L-e-U33"},{"$f":"'3   Material'!$F$15:$F$322","v":"Replace Infrastructure-Seep 5E Collection System-Final Grade"},{"$f":"'3   Material'!$G$15:$G$322","v":" Seep 5E Collection System"},{"$f":"'3   Material'!$H$15:$H$322","v":"-"},{"$f":"IF(B207=\"P\",0,\nIF(AND(LEFT(D207,2)=\"Mg\",B207=\"A\",C207=\"a\"),(1+L207)*VLOOKUP($A207,Quantities[],Quantities!$E$2)/43560,\nVLOOKUP($A207,Quantities[],Quantities!$E$2)/43560))","v":0},{"$f":"IF(B207=\"P\",0,\nIF(AND(OR(C207=\"b\",C207=\"d\"),OR('4   Earthwork'!$B207=\"C\",'4   Earthwork'!$B207=\"D\",'4   Earthwork'!$B207=\"A\",'4   Earthwork'!$B207=\"E\",'4   Earthwork'!$B207=\"B\")),\nVLOOKUP(INDEX(Quantities!$A$100:$A$118,MATCH($A207,Quantities!$C$100:$C$118)),Quantities!$A$100:$AJ$118,Quantities!$U$2),\n0))","v":0},{"$f":"IF(B207=\"P\",0,\nIF(OR(C207=\"b\",C207=\"d\"),\nM207/(1+L207),\nIF(OR(LEFT(D207,2)=\"Rp\",LEFT(D207,2)=\"Mg\"),0,\nVLOOKUP(A207,Quantities[],Quantities!$F$2)+VLOOKUP(A207,Quantities[],Quantities!$AB$2))))","v":0},{"$f":"IF(B207=\"P\",\"-\",\nIF(C207=\"b\",\nVLOOKUP(INDEX(Quantities!$A$100:$A$118,MATCH(A207,Quantities!$C$100:$C$118)),Quantities[],Quantities!$V$2),\nIF(C207=\"a\",\nVLOOKUP(A207,Quantities[],Quantities!$V$2,0),\n0)))","v":0},0,null,"31"]
[{"$f":"'3   Material'!A208","v":2501},{"$f":"'3   Material'!B208","v":"L"},{"$f":"'3   Material'!C208","v":"e"},{"$f":"'3   Material'!D208","v":"U33"},{"$f":"'3   Material'!$E$15:$E$322","v":"2501-L-e-U33"},{"$f":"'3   Material'!$F$15:$F$322","v":"Replace Infrastructure-Preliminary Earthworks-Final Grade"},{"$f":"'3   Material'!$G$15:$G$322","v":"3A Leach "},{"$f":"'3   Material'!$H$15:$H$322","v":"-"},{"$f":"IF(B208=\"P\",0,\nIF(AND(LEFT(D208,2)=\"Mg\",B208=\"A\",C208=\"a\"),(1+L208)*VLOOKUP($A208,Quantities[],Quantities!$E$2)/43560,\nVLOOKUP($A208,Quantities[],Quantities!$E$2)/43560))","v":0},{"$f":"IF(B208=\"P\",0,\nIF(AND(OR(C208=\"b\",C208=\"d\"),OR('4   Earthwork'!$B208=\"C\",'4   Earthwork'!$B208=\"D\",'4   Earthwork'!$B208=\"A\",'4   Earthwork'!$B208=\"E\",'4   Earthwork'!$B208=\"B\")),\nVLOOKUP(INDEX(Quantities!$A$100:$A$118,MATCH($A208,Quantities!$C$100:$C$118)),Quantities!$A$100:$AJ$118,Quantities!$U$2),\n0))","v":0},{"$f":"IF(B208=\"P\",0,\nIF(OR(C208=\"b\",C208=\"d\"),\nM208/(1+L208),\nIF(OR(LEFT(D208,2)=\"Rp\",LEFT(D208,2)=\"Mg\"),0,\nVLOOKUP(A208,Quantities[],Quantities!$F$2)+VLOOKUP(A208,Quantities[],Quantities!$AB$2))))","v":0},{"$f":"IF(B208=\"P\",\"-\",\nIF(C208=\"b\",\nVLOOKUP(INDEX(Quantities!$A$100:$A$118,MATCH(A208,Quantities!$C$100:$C$118)),Quantities[],Quantities!$V$2),\nIF(C208=\"a\",\nVLOOKUP(A208,Quantities[],Quantities!$V$2,0),\n0)))","v":0},0,null,"25"]
[{"$f":"'3   Material'!A209","v":2502},{"$f":"'3   Material'!B209","v":"L"},{"$f":"'3   Material'!C209","v":"e"},{"$f":"'3   Material'!D209","v":"U33"},{"$f":"'3   Material'!$E$15:$E$322","v":"2502-L-e-U33"},{"$f":"'3   Material'!$F$15:$F$322","v":"Replace Infrastructure-Overflow Pond & Booster Station-Final Grade"},{"$f":"'3   Material'!$G$15:$G$322","v":"3A Leach "},{"$f":"'3   Material'!$H$15:$H$322","v":"-"},{"$f":"IF(B209=\"P\",0,\nIF(AND(LEFT(D209,2)=\"Mg\",B209=\"A\",C209=\"a\"),(1+L209)*VLOOKUP($A209,Quantities[],Quantities!$E$2)/43560,\nVLOOKUP($A209,Quantities[],Quantities!$E$2)/43560))","v":0},{"$f":"IF(B209=\"P\",0,\nIF(AND(OR(C209=\"b\",C209=\"d\"),OR('4   Earthwork'!$B209=\"C\",'4   Earthwork'!$B209=\"D\",'4   Earthwork'!$B209=\"A\",'4   Earthwork'!$B209=\"E\",'4   Earthwork'!$B209=\"B\")),\nVLOOKUP(INDEX(Quantities!$A$100:$A$118,MATCH($A209,Quantities!$C$100:$C$118)),Quantities!$A$100:$AJ$118,Quantities!$U$2),\n0))","v":0},{"$f":"IF(B209=\"P\",0,\nIF(OR(C209=\"b\",C209=\"d\"),\nM209/(1+L209),\nIF(OR(LEFT(D209,2)=\"Rp\",LEFT(D209,2)=\"Mg\"),0,\nVLOOKUP(A209,Quantities[],Quantities!$F$2)+VLOOKUP(A209,Quantities[],Quantities!$AB$2))))","v":0},{"$f":"IF(B209=\"P\",\"-\",\nIF(C209=\"b\",\nVLOOKUP(INDEX(Quantities!$A$100:$A$118,MATCH(A209,Quantities!$C$100:$C$118)),Quantities[],Quantities!$V$2),\nIF(C209=\"a\",\nVLOOKUP(A209,Quantities[],Quantities!$V$2,0),\n0)))","v":0},0,null,"25"]
[{"$f":"'3   Material'!A210","v":2503},{"$f":"'3   Material'!B210","v":"L"},{"$f":"'3   Material'!C210","v":"e"},{"$f":"'3   Material'!D210","v":"U33"},{"$f":"'3   Material'!$E$15:$E$322","v":"2503-L-e-U33"},{"$f":"'3   Material'!$F$15:$F$322","v":"Replace Infrastructure-Canyon 5 Deep Collection-Final Grade"},{"$f":"'3   Material'!$G$15:$G$322","v":"3A Leach "},{"$f":"'3   Material'!$H$15:$H$322","v":"-"},{"$f":"IF(B210=\"P\",0,\nIF(AND(LEFT(D210,2)=\"Mg\",B210=\"A\",C210=\"a\"),(1+L210)*VLOOKUP($A210,Quantities[],Quantities!$E$2)/43560,\nVLOOKUP($A210,Quantities[],Quantities!$E$2)/43560))","v":0},{"$f":"IF(B210=\"P\",0,\nIF(AND(OR(C210=\"b\",C210=\"d\"),OR('4   Earthwork'!$B210=\"C\",'4   Earthwork'!$B210=\"D\",'4   Earthwork'!$B210=\"A\",'4   Earthwork'!$B210=\"E\",'4   Earthwork'!$B210=\"B\")),\nVLOOKUP(INDEX(Quantities!$A$100:$A$118,MATCH($A210,Quantities!$C$100:$C$118)),Quantities!$A$100:$AJ$118,Quantities!$U$2),\n0))","v":0},{"$f":"IF(B210=\"P\",0,\nIF(OR(C210=\"b\",C210=\"d\"),\nM210/(1+L210),\nIF(OR(LEFT(D210,2)=\"Rp\",LEFT(D210,2)=\"Mg\"),0,\nVLOOKUP(A210,Quantities[],Quantities!$F$2)+VLOOKUP(A210,Quantities[],Quantities!$AB$2))))","v":0},{"$f":"IF(B210=\"P\",\"-\",\nIF(C210=\"b\",\nVLOOKUP(INDEX(Quantities!$A$100:$A$118,MATCH(A210,Quantities!$C$100:$C$118)),Quantities[],Quantities!$V$2),\nIF(C210=\"a\",\nVLOOKUP(A210,Quantities[],Quantities!$V$2,0),\n0)))","v":0},0,null,"25"]
[{"$f":"'3   Material'!A211","v":2504},{"$f":"'3   Material'!B211","v":"L"},{"$f":"'3   Material'!C211","v":"e"},{"$f":"'3   Material'!D211","v":"U33"},{"$f":"'3   Material'!$E$15:$E$322","v":"2504-L-e-U33"},{"$f":"'3   Material'!$F$15:$F$322","v":"Replace Infrastructure-Canyon 6 Deep Collection-Final Grade"},{"$f":"'3   Material'!$G$15:$G$322","v":"3A Leach "},{"$f":"'3   Material'!$H$15:$H$322","v":"-"},{"$f":"IF(B211=\"P\",0,\nIF(AND(LEFT(D211,2)=\"Mg\",B211=\"A\",C211=\"a\"),(1+L211)*VLOOKUP($A211,Quantities[],Quantities!$E$2)/43560,\nVLOOKUP($A211,Quantities[],Quantities!$E$2)/43560))","v":0},{"$f":"IF(B211=\"P\",0,\nIF(AND(OR(C211=\"b\",C211=\"d\"),OR('4   Earthwork'!$B211=\"C\",'4   Earthwork'!$B211=\"D\",'4   Earthwork'!$B211=\"A\",'4   Earthwork'!$B211=\"E\",'4   Earthwork'!$B211=\"B\")),\nVLOOKUP(INDEX(Quantities!$A$100:$A$118,MATCH($A211,Quantities!$C$100:$C$118)),Quantities!$A$100:$AJ$118,Quantities!$U$2),\n0))","v":0},{"$f":"IF(B211=\"P\",0,\nIF(OR(C211=\"b\",C211=\"d\"),\nM211/(1+L211),\nIF(OR(LEFT(D211,2)=\"Rp\",LEFT(D211,2)=\"Mg\"),0,\nVLOOKUP(A211,Quantities[],Quantities!$F$2)+VLOOKUP(A211,Quantities[],Quantities!$AB$2))))","v":0},{"$f":"IF(B211=\"P\",\"-\",\nIF(C211=\"b\",\nVLOOKUP(INDEX(Quantities!$A$100:$A$118,MATCH(A211,Quantities!$C$100:$C$118)),Quantities[],Quantities!$V$2),\nIF(C211=\"a\",\nVLOOKUP(A211,Quantities[],Quantities!$V$2,0),\n0)))","v":0},0,null,"25"]
[{"$f":"'3   Material'!A212","v":2505},{"$f":"'3   Material'!B212","v":"L"},{"$f":"'3   Material'!C212","v":"e"},{"$f":"'3   Material'!D212","v":"U33"},{"$f":"'3   Material'!$E$15:$E$322","v":"2505-L-e-U33"},{"$f":"'3   Material'!$F$15:$F$322","v":"Replace Infrastructure-Canyon 7 Deep Collection-Final Grade"},{"$f":"'3   Material'!$G$15:$G$322","v":"3A Leach "},{"$f":"'3   Material'!$H$15:$H$322","v":"-"},{"$f":"IF(B212=\"P\",0,\nIF(AND(LEFT(D212,2)=\"Mg\",B212=\"A\",C212=\"a\"),(1+L212)*VLOOKUP($A212,Quantities[],Quantities!$E$2)/43560,\nVLOOKUP($A212,Quantities[],Quantities!$E$2)/43560))","v":0},{"$f":"IF(B212=\"P\",0,\nIF(AND(OR(C212=\"b\",C212=\"d\"),OR('4   Earthwork'!$B212=\"C\",'4   Earthwork'!$B212=\"D\",'4   Earthwork'!$B212=\"A\",'4   Earthwork'!$B212=\"E\",'4   Earthwork'!$B212=\"B\")),\nVLOOKUP(INDEX(Quantities!$A$100:$A$118,MATCH($A212,Quantities!$C$100:$C$118)),Quantities!$A$100:$AJ$118,Quantities!$U$2),\n0))","v":0},{"$f":"IF(B212=\"P\",0,\nIF(OR(C212=\"b\",C212=\"d\"),\nM212/(1+L212),\nIF(OR(LEFT(D212,2)=\"Rp\",LEFT(D212,2)=\"Mg\"),0,\nVLOOKUP(A212,Quantities[],Quantities!$F$2)+VLOOKUP(A212,Quantities[],Quantities!$AB$2))))","v":0},{"$f":"IF(B212=\"P\",\"-\",\nIF(C212=\"b\",\nVLOOKUP(INDEX(Quantities!$A$100:$A$118,MATCH(A212,Quantities!$C$100:$C$118)),Quantities[],Quantities!$V$2),\nIF(C212=\"a\",\nVLOOKUP(A212,Quantities[],Quantities!$V$2,0),\n0)))","v":0},0,null,"25"]
[{"$f":"'3   Material'!A213","v":2506},{"$f":"'3   Material'!B213","v":"L"},{"$f":"'3   Material'!C213","v":"e"},{"$f":"'3   Material'!D213","v":"U33"},{"$f":"'3   Material'!$E$15:$E$322","v":"2506-L-e-U33"},{"$f":"'3   Material'!$F$15:$F$322","v":"Replace Infrastructure-Canyon 8 Deep Collection-Final Grade"},{"$f":"'3   Material'!$G$15:$G$322","v":"3A Leach "},{"$f":"'3   Material'!$H$15:$H$322","v":"-"},{"$f":"IF(B213=\"P\",0,\nIF(AND(LEFT(D213,2)=\"Mg\",B213=\"A\",C213=\"a\"),(1+L213)*VLOOKUP($A213,Quantities[],Quantities!$E$2)/43560,\nVLOOKUP($A213,Quantities[],Quantities!$E$2)/43560))","v":0},{"$f":"IF(B213=\"P\",0,\nIF(AND(OR(C213=\"b\",C213=\"d\"),OR('4   Earthwork'!$B213=\"C\",'4   Earthwork'!$B213=\"D\",'4   Earthwork'!$B213=\"A\",'4   Earthwork'!$B213=\"E\",'4   Earthwork'!$B213=\"B\")),\nVLOOKUP(INDEX(Quantities!$A$100:$A$118,MATCH($A213,Quantities!$C$100:$C$118)),Quantities!$A$100:$AJ$118,Quantities!$U$2),\n0))","v":0},{"$f":"IF(B213=\"P\",0,\nIF(OR(C213=\"b\",C213=\"d\"),\nM213/(1+L213),\nIF(OR(LEFT(D213,2)=\"Rp\",LEFT(D213,2)=\"Mg\"),0,\nVLOOKUP(A213,Quantities[],Quantities!$F$2)+VLOOKUP(A213,Quantities[],Quantities!$AB$2))))","v":0},{"$f":"IF(B213=\"P\",\"-\",\nIF(C213=\"b\",\nVLOOKUP(INDEX(Quantities!$A$100:$A$118,MATCH(A213,Quantities!$C$100:$C$118)),Quantities[],Quantities!$V$2),\nIF(C213=\"a\",\nVLOOKUP(A213,Quantities[],Quantities!$V$2,0),\n0)))","v":0},0,null,"25"]
[{"$f":"'3   Material'!A214","v":2507},{"$f":"'3   Material'!B214","v":"L"},{"$f":"'3   Material'!C214","v":"e"},{"$f":"'3   Material'!D214","v":"U33"},{"$f":"'3   Material'!$E$15:$E$322","v":"2507-L-e-U33"},{"$f":"'3   Material'!$F$15:$F$322","v":"Replace Infrastructure-Canyon 10 Deep Collection-Final Grade"},{"$f":"'3   Material'!$G$15:$G$322","v":"3A Leach "},{"$f":"'3   Material'!$H$15:$H$322","v":"-"},{"$f":"IF(B214=\"P\",0,\nIF(AND(LEFT(D214,2)=\"Mg\",B214=\"A\",C214=\"a\"),(1+L214)*VLOOKUP($A214,Quantities[],Quantities!$E$2)/43560,\nVLOOKUP($A214,Quantities[],Quantities!$E$2)/43560))","v":0},{"$f":"IF(B214=\"P\",0,\nIF(AND(OR(C214=\"b\",C214=\"d\"),OR('4   Earthwork'!$B214=\"C\",'4   Earthwork'!$B214=\"D\",'4   Earthwork'!$B214=\"A\",'4   Earthwork'!$B214=\"E\",'4   Earthwork'!$B214=\"B\")),\nVLOOKUP(INDEX(Quantities!$A$100:$A$118,MATCH($A214,Quantities!$C$100:$C$118)),Quantities!$A$100:$AJ$118,Quantities!$U$2),\n0))","v":0},{"$f":"IF(B214=\"P\",0,\nIF(OR(C214=\"b\",C214=\"d\"),\nM214/(1+L214),\nIF(OR(LEFT(D214,2)=\"Rp\",LEFT(D214,2)=\"Mg\"),0,\nVLOOKUP(A214,Quantities[],Quantities!$F$2)+VLOOKUP(A214,Quantities[],Quantities!$AB$2))))","v":0},{"$f":"IF(B214=\"P\",\"-\",\nIF(C214=\"b\",\nVLOOKUP(INDEX(Quantities!$A$100:$A$118,MATCH(A214,Quantities!$C$100:$C$118)),Quantities[],Quantities!$V$2),\nIF(C214=\"a\",\nVLOOKUP(A214,Quantities[],Quantities!$V$2,0),\n0)))","v":0},0,null,"25"]
[{"$f":"'3   Material'!A215","v":2508},{"$f":"'3   Material'!B215","v":"L"},{"$f":"'3   Material'!C215","v":"e"},{"$f":"'3   Material'!D215","v":"U33"},{"$f":"'3   Material'!$E$15:$E$322","v":"2508-L-e-U33"},{"$f":"'3   Material'!$F$15:$F$322","v":"Replace Infrastructure-Canyon 11 Deep Collection-Final Grade"},{"$f":"'3   Material'!$G$15:$G$322","v":"3A Leach "},{"$f":"'3   Material'!$H$15:$H$322","v":"-"},{"$f":"IF(B215=\"P\",0,\nIF(AND(LEFT(D215,2)=\"Mg\",B215=\"A\",C215=\"a\"),(1+L215)*VLOOKUP($A215,Quantities[],Quantities!$E$2)/43560,\nVLOOKUP($A215,Quantities[],Quantities!$E$2)/43560))","v":0},{"$f":"IF(B215=\"P\",0,\nIF(AND(OR(C215=\"b\",C215=\"d\"),OR('4   Earthwork'!$B215=\"C\",'4   Earthwork'!$B215=\"D\",'4   Earthwork'!$B215=\"A\",'4   Earthwork'!$B215=\"E\",'4   Earthwork'!$B215=\"B\")),\nVLOOKUP(INDEX(Quantities!$A$100:$A$118,MATCH($A215,Quantities!$C$100:$C$118)),Quantities!$A$100:$AJ$118,Quantities!$U$2),\n0))","v":0},{"$f":"IF(B215=\"P\",0,\nIF(OR(C215=\"b\",C215=\"d\"),\nM215/(1+L215),\nIF(OR(LEFT(D215,2)=\"Rp\",LEFT(D215,2)=\"Mg\"),0,\nVLOOKUP(A215,Quantities[],Quantities!$F$2)+VLOOKUP(A215,Quantities[],Quantities!$AB$2))))","v":0},{"$f":"IF(B215=\"P\",\"-\",\nIF(C215=\"b\",\nVLOOKUP(INDEX(Quantities!$A$100:$A$118,MATCH(A215,Quantities!$C$100:$C$118)),Quantities[],Quantities!$V$2),\nIF(C215=\"a\",\nVLOOKUP(A215,Quantities[],Quantities!$V$2,0),\n0)))","v":0},0,null,"25"]
[{"$f":"'3   Material'!A216","v":2509},{"$f":"'3   Material'!B216","v":"L"},{"$f":"'3   Material'!C216","v":"e"},{"$f":"'3   Material'!D216","v":"U33"},{"$f":"'3   Material'!$E$15:$E$322","v":"2509-L-e-U33"},{"$f":"'3   Material'!$F$15:$F$322","v":"Replace Infrastructure-Bolster Existing Surface PLS Catchments-Final Grade"},{"$f":"'3   Material'!$G$15:$G$322","v":"3A Leach "},{"$f":"'3   Material'!$H$15:$H$322","v":"-"},{"$f":"IF(B216=\"P\",0,\nIF(AND(LEFT(D216,2)=\"Mg\",B216=\"A\",C216=\"a\"),(1+L216)*VLOOKUP($A216,Quantities[],Quantities!$E$2)/43560,\nVLOOKUP($A216,Quantities[],Quantities!$E$2)/43560))","v":0},{"$f":"IF(B216=\"P\",0,\nIF(AND(OR(C216=\"b\",C216=\"d\"),OR('4   Earthwork'!$B216=\"C\",'4   Earthwork'!$B216=\"D\",'4   Earthwork'!$B216=\"A\",'4   Earthwork'!$B216=\"E\",'4   Earthwork'!$B216=\"B\")),\nVLOOKUP(INDEX(Quantities!$A$100:$A$118,MATCH($A216,Quantities!$C$100:$C$118)),Quantities!$A$100:$AJ$118,Quantities!$U$2),\n0))","v":0},{"$f":"IF(B216=\"P\",0,\nIF(OR(C216=\"b\",C216=\"d\"),\nM216/(1+L216),\nIF(OR(LEFT(D216,2)=\"Rp\",LEFT(D216,2)=\"Mg\"),0,\nVLOOKUP(A216,Quantities[],Quantities!$F$2)+VLOOKUP(A216,Quantities[],Quantities!$AB$2))))","v":0},{"$f":"IF(B216=\"P\",\"-\",\nIF(C216=\"b\",\nVLOOKUP(INDEX(Quantities!$A$100:$A$118,MATCH(A216,Quantities!$C$100:$C$118)),Quantities[],Quantities!$V$2),\nIF(C216=\"a\",\nVLOOKUP(A216,Quantities[],Quantities!$V$2,0),\n0)))","v":0},0,null,"25"]
[{"$f":"'3   Material'!A217","v":2510},{"$f":"'3   Material'!B217","v":"L"},{"$f":"'3   Material'!C217","v":"e"},{"$f":"'3   Material'!D217","v":"U33"},{"$f":"'3   Material'!$E$15:$E$322","v":"2510-L-e-U33"},{"$f":"'3   Material'!$F$15:$F$322","v":"Replace Infrastructure-Finger Drain System-Final Grade"},{"$f":"'3   Material'!$G$15:$G$322","v":"3A Leach "},{"$f":"'3   Material'!$H$15:$H$322","v":"-"},{"$f":"IF(B217=\"P\",0,\nIF(AND(LEFT(D217,2)=\"Mg\",B217=\"A\",C217=\"a\"),(1+L217)*VLOOKUP($A217,Quantities[],Quantities!$E$2)/43560,\nVLOOKUP($A217,Quantities[],Quantities!$E$2)/43560))","v":0},{"$f":"IF(B217=\"P\",0,\nIF(AND(OR(C217=\"b\",C217=\"d\"),OR('4   Earthwork'!$B217=\"C\",'4   Earthwork'!$B217=\"D\",'4   Earthwork'!$B217=\"A\",'4   Earthwork'!$B217=\"E\",'4   Earthwork'!$B217=\"B\")),\nVLOOKUP(INDEX(Quantities!$A$100:$A$118,MATCH($A217,Quantities!$C$100:$C$118)),Quantities!$A$100:$AJ$118,Quantities!$U$2),\n0))","v":0},{"$f":"IF(B217=\"P\",0,\nIF(OR(C217=\"b\",C217=\"d\"),\nM217/(1+L217),\nIF(OR(LEFT(D217,2)=\"Rp\",LEFT(D217,2)=\"Mg\"),0,\nVLOOKUP(A217,Quantities[],Quantities!$F$2)+VLOOKUP(A217,Quantities[],Quantities!$AB$2))))","v":0},{"$f":"IF(B217=\"P\",\"-\",\nIF(C217=\"b\",\nVLOOKUP(INDEX(Quantities!$A$100:$A$118,MATCH(A217,Quantities!$C$100:$C$118)),Quantities[],Quantities!$V$2),\nIF(C217=\"a\",\nVLOOKUP(A217,Quantities[],Quantities!$V$2,0),\n0)))","v":0},0,null,"25"]
[{"$f":"'3   Material'!A218","v":2511},{"$f":"'3   Material'!B218","v":"L"},{"$f":"'3   Material'!C218","v":"e"},{"$f":"'3   Material'!D218","v":"U33"},{"$f":"'3   Material'!$E$15:$E$322","v":"2511-L-e-U33"},{"$f":"'3   Material'!$F$15:$F$322","v":"Replace Infrastructure-Breach of Existing Seepage Collection Trenches-Final Grade"},{"$f":"'3   Material'!$G$15:$G$322","v":"3A Leach "},{"$f":"'3   Material'!$H$15:$H$322","v":"-"},{"$f":"IF(B218=\"P\",0,\nIF(AND(LEFT(D218,2)=\"Mg\",B218=\"A\",C218=\"a\"),(1+L218)*VLOOKUP($A218,Quantities[],Quantities!$E$2)/43560,\nVLOOKUP($A218,Quantities[],Quantities!$E$2)/43560))","v":0},{"$f":"IF(B218=\"P\",0,\nIF(AND(OR(C218=\"b\",C218=\"d\"),OR('4   Earthwork'!$B218=\"C\",'4   Earthwork'!$B218=\"D\",'4   Earthwork'!$B218=\"A\",'4   Earthwork'!$B218=\"E\",'4   Earthwork'!$B218=\"B\")),\nVLOOKUP(INDEX(Quantities!$A$100:$A$118,MATCH($A218,Quantities!$C$100:$C$118)),Quantities!$A$100:$AJ$118,Quantities!$U$2),\n0))","v":0},{"$f":"IF(B218=\"P\",0,\nIF(OR(C218=\"b\",C218=\"d\"),\nM218/(1+L218),\nIF(OR(LEFT(D218,2)=\"Rp\",LEFT(D218,2)=\"Mg\"),0,\nVLOOKUP(A218,Quantities[],Quantities!$F$2)+VLOOKUP(A218,Quantities[],Quantities!$AB$2))))","v":0},{"$f":"IF(B218=\"P\",\"-\",\nIF(C218=\"b\",\nVLOOKUP(INDEX(Quantities!$A$100:$A$118,MATCH(A218,Quantities!$C$100:$C$118)),Quantities[],Quantities!$V$2),\nIF(C218=\"a\",\nVLOOKUP(A218,Quantities[],Quantities!$V$2,0),\n0)))","v":0},{"$f":"IF(B218=\"P\",0,\nIF(AND(OR(C218=\"b\",C218=\"d\"),NOT($B218=\"E\")),\nI218*J218*43560/(12*27),\nIF(OR(LEFT(D218,2)=\"Rp\",LEFT(D218,2)=\"Mg\"),0,\nK218*(1+L218))))","v":0},null,{"$f":"LEFT(TEXT(A218,\"0\"),2)","v":"25"}]
[{"$f":"'3   Material'!A219","v":2512},{"$f":"'3   Material'!B219","v":"L"},{"$f":"'3   Material'!C219","v":"e"},{"$f":"'3   Material'!D219","v":"U33"},{"$f":"'3   Material'!$E$15:$E$322","v":"2512-L-e-U33"},{"$f":"'3   Material'!$F$15:$F$322","v":"Replace Infrastructure-Concrete Pad for Above-Ground Tank-Final Grade"},{"$f":"'3   Material'!$G$15:$G$322","v":"3A Leach "},{"$f":"'3   Material'!$H$15:$H$322","v":"-"},{"$f":"IF(B219=\"P\",0,\nIF(AND(LEFT(D219,2)=\"Mg\",B219=\"A\",C219=\"a\"),(1+L219)*VLOOKUP($A219,Quantities[],Quantities!$E$2)/43560,\nVLOOKUP($A219,Quantities[],Quantities!$E$2)/43560))","v":0},{"$f":"IF(B219=\"P\",0,\nIF(AND(OR(C219=\"b\",C219=\"d\"),OR('4   Earthwork'!$B219=\"C\",'4   Earthwork'!$B219=\"D\",'4   Earthwork'!$B219=\"A\",'4   Earthwork'!$B219=\"E\",'4   Earthwork'!$B219=\"B\")),\nVLOOKUP(INDEX(Quantities!$A$100:$A$118,MATCH($A219,Quantities!$C$100:$C$118)),Quantities!$A$100:$AJ$118,Quantities!$U$2),\n0))","v":0},{"$f":"IF(B219=\"P\",0,\nIF(OR(C219=\"b\",C219=\"d\"),\nM219/(1+L219),\nIF(OR(LEFT(D219,2)=\"Rp\",LEFT(D219,2)=\"Mg\"),0,\nVLOOKUP(A219,Quantities[],Quantities!$F$2)+VLOOKUP(A219,Quantities[],Quantities!$AB$2))))","v":0},{"$f":"IF(B219=\"P\",\"-\",\nIF(C219=\"b\",\nVLOOKUP(INDEX(Quantities!$A$100:$A$118,MATCH(A219,Quantities!$C$100:$C$118)),Quantities[],Quantities!$V$2),\nIF(C219=\"a\",\nVLOOKUP(A219,Quantities[],Quantities!$V$2,0),\n0)))","v":0},0,null,"25"]
[{"$f":"'3   Material'!A220","v":2513},{"$f":"'3   Material'!B220","v":"L"},{"$f":"'3   Material'!C220","v":"e"},{"$f":"'3   Material'!D220","v":"U33"},{"$f":"'3   Material'!$E$15:$E$322","v":"2513-L-e-U33"},{"$f":"'3   Material'!$F$15:$F$322","v":"Replace Infrastructure-Electrical Hookup-Final Grade"},{"$f":"'3   Material'!$G$15:$G$322","v":"3A Leach "},{"$f":"'3   Material'!$H$15:$H$322","v":"-"},{"$f":"IF(B220=\"P\",0,\nIF(AND(LEFT(D220,2)=\"Mg\",B220=\"A\",C220=\"a\"),(1+L220)*VLOOKUP($A220,Quantities[],Quantities!$E$2)/43560,\nVLOOKUP($A220,Quantities[],Quantities!$E$2)/43560))","v":0},{"$f":"IF(B220=\"P\",0,\nIF(AND(OR(C220=\"b\",C220=\"d\"),OR('4   Earthwork'!$B220=\"C\",'4   Earthwork'!$B220=\"D\",'4   Earthwork'!$B220=\"A\",'4   Earthwork'!$B220=\"E\",'4   Earthwork'!$B220=\"B\")),\nVLOOKUP(INDEX(Quantities!$A$100:$A$118,MATCH($A220,Quantities!$C$100:$C$118)),Quantities!$A$100:$AJ$118,Quantities!$U$2),\n0))","v":0},{"$f":"IF(B220=\"P\",0,\nIF(OR(C220=\"b\",C220=\"d\"),\nM220/(1+L220),\nIF(OR(LEFT(D220,2)=\"Rp\",LEFT(D220,2)=\"Mg\"),0,\nVLOOKUP(A220,Quantities[],Quantities!$F$2)+VLOOKUP(A220,Quantities[],Quantities!$AB$2))))","v":0},{"$f":"IF(B220=\"P\",\"-\",\nIF(C220=\"b\",\nVLOOKUP(INDEX(Quantities!$A$100:$A$118,MATCH(A220,Quantities!$C$100:$C$118)),Quantities[],Quantities!$V$2),\nIF(C220=\"a\",\nVLOOKUP(A220,Quantities[],Quantities!$V$2,0),\n0)))","v":0},0,null,"25"]
[{"$f":"'3   Material'!A221","v":2400},{"$f":"'3   Material'!B221","v":"S"},{"$f":"'3   Material'!C221","v":"e"},{"$f":"'3   Material'!D221","v":"U29"},{"$f":"'3   Material'!$E$15:$E$322","v":"2400-S-e-U29"},{"$f":"'3   Material'!$F$15:$F$322","v":"Fencing-Conditional Waiver Pits-Final Grade"},{"$f":"'3   Material'!$G$15:$G$322","v":" Main, West Main II, West Main III, Savanna, Gettysburg & Copper Mountain Pits"},{"$f":"'3   Material'!$H$15:$H$322","v":"-"},{"$f":"IF(B221=\"P\",0,\nIF(AND(LEFT(D221,2)=\"Mg\",B221=\"A\",C221=\"a\"),(1+L221)*VLOOKUP($A221,Quantities[],Quantities!$E$2)/43560,\nVLOOKUP($A221,Quantities[],Quantities!$E$2)/43560))","v":0},{"$f":"IF(B221=\"P\",0,\nIF(AND(OR(C221=\"b\",C221=\"d\"),OR('4   Earthwork'!$B221=\"C\",'4   Earthwork'!$B221=\"D\",'4   Earthwork'!$B221=\"A\",'4   Earthwork'!$B221=\"E\",'4   Earthwork'!$B221=\"B\")),\nVLOOKUP(INDEX(Quantities!$A$100:$A$118,MATCH($A221,Quantities!$C$100:$C$118)),Quantities!$A$100:$AJ$118,Quantities!$U$2),\n0))","v":0},{"$f":"IF(B221=\"P\",0,\nIF(OR(C221=\"b\",C221=\"d\"),\nM221/(1+L221),\nIF(OR(LEFT(D221,2)=\"Rp\",LEFT(D221,2)=\"Mg\"),0,\nVLOOKUP(A221,Quantities[],Quantities!$F$2)+VLOOKUP(A221,Quantities[],Quantities!$AB$2))))","v":0},{"$f":"IF(B221=\"P\",\"-\",\nIF(C221=\"b\",\nVLOOKUP(INDEX(Quantities!$A$100:$A$118,MATCH(A221,Quantities!$C$100:$C$118)),Quantities[],Quantities!$V$2),\nIF(C221=\"a\",\nVLOOKUP(A221,Quantities[],Quantities!$V$2,0),\n0)))","v":0},0,null,"24"]
[{"$f":"'3   Material'!A222","v":2400},{"$f":"'3   Material'!B222","v":"U"},{"$f":"'3   Material'!C222","v":"e"},{"$f":"'3   Material'!D222","v":"U30"},{"$f":"'3   Material'!$E$15:$E$322","v":"2400-U-e-U30"},{"$f":"'3   Material'!$F$15:$F$322","v":"Vehicle Gates-Conditional Waiver Pits-Final Grade"},{"$f":"'3   Material'!$G$15:$G$322","v":" Main, West Main II, West Main III, Savanna, Gettysburg & Copper Mountain Pits"},{"$f":"'3   Material'!$H$15:$H$322","v":"-"},{"$f":"IF(B222=\"P\",0,\nIF(AND(LEFT(D222,2)=\"Mg\",B222=\"A\",C222=\"a\"),(1+L222)*VLOOKUP($A222,Quantities[],Quantities!$E$2)/43560,\nVLOOKUP($A222,Quantities[],Quantities!$E$2)/43560))","v":0},{"$f":"IF(B222=\"P\",0,\nIF(AND(OR(C222=\"b\",C222=\"d\"),OR('4   Earthwork'!$B222=\"C\",'4   Earthwork'!$B222=\"D\",'4   Earthwork'!$B222=\"A\",'4   Earthwork'!$B222=\"E\",'4   Earthwork'!$B222=\"B\")),\nVLOOKUP(INDEX(Quantities!$A$100:$A$118,MATCH($A222,Quantities!$C$100:$C$118)),Quantities!$A$100:$AJ$118,Quantities!$U$2),\n0))","v":0},{"$f":"IF(B222=\"P\",0,\nIF(OR(C222=\"b\",C222=\"d\"),\nM222/(1+L222),\nIF(OR(LEFT(D222,2)=\"Rp\",LEFT(D222,2)=\"Mg\"),0,\nVLOOKUP(A222,Quantities[],Quantities!$F$2)+VLOOKUP(A222,Quantities[],Quantities!$AB$2))))","v":0},{"$f":"IF(B222=\"P\",\"-\",\nIF(C222=\"b\",\nVLOOKUP(INDEX(Quantities!$A$100:$A$118,MATCH(A222,Quantities!$C$100:$C$118)),Quantities[],Quantities!$V$2),\nIF(C222=\"a\",\nVLOOKUP(A222,Quantities[],Quantities!$V$2,0),\n0)))","v":0},0,null,"24"]
[{"$f":"'3   Material'!A223","v":2400},{"$f":"'3   Material'!B223","v":"V"},{"$f":"'3   Material'!C223","v":"e"},{"$f":"'3   Material'!D223","v":"U31"},{"$f":"'3   Material'!$E$15:$E$322","v":"2400-V-e-U31"},{"$f":"'3   Material'!$F$15:$F$322","v":"Signs Every 500 ft-Conditional Waiver Pits-Final Grade"},{"$f":"'3   Material'!$G$15:$G$322","v":" Main, West Main II, West Main III, Savanna, Gettysburg & Copper Mountain Pits"},{"$f":"'3   Material'!$H$15:$H$322","v":"-"},{"$f":"IF(B223=\"P\",0,\nIF(AND(LEFT(D223,2)=\"Mg\",B223=\"A\",C223=\"a\"),(1+L223)*VLOOKUP($A223,Quantities[],Quantities!$E$2)/43560,\nVLOOKUP($A223,Quantities[],Quantities!$E$2)/43560))","v":0},{"$f":"IF(B223=\"P\",0,\nIF(AND(OR(C223=\"b\",C223=\"d\"),OR('4   Earthwork'!$B223=\"C\",'4   Earthwork'!$B223=\"D\",'4   Earthwork'!$B223=\"A\",'4   Earthwork'!$B223=\"E\",'4   Earthwork'!$B223=\"B\")),\nVLOOKUP(INDEX(Quantities!$A$100:$A$118,MATCH($A223,Quantities!$C$100:$C$118)),Quantities!$A$100:$AJ$118,Quantities!$U$2),\n0))","v":0},{"$f":"IF(B223=\"P\",0,\nIF(OR(C223=\"b\",C223=\"d\"),\nM223/(1+L223),\nIF(OR(LEFT(D223,2)=\"Rp\",LEFT(D223,2)=\"Mg\"),0,\nVLOOKUP(A223,Quantities[],Quantities!$F$2)+VLOOKUP(A223,Quantities[],Quantities!$AB$2))))","v":0},{"$f":"IF(B223=\"P\",\"-\",\nIF(C223=\"b\",\nVLOOKUP(INDEX(Quantities!$A$100:$A$118,MATCH(A223,Quantities!$C$100:$C$118)),Quantities[],Quantities!$V$2),\nIF(C223=\"a\",\nVLOOKUP(A223,Quantities[],Quantities!$V$2,0),\n0)))","v":0},0,null,"24"]
[{"$f":"'3   Material'!A224","v":2900},{"$f":"'3   Material'!B224","v":"S"},{"$f":"'3   Material'!C224","v":"e"},{"$f":"'3   Material'!D224","v":"U29"},{"$f":"'3   Material'!$E$15:$E$322","v":"2900-S-e-U29"},{"$f":"'3   Material'!$F$15:$F$322","v":"Fencing-Tailing Pumphouse-Final Grade"},{"$f":"'3   Material'!$G$15:$G$322","v":" Reclaimed 1 Tailing Impoundment Reclaim Water Pumphouse Station"},{"$f":"'3   Material'!$H$15:$H$322","v":"-"},{"$f":"IF(B224=\"P\",0,\nIF(AND(LEFT(D224,2)=\"Mg\",B224=\"A\",C224=\"a\"),(1+L224)*VLOOKUP($A224,Quantities[],Quantities!$E$2)/43560,\nVLOOKUP($A224,Quantities[],Quantities!$E$2)/43560))","v":7},{"$f":"IF(B224=\"P\",0,\nIF(AND(OR(C224=\"b\",C224=\"d\"),OR('4   Earthwork'!$B224=\"C\",'4   Earthwork'!$B224=\"D\",'4   Earthwork'!$B224=\"A\",'4   Earthwork'!$B224=\"E\",'4   Earthwork'!$B224=\"B\")),\nVLOOKUP(INDEX(Quantities!$A$100:$A$118,MATCH($A224,Quantities!$C$100:$C$118)),Quantities!$A$100:$AJ$118,Quantities!$U$2),\n0))","v":0},{"$f":"IF(B224=\"P\",0,\nIF(OR(C224=\"b\",C224=\"d\"),\nM224/(1+L224),\nIF(OR(LEFT(D224,2)=\"Rp\",LEFT(D224,2)=\"Mg\"),0,\nVLOOKUP(A224,Quantities[],Quantities!$F$2)+VLOOKUP(A224,Quantities[],Quantities!$AB$2))))","v":0},{"$f":"IF(B224=\"P\",\"-\",\nIF(C224=\"b\",\nVLOOKUP(INDEX(Quantities!$A$100:$A$118,MATCH(A224,Quantities!$C$100:$C$118)),Quantities[],Quantities!$V$2),\nIF(C224=\"a\",\nVLOOKUP(A224,Quantities[],Quantities!$V$2,0),\n0)))","v":0},0,null,"29"]
[{"$f":"'3   Material'!A225","v":1000},{"$f":"'3   Material'!B225","v":"F"},{"$f":"'3   Material'!C225","v":"e"},{"$f":"'3   Material'!D225","v":"U3"},{"$f":"'3   Material'!$E$15:$E$322","v":"1000-F-e-U3"},{"$f":"'3   Material'!$F$15:$F$322","v":"Grade Benches-Entire Stockpile-Final Grade"},{"$f":"'3   Material'!$G$15:$G$322","v":" 1A Leach, 1B Leach "},{"$f":"'3   Material'!$H$15:$H$322","v":"-"},{"$f":"IF(B225=\"P\",0,\nIF(AND(LEFT(D225,2)=\"Mg\",B225=\"A\",C225=\"a\"),(1+L225)*VLOOKUP($A225,Quantities[],Quantities!$E$2)/43560,\nVLOOKUP($A225,Quantities[],Quantities!$E$2)/43560))","v":273},{"$f":"IF(B225=\"P\",0,\nIF(AND(OR(C225=\"b\",C225=\"d\"),OR('4   Earthwork'!$B225=\"C\",'4   Earthwork'!$B225=\"D\",'4   Earthwork'!$B225=\"A\",'4   Earthwork'!$B225=\"E\",'4   Earthwork'!$B225=\"B\")),\nVLOOKUP(INDEX(Quantities!$A$100:$A$118,MATCH($A225,Quantities!$C$100:$C$118)),Quantities!$A$100:$AJ$118,Quantities!$U$2),\n0))","v":0},{"$f":"IF(B225=\"P\",0,\nIF(OR(C225=\"b\",C225=\"d\"),\nM225/(1+L225),\nIF(OR(LEFT(D225,2)=\"Rp\",LEFT(D225,2)=\"Mg\"),0,\nVLOOKUP(A225,Quantities[],Quantities!$F$2)+VLOOKUP(A225,Quantities[],Quantities!$AB$2))))","v":1548670.3296703298},{"$f":"IF(B225=\"P\",\"-\",\nIF(C225=\"b\",\nVLOOKUP(INDEX(Quantities!$A$100:$A$118,MATCH(A225,Quantities!$C$100:$C$118)),Quantities[],Quantities!$V$2),\nIF(C225=\"a\",\nVLOOKUP(A225,Quantities[],Quantities!$V$2,0),\n0)))","v":0},1548670.3296703298,null,"10"]
[{"$f":"'3   Material'!A226","v":1200},{"$f":"'3   Material'!B226","v":"F"},{"$f":"'3   Material'!C226","v":"e"},{"$f":"'3   Material'!D226","v":"U3"},{"$f":"'3   Material'!$E$15:$E$322","v":"1200-F-e-U3"},{"$f":"'3   Material'!$F$15:$F$322","v":"Grade Benches-Entire Stockpile-Final Grade"},{"$f":"'3   Material'!$G$15:$G$322","v":" 2B Waste, 2A Leach, 2B Leach"},{"$f":"'3   Material'!$H$15:$H$322","v":"-"},{"$f":"IF(B226=\"P\",0,\nIF(AND(LEFT(D226,2)=\"Mg\",B226=\"A\",C226=\"a\"),(1+L226)*VLOOKUP($A226,Quantities[],Quantities!$E$2)/43560,\nVLOOKUP($A226,Quantities[],Quantities!$E$2)/43560))","v":486.99169999999998},{"$f":"IF(B226=\"P\",0,\nIF(AND(OR(C226=\"b\",C226=\"d\"),OR('4   Earthwork'!$B226=\"C\",'4   Earthwork'!$B226=\"D\",'4   Earthwork'!$B226=\"A\",'4   Earthwork'!$B226=\"E\",'4   Earthwork'!$B226=\"B\")),\nVLOOKUP(INDEX(Quantities!$A$100:$A$118,MATCH($A226,Quantities!$C$100:$C$118)),Quantities!$A$100:$AJ$118,Quantities!$U$2),\n0))","v":0},{"$f":"IF(B226=\"P\",0,\nIF(OR(C226=\"b\",C226=\"d\"),\nM226/(1+L226),\nIF(OR(LEFT(D226,2)=\"Rp\",LEFT(D226,2)=\"Mg\"),0,\nVLOOKUP(A226,Quantities[],Quantities!$F$2)+VLOOKUP(A226,Quantities[],Quantities!$AB$2))))","v":8203000},{"$f":"IF(B226=\"P\",\"-\",\nIF(C226=\"b\",\nVLOOKUP(INDEX(Quantities!$A$100:$A$118,MATCH(A226,Quantities!$C$100:$C$118)),Quantities[],Quantities!$V$2),\nIF(C226=\"a\",\nVLOOKUP(A226,Quantities[],Quantities!$V$2,0),\n0)))","v":0},8203000,null,"12"]
[{"$f":"'3   Material'!A227","v":1300},{"$f":"'3   Material'!B227","v":"F"},{"$f":"'3   Material'!C227","v":"e"},{"$f":"'3   Material'!D227","v":"U3"},{"$f":"'3   Material'!$E$15:$E$322","v":"1300-F-e-U3"},{"$f":"'3   Material'!$F$15:$F$322","v":"Grade Benches-Entire Stockpile-Final Grade"},{"$f":"'3   Material'!$G$15:$G$322","v":" 3A Leach, 3B Waste"},{"$f":"'3   Material'!$H$15:$H$322","v":"-"},{"$f":"IF(B227=\"P\",0,\nIF(AND(LEFT(D227,2)=\"Mg\",B227=\"A\",C227=\"a\"),(1+L227)*VLOOKUP($A227,Quantities[],Quantities!$E$2)/43560,\nVLOOKUP($A227,Quantities[],Quantities!$E$2)/43560))","v":455},{"$f":"IF(B227=\"P\",0,\nIF(AND(OR(C227=\"b\",C227=\"d\"),OR('4   Earthwork'!$B227=\"C\",'4   Earthwork'!$B227=\"D\",'4   Earthwork'!$B227=\"A\",'4   Earthwork'!$B227=\"E\",'4   Earthwork'!$B227=\"B\")),\nVLOOKUP(INDEX(Quantities!$A$100:$A$118,MATCH($A227,Quantities!$C$100:$C$118)),Quantities!$A$100:$AJ$118,Quantities!$U$2),\n0))","v":0},{"$f":"IF(B227=\"P\",0,\nIF(OR(C227=\"b\",C227=\"d\"),\nM227/(1+L227),\nIF(OR(LEFT(D227,2)=\"Rp\",LEFT(D227,2)=\"Mg\"),0,\nVLOOKUP(A227,Quantities[],Quantities!$F$2)+VLOOKUP(A227,Quantities[],Quantities!$AB$2))))","v":5289064.102564103},{"$f":"IF(B227=\"P\",\"-\",\nIF(C227=\"b\",\nVLOOKUP(INDEX(Quantities!$A$100:$A$118,MATCH(A227,Quantities!$C$100:$C$118)),Quantities[],Quantities!$V$2),\nIF(C227=\"a\",\nVLOOKUP(A227,Quantities[],Quantities!$V$2,0),\n0)))","v":0},5289064.102564103,null,"13"]
[{"$f":"'3   Material'!A228","v":1500},{"$f":"'3   Material'!B228","v":"F"},{"$f":"'3   Material'!C228","v":"e"},{"$f":"'3   Material'!D228","v":"U3"},{"$f":"'3   Material'!$E$15:$E$322","v":"1500-F-e-U3"},{"$f":"'3   Material'!$F$15:$F$322","v":"Grade Benches-Entire Stockpile-Final Grade"},{"$f":"'3   Material'!$G$15:$G$322","v":" 5A Waste"},{"$f":"'3   Material'!$H$15:$H$322","v":"-"},{"$f":"IF(B228=\"P\",0,\nIF(AND(LEFT(D228,2)=\"Mg\",B228=\"A\",C228=\"a\"),(1+L228)*VLOOKUP($A228,Quantities[],Quantities!$E$2)/43560,\nVLOOKUP($A228,Quantities[],Quantities!$E$2)/43560))","v":371},{"$f":"IF(B228=\"P\",0,\nIF(AND(OR(C228=\"b\",C228=\"d\"),OR('4   Earthwork'!$B228=\"C\",'4   Earthwork'!$B228=\"D\",'4   Earthwork'!$B228=\"A\",'4   Earthwork'!$B228=\"E\",'4   Earthwork'!$B228=\"B\")),\nVLOOKUP(INDEX(Quantities!$A$100:$A$118,MATCH($A228,Quantities!$C$100:$C$118)),Quantities!$A$100:$AJ$118,Quantities!$U$2),\n0))","v":0},{"$f":"IF(B228=\"P\",0,\nIF(OR(C228=\"b\",C228=\"d\"),\nM228/(1+L228),\nIF(OR(LEFT(D228,2)=\"Rp\",LEFT(D228,2)=\"Mg\"),0,\nVLOOKUP(A228,Quantities[],Quantities!$F$2)+VLOOKUP(A228,Quantities[],Quantities!$AB$2))))","v":6713000},{"$f":"IF(B228=\"P\",\"-\",\nIF(C228=\"b\",\nVLOOKUP(INDEX(Quantities!$A$100:$A$118,MATCH(A228,Quantities!$C$100:$C$118)),Quantities[],Quantities!$V$2),\nIF(C228=\"a\",\nVLOOKUP(A228,Quantities[],Quantities!$V$2,0),\n0)))","v":0},6713000,null,"15"]
[{"$f":"'3   Material'!A229","v":2200},{"$f":"'3   Material'!B229","v":"F"},{"$f":"'3   Material'!C229","v":"e"},{"$f":"'3   Material'!D229","v":"U3"},{"$f":"'3   Material'!$E$15:$E$322","v":"2200-F-e-U3"},{"$f":"'3   Material'!$F$15:$F$322","v":"Grade Benches-Entire Pit-Final Grade"},{"$f":"'3   Material'!$G$15:$G$322","v":" San Salvador Pit, San Salvador Waste Backfill"},{"$f":"'3   Material'!$H$15:$H$322","v":"-"},{"$f":"IF(B229=\"P\",0,\nIF(AND(LEFT(D229,2)=\"Mg\",B229=\"A\",C229=\"a\"),(1+L229)*VLOOKUP($A229,Quantities[],Quantities!$E$2)/43560,\nVLOOKUP($A229,Quantities[],Quantities!$E$2)/43560))","v":115},{"$f":"IF(B229=\"P\",0,\nIF(AND(OR(C229=\"b\",C229=\"d\"),OR('4   Earthwork'!$B229=\"C\",'4   Earthwork'!$B229=\"D\",'4   Earthwork'!$B229=\"A\",'4   Earthwork'!$B229=\"E\",'4   Earthwork'!$B229=\"B\")),\nVLOOKUP(INDEX(Quantities!$A$100:$A$118,MATCH($A229,Quantities!$C$100:$C$118)),Quantities!$A$100:$AJ$118,Quantities!$U$2),\n0))","v":0},{"$f":"IF(B229=\"P\",0,\nIF(OR(C229=\"b\",C229=\"d\"),\nM229/(1+L229),\nIF(OR(LEFT(D229,2)=\"Rp\",LEFT(D229,2)=\"Mg\"),0,\nVLOOKUP(A229,Quantities[],Quantities!$F$2)+VLOOKUP(A229,Quantities[],Quantities!$AB$2))))","v":1600000},{"$f":"IF(B229=\"P\",\"-\",\nIF(C229=\"b\",\nVLOOKUP(INDEX(Quantities!$A$100:$A$118,MATCH(A229,Quantities!$C$100:$C$118)),Quantities[],Quantities!$V$2),\nIF(C229=\"a\",\nVLOOKUP(A229,Quantities[],Quantities!$V$2,0),\n0)))","v":0},1600000,null,"22"]
[{"$f":"'3   Material'!A230","v":1400},{"$f":"'3   Material'!B230","v":"F"},{"$f":"'3   Material'!C230","v":"e"},{"$f":"'3   Material'!D230","v":"U3"},{"$f":"'3   Material'!$E$15:$E$322","v":"1400-F-e-U3"},{"$f":"'3   Material'!$F$15:$F$322","v":"Grade Benches-Entire Stockpile-Final Grade"},{"$f":"'3   Material'!$G$15:$G$322","v":" 2 Leach (Area 1)"},{"$f":"'3   Material'!$H$15:$H$322","v":"-"},{"$f":"IF(B230=\"P\",0,\nIF(AND(LEFT(D230,2)=\"Mg\",B230=\"A\",C230=\"a\"),(1+L230)*VLOOKUP($A230,Quantities[],Quantities!$E$2)/43560,\nVLOOKUP($A230,Quantities[],Quantities!$E$2)/43560))","v":183},{"$f":"IF(B230=\"P\",0,\nIF(AND(OR(C230=\"b\",C230=\"d\"),OR('4   Earthwork'!$B230=\"C\",'4   Earthwork'!$B230=\"D\",'4   Earthwork'!$B230=\"A\",'4   Earthwork'!$B230=\"E\",'4   Earthwork'!$B230=\"B\")),\nVLOOKUP(INDEX(Quantities!$A$100:$A$118,MATCH($A230,Quantities!$C$100:$C$118)),Quantities!$A$100:$AJ$118,Quantities!$U$2),\n0))","v":0},{"$f":"IF(B230=\"P\",0,\nIF(OR(C230=\"b\",C230=\"d\"),\nM230/(1+L230),\nIF(OR(LEFT(D230,2)=\"Rp\",LEFT(D230,2)=\"Mg\"),0,\nVLOOKUP(A230,Quantities[],Quantities!$F$2)+VLOOKUP(A230,Quantities[],Quantities!$AB$2))))","v":2767000},{"$f":"IF(B230=\"P\",\"-\",\nIF(C230=\"b\",\nVLOOKUP(INDEX(Quantities!$A$100:$A$118,MATCH(A230,Quantities!$C$100:$C$118)),Quantities[],Quantities!$V$2),\nIF(C230=\"a\",\nVLOOKUP(A230,Quantities[],Quantities!$V$2,0),\n0)))","v":0},2767000,null,"14"]
[{"$f":"'3   Material'!A231","v":1800},{"$f":"'3   Material'!B231","v":"F"},{"$f":"'3   Material'!C231","v":"e"},{"$f":"'3   Material'!D231","v":"U3"},{"$f":"'3   Material'!$E$15:$E$322","v":"1800-F-e-U3"},{"$f":"'3   Material'!$F$15:$F$322","v":"Grade Benches-Entire Stockpile-Final Grade"},{"$f":"'3   Material'!$G$15:$G$322","v":" 2 Leach (Area 2), 7B Leach, 7B Waste, 7C Waste, South Rim Pit"},{"$f":"'3   Material'!$H$15:$H$322","v":"-"},{"$f":"IF(B231=\"P\",0,\nIF(AND(LEFT(D231,2)=\"Mg\",B231=\"A\",C231=\"a\"),(1+L231)*VLOOKUP($A231,Quantities[],Quantities!$E$2)/43560,\nVLOOKUP($A231,Quantities[],Quantities!$E$2)/43560))","v":375},{"$f":"IF(B231=\"P\",0,\nIF(AND(OR(C231=\"b\",C231=\"d\"),OR('4   Earthwork'!$B231=\"C\",'4   Earthwork'!$B231=\"D\",'4   Earthwork'!$B231=\"A\",'4   Earthwork'!$B231=\"E\",'4   Earthwork'!$B231=\"B\")),\nVLOOKUP(INDEX(Quantities!$A$100:$A$118,MATCH($A231,Quantities!$C$100:$C$118)),Quantities!$A$100:$AJ$118,Quantities!$U$2),\n0))","v":0},{"$f":"IF(B231=\"P\",0,\nIF(OR(C231=\"b\",C231=\"d\"),\nM231/(1+L231),\nIF(OR(LEFT(D231,2)=\"Rp\",LEFT(D231,2)=\"Mg\"),0,\nVLOOKUP(A231,Quantities[],Quantities!$F$2)+VLOOKUP(A231,Quantities[],Quantities!$AB$2))))","v":3303000},{"$f":"IF(B231=\"P\",\"-\",\nIF(C231=\"b\",\nVLOOKUP(INDEX(Quantities!$A$100:$A$118,MATCH(A231,Quantities!$C$100:$C$118)),Quantities[],Quantities!$V$2),\nIF(C231=\"a\",\nVLOOKUP(A231,Quantities[],Quantities!$V$2,0),\n0)))","v":0},3303000,null,"18"]
[{"$f":"'3   Material'!A232","v":1700},{"$f":"'3   Material'!B232","v":"F"},{"$f":"'3   Material'!C232","v":"e"},{"$f":"'3   Material'!D232","v":"U3"},{"$f":"'3   Material'!$E$15:$E$322","v":"1700-F-e-U3"},{"$f":"'3   Material'!$F$15:$F$322","v":"Grade Benches-Entire Stockpile-Final Grade"},{"$f":"'3   Material'!$G$15:$G$322","v":" 6C Leach"},{"$f":"'3   Material'!$H$15:$H$322","v":"-"},{"$f":"IF(B232=\"P\",0,\nIF(AND(LEFT(D232,2)=\"Mg\",B232=\"A\",C232=\"a\"),(1+L232)*VLOOKUP($A232,Quantities[],Quantities!$E$2)/43560,\nVLOOKUP($A232,Quantities[],Quantities!$E$2)/43560))","v":66},{"$f":"IF(B232=\"P\",0,\nIF(AND(OR(C232=\"b\",C232=\"d\"),OR('4   Earthwork'!$B232=\"C\",'4   Earthwork'!$B232=\"D\",'4   Earthwork'!$B232=\"A\",'4   Earthwork'!$B232=\"E\",'4   Earthwork'!$B232=\"B\")),\nVLOOKUP(INDEX(Quantities!$A$100:$A$118,MATCH($A232,Quantities!$C$100:$C$118)),Quantities!$A$100:$AJ$118,Quantities!$U$2),\n0))","v":0},{"$f":"IF(B232=\"P\",0,\nIF(OR(C232=\"b\",C232=\"d\"),\nM232/(1+L232),\nIF(OR(LEFT(D232,2)=\"Rp\",LEFT(D232,2)=\"Mg\"),0,\nVLOOKUP(A232,Quantities[],Quantities!$F$2)+VLOOKUP(A232,Quantities[],Quantities!$AB$2))))","v":669000},{"$f":"IF(B232=\"P\",\"-\",\nIF(C232=\"b\",\nVLOOKUP(INDEX(Quantities!$A$100:$A$118,MATCH(A232,Quantities!$C$100:$C$118)),Quantities[],Quantities!$V$2),\nIF(C232=\"a\",\nVLOOKUP(A232,Quantities[],Quantities!$V$2,0),\n0)))","v":0},669000,null,"17"]
[{"$f":"'3   Material'!A233","v":2000},{"$f":"'3   Material'!B233","v":"F"},{"$f":"'3   Material'!C233","v":"e"},{"$f":"'3   Material'!D233","v":"U3"},{"$f":"'3   Material'!$E$15:$E$322","v":"2000-F-e-U3"},{"$f":"'3   Material'!$F$15:$F$322","v":"Grade Benches-Entire Stockpile-Final Grade"},{"$f":"'3   Material'!$G$15:$G$322","v":" 9A Waste "},{"$f":"'3   Material'!$H$15:$H$322","v":"-"},{"$f":"IF(B233=\"P\",0,\nIF(AND(LEFT(D233,2)=\"Mg\",B233=\"A\",C233=\"a\"),(1+L233)*VLOOKUP($A233,Quantities[],Quantities!$E$2)/43560,\nVLOOKUP($A233,Quantities[],Quantities!$E$2)/43560))","v":129},{"$f":"IF(B233=\"P\",0,\nIF(AND(OR(C233=\"b\",C233=\"d\"),OR('4   Earthwork'!$B233=\"C\",'4   Earthwork'!$B233=\"D\",'4   Earthwork'!$B233=\"A\",'4   Earthwork'!$B233=\"E\",'4   Earthwork'!$B233=\"B\")),\nVLOOKUP(INDEX(Quantities!$A$100:$A$118,MATCH($A233,Quantities!$C$100:$C$118)),Quantities!$A$100:$AJ$118,Quantities!$U$2),\n0))","v":0},{"$f":"IF(B233=\"P\",0,\nIF(OR(C233=\"b\",C233=\"d\"),\nM233/(1+L233),\nIF(OR(LEFT(D233,2)=\"Rp\",LEFT(D233,2)=\"Mg\"),0,\nVLOOKUP(A233,Quantities[],Quantities!$F$2)+VLOOKUP(A233,Quantities[],Quantities!$AB$2))))","v":682673.99267399276},{"$f":"IF(B233=\"P\",\"-\",\nIF(C233=\"b\",\nVLOOKUP(INDEX(Quantities!$A$100:$A$118,MATCH(A233,Quantities!$C$100:$C$118)),Quantities[],Quantities!$V$2),\nIF(C233=\"a\",\nVLOOKUP(A233,Quantities[],Quantities!$V$2,0),\n0)))","v":0},682673.99267399276,null,"20"]
[{"$f":"'3   Material'!A234","v":2100},{"$f":"'3   Material'!B234","v":"F"},{"$f":"'3   Material'!C234","v":"e"},{"$f":"'3   Material'!D234","v":"U3"},{"$f":"'3   Material'!$E$15:$E$322","v":"2100-F-e-U3"},{"$f":"'3   Material'!$F$15:$F$322","v":"Grade Benches-Entire Stockpile-Final Grade"},{"$f":"'3   Material'!$G$15:$G$322","v":" 9AX Waste"},{"$f":"'3   Material'!$H$15:$H$322","v":"-"},{"$f":"IF(B234=\"P\",0,\nIF(AND(LEFT(D234,2)=\"Mg\",B234=\"A\",C234=\"a\"),(1+L234)*VLOOKUP($A234,Quantities[],Quantities!$E$2)/43560,\nVLOOKUP($A234,Quantities[],Quantities!$E$2)/43560))","v":63.7},{"$f":"IF(B234=\"P\",0,\nIF(AND(OR(C234=\"b\",C234=\"d\"),OR('4   Earthwork'!$B234=\"C\",'4   Earthwork'!$B234=\"D\",'4   Earthwork'!$B234=\"A\",'4   Earthwork'!$B234=\"E\",'4   Earthwork'!$B234=\"B\")),\nVLOOKUP(INDEX(Quantities!$A$100:$A$118,MATCH($A234,Quantities!$C$100:$C$118)),Quantities!$A$100:$AJ$118,Quantities!$U$2),\n0))","v":0},{"$f":"IF(B234=\"P\",0,\nIF(OR(C234=\"b\",C234=\"d\"),\nM234/(1+L234),\nIF(OR(LEFT(D234,2)=\"Rp\",LEFT(D234,2)=\"Mg\"),0,\nVLOOKUP(A234,Quantities[],Quantities!$F$2)+VLOOKUP(A234,Quantities[],Quantities!$AB$2))))","v":601356},{"$f":"IF(B234=\"P\",\"-\",\nIF(C234=\"b\",\nVLOOKUP(INDEX(Quantities!$A$100:$A$118,MATCH(A234,Quantities!$C$100:$C$118)),Quantities[],Quantities!$V$2),\nIF(C234=\"a\",\nVLOOKUP(A234,Quantities[],Quantities!$V$2,0),\n0)))","v":0},601356,null,"21"]
[{"$f":"'3   Material'!A235","v":1000},{"$f":"'3   Material'!B235","v":"G"},{"$f":"'3   Material'!C235","v":"e"},{"$f":"'3   Material'!D235","v":"U5"},{"$f":"'3   Material'!$E$15:$E$322","v":"1000-G-e-U5"},{"$f":"'3   Material'!$F$15:$F$322","v":"Construct Downdrains-Entire Stockpile-Final Grade"},{"$f":"'3   Material'!$G$15:$G$322","v":" 1A Leach, 1B Leach "},{"$f":"'3   Material'!$H$15:$H$322","v":"-"},{"$f":"IF(B235=\"P\",0,\nIF(AND(LEFT(D235,2)=\"Mg\",B235=\"A\",C235=\"a\"),(1+L235)*VLOOKUP($A235,Quantities[],Quantities!$E$2)/43560,\nVLOOKUP($A235,Quantities[],Quantities!$E$2)/43560))","v":273},{"$f":"IF(B235=\"P\",0,\nIF(AND(OR(C235=\"b\",C235=\"d\"),OR('4   Earthwork'!$B235=\"C\",'4   Earthwork'!$B235=\"D\",'4   Earthwork'!$B235=\"A\",'4   Earthwork'!$B235=\"E\",'4   Earthwork'!$B235=\"B\")),\nVLOOKUP(INDEX(Quantities!$A$100:$A$118,MATCH($A235,Quantities!$C$100:$C$118)),Quantities!$A$100:$AJ$118,Quantities!$U$2),\n0))","v":0},{"$f":"IF(B235=\"P\",0,\nIF(OR(C235=\"b\",C235=\"d\"),\nM235/(1+L235),\nIF(OR(LEFT(D235,2)=\"Rp\",LEFT(D235,2)=\"Mg\"),0,\nVLOOKUP(A235,Quantities[],Quantities!$F$2)+VLOOKUP(A235,Quantities[],Quantities!$AB$2))))","v":1548670.3296703298},{"$f":"IF(B235=\"P\",\"-\",\nIF(C235=\"b\",\nVLOOKUP(INDEX(Quantities!$A$100:$A$118,MATCH(A235,Quantities!$C$100:$C$118)),Quantities[],Quantities!$V$2),\nIF(C235=\"a\",\nVLOOKUP(A235,Quantities[],Quantities!$V$2,0),\n0)))","v":0},1548670.3296703298,null,"10"]
[{"$f":"'3   Material'!A236","v":1200},{"$f":"'3   Material'!B236","v":"G"},{"$f":"'3   Material'!C236","v":"e"},{"$f":"'3   Material'!D236","v":"U5"},{"$f":"'3   Material'!$E$15:$E$322","v":"1200-G-e-U5"},{"$f":"'3   Material'!$F$15:$F$322","v":"Construct Downdrains-Entire Stockpile-Final Grade"},{"$f":"'3   Material'!$G$15:$G$322","v":" 2B Waste, 2A Leach, 2B Leach"},{"$f":"'3   Material'!$H$15:$H$322","v":"-"},{"$f":"IF(B236=\"P\",0,\nIF(AND(LEFT(D236,2)=\"Mg\",B236=\"A\",C236=\"a\"),(1+L236)*VLOOKUP($A236,Quantities[],Quantities!$E$2)/43560,\nVLOOKUP($A236,Quantities[],Quantities!$E$2)/43560))","v":486.99169999999998},{"$f":"IF(B236=\"P\",0,\nIF(AND(OR(C236=\"b\",C236=\"d\"),OR('4   Earthwork'!$B236=\"C\",'4   Earthwork'!$B236=\"D\",'4   Earthwork'!$B236=\"A\",'4   Earthwork'!$B236=\"E\",'4   Earthwork'!$B236=\"B\")),\nVLOOKUP(INDEX(Quantities!$A$100:$A$118,MATCH($A236,Quantities!$C$100:$C$118)),Quantities!$A$100:$AJ$118,Quantities!$U$2),\n0))","v":0},{"$f":"IF(B236=\"P\",0,\nIF(OR(C236=\"b\",C236=\"d\"),\nM236/(1+L236),\nIF(OR(LEFT(D236,2)=\"Rp\",LEFT(D236,2)=\"Mg\"),0,\nVLOOKUP(A236,Quantities[],Quantities!$F$2)+VLOOKUP(A236,Quantities[],Quantities!$AB$2))))","v":8203000},{"$f":"IF(B236=\"P\",\"-\",\nIF(C236=\"b\",\nVLOOKUP(INDEX(Quantities!$A$100:$A$118,MATCH(A236,Quantities!$C$100:$C$118)),Quantities[],Quantities!$V$2),\nIF(C236=\"a\",\nVLOOKUP(A236,Quantities[],Quantities!$V$2,0),\n0)))","v":0},8203000,null,"12"]
[{"$f":"'3   Material'!A237","v":1300},{"$f":"'3   Material'!B237","v":"G"},{"$f":"'3   Material'!C237","v":"e"},{"$f":"'3   Material'!D237","v":"U5"},{"$f":"'3   Material'!$E$15:$E$322","v":"1300-G-e-U5"},{"$f":"'3   Material'!$F$15:$F$322","v":"Construct Downdrains-Entire Stockpile-Final Grade"},{"$f":"'3   Material'!$G$15:$G$322","v":" 3A Leach, 3B Waste"},{"$f":"'3   Material'!$H$15:$H$322","v":"-"},{"$f":"IF(B237=\"P\",0,\nIF(AND(LEFT(D237,2)=\"Mg\",B237=\"A\",C237=\"a\"),(1+L237)*VLOOKUP($A237,Quantities[],Quantities!$E$2)/43560,\nVLOOKUP($A237,Quanti